{"text_format":"1","workbook":"xlsx","n_sheets":39,"sheets":["LogSheet","Certificate & Label Data Review","MRO Label Printing","MRO Certificate Printing","Introduction","PHIUS","Phius 2021","Building Information","Must Correct Report","Verification Phase","NextGen Rater Field Checklist","12. EV Charging","ZERH Version 1 Not Supported","ZERH Introduction","1a. Rater Design Checklist","1b. Rater Field Checklist","2. Unit Testing Results","3a. Common Area Ventilation","3b. Central Exhaust Duct Test","4. Appliances","5. Envelope Compliance Options","5a. Envelope R-Values","5b. Envelope U-Factors","5c. Total UA Compliance","6. Fenestration","7. Heated Plenum or Garage","8. DHW_SHW Schedule","9. Heating and Cooling Schedule","10. Lighting APC","10. Lighting","11. Ventilation Schedule","ZERH Rater Checklist","ZERH PV-Ready Checklist","ZERH EV-Ready Checklist","Additional Notes","Reference Tables","ZERH Window Performance Table","Version History","Dropdowns"],"not_rendered":{"charts":0,"images":1,"macros":1,"external_links":1,"defined_names":36,"comments":11,"pivot_tables":0},"unopened":[],"bounds":{"document_bytes":16777216,"sheet_cells":100000,"rows_first":2000,"rows_last":500,"rows_between":2000,"halvings":0,"cell_chars":16384,"cell_head_chars":4096},"cells_cut":0,"cells_raw":0,"read":"whole","date_system":"1900"}

{"sheet":"LogSheet","index":0,"n_rows":1,"n_cols":4,"rows_kept":1,"cut":false,"hidden":true,"merged":[]}
["Sheet Name","Protection Status","User Name","Time Stamp"]

{"sheet":"Certificate & Label Data Review","index":1,"n_rows":105,"n_cols":32,"rows_kept":105,"cut":false,"hidden":true,"merged":[[1,2,1,4],[6,12,7,12],[6,1,6,4],[6,6,7,6],[6,7,7,7],[6,8,7,8],[6,9,7,9],[6,10,7,10],[6,11,7,11],[1,6,1,26],[6,24,7,24],[6,14,7,14],[6,15,7,15],[6,13,7,13],[6,17,7,17],[6,16,7,16],[6,31,7,31],[6,28,7,28],[6,25,7,25],[6,27,7,27],[6,29,7,29],[6,30,7,30],[6,26,7,26],[6,18,7,18],[6,23,7,23],[6,22,7,22],[6,19,7,19],[6,21,7,21],[6,20,7,20]]}
[]
[null,null,"1b. Rater Field Checklist\nCount of Builder Verified Items",null,null,null,"EPA Reporting Tracker Details - Copy values in columns G:U\nNote: This table is to be used by MROs for EPA Reporting"]
[null,null,null,{"$f":"COUNTIFS(RaterFieldChecklist[Builder Verified 3],\"<>\",RaterFieldChecklist[Builder Verified 3],\"<>N/A\",RaterFieldChecklist[Builder Verified 3],\"<>-\")","v":0},null,null,"Builder / \nDev 1 ","Builder / \nDeveloper 2","Rater ","Rater ID Number","Certification Date","Oversight By","ASHRAE Modeler","FT Agent ","Building Name (optional)","Permit Date/ Number","Address","City","State","Zip","# units ","Sq Footage","MF Type","Version","MFNC Path ","Market Sector","# IAP units"]
[null,null,null,null,null,null,{"$f":"IF('Building Information'!$C$17=\"\",\"\",'Building Information'!$C$17)","v":"Woodland & Burke"},{"$f":"IF('Building Information'!$C$19=\"\",\"\",'Building Information'!$C$19)","v":""},{"$f":"IF('Building Information'!$C$23=\"\",\"\",'Building Information'!$C$23)","v":"Green & Bean Verifiers "},{"$f":"IF('Building Information'!$G$24=\"\",\"\",'Building Information'!$G$24)","v":1122315},null,null,{"$f":"IF('Building Information'!$D$28=\"\",\"\",'Building Information'!$D$28)","v":"MEP & Sones"},{"$f":"IF('Building Information'!$D$31=\"\",\"\",'Building Information'!$D$31)","v":"TB Commissioning"},{"$f":"IF('Building Information'!$C$5=\"\",\"\",'Building Information'!$C$5)","v":"Smith Crossing"},{"$f":"IF('Building Information'!$G$5=\"\",\"\",'Building Information'!$G$5)","v":"2020-06-25"},{"$f":"IF('Building Information'!$C$6=\"\",\"\",'Building Information'!$C$6)","v":"3248 Huger Street"},{"$f":"IF('Building Information'!$F$6=\"\",\"\",'Building Information'!$F$6)","v":"Chicago"},{"$f":"IF('Building Information'!$H$6=\"\",\"\",'Building Information'!$H$6)","v":"IL"},{"$f":"IF('Building Information'!$J$6=\"\",\"\",'Building Information'!$J$6)","v":29201},{"$f":"IF('Building Information'!$F$12=\"\",\"\",'Building Information'!$F$12)","v":52},{"$f":"IF('Building Information'!$C$12=\"\",\"\",'Building Information'!$C$12)","v":200000},{"$f":"IF('Building Information'!$C$12=\"\",\"\",\nIF(OR('Building Information'!$C$12=1,'Building Information'!$C$12=2,'Building Information'!$C$12=3),\"Multifamily Low Rise\",\nIF(OR('Building Information'!$C$12=4,'Building Information'!$C$12>4),\"Multifamily High Rise\",\"\")))","v":"Multifamily High Rise"},{"$f":"IF('Building Information'!$F$8=\"\",\"\",'Building Information'!$F$8)","v":"Version 1.1"},{"$f":"IF('Building Information'!$C$8=\"\",\"\",'Building Information'!$C$8)","v":"Prescriptive"},{"$f":"IF('Building Information'!$C$13=\"\",\"\",'Building Information'!$C$13)","v":"Market Rate"},{"$f":"IF('Building Information'!$F$13=\"\",\"\",'Building Information'!$F$13)","v":0}]
[]
[]
[null,"UNIT DETAILS",null,null,null,null,"Infiltration Rate (ACH50)","Ceiling Insulation (R-Value)","Wall Insulation  (R-Value)","Floor Insulation  (R-Value)","Slab Insulation (R-Value)","Window U-Value","Window SHGC","Total Duct Leakage (CFM25 per 100 sq ft)","Duct Leakage to the Outdoors  (CFM25 per 100 sq ft)","Primary Heating System Type","Primary Heating Fuel","Primary Heating Efficiency","Primary Heating Efficiency Unit","Primary Cooling System Type","Primary Cooling Fuel","Primary Cooling Efficiency","Primary Cooling Efficiency Unit","Primary Hot Water System Type","Primary Hot Water Fuel","Primary Hot Water Efficiency (EF)","Whole-House Ventilation Type (System Type)","% ENERGY STAR Qualified Lighting","# ES Refrigerators","# ES Ceiling Fans","# ES Dishwashers","# ES Exhaust Fans"]
[null,"UNIT","UNIT TYPE","SQUARE FOOTAGE","ENCLOSURE AREA"]
[null,{"$f":"IF('2. Unit Testing Results'!$C25=\"\",\"\",'2. Unit Testing Results'!$C25)","v":101},{"$f":"IF('2. Unit Testing Results'!$D25=\"\",\"\",'2. Unit Testing Results'!$D25)","v":"A1"},{"$f":"IF('2. Unit Testing Results'!$E25=\"\",\"\",'2. Unit Testing Results'!$E25)","v":515},{"$f":"IF('2. Unit Testing Results'!$F25=\"\",\"\",'2. Unit Testing Results'!$F25)","v":1990},null,{"$f":"IF($B9=\"\",\"\",\nIF((('2. Unit Testing Results'!$Y25)*60)/((VLOOKUP($C9,'2. Unit Testing Results'!$C$7:$S$16,4,FALSE))*(VLOOKUP($C9,'2. Unit Testing Results'!$C$7:$S$16,6,FALSE)))=0,\n((('2. Unit Testing Results'!$I25)*60)/((VLOOKUP($C9,'2. Unit Testing Results'!$C$7:$S$16,4,FALSE))*(VLOOKUP($C9,'2. Unit Testing Results'!$C$7:$S$16,6,FALSE)))),\n((('2. Unit Testing Results'!$Y25)*60)/((VLOOKUP($C9,'2. Unit Testing Results'!$C$7:$S$16,4,FALSE))*(VLOOKUP($C9,'2. Unit Testing Results'!$C$7:$S$16,6,FALSE))))))","v":12.5},{"$f":"IF($B9=\"\",\"\",\nVLOOKUP($C9,'2. Unit Testing Results'!$C$7:$BF$16,20,FALSE))","v":38},{"$f":"IF($B9=\"\",\"\",\nVLOOKUP($C9,'2. Unit Testing Results'!$C$7:$BF$16,22,FALSE))","v":19},{"$f":"IF($B9=\"\",\"\",\nVLOOKUP($C9,'2. Unit Testing Results'!$C$7:$BF$16,24,FALSE))","v":30},{"$f":"IF($B9=\"\",\"\",\nVLOOKUP($C9,'2. Unit Testing Results'!$C$7:$BF$16,26,FALSE))","v":10},{"$f":"IF($B9=\"\",\"\",\nVLOOKUP($C9,'2. Unit Testing Results'!$C$7:$BF$16,27,FALSE))","v":0.3},{"$f":"IF($B9=\"\",\"\",\nVLOOKUP($C9,'2. Unit Testing Results'!$C$7:$BF$16,29,FALSE))","v":0.32},{"$f":"IF($B9=\"\",\"\",\nIF('2. Unit Testing Results'!$R25=0,'2. Unit Testing Results'!$G25,'2. Unit Testing Results'!$R25\n))","v":25},{"$f":"IF($B9=\"\",\"\",\nIF(AND('2. Unit Testing Results'!$W25=0,'2. Unit Testing Results'!$W25<>\"\"),'2. Unit Testing Results'!$H25,\nIF('2. Unit Testing Results'!$W25<>\"\",'2. Unit Testing Results'!$W25,\"\")))","v":""},{"$f":"IF($B9=\"\",\"\",\nVLOOKUP($C9,'2. Unit Testing Results'!$C$7:$BF$16,31,FALSE))","v":"Furnace"},{"$f":"IF($B9=\"\",\"\",\nVLOOKUP($C9,'2. Unit Testing Results'!$C$7:$BF$16,33,FALSE))","v":"NG"},{"$f":"IF($B9=\"\",\"\",\nVLOOKUP($C9,'2. Unit Testing Results'!$C$7:$BF$16,35,FALSE))","v":92.5},{"$f":"IF($B9=\"\",\"\",\nVLOOKUP($C9,'2. Unit Testing Results'!$C$7:$BF$16,37,FALSE))","v":"AFUE"},{"$f":"IF($B9=\"\",\"\",\nVLOOKUP($C9,'2. Unit Testing Results'!$C$7:$BF$16,38,FALSE))","v":"AC"},{"$f":"IF($B9=\"\",\"\",\nVLOOKUP($C9,'2. Unit Testing Results'!$C$7:$BF$16,39,FALSE))","v":"Electricity"},{"$f":"IF($B9=\"\",\"\",\nVLOOKUP($C9,'2. Unit Testing Results'!$C$7:$BF$16,41,FALSE))","v":9},{"$f":"IF($B9=\"\",\"\",\nVLOOKUP($C9,'2. Unit Testing Results'!$C$7:$BF$16,43,FALSE))","v":"SEER"},{"$f":"IF($B9=\"\",\"\",\nVLOOKUP($C9,'2. Unit Testing Results'!$C$7:$BF$16,45,FALSE))","v":"Storage"},{"$f":"IF($B9=\"\",\"\",\nVLOOKUP($C9,'2. Unit Testing Results'!$C$7:$BF$16,47,FALSE))","v":"Gas"},{"$f":"IF($B9=\"\",\"\",\nVLOOKUP($C9,'2. Unit Testing Results'!$C$7:$BF$16,49,FALSE))","v":0.98},{"$f":"IF($B9=\"\",\"\",\nVLOOKUP($C9,'2. Unit Testing Results'!$C$7:$BF$16,51,FALSE))","v":"Supply-only"},{"$f":"IF($B9=\"\",\"\",\nVLOOKUP($C9,'2. Unit Testing Results'!$C$7:$BF$16,52,FALSE))","v":90},{"$f":"IF($B9=\"\",\"\",\nVLOOKUP($C9,'2. Unit Testing Results'!$C$7:$BF$16,53,FALSE))","v":1},{"$f":"IF($B9=\"\",\"\",\nVLOOKUP($C9,'2. Unit Testing Results'!$C$7:$BF$16,54,FALSE))","v":1},{"$f":"IF($B9=\"\",\"\",\nVLOOKUP($C9,'2. Unit Testing Results'!$C$7:$BF$16,55,FALSE))","v":1},{"$f":"IF($B9=\"\",\"\",\nVLOOKUP($C9,'2. Unit Testing Results'!$C$7:$BF$16,56,FALSE))","v":1}]
[null,{"$f":"IF('2. Unit Testing Results'!$C26=\"\",\"\",'2. Unit Testing Results'!$C26)","v":102},{"$f":"IF('2. Unit Testing Results'!$D26=\"\",\"\",'2. Unit Testing Results'!$D26)","v":"B3"},{"$f":"IF('2. Unit Testing Results'!$E26=\"\",\"\",'2. Unit Testing Results'!$E26)","v":815},{"$f":"IF('2. Unit Testing Results'!$F26=\"\",\"\",'2. Unit Testing Results'!$F26)","v":3742},null,{"$f":"IF($B10=\"\",\"\",\nIF((('2. Unit Testing Results'!$Y26)*60)/((VLOOKUP($C10,'2. Unit Testing Results'!$C$7:$S$16,4,FALSE))*(VLOOKUP($C10,'2. Unit Testing Results'!$C$7:$S$16,6,FALSE)))=0,\n((('2. Unit Testing Results'!$I26)*60)/((VLOOKUP($C10,'2. Unit Testing Results'!$C$7:$S$16,4,FALSE))*(VLOOKUP($C10,'2. Unit Testing Results'!$C$7:$S$16,6,FALSE)))),\n((('2. Unit Testing Results'!$Y26)*60)/((VLOOKUP($C10,'2. Unit Testing Results'!$C$7:$S$16,4,FALSE))*(VLOOKUP($C10,'2. Unit Testing Results'!$C$7:$S$16,6,FALSE))))))","v":7.8125},{"$f":"IF($B10=\"\",\"\",\nVLOOKUP($C10,'2. Unit Testing Results'!$C$7:$BF$16,20,FALSE))","v":38},{"$f":"IF($B10=\"\",\"\",\nVLOOKUP($C10,'2. Unit Testing Results'!$C$7:$BF$16,22,FALSE))","v":19},{"$f":"IF($B10=\"\",\"\",\nVLOOKUP($C10,'2. Unit Testing Results'!$C$7:$BF$16,24,FALSE))","v":0},{"$f":"IF($B10=\"\",\"\",\nVLOOKUP($C10,'2. Unit Testing Results'!$C$7:$BF$16,26,FALSE))","v":10},{"$f":"IF($B10=\"\",\"\",\nVLOOKUP($C10,'2. Unit Testing Results'!$C$7:$BF$16,27,FALSE))","v":0.3},{"$f":"IF($B10=\"\",\"\",\nVLOOKUP($C10,'2. Unit Testing Results'!$C$7:$BF$16,29,FALSE))","v":0.32},{"$f":"IF($B10=\"\",\"\",\nIF('2. Unit Testing Results'!$R26=0,'2. Unit Testing Results'!$G26,'2. Unit Testing Results'!$R26\n))","v":21},{"$f":"IF($B10=\"\",\"\",\nIF(AND('2. Unit Testing Results'!$W26=0,'2. Unit Testing Results'!$W26<>\"\"),'2. Unit Testing Results'!$H26,\nIF('2. Unit Testing Results'!$W26<>\"\",'2. Unit Testing Results'!$W26,\"\")))","v":""},{"$f":"IF($B10=\"\",\"\",\nVLOOKUP($C10,'2. Unit Testing Results'!$C$7:$BF$16,31,FALSE))","v":"Furnace"},{"$f":"IF($B10=\"\",\"\",\nVLOOKUP($C10,'2. Unit Testing Results'!$C$7:$BF$16,33,FALSE))","v":"NG"},{"$f":"IF($B10=\"\",\"\",\nVLOOKUP($C10,'2. Unit Testing Results'!$C$7:$BF$16,35,FALSE))","v":92},{"$f":"IF($B10=\"\",\"\",\nVLOOKUP($C10,'2. Unit Testing Results'!$C$7:$BF$16,37,FALSE))","v":"AFUE"},{"$f":"IF($B10=\"\",\"\",\nVLOOKUP($C10,'2. Unit Testing Results'!$C$7:$BF$16,38,FALSE))","v":"AC"},{"$f":"IF($B10=\"\",\"\",\nVLOOKUP($C10,'2. Unit Testing Results'!$C$7:$BF$16,39,FALSE))","v":"Electricity"},{"$f":"IF($B10=\"\",\"\",\nVLOOKUP($C10,'2. Unit Testing Results'!$C$7:$BF$16,41,FALSE))","v":9},{"$f":"IF($B10=\"\",\"\",\nVLOOKUP($C10,'2. Unit Testing Results'!$C$7:$BF$16,43,FALSE))","v":"SEER"},{"$f":"IF($B10=\"\",\"\",\nVLOOKUP($C10,'2. Unit Testing Results'!$C$7:$BF$16,45,FALSE))","v":"Storage"},{"$f":"IF($B10=\"\",\"\",\nVLOOKUP($C10,'2. Unit Testing Results'!$C$7:$BF$16,47,FALSE))","v":"Gas"},{"$f":"IF($B10=\"\",\"\",\nVLOOKUP($C10,'2. Unit Testing Results'!$C$7:$BF$16,49,FALSE))","v":0.98},{"$f":"IF($B10=\"\",\"\",\nVLOOKUP($C10,'2. Unit Testing Results'!$C$7:$BF$16,51,FALSE))","v":"Energy Recovery Ventilator (ERV)"},{"$f":"IF($B10=\"\",\"\",\nVLOOKUP($C10,'2. Unit Testing Results'!$C$7:$BF$16,52,FALSE))","v":90},{"$f":"IF($B10=\"\",\"\",\nVLOOKUP($C10,'2. Unit Testing Results'!$C$7:$BF$16,53,FALSE))","v":1},{"$f":"IF($B10=\"\",\"\",\nVLOOKUP($C10,'2. Unit Testing Results'!$C$7:$BF$16,54,FALSE))","v":0},{"$f":"IF($B10=\"\",\"\",\nVLOOKUP($C10,'2. Unit Testing Results'!$C$7:$BF$16,55,FALSE))","v":1},{"$f":"IF($B10=\"\",\"\",\nVLOOKUP($C10,'2. Unit Testing Results'!$C$7:$BF$16,56,FALSE))","v":1}]
[null,{"$f":"IF('2. Unit Testing Results'!$C27=\"\",\"\",'2. Unit Testing Results'!$C27)","v":103},{"$f":"IF('2. Unit Testing Results'!$D27=\"\",\"\",'2. Unit Testing Results'!$D27)","v":"S1"},{"$f":"IF('2. Unit Testing Results'!$E27=\"\",\"\",'2. Unit Testing Results'!$E27)","v":500},{"$f":"IF('2. Unit Testing Results'!$F27=\"\",\"\",'2. Unit Testing Results'!$F27)","v":3024},null,{"$f":"IF($B11=\"\",\"\",\nIF((('2. Unit Testing Results'!$Y27)*60)/((VLOOKUP($C11,'2. Unit Testing Results'!$C$7:$S$16,4,FALSE))*(VLOOKUP($C11,'2. Unit Testing Results'!$C$7:$S$16,6,FALSE)))=0,\n((('2. Unit Testing Results'!$I27)*60)/((VLOOKUP($C11,'2. Unit Testing Results'!$C$7:$S$16,4,FALSE))*(VLOOKUP($C11,'2. Unit Testing Results'!$C$7:$S$16,6,FALSE)))),\n((('2. Unit Testing Results'!$Y27)*60)/((VLOOKUP($C11,'2. Unit Testing Results'!$C$7:$S$16,4,FALSE))*(VLOOKUP($C11,'2. Unit Testing Results'!$C$7:$S$16,6,FALSE))))))","v":17.608695652173914},{"$f":"IF($B11=\"\",\"\",\nVLOOKUP($C11,'2. Unit Testing Results'!$C$7:$BF$16,20,FALSE))","v":19},{"$f":"IF($B11=\"\",\"\",\nVLOOKUP($C11,'2. Unit Testing Results'!$C$7:$BF$16,22,FALSE))","v":19},{"$f":"IF($B11=\"\",\"\",\nVLOOKUP($C11,'2. Unit Testing Results'!$C$7:$BF$16,24,FALSE))","v":8},{"$f":"IF($B11=\"\",\"\",\nVLOOKUP($C11,'2. Unit Testing Results'!$C$7:$BF$16,26,FALSE))","v":10},{"$f":"IF($B11=\"\",\"\",\nVLOOKUP($C11,'2. Unit Testing Results'!$C$7:$BF$16,27,FALSE))","v":0.3},{"$f":"IF($B11=\"\",\"\",\nVLOOKUP($C11,'2. Unit Testing Results'!$C$7:$BF$16,29,FALSE))","v":0.32},{"$f":"IF($B11=\"\",\"\",\nIF('2. Unit Testing Results'!$R27=0,'2. Unit Testing Results'!$G27,'2. Unit Testing Results'!$R27\n))","v":29},{"$f":"IF($B11=\"\",\"\",\nIF(AND('2. Unit Testing Results'!$W27=0,'2. Unit Testing Results'!$W27<>\"\"),'2. Unit Testing Results'!$H27,\nIF('2. Unit Testing Results'!$W27<>\"\",'2. Unit Testing Results'!$W27,\"\")))","v":""},{"$f":"IF($B11=\"\",\"\",\nVLOOKUP($C11,'2. Unit Testing Results'!$C$7:$BF$16,31,FALSE))","v":"Furnace"},{"$f":"IF($B11=\"\",\"\",\nVLOOKUP($C11,'2. Unit Testing Results'!$C$7:$BF$16,33,FALSE))","v":"NG"},{"$f":"IF($B11=\"\",\"\",\nVLOOKUP($C11,'2. Unit Testing Results'!$C$7:$BF$16,35,FALSE))","v":92.5},{"$f":"IF($B11=\"\",\"\",\nVLOOKUP($C11,'2. Unit Testing Results'!$C$7:$BF$16,37,FALSE))","v":"AFUE"},{"$f":"IF($B11=\"\",\"\",\nVLOOKUP($C11,'2. Unit Testing Results'!$C$7:$BF$16,38,FALSE))","v":"AC"},{"$f":"IF($B11=\"\",\"\",\nVLOOKUP($C11,'2. Unit Testing Results'!$C$7:$BF$16,39,FALSE))","v":"Electricity"},{"$f":"IF($B11=\"\",\"\",\nVLOOKUP($C11,'2. Unit Testing Results'!$C$7:$BF$16,41,FALSE))","v":9},{"$f":"IF($B11=\"\",\"\",\nVLOOKUP($C11,'2. Unit Testing Results'!$C$7:$BF$16,43,FALSE))","v":"SEER"},{"$f":"IF($B11=\"\",\"\",\nVLOOKUP($C11,'2. Unit Testing Results'!$C$7:$BF$16,45,FALSE))","v":"Storage"},{"$f":"IF($B11=\"\",\"\",\nVLOOKUP($C11,'2. Unit Testing Results'!$C$7:$BF$16,47,FALSE))","v":"Gas"},{"$f":"IF($B11=\"\",\"\",\nVLOOKUP($C11,'2. Unit Testing Results'!$C$7:$BF$16,49,FALSE))","v":0.98},{"$f":"IF($B11=\"\",\"\",\nVLOOKUP($C11,'2. Unit Testing Results'!$C$7:$BF$16,51,FALSE))","v":"Balanced"},{"$f":"IF($B11=\"\",\"\",\nVLOOKUP($C11,'2. Unit Testing Results'!$C$7:$BF$16,52,FALSE))","v":90},{"$f":"IF($B11=\"\",\"\",\nVLOOKUP($C11,'2. Unit Testing Results'!$C$7:$BF$16,53,FALSE))","v":1},{"$f":"IF($B11=\"\",\"\",\nVLOOKUP($C11,'2. Unit Testing Results'!$C$7:$BF$16,54,FALSE))","v":0},{"$f":"IF($B11=\"\",\"\",\nVLOOKUP($C11,'2. Unit Testing Results'!$C$7:$BF$16,55,FALSE))","v":1},{"$f":"IF($B11=\"\",\"\",\nVLOOKUP($C11,'2. Unit Testing Results'!$C$7:$BF$16,56,FALSE))","v":1}]
[null,{"$f":"IF('2. Unit Testing Results'!$C28=\"\",\"\",'2. Unit Testing Results'!$C28)","v":104},{"$f":"IF('2. Unit Testing Results'!$D29=\"\",\"\",'2. Unit Testing Results'!$D29)","v":"S1"},{"$f":"IF('2. Unit Testing Results'!$E29=\"\",\"\",'2. Unit Testing Results'!$E29)","v":500},{"$f":"IF('2. Unit Testing Results'!$F29=\"\",\"\",'2. Unit Testing Results'!$F29)","v":3024},null,{"$f":"IF($B12=\"\",\"\",\nIF((('2. Unit Testing Results'!$Y28)*60)/((VLOOKUP($C12,'2. Unit Testing Results'!$C$7:$S$16,4,FALSE))*(VLOOKUP($C12,'2. Unit Testing Results'!$C$7:$S$16,6,FALSE)))=0,\n((('2. Unit Testing Results'!$I28)*60)/((VLOOKUP($C12,'2. Unit Testing Results'!$C$7:$S$16,4,FALSE))*(VLOOKUP($C12,'2. Unit Testing Results'!$C$7:$S$16,6,FALSE)))),\n((('2. Unit Testing Results'!$Y28)*60)/((VLOOKUP($C12,'2. Unit Testing Results'!$C$7:$S$16,4,FALSE))*(VLOOKUP($C12,'2. Unit Testing Results'!$C$7:$S$16,6,FALSE))))))","v":19.239130434782609},{"$f":"IF($B12=\"\",\"\",\nVLOOKUP($C12,'2. Unit Testing Results'!$C$7:$BF$16,20,FALSE))","v":19},{"$f":"IF($B12=\"\",\"\",\nVLOOKUP($C12,'2. Unit Testing Results'!$C$7:$BF$16,22,FALSE))","v":19},{"$f":"IF($B12=\"\",\"\",\nVLOOKUP($C12,'2. Unit Testing Results'!$C$7:$BF$16,24,FALSE))","v":8},{"$f":"IF($B12=\"\",\"\",\nVLOOKUP($C12,'2. Unit Testing Results'!$C$7:$BF$16,26,FALSE))","v":10},{"$f":"IF($B12=\"\",\"\",\nVLOOKUP($C12,'2. Unit Testing Results'!$C$7:$BF$16,27,FALSE))","v":0.3},{"$f":"IF($B12=\"\",\"\",\nVLOOKUP($C12,'2. Unit Testing Results'!$C$7:$BF$16,29,FALSE))","v":0.32},{"$f":"IF($B12=\"\",\"\",\nIF('2. Unit Testing Results'!$R28=0,'2. Unit Testing Results'!$G28,'2. Unit Testing Results'!$R28\n))","v":4},{"$f":"IF($B12=\"\",\"\",\nIF(AND('2. Unit Testing Results'!$W28=0,'2. Unit Testing Results'!$W28<>\"\"),'2. Unit Testing Results'!$H28,\nIF('2. Unit Testing Results'!$W28<>\"\",'2. Unit Testing Results'!$W28,\"\")))","v":""},{"$f":"IF($B12=\"\",\"\",\nVLOOKUP($C12,'2. Unit Testing Results'!$C$7:$BF$16,31,FALSE))","v":"Furnace"},{"$f":"IF($B12=\"\",\"\",\nVLOOKUP($C12,'2. Unit Testing Results'!$C$7:$BF$16,33,FALSE))","v":"NG"},{"$f":"IF($B12=\"\",\"\",\nVLOOKUP($C12,'2. Unit Testing Results'!$C$7:$BF$16,35,FALSE))","v":92.5},{"$f":"IF($B12=\"\",\"\",\nVLOOKUP($C12,'2. Unit Testing Results'!$C$7:$BF$16,37,FALSE))","v":"AFUE"},{"$f":"IF($B12=\"\",\"\",\nVLOOKUP($C12,'2. Unit Testing Results'!$C$7:$BF$16,38,FALSE))","v":"AC"},{"$f":"IF($B12=\"\",\"\",\nVLOOKUP($C12,'2. Unit Testing Results'!$C$7:$BF$16,39,FALSE))","v":"Electricity"},{"$f":"IF($B12=\"\",\"\",\nVLOOKUP($C12,'2. Unit Testing Results'!$C$7:$BF$16,41,FALSE))","v":9},{"$f":"IF($B12=\"\",\"\",\nVLOOKUP($C12,'2. Unit Testing Results'!$C$7:$BF$16,43,FALSE))","v":"SEER"},{"$f":"IF($B12=\"\",\"\",\nVLOOKUP($C12,'2. Unit Testing Results'!$C$7:$BF$16,45,FALSE))","v":"Storage"},{"$f":"IF($B12=\"\",\"\",\nVLOOKUP($C12,'2. Unit Testing Results'!$C$7:$BF$16,47,FALSE))","v":"Gas"},{"$f":"IF($B12=\"\",\"\",\nVLOOKUP($C12,'2. Unit Testing Results'!$C$7:$BF$16,49,FALSE))","v":0.98},{"$f":"IF($B12=\"\",\"\",\nVLOOKUP($C12,'2. Unit Testing Results'!$C$7:$BF$16,51,FALSE))","v":"Balanced"},{"$f":"IF($B12=\"\",\"\",\nVLOOKUP($C12,'2. Unit Testing Results'!$C$7:$BF$16,52,FALSE))","v":90},{"$f":"IF($B12=\"\",\"\",\nVLOOKUP($C12,'2. Unit Testing Results'!$C$7:$BF$16,53,FALSE))","v":1},{"$f":"IF($B12=\"\",\"\",\nVLOOKUP($C12,'2. Unit Testing Results'!$C$7:$BF$16,54,FALSE))","v":0},{"$f":"IF($B12=\"\",\"\",\nVLOOKUP($C12,'2. Unit Testing Results'!$C$7:$BF$16,55,FALSE))","v":1},{"$f":"IF($B12=\"\",\"\",\nVLOOKUP($C12,'2. Unit Testing Results'!$C$7:$BF$16,56,FALSE))","v":1}]
[null,{"$f":"IF('2. Unit Testing Results'!$C29=\"\",\"\",'2. Unit Testing Results'!$C29)","v":105},{"$f":"IF('2. Unit Testing Results'!$D30=\"\",\"\",'2. Unit Testing Results'!$D30)","v":"B1"},{"$f":"IF('2. Unit Testing Results'!$E30=\"\",\"\",'2. Unit Testing Results'!$E30)","v":650},{"$f":"IF('2. Unit Testing Results'!$F30=\"\",\"\",'2. Unit Testing Results'!$F30)","v":2220},null,{"$f":"IF($B13=\"\",\"\",\nIF((('2. Unit Testing Results'!$Y29)*60)/((VLOOKUP($C13,'2. Unit Testing Results'!$C$7:$S$16,4,FALSE))*(VLOOKUP($C13,'2. Unit Testing Results'!$C$7:$S$16,6,FALSE)))=0,\n((('2. Unit Testing Results'!$I29)*60)/((VLOOKUP($C13,'2. Unit Testing Results'!$C$7:$S$16,4,FALSE))*(VLOOKUP($C13,'2. Unit Testing Results'!$C$7:$S$16,6,FALSE)))),\n((('2. Unit Testing Results'!$Y29)*60)/((VLOOKUP($C13,'2. Unit Testing Results'!$C$7:$S$16,4,FALSE))*(VLOOKUP($C13,'2. Unit Testing Results'!$C$7:$S$16,6,FALSE))))))","v":30.782608695652176},{"$f":"IF($B13=\"\",\"\",\nVLOOKUP($C13,'2. Unit Testing Results'!$C$7:$BF$16,20,FALSE))","v":38},{"$f":"IF($B13=\"\",\"\",\nVLOOKUP($C13,'2. Unit Testing Results'!$C$7:$BF$16,22,FALSE))","v":19},{"$f":"IF($B13=\"\",\"\",\nVLOOKUP($C13,'2. Unit Testing Results'!$C$7:$BF$16,24,FALSE))","v":0},{"$f":"IF($B13=\"\",\"\",\nVLOOKUP($C13,'2. Unit Testing Results'!$C$7:$BF$16,26,FALSE))","v":10},{"$f":"IF($B13=\"\",\"\",\nVLOOKUP($C13,'2. Unit Testing Results'!$C$7:$BF$16,27,FALSE))","v":0.3},{"$f":"IF($B13=\"\",\"\",\nVLOOKUP($C13,'2. Unit Testing Results'!$C$7:$BF$16,29,FALSE))","v":0.32},{"$f":"IF($B13=\"\",\"\",\nIF('2. Unit Testing Results'!$R29=0,'2. Unit Testing Results'!$G29,'2. Unit Testing Results'!$R29\n))","v":35},{"$f":"IF($B13=\"\",\"\",\nIF(AND('2. Unit Testing Results'!$W29=0,'2. Unit Testing Results'!$W29<>\"\"),'2. Unit Testing Results'!$H29,\nIF('2. Unit Testing Results'!$W29<>\"\",'2. Unit Testing Results'!$W29,\"\")))","v":""},{"$f":"IF($B13=\"\",\"\",\nVLOOKUP($C13,'2. Unit Testing Results'!$C$7:$BF$16,31,FALSE))","v":"Furnace"},{"$f":"IF($B13=\"\",\"\",\nVLOOKUP($C13,'2. Unit Testing Results'!$C$7:$BF$16,33,FALSE))","v":"NG"},{"$f":"IF($B13=\"\",\"\",\nVLOOKUP($C13,'2. Unit Testing Results'!$C$7:$BF$16,35,FALSE))","v":94.5},{"$f":"IF($B13=\"\",\"\",\nVLOOKUP($C13,'2. Unit Testing Results'!$C$7:$BF$16,37,FALSE))","v":"AFUE"},{"$f":"IF($B13=\"\",\"\",\nVLOOKUP($C13,'2. Unit Testing Results'!$C$7:$BF$16,38,FALSE))","v":"AC"},{"$f":"IF($B13=\"\",\"\",\nVLOOKUP($C13,'2. Unit Testing Results'!$C$7:$BF$16,39,FALSE))","v":"Electricity"},{"$f":"IF($B13=\"\",\"\",\nVLOOKUP($C13,'2. Unit Testing Results'!$C$7:$BF$16,41,FALSE))","v":9},{"$f":"IF($B13=\"\",\"\",\nVLOOKUP($C13,'2. Unit Testing Results'!$C$7:$BF$16,43,FALSE))","v":"SEER"},{"$f":"IF($B13=\"\",\"\",\nVLOOKUP($C13,'2. Unit Testing Results'!$C$7:$BF$16,45,FALSE))","v":"Storage"},{"$f":"IF($B13=\"\",\"\",\nVLOOKUP($C13,'2. Unit Testing Results'!$C$7:$BF$16,47,FALSE))","v":"Gas"},{"$f":"IF($B13=\"\",\"\",\nVLOOKUP($C13,'2. Unit Testing Results'!$C$7:$BF$16,49,FALSE))","v":0.98},{"$f":"IF($B13=\"\",\"\",\nVLOOKUP($C13,'2. Unit Testing Results'!$C$7:$BF$16,51,FALSE))","v":"Central Fan Integrated System (CFIS)"},{"$f":"IF($B13=\"\",\"\",\nVLOOKUP($C13,'2. Unit Testing Results'!$C$7:$BF$16,52,FALSE))","v":90},{"$f":"IF($B13=\"\",\"\",\nVLOOKUP($C13,'2. Unit Testing Results'!$C$7:$BF$16,53,FALSE))","v":1},{"$f":"IF($B13=\"\",\"\",\nVLOOKUP($C13,'2. Unit Testing Results'!$C$7:$BF$16,54,FALSE))","v":0},{"$f":"IF($B13=\"\",\"\",\nVLOOKUP($C13,'2. Unit Testing Results'!$C$7:$BF$16,55,FALSE))","v":1},{"$f":"IF($B13=\"\",\"\",\nVLOOKUP($C13,'2. Unit Testing Results'!$C$7:$BF$16,56,FALSE))","v":1}]
[null,{"$f":"IF('2. Unit Testing Results'!$C30=\"\",\"\",'2. Unit Testing Results'!$C30)","v":106},{"$f":"IF('2. Unit Testing Results'!$D31=\"\",\"\",'2. Unit Testing Results'!$D31)","v":"B3"},{"$f":"IF('2. Unit Testing Results'!$E31=\"\",\"\",'2. Unit Testing Results'!$E31)","v":815},{"$f":"IF('2. Unit Testing Results'!$F31=\"\",\"\",'2. Unit Testing Results'!$F31)","v":3742},null,{"$f":"IF($B14=\"\",\"\",\nIF((('2. Unit Testing Results'!$Y30)*60)/((VLOOKUP($C14,'2. Unit Testing Results'!$C$7:$S$16,4,FALSE))*(VLOOKUP($C14,'2. Unit Testing Results'!$C$7:$S$16,6,FALSE)))=0,\n((('2. Unit Testing Results'!$I30)*60)/((VLOOKUP($C14,'2. Unit Testing Results'!$C$7:$S$16,4,FALSE))*(VLOOKUP($C14,'2. Unit Testing Results'!$C$7:$S$16,6,FALSE)))),\n((('2. Unit Testing Results'!$Y30)*60)/((VLOOKUP($C14,'2. Unit Testing Results'!$C$7:$S$16,4,FALSE))*(VLOOKUP($C14,'2. Unit Testing Results'!$C$7:$S$16,6,FALSE))))))","v":6.875},{"$f":"IF($B14=\"\",\"\",\nVLOOKUP($C14,'2. Unit Testing Results'!$C$7:$BF$16,20,FALSE))","v":38},{"$f":"IF($B14=\"\",\"\",\nVLOOKUP($C14,'2. Unit Testing Results'!$C$7:$BF$16,22,FALSE))","v":19},{"$f":"IF($B14=\"\",\"\",\nVLOOKUP($C14,'2. Unit Testing Results'!$C$7:$BF$16,24,FALSE))","v":0},{"$f":"IF($B14=\"\",\"\",\nVLOOKUP($C14,'2. Unit Testing Results'!$C$7:$BF$16,26,FALSE))","v":10},{"$f":"IF($B14=\"\",\"\",\nVLOOKUP($C14,'2. Unit Testing Results'!$C$7:$BF$16,27,FALSE))","v":0.3},{"$f":"IF($B14=\"\",\"\",\nVLOOKUP($C14,'2. Unit Testing Results'!$C$7:$BF$16,29,FALSE))","v":0.32},{"$f":"IF($B14=\"\",\"\",\nIF('2. Unit Testing Results'!$R30=0,'2. Unit Testing Results'!$G30,'2. Unit Testing Results'!$R30\n))","v":45},{"$f":"IF($B14=\"\",\"\",\nIF(AND('2. Unit Testing Results'!$W30=0,'2. Unit Testing Results'!$W30<>\"\"),'2. Unit Testing Results'!$H30,\nIF('2. Unit Testing Results'!$W30<>\"\",'2. Unit Testing Results'!$W30,\"\")))","v":""},{"$f":"IF($B14=\"\",\"\",\nVLOOKUP($C14,'2. Unit Testing Results'!$C$7:$BF$16,31,FALSE))","v":"Furnace"},{"$f":"IF($B14=\"\",\"\",\nVLOOKUP($C14,'2. Unit Testing Results'!$C$7:$BF$16,33,FALSE))","v":"NG"},{"$f":"IF($B14=\"\",\"\",\nVLOOKUP($C14,'2. Unit Testing Results'!$C$7:$BF$16,35,FALSE))","v":92},{"$f":"IF($B14=\"\",\"\",\nVLOOKUP($C14,'2. Unit Testing Results'!$C$7:$BF$16,37,FALSE))","v":"AFUE"},{"$f":"IF($B14=\"\",\"\",\nVLOOKUP($C14,'2. Unit Testing Results'!$C$7:$BF$16,38,FALSE))","v":"AC"},{"$f":"IF($B14=\"\",\"\",\nVLOOKUP($C14,'2. Unit Testing Results'!$C$7:$BF$16,39,FALSE))","v":"Electricity"},{"$f":"IF($B14=\"\",\"\",\nVLOOKUP($C14,'2. Unit Testing Results'!$C$7:$BF$16,41,FALSE))","v":9},{"$f":"IF($B14=\"\",\"\",\nVLOOKUP($C14,'2. Unit Testing Results'!$C$7:$BF$16,43,FALSE))","v":"SEER"},{"$f":"IF($B14=\"\",\"\",\nVLOOKUP($C14,'2. Unit Testing Results'!$C$7:$BF$16,45,FALSE))","v":"Storage"},{"$f":"IF($B14=\"\",\"\",\nVLOOKUP($C14,'2. Unit Testing Results'!$C$7:$BF$16,47,FALSE))","v":"Gas"},{"$f":"IF($B14=\"\",\"\",\nVLOOKUP($C14,'2. Unit Testing Results'!$C$7:$BF$16,49,FALSE))","v":0.98},{"$f":"IF($B14=\"\",\"\",\nVLOOKUP($C14,'2. Unit Testing Results'!$C$7:$BF$16,51,FALSE))","v":"Energy Recovery Ventilator (ERV)"},{"$f":"IF($B14=\"\",\"\",\nVLOOKUP($C14,'2. Unit Testing Results'!$C$7:$BF$16,52,FALSE))","v":90},{"$f":"IF($B14=\"\",\"\",\nVLOOKUP($C14,'2. Unit Testing Results'!$C$7:$BF$16,53,FALSE))","v":1},{"$f":"IF($B14=\"\",\"\",\nVLOOKUP($C14,'2. Unit Testing Results'!$C$7:$BF$16,54,FALSE))","v":0},{"$f":"IF($B14=\"\",\"\",\nVLOOKUP($C14,'2. Unit Testing Results'!$C$7:$BF$16,55,FALSE))","v":1},{"$f":"IF($B14=\"\",\"\",\nVLOOKUP($C14,'2. Unit Testing Results'!$C$7:$BF$16,56,FALSE))","v":1}]
[null,{"$f":"IF('2. Unit Testing Results'!$C31=\"\",\"\",'2. Unit Testing Results'!$C31)","v":107},{"$f":"IF('2. Unit Testing Results'!$D32=\"\",\"\",'2. Unit Testing Results'!$D32)","v":"B2"},{"$f":"IF('2. Unit Testing Results'!$E32=\"\",\"\",'2. Unit Testing Results'!$E32)","v":800},{"$f":"IF('2. Unit Testing Results'!$F32=\"\",\"\",'2. Unit Testing Results'!$F32)","v":3040},null,{"$f":"IF($B15=\"\",\"\",\nIF((('2. Unit Testing Results'!$Y31)*60)/((VLOOKUP($C15,'2. Unit Testing Results'!$C$7:$S$16,4,FALSE))*(VLOOKUP($C15,'2. Unit Testing Results'!$C$7:$S$16,6,FALSE)))=0,\n((('2. Unit Testing Results'!$I31)*60)/((VLOOKUP($C15,'2. Unit Testing Results'!$C$7:$S$16,4,FALSE))*(VLOOKUP($C15,'2. Unit Testing Results'!$C$7:$S$16,6,FALSE)))),\n((('2. Unit Testing Results'!$Y31)*60)/((VLOOKUP($C15,'2. Unit Testing Results'!$C$7:$S$16,4,FALSE))*(VLOOKUP($C15,'2. Unit Testing Results'!$C$7:$S$16,6,FALSE))))))","v":15},{"$f":"IF($B15=\"\",\"\",\nVLOOKUP($C15,'2. Unit Testing Results'!$C$7:$BF$16,20,FALSE))","v":19},{"$f":"IF($B15=\"\",\"\",\nVLOOKUP($C15,'2. Unit Testing Results'!$C$7:$BF$16,22,FALSE))","v":19},{"$f":"IF($B15=\"\",\"\",\nVLOOKUP($C15,'2. Unit Testing Results'!$C$7:$BF$16,24,FALSE))","v":0},{"$f":"IF($B15=\"\",\"\",\nVLOOKUP($C15,'2. Unit Testing Results'!$C$7:$BF$16,26,FALSE))","v":10},{"$f":"IF($B15=\"\",\"\",\nVLOOKUP($C15,'2. Unit Testing Results'!$C$7:$BF$16,27,FALSE))","v":0.3},{"$f":"IF($B15=\"\",\"\",\nVLOOKUP($C15,'2. Unit Testing Results'!$C$7:$BF$16,29,FALSE))","v":0.32},{"$f":"IF($B15=\"\",\"\",\nIF('2. Unit Testing Results'!$R31=0,'2. Unit Testing Results'!$G31,'2. Unit Testing Results'!$R31\n))","v":19},{"$f":"IF($B15=\"\",\"\",\nIF(AND('2. Unit Testing Results'!$W31=0,'2. Unit Testing Results'!$W31<>\"\"),'2. Unit Testing Results'!$H31,\nIF('2. Unit Testing Results'!$W31<>\"\",'2. Unit Testing Results'!$W31,\"\")))","v":""},{"$f":"IF($B15=\"\",\"\",\nVLOOKUP($C15,'2. Unit Testing Results'!$C$7:$BF$16,31,FALSE))","v":"Furnace"},{"$f":"IF($B15=\"\",\"\",\nVLOOKUP($C15,'2. Unit Testing Results'!$C$7:$BF$16,33,FALSE))","v":"NG"},{"$f":"IF($B15=\"\",\"\",\nVLOOKUP($C15,'2. Unit Testing Results'!$C$7:$BF$16,35,FALSE))","v":92.5},{"$f":"IF($B15=\"\",\"\",\nVLOOKUP($C15,'2. Unit Testing Results'!$C$7:$BF$16,37,FALSE))","v":"AFUE"},{"$f":"IF($B15=\"\",\"\",\nVLOOKUP($C15,'2. Unit Testing Results'!$C$7:$BF$16,38,FALSE))","v":"AC"},{"$f":"IF($B15=\"\",\"\",\nVLOOKUP($C15,'2. Unit Testing Results'!$C$7:$BF$16,39,FALSE))","v":"Electricity"},{"$f":"IF($B15=\"\",\"\",\nVLOOKUP($C15,'2. Unit Testing Results'!$C$7:$BF$16,41,FALSE))","v":10},{"$f":"IF($B15=\"\",\"\",\nVLOOKUP($C15,'2. Unit Testing Results'!$C$7:$BF$16,43,FALSE))","v":"SEER"},{"$f":"IF($B15=\"\",\"\",\nVLOOKUP($C15,'2. Unit Testing Results'!$C$7:$BF$16,45,FALSE))","v":"Storage"},{"$f":"IF($B15=\"\",\"\",\nVLOOKUP($C15,'2. Unit Testing Results'!$C$7:$BF$16,47,FALSE))","v":"Gas"},{"$f":"IF($B15=\"\",\"\",\nVLOOKUP($C15,'2. Unit Testing Results'!$C$7:$BF$16,49,FALSE))","v":0.98},{"$f":"IF($B15=\"\",\"\",\nVLOOKUP($C15,'2. Unit Testing Results'!$C$7:$BF$16,51,FALSE))","v":"Energy Recovery Ventilator (ERV)"},{"$f":"IF($B15=\"\",\"\",\nVLOOKUP($C15,'2. Unit Testing Results'!$C$7:$BF$16,52,FALSE))","v":90},{"$f":"IF($B15=\"\",\"\",\nVLOOKUP($C15,'2. Unit Testing Results'!$C$7:$BF$16,53,FALSE))","v":1},{"$f":"IF($B15=\"\",\"\",\nVLOOKUP($C15,'2. Unit Testing Results'!$C$7:$BF$16,54,FALSE))","v":0},{"$f":"IF($B15=\"\",\"\",\nVLOOKUP($C15,'2. Unit Testing Results'!$C$7:$BF$16,55,FALSE))","v":1},{"$f":"IF($B15=\"\",\"\",\nVLOOKUP($C15,'2. Unit Testing Results'!$C$7:$BF$16,56,FALSE))","v":1}]
[null,{"$f":"IF('2. Unit Testing Results'!$C32=\"\",\"\",'2. Unit Testing Results'!$C32)","v":108},{"$f":"IF('2. Unit Testing Results'!$D33=\"\",\"\",'2. Unit Testing Results'!$D33)","v":"A2"},{"$f":"IF('2. Unit Testing Results'!$E33=\"\",\"\",'2. Unit Testing Results'!$E33)","v":678},{"$f":"IF('2. Unit Testing Results'!$F33=\"\",\"\",'2. Unit Testing Results'!$F33)","v":2196},null,{"$f":"IF($B16=\"\",\"\",\nIF((('2. Unit Testing Results'!$Y32)*60)/((VLOOKUP($C16,'2. Unit Testing Results'!$C$7:$S$16,4,FALSE))*(VLOOKUP($C16,'2. Unit Testing Results'!$C$7:$S$16,6,FALSE)))=0,\n((('2. Unit Testing Results'!$I32)*60)/((VLOOKUP($C16,'2. Unit Testing Results'!$C$7:$S$16,4,FALSE))*(VLOOKUP($C16,'2. Unit Testing Results'!$C$7:$S$16,6,FALSE)))),\n((('2. Unit Testing Results'!$Y32)*60)/((VLOOKUP($C16,'2. Unit Testing Results'!$C$7:$S$16,4,FALSE))*(VLOOKUP($C16,'2. Unit Testing Results'!$C$7:$S$16,6,FALSE))))))","v":34.285714285714285},{"$f":"IF($B16=\"\",\"\",\nVLOOKUP($C16,'2. Unit Testing Results'!$C$7:$BF$16,20,FALSE))","v":19},{"$f":"IF($B16=\"\",\"\",\nVLOOKUP($C16,'2. Unit Testing Results'!$C$7:$BF$16,22,FALSE))","v":19},{"$f":"IF($B16=\"\",\"\",\nVLOOKUP($C16,'2. Unit Testing Results'!$C$7:$BF$16,24,FALSE))","v":6},{"$f":"IF($B16=\"\",\"\",\nVLOOKUP($C16,'2. Unit Testing Results'!$C$7:$BF$16,26,FALSE))","v":10},{"$f":"IF($B16=\"\",\"\",\nVLOOKUP($C16,'2. Unit Testing Results'!$C$7:$BF$16,27,FALSE))","v":0.3},{"$f":"IF($B16=\"\",\"\",\nVLOOKUP($C16,'2. Unit Testing Results'!$C$7:$BF$16,29,FALSE))","v":0.32},{"$f":"IF($B16=\"\",\"\",\nIF('2. Unit Testing Results'!$R32=0,'2. Unit Testing Results'!$G32,'2. Unit Testing Results'!$R32\n))","v":51},{"$f":"IF($B16=\"\",\"\",\nIF(AND('2. Unit Testing Results'!$W32=0,'2. Unit Testing Results'!$W32<>\"\"),'2. Unit Testing Results'!$H32,\nIF('2. Unit Testing Results'!$W32<>\"\",'2. Unit Testing Results'!$W32,\"\")))","v":""},{"$f":"IF($B16=\"\",\"\",\nVLOOKUP($C16,'2. Unit Testing Results'!$C$7:$BF$16,31,FALSE))","v":"Furnace"},{"$f":"IF($B16=\"\",\"\",\nVLOOKUP($C16,'2. Unit Testing Results'!$C$7:$BF$16,33,FALSE))","v":"NG"},{"$f":"IF($B16=\"\",\"\",\nVLOOKUP($C16,'2. Unit Testing Results'!$C$7:$BF$16,35,FALSE))","v":92.5},{"$f":"IF($B16=\"\",\"\",\nVLOOKUP($C16,'2. Unit Testing Results'!$C$7:$BF$16,37,FALSE))","v":"AFUE"},{"$f":"IF($B16=\"\",\"\",\nVLOOKUP($C16,'2. Unit Testing Results'!$C$7:$BF$16,38,FALSE))","v":"AC"},{"$f":"IF($B16=\"\",\"\",\nVLOOKUP($C16,'2. Unit Testing Results'!$C$7:$BF$16,39,FALSE))","v":"Electricity"},{"$f":"IF($B16=\"\",\"\",\nVLOOKUP($C16,'2. Unit Testing Results'!$C$7:$BF$16,41,FALSE))","v":9},{"$f":"IF($B16=\"\",\"\",\nVLOOKUP($C16,'2. Unit Testing Results'!$C$7:$BF$16,43,FALSE))","v":"SEER"},{"$f":"IF($B16=\"\",\"\",\nVLOOKUP($C16,'2. Unit Testing Results'!$C$7:$BF$16,45,FALSE))","v":"Storage"},{"$f":"IF($B16=\"\",\"\",\nVLOOKUP($C16,'2. Unit Testing Results'!$C$7:$BF$16,47,FALSE))","v":"Gas"},{"$f":"IF($B16=\"\",\"\",\nVLOOKUP($C16,'2. Unit Testing Results'!$C$7:$BF$16,49,FALSE))","v":0.98},{"$f":"IF($B16=\"\",\"\",\nVLOOKUP($C16,'2. Unit Testing Results'!$C$7:$BF$16,51,FALSE))","v":"Exhaust-only"},{"$f":"IF($B16=\"\",\"\",\nVLOOKUP($C16,'2. Unit Testing Results'!$C$7:$BF$16,52,FALSE))","v":90},{"$f":"IF($B16=\"\",\"\",\nVLOOKUP($C16,'2. Unit Testing Results'!$C$7:$BF$16,53,FALSE))","v":1},{"$f":"IF($B16=\"\",\"\",\nVLOOKUP($C16,'2. Unit Testing Results'!$C$7:$BF$16,54,FALSE))","v":0},{"$f":"IF($B16=\"\",\"\",\nVLOOKUP($C16,'2. Unit Testing Results'!$C$7:$BF$16,55,FALSE))","v":1},{"$f":"IF($B16=\"\",\"\",\nVLOOKUP($C16,'2. Unit Testing Results'!$C$7:$BF$16,56,FALSE))","v":1}]
[null,{"$f":"IF('2. Unit Testing Results'!$C33=\"\",\"\",'2. Unit Testing Results'!$C33)","v":109},{"$f":"IF('2. Unit Testing Results'!$D34=\"\",\"\",'2. Unit Testing Results'!$D34)","v":"A2"},{"$f":"IF('2. Unit Testing Results'!$E34=\"\",\"\",'2. Unit Testing Results'!$E34)","v":678},{"$f":"IF('2. Unit Testing Results'!$F34=\"\",\"\",'2. Unit Testing Results'!$F34)","v":2196},null,{"$f":"IF($B17=\"\",\"\",\nIF((('2. Unit Testing Results'!$Y33)*60)/((VLOOKUP($C17,'2. Unit Testing Results'!$C$7:$S$16,4,FALSE))*(VLOOKUP($C17,'2. Unit Testing Results'!$C$7:$S$16,6,FALSE)))=0,\n((('2. Unit Testing Results'!$I33)*60)/((VLOOKUP($C17,'2. Unit Testing Results'!$C$7:$S$16,4,FALSE))*(VLOOKUP($C17,'2. Unit Testing Results'!$C$7:$S$16,6,FALSE)))),\n((('2. Unit Testing Results'!$Y33)*60)/((VLOOKUP($C17,'2. Unit Testing Results'!$C$7:$S$16,4,FALSE))*(VLOOKUP($C17,'2. Unit Testing Results'!$C$7:$S$16,6,FALSE))))))","v":376.45714285714286},{"$f":"IF($B17=\"\",\"\",\nVLOOKUP($C17,'2. Unit Testing Results'!$C$7:$BF$16,20,FALSE))","v":19},{"$f":"IF($B17=\"\",\"\",\nVLOOKUP($C17,'2. Unit Testing Results'!$C$7:$BF$16,22,FALSE))","v":19},{"$f":"IF($B17=\"\",\"\",\nVLOOKUP($C17,'2. Unit Testing Results'!$C$7:$BF$16,24,FALSE))","v":6},{"$f":"IF($B17=\"\",\"\",\nVLOOKUP($C17,'2. Unit Testing Results'!$C$7:$BF$16,26,FALSE))","v":10},{"$f":"IF($B17=\"\",\"\",\nVLOOKUP($C17,'2. Unit Testing Results'!$C$7:$BF$16,27,FALSE))","v":0.3},{"$f":"IF($B17=\"\",\"\",\nVLOOKUP($C17,'2. Unit Testing Results'!$C$7:$BF$16,29,FALSE))","v":0.32},{"$f":"IF($B17=\"\",\"\",\nIF('2. Unit Testing Results'!$R33=0,'2. Unit Testing Results'!$G33,'2. Unit Testing Results'!$R33\n))","v":""},{"$f":"IF($B17=\"\",\"\",\nIF(AND('2. Unit Testing Results'!$W33=0,'2. Unit Testing Results'!$W33<>\"\"),'2. Unit Testing Results'!$H33,\nIF('2. Unit Testing Results'!$W33<>\"\",'2. Unit Testing Results'!$W33,\"\")))","v":""},{"$f":"IF($B17=\"\",\"\",\nVLOOKUP($C17,'2. Unit Testing Results'!$C$7:$BF$16,31,FALSE))","v":"Furnace"},{"$f":"IF($B17=\"\",\"\",\nVLOOKUP($C17,'2. Unit Testing Results'!$C$7:$BF$16,33,FALSE))","v":"NG"},{"$f":"IF($B17=\"\",\"\",\nVLOOKUP($C17,'2. Unit Testing Results'!$C$7:$BF$16,35,FALSE))","v":92.5},{"$f":"IF($B17=\"\",\"\",\nVLOOKUP($C17,'2. Unit Testing Results'!$C$7:$BF$16,37,FALSE))","v":"AFUE"},{"$f":"IF($B17=\"\",\"\",\nVLOOKUP($C17,'2. Unit Testing Results'!$C$7:$BF$16,38,FALSE))","v":"AC"},{"$f":"IF($B17=\"\",\"\",\nVLOOKUP($C17,'2. Unit Testing Results'!$C$7:$BF$16,39,FALSE))","v":"Electricity"},{"$f":"IF($B17=\"\",\"\",\nVLOOKUP($C17,'2. Unit Testing Results'!$C$7:$BF$16,41,FALSE))","v":9},{"$f":"IF($B17=\"\",\"\",\nVLOOKUP($C17,'2. Unit Testing Results'!$C$7:$BF$16,43,FALSE))","v":"SEER"},{"$f":"IF($B17=\"\",\"\",\nVLOOKUP($C17,'2. Unit Testing Results'!$C$7:$BF$16,45,FALSE))","v":"Storage"},{"$f":"IF($B17=\"\",\"\",\nVLOOKUP($C17,'2. Unit Testing Results'!$C$7:$BF$16,47,FALSE))","v":"Gas"},{"$f":"IF($B17=\"\",\"\",\nVLOOKUP($C17,'2. Unit Testing Results'!$C$7:$BF$16,49,FALSE))","v":0.98},{"$f":"IF($B17=\"\",\"\",\nVLOOKUP($C17,'2. Unit Testing Results'!$C$7:$BF$16,51,FALSE))","v":"Exhaust-only"},{"$f":"IF($B17=\"\",\"\",\nVLOOKUP($C17,'2. Unit Testing Results'!$C$7:$BF$16,52,FALSE))","v":90},{"$f":"IF($B17=\"\",\"\",\nVLOOKUP($C17,'2. Unit Testing Results'!$C$7:$BF$16,53,FALSE))","v":1},{"$f":"IF($B17=\"\",\"\",\nVLOOKUP($C17,'2. Unit Testing Results'!$C$7:$BF$16,54,FALSE))","v":0},{"$f":"IF($B17=\"\",\"\",\nVLOOKUP($C17,'2. Unit Testing Results'!$C$7:$BF$16,55,FALSE))","v":1},{"$f":"IF($B17=\"\",\"\",\nVLOOKUP($C17,'2. Unit Testing Results'!$C$7:$BF$16,56,FALSE))","v":1}]
[null,{"$f":"IF('2. Unit Testing Results'!$C34=\"\",\"\",'2. Unit Testing Results'!$C34)","v":110},{"$f":"IF('2. Unit Testing Results'!$D35=\"\",\"\",'2. Unit Testing Results'!$D35)","v":"A1"},{"$f":"IF('2. Unit Testing Results'!$E35=\"\",\"\",'2. Unit Testing Results'!$E35)","v":515},{"$f":"IF('2. Unit Testing Results'!$F35=\"\",\"\",'2. Unit Testing Results'!$F35)","v":1990},null,{"$f":"IF($B18=\"\",\"\",\nIF((('2. Unit Testing Results'!$Y34)*60)/((VLOOKUP($C18,'2. Unit Testing Results'!$C$7:$S$16,4,FALSE))*(VLOOKUP($C18,'2. Unit Testing Results'!$C$7:$S$16,6,FALSE)))=0,\n((('2. Unit Testing Results'!$I34)*60)/((VLOOKUP($C18,'2. Unit Testing Results'!$C$7:$S$16,4,FALSE))*(VLOOKUP($C18,'2. Unit Testing Results'!$C$7:$S$16,6,FALSE)))),\n((('2. Unit Testing Results'!$Y34)*60)/((VLOOKUP($C18,'2. Unit Testing Results'!$C$7:$S$16,4,FALSE))*(VLOOKUP($C18,'2. Unit Testing Results'!$C$7:$S$16,6,FALSE))))))","v":329.4},{"$f":"IF($B18=\"\",\"\",\nVLOOKUP($C18,'2. Unit Testing Results'!$C$7:$BF$16,20,FALSE))","v":38},{"$f":"IF($B18=\"\",\"\",\nVLOOKUP($C18,'2. Unit Testing Results'!$C$7:$BF$16,22,FALSE))","v":19},{"$f":"IF($B18=\"\",\"\",\nVLOOKUP($C18,'2. Unit Testing Results'!$C$7:$BF$16,24,FALSE))","v":30},{"$f":"IF($B18=\"\",\"\",\nVLOOKUP($C18,'2. Unit Testing Results'!$C$7:$BF$16,26,FALSE))","v":10},{"$f":"IF($B18=\"\",\"\",\nVLOOKUP($C18,'2. Unit Testing Results'!$C$7:$BF$16,27,FALSE))","v":0.3},{"$f":"IF($B18=\"\",\"\",\nVLOOKUP($C18,'2. Unit Testing Results'!$C$7:$BF$16,29,FALSE))","v":0.32},{"$f":"IF($B18=\"\",\"\",\nIF('2. Unit Testing Results'!$R34=0,'2. Unit Testing Results'!$G34,'2. Unit Testing Results'!$R34\n))","v":""},{"$f":"IF($B18=\"\",\"\",\nIF(AND('2. Unit Testing Results'!$W34=0,'2. Unit Testing Results'!$W34<>\"\"),'2. Unit Testing Results'!$H34,\nIF('2. Unit Testing Results'!$W34<>\"\",'2. Unit Testing Results'!$W34,\"\")))","v":""},{"$f":"IF($B18=\"\",\"\",\nVLOOKUP($C18,'2. Unit Testing Results'!$C$7:$BF$16,31,FALSE))","v":"Furnace"},{"$f":"IF($B18=\"\",\"\",\nVLOOKUP($C18,'2. Unit Testing Results'!$C$7:$BF$16,33,FALSE))","v":"NG"},{"$f":"IF($B18=\"\",\"\",\nVLOOKUP($C18,'2. Unit Testing Results'!$C$7:$BF$16,35,FALSE))","v":92.5},{"$f":"IF($B18=\"\",\"\",\nVLOOKUP($C18,'2. Unit Testing Results'!$C$7:$BF$16,37,FALSE))","v":"AFUE"},{"$f":"IF($B18=\"\",\"\",\nVLOOKUP($C18,'2. Unit Testing Results'!$C$7:$BF$16,38,FALSE))","v":"AC"},{"$f":"IF($B18=\"\",\"\",\nVLOOKUP($C18,'2. Unit Testing Results'!$C$7:$BF$16,39,FALSE))","v":"Electricity"},{"$f":"IF($B18=\"\",\"\",\nVLOOKUP($C18,'2. Unit Testing Results'!$C$7:$BF$16,41,FALSE))","v":9},{"$f":"IF($B18=\"\",\"\",\nVLOOKUP($C18,'2. Unit Testing Results'!$C$7:$BF$16,43,FALSE))","v":"SEER"},{"$f":"IF($B18=\"\",\"\",\nVLOOKUP($C18,'2. Unit Testing Results'!$C$7:$BF$16,45,FALSE))","v":"Storage"},{"$f":"IF($B18=\"\",\"\",\nVLOOKUP($C18,'2. Unit Testing Results'!$C$7:$BF$16,47,FALSE))","v":"Gas"},{"$f":"IF($B18=\"\",\"\",\nVLOOKUP($C18,'2. Unit Testing Results'!$C$7:$BF$16,49,FALSE))","v":0.98},{"$f":"IF($B18=\"\",\"\",\nVLOOKUP($C18,'2. Unit Testing Results'!$C$7:$BF$16,51,FALSE))","v":"Supply-only"},{"$f":"IF($B18=\"\",\"\",\nVLOOKUP($C18,'2. Unit Testing Results'!$C$7:$BF$16,52,FALSE))","v":90},{"$f":"IF($B18=\"\",\"\",\nVLOOKUP($C18,'2. Unit Testing Results'!$C$7:$BF$16,53,FALSE))","v":1},{"$f":"IF($B18=\"\",\"\",\nVLOOKUP($C18,'2. Unit Testing Results'!$C$7:$BF$16,54,FALSE))","v":1},{"$f":"IF($B18=\"\",\"\",\nVLOOKUP($C18,'2. Unit Testing Results'!$C$7:$BF$16,55,FALSE))","v":1},{"$f":"IF($B18=\"\",\"\",\nVLOOKUP($C18,'2. Unit Testing Results'!$C$7:$BF$16,56,FALSE))","v":1}]
[null,{"$f":"IF('2. Unit Testing Results'!$C35=\"\",\"\",'2. Unit Testing Results'!$C35)","v":201},{"$f":"IF('2. Unit Testing Results'!$D36=\"\",\"\",'2. Unit Testing Results'!$D36)","v":"B3"},{"$f":"IF('2. Unit Testing Results'!$E36=\"\",\"\",'2. Unit Testing Results'!$E36)","v":815},{"$f":"IF('2. Unit Testing Results'!$F36=\"\",\"\",'2. Unit Testing Results'!$F36)","v":3742},null,{"$f":"IF($B19=\"\",\"\",\nIF((('2. Unit Testing Results'!$Y35)*60)/((VLOOKUP($C19,'2. Unit Testing Results'!$C$7:$S$16,4,FALSE))*(VLOOKUP($C19,'2. Unit Testing Results'!$C$7:$S$16,6,FALSE)))=0,\n((('2. Unit Testing Results'!$I35)*60)/((VLOOKUP($C19,'2. Unit Testing Results'!$C$7:$S$16,4,FALSE))*(VLOOKUP($C19,'2. Unit Testing Results'!$C$7:$S$16,6,FALSE)))),\n((('2. Unit Testing Results'!$Y35)*60)/((VLOOKUP($C19,'2. Unit Testing Results'!$C$7:$S$16,4,FALSE))*(VLOOKUP($C19,'2. Unit Testing Results'!$C$7:$S$16,6,FALSE))))))","v":93.28125},{"$f":"IF($B19=\"\",\"\",\nVLOOKUP($C19,'2. Unit Testing Results'!$C$7:$BF$16,20,FALSE))","v":38},{"$f":"IF($B19=\"\",\"\",\nVLOOKUP($C19,'2. Unit Testing Results'!$C$7:$BF$16,22,FALSE))","v":19},{"$f":"IF($B19=\"\",\"\",\nVLOOKUP($C19,'2. Unit Testing Results'!$C$7:$BF$16,24,FALSE))","v":0},{"$f":"IF($B19=\"\",\"\",\nVLOOKUP($C19,'2. Unit Testing Results'!$C$7:$BF$16,26,FALSE))","v":10},{"$f":"IF($B19=\"\",\"\",\nVLOOKUP($C19,'2. Unit Testing Results'!$C$7:$BF$16,27,FALSE))","v":0.3},{"$f":"IF($B19=\"\",\"\",\nVLOOKUP($C19,'2. Unit Testing Results'!$C$7:$BF$16,29,FALSE))","v":0.32},{"$f":"IF($B19=\"\",\"\",\nIF('2. Unit Testing Results'!$R35=0,'2. Unit Testing Results'!$G35,'2. Unit Testing Results'!$R35\n))","v":""},{"$f":"IF($B19=\"\",\"\",\nIF(AND('2. Unit Testing Results'!$W35=0,'2. Unit Testing Results'!$W35<>\"\"),'2. Unit Testing Results'!$H35,\nIF('2. Unit Testing Results'!$W35<>\"\",'2. Unit Testing Results'!$W35,\"\")))","v":""},{"$f":"IF($B19=\"\",\"\",\nVLOOKUP($C19,'2. Unit Testing Results'!$C$7:$BF$16,31,FALSE))","v":"Furnace"},{"$f":"IF($B19=\"\",\"\",\nVLOOKUP($C19,'2. Unit Testing Results'!$C$7:$BF$16,33,FALSE))","v":"NG"},{"$f":"IF($B19=\"\",\"\",\nVLOOKUP($C19,'2. Unit Testing Results'!$C$7:$BF$16,35,FALSE))","v":92},{"$f":"IF($B19=\"\",\"\",\nVLOOKUP($C19,'2. Unit Testing Results'!$C$7:$BF$16,37,FALSE))","v":"AFUE"},{"$f":"IF($B19=\"\",\"\",\nVLOOKUP($C19,'2. Unit Testing Results'!$C$7:$BF$16,38,FALSE))","v":"AC"},{"$f":"IF($B19=\"\",\"\",\nVLOOKUP($C19,'2. Unit Testing Results'!$C$7:$BF$16,39,FALSE))","v":"Electricity"},{"$f":"IF($B19=\"\",\"\",\nVLOOKUP($C19,'2. Unit Testing Results'!$C$7:$BF$16,41,FALSE))","v":9},{"$f":"IF($B19=\"\",\"\",\nVLOOKUP($C19,'2. Unit Testing Results'!$C$7:$BF$16,43,FALSE))","v":"SEER"},{"$f":"IF($B19=\"\",\"\",\nVLOOKUP($C19,'2. Unit Testing Results'!$C$7:$BF$16,45,FALSE))","v":"Storage"},{"$f":"IF($B19=\"\",\"\",\nVLOOKUP($C19,'2. Unit Testing Results'!$C$7:$BF$16,47,FALSE))","v":"Gas"},{"$f":"IF($B19=\"\",\"\",\nVLOOKUP($C19,'2. Unit Testing Results'!$C$7:$BF$16,49,FALSE))","v":0.98},{"$f":"IF($B19=\"\",\"\",\nVLOOKUP($C19,'2. Unit Testing Results'!$C$7:$BF$16,51,FALSE))","v":"Energy Recovery Ventilator (ERV)"},{"$f":"IF($B19=\"\",\"\",\nVLOOKUP($C19,'2. Unit Testing Results'!$C$7:$BF$16,52,FALSE))","v":90},{"$f":"IF($B19=\"\",\"\",\nVLOOKUP($C19,'2. Unit Testing Results'!$C$7:$BF$16,53,FALSE))","v":1},{"$f":"IF($B19=\"\",\"\",\nVLOOKUP($C19,'2. Unit Testing Results'!$C$7:$BF$16,54,FALSE))","v":0},{"$f":"IF($B19=\"\",\"\",\nVLOOKUP($C19,'2. Unit Testing Results'!$C$7:$BF$16,55,FALSE))","v":1},{"$f":"IF($B19=\"\",\"\",\nVLOOKUP($C19,'2. Unit Testing Results'!$C$7:$BF$16,56,FALSE))","v":1}]
[null,{"$f":"IF('2. Unit Testing Results'!$C36=\"\",\"\",'2. Unit Testing Results'!$C36)","v":202},{"$f":"IF('2. Unit Testing Results'!$D37=\"\",\"\",'2. Unit Testing Results'!$D37)","v":"S1"},{"$f":"IF('2. Unit Testing Results'!$E37=\"\",\"\",'2. Unit Testing Results'!$E37)","v":500},{"$f":"IF('2. Unit Testing Results'!$F37=\"\",\"\",'2. Unit Testing Results'!$F37)","v":3024},null,{"$f":"IF($B20=\"\",\"\",\nIF((('2. Unit Testing Results'!$Y36)*60)/((VLOOKUP($C20,'2. Unit Testing Results'!$C$7:$S$16,4,FALSE))*(VLOOKUP($C20,'2. Unit Testing Results'!$C$7:$S$16,6,FALSE)))=0,\n((('2. Unit Testing Results'!$I36)*60)/((VLOOKUP($C20,'2. Unit Testing Results'!$C$7:$S$16,4,FALSE))*(VLOOKUP($C20,'2. Unit Testing Results'!$C$7:$S$16,6,FALSE)))),\n((('2. Unit Testing Results'!$Y36)*60)/((VLOOKUP($C20,'2. Unit Testing Results'!$C$7:$S$16,4,FALSE))*(VLOOKUP($C20,'2. Unit Testing Results'!$C$7:$S$16,6,FALSE))))))","v":366.06521739130437},{"$f":"IF($B20=\"\",\"\",\nVLOOKUP($C20,'2. Unit Testing Results'!$C$7:$BF$16,20,FALSE))","v":19},{"$f":"IF($B20=\"\",\"\",\nVLOOKUP($C20,'2. Unit Testing Results'!$C$7:$BF$16,22,FALSE))","v":19},{"$f":"IF($B20=\"\",\"\",\nVLOOKUP($C20,'2. Unit Testing Results'!$C$7:$BF$16,24,FALSE))","v":8},{"$f":"IF($B20=\"\",\"\",\nVLOOKUP($C20,'2. Unit Testing Results'!$C$7:$BF$16,26,FALSE))","v":10},{"$f":"IF($B20=\"\",\"\",\nVLOOKUP($C20,'2. Unit Testing Results'!$C$7:$BF$16,27,FALSE))","v":0.3},{"$f":"IF($B20=\"\",\"\",\nVLOOKUP($C20,'2. Unit Testing Results'!$C$7:$BF$16,29,FALSE))","v":0.32},{"$f":"IF($B20=\"\",\"\",\nIF('2. Unit Testing Results'!$R36=0,'2. Unit Testing Results'!$G36,'2. Unit Testing Results'!$R36\n))","v":""},{"$f":"IF($B20=\"\",\"\",\nIF(AND('2. Unit Testing Results'!$W36=0,'2. Unit Testing Results'!$W36<>\"\"),'2. Unit Testing Results'!$H36,\nIF('2. Unit Testing Results'!$W36<>\"\",'2. Unit Testing Results'!$W36,\"\")))","v":""},{"$f":"IF($B20=\"\",\"\",\nVLOOKUP($C20,'2. Unit Testing Results'!$C$7:$BF$16,31,FALSE))","v":"Furnace"},{"$f":"IF($B20=\"\",\"\",\nVLOOKUP($C20,'2. Unit Testing Results'!$C$7:$BF$16,33,FALSE))","v":"NG"},{"$f":"IF($B20=\"\",\"\",\nVLOOKUP($C20,'2. Unit Testing Results'!$C$7:$BF$16,35,FALSE))","v":92.5},{"$f":"IF($B20=\"\",\"\",\nVLOOKUP($C20,'2. Unit Testing Results'!$C$7:$BF$16,37,FALSE))","v":"AFUE"},{"$f":"IF($B20=\"\",\"\",\nVLOOKUP($C20,'2. Unit Testing Results'!$C$7:$BF$16,38,FALSE))","v":"AC"},{"$f":"IF($B20=\"\",\"\",\nVLOOKUP($C20,'2. Unit Testing Results'!$C$7:$BF$16,39,FALSE))","v":"Electricity"},{"$f":"IF($B20=\"\",\"\",\nVLOOKUP($C20,'2. Unit Testing Results'!$C$7:$BF$16,41,FALSE))","v":9},{"$f":"IF($B20=\"\",\"\",\nVLOOKUP($C20,'2. Unit Testing Results'!$C$7:$BF$16,43,FALSE))","v":"SEER"},{"$f":"IF($B20=\"\",\"\",\nVLOOKUP($C20,'2. Unit Testing Results'!$C$7:$BF$16,45,FALSE))","v":"Storage"},{"$f":"IF($B20=\"\",\"\",\nVLOOKUP($C20,'2. Unit Testing Results'!$C$7:$BF$16,47,FALSE))","v":"Gas"},{"$f":"IF($B20=\"\",\"\",\nVLOOKUP($C20,'2. Unit Testing Results'!$C$7:$BF$16,49,FALSE))","v":0.98},{"$f":"IF($B20=\"\",\"\",\nVLOOKUP($C20,'2. Unit Testing Results'!$C$7:$BF$16,51,FALSE))","v":"Balanced"},{"$f":"IF($B20=\"\",\"\",\nVLOOKUP($C20,'2. Unit Testing Results'!$C$7:$BF$16,52,FALSE))","v":90},{"$f":"IF($B20=\"\",\"\",\nVLOOKUP($C20,'2. Unit Testing Results'!$C$7:$BF$16,53,FALSE))","v":1},{"$f":"IF($B20=\"\",\"\",\nVLOOKUP($C20,'2. Unit Testing Results'!$C$7:$BF$16,54,FALSE))","v":0},{"$f":"IF($B20=\"\",\"\",\nVLOOKUP($C20,'2. Unit Testing Results'!$C$7:$BF$16,55,FALSE))","v":1},{"$f":"IF($B20=\"\",\"\",\nVLOOKUP($C20,'2. Unit Testing Results'!$C$7:$BF$16,56,FALSE))","v":1}]
[null,{"$f":"IF('2. Unit Testing Results'!$C37=\"\",\"\",'2. Unit Testing Results'!$C37)","v":203},{"$f":"IF('2. Unit Testing Results'!$D38=\"\",\"\",'2. Unit Testing Results'!$D38)","v":"B4"},{"$f":"IF('2. Unit Testing Results'!$E38=\"\",\"\",'2. Unit Testing Results'!$E38)","v":1800},{"$f":"IF('2. Unit Testing Results'!$F38=\"\",\"\",'2. Unit Testing Results'!$F38)","v":6141},null,{"$f":"IF($B21=\"\",\"\",\nIF((('2. Unit Testing Results'!$Y37)*60)/((VLOOKUP($C21,'2. Unit Testing Results'!$C$7:$S$16,4,FALSE))*(VLOOKUP($C21,'2. Unit Testing Results'!$C$7:$S$16,6,FALSE)))=0,\n((('2. Unit Testing Results'!$I37)*60)/((VLOOKUP($C21,'2. Unit Testing Results'!$C$7:$S$16,4,FALSE))*(VLOOKUP($C21,'2. Unit Testing Results'!$C$7:$S$16,6,FALSE)))),\n((('2. Unit Testing Results'!$Y37)*60)/((VLOOKUP($C21,'2. Unit Testing Results'!$C$7:$S$16,4,FALSE))*(VLOOKUP($C21,'2. Unit Testing Results'!$C$7:$S$16,6,FALSE))))))","v":117.8181818181818},{"$f":"IF($B21=\"\",\"\",\nVLOOKUP($C21,'2. Unit Testing Results'!$C$7:$BF$16,20,FALSE))","v":38},{"$f":"IF($B21=\"\",\"\",\nVLOOKUP($C21,'2. Unit Testing Results'!$C$7:$BF$16,22,FALSE))","v":19},{"$f":"IF($B21=\"\",\"\",\nVLOOKUP($C21,'2. Unit Testing Results'!$C$7:$BF$16,24,FALSE))","v":0},{"$f":"IF($B21=\"\",\"\",\nVLOOKUP($C21,'2. Unit Testing Results'!$C$7:$BF$16,26,FALSE))","v":10},{"$f":"IF($B21=\"\",\"\",\nVLOOKUP($C21,'2. Unit Testing Results'!$C$7:$BF$16,27,FALSE))","v":0.3},{"$f":"IF($B21=\"\",\"\",\nVLOOKUP($C21,'2. Unit Testing Results'!$C$7:$BF$16,29,FALSE))","v":0.32},{"$f":"IF($B21=\"\",\"\",\nIF('2. Unit Testing Results'!$R37=0,'2. Unit Testing Results'!$G37,'2. Unit Testing Results'!$R37\n))","v":""},{"$f":"IF($B21=\"\",\"\",\nIF(AND('2. Unit Testing Results'!$W37=0,'2. Unit Testing Results'!$W37<>\"\"),'2. Unit Testing Results'!$H37,\nIF('2. Unit Testing Results'!$W37<>\"\",'2. Unit Testing Results'!$W37,\"\")))","v":""},{"$f":"IF($B21=\"\",\"\",\nVLOOKUP($C21,'2. Unit Testing Results'!$C$7:$BF$16,31,FALSE))","v":"Furnace"},{"$f":"IF($B21=\"\",\"\",\nVLOOKUP($C21,'2. Unit Testing Results'!$C$7:$BF$16,33,FALSE))","v":"NG"},{"$f":"IF($B21=\"\",\"\",\nVLOOKUP($C21,'2. Unit Testing Results'!$C$7:$BF$16,35,FALSE))","v":92},{"$f":"IF($B21=\"\",\"\",\nVLOOKUP($C21,'2. Unit Testing Results'!$C$7:$BF$16,37,FALSE))","v":"AFUE"},{"$f":"IF($B21=\"\",\"\",\nVLOOKUP($C21,'2. Unit Testing Results'!$C$7:$BF$16,38,FALSE))","v":"AC"},{"$f":"IF($B21=\"\",\"\",\nVLOOKUP($C21,'2. Unit Testing Results'!$C$7:$BF$16,39,FALSE))","v":"Electricity"},{"$f":"IF($B21=\"\",\"\",\nVLOOKUP($C21,'2. Unit Testing Results'!$C$7:$BF$16,41,FALSE))","v":9},{"$f":"IF($B21=\"\",\"\",\nVLOOKUP($C21,'2. Unit Testing Results'!$C$7:$BF$16,43,FALSE))","v":"SEER"},{"$f":"IF($B21=\"\",\"\",\nVLOOKUP($C21,'2. Unit Testing Results'!$C$7:$BF$16,45,FALSE))","v":"Storage"},{"$f":"IF($B21=\"\",\"\",\nVLOOKUP($C21,'2. Unit Testing Results'!$C$7:$BF$16,47,FALSE))","v":"Gas"},{"$f":"IF($B21=\"\",\"\",\nVLOOKUP($C21,'2. Unit Testing Results'!$C$7:$BF$16,49,FALSE))","v":0.98},{"$f":"IF($B21=\"\",\"\",\nVLOOKUP($C21,'2. Unit Testing Results'!$C$7:$BF$16,51,FALSE))","v":"Heat Recovery Ventilator (HRV)"},{"$f":"IF($B21=\"\",\"\",\nVLOOKUP($C21,'2. Unit Testing Results'!$C$7:$BF$16,52,FALSE))","v":90},{"$f":"IF($B21=\"\",\"\",\nVLOOKUP($C21,'2. Unit Testing Results'!$C$7:$BF$16,53,FALSE))","v":1},{"$f":"IF($B21=\"\",\"\",\nVLOOKUP($C21,'2. Unit Testing Results'!$C$7:$BF$16,54,FALSE))","v":1},{"$f":"IF($B21=\"\",\"\",\nVLOOKUP($C21,'2. Unit Testing Results'!$C$7:$BF$16,55,FALSE))","v":1},{"$f":"IF($B21=\"\",\"\",\nVLOOKUP($C21,'2. Unit Testing Results'!$C$7:$BF$16,56,FALSE))","v":2}]
[null,{"$f":"IF('2. Unit Testing Results'!$C38=\"\",\"\",'2. Unit Testing Results'!$C38)","v":204},{"$f":"IF('2. Unit Testing Results'!$D39=\"\",\"\",'2. Unit Testing Results'!$D39)","v":"S1"},{"$f":"IF('2. Unit Testing Results'!$E39=\"\",\"\",'2. Unit Testing Results'!$E39)","v":500},{"$f":"IF('2. Unit Testing Results'!$F39=\"\",\"\",'2. Unit Testing Results'!$F39)","v":3024},null,{"$f":"IF($B22=\"\",\"\",\nIF((('2. Unit Testing Results'!$Y38)*60)/((VLOOKUP($C22,'2. Unit Testing Results'!$C$7:$S$16,4,FALSE))*(VLOOKUP($C22,'2. Unit Testing Results'!$C$7:$S$16,6,FALSE)))=0,\n((('2. Unit Testing Results'!$I38)*60)/((VLOOKUP($C22,'2. Unit Testing Results'!$C$7:$S$16,4,FALSE))*(VLOOKUP($C22,'2. Unit Testing Results'!$C$7:$S$16,6,FALSE)))),\n((('2. Unit Testing Results'!$Y38)*60)/((VLOOKUP($C22,'2. Unit Testing Results'!$C$7:$S$16,4,FALSE))*(VLOOKUP($C22,'2. Unit Testing Results'!$C$7:$S$16,6,FALSE))))))","v":9.7826086956521738},{"$f":"IF($B22=\"\",\"\",\nVLOOKUP($C22,'2. Unit Testing Results'!$C$7:$BF$16,20,FALSE))","v":19},{"$f":"IF($B22=\"\",\"\",\nVLOOKUP($C22,'2. Unit Testing Results'!$C$7:$BF$16,22,FALSE))","v":19},{"$f":"IF($B22=\"\",\"\",\nVLOOKUP($C22,'2. Unit Testing Results'!$C$7:$BF$16,24,FALSE))","v":8},{"$f":"IF($B22=\"\",\"\",\nVLOOKUP($C22,'2. Unit Testing Results'!$C$7:$BF$16,26,FALSE))","v":10},{"$f":"IF($B22=\"\",\"\",\nVLOOKUP($C22,'2. Unit Testing Results'!$C$7:$BF$16,27,FALSE))","v":0.3},{"$f":"IF($B22=\"\",\"\",\nVLOOKUP($C22,'2. Unit Testing Results'!$C$7:$BF$16,29,FALSE))","v":0.32},{"$f":"IF($B22=\"\",\"\",\nIF('2. Unit Testing Results'!$R38=0,'2. Unit Testing Results'!$G38,'2. Unit Testing Results'!$R38\n))","v":10},{"$f":"IF($B22=\"\",\"\",\nIF(AND('2. Unit Testing Results'!$W38=0,'2. Unit Testing Results'!$W38<>\"\"),'2. Unit Testing Results'!$H38,\nIF('2. Unit Testing Results'!$W38<>\"\",'2. Unit Testing Results'!$W38,\"\")))","v":""},{"$f":"IF($B22=\"\",\"\",\nVLOOKUP($C22,'2. Unit Testing Results'!$C$7:$BF$16,31,FALSE))","v":"Furnace"},{"$f":"IF($B22=\"\",\"\",\nVLOOKUP($C22,'2. Unit Testing Results'!$C$7:$BF$16,33,FALSE))","v":"NG"},{"$f":"IF($B22=\"\",\"\",\nVLOOKUP($C22,'2. Unit Testing Results'!$C$7:$BF$16,35,FALSE))","v":92.5},{"$f":"IF($B22=\"\",\"\",\nVLOOKUP($C22,'2. Unit Testing Results'!$C$7:$BF$16,37,FALSE))","v":"AFUE"},{"$f":"IF($B22=\"\",\"\",\nVLOOKUP($C22,'2. Unit Testing Results'!$C$7:$BF$16,38,FALSE))","v":"AC"},{"$f":"IF($B22=\"\",\"\",\nVLOOKUP($C22,'2. Unit Testing Results'!$C$7:$BF$16,39,FALSE))","v":"Electricity"},{"$f":"IF($B22=\"\",\"\",\nVLOOKUP($C22,'2. Unit Testing Results'!$C$7:$BF$16,41,FALSE))","v":9},{"$f":"IF($B22=\"\",\"\",\nVLOOKUP($C22,'2. Unit Testing Results'!$C$7:$BF$16,43,FALSE))","v":"SEER"},{"$f":"IF($B22=\"\",\"\",\nVLOOKUP($C22,'2. Unit Testing Results'!$C$7:$BF$16,45,FALSE))","v":"Storage"},{"$f":"IF($B22=\"\",\"\",\nVLOOKUP($C22,'2. Unit Testing Results'!$C$7:$BF$16,47,FALSE))","v":"Gas"},{"$f":"IF($B22=\"\",\"\",\nVLOOKUP($C22,'2. Unit Testing Results'!$C$7:$BF$16,49,FALSE))","v":0.98},{"$f":"IF($B22=\"\",\"\",\nVLOOKUP($C22,'2. Unit Testing Results'!$C$7:$BF$16,51,FALSE))","v":"Balanced"},{"$f":"IF($B22=\"\",\"\",\nVLOOKUP($C22,'2. Unit Testing Results'!$C$7:$BF$16,52,FALSE))","v":90},{"$f":"IF($B22=\"\",\"\",\nVLOOKUP($C22,'2. Unit Testing Results'!$C$7:$BF$16,53,FALSE))","v":1},{"$f":"IF($B22=\"\",\"\",\nVLOOKUP($C22,'2. Unit Testing Results'!$C$7:$BF$16,54,FALSE))","v":0},{"$f":"IF($B22=\"\",\"\",\nVLOOKUP($C22,'2. Unit Testing Results'!$C$7:$BF$16,55,FALSE))","v":1},{"$f":"IF($B22=\"\",\"\",\nVLOOKUP($C22,'2. Unit Testing Results'!$C$7:$BF$16,56,FALSE))","v":1}]
[null,{"$f":"IF('2. Unit Testing Results'!$C39=\"\",\"\",'2. Unit Testing Results'!$C39)","v":205},{"$f":"IF('2. Unit Testing Results'!$D40=\"\",\"\",'2. Unit Testing Results'!$D40)","v":"B1"},{"$f":"IF('2. Unit Testing Results'!$E40=\"\",\"\",'2. Unit Testing Results'!$E40)","v":650},{"$f":"IF('2. Unit Testing Results'!$F40=\"\",\"\",'2. Unit Testing Results'!$F40)","v":2220},null,{"$f":"IF($B23=\"\",\"\",\nIF((('2. Unit Testing Results'!$Y39)*60)/((VLOOKUP($C23,'2. Unit Testing Results'!$C$7:$S$16,4,FALSE))*(VLOOKUP($C23,'2. Unit Testing Results'!$C$7:$S$16,6,FALSE)))=0,\n((('2. Unit Testing Results'!$I39)*60)/((VLOOKUP($C23,'2. Unit Testing Results'!$C$7:$S$16,4,FALSE))*(VLOOKUP($C23,'2. Unit Testing Results'!$C$7:$S$16,6,FALSE)))),\n((('2. Unit Testing Results'!$Y39)*60)/((VLOOKUP($C23,'2. Unit Testing Results'!$C$7:$S$16,4,FALSE))*(VLOOKUP($C23,'2. Unit Testing Results'!$C$7:$S$16,6,FALSE))))))","v":473.32173913043471},{"$f":"IF($B23=\"\",\"\",\nVLOOKUP($C23,'2. Unit Testing Results'!$C$7:$BF$16,20,FALSE))","v":38},{"$f":"IF($B23=\"\",\"\",\nVLOOKUP($C23,'2. Unit Testing Results'!$C$7:$BF$16,22,FALSE))","v":19},{"$f":"IF($B23=\"\",\"\",\nVLOOKUP($C23,'2. Unit Testing Results'!$C$7:$BF$16,24,FALSE))","v":0},{"$f":"IF($B23=\"\",\"\",\nVLOOKUP($C23,'2. Unit Testing Results'!$C$7:$BF$16,26,FALSE))","v":10},{"$f":"IF($B23=\"\",\"\",\nVLOOKUP($C23,'2. Unit Testing Results'!$C$7:$BF$16,27,FALSE))","v":0.3},{"$f":"IF($B23=\"\",\"\",\nVLOOKUP($C23,'2. Unit Testing Results'!$C$7:$BF$16,29,FALSE))","v":0.32},{"$f":"IF($B23=\"\",\"\",\nIF('2. Unit Testing Results'!$R39=0,'2. Unit Testing Results'!$G39,'2. Unit Testing Results'!$R39\n))","v":""},{"$f":"IF($B23=\"\",\"\",\nIF(AND('2. Unit Testing Results'!$W39=0,'2. Unit Testing Results'!$W39<>\"\"),'2. Unit Testing Results'!$H39,\nIF('2. Unit Testing Results'!$W39<>\"\",'2. Unit Testing Results'!$W39,\"\")))","v":""},{"$f":"IF($B23=\"\",\"\",\nVLOOKUP($C23,'2. Unit Testing Results'!$C$7:$BF$16,31,FALSE))","v":"Furnace"},{"$f":"IF($B23=\"\",\"\",\nVLOOKUP($C23,'2. Unit Testing Results'!$C$7:$BF$16,33,FALSE))","v":"NG"},{"$f":"IF($B23=\"\",\"\",\nVLOOKUP($C23,'2. Unit Testing Results'!$C$7:$BF$16,35,FALSE))","v":94.5},{"$f":"IF($B23=\"\",\"\",\nVLOOKUP($C23,'2. Unit Testing Results'!$C$7:$BF$16,37,FALSE))","v":"AFUE"},{"$f":"IF($B23=\"\",\"\",\nVLOOKUP($C23,'2. Unit Testing Results'!$C$7:$BF$16,38,FALSE))","v":"AC"},{"$f":"IF($B23=\"\",\"\",\nVLOOKUP($C23,'2. Unit Testing Results'!$C$7:$BF$16,39,FALSE))","v":"Electricity"},{"$f":"IF($B23=\"\",\"\",\nVLOOKUP($C23,'2. Unit Testing Results'!$C$7:$BF$16,41,FALSE))","v":9},{"$f":"IF($B23=\"\",\"\",\nVLOOKUP($C23,'2. Unit Testing Results'!$C$7:$BF$16,43,FALSE))","v":"SEER"},{"$f":"IF($B23=\"\",\"\",\nVLOOKUP($C23,'2. Unit Testing Results'!$C$7:$BF$16,45,FALSE))","v":"Storage"},{"$f":"IF($B23=\"\",\"\",\nVLOOKUP($C23,'2. Unit Testing Results'!$C$7:$BF$16,47,FALSE))","v":"Gas"},{"$f":"IF($B23=\"\",\"\",\nVLOOKUP($C23,'2. Unit Testing Results'!$C$7:$BF$16,49,FALSE))","v":0.98},{"$f":"IF($B23=\"\",\"\",\nVLOOKUP($C23,'2. Unit Testing Results'!$C$7:$BF$16,51,FALSE))","v":"Central Fan Integrated System (CFIS)"},{"$f":"IF($B23=\"\",\"\",\nVLOOKUP($C23,'2. Unit Testing Results'!$C$7:$BF$16,52,FALSE))","v":90},{"$f":"IF($B23=\"\",\"\",\nVLOOKUP($C23,'2. Unit Testing Results'!$C$7:$BF$16,53,FALSE))","v":1},{"$f":"IF($B23=\"\",\"\",\nVLOOKUP($C23,'2. Unit Testing Results'!$C$7:$BF$16,54,FALSE))","v":0},{"$f":"IF($B23=\"\",\"\",\nVLOOKUP($C23,'2. Unit Testing Results'!$C$7:$BF$16,55,FALSE))","v":1},{"$f":"IF($B23=\"\",\"\",\nVLOOKUP($C23,'2. Unit Testing Results'!$C$7:$BF$16,56,FALSE))","v":1}]
[null,{"$f":"IF('2. Unit Testing Results'!$C40=\"\",\"\",'2. Unit Testing Results'!$C40)","v":206},{"$f":"IF('2. Unit Testing Results'!$D41=\"\",\"\",'2. Unit Testing Results'!$D41)","v":"B3"},{"$f":"IF('2. Unit Testing Results'!$E41=\"\",\"\",'2. Unit Testing Results'!$E41)","v":815},{"$f":"IF('2. Unit Testing Results'!$F41=\"\",\"\",'2. Unit Testing Results'!$F41)","v":3742},null,{"$f":"IF($B24=\"\",\"\",\nIF((('2. Unit Testing Results'!$Y40)*60)/((VLOOKUP($C24,'2. Unit Testing Results'!$C$7:$S$16,4,FALSE))*(VLOOKUP($C24,'2. Unit Testing Results'!$C$7:$S$16,6,FALSE)))=0,\n((('2. Unit Testing Results'!$I40)*60)/((VLOOKUP($C24,'2. Unit Testing Results'!$C$7:$S$16,4,FALSE))*(VLOOKUP($C24,'2. Unit Testing Results'!$C$7:$S$16,6,FALSE)))),\n((('2. Unit Testing Results'!$Y40)*60)/((VLOOKUP($C24,'2. Unit Testing Results'!$C$7:$S$16,4,FALSE))*(VLOOKUP($C24,'2. Unit Testing Results'!$C$7:$S$16,6,FALSE))))))","v":104.0625},{"$f":"IF($B24=\"\",\"\",\nVLOOKUP($C24,'2. Unit Testing Results'!$C$7:$BF$16,20,FALSE))","v":38},{"$f":"IF($B24=\"\",\"\",\nVLOOKUP($C24,'2. Unit Testing Results'!$C$7:$BF$16,22,FALSE))","v":19},{"$f":"IF($B24=\"\",\"\",\nVLOOKUP($C24,'2. Unit Testing Results'!$C$7:$BF$16,24,FALSE))","v":0},{"$f":"IF($B24=\"\",\"\",\nVLOOKUP($C24,'2. Unit Testing Results'!$C$7:$BF$16,26,FALSE))","v":10},{"$f":"IF($B24=\"\",\"\",\nVLOOKUP($C24,'2. Unit Testing Results'!$C$7:$BF$16,27,FALSE))","v":0.3},{"$f":"IF($B24=\"\",\"\",\nVLOOKUP($C24,'2. Unit Testing Results'!$C$7:$BF$16,29,FALSE))","v":0.32},{"$f":"IF($B24=\"\",\"\",\nIF('2. Unit Testing Results'!$R40=0,'2. Unit Testing Results'!$G40,'2. Unit Testing Results'!$R40\n))","v":""},{"$f":"IF($B24=\"\",\"\",\nIF(AND('2. Unit Testing Results'!$W40=0,'2. Unit Testing Results'!$W40<>\"\"),'2. Unit Testing Results'!$H40,\nIF('2. Unit Testing Results'!$W40<>\"\",'2. Unit Testing Results'!$W40,\"\")))","v":""},{"$f":"IF($B24=\"\",\"\",\nVLOOKUP($C24,'2. Unit Testing Results'!$C$7:$BF$16,31,FALSE))","v":"Furnace"},{"$f":"IF($B24=\"\",\"\",\nVLOOKUP($C24,'2. Unit Testing Results'!$C$7:$BF$16,33,FALSE))","v":"NG"},{"$f":"IF($B24=\"\",\"\",\nVLOOKUP($C24,'2. Unit Testing Results'!$C$7:$BF$16,35,FALSE))","v":92},{"$f":"IF($B24=\"\",\"\",\nVLOOKUP($C24,'2. Unit Testing Results'!$C$7:$BF$16,37,FALSE))","v":"AFUE"},{"$f":"IF($B24=\"\",\"\",\nVLOOKUP($C24,'2. Unit Testing Results'!$C$7:$BF$16,38,FALSE))","v":"AC"},{"$f":"IF($B24=\"\",\"\",\nVLOOKUP($C24,'2. Unit Testing Results'!$C$7:$BF$16,39,FALSE))","v":"Electricity"},{"$f":"IF($B24=\"\",\"\",\nVLOOKUP($C24,'2. Unit Testing Results'!$C$7:$BF$16,41,FALSE))","v":9},{"$f":"IF($B24=\"\",\"\",\nVLOOKUP($C24,'2. Unit Testing Results'!$C$7:$BF$16,43,FALSE))","v":"SEER"},{"$f":"IF($B24=\"\",\"\",\nVLOOKUP($C24,'2. Unit Testing Results'!$C$7:$BF$16,45,FALSE))","v":"Storage"},{"$f":"IF($B24=\"\",\"\",\nVLOOKUP($C24,'2. Unit Testing Results'!$C$7:$BF$16,47,FALSE))","v":"Gas"},{"$f":"IF($B24=\"\",\"\",\nVLOOKUP($C24,'2. Unit Testing Results'!$C$7:$BF$16,49,FALSE))","v":0.98},{"$f":"IF($B24=\"\",\"\",\nVLOOKUP($C24,'2. Unit Testing Results'!$C$7:$BF$16,51,FALSE))","v":"Energy Recovery Ventilator (ERV)"},{"$f":"IF($B24=\"\",\"\",\nVLOOKUP($C24,'2. Unit Testing Results'!$C$7:$BF$16,52,FALSE))","v":90},{"$f":"IF($B24=\"\",\"\",\nVLOOKUP($C24,'2. Unit Testing Results'!$C$7:$BF$16,53,FALSE))","v":1},{"$f":"IF($B24=\"\",\"\",\nVLOOKUP($C24,'2. Unit Testing Results'!$C$7:$BF$16,54,FALSE))","v":0},{"$f":"IF($B24=\"\",\"\",\nVLOOKUP($C24,'2. Unit Testing Results'!$C$7:$BF$16,55,FALSE))","v":1},{"$f":"IF($B24=\"\",\"\",\nVLOOKUP($C24,'2. Unit Testing Results'!$C$7:$BF$16,56,FALSE))","v":1}]
[null,{"$f":"IF('2. Unit Testing Results'!$C41=\"\",\"\",'2. Unit Testing Results'!$C41)","v":207},{"$f":"IF('2. Unit Testing Results'!$D42=\"\",\"\",'2. Unit Testing Results'!$D42)","v":"B2"},{"$f":"IF('2. Unit Testing Results'!$E42=\"\",\"\",'2. Unit Testing Results'!$E42)","v":800},{"$f":"IF('2. Unit Testing Results'!$F42=\"\",\"\",'2. Unit Testing Results'!$F42)","v":3040},null,{"$f":"IF($B25=\"\",\"\",\nIF((('2. Unit Testing Results'!$Y41)*60)/((VLOOKUP($C25,'2. Unit Testing Results'!$C$7:$S$16,4,FALSE))*(VLOOKUP($C25,'2. Unit Testing Results'!$C$7:$S$16,6,FALSE)))=0,\n((('2. Unit Testing Results'!$I41)*60)/((VLOOKUP($C25,'2. Unit Testing Results'!$C$7:$S$16,4,FALSE))*(VLOOKUP($C25,'2. Unit Testing Results'!$C$7:$S$16,6,FALSE)))),\n((('2. Unit Testing Results'!$Y41)*60)/((VLOOKUP($C25,'2. Unit Testing Results'!$C$7:$S$16,4,FALSE))*(VLOOKUP($C25,'2. Unit Testing Results'!$C$7:$S$16,6,FALSE))))))","v":374.2},{"$f":"IF($B25=\"\",\"\",\nVLOOKUP($C25,'2. Unit Testing Results'!$C$7:$BF$16,20,FALSE))","v":19},{"$f":"IF($B25=\"\",\"\",\nVLOOKUP($C25,'2. Unit Testing Results'!$C$7:$BF$16,22,FALSE))","v":19},{"$f":"IF($B25=\"\",\"\",\nVLOOKUP($C25,'2. Unit Testing Results'!$C$7:$BF$16,24,FALSE))","v":0},{"$f":"IF($B25=\"\",\"\",\nVLOOKUP($C25,'2. Unit Testing Results'!$C$7:$BF$16,26,FALSE))","v":10},{"$f":"IF($B25=\"\",\"\",\nVLOOKUP($C25,'2. Unit Testing Results'!$C$7:$BF$16,27,FALSE))","v":0.3},{"$f":"IF($B25=\"\",\"\",\nVLOOKUP($C25,'2. Unit Testing Results'!$C$7:$BF$16,29,FALSE))","v":0.32},{"$f":"IF($B25=\"\",\"\",\nIF('2. Unit Testing Results'!$R41=0,'2. Unit Testing Results'!$G41,'2. Unit Testing Results'!$R41\n))","v":""},{"$f":"IF($B25=\"\",\"\",\nIF(AND('2. Unit Testing Results'!$W41=0,'2. Unit Testing Results'!$W41<>\"\"),'2. Unit Testing Results'!$H41,\nIF('2. Unit Testing Results'!$W41<>\"\",'2. Unit Testing Results'!$W41,\"\")))","v":""},{"$f":"IF($B25=\"\",\"\",\nVLOOKUP($C25,'2. Unit Testing Results'!$C$7:$BF$16,31,FALSE))","v":"Furnace"},{"$f":"IF($B25=\"\",\"\",\nVLOOKUP($C25,'2. Unit Testing Results'!$C$7:$BF$16,33,FALSE))","v":"NG"},{"$f":"IF($B25=\"\",\"\",\nVLOOKUP($C25,'2. Unit Testing Results'!$C$7:$BF$16,35,FALSE))","v":92.5},{"$f":"IF($B25=\"\",\"\",\nVLOOKUP($C25,'2. Unit Testing Results'!$C$7:$BF$16,37,FALSE))","v":"AFUE"},{"$f":"IF($B25=\"\",\"\",\nVLOOKUP($C25,'2. Unit Testing Results'!$C$7:$BF$16,38,FALSE))","v":"AC"},{"$f":"IF($B25=\"\",\"\",\nVLOOKUP($C25,'2. Unit Testing Results'!$C$7:$BF$16,39,FALSE))","v":"Electricity"},{"$f":"IF($B25=\"\",\"\",\nVLOOKUP($C25,'2. Unit Testing Results'!$C$7:$BF$16,41,FALSE))","v":10},{"$f":"IF($B25=\"\",\"\",\nVLOOKUP($C25,'2. Unit Testing Results'!$C$7:$BF$16,43,FALSE))","v":"SEER"},{"$f":"IF($B25=\"\",\"\",\nVLOOKUP($C25,'2. Unit Testing Results'!$C$7:$BF$16,45,FALSE))","v":"Storage"},{"$f":"IF($B25=\"\",\"\",\nVLOOKUP($C25,'2. Unit Testing Results'!$C$7:$BF$16,47,FALSE))","v":"Gas"},{"$f":"IF($B25=\"\",\"\",\nVLOOKUP($C25,'2. Unit Testing Results'!$C$7:$BF$16,49,FALSE))","v":0.98},{"$f":"IF($B25=\"\",\"\",\nVLOOKUP($C25,'2. Unit Testing Results'!$C$7:$BF$16,51,FALSE))","v":"Energy Recovery Ventilator (ERV)"},{"$f":"IF($B25=\"\",\"\",\nVLOOKUP($C25,'2. Unit Testing Results'!$C$7:$BF$16,52,FALSE))","v":90},{"$f":"IF($B25=\"\",\"\",\nVLOOKUP($C25,'2. Unit Testing Results'!$C$7:$BF$16,53,FALSE))","v":1},{"$f":"IF($B25=\"\",\"\",\nVLOOKUP($C25,'2. Unit Testing Results'!$C$7:$BF$16,54,FALSE))","v":0},{"$f":"IF($B25=\"\",\"\",\nVLOOKUP($C25,'2. Unit Testing Results'!$C$7:$BF$16,55,FALSE))","v":1},{"$f":"IF($B25=\"\",\"\",\nVLOOKUP($C25,'2. Unit Testing Results'!$C$7:$BF$16,56,FALSE))","v":1}]
[null,{"$f":"IF('2. Unit Testing Results'!$C42=\"\",\"\",'2. Unit Testing Results'!$C42)","v":208},{"$f":"IF('2. Unit Testing Results'!$D43=\"\",\"\",'2. Unit Testing Results'!$D43)","v":"A2"},{"$f":"IF('2. Unit Testing Results'!$E43=\"\",\"\",'2. Unit Testing Results'!$E43)","v":678},{"$f":"IF('2. Unit Testing Results'!$F43=\"\",\"\",'2. Unit Testing Results'!$F43)","v":2196},null,{"$f":"IF($B26=\"\",\"\",\nIF((('2. Unit Testing Results'!$Y42)*60)/((VLOOKUP($C26,'2. Unit Testing Results'!$C$7:$S$16,4,FALSE))*(VLOOKUP($C26,'2. Unit Testing Results'!$C$7:$S$16,6,FALSE)))=0,\n((('2. Unit Testing Results'!$I42)*60)/((VLOOKUP($C26,'2. Unit Testing Results'!$C$7:$S$16,4,FALSE))*(VLOOKUP($C26,'2. Unit Testing Results'!$C$7:$S$16,6,FALSE)))),\n((('2. Unit Testing Results'!$Y42)*60)/((VLOOKUP($C26,'2. Unit Testing Results'!$C$7:$S$16,4,FALSE))*(VLOOKUP($C26,'2. Unit Testing Results'!$C$7:$S$16,6,FALSE))))))","v":521.14285714285711},{"$f":"IF($B26=\"\",\"\",\nVLOOKUP($C26,'2. Unit Testing Results'!$C$7:$BF$16,20,FALSE))","v":19},{"$f":"IF($B26=\"\",\"\",\nVLOOKUP($C26,'2. Unit Testing Results'!$C$7:$BF$16,22,FALSE))","v":19},{"$f":"IF($B26=\"\",\"\",\nVLOOKUP($C26,'2. Unit Testing Results'!$C$7:$BF$16,24,FALSE))","v":6},{"$f":"IF($B26=\"\",\"\",\nVLOOKUP($C26,'2. Unit Testing Results'!$C$7:$BF$16,26,FALSE))","v":10},{"$f":"IF($B26=\"\",\"\",\nVLOOKUP($C26,'2. Unit Testing Results'!$C$7:$BF$16,27,FALSE))","v":0.3},{"$f":"IF($B26=\"\",\"\",\nVLOOKUP($C26,'2. Unit Testing Results'!$C$7:$BF$16,29,FALSE))","v":0.32},{"$f":"IF($B26=\"\",\"\",\nIF('2. Unit Testing Results'!$R42=0,'2. Unit Testing Results'!$G42,'2. Unit Testing Results'!$R42\n))","v":""},{"$f":"IF($B26=\"\",\"\",\nIF(AND('2. Unit Testing Results'!$W42=0,'2. Unit Testing Results'!$W42<>\"\"),'2. Unit Testing Results'!$H42,\nIF('2. Unit Testing Results'!$W42<>\"\",'2. Unit Testing Results'!$W42,\"\")))","v":""},{"$f":"IF($B26=\"\",\"\",\nVLOOKUP($C26,'2. Unit Testing Results'!$C$7:$BF$16,31,FALSE))","v":"Furnace"},{"$f":"IF($B26=\"\",\"\",\nVLOOKUP($C26,'2. Unit Testing Results'!$C$7:$BF$16,33,FALSE))","v":"NG"},{"$f":"IF($B26=\"\",\"\",\nVLOOKUP($C26,'2. Unit Testing Results'!$C$7:$BF$16,35,FALSE))","v":92.5},{"$f":"IF($B26=\"\",\"\",\nVLOOKUP($C26,'2. Unit Testing Results'!$C$7:$BF$16,37,FALSE))","v":"AFUE"},{"$f":"IF($B26=\"\",\"\",\nVLOOKUP($C26,'2. Unit Testing Results'!$C$7:$BF$16,38,FALSE))","v":"AC"},{"$f":"IF($B26=\"\",\"\",\nVLOOKUP($C26,'2. Unit Testing Results'!$C$7:$BF$16,39,FALSE))","v":"Electricity"},{"$f":"IF($B26=\"\",\"\",\nVLOOKUP($C26,'2. Unit Testing Results'!$C$7:$BF$16,41,FALSE))","v":9},{"$f":"IF($B26=\"\",\"\",\nVLOOKUP($C26,'2. Unit Testing Results'!$C$7:$BF$16,43,FALSE))","v":"SEER"},{"$f":"IF($B26=\"\",\"\",\nVLOOKUP($C26,'2. Unit Testing Results'!$C$7:$BF$16,45,FALSE))","v":"Storage"},{"$f":"IF($B26=\"\",\"\",\nVLOOKUP($C26,'2. Unit Testing Results'!$C$7:$BF$16,47,FALSE))","v":"Gas"},{"$f":"IF($B26=\"\",\"\",\nVLOOKUP($C26,'2. Unit Testing Results'!$C$7:$BF$16,49,FALSE))","v":0.98},{"$f":"IF($B26=\"\",\"\",\nVLOOKUP($C26,'2. Unit Testing Results'!$C$7:$BF$16,51,FALSE))","v":"Exhaust-only"},{"$f":"IF($B26=\"\",\"\",\nVLOOKUP($C26,'2. Unit Testing Results'!$C$7:$BF$16,52,FALSE))","v":90},{"$f":"IF($B26=\"\",\"\",\nVLOOKUP($C26,'2. Unit Testing Results'!$C$7:$BF$16,53,FALSE))","v":1},{"$f":"IF($B26=\"\",\"\",\nVLOOKUP($C26,'2. Unit Testing Results'!$C$7:$BF$16,54,FALSE))","v":0},{"$f":"IF($B26=\"\",\"\",\nVLOOKUP($C26,'2. Unit Testing Results'!$C$7:$BF$16,55,FALSE))","v":1},{"$f":"IF($B26=\"\",\"\",\nVLOOKUP($C26,'2. Unit Testing Results'!$C$7:$BF$16,56,FALSE))","v":1}]
[null,{"$f":"IF('2. Unit Testing Results'!$C43=\"\",\"\",'2. Unit Testing Results'!$C43)","v":209},{"$f":"IF('2. Unit Testing Results'!$D44=\"\",\"\",'2. Unit Testing Results'!$D44)","v":"A2"},{"$f":"IF('2. Unit Testing Results'!$E44=\"\",\"\",'2. Unit Testing Results'!$E44)","v":678},{"$f":"IF('2. Unit Testing Results'!$F44=\"\",\"\",'2. Unit Testing Results'!$F44)","v":2196},null,{"$f":"IF($B27=\"\",\"\",\nIF((('2. Unit Testing Results'!$Y43)*60)/((VLOOKUP($C27,'2. Unit Testing Results'!$C$7:$S$16,4,FALSE))*(VLOOKUP($C27,'2. Unit Testing Results'!$C$7:$S$16,6,FALSE)))=0,\n((('2. Unit Testing Results'!$I43)*60)/((VLOOKUP($C27,'2. Unit Testing Results'!$C$7:$S$16,4,FALSE))*(VLOOKUP($C27,'2. Unit Testing Results'!$C$7:$S$16,6,FALSE)))),\n((('2. Unit Testing Results'!$Y43)*60)/((VLOOKUP($C27,'2. Unit Testing Results'!$C$7:$S$16,4,FALSE))*(VLOOKUP($C27,'2. Unit Testing Results'!$C$7:$S$16,6,FALSE))))))","v":376.45714285714286},{"$f":"IF($B27=\"\",\"\",\nVLOOKUP($C27,'2. Unit Testing Results'!$C$7:$BF$16,20,FALSE))","v":19},{"$f":"IF($B27=\"\",\"\",\nVLOOKUP($C27,'2. Unit Testing Results'!$C$7:$BF$16,22,FALSE))","v":19},{"$f":"IF($B27=\"\",\"\",\nVLOOKUP($C27,'2. Unit Testing Results'!$C$7:$BF$16,24,FALSE))","v":6},{"$f":"IF($B27=\"\",\"\",\nVLOOKUP($C27,'2. Unit Testing Results'!$C$7:$BF$16,26,FALSE))","v":10},{"$f":"IF($B27=\"\",\"\",\nVLOOKUP($C27,'2. Unit Testing Results'!$C$7:$BF$16,27,FALSE))","v":0.3},{"$f":"IF($B27=\"\",\"\",\nVLOOKUP($C27,'2. Unit Testing Results'!$C$7:$BF$16,29,FALSE))","v":0.32},{"$f":"IF($B27=\"\",\"\",\nIF('2. Unit Testing Results'!$R43=0,'2. Unit Testing Results'!$G43,'2. Unit Testing Results'!$R43\n))","v":""},{"$f":"IF($B27=\"\",\"\",\nIF(AND('2. Unit Testing Results'!$W43=0,'2. Unit Testing Results'!$W43<>\"\"),'2. Unit Testing Results'!$H43,\nIF('2. Unit Testing Results'!$W43<>\"\",'2. Unit Testing Results'!$W43,\"\")))","v":""},{"$f":"IF($B27=\"\",\"\",\nVLOOKUP($C27,'2. Unit Testing Results'!$C$7:$BF$16,31,FALSE))","v":"Furnace"},{"$f":"IF($B27=\"\",\"\",\nVLOOKUP($C27,'2. Unit Testing Results'!$C$7:$BF$16,33,FALSE))","v":"NG"},{"$f":"IF($B27=\"\",\"\",\nVLOOKUP($C27,'2. Unit Testing Results'!$C$7:$BF$16,35,FALSE))","v":92.5},{"$f":"IF($B27=\"\",\"\",\nVLOOKUP($C27,'2. Unit Testing Results'!$C$7:$BF$16,37,FALSE))","v":"AFUE"},{"$f":"IF($B27=\"\",\"\",\nVLOOKUP($C27,'2. Unit Testing Results'!$C$7:$BF$16,38,FALSE))","v":"AC"},{"$f":"IF($B27=\"\",\"\",\nVLOOKUP($C27,'2. Unit Testing Results'!$C$7:$BF$16,39,FALSE))","v":"Electricity"},{"$f":"IF($B27=\"\",\"\",\nVLOOKUP($C27,'2. Unit Testing Results'!$C$7:$BF$16,41,FALSE))","v":9},{"$f":"IF($B27=\"\",\"\",\nVLOOKUP($C27,'2. Unit Testing Results'!$C$7:$BF$16,43,FALSE))","v":"SEER"},{"$f":"IF($B27=\"\",\"\",\nVLOOKUP($C27,'2. Unit Testing Results'!$C$7:$BF$16,45,FALSE))","v":"Storage"},{"$f":"IF($B27=\"\",\"\",\nVLOOKUP($C27,'2. Unit Testing Results'!$C$7:$BF$16,47,FALSE))","v":"Gas"},{"$f":"IF($B27=\"\",\"\",\nVLOOKUP($C27,'2. Unit Testing Results'!$C$7:$BF$16,49,FALSE))","v":0.98},{"$f":"IF($B27=\"\",\"\",\nVLOOKUP($C27,'2. Unit Testing Results'!$C$7:$BF$16,51,FALSE))","v":"Exhaust-only"},{"$f":"IF($B27=\"\",\"\",\nVLOOKUP($C27,'2. Unit Testing Results'!$C$7:$BF$16,52,FALSE))","v":90},{"$f":"IF($B27=\"\",\"\",\nVLOOKUP($C27,'2. Unit Testing Results'!$C$7:$BF$16,53,FALSE))","v":1},{"$f":"IF($B27=\"\",\"\",\nVLOOKUP($C27,'2. Unit Testing Results'!$C$7:$BF$16,54,FALSE))","v":0},{"$f":"IF($B27=\"\",\"\",\nVLOOKUP($C27,'2. Unit Testing Results'!$C$7:$BF$16,55,FALSE))","v":1},{"$f":"IF($B27=\"\",\"\",\nVLOOKUP($C27,'2. Unit Testing Results'!$C$7:$BF$16,56,FALSE))","v":1}]
[null,{"$f":"IF('2. Unit Testing Results'!$C44=\"\",\"\",'2. Unit Testing Results'!$C44)","v":210},{"$f":"IF('2. Unit Testing Results'!$D45=\"\",\"\",'2. Unit Testing Results'!$D45)","v":"A1"},{"$f":"IF('2. Unit Testing Results'!$E45=\"\",\"\",'2. Unit Testing Results'!$E45)","v":515},{"$f":"IF('2. Unit Testing Results'!$F45=\"\",\"\",'2. Unit Testing Results'!$F45)","v":1990},null,{"$f":"IF($B28=\"\",\"\",\nIF((('2. Unit Testing Results'!$Y44)*60)/((VLOOKUP($C28,'2. Unit Testing Results'!$C$7:$S$16,4,FALSE))*(VLOOKUP($C28,'2. Unit Testing Results'!$C$7:$S$16,6,FALSE)))=0,\n((('2. Unit Testing Results'!$I44)*60)/((VLOOKUP($C28,'2. Unit Testing Results'!$C$7:$S$16,4,FALSE))*(VLOOKUP($C28,'2. Unit Testing Results'!$C$7:$S$16,6,FALSE)))),\n((('2. Unit Testing Results'!$Y44)*60)/((VLOOKUP($C28,'2. Unit Testing Results'!$C$7:$S$16,4,FALSE))*(VLOOKUP($C28,'2. Unit Testing Results'!$C$7:$S$16,6,FALSE))))))","v":329.4},{"$f":"IF($B28=\"\",\"\",\nVLOOKUP($C28,'2. Unit Testing Results'!$C$7:$BF$16,20,FALSE))","v":38},{"$f":"IF($B28=\"\",\"\",\nVLOOKUP($C28,'2. Unit Testing Results'!$C$7:$BF$16,22,FALSE))","v":19},{"$f":"IF($B28=\"\",\"\",\nVLOOKUP($C28,'2. Unit Testing Results'!$C$7:$BF$16,24,FALSE))","v":30},{"$f":"IF($B28=\"\",\"\",\nVLOOKUP($C28,'2. Unit Testing Results'!$C$7:$BF$16,26,FALSE))","v":10},{"$f":"IF($B28=\"\",\"\",\nVLOOKUP($C28,'2. Unit Testing Results'!$C$7:$BF$16,27,FALSE))","v":0.3},{"$f":"IF($B28=\"\",\"\",\nVLOOKUP($C28,'2. Unit Testing Results'!$C$7:$BF$16,29,FALSE))","v":0.32},{"$f":"IF($B28=\"\",\"\",\nIF('2. Unit Testing Results'!$R44=0,'2. Unit Testing Results'!$G44,'2. Unit Testing Results'!$R44\n))","v":""},{"$f":"IF($B28=\"\",\"\",\nIF(AND('2. Unit Testing Results'!$W44=0,'2. Unit Testing Results'!$W44<>\"\"),'2. Unit Testing Results'!$H44,\nIF('2. Unit Testing Results'!$W44<>\"\",'2. Unit Testing Results'!$W44,\"\")))","v":""},{"$f":"IF($B28=\"\",\"\",\nVLOOKUP($C28,'2. Unit Testing Results'!$C$7:$BF$16,31,FALSE))","v":"Furnace"},{"$f":"IF($B28=\"\",\"\",\nVLOOKUP($C28,'2. Unit Testing Results'!$C$7:$BF$16,33,FALSE))","v":"NG"},{"$f":"IF($B28=\"\",\"\",\nVLOOKUP($C28,'2. Unit Testing Results'!$C$7:$BF$16,35,FALSE))","v":92.5},{"$f":"IF($B28=\"\",\"\",\nVLOOKUP($C28,'2. Unit Testing Results'!$C$7:$BF$16,37,FALSE))","v":"AFUE"},{"$f":"IF($B28=\"\",\"\",\nVLOOKUP($C28,'2. Unit Testing Results'!$C$7:$BF$16,38,FALSE))","v":"AC"},{"$f":"IF($B28=\"\",\"\",\nVLOOKUP($C28,'2. Unit Testing Results'!$C$7:$BF$16,39,FALSE))","v":"Electricity"},{"$f":"IF($B28=\"\",\"\",\nVLOOKUP($C28,'2. Unit Testing Results'!$C$7:$BF$16,41,FALSE))","v":9},{"$f":"IF($B28=\"\",\"\",\nVLOOKUP($C28,'2. Unit Testing Results'!$C$7:$BF$16,43,FALSE))","v":"SEER"},{"$f":"IF($B28=\"\",\"\",\nVLOOKUP($C28,'2. Unit Testing Results'!$C$7:$BF$16,45,FALSE))","v":"Storage"},{"$f":"IF($B28=\"\",\"\",\nVLOOKUP($C28,'2. Unit Testing Results'!$C$7:$BF$16,47,FALSE))","v":"Gas"},{"$f":"IF($B28=\"\",\"\",\nVLOOKUP($C28,'2. Unit Testing Results'!$C$7:$BF$16,49,FALSE))","v":0.98},{"$f":"IF($B28=\"\",\"\",\nVLOOKUP($C28,'2. Unit Testing Results'!$C$7:$BF$16,51,FALSE))","v":"Supply-only"},{"$f":"IF($B28=\"\",\"\",\nVLOOKUP($C28,'2. Unit Testing Results'!$C$7:$BF$16,52,FALSE))","v":90},{"$f":"IF($B28=\"\",\"\",\nVLOOKUP($C28,'2. Unit Testing Results'!$C$7:$BF$16,53,FALSE))","v":1},{"$f":"IF($B28=\"\",\"\",\nVLOOKUP($C28,'2. Unit Testing Results'!$C$7:$BF$16,54,FALSE))","v":1},{"$f":"IF($B28=\"\",\"\",\nVLOOKUP($C28,'2. Unit Testing Results'!$C$7:$BF$16,55,FALSE))","v":1},{"$f":"IF($B28=\"\",\"\",\nVLOOKUP($C28,'2. Unit Testing Results'!$C$7:$BF$16,56,FALSE))","v":1}]
[null,{"$f":"IF('2. Unit Testing Results'!$C45=\"\",\"\",'2. Unit Testing Results'!$C45)","v":301},{"$f":"IF('2. Unit Testing Results'!$D46=\"\",\"\",'2. Unit Testing Results'!$D46)","v":"B3"},{"$f":"IF('2. Unit Testing Results'!$E46=\"\",\"\",'2. Unit Testing Results'!$E46)","v":815},{"$f":"IF('2. Unit Testing Results'!$F46=\"\",\"\",'2. Unit Testing Results'!$F46)","v":3742},null,{"$f":"IF($B29=\"\",\"\",\nIF((('2. Unit Testing Results'!$Y45)*60)/((VLOOKUP($C29,'2. Unit Testing Results'!$C$7:$S$16,4,FALSE))*(VLOOKUP($C29,'2. Unit Testing Results'!$C$7:$S$16,6,FALSE)))=0,\n((('2. Unit Testing Results'!$I45)*60)/((VLOOKUP($C29,'2. Unit Testing Results'!$C$7:$S$16,4,FALSE))*(VLOOKUP($C29,'2. Unit Testing Results'!$C$7:$S$16,6,FALSE)))),\n((('2. Unit Testing Results'!$Y45)*60)/((VLOOKUP($C29,'2. Unit Testing Results'!$C$7:$S$16,4,FALSE))*(VLOOKUP($C29,'2. Unit Testing Results'!$C$7:$S$16,6,FALSE))))))","v":93.28125},{"$f":"IF($B29=\"\",\"\",\nVLOOKUP($C29,'2. Unit Testing Results'!$C$7:$BF$16,20,FALSE))","v":38},{"$f":"IF($B29=\"\",\"\",\nVLOOKUP($C29,'2. Unit Testing Results'!$C$7:$BF$16,22,FALSE))","v":19},{"$f":"IF($B29=\"\",\"\",\nVLOOKUP($C29,'2. Unit Testing Results'!$C$7:$BF$16,24,FALSE))","v":0},{"$f":"IF($B29=\"\",\"\",\nVLOOKUP($C29,'2. Unit Testing Results'!$C$7:$BF$16,26,FALSE))","v":10},{"$f":"IF($B29=\"\",\"\",\nVLOOKUP($C29,'2. Unit Testing Results'!$C$7:$BF$16,27,FALSE))","v":0.3},{"$f":"IF($B29=\"\",\"\",\nVLOOKUP($C29,'2. Unit Testing Results'!$C$7:$BF$16,29,FALSE))","v":0.32},{"$f":"IF($B29=\"\",\"\",\nIF('2. Unit Testing Results'!$R45=0,'2. Unit Testing Results'!$G45,'2. Unit Testing Results'!$R45\n))","v":""},{"$f":"IF($B29=\"\",\"\",\nIF(AND('2. Unit Testing Results'!$W45=0,'2. Unit Testing Results'!$W45<>\"\"),'2. Unit Testing Results'!$H45,\nIF('2. Unit Testing Results'!$W45<>\"\",'2. Unit Testing Results'!$W45,\"\")))","v":""},{"$f":"IF($B29=\"\",\"\",\nVLOOKUP($C29,'2. Unit Testing Results'!$C$7:$BF$16,31,FALSE))","v":"Furnace"},{"$f":"IF($B29=\"\",\"\",\nVLOOKUP($C29,'2. Unit Testing Results'!$C$7:$BF$16,33,FALSE))","v":"NG"},{"$f":"IF($B29=\"\",\"\",\nVLOOKUP($C29,'2. Unit Testing Results'!$C$7:$BF$16,35,FALSE))","v":92},{"$f":"IF($B29=\"\",\"\",\nVLOOKUP($C29,'2. Unit Testing Results'!$C$7:$BF$16,37,FALSE))","v":"AFUE"},{"$f":"IF($B29=\"\",\"\",\nVLOOKUP($C29,'2. Unit Testing Results'!$C$7:$BF$16,38,FALSE))","v":"AC"},{"$f":"IF($B29=\"\",\"\",\nVLOOKUP($C29,'2. Unit Testing Results'!$C$7:$BF$16,39,FALSE))","v":"Electricity"},{"$f":"IF($B29=\"\",\"\",\nVLOOKUP($C29,'2. Unit Testing Results'!$C$7:$BF$16,41,FALSE))","v":9},{"$f":"IF($B29=\"\",\"\",\nVLOOKUP($C29,'2. Unit Testing Results'!$C$7:$BF$16,43,FALSE))","v":"SEER"},{"$f":"IF($B29=\"\",\"\",\nVLOOKUP($C29,'2. Unit Testing Results'!$C$7:$BF$16,45,FALSE))","v":"Storage"},{"$f":"IF($B29=\"\",\"\",\nVLOOKUP($C29,'2. Unit Testing Results'!$C$7:$BF$16,47,FALSE))","v":"Gas"},{"$f":"IF($B29=\"\",\"\",\nVLOOKUP($C29,'2. Unit Testing Results'!$C$7:$BF$16,49,FALSE))","v":0.98},{"$f":"IF($B29=\"\",\"\",\nVLOOKUP($C29,'2. Unit Testing Results'!$C$7:$BF$16,51,FALSE))","v":"Energy Recovery Ventilator (ERV)"},{"$f":"IF($B29=\"\",\"\",\nVLOOKUP($C29,'2. Unit Testing Results'!$C$7:$BF$16,52,FALSE))","v":90},{"$f":"IF($B29=\"\",\"\",\nVLOOKUP($C29,'2. Unit Testing Results'!$C$7:$BF$16,53,FALSE))","v":1},{"$f":"IF($B29=\"\",\"\",\nVLOOKUP($C29,'2. Unit Testing Results'!$C$7:$BF$16,54,FALSE))","v":0},{"$f":"IF($B29=\"\",\"\",\nVLOOKUP($C29,'2. Unit Testing Results'!$C$7:$BF$16,55,FALSE))","v":1},{"$f":"IF($B29=\"\",\"\",\nVLOOKUP($C29,'2. Unit Testing Results'!$C$7:$BF$16,56,FALSE))","v":1}]
[null,{"$f":"IF('2. Unit Testing Results'!$C46=\"\",\"\",'2. Unit Testing Results'!$C46)","v":302},{"$f":"IF('2. Unit Testing Results'!$D47=\"\",\"\",'2. Unit Testing Results'!$D47)","v":"S1"},{"$f":"IF('2. Unit Testing Results'!$E47=\"\",\"\",'2. Unit Testing Results'!$E47)","v":500},{"$f":"IF('2. Unit Testing Results'!$F47=\"\",\"\",'2. Unit Testing Results'!$F47)","v":3024},null,{"$f":"IF($B30=\"\",\"\",\nIF((('2. Unit Testing Results'!$Y46)*60)/((VLOOKUP($C30,'2. Unit Testing Results'!$C$7:$S$16,4,FALSE))*(VLOOKUP($C30,'2. Unit Testing Results'!$C$7:$S$16,6,FALSE)))=0,\n((('2. Unit Testing Results'!$I46)*60)/((VLOOKUP($C30,'2. Unit Testing Results'!$C$7:$S$16,4,FALSE))*(VLOOKUP($C30,'2. Unit Testing Results'!$C$7:$S$16,6,FALSE)))),\n((('2. Unit Testing Results'!$Y46)*60)/((VLOOKUP($C30,'2. Unit Testing Results'!$C$7:$S$16,4,FALSE))*(VLOOKUP($C30,'2. Unit Testing Results'!$C$7:$S$16,6,FALSE))))))","v":366.06521739130437},{"$f":"IF($B30=\"\",\"\",\nVLOOKUP($C30,'2. Unit Testing Results'!$C$7:$BF$16,20,FALSE))","v":19},{"$f":"IF($B30=\"\",\"\",\nVLOOKUP($C30,'2. Unit Testing Results'!$C$7:$BF$16,22,FALSE))","v":19},{"$f":"IF($B30=\"\",\"\",\nVLOOKUP($C30,'2. Unit Testing Results'!$C$7:$BF$16,24,FALSE))","v":8},{"$f":"IF($B30=\"\",\"\",\nVLOOKUP($C30,'2. Unit Testing Results'!$C$7:$BF$16,26,FALSE))","v":10},{"$f":"IF($B30=\"\",\"\",\nVLOOKUP($C30,'2. Unit Testing Results'!$C$7:$BF$16,27,FALSE))","v":0.3},{"$f":"IF($B30=\"\",\"\",\nVLOOKUP($C30,'2. Unit Testing Results'!$C$7:$BF$16,29,FALSE))","v":0.32},{"$f":"IF($B30=\"\",\"\",\nIF('2. Unit Testing Results'!$R46=0,'2. Unit Testing Results'!$G46,'2. Unit Testing Results'!$R46\n))","v":""},{"$f":"IF($B30=\"\",\"\",\nIF(AND('2. Unit Testing Results'!$W46=0,'2. Unit Testing Results'!$W46<>\"\"),'2. Unit Testing Results'!$H46,\nIF('2. Unit Testing Results'!$W46<>\"\",'2. Unit Testing Results'!$W46,\"\")))","v":""},{"$f":"IF($B30=\"\",\"\",\nVLOOKUP($C30,'2. Unit Testing Results'!$C$7:$BF$16,31,FALSE))","v":"Furnace"},{"$f":"IF($B30=\"\",\"\",\nVLOOKUP($C30,'2. Unit Testing Results'!$C$7:$BF$16,33,FALSE))","v":"NG"},{"$f":"IF($B30=\"\",\"\",\nVLOOKUP($C30,'2. Unit Testing Results'!$C$7:$BF$16,35,FALSE))","v":92.5},{"$f":"IF($B30=\"\",\"\",\nVLOOKUP($C30,'2. Unit Testing Results'!$C$7:$BF$16,37,FALSE))","v":"AFUE"},{"$f":"IF($B30=\"\",\"\",\nVLOOKUP($C30,'2. Unit Testing Results'!$C$7:$BF$16,38,FALSE))","v":"AC"},{"$f":"IF($B30=\"\",\"\",\nVLOOKUP($C30,'2. Unit Testing Results'!$C$7:$BF$16,39,FALSE))","v":"Electricity"},{"$f":"IF($B30=\"\",\"\",\nVLOOKUP($C30,'2. Unit Testing Results'!$C$7:$BF$16,41,FALSE))","v":9},{"$f":"IF($B30=\"\",\"\",\nVLOOKUP($C30,'2. Unit Testing Results'!$C$7:$BF$16,43,FALSE))","v":"SEER"},{"$f":"IF($B30=\"\",\"\",\nVLOOKUP($C30,'2. Unit Testing Results'!$C$7:$BF$16,45,FALSE))","v":"Storage"},{"$f":"IF($B30=\"\",\"\",\nVLOOKUP($C30,'2. Unit Testing Results'!$C$7:$BF$16,47,FALSE))","v":"Gas"},{"$f":"IF($B30=\"\",\"\",\nVLOOKUP($C30,'2. Unit Testing Results'!$C$7:$BF$16,49,FALSE))","v":0.98},{"$f":"IF($B30=\"\",\"\",\nVLOOKUP($C30,'2. Unit Testing Results'!$C$7:$BF$16,51,FALSE))","v":"Balanced"},{"$f":"IF($B30=\"\",\"\",\nVLOOKUP($C30,'2. Unit Testing Results'!$C$7:$BF$16,52,FALSE))","v":90},{"$f":"IF($B30=\"\",\"\",\nVLOOKUP($C30,'2. Unit Testing Results'!$C$7:$BF$16,53,FALSE))","v":1},{"$f":"IF($B30=\"\",\"\",\nVLOOKUP($C30,'2. Unit Testing Results'!$C$7:$BF$16,54,FALSE))","v":0},{"$f":"IF($B30=\"\",\"\",\nVLOOKUP($C30,'2. Unit Testing Results'!$C$7:$BF$16,55,FALSE))","v":1},{"$f":"IF($B30=\"\",\"\",\nVLOOKUP($C30,'2. Unit Testing Results'!$C$7:$BF$16,56,FALSE))","v":1}]
[null,{"$f":"IF('2. Unit Testing Results'!$C47=\"\",\"\",'2. Unit Testing Results'!$C47)","v":303},{"$f":"IF('2. Unit Testing Results'!$D48=\"\",\"\",'2. Unit Testing Results'!$D48)","v":"B4"},{"$f":"IF('2. Unit Testing Results'!$E48=\"\",\"\",'2. Unit Testing Results'!$E48)","v":1800},{"$f":"IF('2. Unit Testing Results'!$F48=\"\",\"\",'2. Unit Testing Results'!$F48)","v":6141},null,{"$f":"IF($B31=\"\",\"\",\nIF((('2. Unit Testing Results'!$Y47)*60)/((VLOOKUP($C31,'2. Unit Testing Results'!$C$7:$S$16,4,FALSE))*(VLOOKUP($C31,'2. Unit Testing Results'!$C$7:$S$16,6,FALSE)))=0,\n((('2. Unit Testing Results'!$I47)*60)/((VLOOKUP($C31,'2. Unit Testing Results'!$C$7:$S$16,4,FALSE))*(VLOOKUP($C31,'2. Unit Testing Results'!$C$7:$S$16,6,FALSE)))),\n((('2. Unit Testing Results'!$Y47)*60)/((VLOOKUP($C31,'2. Unit Testing Results'!$C$7:$S$16,4,FALSE))*(VLOOKUP($C31,'2. Unit Testing Results'!$C$7:$S$16,6,FALSE))))))","v":1.948051948051948},{"$f":"IF($B31=\"\",\"\",\nVLOOKUP($C31,'2. Unit Testing Results'!$C$7:$BF$16,20,FALSE))","v":38},{"$f":"IF($B31=\"\",\"\",\nVLOOKUP($C31,'2. Unit Testing Results'!$C$7:$BF$16,22,FALSE))","v":19},{"$f":"IF($B31=\"\",\"\",\nVLOOKUP($C31,'2. Unit Testing Results'!$C$7:$BF$16,24,FALSE))","v":0},{"$f":"IF($B31=\"\",\"\",\nVLOOKUP($C31,'2. Unit Testing Results'!$C$7:$BF$16,26,FALSE))","v":10},{"$f":"IF($B31=\"\",\"\",\nVLOOKUP($C31,'2. Unit Testing Results'!$C$7:$BF$16,27,FALSE))","v":0.3},{"$f":"IF($B31=\"\",\"\",\nVLOOKUP($C31,'2. Unit Testing Results'!$C$7:$BF$16,29,FALSE))","v":0.32},{"$f":"IF($B31=\"\",\"\",\nIF('2. Unit Testing Results'!$R47=0,'2. Unit Testing Results'!$G47,'2. Unit Testing Results'!$R47\n))","v":40},{"$f":"IF($B31=\"\",\"\",\nIF(AND('2. Unit Testing Results'!$W47=0,'2. Unit Testing Results'!$W47<>\"\"),'2. Unit Testing Results'!$H47,\nIF('2. Unit Testing Results'!$W47<>\"\",'2. Unit Testing Results'!$W47,\"\")))","v":""},{"$f":"IF($B31=\"\",\"\",\nVLOOKUP($C31,'2. Unit Testing Results'!$C$7:$BF$16,31,FALSE))","v":"Furnace"},{"$f":"IF($B31=\"\",\"\",\nVLOOKUP($C31,'2. Unit Testing Results'!$C$7:$BF$16,33,FALSE))","v":"NG"},{"$f":"IF($B31=\"\",\"\",\nVLOOKUP($C31,'2. Unit Testing Results'!$C$7:$BF$16,35,FALSE))","v":92},{"$f":"IF($B31=\"\",\"\",\nVLOOKUP($C31,'2. Unit Testing Results'!$C$7:$BF$16,37,FALSE))","v":"AFUE"},{"$f":"IF($B31=\"\",\"\",\nVLOOKUP($C31,'2. Unit Testing Results'!$C$7:$BF$16,38,FALSE))","v":"AC"},{"$f":"IF($B31=\"\",\"\",\nVLOOKUP($C31,'2. Unit Testing Results'!$C$7:$BF$16,39,FALSE))","v":"Electricity"},{"$f":"IF($B31=\"\",\"\",\nVLOOKUP($C31,'2. Unit Testing Results'!$C$7:$BF$16,41,FALSE))","v":9},{"$f":"IF($B31=\"\",\"\",\nVLOOKUP($C31,'2. Unit Testing Results'!$C$7:$BF$16,43,FALSE))","v":"SEER"},{"$f":"IF($B31=\"\",\"\",\nVLOOKUP($C31,'2. Unit Testing Results'!$C$7:$BF$16,45,FALSE))","v":"Storage"},{"$f":"IF($B31=\"\",\"\",\nVLOOKUP($C31,'2. Unit Testing Results'!$C$7:$BF$16,47,FALSE))","v":"Gas"},{"$f":"IF($B31=\"\",\"\",\nVLOOKUP($C31,'2. Unit Testing Results'!$C$7:$BF$16,49,FALSE))","v":0.98},{"$f":"IF($B31=\"\",\"\",\nVLOOKUP($C31,'2. Unit Testing Results'!$C$7:$BF$16,51,FALSE))","v":"Heat Recovery Ventilator (HRV)"},{"$f":"IF($B31=\"\",\"\",\nVLOOKUP($C31,'2. Unit Testing Results'!$C$7:$BF$16,52,FALSE))","v":90},{"$f":"IF($B31=\"\",\"\",\nVLOOKUP($C31,'2. Unit Testing Results'!$C$7:$BF$16,53,FALSE))","v":1},{"$f":"IF($B31=\"\",\"\",\nVLOOKUP($C31,'2. Unit Testing Results'!$C$7:$BF$16,54,FALSE))","v":1},{"$f":"IF($B31=\"\",\"\",\nVLOOKUP($C31,'2. Unit Testing Results'!$C$7:$BF$16,55,FALSE))","v":1},{"$f":"IF($B31=\"\",\"\",\nVLOOKUP($C31,'2. Unit Testing Results'!$C$7:$BF$16,56,FALSE))","v":2}]
[null,{"$f":"IF('2. Unit Testing Results'!$C48=\"\",\"\",'2. Unit Testing Results'!$C48)","v":304},{"$f":"IF('2. Unit Testing Results'!$D49=\"\",\"\",'2. Unit Testing Results'!$D49)","v":"S1"},{"$f":"IF('2. Unit Testing Results'!$E49=\"\",\"\",'2. Unit Testing Results'!$E49)","v":500},{"$f":"IF('2. Unit Testing Results'!$F49=\"\",\"\",'2. Unit Testing Results'!$F49)","v":3024},null,{"$f":"IF($B32=\"\",\"\",\nIF((('2. Unit Testing Results'!$Y48)*60)/((VLOOKUP($C32,'2. Unit Testing Results'!$C$7:$S$16,4,FALSE))*(VLOOKUP($C32,'2. Unit Testing Results'!$C$7:$S$16,6,FALSE)))=0,\n((('2. Unit Testing Results'!$I48)*60)/((VLOOKUP($C32,'2. Unit Testing Results'!$C$7:$S$16,4,FALSE))*(VLOOKUP($C32,'2. Unit Testing Results'!$C$7:$S$16,6,FALSE)))),\n((('2. Unit Testing Results'!$Y48)*60)/((VLOOKUP($C32,'2. Unit Testing Results'!$C$7:$S$16,4,FALSE))*(VLOOKUP($C32,'2. Unit Testing Results'!$C$7:$S$16,6,FALSE))))))","v":600.75},{"$f":"IF($B32=\"\",\"\",\nVLOOKUP($C32,'2. Unit Testing Results'!$C$7:$BF$16,20,FALSE))","v":19},{"$f":"IF($B32=\"\",\"\",\nVLOOKUP($C32,'2. Unit Testing Results'!$C$7:$BF$16,22,FALSE))","v":19},{"$f":"IF($B32=\"\",\"\",\nVLOOKUP($C32,'2. Unit Testing Results'!$C$7:$BF$16,24,FALSE))","v":8},{"$f":"IF($B32=\"\",\"\",\nVLOOKUP($C32,'2. Unit Testing Results'!$C$7:$BF$16,26,FALSE))","v":10},{"$f":"IF($B32=\"\",\"\",\nVLOOKUP($C32,'2. Unit Testing Results'!$C$7:$BF$16,27,FALSE))","v":0.3},{"$f":"IF($B32=\"\",\"\",\nVLOOKUP($C32,'2. Unit Testing Results'!$C$7:$BF$16,29,FALSE))","v":0.32},{"$f":"IF($B32=\"\",\"\",\nIF('2. Unit Testing Results'!$R48=0,'2. Unit Testing Results'!$G48,'2. Unit Testing Results'!$R48\n))","v":""},{"$f":"IF($B32=\"\",\"\",\nIF(AND('2. Unit Testing Results'!$W48=0,'2. Unit Testing Results'!$W48<>\"\"),'2. Unit Testing Results'!$H48,\nIF('2. Unit Testing Results'!$W48<>\"\",'2. Unit Testing Results'!$W48,\"\")))","v":""},{"$f":"IF($B32=\"\",\"\",\nVLOOKUP($C32,'2. Unit Testing Results'!$C$7:$BF$16,31,FALSE))","v":"Furnace"},{"$f":"IF($B32=\"\",\"\",\nVLOOKUP($C32,'2. Unit Testing Results'!$C$7:$BF$16,33,FALSE))","v":"NG"},{"$f":"IF($B32=\"\",\"\",\nVLOOKUP($C32,'2. Unit Testing Results'!$C$7:$BF$16,35,FALSE))","v":92.5},{"$f":"IF($B32=\"\",\"\",\nVLOOKUP($C32,'2. Unit Testing Results'!$C$7:$BF$16,37,FALSE))","v":"AFUE"},{"$f":"IF($B32=\"\",\"\",\nVLOOKUP($C32,'2. Unit Testing Results'!$C$7:$BF$16,38,FALSE))","v":"AC"},{"$f":"IF($B32=\"\",\"\",\nVLOOKUP($C32,'2. Unit Testing Results'!$C$7:$BF$16,39,FALSE))","v":"Electricity"},{"$f":"IF($B32=\"\",\"\",\nVLOOKUP($C32,'2. Unit Testing Results'!$C$7:$BF$16,41,FALSE))","v":9},{"$f":"IF($B32=\"\",\"\",\nVLOOKUP($C32,'2. Unit Testing Results'!$C$7:$BF$16,43,FALSE))","v":"SEER"},{"$f":"IF($B32=\"\",\"\",\nVLOOKUP($C32,'2. Unit Testing Results'!$C$7:$BF$16,45,FALSE))","v":"Storage"},{"$f":"IF($B32=\"\",\"\",\nVLOOKUP($C32,'2. Unit Testing Results'!$C$7:$BF$16,47,FALSE))","v":"Gas"},{"$f":"IF($B32=\"\",\"\",\nVLOOKUP($C32,'2. Unit Testing Results'!$C$7:$BF$16,49,FALSE))","v":0.98},{"$f":"IF($B32=\"\",\"\",\nVLOOKUP($C32,'2. Unit Testing Results'!$C$7:$BF$16,51,FALSE))","v":"Balanced"},{"$f":"IF($B32=\"\",\"\",\nVLOOKUP($C32,'2. Unit Testing Results'!$C$7:$BF$16,52,FALSE))","v":90},{"$f":"IF($B32=\"\",\"\",\nVLOOKUP($C32,'2. Unit Testing Results'!$C$7:$BF$16,53,FALSE))","v":1},{"$f":"IF($B32=\"\",\"\",\nVLOOKUP($C32,'2. Unit Testing Results'!$C$7:$BF$16,54,FALSE))","v":0},{"$f":"IF($B32=\"\",\"\",\nVLOOKUP($C32,'2. Unit Testing Results'!$C$7:$BF$16,55,FALSE))","v":1},{"$f":"IF($B32=\"\",\"\",\nVLOOKUP($C32,'2. Unit Testing Results'!$C$7:$BF$16,56,FALSE))","v":1}]
[null,{"$f":"IF('2. Unit Testing Results'!$C49=\"\",\"\",'2. Unit Testing Results'!$C49)","v":305},{"$f":"IF('2. Unit Testing Results'!$D50=\"\",\"\",'2. Unit Testing Results'!$D50)","v":"B1"},{"$f":"IF('2. Unit Testing Results'!$E50=\"\",\"\",'2. Unit Testing Results'!$E50)","v":650},{"$f":"IF('2. Unit Testing Results'!$F50=\"\",\"\",'2. Unit Testing Results'!$F50)","v":2220},null,{"$f":"IF($B33=\"\",\"\",\nIF((('2. Unit Testing Results'!$Y49)*60)/((VLOOKUP($C33,'2. Unit Testing Results'!$C$7:$S$16,4,FALSE))*(VLOOKUP($C33,'2. Unit Testing Results'!$C$7:$S$16,6,FALSE)))=0,\n((('2. Unit Testing Results'!$I49)*60)/((VLOOKUP($C33,'2. Unit Testing Results'!$C$7:$S$16,4,FALSE))*(VLOOKUP($C33,'2. Unit Testing Results'!$C$7:$S$16,6,FALSE)))),\n((('2. Unit Testing Results'!$Y49)*60)/((VLOOKUP($C33,'2. Unit Testing Results'!$C$7:$S$16,4,FALSE))*(VLOOKUP($C33,'2. Unit Testing Results'!$C$7:$S$16,6,FALSE))))))","v":473.32173913043471},{"$f":"IF($B33=\"\",\"\",\nVLOOKUP($C33,'2. Unit Testing Results'!$C$7:$BF$16,20,FALSE))","v":38},{"$f":"IF($B33=\"\",\"\",\nVLOOKUP($C33,'2. Unit Testing Results'!$C$7:$BF$16,22,FALSE))","v":19},{"$f":"IF($B33=\"\",\"\",\nVLOOKUP($C33,'2. Unit Testing Results'!$C$7:$BF$16,24,FALSE))","v":0},{"$f":"IF($B33=\"\",\"\",\nVLOOKUP($C33,'2. Unit Testing Results'!$C$7:$BF$16,26,FALSE))","v":10},{"$f":"IF($B33=\"\",\"\",\nVLOOKUP($C33,'2. Unit Testing Results'!$C$7:$BF$16,27,FALSE))","v":0.3},{"$f":"IF($B33=\"\",\"\",\nVLOOKUP($C33,'2. Unit Testing Results'!$C$7:$BF$16,29,FALSE))","v":0.32},{"$f":"IF($B33=\"\",\"\",\nIF('2. Unit Testing Results'!$R49=0,'2. Unit Testing Results'!$G49,'2. Unit Testing Results'!$R49\n))","v":""},{"$f":"IF($B33=\"\",\"\",\nIF(AND('2. Unit Testing Results'!$W49=0,'2. Unit Testing Results'!$W49<>\"\"),'2. Unit Testing Results'!$H49,\nIF('2. Unit Testing Results'!$W49<>\"\",'2. Unit Testing Results'!$W49,\"\")))","v":""},{"$f":"IF($B33=\"\",\"\",\nVLOOKUP($C33,'2. Unit Testing Results'!$C$7:$BF$16,31,FALSE))","v":"Furnace"},{"$f":"IF($B33=\"\",\"\",\nVLOOKUP($C33,'2. Unit Testing Results'!$C$7:$BF$16,33,FALSE))","v":"NG"},{"$f":"IF($B33=\"\",\"\",\nVLOOKUP($C33,'2. Unit Testing Results'!$C$7:$BF$16,35,FALSE))","v":94.5},{"$f":"IF($B33=\"\",\"\",\nVLOOKUP($C33,'2. Unit Testing Results'!$C$7:$BF$16,37,FALSE))","v":"AFUE"},{"$f":"IF($B33=\"\",\"\",\nVLOOKUP($C33,'2. Unit Testing Results'!$C$7:$BF$16,38,FALSE))","v":"AC"},{"$f":"IF($B33=\"\",\"\",\nVLOOKUP($C33,'2. Unit Testing Results'!$C$7:$BF$16,39,FALSE))","v":"Electricity"},{"$f":"IF($B33=\"\",\"\",\nVLOOKUP($C33,'2. Unit Testing Results'!$C$7:$BF$16,41,FALSE))","v":9},{"$f":"IF($B33=\"\",\"\",\nVLOOKUP($C33,'2. Unit Testing Results'!$C$7:$BF$16,43,FALSE))","v":"SEER"},{"$f":"IF($B33=\"\",\"\",\nVLOOKUP($C33,'2. Unit Testing Results'!$C$7:$BF$16,45,FALSE))","v":"Storage"},{"$f":"IF($B33=\"\",\"\",\nVLOOKUP($C33,'2. Unit Testing Results'!$C$7:$BF$16,47,FALSE))","v":"Gas"},{"$f":"IF($B33=\"\",\"\",\nVLOOKUP($C33,'2. Unit Testing Results'!$C$7:$BF$16,49,FALSE))","v":0.98},{"$f":"IF($B33=\"\",\"\",\nVLOOKUP($C33,'2. Unit Testing Results'!$C$7:$BF$16,51,FALSE))","v":"Central Fan Integrated System (CFIS)"},{"$f":"IF($B33=\"\",\"\",\nVLOOKUP($C33,'2. Unit Testing Results'!$C$7:$BF$16,52,FALSE))","v":90},{"$f":"IF($B33=\"\",\"\",\nVLOOKUP($C33,'2. Unit Testing Results'!$C$7:$BF$16,53,FALSE))","v":1},{"$f":"IF($B33=\"\",\"\",\nVLOOKUP($C33,'2. Unit Testing Results'!$C$7:$BF$16,54,FALSE))","v":0},{"$f":"IF($B33=\"\",\"\",\nVLOOKUP($C33,'2. Unit Testing Results'!$C$7:$BF$16,55,FALSE))","v":1},{"$f":"IF($B33=\"\",\"\",\nVLOOKUP($C33,'2. Unit Testing Results'!$C$7:$BF$16,56,FALSE))","v":1}]
[null,{"$f":"IF('2. Unit Testing Results'!$C50=\"\",\"\",'2. Unit Testing Results'!$C50)","v":306},{"$f":"IF('2. Unit Testing Results'!$D51=\"\",\"\",'2. Unit Testing Results'!$D51)","v":"B3"},{"$f":"IF('2. Unit Testing Results'!$E51=\"\",\"\",'2. Unit Testing Results'!$E51)","v":815},{"$f":"IF('2. Unit Testing Results'!$F51=\"\",\"\",'2. Unit Testing Results'!$F51)","v":3742},null,{"$f":"IF($B34=\"\",\"\",\nIF((('2. Unit Testing Results'!$Y50)*60)/((VLOOKUP($C34,'2. Unit Testing Results'!$C$7:$S$16,4,FALSE))*(VLOOKUP($C34,'2. Unit Testing Results'!$C$7:$S$16,6,FALSE)))=0,\n((('2. Unit Testing Results'!$I50)*60)/((VLOOKUP($C34,'2. Unit Testing Results'!$C$7:$S$16,4,FALSE))*(VLOOKUP($C34,'2. Unit Testing Results'!$C$7:$S$16,6,FALSE)))),\n((('2. Unit Testing Results'!$Y50)*60)/((VLOOKUP($C34,'2. Unit Testing Results'!$C$7:$S$16,4,FALSE))*(VLOOKUP($C34,'2. Unit Testing Results'!$C$7:$S$16,6,FALSE))))))","v":104.0625},{"$f":"IF($B34=\"\",\"\",\nVLOOKUP($C34,'2. Unit Testing Results'!$C$7:$BF$16,20,FALSE))","v":38},{"$f":"IF($B34=\"\",\"\",\nVLOOKUP($C34,'2. Unit Testing Results'!$C$7:$BF$16,22,FALSE))","v":19},{"$f":"IF($B34=\"\",\"\",\nVLOOKUP($C34,'2. Unit Testing Results'!$C$7:$BF$16,24,FALSE))","v":0},{"$f":"IF($B34=\"\",\"\",\nVLOOKUP($C34,'2. Unit Testing Results'!$C$7:$BF$16,26,FALSE))","v":10},{"$f":"IF($B34=\"\",\"\",\nVLOOKUP($C34,'2. Unit Testing Results'!$C$7:$BF$16,27,FALSE))","v":0.3},{"$f":"IF($B34=\"\",\"\",\nVLOOKUP($C34,'2. Unit Testing Results'!$C$7:$BF$16,29,FALSE))","v":0.32},{"$f":"IF($B34=\"\",\"\",\nIF('2. Unit Testing Results'!$R50=0,'2. Unit Testing Results'!$G50,'2. Unit Testing Results'!$R50\n))","v":""},{"$f":"IF($B34=\"\",\"\",\nIF(AND('2. Unit Testing Results'!$W50=0,'2. Unit Testing Results'!$W50<>\"\"),'2. Unit Testing Results'!$H50,\nIF('2. Unit Testing Results'!$W50<>\"\",'2. Unit Testing Results'!$W50,\"\")))","v":""},{"$f":"IF($B34=\"\",\"\",\nVLOOKUP($C34,'2. Unit Testing Results'!$C$7:$BF$16,31,FALSE))","v":"Furnace"},{"$f":"IF($B34=\"\",\"\",\nVLOOKUP($C34,'2. Unit Testing Results'!$C$7:$BF$16,33,FALSE))","v":"NG"},{"$f":"IF($B34=\"\",\"\",\nVLOOKUP($C34,'2. Unit Testing Results'!$C$7:$BF$16,35,FALSE))","v":92},{"$f":"IF($B34=\"\",\"\",\nVLOOKUP($C34,'2. Unit Testing Results'!$C$7:$BF$16,37,FALSE))","v":"AFUE"},{"$f":"IF($B34=\"\",\"\",\nVLOOKUP($C34,'2. Unit Testing Results'!$C$7:$BF$16,38,FALSE))","v":"AC"},{"$f":"IF($B34=\"\",\"\",\nVLOOKUP($C34,'2. Unit Testing Results'!$C$7:$BF$16,39,FALSE))","v":"Electricity"},{"$f":"IF($B34=\"\",\"\",\nVLOOKUP($C34,'2. Unit Testing Results'!$C$7:$BF$16,41,FALSE))","v":9},{"$f":"IF($B34=\"\",\"\",\nVLOOKUP($C34,'2. Unit Testing Results'!$C$7:$BF$16,43,FALSE))","v":"SEER"},{"$f":"IF($B34=\"\",\"\",\nVLOOKUP($C34,'2. Unit Testing Results'!$C$7:$BF$16,45,FALSE))","v":"Storage"},{"$f":"IF($B34=\"\",\"\",\nVLOOKUP($C34,'2. Unit Testing Results'!$C$7:$BF$16,47,FALSE))","v":"Gas"},{"$f":"IF($B34=\"\",\"\",\nVLOOKUP($C34,'2. Unit Testing Results'!$C$7:$BF$16,49,FALSE))","v":0.98},{"$f":"IF($B34=\"\",\"\",\nVLOOKUP($C34,'2. Unit Testing Results'!$C$7:$BF$16,51,FALSE))","v":"Energy Recovery Ventilator (ERV)"},{"$f":"IF($B34=\"\",\"\",\nVLOOKUP($C34,'2. Unit Testing Results'!$C$7:$BF$16,52,FALSE))","v":90},{"$f":"IF($B34=\"\",\"\",\nVLOOKUP($C34,'2. Unit Testing Results'!$C$7:$BF$16,53,FALSE))","v":1},{"$f":"IF($B34=\"\",\"\",\nVLOOKUP($C34,'2. Unit Testing Results'!$C$7:$BF$16,54,FALSE))","v":0},{"$f":"IF($B34=\"\",\"\",\nVLOOKUP($C34,'2. Unit Testing Results'!$C$7:$BF$16,55,FALSE))","v":1},{"$f":"IF($B34=\"\",\"\",\nVLOOKUP($C34,'2. Unit Testing Results'!$C$7:$BF$16,56,FALSE))","v":1}]
[null,{"$f":"IF('2. Unit Testing Results'!$C51=\"\",\"\",'2. Unit Testing Results'!$C51)","v":307},{"$f":"IF('2. Unit Testing Results'!$D52=\"\",\"\",'2. Unit Testing Results'!$D52)","v":"B2"},{"$f":"IF('2. Unit Testing Results'!$E52=\"\",\"\",'2. Unit Testing Results'!$E52)","v":800},{"$f":"IF('2. Unit Testing Results'!$F52=\"\",\"\",'2. Unit Testing Results'!$F52)","v":3040},null,{"$f":"IF($B35=\"\",\"\",\nIF((('2. Unit Testing Results'!$Y51)*60)/((VLOOKUP($C35,'2. Unit Testing Results'!$C$7:$S$16,4,FALSE))*(VLOOKUP($C35,'2. Unit Testing Results'!$C$7:$S$16,6,FALSE)))=0,\n((('2. Unit Testing Results'!$I51)*60)/((VLOOKUP($C35,'2. Unit Testing Results'!$C$7:$S$16,4,FALSE))*(VLOOKUP($C35,'2. Unit Testing Results'!$C$7:$S$16,6,FALSE)))),\n((('2. Unit Testing Results'!$Y51)*60)/((VLOOKUP($C35,'2. Unit Testing Results'!$C$7:$S$16,4,FALSE))*(VLOOKUP($C35,'2. Unit Testing Results'!$C$7:$S$16,6,FALSE))))))","v":374.2},{"$f":"IF($B35=\"\",\"\",\nVLOOKUP($C35,'2. Unit Testing Results'!$C$7:$BF$16,20,FALSE))","v":19},{"$f":"IF($B35=\"\",\"\",\nVLOOKUP($C35,'2. Unit Testing Results'!$C$7:$BF$16,22,FALSE))","v":19},{"$f":"IF($B35=\"\",\"\",\nVLOOKUP($C35,'2. Unit Testing Results'!$C$7:$BF$16,24,FALSE))","v":0},{"$f":"IF($B35=\"\",\"\",\nVLOOKUP($C35,'2. Unit Testing Results'!$C$7:$BF$16,26,FALSE))","v":10},{"$f":"IF($B35=\"\",\"\",\nVLOOKUP($C35,'2. Unit Testing Results'!$C$7:$BF$16,27,FALSE))","v":0.3},{"$f":"IF($B35=\"\",\"\",\nVLOOKUP($C35,'2. Unit Testing Results'!$C$7:$BF$16,29,FALSE))","v":0.32},{"$f":"IF($B35=\"\",\"\",\nIF('2. Unit Testing Results'!$R51=0,'2. Unit Testing Results'!$G51,'2. Unit Testing Results'!$R51\n))","v":""},{"$f":"IF($B35=\"\",\"\",\nIF(AND('2. Unit Testing Results'!$W51=0,'2. Unit Testing Results'!$W51<>\"\"),'2. Unit Testing Results'!$H51,\nIF('2. Unit Testing Results'!$W51<>\"\",'2. Unit Testing Results'!$W51,\"\")))","v":""},{"$f":"IF($B35=\"\",\"\",\nVLOOKUP($C35,'2. Unit Testing Results'!$C$7:$BF$16,31,FALSE))","v":"Furnace"},{"$f":"IF($B35=\"\",\"\",\nVLOOKUP($C35,'2. Unit Testing Results'!$C$7:$BF$16,33,FALSE))","v":"NG"},{"$f":"IF($B35=\"\",\"\",\nVLOOKUP($C35,'2. Unit Testing Results'!$C$7:$BF$16,35,FALSE))","v":92.5},{"$f":"IF($B35=\"\",\"\",\nVLOOKUP($C35,'2. Unit Testing Results'!$C$7:$BF$16,37,FALSE))","v":"AFUE"},{"$f":"IF($B35=\"\",\"\",\nVLOOKUP($C35,'2. Unit Testing Results'!$C$7:$BF$16,38,FALSE))","v":"AC"},{"$f":"IF($B35=\"\",\"\",\nVLOOKUP($C35,'2. Unit Testing Results'!$C$7:$BF$16,39,FALSE))","v":"Electricity"},{"$f":"IF($B35=\"\",\"\",\nVLOOKUP($C35,'2. Unit Testing Results'!$C$7:$BF$16,41,FALSE))","v":10},{"$f":"IF($B35=\"\",\"\",\nVLOOKUP($C35,'2. Unit Testing Results'!$C$7:$BF$16,43,FALSE))","v":"SEER"},{"$f":"IF($B35=\"\",\"\",\nVLOOKUP($C35,'2. Unit Testing Results'!$C$7:$BF$16,45,FALSE))","v":"Storage"},{"$f":"IF($B35=\"\",\"\",\nVLOOKUP($C35,'2. Unit Testing Results'!$C$7:$BF$16,47,FALSE))","v":"Gas"},{"$f":"IF($B35=\"\",\"\",\nVLOOKUP($C35,'2. Unit Testing Results'!$C$7:$BF$16,49,FALSE))","v":0.98},{"$f":"IF($B35=\"\",\"\",\nVLOOKUP($C35,'2. Unit Testing Results'!$C$7:$BF$16,51,FALSE))","v":"Energy Recovery Ventilator (ERV)"},{"$f":"IF($B35=\"\",\"\",\nVLOOKUP($C35,'2. Unit Testing Results'!$C$7:$BF$16,52,FALSE))","v":90},{"$f":"IF($B35=\"\",\"\",\nVLOOKUP($C35,'2. Unit Testing Results'!$C$7:$BF$16,53,FALSE))","v":1},{"$f":"IF($B35=\"\",\"\",\nVLOOKUP($C35,'2. Unit Testing Results'!$C$7:$BF$16,54,FALSE))","v":0},{"$f":"IF($B35=\"\",\"\",\nVLOOKUP($C35,'2. Unit Testing Results'!$C$7:$BF$16,55,FALSE))","v":1},{"$f":"IF($B35=\"\",\"\",\nVLOOKUP($C35,'2. Unit Testing Results'!$C$7:$BF$16,56,FALSE))","v":1}]
[null,{"$f":"IF('2. Unit Testing Results'!$C52=\"\",\"\",'2. Unit Testing Results'!$C52)","v":308},{"$f":"IF('2. Unit Testing Results'!$D53=\"\",\"\",'2. Unit Testing Results'!$D53)","v":"A2"},{"$f":"IF('2. Unit Testing Results'!$E53=\"\",\"\",'2. Unit Testing Results'!$E53)","v":678},{"$f":"IF('2. Unit Testing Results'!$F53=\"\",\"\",'2. Unit Testing Results'!$F53)","v":2196},null,{"$f":"IF($B36=\"\",\"\",\nIF((('2. Unit Testing Results'!$Y52)*60)/((VLOOKUP($C36,'2. Unit Testing Results'!$C$7:$S$16,4,FALSE))*(VLOOKUP($C36,'2. Unit Testing Results'!$C$7:$S$16,6,FALSE)))=0,\n((('2. Unit Testing Results'!$I52)*60)/((VLOOKUP($C36,'2. Unit Testing Results'!$C$7:$S$16,4,FALSE))*(VLOOKUP($C36,'2. Unit Testing Results'!$C$7:$S$16,6,FALSE)))),\n((('2. Unit Testing Results'!$Y52)*60)/((VLOOKUP($C36,'2. Unit Testing Results'!$C$7:$S$16,4,FALSE))*(VLOOKUP($C36,'2. Unit Testing Results'!$C$7:$S$16,6,FALSE))))))","v":521.14285714285711},{"$f":"IF($B36=\"\",\"\",\nVLOOKUP($C36,'2. Unit Testing Results'!$C$7:$BF$16,20,FALSE))","v":19},{"$f":"IF($B36=\"\",\"\",\nVLOOKUP($C36,'2. Unit Testing Results'!$C$7:$BF$16,22,FALSE))","v":19},{"$f":"IF($B36=\"\",\"\",\nVLOOKUP($C36,'2. Unit Testing Results'!$C$7:$BF$16,24,FALSE))","v":6},{"$f":"IF($B36=\"\",\"\",\nVLOOKUP($C36,'2. Unit Testing Results'!$C$7:$BF$16,26,FALSE))","v":10},{"$f":"IF($B36=\"\",\"\",\nVLOOKUP($C36,'2. Unit Testing Results'!$C$7:$BF$16,27,FALSE))","v":0.3},{"$f":"IF($B36=\"\",\"\",\nVLOOKUP($C36,'2. Unit Testing Results'!$C$7:$BF$16,29,FALSE))","v":0.32},{"$f":"IF($B36=\"\",\"\",\nIF('2. Unit Testing Results'!$R52=0,'2. Unit Testing Results'!$G52,'2. Unit Testing Results'!$R52\n))","v":""},{"$f":"IF($B36=\"\",\"\",\nIF(AND('2. Unit Testing Results'!$W52=0,'2. Unit Testing Results'!$W52<>\"\"),'2. Unit Testing Results'!$H52,\nIF('2. Unit Testing Results'!$W52<>\"\",'2. Unit Testing Results'!$W52,\"\")))","v":""},{"$f":"IF($B36=\"\",\"\",\nVLOOKUP($C36,'2. Unit Testing Results'!$C$7:$BF$16,31,FALSE))","v":"Furnace"},{"$f":"IF($B36=\"\",\"\",\nVLOOKUP($C36,'2. Unit Testing Results'!$C$7:$BF$16,33,FALSE))","v":"NG"},{"$f":"IF($B36=\"\",\"\",\nVLOOKUP($C36,'2. Unit Testing Results'!$C$7:$BF$16,35,FALSE))","v":92.5},{"$f":"IF($B36=\"\",\"\",\nVLOOKUP($C36,'2. Unit Testing Results'!$C$7:$BF$16,37,FALSE))","v":"AFUE"},{"$f":"IF($B36=\"\",\"\",\nVLOOKUP($C36,'2. Unit Testing Results'!$C$7:$BF$16,38,FALSE))","v":"AC"},{"$f":"IF($B36=\"\",\"\",\nVLOOKUP($C36,'2. Unit Testing Results'!$C$7:$BF$16,39,FALSE))","v":"Electricity"},{"$f":"IF($B36=\"\",\"\",\nVLOOKUP($C36,'2. Unit Testing Results'!$C$7:$BF$16,41,FALSE))","v":9},{"$f":"IF($B36=\"\",\"\",\nVLOOKUP($C36,'2. Unit Testing Results'!$C$7:$BF$16,43,FALSE))","v":"SEER"},{"$f":"IF($B36=\"\",\"\",\nVLOOKUP($C36,'2. Unit Testing Results'!$C$7:$BF$16,45,FALSE))","v":"Storage"},{"$f":"IF($B36=\"\",\"\",\nVLOOKUP($C36,'2. Unit Testing Results'!$C$7:$BF$16,47,FALSE))","v":"Gas"},{"$f":"IF($B36=\"\",\"\",\nVLOOKUP($C36,'2. Unit Testing Results'!$C$7:$BF$16,49,FALSE))","v":0.98},{"$f":"IF($B36=\"\",\"\",\nVLOOKUP($C36,'2. Unit Testing Results'!$C$7:$BF$16,51,FALSE))","v":"Exhaust-only"},{"$f":"IF($B36=\"\",\"\",\nVLOOKUP($C36,'2. Unit Testing Results'!$C$7:$BF$16,52,FALSE))","v":90},{"$f":"IF($B36=\"\",\"\",\nVLOOKUP($C36,'2. Unit Testing Results'!$C$7:$BF$16,53,FALSE))","v":1},{"$f":"IF($B36=\"\",\"\",\nVLOOKUP($C36,'2. Unit Testing Results'!$C$7:$BF$16,54,FALSE))","v":0},{"$f":"IF($B36=\"\",\"\",\nVLOOKUP($C36,'2. Unit Testing Results'!$C$7:$BF$16,55,FALSE))","v":1},{"$f":"IF($B36=\"\",\"\",\nVLOOKUP($C36,'2. Unit Testing Results'!$C$7:$BF$16,56,FALSE))","v":1}]
[null,{"$f":"IF('2. Unit Testing Results'!$C53=\"\",\"\",'2. Unit Testing Results'!$C53)","v":309},{"$f":"IF('2. Unit Testing Results'!$D54=\"\",\"\",'2. Unit Testing Results'!$D54)","v":"A2"},{"$f":"IF('2. Unit Testing Results'!$E54=\"\",\"\",'2. Unit Testing Results'!$E54)","v":678},{"$f":"IF('2. Unit Testing Results'!$F54=\"\",\"\",'2. Unit Testing Results'!$F54)","v":2196},null,{"$f":"IF($B37=\"\",\"\",\nIF((('2. Unit Testing Results'!$Y53)*60)/((VLOOKUP($C37,'2. Unit Testing Results'!$C$7:$S$16,4,FALSE))*(VLOOKUP($C37,'2. Unit Testing Results'!$C$7:$S$16,6,FALSE)))=0,\n((('2. Unit Testing Results'!$I53)*60)/((VLOOKUP($C37,'2. Unit Testing Results'!$C$7:$S$16,4,FALSE))*(VLOOKUP($C37,'2. Unit Testing Results'!$C$7:$S$16,6,FALSE)))),\n((('2. Unit Testing Results'!$Y53)*60)/((VLOOKUP($C37,'2. Unit Testing Results'!$C$7:$S$16,4,FALSE))*(VLOOKUP($C37,'2. Unit Testing Results'!$C$7:$S$16,6,FALSE))))))","v":376.45714285714286},{"$f":"IF($B37=\"\",\"\",\nVLOOKUP($C37,'2. Unit Testing Results'!$C$7:$BF$16,20,FALSE))","v":19},{"$f":"IF($B37=\"\",\"\",\nVLOOKUP($C37,'2. Unit Testing Results'!$C$7:$BF$16,22,FALSE))","v":19},{"$f":"IF($B37=\"\",\"\",\nVLOOKUP($C37,'2. Unit Testing Results'!$C$7:$BF$16,24,FALSE))","v":6},{"$f":"IF($B37=\"\",\"\",\nVLOOKUP($C37,'2. Unit Testing Results'!$C$7:$BF$16,26,FALSE))","v":10},{"$f":"IF($B37=\"\",\"\",\nVLOOKUP($C37,'2. Unit Testing Results'!$C$7:$BF$16,27,FALSE))","v":0.3},{"$f":"IF($B37=\"\",\"\",\nVLOOKUP($C37,'2. Unit Testing Results'!$C$7:$BF$16,29,FALSE))","v":0.32},{"$f":"IF($B37=\"\",\"\",\nIF('2. Unit Testing Results'!$R53=0,'2. Unit Testing Results'!$G53,'2. Unit Testing Results'!$R53\n))","v":""},{"$f":"IF($B37=\"\",\"\",\nIF(AND('2. Unit Testing Results'!$W53=0,'2. Unit Testing Results'!$W53<>\"\"),'2. Unit Testing Results'!$H53,\nIF('2. Unit Testing Results'!$W53<>\"\",'2. Unit Testing Results'!$W53,\"\")))","v":""},{"$f":"IF($B37=\"\",\"\",\nVLOOKUP($C37,'2. Unit Testing Results'!$C$7:$BF$16,31,FALSE))","v":"Furnace"},{"$f":"IF($B37=\"\",\"\",\nVLOOKUP($C37,'2. Unit Testing Results'!$C$7:$BF$16,33,FALSE))","v":"NG"},{"$f":"IF($B37=\"\",\"\",\nVLOOKUP($C37,'2. Unit Testing Results'!$C$7:$BF$16,35,FALSE))","v":92.5},{"$f":"IF($B37=\"\",\"\",\nVLOOKUP($C37,'2. Unit Testing Results'!$C$7:$BF$16,37,FALSE))","v":"AFUE"},{"$f":"IF($B37=\"\",\"\",\nVLOOKUP($C37,'2. Unit Testing Results'!$C$7:$BF$16,38,FALSE))","v":"AC"},{"$f":"IF($B37=\"\",\"\",\nVLOOKUP($C37,'2. Unit Testing Results'!$C$7:$BF$16,39,FALSE))","v":"Electricity"},{"$f":"IF($B37=\"\",\"\",\nVLOOKUP($C37,'2. Unit Testing Results'!$C$7:$BF$16,41,FALSE))","v":9},{"$f":"IF($B37=\"\",\"\",\nVLOOKUP($C37,'2. Unit Testing Results'!$C$7:$BF$16,43,FALSE))","v":"SEER"},{"$f":"IF($B37=\"\",\"\",\nVLOOKUP($C37,'2. Unit Testing Results'!$C$7:$BF$16,45,FALSE))","v":"Storage"},{"$f":"IF($B37=\"\",\"\",\nVLOOKUP($C37,'2. Unit Testing Results'!$C$7:$BF$16,47,FALSE))","v":"Gas"},{"$f":"IF($B37=\"\",\"\",\nVLOOKUP($C37,'2. Unit Testing Results'!$C$7:$BF$16,49,FALSE))","v":0.98},{"$f":"IF($B37=\"\",\"\",\nVLOOKUP($C37,'2. Unit Testing Results'!$C$7:$BF$16,51,FALSE))","v":"Exhaust-only"},{"$f":"IF($B37=\"\",\"\",\nVLOOKUP($C37,'2. Unit Testing Results'!$C$7:$BF$16,52,FALSE))","v":90},{"$f":"IF($B37=\"\",\"\",\nVLOOKUP($C37,'2. Unit Testing Results'!$C$7:$BF$16,53,FALSE))","v":1},{"$f":"IF($B37=\"\",\"\",\nVLOOKUP($C37,'2. Unit Testing Results'!$C$7:$BF$16,54,FALSE))","v":0},{"$f":"IF($B37=\"\",\"\",\nVLOOKUP($C37,'2. Unit Testing Results'!$C$7:$BF$16,55,FALSE))","v":1},{"$f":"IF($B37=\"\",\"\",\nVLOOKUP($C37,'2. Unit Testing Results'!$C$7:$BF$16,56,FALSE))","v":1}]
[null,{"$f":"IF('2. Unit Testing Results'!$C54=\"\",\"\",'2. Unit Testing Results'!$C54)","v":310},{"$f":"IF('2. Unit Testing Results'!$D55=\"\",\"\",'2. Unit Testing Results'!$D55)","v":"A1"},{"$f":"IF('2. Unit Testing Results'!$E55=\"\",\"\",'2. Unit Testing Results'!$E55)","v":515},{"$f":"IF('2. Unit Testing Results'!$F55=\"\",\"\",'2. Unit Testing Results'!$F55)","v":1990},null,{"$f":"IF($B38=\"\",\"\",\nIF((('2. Unit Testing Results'!$Y54)*60)/((VLOOKUP($C38,'2. Unit Testing Results'!$C$7:$S$16,4,FALSE))*(VLOOKUP($C38,'2. Unit Testing Results'!$C$7:$S$16,6,FALSE)))=0,\n((('2. Unit Testing Results'!$I54)*60)/((VLOOKUP($C38,'2. Unit Testing Results'!$C$7:$S$16,4,FALSE))*(VLOOKUP($C38,'2. Unit Testing Results'!$C$7:$S$16,6,FALSE)))),\n((('2. Unit Testing Results'!$Y54)*60)/((VLOOKUP($C38,'2. Unit Testing Results'!$C$7:$S$16,4,FALSE))*(VLOOKUP($C38,'2. Unit Testing Results'!$C$7:$S$16,6,FALSE))))))","v":329.4},{"$f":"IF($B38=\"\",\"\",\nVLOOKUP($C38,'2. Unit Testing Results'!$C$7:$BF$16,20,FALSE))","v":38},{"$f":"IF($B38=\"\",\"\",\nVLOOKUP($C38,'2. Unit Testing Results'!$C$7:$BF$16,22,FALSE))","v":19},{"$f":"IF($B38=\"\",\"\",\nVLOOKUP($C38,'2. Unit Testing Results'!$C$7:$BF$16,24,FALSE))","v":30},{"$f":"IF($B38=\"\",\"\",\nVLOOKUP($C38,'2. Unit Testing Results'!$C$7:$BF$16,26,FALSE))","v":10},{"$f":"IF($B38=\"\",\"\",\nVLOOKUP($C38,'2. Unit Testing Results'!$C$7:$BF$16,27,FALSE))","v":0.3},{"$f":"IF($B38=\"\",\"\",\nVLOOKUP($C38,'2. Unit Testing Results'!$C$7:$BF$16,29,FALSE))","v":0.32},{"$f":"IF($B38=\"\",\"\",\nIF('2. Unit Testing Results'!$R54=0,'2. Unit Testing Results'!$G54,'2. Unit Testing Results'!$R54\n))","v":""},{"$f":"IF($B38=\"\",\"\",\nIF(AND('2. Unit Testing Results'!$W54=0,'2. Unit Testing Results'!$W54<>\"\"),'2. Unit Testing Results'!$H54,\nIF('2. Unit Testing Results'!$W54<>\"\",'2. Unit Testing Results'!$W54,\"\")))","v":""},{"$f":"IF($B38=\"\",\"\",\nVLOOKUP($C38,'2. Unit Testing Results'!$C$7:$BF$16,31,FALSE))","v":"Furnace"},{"$f":"IF($B38=\"\",\"\",\nVLOOKUP($C38,'2. Unit Testing Results'!$C$7:$BF$16,33,FALSE))","v":"NG"},{"$f":"IF($B38=\"\",\"\",\nVLOOKUP($C38,'2. Unit Testing Results'!$C$7:$BF$16,35,FALSE))","v":92.5},{"$f":"IF($B38=\"\",\"\",\nVLOOKUP($C38,'2. Unit Testing Results'!$C$7:$BF$16,37,FALSE))","v":"AFUE"},{"$f":"IF($B38=\"\",\"\",\nVLOOKUP($C38,'2. Unit Testing Results'!$C$7:$BF$16,38,FALSE))","v":"AC"},{"$f":"IF($B38=\"\",\"\",\nVLOOKUP($C38,'2. Unit Testing Results'!$C$7:$BF$16,39,FALSE))","v":"Electricity"},{"$f":"IF($B38=\"\",\"\",\nVLOOKUP($C38,'2. Unit Testing Results'!$C$7:$BF$16,41,FALSE))","v":9},{"$f":"IF($B38=\"\",\"\",\nVLOOKUP($C38,'2. Unit Testing Results'!$C$7:$BF$16,43,FALSE))","v":"SEER"},{"$f":"IF($B38=\"\",\"\",\nVLOOKUP($C38,'2. Unit Testing Results'!$C$7:$BF$16,45,FALSE))","v":"Storage"},{"$f":"IF($B38=\"\",\"\",\nVLOOKUP($C38,'2. Unit Testing Results'!$C$7:$BF$16,47,FALSE))","v":"Gas"},{"$f":"IF($B38=\"\",\"\",\nVLOOKUP($C38,'2. Unit Testing Results'!$C$7:$BF$16,49,FALSE))","v":0.98},{"$f":"IF($B38=\"\",\"\",\nVLOOKUP($C38,'2. Unit Testing Results'!$C$7:$BF$16,51,FALSE))","v":"Supply-only"},{"$f":"IF($B38=\"\",\"\",\nVLOOKUP($C38,'2. Unit Testing Results'!$C$7:$BF$16,52,FALSE))","v":90},{"$f":"IF($B38=\"\",\"\",\nVLOOKUP($C38,'2. Unit Testing Results'!$C$7:$BF$16,53,FALSE))","v":1},{"$f":"IF($B38=\"\",\"\",\nVLOOKUP($C38,'2. Unit Testing Results'!$C$7:$BF$16,54,FALSE))","v":1},{"$f":"IF($B38=\"\",\"\",\nVLOOKUP($C38,'2. Unit Testing Results'!$C$7:$BF$16,55,FALSE))","v":1},{"$f":"IF($B38=\"\",\"\",\nVLOOKUP($C38,'2. Unit Testing Results'!$C$7:$BF$16,56,FALSE))","v":1}]
[null,{"$f":"IF('2. Unit Testing Results'!$C55=\"\",\"\",'2. Unit Testing Results'!$C55)","v":401},{"$f":"IF('2. Unit Testing Results'!$D56=\"\",\"\",'2. Unit Testing Results'!$D56)","v":"B3"},{"$f":"IF('2. Unit Testing Results'!$E56=\"\",\"\",'2. Unit Testing Results'!$E56)","v":815},{"$f":"IF('2. Unit Testing Results'!$F56=\"\",\"\",'2. Unit Testing Results'!$F56)","v":3742},null,{"$f":"IF($B39=\"\",\"\",\nIF((('2. Unit Testing Results'!$Y55)*60)/((VLOOKUP($C39,'2. Unit Testing Results'!$C$7:$S$16,4,FALSE))*(VLOOKUP($C39,'2. Unit Testing Results'!$C$7:$S$16,6,FALSE)))=0,\n((('2. Unit Testing Results'!$I55)*60)/((VLOOKUP($C39,'2. Unit Testing Results'!$C$7:$S$16,4,FALSE))*(VLOOKUP($C39,'2. Unit Testing Results'!$C$7:$S$16,6,FALSE)))),\n((('2. Unit Testing Results'!$Y55)*60)/((VLOOKUP($C39,'2. Unit Testing Results'!$C$7:$S$16,4,FALSE))*(VLOOKUP($C39,'2. Unit Testing Results'!$C$7:$S$16,6,FALSE))))))","v":93.28125},{"$f":"IF($B39=\"\",\"\",\nVLOOKUP($C39,'2. Unit Testing Results'!$C$7:$BF$16,20,FALSE))","v":38},{"$f":"IF($B39=\"\",\"\",\nVLOOKUP($C39,'2. Unit Testing Results'!$C$7:$BF$16,22,FALSE))","v":19},{"$f":"IF($B39=\"\",\"\",\nVLOOKUP($C39,'2. Unit Testing Results'!$C$7:$BF$16,24,FALSE))","v":0},{"$f":"IF($B39=\"\",\"\",\nVLOOKUP($C39,'2. Unit Testing Results'!$C$7:$BF$16,26,FALSE))","v":10},{"$f":"IF($B39=\"\",\"\",\nVLOOKUP($C39,'2. Unit Testing Results'!$C$7:$BF$16,27,FALSE))","v":0.3},{"$f":"IF($B39=\"\",\"\",\nVLOOKUP($C39,'2. Unit Testing Results'!$C$7:$BF$16,29,FALSE))","v":0.32},{"$f":"IF($B39=\"\",\"\",\nIF('2. Unit Testing Results'!$R55=0,'2. Unit Testing Results'!$G55,'2. Unit Testing Results'!$R55\n))","v":""},{"$f":"IF($B39=\"\",\"\",\nIF(AND('2. Unit Testing Results'!$W55=0,'2. Unit Testing Results'!$W55<>\"\"),'2. Unit Testing Results'!$H55,\nIF('2. Unit Testing Results'!$W55<>\"\",'2. Unit Testing Results'!$W55,\"\")))","v":""},{"$f":"IF($B39=\"\",\"\",\nVLOOKUP($C39,'2. Unit Testing Results'!$C$7:$BF$16,31,FALSE))","v":"Furnace"},{"$f":"IF($B39=\"\",\"\",\nVLOOKUP($C39,'2. Unit Testing Results'!$C$7:$BF$16,33,FALSE))","v":"NG"},{"$f":"IF($B39=\"\",\"\",\nVLOOKUP($C39,'2. Unit Testing Results'!$C$7:$BF$16,35,FALSE))","v":92},{"$f":"IF($B39=\"\",\"\",\nVLOOKUP($C39,'2. Unit Testing Results'!$C$7:$BF$16,37,FALSE))","v":"AFUE"},{"$f":"IF($B39=\"\",\"\",\nVLOOKUP($C39,'2. Unit Testing Results'!$C$7:$BF$16,38,FALSE))","v":"AC"},{"$f":"IF($B39=\"\",\"\",\nVLOOKUP($C39,'2. Unit Testing Results'!$C$7:$BF$16,39,FALSE))","v":"Electricity"},{"$f":"IF($B39=\"\",\"\",\nVLOOKUP($C39,'2. Unit Testing Results'!$C$7:$BF$16,41,FALSE))","v":9},{"$f":"IF($B39=\"\",\"\",\nVLOOKUP($C39,'2. Unit Testing Results'!$C$7:$BF$16,43,FALSE))","v":"SEER"},{"$f":"IF($B39=\"\",\"\",\nVLOOKUP($C39,'2. Unit Testing Results'!$C$7:$BF$16,45,FALSE))","v":"Storage"},{"$f":"IF($B39=\"\",\"\",\nVLOOKUP($C39,'2. Unit Testing Results'!$C$7:$BF$16,47,FALSE))","v":"Gas"},{"$f":"IF($B39=\"\",\"\",\nVLOOKUP($C39,'2. Unit Testing Results'!$C$7:$BF$16,49,FALSE))","v":0.98},{"$f":"IF($B39=\"\",\"\",\nVLOOKUP($C39,'2. Unit Testing Results'!$C$7:$BF$16,51,FALSE))","v":"Energy Recovery Ventilator (ERV)"},{"$f":"IF($B39=\"\",\"\",\nVLOOKUP($C39,'2. Unit Testing Results'!$C$7:$BF$16,52,FALSE))","v":90},{"$f":"IF($B39=\"\",\"\",\nVLOOKUP($C39,'2. Unit Testing Results'!$C$7:$BF$16,53,FALSE))","v":1},{"$f":"IF($B39=\"\",\"\",\nVLOOKUP($C39,'2. Unit Testing Results'!$C$7:$BF$16,54,FALSE))","v":0},{"$f":"IF($B39=\"\",\"\",\nVLOOKUP($C39,'2. Unit Testing Results'!$C$7:$BF$16,55,FALSE))","v":1},{"$f":"IF($B39=\"\",\"\",\nVLOOKUP($C39,'2. Unit Testing Results'!$C$7:$BF$16,56,FALSE))","v":1}]
[null,{"$f":"IF('2. Unit Testing Results'!$C56=\"\",\"\",'2. Unit Testing Results'!$C56)","v":402},{"$f":"IF('2. Unit Testing Results'!$D57=\"\",\"\",'2. Unit Testing Results'!$D57)","v":"S1"},{"$f":"IF('2. Unit Testing Results'!$E57=\"\",\"\",'2. Unit Testing Results'!$E57)","v":500},{"$f":"IF('2. Unit Testing Results'!$F57=\"\",\"\",'2. Unit Testing Results'!$F57)","v":3024},null,{"$f":"IF($B40=\"\",\"\",\nIF((('2. Unit Testing Results'!$Y56)*60)/((VLOOKUP($C40,'2. Unit Testing Results'!$C$7:$S$16,4,FALSE))*(VLOOKUP($C40,'2. Unit Testing Results'!$C$7:$S$16,6,FALSE)))=0,\n((('2. Unit Testing Results'!$I56)*60)/((VLOOKUP($C40,'2. Unit Testing Results'!$C$7:$S$16,4,FALSE))*(VLOOKUP($C40,'2. Unit Testing Results'!$C$7:$S$16,6,FALSE)))),\n((('2. Unit Testing Results'!$Y56)*60)/((VLOOKUP($C40,'2. Unit Testing Results'!$C$7:$S$16,4,FALSE))*(VLOOKUP($C40,'2. Unit Testing Results'!$C$7:$S$16,6,FALSE))))))","v":366.06521739130437},{"$f":"IF($B40=\"\",\"\",\nVLOOKUP($C40,'2. Unit Testing Results'!$C$7:$BF$16,20,FALSE))","v":19},{"$f":"IF($B40=\"\",\"\",\nVLOOKUP($C40,'2. Unit Testing Results'!$C$7:$BF$16,22,FALSE))","v":19},{"$f":"IF($B40=\"\",\"\",\nVLOOKUP($C40,'2. Unit Testing Results'!$C$7:$BF$16,24,FALSE))","v":8},{"$f":"IF($B40=\"\",\"\",\nVLOOKUP($C40,'2. Unit Testing Results'!$C$7:$BF$16,26,FALSE))","v":10},{"$f":"IF($B40=\"\",\"\",\nVLOOKUP($C40,'2. Unit Testing Results'!$C$7:$BF$16,27,FALSE))","v":0.3},{"$f":"IF($B40=\"\",\"\",\nVLOOKUP($C40,'2. Unit Testing Results'!$C$7:$BF$16,29,FALSE))","v":0.32},{"$f":"IF($B40=\"\",\"\",\nIF('2. Unit Testing Results'!$R56=0,'2. Unit Testing Results'!$G56,'2. Unit Testing Results'!$R56\n))","v":""},{"$f":"IF($B40=\"\",\"\",\nIF(AND('2. Unit Testing Results'!$W56=0,'2. Unit Testing Results'!$W56<>\"\"),'2. Unit Testing Results'!$H56,\nIF('2. Unit Testing Results'!$W56<>\"\",'2. Unit Testing Results'!$W56,\"\")))","v":""},{"$f":"IF($B40=\"\",\"\",\nVLOOKUP($C40,'2. Unit Testing Results'!$C$7:$BF$16,31,FALSE))","v":"Furnace"},{"$f":"IF($B40=\"\",\"\",\nVLOOKUP($C40,'2. Unit Testing Results'!$C$7:$BF$16,33,FALSE))","v":"NG"},{"$f":"IF($B40=\"\",\"\",\nVLOOKUP($C40,'2. Unit Testing Results'!$C$7:$BF$16,35,FALSE))","v":92.5},{"$f":"IF($B40=\"\",\"\",\nVLOOKUP($C40,'2. Unit Testing Results'!$C$7:$BF$16,37,FALSE))","v":"AFUE"},{"$f":"IF($B40=\"\",\"\",\nVLOOKUP($C40,'2. Unit Testing Results'!$C$7:$BF$16,38,FALSE))","v":"AC"},{"$f":"IF($B40=\"\",\"\",\nVLOOKUP($C40,'2. Unit Testing Results'!$C$7:$BF$16,39,FALSE))","v":"Electricity"},{"$f":"IF($B40=\"\",\"\",\nVLOOKUP($C40,'2. Unit Testing Results'!$C$7:$BF$16,41,FALSE))","v":9},{"$f":"IF($B40=\"\",\"\",\nVLOOKUP($C40,'2. Unit Testing Results'!$C$7:$BF$16,43,FALSE))","v":"SEER"},{"$f":"IF($B40=\"\",\"\",\nVLOOKUP($C40,'2. Unit Testing Results'!$C$7:$BF$16,45,FALSE))","v":"Storage"},{"$f":"IF($B40=\"\",\"\",\nVLOOKUP($C40,'2. Unit Testing Results'!$C$7:$BF$16,47,FALSE))","v":"Gas"},{"$f":"IF($B40=\"\",\"\",\nVLOOKUP($C40,'2. Unit Testing Results'!$C$7:$BF$16,49,FALSE))","v":0.98},{"$f":"IF($B40=\"\",\"\",\nVLOOKUP($C40,'2. Unit Testing Results'!$C$7:$BF$16,51,FALSE))","v":"Balanced"},{"$f":"IF($B40=\"\",\"\",\nVLOOKUP($C40,'2. Unit Testing Results'!$C$7:$BF$16,52,FALSE))","v":90},{"$f":"IF($B40=\"\",\"\",\nVLOOKUP($C40,'2. Unit Testing Results'!$C$7:$BF$16,53,FALSE))","v":1},{"$f":"IF($B40=\"\",\"\",\nVLOOKUP($C40,'2. Unit Testing Results'!$C$7:$BF$16,54,FALSE))","v":0},{"$f":"IF($B40=\"\",\"\",\nVLOOKUP($C40,'2. Unit Testing Results'!$C$7:$BF$16,55,FALSE))","v":1},{"$f":"IF($B40=\"\",\"\",\nVLOOKUP($C40,'2. Unit Testing Results'!$C$7:$BF$16,56,FALSE))","v":1}]
[null,{"$f":"IF('2. Unit Testing Results'!$C57=\"\",\"\",'2. Unit Testing Results'!$C57)","v":403},{"$f":"IF('2. Unit Testing Results'!$D58=\"\",\"\",'2. Unit Testing Results'!$D58)","v":"B4"},{"$f":"IF('2. Unit Testing Results'!$E58=\"\",\"\",'2. Unit Testing Results'!$E58)","v":1800},{"$f":"IF('2. Unit Testing Results'!$F58=\"\",\"\",'2. Unit Testing Results'!$F58)","v":6141},null,{"$f":"IF($B41=\"\",\"\",\nIF((('2. Unit Testing Results'!$Y57)*60)/((VLOOKUP($C41,'2. Unit Testing Results'!$C$7:$S$16,4,FALSE))*(VLOOKUP($C41,'2. Unit Testing Results'!$C$7:$S$16,6,FALSE)))=0,\n((('2. Unit Testing Results'!$I57)*60)/((VLOOKUP($C41,'2. Unit Testing Results'!$C$7:$S$16,4,FALSE))*(VLOOKUP($C41,'2. Unit Testing Results'!$C$7:$S$16,6,FALSE)))),\n((('2. Unit Testing Results'!$Y57)*60)/((VLOOKUP($C41,'2. Unit Testing Results'!$C$7:$S$16,4,FALSE))*(VLOOKUP($C41,'2. Unit Testing Results'!$C$7:$S$16,6,FALSE))))))","v":117.8181818181818},{"$f":"IF($B41=\"\",\"\",\nVLOOKUP($C41,'2. Unit Testing Results'!$C$7:$BF$16,20,FALSE))","v":38},{"$f":"IF($B41=\"\",\"\",\nVLOOKUP($C41,'2. Unit Testing Results'!$C$7:$BF$16,22,FALSE))","v":19},{"$f":"IF($B41=\"\",\"\",\nVLOOKUP($C41,'2. Unit Testing Results'!$C$7:$BF$16,24,FALSE))","v":0},{"$f":"IF($B41=\"\",\"\",\nVLOOKUP($C41,'2. Unit Testing Results'!$C$7:$BF$16,26,FALSE))","v":10},{"$f":"IF($B41=\"\",\"\",\nVLOOKUP($C41,'2. Unit Testing Results'!$C$7:$BF$16,27,FALSE))","v":0.3},{"$f":"IF($B41=\"\",\"\",\nVLOOKUP($C41,'2. Unit Testing Results'!$C$7:$BF$16,29,FALSE))","v":0.32},{"$f":"IF($B41=\"\",\"\",\nIF('2. Unit Testing Results'!$R57=0,'2. Unit Testing Results'!$G57,'2. Unit Testing Results'!$R57\n))","v":""},{"$f":"IF($B41=\"\",\"\",\nIF(AND('2. Unit Testing Results'!$W57=0,'2. Unit Testing Results'!$W57<>\"\"),'2. Unit Testing Results'!$H57,\nIF('2. Unit Testing Results'!$W57<>\"\",'2. Unit Testing Results'!$W57,\"\")))","v":""},{"$f":"IF($B41=\"\",\"\",\nVLOOKUP($C41,'2. Unit Testing Results'!$C$7:$BF$16,31,FALSE))","v":"Furnace"},{"$f":"IF($B41=\"\",\"\",\nVLOOKUP($C41,'2. Unit Testing Results'!$C$7:$BF$16,33,FALSE))","v":"NG"},{"$f":"IF($B41=\"\",\"\",\nVLOOKUP($C41,'2. Unit Testing Results'!$C$7:$BF$16,35,FALSE))","v":92},{"$f":"IF($B41=\"\",\"\",\nVLOOKUP($C41,'2. Unit Testing Results'!$C$7:$BF$16,37,FALSE))","v":"AFUE"},{"$f":"IF($B41=\"\",\"\",\nVLOOKUP($C41,'2. Unit Testing Results'!$C$7:$BF$16,38,FALSE))","v":"AC"},{"$f":"IF($B41=\"\",\"\",\nVLOOKUP($C41,'2. Unit Testing Results'!$C$7:$BF$16,39,FALSE))","v":"Electricity"},{"$f":"IF($B41=\"\",\"\",\nVLOOKUP($C41,'2. Unit Testing Results'!$C$7:$BF$16,41,FALSE))","v":9},{"$f":"IF($B41=\"\",\"\",\nVLOOKUP($C41,'2. Unit Testing Results'!$C$7:$BF$16,43,FALSE))","v":"SEER"},{"$f":"IF($B41=\"\",\"\",\nVLOOKUP($C41,'2. Unit Testing Results'!$C$7:$BF$16,45,FALSE))","v":"Storage"},{"$f":"IF($B41=\"\",\"\",\nVLOOKUP($C41,'2. Unit Testing Results'!$C$7:$BF$16,47,FALSE))","v":"Gas"},{"$f":"IF($B41=\"\",\"\",\nVLOOKUP($C41,'2. Unit Testing Results'!$C$7:$BF$16,49,FALSE))","v":0.98},{"$f":"IF($B41=\"\",\"\",\nVLOOKUP($C41,'2. Unit Testing Results'!$C$7:$BF$16,51,FALSE))","v":"Heat Recovery Ventilator (HRV)"},{"$f":"IF($B41=\"\",\"\",\nVLOOKUP($C41,'2. Unit Testing Results'!$C$7:$BF$16,52,FALSE))","v":90},{"$f":"IF($B41=\"\",\"\",\nVLOOKUP($C41,'2. Unit Testing Results'!$C$7:$BF$16,53,FALSE))","v":1},{"$f":"IF($B41=\"\",\"\",\nVLOOKUP($C41,'2. Unit Testing Results'!$C$7:$BF$16,54,FALSE))","v":1},{"$f":"IF($B41=\"\",\"\",\nVLOOKUP($C41,'2. Unit Testing Results'!$C$7:$BF$16,55,FALSE))","v":1},{"$f":"IF($B41=\"\",\"\",\nVLOOKUP($C41,'2. Unit Testing Results'!$C$7:$BF$16,56,FALSE))","v":2}]
[null,{"$f":"IF('2. Unit Testing Results'!$C58=\"\",\"\",'2. Unit Testing Results'!$C58)","v":404},{"$f":"IF('2. Unit Testing Results'!$D59=\"\",\"\",'2. Unit Testing Results'!$D59)","v":"S1"},{"$f":"IF('2. Unit Testing Results'!$E59=\"\",\"\",'2. Unit Testing Results'!$E59)","v":500},{"$f":"IF('2. Unit Testing Results'!$F59=\"\",\"\",'2. Unit Testing Results'!$F59)","v":3024},null,{"$f":"IF($B42=\"\",\"\",\nIF((('2. Unit Testing Results'!$Y58)*60)/((VLOOKUP($C42,'2. Unit Testing Results'!$C$7:$S$16,4,FALSE))*(VLOOKUP($C42,'2. Unit Testing Results'!$C$7:$S$16,6,FALSE)))=0,\n((('2. Unit Testing Results'!$I58)*60)/((VLOOKUP($C42,'2. Unit Testing Results'!$C$7:$S$16,4,FALSE))*(VLOOKUP($C42,'2. Unit Testing Results'!$C$7:$S$16,6,FALSE)))),\n((('2. Unit Testing Results'!$Y58)*60)/((VLOOKUP($C42,'2. Unit Testing Results'!$C$7:$S$16,4,FALSE))*(VLOOKUP($C42,'2. Unit Testing Results'!$C$7:$S$16,6,FALSE))))))","v":6.5217391304347823},{"$f":"IF($B42=\"\",\"\",\nVLOOKUP($C42,'2. Unit Testing Results'!$C$7:$BF$16,20,FALSE))","v":19},{"$f":"IF($B42=\"\",\"\",\nVLOOKUP($C42,'2. Unit Testing Results'!$C$7:$BF$16,22,FALSE))","v":19},{"$f":"IF($B42=\"\",\"\",\nVLOOKUP($C42,'2. Unit Testing Results'!$C$7:$BF$16,24,FALSE))","v":8},{"$f":"IF($B42=\"\",\"\",\nVLOOKUP($C42,'2. Unit Testing Results'!$C$7:$BF$16,26,FALSE))","v":10},{"$f":"IF($B42=\"\",\"\",\nVLOOKUP($C42,'2. Unit Testing Results'!$C$7:$BF$16,27,FALSE))","v":0.3},{"$f":"IF($B42=\"\",\"\",\nVLOOKUP($C42,'2. Unit Testing Results'!$C$7:$BF$16,29,FALSE))","v":0.32},{"$f":"IF($B42=\"\",\"\",\nIF('2. Unit Testing Results'!$R58=0,'2. Unit Testing Results'!$G58,'2. Unit Testing Results'!$R58\n))","v":35},{"$f":"IF($B42=\"\",\"\",\nIF(AND('2. Unit Testing Results'!$W58=0,'2. Unit Testing Results'!$W58<>\"\"),'2. Unit Testing Results'!$H58,\nIF('2. Unit Testing Results'!$W58<>\"\",'2. Unit Testing Results'!$W58,\"\")))","v":""},{"$f":"IF($B42=\"\",\"\",\nVLOOKUP($C42,'2. Unit Testing Results'!$C$7:$BF$16,31,FALSE))","v":"Furnace"},{"$f":"IF($B42=\"\",\"\",\nVLOOKUP($C42,'2. Unit Testing Results'!$C$7:$BF$16,33,FALSE))","v":"NG"},{"$f":"IF($B42=\"\",\"\",\nVLOOKUP($C42,'2. Unit Testing Results'!$C$7:$BF$16,35,FALSE))","v":92.5},{"$f":"IF($B42=\"\",\"\",\nVLOOKUP($C42,'2. Unit Testing Results'!$C$7:$BF$16,37,FALSE))","v":"AFUE"},{"$f":"IF($B42=\"\",\"\",\nVLOOKUP($C42,'2. Unit Testing Results'!$C$7:$BF$16,38,FALSE))","v":"AC"},{"$f":"IF($B42=\"\",\"\",\nVLOOKUP($C42,'2. Unit Testing Results'!$C$7:$BF$16,39,FALSE))","v":"Electricity"},{"$f":"IF($B42=\"\",\"\",\nVLOOKUP($C42,'2. Unit Testing Results'!$C$7:$BF$16,41,FALSE))","v":9},{"$f":"IF($B42=\"\",\"\",\nVLOOKUP($C42,'2. Unit Testing Results'!$C$7:$BF$16,43,FALSE))","v":"SEER"},{"$f":"IF($B42=\"\",\"\",\nVLOOKUP($C42,'2. Unit Testing Results'!$C$7:$BF$16,45,FALSE))","v":"Storage"},{"$f":"IF($B42=\"\",\"\",\nVLOOKUP($C42,'2. Unit Testing Results'!$C$7:$BF$16,47,FALSE))","v":"Gas"},{"$f":"IF($B42=\"\",\"\",\nVLOOKUP($C42,'2. Unit Testing Results'!$C$7:$BF$16,49,FALSE))","v":0.98},{"$f":"IF($B42=\"\",\"\",\nVLOOKUP($C42,'2. Unit Testing Results'!$C$7:$BF$16,51,FALSE))","v":"Balanced"},{"$f":"IF($B42=\"\",\"\",\nVLOOKUP($C42,'2. Unit Testing Results'!$C$7:$BF$16,52,FALSE))","v":90},{"$f":"IF($B42=\"\",\"\",\nVLOOKUP($C42,'2. Unit Testing Results'!$C$7:$BF$16,53,FALSE))","v":1},{"$f":"IF($B42=\"\",\"\",\nVLOOKUP($C42,'2. Unit Testing Results'!$C$7:$BF$16,54,FALSE))","v":0},{"$f":"IF($B42=\"\",\"\",\nVLOOKUP($C42,'2. Unit Testing Results'!$C$7:$BF$16,55,FALSE))","v":1},{"$f":"IF($B42=\"\",\"\",\nVLOOKUP($C42,'2. Unit Testing Results'!$C$7:$BF$16,56,FALSE))","v":1}]
[null,{"$f":"IF('2. Unit Testing Results'!$C59=\"\",\"\",'2. Unit Testing Results'!$C59)","v":405},{"$f":"IF('2. Unit Testing Results'!$D60=\"\",\"\",'2. Unit Testing Results'!$D60)","v":"B1"},{"$f":"IF('2. Unit Testing Results'!$E60=\"\",\"\",'2. Unit Testing Results'!$E60)","v":650},{"$f":"IF('2. Unit Testing Results'!$F60=\"\",\"\",'2. Unit Testing Results'!$F60)","v":2220},null,{"$f":"IF($B43=\"\",\"\",\nIF((('2. Unit Testing Results'!$Y59)*60)/((VLOOKUP($C43,'2. Unit Testing Results'!$C$7:$S$16,4,FALSE))*(VLOOKUP($C43,'2. Unit Testing Results'!$C$7:$S$16,6,FALSE)))=0,\n((('2. Unit Testing Results'!$I59)*60)/((VLOOKUP($C43,'2. Unit Testing Results'!$C$7:$S$16,4,FALSE))*(VLOOKUP($C43,'2. Unit Testing Results'!$C$7:$S$16,6,FALSE)))),\n((('2. Unit Testing Results'!$Y59)*60)/((VLOOKUP($C43,'2. Unit Testing Results'!$C$7:$S$16,4,FALSE))*(VLOOKUP($C43,'2. Unit Testing Results'!$C$7:$S$16,6,FALSE))))))","v":473.32173913043471},{"$f":"IF($B43=\"\",\"\",\nVLOOKUP($C43,'2. Unit Testing Results'!$C$7:$BF$16,20,FALSE))","v":38},{"$f":"IF($B43=\"\",\"\",\nVLOOKUP($C43,'2. Unit Testing Results'!$C$7:$BF$16,22,FALSE))","v":19},{"$f":"IF($B43=\"\",\"\",\nVLOOKUP($C43,'2. Unit Testing Results'!$C$7:$BF$16,24,FALSE))","v":0},{"$f":"IF($B43=\"\",\"\",\nVLOOKUP($C43,'2. Unit Testing Results'!$C$7:$BF$16,26,FALSE))","v":10},{"$f":"IF($B43=\"\",\"\",\nVLOOKUP($C43,'2. Unit Testing Results'!$C$7:$BF$16,27,FALSE))","v":0.3},{"$f":"IF($B43=\"\",\"\",\nVLOOKUP($C43,'2. Unit Testing Results'!$C$7:$BF$16,29,FALSE))","v":0.32},{"$f":"IF($B43=\"\",\"\",\nIF('2. Unit Testing Results'!$R59=0,'2. Unit Testing Results'!$G59,'2. Unit Testing Results'!$R59\n))","v":""},{"$f":"IF($B43=\"\",\"\",\nIF(AND('2. Unit Testing Results'!$W59=0,'2. Unit Testing Results'!$W59<>\"\"),'2. Unit Testing Results'!$H59,\nIF('2. Unit Testing Results'!$W59<>\"\",'2. Unit Testing Results'!$W59,\"\")))","v":""},{"$f":"IF($B43=\"\",\"\",\nVLOOKUP($C43,'2. Unit Testing Results'!$C$7:$BF$16,31,FALSE))","v":"Furnace"},{"$f":"IF($B43=\"\",\"\",\nVLOOKUP($C43,'2. Unit Testing Results'!$C$7:$BF$16,33,FALSE))","v":"NG"},{"$f":"IF($B43=\"\",\"\",\nVLOOKUP($C43,'2. Unit Testing Results'!$C$7:$BF$16,35,FALSE))","v":94.5},{"$f":"IF($B43=\"\",\"\",\nVLOOKUP($C43,'2. Unit Testing Results'!$C$7:$BF$16,37,FALSE))","v":"AFUE"},{"$f":"IF($B43=\"\",\"\",\nVLOOKUP($C43,'2. Unit Testing Results'!$C$7:$BF$16,38,FALSE))","v":"AC"},{"$f":"IF($B43=\"\",\"\",\nVLOOKUP($C43,'2. Unit Testing Results'!$C$7:$BF$16,39,FALSE))","v":"Electricity"},{"$f":"IF($B43=\"\",\"\",\nVLOOKUP($C43,'2. Unit Testing Results'!$C$7:$BF$16,41,FALSE))","v":9},{"$f":"IF($B43=\"\",\"\",\nVLOOKUP($C43,'2. Unit Testing Results'!$C$7:$BF$16,43,FALSE))","v":"SEER"},{"$f":"IF($B43=\"\",\"\",\nVLOOKUP($C43,'2. Unit Testing Results'!$C$7:$BF$16,45,FALSE))","v":"Storage"},{"$f":"IF($B43=\"\",\"\",\nVLOOKUP($C43,'2. Unit Testing Results'!$C$7:$BF$16,47,FALSE))","v":"Gas"},{"$f":"IF($B43=\"\",\"\",\nVLOOKUP($C43,'2. Unit Testing Results'!$C$7:$BF$16,49,FALSE))","v":0.98},{"$f":"IF($B43=\"\",\"\",\nVLOOKUP($C43,'2. Unit Testing Results'!$C$7:$BF$16,51,FALSE))","v":"Central Fan Integrated System (CFIS)"},{"$f":"IF($B43=\"\",\"\",\nVLOOKUP($C43,'2. Unit Testing Results'!$C$7:$BF$16,52,FALSE))","v":90},{"$f":"IF($B43=\"\",\"\",\nVLOOKUP($C43,'2. Unit Testing Results'!$C$7:$BF$16,53,FALSE))","v":1},{"$f":"IF($B43=\"\",\"\",\nVLOOKUP($C43,'2. Unit Testing Results'!$C$7:$BF$16,54,FALSE))","v":0},{"$f":"IF($B43=\"\",\"\",\nVLOOKUP($C43,'2. Unit Testing Results'!$C$7:$BF$16,55,FALSE))","v":1},{"$f":"IF($B43=\"\",\"\",\nVLOOKUP($C43,'2. Unit Testing Results'!$C$7:$BF$16,56,FALSE))","v":1}]
[null,{"$f":"IF('2. Unit Testing Results'!$C60=\"\",\"\",'2. Unit Testing Results'!$C60)","v":406},{"$f":"IF('2. Unit Testing Results'!$D61=\"\",\"\",'2. Unit Testing Results'!$D61)","v":"B3"},{"$f":"IF('2. Unit Testing Results'!$E61=\"\",\"\",'2. Unit Testing Results'!$E61)","v":815},{"$f":"IF('2. Unit Testing Results'!$F61=\"\",\"\",'2. Unit Testing Results'!$F61)","v":3742},null,{"$f":"IF($B44=\"\",\"\",\nIF((('2. Unit Testing Results'!$Y60)*60)/((VLOOKUP($C44,'2. Unit Testing Results'!$C$7:$S$16,4,FALSE))*(VLOOKUP($C44,'2. Unit Testing Results'!$C$7:$S$16,6,FALSE)))=0,\n((('2. Unit Testing Results'!$I60)*60)/((VLOOKUP($C44,'2. Unit Testing Results'!$C$7:$S$16,4,FALSE))*(VLOOKUP($C44,'2. Unit Testing Results'!$C$7:$S$16,6,FALSE)))),\n((('2. Unit Testing Results'!$Y60)*60)/((VLOOKUP($C44,'2. Unit Testing Results'!$C$7:$S$16,4,FALSE))*(VLOOKUP($C44,'2. Unit Testing Results'!$C$7:$S$16,6,FALSE))))))","v":104.0625},{"$f":"IF($B44=\"\",\"\",\nVLOOKUP($C44,'2. Unit Testing Results'!$C$7:$BF$16,20,FALSE))","v":38},{"$f":"IF($B44=\"\",\"\",\nVLOOKUP($C44,'2. Unit Testing Results'!$C$7:$BF$16,22,FALSE))","v":19},{"$f":"IF($B44=\"\",\"\",\nVLOOKUP($C44,'2. Unit Testing Results'!$C$7:$BF$16,24,FALSE))","v":0},{"$f":"IF($B44=\"\",\"\",\nVLOOKUP($C44,'2. Unit Testing Results'!$C$7:$BF$16,26,FALSE))","v":10},{"$f":"IF($B44=\"\",\"\",\nVLOOKUP($C44,'2. Unit Testing Results'!$C$7:$BF$16,27,FALSE))","v":0.3},{"$f":"IF($B44=\"\",\"\",\nVLOOKUP($C44,'2. Unit Testing Results'!$C$7:$BF$16,29,FALSE))","v":0.32},{"$f":"IF($B44=\"\",\"\",\nIF('2. Unit Testing Results'!$R60=0,'2. Unit Testing Results'!$G60,'2. Unit Testing Results'!$R60\n))","v":22},{"$f":"IF($B44=\"\",\"\",\nIF(AND('2. Unit Testing Results'!$W60=0,'2. Unit Testing Results'!$W60<>\"\"),'2. Unit Testing Results'!$H60,\nIF('2. Unit Testing Results'!$W60<>\"\",'2. Unit Testing Results'!$W60,\"\")))","v":""},{"$f":"IF($B44=\"\",\"\",\nVLOOKUP($C44,'2. Unit Testing Results'!$C$7:$BF$16,31,FALSE))","v":"Furnace"},{"$f":"IF($B44=\"\",\"\",\nVLOOKUP($C44,'2. Unit Testing Results'!$C$7:$BF$16,33,FALSE))","v":"NG"},{"$f":"IF($B44=\"\",\"\",\nVLOOKUP($C44,'2. Unit Testing Results'!$C$7:$BF$16,35,FALSE))","v":92},{"$f":"IF($B44=\"\",\"\",\nVLOOKUP($C44,'2. Unit Testing Results'!$C$7:$BF$16,37,FALSE))","v":"AFUE"},{"$f":"IF($B44=\"\",\"\",\nVLOOKUP($C44,'2. Unit Testing Results'!$C$7:$BF$16,38,FALSE))","v":"AC"},{"$f":"IF($B44=\"\",\"\",\nVLOOKUP($C44,'2. Unit Testing Results'!$C$7:$BF$16,39,FALSE))","v":"Electricity"},{"$f":"IF($B44=\"\",\"\",\nVLOOKUP($C44,'2. Unit Testing Results'!$C$7:$BF$16,41,FALSE))","v":9},{"$f":"IF($B44=\"\",\"\",\nVLOOKUP($C44,'2. Unit Testing Results'!$C$7:$BF$16,43,FALSE))","v":"SEER"},{"$f":"IF($B44=\"\",\"\",\nVLOOKUP($C44,'2. Unit Testing Results'!$C$7:$BF$16,45,FALSE))","v":"Storage"},{"$f":"IF($B44=\"\",\"\",\nVLOOKUP($C44,'2. Unit Testing Results'!$C$7:$BF$16,47,FALSE))","v":"Gas"},{"$f":"IF($B44=\"\",\"\",\nVLOOKUP($C44,'2. Unit Testing Results'!$C$7:$BF$16,49,FALSE))","v":0.98},{"$f":"IF($B44=\"\",\"\",\nVLOOKUP($C44,'2. Unit Testing Results'!$C$7:$BF$16,51,FALSE))","v":"Energy Recovery Ventilator (ERV)"},{"$f":"IF($B44=\"\",\"\",\nVLOOKUP($C44,'2. Unit Testing Results'!$C$7:$BF$16,52,FALSE))","v":90},{"$f":"IF($B44=\"\",\"\",\nVLOOKUP($C44,'2. Unit Testing Results'!$C$7:$BF$16,53,FALSE))","v":1},{"$f":"IF($B44=\"\",\"\",\nVLOOKUP($C44,'2. Unit Testing Results'!$C$7:$BF$16,54,FALSE))","v":0},{"$f":"IF($B44=\"\",\"\",\nVLOOKUP($C44,'2. Unit Testing Results'!$C$7:$BF$16,55,FALSE))","v":1},{"$f":"IF($B44=\"\",\"\",\nVLOOKUP($C44,'2. Unit Testing Results'!$C$7:$BF$16,56,FALSE))","v":1}]
[null,{"$f":"IF('2. Unit Testing Results'!$C61=\"\",\"\",'2. Unit Testing Results'!$C61)","v":407},{"$f":"IF('2. Unit Testing Results'!$D62=\"\",\"\",'2. Unit Testing Results'!$D62)","v":"B2"},{"$f":"IF('2. Unit Testing Results'!$E62=\"\",\"\",'2. Unit Testing Results'!$E62)","v":800},{"$f":"IF('2. Unit Testing Results'!$F62=\"\",\"\",'2. Unit Testing Results'!$F62)","v":3040},null,{"$f":"IF($B45=\"\",\"\",\nIF((('2. Unit Testing Results'!$Y61)*60)/((VLOOKUP($C45,'2. Unit Testing Results'!$C$7:$S$16,4,FALSE))*(VLOOKUP($C45,'2. Unit Testing Results'!$C$7:$S$16,6,FALSE)))=0,\n((('2. Unit Testing Results'!$I61)*60)/((VLOOKUP($C45,'2. Unit Testing Results'!$C$7:$S$16,4,FALSE))*(VLOOKUP($C45,'2. Unit Testing Results'!$C$7:$S$16,6,FALSE)))),\n((('2. Unit Testing Results'!$Y61)*60)/((VLOOKUP($C45,'2. Unit Testing Results'!$C$7:$S$16,4,FALSE))*(VLOOKUP($C45,'2. Unit Testing Results'!$C$7:$S$16,6,FALSE))))))","v":374.2},{"$f":"IF($B45=\"\",\"\",\nVLOOKUP($C45,'2. Unit Testing Results'!$C$7:$BF$16,20,FALSE))","v":19},{"$f":"IF($B45=\"\",\"\",\nVLOOKUP($C45,'2. Unit Testing Results'!$C$7:$BF$16,22,FALSE))","v":19},{"$f":"IF($B45=\"\",\"\",\nVLOOKUP($C45,'2. Unit Testing Results'!$C$7:$BF$16,24,FALSE))","v":0},{"$f":"IF($B45=\"\",\"\",\nVLOOKUP($C45,'2. Unit Testing Results'!$C$7:$BF$16,26,FALSE))","v":10},{"$f":"IF($B45=\"\",\"\",\nVLOOKUP($C45,'2. Unit Testing Results'!$C$7:$BF$16,27,FALSE))","v":0.3},{"$f":"IF($B45=\"\",\"\",\nVLOOKUP($C45,'2. Unit Testing Results'!$C$7:$BF$16,29,FALSE))","v":0.32},{"$f":"IF($B45=\"\",\"\",\nIF('2. Unit Testing Results'!$R61=0,'2. Unit Testing Results'!$G61,'2. Unit Testing Results'!$R61\n))","v":""},{"$f":"IF($B45=\"\",\"\",\nIF(AND('2. Unit Testing Results'!$W61=0,'2. Unit Testing Results'!$W61<>\"\"),'2. Unit Testing Results'!$H61,\nIF('2. Unit Testing Results'!$W61<>\"\",'2. Unit Testing Results'!$W61,\"\")))","v":""},{"$f":"IF($B45=\"\",\"\",\nVLOOKUP($C45,'2. Unit Testing Results'!$C$7:$BF$16,31,FALSE))","v":"Furnace"},{"$f":"IF($B45=\"\",\"\",\nVLOOKUP($C45,'2. Unit Testing Results'!$C$7:$BF$16,33,FALSE))","v":"NG"},{"$f":"IF($B45=\"\",\"\",\nVLOOKUP($C45,'2. Unit Testing Results'!$C$7:$BF$16,35,FALSE))","v":92.5},{"$f":"IF($B45=\"\",\"\",\nVLOOKUP($C45,'2. Unit Testing Results'!$C$7:$BF$16,37,FALSE))","v":"AFUE"},{"$f":"IF($B45=\"\",\"\",\nVLOOKUP($C45,'2. Unit Testing Results'!$C$7:$BF$16,38,FALSE))","v":"AC"},{"$f":"IF($B45=\"\",\"\",\nVLOOKUP($C45,'2. Unit Testing Results'!$C$7:$BF$16,39,FALSE))","v":"Electricity"},{"$f":"IF($B45=\"\",\"\",\nVLOOKUP($C45,'2. Unit Testing Results'!$C$7:$BF$16,41,FALSE))","v":10},{"$f":"IF($B45=\"\",\"\",\nVLOOKUP($C45,'2. Unit Testing Results'!$C$7:$BF$16,43,FALSE))","v":"SEER"},{"$f":"IF($B45=\"\",\"\",\nVLOOKUP($C45,'2. Unit Testing Results'!$C$7:$BF$16,45,FALSE))","v":"Storage"},{"$f":"IF($B45=\"\",\"\",\nVLOOKUP($C45,'2. Unit Testing Results'!$C$7:$BF$16,47,FALSE))","v":"Gas"},{"$f":"IF($B45=\"\",\"\",\nVLOOKUP($C45,'2. Unit Testing Results'!$C$7:$BF$16,49,FALSE))","v":0.98},{"$f":"IF($B45=\"\",\"\",\nVLOOKUP($C45,'2. Unit Testing Results'!$C$7:$BF$16,51,FALSE))","v":"Energy Recovery Ventilator (ERV)"},{"$f":"IF($B45=\"\",\"\",\nVLOOKUP($C45,'2. Unit Testing Results'!$C$7:$BF$16,52,FALSE))","v":90},{"$f":"IF($B45=\"\",\"\",\nVLOOKUP($C45,'2. Unit Testing Results'!$C$7:$BF$16,53,FALSE))","v":1},{"$f":"IF($B45=\"\",\"\",\nVLOOKUP($C45,'2. Unit Testing Results'!$C$7:$BF$16,54,FALSE))","v":0},{"$f":"IF($B45=\"\",\"\",\nVLOOKUP($C45,'2. Unit Testing Results'!$C$7:$BF$16,55,FALSE))","v":1},{"$f":"IF($B45=\"\",\"\",\nVLOOKUP($C45,'2. Unit Testing Results'!$C$7:$BF$16,56,FALSE))","v":1}]
[null,{"$f":"IF('2. Unit Testing Results'!$C62=\"\",\"\",'2. Unit Testing Results'!$C62)","v":408},{"$f":"IF('2. Unit Testing Results'!$D63=\"\",\"\",'2. Unit Testing Results'!$D63)","v":"A2"},{"$f":"IF('2. Unit Testing Results'!$E63=\"\",\"\",'2. Unit Testing Results'!$E63)","v":678},{"$f":"IF('2. Unit Testing Results'!$F63=\"\",\"\",'2. Unit Testing Results'!$F63)","v":2196},null,{"$f":"IF($B46=\"\",\"\",\nIF((('2. Unit Testing Results'!$Y62)*60)/((VLOOKUP($C46,'2. Unit Testing Results'!$C$7:$S$16,4,FALSE))*(VLOOKUP($C46,'2. Unit Testing Results'!$C$7:$S$16,6,FALSE)))=0,\n((('2. Unit Testing Results'!$I62)*60)/((VLOOKUP($C46,'2. Unit Testing Results'!$C$7:$S$16,4,FALSE))*(VLOOKUP($C46,'2. Unit Testing Results'!$C$7:$S$16,6,FALSE)))),\n((('2. Unit Testing Results'!$Y62)*60)/((VLOOKUP($C46,'2. Unit Testing Results'!$C$7:$S$16,4,FALSE))*(VLOOKUP($C46,'2. Unit Testing Results'!$C$7:$S$16,6,FALSE))))))","v":521.14285714285711},{"$f":"IF($B46=\"\",\"\",\nVLOOKUP($C46,'2. Unit Testing Results'!$C$7:$BF$16,20,FALSE))","v":19},{"$f":"IF($B46=\"\",\"\",\nVLOOKUP($C46,'2. Unit Testing Results'!$C$7:$BF$16,22,FALSE))","v":19},{"$f":"IF($B46=\"\",\"\",\nVLOOKUP($C46,'2. Unit Testing Results'!$C$7:$BF$16,24,FALSE))","v":6},{"$f":"IF($B46=\"\",\"\",\nVLOOKUP($C46,'2. Unit Testing Results'!$C$7:$BF$16,26,FALSE))","v":10},{"$f":"IF($B46=\"\",\"\",\nVLOOKUP($C46,'2. Unit Testing Results'!$C$7:$BF$16,27,FALSE))","v":0.3},{"$f":"IF($B46=\"\",\"\",\nVLOOKUP($C46,'2. Unit Testing Results'!$C$7:$BF$16,29,FALSE))","v":0.32},{"$f":"IF($B46=\"\",\"\",\nIF('2. Unit Testing Results'!$R62=0,'2. Unit Testing Results'!$G62,'2. Unit Testing Results'!$R62\n))","v":""},{"$f":"IF($B46=\"\",\"\",\nIF(AND('2. Unit Testing Results'!$W62=0,'2. Unit Testing Results'!$W62<>\"\"),'2. Unit Testing Results'!$H62,\nIF('2. Unit Testing Results'!$W62<>\"\",'2. Unit Testing Results'!$W62,\"\")))","v":""},{"$f":"IF($B46=\"\",\"\",\nVLOOKUP($C46,'2. Unit Testing Results'!$C$7:$BF$16,31,FALSE))","v":"Furnace"},{"$f":"IF($B46=\"\",\"\",\nVLOOKUP($C46,'2. Unit Testing Results'!$C$7:$BF$16,33,FALSE))","v":"NG"},{"$f":"IF($B46=\"\",\"\",\nVLOOKUP($C46,'2. Unit Testing Results'!$C$7:$BF$16,35,FALSE))","v":92.5},{"$f":"IF($B46=\"\",\"\",\nVLOOKUP($C46,'2. Unit Testing Results'!$C$7:$BF$16,37,FALSE))","v":"AFUE"},{"$f":"IF($B46=\"\",\"\",\nVLOOKUP($C46,'2. Unit Testing Results'!$C$7:$BF$16,38,FALSE))","v":"AC"},{"$f":"IF($B46=\"\",\"\",\nVLOOKUP($C46,'2. Unit Testing Results'!$C$7:$BF$16,39,FALSE))","v":"Electricity"},{"$f":"IF($B46=\"\",\"\",\nVLOOKUP($C46,'2. Unit Testing Results'!$C$7:$BF$16,41,FALSE))","v":9},{"$f":"IF($B46=\"\",\"\",\nVLOOKUP($C46,'2. Unit Testing Results'!$C$7:$BF$16,43,FALSE))","v":"SEER"},{"$f":"IF($B46=\"\",\"\",\nVLOOKUP($C46,'2. Unit Testing Results'!$C$7:$BF$16,45,FALSE))","v":"Storage"},{"$f":"IF($B46=\"\",\"\",\nVLOOKUP($C46,'2. Unit Testing Results'!$C$7:$BF$16,47,FALSE))","v":"Gas"},{"$f":"IF($B46=\"\",\"\",\nVLOOKUP($C46,'2. Unit Testing Results'!$C$7:$BF$16,49,FALSE))","v":0.98},{"$f":"IF($B46=\"\",\"\",\nVLOOKUP($C46,'2. Unit Testing Results'!$C$7:$BF$16,51,FALSE))","v":"Exhaust-only"},{"$f":"IF($B46=\"\",\"\",\nVLOOKUP($C46,'2. Unit Testing Results'!$C$7:$BF$16,52,FALSE))","v":90},{"$f":"IF($B46=\"\",\"\",\nVLOOKUP($C46,'2. Unit Testing Results'!$C$7:$BF$16,53,FALSE))","v":1},{"$f":"IF($B46=\"\",\"\",\nVLOOKUP($C46,'2. Unit Testing Results'!$C$7:$BF$16,54,FALSE))","v":0},{"$f":"IF($B46=\"\",\"\",\nVLOOKUP($C46,'2. Unit Testing Results'!$C$7:$BF$16,55,FALSE))","v":1},{"$f":"IF($B46=\"\",\"\",\nVLOOKUP($C46,'2. Unit Testing Results'!$C$7:$BF$16,56,FALSE))","v":1}]
[null,{"$f":"IF('2. Unit Testing Results'!$C63=\"\",\"\",'2. Unit Testing Results'!$C63)","v":409},{"$f":"IF('2. Unit Testing Results'!$D64=\"\",\"\",'2. Unit Testing Results'!$D64)","v":"A2"},{"$f":"IF('2. Unit Testing Results'!$E64=\"\",\"\",'2. Unit Testing Results'!$E64)","v":678},{"$f":"IF('2. Unit Testing Results'!$F64=\"\",\"\",'2. Unit Testing Results'!$F64)","v":2196},null,{"$f":"IF($B47=\"\",\"\",\nIF((('2. Unit Testing Results'!$Y63)*60)/((VLOOKUP($C47,'2. Unit Testing Results'!$C$7:$S$16,4,FALSE))*(VLOOKUP($C47,'2. Unit Testing Results'!$C$7:$S$16,6,FALSE)))=0,\n((('2. Unit Testing Results'!$I63)*60)/((VLOOKUP($C47,'2. Unit Testing Results'!$C$7:$S$16,4,FALSE))*(VLOOKUP($C47,'2. Unit Testing Results'!$C$7:$S$16,6,FALSE)))),\n((('2. Unit Testing Results'!$Y63)*60)/((VLOOKUP($C47,'2. Unit Testing Results'!$C$7:$S$16,4,FALSE))*(VLOOKUP($C47,'2. Unit Testing Results'!$C$7:$S$16,6,FALSE))))))","v":376.45714285714286},{"$f":"IF($B47=\"\",\"\",\nVLOOKUP($C47,'2. Unit Testing Results'!$C$7:$BF$16,20,FALSE))","v":19},{"$f":"IF($B47=\"\",\"\",\nVLOOKUP($C47,'2. Unit Testing Results'!$C$7:$BF$16,22,FALSE))","v":19},{"$f":"IF($B47=\"\",\"\",\nVLOOKUP($C47,'2. Unit Testing Results'!$C$7:$BF$16,24,FALSE))","v":6},{"$f":"IF($B47=\"\",\"\",\nVLOOKUP($C47,'2. Unit Testing Results'!$C$7:$BF$16,26,FALSE))","v":10},{"$f":"IF($B47=\"\",\"\",\nVLOOKUP($C47,'2. Unit Testing Results'!$C$7:$BF$16,27,FALSE))","v":0.3},{"$f":"IF($B47=\"\",\"\",\nVLOOKUP($C47,'2. Unit Testing Results'!$C$7:$BF$16,29,FALSE))","v":0.32},{"$f":"IF($B47=\"\",\"\",\nIF('2. Unit Testing Results'!$R63=0,'2. Unit Testing Results'!$G63,'2. Unit Testing Results'!$R63\n))","v":""},{"$f":"IF($B47=\"\",\"\",\nIF(AND('2. Unit Testing Results'!$W63=0,'2. Unit Testing Results'!$W63<>\"\"),'2. Unit Testing Results'!$H63,\nIF('2. Unit Testing Results'!$W63<>\"\",'2. Unit Testing Results'!$W63,\"\")))","v":""},{"$f":"IF($B47=\"\",\"\",\nVLOOKUP($C47,'2. Unit Testing Results'!$C$7:$BF$16,31,FALSE))","v":"Furnace"},{"$f":"IF($B47=\"\",\"\",\nVLOOKUP($C47,'2. Unit Testing Results'!$C$7:$BF$16,33,FALSE))","v":"NG"},{"$f":"IF($B47=\"\",\"\",\nVLOOKUP($C47,'2. Unit Testing Results'!$C$7:$BF$16,35,FALSE))","v":92.5},{"$f":"IF($B47=\"\",\"\",\nVLOOKUP($C47,'2. Unit Testing Results'!$C$7:$BF$16,37,FALSE))","v":"AFUE"},{"$f":"IF($B47=\"\",\"\",\nVLOOKUP($C47,'2. Unit Testing Results'!$C$7:$BF$16,38,FALSE))","v":"AC"},{"$f":"IF($B47=\"\",\"\",\nVLOOKUP($C47,'2. Unit Testing Results'!$C$7:$BF$16,39,FALSE))","v":"Electricity"},{"$f":"IF($B47=\"\",\"\",\nVLOOKUP($C47,'2. Unit Testing Results'!$C$7:$BF$16,41,FALSE))","v":9},{"$f":"IF($B47=\"\",\"\",\nVLOOKUP($C47,'2. Unit Testing Results'!$C$7:$BF$16,43,FALSE))","v":"SEER"},{"$f":"IF($B47=\"\",\"\",\nVLOOKUP($C47,'2. Unit Testing Results'!$C$7:$BF$16,45,FALSE))","v":"Storage"},{"$f":"IF($B47=\"\",\"\",\nVLOOKUP($C47,'2. Unit Testing Results'!$C$7:$BF$16,47,FALSE))","v":"Gas"},{"$f":"IF($B47=\"\",\"\",\nVLOOKUP($C47,'2. Unit Testing Results'!$C$7:$BF$16,49,FALSE))","v":0.98},{"$f":"IF($B47=\"\",\"\",\nVLOOKUP($C47,'2. Unit Testing Results'!$C$7:$BF$16,51,FALSE))","v":"Exhaust-only"},{"$f":"IF($B47=\"\",\"\",\nVLOOKUP($C47,'2. Unit Testing Results'!$C$7:$BF$16,52,FALSE))","v":90},{"$f":"IF($B47=\"\",\"\",\nVLOOKUP($C47,'2. Unit Testing Results'!$C$7:$BF$16,53,FALSE))","v":1},{"$f":"IF($B47=\"\",\"\",\nVLOOKUP($C47,'2. Unit Testing Results'!$C$7:$BF$16,54,FALSE))","v":0},{"$f":"IF($B47=\"\",\"\",\nVLOOKUP($C47,'2. Unit Testing Results'!$C$7:$BF$16,55,FALSE))","v":1},{"$f":"IF($B47=\"\",\"\",\nVLOOKUP($C47,'2. Unit Testing Results'!$C$7:$BF$16,56,FALSE))","v":1}]
[null,{"$f":"IF('2. Unit Testing Results'!$C64=\"\",\"\",'2. Unit Testing Results'!$C64)","v":410},{"$f":"IF('2. Unit Testing Results'!$D65=\"\",\"\",'2. Unit Testing Results'!$D65)","v":"A1"},{"$f":"IF('2. Unit Testing Results'!$E65=\"\",\"\",'2. Unit Testing Results'!$E65)","v":515},{"$f":"IF('2. Unit Testing Results'!$F65=\"\",\"\",'2. Unit Testing Results'!$F65)","v":1990},null,{"$f":"IF($B48=\"\",\"\",\nIF((('2. Unit Testing Results'!$Y64)*60)/((VLOOKUP($C48,'2. Unit Testing Results'!$C$7:$S$16,4,FALSE))*(VLOOKUP($C48,'2. Unit Testing Results'!$C$7:$S$16,6,FALSE)))=0,\n((('2. Unit Testing Results'!$I64)*60)/((VLOOKUP($C48,'2. Unit Testing Results'!$C$7:$S$16,4,FALSE))*(VLOOKUP($C48,'2. Unit Testing Results'!$C$7:$S$16,6,FALSE)))),\n((('2. Unit Testing Results'!$Y64)*60)/((VLOOKUP($C48,'2. Unit Testing Results'!$C$7:$S$16,4,FALSE))*(VLOOKUP($C48,'2. Unit Testing Results'!$C$7:$S$16,6,FALSE))))))","v":329.4},{"$f":"IF($B48=\"\",\"\",\nVLOOKUP($C48,'2. Unit Testing Results'!$C$7:$BF$16,20,FALSE))","v":38},{"$f":"IF($B48=\"\",\"\",\nVLOOKUP($C48,'2. Unit Testing Results'!$C$7:$BF$16,22,FALSE))","v":19},{"$f":"IF($B48=\"\",\"\",\nVLOOKUP($C48,'2. Unit Testing Results'!$C$7:$BF$16,24,FALSE))","v":30},{"$f":"IF($B48=\"\",\"\",\nVLOOKUP($C48,'2. Unit Testing Results'!$C$7:$BF$16,26,FALSE))","v":10},{"$f":"IF($B48=\"\",\"\",\nVLOOKUP($C48,'2. Unit Testing Results'!$C$7:$BF$16,27,FALSE))","v":0.3},{"$f":"IF($B48=\"\",\"\",\nVLOOKUP($C48,'2. Unit Testing Results'!$C$7:$BF$16,29,FALSE))","v":0.32},{"$f":"IF($B48=\"\",\"\",\nIF('2. Unit Testing Results'!$R64=0,'2. Unit Testing Results'!$G64,'2. Unit Testing Results'!$R64\n))","v":""},{"$f":"IF($B48=\"\",\"\",\nIF(AND('2. Unit Testing Results'!$W64=0,'2. Unit Testing Results'!$W64<>\"\"),'2. Unit Testing Results'!$H64,\nIF('2. Unit Testing Results'!$W64<>\"\",'2. Unit Testing Results'!$W64,\"\")))","v":""},{"$f":"IF($B48=\"\",\"\",\nVLOOKUP($C48,'2. Unit Testing Results'!$C$7:$BF$16,31,FALSE))","v":"Furnace"},{"$f":"IF($B48=\"\",\"\",\nVLOOKUP($C48,'2. Unit Testing Results'!$C$7:$BF$16,33,FALSE))","v":"NG"},{"$f":"IF($B48=\"\",\"\",\nVLOOKUP($C48,'2. Unit Testing Results'!$C$7:$BF$16,35,FALSE))","v":92.5},{"$f":"IF($B48=\"\",\"\",\nVLOOKUP($C48,'2. Unit Testing Results'!$C$7:$BF$16,37,FALSE))","v":"AFUE"},{"$f":"IF($B48=\"\",\"\",\nVLOOKUP($C48,'2. Unit Testing Results'!$C$7:$BF$16,38,FALSE))","v":"AC"},{"$f":"IF($B48=\"\",\"\",\nVLOOKUP($C48,'2. Unit Testing Results'!$C$7:$BF$16,39,FALSE))","v":"Electricity"},{"$f":"IF($B48=\"\",\"\",\nVLOOKUP($C48,'2. Unit Testing Results'!$C$7:$BF$16,41,FALSE))","v":9},{"$f":"IF($B48=\"\",\"\",\nVLOOKUP($C48,'2. Unit Testing Results'!$C$7:$BF$16,43,FALSE))","v":"SEER"},{"$f":"IF($B48=\"\",\"\",\nVLOOKUP($C48,'2. Unit Testing Results'!$C$7:$BF$16,45,FALSE))","v":"Storage"},{"$f":"IF($B48=\"\",\"\",\nVLOOKUP($C48,'2. Unit Testing Results'!$C$7:$BF$16,47,FALSE))","v":"Gas"},{"$f":"IF($B48=\"\",\"\",\nVLOOKUP($C48,'2. Unit Testing Results'!$C$7:$BF$16,49,FALSE))","v":0.98},{"$f":"IF($B48=\"\",\"\",\nVLOOKUP($C48,'2. Unit Testing Results'!$C$7:$BF$16,51,FALSE))","v":"Supply-only"},{"$f":"IF($B48=\"\",\"\",\nVLOOKUP($C48,'2. Unit Testing Results'!$C$7:$BF$16,52,FALSE))","v":90},{"$f":"IF($B48=\"\",\"\",\nVLOOKUP($C48,'2. Unit Testing Results'!$C$7:$BF$16,53,FALSE))","v":1},{"$f":"IF($B48=\"\",\"\",\nVLOOKUP($C48,'2. Unit Testing Results'!$C$7:$BF$16,54,FALSE))","v":1},{"$f":"IF($B48=\"\",\"\",\nVLOOKUP($C48,'2. Unit Testing Results'!$C$7:$BF$16,55,FALSE))","v":1},{"$f":"IF($B48=\"\",\"\",\nVLOOKUP($C48,'2. Unit Testing Results'!$C$7:$BF$16,56,FALSE))","v":1}]
[null,{"$f":"IF('2. Unit Testing Results'!$C65=\"\",\"\",'2. Unit Testing Results'!$C65)","v":501},{"$f":"IF('2. Unit Testing Results'!$D66=\"\",\"\",'2. Unit Testing Results'!$D66)","v":"B3"},{"$f":"IF('2. Unit Testing Results'!$E66=\"\",\"\",'2. Unit Testing Results'!$E66)","v":815},{"$f":"IF('2. Unit Testing Results'!$F66=\"\",\"\",'2. Unit Testing Results'!$F66)","v":3742},null,{"$f":"IF($B49=\"\",\"\",\nIF((('2. Unit Testing Results'!$Y65)*60)/((VLOOKUP($C49,'2. Unit Testing Results'!$C$7:$S$16,4,FALSE))*(VLOOKUP($C49,'2. Unit Testing Results'!$C$7:$S$16,6,FALSE)))=0,\n((('2. Unit Testing Results'!$I65)*60)/((VLOOKUP($C49,'2. Unit Testing Results'!$C$7:$S$16,4,FALSE))*(VLOOKUP($C49,'2. Unit Testing Results'!$C$7:$S$16,6,FALSE)))),\n((('2. Unit Testing Results'!$Y65)*60)/((VLOOKUP($C49,'2. Unit Testing Results'!$C$7:$S$16,4,FALSE))*(VLOOKUP($C49,'2. Unit Testing Results'!$C$7:$S$16,6,FALSE))))))","v":93.28125},{"$f":"IF($B49=\"\",\"\",\nVLOOKUP($C49,'2. Unit Testing Results'!$C$7:$BF$16,20,FALSE))","v":38},{"$f":"IF($B49=\"\",\"\",\nVLOOKUP($C49,'2. Unit Testing Results'!$C$7:$BF$16,22,FALSE))","v":19},{"$f":"IF($B49=\"\",\"\",\nVLOOKUP($C49,'2. Unit Testing Results'!$C$7:$BF$16,24,FALSE))","v":0},{"$f":"IF($B49=\"\",\"\",\nVLOOKUP($C49,'2. Unit Testing Results'!$C$7:$BF$16,26,FALSE))","v":10},{"$f":"IF($B49=\"\",\"\",\nVLOOKUP($C49,'2. Unit Testing Results'!$C$7:$BF$16,27,FALSE))","v":0.3},{"$f":"IF($B49=\"\",\"\",\nVLOOKUP($C49,'2. Unit Testing Results'!$C$7:$BF$16,29,FALSE))","v":0.32},{"$f":"IF($B49=\"\",\"\",\nIF('2. Unit Testing Results'!$R65=0,'2. Unit Testing Results'!$G65,'2. Unit Testing Results'!$R65\n))","v":""},{"$f":"IF($B49=\"\",\"\",\nIF(AND('2. Unit Testing Results'!$W65=0,'2. Unit Testing Results'!$W65<>\"\"),'2. Unit Testing Results'!$H65,\nIF('2. Unit Testing Results'!$W65<>\"\",'2. Unit Testing Results'!$W65,\"\")))","v":""},{"$f":"IF($B49=\"\",\"\",\nVLOOKUP($C49,'2. Unit Testing Results'!$C$7:$BF$16,31,FALSE))","v":"Furnace"},{"$f":"IF($B49=\"\",\"\",\nVLOOKUP($C49,'2. Unit Testing Results'!$C$7:$BF$16,33,FALSE))","v":"NG"},{"$f":"IF($B49=\"\",\"\",\nVLOOKUP($C49,'2. Unit Testing Results'!$C$7:$BF$16,35,FALSE))","v":92},{"$f":"IF($B49=\"\",\"\",\nVLOOKUP($C49,'2. Unit Testing Results'!$C$7:$BF$16,37,FALSE))","v":"AFUE"},{"$f":"IF($B49=\"\",\"\",\nVLOOKUP($C49,'2. Unit Testing Results'!$C$7:$BF$16,38,FALSE))","v":"AC"},{"$f":"IF($B49=\"\",\"\",\nVLOOKUP($C49,'2. Unit Testing Results'!$C$7:$BF$16,39,FALSE))","v":"Electricity"},{"$f":"IF($B49=\"\",\"\",\nVLOOKUP($C49,'2. Unit Testing Results'!$C$7:$BF$16,41,FALSE))","v":9},{"$f":"IF($B49=\"\",\"\",\nVLOOKUP($C49,'2. Unit Testing Results'!$C$7:$BF$16,43,FALSE))","v":"SEER"},{"$f":"IF($B49=\"\",\"\",\nVLOOKUP($C49,'2. Unit Testing Results'!$C$7:$BF$16,45,FALSE))","v":"Storage"},{"$f":"IF($B49=\"\",\"\",\nVLOOKUP($C49,'2. Unit Testing Results'!$C$7:$BF$16,47,FALSE))","v":"Gas"},{"$f":"IF($B49=\"\",\"\",\nVLOOKUP($C49,'2. Unit Testing Results'!$C$7:$BF$16,49,FALSE))","v":0.98},{"$f":"IF($B49=\"\",\"\",\nVLOOKUP($C49,'2. Unit Testing Results'!$C$7:$BF$16,51,FALSE))","v":"Energy Recovery Ventilator (ERV)"},{"$f":"IF($B49=\"\",\"\",\nVLOOKUP($C49,'2. Unit Testing Results'!$C$7:$BF$16,52,FALSE))","v":90},{"$f":"IF($B49=\"\",\"\",\nVLOOKUP($C49,'2. Unit Testing Results'!$C$7:$BF$16,53,FALSE))","v":1},{"$f":"IF($B49=\"\",\"\",\nVLOOKUP($C49,'2. Unit Testing Results'!$C$7:$BF$16,54,FALSE))","v":0},{"$f":"IF($B49=\"\",\"\",\nVLOOKUP($C49,'2. Unit Testing Results'!$C$7:$BF$16,55,FALSE))","v":1},{"$f":"IF($B49=\"\",\"\",\nVLOOKUP($C49,'2. Unit Testing Results'!$C$7:$BF$16,56,FALSE))","v":1}]
[null,{"$f":"IF('2. Unit Testing Results'!$C66=\"\",\"\",'2. Unit Testing Results'!$C66)","v":502},{"$f":"IF('2. Unit Testing Results'!$D67=\"\",\"\",'2. Unit Testing Results'!$D67)","v":"S1"},{"$f":"IF('2. Unit Testing Results'!$E67=\"\",\"\",'2. Unit Testing Results'!$E67)","v":500},{"$f":"IF('2. Unit Testing Results'!$F67=\"\",\"\",'2. Unit Testing Results'!$F67)","v":3024},null,{"$f":"IF($B50=\"\",\"\",\nIF((('2. Unit Testing Results'!$Y66)*60)/((VLOOKUP($C50,'2. Unit Testing Results'!$C$7:$S$16,4,FALSE))*(VLOOKUP($C50,'2. Unit Testing Results'!$C$7:$S$16,6,FALSE)))=0,\n((('2. Unit Testing Results'!$I66)*60)/((VLOOKUP($C50,'2. Unit Testing Results'!$C$7:$S$16,4,FALSE))*(VLOOKUP($C50,'2. Unit Testing Results'!$C$7:$S$16,6,FALSE)))),\n((('2. Unit Testing Results'!$Y66)*60)/((VLOOKUP($C50,'2. Unit Testing Results'!$C$7:$S$16,4,FALSE))*(VLOOKUP($C50,'2. Unit Testing Results'!$C$7:$S$16,6,FALSE))))))","v":6.5217391304347823},{"$f":"IF($B50=\"\",\"\",\nVLOOKUP($C50,'2. Unit Testing Results'!$C$7:$BF$16,20,FALSE))","v":19},{"$f":"IF($B50=\"\",\"\",\nVLOOKUP($C50,'2. Unit Testing Results'!$C$7:$BF$16,22,FALSE))","v":19},{"$f":"IF($B50=\"\",\"\",\nVLOOKUP($C50,'2. Unit Testing Results'!$C$7:$BF$16,24,FALSE))","v":8},{"$f":"IF($B50=\"\",\"\",\nVLOOKUP($C50,'2. Unit Testing Results'!$C$7:$BF$16,26,FALSE))","v":10},{"$f":"IF($B50=\"\",\"\",\nVLOOKUP($C50,'2. Unit Testing Results'!$C$7:$BF$16,27,FALSE))","v":0.3},{"$f":"IF($B50=\"\",\"\",\nVLOOKUP($C50,'2. Unit Testing Results'!$C$7:$BF$16,29,FALSE))","v":0.32},{"$f":"IF($B50=\"\",\"\",\nIF('2. Unit Testing Results'!$R66=0,'2. Unit Testing Results'!$G66,'2. Unit Testing Results'!$R66\n))","v":50},{"$f":"IF($B50=\"\",\"\",\nIF(AND('2. Unit Testing Results'!$W66=0,'2. Unit Testing Results'!$W66<>\"\"),'2. Unit Testing Results'!$H66,\nIF('2. Unit Testing Results'!$W66<>\"\",'2. Unit Testing Results'!$W66,\"\")))","v":""},{"$f":"IF($B50=\"\",\"\",\nVLOOKUP($C50,'2. Unit Testing Results'!$C$7:$BF$16,31,FALSE))","v":"Furnace"},{"$f":"IF($B50=\"\",\"\",\nVLOOKUP($C50,'2. Unit Testing Results'!$C$7:$BF$16,33,FALSE))","v":"NG"},{"$f":"IF($B50=\"\",\"\",\nVLOOKUP($C50,'2. Unit Testing Results'!$C$7:$BF$16,35,FALSE))","v":92.5},{"$f":"IF($B50=\"\",\"\",\nVLOOKUP($C50,'2. Unit Testing Results'!$C$7:$BF$16,37,FALSE))","v":"AFUE"},{"$f":"IF($B50=\"\",\"\",\nVLOOKUP($C50,'2. Unit Testing Results'!$C$7:$BF$16,38,FALSE))","v":"AC"},{"$f":"IF($B50=\"\",\"\",\nVLOOKUP($C50,'2. Unit Testing Results'!$C$7:$BF$16,39,FALSE))","v":"Electricity"},{"$f":"IF($B50=\"\",\"\",\nVLOOKUP($C50,'2. Unit Testing Results'!$C$7:$BF$16,41,FALSE))","v":9},{"$f":"IF($B50=\"\",\"\",\nVLOOKUP($C50,'2. Unit Testing Results'!$C$7:$BF$16,43,FALSE))","v":"SEER"},{"$f":"IF($B50=\"\",\"\",\nVLOOKUP($C50,'2. Unit Testing Results'!$C$7:$BF$16,45,FALSE))","v":"Storage"},{"$f":"IF($B50=\"\",\"\",\nVLOOKUP($C50,'2. Unit Testing Results'!$C$7:$BF$16,47,FALSE))","v":"Gas"},{"$f":"IF($B50=\"\",\"\",\nVLOOKUP($C50,'2. Unit Testing Results'!$C$7:$BF$16,49,FALSE))","v":0.98},{"$f":"IF($B50=\"\",\"\",\nVLOOKUP($C50,'2. Unit Testing Results'!$C$7:$BF$16,51,FALSE))","v":"Balanced"},{"$f":"IF($B50=\"\",\"\",\nVLOOKUP($C50,'2. Unit Testing Results'!$C$7:$BF$16,52,FALSE))","v":90},{"$f":"IF($B50=\"\",\"\",\nVLOOKUP($C50,'2. Unit Testing Results'!$C$7:$BF$16,53,FALSE))","v":1},{"$f":"IF($B50=\"\",\"\",\nVLOOKUP($C50,'2. Unit Testing Results'!$C$7:$BF$16,54,FALSE))","v":0},{"$f":"IF($B50=\"\",\"\",\nVLOOKUP($C50,'2. Unit Testing Results'!$C$7:$BF$16,55,FALSE))","v":1},{"$f":"IF($B50=\"\",\"\",\nVLOOKUP($C50,'2. Unit Testing Results'!$C$7:$BF$16,56,FALSE))","v":1}]
[null,{"$f":"IF('2. Unit Testing Results'!$C67=\"\",\"\",'2. Unit Testing Results'!$C67)","v":503},{"$f":"IF('2. Unit Testing Results'!$D68=\"\",\"\",'2. Unit Testing Results'!$D68)","v":"B4"},{"$f":"IF('2. Unit Testing Results'!$E68=\"\",\"\",'2. Unit Testing Results'!$E68)","v":1800},{"$f":"IF('2. Unit Testing Results'!$F68=\"\",\"\",'2. Unit Testing Results'!$F68)","v":6141},null,{"$f":"IF($B51=\"\",\"\",\nIF((('2. Unit Testing Results'!$Y67)*60)/((VLOOKUP($C51,'2. Unit Testing Results'!$C$7:$S$16,4,FALSE))*(VLOOKUP($C51,'2. Unit Testing Results'!$C$7:$S$16,6,FALSE)))=0,\n((('2. Unit Testing Results'!$I67)*60)/((VLOOKUP($C51,'2. Unit Testing Results'!$C$7:$S$16,4,FALSE))*(VLOOKUP($C51,'2. Unit Testing Results'!$C$7:$S$16,6,FALSE)))),\n((('2. Unit Testing Results'!$Y67)*60)/((VLOOKUP($C51,'2. Unit Testing Results'!$C$7:$S$16,4,FALSE))*(VLOOKUP($C51,'2. Unit Testing Results'!$C$7:$S$16,6,FALSE))))))","v":117.8181818181818},{"$f":"IF($B51=\"\",\"\",\nVLOOKUP($C51,'2. Unit Testing Results'!$C$7:$BF$16,20,FALSE))","v":38},{"$f":"IF($B51=\"\",\"\",\nVLOOKUP($C51,'2. Unit Testing Results'!$C$7:$BF$16,22,FALSE))","v":19},{"$f":"IF($B51=\"\",\"\",\nVLOOKUP($C51,'2. Unit Testing Results'!$C$7:$BF$16,24,FALSE))","v":0},{"$f":"IF($B51=\"\",\"\",\nVLOOKUP($C51,'2. Unit Testing Results'!$C$7:$BF$16,26,FALSE))","v":10},{"$f":"IF($B51=\"\",\"\",\nVLOOKUP($C51,'2. Unit Testing Results'!$C$7:$BF$16,27,FALSE))","v":0.3},{"$f":"IF($B51=\"\",\"\",\nVLOOKUP($C51,'2. Unit Testing Results'!$C$7:$BF$16,29,FALSE))","v":0.32},{"$f":"IF($B51=\"\",\"\",\nIF('2. Unit Testing Results'!$R67=0,'2. Unit Testing Results'!$G67,'2. Unit Testing Results'!$R67\n))","v":""},{"$f":"IF($B51=\"\",\"\",\nIF(AND('2. Unit Testing Results'!$W67=0,'2. Unit Testing Results'!$W67<>\"\"),'2. Unit Testing Results'!$H67,\nIF('2. Unit Testing Results'!$W67<>\"\",'2. Unit Testing Results'!$W67,\"\")))","v":""},{"$f":"IF($B51=\"\",\"\",\nVLOOKUP($C51,'2. Unit Testing Results'!$C$7:$BF$16,31,FALSE))","v":"Furnace"},{"$f":"IF($B51=\"\",\"\",\nVLOOKUP($C51,'2. Unit Testing Results'!$C$7:$BF$16,33,FALSE))","v":"NG"},{"$f":"IF($B51=\"\",\"\",\nVLOOKUP($C51,'2. Unit Testing Results'!$C$7:$BF$16,35,FALSE))","v":92},{"$f":"IF($B51=\"\",\"\",\nVLOOKUP($C51,'2. Unit Testing Results'!$C$7:$BF$16,37,FALSE))","v":"AFUE"},{"$f":"IF($B51=\"\",\"\",\nVLOOKUP($C51,'2. Unit Testing Results'!$C$7:$BF$16,38,FALSE))","v":"AC"},{"$f":"IF($B51=\"\",\"\",\nVLOOKUP($C51,'2. Unit Testing Results'!$C$7:$BF$16,39,FALSE))","v":"Electricity"},{"$f":"IF($B51=\"\",\"\",\nVLOOKUP($C51,'2. Unit Testing Results'!$C$7:$BF$16,41,FALSE))","v":9},{"$f":"IF($B51=\"\",\"\",\nVLOOKUP($C51,'2. Unit Testing Results'!$C$7:$BF$16,43,FALSE))","v":"SEER"},{"$f":"IF($B51=\"\",\"\",\nVLOOKUP($C51,'2. Unit Testing Results'!$C$7:$BF$16,45,FALSE))","v":"Storage"},{"$f":"IF($B51=\"\",\"\",\nVLOOKUP($C51,'2. Unit Testing Results'!$C$7:$BF$16,47,FALSE))","v":"Gas"},{"$f":"IF($B51=\"\",\"\",\nVLOOKUP($C51,'2. Unit Testing Results'!$C$7:$BF$16,49,FALSE))","v":0.98},{"$f":"IF($B51=\"\",\"\",\nVLOOKUP($C51,'2. Unit Testing Results'!$C$7:$BF$16,51,FALSE))","v":"Heat Recovery Ventilator (HRV)"},{"$f":"IF($B51=\"\",\"\",\nVLOOKUP($C51,'2. Unit Testing Results'!$C$7:$BF$16,52,FALSE))","v":90},{"$f":"IF($B51=\"\",\"\",\nVLOOKUP($C51,'2. Unit Testing Results'!$C$7:$BF$16,53,FALSE))","v":1},{"$f":"IF($B51=\"\",\"\",\nVLOOKUP($C51,'2. Unit Testing Results'!$C$7:$BF$16,54,FALSE))","v":1},{"$f":"IF($B51=\"\",\"\",\nVLOOKUP($C51,'2. Unit Testing Results'!$C$7:$BF$16,55,FALSE))","v":1},{"$f":"IF($B51=\"\",\"\",\nVLOOKUP($C51,'2. Unit Testing Results'!$C$7:$BF$16,56,FALSE))","v":2}]
[null,{"$f":"IF('2. Unit Testing Results'!$C68=\"\",\"\",'2. Unit Testing Results'!$C68)","v":504},{"$f":"IF('2. Unit Testing Results'!$D69=\"\",\"\",'2. Unit Testing Results'!$D69)","v":"S1"},{"$f":"IF('2. Unit Testing Results'!$E69=\"\",\"\",'2. Unit Testing Results'!$E69)","v":500},{"$f":"IF('2. Unit Testing Results'!$F69=\"\",\"\",'2. Unit Testing Results'!$F69)","v":3024},null,{"$f":"IF($B52=\"\",\"\",\nIF((('2. Unit Testing Results'!$Y68)*60)/((VLOOKUP($C52,'2. Unit Testing Results'!$C$7:$S$16,4,FALSE))*(VLOOKUP($C52,'2. Unit Testing Results'!$C$7:$S$16,6,FALSE)))=0,\n((('2. Unit Testing Results'!$I68)*60)/((VLOOKUP($C52,'2. Unit Testing Results'!$C$7:$S$16,4,FALSE))*(VLOOKUP($C52,'2. Unit Testing Results'!$C$7:$S$16,6,FALSE)))),\n((('2. Unit Testing Results'!$Y68)*60)/((VLOOKUP($C52,'2. Unit Testing Results'!$C$7:$S$16,4,FALSE))*(VLOOKUP($C52,'2. Unit Testing Results'!$C$7:$S$16,6,FALSE))))))","v":600.75},{"$f":"IF($B52=\"\",\"\",\nVLOOKUP($C52,'2. Unit Testing Results'!$C$7:$BF$16,20,FALSE))","v":19},{"$f":"IF($B52=\"\",\"\",\nVLOOKUP($C52,'2. Unit Testing Results'!$C$7:$BF$16,22,FALSE))","v":19},{"$f":"IF($B52=\"\",\"\",\nVLOOKUP($C52,'2. Unit Testing Results'!$C$7:$BF$16,24,FALSE))","v":8},{"$f":"IF($B52=\"\",\"\",\nVLOOKUP($C52,'2. Unit Testing Results'!$C$7:$BF$16,26,FALSE))","v":10},{"$f":"IF($B52=\"\",\"\",\nVLOOKUP($C52,'2. Unit Testing Results'!$C$7:$BF$16,27,FALSE))","v":0.3},{"$f":"IF($B52=\"\",\"\",\nVLOOKUP($C52,'2. Unit Testing Results'!$C$7:$BF$16,29,FALSE))","v":0.32},{"$f":"IF($B52=\"\",\"\",\nIF('2. Unit Testing Results'!$R68=0,'2. Unit Testing Results'!$G68,'2. Unit Testing Results'!$R68\n))","v":""},{"$f":"IF($B52=\"\",\"\",\nIF(AND('2. Unit Testing Results'!$W68=0,'2. Unit Testing Results'!$W68<>\"\"),'2. Unit Testing Results'!$H68,\nIF('2. Unit Testing Results'!$W68<>\"\",'2. Unit Testing Results'!$W68,\"\")))","v":""},{"$f":"IF($B52=\"\",\"\",\nVLOOKUP($C52,'2. Unit Testing Results'!$C$7:$BF$16,31,FALSE))","v":"Furnace"},{"$f":"IF($B52=\"\",\"\",\nVLOOKUP($C52,'2. Unit Testing Results'!$C$7:$BF$16,33,FALSE))","v":"NG"},{"$f":"IF($B52=\"\",\"\",\nVLOOKUP($C52,'2. Unit Testing Results'!$C$7:$BF$16,35,FALSE))","v":92.5},{"$f":"IF($B52=\"\",\"\",\nVLOOKUP($C52,'2. Unit Testing Results'!$C$7:$BF$16,37,FALSE))","v":"AFUE"},{"$f":"IF($B52=\"\",\"\",\nVLOOKUP($C52,'2. Unit Testing Results'!$C$7:$BF$16,38,FALSE))","v":"AC"},{"$f":"IF($B52=\"\",\"\",\nVLOOKUP($C52,'2. Unit Testing Results'!$C$7:$BF$16,39,FALSE))","v":"Electricity"},{"$f":"IF($B52=\"\",\"\",\nVLOOKUP($C52,'2. Unit Testing Results'!$C$7:$BF$16,41,FALSE))","v":9},{"$f":"IF($B52=\"\",\"\",\nVLOOKUP($C52,'2. Unit Testing Results'!$C$7:$BF$16,43,FALSE))","v":"SEER"},{"$f":"IF($B52=\"\",\"\",\nVLOOKUP($C52,'2. Unit Testing Results'!$C$7:$BF$16,45,FALSE))","v":"Storage"},{"$f":"IF($B52=\"\",\"\",\nVLOOKUP($C52,'2. Unit Testing Results'!$C$7:$BF$16,47,FALSE))","v":"Gas"},{"$f":"IF($B52=\"\",\"\",\nVLOOKUP($C52,'2. Unit Testing Results'!$C$7:$BF$16,49,FALSE))","v":0.98},{"$f":"IF($B52=\"\",\"\",\nVLOOKUP($C52,'2. Unit Testing Results'!$C$7:$BF$16,51,FALSE))","v":"Balanced"},{"$f":"IF($B52=\"\",\"\",\nVLOOKUP($C52,'2. Unit Testing Results'!$C$7:$BF$16,52,FALSE))","v":90},{"$f":"IF($B52=\"\",\"\",\nVLOOKUP($C52,'2. Unit Testing Results'!$C$7:$BF$16,53,FALSE))","v":1},{"$f":"IF($B52=\"\",\"\",\nVLOOKUP($C52,'2. Unit Testing Results'!$C$7:$BF$16,54,FALSE))","v":0},{"$f":"IF($B52=\"\",\"\",\nVLOOKUP($C52,'2. Unit Testing Results'!$C$7:$BF$16,55,FALSE))","v":1},{"$f":"IF($B52=\"\",\"\",\nVLOOKUP($C52,'2. Unit Testing Results'!$C$7:$BF$16,56,FALSE))","v":1}]
[null,{"$f":"IF('2. Unit Testing Results'!$C69=\"\",\"\",'2. Unit Testing Results'!$C69)","v":505},{"$f":"IF('2. Unit Testing Results'!$D70=\"\",\"\",'2. Unit Testing Results'!$D70)","v":"B1"},{"$f":"IF('2. Unit Testing Results'!$E70=\"\",\"\",'2. Unit Testing Results'!$E70)","v":650},{"$f":"IF('2. Unit Testing Results'!$F70=\"\",\"\",'2. Unit Testing Results'!$F70)","v":2220},null,{"$f":"IF($B53=\"\",\"\",\nIF((('2. Unit Testing Results'!$Y69)*60)/((VLOOKUP($C53,'2. Unit Testing Results'!$C$7:$S$16,4,FALSE))*(VLOOKUP($C53,'2. Unit Testing Results'!$C$7:$S$16,6,FALSE)))=0,\n((('2. Unit Testing Results'!$I69)*60)/((VLOOKUP($C53,'2. Unit Testing Results'!$C$7:$S$16,4,FALSE))*(VLOOKUP($C53,'2. Unit Testing Results'!$C$7:$S$16,6,FALSE)))),\n((('2. Unit Testing Results'!$Y69)*60)/((VLOOKUP($C53,'2. Unit Testing Results'!$C$7:$S$16,4,FALSE))*(VLOOKUP($C53,'2. Unit Testing Results'!$C$7:$S$16,6,FALSE))))))","v":473.32173913043471},{"$f":"IF($B53=\"\",\"\",\nVLOOKUP($C53,'2. Unit Testing Results'!$C$7:$BF$16,20,FALSE))","v":38},{"$f":"IF($B53=\"\",\"\",\nVLOOKUP($C53,'2. Unit Testing Results'!$C$7:$BF$16,22,FALSE))","v":19},{"$f":"IF($B53=\"\",\"\",\nVLOOKUP($C53,'2. Unit Testing Results'!$C$7:$BF$16,24,FALSE))","v":0},{"$f":"IF($B53=\"\",\"\",\nVLOOKUP($C53,'2. Unit Testing Results'!$C$7:$BF$16,26,FALSE))","v":10},{"$f":"IF($B53=\"\",\"\",\nVLOOKUP($C53,'2. Unit Testing Results'!$C$7:$BF$16,27,FALSE))","v":0.3},{"$f":"IF($B53=\"\",\"\",\nVLOOKUP($C53,'2. Unit Testing Results'!$C$7:$BF$16,29,FALSE))","v":0.32},{"$f":"IF($B53=\"\",\"\",\nIF('2. Unit Testing Results'!$R69=0,'2. Unit Testing Results'!$G69,'2. Unit Testing Results'!$R69\n))","v":""},{"$f":"IF($B53=\"\",\"\",\nIF(AND('2. Unit Testing Results'!$W69=0,'2. Unit Testing Results'!$W69<>\"\"),'2. Unit Testing Results'!$H69,\nIF('2. Unit Testing Results'!$W69<>\"\",'2. Unit Testing Results'!$W69,\"\")))","v":""},{"$f":"IF($B53=\"\",\"\",\nVLOOKUP($C53,'2. Unit Testing Results'!$C$7:$BF$16,31,FALSE))","v":"Furnace"},{"$f":"IF($B53=\"\",\"\",\nVLOOKUP($C53,'2. Unit Testing Results'!$C$7:$BF$16,33,FALSE))","v":"NG"},{"$f":"IF($B53=\"\",\"\",\nVLOOKUP($C53,'2. Unit Testing Results'!$C$7:$BF$16,35,FALSE))","v":94.5},{"$f":"IF($B53=\"\",\"\",\nVLOOKUP($C53,'2. Unit Testing Results'!$C$7:$BF$16,37,FALSE))","v":"AFUE"},{"$f":"IF($B53=\"\",\"\",\nVLOOKUP($C53,'2. Unit Testing Results'!$C$7:$BF$16,38,FALSE))","v":"AC"},{"$f":"IF($B53=\"\",\"\",\nVLOOKUP($C53,'2. Unit Testing Results'!$C$7:$BF$16,39,FALSE))","v":"Electricity"},{"$f":"IF($B53=\"\",\"\",\nVLOOKUP($C53,'2. Unit Testing Results'!$C$7:$BF$16,41,FALSE))","v":9},{"$f":"IF($B53=\"\",\"\",\nVLOOKUP($C53,'2. Unit Testing Results'!$C$7:$BF$16,43,FALSE))","v":"SEER"},{"$f":"IF($B53=\"\",\"\",\nVLOOKUP($C53,'2. Unit Testing Results'!$C$7:$BF$16,45,FALSE))","v":"Storage"},{"$f":"IF($B53=\"\",\"\",\nVLOOKUP($C53,'2. Unit Testing Results'!$C$7:$BF$16,47,FALSE))","v":"Gas"},{"$f":"IF($B53=\"\",\"\",\nVLOOKUP($C53,'2. Unit Testing Results'!$C$7:$BF$16,49,FALSE))","v":0.98},{"$f":"IF($B53=\"\",\"\",\nVLOOKUP($C53,'2. Unit Testing Results'!$C$7:$BF$16,51,FALSE))","v":"Central Fan Integrated System (CFIS)"},{"$f":"IF($B53=\"\",\"\",\nVLOOKUP($C53,'2. Unit Testing Results'!$C$7:$BF$16,52,FALSE))","v":90},{"$f":"IF($B53=\"\",\"\",\nVLOOKUP($C53,'2. Unit Testing Results'!$C$7:$BF$16,53,FALSE))","v":1},{"$f":"IF($B53=\"\",\"\",\nVLOOKUP($C53,'2. Unit Testing Results'!$C$7:$BF$16,54,FALSE))","v":0},{"$f":"IF($B53=\"\",\"\",\nVLOOKUP($C53,'2. Unit Testing Results'!$C$7:$BF$16,55,FALSE))","v":1},{"$f":"IF($B53=\"\",\"\",\nVLOOKUP($C53,'2. Unit Testing Results'!$C$7:$BF$16,56,FALSE))","v":1}]
[null,{"$f":"IF('2. Unit Testing Results'!$C70=\"\",\"\",'2. Unit Testing Results'!$C70)","v":506},{"$f":"IF('2. Unit Testing Results'!$D71=\"\",\"\",'2. Unit Testing Results'!$D71)","v":"B3"},{"$f":"IF('2. Unit Testing Results'!$E71=\"\",\"\",'2. Unit Testing Results'!$E71)","v":815},{"$f":"IF('2. Unit Testing Results'!$F71=\"\",\"\",'2. Unit Testing Results'!$F71)","v":3742},null,{"$f":"IF($B54=\"\",\"\",\nIF((('2. Unit Testing Results'!$Y70)*60)/((VLOOKUP($C54,'2. Unit Testing Results'!$C$7:$S$16,4,FALSE))*(VLOOKUP($C54,'2. Unit Testing Results'!$C$7:$S$16,6,FALSE)))=0,\n((('2. Unit Testing Results'!$I70)*60)/((VLOOKUP($C54,'2. Unit Testing Results'!$C$7:$S$16,4,FALSE))*(VLOOKUP($C54,'2. Unit Testing Results'!$C$7:$S$16,6,FALSE)))),\n((('2. Unit Testing Results'!$Y70)*60)/((VLOOKUP($C54,'2. Unit Testing Results'!$C$7:$S$16,4,FALSE))*(VLOOKUP($C54,'2. Unit Testing Results'!$C$7:$S$16,6,FALSE))))))","v":104.0625},{"$f":"IF($B54=\"\",\"\",\nVLOOKUP($C54,'2. Unit Testing Results'!$C$7:$BF$16,20,FALSE))","v":38},{"$f":"IF($B54=\"\",\"\",\nVLOOKUP($C54,'2. Unit Testing Results'!$C$7:$BF$16,22,FALSE))","v":19},{"$f":"IF($B54=\"\",\"\",\nVLOOKUP($C54,'2. Unit Testing Results'!$C$7:$BF$16,24,FALSE))","v":0},{"$f":"IF($B54=\"\",\"\",\nVLOOKUP($C54,'2. Unit Testing Results'!$C$7:$BF$16,26,FALSE))","v":10},{"$f":"IF($B54=\"\",\"\",\nVLOOKUP($C54,'2. Unit Testing Results'!$C$7:$BF$16,27,FALSE))","v":0.3},{"$f":"IF($B54=\"\",\"\",\nVLOOKUP($C54,'2. Unit Testing Results'!$C$7:$BF$16,29,FALSE))","v":0.32},{"$f":"IF($B54=\"\",\"\",\nIF('2. Unit Testing Results'!$R70=0,'2. Unit Testing Results'!$G70,'2. Unit Testing Results'!$R70\n))","v":""},{"$f":"IF($B54=\"\",\"\",\nIF(AND('2. Unit Testing Results'!$W70=0,'2. Unit Testing Results'!$W70<>\"\"),'2. Unit Testing Results'!$H70,\nIF('2. Unit Testing Results'!$W70<>\"\",'2. Unit Testing Results'!$W70,\"\")))","v":""},{"$f":"IF($B54=\"\",\"\",\nVLOOKUP($C54,'2. Unit Testing Results'!$C$7:$BF$16,31,FALSE))","v":"Furnace"},{"$f":"IF($B54=\"\",\"\",\nVLOOKUP($C54,'2. Unit Testing Results'!$C$7:$BF$16,33,FALSE))","v":"NG"},{"$f":"IF($B54=\"\",\"\",\nVLOOKUP($C54,'2. Unit Testing Results'!$C$7:$BF$16,35,FALSE))","v":92},{"$f":"IF($B54=\"\",\"\",\nVLOOKUP($C54,'2. Unit Testing Results'!$C$7:$BF$16,37,FALSE))","v":"AFUE"},{"$f":"IF($B54=\"\",\"\",\nVLOOKUP($C54,'2. Unit Testing Results'!$C$7:$BF$16,38,FALSE))","v":"AC"},{"$f":"IF($B54=\"\",\"\",\nVLOOKUP($C54,'2. Unit Testing Results'!$C$7:$BF$16,39,FALSE))","v":"Electricity"},{"$f":"IF($B54=\"\",\"\",\nVLOOKUP($C54,'2. Unit Testing Results'!$C$7:$BF$16,41,FALSE))","v":9},{"$f":"IF($B54=\"\",\"\",\nVLOOKUP($C54,'2. Unit Testing Results'!$C$7:$BF$16,43,FALSE))","v":"SEER"},{"$f":"IF($B54=\"\",\"\",\nVLOOKUP($C54,'2. Unit Testing Results'!$C$7:$BF$16,45,FALSE))","v":"Storage"},{"$f":"IF($B54=\"\",\"\",\nVLOOKUP($C54,'2. Unit Testing Results'!$C$7:$BF$16,47,FALSE))","v":"Gas"},{"$f":"IF($B54=\"\",\"\",\nVLOOKUP($C54,'2. Unit Testing Results'!$C$7:$BF$16,49,FALSE))","v":0.98},{"$f":"IF($B54=\"\",\"\",\nVLOOKUP($C54,'2. Unit Testing Results'!$C$7:$BF$16,51,FALSE))","v":"Energy Recovery Ventilator (ERV)"},{"$f":"IF($B54=\"\",\"\",\nVLOOKUP($C54,'2. Unit Testing Results'!$C$7:$BF$16,52,FALSE))","v":90},{"$f":"IF($B54=\"\",\"\",\nVLOOKUP($C54,'2. Unit Testing Results'!$C$7:$BF$16,53,FALSE))","v":1},{"$f":"IF($B54=\"\",\"\",\nVLOOKUP($C54,'2. Unit Testing Results'!$C$7:$BF$16,54,FALSE))","v":0},{"$f":"IF($B54=\"\",\"\",\nVLOOKUP($C54,'2. Unit Testing Results'!$C$7:$BF$16,55,FALSE))","v":1},{"$f":"IF($B54=\"\",\"\",\nVLOOKUP($C54,'2. Unit Testing Results'!$C$7:$BF$16,56,FALSE))","v":1}]
[null,{"$f":"IF('2. Unit Testing Results'!$C71=\"\",\"\",'2. Unit Testing Results'!$C71)","v":507},{"$f":"IF('2. Unit Testing Results'!$D72=\"\",\"\",'2. Unit Testing Results'!$D72)","v":"B2"},{"$f":"IF('2. Unit Testing Results'!$E72=\"\",\"\",'2. Unit Testing Results'!$E72)","v":800},{"$f":"IF('2. Unit Testing Results'!$F72=\"\",\"\",'2. Unit Testing Results'!$F72)","v":3040},null,{"$f":"IF($B55=\"\",\"\",\nIF((('2. Unit Testing Results'!$Y71)*60)/((VLOOKUP($C55,'2. Unit Testing Results'!$C$7:$S$16,4,FALSE))*(VLOOKUP($C55,'2. Unit Testing Results'!$C$7:$S$16,6,FALSE)))=0,\n((('2. Unit Testing Results'!$I71)*60)/((VLOOKUP($C55,'2. Unit Testing Results'!$C$7:$S$16,4,FALSE))*(VLOOKUP($C55,'2. Unit Testing Results'!$C$7:$S$16,6,FALSE)))),\n((('2. Unit Testing Results'!$Y71)*60)/((VLOOKUP($C55,'2. Unit Testing Results'!$C$7:$S$16,4,FALSE))*(VLOOKUP($C55,'2. Unit Testing Results'!$C$7:$S$16,6,FALSE))))))","v":374.2},{"$f":"IF($B55=\"\",\"\",\nVLOOKUP($C55,'2. Unit Testing Results'!$C$7:$BF$16,20,FALSE))","v":19},{"$f":"IF($B55=\"\",\"\",\nVLOOKUP($C55,'2. Unit Testing Results'!$C$7:$BF$16,22,FALSE))","v":19},{"$f":"IF($B55=\"\",\"\",\nVLOOKUP($C55,'2. Unit Testing Results'!$C$7:$BF$16,24,FALSE))","v":0},{"$f":"IF($B55=\"\",\"\",\nVLOOKUP($C55,'2. Unit Testing Results'!$C$7:$BF$16,26,FALSE))","v":10},{"$f":"IF($B55=\"\",\"\",\nVLOOKUP($C55,'2. Unit Testing Results'!$C$7:$BF$16,27,FALSE))","v":0.3},{"$f":"IF($B55=\"\",\"\",\nVLOOKUP($C55,'2. Unit Testing Results'!$C$7:$BF$16,29,FALSE))","v":0.32},{"$f":"IF($B55=\"\",\"\",\nIF('2. Unit Testing Results'!$R71=0,'2. Unit Testing Results'!$G71,'2. Unit Testing Results'!$R71\n))","v":""},{"$f":"IF($B55=\"\",\"\",\nIF(AND('2. Unit Testing Results'!$W71=0,'2. Unit Testing Results'!$W71<>\"\"),'2. Unit Testing Results'!$H71,\nIF('2. Unit Testing Results'!$W71<>\"\",'2. Unit Testing Results'!$W71,\"\")))","v":""},{"$f":"IF($B55=\"\",\"\",\nVLOOKUP($C55,'2. Unit Testing Results'!$C$7:$BF$16,31,FALSE))","v":"Furnace"},{"$f":"IF($B55=\"\",\"\",\nVLOOKUP($C55,'2. Unit Testing Results'!$C$7:$BF$16,33,FALSE))","v":"NG"},{"$f":"IF($B55=\"\",\"\",\nVLOOKUP($C55,'2. Unit Testing Results'!$C$7:$BF$16,35,FALSE))","v":92.5},{"$f":"IF($B55=\"\",\"\",\nVLOOKUP($C55,'2. Unit Testing Results'!$C$7:$BF$16,37,FALSE))","v":"AFUE"},{"$f":"IF($B55=\"\",\"\",\nVLOOKUP($C55,'2. Unit Testing Results'!$C$7:$BF$16,38,FALSE))","v":"AC"},{"$f":"IF($B55=\"\",\"\",\nVLOOKUP($C55,'2. Unit Testing Results'!$C$7:$BF$16,39,FALSE))","v":"Electricity"},{"$f":"IF($B55=\"\",\"\",\nVLOOKUP($C55,'2. Unit Testing Results'!$C$7:$BF$16,41,FALSE))","v":10},{"$f":"IF($B55=\"\",\"\",\nVLOOKUP($C55,'2. Unit Testing Results'!$C$7:$BF$16,43,FALSE))","v":"SEER"},{"$f":"IF($B55=\"\",\"\",\nVLOOKUP($C55,'2. Unit Testing Results'!$C$7:$BF$16,45,FALSE))","v":"Storage"},{"$f":"IF($B55=\"\",\"\",\nVLOOKUP($C55,'2. Unit Testing Results'!$C$7:$BF$16,47,FALSE))","v":"Gas"},{"$f":"IF($B55=\"\",\"\",\nVLOOKUP($C55,'2. Unit Testing Results'!$C$7:$BF$16,49,FALSE))","v":0.98},{"$f":"IF($B55=\"\",\"\",\nVLOOKUP($C55,'2. Unit Testing Results'!$C$7:$BF$16,51,FALSE))","v":"Energy Recovery Ventilator (ERV)"},{"$f":"IF($B55=\"\",\"\",\nVLOOKUP($C55,'2. Unit Testing Results'!$C$7:$BF$16,52,FALSE))","v":90},{"$f":"IF($B55=\"\",\"\",\nVLOOKUP($C55,'2. Unit Testing Results'!$C$7:$BF$16,53,FALSE))","v":1},{"$f":"IF($B55=\"\",\"\",\nVLOOKUP($C55,'2. Unit Testing Results'!$C$7:$BF$16,54,FALSE))","v":0},{"$f":"IF($B55=\"\",\"\",\nVLOOKUP($C55,'2. Unit Testing Results'!$C$7:$BF$16,55,FALSE))","v":1},{"$f":"IF($B55=\"\",\"\",\nVLOOKUP($C55,'2. Unit Testing Results'!$C$7:$BF$16,56,FALSE))","v":1}]
[null,{"$f":"IF('2. Unit Testing Results'!$C72=\"\",\"\",'2. Unit Testing Results'!$C72)","v":508},{"$f":"IF('2. Unit Testing Results'!$D73=\"\",\"\",'2. Unit Testing Results'!$D73)","v":"A2"},{"$f":"IF('2. Unit Testing Results'!$E73=\"\",\"\",'2. Unit Testing Results'!$E73)","v":678},{"$f":"IF('2. Unit Testing Results'!$F73=\"\",\"\",'2. Unit Testing Results'!$F73)","v":2196},null,{"$f":"IF($B56=\"\",\"\",\nIF((('2. Unit Testing Results'!$Y72)*60)/((VLOOKUP($C56,'2. Unit Testing Results'!$C$7:$S$16,4,FALSE))*(VLOOKUP($C56,'2. Unit Testing Results'!$C$7:$S$16,6,FALSE)))=0,\n((('2. Unit Testing Results'!$I72)*60)/((VLOOKUP($C56,'2. Unit Testing Results'!$C$7:$S$16,4,FALSE))*(VLOOKUP($C56,'2. Unit Testing Results'!$C$7:$S$16,6,FALSE)))),\n((('2. Unit Testing Results'!$Y72)*60)/((VLOOKUP($C56,'2. Unit Testing Results'!$C$7:$S$16,4,FALSE))*(VLOOKUP($C56,'2. Unit Testing Results'!$C$7:$S$16,6,FALSE))))))","v":521.14285714285711},{"$f":"IF($B56=\"\",\"\",\nVLOOKUP($C56,'2. Unit Testing Results'!$C$7:$BF$16,20,FALSE))","v":19},{"$f":"IF($B56=\"\",\"\",\nVLOOKUP($C56,'2. Unit Testing Results'!$C$7:$BF$16,22,FALSE))","v":19},{"$f":"IF($B56=\"\",\"\",\nVLOOKUP($C56,'2. Unit Testing Results'!$C$7:$BF$16,24,FALSE))","v":6},{"$f":"IF($B56=\"\",\"\",\nVLOOKUP($C56,'2. Unit Testing Results'!$C$7:$BF$16,26,FALSE))","v":10},{"$f":"IF($B56=\"\",\"\",\nVLOOKUP($C56,'2. Unit Testing Results'!$C$7:$BF$16,27,FALSE))","v":0.3},{"$f":"IF($B56=\"\",\"\",\nVLOOKUP($C56,'2. Unit Testing Results'!$C$7:$BF$16,29,FALSE))","v":0.32},{"$f":"IF($B56=\"\",\"\",\nIF('2. Unit Testing Results'!$R72=0,'2. Unit Testing Results'!$G72,'2. Unit Testing Results'!$R72\n))","v":""},{"$f":"IF($B56=\"\",\"\",\nIF(AND('2. Unit Testing Results'!$W72=0,'2. Unit Testing Results'!$W72<>\"\"),'2. Unit Testing Results'!$H72,\nIF('2. Unit Testing Results'!$W72<>\"\",'2. Unit Testing Results'!$W72,\"\")))","v":""},{"$f":"IF($B56=\"\",\"\",\nVLOOKUP($C56,'2. Unit Testing Results'!$C$7:$BF$16,31,FALSE))","v":"Furnace"},{"$f":"IF($B56=\"\",\"\",\nVLOOKUP($C56,'2. Unit Testing Results'!$C$7:$BF$16,33,FALSE))","v":"NG"},{"$f":"IF($B56=\"\",\"\",\nVLOOKUP($C56,'2. Unit Testing Results'!$C$7:$BF$16,35,FALSE))","v":92.5},{"$f":"IF($B56=\"\",\"\",\nVLOOKUP($C56,'2. Unit Testing Results'!$C$7:$BF$16,37,FALSE))","v":"AFUE"},{"$f":"IF($B56=\"\",\"\",\nVLOOKUP($C56,'2. Unit Testing Results'!$C$7:$BF$16,38,FALSE))","v":"AC"},{"$f":"IF($B56=\"\",\"\",\nVLOOKUP($C56,'2. Unit Testing Results'!$C$7:$BF$16,39,FALSE))","v":"Electricity"},{"$f":"IF($B56=\"\",\"\",\nVLOOKUP($C56,'2. Unit Testing Results'!$C$7:$BF$16,41,FALSE))","v":9},{"$f":"IF($B56=\"\",\"\",\nVLOOKUP($C56,'2. Unit Testing Results'!$C$7:$BF$16,43,FALSE))","v":"SEER"},{"$f":"IF($B56=\"\",\"\",\nVLOOKUP($C56,'2. Unit Testing Results'!$C$7:$BF$16,45,FALSE))","v":"Storage"},{"$f":"IF($B56=\"\",\"\",\nVLOOKUP($C56,'2. Unit Testing Results'!$C$7:$BF$16,47,FALSE))","v":"Gas"},{"$f":"IF($B56=\"\",\"\",\nVLOOKUP($C56,'2. Unit Testing Results'!$C$7:$BF$16,49,FALSE))","v":0.98},{"$f":"IF($B56=\"\",\"\",\nVLOOKUP($C56,'2. Unit Testing Results'!$C$7:$BF$16,51,FALSE))","v":"Exhaust-only"},{"$f":"IF($B56=\"\",\"\",\nVLOOKUP($C56,'2. Unit Testing Results'!$C$7:$BF$16,52,FALSE))","v":90},{"$f":"IF($B56=\"\",\"\",\nVLOOKUP($C56,'2. Unit Testing Results'!$C$7:$BF$16,53,FALSE))","v":1},{"$f":"IF($B56=\"\",\"\",\nVLOOKUP($C56,'2. Unit Testing Results'!$C$7:$BF$16,54,FALSE))","v":0},{"$f":"IF($B56=\"\",\"\",\nVLOOKUP($C56,'2. Unit Testing Results'!$C$7:$BF$16,55,FALSE))","v":1},{"$f":"IF($B56=\"\",\"\",\nVLOOKUP($C56,'2. Unit Testing Results'!$C$7:$BF$16,56,FALSE))","v":1}]
[null,{"$f":"IF('2. Unit Testing Results'!$C73=\"\",\"\",'2. Unit Testing Results'!$C73)","v":509},{"$f":"IF('2. Unit Testing Results'!$D74=\"\",\"\",'2. Unit Testing Results'!$D74)","v":"A2"},{"$f":"IF('2. Unit Testing Results'!$E74=\"\",\"\",'2. Unit Testing Results'!$E74)","v":678},{"$f":"IF('2. Unit Testing Results'!$F74=\"\",\"\",'2. Unit Testing Results'!$F74)","v":2196},null,{"$f":"IF($B57=\"\",\"\",\nIF((('2. Unit Testing Results'!$Y73)*60)/((VLOOKUP($C57,'2. Unit Testing Results'!$C$7:$S$16,4,FALSE))*(VLOOKUP($C57,'2. Unit Testing Results'!$C$7:$S$16,6,FALSE)))=0,\n((('2. Unit Testing Results'!$I73)*60)/((VLOOKUP($C57,'2. Unit Testing Results'!$C$7:$S$16,4,FALSE))*(VLOOKUP($C57,'2. Unit Testing Results'!$C$7:$S$16,6,FALSE)))),\n((('2. Unit Testing Results'!$Y73)*60)/((VLOOKUP($C57,'2. Unit Testing Results'!$C$7:$S$16,4,FALSE))*(VLOOKUP($C57,'2. Unit Testing Results'!$C$7:$S$16,6,FALSE))))))","v":2.2857142857142856},{"$f":"IF($B57=\"\",\"\",\nVLOOKUP($C57,'2. Unit Testing Results'!$C$7:$BF$16,20,FALSE))","v":19},{"$f":"IF($B57=\"\",\"\",\nVLOOKUP($C57,'2. Unit Testing Results'!$C$7:$BF$16,22,FALSE))","v":19},{"$f":"IF($B57=\"\",\"\",\nVLOOKUP($C57,'2. Unit Testing Results'!$C$7:$BF$16,24,FALSE))","v":6},{"$f":"IF($B57=\"\",\"\",\nVLOOKUP($C57,'2. Unit Testing Results'!$C$7:$BF$16,26,FALSE))","v":10},{"$f":"IF($B57=\"\",\"\",\nVLOOKUP($C57,'2. Unit Testing Results'!$C$7:$BF$16,27,FALSE))","v":0.3},{"$f":"IF($B57=\"\",\"\",\nVLOOKUP($C57,'2. Unit Testing Results'!$C$7:$BF$16,29,FALSE))","v":0.32},{"$f":"IF($B57=\"\",\"\",\nIF('2. Unit Testing Results'!$R73=0,'2. Unit Testing Results'!$G73,'2. Unit Testing Results'!$R73\n))","v":50},{"$f":"IF($B57=\"\",\"\",\nIF(AND('2. Unit Testing Results'!$W73=0,'2. Unit Testing Results'!$W73<>\"\"),'2. Unit Testing Results'!$H73,\nIF('2. Unit Testing Results'!$W73<>\"\",'2. Unit Testing Results'!$W73,\"\")))","v":""},{"$f":"IF($B57=\"\",\"\",\nVLOOKUP($C57,'2. Unit Testing Results'!$C$7:$BF$16,31,FALSE))","v":"Furnace"},{"$f":"IF($B57=\"\",\"\",\nVLOOKUP($C57,'2. Unit Testing Results'!$C$7:$BF$16,33,FALSE))","v":"NG"},{"$f":"IF($B57=\"\",\"\",\nVLOOKUP($C57,'2. Unit Testing Results'!$C$7:$BF$16,35,FALSE))","v":92.5},{"$f":"IF($B57=\"\",\"\",\nVLOOKUP($C57,'2. Unit Testing Results'!$C$7:$BF$16,37,FALSE))","v":"AFUE"},{"$f":"IF($B57=\"\",\"\",\nVLOOKUP($C57,'2. Unit Testing Results'!$C$7:$BF$16,38,FALSE))","v":"AC"},{"$f":"IF($B57=\"\",\"\",\nVLOOKUP($C57,'2. Unit Testing Results'!$C$7:$BF$16,39,FALSE))","v":"Electricity"},{"$f":"IF($B57=\"\",\"\",\nVLOOKUP($C57,'2. Unit Testing Results'!$C$7:$BF$16,41,FALSE))","v":9},{"$f":"IF($B57=\"\",\"\",\nVLOOKUP($C57,'2. Unit Testing Results'!$C$7:$BF$16,43,FALSE))","v":"SEER"},{"$f":"IF($B57=\"\",\"\",\nVLOOKUP($C57,'2. Unit Testing Results'!$C$7:$BF$16,45,FALSE))","v":"Storage"},{"$f":"IF($B57=\"\",\"\",\nVLOOKUP($C57,'2. Unit Testing Results'!$C$7:$BF$16,47,FALSE))","v":"Gas"},{"$f":"IF($B57=\"\",\"\",\nVLOOKUP($C57,'2. Unit Testing Results'!$C$7:$BF$16,49,FALSE))","v":0.98},{"$f":"IF($B57=\"\",\"\",\nVLOOKUP($C57,'2. Unit Testing Results'!$C$7:$BF$16,51,FALSE))","v":"Exhaust-only"},{"$f":"IF($B57=\"\",\"\",\nVLOOKUP($C57,'2. Unit Testing Results'!$C$7:$BF$16,52,FALSE))","v":90},{"$f":"IF($B57=\"\",\"\",\nVLOOKUP($C57,'2. Unit Testing Results'!$C$7:$BF$16,53,FALSE))","v":1},{"$f":"IF($B57=\"\",\"\",\nVLOOKUP($C57,'2. Unit Testing Results'!$C$7:$BF$16,54,FALSE))","v":0},{"$f":"IF($B57=\"\",\"\",\nVLOOKUP($C57,'2. Unit Testing Results'!$C$7:$BF$16,55,FALSE))","v":1},{"$f":"IF($B57=\"\",\"\",\nVLOOKUP($C57,'2. Unit Testing Results'!$C$7:$BF$16,56,FALSE))","v":1}]
[null,{"$f":"IF('2. Unit Testing Results'!$C74=\"\",\"\",'2. Unit Testing Results'!$C74)","v":510},{"$f":"IF('2. Unit Testing Results'!$D75=\"\",\"\",'2. Unit Testing Results'!$D75)","v":""},{"$f":"IF('2. Unit Testing Results'!$E75=\"\",\"\",'2. Unit Testing Results'!$E75)","v":""},{"$f":"IF('2. Unit Testing Results'!$F75=\"\",\"\",'2. Unit Testing Results'!$F75)","v":""},null,{"$f":"IF($B58=\"\",\"\",\nIF((('2. Unit Testing Results'!$Y74)*60)/((VLOOKUP($C58,'2. Unit Testing Results'!$C$7:$S$16,4,FALSE))*(VLOOKUP($C58,'2. Unit Testing Results'!$C$7:$S$16,6,FALSE)))=0,\n((('2. Unit Testing Results'!$I74)*60)/((VLOOKUP($C58,'2. Unit Testing Results'!$C$7:$S$16,4,FALSE))*(VLOOKUP($C58,'2. Unit Testing Results'!$C$7:$S$16,6,FALSE)))),\n((('2. Unit Testing Results'!$Y74)*60)/((VLOOKUP($C58,'2. Unit Testing Results'!$C$7:$S$16,4,FALSE))*(VLOOKUP($C58,'2. Unit Testing Results'!$C$7:$S$16,6,FALSE))))))","v":{"$error":"#N/A"}},{"$f":"IF($B58=\"\",\"\",\nVLOOKUP($C58,'2. Unit Testing Results'!$C$7:$BF$16,20,FALSE))","v":{"$error":"#N/A"}},{"$f":"IF($B58=\"\",\"\",\nVLOOKUP($C58,'2. Unit Testing Results'!$C$7:$BF$16,22,FALSE))","v":{"$error":"#N/A"}},{"$f":"IF($B58=\"\",\"\",\nVLOOKUP($C58,'2. Unit Testing Results'!$C$7:$BF$16,24,FALSE))","v":{"$error":"#N/A"}},{"$f":"IF($B58=\"\",\"\",\nVLOOKUP($C58,'2. Unit Testing Results'!$C$7:$BF$16,26,FALSE))","v":{"$error":"#N/A"}},{"$f":"IF($B58=\"\",\"\",\nVLOOKUP($C58,'2. Unit Testing Results'!$C$7:$BF$16,27,FALSE))","v":{"$error":"#N/A"}},{"$f":"IF($B58=\"\",\"\",\nVLOOKUP($C58,'2. Unit Testing Results'!$C$7:$BF$16,29,FALSE))","v":{"$error":"#N/A"}},{"$f":"IF($B58=\"\",\"\",\nIF('2. Unit Testing Results'!$R74=0,'2. Unit Testing Results'!$G74,'2. Unit Testing Results'!$R74\n))","v":""},{"$f":"IF($B58=\"\",\"\",\nIF(AND('2. Unit Testing Results'!$W74=0,'2. Unit Testing Results'!$W74<>\"\"),'2. Unit Testing Results'!$H74,\nIF('2. Unit Testing Results'!$W74<>\"\",'2. Unit Testing Results'!$W74,\"\")))","v":""},{"$f":"IF($B58=\"\",\"\",\nVLOOKUP($C58,'2. Unit Testing Results'!$C$7:$BF$16,31,FALSE))","v":{"$error":"#N/A"}},{"$f":"IF($B58=\"\",\"\",\nVLOOKUP($C58,'2. Unit Testing Results'!$C$7:$BF$16,33,FALSE))","v":{"$error":"#N/A"}},{"$f":"IF($B58=\"\",\"\",\nVLOOKUP($C58,'2. Unit Testing Results'!$C$7:$BF$16,35,FALSE))","v":{"$error":"#N/A"}},{"$f":"IF($B58=\"\",\"\",\nVLOOKUP($C58,'2. Unit Testing Results'!$C$7:$BF$16,37,FALSE))","v":{"$error":"#N/A"}},{"$f":"IF($B58=\"\",\"\",\nVLOOKUP($C58,'2. Unit Testing Results'!$C$7:$BF$16,38,FALSE))","v":{"$error":"#N/A"}},{"$f":"IF($B58=\"\",\"\",\nVLOOKUP($C58,'2. Unit Testing Results'!$C$7:$BF$16,39,FALSE))","v":{"$error":"#N/A"}},{"$f":"IF($B58=\"\",\"\",\nVLOOKUP($C58,'2. Unit Testing Results'!$C$7:$BF$16,41,FALSE))","v":{"$error":"#N/A"}},{"$f":"IF($B58=\"\",\"\",\nVLOOKUP($C58,'2. Unit Testing Results'!$C$7:$BF$16,43,FALSE))","v":{"$error":"#N/A"}},{"$f":"IF($B58=\"\",\"\",\nVLOOKUP($C58,'2. Unit Testing Results'!$C$7:$BF$16,45,FALSE))","v":{"$error":"#N/A"}},{"$f":"IF($B58=\"\",\"\",\nVLOOKUP($C58,'2. Unit Testing Results'!$C$7:$BF$16,47,FALSE))","v":{"$error":"#N/A"}},{"$f":"IF($B58=\"\",\"\",\nVLOOKUP($C58,'2. Unit Testing Results'!$C$7:$BF$16,49,FALSE))","v":{"$error":"#N/A"}},{"$f":"IF($B58=\"\",\"\",\nVLOOKUP($C58,'2. Unit Testing Results'!$C$7:$BF$16,51,FALSE))","v":{"$error":"#N/A"}},{"$f":"IF($B58=\"\",\"\",\nVLOOKUP($C58,'2. Unit Testing Results'!$C$7:$BF$16,52,FALSE))","v":{"$error":"#N/A"}},{"$f":"IF($B58=\"\",\"\",\nVLOOKUP($C58,'2. Unit Testing Results'!$C$7:$BF$16,53,FALSE))","v":{"$error":"#N/A"}},{"$f":"IF($B58=\"\",\"\",\nVLOOKUP($C58,'2. Unit Testing Results'!$C$7:$BF$16,54,FALSE))","v":{"$error":"#N/A"}},{"$f":"IF($B58=\"\",\"\",\nVLOOKUP($C58,'2. Unit Testing Results'!$C$7:$BF$16,55,FALSE))","v":{"$error":"#N/A"}},{"$f":"IF($B58=\"\",\"\",\nVLOOKUP($C58,'2. Unit Testing Results'!$C$7:$BF$16,56,FALSE))","v":{"$error":"#N/A"}}]
[null,{"$f":"IF('2. Unit Testing Results'!$C75=\"\",\"\",'2. Unit Testing Results'!$C75)","v":""},{"$f":"IF('2. Unit Testing Results'!$D76=\"\",\"\",'2. Unit Testing Results'!$D76)","v":""},{"$f":"IF('2. Unit Testing Results'!$E76=\"\",\"\",'2. Unit Testing Results'!$E76)","v":""},{"$f":"IF('2. Unit Testing Results'!$F76=\"\",\"\",'2. Unit Testing Results'!$F76)","v":""},null,{"$f":"IF($B59=\"\",\"\",\nIF((('2. Unit Testing Results'!$Y75)*60)/((VLOOKUP($C59,'2. Unit Testing Results'!$C$7:$S$16,4,FALSE))*(VLOOKUP($C59,'2. Unit Testing Results'!$C$7:$S$16,6,FALSE)))=0,\n((('2. Unit Testing Results'!$I75)*60)/((VLOOKUP($C59,'2. Unit Testing Results'!$C$7:$S$16,4,FALSE))*(VLOOKUP($C59,'2. Unit Testing Results'!$C$7:$S$16,6,FALSE)))),\n((('2. Unit Testing Results'!$Y75)*60)/((VLOOKUP($C59,'2. Unit Testing Results'!$C$7:$S$16,4,FALSE))*(VLOOKUP($C59,'2. Unit Testing Results'!$C$7:$S$16,6,FALSE))))))","v":""},{"$f":"IF($B59=\"\",\"\",\nVLOOKUP($C59,'2. Unit Testing Results'!$C$7:$BF$16,20,FALSE))","v":""},{"$f":"IF($B59=\"\",\"\",\nVLOOKUP($C59,'2. Unit Testing Results'!$C$7:$BF$16,22,FALSE))","v":""},{"$f":"IF($B59=\"\",\"\",\nVLOOKUP($C59,'2. Unit Testing Results'!$C$7:$BF$16,24,FALSE))","v":""},{"$f":"IF($B59=\"\",\"\",\nVLOOKUP($C59,'2. Unit Testing Results'!$C$7:$BF$16,26,FALSE))","v":""},{"$f":"IF($B59=\"\",\"\",\nVLOOKUP($C59,'2. Unit Testing Results'!$C$7:$BF$16,27,FALSE))","v":""},{"$f":"IF($B59=\"\",\"\",\nVLOOKUP($C59,'2. Unit Testing Results'!$C$7:$BF$16,29,FALSE))","v":""},{"$f":"IF($B59=\"\",\"\",\nIF('2. Unit Testing Results'!$R75=0,'2. Unit Testing Results'!$G75,'2. Unit Testing Results'!$R75\n))","v":""},{"$f":"IF($B59=\"\",\"\",\nIF(AND('2. Unit Testing Results'!$W75=0,'2. Unit Testing Results'!$W75<>\"\"),'2. Unit Testing Results'!$H75,\nIF('2. Unit Testing Results'!$W75<>\"\",'2. Unit Testing Results'!$W75,\"\")))","v":""},{"$f":"IF($B59=\"\",\"\",\nVLOOKUP($C59,'2. Unit Testing Results'!$C$7:$BF$16,31,FALSE))","v":""},{"$f":"IF($B59=\"\",\"\",\nVLOOKUP($C59,'2. Unit Testing Results'!$C$7:$BF$16,33,FALSE))","v":""},{"$f":"IF($B59=\"\",\"\",\nVLOOKUP($C59,'2. Unit Testing Results'!$C$7:$BF$16,35,FALSE))","v":""},{"$f":"IF($B59=\"\",\"\",\nVLOOKUP($C59,'2. Unit Testing Results'!$C$7:$BF$16,37,FALSE))","v":""},{"$f":"IF($B59=\"\",\"\",\nVLOOKUP($C59,'2. Unit Testing Results'!$C$7:$BF$16,38,FALSE))","v":""},{"$f":"IF($B59=\"\",\"\",\nVLOOKUP($C59,'2. Unit Testing Results'!$C$7:$BF$16,39,FALSE))","v":""},{"$f":"IF($B59=\"\",\"\",\nVLOOKUP($C59,'2. Unit Testing Results'!$C$7:$BF$16,41,FALSE))","v":""},{"$f":"IF($B59=\"\",\"\",\nVLOOKUP($C59,'2. Unit Testing Results'!$C$7:$BF$16,43,FALSE))","v":""},{"$f":"IF($B59=\"\",\"\",\nVLOOKUP($C59,'2. Unit Testing Results'!$C$7:$BF$16,45,FALSE))","v":""},{"$f":"IF($B59=\"\",\"\",\nVLOOKUP($C59,'2. Unit Testing Results'!$C$7:$BF$16,47,FALSE))","v":""},{"$f":"IF($B59=\"\",\"\",\nVLOOKUP($C59,'2. Unit Testing Results'!$C$7:$BF$16,49,FALSE))","v":""},{"$f":"IF($B59=\"\",\"\",\nVLOOKUP($C59,'2. Unit Testing Results'!$C$7:$BF$16,51,FALSE))","v":""},{"$f":"IF($B59=\"\",\"\",\nVLOOKUP($C59,'2. Unit Testing Results'!$C$7:$BF$16,52,FALSE))","v":""},{"$f":"IF($B59=\"\",\"\",\nVLOOKUP($C59,'2. Unit Testing Results'!$C$7:$BF$16,53,FALSE))","v":""},{"$f":"IF($B59=\"\",\"\",\nVLOOKUP($C59,'2. Unit Testing Results'!$C$7:$BF$16,54,FALSE))","v":""},{"$f":"IF($B59=\"\",\"\",\nVLOOKUP($C59,'2. Unit Testing Results'!$C$7:$BF$16,55,FALSE))","v":""},{"$f":"IF($B59=\"\",\"\",\nVLOOKUP($C59,'2. Unit Testing Results'!$C$7:$BF$16,56,FALSE))","v":""}]
[null,{"$f":"IF('2. Unit Testing Results'!$C76=\"\",\"\",'2. Unit Testing Results'!$C76)","v":""},{"$f":"IF('2. Unit Testing Results'!$D77=\"\",\"\",'2. Unit Testing Results'!$D77)","v":""},{"$f":"IF('2. Unit Testing Results'!$E77=\"\",\"\",'2. Unit Testing Results'!$E77)","v":""},{"$f":"IF('2. Unit Testing Results'!$F77=\"\",\"\",'2. Unit Testing Results'!$F77)","v":""},null,{"$f":"IF($B60=\"\",\"\",\nIF((('2. Unit Testing Results'!$Y76)*60)/((VLOOKUP($C60,'2. Unit Testing Results'!$C$7:$S$16,4,FALSE))*(VLOOKUP($C60,'2. Unit Testing Results'!$C$7:$S$16,6,FALSE)))=0,\n((('2. Unit Testing Results'!$I76)*60)/((VLOOKUP($C60,'2. Unit Testing Results'!$C$7:$S$16,4,FALSE))*(VLOOKUP($C60,'2. Unit Testing Results'!$C$7:$S$16,6,FALSE)))),\n((('2. Unit Testing Results'!$Y76)*60)/((VLOOKUP($C60,'2. Unit Testing Results'!$C$7:$S$16,4,FALSE))*(VLOOKUP($C60,'2. Unit Testing Results'!$C$7:$S$16,6,FALSE))))))","v":""},{"$f":"IF($B60=\"\",\"\",\nVLOOKUP($C60,'2. Unit Testing Results'!$C$7:$BF$16,20,FALSE))","v":""},{"$f":"IF($B60=\"\",\"\",\nVLOOKUP($C60,'2. Unit Testing Results'!$C$7:$BF$16,22,FALSE))","v":""},{"$f":"IF($B60=\"\",\"\",\nVLOOKUP($C60,'2. Unit Testing Results'!$C$7:$BF$16,24,FALSE))","v":""},{"$f":"IF($B60=\"\",\"\",\nVLOOKUP($C60,'2. Unit Testing Results'!$C$7:$BF$16,26,FALSE))","v":""},{"$f":"IF($B60=\"\",\"\",\nVLOOKUP($C60,'2. Unit Testing Results'!$C$7:$BF$16,27,FALSE))","v":""},{"$f":"IF($B60=\"\",\"\",\nVLOOKUP($C60,'2. Unit Testing Results'!$C$7:$BF$16,29,FALSE))","v":""},{"$f":"IF($B60=\"\",\"\",\nIF('2. Unit Testing Results'!$R76=0,'2. Unit Testing Results'!$G76,'2. Unit Testing Results'!$R76\n))","v":""},{"$f":"IF($B60=\"\",\"\",\nIF(AND('2. Unit Testing Results'!$W76=0,'2. Unit Testing Results'!$W76<>\"\"),'2. Unit Testing Results'!$H76,\nIF('2. Unit Testing Results'!$W76<>\"\",'2. Unit Testing Results'!$W76,\"\")))","v":""},{"$f":"IF($B60=\"\",\"\",\nVLOOKUP($C60,'2. Unit Testing Results'!$C$7:$BF$16,31,FALSE))","v":""},{"$f":"IF($B60=\"\",\"\",\nVLOOKUP($C60,'2. Unit Testing Results'!$C$7:$BF$16,33,FALSE))","v":""},{"$f":"IF($B60=\"\",\"\",\nVLOOKUP($C60,'2. Unit Testing Results'!$C$7:$BF$16,35,FALSE))","v":""},{"$f":"IF($B60=\"\",\"\",\nVLOOKUP($C60,'2. Unit Testing Results'!$C$7:$BF$16,37,FALSE))","v":""},{"$f":"IF($B60=\"\",\"\",\nVLOOKUP($C60,'2. Unit Testing Results'!$C$7:$BF$16,38,FALSE))","v":""},{"$f":"IF($B60=\"\",\"\",\nVLOOKUP($C60,'2. Unit Testing Results'!$C$7:$BF$16,39,FALSE))","v":""},{"$f":"IF($B60=\"\",\"\",\nVLOOKUP($C60,'2. Unit Testing Results'!$C$7:$BF$16,41,FALSE))","v":""},{"$f":"IF($B60=\"\",\"\",\nVLOOKUP($C60,'2. Unit Testing Results'!$C$7:$BF$16,43,FALSE))","v":""},{"$f":"IF($B60=\"\",\"\",\nVLOOKUP($C60,'2. Unit Testing Results'!$C$7:$BF$16,45,FALSE))","v":""},{"$f":"IF($B60=\"\",\"\",\nVLOOKUP($C60,'2. Unit Testing Results'!$C$7:$BF$16,47,FALSE))","v":""},{"$f":"IF($B60=\"\",\"\",\nVLOOKUP($C60,'2. Unit Testing Results'!$C$7:$BF$16,49,FALSE))","v":""},{"$f":"IF($B60=\"\",\"\",\nVLOOKUP($C60,'2. Unit Testing Results'!$C$7:$BF$16,51,FALSE))","v":""},{"$f":"IF($B60=\"\",\"\",\nVLOOKUP($C60,'2. Unit Testing Results'!$C$7:$BF$16,52,FALSE))","v":""},{"$f":"IF($B60=\"\",\"\",\nVLOOKUP($C60,'2. Unit Testing Results'!$C$7:$BF$16,53,FALSE))","v":""},{"$f":"IF($B60=\"\",\"\",\nVLOOKUP($C60,'2. Unit Testing Results'!$C$7:$BF$16,54,FALSE))","v":""},{"$f":"IF($B60=\"\",\"\",\nVLOOKUP($C60,'2. Unit Testing Results'!$C$7:$BF$16,55,FALSE))","v":""},{"$f":"IF($B60=\"\",\"\",\nVLOOKUP($C60,'2. Unit Testing Results'!$C$7:$BF$16,56,FALSE))","v":""}]
[null,{"$f":"IF('2. Unit Testing Results'!$C77=\"\",\"\",'2. Unit Testing Results'!$C77)","v":""},{"$f":"IF('2. Unit Testing Results'!$D78=\"\",\"\",'2. Unit Testing Results'!$D78)","v":""},{"$f":"IF('2. Unit Testing Results'!$E78=\"\",\"\",'2. Unit Testing Results'!$E78)","v":""},{"$f":"IF('2. Unit Testing Results'!$F78=\"\",\"\",'2. Unit Testing Results'!$F78)","v":""},null,{"$f":"IF($B61=\"\",\"\",\nIF((('2. Unit Testing Results'!$Y77)*60)/((VLOOKUP($C61,'2. Unit Testing Results'!$C$7:$S$16,4,FALSE))*(VLOOKUP($C61,'2. Unit Testing Results'!$C$7:$S$16,6,FALSE)))=0,\n((('2. Unit Testing Results'!$I77)*60)/((VLOOKUP($C61,'2. Unit Testing Results'!$C$7:$S$16,4,FALSE))*(VLOOKUP($C61,'2. Unit Testing Results'!$C$7:$S$16,6,FALSE)))),\n((('2. Unit Testing Results'!$Y77)*60)/((VLOOKUP($C61,'2. Unit Testing Results'!$C$7:$S$16,4,FALSE))*(VLOOKUP($C61,'2. Unit Testing Results'!$C$7:$S$16,6,FALSE))))))","v":""},{"$f":"IF($B61=\"\",\"\",\nVLOOKUP($C61,'2. Unit Testing Results'!$C$7:$BF$16,20,FALSE))","v":""},{"$f":"IF($B61=\"\",\"\",\nVLOOKUP($C61,'2. Unit Testing Results'!$C$7:$BF$16,22,FALSE))","v":""},{"$f":"IF($B61=\"\",\"\",\nVLOOKUP($C61,'2. Unit Testing Results'!$C$7:$BF$16,24,FALSE))","v":""},{"$f":"IF($B61=\"\",\"\",\nVLOOKUP($C61,'2. Unit Testing Results'!$C$7:$BF$16,26,FALSE))","v":""},{"$f":"IF($B61=\"\",\"\",\nVLOOKUP($C61,'2. Unit Testing Results'!$C$7:$BF$16,27,FALSE))","v":""},{"$f":"IF($B61=\"\",\"\",\nVLOOKUP($C61,'2. Unit Testing Results'!$C$7:$BF$16,29,FALSE))","v":""},{"$f":"IF($B61=\"\",\"\",\nIF('2. Unit Testing Results'!$R77=0,'2. Unit Testing Results'!$G77,'2. Unit Testing Results'!$R77\n))","v":""},{"$f":"IF($B61=\"\",\"\",\nIF(AND('2. Unit Testing Results'!$W77=0,'2. Unit Testing Results'!$W77<>\"\"),'2. Unit Testing Results'!$H77,\nIF('2. Unit Testing Results'!$W77<>\"\",'2. Unit Testing Results'!$W77,\"\")))","v":""},{"$f":"IF($B61=\"\",\"\",\nVLOOKUP($C61,'2. Unit Testing Results'!$C$7:$BF$16,31,FALSE))","v":""},{"$f":"IF($B61=\"\",\"\",\nVLOOKUP($C61,'2. Unit Testing Results'!$C$7:$BF$16,33,FALSE))","v":""},{"$f":"IF($B61=\"\",\"\",\nVLOOKUP($C61,'2. Unit Testing Results'!$C$7:$BF$16,35,FALSE))","v":""},{"$f":"IF($B61=\"\",\"\",\nVLOOKUP($C61,'2. Unit Testing Results'!$C$7:$BF$16,37,FALSE))","v":""},{"$f":"IF($B61=\"\",\"\",\nVLOOKUP($C61,'2. Unit Testing Results'!$C$7:$BF$16,38,FALSE))","v":""},{"$f":"IF($B61=\"\",\"\",\nVLOOKUP($C61,'2. Unit Testing Results'!$C$7:$BF$16,39,FALSE))","v":""},{"$f":"IF($B61=\"\",\"\",\nVLOOKUP($C61,'2. Unit Testing Results'!$C$7:$BF$16,41,FALSE))","v":""},{"$f":"IF($B61=\"\",\"\",\nVLOOKUP($C61,'2. Unit Testing Results'!$C$7:$BF$16,43,FALSE))","v":""},{"$f":"IF($B61=\"\",\"\",\nVLOOKUP($C61,'2. Unit Testing Results'!$C$7:$BF$16,45,FALSE))","v":""},{"$f":"IF($B61=\"\",\"\",\nVLOOKUP($C61,'2. Unit Testing Results'!$C$7:$BF$16,47,FALSE))","v":""},{"$f":"IF($B61=\"\",\"\",\nVLOOKUP($C61,'2. Unit Testing Results'!$C$7:$BF$16,49,FALSE))","v":""},{"$f":"IF($B61=\"\",\"\",\nVLOOKUP($C61,'2. Unit Testing Results'!$C$7:$BF$16,51,FALSE))","v":""},{"$f":"IF($B61=\"\",\"\",\nVLOOKUP($C61,'2. Unit Testing Results'!$C$7:$BF$16,52,FALSE))","v":""},{"$f":"IF($B61=\"\",\"\",\nVLOOKUP($C61,'2. Unit Testing Results'!$C$7:$BF$16,53,FALSE))","v":""},{"$f":"IF($B61=\"\",\"\",\nVLOOKUP($C61,'2. Unit Testing Results'!$C$7:$BF$16,54,FALSE))","v":""},{"$f":"IF($B61=\"\",\"\",\nVLOOKUP($C61,'2. Unit Testing Results'!$C$7:$BF$16,55,FALSE))","v":""},{"$f":"IF($B61=\"\",\"\",\nVLOOKUP($C61,'2. Unit Testing Results'!$C$7:$BF$16,56,FALSE))","v":""}]
[null,{"$f":"IF('2. Unit Testing Results'!$C78=\"\",\"\",'2. Unit Testing Results'!$C78)","v":""},{"$f":"IF('2. Unit Testing Results'!$D79=\"\",\"\",'2. Unit Testing Results'!$D79)","v":""},{"$f":"IF('2. Unit Testing Results'!$E79=\"\",\"\",'2. Unit Testing Results'!$E79)","v":""},{"$f":"IF('2. Unit Testing Results'!$F79=\"\",\"\",'2. Unit Testing Results'!$F79)","v":""},null,{"$f":"IF($B62=\"\",\"\",\nIF((('2. Unit Testing Results'!$Y78)*60)/((VLOOKUP($C62,'2. Unit Testing Results'!$C$7:$S$16,4,FALSE))*(VLOOKUP($C62,'2. Unit Testing Results'!$C$7:$S$16,6,FALSE)))=0,\n((('2. Unit Testing Results'!$I78)*60)/((VLOOKUP($C62,'2. Unit Testing Results'!$C$7:$S$16,4,FALSE))*(VLOOKUP($C62,'2. Unit Testing Results'!$C$7:$S$16,6,FALSE)))),\n((('2. Unit Testing Results'!$Y78)*60)/((VLOOKUP($C62,'2. Unit Testing Results'!$C$7:$S$16,4,FALSE))*(VLOOKUP($C62,'2. Unit Testing Results'!$C$7:$S$16,6,FALSE))))))","v":""},{"$f":"IF($B62=\"\",\"\",\nVLOOKUP($C62,'2. Unit Testing Results'!$C$7:$BF$16,20,FALSE))","v":""},{"$f":"IF($B62=\"\",\"\",\nVLOOKUP($C62,'2. Unit Testing Results'!$C$7:$BF$16,22,FALSE))","v":""},{"$f":"IF($B62=\"\",\"\",\nVLOOKUP($C62,'2. Unit Testing Results'!$C$7:$BF$16,24,FALSE))","v":""},{"$f":"IF($B62=\"\",\"\",\nVLOOKUP($C62,'2. Unit Testing Results'!$C$7:$BF$16,26,FALSE))","v":""},{"$f":"IF($B62=\"\",\"\",\nVLOOKUP($C62,'2. Unit Testing Results'!$C$7:$BF$16,27,FALSE))","v":""},{"$f":"IF($B62=\"\",\"\",\nVLOOKUP($C62,'2. Unit Testing Results'!$C$7:$BF$16,29,FALSE))","v":""},{"$f":"IF($B62=\"\",\"\",\nIF('2. Unit Testing Results'!$R78=0,'2. Unit Testing Results'!$G78,'2. Unit Testing Results'!$R78\n))","v":""},{"$f":"IF($B62=\"\",\"\",\nIF(AND('2. Unit Testing Results'!$W78=0,'2. Unit Testing Results'!$W78<>\"\"),'2. Unit Testing Results'!$H78,\nIF('2. Unit Testing Results'!$W78<>\"\",'2. Unit Testing Results'!$W78,\"\")))","v":""},{"$f":"IF($B62=\"\",\"\",\nVLOOKUP($C62,'2. Unit Testing Results'!$C$7:$BF$16,31,FALSE))","v":""},{"$f":"IF($B62=\"\",\"\",\nVLOOKUP($C62,'2. Unit Testing Results'!$C$7:$BF$16,33,FALSE))","v":""},{"$f":"IF($B62=\"\",\"\",\nVLOOKUP($C62,'2. Unit Testing Results'!$C$7:$BF$16,35,FALSE))","v":""},{"$f":"IF($B62=\"\",\"\",\nVLOOKUP($C62,'2. Unit Testing Results'!$C$7:$BF$16,37,FALSE))","v":""},{"$f":"IF($B62=\"\",\"\",\nVLOOKUP($C62,'2. Unit Testing Results'!$C$7:$BF$16,38,FALSE))","v":""},{"$f":"IF($B62=\"\",\"\",\nVLOOKUP($C62,'2. Unit Testing Results'!$C$7:$BF$16,39,FALSE))","v":""},{"$f":"IF($B62=\"\",\"\",\nVLOOKUP($C62,'2. Unit Testing Results'!$C$7:$BF$16,41,FALSE))","v":""},{"$f":"IF($B62=\"\",\"\",\nVLOOKUP($C62,'2. Unit Testing Results'!$C$7:$BF$16,43,FALSE))","v":""},{"$f":"IF($B62=\"\",\"\",\nVLOOKUP($C62,'2. Unit Testing Results'!$C$7:$BF$16,45,FALSE))","v":""},{"$f":"IF($B62=\"\",\"\",\nVLOOKUP($C62,'2. Unit Testing Results'!$C$7:$BF$16,47,FALSE))","v":""},{"$f":"IF($B62=\"\",\"\",\nVLOOKUP($C62,'2. Unit Testing Results'!$C$7:$BF$16,49,FALSE))","v":""},{"$f":"IF($B62=\"\",\"\",\nVLOOKUP($C62,'2. Unit Testing Results'!$C$7:$BF$16,51,FALSE))","v":""},{"$f":"IF($B62=\"\",\"\",\nVLOOKUP($C62,'2. Unit Testing Results'!$C$7:$BF$16,52,FALSE))","v":""},{"$f":"IF($B62=\"\",\"\",\nVLOOKUP($C62,'2. Unit Testing Results'!$C$7:$BF$16,53,FALSE))","v":""},{"$f":"IF($B62=\"\",\"\",\nVLOOKUP($C62,'2. Unit Testing Results'!$C$7:$BF$16,54,FALSE))","v":""},{"$f":"IF($B62=\"\",\"\",\nVLOOKUP($C62,'2. Unit Testing Results'!$C$7:$BF$16,55,FALSE))","v":""},{"$f":"IF($B62=\"\",\"\",\nVLOOKUP($C62,'2. Unit Testing Results'!$C$7:$BF$16,56,FALSE))","v":""}]
[null,{"$f":"IF('2. Unit Testing Results'!$C79=\"\",\"\",'2. Unit Testing Results'!$C79)","v":""},{"$f":"IF('2. Unit Testing Results'!$D80=\"\",\"\",'2. Unit Testing Results'!$D80)","v":""},{"$f":"IF('2. Unit Testing Results'!$E80=\"\",\"\",'2. Unit Testing Results'!$E80)","v":""},{"$f":"IF('2. Unit Testing Results'!$F80=\"\",\"\",'2. Unit Testing Results'!$F80)","v":""},null,{"$f":"IF($B63=\"\",\"\",\nIF((('2. Unit Testing Results'!$Y79)*60)/((VLOOKUP($C63,'2. Unit Testing Results'!$C$7:$S$16,4,FALSE))*(VLOOKUP($C63,'2. Unit Testing Results'!$C$7:$S$16,6,FALSE)))=0,\n((('2. Unit Testing Results'!$I79)*60)/((VLOOKUP($C63,'2. Unit Testing Results'!$C$7:$S$16,4,FALSE))*(VLOOKUP($C63,'2. Unit Testing Results'!$C$7:$S$16,6,FALSE)))),\n((('2. Unit Testing Results'!$Y79)*60)/((VLOOKUP($C63,'2. Unit Testing Results'!$C$7:$S$16,4,FALSE))*(VLOOKUP($C63,'2. Unit Testing Results'!$C$7:$S$16,6,FALSE))))))","v":""},{"$f":"IF($B63=\"\",\"\",\nVLOOKUP($C63,'2. Unit Testing Results'!$C$7:$BF$16,20,FALSE))","v":""},{"$f":"IF($B63=\"\",\"\",\nVLOOKUP($C63,'2. Unit Testing Results'!$C$7:$BF$16,22,FALSE))","v":""},{"$f":"IF($B63=\"\",\"\",\nVLOOKUP($C63,'2. Unit Testing Results'!$C$7:$BF$16,24,FALSE))","v":""},{"$f":"IF($B63=\"\",\"\",\nVLOOKUP($C63,'2. Unit Testing Results'!$C$7:$BF$16,26,FALSE))","v":""},{"$f":"IF($B63=\"\",\"\",\nVLOOKUP($C63,'2. Unit Testing Results'!$C$7:$BF$16,27,FALSE))","v":""},{"$f":"IF($B63=\"\",\"\",\nVLOOKUP($C63,'2. Unit Testing Results'!$C$7:$BF$16,29,FALSE))","v":""},{"$f":"IF($B63=\"\",\"\",\nIF('2. Unit Testing Results'!$R79=0,'2. Unit Testing Results'!$G79,'2. Unit Testing Results'!$R79\n))","v":""},{"$f":"IF($B63=\"\",\"\",\nIF(AND('2. Unit Testing Results'!$W79=0,'2. Unit Testing Results'!$W79<>\"\"),'2. Unit Testing Results'!$H79,\nIF('2. Unit Testing Results'!$W79<>\"\",'2. Unit Testing Results'!$W79,\"\")))","v":""},{"$f":"IF($B63=\"\",\"\",\nVLOOKUP($C63,'2. Unit Testing Results'!$C$7:$BF$16,31,FALSE))","v":""},{"$f":"IF($B63=\"\",\"\",\nVLOOKUP($C63,'2. Unit Testing Results'!$C$7:$BF$16,33,FALSE))","v":""},{"$f":"IF($B63=\"\",\"\",\nVLOOKUP($C63,'2. Unit Testing Results'!$C$7:$BF$16,35,FALSE))","v":""},{"$f":"IF($B63=\"\",\"\",\nVLOOKUP($C63,'2. Unit Testing Results'!$C$7:$BF$16,37,FALSE))","v":""},{"$f":"IF($B63=\"\",\"\",\nVLOOKUP($C63,'2. Unit Testing Results'!$C$7:$BF$16,38,FALSE))","v":""},{"$f":"IF($B63=\"\",\"\",\nVLOOKUP($C63,'2. Unit Testing Results'!$C$7:$BF$16,39,FALSE))","v":""},{"$f":"IF($B63=\"\",\"\",\nVLOOKUP($C63,'2. Unit Testing Results'!$C$7:$BF$16,41,FALSE))","v":""},{"$f":"IF($B63=\"\",\"\",\nVLOOKUP($C63,'2. Unit Testing Results'!$C$7:$BF$16,43,FALSE))","v":""},{"$f":"IF($B63=\"\",\"\",\nVLOOKUP($C63,'2. Unit Testing Results'!$C$7:$BF$16,45,FALSE))","v":""},{"$f":"IF($B63=\"\",\"\",\nVLOOKUP($C63,'2. Unit Testing Results'!$C$7:$BF$16,47,FALSE))","v":""},{"$f":"IF($B63=\"\",\"\",\nVLOOKUP($C63,'2. Unit Testing Results'!$C$7:$BF$16,49,FALSE))","v":""},{"$f":"IF($B63=\"\",\"\",\nVLOOKUP($C63,'2. Unit Testing Results'!$C$7:$BF$16,51,FALSE))","v":""},{"$f":"IF($B63=\"\",\"\",\nVLOOKUP($C63,'2. Unit Testing Results'!$C$7:$BF$16,52,FALSE))","v":""},{"$f":"IF($B63=\"\",\"\",\nVLOOKUP($C63,'2. Unit Testing Results'!$C$7:$BF$16,53,FALSE))","v":""},{"$f":"IF($B63=\"\",\"\",\nVLOOKUP($C63,'2. Unit Testing Results'!$C$7:$BF$16,54,FALSE))","v":""},{"$f":"IF($B63=\"\",\"\",\nVLOOKUP($C63,'2. Unit Testing Results'!$C$7:$BF$16,55,FALSE))","v":""},{"$f":"IF($B63=\"\",\"\",\nVLOOKUP($C63,'2. Unit Testing Results'!$C$7:$BF$16,56,FALSE))","v":""}]
[null,{"$f":"IF('2. Unit Testing Results'!$C80=\"\",\"\",'2. Unit Testing Results'!$C80)","v":""},{"$f":"IF('2. Unit Testing Results'!$D81=\"\",\"\",'2. Unit Testing Results'!$D81)","v":""},{"$f":"IF('2. Unit Testing Results'!$E81=\"\",\"\",'2. Unit Testing Results'!$E81)","v":""},{"$f":"IF('2. Unit Testing Results'!$F81=\"\",\"\",'2. Unit Testing Results'!$F81)","v":""},null,{"$f":"IF($B64=\"\",\"\",\nIF((('2. Unit Testing Results'!$Y80)*60)/((VLOOKUP($C64,'2. Unit Testing Results'!$C$7:$S$16,4,FALSE))*(VLOOKUP($C64,'2. Unit Testing Results'!$C$7:$S$16,6,FALSE)))=0,\n((('2. Unit Testing Results'!$I80)*60)/((VLOOKUP($C64,'2. Unit Testing Results'!$C$7:$S$16,4,FALSE))*(VLOOKUP($C64,'2. Unit Testing Results'!$C$7:$S$16,6,FALSE)))),\n((('2. Unit Testing Results'!$Y80)*60)/((VLOOKUP($C64,'2. Unit Testing Results'!$C$7:$S$16,4,FALSE))*(VLOOKUP($C64,'2. Unit Testing Results'!$C$7:$S$16,6,FALSE))))))","v":""},{"$f":"IF($B64=\"\",\"\",\nVLOOKUP($C64,'2. Unit Testing Results'!$C$7:$BF$16,20,FALSE))","v":""},{"$f":"IF($B64=\"\",\"\",\nVLOOKUP($C64,'2. Unit Testing Results'!$C$7:$BF$16,22,FALSE))","v":""},{"$f":"IF($B64=\"\",\"\",\nVLOOKUP($C64,'2. Unit Testing Results'!$C$7:$BF$16,24,FALSE))","v":""},{"$f":"IF($B64=\"\",\"\",\nVLOOKUP($C64,'2. Unit Testing Results'!$C$7:$BF$16,26,FALSE))","v":""},{"$f":"IF($B64=\"\",\"\",\nVLOOKUP($C64,'2. Unit Testing Results'!$C$7:$BF$16,27,FALSE))","v":""},{"$f":"IF($B64=\"\",\"\",\nVLOOKUP($C64,'2. Unit Testing Results'!$C$7:$BF$16,29,FALSE))","v":""},{"$f":"IF($B64=\"\",\"\",\nIF('2. Unit Testing Results'!$R80=0,'2. Unit Testing Results'!$G80,'2. Unit Testing Results'!$R80\n))","v":""},{"$f":"IF($B64=\"\",\"\",\nIF(AND('2. Unit Testing Results'!$W80=0,'2. Unit Testing Results'!$W80<>\"\"),'2. Unit Testing Results'!$H80,\nIF('2. Unit Testing Results'!$W80<>\"\",'2. Unit Testing Results'!$W80,\"\")))","v":""},{"$f":"IF($B64=\"\",\"\",\nVLOOKUP($C64,'2. Unit Testing Results'!$C$7:$BF$16,31,FALSE))","v":""},{"$f":"IF($B64=\"\",\"\",\nVLOOKUP($C64,'2. Unit Testing Results'!$C$7:$BF$16,33,FALSE))","v":""},{"$f":"IF($B64=\"\",\"\",\nVLOOKUP($C64,'2. Unit Testing Results'!$C$7:$BF$16,35,FALSE))","v":""},{"$f":"IF($B64=\"\",\"\",\nVLOOKUP($C64,'2. Unit Testing Results'!$C$7:$BF$16,37,FALSE))","v":""},{"$f":"IF($B64=\"\",\"\",\nVLOOKUP($C64,'2. Unit Testing Results'!$C$7:$BF$16,38,FALSE))","v":""},{"$f":"IF($B64=\"\",\"\",\nVLOOKUP($C64,'2. Unit Testing Results'!$C$7:$BF$16,39,FALSE))","v":""},{"$f":"IF($B64=\"\",\"\",\nVLOOKUP($C64,'2. Unit Testing Results'!$C$7:$BF$16,41,FALSE))","v":""},{"$f":"IF($B64=\"\",\"\",\nVLOOKUP($C64,'2. Unit Testing Results'!$C$7:$BF$16,43,FALSE))","v":""},{"$f":"IF($B64=\"\",\"\",\nVLOOKUP($C64,'2. Unit Testing Results'!$C$7:$BF$16,45,FALSE))","v":""},{"$f":"IF($B64=\"\",\"\",\nVLOOKUP($C64,'2. Unit Testing Results'!$C$7:$BF$16,47,FALSE))","v":""},{"$f":"IF($B64=\"\",\"\",\nVLOOKUP($C64,'2. Unit Testing Results'!$C$7:$BF$16,49,FALSE))","v":""},{"$f":"IF($B64=\"\",\"\",\nVLOOKUP($C64,'2. Unit Testing Results'!$C$7:$BF$16,51,FALSE))","v":""},{"$f":"IF($B64=\"\",\"\",\nVLOOKUP($C64,'2. Unit Testing Results'!$C$7:$BF$16,52,FALSE))","v":""},{"$f":"IF($B64=\"\",\"\",\nVLOOKUP($C64,'2. Unit Testing Results'!$C$7:$BF$16,53,FALSE))","v":""},{"$f":"IF($B64=\"\",\"\",\nVLOOKUP($C64,'2. Unit Testing Results'!$C$7:$BF$16,54,FALSE))","v":""},{"$f":"IF($B64=\"\",\"\",\nVLOOKUP($C64,'2. Unit Testing Results'!$C$7:$BF$16,55,FALSE))","v":""},{"$f":"IF($B64=\"\",\"\",\nVLOOKUP($C64,'2. Unit Testing Results'!$C$7:$BF$16,56,FALSE))","v":""}]
[null,{"$f":"IF('2. Unit Testing Results'!$C81=\"\",\"\",'2. Unit Testing Results'!$C81)","v":""},{"$f":"IF('2. Unit Testing Results'!$D82=\"\",\"\",'2. Unit Testing Results'!$D82)","v":""},{"$f":"IF('2. Unit Testing Results'!$E82=\"\",\"\",'2. Unit Testing Results'!$E82)","v":""},{"$f":"IF('2. Unit Testing Results'!$F82=\"\",\"\",'2. Unit Testing Results'!$F82)","v":""},null,{"$f":"IF($B65=\"\",\"\",\nIF((('2. Unit Testing Results'!$Y81)*60)/((VLOOKUP($C65,'2. Unit Testing Results'!$C$7:$S$16,4,FALSE))*(VLOOKUP($C65,'2. Unit Testing Results'!$C$7:$S$16,6,FALSE)))=0,\n((('2. Unit Testing Results'!$I81)*60)/((VLOOKUP($C65,'2. Unit Testing Results'!$C$7:$S$16,4,FALSE))*(VLOOKUP($C65,'2. Unit Testing Results'!$C$7:$S$16,6,FALSE)))),\n((('2. Unit Testing Results'!$Y81)*60)/((VLOOKUP($C65,'2. Unit Testing Results'!$C$7:$S$16,4,FALSE))*(VLOOKUP($C65,'2. Unit Testing Results'!$C$7:$S$16,6,FALSE))))))","v":""},{"$f":"IF($B65=\"\",\"\",\nVLOOKUP($C65,'2. Unit Testing Results'!$C$7:$BF$16,20,FALSE))","v":""},{"$f":"IF($B65=\"\",\"\",\nVLOOKUP($C65,'2. Unit Testing Results'!$C$7:$BF$16,22,FALSE))","v":""},{"$f":"IF($B65=\"\",\"\",\nVLOOKUP($C65,'2. Unit Testing Results'!$C$7:$BF$16,24,FALSE))","v":""},{"$f":"IF($B65=\"\",\"\",\nVLOOKUP($C65,'2. Unit Testing Results'!$C$7:$BF$16,26,FALSE))","v":""},{"$f":"IF($B65=\"\",\"\",\nVLOOKUP($C65,'2. Unit Testing Results'!$C$7:$BF$16,27,FALSE))","v":""},{"$f":"IF($B65=\"\",\"\",\nVLOOKUP($C65,'2. Unit Testing Results'!$C$7:$BF$16,29,FALSE))","v":""},{"$f":"IF($B65=\"\",\"\",\nIF('2. Unit Testing Results'!$R81=0,'2. Unit Testing Results'!$G81,'2. Unit Testing Results'!$R81\n))","v":""},{"$f":"IF($B65=\"\",\"\",\nIF(AND('2. Unit Testing Results'!$W81=0,'2. Unit Testing Results'!$W81<>\"\"),'2. Unit Testing Results'!$H81,\nIF('2. Unit Testing Results'!$W81<>\"\",'2. Unit Testing Results'!$W81,\"\")))","v":""},{"$f":"IF($B65=\"\",\"\",\nVLOOKUP($C65,'2. Unit Testing Results'!$C$7:$BF$16,31,FALSE))","v":""},{"$f":"IF($B65=\"\",\"\",\nVLOOKUP($C65,'2. Unit Testing Results'!$C$7:$BF$16,33,FALSE))","v":""},{"$f":"IF($B65=\"\",\"\",\nVLOOKUP($C65,'2. Unit Testing Results'!$C$7:$BF$16,35,FALSE))","v":""},{"$f":"IF($B65=\"\",\"\",\nVLOOKUP($C65,'2. Unit Testing Results'!$C$7:$BF$16,37,FALSE))","v":""},{"$f":"IF($B65=\"\",\"\",\nVLOOKUP($C65,'2. Unit Testing Results'!$C$7:$BF$16,38,FALSE))","v":""},{"$f":"IF($B65=\"\",\"\",\nVLOOKUP($C65,'2. Unit Testing Results'!$C$7:$BF$16,39,FALSE))","v":""},{"$f":"IF($B65=\"\",\"\",\nVLOOKUP($C65,'2. Unit Testing Results'!$C$7:$BF$16,41,FALSE))","v":""},{"$f":"IF($B65=\"\",\"\",\nVLOOKUP($C65,'2. Unit Testing Results'!$C$7:$BF$16,43,FALSE))","v":""},{"$f":"IF($B65=\"\",\"\",\nVLOOKUP($C65,'2. Unit Testing Results'!$C$7:$BF$16,45,FALSE))","v":""},{"$f":"IF($B65=\"\",\"\",\nVLOOKUP($C65,'2. Unit Testing Results'!$C$7:$BF$16,47,FALSE))","v":""},{"$f":"IF($B65=\"\",\"\",\nVLOOKUP($C65,'2. Unit Testing Results'!$C$7:$BF$16,49,FALSE))","v":""},{"$f":"IF($B65=\"\",\"\",\nVLOOKUP($C65,'2. Unit Testing Results'!$C$7:$BF$16,51,FALSE))","v":""},{"$f":"IF($B65=\"\",\"\",\nVLOOKUP($C65,'2. Unit Testing Results'!$C$7:$BF$16,52,FALSE))","v":""},{"$f":"IF($B65=\"\",\"\",\nVLOOKUP($C65,'2. Unit Testing Results'!$C$7:$BF$16,53,FALSE))","v":""},{"$f":"IF($B65=\"\",\"\",\nVLOOKUP($C65,'2. Unit Testing Results'!$C$7:$BF$16,54,FALSE))","v":""},{"$f":"IF($B65=\"\",\"\",\nVLOOKUP($C65,'2. Unit Testing Results'!$C$7:$BF$16,55,FALSE))","v":""},{"$f":"IF($B65=\"\",\"\",\nVLOOKUP($C65,'2. Unit Testing Results'!$C$7:$BF$16,56,FALSE))","v":""}]
[null,{"$f":"IF('2. Unit Testing Results'!$C82=\"\",\"\",'2. Unit Testing Results'!$C82)","v":""},{"$f":"IF('2. Unit Testing Results'!$D83=\"\",\"\",'2. Unit Testing Results'!$D83)","v":""},{"$f":"IF('2. Unit Testing Results'!$E83=\"\",\"\",'2. Unit Testing Results'!$E83)","v":""},{"$f":"IF('2. Unit Testing Results'!$F83=\"\",\"\",'2. Unit Testing Results'!$F83)","v":""},null,{"$f":"IF($B66=\"\",\"\",\nIF((('2. Unit Testing Results'!$Y82)*60)/((VLOOKUP($C66,'2. Unit Testing Results'!$C$7:$S$16,4,FALSE))*(VLOOKUP($C66,'2. Unit Testing Results'!$C$7:$S$16,6,FALSE)))=0,\n((('2. Unit Testing Results'!$I82)*60)/((VLOOKUP($C66,'2. Unit Testing Results'!$C$7:$S$16,4,FALSE))*(VLOOKUP($C66,'2. Unit Testing Results'!$C$7:$S$16,6,FALSE)))),\n((('2. Unit Testing Results'!$Y82)*60)/((VLOOKUP($C66,'2. Unit Testing Results'!$C$7:$S$16,4,FALSE))*(VLOOKUP($C66,'2. Unit Testing Results'!$C$7:$S$16,6,FALSE))))))","v":""},{"$f":"IF($B66=\"\",\"\",\nVLOOKUP($C66,'2. Unit Testing Results'!$C$7:$BF$16,20,FALSE))","v":""},{"$f":"IF($B66=\"\",\"\",\nVLOOKUP($C66,'2. Unit Testing Results'!$C$7:$BF$16,22,FALSE))","v":""},{"$f":"IF($B66=\"\",\"\",\nVLOOKUP($C66,'2. Unit Testing Results'!$C$7:$BF$16,24,FALSE))","v":""},{"$f":"IF($B66=\"\",\"\",\nVLOOKUP($C66,'2. Unit Testing Results'!$C$7:$BF$16,26,FALSE))","v":""},{"$f":"IF($B66=\"\",\"\",\nVLOOKUP($C66,'2. Unit Testing Results'!$C$7:$BF$16,27,FALSE))","v":""},{"$f":"IF($B66=\"\",\"\",\nVLOOKUP($C66,'2. Unit Testing Results'!$C$7:$BF$16,29,FALSE))","v":""},{"$f":"IF($B66=\"\",\"\",\nIF('2. Unit Testing Results'!$R82=0,'2. Unit Testing Results'!$G82,'2. Unit Testing Results'!$R82\n))","v":""},{"$f":"IF($B66=\"\",\"\",\nIF(AND('2. Unit Testing Results'!$W82=0,'2. Unit Testing Results'!$W82<>\"\"),'2. Unit Testing Results'!$H82,\nIF('2. Unit Testing Results'!$W82<>\"\",'2. Unit Testing Results'!$W82,\"\")))","v":""},{"$f":"IF($B66=\"\",\"\",\nVLOOKUP($C66,'2. Unit Testing Results'!$C$7:$BF$16,31,FALSE))","v":""},{"$f":"IF($B66=\"\",\"\",\nVLOOKUP($C66,'2. Unit Testing Results'!$C$7:$BF$16,33,FALSE))","v":""},{"$f":"IF($B66=\"\",\"\",\nVLOOKUP($C66,'2. Unit Testing Results'!$C$7:$BF$16,35,FALSE))","v":""},{"$f":"IF($B66=\"\",\"\",\nVLOOKUP($C66,'2. Unit Testing Results'!$C$7:$BF$16,37,FALSE))","v":""},{"$f":"IF($B66=\"\",\"\",\nVLOOKUP($C66,'2. Unit Testing Results'!$C$7:$BF$16,38,FALSE))","v":""},{"$f":"IF($B66=\"\",\"\",\nVLOOKUP($C66,'2. Unit Testing Results'!$C$7:$BF$16,39,FALSE))","v":""},{"$f":"IF($B66=\"\",\"\",\nVLOOKUP($C66,'2. Unit Testing Results'!$C$7:$BF$16,41,FALSE))","v":""},{"$f":"IF($B66=\"\",\"\",\nVLOOKUP($C66,'2. Unit Testing Results'!$C$7:$BF$16,43,FALSE))","v":""},{"$f":"IF($B66=\"\",\"\",\nVLOOKUP($C66,'2. Unit Testing Results'!$C$7:$BF$16,45,FALSE))","v":""},{"$f":"IF($B66=\"\",\"\",\nVLOOKUP($C66,'2. Unit Testing Results'!$C$7:$BF$16,47,FALSE))","v":""},{"$f":"IF($B66=\"\",\"\",\nVLOOKUP($C66,'2. Unit Testing Results'!$C$7:$BF$16,49,FALSE))","v":""},{"$f":"IF($B66=\"\",\"\",\nVLOOKUP($C66,'2. Unit Testing Results'!$C$7:$BF$16,51,FALSE))","v":""},{"$f":"IF($B66=\"\",\"\",\nVLOOKUP($C66,'2. Unit Testing Results'!$C$7:$BF$16,52,FALSE))","v":""},{"$f":"IF($B66=\"\",\"\",\nVLOOKUP($C66,'2. Unit Testing Results'!$C$7:$BF$16,53,FALSE))","v":""},{"$f":"IF($B66=\"\",\"\",\nVLOOKUP($C66,'2. Unit Testing Results'!$C$7:$BF$16,54,FALSE))","v":""},{"$f":"IF($B66=\"\",\"\",\nVLOOKUP($C66,'2. Unit Testing Results'!$C$7:$BF$16,55,FALSE))","v":""},{"$f":"IF($B66=\"\",\"\",\nVLOOKUP($C66,'2. Unit Testing Results'!$C$7:$BF$16,56,FALSE))","v":""}]
[null,{"$f":"IF('2. Unit Testing Results'!$C83=\"\",\"\",'2. Unit Testing Results'!$C83)","v":""},{"$f":"IF('2. Unit Testing Results'!$D84=\"\",\"\",'2. Unit Testing Results'!$D84)","v":""},{"$f":"IF('2. Unit Testing Results'!$E84=\"\",\"\",'2. Unit Testing Results'!$E84)","v":""},{"$f":"IF('2. Unit Testing Results'!$F84=\"\",\"\",'2. Unit Testing Results'!$F84)","v":""},null,{"$f":"IF($B67=\"\",\"\",\nIF((('2. Unit Testing Results'!$Y83)*60)/((VLOOKUP($C67,'2. Unit Testing Results'!$C$7:$S$16,4,FALSE))*(VLOOKUP($C67,'2. Unit Testing Results'!$C$7:$S$16,6,FALSE)))=0,\n((('2. Unit Testing Results'!$I83)*60)/((VLOOKUP($C67,'2. Unit Testing Results'!$C$7:$S$16,4,FALSE))*(VLOOKUP($C67,'2. Unit Testing Results'!$C$7:$S$16,6,FALSE)))),\n((('2. Unit Testing Results'!$Y83)*60)/((VLOOKUP($C67,'2. Unit Testing Results'!$C$7:$S$16,4,FALSE))*(VLOOKUP($C67,'2. Unit Testing Results'!$C$7:$S$16,6,FALSE))))))","v":""},{"$f":"IF($B67=\"\",\"\",\nVLOOKUP($C67,'2. Unit Testing Results'!$C$7:$BF$16,20,FALSE))","v":""},{"$f":"IF($B67=\"\",\"\",\nVLOOKUP($C67,'2. Unit Testing Results'!$C$7:$BF$16,22,FALSE))","v":""},{"$f":"IF($B67=\"\",\"\",\nVLOOKUP($C67,'2. Unit Testing Results'!$C$7:$BF$16,24,FALSE))","v":""},{"$f":"IF($B67=\"\",\"\",\nVLOOKUP($C67,'2. Unit Testing Results'!$C$7:$BF$16,26,FALSE))","v":""},{"$f":"IF($B67=\"\",\"\",\nVLOOKUP($C67,'2. Unit Testing Results'!$C$7:$BF$16,27,FALSE))","v":""},{"$f":"IF($B67=\"\",\"\",\nVLOOKUP($C67,'2. Unit Testing Results'!$C$7:$BF$16,29,FALSE))","v":""},{"$f":"IF($B67=\"\",\"\",\nIF('2. Unit Testing Results'!$R83=0,'2. Unit Testing Results'!$G83,'2. Unit Testing Results'!$R83\n))","v":""},{"$f":"IF($B67=\"\",\"\",\nIF(AND('2. Unit Testing Results'!$W83=0,'2. Unit Testing Results'!$W83<>\"\"),'2. Unit Testing Results'!$H83,\nIF('2. Unit Testing Results'!$W83<>\"\",'2. Unit Testing Results'!$W83,\"\")))","v":""},{"$f":"IF($B67=\"\",\"\",\nVLOOKUP($C67,'2. Unit Testing Results'!$C$7:$BF$16,31,FALSE))","v":""},{"$f":"IF($B67=\"\",\"\",\nVLOOKUP($C67,'2. Unit Testing Results'!$C$7:$BF$16,33,FALSE))","v":""},{"$f":"IF($B67=\"\",\"\",\nVLOOKUP($C67,'2. Unit Testing Results'!$C$7:$BF$16,35,FALSE))","v":""},{"$f":"IF($B67=\"\",\"\",\nVLOOKUP($C67,'2. Unit Testing Results'!$C$7:$BF$16,37,FALSE))","v":""},{"$f":"IF($B67=\"\",\"\",\nVLOOKUP($C67,'2. Unit Testing Results'!$C$7:$BF$16,38,FALSE))","v":""},{"$f":"IF($B67=\"\",\"\",\nVLOOKUP($C67,'2. Unit Testing Results'!$C$7:$BF$16,39,FALSE))","v":""},{"$f":"IF($B67=\"\",\"\",\nVLOOKUP($C67,'2. Unit Testing Results'!$C$7:$BF$16,41,FALSE))","v":""},{"$f":"IF($B67=\"\",\"\",\nVLOOKUP($C67,'2. Unit Testing Results'!$C$7:$BF$16,43,FALSE))","v":""},{"$f":"IF($B67=\"\",\"\",\nVLOOKUP($C67,'2. Unit Testing Results'!$C$7:$BF$16,45,FALSE))","v":""},{"$f":"IF($B67=\"\",\"\",\nVLOOKUP($C67,'2. Unit Testing Results'!$C$7:$BF$16,47,FALSE))","v":""},{"$f":"IF($B67=\"\",\"\",\nVLOOKUP($C67,'2. Unit Testing Results'!$C$7:$BF$16,49,FALSE))","v":""},{"$f":"IF($B67=\"\",\"\",\nVLOOKUP($C67,'2. Unit Testing Results'!$C$7:$BF$16,51,FALSE))","v":""},{"$f":"IF($B67=\"\",\"\",\nVLOOKUP($C67,'2. Unit Testing Results'!$C$7:$BF$16,52,FALSE))","v":""},{"$f":"IF($B67=\"\",\"\",\nVLOOKUP($C67,'2. Unit Testing Results'!$C$7:$BF$16,53,FALSE))","v":""},{"$f":"IF($B67=\"\",\"\",\nVLOOKUP($C67,'2. Unit Testing Results'!$C$7:$BF$16,54,FALSE))","v":""},{"$f":"IF($B67=\"\",\"\",\nVLOOKUP($C67,'2. Unit Testing Results'!$C$7:$BF$16,55,FALSE))","v":""},{"$f":"IF($B67=\"\",\"\",\nVLOOKUP($C67,'2. Unit Testing Results'!$C$7:$BF$16,56,FALSE))","v":""}]
[null,{"$f":"IF('2. Unit Testing Results'!$C84=\"\",\"\",'2. Unit Testing Results'!$C84)","v":""},{"$f":"IF('2. Unit Testing Results'!$D85=\"\",\"\",'2. Unit Testing Results'!$D85)","v":""},{"$f":"IF('2. Unit Testing Results'!$E85=\"\",\"\",'2. Unit Testing Results'!$E85)","v":""},{"$f":"IF('2. Unit Testing Results'!$F85=\"\",\"\",'2. Unit Testing Results'!$F85)","v":""},null,{"$f":"IF($B68=\"\",\"\",\nIF((('2. Unit Testing Results'!$Y84)*60)/((VLOOKUP($C68,'2. Unit Testing Results'!$C$7:$S$16,4,FALSE))*(VLOOKUP($C68,'2. Unit Testing Results'!$C$7:$S$16,6,FALSE)))=0,\n((('2. Unit Testing Results'!$I84)*60)/((VLOOKUP($C68,'2. Unit Testing Results'!$C$7:$S$16,4,FALSE))*(VLOOKUP($C68,'2. Unit Testing Results'!$C$7:$S$16,6,FALSE)))),\n((('2. Unit Testing Results'!$Y84)*60)/((VLOOKUP($C68,'2. Unit Testing Results'!$C$7:$S$16,4,FALSE))*(VLOOKUP($C68,'2. Unit Testing Results'!$C$7:$S$16,6,FALSE))))))","v":""},{"$f":"IF($B68=\"\",\"\",\nVLOOKUP($C68,'2. Unit Testing Results'!$C$7:$BF$16,20,FALSE))","v":""},{"$f":"IF($B68=\"\",\"\",\nVLOOKUP($C68,'2. Unit Testing Results'!$C$7:$BF$16,22,FALSE))","v":""},{"$f":"IF($B68=\"\",\"\",\nVLOOKUP($C68,'2. Unit Testing Results'!$C$7:$BF$16,24,FALSE))","v":""},{"$f":"IF($B68=\"\",\"\",\nVLOOKUP($C68,'2. Unit Testing Results'!$C$7:$BF$16,26,FALSE))","v":""},{"$f":"IF($B68=\"\",\"\",\nVLOOKUP($C68,'2. Unit Testing Results'!$C$7:$BF$16,27,FALSE))","v":""},{"$f":"IF($B68=\"\",\"\",\nVLOOKUP($C68,'2. Unit Testing Results'!$C$7:$BF$16,29,FALSE))","v":""},{"$f":"IF($B68=\"\",\"\",\nIF('2. Unit Testing Results'!$R84=0,'2. Unit Testing Results'!$G84,'2. Unit Testing Results'!$R84\n))","v":""},{"$f":"IF($B68=\"\",\"\",\nIF(AND('2. Unit Testing Results'!$W84=0,'2. Unit Testing Results'!$W84<>\"\"),'2. Unit Testing Results'!$H84,\nIF('2. Unit Testing Results'!$W84<>\"\",'2. Unit Testing Results'!$W84,\"\")))","v":""},{"$f":"IF($B68=\"\",\"\",\nVLOOKUP($C68,'2. Unit Testing Results'!$C$7:$BF$16,31,FALSE))","v":""},{"$f":"IF($B68=\"\",\"\",\nVLOOKUP($C68,'2. Unit Testing Results'!$C$7:$BF$16,33,FALSE))","v":""},{"$f":"IF($B68=\"\",\"\",\nVLOOKUP($C68,'2. Unit Testing Results'!$C$7:$BF$16,35,FALSE))","v":""},{"$f":"IF($B68=\"\",\"\",\nVLOOKUP($C68,'2. Unit Testing Results'!$C$7:$BF$16,37,FALSE))","v":""},{"$f":"IF($B68=\"\",\"\",\nVLOOKUP($C68,'2. Unit Testing Results'!$C$7:$BF$16,38,FALSE))","v":""},{"$f":"IF($B68=\"\",\"\",\nVLOOKUP($C68,'2. Unit Testing Results'!$C$7:$BF$16,39,FALSE))","v":""},{"$f":"IF($B68=\"\",\"\",\nVLOOKUP($C68,'2. Unit Testing Results'!$C$7:$BF$16,41,FALSE))","v":""},{"$f":"IF($B68=\"\",\"\",\nVLOOKUP($C68,'2. Unit Testing Results'!$C$7:$BF$16,43,FALSE))","v":""},{"$f":"IF($B68=\"\",\"\",\nVLOOKUP($C68,'2. Unit Testing Results'!$C$7:$BF$16,45,FALSE))","v":""},{"$f":"IF($B68=\"\",\"\",\nVLOOKUP($C68,'2. Unit Testing Results'!$C$7:$BF$16,47,FALSE))","v":""},{"$f":"IF($B68=\"\",\"\",\nVLOOKUP($C68,'2. Unit Testing Results'!$C$7:$BF$16,49,FALSE))","v":""},{"$f":"IF($B68=\"\",\"\",\nVLOOKUP($C68,'2. Unit Testing Results'!$C$7:$BF$16,51,FALSE))","v":""},{"$f":"IF($B68=\"\",\"\",\nVLOOKUP($C68,'2. Unit Testing Results'!$C$7:$BF$16,52,FALSE))","v":""},{"$f":"IF($B68=\"\",\"\",\nVLOOKUP($C68,'2. Unit Testing Results'!$C$7:$BF$16,53,FALSE))","v":""},{"$f":"IF($B68=\"\",\"\",\nVLOOKUP($C68,'2. Unit Testing Results'!$C$7:$BF$16,54,FALSE))","v":""},{"$f":"IF($B68=\"\",\"\",\nVLOOKUP($C68,'2. Unit Testing Results'!$C$7:$BF$16,55,FALSE))","v":""},{"$f":"IF($B68=\"\",\"\",\nVLOOKUP($C68,'2. Unit Testing Results'!$C$7:$BF$16,56,FALSE))","v":""}]
[null,{"$f":"IF('2. Unit Testing Results'!$C85=\"\",\"\",'2. Unit Testing Results'!$C85)","v":""},{"$f":"IF('2. Unit Testing Results'!$D86=\"\",\"\",'2. Unit Testing Results'!$D86)","v":""},{"$f":"IF('2. Unit Testing Results'!$E86=\"\",\"\",'2. Unit Testing Results'!$E86)","v":""},{"$f":"IF('2. Unit Testing Results'!$F86=\"\",\"\",'2. Unit Testing Results'!$F86)","v":""},null,{"$f":"IF($B69=\"\",\"\",\nIF((('2. Unit Testing Results'!$Y85)*60)/((VLOOKUP($C69,'2. Unit Testing Results'!$C$7:$S$16,4,FALSE))*(VLOOKUP($C69,'2. Unit Testing Results'!$C$7:$S$16,6,FALSE)))=0,\n((('2. Unit Testing Results'!$I85)*60)/((VLOOKUP($C69,'2. Unit Testing Results'!$C$7:$S$16,4,FALSE))*(VLOOKUP($C69,'2. Unit Testing Results'!$C$7:$S$16,6,FALSE)))),\n((('2. Unit Testing Results'!$Y85)*60)/((VLOOKUP($C69,'2. Unit Testing Results'!$C$7:$S$16,4,FALSE))*(VLOOKUP($C69,'2. Unit Testing Results'!$C$7:$S$16,6,FALSE))))))","v":""},{"$f":"IF($B69=\"\",\"\",\nVLOOKUP($C69,'2. Unit Testing Results'!$C$7:$BF$16,20,FALSE))","v":""},{"$f":"IF($B69=\"\",\"\",\nVLOOKUP($C69,'2. Unit Testing Results'!$C$7:$BF$16,22,FALSE))","v":""},{"$f":"IF($B69=\"\",\"\",\nVLOOKUP($C69,'2. Unit Testing Results'!$C$7:$BF$16,24,FALSE))","v":""},{"$f":"IF($B69=\"\",\"\",\nVLOOKUP($C69,'2. Unit Testing Results'!$C$7:$BF$16,26,FALSE))","v":""},{"$f":"IF($B69=\"\",\"\",\nVLOOKUP($C69,'2. Unit Testing Results'!$C$7:$BF$16,27,FALSE))","v":""},{"$f":"IF($B69=\"\",\"\",\nVLOOKUP($C69,'2. Unit Testing Results'!$C$7:$BF$16,29,FALSE))","v":""},{"$f":"IF($B69=\"\",\"\",\nIF('2. Unit Testing Results'!$R85=0,'2. Unit Testing Results'!$G85,'2. Unit Testing Results'!$R85\n))","v":""},{"$f":"IF($B69=\"\",\"\",\nIF(AND('2. Unit Testing Results'!$W85=0,'2. Unit Testing Results'!$W85<>\"\"),'2. Unit Testing Results'!$H85,\nIF('2. Unit Testing Results'!$W85<>\"\",'2. Unit Testing Results'!$W85,\"\")))","v":""},{"$f":"IF($B69=\"\",\"\",\nVLOOKUP($C69,'2. Unit Testing Results'!$C$7:$BF$16,31,FALSE))","v":""},{"$f":"IF($B69=\"\",\"\",\nVLOOKUP($C69,'2. Unit Testing Results'!$C$7:$BF$16,33,FALSE))","v":""},{"$f":"IF($B69=\"\",\"\",\nVLOOKUP($C69,'2. Unit Testing Results'!$C$7:$BF$16,35,FALSE))","v":""},{"$f":"IF($B69=\"\",\"\",\nVLOOKUP($C69,'2. Unit Testing Results'!$C$7:$BF$16,37,FALSE))","v":""},{"$f":"IF($B69=\"\",\"\",\nVLOOKUP($C69,'2. Unit Testing Results'!$C$7:$BF$16,38,FALSE))","v":""},{"$f":"IF($B69=\"\",\"\",\nVLOOKUP($C69,'2. Unit Testing Results'!$C$7:$BF$16,39,FALSE))","v":""},{"$f":"IF($B69=\"\",\"\",\nVLOOKUP($C69,'2. Unit Testing Results'!$C$7:$BF$16,41,FALSE))","v":""},{"$f":"IF($B69=\"\",\"\",\nVLOOKUP($C69,'2. Unit Testing Results'!$C$7:$BF$16,43,FALSE))","v":""},{"$f":"IF($B69=\"\",\"\",\nVLOOKUP($C69,'2. Unit Testing Results'!$C$7:$BF$16,45,FALSE))","v":""},{"$f":"IF($B69=\"\",\"\",\nVLOOKUP($C69,'2. Unit Testing Results'!$C$7:$BF$16,47,FALSE))","v":""},{"$f":"IF($B69=\"\",\"\",\nVLOOKUP($C69,'2. Unit Testing Results'!$C$7:$BF$16,49,FALSE))","v":""},{"$f":"IF($B69=\"\",\"\",\nVLOOKUP($C69,'2. Unit Testing Results'!$C$7:$BF$16,51,FALSE))","v":""},{"$f":"IF($B69=\"\",\"\",\nVLOOKUP($C69,'2. Unit Testing Results'!$C$7:$BF$16,52,FALSE))","v":""},{"$f":"IF($B69=\"\",\"\",\nVLOOKUP($C69,'2. Unit Testing Results'!$C$7:$BF$16,53,FALSE))","v":""},{"$f":"IF($B69=\"\",\"\",\nVLOOKUP($C69,'2. Unit Testing Results'!$C$7:$BF$16,54,FALSE))","v":""},{"$f":"IF($B69=\"\",\"\",\nVLOOKUP($C69,'2. Unit Testing Results'!$C$7:$BF$16,55,FALSE))","v":""},{"$f":"IF($B69=\"\",\"\",\nVLOOKUP($C69,'2. Unit Testing Results'!$C$7:$BF$16,56,FALSE))","v":""}]
[null,{"$f":"IF('2. Unit Testing Results'!$C86=\"\",\"\",'2. Unit Testing Results'!$C86)","v":""},{"$f":"IF('2. Unit Testing Results'!$D87=\"\",\"\",'2. Unit Testing Results'!$D87)","v":""},{"$f":"IF('2. Unit Testing Results'!$E87=\"\",\"\",'2. Unit Testing Results'!$E87)","v":""},{"$f":"IF('2. Unit Testing Results'!$F87=\"\",\"\",'2. Unit Testing Results'!$F87)","v":""},null,{"$f":"IF($B70=\"\",\"\",\nIF((('2. Unit Testing Results'!$Y86)*60)/((VLOOKUP($C70,'2. Unit Testing Results'!$C$7:$S$16,4,FALSE))*(VLOOKUP($C70,'2. Unit Testing Results'!$C$7:$S$16,6,FALSE)))=0,\n((('2. Unit Testing Results'!$I86)*60)/((VLOOKUP($C70,'2. Unit Testing Results'!$C$7:$S$16,4,FALSE))*(VLOOKUP($C70,'2. Unit Testing Results'!$C$7:$S$16,6,FALSE)))),\n((('2. Unit Testing Results'!$Y86)*60)/((VLOOKUP($C70,'2. Unit Testing Results'!$C$7:$S$16,4,FALSE))*(VLOOKUP($C70,'2. Unit Testing Results'!$C$7:$S$16,6,FALSE))))))","v":""},{"$f":"IF($B70=\"\",\"\",\nVLOOKUP($C70,'2. Unit Testing Results'!$C$7:$BF$16,20,FALSE))","v":""},{"$f":"IF($B70=\"\",\"\",\nVLOOKUP($C70,'2. Unit Testing Results'!$C$7:$BF$16,22,FALSE))","v":""},{"$f":"IF($B70=\"\",\"\",\nVLOOKUP($C70,'2. Unit Testing Results'!$C$7:$BF$16,24,FALSE))","v":""},{"$f":"IF($B70=\"\",\"\",\nVLOOKUP($C70,'2. Unit Testing Results'!$C$7:$BF$16,26,FALSE))","v":""},{"$f":"IF($B70=\"\",\"\",\nVLOOKUP($C70,'2. Unit Testing Results'!$C$7:$BF$16,27,FALSE))","v":""},{"$f":"IF($B70=\"\",\"\",\nVLOOKUP($C70,'2. Unit Testing Results'!$C$7:$BF$16,29,FALSE))","v":""},{"$f":"IF($B70=\"\",\"\",\nIF('2. Unit Testing Results'!$R86=0,'2. Unit Testing Results'!$G86,'2. Unit Testing Results'!$R86\n))","v":""},{"$f":"IF($B70=\"\",\"\",\nIF(AND('2. Unit Testing Results'!$W86=0,'2. Unit Testing Results'!$W86<>\"\"),'2. Unit Testing Results'!$H86,\nIF('2. Unit Testing Results'!$W86<>\"\",'2. Unit Testing Results'!$W86,\"\")))","v":""},{"$f":"IF($B70=\"\",\"\",\nVLOOKUP($C70,'2. Unit Testing Results'!$C$7:$BF$16,31,FALSE))","v":""},{"$f":"IF($B70=\"\",\"\",\nVLOOKUP($C70,'2. Unit Testing Results'!$C$7:$BF$16,33,FALSE))","v":""},{"$f":"IF($B70=\"\",\"\",\nVLOOKUP($C70,'2. Unit Testing Results'!$C$7:$BF$16,35,FALSE))","v":""},{"$f":"IF($B70=\"\",\"\",\nVLOOKUP($C70,'2. Unit Testing Results'!$C$7:$BF$16,37,FALSE))","v":""},{"$f":"IF($B70=\"\",\"\",\nVLOOKUP($C70,'2. Unit Testing Results'!$C$7:$BF$16,38,FALSE))","v":""},{"$f":"IF($B70=\"\",\"\",\nVLOOKUP($C70,'2. Unit Testing Results'!$C$7:$BF$16,39,FALSE))","v":""},{"$f":"IF($B70=\"\",\"\",\nVLOOKUP($C70,'2. Unit Testing Results'!$C$7:$BF$16,41,FALSE))","v":""},{"$f":"IF($B70=\"\",\"\",\nVLOOKUP($C70,'2. Unit Testing Results'!$C$7:$BF$16,43,FALSE))","v":""},{"$f":"IF($B70=\"\",\"\",\nVLOOKUP($C70,'2. Unit Testing Results'!$C$7:$BF$16,45,FALSE))","v":""},{"$f":"IF($B70=\"\",\"\",\nVLOOKUP($C70,'2. Unit Testing Results'!$C$7:$BF$16,47,FALSE))","v":""},{"$f":"IF($B70=\"\",\"\",\nVLOOKUP($C70,'2. Unit Testing Results'!$C$7:$BF$16,49,FALSE))","v":""},{"$f":"IF($B70=\"\",\"\",\nVLOOKUP($C70,'2. Unit Testing Results'!$C$7:$BF$16,51,FALSE))","v":""},{"$f":"IF($B70=\"\",\"\",\nVLOOKUP($C70,'2. Unit Testing Results'!$C$7:$BF$16,52,FALSE))","v":""},{"$f":"IF($B70=\"\",\"\",\nVLOOKUP($C70,'2. Unit Testing Results'!$C$7:$BF$16,53,FALSE))","v":""},{"$f":"IF($B70=\"\",\"\",\nVLOOKUP($C70,'2. Unit Testing Results'!$C$7:$BF$16,54,FALSE))","v":""},{"$f":"IF($B70=\"\",\"\",\nVLOOKUP($C70,'2. Unit Testing Results'!$C$7:$BF$16,55,FALSE))","v":""},{"$f":"IF($B70=\"\",\"\",\nVLOOKUP($C70,'2. Unit Testing Results'!$C$7:$BF$16,56,FALSE))","v":""}]
[null,{"$f":"IF('2. Unit Testing Results'!$C87=\"\",\"\",'2. Unit Testing Results'!$C87)","v":""},{"$f":"IF('2. Unit Testing Results'!$D88=\"\",\"\",'2. Unit Testing Results'!$D88)","v":""},{"$f":"IF('2. Unit Testing Results'!$E88=\"\",\"\",'2. Unit Testing Results'!$E88)","v":""},{"$f":"IF('2. Unit Testing Results'!$F88=\"\",\"\",'2. Unit Testing Results'!$F88)","v":""},null,{"$f":"IF($B71=\"\",\"\",\nIF((('2. Unit Testing Results'!$Y87)*60)/((VLOOKUP($C71,'2. Unit Testing Results'!$C$7:$S$16,4,FALSE))*(VLOOKUP($C71,'2. Unit Testing Results'!$C$7:$S$16,6,FALSE)))=0,\n((('2. Unit Testing Results'!$I87)*60)/((VLOOKUP($C71,'2. Unit Testing Results'!$C$7:$S$16,4,FALSE))*(VLOOKUP($C71,'2. Unit Testing Results'!$C$7:$S$16,6,FALSE)))),\n((('2. Unit Testing Results'!$Y87)*60)/((VLOOKUP($C71,'2. Unit Testing Results'!$C$7:$S$16,4,FALSE))*(VLOOKUP($C71,'2. Unit Testing Results'!$C$7:$S$16,6,FALSE))))))","v":""},{"$f":"IF($B71=\"\",\"\",\nVLOOKUP($C71,'2. Unit Testing Results'!$C$7:$BF$16,20,FALSE))","v":""},{"$f":"IF($B71=\"\",\"\",\nVLOOKUP($C71,'2. Unit Testing Results'!$C$7:$BF$16,22,FALSE))","v":""},{"$f":"IF($B71=\"\",\"\",\nVLOOKUP($C71,'2. Unit Testing Results'!$C$7:$BF$16,24,FALSE))","v":""},{"$f":"IF($B71=\"\",\"\",\nVLOOKUP($C71,'2. Unit Testing Results'!$C$7:$BF$16,26,FALSE))","v":""},{"$f":"IF($B71=\"\",\"\",\nVLOOKUP($C71,'2. Unit Testing Results'!$C$7:$BF$16,27,FALSE))","v":""},{"$f":"IF($B71=\"\",\"\",\nVLOOKUP($C71,'2. Unit Testing Results'!$C$7:$BF$16,29,FALSE))","v":""},{"$f":"IF($B71=\"\",\"\",\nIF('2. Unit Testing Results'!$R87=0,'2. Unit Testing Results'!$G87,'2. Unit Testing Results'!$R87\n))","v":""},{"$f":"IF($B71=\"\",\"\",\nIF(AND('2. Unit Testing Results'!$W87=0,'2. Unit Testing Results'!$W87<>\"\"),'2. Unit Testing Results'!$H87,\nIF('2. Unit Testing Results'!$W87<>\"\",'2. Unit Testing Results'!$W87,\"\")))","v":""},{"$f":"IF($B71=\"\",\"\",\nVLOOKUP($C71,'2. Unit Testing Results'!$C$7:$BF$16,31,FALSE))","v":""},{"$f":"IF($B71=\"\",\"\",\nVLOOKUP($C71,'2. Unit Testing Results'!$C$7:$BF$16,33,FALSE))","v":""},{"$f":"IF($B71=\"\",\"\",\nVLOOKUP($C71,'2. Unit Testing Results'!$C$7:$BF$16,35,FALSE))","v":""},{"$f":"IF($B71=\"\",\"\",\nVLOOKUP($C71,'2. Unit Testing Results'!$C$7:$BF$16,37,FALSE))","v":""},{"$f":"IF($B71=\"\",\"\",\nVLOOKUP($C71,'2. Unit Testing Results'!$C$7:$BF$16,38,FALSE))","v":""},{"$f":"IF($B71=\"\",\"\",\nVLOOKUP($C71,'2. Unit Testing Results'!$C$7:$BF$16,39,FALSE))","v":""},{"$f":"IF($B71=\"\",\"\",\nVLOOKUP($C71,'2. Unit Testing Results'!$C$7:$BF$16,41,FALSE))","v":""},{"$f":"IF($B71=\"\",\"\",\nVLOOKUP($C71,'2. Unit Testing Results'!$C$7:$BF$16,43,FALSE))","v":""},{"$f":"IF($B71=\"\",\"\",\nVLOOKUP($C71,'2. Unit Testing Results'!$C$7:$BF$16,45,FALSE))","v":""},{"$f":"IF($B71=\"\",\"\",\nVLOOKUP($C71,'2. Unit Testing Results'!$C$7:$BF$16,47,FALSE))","v":""},{"$f":"IF($B71=\"\",\"\",\nVLOOKUP($C71,'2. Unit Testing Results'!$C$7:$BF$16,49,FALSE))","v":""},{"$f":"IF($B71=\"\",\"\",\nVLOOKUP($C71,'2. Unit Testing Results'!$C$7:$BF$16,51,FALSE))","v":""},{"$f":"IF($B71=\"\",\"\",\nVLOOKUP($C71,'2. Unit Testing Results'!$C$7:$BF$16,52,FALSE))","v":""},{"$f":"IF($B71=\"\",\"\",\nVLOOKUP($C71,'2. Unit Testing Results'!$C$7:$BF$16,53,FALSE))","v":""},{"$f":"IF($B71=\"\",\"\",\nVLOOKUP($C71,'2. Unit Testing Results'!$C$7:$BF$16,54,FALSE))","v":""},{"$f":"IF($B71=\"\",\"\",\nVLOOKUP($C71,'2. Unit Testing Results'!$C$7:$BF$16,55,FALSE))","v":""},{"$f":"IF($B71=\"\",\"\",\nVLOOKUP($C71,'2. Unit Testing Results'!$C$7:$BF$16,56,FALSE))","v":""}]
[null,{"$f":"IF('2. Unit Testing Results'!$C88=\"\",\"\",'2. Unit Testing Results'!$C88)","v":""},{"$f":"IF('2. Unit Testing Results'!$D89=\"\",\"\",'2. Unit Testing Results'!$D89)","v":""},{"$f":"IF('2. Unit Testing Results'!$E89=\"\",\"\",'2. Unit Testing Results'!$E89)","v":""},{"$f":"IF('2. Unit Testing Results'!$F89=\"\",\"\",'2. Unit Testing Results'!$F89)","v":""},null,{"$f":"IF($B72=\"\",\"\",\nIF((('2. Unit Testing Results'!$Y88)*60)/((VLOOKUP($C72,'2. Unit Testing Results'!$C$7:$S$16,4,FALSE))*(VLOOKUP($C72,'2. Unit Testing Results'!$C$7:$S$16,6,FALSE)))=0,\n((('2. Unit Testing Results'!$I88)*60)/((VLOOKUP($C72,'2. Unit Testing Results'!$C$7:$S$16,4,FALSE))*(VLOOKUP($C72,'2. Unit Testing Results'!$C$7:$S$16,6,FALSE)))),\n((('2. Unit Testing Results'!$Y88)*60)/((VLOOKUP($C72,'2. Unit Testing Results'!$C$7:$S$16,4,FALSE))*(VLOOKUP($C72,'2. Unit Testing Results'!$C$7:$S$16,6,FALSE))))))","v":""},{"$f":"IF($B72=\"\",\"\",\nVLOOKUP($C72,'2. Unit Testing Results'!$C$7:$BF$16,20,FALSE))","v":""},{"$f":"IF($B72=\"\",\"\",\nVLOOKUP($C72,'2. Unit Testing Results'!$C$7:$BF$16,22,FALSE))","v":""},{"$f":"IF($B72=\"\",\"\",\nVLOOKUP($C72,'2. Unit Testing Results'!$C$7:$BF$16,24,FALSE))","v":""},{"$f":"IF($B72=\"\",\"\",\nVLOOKUP($C72,'2. Unit Testing Results'!$C$7:$BF$16,26,FALSE))","v":""},{"$f":"IF($B72=\"\",\"\",\nVLOOKUP($C72,'2. Unit Testing Results'!$C$7:$BF$16,27,FALSE))","v":""},{"$f":"IF($B72=\"\",\"\",\nVLOOKUP($C72,'2. Unit Testing Results'!$C$7:$BF$16,29,FALSE))","v":""},{"$f":"IF($B72=\"\",\"\",\nIF('2. Unit Testing Results'!$R88=0,'2. Unit Testing Results'!$G88,'2. Unit Testing Results'!$R88\n))","v":""},{"$f":"IF($B72=\"\",\"\",\nIF(AND('2. Unit Testing Results'!$W88=0,'2. Unit Testing Results'!$W88<>\"\"),'2. Unit Testing Results'!$H88,\nIF('2. Unit Testing Results'!$W88<>\"\",'2. Unit Testing Results'!$W88,\"\")))","v":""},{"$f":"IF($B72=\"\",\"\",\nVLOOKUP($C72,'2. Unit Testing Results'!$C$7:$BF$16,31,FALSE))","v":""},{"$f":"IF($B72=\"\",\"\",\nVLOOKUP($C72,'2. Unit Testing Results'!$C$7:$BF$16,33,FALSE))","v":""},{"$f":"IF($B72=\"\",\"\",\nVLOOKUP($C72,'2. Unit Testing Results'!$C$7:$BF$16,35,FALSE))","v":""},{"$f":"IF($B72=\"\",\"\",\nVLOOKUP($C72,'2. Unit Testing Results'!$C$7:$BF$16,37,FALSE))","v":""},{"$f":"IF($B72=\"\",\"\",\nVLOOKUP($C72,'2. Unit Testing Results'!$C$7:$BF$16,38,FALSE))","v":""},{"$f":"IF($B72=\"\",\"\",\nVLOOKUP($C72,'2. Unit Testing Results'!$C$7:$BF$16,39,FALSE))","v":""},{"$f":"IF($B72=\"\",\"\",\nVLOOKUP($C72,'2. Unit Testing Results'!$C$7:$BF$16,41,FALSE))","v":""},{"$f":"IF($B72=\"\",\"\",\nVLOOKUP($C72,'2. Unit Testing Results'!$C$7:$BF$16,43,FALSE))","v":""},{"$f":"IF($B72=\"\",\"\",\nVLOOKUP($C72,'2. Unit Testing Results'!$C$7:$BF$16,45,FALSE))","v":""},{"$f":"IF($B72=\"\",\"\",\nVLOOKUP($C72,'2. Unit Testing Results'!$C$7:$BF$16,47,FALSE))","v":""},{"$f":"IF($B72=\"\",\"\",\nVLOOKUP($C72,'2. Unit Testing Results'!$C$7:$BF$16,49,FALSE))","v":""},{"$f":"IF($B72=\"\",\"\",\nVLOOKUP($C72,'2. Unit Testing Results'!$C$7:$BF$16,51,FALSE))","v":""},{"$f":"IF($B72=\"\",\"\",\nVLOOKUP($C72,'2. Unit Testing Results'!$C$7:$BF$16,52,FALSE))","v":""},{"$f":"IF($B72=\"\",\"\",\nVLOOKUP($C72,'2. Unit Testing Results'!$C$7:$BF$16,53,FALSE))","v":""},{"$f":"IF($B72=\"\",\"\",\nVLOOKUP($C72,'2. Unit Testing Results'!$C$7:$BF$16,54,FALSE))","v":""},{"$f":"IF($B72=\"\",\"\",\nVLOOKUP($C72,'2. Unit Testing Results'!$C$7:$BF$16,55,FALSE))","v":""},{"$f":"IF($B72=\"\",\"\",\nVLOOKUP($C72,'2. Unit Testing Results'!$C$7:$BF$16,56,FALSE))","v":""}]
[null,{"$f":"IF('2. Unit Testing Results'!$C89=\"\",\"\",'2. Unit Testing Results'!$C89)","v":""},{"$f":"IF('2. Unit Testing Results'!$D90=\"\",\"\",'2. Unit Testing Results'!$D90)","v":""},{"$f":"IF('2. Unit Testing Results'!$E90=\"\",\"\",'2. Unit Testing Results'!$E90)","v":""},{"$f":"IF('2. Unit Testing Results'!$F90=\"\",\"\",'2. Unit Testing Results'!$F90)","v":""},null,{"$f":"IF($B73=\"\",\"\",\nIF((('2. Unit Testing Results'!$Y89)*60)/((VLOOKUP($C73,'2. Unit Testing Results'!$C$7:$S$16,4,FALSE))*(VLOOKUP($C73,'2. Unit Testing Results'!$C$7:$S$16,6,FALSE)))=0,\n((('2. Unit Testing Results'!$I89)*60)/((VLOOKUP($C73,'2. Unit Testing Results'!$C$7:$S$16,4,FALSE))*(VLOOKUP($C73,'2. Unit Testing Results'!$C$7:$S$16,6,FALSE)))),\n((('2. Unit Testing Results'!$Y89)*60)/((VLOOKUP($C73,'2. Unit Testing Results'!$C$7:$S$16,4,FALSE))*(VLOOKUP($C73,'2. Unit Testing Results'!$C$7:$S$16,6,FALSE))))))","v":""},{"$f":"IF($B73=\"\",\"\",\nVLOOKUP($C73,'2. Unit Testing Results'!$C$7:$BF$16,20,FALSE))","v":""},{"$f":"IF($B73=\"\",\"\",\nVLOOKUP($C73,'2. Unit Testing Results'!$C$7:$BF$16,22,FALSE))","v":""},{"$f":"IF($B73=\"\",\"\",\nVLOOKUP($C73,'2. Unit Testing Results'!$C$7:$BF$16,24,FALSE))","v":""},{"$f":"IF($B73=\"\",\"\",\nVLOOKUP($C73,'2. Unit Testing Results'!$C$7:$BF$16,26,FALSE))","v":""},{"$f":"IF($B73=\"\",\"\",\nVLOOKUP($C73,'2. Unit Testing Results'!$C$7:$BF$16,27,FALSE))","v":""},{"$f":"IF($B73=\"\",\"\",\nVLOOKUP($C73,'2. Unit Testing Results'!$C$7:$BF$16,29,FALSE))","v":""},{"$f":"IF($B73=\"\",\"\",\nIF('2. Unit Testing Results'!$R89=0,'2. Unit Testing Results'!$G89,'2. Unit Testing Results'!$R89\n))","v":""},{"$f":"IF($B73=\"\",\"\",\nIF(AND('2. Unit Testing Results'!$W89=0,'2. Unit Testing Results'!$W89<>\"\"),'2. Unit Testing Results'!$H89,\nIF('2. Unit Testing Results'!$W89<>\"\",'2. Unit Testing Results'!$W89,\"\")))","v":""},{"$f":"IF($B73=\"\",\"\",\nVLOOKUP($C73,'2. Unit Testing Results'!$C$7:$BF$16,31,FALSE))","v":""},{"$f":"IF($B73=\"\",\"\",\nVLOOKUP($C73,'2. Unit Testing Results'!$C$7:$BF$16,33,FALSE))","v":""},{"$f":"IF($B73=\"\",\"\",\nVLOOKUP($C73,'2. Unit Testing Results'!$C$7:$BF$16,35,FALSE))","v":""},{"$f":"IF($B73=\"\",\"\",\nVLOOKUP($C73,'2. Unit Testing Results'!$C$7:$BF$16,37,FALSE))","v":""},{"$f":"IF($B73=\"\",\"\",\nVLOOKUP($C73,'2. Unit Testing Results'!$C$7:$BF$16,38,FALSE))","v":""},{"$f":"IF($B73=\"\",\"\",\nVLOOKUP($C73,'2. Unit Testing Results'!$C$7:$BF$16,39,FALSE))","v":""},{"$f":"IF($B73=\"\",\"\",\nVLOOKUP($C73,'2. Unit Testing Results'!$C$7:$BF$16,41,FALSE))","v":""},{"$f":"IF($B73=\"\",\"\",\nVLOOKUP($C73,'2. Unit Testing Results'!$C$7:$BF$16,43,FALSE))","v":""},{"$f":"IF($B73=\"\",\"\",\nVLOOKUP($C73,'2. Unit Testing Results'!$C$7:$BF$16,45,FALSE))","v":""},{"$f":"IF($B73=\"\",\"\",\nVLOOKUP($C73,'2. Unit Testing Results'!$C$7:$BF$16,47,FALSE))","v":""},{"$f":"IF($B73=\"\",\"\",\nVLOOKUP($C73,'2. Unit Testing Results'!$C$7:$BF$16,49,FALSE))","v":""},{"$f":"IF($B73=\"\",\"\",\nVLOOKUP($C73,'2. Unit Testing Results'!$C$7:$BF$16,51,FALSE))","v":""},{"$f":"IF($B73=\"\",\"\",\nVLOOKUP($C73,'2. Unit Testing Results'!$C$7:$BF$16,52,FALSE))","v":""},{"$f":"IF($B73=\"\",\"\",\nVLOOKUP($C73,'2. Unit Testing Results'!$C$7:$BF$16,53,FALSE))","v":""},{"$f":"IF($B73=\"\",\"\",\nVLOOKUP($C73,'2. Unit Testing Results'!$C$7:$BF$16,54,FALSE))","v":""},{"$f":"IF($B73=\"\",\"\",\nVLOOKUP($C73,'2. Unit Testing Results'!$C$7:$BF$16,55,FALSE))","v":""},{"$f":"IF($B73=\"\",\"\",\nVLOOKUP($C73,'2. Unit Testing Results'!$C$7:$BF$16,56,FALSE))","v":""}]
[null,{"$f":"IF('2. Unit Testing Results'!$C90=\"\",\"\",'2. Unit Testing Results'!$C90)","v":""},{"$f":"IF('2. Unit Testing Results'!$D91=\"\",\"\",'2. Unit Testing Results'!$D91)","v":""},{"$f":"IF('2. Unit Testing Results'!$E91=\"\",\"\",'2. Unit Testing Results'!$E91)","v":""},{"$f":"IF('2. Unit Testing Results'!$F91=\"\",\"\",'2. Unit Testing Results'!$F91)","v":""},null,{"$f":"IF($B74=\"\",\"\",\nIF((('2. Unit Testing Results'!$Y90)*60)/((VLOOKUP($C74,'2. Unit Testing Results'!$C$7:$S$16,4,FALSE))*(VLOOKUP($C74,'2. Unit Testing Results'!$C$7:$S$16,6,FALSE)))=0,\n((('2. Unit Testing Results'!$I90)*60)/((VLOOKUP($C74,'2. Unit Testing Results'!$C$7:$S$16,4,FALSE))*(VLOOKUP($C74,'2. Unit Testing Results'!$C$7:$S$16,6,FALSE)))),\n((('2. Unit Testing Results'!$Y90)*60)/((VLOOKUP($C74,'2. Unit Testing Results'!$C$7:$S$16,4,FALSE))*(VLOOKUP($C74,'2. Unit Testing Results'!$C$7:$S$16,6,FALSE))))))","v":""},{"$f":"IF($B74=\"\",\"\",\nVLOOKUP($C74,'2. Unit Testing Results'!$C$7:$BF$16,20,FALSE))","v":""},{"$f":"IF($B74=\"\",\"\",\nVLOOKUP($C74,'2. Unit Testing Results'!$C$7:$BF$16,22,FALSE))","v":""},{"$f":"IF($B74=\"\",\"\",\nVLOOKUP($C74,'2. Unit Testing Results'!$C$7:$BF$16,24,FALSE))","v":""},{"$f":"IF($B74=\"\",\"\",\nVLOOKUP($C74,'2. Unit Testing Results'!$C$7:$BF$16,26,FALSE))","v":""},{"$f":"IF($B74=\"\",\"\",\nVLOOKUP($C74,'2. Unit Testing Results'!$C$7:$BF$16,27,FALSE))","v":""},{"$f":"IF($B74=\"\",\"\",\nVLOOKUP($C74,'2. Unit Testing Results'!$C$7:$BF$16,29,FALSE))","v":""},{"$f":"IF($B74=\"\",\"\",\nIF('2. Unit Testing Results'!$R90=0,'2. Unit Testing Results'!$G90,'2. Unit Testing Results'!$R90\n))","v":""},{"$f":"IF($B74=\"\",\"\",\nIF(AND('2. Unit Testing Results'!$W90=0,'2. Unit Testing Results'!$W90<>\"\"),'2. Unit Testing Results'!$H90,\nIF('2. Unit Testing Results'!$W90<>\"\",'2. Unit Testing Results'!$W90,\"\")))","v":""},{"$f":"IF($B74=\"\",\"\",\nVLOOKUP($C74,'2. Unit Testing Results'!$C$7:$BF$16,31,FALSE))","v":""},{"$f":"IF($B74=\"\",\"\",\nVLOOKUP($C74,'2. Unit Testing Results'!$C$7:$BF$16,33,FALSE))","v":""},{"$f":"IF($B74=\"\",\"\",\nVLOOKUP($C74,'2. Unit Testing Results'!$C$7:$BF$16,35,FALSE))","v":""},{"$f":"IF($B74=\"\",\"\",\nVLOOKUP($C74,'2. Unit Testing Results'!$C$7:$BF$16,37,FALSE))","v":""},{"$f":"IF($B74=\"\",\"\",\nVLOOKUP($C74,'2. Unit Testing Results'!$C$7:$BF$16,38,FALSE))","v":""},{"$f":"IF($B74=\"\",\"\",\nVLOOKUP($C74,'2. Unit Testing Results'!$C$7:$BF$16,39,FALSE))","v":""},{"$f":"IF($B74=\"\",\"\",\nVLOOKUP($C74,'2. Unit Testing Results'!$C$7:$BF$16,41,FALSE))","v":""},{"$f":"IF($B74=\"\",\"\",\nVLOOKUP($C74,'2. Unit Testing Results'!$C$7:$BF$16,43,FALSE))","v":""},{"$f":"IF($B74=\"\",\"\",\nVLOOKUP($C74,'2. Unit Testing Results'!$C$7:$BF$16,45,FALSE))","v":""},{"$f":"IF($B74=\"\",\"\",\nVLOOKUP($C74,'2. Unit Testing Results'!$C$7:$BF$16,47,FALSE))","v":""},{"$f":"IF($B74=\"\",\"\",\nVLOOKUP($C74,'2. Unit Testing Results'!$C$7:$BF$16,49,FALSE))","v":""},{"$f":"IF($B74=\"\",\"\",\nVLOOKUP($C74,'2. Unit Testing Results'!$C$7:$BF$16,51,FALSE))","v":""},{"$f":"IF($B74=\"\",\"\",\nVLOOKUP($C74,'2. Unit Testing Results'!$C$7:$BF$16,52,FALSE))","v":""},{"$f":"IF($B74=\"\",\"\",\nVLOOKUP($C74,'2. Unit Testing Results'!$C$7:$BF$16,53,FALSE))","v":""},{"$f":"IF($B74=\"\",\"\",\nVLOOKUP($C74,'2. Unit Testing Results'!$C$7:$BF$16,54,FALSE))","v":""},{"$f":"IF($B74=\"\",\"\",\nVLOOKUP($C74,'2. Unit Testing Results'!$C$7:$BF$16,55,FALSE))","v":""},{"$f":"IF($B74=\"\",\"\",\nVLOOKUP($C74,'2. Unit Testing Results'!$C$7:$BF$16,56,FALSE))","v":""}]
[null,{"$f":"IF('2. Unit Testing Results'!$C91=\"\",\"\",'2. Unit Testing Results'!$C91)","v":""},{"$f":"IF('2. Unit Testing Results'!$D92=\"\",\"\",'2. Unit Testing Results'!$D92)","v":""},{"$f":"IF('2. Unit Testing Results'!$E92=\"\",\"\",'2. Unit Testing Results'!$E92)","v":""},{"$f":"IF('2. Unit Testing Results'!$F92=\"\",\"\",'2. Unit Testing Results'!$F92)","v":""},null,{"$f":"IF($B75=\"\",\"\",\nIF((('2. Unit Testing Results'!$Y91)*60)/((VLOOKUP($C75,'2. Unit Testing Results'!$C$7:$S$16,4,FALSE))*(VLOOKUP($C75,'2. Unit Testing Results'!$C$7:$S$16,6,FALSE)))=0,\n((('2. Unit Testing Results'!$I91)*60)/((VLOOKUP($C75,'2. Unit Testing Results'!$C$7:$S$16,4,FALSE))*(VLOOKUP($C75,'2. Unit Testing Results'!$C$7:$S$16,6,FALSE)))),\n((('2. Unit Testing Results'!$Y91)*60)/((VLOOKUP($C75,'2. Unit Testing Results'!$C$7:$S$16,4,FALSE))*(VLOOKUP($C75,'2. Unit Testing Results'!$C$7:$S$16,6,FALSE))))))","v":""},{"$f":"IF($B75=\"\",\"\",\nVLOOKUP($C75,'2. Unit Testing Results'!$C$7:$BF$16,20,FALSE))","v":""},{"$f":"IF($B75=\"\",\"\",\nVLOOKUP($C75,'2. Unit Testing Results'!$C$7:$BF$16,22,FALSE))","v":""},{"$f":"IF($B75=\"\",\"\",\nVLOOKUP($C75,'2. Unit Testing Results'!$C$7:$BF$16,24,FALSE))","v":""},{"$f":"IF($B75=\"\",\"\",\nVLOOKUP($C75,'2. Unit Testing Results'!$C$7:$BF$16,26,FALSE))","v":""},{"$f":"IF($B75=\"\",\"\",\nVLOOKUP($C75,'2. Unit Testing Results'!$C$7:$BF$16,27,FALSE))","v":""},{"$f":"IF($B75=\"\",\"\",\nVLOOKUP($C75,'2. Unit Testing Results'!$C$7:$BF$16,29,FALSE))","v":""},{"$f":"IF($B75=\"\",\"\",\nIF('2. Unit Testing Results'!$R91=0,'2. Unit Testing Results'!$G91,'2. Unit Testing Results'!$R91\n))","v":""},{"$f":"IF($B75=\"\",\"\",\nIF(AND('2. Unit Testing Results'!$W91=0,'2. Unit Testing Results'!$W91<>\"\"),'2. Unit Testing Results'!$H91,\nIF('2. Unit Testing Results'!$W91<>\"\",'2. Unit Testing Results'!$W91,\"\")))","v":""},{"$f":"IF($B75=\"\",\"\",\nVLOOKUP($C75,'2. Unit Testing Results'!$C$7:$BF$16,31,FALSE))","v":""},{"$f":"IF($B75=\"\",\"\",\nVLOOKUP($C75,'2. Unit Testing Results'!$C$7:$BF$16,33,FALSE))","v":""},{"$f":"IF($B75=\"\",\"\",\nVLOOKUP($C75,'2. Unit Testing Results'!$C$7:$BF$16,35,FALSE))","v":""},{"$f":"IF($B75=\"\",\"\",\nVLOOKUP($C75,'2. Unit Testing Results'!$C$7:$BF$16,37,FALSE))","v":""},{"$f":"IF($B75=\"\",\"\",\nVLOOKUP($C75,'2. Unit Testing Results'!$C$7:$BF$16,38,FALSE))","v":""},{"$f":"IF($B75=\"\",\"\",\nVLOOKUP($C75,'2. Unit Testing Results'!$C$7:$BF$16,39,FALSE))","v":""},{"$f":"IF($B75=\"\",\"\",\nVLOOKUP($C75,'2. Unit Testing Results'!$C$7:$BF$16,41,FALSE))","v":""},{"$f":"IF($B75=\"\",\"\",\nVLOOKUP($C75,'2. Unit Testing Results'!$C$7:$BF$16,43,FALSE))","v":""},{"$f":"IF($B75=\"\",\"\",\nVLOOKUP($C75,'2. Unit Testing Results'!$C$7:$BF$16,45,FALSE))","v":""},{"$f":"IF($B75=\"\",\"\",\nVLOOKUP($C75,'2. Unit Testing Results'!$C$7:$BF$16,47,FALSE))","v":""},{"$f":"IF($B75=\"\",\"\",\nVLOOKUP($C75,'2. Unit Testing Results'!$C$7:$BF$16,49,FALSE))","v":""},{"$f":"IF($B75=\"\",\"\",\nVLOOKUP($C75,'2. Unit Testing Results'!$C$7:$BF$16,51,FALSE))","v":""},{"$f":"IF($B75=\"\",\"\",\nVLOOKUP($C75,'2. Unit Testing Results'!$C$7:$BF$16,52,FALSE))","v":""},{"$f":"IF($B75=\"\",\"\",\nVLOOKUP($C75,'2. Unit Testing Results'!$C$7:$BF$16,53,FALSE))","v":""},{"$f":"IF($B75=\"\",\"\",\nVLOOKUP($C75,'2. Unit Testing Results'!$C$7:$BF$16,54,FALSE))","v":""},{"$f":"IF($B75=\"\",\"\",\nVLOOKUP($C75,'2. Unit Testing Results'!$C$7:$BF$16,55,FALSE))","v":""},{"$f":"IF($B75=\"\",\"\",\nVLOOKUP($C75,'2. Unit Testing Results'!$C$7:$BF$16,56,FALSE))","v":""}]
[null,{"$f":"IF('2. Unit Testing Results'!$C92=\"\",\"\",'2. Unit Testing Results'!$C92)","v":""},{"$f":"IF('2. Unit Testing Results'!$D93=\"\",\"\",'2. Unit Testing Results'!$D93)","v":""},{"$f":"IF('2. Unit Testing Results'!$E93=\"\",\"\",'2. Unit Testing Results'!$E93)","v":""},{"$f":"IF('2. Unit Testing Results'!$F93=\"\",\"\",'2. Unit Testing Results'!$F93)","v":""},null,{"$f":"IF($B76=\"\",\"\",\nIF((('2. Unit Testing Results'!$Y92)*60)/((VLOOKUP($C76,'2. Unit Testing Results'!$C$7:$S$16,4,FALSE))*(VLOOKUP($C76,'2. Unit Testing Results'!$C$7:$S$16,6,FALSE)))=0,\n((('2. Unit Testing Results'!$I92)*60)/((VLOOKUP($C76,'2. Unit Testing Results'!$C$7:$S$16,4,FALSE))*(VLOOKUP($C76,'2. Unit Testing Results'!$C$7:$S$16,6,FALSE)))),\n((('2. Unit Testing Results'!$Y92)*60)/((VLOOKUP($C76,'2. Unit Testing Results'!$C$7:$S$16,4,FALSE))*(VLOOKUP($C76,'2. Unit Testing Results'!$C$7:$S$16,6,FALSE))))))","v":""},{"$f":"IF($B76=\"\",\"\",\nVLOOKUP($C76,'2. Unit Testing Results'!$C$7:$BF$16,20,FALSE))","v":""},{"$f":"IF($B76=\"\",\"\",\nVLOOKUP($C76,'2. Unit Testing Results'!$C$7:$BF$16,22,FALSE))","v":""},{"$f":"IF($B76=\"\",\"\",\nVLOOKUP($C76,'2. Unit Testing Results'!$C$7:$BF$16,24,FALSE))","v":""},{"$f":"IF($B76=\"\",\"\",\nVLOOKUP($C76,'2. Unit Testing Results'!$C$7:$BF$16,26,FALSE))","v":""},{"$f":"IF($B76=\"\",\"\",\nVLOOKUP($C76,'2. Unit Testing Results'!$C$7:$BF$16,27,FALSE))","v":""},{"$f":"IF($B76=\"\",\"\",\nVLOOKUP($C76,'2. Unit Testing Results'!$C$7:$BF$16,29,FALSE))","v":""},{"$f":"IF($B76=\"\",\"\",\nIF('2. Unit Testing Results'!$R92=0,'2. Unit Testing Results'!$G92,'2. Unit Testing Results'!$R92\n))","v":""},{"$f":"IF($B76=\"\",\"\",\nIF(AND('2. Unit Testing Results'!$W92=0,'2. Unit Testing Results'!$W92<>\"\"),'2. Unit Testing Results'!$H92,\nIF('2. Unit Testing Results'!$W92<>\"\",'2. Unit Testing Results'!$W92,\"\")))","v":""},{"$f":"IF($B76=\"\",\"\",\nVLOOKUP($C76,'2. Unit Testing Results'!$C$7:$BF$16,31,FALSE))","v":""},{"$f":"IF($B76=\"\",\"\",\nVLOOKUP($C76,'2. Unit Testing Results'!$C$7:$BF$16,33,FALSE))","v":""},{"$f":"IF($B76=\"\",\"\",\nVLOOKUP($C76,'2. Unit Testing Results'!$C$7:$BF$16,35,FALSE))","v":""},{"$f":"IF($B76=\"\",\"\",\nVLOOKUP($C76,'2. Unit Testing Results'!$C$7:$BF$16,37,FALSE))","v":""},{"$f":"IF($B76=\"\",\"\",\nVLOOKUP($C76,'2. Unit Testing Results'!$C$7:$BF$16,38,FALSE))","v":""},{"$f":"IF($B76=\"\",\"\",\nVLOOKUP($C76,'2. Unit Testing Results'!$C$7:$BF$16,39,FALSE))","v":""},{"$f":"IF($B76=\"\",\"\",\nVLOOKUP($C76,'2. Unit Testing Results'!$C$7:$BF$16,41,FALSE))","v":""},{"$f":"IF($B76=\"\",\"\",\nVLOOKUP($C76,'2. Unit Testing Results'!$C$7:$BF$16,43,FALSE))","v":""},{"$f":"IF($B76=\"\",\"\",\nVLOOKUP($C76,'2. Unit Testing Results'!$C$7:$BF$16,45,FALSE))","v":""},{"$f":"IF($B76=\"\",\"\",\nVLOOKUP($C76,'2. Unit Testing Results'!$C$7:$BF$16,47,FALSE))","v":""},{"$f":"IF($B76=\"\",\"\",\nVLOOKUP($C76,'2. Unit Testing Results'!$C$7:$BF$16,49,FALSE))","v":""},{"$f":"IF($B76=\"\",\"\",\nVLOOKUP($C76,'2. Unit Testing Results'!$C$7:$BF$16,51,FALSE))","v":""},{"$f":"IF($B76=\"\",\"\",\nVLOOKUP($C76,'2. Unit Testing Results'!$C$7:$BF$16,52,FALSE))","v":""},{"$f":"IF($B76=\"\",\"\",\nVLOOKUP($C76,'2. Unit Testing Results'!$C$7:$BF$16,53,FALSE))","v":""},{"$f":"IF($B76=\"\",\"\",\nVLOOKUP($C76,'2. Unit Testing Results'!$C$7:$BF$16,54,FALSE))","v":""},{"$f":"IF($B76=\"\",\"\",\nVLOOKUP($C76,'2. Unit Testing Results'!$C$7:$BF$16,55,FALSE))","v":""},{"$f":"IF($B76=\"\",\"\",\nVLOOKUP($C76,'2. Unit Testing Results'!$C$7:$BF$16,56,FALSE))","v":""}]
[null,{"$f":"IF('2. Unit Testing Results'!$C93=\"\",\"\",'2. Unit Testing Results'!$C93)","v":""},{"$f":"IF('2. Unit Testing Results'!$D94=\"\",\"\",'2. Unit Testing Results'!$D94)","v":""},{"$f":"IF('2. Unit Testing Results'!$E94=\"\",\"\",'2. Unit Testing Results'!$E94)","v":""},{"$f":"IF('2. Unit Testing Results'!$F94=\"\",\"\",'2. Unit Testing Results'!$F94)","v":""},null,{"$f":"IF($B77=\"\",\"\",\nIF((('2. Unit Testing Results'!$Y93)*60)/((VLOOKUP($C77,'2. Unit Testing Results'!$C$7:$S$16,4,FALSE))*(VLOOKUP($C77,'2. Unit Testing Results'!$C$7:$S$16,6,FALSE)))=0,\n((('2. Unit Testing Results'!$I93)*60)/((VLOOKUP($C77,'2. Unit Testing Results'!$C$7:$S$16,4,FALSE))*(VLOOKUP($C77,'2. Unit Testing Results'!$C$7:$S$16,6,FALSE)))),\n((('2. Unit Testing Results'!$Y93)*60)/((VLOOKUP($C77,'2. Unit Testing Results'!$C$7:$S$16,4,FALSE))*(VLOOKUP($C77,'2. Unit Testing Results'!$C$7:$S$16,6,FALSE))))))","v":""},{"$f":"IF($B77=\"\",\"\",\nVLOOKUP($C77,'2. Unit Testing Results'!$C$7:$BF$16,20,FALSE))","v":""},{"$f":"IF($B77=\"\",\"\",\nVLOOKUP($C77,'2. Unit Testing Results'!$C$7:$BF$16,22,FALSE))","v":""},{"$f":"IF($B77=\"\",\"\",\nVLOOKUP($C77,'2. Unit Testing Results'!$C$7:$BF$16,24,FALSE))","v":""},{"$f":"IF($B77=\"\",\"\",\nVLOOKUP($C77,'2. Unit Testing Results'!$C$7:$BF$16,26,FALSE))","v":""},{"$f":"IF($B77=\"\",\"\",\nVLOOKUP($C77,'2. Unit Testing Results'!$C$7:$BF$16,27,FALSE))","v":""},{"$f":"IF($B77=\"\",\"\",\nVLOOKUP($C77,'2. Unit Testing Results'!$C$7:$BF$16,29,FALSE))","v":""},{"$f":"IF($B77=\"\",\"\",\nIF('2. Unit Testing Results'!$R93=0,'2. Unit Testing Results'!$G93,'2. Unit Testing Results'!$R93\n))","v":""},{"$f":"IF($B77=\"\",\"\",\nIF(AND('2. Unit Testing Results'!$W93=0,'2. Unit Testing Results'!$W93<>\"\"),'2. Unit Testing Results'!$H93,\nIF('2. Unit Testing Results'!$W93<>\"\",'2. Unit Testing Results'!$W93,\"\")))","v":""},{"$f":"IF($B77=\"\",\"\",\nVLOOKUP($C77,'2. Unit Testing Results'!$C$7:$BF$16,31,FALSE))","v":""},{"$f":"IF($B77=\"\",\"\",\nVLOOKUP($C77,'2. Unit Testing Results'!$C$7:$BF$16,33,FALSE))","v":""},{"$f":"IF($B77=\"\",\"\",\nVLOOKUP($C77,'2. Unit Testing Results'!$C$7:$BF$16,35,FALSE))","v":""},{"$f":"IF($B77=\"\",\"\",\nVLOOKUP($C77,'2. Unit Testing Results'!$C$7:$BF$16,37,FALSE))","v":""},{"$f":"IF($B77=\"\",\"\",\nVLOOKUP($C77,'2. Unit Testing Results'!$C$7:$BF$16,38,FALSE))","v":""},{"$f":"IF($B77=\"\",\"\",\nVLOOKUP($C77,'2. Unit Testing Results'!$C$7:$BF$16,39,FALSE))","v":""},{"$f":"IF($B77=\"\",\"\",\nVLOOKUP($C77,'2. Unit Testing Results'!$C$7:$BF$16,41,FALSE))","v":""},{"$f":"IF($B77=\"\",\"\",\nVLOOKUP($C77,'2. Unit Testing Results'!$C$7:$BF$16,43,FALSE))","v":""},{"$f":"IF($B77=\"\",\"\",\nVLOOKUP($C77,'2. Unit Testing Results'!$C$7:$BF$16,45,FALSE))","v":""},{"$f":"IF($B77=\"\",\"\",\nVLOOKUP($C77,'2. Unit Testing Results'!$C$7:$BF$16,47,FALSE))","v":""},{"$f":"IF($B77=\"\",\"\",\nVLOOKUP($C77,'2. Unit Testing Results'!$C$7:$BF$16,49,FALSE))","v":""},{"$f":"IF($B77=\"\",\"\",\nVLOOKUP($C77,'2. Unit Testing Results'!$C$7:$BF$16,51,FALSE))","v":""},{"$f":"IF($B77=\"\",\"\",\nVLOOKUP($C77,'2. Unit Testing Results'!$C$7:$BF$16,52,FALSE))","v":""},{"$f":"IF($B77=\"\",\"\",\nVLOOKUP($C77,'2. Unit Testing Results'!$C$7:$BF$16,53,FALSE))","v":""},{"$f":"IF($B77=\"\",\"\",\nVLOOKUP($C77,'2. Unit Testing Results'!$C$7:$BF$16,54,FALSE))","v":""},{"$f":"IF($B77=\"\",\"\",\nVLOOKUP($C77,'2. Unit Testing Results'!$C$7:$BF$16,55,FALSE))","v":""},{"$f":"IF($B77=\"\",\"\",\nVLOOKUP($C77,'2. Unit Testing Results'!$C$7:$BF$16,56,FALSE))","v":""}]
[null,{"$f":"IF('2. Unit Testing Results'!$C94=\"\",\"\",'2. Unit Testing Results'!$C94)","v":""},{"$f":"IF('2. Unit Testing Results'!$D95=\"\",\"\",'2. Unit Testing Results'!$D95)","v":""},{"$f":"IF('2. Unit Testing Results'!$E95=\"\",\"\",'2. Unit Testing Results'!$E95)","v":""},{"$f":"IF('2. Unit Testing Results'!$F95=\"\",\"\",'2. Unit Testing Results'!$F95)","v":""},null,{"$f":"IF($B78=\"\",\"\",\nIF((('2. Unit Testing Results'!$Y94)*60)/((VLOOKUP($C78,'2. Unit Testing Results'!$C$7:$S$16,4,FALSE))*(VLOOKUP($C78,'2. Unit Testing Results'!$C$7:$S$16,6,FALSE)))=0,\n((('2. Unit Testing Results'!$I94)*60)/((VLOOKUP($C78,'2. Unit Testing Results'!$C$7:$S$16,4,FALSE))*(VLOOKUP($C78,'2. Unit Testing Results'!$C$7:$S$16,6,FALSE)))),\n((('2. Unit Testing Results'!$Y94)*60)/((VLOOKUP($C78,'2. Unit Testing Results'!$C$7:$S$16,4,FALSE))*(VLOOKUP($C78,'2. Unit Testing Results'!$C$7:$S$16,6,FALSE))))))","v":""},{"$f":"IF($B78=\"\",\"\",\nVLOOKUP($C78,'2. Unit Testing Results'!$C$7:$BF$16,20,FALSE))","v":""},{"$f":"IF($B78=\"\",\"\",\nVLOOKUP($C78,'2. Unit Testing Results'!$C$7:$BF$16,22,FALSE))","v":""},{"$f":"IF($B78=\"\",\"\",\nVLOOKUP($C78,'2. Unit Testing Results'!$C$7:$BF$16,24,FALSE))","v":""},{"$f":"IF($B78=\"\",\"\",\nVLOOKUP($C78,'2. Unit Testing Results'!$C$7:$BF$16,26,FALSE))","v":""},{"$f":"IF($B78=\"\",\"\",\nVLOOKUP($C78,'2. Unit Testing Results'!$C$7:$BF$16,27,FALSE))","v":""},{"$f":"IF($B78=\"\",\"\",\nVLOOKUP($C78,'2. Unit Testing Results'!$C$7:$BF$16,29,FALSE))","v":""},{"$f":"IF($B78=\"\",\"\",\nIF('2. Unit Testing Results'!$R94=0,'2. Unit Testing Results'!$G94,'2. Unit Testing Results'!$R94\n))","v":""},{"$f":"IF($B78=\"\",\"\",\nIF(AND('2. Unit Testing Results'!$W94=0,'2. Unit Testing Results'!$W94<>\"\"),'2. Unit Testing Results'!$H94,\nIF('2. Unit Testing Results'!$W94<>\"\",'2. Unit Testing Results'!$W94,\"\")))","v":""},{"$f":"IF($B78=\"\",\"\",\nVLOOKUP($C78,'2. Unit Testing Results'!$C$7:$BF$16,31,FALSE))","v":""},{"$f":"IF($B78=\"\",\"\",\nVLOOKUP($C78,'2. Unit Testing Results'!$C$7:$BF$16,33,FALSE))","v":""},{"$f":"IF($B78=\"\",\"\",\nVLOOKUP($C78,'2. Unit Testing Results'!$C$7:$BF$16,35,FALSE))","v":""},{"$f":"IF($B78=\"\",\"\",\nVLOOKUP($C78,'2. Unit Testing Results'!$C$7:$BF$16,37,FALSE))","v":""},{"$f":"IF($B78=\"\",\"\",\nVLOOKUP($C78,'2. Unit Testing Results'!$C$7:$BF$16,38,FALSE))","v":""},{"$f":"IF($B78=\"\",\"\",\nVLOOKUP($C78,'2. Unit Testing Results'!$C$7:$BF$16,39,FALSE))","v":""},{"$f":"IF($B78=\"\",\"\",\nVLOOKUP($C78,'2. Unit Testing Results'!$C$7:$BF$16,41,FALSE))","v":""},{"$f":"IF($B78=\"\",\"\",\nVLOOKUP($C78,'2. Unit Testing Results'!$C$7:$BF$16,43,FALSE))","v":""},{"$f":"IF($B78=\"\",\"\",\nVLOOKUP($C78,'2. Unit Testing Results'!$C$7:$BF$16,45,FALSE))","v":""},{"$f":"IF($B78=\"\",\"\",\nVLOOKUP($C78,'2. Unit Testing Results'!$C$7:$BF$16,47,FALSE))","v":""},{"$f":"IF($B78=\"\",\"\",\nVLOOKUP($C78,'2. Unit Testing Results'!$C$7:$BF$16,49,FALSE))","v":""},{"$f":"IF($B78=\"\",\"\",\nVLOOKUP($C78,'2. Unit Testing Results'!$C$7:$BF$16,51,FALSE))","v":""},{"$f":"IF($B78=\"\",\"\",\nVLOOKUP($C78,'2. Unit Testing Results'!$C$7:$BF$16,52,FALSE))","v":""},{"$f":"IF($B78=\"\",\"\",\nVLOOKUP($C78,'2. Unit Testing Results'!$C$7:$BF$16,53,FALSE))","v":""},{"$f":"IF($B78=\"\",\"\",\nVLOOKUP($C78,'2. Unit Testing Results'!$C$7:$BF$16,54,FALSE))","v":""},{"$f":"IF($B78=\"\",\"\",\nVLOOKUP($C78,'2. Unit Testing Results'!$C$7:$BF$16,55,FALSE))","v":""},{"$f":"IF($B78=\"\",\"\",\nVLOOKUP($C78,'2. Unit Testing Results'!$C$7:$BF$16,56,FALSE))","v":""}]
[null,{"$f":"IF('2. Unit Testing Results'!$C95=\"\",\"\",'2. Unit Testing Results'!$C95)","v":""},{"$f":"IF('2. Unit Testing Results'!$D96=\"\",\"\",'2. Unit Testing Results'!$D96)","v":""},{"$f":"IF('2. Unit Testing Results'!$E96=\"\",\"\",'2. Unit Testing Results'!$E96)","v":""},{"$f":"IF('2. Unit Testing Results'!$F96=\"\",\"\",'2. Unit Testing Results'!$F96)","v":""},null,{"$f":"IF($B79=\"\",\"\",\nIF((('2. Unit Testing Results'!$Y95)*60)/((VLOOKUP($C79,'2. Unit Testing Results'!$C$7:$S$16,4,FALSE))*(VLOOKUP($C79,'2. Unit Testing Results'!$C$7:$S$16,6,FALSE)))=0,\n((('2. Unit Testing Results'!$I95)*60)/((VLOOKUP($C79,'2. Unit Testing Results'!$C$7:$S$16,4,FALSE))*(VLOOKUP($C79,'2. Unit Testing Results'!$C$7:$S$16,6,FALSE)))),\n((('2. Unit Testing Results'!$Y95)*60)/((VLOOKUP($C79,'2. Unit Testing Results'!$C$7:$S$16,4,FALSE))*(VLOOKUP($C79,'2. Unit Testing Results'!$C$7:$S$16,6,FALSE))))))","v":""},{"$f":"IF($B79=\"\",\"\",\nVLOOKUP($C79,'2. Unit Testing Results'!$C$7:$BF$16,20,FALSE))","v":""},{"$f":"IF($B79=\"\",\"\",\nVLOOKUP($C79,'2. Unit Testing Results'!$C$7:$BF$16,22,FALSE))","v":""},{"$f":"IF($B79=\"\",\"\",\nVLOOKUP($C79,'2. Unit Testing Results'!$C$7:$BF$16,24,FALSE))","v":""},{"$f":"IF($B79=\"\",\"\",\nVLOOKUP($C79,'2. Unit Testing Results'!$C$7:$BF$16,26,FALSE))","v":""},{"$f":"IF($B79=\"\",\"\",\nVLOOKUP($C79,'2. Unit Testing Results'!$C$7:$BF$16,27,FALSE))","v":""},{"$f":"IF($B79=\"\",\"\",\nVLOOKUP($C79,'2. Unit Testing Results'!$C$7:$BF$16,29,FALSE))","v":""},{"$f":"IF($B79=\"\",\"\",\nIF('2. Unit Testing Results'!$R95=0,'2. Unit Testing Results'!$G95,'2. Unit Testing Results'!$R95\n))","v":""},{"$f":"IF($B79=\"\",\"\",\nIF(AND('2. Unit Testing Results'!$W95=0,'2. Unit Testing Results'!$W95<>\"\"),'2. Unit Testing Results'!$H95,\nIF('2. Unit Testing Results'!$W95<>\"\",'2. Unit Testing Results'!$W95,\"\")))","v":""},{"$f":"IF($B79=\"\",\"\",\nVLOOKUP($C79,'2. Unit Testing Results'!$C$7:$BF$16,31,FALSE))","v":""},{"$f":"IF($B79=\"\",\"\",\nVLOOKUP($C79,'2. Unit Testing Results'!$C$7:$BF$16,33,FALSE))","v":""},{"$f":"IF($B79=\"\",\"\",\nVLOOKUP($C79,'2. Unit Testing Results'!$C$7:$BF$16,35,FALSE))","v":""},{"$f":"IF($B79=\"\",\"\",\nVLOOKUP($C79,'2. Unit Testing Results'!$C$7:$BF$16,37,FALSE))","v":""},{"$f":"IF($B79=\"\",\"\",\nVLOOKUP($C79,'2. Unit Testing Results'!$C$7:$BF$16,38,FALSE))","v":""},{"$f":"IF($B79=\"\",\"\",\nVLOOKUP($C79,'2. Unit Testing Results'!$C$7:$BF$16,39,FALSE))","v":""},{"$f":"IF($B79=\"\",\"\",\nVLOOKUP($C79,'2. Unit Testing Results'!$C$7:$BF$16,41,FALSE))","v":""},{"$f":"IF($B79=\"\",\"\",\nVLOOKUP($C79,'2. Unit Testing Results'!$C$7:$BF$16,43,FALSE))","v":""},{"$f":"IF($B79=\"\",\"\",\nVLOOKUP($C79,'2. Unit Testing Results'!$C$7:$BF$16,45,FALSE))","v":""},{"$f":"IF($B79=\"\",\"\",\nVLOOKUP($C79,'2. Unit Testing Results'!$C$7:$BF$16,47,FALSE))","v":""},{"$f":"IF($B79=\"\",\"\",\nVLOOKUP($C79,'2. Unit Testing Results'!$C$7:$BF$16,49,FALSE))","v":""},{"$f":"IF($B79=\"\",\"\",\nVLOOKUP($C79,'2. Unit Testing Results'!$C$7:$BF$16,51,FALSE))","v":""},{"$f":"IF($B79=\"\",\"\",\nVLOOKUP($C79,'2. Unit Testing Results'!$C$7:$BF$16,52,FALSE))","v":""},{"$f":"IF($B79=\"\",\"\",\nVLOOKUP($C79,'2. Unit Testing Results'!$C$7:$BF$16,53,FALSE))","v":""},{"$f":"IF($B79=\"\",\"\",\nVLOOKUP($C79,'2. Unit Testing Results'!$C$7:$BF$16,54,FALSE))","v":""},{"$f":"IF($B79=\"\",\"\",\nVLOOKUP($C79,'2. Unit Testing Results'!$C$7:$BF$16,55,FALSE))","v":""},{"$f":"IF($B79=\"\",\"\",\nVLOOKUP($C79,'2. Unit Testing Results'!$C$7:$BF$16,56,FALSE))","v":""}]
[null,{"$f":"IF('2. Unit Testing Results'!$C96=\"\",\"\",'2. Unit Testing Results'!$C96)","v":""},{"$f":"IF('2. Unit Testing Results'!$D97=\"\",\"\",'2. Unit Testing Results'!$D97)","v":""},{"$f":"IF('2. Unit Testing Results'!$E97=\"\",\"\",'2. Unit Testing Results'!$E97)","v":""},{"$f":"IF('2. Unit Testing Results'!$F97=\"\",\"\",'2. Unit Testing Results'!$F97)","v":""},null,{"$f":"IF($B80=\"\",\"\",\nIF((('2. Unit Testing Results'!$Y96)*60)/((VLOOKUP($C80,'2. Unit Testing Results'!$C$7:$S$16,4,FALSE))*(VLOOKUP($C80,'2. Unit Testing Results'!$C$7:$S$16,6,FALSE)))=0,\n((('2. Unit Testing Results'!$I96)*60)/((VLOOKUP($C80,'2. Unit Testing Results'!$C$7:$S$16,4,FALSE))*(VLOOKUP($C80,'2. Unit Testing Results'!$C$7:$S$16,6,FALSE)))),\n((('2. Unit Testing Results'!$Y96)*60)/((VLOOKUP($C80,'2. Unit Testing Results'!$C$7:$S$16,4,FALSE))*(VLOOKUP($C80,'2. Unit Testing Results'!$C$7:$S$16,6,FALSE))))))","v":""},{"$f":"IF($B80=\"\",\"\",\nVLOOKUP($C80,'2. Unit Testing Results'!$C$7:$BF$16,20,FALSE))","v":""},{"$f":"IF($B80=\"\",\"\",\nVLOOKUP($C80,'2. Unit Testing Results'!$C$7:$BF$16,22,FALSE))","v":""},{"$f":"IF($B80=\"\",\"\",\nVLOOKUP($C80,'2. Unit Testing Results'!$C$7:$BF$16,24,FALSE))","v":""},{"$f":"IF($B80=\"\",\"\",\nVLOOKUP($C80,'2. Unit Testing Results'!$C$7:$BF$16,26,FALSE))","v":""},{"$f":"IF($B80=\"\",\"\",\nVLOOKUP($C80,'2. Unit Testing Results'!$C$7:$BF$16,27,FALSE))","v":""},{"$f":"IF($B80=\"\",\"\",\nVLOOKUP($C80,'2. Unit Testing Results'!$C$7:$BF$16,29,FALSE))","v":""},{"$f":"IF($B80=\"\",\"\",\nIF('2. Unit Testing Results'!$R96=0,'2. Unit Testing Results'!$G96,'2. Unit Testing Results'!$R96\n))","v":""},{"$f":"IF($B80=\"\",\"\",\nIF(AND('2. Unit Testing Results'!$W96=0,'2. Unit Testing Results'!$W96<>\"\"),'2. Unit Testing Results'!$H96,\nIF('2. Unit Testing Results'!$W96<>\"\",'2. Unit Testing Results'!$W96,\"\")))","v":""},{"$f":"IF($B80=\"\",\"\",\nVLOOKUP($C80,'2. Unit Testing Results'!$C$7:$BF$16,31,FALSE))","v":""},{"$f":"IF($B80=\"\",\"\",\nVLOOKUP($C80,'2. Unit Testing Results'!$C$7:$BF$16,33,FALSE))","v":""},{"$f":"IF($B80=\"\",\"\",\nVLOOKUP($C80,'2. Unit Testing Results'!$C$7:$BF$16,35,FALSE))","v":""},{"$f":"IF($B80=\"\",\"\",\nVLOOKUP($C80,'2. Unit Testing Results'!$C$7:$BF$16,37,FALSE))","v":""},{"$f":"IF($B80=\"\",\"\",\nVLOOKUP($C80,'2. Unit Testing Results'!$C$7:$BF$16,38,FALSE))","v":""},{"$f":"IF($B80=\"\",\"\",\nVLOOKUP($C80,'2. Unit Testing Results'!$C$7:$BF$16,39,FALSE))","v":""},{"$f":"IF($B80=\"\",\"\",\nVLOOKUP($C80,'2. Unit Testing Results'!$C$7:$BF$16,41,FALSE))","v":""},{"$f":"IF($B80=\"\",\"\",\nVLOOKUP($C80,'2. Unit Testing Results'!$C$7:$BF$16,43,FALSE))","v":""},{"$f":"IF($B80=\"\",\"\",\nVLOOKUP($C80,'2. Unit Testing Results'!$C$7:$BF$16,45,FALSE))","v":""},{"$f":"IF($B80=\"\",\"\",\nVLOOKUP($C80,'2. Unit Testing Results'!$C$7:$BF$16,47,FALSE))","v":""},{"$f":"IF($B80=\"\",\"\",\nVLOOKUP($C80,'2. Unit Testing Results'!$C$7:$BF$16,49,FALSE))","v":""},{"$f":"IF($B80=\"\",\"\",\nVLOOKUP($C80,'2. Unit Testing Results'!$C$7:$BF$16,51,FALSE))","v":""},{"$f":"IF($B80=\"\",\"\",\nVLOOKUP($C80,'2. Unit Testing Results'!$C$7:$BF$16,52,FALSE))","v":""},{"$f":"IF($B80=\"\",\"\",\nVLOOKUP($C80,'2. Unit Testing Results'!$C$7:$BF$16,53,FALSE))","v":""},{"$f":"IF($B80=\"\",\"\",\nVLOOKUP($C80,'2. Unit Testing Results'!$C$7:$BF$16,54,FALSE))","v":""},{"$f":"IF($B80=\"\",\"\",\nVLOOKUP($C80,'2. Unit Testing Results'!$C$7:$BF$16,55,FALSE))","v":""},{"$f":"IF($B80=\"\",\"\",\nVLOOKUP($C80,'2. Unit Testing Results'!$C$7:$BF$16,56,FALSE))","v":""}]
[null,{"$f":"IF('2. Unit Testing Results'!$C97=\"\",\"\",'2. Unit Testing Results'!$C97)","v":""},{"$f":"IF('2. Unit Testing Results'!$D98=\"\",\"\",'2. Unit Testing Results'!$D98)","v":""},{"$f":"IF('2. Unit Testing Results'!$E98=\"\",\"\",'2. Unit Testing Results'!$E98)","v":""},{"$f":"IF('2. Unit Testing Results'!$F98=\"\",\"\",'2. Unit Testing Results'!$F98)","v":""},null,{"$f":"IF($B81=\"\",\"\",\nIF((('2. Unit Testing Results'!$Y97)*60)/((VLOOKUP($C81,'2. Unit Testing Results'!$C$7:$S$16,4,FALSE))*(VLOOKUP($C81,'2. Unit Testing Results'!$C$7:$S$16,6,FALSE)))=0,\n((('2. Unit Testing Results'!$I97)*60)/((VLOOKUP($C81,'2. Unit Testing Results'!$C$7:$S$16,4,FALSE))*(VLOOKUP($C81,'2. Unit Testing Results'!$C$7:$S$16,6,FALSE)))),\n((('2. Unit Testing Results'!$Y97)*60)/((VLOOKUP($C81,'2. Unit Testing Results'!$C$7:$S$16,4,FALSE))*(VLOOKUP($C81,'2. Unit Testing Results'!$C$7:$S$16,6,FALSE))))))","v":""},{"$f":"IF($B81=\"\",\"\",\nVLOOKUP($C81,'2. Unit Testing Results'!$C$7:$BF$16,20,FALSE))","v":""},{"$f":"IF($B81=\"\",\"\",\nVLOOKUP($C81,'2. Unit Testing Results'!$C$7:$BF$16,22,FALSE))","v":""},{"$f":"IF($B81=\"\",\"\",\nVLOOKUP($C81,'2. Unit Testing Results'!$C$7:$BF$16,24,FALSE))","v":""},{"$f":"IF($B81=\"\",\"\",\nVLOOKUP($C81,'2. Unit Testing Results'!$C$7:$BF$16,26,FALSE))","v":""},{"$f":"IF($B81=\"\",\"\",\nVLOOKUP($C81,'2. Unit Testing Results'!$C$7:$BF$16,27,FALSE))","v":""},{"$f":"IF($B81=\"\",\"\",\nVLOOKUP($C81,'2. Unit Testing Results'!$C$7:$BF$16,29,FALSE))","v":""},{"$f":"IF($B81=\"\",\"\",\nIF('2. Unit Testing Results'!$R97=0,'2. Unit Testing Results'!$G97,'2. Unit Testing Results'!$R97\n))","v":""},{"$f":"IF($B81=\"\",\"\",\nIF(AND('2. Unit Testing Results'!$W97=0,'2. Unit Testing Results'!$W97<>\"\"),'2. Unit Testing Results'!$H97,\nIF('2. Unit Testing Results'!$W97<>\"\",'2. Unit Testing Results'!$W97,\"\")))","v":""},{"$f":"IF($B81=\"\",\"\",\nVLOOKUP($C81,'2. Unit Testing Results'!$C$7:$BF$16,31,FALSE))","v":""},{"$f":"IF($B81=\"\",\"\",\nVLOOKUP($C81,'2. Unit Testing Results'!$C$7:$BF$16,33,FALSE))","v":""},{"$f":"IF($B81=\"\",\"\",\nVLOOKUP($C81,'2. Unit Testing Results'!$C$7:$BF$16,35,FALSE))","v":""},{"$f":"IF($B81=\"\",\"\",\nVLOOKUP($C81,'2. Unit Testing Results'!$C$7:$BF$16,37,FALSE))","v":""},{"$f":"IF($B81=\"\",\"\",\nVLOOKUP($C81,'2. Unit Testing Results'!$C$7:$BF$16,38,FALSE))","v":""},{"$f":"IF($B81=\"\",\"\",\nVLOOKUP($C81,'2. Unit Testing Results'!$C$7:$BF$16,39,FALSE))","v":""},{"$f":"IF($B81=\"\",\"\",\nVLOOKUP($C81,'2. Unit Testing Results'!$C$7:$BF$16,41,FALSE))","v":""},{"$f":"IF($B81=\"\",\"\",\nVLOOKUP($C81,'2. Unit Testing Results'!$C$7:$BF$16,43,FALSE))","v":""},{"$f":"IF($B81=\"\",\"\",\nVLOOKUP($C81,'2. Unit Testing Results'!$C$7:$BF$16,45,FALSE))","v":""},{"$f":"IF($B81=\"\",\"\",\nVLOOKUP($C81,'2. Unit Testing Results'!$C$7:$BF$16,47,FALSE))","v":""},{"$f":"IF($B81=\"\",\"\",\nVLOOKUP($C81,'2. Unit Testing Results'!$C$7:$BF$16,49,FALSE))","v":""},{"$f":"IF($B81=\"\",\"\",\nVLOOKUP($C81,'2. Unit Testing Results'!$C$7:$BF$16,51,FALSE))","v":""},{"$f":"IF($B81=\"\",\"\",\nVLOOKUP($C81,'2. Unit Testing Results'!$C$7:$BF$16,52,FALSE))","v":""},{"$f":"IF($B81=\"\",\"\",\nVLOOKUP($C81,'2. Unit Testing Results'!$C$7:$BF$16,53,FALSE))","v":""},{"$f":"IF($B81=\"\",\"\",\nVLOOKUP($C81,'2. Unit Testing Results'!$C$7:$BF$16,54,FALSE))","v":""},{"$f":"IF($B81=\"\",\"\",\nVLOOKUP($C81,'2. Unit Testing Results'!$C$7:$BF$16,55,FALSE))","v":""},{"$f":"IF($B81=\"\",\"\",\nVLOOKUP($C81,'2. Unit Testing Results'!$C$7:$BF$16,56,FALSE))","v":""}]
[null,{"$f":"IF('2. Unit Testing Results'!$C98=\"\",\"\",'2. Unit Testing Results'!$C98)","v":""},{"$f":"IF('2. Unit Testing Results'!$D99=\"\",\"\",'2. Unit Testing Results'!$D99)","v":""},{"$f":"IF('2. Unit Testing Results'!$E99=\"\",\"\",'2. Unit Testing Results'!$E99)","v":""},{"$f":"IF('2. Unit Testing Results'!$F99=\"\",\"\",'2. Unit Testing Results'!$F99)","v":""},null,{"$f":"IF($B82=\"\",\"\",\nIF((('2. Unit Testing Results'!$Y98)*60)/((VLOOKUP($C82,'2. Unit Testing Results'!$C$7:$S$16,4,FALSE))*(VLOOKUP($C82,'2. Unit Testing Results'!$C$7:$S$16,6,FALSE)))=0,\n((('2. Unit Testing Results'!$I98)*60)/((VLOOKUP($C82,'2. Unit Testing Results'!$C$7:$S$16,4,FALSE))*(VLOOKUP($C82,'2. Unit Testing Results'!$C$7:$S$16,6,FALSE)))),\n((('2. Unit Testing Results'!$Y98)*60)/((VLOOKUP($C82,'2. Unit Testing Results'!$C$7:$S$16,4,FALSE))*(VLOOKUP($C82,'2. Unit Testing Results'!$C$7:$S$16,6,FALSE))))))","v":""},{"$f":"IF($B82=\"\",\"\",\nVLOOKUP($C82,'2. Unit Testing Results'!$C$7:$BF$16,20,FALSE))","v":""},{"$f":"IF($B82=\"\",\"\",\nVLOOKUP($C82,'2. Unit Testing Results'!$C$7:$BF$16,22,FALSE))","v":""},{"$f":"IF($B82=\"\",\"\",\nVLOOKUP($C82,'2. Unit Testing Results'!$C$7:$BF$16,24,FALSE))","v":""},{"$f":"IF($B82=\"\",\"\",\nVLOOKUP($C82,'2. Unit Testing Results'!$C$7:$BF$16,26,FALSE))","v":""},{"$f":"IF($B82=\"\",\"\",\nVLOOKUP($C82,'2. Unit Testing Results'!$C$7:$BF$16,27,FALSE))","v":""},{"$f":"IF($B82=\"\",\"\",\nVLOOKUP($C82,'2. Unit Testing Results'!$C$7:$BF$16,29,FALSE))","v":""},{"$f":"IF($B82=\"\",\"\",\nIF('2. Unit Testing Results'!$R98=0,'2. Unit Testing Results'!$G98,'2. Unit Testing Results'!$R98\n))","v":""},{"$f":"IF($B82=\"\",\"\",\nIF(AND('2. Unit Testing Results'!$W98=0,'2. Unit Testing Results'!$W98<>\"\"),'2. Unit Testing Results'!$H98,\nIF('2. Unit Testing Results'!$W98<>\"\",'2. Unit Testing Results'!$W98,\"\")))","v":""},{"$f":"IF($B82=\"\",\"\",\nVLOOKUP($C82,'2. Unit Testing Results'!$C$7:$BF$16,31,FALSE))","v":""},{"$f":"IF($B82=\"\",\"\",\nVLOOKUP($C82,'2. Unit Testing Results'!$C$7:$BF$16,33,FALSE))","v":""},{"$f":"IF($B82=\"\",\"\",\nVLOOKUP($C82,'2. Unit Testing Results'!$C$7:$BF$16,35,FALSE))","v":""},{"$f":"IF($B82=\"\",\"\",\nVLOOKUP($C82,'2. Unit Testing Results'!$C$7:$BF$16,37,FALSE))","v":""},{"$f":"IF($B82=\"\",\"\",\nVLOOKUP($C82,'2. Unit Testing Results'!$C$7:$BF$16,38,FALSE))","v":""},{"$f":"IF($B82=\"\",\"\",\nVLOOKUP($C82,'2. Unit Testing Results'!$C$7:$BF$16,39,FALSE))","v":""},{"$f":"IF($B82=\"\",\"\",\nVLOOKUP($C82,'2. Unit Testing Results'!$C$7:$BF$16,41,FALSE))","v":""},{"$f":"IF($B82=\"\",\"\",\nVLOOKUP($C82,'2. Unit Testing Results'!$C$7:$BF$16,43,FALSE))","v":""},{"$f":"IF($B82=\"\",\"\",\nVLOOKUP($C82,'2. Unit Testing Results'!$C$7:$BF$16,45,FALSE))","v":""},{"$f":"IF($B82=\"\",\"\",\nVLOOKUP($C82,'2. Unit Testing Results'!$C$7:$BF$16,47,FALSE))","v":""},{"$f":"IF($B82=\"\",\"\",\nVLOOKUP($C82,'2. Unit Testing Results'!$C$7:$BF$16,49,FALSE))","v":""},{"$f":"IF($B82=\"\",\"\",\nVLOOKUP($C82,'2. Unit Testing Results'!$C$7:$BF$16,51,FALSE))","v":""},{"$f":"IF($B82=\"\",\"\",\nVLOOKUP($C82,'2. Unit Testing Results'!$C$7:$BF$16,52,FALSE))","v":""},{"$f":"IF($B82=\"\",\"\",\nVLOOKUP($C82,'2. Unit Testing Results'!$C$7:$BF$16,53,FALSE))","v":""},{"$f":"IF($B82=\"\",\"\",\nVLOOKUP($C82,'2. Unit Testing Results'!$C$7:$BF$16,54,FALSE))","v":""},{"$f":"IF($B82=\"\",\"\",\nVLOOKUP($C82,'2. Unit Testing Results'!$C$7:$BF$16,55,FALSE))","v":""},{"$f":"IF($B82=\"\",\"\",\nVLOOKUP($C82,'2. Unit Testing Results'!$C$7:$BF$16,56,FALSE))","v":""}]
[null,{"$f":"IF('2. Unit Testing Results'!$C99=\"\",\"\",'2. Unit Testing Results'!$C99)","v":""},{"$f":"IF('2. Unit Testing Results'!$D100=\"\",\"\",'2. Unit Testing Results'!$D100)","v":""},{"$f":"IF('2. Unit Testing Results'!$E100=\"\",\"\",'2. Unit Testing Results'!$E100)","v":""},{"$f":"IF('2. Unit Testing Results'!$F100=\"\",\"\",'2. Unit Testing Results'!$F100)","v":""},null,{"$f":"IF($B83=\"\",\"\",\nIF((('2. Unit Testing Results'!$Y99)*60)/((VLOOKUP($C83,'2. Unit Testing Results'!$C$7:$S$16,4,FALSE))*(VLOOKUP($C83,'2. Unit Testing Results'!$C$7:$S$16,6,FALSE)))=0,\n((('2. Unit Testing Results'!$I99)*60)/((VLOOKUP($C83,'2. Unit Testing Results'!$C$7:$S$16,4,FALSE))*(VLOOKUP($C83,'2. Unit Testing Results'!$C$7:$S$16,6,FALSE)))),\n((('2. Unit Testing Results'!$Y99)*60)/((VLOOKUP($C83,'2. Unit Testing Results'!$C$7:$S$16,4,FALSE))*(VLOOKUP($C83,'2. Unit Testing Results'!$C$7:$S$16,6,FALSE))))))","v":""},{"$f":"IF($B83=\"\",\"\",\nVLOOKUP($C83,'2. Unit Testing Results'!$C$7:$BF$16,20,FALSE))","v":""},{"$f":"IF($B83=\"\",\"\",\nVLOOKUP($C83,'2. Unit Testing Results'!$C$7:$BF$16,22,FALSE))","v":""},{"$f":"IF($B83=\"\",\"\",\nVLOOKUP($C83,'2. Unit Testing Results'!$C$7:$BF$16,24,FALSE))","v":""},{"$f":"IF($B83=\"\",\"\",\nVLOOKUP($C83,'2. Unit Testing Results'!$C$7:$BF$16,26,FALSE))","v":""},{"$f":"IF($B83=\"\",\"\",\nVLOOKUP($C83,'2. Unit Testing Results'!$C$7:$BF$16,27,FALSE))","v":""},{"$f":"IF($B83=\"\",\"\",\nVLOOKUP($C83,'2. Unit Testing Results'!$C$7:$BF$16,29,FALSE))","v":""},{"$f":"IF($B83=\"\",\"\",\nIF('2. Unit Testing Results'!$R99=0,'2. Unit Testing Results'!$G99,'2. Unit Testing Results'!$R99\n))","v":""},{"$f":"IF($B83=\"\",\"\",\nIF(AND('2. Unit Testing Results'!$W99=0,'2. Unit Testing Results'!$W99<>\"\"),'2. Unit Testing Results'!$H99,\nIF('2. Unit Testing Results'!$W99<>\"\",'2. Unit Testing Results'!$W99,\"\")))","v":""},{"$f":"IF($B83=\"\",\"\",\nVLOOKUP($C83,'2. Unit Testing Results'!$C$7:$BF$16,31,FALSE))","v":""},{"$f":"IF($B83=\"\",\"\",\nVLOOKUP($C83,'2. Unit Testing Results'!$C$7:$BF$16,33,FALSE))","v":""},{"$f":"IF($B83=\"\",\"\",\nVLOOKUP($C83,'2. Unit Testing Results'!$C$7:$BF$16,35,FALSE))","v":""},{"$f":"IF($B83=\"\",\"\",\nVLOOKUP($C83,'2. Unit Testing Results'!$C$7:$BF$16,37,FALSE))","v":""},{"$f":"IF($B83=\"\",\"\",\nVLOOKUP($C83,'2. Unit Testing Results'!$C$7:$BF$16,38,FALSE))","v":""},{"$f":"IF($B83=\"\",\"\",\nVLOOKUP($C83,'2. Unit Testing Results'!$C$7:$BF$16,39,FALSE))","v":""},{"$f":"IF($B83=\"\",\"\",\nVLOOKUP($C83,'2. Unit Testing Results'!$C$7:$BF$16,41,FALSE))","v":""},{"$f":"IF($B83=\"\",\"\",\nVLOOKUP($C83,'2. Unit Testing Results'!$C$7:$BF$16,43,FALSE))","v":""},{"$f":"IF($B83=\"\",\"\",\nVLOOKUP($C83,'2. Unit Testing Results'!$C$7:$BF$16,45,FALSE))","v":""},{"$f":"IF($B83=\"\",\"\",\nVLOOKUP($C83,'2. Unit Testing Results'!$C$7:$BF$16,47,FALSE))","v":""},{"$f":"IF($B83=\"\",\"\",\nVLOOKUP($C83,'2. Unit Testing Results'!$C$7:$BF$16,49,FALSE))","v":""},{"$f":"IF($B83=\"\",\"\",\nVLOOKUP($C83,'2. Unit Testing Results'!$C$7:$BF$16,51,FALSE))","v":""},{"$f":"IF($B83=\"\",\"\",\nVLOOKUP($C83,'2. Unit Testing Results'!$C$7:$BF$16,52,FALSE))","v":""},{"$f":"IF($B83=\"\",\"\",\nVLOOKUP($C83,'2. Unit Testing Results'!$C$7:$BF$16,53,FALSE))","v":""},{"$f":"IF($B83=\"\",\"\",\nVLOOKUP($C83,'2. Unit Testing Results'!$C$7:$BF$16,54,FALSE))","v":""},{"$f":"IF($B83=\"\",\"\",\nVLOOKUP($C83,'2. Unit Testing Results'!$C$7:$BF$16,55,FALSE))","v":""},{"$f":"IF($B83=\"\",\"\",\nVLOOKUP($C83,'2. Unit Testing Results'!$C$7:$BF$16,56,FALSE))","v":""}]
[null,{"$f":"IF('2. Unit Testing Results'!$C100=\"\",\"\",'2. Unit Testing Results'!$C100)","v":""},{"$f":"IF('2. Unit Testing Results'!$D101=\"\",\"\",'2. Unit Testing Results'!$D101)","v":""},{"$f":"IF('2. Unit Testing Results'!$E101=\"\",\"\",'2. Unit Testing Results'!$E101)","v":""},{"$f":"IF('2. Unit Testing Results'!$F101=\"\",\"\",'2. Unit Testing Results'!$F101)","v":""},null,{"$f":"IF($B84=\"\",\"\",\nIF((('2. Unit Testing Results'!$Y100)*60)/((VLOOKUP($C84,'2. Unit Testing Results'!$C$7:$S$16,4,FALSE))*(VLOOKUP($C84,'2. Unit Testing Results'!$C$7:$S$16,6,FALSE)))=0,\n((('2. Unit Testing Results'!$I100)*60)/((VLOOKUP($C84,'2. Unit Testing Results'!$C$7:$S$16,4,FALSE))*(VLOOKUP($C84,'2. Unit Testing Results'!$C$7:$S$16,6,FALSE)))),\n((('2. Unit Testing Results'!$Y100)*60)/((VLOOKUP($C84,'2. Unit Testing Results'!$C$7:$S$16,4,FALSE))*(VLOOKUP($C84,'2. Unit Testing Results'!$C$7:$S$16,6,FALSE))))))","v":""},{"$f":"IF($B84=\"\",\"\",\nVLOOKUP($C84,'2. Unit Testing Results'!$C$7:$BF$16,20,FALSE))","v":""},{"$f":"IF($B84=\"\",\"\",\nVLOOKUP($C84,'2. Unit Testing Results'!$C$7:$BF$16,22,FALSE))","v":""},{"$f":"IF($B84=\"\",\"\",\nVLOOKUP($C84,'2. Unit Testing Results'!$C$7:$BF$16,24,FALSE))","v":""},{"$f":"IF($B84=\"\",\"\",\nVLOOKUP($C84,'2. Unit Testing Results'!$C$7:$BF$16,26,FALSE))","v":""},{"$f":"IF($B84=\"\",\"\",\nVLOOKUP($C84,'2. Unit Testing Results'!$C$7:$BF$16,27,FALSE))","v":""},{"$f":"IF($B84=\"\",\"\",\nVLOOKUP($C84,'2. Unit Testing Results'!$C$7:$BF$16,29,FALSE))","v":""},{"$f":"IF($B84=\"\",\"\",\nIF('2. Unit Testing Results'!$R100=0,'2. Unit Testing Results'!$G100,'2. Unit Testing Results'!$R100\n))","v":""},{"$f":"IF($B84=\"\",\"\",\nIF(AND('2. Unit Testing Results'!$W100=0,'2. Unit Testing Results'!$W100<>\"\"),'2. Unit Testing Results'!$H100,\nIF('2. Unit Testing Results'!$W100<>\"\",'2. Unit Testing Results'!$W100,\"\")))","v":""},{"$f":"IF($B84=\"\",\"\",\nVLOOKUP($C84,'2. Unit Testing Results'!$C$7:$BF$16,31,FALSE))","v":""},{"$f":"IF($B84=\"\",\"\",\nVLOOKUP($C84,'2. Unit Testing Results'!$C$7:$BF$16,33,FALSE))","v":""},{"$f":"IF($B84=\"\",\"\",\nVLOOKUP($C84,'2. Unit Testing Results'!$C$7:$BF$16,35,FALSE))","v":""},{"$f":"IF($B84=\"\",\"\",\nVLOOKUP($C84,'2. Unit Testing Results'!$C$7:$BF$16,37,FALSE))","v":""},{"$f":"IF($B84=\"\",\"\",\nVLOOKUP($C84,'2. Unit Testing Results'!$C$7:$BF$16,38,FALSE))","v":""},{"$f":"IF($B84=\"\",\"\",\nVLOOKUP($C84,'2. Unit Testing Results'!$C$7:$BF$16,39,FALSE))","v":""},{"$f":"IF($B84=\"\",\"\",\nVLOOKUP($C84,'2. Unit Testing Results'!$C$7:$BF$16,41,FALSE))","v":""},{"$f":"IF($B84=\"\",\"\",\nVLOOKUP($C84,'2. Unit Testing Results'!$C$7:$BF$16,43,FALSE))","v":""},{"$f":"IF($B84=\"\",\"\",\nVLOOKUP($C84,'2. Unit Testing Results'!$C$7:$BF$16,45,FALSE))","v":""},{"$f":"IF($B84=\"\",\"\",\nVLOOKUP($C84,'2. Unit Testing Results'!$C$7:$BF$16,47,FALSE))","v":""},{"$f":"IF($B84=\"\",\"\",\nVLOOKUP($C84,'2. Unit Testing Results'!$C$7:$BF$16,49,FALSE))","v":""},{"$f":"IF($B84=\"\",\"\",\nVLOOKUP($C84,'2. Unit Testing Results'!$C$7:$BF$16,51,FALSE))","v":""},{"$f":"IF($B84=\"\",\"\",\nVLOOKUP($C84,'2. Unit Testing Results'!$C$7:$BF$16,52,FALSE))","v":""},{"$f":"IF($B84=\"\",\"\",\nVLOOKUP($C84,'2. Unit Testing Results'!$C$7:$BF$16,53,FALSE))","v":""},{"$f":"IF($B84=\"\",\"\",\nVLOOKUP($C84,'2. Unit Testing Results'!$C$7:$BF$16,54,FALSE))","v":""},{"$f":"IF($B84=\"\",\"\",\nVLOOKUP($C84,'2. Unit Testing Results'!$C$7:$BF$16,55,FALSE))","v":""},{"$f":"IF($B84=\"\",\"\",\nVLOOKUP($C84,'2. Unit Testing Results'!$C$7:$BF$16,56,FALSE))","v":""}]
[null,{"$f":"IF('2. Unit Testing Results'!$C101=\"\",\"\",'2. Unit Testing Results'!$C101)","v":""},{"$f":"IF('2. Unit Testing Results'!$D102=\"\",\"\",'2. Unit Testing Results'!$D102)","v":""},{"$f":"IF('2. Unit Testing Results'!$E102=\"\",\"\",'2. Unit Testing Results'!$E102)","v":""},{"$f":"IF('2. Unit Testing Results'!$F102=\"\",\"\",'2. Unit Testing Results'!$F102)","v":""},null,{"$f":"IF($B85=\"\",\"\",\nIF((('2. Unit Testing Results'!$Y101)*60)/((VLOOKUP($C85,'2. Unit Testing Results'!$C$7:$S$16,4,FALSE))*(VLOOKUP($C85,'2. Unit Testing Results'!$C$7:$S$16,6,FALSE)))=0,\n((('2. Unit Testing Results'!$I101)*60)/((VLOOKUP($C85,'2. Unit Testing Results'!$C$7:$S$16,4,FALSE))*(VLOOKUP($C85,'2. Unit Testing Results'!$C$7:$S$16,6,FALSE)))),\n((('2. Unit Testing Results'!$Y101)*60)/((VLOOKUP($C85,'2. Unit Testing Results'!$C$7:$S$16,4,FALSE))*(VLOOKUP($C85,'2. Unit Testing Results'!$C$7:$S$16,6,FALSE))))))","v":""},{"$f":"IF($B85=\"\",\"\",\nVLOOKUP($C85,'2. Unit Testing Results'!$C$7:$BF$16,20,FALSE))","v":""},{"$f":"IF($B85=\"\",\"\",\nVLOOKUP($C85,'2. Unit Testing Results'!$C$7:$BF$16,22,FALSE))","v":""},{"$f":"IF($B85=\"\",\"\",\nVLOOKUP($C85,'2. Unit Testing Results'!$C$7:$BF$16,24,FALSE))","v":""},{"$f":"IF($B85=\"\",\"\",\nVLOOKUP($C85,'2. Unit Testing Results'!$C$7:$BF$16,26,FALSE))","v":""},{"$f":"IF($B85=\"\",\"\",\nVLOOKUP($C85,'2. Unit Testing Results'!$C$7:$BF$16,27,FALSE))","v":""},{"$f":"IF($B85=\"\",\"\",\nVLOOKUP($C85,'2. Unit Testing Results'!$C$7:$BF$16,29,FALSE))","v":""},{"$f":"IF($B85=\"\",\"\",\nIF('2. Unit Testing Results'!$R101=0,'2. Unit Testing Results'!$G101,'2. Unit Testing Results'!$R101\n))","v":""},{"$f":"IF($B85=\"\",\"\",\nIF(AND('2. Unit Testing Results'!$W101=0,'2. Unit Testing Results'!$W101<>\"\"),'2. Unit Testing Results'!$H101,\nIF('2. Unit Testing Results'!$W101<>\"\",'2. Unit Testing Results'!$W101,\"\")))","v":""},{"$f":"IF($B85=\"\",\"\",\nVLOOKUP($C85,'2. Unit Testing Results'!$C$7:$BF$16,31,FALSE))","v":""},{"$f":"IF($B85=\"\",\"\",\nVLOOKUP($C85,'2. Unit Testing Results'!$C$7:$BF$16,33,FALSE))","v":""},{"$f":"IF($B85=\"\",\"\",\nVLOOKUP($C85,'2. Unit Testing Results'!$C$7:$BF$16,35,FALSE))","v":""},{"$f":"IF($B85=\"\",\"\",\nVLOOKUP($C85,'2. Unit Testing Results'!$C$7:$BF$16,37,FALSE))","v":""},{"$f":"IF($B85=\"\",\"\",\nVLOOKUP($C85,'2. Unit Testing Results'!$C$7:$BF$16,38,FALSE))","v":""},{"$f":"IF($B85=\"\",\"\",\nVLOOKUP($C85,'2. Unit Testing Results'!$C$7:$BF$16,39,FALSE))","v":""},{"$f":"IF($B85=\"\",\"\",\nVLOOKUP($C85,'2. Unit Testing Results'!$C$7:$BF$16,41,FALSE))","v":""},{"$f":"IF($B85=\"\",\"\",\nVLOOKUP($C85,'2. Unit Testing Results'!$C$7:$BF$16,43,FALSE))","v":""},{"$f":"IF($B85=\"\",\"\",\nVLOOKUP($C85,'2. Unit Testing Results'!$C$7:$BF$16,45,FALSE))","v":""},{"$f":"IF($B85=\"\",\"\",\nVLOOKUP($C85,'2. Unit Testing Results'!$C$7:$BF$16,47,FALSE))","v":""},{"$f":"IF($B85=\"\",\"\",\nVLOOKUP($C85,'2. Unit Testing Results'!$C$7:$BF$16,49,FALSE))","v":""},{"$f":"IF($B85=\"\",\"\",\nVLOOKUP($C85,'2. Unit Testing Results'!$C$7:$BF$16,51,FALSE))","v":""},{"$f":"IF($B85=\"\",\"\",\nVLOOKUP($C85,'2. Unit Testing Results'!$C$7:$BF$16,52,FALSE))","v":""},{"$f":"IF($B85=\"\",\"\",\nVLOOKUP($C85,'2. Unit Testing Results'!$C$7:$BF$16,53,FALSE))","v":""},{"$f":"IF($B85=\"\",\"\",\nVLOOKUP($C85,'2. Unit Testing Results'!$C$7:$BF$16,54,FALSE))","v":""},{"$f":"IF($B85=\"\",\"\",\nVLOOKUP($C85,'2. Unit Testing Results'!$C$7:$BF$16,55,FALSE))","v":""},{"$f":"IF($B85=\"\",\"\",\nVLOOKUP($C85,'2. Unit Testing Results'!$C$7:$BF$16,56,FALSE))","v":""}]
[null,{"$f":"IF('2. Unit Testing Results'!$C102=\"\",\"\",'2. Unit Testing Results'!$C102)","v":""},{"$f":"IF('2. Unit Testing Results'!$D103=\"\",\"\",'2. Unit Testing Results'!$D103)","v":""},{"$f":"IF('2. Unit Testing Results'!$E103=\"\",\"\",'2. Unit Testing Results'!$E103)","v":""},{"$f":"IF('2. Unit Testing Results'!$F103=\"\",\"\",'2. Unit Testing Results'!$F103)","v":""},null,{"$f":"IF($B86=\"\",\"\",\nIF((('2. Unit Testing Results'!$Y102)*60)/((VLOOKUP($C86,'2. Unit Testing Results'!$C$7:$S$16,4,FALSE))*(VLOOKUP($C86,'2. Unit Testing Results'!$C$7:$S$16,6,FALSE)))=0,\n((('2. Unit Testing Results'!$I102)*60)/((VLOOKUP($C86,'2. Unit Testing Results'!$C$7:$S$16,4,FALSE))*(VLOOKUP($C86,'2. Unit Testing Results'!$C$7:$S$16,6,FALSE)))),\n((('2. Unit Testing Results'!$Y102)*60)/((VLOOKUP($C86,'2. Unit Testing Results'!$C$7:$S$16,4,FALSE))*(VLOOKUP($C86,'2. Unit Testing Results'!$C$7:$S$16,6,FALSE))))))","v":""},{"$f":"IF($B86=\"\",\"\",\nVLOOKUP($C86,'2. Unit Testing Results'!$C$7:$BF$16,20,FALSE))","v":""},{"$f":"IF($B86=\"\",\"\",\nVLOOKUP($C86,'2. Unit Testing Results'!$C$7:$BF$16,22,FALSE))","v":""},{"$f":"IF($B86=\"\",\"\",\nVLOOKUP($C86,'2. Unit Testing Results'!$C$7:$BF$16,24,FALSE))","v":""},{"$f":"IF($B86=\"\",\"\",\nVLOOKUP($C86,'2. Unit Testing Results'!$C$7:$BF$16,26,FALSE))","v":""},{"$f":"IF($B86=\"\",\"\",\nVLOOKUP($C86,'2. Unit Testing Results'!$C$7:$BF$16,27,FALSE))","v":""},{"$f":"IF($B86=\"\",\"\",\nVLOOKUP($C86,'2. Unit Testing Results'!$C$7:$BF$16,29,FALSE))","v":""},{"$f":"IF($B86=\"\",\"\",\nIF('2. Unit Testing Results'!$R102=0,'2. Unit Testing Results'!$G102,'2. Unit Testing Results'!$R102\n))","v":""},{"$f":"IF($B86=\"\",\"\",\nIF(AND('2. Unit Testing Results'!$W102=0,'2. Unit Testing Results'!$W102<>\"\"),'2. Unit Testing Results'!$H102,\nIF('2. Unit Testing Results'!$W102<>\"\",'2. Unit Testing Results'!$W102,\"\")))","v":""},{"$f":"IF($B86=\"\",\"\",\nVLOOKUP($C86,'2. Unit Testing Results'!$C$7:$BF$16,31,FALSE))","v":""},{"$f":"IF($B86=\"\",\"\",\nVLOOKUP($C86,'2. Unit Testing Results'!$C$7:$BF$16,33,FALSE))","v":""},{"$f":"IF($B86=\"\",\"\",\nVLOOKUP($C86,'2. Unit Testing Results'!$C$7:$BF$16,35,FALSE))","v":""},{"$f":"IF($B86=\"\",\"\",\nVLOOKUP($C86,'2. Unit Testing Results'!$C$7:$BF$16,37,FALSE))","v":""},{"$f":"IF($B86=\"\",\"\",\nVLOOKUP($C86,'2. Unit Testing Results'!$C$7:$BF$16,38,FALSE))","v":""},{"$f":"IF($B86=\"\",\"\",\nVLOOKUP($C86,'2. Unit Testing Results'!$C$7:$BF$16,39,FALSE))","v":""},{"$f":"IF($B86=\"\",\"\",\nVLOOKUP($C86,'2. Unit Testing Results'!$C$7:$BF$16,41,FALSE))","v":""},{"$f":"IF($B86=\"\",\"\",\nVLOOKUP($C86,'2. Unit Testing Results'!$C$7:$BF$16,43,FALSE))","v":""},{"$f":"IF($B86=\"\",\"\",\nVLOOKUP($C86,'2. Unit Testing Results'!$C$7:$BF$16,45,FALSE))","v":""},{"$f":"IF($B86=\"\",\"\",\nVLOOKUP($C86,'2. Unit Testing Results'!$C$7:$BF$16,47,FALSE))","v":""},{"$f":"IF($B86=\"\",\"\",\nVLOOKUP($C86,'2. Unit Testing Results'!$C$7:$BF$16,49,FALSE))","v":""},{"$f":"IF($B86=\"\",\"\",\nVLOOKUP($C86,'2. Unit Testing Results'!$C$7:$BF$16,51,FALSE))","v":""},{"$f":"IF($B86=\"\",\"\",\nVLOOKUP($C86,'2. Unit Testing Results'!$C$7:$BF$16,52,FALSE))","v":""},{"$f":"IF($B86=\"\",\"\",\nVLOOKUP($C86,'2. Unit Testing Results'!$C$7:$BF$16,53,FALSE))","v":""},{"$f":"IF($B86=\"\",\"\",\nVLOOKUP($C86,'2. Unit Testing Results'!$C$7:$BF$16,54,FALSE))","v":""},{"$f":"IF($B86=\"\",\"\",\nVLOOKUP($C86,'2. Unit Testing Results'!$C$7:$BF$16,55,FALSE))","v":""},{"$f":"IF($B86=\"\",\"\",\nVLOOKUP($C86,'2. Unit Testing Results'!$C$7:$BF$16,56,FALSE))","v":""}]
[null,{"$f":"IF('2. Unit Testing Results'!$C103=\"\",\"\",'2. Unit Testing Results'!$C103)","v":""},{"$f":"IF('2. Unit Testing Results'!$D104=\"\",\"\",'2. Unit Testing Results'!$D104)","v":""},{"$f":"IF('2. Unit Testing Results'!$E104=\"\",\"\",'2. Unit Testing Results'!$E104)","v":""},{"$f":"IF('2. Unit Testing Results'!$F104=\"\",\"\",'2. Unit Testing Results'!$F104)","v":""},null,{"$f":"IF($B87=\"\",\"\",\nIF((('2. Unit Testing Results'!$Y103)*60)/((VLOOKUP($C87,'2. Unit Testing Results'!$C$7:$S$16,4,FALSE))*(VLOOKUP($C87,'2. Unit Testing Results'!$C$7:$S$16,6,FALSE)))=0,\n((('2. Unit Testing Results'!$I103)*60)/((VLOOKUP($C87,'2. Unit Testing Results'!$C$7:$S$16,4,FALSE))*(VLOOKUP($C87,'2. Unit Testing Results'!$C$7:$S$16,6,FALSE)))),\n((('2. Unit Testing Results'!$Y103)*60)/((VLOOKUP($C87,'2. Unit Testing Results'!$C$7:$S$16,4,FALSE))*(VLOOKUP($C87,'2. Unit Testing Results'!$C$7:$S$16,6,FALSE))))))","v":""},{"$f":"IF($B87=\"\",\"\",\nVLOOKUP($C87,'2. Unit Testing Results'!$C$7:$BF$16,20,FALSE))","v":""},{"$f":"IF($B87=\"\",\"\",\nVLOOKUP($C87,'2. Unit Testing Results'!$C$7:$BF$16,22,FALSE))","v":""},{"$f":"IF($B87=\"\",\"\",\nVLOOKUP($C87,'2. Unit Testing Results'!$C$7:$BF$16,24,FALSE))","v":""},{"$f":"IF($B87=\"\",\"\",\nVLOOKUP($C87,'2. Unit Testing Results'!$C$7:$BF$16,26,FALSE))","v":""},{"$f":"IF($B87=\"\",\"\",\nVLOOKUP($C87,'2. Unit Testing Results'!$C$7:$BF$16,27,FALSE))","v":""},{"$f":"IF($B87=\"\",\"\",\nVLOOKUP($C87,'2. Unit Testing Results'!$C$7:$BF$16,29,FALSE))","v":""},{"$f":"IF($B87=\"\",\"\",\nIF('2. Unit Testing Results'!$R103=0,'2. Unit Testing Results'!$G103,'2. Unit Testing Results'!$R103\n))","v":""},{"$f":"IF($B87=\"\",\"\",\nIF(AND('2. Unit Testing Results'!$W103=0,'2. Unit Testing Results'!$W103<>\"\"),'2. Unit Testing Results'!$H103,\nIF('2. Unit Testing Results'!$W103<>\"\",'2. Unit Testing Results'!$W103,\"\")))","v":""},{"$f":"IF($B87=\"\",\"\",\nVLOOKUP($C87,'2. Unit Testing Results'!$C$7:$BF$16,31,FALSE))","v":""},{"$f":"IF($B87=\"\",\"\",\nVLOOKUP($C87,'2. Unit Testing Results'!$C$7:$BF$16,33,FALSE))","v":""},{"$f":"IF($B87=\"\",\"\",\nVLOOKUP($C87,'2. Unit Testing Results'!$C$7:$BF$16,35,FALSE))","v":""},{"$f":"IF($B87=\"\",\"\",\nVLOOKUP($C87,'2. Unit Testing Results'!$C$7:$BF$16,37,FALSE))","v":""},{"$f":"IF($B87=\"\",\"\",\nVLOOKUP($C87,'2. Unit Testing Results'!$C$7:$BF$16,38,FALSE))","v":""},{"$f":"IF($B87=\"\",\"\",\nVLOOKUP($C87,'2. Unit Testing Results'!$C$7:$BF$16,39,FALSE))","v":""},{"$f":"IF($B87=\"\",\"\",\nVLOOKUP($C87,'2. Unit Testing Results'!$C$7:$BF$16,41,FALSE))","v":""},{"$f":"IF($B87=\"\",\"\",\nVLOOKUP($C87,'2. Unit Testing Results'!$C$7:$BF$16,43,FALSE))","v":""},{"$f":"IF($B87=\"\",\"\",\nVLOOKUP($C87,'2. Unit Testing Results'!$C$7:$BF$16,45,FALSE))","v":""},{"$f":"IF($B87=\"\",\"\",\nVLOOKUP($C87,'2. Unit Testing Results'!$C$7:$BF$16,47,FALSE))","v":""},{"$f":"IF($B87=\"\",\"\",\nVLOOKUP($C87,'2. Unit Testing Results'!$C$7:$BF$16,49,FALSE))","v":""},{"$f":"IF($B87=\"\",\"\",\nVLOOKUP($C87,'2. Unit Testing Results'!$C$7:$BF$16,51,FALSE))","v":""},{"$f":"IF($B87=\"\",\"\",\nVLOOKUP($C87,'2. Unit Testing Results'!$C$7:$BF$16,52,FALSE))","v":""},{"$f":"IF($B87=\"\",\"\",\nVLOOKUP($C87,'2. Unit Testing Results'!$C$7:$BF$16,53,FALSE))","v":""},{"$f":"IF($B87=\"\",\"\",\nVLOOKUP($C87,'2. Unit Testing Results'!$C$7:$BF$16,54,FALSE))","v":""},{"$f":"IF($B87=\"\",\"\",\nVLOOKUP($C87,'2. Unit Testing Results'!$C$7:$BF$16,55,FALSE))","v":""},{"$f":"IF($B87=\"\",\"\",\nVLOOKUP($C87,'2. Unit Testing Results'!$C$7:$BF$16,56,FALSE))","v":""}]
[null,{"$f":"IF('2. Unit Testing Results'!$C104=\"\",\"\",'2. Unit Testing Results'!$C104)","v":""},{"$f":"IF('2. Unit Testing Results'!$D105=\"\",\"\",'2. Unit Testing Results'!$D105)","v":""},{"$f":"IF('2. Unit Testing Results'!$E105=\"\",\"\",'2. Unit Testing Results'!$E105)","v":""},{"$f":"IF('2. Unit Testing Results'!$F105=\"\",\"\",'2. Unit Testing Results'!$F105)","v":""},null,{"$f":"IF($B88=\"\",\"\",\nIF((('2. Unit Testing Results'!$Y104)*60)/((VLOOKUP($C88,'2. Unit Testing Results'!$C$7:$S$16,4,FALSE))*(VLOOKUP($C88,'2. Unit Testing Results'!$C$7:$S$16,6,FALSE)))=0,\n((('2. Unit Testing Results'!$I104)*60)/((VLOOKUP($C88,'2. Unit Testing Results'!$C$7:$S$16,4,FALSE))*(VLOOKUP($C88,'2. Unit Testing Results'!$C$7:$S$16,6,FALSE)))),\n((('2. Unit Testing Results'!$Y104)*60)/((VLOOKUP($C88,'2. Unit Testing Results'!$C$7:$S$16,4,FALSE))*(VLOOKUP($C88,'2. Unit Testing Results'!$C$7:$S$16,6,FALSE))))))","v":""},{"$f":"IF($B88=\"\",\"\",\nVLOOKUP($C88,'2. Unit Testing Results'!$C$7:$BF$16,20,FALSE))","v":""},{"$f":"IF($B88=\"\",\"\",\nVLOOKUP($C88,'2. Unit Testing Results'!$C$7:$BF$16,22,FALSE))","v":""},{"$f":"IF($B88=\"\",\"\",\nVLOOKUP($C88,'2. Unit Testing Results'!$C$7:$BF$16,24,FALSE))","v":""},{"$f":"IF($B88=\"\",\"\",\nVLOOKUP($C88,'2. Unit Testing Results'!$C$7:$BF$16,26,FALSE))","v":""},{"$f":"IF($B88=\"\",\"\",\nVLOOKUP($C88,'2. Unit Testing Results'!$C$7:$BF$16,27,FALSE))","v":""},{"$f":"IF($B88=\"\",\"\",\nVLOOKUP($C88,'2. Unit Testing Results'!$C$7:$BF$16,29,FALSE))","v":""},{"$f":"IF($B88=\"\",\"\",\nIF('2. Unit Testing Results'!$R104=0,'2. Unit Testing Results'!$G104,'2. Unit Testing Results'!$R104\n))","v":""},{"$f":"IF($B88=\"\",\"\",\nIF(AND('2. Unit Testing Results'!$W104=0,'2. Unit Testing Results'!$W104<>\"\"),'2. Unit Testing Results'!$H104,\nIF('2. Unit Testing Results'!$W104<>\"\",'2. Unit Testing Results'!$W104,\"\")))","v":""},{"$f":"IF($B88=\"\",\"\",\nVLOOKUP($C88,'2. Unit Testing Results'!$C$7:$BF$16,31,FALSE))","v":""},{"$f":"IF($B88=\"\",\"\",\nVLOOKUP($C88,'2. Unit Testing Results'!$C$7:$BF$16,33,FALSE))","v":""},{"$f":"IF($B88=\"\",\"\",\nVLOOKUP($C88,'2. Unit Testing Results'!$C$7:$BF$16,35,FALSE))","v":""},{"$f":"IF($B88=\"\",\"\",\nVLOOKUP($C88,'2. Unit Testing Results'!$C$7:$BF$16,37,FALSE))","v":""},{"$f":"IF($B88=\"\",\"\",\nVLOOKUP($C88,'2. Unit Testing Results'!$C$7:$BF$16,38,FALSE))","v":""},{"$f":"IF($B88=\"\",\"\",\nVLOOKUP($C88,'2. Unit Testing Results'!$C$7:$BF$16,39,FALSE))","v":""},{"$f":"IF($B88=\"\",\"\",\nVLOOKUP($C88,'2. Unit Testing Results'!$C$7:$BF$16,41,FALSE))","v":""},{"$f":"IF($B88=\"\",\"\",\nVLOOKUP($C88,'2. Unit Testing Results'!$C$7:$BF$16,43,FALSE))","v":""},{"$f":"IF($B88=\"\",\"\",\nVLOOKUP($C88,'2. Unit Testing Results'!$C$7:$BF$16,45,FALSE))","v":""},{"$f":"IF($B88=\"\",\"\",\nVLOOKUP($C88,'2. Unit Testing Results'!$C$7:$BF$16,47,FALSE))","v":""},{"$f":"IF($B88=\"\",\"\",\nVLOOKUP($C88,'2. Unit Testing Results'!$C$7:$BF$16,49,FALSE))","v":""},{"$f":"IF($B88=\"\",\"\",\nVLOOKUP($C88,'2. Unit Testing Results'!$C$7:$BF$16,51,FALSE))","v":""},{"$f":"IF($B88=\"\",\"\",\nVLOOKUP($C88,'2. Unit Testing Results'!$C$7:$BF$16,52,FALSE))","v":""},{"$f":"IF($B88=\"\",\"\",\nVLOOKUP($C88,'2. Unit Testing Results'!$C$7:$BF$16,53,FALSE))","v":""},{"$f":"IF($B88=\"\",\"\",\nVLOOKUP($C88,'2. Unit Testing Results'!$C$7:$BF$16,54,FALSE))","v":""},{"$f":"IF($B88=\"\",\"\",\nVLOOKUP($C88,'2. Unit Testing Results'!$C$7:$BF$16,55,FALSE))","v":""},{"$f":"IF($B88=\"\",\"\",\nVLOOKUP($C88,'2. Unit Testing Results'!$C$7:$BF$16,56,FALSE))","v":""}]
[null,{"$f":"IF('2. Unit Testing Results'!$C105=\"\",\"\",'2. Unit Testing Results'!$C105)","v":""},{"$f":"IF('2. Unit Testing Results'!$D106=\"\",\"\",'2. Unit Testing Results'!$D106)","v":""},{"$f":"IF('2. Unit Testing Results'!$E106=\"\",\"\",'2. Unit Testing Results'!$E106)","v":""},{"$f":"IF('2. Unit Testing Results'!$F106=\"\",\"\",'2. Unit Testing Results'!$F106)","v":""},null,{"$f":"IF($B89=\"\",\"\",\nIF((('2. Unit Testing Results'!$Y105)*60)/((VLOOKUP($C89,'2. Unit Testing Results'!$C$7:$S$16,4,FALSE))*(VLOOKUP($C89,'2. Unit Testing Results'!$C$7:$S$16,6,FALSE)))=0,\n((('2. Unit Testing Results'!$I105)*60)/((VLOOKUP($C89,'2. Unit Testing Results'!$C$7:$S$16,4,FALSE))*(VLOOKUP($C89,'2. Unit Testing Results'!$C$7:$S$16,6,FALSE)))),\n((('2. Unit Testing Results'!$Y105)*60)/((VLOOKUP($C89,'2. Unit Testing Results'!$C$7:$S$16,4,FALSE))*(VLOOKUP($C89,'2. Unit Testing Results'!$C$7:$S$16,6,FALSE))))))","v":""},{"$f":"IF($B89=\"\",\"\",\nVLOOKUP($C89,'2. Unit Testing Results'!$C$7:$BF$16,20,FALSE))","v":""},{"$f":"IF($B89=\"\",\"\",\nVLOOKUP($C89,'2. Unit Testing Results'!$C$7:$BF$16,22,FALSE))","v":""},{"$f":"IF($B89=\"\",\"\",\nVLOOKUP($C89,'2. Unit Testing Results'!$C$7:$BF$16,24,FALSE))","v":""},{"$f":"IF($B89=\"\",\"\",\nVLOOKUP($C89,'2. Unit Testing Results'!$C$7:$BF$16,26,FALSE))","v":""},{"$f":"IF($B89=\"\",\"\",\nVLOOKUP($C89,'2. Unit Testing Results'!$C$7:$BF$16,27,FALSE))","v":""},{"$f":"IF($B89=\"\",\"\",\nVLOOKUP($C89,'2. Unit Testing Results'!$C$7:$BF$16,29,FALSE))","v":""},{"$f":"IF($B89=\"\",\"\",\nIF('2. Unit Testing Results'!$R105=0,'2. Unit Testing Results'!$G105,'2. Unit Testing Results'!$R105\n))","v":""},{"$f":"IF($B89=\"\",\"\",\nIF(AND('2. Unit Testing Results'!$W105=0,'2. Unit Testing Results'!$W105<>\"\"),'2. Unit Testing Results'!$H105,\nIF('2. Unit Testing Results'!$W105<>\"\",'2. Unit Testing Results'!$W105,\"\")))","v":""},{"$f":"IF($B89=\"\",\"\",\nVLOOKUP($C89,'2. Unit Testing Results'!$C$7:$BF$16,31,FALSE))","v":""},{"$f":"IF($B89=\"\",\"\",\nVLOOKUP($C89,'2. Unit Testing Results'!$C$7:$BF$16,33,FALSE))","v":""},{"$f":"IF($B89=\"\",\"\",\nVLOOKUP($C89,'2. Unit Testing Results'!$C$7:$BF$16,35,FALSE))","v":""},{"$f":"IF($B89=\"\",\"\",\nVLOOKUP($C89,'2. Unit Testing Results'!$C$7:$BF$16,37,FALSE))","v":""},{"$f":"IF($B89=\"\",\"\",\nVLOOKUP($C89,'2. Unit Testing Results'!$C$7:$BF$16,38,FALSE))","v":""},{"$f":"IF($B89=\"\",\"\",\nVLOOKUP($C89,'2. Unit Testing Results'!$C$7:$BF$16,39,FALSE))","v":""},{"$f":"IF($B89=\"\",\"\",\nVLOOKUP($C89,'2. Unit Testing Results'!$C$7:$BF$16,41,FALSE))","v":""},{"$f":"IF($B89=\"\",\"\",\nVLOOKUP($C89,'2. Unit Testing Results'!$C$7:$BF$16,43,FALSE))","v":""},{"$f":"IF($B89=\"\",\"\",\nVLOOKUP($C89,'2. Unit Testing Results'!$C$7:$BF$16,45,FALSE))","v":""},{"$f":"IF($B89=\"\",\"\",\nVLOOKUP($C89,'2. Unit Testing Results'!$C$7:$BF$16,47,FALSE))","v":""},{"$f":"IF($B89=\"\",\"\",\nVLOOKUP($C89,'2. Unit Testing Results'!$C$7:$BF$16,49,FALSE))","v":""},{"$f":"IF($B89=\"\",\"\",\nVLOOKUP($C89,'2. Unit Testing Results'!$C$7:$BF$16,51,FALSE))","v":""},{"$f":"IF($B89=\"\",\"\",\nVLOOKUP($C89,'2. Unit Testing Results'!$C$7:$BF$16,52,FALSE))","v":""},{"$f":"IF($B89=\"\",\"\",\nVLOOKUP($C89,'2. Unit Testing Results'!$C$7:$BF$16,53,FALSE))","v":""},{"$f":"IF($B89=\"\",\"\",\nVLOOKUP($C89,'2. Unit Testing Results'!$C$7:$BF$16,54,FALSE))","v":""},{"$f":"IF($B89=\"\",\"\",\nVLOOKUP($C89,'2. Unit Testing Results'!$C$7:$BF$16,55,FALSE))","v":""},{"$f":"IF($B89=\"\",\"\",\nVLOOKUP($C89,'2. Unit Testing Results'!$C$7:$BF$16,56,FALSE))","v":""}]
[null,{"$f":"IF('2. Unit Testing Results'!$C106=\"\",\"\",'2. Unit Testing Results'!$C106)","v":""},{"$f":"IF('2. Unit Testing Results'!$D107=\"\",\"\",'2. Unit Testing Results'!$D107)","v":""},{"$f":"IF('2. Unit Testing Results'!$E107=\"\",\"\",'2. Unit Testing Results'!$E107)","v":""},{"$f":"IF('2. Unit Testing Results'!$F107=\"\",\"\",'2. Unit Testing Results'!$F107)","v":""},null,{"$f":"IF($B90=\"\",\"\",\nIF((('2. Unit Testing Results'!$Y106)*60)/((VLOOKUP($C90,'2. Unit Testing Results'!$C$7:$S$16,4,FALSE))*(VLOOKUP($C90,'2. Unit Testing Results'!$C$7:$S$16,6,FALSE)))=0,\n((('2. Unit Testing Results'!$I106)*60)/((VLOOKUP($C90,'2. Unit Testing Results'!$C$7:$S$16,4,FALSE))*(VLOOKUP($C90,'2. Unit Testing Results'!$C$7:$S$16,6,FALSE)))),\n((('2. Unit Testing Results'!$Y106)*60)/((VLOOKUP($C90,'2. Unit Testing Results'!$C$7:$S$16,4,FALSE))*(VLOOKUP($C90,'2. Unit Testing Results'!$C$7:$S$16,6,FALSE))))))","v":""},{"$f":"IF($B90=\"\",\"\",\nVLOOKUP($C90,'2. Unit Testing Results'!$C$7:$BF$16,20,FALSE))","v":""},{"$f":"IF($B90=\"\",\"\",\nVLOOKUP($C90,'2. Unit Testing Results'!$C$7:$BF$16,22,FALSE))","v":""},{"$f":"IF($B90=\"\",\"\",\nVLOOKUP($C90,'2. Unit Testing Results'!$C$7:$BF$16,24,FALSE))","v":""},{"$f":"IF($B90=\"\",\"\",\nVLOOKUP($C90,'2. Unit Testing Results'!$C$7:$BF$16,26,FALSE))","v":""},{"$f":"IF($B90=\"\",\"\",\nVLOOKUP($C90,'2. Unit Testing Results'!$C$7:$BF$16,27,FALSE))","v":""},{"$f":"IF($B90=\"\",\"\",\nVLOOKUP($C90,'2. Unit Testing Results'!$C$7:$BF$16,29,FALSE))","v":""},{"$f":"IF($B90=\"\",\"\",\nIF('2. Unit Testing Results'!$R106=0,'2. Unit Testing Results'!$G106,'2. Unit Testing Results'!$R106\n))","v":""},{"$f":"IF($B90=\"\",\"\",\nIF(AND('2. Unit Testing Results'!$W106=0,'2. Unit Testing Results'!$W106<>\"\"),'2. Unit Testing Results'!$H106,\nIF('2. Unit Testing Results'!$W106<>\"\",'2. Unit Testing Results'!$W106,\"\")))","v":""},{"$f":"IF($B90=\"\",\"\",\nVLOOKUP($C90,'2. Unit Testing Results'!$C$7:$BF$16,31,FALSE))","v":""},{"$f":"IF($B90=\"\",\"\",\nVLOOKUP($C90,'2. Unit Testing Results'!$C$7:$BF$16,33,FALSE))","v":""},{"$f":"IF($B90=\"\",\"\",\nVLOOKUP($C90,'2. Unit Testing Results'!$C$7:$BF$16,35,FALSE))","v":""},{"$f":"IF($B90=\"\",\"\",\nVLOOKUP($C90,'2. Unit Testing Results'!$C$7:$BF$16,37,FALSE))","v":""},{"$f":"IF($B90=\"\",\"\",\nVLOOKUP($C90,'2. Unit Testing Results'!$C$7:$BF$16,38,FALSE))","v":""},{"$f":"IF($B90=\"\",\"\",\nVLOOKUP($C90,'2. Unit Testing Results'!$C$7:$BF$16,39,FALSE))","v":""},{"$f":"IF($B90=\"\",\"\",\nVLOOKUP($C90,'2. Unit Testing Results'!$C$7:$BF$16,41,FALSE))","v":""},{"$f":"IF($B90=\"\",\"\",\nVLOOKUP($C90,'2. Unit Testing Results'!$C$7:$BF$16,43,FALSE))","v":""},{"$f":"IF($B90=\"\",\"\",\nVLOOKUP($C90,'2. Unit Testing Results'!$C$7:$BF$16,45,FALSE))","v":""},{"$f":"IF($B90=\"\",\"\",\nVLOOKUP($C90,'2. Unit Testing Results'!$C$7:$BF$16,47,FALSE))","v":""},{"$f":"IF($B90=\"\",\"\",\nVLOOKUP($C90,'2. Unit Testing Results'!$C$7:$BF$16,49,FALSE))","v":""},{"$f":"IF($B90=\"\",\"\",\nVLOOKUP($C90,'2. Unit Testing Results'!$C$7:$BF$16,51,FALSE))","v":""},{"$f":"IF($B90=\"\",\"\",\nVLOOKUP($C90,'2. Unit Testing Results'!$C$7:$BF$16,52,FALSE))","v":""},{"$f":"IF($B90=\"\",\"\",\nVLOOKUP($C90,'2. Unit Testing Results'!$C$7:$BF$16,53,FALSE))","v":""},{"$f":"IF($B90=\"\",\"\",\nVLOOKUP($C90,'2. Unit Testing Results'!$C$7:$BF$16,54,FALSE))","v":""},{"$f":"IF($B90=\"\",\"\",\nVLOOKUP($C90,'2. Unit Testing Results'!$C$7:$BF$16,55,FALSE))","v":""},{"$f":"IF($B90=\"\",\"\",\nVLOOKUP($C90,'2. Unit Testing Results'!$C$7:$BF$16,56,FALSE))","v":""}]
[null,{"$f":"IF('2. Unit Testing Results'!$C107=\"\",\"\",'2. Unit Testing Results'!$C107)","v":""},{"$f":"IF('2. Unit Testing Results'!$D108=\"\",\"\",'2. Unit Testing Results'!$D108)","v":""},{"$f":"IF('2. Unit Testing Results'!$E108=\"\",\"\",'2. Unit Testing Results'!$E108)","v":""},{"$f":"IF('2. Unit Testing Results'!$F108=\"\",\"\",'2. Unit Testing Results'!$F108)","v":""},null,{"$f":"IF($B91=\"\",\"\",\nIF((('2. Unit Testing Results'!$Y107)*60)/((VLOOKUP($C91,'2. Unit Testing Results'!$C$7:$S$16,4,FALSE))*(VLOOKUP($C91,'2. Unit Testing Results'!$C$7:$S$16,6,FALSE)))=0,\n((('2. Unit Testing Results'!$I107)*60)/((VLOOKUP($C91,'2. Unit Testing Results'!$C$7:$S$16,4,FALSE))*(VLOOKUP($C91,'2. Unit Testing Results'!$C$7:$S$16,6,FALSE)))),\n((('2. Unit Testing Results'!$Y107)*60)/((VLOOKUP($C91,'2. Unit Testing Results'!$C$7:$S$16,4,FALSE))*(VLOOKUP($C91,'2. Unit Testing Results'!$C$7:$S$16,6,FALSE))))))","v":""},{"$f":"IF($B91=\"\",\"\",\nVLOOKUP($C91,'2. Unit Testing Results'!$C$7:$BF$16,20,FALSE))","v":""},{"$f":"IF($B91=\"\",\"\",\nVLOOKUP($C91,'2. Unit Testing Results'!$C$7:$BF$16,22,FALSE))","v":""},{"$f":"IF($B91=\"\",\"\",\nVLOOKUP($C91,'2. Unit Testing Results'!$C$7:$BF$16,24,FALSE))","v":""},{"$f":"IF($B91=\"\",\"\",\nVLOOKUP($C91,'2. Unit Testing Results'!$C$7:$BF$16,26,FALSE))","v":""},{"$f":"IF($B91=\"\",\"\",\nVLOOKUP($C91,'2. Unit Testing Results'!$C$7:$BF$16,27,FALSE))","v":""},{"$f":"IF($B91=\"\",\"\",\nVLOOKUP($C91,'2. Unit Testing Results'!$C$7:$BF$16,29,FALSE))","v":""},{"$f":"IF($B91=\"\",\"\",\nIF('2. Unit Testing Results'!$R107=0,'2. Unit Testing Results'!$G107,'2. Unit Testing Results'!$R107\n))","v":""},{"$f":"IF($B91=\"\",\"\",\nIF(AND('2. Unit Testing Results'!$W107=0,'2. Unit Testing Results'!$W107<>\"\"),'2. Unit Testing Results'!$H107,\nIF('2. Unit Testing Results'!$W107<>\"\",'2. Unit Testing Results'!$W107,\"\")))","v":""},{"$f":"IF($B91=\"\",\"\",\nVLOOKUP($C91,'2. Unit Testing Results'!$C$7:$BF$16,31,FALSE))","v":""},{"$f":"IF($B91=\"\",\"\",\nVLOOKUP($C91,'2. Unit Testing Results'!$C$7:$BF$16,33,FALSE))","v":""},{"$f":"IF($B91=\"\",\"\",\nVLOOKUP($C91,'2. Unit Testing Results'!$C$7:$BF$16,35,FALSE))","v":""},{"$f":"IF($B91=\"\",\"\",\nVLOOKUP($C91,'2. Unit Testing Results'!$C$7:$BF$16,37,FALSE))","v":""},{"$f":"IF($B91=\"\",\"\",\nVLOOKUP($C91,'2. Unit Testing Results'!$C$7:$BF$16,38,FALSE))","v":""},{"$f":"IF($B91=\"\",\"\",\nVLOOKUP($C91,'2. Unit Testing Results'!$C$7:$BF$16,39,FALSE))","v":""},{"$f":"IF($B91=\"\",\"\",\nVLOOKUP($C91,'2. Unit Testing Results'!$C$7:$BF$16,41,FALSE))","v":""},{"$f":"IF($B91=\"\",\"\",\nVLOOKUP($C91,'2. Unit Testing Results'!$C$7:$BF$16,43,FALSE))","v":""},{"$f":"IF($B91=\"\",\"\",\nVLOOKUP($C91,'2. Unit Testing Results'!$C$7:$BF$16,45,FALSE))","v":""},{"$f":"IF($B91=\"\",\"\",\nVLOOKUP($C91,'2. Unit Testing Results'!$C$7:$BF$16,47,FALSE))","v":""},{"$f":"IF($B91=\"\",\"\",\nVLOOKUP($C91,'2. Unit Testing Results'!$C$7:$BF$16,49,FALSE))","v":""},{"$f":"IF($B91=\"\",\"\",\nVLOOKUP($C91,'2. Unit Testing Results'!$C$7:$BF$16,51,FALSE))","v":""},{"$f":"IF($B91=\"\",\"\",\nVLOOKUP($C91,'2. Unit Testing Results'!$C$7:$BF$16,52,FALSE))","v":""},{"$f":"IF($B91=\"\",\"\",\nVLOOKUP($C91,'2. Unit Testing Results'!$C$7:$BF$16,53,FALSE))","v":""},{"$f":"IF($B91=\"\",\"\",\nVLOOKUP($C91,'2. Unit Testing Results'!$C$7:$BF$16,54,FALSE))","v":""},{"$f":"IF($B91=\"\",\"\",\nVLOOKUP($C91,'2. Unit Testing Results'!$C$7:$BF$16,55,FALSE))","v":""},{"$f":"IF($B91=\"\",\"\",\nVLOOKUP($C91,'2. Unit Testing Results'!$C$7:$BF$16,56,FALSE))","v":""}]
[null,{"$f":"IF('2. Unit Testing Results'!$C108=\"\",\"\",'2. Unit Testing Results'!$C108)","v":""},{"$f":"IF('2. Unit Testing Results'!$D113=\"\",\"\",'2. Unit Testing Results'!$D113)","v":"S1"},{"$f":"IF('2. Unit Testing Results'!$E113=\"\",\"\",'2. Unit Testing Results'!$E113)","v":500},{"$f":"IF('2. Unit Testing Results'!$F113=\"\",\"\",'2. Unit Testing Results'!$F113)","v":3024},null,{"$f":"IF($B92=\"\",\"\",\nIF((('2. Unit Testing Results'!$Y108)*60)/((VLOOKUP($C92,'2. Unit Testing Results'!$C$7:$S$16,4,FALSE))*(VLOOKUP($C92,'2. Unit Testing Results'!$C$7:$S$16,6,FALSE)))=0,\n((('2. Unit Testing Results'!$I108)*60)/((VLOOKUP($C92,'2. Unit Testing Results'!$C$7:$S$16,4,FALSE))*(VLOOKUP($C92,'2. Unit Testing Results'!$C$7:$S$16,6,FALSE)))),\n((('2. Unit Testing Results'!$Y108)*60)/((VLOOKUP($C92,'2. Unit Testing Results'!$C$7:$S$16,4,FALSE))*(VLOOKUP($C92,'2. Unit Testing Results'!$C$7:$S$16,6,FALSE))))))","v":""},{"$f":"IF($B92=\"\",\"\",\nVLOOKUP($C92,'2. Unit Testing Results'!$C$7:$BF$16,20,FALSE))","v":""},{"$f":"IF($B92=\"\",\"\",\nVLOOKUP($C92,'2. Unit Testing Results'!$C$7:$BF$16,22,FALSE))","v":""},{"$f":"IF($B92=\"\",\"\",\nVLOOKUP($C92,'2. Unit Testing Results'!$C$7:$BF$16,24,FALSE))","v":""},{"$f":"IF($B92=\"\",\"\",\nVLOOKUP($C92,'2. Unit Testing Results'!$C$7:$BF$16,26,FALSE))","v":""},{"$f":"IF($B92=\"\",\"\",\nVLOOKUP($C92,'2. Unit Testing Results'!$C$7:$BF$16,27,FALSE))","v":""},{"$f":"IF($B92=\"\",\"\",\nVLOOKUP($C92,'2. Unit Testing Results'!$C$7:$BF$16,29,FALSE))","v":""},{"$f":"IF($B92=\"\",\"\",\nIF('2. Unit Testing Results'!$R108=0,'2. Unit Testing Results'!$G108,'2. Unit Testing Results'!$R108\n))","v":""},{"$f":"IF($B92=\"\",\"\",\nIF(AND('2. Unit Testing Results'!$W108=0,'2. Unit Testing Results'!$W108<>\"\"),'2. Unit Testing Results'!$H108,\nIF('2. Unit Testing Results'!$W108<>\"\",'2. Unit Testing Results'!$W108,\"\")))","v":""},{"$f":"IF($B92=\"\",\"\",\nVLOOKUP($C92,'2. Unit Testing Results'!$C$7:$BF$16,31,FALSE))","v":""},{"$f":"IF($B92=\"\",\"\",\nVLOOKUP($C92,'2. Unit Testing Results'!$C$7:$BF$16,33,FALSE))","v":""},{"$f":"IF($B92=\"\",\"\",\nVLOOKUP($C92,'2. Unit Testing Results'!$C$7:$BF$16,35,FALSE))","v":""},{"$f":"IF($B92=\"\",\"\",\nVLOOKUP($C92,'2. Unit Testing Results'!$C$7:$BF$16,37,FALSE))","v":""},{"$f":"IF($B92=\"\",\"\",\nVLOOKUP($C92,'2. Unit Testing Results'!$C$7:$BF$16,38,FALSE))","v":""},{"$f":"IF($B92=\"\",\"\",\nVLOOKUP($C92,'2. Unit Testing Results'!$C$7:$BF$16,39,FALSE))","v":""},{"$f":"IF($B92=\"\",\"\",\nVLOOKUP($C92,'2. Unit Testing Results'!$C$7:$BF$16,41,FALSE))","v":""},{"$f":"IF($B92=\"\",\"\",\nVLOOKUP($C92,'2. Unit Testing Results'!$C$7:$BF$16,43,FALSE))","v":""},{"$f":"IF($B92=\"\",\"\",\nVLOOKUP($C92,'2. Unit Testing Results'!$C$7:$BF$16,45,FALSE))","v":""},{"$f":"IF($B92=\"\",\"\",\nVLOOKUP($C92,'2. Unit Testing Results'!$C$7:$BF$16,47,FALSE))","v":""},{"$f":"IF($B92=\"\",\"\",\nVLOOKUP($C92,'2. Unit Testing Results'!$C$7:$BF$16,49,FALSE))","v":""},{"$f":"IF($B92=\"\",\"\",\nVLOOKUP($C92,'2. Unit Testing Results'!$C$7:$BF$16,51,FALSE))","v":""},{"$f":"IF($B92=\"\",\"\",\nVLOOKUP($C92,'2. Unit Testing Results'!$C$7:$BF$16,52,FALSE))","v":""},{"$f":"IF($B92=\"\",\"\",\nVLOOKUP($C92,'2. Unit Testing Results'!$C$7:$BF$16,53,FALSE))","v":""},{"$f":"IF($B92=\"\",\"\",\nVLOOKUP($C92,'2. Unit Testing Results'!$C$7:$BF$16,54,FALSE))","v":""},{"$f":"IF($B92=\"\",\"\",\nVLOOKUP($C92,'2. Unit Testing Results'!$C$7:$BF$16,55,FALSE))","v":""},{"$f":"IF($B92=\"\",\"\",\nVLOOKUP($C92,'2. Unit Testing Results'!$C$7:$BF$16,56,FALSE))","v":""}]
[null,{"$f":"IF('2. Unit Testing Results'!$C109=\"\",\"\",'2. Unit Testing Results'!$C109)","v":"Failed Tests: Copy entire row from the Units Testing table above for any failed tests. Overwrite the values in the table above with re-test values."},{"$f":"IF('2. Unit Testing Results'!$D114=\"\",\"\",'2. Unit Testing Results'!$D114)","v":"B4"},{"$f":"IF('2. Unit Testing Results'!$E114=\"\",\"\",'2. Unit Testing Results'!$E114)","v":1800},{"$f":"IF('2. Unit Testing Results'!$F114=\"\",\"\",'2. Unit Testing Results'!$F114)","v":6141},null,{"$f":"IF($B93=\"\",\"\",\nIF((('2. Unit Testing Results'!$Y109)*60)/((VLOOKUP($C93,'2. Unit Testing Results'!$C$7:$S$16,4,FALSE))*(VLOOKUP($C93,'2. Unit Testing Results'!$C$7:$S$16,6,FALSE)))=0,\n((('2. Unit Testing Results'!$I109)*60)/((VLOOKUP($C93,'2. Unit Testing Results'!$C$7:$S$16,4,FALSE))*(VLOOKUP($C93,'2. Unit Testing Results'!$C$7:$S$16,6,FALSE)))),\n((('2. Unit Testing Results'!$Y109)*60)/((VLOOKUP($C93,'2. Unit Testing Results'!$C$7:$S$16,4,FALSE))*(VLOOKUP($C93,'2. Unit Testing Results'!$C$7:$S$16,6,FALSE))))))","v":0},{"$f":"IF($B93=\"\",\"\",\nVLOOKUP($C93,'2. Unit Testing Results'!$C$7:$BF$16,20,FALSE))","v":38},{"$f":"IF($B93=\"\",\"\",\nVLOOKUP($C93,'2. Unit Testing Results'!$C$7:$BF$16,22,FALSE))","v":19},{"$f":"IF($B93=\"\",\"\",\nVLOOKUP($C93,'2. Unit Testing Results'!$C$7:$BF$16,24,FALSE))","v":0},{"$f":"IF($B93=\"\",\"\",\nVLOOKUP($C93,'2. Unit Testing Results'!$C$7:$BF$16,26,FALSE))","v":10},{"$f":"IF($B93=\"\",\"\",\nVLOOKUP($C93,'2. Unit Testing Results'!$C$7:$BF$16,27,FALSE))","v":0.3},{"$f":"IF($B93=\"\",\"\",\nVLOOKUP($C93,'2. Unit Testing Results'!$C$7:$BF$16,29,FALSE))","v":0.32},{"$f":"IF($B93=\"\",\"\",\nIF('2. Unit Testing Results'!$R109=0,'2. Unit Testing Results'!$G109,'2. Unit Testing Results'!$R109\n))","v":0},{"$f":"IF($B93=\"\",\"\",\nIF(AND('2. Unit Testing Results'!$W109=0,'2. Unit Testing Results'!$W109<>\"\"),'2. Unit Testing Results'!$H109,\nIF('2. Unit Testing Results'!$W109<>\"\",'2. Unit Testing Results'!$W109,\"\")))","v":""},{"$f":"IF($B93=\"\",\"\",\nVLOOKUP($C93,'2. Unit Testing Results'!$C$7:$BF$16,31,FALSE))","v":"Furnace"},{"$f":"IF($B93=\"\",\"\",\nVLOOKUP($C93,'2. Unit Testing Results'!$C$7:$BF$16,33,FALSE))","v":"NG"},{"$f":"IF($B93=\"\",\"\",\nVLOOKUP($C93,'2. Unit Testing Results'!$C$7:$BF$16,35,FALSE))","v":92},{"$f":"IF($B93=\"\",\"\",\nVLOOKUP($C93,'2. Unit Testing Results'!$C$7:$BF$16,37,FALSE))","v":"AFUE"},{"$f":"IF($B93=\"\",\"\",\nVLOOKUP($C93,'2. Unit Testing Results'!$C$7:$BF$16,38,FALSE))","v":"AC"},{"$f":"IF($B93=\"\",\"\",\nVLOOKUP($C93,'2. Unit Testing Results'!$C$7:$BF$16,39,FALSE))","v":"Electricity"},{"$f":"IF($B93=\"\",\"\",\nVLOOKUP($C93,'2. Unit Testing Results'!$C$7:$BF$16,41,FALSE))","v":9},{"$f":"IF($B93=\"\",\"\",\nVLOOKUP($C93,'2. Unit Testing Results'!$C$7:$BF$16,43,FALSE))","v":"SEER"},{"$f":"IF($B93=\"\",\"\",\nVLOOKUP($C93,'2. Unit Testing Results'!$C$7:$BF$16,45,FALSE))","v":"Storage"},{"$f":"IF($B93=\"\",\"\",\nVLOOKUP($C93,'2. Unit Testing Results'!$C$7:$BF$16,47,FALSE))","v":"Gas"},{"$f":"IF($B93=\"\",\"\",\nVLOOKUP($C93,'2. Unit Testing Results'!$C$7:$BF$16,49,FALSE))","v":0.98},{"$f":"IF($B93=\"\",\"\",\nVLOOKUP($C93,'2. Unit Testing Results'!$C$7:$BF$16,51,FALSE))","v":"Heat Recovery Ventilator (HRV)"},{"$f":"IF($B93=\"\",\"\",\nVLOOKUP($C93,'2. Unit Testing Results'!$C$7:$BF$16,52,FALSE))","v":90},{"$f":"IF($B93=\"\",\"\",\nVLOOKUP($C93,'2. Unit Testing Results'!$C$7:$BF$16,53,FALSE))","v":1},{"$f":"IF($B93=\"\",\"\",\nVLOOKUP($C93,'2. Unit Testing Results'!$C$7:$BF$16,54,FALSE))","v":1},{"$f":"IF($B93=\"\",\"\",\nVLOOKUP($C93,'2. Unit Testing Results'!$C$7:$BF$16,55,FALSE))","v":1},{"$f":"IF($B93=\"\",\"\",\nVLOOKUP($C93,'2. Unit Testing Results'!$C$7:$BF$16,56,FALSE))","v":2}]
[null,{"$f":"IF('2. Unit Testing Results'!$C110=\"\",\"\",'2. Unit Testing Results'!$C110)","v":"UNIT DETAILS"},{"$f":"IF('2. Unit Testing Results'!$D115=\"\",\"\",'2. Unit Testing Results'!$D115)","v":"S1"},{"$f":"IF('2. Unit Testing Results'!$E115=\"\",\"\",'2. Unit Testing Results'!$E115)","v":500},{"$f":"IF('2. Unit Testing Results'!$F115=\"\",\"\",'2. Unit Testing Results'!$F115)","v":3024},null,{"$f":"IF($B94=\"\",\"\",\nIF((('2. Unit Testing Results'!$Y110)*60)/((VLOOKUP($C94,'2. Unit Testing Results'!$C$7:$S$16,4,FALSE))*(VLOOKUP($C94,'2. Unit Testing Results'!$C$7:$S$16,6,FALSE)))=0,\n((('2. Unit Testing Results'!$I110)*60)/((VLOOKUP($C94,'2. Unit Testing Results'!$C$7:$S$16,4,FALSE))*(VLOOKUP($C94,'2. Unit Testing Results'!$C$7:$S$16,6,FALSE)))),\n((('2. Unit Testing Results'!$Y110)*60)/((VLOOKUP($C94,'2. Unit Testing Results'!$C$7:$S$16,4,FALSE))*(VLOOKUP($C94,'2. Unit Testing Results'!$C$7:$S$16,6,FALSE))))))","v":0},{"$f":"IF($B94=\"\",\"\",\nVLOOKUP($C94,'2. Unit Testing Results'!$C$7:$BF$16,20,FALSE))","v":19},{"$f":"IF($B94=\"\",\"\",\nVLOOKUP($C94,'2. Unit Testing Results'!$C$7:$BF$16,22,FALSE))","v":19},{"$f":"IF($B94=\"\",\"\",\nVLOOKUP($C94,'2. Unit Testing Results'!$C$7:$BF$16,24,FALSE))","v":8},{"$f":"IF($B94=\"\",\"\",\nVLOOKUP($C94,'2. Unit Testing Results'!$C$7:$BF$16,26,FALSE))","v":10},{"$f":"IF($B94=\"\",\"\",\nVLOOKUP($C94,'2. Unit Testing Results'!$C$7:$BF$16,27,FALSE))","v":0.3},{"$f":"IF($B94=\"\",\"\",\nVLOOKUP($C94,'2. Unit Testing Results'!$C$7:$BF$16,29,FALSE))","v":0.32},{"$f":"IF($B94=\"\",\"\",\nIF('2. Unit Testing Results'!$R110=0,'2. Unit Testing Results'!$G110,'2. Unit Testing Results'!$R110\n))","v":"TESTING TARGETS"},{"$f":"IF($B94=\"\",\"\",\nIF(AND('2. Unit Testing Results'!$W110=0,'2. Unit Testing Results'!$W110<>\"\"),'2. Unit Testing Results'!$H110,\nIF('2. Unit Testing Results'!$W110<>\"\",'2. Unit Testing Results'!$W110,\"\")))","v":""},{"$f":"IF($B94=\"\",\"\",\nVLOOKUP($C94,'2. Unit Testing Results'!$C$7:$BF$16,31,FALSE))","v":"Furnace"},{"$f":"IF($B94=\"\",\"\",\nVLOOKUP($C94,'2. Unit Testing Results'!$C$7:$BF$16,33,FALSE))","v":"NG"},{"$f":"IF($B94=\"\",\"\",\nVLOOKUP($C94,'2. Unit Testing Results'!$C$7:$BF$16,35,FALSE))","v":92.5},{"$f":"IF($B94=\"\",\"\",\nVLOOKUP($C94,'2. Unit Testing Results'!$C$7:$BF$16,37,FALSE))","v":"AFUE"},{"$f":"IF($B94=\"\",\"\",\nVLOOKUP($C94,'2. Unit Testing Results'!$C$7:$BF$16,38,FALSE))","v":"AC"},{"$f":"IF($B94=\"\",\"\",\nVLOOKUP($C94,'2. Unit Testing Results'!$C$7:$BF$16,39,FALSE))","v":"Electricity"},{"$f":"IF($B94=\"\",\"\",\nVLOOKUP($C94,'2. Unit Testing Results'!$C$7:$BF$16,41,FALSE))","v":9},{"$f":"IF($B94=\"\",\"\",\nVLOOKUP($C94,'2. Unit Testing Results'!$C$7:$BF$16,43,FALSE))","v":"SEER"},{"$f":"IF($B94=\"\",\"\",\nVLOOKUP($C94,'2. Unit Testing Results'!$C$7:$BF$16,45,FALSE))","v":"Storage"},{"$f":"IF($B94=\"\",\"\",\nVLOOKUP($C94,'2. Unit Testing Results'!$C$7:$BF$16,47,FALSE))","v":"Gas"},{"$f":"IF($B94=\"\",\"\",\nVLOOKUP($C94,'2. Unit Testing Results'!$C$7:$BF$16,49,FALSE))","v":0.98},{"$f":"IF($B94=\"\",\"\",\nVLOOKUP($C94,'2. Unit Testing Results'!$C$7:$BF$16,51,FALSE))","v":"Balanced"},{"$f":"IF($B94=\"\",\"\",\nVLOOKUP($C94,'2. Unit Testing Results'!$C$7:$BF$16,52,FALSE))","v":90},{"$f":"IF($B94=\"\",\"\",\nVLOOKUP($C94,'2. Unit Testing Results'!$C$7:$BF$16,53,FALSE))","v":1},{"$f":"IF($B94=\"\",\"\",\nVLOOKUP($C94,'2. Unit Testing Results'!$C$7:$BF$16,54,FALSE))","v":0},{"$f":"IF($B94=\"\",\"\",\nVLOOKUP($C94,'2. Unit Testing Results'!$C$7:$BF$16,55,FALSE))","v":1},{"$f":"IF($B94=\"\",\"\",\nVLOOKUP($C94,'2. Unit Testing Results'!$C$7:$BF$16,56,FALSE))","v":1}]
[null,{"$f":"IF('2. Unit Testing Results'!$C111=\"\",\"\",'2. Unit Testing Results'!$C111)","v":"UNIT"},{"$f":"IF('2. Unit Testing Results'!$D116=\"\",\"\",'2. Unit Testing Results'!$D116)","v":"B1"},{"$f":"IF('2. Unit Testing Results'!$E116=\"\",\"\",'2. Unit Testing Results'!$E116)","v":650},{"$f":"IF('2. Unit Testing Results'!$F116=\"\",\"\",'2. Unit Testing Results'!$F116)","v":2220},null,{"$f":"IF($B95=\"\",\"\",\nIF((('2. Unit Testing Results'!$Y111)*60)/((VLOOKUP($C95,'2. Unit Testing Results'!$C$7:$S$16,4,FALSE))*(VLOOKUP($C95,'2. Unit Testing Results'!$C$7:$S$16,6,FALSE)))=0,\n((('2. Unit Testing Results'!$I111)*60)/((VLOOKUP($C95,'2. Unit Testing Results'!$C$7:$S$16,4,FALSE))*(VLOOKUP($C95,'2. Unit Testing Results'!$C$7:$S$16,6,FALSE)))),\n((('2. Unit Testing Results'!$Y111)*60)/((VLOOKUP($C95,'2. Unit Testing Results'!$C$7:$S$16,4,FALSE))*(VLOOKUP($C95,'2. Unit Testing Results'!$C$7:$S$16,6,FALSE))))))","v":{"$error":"#VALUE!"}},{"$f":"IF($B95=\"\",\"\",\nVLOOKUP($C95,'2. Unit Testing Results'!$C$7:$BF$16,20,FALSE))","v":38},{"$f":"IF($B95=\"\",\"\",\nVLOOKUP($C95,'2. Unit Testing Results'!$C$7:$BF$16,22,FALSE))","v":19},{"$f":"IF($B95=\"\",\"\",\nVLOOKUP($C95,'2. Unit Testing Results'!$C$7:$BF$16,24,FALSE))","v":0},{"$f":"IF($B95=\"\",\"\",\nVLOOKUP($C95,'2. Unit Testing Results'!$C$7:$BF$16,26,FALSE))","v":10},{"$f":"IF($B95=\"\",\"\",\nVLOOKUP($C95,'2. Unit Testing Results'!$C$7:$BF$16,27,FALSE))","v":0.3},{"$f":"IF($B95=\"\",\"\",\nVLOOKUP($C95,'2. Unit Testing Results'!$C$7:$BF$16,29,FALSE))","v":0.32},{"$f":"IF($B95=\"\",\"\",\nIF('2. Unit Testing Results'!$R111=0,'2. Unit Testing Results'!$G111,'2. Unit Testing Results'!$R111\n))","v":"TOTAL DUCT LEAKAGE (6.4.1 / 6.4.2)"},{"$f":"IF($B95=\"\",\"\",\nIF(AND('2. Unit Testing Results'!$W111=0,'2. Unit Testing Results'!$W111<>\"\"),'2. Unit Testing Results'!$H111,\nIF('2. Unit Testing Results'!$W111<>\"\",'2. Unit Testing Results'!$W111,\"\")))","v":"DUCT LEAKAGE TO OUTSIDE (TOWNHOUSES ONLY) (6.5)"},{"$f":"IF($B95=\"\",\"\",\nVLOOKUP($C95,'2. Unit Testing Results'!$C$7:$BF$16,31,FALSE))","v":"Furnace"},{"$f":"IF($B95=\"\",\"\",\nVLOOKUP($C95,'2. Unit Testing Results'!$C$7:$BF$16,33,FALSE))","v":"NG"},{"$f":"IF($B95=\"\",\"\",\nVLOOKUP($C95,'2. Unit Testing Results'!$C$7:$BF$16,35,FALSE))","v":94.5},{"$f":"IF($B95=\"\",\"\",\nVLOOKUP($C95,'2. Unit Testing Results'!$C$7:$BF$16,37,FALSE))","v":"AFUE"},{"$f":"IF($B95=\"\",\"\",\nVLOOKUP($C95,'2. Unit Testing Results'!$C$7:$BF$16,38,FALSE))","v":"AC"},{"$f":"IF($B95=\"\",\"\",\nVLOOKUP($C95,'2. Unit Testing Results'!$C$7:$BF$16,39,FALSE))","v":"Electricity"},{"$f":"IF($B95=\"\",\"\",\nVLOOKUP($C95,'2. Unit Testing Results'!$C$7:$BF$16,41,FALSE))","v":9},{"$f":"IF($B95=\"\",\"\",\nVLOOKUP($C95,'2. Unit Testing Results'!$C$7:$BF$16,43,FALSE))","v":"SEER"},{"$f":"IF($B95=\"\",\"\",\nVLOOKUP($C95,'2. Unit Testing Results'!$C$7:$BF$16,45,FALSE))","v":"Storage"},{"$f":"IF($B95=\"\",\"\",\nVLOOKUP($C95,'2. Unit Testing Results'!$C$7:$BF$16,47,FALSE))","v":"Gas"},{"$f":"IF($B95=\"\",\"\",\nVLOOKUP($C95,'2. Unit Testing Results'!$C$7:$BF$16,49,FALSE))","v":0.98},{"$f":"IF($B95=\"\",\"\",\nVLOOKUP($C95,'2. Unit Testing Results'!$C$7:$BF$16,51,FALSE))","v":"Central Fan Integrated System (CFIS)"},{"$f":"IF($B95=\"\",\"\",\nVLOOKUP($C95,'2. Unit Testing Results'!$C$7:$BF$16,52,FALSE))","v":90},{"$f":"IF($B95=\"\",\"\",\nVLOOKUP($C95,'2. Unit Testing Results'!$C$7:$BF$16,53,FALSE))","v":1},{"$f":"IF($B95=\"\",\"\",\nVLOOKUP($C95,'2. Unit Testing Results'!$C$7:$BF$16,54,FALSE))","v":0},{"$f":"IF($B95=\"\",\"\",\nVLOOKUP($C95,'2. Unit Testing Results'!$C$7:$BF$16,55,FALSE))","v":1},{"$f":"IF($B95=\"\",\"\",\nVLOOKUP($C95,'2. Unit Testing Results'!$C$7:$BF$16,56,FALSE))","v":1}]
[null,{"$f":"IF('2. Unit Testing Results'!$C112=\"\",\"\",'2. Unit Testing Results'!$C112)","v":""},{"$f":"IF('2. Unit Testing Results'!$D117=\"\",\"\",'2. Unit Testing Results'!$D117)","v":"B3"},{"$f":"IF('2. Unit Testing Results'!$E117=\"\",\"\",'2. Unit Testing Results'!$E117)","v":815},{"$f":"IF('2. Unit Testing Results'!$F117=\"\",\"\",'2. Unit Testing Results'!$F117)","v":3742},null,{"$f":"IF($B96=\"\",\"\",\nIF((('2. Unit Testing Results'!$Y112)*60)/((VLOOKUP($C96,'2. Unit Testing Results'!$C$7:$S$16,4,FALSE))*(VLOOKUP($C96,'2. Unit Testing Results'!$C$7:$S$16,6,FALSE)))=0,\n((('2. Unit Testing Results'!$I112)*60)/((VLOOKUP($C96,'2. Unit Testing Results'!$C$7:$S$16,4,FALSE))*(VLOOKUP($C96,'2. Unit Testing Results'!$C$7:$S$16,6,FALSE)))),\n((('2. Unit Testing Results'!$Y112)*60)/((VLOOKUP($C96,'2. Unit Testing Results'!$C$7:$S$16,4,FALSE))*(VLOOKUP($C96,'2. Unit Testing Results'!$C$7:$S$16,6,FALSE))))))","v":""},{"$f":"IF($B96=\"\",\"\",\nVLOOKUP($C96,'2. Unit Testing Results'!$C$7:$BF$16,20,FALSE))","v":""},{"$f":"IF($B96=\"\",\"\",\nVLOOKUP($C96,'2. Unit Testing Results'!$C$7:$BF$16,22,FALSE))","v":""},{"$f":"IF($B96=\"\",\"\",\nVLOOKUP($C96,'2. Unit Testing Results'!$C$7:$BF$16,24,FALSE))","v":""},{"$f":"IF($B96=\"\",\"\",\nVLOOKUP($C96,'2. Unit Testing Results'!$C$7:$BF$16,26,FALSE))","v":""},{"$f":"IF($B96=\"\",\"\",\nVLOOKUP($C96,'2. Unit Testing Results'!$C$7:$BF$16,27,FALSE))","v":""},{"$f":"IF($B96=\"\",\"\",\nVLOOKUP($C96,'2. Unit Testing Results'!$C$7:$BF$16,29,FALSE))","v":""},{"$f":"IF($B96=\"\",\"\",\nIF('2. Unit Testing Results'!$R112=0,'2. Unit Testing Results'!$G112,'2. Unit Testing Results'!$R112\n))","v":""},{"$f":"IF($B96=\"\",\"\",\nIF(AND('2. Unit Testing Results'!$W112=0,'2. Unit Testing Results'!$W112<>\"\"),'2. Unit Testing Results'!$H112,\nIF('2. Unit Testing Results'!$W112<>\"\",'2. Unit Testing Results'!$W112,\"\")))","v":""},{"$f":"IF($B96=\"\",\"\",\nVLOOKUP($C96,'2. Unit Testing Results'!$C$7:$BF$16,31,FALSE))","v":""},{"$f":"IF($B96=\"\",\"\",\nVLOOKUP($C96,'2. Unit Testing Results'!$C$7:$BF$16,33,FALSE))","v":""},{"$f":"IF($B96=\"\",\"\",\nVLOOKUP($C96,'2. Unit Testing Results'!$C$7:$BF$16,35,FALSE))","v":""},{"$f":"IF($B96=\"\",\"\",\nVLOOKUP($C96,'2. Unit Testing Results'!$C$7:$BF$16,37,FALSE))","v":""},{"$f":"IF($B96=\"\",\"\",\nVLOOKUP($C96,'2. Unit Testing Results'!$C$7:$BF$16,38,FALSE))","v":""},{"$f":"IF($B96=\"\",\"\",\nVLOOKUP($C96,'2. Unit Testing Results'!$C$7:$BF$16,39,FALSE))","v":""},{"$f":"IF($B96=\"\",\"\",\nVLOOKUP($C96,'2. Unit Testing Results'!$C$7:$BF$16,41,FALSE))","v":""},{"$f":"IF($B96=\"\",\"\",\nVLOOKUP($C96,'2. Unit Testing Results'!$C$7:$BF$16,43,FALSE))","v":""},{"$f":"IF($B96=\"\",\"\",\nVLOOKUP($C96,'2. Unit Testing Results'!$C$7:$BF$16,45,FALSE))","v":""},{"$f":"IF($B96=\"\",\"\",\nVLOOKUP($C96,'2. Unit Testing Results'!$C$7:$BF$16,47,FALSE))","v":""},{"$f":"IF($B96=\"\",\"\",\nVLOOKUP($C96,'2. Unit Testing Results'!$C$7:$BF$16,49,FALSE))","v":""},{"$f":"IF($B96=\"\",\"\",\nVLOOKUP($C96,'2. Unit Testing Results'!$C$7:$BF$16,51,FALSE))","v":""},{"$f":"IF($B96=\"\",\"\",\nVLOOKUP($C96,'2. Unit Testing Results'!$C$7:$BF$16,52,FALSE))","v":""},{"$f":"IF($B96=\"\",\"\",\nVLOOKUP($C96,'2. Unit Testing Results'!$C$7:$BF$16,53,FALSE))","v":""},{"$f":"IF($B96=\"\",\"\",\nVLOOKUP($C96,'2. Unit Testing Results'!$C$7:$BF$16,54,FALSE))","v":""},{"$f":"IF($B96=\"\",\"\",\nVLOOKUP($C96,'2. Unit Testing Results'!$C$7:$BF$16,55,FALSE))","v":""},{"$f":"IF($B96=\"\",\"\",\nVLOOKUP($C96,'2. Unit Testing Results'!$C$7:$BF$16,56,FALSE))","v":""}]
[null,{"$f":"IF('2. Unit Testing Results'!$C113=\"\",\"\",'2. Unit Testing Results'!$C113)","v":103},{"$f":"IF('2. Unit Testing Results'!$D118=\"\",\"\",'2. Unit Testing Results'!$D118)","v":"B2"},{"$f":"IF('2. Unit Testing Results'!$E118=\"\",\"\",'2. Unit Testing Results'!$E118)","v":800},{"$f":"IF('2. Unit Testing Results'!$F118=\"\",\"\",'2. Unit Testing Results'!$F118)","v":3040},null,{"$f":"IF($B97=\"\",\"\",\nIF((('2. Unit Testing Results'!$Y113)*60)/((VLOOKUP($C97,'2. Unit Testing Results'!$C$7:$S$16,4,FALSE))*(VLOOKUP($C97,'2. Unit Testing Results'!$C$7:$S$16,6,FALSE)))=0,\n((('2. Unit Testing Results'!$I113)*60)/((VLOOKUP($C97,'2. Unit Testing Results'!$C$7:$S$16,4,FALSE))*(VLOOKUP($C97,'2. Unit Testing Results'!$C$7:$S$16,6,FALSE)))),\n((('2. Unit Testing Results'!$Y113)*60)/((VLOOKUP($C97,'2. Unit Testing Results'!$C$7:$S$16,4,FALSE))*(VLOOKUP($C97,'2. Unit Testing Results'!$C$7:$S$16,6,FALSE))))))","v":18},{"$f":"IF($B97=\"\",\"\",\nVLOOKUP($C97,'2. Unit Testing Results'!$C$7:$BF$16,20,FALSE))","v":19},{"$f":"IF($B97=\"\",\"\",\nVLOOKUP($C97,'2. Unit Testing Results'!$C$7:$BF$16,22,FALSE))","v":19},{"$f":"IF($B97=\"\",\"\",\nVLOOKUP($C97,'2. Unit Testing Results'!$C$7:$BF$16,24,FALSE))","v":0},{"$f":"IF($B97=\"\",\"\",\nVLOOKUP($C97,'2. Unit Testing Results'!$C$7:$BF$16,26,FALSE))","v":10},{"$f":"IF($B97=\"\",\"\",\nVLOOKUP($C97,'2. Unit Testing Results'!$C$7:$BF$16,27,FALSE))","v":0.3},{"$f":"IF($B97=\"\",\"\",\nVLOOKUP($C97,'2. Unit Testing Results'!$C$7:$BF$16,29,FALSE))","v":0.32},{"$f":"IF($B97=\"\",\"\",\nIF('2. Unit Testing Results'!$R113=0,'2. Unit Testing Results'!$G113,'2. Unit Testing Results'!$R113\n))","v":29},{"$f":"IF($B97=\"\",\"\",\nIF(AND('2. Unit Testing Results'!$W113=0,'2. Unit Testing Results'!$W113<>\"\"),'2. Unit Testing Results'!$H113,\nIF('2. Unit Testing Results'!$W113<>\"\",'2. Unit Testing Results'!$W113,\"\")))","v":""},{"$f":"IF($B97=\"\",\"\",\nVLOOKUP($C97,'2. Unit Testing Results'!$C$7:$BF$16,31,FALSE))","v":"Furnace"},{"$f":"IF($B97=\"\",\"\",\nVLOOKUP($C97,'2. Unit Testing Results'!$C$7:$BF$16,33,FALSE))","v":"NG"},{"$f":"IF($B97=\"\",\"\",\nVLOOKUP($C97,'2. Unit Testing Results'!$C$7:$BF$16,35,FALSE))","v":92.5},{"$f":"IF($B97=\"\",\"\",\nVLOOKUP($C97,'2. Unit Testing Results'!$C$7:$BF$16,37,FALSE))","v":"AFUE"},{"$f":"IF($B97=\"\",\"\",\nVLOOKUP($C97,'2. Unit Testing Results'!$C$7:$BF$16,38,FALSE))","v":"AC"},{"$f":"IF($B97=\"\",\"\",\nVLOOKUP($C97,'2. Unit Testing Results'!$C$7:$BF$16,39,FALSE))","v":"Electricity"},{"$f":"IF($B97=\"\",\"\",\nVLOOKUP($C97,'2. Unit Testing Results'!$C$7:$BF$16,41,FALSE))","v":10},{"$f":"IF($B97=\"\",\"\",\nVLOOKUP($C97,'2. Unit Testing Results'!$C$7:$BF$16,43,FALSE))","v":"SEER"},{"$f":"IF($B97=\"\",\"\",\nVLOOKUP($C97,'2. Unit Testing Results'!$C$7:$BF$16,45,FALSE))","v":"Storage"},{"$f":"IF($B97=\"\",\"\",\nVLOOKUP($C97,'2. Unit Testing Results'!$C$7:$BF$16,47,FALSE))","v":"Gas"},{"$f":"IF($B97=\"\",\"\",\nVLOOKUP($C97,'2. Unit Testing Results'!$C$7:$BF$16,49,FALSE))","v":0.98},{"$f":"IF($B97=\"\",\"\",\nVLOOKUP($C97,'2. Unit Testing Results'!$C$7:$BF$16,51,FALSE))","v":"Energy Recovery Ventilator (ERV)"},{"$f":"IF($B97=\"\",\"\",\nVLOOKUP($C97,'2. Unit Testing Results'!$C$7:$BF$16,52,FALSE))","v":90},{"$f":"IF($B97=\"\",\"\",\nVLOOKUP($C97,'2. Unit Testing Results'!$C$7:$BF$16,53,FALSE))","v":1},{"$f":"IF($B97=\"\",\"\",\nVLOOKUP($C97,'2. Unit Testing Results'!$C$7:$BF$16,54,FALSE))","v":0},{"$f":"IF($B97=\"\",\"\",\nVLOOKUP($C97,'2. Unit Testing Results'!$C$7:$BF$16,55,FALSE))","v":1},{"$f":"IF($B97=\"\",\"\",\nVLOOKUP($C97,'2. Unit Testing Results'!$C$7:$BF$16,56,FALSE))","v":1}]
[null,{"$f":"IF('2. Unit Testing Results'!$C114=\"\",\"\",'2. Unit Testing Results'!$C114)","v":104},{"$f":"IF('2. Unit Testing Results'!$D119=\"\",\"\",'2. Unit Testing Results'!$D119)","v":""},{"$f":"IF('2. Unit Testing Results'!$E119=\"\",\"\",'2. Unit Testing Results'!$E119)","v":""},{"$f":"IF('2. Unit Testing Results'!$F119=\"\",\"\",'2. Unit Testing Results'!$F119)","v":""},null,{"$f":"IF($B98=\"\",\"\",\nIF((('2. Unit Testing Results'!$Y114)*60)/((VLOOKUP($C98,'2. Unit Testing Results'!$C$7:$S$16,4,FALSE))*(VLOOKUP($C98,'2. Unit Testing Results'!$C$7:$S$16,6,FALSE)))=0,\n((('2. Unit Testing Results'!$I114)*60)/((VLOOKUP($C98,'2. Unit Testing Results'!$C$7:$S$16,4,FALSE))*(VLOOKUP($C98,'2. Unit Testing Results'!$C$7:$S$16,6,FALSE)))),\n((('2. Unit Testing Results'!$Y114)*60)/((VLOOKUP($C98,'2. Unit Testing Results'!$C$7:$S$16,4,FALSE))*(VLOOKUP($C98,'2. Unit Testing Results'!$C$7:$S$16,6,FALSE))))))","v":{"$error":"#N/A"}},{"$f":"IF($B98=\"\",\"\",\nVLOOKUP($C98,'2. Unit Testing Results'!$C$7:$BF$16,20,FALSE))","v":{"$error":"#N/A"}},{"$f":"IF($B98=\"\",\"\",\nVLOOKUP($C98,'2. Unit Testing Results'!$C$7:$BF$16,22,FALSE))","v":{"$error":"#N/A"}},{"$f":"IF($B98=\"\",\"\",\nVLOOKUP($C98,'2. Unit Testing Results'!$C$7:$BF$16,24,FALSE))","v":{"$error":"#N/A"}},{"$f":"IF($B98=\"\",\"\",\nVLOOKUP($C98,'2. Unit Testing Results'!$C$7:$BF$16,26,FALSE))","v":{"$error":"#N/A"}},{"$f":"IF($B98=\"\",\"\",\nVLOOKUP($C98,'2. Unit Testing Results'!$C$7:$BF$16,27,FALSE))","v":{"$error":"#N/A"}},{"$f":"IF($B98=\"\",\"\",\nVLOOKUP($C98,'2. Unit Testing Results'!$C$7:$BF$16,29,FALSE))","v":{"$error":"#N/A"}},{"$f":"IF($B98=\"\",\"\",\nIF('2. Unit Testing Results'!$R114=0,'2. Unit Testing Results'!$G114,'2. Unit Testing Results'!$R114\n))","v":4},{"$f":"IF($B98=\"\",\"\",\nIF(AND('2. Unit Testing Results'!$W114=0,'2. Unit Testing Results'!$W114<>\"\"),'2. Unit Testing Results'!$H114,\nIF('2. Unit Testing Results'!$W114<>\"\",'2. Unit Testing Results'!$W114,\"\")))","v":""},{"$f":"IF($B98=\"\",\"\",\nVLOOKUP($C98,'2. Unit Testing Results'!$C$7:$BF$16,31,FALSE))","v":{"$error":"#N/A"}},{"$f":"IF($B98=\"\",\"\",\nVLOOKUP($C98,'2. Unit Testing Results'!$C$7:$BF$16,33,FALSE))","v":{"$error":"#N/A"}},{"$f":"IF($B98=\"\",\"\",\nVLOOKUP($C98,'2. Unit Testing Results'!$C$7:$BF$16,35,FALSE))","v":{"$error":"#N/A"}},{"$f":"IF($B98=\"\",\"\",\nVLOOKUP($C98,'2. Unit Testing Results'!$C$7:$BF$16,37,FALSE))","v":{"$error":"#N/A"}},{"$f":"IF($B98=\"\",\"\",\nVLOOKUP($C98,'2. Unit Testing Results'!$C$7:$BF$16,38,FALSE))","v":{"$error":"#N/A"}},{"$f":"IF($B98=\"\",\"\",\nVLOOKUP($C98,'2. Unit Testing Results'!$C$7:$BF$16,39,FALSE))","v":{"$error":"#N/A"}},{"$f":"IF($B98=\"\",\"\",\nVLOOKUP($C98,'2. Unit Testing Results'!$C$7:$BF$16,41,FALSE))","v":{"$error":"#N/A"}},{"$f":"IF($B98=\"\",\"\",\nVLOOKUP($C98,'2. Unit Testing Results'!$C$7:$BF$16,43,FALSE))","v":{"$error":"#N/A"}},{"$f":"IF($B98=\"\",\"\",\nVLOOKUP($C98,'2. Unit Testing Results'!$C$7:$BF$16,45,FALSE))","v":{"$error":"#N/A"}},{"$f":"IF($B98=\"\",\"\",\nVLOOKUP($C98,'2. Unit Testing Results'!$C$7:$BF$16,47,FALSE))","v":{"$error":"#N/A"}},{"$f":"IF($B98=\"\",\"\",\nVLOOKUP($C98,'2. Unit Testing Results'!$C$7:$BF$16,49,FALSE))","v":{"$error":"#N/A"}},{"$f":"IF($B98=\"\",\"\",\nVLOOKUP($C98,'2. Unit Testing Results'!$C$7:$BF$16,51,FALSE))","v":{"$error":"#N/A"}},{"$f":"IF($B98=\"\",\"\",\nVLOOKUP($C98,'2. Unit Testing Results'!$C$7:$BF$16,52,FALSE))","v":{"$error":"#N/A"}},{"$f":"IF($B98=\"\",\"\",\nVLOOKUP($C98,'2. Unit Testing Results'!$C$7:$BF$16,53,FALSE))","v":{"$error":"#N/A"}},{"$f":"IF($B98=\"\",\"\",\nVLOOKUP($C98,'2. Unit Testing Results'!$C$7:$BF$16,54,FALSE))","v":{"$error":"#N/A"}},{"$f":"IF($B98=\"\",\"\",\nVLOOKUP($C98,'2. Unit Testing Results'!$C$7:$BF$16,55,FALSE))","v":{"$error":"#N/A"}},{"$f":"IF($B98=\"\",\"\",\nVLOOKUP($C98,'2. Unit Testing Results'!$C$7:$BF$16,56,FALSE))","v":{"$error":"#N/A"}}]
[null,{"$f":"IF('2. Unit Testing Results'!$C115=\"\",\"\",'2. Unit Testing Results'!$C115)","v":105},{"$f":"IF('2. Unit Testing Results'!$D120=\"\",\"\",'2. Unit Testing Results'!$D120)","v":""},{"$f":"IF('2. Unit Testing Results'!$E120=\"\",\"\",'2. Unit Testing Results'!$E120)","v":""},{"$f":"IF('2. Unit Testing Results'!$F120=\"\",\"\",'2. Unit Testing Results'!$F120)","v":""},null,{"$f":"IF($B99=\"\",\"\",\nIF((('2. Unit Testing Results'!$Y115)*60)/((VLOOKUP($C99,'2. Unit Testing Results'!$C$7:$S$16,4,FALSE))*(VLOOKUP($C99,'2. Unit Testing Results'!$C$7:$S$16,6,FALSE)))=0,\n((('2. Unit Testing Results'!$I115)*60)/((VLOOKUP($C99,'2. Unit Testing Results'!$C$7:$S$16,4,FALSE))*(VLOOKUP($C99,'2. Unit Testing Results'!$C$7:$S$16,6,FALSE)))),\n((('2. Unit Testing Results'!$Y115)*60)/((VLOOKUP($C99,'2. Unit Testing Results'!$C$7:$S$16,4,FALSE))*(VLOOKUP($C99,'2. Unit Testing Results'!$C$7:$S$16,6,FALSE))))))","v":{"$error":"#N/A"}},{"$f":"IF($B99=\"\",\"\",\nVLOOKUP($C99,'2. Unit Testing Results'!$C$7:$BF$16,20,FALSE))","v":{"$error":"#N/A"}},{"$f":"IF($B99=\"\",\"\",\nVLOOKUP($C99,'2. Unit Testing Results'!$C$7:$BF$16,22,FALSE))","v":{"$error":"#N/A"}},{"$f":"IF($B99=\"\",\"\",\nVLOOKUP($C99,'2. Unit Testing Results'!$C$7:$BF$16,24,FALSE))","v":{"$error":"#N/A"}},{"$f":"IF($B99=\"\",\"\",\nVLOOKUP($C99,'2. Unit Testing Results'!$C$7:$BF$16,26,FALSE))","v":{"$error":"#N/A"}},{"$f":"IF($B99=\"\",\"\",\nVLOOKUP($C99,'2. Unit Testing Results'!$C$7:$BF$16,27,FALSE))","v":{"$error":"#N/A"}},{"$f":"IF($B99=\"\",\"\",\nVLOOKUP($C99,'2. Unit Testing Results'!$C$7:$BF$16,29,FALSE))","v":{"$error":"#N/A"}},{"$f":"IF($B99=\"\",\"\",\nIF('2. Unit Testing Results'!$R115=0,'2. Unit Testing Results'!$G115,'2. Unit Testing Results'!$R115\n))","v":35},{"$f":"IF($B99=\"\",\"\",\nIF(AND('2. Unit Testing Results'!$W115=0,'2. Unit Testing Results'!$W115<>\"\"),'2. Unit Testing Results'!$H115,\nIF('2. Unit Testing Results'!$W115<>\"\",'2. Unit Testing Results'!$W115,\"\")))","v":""},{"$f":"IF($B99=\"\",\"\",\nVLOOKUP($C99,'2. Unit Testing Results'!$C$7:$BF$16,31,FALSE))","v":{"$error":"#N/A"}},{"$f":"IF($B99=\"\",\"\",\nVLOOKUP($C99,'2. Unit Testing Results'!$C$7:$BF$16,33,FALSE))","v":{"$error":"#N/A"}},{"$f":"IF($B99=\"\",\"\",\nVLOOKUP($C99,'2. Unit Testing Results'!$C$7:$BF$16,35,FALSE))","v":{"$error":"#N/A"}},{"$f":"IF($B99=\"\",\"\",\nVLOOKUP($C99,'2. Unit Testing Results'!$C$7:$BF$16,37,FALSE))","v":{"$error":"#N/A"}},{"$f":"IF($B99=\"\",\"\",\nVLOOKUP($C99,'2. Unit Testing Results'!$C$7:$BF$16,38,FALSE))","v":{"$error":"#N/A"}},{"$f":"IF($B99=\"\",\"\",\nVLOOKUP($C99,'2. Unit Testing Results'!$C$7:$BF$16,39,FALSE))","v":{"$error":"#N/A"}},{"$f":"IF($B99=\"\",\"\",\nVLOOKUP($C99,'2. Unit Testing Results'!$C$7:$BF$16,41,FALSE))","v":{"$error":"#N/A"}},{"$f":"IF($B99=\"\",\"\",\nVLOOKUP($C99,'2. Unit Testing Results'!$C$7:$BF$16,43,FALSE))","v":{"$error":"#N/A"}},{"$f":"IF($B99=\"\",\"\",\nVLOOKUP($C99,'2. Unit Testing Results'!$C$7:$BF$16,45,FALSE))","v":{"$error":"#N/A"}},{"$f":"IF($B99=\"\",\"\",\nVLOOKUP($C99,'2. Unit Testing Results'!$C$7:$BF$16,47,FALSE))","v":{"$error":"#N/A"}},{"$f":"IF($B99=\"\",\"\",\nVLOOKUP($C99,'2. Unit Testing Results'!$C$7:$BF$16,49,FALSE))","v":{"$error":"#N/A"}},{"$f":"IF($B99=\"\",\"\",\nVLOOKUP($C99,'2. Unit Testing Results'!$C$7:$BF$16,51,FALSE))","v":{"$error":"#N/A"}},{"$f":"IF($B99=\"\",\"\",\nVLOOKUP($C99,'2. Unit Testing Results'!$C$7:$BF$16,52,FALSE))","v":{"$error":"#N/A"}},{"$f":"IF($B99=\"\",\"\",\nVLOOKUP($C99,'2. Unit Testing Results'!$C$7:$BF$16,53,FALSE))","v":{"$error":"#N/A"}},{"$f":"IF($B99=\"\",\"\",\nVLOOKUP($C99,'2. Unit Testing Results'!$C$7:$BF$16,54,FALSE))","v":{"$error":"#N/A"}},{"$f":"IF($B99=\"\",\"\",\nVLOOKUP($C99,'2. Unit Testing Results'!$C$7:$BF$16,55,FALSE))","v":{"$error":"#N/A"}},{"$f":"IF($B99=\"\",\"\",\nVLOOKUP($C99,'2. Unit Testing Results'!$C$7:$BF$16,56,FALSE))","v":{"$error":"#N/A"}}]
[null,{"$f":"IF('2. Unit Testing Results'!$C116=\"\",\"\",'2. Unit Testing Results'!$C116)","v":106},{"$f":"IF('2. Unit Testing Results'!$D121=\"\",\"\",'2. Unit Testing Results'!$D121)","v":""},{"$f":"IF('2. Unit Testing Results'!$E121=\"\",\"\",'2. Unit Testing Results'!$E121)","v":""},{"$f":"IF('2. Unit Testing Results'!$F121=\"\",\"\",'2. Unit Testing Results'!$F121)","v":""},null,{"$f":"IF($B100=\"\",\"\",\nIF((('2. Unit Testing Results'!$Y116)*60)/((VLOOKUP($C100,'2. Unit Testing Results'!$C$7:$S$16,4,FALSE))*(VLOOKUP($C100,'2. Unit Testing Results'!$C$7:$S$16,6,FALSE)))=0,\n((('2. Unit Testing Results'!$I116)*60)/((VLOOKUP($C100,'2. Unit Testing Results'!$C$7:$S$16,4,FALSE))*(VLOOKUP($C100,'2. Unit Testing Results'!$C$7:$S$16,6,FALSE)))),\n((('2. Unit Testing Results'!$Y116)*60)/((VLOOKUP($C100,'2. Unit Testing Results'!$C$7:$S$16,4,FALSE))*(VLOOKUP($C100,'2. Unit Testing Results'!$C$7:$S$16,6,FALSE))))))","v":{"$error":"#N/A"}},{"$f":"IF($B100=\"\",\"\",\nVLOOKUP($C100,'2. Unit Testing Results'!$C$7:$BF$16,20,FALSE))","v":{"$error":"#N/A"}},{"$f":"IF($B100=\"\",\"\",\nVLOOKUP($C100,'2. Unit Testing Results'!$C$7:$BF$16,22,FALSE))","v":{"$error":"#N/A"}},{"$f":"IF($B100=\"\",\"\",\nVLOOKUP($C100,'2. Unit Testing Results'!$C$7:$BF$16,24,FALSE))","v":{"$error":"#N/A"}},{"$f":"IF($B100=\"\",\"\",\nVLOOKUP($C100,'2. Unit Testing Results'!$C$7:$BF$16,26,FALSE))","v":{"$error":"#N/A"}},{"$f":"IF($B100=\"\",\"\",\nVLOOKUP($C100,'2. Unit Testing Results'!$C$7:$BF$16,27,FALSE))","v":{"$error":"#N/A"}},{"$f":"IF($B100=\"\",\"\",\nVLOOKUP($C100,'2. Unit Testing Results'!$C$7:$BF$16,29,FALSE))","v":{"$error":"#N/A"}},{"$f":"IF($B100=\"\",\"\",\nIF('2. Unit Testing Results'!$R116=0,'2. Unit Testing Results'!$G116,'2. Unit Testing Results'!$R116\n))","v":45},{"$f":"IF($B100=\"\",\"\",\nIF(AND('2. Unit Testing Results'!$W116=0,'2. Unit Testing Results'!$W116<>\"\"),'2. Unit Testing Results'!$H116,\nIF('2. Unit Testing Results'!$W116<>\"\",'2. Unit Testing Results'!$W116,\"\")))","v":""},{"$f":"IF($B100=\"\",\"\",\nVLOOKUP($C100,'2. Unit Testing Results'!$C$7:$BF$16,31,FALSE))","v":{"$error":"#N/A"}},{"$f":"IF($B100=\"\",\"\",\nVLOOKUP($C100,'2. Unit Testing Results'!$C$7:$BF$16,33,FALSE))","v":{"$error":"#N/A"}},{"$f":"IF($B100=\"\",\"\",\nVLOOKUP($C100,'2. Unit Testing Results'!$C$7:$BF$16,35,FALSE))","v":{"$error":"#N/A"}},{"$f":"IF($B100=\"\",\"\",\nVLOOKUP($C100,'2. Unit Testing Results'!$C$7:$BF$16,37,FALSE))","v":{"$error":"#N/A"}},{"$f":"IF($B100=\"\",\"\",\nVLOOKUP($C100,'2. Unit Testing Results'!$C$7:$BF$16,38,FALSE))","v":{"$error":"#N/A"}},{"$f":"IF($B100=\"\",\"\",\nVLOOKUP($C100,'2. Unit Testing Results'!$C$7:$BF$16,39,FALSE))","v":{"$error":"#N/A"}},{"$f":"IF($B100=\"\",\"\",\nVLOOKUP($C100,'2. Unit Testing Results'!$C$7:$BF$16,41,FALSE))","v":{"$error":"#N/A"}},{"$f":"IF($B100=\"\",\"\",\nVLOOKUP($C100,'2. Unit Testing Results'!$C$7:$BF$16,43,FALSE))","v":{"$error":"#N/A"}},{"$f":"IF($B100=\"\",\"\",\nVLOOKUP($C100,'2. Unit Testing Results'!$C$7:$BF$16,45,FALSE))","v":{"$error":"#N/A"}},{"$f":"IF($B100=\"\",\"\",\nVLOOKUP($C100,'2. Unit Testing Results'!$C$7:$BF$16,47,FALSE))","v":{"$error":"#N/A"}},{"$f":"IF($B100=\"\",\"\",\nVLOOKUP($C100,'2. Unit Testing Results'!$C$7:$BF$16,49,FALSE))","v":{"$error":"#N/A"}},{"$f":"IF($B100=\"\",\"\",\nVLOOKUP($C100,'2. Unit Testing Results'!$C$7:$BF$16,51,FALSE))","v":{"$error":"#N/A"}},{"$f":"IF($B100=\"\",\"\",\nVLOOKUP($C100,'2. Unit Testing Results'!$C$7:$BF$16,52,FALSE))","v":{"$error":"#N/A"}},{"$f":"IF($B100=\"\",\"\",\nVLOOKUP($C100,'2. Unit Testing Results'!$C$7:$BF$16,53,FALSE))","v":{"$error":"#N/A"}},{"$f":"IF($B100=\"\",\"\",\nVLOOKUP($C100,'2. Unit Testing Results'!$C$7:$BF$16,54,FALSE))","v":{"$error":"#N/A"}},{"$f":"IF($B100=\"\",\"\",\nVLOOKUP($C100,'2. Unit Testing Results'!$C$7:$BF$16,55,FALSE))","v":{"$error":"#N/A"}},{"$f":"IF($B100=\"\",\"\",\nVLOOKUP($C100,'2. Unit Testing Results'!$C$7:$BF$16,56,FALSE))","v":{"$error":"#N/A"}}]
[null,{"$f":"IF('2. Unit Testing Results'!$C117=\"\",\"\",'2. Unit Testing Results'!$C117)","v":107},{"$f":"IF('2. Unit Testing Results'!$D122=\"\",\"\",'2. Unit Testing Results'!$D122)","v":""},{"$f":"IF('2. Unit Testing Results'!$E122=\"\",\"\",'2. Unit Testing Results'!$E122)","v":""},{"$f":"IF('2. Unit Testing Results'!$F122=\"\",\"\",'2. Unit Testing Results'!$F122)","v":""},null,{"$f":"IF($B101=\"\",\"\",\nIF((('2. Unit Testing Results'!$Y117)*60)/((VLOOKUP($C101,'2. Unit Testing Results'!$C$7:$S$16,4,FALSE))*(VLOOKUP($C101,'2. Unit Testing Results'!$C$7:$S$16,6,FALSE)))=0,\n((('2. Unit Testing Results'!$I117)*60)/((VLOOKUP($C101,'2. Unit Testing Results'!$C$7:$S$16,4,FALSE))*(VLOOKUP($C101,'2. Unit Testing Results'!$C$7:$S$16,6,FALSE)))),\n((('2. Unit Testing Results'!$Y117)*60)/((VLOOKUP($C101,'2. Unit Testing Results'!$C$7:$S$16,4,FALSE))*(VLOOKUP($C101,'2. Unit Testing Results'!$C$7:$S$16,6,FALSE))))))","v":{"$error":"#N/A"}},{"$f":"IF($B101=\"\",\"\",\nVLOOKUP($C101,'2. Unit Testing Results'!$C$7:$BF$16,20,FALSE))","v":{"$error":"#N/A"}},{"$f":"IF($B101=\"\",\"\",\nVLOOKUP($C101,'2. Unit Testing Results'!$C$7:$BF$16,22,FALSE))","v":{"$error":"#N/A"}},{"$f":"IF($B101=\"\",\"\",\nVLOOKUP($C101,'2. Unit Testing Results'!$C$7:$BF$16,24,FALSE))","v":{"$error":"#N/A"}},{"$f":"IF($B101=\"\",\"\",\nVLOOKUP($C101,'2. Unit Testing Results'!$C$7:$BF$16,26,FALSE))","v":{"$error":"#N/A"}},{"$f":"IF($B101=\"\",\"\",\nVLOOKUP($C101,'2. Unit Testing Results'!$C$7:$BF$16,27,FALSE))","v":{"$error":"#N/A"}},{"$f":"IF($B101=\"\",\"\",\nVLOOKUP($C101,'2. Unit Testing Results'!$C$7:$BF$16,29,FALSE))","v":{"$error":"#N/A"}},{"$f":"IF($B101=\"\",\"\",\nIF('2. Unit Testing Results'!$R117=0,'2. Unit Testing Results'!$G117,'2. Unit Testing Results'!$R117\n))","v":19},{"$f":"IF($B101=\"\",\"\",\nIF(AND('2. Unit Testing Results'!$W117=0,'2. Unit Testing Results'!$W117<>\"\"),'2. Unit Testing Results'!$H117,\nIF('2. Unit Testing Results'!$W117<>\"\",'2. Unit Testing Results'!$W117,\"\")))","v":""},{"$f":"IF($B101=\"\",\"\",\nVLOOKUP($C101,'2. Unit Testing Results'!$C$7:$BF$16,31,FALSE))","v":{"$error":"#N/A"}},{"$f":"IF($B101=\"\",\"\",\nVLOOKUP($C101,'2. Unit Testing Results'!$C$7:$BF$16,33,FALSE))","v":{"$error":"#N/A"}},{"$f":"IF($B101=\"\",\"\",\nVLOOKUP($C101,'2. Unit Testing Results'!$C$7:$BF$16,35,FALSE))","v":{"$error":"#N/A"}},{"$f":"IF($B101=\"\",\"\",\nVLOOKUP($C101,'2. Unit Testing Results'!$C$7:$BF$16,37,FALSE))","v":{"$error":"#N/A"}},{"$f":"IF($B101=\"\",\"\",\nVLOOKUP($C101,'2. Unit Testing Results'!$C$7:$BF$16,38,FALSE))","v":{"$error":"#N/A"}},{"$f":"IF($B101=\"\",\"\",\nVLOOKUP($C101,'2. Unit Testing Results'!$C$7:$BF$16,39,FALSE))","v":{"$error":"#N/A"}},{"$f":"IF($B101=\"\",\"\",\nVLOOKUP($C101,'2. Unit Testing Results'!$C$7:$BF$16,41,FALSE))","v":{"$error":"#N/A"}},{"$f":"IF($B101=\"\",\"\",\nVLOOKUP($C101,'2. Unit Testing Results'!$C$7:$BF$16,43,FALSE))","v":{"$error":"#N/A"}},{"$f":"IF($B101=\"\",\"\",\nVLOOKUP($C101,'2. Unit Testing Results'!$C$7:$BF$16,45,FALSE))","v":{"$error":"#N/A"}},{"$f":"IF($B101=\"\",\"\",\nVLOOKUP($C101,'2. Unit Testing Results'!$C$7:$BF$16,47,FALSE))","v":{"$error":"#N/A"}},{"$f":"IF($B101=\"\",\"\",\nVLOOKUP($C101,'2. Unit Testing Results'!$C$7:$BF$16,49,FALSE))","v":{"$error":"#N/A"}},{"$f":"IF($B101=\"\",\"\",\nVLOOKUP($C101,'2. Unit Testing Results'!$C$7:$BF$16,51,FALSE))","v":{"$error":"#N/A"}},{"$f":"IF($B101=\"\",\"\",\nVLOOKUP($C101,'2. Unit Testing Results'!$C$7:$BF$16,52,FALSE))","v":{"$error":"#N/A"}},{"$f":"IF($B101=\"\",\"\",\nVLOOKUP($C101,'2. Unit Testing Results'!$C$7:$BF$16,53,FALSE))","v":{"$error":"#N/A"}},{"$f":"IF($B101=\"\",\"\",\nVLOOKUP($C101,'2. Unit Testing Results'!$C$7:$BF$16,54,FALSE))","v":{"$error":"#N/A"}},{"$f":"IF($B101=\"\",\"\",\nVLOOKUP($C101,'2. Unit Testing Results'!$C$7:$BF$16,55,FALSE))","v":{"$error":"#N/A"}},{"$f":"IF($B101=\"\",\"\",\nVLOOKUP($C101,'2. Unit Testing Results'!$C$7:$BF$16,56,FALSE))","v":{"$error":"#N/A"}}]
[null,{"$f":"IF('2. Unit Testing Results'!$C118=\"\",\"\",'2. Unit Testing Results'!$C118)","v":108},{"$f":"IF('2. Unit Testing Results'!$D123=\"\",\"\",'2. Unit Testing Results'!$D123)","v":""},{"$f":"IF('2. Unit Testing Results'!$E123=\"\",\"\",'2. Unit Testing Results'!$E123)","v":""},{"$f":"IF('2. Unit Testing Results'!$F123=\"\",\"\",'2. Unit Testing Results'!$F123)","v":""},null,{"$f":"IF($B102=\"\",\"\",\nIF((('2. Unit Testing Results'!$Y118)*60)/((VLOOKUP($C102,'2. Unit Testing Results'!$C$7:$S$16,4,FALSE))*(VLOOKUP($C102,'2. Unit Testing Results'!$C$7:$S$16,6,FALSE)))=0,\n((('2. Unit Testing Results'!$I118)*60)/((VLOOKUP($C102,'2. Unit Testing Results'!$C$7:$S$16,4,FALSE))*(VLOOKUP($C102,'2. Unit Testing Results'!$C$7:$S$16,6,FALSE)))),\n((('2. Unit Testing Results'!$Y118)*60)/((VLOOKUP($C102,'2. Unit Testing Results'!$C$7:$S$16,4,FALSE))*(VLOOKUP($C102,'2. Unit Testing Results'!$C$7:$S$16,6,FALSE))))))","v":{"$error":"#N/A"}},{"$f":"IF($B102=\"\",\"\",\nVLOOKUP($C102,'2. Unit Testing Results'!$C$7:$BF$16,20,FALSE))","v":{"$error":"#N/A"}},{"$f":"IF($B102=\"\",\"\",\nVLOOKUP($C102,'2. Unit Testing Results'!$C$7:$BF$16,22,FALSE))","v":{"$error":"#N/A"}},{"$f":"IF($B102=\"\",\"\",\nVLOOKUP($C102,'2. Unit Testing Results'!$C$7:$BF$16,24,FALSE))","v":{"$error":"#N/A"}},{"$f":"IF($B102=\"\",\"\",\nVLOOKUP($C102,'2. Unit Testing Results'!$C$7:$BF$16,26,FALSE))","v":{"$error":"#N/A"}},{"$f":"IF($B102=\"\",\"\",\nVLOOKUP($C102,'2. Unit Testing Results'!$C$7:$BF$16,27,FALSE))","v":{"$error":"#N/A"}},{"$f":"IF($B102=\"\",\"\",\nVLOOKUP($C102,'2. Unit Testing Results'!$C$7:$BF$16,29,FALSE))","v":{"$error":"#N/A"}},{"$f":"IF($B102=\"\",\"\",\nIF('2. Unit Testing Results'!$R118=0,'2. Unit Testing Results'!$G118,'2. Unit Testing Results'!$R118\n))","v":51},{"$f":"IF($B102=\"\",\"\",\nIF(AND('2. Unit Testing Results'!$W118=0,'2. Unit Testing Results'!$W118<>\"\"),'2. Unit Testing Results'!$H118,\nIF('2. Unit Testing Results'!$W118<>\"\",'2. Unit Testing Results'!$W118,\"\")))","v":""},{"$f":"IF($B102=\"\",\"\",\nVLOOKUP($C102,'2. Unit Testing Results'!$C$7:$BF$16,31,FALSE))","v":{"$error":"#N/A"}},{"$f":"IF($B102=\"\",\"\",\nVLOOKUP($C102,'2. Unit Testing Results'!$C$7:$BF$16,33,FALSE))","v":{"$error":"#N/A"}},{"$f":"IF($B102=\"\",\"\",\nVLOOKUP($C102,'2. Unit Testing Results'!$C$7:$BF$16,35,FALSE))","v":{"$error":"#N/A"}},{"$f":"IF($B102=\"\",\"\",\nVLOOKUP($C102,'2. Unit Testing Results'!$C$7:$BF$16,37,FALSE))","v":{"$error":"#N/A"}},{"$f":"IF($B102=\"\",\"\",\nVLOOKUP($C102,'2. Unit Testing Results'!$C$7:$BF$16,38,FALSE))","v":{"$error":"#N/A"}},{"$f":"IF($B102=\"\",\"\",\nVLOOKUP($C102,'2. Unit Testing Results'!$C$7:$BF$16,39,FALSE))","v":{"$error":"#N/A"}},{"$f":"IF($B102=\"\",\"\",\nVLOOKUP($C102,'2. Unit Testing Results'!$C$7:$BF$16,41,FALSE))","v":{"$error":"#N/A"}},{"$f":"IF($B102=\"\",\"\",\nVLOOKUP($C102,'2. Unit Testing Results'!$C$7:$BF$16,43,FALSE))","v":{"$error":"#N/A"}},{"$f":"IF($B102=\"\",\"\",\nVLOOKUP($C102,'2. Unit Testing Results'!$C$7:$BF$16,45,FALSE))","v":{"$error":"#N/A"}},{"$f":"IF($B102=\"\",\"\",\nVLOOKUP($C102,'2. Unit Testing Results'!$C$7:$BF$16,47,FALSE))","v":{"$error":"#N/A"}},{"$f":"IF($B102=\"\",\"\",\nVLOOKUP($C102,'2. Unit Testing Results'!$C$7:$BF$16,49,FALSE))","v":{"$error":"#N/A"}},{"$f":"IF($B102=\"\",\"\",\nVLOOKUP($C102,'2. Unit Testing Results'!$C$7:$BF$16,51,FALSE))","v":{"$error":"#N/A"}},{"$f":"IF($B102=\"\",\"\",\nVLOOKUP($C102,'2. Unit Testing Results'!$C$7:$BF$16,52,FALSE))","v":{"$error":"#N/A"}},{"$f":"IF($B102=\"\",\"\",\nVLOOKUP($C102,'2. Unit Testing Results'!$C$7:$BF$16,53,FALSE))","v":{"$error":"#N/A"}},{"$f":"IF($B102=\"\",\"\",\nVLOOKUP($C102,'2. Unit Testing Results'!$C$7:$BF$16,54,FALSE))","v":{"$error":"#N/A"}},{"$f":"IF($B102=\"\",\"\",\nVLOOKUP($C102,'2. Unit Testing Results'!$C$7:$BF$16,55,FALSE))","v":{"$error":"#N/A"}},{"$f":"IF($B102=\"\",\"\",\nVLOOKUP($C102,'2. Unit Testing Results'!$C$7:$BF$16,56,FALSE))","v":{"$error":"#N/A"}}]
[null,{"$f":"IF('2. Unit Testing Results'!$C119=\"\",\"\",'2. Unit Testing Results'!$C119)","v":""},{"$f":"IF('2. Unit Testing Results'!$D124=\"\",\"\",'2. Unit Testing Results'!$D124)","v":""},{"$f":"IF('2. Unit Testing Results'!$E124=\"\",\"\",'2. Unit Testing Results'!$E124)","v":""},{"$f":"IF('2. Unit Testing Results'!$F124=\"\",\"\",'2. Unit Testing Results'!$F124)","v":""},null,{"$f":"IF($B103=\"\",\"\",\nIF((('2. Unit Testing Results'!$Y119)*60)/((VLOOKUP($C103,'2. Unit Testing Results'!$C$7:$S$16,4,FALSE))*(VLOOKUP($C103,'2. Unit Testing Results'!$C$7:$S$16,6,FALSE)))=0,\n((('2. Unit Testing Results'!$I119)*60)/((VLOOKUP($C103,'2. Unit Testing Results'!$C$7:$S$16,4,FALSE))*(VLOOKUP($C103,'2. Unit Testing Results'!$C$7:$S$16,6,FALSE)))),\n((('2. Unit Testing Results'!$Y119)*60)/((VLOOKUP($C103,'2. Unit Testing Results'!$C$7:$S$16,4,FALSE))*(VLOOKUP($C103,'2. Unit Testing Results'!$C$7:$S$16,6,FALSE))))))","v":""},{"$f":"IF($B103=\"\",\"\",\nVLOOKUP($C103,'2. Unit Testing Results'!$C$7:$BF$16,20,FALSE))","v":""},{"$f":"IF($B103=\"\",\"\",\nVLOOKUP($C103,'2. Unit Testing Results'!$C$7:$BF$16,22,FALSE))","v":""},{"$f":"IF($B103=\"\",\"\",\nVLOOKUP($C103,'2. Unit Testing Results'!$C$7:$BF$16,24,FALSE))","v":""},{"$f":"IF($B103=\"\",\"\",\nVLOOKUP($C103,'2. Unit Testing Results'!$C$7:$BF$16,26,FALSE))","v":""},{"$f":"IF($B103=\"\",\"\",\nVLOOKUP($C103,'2. Unit Testing Results'!$C$7:$BF$16,27,FALSE))","v":""},{"$f":"IF($B103=\"\",\"\",\nVLOOKUP($C103,'2. Unit Testing Results'!$C$7:$BF$16,29,FALSE))","v":""},{"$f":"IF($B103=\"\",\"\",\nIF('2. Unit Testing Results'!$R119=0,'2. Unit Testing Results'!$G119,'2. Unit Testing Results'!$R119\n))","v":""},{"$f":"IF($B103=\"\",\"\",\nIF(AND('2. Unit Testing Results'!$W119=0,'2. Unit Testing Results'!$W119<>\"\"),'2. Unit Testing Results'!$H119,\nIF('2. Unit Testing Results'!$W119<>\"\",'2. Unit Testing Results'!$W119,\"\")))","v":""},{"$f":"IF($B103=\"\",\"\",\nVLOOKUP($C103,'2. Unit Testing Results'!$C$7:$BF$16,31,FALSE))","v":""},{"$f":"IF($B103=\"\",\"\",\nVLOOKUP($C103,'2. Unit Testing Results'!$C$7:$BF$16,33,FALSE))","v":""},{"$f":"IF($B103=\"\",\"\",\nVLOOKUP($C103,'2. Unit Testing Results'!$C$7:$BF$16,35,FALSE))","v":""},{"$f":"IF($B103=\"\",\"\",\nVLOOKUP($C103,'2. Unit Testing Results'!$C$7:$BF$16,37,FALSE))","v":""},{"$f":"IF($B103=\"\",\"\",\nVLOOKUP($C103,'2. Unit Testing Results'!$C$7:$BF$16,38,FALSE))","v":""},{"$f":"IF($B103=\"\",\"\",\nVLOOKUP($C103,'2. Unit Testing Results'!$C$7:$BF$16,39,FALSE))","v":""},{"$f":"IF($B103=\"\",\"\",\nVLOOKUP($C103,'2. Unit Testing Results'!$C$7:$BF$16,41,FALSE))","v":""},{"$f":"IF($B103=\"\",\"\",\nVLOOKUP($C103,'2. Unit Testing Results'!$C$7:$BF$16,43,FALSE))","v":""},{"$f":"IF($B103=\"\",\"\",\nVLOOKUP($C103,'2. Unit Testing Results'!$C$7:$BF$16,45,FALSE))","v":""},{"$f":"IF($B103=\"\",\"\",\nVLOOKUP($C103,'2. Unit Testing Results'!$C$7:$BF$16,47,FALSE))","v":""},{"$f":"IF($B103=\"\",\"\",\nVLOOKUP($C103,'2. Unit Testing Results'!$C$7:$BF$16,49,FALSE))","v":""},{"$f":"IF($B103=\"\",\"\",\nVLOOKUP($C103,'2. Unit Testing Results'!$C$7:$BF$16,51,FALSE))","v":""},{"$f":"IF($B103=\"\",\"\",\nVLOOKUP($C103,'2. Unit Testing Results'!$C$7:$BF$16,52,FALSE))","v":""},{"$f":"IF($B103=\"\",\"\",\nVLOOKUP($C103,'2. Unit Testing Results'!$C$7:$BF$16,53,FALSE))","v":""},{"$f":"IF($B103=\"\",\"\",\nVLOOKUP($C103,'2. Unit Testing Results'!$C$7:$BF$16,54,FALSE))","v":""},{"$f":"IF($B103=\"\",\"\",\nVLOOKUP($C103,'2. Unit Testing Results'!$C$7:$BF$16,55,FALSE))","v":""},{"$f":"IF($B103=\"\",\"\",\nVLOOKUP($C103,'2. Unit Testing Results'!$C$7:$BF$16,56,FALSE))","v":""}]
[null,{"$f":"IF('2. Unit Testing Results'!$C120=\"\",\"\",'2. Unit Testing Results'!$C120)","v":""},{"$f":"IF('2. Unit Testing Results'!$D125=\"\",\"\",'2. Unit Testing Results'!$D125)","v":""},{"$f":"IF('2. Unit Testing Results'!$E125=\"\",\"\",'2. Unit Testing Results'!$E125)","v":""},{"$f":"IF('2. Unit Testing Results'!$F125=\"\",\"\",'2. Unit Testing Results'!$F125)","v":""},null,{"$f":"IF($B104=\"\",\"\",\nIF((('2. Unit Testing Results'!$Y120)*60)/((VLOOKUP($C104,'2. Unit Testing Results'!$C$7:$S$16,4,FALSE))*(VLOOKUP($C104,'2. Unit Testing Results'!$C$7:$S$16,6,FALSE)))=0,\n((('2. Unit Testing Results'!$I120)*60)/((VLOOKUP($C104,'2. Unit Testing Results'!$C$7:$S$16,4,FALSE))*(VLOOKUP($C104,'2. Unit Testing Results'!$C$7:$S$16,6,FALSE)))),\n((('2. Unit Testing Results'!$Y120)*60)/((VLOOKUP($C104,'2. Unit Testing Results'!$C$7:$S$16,4,FALSE))*(VLOOKUP($C104,'2. Unit Testing Results'!$C$7:$S$16,6,FALSE))))))","v":""},{"$f":"IF($B104=\"\",\"\",\nVLOOKUP($C104,'2. Unit Testing Results'!$C$7:$BF$16,20,FALSE))","v":""},{"$f":"IF($B104=\"\",\"\",\nVLOOKUP($C104,'2. Unit Testing Results'!$C$7:$BF$16,22,FALSE))","v":""},{"$f":"IF($B104=\"\",\"\",\nVLOOKUP($C104,'2. Unit Testing Results'!$C$7:$BF$16,24,FALSE))","v":""},{"$f":"IF($B104=\"\",\"\",\nVLOOKUP($C104,'2. Unit Testing Results'!$C$7:$BF$16,26,FALSE))","v":""},{"$f":"IF($B104=\"\",\"\",\nVLOOKUP($C104,'2. Unit Testing Results'!$C$7:$BF$16,27,FALSE))","v":""},{"$f":"IF($B104=\"\",\"\",\nVLOOKUP($C104,'2. Unit Testing Results'!$C$7:$BF$16,29,FALSE))","v":""},{"$f":"IF($B104=\"\",\"\",\nIF('2. Unit Testing Results'!$R120=0,'2. Unit Testing Results'!$G120,'2. Unit Testing Results'!$R120\n))","v":""},{"$f":"IF($B104=\"\",\"\",\nIF(AND('2. Unit Testing Results'!$W120=0,'2. Unit Testing Results'!$W120<>\"\"),'2. Unit Testing Results'!$H120,\nIF('2. Unit Testing Results'!$W120<>\"\",'2. Unit Testing Results'!$W120,\"\")))","v":""},{"$f":"IF($B104=\"\",\"\",\nVLOOKUP($C104,'2. Unit Testing Results'!$C$7:$BF$16,31,FALSE))","v":""},{"$f":"IF($B104=\"\",\"\",\nVLOOKUP($C104,'2. Unit Testing Results'!$C$7:$BF$16,33,FALSE))","v":""},{"$f":"IF($B104=\"\",\"\",\nVLOOKUP($C104,'2. Unit Testing Results'!$C$7:$BF$16,35,FALSE))","v":""},{"$f":"IF($B104=\"\",\"\",\nVLOOKUP($C104,'2. Unit Testing Results'!$C$7:$BF$16,37,FALSE))","v":""},{"$f":"IF($B104=\"\",\"\",\nVLOOKUP($C104,'2. Unit Testing Results'!$C$7:$BF$16,38,FALSE))","v":""},{"$f":"IF($B104=\"\",\"\",\nVLOOKUP($C104,'2. Unit Testing Results'!$C$7:$BF$16,39,FALSE))","v":""},{"$f":"IF($B104=\"\",\"\",\nVLOOKUP($C104,'2. Unit Testing Results'!$C$7:$BF$16,41,FALSE))","v":""},{"$f":"IF($B104=\"\",\"\",\nVLOOKUP($C104,'2. Unit Testing Results'!$C$7:$BF$16,43,FALSE))","v":""},{"$f":"IF($B104=\"\",\"\",\nVLOOKUP($C104,'2. Unit Testing Results'!$C$7:$BF$16,45,FALSE))","v":""},{"$f":"IF($B104=\"\",\"\",\nVLOOKUP($C104,'2. Unit Testing Results'!$C$7:$BF$16,47,FALSE))","v":""},{"$f":"IF($B104=\"\",\"\",\nVLOOKUP($C104,'2. Unit Testing Results'!$C$7:$BF$16,49,FALSE))","v":""},{"$f":"IF($B104=\"\",\"\",\nVLOOKUP($C104,'2. Unit Testing Results'!$C$7:$BF$16,51,FALSE))","v":""},{"$f":"IF($B104=\"\",\"\",\nVLOOKUP($C104,'2. Unit Testing Results'!$C$7:$BF$16,52,FALSE))","v":""},{"$f":"IF($B104=\"\",\"\",\nVLOOKUP($C104,'2. Unit Testing Results'!$C$7:$BF$16,53,FALSE))","v":""},{"$f":"IF($B104=\"\",\"\",\nVLOOKUP($C104,'2. Unit Testing Results'!$C$7:$BF$16,54,FALSE))","v":""},{"$f":"IF($B104=\"\",\"\",\nVLOOKUP($C104,'2. Unit Testing Results'!$C$7:$BF$16,55,FALSE))","v":""},{"$f":"IF($B104=\"\",\"\",\nVLOOKUP($C104,'2. Unit Testing Results'!$C$7:$BF$16,56,FALSE))","v":""}]
[null,{"$f":"IF('2. Unit Testing Results'!$C121=\"\",\"\",'2. Unit Testing Results'!$C121)","v":""},{"$f":"IF('2. Unit Testing Results'!$D126=\"\",\"\",'2. Unit Testing Results'!$D126)","v":""},{"$f":"IF('2. Unit Testing Results'!$E126=\"\",\"\",'2. Unit Testing Results'!$E126)","v":""},{"$f":"IF('2. Unit Testing Results'!$F126=\"\",\"\",'2. Unit Testing Results'!$F126)","v":""},null,{"$f":"IF($B105=\"\",\"\",\nIF((('2. Unit Testing Results'!$Y121)*60)/((VLOOKUP($C105,'2. Unit Testing Results'!$C$7:$S$16,4,FALSE))*(VLOOKUP($C105,'2. Unit Testing Results'!$C$7:$S$16,6,FALSE)))=0,\n((('2. Unit Testing Results'!$I121)*60)/((VLOOKUP($C105,'2. Unit Testing Results'!$C$7:$S$16,4,FALSE))*(VLOOKUP($C105,'2. Unit Testing Results'!$C$7:$S$16,6,FALSE)))),\n((('2. Unit Testing Results'!$Y121)*60)/((VLOOKUP($C105,'2. Unit Testing Results'!$C$7:$S$16,4,FALSE))*(VLOOKUP($C105,'2. Unit Testing Results'!$C$7:$S$16,6,FALSE))))))","v":""},{"$f":"IF($B105=\"\",\"\",\nVLOOKUP($C105,'2. Unit Testing Results'!$C$7:$BF$16,20,FALSE))","v":""},{"$f":"IF($B105=\"\",\"\",\nVLOOKUP($C105,'2. Unit Testing Results'!$C$7:$BF$16,22,FALSE))","v":""},{"$f":"IF($B105=\"\",\"\",\nVLOOKUP($C105,'2. Unit Testing Results'!$C$7:$BF$16,24,FALSE))","v":""},{"$f":"IF($B105=\"\",\"\",\nVLOOKUP($C105,'2. Unit Testing Results'!$C$7:$BF$16,26,FALSE))","v":""},{"$f":"IF($B105=\"\",\"\",\nVLOOKUP($C105,'2. Unit Testing Results'!$C$7:$BF$16,27,FALSE))","v":""},{"$f":"IF($B105=\"\",\"\",\nVLOOKUP($C105,'2. Unit Testing Results'!$C$7:$BF$16,29,FALSE))","v":""},{"$f":"IF($B105=\"\",\"\",\nIF('2. Unit Testing Results'!$R121=0,'2. Unit Testing Results'!$G121,'2. Unit Testing Results'!$R121\n))","v":""},{"$f":"IF($B105=\"\",\"\",\nIF(AND('2. Unit Testing Results'!$W121=0,'2. Unit Testing Results'!$W121<>\"\"),'2. Unit Testing Results'!$H121,\nIF('2. Unit Testing Results'!$W121<>\"\",'2. Unit Testing Results'!$W121,\"\")))","v":""},{"$f":"IF($B105=\"\",\"\",\nVLOOKUP($C105,'2. Unit Testing Results'!$C$7:$BF$16,31,FALSE))","v":""},{"$f":"IF($B105=\"\",\"\",\nVLOOKUP($C105,'2. Unit Testing Results'!$C$7:$BF$16,33,FALSE))","v":""},{"$f":"IF($B105=\"\",\"\",\nVLOOKUP($C105,'2. Unit Testing Results'!$C$7:$BF$16,35,FALSE))","v":""},{"$f":"IF($B105=\"\",\"\",\nVLOOKUP($C105,'2. Unit Testing Results'!$C$7:$BF$16,37,FALSE))","v":""},{"$f":"IF($B105=\"\",\"\",\nVLOOKUP($C105,'2. Unit Testing Results'!$C$7:$BF$16,38,FALSE))","v":""},{"$f":"IF($B105=\"\",\"\",\nVLOOKUP($C105,'2. Unit Testing Results'!$C$7:$BF$16,39,FALSE))","v":""},{"$f":"IF($B105=\"\",\"\",\nVLOOKUP($C105,'2. Unit Testing Results'!$C$7:$BF$16,41,FALSE))","v":""},{"$f":"IF($B105=\"\",\"\",\nVLOOKUP($C105,'2. Unit Testing Results'!$C$7:$BF$16,43,FALSE))","v":""},{"$f":"IF($B105=\"\",\"\",\nVLOOKUP($C105,'2. Unit Testing Results'!$C$7:$BF$16,45,FALSE))","v":""},{"$f":"IF($B105=\"\",\"\",\nVLOOKUP($C105,'2. Unit Testing Results'!$C$7:$BF$16,47,FALSE))","v":""},{"$f":"IF($B105=\"\",\"\",\nVLOOKUP($C105,'2. Unit Testing Results'!$C$7:$BF$16,49,FALSE))","v":""},{"$f":"IF($B105=\"\",\"\",\nVLOOKUP($C105,'2. Unit Testing Results'!$C$7:$BF$16,51,FALSE))","v":""},{"$f":"IF($B105=\"\",\"\",\nVLOOKUP($C105,'2. Unit Testing Results'!$C$7:$BF$16,52,FALSE))","v":""},{"$f":"IF($B105=\"\",\"\",\nVLOOKUP($C105,'2. Unit Testing Results'!$C$7:$BF$16,53,FALSE))","v":""},{"$f":"IF($B105=\"\",\"\",\nVLOOKUP($C105,'2. Unit Testing Results'!$C$7:$BF$16,54,FALSE))","v":""},{"$f":"IF($B105=\"\",\"\",\nVLOOKUP($C105,'2. Unit Testing Results'!$C$7:$BF$16,55,FALSE))","v":""},{"$f":"IF($B105=\"\",\"\",\nVLOOKUP($C105,'2. Unit Testing Results'!$C$7:$BF$16,56,FALSE))","v":""}]

{"sheet":"MRO Label Printing","index":2,"n_rows":501,"n_cols":37,"rows_kept":501,"cut":false,"hidden":true,"merged":[]}
["Units - For Printing","Address 1 - Street Address","Address 1 - Unit","Address 1 - City/State/Zip","Built by 1","Verified by 1","Oversight by 1","Date 1","Program/Version number 1","Optional information 1","Address 2 - Street Address","Address 2 - Unit","Address 2 - City/State/Zip","Built by 2","Verified by 2","Oversight by 2","Date 2","Program/Version number 2","Optional information 2","Address 3 - Street Address","Address 3 - Unit","Address 3 - City/State/Zip","Built by 3","Verified by 3","Oversight by 3","Date 3","Program/Version number 3","Optional information 3","Address 4 - Street Address","Address 4 - Unit","Address 4 - City/State/Zip","Built by 4","Verified by 4","Oversight by 4","Date 4","Program/Version number 4","Optional information 4"]
[{"$f":"IF(C2=\"\",\"\",CONCATENATE(C2,\", \",L2,\", \",U2,\", \",AD2))","v":"101, 102, 103, 104"},{"$f":"IF(INDIRECT(\"'MRO Certificate Printing'!D\"&((ROW()-2)*4)+2)=\"\",\"\",INDIRECT(\"'MRO Certificate Printing'!D\"&((ROW()-2)*4)+2))","v":"3248 Huger Street"},{"$f":"IF(INDIRECT(\"'MRO Certificate Printing'!E\"&((ROW()-2)*4)+2)=\"\",\"\",INDIRECT(\"'MRO Certificate Printing'!E\"&((ROW()-2)*4)+2))","v":101},{"$f":"IF(INDIRECT(\"'MRO Certificate Printing'!F\"&((ROW()-2)*4)+2)=\"\",\"\",INDIRECT(\"'MRO Certificate Printing'!F\"&((ROW()-2)*4)+2))","v":"Chicago, IL 29201"},{"$f":"IF(INDIRECT(\"'MRO Certificate Printing'!B\"&((ROW()-2)*4)+2)=\"\",\"\",INDIRECT(\"'MRO Certificate Printing'!B\"&((ROW()-2)*4)+2))","v":"Woodland & Burke"},{"$f":"IF(INDIRECT(\"'MRO Certificate Printing'!G\"&((ROW()-2)*4)+2)=\"\",\"\",INDIRECT(\"'MRO Certificate Printing'!G\"&((ROW()-2)*4)+2))","v":"Green & Bean Verifiers "},{"$f":"IF(INDIRECT(\"'MRO Certificate Printing'!J\"&((ROW()-2)*4)+2)=\"\",\"\",INDIRECT(\"'MRO Certificate Printing'!J\"&((ROW()-2)*4)+2))","v":0},{"$f":"IF(INDIRECT(\"'MRO Certificate Printing'!I\"&((ROW()-2)*4)+2)=\"\",\"\",INDIRECT(\"'MRO Certificate Printing'!I\"&((ROW()-2)*4)+2))","v":"00:00:00"},{"$f":"IF(INDIRECT(\"'MRO Certificate Printing'!K\"&((ROW()-2)*4)+2)=\"\",\"\",INDIRECT(\"'MRO Certificate Printing'!K\"&((ROW()-2)*4)+2))","v":"MFNC v1.1"},null,{"$f":"IF(INDIRECT(\"'MRO Certificate Printing'!D\"&((ROW()-2)*4)+3)=\"\",\"\",INDIRECT(\"'MRO Certificate Printing'!D\"&((ROW()-2)*4)+3))","v":"3248 Huger Street"},{"$f":"IF(INDIRECT(\"'MRO Certificate Printing'!E\"&((ROW()-2)*4)+3)=\"\",\"\",INDIRECT(\"'MRO Certificate Printing'!E\"&((ROW()-2)*4)+3))","v":102},{"$f":"IF(INDIRECT(\"'MRO Certificate Printing'!F\"&((ROW()-2)*4)+3)=\"\",\"\",INDIRECT(\"'MRO Certificate Printing'!F\"&((ROW()-2)*4)+3))","v":"Chicago, IL 29201"},{"$f":"IF(INDIRECT(\"'MRO Certificate Printing'!B\"&((ROW()-2)*4)+3)=\"\",\"\",INDIRECT(\"'MRO Certificate Printing'!B\"&((ROW()-2)*4)+3))","v":"Woodland & Burke"},{"$f":"IF(INDIRECT(\"'MRO Certificate Printing'!G\"&((ROW()-2)*4)+3)=\"\",\"\",INDIRECT(\"'MRO Certificate Printing'!G\"&((ROW()-2)*4)+3))","v":"Green & Bean Verifiers "},{"$f":"IF(INDIRECT(\"'MRO Certificate Printing'!J\"&((ROW()-2)*4)+3)=\"\",\"\",INDIRECT(\"'MRO Certificate Printing'!J\"&((ROW()-2)*4)+3))","v":0},{"$f":"IF(INDIRECT(\"'MRO Certificate Printing'!I\"&((ROW()-2)*4)+3)=\"\",\"\",INDIRECT(\"'MRO Certificate Printing'!I\"&((ROW()-2)*4)+3))","v":"00:00:00"},{"$f":"IF(INDIRECT(\"'MRO Certificate Printing'!K\"&((ROW()-2)*4)+3)=\"\",\"\",INDIRECT(\"'MRO Certificate Printing'!K\"&((ROW()-2)*4)+3))","v":"MFNC v1.1"},null,{"$f":"IF(INDIRECT(\"'MRO Certificate Printing'!D\"&((ROW()-2)*4)+4)=\"\",\"\",INDIRECT(\"'MRO Certificate Printing'!D\"&((ROW()-2)*4)+4))","v":"3248 Huger Street"},{"$f":"IF(INDIRECT(\"'MRO Certificate Printing'!E\"&((ROW()-2)*4)+4)=\"\",\"\",INDIRECT(\"'MRO Certificate Printing'!E\"&((ROW()-2)*4)+4))","v":103},{"$f":"IF(INDIRECT(\"'MRO Certificate Printing'!F\"&((ROW()-2)*4)+4)=\"\",\"\",INDIRECT(\"'MRO Certificate Printing'!F\"&((ROW()-2)*4)+4))","v":"Chicago, IL 29201"},{"$f":"IF(INDIRECT(\"'MRO Certificate Printing'!B\"&((ROW()-2)*4)+4)=\"\",\"\",INDIRECT(\"'MRO Certificate Printing'!B\"&((ROW()-2)*4)+4))","v":"Woodland & Burke"},{"$f":"IF(INDIRECT(\"'MRO Certificate Printing'!G\"&((ROW()-2)*4)+4)=\"\",\"\",INDIRECT(\"'MRO Certificate Printing'!G\"&((ROW()-2)*4)+4))","v":"Green & Bean Verifiers "},{"$f":"IF(INDIRECT(\"'MRO Certificate Printing'!J\"&((ROW()-2)*4)+4)=\"\",\"\",INDIRECT(\"'MRO Certificate Printing'!J\"&((ROW()-2)*4)+4))","v":0},{"$f":"IF(INDIRECT(\"'MRO Certificate Printing'!I\"&((ROW()-2)*4)+4)=\"\",\"\",INDIRECT(\"'MRO Certificate Printing'!I\"&((ROW()-2)*4)+4))","v":"00:00:00"},{"$f":"IF(INDIRECT(\"'MRO Certificate Printing'!K\"&((ROW()-2)*4)+4)=\"\",\"\",INDIRECT(\"'MRO Certificate Printing'!K\"&((ROW()-2)*4)+4))","v":"MFNC v1.1"},null,{"$f":"IF(INDIRECT(\"'MRO Certificate Printing'!D\"&((ROW()-2)*4)+5)=\"\",\"\",INDIRECT(\"'MRO Certificate Printing'!D\"&((ROW()-2)*4)+5))","v":"3248 Huger Street"},{"$f":"IF(INDIRECT(\"'MRO Certificate Printing'!E\"&((ROW()-2)*4)+5)=\"\",\"\",INDIRECT(\"'MRO Certificate Printing'!E\"&((ROW()-2)*4)+5))","v":104},{"$f":"IF(INDIRECT(\"'MRO Certificate Printing'!F\"&((ROW()-2)*4)+5)=\"\",\"\",INDIRECT(\"'MRO Certificate Printing'!F\"&((ROW()-2)*4)+5))","v":"Chicago, IL 29201"},{"$f":"IF(INDIRECT(\"'MRO Certificate Printing'!B\"&((ROW()-2)*4)+5)=\"\",\"\",INDIRECT(\"'MRO Certificate Printing'!B\"&((ROW()-2)*4)+5))","v":"Woodland & Burke"},{"$f":"IF(INDIRECT(\"'MRO Certificate Printing'!G\"&((ROW()-2)*4)+5)=\"\",\"\",INDIRECT(\"'MRO Certificate Printing'!G\"&((ROW()-2)*4)+5))","v":"Green & Bean Verifiers "},{"$f":"IF(INDIRECT(\"'MRO Certificate Printing'!J\"&((ROW()-2)*4)+5)=\"\",\"\",INDIRECT(\"'MRO Certificate Printing'!J\"&((ROW()-2)*4)+5))","v":0},{"$f":"IF(INDIRECT(\"'MRO Certificate Printing'!I\"&((ROW()-2)*4)+5)=\"\",\"\",INDIRECT(\"'MRO Certificate Printing'!I\"&((ROW()-2)*4)+5))","v":"00:00:00"},{"$f":"IF(INDIRECT(\"'MRO Certificate Printing'!K\"&((ROW()-2)*4)+5)=\"\",\"\",INDIRECT(\"'MRO Certificate Printing'!K\"&((ROW()-2)*4)+5))","v":"MFNC v1.1"}]
[{"$f":"IF(C3=\"\",\"\",CONCATENATE(C3,\", \",L3,\", \",U3,\", \",AD3))","v":"105, 106, 107, 108"},{"$f":"IF(INDIRECT(\"'MRO Certificate Printing'!D\"&((ROW()-2)*4)+2)=\"\",\"\",INDIRECT(\"'MRO Certificate Printing'!D\"&((ROW()-2)*4)+2))","v":"3248 Huger Street"},{"$f":"IF(INDIRECT(\"'MRO Certificate Printing'!E\"&((ROW()-2)*4)+2)=\"\",\"\",INDIRECT(\"'MRO Certificate Printing'!E\"&((ROW()-2)*4)+2))","v":105},{"$f":"IF(INDIRECT(\"'MRO Certificate Printing'!F\"&((ROW()-2)*4)+2)=\"\",\"\",INDIRECT(\"'MRO Certificate Printing'!F\"&((ROW()-2)*4)+2))","v":"Chicago, IL 29201"},{"$f":"IF(INDIRECT(\"'MRO Certificate Printing'!B\"&((ROW()-2)*4)+2)=\"\",\"\",INDIRECT(\"'MRO Certificate Printing'!B\"&((ROW()-2)*4)+2))","v":"Woodland & Burke"},{"$f":"IF(INDIRECT(\"'MRO Certificate Printing'!G\"&((ROW()-2)*4)+2)=\"\",\"\",INDIRECT(\"'MRO Certificate Printing'!G\"&((ROW()-2)*4)+2))","v":"Green & Bean Verifiers "},{"$f":"IF(INDIRECT(\"'MRO Certificate Printing'!J\"&((ROW()-2)*4)+2)=\"\",\"\",INDIRECT(\"'MRO Certificate Printing'!J\"&((ROW()-2)*4)+2))","v":0},{"$f":"IF(INDIRECT(\"'MRO Certificate Printing'!I\"&((ROW()-2)*4)+2)=\"\",\"\",INDIRECT(\"'MRO Certificate Printing'!I\"&((ROW()-2)*4)+2))","v":"00:00:00"},{"$f":"IF(INDIRECT(\"'MRO Certificate Printing'!K\"&((ROW()-2)*4)+2)=\"\",\"\",INDIRECT(\"'MRO Certificate Printing'!K\"&((ROW()-2)*4)+2))","v":"MFNC v1.1"},null,{"$f":"IF(INDIRECT(\"'MRO Certificate Printing'!D\"&((ROW()-2)*4)+3)=\"\",\"\",INDIRECT(\"'MRO Certificate Printing'!D\"&((ROW()-2)*4)+3))","v":"3248 Huger Street"},{"$f":"IF(INDIRECT(\"'MRO Certificate Printing'!E\"&((ROW()-2)*4)+3)=\"\",\"\",INDIRECT(\"'MRO Certificate Printing'!E\"&((ROW()-2)*4)+3))","v":106},{"$f":"IF(INDIRECT(\"'MRO Certificate Printing'!F\"&((ROW()-2)*4)+3)=\"\",\"\",INDIRECT(\"'MRO Certificate Printing'!F\"&((ROW()-2)*4)+3))","v":"Chicago, IL 29201"},{"$f":"IF(INDIRECT(\"'MRO Certificate Printing'!B\"&((ROW()-2)*4)+3)=\"\",\"\",INDIRECT(\"'MRO Certificate Printing'!B\"&((ROW()-2)*4)+3))","v":"Woodland & Burke"},{"$f":"IF(INDIRECT(\"'MRO Certificate Printing'!G\"&((ROW()-2)*4)+3)=\"\",\"\",INDIRECT(\"'MRO Certificate Printing'!G\"&((ROW()-2)*4)+3))","v":"Green & Bean Verifiers "},{"$f":"IF(INDIRECT(\"'MRO Certificate Printing'!J\"&((ROW()-2)*4)+3)=\"\",\"\",INDIRECT(\"'MRO Certificate Printing'!J\"&((ROW()-2)*4)+3))","v":0},{"$f":"IF(INDIRECT(\"'MRO Certificate Printing'!I\"&((ROW()-2)*4)+3)=\"\",\"\",INDIRECT(\"'MRO Certificate Printing'!I\"&((ROW()-2)*4)+3))","v":"00:00:00"},{"$f":"IF(INDIRECT(\"'MRO Certificate Printing'!K\"&((ROW()-2)*4)+3)=\"\",\"\",INDIRECT(\"'MRO Certificate Printing'!K\"&((ROW()-2)*4)+3))","v":"MFNC v1.1"},null,{"$f":"IF(INDIRECT(\"'MRO Certificate Printing'!D\"&((ROW()-2)*4)+4)=\"\",\"\",INDIRECT(\"'MRO Certificate Printing'!D\"&((ROW()-2)*4)+4))","v":"3248 Huger Street"},{"$f":"IF(INDIRECT(\"'MRO Certificate Printing'!E\"&((ROW()-2)*4)+4)=\"\",\"\",INDIRECT(\"'MRO Certificate Printing'!E\"&((ROW()-2)*4)+4))","v":107},{"$f":"IF(INDIRECT(\"'MRO Certificate Printing'!F\"&((ROW()-2)*4)+4)=\"\",\"\",INDIRECT(\"'MRO Certificate Printing'!F\"&((ROW()-2)*4)+4))","v":"Chicago, IL 29201"},{"$f":"IF(INDIRECT(\"'MRO Certificate Printing'!B\"&((ROW()-2)*4)+4)=\"\",\"\",INDIRECT(\"'MRO Certificate Printing'!B\"&((ROW()-2)*4)+4))","v":"Woodland & Burke"},{"$f":"IF(INDIRECT(\"'MRO Certificate Printing'!G\"&((ROW()-2)*4)+4)=\"\",\"\",INDIRECT(\"'MRO Certificate Printing'!G\"&((ROW()-2)*4)+4))","v":"Green & Bean Verifiers "},{"$f":"IF(INDIRECT(\"'MRO Certificate Printing'!J\"&((ROW()-2)*4)+4)=\"\",\"\",INDIRECT(\"'MRO Certificate Printing'!J\"&((ROW()-2)*4)+4))","v":0},{"$f":"IF(INDIRECT(\"'MRO Certificate Printing'!I\"&((ROW()-2)*4)+4)=\"\",\"\",INDIRECT(\"'MRO Certificate Printing'!I\"&((ROW()-2)*4)+4))","v":"00:00:00"},{"$f":"IF(INDIRECT(\"'MRO Certificate Printing'!K\"&((ROW()-2)*4)+4)=\"\",\"\",INDIRECT(\"'MRO Certificate Printing'!K\"&((ROW()-2)*4)+4))","v":"MFNC v1.1"},null,{"$f":"IF(INDIRECT(\"'MRO Certificate Printing'!D\"&((ROW()-2)*4)+5)=\"\",\"\",INDIRECT(\"'MRO Certificate Printing'!D\"&((ROW()-2)*4)+5))","v":"3248 Huger Street"},{"$f":"IF(INDIRECT(\"'MRO Certificate Printing'!E\"&((ROW()-2)*4)+5)=\"\",\"\",INDIRECT(\"'MRO Certificate Printing'!E\"&((ROW()-2)*4)+5))","v":108},{"$f":"IF(INDIRECT(\"'MRO Certificate Printing'!F\"&((ROW()-2)*4)+5)=\"\",\"\",INDIRECT(\"'MRO Certificate Printing'!F\"&((ROW()-2)*4)+5))","v":"Chicago, IL 29201"},{"$f":"IF(INDIRECT(\"'MRO Certificate Printing'!B\"&((ROW()-2)*4)+5)=\"\",\"\",INDIRECT(\"'MRO Certificate Printing'!B\"&((ROW()-2)*4)+5))","v":"Woodland & Burke"},{"$f":"IF(INDIRECT(\"'MRO Certificate Printing'!G\"&((ROW()-2)*4)+5)=\"\",\"\",INDIRECT(\"'MRO Certificate Printing'!G\"&((ROW()-2)*4)+5))","v":"Green & Bean Verifiers "},{"$f":"IF(INDIRECT(\"'MRO Certificate Printing'!J\"&((ROW()-2)*4)+5)=\"\",\"\",INDIRECT(\"'MRO Certificate Printing'!J\"&((ROW()-2)*4)+5))","v":0},{"$f":"IF(INDIRECT(\"'MRO Certificate Printing'!I\"&((ROW()-2)*4)+5)=\"\",\"\",INDIRECT(\"'MRO Certificate Printing'!I\"&((ROW()-2)*4)+5))","v":"00:00:00"},{"$f":"IF(INDIRECT(\"'MRO Certificate Printing'!K\"&((ROW()-2)*4)+5)=\"\",\"\",INDIRECT(\"'MRO Certificate Printing'!K\"&((ROW()-2)*4)+5))","v":"MFNC v1.1"}]
["109, 110, 201, 202",{"$f":"IF(INDIRECT(\"'MRO Certificate Printing'!D\"&((ROW()-2)*4)+2)=\"\",\"\",INDIRECT(\"'MRO Certificate Printing'!D\"&((ROW()-2)*4)+2))","v":"3248 Huger Street"},{"$f":"IF(INDIRECT(\"'MRO Certificate Printing'!E\"&((ROW()-2)*4)+2)=\"\",\"\",INDIRECT(\"'MRO Certificate Printing'!E\"&((ROW()-2)*4)+2))","v":109},{"$f":"IF(INDIRECT(\"'MRO Certificate Printing'!F\"&((ROW()-2)*4)+2)=\"\",\"\",INDIRECT(\"'MRO Certificate Printing'!F\"&((ROW()-2)*4)+2))","v":"Chicago, IL 29201"},{"$f":"IF(INDIRECT(\"'MRO Certificate Printing'!B\"&((ROW()-2)*4)+2)=\"\",\"\",INDIRECT(\"'MRO Certificate Printing'!B\"&((ROW()-2)*4)+2))","v":"Woodland & Burke"},{"$f":"IF(INDIRECT(\"'MRO Certificate Printing'!G\"&((ROW()-2)*4)+2)=\"\",\"\",INDIRECT(\"'MRO Certificate Printing'!G\"&((ROW()-2)*4)+2))","v":"Green & Bean Verifiers "},{"$f":"IF(INDIRECT(\"'MRO Certificate Printing'!J\"&((ROW()-2)*4)+2)=\"\",\"\",INDIRECT(\"'MRO Certificate Printing'!J\"&((ROW()-2)*4)+2))","v":0},{"$f":"IF(INDIRECT(\"'MRO Certificate Printing'!I\"&((ROW()-2)*4)+2)=\"\",\"\",INDIRECT(\"'MRO Certificate Printing'!I\"&((ROW()-2)*4)+2))","v":"00:00:00"},{"$f":"IF(INDIRECT(\"'MRO Certificate Printing'!K\"&((ROW()-2)*4)+2)=\"\",\"\",INDIRECT(\"'MRO Certificate Printing'!K\"&((ROW()-2)*4)+2))","v":"MFNC v1.1"},null,{"$f":"IF(INDIRECT(\"'MRO Certificate Printing'!D\"&((ROW()-2)*4)+3)=\"\",\"\",INDIRECT(\"'MRO Certificate Printing'!D\"&((ROW()-2)*4)+3))","v":"3248 Huger Street"},{"$f":"IF(INDIRECT(\"'MRO Certificate Printing'!E\"&((ROW()-2)*4)+3)=\"\",\"\",INDIRECT(\"'MRO Certificate Printing'!E\"&((ROW()-2)*4)+3))","v":110},{"$f":"IF(INDIRECT(\"'MRO Certificate Printing'!F\"&((ROW()-2)*4)+3)=\"\",\"\",INDIRECT(\"'MRO Certificate Printing'!F\"&((ROW()-2)*4)+3))","v":"Chicago, IL 29201"},{"$f":"IF(INDIRECT(\"'MRO Certificate Printing'!B\"&((ROW()-2)*4)+3)=\"\",\"\",INDIRECT(\"'MRO Certificate Printing'!B\"&((ROW()-2)*4)+3))","v":"Woodland & Burke"},{"$f":"IF(INDIRECT(\"'MRO Certificate Printing'!G\"&((ROW()-2)*4)+3)=\"\",\"\",INDIRECT(\"'MRO Certificate Printing'!G\"&((ROW()-2)*4)+3))","v":"Green & Bean Verifiers "},{"$f":"IF(INDIRECT(\"'MRO Certificate Printing'!J\"&((ROW()-2)*4)+3)=\"\",\"\",INDIRECT(\"'MRO Certificate Printing'!J\"&((ROW()-2)*4)+3))","v":0},{"$f":"IF(INDIRECT(\"'MRO Certificate Printing'!I\"&((ROW()-2)*4)+3)=\"\",\"\",INDIRECT(\"'MRO Certificate Printing'!I\"&((ROW()-2)*4)+3))","v":"00:00:00"},{"$f":"IF(INDIRECT(\"'MRO Certificate Printing'!K\"&((ROW()-2)*4)+3)=\"\",\"\",INDIRECT(\"'MRO Certificate Printing'!K\"&((ROW()-2)*4)+3))","v":"MFNC v1.1"},null,{"$f":"IF(INDIRECT(\"'MRO Certificate Printing'!D\"&((ROW()-2)*4)+4)=\"\",\"\",INDIRECT(\"'MRO Certificate Printing'!D\"&((ROW()-2)*4)+4))","v":"3248 Huger Street"},{"$f":"IF(INDIRECT(\"'MRO Certificate Printing'!E\"&((ROW()-2)*4)+4)=\"\",\"\",INDIRECT(\"'MRO Certificate Printing'!E\"&((ROW()-2)*4)+4))","v":201},{"$f":"IF(INDIRECT(\"'MRO Certificate Printing'!F\"&((ROW()-2)*4)+4)=\"\",\"\",INDIRECT(\"'MRO Certificate Printing'!F\"&((ROW()-2)*4)+4))","v":"Chicago, IL 29201"},{"$f":"IF(INDIRECT(\"'MRO Certificate Printing'!B\"&((ROW()-2)*4)+4)=\"\",\"\",INDIRECT(\"'MRO Certificate Printing'!B\"&((ROW()-2)*4)+4))","v":"Woodland & Burke"},{"$f":"IF(INDIRECT(\"'MRO Certificate Printing'!G\"&((ROW()-2)*4)+4)=\"\",\"\",INDIRECT(\"'MRO Certificate Printing'!G\"&((ROW()-2)*4)+4))","v":"Green & Bean Verifiers "},{"$f":"IF(INDIRECT(\"'MRO Certificate Printing'!J\"&((ROW()-2)*4)+4)=\"\",\"\",INDIRECT(\"'MRO Certificate Printing'!J\"&((ROW()-2)*4)+4))","v":0},{"$f":"IF(INDIRECT(\"'MRO Certificate Printing'!I\"&((ROW()-2)*4)+4)=\"\",\"\",INDIRECT(\"'MRO Certificate Printing'!I\"&((ROW()-2)*4)+4))","v":"00:00:00"},{"$f":"IF(INDIRECT(\"'MRO Certificate Printing'!K\"&((ROW()-2)*4)+4)=\"\",\"\",INDIRECT(\"'MRO Certificate Printing'!K\"&((ROW()-2)*4)+4))","v":"MFNC v1.1"},null,{"$f":"IF(INDIRECT(\"'MRO Certificate Printing'!D\"&((ROW()-2)*4)+5)=\"\",\"\",INDIRECT(\"'MRO Certificate Printing'!D\"&((ROW()-2)*4)+5))","v":"3248 Huger Street"},{"$f":"IF(INDIRECT(\"'MRO Certificate Printing'!E\"&((ROW()-2)*4)+5)=\"\",\"\",INDIRECT(\"'MRO Certificate Printing'!E\"&((ROW()-2)*4)+5))","v":202},{"$f":"IF(INDIRECT(\"'MRO Certificate Printing'!F\"&((ROW()-2)*4)+5)=\"\",\"\",INDIRECT(\"'MRO Certificate Printing'!F\"&((ROW()-2)*4)+5))","v":"Chicago, IL 29201"},{"$f":"IF(INDIRECT(\"'MRO Certificate Printing'!B\"&((ROW()-2)*4)+5)=\"\",\"\",INDIRECT(\"'MRO Certificate Printing'!B\"&((ROW()-2)*4)+5))","v":"Woodland & Burke"},{"$f":"IF(INDIRECT(\"'MRO Certificate Printing'!G\"&((ROW()-2)*4)+5)=\"\",\"\",INDIRECT(\"'MRO Certificate Printing'!G\"&((ROW()-2)*4)+5))","v":"Green & Bean Verifiers "},{"$f":"IF(INDIRECT(\"'MRO Certificate Printing'!J\"&((ROW()-2)*4)+5)=\"\",\"\",INDIRECT(\"'MRO Certificate Printing'!J\"&((ROW()-2)*4)+5))","v":0},{"$f":"IF(INDIRECT(\"'MRO Certificate Printing'!I\"&((ROW()-2)*4)+5)=\"\",\"\",INDIRECT(\"'MRO Certificate Printing'!I\"&((ROW()-2)*4)+5))","v":"00:00:00"},{"$f":"IF(INDIRECT(\"'MRO Certificate Printing'!K\"&((ROW()-2)*4)+5)=\"\",\"\",INDIRECT(\"'MRO Certificate Printing'!K\"&((ROW()-2)*4)+5))","v":"MFNC v1.1"}]
["203, 204, 205, 206",{"$f":"IF(INDIRECT(\"'MRO Certificate Printing'!D\"&((ROW()-2)*4)+2)=\"\",\"\",INDIRECT(\"'MRO Certificate Printing'!D\"&((ROW()-2)*4)+2))","v":"3248 Huger Street"},{"$f":"IF(INDIRECT(\"'MRO Certificate Printing'!E\"&((ROW()-2)*4)+2)=\"\",\"\",INDIRECT(\"'MRO Certificate Printing'!E\"&((ROW()-2)*4)+2))","v":203},{"$f":"IF(INDIRECT(\"'MRO Certificate Printing'!F\"&((ROW()-2)*4)+2)=\"\",\"\",INDIRECT(\"'MRO Certificate Printing'!F\"&((ROW()-2)*4)+2))","v":"Chicago, IL 29201"},{"$f":"IF(INDIRECT(\"'MRO Certificate Printing'!B\"&((ROW()-2)*4)+2)=\"\",\"\",INDIRECT(\"'MRO Certificate Printing'!B\"&((ROW()-2)*4)+2))","v":"Woodland & Burke"},{"$f":"IF(INDIRECT(\"'MRO Certificate Printing'!G\"&((ROW()-2)*4)+2)=\"\",\"\",INDIRECT(\"'MRO Certificate Printing'!G\"&((ROW()-2)*4)+2))","v":"Green & Bean Verifiers "},{"$f":"IF(INDIRECT(\"'MRO Certificate Printing'!J\"&((ROW()-2)*4)+2)=\"\",\"\",INDIRECT(\"'MRO Certificate Printing'!J\"&((ROW()-2)*4)+2))","v":0},{"$f":"IF(INDIRECT(\"'MRO Certificate Printing'!I\"&((ROW()-2)*4)+2)=\"\",\"\",INDIRECT(\"'MRO Certificate Printing'!I\"&((ROW()-2)*4)+2))","v":"00:00:00"},{"$f":"IF(INDIRECT(\"'MRO Certificate Printing'!K\"&((ROW()-2)*4)+2)=\"\",\"\",INDIRECT(\"'MRO Certificate Printing'!K\"&((ROW()-2)*4)+2))","v":"MFNC v1.1"},null,{"$f":"IF(INDIRECT(\"'MRO Certificate Printing'!D\"&((ROW()-2)*4)+3)=\"\",\"\",INDIRECT(\"'MRO Certificate Printing'!D\"&((ROW()-2)*4)+3))","v":"3248 Huger Street"},{"$f":"IF(INDIRECT(\"'MRO Certificate Printing'!E\"&((ROW()-2)*4)+3)=\"\",\"\",INDIRECT(\"'MRO Certificate Printing'!E\"&((ROW()-2)*4)+3))","v":204},{"$f":"IF(INDIRECT(\"'MRO Certificate Printing'!F\"&((ROW()-2)*4)+3)=\"\",\"\",INDIRECT(\"'MRO Certificate Printing'!F\"&((ROW()-2)*4)+3))","v":"Chicago, IL 29201"},{"$f":"IF(INDIRECT(\"'MRO Certificate Printing'!B\"&((ROW()-2)*4)+3)=\"\",\"\",INDIRECT(\"'MRO Certificate Printing'!B\"&((ROW()-2)*4)+3))","v":"Woodland & Burke"},{"$f":"IF(INDIRECT(\"'MRO Certificate Printing'!G\"&((ROW()-2)*4)+3)=\"\",\"\",INDIRECT(\"'MRO Certificate Printing'!G\"&((ROW()-2)*4)+3))","v":"Green & Bean Verifiers "},{"$f":"IF(INDIRECT(\"'MRO Certificate Printing'!J\"&((ROW()-2)*4)+3)=\"\",\"\",INDIRECT(\"'MRO Certificate Printing'!J\"&((ROW()-2)*4)+3))","v":0},{"$f":"IF(INDIRECT(\"'MRO Certificate Printing'!I\"&((ROW()-2)*4)+3)=\"\",\"\",INDIRECT(\"'MRO Certificate Printing'!I\"&((ROW()-2)*4)+3))","v":"00:00:00"},{"$f":"IF(INDIRECT(\"'MRO Certificate Printing'!K\"&((ROW()-2)*4)+3)=\"\",\"\",INDIRECT(\"'MRO Certificate Printing'!K\"&((ROW()-2)*4)+3))","v":"MFNC v1.1"},null,{"$f":"IF(INDIRECT(\"'MRO Certificate Printing'!D\"&((ROW()-2)*4)+4)=\"\",\"\",INDIRECT(\"'MRO Certificate Printing'!D\"&((ROW()-2)*4)+4))","v":"3248 Huger Street"},{"$f":"IF(INDIRECT(\"'MRO Certificate Printing'!E\"&((ROW()-2)*4)+4)=\"\",\"\",INDIRECT(\"'MRO Certificate Printing'!E\"&((ROW()-2)*4)+4))","v":205},{"$f":"IF(INDIRECT(\"'MRO Certificate Printing'!F\"&((ROW()-2)*4)+4)=\"\",\"\",INDIRECT(\"'MRO Certificate Printing'!F\"&((ROW()-2)*4)+4))","v":"Chicago, IL 29201"},{"$f":"IF(INDIRECT(\"'MRO Certificate Printing'!B\"&((ROW()-2)*4)+4)=\"\",\"\",INDIRECT(\"'MRO Certificate Printing'!B\"&((ROW()-2)*4)+4))","v":"Woodland & Burke"},{"$f":"IF(INDIRECT(\"'MRO Certificate Printing'!G\"&((ROW()-2)*4)+4)=\"\",\"\",INDIRECT(\"'MRO Certificate Printing'!G\"&((ROW()-2)*4)+4))","v":"Green & Bean Verifiers "},{"$f":"IF(INDIRECT(\"'MRO Certificate Printing'!J\"&((ROW()-2)*4)+4)=\"\",\"\",INDIRECT(\"'MRO Certificate Printing'!J\"&((ROW()-2)*4)+4))","v":0},{"$f":"IF(INDIRECT(\"'MRO Certificate Printing'!I\"&((ROW()-2)*4)+4)=\"\",\"\",INDIRECT(\"'MRO Certificate Printing'!I\"&((ROW()-2)*4)+4))","v":"00:00:00"},{"$f":"IF(INDIRECT(\"'MRO Certificate Printing'!K\"&((ROW()-2)*4)+4)=\"\",\"\",INDIRECT(\"'MRO Certificate Printing'!K\"&((ROW()-2)*4)+4))","v":"MFNC v1.1"},null,{"$f":"IF(INDIRECT(\"'MRO Certificate Printing'!D\"&((ROW()-2)*4)+5)=\"\",\"\",INDIRECT(\"'MRO Certificate Printing'!D\"&((ROW()-2)*4)+5))","v":"3248 Huger Street"},{"$f":"IF(INDIRECT(\"'MRO Certificate Printing'!E\"&((ROW()-2)*4)+5)=\"\",\"\",INDIRECT(\"'MRO Certificate Printing'!E\"&((ROW()-2)*4)+5))","v":206},{"$f":"IF(INDIRECT(\"'MRO Certificate Printing'!F\"&((ROW()-2)*4)+5)=\"\",\"\",INDIRECT(\"'MRO Certificate Printing'!F\"&((ROW()-2)*4)+5))","v":"Chicago, IL 29201"},{"$f":"IF(INDIRECT(\"'MRO Certificate Printing'!B\"&((ROW()-2)*4)+5)=\"\",\"\",INDIRECT(\"'MRO Certificate Printing'!B\"&((ROW()-2)*4)+5))","v":"Woodland & Burke"},{"$f":"IF(INDIRECT(\"'MRO Certificate Printing'!G\"&((ROW()-2)*4)+5)=\"\",\"\",INDIRECT(\"'MRO Certificate Printing'!G\"&((ROW()-2)*4)+5))","v":"Green & Bean Verifiers "},{"$f":"IF(INDIRECT(\"'MRO Certificate Printing'!J\"&((ROW()-2)*4)+5)=\"\",\"\",INDIRECT(\"'MRO Certificate Printing'!J\"&((ROW()-2)*4)+5))","v":0},{"$f":"IF(INDIRECT(\"'MRO Certificate Printing'!I\"&((ROW()-2)*4)+5)=\"\",\"\",INDIRECT(\"'MRO Certificate Printing'!I\"&((ROW()-2)*4)+5))","v":"00:00:00"},{"$f":"IF(INDIRECT(\"'MRO Certificate Printing'!K\"&((ROW()-2)*4)+5)=\"\",\"\",INDIRECT(\"'MRO Certificate Printing'!K\"&((ROW()-2)*4)+5))","v":"MFNC v1.1"}]
["207, 208, 209, 210",{"$f":"IF(INDIRECT(\"'MRO Certificate Printing'!D\"&((ROW()-2)*4)+2)=\"\",\"\",INDIRECT(\"'MRO Certificate Printing'!D\"&((ROW()-2)*4)+2))","v":"3248 Huger Street"},{"$f":"IF(INDIRECT(\"'MRO Certificate Printing'!E\"&((ROW()-2)*4)+2)=\"\",\"\",INDIRECT(\"'MRO Certificate Printing'!E\"&((ROW()-2)*4)+2))","v":207},{"$f":"IF(INDIRECT(\"'MRO Certificate Printing'!F\"&((ROW()-2)*4)+2)=\"\",\"\",INDIRECT(\"'MRO Certificate Printing'!F\"&((ROW()-2)*4)+2))","v":"Chicago, IL 29201"},{"$f":"IF(INDIRECT(\"'MRO Certificate Printing'!B\"&((ROW()-2)*4)+2)=\"\",\"\",INDIRECT(\"'MRO Certificate Printing'!B\"&((ROW()-2)*4)+2))","v":"Woodland & Burke"},{"$f":"IF(INDIRECT(\"'MRO Certificate Printing'!G\"&((ROW()-2)*4)+2)=\"\",\"\",INDIRECT(\"'MRO Certificate Printing'!G\"&((ROW()-2)*4)+2))","v":"Green & Bean Verifiers "},{"$f":"IF(INDIRECT(\"'MRO Certificate Printing'!J\"&((ROW()-2)*4)+2)=\"\",\"\",INDIRECT(\"'MRO Certificate Printing'!J\"&((ROW()-2)*4)+2))","v":0},{"$f":"IF(INDIRECT(\"'MRO Certificate Printing'!I\"&((ROW()-2)*4)+2)=\"\",\"\",INDIRECT(\"'MRO Certificate Printing'!I\"&((ROW()-2)*4)+2))","v":"00:00:00"},{"$f":"IF(INDIRECT(\"'MRO Certificate Printing'!K\"&((ROW()-2)*4)+2)=\"\",\"\",INDIRECT(\"'MRO Certificate Printing'!K\"&((ROW()-2)*4)+2))","v":"MFNC v1.1"},null,{"$f":"IF(INDIRECT(\"'MRO Certificate Printing'!D\"&((ROW()-2)*4)+3)=\"\",\"\",INDIRECT(\"'MRO Certificate Printing'!D\"&((ROW()-2)*4)+3))","v":"3248 Huger Street"},{"$f":"IF(INDIRECT(\"'MRO Certificate Printing'!E\"&((ROW()-2)*4)+3)=\"\",\"\",INDIRECT(\"'MRO Certificate Printing'!E\"&((ROW()-2)*4)+3))","v":208},{"$f":"IF(INDIRECT(\"'MRO Certificate Printing'!F\"&((ROW()-2)*4)+3)=\"\",\"\",INDIRECT(\"'MRO Certificate Printing'!F\"&((ROW()-2)*4)+3))","v":"Chicago, IL 29201"},{"$f":"IF(INDIRECT(\"'MRO Certificate Printing'!B\"&((ROW()-2)*4)+3)=\"\",\"\",INDIRECT(\"'MRO Certificate Printing'!B\"&((ROW()-2)*4)+3))","v":"Woodland & Burke"},{"$f":"IF(INDIRECT(\"'MRO Certificate Printing'!G\"&((ROW()-2)*4)+3)=\"\",\"\",INDIRECT(\"'MRO Certificate Printing'!G\"&((ROW()-2)*4)+3))","v":"Green & Bean Verifiers "},{"$f":"IF(INDIRECT(\"'MRO Certificate Printing'!J\"&((ROW()-2)*4)+3)=\"\",\"\",INDIRECT(\"'MRO Certificate Printing'!J\"&((ROW()-2)*4)+3))","v":0},{"$f":"IF(INDIRECT(\"'MRO Certificate Printing'!I\"&((ROW()-2)*4)+3)=\"\",\"\",INDIRECT(\"'MRO Certificate Printing'!I\"&((ROW()-2)*4)+3))","v":"00:00:00"},{"$f":"IF(INDIRECT(\"'MRO Certificate Printing'!K\"&((ROW()-2)*4)+3)=\"\",\"\",INDIRECT(\"'MRO Certificate Printing'!K\"&((ROW()-2)*4)+3))","v":"MFNC v1.1"},null,{"$f":"IF(INDIRECT(\"'MRO Certificate Printing'!D\"&((ROW()-2)*4)+4)=\"\",\"\",INDIRECT(\"'MRO Certificate Printing'!D\"&((ROW()-2)*4)+4))","v":"3248 Huger Street"},{"$f":"IF(INDIRECT(\"'MRO Certificate Printing'!E\"&((ROW()-2)*4)+4)=\"\",\"\",INDIRECT(\"'MRO Certificate Printing'!E\"&((ROW()-2)*4)+4))","v":209},{"$f":"IF(INDIRECT(\"'MRO Certificate Printing'!F\"&((ROW()-2)*4)+4)=\"\",\"\",INDIRECT(\"'MRO Certificate Printing'!F\"&((ROW()-2)*4)+4))","v":"Chicago, IL 29201"},{"$f":"IF(INDIRECT(\"'MRO Certificate Printing'!B\"&((ROW()-2)*4)+4)=\"\",\"\",INDIRECT(\"'MRO Certificate Printing'!B\"&((ROW()-2)*4)+4))","v":"Woodland & Burke"},{"$f":"IF(INDIRECT(\"'MRO Certificate Printing'!G\"&((ROW()-2)*4)+4)=\"\",\"\",INDIRECT(\"'MRO Certificate Printing'!G\"&((ROW()-2)*4)+4))","v":"Green & Bean Verifiers "},{"$f":"IF(INDIRECT(\"'MRO Certificate Printing'!J\"&((ROW()-2)*4)+4)=\"\",\"\",INDIRECT(\"'MRO Certificate Printing'!J\"&((ROW()-2)*4)+4))","v":0},{"$f":"IF(INDIRECT(\"'MRO Certificate Printing'!I\"&((ROW()-2)*4)+4)=\"\",\"\",INDIRECT(\"'MRO Certificate Printing'!I\"&((ROW()-2)*4)+4))","v":"00:00:00"},{"$f":"IF(INDIRECT(\"'MRO Certificate Printing'!K\"&((ROW()-2)*4)+4)=\"\",\"\",INDIRECT(\"'MRO Certificate Printing'!K\"&((ROW()-2)*4)+4))","v":"MFNC v1.1"},null,{"$f":"IF(INDIRECT(\"'MRO Certificate Printing'!D\"&((ROW()-2)*4)+5)=\"\",\"\",INDIRECT(\"'MRO Certificate Printing'!D\"&((ROW()-2)*4)+5))","v":"3248 Huger Street"},{"$f":"IF(INDIRECT(\"'MRO Certificate Printing'!E\"&((ROW()-2)*4)+5)=\"\",\"\",INDIRECT(\"'MRO Certificate Printing'!E\"&((ROW()-2)*4)+5))","v":210},{"$f":"IF(INDIRECT(\"'MRO Certificate Printing'!F\"&((ROW()-2)*4)+5)=\"\",\"\",INDIRECT(\"'MRO Certificate Printing'!F\"&((ROW()-2)*4)+5))","v":"Chicago, IL 29201"},{"$f":"IF(INDIRECT(\"'MRO Certificate Printing'!B\"&((ROW()-2)*4)+5)=\"\",\"\",INDIRECT(\"'MRO Certificate Printing'!B\"&((ROW()-2)*4)+5))","v":"Woodland & Burke"},{"$f":"IF(INDIRECT(\"'MRO Certificate Printing'!G\"&((ROW()-2)*4)+5)=\"\",\"\",INDIRECT(\"'MRO Certificate Printing'!G\"&((ROW()-2)*4)+5))","v":"Green & Bean Verifiers "},{"$f":"IF(INDIRECT(\"'MRO Certificate Printing'!J\"&((ROW()-2)*4)+5)=\"\",\"\",INDIRECT(\"'MRO Certificate Printing'!J\"&((ROW()-2)*4)+5))","v":0},{"$f":"IF(INDIRECT(\"'MRO Certificate Printing'!I\"&((ROW()-2)*4)+5)=\"\",\"\",INDIRECT(\"'MRO Certificate Printing'!I\"&((ROW()-2)*4)+5))","v":"00:00:00"},{"$f":"IF(INDIRECT(\"'MRO Certificate Printing'!K\"&((ROW()-2)*4)+5)=\"\",\"\",INDIRECT(\"'MRO Certificate Printing'!K\"&((ROW()-2)*4)+5))","v":"MFNC v1.1"}]
["301, 302, 303, 304",{"$f":"IF(INDIRECT(\"'MRO Certificate Printing'!D\"&((ROW()-2)*4)+2)=\"\",\"\",INDIRECT(\"'MRO Certificate Printing'!D\"&((ROW()-2)*4)+2))","v":"3248 Huger Street"},{"$f":"IF(INDIRECT(\"'MRO Certificate Printing'!E\"&((ROW()-2)*4)+2)=\"\",\"\",INDIRECT(\"'MRO Certificate Printing'!E\"&((ROW()-2)*4)+2))","v":301},{"$f":"IF(INDIRECT(\"'MRO Certificate Printing'!F\"&((ROW()-2)*4)+2)=\"\",\"\",INDIRECT(\"'MRO Certificate Printing'!F\"&((ROW()-2)*4)+2))","v":"Chicago, IL 29201"},{"$f":"IF(INDIRECT(\"'MRO Certificate Printing'!B\"&((ROW()-2)*4)+2)=\"\",\"\",INDIRECT(\"'MRO Certificate Printing'!B\"&((ROW()-2)*4)+2))","v":"Woodland & Burke"},{"$f":"IF(INDIRECT(\"'MRO Certificate Printing'!G\"&((ROW()-2)*4)+2)=\"\",\"\",INDIRECT(\"'MRO Certificate Printing'!G\"&((ROW()-2)*4)+2))","v":"Green & Bean Verifiers "},{"$f":"IF(INDIRECT(\"'MRO Certificate Printing'!J\"&((ROW()-2)*4)+2)=\"\",\"\",INDIRECT(\"'MRO Certificate Printing'!J\"&((ROW()-2)*4)+2))","v":0},{"$f":"IF(INDIRECT(\"'MRO Certificate Printing'!I\"&((ROW()-2)*4)+2)=\"\",\"\",INDIRECT(\"'MRO Certificate Printing'!I\"&((ROW()-2)*4)+2))","v":"00:00:00"},{"$f":"IF(INDIRECT(\"'MRO Certificate Printing'!K\"&((ROW()-2)*4)+2)=\"\",\"\",INDIRECT(\"'MRO Certificate Printing'!K\"&((ROW()-2)*4)+2))","v":"MFNC v1.1"},null,{"$f":"IF(INDIRECT(\"'MRO Certificate Printing'!D\"&((ROW()-2)*4)+3)=\"\",\"\",INDIRECT(\"'MRO Certificate Printing'!D\"&((ROW()-2)*4)+3))","v":"3248 Huger Street"},{"$f":"IF(INDIRECT(\"'MRO Certificate Printing'!E\"&((ROW()-2)*4)+3)=\"\",\"\",INDIRECT(\"'MRO Certificate Printing'!E\"&((ROW()-2)*4)+3))","v":302},{"$f":"IF(INDIRECT(\"'MRO Certificate Printing'!F\"&((ROW()-2)*4)+3)=\"\",\"\",INDIRECT(\"'MRO Certificate Printing'!F\"&((ROW()-2)*4)+3))","v":"Chicago, IL 29201"},{"$f":"IF(INDIRECT(\"'MRO Certificate Printing'!B\"&((ROW()-2)*4)+3)=\"\",\"\",INDIRECT(\"'MRO Certificate Printing'!B\"&((ROW()-2)*4)+3))","v":"Woodland & Burke"},{"$f":"IF(INDIRECT(\"'MRO Certificate Printing'!G\"&((ROW()-2)*4)+3)=\"\",\"\",INDIRECT(\"'MRO Certificate Printing'!G\"&((ROW()-2)*4)+3))","v":"Green & Bean Verifiers "},{"$f":"IF(INDIRECT(\"'MRO Certificate Printing'!J\"&((ROW()-2)*4)+3)=\"\",\"\",INDIRECT(\"'MRO Certificate Printing'!J\"&((ROW()-2)*4)+3))","v":0},{"$f":"IF(INDIRECT(\"'MRO Certificate Printing'!I\"&((ROW()-2)*4)+3)=\"\",\"\",INDIRECT(\"'MRO Certificate Printing'!I\"&((ROW()-2)*4)+3))","v":"00:00:00"},{"$f":"IF(INDIRECT(\"'MRO Certificate Printing'!K\"&((ROW()-2)*4)+3)=\"\",\"\",INDIRECT(\"'MRO Certificate Printing'!K\"&((ROW()-2)*4)+3))","v":"MFNC v1.1"},null,{"$f":"IF(INDIRECT(\"'MRO Certificate Printing'!D\"&((ROW()-2)*4)+4)=\"\",\"\",INDIRECT(\"'MRO Certificate Printing'!D\"&((ROW()-2)*4)+4))","v":"3248 Huger Street"},{"$f":"IF(INDIRECT(\"'MRO Certificate Printing'!E\"&((ROW()-2)*4)+4)=\"\",\"\",INDIRECT(\"'MRO Certificate Printing'!E\"&((ROW()-2)*4)+4))","v":303},{"$f":"IF(INDIRECT(\"'MRO Certificate Printing'!F\"&((ROW()-2)*4)+4)=\"\",\"\",INDIRECT(\"'MRO Certificate Printing'!F\"&((ROW()-2)*4)+4))","v":"Chicago, IL 29201"},{"$f":"IF(INDIRECT(\"'MRO Certificate Printing'!B\"&((ROW()-2)*4)+4)=\"\",\"\",INDIRECT(\"'MRO Certificate Printing'!B\"&((ROW()-2)*4)+4))","v":"Woodland & Burke"},{"$f":"IF(INDIRECT(\"'MRO Certificate Printing'!G\"&((ROW()-2)*4)+4)=\"\",\"\",INDIRECT(\"'MRO Certificate Printing'!G\"&((ROW()-2)*4)+4))","v":"Green & Bean Verifiers "},{"$f":"IF(INDIRECT(\"'MRO Certificate Printing'!J\"&((ROW()-2)*4)+4)=\"\",\"\",INDIRECT(\"'MRO Certificate Printing'!J\"&((ROW()-2)*4)+4))","v":0},{"$f":"IF(INDIRECT(\"'MRO Certificate Printing'!I\"&((ROW()-2)*4)+4)=\"\",\"\",INDIRECT(\"'MRO Certificate Printing'!I\"&((ROW()-2)*4)+4))","v":"00:00:00"},{"$f":"IF(INDIRECT(\"'MRO Certificate Printing'!K\"&((ROW()-2)*4)+4)=\"\",\"\",INDIRECT(\"'MRO Certificate Printing'!K\"&((ROW()-2)*4)+4))","v":"MFNC v1.1"},null,{"$f":"IF(INDIRECT(\"'MRO Certificate Printing'!D\"&((ROW()-2)*4)+5)=\"\",\"\",INDIRECT(\"'MRO Certificate Printing'!D\"&((ROW()-2)*4)+5))","v":"3248 Huger Street"},{"$f":"IF(INDIRECT(\"'MRO Certificate Printing'!E\"&((ROW()-2)*4)+5)=\"\",\"\",INDIRECT(\"'MRO Certificate Printing'!E\"&((ROW()-2)*4)+5))","v":304},{"$f":"IF(INDIRECT(\"'MRO Certificate Printing'!F\"&((ROW()-2)*4)+5)=\"\",\"\",INDIRECT(\"'MRO Certificate Printing'!F\"&((ROW()-2)*4)+5))","v":"Chicago, IL 29201"},{"$f":"IF(INDIRECT(\"'MRO Certificate Printing'!B\"&((ROW()-2)*4)+5)=\"\",\"\",INDIRECT(\"'MRO Certificate Printing'!B\"&((ROW()-2)*4)+5))","v":"Woodland & Burke"},{"$f":"IF(INDIRECT(\"'MRO Certificate Printing'!G\"&((ROW()-2)*4)+5)=\"\",\"\",INDIRECT(\"'MRO Certificate Printing'!G\"&((ROW()-2)*4)+5))","v":"Green & Bean Verifiers "},{"$f":"IF(INDIRECT(\"'MRO Certificate Printing'!J\"&((ROW()-2)*4)+5)=\"\",\"\",INDIRECT(\"'MRO Certificate Printing'!J\"&((ROW()-2)*4)+5))","v":0},{"$f":"IF(INDIRECT(\"'MRO Certificate Printing'!I\"&((ROW()-2)*4)+5)=\"\",\"\",INDIRECT(\"'MRO Certificate Printing'!I\"&((ROW()-2)*4)+5))","v":"00:00:00"},{"$f":"IF(INDIRECT(\"'MRO Certificate Printing'!K\"&((ROW()-2)*4)+5)=\"\",\"\",INDIRECT(\"'MRO Certificate Printing'!K\"&((ROW()-2)*4)+5))","v":"MFNC v1.1"}]
["305, 306, 307, 308",{"$f":"IF(INDIRECT(\"'MRO Certificate Printing'!D\"&((ROW()-2)*4)+2)=\"\",\"\",INDIRECT(\"'MRO Certificate Printing'!D\"&((ROW()-2)*4)+2))","v":"3248 Huger Street"},{"$f":"IF(INDIRECT(\"'MRO Certificate Printing'!E\"&((ROW()-2)*4)+2)=\"\",\"\",INDIRECT(\"'MRO Certificate Printing'!E\"&((ROW()-2)*4)+2))","v":305},{"$f":"IF(INDIRECT(\"'MRO Certificate Printing'!F\"&((ROW()-2)*4)+2)=\"\",\"\",INDIRECT(\"'MRO Certificate Printing'!F\"&((ROW()-2)*4)+2))","v":"Chicago, IL 29201"},{"$f":"IF(INDIRECT(\"'MRO Certificate Printing'!B\"&((ROW()-2)*4)+2)=\"\",\"\",INDIRECT(\"'MRO Certificate Printing'!B\"&((ROW()-2)*4)+2))","v":"Woodland & Burke"},{"$f":"IF(INDIRECT(\"'MRO Certificate Printing'!G\"&((ROW()-2)*4)+2)=\"\",\"\",INDIRECT(\"'MRO Certificate Printing'!G\"&((ROW()-2)*4)+2))","v":"Green & Bean Verifiers "},{"$f":"IF(INDIRECT(\"'MRO Certificate Printing'!J\"&((ROW()-2)*4)+2)=\"\",\"\",INDIRECT(\"'MRO Certificate Printing'!J\"&((ROW()-2)*4)+2))","v":0},{"$f":"IF(INDIRECT(\"'MRO Certificate Printing'!I\"&((ROW()-2)*4)+2)=\"\",\"\",INDIRECT(\"'MRO Certificate Printing'!I\"&((ROW()-2)*4)+2))","v":"00:00:00"},{"$f":"IF(INDIRECT(\"'MRO Certificate Printing'!K\"&((ROW()-2)*4)+2)=\"\",\"\",INDIRECT(\"'MRO Certificate Printing'!K\"&((ROW()-2)*4)+2))","v":"MFNC v1.1"},null,{"$f":"IF(INDIRECT(\"'MRO Certificate Printing'!D\"&((ROW()-2)*4)+3)=\"\",\"\",INDIRECT(\"'MRO Certificate Printing'!D\"&((ROW()-2)*4)+3))","v":"3248 Huger Street"},{"$f":"IF(INDIRECT(\"'MRO Certificate Printing'!E\"&((ROW()-2)*4)+3)=\"\",\"\",INDIRECT(\"'MRO Certificate Printing'!E\"&((ROW()-2)*4)+3))","v":306},{"$f":"IF(INDIRECT(\"'MRO Certificate Printing'!F\"&((ROW()-2)*4)+3)=\"\",\"\",INDIRECT(\"'MRO Certificate Printing'!F\"&((ROW()-2)*4)+3))","v":"Chicago, IL 29201"},{"$f":"IF(INDIRECT(\"'MRO Certificate Printing'!B\"&((ROW()-2)*4)+3)=\"\",\"\",INDIRECT(\"'MRO Certificate Printing'!B\"&((ROW()-2)*4)+3))","v":"Woodland & Burke"},{"$f":"IF(INDIRECT(\"'MRO Certificate Printing'!G\"&((ROW()-2)*4)+3)=\"\",\"\",INDIRECT(\"'MRO Certificate Printing'!G\"&((ROW()-2)*4)+3))","v":"Green & Bean Verifiers "},{"$f":"IF(INDIRECT(\"'MRO Certificate Printing'!J\"&((ROW()-2)*4)+3)=\"\",\"\",INDIRECT(\"'MRO Certificate Printing'!J\"&((ROW()-2)*4)+3))","v":0},{"$f":"IF(INDIRECT(\"'MRO Certificate Printing'!I\"&((ROW()-2)*4)+3)=\"\",\"\",INDIRECT(\"'MRO Certificate Printing'!I\"&((ROW()-2)*4)+3))","v":"00:00:00"},{"$f":"IF(INDIRECT(\"'MRO Certificate Printing'!K\"&((ROW()-2)*4)+3)=\"\",\"\",INDIRECT(\"'MRO Certificate Printing'!K\"&((ROW()-2)*4)+3))","v":"MFNC v1.1"},null,{"$f":"IF(INDIRECT(\"'MRO Certificate Printing'!D\"&((ROW()-2)*4)+4)=\"\",\"\",INDIRECT(\"'MRO Certificate Printing'!D\"&((ROW()-2)*4)+4))","v":"3248 Huger Street"},{"$f":"IF(INDIRECT(\"'MRO Certificate Printing'!E\"&((ROW()-2)*4)+4)=\"\",\"\",INDIRECT(\"'MRO Certificate Printing'!E\"&((ROW()-2)*4)+4))","v":307},{"$f":"IF(INDIRECT(\"'MRO Certificate Printing'!F\"&((ROW()-2)*4)+4)=\"\",\"\",INDIRECT(\"'MRO Certificate Printing'!F\"&((ROW()-2)*4)+4))","v":"Chicago, IL 29201"},{"$f":"IF(INDIRECT(\"'MRO Certificate Printing'!B\"&((ROW()-2)*4)+4)=\"\",\"\",INDIRECT(\"'MRO Certificate Printing'!B\"&((ROW()-2)*4)+4))","v":"Woodland & Burke"},{"$f":"IF(INDIRECT(\"'MRO Certificate Printing'!G\"&((ROW()-2)*4)+4)=\"\",\"\",INDIRECT(\"'MRO Certificate Printing'!G\"&((ROW()-2)*4)+4))","v":"Green & Bean Verifiers "},{"$f":"IF(INDIRECT(\"'MRO Certificate Printing'!J\"&((ROW()-2)*4)+4)=\"\",\"\",INDIRECT(\"'MRO Certificate Printing'!J\"&((ROW()-2)*4)+4))","v":0},{"$f":"IF(INDIRECT(\"'MRO Certificate Printing'!I\"&((ROW()-2)*4)+4)=\"\",\"\",INDIRECT(\"'MRO Certificate Printing'!I\"&((ROW()-2)*4)+4))","v":"00:00:00"},{"$f":"IF(INDIRECT(\"'MRO Certificate Printing'!K\"&((ROW()-2)*4)+4)=\"\",\"\",INDIRECT(\"'MRO Certificate Printing'!K\"&((ROW()-2)*4)+4))","v":"MFNC v1.1"},null,{"$f":"IF(INDIRECT(\"'MRO Certificate Printing'!D\"&((ROW()-2)*4)+5)=\"\",\"\",INDIRECT(\"'MRO Certificate Printing'!D\"&((ROW()-2)*4)+5))","v":"3248 Huger Street"},{"$f":"IF(INDIRECT(\"'MRO Certificate Printing'!E\"&((ROW()-2)*4)+5)=\"\",\"\",INDIRECT(\"'MRO Certificate Printing'!E\"&((ROW()-2)*4)+5))","v":308},{"$f":"IF(INDIRECT(\"'MRO Certificate Printing'!F\"&((ROW()-2)*4)+5)=\"\",\"\",INDIRECT(\"'MRO Certificate Printing'!F\"&((ROW()-2)*4)+5))","v":"Chicago, IL 29201"},{"$f":"IF(INDIRECT(\"'MRO Certificate Printing'!B\"&((ROW()-2)*4)+5)=\"\",\"\",INDIRECT(\"'MRO Certificate Printing'!B\"&((ROW()-2)*4)+5))","v":"Woodland & Burke"},{"$f":"IF(INDIRECT(\"'MRO Certificate Printing'!G\"&((ROW()-2)*4)+5)=\"\",\"\",INDIRECT(\"'MRO Certificate Printing'!G\"&((ROW()-2)*4)+5))","v":"Green & Bean Verifiers "},{"$f":"IF(INDIRECT(\"'MRO Certificate Printing'!J\"&((ROW()-2)*4)+5)=\"\",\"\",INDIRECT(\"'MRO Certificate Printing'!J\"&((ROW()-2)*4)+5))","v":0},{"$f":"IF(INDIRECT(\"'MRO Certificate Printing'!I\"&((ROW()-2)*4)+5)=\"\",\"\",INDIRECT(\"'MRO Certificate Printing'!I\"&((ROW()-2)*4)+5))","v":"00:00:00"},{"$f":"IF(INDIRECT(\"'MRO Certificate Printing'!K\"&((ROW()-2)*4)+5)=\"\",\"\",INDIRECT(\"'MRO Certificate Printing'!K\"&((ROW()-2)*4)+5))","v":"MFNC v1.1"}]
["309, 310, 401, 402",{"$f":"IF(INDIRECT(\"'MRO Certificate Printing'!D\"&((ROW()-2)*4)+2)=\"\",\"\",INDIRECT(\"'MRO Certificate Printing'!D\"&((ROW()-2)*4)+2))","v":"3248 Huger Street"},{"$f":"IF(INDIRECT(\"'MRO Certificate Printing'!E\"&((ROW()-2)*4)+2)=\"\",\"\",INDIRECT(\"'MRO Certificate Printing'!E\"&((ROW()-2)*4)+2))","v":309},{"$f":"IF(INDIRECT(\"'MRO Certificate Printing'!F\"&((ROW()-2)*4)+2)=\"\",\"\",INDIRECT(\"'MRO Certificate Printing'!F\"&((ROW()-2)*4)+2))","v":"Chicago, IL 29201"},{"$f":"IF(INDIRECT(\"'MRO Certificate Printing'!B\"&((ROW()-2)*4)+2)=\"\",\"\",INDIRECT(\"'MRO Certificate Printing'!B\"&((ROW()-2)*4)+2))","v":"Woodland & Burke"},{"$f":"IF(INDIRECT(\"'MRO Certificate Printing'!G\"&((ROW()-2)*4)+2)=\"\",\"\",INDIRECT(\"'MRO Certificate Printing'!G\"&((ROW()-2)*4)+2))","v":"Green & Bean Verifiers "},{"$f":"IF(INDIRECT(\"'MRO Certificate Printing'!J\"&((ROW()-2)*4)+2)=\"\",\"\",INDIRECT(\"'MRO Certificate Printing'!J\"&((ROW()-2)*4)+2))","v":0},{"$f":"IF(INDIRECT(\"'MRO Certificate Printing'!I\"&((ROW()-2)*4)+2)=\"\",\"\",INDIRECT(\"'MRO Certificate Printing'!I\"&((ROW()-2)*4)+2))","v":"00:00:00"},{"$f":"IF(INDIRECT(\"'MRO Certificate Printing'!K\"&((ROW()-2)*4)+2)=\"\",\"\",INDIRECT(\"'MRO Certificate Printing'!K\"&((ROW()-2)*4)+2))","v":"MFNC v1.1"},null,{"$f":"IF(INDIRECT(\"'MRO Certificate Printing'!D\"&((ROW()-2)*4)+3)=\"\",\"\",INDIRECT(\"'MRO Certificate Printing'!D\"&((ROW()-2)*4)+3))","v":"3248 Huger Street"},{"$f":"IF(INDIRECT(\"'MRO Certificate Printing'!E\"&((ROW()-2)*4)+3)=\"\",\"\",INDIRECT(\"'MRO Certificate Printing'!E\"&((ROW()-2)*4)+3))","v":310},{"$f":"IF(INDIRECT(\"'MRO Certificate Printing'!F\"&((ROW()-2)*4)+3)=\"\",\"\",INDIRECT(\"'MRO Certificate Printing'!F\"&((ROW()-2)*4)+3))","v":"Chicago, IL 29201"},{"$f":"IF(INDIRECT(\"'MRO Certificate Printing'!B\"&((ROW()-2)*4)+3)=\"\",\"\",INDIRECT(\"'MRO Certificate Printing'!B\"&((ROW()-2)*4)+3))","v":"Woodland & Burke"},{"$f":"IF(INDIRECT(\"'MRO Certificate Printing'!G\"&((ROW()-2)*4)+3)=\"\",\"\",INDIRECT(\"'MRO Certificate Printing'!G\"&((ROW()-2)*4)+3))","v":"Green & Bean Verifiers "},{"$f":"IF(INDIRECT(\"'MRO Certificate Printing'!J\"&((ROW()-2)*4)+3)=\"\",\"\",INDIRECT(\"'MRO Certificate Printing'!J\"&((ROW()-2)*4)+3))","v":0},{"$f":"IF(INDIRECT(\"'MRO Certificate Printing'!I\"&((ROW()-2)*4)+3)=\"\",\"\",INDIRECT(\"'MRO Certificate Printing'!I\"&((ROW()-2)*4)+3))","v":"00:00:00"},{"$f":"IF(INDIRECT(\"'MRO Certificate Printing'!K\"&((ROW()-2)*4)+3)=\"\",\"\",INDIRECT(\"'MRO Certificate Printing'!K\"&((ROW()-2)*4)+3))","v":"MFNC v1.1"},null,{"$f":"IF(INDIRECT(\"'MRO Certificate Printing'!D\"&((ROW()-2)*4)+4)=\"\",\"\",INDIRECT(\"'MRO Certificate Printing'!D\"&((ROW()-2)*4)+4))","v":"3248 Huger Street"},{"$f":"IF(INDIRECT(\"'MRO Certificate Printing'!E\"&((ROW()-2)*4)+4)=\"\",\"\",INDIRECT(\"'MRO Certificate Printing'!E\"&((ROW()-2)*4)+4))","v":401},{"$f":"IF(INDIRECT(\"'MRO Certificate Printing'!F\"&((ROW()-2)*4)+4)=\"\",\"\",INDIRECT(\"'MRO Certificate Printing'!F\"&((ROW()-2)*4)+4))","v":"Chicago, IL 29201"},{"$f":"IF(INDIRECT(\"'MRO Certificate Printing'!B\"&((ROW()-2)*4)+4)=\"\",\"\",INDIRECT(\"'MRO Certificate Printing'!B\"&((ROW()-2)*4)+4))","v":"Woodland & Burke"},{"$f":"IF(INDIRECT(\"'MRO Certificate Printing'!G\"&((ROW()-2)*4)+4)=\"\",\"\",INDIRECT(\"'MRO Certificate Printing'!G\"&((ROW()-2)*4)+4))","v":"Green & Bean Verifiers "},{"$f":"IF(INDIRECT(\"'MRO Certificate Printing'!J\"&((ROW()-2)*4)+4)=\"\",\"\",INDIRECT(\"'MRO Certificate Printing'!J\"&((ROW()-2)*4)+4))","v":0},{"$f":"IF(INDIRECT(\"'MRO Certificate Printing'!I\"&((ROW()-2)*4)+4)=\"\",\"\",INDIRECT(\"'MRO Certificate Printing'!I\"&((ROW()-2)*4)+4))","v":"00:00:00"},{"$f":"IF(INDIRECT(\"'MRO Certificate Printing'!K\"&((ROW()-2)*4)+4)=\"\",\"\",INDIRECT(\"'MRO Certificate Printing'!K\"&((ROW()-2)*4)+4))","v":"MFNC v1.1"},null,{"$f":"IF(INDIRECT(\"'MRO Certificate Printing'!D\"&((ROW()-2)*4)+5)=\"\",\"\",INDIRECT(\"'MRO Certificate Printing'!D\"&((ROW()-2)*4)+5))","v":"3248 Huger Street"},{"$f":"IF(INDIRECT(\"'MRO Certificate Printing'!E\"&((ROW()-2)*4)+5)=\"\",\"\",INDIRECT(\"'MRO Certificate Printing'!E\"&((ROW()-2)*4)+5))","v":402},{"$f":"IF(INDIRECT(\"'MRO Certificate Printing'!F\"&((ROW()-2)*4)+5)=\"\",\"\",INDIRECT(\"'MRO Certificate Printing'!F\"&((ROW()-2)*4)+5))","v":"Chicago, IL 29201"},{"$f":"IF(INDIRECT(\"'MRO Certificate Printing'!B\"&((ROW()-2)*4)+5)=\"\",\"\",INDIRECT(\"'MRO Certificate Printing'!B\"&((ROW()-2)*4)+5))","v":"Woodland & Burke"},{"$f":"IF(INDIRECT(\"'MRO Certificate Printing'!G\"&((ROW()-2)*4)+5)=\"\",\"\",INDIRECT(\"'MRO Certificate Printing'!G\"&((ROW()-2)*4)+5))","v":"Green & Bean Verifiers "},{"$f":"IF(INDIRECT(\"'MRO Certificate Printing'!J\"&((ROW()-2)*4)+5)=\"\",\"\",INDIRECT(\"'MRO Certificate Printing'!J\"&((ROW()-2)*4)+5))","v":0},{"$f":"IF(INDIRECT(\"'MRO Certificate Printing'!I\"&((ROW()-2)*4)+5)=\"\",\"\",INDIRECT(\"'MRO Certificate Printing'!I\"&((ROW()-2)*4)+5))","v":"00:00:00"},{"$f":"IF(INDIRECT(\"'MRO Certificate Printing'!K\"&((ROW()-2)*4)+5)=\"\",\"\",INDIRECT(\"'MRO Certificate Printing'!K\"&((ROW()-2)*4)+5))","v":"MFNC v1.1"}]
["403, 404, 405, 406",{"$f":"IF(INDIRECT(\"'MRO Certificate Printing'!D\"&((ROW()-2)*4)+2)=\"\",\"\",INDIRECT(\"'MRO Certificate Printing'!D\"&((ROW()-2)*4)+2))","v":"3248 Huger Street"},{"$f":"IF(INDIRECT(\"'MRO Certificate Printing'!E\"&((ROW()-2)*4)+2)=\"\",\"\",INDIRECT(\"'MRO Certificate Printing'!E\"&((ROW()-2)*4)+2))","v":403},{"$f":"IF(INDIRECT(\"'MRO Certificate Printing'!F\"&((ROW()-2)*4)+2)=\"\",\"\",INDIRECT(\"'MRO Certificate Printing'!F\"&((ROW()-2)*4)+2))","v":"Chicago, IL 29201"},{"$f":"IF(INDIRECT(\"'MRO Certificate Printing'!B\"&((ROW()-2)*4)+2)=\"\",\"\",INDIRECT(\"'MRO Certificate Printing'!B\"&((ROW()-2)*4)+2))","v":"Woodland & Burke"},{"$f":"IF(INDIRECT(\"'MRO Certificate Printing'!G\"&((ROW()-2)*4)+2)=\"\",\"\",INDIRECT(\"'MRO Certificate Printing'!G\"&((ROW()-2)*4)+2))","v":"Green & Bean Verifiers "},{"$f":"IF(INDIRECT(\"'MRO Certificate Printing'!J\"&((ROW()-2)*4)+2)=\"\",\"\",INDIRECT(\"'MRO Certificate Printing'!J\"&((ROW()-2)*4)+2))","v":0},{"$f":"IF(INDIRECT(\"'MRO Certificate Printing'!I\"&((ROW()-2)*4)+2)=\"\",\"\",INDIRECT(\"'MRO Certificate Printing'!I\"&((ROW()-2)*4)+2))","v":"00:00:00"},{"$f":"IF(INDIRECT(\"'MRO Certificate Printing'!K\"&((ROW()-2)*4)+2)=\"\",\"\",INDIRECT(\"'MRO Certificate Printing'!K\"&((ROW()-2)*4)+2))","v":"MFNC v1.1"},null,{"$f":"IF(INDIRECT(\"'MRO Certificate Printing'!D\"&((ROW()-2)*4)+3)=\"\",\"\",INDIRECT(\"'MRO Certificate Printing'!D\"&((ROW()-2)*4)+3))","v":"3248 Huger Street"},{"$f":"IF(INDIRECT(\"'MRO Certificate Printing'!E\"&((ROW()-2)*4)+3)=\"\",\"\",INDIRECT(\"'MRO Certificate Printing'!E\"&((ROW()-2)*4)+3))","v":404},{"$f":"IF(INDIRECT(\"'MRO Certificate Printing'!F\"&((ROW()-2)*4)+3)=\"\",\"\",INDIRECT(\"'MRO Certificate Printing'!F\"&((ROW()-2)*4)+3))","v":"Chicago, IL 29201"},{"$f":"IF(INDIRECT(\"'MRO Certificate Printing'!B\"&((ROW()-2)*4)+3)=\"\",\"\",INDIRECT(\"'MRO Certificate Printing'!B\"&((ROW()-2)*4)+3))","v":"Woodland & Burke"},{"$f":"IF(INDIRECT(\"'MRO Certificate Printing'!G\"&((ROW()-2)*4)+3)=\"\",\"\",INDIRECT(\"'MRO Certificate Printing'!G\"&((ROW()-2)*4)+3))","v":"Green & Bean Verifiers "},{"$f":"IF(INDIRECT(\"'MRO Certificate Printing'!J\"&((ROW()-2)*4)+3)=\"\",\"\",INDIRECT(\"'MRO Certificate Printing'!J\"&((ROW()-2)*4)+3))","v":0},{"$f":"IF(INDIRECT(\"'MRO Certificate Printing'!I\"&((ROW()-2)*4)+3)=\"\",\"\",INDIRECT(\"'MRO Certificate Printing'!I\"&((ROW()-2)*4)+3))","v":"00:00:00"},{"$f":"IF(INDIRECT(\"'MRO Certificate Printing'!K\"&((ROW()-2)*4)+3)=\"\",\"\",INDIRECT(\"'MRO Certificate Printing'!K\"&((ROW()-2)*4)+3))","v":"MFNC v1.1"},null,{"$f":"IF(INDIRECT(\"'MRO Certificate Printing'!D\"&((ROW()-2)*4)+4)=\"\",\"\",INDIRECT(\"'MRO Certificate Printing'!D\"&((ROW()-2)*4)+4))","v":"3248 Huger Street"},{"$f":"IF(INDIRECT(\"'MRO Certificate Printing'!E\"&((ROW()-2)*4)+4)=\"\",\"\",INDIRECT(\"'MRO Certificate Printing'!E\"&((ROW()-2)*4)+4))","v":405},{"$f":"IF(INDIRECT(\"'MRO Certificate Printing'!F\"&((ROW()-2)*4)+4)=\"\",\"\",INDIRECT(\"'MRO Certificate Printing'!F\"&((ROW()-2)*4)+4))","v":"Chicago, IL 29201"},{"$f":"IF(INDIRECT(\"'MRO Certificate Printing'!B\"&((ROW()-2)*4)+4)=\"\",\"\",INDIRECT(\"'MRO Certificate Printing'!B\"&((ROW()-2)*4)+4))","v":"Woodland & Burke"},{"$f":"IF(INDIRECT(\"'MRO Certificate Printing'!G\"&((ROW()-2)*4)+4)=\"\",\"\",INDIRECT(\"'MRO Certificate Printing'!G\"&((ROW()-2)*4)+4))","v":"Green & Bean Verifiers "},{"$f":"IF(INDIRECT(\"'MRO Certificate Printing'!J\"&((ROW()-2)*4)+4)=\"\",\"\",INDIRECT(\"'MRO Certificate Printing'!J\"&((ROW()-2)*4)+4))","v":0},{"$f":"IF(INDIRECT(\"'MRO Certificate Printing'!I\"&((ROW()-2)*4)+4)=\"\",\"\",INDIRECT(\"'MRO Certificate Printing'!I\"&((ROW()-2)*4)+4))","v":"00:00:00"},{"$f":"IF(INDIRECT(\"'MRO Certificate Printing'!K\"&((ROW()-2)*4)+4)=\"\",\"\",INDIRECT(\"'MRO Certificate Printing'!K\"&((ROW()-2)*4)+4))","v":"MFNC v1.1"},null,{"$f":"IF(INDIRECT(\"'MRO Certificate Printing'!D\"&((ROW()-2)*4)+5)=\"\",\"\",INDIRECT(\"'MRO Certificate Printing'!D\"&((ROW()-2)*4)+5))","v":"3248 Huger Street"},{"$f":"IF(INDIRECT(\"'MRO Certificate Printing'!E\"&((ROW()-2)*4)+5)=\"\",\"\",INDIRECT(\"'MRO Certificate Printing'!E\"&((ROW()-2)*4)+5))","v":406},{"$f":"IF(INDIRECT(\"'MRO Certificate Printing'!F\"&((ROW()-2)*4)+5)=\"\",\"\",INDIRECT(\"'MRO Certificate Printing'!F\"&((ROW()-2)*4)+5))","v":"Chicago, IL 29201"},{"$f":"IF(INDIRECT(\"'MRO Certificate Printing'!B\"&((ROW()-2)*4)+5)=\"\",\"\",INDIRECT(\"'MRO Certificate Printing'!B\"&((ROW()-2)*4)+5))","v":"Woodland & Burke"},{"$f":"IF(INDIRECT(\"'MRO Certificate Printing'!G\"&((ROW()-2)*4)+5)=\"\",\"\",INDIRECT(\"'MRO Certificate Printing'!G\"&((ROW()-2)*4)+5))","v":"Green & Bean Verifiers "},{"$f":"IF(INDIRECT(\"'MRO Certificate Printing'!J\"&((ROW()-2)*4)+5)=\"\",\"\",INDIRECT(\"'MRO Certificate Printing'!J\"&((ROW()-2)*4)+5))","v":0},{"$f":"IF(INDIRECT(\"'MRO Certificate Printing'!I\"&((ROW()-2)*4)+5)=\"\",\"\",INDIRECT(\"'MRO Certificate Printing'!I\"&((ROW()-2)*4)+5))","v":"00:00:00"},{"$f":"IF(INDIRECT(\"'MRO Certificate Printing'!K\"&((ROW()-2)*4)+5)=\"\",\"\",INDIRECT(\"'MRO Certificate Printing'!K\"&((ROW()-2)*4)+5))","v":"MFNC v1.1"}]
["407, 408, 409, 410",{"$f":"IF(INDIRECT(\"'MRO Certificate Printing'!D\"&((ROW()-2)*4)+2)=\"\",\"\",INDIRECT(\"'MRO Certificate Printing'!D\"&((ROW()-2)*4)+2))","v":"3248 Huger Street"},{"$f":"IF(INDIRECT(\"'MRO Certificate Printing'!E\"&((ROW()-2)*4)+2)=\"\",\"\",INDIRECT(\"'MRO Certificate Printing'!E\"&((ROW()-2)*4)+2))","v":407},{"$f":"IF(INDIRECT(\"'MRO Certificate Printing'!F\"&((ROW()-2)*4)+2)=\"\",\"\",INDIRECT(\"'MRO Certificate Printing'!F\"&((ROW()-2)*4)+2))","v":"Chicago, IL 29201"},{"$f":"IF(INDIRECT(\"'MRO Certificate Printing'!B\"&((ROW()-2)*4)+2)=\"\",\"\",INDIRECT(\"'MRO Certificate Printing'!B\"&((ROW()-2)*4)+2))","v":"Woodland & Burke"},{"$f":"IF(INDIRECT(\"'MRO Certificate Printing'!G\"&((ROW()-2)*4)+2)=\"\",\"\",INDIRECT(\"'MRO Certificate Printing'!G\"&((ROW()-2)*4)+2))","v":"Green & Bean Verifiers "},{"$f":"IF(INDIRECT(\"'MRO Certificate Printing'!J\"&((ROW()-2)*4)+2)=\"\",\"\",INDIRECT(\"'MRO Certificate Printing'!J\"&((ROW()-2)*4)+2))","v":0},{"$f":"IF(INDIRECT(\"'MRO Certificate Printing'!I\"&((ROW()-2)*4)+2)=\"\",\"\",INDIRECT(\"'MRO Certificate Printing'!I\"&((ROW()-2)*4)+2))","v":"00:00:00"},{"$f":"IF(INDIRECT(\"'MRO Certificate Printing'!K\"&((ROW()-2)*4)+2)=\"\",\"\",INDIRECT(\"'MRO Certificate Printing'!K\"&((ROW()-2)*4)+2))","v":"MFNC v1.1"},null,{"$f":"IF(INDIRECT(\"'MRO Certificate Printing'!D\"&((ROW()-2)*4)+3)=\"\",\"\",INDIRECT(\"'MRO Certificate Printing'!D\"&((ROW()-2)*4)+3))","v":"3248 Huger Street"},{"$f":"IF(INDIRECT(\"'MRO Certificate Printing'!E\"&((ROW()-2)*4)+3)=\"\",\"\",INDIRECT(\"'MRO Certificate Printing'!E\"&((ROW()-2)*4)+3))","v":408},{"$f":"IF(INDIRECT(\"'MRO Certificate Printing'!F\"&((ROW()-2)*4)+3)=\"\",\"\",INDIRECT(\"'MRO Certificate Printing'!F\"&((ROW()-2)*4)+3))","v":"Chicago, IL 29201"},{"$f":"IF(INDIRECT(\"'MRO Certificate Printing'!B\"&((ROW()-2)*4)+3)=\"\",\"\",INDIRECT(\"'MRO Certificate Printing'!B\"&((ROW()-2)*4)+3))","v":"Woodland & Burke"},{"$f":"IF(INDIRECT(\"'MRO Certificate Printing'!G\"&((ROW()-2)*4)+3)=\"\",\"\",INDIRECT(\"'MRO Certificate Printing'!G\"&((ROW()-2)*4)+3))","v":"Green & Bean Verifiers "},{"$f":"IF(INDIRECT(\"'MRO Certificate Printing'!J\"&((ROW()-2)*4)+3)=\"\",\"\",INDIRECT(\"'MRO Certificate Printing'!J\"&((ROW()-2)*4)+3))","v":0},{"$f":"IF(INDIRECT(\"'MRO Certificate Printing'!I\"&((ROW()-2)*4)+3)=\"\",\"\",INDIRECT(\"'MRO Certificate Printing'!I\"&((ROW()-2)*4)+3))","v":"00:00:00"},{"$f":"IF(INDIRECT(\"'MRO Certificate Printing'!K\"&((ROW()-2)*4)+3)=\"\",\"\",INDIRECT(\"'MRO Certificate Printing'!K\"&((ROW()-2)*4)+3))","v":"MFNC v1.1"},null,{"$f":"IF(INDIRECT(\"'MRO Certificate Printing'!D\"&((ROW()-2)*4)+4)=\"\",\"\",INDIRECT(\"'MRO Certificate Printing'!D\"&((ROW()-2)*4)+4))","v":"3248 Huger Street"},{"$f":"IF(INDIRECT(\"'MRO Certificate Printing'!E\"&((ROW()-2)*4)+4)=\"\",\"\",INDIRECT(\"'MRO Certificate Printing'!E\"&((ROW()-2)*4)+4))","v":409},{"$f":"IF(INDIRECT(\"'MRO Certificate Printing'!F\"&((ROW()-2)*4)+4)=\"\",\"\",INDIRECT(\"'MRO Certificate Printing'!F\"&((ROW()-2)*4)+4))","v":"Chicago, IL 29201"},{"$f":"IF(INDIRECT(\"'MRO Certificate Printing'!B\"&((ROW()-2)*4)+4)=\"\",\"\",INDIRECT(\"'MRO Certificate Printing'!B\"&((ROW()-2)*4)+4))","v":"Woodland & Burke"},{"$f":"IF(INDIRECT(\"'MRO Certificate Printing'!G\"&((ROW()-2)*4)+4)=\"\",\"\",INDIRECT(\"'MRO Certificate Printing'!G\"&((ROW()-2)*4)+4))","v":"Green & Bean Verifiers "},{"$f":"IF(INDIRECT(\"'MRO Certificate Printing'!J\"&((ROW()-2)*4)+4)=\"\",\"\",INDIRECT(\"'MRO Certificate Printing'!J\"&((ROW()-2)*4)+4))","v":0},{"$f":"IF(INDIRECT(\"'MRO Certificate Printing'!I\"&((ROW()-2)*4)+4)=\"\",\"\",INDIRECT(\"'MRO Certificate Printing'!I\"&((ROW()-2)*4)+4))","v":"00:00:00"},{"$f":"IF(INDIRECT(\"'MRO Certificate Printing'!K\"&((ROW()-2)*4)+4)=\"\",\"\",INDIRECT(\"'MRO Certificate Printing'!K\"&((ROW()-2)*4)+4))","v":"MFNC v1.1"},null,{"$f":"IF(INDIRECT(\"'MRO Certificate Printing'!D\"&((ROW()-2)*4)+5)=\"\",\"\",INDIRECT(\"'MRO Certificate Printing'!D\"&((ROW()-2)*4)+5))","v":"3248 Huger Street"},{"$f":"IF(INDIRECT(\"'MRO Certificate Printing'!E\"&((ROW()-2)*4)+5)=\"\",\"\",INDIRECT(\"'MRO Certificate Printing'!E\"&((ROW()-2)*4)+5))","v":410},{"$f":"IF(INDIRECT(\"'MRO Certificate Printing'!F\"&((ROW()-2)*4)+5)=\"\",\"\",INDIRECT(\"'MRO Certificate Printing'!F\"&((ROW()-2)*4)+5))","v":"Chicago, IL 29201"},{"$f":"IF(INDIRECT(\"'MRO Certificate Printing'!B\"&((ROW()-2)*4)+5)=\"\",\"\",INDIRECT(\"'MRO Certificate Printing'!B\"&((ROW()-2)*4)+5))","v":"Woodland & Burke"},{"$f":"IF(INDIRECT(\"'MRO Certificate Printing'!G\"&((ROW()-2)*4)+5)=\"\",\"\",INDIRECT(\"'MRO Certificate Printing'!G\"&((ROW()-2)*4)+5))","v":"Green & Bean Verifiers "},{"$f":"IF(INDIRECT(\"'MRO Certificate Printing'!J\"&((ROW()-2)*4)+5)=\"\",\"\",INDIRECT(\"'MRO Certificate Printing'!J\"&((ROW()-2)*4)+5))","v":0},{"$f":"IF(INDIRECT(\"'MRO Certificate Printing'!I\"&((ROW()-2)*4)+5)=\"\",\"\",INDIRECT(\"'MRO Certificate Printing'!I\"&((ROW()-2)*4)+5))","v":"00:00:00"},{"$f":"IF(INDIRECT(\"'MRO Certificate Printing'!K\"&((ROW()-2)*4)+5)=\"\",\"\",INDIRECT(\"'MRO Certificate Printing'!K\"&((ROW()-2)*4)+5))","v":"MFNC v1.1"}]
["501, 502, 503, 504",{"$f":"IF(INDIRECT(\"'MRO Certificate Printing'!D\"&((ROW()-2)*4)+2)=\"\",\"\",INDIRECT(\"'MRO Certificate Printing'!D\"&((ROW()-2)*4)+2))","v":"3248 Huger Street"},{"$f":"IF(INDIRECT(\"'MRO Certificate Printing'!E\"&((ROW()-2)*4)+2)=\"\",\"\",INDIRECT(\"'MRO Certificate Printing'!E\"&((ROW()-2)*4)+2))","v":501},{"$f":"IF(INDIRECT(\"'MRO Certificate Printing'!F\"&((ROW()-2)*4)+2)=\"\",\"\",INDIRECT(\"'MRO Certificate Printing'!F\"&((ROW()-2)*4)+2))","v":"Chicago, IL 29201"},{"$f":"IF(INDIRECT(\"'MRO Certificate Printing'!B\"&((ROW()-2)*4)+2)=\"\",\"\",INDIRECT(\"'MRO Certificate Printing'!B\"&((ROW()-2)*4)+2))","v":"Woodland & Burke"},{"$f":"IF(INDIRECT(\"'MRO Certificate Printing'!G\"&((ROW()-2)*4)+2)=\"\",\"\",INDIRECT(\"'MRO Certificate Printing'!G\"&((ROW()-2)*4)+2))","v":"Green & Bean Verifiers "},{"$f":"IF(INDIRECT(\"'MRO Certificate Printing'!J\"&((ROW()-2)*4)+2)=\"\",\"\",INDIRECT(\"'MRO Certificate Printing'!J\"&((ROW()-2)*4)+2))","v":0},{"$f":"IF(INDIRECT(\"'MRO Certificate Printing'!I\"&((ROW()-2)*4)+2)=\"\",\"\",INDIRECT(\"'MRO Certificate Printing'!I\"&((ROW()-2)*4)+2))","v":"00:00:00"},{"$f":"IF(INDIRECT(\"'MRO Certificate Printing'!K\"&((ROW()-2)*4)+2)=\"\",\"\",INDIRECT(\"'MRO Certificate Printing'!K\"&((ROW()-2)*4)+2))","v":"MFNC v1.1"},null,{"$f":"IF(INDIRECT(\"'MRO Certificate Printing'!D\"&((ROW()-2)*4)+3)=\"\",\"\",INDIRECT(\"'MRO Certificate Printing'!D\"&((ROW()-2)*4)+3))","v":"3248 Huger Street"},{"$f":"IF(INDIRECT(\"'MRO Certificate Printing'!E\"&((ROW()-2)*4)+3)=\"\",\"\",INDIRECT(\"'MRO Certificate Printing'!E\"&((ROW()-2)*4)+3))","v":502},{"$f":"IF(INDIRECT(\"'MRO Certificate Printing'!F\"&((ROW()-2)*4)+3)=\"\",\"\",INDIRECT(\"'MRO Certificate Printing'!F\"&((ROW()-2)*4)+3))","v":"Chicago, IL 29201"},{"$f":"IF(INDIRECT(\"'MRO Certificate Printing'!B\"&((ROW()-2)*4)+3)=\"\",\"\",INDIRECT(\"'MRO Certificate Printing'!B\"&((ROW()-2)*4)+3))","v":"Woodland & Burke"},{"$f":"IF(INDIRECT(\"'MRO Certificate Printing'!G\"&((ROW()-2)*4)+3)=\"\",\"\",INDIRECT(\"'MRO Certificate Printing'!G\"&((ROW()-2)*4)+3))","v":"Green & Bean Verifiers "},{"$f":"IF(INDIRECT(\"'MRO Certificate Printing'!J\"&((ROW()-2)*4)+3)=\"\",\"\",INDIRECT(\"'MRO Certificate Printing'!J\"&((ROW()-2)*4)+3))","v":0},{"$f":"IF(INDIRECT(\"'MRO Certificate Printing'!I\"&((ROW()-2)*4)+3)=\"\",\"\",INDIRECT(\"'MRO Certificate Printing'!I\"&((ROW()-2)*4)+3))","v":"00:00:00"},{"$f":"IF(INDIRECT(\"'MRO Certificate Printing'!K\"&((ROW()-2)*4)+3)=\"\",\"\",INDIRECT(\"'MRO Certificate Printing'!K\"&((ROW()-2)*4)+3))","v":"MFNC v1.1"},null,{"$f":"IF(INDIRECT(\"'MRO Certificate Printing'!D\"&((ROW()-2)*4)+4)=\"\",\"\",INDIRECT(\"'MRO Certificate Printing'!D\"&((ROW()-2)*4)+4))","v":"3248 Huger Street"},{"$f":"IF(INDIRECT(\"'MRO Certificate Printing'!E\"&((ROW()-2)*4)+4)=\"\",\"\",INDIRECT(\"'MRO Certificate Printing'!E\"&((ROW()-2)*4)+4))","v":503},{"$f":"IF(INDIRECT(\"'MRO Certificate Printing'!F\"&((ROW()-2)*4)+4)=\"\",\"\",INDIRECT(\"'MRO Certificate Printing'!F\"&((ROW()-2)*4)+4))","v":"Chicago, IL 29201"},{"$f":"IF(INDIRECT(\"'MRO Certificate Printing'!B\"&((ROW()-2)*4)+4)=\"\",\"\",INDIRECT(\"'MRO Certificate Printing'!B\"&((ROW()-2)*4)+4))","v":"Woodland & Burke"},{"$f":"IF(INDIRECT(\"'MRO Certificate Printing'!G\"&((ROW()-2)*4)+4)=\"\",\"\",INDIRECT(\"'MRO Certificate Printing'!G\"&((ROW()-2)*4)+4))","v":"Green & Bean Verifiers "},{"$f":"IF(INDIRECT(\"'MRO Certificate Printing'!J\"&((ROW()-2)*4)+4)=\"\",\"\",INDIRECT(\"'MRO Certificate Printing'!J\"&((ROW()-2)*4)+4))","v":0},{"$f":"IF(INDIRECT(\"'MRO Certificate Printing'!I\"&((ROW()-2)*4)+4)=\"\",\"\",INDIRECT(\"'MRO Certificate Printing'!I\"&((ROW()-2)*4)+4))","v":"00:00:00"},{"$f":"IF(INDIRECT(\"'MRO Certificate Printing'!K\"&((ROW()-2)*4)+4)=\"\",\"\",INDIRECT(\"'MRO Certificate Printing'!K\"&((ROW()-2)*4)+4))","v":"MFNC v1.1"},null,{"$f":"IF(INDIRECT(\"'MRO Certificate Printing'!D\"&((ROW()-2)*4)+5)=\"\",\"\",INDIRECT(\"'MRO Certificate Printing'!D\"&((ROW()-2)*4)+5))","v":"3248 Huger Street"},{"$f":"IF(INDIRECT(\"'MRO Certificate Printing'!E\"&((ROW()-2)*4)+5)=\"\",\"\",INDIRECT(\"'MRO Certificate Printing'!E\"&((ROW()-2)*4)+5))","v":504},{"$f":"IF(INDIRECT(\"'MRO Certificate Printing'!F\"&((ROW()-2)*4)+5)=\"\",\"\",INDIRECT(\"'MRO Certificate Printing'!F\"&((ROW()-2)*4)+5))","v":"Chicago, IL 29201"},{"$f":"IF(INDIRECT(\"'MRO Certificate Printing'!B\"&((ROW()-2)*4)+5)=\"\",\"\",INDIRECT(\"'MRO Certificate Printing'!B\"&((ROW()-2)*4)+5))","v":"Woodland & Burke"},{"$f":"IF(INDIRECT(\"'MRO Certificate Printing'!G\"&((ROW()-2)*4)+5)=\"\",\"\",INDIRECT(\"'MRO Certificate Printing'!G\"&((ROW()-2)*4)+5))","v":"Green & Bean Verifiers "},{"$f":"IF(INDIRECT(\"'MRO Certificate Printing'!J\"&((ROW()-2)*4)+5)=\"\",\"\",INDIRECT(\"'MRO Certificate Printing'!J\"&((ROW()-2)*4)+5))","v":0},{"$f":"IF(INDIRECT(\"'MRO Certificate Printing'!I\"&((ROW()-2)*4)+5)=\"\",\"\",INDIRECT(\"'MRO Certificate Printing'!I\"&((ROW()-2)*4)+5))","v":"00:00:00"},{"$f":"IF(INDIRECT(\"'MRO Certificate Printing'!K\"&((ROW()-2)*4)+5)=\"\",\"\",INDIRECT(\"'MRO Certificate Printing'!K\"&((ROW()-2)*4)+5))","v":"MFNC v1.1"}]
["505, 506, 507, 508",{"$f":"IF(INDIRECT(\"'MRO Certificate Printing'!D\"&((ROW()-2)*4)+2)=\"\",\"\",INDIRECT(\"'MRO Certificate Printing'!D\"&((ROW()-2)*4)+2))","v":"3248 Huger Street"},{"$f":"IF(INDIRECT(\"'MRO Certificate Printing'!E\"&((ROW()-2)*4)+2)=\"\",\"\",INDIRECT(\"'MRO Certificate Printing'!E\"&((ROW()-2)*4)+2))","v":505},{"$f":"IF(INDIRECT(\"'MRO Certificate Printing'!F\"&((ROW()-2)*4)+2)=\"\",\"\",INDIRECT(\"'MRO Certificate Printing'!F\"&((ROW()-2)*4)+2))","v":"Chicago, IL 29201"},{"$f":"IF(INDIRECT(\"'MRO Certificate Printing'!B\"&((ROW()-2)*4)+2)=\"\",\"\",INDIRECT(\"'MRO Certificate Printing'!B\"&((ROW()-2)*4)+2))","v":"Woodland & Burke"},{"$f":"IF(INDIRECT(\"'MRO Certificate Printing'!G\"&((ROW()-2)*4)+2)=\"\",\"\",INDIRECT(\"'MRO Certificate Printing'!G\"&((ROW()-2)*4)+2))","v":"Green & Bean Verifiers "},{"$f":"IF(INDIRECT(\"'MRO Certificate Printing'!J\"&((ROW()-2)*4)+2)=\"\",\"\",INDIRECT(\"'MRO Certificate Printing'!J\"&((ROW()-2)*4)+2))","v":0},{"$f":"IF(INDIRECT(\"'MRO Certificate Printing'!I\"&((ROW()-2)*4)+2)=\"\",\"\",INDIRECT(\"'MRO Certificate Printing'!I\"&((ROW()-2)*4)+2))","v":"00:00:00"},{"$f":"IF(INDIRECT(\"'MRO Certificate Printing'!K\"&((ROW()-2)*4)+2)=\"\",\"\",INDIRECT(\"'MRO Certificate Printing'!K\"&((ROW()-2)*4)+2))","v":"MFNC v1.1"},null,{"$f":"IF(INDIRECT(\"'MRO Certificate Printing'!D\"&((ROW()-2)*4)+3)=\"\",\"\",INDIRECT(\"'MRO Certificate Printing'!D\"&((ROW()-2)*4)+3))","v":"3248 Huger Street"},{"$f":"IF(INDIRECT(\"'MRO Certificate Printing'!E\"&((ROW()-2)*4)+3)=\"\",\"\",INDIRECT(\"'MRO Certificate Printing'!E\"&((ROW()-2)*4)+3))","v":506},{"$f":"IF(INDIRECT(\"'MRO Certificate Printing'!F\"&((ROW()-2)*4)+3)=\"\",\"\",INDIRECT(\"'MRO Certificate Printing'!F\"&((ROW()-2)*4)+3))","v":"Chicago, IL 29201"},{"$f":"IF(INDIRECT(\"'MRO Certificate Printing'!B\"&((ROW()-2)*4)+3)=\"\",\"\",INDIRECT(\"'MRO Certificate Printing'!B\"&((ROW()-2)*4)+3))","v":"Woodland & Burke"},{"$f":"IF(INDIRECT(\"'MRO Certificate Printing'!G\"&((ROW()-2)*4)+3)=\"\",\"\",INDIRECT(\"'MRO Certificate Printing'!G\"&((ROW()-2)*4)+3))","v":"Green & Bean Verifiers "},{"$f":"IF(INDIRECT(\"'MRO Certificate Printing'!J\"&((ROW()-2)*4)+3)=\"\",\"\",INDIRECT(\"'MRO Certificate Printing'!J\"&((ROW()-2)*4)+3))","v":0},{"$f":"IF(INDIRECT(\"'MRO Certificate Printing'!I\"&((ROW()-2)*4)+3)=\"\",\"\",INDIRECT(\"'MRO Certificate Printing'!I\"&((ROW()-2)*4)+3))","v":"00:00:00"},{"$f":"IF(INDIRECT(\"'MRO Certificate Printing'!K\"&((ROW()-2)*4)+3)=\"\",\"\",INDIRECT(\"'MRO Certificate Printing'!K\"&((ROW()-2)*4)+3))","v":"MFNC v1.1"},null,{"$f":"IF(INDIRECT(\"'MRO Certificate Printing'!D\"&((ROW()-2)*4)+4)=\"\",\"\",INDIRECT(\"'MRO Certificate Printing'!D\"&((ROW()-2)*4)+4))","v":"3248 Huger Street"},{"$f":"IF(INDIRECT(\"'MRO Certificate Printing'!E\"&((ROW()-2)*4)+4)=\"\",\"\",INDIRECT(\"'MRO Certificate Printing'!E\"&((ROW()-2)*4)+4))","v":507},{"$f":"IF(INDIRECT(\"'MRO Certificate Printing'!F\"&((ROW()-2)*4)+4)=\"\",\"\",INDIRECT(\"'MRO Certificate Printing'!F\"&((ROW()-2)*4)+4))","v":"Chicago, IL 29201"},{"$f":"IF(INDIRECT(\"'MRO Certificate Printing'!B\"&((ROW()-2)*4)+4)=\"\",\"\",INDIRECT(\"'MRO Certificate Printing'!B\"&((ROW()-2)*4)+4))","v":"Woodland & Burke"},{"$f":"IF(INDIRECT(\"'MRO Certificate Printing'!G\"&((ROW()-2)*4)+4)=\"\",\"\",INDIRECT(\"'MRO Certificate Printing'!G\"&((ROW()-2)*4)+4))","v":"Green & Bean Verifiers "},{"$f":"IF(INDIRECT(\"'MRO Certificate Printing'!J\"&((ROW()-2)*4)+4)=\"\",\"\",INDIRECT(\"'MRO Certificate Printing'!J\"&((ROW()-2)*4)+4))","v":0},{"$f":"IF(INDIRECT(\"'MRO Certificate Printing'!I\"&((ROW()-2)*4)+4)=\"\",\"\",INDIRECT(\"'MRO Certificate Printing'!I\"&((ROW()-2)*4)+4))","v":"00:00:00"},{"$f":"IF(INDIRECT(\"'MRO Certificate Printing'!K\"&((ROW()-2)*4)+4)=\"\",\"\",INDIRECT(\"'MRO Certificate Printing'!K\"&((ROW()-2)*4)+4))","v":"MFNC v1.1"},null,{"$f":"IF(INDIRECT(\"'MRO Certificate Printing'!D\"&((ROW()-2)*4)+5)=\"\",\"\",INDIRECT(\"'MRO Certificate Printing'!D\"&((ROW()-2)*4)+5))","v":"3248 Huger Street"},{"$f":"IF(INDIRECT(\"'MRO Certificate Printing'!E\"&((ROW()-2)*4)+5)=\"\",\"\",INDIRECT(\"'MRO Certificate Printing'!E\"&((ROW()-2)*4)+5))","v":508},{"$f":"IF(INDIRECT(\"'MRO Certificate Printing'!F\"&((ROW()-2)*4)+5)=\"\",\"\",INDIRECT(\"'MRO Certificate Printing'!F\"&((ROW()-2)*4)+5))","v":"Chicago, IL 29201"},{"$f":"IF(INDIRECT(\"'MRO Certificate Printing'!B\"&((ROW()-2)*4)+5)=\"\",\"\",INDIRECT(\"'MRO Certificate Printing'!B\"&((ROW()-2)*4)+5))","v":"Woodland & Burke"},{"$f":"IF(INDIRECT(\"'MRO Certificate Printing'!G\"&((ROW()-2)*4)+5)=\"\",\"\",INDIRECT(\"'MRO Certificate Printing'!G\"&((ROW()-2)*4)+5))","v":"Green & Bean Verifiers "},{"$f":"IF(INDIRECT(\"'MRO Certificate Printing'!J\"&((ROW()-2)*4)+5)=\"\",\"\",INDIRECT(\"'MRO Certificate Printing'!J\"&((ROW()-2)*4)+5))","v":0},{"$f":"IF(INDIRECT(\"'MRO Certificate Printing'!I\"&((ROW()-2)*4)+5)=\"\",\"\",INDIRECT(\"'MRO Certificate Printing'!I\"&((ROW()-2)*4)+5))","v":"00:00:00"},{"$f":"IF(INDIRECT(\"'MRO Certificate Printing'!K\"&((ROW()-2)*4)+5)=\"\",\"\",INDIRECT(\"'MRO Certificate Printing'!K\"&((ROW()-2)*4)+5))","v":"MFNC v1.1"}]
["509, 510, , ",{"$f":"IF(INDIRECT(\"'MRO Certificate Printing'!D\"&((ROW()-2)*4)+2)=\"\",\"\",INDIRECT(\"'MRO Certificate Printing'!D\"&((ROW()-2)*4)+2))","v":"3248 Huger Street"},{"$f":"IF(INDIRECT(\"'MRO Certificate Printing'!E\"&((ROW()-2)*4)+2)=\"\",\"\",INDIRECT(\"'MRO Certificate Printing'!E\"&((ROW()-2)*4)+2))","v":509},{"$f":"IF(INDIRECT(\"'MRO Certificate Printing'!F\"&((ROW()-2)*4)+2)=\"\",\"\",INDIRECT(\"'MRO Certificate Printing'!F\"&((ROW()-2)*4)+2))","v":"Chicago, IL 29201"},{"$f":"IF(INDIRECT(\"'MRO Certificate Printing'!B\"&((ROW()-2)*4)+2)=\"\",\"\",INDIRECT(\"'MRO Certificate Printing'!B\"&((ROW()-2)*4)+2))","v":"Woodland & Burke"},{"$f":"IF(INDIRECT(\"'MRO Certificate Printing'!G\"&((ROW()-2)*4)+2)=\"\",\"\",INDIRECT(\"'MRO Certificate Printing'!G\"&((ROW()-2)*4)+2))","v":"Green & Bean Verifiers "},{"$f":"IF(INDIRECT(\"'MRO Certificate Printing'!J\"&((ROW()-2)*4)+2)=\"\",\"\",INDIRECT(\"'MRO Certificate Printing'!J\"&((ROW()-2)*4)+2))","v":0},{"$f":"IF(INDIRECT(\"'MRO Certificate Printing'!I\"&((ROW()-2)*4)+2)=\"\",\"\",INDIRECT(\"'MRO Certificate Printing'!I\"&((ROW()-2)*4)+2))","v":"00:00:00"},{"$f":"IF(INDIRECT(\"'MRO Certificate Printing'!K\"&((ROW()-2)*4)+2)=\"\",\"\",INDIRECT(\"'MRO Certificate Printing'!K\"&((ROW()-2)*4)+2))","v":"MFNC v1.1"},null,{"$f":"IF(INDIRECT(\"'MRO Certificate Printing'!D\"&((ROW()-2)*4)+3)=\"\",\"\",INDIRECT(\"'MRO Certificate Printing'!D\"&((ROW()-2)*4)+3))","v":"3248 Huger Street"},{"$f":"IF(INDIRECT(\"'MRO Certificate Printing'!E\"&((ROW()-2)*4)+3)=\"\",\"\",INDIRECT(\"'MRO Certificate Printing'!E\"&((ROW()-2)*4)+3))","v":510},{"$f":"IF(INDIRECT(\"'MRO Certificate Printing'!F\"&((ROW()-2)*4)+3)=\"\",\"\",INDIRECT(\"'MRO Certificate Printing'!F\"&((ROW()-2)*4)+3))","v":"Chicago, IL 29201"},{"$f":"IF(INDIRECT(\"'MRO Certificate Printing'!B\"&((ROW()-2)*4)+3)=\"\",\"\",INDIRECT(\"'MRO Certificate Printing'!B\"&((ROW()-2)*4)+3))","v":"Woodland & Burke"},{"$f":"IF(INDIRECT(\"'MRO Certificate Printing'!G\"&((ROW()-2)*4)+3)=\"\",\"\",INDIRECT(\"'MRO Certificate Printing'!G\"&((ROW()-2)*4)+3))","v":"Green & Bean Verifiers "},{"$f":"IF(INDIRECT(\"'MRO Certificate Printing'!J\"&((ROW()-2)*4)+3)=\"\",\"\",INDIRECT(\"'MRO Certificate Printing'!J\"&((ROW()-2)*4)+3))","v":0},{"$f":"IF(INDIRECT(\"'MRO Certificate Printing'!I\"&((ROW()-2)*4)+3)=\"\",\"\",INDIRECT(\"'MRO Certificate Printing'!I\"&((ROW()-2)*4)+3))","v":"00:00:00"},{"$f":"IF(INDIRECT(\"'MRO Certificate Printing'!K\"&((ROW()-2)*4)+3)=\"\",\"\",INDIRECT(\"'MRO Certificate Printing'!K\"&((ROW()-2)*4)+3))","v":"MFNC v1.1"},null,{"$f":"IF(INDIRECT(\"'MRO Certificate Printing'!D\"&((ROW()-2)*4)+4)=\"\",\"\",INDIRECT(\"'MRO Certificate Printing'!D\"&((ROW()-2)*4)+4))","v":""},{"$f":"IF(INDIRECT(\"'MRO Certificate Printing'!E\"&((ROW()-2)*4)+4)=\"\",\"\",INDIRECT(\"'MRO Certificate Printing'!E\"&((ROW()-2)*4)+4))","v":""},{"$f":"IF(INDIRECT(\"'MRO Certificate Printing'!F\"&((ROW()-2)*4)+4)=\"\",\"\",INDIRECT(\"'MRO Certificate Printing'!F\"&((ROW()-2)*4)+4))","v":""},{"$f":"IF(INDIRECT(\"'MRO Certificate Printing'!B\"&((ROW()-2)*4)+4)=\"\",\"\",INDIRECT(\"'MRO Certificate Printing'!B\"&((ROW()-2)*4)+4))","v":""},{"$f":"IF(INDIRECT(\"'MRO Certificate Printing'!G\"&((ROW()-2)*4)+4)=\"\",\"\",INDIRECT(\"'MRO Certificate Printing'!G\"&((ROW()-2)*4)+4))","v":""},{"$f":"IF(INDIRECT(\"'MRO Certificate Printing'!J\"&((ROW()-2)*4)+4)=\"\",\"\",INDIRECT(\"'MRO Certificate Printing'!J\"&((ROW()-2)*4)+4))","v":""},{"$f":"IF(INDIRECT(\"'MRO Certificate Printing'!I\"&((ROW()-2)*4)+4)=\"\",\"\",INDIRECT(\"'MRO Certificate Printing'!I\"&((ROW()-2)*4)+4))","v":""},{"$f":"IF(INDIRECT(\"'MRO Certificate Printing'!K\"&((ROW()-2)*4)+4)=\"\",\"\",INDIRECT(\"'MRO Certificate Printing'!K\"&((ROW()-2)*4)+4))","v":""},null,{"$f":"IF(INDIRECT(\"'MRO Certificate Printing'!D\"&((ROW()-2)*4)+5)=\"\",\"\",INDIRECT(\"'MRO Certificate Printing'!D\"&((ROW()-2)*4)+5))","v":""},{"$f":"IF(INDIRECT(\"'MRO Certificate Printing'!E\"&((ROW()-2)*4)+5)=\"\",\"\",INDIRECT(\"'MRO Certificate Printing'!E\"&((ROW()-2)*4)+5))","v":""},{"$f":"IF(INDIRECT(\"'MRO Certificate Printing'!F\"&((ROW()-2)*4)+5)=\"\",\"\",INDIRECT(\"'MRO Certificate Printing'!F\"&((ROW()-2)*4)+5))","v":""},{"$f":"IF(INDIRECT(\"'MRO Certificate Printing'!B\"&((ROW()-2)*4)+5)=\"\",\"\",INDIRECT(\"'MRO Certificate Printing'!B\"&((ROW()-2)*4)+5))","v":""},{"$f":"IF(INDIRECT(\"'MRO Certificate Printing'!G\"&((ROW()-2)*4)+5)=\"\",\"\",INDIRECT(\"'MRO Certificate Printing'!G\"&((ROW()-2)*4)+5))","v":""},{"$f":"IF(INDIRECT(\"'MRO Certificate Printing'!J\"&((ROW()-2)*4)+5)=\"\",\"\",INDIRECT(\"'MRO Certificate Printing'!J\"&((ROW()-2)*4)+5))","v":""},{"$f":"IF(INDIRECT(\"'MRO Certificate Printing'!I\"&((ROW()-2)*4)+5)=\"\",\"\",INDIRECT(\"'MRO Certificate Printing'!I\"&((ROW()-2)*4)+5))","v":""},{"$f":"IF(INDIRECT(\"'MRO Certificate Printing'!K\"&((ROW()-2)*4)+5)=\"\",\"\",INDIRECT(\"'MRO Certificate Printing'!K\"&((ROW()-2)*4)+5))","v":""}]
["",{"$f":"IF(INDIRECT(\"'MRO Certificate Printing'!D\"&((ROW()-2)*4)+2)=\"\",\"\",INDIRECT(\"'MRO Certificate Printing'!D\"&((ROW()-2)*4)+2))","v":""},{"$f":"IF(INDIRECT(\"'MRO Certificate Printing'!E\"&((ROW()-2)*4)+2)=\"\",\"\",INDIRECT(\"'MRO Certificate Printing'!E\"&((ROW()-2)*4)+2))","v":""},{"$f":"IF(INDIRECT(\"'MRO Certificate Printing'!F\"&((ROW()-2)*4)+2)=\"\",\"\",INDIRECT(\"'MRO Certificate Printing'!F\"&((ROW()-2)*4)+2))","v":""},{"$f":"IF(INDIRECT(\"'MRO Certificate Printing'!B\"&((ROW()-2)*4)+2)=\"\",\"\",INDIRECT(\"'MRO Certificate Printing'!B\"&((ROW()-2)*4)+2))","v":""},{"$f":"IF(INDIRECT(\"'MRO Certificate Printing'!G\"&((ROW()-2)*4)+2)=\"\",\"\",INDIRECT(\"'MRO Certificate Printing'!G\"&((ROW()-2)*4)+2))","v":""},{"$f":"IF(INDIRECT(\"'MRO Certificate Printing'!J\"&((ROW()-2)*4)+2)=\"\",\"\",INDIRECT(\"'MRO Certificate Printing'!J\"&((ROW()-2)*4)+2))","v":""},{"$f":"IF(INDIRECT(\"'MRO Certificate Printing'!I\"&((ROW()-2)*4)+2)=\"\",\"\",INDIRECT(\"'MRO Certificate Printing'!I\"&((ROW()-2)*4)+2))","v":""},{"$f":"IF(INDIRECT(\"'MRO Certificate Printing'!K\"&((ROW()-2)*4)+2)=\"\",\"\",INDIRECT(\"'MRO Certificate Printing'!K\"&((ROW()-2)*4)+2))","v":""},null,{"$f":"IF(INDIRECT(\"'MRO Certificate Printing'!D\"&((ROW()-2)*4)+3)=\"\",\"\",INDIRECT(\"'MRO Certificate Printing'!D\"&((ROW()-2)*4)+3))","v":""},{"$f":"IF(INDIRECT(\"'MRO Certificate Printing'!E\"&((ROW()-2)*4)+3)=\"\",\"\",INDIRECT(\"'MRO Certificate Printing'!E\"&((ROW()-2)*4)+3))","v":""},{"$f":"IF(INDIRECT(\"'MRO Certificate Printing'!F\"&((ROW()-2)*4)+3)=\"\",\"\",INDIRECT(\"'MRO Certificate Printing'!F\"&((ROW()-2)*4)+3))","v":""},{"$f":"IF(INDIRECT(\"'MRO Certificate Printing'!B\"&((ROW()-2)*4)+3)=\"\",\"\",INDIRECT(\"'MRO Certificate Printing'!B\"&((ROW()-2)*4)+3))","v":""},{"$f":"IF(INDIRECT(\"'MRO Certificate Printing'!G\"&((ROW()-2)*4)+3)=\"\",\"\",INDIRECT(\"'MRO Certificate Printing'!G\"&((ROW()-2)*4)+3))","v":""},{"$f":"IF(INDIRECT(\"'MRO Certificate Printing'!J\"&((ROW()-2)*4)+3)=\"\",\"\",INDIRECT(\"'MRO Certificate Printing'!J\"&((ROW()-2)*4)+3))","v":""},{"$f":"IF(INDIRECT(\"'MRO Certificate Printing'!I\"&((ROW()-2)*4)+3)=\"\",\"\",INDIRECT(\"'MRO Certificate Printing'!I\"&((ROW()-2)*4)+3))","v":""},{"$f":"IF(INDIRECT(\"'MRO Certificate Printing'!K\"&((ROW()-2)*4)+3)=\"\",\"\",INDIRECT(\"'MRO Certificate Printing'!K\"&((ROW()-2)*4)+3))","v":""},null,{"$f":"IF(INDIRECT(\"'MRO Certificate Printing'!D\"&((ROW()-2)*4)+4)=\"\",\"\",INDIRECT(\"'MRO Certificate Printing'!D\"&((ROW()-2)*4)+4))","v":""},{"$f":"IF(INDIRECT(\"'MRO Certificate Printing'!E\"&((ROW()-2)*4)+4)=\"\",\"\",INDIRECT(\"'MRO Certificate Printing'!E\"&((ROW()-2)*4)+4))","v":""},{"$f":"IF(INDIRECT(\"'MRO Certificate Printing'!F\"&((ROW()-2)*4)+4)=\"\",\"\",INDIRECT(\"'MRO Certificate Printing'!F\"&((ROW()-2)*4)+4))","v":""},{"$f":"IF(INDIRECT(\"'MRO Certificate Printing'!B\"&((ROW()-2)*4)+4)=\"\",\"\",INDIRECT(\"'MRO Certificate Printing'!B\"&((ROW()-2)*4)+4))","v":""},{"$f":"IF(INDIRECT(\"'MRO Certificate Printing'!G\"&((ROW()-2)*4)+4)=\"\",\"\",INDIRECT(\"'MRO Certificate Printing'!G\"&((ROW()-2)*4)+4))","v":""},{"$f":"IF(INDIRECT(\"'MRO Certificate Printing'!J\"&((ROW()-2)*4)+4)=\"\",\"\",INDIRECT(\"'MRO Certificate Printing'!J\"&((ROW()-2)*4)+4))","v":""},{"$f":"IF(INDIRECT(\"'MRO Certificate Printing'!I\"&((ROW()-2)*4)+4)=\"\",\"\",INDIRECT(\"'MRO Certificate Printing'!I\"&((ROW()-2)*4)+4))","v":""},{"$f":"IF(INDIRECT(\"'MRO Certificate Printing'!K\"&((ROW()-2)*4)+4)=\"\",\"\",INDIRECT(\"'MRO Certificate Printing'!K\"&((ROW()-2)*4)+4))","v":""},null,{"$f":"IF(INDIRECT(\"'MRO Certificate Printing'!D\"&((ROW()-2)*4)+5)=\"\",\"\",INDIRECT(\"'MRO Certificate Printing'!D\"&((ROW()-2)*4)+5))","v":""},{"$f":"IF(INDIRECT(\"'MRO Certificate Printing'!E\"&((ROW()-2)*4)+5)=\"\",\"\",INDIRECT(\"'MRO Certificate Printing'!E\"&((ROW()-2)*4)+5))","v":""},{"$f":"IF(INDIRECT(\"'MRO Certificate Printing'!F\"&((ROW()-2)*4)+5)=\"\",\"\",INDIRECT(\"'MRO Certificate Printing'!F\"&((ROW()-2)*4)+5))","v":""},{"$f":"IF(INDIRECT(\"'MRO Certificate Printing'!B\"&((ROW()-2)*4)+5)=\"\",\"\",INDIRECT(\"'MRO Certificate Printing'!B\"&((ROW()-2)*4)+5))","v":""},{"$f":"IF(INDIRECT(\"'MRO Certificate Printing'!G\"&((ROW()-2)*4)+5)=\"\",\"\",INDIRECT(\"'MRO Certificate Printing'!G\"&((ROW()-2)*4)+5))","v":""},{"$f":"IF(INDIRECT(\"'MRO Certificate Printing'!J\"&((ROW()-2)*4)+5)=\"\",\"\",INDIRECT(\"'MRO Certificate Printing'!J\"&((ROW()-2)*4)+5))","v":""},{"$f":"IF(INDIRECT(\"'MRO Certificate Printing'!I\"&((ROW()-2)*4)+5)=\"\",\"\",INDIRECT(\"'MRO Certificate Printing'!I\"&((ROW()-2)*4)+5))","v":""},{"$f":"IF(INDIRECT(\"'MRO Certificate Printing'!K\"&((ROW()-2)*4)+5)=\"\",\"\",INDIRECT(\"'MRO Certificate Printing'!K\"&((ROW()-2)*4)+5))","v":""}]
["",{"$f":"IF(INDIRECT(\"'MRO Certificate Printing'!D\"&((ROW()-2)*4)+2)=\"\",\"\",INDIRECT(\"'MRO Certificate Printing'!D\"&((ROW()-2)*4)+2))","v":""},{"$f":"IF(INDIRECT(\"'MRO Certificate Printing'!E\"&((ROW()-2)*4)+2)=\"\",\"\",INDIRECT(\"'MRO Certificate Printing'!E\"&((ROW()-2)*4)+2))","v":""},{"$f":"IF(INDIRECT(\"'MRO Certificate Printing'!F\"&((ROW()-2)*4)+2)=\"\",\"\",INDIRECT(\"'MRO Certificate Printing'!F\"&((ROW()-2)*4)+2))","v":""},{"$f":"IF(INDIRECT(\"'MRO Certificate Printing'!B\"&((ROW()-2)*4)+2)=\"\",\"\",INDIRECT(\"'MRO Certificate Printing'!B\"&((ROW()-2)*4)+2))","v":""},{"$f":"IF(INDIRECT(\"'MRO Certificate Printing'!G\"&((ROW()-2)*4)+2)=\"\",\"\",INDIRECT(\"'MRO Certificate Printing'!G\"&((ROW()-2)*4)+2))","v":""},{"$f":"IF(INDIRECT(\"'MRO Certificate Printing'!J\"&((ROW()-2)*4)+2)=\"\",\"\",INDIRECT(\"'MRO Certificate Printing'!J\"&((ROW()-2)*4)+2))","v":""},{"$f":"IF(INDIRECT(\"'MRO Certificate Printing'!I\"&((ROW()-2)*4)+2)=\"\",\"\",INDIRECT(\"'MRO Certificate Printing'!I\"&((ROW()-2)*4)+2))","v":""},{"$f":"IF(INDIRECT(\"'MRO Certificate Printing'!K\"&((ROW()-2)*4)+2)=\"\",\"\",INDIRECT(\"'MRO Certificate Printing'!K\"&((ROW()-2)*4)+2))","v":""},null,{"$f":"IF(INDIRECT(\"'MRO Certificate Printing'!D\"&((ROW()-2)*4)+3)=\"\",\"\",INDIRECT(\"'MRO Certificate Printing'!D\"&((ROW()-2)*4)+3))","v":""},{"$f":"IF(INDIRECT(\"'MRO Certificate Printing'!E\"&((ROW()-2)*4)+3)=\"\",\"\",INDIRECT(\"'MRO Certificate Printing'!E\"&((ROW()-2)*4)+3))","v":""},{"$f":"IF(INDIRECT(\"'MRO Certificate Printing'!F\"&((ROW()-2)*4)+3)=\"\",\"\",INDIRECT(\"'MRO Certificate Printing'!F\"&((ROW()-2)*4)+3))","v":""},{"$f":"IF(INDIRECT(\"'MRO Certificate Printing'!B\"&((ROW()-2)*4)+3)=\"\",\"\",INDIRECT(\"'MRO Certificate Printing'!B\"&((ROW()-2)*4)+3))","v":""},{"$f":"IF(INDIRECT(\"'MRO Certificate Printing'!G\"&((ROW()-2)*4)+3)=\"\",\"\",INDIRECT(\"'MRO Certificate Printing'!G\"&((ROW()-2)*4)+3))","v":""},{"$f":"IF(INDIRECT(\"'MRO Certificate Printing'!J\"&((ROW()-2)*4)+3)=\"\",\"\",INDIRECT(\"'MRO Certificate Printing'!J\"&((ROW()-2)*4)+3))","v":""},{"$f":"IF(INDIRECT(\"'MRO Certificate Printing'!I\"&((ROW()-2)*4)+3)=\"\",\"\",INDIRECT(\"'MRO Certificate Printing'!I\"&((ROW()-2)*4)+3))","v":""},{"$f":"IF(INDIRECT(\"'MRO Certificate Printing'!K\"&((ROW()-2)*4)+3)=\"\",\"\",INDIRECT(\"'MRO Certificate Printing'!K\"&((ROW()-2)*4)+3))","v":""},null,{"$f":"IF(INDIRECT(\"'MRO Certificate Printing'!D\"&((ROW()-2)*4)+4)=\"\",\"\",INDIRECT(\"'MRO Certificate Printing'!D\"&((ROW()-2)*4)+4))","v":""},{"$f":"IF(INDIRECT(\"'MRO Certificate Printing'!E\"&((ROW()-2)*4)+4)=\"\",\"\",INDIRECT(\"'MRO Certificate Printing'!E\"&((ROW()-2)*4)+4))","v":""},{"$f":"IF(INDIRECT(\"'MRO Certificate Printing'!F\"&((ROW()-2)*4)+4)=\"\",\"\",INDIRECT(\"'MRO Certificate Printing'!F\"&((ROW()-2)*4)+4))","v":""},{"$f":"IF(INDIRECT(\"'MRO Certificate Printing'!B\"&((ROW()-2)*4)+4)=\"\",\"\",INDIRECT(\"'MRO Certificate Printing'!B\"&((ROW()-2)*4)+4))","v":""},{"$f":"IF(INDIRECT(\"'MRO Certificate Printing'!G\"&((ROW()-2)*4)+4)=\"\",\"\",INDIRECT(\"'MRO Certificate Printing'!G\"&((ROW()-2)*4)+4))","v":""},{"$f":"IF(INDIRECT(\"'MRO Certificate Printing'!J\"&((ROW()-2)*4)+4)=\"\",\"\",INDIRECT(\"'MRO Certificate Printing'!J\"&((ROW()-2)*4)+4))","v":""},{"$f":"IF(INDIRECT(\"'MRO Certificate Printing'!I\"&((ROW()-2)*4)+4)=\"\",\"\",INDIRECT(\"'MRO Certificate Printing'!I\"&((ROW()-2)*4)+4))","v":""},{"$f":"IF(INDIRECT(\"'MRO Certificate Printing'!K\"&((ROW()-2)*4)+4)=\"\",\"\",INDIRECT(\"'MRO Certificate Printing'!K\"&((ROW()-2)*4)+4))","v":""},null,{"$f":"IF(INDIRECT(\"'MRO Certificate Printing'!D\"&((ROW()-2)*4)+5)=\"\",\"\",INDIRECT(\"'MRO Certificate Printing'!D\"&((ROW()-2)*4)+5))","v":""},{"$f":"IF(INDIRECT(\"'MRO Certificate Printing'!E\"&((ROW()-2)*4)+5)=\"\",\"\",INDIRECT(\"'MRO Certificate Printing'!E\"&((ROW()-2)*4)+5))","v":""},{"$f":"IF(INDIRECT(\"'MRO Certificate Printing'!F\"&((ROW()-2)*4)+5)=\"\",\"\",INDIRECT(\"'MRO Certificate Printing'!F\"&((ROW()-2)*4)+5))","v":""},{"$f":"IF(INDIRECT(\"'MRO Certificate Printing'!B\"&((ROW()-2)*4)+5)=\"\",\"\",INDIRECT(\"'MRO Certificate Printing'!B\"&((ROW()-2)*4)+5))","v":""},{"$f":"IF(INDIRECT(\"'MRO Certificate Printing'!G\"&((ROW()-2)*4)+5)=\"\",\"\",INDIRECT(\"'MRO Certificate Printing'!G\"&((ROW()-2)*4)+5))","v":""},{"$f":"IF(INDIRECT(\"'MRO Certificate Printing'!J\"&((ROW()-2)*4)+5)=\"\",\"\",INDIRECT(\"'MRO Certificate Printing'!J\"&((ROW()-2)*4)+5))","v":""},{"$f":"IF(INDIRECT(\"'MRO Certificate Printing'!I\"&((ROW()-2)*4)+5)=\"\",\"\",INDIRECT(\"'MRO Certificate Printing'!I\"&((ROW()-2)*4)+5))","v":""},{"$f":"IF(INDIRECT(\"'MRO Certificate Printing'!K\"&((ROW()-2)*4)+5)=\"\",\"\",INDIRECT(\"'MRO Certificate Printing'!K\"&((ROW()-2)*4)+5))","v":""}]
["",{"$f":"IF(INDIRECT(\"'MRO Certificate Printing'!D\"&((ROW()-2)*4)+2)=\"\",\"\",INDIRECT(\"'MRO Certificate Printing'!D\"&((ROW()-2)*4)+2))","v":""},{"$f":"IF(INDIRECT(\"'MRO Certificate Printing'!E\"&((ROW()-2)*4)+2)=\"\",\"\",INDIRECT(\"'MRO Certificate Printing'!E\"&((ROW()-2)*4)+2))","v":""},{"$f":"IF(INDIRECT(\"'MRO Certificate Printing'!F\"&((ROW()-2)*4)+2)=\"\",\"\",INDIRECT(\"'MRO Certificate Printing'!F\"&((ROW()-2)*4)+2))","v":""},{"$f":"IF(INDIRECT(\"'MRO Certificate Printing'!B\"&((ROW()-2)*4)+2)=\"\",\"\",INDIRECT(\"'MRO Certificate Printing'!B\"&((ROW()-2)*4)+2))","v":""},{"$f":"IF(INDIRECT(\"'MRO Certificate Printing'!G\"&((ROW()-2)*4)+2)=\"\",\"\",INDIRECT(\"'MRO Certificate Printing'!G\"&((ROW()-2)*4)+2))","v":""},{"$f":"IF(INDIRECT(\"'MRO Certificate Printing'!J\"&((ROW()-2)*4)+2)=\"\",\"\",INDIRECT(\"'MRO Certificate Printing'!J\"&((ROW()-2)*4)+2))","v":""},{"$f":"IF(INDIRECT(\"'MRO Certificate Printing'!I\"&((ROW()-2)*4)+2)=\"\",\"\",INDIRECT(\"'MRO Certificate Printing'!I\"&((ROW()-2)*4)+2))","v":""},{"$f":"IF(INDIRECT(\"'MRO Certificate Printing'!K\"&((ROW()-2)*4)+2)=\"\",\"\",INDIRECT(\"'MRO Certificate Printing'!K\"&((ROW()-2)*4)+2))","v":""},null,{"$f":"IF(INDIRECT(\"'MRO Certificate Printing'!D\"&((ROW()-2)*4)+3)=\"\",\"\",INDIRECT(\"'MRO Certificate Printing'!D\"&((ROW()-2)*4)+3))","v":""},{"$f":"IF(INDIRECT(\"'MRO Certificate Printing'!E\"&((ROW()-2)*4)+3)=\"\",\"\",INDIRECT(\"'MRO Certificate Printing'!E\"&((ROW()-2)*4)+3))","v":""},{"$f":"IF(INDIRECT(\"'MRO Certificate Printing'!F\"&((ROW()-2)*4)+3)=\"\",\"\",INDIRECT(\"'MRO Certificate Printing'!F\"&((ROW()-2)*4)+3))","v":""},{"$f":"IF(INDIRECT(\"'MRO Certificate Printing'!B\"&((ROW()-2)*4)+3)=\"\",\"\",INDIRECT(\"'MRO Certificate Printing'!B\"&((ROW()-2)*4)+3))","v":""},{"$f":"IF(INDIRECT(\"'MRO Certificate Printing'!G\"&((ROW()-2)*4)+3)=\"\",\"\",INDIRECT(\"'MRO Certificate Printing'!G\"&((ROW()-2)*4)+3))","v":""},{"$f":"IF(INDIRECT(\"'MRO Certificate Printing'!J\"&((ROW()-2)*4)+3)=\"\",\"\",INDIRECT(\"'MRO Certificate Printing'!J\"&((ROW()-2)*4)+3))","v":""},{"$f":"IF(INDIRECT(\"'MRO Certificate Printing'!I\"&((ROW()-2)*4)+3)=\"\",\"\",INDIRECT(\"'MRO Certificate Printing'!I\"&((ROW()-2)*4)+3))","v":""},{"$f":"IF(INDIRECT(\"'MRO Certificate Printing'!K\"&((ROW()-2)*4)+3)=\"\",\"\",INDIRECT(\"'MRO Certificate Printing'!K\"&((ROW()-2)*4)+3))","v":""},null,{"$f":"IF(INDIRECT(\"'MRO Certificate Printing'!D\"&((ROW()-2)*4)+4)=\"\",\"\",INDIRECT(\"'MRO Certificate Printing'!D\"&((ROW()-2)*4)+4))","v":""},{"$f":"IF(INDIRECT(\"'MRO Certificate Printing'!E\"&((ROW()-2)*4)+4)=\"\",\"\",INDIRECT(\"'MRO Certificate Printing'!E\"&((ROW()-2)*4)+4))","v":""},{"$f":"IF(INDIRECT(\"'MRO Certificate Printing'!F\"&((ROW()-2)*4)+4)=\"\",\"\",INDIRECT(\"'MRO Certificate Printing'!F\"&((ROW()-2)*4)+4))","v":""},{"$f":"IF(INDIRECT(\"'MRO Certificate Printing'!B\"&((ROW()-2)*4)+4)=\"\",\"\",INDIRECT(\"'MRO Certificate Printing'!B\"&((ROW()-2)*4)+4))","v":""},{"$f":"IF(INDIRECT(\"'MRO Certificate Printing'!G\"&((ROW()-2)*4)+4)=\"\",\"\",INDIRECT(\"'MRO Certificate Printing'!G\"&((ROW()-2)*4)+4))","v":""},{"$f":"IF(INDIRECT(\"'MRO Certificate Printing'!J\"&((ROW()-2)*4)+4)=\"\",\"\",INDIRECT(\"'MRO Certificate Printing'!J\"&((ROW()-2)*4)+4))","v":""},{"$f":"IF(INDIRECT(\"'MRO Certificate Printing'!I\"&((ROW()-2)*4)+4)=\"\",\"\",INDIRECT(\"'MRO Certificate Printing'!I\"&((ROW()-2)*4)+4))","v":""},{"$f":"IF(INDIRECT(\"'MRO Certificate Printing'!K\"&((ROW()-2)*4)+4)=\"\",\"\",INDIRECT(\"'MRO Certificate Printing'!K\"&((ROW()-2)*4)+4))","v":""},null,{"$f":"IF(INDIRECT(\"'MRO Certificate Printing'!D\"&((ROW()-2)*4)+5)=\"\",\"\",INDIRECT(\"'MRO Certificate Printing'!D\"&((ROW()-2)*4)+5))","v":""},{"$f":"IF(INDIRECT(\"'MRO Certificate Printing'!E\"&((ROW()-2)*4)+5)=\"\",\"\",INDIRECT(\"'MRO Certificate Printing'!E\"&((ROW()-2)*4)+5))","v":""},{"$f":"IF(INDIRECT(\"'MRO Certificate Printing'!F\"&((ROW()-2)*4)+5)=\"\",\"\",INDIRECT(\"'MRO Certificate Printing'!F\"&((ROW()-2)*4)+5))","v":""},{"$f":"IF(INDIRECT(\"'MRO Certificate Printing'!B\"&((ROW()-2)*4)+5)=\"\",\"\",INDIRECT(\"'MRO Certificate Printing'!B\"&((ROW()-2)*4)+5))","v":""},{"$f":"IF(INDIRECT(\"'MRO Certificate Printing'!G\"&((ROW()-2)*4)+5)=\"\",\"\",INDIRECT(\"'MRO Certificate Printing'!G\"&((ROW()-2)*4)+5))","v":""},{"$f":"IF(INDIRECT(\"'MRO Certificate Printing'!J\"&((ROW()-2)*4)+5)=\"\",\"\",INDIRECT(\"'MRO Certificate Printing'!J\"&((ROW()-2)*4)+5))","v":""},{"$f":"IF(INDIRECT(\"'MRO Certificate Printing'!I\"&((ROW()-2)*4)+5)=\"\",\"\",INDIRECT(\"'MRO Certificate Printing'!I\"&((ROW()-2)*4)+5))","v":""},{"$f":"IF(INDIRECT(\"'MRO Certificate Printing'!K\"&((ROW()-2)*4)+5)=\"\",\"\",INDIRECT(\"'MRO Certificate Printing'!K\"&((ROW()-2)*4)+5))","v":""}]
["",{"$f":"IF(INDIRECT(\"'MRO Certificate Printing'!D\"&((ROW()-2)*4)+2)=\"\",\"\",INDIRECT(\"'MRO Certificate Printing'!D\"&((ROW()-2)*4)+2))","v":""},{"$f":"IF(INDIRECT(\"'MRO Certificate Printing'!E\"&((ROW()-2)*4)+2)=\"\",\"\",INDIRECT(\"'MRO Certificate Printing'!E\"&((ROW()-2)*4)+2))","v":""},{"$f":"IF(INDIRECT(\"'MRO Certificate Printing'!F\"&((ROW()-2)*4)+2)=\"\",\"\",INDIRECT(\"'MRO Certificate Printing'!F\"&((ROW()-2)*4)+2))","v":""},{"$f":"IF(INDIRECT(\"'MRO Certificate Printing'!B\"&((ROW()-2)*4)+2)=\"\",\"\",INDIRECT(\"'MRO Certificate Printing'!B\"&((ROW()-2)*4)+2))","v":""},{"$f":"IF(INDIRECT(\"'MRO Certificate Printing'!G\"&((ROW()-2)*4)+2)=\"\",\"\",INDIRECT(\"'MRO Certificate Printing'!G\"&((ROW()-2)*4)+2))","v":""},{"$f":"IF(INDIRECT(\"'MRO Certificate Printing'!J\"&((ROW()-2)*4)+2)=\"\",\"\",INDIRECT(\"'MRO Certificate Printing'!J\"&((ROW()-2)*4)+2))","v":""},{"$f":"IF(INDIRECT(\"'MRO Certificate Printing'!I\"&((ROW()-2)*4)+2)=\"\",\"\",INDIRECT(\"'MRO Certificate Printing'!I\"&((ROW()-2)*4)+2))","v":""},{"$f":"IF(INDIRECT(\"'MRO Certificate Printing'!K\"&((ROW()-2)*4)+2)=\"\",\"\",INDIRECT(\"'MRO Certificate Printing'!K\"&((ROW()-2)*4)+2))","v":""},null,{"$f":"IF(INDIRECT(\"'MRO Certificate Printing'!D\"&((ROW()-2)*4)+3)=\"\",\"\",INDIRECT(\"'MRO Certificate Printing'!D\"&((ROW()-2)*4)+3))","v":""},{"$f":"IF(INDIRECT(\"'MRO Certificate Printing'!E\"&((ROW()-2)*4)+3)=\"\",\"\",INDIRECT(\"'MRO Certificate Printing'!E\"&((ROW()-2)*4)+3))","v":""},{"$f":"IF(INDIRECT(\"'MRO Certificate Printing'!F\"&((ROW()-2)*4)+3)=\"\",\"\",INDIRECT(\"'MRO Certificate Printing'!F\"&((ROW()-2)*4)+3))","v":""},{"$f":"IF(INDIRECT(\"'MRO Certificate Printing'!B\"&((ROW()-2)*4)+3)=\"\",\"\",INDIRECT(\"'MRO Certificate Printing'!B\"&((ROW()-2)*4)+3))","v":""},{"$f":"IF(INDIRECT(\"'MRO Certificate Printing'!G\"&((ROW()-2)*4)+3)=\"\",\"\",INDIRECT(\"'MRO Certificate Printing'!G\"&((ROW()-2)*4)+3))","v":""},{"$f":"IF(INDIRECT(\"'MRO Certificate Printing'!J\"&((ROW()-2)*4)+3)=\"\",\"\",INDIRECT(\"'MRO Certificate Printing'!J\"&((ROW()-2)*4)+3))","v":""},{"$f":"IF(INDIRECT(\"'MRO Certificate Printing'!I\"&((ROW()-2)*4)+3)=\"\",\"\",INDIRECT(\"'MRO Certificate Printing'!I\"&((ROW()-2)*4)+3))","v":""},{"$f":"IF(INDIRECT(\"'MRO Certificate Printing'!K\"&((ROW()-2)*4)+3)=\"\",\"\",INDIRECT(\"'MRO Certificate Printing'!K\"&((ROW()-2)*4)+3))","v":""},null,{"$f":"IF(INDIRECT(\"'MRO Certificate Printing'!D\"&((ROW()-2)*4)+4)=\"\",\"\",INDIRECT(\"'MRO Certificate Printing'!D\"&((ROW()-2)*4)+4))","v":""},{"$f":"IF(INDIRECT(\"'MRO Certificate Printing'!E\"&((ROW()-2)*4)+4)=\"\",\"\",INDIRECT(\"'MRO Certificate Printing'!E\"&((ROW()-2)*4)+4))","v":""},{"$f":"IF(INDIRECT(\"'MRO Certificate Printing'!F\"&((ROW()-2)*4)+4)=\"\",\"\",INDIRECT(\"'MRO Certificate Printing'!F\"&((ROW()-2)*4)+4))","v":""},{"$f":"IF(INDIRECT(\"'MRO Certificate Printing'!B\"&((ROW()-2)*4)+4)=\"\",\"\",INDIRECT(\"'MRO Certificate Printing'!B\"&((ROW()-2)*4)+4))","v":""},{"$f":"IF(INDIRECT(\"'MRO Certificate Printing'!G\"&((ROW()-2)*4)+4)=\"\",\"\",INDIRECT(\"'MRO Certificate Printing'!G\"&((ROW()-2)*4)+4))","v":""},{"$f":"IF(INDIRECT(\"'MRO Certificate Printing'!J\"&((ROW()-2)*4)+4)=\"\",\"\",INDIRECT(\"'MRO Certificate Printing'!J\"&((ROW()-2)*4)+4))","v":""},{"$f":"IF(INDIRECT(\"'MRO Certificate Printing'!I\"&((ROW()-2)*4)+4)=\"\",\"\",INDIRECT(\"'MRO Certificate Printing'!I\"&((ROW()-2)*4)+4))","v":""},{"$f":"IF(INDIRECT(\"'MRO Certificate Printing'!K\"&((ROW()-2)*4)+4)=\"\",\"\",INDIRECT(\"'MRO Certificate Printing'!K\"&((ROW()-2)*4)+4))","v":""},null,{"$f":"IF(INDIRECT(\"'MRO Certificate Printing'!D\"&((ROW()-2)*4)+5)=\"\",\"\",INDIRECT(\"'MRO Certificate Printing'!D\"&((ROW()-2)*4)+5))","v":""},{"$f":"IF(INDIRECT(\"'MRO Certificate Printing'!E\"&((ROW()-2)*4)+5)=\"\",\"\",INDIRECT(\"'MRO Certificate Printing'!E\"&((ROW()-2)*4)+5))","v":""},{"$f":"IF(INDIRECT(\"'MRO Certificate Printing'!F\"&((ROW()-2)*4)+5)=\"\",\"\",INDIRECT(\"'MRO Certificate Printing'!F\"&((ROW()-2)*4)+5))","v":""},{"$f":"IF(INDIRECT(\"'MRO Certificate Printing'!B\"&((ROW()-2)*4)+5)=\"\",\"\",INDIRECT(\"'MRO Certificate Printing'!B\"&((ROW()-2)*4)+5))","v":""},{"$f":"IF(INDIRECT(\"'MRO Certificate Printing'!G\"&((ROW()-2)*4)+5)=\"\",\"\",INDIRECT(\"'MRO Certificate Printing'!G\"&((ROW()-2)*4)+5))","v":""},{"$f":"IF(INDIRECT(\"'MRO Certificate Printing'!J\"&((ROW()-2)*4)+5)=\"\",\"\",INDIRECT(\"'MRO Certificate Printing'!J\"&((ROW()-2)*4)+5))","v":""},{"$f":"IF(INDIRECT(\"'MRO Certificate Printing'!I\"&((ROW()-2)*4)+5)=\"\",\"\",INDIRECT(\"'MRO Certificate Printing'!I\"&((ROW()-2)*4)+5))","v":""},{"$f":"IF(INDIRECT(\"'MRO Certificate Printing'!K\"&((ROW()-2)*4)+5)=\"\",\"\",INDIRECT(\"'MRO Certificate Printing'!K\"&((ROW()-2)*4)+5))","v":""}]
["",{"$f":"IF(INDIRECT(\"'MRO Certificate Printing'!D\"&((ROW()-2)*4)+2)=\"\",\"\",INDIRECT(\"'MRO Certificate Printing'!D\"&((ROW()-2)*4)+2))","v":""},{"$f":"IF(INDIRECT(\"'MRO Certificate Printing'!E\"&((ROW()-2)*4)+2)=\"\",\"\",INDIRECT(\"'MRO Certificate Printing'!E\"&((ROW()-2)*4)+2))","v":""},{"$f":"IF(INDIRECT(\"'MRO Certificate Printing'!F\"&((ROW()-2)*4)+2)=\"\",\"\",INDIRECT(\"'MRO Certificate Printing'!F\"&((ROW()-2)*4)+2))","v":""},{"$f":"IF(INDIRECT(\"'MRO Certificate Printing'!B\"&((ROW()-2)*4)+2)=\"\",\"\",INDIRECT(\"'MRO Certificate Printing'!B\"&((ROW()-2)*4)+2))","v":""},{"$f":"IF(INDIRECT(\"'MRO Certificate Printing'!G\"&((ROW()-2)*4)+2)=\"\",\"\",INDIRECT(\"'MRO Certificate Printing'!G\"&((ROW()-2)*4)+2))","v":""},{"$f":"IF(INDIRECT(\"'MRO Certificate Printing'!J\"&((ROW()-2)*4)+2)=\"\",\"\",INDIRECT(\"'MRO Certificate Printing'!J\"&((ROW()-2)*4)+2))","v":""},{"$f":"IF(INDIRECT(\"'MRO Certificate Printing'!I\"&((ROW()-2)*4)+2)=\"\",\"\",INDIRECT(\"'MRO Certificate Printing'!I\"&((ROW()-2)*4)+2))","v":""},{"$f":"IF(INDIRECT(\"'MRO Certificate Printing'!K\"&((ROW()-2)*4)+2)=\"\",\"\",INDIRECT(\"'MRO Certificate Printing'!K\"&((ROW()-2)*4)+2))","v":""},null,{"$f":"IF(INDIRECT(\"'MRO Certificate Printing'!D\"&((ROW()-2)*4)+3)=\"\",\"\",INDIRECT(\"'MRO Certificate Printing'!D\"&((ROW()-2)*4)+3))","v":""},{"$f":"IF(INDIRECT(\"'MRO Certificate Printing'!E\"&((ROW()-2)*4)+3)=\"\",\"\",INDIRECT(\"'MRO Certificate Printing'!E\"&((ROW()-2)*4)+3))","v":""},{"$f":"IF(INDIRECT(\"'MRO Certificate Printing'!F\"&((ROW()-2)*4)+3)=\"\",\"\",INDIRECT(\"'MRO Certificate Printing'!F\"&((ROW()-2)*4)+3))","v":""},{"$f":"IF(INDIRECT(\"'MRO Certificate Printing'!B\"&((ROW()-2)*4)+3)=\"\",\"\",INDIRECT(\"'MRO Certificate Printing'!B\"&((ROW()-2)*4)+3))","v":""},{"$f":"IF(INDIRECT(\"'MRO Certificate Printing'!G\"&((ROW()-2)*4)+3)=\"\",\"\",INDIRECT(\"'MRO Certificate Printing'!G\"&((ROW()-2)*4)+3))","v":""},{"$f":"IF(INDIRECT(\"'MRO Certificate Printing'!J\"&((ROW()-2)*4)+3)=\"\",\"\",INDIRECT(\"'MRO Certificate Printing'!J\"&((ROW()-2)*4)+3))","v":""},{"$f":"IF(INDIRECT(\"'MRO Certificate Printing'!I\"&((ROW()-2)*4)+3)=\"\",\"\",INDIRECT(\"'MRO Certificate Printing'!I\"&((ROW()-2)*4)+3))","v":""},{"$f":"IF(INDIRECT(\"'MRO Certificate Printing'!K\"&((ROW()-2)*4)+3)=\"\",\"\",INDIRECT(\"'MRO Certificate Printing'!K\"&((ROW()-2)*4)+3))","v":""},null,{"$f":"IF(INDIRECT(\"'MRO Certificate Printing'!D\"&((ROW()-2)*4)+4)=\"\",\"\",INDIRECT(\"'MRO Certificate Printing'!D\"&((ROW()-2)*4)+4))","v":""},{"$f":"IF(INDIRECT(\"'MRO Certificate Printing'!E\"&((ROW()-2)*4)+4)=\"\",\"\",INDIRECT(\"'MRO Certificate Printing'!E\"&((ROW()-2)*4)+4))","v":""},{"$f":"IF(INDIRECT(\"'MRO Certificate Printing'!F\"&((ROW()-2)*4)+4)=\"\",\"\",INDIRECT(\"'MRO Certificate Printing'!F\"&((ROW()-2)*4)+4))","v":""},{"$f":"IF(INDIRECT(\"'MRO Certificate Printing'!B\"&((ROW()-2)*4)+4)=\"\",\"\",INDIRECT(\"'MRO Certificate Printing'!B\"&((ROW()-2)*4)+4))","v":""},{"$f":"IF(INDIRECT(\"'MRO Certificate Printing'!G\"&((ROW()-2)*4)+4)=\"\",\"\",INDIRECT(\"'MRO Certificate Printing'!G\"&((ROW()-2)*4)+4))","v":""},{"$f":"IF(INDIRECT(\"'MRO Certificate Printing'!J\"&((ROW()-2)*4)+4)=\"\",\"\",INDIRECT(\"'MRO Certificate Printing'!J\"&((ROW()-2)*4)+4))","v":""},{"$f":"IF(INDIRECT(\"'MRO Certificate Printing'!I\"&((ROW()-2)*4)+4)=\"\",\"\",INDIRECT(\"'MRO Certificate Printing'!I\"&((ROW()-2)*4)+4))","v":""},{"$f":"IF(INDIRECT(\"'MRO Certificate Printing'!K\"&((ROW()-2)*4)+4)=\"\",\"\",INDIRECT(\"'MRO Certificate Printing'!K\"&((ROW()-2)*4)+4))","v":""},null,{"$f":"IF(INDIRECT(\"'MRO Certificate Printing'!D\"&((ROW()-2)*4)+5)=\"\",\"\",INDIRECT(\"'MRO Certificate Printing'!D\"&((ROW()-2)*4)+5))","v":""},{"$f":"IF(INDIRECT(\"'MRO Certificate Printing'!E\"&((ROW()-2)*4)+5)=\"\",\"\",INDIRECT(\"'MRO Certificate Printing'!E\"&((ROW()-2)*4)+5))","v":""},{"$f":"IF(INDIRECT(\"'MRO Certificate Printing'!F\"&((ROW()-2)*4)+5)=\"\",\"\",INDIRECT(\"'MRO Certificate Printing'!F\"&((ROW()-2)*4)+5))","v":""},{"$f":"IF(INDIRECT(\"'MRO Certificate Printing'!B\"&((ROW()-2)*4)+5)=\"\",\"\",INDIRECT(\"'MRO Certificate Printing'!B\"&((ROW()-2)*4)+5))","v":""},{"$f":"IF(INDIRECT(\"'MRO Certificate Printing'!G\"&((ROW()-2)*4)+5)=\"\",\"\",INDIRECT(\"'MRO Certificate Printing'!G\"&((ROW()-2)*4)+5))","v":""},{"$f":"IF(INDIRECT(\"'MRO Certificate Printing'!J\"&((ROW()-2)*4)+5)=\"\",\"\",INDIRECT(\"'MRO Certificate Printing'!J\"&((ROW()-2)*4)+5))","v":""},{"$f":"IF(INDIRECT(\"'MRO Certificate Printing'!I\"&((ROW()-2)*4)+5)=\"\",\"\",INDIRECT(\"'MRO Certificate Printing'!I\"&((ROW()-2)*4)+5))","v":""},{"$f":"IF(INDIRECT(\"'MRO Certificate Printing'!K\"&((ROW()-2)*4)+5)=\"\",\"\",INDIRECT(\"'MRO Certificate Printing'!K\"&((ROW()-2)*4)+5))","v":""}]
["",{"$f":"IF(INDIRECT(\"'MRO Certificate Printing'!D\"&((ROW()-2)*4)+2)=\"\",\"\",INDIRECT(\"'MRO Certificate Printing'!D\"&((ROW()-2)*4)+2))","v":""},{"$f":"IF(INDIRECT(\"'MRO Certificate Printing'!E\"&((ROW()-2)*4)+2)=\"\",\"\",INDIRECT(\"'MRO Certificate Printing'!E\"&((ROW()-2)*4)+2))","v":""},{"$f":"IF(INDIRECT(\"'MRO Certificate Printing'!F\"&((ROW()-2)*4)+2)=\"\",\"\",INDIRECT(\"'MRO Certificate Printing'!F\"&((ROW()-2)*4)+2))","v":""},{"$f":"IF(INDIRECT(\"'MRO Certificate Printing'!B\"&((ROW()-2)*4)+2)=\"\",\"\",INDIRECT(\"'MRO Certificate Printing'!B\"&((ROW()-2)*4)+2))","v":""},{"$f":"IF(INDIRECT(\"'MRO Certificate Printing'!G\"&((ROW()-2)*4)+2)=\"\",\"\",INDIRECT(\"'MRO Certificate Printing'!G\"&((ROW()-2)*4)+2))","v":""},{"$f":"IF(INDIRECT(\"'MRO Certificate Printing'!J\"&((ROW()-2)*4)+2)=\"\",\"\",INDIRECT(\"'MRO Certificate Printing'!J\"&((ROW()-2)*4)+2))","v":""},{"$f":"IF(INDIRECT(\"'MRO Certificate Printing'!I\"&((ROW()-2)*4)+2)=\"\",\"\",INDIRECT(\"'MRO Certificate Printing'!I\"&((ROW()-2)*4)+2))","v":""},{"$f":"IF(INDIRECT(\"'MRO Certificate Printing'!K\"&((ROW()-2)*4)+2)=\"\",\"\",INDIRECT(\"'MRO Certificate Printing'!K\"&((ROW()-2)*4)+2))","v":""},null,{"$f":"IF(INDIRECT(\"'MRO Certificate Printing'!D\"&((ROW()-2)*4)+3)=\"\",\"\",INDIRECT(\"'MRO Certificate Printing'!D\"&((ROW()-2)*4)+3))","v":""},{"$f":"IF(INDIRECT(\"'MRO Certificate Printing'!E\"&((ROW()-2)*4)+3)=\"\",\"\",INDIRECT(\"'MRO Certificate Printing'!E\"&((ROW()-2)*4)+3))","v":""},{"$f":"IF(INDIRECT(\"'MRO Certificate Printing'!F\"&((ROW()-2)*4)+3)=\"\",\"\",INDIRECT(\"'MRO Certificate Printing'!F\"&((ROW()-2)*4)+3))","v":""},{"$f":"IF(INDIRECT(\"'MRO Certificate Printing'!B\"&((ROW()-2)*4)+3)=\"\",\"\",INDIRECT(\"'MRO Certificate Printing'!B\"&((ROW()-2)*4)+3))","v":""},{"$f":"IF(INDIRECT(\"'MRO Certificate Printing'!G\"&((ROW()-2)*4)+3)=\"\",\"\",INDIRECT(\"'MRO Certificate Printing'!G\"&((ROW()-2)*4)+3))","v":""},{"$f":"IF(INDIRECT(\"'MRO Certificate Printing'!J\"&((ROW()-2)*4)+3)=\"\",\"\",INDIRECT(\"'MRO Certificate Printing'!J\"&((ROW()-2)*4)+3))","v":""},{"$f":"IF(INDIRECT(\"'MRO Certificate Printing'!I\"&((ROW()-2)*4)+3)=\"\",\"\",INDIRECT(\"'MRO Certificate Printing'!I\"&((ROW()-2)*4)+3))","v":""},{"$f":"IF(INDIRECT(\"'MRO Certificate Printing'!K\"&((ROW()-2)*4)+3)=\"\",\"\",INDIRECT(\"'MRO Certificate Printing'!K\"&((ROW()-2)*4)+3))","v":""},null,{"$f":"IF(INDIRECT(\"'MRO Certificate Printing'!D\"&((ROW()-2)*4)+4)=\"\",\"\",INDIRECT(\"'MRO Certificate Printing'!D\"&((ROW()-2)*4)+4))","v":""},{"$f":"IF(INDIRECT(\"'MRO Certificate Printing'!E\"&((ROW()-2)*4)+4)=\"\",\"\",INDIRECT(\"'MRO Certificate Printing'!E\"&((ROW()-2)*4)+4))","v":""},{"$f":"IF(INDIRECT(\"'MRO Certificate Printing'!F\"&((ROW()-2)*4)+4)=\"\",\"\",INDIRECT(\"'MRO Certificate Printing'!F\"&((ROW()-2)*4)+4))","v":""},{"$f":"IF(INDIRECT(\"'MRO Certificate Printing'!B\"&((ROW()-2)*4)+4)=\"\",\"\",INDIRECT(\"'MRO Certificate Printing'!B\"&((ROW()-2)*4)+4))","v":""},{"$f":"IF(INDIRECT(\"'MRO Certificate Printing'!G\"&((ROW()-2)*4)+4)=\"\",\"\",INDIRECT(\"'MRO Certificate Printing'!G\"&((ROW()-2)*4)+4))","v":""},{"$f":"IF(INDIRECT(\"'MRO Certificate Printing'!J\"&((ROW()-2)*4)+4)=\"\",\"\",INDIRECT(\"'MRO Certificate Printing'!J\"&((ROW()-2)*4)+4))","v":""},{"$f":"IF(INDIRECT(\"'MRO Certificate Printing'!I\"&((ROW()-2)*4)+4)=\"\",\"\",INDIRECT(\"'MRO Certificate Printing'!I\"&((ROW()-2)*4)+4))","v":""},{"$f":"IF(INDIRECT(\"'MRO Certificate Printing'!K\"&((ROW()-2)*4)+4)=\"\",\"\",INDIRECT(\"'MRO Certificate Printing'!K\"&((ROW()-2)*4)+4))","v":""},null,{"$f":"IF(INDIRECT(\"'MRO Certificate Printing'!D\"&((ROW()-2)*4)+5)=\"\",\"\",INDIRECT(\"'MRO Certificate Printing'!D\"&((ROW()-2)*4)+5))","v":""},{"$f":"IF(INDIRECT(\"'MRO Certificate Printing'!E\"&((ROW()-2)*4)+5)=\"\",\"\",INDIRECT(\"'MRO Certificate Printing'!E\"&((ROW()-2)*4)+5))","v":""},{"$f":"IF(INDIRECT(\"'MRO Certificate Printing'!F\"&((ROW()-2)*4)+5)=\"\",\"\",INDIRECT(\"'MRO Certificate Printing'!F\"&((ROW()-2)*4)+5))","v":""},{"$f":"IF(INDIRECT(\"'MRO Certificate Printing'!B\"&((ROW()-2)*4)+5)=\"\",\"\",INDIRECT(\"'MRO Certificate Printing'!B\"&((ROW()-2)*4)+5))","v":""},{"$f":"IF(INDIRECT(\"'MRO Certificate Printing'!G\"&((ROW()-2)*4)+5)=\"\",\"\",INDIRECT(\"'MRO Certificate Printing'!G\"&((ROW()-2)*4)+5))","v":""},{"$f":"IF(INDIRECT(\"'MRO Certificate Printing'!J\"&((ROW()-2)*4)+5)=\"\",\"\",INDIRECT(\"'MRO Certificate Printing'!J\"&((ROW()-2)*4)+5))","v":""},{"$f":"IF(INDIRECT(\"'MRO Certificate Printing'!I\"&((ROW()-2)*4)+5)=\"\",\"\",INDIRECT(\"'MRO Certificate Printing'!I\"&((ROW()-2)*4)+5))","v":""},{"$f":"IF(INDIRECT(\"'MRO Certificate Printing'!K\"&((ROW()-2)*4)+5)=\"\",\"\",INDIRECT(\"'MRO Certificate Printing'!K\"&((ROW()-2)*4)+5))","v":""}]
["",{"$f":"IF(INDIRECT(\"'MRO Certificate Printing'!D\"&((ROW()-2)*4)+2)=\"\",\"\",INDIRECT(\"'MRO Certificate Printing'!D\"&((ROW()-2)*4)+2))","v":""},{"$f":"IF(INDIRECT(\"'MRO Certificate Printing'!E\"&((ROW()-2)*4)+2)=\"\",\"\",INDIRECT(\"'MRO Certificate Printing'!E\"&((ROW()-2)*4)+2))","v":""},{"$f":"IF(INDIRECT(\"'MRO Certificate Printing'!F\"&((ROW()-2)*4)+2)=\"\",\"\",INDIRECT(\"'MRO Certificate Printing'!F\"&((ROW()-2)*4)+2))","v":""},{"$f":"IF(INDIRECT(\"'MRO Certificate Printing'!B\"&((ROW()-2)*4)+2)=\"\",\"\",INDIRECT(\"'MRO Certificate Printing'!B\"&((ROW()-2)*4)+2))","v":""},{"$f":"IF(INDIRECT(\"'MRO Certificate Printing'!G\"&((ROW()-2)*4)+2)=\"\",\"\",INDIRECT(\"'MRO Certificate Printing'!G\"&((ROW()-2)*4)+2))","v":""},{"$f":"IF(INDIRECT(\"'MRO Certificate Printing'!J\"&((ROW()-2)*4)+2)=\"\",\"\",INDIRECT(\"'MRO Certificate Printing'!J\"&((ROW()-2)*4)+2))","v":""},{"$f":"IF(INDIRECT(\"'MRO Certificate Printing'!I\"&((ROW()-2)*4)+2)=\"\",\"\",INDIRECT(\"'MRO Certificate Printing'!I\"&((ROW()-2)*4)+2))","v":""},{"$f":"IF(INDIRECT(\"'MRO Certificate Printing'!K\"&((ROW()-2)*4)+2)=\"\",\"\",INDIRECT(\"'MRO Certificate Printing'!K\"&((ROW()-2)*4)+2))","v":""},null,{"$f":"IF(INDIRECT(\"'MRO Certificate Printing'!D\"&((ROW()-2)*4)+3)=\"\",\"\",INDIRECT(\"'MRO Certificate Printing'!D\"&((ROW()-2)*4)+3))","v":""},{"$f":"IF(INDIRECT(\"'MRO Certificate Printing'!E\"&((ROW()-2)*4)+3)=\"\",\"\",INDIRECT(\"'MRO Certificate Printing'!E\"&((ROW()-2)*4)+3))","v":""},{"$f":"IF(INDIRECT(\"'MRO Certificate Printing'!F\"&((ROW()-2)*4)+3)=\"\",\"\",INDIRECT(\"'MRO Certificate Printing'!F\"&((ROW()-2)*4)+3))","v":""},{"$f":"IF(INDIRECT(\"'MRO Certificate Printing'!B\"&((ROW()-2)*4)+3)=\"\",\"\",INDIRECT(\"'MRO Certificate Printing'!B\"&((ROW()-2)*4)+3))","v":""},{"$f":"IF(INDIRECT(\"'MRO Certificate Printing'!G\"&((ROW()-2)*4)+3)=\"\",\"\",INDIRECT(\"'MRO Certificate Printing'!G\"&((ROW()-2)*4)+3))","v":""},{"$f":"IF(INDIRECT(\"'MRO Certificate Printing'!J\"&((ROW()-2)*4)+3)=\"\",\"\",INDIRECT(\"'MRO Certificate Printing'!J\"&((ROW()-2)*4)+3))","v":""},{"$f":"IF(INDIRECT(\"'MRO Certificate Printing'!I\"&((ROW()-2)*4)+3)=\"\",\"\",INDIRECT(\"'MRO Certificate Printing'!I\"&((ROW()-2)*4)+3))","v":""},{"$f":"IF(INDIRECT(\"'MRO Certificate Printing'!K\"&((ROW()-2)*4)+3)=\"\",\"\",INDIRECT(\"'MRO Certificate Printing'!K\"&((ROW()-2)*4)+3))","v":""},null,{"$f":"IF(INDIRECT(\"'MRO Certificate Printing'!D\"&((ROW()-2)*4)+4)=\"\",\"\",INDIRECT(\"'MRO Certificate Printing'!D\"&((ROW()-2)*4)+4))","v":""},{"$f":"IF(INDIRECT(\"'MRO Certificate Printing'!E\"&((ROW()-2)*4)+4)=\"\",\"\",INDIRECT(\"'MRO Certificate Printing'!E\"&((ROW()-2)*4)+4))","v":""},{"$f":"IF(INDIRECT(\"'MRO Certificate Printing'!F\"&((ROW()-2)*4)+4)=\"\",\"\",INDIRECT(\"'MRO Certificate Printing'!F\"&((ROW()-2)*4)+4))","v":""},{"$f":"IF(INDIRECT(\"'MRO Certificate Printing'!B\"&((ROW()-2)*4)+4)=\"\",\"\",INDIRECT(\"'MRO Certificate Printing'!B\"&((ROW()-2)*4)+4))","v":""},{"$f":"IF(INDIRECT(\"'MRO Certificate Printing'!G\"&((ROW()-2)*4)+4)=\"\",\"\",INDIRECT(\"'MRO Certificate Printing'!G\"&((ROW()-2)*4)+4))","v":""},{"$f":"IF(INDIRECT(\"'MRO Certificate Printing'!J\"&((ROW()-2)*4)+4)=\"\",\"\",INDIRECT(\"'MRO Certificate Printing'!J\"&((ROW()-2)*4)+4))","v":""},{"$f":"IF(INDIRECT(\"'MRO Certificate Printing'!I\"&((ROW()-2)*4)+4)=\"\",\"\",INDIRECT(\"'MRO Certificate Printing'!I\"&((ROW()-2)*4)+4))","v":""},{"$f":"IF(INDIRECT(\"'MRO Certificate Printing'!K\"&((ROW()-2)*4)+4)=\"\",\"\",INDIRECT(\"'MRO Certificate Printing'!K\"&((ROW()-2)*4)+4))","v":""},null,{"$f":"IF(INDIRECT(\"'MRO Certificate Printing'!D\"&((ROW()-2)*4)+5)=\"\",\"\",INDIRECT(\"'MRO Certificate Printing'!D\"&((ROW()-2)*4)+5))","v":""},{"$f":"IF(INDIRECT(\"'MRO Certificate Printing'!E\"&((ROW()-2)*4)+5)=\"\",\"\",INDIRECT(\"'MRO Certificate Printing'!E\"&((ROW()-2)*4)+5))","v":""},{"$f":"IF(INDIRECT(\"'MRO Certificate Printing'!F\"&((ROW()-2)*4)+5)=\"\",\"\",INDIRECT(\"'MRO Certificate Printing'!F\"&((ROW()-2)*4)+5))","v":""},{"$f":"IF(INDIRECT(\"'MRO Certificate Printing'!B\"&((ROW()-2)*4)+5)=\"\",\"\",INDIRECT(\"'MRO Certificate Printing'!B\"&((ROW()-2)*4)+5))","v":""},{"$f":"IF(INDIRECT(\"'MRO Certificate Printing'!G\"&((ROW()-2)*4)+5)=\"\",\"\",INDIRECT(\"'MRO Certificate Printing'!G\"&((ROW()-2)*4)+5))","v":""},{"$f":"IF(INDIRECT(\"'MRO Certificate Printing'!J\"&((ROW()-2)*4)+5)=\"\",\"\",INDIRECT(\"'MRO Certificate Printing'!J\"&((ROW()-2)*4)+5))","v":""},{"$f":"IF(INDIRECT(\"'MRO Certificate Printing'!I\"&((ROW()-2)*4)+5)=\"\",\"\",INDIRECT(\"'MRO Certificate Printing'!I\"&((ROW()-2)*4)+5))","v":""},{"$f":"IF(INDIRECT(\"'MRO Certificate Printing'!K\"&((ROW()-2)*4)+5)=\"\",\"\",INDIRECT(\"'MRO Certificate Printing'!K\"&((ROW()-2)*4)+5))","v":""}]
["",{"$f":"IF(INDIRECT(\"'MRO Certificate Printing'!D\"&((ROW()-2)*4)+2)=\"\",\"\",INDIRECT(\"'MRO Certificate Printing'!D\"&((ROW()-2)*4)+2))","v":""},{"$f":"IF(INDIRECT(\"'MRO Certificate Printing'!E\"&((ROW()-2)*4)+2)=\"\",\"\",INDIRECT(\"'MRO Certificate Printing'!E\"&((ROW()-2)*4)+2))","v":""},{"$f":"IF(INDIRECT(\"'MRO Certificate Printing'!F\"&((ROW()-2)*4)+2)=\"\",\"\",INDIRECT(\"'MRO Certificate Printing'!F\"&((ROW()-2)*4)+2))","v":""},{"$f":"IF(INDIRECT(\"'MRO Certificate Printing'!B\"&((ROW()-2)*4)+2)=\"\",\"\",INDIRECT(\"'MRO Certificate Printing'!B\"&((ROW()-2)*4)+2))","v":""},{"$f":"IF(INDIRECT(\"'MRO Certificate Printing'!G\"&((ROW()-2)*4)+2)=\"\",\"\",INDIRECT(\"'MRO Certificate Printing'!G\"&((ROW()-2)*4)+2))","v":""},{"$f":"IF(INDIRECT(\"'MRO Certificate Printing'!J\"&((ROW()-2)*4)+2)=\"\",\"\",INDIRECT(\"'MRO Certificate Printing'!J\"&((ROW()-2)*4)+2))","v":""},{"$f":"IF(INDIRECT(\"'MRO Certificate Printing'!I\"&((ROW()-2)*4)+2)=\"\",\"\",INDIRECT(\"'MRO Certificate Printing'!I\"&((ROW()-2)*4)+2))","v":""},{"$f":"IF(INDIRECT(\"'MRO Certificate Printing'!K\"&((ROW()-2)*4)+2)=\"\",\"\",INDIRECT(\"'MRO Certificate Printing'!K\"&((ROW()-2)*4)+2))","v":""},null,{"$f":"IF(INDIRECT(\"'MRO Certificate Printing'!D\"&((ROW()-2)*4)+3)=\"\",\"\",INDIRECT(\"'MRO Certificate Printing'!D\"&((ROW()-2)*4)+3))","v":""},{"$f":"IF(INDIRECT(\"'MRO Certificate Printing'!E\"&((ROW()-2)*4)+3)=\"\",\"\",INDIRECT(\"'MRO Certificate Printing'!E\"&((ROW()-2)*4)+3))","v":""},{"$f":"IF(INDIRECT(\"'MRO Certificate Printing'!F\"&((ROW()-2)*4)+3)=\"\",\"\",INDIRECT(\"'MRO Certificate Printing'!F\"&((ROW()-2)*4)+3))","v":""},{"$f":"IF(INDIRECT(\"'MRO Certificate Printing'!B\"&((ROW()-2)*4)+3)=\"\",\"\",INDIRECT(\"'MRO Certificate Printing'!B\"&((ROW()-2)*4)+3))","v":""},{"$f":"IF(INDIRECT(\"'MRO Certificate Printing'!G\"&((ROW()-2)*4)+3)=\"\",\"\",INDIRECT(\"'MRO Certificate Printing'!G\"&((ROW()-2)*4)+3))","v":""},{"$f":"IF(INDIRECT(\"'MRO Certificate Printing'!J\"&((ROW()-2)*4)+3)=\"\",\"\",INDIRECT(\"'MRO Certificate Printing'!J\"&((ROW()-2)*4)+3))","v":""},{"$f":"IF(INDIRECT(\"'MRO Certificate Printing'!I\"&((ROW()-2)*4)+3)=\"\",\"\",INDIRECT(\"'MRO Certificate Printing'!I\"&((ROW()-2)*4)+3))","v":""},{"$f":"IF(INDIRECT(\"'MRO Certificate Printing'!K\"&((ROW()-2)*4)+3)=\"\",\"\",INDIRECT(\"'MRO Certificate Printing'!K\"&((ROW()-2)*4)+3))","v":""},null,{"$f":"IF(INDIRECT(\"'MRO Certificate Printing'!D\"&((ROW()-2)*4)+4)=\"\",\"\",INDIRECT(\"'MRO Certificate Printing'!D\"&((ROW()-2)*4)+4))","v":""},{"$f":"IF(INDIRECT(\"'MRO Certificate Printing'!E\"&((ROW()-2)*4)+4)=\"\",\"\",INDIRECT(\"'MRO Certificate Printing'!E\"&((ROW()-2)*4)+4))","v":""},{"$f":"IF(INDIRECT(\"'MRO Certificate Printing'!F\"&((ROW()-2)*4)+4)=\"\",\"\",INDIRECT(\"'MRO Certificate Printing'!F\"&((ROW()-2)*4)+4))","v":""},{"$f":"IF(INDIRECT(\"'MRO Certificate Printing'!B\"&((ROW()-2)*4)+4)=\"\",\"\",INDIRECT(\"'MRO Certificate Printing'!B\"&((ROW()-2)*4)+4))","v":""},{"$f":"IF(INDIRECT(\"'MRO Certificate Printing'!G\"&((ROW()-2)*4)+4)=\"\",\"\",INDIRECT(\"'MRO Certificate Printing'!G\"&((ROW()-2)*4)+4))","v":""},{"$f":"IF(INDIRECT(\"'MRO Certificate Printing'!J\"&((ROW()-2)*4)+4)=\"\",\"\",INDIRECT(\"'MRO Certificate Printing'!J\"&((ROW()-2)*4)+4))","v":""},{"$f":"IF(INDIRECT(\"'MRO Certificate Printing'!I\"&((ROW()-2)*4)+4)=\"\",\"\",INDIRECT(\"'MRO Certificate Printing'!I\"&((ROW()-2)*4)+4))","v":""},{"$f":"IF(INDIRECT(\"'MRO Certificate Printing'!K\"&((ROW()-2)*4)+4)=\"\",\"\",INDIRECT(\"'MRO Certificate Printing'!K\"&((ROW()-2)*4)+4))","v":""},null,{"$f":"IF(INDIRECT(\"'MRO Certificate Printing'!D\"&((ROW()-2)*4)+5)=\"\",\"\",INDIRECT(\"'MRO Certificate Printing'!D\"&((ROW()-2)*4)+5))","v":""},{"$f":"IF(INDIRECT(\"'MRO Certificate Printing'!E\"&((ROW()-2)*4)+5)=\"\",\"\",INDIRECT(\"'MRO Certificate Printing'!E\"&((ROW()-2)*4)+5))","v":""},{"$f":"IF(INDIRECT(\"'MRO Certificate Printing'!F\"&((ROW()-2)*4)+5)=\"\",\"\",INDIRECT(\"'MRO Certificate Printing'!F\"&((ROW()-2)*4)+5))","v":""},{"$f":"IF(INDIRECT(\"'MRO Certificate Printing'!B\"&((ROW()-2)*4)+5)=\"\",\"\",INDIRECT(\"'MRO Certificate Printing'!B\"&((ROW()-2)*4)+5))","v":""},{"$f":"IF(INDIRECT(\"'MRO Certificate Printing'!G\"&((ROW()-2)*4)+5)=\"\",\"\",INDIRECT(\"'MRO Certificate Printing'!G\"&((ROW()-2)*4)+5))","v":""},{"$f":"IF(INDIRECT(\"'MRO Certificate Printing'!J\"&((ROW()-2)*4)+5)=\"\",\"\",INDIRECT(\"'MRO Certificate Printing'!J\"&((ROW()-2)*4)+5))","v":""},{"$f":"IF(INDIRECT(\"'MRO Certificate Printing'!I\"&((ROW()-2)*4)+5)=\"\",\"\",INDIRECT(\"'MRO Certificate Printing'!I\"&((ROW()-2)*4)+5))","v":""},{"$f":"IF(INDIRECT(\"'MRO Certificate Printing'!K\"&((ROW()-2)*4)+5)=\"\",\"\",INDIRECT(\"'MRO Certificate Printing'!K\"&((ROW()-2)*4)+5))","v":""}]
["",{"$f":"IF(INDIRECT(\"'MRO Certificate Printing'!D\"&((ROW()-2)*4)+2)=\"\",\"\",INDIRECT(\"'MRO Certificate Printing'!D\"&((ROW()-2)*4)+2))","v":""},{"$f":"IF(INDIRECT(\"'MRO Certificate Printing'!E\"&((ROW()-2)*4)+2)=\"\",\"\",INDIRECT(\"'MRO Certificate Printing'!E\"&((ROW()-2)*4)+2))","v":""},{"$f":"IF(INDIRECT(\"'MRO Certificate Printing'!F\"&((ROW()-2)*4)+2)=\"\",\"\",INDIRECT(\"'MRO Certificate Printing'!F\"&((ROW()-2)*4)+2))","v":""},{"$f":"IF(INDIRECT(\"'MRO Certificate Printing'!B\"&((ROW()-2)*4)+2)=\"\",\"\",INDIRECT(\"'MRO Certificate Printing'!B\"&((ROW()-2)*4)+2))","v":""},{"$f":"IF(INDIRECT(\"'MRO Certificate Printing'!G\"&((ROW()-2)*4)+2)=\"\",\"\",INDIRECT(\"'MRO Certificate Printing'!G\"&((ROW()-2)*4)+2))","v":""},{"$f":"IF(INDIRECT(\"'MRO Certificate Printing'!J\"&((ROW()-2)*4)+2)=\"\",\"\",INDIRECT(\"'MRO Certificate Printing'!J\"&((ROW()-2)*4)+2))","v":""},{"$f":"IF(INDIRECT(\"'MRO Certificate Printing'!I\"&((ROW()-2)*4)+2)=\"\",\"\",INDIRECT(\"'MRO Certificate Printing'!I\"&((ROW()-2)*4)+2))","v":""},{"$f":"IF(INDIRECT(\"'MRO Certificate Printing'!K\"&((ROW()-2)*4)+2)=\"\",\"\",INDIRECT(\"'MRO Certificate Printing'!K\"&((ROW()-2)*4)+2))","v":""},null,{"$f":"IF(INDIRECT(\"'MRO Certificate Printing'!D\"&((ROW()-2)*4)+3)=\"\",\"\",INDIRECT(\"'MRO Certificate Printing'!D\"&((ROW()-2)*4)+3))","v":""},{"$f":"IF(INDIRECT(\"'MRO Certificate Printing'!E\"&((ROW()-2)*4)+3)=\"\",\"\",INDIRECT(\"'MRO Certificate Printing'!E\"&((ROW()-2)*4)+3))","v":""},{"$f":"IF(INDIRECT(\"'MRO Certificate Printing'!F\"&((ROW()-2)*4)+3)=\"\",\"\",INDIRECT(\"'MRO Certificate Printing'!F\"&((ROW()-2)*4)+3))","v":""},{"$f":"IF(INDIRECT(\"'MRO Certificate Printing'!B\"&((ROW()-2)*4)+3)=\"\",\"\",INDIRECT(\"'MRO Certificate Printing'!B\"&((ROW()-2)*4)+3))","v":""},{"$f":"IF(INDIRECT(\"'MRO Certificate Printing'!G\"&((ROW()-2)*4)+3)=\"\",\"\",INDIRECT(\"'MRO Certificate Printing'!G\"&((ROW()-2)*4)+3))","v":""},{"$f":"IF(INDIRECT(\"'MRO Certificate Printing'!J\"&((ROW()-2)*4)+3)=\"\",\"\",INDIRECT(\"'MRO Certificate Printing'!J\"&((ROW()-2)*4)+3))","v":""},{"$f":"IF(INDIRECT(\"'MRO Certificate Printing'!I\"&((ROW()-2)*4)+3)=\"\",\"\",INDIRECT(\"'MRO Certificate Printing'!I\"&((ROW()-2)*4)+3))","v":""},{"$f":"IF(INDIRECT(\"'MRO Certificate Printing'!K\"&((ROW()-2)*4)+3)=\"\",\"\",INDIRECT(\"'MRO Certificate Printing'!K\"&((ROW()-2)*4)+3))","v":""},null,{"$f":"IF(INDIRECT(\"'MRO Certificate Printing'!D\"&((ROW()-2)*4)+4)=\"\",\"\",INDIRECT(\"'MRO Certificate Printing'!D\"&((ROW()-2)*4)+4))","v":""},{"$f":"IF(INDIRECT(\"'MRO Certificate Printing'!E\"&((ROW()-2)*4)+4)=\"\",\"\",INDIRECT(\"'MRO Certificate Printing'!E\"&((ROW()-2)*4)+4))","v":""},{"$f":"IF(INDIRECT(\"'MRO Certificate Printing'!F\"&((ROW()-2)*4)+4)=\"\",\"\",INDIRECT(\"'MRO Certificate Printing'!F\"&((ROW()-2)*4)+4))","v":""},{"$f":"IF(INDIRECT(\"'MRO Certificate Printing'!B\"&((ROW()-2)*4)+4)=\"\",\"\",INDIRECT(\"'MRO Certificate Printing'!B\"&((ROW()-2)*4)+4))","v":""},{"$f":"IF(INDIRECT(\"'MRO Certificate Printing'!G\"&((ROW()-2)*4)+4)=\"\",\"\",INDIRECT(\"'MRO Certificate Printing'!G\"&((ROW()-2)*4)+4))","v":""},{"$f":"IF(INDIRECT(\"'MRO Certificate Printing'!J\"&((ROW()-2)*4)+4)=\"\",\"\",INDIRECT(\"'MRO Certificate Printing'!J\"&((ROW()-2)*4)+4))","v":""},{"$f":"IF(INDIRECT(\"'MRO Certificate Printing'!I\"&((ROW()-2)*4)+4)=\"\",\"\",INDIRECT(\"'MRO Certificate Printing'!I\"&((ROW()-2)*4)+4))","v":""},{"$f":"IF(INDIRECT(\"'MRO Certificate Printing'!K\"&((ROW()-2)*4)+4)=\"\",\"\",INDIRECT(\"'MRO Certificate Printing'!K\"&((ROW()-2)*4)+4))","v":""},null,{"$f":"IF(INDIRECT(\"'MRO Certificate Printing'!D\"&((ROW()-2)*4)+5)=\"\",\"\",INDIRECT(\"'MRO Certificate Printing'!D\"&((ROW()-2)*4)+5))","v":""},{"$f":"IF(INDIRECT(\"'MRO Certificate Printing'!E\"&((ROW()-2)*4)+5)=\"\",\"\",INDIRECT(\"'MRO Certificate Printing'!E\"&((ROW()-2)*4)+5))","v":""},{"$f":"IF(INDIRECT(\"'MRO Certificate Printing'!F\"&((ROW()-2)*4)+5)=\"\",\"\",INDIRECT(\"'MRO Certificate Printing'!F\"&((ROW()-2)*4)+5))","v":""},{"$f":"IF(INDIRECT(\"'MRO Certificate Printing'!B\"&((ROW()-2)*4)+5)=\"\",\"\",INDIRECT(\"'MRO Certificate Printing'!B\"&((ROW()-2)*4)+5))","v":""},{"$f":"IF(INDIRECT(\"'MRO Certificate Printing'!G\"&((ROW()-2)*4)+5)=\"\",\"\",INDIRECT(\"'MRO Certificate Printing'!G\"&((ROW()-2)*4)+5))","v":""},{"$f":"IF(INDIRECT(\"'MRO Certificate Printing'!J\"&((ROW()-2)*4)+5)=\"\",\"\",INDIRECT(\"'MRO Certificate Printing'!J\"&((ROW()-2)*4)+5))","v":""},{"$f":"IF(INDIRECT(\"'MRO Certificate Printing'!I\"&((ROW()-2)*4)+5)=\"\",\"\",INDIRECT(\"'MRO Certificate Printing'!I\"&((ROW()-2)*4)+5))","v":""},{"$f":"IF(INDIRECT(\"'MRO Certificate Printing'!K\"&((ROW()-2)*4)+5)=\"\",\"\",INDIRECT(\"'MRO Certificate Printing'!K\"&((ROW()-2)*4)+5))","v":""}]
["",{"$f":"IF(INDIRECT(\"'MRO Certificate Printing'!D\"&((ROW()-2)*4)+2)=\"\",\"\",INDIRECT(\"'MRO Certificate Printing'!D\"&((ROW()-2)*4)+2))","v":""},{"$f":"IF(INDIRECT(\"'MRO Certificate Printing'!E\"&((ROW()-2)*4)+2)=\"\",\"\",INDIRECT(\"'MRO Certificate Printing'!E\"&((ROW()-2)*4)+2))","v":""},{"$f":"IF(INDIRECT(\"'MRO Certificate Printing'!F\"&((ROW()-2)*4)+2)=\"\",\"\",INDIRECT(\"'MRO Certificate Printing'!F\"&((ROW()-2)*4)+2))","v":""},{"$f":"IF(INDIRECT(\"'MRO Certificate Printing'!B\"&((ROW()-2)*4)+2)=\"\",\"\",INDIRECT(\"'MRO Certificate Printing'!B\"&((ROW()-2)*4)+2))","v":""},{"$f":"IF(INDIRECT(\"'MRO Certificate Printing'!G\"&((ROW()-2)*4)+2)=\"\",\"\",INDIRECT(\"'MRO Certificate Printing'!G\"&((ROW()-2)*4)+2))","v":""},{"$f":"IF(INDIRECT(\"'MRO Certificate Printing'!J\"&((ROW()-2)*4)+2)=\"\",\"\",INDIRECT(\"'MRO Certificate Printing'!J\"&((ROW()-2)*4)+2))","v":""},{"$f":"IF(INDIRECT(\"'MRO Certificate Printing'!I\"&((ROW()-2)*4)+2)=\"\",\"\",INDIRECT(\"'MRO Certificate Printing'!I\"&((ROW()-2)*4)+2))","v":""},{"$f":"IF(INDIRECT(\"'MRO Certificate Printing'!K\"&((ROW()-2)*4)+2)=\"\",\"\",INDIRECT(\"'MRO Certificate Printing'!K\"&((ROW()-2)*4)+2))","v":""},null,{"$f":"IF(INDIRECT(\"'MRO Certificate Printing'!D\"&((ROW()-2)*4)+3)=\"\",\"\",INDIRECT(\"'MRO Certificate Printing'!D\"&((ROW()-2)*4)+3))","v":""},{"$f":"IF(INDIRECT(\"'MRO Certificate Printing'!E\"&((ROW()-2)*4)+3)=\"\",\"\",INDIRECT(\"'MRO Certificate Printing'!E\"&((ROW()-2)*4)+3))","v":""},{"$f":"IF(INDIRECT(\"'MRO Certificate Printing'!F\"&((ROW()-2)*4)+3)=\"\",\"\",INDIRECT(\"'MRO Certificate Printing'!F\"&((ROW()-2)*4)+3))","v":""},{"$f":"IF(INDIRECT(\"'MRO Certificate Printing'!B\"&((ROW()-2)*4)+3)=\"\",\"\",INDIRECT(\"'MRO Certificate Printing'!B\"&((ROW()-2)*4)+3))","v":""},{"$f":"IF(INDIRECT(\"'MRO Certificate Printing'!G\"&((ROW()-2)*4)+3)=\"\",\"\",INDIRECT(\"'MRO Certificate Printing'!G\"&((ROW()-2)*4)+3))","v":""},{"$f":"IF(INDIRECT(\"'MRO Certificate Printing'!J\"&((ROW()-2)*4)+3)=\"\",\"\",INDIRECT(\"'MRO Certificate Printing'!J\"&((ROW()-2)*4)+3))","v":""},{"$f":"IF(INDIRECT(\"'MRO Certificate Printing'!I\"&((ROW()-2)*4)+3)=\"\",\"\",INDIRECT(\"'MRO Certificate Printing'!I\"&((ROW()-2)*4)+3))","v":""},{"$f":"IF(INDIRECT(\"'MRO Certificate Printing'!K\"&((ROW()-2)*4)+3)=\"\",\"\",INDIRECT(\"'MRO Certificate Printing'!K\"&((ROW()-2)*4)+3))","v":""},null,{"$f":"IF(INDIRECT(\"'MRO Certificate Printing'!D\"&((ROW()-2)*4)+4)=\"\",\"\",INDIRECT(\"'MRO Certificate Printing'!D\"&((ROW()-2)*4)+4))","v":""},{"$f":"IF(INDIRECT(\"'MRO Certificate Printing'!E\"&((ROW()-2)*4)+4)=\"\",\"\",INDIRECT(\"'MRO Certificate Printing'!E\"&((ROW()-2)*4)+4))","v":""},{"$f":"IF(INDIRECT(\"'MRO Certificate Printing'!F\"&((ROW()-2)*4)+4)=\"\",\"\",INDIRECT(\"'MRO Certificate Printing'!F\"&((ROW()-2)*4)+4))","v":""},{"$f":"IF(INDIRECT(\"'MRO Certificate Printing'!B\"&((ROW()-2)*4)+4)=\"\",\"\",INDIRECT(\"'MRO Certificate Printing'!B\"&((ROW()-2)*4)+4))","v":""},{"$f":"IF(INDIRECT(\"'MRO Certificate Printing'!G\"&((ROW()-2)*4)+4)=\"\",\"\",INDIRECT(\"'MRO Certificate Printing'!G\"&((ROW()-2)*4)+4))","v":""},{"$f":"IF(INDIRECT(\"'MRO Certificate Printing'!J\"&((ROW()-2)*4)+4)=\"\",\"\",INDIRECT(\"'MRO Certificate Printing'!J\"&((ROW()-2)*4)+4))","v":""},{"$f":"IF(INDIRECT(\"'MRO Certificate Printing'!I\"&((ROW()-2)*4)+4)=\"\",\"\",INDIRECT(\"'MRO Certificate Printing'!I\"&((ROW()-2)*4)+4))","v":""},{"$f":"IF(INDIRECT(\"'MRO Certificate Printing'!K\"&((ROW()-2)*4)+4)=\"\",\"\",INDIRECT(\"'MRO Certificate Printing'!K\"&((ROW()-2)*4)+4))","v":""},null,{"$f":"IF(INDIRECT(\"'MRO Certificate Printing'!D\"&((ROW()-2)*4)+5)=\"\",\"\",INDIRECT(\"'MRO Certificate Printing'!D\"&((ROW()-2)*4)+5))","v":""},{"$f":"IF(INDIRECT(\"'MRO Certificate Printing'!E\"&((ROW()-2)*4)+5)=\"\",\"\",INDIRECT(\"'MRO Certificate Printing'!E\"&((ROW()-2)*4)+5))","v":""},{"$f":"IF(INDIRECT(\"'MRO Certificate Printing'!F\"&((ROW()-2)*4)+5)=\"\",\"\",INDIRECT(\"'MRO Certificate Printing'!F\"&((ROW()-2)*4)+5))","v":""},{"$f":"IF(INDIRECT(\"'MRO Certificate Printing'!B\"&((ROW()-2)*4)+5)=\"\",\"\",INDIRECT(\"'MRO Certificate Printing'!B\"&((ROW()-2)*4)+5))","v":""},{"$f":"IF(INDIRECT(\"'MRO Certificate Printing'!G\"&((ROW()-2)*4)+5)=\"\",\"\",INDIRECT(\"'MRO Certificate Printing'!G\"&((ROW()-2)*4)+5))","v":""},{"$f":"IF(INDIRECT(\"'MRO Certificate Printing'!J\"&((ROW()-2)*4)+5)=\"\",\"\",INDIRECT(\"'MRO Certificate Printing'!J\"&((ROW()-2)*4)+5))","v":""},{"$f":"IF(INDIRECT(\"'MRO Certificate Printing'!I\"&((ROW()-2)*4)+5)=\"\",\"\",INDIRECT(\"'MRO Certificate Printing'!I\"&((ROW()-2)*4)+5))","v":""},{"$f":"IF(INDIRECT(\"'MRO Certificate Printing'!K\"&((ROW()-2)*4)+5)=\"\",\"\",INDIRECT(\"'MRO Certificate Printing'!K\"&((ROW()-2)*4)+5))","v":""}]
["",{"$f":"IF(INDIRECT(\"'MRO Certificate Printing'!D\"&((ROW()-2)*4)+2)=\"\",\"\",INDIRECT(\"'MRO Certificate Printing'!D\"&((ROW()-2)*4)+2))","v":""},{"$f":"IF(INDIRECT(\"'MRO Certificate Printing'!E\"&((ROW()-2)*4)+2)=\"\",\"\",INDIRECT(\"'MRO Certificate Printing'!E\"&((ROW()-2)*4)+2))","v":""},{"$f":"IF(INDIRECT(\"'MRO Certificate Printing'!F\"&((ROW()-2)*4)+2)=\"\",\"\",INDIRECT(\"'MRO Certificate Printing'!F\"&((ROW()-2)*4)+2))","v":""},{"$f":"IF(INDIRECT(\"'MRO Certificate Printing'!B\"&((ROW()-2)*4)+2)=\"\",\"\",INDIRECT(\"'MRO Certificate Printing'!B\"&((ROW()-2)*4)+2))","v":""},{"$f":"IF(INDIRECT(\"'MRO Certificate Printing'!G\"&((ROW()-2)*4)+2)=\"\",\"\",INDIRECT(\"'MRO Certificate Printing'!G\"&((ROW()-2)*4)+2))","v":""},{"$f":"IF(INDIRECT(\"'MRO Certificate Printing'!J\"&((ROW()-2)*4)+2)=\"\",\"\",INDIRECT(\"'MRO Certificate Printing'!J\"&((ROW()-2)*4)+2))","v":""},{"$f":"IF(INDIRECT(\"'MRO Certificate Printing'!I\"&((ROW()-2)*4)+2)=\"\",\"\",INDIRECT(\"'MRO Certificate Printing'!I\"&((ROW()-2)*4)+2))","v":""},{"$f":"IF(INDIRECT(\"'MRO Certificate Printing'!K\"&((ROW()-2)*4)+2)=\"\",\"\",INDIRECT(\"'MRO Certificate Printing'!K\"&((ROW()-2)*4)+2))","v":""},null,{"$f":"IF(INDIRECT(\"'MRO Certificate Printing'!D\"&((ROW()-2)*4)+3)=\"\",\"\",INDIRECT(\"'MRO Certificate Printing'!D\"&((ROW()-2)*4)+3))","v":""},{"$f":"IF(INDIRECT(\"'MRO Certificate Printing'!E\"&((ROW()-2)*4)+3)=\"\",\"\",INDIRECT(\"'MRO Certificate Printing'!E\"&((ROW()-2)*4)+3))","v":""},{"$f":"IF(INDIRECT(\"'MRO Certificate Printing'!F\"&((ROW()-2)*4)+3)=\"\",\"\",INDIRECT(\"'MRO Certificate Printing'!F\"&((ROW()-2)*4)+3))","v":""},{"$f":"IF(INDIRECT(\"'MRO Certificate Printing'!B\"&((ROW()-2)*4)+3)=\"\",\"\",INDIRECT(\"'MRO Certificate Printing'!B\"&((ROW()-2)*4)+3))","v":""},{"$f":"IF(INDIRECT(\"'MRO Certificate Printing'!G\"&((ROW()-2)*4)+3)=\"\",\"\",INDIRECT(\"'MRO Certificate Printing'!G\"&((ROW()-2)*4)+3))","v":""},{"$f":"IF(INDIRECT(\"'MRO Certificate Printing'!J\"&((ROW()-2)*4)+3)=\"\",\"\",INDIRECT(\"'MRO Certificate Printing'!J\"&((ROW()-2)*4)+3))","v":""},{"$f":"IF(INDIRECT(\"'MRO Certificate Printing'!I\"&((ROW()-2)*4)+3)=\"\",\"\",INDIRECT(\"'MRO Certificate Printing'!I\"&((ROW()-2)*4)+3))","v":""},{"$f":"IF(INDIRECT(\"'MRO Certificate Printing'!K\"&((ROW()-2)*4)+3)=\"\",\"\",INDIRECT(\"'MRO Certificate Printing'!K\"&((ROW()-2)*4)+3))","v":""},null,{"$f":"IF(INDIRECT(\"'MRO Certificate Printing'!D\"&((ROW()-2)*4)+4)=\"\",\"\",INDIRECT(\"'MRO Certificate Printing'!D\"&((ROW()-2)*4)+4))","v":""},{"$f":"IF(INDIRECT(\"'MRO Certificate Printing'!E\"&((ROW()-2)*4)+4)=\"\",\"\",INDIRECT(\"'MRO Certificate Printing'!E\"&((ROW()-2)*4)+4))","v":""},{"$f":"IF(INDIRECT(\"'MRO Certificate Printing'!F\"&((ROW()-2)*4)+4)=\"\",\"\",INDIRECT(\"'MRO Certificate Printing'!F\"&((ROW()-2)*4)+4))","v":""},{"$f":"IF(INDIRECT(\"'MRO Certificate Printing'!B\"&((ROW()-2)*4)+4)=\"\",\"\",INDIRECT(\"'MRO Certificate Printing'!B\"&((ROW()-2)*4)+4))","v":""},{"$f":"IF(INDIRECT(\"'MRO Certificate Printing'!G\"&((ROW()-2)*4)+4)=\"\",\"\",INDIRECT(\"'MRO Certificate Printing'!G\"&((ROW()-2)*4)+4))","v":""},{"$f":"IF(INDIRECT(\"'MRO Certificate Printing'!J\"&((ROW()-2)*4)+4)=\"\",\"\",INDIRECT(\"'MRO Certificate Printing'!J\"&((ROW()-2)*4)+4))","v":""},{"$f":"IF(INDIRECT(\"'MRO Certificate Printing'!I\"&((ROW()-2)*4)+4)=\"\",\"\",INDIRECT(\"'MRO Certificate Printing'!I\"&((ROW()-2)*4)+4))","v":""},{"$f":"IF(INDIRECT(\"'MRO Certificate Printing'!K\"&((ROW()-2)*4)+4)=\"\",\"\",INDIRECT(\"'MRO Certificate Printing'!K\"&((ROW()-2)*4)+4))","v":""},null,{"$f":"IF(INDIRECT(\"'MRO Certificate Printing'!D\"&((ROW()-2)*4)+5)=\"\",\"\",INDIRECT(\"'MRO Certificate Printing'!D\"&((ROW()-2)*4)+5))","v":""},{"$f":"IF(INDIRECT(\"'MRO Certificate Printing'!E\"&((ROW()-2)*4)+5)=\"\",\"\",INDIRECT(\"'MRO Certificate Printing'!E\"&((ROW()-2)*4)+5))","v":""},{"$f":"IF(INDIRECT(\"'MRO Certificate Printing'!F\"&((ROW()-2)*4)+5)=\"\",\"\",INDIRECT(\"'MRO Certificate Printing'!F\"&((ROW()-2)*4)+5))","v":""},{"$f":"IF(INDIRECT(\"'MRO Certificate Printing'!B\"&((ROW()-2)*4)+5)=\"\",\"\",INDIRECT(\"'MRO Certificate Printing'!B\"&((ROW()-2)*4)+5))","v":""},{"$f":"IF(INDIRECT(\"'MRO Certificate Printing'!G\"&((ROW()-2)*4)+5)=\"\",\"\",INDIRECT(\"'MRO Certificate Printing'!G\"&((ROW()-2)*4)+5))","v":""},{"$f":"IF(INDIRECT(\"'MRO Certificate Printing'!J\"&((ROW()-2)*4)+5)=\"\",\"\",INDIRECT(\"'MRO Certificate Printing'!J\"&((ROW()-2)*4)+5))","v":""},{"$f":"IF(INDIRECT(\"'MRO Certificate Printing'!I\"&((ROW()-2)*4)+5)=\"\",\"\",INDIRECT(\"'MRO Certificate Printing'!I\"&((ROW()-2)*4)+5))","v":""},{"$f":"IF(INDIRECT(\"'MRO Certificate Printing'!K\"&((ROW()-2)*4)+5)=\"\",\"\",INDIRECT(\"'MRO Certificate Printing'!K\"&((ROW()-2)*4)+5))","v":""}]
["",{"$f":"IF(INDIRECT(\"'MRO Certificate Printing'!D\"&((ROW()-2)*4)+2)=\"\",\"\",INDIRECT(\"'MRO Certificate Printing'!D\"&((ROW()-2)*4)+2))","v":""},{"$f":"IF(INDIRECT(\"'MRO Certificate Printing'!E\"&((ROW()-2)*4)+2)=\"\",\"\",INDIRECT(\"'MRO Certificate Printing'!E\"&((ROW()-2)*4)+2))","v":""},{"$f":"IF(INDIRECT(\"'MRO Certificate Printing'!F\"&((ROW()-2)*4)+2)=\"\",\"\",INDIRECT(\"'MRO Certificate Printing'!F\"&((ROW()-2)*4)+2))","v":""},{"$f":"IF(INDIRECT(\"'MRO Certificate Printing'!B\"&((ROW()-2)*4)+2)=\"\",\"\",INDIRECT(\"'MRO Certificate Printing'!B\"&((ROW()-2)*4)+2))","v":""},{"$f":"IF(INDIRECT(\"'MRO Certificate Printing'!G\"&((ROW()-2)*4)+2)=\"\",\"\",INDIRECT(\"'MRO Certificate Printing'!G\"&((ROW()-2)*4)+2))","v":""},{"$f":"IF(INDIRECT(\"'MRO Certificate Printing'!J\"&((ROW()-2)*4)+2)=\"\",\"\",INDIRECT(\"'MRO Certificate Printing'!J\"&((ROW()-2)*4)+2))","v":""},{"$f":"IF(INDIRECT(\"'MRO Certificate Printing'!I\"&((ROW()-2)*4)+2)=\"\",\"\",INDIRECT(\"'MRO Certificate Printing'!I\"&((ROW()-2)*4)+2))","v":""},{"$f":"IF(INDIRECT(\"'MRO Certificate Printing'!K\"&((ROW()-2)*4)+2)=\"\",\"\",INDIRECT(\"'MRO Certificate Printing'!K\"&((ROW()-2)*4)+2))","v":""},null,{"$f":"IF(INDIRECT(\"'MRO Certificate Printing'!D\"&((ROW()-2)*4)+3)=\"\",\"\",INDIRECT(\"'MRO Certificate Printing'!D\"&((ROW()-2)*4)+3))","v":""},{"$f":"IF(INDIRECT(\"'MRO Certificate Printing'!E\"&((ROW()-2)*4)+3)=\"\",\"\",INDIRECT(\"'MRO Certificate Printing'!E\"&((ROW()-2)*4)+3))","v":""},{"$f":"IF(INDIRECT(\"'MRO Certificate Printing'!F\"&((ROW()-2)*4)+3)=\"\",\"\",INDIRECT(\"'MRO Certificate Printing'!F\"&((ROW()-2)*4)+3))","v":""},{"$f":"IF(INDIRECT(\"'MRO Certificate Printing'!B\"&((ROW()-2)*4)+3)=\"\",\"\",INDIRECT(\"'MRO Certificate Printing'!B\"&((ROW()-2)*4)+3))","v":""},{"$f":"IF(INDIRECT(\"'MRO Certificate Printing'!G\"&((ROW()-2)*4)+3)=\"\",\"\",INDIRECT(\"'MRO Certificate Printing'!G\"&((ROW()-2)*4)+3))","v":""},{"$f":"IF(INDIRECT(\"'MRO Certificate Printing'!J\"&((ROW()-2)*4)+3)=\"\",\"\",INDIRECT(\"'MRO Certificate Printing'!J\"&((ROW()-2)*4)+3))","v":""},{"$f":"IF(INDIRECT(\"'MRO Certificate Printing'!I\"&((ROW()-2)*4)+3)=\"\",\"\",INDIRECT(\"'MRO Certificate Printing'!I\"&((ROW()-2)*4)+3))","v":""},{"$f":"IF(INDIRECT(\"'MRO Certificate Printing'!K\"&((ROW()-2)*4)+3)=\"\",\"\",INDIRECT(\"'MRO Certificate Printing'!K\"&((ROW()-2)*4)+3))","v":""},null,{"$f":"IF(INDIRECT(\"'MRO Certificate Printing'!D\"&((ROW()-2)*4)+4)=\"\",\"\",INDIRECT(\"'MRO Certificate Printing'!D\"&((ROW()-2)*4)+4))","v":""},{"$f":"IF(INDIRECT(\"'MRO Certificate Printing'!E\"&((ROW()-2)*4)+4)=\"\",\"\",INDIRECT(\"'MRO Certificate Printing'!E\"&((ROW()-2)*4)+4))","v":""},{"$f":"IF(INDIRECT(\"'MRO Certificate Printing'!F\"&((ROW()-2)*4)+4)=\"\",\"\",INDIRECT(\"'MRO Certificate Printing'!F\"&((ROW()-2)*4)+4))","v":""},{"$f":"IF(INDIRECT(\"'MRO Certificate Printing'!B\"&((ROW()-2)*4)+4)=\"\",\"\",INDIRECT(\"'MRO Certificate Printing'!B\"&((ROW()-2)*4)+4))","v":""},{"$f":"IF(INDIRECT(\"'MRO Certificate Printing'!G\"&((ROW()-2)*4)+4)=\"\",\"\",INDIRECT(\"'MRO Certificate Printing'!G\"&((ROW()-2)*4)+4))","v":""},{"$f":"IF(INDIRECT(\"'MRO Certificate Printing'!J\"&((ROW()-2)*4)+4)=\"\",\"\",INDIRECT(\"'MRO Certificate Printing'!J\"&((ROW()-2)*4)+4))","v":""},{"$f":"IF(INDIRECT(\"'MRO Certificate Printing'!I\"&((ROW()-2)*4)+4)=\"\",\"\",INDIRECT(\"'MRO Certificate Printing'!I\"&((ROW()-2)*4)+4))","v":""},{"$f":"IF(INDIRECT(\"'MRO Certificate Printing'!K\"&((ROW()-2)*4)+4)=\"\",\"\",INDIRECT(\"'MRO Certificate Printing'!K\"&((ROW()-2)*4)+4))","v":""},null,{"$f":"IF(INDIRECT(\"'MRO Certificate Printing'!D\"&((ROW()-2)*4)+5)=\"\",\"\",INDIRECT(\"'MRO Certificate Printing'!D\"&((ROW()-2)*4)+5))","v":""},{"$f":"IF(INDIRECT(\"'MRO Certificate Printing'!E\"&((ROW()-2)*4)+5)=\"\",\"\",INDIRECT(\"'MRO Certificate Printing'!E\"&((ROW()-2)*4)+5))","v":""},{"$f":"IF(INDIRECT(\"'MRO Certificate Printing'!F\"&((ROW()-2)*4)+5)=\"\",\"\",INDIRECT(\"'MRO Certificate Printing'!F\"&((ROW()-2)*4)+5))","v":""},{"$f":"IF(INDIRECT(\"'MRO Certificate Printing'!B\"&((ROW()-2)*4)+5)=\"\",\"\",INDIRECT(\"'MRO Certificate Printing'!B\"&((ROW()-2)*4)+5))","v":""},{"$f":"IF(INDIRECT(\"'MRO Certificate Printing'!G\"&((ROW()-2)*4)+5)=\"\",\"\",INDIRECT(\"'MRO Certificate Printing'!G\"&((ROW()-2)*4)+5))","v":""},{"$f":"IF(INDIRECT(\"'MRO Certificate Printing'!J\"&((ROW()-2)*4)+5)=\"\",\"\",INDIRECT(\"'MRO Certificate Printing'!J\"&((ROW()-2)*4)+5))","v":""},{"$f":"IF(INDIRECT(\"'MRO Certificate Printing'!I\"&((ROW()-2)*4)+5)=\"\",\"\",INDIRECT(\"'MRO Certificate Printing'!I\"&((ROW()-2)*4)+5))","v":""},{"$f":"IF(INDIRECT(\"'MRO Certificate Printing'!K\"&((ROW()-2)*4)+5)=\"\",\"\",INDIRECT(\"'MRO Certificate Printing'!K\"&((ROW()-2)*4)+5))","v":""}]
["",{"$f":"IF(INDIRECT(\"'MRO Certificate Printing'!D\"&((ROW()-2)*4)+2)=\"\",\"\",INDIRECT(\"'MRO Certificate Printing'!D\"&((ROW()-2)*4)+2))","v":""},{"$f":"IF(INDIRECT(\"'MRO Certificate Printing'!E\"&((ROW()-2)*4)+2)=\"\",\"\",INDIRECT(\"'MRO Certificate Printing'!E\"&((ROW()-2)*4)+2))","v":""},{"$f":"IF(INDIRECT(\"'MRO Certificate Printing'!F\"&((ROW()-2)*4)+2)=\"\",\"\",INDIRECT(\"'MRO Certificate Printing'!F\"&((ROW()-2)*4)+2))","v":""},{"$f":"IF(INDIRECT(\"'MRO Certificate Printing'!B\"&((ROW()-2)*4)+2)=\"\",\"\",INDIRECT(\"'MRO Certificate Printing'!B\"&((ROW()-2)*4)+2))","v":""},{"$f":"IF(INDIRECT(\"'MRO Certificate Printing'!G\"&((ROW()-2)*4)+2)=\"\",\"\",INDIRECT(\"'MRO Certificate Printing'!G\"&((ROW()-2)*4)+2))","v":""},{"$f":"IF(INDIRECT(\"'MRO Certificate Printing'!J\"&((ROW()-2)*4)+2)=\"\",\"\",INDIRECT(\"'MRO Certificate Printing'!J\"&((ROW()-2)*4)+2))","v":""},{"$f":"IF(INDIRECT(\"'MRO Certificate Printing'!I\"&((ROW()-2)*4)+2)=\"\",\"\",INDIRECT(\"'MRO Certificate Printing'!I\"&((ROW()-2)*4)+2))","v":""},{"$f":"IF(INDIRECT(\"'MRO Certificate Printing'!K\"&((ROW()-2)*4)+2)=\"\",\"\",INDIRECT(\"'MRO Certificate Printing'!K\"&((ROW()-2)*4)+2))","v":""},null,{"$f":"IF(INDIRECT(\"'MRO Certificate Printing'!D\"&((ROW()-2)*4)+3)=\"\",\"\",INDIRECT(\"'MRO Certificate Printing'!D\"&((ROW()-2)*4)+3))","v":""},{"$f":"IF(INDIRECT(\"'MRO Certificate Printing'!E\"&((ROW()-2)*4)+3)=\"\",\"\",INDIRECT(\"'MRO Certificate Printing'!E\"&((ROW()-2)*4)+3))","v":""},{"$f":"IF(INDIRECT(\"'MRO Certificate Printing'!F\"&((ROW()-2)*4)+3)=\"\",\"\",INDIRECT(\"'MRO Certificate Printing'!F\"&((ROW()-2)*4)+3))","v":""},{"$f":"IF(INDIRECT(\"'MRO Certificate Printing'!B\"&((ROW()-2)*4)+3)=\"\",\"\",INDIRECT(\"'MRO Certificate Printing'!B\"&((ROW()-2)*4)+3))","v":""},{"$f":"IF(INDIRECT(\"'MRO Certificate Printing'!G\"&((ROW()-2)*4)+3)=\"\",\"\",INDIRECT(\"'MRO Certificate Printing'!G\"&((ROW()-2)*4)+3))","v":""},{"$f":"IF(INDIRECT(\"'MRO Certificate Printing'!J\"&((ROW()-2)*4)+3)=\"\",\"\",INDIRECT(\"'MRO Certificate Printing'!J\"&((ROW()-2)*4)+3))","v":""},{"$f":"IF(INDIRECT(\"'MRO Certificate Printing'!I\"&((ROW()-2)*4)+3)=\"\",\"\",INDIRECT(\"'MRO Certificate Printing'!I\"&((ROW()-2)*4)+3))","v":""},{"$f":"IF(INDIRECT(\"'MRO Certificate Printing'!K\"&((ROW()-2)*4)+3)=\"\",\"\",INDIRECT(\"'MRO Certificate Printing'!K\"&((ROW()-2)*4)+3))","v":""},null,{"$f":"IF(INDIRECT(\"'MRO Certificate Printing'!D\"&((ROW()-2)*4)+4)=\"\",\"\",INDIRECT(\"'MRO Certificate Printing'!D\"&((ROW()-2)*4)+4))","v":""},{"$f":"IF(INDIRECT(\"'MRO Certificate Printing'!E\"&((ROW()-2)*4)+4)=\"\",\"\",INDIRECT(\"'MRO Certificate Printing'!E\"&((ROW()-2)*4)+4))","v":""},{"$f":"IF(INDIRECT(\"'MRO Certificate Printing'!F\"&((ROW()-2)*4)+4)=\"\",\"\",INDIRECT(\"'MRO Certificate Printing'!F\"&((ROW()-2)*4)+4))","v":""},{"$f":"IF(INDIRECT(\"'MRO Certificate Printing'!B\"&((ROW()-2)*4)+4)=\"\",\"\",INDIRECT(\"'MRO Certificate Printing'!B\"&((ROW()-2)*4)+4))","v":""},{"$f":"IF(INDIRECT(\"'MRO Certificate Printing'!G\"&((ROW()-2)*4)+4)=\"\",\"\",INDIRECT(\"'MRO Certificate Printing'!G\"&((ROW()-2)*4)+4))","v":""},{"$f":"IF(INDIRECT(\"'MRO Certificate Printing'!J\"&((ROW()-2)*4)+4)=\"\",\"\",INDIRECT(\"'MRO Certificate Printing'!J\"&((ROW()-2)*4)+4))","v":""},{"$f":"IF(INDIRECT(\"'MRO Certificate Printing'!I\"&((ROW()-2)*4)+4)=\"\",\"\",INDIRECT(\"'MRO Certificate Printing'!I\"&((ROW()-2)*4)+4))","v":""},{"$f":"IF(INDIRECT(\"'MRO Certificate Printing'!K\"&((ROW()-2)*4)+4)=\"\",\"\",INDIRECT(\"'MRO Certificate Printing'!K\"&((ROW()-2)*4)+4))","v":""},null,{"$f":"IF(INDIRECT(\"'MRO Certificate Printing'!D\"&((ROW()-2)*4)+5)=\"\",\"\",INDIRECT(\"'MRO Certificate Printing'!D\"&((ROW()-2)*4)+5))","v":""},{"$f":"IF(INDIRECT(\"'MRO Certificate Printing'!E\"&((ROW()-2)*4)+5)=\"\",\"\",INDIRECT(\"'MRO Certificate Printing'!E\"&((ROW()-2)*4)+5))","v":""},{"$f":"IF(INDIRECT(\"'MRO Certificate Printing'!F\"&((ROW()-2)*4)+5)=\"\",\"\",INDIRECT(\"'MRO Certificate Printing'!F\"&((ROW()-2)*4)+5))","v":""},{"$f":"IF(INDIRECT(\"'MRO Certificate Printing'!B\"&((ROW()-2)*4)+5)=\"\",\"\",INDIRECT(\"'MRO Certificate Printing'!B\"&((ROW()-2)*4)+5))","v":""},{"$f":"IF(INDIRECT(\"'MRO Certificate Printing'!G\"&((ROW()-2)*4)+5)=\"\",\"\",INDIRECT(\"'MRO Certificate Printing'!G\"&((ROW()-2)*4)+5))","v":""},{"$f":"IF(INDIRECT(\"'MRO Certificate Printing'!J\"&((ROW()-2)*4)+5)=\"\",\"\",INDIRECT(\"'MRO Certificate Printing'!J\"&((ROW()-2)*4)+5))","v":""},{"$f":"IF(INDIRECT(\"'MRO Certificate Printing'!I\"&((ROW()-2)*4)+5)=\"\",\"\",INDIRECT(\"'MRO Certificate Printing'!I\"&((ROW()-2)*4)+5))","v":""},{"$f":"IF(INDIRECT(\"'MRO Certificate Printing'!K\"&((ROW()-2)*4)+5)=\"\",\"\",INDIRECT(\"'MRO Certificate Printing'!K\"&((ROW()-2)*4)+5))","v":""}]
["",{"$f":"IF(INDIRECT(\"'MRO Certificate Printing'!D\"&((ROW()-2)*4)+2)=\"\",\"\",INDIRECT(\"'MRO Certificate Printing'!D\"&((ROW()-2)*4)+2))","v":""},{"$f":"IF(INDIRECT(\"'MRO Certificate Printing'!E\"&((ROW()-2)*4)+2)=\"\",\"\",INDIRECT(\"'MRO Certificate Printing'!E\"&((ROW()-2)*4)+2))","v":""},{"$f":"IF(INDIRECT(\"'MRO Certificate Printing'!F\"&((ROW()-2)*4)+2)=\"\",\"\",INDIRECT(\"'MRO Certificate Printing'!F\"&((ROW()-2)*4)+2))","v":""},{"$f":"IF(INDIRECT(\"'MRO Certificate Printing'!B\"&((ROW()-2)*4)+2)=\"\",\"\",INDIRECT(\"'MRO Certificate Printing'!B\"&((ROW()-2)*4)+2))","v":""},{"$f":"IF(INDIRECT(\"'MRO Certificate Printing'!G\"&((ROW()-2)*4)+2)=\"\",\"\",INDIRECT(\"'MRO Certificate Printing'!G\"&((ROW()-2)*4)+2))","v":""},{"$f":"IF(INDIRECT(\"'MRO Certificate Printing'!J\"&((ROW()-2)*4)+2)=\"\",\"\",INDIRECT(\"'MRO Certificate Printing'!J\"&((ROW()-2)*4)+2))","v":""},{"$f":"IF(INDIRECT(\"'MRO Certificate Printing'!I\"&((ROW()-2)*4)+2)=\"\",\"\",INDIRECT(\"'MRO Certificate Printing'!I\"&((ROW()-2)*4)+2))","v":""},{"$f":"IF(INDIRECT(\"'MRO Certificate Printing'!K\"&((ROW()-2)*4)+2)=\"\",\"\",INDIRECT(\"'MRO Certificate Printing'!K\"&((ROW()-2)*4)+2))","v":""},null,{"$f":"IF(INDIRECT(\"'MRO Certificate Printing'!D\"&((ROW()-2)*4)+3)=\"\",\"\",INDIRECT(\"'MRO Certificate Printing'!D\"&((ROW()-2)*4)+3))","v":""},{"$f":"IF(INDIRECT(\"'MRO Certificate Printing'!E\"&((ROW()-2)*4)+3)=\"\",\"\",INDIRECT(\"'MRO Certificate Printing'!E\"&((ROW()-2)*4)+3))","v":""},{"$f":"IF(INDIRECT(\"'MRO Certificate Printing'!F\"&((ROW()-2)*4)+3)=\"\",\"\",INDIRECT(\"'MRO Certificate Printing'!F\"&((ROW()-2)*4)+3))","v":""},{"$f":"IF(INDIRECT(\"'MRO Certificate Printing'!B\"&((ROW()-2)*4)+3)=\"\",\"\",INDIRECT(\"'MRO Certificate Printing'!B\"&((ROW()-2)*4)+3))","v":""},{"$f":"IF(INDIRECT(\"'MRO Certificate Printing'!G\"&((ROW()-2)*4)+3)=\"\",\"\",INDIRECT(\"'MRO Certificate Printing'!G\"&((ROW()-2)*4)+3))","v":""},{"$f":"IF(INDIRECT(\"'MRO Certificate Printing'!J\"&((ROW()-2)*4)+3)=\"\",\"\",INDIRECT(\"'MRO Certificate Printing'!J\"&((ROW()-2)*4)+3))","v":""},{"$f":"IF(INDIRECT(\"'MRO Certificate Printing'!I\"&((ROW()-2)*4)+3)=\"\",\"\",INDIRECT(\"'MRO Certificate Printing'!I\"&((ROW()-2)*4)+3))","v":""},{"$f":"IF(INDIRECT(\"'MRO Certificate Printing'!K\"&((ROW()-2)*4)+3)=\"\",\"\",INDIRECT(\"'MRO Certificate Printing'!K\"&((ROW()-2)*4)+3))","v":""},null,{"$f":"IF(INDIRECT(\"'MRO Certificate Printing'!D\"&((ROW()-2)*4)+4)=\"\",\"\",INDIRECT(\"'MRO Certificate Printing'!D\"&((ROW()-2)*4)+4))","v":""},{"$f":"IF(INDIRECT(\"'MRO Certificate Printing'!E\"&((ROW()-2)*4)+4)=\"\",\"\",INDIRECT(\"'MRO Certificate Printing'!E\"&((ROW()-2)*4)+4))","v":""},{"$f":"IF(INDIRECT(\"'MRO Certificate Printing'!F\"&((ROW()-2)*4)+4)=\"\",\"\",INDIRECT(\"'MRO Certificate Printing'!F\"&((ROW()-2)*4)+4))","v":""},{"$f":"IF(INDIRECT(\"'MRO Certificate Printing'!B\"&((ROW()-2)*4)+4)=\"\",\"\",INDIRECT(\"'MRO Certificate Printing'!B\"&((ROW()-2)*4)+4))","v":""},{"$f":"IF(INDIRECT(\"'MRO Certificate Printing'!G\"&((ROW()-2)*4)+4)=\"\",\"\",INDIRECT(\"'MRO Certificate Printing'!G\"&((ROW()-2)*4)+4))","v":""},{"$f":"IF(INDIRECT(\"'MRO Certificate Printing'!J\"&((ROW()-2)*4)+4)=\"\",\"\",INDIRECT(\"'MRO Certificate Printing'!J\"&((ROW()-2)*4)+4))","v":""},{"$f":"IF(INDIRECT(\"'MRO Certificate Printing'!I\"&((ROW()-2)*4)+4)=\"\",\"\",INDIRECT(\"'MRO Certificate Printing'!I\"&((ROW()-2)*4)+4))","v":""},{"$f":"IF(INDIRECT(\"'MRO Certificate Printing'!K\"&((ROW()-2)*4)+4)=\"\",\"\",INDIRECT(\"'MRO Certificate Printing'!K\"&((ROW()-2)*4)+4))","v":""},null,{"$f":"IF(INDIRECT(\"'MRO Certificate Printing'!D\"&((ROW()-2)*4)+5)=\"\",\"\",INDIRECT(\"'MRO Certificate Printing'!D\"&((ROW()-2)*4)+5))","v":""},{"$f":"IF(INDIRECT(\"'MRO Certificate Printing'!E\"&((ROW()-2)*4)+5)=\"\",\"\",INDIRECT(\"'MRO Certificate Printing'!E\"&((ROW()-2)*4)+5))","v":""},{"$f":"IF(INDIRECT(\"'MRO Certificate Printing'!F\"&((ROW()-2)*4)+5)=\"\",\"\",INDIRECT(\"'MRO Certificate Printing'!F\"&((ROW()-2)*4)+5))","v":""},{"$f":"IF(INDIRECT(\"'MRO Certificate Printing'!B\"&((ROW()-2)*4)+5)=\"\",\"\",INDIRECT(\"'MRO Certificate Printing'!B\"&((ROW()-2)*4)+5))","v":""},{"$f":"IF(INDIRECT(\"'MRO Certificate Printing'!G\"&((ROW()-2)*4)+5)=\"\",\"\",INDIRECT(\"'MRO Certificate Printing'!G\"&((ROW()-2)*4)+5))","v":""},{"$f":"IF(INDIRECT(\"'MRO Certificate Printing'!J\"&((ROW()-2)*4)+5)=\"\",\"\",INDIRECT(\"'MRO Certificate Printing'!J\"&((ROW()-2)*4)+5))","v":""},{"$f":"IF(INDIRECT(\"'MRO Certificate Printing'!I\"&((ROW()-2)*4)+5)=\"\",\"\",INDIRECT(\"'MRO Certificate Printing'!I\"&((ROW()-2)*4)+5))","v":""},{"$f":"IF(INDIRECT(\"'MRO Certificate Printing'!K\"&((ROW()-2)*4)+5)=\"\",\"\",INDIRECT(\"'MRO Certificate Printing'!K\"&((ROW()-2)*4)+5))","v":""}]
["",{"$f":"IF(INDIRECT(\"'MRO Certificate Printing'!D\"&((ROW()-2)*4)+2)=\"\",\"\",INDIRECT(\"'MRO Certificate Printing'!D\"&((ROW()-2)*4)+2))","v":""},{"$f":"IF(INDIRECT(\"'MRO Certificate Printing'!E\"&((ROW()-2)*4)+2)=\"\",\"\",INDIRECT(\"'MRO Certificate Printing'!E\"&((ROW()-2)*4)+2))","v":""},{"$f":"IF(INDIRECT(\"'MRO Certificate Printing'!F\"&((ROW()-2)*4)+2)=\"\",\"\",INDIRECT(\"'MRO Certificate Printing'!F\"&((ROW()-2)*4)+2))","v":""},{"$f":"IF(INDIRECT(\"'MRO Certificate Printing'!B\"&((ROW()-2)*4)+2)=\"\",\"\",INDIRECT(\"'MRO Certificate Printing'!B\"&((ROW()-2)*4)+2))","v":""},{"$f":"IF(INDIRECT(\"'MRO Certificate Printing'!G\"&((ROW()-2)*4)+2)=\"\",\"\",INDIRECT(\"'MRO Certificate Printing'!G\"&((ROW()-2)*4)+2))","v":""},{"$f":"IF(INDIRECT(\"'MRO Certificate Printing'!J\"&((ROW()-2)*4)+2)=\"\",\"\",INDIRECT(\"'MRO Certificate Printing'!J\"&((ROW()-2)*4)+2))","v":""},{"$f":"IF(INDIRECT(\"'MRO Certificate Printing'!I\"&((ROW()-2)*4)+2)=\"\",\"\",INDIRECT(\"'MRO Certificate Printing'!I\"&((ROW()-2)*4)+2))","v":""},{"$f":"IF(INDIRECT(\"'MRO Certificate Printing'!K\"&((ROW()-2)*4)+2)=\"\",\"\",INDIRECT(\"'MRO Certificate Printing'!K\"&((ROW()-2)*4)+2))","v":""},null,{"$f":"IF(INDIRECT(\"'MRO Certificate Printing'!D\"&((ROW()-2)*4)+3)=\"\",\"\",INDIRECT(\"'MRO Certificate Printing'!D\"&((ROW()-2)*4)+3))","v":""},{"$f":"IF(INDIRECT(\"'MRO Certificate Printing'!E\"&((ROW()-2)*4)+3)=\"\",\"\",INDIRECT(\"'MRO Certificate Printing'!E\"&((ROW()-2)*4)+3))","v":""},{"$f":"IF(INDIRECT(\"'MRO Certificate Printing'!F\"&((ROW()-2)*4)+3)=\"\",\"\",INDIRECT(\"'MRO Certificate Printing'!F\"&((ROW()-2)*4)+3))","v":""},{"$f":"IF(INDIRECT(\"'MRO Certificate Printing'!B\"&((ROW()-2)*4)+3)=\"\",\"\",INDIRECT(\"'MRO Certificate Printing'!B\"&((ROW()-2)*4)+3))","v":""},{"$f":"IF(INDIRECT(\"'MRO Certificate Printing'!G\"&((ROW()-2)*4)+3)=\"\",\"\",INDIRECT(\"'MRO Certificate Printing'!G\"&((ROW()-2)*4)+3))","v":""},{"$f":"IF(INDIRECT(\"'MRO Certificate Printing'!J\"&((ROW()-2)*4)+3)=\"\",\"\",INDIRECT(\"'MRO Certificate Printing'!J\"&((ROW()-2)*4)+3))","v":""},{"$f":"IF(INDIRECT(\"'MRO Certificate Printing'!I\"&((ROW()-2)*4)+3)=\"\",\"\",INDIRECT(\"'MRO Certificate Printing'!I\"&((ROW()-2)*4)+3))","v":""},{"$f":"IF(INDIRECT(\"'MRO Certificate Printing'!K\"&((ROW()-2)*4)+3)=\"\",\"\",INDIRECT(\"'MRO Certificate Printing'!K\"&((ROW()-2)*4)+3))","v":""},null,{"$f":"IF(INDIRECT(\"'MRO Certificate Printing'!D\"&((ROW()-2)*4)+4)=\"\",\"\",INDIRECT(\"'MRO Certificate Printing'!D\"&((ROW()-2)*4)+4))","v":""},{"$f":"IF(INDIRECT(\"'MRO Certificate Printing'!E\"&((ROW()-2)*4)+4)=\"\",\"\",INDIRECT(\"'MRO Certificate Printing'!E\"&((ROW()-2)*4)+4))","v":""},{"$f":"IF(INDIRECT(\"'MRO Certificate Printing'!F\"&((ROW()-2)*4)+4)=\"\",\"\",INDIRECT(\"'MRO Certificate Printing'!F\"&((ROW()-2)*4)+4))","v":""},{"$f":"IF(INDIRECT(\"'MRO Certificate Printing'!B\"&((ROW()-2)*4)+4)=\"\",\"\",INDIRECT(\"'MRO Certificate Printing'!B\"&((ROW()-2)*4)+4))","v":""},{"$f":"IF(INDIRECT(\"'MRO Certificate Printing'!G\"&((ROW()-2)*4)+4)=\"\",\"\",INDIRECT(\"'MRO Certificate Printing'!G\"&((ROW()-2)*4)+4))","v":""},{"$f":"IF(INDIRECT(\"'MRO Certificate Printing'!J\"&((ROW()-2)*4)+4)=\"\",\"\",INDIRECT(\"'MRO Certificate Printing'!J\"&((ROW()-2)*4)+4))","v":""},{"$f":"IF(INDIRECT(\"'MRO Certificate Printing'!I\"&((ROW()-2)*4)+4)=\"\",\"\",INDIRECT(\"'MRO Certificate Printing'!I\"&((ROW()-2)*4)+4))","v":""},{"$f":"IF(INDIRECT(\"'MRO Certificate Printing'!K\"&((ROW()-2)*4)+4)=\"\",\"\",INDIRECT(\"'MRO Certificate Printing'!K\"&((ROW()-2)*4)+4))","v":""},null,{"$f":"IF(INDIRECT(\"'MRO Certificate Printing'!D\"&((ROW()-2)*4)+5)=\"\",\"\",INDIRECT(\"'MRO Certificate Printing'!D\"&((ROW()-2)*4)+5))","v":""},{"$f":"IF(INDIRECT(\"'MRO Certificate Printing'!E\"&((ROW()-2)*4)+5)=\"\",\"\",INDIRECT(\"'MRO Certificate Printing'!E\"&((ROW()-2)*4)+5))","v":""},{"$f":"IF(INDIRECT(\"'MRO Certificate Printing'!F\"&((ROW()-2)*4)+5)=\"\",\"\",INDIRECT(\"'MRO Certificate Printing'!F\"&((ROW()-2)*4)+5))","v":""},{"$f":"IF(INDIRECT(\"'MRO Certificate Printing'!B\"&((ROW()-2)*4)+5)=\"\",\"\",INDIRECT(\"'MRO Certificate Printing'!B\"&((ROW()-2)*4)+5))","v":""},{"$f":"IF(INDIRECT(\"'MRO Certificate Printing'!G\"&((ROW()-2)*4)+5)=\"\",\"\",INDIRECT(\"'MRO Certificate Printing'!G\"&((ROW()-2)*4)+5))","v":""},{"$f":"IF(INDIRECT(\"'MRO Certificate Printing'!J\"&((ROW()-2)*4)+5)=\"\",\"\",INDIRECT(\"'MRO Certificate Printing'!J\"&((ROW()-2)*4)+5))","v":""},{"$f":"IF(INDIRECT(\"'MRO Certificate Printing'!I\"&((ROW()-2)*4)+5)=\"\",\"\",INDIRECT(\"'MRO Certificate Printing'!I\"&((ROW()-2)*4)+5))","v":""},{"$f":"IF(INDIRECT(\"'MRO Certificate Printing'!K\"&((ROW()-2)*4)+5)=\"\",\"\",INDIRECT(\"'MRO Certificate Printing'!K\"&((ROW()-2)*4)+5))","v":""}]
["",{"$f":"IF(INDIRECT(\"'MRO Certificate Printing'!D\"&((ROW()-2)*4)+2)=\"\",\"\",INDIRECT(\"'MRO Certificate Printing'!D\"&((ROW()-2)*4)+2))","v":""},{"$f":"IF(INDIRECT(\"'MRO Certificate Printing'!E\"&((ROW()-2)*4)+2)=\"\",\"\",INDIRECT(\"'MRO Certificate Printing'!E\"&((ROW()-2)*4)+2))","v":""},{"$f":"IF(INDIRECT(\"'MRO Certificate Printing'!F\"&((ROW()-2)*4)+2)=\"\",\"\",INDIRECT(\"'MRO Certificate Printing'!F\"&((ROW()-2)*4)+2))","v":""},{"$f":"IF(INDIRECT(\"'MRO Certificate Printing'!B\"&((ROW()-2)*4)+2)=\"\",\"\",INDIRECT(\"'MRO Certificate Printing'!B\"&((ROW()-2)*4)+2))","v":""},{"$f":"IF(INDIRECT(\"'MRO Certificate Printing'!G\"&((ROW()-2)*4)+2)=\"\",\"\",INDIRECT(\"'MRO Certificate Printing'!G\"&((ROW()-2)*4)+2))","v":""},{"$f":"IF(INDIRECT(\"'MRO Certificate Printing'!J\"&((ROW()-2)*4)+2)=\"\",\"\",INDIRECT(\"'MRO Certificate Printing'!J\"&((ROW()-2)*4)+2))","v":""},{"$f":"IF(INDIRECT(\"'MRO Certificate Printing'!I\"&((ROW()-2)*4)+2)=\"\",\"\",INDIRECT(\"'MRO Certificate Printing'!I\"&((ROW()-2)*4)+2))","v":""},{"$f":"IF(INDIRECT(\"'MRO Certificate Printing'!K\"&((ROW()-2)*4)+2)=\"\",\"\",INDIRECT(\"'MRO Certificate Printing'!K\"&((ROW()-2)*4)+2))","v":""},null,{"$f":"IF(INDIRECT(\"'MRO Certificate Printing'!D\"&((ROW()-2)*4)+3)=\"\",\"\",INDIRECT(\"'MRO Certificate Printing'!D\"&((ROW()-2)*4)+3))","v":""},{"$f":"IF(INDIRECT(\"'MRO Certificate Printing'!E\"&((ROW()-2)*4)+3)=\"\",\"\",INDIRECT(\"'MRO Certificate Printing'!E\"&((ROW()-2)*4)+3))","v":""},{"$f":"IF(INDIRECT(\"'MRO Certificate Printing'!F\"&((ROW()-2)*4)+3)=\"\",\"\",INDIRECT(\"'MRO Certificate Printing'!F\"&((ROW()-2)*4)+3))","v":""},{"$f":"IF(INDIRECT(\"'MRO Certificate Printing'!B\"&((ROW()-2)*4)+3)=\"\",\"\",INDIRECT(\"'MRO Certificate Printing'!B\"&((ROW()-2)*4)+3))","v":""},{"$f":"IF(INDIRECT(\"'MRO Certificate Printing'!G\"&((ROW()-2)*4)+3)=\"\",\"\",INDIRECT(\"'MRO Certificate Printing'!G\"&((ROW()-2)*4)+3))","v":""},{"$f":"IF(INDIRECT(\"'MRO Certificate Printing'!J\"&((ROW()-2)*4)+3)=\"\",\"\",INDIRECT(\"'MRO Certificate Printing'!J\"&((ROW()-2)*4)+3))","v":""},{"$f":"IF(INDIRECT(\"'MRO Certificate Printing'!I\"&((ROW()-2)*4)+3)=\"\",\"\",INDIRECT(\"'MRO Certificate Printing'!I\"&((ROW()-2)*4)+3))","v":""},{"$f":"IF(INDIRECT(\"'MRO Certificate Printing'!K\"&((ROW()-2)*4)+3)=\"\",\"\",INDIRECT(\"'MRO Certificate Printing'!K\"&((ROW()-2)*4)+3))","v":""},null,{"$f":"IF(INDIRECT(\"'MRO Certificate Printing'!D\"&((ROW()-2)*4)+4)=\"\",\"\",INDIRECT(\"'MRO Certificate Printing'!D\"&((ROW()-2)*4)+4))","v":""},{"$f":"IF(INDIRECT(\"'MRO Certificate Printing'!E\"&((ROW()-2)*4)+4)=\"\",\"\",INDIRECT(\"'MRO Certificate Printing'!E\"&((ROW()-2)*4)+4))","v":""},{"$f":"IF(INDIRECT(\"'MRO Certificate Printing'!F\"&((ROW()-2)*4)+4)=\"\",\"\",INDIRECT(\"'MRO Certificate Printing'!F\"&((ROW()-2)*4)+4))","v":""},{"$f":"IF(INDIRECT(\"'MRO Certificate Printing'!B\"&((ROW()-2)*4)+4)=\"\",\"\",INDIRECT(\"'MRO Certificate Printing'!B\"&((ROW()-2)*4)+4))","v":""},{"$f":"IF(INDIRECT(\"'MRO Certificate Printing'!G\"&((ROW()-2)*4)+4)=\"\",\"\",INDIRECT(\"'MRO Certificate Printing'!G\"&((ROW()-2)*4)+4))","v":""},{"$f":"IF(INDIRECT(\"'MRO Certificate Printing'!J\"&((ROW()-2)*4)+4)=\"\",\"\",INDIRECT(\"'MRO Certificate Printing'!J\"&((ROW()-2)*4)+4))","v":""},{"$f":"IF(INDIRECT(\"'MRO Certificate Printing'!I\"&((ROW()-2)*4)+4)=\"\",\"\",INDIRECT(\"'MRO Certificate Printing'!I\"&((ROW()-2)*4)+4))","v":""},{"$f":"IF(INDIRECT(\"'MRO Certificate Printing'!K\"&((ROW()-2)*4)+4)=\"\",\"\",INDIRECT(\"'MRO Certificate Printing'!K\"&((ROW()-2)*4)+4))","v":""},null,{"$f":"IF(INDIRECT(\"'MRO Certificate Printing'!D\"&((ROW()-2)*4)+5)=\"\",\"\",INDIRECT(\"'MRO Certificate Printing'!D\"&((ROW()-2)*4)+5))","v":""},{"$f":"IF(INDIRECT(\"'MRO Certificate Printing'!E\"&((ROW()-2)*4)+5)=\"\",\"\",INDIRECT(\"'MRO Certificate Printing'!E\"&((ROW()-2)*4)+5))","v":""},{"$f":"IF(INDIRECT(\"'MRO Certificate Printing'!F\"&((ROW()-2)*4)+5)=\"\",\"\",INDIRECT(\"'MRO Certificate Printing'!F\"&((ROW()-2)*4)+5))","v":""},{"$f":"IF(INDIRECT(\"'MRO Certificate Printing'!B\"&((ROW()-2)*4)+5)=\"\",\"\",INDIRECT(\"'MRO Certificate Printing'!B\"&((ROW()-2)*4)+5))","v":""},{"$f":"IF(INDIRECT(\"'MRO Certificate Printing'!G\"&((ROW()-2)*4)+5)=\"\",\"\",INDIRECT(\"'MRO Certificate Printing'!G\"&((ROW()-2)*4)+5))","v":""},{"$f":"IF(INDIRECT(\"'MRO Certificate Printing'!J\"&((ROW()-2)*4)+5)=\"\",\"\",INDIRECT(\"'MRO Certificate Printing'!J\"&((ROW()-2)*4)+5))","v":""},{"$f":"IF(INDIRECT(\"'MRO Certificate Printing'!I\"&((ROW()-2)*4)+5)=\"\",\"\",INDIRECT(\"'MRO Certificate Printing'!I\"&((ROW()-2)*4)+5))","v":""},{"$f":"IF(INDIRECT(\"'MRO Certificate Printing'!K\"&((ROW()-2)*4)+5)=\"\",\"\",INDIRECT(\"'MRO Certificate Printing'!K\"&((ROW()-2)*4)+5))","v":""}]
["",{"$f":"IF(INDIRECT(\"'MRO Certificate Printing'!D\"&((ROW()-2)*4)+2)=\"\",\"\",INDIRECT(\"'MRO Certificate Printing'!D\"&((ROW()-2)*4)+2))","v":""},{"$f":"IF(INDIRECT(\"'MRO Certificate Printing'!E\"&((ROW()-2)*4)+2)=\"\",\"\",INDIRECT(\"'MRO Certificate Printing'!E\"&((ROW()-2)*4)+2))","v":""},{"$f":"IF(INDIRECT(\"'MRO Certificate Printing'!F\"&((ROW()-2)*4)+2)=\"\",\"\",INDIRECT(\"'MRO Certificate Printing'!F\"&((ROW()-2)*4)+2))","v":""},{"$f":"IF(INDIRECT(\"'MRO Certificate Printing'!B\"&((ROW()-2)*4)+2)=\"\",\"\",INDIRECT(\"'MRO Certificate Printing'!B\"&((ROW()-2)*4)+2))","v":""},{"$f":"IF(INDIRECT(\"'MRO Certificate Printing'!G\"&((ROW()-2)*4)+2)=\"\",\"\",INDIRECT(\"'MRO Certificate Printing'!G\"&((ROW()-2)*4)+2))","v":""},{"$f":"IF(INDIRECT(\"'MRO Certificate Printing'!J\"&((ROW()-2)*4)+2)=\"\",\"\",INDIRECT(\"'MRO Certificate Printing'!J\"&((ROW()-2)*4)+2))","v":""},{"$f":"IF(INDIRECT(\"'MRO Certificate Printing'!I\"&((ROW()-2)*4)+2)=\"\",\"\",INDIRECT(\"'MRO Certificate Printing'!I\"&((ROW()-2)*4)+2))","v":""},{"$f":"IF(INDIRECT(\"'MRO Certificate Printing'!K\"&((ROW()-2)*4)+2)=\"\",\"\",INDIRECT(\"'MRO Certificate Printing'!K\"&((ROW()-2)*4)+2))","v":""},null,{"$f":"IF(INDIRECT(\"'MRO Certificate Printing'!D\"&((ROW()-2)*4)+3)=\"\",\"\",INDIRECT(\"'MRO Certificate Printing'!D\"&((ROW()-2)*4)+3))","v":""},{"$f":"IF(INDIRECT(\"'MRO Certificate Printing'!E\"&((ROW()-2)*4)+3)=\"\",\"\",INDIRECT(\"'MRO Certificate Printing'!E\"&((ROW()-2)*4)+3))","v":""},{"$f":"IF(INDIRECT(\"'MRO Certificate Printing'!F\"&((ROW()-2)*4)+3)=\"\",\"\",INDIRECT(\"'MRO Certificate Printing'!F\"&((ROW()-2)*4)+3))","v":""},{"$f":"IF(INDIRECT(\"'MRO Certificate Printing'!B\"&((ROW()-2)*4)+3)=\"\",\"\",INDIRECT(\"'MRO Certificate Printing'!B\"&((ROW()-2)*4)+3))","v":""},{"$f":"IF(INDIRECT(\"'MRO Certificate Printing'!G\"&((ROW()-2)*4)+3)=\"\",\"\",INDIRECT(\"'MRO Certificate Printing'!G\"&((ROW()-2)*4)+3))","v":""},{"$f":"IF(INDIRECT(\"'MRO Certificate Printing'!J\"&((ROW()-2)*4)+3)=\"\",\"\",INDIRECT(\"'MRO Certificate Printing'!J\"&((ROW()-2)*4)+3))","v":""},{"$f":"IF(INDIRECT(\"'MRO Certificate Printing'!I\"&((ROW()-2)*4)+3)=\"\",\"\",INDIRECT(\"'MRO Certificate Printing'!I\"&((ROW()-2)*4)+3))","v":""},{"$f":"IF(INDIRECT(\"'MRO Certificate Printing'!K\"&((ROW()-2)*4)+3)=\"\",\"\",INDIRECT(\"'MRO Certificate Printing'!K\"&((ROW()-2)*4)+3))","v":""},null,{"$f":"IF(INDIRECT(\"'MRO Certificate Printing'!D\"&((ROW()-2)*4)+4)=\"\",\"\",INDIRECT(\"'MRO Certificate Printing'!D\"&((ROW()-2)*4)+4))","v":""},{"$f":"IF(INDIRECT(\"'MRO Certificate Printing'!E\"&((ROW()-2)*4)+4)=\"\",\"\",INDIRECT(\"'MRO Certificate Printing'!E\"&((ROW()-2)*4)+4))","v":""},{"$f":"IF(INDIRECT(\"'MRO Certificate Printing'!F\"&((ROW()-2)*4)+4)=\"\",\"\",INDIRECT(\"'MRO Certificate Printing'!F\"&((ROW()-2)*4)+4))","v":""},{"$f":"IF(INDIRECT(\"'MRO Certificate Printing'!B\"&((ROW()-2)*4)+4)=\"\",\"\",INDIRECT(\"'MRO Certificate Printing'!B\"&((ROW()-2)*4)+4))","v":""},{"$f":"IF(INDIRECT(\"'MRO Certificate Printing'!G\"&((ROW()-2)*4)+4)=\"\",\"\",INDIRECT(\"'MRO Certificate Printing'!G\"&((ROW()-2)*4)+4))","v":""},{"$f":"IF(INDIRECT(\"'MRO Certificate Printing'!J\"&((ROW()-2)*4)+4)=\"\",\"\",INDIRECT(\"'MRO Certificate Printing'!J\"&((ROW()-2)*4)+4))","v":""},{"$f":"IF(INDIRECT(\"'MRO Certificate Printing'!I\"&((ROW()-2)*4)+4)=\"\",\"\",INDIRECT(\"'MRO Certificate Printing'!I\"&((ROW()-2)*4)+4))","v":""},{"$f":"IF(INDIRECT(\"'MRO Certificate Printing'!K\"&((ROW()-2)*4)+4)=\"\",\"\",INDIRECT(\"'MRO Certificate Printing'!K\"&((ROW()-2)*4)+4))","v":""},null,{"$f":"IF(INDIRECT(\"'MRO Certificate Printing'!D\"&((ROW()-2)*4)+5)=\"\",\"\",INDIRECT(\"'MRO Certificate Printing'!D\"&((ROW()-2)*4)+5))","v":""},{"$f":"IF(INDIRECT(\"'MRO Certificate Printing'!E\"&((ROW()-2)*4)+5)=\"\",\"\",INDIRECT(\"'MRO Certificate Printing'!E\"&((ROW()-2)*4)+5))","v":""},{"$f":"IF(INDIRECT(\"'MRO Certificate Printing'!F\"&((ROW()-2)*4)+5)=\"\",\"\",INDIRECT(\"'MRO Certificate Printing'!F\"&((ROW()-2)*4)+5))","v":""},{"$f":"IF(INDIRECT(\"'MRO Certificate Printing'!B\"&((ROW()-2)*4)+5)=\"\",\"\",INDIRECT(\"'MRO Certificate Printing'!B\"&((ROW()-2)*4)+5))","v":""},{"$f":"IF(INDIRECT(\"'MRO Certificate Printing'!G\"&((ROW()-2)*4)+5)=\"\",\"\",INDIRECT(\"'MRO Certificate Printing'!G\"&((ROW()-2)*4)+5))","v":""},{"$f":"IF(INDIRECT(\"'MRO Certificate Printing'!J\"&((ROW()-2)*4)+5)=\"\",\"\",INDIRECT(\"'MRO Certificate Printing'!J\"&((ROW()-2)*4)+5))","v":""},{"$f":"IF(INDIRECT(\"'MRO Certificate Printing'!I\"&((ROW()-2)*4)+5)=\"\",\"\",INDIRECT(\"'MRO Certificate Printing'!I\"&((ROW()-2)*4)+5))","v":""},{"$f":"IF(INDIRECT(\"'MRO Certificate Printing'!K\"&((ROW()-2)*4)+5)=\"\",\"\",INDIRECT(\"'MRO Certificate Printing'!K\"&((ROW()-2)*4)+5))","v":""}]
["",{"$f":"IF(INDIRECT(\"'MRO Certificate Printing'!D\"&((ROW()-2)*4)+2)=\"\",\"\",INDIRECT(\"'MRO Certificate Printing'!D\"&((ROW()-2)*4)+2))","v":""},{"$f":"IF(INDIRECT(\"'MRO Certificate Printing'!E\"&((ROW()-2)*4)+2)=\"\",\"\",INDIRECT(\"'MRO Certificate Printing'!E\"&((ROW()-2)*4)+2))","v":""},{"$f":"IF(INDIRECT(\"'MRO Certificate Printing'!F\"&((ROW()-2)*4)+2)=\"\",\"\",INDIRECT(\"'MRO Certificate Printing'!F\"&((ROW()-2)*4)+2))","v":""},{"$f":"IF(INDIRECT(\"'MRO Certificate Printing'!B\"&((ROW()-2)*4)+2)=\"\",\"\",INDIRECT(\"'MRO Certificate Printing'!B\"&((ROW()-2)*4)+2))","v":""},{"$f":"IF(INDIRECT(\"'MRO Certificate Printing'!G\"&((ROW()-2)*4)+2)=\"\",\"\",INDIRECT(\"'MRO Certificate Printing'!G\"&((ROW()-2)*4)+2))","v":""},{"$f":"IF(INDIRECT(\"'MRO Certificate Printing'!J\"&((ROW()-2)*4)+2)=\"\",\"\",INDIRECT(\"'MRO Certificate Printing'!J\"&((ROW()-2)*4)+2))","v":""},{"$f":"IF(INDIRECT(\"'MRO Certificate Printing'!I\"&((ROW()-2)*4)+2)=\"\",\"\",INDIRECT(\"'MRO Certificate Printing'!I\"&((ROW()-2)*4)+2))","v":""},{"$f":"IF(INDIRECT(\"'MRO Certificate Printing'!K\"&((ROW()-2)*4)+2)=\"\",\"\",INDIRECT(\"'MRO Certificate Printing'!K\"&((ROW()-2)*4)+2))","v":""},null,{"$f":"IF(INDIRECT(\"'MRO Certificate Printing'!D\"&((ROW()-2)*4)+3)=\"\",\"\",INDIRECT(\"'MRO Certificate Printing'!D\"&((ROW()-2)*4)+3))","v":""},{"$f":"IF(INDIRECT(\"'MRO Certificate Printing'!E\"&((ROW()-2)*4)+3)=\"\",\"\",INDIRECT(\"'MRO Certificate Printing'!E\"&((ROW()-2)*4)+3))","v":""},{"$f":"IF(INDIRECT(\"'MRO Certificate Printing'!F\"&((ROW()-2)*4)+3)=\"\",\"\",INDIRECT(\"'MRO Certificate Printing'!F\"&((ROW()-2)*4)+3))","v":""},{"$f":"IF(INDIRECT(\"'MRO Certificate Printing'!B\"&((ROW()-2)*4)+3)=\"\",\"\",INDIRECT(\"'MRO Certificate Printing'!B\"&((ROW()-2)*4)+3))","v":""},{"$f":"IF(INDIRECT(\"'MRO Certificate Printing'!G\"&((ROW()-2)*4)+3)=\"\",\"\",INDIRECT(\"'MRO Certificate Printing'!G\"&((ROW()-2)*4)+3))","v":""},{"$f":"IF(INDIRECT(\"'MRO Certificate Printing'!J\"&((ROW()-2)*4)+3)=\"\",\"\",INDIRECT(\"'MRO Certificate Printing'!J\"&((ROW()-2)*4)+3))","v":""},{"$f":"IF(INDIRECT(\"'MRO Certificate Printing'!I\"&((ROW()-2)*4)+3)=\"\",\"\",INDIRECT(\"'MRO Certificate Printing'!I\"&((ROW()-2)*4)+3))","v":""},{"$f":"IF(INDIRECT(\"'MRO Certificate Printing'!K\"&((ROW()-2)*4)+3)=\"\",\"\",INDIRECT(\"'MRO Certificate Printing'!K\"&((ROW()-2)*4)+3))","v":""},null,{"$f":"IF(INDIRECT(\"'MRO Certificate Printing'!D\"&((ROW()-2)*4)+4)=\"\",\"\",INDIRECT(\"'MRO Certificate Printing'!D\"&((ROW()-2)*4)+4))","v":""},{"$f":"IF(INDIRECT(\"'MRO Certificate Printing'!E\"&((ROW()-2)*4)+4)=\"\",\"\",INDIRECT(\"'MRO Certificate Printing'!E\"&((ROW()-2)*4)+4))","v":""},{"$f":"IF(INDIRECT(\"'MRO Certificate Printing'!F\"&((ROW()-2)*4)+4)=\"\",\"\",INDIRECT(\"'MRO Certificate Printing'!F\"&((ROW()-2)*4)+4))","v":""},{"$f":"IF(INDIRECT(\"'MRO Certificate Printing'!B\"&((ROW()-2)*4)+4)=\"\",\"\",INDIRECT(\"'MRO Certificate Printing'!B\"&((ROW()-2)*4)+4))","v":""},{"$f":"IF(INDIRECT(\"'MRO Certificate Printing'!G\"&((ROW()-2)*4)+4)=\"\",\"\",INDIRECT(\"'MRO Certificate Printing'!G\"&((ROW()-2)*4)+4))","v":""},{"$f":"IF(INDIRECT(\"'MRO Certificate Printing'!J\"&((ROW()-2)*4)+4)=\"\",\"\",INDIRECT(\"'MRO Certificate Printing'!J\"&((ROW()-2)*4)+4))","v":""},{"$f":"IF(INDIRECT(\"'MRO Certificate Printing'!I\"&((ROW()-2)*4)+4)=\"\",\"\",INDIRECT(\"'MRO Certificate Printing'!I\"&((ROW()-2)*4)+4))","v":""},{"$f":"IF(INDIRECT(\"'MRO Certificate Printing'!K\"&((ROW()-2)*4)+4)=\"\",\"\",INDIRECT(\"'MRO Certificate Printing'!K\"&((ROW()-2)*4)+4))","v":""},null,{"$f":"IF(INDIRECT(\"'MRO Certificate Printing'!D\"&((ROW()-2)*4)+5)=\"\",\"\",INDIRECT(\"'MRO Certificate Printing'!D\"&((ROW()-2)*4)+5))","v":""},{"$f":"IF(INDIRECT(\"'MRO Certificate Printing'!E\"&((ROW()-2)*4)+5)=\"\",\"\",INDIRECT(\"'MRO Certificate Printing'!E\"&((ROW()-2)*4)+5))","v":""},{"$f":"IF(INDIRECT(\"'MRO Certificate Printing'!F\"&((ROW()-2)*4)+5)=\"\",\"\",INDIRECT(\"'MRO Certificate Printing'!F\"&((ROW()-2)*4)+5))","v":""},{"$f":"IF(INDIRECT(\"'MRO Certificate Printing'!B\"&((ROW()-2)*4)+5)=\"\",\"\",INDIRECT(\"'MRO Certificate Printing'!B\"&((ROW()-2)*4)+5))","v":""},{"$f":"IF(INDIRECT(\"'MRO Certificate Printing'!G\"&((ROW()-2)*4)+5)=\"\",\"\",INDIRECT(\"'MRO Certificate Printing'!G\"&((ROW()-2)*4)+5))","v":""},{"$f":"IF(INDIRECT(\"'MRO Certificate Printing'!J\"&((ROW()-2)*4)+5)=\"\",\"\",INDIRECT(\"'MRO Certificate Printing'!J\"&((ROW()-2)*4)+5))","v":""},{"$f":"IF(INDIRECT(\"'MRO Certificate Printing'!I\"&((ROW()-2)*4)+5)=\"\",\"\",INDIRECT(\"'MRO Certificate Printing'!I\"&((ROW()-2)*4)+5))","v":""},{"$f":"IF(INDIRECT(\"'MRO Certificate Printing'!K\"&((ROW()-2)*4)+5)=\"\",\"\",INDIRECT(\"'MRO Certificate Printing'!K\"&((ROW()-2)*4)+5))","v":""}]
["",{"$f":"IF(INDIRECT(\"'MRO Certificate Printing'!D\"&((ROW()-2)*4)+2)=\"\",\"\",INDIRECT(\"'MRO Certificate Printing'!D\"&((ROW()-2)*4)+2))","v":""},{"$f":"IF(INDIRECT(\"'MRO Certificate Printing'!E\"&((ROW()-2)*4)+2)=\"\",\"\",INDIRECT(\"'MRO Certificate Printing'!E\"&((ROW()-2)*4)+2))","v":""},{"$f":"IF(INDIRECT(\"'MRO Certificate Printing'!F\"&((ROW()-2)*4)+2)=\"\",\"\",INDIRECT(\"'MRO Certificate Printing'!F\"&((ROW()-2)*4)+2))","v":""},{"$f":"IF(INDIRECT(\"'MRO Certificate Printing'!B\"&((ROW()-2)*4)+2)=\"\",\"\",INDIRECT(\"'MRO Certificate Printing'!B\"&((ROW()-2)*4)+2))","v":""},{"$f":"IF(INDIRECT(\"'MRO Certificate Printing'!G\"&((ROW()-2)*4)+2)=\"\",\"\",INDIRECT(\"'MRO Certificate Printing'!G\"&((ROW()-2)*4)+2))","v":""},{"$f":"IF(INDIRECT(\"'MRO Certificate Printing'!J\"&((ROW()-2)*4)+2)=\"\",\"\",INDIRECT(\"'MRO Certificate Printing'!J\"&((ROW()-2)*4)+2))","v":""},{"$f":"IF(INDIRECT(\"'MRO Certificate Printing'!I\"&((ROW()-2)*4)+2)=\"\",\"\",INDIRECT(\"'MRO Certificate Printing'!I\"&((ROW()-2)*4)+2))","v":""},{"$f":"IF(INDIRECT(\"'MRO Certificate Printing'!K\"&((ROW()-2)*4)+2)=\"\",\"\",INDIRECT(\"'MRO Certificate Printing'!K\"&((ROW()-2)*4)+2))","v":""},null,{"$f":"IF(INDIRECT(\"'MRO Certificate Printing'!D\"&((ROW()-2)*4)+3)=\"\",\"\",INDIRECT(\"'MRO Certificate Printing'!D\"&((ROW()-2)*4)+3))","v":""},{"$f":"IF(INDIRECT(\"'MRO Certificate Printing'!E\"&((ROW()-2)*4)+3)=\"\",\"\",INDIRECT(\"'MRO Certificate Printing'!E\"&((ROW()-2)*4)+3))","v":""},{"$f":"IF(INDIRECT(\"'MRO Certificate Printing'!F\"&((ROW()-2)*4)+3)=\"\",\"\",INDIRECT(\"'MRO Certificate Printing'!F\"&((ROW()-2)*4)+3))","v":""},{"$f":"IF(INDIRECT(\"'MRO Certificate Printing'!B\"&((ROW()-2)*4)+3)=\"\",\"\",INDIRECT(\"'MRO Certificate Printing'!B\"&((ROW()-2)*4)+3))","v":""},{"$f":"IF(INDIRECT(\"'MRO Certificate Printing'!G\"&((ROW()-2)*4)+3)=\"\",\"\",INDIRECT(\"'MRO Certificate Printing'!G\"&((ROW()-2)*4)+3))","v":""},{"$f":"IF(INDIRECT(\"'MRO Certificate Printing'!J\"&((ROW()-2)*4)+3)=\"\",\"\",INDIRECT(\"'MRO Certificate Printing'!J\"&((ROW()-2)*4)+3))","v":""},{"$f":"IF(INDIRECT(\"'MRO Certificate Printing'!I\"&((ROW()-2)*4)+3)=\"\",\"\",INDIRECT(\"'MRO Certificate Printing'!I\"&((ROW()-2)*4)+3))","v":""},{"$f":"IF(INDIRECT(\"'MRO Certificate Printing'!K\"&((ROW()-2)*4)+3)=\"\",\"\",INDIRECT(\"'MRO Certificate Printing'!K\"&((ROW()-2)*4)+3))","v":""},null,{"$f":"IF(INDIRECT(\"'MRO Certificate Printing'!D\"&((ROW()-2)*4)+4)=\"\",\"\",INDIRECT(\"'MRO Certificate Printing'!D\"&((ROW()-2)*4)+4))","v":""},{"$f":"IF(INDIRECT(\"'MRO Certificate Printing'!E\"&((ROW()-2)*4)+4)=\"\",\"\",INDIRECT(\"'MRO Certificate Printing'!E\"&((ROW()-2)*4)+4))","v":""},{"$f":"IF(INDIRECT(\"'MRO Certificate Printing'!F\"&((ROW()-2)*4)+4)=\"\",\"\",INDIRECT(\"'MRO Certificate Printing'!F\"&((ROW()-2)*4)+4))","v":""},{"$f":"IF(INDIRECT(\"'MRO Certificate Printing'!B\"&((ROW()-2)*4)+4)=\"\",\"\",INDIRECT(\"'MRO Certificate Printing'!B\"&((ROW()-2)*4)+4))","v":""},{"$f":"IF(INDIRECT(\"'MRO Certificate Printing'!G\"&((ROW()-2)*4)+4)=\"\",\"\",INDIRECT(\"'MRO Certificate Printing'!G\"&((ROW()-2)*4)+4))","v":""},{"$f":"IF(INDIRECT(\"'MRO Certificate Printing'!J\"&((ROW()-2)*4)+4)=\"\",\"\",INDIRECT(\"'MRO Certificate Printing'!J\"&((ROW()-2)*4)+4))","v":""},{"$f":"IF(INDIRECT(\"'MRO Certificate Printing'!I\"&((ROW()-2)*4)+4)=\"\",\"\",INDIRECT(\"'MRO Certificate Printing'!I\"&((ROW()-2)*4)+4))","v":""},{"$f":"IF(INDIRECT(\"'MRO Certificate Printing'!K\"&((ROW()-2)*4)+4)=\"\",\"\",INDIRECT(\"'MRO Certificate Printing'!K\"&((ROW()-2)*4)+4))","v":""},null,{"$f":"IF(INDIRECT(\"'MRO Certificate Printing'!D\"&((ROW()-2)*4)+5)=\"\",\"\",INDIRECT(\"'MRO Certificate Printing'!D\"&((ROW()-2)*4)+5))","v":""},{"$f":"IF(INDIRECT(\"'MRO Certificate Printing'!E\"&((ROW()-2)*4)+5)=\"\",\"\",INDIRECT(\"'MRO Certificate Printing'!E\"&((ROW()-2)*4)+5))","v":""},{"$f":"IF(INDIRECT(\"'MRO Certificate Printing'!F\"&((ROW()-2)*4)+5)=\"\",\"\",INDIRECT(\"'MRO Certificate Printing'!F\"&((ROW()-2)*4)+5))","v":""},{"$f":"IF(INDIRECT(\"'MRO Certificate Printing'!B\"&((ROW()-2)*4)+5)=\"\",\"\",INDIRECT(\"'MRO Certificate Printing'!B\"&((ROW()-2)*4)+5))","v":""},{"$f":"IF(INDIRECT(\"'MRO Certificate Printing'!G\"&((ROW()-2)*4)+5)=\"\",\"\",INDIRECT(\"'MRO Certificate Printing'!G\"&((ROW()-2)*4)+5))","v":""},{"$f":"IF(INDIRECT(\"'MRO Certificate Printing'!J\"&((ROW()-2)*4)+5)=\"\",\"\",INDIRECT(\"'MRO Certificate Printing'!J\"&((ROW()-2)*4)+5))","v":""},{"$f":"IF(INDIRECT(\"'MRO Certificate Printing'!I\"&((ROW()-2)*4)+5)=\"\",\"\",INDIRECT(\"'MRO Certificate Printing'!I\"&((ROW()-2)*4)+5))","v":""},{"$f":"IF(INDIRECT(\"'MRO Certificate Printing'!K\"&((ROW()-2)*4)+5)=\"\",\"\",INDIRECT(\"'MRO Certificate Printing'!K\"&((ROW()-2)*4)+5))","v":""}]
["",{"$f":"IF(INDIRECT(\"'MRO Certificate Printing'!D\"&((ROW()-2)*4)+2)=\"\",\"\",INDIRECT(\"'MRO Certificate Printing'!D\"&((ROW()-2)*4)+2))","v":""},{"$f":"IF(INDIRECT(\"'MRO Certificate Printing'!E\"&((ROW()-2)*4)+2)=\"\",\"\",INDIRECT(\"'MRO Certificate Printing'!E\"&((ROW()-2)*4)+2))","v":""},{"$f":"IF(INDIRECT(\"'MRO Certificate Printing'!F\"&((ROW()-2)*4)+2)=\"\",\"\",INDIRECT(\"'MRO Certificate Printing'!F\"&((ROW()-2)*4)+2))","v":""},{"$f":"IF(INDIRECT(\"'MRO Certificate Printing'!B\"&((ROW()-2)*4)+2)=\"\",\"\",INDIRECT(\"'MRO Certificate Printing'!B\"&((ROW()-2)*4)+2))","v":""},{"$f":"IF(INDIRECT(\"'MRO Certificate Printing'!G\"&((ROW()-2)*4)+2)=\"\",\"\",INDIRECT(\"'MRO Certificate Printing'!G\"&((ROW()-2)*4)+2))","v":""},{"$f":"IF(INDIRECT(\"'MRO Certificate Printing'!J\"&((ROW()-2)*4)+2)=\"\",\"\",INDIRECT(\"'MRO Certificate Printing'!J\"&((ROW()-2)*4)+2))","v":""},{"$f":"IF(INDIRECT(\"'MRO Certificate Printing'!I\"&((ROW()-2)*4)+2)=\"\",\"\",INDIRECT(\"'MRO Certificate Printing'!I\"&((ROW()-2)*4)+2))","v":""},{"$f":"IF(INDIRECT(\"'MRO Certificate Printing'!K\"&((ROW()-2)*4)+2)=\"\",\"\",INDIRECT(\"'MRO Certificate Printing'!K\"&((ROW()-2)*4)+2))","v":""},null,{"$f":"IF(INDIRECT(\"'MRO Certificate Printing'!D\"&((ROW()-2)*4)+3)=\"\",\"\",INDIRECT(\"'MRO Certificate Printing'!D\"&((ROW()-2)*4)+3))","v":""},{"$f":"IF(INDIRECT(\"'MRO Certificate Printing'!E\"&((ROW()-2)*4)+3)=\"\",\"\",INDIRECT(\"'MRO Certificate Printing'!E\"&((ROW()-2)*4)+3))","v":""},{"$f":"IF(INDIRECT(\"'MRO Certificate Printing'!F\"&((ROW()-2)*4)+3)=\"\",\"\",INDIRECT(\"'MRO Certificate Printing'!F\"&((ROW()-2)*4)+3))","v":""},{"$f":"IF(INDIRECT(\"'MRO Certificate Printing'!B\"&((ROW()-2)*4)+3)=\"\",\"\",INDIRECT(\"'MRO Certificate Printing'!B\"&((ROW()-2)*4)+3))","v":""},{"$f":"IF(INDIRECT(\"'MRO Certificate Printing'!G\"&((ROW()-2)*4)+3)=\"\",\"\",INDIRECT(\"'MRO Certificate Printing'!G\"&((ROW()-2)*4)+3))","v":""},{"$f":"IF(INDIRECT(\"'MRO Certificate Printing'!J\"&((ROW()-2)*4)+3)=\"\",\"\",INDIRECT(\"'MRO Certificate Printing'!J\"&((ROW()-2)*4)+3))","v":""},{"$f":"IF(INDIRECT(\"'MRO Certificate Printing'!I\"&((ROW()-2)*4)+3)=\"\",\"\",INDIRECT(\"'MRO Certificate Printing'!I\"&((ROW()-2)*4)+3))","v":""},{"$f":"IF(INDIRECT(\"'MRO Certificate Printing'!K\"&((ROW()-2)*4)+3)=\"\",\"\",INDIRECT(\"'MRO Certificate Printing'!K\"&((ROW()-2)*4)+3))","v":""},null,{"$f":"IF(INDIRECT(\"'MRO Certificate Printing'!D\"&((ROW()-2)*4)+4)=\"\",\"\",INDIRECT(\"'MRO Certificate Printing'!D\"&((ROW()-2)*4)+4))","v":""},{"$f":"IF(INDIRECT(\"'MRO Certificate Printing'!E\"&((ROW()-2)*4)+4)=\"\",\"\",INDIRECT(\"'MRO Certificate Printing'!E\"&((ROW()-2)*4)+4))","v":""},{"$f":"IF(INDIRECT(\"'MRO Certificate Printing'!F\"&((ROW()-2)*4)+4)=\"\",\"\",INDIRECT(\"'MRO Certificate Printing'!F\"&((ROW()-2)*4)+4))","v":""},{"$f":"IF(INDIRECT(\"'MRO Certificate Printing'!B\"&((ROW()-2)*4)+4)=\"\",\"\",INDIRECT(\"'MRO Certificate Printing'!B\"&((ROW()-2)*4)+4))","v":""},{"$f":"IF(INDIRECT(\"'MRO Certificate Printing'!G\"&((ROW()-2)*4)+4)=\"\",\"\",INDIRECT(\"'MRO Certificate Printing'!G\"&((ROW()-2)*4)+4))","v":""},{"$f":"IF(INDIRECT(\"'MRO Certificate Printing'!J\"&((ROW()-2)*4)+4)=\"\",\"\",INDIRECT(\"'MRO Certificate Printing'!J\"&((ROW()-2)*4)+4))","v":""},{"$f":"IF(INDIRECT(\"'MRO Certificate Printing'!I\"&((ROW()-2)*4)+4)=\"\",\"\",INDIRECT(\"'MRO Certificate Printing'!I\"&((ROW()-2)*4)+4))","v":""},{"$f":"IF(INDIRECT(\"'MRO Certificate Printing'!K\"&((ROW()-2)*4)+4)=\"\",\"\",INDIRECT(\"'MRO Certificate Printing'!K\"&((ROW()-2)*4)+4))","v":""},null,{"$f":"IF(INDIRECT(\"'MRO Certificate Printing'!D\"&((ROW()-2)*4)+5)=\"\",\"\",INDIRECT(\"'MRO Certificate Printing'!D\"&((ROW()-2)*4)+5))","v":""},{"$f":"IF(INDIRECT(\"'MRO Certificate Printing'!E\"&((ROW()-2)*4)+5)=\"\",\"\",INDIRECT(\"'MRO Certificate Printing'!E\"&((ROW()-2)*4)+5))","v":""},{"$f":"IF(INDIRECT(\"'MRO Certificate Printing'!F\"&((ROW()-2)*4)+5)=\"\",\"\",INDIRECT(\"'MRO Certificate Printing'!F\"&((ROW()-2)*4)+5))","v":""},{"$f":"IF(INDIRECT(\"'MRO Certificate Printing'!B\"&((ROW()-2)*4)+5)=\"\",\"\",INDIRECT(\"'MRO Certificate Printing'!B\"&((ROW()-2)*4)+5))","v":""},{"$f":"IF(INDIRECT(\"'MRO Certificate Printing'!G\"&((ROW()-2)*4)+5)=\"\",\"\",INDIRECT(\"'MRO Certificate Printing'!G\"&((ROW()-2)*4)+5))","v":""},{"$f":"IF(INDIRECT(\"'MRO Certificate Printing'!J\"&((ROW()-2)*4)+5)=\"\",\"\",INDIRECT(\"'MRO Certificate Printing'!J\"&((ROW()-2)*4)+5))","v":""},{"$f":"IF(INDIRECT(\"'MRO Certificate Printing'!I\"&((ROW()-2)*4)+5)=\"\",\"\",INDIRECT(\"'MRO Certificate Printing'!I\"&((ROW()-2)*4)+5))","v":""},{"$f":"IF(INDIRECT(\"'MRO Certificate Printing'!K\"&((ROW()-2)*4)+5)=\"\",\"\",INDIRECT(\"'MRO Certificate Printing'!K\"&((ROW()-2)*4)+5))","v":""}]
["",{"$f":"IF(INDIRECT(\"'MRO Certificate Printing'!D\"&((ROW()-2)*4)+2)=\"\",\"\",INDIRECT(\"'MRO Certificate Printing'!D\"&((ROW()-2)*4)+2))","v":""},{"$f":"IF(INDIRECT(\"'MRO Certificate Printing'!E\"&((ROW()-2)*4)+2)=\"\",\"\",INDIRECT(\"'MRO Certificate Printing'!E\"&((ROW()-2)*4)+2))","v":""},{"$f":"IF(INDIRECT(\"'MRO Certificate Printing'!F\"&((ROW()-2)*4)+2)=\"\",\"\",INDIRECT(\"'MRO Certificate Printing'!F\"&((ROW()-2)*4)+2))","v":""},{"$f":"IF(INDIRECT(\"'MRO Certificate Printing'!B\"&((ROW()-2)*4)+2)=\"\",\"\",INDIRECT(\"'MRO Certificate Printing'!B\"&((ROW()-2)*4)+2))","v":""},{"$f":"IF(INDIRECT(\"'MRO Certificate Printing'!G\"&((ROW()-2)*4)+2)=\"\",\"\",INDIRECT(\"'MRO Certificate Printing'!G\"&((ROW()-2)*4)+2))","v":""},{"$f":"IF(INDIRECT(\"'MRO Certificate Printing'!J\"&((ROW()-2)*4)+2)=\"\",\"\",INDIRECT(\"'MRO Certificate Printing'!J\"&((ROW()-2)*4)+2))","v":""},{"$f":"IF(INDIRECT(\"'MRO Certificate Printing'!I\"&((ROW()-2)*4)+2)=\"\",\"\",INDIRECT(\"'MRO Certificate Printing'!I\"&((ROW()-2)*4)+2))","v":""},{"$f":"IF(INDIRECT(\"'MRO Certificate Printing'!K\"&((ROW()-2)*4)+2)=\"\",\"\",INDIRECT(\"'MRO Certificate Printing'!K\"&((ROW()-2)*4)+2))","v":""},null,{"$f":"IF(INDIRECT(\"'MRO Certificate Printing'!D\"&((ROW()-2)*4)+3)=\"\",\"\",INDIRECT(\"'MRO Certificate Printing'!D\"&((ROW()-2)*4)+3))","v":""},{"$f":"IF(INDIRECT(\"'MRO Certificate Printing'!E\"&((ROW()-2)*4)+3)=\"\",\"\",INDIRECT(\"'MRO Certificate Printing'!E\"&((ROW()-2)*4)+3))","v":""},{"$f":"IF(INDIRECT(\"'MRO Certificate Printing'!F\"&((ROW()-2)*4)+3)=\"\",\"\",INDIRECT(\"'MRO Certificate Printing'!F\"&((ROW()-2)*4)+3))","v":""},{"$f":"IF(INDIRECT(\"'MRO Certificate Printing'!B\"&((ROW()-2)*4)+3)=\"\",\"\",INDIRECT(\"'MRO Certificate Printing'!B\"&((ROW()-2)*4)+3))","v":""},{"$f":"IF(INDIRECT(\"'MRO Certificate Printing'!G\"&((ROW()-2)*4)+3)=\"\",\"\",INDIRECT(\"'MRO Certificate Printing'!G\"&((ROW()-2)*4)+3))","v":""},{"$f":"IF(INDIRECT(\"'MRO Certificate Printing'!J\"&((ROW()-2)*4)+3)=\"\",\"\",INDIRECT(\"'MRO Certificate Printing'!J\"&((ROW()-2)*4)+3))","v":""},{"$f":"IF(INDIRECT(\"'MRO Certificate Printing'!I\"&((ROW()-2)*4)+3)=\"\",\"\",INDIRECT(\"'MRO Certificate Printing'!I\"&((ROW()-2)*4)+3))","v":""},{"$f":"IF(INDIRECT(\"'MRO Certificate Printing'!K\"&((ROW()-2)*4)+3)=\"\",\"\",INDIRECT(\"'MRO Certificate Printing'!K\"&((ROW()-2)*4)+3))","v":""},null,{"$f":"IF(INDIRECT(\"'MRO Certificate Printing'!D\"&((ROW()-2)*4)+4)=\"\",\"\",INDIRECT(\"'MRO Certificate Printing'!D\"&((ROW()-2)*4)+4))","v":""},{"$f":"IF(INDIRECT(\"'MRO Certificate Printing'!E\"&((ROW()-2)*4)+4)=\"\",\"\",INDIRECT(\"'MRO Certificate Printing'!E\"&((ROW()-2)*4)+4))","v":""},{"$f":"IF(INDIRECT(\"'MRO Certificate Printing'!F\"&((ROW()-2)*4)+4)=\"\",\"\",INDIRECT(\"'MRO Certificate Printing'!F\"&((ROW()-2)*4)+4))","v":""},{"$f":"IF(INDIRECT(\"'MRO Certificate Printing'!B\"&((ROW()-2)*4)+4)=\"\",\"\",INDIRECT(\"'MRO Certificate Printing'!B\"&((ROW()-2)*4)+4))","v":""},{"$f":"IF(INDIRECT(\"'MRO Certificate Printing'!G\"&((ROW()-2)*4)+4)=\"\",\"\",INDIRECT(\"'MRO Certificate Printing'!G\"&((ROW()-2)*4)+4))","v":""},{"$f":"IF(INDIRECT(\"'MRO Certificate Printing'!J\"&((ROW()-2)*4)+4)=\"\",\"\",INDIRECT(\"'MRO Certificate Printing'!J\"&((ROW()-2)*4)+4))","v":""},{"$f":"IF(INDIRECT(\"'MRO Certificate Printing'!I\"&((ROW()-2)*4)+4)=\"\",\"\",INDIRECT(\"'MRO Certificate Printing'!I\"&((ROW()-2)*4)+4))","v":""},{"$f":"IF(INDIRECT(\"'MRO Certificate Printing'!K\"&((ROW()-2)*4)+4)=\"\",\"\",INDIRECT(\"'MRO Certificate Printing'!K\"&((ROW()-2)*4)+4))","v":""},null,{"$f":"IF(INDIRECT(\"'MRO Certificate Printing'!D\"&((ROW()-2)*4)+5)=\"\",\"\",INDIRECT(\"'MRO Certificate Printing'!D\"&((ROW()-2)*4)+5))","v":""},{"$f":"IF(INDIRECT(\"'MRO Certificate Printing'!E\"&((ROW()-2)*4)+5)=\"\",\"\",INDIRECT(\"'MRO Certificate Printing'!E\"&((ROW()-2)*4)+5))","v":""},{"$f":"IF(INDIRECT(\"'MRO Certificate Printing'!F\"&((ROW()-2)*4)+5)=\"\",\"\",INDIRECT(\"'MRO Certificate Printing'!F\"&((ROW()-2)*4)+5))","v":""},{"$f":"IF(INDIRECT(\"'MRO Certificate Printing'!B\"&((ROW()-2)*4)+5)=\"\",\"\",INDIRECT(\"'MRO Certificate Printing'!B\"&((ROW()-2)*4)+5))","v":""},{"$f":"IF(INDIRECT(\"'MRO Certificate Printing'!G\"&((ROW()-2)*4)+5)=\"\",\"\",INDIRECT(\"'MRO Certificate Printing'!G\"&((ROW()-2)*4)+5))","v":""},{"$f":"IF(INDIRECT(\"'MRO Certificate Printing'!J\"&((ROW()-2)*4)+5)=\"\",\"\",INDIRECT(\"'MRO Certificate Printing'!J\"&((ROW()-2)*4)+5))","v":""},{"$f":"IF(INDIRECT(\"'MRO Certificate Printing'!I\"&((ROW()-2)*4)+5)=\"\",\"\",INDIRECT(\"'MRO Certificate Printing'!I\"&((ROW()-2)*4)+5))","v":""},{"$f":"IF(INDIRECT(\"'MRO Certificate Printing'!K\"&((ROW()-2)*4)+5)=\"\",\"\",INDIRECT(\"'MRO Certificate Printing'!K\"&((ROW()-2)*4)+5))","v":""}]
["",{"$f":"IF(INDIRECT(\"'MRO Certificate Printing'!D\"&((ROW()-2)*4)+2)=\"\",\"\",INDIRECT(\"'MRO Certificate Printing'!D\"&((ROW()-2)*4)+2))","v":""},{"$f":"IF(INDIRECT(\"'MRO Certificate Printing'!E\"&((ROW()-2)*4)+2)=\"\",\"\",INDIRECT(\"'MRO Certificate Printing'!E\"&((ROW()-2)*4)+2))","v":""},{"$f":"IF(INDIRECT(\"'MRO Certificate Printing'!F\"&((ROW()-2)*4)+2)=\"\",\"\",INDIRECT(\"'MRO Certificate Printing'!F\"&((ROW()-2)*4)+2))","v":""},{"$f":"IF(INDIRECT(\"'MRO Certificate Printing'!B\"&((ROW()-2)*4)+2)=\"\",\"\",INDIRECT(\"'MRO Certificate Printing'!B\"&((ROW()-2)*4)+2))","v":""},{"$f":"IF(INDIRECT(\"'MRO Certificate Printing'!G\"&((ROW()-2)*4)+2)=\"\",\"\",INDIRECT(\"'MRO Certificate Printing'!G\"&((ROW()-2)*4)+2))","v":""},{"$f":"IF(INDIRECT(\"'MRO Certificate Printing'!J\"&((ROW()-2)*4)+2)=\"\",\"\",INDIRECT(\"'MRO Certificate Printing'!J\"&((ROW()-2)*4)+2))","v":""},{"$f":"IF(INDIRECT(\"'MRO Certificate Printing'!I\"&((ROW()-2)*4)+2)=\"\",\"\",INDIRECT(\"'MRO Certificate Printing'!I\"&((ROW()-2)*4)+2))","v":""},{"$f":"IF(INDIRECT(\"'MRO Certificate Printing'!K\"&((ROW()-2)*4)+2)=\"\",\"\",INDIRECT(\"'MRO Certificate Printing'!K\"&((ROW()-2)*4)+2))","v":""},null,{"$f":"IF(INDIRECT(\"'MRO Certificate Printing'!D\"&((ROW()-2)*4)+3)=\"\",\"\",INDIRECT(\"'MRO Certificate Printing'!D\"&((ROW()-2)*4)+3))","v":""},{"$f":"IF(INDIRECT(\"'MRO Certificate Printing'!E\"&((ROW()-2)*4)+3)=\"\",\"\",INDIRECT(\"'MRO Certificate Printing'!E\"&((ROW()-2)*4)+3))","v":""},{"$f":"IF(INDIRECT(\"'MRO Certificate Printing'!F\"&((ROW()-2)*4)+3)=\"\",\"\",INDIRECT(\"'MRO Certificate Printing'!F\"&((ROW()-2)*4)+3))","v":""},{"$f":"IF(INDIRECT(\"'MRO Certificate Printing'!B\"&((ROW()-2)*4)+3)=\"\",\"\",INDIRECT(\"'MRO Certificate Printing'!B\"&((ROW()-2)*4)+3))","v":""},{"$f":"IF(INDIRECT(\"'MRO Certificate Printing'!G\"&((ROW()-2)*4)+3)=\"\",\"\",INDIRECT(\"'MRO Certificate Printing'!G\"&((ROW()-2)*4)+3))","v":""},{"$f":"IF(INDIRECT(\"'MRO Certificate Printing'!J\"&((ROW()-2)*4)+3)=\"\",\"\",INDIRECT(\"'MRO Certificate Printing'!J\"&((ROW()-2)*4)+3))","v":""},{"$f":"IF(INDIRECT(\"'MRO Certificate Printing'!I\"&((ROW()-2)*4)+3)=\"\",\"\",INDIRECT(\"'MRO Certificate Printing'!I\"&((ROW()-2)*4)+3))","v":""},{"$f":"IF(INDIRECT(\"'MRO Certificate Printing'!K\"&((ROW()-2)*4)+3)=\"\",\"\",INDIRECT(\"'MRO Certificate Printing'!K\"&((ROW()-2)*4)+3))","v":""},null,{"$f":"IF(INDIRECT(\"'MRO Certificate Printing'!D\"&((ROW()-2)*4)+4)=\"\",\"\",INDIRECT(\"'MRO Certificate Printing'!D\"&((ROW()-2)*4)+4))","v":""},{"$f":"IF(INDIRECT(\"'MRO Certificate Printing'!E\"&((ROW()-2)*4)+4)=\"\",\"\",INDIRECT(\"'MRO Certificate Printing'!E\"&((ROW()-2)*4)+4))","v":""},{"$f":"IF(INDIRECT(\"'MRO Certificate Printing'!F\"&((ROW()-2)*4)+4)=\"\",\"\",INDIRECT(\"'MRO Certificate Printing'!F\"&((ROW()-2)*4)+4))","v":""},{"$f":"IF(INDIRECT(\"'MRO Certificate Printing'!B\"&((ROW()-2)*4)+4)=\"\",\"\",INDIRECT(\"'MRO Certificate Printing'!B\"&((ROW()-2)*4)+4))","v":""},{"$f":"IF(INDIRECT(\"'MRO Certificate Printing'!G\"&((ROW()-2)*4)+4)=\"\",\"\",INDIRECT(\"'MRO Certificate Printing'!G\"&((ROW()-2)*4)+4))","v":""},{"$f":"IF(INDIRECT(\"'MRO Certificate Printing'!J\"&((ROW()-2)*4)+4)=\"\",\"\",INDIRECT(\"'MRO Certificate Printing'!J\"&((ROW()-2)*4)+4))","v":""},{"$f":"IF(INDIRECT(\"'MRO Certificate Printing'!I\"&((ROW()-2)*4)+4)=\"\",\"\",INDIRECT(\"'MRO Certificate Printing'!I\"&((ROW()-2)*4)+4))","v":""},{"$f":"IF(INDIRECT(\"'MRO Certificate Printing'!K\"&((ROW()-2)*4)+4)=\"\",\"\",INDIRECT(\"'MRO Certificate Printing'!K\"&((ROW()-2)*4)+4))","v":""},null,{"$f":"IF(INDIRECT(\"'MRO Certificate Printing'!D\"&((ROW()-2)*4)+5)=\"\",\"\",INDIRECT(\"'MRO Certificate Printing'!D\"&((ROW()-2)*4)+5))","v":""},{"$f":"IF(INDIRECT(\"'MRO Certificate Printing'!E\"&((ROW()-2)*4)+5)=\"\",\"\",INDIRECT(\"'MRO Certificate Printing'!E\"&((ROW()-2)*4)+5))","v":""},{"$f":"IF(INDIRECT(\"'MRO Certificate Printing'!F\"&((ROW()-2)*4)+5)=\"\",\"\",INDIRECT(\"'MRO Certificate Printing'!F\"&((ROW()-2)*4)+5))","v":""},{"$f":"IF(INDIRECT(\"'MRO Certificate Printing'!B\"&((ROW()-2)*4)+5)=\"\",\"\",INDIRECT(\"'MRO Certificate Printing'!B\"&((ROW()-2)*4)+5))","v":""},{"$f":"IF(INDIRECT(\"'MRO Certificate Printing'!G\"&((ROW()-2)*4)+5)=\"\",\"\",INDIRECT(\"'MRO Certificate Printing'!G\"&((ROW()-2)*4)+5))","v":""},{"$f":"IF(INDIRECT(\"'MRO Certificate Printing'!J\"&((ROW()-2)*4)+5)=\"\",\"\",INDIRECT(\"'MRO Certificate Printing'!J\"&((ROW()-2)*4)+5))","v":""},{"$f":"IF(INDIRECT(\"'MRO Certificate Printing'!I\"&((ROW()-2)*4)+5)=\"\",\"\",INDIRECT(\"'MRO Certificate Printing'!I\"&((ROW()-2)*4)+5))","v":""},{"$f":"IF(INDIRECT(\"'MRO Certificate Printing'!K\"&((ROW()-2)*4)+5)=\"\",\"\",INDIRECT(\"'MRO Certificate Printing'!K\"&((ROW()-2)*4)+5))","v":""}]
["",{"$f":"IF(INDIRECT(\"'MRO Certificate Printing'!D\"&((ROW()-2)*4)+2)=\"\",\"\",INDIRECT(\"'MRO Certificate Printing'!D\"&((ROW()-2)*4)+2))","v":""},{"$f":"IF(INDIRECT(\"'MRO Certificate Printing'!E\"&((ROW()-2)*4)+2)=\"\",\"\",INDIRECT(\"'MRO Certificate Printing'!E\"&((ROW()-2)*4)+2))","v":""},{"$f":"IF(INDIRECT(\"'MRO Certificate Printing'!F\"&((ROW()-2)*4)+2)=\"\",\"\",INDIRECT(\"'MRO Certificate Printing'!F\"&((ROW()-2)*4)+2))","v":""},{"$f":"IF(INDIRECT(\"'MRO Certificate Printing'!B\"&((ROW()-2)*4)+2)=\"\",\"\",INDIRECT(\"'MRO Certificate Printing'!B\"&((ROW()-2)*4)+2))","v":""},{"$f":"IF(INDIRECT(\"'MRO Certificate Printing'!G\"&((ROW()-2)*4)+2)=\"\",\"\",INDIRECT(\"'MRO Certificate Printing'!G\"&((ROW()-2)*4)+2))","v":""},{"$f":"IF(INDIRECT(\"'MRO Certificate Printing'!J\"&((ROW()-2)*4)+2)=\"\",\"\",INDIRECT(\"'MRO Certificate Printing'!J\"&((ROW()-2)*4)+2))","v":""},{"$f":"IF(INDIRECT(\"'MRO Certificate Printing'!I\"&((ROW()-2)*4)+2)=\"\",\"\",INDIRECT(\"'MRO Certificate Printing'!I\"&((ROW()-2)*4)+2))","v":""},{"$f":"IF(INDIRECT(\"'MRO Certificate Printing'!K\"&((ROW()-2)*4)+2)=\"\",\"\",INDIRECT(\"'MRO Certificate Printing'!K\"&((ROW()-2)*4)+2))","v":""},null,{"$f":"IF(INDIRECT(\"'MRO Certificate Printing'!D\"&((ROW()-2)*4)+3)=\"\",\"\",INDIRECT(\"'MRO Certificate Printing'!D\"&((ROW()-2)*4)+3))","v":""},{"$f":"IF(INDIRECT(\"'MRO Certificate Printing'!E\"&((ROW()-2)*4)+3)=\"\",\"\",INDIRECT(\"'MRO Certificate Printing'!E\"&((ROW()-2)*4)+3))","v":""},{"$f":"IF(INDIRECT(\"'MRO Certificate Printing'!F\"&((ROW()-2)*4)+3)=\"\",\"\",INDIRECT(\"'MRO Certificate Printing'!F\"&((ROW()-2)*4)+3))","v":""},{"$f":"IF(INDIRECT(\"'MRO Certificate Printing'!B\"&((ROW()-2)*4)+3)=\"\",\"\",INDIRECT(\"'MRO Certificate Printing'!B\"&((ROW()-2)*4)+3))","v":""},{"$f":"IF(INDIRECT(\"'MRO Certificate Printing'!G\"&((ROW()-2)*4)+3)=\"\",\"\",INDIRECT(\"'MRO Certificate Printing'!G\"&((ROW()-2)*4)+3))","v":""},{"$f":"IF(INDIRECT(\"'MRO Certificate Printing'!J\"&((ROW()-2)*4)+3)=\"\",\"\",INDIRECT(\"'MRO Certificate Printing'!J\"&((ROW()-2)*4)+3))","v":""},{"$f":"IF(INDIRECT(\"'MRO Certificate Printing'!I\"&((ROW()-2)*4)+3)=\"\",\"\",INDIRECT(\"'MRO Certificate Printing'!I\"&((ROW()-2)*4)+3))","v":""},{"$f":"IF(INDIRECT(\"'MRO Certificate Printing'!K\"&((ROW()-2)*4)+3)=\"\",\"\",INDIRECT(\"'MRO Certificate Printing'!K\"&((ROW()-2)*4)+3))","v":""},null,{"$f":"IF(INDIRECT(\"'MRO Certificate Printing'!D\"&((ROW()-2)*4)+4)=\"\",\"\",INDIRECT(\"'MRO Certificate Printing'!D\"&((ROW()-2)*4)+4))","v":""},{"$f":"IF(INDIRECT(\"'MRO Certificate Printing'!E\"&((ROW()-2)*4)+4)=\"\",\"\",INDIRECT(\"'MRO Certificate Printing'!E\"&((ROW()-2)*4)+4))","v":""},{"$f":"IF(INDIRECT(\"'MRO Certificate Printing'!F\"&((ROW()-2)*4)+4)=\"\",\"\",INDIRECT(\"'MRO Certificate Printing'!F\"&((ROW()-2)*4)+4))","v":""},{"$f":"IF(INDIRECT(\"'MRO Certificate Printing'!B\"&((ROW()-2)*4)+4)=\"\",\"\",INDIRECT(\"'MRO Certificate Printing'!B\"&((ROW()-2)*4)+4))","v":""},{"$f":"IF(INDIRECT(\"'MRO Certificate Printing'!G\"&((ROW()-2)*4)+4)=\"\",\"\",INDIRECT(\"'MRO Certificate Printing'!G\"&((ROW()-2)*4)+4))","v":""},{"$f":"IF(INDIRECT(\"'MRO Certificate Printing'!J\"&((ROW()-2)*4)+4)=\"\",\"\",INDIRECT(\"'MRO Certificate Printing'!J\"&((ROW()-2)*4)+4))","v":""},{"$f":"IF(INDIRECT(\"'MRO Certificate Printing'!I\"&((ROW()-2)*4)+4)=\"\",\"\",INDIRECT(\"'MRO Certificate Printing'!I\"&((ROW()-2)*4)+4))","v":""},{"$f":"IF(INDIRECT(\"'MRO Certificate Printing'!K\"&((ROW()-2)*4)+4)=\"\",\"\",INDIRECT(\"'MRO Certificate Printing'!K\"&((ROW()-2)*4)+4))","v":""},null,{"$f":"IF(INDIRECT(\"'MRO Certificate Printing'!D\"&((ROW()-2)*4)+5)=\"\",\"\",INDIRECT(\"'MRO Certificate Printing'!D\"&((ROW()-2)*4)+5))","v":""},{"$f":"IF(INDIRECT(\"'MRO Certificate Printing'!E\"&((ROW()-2)*4)+5)=\"\",\"\",INDIRECT(\"'MRO Certificate Printing'!E\"&((ROW()-2)*4)+5))","v":""},{"$f":"IF(INDIRECT(\"'MRO Certificate Printing'!F\"&((ROW()-2)*4)+5)=\"\",\"\",INDIRECT(\"'MRO Certificate Printing'!F\"&((ROW()-2)*4)+5))","v":""},{"$f":"IF(INDIRECT(\"'MRO Certificate Printing'!B\"&((ROW()-2)*4)+5)=\"\",\"\",INDIRECT(\"'MRO Certificate Printing'!B\"&((ROW()-2)*4)+5))","v":""},{"$f":"IF(INDIRECT(\"'MRO Certificate Printing'!G\"&((ROW()-2)*4)+5)=\"\",\"\",INDIRECT(\"'MRO Certificate Printing'!G\"&((ROW()-2)*4)+5))","v":""},{"$f":"IF(INDIRECT(\"'MRO Certificate Printing'!J\"&((ROW()-2)*4)+5)=\"\",\"\",INDIRECT(\"'MRO Certificate Printing'!J\"&((ROW()-2)*4)+5))","v":""},{"$f":"IF(INDIRECT(\"'MRO Certificate Printing'!I\"&((ROW()-2)*4)+5)=\"\",\"\",INDIRECT(\"'MRO Certificate Printing'!I\"&((ROW()-2)*4)+5))","v":""},{"$f":"IF(INDIRECT(\"'MRO Certificate Printing'!K\"&((ROW()-2)*4)+5)=\"\",\"\",INDIRECT(\"'MRO Certificate Printing'!K\"&((ROW()-2)*4)+5))","v":""}]
["",{"$f":"IF(INDIRECT(\"'MRO Certificate Printing'!D\"&((ROW()-2)*4)+2)=\"\",\"\",INDIRECT(\"'MRO Certificate Printing'!D\"&((ROW()-2)*4)+2))","v":""},{"$f":"IF(INDIRECT(\"'MRO Certificate Printing'!E\"&((ROW()-2)*4)+2)=\"\",\"\",INDIRECT(\"'MRO Certificate Printing'!E\"&((ROW()-2)*4)+2))","v":""},{"$f":"IF(INDIRECT(\"'MRO Certificate Printing'!F\"&((ROW()-2)*4)+2)=\"\",\"\",INDIRECT(\"'MRO Certificate Printing'!F\"&((ROW()-2)*4)+2))","v":""},{"$f":"IF(INDIRECT(\"'MRO Certificate Printing'!B\"&((ROW()-2)*4)+2)=\"\",\"\",INDIRECT(\"'MRO Certificate Printing'!B\"&((ROW()-2)*4)+2))","v":""},{"$f":"IF(INDIRECT(\"'MRO Certificate Printing'!G\"&((ROW()-2)*4)+2)=\"\",\"\",INDIRECT(\"'MRO Certificate Printing'!G\"&((ROW()-2)*4)+2))","v":""},{"$f":"IF(INDIRECT(\"'MRO Certificate Printing'!J\"&((ROW()-2)*4)+2)=\"\",\"\",INDIRECT(\"'MRO Certificate Printing'!J\"&((ROW()-2)*4)+2))","v":""},{"$f":"IF(INDIRECT(\"'MRO Certificate Printing'!I\"&((ROW()-2)*4)+2)=\"\",\"\",INDIRECT(\"'MRO Certificate Printing'!I\"&((ROW()-2)*4)+2))","v":""},{"$f":"IF(INDIRECT(\"'MRO Certificate Printing'!K\"&((ROW()-2)*4)+2)=\"\",\"\",INDIRECT(\"'MRO Certificate Printing'!K\"&((ROW()-2)*4)+2))","v":""},null,{"$f":"IF(INDIRECT(\"'MRO Certificate Printing'!D\"&((ROW()-2)*4)+3)=\"\",\"\",INDIRECT(\"'MRO Certificate Printing'!D\"&((ROW()-2)*4)+3))","v":""},{"$f":"IF(INDIRECT(\"'MRO Certificate Printing'!E\"&((ROW()-2)*4)+3)=\"\",\"\",INDIRECT(\"'MRO Certificate Printing'!E\"&((ROW()-2)*4)+3))","v":""},{"$f":"IF(INDIRECT(\"'MRO Certificate Printing'!F\"&((ROW()-2)*4)+3)=\"\",\"\",INDIRECT(\"'MRO Certificate Printing'!F\"&((ROW()-2)*4)+3))","v":""},{"$f":"IF(INDIRECT(\"'MRO Certificate Printing'!B\"&((ROW()-2)*4)+3)=\"\",\"\",INDIRECT(\"'MRO Certificate Printing'!B\"&((ROW()-2)*4)+3))","v":""},{"$f":"IF(INDIRECT(\"'MRO Certificate Printing'!G\"&((ROW()-2)*4)+3)=\"\",\"\",INDIRECT(\"'MRO Certificate Printing'!G\"&((ROW()-2)*4)+3))","v":""},{"$f":"IF(INDIRECT(\"'MRO Certificate Printing'!J\"&((ROW()-2)*4)+3)=\"\",\"\",INDIRECT(\"'MRO Certificate Printing'!J\"&((ROW()-2)*4)+3))","v":""},{"$f":"IF(INDIRECT(\"'MRO Certificate Printing'!I\"&((ROW()-2)*4)+3)=\"\",\"\",INDIRECT(\"'MRO Certificate Printing'!I\"&((ROW()-2)*4)+3))","v":""},{"$f":"IF(INDIRECT(\"'MRO Certificate Printing'!K\"&((ROW()-2)*4)+3)=\"\",\"\",INDIRECT(\"'MRO Certificate Printing'!K\"&((ROW()-2)*4)+3))","v":""},null,{"$f":"IF(INDIRECT(\"'MRO Certificate Printing'!D\"&((ROW()-2)*4)+4)=\"\",\"\",INDIRECT(\"'MRO Certificate Printing'!D\"&((ROW()-2)*4)+4))","v":""},{"$f":"IF(INDIRECT(\"'MRO Certificate Printing'!E\"&((ROW()-2)*4)+4)=\"\",\"\",INDIRECT(\"'MRO Certificate Printing'!E\"&((ROW()-2)*4)+4))","v":""},{"$f":"IF(INDIRECT(\"'MRO Certificate Printing'!F\"&((ROW()-2)*4)+4)=\"\",\"\",INDIRECT(\"'MRO Certificate Printing'!F\"&((ROW()-2)*4)+4))","v":""},{"$f":"IF(INDIRECT(\"'MRO Certificate Printing'!B\"&((ROW()-2)*4)+4)=\"\",\"\",INDIRECT(\"'MRO Certificate Printing'!B\"&((ROW()-2)*4)+4))","v":""},{"$f":"IF(INDIRECT(\"'MRO Certificate Printing'!G\"&((ROW()-2)*4)+4)=\"\",\"\",INDIRECT(\"'MRO Certificate Printing'!G\"&((ROW()-2)*4)+4))","v":""},{"$f":"IF(INDIRECT(\"'MRO Certificate Printing'!J\"&((ROW()-2)*4)+4)=\"\",\"\",INDIRECT(\"'MRO Certificate Printing'!J\"&((ROW()-2)*4)+4))","v":""},{"$f":"IF(INDIRECT(\"'MRO Certificate Printing'!I\"&((ROW()-2)*4)+4)=\"\",\"\",INDIRECT(\"'MRO Certificate Printing'!I\"&((ROW()-2)*4)+4))","v":""},{"$f":"IF(INDIRECT(\"'MRO Certificate Printing'!K\"&((ROW()-2)*4)+4)=\"\",\"\",INDIRECT(\"'MRO Certificate Printing'!K\"&((ROW()-2)*4)+4))","v":""},null,{"$f":"IF(INDIRECT(\"'MRO Certificate Printing'!D\"&((ROW()-2)*4)+5)=\"\",\"\",INDIRECT(\"'MRO Certificate Printing'!D\"&((ROW()-2)*4)+5))","v":""},{"$f":"IF(INDIRECT(\"'MRO Certificate Printing'!E\"&((ROW()-2)*4)+5)=\"\",\"\",INDIRECT(\"'MRO Certificate Printing'!E\"&((ROW()-2)*4)+5))","v":""},{"$f":"IF(INDIRECT(\"'MRO Certificate Printing'!F\"&((ROW()-2)*4)+5)=\"\",\"\",INDIRECT(\"'MRO Certificate Printing'!F\"&((ROW()-2)*4)+5))","v":""},{"$f":"IF(INDIRECT(\"'MRO Certificate Printing'!B\"&((ROW()-2)*4)+5)=\"\",\"\",INDIRECT(\"'MRO Certificate Printing'!B\"&((ROW()-2)*4)+5))","v":""},{"$f":"IF(INDIRECT(\"'MRO Certificate Printing'!G\"&((ROW()-2)*4)+5)=\"\",\"\",INDIRECT(\"'MRO Certificate Printing'!G\"&((ROW()-2)*4)+5))","v":""},{"$f":"IF(INDIRECT(\"'MRO Certificate Printing'!J\"&((ROW()-2)*4)+5)=\"\",\"\",INDIRECT(\"'MRO Certificate Printing'!J\"&((ROW()-2)*4)+5))","v":""},{"$f":"IF(INDIRECT(\"'MRO Certificate Printing'!I\"&((ROW()-2)*4)+5)=\"\",\"\",INDIRECT(\"'MRO Certificate Printing'!I\"&((ROW()-2)*4)+5))","v":""},{"$f":"IF(INDIRECT(\"'MRO Certificate Printing'!K\"&((ROW()-2)*4)+5)=\"\",\"\",INDIRECT(\"'MRO Certificate Printing'!K\"&((ROW()-2)*4)+5))","v":""}]
["",{"$f":"IF(INDIRECT(\"'MRO Certificate Printing'!D\"&((ROW()-2)*4)+2)=\"\",\"\",INDIRECT(\"'MRO Certificate Printing'!D\"&((ROW()-2)*4)+2))","v":""},{"$f":"IF(INDIRECT(\"'MRO Certificate Printing'!E\"&((ROW()-2)*4)+2)=\"\",\"\",INDIRECT(\"'MRO Certificate Printing'!E\"&((ROW()-2)*4)+2))","v":""},{"$f":"IF(INDIRECT(\"'MRO Certificate Printing'!F\"&((ROW()-2)*4)+2)=\"\",\"\",INDIRECT(\"'MRO Certificate Printing'!F\"&((ROW()-2)*4)+2))","v":""},{"$f":"IF(INDIRECT(\"'MRO Certificate Printing'!B\"&((ROW()-2)*4)+2)=\"\",\"\",INDIRECT(\"'MRO Certificate Printing'!B\"&((ROW()-2)*4)+2))","v":""},{"$f":"IF(INDIRECT(\"'MRO Certificate Printing'!G\"&((ROW()-2)*4)+2)=\"\",\"\",INDIRECT(\"'MRO Certificate Printing'!G\"&((ROW()-2)*4)+2))","v":""},{"$f":"IF(INDIRECT(\"'MRO Certificate Printing'!J\"&((ROW()-2)*4)+2)=\"\",\"\",INDIRECT(\"'MRO Certificate Printing'!J\"&((ROW()-2)*4)+2))","v":""},{"$f":"IF(INDIRECT(\"'MRO Certificate Printing'!I\"&((ROW()-2)*4)+2)=\"\",\"\",INDIRECT(\"'MRO Certificate Printing'!I\"&((ROW()-2)*4)+2))","v":""},{"$f":"IF(INDIRECT(\"'MRO Certificate Printing'!K\"&((ROW()-2)*4)+2)=\"\",\"\",INDIRECT(\"'MRO Certificate Printing'!K\"&((ROW()-2)*4)+2))","v":""},null,{"$f":"IF(INDIRECT(\"'MRO Certificate Printing'!D\"&((ROW()-2)*4)+3)=\"\",\"\",INDIRECT(\"'MRO Certificate Printing'!D\"&((ROW()-2)*4)+3))","v":""},{"$f":"IF(INDIRECT(\"'MRO Certificate Printing'!E\"&((ROW()-2)*4)+3)=\"\",\"\",INDIRECT(\"'MRO Certificate Printing'!E\"&((ROW()-2)*4)+3))","v":""},{"$f":"IF(INDIRECT(\"'MRO Certificate Printing'!F\"&((ROW()-2)*4)+3)=\"\",\"\",INDIRECT(\"'MRO Certificate Printing'!F\"&((ROW()-2)*4)+3))","v":""},{"$f":"IF(INDIRECT(\"'MRO Certificate Printing'!B\"&((ROW()-2)*4)+3)=\"\",\"\",INDIRECT(\"'MRO Certificate Printing'!B\"&((ROW()-2)*4)+3))","v":""},{"$f":"IF(INDIRECT(\"'MRO Certificate Printing'!G\"&((ROW()-2)*4)+3)=\"\",\"\",INDIRECT(\"'MRO Certificate Printing'!G\"&((ROW()-2)*4)+3))","v":""},{"$f":"IF(INDIRECT(\"'MRO Certificate Printing'!J\"&((ROW()-2)*4)+3)=\"\",\"\",INDIRECT(\"'MRO Certificate Printing'!J\"&((ROW()-2)*4)+3))","v":""},{"$f":"IF(INDIRECT(\"'MRO Certificate Printing'!I\"&((ROW()-2)*4)+3)=\"\",\"\",INDIRECT(\"'MRO Certificate Printing'!I\"&((ROW()-2)*4)+3))","v":""},{"$f":"IF(INDIRECT(\"'MRO Certificate Printing'!K\"&((ROW()-2)*4)+3)=\"\",\"\",INDIRECT(\"'MRO Certificate Printing'!K\"&((ROW()-2)*4)+3))","v":""},null,{"$f":"IF(INDIRECT(\"'MRO Certificate Printing'!D\"&((ROW()-2)*4)+4)=\"\",\"\",INDIRECT(\"'MRO Certificate Printing'!D\"&((ROW()-2)*4)+4))","v":""},{"$f":"IF(INDIRECT(\"'MRO Certificate Printing'!E\"&((ROW()-2)*4)+4)=\"\",\"\",INDIRECT(\"'MRO Certificate Printing'!E\"&((ROW()-2)*4)+4))","v":""},{"$f":"IF(INDIRECT(\"'MRO Certificate Printing'!F\"&((ROW()-2)*4)+4)=\"\",\"\",INDIRECT(\"'MRO Certificate Printing'!F\"&((ROW()-2)*4)+4))","v":""},{"$f":"IF(INDIRECT(\"'MRO Certificate Printing'!B\"&((ROW()-2)*4)+4)=\"\",\"\",INDIRECT(\"'MRO Certificate Printing'!B\"&((ROW()-2)*4)+4))","v":""},{"$f":"IF(INDIRECT(\"'MRO Certificate Printing'!G\"&((ROW()-2)*4)+4)=\"\",\"\",INDIRECT(\"'MRO Certificate Printing'!G\"&((ROW()-2)*4)+4))","v":""},{"$f":"IF(INDIRECT(\"'MRO Certificate Printing'!J\"&((ROW()-2)*4)+4)=\"\",\"\",INDIRECT(\"'MRO Certificate Printing'!J\"&((ROW()-2)*4)+4))","v":""},{"$f":"IF(INDIRECT(\"'MRO Certificate Printing'!I\"&((ROW()-2)*4)+4)=\"\",\"\",INDIRECT(\"'MRO Certificate Printing'!I\"&((ROW()-2)*4)+4))","v":""},{"$f":"IF(INDIRECT(\"'MRO Certificate Printing'!K\"&((ROW()-2)*4)+4)=\"\",\"\",INDIRECT(\"'MRO Certificate Printing'!K\"&((ROW()-2)*4)+4))","v":""},null,{"$f":"IF(INDIRECT(\"'MRO Certificate Printing'!D\"&((ROW()-2)*4)+5)=\"\",\"\",INDIRECT(\"'MRO Certificate Printing'!D\"&((ROW()-2)*4)+5))","v":""},{"$f":"IF(INDIRECT(\"'MRO Certificate Printing'!E\"&((ROW()-2)*4)+5)=\"\",\"\",INDIRECT(\"'MRO Certificate Printing'!E\"&((ROW()-2)*4)+5))","v":""},{"$f":"IF(INDIRECT(\"'MRO Certificate Printing'!F\"&((ROW()-2)*4)+5)=\"\",\"\",INDIRECT(\"'MRO Certificate Printing'!F\"&((ROW()-2)*4)+5))","v":""},{"$f":"IF(INDIRECT(\"'MRO Certificate Printing'!B\"&((ROW()-2)*4)+5)=\"\",\"\",INDIRECT(\"'MRO Certificate Printing'!B\"&((ROW()-2)*4)+5))","v":""},{"$f":"IF(INDIRECT(\"'MRO Certificate Printing'!G\"&((ROW()-2)*4)+5)=\"\",\"\",INDIRECT(\"'MRO Certificate Printing'!G\"&((ROW()-2)*4)+5))","v":""},{"$f":"IF(INDIRECT(\"'MRO Certificate Printing'!J\"&((ROW()-2)*4)+5)=\"\",\"\",INDIRECT(\"'MRO Certificate Printing'!J\"&((ROW()-2)*4)+5))","v":""},{"$f":"IF(INDIRECT(\"'MRO Certificate Printing'!I\"&((ROW()-2)*4)+5)=\"\",\"\",INDIRECT(\"'MRO Certificate Printing'!I\"&((ROW()-2)*4)+5))","v":""},{"$f":"IF(INDIRECT(\"'MRO Certificate Printing'!K\"&((ROW()-2)*4)+5)=\"\",\"\",INDIRECT(\"'MRO Certificate Printing'!K\"&((ROW()-2)*4)+5))","v":""}]
["",{"$f":"IF(INDIRECT(\"'MRO Certificate Printing'!D\"&((ROW()-2)*4)+2)=\"\",\"\",INDIRECT(\"'MRO Certificate Printing'!D\"&((ROW()-2)*4)+2))","v":""},{"$f":"IF(INDIRECT(\"'MRO Certificate Printing'!E\"&((ROW()-2)*4)+2)=\"\",\"\",INDIRECT(\"'MRO Certificate Printing'!E\"&((ROW()-2)*4)+2))","v":""},{"$f":"IF(INDIRECT(\"'MRO Certificate Printing'!F\"&((ROW()-2)*4)+2)=\"\",\"\",INDIRECT(\"'MRO Certificate Printing'!F\"&((ROW()-2)*4)+2))","v":""},{"$f":"IF(INDIRECT(\"'MRO Certificate Printing'!B\"&((ROW()-2)*4)+2)=\"\",\"\",INDIRECT(\"'MRO Certificate Printing'!B\"&((ROW()-2)*4)+2))","v":""},{"$f":"IF(INDIRECT(\"'MRO Certificate Printing'!G\"&((ROW()-2)*4)+2)=\"\",\"\",INDIRECT(\"'MRO Certificate Printing'!G\"&((ROW()-2)*4)+2))","v":""},{"$f":"IF(INDIRECT(\"'MRO Certificate Printing'!J\"&((ROW()-2)*4)+2)=\"\",\"\",INDIRECT(\"'MRO Certificate Printing'!J\"&((ROW()-2)*4)+2))","v":""},{"$f":"IF(INDIRECT(\"'MRO Certificate Printing'!I\"&((ROW()-2)*4)+2)=\"\",\"\",INDIRECT(\"'MRO Certificate Printing'!I\"&((ROW()-2)*4)+2))","v":""},{"$f":"IF(INDIRECT(\"'MRO Certificate Printing'!K\"&((ROW()-2)*4)+2)=\"\",\"\",INDIRECT(\"'MRO Certificate Printing'!K\"&((ROW()-2)*4)+2))","v":""},null,{"$f":"IF(INDIRECT(\"'MRO Certificate Printing'!D\"&((ROW()-2)*4)+3)=\"\",\"\",INDIRECT(\"'MRO Certificate Printing'!D\"&((ROW()-2)*4)+3))","v":""},{"$f":"IF(INDIRECT(\"'MRO Certificate Printing'!E\"&((ROW()-2)*4)+3)=\"\",\"\",INDIRECT(\"'MRO Certificate Printing'!E\"&((ROW()-2)*4)+3))","v":""},{"$f":"IF(INDIRECT(\"'MRO Certificate Printing'!F\"&((ROW()-2)*4)+3)=\"\",\"\",INDIRECT(\"'MRO Certificate Printing'!F\"&((ROW()-2)*4)+3))","v":""},{"$f":"IF(INDIRECT(\"'MRO Certificate Printing'!B\"&((ROW()-2)*4)+3)=\"\",\"\",INDIRECT(\"'MRO Certificate Printing'!B\"&((ROW()-2)*4)+3))","v":""},{"$f":"IF(INDIRECT(\"'MRO Certificate Printing'!G\"&((ROW()-2)*4)+3)=\"\",\"\",INDIRECT(\"'MRO Certificate Printing'!G\"&((ROW()-2)*4)+3))","v":""},{"$f":"IF(INDIRECT(\"'MRO Certificate Printing'!J\"&((ROW()-2)*4)+3)=\"\",\"\",INDIRECT(\"'MRO Certificate Printing'!J\"&((ROW()-2)*4)+3))","v":""},{"$f":"IF(INDIRECT(\"'MRO Certificate Printing'!I\"&((ROW()-2)*4)+3)=\"\",\"\",INDIRECT(\"'MRO Certificate Printing'!I\"&((ROW()-2)*4)+3))","v":""},{"$f":"IF(INDIRECT(\"'MRO Certificate Printing'!K\"&((ROW()-2)*4)+3)=\"\",\"\",INDIRECT(\"'MRO Certificate Printing'!K\"&((ROW()-2)*4)+3))","v":""},null,{"$f":"IF(INDIRECT(\"'MRO Certificate Printing'!D\"&((ROW()-2)*4)+4)=\"\",\"\",INDIRECT(\"'MRO Certificate Printing'!D\"&((ROW()-2)*4)+4))","v":""},{"$f":"IF(INDIRECT(\"'MRO Certificate Printing'!E\"&((ROW()-2)*4)+4)=\"\",\"\",INDIRECT(\"'MRO Certificate Printing'!E\"&((ROW()-2)*4)+4))","v":""},{"$f":"IF(INDIRECT(\"'MRO Certificate Printing'!F\"&((ROW()-2)*4)+4)=\"\",\"\",INDIRECT(\"'MRO Certificate Printing'!F\"&((ROW()-2)*4)+4))","v":""},{"$f":"IF(INDIRECT(\"'MRO Certificate Printing'!B\"&((ROW()-2)*4)+4)=\"\",\"\",INDIRECT(\"'MRO Certificate Printing'!B\"&((ROW()-2)*4)+4))","v":""},{"$f":"IF(INDIRECT(\"'MRO Certificate Printing'!G\"&((ROW()-2)*4)+4)=\"\",\"\",INDIRECT(\"'MRO Certificate Printing'!G\"&((ROW()-2)*4)+4))","v":""},{"$f":"IF(INDIRECT(\"'MRO Certificate Printing'!J\"&((ROW()-2)*4)+4)=\"\",\"\",INDIRECT(\"'MRO Certificate Printing'!J\"&((ROW()-2)*4)+4))","v":""},{"$f":"IF(INDIRECT(\"'MRO Certificate Printing'!I\"&((ROW()-2)*4)+4)=\"\",\"\",INDIRECT(\"'MRO Certificate Printing'!I\"&((ROW()-2)*4)+4))","v":""},{"$f":"IF(INDIRECT(\"'MRO Certificate Printing'!K\"&((ROW()-2)*4)+4)=\"\",\"\",INDIRECT(\"'MRO Certificate Printing'!K\"&((ROW()-2)*4)+4))","v":""},null,{"$f":"IF(INDIRECT(\"'MRO Certificate Printing'!D\"&((ROW()-2)*4)+5)=\"\",\"\",INDIRECT(\"'MRO Certificate Printing'!D\"&((ROW()-2)*4)+5))","v":""},{"$f":"IF(INDIRECT(\"'MRO Certificate Printing'!E\"&((ROW()-2)*4)+5)=\"\",\"\",INDIRECT(\"'MRO Certificate Printing'!E\"&((ROW()-2)*4)+5))","v":""},{"$f":"IF(INDIRECT(\"'MRO Certificate Printing'!F\"&((ROW()-2)*4)+5)=\"\",\"\",INDIRECT(\"'MRO Certificate Printing'!F\"&((ROW()-2)*4)+5))","v":""},{"$f":"IF(INDIRECT(\"'MRO Certificate Printing'!B\"&((ROW()-2)*4)+5)=\"\",\"\",INDIRECT(\"'MRO Certificate Printing'!B\"&((ROW()-2)*4)+5))","v":""},{"$f":"IF(INDIRECT(\"'MRO Certificate Printing'!G\"&((ROW()-2)*4)+5)=\"\",\"\",INDIRECT(\"'MRO Certificate Printing'!G\"&((ROW()-2)*4)+5))","v":""},{"$f":"IF(INDIRECT(\"'MRO Certificate Printing'!J\"&((ROW()-2)*4)+5)=\"\",\"\",INDIRECT(\"'MRO Certificate Printing'!J\"&((ROW()-2)*4)+5))","v":""},{"$f":"IF(INDIRECT(\"'MRO Certificate Printing'!I\"&((ROW()-2)*4)+5)=\"\",\"\",INDIRECT(\"'MRO Certificate Printing'!I\"&((ROW()-2)*4)+5))","v":""},{"$f":"IF(INDIRECT(\"'MRO Certificate Printing'!K\"&((ROW()-2)*4)+5)=\"\",\"\",INDIRECT(\"'MRO Certificate Printing'!K\"&((ROW()-2)*4)+5))","v":""}]
["",{"$f":"IF(INDIRECT(\"'MRO Certificate Printing'!D\"&((ROW()-2)*4)+2)=\"\",\"\",INDIRECT(\"'MRO Certificate Printing'!D\"&((ROW()-2)*4)+2))","v":""},{"$f":"IF(INDIRECT(\"'MRO Certificate Printing'!E\"&((ROW()-2)*4)+2)=\"\",\"\",INDIRECT(\"'MRO Certificate Printing'!E\"&((ROW()-2)*4)+2))","v":""},{"$f":"IF(INDIRECT(\"'MRO Certificate Printing'!F\"&((ROW()-2)*4)+2)=\"\",\"\",INDIRECT(\"'MRO Certificate Printing'!F\"&((ROW()-2)*4)+2))","v":""},{"$f":"IF(INDIRECT(\"'MRO Certificate Printing'!B\"&((ROW()-2)*4)+2)=\"\",\"\",INDIRECT(\"'MRO Certificate Printing'!B\"&((ROW()-2)*4)+2))","v":""},{"$f":"IF(INDIRECT(\"'MRO Certificate Printing'!G\"&((ROW()-2)*4)+2)=\"\",\"\",INDIRECT(\"'MRO Certificate Printing'!G\"&((ROW()-2)*4)+2))","v":""},{"$f":"IF(INDIRECT(\"'MRO Certificate Printing'!J\"&((ROW()-2)*4)+2)=\"\",\"\",INDIRECT(\"'MRO Certificate Printing'!J\"&((ROW()-2)*4)+2))","v":""},{"$f":"IF(INDIRECT(\"'MRO Certificate Printing'!I\"&((ROW()-2)*4)+2)=\"\",\"\",INDIRECT(\"'MRO Certificate Printing'!I\"&((ROW()-2)*4)+2))","v":""},{"$f":"IF(INDIRECT(\"'MRO Certificate Printing'!K\"&((ROW()-2)*4)+2)=\"\",\"\",INDIRECT(\"'MRO Certificate Printing'!K\"&((ROW()-2)*4)+2))","v":""},null,{"$f":"IF(INDIRECT(\"'MRO Certificate Printing'!D\"&((ROW()-2)*4)+3)=\"\",\"\",INDIRECT(\"'MRO Certificate Printing'!D\"&((ROW()-2)*4)+3))","v":""},{"$f":"IF(INDIRECT(\"'MRO Certificate Printing'!E\"&((ROW()-2)*4)+3)=\"\",\"\",INDIRECT(\"'MRO Certificate Printing'!E\"&((ROW()-2)*4)+3))","v":""},{"$f":"IF(INDIRECT(\"'MRO Certificate Printing'!F\"&((ROW()-2)*4)+3)=\"\",\"\",INDIRECT(\"'MRO Certificate Printing'!F\"&((ROW()-2)*4)+3))","v":""},{"$f":"IF(INDIRECT(\"'MRO Certificate Printing'!B\"&((ROW()-2)*4)+3)=\"\",\"\",INDIRECT(\"'MRO Certificate Printing'!B\"&((ROW()-2)*4)+3))","v":""},{"$f":"IF(INDIRECT(\"'MRO Certificate Printing'!G\"&((ROW()-2)*4)+3)=\"\",\"\",INDIRECT(\"'MRO Certificate Printing'!G\"&((ROW()-2)*4)+3))","v":""},{"$f":"IF(INDIRECT(\"'MRO Certificate Printing'!J\"&((ROW()-2)*4)+3)=\"\",\"\",INDIRECT(\"'MRO Certificate Printing'!J\"&((ROW()-2)*4)+3))","v":""},{"$f":"IF(INDIRECT(\"'MRO Certificate Printing'!I\"&((ROW()-2)*4)+3)=\"\",\"\",INDIRECT(\"'MRO Certificate Printing'!I\"&((ROW()-2)*4)+3))","v":""},{"$f":"IF(INDIRECT(\"'MRO Certificate Printing'!K\"&((ROW()-2)*4)+3)=\"\",\"\",INDIRECT(\"'MRO Certificate Printing'!K\"&((ROW()-2)*4)+3))","v":""},null,{"$f":"IF(INDIRECT(\"'MRO Certificate Printing'!D\"&((ROW()-2)*4)+4)=\"\",\"\",INDIRECT(\"'MRO Certificate Printing'!D\"&((ROW()-2)*4)+4))","v":""},{"$f":"IF(INDIRECT(\"'MRO Certificate Printing'!E\"&((ROW()-2)*4)+4)=\"\",\"\",INDIRECT(\"'MRO Certificate Printing'!E\"&((ROW()-2)*4)+4))","v":""},{"$f":"IF(INDIRECT(\"'MRO Certificate Printing'!F\"&((ROW()-2)*4)+4)=\"\",\"\",INDIRECT(\"'MRO Certificate Printing'!F\"&((ROW()-2)*4)+4))","v":""},{"$f":"IF(INDIRECT(\"'MRO Certificate Printing'!B\"&((ROW()-2)*4)+4)=\"\",\"\",INDIRECT(\"'MRO Certificate Printing'!B\"&((ROW()-2)*4)+4))","v":""},{"$f":"IF(INDIRECT(\"'MRO Certificate Printing'!G\"&((ROW()-2)*4)+4)=\"\",\"\",INDIRECT(\"'MRO Certificate Printing'!G\"&((ROW()-2)*4)+4))","v":""},{"$f":"IF(INDIRECT(\"'MRO Certificate Printing'!J\"&((ROW()-2)*4)+4)=\"\",\"\",INDIRECT(\"'MRO Certificate Printing'!J\"&((ROW()-2)*4)+4))","v":""},{"$f":"IF(INDIRECT(\"'MRO Certificate Printing'!I\"&((ROW()-2)*4)+4)=\"\",\"\",INDIRECT(\"'MRO Certificate Printing'!I\"&((ROW()-2)*4)+4))","v":""},{"$f":"IF(INDIRECT(\"'MRO Certificate Printing'!K\"&((ROW()-2)*4)+4)=\"\",\"\",INDIRECT(\"'MRO Certificate Printing'!K\"&((ROW()-2)*4)+4))","v":""},null,{"$f":"IF(INDIRECT(\"'MRO Certificate Printing'!D\"&((ROW()-2)*4)+5)=\"\",\"\",INDIRECT(\"'MRO Certificate Printing'!D\"&((ROW()-2)*4)+5))","v":""},{"$f":"IF(INDIRECT(\"'MRO Certificate Printing'!E\"&((ROW()-2)*4)+5)=\"\",\"\",INDIRECT(\"'MRO Certificate Printing'!E\"&((ROW()-2)*4)+5))","v":""},{"$f":"IF(INDIRECT(\"'MRO Certificate Printing'!F\"&((ROW()-2)*4)+5)=\"\",\"\",INDIRECT(\"'MRO Certificate Printing'!F\"&((ROW()-2)*4)+5))","v":""},{"$f":"IF(INDIRECT(\"'MRO Certificate Printing'!B\"&((ROW()-2)*4)+5)=\"\",\"\",INDIRECT(\"'MRO Certificate Printing'!B\"&((ROW()-2)*4)+5))","v":""},{"$f":"IF(INDIRECT(\"'MRO Certificate Printing'!G\"&((ROW()-2)*4)+5)=\"\",\"\",INDIRECT(\"'MRO Certificate Printing'!G\"&((ROW()-2)*4)+5))","v":""},{"$f":"IF(INDIRECT(\"'MRO Certificate Printing'!J\"&((ROW()-2)*4)+5)=\"\",\"\",INDIRECT(\"'MRO Certificate Printing'!J\"&((ROW()-2)*4)+5))","v":""},{"$f":"IF(INDIRECT(\"'MRO Certificate Printing'!I\"&((ROW()-2)*4)+5)=\"\",\"\",INDIRECT(\"'MRO Certificate Printing'!I\"&((ROW()-2)*4)+5))","v":""},{"$f":"IF(INDIRECT(\"'MRO Certificate Printing'!K\"&((ROW()-2)*4)+5)=\"\",\"\",INDIRECT(\"'MRO Certificate Printing'!K\"&((ROW()-2)*4)+5))","v":""}]
["",{"$f":"IF(INDIRECT(\"'MRO Certificate Printing'!D\"&((ROW()-2)*4)+2)=\"\",\"\",INDIRECT(\"'MRO Certificate Printing'!D\"&((ROW()-2)*4)+2))","v":""},{"$f":"IF(INDIRECT(\"'MRO Certificate Printing'!E\"&((ROW()-2)*4)+2)=\"\",\"\",INDIRECT(\"'MRO Certificate Printing'!E\"&((ROW()-2)*4)+2))","v":""},{"$f":"IF(INDIRECT(\"'MRO Certificate Printing'!F\"&((ROW()-2)*4)+2)=\"\",\"\",INDIRECT(\"'MRO Certificate Printing'!F\"&((ROW()-2)*4)+2))","v":""},{"$f":"IF(INDIRECT(\"'MRO Certificate Printing'!B\"&((ROW()-2)*4)+2)=\"\",\"\",INDIRECT(\"'MRO Certificate Printing'!B\"&((ROW()-2)*4)+2))","v":""},{"$f":"IF(INDIRECT(\"'MRO Certificate Printing'!G\"&((ROW()-2)*4)+2)=\"\",\"\",INDIRECT(\"'MRO Certificate Printing'!G\"&((ROW()-2)*4)+2))","v":""},{"$f":"IF(INDIRECT(\"'MRO Certificate Printing'!J\"&((ROW()-2)*4)+2)=\"\",\"\",INDIRECT(\"'MRO Certificate Printing'!J\"&((ROW()-2)*4)+2))","v":""},{"$f":"IF(INDIRECT(\"'MRO Certificate Printing'!I\"&((ROW()-2)*4)+2)=\"\",\"\",INDIRECT(\"'MRO Certificate Printing'!I\"&((ROW()-2)*4)+2))","v":""},{"$f":"IF(INDIRECT(\"'MRO Certificate Printing'!K\"&((ROW()-2)*4)+2)=\"\",\"\",INDIRECT(\"'MRO Certificate Printing'!K\"&((ROW()-2)*4)+2))","v":""},null,{"$f":"IF(INDIRECT(\"'MRO Certificate Printing'!D\"&((ROW()-2)*4)+3)=\"\",\"\",INDIRECT(\"'MRO Certificate Printing'!D\"&((ROW()-2)*4)+3))","v":""},{"$f":"IF(INDIRECT(\"'MRO Certificate Printing'!E\"&((ROW()-2)*4)+3)=\"\",\"\",INDIRECT(\"'MRO Certificate Printing'!E\"&((ROW()-2)*4)+3))","v":""},{"$f":"IF(INDIRECT(\"'MRO Certificate Printing'!F\"&((ROW()-2)*4)+3)=\"\",\"\",INDIRECT(\"'MRO Certificate Printing'!F\"&((ROW()-2)*4)+3))","v":""},{"$f":"IF(INDIRECT(\"'MRO Certificate Printing'!B\"&((ROW()-2)*4)+3)=\"\",\"\",INDIRECT(\"'MRO Certificate Printing'!B\"&((ROW()-2)*4)+3))","v":""},{"$f":"IF(INDIRECT(\"'MRO Certificate Printing'!G\"&((ROW()-2)*4)+3)=\"\",\"\",INDIRECT(\"'MRO Certificate Printing'!G\"&((ROW()-2)*4)+3))","v":""},{"$f":"IF(INDIRECT(\"'MRO Certificate Printing'!J\"&((ROW()-2)*4)+3)=\"\",\"\",INDIRECT(\"'MRO Certificate Printing'!J\"&((ROW()-2)*4)+3))","v":""},{"$f":"IF(INDIRECT(\"'MRO Certificate Printing'!I\"&((ROW()-2)*4)+3)=\"\",\"\",INDIRECT(\"'MRO Certificate Printing'!I\"&((ROW()-2)*4)+3))","v":""},{"$f":"IF(INDIRECT(\"'MRO Certificate Printing'!K\"&((ROW()-2)*4)+3)=\"\",\"\",INDIRECT(\"'MRO Certificate Printing'!K\"&((ROW()-2)*4)+3))","v":""},null,{"$f":"IF(INDIRECT(\"'MRO Certificate Printing'!D\"&((ROW()-2)*4)+4)=\"\",\"\",INDIRECT(\"'MRO Certificate Printing'!D\"&((ROW()-2)*4)+4))","v":""},{"$f":"IF(INDIRECT(\"'MRO Certificate Printing'!E\"&((ROW()-2)*4)+4)=\"\",\"\",INDIRECT(\"'MRO Certificate Printing'!E\"&((ROW()-2)*4)+4))","v":""},{"$f":"IF(INDIRECT(\"'MRO Certificate Printing'!F\"&((ROW()-2)*4)+4)=\"\",\"\",INDIRECT(\"'MRO Certificate Printing'!F\"&((ROW()-2)*4)+4))","v":""},{"$f":"IF(INDIRECT(\"'MRO Certificate Printing'!B\"&((ROW()-2)*4)+4)=\"\",\"\",INDIRECT(\"'MRO Certificate Printing'!B\"&((ROW()-2)*4)+4))","v":""},{"$f":"IF(INDIRECT(\"'MRO Certificate Printing'!G\"&((ROW()-2)*4)+4)=\"\",\"\",INDIRECT(\"'MRO Certificate Printing'!G\"&((ROW()-2)*4)+4))","v":""},{"$f":"IF(INDIRECT(\"'MRO Certificate Printing'!J\"&((ROW()-2)*4)+4)=\"\",\"\",INDIRECT(\"'MRO Certificate Printing'!J\"&((ROW()-2)*4)+4))","v":""},{"$f":"IF(INDIRECT(\"'MRO Certificate Printing'!I\"&((ROW()-2)*4)+4)=\"\",\"\",INDIRECT(\"'MRO Certificate Printing'!I\"&((ROW()-2)*4)+4))","v":""},{"$f":"IF(INDIRECT(\"'MRO Certificate Printing'!K\"&((ROW()-2)*4)+4)=\"\",\"\",INDIRECT(\"'MRO Certificate Printing'!K\"&((ROW()-2)*4)+4))","v":""},null,{"$f":"IF(INDIRECT(\"'MRO Certificate Printing'!D\"&((ROW()-2)*4)+5)=\"\",\"\",INDIRECT(\"'MRO Certificate Printing'!D\"&((ROW()-2)*4)+5))","v":""},{"$f":"IF(INDIRECT(\"'MRO Certificate Printing'!E\"&((ROW()-2)*4)+5)=\"\",\"\",INDIRECT(\"'MRO Certificate Printing'!E\"&((ROW()-2)*4)+5))","v":""},{"$f":"IF(INDIRECT(\"'MRO Certificate Printing'!F\"&((ROW()-2)*4)+5)=\"\",\"\",INDIRECT(\"'MRO Certificate Printing'!F\"&((ROW()-2)*4)+5))","v":""},{"$f":"IF(INDIRECT(\"'MRO Certificate Printing'!B\"&((ROW()-2)*4)+5)=\"\",\"\",INDIRECT(\"'MRO Certificate Printing'!B\"&((ROW()-2)*4)+5))","v":""},{"$f":"IF(INDIRECT(\"'MRO Certificate Printing'!G\"&((ROW()-2)*4)+5)=\"\",\"\",INDIRECT(\"'MRO Certificate Printing'!G\"&((ROW()-2)*4)+5))","v":""},{"$f":"IF(INDIRECT(\"'MRO Certificate Printing'!J\"&((ROW()-2)*4)+5)=\"\",\"\",INDIRECT(\"'MRO Certificate Printing'!J\"&((ROW()-2)*4)+5))","v":""},{"$f":"IF(INDIRECT(\"'MRO Certificate Printing'!I\"&((ROW()-2)*4)+5)=\"\",\"\",INDIRECT(\"'MRO Certificate Printing'!I\"&((ROW()-2)*4)+5))","v":""},{"$f":"IF(INDIRECT(\"'MRO Certificate Printing'!K\"&((ROW()-2)*4)+5)=\"\",\"\",INDIRECT(\"'MRO Certificate Printing'!K\"&((ROW()-2)*4)+5))","v":""}]
["",{"$f":"IF(INDIRECT(\"'MRO Certificate Printing'!D\"&((ROW()-2)*4)+2)=\"\",\"\",INDIRECT(\"'MRO Certificate Printing'!D\"&((ROW()-2)*4)+2))","v":""},{"$f":"IF(INDIRECT(\"'MRO Certificate Printing'!E\"&((ROW()-2)*4)+2)=\"\",\"\",INDIRECT(\"'MRO Certificate Printing'!E\"&((ROW()-2)*4)+2))","v":""},{"$f":"IF(INDIRECT(\"'MRO Certificate Printing'!F\"&((ROW()-2)*4)+2)=\"\",\"\",INDIRECT(\"'MRO Certificate Printing'!F\"&((ROW()-2)*4)+2))","v":""},{"$f":"IF(INDIRECT(\"'MRO Certificate Printing'!B\"&((ROW()-2)*4)+2)=\"\",\"\",INDIRECT(\"'MRO Certificate Printing'!B\"&((ROW()-2)*4)+2))","v":""},{"$f":"IF(INDIRECT(\"'MRO Certificate Printing'!G\"&((ROW()-2)*4)+2)=\"\",\"\",INDIRECT(\"'MRO Certificate Printing'!G\"&((ROW()-2)*4)+2))","v":""},{"$f":"IF(INDIRECT(\"'MRO Certificate Printing'!J\"&((ROW()-2)*4)+2)=\"\",\"\",INDIRECT(\"'MRO Certificate Printing'!J\"&((ROW()-2)*4)+2))","v":""},{"$f":"IF(INDIRECT(\"'MRO Certificate Printing'!I\"&((ROW()-2)*4)+2)=\"\",\"\",INDIRECT(\"'MRO Certificate Printing'!I\"&((ROW()-2)*4)+2))","v":""},{"$f":"IF(INDIRECT(\"'MRO Certificate Printing'!K\"&((ROW()-2)*4)+2)=\"\",\"\",INDIRECT(\"'MRO Certificate Printing'!K\"&((ROW()-2)*4)+2))","v":""},null,{"$f":"IF(INDIRECT(\"'MRO Certificate Printing'!D\"&((ROW()-2)*4)+3)=\"\",\"\",INDIRECT(\"'MRO Certificate Printing'!D\"&((ROW()-2)*4)+3))","v":""},{"$f":"IF(INDIRECT(\"'MRO Certificate Printing'!E\"&((ROW()-2)*4)+3)=\"\",\"\",INDIRECT(\"'MRO Certificate Printing'!E\"&((ROW()-2)*4)+3))","v":""},{"$f":"IF(INDIRECT(\"'MRO Certificate Printing'!F\"&((ROW()-2)*4)+3)=\"\",\"\",INDIRECT(\"'MRO Certificate Printing'!F\"&((ROW()-2)*4)+3))","v":""},{"$f":"IF(INDIRECT(\"'MRO Certificate Printing'!B\"&((ROW()-2)*4)+3)=\"\",\"\",INDIRECT(\"'MRO Certificate Printing'!B\"&((ROW()-2)*4)+3))","v":""},{"$f":"IF(INDIRECT(\"'MRO Certificate Printing'!G\"&((ROW()-2)*4)+3)=\"\",\"\",INDIRECT(\"'MRO Certificate Printing'!G\"&((ROW()-2)*4)+3))","v":""},{"$f":"IF(INDIRECT(\"'MRO Certificate Printing'!J\"&((ROW()-2)*4)+3)=\"\",\"\",INDIRECT(\"'MRO Certificate Printing'!J\"&((ROW()-2)*4)+3))","v":""},{"$f":"IF(INDIRECT(\"'MRO Certificate Printing'!I\"&((ROW()-2)*4)+3)=\"\",\"\",INDIRECT(\"'MRO Certificate Printing'!I\"&((ROW()-2)*4)+3))","v":""},{"$f":"IF(INDIRECT(\"'MRO Certificate Printing'!K\"&((ROW()-2)*4)+3)=\"\",\"\",INDIRECT(\"'MRO Certificate Printing'!K\"&((ROW()-2)*4)+3))","v":""},null,{"$f":"IF(INDIRECT(\"'MRO Certificate Printing'!D\"&((ROW()-2)*4)+4)=\"\",\"\",INDIRECT(\"'MRO Certificate Printing'!D\"&((ROW()-2)*4)+4))","v":""},{"$f":"IF(INDIRECT(\"'MRO Certificate Printing'!E\"&((ROW()-2)*4)+4)=\"\",\"\",INDIRECT(\"'MRO Certificate Printing'!E\"&((ROW()-2)*4)+4))","v":""},{"$f":"IF(INDIRECT(\"'MRO Certificate Printing'!F\"&((ROW()-2)*4)+4)=\"\",\"\",INDIRECT(\"'MRO Certificate Printing'!F\"&((ROW()-2)*4)+4))","v":""},{"$f":"IF(INDIRECT(\"'MRO Certificate Printing'!B\"&((ROW()-2)*4)+4)=\"\",\"\",INDIRECT(\"'MRO Certificate Printing'!B\"&((ROW()-2)*4)+4))","v":""},{"$f":"IF(INDIRECT(\"'MRO Certificate Printing'!G\"&((ROW()-2)*4)+4)=\"\",\"\",INDIRECT(\"'MRO Certificate Printing'!G\"&((ROW()-2)*4)+4))","v":""},{"$f":"IF(INDIRECT(\"'MRO Certificate Printing'!J\"&((ROW()-2)*4)+4)=\"\",\"\",INDIRECT(\"'MRO Certificate Printing'!J\"&((ROW()-2)*4)+4))","v":""},{"$f":"IF(INDIRECT(\"'MRO Certificate Printing'!I\"&((ROW()-2)*4)+4)=\"\",\"\",INDIRECT(\"'MRO Certificate Printing'!I\"&((ROW()-2)*4)+4))","v":""},{"$f":"IF(INDIRECT(\"'MRO Certificate Printing'!K\"&((ROW()-2)*4)+4)=\"\",\"\",INDIRECT(\"'MRO Certificate Printing'!K\"&((ROW()-2)*4)+4))","v":""},null,{"$f":"IF(INDIRECT(\"'MRO Certificate Printing'!D\"&((ROW()-2)*4)+5)=\"\",\"\",INDIRECT(\"'MRO Certificate Printing'!D\"&((ROW()-2)*4)+5))","v":""},{"$f":"IF(INDIRECT(\"'MRO Certificate Printing'!E\"&((ROW()-2)*4)+5)=\"\",\"\",INDIRECT(\"'MRO Certificate Printing'!E\"&((ROW()-2)*4)+5))","v":""},{"$f":"IF(INDIRECT(\"'MRO Certificate Printing'!F\"&((ROW()-2)*4)+5)=\"\",\"\",INDIRECT(\"'MRO Certificate Printing'!F\"&((ROW()-2)*4)+5))","v":""},{"$f":"IF(INDIRECT(\"'MRO Certificate Printing'!B\"&((ROW()-2)*4)+5)=\"\",\"\",INDIRECT(\"'MRO Certificate Printing'!B\"&((ROW()-2)*4)+5))","v":""},{"$f":"IF(INDIRECT(\"'MRO Certificate Printing'!G\"&((ROW()-2)*4)+5)=\"\",\"\",INDIRECT(\"'MRO Certificate Printing'!G\"&((ROW()-2)*4)+5))","v":""},{"$f":"IF(INDIRECT(\"'MRO Certificate Printing'!J\"&((ROW()-2)*4)+5)=\"\",\"\",INDIRECT(\"'MRO Certificate Printing'!J\"&((ROW()-2)*4)+5))","v":""},{"$f":"IF(INDIRECT(\"'MRO Certificate Printing'!I\"&((ROW()-2)*4)+5)=\"\",\"\",INDIRECT(\"'MRO Certificate Printing'!I\"&((ROW()-2)*4)+5))","v":""},{"$f":"IF(INDIRECT(\"'MRO Certificate Printing'!K\"&((ROW()-2)*4)+5)=\"\",\"\",INDIRECT(\"'MRO Certificate Printing'!K\"&((ROW()-2)*4)+5))","v":""}]
["",{"$f":"IF(INDIRECT(\"'MRO Certificate Printing'!D\"&((ROW()-2)*4)+2)=\"\",\"\",INDIRECT(\"'MRO Certificate Printing'!D\"&((ROW()-2)*4)+2))","v":""},{"$f":"IF(INDIRECT(\"'MRO Certificate Printing'!E\"&((ROW()-2)*4)+2)=\"\",\"\",INDIRECT(\"'MRO Certificate Printing'!E\"&((ROW()-2)*4)+2))","v":""},{"$f":"IF(INDIRECT(\"'MRO Certificate Printing'!F\"&((ROW()-2)*4)+2)=\"\",\"\",INDIRECT(\"'MRO Certificate Printing'!F\"&((ROW()-2)*4)+2))","v":""},{"$f":"IF(INDIRECT(\"'MRO Certificate Printing'!B\"&((ROW()-2)*4)+2)=\"\",\"\",INDIRECT(\"'MRO Certificate Printing'!B\"&((ROW()-2)*4)+2))","v":""},{"$f":"IF(INDIRECT(\"'MRO Certificate Printing'!G\"&((ROW()-2)*4)+2)=\"\",\"\",INDIRECT(\"'MRO Certificate Printing'!G\"&((ROW()-2)*4)+2))","v":""},{"$f":"IF(INDIRECT(\"'MRO Certificate Printing'!J\"&((ROW()-2)*4)+2)=\"\",\"\",INDIRECT(\"'MRO Certificate Printing'!J\"&((ROW()-2)*4)+2))","v":""},{"$f":"IF(INDIRECT(\"'MRO Certificate Printing'!I\"&((ROW()-2)*4)+2)=\"\",\"\",INDIRECT(\"'MRO Certificate Printing'!I\"&((ROW()-2)*4)+2))","v":""},{"$f":"IF(INDIRECT(\"'MRO Certificate Printing'!K\"&((ROW()-2)*4)+2)=\"\",\"\",INDIRECT(\"'MRO Certificate Printing'!K\"&((ROW()-2)*4)+2))","v":""},null,{"$f":"IF(INDIRECT(\"'MRO Certificate Printing'!D\"&((ROW()-2)*4)+3)=\"\",\"\",INDIRECT(\"'MRO Certificate Printing'!D\"&((ROW()-2)*4)+3))","v":""},{"$f":"IF(INDIRECT(\"'MRO Certificate Printing'!E\"&((ROW()-2)*4)+3)=\"\",\"\",INDIRECT(\"'MRO Certificate Printing'!E\"&((ROW()-2)*4)+3))","v":""},{"$f":"IF(INDIRECT(\"'MRO Certificate Printing'!F\"&((ROW()-2)*4)+3)=\"\",\"\",INDIRECT(\"'MRO Certificate Printing'!F\"&((ROW()-2)*4)+3))","v":""},{"$f":"IF(INDIRECT(\"'MRO Certificate Printing'!B\"&((ROW()-2)*4)+3)=\"\",\"\",INDIRECT(\"'MRO Certificate Printing'!B\"&((ROW()-2)*4)+3))","v":""},{"$f":"IF(INDIRECT(\"'MRO Certificate Printing'!G\"&((ROW()-2)*4)+3)=\"\",\"\",INDIRECT(\"'MRO Certificate Printing'!G\"&((ROW()-2)*4)+3))","v":""},{"$f":"IF(INDIRECT(\"'MRO Certificate Printing'!J\"&((ROW()-2)*4)+3)=\"\",\"\",INDIRECT(\"'MRO Certificate Printing'!J\"&((ROW()-2)*4)+3))","v":""},{"$f":"IF(INDIRECT(\"'MRO Certificate Printing'!I\"&((ROW()-2)*4)+3)=\"\",\"\",INDIRECT(\"'MRO Certificate Printing'!I\"&((ROW()-2)*4)+3))","v":""},{"$f":"IF(INDIRECT(\"'MRO Certificate Printing'!K\"&((ROW()-2)*4)+3)=\"\",\"\",INDIRECT(\"'MRO Certificate Printing'!K\"&((ROW()-2)*4)+3))","v":""},null,{"$f":"IF(INDIRECT(\"'MRO Certificate Printing'!D\"&((ROW()-2)*4)+4)=\"\",\"\",INDIRECT(\"'MRO Certificate Printing'!D\"&((ROW()-2)*4)+4))","v":""},{"$f":"IF(INDIRECT(\"'MRO Certificate Printing'!E\"&((ROW()-2)*4)+4)=\"\",\"\",INDIRECT(\"'MRO Certificate Printing'!E\"&((ROW()-2)*4)+4))","v":""},{"$f":"IF(INDIRECT(\"'MRO Certificate Printing'!F\"&((ROW()-2)*4)+4)=\"\",\"\",INDIRECT(\"'MRO Certificate Printing'!F\"&((ROW()-2)*4)+4))","v":""},{"$f":"IF(INDIRECT(\"'MRO Certificate Printing'!B\"&((ROW()-2)*4)+4)=\"\",\"\",INDIRECT(\"'MRO Certificate Printing'!B\"&((ROW()-2)*4)+4))","v":""},{"$f":"IF(INDIRECT(\"'MRO Certificate Printing'!G\"&((ROW()-2)*4)+4)=\"\",\"\",INDIRECT(\"'MRO Certificate Printing'!G\"&((ROW()-2)*4)+4))","v":""},{"$f":"IF(INDIRECT(\"'MRO Certificate Printing'!J\"&((ROW()-2)*4)+4)=\"\",\"\",INDIRECT(\"'MRO Certificate Printing'!J\"&((ROW()-2)*4)+4))","v":""},{"$f":"IF(INDIRECT(\"'MRO Certificate Printing'!I\"&((ROW()-2)*4)+4)=\"\",\"\",INDIRECT(\"'MRO Certificate Printing'!I\"&((ROW()-2)*4)+4))","v":""},{"$f":"IF(INDIRECT(\"'MRO Certificate Printing'!K\"&((ROW()-2)*4)+4)=\"\",\"\",INDIRECT(\"'MRO Certificate Printing'!K\"&((ROW()-2)*4)+4))","v":""},null,{"$f":"IF(INDIRECT(\"'MRO Certificate Printing'!D\"&((ROW()-2)*4)+5)=\"\",\"\",INDIRECT(\"'MRO Certificate Printing'!D\"&((ROW()-2)*4)+5))","v":""},{"$f":"IF(INDIRECT(\"'MRO Certificate Printing'!E\"&((ROW()-2)*4)+5)=\"\",\"\",INDIRECT(\"'MRO Certificate Printing'!E\"&((ROW()-2)*4)+5))","v":""},{"$f":"IF(INDIRECT(\"'MRO Certificate Printing'!F\"&((ROW()-2)*4)+5)=\"\",\"\",INDIRECT(\"'MRO Certificate Printing'!F\"&((ROW()-2)*4)+5))","v":""},{"$f":"IF(INDIRECT(\"'MRO Certificate Printing'!B\"&((ROW()-2)*4)+5)=\"\",\"\",INDIRECT(\"'MRO Certificate Printing'!B\"&((ROW()-2)*4)+5))","v":""},{"$f":"IF(INDIRECT(\"'MRO Certificate Printing'!G\"&((ROW()-2)*4)+5)=\"\",\"\",INDIRECT(\"'MRO Certificate Printing'!G\"&((ROW()-2)*4)+5))","v":""},{"$f":"IF(INDIRECT(\"'MRO Certificate Printing'!J\"&((ROW()-2)*4)+5)=\"\",\"\",INDIRECT(\"'MRO Certificate Printing'!J\"&((ROW()-2)*4)+5))","v":""},{"$f":"IF(INDIRECT(\"'MRO Certificate Printing'!I\"&((ROW()-2)*4)+5)=\"\",\"\",INDIRECT(\"'MRO Certificate Printing'!I\"&((ROW()-2)*4)+5))","v":""},{"$f":"IF(INDIRECT(\"'MRO Certificate Printing'!K\"&((ROW()-2)*4)+5)=\"\",\"\",INDIRECT(\"'MRO Certificate Printing'!K\"&((ROW()-2)*4)+5))","v":""}]
["",{"$f":"IF(INDIRECT(\"'MRO Certificate Printing'!D\"&((ROW()-2)*4)+2)=\"\",\"\",INDIRECT(\"'MRO Certificate Printing'!D\"&((ROW()-2)*4)+2))","v":""},{"$f":"IF(INDIRECT(\"'MRO Certificate Printing'!E\"&((ROW()-2)*4)+2)=\"\",\"\",INDIRECT(\"'MRO Certificate Printing'!E\"&((ROW()-2)*4)+2))","v":""},{"$f":"IF(INDIRECT(\"'MRO Certificate Printing'!F\"&((ROW()-2)*4)+2)=\"\",\"\",INDIRECT(\"'MRO Certificate Printing'!F\"&((ROW()-2)*4)+2))","v":""},{"$f":"IF(INDIRECT(\"'MRO Certificate Printing'!B\"&((ROW()-2)*4)+2)=\"\",\"\",INDIRECT(\"'MRO Certificate Printing'!B\"&((ROW()-2)*4)+2))","v":""},{"$f":"IF(INDIRECT(\"'MRO Certificate Printing'!G\"&((ROW()-2)*4)+2)=\"\",\"\",INDIRECT(\"'MRO Certificate Printing'!G\"&((ROW()-2)*4)+2))","v":""},{"$f":"IF(INDIRECT(\"'MRO Certificate Printing'!J\"&((ROW()-2)*4)+2)=\"\",\"\",INDIRECT(\"'MRO Certificate Printing'!J\"&((ROW()-2)*4)+2))","v":""},{"$f":"IF(INDIRECT(\"'MRO Certificate Printing'!I\"&((ROW()-2)*4)+2)=\"\",\"\",INDIRECT(\"'MRO Certificate Printing'!I\"&((ROW()-2)*4)+2))","v":""},{"$f":"IF(INDIRECT(\"'MRO Certificate Printing'!K\"&((ROW()-2)*4)+2)=\"\",\"\",INDIRECT(\"'MRO Certificate Printing'!K\"&((ROW()-2)*4)+2))","v":""},null,{"$f":"IF(INDIRECT(\"'MRO Certificate Printing'!D\"&((ROW()-2)*4)+3)=\"\",\"\",INDIRECT(\"'MRO Certificate Printing'!D\"&((ROW()-2)*4)+3))","v":""},{"$f":"IF(INDIRECT(\"'MRO Certificate Printing'!E\"&((ROW()-2)*4)+3)=\"\",\"\",INDIRECT(\"'MRO Certificate Printing'!E\"&((ROW()-2)*4)+3))","v":""},{"$f":"IF(INDIRECT(\"'MRO Certificate Printing'!F\"&((ROW()-2)*4)+3)=\"\",\"\",INDIRECT(\"'MRO Certificate Printing'!F\"&((ROW()-2)*4)+3))","v":""},{"$f":"IF(INDIRECT(\"'MRO Certificate Printing'!B\"&((ROW()-2)*4)+3)=\"\",\"\",INDIRECT(\"'MRO Certificate Printing'!B\"&((ROW()-2)*4)+3))","v":""},{"$f":"IF(INDIRECT(\"'MRO Certificate Printing'!G\"&((ROW()-2)*4)+3)=\"\",\"\",INDIRECT(\"'MRO Certificate Printing'!G\"&((ROW()-2)*4)+3))","v":""},{"$f":"IF(INDIRECT(\"'MRO Certificate Printing'!J\"&((ROW()-2)*4)+3)=\"\",\"\",INDIRECT(\"'MRO Certificate Printing'!J\"&((ROW()-2)*4)+3))","v":""},{"$f":"IF(INDIRECT(\"'MRO Certificate Printing'!I\"&((ROW()-2)*4)+3)=\"\",\"\",INDIRECT(\"'MRO Certificate Printing'!I\"&((ROW()-2)*4)+3))","v":""},{"$f":"IF(INDIRECT(\"'MRO Certificate Printing'!K\"&((ROW()-2)*4)+3)=\"\",\"\",INDIRECT(\"'MRO Certificate Printing'!K\"&((ROW()-2)*4)+3))","v":""},null,{"$f":"IF(INDIRECT(\"'MRO Certificate Printing'!D\"&((ROW()-2)*4)+4)=\"\",\"\",INDIRECT(\"'MRO Certificate Printing'!D\"&((ROW()-2)*4)+4))","v":""},{"$f":"IF(INDIRECT(\"'MRO Certificate Printing'!E\"&((ROW()-2)*4)+4)=\"\",\"\",INDIRECT(\"'MRO Certificate Printing'!E\"&((ROW()-2)*4)+4))","v":""},{"$f":"IF(INDIRECT(\"'MRO Certificate Printing'!F\"&((ROW()-2)*4)+4)=\"\",\"\",INDIRECT(\"'MRO Certificate Printing'!F\"&((ROW()-2)*4)+4))","v":""},{"$f":"IF(INDIRECT(\"'MRO Certificate Printing'!B\"&((ROW()-2)*4)+4)=\"\",\"\",INDIRECT(\"'MRO Certificate Printing'!B\"&((ROW()-2)*4)+4))","v":""},{"$f":"IF(INDIRECT(\"'MRO Certificate Printing'!G\"&((ROW()-2)*4)+4)=\"\",\"\",INDIRECT(\"'MRO Certificate Printing'!G\"&((ROW()-2)*4)+4))","v":""},{"$f":"IF(INDIRECT(\"'MRO Certificate Printing'!J\"&((ROW()-2)*4)+4)=\"\",\"\",INDIRECT(\"'MRO Certificate Printing'!J\"&((ROW()-2)*4)+4))","v":""},{"$f":"IF(INDIRECT(\"'MRO Certificate Printing'!I\"&((ROW()-2)*4)+4)=\"\",\"\",INDIRECT(\"'MRO Certificate Printing'!I\"&((ROW()-2)*4)+4))","v":""},{"$f":"IF(INDIRECT(\"'MRO Certificate Printing'!K\"&((ROW()-2)*4)+4)=\"\",\"\",INDIRECT(\"'MRO Certificate Printing'!K\"&((ROW()-2)*4)+4))","v":""},null,{"$f":"IF(INDIRECT(\"'MRO Certificate Printing'!D\"&((ROW()-2)*4)+5)=\"\",\"\",INDIRECT(\"'MRO Certificate Printing'!D\"&((ROW()-2)*4)+5))","v":""},{"$f":"IF(INDIRECT(\"'MRO Certificate Printing'!E\"&((ROW()-2)*4)+5)=\"\",\"\",INDIRECT(\"'MRO Certificate Printing'!E\"&((ROW()-2)*4)+5))","v":""},{"$f":"IF(INDIRECT(\"'MRO Certificate Printing'!F\"&((ROW()-2)*4)+5)=\"\",\"\",INDIRECT(\"'MRO Certificate Printing'!F\"&((ROW()-2)*4)+5))","v":""},{"$f":"IF(INDIRECT(\"'MRO Certificate Printing'!B\"&((ROW()-2)*4)+5)=\"\",\"\",INDIRECT(\"'MRO Certificate Printing'!B\"&((ROW()-2)*4)+5))","v":""},{"$f":"IF(INDIRECT(\"'MRO Certificate Printing'!G\"&((ROW()-2)*4)+5)=\"\",\"\",INDIRECT(\"'MRO Certificate Printing'!G\"&((ROW()-2)*4)+5))","v":""},{"$f":"IF(INDIRECT(\"'MRO Certificate Printing'!J\"&((ROW()-2)*4)+5)=\"\",\"\",INDIRECT(\"'MRO Certificate Printing'!J\"&((ROW()-2)*4)+5))","v":""},{"$f":"IF(INDIRECT(\"'MRO Certificate Printing'!I\"&((ROW()-2)*4)+5)=\"\",\"\",INDIRECT(\"'MRO Certificate Printing'!I\"&((ROW()-2)*4)+5))","v":""},{"$f":"IF(INDIRECT(\"'MRO Certificate Printing'!K\"&((ROW()-2)*4)+5)=\"\",\"\",INDIRECT(\"'MRO Certificate Printing'!K\"&((ROW()-2)*4)+5))","v":""}]
["",{"$f":"IF(INDIRECT(\"'MRO Certificate Printing'!D\"&((ROW()-2)*4)+2)=\"\",\"\",INDIRECT(\"'MRO Certificate Printing'!D\"&((ROW()-2)*4)+2))","v":""},{"$f":"IF(INDIRECT(\"'MRO Certificate Printing'!E\"&((ROW()-2)*4)+2)=\"\",\"\",INDIRECT(\"'MRO Certificate Printing'!E\"&((ROW()-2)*4)+2))","v":""},{"$f":"IF(INDIRECT(\"'MRO Certificate Printing'!F\"&((ROW()-2)*4)+2)=\"\",\"\",INDIRECT(\"'MRO Certificate Printing'!F\"&((ROW()-2)*4)+2))","v":""},{"$f":"IF(INDIRECT(\"'MRO Certificate Printing'!B\"&((ROW()-2)*4)+2)=\"\",\"\",INDIRECT(\"'MRO Certificate Printing'!B\"&((ROW()-2)*4)+2))","v":""},{"$f":"IF(INDIRECT(\"'MRO Certificate Printing'!G\"&((ROW()-2)*4)+2)=\"\",\"\",INDIRECT(\"'MRO Certificate Printing'!G\"&((ROW()-2)*4)+2))","v":""},{"$f":"IF(INDIRECT(\"'MRO Certificate Printing'!J\"&((ROW()-2)*4)+2)=\"\",\"\",INDIRECT(\"'MRO Certificate Printing'!J\"&((ROW()-2)*4)+2))","v":""},{"$f":"IF(INDIRECT(\"'MRO Certificate Printing'!I\"&((ROW()-2)*4)+2)=\"\",\"\",INDIRECT(\"'MRO Certificate Printing'!I\"&((ROW()-2)*4)+2))","v":""},{"$f":"IF(INDIRECT(\"'MRO Certificate Printing'!K\"&((ROW()-2)*4)+2)=\"\",\"\",INDIRECT(\"'MRO Certificate Printing'!K\"&((ROW()-2)*4)+2))","v":""},null,{"$f":"IF(INDIRECT(\"'MRO Certificate Printing'!D\"&((ROW()-2)*4)+3)=\"\",\"\",INDIRECT(\"'MRO Certificate Printing'!D\"&((ROW()-2)*4)+3))","v":""},{"$f":"IF(INDIRECT(\"'MRO Certificate Printing'!E\"&((ROW()-2)*4)+3)=\"\",\"\",INDIRECT(\"'MRO Certificate Printing'!E\"&((ROW()-2)*4)+3))","v":""},{"$f":"IF(INDIRECT(\"'MRO Certificate Printing'!F\"&((ROW()-2)*4)+3)=\"\",\"\",INDIRECT(\"'MRO Certificate Printing'!F\"&((ROW()-2)*4)+3))","v":""},{"$f":"IF(INDIRECT(\"'MRO Certificate Printing'!B\"&((ROW()-2)*4)+3)=\"\",\"\",INDIRECT(\"'MRO Certificate Printing'!B\"&((ROW()-2)*4)+3))","v":""},{"$f":"IF(INDIRECT(\"'MRO Certificate Printing'!G\"&((ROW()-2)*4)+3)=\"\",\"\",INDIRECT(\"'MRO Certificate Printing'!G\"&((ROW()-2)*4)+3))","v":""},{"$f":"IF(INDIRECT(\"'MRO Certificate Printing'!J\"&((ROW()-2)*4)+3)=\"\",\"\",INDIRECT(\"'MRO Certificate Printing'!J\"&((ROW()-2)*4)+3))","v":""},{"$f":"IF(INDIRECT(\"'MRO Certificate Printing'!I\"&((ROW()-2)*4)+3)=\"\",\"\",INDIRECT(\"'MRO Certificate Printing'!I\"&((ROW()-2)*4)+3))","v":""},{"$f":"IF(INDIRECT(\"'MRO Certificate Printing'!K\"&((ROW()-2)*4)+3)=\"\",\"\",INDIRECT(\"'MRO Certificate Printing'!K\"&((ROW()-2)*4)+3))","v":""},null,{"$f":"IF(INDIRECT(\"'MRO Certificate Printing'!D\"&((ROW()-2)*4)+4)=\"\",\"\",INDIRECT(\"'MRO Certificate Printing'!D\"&((ROW()-2)*4)+4))","v":""},{"$f":"IF(INDIRECT(\"'MRO Certificate Printing'!E\"&((ROW()-2)*4)+4)=\"\",\"\",INDIRECT(\"'MRO Certificate Printing'!E\"&((ROW()-2)*4)+4))","v":""},{"$f":"IF(INDIRECT(\"'MRO Certificate Printing'!F\"&((ROW()-2)*4)+4)=\"\",\"\",INDIRECT(\"'MRO Certificate Printing'!F\"&((ROW()-2)*4)+4))","v":""},{"$f":"IF(INDIRECT(\"'MRO Certificate Printing'!B\"&((ROW()-2)*4)+4)=\"\",\"\",INDIRECT(\"'MRO Certificate Printing'!B\"&((ROW()-2)*4)+4))","v":""},{"$f":"IF(INDIRECT(\"'MRO Certificate Printing'!G\"&((ROW()-2)*4)+4)=\"\",\"\",INDIRECT(\"'MRO Certificate Printing'!G\"&((ROW()-2)*4)+4))","v":""},{"$f":"IF(INDIRECT(\"'MRO Certificate Printing'!J\"&((ROW()-2)*4)+4)=\"\",\"\",INDIRECT(\"'MRO Certificate Printing'!J\"&((ROW()-2)*4)+4))","v":""},{"$f":"IF(INDIRECT(\"'MRO Certificate Printing'!I\"&((ROW()-2)*4)+4)=\"\",\"\",INDIRECT(\"'MRO Certificate Printing'!I\"&((ROW()-2)*4)+4))","v":""},{"$f":"IF(INDIRECT(\"'MRO Certificate Printing'!K\"&((ROW()-2)*4)+4)=\"\",\"\",INDIRECT(\"'MRO Certificate Printing'!K\"&((ROW()-2)*4)+4))","v":""},null,{"$f":"IF(INDIRECT(\"'MRO Certificate Printing'!D\"&((ROW()-2)*4)+5)=\"\",\"\",INDIRECT(\"'MRO Certificate Printing'!D\"&((ROW()-2)*4)+5))","v":""},{"$f":"IF(INDIRECT(\"'MRO Certificate Printing'!E\"&((ROW()-2)*4)+5)=\"\",\"\",INDIRECT(\"'MRO Certificate Printing'!E\"&((ROW()-2)*4)+5))","v":""},{"$f":"IF(INDIRECT(\"'MRO Certificate Printing'!F\"&((ROW()-2)*4)+5)=\"\",\"\",INDIRECT(\"'MRO Certificate Printing'!F\"&((ROW()-2)*4)+5))","v":""},{"$f":"IF(INDIRECT(\"'MRO Certificate Printing'!B\"&((ROW()-2)*4)+5)=\"\",\"\",INDIRECT(\"'MRO Certificate Printing'!B\"&((ROW()-2)*4)+5))","v":""},{"$f":"IF(INDIRECT(\"'MRO Certificate Printing'!G\"&((ROW()-2)*4)+5)=\"\",\"\",INDIRECT(\"'MRO Certificate Printing'!G\"&((ROW()-2)*4)+5))","v":""},{"$f":"IF(INDIRECT(\"'MRO Certificate Printing'!J\"&((ROW()-2)*4)+5)=\"\",\"\",INDIRECT(\"'MRO Certificate Printing'!J\"&((ROW()-2)*4)+5))","v":""},{"$f":"IF(INDIRECT(\"'MRO Certificate Printing'!I\"&((ROW()-2)*4)+5)=\"\",\"\",INDIRECT(\"'MRO Certificate Printing'!I\"&((ROW()-2)*4)+5))","v":""},{"$f":"IF(INDIRECT(\"'MRO Certificate Printing'!K\"&((ROW()-2)*4)+5)=\"\",\"\",INDIRECT(\"'MRO Certificate Printing'!K\"&((ROW()-2)*4)+5))","v":""}]
["",{"$f":"IF(INDIRECT(\"'MRO Certificate Printing'!D\"&((ROW()-2)*4)+2)=\"\",\"\",INDIRECT(\"'MRO Certificate Printing'!D\"&((ROW()-2)*4)+2))","v":""},{"$f":"IF(INDIRECT(\"'MRO Certificate Printing'!E\"&((ROW()-2)*4)+2)=\"\",\"\",INDIRECT(\"'MRO Certificate Printing'!E\"&((ROW()-2)*4)+2))","v":""},{"$f":"IF(INDIRECT(\"'MRO Certificate Printing'!F\"&((ROW()-2)*4)+2)=\"\",\"\",INDIRECT(\"'MRO Certificate Printing'!F\"&((ROW()-2)*4)+2))","v":""},{"$f":"IF(INDIRECT(\"'MRO Certificate Printing'!B\"&((ROW()-2)*4)+2)=\"\",\"\",INDIRECT(\"'MRO Certificate Printing'!B\"&((ROW()-2)*4)+2))","v":""},{"$f":"IF(INDIRECT(\"'MRO Certificate Printing'!G\"&((ROW()-2)*4)+2)=\"\",\"\",INDIRECT(\"'MRO Certificate Printing'!G\"&((ROW()-2)*4)+2))","v":""},{"$f":"IF(INDIRECT(\"'MRO Certificate Printing'!J\"&((ROW()-2)*4)+2)=\"\",\"\",INDIRECT(\"'MRO Certificate Printing'!J\"&((ROW()-2)*4)+2))","v":""},{"$f":"IF(INDIRECT(\"'MRO Certificate Printing'!I\"&((ROW()-2)*4)+2)=\"\",\"\",INDIRECT(\"'MRO Certificate Printing'!I\"&((ROW()-2)*4)+2))","v":""},{"$f":"IF(INDIRECT(\"'MRO Certificate Printing'!K\"&((ROW()-2)*4)+2)=\"\",\"\",INDIRECT(\"'MRO Certificate Printing'!K\"&((ROW()-2)*4)+2))","v":""},null,{"$f":"IF(INDIRECT(\"'MRO Certificate Printing'!D\"&((ROW()-2)*4)+3)=\"\",\"\",INDIRECT(\"'MRO Certificate Printing'!D\"&((ROW()-2)*4)+3))","v":""},{"$f":"IF(INDIRECT(\"'MRO Certificate Printing'!E\"&((ROW()-2)*4)+3)=\"\",\"\",INDIRECT(\"'MRO Certificate Printing'!E\"&((ROW()-2)*4)+3))","v":""},{"$f":"IF(INDIRECT(\"'MRO Certificate Printing'!F\"&((ROW()-2)*4)+3)=\"\",\"\",INDIRECT(\"'MRO Certificate Printing'!F\"&((ROW()-2)*4)+3))","v":""},{"$f":"IF(INDIRECT(\"'MRO Certificate Printing'!B\"&((ROW()-2)*4)+3)=\"\",\"\",INDIRECT(\"'MRO Certificate Printing'!B\"&((ROW()-2)*4)+3))","v":""},{"$f":"IF(INDIRECT(\"'MRO Certificate Printing'!G\"&((ROW()-2)*4)+3)=\"\",\"\",INDIRECT(\"'MRO Certificate Printing'!G\"&((ROW()-2)*4)+3))","v":""},{"$f":"IF(INDIRECT(\"'MRO Certificate Printing'!J\"&((ROW()-2)*4)+3)=\"\",\"\",INDIRECT(\"'MRO Certificate Printing'!J\"&((ROW()-2)*4)+3))","v":""},{"$f":"IF(INDIRECT(\"'MRO Certificate Printing'!I\"&((ROW()-2)*4)+3)=\"\",\"\",INDIRECT(\"'MRO Certificate Printing'!I\"&((ROW()-2)*4)+3))","v":""},{"$f":"IF(INDIRECT(\"'MRO Certificate Printing'!K\"&((ROW()-2)*4)+3)=\"\",\"\",INDIRECT(\"'MRO Certificate Printing'!K\"&((ROW()-2)*4)+3))","v":""},null,{"$f":"IF(INDIRECT(\"'MRO Certificate Printing'!D\"&((ROW()-2)*4)+4)=\"\",\"\",INDIRECT(\"'MRO Certificate Printing'!D\"&((ROW()-2)*4)+4))","v":""},{"$f":"IF(INDIRECT(\"'MRO Certificate Printing'!E\"&((ROW()-2)*4)+4)=\"\",\"\",INDIRECT(\"'MRO Certificate Printing'!E\"&((ROW()-2)*4)+4))","v":""},{"$f":"IF(INDIRECT(\"'MRO Certificate Printing'!F\"&((ROW()-2)*4)+4)=\"\",\"\",INDIRECT(\"'MRO Certificate Printing'!F\"&((ROW()-2)*4)+4))","v":""},{"$f":"IF(INDIRECT(\"'MRO Certificate Printing'!B\"&((ROW()-2)*4)+4)=\"\",\"\",INDIRECT(\"'MRO Certificate Printing'!B\"&((ROW()-2)*4)+4))","v":""},{"$f":"IF(INDIRECT(\"'MRO Certificate Printing'!G\"&((ROW()-2)*4)+4)=\"\",\"\",INDIRECT(\"'MRO Certificate Printing'!G\"&((ROW()-2)*4)+4))","v":""},{"$f":"IF(INDIRECT(\"'MRO Certificate Printing'!J\"&((ROW()-2)*4)+4)=\"\",\"\",INDIRECT(\"'MRO Certificate Printing'!J\"&((ROW()-2)*4)+4))","v":""},{"$f":"IF(INDIRECT(\"'MRO Certificate Printing'!I\"&((ROW()-2)*4)+4)=\"\",\"\",INDIRECT(\"'MRO Certificate Printing'!I\"&((ROW()-2)*4)+4))","v":""},{"$f":"IF(INDIRECT(\"'MRO Certificate Printing'!K\"&((ROW()-2)*4)+4)=\"\",\"\",INDIRECT(\"'MRO Certificate Printing'!K\"&((ROW()-2)*4)+4))","v":""},null,{"$f":"IF(INDIRECT(\"'MRO Certificate Printing'!D\"&((ROW()-2)*4)+5)=\"\",\"\",INDIRECT(\"'MRO Certificate Printing'!D\"&((ROW()-2)*4)+5))","v":""},{"$f":"IF(INDIRECT(\"'MRO Certificate Printing'!E\"&((ROW()-2)*4)+5)=\"\",\"\",INDIRECT(\"'MRO Certificate Printing'!E\"&((ROW()-2)*4)+5))","v":""},{"$f":"IF(INDIRECT(\"'MRO Certificate Printing'!F\"&((ROW()-2)*4)+5)=\"\",\"\",INDIRECT(\"'MRO Certificate Printing'!F\"&((ROW()-2)*4)+5))","v":""},{"$f":"IF(INDIRECT(\"'MRO Certificate Printing'!B\"&((ROW()-2)*4)+5)=\"\",\"\",INDIRECT(\"'MRO Certificate Printing'!B\"&((ROW()-2)*4)+5))","v":""},{"$f":"IF(INDIRECT(\"'MRO Certificate Printing'!G\"&((ROW()-2)*4)+5)=\"\",\"\",INDIRECT(\"'MRO Certificate Printing'!G\"&((ROW()-2)*4)+5))","v":""},{"$f":"IF(INDIRECT(\"'MRO Certificate Printing'!J\"&((ROW()-2)*4)+5)=\"\",\"\",INDIRECT(\"'MRO Certificate Printing'!J\"&((ROW()-2)*4)+5))","v":""},{"$f":"IF(INDIRECT(\"'MRO Certificate Printing'!I\"&((ROW()-2)*4)+5)=\"\",\"\",INDIRECT(\"'MRO Certificate Printing'!I\"&((ROW()-2)*4)+5))","v":""},{"$f":"IF(INDIRECT(\"'MRO Certificate Printing'!K\"&((ROW()-2)*4)+5)=\"\",\"\",INDIRECT(\"'MRO Certificate Printing'!K\"&((ROW()-2)*4)+5))","v":""}]
["",{"$f":"IF(INDIRECT(\"'MRO Certificate Printing'!D\"&((ROW()-2)*4)+2)=\"\",\"\",INDIRECT(\"'MRO Certificate Printing'!D\"&((ROW()-2)*4)+2))","v":""},{"$f":"IF(INDIRECT(\"'MRO Certificate Printing'!E\"&((ROW()-2)*4)+2)=\"\",\"\",INDIRECT(\"'MRO Certificate Printing'!E\"&((ROW()-2)*4)+2))","v":""},{"$f":"IF(INDIRECT(\"'MRO Certificate Printing'!F\"&((ROW()-2)*4)+2)=\"\",\"\",INDIRECT(\"'MRO Certificate Printing'!F\"&((ROW()-2)*4)+2))","v":""},{"$f":"IF(INDIRECT(\"'MRO Certificate Printing'!B\"&((ROW()-2)*4)+2)=\"\",\"\",INDIRECT(\"'MRO Certificate Printing'!B\"&((ROW()-2)*4)+2))","v":""},{"$f":"IF(INDIRECT(\"'MRO Certificate Printing'!G\"&((ROW()-2)*4)+2)=\"\",\"\",INDIRECT(\"'MRO Certificate Printing'!G\"&((ROW()-2)*4)+2))","v":""},{"$f":"IF(INDIRECT(\"'MRO Certificate Printing'!J\"&((ROW()-2)*4)+2)=\"\",\"\",INDIRECT(\"'MRO Certificate Printing'!J\"&((ROW()-2)*4)+2))","v":""},{"$f":"IF(INDIRECT(\"'MRO Certificate Printing'!I\"&((ROW()-2)*4)+2)=\"\",\"\",INDIRECT(\"'MRO Certificate Printing'!I\"&((ROW()-2)*4)+2))","v":""},{"$f":"IF(INDIRECT(\"'MRO Certificate Printing'!K\"&((ROW()-2)*4)+2)=\"\",\"\",INDIRECT(\"'MRO Certificate Printing'!K\"&((ROW()-2)*4)+2))","v":""},null,{"$f":"IF(INDIRECT(\"'MRO Certificate Printing'!D\"&((ROW()-2)*4)+3)=\"\",\"\",INDIRECT(\"'MRO Certificate Printing'!D\"&((ROW()-2)*4)+3))","v":""},{"$f":"IF(INDIRECT(\"'MRO Certificate Printing'!E\"&((ROW()-2)*4)+3)=\"\",\"\",INDIRECT(\"'MRO Certificate Printing'!E\"&((ROW()-2)*4)+3))","v":""},{"$f":"IF(INDIRECT(\"'MRO Certificate Printing'!F\"&((ROW()-2)*4)+3)=\"\",\"\",INDIRECT(\"'MRO Certificate Printing'!F\"&((ROW()-2)*4)+3))","v":""},{"$f":"IF(INDIRECT(\"'MRO Certificate Printing'!B\"&((ROW()-2)*4)+3)=\"\",\"\",INDIRECT(\"'MRO Certificate Printing'!B\"&((ROW()-2)*4)+3))","v":""},{"$f":"IF(INDIRECT(\"'MRO Certificate Printing'!G\"&((ROW()-2)*4)+3)=\"\",\"\",INDIRECT(\"'MRO Certificate Printing'!G\"&((ROW()-2)*4)+3))","v":""},{"$f":"IF(INDIRECT(\"'MRO Certificate Printing'!J\"&((ROW()-2)*4)+3)=\"\",\"\",INDIRECT(\"'MRO Certificate Printing'!J\"&((ROW()-2)*4)+3))","v":""},{"$f":"IF(INDIRECT(\"'MRO Certificate Printing'!I\"&((ROW()-2)*4)+3)=\"\",\"\",INDIRECT(\"'MRO Certificate Printing'!I\"&((ROW()-2)*4)+3))","v":""},{"$f":"IF(INDIRECT(\"'MRO Certificate Printing'!K\"&((ROW()-2)*4)+3)=\"\",\"\",INDIRECT(\"'MRO Certificate Printing'!K\"&((ROW()-2)*4)+3))","v":""},null,{"$f":"IF(INDIRECT(\"'MRO Certificate Printing'!D\"&((ROW()-2)*4)+4)=\"\",\"\",INDIRECT(\"'MRO Certificate Printing'!D\"&((ROW()-2)*4)+4))","v":""},{"$f":"IF(INDIRECT(\"'MRO Certificate Printing'!E\"&((ROW()-2)*4)+4)=\"\",\"\",INDIRECT(\"'MRO Certificate Printing'!E\"&((ROW()-2)*4)+4))","v":""},{"$f":"IF(INDIRECT(\"'MRO Certificate Printing'!F\"&((ROW()-2)*4)+4)=\"\",\"\",INDIRECT(\"'MRO Certificate Printing'!F\"&((ROW()-2)*4)+4))","v":""},{"$f":"IF(INDIRECT(\"'MRO Certificate Printing'!B\"&((ROW()-2)*4)+4)=\"\",\"\",INDIRECT(\"'MRO Certificate Printing'!B\"&((ROW()-2)*4)+4))","v":""},{"$f":"IF(INDIRECT(\"'MRO Certificate Printing'!G\"&((ROW()-2)*4)+4)=\"\",\"\",INDIRECT(\"'MRO Certificate Printing'!G\"&((ROW()-2)*4)+4))","v":""},{"$f":"IF(INDIRECT(\"'MRO Certificate Printing'!J\"&((ROW()-2)*4)+4)=\"\",\"\",INDIRECT(\"'MRO Certificate Printing'!J\"&((ROW()-2)*4)+4))","v":""},{"$f":"IF(INDIRECT(\"'MRO Certificate Printing'!I\"&((ROW()-2)*4)+4)=\"\",\"\",INDIRECT(\"'MRO Certificate Printing'!I\"&((ROW()-2)*4)+4))","v":""},{"$f":"IF(INDIRECT(\"'MRO Certificate Printing'!K\"&((ROW()-2)*4)+4)=\"\",\"\",INDIRECT(\"'MRO Certificate Printing'!K\"&((ROW()-2)*4)+4))","v":""},null,{"$f":"IF(INDIRECT(\"'MRO Certificate Printing'!D\"&((ROW()-2)*4)+5)=\"\",\"\",INDIRECT(\"'MRO Certificate Printing'!D\"&((ROW()-2)*4)+5))","v":""},{"$f":"IF(INDIRECT(\"'MRO Certificate Printing'!E\"&((ROW()-2)*4)+5)=\"\",\"\",INDIRECT(\"'MRO Certificate Printing'!E\"&((ROW()-2)*4)+5))","v":""},{"$f":"IF(INDIRECT(\"'MRO Certificate Printing'!F\"&((ROW()-2)*4)+5)=\"\",\"\",INDIRECT(\"'MRO Certificate Printing'!F\"&((ROW()-2)*4)+5))","v":""},{"$f":"IF(INDIRECT(\"'MRO Certificate Printing'!B\"&((ROW()-2)*4)+5)=\"\",\"\",INDIRECT(\"'MRO Certificate Printing'!B\"&((ROW()-2)*4)+5))","v":""},{"$f":"IF(INDIRECT(\"'MRO Certificate Printing'!G\"&((ROW()-2)*4)+5)=\"\",\"\",INDIRECT(\"'MRO Certificate Printing'!G\"&((ROW()-2)*4)+5))","v":""},{"$f":"IF(INDIRECT(\"'MRO Certificate Printing'!J\"&((ROW()-2)*4)+5)=\"\",\"\",INDIRECT(\"'MRO Certificate Printing'!J\"&((ROW()-2)*4)+5))","v":""},{"$f":"IF(INDIRECT(\"'MRO Certificate Printing'!I\"&((ROW()-2)*4)+5)=\"\",\"\",INDIRECT(\"'MRO Certificate Printing'!I\"&((ROW()-2)*4)+5))","v":""},{"$f":"IF(INDIRECT(\"'MRO Certificate Printing'!K\"&((ROW()-2)*4)+5)=\"\",\"\",INDIRECT(\"'MRO Certificate Printing'!K\"&((ROW()-2)*4)+5))","v":""}]
["",{"$f":"IF(INDIRECT(\"'MRO Certificate Printing'!D\"&((ROW()-2)*4)+2)=\"\",\"\",INDIRECT(\"'MRO Certificate Printing'!D\"&((ROW()-2)*4)+2))","v":""},{"$f":"IF(INDIRECT(\"'MRO Certificate Printing'!E\"&((ROW()-2)*4)+2)=\"\",\"\",INDIRECT(\"'MRO Certificate Printing'!E\"&((ROW()-2)*4)+2))","v":""},{"$f":"IF(INDIRECT(\"'MRO Certificate Printing'!F\"&((ROW()-2)*4)+2)=\"\",\"\",INDIRECT(\"'MRO Certificate Printing'!F\"&((ROW()-2)*4)+2))","v":""},{"$f":"IF(INDIRECT(\"'MRO Certificate Printing'!B\"&((ROW()-2)*4)+2)=\"\",\"\",INDIRECT(\"'MRO Certificate Printing'!B\"&((ROW()-2)*4)+2))","v":""},{"$f":"IF(INDIRECT(\"'MRO Certificate Printing'!G\"&((ROW()-2)*4)+2)=\"\",\"\",INDIRECT(\"'MRO Certificate Printing'!G\"&((ROW()-2)*4)+2))","v":""},{"$f":"IF(INDIRECT(\"'MRO Certificate Printing'!J\"&((ROW()-2)*4)+2)=\"\",\"\",INDIRECT(\"'MRO Certificate Printing'!J\"&((ROW()-2)*4)+2))","v":""},{"$f":"IF(INDIRECT(\"'MRO Certificate Printing'!I\"&((ROW()-2)*4)+2)=\"\",\"\",INDIRECT(\"'MRO Certificate Printing'!I\"&((ROW()-2)*4)+2))","v":""},{"$f":"IF(INDIRECT(\"'MRO Certificate Printing'!K\"&((ROW()-2)*4)+2)=\"\",\"\",INDIRECT(\"'MRO Certificate Printing'!K\"&((ROW()-2)*4)+2))","v":""},null,{"$f":"IF(INDIRECT(\"'MRO Certificate Printing'!D\"&((ROW()-2)*4)+3)=\"\",\"\",INDIRECT(\"'MRO Certificate Printing'!D\"&((ROW()-2)*4)+3))","v":""},{"$f":"IF(INDIRECT(\"'MRO Certificate Printing'!E\"&((ROW()-2)*4)+3)=\"\",\"\",INDIRECT(\"'MRO Certificate Printing'!E\"&((ROW()-2)*4)+3))","v":""},{"$f":"IF(INDIRECT(\"'MRO Certificate Printing'!F\"&((ROW()-2)*4)+3)=\"\",\"\",INDIRECT(\"'MRO Certificate Printing'!F\"&((ROW()-2)*4)+3))","v":""},{"$f":"IF(INDIRECT(\"'MRO Certificate Printing'!B\"&((ROW()-2)*4)+3)=\"\",\"\",INDIRECT(\"'MRO Certificate Printing'!B\"&((ROW()-2)*4)+3))","v":""},{"$f":"IF(INDIRECT(\"'MRO Certificate Printing'!G\"&((ROW()-2)*4)+3)=\"\",\"\",INDIRECT(\"'MRO Certificate Printing'!G\"&((ROW()-2)*4)+3))","v":""},{"$f":"IF(INDIRECT(\"'MRO Certificate Printing'!J\"&((ROW()-2)*4)+3)=\"\",\"\",INDIRECT(\"'MRO Certificate Printing'!J\"&((ROW()-2)*4)+3))","v":""},{"$f":"IF(INDIRECT(\"'MRO Certificate Printing'!I\"&((ROW()-2)*4)+3)=\"\",\"\",INDIRECT(\"'MRO Certificate Printing'!I\"&((ROW()-2)*4)+3))","v":""},{"$f":"IF(INDIRECT(\"'MRO Certificate Printing'!K\"&((ROW()-2)*4)+3)=\"\",\"\",INDIRECT(\"'MRO Certificate Printing'!K\"&((ROW()-2)*4)+3))","v":""},null,{"$f":"IF(INDIRECT(\"'MRO Certificate Printing'!D\"&((ROW()-2)*4)+4)=\"\",\"\",INDIRECT(\"'MRO Certificate Printing'!D\"&((ROW()-2)*4)+4))","v":""},{"$f":"IF(INDIRECT(\"'MRO Certificate Printing'!E\"&((ROW()-2)*4)+4)=\"\",\"\",INDIRECT(\"'MRO Certificate Printing'!E\"&((ROW()-2)*4)+4))","v":""},{"$f":"IF(INDIRECT(\"'MRO Certificate Printing'!F\"&((ROW()-2)*4)+4)=\"\",\"\",INDIRECT(\"'MRO Certificate Printing'!F\"&((ROW()-2)*4)+4))","v":""},{"$f":"IF(INDIRECT(\"'MRO Certificate Printing'!B\"&((ROW()-2)*4)+4)=\"\",\"\",INDIRECT(\"'MRO Certificate Printing'!B\"&((ROW()-2)*4)+4))","v":""},{"$f":"IF(INDIRECT(\"'MRO Certificate Printing'!G\"&((ROW()-2)*4)+4)=\"\",\"\",INDIRECT(\"'MRO Certificate Printing'!G\"&((ROW()-2)*4)+4))","v":""},{"$f":"IF(INDIRECT(\"'MRO Certificate Printing'!J\"&((ROW()-2)*4)+4)=\"\",\"\",INDIRECT(\"'MRO Certificate Printing'!J\"&((ROW()-2)*4)+4))","v":""},{"$f":"IF(INDIRECT(\"'MRO Certificate Printing'!I\"&((ROW()-2)*4)+4)=\"\",\"\",INDIRECT(\"'MRO Certificate Printing'!I\"&((ROW()-2)*4)+4))","v":""},{"$f":"IF(INDIRECT(\"'MRO Certificate Printing'!K\"&((ROW()-2)*4)+4)=\"\",\"\",INDIRECT(\"'MRO Certificate Printing'!K\"&((ROW()-2)*4)+4))","v":""},null,{"$f":"IF(INDIRECT(\"'MRO Certificate Printing'!D\"&((ROW()-2)*4)+5)=\"\",\"\",INDIRECT(\"'MRO Certificate Printing'!D\"&((ROW()-2)*4)+5))","v":""},{"$f":"IF(INDIRECT(\"'MRO Certificate Printing'!E\"&((ROW()-2)*4)+5)=\"\",\"\",INDIRECT(\"'MRO Certificate Printing'!E\"&((ROW()-2)*4)+5))","v":""},{"$f":"IF(INDIRECT(\"'MRO Certificate Printing'!F\"&((ROW()-2)*4)+5)=\"\",\"\",INDIRECT(\"'MRO Certificate Printing'!F\"&((ROW()-2)*4)+5))","v":""},{"$f":"IF(INDIRECT(\"'MRO Certificate Printing'!B\"&((ROW()-2)*4)+5)=\"\",\"\",INDIRECT(\"'MRO Certificate Printing'!B\"&((ROW()-2)*4)+5))","v":""},{"$f":"IF(INDIRECT(\"'MRO Certificate Printing'!G\"&((ROW()-2)*4)+5)=\"\",\"\",INDIRECT(\"'MRO Certificate Printing'!G\"&((ROW()-2)*4)+5))","v":""},{"$f":"IF(INDIRECT(\"'MRO Certificate Printing'!J\"&((ROW()-2)*4)+5)=\"\",\"\",INDIRECT(\"'MRO Certificate Printing'!J\"&((ROW()-2)*4)+5))","v":""},{"$f":"IF(INDIRECT(\"'MRO Certificate Printing'!I\"&((ROW()-2)*4)+5)=\"\",\"\",INDIRECT(\"'MRO Certificate Printing'!I\"&((ROW()-2)*4)+5))","v":""},{"$f":"IF(INDIRECT(\"'MRO Certificate Printing'!K\"&((ROW()-2)*4)+5)=\"\",\"\",INDIRECT(\"'MRO Certificate Printing'!K\"&((ROW()-2)*4)+5))","v":""}]
["",{"$f":"IF(INDIRECT(\"'MRO Certificate Printing'!D\"&((ROW()-2)*4)+2)=\"\",\"\",INDIRECT(\"'MRO Certificate Printing'!D\"&((ROW()-2)*4)+2))","v":""},{"$f":"IF(INDIRECT(\"'MRO Certificate Printing'!E\"&((ROW()-2)*4)+2)=\"\",\"\",INDIRECT(\"'MRO Certificate Printing'!E\"&((ROW()-2)*4)+2))","v":""},{"$f":"IF(INDIRECT(\"'MRO Certificate Printing'!F\"&((ROW()-2)*4)+2)=\"\",\"\",INDIRECT(\"'MRO Certificate Printing'!F\"&((ROW()-2)*4)+2))","v":""},{"$f":"IF(INDIRECT(\"'MRO Certificate Printing'!B\"&((ROW()-2)*4)+2)=\"\",\"\",INDIRECT(\"'MRO Certificate Printing'!B\"&((ROW()-2)*4)+2))","v":""},{"$f":"IF(INDIRECT(\"'MRO Certificate Printing'!G\"&((ROW()-2)*4)+2)=\"\",\"\",INDIRECT(\"'MRO Certificate Printing'!G\"&((ROW()-2)*4)+2))","v":""},{"$f":"IF(INDIRECT(\"'MRO Certificate Printing'!J\"&((ROW()-2)*4)+2)=\"\",\"\",INDIRECT(\"'MRO Certificate Printing'!J\"&((ROW()-2)*4)+2))","v":""},{"$f":"IF(INDIRECT(\"'MRO Certificate Printing'!I\"&((ROW()-2)*4)+2)=\"\",\"\",INDIRECT(\"'MRO Certificate Printing'!I\"&((ROW()-2)*4)+2))","v":""},{"$f":"IF(INDIRECT(\"'MRO Certificate Printing'!K\"&((ROW()-2)*4)+2)=\"\",\"\",INDIRECT(\"'MRO Certificate Printing'!K\"&((ROW()-2)*4)+2))","v":""},null,{"$f":"IF(INDIRECT(\"'MRO Certificate Printing'!D\"&((ROW()-2)*4)+3)=\"\",\"\",INDIRECT(\"'MRO Certificate Printing'!D\"&((ROW()-2)*4)+3))","v":""},{"$f":"IF(INDIRECT(\"'MRO Certificate Printing'!E\"&((ROW()-2)*4)+3)=\"\",\"\",INDIRECT(\"'MRO Certificate Printing'!E\"&((ROW()-2)*4)+3))","v":""},{"$f":"IF(INDIRECT(\"'MRO Certificate Printing'!F\"&((ROW()-2)*4)+3)=\"\",\"\",INDIRECT(\"'MRO Certificate Printing'!F\"&((ROW()-2)*4)+3))","v":""},{"$f":"IF(INDIRECT(\"'MRO Certificate Printing'!B\"&((ROW()-2)*4)+3)=\"\",\"\",INDIRECT(\"'MRO Certificate Printing'!B\"&((ROW()-2)*4)+3))","v":""},{"$f":"IF(INDIRECT(\"'MRO Certificate Printing'!G\"&((ROW()-2)*4)+3)=\"\",\"\",INDIRECT(\"'MRO Certificate Printing'!G\"&((ROW()-2)*4)+3))","v":""},{"$f":"IF(INDIRECT(\"'MRO Certificate Printing'!J\"&((ROW()-2)*4)+3)=\"\",\"\",INDIRECT(\"'MRO Certificate Printing'!J\"&((ROW()-2)*4)+3))","v":""},{"$f":"IF(INDIRECT(\"'MRO Certificate Printing'!I\"&((ROW()-2)*4)+3)=\"\",\"\",INDIRECT(\"'MRO Certificate Printing'!I\"&((ROW()-2)*4)+3))","v":""},{"$f":"IF(INDIRECT(\"'MRO Certificate Printing'!K\"&((ROW()-2)*4)+3)=\"\",\"\",INDIRECT(\"'MRO Certificate Printing'!K\"&((ROW()-2)*4)+3))","v":""},null,{"$f":"IF(INDIRECT(\"'MRO Certificate Printing'!D\"&((ROW()-2)*4)+4)=\"\",\"\",INDIRECT(\"'MRO Certificate Printing'!D\"&((ROW()-2)*4)+4))","v":""},{"$f":"IF(INDIRECT(\"'MRO Certificate Printing'!E\"&((ROW()-2)*4)+4)=\"\",\"\",INDIRECT(\"'MRO Certificate Printing'!E\"&((ROW()-2)*4)+4))","v":""},{"$f":"IF(INDIRECT(\"'MRO Certificate Printing'!F\"&((ROW()-2)*4)+4)=\"\",\"\",INDIRECT(\"'MRO Certificate Printing'!F\"&((ROW()-2)*4)+4))","v":""},{"$f":"IF(INDIRECT(\"'MRO Certificate Printing'!B\"&((ROW()-2)*4)+4)=\"\",\"\",INDIRECT(\"'MRO Certificate Printing'!B\"&((ROW()-2)*4)+4))","v":""},{"$f":"IF(INDIRECT(\"'MRO Certificate Printing'!G\"&((ROW()-2)*4)+4)=\"\",\"\",INDIRECT(\"'MRO Certificate Printing'!G\"&((ROW()-2)*4)+4))","v":""},{"$f":"IF(INDIRECT(\"'MRO Certificate Printing'!J\"&((ROW()-2)*4)+4)=\"\",\"\",INDIRECT(\"'MRO Certificate Printing'!J\"&((ROW()-2)*4)+4))","v":""},{"$f":"IF(INDIRECT(\"'MRO Certificate Printing'!I\"&((ROW()-2)*4)+4)=\"\",\"\",INDIRECT(\"'MRO Certificate Printing'!I\"&((ROW()-2)*4)+4))","v":""},{"$f":"IF(INDIRECT(\"'MRO Certificate Printing'!K\"&((ROW()-2)*4)+4)=\"\",\"\",INDIRECT(\"'MRO Certificate Printing'!K\"&((ROW()-2)*4)+4))","v":""},null,{"$f":"IF(INDIRECT(\"'MRO Certificate Printing'!D\"&((ROW()-2)*4)+5)=\"\",\"\",INDIRECT(\"'MRO Certificate Printing'!D\"&((ROW()-2)*4)+5))","v":""},{"$f":"IF(INDIRECT(\"'MRO Certificate Printing'!E\"&((ROW()-2)*4)+5)=\"\",\"\",INDIRECT(\"'MRO Certificate Printing'!E\"&((ROW()-2)*4)+5))","v":""},{"$f":"IF(INDIRECT(\"'MRO Certificate Printing'!F\"&((ROW()-2)*4)+5)=\"\",\"\",INDIRECT(\"'MRO Certificate Printing'!F\"&((ROW()-2)*4)+5))","v":""},{"$f":"IF(INDIRECT(\"'MRO Certificate Printing'!B\"&((ROW()-2)*4)+5)=\"\",\"\",INDIRECT(\"'MRO Certificate Printing'!B\"&((ROW()-2)*4)+5))","v":""},{"$f":"IF(INDIRECT(\"'MRO Certificate Printing'!G\"&((ROW()-2)*4)+5)=\"\",\"\",INDIRECT(\"'MRO Certificate Printing'!G\"&((ROW()-2)*4)+5))","v":""},{"$f":"IF(INDIRECT(\"'MRO Certificate Printing'!J\"&((ROW()-2)*4)+5)=\"\",\"\",INDIRECT(\"'MRO Certificate Printing'!J\"&((ROW()-2)*4)+5))","v":""},{"$f":"IF(INDIRECT(\"'MRO Certificate Printing'!I\"&((ROW()-2)*4)+5)=\"\",\"\",INDIRECT(\"'MRO Certificate Printing'!I\"&((ROW()-2)*4)+5))","v":""},{"$f":"IF(INDIRECT(\"'MRO Certificate Printing'!K\"&((ROW()-2)*4)+5)=\"\",\"\",INDIRECT(\"'MRO Certificate Printing'!K\"&((ROW()-2)*4)+5))","v":""}]
["",{"$f":"IF(INDIRECT(\"'MRO Certificate Printing'!D\"&((ROW()-2)*4)+2)=\"\",\"\",INDIRECT(\"'MRO Certificate Printing'!D\"&((ROW()-2)*4)+2))","v":""},{"$f":"IF(INDIRECT(\"'MRO Certificate Printing'!E\"&((ROW()-2)*4)+2)=\"\",\"\",INDIRECT(\"'MRO Certificate Printing'!E\"&((ROW()-2)*4)+2))","v":""},{"$f":"IF(INDIRECT(\"'MRO Certificate Printing'!F\"&((ROW()-2)*4)+2)=\"\",\"\",INDIRECT(\"'MRO Certificate Printing'!F\"&((ROW()-2)*4)+2))","v":""},{"$f":"IF(INDIRECT(\"'MRO Certificate Printing'!B\"&((ROW()-2)*4)+2)=\"\",\"\",INDIRECT(\"'MRO Certificate Printing'!B\"&((ROW()-2)*4)+2))","v":""},{"$f":"IF(INDIRECT(\"'MRO Certificate Printing'!G\"&((ROW()-2)*4)+2)=\"\",\"\",INDIRECT(\"'MRO Certificate Printing'!G\"&((ROW()-2)*4)+2))","v":""},{"$f":"IF(INDIRECT(\"'MRO Certificate Printing'!J\"&((ROW()-2)*4)+2)=\"\",\"\",INDIRECT(\"'MRO Certificate Printing'!J\"&((ROW()-2)*4)+2))","v":""},{"$f":"IF(INDIRECT(\"'MRO Certificate Printing'!I\"&((ROW()-2)*4)+2)=\"\",\"\",INDIRECT(\"'MRO Certificate Printing'!I\"&((ROW()-2)*4)+2))","v":""},{"$f":"IF(INDIRECT(\"'MRO Certificate Printing'!K\"&((ROW()-2)*4)+2)=\"\",\"\",INDIRECT(\"'MRO Certificate Printing'!K\"&((ROW()-2)*4)+2))","v":""},null,{"$f":"IF(INDIRECT(\"'MRO Certificate Printing'!D\"&((ROW()-2)*4)+3)=\"\",\"\",INDIRECT(\"'MRO Certificate Printing'!D\"&((ROW()-2)*4)+3))","v":""},{"$f":"IF(INDIRECT(\"'MRO Certificate Printing'!E\"&((ROW()-2)*4)+3)=\"\",\"\",INDIRECT(\"'MRO Certificate Printing'!E\"&((ROW()-2)*4)+3))","v":""},{"$f":"IF(INDIRECT(\"'MRO Certificate Printing'!F\"&((ROW()-2)*4)+3)=\"\",\"\",INDIRECT(\"'MRO Certificate Printing'!F\"&((ROW()-2)*4)+3))","v":""},{"$f":"IF(INDIRECT(\"'MRO Certificate Printing'!B\"&((ROW()-2)*4)+3)=\"\",\"\",INDIRECT(\"'MRO Certificate Printing'!B\"&((ROW()-2)*4)+3))","v":""},{"$f":"IF(INDIRECT(\"'MRO Certificate Printing'!G\"&((ROW()-2)*4)+3)=\"\",\"\",INDIRECT(\"'MRO Certificate Printing'!G\"&((ROW()-2)*4)+3))","v":""},{"$f":"IF(INDIRECT(\"'MRO Certificate Printing'!J\"&((ROW()-2)*4)+3)=\"\",\"\",INDIRECT(\"'MRO Certificate Printing'!J\"&((ROW()-2)*4)+3))","v":""},{"$f":"IF(INDIRECT(\"'MRO Certificate Printing'!I\"&((ROW()-2)*4)+3)=\"\",\"\",INDIRECT(\"'MRO Certificate Printing'!I\"&((ROW()-2)*4)+3))","v":""},{"$f":"IF(INDIRECT(\"'MRO Certificate Printing'!K\"&((ROW()-2)*4)+3)=\"\",\"\",INDIRECT(\"'MRO Certificate Printing'!K\"&((ROW()-2)*4)+3))","v":""},null,{"$f":"IF(INDIRECT(\"'MRO Certificate Printing'!D\"&((ROW()-2)*4)+4)=\"\",\"\",INDIRECT(\"'MRO Certificate Printing'!D\"&((ROW()-2)*4)+4))","v":""},{"$f":"IF(INDIRECT(\"'MRO Certificate Printing'!E\"&((ROW()-2)*4)+4)=\"\",\"\",INDIRECT(\"'MRO Certificate Printing'!E\"&((ROW()-2)*4)+4))","v":""},{"$f":"IF(INDIRECT(\"'MRO Certificate Printing'!F\"&((ROW()-2)*4)+4)=\"\",\"\",INDIRECT(\"'MRO Certificate Printing'!F\"&((ROW()-2)*4)+4))","v":""},{"$f":"IF(INDIRECT(\"'MRO Certificate Printing'!B\"&((ROW()-2)*4)+4)=\"\",\"\",INDIRECT(\"'MRO Certificate Printing'!B\"&((ROW()-2)*4)+4))","v":""},{"$f":"IF(INDIRECT(\"'MRO Certificate Printing'!G\"&((ROW()-2)*4)+4)=\"\",\"\",INDIRECT(\"'MRO Certificate Printing'!G\"&((ROW()-2)*4)+4))","v":""},{"$f":"IF(INDIRECT(\"'MRO Certificate Printing'!J\"&((ROW()-2)*4)+4)=\"\",\"\",INDIRECT(\"'MRO Certificate Printing'!J\"&((ROW()-2)*4)+4))","v":""},{"$f":"IF(INDIRECT(\"'MRO Certificate Printing'!I\"&((ROW()-2)*4)+4)=\"\",\"\",INDIRECT(\"'MRO Certificate Printing'!I\"&((ROW()-2)*4)+4))","v":""},{"$f":"IF(INDIRECT(\"'MRO Certificate Printing'!K\"&((ROW()-2)*4)+4)=\"\",\"\",INDIRECT(\"'MRO Certificate Printing'!K\"&((ROW()-2)*4)+4))","v":""},null,{"$f":"IF(INDIRECT(\"'MRO Certificate Printing'!D\"&((ROW()-2)*4)+5)=\"\",\"\",INDIRECT(\"'MRO Certificate Printing'!D\"&((ROW()-2)*4)+5))","v":""},{"$f":"IF(INDIRECT(\"'MRO Certificate Printing'!E\"&((ROW()-2)*4)+5)=\"\",\"\",INDIRECT(\"'MRO Certificate Printing'!E\"&((ROW()-2)*4)+5))","v":""},{"$f":"IF(INDIRECT(\"'MRO Certificate Printing'!F\"&((ROW()-2)*4)+5)=\"\",\"\",INDIRECT(\"'MRO Certificate Printing'!F\"&((ROW()-2)*4)+5))","v":""},{"$f":"IF(INDIRECT(\"'MRO Certificate Printing'!B\"&((ROW()-2)*4)+5)=\"\",\"\",INDIRECT(\"'MRO Certificate Printing'!B\"&((ROW()-2)*4)+5))","v":""},{"$f":"IF(INDIRECT(\"'MRO Certificate Printing'!G\"&((ROW()-2)*4)+5)=\"\",\"\",INDIRECT(\"'MRO Certificate Printing'!G\"&((ROW()-2)*4)+5))","v":""},{"$f":"IF(INDIRECT(\"'MRO Certificate Printing'!J\"&((ROW()-2)*4)+5)=\"\",\"\",INDIRECT(\"'MRO Certificate Printing'!J\"&((ROW()-2)*4)+5))","v":""},{"$f":"IF(INDIRECT(\"'MRO Certificate Printing'!I\"&((ROW()-2)*4)+5)=\"\",\"\",INDIRECT(\"'MRO Certificate Printing'!I\"&((ROW()-2)*4)+5))","v":""},{"$f":"IF(INDIRECT(\"'MRO Certificate Printing'!K\"&((ROW()-2)*4)+5)=\"\",\"\",INDIRECT(\"'MRO Certificate Printing'!K\"&((ROW()-2)*4)+5))","v":""}]
["",{"$f":"IF(INDIRECT(\"'MRO Certificate Printing'!D\"&((ROW()-2)*4)+2)=\"\",\"\",INDIRECT(\"'MRO Certificate Printing'!D\"&((ROW()-2)*4)+2))","v":""},{"$f":"IF(INDIRECT(\"'MRO Certificate Printing'!E\"&((ROW()-2)*4)+2)=\"\",\"\",INDIRECT(\"'MRO Certificate Printing'!E\"&((ROW()-2)*4)+2))","v":""},{"$f":"IF(INDIRECT(\"'MRO Certificate Printing'!F\"&((ROW()-2)*4)+2)=\"\",\"\",INDIRECT(\"'MRO Certificate Printing'!F\"&((ROW()-2)*4)+2))","v":""},{"$f":"IF(INDIRECT(\"'MRO Certificate Printing'!B\"&((ROW()-2)*4)+2)=\"\",\"\",INDIRECT(\"'MRO Certificate Printing'!B\"&((ROW()-2)*4)+2))","v":""},{"$f":"IF(INDIRECT(\"'MRO Certificate Printing'!G\"&((ROW()-2)*4)+2)=\"\",\"\",INDIRECT(\"'MRO Certificate Printing'!G\"&((ROW()-2)*4)+2))","v":""},{"$f":"IF(INDIRECT(\"'MRO Certificate Printing'!J\"&((ROW()-2)*4)+2)=\"\",\"\",INDIRECT(\"'MRO Certificate Printing'!J\"&((ROW()-2)*4)+2))","v":""},{"$f":"IF(INDIRECT(\"'MRO Certificate Printing'!I\"&((ROW()-2)*4)+2)=\"\",\"\",INDIRECT(\"'MRO Certificate Printing'!I\"&((ROW()-2)*4)+2))","v":""},{"$f":"IF(INDIRECT(\"'MRO Certificate Printing'!K\"&((ROW()-2)*4)+2)=\"\",\"\",INDIRECT(\"'MRO Certificate Printing'!K\"&((ROW()-2)*4)+2))","v":""},null,{"$f":"IF(INDIRECT(\"'MRO Certificate Printing'!D\"&((ROW()-2)*4)+3)=\"\",\"\",INDIRECT(\"'MRO Certificate Printing'!D\"&((ROW()-2)*4)+3))","v":""},{"$f":"IF(INDIRECT(\"'MRO Certificate Printing'!E\"&((ROW()-2)*4)+3)=\"\",\"\",INDIRECT(\"'MRO Certificate Printing'!E\"&((ROW()-2)*4)+3))","v":""},{"$f":"IF(INDIRECT(\"'MRO Certificate Printing'!F\"&((ROW()-2)*4)+3)=\"\",\"\",INDIRECT(\"'MRO Certificate Printing'!F\"&((ROW()-2)*4)+3))","v":""},{"$f":"IF(INDIRECT(\"'MRO Certificate Printing'!B\"&((ROW()-2)*4)+3)=\"\",\"\",INDIRECT(\"'MRO Certificate Printing'!B\"&((ROW()-2)*4)+3))","v":""},{"$f":"IF(INDIRECT(\"'MRO Certificate Printing'!G\"&((ROW()-2)*4)+3)=\"\",\"\",INDIRECT(\"'MRO Certificate Printing'!G\"&((ROW()-2)*4)+3))","v":""},{"$f":"IF(INDIRECT(\"'MRO Certificate Printing'!J\"&((ROW()-2)*4)+3)=\"\",\"\",INDIRECT(\"'MRO Certificate Printing'!J\"&((ROW()-2)*4)+3))","v":""},{"$f":"IF(INDIRECT(\"'MRO Certificate Printing'!I\"&((ROW()-2)*4)+3)=\"\",\"\",INDIRECT(\"'MRO Certificate Printing'!I\"&((ROW()-2)*4)+3))","v":""},{"$f":"IF(INDIRECT(\"'MRO Certificate Printing'!K\"&((ROW()-2)*4)+3)=\"\",\"\",INDIRECT(\"'MRO Certificate Printing'!K\"&((ROW()-2)*4)+3))","v":""},null,{"$f":"IF(INDIRECT(\"'MRO Certificate Printing'!D\"&((ROW()-2)*4)+4)=\"\",\"\",INDIRECT(\"'MRO Certificate Printing'!D\"&((ROW()-2)*4)+4))","v":""},{"$f":"IF(INDIRECT(\"'MRO Certificate Printing'!E\"&((ROW()-2)*4)+4)=\"\",\"\",INDIRECT(\"'MRO Certificate Printing'!E\"&((ROW()-2)*4)+4))","v":""},{"$f":"IF(INDIRECT(\"'MRO Certificate Printing'!F\"&((ROW()-2)*4)+4)=\"\",\"\",INDIRECT(\"'MRO Certificate Printing'!F\"&((ROW()-2)*4)+4))","v":""},{"$f":"IF(INDIRECT(\"'MRO Certificate Printing'!B\"&((ROW()-2)*4)+4)=\"\",\"\",INDIRECT(\"'MRO Certificate Printing'!B\"&((ROW()-2)*4)+4))","v":""},{"$f":"IF(INDIRECT(\"'MRO Certificate Printing'!G\"&((ROW()-2)*4)+4)=\"\",\"\",INDIRECT(\"'MRO Certificate Printing'!G\"&((ROW()-2)*4)+4))","v":""},{"$f":"IF(INDIRECT(\"'MRO Certificate Printing'!J\"&((ROW()-2)*4)+4)=\"\",\"\",INDIRECT(\"'MRO Certificate Printing'!J\"&((ROW()-2)*4)+4))","v":""},{"$f":"IF(INDIRECT(\"'MRO Certificate Printing'!I\"&((ROW()-2)*4)+4)=\"\",\"\",INDIRECT(\"'MRO Certificate Printing'!I\"&((ROW()-2)*4)+4))","v":""},{"$f":"IF(INDIRECT(\"'MRO Certificate Printing'!K\"&((ROW()-2)*4)+4)=\"\",\"\",INDIRECT(\"'MRO Certificate Printing'!K\"&((ROW()-2)*4)+4))","v":""},null,{"$f":"IF(INDIRECT(\"'MRO Certificate Printing'!D\"&((ROW()-2)*4)+5)=\"\",\"\",INDIRECT(\"'MRO Certificate Printing'!D\"&((ROW()-2)*4)+5))","v":""},{"$f":"IF(INDIRECT(\"'MRO Certificate Printing'!E\"&((ROW()-2)*4)+5)=\"\",\"\",INDIRECT(\"'MRO Certificate Printing'!E\"&((ROW()-2)*4)+5))","v":""},{"$f":"IF(INDIRECT(\"'MRO Certificate Printing'!F\"&((ROW()-2)*4)+5)=\"\",\"\",INDIRECT(\"'MRO Certificate Printing'!F\"&((ROW()-2)*4)+5))","v":""},{"$f":"IF(INDIRECT(\"'MRO Certificate Printing'!B\"&((ROW()-2)*4)+5)=\"\",\"\",INDIRECT(\"'MRO Certificate Printing'!B\"&((ROW()-2)*4)+5))","v":""},{"$f":"IF(INDIRECT(\"'MRO Certificate Printing'!G\"&((ROW()-2)*4)+5)=\"\",\"\",INDIRECT(\"'MRO Certificate Printing'!G\"&((ROW()-2)*4)+5))","v":""},{"$f":"IF(INDIRECT(\"'MRO Certificate Printing'!J\"&((ROW()-2)*4)+5)=\"\",\"\",INDIRECT(\"'MRO Certificate Printing'!J\"&((ROW()-2)*4)+5))","v":""},{"$f":"IF(INDIRECT(\"'MRO Certificate Printing'!I\"&((ROW()-2)*4)+5)=\"\",\"\",INDIRECT(\"'MRO Certificate Printing'!I\"&((ROW()-2)*4)+5))","v":""},{"$f":"IF(INDIRECT(\"'MRO Certificate Printing'!K\"&((ROW()-2)*4)+5)=\"\",\"\",INDIRECT(\"'MRO Certificate Printing'!K\"&((ROW()-2)*4)+5))","v":""}]
["",{"$f":"IF(INDIRECT(\"'MRO Certificate Printing'!D\"&((ROW()-2)*4)+2)=\"\",\"\",INDIRECT(\"'MRO Certificate Printing'!D\"&((ROW()-2)*4)+2))","v":""},{"$f":"IF(INDIRECT(\"'MRO Certificate Printing'!E\"&((ROW()-2)*4)+2)=\"\",\"\",INDIRECT(\"'MRO Certificate Printing'!E\"&((ROW()-2)*4)+2))","v":""},{"$f":"IF(INDIRECT(\"'MRO Certificate Printing'!F\"&((ROW()-2)*4)+2)=\"\",\"\",INDIRECT(\"'MRO Certificate Printing'!F\"&((ROW()-2)*4)+2))","v":""},{"$f":"IF(INDIRECT(\"'MRO Certificate Printing'!B\"&((ROW()-2)*4)+2)=\"\",\"\",INDIRECT(\"'MRO Certificate Printing'!B\"&((ROW()-2)*4)+2))","v":""},{"$f":"IF(INDIRECT(\"'MRO Certificate Printing'!G\"&((ROW()-2)*4)+2)=\"\",\"\",INDIRECT(\"'MRO Certificate Printing'!G\"&((ROW()-2)*4)+2))","v":""},{"$f":"IF(INDIRECT(\"'MRO Certificate Printing'!J\"&((ROW()-2)*4)+2)=\"\",\"\",INDIRECT(\"'MRO Certificate Printing'!J\"&((ROW()-2)*4)+2))","v":""},{"$f":"IF(INDIRECT(\"'MRO Certificate Printing'!I\"&((ROW()-2)*4)+2)=\"\",\"\",INDIRECT(\"'MRO Certificate Printing'!I\"&((ROW()-2)*4)+2))","v":""},{"$f":"IF(INDIRECT(\"'MRO Certificate Printing'!K\"&((ROW()-2)*4)+2)=\"\",\"\",INDIRECT(\"'MRO Certificate Printing'!K\"&((ROW()-2)*4)+2))","v":""},null,{"$f":"IF(INDIRECT(\"'MRO Certificate Printing'!D\"&((ROW()-2)*4)+3)=\"\",\"\",INDIRECT(\"'MRO Certificate Printing'!D\"&((ROW()-2)*4)+3))","v":""},{"$f":"IF(INDIRECT(\"'MRO Certificate Printing'!E\"&((ROW()-2)*4)+3)=\"\",\"\",INDIRECT(\"'MRO Certificate Printing'!E\"&((ROW()-2)*4)+3))","v":""},{"$f":"IF(INDIRECT(\"'MRO Certificate Printing'!F\"&((ROW()-2)*4)+3)=\"\",\"\",INDIRECT(\"'MRO Certificate Printing'!F\"&((ROW()-2)*4)+3))","v":""},{"$f":"IF(INDIRECT(\"'MRO Certificate Printing'!B\"&((ROW()-2)*4)+3)=\"\",\"\",INDIRECT(\"'MRO Certificate Printing'!B\"&((ROW()-2)*4)+3))","v":""},{"$f":"IF(INDIRECT(\"'MRO Certificate Printing'!G\"&((ROW()-2)*4)+3)=\"\",\"\",INDIRECT(\"'MRO Certificate Printing'!G\"&((ROW()-2)*4)+3))","v":""},{"$f":"IF(INDIRECT(\"'MRO Certificate Printing'!J\"&((ROW()-2)*4)+3)=\"\",\"\",INDIRECT(\"'MRO Certificate Printing'!J\"&((ROW()-2)*4)+3))","v":""},{"$f":"IF(INDIRECT(\"'MRO Certificate Printing'!I\"&((ROW()-2)*4)+3)=\"\",\"\",INDIRECT(\"'MRO Certificate Printing'!I\"&((ROW()-2)*4)+3))","v":""},{"$f":"IF(INDIRECT(\"'MRO Certificate Printing'!K\"&((ROW()-2)*4)+3)=\"\",\"\",INDIRECT(\"'MRO Certificate Printing'!K\"&((ROW()-2)*4)+3))","v":""},null,{"$f":"IF(INDIRECT(\"'MRO Certificate Printing'!D\"&((ROW()-2)*4)+4)=\"\",\"\",INDIRECT(\"'MRO Certificate Printing'!D\"&((ROW()-2)*4)+4))","v":""},{"$f":"IF(INDIRECT(\"'MRO Certificate Printing'!E\"&((ROW()-2)*4)+4)=\"\",\"\",INDIRECT(\"'MRO Certificate Printing'!E\"&((ROW()-2)*4)+4))","v":""},{"$f":"IF(INDIRECT(\"'MRO Certificate Printing'!F\"&((ROW()-2)*4)+4)=\"\",\"\",INDIRECT(\"'MRO Certificate Printing'!F\"&((ROW()-2)*4)+4))","v":""},{"$f":"IF(INDIRECT(\"'MRO Certificate Printing'!B\"&((ROW()-2)*4)+4)=\"\",\"\",INDIRECT(\"'MRO Certificate Printing'!B\"&((ROW()-2)*4)+4))","v":""},{"$f":"IF(INDIRECT(\"'MRO Certificate Printing'!G\"&((ROW()-2)*4)+4)=\"\",\"\",INDIRECT(\"'MRO Certificate Printing'!G\"&((ROW()-2)*4)+4))","v":""},{"$f":"IF(INDIRECT(\"'MRO Certificate Printing'!J\"&((ROW()-2)*4)+4)=\"\",\"\",INDIRECT(\"'MRO Certificate Printing'!J\"&((ROW()-2)*4)+4))","v":""},{"$f":"IF(INDIRECT(\"'MRO Certificate Printing'!I\"&((ROW()-2)*4)+4)=\"\",\"\",INDIRECT(\"'MRO Certificate Printing'!I\"&((ROW()-2)*4)+4))","v":""},{"$f":"IF(INDIRECT(\"'MRO Certificate Printing'!K\"&((ROW()-2)*4)+4)=\"\",\"\",INDIRECT(\"'MRO Certificate Printing'!K\"&((ROW()-2)*4)+4))","v":""},null,{"$f":"IF(INDIRECT(\"'MRO Certificate Printing'!D\"&((ROW()-2)*4)+5)=\"\",\"\",INDIRECT(\"'MRO Certificate Printing'!D\"&((ROW()-2)*4)+5))","v":""},{"$f":"IF(INDIRECT(\"'MRO Certificate Printing'!E\"&((ROW()-2)*4)+5)=\"\",\"\",INDIRECT(\"'MRO Certificate Printing'!E\"&((ROW()-2)*4)+5))","v":""},{"$f":"IF(INDIRECT(\"'MRO Certificate Printing'!F\"&((ROW()-2)*4)+5)=\"\",\"\",INDIRECT(\"'MRO Certificate Printing'!F\"&((ROW()-2)*4)+5))","v":""},{"$f":"IF(INDIRECT(\"'MRO Certificate Printing'!B\"&((ROW()-2)*4)+5)=\"\",\"\",INDIRECT(\"'MRO Certificate Printing'!B\"&((ROW()-2)*4)+5))","v":""},{"$f":"IF(INDIRECT(\"'MRO Certificate Printing'!G\"&((ROW()-2)*4)+5)=\"\",\"\",INDIRECT(\"'MRO Certificate Printing'!G\"&((ROW()-2)*4)+5))","v":""},{"$f":"IF(INDIRECT(\"'MRO Certificate Printing'!J\"&((ROW()-2)*4)+5)=\"\",\"\",INDIRECT(\"'MRO Certificate Printing'!J\"&((ROW()-2)*4)+5))","v":""},{"$f":"IF(INDIRECT(\"'MRO Certificate Printing'!I\"&((ROW()-2)*4)+5)=\"\",\"\",INDIRECT(\"'MRO Certificate Printing'!I\"&((ROW()-2)*4)+5))","v":""},{"$f":"IF(INDIRECT(\"'MRO Certificate Printing'!K\"&((ROW()-2)*4)+5)=\"\",\"\",INDIRECT(\"'MRO Certificate Printing'!K\"&((ROW()-2)*4)+5))","v":""}]
["",{"$f":"IF(INDIRECT(\"'MRO Certificate Printing'!D\"&((ROW()-2)*4)+2)=\"\",\"\",INDIRECT(\"'MRO Certificate Printing'!D\"&((ROW()-2)*4)+2))","v":""},{"$f":"IF(INDIRECT(\"'MRO Certificate Printing'!E\"&((ROW()-2)*4)+2)=\"\",\"\",INDIRECT(\"'MRO Certificate Printing'!E\"&((ROW()-2)*4)+2))","v":""},{"$f":"IF(INDIRECT(\"'MRO Certificate Printing'!F\"&((ROW()-2)*4)+2)=\"\",\"\",INDIRECT(\"'MRO Certificate Printing'!F\"&((ROW()-2)*4)+2))","v":""},{"$f":"IF(INDIRECT(\"'MRO Certificate Printing'!B\"&((ROW()-2)*4)+2)=\"\",\"\",INDIRECT(\"'MRO Certificate Printing'!B\"&((ROW()-2)*4)+2))","v":""},{"$f":"IF(INDIRECT(\"'MRO Certificate Printing'!G\"&((ROW()-2)*4)+2)=\"\",\"\",INDIRECT(\"'MRO Certificate Printing'!G\"&((ROW()-2)*4)+2))","v":""},{"$f":"IF(INDIRECT(\"'MRO Certificate Printing'!J\"&((ROW()-2)*4)+2)=\"\",\"\",INDIRECT(\"'MRO Certificate Printing'!J\"&((ROW()-2)*4)+2))","v":""},{"$f":"IF(INDIRECT(\"'MRO Certificate Printing'!I\"&((ROW()-2)*4)+2)=\"\",\"\",INDIRECT(\"'MRO Certificate Printing'!I\"&((ROW()-2)*4)+2))","v":""},{"$f":"IF(INDIRECT(\"'MRO Certificate Printing'!K\"&((ROW()-2)*4)+2)=\"\",\"\",INDIRECT(\"'MRO Certificate Printing'!K\"&((ROW()-2)*4)+2))","v":""},null,{"$f":"IF(INDIRECT(\"'MRO Certificate Printing'!D\"&((ROW()-2)*4)+3)=\"\",\"\",INDIRECT(\"'MRO Certificate Printing'!D\"&((ROW()-2)*4)+3))","v":""},{"$f":"IF(INDIRECT(\"'MRO Certificate Printing'!E\"&((ROW()-2)*4)+3)=\"\",\"\",INDIRECT(\"'MRO Certificate Printing'!E\"&((ROW()-2)*4)+3))","v":""},{"$f":"IF(INDIRECT(\"'MRO Certificate Printing'!F\"&((ROW()-2)*4)+3)=\"\",\"\",INDIRECT(\"'MRO Certificate Printing'!F\"&((ROW()-2)*4)+3))","v":""},{"$f":"IF(INDIRECT(\"'MRO Certificate Printing'!B\"&((ROW()-2)*4)+3)=\"\",\"\",INDIRECT(\"'MRO Certificate Printing'!B\"&((ROW()-2)*4)+3))","v":""},{"$f":"IF(INDIRECT(\"'MRO Certificate Printing'!G\"&((ROW()-2)*4)+3)=\"\",\"\",INDIRECT(\"'MRO Certificate Printing'!G\"&((ROW()-2)*4)+3))","v":""},{"$f":"IF(INDIRECT(\"'MRO Certificate Printing'!J\"&((ROW()-2)*4)+3)=\"\",\"\",INDIRECT(\"'MRO Certificate Printing'!J\"&((ROW()-2)*4)+3))","v":""},{"$f":"IF(INDIRECT(\"'MRO Certificate Printing'!I\"&((ROW()-2)*4)+3)=\"\",\"\",INDIRECT(\"'MRO Certificate Printing'!I\"&((ROW()-2)*4)+3))","v":""},{"$f":"IF(INDIRECT(\"'MRO Certificate Printing'!K\"&((ROW()-2)*4)+3)=\"\",\"\",INDIRECT(\"'MRO Certificate Printing'!K\"&((ROW()-2)*4)+3))","v":""},null,{"$f":"IF(INDIRECT(\"'MRO Certificate Printing'!D\"&((ROW()-2)*4)+4)=\"\",\"\",INDIRECT(\"'MRO Certificate Printing'!D\"&((ROW()-2)*4)+4))","v":""},{"$f":"IF(INDIRECT(\"'MRO Certificate Printing'!E\"&((ROW()-2)*4)+4)=\"\",\"\",INDIRECT(\"'MRO Certificate Printing'!E\"&((ROW()-2)*4)+4))","v":""},{"$f":"IF(INDIRECT(\"'MRO Certificate Printing'!F\"&((ROW()-2)*4)+4)=\"\",\"\",INDIRECT(\"'MRO Certificate Printing'!F\"&((ROW()-2)*4)+4))","v":""},{"$f":"IF(INDIRECT(\"'MRO Certificate Printing'!B\"&((ROW()-2)*4)+4)=\"\",\"\",INDIRECT(\"'MRO Certificate Printing'!B\"&((ROW()-2)*4)+4))","v":""},{"$f":"IF(INDIRECT(\"'MRO Certificate Printing'!G\"&((ROW()-2)*4)+4)=\"\",\"\",INDIRECT(\"'MRO Certificate Printing'!G\"&((ROW()-2)*4)+4))","v":""},{"$f":"IF(INDIRECT(\"'MRO Certificate Printing'!J\"&((ROW()-2)*4)+4)=\"\",\"\",INDIRECT(\"'MRO Certificate Printing'!J\"&((ROW()-2)*4)+4))","v":""},{"$f":"IF(INDIRECT(\"'MRO Certificate Printing'!I\"&((ROW()-2)*4)+4)=\"\",\"\",INDIRECT(\"'MRO Certificate Printing'!I\"&((ROW()-2)*4)+4))","v":""},{"$f":"IF(INDIRECT(\"'MRO Certificate Printing'!K\"&((ROW()-2)*4)+4)=\"\",\"\",INDIRECT(\"'MRO Certificate Printing'!K\"&((ROW()-2)*4)+4))","v":""},null,{"$f":"IF(INDIRECT(\"'MRO Certificate Printing'!D\"&((ROW()-2)*4)+5)=\"\",\"\",INDIRECT(\"'MRO Certificate Printing'!D\"&((ROW()-2)*4)+5))","v":""},{"$f":"IF(INDIRECT(\"'MRO Certificate Printing'!E\"&((ROW()-2)*4)+5)=\"\",\"\",INDIRECT(\"'MRO Certificate Printing'!E\"&((ROW()-2)*4)+5))","v":""},{"$f":"IF(INDIRECT(\"'MRO Certificate Printing'!F\"&((ROW()-2)*4)+5)=\"\",\"\",INDIRECT(\"'MRO Certificate Printing'!F\"&((ROW()-2)*4)+5))","v":""},{"$f":"IF(INDIRECT(\"'MRO Certificate Printing'!B\"&((ROW()-2)*4)+5)=\"\",\"\",INDIRECT(\"'MRO Certificate Printing'!B\"&((ROW()-2)*4)+5))","v":""},{"$f":"IF(INDIRECT(\"'MRO Certificate Printing'!G\"&((ROW()-2)*4)+5)=\"\",\"\",INDIRECT(\"'MRO Certificate Printing'!G\"&((ROW()-2)*4)+5))","v":""},{"$f":"IF(INDIRECT(\"'MRO Certificate Printing'!J\"&((ROW()-2)*4)+5)=\"\",\"\",INDIRECT(\"'MRO Certificate Printing'!J\"&((ROW()-2)*4)+5))","v":""},{"$f":"IF(INDIRECT(\"'MRO Certificate Printing'!I\"&((ROW()-2)*4)+5)=\"\",\"\",INDIRECT(\"'MRO Certificate Printing'!I\"&((ROW()-2)*4)+5))","v":""},{"$f":"IF(INDIRECT(\"'MRO Certificate Printing'!K\"&((ROW()-2)*4)+5)=\"\",\"\",INDIRECT(\"'MRO Certificate Printing'!K\"&((ROW()-2)*4)+5))","v":""}]
["",{"$f":"IF(INDIRECT(\"'MRO Certificate Printing'!D\"&((ROW()-2)*4)+2)=\"\",\"\",INDIRECT(\"'MRO Certificate Printing'!D\"&((ROW()-2)*4)+2))","v":""},{"$f":"IF(INDIRECT(\"'MRO Certificate Printing'!E\"&((ROW()-2)*4)+2)=\"\",\"\",INDIRECT(\"'MRO Certificate Printing'!E\"&((ROW()-2)*4)+2))","v":""},{"$f":"IF(INDIRECT(\"'MRO Certificate Printing'!F\"&((ROW()-2)*4)+2)=\"\",\"\",INDIRECT(\"'MRO Certificate Printing'!F\"&((ROW()-2)*4)+2))","v":""},{"$f":"IF(INDIRECT(\"'MRO Certificate Printing'!B\"&((ROW()-2)*4)+2)=\"\",\"\",INDIRECT(\"'MRO Certificate Printing'!B\"&((ROW()-2)*4)+2))","v":""},{"$f":"IF(INDIRECT(\"'MRO Certificate Printing'!G\"&((ROW()-2)*4)+2)=\"\",\"\",INDIRECT(\"'MRO Certificate Printing'!G\"&((ROW()-2)*4)+2))","v":""},{"$f":"IF(INDIRECT(\"'MRO Certificate Printing'!J\"&((ROW()-2)*4)+2)=\"\",\"\",INDIRECT(\"'MRO Certificate Printing'!J\"&((ROW()-2)*4)+2))","v":""},{"$f":"IF(INDIRECT(\"'MRO Certificate Printing'!I\"&((ROW()-2)*4)+2)=\"\",\"\",INDIRECT(\"'MRO Certificate Printing'!I\"&((ROW()-2)*4)+2))","v":""},{"$f":"IF(INDIRECT(\"'MRO Certificate Printing'!K\"&((ROW()-2)*4)+2)=\"\",\"\",INDIRECT(\"'MRO Certificate Printing'!K\"&((ROW()-2)*4)+2))","v":""},null,{"$f":"IF(INDIRECT(\"'MRO Certificate Printing'!D\"&((ROW()-2)*4)+3)=\"\",\"\",INDIRECT(\"'MRO Certificate Printing'!D\"&((ROW()-2)*4)+3))","v":""},{"$f":"IF(INDIRECT(\"'MRO Certificate Printing'!E\"&((ROW()-2)*4)+3)=\"\",\"\",INDIRECT(\"'MRO Certificate Printing'!E\"&((ROW()-2)*4)+3))","v":""},{"$f":"IF(INDIRECT(\"'MRO Certificate Printing'!F\"&((ROW()-2)*4)+3)=\"\",\"\",INDIRECT(\"'MRO Certificate Printing'!F\"&((ROW()-2)*4)+3))","v":""},{"$f":"IF(INDIRECT(\"'MRO Certificate Printing'!B\"&((ROW()-2)*4)+3)=\"\",\"\",INDIRECT(\"'MRO Certificate Printing'!B\"&((ROW()-2)*4)+3))","v":""},{"$f":"IF(INDIRECT(\"'MRO Certificate Printing'!G\"&((ROW()-2)*4)+3)=\"\",\"\",INDIRECT(\"'MRO Certificate Printing'!G\"&((ROW()-2)*4)+3))","v":""},{"$f":"IF(INDIRECT(\"'MRO Certificate Printing'!J\"&((ROW()-2)*4)+3)=\"\",\"\",INDIRECT(\"'MRO Certificate Printing'!J\"&((ROW()-2)*4)+3))","v":""},{"$f":"IF(INDIRECT(\"'MRO Certificate Printing'!I\"&((ROW()-2)*4)+3)=\"\",\"\",INDIRECT(\"'MRO Certificate Printing'!I\"&((ROW()-2)*4)+3))","v":""},{"$f":"IF(INDIRECT(\"'MRO Certificate Printing'!K\"&((ROW()-2)*4)+3)=\"\",\"\",INDIRECT(\"'MRO Certificate Printing'!K\"&((ROW()-2)*4)+3))","v":""},null,{"$f":"IF(INDIRECT(\"'MRO Certificate Printing'!D\"&((ROW()-2)*4)+4)=\"\",\"\",INDIRECT(\"'MRO Certificate Printing'!D\"&((ROW()-2)*4)+4))","v":""},{"$f":"IF(INDIRECT(\"'MRO Certificate Printing'!E\"&((ROW()-2)*4)+4)=\"\",\"\",INDIRECT(\"'MRO Certificate Printing'!E\"&((ROW()-2)*4)+4))","v":""},{"$f":"IF(INDIRECT(\"'MRO Certificate Printing'!F\"&((ROW()-2)*4)+4)=\"\",\"\",INDIRECT(\"'MRO Certificate Printing'!F\"&((ROW()-2)*4)+4))","v":""},{"$f":"IF(INDIRECT(\"'MRO Certificate Printing'!B\"&((ROW()-2)*4)+4)=\"\",\"\",INDIRECT(\"'MRO Certificate Printing'!B\"&((ROW()-2)*4)+4))","v":""},{"$f":"IF(INDIRECT(\"'MRO Certificate Printing'!G\"&((ROW()-2)*4)+4)=\"\",\"\",INDIRECT(\"'MRO Certificate Printing'!G\"&((ROW()-2)*4)+4))","v":""},{"$f":"IF(INDIRECT(\"'MRO Certificate Printing'!J\"&((ROW()-2)*4)+4)=\"\",\"\",INDIRECT(\"'MRO Certificate Printing'!J\"&((ROW()-2)*4)+4))","v":""},{"$f":"IF(INDIRECT(\"'MRO Certificate Printing'!I\"&((ROW()-2)*4)+4)=\"\",\"\",INDIRECT(\"'MRO Certificate Printing'!I\"&((ROW()-2)*4)+4))","v":""},{"$f":"IF(INDIRECT(\"'MRO Certificate Printing'!K\"&((ROW()-2)*4)+4)=\"\",\"\",INDIRECT(\"'MRO Certificate Printing'!K\"&((ROW()-2)*4)+4))","v":""},null,{"$f":"IF(INDIRECT(\"'MRO Certificate Printing'!D\"&((ROW()-2)*4)+5)=\"\",\"\",INDIRECT(\"'MRO Certificate Printing'!D\"&((ROW()-2)*4)+5))","v":""},{"$f":"IF(INDIRECT(\"'MRO Certificate Printing'!E\"&((ROW()-2)*4)+5)=\"\",\"\",INDIRECT(\"'MRO Certificate Printing'!E\"&((ROW()-2)*4)+5))","v":""},{"$f":"IF(INDIRECT(\"'MRO Certificate Printing'!F\"&((ROW()-2)*4)+5)=\"\",\"\",INDIRECT(\"'MRO Certificate Printing'!F\"&((ROW()-2)*4)+5))","v":""},{"$f":"IF(INDIRECT(\"'MRO Certificate Printing'!B\"&((ROW()-2)*4)+5)=\"\",\"\",INDIRECT(\"'MRO Certificate Printing'!B\"&((ROW()-2)*4)+5))","v":""},{"$f":"IF(INDIRECT(\"'MRO Certificate Printing'!G\"&((ROW()-2)*4)+5)=\"\",\"\",INDIRECT(\"'MRO Certificate Printing'!G\"&((ROW()-2)*4)+5))","v":""},{"$f":"IF(INDIRECT(\"'MRO Certificate Printing'!J\"&((ROW()-2)*4)+5)=\"\",\"\",INDIRECT(\"'MRO Certificate Printing'!J\"&((ROW()-2)*4)+5))","v":""},{"$f":"IF(INDIRECT(\"'MRO Certificate Printing'!I\"&((ROW()-2)*4)+5)=\"\",\"\",INDIRECT(\"'MRO Certificate Printing'!I\"&((ROW()-2)*4)+5))","v":""},{"$f":"IF(INDIRECT(\"'MRO Certificate Printing'!K\"&((ROW()-2)*4)+5)=\"\",\"\",INDIRECT(\"'MRO Certificate Printing'!K\"&((ROW()-2)*4)+5))","v":""}]
["",{"$f":"IF(INDIRECT(\"'MRO Certificate Printing'!D\"&((ROW()-2)*4)+2)=\"\",\"\",INDIRECT(\"'MRO Certificate Printing'!D\"&((ROW()-2)*4)+2))","v":""},{"$f":"IF(INDIRECT(\"'MRO Certificate Printing'!E\"&((ROW()-2)*4)+2)=\"\",\"\",INDIRECT(\"'MRO Certificate Printing'!E\"&((ROW()-2)*4)+2))","v":""},{"$f":"IF(INDIRECT(\"'MRO Certificate Printing'!F\"&((ROW()-2)*4)+2)=\"\",\"\",INDIRECT(\"'MRO Certificate Printing'!F\"&((ROW()-2)*4)+2))","v":""},{"$f":"IF(INDIRECT(\"'MRO Certificate Printing'!B\"&((ROW()-2)*4)+2)=\"\",\"\",INDIRECT(\"'MRO Certificate Printing'!B\"&((ROW()-2)*4)+2))","v":""},{"$f":"IF(INDIRECT(\"'MRO Certificate Printing'!G\"&((ROW()-2)*4)+2)=\"\",\"\",INDIRECT(\"'MRO Certificate Printing'!G\"&((ROW()-2)*4)+2))","v":""},{"$f":"IF(INDIRECT(\"'MRO Certificate Printing'!J\"&((ROW()-2)*4)+2)=\"\",\"\",INDIRECT(\"'MRO Certificate Printing'!J\"&((ROW()-2)*4)+2))","v":""},{"$f":"IF(INDIRECT(\"'MRO Certificate Printing'!I\"&((ROW()-2)*4)+2)=\"\",\"\",INDIRECT(\"'MRO Certificate Printing'!I\"&((ROW()-2)*4)+2))","v":""},{"$f":"IF(INDIRECT(\"'MRO Certificate Printing'!K\"&((ROW()-2)*4)+2)=\"\",\"\",INDIRECT(\"'MRO Certificate Printing'!K\"&((ROW()-2)*4)+2))","v":""},null,{"$f":"IF(INDIRECT(\"'MRO Certificate Printing'!D\"&((ROW()-2)*4)+3)=\"\",\"\",INDIRECT(\"'MRO Certificate Printing'!D\"&((ROW()-2)*4)+3))","v":""},{"$f":"IF(INDIRECT(\"'MRO Certificate Printing'!E\"&((ROW()-2)*4)+3)=\"\",\"\",INDIRECT(\"'MRO Certificate Printing'!E\"&((ROW()-2)*4)+3))","v":""},{"$f":"IF(INDIRECT(\"'MRO Certificate Printing'!F\"&((ROW()-2)*4)+3)=\"\",\"\",INDIRECT(\"'MRO Certificate Printing'!F\"&((ROW()-2)*4)+3))","v":""},{"$f":"IF(INDIRECT(\"'MRO Certificate Printing'!B\"&((ROW()-2)*4)+3)=\"\",\"\",INDIRECT(\"'MRO Certificate Printing'!B\"&((ROW()-2)*4)+3))","v":""},{"$f":"IF(INDIRECT(\"'MRO Certificate Printing'!G\"&((ROW()-2)*4)+3)=\"\",\"\",INDIRECT(\"'MRO Certificate Printing'!G\"&((ROW()-2)*4)+3))","v":""},{"$f":"IF(INDIRECT(\"'MRO Certificate Printing'!J\"&((ROW()-2)*4)+3)=\"\",\"\",INDIRECT(\"'MRO Certificate Printing'!J\"&((ROW()-2)*4)+3))","v":""},{"$f":"IF(INDIRECT(\"'MRO Certificate Printing'!I\"&((ROW()-2)*4)+3)=\"\",\"\",INDIRECT(\"'MRO Certificate Printing'!I\"&((ROW()-2)*4)+3))","v":""},{"$f":"IF(INDIRECT(\"'MRO Certificate Printing'!K\"&((ROW()-2)*4)+3)=\"\",\"\",INDIRECT(\"'MRO Certificate Printing'!K\"&((ROW()-2)*4)+3))","v":""},null,{"$f":"IF(INDIRECT(\"'MRO Certificate Printing'!D\"&((ROW()-2)*4)+4)=\"\",\"\",INDIRECT(\"'MRO Certificate Printing'!D\"&((ROW()-2)*4)+4))","v":""},{"$f":"IF(INDIRECT(\"'MRO Certificate Printing'!E\"&((ROW()-2)*4)+4)=\"\",\"\",INDIRECT(\"'MRO Certificate Printing'!E\"&((ROW()-2)*4)+4))","v":""},{"$f":"IF(INDIRECT(\"'MRO Certificate Printing'!F\"&((ROW()-2)*4)+4)=\"\",\"\",INDIRECT(\"'MRO Certificate Printing'!F\"&((ROW()-2)*4)+4))","v":""},{"$f":"IF(INDIRECT(\"'MRO Certificate Printing'!B\"&((ROW()-2)*4)+4)=\"\",\"\",INDIRECT(\"'MRO Certificate Printing'!B\"&((ROW()-2)*4)+4))","v":""},{"$f":"IF(INDIRECT(\"'MRO Certificate Printing'!G\"&((ROW()-2)*4)+4)=\"\",\"\",INDIRECT(\"'MRO Certificate Printing'!G\"&((ROW()-2)*4)+4))","v":""},{"$f":"IF(INDIRECT(\"'MRO Certificate Printing'!J\"&((ROW()-2)*4)+4)=\"\",\"\",INDIRECT(\"'MRO Certificate Printing'!J\"&((ROW()-2)*4)+4))","v":""},{"$f":"IF(INDIRECT(\"'MRO Certificate Printing'!I\"&((ROW()-2)*4)+4)=\"\",\"\",INDIRECT(\"'MRO Certificate Printing'!I\"&((ROW()-2)*4)+4))","v":""},{"$f":"IF(INDIRECT(\"'MRO Certificate Printing'!K\"&((ROW()-2)*4)+4)=\"\",\"\",INDIRECT(\"'MRO Certificate Printing'!K\"&((ROW()-2)*4)+4))","v":""},null,{"$f":"IF(INDIRECT(\"'MRO Certificate Printing'!D\"&((ROW()-2)*4)+5)=\"\",\"\",INDIRECT(\"'MRO Certificate Printing'!D\"&((ROW()-2)*4)+5))","v":""},{"$f":"IF(INDIRECT(\"'MRO Certificate Printing'!E\"&((ROW()-2)*4)+5)=\"\",\"\",INDIRECT(\"'MRO Certificate Printing'!E\"&((ROW()-2)*4)+5))","v":""},{"$f":"IF(INDIRECT(\"'MRO Certificate Printing'!F\"&((ROW()-2)*4)+5)=\"\",\"\",INDIRECT(\"'MRO Certificate Printing'!F\"&((ROW()-2)*4)+5))","v":""},{"$f":"IF(INDIRECT(\"'MRO Certificate Printing'!B\"&((ROW()-2)*4)+5)=\"\",\"\",INDIRECT(\"'MRO Certificate Printing'!B\"&((ROW()-2)*4)+5))","v":""},{"$f":"IF(INDIRECT(\"'MRO Certificate Printing'!G\"&((ROW()-2)*4)+5)=\"\",\"\",INDIRECT(\"'MRO Certificate Printing'!G\"&((ROW()-2)*4)+5))","v":""},{"$f":"IF(INDIRECT(\"'MRO Certificate Printing'!J\"&((ROW()-2)*4)+5)=\"\",\"\",INDIRECT(\"'MRO Certificate Printing'!J\"&((ROW()-2)*4)+5))","v":""},{"$f":"IF(INDIRECT(\"'MRO Certificate Printing'!I\"&((ROW()-2)*4)+5)=\"\",\"\",INDIRECT(\"'MRO Certificate Printing'!I\"&((ROW()-2)*4)+5))","v":""},{"$f":"IF(INDIRECT(\"'MRO Certificate Printing'!K\"&((ROW()-2)*4)+5)=\"\",\"\",INDIRECT(\"'MRO Certificate Printing'!K\"&((ROW()-2)*4)+5))","v":""}]
["",{"$f":"IF(INDIRECT(\"'MRO Certificate Printing'!D\"&((ROW()-2)*4)+2)=\"\",\"\",INDIRECT(\"'MRO Certificate Printing'!D\"&((ROW()-2)*4)+2))","v":""},{"$f":"IF(INDIRECT(\"'MRO Certificate Printing'!E\"&((ROW()-2)*4)+2)=\"\",\"\",INDIRECT(\"'MRO Certificate Printing'!E\"&((ROW()-2)*4)+2))","v":""},{"$f":"IF(INDIRECT(\"'MRO Certificate Printing'!F\"&((ROW()-2)*4)+2)=\"\",\"\",INDIRECT(\"'MRO Certificate Printing'!F\"&((ROW()-2)*4)+2))","v":""},{"$f":"IF(INDIRECT(\"'MRO Certificate Printing'!B\"&((ROW()-2)*4)+2)=\"\",\"\",INDIRECT(\"'MRO Certificate Printing'!B\"&((ROW()-2)*4)+2))","v":""},{"$f":"IF(INDIRECT(\"'MRO Certificate Printing'!G\"&((ROW()-2)*4)+2)=\"\",\"\",INDIRECT(\"'MRO Certificate Printing'!G\"&((ROW()-2)*4)+2))","v":""},{"$f":"IF(INDIRECT(\"'MRO Certificate Printing'!J\"&((ROW()-2)*4)+2)=\"\",\"\",INDIRECT(\"'MRO Certificate Printing'!J\"&((ROW()-2)*4)+2))","v":""},{"$f":"IF(INDIRECT(\"'MRO Certificate Printing'!I\"&((ROW()-2)*4)+2)=\"\",\"\",INDIRECT(\"'MRO Certificate Printing'!I\"&((ROW()-2)*4)+2))","v":""},{"$f":"IF(INDIRECT(\"'MRO Certificate Printing'!K\"&((ROW()-2)*4)+2)=\"\",\"\",INDIRECT(\"'MRO Certificate Printing'!K\"&((ROW()-2)*4)+2))","v":""},null,{"$f":"IF(INDIRECT(\"'MRO Certificate Printing'!D\"&((ROW()-2)*4)+3)=\"\",\"\",INDIRECT(\"'MRO Certificate Printing'!D\"&((ROW()-2)*4)+3))","v":""},{"$f":"IF(INDIRECT(\"'MRO Certificate Printing'!E\"&((ROW()-2)*4)+3)=\"\",\"\",INDIRECT(\"'MRO Certificate Printing'!E\"&((ROW()-2)*4)+3))","v":""},{"$f":"IF(INDIRECT(\"'MRO Certificate Printing'!F\"&((ROW()-2)*4)+3)=\"\",\"\",INDIRECT(\"'MRO Certificate Printing'!F\"&((ROW()-2)*4)+3))","v":""},{"$f":"IF(INDIRECT(\"'MRO Certificate Printing'!B\"&((ROW()-2)*4)+3)=\"\",\"\",INDIRECT(\"'MRO Certificate Printing'!B\"&((ROW()-2)*4)+3))","v":""},{"$f":"IF(INDIRECT(\"'MRO Certificate Printing'!G\"&((ROW()-2)*4)+3)=\"\",\"\",INDIRECT(\"'MRO Certificate Printing'!G\"&((ROW()-2)*4)+3))","v":""},{"$f":"IF(INDIRECT(\"'MRO Certificate Printing'!J\"&((ROW()-2)*4)+3)=\"\",\"\",INDIRECT(\"'MRO Certificate Printing'!J\"&((ROW()-2)*4)+3))","v":""},{"$f":"IF(INDIRECT(\"'MRO Certificate Printing'!I\"&((ROW()-2)*4)+3)=\"\",\"\",INDIRECT(\"'MRO Certificate Printing'!I\"&((ROW()-2)*4)+3))","v":""},{"$f":"IF(INDIRECT(\"'MRO Certificate Printing'!K\"&((ROW()-2)*4)+3)=\"\",\"\",INDIRECT(\"'MRO Certificate Printing'!K\"&((ROW()-2)*4)+3))","v":""},null,{"$f":"IF(INDIRECT(\"'MRO Certificate Printing'!D\"&((ROW()-2)*4)+4)=\"\",\"\",INDIRECT(\"'MRO Certificate Printing'!D\"&((ROW()-2)*4)+4))","v":""},{"$f":"IF(INDIRECT(\"'MRO Certificate Printing'!E\"&((ROW()-2)*4)+4)=\"\",\"\",INDIRECT(\"'MRO Certificate Printing'!E\"&((ROW()-2)*4)+4))","v":""},{"$f":"IF(INDIRECT(\"'MRO Certificate Printing'!F\"&((ROW()-2)*4)+4)=\"\",\"\",INDIRECT(\"'MRO Certificate Printing'!F\"&((ROW()-2)*4)+4))","v":""},{"$f":"IF(INDIRECT(\"'MRO Certificate Printing'!B\"&((ROW()-2)*4)+4)=\"\",\"\",INDIRECT(\"'MRO Certificate Printing'!B\"&((ROW()-2)*4)+4))","v":""},{"$f":"IF(INDIRECT(\"'MRO Certificate Printing'!G\"&((ROW()-2)*4)+4)=\"\",\"\",INDIRECT(\"'MRO Certificate Printing'!G\"&((ROW()-2)*4)+4))","v":""},{"$f":"IF(INDIRECT(\"'MRO Certificate Printing'!J\"&((ROW()-2)*4)+4)=\"\",\"\",INDIRECT(\"'MRO Certificate Printing'!J\"&((ROW()-2)*4)+4))","v":""},{"$f":"IF(INDIRECT(\"'MRO Certificate Printing'!I\"&((ROW()-2)*4)+4)=\"\",\"\",INDIRECT(\"'MRO Certificate Printing'!I\"&((ROW()-2)*4)+4))","v":""},{"$f":"IF(INDIRECT(\"'MRO Certificate Printing'!K\"&((ROW()-2)*4)+4)=\"\",\"\",INDIRECT(\"'MRO Certificate Printing'!K\"&((ROW()-2)*4)+4))","v":""},null,{"$f":"IF(INDIRECT(\"'MRO Certificate Printing'!D\"&((ROW()-2)*4)+5)=\"\",\"\",INDIRECT(\"'MRO Certificate Printing'!D\"&((ROW()-2)*4)+5))","v":""},{"$f":"IF(INDIRECT(\"'MRO Certificate Printing'!E\"&((ROW()-2)*4)+5)=\"\",\"\",INDIRECT(\"'MRO Certificate Printing'!E\"&((ROW()-2)*4)+5))","v":""},{"$f":"IF(INDIRECT(\"'MRO Certificate Printing'!F\"&((ROW()-2)*4)+5)=\"\",\"\",INDIRECT(\"'MRO Certificate Printing'!F\"&((ROW()-2)*4)+5))","v":""},{"$f":"IF(INDIRECT(\"'MRO Certificate Printing'!B\"&((ROW()-2)*4)+5)=\"\",\"\",INDIRECT(\"'MRO Certificate Printing'!B\"&((ROW()-2)*4)+5))","v":""},{"$f":"IF(INDIRECT(\"'MRO Certificate Printing'!G\"&((ROW()-2)*4)+5)=\"\",\"\",INDIRECT(\"'MRO Certificate Printing'!G\"&((ROW()-2)*4)+5))","v":""},{"$f":"IF(INDIRECT(\"'MRO Certificate Printing'!J\"&((ROW()-2)*4)+5)=\"\",\"\",INDIRECT(\"'MRO Certificate Printing'!J\"&((ROW()-2)*4)+5))","v":""},{"$f":"IF(INDIRECT(\"'MRO Certificate Printing'!I\"&((ROW()-2)*4)+5)=\"\",\"\",INDIRECT(\"'MRO Certificate Printing'!I\"&((ROW()-2)*4)+5))","v":""},{"$f":"IF(INDIRECT(\"'MRO Certificate Printing'!K\"&((ROW()-2)*4)+5)=\"\",\"\",INDIRECT(\"'MRO Certificate Printing'!K\"&((ROW()-2)*4)+5))","v":""}]
["",{"$f":"IF(INDIRECT(\"'MRO Certificate Printing'!D\"&((ROW()-2)*4)+2)=\"\",\"\",INDIRECT(\"'MRO Certificate Printing'!D\"&((ROW()-2)*4)+2))","v":""},{"$f":"IF(INDIRECT(\"'MRO Certificate Printing'!E\"&((ROW()-2)*4)+2)=\"\",\"\",INDIRECT(\"'MRO Certificate Printing'!E\"&((ROW()-2)*4)+2))","v":""},{"$f":"IF(INDIRECT(\"'MRO Certificate Printing'!F\"&((ROW()-2)*4)+2)=\"\",\"\",INDIRECT(\"'MRO Certificate Printing'!F\"&((ROW()-2)*4)+2))","v":""},{"$f":"IF(INDIRECT(\"'MRO Certificate Printing'!B\"&((ROW()-2)*4)+2)=\"\",\"\",INDIRECT(\"'MRO Certificate Printing'!B\"&((ROW()-2)*4)+2))","v":""},{"$f":"IF(INDIRECT(\"'MRO Certificate Printing'!G\"&((ROW()-2)*4)+2)=\"\",\"\",INDIRECT(\"'MRO Certificate Printing'!G\"&((ROW()-2)*4)+2))","v":""},{"$f":"IF(INDIRECT(\"'MRO Certificate Printing'!J\"&((ROW()-2)*4)+2)=\"\",\"\",INDIRECT(\"'MRO Certificate Printing'!J\"&((ROW()-2)*4)+2))","v":""},{"$f":"IF(INDIRECT(\"'MRO Certificate Printing'!I\"&((ROW()-2)*4)+2)=\"\",\"\",INDIRECT(\"'MRO Certificate Printing'!I\"&((ROW()-2)*4)+2))","v":""},{"$f":"IF(INDIRECT(\"'MRO Certificate Printing'!K\"&((ROW()-2)*4)+2)=\"\",\"\",INDIRECT(\"'MRO Certificate Printing'!K\"&((ROW()-2)*4)+2))","v":""},null,{"$f":"IF(INDIRECT(\"'MRO Certificate Printing'!D\"&((ROW()-2)*4)+3)=\"\",\"\",INDIRECT(\"'MRO Certificate Printing'!D\"&((ROW()-2)*4)+3))","v":""},{"$f":"IF(INDIRECT(\"'MRO Certificate Printing'!E\"&((ROW()-2)*4)+3)=\"\",\"\",INDIRECT(\"'MRO Certificate Printing'!E\"&((ROW()-2)*4)+3))","v":""},{"$f":"IF(INDIRECT(\"'MRO Certificate Printing'!F\"&((ROW()-2)*4)+3)=\"\",\"\",INDIRECT(\"'MRO Certificate Printing'!F\"&((ROW()-2)*4)+3))","v":""},{"$f":"IF(INDIRECT(\"'MRO Certificate Printing'!B\"&((ROW()-2)*4)+3)=\"\",\"\",INDIRECT(\"'MRO Certificate Printing'!B\"&((ROW()-2)*4)+3))","v":""},{"$f":"IF(INDIRECT(\"'MRO Certificate Printing'!G\"&((ROW()-2)*4)+3)=\"\",\"\",INDIRECT(\"'MRO Certificate Printing'!G\"&((ROW()-2)*4)+3))","v":""},{"$f":"IF(INDIRECT(\"'MRO Certificate Printing'!J\"&((ROW()-2)*4)+3)=\"\",\"\",INDIRECT(\"'MRO Certificate Printing'!J\"&((ROW()-2)*4)+3))","v":""},{"$f":"IF(INDIRECT(\"'MRO Certificate Printing'!I\"&((ROW()-2)*4)+3)=\"\",\"\",INDIRECT(\"'MRO Certificate Printing'!I\"&((ROW()-2)*4)+3))","v":""},{"$f":"IF(INDIRECT(\"'MRO Certificate Printing'!K\"&((ROW()-2)*4)+3)=\"\",\"\",INDIRECT(\"'MRO Certificate Printing'!K\"&((ROW()-2)*4)+3))","v":""},null,{"$f":"IF(INDIRECT(\"'MRO Certificate Printing'!D\"&((ROW()-2)*4)+4)=\"\",\"\",INDIRECT(\"'MRO Certificate Printing'!D\"&((ROW()-2)*4)+4))","v":""},{"$f":"IF(INDIRECT(\"'MRO Certificate Printing'!E\"&((ROW()-2)*4)+4)=\"\",\"\",INDIRECT(\"'MRO Certificate Printing'!E\"&((ROW()-2)*4)+4))","v":""},{"$f":"IF(INDIRECT(\"'MRO Certificate Printing'!F\"&((ROW()-2)*4)+4)=\"\",\"\",INDIRECT(\"'MRO Certificate Printing'!F\"&((ROW()-2)*4)+4))","v":""},{"$f":"IF(INDIRECT(\"'MRO Certificate Printing'!B\"&((ROW()-2)*4)+4)=\"\",\"\",INDIRECT(\"'MRO Certificate Printing'!B\"&((ROW()-2)*4)+4))","v":""},{"$f":"IF(INDIRECT(\"'MRO Certificate Printing'!G\"&((ROW()-2)*4)+4)=\"\",\"\",INDIRECT(\"'MRO Certificate Printing'!G\"&((ROW()-2)*4)+4))","v":""},{"$f":"IF(INDIRECT(\"'MRO Certificate Printing'!J\"&((ROW()-2)*4)+4)=\"\",\"\",INDIRECT(\"'MRO Certificate Printing'!J\"&((ROW()-2)*4)+4))","v":""},{"$f":"IF(INDIRECT(\"'MRO Certificate Printing'!I\"&((ROW()-2)*4)+4)=\"\",\"\",INDIRECT(\"'MRO Certificate Printing'!I\"&((ROW()-2)*4)+4))","v":""},{"$f":"IF(INDIRECT(\"'MRO Certificate Printing'!K\"&((ROW()-2)*4)+4)=\"\",\"\",INDIRECT(\"'MRO Certificate Printing'!K\"&((ROW()-2)*4)+4))","v":""},null,{"$f":"IF(INDIRECT(\"'MRO Certificate Printing'!D\"&((ROW()-2)*4)+5)=\"\",\"\",INDIRECT(\"'MRO Certificate Printing'!D\"&((ROW()-2)*4)+5))","v":""},{"$f":"IF(INDIRECT(\"'MRO Certificate Printing'!E\"&((ROW()-2)*4)+5)=\"\",\"\",INDIRECT(\"'MRO Certificate Printing'!E\"&((ROW()-2)*4)+5))","v":""},{"$f":"IF(INDIRECT(\"'MRO Certificate Printing'!F\"&((ROW()-2)*4)+5)=\"\",\"\",INDIRECT(\"'MRO Certificate Printing'!F\"&((ROW()-2)*4)+5))","v":""},{"$f":"IF(INDIRECT(\"'MRO Certificate Printing'!B\"&((ROW()-2)*4)+5)=\"\",\"\",INDIRECT(\"'MRO Certificate Printing'!B\"&((ROW()-2)*4)+5))","v":""},{"$f":"IF(INDIRECT(\"'MRO Certificate Printing'!G\"&((ROW()-2)*4)+5)=\"\",\"\",INDIRECT(\"'MRO Certificate Printing'!G\"&((ROW()-2)*4)+5))","v":""},{"$f":"IF(INDIRECT(\"'MRO Certificate Printing'!J\"&((ROW()-2)*4)+5)=\"\",\"\",INDIRECT(\"'MRO Certificate Printing'!J\"&((ROW()-2)*4)+5))","v":""},{"$f":"IF(INDIRECT(\"'MRO Certificate Printing'!I\"&((ROW()-2)*4)+5)=\"\",\"\",INDIRECT(\"'MRO Certificate Printing'!I\"&((ROW()-2)*4)+5))","v":""},{"$f":"IF(INDIRECT(\"'MRO Certificate Printing'!K\"&((ROW()-2)*4)+5)=\"\",\"\",INDIRECT(\"'MRO Certificate Printing'!K\"&((ROW()-2)*4)+5))","v":""}]
["",{"$f":"IF(INDIRECT(\"'MRO Certificate Printing'!D\"&((ROW()-2)*4)+2)=\"\",\"\",INDIRECT(\"'MRO Certificate Printing'!D\"&((ROW()-2)*4)+2))","v":""},{"$f":"IF(INDIRECT(\"'MRO Certificate Printing'!E\"&((ROW()-2)*4)+2)=\"\",\"\",INDIRECT(\"'MRO Certificate Printing'!E\"&((ROW()-2)*4)+2))","v":""},{"$f":"IF(INDIRECT(\"'MRO Certificate Printing'!F\"&((ROW()-2)*4)+2)=\"\",\"\",INDIRECT(\"'MRO Certificate Printing'!F\"&((ROW()-2)*4)+2))","v":""},{"$f":"IF(INDIRECT(\"'MRO Certificate Printing'!B\"&((ROW()-2)*4)+2)=\"\",\"\",INDIRECT(\"'MRO Certificate Printing'!B\"&((ROW()-2)*4)+2))","v":""},{"$f":"IF(INDIRECT(\"'MRO Certificate Printing'!G\"&((ROW()-2)*4)+2)=\"\",\"\",INDIRECT(\"'MRO Certificate Printing'!G\"&((ROW()-2)*4)+2))","v":""},{"$f":"IF(INDIRECT(\"'MRO Certificate Printing'!J\"&((ROW()-2)*4)+2)=\"\",\"\",INDIRECT(\"'MRO Certificate Printing'!J\"&((ROW()-2)*4)+2))","v":""},{"$f":"IF(INDIRECT(\"'MRO Certificate Printing'!I\"&((ROW()-2)*4)+2)=\"\",\"\",INDIRECT(\"'MRO Certificate Printing'!I\"&((ROW()-2)*4)+2))","v":""},{"$f":"IF(INDIRECT(\"'MRO Certificate Printing'!K\"&((ROW()-2)*4)+2)=\"\",\"\",INDIRECT(\"'MRO Certificate Printing'!K\"&((ROW()-2)*4)+2))","v":""},null,{"$f":"IF(INDIRECT(\"'MRO Certificate Printing'!D\"&((ROW()-2)*4)+3)=\"\",\"\",INDIRECT(\"'MRO Certificate Printing'!D\"&((ROW()-2)*4)+3))","v":""},{"$f":"IF(INDIRECT(\"'MRO Certificate Printing'!E\"&((ROW()-2)*4)+3)=\"\",\"\",INDIRECT(\"'MRO Certificate Printing'!E\"&((ROW()-2)*4)+3))","v":""},{"$f":"IF(INDIRECT(\"'MRO Certificate Printing'!F\"&((ROW()-2)*4)+3)=\"\",\"\",INDIRECT(\"'MRO Certificate Printing'!F\"&((ROW()-2)*4)+3))","v":""},{"$f":"IF(INDIRECT(\"'MRO Certificate Printing'!B\"&((ROW()-2)*4)+3)=\"\",\"\",INDIRECT(\"'MRO Certificate Printing'!B\"&((ROW()-2)*4)+3))","v":""},{"$f":"IF(INDIRECT(\"'MRO Certificate Printing'!G\"&((ROW()-2)*4)+3)=\"\",\"\",INDIRECT(\"'MRO Certificate Printing'!G\"&((ROW()-2)*4)+3))","v":""},{"$f":"IF(INDIRECT(\"'MRO Certificate Printing'!J\"&((ROW()-2)*4)+3)=\"\",\"\",INDIRECT(\"'MRO Certificate Printing'!J\"&((ROW()-2)*4)+3))","v":""},{"$f":"IF(INDIRECT(\"'MRO Certificate Printing'!I\"&((ROW()-2)*4)+3)=\"\",\"\",INDIRECT(\"'MRO Certificate Printing'!I\"&((ROW()-2)*4)+3))","v":""},{"$f":"IF(INDIRECT(\"'MRO Certificate Printing'!K\"&((ROW()-2)*4)+3)=\"\",\"\",INDIRECT(\"'MRO Certificate Printing'!K\"&((ROW()-2)*4)+3))","v":""},null,{"$f":"IF(INDIRECT(\"'MRO Certificate Printing'!D\"&((ROW()-2)*4)+4)=\"\",\"\",INDIRECT(\"'MRO Certificate Printing'!D\"&((ROW()-2)*4)+4))","v":""},{"$f":"IF(INDIRECT(\"'MRO Certificate Printing'!E\"&((ROW()-2)*4)+4)=\"\",\"\",INDIRECT(\"'MRO Certificate Printing'!E\"&((ROW()-2)*4)+4))","v":""},{"$f":"IF(INDIRECT(\"'MRO Certificate Printing'!F\"&((ROW()-2)*4)+4)=\"\",\"\",INDIRECT(\"'MRO Certificate Printing'!F\"&((ROW()-2)*4)+4))","v":""},{"$f":"IF(INDIRECT(\"'MRO Certificate Printing'!B\"&((ROW()-2)*4)+4)=\"\",\"\",INDIRECT(\"'MRO Certificate Printing'!B\"&((ROW()-2)*4)+4))","v":""},{"$f":"IF(INDIRECT(\"'MRO Certificate Printing'!G\"&((ROW()-2)*4)+4)=\"\",\"\",INDIRECT(\"'MRO Certificate Printing'!G\"&((ROW()-2)*4)+4))","v":""},{"$f":"IF(INDIRECT(\"'MRO Certificate Printing'!J\"&((ROW()-2)*4)+4)=\"\",\"\",INDIRECT(\"'MRO Certificate Printing'!J\"&((ROW()-2)*4)+4))","v":""},{"$f":"IF(INDIRECT(\"'MRO Certificate Printing'!I\"&((ROW()-2)*4)+4)=\"\",\"\",INDIRECT(\"'MRO Certificate Printing'!I\"&((ROW()-2)*4)+4))","v":""},{"$f":"IF(INDIRECT(\"'MRO Certificate Printing'!K\"&((ROW()-2)*4)+4)=\"\",\"\",INDIRECT(\"'MRO Certificate Printing'!K\"&((ROW()-2)*4)+4))","v":""},null,{"$f":"IF(INDIRECT(\"'MRO Certificate Printing'!D\"&((ROW()-2)*4)+5)=\"\",\"\",INDIRECT(\"'MRO Certificate Printing'!D\"&((ROW()-2)*4)+5))","v":""},{"$f":"IF(INDIRECT(\"'MRO Certificate Printing'!E\"&((ROW()-2)*4)+5)=\"\",\"\",INDIRECT(\"'MRO Certificate Printing'!E\"&((ROW()-2)*4)+5))","v":""},{"$f":"IF(INDIRECT(\"'MRO Certificate Printing'!F\"&((ROW()-2)*4)+5)=\"\",\"\",INDIRECT(\"'MRO Certificate Printing'!F\"&((ROW()-2)*4)+5))","v":""},{"$f":"IF(INDIRECT(\"'MRO Certificate Printing'!B\"&((ROW()-2)*4)+5)=\"\",\"\",INDIRECT(\"'MRO Certificate Printing'!B\"&((ROW()-2)*4)+5))","v":""},{"$f":"IF(INDIRECT(\"'MRO Certificate Printing'!G\"&((ROW()-2)*4)+5)=\"\",\"\",INDIRECT(\"'MRO Certificate Printing'!G\"&((ROW()-2)*4)+5))","v":""},{"$f":"IF(INDIRECT(\"'MRO Certificate Printing'!J\"&((ROW()-2)*4)+5)=\"\",\"\",INDIRECT(\"'MRO Certificate Printing'!J\"&((ROW()-2)*4)+5))","v":""},{"$f":"IF(INDIRECT(\"'MRO Certificate Printing'!I\"&((ROW()-2)*4)+5)=\"\",\"\",INDIRECT(\"'MRO Certificate Printing'!I\"&((ROW()-2)*4)+5))","v":""},{"$f":"IF(INDIRECT(\"'MRO Certificate Printing'!K\"&((ROW()-2)*4)+5)=\"\",\"\",INDIRECT(\"'MRO Certificate Printing'!K\"&((ROW()-2)*4)+5))","v":""}]
["",{"$f":"IF(INDIRECT(\"'MRO Certificate Printing'!D\"&((ROW()-2)*4)+2)=\"\",\"\",INDIRECT(\"'MRO Certificate Printing'!D\"&((ROW()-2)*4)+2))","v":""},{"$f":"IF(INDIRECT(\"'MRO Certificate Printing'!E\"&((ROW()-2)*4)+2)=\"\",\"\",INDIRECT(\"'MRO Certificate Printing'!E\"&((ROW()-2)*4)+2))","v":""},{"$f":"IF(INDIRECT(\"'MRO Certificate Printing'!F\"&((ROW()-2)*4)+2)=\"\",\"\",INDIRECT(\"'MRO Certificate Printing'!F\"&((ROW()-2)*4)+2))","v":""},{"$f":"IF(INDIRECT(\"'MRO Certificate Printing'!B\"&((ROW()-2)*4)+2)=\"\",\"\",INDIRECT(\"'MRO Certificate Printing'!B\"&((ROW()-2)*4)+2))","v":""},{"$f":"IF(INDIRECT(\"'MRO Certificate Printing'!G\"&((ROW()-2)*4)+2)=\"\",\"\",INDIRECT(\"'MRO Certificate Printing'!G\"&((ROW()-2)*4)+2))","v":""},{"$f":"IF(INDIRECT(\"'MRO Certificate Printing'!J\"&((ROW()-2)*4)+2)=\"\",\"\",INDIRECT(\"'MRO Certificate Printing'!J\"&((ROW()-2)*4)+2))","v":""},{"$f":"IF(INDIRECT(\"'MRO Certificate Printing'!I\"&((ROW()-2)*4)+2)=\"\",\"\",INDIRECT(\"'MRO Certificate Printing'!I\"&((ROW()-2)*4)+2))","v":""},{"$f":"IF(INDIRECT(\"'MRO Certificate Printing'!K\"&((ROW()-2)*4)+2)=\"\",\"\",INDIRECT(\"'MRO Certificate Printing'!K\"&((ROW()-2)*4)+2))","v":""},null,{"$f":"IF(INDIRECT(\"'MRO Certificate Printing'!D\"&((ROW()-2)*4)+3)=\"\",\"\",INDIRECT(\"'MRO Certificate Printing'!D\"&((ROW()-2)*4)+3))","v":""},{"$f":"IF(INDIRECT(\"'MRO Certificate Printing'!E\"&((ROW()-2)*4)+3)=\"\",\"\",INDIRECT(\"'MRO Certificate Printing'!E\"&((ROW()-2)*4)+3))","v":""},{"$f":"IF(INDIRECT(\"'MRO Certificate Printing'!F\"&((ROW()-2)*4)+3)=\"\",\"\",INDIRECT(\"'MRO Certificate Printing'!F\"&((ROW()-2)*4)+3))","v":""},{"$f":"IF(INDIRECT(\"'MRO Certificate Printing'!B\"&((ROW()-2)*4)+3)=\"\",\"\",INDIRECT(\"'MRO Certificate Printing'!B\"&((ROW()-2)*4)+3))","v":""},{"$f":"IF(INDIRECT(\"'MRO Certificate Printing'!G\"&((ROW()-2)*4)+3)=\"\",\"\",INDIRECT(\"'MRO Certificate Printing'!G\"&((ROW()-2)*4)+3))","v":""},{"$f":"IF(INDIRECT(\"'MRO Certificate Printing'!J\"&((ROW()-2)*4)+3)=\"\",\"\",INDIRECT(\"'MRO Certificate Printing'!J\"&((ROW()-2)*4)+3))","v":""},{"$f":"IF(INDIRECT(\"'MRO Certificate Printing'!I\"&((ROW()-2)*4)+3)=\"\",\"\",INDIRECT(\"'MRO Certificate Printing'!I\"&((ROW()-2)*4)+3))","v":""},{"$f":"IF(INDIRECT(\"'MRO Certificate Printing'!K\"&((ROW()-2)*4)+3)=\"\",\"\",INDIRECT(\"'MRO Certificate Printing'!K\"&((ROW()-2)*4)+3))","v":""},null,{"$f":"IF(INDIRECT(\"'MRO Certificate Printing'!D\"&((ROW()-2)*4)+4)=\"\",\"\",INDIRECT(\"'MRO Certificate Printing'!D\"&((ROW()-2)*4)+4))","v":""},{"$f":"IF(INDIRECT(\"'MRO Certificate Printing'!E\"&((ROW()-2)*4)+4)=\"\",\"\",INDIRECT(\"'MRO Certificate Printing'!E\"&((ROW()-2)*4)+4))","v":""},{"$f":"IF(INDIRECT(\"'MRO Certificate Printing'!F\"&((ROW()-2)*4)+4)=\"\",\"\",INDIRECT(\"'MRO Certificate Printing'!F\"&((ROW()-2)*4)+4))","v":""},{"$f":"IF(INDIRECT(\"'MRO Certificate Printing'!B\"&((ROW()-2)*4)+4)=\"\",\"\",INDIRECT(\"'MRO Certificate Printing'!B\"&((ROW()-2)*4)+4))","v":""},{"$f":"IF(INDIRECT(\"'MRO Certificate Printing'!G\"&((ROW()-2)*4)+4)=\"\",\"\",INDIRECT(\"'MRO Certificate Printing'!G\"&((ROW()-2)*4)+4))","v":""},{"$f":"IF(INDIRECT(\"'MRO Certificate Printing'!J\"&((ROW()-2)*4)+4)=\"\",\"\",INDIRECT(\"'MRO Certificate Printing'!J\"&((ROW()-2)*4)+4))","v":""},{"$f":"IF(INDIRECT(\"'MRO Certificate Printing'!I\"&((ROW()-2)*4)+4)=\"\",\"\",INDIRECT(\"'MRO Certificate Printing'!I\"&((ROW()-2)*4)+4))","v":""},{"$f":"IF(INDIRECT(\"'MRO Certificate Printing'!K\"&((ROW()-2)*4)+4)=\"\",\"\",INDIRECT(\"'MRO Certificate Printing'!K\"&((ROW()-2)*4)+4))","v":""},null,{"$f":"IF(INDIRECT(\"'MRO Certificate Printing'!D\"&((ROW()-2)*4)+5)=\"\",\"\",INDIRECT(\"'MRO Certificate Printing'!D\"&((ROW()-2)*4)+5))","v":""},{"$f":"IF(INDIRECT(\"'MRO Certificate Printing'!E\"&((ROW()-2)*4)+5)=\"\",\"\",INDIRECT(\"'MRO Certificate Printing'!E\"&((ROW()-2)*4)+5))","v":""},{"$f":"IF(INDIRECT(\"'MRO Certificate Printing'!F\"&((ROW()-2)*4)+5)=\"\",\"\",INDIRECT(\"'MRO Certificate Printing'!F\"&((ROW()-2)*4)+5))","v":""},{"$f":"IF(INDIRECT(\"'MRO Certificate Printing'!B\"&((ROW()-2)*4)+5)=\"\",\"\",INDIRECT(\"'MRO Certificate Printing'!B\"&((ROW()-2)*4)+5))","v":""},{"$f":"IF(INDIRECT(\"'MRO Certificate Printing'!G\"&((ROW()-2)*4)+5)=\"\",\"\",INDIRECT(\"'MRO Certificate Printing'!G\"&((ROW()-2)*4)+5))","v":""},{"$f":"IF(INDIRECT(\"'MRO Certificate Printing'!J\"&((ROW()-2)*4)+5)=\"\",\"\",INDIRECT(\"'MRO Certificate Printing'!J\"&((ROW()-2)*4)+5))","v":""},{"$f":"IF(INDIRECT(\"'MRO Certificate Printing'!I\"&((ROW()-2)*4)+5)=\"\",\"\",INDIRECT(\"'MRO Certificate Printing'!I\"&((ROW()-2)*4)+5))","v":""},{"$f":"IF(INDIRECT(\"'MRO Certificate Printing'!K\"&((ROW()-2)*4)+5)=\"\",\"\",INDIRECT(\"'MRO Certificate Printing'!K\"&((ROW()-2)*4)+5))","v":""}]
["",{"$f":"IF(INDIRECT(\"'MRO Certificate Printing'!D\"&((ROW()-2)*4)+2)=\"\",\"\",INDIRECT(\"'MRO Certificate Printing'!D\"&((ROW()-2)*4)+2))","v":""},{"$f":"IF(INDIRECT(\"'MRO Certificate Printing'!E\"&((ROW()-2)*4)+2)=\"\",\"\",INDIRECT(\"'MRO Certificate Printing'!E\"&((ROW()-2)*4)+2))","v":""},{"$f":"IF(INDIRECT(\"'MRO Certificate Printing'!F\"&((ROW()-2)*4)+2)=\"\",\"\",INDIRECT(\"'MRO Certificate Printing'!F\"&((ROW()-2)*4)+2))","v":""},{"$f":"IF(INDIRECT(\"'MRO Certificate Printing'!B\"&((ROW()-2)*4)+2)=\"\",\"\",INDIRECT(\"'MRO Certificate Printing'!B\"&((ROW()-2)*4)+2))","v":""},{"$f":"IF(INDIRECT(\"'MRO Certificate Printing'!G\"&((ROW()-2)*4)+2)=\"\",\"\",INDIRECT(\"'MRO Certificate Printing'!G\"&((ROW()-2)*4)+2))","v":""},{"$f":"IF(INDIRECT(\"'MRO Certificate Printing'!J\"&((ROW()-2)*4)+2)=\"\",\"\",INDIRECT(\"'MRO Certificate Printing'!J\"&((ROW()-2)*4)+2))","v":""},{"$f":"IF(INDIRECT(\"'MRO Certificate Printing'!I\"&((ROW()-2)*4)+2)=\"\",\"\",INDIRECT(\"'MRO Certificate Printing'!I\"&((ROW()-2)*4)+2))","v":""},{"$f":"IF(INDIRECT(\"'MRO Certificate Printing'!K\"&((ROW()-2)*4)+2)=\"\",\"\",INDIRECT(\"'MRO Certificate Printing'!K\"&((ROW()-2)*4)+2))","v":""},null,{"$f":"IF(INDIRECT(\"'MRO Certificate Printing'!D\"&((ROW()-2)*4)+3)=\"\",\"\",INDIRECT(\"'MRO Certificate Printing'!D\"&((ROW()-2)*4)+3))","v":""},{"$f":"IF(INDIRECT(\"'MRO Certificate Printing'!E\"&((ROW()-2)*4)+3)=\"\",\"\",INDIRECT(\"'MRO Certificate Printing'!E\"&((ROW()-2)*4)+3))","v":""},{"$f":"IF(INDIRECT(\"'MRO Certificate Printing'!F\"&((ROW()-2)*4)+3)=\"\",\"\",INDIRECT(\"'MRO Certificate Printing'!F\"&((ROW()-2)*4)+3))","v":""},{"$f":"IF(INDIRECT(\"'MRO Certificate Printing'!B\"&((ROW()-2)*4)+3)=\"\",\"\",INDIRECT(\"'MRO Certificate Printing'!B\"&((ROW()-2)*4)+3))","v":""},{"$f":"IF(INDIRECT(\"'MRO Certificate Printing'!G\"&((ROW()-2)*4)+3)=\"\",\"\",INDIRECT(\"'MRO Certificate Printing'!G\"&((ROW()-2)*4)+3))","v":""},{"$f":"IF(INDIRECT(\"'MRO Certificate Printing'!J\"&((ROW()-2)*4)+3)=\"\",\"\",INDIRECT(\"'MRO Certificate Printing'!J\"&((ROW()-2)*4)+3))","v":""},{"$f":"IF(INDIRECT(\"'MRO Certificate Printing'!I\"&((ROW()-2)*4)+3)=\"\",\"\",INDIRECT(\"'MRO Certificate Printing'!I\"&((ROW()-2)*4)+3))","v":""},{"$f":"IF(INDIRECT(\"'MRO Certificate Printing'!K\"&((ROW()-2)*4)+3)=\"\",\"\",INDIRECT(\"'MRO Certificate Printing'!K\"&((ROW()-2)*4)+3))","v":""},null,{"$f":"IF(INDIRECT(\"'MRO Certificate Printing'!D\"&((ROW()-2)*4)+4)=\"\",\"\",INDIRECT(\"'MRO Certificate Printing'!D\"&((ROW()-2)*4)+4))","v":""},{"$f":"IF(INDIRECT(\"'MRO Certificate Printing'!E\"&((ROW()-2)*4)+4)=\"\",\"\",INDIRECT(\"'MRO Certificate Printing'!E\"&((ROW()-2)*4)+4))","v":""},{"$f":"IF(INDIRECT(\"'MRO Certificate Printing'!F\"&((ROW()-2)*4)+4)=\"\",\"\",INDIRECT(\"'MRO Certificate Printing'!F\"&((ROW()-2)*4)+4))","v":""},{"$f":"IF(INDIRECT(\"'MRO Certificate Printing'!B\"&((ROW()-2)*4)+4)=\"\",\"\",INDIRECT(\"'MRO Certificate Printing'!B\"&((ROW()-2)*4)+4))","v":""},{"$f":"IF(INDIRECT(\"'MRO Certificate Printing'!G\"&((ROW()-2)*4)+4)=\"\",\"\",INDIRECT(\"'MRO Certificate Printing'!G\"&((ROW()-2)*4)+4))","v":""},{"$f":"IF(INDIRECT(\"'MRO Certificate Printing'!J\"&((ROW()-2)*4)+4)=\"\",\"\",INDIRECT(\"'MRO Certificate Printing'!J\"&((ROW()-2)*4)+4))","v":""},{"$f":"IF(INDIRECT(\"'MRO Certificate Printing'!I\"&((ROW()-2)*4)+4)=\"\",\"\",INDIRECT(\"'MRO Certificate Printing'!I\"&((ROW()-2)*4)+4))","v":""},{"$f":"IF(INDIRECT(\"'MRO Certificate Printing'!K\"&((ROW()-2)*4)+4)=\"\",\"\",INDIRECT(\"'MRO Certificate Printing'!K\"&((ROW()-2)*4)+4))","v":""},null,{"$f":"IF(INDIRECT(\"'MRO Certificate Printing'!D\"&((ROW()-2)*4)+5)=\"\",\"\",INDIRECT(\"'MRO Certificate Printing'!D\"&((ROW()-2)*4)+5))","v":""},{"$f":"IF(INDIRECT(\"'MRO Certificate Printing'!E\"&((ROW()-2)*4)+5)=\"\",\"\",INDIRECT(\"'MRO Certificate Printing'!E\"&((ROW()-2)*4)+5))","v":""},{"$f":"IF(INDIRECT(\"'MRO Certificate Printing'!F\"&((ROW()-2)*4)+5)=\"\",\"\",INDIRECT(\"'MRO Certificate Printing'!F\"&((ROW()-2)*4)+5))","v":""},{"$f":"IF(INDIRECT(\"'MRO Certificate Printing'!B\"&((ROW()-2)*4)+5)=\"\",\"\",INDIRECT(\"'MRO Certificate Printing'!B\"&((ROW()-2)*4)+5))","v":""},{"$f":"IF(INDIRECT(\"'MRO Certificate Printing'!G\"&((ROW()-2)*4)+5)=\"\",\"\",INDIRECT(\"'MRO Certificate Printing'!G\"&((ROW()-2)*4)+5))","v":""},{"$f":"IF(INDIRECT(\"'MRO Certificate Printing'!J\"&((ROW()-2)*4)+5)=\"\",\"\",INDIRECT(\"'MRO Certificate Printing'!J\"&((ROW()-2)*4)+5))","v":""},{"$f":"IF(INDIRECT(\"'MRO Certificate Printing'!I\"&((ROW()-2)*4)+5)=\"\",\"\",INDIRECT(\"'MRO Certificate Printing'!I\"&((ROW()-2)*4)+5))","v":""},{"$f":"IF(INDIRECT(\"'MRO Certificate Printing'!K\"&((ROW()-2)*4)+5)=\"\",\"\",INDIRECT(\"'MRO Certificate Printing'!K\"&((ROW()-2)*4)+5))","v":""}]
["",{"$f":"IF(INDIRECT(\"'MRO Certificate Printing'!D\"&((ROW()-2)*4)+2)=\"\",\"\",INDIRECT(\"'MRO Certificate Printing'!D\"&((ROW()-2)*4)+2))","v":""},{"$f":"IF(INDIRECT(\"'MRO Certificate Printing'!E\"&((ROW()-2)*4)+2)=\"\",\"\",INDIRECT(\"'MRO Certificate Printing'!E\"&((ROW()-2)*4)+2))","v":""},{"$f":"IF(INDIRECT(\"'MRO Certificate Printing'!F\"&((ROW()-2)*4)+2)=\"\",\"\",INDIRECT(\"'MRO Certificate Printing'!F\"&((ROW()-2)*4)+2))","v":""},{"$f":"IF(INDIRECT(\"'MRO Certificate Printing'!B\"&((ROW()-2)*4)+2)=\"\",\"\",INDIRECT(\"'MRO Certificate Printing'!B\"&((ROW()-2)*4)+2))","v":""},{"$f":"IF(INDIRECT(\"'MRO Certificate Printing'!G\"&((ROW()-2)*4)+2)=\"\",\"\",INDIRECT(\"'MRO Certificate Printing'!G\"&((ROW()-2)*4)+2))","v":""},{"$f":"IF(INDIRECT(\"'MRO Certificate Printing'!J\"&((ROW()-2)*4)+2)=\"\",\"\",INDIRECT(\"'MRO Certificate Printing'!J\"&((ROW()-2)*4)+2))","v":""},{"$f":"IF(INDIRECT(\"'MRO Certificate Printing'!I\"&((ROW()-2)*4)+2)=\"\",\"\",INDIRECT(\"'MRO Certificate Printing'!I\"&((ROW()-2)*4)+2))","v":""},{"$f":"IF(INDIRECT(\"'MRO Certificate Printing'!K\"&((ROW()-2)*4)+2)=\"\",\"\",INDIRECT(\"'MRO Certificate Printing'!K\"&((ROW()-2)*4)+2))","v":""},null,{"$f":"IF(INDIRECT(\"'MRO Certificate Printing'!D\"&((ROW()-2)*4)+3)=\"\",\"\",INDIRECT(\"'MRO Certificate Printing'!D\"&((ROW()-2)*4)+3))","v":""},{"$f":"IF(INDIRECT(\"'MRO Certificate Printing'!E\"&((ROW()-2)*4)+3)=\"\",\"\",INDIRECT(\"'MRO Certificate Printing'!E\"&((ROW()-2)*4)+3))","v":""},{"$f":"IF(INDIRECT(\"'MRO Certificate Printing'!F\"&((ROW()-2)*4)+3)=\"\",\"\",INDIRECT(\"'MRO Certificate Printing'!F\"&((ROW()-2)*4)+3))","v":""},{"$f":"IF(INDIRECT(\"'MRO Certificate Printing'!B\"&((ROW()-2)*4)+3)=\"\",\"\",INDIRECT(\"'MRO Certificate Printing'!B\"&((ROW()-2)*4)+3))","v":""},{"$f":"IF(INDIRECT(\"'MRO Certificate Printing'!G\"&((ROW()-2)*4)+3)=\"\",\"\",INDIRECT(\"'MRO Certificate Printing'!G\"&((ROW()-2)*4)+3))","v":""},{"$f":"IF(INDIRECT(\"'MRO Certificate Printing'!J\"&((ROW()-2)*4)+3)=\"\",\"\",INDIRECT(\"'MRO Certificate Printing'!J\"&((ROW()-2)*4)+3))","v":""},{"$f":"IF(INDIRECT(\"'MRO Certificate Printing'!I\"&((ROW()-2)*4)+3)=\"\",\"\",INDIRECT(\"'MRO Certificate Printing'!I\"&((ROW()-2)*4)+3))","v":""},{"$f":"IF(INDIRECT(\"'MRO Certificate Printing'!K\"&((ROW()-2)*4)+3)=\"\",\"\",INDIRECT(\"'MRO Certificate Printing'!K\"&((ROW()-2)*4)+3))","v":""},null,{"$f":"IF(INDIRECT(\"'MRO Certificate Printing'!D\"&((ROW()-2)*4)+4)=\"\",\"\",INDIRECT(\"'MRO Certificate Printing'!D\"&((ROW()-2)*4)+4))","v":""},{"$f":"IF(INDIRECT(\"'MRO Certificate Printing'!E\"&((ROW()-2)*4)+4)=\"\",\"\",INDIRECT(\"'MRO Certificate Printing'!E\"&((ROW()-2)*4)+4))","v":""},{"$f":"IF(INDIRECT(\"'MRO Certificate Printing'!F\"&((ROW()-2)*4)+4)=\"\",\"\",INDIRECT(\"'MRO Certificate Printing'!F\"&((ROW()-2)*4)+4))","v":""},{"$f":"IF(INDIRECT(\"'MRO Certificate Printing'!B\"&((ROW()-2)*4)+4)=\"\",\"\",INDIRECT(\"'MRO Certificate Printing'!B\"&((ROW()-2)*4)+4))","v":""},{"$f":"IF(INDIRECT(\"'MRO Certificate Printing'!G\"&((ROW()-2)*4)+4)=\"\",\"\",INDIRECT(\"'MRO Certificate Printing'!G\"&((ROW()-2)*4)+4))","v":""},{"$f":"IF(INDIRECT(\"'MRO Certificate Printing'!J\"&((ROW()-2)*4)+4)=\"\",\"\",INDIRECT(\"'MRO Certificate Printing'!J\"&((ROW()-2)*4)+4))","v":""},{"$f":"IF(INDIRECT(\"'MRO Certificate Printing'!I\"&((ROW()-2)*4)+4)=\"\",\"\",INDIRECT(\"'MRO Certificate Printing'!I\"&((ROW()-2)*4)+4))","v":""},{"$f":"IF(INDIRECT(\"'MRO Certificate Printing'!K\"&((ROW()-2)*4)+4)=\"\",\"\",INDIRECT(\"'MRO Certificate Printing'!K\"&((ROW()-2)*4)+4))","v":""},null,{"$f":"IF(INDIRECT(\"'MRO Certificate Printing'!D\"&((ROW()-2)*4)+5)=\"\",\"\",INDIRECT(\"'MRO Certificate Printing'!D\"&((ROW()-2)*4)+5))","v":""},{"$f":"IF(INDIRECT(\"'MRO Certificate Printing'!E\"&((ROW()-2)*4)+5)=\"\",\"\",INDIRECT(\"'MRO Certificate Printing'!E\"&((ROW()-2)*4)+5))","v":""},{"$f":"IF(INDIRECT(\"'MRO Certificate Printing'!F\"&((ROW()-2)*4)+5)=\"\",\"\",INDIRECT(\"'MRO Certificate Printing'!F\"&((ROW()-2)*4)+5))","v":""},{"$f":"IF(INDIRECT(\"'MRO Certificate Printing'!B\"&((ROW()-2)*4)+5)=\"\",\"\",INDIRECT(\"'MRO Certificate Printing'!B\"&((ROW()-2)*4)+5))","v":""},{"$f":"IF(INDIRECT(\"'MRO Certificate Printing'!G\"&((ROW()-2)*4)+5)=\"\",\"\",INDIRECT(\"'MRO Certificate Printing'!G\"&((ROW()-2)*4)+5))","v":""},{"$f":"IF(INDIRECT(\"'MRO Certificate Printing'!J\"&((ROW()-2)*4)+5)=\"\",\"\",INDIRECT(\"'MRO Certificate Printing'!J\"&((ROW()-2)*4)+5))","v":""},{"$f":"IF(INDIRECT(\"'MRO Certificate Printing'!I\"&((ROW()-2)*4)+5)=\"\",\"\",INDIRECT(\"'MRO Certificate Printing'!I\"&((ROW()-2)*4)+5))","v":""},{"$f":"IF(INDIRECT(\"'MRO Certificate Printing'!K\"&((ROW()-2)*4)+5)=\"\",\"\",INDIRECT(\"'MRO Certificate Printing'!K\"&((ROW()-2)*4)+5))","v":""}]
["",{"$f":"IF(INDIRECT(\"'MRO Certificate Printing'!D\"&((ROW()-2)*4)+2)=\"\",\"\",INDIRECT(\"'MRO Certificate Printing'!D\"&((ROW()-2)*4)+2))","v":""},{"$f":"IF(INDIRECT(\"'MRO Certificate Printing'!E\"&((ROW()-2)*4)+2)=\"\",\"\",INDIRECT(\"'MRO Certificate Printing'!E\"&((ROW()-2)*4)+2))","v":""},{"$f":"IF(INDIRECT(\"'MRO Certificate Printing'!F\"&((ROW()-2)*4)+2)=\"\",\"\",INDIRECT(\"'MRO Certificate Printing'!F\"&((ROW()-2)*4)+2))","v":""},{"$f":"IF(INDIRECT(\"'MRO Certificate Printing'!B\"&((ROW()-2)*4)+2)=\"\",\"\",INDIRECT(\"'MRO Certificate Printing'!B\"&((ROW()-2)*4)+2))","v":""},{"$f":"IF(INDIRECT(\"'MRO Certificate Printing'!G\"&((ROW()-2)*4)+2)=\"\",\"\",INDIRECT(\"'MRO Certificate Printing'!G\"&((ROW()-2)*4)+2))","v":""},{"$f":"IF(INDIRECT(\"'MRO Certificate Printing'!J\"&((ROW()-2)*4)+2)=\"\",\"\",INDIRECT(\"'MRO Certificate Printing'!J\"&((ROW()-2)*4)+2))","v":""},{"$f":"IF(INDIRECT(\"'MRO Certificate Printing'!I\"&((ROW()-2)*4)+2)=\"\",\"\",INDIRECT(\"'MRO Certificate Printing'!I\"&((ROW()-2)*4)+2))","v":""},{"$f":"IF(INDIRECT(\"'MRO Certificate Printing'!K\"&((ROW()-2)*4)+2)=\"\",\"\",INDIRECT(\"'MRO Certificate Printing'!K\"&((ROW()-2)*4)+2))","v":""},null,{"$f":"IF(INDIRECT(\"'MRO Certificate Printing'!D\"&((ROW()-2)*4)+3)=\"\",\"\",INDIRECT(\"'MRO Certificate Printing'!D\"&((ROW()-2)*4)+3))","v":""},{"$f":"IF(INDIRECT(\"'MRO Certificate Printing'!E\"&((ROW()-2)*4)+3)=\"\",\"\",INDIRECT(\"'MRO Certificate Printing'!E\"&((ROW()-2)*4)+3))","v":""},{"$f":"IF(INDIRECT(\"'MRO Certificate Printing'!F\"&((ROW()-2)*4)+3)=\"\",\"\",INDIRECT(\"'MRO Certificate Printing'!F\"&((ROW()-2)*4)+3))","v":""},{"$f":"IF(INDIRECT(\"'MRO Certificate Printing'!B\"&((ROW()-2)*4)+3)=\"\",\"\",INDIRECT(\"'MRO Certificate Printing'!B\"&((ROW()-2)*4)+3))","v":""},{"$f":"IF(INDIRECT(\"'MRO Certificate Printing'!G\"&((ROW()-2)*4)+3)=\"\",\"\",INDIRECT(\"'MRO Certificate Printing'!G\"&((ROW()-2)*4)+3))","v":""},{"$f":"IF(INDIRECT(\"'MRO Certificate Printing'!J\"&((ROW()-2)*4)+3)=\"\",\"\",INDIRECT(\"'MRO Certificate Printing'!J\"&((ROW()-2)*4)+3))","v":""},{"$f":"IF(INDIRECT(\"'MRO Certificate Printing'!I\"&((ROW()-2)*4)+3)=\"\",\"\",INDIRECT(\"'MRO Certificate Printing'!I\"&((ROW()-2)*4)+3))","v":""},{"$f":"IF(INDIRECT(\"'MRO Certificate Printing'!K\"&((ROW()-2)*4)+3)=\"\",\"\",INDIRECT(\"'MRO Certificate Printing'!K\"&((ROW()-2)*4)+3))","v":""},null,{"$f":"IF(INDIRECT(\"'MRO Certificate Printing'!D\"&((ROW()-2)*4)+4)=\"\",\"\",INDIRECT(\"'MRO Certificate Printing'!D\"&((ROW()-2)*4)+4))","v":""},{"$f":"IF(INDIRECT(\"'MRO Certificate Printing'!E\"&((ROW()-2)*4)+4)=\"\",\"\",INDIRECT(\"'MRO Certificate Printing'!E\"&((ROW()-2)*4)+4))","v":""},{"$f":"IF(INDIRECT(\"'MRO Certificate Printing'!F\"&((ROW()-2)*4)+4)=\"\",\"\",INDIRECT(\"'MRO Certificate Printing'!F\"&((ROW()-2)*4)+4))","v":""},{"$f":"IF(INDIRECT(\"'MRO Certificate Printing'!B\"&((ROW()-2)*4)+4)=\"\",\"\",INDIRECT(\"'MRO Certificate Printing'!B\"&((ROW()-2)*4)+4))","v":""},{"$f":"IF(INDIRECT(\"'MRO Certificate Printing'!G\"&((ROW()-2)*4)+4)=\"\",\"\",INDIRECT(\"'MRO Certificate Printing'!G\"&((ROW()-2)*4)+4))","v":""},{"$f":"IF(INDIRECT(\"'MRO Certificate Printing'!J\"&((ROW()-2)*4)+4)=\"\",\"\",INDIRECT(\"'MRO Certificate Printing'!J\"&((ROW()-2)*4)+4))","v":""},{"$f":"IF(INDIRECT(\"'MRO Certificate Printing'!I\"&((ROW()-2)*4)+4)=\"\",\"\",INDIRECT(\"'MRO Certificate Printing'!I\"&((ROW()-2)*4)+4))","v":""},{"$f":"IF(INDIRECT(\"'MRO Certificate Printing'!K\"&((ROW()-2)*4)+4)=\"\",\"\",INDIRECT(\"'MRO Certificate Printing'!K\"&((ROW()-2)*4)+4))","v":""},null,{"$f":"IF(INDIRECT(\"'MRO Certificate Printing'!D\"&((ROW()-2)*4)+5)=\"\",\"\",INDIRECT(\"'MRO Certificate Printing'!D\"&((ROW()-2)*4)+5))","v":""},{"$f":"IF(INDIRECT(\"'MRO Certificate Printing'!E\"&((ROW()-2)*4)+5)=\"\",\"\",INDIRECT(\"'MRO Certificate Printing'!E\"&((ROW()-2)*4)+5))","v":""},{"$f":"IF(INDIRECT(\"'MRO Certificate Printing'!F\"&((ROW()-2)*4)+5)=\"\",\"\",INDIRECT(\"'MRO Certificate Printing'!F\"&((ROW()-2)*4)+5))","v":""},{"$f":"IF(INDIRECT(\"'MRO Certificate Printing'!B\"&((ROW()-2)*4)+5)=\"\",\"\",INDIRECT(\"'MRO Certificate Printing'!B\"&((ROW()-2)*4)+5))","v":""},{"$f":"IF(INDIRECT(\"'MRO Certificate Printing'!G\"&((ROW()-2)*4)+5)=\"\",\"\",INDIRECT(\"'MRO Certificate Printing'!G\"&((ROW()-2)*4)+5))","v":""},{"$f":"IF(INDIRECT(\"'MRO Certificate Printing'!J\"&((ROW()-2)*4)+5)=\"\",\"\",INDIRECT(\"'MRO Certificate Printing'!J\"&((ROW()-2)*4)+5))","v":""},{"$f":"IF(INDIRECT(\"'MRO Certificate Printing'!I\"&((ROW()-2)*4)+5)=\"\",\"\",INDIRECT(\"'MRO Certificate Printing'!I\"&((ROW()-2)*4)+5))","v":""},{"$f":"IF(INDIRECT(\"'MRO Certificate Printing'!K\"&((ROW()-2)*4)+5)=\"\",\"\",INDIRECT(\"'MRO Certificate Printing'!K\"&((ROW()-2)*4)+5))","v":""}]
["",{"$f":"IF(INDIRECT(\"'MRO Certificate Printing'!D\"&((ROW()-2)*4)+2)=\"\",\"\",INDIRECT(\"'MRO Certificate Printing'!D\"&((ROW()-2)*4)+2))","v":""},{"$f":"IF(INDIRECT(\"'MRO Certificate Printing'!E\"&((ROW()-2)*4)+2)=\"\",\"\",INDIRECT(\"'MRO Certificate Printing'!E\"&((ROW()-2)*4)+2))","v":""},{"$f":"IF(INDIRECT(\"'MRO Certificate Printing'!F\"&((ROW()-2)*4)+2)=\"\",\"\",INDIRECT(\"'MRO Certificate Printing'!F\"&((ROW()-2)*4)+2))","v":""},{"$f":"IF(INDIRECT(\"'MRO Certificate Printing'!B\"&((ROW()-2)*4)+2)=\"\",\"\",INDIRECT(\"'MRO Certificate Printing'!B\"&((ROW()-2)*4)+2))","v":""},{"$f":"IF(INDIRECT(\"'MRO Certificate Printing'!G\"&((ROW()-2)*4)+2)=\"\",\"\",INDIRECT(\"'MRO Certificate Printing'!G\"&((ROW()-2)*4)+2))","v":""},{"$f":"IF(INDIRECT(\"'MRO Certificate Printing'!J\"&((ROW()-2)*4)+2)=\"\",\"\",INDIRECT(\"'MRO Certificate Printing'!J\"&((ROW()-2)*4)+2))","v":""},{"$f":"IF(INDIRECT(\"'MRO Certificate Printing'!I\"&((ROW()-2)*4)+2)=\"\",\"\",INDIRECT(\"'MRO Certificate Printing'!I\"&((ROW()-2)*4)+2))","v":""},{"$f":"IF(INDIRECT(\"'MRO Certificate Printing'!K\"&((ROW()-2)*4)+2)=\"\",\"\",INDIRECT(\"'MRO Certificate Printing'!K\"&((ROW()-2)*4)+2))","v":""},null,{"$f":"IF(INDIRECT(\"'MRO Certificate Printing'!D\"&((ROW()-2)*4)+3)=\"\",\"\",INDIRECT(\"'MRO Certificate Printing'!D\"&((ROW()-2)*4)+3))","v":""},{"$f":"IF(INDIRECT(\"'MRO Certificate Printing'!E\"&((ROW()-2)*4)+3)=\"\",\"\",INDIRECT(\"'MRO Certificate Printing'!E\"&((ROW()-2)*4)+3))","v":""},{"$f":"IF(INDIRECT(\"'MRO Certificate Printing'!F\"&((ROW()-2)*4)+3)=\"\",\"\",INDIRECT(\"'MRO Certificate Printing'!F\"&((ROW()-2)*4)+3))","v":""},{"$f":"IF(INDIRECT(\"'MRO Certificate Printing'!B\"&((ROW()-2)*4)+3)=\"\",\"\",INDIRECT(\"'MRO Certificate Printing'!B\"&((ROW()-2)*4)+3))","v":""},{"$f":"IF(INDIRECT(\"'MRO Certificate Printing'!G\"&((ROW()-2)*4)+3)=\"\",\"\",INDIRECT(\"'MRO Certificate Printing'!G\"&((ROW()-2)*4)+3))","v":""},{"$f":"IF(INDIRECT(\"'MRO Certificate Printing'!J\"&((ROW()-2)*4)+3)=\"\",\"\",INDIRECT(\"'MRO Certificate Printing'!J\"&((ROW()-2)*4)+3))","v":""},{"$f":"IF(INDIRECT(\"'MRO Certificate Printing'!I\"&((ROW()-2)*4)+3)=\"\",\"\",INDIRECT(\"'MRO Certificate Printing'!I\"&((ROW()-2)*4)+3))","v":""},{"$f":"IF(INDIRECT(\"'MRO Certificate Printing'!K\"&((ROW()-2)*4)+3)=\"\",\"\",INDIRECT(\"'MRO Certificate Printing'!K\"&((ROW()-2)*4)+3))","v":""},null,{"$f":"IF(INDIRECT(\"'MRO Certificate Printing'!D\"&((ROW()-2)*4)+4)=\"\",\"\",INDIRECT(\"'MRO Certificate Printing'!D\"&((ROW()-2)*4)+4))","v":""},{"$f":"IF(INDIRECT(\"'MRO Certificate Printing'!E\"&((ROW()-2)*4)+4)=\"\",\"\",INDIRECT(\"'MRO Certificate Printing'!E\"&((ROW()-2)*4)+4))","v":""},{"$f":"IF(INDIRECT(\"'MRO Certificate Printing'!F\"&((ROW()-2)*4)+4)=\"\",\"\",INDIRECT(\"'MRO Certificate Printing'!F\"&((ROW()-2)*4)+4))","v":""},{"$f":"IF(INDIRECT(\"'MRO Certificate Printing'!B\"&((ROW()-2)*4)+4)=\"\",\"\",INDIRECT(\"'MRO Certificate Printing'!B\"&((ROW()-2)*4)+4))","v":""},{"$f":"IF(INDIRECT(\"'MRO Certificate Printing'!G\"&((ROW()-2)*4)+4)=\"\",\"\",INDIRECT(\"'MRO Certificate Printing'!G\"&((ROW()-2)*4)+4))","v":""},{"$f":"IF(INDIRECT(\"'MRO Certificate Printing'!J\"&((ROW()-2)*4)+4)=\"\",\"\",INDIRECT(\"'MRO Certificate Printing'!J\"&((ROW()-2)*4)+4))","v":""},{"$f":"IF(INDIRECT(\"'MRO Certificate Printing'!I\"&((ROW()-2)*4)+4)=\"\",\"\",INDIRECT(\"'MRO Certificate Printing'!I\"&((ROW()-2)*4)+4))","v":""},{"$f":"IF(INDIRECT(\"'MRO Certificate Printing'!K\"&((ROW()-2)*4)+4)=\"\",\"\",INDIRECT(\"'MRO Certificate Printing'!K\"&((ROW()-2)*4)+4))","v":""},null,{"$f":"IF(INDIRECT(\"'MRO Certificate Printing'!D\"&((ROW()-2)*4)+5)=\"\",\"\",INDIRECT(\"'MRO Certificate Printing'!D\"&((ROW()-2)*4)+5))","v":""},{"$f":"IF(INDIRECT(\"'MRO Certificate Printing'!E\"&((ROW()-2)*4)+5)=\"\",\"\",INDIRECT(\"'MRO Certificate Printing'!E\"&((ROW()-2)*4)+5))","v":""},{"$f":"IF(INDIRECT(\"'MRO Certificate Printing'!F\"&((ROW()-2)*4)+5)=\"\",\"\",INDIRECT(\"'MRO Certificate Printing'!F\"&((ROW()-2)*4)+5))","v":""},{"$f":"IF(INDIRECT(\"'MRO Certificate Printing'!B\"&((ROW()-2)*4)+5)=\"\",\"\",INDIRECT(\"'MRO Certificate Printing'!B\"&((ROW()-2)*4)+5))","v":""},{"$f":"IF(INDIRECT(\"'MRO Certificate Printing'!G\"&((ROW()-2)*4)+5)=\"\",\"\",INDIRECT(\"'MRO Certificate Printing'!G\"&((ROW()-2)*4)+5))","v":""},{"$f":"IF(INDIRECT(\"'MRO Certificate Printing'!J\"&((ROW()-2)*4)+5)=\"\",\"\",INDIRECT(\"'MRO Certificate Printing'!J\"&((ROW()-2)*4)+5))","v":""},{"$f":"IF(INDIRECT(\"'MRO Certificate Printing'!I\"&((ROW()-2)*4)+5)=\"\",\"\",INDIRECT(\"'MRO Certificate Printing'!I\"&((ROW()-2)*4)+5))","v":""},{"$f":"IF(INDIRECT(\"'MRO Certificate Printing'!K\"&((ROW()-2)*4)+5)=\"\",\"\",INDIRECT(\"'MRO Certificate Printing'!K\"&((ROW()-2)*4)+5))","v":""}]
["",{"$f":"IF(INDIRECT(\"'MRO Certificate Printing'!D\"&((ROW()-2)*4)+2)=\"\",\"\",INDIRECT(\"'MRO Certificate Printing'!D\"&((ROW()-2)*4)+2))","v":""},{"$f":"IF(INDIRECT(\"'MRO Certificate Printing'!E\"&((ROW()-2)*4)+2)=\"\",\"\",INDIRECT(\"'MRO Certificate Printing'!E\"&((ROW()-2)*4)+2))","v":""},{"$f":"IF(INDIRECT(\"'MRO Certificate Printing'!F\"&((ROW()-2)*4)+2)=\"\",\"\",INDIRECT(\"'MRO Certificate Printing'!F\"&((ROW()-2)*4)+2))","v":""},{"$f":"IF(INDIRECT(\"'MRO Certificate Printing'!B\"&((ROW()-2)*4)+2)=\"\",\"\",INDIRECT(\"'MRO Certificate Printing'!B\"&((ROW()-2)*4)+2))","v":""},{"$f":"IF(INDIRECT(\"'MRO Certificate Printing'!G\"&((ROW()-2)*4)+2)=\"\",\"\",INDIRECT(\"'MRO Certificate Printing'!G\"&((ROW()-2)*4)+2))","v":""},{"$f":"IF(INDIRECT(\"'MRO Certificate Printing'!J\"&((ROW()-2)*4)+2)=\"\",\"\",INDIRECT(\"'MRO Certificate Printing'!J\"&((ROW()-2)*4)+2))","v":""},{"$f":"IF(INDIRECT(\"'MRO Certificate Printing'!I\"&((ROW()-2)*4)+2)=\"\",\"\",INDIRECT(\"'MRO Certificate Printing'!I\"&((ROW()-2)*4)+2))","v":""},{"$f":"IF(INDIRECT(\"'MRO Certificate Printing'!K\"&((ROW()-2)*4)+2)=\"\",\"\",INDIRECT(\"'MRO Certificate Printing'!K\"&((ROW()-2)*4)+2))","v":""},null,{"$f":"IF(INDIRECT(\"'MRO Certificate Printing'!D\"&((ROW()-2)*4)+3)=\"\",\"\",INDIRECT(\"'MRO Certificate Printing'!D\"&((ROW()-2)*4)+3))","v":""},{"$f":"IF(INDIRECT(\"'MRO Certificate Printing'!E\"&((ROW()-2)*4)+3)=\"\",\"\",INDIRECT(\"'MRO Certificate Printing'!E\"&((ROW()-2)*4)+3))","v":""},{"$f":"IF(INDIRECT(\"'MRO Certificate Printing'!F\"&((ROW()-2)*4)+3)=\"\",\"\",INDIRECT(\"'MRO Certificate Printing'!F\"&((ROW()-2)*4)+3))","v":""},{"$f":"IF(INDIRECT(\"'MRO Certificate Printing'!B\"&((ROW()-2)*4)+3)=\"\",\"\",INDIRECT(\"'MRO Certificate Printing'!B\"&((ROW()-2)*4)+3))","v":""},{"$f":"IF(INDIRECT(\"'MRO Certificate Printing'!G\"&((ROW()-2)*4)+3)=\"\",\"\",INDIRECT(\"'MRO Certificate Printing'!G\"&((ROW()-2)*4)+3))","v":""},{"$f":"IF(INDIRECT(\"'MRO Certificate Printing'!J\"&((ROW()-2)*4)+3)=\"\",\"\",INDIRECT(\"'MRO Certificate Printing'!J\"&((ROW()-2)*4)+3))","v":""},{"$f":"IF(INDIRECT(\"'MRO Certificate Printing'!I\"&((ROW()-2)*4)+3)=\"\",\"\",INDIRECT(\"'MRO Certificate Printing'!I\"&((ROW()-2)*4)+3))","v":""},{"$f":"IF(INDIRECT(\"'MRO Certificate Printing'!K\"&((ROW()-2)*4)+3)=\"\",\"\",INDIRECT(\"'MRO Certificate Printing'!K\"&((ROW()-2)*4)+3))","v":""},null,{"$f":"IF(INDIRECT(\"'MRO Certificate Printing'!D\"&((ROW()-2)*4)+4)=\"\",\"\",INDIRECT(\"'MRO Certificate Printing'!D\"&((ROW()-2)*4)+4))","v":""},{"$f":"IF(INDIRECT(\"'MRO Certificate Printing'!E\"&((ROW()-2)*4)+4)=\"\",\"\",INDIRECT(\"'MRO Certificate Printing'!E\"&((ROW()-2)*4)+4))","v":""},{"$f":"IF(INDIRECT(\"'MRO Certificate Printing'!F\"&((ROW()-2)*4)+4)=\"\",\"\",INDIRECT(\"'MRO Certificate Printing'!F\"&((ROW()-2)*4)+4))","v":""},{"$f":"IF(INDIRECT(\"'MRO Certificate Printing'!B\"&((ROW()-2)*4)+4)=\"\",\"\",INDIRECT(\"'MRO Certificate Printing'!B\"&((ROW()-2)*4)+4))","v":""},{"$f":"IF(INDIRECT(\"'MRO Certificate Printing'!G\"&((ROW()-2)*4)+4)=\"\",\"\",INDIRECT(\"'MRO Certificate Printing'!G\"&((ROW()-2)*4)+4))","v":""},{"$f":"IF(INDIRECT(\"'MRO Certificate Printing'!J\"&((ROW()-2)*4)+4)=\"\",\"\",INDIRECT(\"'MRO Certificate Printing'!J\"&((ROW()-2)*4)+4))","v":""},{"$f":"IF(INDIRECT(\"'MRO Certificate Printing'!I\"&((ROW()-2)*4)+4)=\"\",\"\",INDIRECT(\"'MRO Certificate Printing'!I\"&((ROW()-2)*4)+4))","v":""},{"$f":"IF(INDIRECT(\"'MRO Certificate Printing'!K\"&((ROW()-2)*4)+4)=\"\",\"\",INDIRECT(\"'MRO Certificate Printing'!K\"&((ROW()-2)*4)+4))","v":""},null,{"$f":"IF(INDIRECT(\"'MRO Certificate Printing'!D\"&((ROW()-2)*4)+5)=\"\",\"\",INDIRECT(\"'MRO Certificate Printing'!D\"&((ROW()-2)*4)+5))","v":""},{"$f":"IF(INDIRECT(\"'MRO Certificate Printing'!E\"&((ROW()-2)*4)+5)=\"\",\"\",INDIRECT(\"'MRO Certificate Printing'!E\"&((ROW()-2)*4)+5))","v":""},{"$f":"IF(INDIRECT(\"'MRO Certificate Printing'!F\"&((ROW()-2)*4)+5)=\"\",\"\",INDIRECT(\"'MRO Certificate Printing'!F\"&((ROW()-2)*4)+5))","v":""},{"$f":"IF(INDIRECT(\"'MRO Certificate Printing'!B\"&((ROW()-2)*4)+5)=\"\",\"\",INDIRECT(\"'MRO Certificate Printing'!B\"&((ROW()-2)*4)+5))","v":""},{"$f":"IF(INDIRECT(\"'MRO Certificate Printing'!G\"&((ROW()-2)*4)+5)=\"\",\"\",INDIRECT(\"'MRO Certificate Printing'!G\"&((ROW()-2)*4)+5))","v":""},{"$f":"IF(INDIRECT(\"'MRO Certificate Printing'!J\"&((ROW()-2)*4)+5)=\"\",\"\",INDIRECT(\"'MRO Certificate Printing'!J\"&((ROW()-2)*4)+5))","v":""},{"$f":"IF(INDIRECT(\"'MRO Certificate Printing'!I\"&((ROW()-2)*4)+5)=\"\",\"\",INDIRECT(\"'MRO Certificate Printing'!I\"&((ROW()-2)*4)+5))","v":""},{"$f":"IF(INDIRECT(\"'MRO Certificate Printing'!K\"&((ROW()-2)*4)+5)=\"\",\"\",INDIRECT(\"'MRO Certificate Printing'!K\"&((ROW()-2)*4)+5))","v":""}]
["",{"$f":"IF(INDIRECT(\"'MRO Certificate Printing'!D\"&((ROW()-2)*4)+2)=\"\",\"\",INDIRECT(\"'MRO Certificate Printing'!D\"&((ROW()-2)*4)+2))","v":""},{"$f":"IF(INDIRECT(\"'MRO Certificate Printing'!E\"&((ROW()-2)*4)+2)=\"\",\"\",INDIRECT(\"'MRO Certificate Printing'!E\"&((ROW()-2)*4)+2))","v":""},{"$f":"IF(INDIRECT(\"'MRO Certificate Printing'!F\"&((ROW()-2)*4)+2)=\"\",\"\",INDIRECT(\"'MRO Certificate Printing'!F\"&((ROW()-2)*4)+2))","v":""},{"$f":"IF(INDIRECT(\"'MRO Certificate Printing'!B\"&((ROW()-2)*4)+2)=\"\",\"\",INDIRECT(\"'MRO Certificate Printing'!B\"&((ROW()-2)*4)+2))","v":""},{"$f":"IF(INDIRECT(\"'MRO Certificate Printing'!G\"&((ROW()-2)*4)+2)=\"\",\"\",INDIRECT(\"'MRO Certificate Printing'!G\"&((ROW()-2)*4)+2))","v":""},{"$f":"IF(INDIRECT(\"'MRO Certificate Printing'!J\"&((ROW()-2)*4)+2)=\"\",\"\",INDIRECT(\"'MRO Certificate Printing'!J\"&((ROW()-2)*4)+2))","v":""},{"$f":"IF(INDIRECT(\"'MRO Certificate Printing'!I\"&((ROW()-2)*4)+2)=\"\",\"\",INDIRECT(\"'MRO Certificate Printing'!I\"&((ROW()-2)*4)+2))","v":""},{"$f":"IF(INDIRECT(\"'MRO Certificate Printing'!K\"&((ROW()-2)*4)+2)=\"\",\"\",INDIRECT(\"'MRO Certificate Printing'!K\"&((ROW()-2)*4)+2))","v":""},null,{"$f":"IF(INDIRECT(\"'MRO Certificate Printing'!D\"&((ROW()-2)*4)+3)=\"\",\"\",INDIRECT(\"'MRO Certificate Printing'!D\"&((ROW()-2)*4)+3))","v":""},{"$f":"IF(INDIRECT(\"'MRO Certificate Printing'!E\"&((ROW()-2)*4)+3)=\"\",\"\",INDIRECT(\"'MRO Certificate Printing'!E\"&((ROW()-2)*4)+3))","v":""},{"$f":"IF(INDIRECT(\"'MRO Certificate Printing'!F\"&((ROW()-2)*4)+3)=\"\",\"\",INDIRECT(\"'MRO Certificate Printing'!F\"&((ROW()-2)*4)+3))","v":""},{"$f":"IF(INDIRECT(\"'MRO Certificate Printing'!B\"&((ROW()-2)*4)+3)=\"\",\"\",INDIRECT(\"'MRO Certificate Printing'!B\"&((ROW()-2)*4)+3))","v":""},{"$f":"IF(INDIRECT(\"'MRO Certificate Printing'!G\"&((ROW()-2)*4)+3)=\"\",\"\",INDIRECT(\"'MRO Certificate Printing'!G\"&((ROW()-2)*4)+3))","v":""},{"$f":"IF(INDIRECT(\"'MRO Certificate Printing'!J\"&((ROW()-2)*4)+3)=\"\",\"\",INDIRECT(\"'MRO Certificate Printing'!J\"&((ROW()-2)*4)+3))","v":""},{"$f":"IF(INDIRECT(\"'MRO Certificate Printing'!I\"&((ROW()-2)*4)+3)=\"\",\"\",INDIRECT(\"'MRO Certificate Printing'!I\"&((ROW()-2)*4)+3))","v":""},{"$f":"IF(INDIRECT(\"'MRO Certificate Printing'!K\"&((ROW()-2)*4)+3)=\"\",\"\",INDIRECT(\"'MRO Certificate Printing'!K\"&((ROW()-2)*4)+3))","v":""},null,{"$f":"IF(INDIRECT(\"'MRO Certificate Printing'!D\"&((ROW()-2)*4)+4)=\"\",\"\",INDIRECT(\"'MRO Certificate Printing'!D\"&((ROW()-2)*4)+4))","v":""},{"$f":"IF(INDIRECT(\"'MRO Certificate Printing'!E\"&((ROW()-2)*4)+4)=\"\",\"\",INDIRECT(\"'MRO Certificate Printing'!E\"&((ROW()-2)*4)+4))","v":""},{"$f":"IF(INDIRECT(\"'MRO Certificate Printing'!F\"&((ROW()-2)*4)+4)=\"\",\"\",INDIRECT(\"'MRO Certificate Printing'!F\"&((ROW()-2)*4)+4))","v":""},{"$f":"IF(INDIRECT(\"'MRO Certificate Printing'!B\"&((ROW()-2)*4)+4)=\"\",\"\",INDIRECT(\"'MRO Certificate Printing'!B\"&((ROW()-2)*4)+4))","v":""},{"$f":"IF(INDIRECT(\"'MRO Certificate Printing'!G\"&((ROW()-2)*4)+4)=\"\",\"\",INDIRECT(\"'MRO Certificate Printing'!G\"&((ROW()-2)*4)+4))","v":""},{"$f":"IF(INDIRECT(\"'MRO Certificate Printing'!J\"&((ROW()-2)*4)+4)=\"\",\"\",INDIRECT(\"'MRO Certificate Printing'!J\"&((ROW()-2)*4)+4))","v":""},{"$f":"IF(INDIRECT(\"'MRO Certificate Printing'!I\"&((ROW()-2)*4)+4)=\"\",\"\",INDIRECT(\"'MRO Certificate Printing'!I\"&((ROW()-2)*4)+4))","v":""},{"$f":"IF(INDIRECT(\"'MRO Certificate Printing'!K\"&((ROW()-2)*4)+4)=\"\",\"\",INDIRECT(\"'MRO Certificate Printing'!K\"&((ROW()-2)*4)+4))","v":""},null,{"$f":"IF(INDIRECT(\"'MRO Certificate Printing'!D\"&((ROW()-2)*4)+5)=\"\",\"\",INDIRECT(\"'MRO Certificate Printing'!D\"&((ROW()-2)*4)+5))","v":""},{"$f":"IF(INDIRECT(\"'MRO Certificate Printing'!E\"&((ROW()-2)*4)+5)=\"\",\"\",INDIRECT(\"'MRO Certificate Printing'!E\"&((ROW()-2)*4)+5))","v":""},{"$f":"IF(INDIRECT(\"'MRO Certificate Printing'!F\"&((ROW()-2)*4)+5)=\"\",\"\",INDIRECT(\"'MRO Certificate Printing'!F\"&((ROW()-2)*4)+5))","v":""},{"$f":"IF(INDIRECT(\"'MRO Certificate Printing'!B\"&((ROW()-2)*4)+5)=\"\",\"\",INDIRECT(\"'MRO Certificate Printing'!B\"&((ROW()-2)*4)+5))","v":""},{"$f":"IF(INDIRECT(\"'MRO Certificate Printing'!G\"&((ROW()-2)*4)+5)=\"\",\"\",INDIRECT(\"'MRO Certificate Printing'!G\"&((ROW()-2)*4)+5))","v":""},{"$f":"IF(INDIRECT(\"'MRO Certificate Printing'!J\"&((ROW()-2)*4)+5)=\"\",\"\",INDIRECT(\"'MRO Certificate Printing'!J\"&((ROW()-2)*4)+5))","v":""},{"$f":"IF(INDIRECT(\"'MRO Certificate Printing'!I\"&((ROW()-2)*4)+5)=\"\",\"\",INDIRECT(\"'MRO Certificate Printing'!I\"&((ROW()-2)*4)+5))","v":""},{"$f":"IF(INDIRECT(\"'MRO Certificate Printing'!K\"&((ROW()-2)*4)+5)=\"\",\"\",INDIRECT(\"'MRO Certificate Printing'!K\"&((ROW()-2)*4)+5))","v":""}]
[{"$f":"IF(C67=\"\",\"\",CONCATENATE(C67,\", \",L67,\", \",U67,\", \",AD67))","v":""},{"$f":"IF(INDIRECT(\"'MRO Certificate Printing'!D\"&((ROW()-2)*4)+2)=\"\",\"\",INDIRECT(\"'MRO Certificate Printing'!D\"&((ROW()-2)*4)+2))","v":""},{"$f":"IF(INDIRECT(\"'MRO Certificate Printing'!E\"&((ROW()-2)*4)+2)=\"\",\"\",INDIRECT(\"'MRO Certificate Printing'!E\"&((ROW()-2)*4)+2))","v":""},{"$f":"IF(INDIRECT(\"'MRO Certificate Printing'!F\"&((ROW()-2)*4)+2)=\"\",\"\",INDIRECT(\"'MRO Certificate Printing'!F\"&((ROW()-2)*4)+2))","v":""},{"$f":"IF(INDIRECT(\"'MRO Certificate Printing'!B\"&((ROW()-2)*4)+2)=\"\",\"\",INDIRECT(\"'MRO Certificate Printing'!B\"&((ROW()-2)*4)+2))","v":""},{"$f":"IF(INDIRECT(\"'MRO Certificate Printing'!G\"&((ROW()-2)*4)+2)=\"\",\"\",INDIRECT(\"'MRO Certificate Printing'!G\"&((ROW()-2)*4)+2))","v":""},{"$f":"IF(INDIRECT(\"'MRO Certificate Printing'!J\"&((ROW()-2)*4)+2)=\"\",\"\",INDIRECT(\"'MRO Certificate Printing'!J\"&((ROW()-2)*4)+2))","v":""},{"$f":"IF(INDIRECT(\"'MRO Certificate Printing'!I\"&((ROW()-2)*4)+2)=\"\",\"\",INDIRECT(\"'MRO Certificate Printing'!I\"&((ROW()-2)*4)+2))","v":""},{"$f":"IF(INDIRECT(\"'MRO Certificate Printing'!K\"&((ROW()-2)*4)+2)=\"\",\"\",INDIRECT(\"'MRO Certificate Printing'!K\"&((ROW()-2)*4)+2))","v":""},null,{"$f":"IF(INDIRECT(\"'MRO Certificate Printing'!D\"&((ROW()-2)*4)+3)=\"\",\"\",INDIRECT(\"'MRO Certificate Printing'!D\"&((ROW()-2)*4)+3))","v":""},{"$f":"IF(INDIRECT(\"'MRO Certificate Printing'!E\"&((ROW()-2)*4)+3)=\"\",\"\",INDIRECT(\"'MRO Certificate Printing'!E\"&((ROW()-2)*4)+3))","v":""},{"$f":"IF(INDIRECT(\"'MRO Certificate Printing'!F\"&((ROW()-2)*4)+3)=\"\",\"\",INDIRECT(\"'MRO Certificate Printing'!F\"&((ROW()-2)*4)+3))","v":""},{"$f":"IF(INDIRECT(\"'MRO Certificate Printing'!B\"&((ROW()-2)*4)+3)=\"\",\"\",INDIRECT(\"'MRO Certificate Printing'!B\"&((ROW()-2)*4)+3))","v":""},{"$f":"IF(INDIRECT(\"'MRO Certificate Printing'!G\"&((ROW()-2)*4)+3)=\"\",\"\",INDIRECT(\"'MRO Certificate Printing'!G\"&((ROW()-2)*4)+3))","v":""},{"$f":"IF(INDIRECT(\"'MRO Certificate Printing'!J\"&((ROW()-2)*4)+3)=\"\",\"\",INDIRECT(\"'MRO Certificate Printing'!J\"&((ROW()-2)*4)+3))","v":""},{"$f":"IF(INDIRECT(\"'MRO Certificate Printing'!I\"&((ROW()-2)*4)+3)=\"\",\"\",INDIRECT(\"'MRO Certificate Printing'!I\"&((ROW()-2)*4)+3))","v":""},{"$f":"IF(INDIRECT(\"'MRO Certificate Printing'!K\"&((ROW()-2)*4)+3)=\"\",\"\",INDIRECT(\"'MRO Certificate Printing'!K\"&((ROW()-2)*4)+3))","v":""},null,{"$f":"IF(INDIRECT(\"'MRO Certificate Printing'!D\"&((ROW()-2)*4)+4)=\"\",\"\",INDIRECT(\"'MRO Certificate Printing'!D\"&((ROW()-2)*4)+4))","v":""},{"$f":"IF(INDIRECT(\"'MRO Certificate Printing'!E\"&((ROW()-2)*4)+4)=\"\",\"\",INDIRECT(\"'MRO Certificate Printing'!E\"&((ROW()-2)*4)+4))","v":""},{"$f":"IF(INDIRECT(\"'MRO Certificate Printing'!F\"&((ROW()-2)*4)+4)=\"\",\"\",INDIRECT(\"'MRO Certificate Printing'!F\"&((ROW()-2)*4)+4))","v":""},{"$f":"IF(INDIRECT(\"'MRO Certificate Printing'!B\"&((ROW()-2)*4)+4)=\"\",\"\",INDIRECT(\"'MRO Certificate Printing'!B\"&((ROW()-2)*4)+4))","v":""},{"$f":"IF(INDIRECT(\"'MRO Certificate Printing'!G\"&((ROW()-2)*4)+4)=\"\",\"\",INDIRECT(\"'MRO Certificate Printing'!G\"&((ROW()-2)*4)+4))","v":""},{"$f":"IF(INDIRECT(\"'MRO Certificate Printing'!J\"&((ROW()-2)*4)+4)=\"\",\"\",INDIRECT(\"'MRO Certificate Printing'!J\"&((ROW()-2)*4)+4))","v":""},{"$f":"IF(INDIRECT(\"'MRO Certificate Printing'!I\"&((ROW()-2)*4)+4)=\"\",\"\",INDIRECT(\"'MRO Certificate Printing'!I\"&((ROW()-2)*4)+4))","v":""},{"$f":"IF(INDIRECT(\"'MRO Certificate Printing'!K\"&((ROW()-2)*4)+4)=\"\",\"\",INDIRECT(\"'MRO Certificate Printing'!K\"&((ROW()-2)*4)+4))","v":""},null,{"$f":"IF(INDIRECT(\"'MRO Certificate Printing'!D\"&((ROW()-2)*4)+5)=\"\",\"\",INDIRECT(\"'MRO Certificate Printing'!D\"&((ROW()-2)*4)+5))","v":""},{"$f":"IF(INDIRECT(\"'MRO Certificate Printing'!E\"&((ROW()-2)*4)+5)=\"\",\"\",INDIRECT(\"'MRO Certificate Printing'!E\"&((ROW()-2)*4)+5))","v":""},{"$f":"IF(INDIRECT(\"'MRO Certificate Printing'!F\"&((ROW()-2)*4)+5)=\"\",\"\",INDIRECT(\"'MRO Certificate Printing'!F\"&((ROW()-2)*4)+5))","v":""},{"$f":"IF(INDIRECT(\"'MRO Certificate Printing'!B\"&((ROW()-2)*4)+5)=\"\",\"\",INDIRECT(\"'MRO Certificate Printing'!B\"&((ROW()-2)*4)+5))","v":""},{"$f":"IF(INDIRECT(\"'MRO Certificate Printing'!G\"&((ROW()-2)*4)+5)=\"\",\"\",INDIRECT(\"'MRO Certificate Printing'!G\"&((ROW()-2)*4)+5))","v":""},{"$f":"IF(INDIRECT(\"'MRO Certificate Printing'!J\"&((ROW()-2)*4)+5)=\"\",\"\",INDIRECT(\"'MRO Certificate Printing'!J\"&((ROW()-2)*4)+5))","v":""},{"$f":"IF(INDIRECT(\"'MRO Certificate Printing'!I\"&((ROW()-2)*4)+5)=\"\",\"\",INDIRECT(\"'MRO Certificate Printing'!I\"&((ROW()-2)*4)+5))","v":""},{"$f":"IF(INDIRECT(\"'MRO Certificate Printing'!K\"&((ROW()-2)*4)+5)=\"\",\"\",INDIRECT(\"'MRO Certificate Printing'!K\"&((ROW()-2)*4)+5))","v":""}]
["",{"$f":"IF(INDIRECT(\"'MRO Certificate Printing'!D\"&((ROW()-2)*4)+2)=\"\",\"\",INDIRECT(\"'MRO Certificate Printing'!D\"&((ROW()-2)*4)+2))","v":""},{"$f":"IF(INDIRECT(\"'MRO Certificate Printing'!E\"&((ROW()-2)*4)+2)=\"\",\"\",INDIRECT(\"'MRO Certificate Printing'!E\"&((ROW()-2)*4)+2))","v":""},{"$f":"IF(INDIRECT(\"'MRO Certificate Printing'!F\"&((ROW()-2)*4)+2)=\"\",\"\",INDIRECT(\"'MRO Certificate Printing'!F\"&((ROW()-2)*4)+2))","v":""},{"$f":"IF(INDIRECT(\"'MRO Certificate Printing'!B\"&((ROW()-2)*4)+2)=\"\",\"\",INDIRECT(\"'MRO Certificate Printing'!B\"&((ROW()-2)*4)+2))","v":""},{"$f":"IF(INDIRECT(\"'MRO Certificate Printing'!G\"&((ROW()-2)*4)+2)=\"\",\"\",INDIRECT(\"'MRO Certificate Printing'!G\"&((ROW()-2)*4)+2))","v":""},{"$f":"IF(INDIRECT(\"'MRO Certificate Printing'!J\"&((ROW()-2)*4)+2)=\"\",\"\",INDIRECT(\"'MRO Certificate Printing'!J\"&((ROW()-2)*4)+2))","v":""},{"$f":"IF(INDIRECT(\"'MRO Certificate Printing'!I\"&((ROW()-2)*4)+2)=\"\",\"\",INDIRECT(\"'MRO Certificate Printing'!I\"&((ROW()-2)*4)+2))","v":""},{"$f":"IF(INDIRECT(\"'MRO Certificate Printing'!K\"&((ROW()-2)*4)+2)=\"\",\"\",INDIRECT(\"'MRO Certificate Printing'!K\"&((ROW()-2)*4)+2))","v":""},null,{"$f":"IF(INDIRECT(\"'MRO Certificate Printing'!D\"&((ROW()-2)*4)+3)=\"\",\"\",INDIRECT(\"'MRO Certificate Printing'!D\"&((ROW()-2)*4)+3))","v":""},{"$f":"IF(INDIRECT(\"'MRO Certificate Printing'!E\"&((ROW()-2)*4)+3)=\"\",\"\",INDIRECT(\"'MRO Certificate Printing'!E\"&((ROW()-2)*4)+3))","v":""},{"$f":"IF(INDIRECT(\"'MRO Certificate Printing'!F\"&((ROW()-2)*4)+3)=\"\",\"\",INDIRECT(\"'MRO Certificate Printing'!F\"&((ROW()-2)*4)+3))","v":""},{"$f":"IF(INDIRECT(\"'MRO Certificate Printing'!B\"&((ROW()-2)*4)+3)=\"\",\"\",INDIRECT(\"'MRO Certificate Printing'!B\"&((ROW()-2)*4)+3))","v":""},{"$f":"IF(INDIRECT(\"'MRO Certificate Printing'!G\"&((ROW()-2)*4)+3)=\"\",\"\",INDIRECT(\"'MRO Certificate Printing'!G\"&((ROW()-2)*4)+3))","v":""},{"$f":"IF(INDIRECT(\"'MRO Certificate Printing'!J\"&((ROW()-2)*4)+3)=\"\",\"\",INDIRECT(\"'MRO Certificate Printing'!J\"&((ROW()-2)*4)+3))","v":""},{"$f":"IF(INDIRECT(\"'MRO Certificate Printing'!I\"&((ROW()-2)*4)+3)=\"\",\"\",INDIRECT(\"'MRO Certificate Printing'!I\"&((ROW()-2)*4)+3))","v":""},{"$f":"IF(INDIRECT(\"'MRO Certificate Printing'!K\"&((ROW()-2)*4)+3)=\"\",\"\",INDIRECT(\"'MRO Certificate Printing'!K\"&((ROW()-2)*4)+3))","v":""},null,{"$f":"IF(INDIRECT(\"'MRO Certificate Printing'!D\"&((ROW()-2)*4)+4)=\"\",\"\",INDIRECT(\"'MRO Certificate Printing'!D\"&((ROW()-2)*4)+4))","v":""},{"$f":"IF(INDIRECT(\"'MRO Certificate Printing'!E\"&((ROW()-2)*4)+4)=\"\",\"\",INDIRECT(\"'MRO Certificate Printing'!E\"&((ROW()-2)*4)+4))","v":""},{"$f":"IF(INDIRECT(\"'MRO Certificate Printing'!F\"&((ROW()-2)*4)+4)=\"\",\"\",INDIRECT(\"'MRO Certificate Printing'!F\"&((ROW()-2)*4)+4))","v":""},{"$f":"IF(INDIRECT(\"'MRO Certificate Printing'!B\"&((ROW()-2)*4)+4)=\"\",\"\",INDIRECT(\"'MRO Certificate Printing'!B\"&((ROW()-2)*4)+4))","v":""},{"$f":"IF(INDIRECT(\"'MRO Certificate Printing'!G\"&((ROW()-2)*4)+4)=\"\",\"\",INDIRECT(\"'MRO Certificate Printing'!G\"&((ROW()-2)*4)+4))","v":""},{"$f":"IF(INDIRECT(\"'MRO Certificate Printing'!J\"&((ROW()-2)*4)+4)=\"\",\"\",INDIRECT(\"'MRO Certificate Printing'!J\"&((ROW()-2)*4)+4))","v":""},{"$f":"IF(INDIRECT(\"'MRO Certificate Printing'!I\"&((ROW()-2)*4)+4)=\"\",\"\",INDIRECT(\"'MRO Certificate Printing'!I\"&((ROW()-2)*4)+4))","v":""},{"$f":"IF(INDIRECT(\"'MRO Certificate Printing'!K\"&((ROW()-2)*4)+4)=\"\",\"\",INDIRECT(\"'MRO Certificate Printing'!K\"&((ROW()-2)*4)+4))","v":""},null,{"$f":"IF(INDIRECT(\"'MRO Certificate Printing'!D\"&((ROW()-2)*4)+5)=\"\",\"\",INDIRECT(\"'MRO Certificate Printing'!D\"&((ROW()-2)*4)+5))","v":""},{"$f":"IF(INDIRECT(\"'MRO Certificate Printing'!E\"&((ROW()-2)*4)+5)=\"\",\"\",INDIRECT(\"'MRO Certificate Printing'!E\"&((ROW()-2)*4)+5))","v":""},{"$f":"IF(INDIRECT(\"'MRO Certificate Printing'!F\"&((ROW()-2)*4)+5)=\"\",\"\",INDIRECT(\"'MRO Certificate Printing'!F\"&((ROW()-2)*4)+5))","v":""},{"$f":"IF(INDIRECT(\"'MRO Certificate Printing'!B\"&((ROW()-2)*4)+5)=\"\",\"\",INDIRECT(\"'MRO Certificate Printing'!B\"&((ROW()-2)*4)+5))","v":""},{"$f":"IF(INDIRECT(\"'MRO Certificate Printing'!G\"&((ROW()-2)*4)+5)=\"\",\"\",INDIRECT(\"'MRO Certificate Printing'!G\"&((ROW()-2)*4)+5))","v":""},{"$f":"IF(INDIRECT(\"'MRO Certificate Printing'!J\"&((ROW()-2)*4)+5)=\"\",\"\",INDIRECT(\"'MRO Certificate Printing'!J\"&((ROW()-2)*4)+5))","v":""},{"$f":"IF(INDIRECT(\"'MRO Certificate Printing'!I\"&((ROW()-2)*4)+5)=\"\",\"\",INDIRECT(\"'MRO Certificate Printing'!I\"&((ROW()-2)*4)+5))","v":""},{"$f":"IF(INDIRECT(\"'MRO Certificate Printing'!K\"&((ROW()-2)*4)+5)=\"\",\"\",INDIRECT(\"'MRO Certificate Printing'!K\"&((ROW()-2)*4)+5))","v":""}]
["",{"$f":"IF(INDIRECT(\"'MRO Certificate Printing'!D\"&((ROW()-2)*4)+2)=\"\",\"\",INDIRECT(\"'MRO Certificate Printing'!D\"&((ROW()-2)*4)+2))","v":""},{"$f":"IF(INDIRECT(\"'MRO Certificate Printing'!E\"&((ROW()-2)*4)+2)=\"\",\"\",INDIRECT(\"'MRO Certificate Printing'!E\"&((ROW()-2)*4)+2))","v":""},{"$f":"IF(INDIRECT(\"'MRO Certificate Printing'!F\"&((ROW()-2)*4)+2)=\"\",\"\",INDIRECT(\"'MRO Certificate Printing'!F\"&((ROW()-2)*4)+2))","v":""},{"$f":"IF(INDIRECT(\"'MRO Certificate Printing'!B\"&((ROW()-2)*4)+2)=\"\",\"\",INDIRECT(\"'MRO Certificate Printing'!B\"&((ROW()-2)*4)+2))","v":""},{"$f":"IF(INDIRECT(\"'MRO Certificate Printing'!G\"&((ROW()-2)*4)+2)=\"\",\"\",INDIRECT(\"'MRO Certificate Printing'!G\"&((ROW()-2)*4)+2))","v":""},{"$f":"IF(INDIRECT(\"'MRO Certificate Printing'!J\"&((ROW()-2)*4)+2)=\"\",\"\",INDIRECT(\"'MRO Certificate Printing'!J\"&((ROW()-2)*4)+2))","v":""},{"$f":"IF(INDIRECT(\"'MRO Certificate Printing'!I\"&((ROW()-2)*4)+2)=\"\",\"\",INDIRECT(\"'MRO Certificate Printing'!I\"&((ROW()-2)*4)+2))","v":""},{"$f":"IF(INDIRECT(\"'MRO Certificate Printing'!K\"&((ROW()-2)*4)+2)=\"\",\"\",INDIRECT(\"'MRO Certificate Printing'!K\"&((ROW()-2)*4)+2))","v":""},null,{"$f":"IF(INDIRECT(\"'MRO Certificate Printing'!D\"&((ROW()-2)*4)+3)=\"\",\"\",INDIRECT(\"'MRO Certificate Printing'!D\"&((ROW()-2)*4)+3))","v":""},{"$f":"IF(INDIRECT(\"'MRO Certificate Printing'!E\"&((ROW()-2)*4)+3)=\"\",\"\",INDIRECT(\"'MRO Certificate Printing'!E\"&((ROW()-2)*4)+3))","v":""},{"$f":"IF(INDIRECT(\"'MRO Certificate Printing'!F\"&((ROW()-2)*4)+3)=\"\",\"\",INDIRECT(\"'MRO Certificate Printing'!F\"&((ROW()-2)*4)+3))","v":""},{"$f":"IF(INDIRECT(\"'MRO Certificate Printing'!B\"&((ROW()-2)*4)+3)=\"\",\"\",INDIRECT(\"'MRO Certificate Printing'!B\"&((ROW()-2)*4)+3))","v":""},{"$f":"IF(INDIRECT(\"'MRO Certificate Printing'!G\"&((ROW()-2)*4)+3)=\"\",\"\",INDIRECT(\"'MRO Certificate Printing'!G\"&((ROW()-2)*4)+3))","v":""},{"$f":"IF(INDIRECT(\"'MRO Certificate Printing'!J\"&((ROW()-2)*4)+3)=\"\",\"\",INDIRECT(\"'MRO Certificate Printing'!J\"&((ROW()-2)*4)+3))","v":""},{"$f":"IF(INDIRECT(\"'MRO Certificate Printing'!I\"&((ROW()-2)*4)+3)=\"\",\"\",INDIRECT(\"'MRO Certificate Printing'!I\"&((ROW()-2)*4)+3))","v":""},{"$f":"IF(INDIRECT(\"'MRO Certificate Printing'!K\"&((ROW()-2)*4)+3)=\"\",\"\",INDIRECT(\"'MRO Certificate Printing'!K\"&((ROW()-2)*4)+3))","v":""},null,{"$f":"IF(INDIRECT(\"'MRO Certificate Printing'!D\"&((ROW()-2)*4)+4)=\"\",\"\",INDIRECT(\"'MRO Certificate Printing'!D\"&((ROW()-2)*4)+4))","v":""},{"$f":"IF(INDIRECT(\"'MRO Certificate Printing'!E\"&((ROW()-2)*4)+4)=\"\",\"\",INDIRECT(\"'MRO Certificate Printing'!E\"&((ROW()-2)*4)+4))","v":""},{"$f":"IF(INDIRECT(\"'MRO Certificate Printing'!F\"&((ROW()-2)*4)+4)=\"\",\"\",INDIRECT(\"'MRO Certificate Printing'!F\"&((ROW()-2)*4)+4))","v":""},{"$f":"IF(INDIRECT(\"'MRO Certificate Printing'!B\"&((ROW()-2)*4)+4)=\"\",\"\",INDIRECT(\"'MRO Certificate Printing'!B\"&((ROW()-2)*4)+4))","v":""},{"$f":"IF(INDIRECT(\"'MRO Certificate Printing'!G\"&((ROW()-2)*4)+4)=\"\",\"\",INDIRECT(\"'MRO Certificate Printing'!G\"&((ROW()-2)*4)+4))","v":""},{"$f":"IF(INDIRECT(\"'MRO Certificate Printing'!J\"&((ROW()-2)*4)+4)=\"\",\"\",INDIRECT(\"'MRO Certificate Printing'!J\"&((ROW()-2)*4)+4))","v":""},{"$f":"IF(INDIRECT(\"'MRO Certificate Printing'!I\"&((ROW()-2)*4)+4)=\"\",\"\",INDIRECT(\"'MRO Certificate Printing'!I\"&((ROW()-2)*4)+4))","v":""},{"$f":"IF(INDIRECT(\"'MRO Certificate Printing'!K\"&((ROW()-2)*4)+4)=\"\",\"\",INDIRECT(\"'MRO Certificate Printing'!K\"&((ROW()-2)*4)+4))","v":""},null,{"$f":"IF(INDIRECT(\"'MRO Certificate Printing'!D\"&((ROW()-2)*4)+5)=\"\",\"\",INDIRECT(\"'MRO Certificate Printing'!D\"&((ROW()-2)*4)+5))","v":""},{"$f":"IF(INDIRECT(\"'MRO Certificate Printing'!E\"&((ROW()-2)*4)+5)=\"\",\"\",INDIRECT(\"'MRO Certificate Printing'!E\"&((ROW()-2)*4)+5))","v":""},{"$f":"IF(INDIRECT(\"'MRO Certificate Printing'!F\"&((ROW()-2)*4)+5)=\"\",\"\",INDIRECT(\"'MRO Certificate Printing'!F\"&((ROW()-2)*4)+5))","v":""},{"$f":"IF(INDIRECT(\"'MRO Certificate Printing'!B\"&((ROW()-2)*4)+5)=\"\",\"\",INDIRECT(\"'MRO Certificate Printing'!B\"&((ROW()-2)*4)+5))","v":""},{"$f":"IF(INDIRECT(\"'MRO Certificate Printing'!G\"&((ROW()-2)*4)+5)=\"\",\"\",INDIRECT(\"'MRO Certificate Printing'!G\"&((ROW()-2)*4)+5))","v":""},{"$f":"IF(INDIRECT(\"'MRO Certificate Printing'!J\"&((ROW()-2)*4)+5)=\"\",\"\",INDIRECT(\"'MRO Certificate Printing'!J\"&((ROW()-2)*4)+5))","v":""},{"$f":"IF(INDIRECT(\"'MRO Certificate Printing'!I\"&((ROW()-2)*4)+5)=\"\",\"\",INDIRECT(\"'MRO Certificate Printing'!I\"&((ROW()-2)*4)+5))","v":""},{"$f":"IF(INDIRECT(\"'MRO Certificate Printing'!K\"&((ROW()-2)*4)+5)=\"\",\"\",INDIRECT(\"'MRO Certificate Printing'!K\"&((ROW()-2)*4)+5))","v":""}]
["",{"$f":"IF(INDIRECT(\"'MRO Certificate Printing'!D\"&((ROW()-2)*4)+2)=\"\",\"\",INDIRECT(\"'MRO Certificate Printing'!D\"&((ROW()-2)*4)+2))","v":""},{"$f":"IF(INDIRECT(\"'MRO Certificate Printing'!E\"&((ROW()-2)*4)+2)=\"\",\"\",INDIRECT(\"'MRO Certificate Printing'!E\"&((ROW()-2)*4)+2))","v":""},{"$f":"IF(INDIRECT(\"'MRO Certificate Printing'!F\"&((ROW()-2)*4)+2)=\"\",\"\",INDIRECT(\"'MRO Certificate Printing'!F\"&((ROW()-2)*4)+2))","v":""},{"$f":"IF(INDIRECT(\"'MRO Certificate Printing'!B\"&((ROW()-2)*4)+2)=\"\",\"\",INDIRECT(\"'MRO Certificate Printing'!B\"&((ROW()-2)*4)+2))","v":""},{"$f":"IF(INDIRECT(\"'MRO Certificate Printing'!G\"&((ROW()-2)*4)+2)=\"\",\"\",INDIRECT(\"'MRO Certificate Printing'!G\"&((ROW()-2)*4)+2))","v":""},{"$f":"IF(INDIRECT(\"'MRO Certificate Printing'!J\"&((ROW()-2)*4)+2)=\"\",\"\",INDIRECT(\"'MRO Certificate Printing'!J\"&((ROW()-2)*4)+2))","v":""},{"$f":"IF(INDIRECT(\"'MRO Certificate Printing'!I\"&((ROW()-2)*4)+2)=\"\",\"\",INDIRECT(\"'MRO Certificate Printing'!I\"&((ROW()-2)*4)+2))","v":""},{"$f":"IF(INDIRECT(\"'MRO Certificate Printing'!K\"&((ROW()-2)*4)+2)=\"\",\"\",INDIRECT(\"'MRO Certificate Printing'!K\"&((ROW()-2)*4)+2))","v":""},null,{"$f":"IF(INDIRECT(\"'MRO Certificate Printing'!D\"&((ROW()-2)*4)+3)=\"\",\"\",INDIRECT(\"'MRO Certificate Printing'!D\"&((ROW()-2)*4)+3))","v":""},{"$f":"IF(INDIRECT(\"'MRO Certificate Printing'!E\"&((ROW()-2)*4)+3)=\"\",\"\",INDIRECT(\"'MRO Certificate Printing'!E\"&((ROW()-2)*4)+3))","v":""},{"$f":"IF(INDIRECT(\"'MRO Certificate Printing'!F\"&((ROW()-2)*4)+3)=\"\",\"\",INDIRECT(\"'MRO Certificate Printing'!F\"&((ROW()-2)*4)+3))","v":""},{"$f":"IF(INDIRECT(\"'MRO Certificate Printing'!B\"&((ROW()-2)*4)+3)=\"\",\"\",INDIRECT(\"'MRO Certificate Printing'!B\"&((ROW()-2)*4)+3))","v":""},{"$f":"IF(INDIRECT(\"'MRO Certificate Printing'!G\"&((ROW()-2)*4)+3)=\"\",\"\",INDIRECT(\"'MRO Certificate Printing'!G\"&((ROW()-2)*4)+3))","v":""},{"$f":"IF(INDIRECT(\"'MRO Certificate Printing'!J\"&((ROW()-2)*4)+3)=\"\",\"\",INDIRECT(\"'MRO Certificate Printing'!J\"&((ROW()-2)*4)+3))","v":""},{"$f":"IF(INDIRECT(\"'MRO Certificate Printing'!I\"&((ROW()-2)*4)+3)=\"\",\"\",INDIRECT(\"'MRO Certificate Printing'!I\"&((ROW()-2)*4)+3))","v":""},{"$f":"IF(INDIRECT(\"'MRO Certificate Printing'!K\"&((ROW()-2)*4)+3)=\"\",\"\",INDIRECT(\"'MRO Certificate Printing'!K\"&((ROW()-2)*4)+3))","v":""},null,{"$f":"IF(INDIRECT(\"'MRO Certificate Printing'!D\"&((ROW()-2)*4)+4)=\"\",\"\",INDIRECT(\"'MRO Certificate Printing'!D\"&((ROW()-2)*4)+4))","v":""},{"$f":"IF(INDIRECT(\"'MRO Certificate Printing'!E\"&((ROW()-2)*4)+4)=\"\",\"\",INDIRECT(\"'MRO Certificate Printing'!E\"&((ROW()-2)*4)+4))","v":""},{"$f":"IF(INDIRECT(\"'MRO Certificate Printing'!F\"&((ROW()-2)*4)+4)=\"\",\"\",INDIRECT(\"'MRO Certificate Printing'!F\"&((ROW()-2)*4)+4))","v":""},{"$f":"IF(INDIRECT(\"'MRO Certificate Printing'!B\"&((ROW()-2)*4)+4)=\"\",\"\",INDIRECT(\"'MRO Certificate Printing'!B\"&((ROW()-2)*4)+4))","v":""},{"$f":"IF(INDIRECT(\"'MRO Certificate Printing'!G\"&((ROW()-2)*4)+4)=\"\",\"\",INDIRECT(\"'MRO Certificate Printing'!G\"&((ROW()-2)*4)+4))","v":""},{"$f":"IF(INDIRECT(\"'MRO Certificate Printing'!J\"&((ROW()-2)*4)+4)=\"\",\"\",INDIRECT(\"'MRO Certificate Printing'!J\"&((ROW()-2)*4)+4))","v":""},{"$f":"IF(INDIRECT(\"'MRO Certificate Printing'!I\"&((ROW()-2)*4)+4)=\"\",\"\",INDIRECT(\"'MRO Certificate Printing'!I\"&((ROW()-2)*4)+4))","v":""},{"$f":"IF(INDIRECT(\"'MRO Certificate Printing'!K\"&((ROW()-2)*4)+4)=\"\",\"\",INDIRECT(\"'MRO Certificate Printing'!K\"&((ROW()-2)*4)+4))","v":""},null,{"$f":"IF(INDIRECT(\"'MRO Certificate Printing'!D\"&((ROW()-2)*4)+5)=\"\",\"\",INDIRECT(\"'MRO Certificate Printing'!D\"&((ROW()-2)*4)+5))","v":""},{"$f":"IF(INDIRECT(\"'MRO Certificate Printing'!E\"&((ROW()-2)*4)+5)=\"\",\"\",INDIRECT(\"'MRO Certificate Printing'!E\"&((ROW()-2)*4)+5))","v":""},{"$f":"IF(INDIRECT(\"'MRO Certificate Printing'!F\"&((ROW()-2)*4)+5)=\"\",\"\",INDIRECT(\"'MRO Certificate Printing'!F\"&((ROW()-2)*4)+5))","v":""},{"$f":"IF(INDIRECT(\"'MRO Certificate Printing'!B\"&((ROW()-2)*4)+5)=\"\",\"\",INDIRECT(\"'MRO Certificate Printing'!B\"&((ROW()-2)*4)+5))","v":""},{"$f":"IF(INDIRECT(\"'MRO Certificate Printing'!G\"&((ROW()-2)*4)+5)=\"\",\"\",INDIRECT(\"'MRO Certificate Printing'!G\"&((ROW()-2)*4)+5))","v":""},{"$f":"IF(INDIRECT(\"'MRO Certificate Printing'!J\"&((ROW()-2)*4)+5)=\"\",\"\",INDIRECT(\"'MRO Certificate Printing'!J\"&((ROW()-2)*4)+5))","v":""},{"$f":"IF(INDIRECT(\"'MRO Certificate Printing'!I\"&((ROW()-2)*4)+5)=\"\",\"\",INDIRECT(\"'MRO Certificate Printing'!I\"&((ROW()-2)*4)+5))","v":""},{"$f":"IF(INDIRECT(\"'MRO Certificate Printing'!K\"&((ROW()-2)*4)+5)=\"\",\"\",INDIRECT(\"'MRO Certificate Printing'!K\"&((ROW()-2)*4)+5))","v":""}]
["",{"$f":"IF(INDIRECT(\"'MRO Certificate Printing'!D\"&((ROW()-2)*4)+2)=\"\",\"\",INDIRECT(\"'MRO Certificate Printing'!D\"&((ROW()-2)*4)+2))","v":""},{"$f":"IF(INDIRECT(\"'MRO Certificate Printing'!E\"&((ROW()-2)*4)+2)=\"\",\"\",INDIRECT(\"'MRO Certificate Printing'!E\"&((ROW()-2)*4)+2))","v":""},{"$f":"IF(INDIRECT(\"'MRO Certificate Printing'!F\"&((ROW()-2)*4)+2)=\"\",\"\",INDIRECT(\"'MRO Certificate Printing'!F\"&((ROW()-2)*4)+2))","v":""},{"$f":"IF(INDIRECT(\"'MRO Certificate Printing'!B\"&((ROW()-2)*4)+2)=\"\",\"\",INDIRECT(\"'MRO Certificate Printing'!B\"&((ROW()-2)*4)+2))","v":""},{"$f":"IF(INDIRECT(\"'MRO Certificate Printing'!G\"&((ROW()-2)*4)+2)=\"\",\"\",INDIRECT(\"'MRO Certificate Printing'!G\"&((ROW()-2)*4)+2))","v":""},{"$f":"IF(INDIRECT(\"'MRO Certificate Printing'!J\"&((ROW()-2)*4)+2)=\"\",\"\",INDIRECT(\"'MRO Certificate Printing'!J\"&((ROW()-2)*4)+2))","v":""},{"$f":"IF(INDIRECT(\"'MRO Certificate Printing'!I\"&((ROW()-2)*4)+2)=\"\",\"\",INDIRECT(\"'MRO Certificate Printing'!I\"&((ROW()-2)*4)+2))","v":""},{"$f":"IF(INDIRECT(\"'MRO Certificate Printing'!K\"&((ROW()-2)*4)+2)=\"\",\"\",INDIRECT(\"'MRO Certificate Printing'!K\"&((ROW()-2)*4)+2))","v":""},null,{"$f":"IF(INDIRECT(\"'MRO Certificate Printing'!D\"&((ROW()-2)*4)+3)=\"\",\"\",INDIRECT(\"'MRO Certificate Printing'!D\"&((ROW()-2)*4)+3))","v":""},{"$f":"IF(INDIRECT(\"'MRO Certificate Printing'!E\"&((ROW()-2)*4)+3)=\"\",\"\",INDIRECT(\"'MRO Certificate Printing'!E\"&((ROW()-2)*4)+3))","v":""},{"$f":"IF(INDIRECT(\"'MRO Certificate Printing'!F\"&((ROW()-2)*4)+3)=\"\",\"\",INDIRECT(\"'MRO Certificate Printing'!F\"&((ROW()-2)*4)+3))","v":""},{"$f":"IF(INDIRECT(\"'MRO Certificate Printing'!B\"&((ROW()-2)*4)+3)=\"\",\"\",INDIRECT(\"'MRO Certificate Printing'!B\"&((ROW()-2)*4)+3))","v":""},{"$f":"IF(INDIRECT(\"'MRO Certificate Printing'!G\"&((ROW()-2)*4)+3)=\"\",\"\",INDIRECT(\"'MRO Certificate Printing'!G\"&((ROW()-2)*4)+3))","v":""},{"$f":"IF(INDIRECT(\"'MRO Certificate Printing'!J\"&((ROW()-2)*4)+3)=\"\",\"\",INDIRECT(\"'MRO Certificate Printing'!J\"&((ROW()-2)*4)+3))","v":""},{"$f":"IF(INDIRECT(\"'MRO Certificate Printing'!I\"&((ROW()-2)*4)+3)=\"\",\"\",INDIRECT(\"'MRO Certificate Printing'!I\"&((ROW()-2)*4)+3))","v":""},{"$f":"IF(INDIRECT(\"'MRO Certificate Printing'!K\"&((ROW()-2)*4)+3)=\"\",\"\",INDIRECT(\"'MRO Certificate Printing'!K\"&((ROW()-2)*4)+3))","v":""},null,{"$f":"IF(INDIRECT(\"'MRO Certificate Printing'!D\"&((ROW()-2)*4)+4)=\"\",\"\",INDIRECT(\"'MRO Certificate Printing'!D\"&((ROW()-2)*4)+4))","v":""},{"$f":"IF(INDIRECT(\"'MRO Certificate Printing'!E\"&((ROW()-2)*4)+4)=\"\",\"\",INDIRECT(\"'MRO Certificate Printing'!E\"&((ROW()-2)*4)+4))","v":""},{"$f":"IF(INDIRECT(\"'MRO Certificate Printing'!F\"&((ROW()-2)*4)+4)=\"\",\"\",INDIRECT(\"'MRO Certificate Printing'!F\"&((ROW()-2)*4)+4))","v":""},{"$f":"IF(INDIRECT(\"'MRO Certificate Printing'!B\"&((ROW()-2)*4)+4)=\"\",\"\",INDIRECT(\"'MRO Certificate Printing'!B\"&((ROW()-2)*4)+4))","v":""},{"$f":"IF(INDIRECT(\"'MRO Certificate Printing'!G\"&((ROW()-2)*4)+4)=\"\",\"\",INDIRECT(\"'MRO Certificate Printing'!G\"&((ROW()-2)*4)+4))","v":""},{"$f":"IF(INDIRECT(\"'MRO Certificate Printing'!J\"&((ROW()-2)*4)+4)=\"\",\"\",INDIRECT(\"'MRO Certificate Printing'!J\"&((ROW()-2)*4)+4))","v":""},{"$f":"IF(INDIRECT(\"'MRO Certificate Printing'!I\"&((ROW()-2)*4)+4)=\"\",\"\",INDIRECT(\"'MRO Certificate Printing'!I\"&((ROW()-2)*4)+4))","v":""},{"$f":"IF(INDIRECT(\"'MRO Certificate Printing'!K\"&((ROW()-2)*4)+4)=\"\",\"\",INDIRECT(\"'MRO Certificate Printing'!K\"&((ROW()-2)*4)+4))","v":""},null,{"$f":"IF(INDIRECT(\"'MRO Certificate Printing'!D\"&((ROW()-2)*4)+5)=\"\",\"\",INDIRECT(\"'MRO Certificate Printing'!D\"&((ROW()-2)*4)+5))","v":""},{"$f":"IF(INDIRECT(\"'MRO Certificate Printing'!E\"&((ROW()-2)*4)+5)=\"\",\"\",INDIRECT(\"'MRO Certificate Printing'!E\"&((ROW()-2)*4)+5))","v":""},{"$f":"IF(INDIRECT(\"'MRO Certificate Printing'!F\"&((ROW()-2)*4)+5)=\"\",\"\",INDIRECT(\"'MRO Certificate Printing'!F\"&((ROW()-2)*4)+5))","v":""},{"$f":"IF(INDIRECT(\"'MRO Certificate Printing'!B\"&((ROW()-2)*4)+5)=\"\",\"\",INDIRECT(\"'MRO Certificate Printing'!B\"&((ROW()-2)*4)+5))","v":""},{"$f":"IF(INDIRECT(\"'MRO Certificate Printing'!G\"&((ROW()-2)*4)+5)=\"\",\"\",INDIRECT(\"'MRO Certificate Printing'!G\"&((ROW()-2)*4)+5))","v":""},{"$f":"IF(INDIRECT(\"'MRO Certificate Printing'!J\"&((ROW()-2)*4)+5)=\"\",\"\",INDIRECT(\"'MRO Certificate Printing'!J\"&((ROW()-2)*4)+5))","v":""},{"$f":"IF(INDIRECT(\"'MRO Certificate Printing'!I\"&((ROW()-2)*4)+5)=\"\",\"\",INDIRECT(\"'MRO Certificate Printing'!I\"&((ROW()-2)*4)+5))","v":""},{"$f":"IF(INDIRECT(\"'MRO Certificate Printing'!K\"&((ROW()-2)*4)+5)=\"\",\"\",INDIRECT(\"'MRO Certificate Printing'!K\"&((ROW()-2)*4)+5))","v":""}]
["",{"$f":"IF(INDIRECT(\"'MRO Certificate Printing'!D\"&((ROW()-2)*4)+2)=\"\",\"\",INDIRECT(\"'MRO Certificate Printing'!D\"&((ROW()-2)*4)+2))","v":""},{"$f":"IF(INDIRECT(\"'MRO Certificate Printing'!E\"&((ROW()-2)*4)+2)=\"\",\"\",INDIRECT(\"'MRO Certificate Printing'!E\"&((ROW()-2)*4)+2))","v":""},{"$f":"IF(INDIRECT(\"'MRO Certificate Printing'!F\"&((ROW()-2)*4)+2)=\"\",\"\",INDIRECT(\"'MRO Certificate Printing'!F\"&((ROW()-2)*4)+2))","v":""},{"$f":"IF(INDIRECT(\"'MRO Certificate Printing'!B\"&((ROW()-2)*4)+2)=\"\",\"\",INDIRECT(\"'MRO Certificate Printing'!B\"&((ROW()-2)*4)+2))","v":""},{"$f":"IF(INDIRECT(\"'MRO Certificate Printing'!G\"&((ROW()-2)*4)+2)=\"\",\"\",INDIRECT(\"'MRO Certificate Printing'!G\"&((ROW()-2)*4)+2))","v":""},{"$f":"IF(INDIRECT(\"'MRO Certificate Printing'!J\"&((ROW()-2)*4)+2)=\"\",\"\",INDIRECT(\"'MRO Certificate Printing'!J\"&((ROW()-2)*4)+2))","v":""},{"$f":"IF(INDIRECT(\"'MRO Certificate Printing'!I\"&((ROW()-2)*4)+2)=\"\",\"\",INDIRECT(\"'MRO Certificate Printing'!I\"&((ROW()-2)*4)+2))","v":""},{"$f":"IF(INDIRECT(\"'MRO Certificate Printing'!K\"&((ROW()-2)*4)+2)=\"\",\"\",INDIRECT(\"'MRO Certificate Printing'!K\"&((ROW()-2)*4)+2))","v":""},null,{"$f":"IF(INDIRECT(\"'MRO Certificate Printing'!D\"&((ROW()-2)*4)+3)=\"\",\"\",INDIRECT(\"'MRO Certificate Printing'!D\"&((ROW()-2)*4)+3))","v":""},{"$f":"IF(INDIRECT(\"'MRO Certificate Printing'!E\"&((ROW()-2)*4)+3)=\"\",\"\",INDIRECT(\"'MRO Certificate Printing'!E\"&((ROW()-2)*4)+3))","v":""},{"$f":"IF(INDIRECT(\"'MRO Certificate Printing'!F\"&((ROW()-2)*4)+3)=\"\",\"\",INDIRECT(\"'MRO Certificate Printing'!F\"&((ROW()-2)*4)+3))","v":""},{"$f":"IF(INDIRECT(\"'MRO Certificate Printing'!B\"&((ROW()-2)*4)+3)=\"\",\"\",INDIRECT(\"'MRO Certificate Printing'!B\"&((ROW()-2)*4)+3))","v":""},{"$f":"IF(INDIRECT(\"'MRO Certificate Printing'!G\"&((ROW()-2)*4)+3)=\"\",\"\",INDIRECT(\"'MRO Certificate Printing'!G\"&((ROW()-2)*4)+3))","v":""},{"$f":"IF(INDIRECT(\"'MRO Certificate Printing'!J\"&((ROW()-2)*4)+3)=\"\",\"\",INDIRECT(\"'MRO Certificate Printing'!J\"&((ROW()-2)*4)+3))","v":""},{"$f":"IF(INDIRECT(\"'MRO Certificate Printing'!I\"&((ROW()-2)*4)+3)=\"\",\"\",INDIRECT(\"'MRO Certificate Printing'!I\"&((ROW()-2)*4)+3))","v":""},{"$f":"IF(INDIRECT(\"'MRO Certificate Printing'!K\"&((ROW()-2)*4)+3)=\"\",\"\",INDIRECT(\"'MRO Certificate Printing'!K\"&((ROW()-2)*4)+3))","v":""},null,{"$f":"IF(INDIRECT(\"'MRO Certificate Printing'!D\"&((ROW()-2)*4)+4)=\"\",\"\",INDIRECT(\"'MRO Certificate Printing'!D\"&((ROW()-2)*4)+4))","v":""},{"$f":"IF(INDIRECT(\"'MRO Certificate Printing'!E\"&((ROW()-2)*4)+4)=\"\",\"\",INDIRECT(\"'MRO Certificate Printing'!E\"&((ROW()-2)*4)+4))","v":""},{"$f":"IF(INDIRECT(\"'MRO Certificate Printing'!F\"&((ROW()-2)*4)+4)=\"\",\"\",INDIRECT(\"'MRO Certificate Printing'!F\"&((ROW()-2)*4)+4))","v":""},{"$f":"IF(INDIRECT(\"'MRO Certificate Printing'!B\"&((ROW()-2)*4)+4)=\"\",\"\",INDIRECT(\"'MRO Certificate Printing'!B\"&((ROW()-2)*4)+4))","v":""},{"$f":"IF(INDIRECT(\"'MRO Certificate Printing'!G\"&((ROW()-2)*4)+4)=\"\",\"\",INDIRECT(\"'MRO Certificate Printing'!G\"&((ROW()-2)*4)+4))","v":""},{"$f":"IF(INDIRECT(\"'MRO Certificate Printing'!J\"&((ROW()-2)*4)+4)=\"\",\"\",INDIRECT(\"'MRO Certificate Printing'!J\"&((ROW()-2)*4)+4))","v":""},{"$f":"IF(INDIRECT(\"'MRO Certificate Printing'!I\"&((ROW()-2)*4)+4)=\"\",\"\",INDIRECT(\"'MRO Certificate Printing'!I\"&((ROW()-2)*4)+4))","v":""},{"$f":"IF(INDIRECT(\"'MRO Certificate Printing'!K\"&((ROW()-2)*4)+4)=\"\",\"\",INDIRECT(\"'MRO Certificate Printing'!K\"&((ROW()-2)*4)+4))","v":""},null,{"$f":"IF(INDIRECT(\"'MRO Certificate Printing'!D\"&((ROW()-2)*4)+5)=\"\",\"\",INDIRECT(\"'MRO Certificate Printing'!D\"&((ROW()-2)*4)+5))","v":""},{"$f":"IF(INDIRECT(\"'MRO Certificate Printing'!E\"&((ROW()-2)*4)+5)=\"\",\"\",INDIRECT(\"'MRO Certificate Printing'!E\"&((ROW()-2)*4)+5))","v":""},{"$f":"IF(INDIRECT(\"'MRO Certificate Printing'!F\"&((ROW()-2)*4)+5)=\"\",\"\",INDIRECT(\"'MRO Certificate Printing'!F\"&((ROW()-2)*4)+5))","v":""},{"$f":"IF(INDIRECT(\"'MRO Certificate Printing'!B\"&((ROW()-2)*4)+5)=\"\",\"\",INDIRECT(\"'MRO Certificate Printing'!B\"&((ROW()-2)*4)+5))","v":""},{"$f":"IF(INDIRECT(\"'MRO Certificate Printing'!G\"&((ROW()-2)*4)+5)=\"\",\"\",INDIRECT(\"'MRO Certificate Printing'!G\"&((ROW()-2)*4)+5))","v":""},{"$f":"IF(INDIRECT(\"'MRO Certificate Printing'!J\"&((ROW()-2)*4)+5)=\"\",\"\",INDIRECT(\"'MRO Certificate Printing'!J\"&((ROW()-2)*4)+5))","v":""},{"$f":"IF(INDIRECT(\"'MRO Certificate Printing'!I\"&((ROW()-2)*4)+5)=\"\",\"\",INDIRECT(\"'MRO Certificate Printing'!I\"&((ROW()-2)*4)+5))","v":""},{"$f":"IF(INDIRECT(\"'MRO Certificate Printing'!K\"&((ROW()-2)*4)+5)=\"\",\"\",INDIRECT(\"'MRO Certificate Printing'!K\"&((ROW()-2)*4)+5))","v":""}]
["",{"$f":"IF(INDIRECT(\"'MRO Certificate Printing'!D\"&((ROW()-2)*4)+2)=\"\",\"\",INDIRECT(\"'MRO Certificate Printing'!D\"&((ROW()-2)*4)+2))","v":""},{"$f":"IF(INDIRECT(\"'MRO Certificate Printing'!E\"&((ROW()-2)*4)+2)=\"\",\"\",INDIRECT(\"'MRO Certificate Printing'!E\"&((ROW()-2)*4)+2))","v":""},{"$f":"IF(INDIRECT(\"'MRO Certificate Printing'!F\"&((ROW()-2)*4)+2)=\"\",\"\",INDIRECT(\"'MRO Certificate Printing'!F\"&((ROW()-2)*4)+2))","v":""},{"$f":"IF(INDIRECT(\"'MRO Certificate Printing'!B\"&((ROW()-2)*4)+2)=\"\",\"\",INDIRECT(\"'MRO Certificate Printing'!B\"&((ROW()-2)*4)+2))","v":""},{"$f":"IF(INDIRECT(\"'MRO Certificate Printing'!G\"&((ROW()-2)*4)+2)=\"\",\"\",INDIRECT(\"'MRO Certificate Printing'!G\"&((ROW()-2)*4)+2))","v":""},{"$f":"IF(INDIRECT(\"'MRO Certificate Printing'!J\"&((ROW()-2)*4)+2)=\"\",\"\",INDIRECT(\"'MRO Certificate Printing'!J\"&((ROW()-2)*4)+2))","v":""},{"$f":"IF(INDIRECT(\"'MRO Certificate Printing'!I\"&((ROW()-2)*4)+2)=\"\",\"\",INDIRECT(\"'MRO Certificate Printing'!I\"&((ROW()-2)*4)+2))","v":""},{"$f":"IF(INDIRECT(\"'MRO Certificate Printing'!K\"&((ROW()-2)*4)+2)=\"\",\"\",INDIRECT(\"'MRO Certificate Printing'!K\"&((ROW()-2)*4)+2))","v":""},null,{"$f":"IF(INDIRECT(\"'MRO Certificate Printing'!D\"&((ROW()-2)*4)+3)=\"\",\"\",INDIRECT(\"'MRO Certificate Printing'!D\"&((ROW()-2)*4)+3))","v":""},{"$f":"IF(INDIRECT(\"'MRO Certificate Printing'!E\"&((ROW()-2)*4)+3)=\"\",\"\",INDIRECT(\"'MRO Certificate Printing'!E\"&((ROW()-2)*4)+3))","v":""},{"$f":"IF(INDIRECT(\"'MRO Certificate Printing'!F\"&((ROW()-2)*4)+3)=\"\",\"\",INDIRECT(\"'MRO Certificate Printing'!F\"&((ROW()-2)*4)+3))","v":""},{"$f":"IF(INDIRECT(\"'MRO Certificate Printing'!B\"&((ROW()-2)*4)+3)=\"\",\"\",INDIRECT(\"'MRO Certificate Printing'!B\"&((ROW()-2)*4)+3))","v":""},{"$f":"IF(INDIRECT(\"'MRO Certificate Printing'!G\"&((ROW()-2)*4)+3)=\"\",\"\",INDIRECT(\"'MRO Certificate Printing'!G\"&((ROW()-2)*4)+3))","v":""},{"$f":"IF(INDIRECT(\"'MRO Certificate Printing'!J\"&((ROW()-2)*4)+3)=\"\",\"\",INDIRECT(\"'MRO Certificate Printing'!J\"&((ROW()-2)*4)+3))","v":""},{"$f":"IF(INDIRECT(\"'MRO Certificate Printing'!I\"&((ROW()-2)*4)+3)=\"\",\"\",INDIRECT(\"'MRO Certificate Printing'!I\"&((ROW()-2)*4)+3))","v":""},{"$f":"IF(INDIRECT(\"'MRO Certificate Printing'!K\"&((ROW()-2)*4)+3)=\"\",\"\",INDIRECT(\"'MRO Certificate Printing'!K\"&((ROW()-2)*4)+3))","v":""},null,{"$f":"IF(INDIRECT(\"'MRO Certificate Printing'!D\"&((ROW()-2)*4)+4)=\"\",\"\",INDIRECT(\"'MRO Certificate Printing'!D\"&((ROW()-2)*4)+4))","v":""},{"$f":"IF(INDIRECT(\"'MRO Certificate Printing'!E\"&((ROW()-2)*4)+4)=\"\",\"\",INDIRECT(\"'MRO Certificate Printing'!E\"&((ROW()-2)*4)+4))","v":""},{"$f":"IF(INDIRECT(\"'MRO Certificate Printing'!F\"&((ROW()-2)*4)+4)=\"\",\"\",INDIRECT(\"'MRO Certificate Printing'!F\"&((ROW()-2)*4)+4))","v":""},{"$f":"IF(INDIRECT(\"'MRO Certificate Printing'!B\"&((ROW()-2)*4)+4)=\"\",\"\",INDIRECT(\"'MRO Certificate Printing'!B\"&((ROW()-2)*4)+4))","v":""},{"$f":"IF(INDIRECT(\"'MRO Certificate Printing'!G\"&((ROW()-2)*4)+4)=\"\",\"\",INDIRECT(\"'MRO Certificate Printing'!G\"&((ROW()-2)*4)+4))","v":""},{"$f":"IF(INDIRECT(\"'MRO Certificate Printing'!J\"&((ROW()-2)*4)+4)=\"\",\"\",INDIRECT(\"'MRO Certificate Printing'!J\"&((ROW()-2)*4)+4))","v":""},{"$f":"IF(INDIRECT(\"'MRO Certificate Printing'!I\"&((ROW()-2)*4)+4)=\"\",\"\",INDIRECT(\"'MRO Certificate Printing'!I\"&((ROW()-2)*4)+4))","v":""},{"$f":"IF(INDIRECT(\"'MRO Certificate Printing'!K\"&((ROW()-2)*4)+4)=\"\",\"\",INDIRECT(\"'MRO Certificate Printing'!K\"&((ROW()-2)*4)+4))","v":""},null,{"$f":"IF(INDIRECT(\"'MRO Certificate Printing'!D\"&((ROW()-2)*4)+5)=\"\",\"\",INDIRECT(\"'MRO Certificate Printing'!D\"&((ROW()-2)*4)+5))","v":""},{"$f":"IF(INDIRECT(\"'MRO Certificate Printing'!E\"&((ROW()-2)*4)+5)=\"\",\"\",INDIRECT(\"'MRO Certificate Printing'!E\"&((ROW()-2)*4)+5))","v":""},{"$f":"IF(INDIRECT(\"'MRO Certificate Printing'!F\"&((ROW()-2)*4)+5)=\"\",\"\",INDIRECT(\"'MRO Certificate Printing'!F\"&((ROW()-2)*4)+5))","v":""},{"$f":"IF(INDIRECT(\"'MRO Certificate Printing'!B\"&((ROW()-2)*4)+5)=\"\",\"\",INDIRECT(\"'MRO Certificate Printing'!B\"&((ROW()-2)*4)+5))","v":""},{"$f":"IF(INDIRECT(\"'MRO Certificate Printing'!G\"&((ROW()-2)*4)+5)=\"\",\"\",INDIRECT(\"'MRO Certificate Printing'!G\"&((ROW()-2)*4)+5))","v":""},{"$f":"IF(INDIRECT(\"'MRO Certificate Printing'!J\"&((ROW()-2)*4)+5)=\"\",\"\",INDIRECT(\"'MRO Certificate Printing'!J\"&((ROW()-2)*4)+5))","v":""},{"$f":"IF(INDIRECT(\"'MRO Certificate Printing'!I\"&((ROW()-2)*4)+5)=\"\",\"\",INDIRECT(\"'MRO Certificate Printing'!I\"&((ROW()-2)*4)+5))","v":""},{"$f":"IF(INDIRECT(\"'MRO Certificate Printing'!K\"&((ROW()-2)*4)+5)=\"\",\"\",INDIRECT(\"'MRO Certificate Printing'!K\"&((ROW()-2)*4)+5))","v":""}]
["",{"$f":"IF(INDIRECT(\"'MRO Certificate Printing'!D\"&((ROW()-2)*4)+2)=\"\",\"\",INDIRECT(\"'MRO Certificate Printing'!D\"&((ROW()-2)*4)+2))","v":""},{"$f":"IF(INDIRECT(\"'MRO Certificate Printing'!E\"&((ROW()-2)*4)+2)=\"\",\"\",INDIRECT(\"'MRO Certificate Printing'!E\"&((ROW()-2)*4)+2))","v":""},{"$f":"IF(INDIRECT(\"'MRO Certificate Printing'!F\"&((ROW()-2)*4)+2)=\"\",\"\",INDIRECT(\"'MRO Certificate Printing'!F\"&((ROW()-2)*4)+2))","v":""},{"$f":"IF(INDIRECT(\"'MRO Certificate Printing'!B\"&((ROW()-2)*4)+2)=\"\",\"\",INDIRECT(\"'MRO Certificate Printing'!B\"&((ROW()-2)*4)+2))","v":""},{"$f":"IF(INDIRECT(\"'MRO Certificate Printing'!G\"&((ROW()-2)*4)+2)=\"\",\"\",INDIRECT(\"'MRO Certificate Printing'!G\"&((ROW()-2)*4)+2))","v":""},{"$f":"IF(INDIRECT(\"'MRO Certificate Printing'!J\"&((ROW()-2)*4)+2)=\"\",\"\",INDIRECT(\"'MRO Certificate Printing'!J\"&((ROW()-2)*4)+2))","v":""},{"$f":"IF(INDIRECT(\"'MRO Certificate Printing'!I\"&((ROW()-2)*4)+2)=\"\",\"\",INDIRECT(\"'MRO Certificate Printing'!I\"&((ROW()-2)*4)+2))","v":""},{"$f":"IF(INDIRECT(\"'MRO Certificate Printing'!K\"&((ROW()-2)*4)+2)=\"\",\"\",INDIRECT(\"'MRO Certificate Printing'!K\"&((ROW()-2)*4)+2))","v":""},null,{"$f":"IF(INDIRECT(\"'MRO Certificate Printing'!D\"&((ROW()-2)*4)+3)=\"\",\"\",INDIRECT(\"'MRO Certificate Printing'!D\"&((ROW()-2)*4)+3))","v":""},{"$f":"IF(INDIRECT(\"'MRO Certificate Printing'!E\"&((ROW()-2)*4)+3)=\"\",\"\",INDIRECT(\"'MRO Certificate Printing'!E\"&((ROW()-2)*4)+3))","v":""},{"$f":"IF(INDIRECT(\"'MRO Certificate Printing'!F\"&((ROW()-2)*4)+3)=\"\",\"\",INDIRECT(\"'MRO Certificate Printing'!F\"&((ROW()-2)*4)+3))","v":""},{"$f":"IF(INDIRECT(\"'MRO Certificate Printing'!B\"&((ROW()-2)*4)+3)=\"\",\"\",INDIRECT(\"'MRO Certificate Printing'!B\"&((ROW()-2)*4)+3))","v":""},{"$f":"IF(INDIRECT(\"'MRO Certificate Printing'!G\"&((ROW()-2)*4)+3)=\"\",\"\",INDIRECT(\"'MRO Certificate Printing'!G\"&((ROW()-2)*4)+3))","v":""},{"$f":"IF(INDIRECT(\"'MRO Certificate Printing'!J\"&((ROW()-2)*4)+3)=\"\",\"\",INDIRECT(\"'MRO Certificate Printing'!J\"&((ROW()-2)*4)+3))","v":""},{"$f":"IF(INDIRECT(\"'MRO Certificate Printing'!I\"&((ROW()-2)*4)+3)=\"\",\"\",INDIRECT(\"'MRO Certificate Printing'!I\"&((ROW()-2)*4)+3))","v":""},{"$f":"IF(INDIRECT(\"'MRO Certificate Printing'!K\"&((ROW()-2)*4)+3)=\"\",\"\",INDIRECT(\"'MRO Certificate Printing'!K\"&((ROW()-2)*4)+3))","v":""},null,{"$f":"IF(INDIRECT(\"'MRO Certificate Printing'!D\"&((ROW()-2)*4)+4)=\"\",\"\",INDIRECT(\"'MRO Certificate Printing'!D\"&((ROW()-2)*4)+4))","v":""},{"$f":"IF(INDIRECT(\"'MRO Certificate Printing'!E\"&((ROW()-2)*4)+4)=\"\",\"\",INDIRECT(\"'MRO Certificate Printing'!E\"&((ROW()-2)*4)+4))","v":""},{"$f":"IF(INDIRECT(\"'MRO Certificate Printing'!F\"&((ROW()-2)*4)+4)=\"\",\"\",INDIRECT(\"'MRO Certificate Printing'!F\"&((ROW()-2)*4)+4))","v":""},{"$f":"IF(INDIRECT(\"'MRO Certificate Printing'!B\"&((ROW()-2)*4)+4)=\"\",\"\",INDIRECT(\"'MRO Certificate Printing'!B\"&((ROW()-2)*4)+4))","v":""},{"$f":"IF(INDIRECT(\"'MRO Certificate Printing'!G\"&((ROW()-2)*4)+4)=\"\",\"\",INDIRECT(\"'MRO Certificate Printing'!G\"&((ROW()-2)*4)+4))","v":""},{"$f":"IF(INDIRECT(\"'MRO Certificate Printing'!J\"&((ROW()-2)*4)+4)=\"\",\"\",INDIRECT(\"'MRO Certificate Printing'!J\"&((ROW()-2)*4)+4))","v":""},{"$f":"IF(INDIRECT(\"'MRO Certificate Printing'!I\"&((ROW()-2)*4)+4)=\"\",\"\",INDIRECT(\"'MRO Certificate Printing'!I\"&((ROW()-2)*4)+4))","v":""},{"$f":"IF(INDIRECT(\"'MRO Certificate Printing'!K\"&((ROW()-2)*4)+4)=\"\",\"\",INDIRECT(\"'MRO Certificate Printing'!K\"&((ROW()-2)*4)+4))","v":""},null,{"$f":"IF(INDIRECT(\"'MRO Certificate Printing'!D\"&((ROW()-2)*4)+5)=\"\",\"\",INDIRECT(\"'MRO Certificate Printing'!D\"&((ROW()-2)*4)+5))","v":""},{"$f":"IF(INDIRECT(\"'MRO Certificate Printing'!E\"&((ROW()-2)*4)+5)=\"\",\"\",INDIRECT(\"'MRO Certificate Printing'!E\"&((ROW()-2)*4)+5))","v":""},{"$f":"IF(INDIRECT(\"'MRO Certificate Printing'!F\"&((ROW()-2)*4)+5)=\"\",\"\",INDIRECT(\"'MRO Certificate Printing'!F\"&((ROW()-2)*4)+5))","v":""},{"$f":"IF(INDIRECT(\"'MRO Certificate Printing'!B\"&((ROW()-2)*4)+5)=\"\",\"\",INDIRECT(\"'MRO Certificate Printing'!B\"&((ROW()-2)*4)+5))","v":""},{"$f":"IF(INDIRECT(\"'MRO Certificate Printing'!G\"&((ROW()-2)*4)+5)=\"\",\"\",INDIRECT(\"'MRO Certificate Printing'!G\"&((ROW()-2)*4)+5))","v":""},{"$f":"IF(INDIRECT(\"'MRO Certificate Printing'!J\"&((ROW()-2)*4)+5)=\"\",\"\",INDIRECT(\"'MRO Certificate Printing'!J\"&((ROW()-2)*4)+5))","v":""},{"$f":"IF(INDIRECT(\"'MRO Certificate Printing'!I\"&((ROW()-2)*4)+5)=\"\",\"\",INDIRECT(\"'MRO Certificate Printing'!I\"&((ROW()-2)*4)+5))","v":""},{"$f":"IF(INDIRECT(\"'MRO Certificate Printing'!K\"&((ROW()-2)*4)+5)=\"\",\"\",INDIRECT(\"'MRO Certificate Printing'!K\"&((ROW()-2)*4)+5))","v":""}]
["",{"$f":"IF(INDIRECT(\"'MRO Certificate Printing'!D\"&((ROW()-2)*4)+2)=\"\",\"\",INDIRECT(\"'MRO Certificate Printing'!D\"&((ROW()-2)*4)+2))","v":""},{"$f":"IF(INDIRECT(\"'MRO Certificate Printing'!E\"&((ROW()-2)*4)+2)=\"\",\"\",INDIRECT(\"'MRO Certificate Printing'!E\"&((ROW()-2)*4)+2))","v":""},{"$f":"IF(INDIRECT(\"'MRO Certificate Printing'!F\"&((ROW()-2)*4)+2)=\"\",\"\",INDIRECT(\"'MRO Certificate Printing'!F\"&((ROW()-2)*4)+2))","v":""},{"$f":"IF(INDIRECT(\"'MRO Certificate Printing'!B\"&((ROW()-2)*4)+2)=\"\",\"\",INDIRECT(\"'MRO Certificate Printing'!B\"&((ROW()-2)*4)+2))","v":""},{"$f":"IF(INDIRECT(\"'MRO Certificate Printing'!G\"&((ROW()-2)*4)+2)=\"\",\"\",INDIRECT(\"'MRO Certificate Printing'!G\"&((ROW()-2)*4)+2))","v":""},{"$f":"IF(INDIRECT(\"'MRO Certificate Printing'!J\"&((ROW()-2)*4)+2)=\"\",\"\",INDIRECT(\"'MRO Certificate Printing'!J\"&((ROW()-2)*4)+2))","v":""},{"$f":"IF(INDIRECT(\"'MRO Certificate Printing'!I\"&((ROW()-2)*4)+2)=\"\",\"\",INDIRECT(\"'MRO Certificate Printing'!I\"&((ROW()-2)*4)+2))","v":""},{"$f":"IF(INDIRECT(\"'MRO Certificate Printing'!K\"&((ROW()-2)*4)+2)=\"\",\"\",INDIRECT(\"'MRO Certificate Printing'!K\"&((ROW()-2)*4)+2))","v":""},null,{"$f":"IF(INDIRECT(\"'MRO Certificate Printing'!D\"&((ROW()-2)*4)+3)=\"\",\"\",INDIRECT(\"'MRO Certificate Printing'!D\"&((ROW()-2)*4)+3))","v":""},{"$f":"IF(INDIRECT(\"'MRO Certificate Printing'!E\"&((ROW()-2)*4)+3)=\"\",\"\",INDIRECT(\"'MRO Certificate Printing'!E\"&((ROW()-2)*4)+3))","v":""},{"$f":"IF(INDIRECT(\"'MRO Certificate Printing'!F\"&((ROW()-2)*4)+3)=\"\",\"\",INDIRECT(\"'MRO Certificate Printing'!F\"&((ROW()-2)*4)+3))","v":""},{"$f":"IF(INDIRECT(\"'MRO Certificate Printing'!B\"&((ROW()-2)*4)+3)=\"\",\"\",INDIRECT(\"'MRO Certificate Printing'!B\"&((ROW()-2)*4)+3))","v":""},{"$f":"IF(INDIRECT(\"'MRO Certificate Printing'!G\"&((ROW()-2)*4)+3)=\"\",\"\",INDIRECT(\"'MRO Certificate Printing'!G\"&((ROW()-2)*4)+3))","v":""},{"$f":"IF(INDIRECT(\"'MRO Certificate Printing'!J\"&((ROW()-2)*4)+3)=\"\",\"\",INDIRECT(\"'MRO Certificate Printing'!J\"&((ROW()-2)*4)+3))","v":""},{"$f":"IF(INDIRECT(\"'MRO Certificate Printing'!I\"&((ROW()-2)*4)+3)=\"\",\"\",INDIRECT(\"'MRO Certificate Printing'!I\"&((ROW()-2)*4)+3))","v":""},{"$f":"IF(INDIRECT(\"'MRO Certificate Printing'!K\"&((ROW()-2)*4)+3)=\"\",\"\",INDIRECT(\"'MRO Certificate Printing'!K\"&((ROW()-2)*4)+3))","v":""},null,{"$f":"IF(INDIRECT(\"'MRO Certificate Printing'!D\"&((ROW()-2)*4)+4)=\"\",\"\",INDIRECT(\"'MRO Certificate Printing'!D\"&((ROW()-2)*4)+4))","v":""},{"$f":"IF(INDIRECT(\"'MRO Certificate Printing'!E\"&((ROW()-2)*4)+4)=\"\",\"\",INDIRECT(\"'MRO Certificate Printing'!E\"&((ROW()-2)*4)+4))","v":""},{"$f":"IF(INDIRECT(\"'MRO Certificate Printing'!F\"&((ROW()-2)*4)+4)=\"\",\"\",INDIRECT(\"'MRO Certificate Printing'!F\"&((ROW()-2)*4)+4))","v":""},{"$f":"IF(INDIRECT(\"'MRO Certificate Printing'!B\"&((ROW()-2)*4)+4)=\"\",\"\",INDIRECT(\"'MRO Certificate Printing'!B\"&((ROW()-2)*4)+4))","v":""},{"$f":"IF(INDIRECT(\"'MRO Certificate Printing'!G\"&((ROW()-2)*4)+4)=\"\",\"\",INDIRECT(\"'MRO Certificate Printing'!G\"&((ROW()-2)*4)+4))","v":""},{"$f":"IF(INDIRECT(\"'MRO Certificate Printing'!J\"&((ROW()-2)*4)+4)=\"\",\"\",INDIRECT(\"'MRO Certificate Printing'!J\"&((ROW()-2)*4)+4))","v":""},{"$f":"IF(INDIRECT(\"'MRO Certificate Printing'!I\"&((ROW()-2)*4)+4)=\"\",\"\",INDIRECT(\"'MRO Certificate Printing'!I\"&((ROW()-2)*4)+4))","v":""},{"$f":"IF(INDIRECT(\"'MRO Certificate Printing'!K\"&((ROW()-2)*4)+4)=\"\",\"\",INDIRECT(\"'MRO Certificate Printing'!K\"&((ROW()-2)*4)+4))","v":""},null,{"$f":"IF(INDIRECT(\"'MRO Certificate Printing'!D\"&((ROW()-2)*4)+5)=\"\",\"\",INDIRECT(\"'MRO Certificate Printing'!D\"&((ROW()-2)*4)+5))","v":""},{"$f":"IF(INDIRECT(\"'MRO Certificate Printing'!E\"&((ROW()-2)*4)+5)=\"\",\"\",INDIRECT(\"'MRO Certificate Printing'!E\"&((ROW()-2)*4)+5))","v":""},{"$f":"IF(INDIRECT(\"'MRO Certificate Printing'!F\"&((ROW()-2)*4)+5)=\"\",\"\",INDIRECT(\"'MRO Certificate Printing'!F\"&((ROW()-2)*4)+5))","v":""},{"$f":"IF(INDIRECT(\"'MRO Certificate Printing'!B\"&((ROW()-2)*4)+5)=\"\",\"\",INDIRECT(\"'MRO Certificate Printing'!B\"&((ROW()-2)*4)+5))","v":""},{"$f":"IF(INDIRECT(\"'MRO Certificate Printing'!G\"&((ROW()-2)*4)+5)=\"\",\"\",INDIRECT(\"'MRO Certificate Printing'!G\"&((ROW()-2)*4)+5))","v":""},{"$f":"IF(INDIRECT(\"'MRO Certificate Printing'!J\"&((ROW()-2)*4)+5)=\"\",\"\",INDIRECT(\"'MRO Certificate Printing'!J\"&((ROW()-2)*4)+5))","v":""},{"$f":"IF(INDIRECT(\"'MRO Certificate Printing'!I\"&((ROW()-2)*4)+5)=\"\",\"\",INDIRECT(\"'MRO Certificate Printing'!I\"&((ROW()-2)*4)+5))","v":""},{"$f":"IF(INDIRECT(\"'MRO Certificate Printing'!K\"&((ROW()-2)*4)+5)=\"\",\"\",INDIRECT(\"'MRO Certificate Printing'!K\"&((ROW()-2)*4)+5))","v":""}]
["",{"$f":"IF(INDIRECT(\"'MRO Certificate Printing'!D\"&((ROW()-2)*4)+2)=\"\",\"\",INDIRECT(\"'MRO Certificate Printing'!D\"&((ROW()-2)*4)+2))","v":""},{"$f":"IF(INDIRECT(\"'MRO Certificate Printing'!E\"&((ROW()-2)*4)+2)=\"\",\"\",INDIRECT(\"'MRO Certificate Printing'!E\"&((ROW()-2)*4)+2))","v":""},{"$f":"IF(INDIRECT(\"'MRO Certificate Printing'!F\"&((ROW()-2)*4)+2)=\"\",\"\",INDIRECT(\"'MRO Certificate Printing'!F\"&((ROW()-2)*4)+2))","v":""},{"$f":"IF(INDIRECT(\"'MRO Certificate Printing'!B\"&((ROW()-2)*4)+2)=\"\",\"\",INDIRECT(\"'MRO Certificate Printing'!B\"&((ROW()-2)*4)+2))","v":""},{"$f":"IF(INDIRECT(\"'MRO Certificate Printing'!G\"&((ROW()-2)*4)+2)=\"\",\"\",INDIRECT(\"'MRO Certificate Printing'!G\"&((ROW()-2)*4)+2))","v":""},{"$f":"IF(INDIRECT(\"'MRO Certificate Printing'!J\"&((ROW()-2)*4)+2)=\"\",\"\",INDIRECT(\"'MRO Certificate Printing'!J\"&((ROW()-2)*4)+2))","v":""},{"$f":"IF(INDIRECT(\"'MRO Certificate Printing'!I\"&((ROW()-2)*4)+2)=\"\",\"\",INDIRECT(\"'MRO Certificate Printing'!I\"&((ROW()-2)*4)+2))","v":""},{"$f":"IF(INDIRECT(\"'MRO Certificate Printing'!K\"&((ROW()-2)*4)+2)=\"\",\"\",INDIRECT(\"'MRO Certificate Printing'!K\"&((ROW()-2)*4)+2))","v":""},null,{"$f":"IF(INDIRECT(\"'MRO Certificate Printing'!D\"&((ROW()-2)*4)+3)=\"\",\"\",INDIRECT(\"'MRO Certificate Printing'!D\"&((ROW()-2)*4)+3))","v":""},{"$f":"IF(INDIRECT(\"'MRO Certificate Printing'!E\"&((ROW()-2)*4)+3)=\"\",\"\",INDIRECT(\"'MRO Certificate Printing'!E\"&((ROW()-2)*4)+3))","v":""},{"$f":"IF(INDIRECT(\"'MRO Certificate Printing'!F\"&((ROW()-2)*4)+3)=\"\",\"\",INDIRECT(\"'MRO Certificate Printing'!F\"&((ROW()-2)*4)+3))","v":""},{"$f":"IF(INDIRECT(\"'MRO Certificate Printing'!B\"&((ROW()-2)*4)+3)=\"\",\"\",INDIRECT(\"'MRO Certificate Printing'!B\"&((ROW()-2)*4)+3))","v":""},{"$f":"IF(INDIRECT(\"'MRO Certificate Printing'!G\"&((ROW()-2)*4)+3)=\"\",\"\",INDIRECT(\"'MRO Certificate Printing'!G\"&((ROW()-2)*4)+3))","v":""},{"$f":"IF(INDIRECT(\"'MRO Certificate Printing'!J\"&((ROW()-2)*4)+3)=\"\",\"\",INDIRECT(\"'MRO Certificate Printing'!J\"&((ROW()-2)*4)+3))","v":""},{"$f":"IF(INDIRECT(\"'MRO Certificate Printing'!I\"&((ROW()-2)*4)+3)=\"\",\"\",INDIRECT(\"'MRO Certificate Printing'!I\"&((ROW()-2)*4)+3))","v":""},{"$f":"IF(INDIRECT(\"'MRO Certificate Printing'!K\"&((ROW()-2)*4)+3)=\"\",\"\",INDIRECT(\"'MRO Certificate Printing'!K\"&((ROW()-2)*4)+3))","v":""},null,{"$f":"IF(INDIRECT(\"'MRO Certificate Printing'!D\"&((ROW()-2)*4)+4)=\"\",\"\",INDIRECT(\"'MRO Certificate Printing'!D\"&((ROW()-2)*4)+4))","v":""},{"$f":"IF(INDIRECT(\"'MRO Certificate Printing'!E\"&((ROW()-2)*4)+4)=\"\",\"\",INDIRECT(\"'MRO Certificate Printing'!E\"&((ROW()-2)*4)+4))","v":""},{"$f":"IF(INDIRECT(\"'MRO Certificate Printing'!F\"&((ROW()-2)*4)+4)=\"\",\"\",INDIRECT(\"'MRO Certificate Printing'!F\"&((ROW()-2)*4)+4))","v":""},{"$f":"IF(INDIRECT(\"'MRO Certificate Printing'!B\"&((ROW()-2)*4)+4)=\"\",\"\",INDIRECT(\"'MRO Certificate Printing'!B\"&((ROW()-2)*4)+4))","v":""},{"$f":"IF(INDIRECT(\"'MRO Certificate Printing'!G\"&((ROW()-2)*4)+4)=\"\",\"\",INDIRECT(\"'MRO Certificate Printing'!G\"&((ROW()-2)*4)+4))","v":""},{"$f":"IF(INDIRECT(\"'MRO Certificate Printing'!J\"&((ROW()-2)*4)+4)=\"\",\"\",INDIRECT(\"'MRO Certificate Printing'!J\"&((ROW()-2)*4)+4))","v":""},{"$f":"IF(INDIRECT(\"'MRO Certificate Printing'!I\"&((ROW()-2)*4)+4)=\"\",\"\",INDIRECT(\"'MRO Certificate Printing'!I\"&((ROW()-2)*4)+4))","v":""},{"$f":"IF(INDIRECT(\"'MRO Certificate Printing'!K\"&((ROW()-2)*4)+4)=\"\",\"\",INDIRECT(\"'MRO Certificate Printing'!K\"&((ROW()-2)*4)+4))","v":""},null,{"$f":"IF(INDIRECT(\"'MRO Certificate Printing'!D\"&((ROW()-2)*4)+5)=\"\",\"\",INDIRECT(\"'MRO Certificate Printing'!D\"&((ROW()-2)*4)+5))","v":""},{"$f":"IF(INDIRECT(\"'MRO Certificate Printing'!E\"&((ROW()-2)*4)+5)=\"\",\"\",INDIRECT(\"'MRO Certificate Printing'!E\"&((ROW()-2)*4)+5))","v":""},{"$f":"IF(INDIRECT(\"'MRO Certificate Printing'!F\"&((ROW()-2)*4)+5)=\"\",\"\",INDIRECT(\"'MRO Certificate Printing'!F\"&((ROW()-2)*4)+5))","v":""},{"$f":"IF(INDIRECT(\"'MRO Certificate Printing'!B\"&((ROW()-2)*4)+5)=\"\",\"\",INDIRECT(\"'MRO Certificate Printing'!B\"&((ROW()-2)*4)+5))","v":""},{"$f":"IF(INDIRECT(\"'MRO Certificate Printing'!G\"&((ROW()-2)*4)+5)=\"\",\"\",INDIRECT(\"'MRO Certificate Printing'!G\"&((ROW()-2)*4)+5))","v":""},{"$f":"IF(INDIRECT(\"'MRO Certificate Printing'!J\"&((ROW()-2)*4)+5)=\"\",\"\",INDIRECT(\"'MRO Certificate Printing'!J\"&((ROW()-2)*4)+5))","v":""},{"$f":"IF(INDIRECT(\"'MRO Certificate Printing'!I\"&((ROW()-2)*4)+5)=\"\",\"\",INDIRECT(\"'MRO Certificate Printing'!I\"&((ROW()-2)*4)+5))","v":""},{"$f":"IF(INDIRECT(\"'MRO Certificate Printing'!K\"&((ROW()-2)*4)+5)=\"\",\"\",INDIRECT(\"'MRO Certificate Printing'!K\"&((ROW()-2)*4)+5))","v":""}]
["",{"$f":"IF(INDIRECT(\"'MRO Certificate Printing'!D\"&((ROW()-2)*4)+2)=\"\",\"\",INDIRECT(\"'MRO Certificate Printing'!D\"&((ROW()-2)*4)+2))","v":""},{"$f":"IF(INDIRECT(\"'MRO Certificate Printing'!E\"&((ROW()-2)*4)+2)=\"\",\"\",INDIRECT(\"'MRO Certificate Printing'!E\"&((ROW()-2)*4)+2))","v":""},{"$f":"IF(INDIRECT(\"'MRO Certificate Printing'!F\"&((ROW()-2)*4)+2)=\"\",\"\",INDIRECT(\"'MRO Certificate Printing'!F\"&((ROW()-2)*4)+2))","v":""},{"$f":"IF(INDIRECT(\"'MRO Certificate Printing'!B\"&((ROW()-2)*4)+2)=\"\",\"\",INDIRECT(\"'MRO Certificate Printing'!B\"&((ROW()-2)*4)+2))","v":""},{"$f":"IF(INDIRECT(\"'MRO Certificate Printing'!G\"&((ROW()-2)*4)+2)=\"\",\"\",INDIRECT(\"'MRO Certificate Printing'!G\"&((ROW()-2)*4)+2))","v":""},{"$f":"IF(INDIRECT(\"'MRO Certificate Printing'!J\"&((ROW()-2)*4)+2)=\"\",\"\",INDIRECT(\"'MRO Certificate Printing'!J\"&((ROW()-2)*4)+2))","v":""},{"$f":"IF(INDIRECT(\"'MRO Certificate Printing'!I\"&((ROW()-2)*4)+2)=\"\",\"\",INDIRECT(\"'MRO Certificate Printing'!I\"&((ROW()-2)*4)+2))","v":""},{"$f":"IF(INDIRECT(\"'MRO Certificate Printing'!K\"&((ROW()-2)*4)+2)=\"\",\"\",INDIRECT(\"'MRO Certificate Printing'!K\"&((ROW()-2)*4)+2))","v":""},null,{"$f":"IF(INDIRECT(\"'MRO Certificate Printing'!D\"&((ROW()-2)*4)+3)=\"\",\"\",INDIRECT(\"'MRO Certificate Printing'!D\"&((ROW()-2)*4)+3))","v":""},{"$f":"IF(INDIRECT(\"'MRO Certificate Printing'!E\"&((ROW()-2)*4)+3)=\"\",\"\",INDIRECT(\"'MRO Certificate Printing'!E\"&((ROW()-2)*4)+3))","v":""},{"$f":"IF(INDIRECT(\"'MRO Certificate Printing'!F\"&((ROW()-2)*4)+3)=\"\",\"\",INDIRECT(\"'MRO Certificate Printing'!F\"&((ROW()-2)*4)+3))","v":""},{"$f":"IF(INDIRECT(\"'MRO Certificate Printing'!B\"&((ROW()-2)*4)+3)=\"\",\"\",INDIRECT(\"'MRO Certificate Printing'!B\"&((ROW()-2)*4)+3))","v":""},{"$f":"IF(INDIRECT(\"'MRO Certificate Printing'!G\"&((ROW()-2)*4)+3)=\"\",\"\",INDIRECT(\"'MRO Certificate Printing'!G\"&((ROW()-2)*4)+3))","v":""},{"$f":"IF(INDIRECT(\"'MRO Certificate Printing'!J\"&((ROW()-2)*4)+3)=\"\",\"\",INDIRECT(\"'MRO Certificate Printing'!J\"&((ROW()-2)*4)+3))","v":""},{"$f":"IF(INDIRECT(\"'MRO Certificate Printing'!I\"&((ROW()-2)*4)+3)=\"\",\"\",INDIRECT(\"'MRO Certificate Printing'!I\"&((ROW()-2)*4)+3))","v":""},{"$f":"IF(INDIRECT(\"'MRO Certificate Printing'!K\"&((ROW()-2)*4)+3)=\"\",\"\",INDIRECT(\"'MRO Certificate Printing'!K\"&((ROW()-2)*4)+3))","v":""},null,{"$f":"IF(INDIRECT(\"'MRO Certificate Printing'!D\"&((ROW()-2)*4)+4)=\"\",\"\",INDIRECT(\"'MRO Certificate Printing'!D\"&((ROW()-2)*4)+4))","v":""},{"$f":"IF(INDIRECT(\"'MRO Certificate Printing'!E\"&((ROW()-2)*4)+4)=\"\",\"\",INDIRECT(\"'MRO Certificate Printing'!E\"&((ROW()-2)*4)+4))","v":""},{"$f":"IF(INDIRECT(\"'MRO Certificate Printing'!F\"&((ROW()-2)*4)+4)=\"\",\"\",INDIRECT(\"'MRO Certificate Printing'!F\"&((ROW()-2)*4)+4))","v":""},{"$f":"IF(INDIRECT(\"'MRO Certificate Printing'!B\"&((ROW()-2)*4)+4)=\"\",\"\",INDIRECT(\"'MRO Certificate Printing'!B\"&((ROW()-2)*4)+4))","v":""},{"$f":"IF(INDIRECT(\"'MRO Certificate Printing'!G\"&((ROW()-2)*4)+4)=\"\",\"\",INDIRECT(\"'MRO Certificate Printing'!G\"&((ROW()-2)*4)+4))","v":""},{"$f":"IF(INDIRECT(\"'MRO Certificate Printing'!J\"&((ROW()-2)*4)+4)=\"\",\"\",INDIRECT(\"'MRO Certificate Printing'!J\"&((ROW()-2)*4)+4))","v":""},{"$f":"IF(INDIRECT(\"'MRO Certificate Printing'!I\"&((ROW()-2)*4)+4)=\"\",\"\",INDIRECT(\"'MRO Certificate Printing'!I\"&((ROW()-2)*4)+4))","v":""},{"$f":"IF(INDIRECT(\"'MRO Certificate Printing'!K\"&((ROW()-2)*4)+4)=\"\",\"\",INDIRECT(\"'MRO Certificate Printing'!K\"&((ROW()-2)*4)+4))","v":""},null,{"$f":"IF(INDIRECT(\"'MRO Certificate Printing'!D\"&((ROW()-2)*4)+5)=\"\",\"\",INDIRECT(\"'MRO Certificate Printing'!D\"&((ROW()-2)*4)+5))","v":""},{"$f":"IF(INDIRECT(\"'MRO Certificate Printing'!E\"&((ROW()-2)*4)+5)=\"\",\"\",INDIRECT(\"'MRO Certificate Printing'!E\"&((ROW()-2)*4)+5))","v":""},{"$f":"IF(INDIRECT(\"'MRO Certificate Printing'!F\"&((ROW()-2)*4)+5)=\"\",\"\",INDIRECT(\"'MRO Certificate Printing'!F\"&((ROW()-2)*4)+5))","v":""},{"$f":"IF(INDIRECT(\"'MRO Certificate Printing'!B\"&((ROW()-2)*4)+5)=\"\",\"\",INDIRECT(\"'MRO Certificate Printing'!B\"&((ROW()-2)*4)+5))","v":""},{"$f":"IF(INDIRECT(\"'MRO Certificate Printing'!G\"&((ROW()-2)*4)+5)=\"\",\"\",INDIRECT(\"'MRO Certificate Printing'!G\"&((ROW()-2)*4)+5))","v":""},{"$f":"IF(INDIRECT(\"'MRO Certificate Printing'!J\"&((ROW()-2)*4)+5)=\"\",\"\",INDIRECT(\"'MRO Certificate Printing'!J\"&((ROW()-2)*4)+5))","v":""},{"$f":"IF(INDIRECT(\"'MRO Certificate Printing'!I\"&((ROW()-2)*4)+5)=\"\",\"\",INDIRECT(\"'MRO Certificate Printing'!I\"&((ROW()-2)*4)+5))","v":""},{"$f":"IF(INDIRECT(\"'MRO Certificate Printing'!K\"&((ROW()-2)*4)+5)=\"\",\"\",INDIRECT(\"'MRO Certificate Printing'!K\"&((ROW()-2)*4)+5))","v":""}]
["",{"$f":"IF(INDIRECT(\"'MRO Certificate Printing'!D\"&((ROW()-2)*4)+2)=\"\",\"\",INDIRECT(\"'MRO Certificate Printing'!D\"&((ROW()-2)*4)+2))","v":""},{"$f":"IF(INDIRECT(\"'MRO Certificate Printing'!E\"&((ROW()-2)*4)+2)=\"\",\"\",INDIRECT(\"'MRO Certificate Printing'!E\"&((ROW()-2)*4)+2))","v":""},{"$f":"IF(INDIRECT(\"'MRO Certificate Printing'!F\"&((ROW()-2)*4)+2)=\"\",\"\",INDIRECT(\"'MRO Certificate Printing'!F\"&((ROW()-2)*4)+2))","v":""},{"$f":"IF(INDIRECT(\"'MRO Certificate Printing'!B\"&((ROW()-2)*4)+2)=\"\",\"\",INDIRECT(\"'MRO Certificate Printing'!B\"&((ROW()-2)*4)+2))","v":""},{"$f":"IF(INDIRECT(\"'MRO Certificate Printing'!G\"&((ROW()-2)*4)+2)=\"\",\"\",INDIRECT(\"'MRO Certificate Printing'!G\"&((ROW()-2)*4)+2))","v":""},{"$f":"IF(INDIRECT(\"'MRO Certificate Printing'!J\"&((ROW()-2)*4)+2)=\"\",\"\",INDIRECT(\"'MRO Certificate Printing'!J\"&((ROW()-2)*4)+2))","v":""},{"$f":"IF(INDIRECT(\"'MRO Certificate Printing'!I\"&((ROW()-2)*4)+2)=\"\",\"\",INDIRECT(\"'MRO Certificate Printing'!I\"&((ROW()-2)*4)+2))","v":""},{"$f":"IF(INDIRECT(\"'MRO Certificate Printing'!K\"&((ROW()-2)*4)+2)=\"\",\"\",INDIRECT(\"'MRO Certificate Printing'!K\"&((ROW()-2)*4)+2))","v":""},null,{"$f":"IF(INDIRECT(\"'MRO Certificate Printing'!D\"&((ROW()-2)*4)+3)=\"\",\"\",INDIRECT(\"'MRO Certificate Printing'!D\"&((ROW()-2)*4)+3))","v":""},{"$f":"IF(INDIRECT(\"'MRO Certificate Printing'!E\"&((ROW()-2)*4)+3)=\"\",\"\",INDIRECT(\"'MRO Certificate Printing'!E\"&((ROW()-2)*4)+3))","v":""},{"$f":"IF(INDIRECT(\"'MRO Certificate Printing'!F\"&((ROW()-2)*4)+3)=\"\",\"\",INDIRECT(\"'MRO Certificate Printing'!F\"&((ROW()-2)*4)+3))","v":""},{"$f":"IF(INDIRECT(\"'MRO Certificate Printing'!B\"&((ROW()-2)*4)+3)=\"\",\"\",INDIRECT(\"'MRO Certificate Printing'!B\"&((ROW()-2)*4)+3))","v":""},{"$f":"IF(INDIRECT(\"'MRO Certificate Printing'!G\"&((ROW()-2)*4)+3)=\"\",\"\",INDIRECT(\"'MRO Certificate Printing'!G\"&((ROW()-2)*4)+3))","v":""},{"$f":"IF(INDIRECT(\"'MRO Certificate Printing'!J\"&((ROW()-2)*4)+3)=\"\",\"\",INDIRECT(\"'MRO Certificate Printing'!J\"&((ROW()-2)*4)+3))","v":""},{"$f":"IF(INDIRECT(\"'MRO Certificate Printing'!I\"&((ROW()-2)*4)+3)=\"\",\"\",INDIRECT(\"'MRO Certificate Printing'!I\"&((ROW()-2)*4)+3))","v":""},{"$f":"IF(INDIRECT(\"'MRO Certificate Printing'!K\"&((ROW()-2)*4)+3)=\"\",\"\",INDIRECT(\"'MRO Certificate Printing'!K\"&((ROW()-2)*4)+3))","v":""},null,{"$f":"IF(INDIRECT(\"'MRO Certificate Printing'!D\"&((ROW()-2)*4)+4)=\"\",\"\",INDIRECT(\"'MRO Certificate Printing'!D\"&((ROW()-2)*4)+4))","v":""},{"$f":"IF(INDIRECT(\"'MRO Certificate Printing'!E\"&((ROW()-2)*4)+4)=\"\",\"\",INDIRECT(\"'MRO Certificate Printing'!E\"&((ROW()-2)*4)+4))","v":""},{"$f":"IF(INDIRECT(\"'MRO Certificate Printing'!F\"&((ROW()-2)*4)+4)=\"\",\"\",INDIRECT(\"'MRO Certificate Printing'!F\"&((ROW()-2)*4)+4))","v":""},{"$f":"IF(INDIRECT(\"'MRO Certificate Printing'!B\"&((ROW()-2)*4)+4)=\"\",\"\",INDIRECT(\"'MRO Certificate Printing'!B\"&((ROW()-2)*4)+4))","v":""},{"$f":"IF(INDIRECT(\"'MRO Certificate Printing'!G\"&((ROW()-2)*4)+4)=\"\",\"\",INDIRECT(\"'MRO Certificate Printing'!G\"&((ROW()-2)*4)+4))","v":""},{"$f":"IF(INDIRECT(\"'MRO Certificate Printing'!J\"&((ROW()-2)*4)+4)=\"\",\"\",INDIRECT(\"'MRO Certificate Printing'!J\"&((ROW()-2)*4)+4))","v":""},{"$f":"IF(INDIRECT(\"'MRO Certificate Printing'!I\"&((ROW()-2)*4)+4)=\"\",\"\",INDIRECT(\"'MRO Certificate Printing'!I\"&((ROW()-2)*4)+4))","v":""},{"$f":"IF(INDIRECT(\"'MRO Certificate Printing'!K\"&((ROW()-2)*4)+4)=\"\",\"\",INDIRECT(\"'MRO Certificate Printing'!K\"&((ROW()-2)*4)+4))","v":""},null,{"$f":"IF(INDIRECT(\"'MRO Certificate Printing'!D\"&((ROW()-2)*4)+5)=\"\",\"\",INDIRECT(\"'MRO Certificate Printing'!D\"&((ROW()-2)*4)+5))","v":""},{"$f":"IF(INDIRECT(\"'MRO Certificate Printing'!E\"&((ROW()-2)*4)+5)=\"\",\"\",INDIRECT(\"'MRO Certificate Printing'!E\"&((ROW()-2)*4)+5))","v":""},{"$f":"IF(INDIRECT(\"'MRO Certificate Printing'!F\"&((ROW()-2)*4)+5)=\"\",\"\",INDIRECT(\"'MRO Certificate Printing'!F\"&((ROW()-2)*4)+5))","v":""},{"$f":"IF(INDIRECT(\"'MRO Certificate Printing'!B\"&((ROW()-2)*4)+5)=\"\",\"\",INDIRECT(\"'MRO Certificate Printing'!B\"&((ROW()-2)*4)+5))","v":""},{"$f":"IF(INDIRECT(\"'MRO Certificate Printing'!G\"&((ROW()-2)*4)+5)=\"\",\"\",INDIRECT(\"'MRO Certificate Printing'!G\"&((ROW()-2)*4)+5))","v":""},{"$f":"IF(INDIRECT(\"'MRO Certificate Printing'!J\"&((ROW()-2)*4)+5)=\"\",\"\",INDIRECT(\"'MRO Certificate Printing'!J\"&((ROW()-2)*4)+5))","v":""},{"$f":"IF(INDIRECT(\"'MRO Certificate Printing'!I\"&((ROW()-2)*4)+5)=\"\",\"\",INDIRECT(\"'MRO Certificate Printing'!I\"&((ROW()-2)*4)+5))","v":""},{"$f":"IF(INDIRECT(\"'MRO Certificate Printing'!K\"&((ROW()-2)*4)+5)=\"\",\"\",INDIRECT(\"'MRO Certificate Printing'!K\"&((ROW()-2)*4)+5))","v":""}]
["",{"$f":"IF(INDIRECT(\"'MRO Certificate Printing'!D\"&((ROW()-2)*4)+2)=\"\",\"\",INDIRECT(\"'MRO Certificate Printing'!D\"&((ROW()-2)*4)+2))","v":""},{"$f":"IF(INDIRECT(\"'MRO Certificate Printing'!E\"&((ROW()-2)*4)+2)=\"\",\"\",INDIRECT(\"'MRO Certificate Printing'!E\"&((ROW()-2)*4)+2))","v":""},{"$f":"IF(INDIRECT(\"'MRO Certificate Printing'!F\"&((ROW()-2)*4)+2)=\"\",\"\",INDIRECT(\"'MRO Certificate Printing'!F\"&((ROW()-2)*4)+2))","v":""},{"$f":"IF(INDIRECT(\"'MRO Certificate Printing'!B\"&((ROW()-2)*4)+2)=\"\",\"\",INDIRECT(\"'MRO Certificate Printing'!B\"&((ROW()-2)*4)+2))","v":""},{"$f":"IF(INDIRECT(\"'MRO Certificate Printing'!G\"&((ROW()-2)*4)+2)=\"\",\"\",INDIRECT(\"'MRO Certificate Printing'!G\"&((ROW()-2)*4)+2))","v":""},{"$f":"IF(INDIRECT(\"'MRO Certificate Printing'!J\"&((ROW()-2)*4)+2)=\"\",\"\",INDIRECT(\"'MRO Certificate Printing'!J\"&((ROW()-2)*4)+2))","v":""},{"$f":"IF(INDIRECT(\"'MRO Certificate Printing'!I\"&((ROW()-2)*4)+2)=\"\",\"\",INDIRECT(\"'MRO Certificate Printing'!I\"&((ROW()-2)*4)+2))","v":""},{"$f":"IF(INDIRECT(\"'MRO Certificate Printing'!K\"&((ROW()-2)*4)+2)=\"\",\"\",INDIRECT(\"'MRO Certificate Printing'!K\"&((ROW()-2)*4)+2))","v":""},null,{"$f":"IF(INDIRECT(\"'MRO Certificate Printing'!D\"&((ROW()-2)*4)+3)=\"\",\"\",INDIRECT(\"'MRO Certificate Printing'!D\"&((ROW()-2)*4)+3))","v":""},{"$f":"IF(INDIRECT(\"'MRO Certificate Printing'!E\"&((ROW()-2)*4)+3)=\"\",\"\",INDIRECT(\"'MRO Certificate Printing'!E\"&((ROW()-2)*4)+3))","v":""},{"$f":"IF(INDIRECT(\"'MRO Certificate Printing'!F\"&((ROW()-2)*4)+3)=\"\",\"\",INDIRECT(\"'MRO Certificate Printing'!F\"&((ROW()-2)*4)+3))","v":""},{"$f":"IF(INDIRECT(\"'MRO Certificate Printing'!B\"&((ROW()-2)*4)+3)=\"\",\"\",INDIRECT(\"'MRO Certificate Printing'!B\"&((ROW()-2)*4)+3))","v":""},{"$f":"IF(INDIRECT(\"'MRO Certificate Printing'!G\"&((ROW()-2)*4)+3)=\"\",\"\",INDIRECT(\"'MRO Certificate Printing'!G\"&((ROW()-2)*4)+3))","v":""},{"$f":"IF(INDIRECT(\"'MRO Certificate Printing'!J\"&((ROW()-2)*4)+3)=\"\",\"\",INDIRECT(\"'MRO Certificate Printing'!J\"&((ROW()-2)*4)+3))","v":""},{"$f":"IF(INDIRECT(\"'MRO Certificate Printing'!I\"&((ROW()-2)*4)+3)=\"\",\"\",INDIRECT(\"'MRO Certificate Printing'!I\"&((ROW()-2)*4)+3))","v":""},{"$f":"IF(INDIRECT(\"'MRO Certificate Printing'!K\"&((ROW()-2)*4)+3)=\"\",\"\",INDIRECT(\"'MRO Certificate Printing'!K\"&((ROW()-2)*4)+3))","v":""},null,{"$f":"IF(INDIRECT(\"'MRO Certificate Printing'!D\"&((ROW()-2)*4)+4)=\"\",\"\",INDIRECT(\"'MRO Certificate Printing'!D\"&((ROW()-2)*4)+4))","v":""},{"$f":"IF(INDIRECT(\"'MRO Certificate Printing'!E\"&((ROW()-2)*4)+4)=\"\",\"\",INDIRECT(\"'MRO Certificate Printing'!E\"&((ROW()-2)*4)+4))","v":""},{"$f":"IF(INDIRECT(\"'MRO Certificate Printing'!F\"&((ROW()-2)*4)+4)=\"\",\"\",INDIRECT(\"'MRO Certificate Printing'!F\"&((ROW()-2)*4)+4))","v":""},{"$f":"IF(INDIRECT(\"'MRO Certificate Printing'!B\"&((ROW()-2)*4)+4)=\"\",\"\",INDIRECT(\"'MRO Certificate Printing'!B\"&((ROW()-2)*4)+4))","v":""},{"$f":"IF(INDIRECT(\"'MRO Certificate Printing'!G\"&((ROW()-2)*4)+4)=\"\",\"\",INDIRECT(\"'MRO Certificate Printing'!G\"&((ROW()-2)*4)+4))","v":""},{"$f":"IF(INDIRECT(\"'MRO Certificate Printing'!J\"&((ROW()-2)*4)+4)=\"\",\"\",INDIRECT(\"'MRO Certificate Printing'!J\"&((ROW()-2)*4)+4))","v":""},{"$f":"IF(INDIRECT(\"'MRO Certificate Printing'!I\"&((ROW()-2)*4)+4)=\"\",\"\",INDIRECT(\"'MRO Certificate Printing'!I\"&((ROW()-2)*4)+4))","v":""},{"$f":"IF(INDIRECT(\"'MRO Certificate Printing'!K\"&((ROW()-2)*4)+4)=\"\",\"\",INDIRECT(\"'MRO Certificate Printing'!K\"&((ROW()-2)*4)+4))","v":""},null,{"$f":"IF(INDIRECT(\"'MRO Certificate Printing'!D\"&((ROW()-2)*4)+5)=\"\",\"\",INDIRECT(\"'MRO Certificate Printing'!D\"&((ROW()-2)*4)+5))","v":""},{"$f":"IF(INDIRECT(\"'MRO Certificate Printing'!E\"&((ROW()-2)*4)+5)=\"\",\"\",INDIRECT(\"'MRO Certificate Printing'!E\"&((ROW()-2)*4)+5))","v":""},{"$f":"IF(INDIRECT(\"'MRO Certificate Printing'!F\"&((ROW()-2)*4)+5)=\"\",\"\",INDIRECT(\"'MRO Certificate Printing'!F\"&((ROW()-2)*4)+5))","v":""},{"$f":"IF(INDIRECT(\"'MRO Certificate Printing'!B\"&((ROW()-2)*4)+5)=\"\",\"\",INDIRECT(\"'MRO Certificate Printing'!B\"&((ROW()-2)*4)+5))","v":""},{"$f":"IF(INDIRECT(\"'MRO Certificate Printing'!G\"&((ROW()-2)*4)+5)=\"\",\"\",INDIRECT(\"'MRO Certificate Printing'!G\"&((ROW()-2)*4)+5))","v":""},{"$f":"IF(INDIRECT(\"'MRO Certificate Printing'!J\"&((ROW()-2)*4)+5)=\"\",\"\",INDIRECT(\"'MRO Certificate Printing'!J\"&((ROW()-2)*4)+5))","v":""},{"$f":"IF(INDIRECT(\"'MRO Certificate Printing'!I\"&((ROW()-2)*4)+5)=\"\",\"\",INDIRECT(\"'MRO Certificate Printing'!I\"&((ROW()-2)*4)+5))","v":""},{"$f":"IF(INDIRECT(\"'MRO Certificate Printing'!K\"&((ROW()-2)*4)+5)=\"\",\"\",INDIRECT(\"'MRO Certificate Printing'!K\"&((ROW()-2)*4)+5))","v":""}]
["",{"$f":"IF(INDIRECT(\"'MRO Certificate Printing'!D\"&((ROW()-2)*4)+2)=\"\",\"\",INDIRECT(\"'MRO Certificate Printing'!D\"&((ROW()-2)*4)+2))","v":""},{"$f":"IF(INDIRECT(\"'MRO Certificate Printing'!E\"&((ROW()-2)*4)+2)=\"\",\"\",INDIRECT(\"'MRO Certificate Printing'!E\"&((ROW()-2)*4)+2))","v":""},{"$f":"IF(INDIRECT(\"'MRO Certificate Printing'!F\"&((ROW()-2)*4)+2)=\"\",\"\",INDIRECT(\"'MRO Certificate Printing'!F\"&((ROW()-2)*4)+2))","v":""},{"$f":"IF(INDIRECT(\"'MRO Certificate Printing'!B\"&((ROW()-2)*4)+2)=\"\",\"\",INDIRECT(\"'MRO Certificate Printing'!B\"&((ROW()-2)*4)+2))","v":""},{"$f":"IF(INDIRECT(\"'MRO Certificate Printing'!G\"&((ROW()-2)*4)+2)=\"\",\"\",INDIRECT(\"'MRO Certificate Printing'!G\"&((ROW()-2)*4)+2))","v":""},{"$f":"IF(INDIRECT(\"'MRO Certificate Printing'!J\"&((ROW()-2)*4)+2)=\"\",\"\",INDIRECT(\"'MRO Certificate Printing'!J\"&((ROW()-2)*4)+2))","v":""},{"$f":"IF(INDIRECT(\"'MRO Certificate Printing'!I\"&((ROW()-2)*4)+2)=\"\",\"\",INDIRECT(\"'MRO Certificate Printing'!I\"&((ROW()-2)*4)+2))","v":""},{"$f":"IF(INDIRECT(\"'MRO Certificate Printing'!K\"&((ROW()-2)*4)+2)=\"\",\"\",INDIRECT(\"'MRO Certificate Printing'!K\"&((ROW()-2)*4)+2))","v":""},null,{"$f":"IF(INDIRECT(\"'MRO Certificate Printing'!D\"&((ROW()-2)*4)+3)=\"\",\"\",INDIRECT(\"'MRO Certificate Printing'!D\"&((ROW()-2)*4)+3))","v":""},{"$f":"IF(INDIRECT(\"'MRO Certificate Printing'!E\"&((ROW()-2)*4)+3)=\"\",\"\",INDIRECT(\"'MRO Certificate Printing'!E\"&((ROW()-2)*4)+3))","v":""},{"$f":"IF(INDIRECT(\"'MRO Certificate Printing'!F\"&((ROW()-2)*4)+3)=\"\",\"\",INDIRECT(\"'MRO Certificate Printing'!F\"&((ROW()-2)*4)+3))","v":""},{"$f":"IF(INDIRECT(\"'MRO Certificate Printing'!B\"&((ROW()-2)*4)+3)=\"\",\"\",INDIRECT(\"'MRO Certificate Printing'!B\"&((ROW()-2)*4)+3))","v":""},{"$f":"IF(INDIRECT(\"'MRO Certificate Printing'!G\"&((ROW()-2)*4)+3)=\"\",\"\",INDIRECT(\"'MRO Certificate Printing'!G\"&((ROW()-2)*4)+3))","v":""},{"$f":"IF(INDIRECT(\"'MRO Certificate Printing'!J\"&((ROW()-2)*4)+3)=\"\",\"\",INDIRECT(\"'MRO Certificate Printing'!J\"&((ROW()-2)*4)+3))","v":""},{"$f":"IF(INDIRECT(\"'MRO Certificate Printing'!I\"&((ROW()-2)*4)+3)=\"\",\"\",INDIRECT(\"'MRO Certificate Printing'!I\"&((ROW()-2)*4)+3))","v":""},{"$f":"IF(INDIRECT(\"'MRO Certificate Printing'!K\"&((ROW()-2)*4)+3)=\"\",\"\",INDIRECT(\"'MRO Certificate Printing'!K\"&((ROW()-2)*4)+3))","v":""},null,{"$f":"IF(INDIRECT(\"'MRO Certificate Printing'!D\"&((ROW()-2)*4)+4)=\"\",\"\",INDIRECT(\"'MRO Certificate Printing'!D\"&((ROW()-2)*4)+4))","v":""},{"$f":"IF(INDIRECT(\"'MRO Certificate Printing'!E\"&((ROW()-2)*4)+4)=\"\",\"\",INDIRECT(\"'MRO Certificate Printing'!E\"&((ROW()-2)*4)+4))","v":""},{"$f":"IF(INDIRECT(\"'MRO Certificate Printing'!F\"&((ROW()-2)*4)+4)=\"\",\"\",INDIRECT(\"'MRO Certificate Printing'!F\"&((ROW()-2)*4)+4))","v":""},{"$f":"IF(INDIRECT(\"'MRO Certificate Printing'!B\"&((ROW()-2)*4)+4)=\"\",\"\",INDIRECT(\"'MRO Certificate Printing'!B\"&((ROW()-2)*4)+4))","v":""},{"$f":"IF(INDIRECT(\"'MRO Certificate Printing'!G\"&((ROW()-2)*4)+4)=\"\",\"\",INDIRECT(\"'MRO Certificate Printing'!G\"&((ROW()-2)*4)+4))","v":""},{"$f":"IF(INDIRECT(\"'MRO Certificate Printing'!J\"&((ROW()-2)*4)+4)=\"\",\"\",INDIRECT(\"'MRO Certificate Printing'!J\"&((ROW()-2)*4)+4))","v":""},{"$f":"IF(INDIRECT(\"'MRO Certificate Printing'!I\"&((ROW()-2)*4)+4)=\"\",\"\",INDIRECT(\"'MRO Certificate Printing'!I\"&((ROW()-2)*4)+4))","v":""},{"$f":"IF(INDIRECT(\"'MRO Certificate Printing'!K\"&((ROW()-2)*4)+4)=\"\",\"\",INDIRECT(\"'MRO Certificate Printing'!K\"&((ROW()-2)*4)+4))","v":""},null,{"$f":"IF(INDIRECT(\"'MRO Certificate Printing'!D\"&((ROW()-2)*4)+5)=\"\",\"\",INDIRECT(\"'MRO Certificate Printing'!D\"&((ROW()-2)*4)+5))","v":""},{"$f":"IF(INDIRECT(\"'MRO Certificate Printing'!E\"&((ROW()-2)*4)+5)=\"\",\"\",INDIRECT(\"'MRO Certificate Printing'!E\"&((ROW()-2)*4)+5))","v":""},{"$f":"IF(INDIRECT(\"'MRO Certificate Printing'!F\"&((ROW()-2)*4)+5)=\"\",\"\",INDIRECT(\"'MRO Certificate Printing'!F\"&((ROW()-2)*4)+5))","v":""},{"$f":"IF(INDIRECT(\"'MRO Certificate Printing'!B\"&((ROW()-2)*4)+5)=\"\",\"\",INDIRECT(\"'MRO Certificate Printing'!B\"&((ROW()-2)*4)+5))","v":""},{"$f":"IF(INDIRECT(\"'MRO Certificate Printing'!G\"&((ROW()-2)*4)+5)=\"\",\"\",INDIRECT(\"'MRO Certificate Printing'!G\"&((ROW()-2)*4)+5))","v":""},{"$f":"IF(INDIRECT(\"'MRO Certificate Printing'!J\"&((ROW()-2)*4)+5)=\"\",\"\",INDIRECT(\"'MRO Certificate Printing'!J\"&((ROW()-2)*4)+5))","v":""},{"$f":"IF(INDIRECT(\"'MRO Certificate Printing'!I\"&((ROW()-2)*4)+5)=\"\",\"\",INDIRECT(\"'MRO Certificate Printing'!I\"&((ROW()-2)*4)+5))","v":""},{"$f":"IF(INDIRECT(\"'MRO Certificate Printing'!K\"&((ROW()-2)*4)+5)=\"\",\"\",INDIRECT(\"'MRO Certificate Printing'!K\"&((ROW()-2)*4)+5))","v":""}]
["",{"$f":"IF(INDIRECT(\"'MRO Certificate Printing'!D\"&((ROW()-2)*4)+2)=\"\",\"\",INDIRECT(\"'MRO Certificate Printing'!D\"&((ROW()-2)*4)+2))","v":""},{"$f":"IF(INDIRECT(\"'MRO Certificate Printing'!E\"&((ROW()-2)*4)+2)=\"\",\"\",INDIRECT(\"'MRO Certificate Printing'!E\"&((ROW()-2)*4)+2))","v":""},{"$f":"IF(INDIRECT(\"'MRO Certificate Printing'!F\"&((ROW()-2)*4)+2)=\"\",\"\",INDIRECT(\"'MRO Certificate Printing'!F\"&((ROW()-2)*4)+2))","v":""},{"$f":"IF(INDIRECT(\"'MRO Certificate Printing'!B\"&((ROW()-2)*4)+2)=\"\",\"\",INDIRECT(\"'MRO Certificate Printing'!B\"&((ROW()-2)*4)+2))","v":""},{"$f":"IF(INDIRECT(\"'MRO Certificate Printing'!G\"&((ROW()-2)*4)+2)=\"\",\"\",INDIRECT(\"'MRO Certificate Printing'!G\"&((ROW()-2)*4)+2))","v":""},{"$f":"IF(INDIRECT(\"'MRO Certificate Printing'!J\"&((ROW()-2)*4)+2)=\"\",\"\",INDIRECT(\"'MRO Certificate Printing'!J\"&((ROW()-2)*4)+2))","v":""},{"$f":"IF(INDIRECT(\"'MRO Certificate Printing'!I\"&((ROW()-2)*4)+2)=\"\",\"\",INDIRECT(\"'MRO Certificate Printing'!I\"&((ROW()-2)*4)+2))","v":""},{"$f":"IF(INDIRECT(\"'MRO Certificate Printing'!K\"&((ROW()-2)*4)+2)=\"\",\"\",INDIRECT(\"'MRO Certificate Printing'!K\"&((ROW()-2)*4)+2))","v":""},null,{"$f":"IF(INDIRECT(\"'MRO Certificate Printing'!D\"&((ROW()-2)*4)+3)=\"\",\"\",INDIRECT(\"'MRO Certificate Printing'!D\"&((ROW()-2)*4)+3))","v":""},{"$f":"IF(INDIRECT(\"'MRO Certificate Printing'!E\"&((ROW()-2)*4)+3)=\"\",\"\",INDIRECT(\"'MRO Certificate Printing'!E\"&((ROW()-2)*4)+3))","v":""},{"$f":"IF(INDIRECT(\"'MRO Certificate Printing'!F\"&((ROW()-2)*4)+3)=\"\",\"\",INDIRECT(\"'MRO Certificate Printing'!F\"&((ROW()-2)*4)+3))","v":""},{"$f":"IF(INDIRECT(\"'MRO Certificate Printing'!B\"&((ROW()-2)*4)+3)=\"\",\"\",INDIRECT(\"'MRO Certificate Printing'!B\"&((ROW()-2)*4)+3))","v":""},{"$f":"IF(INDIRECT(\"'MRO Certificate Printing'!G\"&((ROW()-2)*4)+3)=\"\",\"\",INDIRECT(\"'MRO Certificate Printing'!G\"&((ROW()-2)*4)+3))","v":""},{"$f":"IF(INDIRECT(\"'MRO Certificate Printing'!J\"&((ROW()-2)*4)+3)=\"\",\"\",INDIRECT(\"'MRO Certificate Printing'!J\"&((ROW()-2)*4)+3))","v":""},{"$f":"IF(INDIRECT(\"'MRO Certificate Printing'!I\"&((ROW()-2)*4)+3)=\"\",\"\",INDIRECT(\"'MRO Certificate Printing'!I\"&((ROW()-2)*4)+3))","v":""},{"$f":"IF(INDIRECT(\"'MRO Certificate Printing'!K\"&((ROW()-2)*4)+3)=\"\",\"\",INDIRECT(\"'MRO Certificate Printing'!K\"&((ROW()-2)*4)+3))","v":""},null,{"$f":"IF(INDIRECT(\"'MRO Certificate Printing'!D\"&((ROW()-2)*4)+4)=\"\",\"\",INDIRECT(\"'MRO Certificate Printing'!D\"&((ROW()-2)*4)+4))","v":""},{"$f":"IF(INDIRECT(\"'MRO Certificate Printing'!E\"&((ROW()-2)*4)+4)=\"\",\"\",INDIRECT(\"'MRO Certificate Printing'!E\"&((ROW()-2)*4)+4))","v":""},{"$f":"IF(INDIRECT(\"'MRO Certificate Printing'!F\"&((ROW()-2)*4)+4)=\"\",\"\",INDIRECT(\"'MRO Certificate Printing'!F\"&((ROW()-2)*4)+4))","v":""},{"$f":"IF(INDIRECT(\"'MRO Certificate Printing'!B\"&((ROW()-2)*4)+4)=\"\",\"\",INDIRECT(\"'MRO Certificate Printing'!B\"&((ROW()-2)*4)+4))","v":""},{"$f":"IF(INDIRECT(\"'MRO Certificate Printing'!G\"&((ROW()-2)*4)+4)=\"\",\"\",INDIRECT(\"'MRO Certificate Printing'!G\"&((ROW()-2)*4)+4))","v":""},{"$f":"IF(INDIRECT(\"'MRO Certificate Printing'!J\"&((ROW()-2)*4)+4)=\"\",\"\",INDIRECT(\"'MRO Certificate Printing'!J\"&((ROW()-2)*4)+4))","v":""},{"$f":"IF(INDIRECT(\"'MRO Certificate Printing'!I\"&((ROW()-2)*4)+4)=\"\",\"\",INDIRECT(\"'MRO Certificate Printing'!I\"&((ROW()-2)*4)+4))","v":""},{"$f":"IF(INDIRECT(\"'MRO Certificate Printing'!K\"&((ROW()-2)*4)+4)=\"\",\"\",INDIRECT(\"'MRO Certificate Printing'!K\"&((ROW()-2)*4)+4))","v":""},null,{"$f":"IF(INDIRECT(\"'MRO Certificate Printing'!D\"&((ROW()-2)*4)+5)=\"\",\"\",INDIRECT(\"'MRO Certificate Printing'!D\"&((ROW()-2)*4)+5))","v":""},{"$f":"IF(INDIRECT(\"'MRO Certificate Printing'!E\"&((ROW()-2)*4)+5)=\"\",\"\",INDIRECT(\"'MRO Certificate Printing'!E\"&((ROW()-2)*4)+5))","v":""},{"$f":"IF(INDIRECT(\"'MRO Certificate Printing'!F\"&((ROW()-2)*4)+5)=\"\",\"\",INDIRECT(\"'MRO Certificate Printing'!F\"&((ROW()-2)*4)+5))","v":""},{"$f":"IF(INDIRECT(\"'MRO Certificate Printing'!B\"&((ROW()-2)*4)+5)=\"\",\"\",INDIRECT(\"'MRO Certificate Printing'!B\"&((ROW()-2)*4)+5))","v":""},{"$f":"IF(INDIRECT(\"'MRO Certificate Printing'!G\"&((ROW()-2)*4)+5)=\"\",\"\",INDIRECT(\"'MRO Certificate Printing'!G\"&((ROW()-2)*4)+5))","v":""},{"$f":"IF(INDIRECT(\"'MRO Certificate Printing'!J\"&((ROW()-2)*4)+5)=\"\",\"\",INDIRECT(\"'MRO Certificate Printing'!J\"&((ROW()-2)*4)+5))","v":""},{"$f":"IF(INDIRECT(\"'MRO Certificate Printing'!I\"&((ROW()-2)*4)+5)=\"\",\"\",INDIRECT(\"'MRO Certificate Printing'!I\"&((ROW()-2)*4)+5))","v":""},{"$f":"IF(INDIRECT(\"'MRO Certificate Printing'!K\"&((ROW()-2)*4)+5)=\"\",\"\",INDIRECT(\"'MRO Certificate Printing'!K\"&((ROW()-2)*4)+5))","v":""}]
["",{"$f":"IF(INDIRECT(\"'MRO Certificate Printing'!D\"&((ROW()-2)*4)+2)=\"\",\"\",INDIRECT(\"'MRO Certificate Printing'!D\"&((ROW()-2)*4)+2))","v":""},{"$f":"IF(INDIRECT(\"'MRO Certificate Printing'!E\"&((ROW()-2)*4)+2)=\"\",\"\",INDIRECT(\"'MRO Certificate Printing'!E\"&((ROW()-2)*4)+2))","v":""},{"$f":"IF(INDIRECT(\"'MRO Certificate Printing'!F\"&((ROW()-2)*4)+2)=\"\",\"\",INDIRECT(\"'MRO Certificate Printing'!F\"&((ROW()-2)*4)+2))","v":""},{"$f":"IF(INDIRECT(\"'MRO Certificate Printing'!B\"&((ROW()-2)*4)+2)=\"\",\"\",INDIRECT(\"'MRO Certificate Printing'!B\"&((ROW()-2)*4)+2))","v":""},{"$f":"IF(INDIRECT(\"'MRO Certificate Printing'!G\"&((ROW()-2)*4)+2)=\"\",\"\",INDIRECT(\"'MRO Certificate Printing'!G\"&((ROW()-2)*4)+2))","v":""},{"$f":"IF(INDIRECT(\"'MRO Certificate Printing'!J\"&((ROW()-2)*4)+2)=\"\",\"\",INDIRECT(\"'MRO Certificate Printing'!J\"&((ROW()-2)*4)+2))","v":""},{"$f":"IF(INDIRECT(\"'MRO Certificate Printing'!I\"&((ROW()-2)*4)+2)=\"\",\"\",INDIRECT(\"'MRO Certificate Printing'!I\"&((ROW()-2)*4)+2))","v":""},{"$f":"IF(INDIRECT(\"'MRO Certificate Printing'!K\"&((ROW()-2)*4)+2)=\"\",\"\",INDIRECT(\"'MRO Certificate Printing'!K\"&((ROW()-2)*4)+2))","v":""},null,{"$f":"IF(INDIRECT(\"'MRO Certificate Printing'!D\"&((ROW()-2)*4)+3)=\"\",\"\",INDIRECT(\"'MRO Certificate Printing'!D\"&((ROW()-2)*4)+3))","v":""},{"$f":"IF(INDIRECT(\"'MRO Certificate Printing'!E\"&((ROW()-2)*4)+3)=\"\",\"\",INDIRECT(\"'MRO Certificate Printing'!E\"&((ROW()-2)*4)+3))","v":""},{"$f":"IF(INDIRECT(\"'MRO Certificate Printing'!F\"&((ROW()-2)*4)+3)=\"\",\"\",INDIRECT(\"'MRO Certificate Printing'!F\"&((ROW()-2)*4)+3))","v":""},{"$f":"IF(INDIRECT(\"'MRO Certificate Printing'!B\"&((ROW()-2)*4)+3)=\"\",\"\",INDIRECT(\"'MRO Certificate Printing'!B\"&((ROW()-2)*4)+3))","v":""},{"$f":"IF(INDIRECT(\"'MRO Certificate Printing'!G\"&((ROW()-2)*4)+3)=\"\",\"\",INDIRECT(\"'MRO Certificate Printing'!G\"&((ROW()-2)*4)+3))","v":""},{"$f":"IF(INDIRECT(\"'MRO Certificate Printing'!J\"&((ROW()-2)*4)+3)=\"\",\"\",INDIRECT(\"'MRO Certificate Printing'!J\"&((ROW()-2)*4)+3))","v":""},{"$f":"IF(INDIRECT(\"'MRO Certificate Printing'!I\"&((ROW()-2)*4)+3)=\"\",\"\",INDIRECT(\"'MRO Certificate Printing'!I\"&((ROW()-2)*4)+3))","v":""},{"$f":"IF(INDIRECT(\"'MRO Certificate Printing'!K\"&((ROW()-2)*4)+3)=\"\",\"\",INDIRECT(\"'MRO Certificate Printing'!K\"&((ROW()-2)*4)+3))","v":""},null,{"$f":"IF(INDIRECT(\"'MRO Certificate Printing'!D\"&((ROW()-2)*4)+4)=\"\",\"\",INDIRECT(\"'MRO Certificate Printing'!D\"&((ROW()-2)*4)+4))","v":""},{"$f":"IF(INDIRECT(\"'MRO Certificate Printing'!E\"&((ROW()-2)*4)+4)=\"\",\"\",INDIRECT(\"'MRO Certificate Printing'!E\"&((ROW()-2)*4)+4))","v":""},{"$f":"IF(INDIRECT(\"'MRO Certificate Printing'!F\"&((ROW()-2)*4)+4)=\"\",\"\",INDIRECT(\"'MRO Certificate Printing'!F\"&((ROW()-2)*4)+4))","v":""},{"$f":"IF(INDIRECT(\"'MRO Certificate Printing'!B\"&((ROW()-2)*4)+4)=\"\",\"\",INDIRECT(\"'MRO Certificate Printing'!B\"&((ROW()-2)*4)+4))","v":""},{"$f":"IF(INDIRECT(\"'MRO Certificate Printing'!G\"&((ROW()-2)*4)+4)=\"\",\"\",INDIRECT(\"'MRO Certificate Printing'!G\"&((ROW()-2)*4)+4))","v":""},{"$f":"IF(INDIRECT(\"'MRO Certificate Printing'!J\"&((ROW()-2)*4)+4)=\"\",\"\",INDIRECT(\"'MRO Certificate Printing'!J\"&((ROW()-2)*4)+4))","v":""},{"$f":"IF(INDIRECT(\"'MRO Certificate Printing'!I\"&((ROW()-2)*4)+4)=\"\",\"\",INDIRECT(\"'MRO Certificate Printing'!I\"&((ROW()-2)*4)+4))","v":""},{"$f":"IF(INDIRECT(\"'MRO Certificate Printing'!K\"&((ROW()-2)*4)+4)=\"\",\"\",INDIRECT(\"'MRO Certificate Printing'!K\"&((ROW()-2)*4)+4))","v":""},null,{"$f":"IF(INDIRECT(\"'MRO Certificate Printing'!D\"&((ROW()-2)*4)+5)=\"\",\"\",INDIRECT(\"'MRO Certificate Printing'!D\"&((ROW()-2)*4)+5))","v":""},{"$f":"IF(INDIRECT(\"'MRO Certificate Printing'!E\"&((ROW()-2)*4)+5)=\"\",\"\",INDIRECT(\"'MRO Certificate Printing'!E\"&((ROW()-2)*4)+5))","v":""},{"$f":"IF(INDIRECT(\"'MRO Certificate Printing'!F\"&((ROW()-2)*4)+5)=\"\",\"\",INDIRECT(\"'MRO Certificate Printing'!F\"&((ROW()-2)*4)+5))","v":""},{"$f":"IF(INDIRECT(\"'MRO Certificate Printing'!B\"&((ROW()-2)*4)+5)=\"\",\"\",INDIRECT(\"'MRO Certificate Printing'!B\"&((ROW()-2)*4)+5))","v":""},{"$f":"IF(INDIRECT(\"'MRO Certificate Printing'!G\"&((ROW()-2)*4)+5)=\"\",\"\",INDIRECT(\"'MRO Certificate Printing'!G\"&((ROW()-2)*4)+5))","v":""},{"$f":"IF(INDIRECT(\"'MRO Certificate Printing'!J\"&((ROW()-2)*4)+5)=\"\",\"\",INDIRECT(\"'MRO Certificate Printing'!J\"&((ROW()-2)*4)+5))","v":""},{"$f":"IF(INDIRECT(\"'MRO Certificate Printing'!I\"&((ROW()-2)*4)+5)=\"\",\"\",INDIRECT(\"'MRO Certificate Printing'!I\"&((ROW()-2)*4)+5))","v":""},{"$f":"IF(INDIRECT(\"'MRO Certificate Printing'!K\"&((ROW()-2)*4)+5)=\"\",\"\",INDIRECT(\"'MRO Certificate Printing'!K\"&((ROW()-2)*4)+5))","v":""}]
["",{"$f":"IF(INDIRECT(\"'MRO Certificate Printing'!D\"&((ROW()-2)*4)+2)=\"\",\"\",INDIRECT(\"'MRO Certificate Printing'!D\"&((ROW()-2)*4)+2))","v":""},{"$f":"IF(INDIRECT(\"'MRO Certificate Printing'!E\"&((ROW()-2)*4)+2)=\"\",\"\",INDIRECT(\"'MRO Certificate Printing'!E\"&((ROW()-2)*4)+2))","v":""},{"$f":"IF(INDIRECT(\"'MRO Certificate Printing'!F\"&((ROW()-2)*4)+2)=\"\",\"\",INDIRECT(\"'MRO Certificate Printing'!F\"&((ROW()-2)*4)+2))","v":""},{"$f":"IF(INDIRECT(\"'MRO Certificate Printing'!B\"&((ROW()-2)*4)+2)=\"\",\"\",INDIRECT(\"'MRO Certificate Printing'!B\"&((ROW()-2)*4)+2))","v":""},{"$f":"IF(INDIRECT(\"'MRO Certificate Printing'!G\"&((ROW()-2)*4)+2)=\"\",\"\",INDIRECT(\"'MRO Certificate Printing'!G\"&((ROW()-2)*4)+2))","v":""},{"$f":"IF(INDIRECT(\"'MRO Certificate Printing'!J\"&((ROW()-2)*4)+2)=\"\",\"\",INDIRECT(\"'MRO Certificate Printing'!J\"&((ROW()-2)*4)+2))","v":""},{"$f":"IF(INDIRECT(\"'MRO Certificate Printing'!I\"&((ROW()-2)*4)+2)=\"\",\"\",INDIRECT(\"'MRO Certificate Printing'!I\"&((ROW()-2)*4)+2))","v":""},{"$f":"IF(INDIRECT(\"'MRO Certificate Printing'!K\"&((ROW()-2)*4)+2)=\"\",\"\",INDIRECT(\"'MRO Certificate Printing'!K\"&((ROW()-2)*4)+2))","v":""},null,{"$f":"IF(INDIRECT(\"'MRO Certificate Printing'!D\"&((ROW()-2)*4)+3)=\"\",\"\",INDIRECT(\"'MRO Certificate Printing'!D\"&((ROW()-2)*4)+3))","v":""},{"$f":"IF(INDIRECT(\"'MRO Certificate Printing'!E\"&((ROW()-2)*4)+3)=\"\",\"\",INDIRECT(\"'MRO Certificate Printing'!E\"&((ROW()-2)*4)+3))","v":""},{"$f":"IF(INDIRECT(\"'MRO Certificate Printing'!F\"&((ROW()-2)*4)+3)=\"\",\"\",INDIRECT(\"'MRO Certificate Printing'!F\"&((ROW()-2)*4)+3))","v":""},{"$f":"IF(INDIRECT(\"'MRO Certificate Printing'!B\"&((ROW()-2)*4)+3)=\"\",\"\",INDIRECT(\"'MRO Certificate Printing'!B\"&((ROW()-2)*4)+3))","v":""},{"$f":"IF(INDIRECT(\"'MRO Certificate Printing'!G\"&((ROW()-2)*4)+3)=\"\",\"\",INDIRECT(\"'MRO Certificate Printing'!G\"&((ROW()-2)*4)+3))","v":""},{"$f":"IF(INDIRECT(\"'MRO Certificate Printing'!J\"&((ROW()-2)*4)+3)=\"\",\"\",INDIRECT(\"'MRO Certificate Printing'!J\"&((ROW()-2)*4)+3))","v":""},{"$f":"IF(INDIRECT(\"'MRO Certificate Printing'!I\"&((ROW()-2)*4)+3)=\"\",\"\",INDIRECT(\"'MRO Certificate Printing'!I\"&((ROW()-2)*4)+3))","v":""},{"$f":"IF(INDIRECT(\"'MRO Certificate Printing'!K\"&((ROW()-2)*4)+3)=\"\",\"\",INDIRECT(\"'MRO Certificate Printing'!K\"&((ROW()-2)*4)+3))","v":""},null,{"$f":"IF(INDIRECT(\"'MRO Certificate Printing'!D\"&((ROW()-2)*4)+4)=\"\",\"\",INDIRECT(\"'MRO Certificate Printing'!D\"&((ROW()-2)*4)+4))","v":""},{"$f":"IF(INDIRECT(\"'MRO Certificate Printing'!E\"&((ROW()-2)*4)+4)=\"\",\"\",INDIRECT(\"'MRO Certificate Printing'!E\"&((ROW()-2)*4)+4))","v":""},{"$f":"IF(INDIRECT(\"'MRO Certificate Printing'!F\"&((ROW()-2)*4)+4)=\"\",\"\",INDIRECT(\"'MRO Certificate Printing'!F\"&((ROW()-2)*4)+4))","v":""},{"$f":"IF(INDIRECT(\"'MRO Certificate Printing'!B\"&((ROW()-2)*4)+4)=\"\",\"\",INDIRECT(\"'MRO Certificate Printing'!B\"&((ROW()-2)*4)+4))","v":""},{"$f":"IF(INDIRECT(\"'MRO Certificate Printing'!G\"&((ROW()-2)*4)+4)=\"\",\"\",INDIRECT(\"'MRO Certificate Printing'!G\"&((ROW()-2)*4)+4))","v":""},{"$f":"IF(INDIRECT(\"'MRO Certificate Printing'!J\"&((ROW()-2)*4)+4)=\"\",\"\",INDIRECT(\"'MRO Certificate Printing'!J\"&((ROW()-2)*4)+4))","v":""},{"$f":"IF(INDIRECT(\"'MRO Certificate Printing'!I\"&((ROW()-2)*4)+4)=\"\",\"\",INDIRECT(\"'MRO Certificate Printing'!I\"&((ROW()-2)*4)+4))","v":""},{"$f":"IF(INDIRECT(\"'MRO Certificate Printing'!K\"&((ROW()-2)*4)+4)=\"\",\"\",INDIRECT(\"'MRO Certificate Printing'!K\"&((ROW()-2)*4)+4))","v":""},null,{"$f":"IF(INDIRECT(\"'MRO Certificate Printing'!D\"&((ROW()-2)*4)+5)=\"\",\"\",INDIRECT(\"'MRO Certificate Printing'!D\"&((ROW()-2)*4)+5))","v":""},{"$f":"IF(INDIRECT(\"'MRO Certificate Printing'!E\"&((ROW()-2)*4)+5)=\"\",\"\",INDIRECT(\"'MRO Certificate Printing'!E\"&((ROW()-2)*4)+5))","v":""},{"$f":"IF(INDIRECT(\"'MRO Certificate Printing'!F\"&((ROW()-2)*4)+5)=\"\",\"\",INDIRECT(\"'MRO Certificate Printing'!F\"&((ROW()-2)*4)+5))","v":""},{"$f":"IF(INDIRECT(\"'MRO Certificate Printing'!B\"&((ROW()-2)*4)+5)=\"\",\"\",INDIRECT(\"'MRO Certificate Printing'!B\"&((ROW()-2)*4)+5))","v":""},{"$f":"IF(INDIRECT(\"'MRO Certificate Printing'!G\"&((ROW()-2)*4)+5)=\"\",\"\",INDIRECT(\"'MRO Certificate Printing'!G\"&((ROW()-2)*4)+5))","v":""},{"$f":"IF(INDIRECT(\"'MRO Certificate Printing'!J\"&((ROW()-2)*4)+5)=\"\",\"\",INDIRECT(\"'MRO Certificate Printing'!J\"&((ROW()-2)*4)+5))","v":""},{"$f":"IF(INDIRECT(\"'MRO Certificate Printing'!I\"&((ROW()-2)*4)+5)=\"\",\"\",INDIRECT(\"'MRO Certificate Printing'!I\"&((ROW()-2)*4)+5))","v":""},{"$f":"IF(INDIRECT(\"'MRO Certificate Printing'!K\"&((ROW()-2)*4)+5)=\"\",\"\",INDIRECT(\"'MRO Certificate Printing'!K\"&((ROW()-2)*4)+5))","v":""}]
["",{"$f":"IF(INDIRECT(\"'MRO Certificate Printing'!D\"&((ROW()-2)*4)+2)=\"\",\"\",INDIRECT(\"'MRO Certificate Printing'!D\"&((ROW()-2)*4)+2))","v":""},{"$f":"IF(INDIRECT(\"'MRO Certificate Printing'!E\"&((ROW()-2)*4)+2)=\"\",\"\",INDIRECT(\"'MRO Certificate Printing'!E\"&((ROW()-2)*4)+2))","v":""},{"$f":"IF(INDIRECT(\"'MRO Certificate Printing'!F\"&((ROW()-2)*4)+2)=\"\",\"\",INDIRECT(\"'MRO Certificate Printing'!F\"&((ROW()-2)*4)+2))","v":""},{"$f":"IF(INDIRECT(\"'MRO Certificate Printing'!B\"&((ROW()-2)*4)+2)=\"\",\"\",INDIRECT(\"'MRO Certificate Printing'!B\"&((ROW()-2)*4)+2))","v":""},{"$f":"IF(INDIRECT(\"'MRO Certificate Printing'!G\"&((ROW()-2)*4)+2)=\"\",\"\",INDIRECT(\"'MRO Certificate Printing'!G\"&((ROW()-2)*4)+2))","v":""},{"$f":"IF(INDIRECT(\"'MRO Certificate Printing'!J\"&((ROW()-2)*4)+2)=\"\",\"\",INDIRECT(\"'MRO Certificate Printing'!J\"&((ROW()-2)*4)+2))","v":""},{"$f":"IF(INDIRECT(\"'MRO Certificate Printing'!I\"&((ROW()-2)*4)+2)=\"\",\"\",INDIRECT(\"'MRO Certificate Printing'!I\"&((ROW()-2)*4)+2))","v":""},{"$f":"IF(INDIRECT(\"'MRO Certificate Printing'!K\"&((ROW()-2)*4)+2)=\"\",\"\",INDIRECT(\"'MRO Certificate Printing'!K\"&((ROW()-2)*4)+2))","v":""},null,{"$f":"IF(INDIRECT(\"'MRO Certificate Printing'!D\"&((ROW()-2)*4)+3)=\"\",\"\",INDIRECT(\"'MRO Certificate Printing'!D\"&((ROW()-2)*4)+3))","v":""},{"$f":"IF(INDIRECT(\"'MRO Certificate Printing'!E\"&((ROW()-2)*4)+3)=\"\",\"\",INDIRECT(\"'MRO Certificate Printing'!E\"&((ROW()-2)*4)+3))","v":""},{"$f":"IF(INDIRECT(\"'MRO Certificate Printing'!F\"&((ROW()-2)*4)+3)=\"\",\"\",INDIRECT(\"'MRO Certificate Printing'!F\"&((ROW()-2)*4)+3))","v":""},{"$f":"IF(INDIRECT(\"'MRO Certificate Printing'!B\"&((ROW()-2)*4)+3)=\"\",\"\",INDIRECT(\"'MRO Certificate Printing'!B\"&((ROW()-2)*4)+3))","v":""},{"$f":"IF(INDIRECT(\"'MRO Certificate Printing'!G\"&((ROW()-2)*4)+3)=\"\",\"\",INDIRECT(\"'MRO Certificate Printing'!G\"&((ROW()-2)*4)+3))","v":""},{"$f":"IF(INDIRECT(\"'MRO Certificate Printing'!J\"&((ROW()-2)*4)+3)=\"\",\"\",INDIRECT(\"'MRO Certificate Printing'!J\"&((ROW()-2)*4)+3))","v":""},{"$f":"IF(INDIRECT(\"'MRO Certificate Printing'!I\"&((ROW()-2)*4)+3)=\"\",\"\",INDIRECT(\"'MRO Certificate Printing'!I\"&((ROW()-2)*4)+3))","v":""},{"$f":"IF(INDIRECT(\"'MRO Certificate Printing'!K\"&((ROW()-2)*4)+3)=\"\",\"\",INDIRECT(\"'MRO Certificate Printing'!K\"&((ROW()-2)*4)+3))","v":""},null,{"$f":"IF(INDIRECT(\"'MRO Certificate Printing'!D\"&((ROW()-2)*4)+4)=\"\",\"\",INDIRECT(\"'MRO Certificate Printing'!D\"&((ROW()-2)*4)+4))","v":""},{"$f":"IF(INDIRECT(\"'MRO Certificate Printing'!E\"&((ROW()-2)*4)+4)=\"\",\"\",INDIRECT(\"'MRO Certificate Printing'!E\"&((ROW()-2)*4)+4))","v":""},{"$f":"IF(INDIRECT(\"'MRO Certificate Printing'!F\"&((ROW()-2)*4)+4)=\"\",\"\",INDIRECT(\"'MRO Certificate Printing'!F\"&((ROW()-2)*4)+4))","v":""},{"$f":"IF(INDIRECT(\"'MRO Certificate Printing'!B\"&((ROW()-2)*4)+4)=\"\",\"\",INDIRECT(\"'MRO Certificate Printing'!B\"&((ROW()-2)*4)+4))","v":""},{"$f":"IF(INDIRECT(\"'MRO Certificate Printing'!G\"&((ROW()-2)*4)+4)=\"\",\"\",INDIRECT(\"'MRO Certificate Printing'!G\"&((ROW()-2)*4)+4))","v":""},{"$f":"IF(INDIRECT(\"'MRO Certificate Printing'!J\"&((ROW()-2)*4)+4)=\"\",\"\",INDIRECT(\"'MRO Certificate Printing'!J\"&((ROW()-2)*4)+4))","v":""},{"$f":"IF(INDIRECT(\"'MRO Certificate Printing'!I\"&((ROW()-2)*4)+4)=\"\",\"\",INDIRECT(\"'MRO Certificate Printing'!I\"&((ROW()-2)*4)+4))","v":""},{"$f":"IF(INDIRECT(\"'MRO Certificate Printing'!K\"&((ROW()-2)*4)+4)=\"\",\"\",INDIRECT(\"'MRO Certificate Printing'!K\"&((ROW()-2)*4)+4))","v":""},null,{"$f":"IF(INDIRECT(\"'MRO Certificate Printing'!D\"&((ROW()-2)*4)+5)=\"\",\"\",INDIRECT(\"'MRO Certificate Printing'!D\"&((ROW()-2)*4)+5))","v":""},{"$f":"IF(INDIRECT(\"'MRO Certificate Printing'!E\"&((ROW()-2)*4)+5)=\"\",\"\",INDIRECT(\"'MRO Certificate Printing'!E\"&((ROW()-2)*4)+5))","v":""},{"$f":"IF(INDIRECT(\"'MRO Certificate Printing'!F\"&((ROW()-2)*4)+5)=\"\",\"\",INDIRECT(\"'MRO Certificate Printing'!F\"&((ROW()-2)*4)+5))","v":""},{"$f":"IF(INDIRECT(\"'MRO Certificate Printing'!B\"&((ROW()-2)*4)+5)=\"\",\"\",INDIRECT(\"'MRO Certificate Printing'!B\"&((ROW()-2)*4)+5))","v":""},{"$f":"IF(INDIRECT(\"'MRO Certificate Printing'!G\"&((ROW()-2)*4)+5)=\"\",\"\",INDIRECT(\"'MRO Certificate Printing'!G\"&((ROW()-2)*4)+5))","v":""},{"$f":"IF(INDIRECT(\"'MRO Certificate Printing'!J\"&((ROW()-2)*4)+5)=\"\",\"\",INDIRECT(\"'MRO Certificate Printing'!J\"&((ROW()-2)*4)+5))","v":""},{"$f":"IF(INDIRECT(\"'MRO Certificate Printing'!I\"&((ROW()-2)*4)+5)=\"\",\"\",INDIRECT(\"'MRO Certificate Printing'!I\"&((ROW()-2)*4)+5))","v":""},{"$f":"IF(INDIRECT(\"'MRO Certificate Printing'!K\"&((ROW()-2)*4)+5)=\"\",\"\",INDIRECT(\"'MRO Certificate Printing'!K\"&((ROW()-2)*4)+5))","v":""}]
["",{"$f":"IF(INDIRECT(\"'MRO Certificate Printing'!D\"&((ROW()-2)*4)+2)=\"\",\"\",INDIRECT(\"'MRO Certificate Printing'!D\"&((ROW()-2)*4)+2))","v":""},{"$f":"IF(INDIRECT(\"'MRO Certificate Printing'!E\"&((ROW()-2)*4)+2)=\"\",\"\",INDIRECT(\"'MRO Certificate Printing'!E\"&((ROW()-2)*4)+2))","v":""},{"$f":"IF(INDIRECT(\"'MRO Certificate Printing'!F\"&((ROW()-2)*4)+2)=\"\",\"\",INDIRECT(\"'MRO Certificate Printing'!F\"&((ROW()-2)*4)+2))","v":""},{"$f":"IF(INDIRECT(\"'MRO Certificate Printing'!B\"&((ROW()-2)*4)+2)=\"\",\"\",INDIRECT(\"'MRO Certificate Printing'!B\"&((ROW()-2)*4)+2))","v":""},{"$f":"IF(INDIRECT(\"'MRO Certificate Printing'!G\"&((ROW()-2)*4)+2)=\"\",\"\",INDIRECT(\"'MRO Certificate Printing'!G\"&((ROW()-2)*4)+2))","v":""},{"$f":"IF(INDIRECT(\"'MRO Certificate Printing'!J\"&((ROW()-2)*4)+2)=\"\",\"\",INDIRECT(\"'MRO Certificate Printing'!J\"&((ROW()-2)*4)+2))","v":""},{"$f":"IF(INDIRECT(\"'MRO Certificate Printing'!I\"&((ROW()-2)*4)+2)=\"\",\"\",INDIRECT(\"'MRO Certificate Printing'!I\"&((ROW()-2)*4)+2))","v":""},{"$f":"IF(INDIRECT(\"'MRO Certificate Printing'!K\"&((ROW()-2)*4)+2)=\"\",\"\",INDIRECT(\"'MRO Certificate Printing'!K\"&((ROW()-2)*4)+2))","v":""},null,{"$f":"IF(INDIRECT(\"'MRO Certificate Printing'!D\"&((ROW()-2)*4)+3)=\"\",\"\",INDIRECT(\"'MRO Certificate Printing'!D\"&((ROW()-2)*4)+3))","v":""},{"$f":"IF(INDIRECT(\"'MRO Certificate Printing'!E\"&((ROW()-2)*4)+3)=\"\",\"\",INDIRECT(\"'MRO Certificate Printing'!E\"&((ROW()-2)*4)+3))","v":""},{"$f":"IF(INDIRECT(\"'MRO Certificate Printing'!F\"&((ROW()-2)*4)+3)=\"\",\"\",INDIRECT(\"'MRO Certificate Printing'!F\"&((ROW()-2)*4)+3))","v":""},{"$f":"IF(INDIRECT(\"'MRO Certificate Printing'!B\"&((ROW()-2)*4)+3)=\"\",\"\",INDIRECT(\"'MRO Certificate Printing'!B\"&((ROW()-2)*4)+3))","v":""},{"$f":"IF(INDIRECT(\"'MRO Certificate Printing'!G\"&((ROW()-2)*4)+3)=\"\",\"\",INDIRECT(\"'MRO Certificate Printing'!G\"&((ROW()-2)*4)+3))","v":""},{"$f":"IF(INDIRECT(\"'MRO Certificate Printing'!J\"&((ROW()-2)*4)+3)=\"\",\"\",INDIRECT(\"'MRO Certificate Printing'!J\"&((ROW()-2)*4)+3))","v":""},{"$f":"IF(INDIRECT(\"'MRO Certificate Printing'!I\"&((ROW()-2)*4)+3)=\"\",\"\",INDIRECT(\"'MRO Certificate Printing'!I\"&((ROW()-2)*4)+3))","v":""},{"$f":"IF(INDIRECT(\"'MRO Certificate Printing'!K\"&((ROW()-2)*4)+3)=\"\",\"\",INDIRECT(\"'MRO Certificate Printing'!K\"&((ROW()-2)*4)+3))","v":""},null,{"$f":"IF(INDIRECT(\"'MRO Certificate Printing'!D\"&((ROW()-2)*4)+4)=\"\",\"\",INDIRECT(\"'MRO Certificate Printing'!D\"&((ROW()-2)*4)+4))","v":""},{"$f":"IF(INDIRECT(\"'MRO Certificate Printing'!E\"&((ROW()-2)*4)+4)=\"\",\"\",INDIRECT(\"'MRO Certificate Printing'!E\"&((ROW()-2)*4)+4))","v":""},{"$f":"IF(INDIRECT(\"'MRO Certificate Printing'!F\"&((ROW()-2)*4)+4)=\"\",\"\",INDIRECT(\"'MRO Certificate Printing'!F\"&((ROW()-2)*4)+4))","v":""},{"$f":"IF(INDIRECT(\"'MRO Certificate Printing'!B\"&((ROW()-2)*4)+4)=\"\",\"\",INDIRECT(\"'MRO Certificate Printing'!B\"&((ROW()-2)*4)+4))","v":""},{"$f":"IF(INDIRECT(\"'MRO Certificate Printing'!G\"&((ROW()-2)*4)+4)=\"\",\"\",INDIRECT(\"'MRO Certificate Printing'!G\"&((ROW()-2)*4)+4))","v":""},{"$f":"IF(INDIRECT(\"'MRO Certificate Printing'!J\"&((ROW()-2)*4)+4)=\"\",\"\",INDIRECT(\"'MRO Certificate Printing'!J\"&((ROW()-2)*4)+4))","v":""},{"$f":"IF(INDIRECT(\"'MRO Certificate Printing'!I\"&((ROW()-2)*4)+4)=\"\",\"\",INDIRECT(\"'MRO Certificate Printing'!I\"&((ROW()-2)*4)+4))","v":""},{"$f":"IF(INDIRECT(\"'MRO Certificate Printing'!K\"&((ROW()-2)*4)+4)=\"\",\"\",INDIRECT(\"'MRO Certificate Printing'!K\"&((ROW()-2)*4)+4))","v":""},null,{"$f":"IF(INDIRECT(\"'MRO Certificate Printing'!D\"&((ROW()-2)*4)+5)=\"\",\"\",INDIRECT(\"'MRO Certificate Printing'!D\"&((ROW()-2)*4)+5))","v":""},{"$f":"IF(INDIRECT(\"'MRO Certificate Printing'!E\"&((ROW()-2)*4)+5)=\"\",\"\",INDIRECT(\"'MRO Certificate Printing'!E\"&((ROW()-2)*4)+5))","v":""},{"$f":"IF(INDIRECT(\"'MRO Certificate Printing'!F\"&((ROW()-2)*4)+5)=\"\",\"\",INDIRECT(\"'MRO Certificate Printing'!F\"&((ROW()-2)*4)+5))","v":""},{"$f":"IF(INDIRECT(\"'MRO Certificate Printing'!B\"&((ROW()-2)*4)+5)=\"\",\"\",INDIRECT(\"'MRO Certificate Printing'!B\"&((ROW()-2)*4)+5))","v":""},{"$f":"IF(INDIRECT(\"'MRO Certificate Printing'!G\"&((ROW()-2)*4)+5)=\"\",\"\",INDIRECT(\"'MRO Certificate Printing'!G\"&((ROW()-2)*4)+5))","v":""},{"$f":"IF(INDIRECT(\"'MRO Certificate Printing'!J\"&((ROW()-2)*4)+5)=\"\",\"\",INDIRECT(\"'MRO Certificate Printing'!J\"&((ROW()-2)*4)+5))","v":""},{"$f":"IF(INDIRECT(\"'MRO Certificate Printing'!I\"&((ROW()-2)*4)+5)=\"\",\"\",INDIRECT(\"'MRO Certificate Printing'!I\"&((ROW()-2)*4)+5))","v":""},{"$f":"IF(INDIRECT(\"'MRO Certificate Printing'!K\"&((ROW()-2)*4)+5)=\"\",\"\",INDIRECT(\"'MRO Certificate Printing'!K\"&((ROW()-2)*4)+5))","v":""}]
["",{"$f":"IF(INDIRECT(\"'MRO Certificate Printing'!D\"&((ROW()-2)*4)+2)=\"\",\"\",INDIRECT(\"'MRO Certificate Printing'!D\"&((ROW()-2)*4)+2))","v":""},{"$f":"IF(INDIRECT(\"'MRO Certificate Printing'!E\"&((ROW()-2)*4)+2)=\"\",\"\",INDIRECT(\"'MRO Certificate Printing'!E\"&((ROW()-2)*4)+2))","v":""},{"$f":"IF(INDIRECT(\"'MRO Certificate Printing'!F\"&((ROW()-2)*4)+2)=\"\",\"\",INDIRECT(\"'MRO Certificate Printing'!F\"&((ROW()-2)*4)+2))","v":""},{"$f":"IF(INDIRECT(\"'MRO Certificate Printing'!B\"&((ROW()-2)*4)+2)=\"\",\"\",INDIRECT(\"'MRO Certificate Printing'!B\"&((ROW()-2)*4)+2))","v":""},{"$f":"IF(INDIRECT(\"'MRO Certificate Printing'!G\"&((ROW()-2)*4)+2)=\"\",\"\",INDIRECT(\"'MRO Certificate Printing'!G\"&((ROW()-2)*4)+2))","v":""},{"$f":"IF(INDIRECT(\"'MRO Certificate Printing'!J\"&((ROW()-2)*4)+2)=\"\",\"\",INDIRECT(\"'MRO Certificate Printing'!J\"&((ROW()-2)*4)+2))","v":""},{"$f":"IF(INDIRECT(\"'MRO Certificate Printing'!I\"&((ROW()-2)*4)+2)=\"\",\"\",INDIRECT(\"'MRO Certificate Printing'!I\"&((ROW()-2)*4)+2))","v":""},{"$f":"IF(INDIRECT(\"'MRO Certificate Printing'!K\"&((ROW()-2)*4)+2)=\"\",\"\",INDIRECT(\"'MRO Certificate Printing'!K\"&((ROW()-2)*4)+2))","v":""},null,{"$f":"IF(INDIRECT(\"'MRO Certificate Printing'!D\"&((ROW()-2)*4)+3)=\"\",\"\",INDIRECT(\"'MRO Certificate Printing'!D\"&((ROW()-2)*4)+3))","v":""},{"$f":"IF(INDIRECT(\"'MRO Certificate Printing'!E\"&((ROW()-2)*4)+3)=\"\",\"\",INDIRECT(\"'MRO Certificate Printing'!E\"&((ROW()-2)*4)+3))","v":""},{"$f":"IF(INDIRECT(\"'MRO Certificate Printing'!F\"&((ROW()-2)*4)+3)=\"\",\"\",INDIRECT(\"'MRO Certificate Printing'!F\"&((ROW()-2)*4)+3))","v":""},{"$f":"IF(INDIRECT(\"'MRO Certificate Printing'!B\"&((ROW()-2)*4)+3)=\"\",\"\",INDIRECT(\"'MRO Certificate Printing'!B\"&((ROW()-2)*4)+3))","v":""},{"$f":"IF(INDIRECT(\"'MRO Certificate Printing'!G\"&((ROW()-2)*4)+3)=\"\",\"\",INDIRECT(\"'MRO Certificate Printing'!G\"&((ROW()-2)*4)+3))","v":""},{"$f":"IF(INDIRECT(\"'MRO Certificate Printing'!J\"&((ROW()-2)*4)+3)=\"\",\"\",INDIRECT(\"'MRO Certificate Printing'!J\"&((ROW()-2)*4)+3))","v":""},{"$f":"IF(INDIRECT(\"'MRO Certificate Printing'!I\"&((ROW()-2)*4)+3)=\"\",\"\",INDIRECT(\"'MRO Certificate Printing'!I\"&((ROW()-2)*4)+3))","v":""},{"$f":"IF(INDIRECT(\"'MRO Certificate Printing'!K\"&((ROW()-2)*4)+3)=\"\",\"\",INDIRECT(\"'MRO Certificate Printing'!K\"&((ROW()-2)*4)+3))","v":""},null,{"$f":"IF(INDIRECT(\"'MRO Certificate Printing'!D\"&((ROW()-2)*4)+4)=\"\",\"\",INDIRECT(\"'MRO Certificate Printing'!D\"&((ROW()-2)*4)+4))","v":""},{"$f":"IF(INDIRECT(\"'MRO Certificate Printing'!E\"&((ROW()-2)*4)+4)=\"\",\"\",INDIRECT(\"'MRO Certificate Printing'!E\"&((ROW()-2)*4)+4))","v":""},{"$f":"IF(INDIRECT(\"'MRO Certificate Printing'!F\"&((ROW()-2)*4)+4)=\"\",\"\",INDIRECT(\"'MRO Certificate Printing'!F\"&((ROW()-2)*4)+4))","v":""},{"$f":"IF(INDIRECT(\"'MRO Certificate Printing'!B\"&((ROW()-2)*4)+4)=\"\",\"\",INDIRECT(\"'MRO Certificate Printing'!B\"&((ROW()-2)*4)+4))","v":""},{"$f":"IF(INDIRECT(\"'MRO Certificate Printing'!G\"&((ROW()-2)*4)+4)=\"\",\"\",INDIRECT(\"'MRO Certificate Printing'!G\"&((ROW()-2)*4)+4))","v":""},{"$f":"IF(INDIRECT(\"'MRO Certificate Printing'!J\"&((ROW()-2)*4)+4)=\"\",\"\",INDIRECT(\"'MRO Certificate Printing'!J\"&((ROW()-2)*4)+4))","v":""},{"$f":"IF(INDIRECT(\"'MRO Certificate Printing'!I\"&((ROW()-2)*4)+4)=\"\",\"\",INDIRECT(\"'MRO Certificate Printing'!I\"&((ROW()-2)*4)+4))","v":""},{"$f":"IF(INDIRECT(\"'MRO Certificate Printing'!K\"&((ROW()-2)*4)+4)=\"\",\"\",INDIRECT(\"'MRO Certificate Printing'!K\"&((ROW()-2)*4)+4))","v":""},null,{"$f":"IF(INDIRECT(\"'MRO Certificate Printing'!D\"&((ROW()-2)*4)+5)=\"\",\"\",INDIRECT(\"'MRO Certificate Printing'!D\"&((ROW()-2)*4)+5))","v":""},{"$f":"IF(INDIRECT(\"'MRO Certificate Printing'!E\"&((ROW()-2)*4)+5)=\"\",\"\",INDIRECT(\"'MRO Certificate Printing'!E\"&((ROW()-2)*4)+5))","v":""},{"$f":"IF(INDIRECT(\"'MRO Certificate Printing'!F\"&((ROW()-2)*4)+5)=\"\",\"\",INDIRECT(\"'MRO Certificate Printing'!F\"&((ROW()-2)*4)+5))","v":""},{"$f":"IF(INDIRECT(\"'MRO Certificate Printing'!B\"&((ROW()-2)*4)+5)=\"\",\"\",INDIRECT(\"'MRO Certificate Printing'!B\"&((ROW()-2)*4)+5))","v":""},{"$f":"IF(INDIRECT(\"'MRO Certificate Printing'!G\"&((ROW()-2)*4)+5)=\"\",\"\",INDIRECT(\"'MRO Certificate Printing'!G\"&((ROW()-2)*4)+5))","v":""},{"$f":"IF(INDIRECT(\"'MRO Certificate Printing'!J\"&((ROW()-2)*4)+5)=\"\",\"\",INDIRECT(\"'MRO Certificate Printing'!J\"&((ROW()-2)*4)+5))","v":""},{"$f":"IF(INDIRECT(\"'MRO Certificate Printing'!I\"&((ROW()-2)*4)+5)=\"\",\"\",INDIRECT(\"'MRO Certificate Printing'!I\"&((ROW()-2)*4)+5))","v":""},{"$f":"IF(INDIRECT(\"'MRO Certificate Printing'!K\"&((ROW()-2)*4)+5)=\"\",\"\",INDIRECT(\"'MRO Certificate Printing'!K\"&((ROW()-2)*4)+5))","v":""}]
["",{"$f":"IF(INDIRECT(\"'MRO Certificate Printing'!D\"&((ROW()-2)*4)+2)=\"\",\"\",INDIRECT(\"'MRO Certificate Printing'!D\"&((ROW()-2)*4)+2))","v":""},{"$f":"IF(INDIRECT(\"'MRO Certificate Printing'!E\"&((ROW()-2)*4)+2)=\"\",\"\",INDIRECT(\"'MRO Certificate Printing'!E\"&((ROW()-2)*4)+2))","v":""},{"$f":"IF(INDIRECT(\"'MRO Certificate Printing'!F\"&((ROW()-2)*4)+2)=\"\",\"\",INDIRECT(\"'MRO Certificate Printing'!F\"&((ROW()-2)*4)+2))","v":""},{"$f":"IF(INDIRECT(\"'MRO Certificate Printing'!B\"&((ROW()-2)*4)+2)=\"\",\"\",INDIRECT(\"'MRO Certificate Printing'!B\"&((ROW()-2)*4)+2))","v":""},{"$f":"IF(INDIRECT(\"'MRO Certificate Printing'!G\"&((ROW()-2)*4)+2)=\"\",\"\",INDIRECT(\"'MRO Certificate Printing'!G\"&((ROW()-2)*4)+2))","v":""},{"$f":"IF(INDIRECT(\"'MRO Certificate Printing'!J\"&((ROW()-2)*4)+2)=\"\",\"\",INDIRECT(\"'MRO Certificate Printing'!J\"&((ROW()-2)*4)+2))","v":""},{"$f":"IF(INDIRECT(\"'MRO Certificate Printing'!I\"&((ROW()-2)*4)+2)=\"\",\"\",INDIRECT(\"'MRO Certificate Printing'!I\"&((ROW()-2)*4)+2))","v":""},{"$f":"IF(INDIRECT(\"'MRO Certificate Printing'!K\"&((ROW()-2)*4)+2)=\"\",\"\",INDIRECT(\"'MRO Certificate Printing'!K\"&((ROW()-2)*4)+2))","v":""},null,{"$f":"IF(INDIRECT(\"'MRO Certificate Printing'!D\"&((ROW()-2)*4)+3)=\"\",\"\",INDIRECT(\"'MRO Certificate Printing'!D\"&((ROW()-2)*4)+3))","v":""},{"$f":"IF(INDIRECT(\"'MRO Certificate Printing'!E\"&((ROW()-2)*4)+3)=\"\",\"\",INDIRECT(\"'MRO Certificate Printing'!E\"&((ROW()-2)*4)+3))","v":""},{"$f":"IF(INDIRECT(\"'MRO Certificate Printing'!F\"&((ROW()-2)*4)+3)=\"\",\"\",INDIRECT(\"'MRO Certificate Printing'!F\"&((ROW()-2)*4)+3))","v":""},{"$f":"IF(INDIRECT(\"'MRO Certificate Printing'!B\"&((ROW()-2)*4)+3)=\"\",\"\",INDIRECT(\"'MRO Certificate Printing'!B\"&((ROW()-2)*4)+3))","v":""},{"$f":"IF(INDIRECT(\"'MRO Certificate Printing'!G\"&((ROW()-2)*4)+3)=\"\",\"\",INDIRECT(\"'MRO Certificate Printing'!G\"&((ROW()-2)*4)+3))","v":""},{"$f":"IF(INDIRECT(\"'MRO Certificate Printing'!J\"&((ROW()-2)*4)+3)=\"\",\"\",INDIRECT(\"'MRO Certificate Printing'!J\"&((ROW()-2)*4)+3))","v":""},{"$f":"IF(INDIRECT(\"'MRO Certificate Printing'!I\"&((ROW()-2)*4)+3)=\"\",\"\",INDIRECT(\"'MRO Certificate Printing'!I\"&((ROW()-2)*4)+3))","v":""},{"$f":"IF(INDIRECT(\"'MRO Certificate Printing'!K\"&((ROW()-2)*4)+3)=\"\",\"\",INDIRECT(\"'MRO Certificate Printing'!K\"&((ROW()-2)*4)+3))","v":""},null,{"$f":"IF(INDIRECT(\"'MRO Certificate Printing'!D\"&((ROW()-2)*4)+4)=\"\",\"\",INDIRECT(\"'MRO Certificate Printing'!D\"&((ROW()-2)*4)+4))","v":""},{"$f":"IF(INDIRECT(\"'MRO Certificate Printing'!E\"&((ROW()-2)*4)+4)=\"\",\"\",INDIRECT(\"'MRO Certificate Printing'!E\"&((ROW()-2)*4)+4))","v":""},{"$f":"IF(INDIRECT(\"'MRO Certificate Printing'!F\"&((ROW()-2)*4)+4)=\"\",\"\",INDIRECT(\"'MRO Certificate Printing'!F\"&((ROW()-2)*4)+4))","v":""},{"$f":"IF(INDIRECT(\"'MRO Certificate Printing'!B\"&((ROW()-2)*4)+4)=\"\",\"\",INDIRECT(\"'MRO Certificate Printing'!B\"&((ROW()-2)*4)+4))","v":""},{"$f":"IF(INDIRECT(\"'MRO Certificate Printing'!G\"&((ROW()-2)*4)+4)=\"\",\"\",INDIRECT(\"'MRO Certificate Printing'!G\"&((ROW()-2)*4)+4))","v":""},{"$f":"IF(INDIRECT(\"'MRO Certificate Printing'!J\"&((ROW()-2)*4)+4)=\"\",\"\",INDIRECT(\"'MRO Certificate Printing'!J\"&((ROW()-2)*4)+4))","v":""},{"$f":"IF(INDIRECT(\"'MRO Certificate Printing'!I\"&((ROW()-2)*4)+4)=\"\",\"\",INDIRECT(\"'MRO Certificate Printing'!I\"&((ROW()-2)*4)+4))","v":""},{"$f":"IF(INDIRECT(\"'MRO Certificate Printing'!K\"&((ROW()-2)*4)+4)=\"\",\"\",INDIRECT(\"'MRO Certificate Printing'!K\"&((ROW()-2)*4)+4))","v":""},null,{"$f":"IF(INDIRECT(\"'MRO Certificate Printing'!D\"&((ROW()-2)*4)+5)=\"\",\"\",INDIRECT(\"'MRO Certificate Printing'!D\"&((ROW()-2)*4)+5))","v":""},{"$f":"IF(INDIRECT(\"'MRO Certificate Printing'!E\"&((ROW()-2)*4)+5)=\"\",\"\",INDIRECT(\"'MRO Certificate Printing'!E\"&((ROW()-2)*4)+5))","v":""},{"$f":"IF(INDIRECT(\"'MRO Certificate Printing'!F\"&((ROW()-2)*4)+5)=\"\",\"\",INDIRECT(\"'MRO Certificate Printing'!F\"&((ROW()-2)*4)+5))","v":""},{"$f":"IF(INDIRECT(\"'MRO Certificate Printing'!B\"&((ROW()-2)*4)+5)=\"\",\"\",INDIRECT(\"'MRO Certificate Printing'!B\"&((ROW()-2)*4)+5))","v":""},{"$f":"IF(INDIRECT(\"'MRO Certificate Printing'!G\"&((ROW()-2)*4)+5)=\"\",\"\",INDIRECT(\"'MRO Certificate Printing'!G\"&((ROW()-2)*4)+5))","v":""},{"$f":"IF(INDIRECT(\"'MRO Certificate Printing'!J\"&((ROW()-2)*4)+5)=\"\",\"\",INDIRECT(\"'MRO Certificate Printing'!J\"&((ROW()-2)*4)+5))","v":""},{"$f":"IF(INDIRECT(\"'MRO Certificate Printing'!I\"&((ROW()-2)*4)+5)=\"\",\"\",INDIRECT(\"'MRO Certificate Printing'!I\"&((ROW()-2)*4)+5))","v":""},{"$f":"IF(INDIRECT(\"'MRO Certificate Printing'!K\"&((ROW()-2)*4)+5)=\"\",\"\",INDIRECT(\"'MRO Certificate Printing'!K\"&((ROW()-2)*4)+5))","v":""}]
["",{"$f":"IF(INDIRECT(\"'MRO Certificate Printing'!D\"&((ROW()-2)*4)+2)=\"\",\"\",INDIRECT(\"'MRO Certificate Printing'!D\"&((ROW()-2)*4)+2))","v":""},{"$f":"IF(INDIRECT(\"'MRO Certificate Printing'!E\"&((ROW()-2)*4)+2)=\"\",\"\",INDIRECT(\"'MRO Certificate Printing'!E\"&((ROW()-2)*4)+2))","v":""},{"$f":"IF(INDIRECT(\"'MRO Certificate Printing'!F\"&((ROW()-2)*4)+2)=\"\",\"\",INDIRECT(\"'MRO Certificate Printing'!F\"&((ROW()-2)*4)+2))","v":""},{"$f":"IF(INDIRECT(\"'MRO Certificate Printing'!B\"&((ROW()-2)*4)+2)=\"\",\"\",INDIRECT(\"'MRO Certificate Printing'!B\"&((ROW()-2)*4)+2))","v":""},{"$f":"IF(INDIRECT(\"'MRO Certificate Printing'!G\"&((ROW()-2)*4)+2)=\"\",\"\",INDIRECT(\"'MRO Certificate Printing'!G\"&((ROW()-2)*4)+2))","v":""},{"$f":"IF(INDIRECT(\"'MRO Certificate Printing'!J\"&((ROW()-2)*4)+2)=\"\",\"\",INDIRECT(\"'MRO Certificate Printing'!J\"&((ROW()-2)*4)+2))","v":""},{"$f":"IF(INDIRECT(\"'MRO Certificate Printing'!I\"&((ROW()-2)*4)+2)=\"\",\"\",INDIRECT(\"'MRO Certificate Printing'!I\"&((ROW()-2)*4)+2))","v":""},{"$f":"IF(INDIRECT(\"'MRO Certificate Printing'!K\"&((ROW()-2)*4)+2)=\"\",\"\",INDIRECT(\"'MRO Certificate Printing'!K\"&((ROW()-2)*4)+2))","v":""},null,{"$f":"IF(INDIRECT(\"'MRO Certificate Printing'!D\"&((ROW()-2)*4)+3)=\"\",\"\",INDIRECT(\"'MRO Certificate Printing'!D\"&((ROW()-2)*4)+3))","v":""},{"$f":"IF(INDIRECT(\"'MRO Certificate Printing'!E\"&((ROW()-2)*4)+3)=\"\",\"\",INDIRECT(\"'MRO Certificate Printing'!E\"&((ROW()-2)*4)+3))","v":""},{"$f":"IF(INDIRECT(\"'MRO Certificate Printing'!F\"&((ROW()-2)*4)+3)=\"\",\"\",INDIRECT(\"'MRO Certificate Printing'!F\"&((ROW()-2)*4)+3))","v":""},{"$f":"IF(INDIRECT(\"'MRO Certificate Printing'!B\"&((ROW()-2)*4)+3)=\"\",\"\",INDIRECT(\"'MRO Certificate Printing'!B\"&((ROW()-2)*4)+3))","v":""},{"$f":"IF(INDIRECT(\"'MRO Certificate Printing'!G\"&((ROW()-2)*4)+3)=\"\",\"\",INDIRECT(\"'MRO Certificate Printing'!G\"&((ROW()-2)*4)+3))","v":""},{"$f":"IF(INDIRECT(\"'MRO Certificate Printing'!J\"&((ROW()-2)*4)+3)=\"\",\"\",INDIRECT(\"'MRO Certificate Printing'!J\"&((ROW()-2)*4)+3))","v":""},{"$f":"IF(INDIRECT(\"'MRO Certificate Printing'!I\"&((ROW()-2)*4)+3)=\"\",\"\",INDIRECT(\"'MRO Certificate Printing'!I\"&((ROW()-2)*4)+3))","v":""},{"$f":"IF(INDIRECT(\"'MRO Certificate Printing'!K\"&((ROW()-2)*4)+3)=\"\",\"\",INDIRECT(\"'MRO Certificate Printing'!K\"&((ROW()-2)*4)+3))","v":""},null,{"$f":"IF(INDIRECT(\"'MRO Certificate Printing'!D\"&((ROW()-2)*4)+4)=\"\",\"\",INDIRECT(\"'MRO Certificate Printing'!D\"&((ROW()-2)*4)+4))","v":""},{"$f":"IF(INDIRECT(\"'MRO Certificate Printing'!E\"&((ROW()-2)*4)+4)=\"\",\"\",INDIRECT(\"'MRO Certificate Printing'!E\"&((ROW()-2)*4)+4))","v":""},{"$f":"IF(INDIRECT(\"'MRO Certificate Printing'!F\"&((ROW()-2)*4)+4)=\"\",\"\",INDIRECT(\"'MRO Certificate Printing'!F\"&((ROW()-2)*4)+4))","v":""},{"$f":"IF(INDIRECT(\"'MRO Certificate Printing'!B\"&((ROW()-2)*4)+4)=\"\",\"\",INDIRECT(\"'MRO Certificate Printing'!B\"&((ROW()-2)*4)+4))","v":""},{"$f":"IF(INDIRECT(\"'MRO Certificate Printing'!G\"&((ROW()-2)*4)+4)=\"\",\"\",INDIRECT(\"'MRO Certificate Printing'!G\"&((ROW()-2)*4)+4))","v":""},{"$f":"IF(INDIRECT(\"'MRO Certificate Printing'!J\"&((ROW()-2)*4)+4)=\"\",\"\",INDIRECT(\"'MRO Certificate Printing'!J\"&((ROW()-2)*4)+4))","v":""},{"$f":"IF(INDIRECT(\"'MRO Certificate Printing'!I\"&((ROW()-2)*4)+4)=\"\",\"\",INDIRECT(\"'MRO Certificate Printing'!I\"&((ROW()-2)*4)+4))","v":""},{"$f":"IF(INDIRECT(\"'MRO Certificate Printing'!K\"&((ROW()-2)*4)+4)=\"\",\"\",INDIRECT(\"'MRO Certificate Printing'!K\"&((ROW()-2)*4)+4))","v":""},null,{"$f":"IF(INDIRECT(\"'MRO Certificate Printing'!D\"&((ROW()-2)*4)+5)=\"\",\"\",INDIRECT(\"'MRO Certificate Printing'!D\"&((ROW()-2)*4)+5))","v":""},{"$f":"IF(INDIRECT(\"'MRO Certificate Printing'!E\"&((ROW()-2)*4)+5)=\"\",\"\",INDIRECT(\"'MRO Certificate Printing'!E\"&((ROW()-2)*4)+5))","v":""},{"$f":"IF(INDIRECT(\"'MRO Certificate Printing'!F\"&((ROW()-2)*4)+5)=\"\",\"\",INDIRECT(\"'MRO Certificate Printing'!F\"&((ROW()-2)*4)+5))","v":""},{"$f":"IF(INDIRECT(\"'MRO Certificate Printing'!B\"&((ROW()-2)*4)+5)=\"\",\"\",INDIRECT(\"'MRO Certificate Printing'!B\"&((ROW()-2)*4)+5))","v":""},{"$f":"IF(INDIRECT(\"'MRO Certificate Printing'!G\"&((ROW()-2)*4)+5)=\"\",\"\",INDIRECT(\"'MRO Certificate Printing'!G\"&((ROW()-2)*4)+5))","v":""},{"$f":"IF(INDIRECT(\"'MRO Certificate Printing'!J\"&((ROW()-2)*4)+5)=\"\",\"\",INDIRECT(\"'MRO Certificate Printing'!J\"&((ROW()-2)*4)+5))","v":""},{"$f":"IF(INDIRECT(\"'MRO Certificate Printing'!I\"&((ROW()-2)*4)+5)=\"\",\"\",INDIRECT(\"'MRO Certificate Printing'!I\"&((ROW()-2)*4)+5))","v":""},{"$f":"IF(INDIRECT(\"'MRO Certificate Printing'!K\"&((ROW()-2)*4)+5)=\"\",\"\",INDIRECT(\"'MRO Certificate Printing'!K\"&((ROW()-2)*4)+5))","v":""}]
["",{"$f":"IF(INDIRECT(\"'MRO Certificate Printing'!D\"&((ROW()-2)*4)+2)=\"\",\"\",INDIRECT(\"'MRO Certificate Printing'!D\"&((ROW()-2)*4)+2))","v":""},{"$f":"IF(INDIRECT(\"'MRO Certificate Printing'!E\"&((ROW()-2)*4)+2)=\"\",\"\",INDIRECT(\"'MRO Certificate Printing'!E\"&((ROW()-2)*4)+2))","v":""},{"$f":"IF(INDIRECT(\"'MRO Certificate Printing'!F\"&((ROW()-2)*4)+2)=\"\",\"\",INDIRECT(\"'MRO Certificate Printing'!F\"&((ROW()-2)*4)+2))","v":""},{"$f":"IF(INDIRECT(\"'MRO Certificate Printing'!B\"&((ROW()-2)*4)+2)=\"\",\"\",INDIRECT(\"'MRO Certificate Printing'!B\"&((ROW()-2)*4)+2))","v":""},{"$f":"IF(INDIRECT(\"'MRO Certificate Printing'!G\"&((ROW()-2)*4)+2)=\"\",\"\",INDIRECT(\"'MRO Certificate Printing'!G\"&((ROW()-2)*4)+2))","v":""},{"$f":"IF(INDIRECT(\"'MRO Certificate Printing'!J\"&((ROW()-2)*4)+2)=\"\",\"\",INDIRECT(\"'MRO Certificate Printing'!J\"&((ROW()-2)*4)+2))","v":""},{"$f":"IF(INDIRECT(\"'MRO Certificate Printing'!I\"&((ROW()-2)*4)+2)=\"\",\"\",INDIRECT(\"'MRO Certificate Printing'!I\"&((ROW()-2)*4)+2))","v":""},{"$f":"IF(INDIRECT(\"'MRO Certificate Printing'!K\"&((ROW()-2)*4)+2)=\"\",\"\",INDIRECT(\"'MRO Certificate Printing'!K\"&((ROW()-2)*4)+2))","v":""},null,{"$f":"IF(INDIRECT(\"'MRO Certificate Printing'!D\"&((ROW()-2)*4)+3)=\"\",\"\",INDIRECT(\"'MRO Certificate Printing'!D\"&((ROW()-2)*4)+3))","v":""},{"$f":"IF(INDIRECT(\"'MRO Certificate Printing'!E\"&((ROW()-2)*4)+3)=\"\",\"\",INDIRECT(\"'MRO Certificate Printing'!E\"&((ROW()-2)*4)+3))","v":""},{"$f":"IF(INDIRECT(\"'MRO Certificate Printing'!F\"&((ROW()-2)*4)+3)=\"\",\"\",INDIRECT(\"'MRO Certificate Printing'!F\"&((ROW()-2)*4)+3))","v":""},{"$f":"IF(INDIRECT(\"'MRO Certificate Printing'!B\"&((ROW()-2)*4)+3)=\"\",\"\",INDIRECT(\"'MRO Certificate Printing'!B\"&((ROW()-2)*4)+3))","v":""},{"$f":"IF(INDIRECT(\"'MRO Certificate Printing'!G\"&((ROW()-2)*4)+3)=\"\",\"\",INDIRECT(\"'MRO Certificate Printing'!G\"&((ROW()-2)*4)+3))","v":""},{"$f":"IF(INDIRECT(\"'MRO Certificate Printing'!J\"&((ROW()-2)*4)+3)=\"\",\"\",INDIRECT(\"'MRO Certificate Printing'!J\"&((ROW()-2)*4)+3))","v":""},{"$f":"IF(INDIRECT(\"'MRO Certificate Printing'!I\"&((ROW()-2)*4)+3)=\"\",\"\",INDIRECT(\"'MRO Certificate Printing'!I\"&((ROW()-2)*4)+3))","v":""},{"$f":"IF(INDIRECT(\"'MRO Certificate Printing'!K\"&((ROW()-2)*4)+3)=\"\",\"\",INDIRECT(\"'MRO Certificate Printing'!K\"&((ROW()-2)*4)+3))","v":""},null,{"$f":"IF(INDIRECT(\"'MRO Certificate Printing'!D\"&((ROW()-2)*4)+4)=\"\",\"\",INDIRECT(\"'MRO Certificate Printing'!D\"&((ROW()-2)*4)+4))","v":""},{"$f":"IF(INDIRECT(\"'MRO Certificate Printing'!E\"&((ROW()-2)*4)+4)=\"\",\"\",INDIRECT(\"'MRO Certificate Printing'!E\"&((ROW()-2)*4)+4))","v":""},{"$f":"IF(INDIRECT(\"'MRO Certificate Printing'!F\"&((ROW()-2)*4)+4)=\"\",\"\",INDIRECT(\"'MRO Certificate Printing'!F\"&((ROW()-2)*4)+4))","v":""},{"$f":"IF(INDIRECT(\"'MRO Certificate Printing'!B\"&((ROW()-2)*4)+4)=\"\",\"\",INDIRECT(\"'MRO Certificate Printing'!B\"&((ROW()-2)*4)+4))","v":""},{"$f":"IF(INDIRECT(\"'MRO Certificate Printing'!G\"&((ROW()-2)*4)+4)=\"\",\"\",INDIRECT(\"'MRO Certificate Printing'!G\"&((ROW()-2)*4)+4))","v":""},{"$f":"IF(INDIRECT(\"'MRO Certificate Printing'!J\"&((ROW()-2)*4)+4)=\"\",\"\",INDIRECT(\"'MRO Certificate Printing'!J\"&((ROW()-2)*4)+4))","v":""},{"$f":"IF(INDIRECT(\"'MRO Certificate Printing'!I\"&((ROW()-2)*4)+4)=\"\",\"\",INDIRECT(\"'MRO Certificate Printing'!I\"&((ROW()-2)*4)+4))","v":""},{"$f":"IF(INDIRECT(\"'MRO Certificate Printing'!K\"&((ROW()-2)*4)+4)=\"\",\"\",INDIRECT(\"'MRO Certificate Printing'!K\"&((ROW()-2)*4)+4))","v":""},null,{"$f":"IF(INDIRECT(\"'MRO Certificate Printing'!D\"&((ROW()-2)*4)+5)=\"\",\"\",INDIRECT(\"'MRO Certificate Printing'!D\"&((ROW()-2)*4)+5))","v":""},{"$f":"IF(INDIRECT(\"'MRO Certificate Printing'!E\"&((ROW()-2)*4)+5)=\"\",\"\",INDIRECT(\"'MRO Certificate Printing'!E\"&((ROW()-2)*4)+5))","v":""},{"$f":"IF(INDIRECT(\"'MRO Certificate Printing'!F\"&((ROW()-2)*4)+5)=\"\",\"\",INDIRECT(\"'MRO Certificate Printing'!F\"&((ROW()-2)*4)+5))","v":""},{"$f":"IF(INDIRECT(\"'MRO Certificate Printing'!B\"&((ROW()-2)*4)+5)=\"\",\"\",INDIRECT(\"'MRO Certificate Printing'!B\"&((ROW()-2)*4)+5))","v":""},{"$f":"IF(INDIRECT(\"'MRO Certificate Printing'!G\"&((ROW()-2)*4)+5)=\"\",\"\",INDIRECT(\"'MRO Certificate Printing'!G\"&((ROW()-2)*4)+5))","v":""},{"$f":"IF(INDIRECT(\"'MRO Certificate Printing'!J\"&((ROW()-2)*4)+5)=\"\",\"\",INDIRECT(\"'MRO Certificate Printing'!J\"&((ROW()-2)*4)+5))","v":""},{"$f":"IF(INDIRECT(\"'MRO Certificate Printing'!I\"&((ROW()-2)*4)+5)=\"\",\"\",INDIRECT(\"'MRO Certificate Printing'!I\"&((ROW()-2)*4)+5))","v":""},{"$f":"IF(INDIRECT(\"'MRO Certificate Printing'!K\"&((ROW()-2)*4)+5)=\"\",\"\",INDIRECT(\"'MRO Certificate Printing'!K\"&((ROW()-2)*4)+5))","v":""}]
["",{"$f":"IF(INDIRECT(\"'MRO Certificate Printing'!D\"&((ROW()-2)*4)+2)=\"\",\"\",INDIRECT(\"'MRO Certificate Printing'!D\"&((ROW()-2)*4)+2))","v":""},{"$f":"IF(INDIRECT(\"'MRO Certificate Printing'!E\"&((ROW()-2)*4)+2)=\"\",\"\",INDIRECT(\"'MRO Certificate Printing'!E\"&((ROW()-2)*4)+2))","v":""},{"$f":"IF(INDIRECT(\"'MRO Certificate Printing'!F\"&((ROW()-2)*4)+2)=\"\",\"\",INDIRECT(\"'MRO Certificate Printing'!F\"&((ROW()-2)*4)+2))","v":""},{"$f":"IF(INDIRECT(\"'MRO Certificate Printing'!B\"&((ROW()-2)*4)+2)=\"\",\"\",INDIRECT(\"'MRO Certificate Printing'!B\"&((ROW()-2)*4)+2))","v":""},{"$f":"IF(INDIRECT(\"'MRO Certificate Printing'!G\"&((ROW()-2)*4)+2)=\"\",\"\",INDIRECT(\"'MRO Certificate Printing'!G\"&((ROW()-2)*4)+2))","v":""},{"$f":"IF(INDIRECT(\"'MRO Certificate Printing'!J\"&((ROW()-2)*4)+2)=\"\",\"\",INDIRECT(\"'MRO Certificate Printing'!J\"&((ROW()-2)*4)+2))","v":""},{"$f":"IF(INDIRECT(\"'MRO Certificate Printing'!I\"&((ROW()-2)*4)+2)=\"\",\"\",INDIRECT(\"'MRO Certificate Printing'!I\"&((ROW()-2)*4)+2))","v":""},{"$f":"IF(INDIRECT(\"'MRO Certificate Printing'!K\"&((ROW()-2)*4)+2)=\"\",\"\",INDIRECT(\"'MRO Certificate Printing'!K\"&((ROW()-2)*4)+2))","v":""},null,{"$f":"IF(INDIRECT(\"'MRO Certificate Printing'!D\"&((ROW()-2)*4)+3)=\"\",\"\",INDIRECT(\"'MRO Certificate Printing'!D\"&((ROW()-2)*4)+3))","v":""},{"$f":"IF(INDIRECT(\"'MRO Certificate Printing'!E\"&((ROW()-2)*4)+3)=\"\",\"\",INDIRECT(\"'MRO Certificate Printing'!E\"&((ROW()-2)*4)+3))","v":""},{"$f":"IF(INDIRECT(\"'MRO Certificate Printing'!F\"&((ROW()-2)*4)+3)=\"\",\"\",INDIRECT(\"'MRO Certificate Printing'!F\"&((ROW()-2)*4)+3))","v":""},{"$f":"IF(INDIRECT(\"'MRO Certificate Printing'!B\"&((ROW()-2)*4)+3)=\"\",\"\",INDIRECT(\"'MRO Certificate Printing'!B\"&((ROW()-2)*4)+3))","v":""},{"$f":"IF(INDIRECT(\"'MRO Certificate Printing'!G\"&((ROW()-2)*4)+3)=\"\",\"\",INDIRECT(\"'MRO Certificate Printing'!G\"&((ROW()-2)*4)+3))","v":""},{"$f":"IF(INDIRECT(\"'MRO Certificate Printing'!J\"&((ROW()-2)*4)+3)=\"\",\"\",INDIRECT(\"'MRO Certificate Printing'!J\"&((ROW()-2)*4)+3))","v":""},{"$f":"IF(INDIRECT(\"'MRO Certificate Printing'!I\"&((ROW()-2)*4)+3)=\"\",\"\",INDIRECT(\"'MRO Certificate Printing'!I\"&((ROW()-2)*4)+3))","v":""},{"$f":"IF(INDIRECT(\"'MRO Certificate Printing'!K\"&((ROW()-2)*4)+3)=\"\",\"\",INDIRECT(\"'MRO Certificate Printing'!K\"&((ROW()-2)*4)+3))","v":""},null,{"$f":"IF(INDIRECT(\"'MRO Certificate Printing'!D\"&((ROW()-2)*4)+4)=\"\",\"\",INDIRECT(\"'MRO Certificate Printing'!D\"&((ROW()-2)*4)+4))","v":""},{"$f":"IF(INDIRECT(\"'MRO Certificate Printing'!E\"&((ROW()-2)*4)+4)=\"\",\"\",INDIRECT(\"'MRO Certificate Printing'!E\"&((ROW()-2)*4)+4))","v":""},{"$f":"IF(INDIRECT(\"'MRO Certificate Printing'!F\"&((ROW()-2)*4)+4)=\"\",\"\",INDIRECT(\"'MRO Certificate Printing'!F\"&((ROW()-2)*4)+4))","v":""},{"$f":"IF(INDIRECT(\"'MRO Certificate Printing'!B\"&((ROW()-2)*4)+4)=\"\",\"\",INDIRECT(\"'MRO Certificate Printing'!B\"&((ROW()-2)*4)+4))","v":""},{"$f":"IF(INDIRECT(\"'MRO Certificate Printing'!G\"&((ROW()-2)*4)+4)=\"\",\"\",INDIRECT(\"'MRO Certificate Printing'!G\"&((ROW()-2)*4)+4))","v":""},{"$f":"IF(INDIRECT(\"'MRO Certificate Printing'!J\"&((ROW()-2)*4)+4)=\"\",\"\",INDIRECT(\"'MRO Certificate Printing'!J\"&((ROW()-2)*4)+4))","v":""},{"$f":"IF(INDIRECT(\"'MRO Certificate Printing'!I\"&((ROW()-2)*4)+4)=\"\",\"\",INDIRECT(\"'MRO Certificate Printing'!I\"&((ROW()-2)*4)+4))","v":""},{"$f":"IF(INDIRECT(\"'MRO Certificate Printing'!K\"&((ROW()-2)*4)+4)=\"\",\"\",INDIRECT(\"'MRO Certificate Printing'!K\"&((ROW()-2)*4)+4))","v":""},null,{"$f":"IF(INDIRECT(\"'MRO Certificate Printing'!D\"&((ROW()-2)*4)+5)=\"\",\"\",INDIRECT(\"'MRO Certificate Printing'!D\"&((ROW()-2)*4)+5))","v":""},{"$f":"IF(INDIRECT(\"'MRO Certificate Printing'!E\"&((ROW()-2)*4)+5)=\"\",\"\",INDIRECT(\"'MRO Certificate Printing'!E\"&((ROW()-2)*4)+5))","v":""},{"$f":"IF(INDIRECT(\"'MRO Certificate Printing'!F\"&((ROW()-2)*4)+5)=\"\",\"\",INDIRECT(\"'MRO Certificate Printing'!F\"&((ROW()-2)*4)+5))","v":""},{"$f":"IF(INDIRECT(\"'MRO Certificate Printing'!B\"&((ROW()-2)*4)+5)=\"\",\"\",INDIRECT(\"'MRO Certificate Printing'!B\"&((ROW()-2)*4)+5))","v":""},{"$f":"IF(INDIRECT(\"'MRO Certificate Printing'!G\"&((ROW()-2)*4)+5)=\"\",\"\",INDIRECT(\"'MRO Certificate Printing'!G\"&((ROW()-2)*4)+5))","v":""},{"$f":"IF(INDIRECT(\"'MRO Certificate Printing'!J\"&((ROW()-2)*4)+5)=\"\",\"\",INDIRECT(\"'MRO Certificate Printing'!J\"&((ROW()-2)*4)+5))","v":""},{"$f":"IF(INDIRECT(\"'MRO Certificate Printing'!I\"&((ROW()-2)*4)+5)=\"\",\"\",INDIRECT(\"'MRO Certificate Printing'!I\"&((ROW()-2)*4)+5))","v":""},{"$f":"IF(INDIRECT(\"'MRO Certificate Printing'!K\"&((ROW()-2)*4)+5)=\"\",\"\",INDIRECT(\"'MRO Certificate Printing'!K\"&((ROW()-2)*4)+5))","v":""}]
["",{"$f":"IF(INDIRECT(\"'MRO Certificate Printing'!D\"&((ROW()-2)*4)+2)=\"\",\"\",INDIRECT(\"'MRO Certificate Printing'!D\"&((ROW()-2)*4)+2))","v":""},{"$f":"IF(INDIRECT(\"'MRO Certificate Printing'!E\"&((ROW()-2)*4)+2)=\"\",\"\",INDIRECT(\"'MRO Certificate Printing'!E\"&((ROW()-2)*4)+2))","v":""},{"$f":"IF(INDIRECT(\"'MRO Certificate Printing'!F\"&((ROW()-2)*4)+2)=\"\",\"\",INDIRECT(\"'MRO Certificate Printing'!F\"&((ROW()-2)*4)+2))","v":""},{"$f":"IF(INDIRECT(\"'MRO Certificate Printing'!B\"&((ROW()-2)*4)+2)=\"\",\"\",INDIRECT(\"'MRO Certificate Printing'!B\"&((ROW()-2)*4)+2))","v":""},{"$f":"IF(INDIRECT(\"'MRO Certificate Printing'!G\"&((ROW()-2)*4)+2)=\"\",\"\",INDIRECT(\"'MRO Certificate Printing'!G\"&((ROW()-2)*4)+2))","v":""},{"$f":"IF(INDIRECT(\"'MRO Certificate Printing'!J\"&((ROW()-2)*4)+2)=\"\",\"\",INDIRECT(\"'MRO Certificate Printing'!J\"&((ROW()-2)*4)+2))","v":""},{"$f":"IF(INDIRECT(\"'MRO Certificate Printing'!I\"&((ROW()-2)*4)+2)=\"\",\"\",INDIRECT(\"'MRO Certificate Printing'!I\"&((ROW()-2)*4)+2))","v":""},{"$f":"IF(INDIRECT(\"'MRO Certificate Printing'!K\"&((ROW()-2)*4)+2)=\"\",\"\",INDIRECT(\"'MRO Certificate Printing'!K\"&((ROW()-2)*4)+2))","v":""},null,{"$f":"IF(INDIRECT(\"'MRO Certificate Printing'!D\"&((ROW()-2)*4)+3)=\"\",\"\",INDIRECT(\"'MRO Certificate Printing'!D\"&((ROW()-2)*4)+3))","v":""},{"$f":"IF(INDIRECT(\"'MRO Certificate Printing'!E\"&((ROW()-2)*4)+3)=\"\",\"\",INDIRECT(\"'MRO Certificate Printing'!E\"&((ROW()-2)*4)+3))","v":""},{"$f":"IF(INDIRECT(\"'MRO Certificate Printing'!F\"&((ROW()-2)*4)+3)=\"\",\"\",INDIRECT(\"'MRO Certificate Printing'!F\"&((ROW()-2)*4)+3))","v":""},{"$f":"IF(INDIRECT(\"'MRO Certificate Printing'!B\"&((ROW()-2)*4)+3)=\"\",\"\",INDIRECT(\"'MRO Certificate Printing'!B\"&((ROW()-2)*4)+3))","v":""},{"$f":"IF(INDIRECT(\"'MRO Certificate Printing'!G\"&((ROW()-2)*4)+3)=\"\",\"\",INDIRECT(\"'MRO Certificate Printing'!G\"&((ROW()-2)*4)+3))","v":""},{"$f":"IF(INDIRECT(\"'MRO Certificate Printing'!J\"&((ROW()-2)*4)+3)=\"\",\"\",INDIRECT(\"'MRO Certificate Printing'!J\"&((ROW()-2)*4)+3))","v":""},{"$f":"IF(INDIRECT(\"'MRO Certificate Printing'!I\"&((ROW()-2)*4)+3)=\"\",\"\",INDIRECT(\"'MRO Certificate Printing'!I\"&((ROW()-2)*4)+3))","v":""},{"$f":"IF(INDIRECT(\"'MRO Certificate Printing'!K\"&((ROW()-2)*4)+3)=\"\",\"\",INDIRECT(\"'MRO Certificate Printing'!K\"&((ROW()-2)*4)+3))","v":""},null,{"$f":"IF(INDIRECT(\"'MRO Certificate Printing'!D\"&((ROW()-2)*4)+4)=\"\",\"\",INDIRECT(\"'MRO Certificate Printing'!D\"&((ROW()-2)*4)+4))","v":""},{"$f":"IF(INDIRECT(\"'MRO Certificate Printing'!E\"&((ROW()-2)*4)+4)=\"\",\"\",INDIRECT(\"'MRO Certificate Printing'!E\"&((ROW()-2)*4)+4))","v":""},{"$f":"IF(INDIRECT(\"'MRO Certificate Printing'!F\"&((ROW()-2)*4)+4)=\"\",\"\",INDIRECT(\"'MRO Certificate Printing'!F\"&((ROW()-2)*4)+4))","v":""},{"$f":"IF(INDIRECT(\"'MRO Certificate Printing'!B\"&((ROW()-2)*4)+4)=\"\",\"\",INDIRECT(\"'MRO Certificate Printing'!B\"&((ROW()-2)*4)+4))","v":""},{"$f":"IF(INDIRECT(\"'MRO Certificate Printing'!G\"&((ROW()-2)*4)+4)=\"\",\"\",INDIRECT(\"'MRO Certificate Printing'!G\"&((ROW()-2)*4)+4))","v":""},{"$f":"IF(INDIRECT(\"'MRO Certificate Printing'!J\"&((ROW()-2)*4)+4)=\"\",\"\",INDIRECT(\"'MRO Certificate Printing'!J\"&((ROW()-2)*4)+4))","v":""},{"$f":"IF(INDIRECT(\"'MRO Certificate Printing'!I\"&((ROW()-2)*4)+4)=\"\",\"\",INDIRECT(\"'MRO Certificate Printing'!I\"&((ROW()-2)*4)+4))","v":""},{"$f":"IF(INDIRECT(\"'MRO Certificate Printing'!K\"&((ROW()-2)*4)+4)=\"\",\"\",INDIRECT(\"'MRO Certificate Printing'!K\"&((ROW()-2)*4)+4))","v":""},null,{"$f":"IF(INDIRECT(\"'MRO Certificate Printing'!D\"&((ROW()-2)*4)+5)=\"\",\"\",INDIRECT(\"'MRO Certificate Printing'!D\"&((ROW()-2)*4)+5))","v":""},{"$f":"IF(INDIRECT(\"'MRO Certificate Printing'!E\"&((ROW()-2)*4)+5)=\"\",\"\",INDIRECT(\"'MRO Certificate Printing'!E\"&((ROW()-2)*4)+5))","v":""},{"$f":"IF(INDIRECT(\"'MRO Certificate Printing'!F\"&((ROW()-2)*4)+5)=\"\",\"\",INDIRECT(\"'MRO Certificate Printing'!F\"&((ROW()-2)*4)+5))","v":""},{"$f":"IF(INDIRECT(\"'MRO Certificate Printing'!B\"&((ROW()-2)*4)+5)=\"\",\"\",INDIRECT(\"'MRO Certificate Printing'!B\"&((ROW()-2)*4)+5))","v":""},{"$f":"IF(INDIRECT(\"'MRO Certificate Printing'!G\"&((ROW()-2)*4)+5)=\"\",\"\",INDIRECT(\"'MRO Certificate Printing'!G\"&((ROW()-2)*4)+5))","v":""},{"$f":"IF(INDIRECT(\"'MRO Certificate Printing'!J\"&((ROW()-2)*4)+5)=\"\",\"\",INDIRECT(\"'MRO Certificate Printing'!J\"&((ROW()-2)*4)+5))","v":""},{"$f":"IF(INDIRECT(\"'MRO Certificate Printing'!I\"&((ROW()-2)*4)+5)=\"\",\"\",INDIRECT(\"'MRO Certificate Printing'!I\"&((ROW()-2)*4)+5))","v":""},{"$f":"IF(INDIRECT(\"'MRO Certificate Printing'!K\"&((ROW()-2)*4)+5)=\"\",\"\",INDIRECT(\"'MRO Certificate Printing'!K\"&((ROW()-2)*4)+5))","v":""}]
["",{"$f":"IF(INDIRECT(\"'MRO Certificate Printing'!D\"&((ROW()-2)*4)+2)=\"\",\"\",INDIRECT(\"'MRO Certificate Printing'!D\"&((ROW()-2)*4)+2))","v":""},{"$f":"IF(INDIRECT(\"'MRO Certificate Printing'!E\"&((ROW()-2)*4)+2)=\"\",\"\",INDIRECT(\"'MRO Certificate Printing'!E\"&((ROW()-2)*4)+2))","v":""},{"$f":"IF(INDIRECT(\"'MRO Certificate Printing'!F\"&((ROW()-2)*4)+2)=\"\",\"\",INDIRECT(\"'MRO Certificate Printing'!F\"&((ROW()-2)*4)+2))","v":""},{"$f":"IF(INDIRECT(\"'MRO Certificate Printing'!B\"&((ROW()-2)*4)+2)=\"\",\"\",INDIRECT(\"'MRO Certificate Printing'!B\"&((ROW()-2)*4)+2))","v":""},{"$f":"IF(INDIRECT(\"'MRO Certificate Printing'!G\"&((ROW()-2)*4)+2)=\"\",\"\",INDIRECT(\"'MRO Certificate Printing'!G\"&((ROW()-2)*4)+2))","v":""},{"$f":"IF(INDIRECT(\"'MRO Certificate Printing'!J\"&((ROW()-2)*4)+2)=\"\",\"\",INDIRECT(\"'MRO Certificate Printing'!J\"&((ROW()-2)*4)+2))","v":""},{"$f":"IF(INDIRECT(\"'MRO Certificate Printing'!I\"&((ROW()-2)*4)+2)=\"\",\"\",INDIRECT(\"'MRO Certificate Printing'!I\"&((ROW()-2)*4)+2))","v":""},{"$f":"IF(INDIRECT(\"'MRO Certificate Printing'!K\"&((ROW()-2)*4)+2)=\"\",\"\",INDIRECT(\"'MRO Certificate Printing'!K\"&((ROW()-2)*4)+2))","v":""},null,{"$f":"IF(INDIRECT(\"'MRO Certificate Printing'!D\"&((ROW()-2)*4)+3)=\"\",\"\",INDIRECT(\"'MRO Certificate Printing'!D\"&((ROW()-2)*4)+3))","v":""},{"$f":"IF(INDIRECT(\"'MRO Certificate Printing'!E\"&((ROW()-2)*4)+3)=\"\",\"\",INDIRECT(\"'MRO Certificate Printing'!E\"&((ROW()-2)*4)+3))","v":""},{"$f":"IF(INDIRECT(\"'MRO Certificate Printing'!F\"&((ROW()-2)*4)+3)=\"\",\"\",INDIRECT(\"'MRO Certificate Printing'!F\"&((ROW()-2)*4)+3))","v":""},{"$f":"IF(INDIRECT(\"'MRO Certificate Printing'!B\"&((ROW()-2)*4)+3)=\"\",\"\",INDIRECT(\"'MRO Certificate Printing'!B\"&((ROW()-2)*4)+3))","v":""},{"$f":"IF(INDIRECT(\"'MRO Certificate Printing'!G\"&((ROW()-2)*4)+3)=\"\",\"\",INDIRECT(\"'MRO Certificate Printing'!G\"&((ROW()-2)*4)+3))","v":""},{"$f":"IF(INDIRECT(\"'MRO Certificate Printing'!J\"&((ROW()-2)*4)+3)=\"\",\"\",INDIRECT(\"'MRO Certificate Printing'!J\"&((ROW()-2)*4)+3))","v":""},{"$f":"IF(INDIRECT(\"'MRO Certificate Printing'!I\"&((ROW()-2)*4)+3)=\"\",\"\",INDIRECT(\"'MRO Certificate Printing'!I\"&((ROW()-2)*4)+3))","v":""},{"$f":"IF(INDIRECT(\"'MRO Certificate Printing'!K\"&((ROW()-2)*4)+3)=\"\",\"\",INDIRECT(\"'MRO Certificate Printing'!K\"&((ROW()-2)*4)+3))","v":""},null,{"$f":"IF(INDIRECT(\"'MRO Certificate Printing'!D\"&((ROW()-2)*4)+4)=\"\",\"\",INDIRECT(\"'MRO Certificate Printing'!D\"&((ROW()-2)*4)+4))","v":""},{"$f":"IF(INDIRECT(\"'MRO Certificate Printing'!E\"&((ROW()-2)*4)+4)=\"\",\"\",INDIRECT(\"'MRO Certificate Printing'!E\"&((ROW()-2)*4)+4))","v":""},{"$f":"IF(INDIRECT(\"'MRO Certificate Printing'!F\"&((ROW()-2)*4)+4)=\"\",\"\",INDIRECT(\"'MRO Certificate Printing'!F\"&((ROW()-2)*4)+4))","v":""},{"$f":"IF(INDIRECT(\"'MRO Certificate Printing'!B\"&((ROW()-2)*4)+4)=\"\",\"\",INDIRECT(\"'MRO Certificate Printing'!B\"&((ROW()-2)*4)+4))","v":""},{"$f":"IF(INDIRECT(\"'MRO Certificate Printing'!G\"&((ROW()-2)*4)+4)=\"\",\"\",INDIRECT(\"'MRO Certificate Printing'!G\"&((ROW()-2)*4)+4))","v":""},{"$f":"IF(INDIRECT(\"'MRO Certificate Printing'!J\"&((ROW()-2)*4)+4)=\"\",\"\",INDIRECT(\"'MRO Certificate Printing'!J\"&((ROW()-2)*4)+4))","v":""},{"$f":"IF(INDIRECT(\"'MRO Certificate Printing'!I\"&((ROW()-2)*4)+4)=\"\",\"\",INDIRECT(\"'MRO Certificate Printing'!I\"&((ROW()-2)*4)+4))","v":""},{"$f":"IF(INDIRECT(\"'MRO Certificate Printing'!K\"&((ROW()-2)*4)+4)=\"\",\"\",INDIRECT(\"'MRO Certificate Printing'!K\"&((ROW()-2)*4)+4))","v":""},null,{"$f":"IF(INDIRECT(\"'MRO Certificate Printing'!D\"&((ROW()-2)*4)+5)=\"\",\"\",INDIRECT(\"'MRO Certificate Printing'!D\"&((ROW()-2)*4)+5))","v":""},{"$f":"IF(INDIRECT(\"'MRO Certificate Printing'!E\"&((ROW()-2)*4)+5)=\"\",\"\",INDIRECT(\"'MRO Certificate Printing'!E\"&((ROW()-2)*4)+5))","v":""},{"$f":"IF(INDIRECT(\"'MRO Certificate Printing'!F\"&((ROW()-2)*4)+5)=\"\",\"\",INDIRECT(\"'MRO Certificate Printing'!F\"&((ROW()-2)*4)+5))","v":""},{"$f":"IF(INDIRECT(\"'MRO Certificate Printing'!B\"&((ROW()-2)*4)+5)=\"\",\"\",INDIRECT(\"'MRO Certificate Printing'!B\"&((ROW()-2)*4)+5))","v":""},{"$f":"IF(INDIRECT(\"'MRO Certificate Printing'!G\"&((ROW()-2)*4)+5)=\"\",\"\",INDIRECT(\"'MRO Certificate Printing'!G\"&((ROW()-2)*4)+5))","v":""},{"$f":"IF(INDIRECT(\"'MRO Certificate Printing'!J\"&((ROW()-2)*4)+5)=\"\",\"\",INDIRECT(\"'MRO Certificate Printing'!J\"&((ROW()-2)*4)+5))","v":""},{"$f":"IF(INDIRECT(\"'MRO Certificate Printing'!I\"&((ROW()-2)*4)+5)=\"\",\"\",INDIRECT(\"'MRO Certificate Printing'!I\"&((ROW()-2)*4)+5))","v":""},{"$f":"IF(INDIRECT(\"'MRO Certificate Printing'!K\"&((ROW()-2)*4)+5)=\"\",\"\",INDIRECT(\"'MRO Certificate Printing'!K\"&((ROW()-2)*4)+5))","v":""}]
["",{"$f":"IF(INDIRECT(\"'MRO Certificate Printing'!D\"&((ROW()-2)*4)+2)=\"\",\"\",INDIRECT(\"'MRO Certificate Printing'!D\"&((ROW()-2)*4)+2))","v":""},{"$f":"IF(INDIRECT(\"'MRO Certificate Printing'!E\"&((ROW()-2)*4)+2)=\"\",\"\",INDIRECT(\"'MRO Certificate Printing'!E\"&((ROW()-2)*4)+2))","v":""},{"$f":"IF(INDIRECT(\"'MRO Certificate Printing'!F\"&((ROW()-2)*4)+2)=\"\",\"\",INDIRECT(\"'MRO Certificate Printing'!F\"&((ROW()-2)*4)+2))","v":""},{"$f":"IF(INDIRECT(\"'MRO Certificate Printing'!B\"&((ROW()-2)*4)+2)=\"\",\"\",INDIRECT(\"'MRO Certificate Printing'!B\"&((ROW()-2)*4)+2))","v":""},{"$f":"IF(INDIRECT(\"'MRO Certificate Printing'!G\"&((ROW()-2)*4)+2)=\"\",\"\",INDIRECT(\"'MRO Certificate Printing'!G\"&((ROW()-2)*4)+2))","v":""},{"$f":"IF(INDIRECT(\"'MRO Certificate Printing'!J\"&((ROW()-2)*4)+2)=\"\",\"\",INDIRECT(\"'MRO Certificate Printing'!J\"&((ROW()-2)*4)+2))","v":""},{"$f":"IF(INDIRECT(\"'MRO Certificate Printing'!I\"&((ROW()-2)*4)+2)=\"\",\"\",INDIRECT(\"'MRO Certificate Printing'!I\"&((ROW()-2)*4)+2))","v":""},{"$f":"IF(INDIRECT(\"'MRO Certificate Printing'!K\"&((ROW()-2)*4)+2)=\"\",\"\",INDIRECT(\"'MRO Certificate Printing'!K\"&((ROW()-2)*4)+2))","v":""},null,{"$f":"IF(INDIRECT(\"'MRO Certificate Printing'!D\"&((ROW()-2)*4)+3)=\"\",\"\",INDIRECT(\"'MRO Certificate Printing'!D\"&((ROW()-2)*4)+3))","v":""},{"$f":"IF(INDIRECT(\"'MRO Certificate Printing'!E\"&((ROW()-2)*4)+3)=\"\",\"\",INDIRECT(\"'MRO Certificate Printing'!E\"&((ROW()-2)*4)+3))","v":""},{"$f":"IF(INDIRECT(\"'MRO Certificate Printing'!F\"&((ROW()-2)*4)+3)=\"\",\"\",INDIRECT(\"'MRO Certificate Printing'!F\"&((ROW()-2)*4)+3))","v":""},{"$f":"IF(INDIRECT(\"'MRO Certificate Printing'!B\"&((ROW()-2)*4)+3)=\"\",\"\",INDIRECT(\"'MRO Certificate Printing'!B\"&((ROW()-2)*4)+3))","v":""},{"$f":"IF(INDIRECT(\"'MRO Certificate Printing'!G\"&((ROW()-2)*4)+3)=\"\",\"\",INDIRECT(\"'MRO Certificate Printing'!G\"&((ROW()-2)*4)+3))","v":""},{"$f":"IF(INDIRECT(\"'MRO Certificate Printing'!J\"&((ROW()-2)*4)+3)=\"\",\"\",INDIRECT(\"'MRO Certificate Printing'!J\"&((ROW()-2)*4)+3))","v":""},{"$f":"IF(INDIRECT(\"'MRO Certificate Printing'!I\"&((ROW()-2)*4)+3)=\"\",\"\",INDIRECT(\"'MRO Certificate Printing'!I\"&((ROW()-2)*4)+3))","v":""},{"$f":"IF(INDIRECT(\"'MRO Certificate Printing'!K\"&((ROW()-2)*4)+3)=\"\",\"\",INDIRECT(\"'MRO Certificate Printing'!K\"&((ROW()-2)*4)+3))","v":""},null,{"$f":"IF(INDIRECT(\"'MRO Certificate Printing'!D\"&((ROW()-2)*4)+4)=\"\",\"\",INDIRECT(\"'MRO Certificate Printing'!D\"&((ROW()-2)*4)+4))","v":""},{"$f":"IF(INDIRECT(\"'MRO Certificate Printing'!E\"&((ROW()-2)*4)+4)=\"\",\"\",INDIRECT(\"'MRO Certificate Printing'!E\"&((ROW()-2)*4)+4))","v":""},{"$f":"IF(INDIRECT(\"'MRO Certificate Printing'!F\"&((ROW()-2)*4)+4)=\"\",\"\",INDIRECT(\"'MRO Certificate Printing'!F\"&((ROW()-2)*4)+4))","v":""},{"$f":"IF(INDIRECT(\"'MRO Certificate Printing'!B\"&((ROW()-2)*4)+4)=\"\",\"\",INDIRECT(\"'MRO Certificate Printing'!B\"&((ROW()-2)*4)+4))","v":""},{"$f":"IF(INDIRECT(\"'MRO Certificate Printing'!G\"&((ROW()-2)*4)+4)=\"\",\"\",INDIRECT(\"'MRO Certificate Printing'!G\"&((ROW()-2)*4)+4))","v":""},{"$f":"IF(INDIRECT(\"'MRO Certificate Printing'!J\"&((ROW()-2)*4)+4)=\"\",\"\",INDIRECT(\"'MRO Certificate Printing'!J\"&((ROW()-2)*4)+4))","v":""},{"$f":"IF(INDIRECT(\"'MRO Certificate Printing'!I\"&((ROW()-2)*4)+4)=\"\",\"\",INDIRECT(\"'MRO Certificate Printing'!I\"&((ROW()-2)*4)+4))","v":""},{"$f":"IF(INDIRECT(\"'MRO Certificate Printing'!K\"&((ROW()-2)*4)+4)=\"\",\"\",INDIRECT(\"'MRO Certificate Printing'!K\"&((ROW()-2)*4)+4))","v":""},null,{"$f":"IF(INDIRECT(\"'MRO Certificate Printing'!D\"&((ROW()-2)*4)+5)=\"\",\"\",INDIRECT(\"'MRO Certificate Printing'!D\"&((ROW()-2)*4)+5))","v":""},{"$f":"IF(INDIRECT(\"'MRO Certificate Printing'!E\"&((ROW()-2)*4)+5)=\"\",\"\",INDIRECT(\"'MRO Certificate Printing'!E\"&((ROW()-2)*4)+5))","v":""},{"$f":"IF(INDIRECT(\"'MRO Certificate Printing'!F\"&((ROW()-2)*4)+5)=\"\",\"\",INDIRECT(\"'MRO Certificate Printing'!F\"&((ROW()-2)*4)+5))","v":""},{"$f":"IF(INDIRECT(\"'MRO Certificate Printing'!B\"&((ROW()-2)*4)+5)=\"\",\"\",INDIRECT(\"'MRO Certificate Printing'!B\"&((ROW()-2)*4)+5))","v":""},{"$f":"IF(INDIRECT(\"'MRO Certificate Printing'!G\"&((ROW()-2)*4)+5)=\"\",\"\",INDIRECT(\"'MRO Certificate Printing'!G\"&((ROW()-2)*4)+5))","v":""},{"$f":"IF(INDIRECT(\"'MRO Certificate Printing'!J\"&((ROW()-2)*4)+5)=\"\",\"\",INDIRECT(\"'MRO Certificate Printing'!J\"&((ROW()-2)*4)+5))","v":""},{"$f":"IF(INDIRECT(\"'MRO Certificate Printing'!I\"&((ROW()-2)*4)+5)=\"\",\"\",INDIRECT(\"'MRO Certificate Printing'!I\"&((ROW()-2)*4)+5))","v":""},{"$f":"IF(INDIRECT(\"'MRO Certificate Printing'!K\"&((ROW()-2)*4)+5)=\"\",\"\",INDIRECT(\"'MRO Certificate Printing'!K\"&((ROW()-2)*4)+5))","v":""}]
["",{"$f":"IF(INDIRECT(\"'MRO Certificate Printing'!D\"&((ROW()-2)*4)+2)=\"\",\"\",INDIRECT(\"'MRO Certificate Printing'!D\"&((ROW()-2)*4)+2))","v":""},{"$f":"IF(INDIRECT(\"'MRO Certificate Printing'!E\"&((ROW()-2)*4)+2)=\"\",\"\",INDIRECT(\"'MRO Certificate Printing'!E\"&((ROW()-2)*4)+2))","v":""},{"$f":"IF(INDIRECT(\"'MRO Certificate Printing'!F\"&((ROW()-2)*4)+2)=\"\",\"\",INDIRECT(\"'MRO Certificate Printing'!F\"&((ROW()-2)*4)+2))","v":""},{"$f":"IF(INDIRECT(\"'MRO Certificate Printing'!B\"&((ROW()-2)*4)+2)=\"\",\"\",INDIRECT(\"'MRO Certificate Printing'!B\"&((ROW()-2)*4)+2))","v":""},{"$f":"IF(INDIRECT(\"'MRO Certificate Printing'!G\"&((ROW()-2)*4)+2)=\"\",\"\",INDIRECT(\"'MRO Certificate Printing'!G\"&((ROW()-2)*4)+2))","v":""},{"$f":"IF(INDIRECT(\"'MRO Certificate Printing'!J\"&((ROW()-2)*4)+2)=\"\",\"\",INDIRECT(\"'MRO Certificate Printing'!J\"&((ROW()-2)*4)+2))","v":""},{"$f":"IF(INDIRECT(\"'MRO Certificate Printing'!I\"&((ROW()-2)*4)+2)=\"\",\"\",INDIRECT(\"'MRO Certificate Printing'!I\"&((ROW()-2)*4)+2))","v":""},{"$f":"IF(INDIRECT(\"'MRO Certificate Printing'!K\"&((ROW()-2)*4)+2)=\"\",\"\",INDIRECT(\"'MRO Certificate Printing'!K\"&((ROW()-2)*4)+2))","v":""},null,{"$f":"IF(INDIRECT(\"'MRO Certificate Printing'!D\"&((ROW()-2)*4)+3)=\"\",\"\",INDIRECT(\"'MRO Certificate Printing'!D\"&((ROW()-2)*4)+3))","v":""},{"$f":"IF(INDIRECT(\"'MRO Certificate Printing'!E\"&((ROW()-2)*4)+3)=\"\",\"\",INDIRECT(\"'MRO Certificate Printing'!E\"&((ROW()-2)*4)+3))","v":""},{"$f":"IF(INDIRECT(\"'MRO Certificate Printing'!F\"&((ROW()-2)*4)+3)=\"\",\"\",INDIRECT(\"'MRO Certificate Printing'!F\"&((ROW()-2)*4)+3))","v":""},{"$f":"IF(INDIRECT(\"'MRO Certificate Printing'!B\"&((ROW()-2)*4)+3)=\"\",\"\",INDIRECT(\"'MRO Certificate Printing'!B\"&((ROW()-2)*4)+3))","v":""},{"$f":"IF(INDIRECT(\"'MRO Certificate Printing'!G\"&((ROW()-2)*4)+3)=\"\",\"\",INDIRECT(\"'MRO Certificate Printing'!G\"&((ROW()-2)*4)+3))","v":""},{"$f":"IF(INDIRECT(\"'MRO Certificate Printing'!J\"&((ROW()-2)*4)+3)=\"\",\"\",INDIRECT(\"'MRO Certificate Printing'!J\"&((ROW()-2)*4)+3))","v":""},{"$f":"IF(INDIRECT(\"'MRO Certificate Printing'!I\"&((ROW()-2)*4)+3)=\"\",\"\",INDIRECT(\"'MRO Certificate Printing'!I\"&((ROW()-2)*4)+3))","v":""},{"$f":"IF(INDIRECT(\"'MRO Certificate Printing'!K\"&((ROW()-2)*4)+3)=\"\",\"\",INDIRECT(\"'MRO Certificate Printing'!K\"&((ROW()-2)*4)+3))","v":""},null,{"$f":"IF(INDIRECT(\"'MRO Certificate Printing'!D\"&((ROW()-2)*4)+4)=\"\",\"\",INDIRECT(\"'MRO Certificate Printing'!D\"&((ROW()-2)*4)+4))","v":""},{"$f":"IF(INDIRECT(\"'MRO Certificate Printing'!E\"&((ROW()-2)*4)+4)=\"\",\"\",INDIRECT(\"'MRO Certificate Printing'!E\"&((ROW()-2)*4)+4))","v":""},{"$f":"IF(INDIRECT(\"'MRO Certificate Printing'!F\"&((ROW()-2)*4)+4)=\"\",\"\",INDIRECT(\"'MRO Certificate Printing'!F\"&((ROW()-2)*4)+4))","v":""},{"$f":"IF(INDIRECT(\"'MRO Certificate Printing'!B\"&((ROW()-2)*4)+4)=\"\",\"\",INDIRECT(\"'MRO Certificate Printing'!B\"&((ROW()-2)*4)+4))","v":""},{"$f":"IF(INDIRECT(\"'MRO Certificate Printing'!G\"&((ROW()-2)*4)+4)=\"\",\"\",INDIRECT(\"'MRO Certificate Printing'!G\"&((ROW()-2)*4)+4))","v":""},{"$f":"IF(INDIRECT(\"'MRO Certificate Printing'!J\"&((ROW()-2)*4)+4)=\"\",\"\",INDIRECT(\"'MRO Certificate Printing'!J\"&((ROW()-2)*4)+4))","v":""},{"$f":"IF(INDIRECT(\"'MRO Certificate Printing'!I\"&((ROW()-2)*4)+4)=\"\",\"\",INDIRECT(\"'MRO Certificate Printing'!I\"&((ROW()-2)*4)+4))","v":""},{"$f":"IF(INDIRECT(\"'MRO Certificate Printing'!K\"&((ROW()-2)*4)+4)=\"\",\"\",INDIRECT(\"'MRO Certificate Printing'!K\"&((ROW()-2)*4)+4))","v":""},null,{"$f":"IF(INDIRECT(\"'MRO Certificate Printing'!D\"&((ROW()-2)*4)+5)=\"\",\"\",INDIRECT(\"'MRO Certificate Printing'!D\"&((ROW()-2)*4)+5))","v":""},{"$f":"IF(INDIRECT(\"'MRO Certificate Printing'!E\"&((ROW()-2)*4)+5)=\"\",\"\",INDIRECT(\"'MRO Certificate Printing'!E\"&((ROW()-2)*4)+5))","v":""},{"$f":"IF(INDIRECT(\"'MRO Certificate Printing'!F\"&((ROW()-2)*4)+5)=\"\",\"\",INDIRECT(\"'MRO Certificate Printing'!F\"&((ROW()-2)*4)+5))","v":""},{"$f":"IF(INDIRECT(\"'MRO Certificate Printing'!B\"&((ROW()-2)*4)+5)=\"\",\"\",INDIRECT(\"'MRO Certificate Printing'!B\"&((ROW()-2)*4)+5))","v":""},{"$f":"IF(INDIRECT(\"'MRO Certificate Printing'!G\"&((ROW()-2)*4)+5)=\"\",\"\",INDIRECT(\"'MRO Certificate Printing'!G\"&((ROW()-2)*4)+5))","v":""},{"$f":"IF(INDIRECT(\"'MRO Certificate Printing'!J\"&((ROW()-2)*4)+5)=\"\",\"\",INDIRECT(\"'MRO Certificate Printing'!J\"&((ROW()-2)*4)+5))","v":""},{"$f":"IF(INDIRECT(\"'MRO Certificate Printing'!I\"&((ROW()-2)*4)+5)=\"\",\"\",INDIRECT(\"'MRO Certificate Printing'!I\"&((ROW()-2)*4)+5))","v":""},{"$f":"IF(INDIRECT(\"'MRO Certificate Printing'!K\"&((ROW()-2)*4)+5)=\"\",\"\",INDIRECT(\"'MRO Certificate Printing'!K\"&((ROW()-2)*4)+5))","v":""}]
["",{"$f":"IF(INDIRECT(\"'MRO Certificate Printing'!D\"&((ROW()-2)*4)+2)=\"\",\"\",INDIRECT(\"'MRO Certificate Printing'!D\"&((ROW()-2)*4)+2))","v":""},{"$f":"IF(INDIRECT(\"'MRO Certificate Printing'!E\"&((ROW()-2)*4)+2)=\"\",\"\",INDIRECT(\"'MRO Certificate Printing'!E\"&((ROW()-2)*4)+2))","v":""},{"$f":"IF(INDIRECT(\"'MRO Certificate Printing'!F\"&((ROW()-2)*4)+2)=\"\",\"\",INDIRECT(\"'MRO Certificate Printing'!F\"&((ROW()-2)*4)+2))","v":""},{"$f":"IF(INDIRECT(\"'MRO Certificate Printing'!B\"&((ROW()-2)*4)+2)=\"\",\"\",INDIRECT(\"'MRO Certificate Printing'!B\"&((ROW()-2)*4)+2))","v":""},{"$f":"IF(INDIRECT(\"'MRO Certificate Printing'!G\"&((ROW()-2)*4)+2)=\"\",\"\",INDIRECT(\"'MRO Certificate Printing'!G\"&((ROW()-2)*4)+2))","v":""},{"$f":"IF(INDIRECT(\"'MRO Certificate Printing'!J\"&((ROW()-2)*4)+2)=\"\",\"\",INDIRECT(\"'MRO Certificate Printing'!J\"&((ROW()-2)*4)+2))","v":""},{"$f":"IF(INDIRECT(\"'MRO Certificate Printing'!I\"&((ROW()-2)*4)+2)=\"\",\"\",INDIRECT(\"'MRO Certificate Printing'!I\"&((ROW()-2)*4)+2))","v":""},{"$f":"IF(INDIRECT(\"'MRO Certificate Printing'!K\"&((ROW()-2)*4)+2)=\"\",\"\",INDIRECT(\"'MRO Certificate Printing'!K\"&((ROW()-2)*4)+2))","v":""},null,{"$f":"IF(INDIRECT(\"'MRO Certificate Printing'!D\"&((ROW()-2)*4)+3)=\"\",\"\",INDIRECT(\"'MRO Certificate Printing'!D\"&((ROW()-2)*4)+3))","v":""},{"$f":"IF(INDIRECT(\"'MRO Certificate Printing'!E\"&((ROW()-2)*4)+3)=\"\",\"\",INDIRECT(\"'MRO Certificate Printing'!E\"&((ROW()-2)*4)+3))","v":""},{"$f":"IF(INDIRECT(\"'MRO Certificate Printing'!F\"&((ROW()-2)*4)+3)=\"\",\"\",INDIRECT(\"'MRO Certificate Printing'!F\"&((ROW()-2)*4)+3))","v":""},{"$f":"IF(INDIRECT(\"'MRO Certificate Printing'!B\"&((ROW()-2)*4)+3)=\"\",\"\",INDIRECT(\"'MRO Certificate Printing'!B\"&((ROW()-2)*4)+3))","v":""},{"$f":"IF(INDIRECT(\"'MRO Certificate Printing'!G\"&((ROW()-2)*4)+3)=\"\",\"\",INDIRECT(\"'MRO Certificate Printing'!G\"&((ROW()-2)*4)+3))","v":""},{"$f":"IF(INDIRECT(\"'MRO Certificate Printing'!J\"&((ROW()-2)*4)+3)=\"\",\"\",INDIRECT(\"'MRO Certificate Printing'!J\"&((ROW()-2)*4)+3))","v":""},{"$f":"IF(INDIRECT(\"'MRO Certificate Printing'!I\"&((ROW()-2)*4)+3)=\"\",\"\",INDIRECT(\"'MRO Certificate Printing'!I\"&((ROW()-2)*4)+3))","v":""},{"$f":"IF(INDIRECT(\"'MRO Certificate Printing'!K\"&((ROW()-2)*4)+3)=\"\",\"\",INDIRECT(\"'MRO Certificate Printing'!K\"&((ROW()-2)*4)+3))","v":""},null,{"$f":"IF(INDIRECT(\"'MRO Certificate Printing'!D\"&((ROW()-2)*4)+4)=\"\",\"\",INDIRECT(\"'MRO Certificate Printing'!D\"&((ROW()-2)*4)+4))","v":""},{"$f":"IF(INDIRECT(\"'MRO Certificate Printing'!E\"&((ROW()-2)*4)+4)=\"\",\"\",INDIRECT(\"'MRO Certificate Printing'!E\"&((ROW()-2)*4)+4))","v":""},{"$f":"IF(INDIRECT(\"'MRO Certificate Printing'!F\"&((ROW()-2)*4)+4)=\"\",\"\",INDIRECT(\"'MRO Certificate Printing'!F\"&((ROW()-2)*4)+4))","v":""},{"$f":"IF(INDIRECT(\"'MRO Certificate Printing'!B\"&((ROW()-2)*4)+4)=\"\",\"\",INDIRECT(\"'MRO Certificate Printing'!B\"&((ROW()-2)*4)+4))","v":""},{"$f":"IF(INDIRECT(\"'MRO Certificate Printing'!G\"&((ROW()-2)*4)+4)=\"\",\"\",INDIRECT(\"'MRO Certificate Printing'!G\"&((ROW()-2)*4)+4))","v":""},{"$f":"IF(INDIRECT(\"'MRO Certificate Printing'!J\"&((ROW()-2)*4)+4)=\"\",\"\",INDIRECT(\"'MRO Certificate Printing'!J\"&((ROW()-2)*4)+4))","v":""},{"$f":"IF(INDIRECT(\"'MRO Certificate Printing'!I\"&((ROW()-2)*4)+4)=\"\",\"\",INDIRECT(\"'MRO Certificate Printing'!I\"&((ROW()-2)*4)+4))","v":""},{"$f":"IF(INDIRECT(\"'MRO Certificate Printing'!K\"&((ROW()-2)*4)+4)=\"\",\"\",INDIRECT(\"'MRO Certificate Printing'!K\"&((ROW()-2)*4)+4))","v":""},null,{"$f":"IF(INDIRECT(\"'MRO Certificate Printing'!D\"&((ROW()-2)*4)+5)=\"\",\"\",INDIRECT(\"'MRO Certificate Printing'!D\"&((ROW()-2)*4)+5))","v":""},{"$f":"IF(INDIRECT(\"'MRO Certificate Printing'!E\"&((ROW()-2)*4)+5)=\"\",\"\",INDIRECT(\"'MRO Certificate Printing'!E\"&((ROW()-2)*4)+5))","v":""},{"$f":"IF(INDIRECT(\"'MRO Certificate Printing'!F\"&((ROW()-2)*4)+5)=\"\",\"\",INDIRECT(\"'MRO Certificate Printing'!F\"&((ROW()-2)*4)+5))","v":""},{"$f":"IF(INDIRECT(\"'MRO Certificate Printing'!B\"&((ROW()-2)*4)+5)=\"\",\"\",INDIRECT(\"'MRO Certificate Printing'!B\"&((ROW()-2)*4)+5))","v":""},{"$f":"IF(INDIRECT(\"'MRO Certificate Printing'!G\"&((ROW()-2)*4)+5)=\"\",\"\",INDIRECT(\"'MRO Certificate Printing'!G\"&((ROW()-2)*4)+5))","v":""},{"$f":"IF(INDIRECT(\"'MRO Certificate Printing'!J\"&((ROW()-2)*4)+5)=\"\",\"\",INDIRECT(\"'MRO Certificate Printing'!J\"&((ROW()-2)*4)+5))","v":""},{"$f":"IF(INDIRECT(\"'MRO Certificate Printing'!I\"&((ROW()-2)*4)+5)=\"\",\"\",INDIRECT(\"'MRO Certificate Printing'!I\"&((ROW()-2)*4)+5))","v":""},{"$f":"IF(INDIRECT(\"'MRO Certificate Printing'!K\"&((ROW()-2)*4)+5)=\"\",\"\",INDIRECT(\"'MRO Certificate Printing'!K\"&((ROW()-2)*4)+5))","v":""}]
["",{"$f":"IF(INDIRECT(\"'MRO Certificate Printing'!D\"&((ROW()-2)*4)+2)=\"\",\"\",INDIRECT(\"'MRO Certificate Printing'!D\"&((ROW()-2)*4)+2))","v":""},{"$f":"IF(INDIRECT(\"'MRO Certificate Printing'!E\"&((ROW()-2)*4)+2)=\"\",\"\",INDIRECT(\"'MRO Certificate Printing'!E\"&((ROW()-2)*4)+2))","v":""},{"$f":"IF(INDIRECT(\"'MRO Certificate Printing'!F\"&((ROW()-2)*4)+2)=\"\",\"\",INDIRECT(\"'MRO Certificate Printing'!F\"&((ROW()-2)*4)+2))","v":""},{"$f":"IF(INDIRECT(\"'MRO Certificate Printing'!B\"&((ROW()-2)*4)+2)=\"\",\"\",INDIRECT(\"'MRO Certificate Printing'!B\"&((ROW()-2)*4)+2))","v":""},{"$f":"IF(INDIRECT(\"'MRO Certificate Printing'!G\"&((ROW()-2)*4)+2)=\"\",\"\",INDIRECT(\"'MRO Certificate Printing'!G\"&((ROW()-2)*4)+2))","v":""},{"$f":"IF(INDIRECT(\"'MRO Certificate Printing'!J\"&((ROW()-2)*4)+2)=\"\",\"\",INDIRECT(\"'MRO Certificate Printing'!J\"&((ROW()-2)*4)+2))","v":""},{"$f":"IF(INDIRECT(\"'MRO Certificate Printing'!I\"&((ROW()-2)*4)+2)=\"\",\"\",INDIRECT(\"'MRO Certificate Printing'!I\"&((ROW()-2)*4)+2))","v":""},{"$f":"IF(INDIRECT(\"'MRO Certificate Printing'!K\"&((ROW()-2)*4)+2)=\"\",\"\",INDIRECT(\"'MRO Certificate Printing'!K\"&((ROW()-2)*4)+2))","v":""},null,{"$f":"IF(INDIRECT(\"'MRO Certificate Printing'!D\"&((ROW()-2)*4)+3)=\"\",\"\",INDIRECT(\"'MRO Certificate Printing'!D\"&((ROW()-2)*4)+3))","v":""},{"$f":"IF(INDIRECT(\"'MRO Certificate Printing'!E\"&((ROW()-2)*4)+3)=\"\",\"\",INDIRECT(\"'MRO Certificate Printing'!E\"&((ROW()-2)*4)+3))","v":""},{"$f":"IF(INDIRECT(\"'MRO Certificate Printing'!F\"&((ROW()-2)*4)+3)=\"\",\"\",INDIRECT(\"'MRO Certificate Printing'!F\"&((ROW()-2)*4)+3))","v":""},{"$f":"IF(INDIRECT(\"'MRO Certificate Printing'!B\"&((ROW()-2)*4)+3)=\"\",\"\",INDIRECT(\"'MRO Certificate Printing'!B\"&((ROW()-2)*4)+3))","v":""},{"$f":"IF(INDIRECT(\"'MRO Certificate Printing'!G\"&((ROW()-2)*4)+3)=\"\",\"\",INDIRECT(\"'MRO Certificate Printing'!G\"&((ROW()-2)*4)+3))","v":""},{"$f":"IF(INDIRECT(\"'MRO Certificate Printing'!J\"&((ROW()-2)*4)+3)=\"\",\"\",INDIRECT(\"'MRO Certificate Printing'!J\"&((ROW()-2)*4)+3))","v":""},{"$f":"IF(INDIRECT(\"'MRO Certificate Printing'!I\"&((ROW()-2)*4)+3)=\"\",\"\",INDIRECT(\"'MRO Certificate Printing'!I\"&((ROW()-2)*4)+3))","v":""},{"$f":"IF(INDIRECT(\"'MRO Certificate Printing'!K\"&((ROW()-2)*4)+3)=\"\",\"\",INDIRECT(\"'MRO Certificate Printing'!K\"&((ROW()-2)*4)+3))","v":""},null,{"$f":"IF(INDIRECT(\"'MRO Certificate Printing'!D\"&((ROW()-2)*4)+4)=\"\",\"\",INDIRECT(\"'MRO Certificate Printing'!D\"&((ROW()-2)*4)+4))","v":""},{"$f":"IF(INDIRECT(\"'MRO Certificate Printing'!E\"&((ROW()-2)*4)+4)=\"\",\"\",INDIRECT(\"'MRO Certificate Printing'!E\"&((ROW()-2)*4)+4))","v":""},{"$f":"IF(INDIRECT(\"'MRO Certificate Printing'!F\"&((ROW()-2)*4)+4)=\"\",\"\",INDIRECT(\"'MRO Certificate Printing'!F\"&((ROW()-2)*4)+4))","v":""},{"$f":"IF(INDIRECT(\"'MRO Certificate Printing'!B\"&((ROW()-2)*4)+4)=\"\",\"\",INDIRECT(\"'MRO Certificate Printing'!B\"&((ROW()-2)*4)+4))","v":""},{"$f":"IF(INDIRECT(\"'MRO Certificate Printing'!G\"&((ROW()-2)*4)+4)=\"\",\"\",INDIRECT(\"'MRO Certificate Printing'!G\"&((ROW()-2)*4)+4))","v":""},{"$f":"IF(INDIRECT(\"'MRO Certificate Printing'!J\"&((ROW()-2)*4)+4)=\"\",\"\",INDIRECT(\"'MRO Certificate Printing'!J\"&((ROW()-2)*4)+4))","v":""},{"$f":"IF(INDIRECT(\"'MRO Certificate Printing'!I\"&((ROW()-2)*4)+4)=\"\",\"\",INDIRECT(\"'MRO Certificate Printing'!I\"&((ROW()-2)*4)+4))","v":""},{"$f":"IF(INDIRECT(\"'MRO Certificate Printing'!K\"&((ROW()-2)*4)+4)=\"\",\"\",INDIRECT(\"'MRO Certificate Printing'!K\"&((ROW()-2)*4)+4))","v":""},null,{"$f":"IF(INDIRECT(\"'MRO Certificate Printing'!D\"&((ROW()-2)*4)+5)=\"\",\"\",INDIRECT(\"'MRO Certificate Printing'!D\"&((ROW()-2)*4)+5))","v":""},{"$f":"IF(INDIRECT(\"'MRO Certificate Printing'!E\"&((ROW()-2)*4)+5)=\"\",\"\",INDIRECT(\"'MRO Certificate Printing'!E\"&((ROW()-2)*4)+5))","v":""},{"$f":"IF(INDIRECT(\"'MRO Certificate Printing'!F\"&((ROW()-2)*4)+5)=\"\",\"\",INDIRECT(\"'MRO Certificate Printing'!F\"&((ROW()-2)*4)+5))","v":""},{"$f":"IF(INDIRECT(\"'MRO Certificate Printing'!B\"&((ROW()-2)*4)+5)=\"\",\"\",INDIRECT(\"'MRO Certificate Printing'!B\"&((ROW()-2)*4)+5))","v":""},{"$f":"IF(INDIRECT(\"'MRO Certificate Printing'!G\"&((ROW()-2)*4)+5)=\"\",\"\",INDIRECT(\"'MRO Certificate Printing'!G\"&((ROW()-2)*4)+5))","v":""},{"$f":"IF(INDIRECT(\"'MRO Certificate Printing'!J\"&((ROW()-2)*4)+5)=\"\",\"\",INDIRECT(\"'MRO Certificate Printing'!J\"&((ROW()-2)*4)+5))","v":""},{"$f":"IF(INDIRECT(\"'MRO Certificate Printing'!I\"&((ROW()-2)*4)+5)=\"\",\"\",INDIRECT(\"'MRO Certificate Printing'!I\"&((ROW()-2)*4)+5))","v":""},{"$f":"IF(INDIRECT(\"'MRO Certificate Printing'!K\"&((ROW()-2)*4)+5)=\"\",\"\",INDIRECT(\"'MRO Certificate Printing'!K\"&((ROW()-2)*4)+5))","v":""}]
["",{"$f":"IF(INDIRECT(\"'MRO Certificate Printing'!D\"&((ROW()-2)*4)+2)=\"\",\"\",INDIRECT(\"'MRO Certificate Printing'!D\"&((ROW()-2)*4)+2))","v":""},{"$f":"IF(INDIRECT(\"'MRO Certificate Printing'!E\"&((ROW()-2)*4)+2)=\"\",\"\",INDIRECT(\"'MRO Certificate Printing'!E\"&((ROW()-2)*4)+2))","v":""},{"$f":"IF(INDIRECT(\"'MRO Certificate Printing'!F\"&((ROW()-2)*4)+2)=\"\",\"\",INDIRECT(\"'MRO Certificate Printing'!F\"&((ROW()-2)*4)+2))","v":""},{"$f":"IF(INDIRECT(\"'MRO Certificate Printing'!B\"&((ROW()-2)*4)+2)=\"\",\"\",INDIRECT(\"'MRO Certificate Printing'!B\"&((ROW()-2)*4)+2))","v":""},{"$f":"IF(INDIRECT(\"'MRO Certificate Printing'!G\"&((ROW()-2)*4)+2)=\"\",\"\",INDIRECT(\"'MRO Certificate Printing'!G\"&((ROW()-2)*4)+2))","v":""},{"$f":"IF(INDIRECT(\"'MRO Certificate Printing'!J\"&((ROW()-2)*4)+2)=\"\",\"\",INDIRECT(\"'MRO Certificate Printing'!J\"&((ROW()-2)*4)+2))","v":""},{"$f":"IF(INDIRECT(\"'MRO Certificate Printing'!I\"&((ROW()-2)*4)+2)=\"\",\"\",INDIRECT(\"'MRO Certificate Printing'!I\"&((ROW()-2)*4)+2))","v":""},{"$f":"IF(INDIRECT(\"'MRO Certificate Printing'!K\"&((ROW()-2)*4)+2)=\"\",\"\",INDIRECT(\"'MRO Certificate Printing'!K\"&((ROW()-2)*4)+2))","v":""},null,{"$f":"IF(INDIRECT(\"'MRO Certificate Printing'!D\"&((ROW()-2)*4)+3)=\"\",\"\",INDIRECT(\"'MRO Certificate Printing'!D\"&((ROW()-2)*4)+3))","v":""},{"$f":"IF(INDIRECT(\"'MRO Certificate Printing'!E\"&((ROW()-2)*4)+3)=\"\",\"\",INDIRECT(\"'MRO Certificate Printing'!E\"&((ROW()-2)*4)+3))","v":""},{"$f":"IF(INDIRECT(\"'MRO Certificate Printing'!F\"&((ROW()-2)*4)+3)=\"\",\"\",INDIRECT(\"'MRO Certificate Printing'!F\"&((ROW()-2)*4)+3))","v":""},{"$f":"IF(INDIRECT(\"'MRO Certificate Printing'!B\"&((ROW()-2)*4)+3)=\"\",\"\",INDIRECT(\"'MRO Certificate Printing'!B\"&((ROW()-2)*4)+3))","v":""},{"$f":"IF(INDIRECT(\"'MRO Certificate Printing'!G\"&((ROW()-2)*4)+3)=\"\",\"\",INDIRECT(\"'MRO Certificate Printing'!G\"&((ROW()-2)*4)+3))","v":""},{"$f":"IF(INDIRECT(\"'MRO Certificate Printing'!J\"&((ROW()-2)*4)+3)=\"\",\"\",INDIRECT(\"'MRO Certificate Printing'!J\"&((ROW()-2)*4)+3))","v":""},{"$f":"IF(INDIRECT(\"'MRO Certificate Printing'!I\"&((ROW()-2)*4)+3)=\"\",\"\",INDIRECT(\"'MRO Certificate Printing'!I\"&((ROW()-2)*4)+3))","v":""},{"$f":"IF(INDIRECT(\"'MRO Certificate Printing'!K\"&((ROW()-2)*4)+3)=\"\",\"\",INDIRECT(\"'MRO Certificate Printing'!K\"&((ROW()-2)*4)+3))","v":""},null,{"$f":"IF(INDIRECT(\"'MRO Certificate Printing'!D\"&((ROW()-2)*4)+4)=\"\",\"\",INDIRECT(\"'MRO Certificate Printing'!D\"&((ROW()-2)*4)+4))","v":""},{"$f":"IF(INDIRECT(\"'MRO Certificate Printing'!E\"&((ROW()-2)*4)+4)=\"\",\"\",INDIRECT(\"'MRO Certificate Printing'!E\"&((ROW()-2)*4)+4))","v":""},{"$f":"IF(INDIRECT(\"'MRO Certificate Printing'!F\"&((ROW()-2)*4)+4)=\"\",\"\",INDIRECT(\"'MRO Certificate Printing'!F\"&((ROW()-2)*4)+4))","v":""},{"$f":"IF(INDIRECT(\"'MRO Certificate Printing'!B\"&((ROW()-2)*4)+4)=\"\",\"\",INDIRECT(\"'MRO Certificate Printing'!B\"&((ROW()-2)*4)+4))","v":""},{"$f":"IF(INDIRECT(\"'MRO Certificate Printing'!G\"&((ROW()-2)*4)+4)=\"\",\"\",INDIRECT(\"'MRO Certificate Printing'!G\"&((ROW()-2)*4)+4))","v":""},{"$f":"IF(INDIRECT(\"'MRO Certificate Printing'!J\"&((ROW()-2)*4)+4)=\"\",\"\",INDIRECT(\"'MRO Certificate Printing'!J\"&((ROW()-2)*4)+4))","v":""},{"$f":"IF(INDIRECT(\"'MRO Certificate Printing'!I\"&((ROW()-2)*4)+4)=\"\",\"\",INDIRECT(\"'MRO Certificate Printing'!I\"&((ROW()-2)*4)+4))","v":""},{"$f":"IF(INDIRECT(\"'MRO Certificate Printing'!K\"&((ROW()-2)*4)+4)=\"\",\"\",INDIRECT(\"'MRO Certificate Printing'!K\"&((ROW()-2)*4)+4))","v":""},null,{"$f":"IF(INDIRECT(\"'MRO Certificate Printing'!D\"&((ROW()-2)*4)+5)=\"\",\"\",INDIRECT(\"'MRO Certificate Printing'!D\"&((ROW()-2)*4)+5))","v":""},{"$f":"IF(INDIRECT(\"'MRO Certificate Printing'!E\"&((ROW()-2)*4)+5)=\"\",\"\",INDIRECT(\"'MRO Certificate Printing'!E\"&((ROW()-2)*4)+5))","v":""},{"$f":"IF(INDIRECT(\"'MRO Certificate Printing'!F\"&((ROW()-2)*4)+5)=\"\",\"\",INDIRECT(\"'MRO Certificate Printing'!F\"&((ROW()-2)*4)+5))","v":""},{"$f":"IF(INDIRECT(\"'MRO Certificate Printing'!B\"&((ROW()-2)*4)+5)=\"\",\"\",INDIRECT(\"'MRO Certificate Printing'!B\"&((ROW()-2)*4)+5))","v":""},{"$f":"IF(INDIRECT(\"'MRO Certificate Printing'!G\"&((ROW()-2)*4)+5)=\"\",\"\",INDIRECT(\"'MRO Certificate Printing'!G\"&((ROW()-2)*4)+5))","v":""},{"$f":"IF(INDIRECT(\"'MRO Certificate Printing'!J\"&((ROW()-2)*4)+5)=\"\",\"\",INDIRECT(\"'MRO Certificate Printing'!J\"&((ROW()-2)*4)+5))","v":""},{"$f":"IF(INDIRECT(\"'MRO Certificate Printing'!I\"&((ROW()-2)*4)+5)=\"\",\"\",INDIRECT(\"'MRO Certificate Printing'!I\"&((ROW()-2)*4)+5))","v":""},{"$f":"IF(INDIRECT(\"'MRO Certificate Printing'!K\"&((ROW()-2)*4)+5)=\"\",\"\",INDIRECT(\"'MRO Certificate Printing'!K\"&((ROW()-2)*4)+5))","v":""}]
["",{"$f":"IF(INDIRECT(\"'MRO Certificate Printing'!D\"&((ROW()-2)*4)+2)=\"\",\"\",INDIRECT(\"'MRO Certificate Printing'!D\"&((ROW()-2)*4)+2))","v":""},{"$f":"IF(INDIRECT(\"'MRO Certificate Printing'!E\"&((ROW()-2)*4)+2)=\"\",\"\",INDIRECT(\"'MRO Certificate Printing'!E\"&((ROW()-2)*4)+2))","v":""},{"$f":"IF(INDIRECT(\"'MRO Certificate Printing'!F\"&((ROW()-2)*4)+2)=\"\",\"\",INDIRECT(\"'MRO Certificate Printing'!F\"&((ROW()-2)*4)+2))","v":""},{"$f":"IF(INDIRECT(\"'MRO Certificate Printing'!B\"&((ROW()-2)*4)+2)=\"\",\"\",INDIRECT(\"'MRO Certificate Printing'!B\"&((ROW()-2)*4)+2))","v":""},{"$f":"IF(INDIRECT(\"'MRO Certificate Printing'!G\"&((ROW()-2)*4)+2)=\"\",\"\",INDIRECT(\"'MRO Certificate Printing'!G\"&((ROW()-2)*4)+2))","v":""},{"$f":"IF(INDIRECT(\"'MRO Certificate Printing'!J\"&((ROW()-2)*4)+2)=\"\",\"\",INDIRECT(\"'MRO Certificate Printing'!J\"&((ROW()-2)*4)+2))","v":""},{"$f":"IF(INDIRECT(\"'MRO Certificate Printing'!I\"&((ROW()-2)*4)+2)=\"\",\"\",INDIRECT(\"'MRO Certificate Printing'!I\"&((ROW()-2)*4)+2))","v":""},{"$f":"IF(INDIRECT(\"'MRO Certificate Printing'!K\"&((ROW()-2)*4)+2)=\"\",\"\",INDIRECT(\"'MRO Certificate Printing'!K\"&((ROW()-2)*4)+2))","v":""},null,{"$f":"IF(INDIRECT(\"'MRO Certificate Printing'!D\"&((ROW()-2)*4)+3)=\"\",\"\",INDIRECT(\"'MRO Certificate Printing'!D\"&((ROW()-2)*4)+3))","v":""},{"$f":"IF(INDIRECT(\"'MRO Certificate Printing'!E\"&((ROW()-2)*4)+3)=\"\",\"\",INDIRECT(\"'MRO Certificate Printing'!E\"&((ROW()-2)*4)+3))","v":""},{"$f":"IF(INDIRECT(\"'MRO Certificate Printing'!F\"&((ROW()-2)*4)+3)=\"\",\"\",INDIRECT(\"'MRO Certificate Printing'!F\"&((ROW()-2)*4)+3))","v":""},{"$f":"IF(INDIRECT(\"'MRO Certificate Printing'!B\"&((ROW()-2)*4)+3)=\"\",\"\",INDIRECT(\"'MRO Certificate Printing'!B\"&((ROW()-2)*4)+3))","v":""},{"$f":"IF(INDIRECT(\"'MRO Certificate Printing'!G\"&((ROW()-2)*4)+3)=\"\",\"\",INDIRECT(\"'MRO Certificate Printing'!G\"&((ROW()-2)*4)+3))","v":""},{"$f":"IF(INDIRECT(\"'MRO Certificate Printing'!J\"&((ROW()-2)*4)+3)=\"\",\"\",INDIRECT(\"'MRO Certificate Printing'!J\"&((ROW()-2)*4)+3))","v":""},{"$f":"IF(INDIRECT(\"'MRO Certificate Printing'!I\"&((ROW()-2)*4)+3)=\"\",\"\",INDIRECT(\"'MRO Certificate Printing'!I\"&((ROW()-2)*4)+3))","v":""},{"$f":"IF(INDIRECT(\"'MRO Certificate Printing'!K\"&((ROW()-2)*4)+3)=\"\",\"\",INDIRECT(\"'MRO Certificate Printing'!K\"&((ROW()-2)*4)+3))","v":""},null,{"$f":"IF(INDIRECT(\"'MRO Certificate Printing'!D\"&((ROW()-2)*4)+4)=\"\",\"\",INDIRECT(\"'MRO Certificate Printing'!D\"&((ROW()-2)*4)+4))","v":""},{"$f":"IF(INDIRECT(\"'MRO Certificate Printing'!E\"&((ROW()-2)*4)+4)=\"\",\"\",INDIRECT(\"'MRO Certificate Printing'!E\"&((ROW()-2)*4)+4))","v":""},{"$f":"IF(INDIRECT(\"'MRO Certificate Printing'!F\"&((ROW()-2)*4)+4)=\"\",\"\",INDIRECT(\"'MRO Certificate Printing'!F\"&((ROW()-2)*4)+4))","v":""},{"$f":"IF(INDIRECT(\"'MRO Certificate Printing'!B\"&((ROW()-2)*4)+4)=\"\",\"\",INDIRECT(\"'MRO Certificate Printing'!B\"&((ROW()-2)*4)+4))","v":""},{"$f":"IF(INDIRECT(\"'MRO Certificate Printing'!G\"&((ROW()-2)*4)+4)=\"\",\"\",INDIRECT(\"'MRO Certificate Printing'!G\"&((ROW()-2)*4)+4))","v":""},{"$f":"IF(INDIRECT(\"'MRO Certificate Printing'!J\"&((ROW()-2)*4)+4)=\"\",\"\",INDIRECT(\"'MRO Certificate Printing'!J\"&((ROW()-2)*4)+4))","v":""},{"$f":"IF(INDIRECT(\"'MRO Certificate Printing'!I\"&((ROW()-2)*4)+4)=\"\",\"\",INDIRECT(\"'MRO Certificate Printing'!I\"&((ROW()-2)*4)+4))","v":""},{"$f":"IF(INDIRECT(\"'MRO Certificate Printing'!K\"&((ROW()-2)*4)+4)=\"\",\"\",INDIRECT(\"'MRO Certificate Printing'!K\"&((ROW()-2)*4)+4))","v":""},null,{"$f":"IF(INDIRECT(\"'MRO Certificate Printing'!D\"&((ROW()-2)*4)+5)=\"\",\"\",INDIRECT(\"'MRO Certificate Printing'!D\"&((ROW()-2)*4)+5))","v":""},{"$f":"IF(INDIRECT(\"'MRO Certificate Printing'!E\"&((ROW()-2)*4)+5)=\"\",\"\",INDIRECT(\"'MRO Certificate Printing'!E\"&((ROW()-2)*4)+5))","v":""},{"$f":"IF(INDIRECT(\"'MRO Certificate Printing'!F\"&((ROW()-2)*4)+5)=\"\",\"\",INDIRECT(\"'MRO Certificate Printing'!F\"&((ROW()-2)*4)+5))","v":""},{"$f":"IF(INDIRECT(\"'MRO Certificate Printing'!B\"&((ROW()-2)*4)+5)=\"\",\"\",INDIRECT(\"'MRO Certificate Printing'!B\"&((ROW()-2)*4)+5))","v":""},{"$f":"IF(INDIRECT(\"'MRO Certificate Printing'!G\"&((ROW()-2)*4)+5)=\"\",\"\",INDIRECT(\"'MRO Certificate Printing'!G\"&((ROW()-2)*4)+5))","v":""},{"$f":"IF(INDIRECT(\"'MRO Certificate Printing'!J\"&((ROW()-2)*4)+5)=\"\",\"\",INDIRECT(\"'MRO Certificate Printing'!J\"&((ROW()-2)*4)+5))","v":""},{"$f":"IF(INDIRECT(\"'MRO Certificate Printing'!I\"&((ROW()-2)*4)+5)=\"\",\"\",INDIRECT(\"'MRO Certificate Printing'!I\"&((ROW()-2)*4)+5))","v":""},{"$f":"IF(INDIRECT(\"'MRO Certificate Printing'!K\"&((ROW()-2)*4)+5)=\"\",\"\",INDIRECT(\"'MRO Certificate Printing'!K\"&((ROW()-2)*4)+5))","v":""}]
["",{"$f":"IF(INDIRECT(\"'MRO Certificate Printing'!D\"&((ROW()-2)*4)+2)=\"\",\"\",INDIRECT(\"'MRO Certificate Printing'!D\"&((ROW()-2)*4)+2))","v":""},{"$f":"IF(INDIRECT(\"'MRO Certificate Printing'!E\"&((ROW()-2)*4)+2)=\"\",\"\",INDIRECT(\"'MRO Certificate Printing'!E\"&((ROW()-2)*4)+2))","v":""},{"$f":"IF(INDIRECT(\"'MRO Certificate Printing'!F\"&((ROW()-2)*4)+2)=\"\",\"\",INDIRECT(\"'MRO Certificate Printing'!F\"&((ROW()-2)*4)+2))","v":""},{"$f":"IF(INDIRECT(\"'MRO Certificate Printing'!B\"&((ROW()-2)*4)+2)=\"\",\"\",INDIRECT(\"'MRO Certificate Printing'!B\"&((ROW()-2)*4)+2))","v":""},{"$f":"IF(INDIRECT(\"'MRO Certificate Printing'!G\"&((ROW()-2)*4)+2)=\"\",\"\",INDIRECT(\"'MRO Certificate Printing'!G\"&((ROW()-2)*4)+2))","v":""},{"$f":"IF(INDIRECT(\"'MRO Certificate Printing'!J\"&((ROW()-2)*4)+2)=\"\",\"\",INDIRECT(\"'MRO Certificate Printing'!J\"&((ROW()-2)*4)+2))","v":""},{"$f":"IF(INDIRECT(\"'MRO Certificate Printing'!I\"&((ROW()-2)*4)+2)=\"\",\"\",INDIRECT(\"'MRO Certificate Printing'!I\"&((ROW()-2)*4)+2))","v":""},{"$f":"IF(INDIRECT(\"'MRO Certificate Printing'!K\"&((ROW()-2)*4)+2)=\"\",\"\",INDIRECT(\"'MRO Certificate Printing'!K\"&((ROW()-2)*4)+2))","v":""},null,{"$f":"IF(INDIRECT(\"'MRO Certificate Printing'!D\"&((ROW()-2)*4)+3)=\"\",\"\",INDIRECT(\"'MRO Certificate Printing'!D\"&((ROW()-2)*4)+3))","v":""},{"$f":"IF(INDIRECT(\"'MRO Certificate Printing'!E\"&((ROW()-2)*4)+3)=\"\",\"\",INDIRECT(\"'MRO Certificate Printing'!E\"&((ROW()-2)*4)+3))","v":""},{"$f":"IF(INDIRECT(\"'MRO Certificate Printing'!F\"&((ROW()-2)*4)+3)=\"\",\"\",INDIRECT(\"'MRO Certificate Printing'!F\"&((ROW()-2)*4)+3))","v":""},{"$f":"IF(INDIRECT(\"'MRO Certificate Printing'!B\"&((ROW()-2)*4)+3)=\"\",\"\",INDIRECT(\"'MRO Certificate Printing'!B\"&((ROW()-2)*4)+3))","v":""},{"$f":"IF(INDIRECT(\"'MRO Certificate Printing'!G\"&((ROW()-2)*4)+3)=\"\",\"\",INDIRECT(\"'MRO Certificate Printing'!G\"&((ROW()-2)*4)+3))","v":""},{"$f":"IF(INDIRECT(\"'MRO Certificate Printing'!J\"&((ROW()-2)*4)+3)=\"\",\"\",INDIRECT(\"'MRO Certificate Printing'!J\"&((ROW()-2)*4)+3))","v":""},{"$f":"IF(INDIRECT(\"'MRO Certificate Printing'!I\"&((ROW()-2)*4)+3)=\"\",\"\",INDIRECT(\"'MRO Certificate Printing'!I\"&((ROW()-2)*4)+3))","v":""},{"$f":"IF(INDIRECT(\"'MRO Certificate Printing'!K\"&((ROW()-2)*4)+3)=\"\",\"\",INDIRECT(\"'MRO Certificate Printing'!K\"&((ROW()-2)*4)+3))","v":""},null,{"$f":"IF(INDIRECT(\"'MRO Certificate Printing'!D\"&((ROW()-2)*4)+4)=\"\",\"\",INDIRECT(\"'MRO Certificate Printing'!D\"&((ROW()-2)*4)+4))","v":""},{"$f":"IF(INDIRECT(\"'MRO Certificate Printing'!E\"&((ROW()-2)*4)+4)=\"\",\"\",INDIRECT(\"'MRO Certificate Printing'!E\"&((ROW()-2)*4)+4))","v":""},{"$f":"IF(INDIRECT(\"'MRO Certificate Printing'!F\"&((ROW()-2)*4)+4)=\"\",\"\",INDIRECT(\"'MRO Certificate Printing'!F\"&((ROW()-2)*4)+4))","v":""},{"$f":"IF(INDIRECT(\"'MRO Certificate Printing'!B\"&((ROW()-2)*4)+4)=\"\",\"\",INDIRECT(\"'MRO Certificate Printing'!B\"&((ROW()-2)*4)+4))","v":""},{"$f":"IF(INDIRECT(\"'MRO Certificate Printing'!G\"&((ROW()-2)*4)+4)=\"\",\"\",INDIRECT(\"'MRO Certificate Printing'!G\"&((ROW()-2)*4)+4))","v":""},{"$f":"IF(INDIRECT(\"'MRO Certificate Printing'!J\"&((ROW()-2)*4)+4)=\"\",\"\",INDIRECT(\"'MRO Certificate Printing'!J\"&((ROW()-2)*4)+4))","v":""},{"$f":"IF(INDIRECT(\"'MRO Certificate Printing'!I\"&((ROW()-2)*4)+4)=\"\",\"\",INDIRECT(\"'MRO Certificate Printing'!I\"&((ROW()-2)*4)+4))","v":""},{"$f":"IF(INDIRECT(\"'MRO Certificate Printing'!K\"&((ROW()-2)*4)+4)=\"\",\"\",INDIRECT(\"'MRO Certificate Printing'!K\"&((ROW()-2)*4)+4))","v":""},null,{"$f":"IF(INDIRECT(\"'MRO Certificate Printing'!D\"&((ROW()-2)*4)+5)=\"\",\"\",INDIRECT(\"'MRO Certificate Printing'!D\"&((ROW()-2)*4)+5))","v":""},{"$f":"IF(INDIRECT(\"'MRO Certificate Printing'!E\"&((ROW()-2)*4)+5)=\"\",\"\",INDIRECT(\"'MRO Certificate Printing'!E\"&((ROW()-2)*4)+5))","v":""},{"$f":"IF(INDIRECT(\"'MRO Certificate Printing'!F\"&((ROW()-2)*4)+5)=\"\",\"\",INDIRECT(\"'MRO Certificate Printing'!F\"&((ROW()-2)*4)+5))","v":""},{"$f":"IF(INDIRECT(\"'MRO Certificate Printing'!B\"&((ROW()-2)*4)+5)=\"\",\"\",INDIRECT(\"'MRO Certificate Printing'!B\"&((ROW()-2)*4)+5))","v":""},{"$f":"IF(INDIRECT(\"'MRO Certificate Printing'!G\"&((ROW()-2)*4)+5)=\"\",\"\",INDIRECT(\"'MRO Certificate Printing'!G\"&((ROW()-2)*4)+5))","v":""},{"$f":"IF(INDIRECT(\"'MRO Certificate Printing'!J\"&((ROW()-2)*4)+5)=\"\",\"\",INDIRECT(\"'MRO Certificate Printing'!J\"&((ROW()-2)*4)+5))","v":""},{"$f":"IF(INDIRECT(\"'MRO Certificate Printing'!I\"&((ROW()-2)*4)+5)=\"\",\"\",INDIRECT(\"'MRO Certificate Printing'!I\"&((ROW()-2)*4)+5))","v":""},{"$f":"IF(INDIRECT(\"'MRO Certificate Printing'!K\"&((ROW()-2)*4)+5)=\"\",\"\",INDIRECT(\"'MRO Certificate Printing'!K\"&((ROW()-2)*4)+5))","v":""}]
["",{"$f":"IF(INDIRECT(\"'MRO Certificate Printing'!D\"&((ROW()-2)*4)+2)=\"\",\"\",INDIRECT(\"'MRO Certificate Printing'!D\"&((ROW()-2)*4)+2))","v":""},{"$f":"IF(INDIRECT(\"'MRO Certificate Printing'!E\"&((ROW()-2)*4)+2)=\"\",\"\",INDIRECT(\"'MRO Certificate Printing'!E\"&((ROW()-2)*4)+2))","v":""},{"$f":"IF(INDIRECT(\"'MRO Certificate Printing'!F\"&((ROW()-2)*4)+2)=\"\",\"\",INDIRECT(\"'MRO Certificate Printing'!F\"&((ROW()-2)*4)+2))","v":""},{"$f":"IF(INDIRECT(\"'MRO Certificate Printing'!B\"&((ROW()-2)*4)+2)=\"\",\"\",INDIRECT(\"'MRO Certificate Printing'!B\"&((ROW()-2)*4)+2))","v":""},{"$f":"IF(INDIRECT(\"'MRO Certificate Printing'!G\"&((ROW()-2)*4)+2)=\"\",\"\",INDIRECT(\"'MRO Certificate Printing'!G\"&((ROW()-2)*4)+2))","v":""},{"$f":"IF(INDIRECT(\"'MRO Certificate Printing'!J\"&((ROW()-2)*4)+2)=\"\",\"\",INDIRECT(\"'MRO Certificate Printing'!J\"&((ROW()-2)*4)+2))","v":""},{"$f":"IF(INDIRECT(\"'MRO Certificate Printing'!I\"&((ROW()-2)*4)+2)=\"\",\"\",INDIRECT(\"'MRO Certificate Printing'!I\"&((ROW()-2)*4)+2))","v":""},{"$f":"IF(INDIRECT(\"'MRO Certificate Printing'!K\"&((ROW()-2)*4)+2)=\"\",\"\",INDIRECT(\"'MRO Certificate Printing'!K\"&((ROW()-2)*4)+2))","v":""},null,{"$f":"IF(INDIRECT(\"'MRO Certificate Printing'!D\"&((ROW()-2)*4)+3)=\"\",\"\",INDIRECT(\"'MRO Certificate Printing'!D\"&((ROW()-2)*4)+3))","v":""},{"$f":"IF(INDIRECT(\"'MRO Certificate Printing'!E\"&((ROW()-2)*4)+3)=\"\",\"\",INDIRECT(\"'MRO Certificate Printing'!E\"&((ROW()-2)*4)+3))","v":""},{"$f":"IF(INDIRECT(\"'MRO Certificate Printing'!F\"&((ROW()-2)*4)+3)=\"\",\"\",INDIRECT(\"'MRO Certificate Printing'!F\"&((ROW()-2)*4)+3))","v":""},{"$f":"IF(INDIRECT(\"'MRO Certificate Printing'!B\"&((ROW()-2)*4)+3)=\"\",\"\",INDIRECT(\"'MRO Certificate Printing'!B\"&((ROW()-2)*4)+3))","v":""},{"$f":"IF(INDIRECT(\"'MRO Certificate Printing'!G\"&((ROW()-2)*4)+3)=\"\",\"\",INDIRECT(\"'MRO Certificate Printing'!G\"&((ROW()-2)*4)+3))","v":""},{"$f":"IF(INDIRECT(\"'MRO Certificate Printing'!J\"&((ROW()-2)*4)+3)=\"\",\"\",INDIRECT(\"'MRO Certificate Printing'!J\"&((ROW()-2)*4)+3))","v":""},{"$f":"IF(INDIRECT(\"'MRO Certificate Printing'!I\"&((ROW()-2)*4)+3)=\"\",\"\",INDIRECT(\"'MRO Certificate Printing'!I\"&((ROW()-2)*4)+3))","v":""},{"$f":"IF(INDIRECT(\"'MRO Certificate Printing'!K\"&((ROW()-2)*4)+3)=\"\",\"\",INDIRECT(\"'MRO Certificate Printing'!K\"&((ROW()-2)*4)+3))","v":""},null,{"$f":"IF(INDIRECT(\"'MRO Certificate Printing'!D\"&((ROW()-2)*4)+4)=\"\",\"\",INDIRECT(\"'MRO Certificate Printing'!D\"&((ROW()-2)*4)+4))","v":""},{"$f":"IF(INDIRECT(\"'MRO Certificate Printing'!E\"&((ROW()-2)*4)+4)=\"\",\"\",INDIRECT(\"'MRO Certificate Printing'!E\"&((ROW()-2)*4)+4))","v":""},{"$f":"IF(INDIRECT(\"'MRO Certificate Printing'!F\"&((ROW()-2)*4)+4)=\"\",\"\",INDIRECT(\"'MRO Certificate Printing'!F\"&((ROW()-2)*4)+4))","v":""},{"$f":"IF(INDIRECT(\"'MRO Certificate Printing'!B\"&((ROW()-2)*4)+4)=\"\",\"\",INDIRECT(\"'MRO Certificate Printing'!B\"&((ROW()-2)*4)+4))","v":""},{"$f":"IF(INDIRECT(\"'MRO Certificate Printing'!G\"&((ROW()-2)*4)+4)=\"\",\"\",INDIRECT(\"'MRO Certificate Printing'!G\"&((ROW()-2)*4)+4))","v":""},{"$f":"IF(INDIRECT(\"'MRO Certificate Printing'!J\"&((ROW()-2)*4)+4)=\"\",\"\",INDIRECT(\"'MRO Certificate Printing'!J\"&((ROW()-2)*4)+4))","v":""},{"$f":"IF(INDIRECT(\"'MRO Certificate Printing'!I\"&((ROW()-2)*4)+4)=\"\",\"\",INDIRECT(\"'MRO Certificate Printing'!I\"&((ROW()-2)*4)+4))","v":""},{"$f":"IF(INDIRECT(\"'MRO Certificate Printing'!K\"&((ROW()-2)*4)+4)=\"\",\"\",INDIRECT(\"'MRO Certificate Printing'!K\"&((ROW()-2)*4)+4))","v":""},null,{"$f":"IF(INDIRECT(\"'MRO Certificate Printing'!D\"&((ROW()-2)*4)+5)=\"\",\"\",INDIRECT(\"'MRO Certificate Printing'!D\"&((ROW()-2)*4)+5))","v":""},{"$f":"IF(INDIRECT(\"'MRO Certificate Printing'!E\"&((ROW()-2)*4)+5)=\"\",\"\",INDIRECT(\"'MRO Certificate Printing'!E\"&((ROW()-2)*4)+5))","v":""},{"$f":"IF(INDIRECT(\"'MRO Certificate Printing'!F\"&((ROW()-2)*4)+5)=\"\",\"\",INDIRECT(\"'MRO Certificate Printing'!F\"&((ROW()-2)*4)+5))","v":""},{"$f":"IF(INDIRECT(\"'MRO Certificate Printing'!B\"&((ROW()-2)*4)+5)=\"\",\"\",INDIRECT(\"'MRO Certificate Printing'!B\"&((ROW()-2)*4)+5))","v":""},{"$f":"IF(INDIRECT(\"'MRO Certificate Printing'!G\"&((ROW()-2)*4)+5)=\"\",\"\",INDIRECT(\"'MRO Certificate Printing'!G\"&((ROW()-2)*4)+5))","v":""},{"$f":"IF(INDIRECT(\"'MRO Certificate Printing'!J\"&((ROW()-2)*4)+5)=\"\",\"\",INDIRECT(\"'MRO Certificate Printing'!J\"&((ROW()-2)*4)+5))","v":""},{"$f":"IF(INDIRECT(\"'MRO Certificate Printing'!I\"&((ROW()-2)*4)+5)=\"\",\"\",INDIRECT(\"'MRO Certificate Printing'!I\"&((ROW()-2)*4)+5))","v":""},{"$f":"IF(INDIRECT(\"'MRO Certificate Printing'!K\"&((ROW()-2)*4)+5)=\"\",\"\",INDIRECT(\"'MRO Certificate Printing'!K\"&((ROW()-2)*4)+5))","v":""}]
["",{"$f":"IF(INDIRECT(\"'MRO Certificate Printing'!D\"&((ROW()-2)*4)+2)=\"\",\"\",INDIRECT(\"'MRO Certificate Printing'!D\"&((ROW()-2)*4)+2))","v":""},{"$f":"IF(INDIRECT(\"'MRO Certificate Printing'!E\"&((ROW()-2)*4)+2)=\"\",\"\",INDIRECT(\"'MRO Certificate Printing'!E\"&((ROW()-2)*4)+2))","v":""},{"$f":"IF(INDIRECT(\"'MRO Certificate Printing'!F\"&((ROW()-2)*4)+2)=\"\",\"\",INDIRECT(\"'MRO Certificate Printing'!F\"&((ROW()-2)*4)+2))","v":""},{"$f":"IF(INDIRECT(\"'MRO Certificate Printing'!B\"&((ROW()-2)*4)+2)=\"\",\"\",INDIRECT(\"'MRO Certificate Printing'!B\"&((ROW()-2)*4)+2))","v":""},{"$f":"IF(INDIRECT(\"'MRO Certificate Printing'!G\"&((ROW()-2)*4)+2)=\"\",\"\",INDIRECT(\"'MRO Certificate Printing'!G\"&((ROW()-2)*4)+2))","v":""},{"$f":"IF(INDIRECT(\"'MRO Certificate Printing'!J\"&((ROW()-2)*4)+2)=\"\",\"\",INDIRECT(\"'MRO Certificate Printing'!J\"&((ROW()-2)*4)+2))","v":""},{"$f":"IF(INDIRECT(\"'MRO Certificate Printing'!I\"&((ROW()-2)*4)+2)=\"\",\"\",INDIRECT(\"'MRO Certificate Printing'!I\"&((ROW()-2)*4)+2))","v":""},{"$f":"IF(INDIRECT(\"'MRO Certificate Printing'!K\"&((ROW()-2)*4)+2)=\"\",\"\",INDIRECT(\"'MRO Certificate Printing'!K\"&((ROW()-2)*4)+2))","v":""},null,{"$f":"IF(INDIRECT(\"'MRO Certificate Printing'!D\"&((ROW()-2)*4)+3)=\"\",\"\",INDIRECT(\"'MRO Certificate Printing'!D\"&((ROW()-2)*4)+3))","v":""},{"$f":"IF(INDIRECT(\"'MRO Certificate Printing'!E\"&((ROW()-2)*4)+3)=\"\",\"\",INDIRECT(\"'MRO Certificate Printing'!E\"&((ROW()-2)*4)+3))","v":""},{"$f":"IF(INDIRECT(\"'MRO Certificate Printing'!F\"&((ROW()-2)*4)+3)=\"\",\"\",INDIRECT(\"'MRO Certificate Printing'!F\"&((ROW()-2)*4)+3))","v":""},{"$f":"IF(INDIRECT(\"'MRO Certificate Printing'!B\"&((ROW()-2)*4)+3)=\"\",\"\",INDIRECT(\"'MRO Certificate Printing'!B\"&((ROW()-2)*4)+3))","v":""},{"$f":"IF(INDIRECT(\"'MRO Certificate Printing'!G\"&((ROW()-2)*4)+3)=\"\",\"\",INDIRECT(\"'MRO Certificate Printing'!G\"&((ROW()-2)*4)+3))","v":""},{"$f":"IF(INDIRECT(\"'MRO Certificate Printing'!J\"&((ROW()-2)*4)+3)=\"\",\"\",INDIRECT(\"'MRO Certificate Printing'!J\"&((ROW()-2)*4)+3))","v":""},{"$f":"IF(INDIRECT(\"'MRO Certificate Printing'!I\"&((ROW()-2)*4)+3)=\"\",\"\",INDIRECT(\"'MRO Certificate Printing'!I\"&((ROW()-2)*4)+3))","v":""},{"$f":"IF(INDIRECT(\"'MRO Certificate Printing'!K\"&((ROW()-2)*4)+3)=\"\",\"\",INDIRECT(\"'MRO Certificate Printing'!K\"&((ROW()-2)*4)+3))","v":""},null,{"$f":"IF(INDIRECT(\"'MRO Certificate Printing'!D\"&((ROW()-2)*4)+4)=\"\",\"\",INDIRECT(\"'MRO Certificate Printing'!D\"&((ROW()-2)*4)+4))","v":""},{"$f":"IF(INDIRECT(\"'MRO Certificate Printing'!E\"&((ROW()-2)*4)+4)=\"\",\"\",INDIRECT(\"'MRO Certificate Printing'!E\"&((ROW()-2)*4)+4))","v":""},{"$f":"IF(INDIRECT(\"'MRO Certificate Printing'!F\"&((ROW()-2)*4)+4)=\"\",\"\",INDIRECT(\"'MRO Certificate Printing'!F\"&((ROW()-2)*4)+4))","v":""},{"$f":"IF(INDIRECT(\"'MRO Certificate Printing'!B\"&((ROW()-2)*4)+4)=\"\",\"\",INDIRECT(\"'MRO Certificate Printing'!B\"&((ROW()-2)*4)+4))","v":""},{"$f":"IF(INDIRECT(\"'MRO Certificate Printing'!G\"&((ROW()-2)*4)+4)=\"\",\"\",INDIRECT(\"'MRO Certificate Printing'!G\"&((ROW()-2)*4)+4))","v":""},{"$f":"IF(INDIRECT(\"'MRO Certificate Printing'!J\"&((ROW()-2)*4)+4)=\"\",\"\",INDIRECT(\"'MRO Certificate Printing'!J\"&((ROW()-2)*4)+4))","v":""},{"$f":"IF(INDIRECT(\"'MRO Certificate Printing'!I\"&((ROW()-2)*4)+4)=\"\",\"\",INDIRECT(\"'MRO Certificate Printing'!I\"&((ROW()-2)*4)+4))","v":""},{"$f":"IF(INDIRECT(\"'MRO Certificate Printing'!K\"&((ROW()-2)*4)+4)=\"\",\"\",INDIRECT(\"'MRO Certificate Printing'!K\"&((ROW()-2)*4)+4))","v":""},null,{"$f":"IF(INDIRECT(\"'MRO Certificate Printing'!D\"&((ROW()-2)*4)+5)=\"\",\"\",INDIRECT(\"'MRO Certificate Printing'!D\"&((ROW()-2)*4)+5))","v":""},{"$f":"IF(INDIRECT(\"'MRO Certificate Printing'!E\"&((ROW()-2)*4)+5)=\"\",\"\",INDIRECT(\"'MRO Certificate Printing'!E\"&((ROW()-2)*4)+5))","v":""},{"$f":"IF(INDIRECT(\"'MRO Certificate Printing'!F\"&((ROW()-2)*4)+5)=\"\",\"\",INDIRECT(\"'MRO Certificate Printing'!F\"&((ROW()-2)*4)+5))","v":""},{"$f":"IF(INDIRECT(\"'MRO Certificate Printing'!B\"&((ROW()-2)*4)+5)=\"\",\"\",INDIRECT(\"'MRO Certificate Printing'!B\"&((ROW()-2)*4)+5))","v":""},{"$f":"IF(INDIRECT(\"'MRO Certificate Printing'!G\"&((ROW()-2)*4)+5)=\"\",\"\",INDIRECT(\"'MRO Certificate Printing'!G\"&((ROW()-2)*4)+5))","v":""},{"$f":"IF(INDIRECT(\"'MRO Certificate Printing'!J\"&((ROW()-2)*4)+5)=\"\",\"\",INDIRECT(\"'MRO Certificate Printing'!J\"&((ROW()-2)*4)+5))","v":""},{"$f":"IF(INDIRECT(\"'MRO Certificate Printing'!I\"&((ROW()-2)*4)+5)=\"\",\"\",INDIRECT(\"'MRO Certificate Printing'!I\"&((ROW()-2)*4)+5))","v":""},{"$f":"IF(INDIRECT(\"'MRO Certificate Printing'!K\"&((ROW()-2)*4)+5)=\"\",\"\",INDIRECT(\"'MRO Certificate Printing'!K\"&((ROW()-2)*4)+5))","v":""}]
["",{"$f":"IF(INDIRECT(\"'MRO Certificate Printing'!D\"&((ROW()-2)*4)+2)=\"\",\"\",INDIRECT(\"'MRO Certificate Printing'!D\"&((ROW()-2)*4)+2))","v":""},{"$f":"IF(INDIRECT(\"'MRO Certificate Printing'!E\"&((ROW()-2)*4)+2)=\"\",\"\",INDIRECT(\"'MRO Certificate Printing'!E\"&((ROW()-2)*4)+2))","v":""},{"$f":"IF(INDIRECT(\"'MRO Certificate Printing'!F\"&((ROW()-2)*4)+2)=\"\",\"\",INDIRECT(\"'MRO Certificate Printing'!F\"&((ROW()-2)*4)+2))","v":""},{"$f":"IF(INDIRECT(\"'MRO Certificate Printing'!B\"&((ROW()-2)*4)+2)=\"\",\"\",INDIRECT(\"'MRO Certificate Printing'!B\"&((ROW()-2)*4)+2))","v":""},{"$f":"IF(INDIRECT(\"'MRO Certificate Printing'!G\"&((ROW()-2)*4)+2)=\"\",\"\",INDIRECT(\"'MRO Certificate Printing'!G\"&((ROW()-2)*4)+2))","v":""},{"$f":"IF(INDIRECT(\"'MRO Certificate Printing'!J\"&((ROW()-2)*4)+2)=\"\",\"\",INDIRECT(\"'MRO Certificate Printing'!J\"&((ROW()-2)*4)+2))","v":""},{"$f":"IF(INDIRECT(\"'MRO Certificate Printing'!I\"&((ROW()-2)*4)+2)=\"\",\"\",INDIRECT(\"'MRO Certificate Printing'!I\"&((ROW()-2)*4)+2))","v":""},{"$f":"IF(INDIRECT(\"'MRO Certificate Printing'!K\"&((ROW()-2)*4)+2)=\"\",\"\",INDIRECT(\"'MRO Certificate Printing'!K\"&((ROW()-2)*4)+2))","v":""},null,{"$f":"IF(INDIRECT(\"'MRO Certificate Printing'!D\"&((ROW()-2)*4)+3)=\"\",\"\",INDIRECT(\"'MRO Certificate Printing'!D\"&((ROW()-2)*4)+3))","v":""},{"$f":"IF(INDIRECT(\"'MRO Certificate Printing'!E\"&((ROW()-2)*4)+3)=\"\",\"\",INDIRECT(\"'MRO Certificate Printing'!E\"&((ROW()-2)*4)+3))","v":""},{"$f":"IF(INDIRECT(\"'MRO Certificate Printing'!F\"&((ROW()-2)*4)+3)=\"\",\"\",INDIRECT(\"'MRO Certificate Printing'!F\"&((ROW()-2)*4)+3))","v":""},{"$f":"IF(INDIRECT(\"'MRO Certificate Printing'!B\"&((ROW()-2)*4)+3)=\"\",\"\",INDIRECT(\"'MRO Certificate Printing'!B\"&((ROW()-2)*4)+3))","v":""},{"$f":"IF(INDIRECT(\"'MRO Certificate Printing'!G\"&((ROW()-2)*4)+3)=\"\",\"\",INDIRECT(\"'MRO Certificate Printing'!G\"&((ROW()-2)*4)+3))","v":""},{"$f":"IF(INDIRECT(\"'MRO Certificate Printing'!J\"&((ROW()-2)*4)+3)=\"\",\"\",INDIRECT(\"'MRO Certificate Printing'!J\"&((ROW()-2)*4)+3))","v":""},{"$f":"IF(INDIRECT(\"'MRO Certificate Printing'!I\"&((ROW()-2)*4)+3)=\"\",\"\",INDIRECT(\"'MRO Certificate Printing'!I\"&((ROW()-2)*4)+3))","v":""},{"$f":"IF(INDIRECT(\"'MRO Certificate Printing'!K\"&((ROW()-2)*4)+3)=\"\",\"\",INDIRECT(\"'MRO Certificate Printing'!K\"&((ROW()-2)*4)+3))","v":""},null,{"$f":"IF(INDIRECT(\"'MRO Certificate Printing'!D\"&((ROW()-2)*4)+4)=\"\",\"\",INDIRECT(\"'MRO Certificate Printing'!D\"&((ROW()-2)*4)+4))","v":""},{"$f":"IF(INDIRECT(\"'MRO Certificate Printing'!E\"&((ROW()-2)*4)+4)=\"\",\"\",INDIRECT(\"'MRO Certificate Printing'!E\"&((ROW()-2)*4)+4))","v":""},{"$f":"IF(INDIRECT(\"'MRO Certificate Printing'!F\"&((ROW()-2)*4)+4)=\"\",\"\",INDIRECT(\"'MRO Certificate Printing'!F\"&((ROW()-2)*4)+4))","v":""},{"$f":"IF(INDIRECT(\"'MRO Certificate Printing'!B\"&((ROW()-2)*4)+4)=\"\",\"\",INDIRECT(\"'MRO Certificate Printing'!B\"&((ROW()-2)*4)+4))","v":""},{"$f":"IF(INDIRECT(\"'MRO Certificate Printing'!G\"&((ROW()-2)*4)+4)=\"\",\"\",INDIRECT(\"'MRO Certificate Printing'!G\"&((ROW()-2)*4)+4))","v":""},{"$f":"IF(INDIRECT(\"'MRO Certificate Printing'!J\"&((ROW()-2)*4)+4)=\"\",\"\",INDIRECT(\"'MRO Certificate Printing'!J\"&((ROW()-2)*4)+4))","v":""},{"$f":"IF(INDIRECT(\"'MRO Certificate Printing'!I\"&((ROW()-2)*4)+4)=\"\",\"\",INDIRECT(\"'MRO Certificate Printing'!I\"&((ROW()-2)*4)+4))","v":""},{"$f":"IF(INDIRECT(\"'MRO Certificate Printing'!K\"&((ROW()-2)*4)+4)=\"\",\"\",INDIRECT(\"'MRO Certificate Printing'!K\"&((ROW()-2)*4)+4))","v":""},null,{"$f":"IF(INDIRECT(\"'MRO Certificate Printing'!D\"&((ROW()-2)*4)+5)=\"\",\"\",INDIRECT(\"'MRO Certificate Printing'!D\"&((ROW()-2)*4)+5))","v":""},{"$f":"IF(INDIRECT(\"'MRO Certificate Printing'!E\"&((ROW()-2)*4)+5)=\"\",\"\",INDIRECT(\"'MRO Certificate Printing'!E\"&((ROW()-2)*4)+5))","v":""},{"$f":"IF(INDIRECT(\"'MRO Certificate Printing'!F\"&((ROW()-2)*4)+5)=\"\",\"\",INDIRECT(\"'MRO Certificate Printing'!F\"&((ROW()-2)*4)+5))","v":""},{"$f":"IF(INDIRECT(\"'MRO Certificate Printing'!B\"&((ROW()-2)*4)+5)=\"\",\"\",INDIRECT(\"'MRO Certificate Printing'!B\"&((ROW()-2)*4)+5))","v":""},{"$f":"IF(INDIRECT(\"'MRO Certificate Printing'!G\"&((ROW()-2)*4)+5)=\"\",\"\",INDIRECT(\"'MRO Certificate Printing'!G\"&((ROW()-2)*4)+5))","v":""},{"$f":"IF(INDIRECT(\"'MRO Certificate Printing'!J\"&((ROW()-2)*4)+5)=\"\",\"\",INDIRECT(\"'MRO Certificate Printing'!J\"&((ROW()-2)*4)+5))","v":""},{"$f":"IF(INDIRECT(\"'MRO Certificate Printing'!I\"&((ROW()-2)*4)+5)=\"\",\"\",INDIRECT(\"'MRO Certificate Printing'!I\"&((ROW()-2)*4)+5))","v":""},{"$f":"IF(INDIRECT(\"'MRO Certificate Printing'!K\"&((ROW()-2)*4)+5)=\"\",\"\",INDIRECT(\"'MRO Certificate Printing'!K\"&((ROW()-2)*4)+5))","v":""}]
["",{"$f":"IF(INDIRECT(\"'MRO Certificate Printing'!D\"&((ROW()-2)*4)+2)=\"\",\"\",INDIRECT(\"'MRO Certificate Printing'!D\"&((ROW()-2)*4)+2))","v":""},{"$f":"IF(INDIRECT(\"'MRO Certificate Printing'!E\"&((ROW()-2)*4)+2)=\"\",\"\",INDIRECT(\"'MRO Certificate Printing'!E\"&((ROW()-2)*4)+2))","v":""},{"$f":"IF(INDIRECT(\"'MRO Certificate Printing'!F\"&((ROW()-2)*4)+2)=\"\",\"\",INDIRECT(\"'MRO Certificate Printing'!F\"&((ROW()-2)*4)+2))","v":""},{"$f":"IF(INDIRECT(\"'MRO Certificate Printing'!B\"&((ROW()-2)*4)+2)=\"\",\"\",INDIRECT(\"'MRO Certificate Printing'!B\"&((ROW()-2)*4)+2))","v":""},{"$f":"IF(INDIRECT(\"'MRO Certificate Printing'!G\"&((ROW()-2)*4)+2)=\"\",\"\",INDIRECT(\"'MRO Certificate Printing'!G\"&((ROW()-2)*4)+2))","v":""},{"$f":"IF(INDIRECT(\"'MRO Certificate Printing'!J\"&((ROW()-2)*4)+2)=\"\",\"\",INDIRECT(\"'MRO Certificate Printing'!J\"&((ROW()-2)*4)+2))","v":""},{"$f":"IF(INDIRECT(\"'MRO Certificate Printing'!I\"&((ROW()-2)*4)+2)=\"\",\"\",INDIRECT(\"'MRO Certificate Printing'!I\"&((ROW()-2)*4)+2))","v":""},{"$f":"IF(INDIRECT(\"'MRO Certificate Printing'!K\"&((ROW()-2)*4)+2)=\"\",\"\",INDIRECT(\"'MRO Certificate Printing'!K\"&((ROW()-2)*4)+2))","v":""},null,{"$f":"IF(INDIRECT(\"'MRO Certificate Printing'!D\"&((ROW()-2)*4)+3)=\"\",\"\",INDIRECT(\"'MRO Certificate Printing'!D\"&((ROW()-2)*4)+3))","v":""},{"$f":"IF(INDIRECT(\"'MRO Certificate Printing'!E\"&((ROW()-2)*4)+3)=\"\",\"\",INDIRECT(\"'MRO Certificate Printing'!E\"&((ROW()-2)*4)+3))","v":""},{"$f":"IF(INDIRECT(\"'MRO Certificate Printing'!F\"&((ROW()-2)*4)+3)=\"\",\"\",INDIRECT(\"'MRO Certificate Printing'!F\"&((ROW()-2)*4)+3))","v":""},{"$f":"IF(INDIRECT(\"'MRO Certificate Printing'!B\"&((ROW()-2)*4)+3)=\"\",\"\",INDIRECT(\"'MRO Certificate Printing'!B\"&((ROW()-2)*4)+3))","v":""},{"$f":"IF(INDIRECT(\"'MRO Certificate Printing'!G\"&((ROW()-2)*4)+3)=\"\",\"\",INDIRECT(\"'MRO Certificate Printing'!G\"&((ROW()-2)*4)+3))","v":""},{"$f":"IF(INDIRECT(\"'MRO Certificate Printing'!J\"&((ROW()-2)*4)+3)=\"\",\"\",INDIRECT(\"'MRO Certificate Printing'!J\"&((ROW()-2)*4)+3))","v":""},{"$f":"IF(INDIRECT(\"'MRO Certificate Printing'!I\"&((ROW()-2)*4)+3)=\"\",\"\",INDIRECT(\"'MRO Certificate Printing'!I\"&((ROW()-2)*4)+3))","v":""},{"$f":"IF(INDIRECT(\"'MRO Certificate Printing'!K\"&((ROW()-2)*4)+3)=\"\",\"\",INDIRECT(\"'MRO Certificate Printing'!K\"&((ROW()-2)*4)+3))","v":""},null,{"$f":"IF(INDIRECT(\"'MRO Certificate Printing'!D\"&((ROW()-2)*4)+4)=\"\",\"\",INDIRECT(\"'MRO Certificate Printing'!D\"&((ROW()-2)*4)+4))","v":""},{"$f":"IF(INDIRECT(\"'MRO Certificate Printing'!E\"&((ROW()-2)*4)+4)=\"\",\"\",INDIRECT(\"'MRO Certificate Printing'!E\"&((ROW()-2)*4)+4))","v":""},{"$f":"IF(INDIRECT(\"'MRO Certificate Printing'!F\"&((ROW()-2)*4)+4)=\"\",\"\",INDIRECT(\"'MRO Certificate Printing'!F\"&((ROW()-2)*4)+4))","v":""},{"$f":"IF(INDIRECT(\"'MRO Certificate Printing'!B\"&((ROW()-2)*4)+4)=\"\",\"\",INDIRECT(\"'MRO Certificate Printing'!B\"&((ROW()-2)*4)+4))","v":""},{"$f":"IF(INDIRECT(\"'MRO Certificate Printing'!G\"&((ROW()-2)*4)+4)=\"\",\"\",INDIRECT(\"'MRO Certificate Printing'!G\"&((ROW()-2)*4)+4))","v":""},{"$f":"IF(INDIRECT(\"'MRO Certificate Printing'!J\"&((ROW()-2)*4)+4)=\"\",\"\",INDIRECT(\"'MRO Certificate Printing'!J\"&((ROW()-2)*4)+4))","v":""},{"$f":"IF(INDIRECT(\"'MRO Certificate Printing'!I\"&((ROW()-2)*4)+4)=\"\",\"\",INDIRECT(\"'MRO Certificate Printing'!I\"&((ROW()-2)*4)+4))","v":""},{"$f":"IF(INDIRECT(\"'MRO Certificate Printing'!K\"&((ROW()-2)*4)+4)=\"\",\"\",INDIRECT(\"'MRO Certificate Printing'!K\"&((ROW()-2)*4)+4))","v":""},null,{"$f":"IF(INDIRECT(\"'MRO Certificate Printing'!D\"&((ROW()-2)*4)+5)=\"\",\"\",INDIRECT(\"'MRO Certificate Printing'!D\"&((ROW()-2)*4)+5))","v":""},{"$f":"IF(INDIRECT(\"'MRO Certificate Printing'!E\"&((ROW()-2)*4)+5)=\"\",\"\",INDIRECT(\"'MRO Certificate Printing'!E\"&((ROW()-2)*4)+5))","v":""},{"$f":"IF(INDIRECT(\"'MRO Certificate Printing'!F\"&((ROW()-2)*4)+5)=\"\",\"\",INDIRECT(\"'MRO Certificate Printing'!F\"&((ROW()-2)*4)+5))","v":""},{"$f":"IF(INDIRECT(\"'MRO Certificate Printing'!B\"&((ROW()-2)*4)+5)=\"\",\"\",INDIRECT(\"'MRO Certificate Printing'!B\"&((ROW()-2)*4)+5))","v":""},{"$f":"IF(INDIRECT(\"'MRO Certificate Printing'!G\"&((ROW()-2)*4)+5)=\"\",\"\",INDIRECT(\"'MRO Certificate Printing'!G\"&((ROW()-2)*4)+5))","v":""},{"$f":"IF(INDIRECT(\"'MRO Certificate Printing'!J\"&((ROW()-2)*4)+5)=\"\",\"\",INDIRECT(\"'MRO Certificate Printing'!J\"&((ROW()-2)*4)+5))","v":""},{"$f":"IF(INDIRECT(\"'MRO Certificate Printing'!I\"&((ROW()-2)*4)+5)=\"\",\"\",INDIRECT(\"'MRO Certificate Printing'!I\"&((ROW()-2)*4)+5))","v":""},{"$f":"IF(INDIRECT(\"'MRO Certificate Printing'!K\"&((ROW()-2)*4)+5)=\"\",\"\",INDIRECT(\"'MRO Certificate Printing'!K\"&((ROW()-2)*4)+5))","v":""}]
["",{"$f":"IF(INDIRECT(\"'MRO Certificate Printing'!D\"&((ROW()-2)*4)+2)=\"\",\"\",INDIRECT(\"'MRO Certificate Printing'!D\"&((ROW()-2)*4)+2))","v":""},{"$f":"IF(INDIRECT(\"'MRO Certificate Printing'!E\"&((ROW()-2)*4)+2)=\"\",\"\",INDIRECT(\"'MRO Certificate Printing'!E\"&((ROW()-2)*4)+2))","v":""},{"$f":"IF(INDIRECT(\"'MRO Certificate Printing'!F\"&((ROW()-2)*4)+2)=\"\",\"\",INDIRECT(\"'MRO Certificate Printing'!F\"&((ROW()-2)*4)+2))","v":""},{"$f":"IF(INDIRECT(\"'MRO Certificate Printing'!B\"&((ROW()-2)*4)+2)=\"\",\"\",INDIRECT(\"'MRO Certificate Printing'!B\"&((ROW()-2)*4)+2))","v":""},{"$f":"IF(INDIRECT(\"'MRO Certificate Printing'!G\"&((ROW()-2)*4)+2)=\"\",\"\",INDIRECT(\"'MRO Certificate Printing'!G\"&((ROW()-2)*4)+2))","v":""},{"$f":"IF(INDIRECT(\"'MRO Certificate Printing'!J\"&((ROW()-2)*4)+2)=\"\",\"\",INDIRECT(\"'MRO Certificate Printing'!J\"&((ROW()-2)*4)+2))","v":""},{"$f":"IF(INDIRECT(\"'MRO Certificate Printing'!I\"&((ROW()-2)*4)+2)=\"\",\"\",INDIRECT(\"'MRO Certificate Printing'!I\"&((ROW()-2)*4)+2))","v":""},{"$f":"IF(INDIRECT(\"'MRO Certificate Printing'!K\"&((ROW()-2)*4)+2)=\"\",\"\",INDIRECT(\"'MRO Certificate Printing'!K\"&((ROW()-2)*4)+2))","v":""},null,{"$f":"IF(INDIRECT(\"'MRO Certificate Printing'!D\"&((ROW()-2)*4)+3)=\"\",\"\",INDIRECT(\"'MRO Certificate Printing'!D\"&((ROW()-2)*4)+3))","v":""},{"$f":"IF(INDIRECT(\"'MRO Certificate Printing'!E\"&((ROW()-2)*4)+3)=\"\",\"\",INDIRECT(\"'MRO Certificate Printing'!E\"&((ROW()-2)*4)+3))","v":""},{"$f":"IF(INDIRECT(\"'MRO Certificate Printing'!F\"&((ROW()-2)*4)+3)=\"\",\"\",INDIRECT(\"'MRO Certificate Printing'!F\"&((ROW()-2)*4)+3))","v":""},{"$f":"IF(INDIRECT(\"'MRO Certificate Printing'!B\"&((ROW()-2)*4)+3)=\"\",\"\",INDIRECT(\"'MRO Certificate Printing'!B\"&((ROW()-2)*4)+3))","v":""},{"$f":"IF(INDIRECT(\"'MRO Certificate Printing'!G\"&((ROW()-2)*4)+3)=\"\",\"\",INDIRECT(\"'MRO Certificate Printing'!G\"&((ROW()-2)*4)+3))","v":""},{"$f":"IF(INDIRECT(\"'MRO Certificate Printing'!J\"&((ROW()-2)*4)+3)=\"\",\"\",INDIRECT(\"'MRO Certificate Printing'!J\"&((ROW()-2)*4)+3))","v":""},{"$f":"IF(INDIRECT(\"'MRO Certificate Printing'!I\"&((ROW()-2)*4)+3)=\"\",\"\",INDIRECT(\"'MRO Certificate Printing'!I\"&((ROW()-2)*4)+3))","v":""},{"$f":"IF(INDIRECT(\"'MRO Certificate Printing'!K\"&((ROW()-2)*4)+3)=\"\",\"\",INDIRECT(\"'MRO Certificate Printing'!K\"&((ROW()-2)*4)+3))","v":""},null,{"$f":"IF(INDIRECT(\"'MRO Certificate Printing'!D\"&((ROW()-2)*4)+4)=\"\",\"\",INDIRECT(\"'MRO Certificate Printing'!D\"&((ROW()-2)*4)+4))","v":""},{"$f":"IF(INDIRECT(\"'MRO Certificate Printing'!E\"&((ROW()-2)*4)+4)=\"\",\"\",INDIRECT(\"'MRO Certificate Printing'!E\"&((ROW()-2)*4)+4))","v":""},{"$f":"IF(INDIRECT(\"'MRO Certificate Printing'!F\"&((ROW()-2)*4)+4)=\"\",\"\",INDIRECT(\"'MRO Certificate Printing'!F\"&((ROW()-2)*4)+4))","v":""},{"$f":"IF(INDIRECT(\"'MRO Certificate Printing'!B\"&((ROW()-2)*4)+4)=\"\",\"\",INDIRECT(\"'MRO Certificate Printing'!B\"&((ROW()-2)*4)+4))","v":""},{"$f":"IF(INDIRECT(\"'MRO Certificate Printing'!G\"&((ROW()-2)*4)+4)=\"\",\"\",INDIRECT(\"'MRO Certificate Printing'!G\"&((ROW()-2)*4)+4))","v":""},{"$f":"IF(INDIRECT(\"'MRO Certificate Printing'!J\"&((ROW()-2)*4)+4)=\"\",\"\",INDIRECT(\"'MRO Certificate Printing'!J\"&((ROW()-2)*4)+4))","v":""},{"$f":"IF(INDIRECT(\"'MRO Certificate Printing'!I\"&((ROW()-2)*4)+4)=\"\",\"\",INDIRECT(\"'MRO Certificate Printing'!I\"&((ROW()-2)*4)+4))","v":""},{"$f":"IF(INDIRECT(\"'MRO Certificate Printing'!K\"&((ROW()-2)*4)+4)=\"\",\"\",INDIRECT(\"'MRO Certificate Printing'!K\"&((ROW()-2)*4)+4))","v":""},null,{"$f":"IF(INDIRECT(\"'MRO Certificate Printing'!D\"&((ROW()-2)*4)+5)=\"\",\"\",INDIRECT(\"'MRO Certificate Printing'!D\"&((ROW()-2)*4)+5))","v":""},{"$f":"IF(INDIRECT(\"'MRO Certificate Printing'!E\"&((ROW()-2)*4)+5)=\"\",\"\",INDIRECT(\"'MRO Certificate Printing'!E\"&((ROW()-2)*4)+5))","v":""},{"$f":"IF(INDIRECT(\"'MRO Certificate Printing'!F\"&((ROW()-2)*4)+5)=\"\",\"\",INDIRECT(\"'MRO Certificate Printing'!F\"&((ROW()-2)*4)+5))","v":""},{"$f":"IF(INDIRECT(\"'MRO Certificate Printing'!B\"&((ROW()-2)*4)+5)=\"\",\"\",INDIRECT(\"'MRO Certificate Printing'!B\"&((ROW()-2)*4)+5))","v":""},{"$f":"IF(INDIRECT(\"'MRO Certificate Printing'!G\"&((ROW()-2)*4)+5)=\"\",\"\",INDIRECT(\"'MRO Certificate Printing'!G\"&((ROW()-2)*4)+5))","v":""},{"$f":"IF(INDIRECT(\"'MRO Certificate Printing'!J\"&((ROW()-2)*4)+5)=\"\",\"\",INDIRECT(\"'MRO Certificate Printing'!J\"&((ROW()-2)*4)+5))","v":""},{"$f":"IF(INDIRECT(\"'MRO Certificate Printing'!I\"&((ROW()-2)*4)+5)=\"\",\"\",INDIRECT(\"'MRO Certificate Printing'!I\"&((ROW()-2)*4)+5))","v":""},{"$f":"IF(INDIRECT(\"'MRO Certificate Printing'!K\"&((ROW()-2)*4)+5)=\"\",\"\",INDIRECT(\"'MRO Certificate Printing'!K\"&((ROW()-2)*4)+5))","v":""}]
["",{"$f":"IF(INDIRECT(\"'MRO Certificate Printing'!D\"&((ROW()-2)*4)+2)=\"\",\"\",INDIRECT(\"'MRO Certificate Printing'!D\"&((ROW()-2)*4)+2))","v":""},{"$f":"IF(INDIRECT(\"'MRO Certificate Printing'!E\"&((ROW()-2)*4)+2)=\"\",\"\",INDIRECT(\"'MRO Certificate Printing'!E\"&((ROW()-2)*4)+2))","v":""},{"$f":"IF(INDIRECT(\"'MRO Certificate Printing'!F\"&((ROW()-2)*4)+2)=\"\",\"\",INDIRECT(\"'MRO Certificate Printing'!F\"&((ROW()-2)*4)+2))","v":""},{"$f":"IF(INDIRECT(\"'MRO Certificate Printing'!B\"&((ROW()-2)*4)+2)=\"\",\"\",INDIRECT(\"'MRO Certificate Printing'!B\"&((ROW()-2)*4)+2))","v":""},{"$f":"IF(INDIRECT(\"'MRO Certificate Printing'!G\"&((ROW()-2)*4)+2)=\"\",\"\",INDIRECT(\"'MRO Certificate Printing'!G\"&((ROW()-2)*4)+2))","v":""},{"$f":"IF(INDIRECT(\"'MRO Certificate Printing'!J\"&((ROW()-2)*4)+2)=\"\",\"\",INDIRECT(\"'MRO Certificate Printing'!J\"&((ROW()-2)*4)+2))","v":""},{"$f":"IF(INDIRECT(\"'MRO Certificate Printing'!I\"&((ROW()-2)*4)+2)=\"\",\"\",INDIRECT(\"'MRO Certificate Printing'!I\"&((ROW()-2)*4)+2))","v":""},{"$f":"IF(INDIRECT(\"'MRO Certificate Printing'!K\"&((ROW()-2)*4)+2)=\"\",\"\",INDIRECT(\"'MRO Certificate Printing'!K\"&((ROW()-2)*4)+2))","v":""},null,{"$f":"IF(INDIRECT(\"'MRO Certificate Printing'!D\"&((ROW()-2)*4)+3)=\"\",\"\",INDIRECT(\"'MRO Certificate Printing'!D\"&((ROW()-2)*4)+3))","v":""},{"$f":"IF(INDIRECT(\"'MRO Certificate Printing'!E\"&((ROW()-2)*4)+3)=\"\",\"\",INDIRECT(\"'MRO Certificate Printing'!E\"&((ROW()-2)*4)+3))","v":""},{"$f":"IF(INDIRECT(\"'MRO Certificate Printing'!F\"&((ROW()-2)*4)+3)=\"\",\"\",INDIRECT(\"'MRO Certificate Printing'!F\"&((ROW()-2)*4)+3))","v":""},{"$f":"IF(INDIRECT(\"'MRO Certificate Printing'!B\"&((ROW()-2)*4)+3)=\"\",\"\",INDIRECT(\"'MRO Certificate Printing'!B\"&((ROW()-2)*4)+3))","v":""},{"$f":"IF(INDIRECT(\"'MRO Certificate Printing'!G\"&((ROW()-2)*4)+3)=\"\",\"\",INDIRECT(\"'MRO Certificate Printing'!G\"&((ROW()-2)*4)+3))","v":""},{"$f":"IF(INDIRECT(\"'MRO Certificate Printing'!J\"&((ROW()-2)*4)+3)=\"\",\"\",INDIRECT(\"'MRO Certificate Printing'!J\"&((ROW()-2)*4)+3))","v":""},{"$f":"IF(INDIRECT(\"'MRO Certificate Printing'!I\"&((ROW()-2)*4)+3)=\"\",\"\",INDIRECT(\"'MRO Certificate Printing'!I\"&((ROW()-2)*4)+3))","v":""},{"$f":"IF(INDIRECT(\"'MRO Certificate Printing'!K\"&((ROW()-2)*4)+3)=\"\",\"\",INDIRECT(\"'MRO Certificate Printing'!K\"&((ROW()-2)*4)+3))","v":""},null,{"$f":"IF(INDIRECT(\"'MRO Certificate Printing'!D\"&((ROW()-2)*4)+4)=\"\",\"\",INDIRECT(\"'MRO Certificate Printing'!D\"&((ROW()-2)*4)+4))","v":""},{"$f":"IF(INDIRECT(\"'MRO Certificate Printing'!E\"&((ROW()-2)*4)+4)=\"\",\"\",INDIRECT(\"'MRO Certificate Printing'!E\"&((ROW()-2)*4)+4))","v":""},{"$f":"IF(INDIRECT(\"'MRO Certificate Printing'!F\"&((ROW()-2)*4)+4)=\"\",\"\",INDIRECT(\"'MRO Certificate Printing'!F\"&((ROW()-2)*4)+4))","v":""},{"$f":"IF(INDIRECT(\"'MRO Certificate Printing'!B\"&((ROW()-2)*4)+4)=\"\",\"\",INDIRECT(\"'MRO Certificate Printing'!B\"&((ROW()-2)*4)+4))","v":""},{"$f":"IF(INDIRECT(\"'MRO Certificate Printing'!G\"&((ROW()-2)*4)+4)=\"\",\"\",INDIRECT(\"'MRO Certificate Printing'!G\"&((ROW()-2)*4)+4))","v":""},{"$f":"IF(INDIRECT(\"'MRO Certificate Printing'!J\"&((ROW()-2)*4)+4)=\"\",\"\",INDIRECT(\"'MRO Certificate Printing'!J\"&((ROW()-2)*4)+4))","v":""},{"$f":"IF(INDIRECT(\"'MRO Certificate Printing'!I\"&((ROW()-2)*4)+4)=\"\",\"\",INDIRECT(\"'MRO Certificate Printing'!I\"&((ROW()-2)*4)+4))","v":""},{"$f":"IF(INDIRECT(\"'MRO Certificate Printing'!K\"&((ROW()-2)*4)+4)=\"\",\"\",INDIRECT(\"'MRO Certificate Printing'!K\"&((ROW()-2)*4)+4))","v":""},null,{"$f":"IF(INDIRECT(\"'MRO Certificate Printing'!D\"&((ROW()-2)*4)+5)=\"\",\"\",INDIRECT(\"'MRO Certificate Printing'!D\"&((ROW()-2)*4)+5))","v":""},{"$f":"IF(INDIRECT(\"'MRO Certificate Printing'!E\"&((ROW()-2)*4)+5)=\"\",\"\",INDIRECT(\"'MRO Certificate Printing'!E\"&((ROW()-2)*4)+5))","v":""},{"$f":"IF(INDIRECT(\"'MRO Certificate Printing'!F\"&((ROW()-2)*4)+5)=\"\",\"\",INDIRECT(\"'MRO Certificate Printing'!F\"&((ROW()-2)*4)+5))","v":""},{"$f":"IF(INDIRECT(\"'MRO Certificate Printing'!B\"&((ROW()-2)*4)+5)=\"\",\"\",INDIRECT(\"'MRO Certificate Printing'!B\"&((ROW()-2)*4)+5))","v":""},{"$f":"IF(INDIRECT(\"'MRO Certificate Printing'!G\"&((ROW()-2)*4)+5)=\"\",\"\",INDIRECT(\"'MRO Certificate Printing'!G\"&((ROW()-2)*4)+5))","v":""},{"$f":"IF(INDIRECT(\"'MRO Certificate Printing'!J\"&((ROW()-2)*4)+5)=\"\",\"\",INDIRECT(\"'MRO Certificate Printing'!J\"&((ROW()-2)*4)+5))","v":""},{"$f":"IF(INDIRECT(\"'MRO Certificate Printing'!I\"&((ROW()-2)*4)+5)=\"\",\"\",INDIRECT(\"'MRO Certificate Printing'!I\"&((ROW()-2)*4)+5))","v":""},{"$f":"IF(INDIRECT(\"'MRO Certificate Printing'!K\"&((ROW()-2)*4)+5)=\"\",\"\",INDIRECT(\"'MRO Certificate Printing'!K\"&((ROW()-2)*4)+5))","v":""}]
["",{"$f":"IF(INDIRECT(\"'MRO Certificate Printing'!D\"&((ROW()-2)*4)+2)=\"\",\"\",INDIRECT(\"'MRO Certificate Printing'!D\"&((ROW()-2)*4)+2))","v":""},{"$f":"IF(INDIRECT(\"'MRO Certificate Printing'!E\"&((ROW()-2)*4)+2)=\"\",\"\",INDIRECT(\"'MRO Certificate Printing'!E\"&((ROW()-2)*4)+2))","v":""},{"$f":"IF(INDIRECT(\"'MRO Certificate Printing'!F\"&((ROW()-2)*4)+2)=\"\",\"\",INDIRECT(\"'MRO Certificate Printing'!F\"&((ROW()-2)*4)+2))","v":""},{"$f":"IF(INDIRECT(\"'MRO Certificate Printing'!B\"&((ROW()-2)*4)+2)=\"\",\"\",INDIRECT(\"'MRO Certificate Printing'!B\"&((ROW()-2)*4)+2))","v":""},{"$f":"IF(INDIRECT(\"'MRO Certificate Printing'!G\"&((ROW()-2)*4)+2)=\"\",\"\",INDIRECT(\"'MRO Certificate Printing'!G\"&((ROW()-2)*4)+2))","v":""},{"$f":"IF(INDIRECT(\"'MRO Certificate Printing'!J\"&((ROW()-2)*4)+2)=\"\",\"\",INDIRECT(\"'MRO Certificate Printing'!J\"&((ROW()-2)*4)+2))","v":""},{"$f":"IF(INDIRECT(\"'MRO Certificate Printing'!I\"&((ROW()-2)*4)+2)=\"\",\"\",INDIRECT(\"'MRO Certificate Printing'!I\"&((ROW()-2)*4)+2))","v":""},{"$f":"IF(INDIRECT(\"'MRO Certificate Printing'!K\"&((ROW()-2)*4)+2)=\"\",\"\",INDIRECT(\"'MRO Certificate Printing'!K\"&((ROW()-2)*4)+2))","v":""},null,{"$f":"IF(INDIRECT(\"'MRO Certificate Printing'!D\"&((ROW()-2)*4)+3)=\"\",\"\",INDIRECT(\"'MRO Certificate Printing'!D\"&((ROW()-2)*4)+3))","v":""},{"$f":"IF(INDIRECT(\"'MRO Certificate Printing'!E\"&((ROW()-2)*4)+3)=\"\",\"\",INDIRECT(\"'MRO Certificate Printing'!E\"&((ROW()-2)*4)+3))","v":""},{"$f":"IF(INDIRECT(\"'MRO Certificate Printing'!F\"&((ROW()-2)*4)+3)=\"\",\"\",INDIRECT(\"'MRO Certificate Printing'!F\"&((ROW()-2)*4)+3))","v":""},{"$f":"IF(INDIRECT(\"'MRO Certificate Printing'!B\"&((ROW()-2)*4)+3)=\"\",\"\",INDIRECT(\"'MRO Certificate Printing'!B\"&((ROW()-2)*4)+3))","v":""},{"$f":"IF(INDIRECT(\"'MRO Certificate Printing'!G\"&((ROW()-2)*4)+3)=\"\",\"\",INDIRECT(\"'MRO Certificate Printing'!G\"&((ROW()-2)*4)+3))","v":""},{"$f":"IF(INDIRECT(\"'MRO Certificate Printing'!J\"&((ROW()-2)*4)+3)=\"\",\"\",INDIRECT(\"'MRO Certificate Printing'!J\"&((ROW()-2)*4)+3))","v":""},{"$f":"IF(INDIRECT(\"'MRO Certificate Printing'!I\"&((ROW()-2)*4)+3)=\"\",\"\",INDIRECT(\"'MRO Certificate Printing'!I\"&((ROW()-2)*4)+3))","v":""},{"$f":"IF(INDIRECT(\"'MRO Certificate Printing'!K\"&((ROW()-2)*4)+3)=\"\",\"\",INDIRECT(\"'MRO Certificate Printing'!K\"&((ROW()-2)*4)+3))","v":""},null,{"$f":"IF(INDIRECT(\"'MRO Certificate Printing'!D\"&((ROW()-2)*4)+4)=\"\",\"\",INDIRECT(\"'MRO Certificate Printing'!D\"&((ROW()-2)*4)+4))","v":""},{"$f":"IF(INDIRECT(\"'MRO Certificate Printing'!E\"&((ROW()-2)*4)+4)=\"\",\"\",INDIRECT(\"'MRO Certificate Printing'!E\"&((ROW()-2)*4)+4))","v":""},{"$f":"IF(INDIRECT(\"'MRO Certificate Printing'!F\"&((ROW()-2)*4)+4)=\"\",\"\",INDIRECT(\"'MRO Certificate Printing'!F\"&((ROW()-2)*4)+4))","v":""},{"$f":"IF(INDIRECT(\"'MRO Certificate Printing'!B\"&((ROW()-2)*4)+4)=\"\",\"\",INDIRECT(\"'MRO Certificate Printing'!B\"&((ROW()-2)*4)+4))","v":""},{"$f":"IF(INDIRECT(\"'MRO Certificate Printing'!G\"&((ROW()-2)*4)+4)=\"\",\"\",INDIRECT(\"'MRO Certificate Printing'!G\"&((ROW()-2)*4)+4))","v":""},{"$f":"IF(INDIRECT(\"'MRO Certificate Printing'!J\"&((ROW()-2)*4)+4)=\"\",\"\",INDIRECT(\"'MRO Certificate Printing'!J\"&((ROW()-2)*4)+4))","v":""},{"$f":"IF(INDIRECT(\"'MRO Certificate Printing'!I\"&((ROW()-2)*4)+4)=\"\",\"\",INDIRECT(\"'MRO Certificate Printing'!I\"&((ROW()-2)*4)+4))","v":""},{"$f":"IF(INDIRECT(\"'MRO Certificate Printing'!K\"&((ROW()-2)*4)+4)=\"\",\"\",INDIRECT(\"'MRO Certificate Printing'!K\"&((ROW()-2)*4)+4))","v":""},null,{"$f":"IF(INDIRECT(\"'MRO Certificate Printing'!D\"&((ROW()-2)*4)+5)=\"\",\"\",INDIRECT(\"'MRO Certificate Printing'!D\"&((ROW()-2)*4)+5))","v":""},{"$f":"IF(INDIRECT(\"'MRO Certificate Printing'!E\"&((ROW()-2)*4)+5)=\"\",\"\",INDIRECT(\"'MRO Certificate Printing'!E\"&((ROW()-2)*4)+5))","v":""},{"$f":"IF(INDIRECT(\"'MRO Certificate Printing'!F\"&((ROW()-2)*4)+5)=\"\",\"\",INDIRECT(\"'MRO Certificate Printing'!F\"&((ROW()-2)*4)+5))","v":""},{"$f":"IF(INDIRECT(\"'MRO Certificate Printing'!B\"&((ROW()-2)*4)+5)=\"\",\"\",INDIRECT(\"'MRO Certificate Printing'!B\"&((ROW()-2)*4)+5))","v":""},{"$f":"IF(INDIRECT(\"'MRO Certificate Printing'!G\"&((ROW()-2)*4)+5)=\"\",\"\",INDIRECT(\"'MRO Certificate Printing'!G\"&((ROW()-2)*4)+5))","v":""},{"$f":"IF(INDIRECT(\"'MRO Certificate Printing'!J\"&((ROW()-2)*4)+5)=\"\",\"\",INDIRECT(\"'MRO Certificate Printing'!J\"&((ROW()-2)*4)+5))","v":""},{"$f":"IF(INDIRECT(\"'MRO Certificate Printing'!I\"&((ROW()-2)*4)+5)=\"\",\"\",INDIRECT(\"'MRO Certificate Printing'!I\"&((ROW()-2)*4)+5))","v":""},{"$f":"IF(INDIRECT(\"'MRO Certificate Printing'!K\"&((ROW()-2)*4)+5)=\"\",\"\",INDIRECT(\"'MRO Certificate Printing'!K\"&((ROW()-2)*4)+5))","v":""}]
["",{"$f":"IF(INDIRECT(\"'MRO Certificate Printing'!D\"&((ROW()-2)*4)+2)=\"\",\"\",INDIRECT(\"'MRO Certificate Printing'!D\"&((ROW()-2)*4)+2))","v":""},{"$f":"IF(INDIRECT(\"'MRO Certificate Printing'!E\"&((ROW()-2)*4)+2)=\"\",\"\",INDIRECT(\"'MRO Certificate Printing'!E\"&((ROW()-2)*4)+2))","v":""},{"$f":"IF(INDIRECT(\"'MRO Certificate Printing'!F\"&((ROW()-2)*4)+2)=\"\",\"\",INDIRECT(\"'MRO Certificate Printing'!F\"&((ROW()-2)*4)+2))","v":""},{"$f":"IF(INDIRECT(\"'MRO Certificate Printing'!B\"&((ROW()-2)*4)+2)=\"\",\"\",INDIRECT(\"'MRO Certificate Printing'!B\"&((ROW()-2)*4)+2))","v":""},{"$f":"IF(INDIRECT(\"'MRO Certificate Printing'!G\"&((ROW()-2)*4)+2)=\"\",\"\",INDIRECT(\"'MRO Certificate Printing'!G\"&((ROW()-2)*4)+2))","v":""},{"$f":"IF(INDIRECT(\"'MRO Certificate Printing'!J\"&((ROW()-2)*4)+2)=\"\",\"\",INDIRECT(\"'MRO Certificate Printing'!J\"&((ROW()-2)*4)+2))","v":""},{"$f":"IF(INDIRECT(\"'MRO Certificate Printing'!I\"&((ROW()-2)*4)+2)=\"\",\"\",INDIRECT(\"'MRO Certificate Printing'!I\"&((ROW()-2)*4)+2))","v":""},{"$f":"IF(INDIRECT(\"'MRO Certificate Printing'!K\"&((ROW()-2)*4)+2)=\"\",\"\",INDIRECT(\"'MRO Certificate Printing'!K\"&((ROW()-2)*4)+2))","v":""},null,{"$f":"IF(INDIRECT(\"'MRO Certificate Printing'!D\"&((ROW()-2)*4)+3)=\"\",\"\",INDIRECT(\"'MRO Certificate Printing'!D\"&((ROW()-2)*4)+3))","v":""},{"$f":"IF(INDIRECT(\"'MRO Certificate Printing'!E\"&((ROW()-2)*4)+3)=\"\",\"\",INDIRECT(\"'MRO Certificate Printing'!E\"&((ROW()-2)*4)+3))","v":""},{"$f":"IF(INDIRECT(\"'MRO Certificate Printing'!F\"&((ROW()-2)*4)+3)=\"\",\"\",INDIRECT(\"'MRO Certificate Printing'!F\"&((ROW()-2)*4)+3))","v":""},{"$f":"IF(INDIRECT(\"'MRO Certificate Printing'!B\"&((ROW()-2)*4)+3)=\"\",\"\",INDIRECT(\"'MRO Certificate Printing'!B\"&((ROW()-2)*4)+3))","v":""},{"$f":"IF(INDIRECT(\"'MRO Certificate Printing'!G\"&((ROW()-2)*4)+3)=\"\",\"\",INDIRECT(\"'MRO Certificate Printing'!G\"&((ROW()-2)*4)+3))","v":""},{"$f":"IF(INDIRECT(\"'MRO Certificate Printing'!J\"&((ROW()-2)*4)+3)=\"\",\"\",INDIRECT(\"'MRO Certificate Printing'!J\"&((ROW()-2)*4)+3))","v":""},{"$f":"IF(INDIRECT(\"'MRO Certificate Printing'!I\"&((ROW()-2)*4)+3)=\"\",\"\",INDIRECT(\"'MRO Certificate Printing'!I\"&((ROW()-2)*4)+3))","v":""},{"$f":"IF(INDIRECT(\"'MRO Certificate Printing'!K\"&((ROW()-2)*4)+3)=\"\",\"\",INDIRECT(\"'MRO Certificate Printing'!K\"&((ROW()-2)*4)+3))","v":""},null,{"$f":"IF(INDIRECT(\"'MRO Certificate Printing'!D\"&((ROW()-2)*4)+4)=\"\",\"\",INDIRECT(\"'MRO Certificate Printing'!D\"&((ROW()-2)*4)+4))","v":""},{"$f":"IF(INDIRECT(\"'MRO Certificate Printing'!E\"&((ROW()-2)*4)+4)=\"\",\"\",INDIRECT(\"'MRO Certificate Printing'!E\"&((ROW()-2)*4)+4))","v":""},{"$f":"IF(INDIRECT(\"'MRO Certificate Printing'!F\"&((ROW()-2)*4)+4)=\"\",\"\",INDIRECT(\"'MRO Certificate Printing'!F\"&((ROW()-2)*4)+4))","v":""},{"$f":"IF(INDIRECT(\"'MRO Certificate Printing'!B\"&((ROW()-2)*4)+4)=\"\",\"\",INDIRECT(\"'MRO Certificate Printing'!B\"&((ROW()-2)*4)+4))","v":""},{"$f":"IF(INDIRECT(\"'MRO Certificate Printing'!G\"&((ROW()-2)*4)+4)=\"\",\"\",INDIRECT(\"'MRO Certificate Printing'!G\"&((ROW()-2)*4)+4))","v":""},{"$f":"IF(INDIRECT(\"'MRO Certificate Printing'!J\"&((ROW()-2)*4)+4)=\"\",\"\",INDIRECT(\"'MRO Certificate Printing'!J\"&((ROW()-2)*4)+4))","v":""},{"$f":"IF(INDIRECT(\"'MRO Certificate Printing'!I\"&((ROW()-2)*4)+4)=\"\",\"\",INDIRECT(\"'MRO Certificate Printing'!I\"&((ROW()-2)*4)+4))","v":""},{"$f":"IF(INDIRECT(\"'MRO Certificate Printing'!K\"&((ROW()-2)*4)+4)=\"\",\"\",INDIRECT(\"'MRO Certificate Printing'!K\"&((ROW()-2)*4)+4))","v":""},null,{"$f":"IF(INDIRECT(\"'MRO Certificate Printing'!D\"&((ROW()-2)*4)+5)=\"\",\"\",INDIRECT(\"'MRO Certificate Printing'!D\"&((ROW()-2)*4)+5))","v":""},{"$f":"IF(INDIRECT(\"'MRO Certificate Printing'!E\"&((ROW()-2)*4)+5)=\"\",\"\",INDIRECT(\"'MRO Certificate Printing'!E\"&((ROW()-2)*4)+5))","v":""},{"$f":"IF(INDIRECT(\"'MRO Certificate Printing'!F\"&((ROW()-2)*4)+5)=\"\",\"\",INDIRECT(\"'MRO Certificate Printing'!F\"&((ROW()-2)*4)+5))","v":""},{"$f":"IF(INDIRECT(\"'MRO Certificate Printing'!B\"&((ROW()-2)*4)+5)=\"\",\"\",INDIRECT(\"'MRO Certificate Printing'!B\"&((ROW()-2)*4)+5))","v":""},{"$f":"IF(INDIRECT(\"'MRO Certificate Printing'!G\"&((ROW()-2)*4)+5)=\"\",\"\",INDIRECT(\"'MRO Certificate Printing'!G\"&((ROW()-2)*4)+5))","v":""},{"$f":"IF(INDIRECT(\"'MRO Certificate Printing'!J\"&((ROW()-2)*4)+5)=\"\",\"\",INDIRECT(\"'MRO Certificate Printing'!J\"&((ROW()-2)*4)+5))","v":""},{"$f":"IF(INDIRECT(\"'MRO Certificate Printing'!I\"&((ROW()-2)*4)+5)=\"\",\"\",INDIRECT(\"'MRO Certificate Printing'!I\"&((ROW()-2)*4)+5))","v":""},{"$f":"IF(INDIRECT(\"'MRO Certificate Printing'!K\"&((ROW()-2)*4)+5)=\"\",\"\",INDIRECT(\"'MRO Certificate Printing'!K\"&((ROW()-2)*4)+5))","v":""}]
["",{"$f":"IF(INDIRECT(\"'MRO Certificate Printing'!D\"&((ROW()-2)*4)+2)=\"\",\"\",INDIRECT(\"'MRO Certificate Printing'!D\"&((ROW()-2)*4)+2))","v":""},{"$f":"IF(INDIRECT(\"'MRO Certificate Printing'!E\"&((ROW()-2)*4)+2)=\"\",\"\",INDIRECT(\"'MRO Certificate Printing'!E\"&((ROW()-2)*4)+2))","v":""},{"$f":"IF(INDIRECT(\"'MRO Certificate Printing'!F\"&((ROW()-2)*4)+2)=\"\",\"\",INDIRECT(\"'MRO Certificate Printing'!F\"&((ROW()-2)*4)+2))","v":""},{"$f":"IF(INDIRECT(\"'MRO Certificate Printing'!B\"&((ROW()-2)*4)+2)=\"\",\"\",INDIRECT(\"'MRO Certificate Printing'!B\"&((ROW()-2)*4)+2))","v":""},{"$f":"IF(INDIRECT(\"'MRO Certificate Printing'!G\"&((ROW()-2)*4)+2)=\"\",\"\",INDIRECT(\"'MRO Certificate Printing'!G\"&((ROW()-2)*4)+2))","v":""},{"$f":"IF(INDIRECT(\"'MRO Certificate Printing'!J\"&((ROW()-2)*4)+2)=\"\",\"\",INDIRECT(\"'MRO Certificate Printing'!J\"&((ROW()-2)*4)+2))","v":""},{"$f":"IF(INDIRECT(\"'MRO Certificate Printing'!I\"&((ROW()-2)*4)+2)=\"\",\"\",INDIRECT(\"'MRO Certificate Printing'!I\"&((ROW()-2)*4)+2))","v":""},{"$f":"IF(INDIRECT(\"'MRO Certificate Printing'!K\"&((ROW()-2)*4)+2)=\"\",\"\",INDIRECT(\"'MRO Certificate Printing'!K\"&((ROW()-2)*4)+2))","v":""},null,{"$f":"IF(INDIRECT(\"'MRO Certificate Printing'!D\"&((ROW()-2)*4)+3)=\"\",\"\",INDIRECT(\"'MRO Certificate Printing'!D\"&((ROW()-2)*4)+3))","v":""},{"$f":"IF(INDIRECT(\"'MRO Certificate Printing'!E\"&((ROW()-2)*4)+3)=\"\",\"\",INDIRECT(\"'MRO Certificate Printing'!E\"&((ROW()-2)*4)+3))","v":""},{"$f":"IF(INDIRECT(\"'MRO Certificate Printing'!F\"&((ROW()-2)*4)+3)=\"\",\"\",INDIRECT(\"'MRO Certificate Printing'!F\"&((ROW()-2)*4)+3))","v":""},{"$f":"IF(INDIRECT(\"'MRO Certificate Printing'!B\"&((ROW()-2)*4)+3)=\"\",\"\",INDIRECT(\"'MRO Certificate Printing'!B\"&((ROW()-2)*4)+3))","v":""},{"$f":"IF(INDIRECT(\"'MRO Certificate Printing'!G\"&((ROW()-2)*4)+3)=\"\",\"\",INDIRECT(\"'MRO Certificate Printing'!G\"&((ROW()-2)*4)+3))","v":""},{"$f":"IF(INDIRECT(\"'MRO Certificate Printing'!J\"&((ROW()-2)*4)+3)=\"\",\"\",INDIRECT(\"'MRO Certificate Printing'!J\"&((ROW()-2)*4)+3))","v":""},{"$f":"IF(INDIRECT(\"'MRO Certificate Printing'!I\"&((ROW()-2)*4)+3)=\"\",\"\",INDIRECT(\"'MRO Certificate Printing'!I\"&((ROW()-2)*4)+3))","v":""},{"$f":"IF(INDIRECT(\"'MRO Certificate Printing'!K\"&((ROW()-2)*4)+3)=\"\",\"\",INDIRECT(\"'MRO Certificate Printing'!K\"&((ROW()-2)*4)+3))","v":""},null,{"$f":"IF(INDIRECT(\"'MRO Certificate Printing'!D\"&((ROW()-2)*4)+4)=\"\",\"\",INDIRECT(\"'MRO Certificate Printing'!D\"&((ROW()-2)*4)+4))","v":""},{"$f":"IF(INDIRECT(\"'MRO Certificate Printing'!E\"&((ROW()-2)*4)+4)=\"\",\"\",INDIRECT(\"'MRO Certificate Printing'!E\"&((ROW()-2)*4)+4))","v":""},{"$f":"IF(INDIRECT(\"'MRO Certificate Printing'!F\"&((ROW()-2)*4)+4)=\"\",\"\",INDIRECT(\"'MRO Certificate Printing'!F\"&((ROW()-2)*4)+4))","v":""},{"$f":"IF(INDIRECT(\"'MRO Certificate Printing'!B\"&((ROW()-2)*4)+4)=\"\",\"\",INDIRECT(\"'MRO Certificate Printing'!B\"&((ROW()-2)*4)+4))","v":""},{"$f":"IF(INDIRECT(\"'MRO Certificate Printing'!G\"&((ROW()-2)*4)+4)=\"\",\"\",INDIRECT(\"'MRO Certificate Printing'!G\"&((ROW()-2)*4)+4))","v":""},{"$f":"IF(INDIRECT(\"'MRO Certificate Printing'!J\"&((ROW()-2)*4)+4)=\"\",\"\",INDIRECT(\"'MRO Certificate Printing'!J\"&((ROW()-2)*4)+4))","v":""},{"$f":"IF(INDIRECT(\"'MRO Certificate Printing'!I\"&((ROW()-2)*4)+4)=\"\",\"\",INDIRECT(\"'MRO Certificate Printing'!I\"&((ROW()-2)*4)+4))","v":""},{"$f":"IF(INDIRECT(\"'MRO Certificate Printing'!K\"&((ROW()-2)*4)+4)=\"\",\"\",INDIRECT(\"'MRO Certificate Printing'!K\"&((ROW()-2)*4)+4))","v":""},null,{"$f":"IF(INDIRECT(\"'MRO Certificate Printing'!D\"&((ROW()-2)*4)+5)=\"\",\"\",INDIRECT(\"'MRO Certificate Printing'!D\"&((ROW()-2)*4)+5))","v":""},{"$f":"IF(INDIRECT(\"'MRO Certificate Printing'!E\"&((ROW()-2)*4)+5)=\"\",\"\",INDIRECT(\"'MRO Certificate Printing'!E\"&((ROW()-2)*4)+5))","v":""},{"$f":"IF(INDIRECT(\"'MRO Certificate Printing'!F\"&((ROW()-2)*4)+5)=\"\",\"\",INDIRECT(\"'MRO Certificate Printing'!F\"&((ROW()-2)*4)+5))","v":""},{"$f":"IF(INDIRECT(\"'MRO Certificate Printing'!B\"&((ROW()-2)*4)+5)=\"\",\"\",INDIRECT(\"'MRO Certificate Printing'!B\"&((ROW()-2)*4)+5))","v":""},{"$f":"IF(INDIRECT(\"'MRO Certificate Printing'!G\"&((ROW()-2)*4)+5)=\"\",\"\",INDIRECT(\"'MRO Certificate Printing'!G\"&((ROW()-2)*4)+5))","v":""},{"$f":"IF(INDIRECT(\"'MRO Certificate Printing'!J\"&((ROW()-2)*4)+5)=\"\",\"\",INDIRECT(\"'MRO Certificate Printing'!J\"&((ROW()-2)*4)+5))","v":""},{"$f":"IF(INDIRECT(\"'MRO Certificate Printing'!I\"&((ROW()-2)*4)+5)=\"\",\"\",INDIRECT(\"'MRO Certificate Printing'!I\"&((ROW()-2)*4)+5))","v":""},{"$f":"IF(INDIRECT(\"'MRO Certificate Printing'!K\"&((ROW()-2)*4)+5)=\"\",\"\",INDIRECT(\"'MRO Certificate Printing'!K\"&((ROW()-2)*4)+5))","v":""}]
["",{"$f":"IF(INDIRECT(\"'MRO Certificate Printing'!D\"&((ROW()-2)*4)+2)=\"\",\"\",INDIRECT(\"'MRO Certificate Printing'!D\"&((ROW()-2)*4)+2))","v":""},{"$f":"IF(INDIRECT(\"'MRO Certificate Printing'!E\"&((ROW()-2)*4)+2)=\"\",\"\",INDIRECT(\"'MRO Certificate Printing'!E\"&((ROW()-2)*4)+2))","v":""},{"$f":"IF(INDIRECT(\"'MRO Certificate Printing'!F\"&((ROW()-2)*4)+2)=\"\",\"\",INDIRECT(\"'MRO Certificate Printing'!F\"&((ROW()-2)*4)+2))","v":""},{"$f":"IF(INDIRECT(\"'MRO Certificate Printing'!B\"&((ROW()-2)*4)+2)=\"\",\"\",INDIRECT(\"'MRO Certificate Printing'!B\"&((ROW()-2)*4)+2))","v":""},{"$f":"IF(INDIRECT(\"'MRO Certificate Printing'!G\"&((ROW()-2)*4)+2)=\"\",\"\",INDIRECT(\"'MRO Certificate Printing'!G\"&((ROW()-2)*4)+2))","v":""},{"$f":"IF(INDIRECT(\"'MRO Certificate Printing'!J\"&((ROW()-2)*4)+2)=\"\",\"\",INDIRECT(\"'MRO Certificate Printing'!J\"&((ROW()-2)*4)+2))","v":""},{"$f":"IF(INDIRECT(\"'MRO Certificate Printing'!I\"&((ROW()-2)*4)+2)=\"\",\"\",INDIRECT(\"'MRO Certificate Printing'!I\"&((ROW()-2)*4)+2))","v":""},{"$f":"IF(INDIRECT(\"'MRO Certificate Printing'!K\"&((ROW()-2)*4)+2)=\"\",\"\",INDIRECT(\"'MRO Certificate Printing'!K\"&((ROW()-2)*4)+2))","v":""},null,{"$f":"IF(INDIRECT(\"'MRO Certificate Printing'!D\"&((ROW()-2)*4)+3)=\"\",\"\",INDIRECT(\"'MRO Certificate Printing'!D\"&((ROW()-2)*4)+3))","v":""},{"$f":"IF(INDIRECT(\"'MRO Certificate Printing'!E\"&((ROW()-2)*4)+3)=\"\",\"\",INDIRECT(\"'MRO Certificate Printing'!E\"&((ROW()-2)*4)+3))","v":""},{"$f":"IF(INDIRECT(\"'MRO Certificate Printing'!F\"&((ROW()-2)*4)+3)=\"\",\"\",INDIRECT(\"'MRO Certificate Printing'!F\"&((ROW()-2)*4)+3))","v":""},{"$f":"IF(INDIRECT(\"'MRO Certificate Printing'!B\"&((ROW()-2)*4)+3)=\"\",\"\",INDIRECT(\"'MRO Certificate Printing'!B\"&((ROW()-2)*4)+3))","v":""},{"$f":"IF(INDIRECT(\"'MRO Certificate Printing'!G\"&((ROW()-2)*4)+3)=\"\",\"\",INDIRECT(\"'MRO Certificate Printing'!G\"&((ROW()-2)*4)+3))","v":""},{"$f":"IF(INDIRECT(\"'MRO Certificate Printing'!J\"&((ROW()-2)*4)+3)=\"\",\"\",INDIRECT(\"'MRO Certificate Printing'!J\"&((ROW()-2)*4)+3))","v":""},{"$f":"IF(INDIRECT(\"'MRO Certificate Printing'!I\"&((ROW()-2)*4)+3)=\"\",\"\",INDIRECT(\"'MRO Certificate Printing'!I\"&((ROW()-2)*4)+3))","v":""},{"$f":"IF(INDIRECT(\"'MRO Certificate Printing'!K\"&((ROW()-2)*4)+3)=\"\",\"\",INDIRECT(\"'MRO Certificate Printing'!K\"&((ROW()-2)*4)+3))","v":""},null,{"$f":"IF(INDIRECT(\"'MRO Certificate Printing'!D\"&((ROW()-2)*4)+4)=\"\",\"\",INDIRECT(\"'MRO Certificate Printing'!D\"&((ROW()-2)*4)+4))","v":""},{"$f":"IF(INDIRECT(\"'MRO Certificate Printing'!E\"&((ROW()-2)*4)+4)=\"\",\"\",INDIRECT(\"'MRO Certificate Printing'!E\"&((ROW()-2)*4)+4))","v":""},{"$f":"IF(INDIRECT(\"'MRO Certificate Printing'!F\"&((ROW()-2)*4)+4)=\"\",\"\",INDIRECT(\"'MRO Certificate Printing'!F\"&((ROW()-2)*4)+4))","v":""},{"$f":"IF(INDIRECT(\"'MRO Certificate Printing'!B\"&((ROW()-2)*4)+4)=\"\",\"\",INDIRECT(\"'MRO Certificate Printing'!B\"&((ROW()-2)*4)+4))","v":""},{"$f":"IF(INDIRECT(\"'MRO Certificate Printing'!G\"&((ROW()-2)*4)+4)=\"\",\"\",INDIRECT(\"'MRO Certificate Printing'!G\"&((ROW()-2)*4)+4))","v":""},{"$f":"IF(INDIRECT(\"'MRO Certificate Printing'!J\"&((ROW()-2)*4)+4)=\"\",\"\",INDIRECT(\"'MRO Certificate Printing'!J\"&((ROW()-2)*4)+4))","v":""},{"$f":"IF(INDIRECT(\"'MRO Certificate Printing'!I\"&((ROW()-2)*4)+4)=\"\",\"\",INDIRECT(\"'MRO Certificate Printing'!I\"&((ROW()-2)*4)+4))","v":""},{"$f":"IF(INDIRECT(\"'MRO Certificate Printing'!K\"&((ROW()-2)*4)+4)=\"\",\"\",INDIRECT(\"'MRO Certificate Printing'!K\"&((ROW()-2)*4)+4))","v":""},null,{"$f":"IF(INDIRECT(\"'MRO Certificate Printing'!D\"&((ROW()-2)*4)+5)=\"\",\"\",INDIRECT(\"'MRO Certificate Printing'!D\"&((ROW()-2)*4)+5))","v":""},{"$f":"IF(INDIRECT(\"'MRO Certificate Printing'!E\"&((ROW()-2)*4)+5)=\"\",\"\",INDIRECT(\"'MRO Certificate Printing'!E\"&((ROW()-2)*4)+5))","v":""},{"$f":"IF(INDIRECT(\"'MRO Certificate Printing'!F\"&((ROW()-2)*4)+5)=\"\",\"\",INDIRECT(\"'MRO Certificate Printing'!F\"&((ROW()-2)*4)+5))","v":""},{"$f":"IF(INDIRECT(\"'MRO Certificate Printing'!B\"&((ROW()-2)*4)+5)=\"\",\"\",INDIRECT(\"'MRO Certificate Printing'!B\"&((ROW()-2)*4)+5))","v":""},{"$f":"IF(INDIRECT(\"'MRO Certificate Printing'!G\"&((ROW()-2)*4)+5)=\"\",\"\",INDIRECT(\"'MRO Certificate Printing'!G\"&((ROW()-2)*4)+5))","v":""},{"$f":"IF(INDIRECT(\"'MRO Certificate Printing'!J\"&((ROW()-2)*4)+5)=\"\",\"\",INDIRECT(\"'MRO Certificate Printing'!J\"&((ROW()-2)*4)+5))","v":""},{"$f":"IF(INDIRECT(\"'MRO Certificate Printing'!I\"&((ROW()-2)*4)+5)=\"\",\"\",INDIRECT(\"'MRO Certificate Printing'!I\"&((ROW()-2)*4)+5))","v":""},{"$f":"IF(INDIRECT(\"'MRO Certificate Printing'!K\"&((ROW()-2)*4)+5)=\"\",\"\",INDIRECT(\"'MRO Certificate Printing'!K\"&((ROW()-2)*4)+5))","v":""}]
["",{"$f":"IF(INDIRECT(\"'MRO Certificate Printing'!D\"&((ROW()-2)*4)+2)=\"\",\"\",INDIRECT(\"'MRO Certificate Printing'!D\"&((ROW()-2)*4)+2))","v":""},{"$f":"IF(INDIRECT(\"'MRO Certificate Printing'!E\"&((ROW()-2)*4)+2)=\"\",\"\",INDIRECT(\"'MRO Certificate Printing'!E\"&((ROW()-2)*4)+2))","v":""},{"$f":"IF(INDIRECT(\"'MRO Certificate Printing'!F\"&((ROW()-2)*4)+2)=\"\",\"\",INDIRECT(\"'MRO Certificate Printing'!F\"&((ROW()-2)*4)+2))","v":""},{"$f":"IF(INDIRECT(\"'MRO Certificate Printing'!B\"&((ROW()-2)*4)+2)=\"\",\"\",INDIRECT(\"'MRO Certificate Printing'!B\"&((ROW()-2)*4)+2))","v":""},{"$f":"IF(INDIRECT(\"'MRO Certificate Printing'!G\"&((ROW()-2)*4)+2)=\"\",\"\",INDIRECT(\"'MRO Certificate Printing'!G\"&((ROW()-2)*4)+2))","v":""},{"$f":"IF(INDIRECT(\"'MRO Certificate Printing'!J\"&((ROW()-2)*4)+2)=\"\",\"\",INDIRECT(\"'MRO Certificate Printing'!J\"&((ROW()-2)*4)+2))","v":""},{"$f":"IF(INDIRECT(\"'MRO Certificate Printing'!I\"&((ROW()-2)*4)+2)=\"\",\"\",INDIRECT(\"'MRO Certificate Printing'!I\"&((ROW()-2)*4)+2))","v":""},{"$f":"IF(INDIRECT(\"'MRO Certificate Printing'!K\"&((ROW()-2)*4)+2)=\"\",\"\",INDIRECT(\"'MRO Certificate Printing'!K\"&((ROW()-2)*4)+2))","v":""},null,{"$f":"IF(INDIRECT(\"'MRO Certificate Printing'!D\"&((ROW()-2)*4)+3)=\"\",\"\",INDIRECT(\"'MRO Certificate Printing'!D\"&((ROW()-2)*4)+3))","v":""},{"$f":"IF(INDIRECT(\"'MRO Certificate Printing'!E\"&((ROW()-2)*4)+3)=\"\",\"\",INDIRECT(\"'MRO Certificate Printing'!E\"&((ROW()-2)*4)+3))","v":""},{"$f":"IF(INDIRECT(\"'MRO Certificate Printing'!F\"&((ROW()-2)*4)+3)=\"\",\"\",INDIRECT(\"'MRO Certificate Printing'!F\"&((ROW()-2)*4)+3))","v":""},{"$f":"IF(INDIRECT(\"'MRO Certificate Printing'!B\"&((ROW()-2)*4)+3)=\"\",\"\",INDIRECT(\"'MRO Certificate Printing'!B\"&((ROW()-2)*4)+3))","v":""},{"$f":"IF(INDIRECT(\"'MRO Certificate Printing'!G\"&((ROW()-2)*4)+3)=\"\",\"\",INDIRECT(\"'MRO Certificate Printing'!G\"&((ROW()-2)*4)+3))","v":""},{"$f":"IF(INDIRECT(\"'MRO Certificate Printing'!J\"&((ROW()-2)*4)+3)=\"\",\"\",INDIRECT(\"'MRO Certificate Printing'!J\"&((ROW()-2)*4)+3))","v":""},{"$f":"IF(INDIRECT(\"'MRO Certificate Printing'!I\"&((ROW()-2)*4)+3)=\"\",\"\",INDIRECT(\"'MRO Certificate Printing'!I\"&((ROW()-2)*4)+3))","v":""},{"$f":"IF(INDIRECT(\"'MRO Certificate Printing'!K\"&((ROW()-2)*4)+3)=\"\",\"\",INDIRECT(\"'MRO Certificate Printing'!K\"&((ROW()-2)*4)+3))","v":""},null,{"$f":"IF(INDIRECT(\"'MRO Certificate Printing'!D\"&((ROW()-2)*4)+4)=\"\",\"\",INDIRECT(\"'MRO Certificate Printing'!D\"&((ROW()-2)*4)+4))","v":""},{"$f":"IF(INDIRECT(\"'MRO Certificate Printing'!E\"&((ROW()-2)*4)+4)=\"\",\"\",INDIRECT(\"'MRO Certificate Printing'!E\"&((ROW()-2)*4)+4))","v":""},{"$f":"IF(INDIRECT(\"'MRO Certificate Printing'!F\"&((ROW()-2)*4)+4)=\"\",\"\",INDIRECT(\"'MRO Certificate Printing'!F\"&((ROW()-2)*4)+4))","v":""},{"$f":"IF(INDIRECT(\"'MRO Certificate Printing'!B\"&((ROW()-2)*4)+4)=\"\",\"\",INDIRECT(\"'MRO Certificate Printing'!B\"&((ROW()-2)*4)+4))","v":""},{"$f":"IF(INDIRECT(\"'MRO Certificate Printing'!G\"&((ROW()-2)*4)+4)=\"\",\"\",INDIRECT(\"'MRO Certificate Printing'!G\"&((ROW()-2)*4)+4))","v":""},{"$f":"IF(INDIRECT(\"'MRO Certificate Printing'!J\"&((ROW()-2)*4)+4)=\"\",\"\",INDIRECT(\"'MRO Certificate Printing'!J\"&((ROW()-2)*4)+4))","v":""},{"$f":"IF(INDIRECT(\"'MRO Certificate Printing'!I\"&((ROW()-2)*4)+4)=\"\",\"\",INDIRECT(\"'MRO Certificate Printing'!I\"&((ROW()-2)*4)+4))","v":""},{"$f":"IF(INDIRECT(\"'MRO Certificate Printing'!K\"&((ROW()-2)*4)+4)=\"\",\"\",INDIRECT(\"'MRO Certificate Printing'!K\"&((ROW()-2)*4)+4))","v":""},null,{"$f":"IF(INDIRECT(\"'MRO Certificate Printing'!D\"&((ROW()-2)*4)+5)=\"\",\"\",INDIRECT(\"'MRO Certificate Printing'!D\"&((ROW()-2)*4)+5))","v":""},{"$f":"IF(INDIRECT(\"'MRO Certificate Printing'!E\"&((ROW()-2)*4)+5)=\"\",\"\",INDIRECT(\"'MRO Certificate Printing'!E\"&((ROW()-2)*4)+5))","v":""},{"$f":"IF(INDIRECT(\"'MRO Certificate Printing'!F\"&((ROW()-2)*4)+5)=\"\",\"\",INDIRECT(\"'MRO Certificate Printing'!F\"&((ROW()-2)*4)+5))","v":""},{"$f":"IF(INDIRECT(\"'MRO Certificate Printing'!B\"&((ROW()-2)*4)+5)=\"\",\"\",INDIRECT(\"'MRO Certificate Printing'!B\"&((ROW()-2)*4)+5))","v":""},{"$f":"IF(INDIRECT(\"'MRO Certificate Printing'!G\"&((ROW()-2)*4)+5)=\"\",\"\",INDIRECT(\"'MRO Certificate Printing'!G\"&((ROW()-2)*4)+5))","v":""},{"$f":"IF(INDIRECT(\"'MRO Certificate Printing'!J\"&((ROW()-2)*4)+5)=\"\",\"\",INDIRECT(\"'MRO Certificate Printing'!J\"&((ROW()-2)*4)+5))","v":""},{"$f":"IF(INDIRECT(\"'MRO Certificate Printing'!I\"&((ROW()-2)*4)+5)=\"\",\"\",INDIRECT(\"'MRO Certificate Printing'!I\"&((ROW()-2)*4)+5))","v":""},{"$f":"IF(INDIRECT(\"'MRO Certificate Printing'!K\"&((ROW()-2)*4)+5)=\"\",\"\",INDIRECT(\"'MRO Certificate Printing'!K\"&((ROW()-2)*4)+5))","v":""}]
["",{"$f":"IF(INDIRECT(\"'MRO Certificate Printing'!D\"&((ROW()-2)*4)+2)=\"\",\"\",INDIRECT(\"'MRO Certificate Printing'!D\"&((ROW()-2)*4)+2))","v":""},{"$f":"IF(INDIRECT(\"'MRO Certificate Printing'!E\"&((ROW()-2)*4)+2)=\"\",\"\",INDIRECT(\"'MRO Certificate Printing'!E\"&((ROW()-2)*4)+2))","v":""},{"$f":"IF(INDIRECT(\"'MRO Certificate Printing'!F\"&((ROW()-2)*4)+2)=\"\",\"\",INDIRECT(\"'MRO Certificate Printing'!F\"&((ROW()-2)*4)+2))","v":""},{"$f":"IF(INDIRECT(\"'MRO Certificate Printing'!B\"&((ROW()-2)*4)+2)=\"\",\"\",INDIRECT(\"'MRO Certificate Printing'!B\"&((ROW()-2)*4)+2))","v":""},{"$f":"IF(INDIRECT(\"'MRO Certificate Printing'!G\"&((ROW()-2)*4)+2)=\"\",\"\",INDIRECT(\"'MRO Certificate Printing'!G\"&((ROW()-2)*4)+2))","v":""},{"$f":"IF(INDIRECT(\"'MRO Certificate Printing'!J\"&((ROW()-2)*4)+2)=\"\",\"\",INDIRECT(\"'MRO Certificate Printing'!J\"&((ROW()-2)*4)+2))","v":""},{"$f":"IF(INDIRECT(\"'MRO Certificate Printing'!I\"&((ROW()-2)*4)+2)=\"\",\"\",INDIRECT(\"'MRO Certificate Printing'!I\"&((ROW()-2)*4)+2))","v":""},{"$f":"IF(INDIRECT(\"'MRO Certificate Printing'!K\"&((ROW()-2)*4)+2)=\"\",\"\",INDIRECT(\"'MRO Certificate Printing'!K\"&((ROW()-2)*4)+2))","v":""},null,{"$f":"IF(INDIRECT(\"'MRO Certificate Printing'!D\"&((ROW()-2)*4)+3)=\"\",\"\",INDIRECT(\"'MRO Certificate Printing'!D\"&((ROW()-2)*4)+3))","v":""},{"$f":"IF(INDIRECT(\"'MRO Certificate Printing'!E\"&((ROW()-2)*4)+3)=\"\",\"\",INDIRECT(\"'MRO Certificate Printing'!E\"&((ROW()-2)*4)+3))","v":""},{"$f":"IF(INDIRECT(\"'MRO Certificate Printing'!F\"&((ROW()-2)*4)+3)=\"\",\"\",INDIRECT(\"'MRO Certificate Printing'!F\"&((ROW()-2)*4)+3))","v":""},{"$f":"IF(INDIRECT(\"'MRO Certificate Printing'!B\"&((ROW()-2)*4)+3)=\"\",\"\",INDIRECT(\"'MRO Certificate Printing'!B\"&((ROW()-2)*4)+3))","v":""},{"$f":"IF(INDIRECT(\"'MRO Certificate Printing'!G\"&((ROW()-2)*4)+3)=\"\",\"\",INDIRECT(\"'MRO Certificate Printing'!G\"&((ROW()-2)*4)+3))","v":""},{"$f":"IF(INDIRECT(\"'MRO Certificate Printing'!J\"&((ROW()-2)*4)+3)=\"\",\"\",INDIRECT(\"'MRO Certificate Printing'!J\"&((ROW()-2)*4)+3))","v":""},{"$f":"IF(INDIRECT(\"'MRO Certificate Printing'!I\"&((ROW()-2)*4)+3)=\"\",\"\",INDIRECT(\"'MRO Certificate Printing'!I\"&((ROW()-2)*4)+3))","v":""},{"$f":"IF(INDIRECT(\"'MRO Certificate Printing'!K\"&((ROW()-2)*4)+3)=\"\",\"\",INDIRECT(\"'MRO Certificate Printing'!K\"&((ROW()-2)*4)+3))","v":""},null,{"$f":"IF(INDIRECT(\"'MRO Certificate Printing'!D\"&((ROW()-2)*4)+4)=\"\",\"\",INDIRECT(\"'MRO Certificate Printing'!D\"&((ROW()-2)*4)+4))","v":""},{"$f":"IF(INDIRECT(\"'MRO Certificate Printing'!E\"&((ROW()-2)*4)+4)=\"\",\"\",INDIRECT(\"'MRO Certificate Printing'!E\"&((ROW()-2)*4)+4))","v":""},{"$f":"IF(INDIRECT(\"'MRO Certificate Printing'!F\"&((ROW()-2)*4)+4)=\"\",\"\",INDIRECT(\"'MRO Certificate Printing'!F\"&((ROW()-2)*4)+4))","v":""},{"$f":"IF(INDIRECT(\"'MRO Certificate Printing'!B\"&((ROW()-2)*4)+4)=\"\",\"\",INDIRECT(\"'MRO Certificate Printing'!B\"&((ROW()-2)*4)+4))","v":""},{"$f":"IF(INDIRECT(\"'MRO Certificate Printing'!G\"&((ROW()-2)*4)+4)=\"\",\"\",INDIRECT(\"'MRO Certificate Printing'!G\"&((ROW()-2)*4)+4))","v":""},{"$f":"IF(INDIRECT(\"'MRO Certificate Printing'!J\"&((ROW()-2)*4)+4)=\"\",\"\",INDIRECT(\"'MRO Certificate Printing'!J\"&((ROW()-2)*4)+4))","v":""},{"$f":"IF(INDIRECT(\"'MRO Certificate Printing'!I\"&((ROW()-2)*4)+4)=\"\",\"\",INDIRECT(\"'MRO Certificate Printing'!I\"&((ROW()-2)*4)+4))","v":""},{"$f":"IF(INDIRECT(\"'MRO Certificate Printing'!K\"&((ROW()-2)*4)+4)=\"\",\"\",INDIRECT(\"'MRO Certificate Printing'!K\"&((ROW()-2)*4)+4))","v":""},null,{"$f":"IF(INDIRECT(\"'MRO Certificate Printing'!D\"&((ROW()-2)*4)+5)=\"\",\"\",INDIRECT(\"'MRO Certificate Printing'!D\"&((ROW()-2)*4)+5))","v":""},{"$f":"IF(INDIRECT(\"'MRO Certificate Printing'!E\"&((ROW()-2)*4)+5)=\"\",\"\",INDIRECT(\"'MRO Certificate Printing'!E\"&((ROW()-2)*4)+5))","v":""},{"$f":"IF(INDIRECT(\"'MRO Certificate Printing'!F\"&((ROW()-2)*4)+5)=\"\",\"\",INDIRECT(\"'MRO Certificate Printing'!F\"&((ROW()-2)*4)+5))","v":""},{"$f":"IF(INDIRECT(\"'MRO Certificate Printing'!B\"&((ROW()-2)*4)+5)=\"\",\"\",INDIRECT(\"'MRO Certificate Printing'!B\"&((ROW()-2)*4)+5))","v":""},{"$f":"IF(INDIRECT(\"'MRO Certificate Printing'!G\"&((ROW()-2)*4)+5)=\"\",\"\",INDIRECT(\"'MRO Certificate Printing'!G\"&((ROW()-2)*4)+5))","v":""},{"$f":"IF(INDIRECT(\"'MRO Certificate Printing'!J\"&((ROW()-2)*4)+5)=\"\",\"\",INDIRECT(\"'MRO Certificate Printing'!J\"&((ROW()-2)*4)+5))","v":""},{"$f":"IF(INDIRECT(\"'MRO Certificate Printing'!I\"&((ROW()-2)*4)+5)=\"\",\"\",INDIRECT(\"'MRO Certificate Printing'!I\"&((ROW()-2)*4)+5))","v":""},{"$f":"IF(INDIRECT(\"'MRO Certificate Printing'!K\"&((ROW()-2)*4)+5)=\"\",\"\",INDIRECT(\"'MRO Certificate Printing'!K\"&((ROW()-2)*4)+5))","v":""}]
["",{"$f":"IF(INDIRECT(\"'MRO Certificate Printing'!D\"&((ROW()-2)*4)+2)=\"\",\"\",INDIRECT(\"'MRO Certificate Printing'!D\"&((ROW()-2)*4)+2))","v":""},{"$f":"IF(INDIRECT(\"'MRO Certificate Printing'!E\"&((ROW()-2)*4)+2)=\"\",\"\",INDIRECT(\"'MRO Certificate Printing'!E\"&((ROW()-2)*4)+2))","v":""},{"$f":"IF(INDIRECT(\"'MRO Certificate Printing'!F\"&((ROW()-2)*4)+2)=\"\",\"\",INDIRECT(\"'MRO Certificate Printing'!F\"&((ROW()-2)*4)+2))","v":""},{"$f":"IF(INDIRECT(\"'MRO Certificate Printing'!B\"&((ROW()-2)*4)+2)=\"\",\"\",INDIRECT(\"'MRO Certificate Printing'!B\"&((ROW()-2)*4)+2))","v":""},{"$f":"IF(INDIRECT(\"'MRO Certificate Printing'!G\"&((ROW()-2)*4)+2)=\"\",\"\",INDIRECT(\"'MRO Certificate Printing'!G\"&((ROW()-2)*4)+2))","v":""},{"$f":"IF(INDIRECT(\"'MRO Certificate Printing'!J\"&((ROW()-2)*4)+2)=\"\",\"\",INDIRECT(\"'MRO Certificate Printing'!J\"&((ROW()-2)*4)+2))","v":""},{"$f":"IF(INDIRECT(\"'MRO Certificate Printing'!I\"&((ROW()-2)*4)+2)=\"\",\"\",INDIRECT(\"'MRO Certificate Printing'!I\"&((ROW()-2)*4)+2))","v":""},{"$f":"IF(INDIRECT(\"'MRO Certificate Printing'!K\"&((ROW()-2)*4)+2)=\"\",\"\",INDIRECT(\"'MRO Certificate Printing'!K\"&((ROW()-2)*4)+2))","v":""},null,{"$f":"IF(INDIRECT(\"'MRO Certificate Printing'!D\"&((ROW()-2)*4)+3)=\"\",\"\",INDIRECT(\"'MRO Certificate Printing'!D\"&((ROW()-2)*4)+3))","v":""},{"$f":"IF(INDIRECT(\"'MRO Certificate Printing'!E\"&((ROW()-2)*4)+3)=\"\",\"\",INDIRECT(\"'MRO Certificate Printing'!E\"&((ROW()-2)*4)+3))","v":""},{"$f":"IF(INDIRECT(\"'MRO Certificate Printing'!F\"&((ROW()-2)*4)+3)=\"\",\"\",INDIRECT(\"'MRO Certificate Printing'!F\"&((ROW()-2)*4)+3))","v":""},{"$f":"IF(INDIRECT(\"'MRO Certificate Printing'!B\"&((ROW()-2)*4)+3)=\"\",\"\",INDIRECT(\"'MRO Certificate Printing'!B\"&((ROW()-2)*4)+3))","v":""},{"$f":"IF(INDIRECT(\"'MRO Certificate Printing'!G\"&((ROW()-2)*4)+3)=\"\",\"\",INDIRECT(\"'MRO Certificate Printing'!G\"&((ROW()-2)*4)+3))","v":""},{"$f":"IF(INDIRECT(\"'MRO Certificate Printing'!J\"&((ROW()-2)*4)+3)=\"\",\"\",INDIRECT(\"'MRO Certificate Printing'!J\"&((ROW()-2)*4)+3))","v":""},{"$f":"IF(INDIRECT(\"'MRO Certificate Printing'!I\"&((ROW()-2)*4)+3)=\"\",\"\",INDIRECT(\"'MRO Certificate Printing'!I\"&((ROW()-2)*4)+3))","v":""},{"$f":"IF(INDIRECT(\"'MRO Certificate Printing'!K\"&((ROW()-2)*4)+3)=\"\",\"\",INDIRECT(\"'MRO Certificate Printing'!K\"&((ROW()-2)*4)+3))","v":""},null,{"$f":"IF(INDIRECT(\"'MRO Certificate Printing'!D\"&((ROW()-2)*4)+4)=\"\",\"\",INDIRECT(\"'MRO Certificate Printing'!D\"&((ROW()-2)*4)+4))","v":""},{"$f":"IF(INDIRECT(\"'MRO Certificate Printing'!E\"&((ROW()-2)*4)+4)=\"\",\"\",INDIRECT(\"'MRO Certificate Printing'!E\"&((ROW()-2)*4)+4))","v":""},{"$f":"IF(INDIRECT(\"'MRO Certificate Printing'!F\"&((ROW()-2)*4)+4)=\"\",\"\",INDIRECT(\"'MRO Certificate Printing'!F\"&((ROW()-2)*4)+4))","v":""},{"$f":"IF(INDIRECT(\"'MRO Certificate Printing'!B\"&((ROW()-2)*4)+4)=\"\",\"\",INDIRECT(\"'MRO Certificate Printing'!B\"&((ROW()-2)*4)+4))","v":""},{"$f":"IF(INDIRECT(\"'MRO Certificate Printing'!G\"&((ROW()-2)*4)+4)=\"\",\"\",INDIRECT(\"'MRO Certificate Printing'!G\"&((ROW()-2)*4)+4))","v":""},{"$f":"IF(INDIRECT(\"'MRO Certificate Printing'!J\"&((ROW()-2)*4)+4)=\"\",\"\",INDIRECT(\"'MRO Certificate Printing'!J\"&((ROW()-2)*4)+4))","v":""},{"$f":"IF(INDIRECT(\"'MRO Certificate Printing'!I\"&((ROW()-2)*4)+4)=\"\",\"\",INDIRECT(\"'MRO Certificate Printing'!I\"&((ROW()-2)*4)+4))","v":""},{"$f":"IF(INDIRECT(\"'MRO Certificate Printing'!K\"&((ROW()-2)*4)+4)=\"\",\"\",INDIRECT(\"'MRO Certificate Printing'!K\"&((ROW()-2)*4)+4))","v":""},null,{"$f":"IF(INDIRECT(\"'MRO Certificate Printing'!D\"&((ROW()-2)*4)+5)=\"\",\"\",INDIRECT(\"'MRO Certificate Printing'!D\"&((ROW()-2)*4)+5))","v":""},{"$f":"IF(INDIRECT(\"'MRO Certificate Printing'!E\"&((ROW()-2)*4)+5)=\"\",\"\",INDIRECT(\"'MRO Certificate Printing'!E\"&((ROW()-2)*4)+5))","v":""},{"$f":"IF(INDIRECT(\"'MRO Certificate Printing'!F\"&((ROW()-2)*4)+5)=\"\",\"\",INDIRECT(\"'MRO Certificate Printing'!F\"&((ROW()-2)*4)+5))","v":""},{"$f":"IF(INDIRECT(\"'MRO Certificate Printing'!B\"&((ROW()-2)*4)+5)=\"\",\"\",INDIRECT(\"'MRO Certificate Printing'!B\"&((ROW()-2)*4)+5))","v":""},{"$f":"IF(INDIRECT(\"'MRO Certificate Printing'!G\"&((ROW()-2)*4)+5)=\"\",\"\",INDIRECT(\"'MRO Certificate Printing'!G\"&((ROW()-2)*4)+5))","v":""},{"$f":"IF(INDIRECT(\"'MRO Certificate Printing'!J\"&((ROW()-2)*4)+5)=\"\",\"\",INDIRECT(\"'MRO Certificate Printing'!J\"&((ROW()-2)*4)+5))","v":""},{"$f":"IF(INDIRECT(\"'MRO Certificate Printing'!I\"&((ROW()-2)*4)+5)=\"\",\"\",INDIRECT(\"'MRO Certificate Printing'!I\"&((ROW()-2)*4)+5))","v":""},{"$f":"IF(INDIRECT(\"'MRO Certificate Printing'!K\"&((ROW()-2)*4)+5)=\"\",\"\",INDIRECT(\"'MRO Certificate Printing'!K\"&((ROW()-2)*4)+5))","v":""}]
["",{"$f":"IF(INDIRECT(\"'MRO Certificate Printing'!D\"&((ROW()-2)*4)+2)=\"\",\"\",INDIRECT(\"'MRO Certificate Printing'!D\"&((ROW()-2)*4)+2))","v":""},{"$f":"IF(INDIRECT(\"'MRO Certificate Printing'!E\"&((ROW()-2)*4)+2)=\"\",\"\",INDIRECT(\"'MRO Certificate Printing'!E\"&((ROW()-2)*4)+2))","v":""},{"$f":"IF(INDIRECT(\"'MRO Certificate Printing'!F\"&((ROW()-2)*4)+2)=\"\",\"\",INDIRECT(\"'MRO Certificate Printing'!F\"&((ROW()-2)*4)+2))","v":""},{"$f":"IF(INDIRECT(\"'MRO Certificate Printing'!B\"&((ROW()-2)*4)+2)=\"\",\"\",INDIRECT(\"'MRO Certificate Printing'!B\"&((ROW()-2)*4)+2))","v":""},{"$f":"IF(INDIRECT(\"'MRO Certificate Printing'!G\"&((ROW()-2)*4)+2)=\"\",\"\",INDIRECT(\"'MRO Certificate Printing'!G\"&((ROW()-2)*4)+2))","v":""},{"$f":"IF(INDIRECT(\"'MRO Certificate Printing'!J\"&((ROW()-2)*4)+2)=\"\",\"\",INDIRECT(\"'MRO Certificate Printing'!J\"&((ROW()-2)*4)+2))","v":""},{"$f":"IF(INDIRECT(\"'MRO Certificate Printing'!I\"&((ROW()-2)*4)+2)=\"\",\"\",INDIRECT(\"'MRO Certificate Printing'!I\"&((ROW()-2)*4)+2))","v":""},{"$f":"IF(INDIRECT(\"'MRO Certificate Printing'!K\"&((ROW()-2)*4)+2)=\"\",\"\",INDIRECT(\"'MRO Certificate Printing'!K\"&((ROW()-2)*4)+2))","v":""},null,{"$f":"IF(INDIRECT(\"'MRO Certificate Printing'!D\"&((ROW()-2)*4)+3)=\"\",\"\",INDIRECT(\"'MRO Certificate Printing'!D\"&((ROW()-2)*4)+3))","v":""},{"$f":"IF(INDIRECT(\"'MRO Certificate Printing'!E\"&((ROW()-2)*4)+3)=\"\",\"\",INDIRECT(\"'MRO Certificate Printing'!E\"&((ROW()-2)*4)+3))","v":""},{"$f":"IF(INDIRECT(\"'MRO Certificate Printing'!F\"&((ROW()-2)*4)+3)=\"\",\"\",INDIRECT(\"'MRO Certificate Printing'!F\"&((ROW()-2)*4)+3))","v":""},{"$f":"IF(INDIRECT(\"'MRO Certificate Printing'!B\"&((ROW()-2)*4)+3)=\"\",\"\",INDIRECT(\"'MRO Certificate Printing'!B\"&((ROW()-2)*4)+3))","v":""},{"$f":"IF(INDIRECT(\"'MRO Certificate Printing'!G\"&((ROW()-2)*4)+3)=\"\",\"\",INDIRECT(\"'MRO Certificate Printing'!G\"&((ROW()-2)*4)+3))","v":""},{"$f":"IF(INDIRECT(\"'MRO Certificate Printing'!J\"&((ROW()-2)*4)+3)=\"\",\"\",INDIRECT(\"'MRO Certificate Printing'!J\"&((ROW()-2)*4)+3))","v":""},{"$f":"IF(INDIRECT(\"'MRO Certificate Printing'!I\"&((ROW()-2)*4)+3)=\"\",\"\",INDIRECT(\"'MRO Certificate Printing'!I\"&((ROW()-2)*4)+3))","v":""},{"$f":"IF(INDIRECT(\"'MRO Certificate Printing'!K\"&((ROW()-2)*4)+3)=\"\",\"\",INDIRECT(\"'MRO Certificate Printing'!K\"&((ROW()-2)*4)+3))","v":""},null,{"$f":"IF(INDIRECT(\"'MRO Certificate Printing'!D\"&((ROW()-2)*4)+4)=\"\",\"\",INDIRECT(\"'MRO Certificate Printing'!D\"&((ROW()-2)*4)+4))","v":""},{"$f":"IF(INDIRECT(\"'MRO Certificate Printing'!E\"&((ROW()-2)*4)+4)=\"\",\"\",INDIRECT(\"'MRO Certificate Printing'!E\"&((ROW()-2)*4)+4))","v":""},{"$f":"IF(INDIRECT(\"'MRO Certificate Printing'!F\"&((ROW()-2)*4)+4)=\"\",\"\",INDIRECT(\"'MRO Certificate Printing'!F\"&((ROW()-2)*4)+4))","v":""},{"$f":"IF(INDIRECT(\"'MRO Certificate Printing'!B\"&((ROW()-2)*4)+4)=\"\",\"\",INDIRECT(\"'MRO Certificate Printing'!B\"&((ROW()-2)*4)+4))","v":""},{"$f":"IF(INDIRECT(\"'MRO Certificate Printing'!G\"&((ROW()-2)*4)+4)=\"\",\"\",INDIRECT(\"'MRO Certificate Printing'!G\"&((ROW()-2)*4)+4))","v":""},{"$f":"IF(INDIRECT(\"'MRO Certificate Printing'!J\"&((ROW()-2)*4)+4)=\"\",\"\",INDIRECT(\"'MRO Certificate Printing'!J\"&((ROW()-2)*4)+4))","v":""},{"$f":"IF(INDIRECT(\"'MRO Certificate Printing'!I\"&((ROW()-2)*4)+4)=\"\",\"\",INDIRECT(\"'MRO Certificate Printing'!I\"&((ROW()-2)*4)+4))","v":""},{"$f":"IF(INDIRECT(\"'MRO Certificate Printing'!K\"&((ROW()-2)*4)+4)=\"\",\"\",INDIRECT(\"'MRO Certificate Printing'!K\"&((ROW()-2)*4)+4))","v":""},null,{"$f":"IF(INDIRECT(\"'MRO Certificate Printing'!D\"&((ROW()-2)*4)+5)=\"\",\"\",INDIRECT(\"'MRO Certificate Printing'!D\"&((ROW()-2)*4)+5))","v":""},{"$f":"IF(INDIRECT(\"'MRO Certificate Printing'!E\"&((ROW()-2)*4)+5)=\"\",\"\",INDIRECT(\"'MRO Certificate Printing'!E\"&((ROW()-2)*4)+5))","v":""},{"$f":"IF(INDIRECT(\"'MRO Certificate Printing'!F\"&((ROW()-2)*4)+5)=\"\",\"\",INDIRECT(\"'MRO Certificate Printing'!F\"&((ROW()-2)*4)+5))","v":""},{"$f":"IF(INDIRECT(\"'MRO Certificate Printing'!B\"&((ROW()-2)*4)+5)=\"\",\"\",INDIRECT(\"'MRO Certificate Printing'!B\"&((ROW()-2)*4)+5))","v":""},{"$f":"IF(INDIRECT(\"'MRO Certificate Printing'!G\"&((ROW()-2)*4)+5)=\"\",\"\",INDIRECT(\"'MRO Certificate Printing'!G\"&((ROW()-2)*4)+5))","v":""},{"$f":"IF(INDIRECT(\"'MRO Certificate Printing'!J\"&((ROW()-2)*4)+5)=\"\",\"\",INDIRECT(\"'MRO Certificate Printing'!J\"&((ROW()-2)*4)+5))","v":""},{"$f":"IF(INDIRECT(\"'MRO Certificate Printing'!I\"&((ROW()-2)*4)+5)=\"\",\"\",INDIRECT(\"'MRO Certificate Printing'!I\"&((ROW()-2)*4)+5))","v":""},{"$f":"IF(INDIRECT(\"'MRO Certificate Printing'!K\"&((ROW()-2)*4)+5)=\"\",\"\",INDIRECT(\"'MRO Certificate Printing'!K\"&((ROW()-2)*4)+5))","v":""}]
["",{"$f":"IF(INDIRECT(\"'MRO Certificate Printing'!D\"&((ROW()-2)*4)+2)=\"\",\"\",INDIRECT(\"'MRO Certificate Printing'!D\"&((ROW()-2)*4)+2))","v":""},{"$f":"IF(INDIRECT(\"'MRO Certificate Printing'!E\"&((ROW()-2)*4)+2)=\"\",\"\",INDIRECT(\"'MRO Certificate Printing'!E\"&((ROW()-2)*4)+2))","v":""},{"$f":"IF(INDIRECT(\"'MRO Certificate Printing'!F\"&((ROW()-2)*4)+2)=\"\",\"\",INDIRECT(\"'MRO Certificate Printing'!F\"&((ROW()-2)*4)+2))","v":""},{"$f":"IF(INDIRECT(\"'MRO Certificate Printing'!B\"&((ROW()-2)*4)+2)=\"\",\"\",INDIRECT(\"'MRO Certificate Printing'!B\"&((ROW()-2)*4)+2))","v":""},{"$f":"IF(INDIRECT(\"'MRO Certificate Printing'!G\"&((ROW()-2)*4)+2)=\"\",\"\",INDIRECT(\"'MRO Certificate Printing'!G\"&((ROW()-2)*4)+2))","v":""},{"$f":"IF(INDIRECT(\"'MRO Certificate Printing'!J\"&((ROW()-2)*4)+2)=\"\",\"\",INDIRECT(\"'MRO Certificate Printing'!J\"&((ROW()-2)*4)+2))","v":""},{"$f":"IF(INDIRECT(\"'MRO Certificate Printing'!I\"&((ROW()-2)*4)+2)=\"\",\"\",INDIRECT(\"'MRO Certificate Printing'!I\"&((ROW()-2)*4)+2))","v":""},{"$f":"IF(INDIRECT(\"'MRO Certificate Printing'!K\"&((ROW()-2)*4)+2)=\"\",\"\",INDIRECT(\"'MRO Certificate Printing'!K\"&((ROW()-2)*4)+2))","v":""},null,{"$f":"IF(INDIRECT(\"'MRO Certificate Printing'!D\"&((ROW()-2)*4)+3)=\"\",\"\",INDIRECT(\"'MRO Certificate Printing'!D\"&((ROW()-2)*4)+3))","v":""},{"$f":"IF(INDIRECT(\"'MRO Certificate Printing'!E\"&((ROW()-2)*4)+3)=\"\",\"\",INDIRECT(\"'MRO Certificate Printing'!E\"&((ROW()-2)*4)+3))","v":""},{"$f":"IF(INDIRECT(\"'MRO Certificate Printing'!F\"&((ROW()-2)*4)+3)=\"\",\"\",INDIRECT(\"'MRO Certificate Printing'!F\"&((ROW()-2)*4)+3))","v":""},{"$f":"IF(INDIRECT(\"'MRO Certificate Printing'!B\"&((ROW()-2)*4)+3)=\"\",\"\",INDIRECT(\"'MRO Certificate Printing'!B\"&((ROW()-2)*4)+3))","v":""},{"$f":"IF(INDIRECT(\"'MRO Certificate Printing'!G\"&((ROW()-2)*4)+3)=\"\",\"\",INDIRECT(\"'MRO Certificate Printing'!G\"&((ROW()-2)*4)+3))","v":""},{"$f":"IF(INDIRECT(\"'MRO Certificate Printing'!J\"&((ROW()-2)*4)+3)=\"\",\"\",INDIRECT(\"'MRO Certificate Printing'!J\"&((ROW()-2)*4)+3))","v":""},{"$f":"IF(INDIRECT(\"'MRO Certificate Printing'!I\"&((ROW()-2)*4)+3)=\"\",\"\",INDIRECT(\"'MRO Certificate Printing'!I\"&((ROW()-2)*4)+3))","v":""},{"$f":"IF(INDIRECT(\"'MRO Certificate Printing'!K\"&((ROW()-2)*4)+3)=\"\",\"\",INDIRECT(\"'MRO Certificate Printing'!K\"&((ROW()-2)*4)+3))","v":""},null,{"$f":"IF(INDIRECT(\"'MRO Certificate Printing'!D\"&((ROW()-2)*4)+4)=\"\",\"\",INDIRECT(\"'MRO Certificate Printing'!D\"&((ROW()-2)*4)+4))","v":""},{"$f":"IF(INDIRECT(\"'MRO Certificate Printing'!E\"&((ROW()-2)*4)+4)=\"\",\"\",INDIRECT(\"'MRO Certificate Printing'!E\"&((ROW()-2)*4)+4))","v":""},{"$f":"IF(INDIRECT(\"'MRO Certificate Printing'!F\"&((ROW()-2)*4)+4)=\"\",\"\",INDIRECT(\"'MRO Certificate Printing'!F\"&((ROW()-2)*4)+4))","v":""},{"$f":"IF(INDIRECT(\"'MRO Certificate Printing'!B\"&((ROW()-2)*4)+4)=\"\",\"\",INDIRECT(\"'MRO Certificate Printing'!B\"&((ROW()-2)*4)+4))","v":""},{"$f":"IF(INDIRECT(\"'MRO Certificate Printing'!G\"&((ROW()-2)*4)+4)=\"\",\"\",INDIRECT(\"'MRO Certificate Printing'!G\"&((ROW()-2)*4)+4))","v":""},{"$f":"IF(INDIRECT(\"'MRO Certificate Printing'!J\"&((ROW()-2)*4)+4)=\"\",\"\",INDIRECT(\"'MRO Certificate Printing'!J\"&((ROW()-2)*4)+4))","v":""},{"$f":"IF(INDIRECT(\"'MRO Certificate Printing'!I\"&((ROW()-2)*4)+4)=\"\",\"\",INDIRECT(\"'MRO Certificate Printing'!I\"&((ROW()-2)*4)+4))","v":""},{"$f":"IF(INDIRECT(\"'MRO Certificate Printing'!K\"&((ROW()-2)*4)+4)=\"\",\"\",INDIRECT(\"'MRO Certificate Printing'!K\"&((ROW()-2)*4)+4))","v":""},null,{"$f":"IF(INDIRECT(\"'MRO Certificate Printing'!D\"&((ROW()-2)*4)+5)=\"\",\"\",INDIRECT(\"'MRO Certificate Printing'!D\"&((ROW()-2)*4)+5))","v":""},{"$f":"IF(INDIRECT(\"'MRO Certificate Printing'!E\"&((ROW()-2)*4)+5)=\"\",\"\",INDIRECT(\"'MRO Certificate Printing'!E\"&((ROW()-2)*4)+5))","v":""},{"$f":"IF(INDIRECT(\"'MRO Certificate Printing'!F\"&((ROW()-2)*4)+5)=\"\",\"\",INDIRECT(\"'MRO Certificate Printing'!F\"&((ROW()-2)*4)+5))","v":""},{"$f":"IF(INDIRECT(\"'MRO Certificate Printing'!B\"&((ROW()-2)*4)+5)=\"\",\"\",INDIRECT(\"'MRO Certificate Printing'!B\"&((ROW()-2)*4)+5))","v":""},{"$f":"IF(INDIRECT(\"'MRO Certificate Printing'!G\"&((ROW()-2)*4)+5)=\"\",\"\",INDIRECT(\"'MRO Certificate Printing'!G\"&((ROW()-2)*4)+5))","v":""},{"$f":"IF(INDIRECT(\"'MRO Certificate Printing'!J\"&((ROW()-2)*4)+5)=\"\",\"\",INDIRECT(\"'MRO Certificate Printing'!J\"&((ROW()-2)*4)+5))","v":""},{"$f":"IF(INDIRECT(\"'MRO Certificate Printing'!I\"&((ROW()-2)*4)+5)=\"\",\"\",INDIRECT(\"'MRO Certificate Printing'!I\"&((ROW()-2)*4)+5))","v":""},{"$f":"IF(INDIRECT(\"'MRO Certificate Printing'!K\"&((ROW()-2)*4)+5)=\"\",\"\",INDIRECT(\"'MRO Certificate Printing'!K\"&((ROW()-2)*4)+5))","v":""}]
["",{"$f":"IF(INDIRECT(\"'MRO Certificate Printing'!D\"&((ROW()-2)*4)+2)=\"\",\"\",INDIRECT(\"'MRO Certificate Printing'!D\"&((ROW()-2)*4)+2))","v":""},{"$f":"IF(INDIRECT(\"'MRO Certificate Printing'!E\"&((ROW()-2)*4)+2)=\"\",\"\",INDIRECT(\"'MRO Certificate Printing'!E\"&((ROW()-2)*4)+2))","v":""},{"$f":"IF(INDIRECT(\"'MRO Certificate Printing'!F\"&((ROW()-2)*4)+2)=\"\",\"\",INDIRECT(\"'MRO Certificate Printing'!F\"&((ROW()-2)*4)+2))","v":""},{"$f":"IF(INDIRECT(\"'MRO Certificate Printing'!B\"&((ROW()-2)*4)+2)=\"\",\"\",INDIRECT(\"'MRO Certificate Printing'!B\"&((ROW()-2)*4)+2))","v":""},{"$f":"IF(INDIRECT(\"'MRO Certificate Printing'!G\"&((ROW()-2)*4)+2)=\"\",\"\",INDIRECT(\"'MRO Certificate Printing'!G\"&((ROW()-2)*4)+2))","v":""},{"$f":"IF(INDIRECT(\"'MRO Certificate Printing'!J\"&((ROW()-2)*4)+2)=\"\",\"\",INDIRECT(\"'MRO Certificate Printing'!J\"&((ROW()-2)*4)+2))","v":""},{"$f":"IF(INDIRECT(\"'MRO Certificate Printing'!I\"&((ROW()-2)*4)+2)=\"\",\"\",INDIRECT(\"'MRO Certificate Printing'!I\"&((ROW()-2)*4)+2))","v":""},{"$f":"IF(INDIRECT(\"'MRO Certificate Printing'!K\"&((ROW()-2)*4)+2)=\"\",\"\",INDIRECT(\"'MRO Certificate Printing'!K\"&((ROW()-2)*4)+2))","v":""},null,{"$f":"IF(INDIRECT(\"'MRO Certificate Printing'!D\"&((ROW()-2)*4)+3)=\"\",\"\",INDIRECT(\"'MRO Certificate Printing'!D\"&((ROW()-2)*4)+3))","v":""},{"$f":"IF(INDIRECT(\"'MRO Certificate Printing'!E\"&((ROW()-2)*4)+3)=\"\",\"\",INDIRECT(\"'MRO Certificate Printing'!E\"&((ROW()-2)*4)+3))","v":""},{"$f":"IF(INDIRECT(\"'MRO Certificate Printing'!F\"&((ROW()-2)*4)+3)=\"\",\"\",INDIRECT(\"'MRO Certificate Printing'!F\"&((ROW()-2)*4)+3))","v":""},{"$f":"IF(INDIRECT(\"'MRO Certificate Printing'!B\"&((ROW()-2)*4)+3)=\"\",\"\",INDIRECT(\"'MRO Certificate Printing'!B\"&((ROW()-2)*4)+3))","v":""},{"$f":"IF(INDIRECT(\"'MRO Certificate Printing'!G\"&((ROW()-2)*4)+3)=\"\",\"\",INDIRECT(\"'MRO Certificate Printing'!G\"&((ROW()-2)*4)+3))","v":""},{"$f":"IF(INDIRECT(\"'MRO Certificate Printing'!J\"&((ROW()-2)*4)+3)=\"\",\"\",INDIRECT(\"'MRO Certificate Printing'!J\"&((ROW()-2)*4)+3))","v":""},{"$f":"IF(INDIRECT(\"'MRO Certificate Printing'!I\"&((ROW()-2)*4)+3)=\"\",\"\",INDIRECT(\"'MRO Certificate Printing'!I\"&((ROW()-2)*4)+3))","v":""},{"$f":"IF(INDIRECT(\"'MRO Certificate Printing'!K\"&((ROW()-2)*4)+3)=\"\",\"\",INDIRECT(\"'MRO Certificate Printing'!K\"&((ROW()-2)*4)+3))","v":""},null,{"$f":"IF(INDIRECT(\"'MRO Certificate Printing'!D\"&((ROW()-2)*4)+4)=\"\",\"\",INDIRECT(\"'MRO Certificate Printing'!D\"&((ROW()-2)*4)+4))","v":""},{"$f":"IF(INDIRECT(\"'MRO Certificate Printing'!E\"&((ROW()-2)*4)+4)=\"\",\"\",INDIRECT(\"'MRO Certificate Printing'!E\"&((ROW()-2)*4)+4))","v":""},{"$f":"IF(INDIRECT(\"'MRO Certificate Printing'!F\"&((ROW()-2)*4)+4)=\"\",\"\",INDIRECT(\"'MRO Certificate Printing'!F\"&((ROW()-2)*4)+4))","v":""},{"$f":"IF(INDIRECT(\"'MRO Certificate Printing'!B\"&((ROW()-2)*4)+4)=\"\",\"\",INDIRECT(\"'MRO Certificate Printing'!B\"&((ROW()-2)*4)+4))","v":""},{"$f":"IF(INDIRECT(\"'MRO Certificate Printing'!G\"&((ROW()-2)*4)+4)=\"\",\"\",INDIRECT(\"'MRO Certificate Printing'!G\"&((ROW()-2)*4)+4))","v":""},{"$f":"IF(INDIRECT(\"'MRO Certificate Printing'!J\"&((ROW()-2)*4)+4)=\"\",\"\",INDIRECT(\"'MRO Certificate Printing'!J\"&((ROW()-2)*4)+4))","v":""},{"$f":"IF(INDIRECT(\"'MRO Certificate Printing'!I\"&((ROW()-2)*4)+4)=\"\",\"\",INDIRECT(\"'MRO Certificate Printing'!I\"&((ROW()-2)*4)+4))","v":""},{"$f":"IF(INDIRECT(\"'MRO Certificate Printing'!K\"&((ROW()-2)*4)+4)=\"\",\"\",INDIRECT(\"'MRO Certificate Printing'!K\"&((ROW()-2)*4)+4))","v":""},null,{"$f":"IF(INDIRECT(\"'MRO Certificate Printing'!D\"&((ROW()-2)*4)+5)=\"\",\"\",INDIRECT(\"'MRO Certificate Printing'!D\"&((ROW()-2)*4)+5))","v":""},{"$f":"IF(INDIRECT(\"'MRO Certificate Printing'!E\"&((ROW()-2)*4)+5)=\"\",\"\",INDIRECT(\"'MRO Certificate Printing'!E\"&((ROW()-2)*4)+5))","v":""},{"$f":"IF(INDIRECT(\"'MRO Certificate Printing'!F\"&((ROW()-2)*4)+5)=\"\",\"\",INDIRECT(\"'MRO Certificate Printing'!F\"&((ROW()-2)*4)+5))","v":""},{"$f":"IF(INDIRECT(\"'MRO Certificate Printing'!B\"&((ROW()-2)*4)+5)=\"\",\"\",INDIRECT(\"'MRO Certificate Printing'!B\"&((ROW()-2)*4)+5))","v":""},{"$f":"IF(INDIRECT(\"'MRO Certificate Printing'!G\"&((ROW()-2)*4)+5)=\"\",\"\",INDIRECT(\"'MRO Certificate Printing'!G\"&((ROW()-2)*4)+5))","v":""},{"$f":"IF(INDIRECT(\"'MRO Certificate Printing'!J\"&((ROW()-2)*4)+5)=\"\",\"\",INDIRECT(\"'MRO Certificate Printing'!J\"&((ROW()-2)*4)+5))","v":""},{"$f":"IF(INDIRECT(\"'MRO Certificate Printing'!I\"&((ROW()-2)*4)+5)=\"\",\"\",INDIRECT(\"'MRO Certificate Printing'!I\"&((ROW()-2)*4)+5))","v":""},{"$f":"IF(INDIRECT(\"'MRO Certificate Printing'!K\"&((ROW()-2)*4)+5)=\"\",\"\",INDIRECT(\"'MRO Certificate Printing'!K\"&((ROW()-2)*4)+5))","v":""}]
["",{"$f":"IF(INDIRECT(\"'MRO Certificate Printing'!D\"&((ROW()-2)*4)+2)=\"\",\"\",INDIRECT(\"'MRO Certificate Printing'!D\"&((ROW()-2)*4)+2))","v":""},{"$f":"IF(INDIRECT(\"'MRO Certificate Printing'!E\"&((ROW()-2)*4)+2)=\"\",\"\",INDIRECT(\"'MRO Certificate Printing'!E\"&((ROW()-2)*4)+2))","v":""},{"$f":"IF(INDIRECT(\"'MRO Certificate Printing'!F\"&((ROW()-2)*4)+2)=\"\",\"\",INDIRECT(\"'MRO Certificate Printing'!F\"&((ROW()-2)*4)+2))","v":""},{"$f":"IF(INDIRECT(\"'MRO Certificate Printing'!B\"&((ROW()-2)*4)+2)=\"\",\"\",INDIRECT(\"'MRO Certificate Printing'!B\"&((ROW()-2)*4)+2))","v":""},{"$f":"IF(INDIRECT(\"'MRO Certificate Printing'!G\"&((ROW()-2)*4)+2)=\"\",\"\",INDIRECT(\"'MRO Certificate Printing'!G\"&((ROW()-2)*4)+2))","v":""},{"$f":"IF(INDIRECT(\"'MRO Certificate Printing'!J\"&((ROW()-2)*4)+2)=\"\",\"\",INDIRECT(\"'MRO Certificate Printing'!J\"&((ROW()-2)*4)+2))","v":""},{"$f":"IF(INDIRECT(\"'MRO Certificate Printing'!I\"&((ROW()-2)*4)+2)=\"\",\"\",INDIRECT(\"'MRO Certificate Printing'!I\"&((ROW()-2)*4)+2))","v":""},{"$f":"IF(INDIRECT(\"'MRO Certificate Printing'!K\"&((ROW()-2)*4)+2)=\"\",\"\",INDIRECT(\"'MRO Certificate Printing'!K\"&((ROW()-2)*4)+2))","v":""},null,{"$f":"IF(INDIRECT(\"'MRO Certificate Printing'!D\"&((ROW()-2)*4)+3)=\"\",\"\",INDIRECT(\"'MRO Certificate Printing'!D\"&((ROW()-2)*4)+3))","v":""},{"$f":"IF(INDIRECT(\"'MRO Certificate Printing'!E\"&((ROW()-2)*4)+3)=\"\",\"\",INDIRECT(\"'MRO Certificate Printing'!E\"&((ROW()-2)*4)+3))","v":""},{"$f":"IF(INDIRECT(\"'MRO Certificate Printing'!F\"&((ROW()-2)*4)+3)=\"\",\"\",INDIRECT(\"'MRO Certificate Printing'!F\"&((ROW()-2)*4)+3))","v":""},{"$f":"IF(INDIRECT(\"'MRO Certificate Printing'!B\"&((ROW()-2)*4)+3)=\"\",\"\",INDIRECT(\"'MRO Certificate Printing'!B\"&((ROW()-2)*4)+3))","v":""},{"$f":"IF(INDIRECT(\"'MRO Certificate Printing'!G\"&((ROW()-2)*4)+3)=\"\",\"\",INDIRECT(\"'MRO Certificate Printing'!G\"&((ROW()-2)*4)+3))","v":""},{"$f":"IF(INDIRECT(\"'MRO Certificate Printing'!J\"&((ROW()-2)*4)+3)=\"\",\"\",INDIRECT(\"'MRO Certificate Printing'!J\"&((ROW()-2)*4)+3))","v":""},{"$f":"IF(INDIRECT(\"'MRO Certificate Printing'!I\"&((ROW()-2)*4)+3)=\"\",\"\",INDIRECT(\"'MRO Certificate Printing'!I\"&((ROW()-2)*4)+3))","v":""},{"$f":"IF(INDIRECT(\"'MRO Certificate Printing'!K\"&((ROW()-2)*4)+3)=\"\",\"\",INDIRECT(\"'MRO Certificate Printing'!K\"&((ROW()-2)*4)+3))","v":""},null,{"$f":"IF(INDIRECT(\"'MRO Certificate Printing'!D\"&((ROW()-2)*4)+4)=\"\",\"\",INDIRECT(\"'MRO Certificate Printing'!D\"&((ROW()-2)*4)+4))","v":""},{"$f":"IF(INDIRECT(\"'MRO Certificate Printing'!E\"&((ROW()-2)*4)+4)=\"\",\"\",INDIRECT(\"'MRO Certificate Printing'!E\"&((ROW()-2)*4)+4))","v":""},{"$f":"IF(INDIRECT(\"'MRO Certificate Printing'!F\"&((ROW()-2)*4)+4)=\"\",\"\",INDIRECT(\"'MRO Certificate Printing'!F\"&((ROW()-2)*4)+4))","v":""},{"$f":"IF(INDIRECT(\"'MRO Certificate Printing'!B\"&((ROW()-2)*4)+4)=\"\",\"\",INDIRECT(\"'MRO Certificate Printing'!B\"&((ROW()-2)*4)+4))","v":""},{"$f":"IF(INDIRECT(\"'MRO Certificate Printing'!G\"&((ROW()-2)*4)+4)=\"\",\"\",INDIRECT(\"'MRO Certificate Printing'!G\"&((ROW()-2)*4)+4))","v":""},{"$f":"IF(INDIRECT(\"'MRO Certificate Printing'!J\"&((ROW()-2)*4)+4)=\"\",\"\",INDIRECT(\"'MRO Certificate Printing'!J\"&((ROW()-2)*4)+4))","v":""},{"$f":"IF(INDIRECT(\"'MRO Certificate Printing'!I\"&((ROW()-2)*4)+4)=\"\",\"\",INDIRECT(\"'MRO Certificate Printing'!I\"&((ROW()-2)*4)+4))","v":""},{"$f":"IF(INDIRECT(\"'MRO Certificate Printing'!K\"&((ROW()-2)*4)+4)=\"\",\"\",INDIRECT(\"'MRO Certificate Printing'!K\"&((ROW()-2)*4)+4))","v":""},null,{"$f":"IF(INDIRECT(\"'MRO Certificate Printing'!D\"&((ROW()-2)*4)+5)=\"\",\"\",INDIRECT(\"'MRO Certificate Printing'!D\"&((ROW()-2)*4)+5))","v":""},{"$f":"IF(INDIRECT(\"'MRO Certificate Printing'!E\"&((ROW()-2)*4)+5)=\"\",\"\",INDIRECT(\"'MRO Certificate Printing'!E\"&((ROW()-2)*4)+5))","v":""},{"$f":"IF(INDIRECT(\"'MRO Certificate Printing'!F\"&((ROW()-2)*4)+5)=\"\",\"\",INDIRECT(\"'MRO Certificate Printing'!F\"&((ROW()-2)*4)+5))","v":""},{"$f":"IF(INDIRECT(\"'MRO Certificate Printing'!B\"&((ROW()-2)*4)+5)=\"\",\"\",INDIRECT(\"'MRO Certificate Printing'!B\"&((ROW()-2)*4)+5))","v":""},{"$f":"IF(INDIRECT(\"'MRO Certificate Printing'!G\"&((ROW()-2)*4)+5)=\"\",\"\",INDIRECT(\"'MRO Certificate Printing'!G\"&((ROW()-2)*4)+5))","v":""},{"$f":"IF(INDIRECT(\"'MRO Certificate Printing'!J\"&((ROW()-2)*4)+5)=\"\",\"\",INDIRECT(\"'MRO Certificate Printing'!J\"&((ROW()-2)*4)+5))","v":""},{"$f":"IF(INDIRECT(\"'MRO Certificate Printing'!I\"&((ROW()-2)*4)+5)=\"\",\"\",INDIRECT(\"'MRO Certificate Printing'!I\"&((ROW()-2)*4)+5))","v":""},{"$f":"IF(INDIRECT(\"'MRO Certificate Printing'!K\"&((ROW()-2)*4)+5)=\"\",\"\",INDIRECT(\"'MRO Certificate Printing'!K\"&((ROW()-2)*4)+5))","v":""}]
["",{"$f":"IF(INDIRECT(\"'MRO Certificate Printing'!D\"&((ROW()-2)*4)+2)=\"\",\"\",INDIRECT(\"'MRO Certificate Printing'!D\"&((ROW()-2)*4)+2))","v":""},{"$f":"IF(INDIRECT(\"'MRO Certificate Printing'!E\"&((ROW()-2)*4)+2)=\"\",\"\",INDIRECT(\"'MRO Certificate Printing'!E\"&((ROW()-2)*4)+2))","v":""},{"$f":"IF(INDIRECT(\"'MRO Certificate Printing'!F\"&((ROW()-2)*4)+2)=\"\",\"\",INDIRECT(\"'MRO Certificate Printing'!F\"&((ROW()-2)*4)+2))","v":""},{"$f":"IF(INDIRECT(\"'MRO Certificate Printing'!B\"&((ROW()-2)*4)+2)=\"\",\"\",INDIRECT(\"'MRO Certificate Printing'!B\"&((ROW()-2)*4)+2))","v":""},{"$f":"IF(INDIRECT(\"'MRO Certificate Printing'!G\"&((ROW()-2)*4)+2)=\"\",\"\",INDIRECT(\"'MRO Certificate Printing'!G\"&((ROW()-2)*4)+2))","v":""},{"$f":"IF(INDIRECT(\"'MRO Certificate Printing'!J\"&((ROW()-2)*4)+2)=\"\",\"\",INDIRECT(\"'MRO Certificate Printing'!J\"&((ROW()-2)*4)+2))","v":""},{"$f":"IF(INDIRECT(\"'MRO Certificate Printing'!I\"&((ROW()-2)*4)+2)=\"\",\"\",INDIRECT(\"'MRO Certificate Printing'!I\"&((ROW()-2)*4)+2))","v":""},{"$f":"IF(INDIRECT(\"'MRO Certificate Printing'!K\"&((ROW()-2)*4)+2)=\"\",\"\",INDIRECT(\"'MRO Certificate Printing'!K\"&((ROW()-2)*4)+2))","v":""},null,{"$f":"IF(INDIRECT(\"'MRO Certificate Printing'!D\"&((ROW()-2)*4)+3)=\"\",\"\",INDIRECT(\"'MRO Certificate Printing'!D\"&((ROW()-2)*4)+3))","v":""},{"$f":"IF(INDIRECT(\"'MRO Certificate Printing'!E\"&((ROW()-2)*4)+3)=\"\",\"\",INDIRECT(\"'MRO Certificate Printing'!E\"&((ROW()-2)*4)+3))","v":""},{"$f":"IF(INDIRECT(\"'MRO Certificate Printing'!F\"&((ROW()-2)*4)+3)=\"\",\"\",INDIRECT(\"'MRO Certificate Printing'!F\"&((ROW()-2)*4)+3))","v":""},{"$f":"IF(INDIRECT(\"'MRO Certificate Printing'!B\"&((ROW()-2)*4)+3)=\"\",\"\",INDIRECT(\"'MRO Certificate Printing'!B\"&((ROW()-2)*4)+3))","v":""},{"$f":"IF(INDIRECT(\"'MRO Certificate Printing'!G\"&((ROW()-2)*4)+3)=\"\",\"\",INDIRECT(\"'MRO Certificate Printing'!G\"&((ROW()-2)*4)+3))","v":""},{"$f":"IF(INDIRECT(\"'MRO Certificate Printing'!J\"&((ROW()-2)*4)+3)=\"\",\"\",INDIRECT(\"'MRO Certificate Printing'!J\"&((ROW()-2)*4)+3))","v":""},{"$f":"IF(INDIRECT(\"'MRO Certificate Printing'!I\"&((ROW()-2)*4)+3)=\"\",\"\",INDIRECT(\"'MRO Certificate Printing'!I\"&((ROW()-2)*4)+3))","v":""},{"$f":"IF(INDIRECT(\"'MRO Certificate Printing'!K\"&((ROW()-2)*4)+3)=\"\",\"\",INDIRECT(\"'MRO Certificate Printing'!K\"&((ROW()-2)*4)+3))","v":""},null,{"$f":"IF(INDIRECT(\"'MRO Certificate Printing'!D\"&((ROW()-2)*4)+4)=\"\",\"\",INDIRECT(\"'MRO Certificate Printing'!D\"&((ROW()-2)*4)+4))","v":""},{"$f":"IF(INDIRECT(\"'MRO Certificate Printing'!E\"&((ROW()-2)*4)+4)=\"\",\"\",INDIRECT(\"'MRO Certificate Printing'!E\"&((ROW()-2)*4)+4))","v":""},{"$f":"IF(INDIRECT(\"'MRO Certificate Printing'!F\"&((ROW()-2)*4)+4)=\"\",\"\",INDIRECT(\"'MRO Certificate Printing'!F\"&((ROW()-2)*4)+4))","v":""},{"$f":"IF(INDIRECT(\"'MRO Certificate Printing'!B\"&((ROW()-2)*4)+4)=\"\",\"\",INDIRECT(\"'MRO Certificate Printing'!B\"&((ROW()-2)*4)+4))","v":""},{"$f":"IF(INDIRECT(\"'MRO Certificate Printing'!G\"&((ROW()-2)*4)+4)=\"\",\"\",INDIRECT(\"'MRO Certificate Printing'!G\"&((ROW()-2)*4)+4))","v":""},{"$f":"IF(INDIRECT(\"'MRO Certificate Printing'!J\"&((ROW()-2)*4)+4)=\"\",\"\",INDIRECT(\"'MRO Certificate Printing'!J\"&((ROW()-2)*4)+4))","v":""},{"$f":"IF(INDIRECT(\"'MRO Certificate Printing'!I\"&((ROW()-2)*4)+4)=\"\",\"\",INDIRECT(\"'MRO Certificate Printing'!I\"&((ROW()-2)*4)+4))","v":""},{"$f":"IF(INDIRECT(\"'MRO Certificate Printing'!K\"&((ROW()-2)*4)+4)=\"\",\"\",INDIRECT(\"'MRO Certificate Printing'!K\"&((ROW()-2)*4)+4))","v":""},null,{"$f":"IF(INDIRECT(\"'MRO Certificate Printing'!D\"&((ROW()-2)*4)+5)=\"\",\"\",INDIRECT(\"'MRO Certificate Printing'!D\"&((ROW()-2)*4)+5))","v":""},{"$f":"IF(INDIRECT(\"'MRO Certificate Printing'!E\"&((ROW()-2)*4)+5)=\"\",\"\",INDIRECT(\"'MRO Certificate Printing'!E\"&((ROW()-2)*4)+5))","v":""},{"$f":"IF(INDIRECT(\"'MRO Certificate Printing'!F\"&((ROW()-2)*4)+5)=\"\",\"\",INDIRECT(\"'MRO Certificate Printing'!F\"&((ROW()-2)*4)+5))","v":""},{"$f":"IF(INDIRECT(\"'MRO Certificate Printing'!B\"&((ROW()-2)*4)+5)=\"\",\"\",INDIRECT(\"'MRO Certificate Printing'!B\"&((ROW()-2)*4)+5))","v":""},{"$f":"IF(INDIRECT(\"'MRO Certificate Printing'!G\"&((ROW()-2)*4)+5)=\"\",\"\",INDIRECT(\"'MRO Certificate Printing'!G\"&((ROW()-2)*4)+5))","v":""},{"$f":"IF(INDIRECT(\"'MRO Certificate Printing'!J\"&((ROW()-2)*4)+5)=\"\",\"\",INDIRECT(\"'MRO Certificate Printing'!J\"&((ROW()-2)*4)+5))","v":""},{"$f":"IF(INDIRECT(\"'MRO Certificate Printing'!I\"&((ROW()-2)*4)+5)=\"\",\"\",INDIRECT(\"'MRO Certificate Printing'!I\"&((ROW()-2)*4)+5))","v":""},{"$f":"IF(INDIRECT(\"'MRO Certificate Printing'!K\"&((ROW()-2)*4)+5)=\"\",\"\",INDIRECT(\"'MRO Certificate Printing'!K\"&((ROW()-2)*4)+5))","v":""}]
["",{"$f":"IF(INDIRECT(\"'MRO Certificate Printing'!D\"&((ROW()-2)*4)+2)=\"\",\"\",INDIRECT(\"'MRO Certificate Printing'!D\"&((ROW()-2)*4)+2))","v":""},{"$f":"IF(INDIRECT(\"'MRO Certificate Printing'!E\"&((ROW()-2)*4)+2)=\"\",\"\",INDIRECT(\"'MRO Certificate Printing'!E\"&((ROW()-2)*4)+2))","v":""},{"$f":"IF(INDIRECT(\"'MRO Certificate Printing'!F\"&((ROW()-2)*4)+2)=\"\",\"\",INDIRECT(\"'MRO Certificate Printing'!F\"&((ROW()-2)*4)+2))","v":""},{"$f":"IF(INDIRECT(\"'MRO Certificate Printing'!B\"&((ROW()-2)*4)+2)=\"\",\"\",INDIRECT(\"'MRO Certificate Printing'!B\"&((ROW()-2)*4)+2))","v":""},{"$f":"IF(INDIRECT(\"'MRO Certificate Printing'!G\"&((ROW()-2)*4)+2)=\"\",\"\",INDIRECT(\"'MRO Certificate Printing'!G\"&((ROW()-2)*4)+2))","v":""},{"$f":"IF(INDIRECT(\"'MRO Certificate Printing'!J\"&((ROW()-2)*4)+2)=\"\",\"\",INDIRECT(\"'MRO Certificate Printing'!J\"&((ROW()-2)*4)+2))","v":""},{"$f":"IF(INDIRECT(\"'MRO Certificate Printing'!I\"&((ROW()-2)*4)+2)=\"\",\"\",INDIRECT(\"'MRO Certificate Printing'!I\"&((ROW()-2)*4)+2))","v":""},{"$f":"IF(INDIRECT(\"'MRO Certificate Printing'!K\"&((ROW()-2)*4)+2)=\"\",\"\",INDIRECT(\"'MRO Certificate Printing'!K\"&((ROW()-2)*4)+2))","v":""},null,{"$f":"IF(INDIRECT(\"'MRO Certificate Printing'!D\"&((ROW()-2)*4)+3)=\"\",\"\",INDIRECT(\"'MRO Certificate Printing'!D\"&((ROW()-2)*4)+3))","v":""},{"$f":"IF(INDIRECT(\"'MRO Certificate Printing'!E\"&((ROW()-2)*4)+3)=\"\",\"\",INDIRECT(\"'MRO Certificate Printing'!E\"&((ROW()-2)*4)+3))","v":""},{"$f":"IF(INDIRECT(\"'MRO Certificate Printing'!F\"&((ROW()-2)*4)+3)=\"\",\"\",INDIRECT(\"'MRO Certificate Printing'!F\"&((ROW()-2)*4)+3))","v":""},{"$f":"IF(INDIRECT(\"'MRO Certificate Printing'!B\"&((ROW()-2)*4)+3)=\"\",\"\",INDIRECT(\"'MRO Certificate Printing'!B\"&((ROW()-2)*4)+3))","v":""},{"$f":"IF(INDIRECT(\"'MRO Certificate Printing'!G\"&((ROW()-2)*4)+3)=\"\",\"\",INDIRECT(\"'MRO Certificate Printing'!G\"&((ROW()-2)*4)+3))","v":""},{"$f":"IF(INDIRECT(\"'MRO Certificate Printing'!J\"&((ROW()-2)*4)+3)=\"\",\"\",INDIRECT(\"'MRO Certificate Printing'!J\"&((ROW()-2)*4)+3))","v":""},{"$f":"IF(INDIRECT(\"'MRO Certificate Printing'!I\"&((ROW()-2)*4)+3)=\"\",\"\",INDIRECT(\"'MRO Certificate Printing'!I\"&((ROW()-2)*4)+3))","v":""},{"$f":"IF(INDIRECT(\"'MRO Certificate Printing'!K\"&((ROW()-2)*4)+3)=\"\",\"\",INDIRECT(\"'MRO Certificate Printing'!K\"&((ROW()-2)*4)+3))","v":""},null,{"$f":"IF(INDIRECT(\"'MRO Certificate Printing'!D\"&((ROW()-2)*4)+4)=\"\",\"\",INDIRECT(\"'MRO Certificate Printing'!D\"&((ROW()-2)*4)+4))","v":""},{"$f":"IF(INDIRECT(\"'MRO Certificate Printing'!E\"&((ROW()-2)*4)+4)=\"\",\"\",INDIRECT(\"'MRO Certificate Printing'!E\"&((ROW()-2)*4)+4))","v":""},{"$f":"IF(INDIRECT(\"'MRO Certificate Printing'!F\"&((ROW()-2)*4)+4)=\"\",\"\",INDIRECT(\"'MRO Certificate Printing'!F\"&((ROW()-2)*4)+4))","v":""},{"$f":"IF(INDIRECT(\"'MRO Certificate Printing'!B\"&((ROW()-2)*4)+4)=\"\",\"\",INDIRECT(\"'MRO Certificate Printing'!B\"&((ROW()-2)*4)+4))","v":""},{"$f":"IF(INDIRECT(\"'MRO Certificate Printing'!G\"&((ROW()-2)*4)+4)=\"\",\"\",INDIRECT(\"'MRO Certificate Printing'!G\"&((ROW()-2)*4)+4))","v":""},{"$f":"IF(INDIRECT(\"'MRO Certificate Printing'!J\"&((ROW()-2)*4)+4)=\"\",\"\",INDIRECT(\"'MRO Certificate Printing'!J\"&((ROW()-2)*4)+4))","v":""},{"$f":"IF(INDIRECT(\"'MRO Certificate Printing'!I\"&((ROW()-2)*4)+4)=\"\",\"\",INDIRECT(\"'MRO Certificate Printing'!I\"&((ROW()-2)*4)+4))","v":""},{"$f":"IF(INDIRECT(\"'MRO Certificate Printing'!K\"&((ROW()-2)*4)+4)=\"\",\"\",INDIRECT(\"'MRO Certificate Printing'!K\"&((ROW()-2)*4)+4))","v":""},null,{"$f":"IF(INDIRECT(\"'MRO Certificate Printing'!D\"&((ROW()-2)*4)+5)=\"\",\"\",INDIRECT(\"'MRO Certificate Printing'!D\"&((ROW()-2)*4)+5))","v":""},{"$f":"IF(INDIRECT(\"'MRO Certificate Printing'!E\"&((ROW()-2)*4)+5)=\"\",\"\",INDIRECT(\"'MRO Certificate Printing'!E\"&((ROW()-2)*4)+5))","v":""},{"$f":"IF(INDIRECT(\"'MRO Certificate Printing'!F\"&((ROW()-2)*4)+5)=\"\",\"\",INDIRECT(\"'MRO Certificate Printing'!F\"&((ROW()-2)*4)+5))","v":""},{"$f":"IF(INDIRECT(\"'MRO Certificate Printing'!B\"&((ROW()-2)*4)+5)=\"\",\"\",INDIRECT(\"'MRO Certificate Printing'!B\"&((ROW()-2)*4)+5))","v":""},{"$f":"IF(INDIRECT(\"'MRO Certificate Printing'!G\"&((ROW()-2)*4)+5)=\"\",\"\",INDIRECT(\"'MRO Certificate Printing'!G\"&((ROW()-2)*4)+5))","v":""},{"$f":"IF(INDIRECT(\"'MRO Certificate Printing'!J\"&((ROW()-2)*4)+5)=\"\",\"\",INDIRECT(\"'MRO Certificate Printing'!J\"&((ROW()-2)*4)+5))","v":""},{"$f":"IF(INDIRECT(\"'MRO Certificate Printing'!I\"&((ROW()-2)*4)+5)=\"\",\"\",INDIRECT(\"'MRO Certificate Printing'!I\"&((ROW()-2)*4)+5))","v":""},{"$f":"IF(INDIRECT(\"'MRO Certificate Printing'!K\"&((ROW()-2)*4)+5)=\"\",\"\",INDIRECT(\"'MRO Certificate Printing'!K\"&((ROW()-2)*4)+5))","v":""}]
["",{"$f":"IF(INDIRECT(\"'MRO Certificate Printing'!D\"&((ROW()-2)*4)+2)=\"\",\"\",INDIRECT(\"'MRO Certificate Printing'!D\"&((ROW()-2)*4)+2))","v":""},{"$f":"IF(INDIRECT(\"'MRO Certificate Printing'!E\"&((ROW()-2)*4)+2)=\"\",\"\",INDIRECT(\"'MRO Certificate Printing'!E\"&((ROW()-2)*4)+2))","v":""},{"$f":"IF(INDIRECT(\"'MRO Certificate Printing'!F\"&((ROW()-2)*4)+2)=\"\",\"\",INDIRECT(\"'MRO Certificate Printing'!F\"&((ROW()-2)*4)+2))","v":""},{"$f":"IF(INDIRECT(\"'MRO Certificate Printing'!B\"&((ROW()-2)*4)+2)=\"\",\"\",INDIRECT(\"'MRO Certificate Printing'!B\"&((ROW()-2)*4)+2))","v":""},{"$f":"IF(INDIRECT(\"'MRO Certificate Printing'!G\"&((ROW()-2)*4)+2)=\"\",\"\",INDIRECT(\"'MRO Certificate Printing'!G\"&((ROW()-2)*4)+2))","v":""},{"$f":"IF(INDIRECT(\"'MRO Certificate Printing'!J\"&((ROW()-2)*4)+2)=\"\",\"\",INDIRECT(\"'MRO Certificate Printing'!J\"&((ROW()-2)*4)+2))","v":""},{"$f":"IF(INDIRECT(\"'MRO Certificate Printing'!I\"&((ROW()-2)*4)+2)=\"\",\"\",INDIRECT(\"'MRO Certificate Printing'!I\"&((ROW()-2)*4)+2))","v":""},{"$f":"IF(INDIRECT(\"'MRO Certificate Printing'!K\"&((ROW()-2)*4)+2)=\"\",\"\",INDIRECT(\"'MRO Certificate Printing'!K\"&((ROW()-2)*4)+2))","v":""},null,{"$f":"IF(INDIRECT(\"'MRO Certificate Printing'!D\"&((ROW()-2)*4)+3)=\"\",\"\",INDIRECT(\"'MRO Certificate Printing'!D\"&((ROW()-2)*4)+3))","v":""},{"$f":"IF(INDIRECT(\"'MRO Certificate Printing'!E\"&((ROW()-2)*4)+3)=\"\",\"\",INDIRECT(\"'MRO Certificate Printing'!E\"&((ROW()-2)*4)+3))","v":""},{"$f":"IF(INDIRECT(\"'MRO Certificate Printing'!F\"&((ROW()-2)*4)+3)=\"\",\"\",INDIRECT(\"'MRO Certificate Printing'!F\"&((ROW()-2)*4)+3))","v":""},{"$f":"IF(INDIRECT(\"'MRO Certificate Printing'!B\"&((ROW()-2)*4)+3)=\"\",\"\",INDIRECT(\"'MRO Certificate Printing'!B\"&((ROW()-2)*4)+3))","v":""},{"$f":"IF(INDIRECT(\"'MRO Certificate Printing'!G\"&((ROW()-2)*4)+3)=\"\",\"\",INDIRECT(\"'MRO Certificate Printing'!G\"&((ROW()-2)*4)+3))","v":""},{"$f":"IF(INDIRECT(\"'MRO Certificate Printing'!J\"&((ROW()-2)*4)+3)=\"\",\"\",INDIRECT(\"'MRO Certificate Printing'!J\"&((ROW()-2)*4)+3))","v":""},{"$f":"IF(INDIRECT(\"'MRO Certificate Printing'!I\"&((ROW()-2)*4)+3)=\"\",\"\",INDIRECT(\"'MRO Certificate Printing'!I\"&((ROW()-2)*4)+3))","v":""},{"$f":"IF(INDIRECT(\"'MRO Certificate Printing'!K\"&((ROW()-2)*4)+3)=\"\",\"\",INDIRECT(\"'MRO Certificate Printing'!K\"&((ROW()-2)*4)+3))","v":""},null,{"$f":"IF(INDIRECT(\"'MRO Certificate Printing'!D\"&((ROW()-2)*4)+4)=\"\",\"\",INDIRECT(\"'MRO Certificate Printing'!D\"&((ROW()-2)*4)+4))","v":""},{"$f":"IF(INDIRECT(\"'MRO Certificate Printing'!E\"&((ROW()-2)*4)+4)=\"\",\"\",INDIRECT(\"'MRO Certificate Printing'!E\"&((ROW()-2)*4)+4))","v":""},{"$f":"IF(INDIRECT(\"'MRO Certificate Printing'!F\"&((ROW()-2)*4)+4)=\"\",\"\",INDIRECT(\"'MRO Certificate Printing'!F\"&((ROW()-2)*4)+4))","v":""},{"$f":"IF(INDIRECT(\"'MRO Certificate Printing'!B\"&((ROW()-2)*4)+4)=\"\",\"\",INDIRECT(\"'MRO Certificate Printing'!B\"&((ROW()-2)*4)+4))","v":""},{"$f":"IF(INDIRECT(\"'MRO Certificate Printing'!G\"&((ROW()-2)*4)+4)=\"\",\"\",INDIRECT(\"'MRO Certificate Printing'!G\"&((ROW()-2)*4)+4))","v":""},{"$f":"IF(INDIRECT(\"'MRO Certificate Printing'!J\"&((ROW()-2)*4)+4)=\"\",\"\",INDIRECT(\"'MRO Certificate Printing'!J\"&((ROW()-2)*4)+4))","v":""},{"$f":"IF(INDIRECT(\"'MRO Certificate Printing'!I\"&((ROW()-2)*4)+4)=\"\",\"\",INDIRECT(\"'MRO Certificate Printing'!I\"&((ROW()-2)*4)+4))","v":""},{"$f":"IF(INDIRECT(\"'MRO Certificate Printing'!K\"&((ROW()-2)*4)+4)=\"\",\"\",INDIRECT(\"'MRO Certificate Printing'!K\"&((ROW()-2)*4)+4))","v":""},null,{"$f":"IF(INDIRECT(\"'MRO Certificate Printing'!D\"&((ROW()-2)*4)+5)=\"\",\"\",INDIRECT(\"'MRO Certificate Printing'!D\"&((ROW()-2)*4)+5))","v":""},{"$f":"IF(INDIRECT(\"'MRO Certificate Printing'!E\"&((ROW()-2)*4)+5)=\"\",\"\",INDIRECT(\"'MRO Certificate Printing'!E\"&((ROW()-2)*4)+5))","v":""},{"$f":"IF(INDIRECT(\"'MRO Certificate Printing'!F\"&((ROW()-2)*4)+5)=\"\",\"\",INDIRECT(\"'MRO Certificate Printing'!F\"&((ROW()-2)*4)+5))","v":""},{"$f":"IF(INDIRECT(\"'MRO Certificate Printing'!B\"&((ROW()-2)*4)+5)=\"\",\"\",INDIRECT(\"'MRO Certificate Printing'!B\"&((ROW()-2)*4)+5))","v":""},{"$f":"IF(INDIRECT(\"'MRO Certificate Printing'!G\"&((ROW()-2)*4)+5)=\"\",\"\",INDIRECT(\"'MRO Certificate Printing'!G\"&((ROW()-2)*4)+5))","v":""},{"$f":"IF(INDIRECT(\"'MRO Certificate Printing'!J\"&((ROW()-2)*4)+5)=\"\",\"\",INDIRECT(\"'MRO Certificate Printing'!J\"&((ROW()-2)*4)+5))","v":""},{"$f":"IF(INDIRECT(\"'MRO Certificate Printing'!I\"&((ROW()-2)*4)+5)=\"\",\"\",INDIRECT(\"'MRO Certificate Printing'!I\"&((ROW()-2)*4)+5))","v":""},{"$f":"IF(INDIRECT(\"'MRO Certificate Printing'!K\"&((ROW()-2)*4)+5)=\"\",\"\",INDIRECT(\"'MRO Certificate Printing'!K\"&((ROW()-2)*4)+5))","v":""}]
["",{"$f":"IF(INDIRECT(\"'MRO Certificate Printing'!D\"&((ROW()-2)*4)+2)=\"\",\"\",INDIRECT(\"'MRO Certificate Printing'!D\"&((ROW()-2)*4)+2))","v":""},{"$f":"IF(INDIRECT(\"'MRO Certificate Printing'!E\"&((ROW()-2)*4)+2)=\"\",\"\",INDIRECT(\"'MRO Certificate Printing'!E\"&((ROW()-2)*4)+2))","v":""},{"$f":"IF(INDIRECT(\"'MRO Certificate Printing'!F\"&((ROW()-2)*4)+2)=\"\",\"\",INDIRECT(\"'MRO Certificate Printing'!F\"&((ROW()-2)*4)+2))","v":""},{"$f":"IF(INDIRECT(\"'MRO Certificate Printing'!B\"&((ROW()-2)*4)+2)=\"\",\"\",INDIRECT(\"'MRO Certificate Printing'!B\"&((ROW()-2)*4)+2))","v":""},{"$f":"IF(INDIRECT(\"'MRO Certificate Printing'!G\"&((ROW()-2)*4)+2)=\"\",\"\",INDIRECT(\"'MRO Certificate Printing'!G\"&((ROW()-2)*4)+2))","v":""},{"$f":"IF(INDIRECT(\"'MRO Certificate Printing'!J\"&((ROW()-2)*4)+2)=\"\",\"\",INDIRECT(\"'MRO Certificate Printing'!J\"&((ROW()-2)*4)+2))","v":""},{"$f":"IF(INDIRECT(\"'MRO Certificate Printing'!I\"&((ROW()-2)*4)+2)=\"\",\"\",INDIRECT(\"'MRO Certificate Printing'!I\"&((ROW()-2)*4)+2))","v":""},{"$f":"IF(INDIRECT(\"'MRO Certificate Printing'!K\"&((ROW()-2)*4)+2)=\"\",\"\",INDIRECT(\"'MRO Certificate Printing'!K\"&((ROW()-2)*4)+2))","v":""},null,{"$f":"IF(INDIRECT(\"'MRO Certificate Printing'!D\"&((ROW()-2)*4)+3)=\"\",\"\",INDIRECT(\"'MRO Certificate Printing'!D\"&((ROW()-2)*4)+3))","v":""},{"$f":"IF(INDIRECT(\"'MRO Certificate Printing'!E\"&((ROW()-2)*4)+3)=\"\",\"\",INDIRECT(\"'MRO Certificate Printing'!E\"&((ROW()-2)*4)+3))","v":""},{"$f":"IF(INDIRECT(\"'MRO Certificate Printing'!F\"&((ROW()-2)*4)+3)=\"\",\"\",INDIRECT(\"'MRO Certificate Printing'!F\"&((ROW()-2)*4)+3))","v":""},{"$f":"IF(INDIRECT(\"'MRO Certificate Printing'!B\"&((ROW()-2)*4)+3)=\"\",\"\",INDIRECT(\"'MRO Certificate Printing'!B\"&((ROW()-2)*4)+3))","v":""},{"$f":"IF(INDIRECT(\"'MRO Certificate Printing'!G\"&((ROW()-2)*4)+3)=\"\",\"\",INDIRECT(\"'MRO Certificate Printing'!G\"&((ROW()-2)*4)+3))","v":""},{"$f":"IF(INDIRECT(\"'MRO Certificate Printing'!J\"&((ROW()-2)*4)+3)=\"\",\"\",INDIRECT(\"'MRO Certificate Printing'!J\"&((ROW()-2)*4)+3))","v":""},{"$f":"IF(INDIRECT(\"'MRO Certificate Printing'!I\"&((ROW()-2)*4)+3)=\"\",\"\",INDIRECT(\"'MRO Certificate Printing'!I\"&((ROW()-2)*4)+3))","v":""},{"$f":"IF(INDIRECT(\"'MRO Certificate Printing'!K\"&((ROW()-2)*4)+3)=\"\",\"\",INDIRECT(\"'MRO Certificate Printing'!K\"&((ROW()-2)*4)+3))","v":""},null,{"$f":"IF(INDIRECT(\"'MRO Certificate Printing'!D\"&((ROW()-2)*4)+4)=\"\",\"\",INDIRECT(\"'MRO Certificate Printing'!D\"&((ROW()-2)*4)+4))","v":""},{"$f":"IF(INDIRECT(\"'MRO Certificate Printing'!E\"&((ROW()-2)*4)+4)=\"\",\"\",INDIRECT(\"'MRO Certificate Printing'!E\"&((ROW()-2)*4)+4))","v":""},{"$f":"IF(INDIRECT(\"'MRO Certificate Printing'!F\"&((ROW()-2)*4)+4)=\"\",\"\",INDIRECT(\"'MRO Certificate Printing'!F\"&((ROW()-2)*4)+4))","v":""},{"$f":"IF(INDIRECT(\"'MRO Certificate Printing'!B\"&((ROW()-2)*4)+4)=\"\",\"\",INDIRECT(\"'MRO Certificate Printing'!B\"&((ROW()-2)*4)+4))","v":""},{"$f":"IF(INDIRECT(\"'MRO Certificate Printing'!G\"&((ROW()-2)*4)+4)=\"\",\"\",INDIRECT(\"'MRO Certificate Printing'!G\"&((ROW()-2)*4)+4))","v":""},{"$f":"IF(INDIRECT(\"'MRO Certificate Printing'!J\"&((ROW()-2)*4)+4)=\"\",\"\",INDIRECT(\"'MRO Certificate Printing'!J\"&((ROW()-2)*4)+4))","v":""},{"$f":"IF(INDIRECT(\"'MRO Certificate Printing'!I\"&((ROW()-2)*4)+4)=\"\",\"\",INDIRECT(\"'MRO Certificate Printing'!I\"&((ROW()-2)*4)+4))","v":""},{"$f":"IF(INDIRECT(\"'MRO Certificate Printing'!K\"&((ROW()-2)*4)+4)=\"\",\"\",INDIRECT(\"'MRO Certificate Printing'!K\"&((ROW()-2)*4)+4))","v":""},null,{"$f":"IF(INDIRECT(\"'MRO Certificate Printing'!D\"&((ROW()-2)*4)+5)=\"\",\"\",INDIRECT(\"'MRO Certificate Printing'!D\"&((ROW()-2)*4)+5))","v":""},{"$f":"IF(INDIRECT(\"'MRO Certificate Printing'!E\"&((ROW()-2)*4)+5)=\"\",\"\",INDIRECT(\"'MRO Certificate Printing'!E\"&((ROW()-2)*4)+5))","v":""},{"$f":"IF(INDIRECT(\"'MRO Certificate Printing'!F\"&((ROW()-2)*4)+5)=\"\",\"\",INDIRECT(\"'MRO Certificate Printing'!F\"&((ROW()-2)*4)+5))","v":""},{"$f":"IF(INDIRECT(\"'MRO Certificate Printing'!B\"&((ROW()-2)*4)+5)=\"\",\"\",INDIRECT(\"'MRO Certificate Printing'!B\"&((ROW()-2)*4)+5))","v":""},{"$f":"IF(INDIRECT(\"'MRO Certificate Printing'!G\"&((ROW()-2)*4)+5)=\"\",\"\",INDIRECT(\"'MRO Certificate Printing'!G\"&((ROW()-2)*4)+5))","v":""},{"$f":"IF(INDIRECT(\"'MRO Certificate Printing'!J\"&((ROW()-2)*4)+5)=\"\",\"\",INDIRECT(\"'MRO Certificate Printing'!J\"&((ROW()-2)*4)+5))","v":""},{"$f":"IF(INDIRECT(\"'MRO Certificate Printing'!I\"&((ROW()-2)*4)+5)=\"\",\"\",INDIRECT(\"'MRO Certificate Printing'!I\"&((ROW()-2)*4)+5))","v":""},{"$f":"IF(INDIRECT(\"'MRO Certificate Printing'!K\"&((ROW()-2)*4)+5)=\"\",\"\",INDIRECT(\"'MRO Certificate Printing'!K\"&((ROW()-2)*4)+5))","v":""}]
["",{"$f":"IF(INDIRECT(\"'MRO Certificate Printing'!D\"&((ROW()-2)*4)+2)=\"\",\"\",INDIRECT(\"'MRO Certificate Printing'!D\"&((ROW()-2)*4)+2))","v":""},{"$f":"IF(INDIRECT(\"'MRO Certificate Printing'!E\"&((ROW()-2)*4)+2)=\"\",\"\",INDIRECT(\"'MRO Certificate Printing'!E\"&((ROW()-2)*4)+2))","v":""},{"$f":"IF(INDIRECT(\"'MRO Certificate Printing'!F\"&((ROW()-2)*4)+2)=\"\",\"\",INDIRECT(\"'MRO Certificate Printing'!F\"&((ROW()-2)*4)+2))","v":""},{"$f":"IF(INDIRECT(\"'MRO Certificate Printing'!B\"&((ROW()-2)*4)+2)=\"\",\"\",INDIRECT(\"'MRO Certificate Printing'!B\"&((ROW()-2)*4)+2))","v":""},{"$f":"IF(INDIRECT(\"'MRO Certificate Printing'!G\"&((ROW()-2)*4)+2)=\"\",\"\",INDIRECT(\"'MRO Certificate Printing'!G\"&((ROW()-2)*4)+2))","v":""},{"$f":"IF(INDIRECT(\"'MRO Certificate Printing'!J\"&((ROW()-2)*4)+2)=\"\",\"\",INDIRECT(\"'MRO Certificate Printing'!J\"&((ROW()-2)*4)+2))","v":""},{"$f":"IF(INDIRECT(\"'MRO Certificate Printing'!I\"&((ROW()-2)*4)+2)=\"\",\"\",INDIRECT(\"'MRO Certificate Printing'!I\"&((ROW()-2)*4)+2))","v":""},{"$f":"IF(INDIRECT(\"'MRO Certificate Printing'!K\"&((ROW()-2)*4)+2)=\"\",\"\",INDIRECT(\"'MRO Certificate Printing'!K\"&((ROW()-2)*4)+2))","v":""},null,{"$f":"IF(INDIRECT(\"'MRO Certificate Printing'!D\"&((ROW()-2)*4)+3)=\"\",\"\",INDIRECT(\"'MRO Certificate Printing'!D\"&((ROW()-2)*4)+3))","v":""},{"$f":"IF(INDIRECT(\"'MRO Certificate Printing'!E\"&((ROW()-2)*4)+3)=\"\",\"\",INDIRECT(\"'MRO Certificate Printing'!E\"&((ROW()-2)*4)+3))","v":""},{"$f":"IF(INDIRECT(\"'MRO Certificate Printing'!F\"&((ROW()-2)*4)+3)=\"\",\"\",INDIRECT(\"'MRO Certificate Printing'!F\"&((ROW()-2)*4)+3))","v":""},{"$f":"IF(INDIRECT(\"'MRO Certificate Printing'!B\"&((ROW()-2)*4)+3)=\"\",\"\",INDIRECT(\"'MRO Certificate Printing'!B\"&((ROW()-2)*4)+3))","v":""},{"$f":"IF(INDIRECT(\"'MRO Certificate Printing'!G\"&((ROW()-2)*4)+3)=\"\",\"\",INDIRECT(\"'MRO Certificate Printing'!G\"&((ROW()-2)*4)+3))","v":""},{"$f":"IF(INDIRECT(\"'MRO Certificate Printing'!J\"&((ROW()-2)*4)+3)=\"\",\"\",INDIRECT(\"'MRO Certificate Printing'!J\"&((ROW()-2)*4)+3))","v":""},{"$f":"IF(INDIRECT(\"'MRO Certificate Printing'!I\"&((ROW()-2)*4)+3)=\"\",\"\",INDIRECT(\"'MRO Certificate Printing'!I\"&((ROW()-2)*4)+3))","v":""},{"$f":"IF(INDIRECT(\"'MRO Certificate Printing'!K\"&((ROW()-2)*4)+3)=\"\",\"\",INDIRECT(\"'MRO Certificate Printing'!K\"&((ROW()-2)*4)+3))","v":""},null,{"$f":"IF(INDIRECT(\"'MRO Certificate Printing'!D\"&((ROW()-2)*4)+4)=\"\",\"\",INDIRECT(\"'MRO Certificate Printing'!D\"&((ROW()-2)*4)+4))","v":""},{"$f":"IF(INDIRECT(\"'MRO Certificate Printing'!E\"&((ROW()-2)*4)+4)=\"\",\"\",INDIRECT(\"'MRO Certificate Printing'!E\"&((ROW()-2)*4)+4))","v":""},{"$f":"IF(INDIRECT(\"'MRO Certificate Printing'!F\"&((ROW()-2)*4)+4)=\"\",\"\",INDIRECT(\"'MRO Certificate Printing'!F\"&((ROW()-2)*4)+4))","v":""},{"$f":"IF(INDIRECT(\"'MRO Certificate Printing'!B\"&((ROW()-2)*4)+4)=\"\",\"\",INDIRECT(\"'MRO Certificate Printing'!B\"&((ROW()-2)*4)+4))","v":""},{"$f":"IF(INDIRECT(\"'MRO Certificate Printing'!G\"&((ROW()-2)*4)+4)=\"\",\"\",INDIRECT(\"'MRO Certificate Printing'!G\"&((ROW()-2)*4)+4))","v":""},{"$f":"IF(INDIRECT(\"'MRO Certificate Printing'!J\"&((ROW()-2)*4)+4)=\"\",\"\",INDIRECT(\"'MRO Certificate Printing'!J\"&((ROW()-2)*4)+4))","v":""},{"$f":"IF(INDIRECT(\"'MRO Certificate Printing'!I\"&((ROW()-2)*4)+4)=\"\",\"\",INDIRECT(\"'MRO Certificate Printing'!I\"&((ROW()-2)*4)+4))","v":""},{"$f":"IF(INDIRECT(\"'MRO Certificate Printing'!K\"&((ROW()-2)*4)+4)=\"\",\"\",INDIRECT(\"'MRO Certificate Printing'!K\"&((ROW()-2)*4)+4))","v":""},null,{"$f":"IF(INDIRECT(\"'MRO Certificate Printing'!D\"&((ROW()-2)*4)+5)=\"\",\"\",INDIRECT(\"'MRO Certificate Printing'!D\"&((ROW()-2)*4)+5))","v":""},{"$f":"IF(INDIRECT(\"'MRO Certificate Printing'!E\"&((ROW()-2)*4)+5)=\"\",\"\",INDIRECT(\"'MRO Certificate Printing'!E\"&((ROW()-2)*4)+5))","v":""},{"$f":"IF(INDIRECT(\"'MRO Certificate Printing'!F\"&((ROW()-2)*4)+5)=\"\",\"\",INDIRECT(\"'MRO Certificate Printing'!F\"&((ROW()-2)*4)+5))","v":""},{"$f":"IF(INDIRECT(\"'MRO Certificate Printing'!B\"&((ROW()-2)*4)+5)=\"\",\"\",INDIRECT(\"'MRO Certificate Printing'!B\"&((ROW()-2)*4)+5))","v":""},{"$f":"IF(INDIRECT(\"'MRO Certificate Printing'!G\"&((ROW()-2)*4)+5)=\"\",\"\",INDIRECT(\"'MRO Certificate Printing'!G\"&((ROW()-2)*4)+5))","v":""},{"$f":"IF(INDIRECT(\"'MRO Certificate Printing'!J\"&((ROW()-2)*4)+5)=\"\",\"\",INDIRECT(\"'MRO Certificate Printing'!J\"&((ROW()-2)*4)+5))","v":""},{"$f":"IF(INDIRECT(\"'MRO Certificate Printing'!I\"&((ROW()-2)*4)+5)=\"\",\"\",INDIRECT(\"'MRO Certificate Printing'!I\"&((ROW()-2)*4)+5))","v":""},{"$f":"IF(INDIRECT(\"'MRO Certificate Printing'!K\"&((ROW()-2)*4)+5)=\"\",\"\",INDIRECT(\"'MRO Certificate Printing'!K\"&((ROW()-2)*4)+5))","v":""}]
["",{"$f":"IF(INDIRECT(\"'MRO Certificate Printing'!D\"&((ROW()-2)*4)+2)=\"\",\"\",INDIRECT(\"'MRO Certificate Printing'!D\"&((ROW()-2)*4)+2))","v":""},{"$f":"IF(INDIRECT(\"'MRO Certificate Printing'!E\"&((ROW()-2)*4)+2)=\"\",\"\",INDIRECT(\"'MRO Certificate Printing'!E\"&((ROW()-2)*4)+2))","v":""},{"$f":"IF(INDIRECT(\"'MRO Certificate Printing'!F\"&((ROW()-2)*4)+2)=\"\",\"\",INDIRECT(\"'MRO Certificate Printing'!F\"&((ROW()-2)*4)+2))","v":""},{"$f":"IF(INDIRECT(\"'MRO Certificate Printing'!B\"&((ROW()-2)*4)+2)=\"\",\"\",INDIRECT(\"'MRO Certificate Printing'!B\"&((ROW()-2)*4)+2))","v":""},{"$f":"IF(INDIRECT(\"'MRO Certificate Printing'!G\"&((ROW()-2)*4)+2)=\"\",\"\",INDIRECT(\"'MRO Certificate Printing'!G\"&((ROW()-2)*4)+2))","v":""},{"$f":"IF(INDIRECT(\"'MRO Certificate Printing'!J\"&((ROW()-2)*4)+2)=\"\",\"\",INDIRECT(\"'MRO Certificate Printing'!J\"&((ROW()-2)*4)+2))","v":""},{"$f":"IF(INDIRECT(\"'MRO Certificate Printing'!I\"&((ROW()-2)*4)+2)=\"\",\"\",INDIRECT(\"'MRO Certificate Printing'!I\"&((ROW()-2)*4)+2))","v":""},{"$f":"IF(INDIRECT(\"'MRO Certificate Printing'!K\"&((ROW()-2)*4)+2)=\"\",\"\",INDIRECT(\"'MRO Certificate Printing'!K\"&((ROW()-2)*4)+2))","v":""},null,{"$f":"IF(INDIRECT(\"'MRO Certificate Printing'!D\"&((ROW()-2)*4)+3)=\"\",\"\",INDIRECT(\"'MRO Certificate Printing'!D\"&((ROW()-2)*4)+3))","v":""},{"$f":"IF(INDIRECT(\"'MRO Certificate Printing'!E\"&((ROW()-2)*4)+3)=\"\",\"\",INDIRECT(\"'MRO Certificate Printing'!E\"&((ROW()-2)*4)+3))","v":""},{"$f":"IF(INDIRECT(\"'MRO Certificate Printing'!F\"&((ROW()-2)*4)+3)=\"\",\"\",INDIRECT(\"'MRO Certificate Printing'!F\"&((ROW()-2)*4)+3))","v":""},{"$f":"IF(INDIRECT(\"'MRO Certificate Printing'!B\"&((ROW()-2)*4)+3)=\"\",\"\",INDIRECT(\"'MRO Certificate Printing'!B\"&((ROW()-2)*4)+3))","v":""},{"$f":"IF(INDIRECT(\"'MRO Certificate Printing'!G\"&((ROW()-2)*4)+3)=\"\",\"\",INDIRECT(\"'MRO Certificate Printing'!G\"&((ROW()-2)*4)+3))","v":""},{"$f":"IF(INDIRECT(\"'MRO Certificate Printing'!J\"&((ROW()-2)*4)+3)=\"\",\"\",INDIRECT(\"'MRO Certificate Printing'!J\"&((ROW()-2)*4)+3))","v":""},{"$f":"IF(INDIRECT(\"'MRO Certificate Printing'!I\"&((ROW()-2)*4)+3)=\"\",\"\",INDIRECT(\"'MRO Certificate Printing'!I\"&((ROW()-2)*4)+3))","v":""},{"$f":"IF(INDIRECT(\"'MRO Certificate Printing'!K\"&((ROW()-2)*4)+3)=\"\",\"\",INDIRECT(\"'MRO Certificate Printing'!K\"&((ROW()-2)*4)+3))","v":""},null,{"$f":"IF(INDIRECT(\"'MRO Certificate Printing'!D\"&((ROW()-2)*4)+4)=\"\",\"\",INDIRECT(\"'MRO Certificate Printing'!D\"&((ROW()-2)*4)+4))","v":""},{"$f":"IF(INDIRECT(\"'MRO Certificate Printing'!E\"&((ROW()-2)*4)+4)=\"\",\"\",INDIRECT(\"'MRO Certificate Printing'!E\"&((ROW()-2)*4)+4))","v":""},{"$f":"IF(INDIRECT(\"'MRO Certificate Printing'!F\"&((ROW()-2)*4)+4)=\"\",\"\",INDIRECT(\"'MRO Certificate Printing'!F\"&((ROW()-2)*4)+4))","v":""},{"$f":"IF(INDIRECT(\"'MRO Certificate Printing'!B\"&((ROW()-2)*4)+4)=\"\",\"\",INDIRECT(\"'MRO Certificate Printing'!B\"&((ROW()-2)*4)+4))","v":""},{"$f":"IF(INDIRECT(\"'MRO Certificate Printing'!G\"&((ROW()-2)*4)+4)=\"\",\"\",INDIRECT(\"'MRO Certificate Printing'!G\"&((ROW()-2)*4)+4))","v":""},{"$f":"IF(INDIRECT(\"'MRO Certificate Printing'!J\"&((ROW()-2)*4)+4)=\"\",\"\",INDIRECT(\"'MRO Certificate Printing'!J\"&((ROW()-2)*4)+4))","v":""},{"$f":"IF(INDIRECT(\"'MRO Certificate Printing'!I\"&((ROW()-2)*4)+4)=\"\",\"\",INDIRECT(\"'MRO Certificate Printing'!I\"&((ROW()-2)*4)+4))","v":""},{"$f":"IF(INDIRECT(\"'MRO Certificate Printing'!K\"&((ROW()-2)*4)+4)=\"\",\"\",INDIRECT(\"'MRO Certificate Printing'!K\"&((ROW()-2)*4)+4))","v":""},null,{"$f":"IF(INDIRECT(\"'MRO Certificate Printing'!D\"&((ROW()-2)*4)+5)=\"\",\"\",INDIRECT(\"'MRO Certificate Printing'!D\"&((ROW()-2)*4)+5))","v":""},{"$f":"IF(INDIRECT(\"'MRO Certificate Printing'!E\"&((ROW()-2)*4)+5)=\"\",\"\",INDIRECT(\"'MRO Certificate Printing'!E\"&((ROW()-2)*4)+5))","v":""},{"$f":"IF(INDIRECT(\"'MRO Certificate Printing'!F\"&((ROW()-2)*4)+5)=\"\",\"\",INDIRECT(\"'MRO Certificate Printing'!F\"&((ROW()-2)*4)+5))","v":""},{"$f":"IF(INDIRECT(\"'MRO Certificate Printing'!B\"&((ROW()-2)*4)+5)=\"\",\"\",INDIRECT(\"'MRO Certificate Printing'!B\"&((ROW()-2)*4)+5))","v":""},{"$f":"IF(INDIRECT(\"'MRO Certificate Printing'!G\"&((ROW()-2)*4)+5)=\"\",\"\",INDIRECT(\"'MRO Certificate Printing'!G\"&((ROW()-2)*4)+5))","v":""},{"$f":"IF(INDIRECT(\"'MRO Certificate Printing'!J\"&((ROW()-2)*4)+5)=\"\",\"\",INDIRECT(\"'MRO Certificate Printing'!J\"&((ROW()-2)*4)+5))","v":""},{"$f":"IF(INDIRECT(\"'MRO Certificate Printing'!I\"&((ROW()-2)*4)+5)=\"\",\"\",INDIRECT(\"'MRO Certificate Printing'!I\"&((ROW()-2)*4)+5))","v":""},{"$f":"IF(INDIRECT(\"'MRO Certificate Printing'!K\"&((ROW()-2)*4)+5)=\"\",\"\",INDIRECT(\"'MRO Certificate Printing'!K\"&((ROW()-2)*4)+5))","v":""}]
["",{"$f":"IF(INDIRECT(\"'MRO Certificate Printing'!D\"&((ROW()-2)*4)+2)=\"\",\"\",INDIRECT(\"'MRO Certificate Printing'!D\"&((ROW()-2)*4)+2))","v":""},{"$f":"IF(INDIRECT(\"'MRO Certificate Printing'!E\"&((ROW()-2)*4)+2)=\"\",\"\",INDIRECT(\"'MRO Certificate Printing'!E\"&((ROW()-2)*4)+2))","v":""},{"$f":"IF(INDIRECT(\"'MRO Certificate Printing'!F\"&((ROW()-2)*4)+2)=\"\",\"\",INDIRECT(\"'MRO Certificate Printing'!F\"&((ROW()-2)*4)+2))","v":""},{"$f":"IF(INDIRECT(\"'MRO Certificate Printing'!B\"&((ROW()-2)*4)+2)=\"\",\"\",INDIRECT(\"'MRO Certificate Printing'!B\"&((ROW()-2)*4)+2))","v":""},{"$f":"IF(INDIRECT(\"'MRO Certificate Printing'!G\"&((ROW()-2)*4)+2)=\"\",\"\",INDIRECT(\"'MRO Certificate Printing'!G\"&((ROW()-2)*4)+2))","v":""},{"$f":"IF(INDIRECT(\"'MRO Certificate Printing'!J\"&((ROW()-2)*4)+2)=\"\",\"\",INDIRECT(\"'MRO Certificate Printing'!J\"&((ROW()-2)*4)+2))","v":""},{"$f":"IF(INDIRECT(\"'MRO Certificate Printing'!I\"&((ROW()-2)*4)+2)=\"\",\"\",INDIRECT(\"'MRO Certificate Printing'!I\"&((ROW()-2)*4)+2))","v":""},{"$f":"IF(INDIRECT(\"'MRO Certificate Printing'!K\"&((ROW()-2)*4)+2)=\"\",\"\",INDIRECT(\"'MRO Certificate Printing'!K\"&((ROW()-2)*4)+2))","v":""},null,{"$f":"IF(INDIRECT(\"'MRO Certificate Printing'!D\"&((ROW()-2)*4)+3)=\"\",\"\",INDIRECT(\"'MRO Certificate Printing'!D\"&((ROW()-2)*4)+3))","v":""},{"$f":"IF(INDIRECT(\"'MRO Certificate Printing'!E\"&((ROW()-2)*4)+3)=\"\",\"\",INDIRECT(\"'MRO Certificate Printing'!E\"&((ROW()-2)*4)+3))","v":""},{"$f":"IF(INDIRECT(\"'MRO Certificate Printing'!F\"&((ROW()-2)*4)+3)=\"\",\"\",INDIRECT(\"'MRO Certificate Printing'!F\"&((ROW()-2)*4)+3))","v":""},{"$f":"IF(INDIRECT(\"'MRO Certificate Printing'!B\"&((ROW()-2)*4)+3)=\"\",\"\",INDIRECT(\"'MRO Certificate Printing'!B\"&((ROW()-2)*4)+3))","v":""},{"$f":"IF(INDIRECT(\"'MRO Certificate Printing'!G\"&((ROW()-2)*4)+3)=\"\",\"\",INDIRECT(\"'MRO Certificate Printing'!G\"&((ROW()-2)*4)+3))","v":""},{"$f":"IF(INDIRECT(\"'MRO Certificate Printing'!J\"&((ROW()-2)*4)+3)=\"\",\"\",INDIRECT(\"'MRO Certificate Printing'!J\"&((ROW()-2)*4)+3))","v":""},{"$f":"IF(INDIRECT(\"'MRO Certificate Printing'!I\"&((ROW()-2)*4)+3)=\"\",\"\",INDIRECT(\"'MRO Certificate Printing'!I\"&((ROW()-2)*4)+3))","v":""},{"$f":"IF(INDIRECT(\"'MRO Certificate Printing'!K\"&((ROW()-2)*4)+3)=\"\",\"\",INDIRECT(\"'MRO Certificate Printing'!K\"&((ROW()-2)*4)+3))","v":""},null,{"$f":"IF(INDIRECT(\"'MRO Certificate Printing'!D\"&((ROW()-2)*4)+4)=\"\",\"\",INDIRECT(\"'MRO Certificate Printing'!D\"&((ROW()-2)*4)+4))","v":""},{"$f":"IF(INDIRECT(\"'MRO Certificate Printing'!E\"&((ROW()-2)*4)+4)=\"\",\"\",INDIRECT(\"'MRO Certificate Printing'!E\"&((ROW()-2)*4)+4))","v":""},{"$f":"IF(INDIRECT(\"'MRO Certificate Printing'!F\"&((ROW()-2)*4)+4)=\"\",\"\",INDIRECT(\"'MRO Certificate Printing'!F\"&((ROW()-2)*4)+4))","v":""},{"$f":"IF(INDIRECT(\"'MRO Certificate Printing'!B\"&((ROW()-2)*4)+4)=\"\",\"\",INDIRECT(\"'MRO Certificate Printing'!B\"&((ROW()-2)*4)+4))","v":""},{"$f":"IF(INDIRECT(\"'MRO Certificate Printing'!G\"&((ROW()-2)*4)+4)=\"\",\"\",INDIRECT(\"'MRO Certificate Printing'!G\"&((ROW()-2)*4)+4))","v":""},{"$f":"IF(INDIRECT(\"'MRO Certificate Printing'!J\"&((ROW()-2)*4)+4)=\"\",\"\",INDIRECT(\"'MRO Certificate Printing'!J\"&((ROW()-2)*4)+4))","v":""},{"$f":"IF(INDIRECT(\"'MRO Certificate Printing'!I\"&((ROW()-2)*4)+4)=\"\",\"\",INDIRECT(\"'MRO Certificate Printing'!I\"&((ROW()-2)*4)+4))","v":""},{"$f":"IF(INDIRECT(\"'MRO Certificate Printing'!K\"&((ROW()-2)*4)+4)=\"\",\"\",INDIRECT(\"'MRO Certificate Printing'!K\"&((ROW()-2)*4)+4))","v":""},null,{"$f":"IF(INDIRECT(\"'MRO Certificate Printing'!D\"&((ROW()-2)*4)+5)=\"\",\"\",INDIRECT(\"'MRO Certificate Printing'!D\"&((ROW()-2)*4)+5))","v":""},{"$f":"IF(INDIRECT(\"'MRO Certificate Printing'!E\"&((ROW()-2)*4)+5)=\"\",\"\",INDIRECT(\"'MRO Certificate Printing'!E\"&((ROW()-2)*4)+5))","v":""},{"$f":"IF(INDIRECT(\"'MRO Certificate Printing'!F\"&((ROW()-2)*4)+5)=\"\",\"\",INDIRECT(\"'MRO Certificate Printing'!F\"&((ROW()-2)*4)+5))","v":""},{"$f":"IF(INDIRECT(\"'MRO Certificate Printing'!B\"&((ROW()-2)*4)+5)=\"\",\"\",INDIRECT(\"'MRO Certificate Printing'!B\"&((ROW()-2)*4)+5))","v":""},{"$f":"IF(INDIRECT(\"'MRO Certificate Printing'!G\"&((ROW()-2)*4)+5)=\"\",\"\",INDIRECT(\"'MRO Certificate Printing'!G\"&((ROW()-2)*4)+5))","v":""},{"$f":"IF(INDIRECT(\"'MRO Certificate Printing'!J\"&((ROW()-2)*4)+5)=\"\",\"\",INDIRECT(\"'MRO Certificate Printing'!J\"&((ROW()-2)*4)+5))","v":""},{"$f":"IF(INDIRECT(\"'MRO Certificate Printing'!I\"&((ROW()-2)*4)+5)=\"\",\"\",INDIRECT(\"'MRO Certificate Printing'!I\"&((ROW()-2)*4)+5))","v":""},{"$f":"IF(INDIRECT(\"'MRO Certificate Printing'!K\"&((ROW()-2)*4)+5)=\"\",\"\",INDIRECT(\"'MRO Certificate Printing'!K\"&((ROW()-2)*4)+5))","v":""}]
["",{"$f":"IF(INDIRECT(\"'MRO Certificate Printing'!D\"&((ROW()-2)*4)+2)=\"\",\"\",INDIRECT(\"'MRO Certificate Printing'!D\"&((ROW()-2)*4)+2))","v":""},{"$f":"IF(INDIRECT(\"'MRO Certificate Printing'!E\"&((ROW()-2)*4)+2)=\"\",\"\",INDIRECT(\"'MRO Certificate Printing'!E\"&((ROW()-2)*4)+2))","v":""},{"$f":"IF(INDIRECT(\"'MRO Certificate Printing'!F\"&((ROW()-2)*4)+2)=\"\",\"\",INDIRECT(\"'MRO Certificate Printing'!F\"&((ROW()-2)*4)+2))","v":""},{"$f":"IF(INDIRECT(\"'MRO Certificate Printing'!B\"&((ROW()-2)*4)+2)=\"\",\"\",INDIRECT(\"'MRO Certificate Printing'!B\"&((ROW()-2)*4)+2))","v":""},{"$f":"IF(INDIRECT(\"'MRO Certificate Printing'!G\"&((ROW()-2)*4)+2)=\"\",\"\",INDIRECT(\"'MRO Certificate Printing'!G\"&((ROW()-2)*4)+2))","v":""},{"$f":"IF(INDIRECT(\"'MRO Certificate Printing'!J\"&((ROW()-2)*4)+2)=\"\",\"\",INDIRECT(\"'MRO Certificate Printing'!J\"&((ROW()-2)*4)+2))","v":""},{"$f":"IF(INDIRECT(\"'MRO Certificate Printing'!I\"&((ROW()-2)*4)+2)=\"\",\"\",INDIRECT(\"'MRO Certificate Printing'!I\"&((ROW()-2)*4)+2))","v":""},{"$f":"IF(INDIRECT(\"'MRO Certificate Printing'!K\"&((ROW()-2)*4)+2)=\"\",\"\",INDIRECT(\"'MRO Certificate Printing'!K\"&((ROW()-2)*4)+2))","v":""},null,{"$f":"IF(INDIRECT(\"'MRO Certificate Printing'!D\"&((ROW()-2)*4)+3)=\"\",\"\",INDIRECT(\"'MRO Certificate Printing'!D\"&((ROW()-2)*4)+3))","v":""},{"$f":"IF(INDIRECT(\"'MRO Certificate Printing'!E\"&((ROW()-2)*4)+3)=\"\",\"\",INDIRECT(\"'MRO Certificate Printing'!E\"&((ROW()-2)*4)+3))","v":""},{"$f":"IF(INDIRECT(\"'MRO Certificate Printing'!F\"&((ROW()-2)*4)+3)=\"\",\"\",INDIRECT(\"'MRO Certificate Printing'!F\"&((ROW()-2)*4)+3))","v":""},{"$f":"IF(INDIRECT(\"'MRO Certificate Printing'!B\"&((ROW()-2)*4)+3)=\"\",\"\",INDIRECT(\"'MRO Certificate Printing'!B\"&((ROW()-2)*4)+3))","v":""},{"$f":"IF(INDIRECT(\"'MRO Certificate Printing'!G\"&((ROW()-2)*4)+3)=\"\",\"\",INDIRECT(\"'MRO Certificate Printing'!G\"&((ROW()-2)*4)+3))","v":""},{"$f":"IF(INDIRECT(\"'MRO Certificate Printing'!J\"&((ROW()-2)*4)+3)=\"\",\"\",INDIRECT(\"'MRO Certificate Printing'!J\"&((ROW()-2)*4)+3))","v":""},{"$f":"IF(INDIRECT(\"'MRO Certificate Printing'!I\"&((ROW()-2)*4)+3)=\"\",\"\",INDIRECT(\"'MRO Certificate Printing'!I\"&((ROW()-2)*4)+3))","v":""},{"$f":"IF(INDIRECT(\"'MRO Certificate Printing'!K\"&((ROW()-2)*4)+3)=\"\",\"\",INDIRECT(\"'MRO Certificate Printing'!K\"&((ROW()-2)*4)+3))","v":""},null,{"$f":"IF(INDIRECT(\"'MRO Certificate Printing'!D\"&((ROW()-2)*4)+4)=\"\",\"\",INDIRECT(\"'MRO Certificate Printing'!D\"&((ROW()-2)*4)+4))","v":""},{"$f":"IF(INDIRECT(\"'MRO Certificate Printing'!E\"&((ROW()-2)*4)+4)=\"\",\"\",INDIRECT(\"'MRO Certificate Printing'!E\"&((ROW()-2)*4)+4))","v":""},{"$f":"IF(INDIRECT(\"'MRO Certificate Printing'!F\"&((ROW()-2)*4)+4)=\"\",\"\",INDIRECT(\"'MRO Certificate Printing'!F\"&((ROW()-2)*4)+4))","v":""},{"$f":"IF(INDIRECT(\"'MRO Certificate Printing'!B\"&((ROW()-2)*4)+4)=\"\",\"\",INDIRECT(\"'MRO Certificate Printing'!B\"&((ROW()-2)*4)+4))","v":""},{"$f":"IF(INDIRECT(\"'MRO Certificate Printing'!G\"&((ROW()-2)*4)+4)=\"\",\"\",INDIRECT(\"'MRO Certificate Printing'!G\"&((ROW()-2)*4)+4))","v":""},{"$f":"IF(INDIRECT(\"'MRO Certificate Printing'!J\"&((ROW()-2)*4)+4)=\"\",\"\",INDIRECT(\"'MRO Certificate Printing'!J\"&((ROW()-2)*4)+4))","v":""},{"$f":"IF(INDIRECT(\"'MRO Certificate Printing'!I\"&((ROW()-2)*4)+4)=\"\",\"\",INDIRECT(\"'MRO Certificate Printing'!I\"&((ROW()-2)*4)+4))","v":""},{"$f":"IF(INDIRECT(\"'MRO Certificate Printing'!K\"&((ROW()-2)*4)+4)=\"\",\"\",INDIRECT(\"'MRO Certificate Printing'!K\"&((ROW()-2)*4)+4))","v":""},null,{"$f":"IF(INDIRECT(\"'MRO Certificate Printing'!D\"&((ROW()-2)*4)+5)=\"\",\"\",INDIRECT(\"'MRO Certificate Printing'!D\"&((ROW()-2)*4)+5))","v":""},{"$f":"IF(INDIRECT(\"'MRO Certificate Printing'!E\"&((ROW()-2)*4)+5)=\"\",\"\",INDIRECT(\"'MRO Certificate Printing'!E\"&((ROW()-2)*4)+5))","v":""},{"$f":"IF(INDIRECT(\"'MRO Certificate Printing'!F\"&((ROW()-2)*4)+5)=\"\",\"\",INDIRECT(\"'MRO Certificate Printing'!F\"&((ROW()-2)*4)+5))","v":""},{"$f":"IF(INDIRECT(\"'MRO Certificate Printing'!B\"&((ROW()-2)*4)+5)=\"\",\"\",INDIRECT(\"'MRO Certificate Printing'!B\"&((ROW()-2)*4)+5))","v":""},{"$f":"IF(INDIRECT(\"'MRO Certificate Printing'!G\"&((ROW()-2)*4)+5)=\"\",\"\",INDIRECT(\"'MRO Certificate Printing'!G\"&((ROW()-2)*4)+5))","v":""},{"$f":"IF(INDIRECT(\"'MRO Certificate Printing'!J\"&((ROW()-2)*4)+5)=\"\",\"\",INDIRECT(\"'MRO Certificate Printing'!J\"&((ROW()-2)*4)+5))","v":""},{"$f":"IF(INDIRECT(\"'MRO Certificate Printing'!I\"&((ROW()-2)*4)+5)=\"\",\"\",INDIRECT(\"'MRO Certificate Printing'!I\"&((ROW()-2)*4)+5))","v":""},{"$f":"IF(INDIRECT(\"'MRO Certificate Printing'!K\"&((ROW()-2)*4)+5)=\"\",\"\",INDIRECT(\"'MRO Certificate Printing'!K\"&((ROW()-2)*4)+5))","v":""}]
["",{"$f":"IF(INDIRECT(\"'MRO Certificate Printing'!D\"&((ROW()-2)*4)+2)=\"\",\"\",INDIRECT(\"'MRO Certificate Printing'!D\"&((ROW()-2)*4)+2))","v":""},{"$f":"IF(INDIRECT(\"'MRO Certificate Printing'!E\"&((ROW()-2)*4)+2)=\"\",\"\",INDIRECT(\"'MRO Certificate Printing'!E\"&((ROW()-2)*4)+2))","v":""},{"$f":"IF(INDIRECT(\"'MRO Certificate Printing'!F\"&((ROW()-2)*4)+2)=\"\",\"\",INDIRECT(\"'MRO Certificate Printing'!F\"&((ROW()-2)*4)+2))","v":""},{"$f":"IF(INDIRECT(\"'MRO Certificate Printing'!B\"&((ROW()-2)*4)+2)=\"\",\"\",INDIRECT(\"'MRO Certificate Printing'!B\"&((ROW()-2)*4)+2))","v":""},{"$f":"IF(INDIRECT(\"'MRO Certificate Printing'!G\"&((ROW()-2)*4)+2)=\"\",\"\",INDIRECT(\"'MRO Certificate Printing'!G\"&((ROW()-2)*4)+2))","v":""},{"$f":"IF(INDIRECT(\"'MRO Certificate Printing'!J\"&((ROW()-2)*4)+2)=\"\",\"\",INDIRECT(\"'MRO Certificate Printing'!J\"&((ROW()-2)*4)+2))","v":""},{"$f":"IF(INDIRECT(\"'MRO Certificate Printing'!I\"&((ROW()-2)*4)+2)=\"\",\"\",INDIRECT(\"'MRO Certificate Printing'!I\"&((ROW()-2)*4)+2))","v":""},{"$f":"IF(INDIRECT(\"'MRO Certificate Printing'!K\"&((ROW()-2)*4)+2)=\"\",\"\",INDIRECT(\"'MRO Certificate Printing'!K\"&((ROW()-2)*4)+2))","v":""},null,{"$f":"IF(INDIRECT(\"'MRO Certificate Printing'!D\"&((ROW()-2)*4)+3)=\"\",\"\",INDIRECT(\"'MRO Certificate Printing'!D\"&((ROW()-2)*4)+3))","v":""},{"$f":"IF(INDIRECT(\"'MRO Certificate Printing'!E\"&((ROW()-2)*4)+3)=\"\",\"\",INDIRECT(\"'MRO Certificate Printing'!E\"&((ROW()-2)*4)+3))","v":""},{"$f":"IF(INDIRECT(\"'MRO Certificate Printing'!F\"&((ROW()-2)*4)+3)=\"\",\"\",INDIRECT(\"'MRO Certificate Printing'!F\"&((ROW()-2)*4)+3))","v":""},{"$f":"IF(INDIRECT(\"'MRO Certificate Printing'!B\"&((ROW()-2)*4)+3)=\"\",\"\",INDIRECT(\"'MRO Certificate Printing'!B\"&((ROW()-2)*4)+3))","v":""},{"$f":"IF(INDIRECT(\"'MRO Certificate Printing'!G\"&((ROW()-2)*4)+3)=\"\",\"\",INDIRECT(\"'MRO Certificate Printing'!G\"&((ROW()-2)*4)+3))","v":""},{"$f":"IF(INDIRECT(\"'MRO Certificate Printing'!J\"&((ROW()-2)*4)+3)=\"\",\"\",INDIRECT(\"'MRO Certificate Printing'!J\"&((ROW()-2)*4)+3))","v":""},{"$f":"IF(INDIRECT(\"'MRO Certificate Printing'!I\"&((ROW()-2)*4)+3)=\"\",\"\",INDIRECT(\"'MRO Certificate Printing'!I\"&((ROW()-2)*4)+3))","v":""},{"$f":"IF(INDIRECT(\"'MRO Certificate Printing'!K\"&((ROW()-2)*4)+3)=\"\",\"\",INDIRECT(\"'MRO Certificate Printing'!K\"&((ROW()-2)*4)+3))","v":""},null,{"$f":"IF(INDIRECT(\"'MRO Certificate Printing'!D\"&((ROW()-2)*4)+4)=\"\",\"\",INDIRECT(\"'MRO Certificate Printing'!D\"&((ROW()-2)*4)+4))","v":""},{"$f":"IF(INDIRECT(\"'MRO Certificate Printing'!E\"&((ROW()-2)*4)+4)=\"\",\"\",INDIRECT(\"'MRO Certificate Printing'!E\"&((ROW()-2)*4)+4))","v":""},{"$f":"IF(INDIRECT(\"'MRO Certificate Printing'!F\"&((ROW()-2)*4)+4)=\"\",\"\",INDIRECT(\"'MRO Certificate Printing'!F\"&((ROW()-2)*4)+4))","v":""},{"$f":"IF(INDIRECT(\"'MRO Certificate Printing'!B\"&((ROW()-2)*4)+4)=\"\",\"\",INDIRECT(\"'MRO Certificate Printing'!B\"&((ROW()-2)*4)+4))","v":""},{"$f":"IF(INDIRECT(\"'MRO Certificate Printing'!G\"&((ROW()-2)*4)+4)=\"\",\"\",INDIRECT(\"'MRO Certificate Printing'!G\"&((ROW()-2)*4)+4))","v":""},{"$f":"IF(INDIRECT(\"'MRO Certificate Printing'!J\"&((ROW()-2)*4)+4)=\"\",\"\",INDIRECT(\"'MRO Certificate Printing'!J\"&((ROW()-2)*4)+4))","v":""},{"$f":"IF(INDIRECT(\"'MRO Certificate Printing'!I\"&((ROW()-2)*4)+4)=\"\",\"\",INDIRECT(\"'MRO Certificate Printing'!I\"&((ROW()-2)*4)+4))","v":""},{"$f":"IF(INDIRECT(\"'MRO Certificate Printing'!K\"&((ROW()-2)*4)+4)=\"\",\"\",INDIRECT(\"'MRO Certificate Printing'!K\"&((ROW()-2)*4)+4))","v":""},null,{"$f":"IF(INDIRECT(\"'MRO Certificate Printing'!D\"&((ROW()-2)*4)+5)=\"\",\"\",INDIRECT(\"'MRO Certificate Printing'!D\"&((ROW()-2)*4)+5))","v":""},{"$f":"IF(INDIRECT(\"'MRO Certificate Printing'!E\"&((ROW()-2)*4)+5)=\"\",\"\",INDIRECT(\"'MRO Certificate Printing'!E\"&((ROW()-2)*4)+5))","v":""},{"$f":"IF(INDIRECT(\"'MRO Certificate Printing'!F\"&((ROW()-2)*4)+5)=\"\",\"\",INDIRECT(\"'MRO Certificate Printing'!F\"&((ROW()-2)*4)+5))","v":""},{"$f":"IF(INDIRECT(\"'MRO Certificate Printing'!B\"&((ROW()-2)*4)+5)=\"\",\"\",INDIRECT(\"'MRO Certificate Printing'!B\"&((ROW()-2)*4)+5))","v":""},{"$f":"IF(INDIRECT(\"'MRO Certificate Printing'!G\"&((ROW()-2)*4)+5)=\"\",\"\",INDIRECT(\"'MRO Certificate Printing'!G\"&((ROW()-2)*4)+5))","v":""},{"$f":"IF(INDIRECT(\"'MRO Certificate Printing'!J\"&((ROW()-2)*4)+5)=\"\",\"\",INDIRECT(\"'MRO Certificate Printing'!J\"&((ROW()-2)*4)+5))","v":""},{"$f":"IF(INDIRECT(\"'MRO Certificate Printing'!I\"&((ROW()-2)*4)+5)=\"\",\"\",INDIRECT(\"'MRO Certificate Printing'!I\"&((ROW()-2)*4)+5))","v":""},{"$f":"IF(INDIRECT(\"'MRO Certificate Printing'!K\"&((ROW()-2)*4)+5)=\"\",\"\",INDIRECT(\"'MRO Certificate Printing'!K\"&((ROW()-2)*4)+5))","v":""}]
["",{"$f":"IF(INDIRECT(\"'MRO Certificate Printing'!D\"&((ROW()-2)*4)+2)=\"\",\"\",INDIRECT(\"'MRO Certificate Printing'!D\"&((ROW()-2)*4)+2))","v":""},{"$f":"IF(INDIRECT(\"'MRO Certificate Printing'!E\"&((ROW()-2)*4)+2)=\"\",\"\",INDIRECT(\"'MRO Certificate Printing'!E\"&((ROW()-2)*4)+2))","v":""},{"$f":"IF(INDIRECT(\"'MRO Certificate Printing'!F\"&((ROW()-2)*4)+2)=\"\",\"\",INDIRECT(\"'MRO Certificate Printing'!F\"&((ROW()-2)*4)+2))","v":""},{"$f":"IF(INDIRECT(\"'MRO Certificate Printing'!B\"&((ROW()-2)*4)+2)=\"\",\"\",INDIRECT(\"'MRO Certificate Printing'!B\"&((ROW()-2)*4)+2))","v":""},{"$f":"IF(INDIRECT(\"'MRO Certificate Printing'!G\"&((ROW()-2)*4)+2)=\"\",\"\",INDIRECT(\"'MRO Certificate Printing'!G\"&((ROW()-2)*4)+2))","v":""},{"$f":"IF(INDIRECT(\"'MRO Certificate Printing'!J\"&((ROW()-2)*4)+2)=\"\",\"\",INDIRECT(\"'MRO Certificate Printing'!J\"&((ROW()-2)*4)+2))","v":""},{"$f":"IF(INDIRECT(\"'MRO Certificate Printing'!I\"&((ROW()-2)*4)+2)=\"\",\"\",INDIRECT(\"'MRO Certificate Printing'!I\"&((ROW()-2)*4)+2))","v":""},{"$f":"IF(INDIRECT(\"'MRO Certificate Printing'!K\"&((ROW()-2)*4)+2)=\"\",\"\",INDIRECT(\"'MRO Certificate Printing'!K\"&((ROW()-2)*4)+2))","v":""},null,{"$f":"IF(INDIRECT(\"'MRO Certificate Printing'!D\"&((ROW()-2)*4)+3)=\"\",\"\",INDIRECT(\"'MRO Certificate Printing'!D\"&((ROW()-2)*4)+3))","v":""},{"$f":"IF(INDIRECT(\"'MRO Certificate Printing'!E\"&((ROW()-2)*4)+3)=\"\",\"\",INDIRECT(\"'MRO Certificate Printing'!E\"&((ROW()-2)*4)+3))","v":""},{"$f":"IF(INDIRECT(\"'MRO Certificate Printing'!F\"&((ROW()-2)*4)+3)=\"\",\"\",INDIRECT(\"'MRO Certificate Printing'!F\"&((ROW()-2)*4)+3))","v":""},{"$f":"IF(INDIRECT(\"'MRO Certificate Printing'!B\"&((ROW()-2)*4)+3)=\"\",\"\",INDIRECT(\"'MRO Certificate Printing'!B\"&((ROW()-2)*4)+3))","v":""},{"$f":"IF(INDIRECT(\"'MRO Certificate Printing'!G\"&((ROW()-2)*4)+3)=\"\",\"\",INDIRECT(\"'MRO Certificate Printing'!G\"&((ROW()-2)*4)+3))","v":""},{"$f":"IF(INDIRECT(\"'MRO Certificate Printing'!J\"&((ROW()-2)*4)+3)=\"\",\"\",INDIRECT(\"'MRO Certificate Printing'!J\"&((ROW()-2)*4)+3))","v":""},{"$f":"IF(INDIRECT(\"'MRO Certificate Printing'!I\"&((ROW()-2)*4)+3)=\"\",\"\",INDIRECT(\"'MRO Certificate Printing'!I\"&((ROW()-2)*4)+3))","v":""},{"$f":"IF(INDIRECT(\"'MRO Certificate Printing'!K\"&((ROW()-2)*4)+3)=\"\",\"\",INDIRECT(\"'MRO Certificate Printing'!K\"&((ROW()-2)*4)+3))","v":""},null,{"$f":"IF(INDIRECT(\"'MRO Certificate Printing'!D\"&((ROW()-2)*4)+4)=\"\",\"\",INDIRECT(\"'MRO Certificate Printing'!D\"&((ROW()-2)*4)+4))","v":""},{"$f":"IF(INDIRECT(\"'MRO Certificate Printing'!E\"&((ROW()-2)*4)+4)=\"\",\"\",INDIRECT(\"'MRO Certificate Printing'!E\"&((ROW()-2)*4)+4))","v":""},{"$f":"IF(INDIRECT(\"'MRO Certificate Printing'!F\"&((ROW()-2)*4)+4)=\"\",\"\",INDIRECT(\"'MRO Certificate Printing'!F\"&((ROW()-2)*4)+4))","v":""},{"$f":"IF(INDIRECT(\"'MRO Certificate Printing'!B\"&((ROW()-2)*4)+4)=\"\",\"\",INDIRECT(\"'MRO Certificate Printing'!B\"&((ROW()-2)*4)+4))","v":""},{"$f":"IF(INDIRECT(\"'MRO Certificate Printing'!G\"&((ROW()-2)*4)+4)=\"\",\"\",INDIRECT(\"'MRO Certificate Printing'!G\"&((ROW()-2)*4)+4))","v":""},{"$f":"IF(INDIRECT(\"'MRO Certificate Printing'!J\"&((ROW()-2)*4)+4)=\"\",\"\",INDIRECT(\"'MRO Certificate Printing'!J\"&((ROW()-2)*4)+4))","v":""},{"$f":"IF(INDIRECT(\"'MRO Certificate Printing'!I\"&((ROW()-2)*4)+4)=\"\",\"\",INDIRECT(\"'MRO Certificate Printing'!I\"&((ROW()-2)*4)+4))","v":""},{"$f":"IF(INDIRECT(\"'MRO Certificate Printing'!K\"&((ROW()-2)*4)+4)=\"\",\"\",INDIRECT(\"'MRO Certificate Printing'!K\"&((ROW()-2)*4)+4))","v":""},null,{"$f":"IF(INDIRECT(\"'MRO Certificate Printing'!D\"&((ROW()-2)*4)+5)=\"\",\"\",INDIRECT(\"'MRO Certificate Printing'!D\"&((ROW()-2)*4)+5))","v":""},{"$f":"IF(INDIRECT(\"'MRO Certificate Printing'!E\"&((ROW()-2)*4)+5)=\"\",\"\",INDIRECT(\"'MRO Certificate Printing'!E\"&((ROW()-2)*4)+5))","v":""},{"$f":"IF(INDIRECT(\"'MRO Certificate Printing'!F\"&((ROW()-2)*4)+5)=\"\",\"\",INDIRECT(\"'MRO Certificate Printing'!F\"&((ROW()-2)*4)+5))","v":""},{"$f":"IF(INDIRECT(\"'MRO Certificate Printing'!B\"&((ROW()-2)*4)+5)=\"\",\"\",INDIRECT(\"'MRO Certificate Printing'!B\"&((ROW()-2)*4)+5))","v":""},{"$f":"IF(INDIRECT(\"'MRO Certificate Printing'!G\"&((ROW()-2)*4)+5)=\"\",\"\",INDIRECT(\"'MRO Certificate Printing'!G\"&((ROW()-2)*4)+5))","v":""},{"$f":"IF(INDIRECT(\"'MRO Certificate Printing'!J\"&((ROW()-2)*4)+5)=\"\",\"\",INDIRECT(\"'MRO Certificate Printing'!J\"&((ROW()-2)*4)+5))","v":""},{"$f":"IF(INDIRECT(\"'MRO Certificate Printing'!I\"&((ROW()-2)*4)+5)=\"\",\"\",INDIRECT(\"'MRO Certificate Printing'!I\"&((ROW()-2)*4)+5))","v":""},{"$f":"IF(INDIRECT(\"'MRO Certificate Printing'!K\"&((ROW()-2)*4)+5)=\"\",\"\",INDIRECT(\"'MRO Certificate Printing'!K\"&((ROW()-2)*4)+5))","v":""}]
["",{"$f":"IF(INDIRECT(\"'MRO Certificate Printing'!D\"&((ROW()-2)*4)+2)=\"\",\"\",INDIRECT(\"'MRO Certificate Printing'!D\"&((ROW()-2)*4)+2))","v":""},{"$f":"IF(INDIRECT(\"'MRO Certificate Printing'!E\"&((ROW()-2)*4)+2)=\"\",\"\",INDIRECT(\"'MRO Certificate Printing'!E\"&((ROW()-2)*4)+2))","v":""},{"$f":"IF(INDIRECT(\"'MRO Certificate Printing'!F\"&((ROW()-2)*4)+2)=\"\",\"\",INDIRECT(\"'MRO Certificate Printing'!F\"&((ROW()-2)*4)+2))","v":""},{"$f":"IF(INDIRECT(\"'MRO Certificate Printing'!B\"&((ROW()-2)*4)+2)=\"\",\"\",INDIRECT(\"'MRO Certificate Printing'!B\"&((ROW()-2)*4)+2))","v":""},{"$f":"IF(INDIRECT(\"'MRO Certificate Printing'!G\"&((ROW()-2)*4)+2)=\"\",\"\",INDIRECT(\"'MRO Certificate Printing'!G\"&((ROW()-2)*4)+2))","v":""},{"$f":"IF(INDIRECT(\"'MRO Certificate Printing'!J\"&((ROW()-2)*4)+2)=\"\",\"\",INDIRECT(\"'MRO Certificate Printing'!J\"&((ROW()-2)*4)+2))","v":""},{"$f":"IF(INDIRECT(\"'MRO Certificate Printing'!I\"&((ROW()-2)*4)+2)=\"\",\"\",INDIRECT(\"'MRO Certificate Printing'!I\"&((ROW()-2)*4)+2))","v":""},{"$f":"IF(INDIRECT(\"'MRO Certificate Printing'!K\"&((ROW()-2)*4)+2)=\"\",\"\",INDIRECT(\"'MRO Certificate Printing'!K\"&((ROW()-2)*4)+2))","v":""},null,{"$f":"IF(INDIRECT(\"'MRO Certificate Printing'!D\"&((ROW()-2)*4)+3)=\"\",\"\",INDIRECT(\"'MRO Certificate Printing'!D\"&((ROW()-2)*4)+3))","v":""},{"$f":"IF(INDIRECT(\"'MRO Certificate Printing'!E\"&((ROW()-2)*4)+3)=\"\",\"\",INDIRECT(\"'MRO Certificate Printing'!E\"&((ROW()-2)*4)+3))","v":""},{"$f":"IF(INDIRECT(\"'MRO Certificate Printing'!F\"&((ROW()-2)*4)+3)=\"\",\"\",INDIRECT(\"'MRO Certificate Printing'!F\"&((ROW()-2)*4)+3))","v":""},{"$f":"IF(INDIRECT(\"'MRO Certificate Printing'!B\"&((ROW()-2)*4)+3)=\"\",\"\",INDIRECT(\"'MRO Certificate Printing'!B\"&((ROW()-2)*4)+3))","v":""},{"$f":"IF(INDIRECT(\"'MRO Certificate Printing'!G\"&((ROW()-2)*4)+3)=\"\",\"\",INDIRECT(\"'MRO Certificate Printing'!G\"&((ROW()-2)*4)+3))","v":""},{"$f":"IF(INDIRECT(\"'MRO Certificate Printing'!J\"&((ROW()-2)*4)+3)=\"\",\"\",INDIRECT(\"'MRO Certificate Printing'!J\"&((ROW()-2)*4)+3))","v":""},{"$f":"IF(INDIRECT(\"'MRO Certificate Printing'!I\"&((ROW()-2)*4)+3)=\"\",\"\",INDIRECT(\"'MRO Certificate Printing'!I\"&((ROW()-2)*4)+3))","v":""},{"$f":"IF(INDIRECT(\"'MRO Certificate Printing'!K\"&((ROW()-2)*4)+3)=\"\",\"\",INDIRECT(\"'MRO Certificate Printing'!K\"&((ROW()-2)*4)+3))","v":""},null,{"$f":"IF(INDIRECT(\"'MRO Certificate Printing'!D\"&((ROW()-2)*4)+4)=\"\",\"\",INDIRECT(\"'MRO Certificate Printing'!D\"&((ROW()-2)*4)+4))","v":""},{"$f":"IF(INDIRECT(\"'MRO Certificate Printing'!E\"&((ROW()-2)*4)+4)=\"\",\"\",INDIRECT(\"'MRO Certificate Printing'!E\"&((ROW()-2)*4)+4))","v":""},{"$f":"IF(INDIRECT(\"'MRO Certificate Printing'!F\"&((ROW()-2)*4)+4)=\"\",\"\",INDIRECT(\"'MRO Certificate Printing'!F\"&((ROW()-2)*4)+4))","v":""},{"$f":"IF(INDIRECT(\"'MRO Certificate Printing'!B\"&((ROW()-2)*4)+4)=\"\",\"\",INDIRECT(\"'MRO Certificate Printing'!B\"&((ROW()-2)*4)+4))","v":""},{"$f":"IF(INDIRECT(\"'MRO Certificate Printing'!G\"&((ROW()-2)*4)+4)=\"\",\"\",INDIRECT(\"'MRO Certificate Printing'!G\"&((ROW()-2)*4)+4))","v":""},{"$f":"IF(INDIRECT(\"'MRO Certificate Printing'!J\"&((ROW()-2)*4)+4)=\"\",\"\",INDIRECT(\"'MRO Certificate Printing'!J\"&((ROW()-2)*4)+4))","v":""},{"$f":"IF(INDIRECT(\"'MRO Certificate Printing'!I\"&((ROW()-2)*4)+4)=\"\",\"\",INDIRECT(\"'MRO Certificate Printing'!I\"&((ROW()-2)*4)+4))","v":""},{"$f":"IF(INDIRECT(\"'MRO Certificate Printing'!K\"&((ROW()-2)*4)+4)=\"\",\"\",INDIRECT(\"'MRO Certificate Printing'!K\"&((ROW()-2)*4)+4))","v":""},null,{"$f":"IF(INDIRECT(\"'MRO Certificate Printing'!D\"&((ROW()-2)*4)+5)=\"\",\"\",INDIRECT(\"'MRO Certificate Printing'!D\"&((ROW()-2)*4)+5))","v":""},{"$f":"IF(INDIRECT(\"'MRO Certificate Printing'!E\"&((ROW()-2)*4)+5)=\"\",\"\",INDIRECT(\"'MRO Certificate Printing'!E\"&((ROW()-2)*4)+5))","v":""},{"$f":"IF(INDIRECT(\"'MRO Certificate Printing'!F\"&((ROW()-2)*4)+5)=\"\",\"\",INDIRECT(\"'MRO Certificate Printing'!F\"&((ROW()-2)*4)+5))","v":""},{"$f":"IF(INDIRECT(\"'MRO Certificate Printing'!B\"&((ROW()-2)*4)+5)=\"\",\"\",INDIRECT(\"'MRO Certificate Printing'!B\"&((ROW()-2)*4)+5))","v":""},{"$f":"IF(INDIRECT(\"'MRO Certificate Printing'!G\"&((ROW()-2)*4)+5)=\"\",\"\",INDIRECT(\"'MRO Certificate Printing'!G\"&((ROW()-2)*4)+5))","v":""},{"$f":"IF(INDIRECT(\"'MRO Certificate Printing'!J\"&((ROW()-2)*4)+5)=\"\",\"\",INDIRECT(\"'MRO Certificate Printing'!J\"&((ROW()-2)*4)+5))","v":""},{"$f":"IF(INDIRECT(\"'MRO Certificate Printing'!I\"&((ROW()-2)*4)+5)=\"\",\"\",INDIRECT(\"'MRO Certificate Printing'!I\"&((ROW()-2)*4)+5))","v":""},{"$f":"IF(INDIRECT(\"'MRO Certificate Printing'!K\"&((ROW()-2)*4)+5)=\"\",\"\",INDIRECT(\"'MRO Certificate Printing'!K\"&((ROW()-2)*4)+5))","v":""}]
["",{"$f":"IF(INDIRECT(\"'MRO Certificate Printing'!D\"&((ROW()-2)*4)+2)=\"\",\"\",INDIRECT(\"'MRO Certificate Printing'!D\"&((ROW()-2)*4)+2))","v":""},{"$f":"IF(INDIRECT(\"'MRO Certificate Printing'!E\"&((ROW()-2)*4)+2)=\"\",\"\",INDIRECT(\"'MRO Certificate Printing'!E\"&((ROW()-2)*4)+2))","v":""},{"$f":"IF(INDIRECT(\"'MRO Certificate Printing'!F\"&((ROW()-2)*4)+2)=\"\",\"\",INDIRECT(\"'MRO Certificate Printing'!F\"&((ROW()-2)*4)+2))","v":""},{"$f":"IF(INDIRECT(\"'MRO Certificate Printing'!B\"&((ROW()-2)*4)+2)=\"\",\"\",INDIRECT(\"'MRO Certificate Printing'!B\"&((ROW()-2)*4)+2))","v":""},{"$f":"IF(INDIRECT(\"'MRO Certificate Printing'!G\"&((ROW()-2)*4)+2)=\"\",\"\",INDIRECT(\"'MRO Certificate Printing'!G\"&((ROW()-2)*4)+2))","v":""},{"$f":"IF(INDIRECT(\"'MRO Certificate Printing'!J\"&((ROW()-2)*4)+2)=\"\",\"\",INDIRECT(\"'MRO Certificate Printing'!J\"&((ROW()-2)*4)+2))","v":""},{"$f":"IF(INDIRECT(\"'MRO Certificate Printing'!I\"&((ROW()-2)*4)+2)=\"\",\"\",INDIRECT(\"'MRO Certificate Printing'!I\"&((ROW()-2)*4)+2))","v":""},{"$f":"IF(INDIRECT(\"'MRO Certificate Printing'!K\"&((ROW()-2)*4)+2)=\"\",\"\",INDIRECT(\"'MRO Certificate Printing'!K\"&((ROW()-2)*4)+2))","v":""},null,{"$f":"IF(INDIRECT(\"'MRO Certificate Printing'!D\"&((ROW()-2)*4)+3)=\"\",\"\",INDIRECT(\"'MRO Certificate Printing'!D\"&((ROW()-2)*4)+3))","v":""},{"$f":"IF(INDIRECT(\"'MRO Certificate Printing'!E\"&((ROW()-2)*4)+3)=\"\",\"\",INDIRECT(\"'MRO Certificate Printing'!E\"&((ROW()-2)*4)+3))","v":""},{"$f":"IF(INDIRECT(\"'MRO Certificate Printing'!F\"&((ROW()-2)*4)+3)=\"\",\"\",INDIRECT(\"'MRO Certificate Printing'!F\"&((ROW()-2)*4)+3))","v":""},{"$f":"IF(INDIRECT(\"'MRO Certificate Printing'!B\"&((ROW()-2)*4)+3)=\"\",\"\",INDIRECT(\"'MRO Certificate Printing'!B\"&((ROW()-2)*4)+3))","v":""},{"$f":"IF(INDIRECT(\"'MRO Certificate Printing'!G\"&((ROW()-2)*4)+3)=\"\",\"\",INDIRECT(\"'MRO Certificate Printing'!G\"&((ROW()-2)*4)+3))","v":""},{"$f":"IF(INDIRECT(\"'MRO Certificate Printing'!J\"&((ROW()-2)*4)+3)=\"\",\"\",INDIRECT(\"'MRO Certificate Printing'!J\"&((ROW()-2)*4)+3))","v":""},{"$f":"IF(INDIRECT(\"'MRO Certificate Printing'!I\"&((ROW()-2)*4)+3)=\"\",\"\",INDIRECT(\"'MRO Certificate Printing'!I\"&((ROW()-2)*4)+3))","v":""},{"$f":"IF(INDIRECT(\"'MRO Certificate Printing'!K\"&((ROW()-2)*4)+3)=\"\",\"\",INDIRECT(\"'MRO Certificate Printing'!K\"&((ROW()-2)*4)+3))","v":""},null,{"$f":"IF(INDIRECT(\"'MRO Certificate Printing'!D\"&((ROW()-2)*4)+4)=\"\",\"\",INDIRECT(\"'MRO Certificate Printing'!D\"&((ROW()-2)*4)+4))","v":""},{"$f":"IF(INDIRECT(\"'MRO Certificate Printing'!E\"&((ROW()-2)*4)+4)=\"\",\"\",INDIRECT(\"'MRO Certificate Printing'!E\"&((ROW()-2)*4)+4))","v":""},{"$f":"IF(INDIRECT(\"'MRO Certificate Printing'!F\"&((ROW()-2)*4)+4)=\"\",\"\",INDIRECT(\"'MRO Certificate Printing'!F\"&((ROW()-2)*4)+4))","v":""},{"$f":"IF(INDIRECT(\"'MRO Certificate Printing'!B\"&((ROW()-2)*4)+4)=\"\",\"\",INDIRECT(\"'MRO Certificate Printing'!B\"&((ROW()-2)*4)+4))","v":""},{"$f":"IF(INDIRECT(\"'MRO Certificate Printing'!G\"&((ROW()-2)*4)+4)=\"\",\"\",INDIRECT(\"'MRO Certificate Printing'!G\"&((ROW()-2)*4)+4))","v":""},{"$f":"IF(INDIRECT(\"'MRO Certificate Printing'!J\"&((ROW()-2)*4)+4)=\"\",\"\",INDIRECT(\"'MRO Certificate Printing'!J\"&((ROW()-2)*4)+4))","v":""},{"$f":"IF(INDIRECT(\"'MRO Certificate Printing'!I\"&((ROW()-2)*4)+4)=\"\",\"\",INDIRECT(\"'MRO Certificate Printing'!I\"&((ROW()-2)*4)+4))","v":""},{"$f":"IF(INDIRECT(\"'MRO Certificate Printing'!K\"&((ROW()-2)*4)+4)=\"\",\"\",INDIRECT(\"'MRO Certificate Printing'!K\"&((ROW()-2)*4)+4))","v":""},null,{"$f":"IF(INDIRECT(\"'MRO Certificate Printing'!D\"&((ROW()-2)*4)+5)=\"\",\"\",INDIRECT(\"'MRO Certificate Printing'!D\"&((ROW()-2)*4)+5))","v":""},{"$f":"IF(INDIRECT(\"'MRO Certificate Printing'!E\"&((ROW()-2)*4)+5)=\"\",\"\",INDIRECT(\"'MRO Certificate Printing'!E\"&((ROW()-2)*4)+5))","v":""},{"$f":"IF(INDIRECT(\"'MRO Certificate Printing'!F\"&((ROW()-2)*4)+5)=\"\",\"\",INDIRECT(\"'MRO Certificate Printing'!F\"&((ROW()-2)*4)+5))","v":""},{"$f":"IF(INDIRECT(\"'MRO Certificate Printing'!B\"&((ROW()-2)*4)+5)=\"\",\"\",INDIRECT(\"'MRO Certificate Printing'!B\"&((ROW()-2)*4)+5))","v":""},{"$f":"IF(INDIRECT(\"'MRO Certificate Printing'!G\"&((ROW()-2)*4)+5)=\"\",\"\",INDIRECT(\"'MRO Certificate Printing'!G\"&((ROW()-2)*4)+5))","v":""},{"$f":"IF(INDIRECT(\"'MRO Certificate Printing'!J\"&((ROW()-2)*4)+5)=\"\",\"\",INDIRECT(\"'MRO Certificate Printing'!J\"&((ROW()-2)*4)+5))","v":""},{"$f":"IF(INDIRECT(\"'MRO Certificate Printing'!I\"&((ROW()-2)*4)+5)=\"\",\"\",INDIRECT(\"'MRO Certificate Printing'!I\"&((ROW()-2)*4)+5))","v":""},{"$f":"IF(INDIRECT(\"'MRO Certificate Printing'!K\"&((ROW()-2)*4)+5)=\"\",\"\",INDIRECT(\"'MRO Certificate Printing'!K\"&((ROW()-2)*4)+5))","v":""}]
["",{"$f":"IF(INDIRECT(\"'MRO Certificate Printing'!D\"&((ROW()-2)*4)+2)=\"\",\"\",INDIRECT(\"'MRO Certificate Printing'!D\"&((ROW()-2)*4)+2))","v":""},{"$f":"IF(INDIRECT(\"'MRO Certificate Printing'!E\"&((ROW()-2)*4)+2)=\"\",\"\",INDIRECT(\"'MRO Certificate Printing'!E\"&((ROW()-2)*4)+2))","v":""},{"$f":"IF(INDIRECT(\"'MRO Certificate Printing'!F\"&((ROW()-2)*4)+2)=\"\",\"\",INDIRECT(\"'MRO Certificate Printing'!F\"&((ROW()-2)*4)+2))","v":""},{"$f":"IF(INDIRECT(\"'MRO Certificate Printing'!B\"&((ROW()-2)*4)+2)=\"\",\"\",INDIRECT(\"'MRO Certificate Printing'!B\"&((ROW()-2)*4)+2))","v":""},{"$f":"IF(INDIRECT(\"'MRO Certificate Printing'!G\"&((ROW()-2)*4)+2)=\"\",\"\",INDIRECT(\"'MRO Certificate Printing'!G\"&((ROW()-2)*4)+2))","v":""},{"$f":"IF(INDIRECT(\"'MRO Certificate Printing'!J\"&((ROW()-2)*4)+2)=\"\",\"\",INDIRECT(\"'MRO Certificate Printing'!J\"&((ROW()-2)*4)+2))","v":""},{"$f":"IF(INDIRECT(\"'MRO Certificate Printing'!I\"&((ROW()-2)*4)+2)=\"\",\"\",INDIRECT(\"'MRO Certificate Printing'!I\"&((ROW()-2)*4)+2))","v":""},{"$f":"IF(INDIRECT(\"'MRO Certificate Printing'!K\"&((ROW()-2)*4)+2)=\"\",\"\",INDIRECT(\"'MRO Certificate Printing'!K\"&((ROW()-2)*4)+2))","v":""},null,{"$f":"IF(INDIRECT(\"'MRO Certificate Printing'!D\"&((ROW()-2)*4)+3)=\"\",\"\",INDIRECT(\"'MRO Certificate Printing'!D\"&((ROW()-2)*4)+3))","v":""},{"$f":"IF(INDIRECT(\"'MRO Certificate Printing'!E\"&((ROW()-2)*4)+3)=\"\",\"\",INDIRECT(\"'MRO Certificate Printing'!E\"&((ROW()-2)*4)+3))","v":""},{"$f":"IF(INDIRECT(\"'MRO Certificate Printing'!F\"&((ROW()-2)*4)+3)=\"\",\"\",INDIRECT(\"'MRO Certificate Printing'!F\"&((ROW()-2)*4)+3))","v":""},{"$f":"IF(INDIRECT(\"'MRO Certificate Printing'!B\"&((ROW()-2)*4)+3)=\"\",\"\",INDIRECT(\"'MRO Certificate Printing'!B\"&((ROW()-2)*4)+3))","v":""},{"$f":"IF(INDIRECT(\"'MRO Certificate Printing'!G\"&((ROW()-2)*4)+3)=\"\",\"\",INDIRECT(\"'MRO Certificate Printing'!G\"&((ROW()-2)*4)+3))","v":""},{"$f":"IF(INDIRECT(\"'MRO Certificate Printing'!J\"&((ROW()-2)*4)+3)=\"\",\"\",INDIRECT(\"'MRO Certificate Printing'!J\"&((ROW()-2)*4)+3))","v":""},{"$f":"IF(INDIRECT(\"'MRO Certificate Printing'!I\"&((ROW()-2)*4)+3)=\"\",\"\",INDIRECT(\"'MRO Certificate Printing'!I\"&((ROW()-2)*4)+3))","v":""},{"$f":"IF(INDIRECT(\"'MRO Certificate Printing'!K\"&((ROW()-2)*4)+3)=\"\",\"\",INDIRECT(\"'MRO Certificate Printing'!K\"&((ROW()-2)*4)+3))","v":""},null,{"$f":"IF(INDIRECT(\"'MRO Certificate Printing'!D\"&((ROW()-2)*4)+4)=\"\",\"\",INDIRECT(\"'MRO Certificate Printing'!D\"&((ROW()-2)*4)+4))","v":""},{"$f":"IF(INDIRECT(\"'MRO Certificate Printing'!E\"&((ROW()-2)*4)+4)=\"\",\"\",INDIRECT(\"'MRO Certificate Printing'!E\"&((ROW()-2)*4)+4))","v":""},{"$f":"IF(INDIRECT(\"'MRO Certificate Printing'!F\"&((ROW()-2)*4)+4)=\"\",\"\",INDIRECT(\"'MRO Certificate Printing'!F\"&((ROW()-2)*4)+4))","v":""},{"$f":"IF(INDIRECT(\"'MRO Certificate Printing'!B\"&((ROW()-2)*4)+4)=\"\",\"\",INDIRECT(\"'MRO Certificate Printing'!B\"&((ROW()-2)*4)+4))","v":""},{"$f":"IF(INDIRECT(\"'MRO Certificate Printing'!G\"&((ROW()-2)*4)+4)=\"\",\"\",INDIRECT(\"'MRO Certificate Printing'!G\"&((ROW()-2)*4)+4))","v":""},{"$f":"IF(INDIRECT(\"'MRO Certificate Printing'!J\"&((ROW()-2)*4)+4)=\"\",\"\",INDIRECT(\"'MRO Certificate Printing'!J\"&((ROW()-2)*4)+4))","v":""},{"$f":"IF(INDIRECT(\"'MRO Certificate Printing'!I\"&((ROW()-2)*4)+4)=\"\",\"\",INDIRECT(\"'MRO Certificate Printing'!I\"&((ROW()-2)*4)+4))","v":""},{"$f":"IF(INDIRECT(\"'MRO Certificate Printing'!K\"&((ROW()-2)*4)+4)=\"\",\"\",INDIRECT(\"'MRO Certificate Printing'!K\"&((ROW()-2)*4)+4))","v":""},null,{"$f":"IF(INDIRECT(\"'MRO Certificate Printing'!D\"&((ROW()-2)*4)+5)=\"\",\"\",INDIRECT(\"'MRO Certificate Printing'!D\"&((ROW()-2)*4)+5))","v":""},{"$f":"IF(INDIRECT(\"'MRO Certificate Printing'!E\"&((ROW()-2)*4)+5)=\"\",\"\",INDIRECT(\"'MRO Certificate Printing'!E\"&((ROW()-2)*4)+5))","v":""},{"$f":"IF(INDIRECT(\"'MRO Certificate Printing'!F\"&((ROW()-2)*4)+5)=\"\",\"\",INDIRECT(\"'MRO Certificate Printing'!F\"&((ROW()-2)*4)+5))","v":""},{"$f":"IF(INDIRECT(\"'MRO Certificate Printing'!B\"&((ROW()-2)*4)+5)=\"\",\"\",INDIRECT(\"'MRO Certificate Printing'!B\"&((ROW()-2)*4)+5))","v":""},{"$f":"IF(INDIRECT(\"'MRO Certificate Printing'!G\"&((ROW()-2)*4)+5)=\"\",\"\",INDIRECT(\"'MRO Certificate Printing'!G\"&((ROW()-2)*4)+5))","v":""},{"$f":"IF(INDIRECT(\"'MRO Certificate Printing'!J\"&((ROW()-2)*4)+5)=\"\",\"\",INDIRECT(\"'MRO Certificate Printing'!J\"&((ROW()-2)*4)+5))","v":""},{"$f":"IF(INDIRECT(\"'MRO Certificate Printing'!I\"&((ROW()-2)*4)+5)=\"\",\"\",INDIRECT(\"'MRO Certificate Printing'!I\"&((ROW()-2)*4)+5))","v":""},{"$f":"IF(INDIRECT(\"'MRO Certificate Printing'!K\"&((ROW()-2)*4)+5)=\"\",\"\",INDIRECT(\"'MRO Certificate Printing'!K\"&((ROW()-2)*4)+5))","v":""}]
["",{"$f":"IF(INDIRECT(\"'MRO Certificate Printing'!D\"&((ROW()-2)*4)+2)=\"\",\"\",INDIRECT(\"'MRO Certificate Printing'!D\"&((ROW()-2)*4)+2))","v":""},{"$f":"IF(INDIRECT(\"'MRO Certificate Printing'!E\"&((ROW()-2)*4)+2)=\"\",\"\",INDIRECT(\"'MRO Certificate Printing'!E\"&((ROW()-2)*4)+2))","v":""},{"$f":"IF(INDIRECT(\"'MRO Certificate Printing'!F\"&((ROW()-2)*4)+2)=\"\",\"\",INDIRECT(\"'MRO Certificate Printing'!F\"&((ROW()-2)*4)+2))","v":""},{"$f":"IF(INDIRECT(\"'MRO Certificate Printing'!B\"&((ROW()-2)*4)+2)=\"\",\"\",INDIRECT(\"'MRO Certificate Printing'!B\"&((ROW()-2)*4)+2))","v":""},{"$f":"IF(INDIRECT(\"'MRO Certificate Printing'!G\"&((ROW()-2)*4)+2)=\"\",\"\",INDIRECT(\"'MRO Certificate Printing'!G\"&((ROW()-2)*4)+2))","v":""},{"$f":"IF(INDIRECT(\"'MRO Certificate Printing'!J\"&((ROW()-2)*4)+2)=\"\",\"\",INDIRECT(\"'MRO Certificate Printing'!J\"&((ROW()-2)*4)+2))","v":""},{"$f":"IF(INDIRECT(\"'MRO Certificate Printing'!I\"&((ROW()-2)*4)+2)=\"\",\"\",INDIRECT(\"'MRO Certificate Printing'!I\"&((ROW()-2)*4)+2))","v":""},{"$f":"IF(INDIRECT(\"'MRO Certificate Printing'!K\"&((ROW()-2)*4)+2)=\"\",\"\",INDIRECT(\"'MRO Certificate Printing'!K\"&((ROW()-2)*4)+2))","v":""},null,{"$f":"IF(INDIRECT(\"'MRO Certificate Printing'!D\"&((ROW()-2)*4)+3)=\"\",\"\",INDIRECT(\"'MRO Certificate Printing'!D\"&((ROW()-2)*4)+3))","v":""},{"$f":"IF(INDIRECT(\"'MRO Certificate Printing'!E\"&((ROW()-2)*4)+3)=\"\",\"\",INDIRECT(\"'MRO Certificate Printing'!E\"&((ROW()-2)*4)+3))","v":""},{"$f":"IF(INDIRECT(\"'MRO Certificate Printing'!F\"&((ROW()-2)*4)+3)=\"\",\"\",INDIRECT(\"'MRO Certificate Printing'!F\"&((ROW()-2)*4)+3))","v":""},{"$f":"IF(INDIRECT(\"'MRO Certificate Printing'!B\"&((ROW()-2)*4)+3)=\"\",\"\",INDIRECT(\"'MRO Certificate Printing'!B\"&((ROW()-2)*4)+3))","v":""},{"$f":"IF(INDIRECT(\"'MRO Certificate Printing'!G\"&((ROW()-2)*4)+3)=\"\",\"\",INDIRECT(\"'MRO Certificate Printing'!G\"&((ROW()-2)*4)+3))","v":""},{"$f":"IF(INDIRECT(\"'MRO Certificate Printing'!J\"&((ROW()-2)*4)+3)=\"\",\"\",INDIRECT(\"'MRO Certificate Printing'!J\"&((ROW()-2)*4)+3))","v":""},{"$f":"IF(INDIRECT(\"'MRO Certificate Printing'!I\"&((ROW()-2)*4)+3)=\"\",\"\",INDIRECT(\"'MRO Certificate Printing'!I\"&((ROW()-2)*4)+3))","v":""},{"$f":"IF(INDIRECT(\"'MRO Certificate Printing'!K\"&((ROW()-2)*4)+3)=\"\",\"\",INDIRECT(\"'MRO Certificate Printing'!K\"&((ROW()-2)*4)+3))","v":""},null,{"$f":"IF(INDIRECT(\"'MRO Certificate Printing'!D\"&((ROW()-2)*4)+4)=\"\",\"\",INDIRECT(\"'MRO Certificate Printing'!D\"&((ROW()-2)*4)+4))","v":""},{"$f":"IF(INDIRECT(\"'MRO Certificate Printing'!E\"&((ROW()-2)*4)+4)=\"\",\"\",INDIRECT(\"'MRO Certificate Printing'!E\"&((ROW()-2)*4)+4))","v":""},{"$f":"IF(INDIRECT(\"'MRO Certificate Printing'!F\"&((ROW()-2)*4)+4)=\"\",\"\",INDIRECT(\"'MRO Certificate Printing'!F\"&((ROW()-2)*4)+4))","v":""},{"$f":"IF(INDIRECT(\"'MRO Certificate Printing'!B\"&((ROW()-2)*4)+4)=\"\",\"\",INDIRECT(\"'MRO Certificate Printing'!B\"&((ROW()-2)*4)+4))","v":""},{"$f":"IF(INDIRECT(\"'MRO Certificate Printing'!G\"&((ROW()-2)*4)+4)=\"\",\"\",INDIRECT(\"'MRO Certificate Printing'!G\"&((ROW()-2)*4)+4))","v":""},{"$f":"IF(INDIRECT(\"'MRO Certificate Printing'!J\"&((ROW()-2)*4)+4)=\"\",\"\",INDIRECT(\"'MRO Certificate Printing'!J\"&((ROW()-2)*4)+4))","v":""},{"$f":"IF(INDIRECT(\"'MRO Certificate Printing'!I\"&((ROW()-2)*4)+4)=\"\",\"\",INDIRECT(\"'MRO Certificate Printing'!I\"&((ROW()-2)*4)+4))","v":""},{"$f":"IF(INDIRECT(\"'MRO Certificate Printing'!K\"&((ROW()-2)*4)+4)=\"\",\"\",INDIRECT(\"'MRO Certificate Printing'!K\"&((ROW()-2)*4)+4))","v":""},null,{"$f":"IF(INDIRECT(\"'MRO Certificate Printing'!D\"&((ROW()-2)*4)+5)=\"\",\"\",INDIRECT(\"'MRO Certificate Printing'!D\"&((ROW()-2)*4)+5))","v":""},{"$f":"IF(INDIRECT(\"'MRO Certificate Printing'!E\"&((ROW()-2)*4)+5)=\"\",\"\",INDIRECT(\"'MRO Certificate Printing'!E\"&((ROW()-2)*4)+5))","v":""},{"$f":"IF(INDIRECT(\"'MRO Certificate Printing'!F\"&((ROW()-2)*4)+5)=\"\",\"\",INDIRECT(\"'MRO Certificate Printing'!F\"&((ROW()-2)*4)+5))","v":""},{"$f":"IF(INDIRECT(\"'MRO Certificate Printing'!B\"&((ROW()-2)*4)+5)=\"\",\"\",INDIRECT(\"'MRO Certificate Printing'!B\"&((ROW()-2)*4)+5))","v":""},{"$f":"IF(INDIRECT(\"'MRO Certificate Printing'!G\"&((ROW()-2)*4)+5)=\"\",\"\",INDIRECT(\"'MRO Certificate Printing'!G\"&((ROW()-2)*4)+5))","v":""},{"$f":"IF(INDIRECT(\"'MRO Certificate Printing'!J\"&((ROW()-2)*4)+5)=\"\",\"\",INDIRECT(\"'MRO Certificate Printing'!J\"&((ROW()-2)*4)+5))","v":""},{"$f":"IF(INDIRECT(\"'MRO Certificate Printing'!I\"&((ROW()-2)*4)+5)=\"\",\"\",INDIRECT(\"'MRO Certificate Printing'!I\"&((ROW()-2)*4)+5))","v":""},{"$f":"IF(INDIRECT(\"'MRO Certificate Printing'!K\"&((ROW()-2)*4)+5)=\"\",\"\",INDIRECT(\"'MRO Certificate Printing'!K\"&((ROW()-2)*4)+5))","v":""}]
[{"$f":"IF(C131=\"\",\"\",CONCATENATE(C131,\", \",L131,\", \",U131,\", \",AD131))","v":""},{"$f":"IF(INDIRECT(\"'MRO Certificate Printing'!D\"&((ROW()-2)*4)+2)=\"\",\"\",INDIRECT(\"'MRO Certificate Printing'!D\"&((ROW()-2)*4)+2))","v":""},{"$f":"IF(INDIRECT(\"'MRO Certificate Printing'!E\"&((ROW()-2)*4)+2)=\"\",\"\",INDIRECT(\"'MRO Certificate Printing'!E\"&((ROW()-2)*4)+2))","v":""},{"$f":"IF(INDIRECT(\"'MRO Certificate Printing'!F\"&((ROW()-2)*4)+2)=\"\",\"\",INDIRECT(\"'MRO Certificate Printing'!F\"&((ROW()-2)*4)+2))","v":""},{"$f":"IF(INDIRECT(\"'MRO Certificate Printing'!B\"&((ROW()-2)*4)+2)=\"\",\"\",INDIRECT(\"'MRO Certificate Printing'!B\"&((ROW()-2)*4)+2))","v":""},{"$f":"IF(INDIRECT(\"'MRO Certificate Printing'!G\"&((ROW()-2)*4)+2)=\"\",\"\",INDIRECT(\"'MRO Certificate Printing'!G\"&((ROW()-2)*4)+2))","v":""},{"$f":"IF(INDIRECT(\"'MRO Certificate Printing'!J\"&((ROW()-2)*4)+2)=\"\",\"\",INDIRECT(\"'MRO Certificate Printing'!J\"&((ROW()-2)*4)+2))","v":""},{"$f":"IF(INDIRECT(\"'MRO Certificate Printing'!I\"&((ROW()-2)*4)+2)=\"\",\"\",INDIRECT(\"'MRO Certificate Printing'!I\"&((ROW()-2)*4)+2))","v":""},{"$f":"IF(INDIRECT(\"'MRO Certificate Printing'!K\"&((ROW()-2)*4)+2)=\"\",\"\",INDIRECT(\"'MRO Certificate Printing'!K\"&((ROW()-2)*4)+2))","v":""},null,{"$f":"IF(INDIRECT(\"'MRO Certificate Printing'!D\"&((ROW()-2)*4)+3)=\"\",\"\",INDIRECT(\"'MRO Certificate Printing'!D\"&((ROW()-2)*4)+3))","v":""},{"$f":"IF(INDIRECT(\"'MRO Certificate Printing'!E\"&((ROW()-2)*4)+3)=\"\",\"\",INDIRECT(\"'MRO Certificate Printing'!E\"&((ROW()-2)*4)+3))","v":""},{"$f":"IF(INDIRECT(\"'MRO Certificate Printing'!F\"&((ROW()-2)*4)+3)=\"\",\"\",INDIRECT(\"'MRO Certificate Printing'!F\"&((ROW()-2)*4)+3))","v":""},{"$f":"IF(INDIRECT(\"'MRO Certificate Printing'!B\"&((ROW()-2)*4)+3)=\"\",\"\",INDIRECT(\"'MRO Certificate Printing'!B\"&((ROW()-2)*4)+3))","v":""},{"$f":"IF(INDIRECT(\"'MRO Certificate Printing'!G\"&((ROW()-2)*4)+3)=\"\",\"\",INDIRECT(\"'MRO Certificate Printing'!G\"&((ROW()-2)*4)+3))","v":""},{"$f":"IF(INDIRECT(\"'MRO Certificate Printing'!J\"&((ROW()-2)*4)+3)=\"\",\"\",INDIRECT(\"'MRO Certificate Printing'!J\"&((ROW()-2)*4)+3))","v":""},{"$f":"IF(INDIRECT(\"'MRO Certificate Printing'!I\"&((ROW()-2)*4)+3)=\"\",\"\",INDIRECT(\"'MRO Certificate Printing'!I\"&((ROW()-2)*4)+3))","v":""},{"$f":"IF(INDIRECT(\"'MRO Certificate Printing'!K\"&((ROW()-2)*4)+3)=\"\",\"\",INDIRECT(\"'MRO Certificate Printing'!K\"&((ROW()-2)*4)+3))","v":""},null,{"$f":"IF(INDIRECT(\"'MRO Certificate Printing'!D\"&((ROW()-2)*4)+4)=\"\",\"\",INDIRECT(\"'MRO Certificate Printing'!D\"&((ROW()-2)*4)+4))","v":""},{"$f":"IF(INDIRECT(\"'MRO Certificate Printing'!E\"&((ROW()-2)*4)+4)=\"\",\"\",INDIRECT(\"'MRO Certificate Printing'!E\"&((ROW()-2)*4)+4))","v":""},{"$f":"IF(INDIRECT(\"'MRO Certificate Printing'!F\"&((ROW()-2)*4)+4)=\"\",\"\",INDIRECT(\"'MRO Certificate Printing'!F\"&((ROW()-2)*4)+4))","v":""},{"$f":"IF(INDIRECT(\"'MRO Certificate Printing'!B\"&((ROW()-2)*4)+4)=\"\",\"\",INDIRECT(\"'MRO Certificate Printing'!B\"&((ROW()-2)*4)+4))","v":""},{"$f":"IF(INDIRECT(\"'MRO Certificate Printing'!G\"&((ROW()-2)*4)+4)=\"\",\"\",INDIRECT(\"'MRO Certificate Printing'!G\"&((ROW()-2)*4)+4))","v":""},{"$f":"IF(INDIRECT(\"'MRO Certificate Printing'!J\"&((ROW()-2)*4)+4)=\"\",\"\",INDIRECT(\"'MRO Certificate Printing'!J\"&((ROW()-2)*4)+4))","v":""},{"$f":"IF(INDIRECT(\"'MRO Certificate Printing'!I\"&((ROW()-2)*4)+4)=\"\",\"\",INDIRECT(\"'MRO Certificate Printing'!I\"&((ROW()-2)*4)+4))","v":""},{"$f":"IF(INDIRECT(\"'MRO Certificate Printing'!K\"&((ROW()-2)*4)+4)=\"\",\"\",INDIRECT(\"'MRO Certificate Printing'!K\"&((ROW()-2)*4)+4))","v":""},null,{"$f":"IF(INDIRECT(\"'MRO Certificate Printing'!D\"&((ROW()-2)*4)+5)=\"\",\"\",INDIRECT(\"'MRO Certificate Printing'!D\"&((ROW()-2)*4)+5))","v":""},{"$f":"IF(INDIRECT(\"'MRO Certificate Printing'!E\"&((ROW()-2)*4)+5)=\"\",\"\",INDIRECT(\"'MRO Certificate Printing'!E\"&((ROW()-2)*4)+5))","v":""},{"$f":"IF(INDIRECT(\"'MRO Certificate Printing'!F\"&((ROW()-2)*4)+5)=\"\",\"\",INDIRECT(\"'MRO Certificate Printing'!F\"&((ROW()-2)*4)+5))","v":""},{"$f":"IF(INDIRECT(\"'MRO Certificate Printing'!B\"&((ROW()-2)*4)+5)=\"\",\"\",INDIRECT(\"'MRO Certificate Printing'!B\"&((ROW()-2)*4)+5))","v":""},{"$f":"IF(INDIRECT(\"'MRO Certificate Printing'!G\"&((ROW()-2)*4)+5)=\"\",\"\",INDIRECT(\"'MRO Certificate Printing'!G\"&((ROW()-2)*4)+5))","v":""},{"$f":"IF(INDIRECT(\"'MRO Certificate Printing'!J\"&((ROW()-2)*4)+5)=\"\",\"\",INDIRECT(\"'MRO Certificate Printing'!J\"&((ROW()-2)*4)+5))","v":""},{"$f":"IF(INDIRECT(\"'MRO Certificate Printing'!I\"&((ROW()-2)*4)+5)=\"\",\"\",INDIRECT(\"'MRO Certificate Printing'!I\"&((ROW()-2)*4)+5))","v":""},{"$f":"IF(INDIRECT(\"'MRO Certificate Printing'!K\"&((ROW()-2)*4)+5)=\"\",\"\",INDIRECT(\"'MRO Certificate Printing'!K\"&((ROW()-2)*4)+5))","v":""}]
["",{"$f":"IF(INDIRECT(\"'MRO Certificate Printing'!D\"&((ROW()-2)*4)+2)=\"\",\"\",INDIRECT(\"'MRO Certificate Printing'!D\"&((ROW()-2)*4)+2))","v":""},{"$f":"IF(INDIRECT(\"'MRO Certificate Printing'!E\"&((ROW()-2)*4)+2)=\"\",\"\",INDIRECT(\"'MRO Certificate Printing'!E\"&((ROW()-2)*4)+2))","v":""},{"$f":"IF(INDIRECT(\"'MRO Certificate Printing'!F\"&((ROW()-2)*4)+2)=\"\",\"\",INDIRECT(\"'MRO Certificate Printing'!F\"&((ROW()-2)*4)+2))","v":""},{"$f":"IF(INDIRECT(\"'MRO Certificate Printing'!B\"&((ROW()-2)*4)+2)=\"\",\"\",INDIRECT(\"'MRO Certificate Printing'!B\"&((ROW()-2)*4)+2))","v":""},{"$f":"IF(INDIRECT(\"'MRO Certificate Printing'!G\"&((ROW()-2)*4)+2)=\"\",\"\",INDIRECT(\"'MRO Certificate Printing'!G\"&((ROW()-2)*4)+2))","v":""},{"$f":"IF(INDIRECT(\"'MRO Certificate Printing'!J\"&((ROW()-2)*4)+2)=\"\",\"\",INDIRECT(\"'MRO Certificate Printing'!J\"&((ROW()-2)*4)+2))","v":""},{"$f":"IF(INDIRECT(\"'MRO Certificate Printing'!I\"&((ROW()-2)*4)+2)=\"\",\"\",INDIRECT(\"'MRO Certificate Printing'!I\"&((ROW()-2)*4)+2))","v":""},{"$f":"IF(INDIRECT(\"'MRO Certificate Printing'!K\"&((ROW()-2)*4)+2)=\"\",\"\",INDIRECT(\"'MRO Certificate Printing'!K\"&((ROW()-2)*4)+2))","v":""},null,{"$f":"IF(INDIRECT(\"'MRO Certificate Printing'!D\"&((ROW()-2)*4)+3)=\"\",\"\",INDIRECT(\"'MRO Certificate Printing'!D\"&((ROW()-2)*4)+3))","v":""},{"$f":"IF(INDIRECT(\"'MRO Certificate Printing'!E\"&((ROW()-2)*4)+3)=\"\",\"\",INDIRECT(\"'MRO Certificate Printing'!E\"&((ROW()-2)*4)+3))","v":""},{"$f":"IF(INDIRECT(\"'MRO Certificate Printing'!F\"&((ROW()-2)*4)+3)=\"\",\"\",INDIRECT(\"'MRO Certificate Printing'!F\"&((ROW()-2)*4)+3))","v":""},{"$f":"IF(INDIRECT(\"'MRO Certificate Printing'!B\"&((ROW()-2)*4)+3)=\"\",\"\",INDIRECT(\"'MRO Certificate Printing'!B\"&((ROW()-2)*4)+3))","v":""},{"$f":"IF(INDIRECT(\"'MRO Certificate Printing'!G\"&((ROW()-2)*4)+3)=\"\",\"\",INDIRECT(\"'MRO Certificate Printing'!G\"&((ROW()-2)*4)+3))","v":""},{"$f":"IF(INDIRECT(\"'MRO Certificate Printing'!J\"&((ROW()-2)*4)+3)=\"\",\"\",INDIRECT(\"'MRO Certificate Printing'!J\"&((ROW()-2)*4)+3))","v":""},{"$f":"IF(INDIRECT(\"'MRO Certificate Printing'!I\"&((ROW()-2)*4)+3)=\"\",\"\",INDIRECT(\"'MRO Certificate Printing'!I\"&((ROW()-2)*4)+3))","v":""},{"$f":"IF(INDIRECT(\"'MRO Certificate Printing'!K\"&((ROW()-2)*4)+3)=\"\",\"\",INDIRECT(\"'MRO Certificate Printing'!K\"&((ROW()-2)*4)+3))","v":""},null,{"$f":"IF(INDIRECT(\"'MRO Certificate Printing'!D\"&((ROW()-2)*4)+4)=\"\",\"\",INDIRECT(\"'MRO Certificate Printing'!D\"&((ROW()-2)*4)+4))","v":""},{"$f":"IF(INDIRECT(\"'MRO Certificate Printing'!E\"&((ROW()-2)*4)+4)=\"\",\"\",INDIRECT(\"'MRO Certificate Printing'!E\"&((ROW()-2)*4)+4))","v":""},{"$f":"IF(INDIRECT(\"'MRO Certificate Printing'!F\"&((ROW()-2)*4)+4)=\"\",\"\",INDIRECT(\"'MRO Certificate Printing'!F\"&((ROW()-2)*4)+4))","v":""},{"$f":"IF(INDIRECT(\"'MRO Certificate Printing'!B\"&((ROW()-2)*4)+4)=\"\",\"\",INDIRECT(\"'MRO Certificate Printing'!B\"&((ROW()-2)*4)+4))","v":""},{"$f":"IF(INDIRECT(\"'MRO Certificate Printing'!G\"&((ROW()-2)*4)+4)=\"\",\"\",INDIRECT(\"'MRO Certificate Printing'!G\"&((ROW()-2)*4)+4))","v":""},{"$f":"IF(INDIRECT(\"'MRO Certificate Printing'!J\"&((ROW()-2)*4)+4)=\"\",\"\",INDIRECT(\"'MRO Certificate Printing'!J\"&((ROW()-2)*4)+4))","v":""},{"$f":"IF(INDIRECT(\"'MRO Certificate Printing'!I\"&((ROW()-2)*4)+4)=\"\",\"\",INDIRECT(\"'MRO Certificate Printing'!I\"&((ROW()-2)*4)+4))","v":""},{"$f":"IF(INDIRECT(\"'MRO Certificate Printing'!K\"&((ROW()-2)*4)+4)=\"\",\"\",INDIRECT(\"'MRO Certificate Printing'!K\"&((ROW()-2)*4)+4))","v":""},null,{"$f":"IF(INDIRECT(\"'MRO Certificate Printing'!D\"&((ROW()-2)*4)+5)=\"\",\"\",INDIRECT(\"'MRO Certificate Printing'!D\"&((ROW()-2)*4)+5))","v":""},{"$f":"IF(INDIRECT(\"'MRO Certificate Printing'!E\"&((ROW()-2)*4)+5)=\"\",\"\",INDIRECT(\"'MRO Certificate Printing'!E\"&((ROW()-2)*4)+5))","v":""},{"$f":"IF(INDIRECT(\"'MRO Certificate Printing'!F\"&((ROW()-2)*4)+5)=\"\",\"\",INDIRECT(\"'MRO Certificate Printing'!F\"&((ROW()-2)*4)+5))","v":""},{"$f":"IF(INDIRECT(\"'MRO Certificate Printing'!B\"&((ROW()-2)*4)+5)=\"\",\"\",INDIRECT(\"'MRO Certificate Printing'!B\"&((ROW()-2)*4)+5))","v":""},{"$f":"IF(INDIRECT(\"'MRO Certificate Printing'!G\"&((ROW()-2)*4)+5)=\"\",\"\",INDIRECT(\"'MRO Certificate Printing'!G\"&((ROW()-2)*4)+5))","v":""},{"$f":"IF(INDIRECT(\"'MRO Certificate Printing'!J\"&((ROW()-2)*4)+5)=\"\",\"\",INDIRECT(\"'MRO Certificate Printing'!J\"&((ROW()-2)*4)+5))","v":""},{"$f":"IF(INDIRECT(\"'MRO Certificate Printing'!I\"&((ROW()-2)*4)+5)=\"\",\"\",INDIRECT(\"'MRO Certificate Printing'!I\"&((ROW()-2)*4)+5))","v":""},{"$f":"IF(INDIRECT(\"'MRO Certificate Printing'!K\"&((ROW()-2)*4)+5)=\"\",\"\",INDIRECT(\"'MRO Certificate Printing'!K\"&((ROW()-2)*4)+5))","v":""}]
["",{"$f":"IF(INDIRECT(\"'MRO Certificate Printing'!D\"&((ROW()-2)*4)+2)=\"\",\"\",INDIRECT(\"'MRO Certificate Printing'!D\"&((ROW()-2)*4)+2))","v":""},{"$f":"IF(INDIRECT(\"'MRO Certificate Printing'!E\"&((ROW()-2)*4)+2)=\"\",\"\",INDIRECT(\"'MRO Certificate Printing'!E\"&((ROW()-2)*4)+2))","v":""},{"$f":"IF(INDIRECT(\"'MRO Certificate Printing'!F\"&((ROW()-2)*4)+2)=\"\",\"\",INDIRECT(\"'MRO Certificate Printing'!F\"&((ROW()-2)*4)+2))","v":""},{"$f":"IF(INDIRECT(\"'MRO Certificate Printing'!B\"&((ROW()-2)*4)+2)=\"\",\"\",INDIRECT(\"'MRO Certificate Printing'!B\"&((ROW()-2)*4)+2))","v":""},{"$f":"IF(INDIRECT(\"'MRO Certificate Printing'!G\"&((ROW()-2)*4)+2)=\"\",\"\",INDIRECT(\"'MRO Certificate Printing'!G\"&((ROW()-2)*4)+2))","v":""},{"$f":"IF(INDIRECT(\"'MRO Certificate Printing'!J\"&((ROW()-2)*4)+2)=\"\",\"\",INDIRECT(\"'MRO Certificate Printing'!J\"&((ROW()-2)*4)+2))","v":""},{"$f":"IF(INDIRECT(\"'MRO Certificate Printing'!I\"&((ROW()-2)*4)+2)=\"\",\"\",INDIRECT(\"'MRO Certificate Printing'!I\"&((ROW()-2)*4)+2))","v":""},{"$f":"IF(INDIRECT(\"'MRO Certificate Printing'!K\"&((ROW()-2)*4)+2)=\"\",\"\",INDIRECT(\"'MRO Certificate Printing'!K\"&((ROW()-2)*4)+2))","v":""},null,{"$f":"IF(INDIRECT(\"'MRO Certificate Printing'!D\"&((ROW()-2)*4)+3)=\"\",\"\",INDIRECT(\"'MRO Certificate Printing'!D\"&((ROW()-2)*4)+3))","v":""},{"$f":"IF(INDIRECT(\"'MRO Certificate Printing'!E\"&((ROW()-2)*4)+3)=\"\",\"\",INDIRECT(\"'MRO Certificate Printing'!E\"&((ROW()-2)*4)+3))","v":""},{"$f":"IF(INDIRECT(\"'MRO Certificate Printing'!F\"&((ROW()-2)*4)+3)=\"\",\"\",INDIRECT(\"'MRO Certificate Printing'!F\"&((ROW()-2)*4)+3))","v":""},{"$f":"IF(INDIRECT(\"'MRO Certificate Printing'!B\"&((ROW()-2)*4)+3)=\"\",\"\",INDIRECT(\"'MRO Certificate Printing'!B\"&((ROW()-2)*4)+3))","v":""},{"$f":"IF(INDIRECT(\"'MRO Certificate Printing'!G\"&((ROW()-2)*4)+3)=\"\",\"\",INDIRECT(\"'MRO Certificate Printing'!G\"&((ROW()-2)*4)+3))","v":""},{"$f":"IF(INDIRECT(\"'MRO Certificate Printing'!J\"&((ROW()-2)*4)+3)=\"\",\"\",INDIRECT(\"'MRO Certificate Printing'!J\"&((ROW()-2)*4)+3))","v":""},{"$f":"IF(INDIRECT(\"'MRO Certificate Printing'!I\"&((ROW()-2)*4)+3)=\"\",\"\",INDIRECT(\"'MRO Certificate Printing'!I\"&((ROW()-2)*4)+3))","v":""},{"$f":"IF(INDIRECT(\"'MRO Certificate Printing'!K\"&((ROW()-2)*4)+3)=\"\",\"\",INDIRECT(\"'MRO Certificate Printing'!K\"&((ROW()-2)*4)+3))","v":""},null,{"$f":"IF(INDIRECT(\"'MRO Certificate Printing'!D\"&((ROW()-2)*4)+4)=\"\",\"\",INDIRECT(\"'MRO Certificate Printing'!D\"&((ROW()-2)*4)+4))","v":""},{"$f":"IF(INDIRECT(\"'MRO Certificate Printing'!E\"&((ROW()-2)*4)+4)=\"\",\"\",INDIRECT(\"'MRO Certificate Printing'!E\"&((ROW()-2)*4)+4))","v":""},{"$f":"IF(INDIRECT(\"'MRO Certificate Printing'!F\"&((ROW()-2)*4)+4)=\"\",\"\",INDIRECT(\"'MRO Certificate Printing'!F\"&((ROW()-2)*4)+4))","v":""},{"$f":"IF(INDIRECT(\"'MRO Certificate Printing'!B\"&((ROW()-2)*4)+4)=\"\",\"\",INDIRECT(\"'MRO Certificate Printing'!B\"&((ROW()-2)*4)+4))","v":""},{"$f":"IF(INDIRECT(\"'MRO Certificate Printing'!G\"&((ROW()-2)*4)+4)=\"\",\"\",INDIRECT(\"'MRO Certificate Printing'!G\"&((ROW()-2)*4)+4))","v":""},{"$f":"IF(INDIRECT(\"'MRO Certificate Printing'!J\"&((ROW()-2)*4)+4)=\"\",\"\",INDIRECT(\"'MRO Certificate Printing'!J\"&((ROW()-2)*4)+4))","v":""},{"$f":"IF(INDIRECT(\"'MRO Certificate Printing'!I\"&((ROW()-2)*4)+4)=\"\",\"\",INDIRECT(\"'MRO Certificate Printing'!I\"&((ROW()-2)*4)+4))","v":""},{"$f":"IF(INDIRECT(\"'MRO Certificate Printing'!K\"&((ROW()-2)*4)+4)=\"\",\"\",INDIRECT(\"'MRO Certificate Printing'!K\"&((ROW()-2)*4)+4))","v":""},null,{"$f":"IF(INDIRECT(\"'MRO Certificate Printing'!D\"&((ROW()-2)*4)+5)=\"\",\"\",INDIRECT(\"'MRO Certificate Printing'!D\"&((ROW()-2)*4)+5))","v":""},{"$f":"IF(INDIRECT(\"'MRO Certificate Printing'!E\"&((ROW()-2)*4)+5)=\"\",\"\",INDIRECT(\"'MRO Certificate Printing'!E\"&((ROW()-2)*4)+5))","v":""},{"$f":"IF(INDIRECT(\"'MRO Certificate Printing'!F\"&((ROW()-2)*4)+5)=\"\",\"\",INDIRECT(\"'MRO Certificate Printing'!F\"&((ROW()-2)*4)+5))","v":""},{"$f":"IF(INDIRECT(\"'MRO Certificate Printing'!B\"&((ROW()-2)*4)+5)=\"\",\"\",INDIRECT(\"'MRO Certificate Printing'!B\"&((ROW()-2)*4)+5))","v":""},{"$f":"IF(INDIRECT(\"'MRO Certificate Printing'!G\"&((ROW()-2)*4)+5)=\"\",\"\",INDIRECT(\"'MRO Certificate Printing'!G\"&((ROW()-2)*4)+5))","v":""},{"$f":"IF(INDIRECT(\"'MRO Certificate Printing'!J\"&((ROW()-2)*4)+5)=\"\",\"\",INDIRECT(\"'MRO Certificate Printing'!J\"&((ROW()-2)*4)+5))","v":""},{"$f":"IF(INDIRECT(\"'MRO Certificate Printing'!I\"&((ROW()-2)*4)+5)=\"\",\"\",INDIRECT(\"'MRO Certificate Printing'!I\"&((ROW()-2)*4)+5))","v":""},{"$f":"IF(INDIRECT(\"'MRO Certificate Printing'!K\"&((ROW()-2)*4)+5)=\"\",\"\",INDIRECT(\"'MRO Certificate Printing'!K\"&((ROW()-2)*4)+5))","v":""}]
["",{"$f":"IF(INDIRECT(\"'MRO Certificate Printing'!D\"&((ROW()-2)*4)+2)=\"\",\"\",INDIRECT(\"'MRO Certificate Printing'!D\"&((ROW()-2)*4)+2))","v":""},{"$f":"IF(INDIRECT(\"'MRO Certificate Printing'!E\"&((ROW()-2)*4)+2)=\"\",\"\",INDIRECT(\"'MRO Certificate Printing'!E\"&((ROW()-2)*4)+2))","v":""},{"$f":"IF(INDIRECT(\"'MRO Certificate Printing'!F\"&((ROW()-2)*4)+2)=\"\",\"\",INDIRECT(\"'MRO Certificate Printing'!F\"&((ROW()-2)*4)+2))","v":""},{"$f":"IF(INDIRECT(\"'MRO Certificate Printing'!B\"&((ROW()-2)*4)+2)=\"\",\"\",INDIRECT(\"'MRO Certificate Printing'!B\"&((ROW()-2)*4)+2))","v":""},{"$f":"IF(INDIRECT(\"'MRO Certificate Printing'!G\"&((ROW()-2)*4)+2)=\"\",\"\",INDIRECT(\"'MRO Certificate Printing'!G\"&((ROW()-2)*4)+2))","v":""},{"$f":"IF(INDIRECT(\"'MRO Certificate Printing'!J\"&((ROW()-2)*4)+2)=\"\",\"\",INDIRECT(\"'MRO Certificate Printing'!J\"&((ROW()-2)*4)+2))","v":""},{"$f":"IF(INDIRECT(\"'MRO Certificate Printing'!I\"&((ROW()-2)*4)+2)=\"\",\"\",INDIRECT(\"'MRO Certificate Printing'!I\"&((ROW()-2)*4)+2))","v":""},{"$f":"IF(INDIRECT(\"'MRO Certificate Printing'!K\"&((ROW()-2)*4)+2)=\"\",\"\",INDIRECT(\"'MRO Certificate Printing'!K\"&((ROW()-2)*4)+2))","v":""},null,{"$f":"IF(INDIRECT(\"'MRO Certificate Printing'!D\"&((ROW()-2)*4)+3)=\"\",\"\",INDIRECT(\"'MRO Certificate Printing'!D\"&((ROW()-2)*4)+3))","v":""},{"$f":"IF(INDIRECT(\"'MRO Certificate Printing'!E\"&((ROW()-2)*4)+3)=\"\",\"\",INDIRECT(\"'MRO Certificate Printing'!E\"&((ROW()-2)*4)+3))","v":""},{"$f":"IF(INDIRECT(\"'MRO Certificate Printing'!F\"&((ROW()-2)*4)+3)=\"\",\"\",INDIRECT(\"'MRO Certificate Printing'!F\"&((ROW()-2)*4)+3))","v":""},{"$f":"IF(INDIRECT(\"'MRO Certificate Printing'!B\"&((ROW()-2)*4)+3)=\"\",\"\",INDIRECT(\"'MRO Certificate Printing'!B\"&((ROW()-2)*4)+3))","v":""},{"$f":"IF(INDIRECT(\"'MRO Certificate Printing'!G\"&((ROW()-2)*4)+3)=\"\",\"\",INDIRECT(\"'MRO Certificate Printing'!G\"&((ROW()-2)*4)+3))","v":""},{"$f":"IF(INDIRECT(\"'MRO Certificate Printing'!J\"&((ROW()-2)*4)+3)=\"\",\"\",INDIRECT(\"'MRO Certificate Printing'!J\"&((ROW()-2)*4)+3))","v":""},{"$f":"IF(INDIRECT(\"'MRO Certificate Printing'!I\"&((ROW()-2)*4)+3)=\"\",\"\",INDIRECT(\"'MRO Certificate Printing'!I\"&((ROW()-2)*4)+3))","v":""},{"$f":"IF(INDIRECT(\"'MRO Certificate Printing'!K\"&((ROW()-2)*4)+3)=\"\",\"\",INDIRECT(\"'MRO Certificate Printing'!K\"&((ROW()-2)*4)+3))","v":""},null,{"$f":"IF(INDIRECT(\"'MRO Certificate Printing'!D\"&((ROW()-2)*4)+4)=\"\",\"\",INDIRECT(\"'MRO Certificate Printing'!D\"&((ROW()-2)*4)+4))","v":""},{"$f":"IF(INDIRECT(\"'MRO Certificate Printing'!E\"&((ROW()-2)*4)+4)=\"\",\"\",INDIRECT(\"'MRO Certificate Printing'!E\"&((ROW()-2)*4)+4))","v":""},{"$f":"IF(INDIRECT(\"'MRO Certificate Printing'!F\"&((ROW()-2)*4)+4)=\"\",\"\",INDIRECT(\"'MRO Certificate Printing'!F\"&((ROW()-2)*4)+4))","v":""},{"$f":"IF(INDIRECT(\"'MRO Certificate Printing'!B\"&((ROW()-2)*4)+4)=\"\",\"\",INDIRECT(\"'MRO Certificate Printing'!B\"&((ROW()-2)*4)+4))","v":""},{"$f":"IF(INDIRECT(\"'MRO Certificate Printing'!G\"&((ROW()-2)*4)+4)=\"\",\"\",INDIRECT(\"'MRO Certificate Printing'!G\"&((ROW()-2)*4)+4))","v":""},{"$f":"IF(INDIRECT(\"'MRO Certificate Printing'!J\"&((ROW()-2)*4)+4)=\"\",\"\",INDIRECT(\"'MRO Certificate Printing'!J\"&((ROW()-2)*4)+4))","v":""},{"$f":"IF(INDIRECT(\"'MRO Certificate Printing'!I\"&((ROW()-2)*4)+4)=\"\",\"\",INDIRECT(\"'MRO Certificate Printing'!I\"&((ROW()-2)*4)+4))","v":""},{"$f":"IF(INDIRECT(\"'MRO Certificate Printing'!K\"&((ROW()-2)*4)+4)=\"\",\"\",INDIRECT(\"'MRO Certificate Printing'!K\"&((ROW()-2)*4)+4))","v":""},null,{"$f":"IF(INDIRECT(\"'MRO Certificate Printing'!D\"&((ROW()-2)*4)+5)=\"\",\"\",INDIRECT(\"'MRO Certificate Printing'!D\"&((ROW()-2)*4)+5))","v":""},{"$f":"IF(INDIRECT(\"'MRO Certificate Printing'!E\"&((ROW()-2)*4)+5)=\"\",\"\",INDIRECT(\"'MRO Certificate Printing'!E\"&((ROW()-2)*4)+5))","v":""},{"$f":"IF(INDIRECT(\"'MRO Certificate Printing'!F\"&((ROW()-2)*4)+5)=\"\",\"\",INDIRECT(\"'MRO Certificate Printing'!F\"&((ROW()-2)*4)+5))","v":""},{"$f":"IF(INDIRECT(\"'MRO Certificate Printing'!B\"&((ROW()-2)*4)+5)=\"\",\"\",INDIRECT(\"'MRO Certificate Printing'!B\"&((ROW()-2)*4)+5))","v":""},{"$f":"IF(INDIRECT(\"'MRO Certificate Printing'!G\"&((ROW()-2)*4)+5)=\"\",\"\",INDIRECT(\"'MRO Certificate Printing'!G\"&((ROW()-2)*4)+5))","v":""},{"$f":"IF(INDIRECT(\"'MRO Certificate Printing'!J\"&((ROW()-2)*4)+5)=\"\",\"\",INDIRECT(\"'MRO Certificate Printing'!J\"&((ROW()-2)*4)+5))","v":""},{"$f":"IF(INDIRECT(\"'MRO Certificate Printing'!I\"&((ROW()-2)*4)+5)=\"\",\"\",INDIRECT(\"'MRO Certificate Printing'!I\"&((ROW()-2)*4)+5))","v":""},{"$f":"IF(INDIRECT(\"'MRO Certificate Printing'!K\"&((ROW()-2)*4)+5)=\"\",\"\",INDIRECT(\"'MRO Certificate Printing'!K\"&((ROW()-2)*4)+5))","v":""}]
["",{"$f":"IF(INDIRECT(\"'MRO Certificate Printing'!D\"&((ROW()-2)*4)+2)=\"\",\"\",INDIRECT(\"'MRO Certificate Printing'!D\"&((ROW()-2)*4)+2))","v":""},{"$f":"IF(INDIRECT(\"'MRO Certificate Printing'!E\"&((ROW()-2)*4)+2)=\"\",\"\",INDIRECT(\"'MRO Certificate Printing'!E\"&((ROW()-2)*4)+2))","v":""},{"$f":"IF(INDIRECT(\"'MRO Certificate Printing'!F\"&((ROW()-2)*4)+2)=\"\",\"\",INDIRECT(\"'MRO Certificate Printing'!F\"&((ROW()-2)*4)+2))","v":""},{"$f":"IF(INDIRECT(\"'MRO Certificate Printing'!B\"&((ROW()-2)*4)+2)=\"\",\"\",INDIRECT(\"'MRO Certificate Printing'!B\"&((ROW()-2)*4)+2))","v":""},{"$f":"IF(INDIRECT(\"'MRO Certificate Printing'!G\"&((ROW()-2)*4)+2)=\"\",\"\",INDIRECT(\"'MRO Certificate Printing'!G\"&((ROW()-2)*4)+2))","v":""},{"$f":"IF(INDIRECT(\"'MRO Certificate Printing'!J\"&((ROW()-2)*4)+2)=\"\",\"\",INDIRECT(\"'MRO Certificate Printing'!J\"&((ROW()-2)*4)+2))","v":""},{"$f":"IF(INDIRECT(\"'MRO Certificate Printing'!I\"&((ROW()-2)*4)+2)=\"\",\"\",INDIRECT(\"'MRO Certificate Printing'!I\"&((ROW()-2)*4)+2))","v":""},{"$f":"IF(INDIRECT(\"'MRO Certificate Printing'!K\"&((ROW()-2)*4)+2)=\"\",\"\",INDIRECT(\"'MRO Certificate Printing'!K\"&((ROW()-2)*4)+2))","v":""},null,{"$f":"IF(INDIRECT(\"'MRO Certificate Printing'!D\"&((ROW()-2)*4)+3)=\"\",\"\",INDIRECT(\"'MRO Certificate Printing'!D\"&((ROW()-2)*4)+3))","v":""},{"$f":"IF(INDIRECT(\"'MRO Certificate Printing'!E\"&((ROW()-2)*4)+3)=\"\",\"\",INDIRECT(\"'MRO Certificate Printing'!E\"&((ROW()-2)*4)+3))","v":""},{"$f":"IF(INDIRECT(\"'MRO Certificate Printing'!F\"&((ROW()-2)*4)+3)=\"\",\"\",INDIRECT(\"'MRO Certificate Printing'!F\"&((ROW()-2)*4)+3))","v":""},{"$f":"IF(INDIRECT(\"'MRO Certificate Printing'!B\"&((ROW()-2)*4)+3)=\"\",\"\",INDIRECT(\"'MRO Certificate Printing'!B\"&((ROW()-2)*4)+3))","v":""},{"$f":"IF(INDIRECT(\"'MRO Certificate Printing'!G\"&((ROW()-2)*4)+3)=\"\",\"\",INDIRECT(\"'MRO Certificate Printing'!G\"&((ROW()-2)*4)+3))","v":""},{"$f":"IF(INDIRECT(\"'MRO Certificate Printing'!J\"&((ROW()-2)*4)+3)=\"\",\"\",INDIRECT(\"'MRO Certificate Printing'!J\"&((ROW()-2)*4)+3))","v":""},{"$f":"IF(INDIRECT(\"'MRO Certificate Printing'!I\"&((ROW()-2)*4)+3)=\"\",\"\",INDIRECT(\"'MRO Certificate Printing'!I\"&((ROW()-2)*4)+3))","v":""},{"$f":"IF(INDIRECT(\"'MRO Certificate Printing'!K\"&((ROW()-2)*4)+3)=\"\",\"\",INDIRECT(\"'MRO Certificate Printing'!K\"&((ROW()-2)*4)+3))","v":""},null,{"$f":"IF(INDIRECT(\"'MRO Certificate Printing'!D\"&((ROW()-2)*4)+4)=\"\",\"\",INDIRECT(\"'MRO Certificate Printing'!D\"&((ROW()-2)*4)+4))","v":""},{"$f":"IF(INDIRECT(\"'MRO Certificate Printing'!E\"&((ROW()-2)*4)+4)=\"\",\"\",INDIRECT(\"'MRO Certificate Printing'!E\"&((ROW()-2)*4)+4))","v":""},{"$f":"IF(INDIRECT(\"'MRO Certificate Printing'!F\"&((ROW()-2)*4)+4)=\"\",\"\",INDIRECT(\"'MRO Certificate Printing'!F\"&((ROW()-2)*4)+4))","v":""},{"$f":"IF(INDIRECT(\"'MRO Certificate Printing'!B\"&((ROW()-2)*4)+4)=\"\",\"\",INDIRECT(\"'MRO Certificate Printing'!B\"&((ROW()-2)*4)+4))","v":""},{"$f":"IF(INDIRECT(\"'MRO Certificate Printing'!G\"&((ROW()-2)*4)+4)=\"\",\"\",INDIRECT(\"'MRO Certificate Printing'!G\"&((ROW()-2)*4)+4))","v":""},{"$f":"IF(INDIRECT(\"'MRO Certificate Printing'!J\"&((ROW()-2)*4)+4)=\"\",\"\",INDIRECT(\"'MRO Certificate Printing'!J\"&((ROW()-2)*4)+4))","v":""},{"$f":"IF(INDIRECT(\"'MRO Certificate Printing'!I\"&((ROW()-2)*4)+4)=\"\",\"\",INDIRECT(\"'MRO Certificate Printing'!I\"&((ROW()-2)*4)+4))","v":""},{"$f":"IF(INDIRECT(\"'MRO Certificate Printing'!K\"&((ROW()-2)*4)+4)=\"\",\"\",INDIRECT(\"'MRO Certificate Printing'!K\"&((ROW()-2)*4)+4))","v":""},null,{"$f":"IF(INDIRECT(\"'MRO Certificate Printing'!D\"&((ROW()-2)*4)+5)=\"\",\"\",INDIRECT(\"'MRO Certificate Printing'!D\"&((ROW()-2)*4)+5))","v":""},{"$f":"IF(INDIRECT(\"'MRO Certificate Printing'!E\"&((ROW()-2)*4)+5)=\"\",\"\",INDIRECT(\"'MRO Certificate Printing'!E\"&((ROW()-2)*4)+5))","v":""},{"$f":"IF(INDIRECT(\"'MRO Certificate Printing'!F\"&((ROW()-2)*4)+5)=\"\",\"\",INDIRECT(\"'MRO Certificate Printing'!F\"&((ROW()-2)*4)+5))","v":""},{"$f":"IF(INDIRECT(\"'MRO Certificate Printing'!B\"&((ROW()-2)*4)+5)=\"\",\"\",INDIRECT(\"'MRO Certificate Printing'!B\"&((ROW()-2)*4)+5))","v":""},{"$f":"IF(INDIRECT(\"'MRO Certificate Printing'!G\"&((ROW()-2)*4)+5)=\"\",\"\",INDIRECT(\"'MRO Certificate Printing'!G\"&((ROW()-2)*4)+5))","v":""},{"$f":"IF(INDIRECT(\"'MRO Certificate Printing'!J\"&((ROW()-2)*4)+5)=\"\",\"\",INDIRECT(\"'MRO Certificate Printing'!J\"&((ROW()-2)*4)+5))","v":""},{"$f":"IF(INDIRECT(\"'MRO Certificate Printing'!I\"&((ROW()-2)*4)+5)=\"\",\"\",INDIRECT(\"'MRO Certificate Printing'!I\"&((ROW()-2)*4)+5))","v":""},{"$f":"IF(INDIRECT(\"'MRO Certificate Printing'!K\"&((ROW()-2)*4)+5)=\"\",\"\",INDIRECT(\"'MRO Certificate Printing'!K\"&((ROW()-2)*4)+5))","v":""}]
["",{"$f":"IF(INDIRECT(\"'MRO Certificate Printing'!D\"&((ROW()-2)*4)+2)=\"\",\"\",INDIRECT(\"'MRO Certificate Printing'!D\"&((ROW()-2)*4)+2))","v":""},{"$f":"IF(INDIRECT(\"'MRO Certificate Printing'!E\"&((ROW()-2)*4)+2)=\"\",\"\",INDIRECT(\"'MRO Certificate Printing'!E\"&((ROW()-2)*4)+2))","v":""},{"$f":"IF(INDIRECT(\"'MRO Certificate Printing'!F\"&((ROW()-2)*4)+2)=\"\",\"\",INDIRECT(\"'MRO Certificate Printing'!F\"&((ROW()-2)*4)+2))","v":""},{"$f":"IF(INDIRECT(\"'MRO Certificate Printing'!B\"&((ROW()-2)*4)+2)=\"\",\"\",INDIRECT(\"'MRO Certificate Printing'!B\"&((ROW()-2)*4)+2))","v":""},{"$f":"IF(INDIRECT(\"'MRO Certificate Printing'!G\"&((ROW()-2)*4)+2)=\"\",\"\",INDIRECT(\"'MRO Certificate Printing'!G\"&((ROW()-2)*4)+2))","v":""},{"$f":"IF(INDIRECT(\"'MRO Certificate Printing'!J\"&((ROW()-2)*4)+2)=\"\",\"\",INDIRECT(\"'MRO Certificate Printing'!J\"&((ROW()-2)*4)+2))","v":""},{"$f":"IF(INDIRECT(\"'MRO Certificate Printing'!I\"&((ROW()-2)*4)+2)=\"\",\"\",INDIRECT(\"'MRO Certificate Printing'!I\"&((ROW()-2)*4)+2))","v":""},{"$f":"IF(INDIRECT(\"'MRO Certificate Printing'!K\"&((ROW()-2)*4)+2)=\"\",\"\",INDIRECT(\"'MRO Certificate Printing'!K\"&((ROW()-2)*4)+2))","v":""},null,{"$f":"IF(INDIRECT(\"'MRO Certificate Printing'!D\"&((ROW()-2)*4)+3)=\"\",\"\",INDIRECT(\"'MRO Certificate Printing'!D\"&((ROW()-2)*4)+3))","v":""},{"$f":"IF(INDIRECT(\"'MRO Certificate Printing'!E\"&((ROW()-2)*4)+3)=\"\",\"\",INDIRECT(\"'MRO Certificate Printing'!E\"&((ROW()-2)*4)+3))","v":""},{"$f":"IF(INDIRECT(\"'MRO Certificate Printing'!F\"&((ROW()-2)*4)+3)=\"\",\"\",INDIRECT(\"'MRO Certificate Printing'!F\"&((ROW()-2)*4)+3))","v":""},{"$f":"IF(INDIRECT(\"'MRO Certificate Printing'!B\"&((ROW()-2)*4)+3)=\"\",\"\",INDIRECT(\"'MRO Certificate Printing'!B\"&((ROW()-2)*4)+3))","v":""},{"$f":"IF(INDIRECT(\"'MRO Certificate Printing'!G\"&((ROW()-2)*4)+3)=\"\",\"\",INDIRECT(\"'MRO Certificate Printing'!G\"&((ROW()-2)*4)+3))","v":""},{"$f":"IF(INDIRECT(\"'MRO Certificate Printing'!J\"&((ROW()-2)*4)+3)=\"\",\"\",INDIRECT(\"'MRO Certificate Printing'!J\"&((ROW()-2)*4)+3))","v":""},{"$f":"IF(INDIRECT(\"'MRO Certificate Printing'!I\"&((ROW()-2)*4)+3)=\"\",\"\",INDIRECT(\"'MRO Certificate Printing'!I\"&((ROW()-2)*4)+3))","v":""},{"$f":"IF(INDIRECT(\"'MRO Certificate Printing'!K\"&((ROW()-2)*4)+3)=\"\",\"\",INDIRECT(\"'MRO Certificate Printing'!K\"&((ROW()-2)*4)+3))","v":""},null,{"$f":"IF(INDIRECT(\"'MRO Certificate Printing'!D\"&((ROW()-2)*4)+4)=\"\",\"\",INDIRECT(\"'MRO Certificate Printing'!D\"&((ROW()-2)*4)+4))","v":""},{"$f":"IF(INDIRECT(\"'MRO Certificate Printing'!E\"&((ROW()-2)*4)+4)=\"\",\"\",INDIRECT(\"'MRO Certificate Printing'!E\"&((ROW()-2)*4)+4))","v":""},{"$f":"IF(INDIRECT(\"'MRO Certificate Printing'!F\"&((ROW()-2)*4)+4)=\"\",\"\",INDIRECT(\"'MRO Certificate Printing'!F\"&((ROW()-2)*4)+4))","v":""},{"$f":"IF(INDIRECT(\"'MRO Certificate Printing'!B\"&((ROW()-2)*4)+4)=\"\",\"\",INDIRECT(\"'MRO Certificate Printing'!B\"&((ROW()-2)*4)+4))","v":""},{"$f":"IF(INDIRECT(\"'MRO Certificate Printing'!G\"&((ROW()-2)*4)+4)=\"\",\"\",INDIRECT(\"'MRO Certificate Printing'!G\"&((ROW()-2)*4)+4))","v":""},{"$f":"IF(INDIRECT(\"'MRO Certificate Printing'!J\"&((ROW()-2)*4)+4)=\"\",\"\",INDIRECT(\"'MRO Certificate Printing'!J\"&((ROW()-2)*4)+4))","v":""},{"$f":"IF(INDIRECT(\"'MRO Certificate Printing'!I\"&((ROW()-2)*4)+4)=\"\",\"\",INDIRECT(\"'MRO Certificate Printing'!I\"&((ROW()-2)*4)+4))","v":""},{"$f":"IF(INDIRECT(\"'MRO Certificate Printing'!K\"&((ROW()-2)*4)+4)=\"\",\"\",INDIRECT(\"'MRO Certificate Printing'!K\"&((ROW()-2)*4)+4))","v":""},null,{"$f":"IF(INDIRECT(\"'MRO Certificate Printing'!D\"&((ROW()-2)*4)+5)=\"\",\"\",INDIRECT(\"'MRO Certificate Printing'!D\"&((ROW()-2)*4)+5))","v":""},{"$f":"IF(INDIRECT(\"'MRO Certificate Printing'!E\"&((ROW()-2)*4)+5)=\"\",\"\",INDIRECT(\"'MRO Certificate Printing'!E\"&((ROW()-2)*4)+5))","v":""},{"$f":"IF(INDIRECT(\"'MRO Certificate Printing'!F\"&((ROW()-2)*4)+5)=\"\",\"\",INDIRECT(\"'MRO Certificate Printing'!F\"&((ROW()-2)*4)+5))","v":""},{"$f":"IF(INDIRECT(\"'MRO Certificate Printing'!B\"&((ROW()-2)*4)+5)=\"\",\"\",INDIRECT(\"'MRO Certificate Printing'!B\"&((ROW()-2)*4)+5))","v":""},{"$f":"IF(INDIRECT(\"'MRO Certificate Printing'!G\"&((ROW()-2)*4)+5)=\"\",\"\",INDIRECT(\"'MRO Certificate Printing'!G\"&((ROW()-2)*4)+5))","v":""},{"$f":"IF(INDIRECT(\"'MRO Certificate Printing'!J\"&((ROW()-2)*4)+5)=\"\",\"\",INDIRECT(\"'MRO Certificate Printing'!J\"&((ROW()-2)*4)+5))","v":""},{"$f":"IF(INDIRECT(\"'MRO Certificate Printing'!I\"&((ROW()-2)*4)+5)=\"\",\"\",INDIRECT(\"'MRO Certificate Printing'!I\"&((ROW()-2)*4)+5))","v":""},{"$f":"IF(INDIRECT(\"'MRO Certificate Printing'!K\"&((ROW()-2)*4)+5)=\"\",\"\",INDIRECT(\"'MRO Certificate Printing'!K\"&((ROW()-2)*4)+5))","v":""}]
["",{"$f":"IF(INDIRECT(\"'MRO Certificate Printing'!D\"&((ROW()-2)*4)+2)=\"\",\"\",INDIRECT(\"'MRO Certificate Printing'!D\"&((ROW()-2)*4)+2))","v":""},{"$f":"IF(INDIRECT(\"'MRO Certificate Printing'!E\"&((ROW()-2)*4)+2)=\"\",\"\",INDIRECT(\"'MRO Certificate Printing'!E\"&((ROW()-2)*4)+2))","v":""},{"$f":"IF(INDIRECT(\"'MRO Certificate Printing'!F\"&((ROW()-2)*4)+2)=\"\",\"\",INDIRECT(\"'MRO Certificate Printing'!F\"&((ROW()-2)*4)+2))","v":""},{"$f":"IF(INDIRECT(\"'MRO Certificate Printing'!B\"&((ROW()-2)*4)+2)=\"\",\"\",INDIRECT(\"'MRO Certificate Printing'!B\"&((ROW()-2)*4)+2))","v":""},{"$f":"IF(INDIRECT(\"'MRO Certificate Printing'!G\"&((ROW()-2)*4)+2)=\"\",\"\",INDIRECT(\"'MRO Certificate Printing'!G\"&((ROW()-2)*4)+2))","v":""},{"$f":"IF(INDIRECT(\"'MRO Certificate Printing'!J\"&((ROW()-2)*4)+2)=\"\",\"\",INDIRECT(\"'MRO Certificate Printing'!J\"&((ROW()-2)*4)+2))","v":""},{"$f":"IF(INDIRECT(\"'MRO Certificate Printing'!I\"&((ROW()-2)*4)+2)=\"\",\"\",INDIRECT(\"'MRO Certificate Printing'!I\"&((ROW()-2)*4)+2))","v":""},{"$f":"IF(INDIRECT(\"'MRO Certificate Printing'!K\"&((ROW()-2)*4)+2)=\"\",\"\",INDIRECT(\"'MRO Certificate Printing'!K\"&((ROW()-2)*4)+2))","v":""},null,{"$f":"IF(INDIRECT(\"'MRO Certificate Printing'!D\"&((ROW()-2)*4)+3)=\"\",\"\",INDIRECT(\"'MRO Certificate Printing'!D\"&((ROW()-2)*4)+3))","v":""},{"$f":"IF(INDIRECT(\"'MRO Certificate Printing'!E\"&((ROW()-2)*4)+3)=\"\",\"\",INDIRECT(\"'MRO Certificate Printing'!E\"&((ROW()-2)*4)+3))","v":""},{"$f":"IF(INDIRECT(\"'MRO Certificate Printing'!F\"&((ROW()-2)*4)+3)=\"\",\"\",INDIRECT(\"'MRO Certificate Printing'!F\"&((ROW()-2)*4)+3))","v":""},{"$f":"IF(INDIRECT(\"'MRO Certificate Printing'!B\"&((ROW()-2)*4)+3)=\"\",\"\",INDIRECT(\"'MRO Certificate Printing'!B\"&((ROW()-2)*4)+3))","v":""},{"$f":"IF(INDIRECT(\"'MRO Certificate Printing'!G\"&((ROW()-2)*4)+3)=\"\",\"\",INDIRECT(\"'MRO Certificate Printing'!G\"&((ROW()-2)*4)+3))","v":""},{"$f":"IF(INDIRECT(\"'MRO Certificate Printing'!J\"&((ROW()-2)*4)+3)=\"\",\"\",INDIRECT(\"'MRO Certificate Printing'!J\"&((ROW()-2)*4)+3))","v":""},{"$f":"IF(INDIRECT(\"'MRO Certificate Printing'!I\"&((ROW()-2)*4)+3)=\"\",\"\",INDIRECT(\"'MRO Certificate Printing'!I\"&((ROW()-2)*4)+3))","v":""},{"$f":"IF(INDIRECT(\"'MRO Certificate Printing'!K\"&((ROW()-2)*4)+3)=\"\",\"\",INDIRECT(\"'MRO Certificate Printing'!K\"&((ROW()-2)*4)+3))","v":""},null,{"$f":"IF(INDIRECT(\"'MRO Certificate Printing'!D\"&((ROW()-2)*4)+4)=\"\",\"\",INDIRECT(\"'MRO Certificate Printing'!D\"&((ROW()-2)*4)+4))","v":""},{"$f":"IF(INDIRECT(\"'MRO Certificate Printing'!E\"&((ROW()-2)*4)+4)=\"\",\"\",INDIRECT(\"'MRO Certificate Printing'!E\"&((ROW()-2)*4)+4))","v":""},{"$f":"IF(INDIRECT(\"'MRO Certificate Printing'!F\"&((ROW()-2)*4)+4)=\"\",\"\",INDIRECT(\"'MRO Certificate Printing'!F\"&((ROW()-2)*4)+4))","v":""},{"$f":"IF(INDIRECT(\"'MRO Certificate Printing'!B\"&((ROW()-2)*4)+4)=\"\",\"\",INDIRECT(\"'MRO Certificate Printing'!B\"&((ROW()-2)*4)+4))","v":""},{"$f":"IF(INDIRECT(\"'MRO Certificate Printing'!G\"&((ROW()-2)*4)+4)=\"\",\"\",INDIRECT(\"'MRO Certificate Printing'!G\"&((ROW()-2)*4)+4))","v":""},{"$f":"IF(INDIRECT(\"'MRO Certificate Printing'!J\"&((ROW()-2)*4)+4)=\"\",\"\",INDIRECT(\"'MRO Certificate Printing'!J\"&((ROW()-2)*4)+4))","v":""},{"$f":"IF(INDIRECT(\"'MRO Certificate Printing'!I\"&((ROW()-2)*4)+4)=\"\",\"\",INDIRECT(\"'MRO Certificate Printing'!I\"&((ROW()-2)*4)+4))","v":""},{"$f":"IF(INDIRECT(\"'MRO Certificate Printing'!K\"&((ROW()-2)*4)+4)=\"\",\"\",INDIRECT(\"'MRO Certificate Printing'!K\"&((ROW()-2)*4)+4))","v":""},null,{"$f":"IF(INDIRECT(\"'MRO Certificate Printing'!D\"&((ROW()-2)*4)+5)=\"\",\"\",INDIRECT(\"'MRO Certificate Printing'!D\"&((ROW()-2)*4)+5))","v":""},{"$f":"IF(INDIRECT(\"'MRO Certificate Printing'!E\"&((ROW()-2)*4)+5)=\"\",\"\",INDIRECT(\"'MRO Certificate Printing'!E\"&((ROW()-2)*4)+5))","v":""},{"$f":"IF(INDIRECT(\"'MRO Certificate Printing'!F\"&((ROW()-2)*4)+5)=\"\",\"\",INDIRECT(\"'MRO Certificate Printing'!F\"&((ROW()-2)*4)+5))","v":""},{"$f":"IF(INDIRECT(\"'MRO Certificate Printing'!B\"&((ROW()-2)*4)+5)=\"\",\"\",INDIRECT(\"'MRO Certificate Printing'!B\"&((ROW()-2)*4)+5))","v":""},{"$f":"IF(INDIRECT(\"'MRO Certificate Printing'!G\"&((ROW()-2)*4)+5)=\"\",\"\",INDIRECT(\"'MRO Certificate Printing'!G\"&((ROW()-2)*4)+5))","v":""},{"$f":"IF(INDIRECT(\"'MRO Certificate Printing'!J\"&((ROW()-2)*4)+5)=\"\",\"\",INDIRECT(\"'MRO Certificate Printing'!J\"&((ROW()-2)*4)+5))","v":""},{"$f":"IF(INDIRECT(\"'MRO Certificate Printing'!I\"&((ROW()-2)*4)+5)=\"\",\"\",INDIRECT(\"'MRO Certificate Printing'!I\"&((ROW()-2)*4)+5))","v":""},{"$f":"IF(INDIRECT(\"'MRO Certificate Printing'!K\"&((ROW()-2)*4)+5)=\"\",\"\",INDIRECT(\"'MRO Certificate Printing'!K\"&((ROW()-2)*4)+5))","v":""}]
["",{"$f":"IF(INDIRECT(\"'MRO Certificate Printing'!D\"&((ROW()-2)*4)+2)=\"\",\"\",INDIRECT(\"'MRO Certificate Printing'!D\"&((ROW()-2)*4)+2))","v":""},{"$f":"IF(INDIRECT(\"'MRO Certificate Printing'!E\"&((ROW()-2)*4)+2)=\"\",\"\",INDIRECT(\"'MRO Certificate Printing'!E\"&((ROW()-2)*4)+2))","v":""},{"$f":"IF(INDIRECT(\"'MRO Certificate Printing'!F\"&((ROW()-2)*4)+2)=\"\",\"\",INDIRECT(\"'MRO Certificate Printing'!F\"&((ROW()-2)*4)+2))","v":""},{"$f":"IF(INDIRECT(\"'MRO Certificate Printing'!B\"&((ROW()-2)*4)+2)=\"\",\"\",INDIRECT(\"'MRO Certificate Printing'!B\"&((ROW()-2)*4)+2))","v":""},{"$f":"IF(INDIRECT(\"'MRO Certificate Printing'!G\"&((ROW()-2)*4)+2)=\"\",\"\",INDIRECT(\"'MRO Certificate Printing'!G\"&((ROW()-2)*4)+2))","v":""},{"$f":"IF(INDIRECT(\"'MRO Certificate Printing'!J\"&((ROW()-2)*4)+2)=\"\",\"\",INDIRECT(\"'MRO Certificate Printing'!J\"&((ROW()-2)*4)+2))","v":""},{"$f":"IF(INDIRECT(\"'MRO Certificate Printing'!I\"&((ROW()-2)*4)+2)=\"\",\"\",INDIRECT(\"'MRO Certificate Printing'!I\"&((ROW()-2)*4)+2))","v":""},{"$f":"IF(INDIRECT(\"'MRO Certificate Printing'!K\"&((ROW()-2)*4)+2)=\"\",\"\",INDIRECT(\"'MRO Certificate Printing'!K\"&((ROW()-2)*4)+2))","v":""},null,{"$f":"IF(INDIRECT(\"'MRO Certificate Printing'!D\"&((ROW()-2)*4)+3)=\"\",\"\",INDIRECT(\"'MRO Certificate Printing'!D\"&((ROW()-2)*4)+3))","v":""},{"$f":"IF(INDIRECT(\"'MRO Certificate Printing'!E\"&((ROW()-2)*4)+3)=\"\",\"\",INDIRECT(\"'MRO Certificate Printing'!E\"&((ROW()-2)*4)+3))","v":""},{"$f":"IF(INDIRECT(\"'MRO Certificate Printing'!F\"&((ROW()-2)*4)+3)=\"\",\"\",INDIRECT(\"'MRO Certificate Printing'!F\"&((ROW()-2)*4)+3))","v":""},{"$f":"IF(INDIRECT(\"'MRO Certificate Printing'!B\"&((ROW()-2)*4)+3)=\"\",\"\",INDIRECT(\"'MRO Certificate Printing'!B\"&((ROW()-2)*4)+3))","v":""},{"$f":"IF(INDIRECT(\"'MRO Certificate Printing'!G\"&((ROW()-2)*4)+3)=\"\",\"\",INDIRECT(\"'MRO Certificate Printing'!G\"&((ROW()-2)*4)+3))","v":""},{"$f":"IF(INDIRECT(\"'MRO Certificate Printing'!J\"&((ROW()-2)*4)+3)=\"\",\"\",INDIRECT(\"'MRO Certificate Printing'!J\"&((ROW()-2)*4)+3))","v":""},{"$f":"IF(INDIRECT(\"'MRO Certificate Printing'!I\"&((ROW()-2)*4)+3)=\"\",\"\",INDIRECT(\"'MRO Certificate Printing'!I\"&((ROW()-2)*4)+3))","v":""},{"$f":"IF(INDIRECT(\"'MRO Certificate Printing'!K\"&((ROW()-2)*4)+3)=\"\",\"\",INDIRECT(\"'MRO Certificate Printing'!K\"&((ROW()-2)*4)+3))","v":""},null,{"$f":"IF(INDIRECT(\"'MRO Certificate Printing'!D\"&((ROW()-2)*4)+4)=\"\",\"\",INDIRECT(\"'MRO Certificate Printing'!D\"&((ROW()-2)*4)+4))","v":""},{"$f":"IF(INDIRECT(\"'MRO Certificate Printing'!E\"&((ROW()-2)*4)+4)=\"\",\"\",INDIRECT(\"'MRO Certificate Printing'!E\"&((ROW()-2)*4)+4))","v":""},{"$f":"IF(INDIRECT(\"'MRO Certificate Printing'!F\"&((ROW()-2)*4)+4)=\"\",\"\",INDIRECT(\"'MRO Certificate Printing'!F\"&((ROW()-2)*4)+4))","v":""},{"$f":"IF(INDIRECT(\"'MRO Certificate Printing'!B\"&((ROW()-2)*4)+4)=\"\",\"\",INDIRECT(\"'MRO Certificate Printing'!B\"&((ROW()-2)*4)+4))","v":""},{"$f":"IF(INDIRECT(\"'MRO Certificate Printing'!G\"&((ROW()-2)*4)+4)=\"\",\"\",INDIRECT(\"'MRO Certificate Printing'!G\"&((ROW()-2)*4)+4))","v":""},{"$f":"IF(INDIRECT(\"'MRO Certificate Printing'!J\"&((ROW()-2)*4)+4)=\"\",\"\",INDIRECT(\"'MRO Certificate Printing'!J\"&((ROW()-2)*4)+4))","v":""},{"$f":"IF(INDIRECT(\"'MRO Certificate Printing'!I\"&((ROW()-2)*4)+4)=\"\",\"\",INDIRECT(\"'MRO Certificate Printing'!I\"&((ROW()-2)*4)+4))","v":""},{"$f":"IF(INDIRECT(\"'MRO Certificate Printing'!K\"&((ROW()-2)*4)+4)=\"\",\"\",INDIRECT(\"'MRO Certificate Printing'!K\"&((ROW()-2)*4)+4))","v":""},null,{"$f":"IF(INDIRECT(\"'MRO Certificate Printing'!D\"&((ROW()-2)*4)+5)=\"\",\"\",INDIRECT(\"'MRO Certificate Printing'!D\"&((ROW()-2)*4)+5))","v":""},{"$f":"IF(INDIRECT(\"'MRO Certificate Printing'!E\"&((ROW()-2)*4)+5)=\"\",\"\",INDIRECT(\"'MRO Certificate Printing'!E\"&((ROW()-2)*4)+5))","v":""},{"$f":"IF(INDIRECT(\"'MRO Certificate Printing'!F\"&((ROW()-2)*4)+5)=\"\",\"\",INDIRECT(\"'MRO Certificate Printing'!F\"&((ROW()-2)*4)+5))","v":""},{"$f":"IF(INDIRECT(\"'MRO Certificate Printing'!B\"&((ROW()-2)*4)+5)=\"\",\"\",INDIRECT(\"'MRO Certificate Printing'!B\"&((ROW()-2)*4)+5))","v":""},{"$f":"IF(INDIRECT(\"'MRO Certificate Printing'!G\"&((ROW()-2)*4)+5)=\"\",\"\",INDIRECT(\"'MRO Certificate Printing'!G\"&((ROW()-2)*4)+5))","v":""},{"$f":"IF(INDIRECT(\"'MRO Certificate Printing'!J\"&((ROW()-2)*4)+5)=\"\",\"\",INDIRECT(\"'MRO Certificate Printing'!J\"&((ROW()-2)*4)+5))","v":""},{"$f":"IF(INDIRECT(\"'MRO Certificate Printing'!I\"&((ROW()-2)*4)+5)=\"\",\"\",INDIRECT(\"'MRO Certificate Printing'!I\"&((ROW()-2)*4)+5))","v":""},{"$f":"IF(INDIRECT(\"'MRO Certificate Printing'!K\"&((ROW()-2)*4)+5)=\"\",\"\",INDIRECT(\"'MRO Certificate Printing'!K\"&((ROW()-2)*4)+5))","v":""}]
["",{"$f":"IF(INDIRECT(\"'MRO Certificate Printing'!D\"&((ROW()-2)*4)+2)=\"\",\"\",INDIRECT(\"'MRO Certificate Printing'!D\"&((ROW()-2)*4)+2))","v":""},{"$f":"IF(INDIRECT(\"'MRO Certificate Printing'!E\"&((ROW()-2)*4)+2)=\"\",\"\",INDIRECT(\"'MRO Certificate Printing'!E\"&((ROW()-2)*4)+2))","v":""},{"$f":"IF(INDIRECT(\"'MRO Certificate Printing'!F\"&((ROW()-2)*4)+2)=\"\",\"\",INDIRECT(\"'MRO Certificate Printing'!F\"&((ROW()-2)*4)+2))","v":""},{"$f":"IF(INDIRECT(\"'MRO Certificate Printing'!B\"&((ROW()-2)*4)+2)=\"\",\"\",INDIRECT(\"'MRO Certificate Printing'!B\"&((ROW()-2)*4)+2))","v":""},{"$f":"IF(INDIRECT(\"'MRO Certificate Printing'!G\"&((ROW()-2)*4)+2)=\"\",\"\",INDIRECT(\"'MRO Certificate Printing'!G\"&((ROW()-2)*4)+2))","v":""},{"$f":"IF(INDIRECT(\"'MRO Certificate Printing'!J\"&((ROW()-2)*4)+2)=\"\",\"\",INDIRECT(\"'MRO Certificate Printing'!J\"&((ROW()-2)*4)+2))","v":""},{"$f":"IF(INDIRECT(\"'MRO Certificate Printing'!I\"&((ROW()-2)*4)+2)=\"\",\"\",INDIRECT(\"'MRO Certificate Printing'!I\"&((ROW()-2)*4)+2))","v":""},{"$f":"IF(INDIRECT(\"'MRO Certificate Printing'!K\"&((ROW()-2)*4)+2)=\"\",\"\",INDIRECT(\"'MRO Certificate Printing'!K\"&((ROW()-2)*4)+2))","v":""},null,{"$f":"IF(INDIRECT(\"'MRO Certificate Printing'!D\"&((ROW()-2)*4)+3)=\"\",\"\",INDIRECT(\"'MRO Certificate Printing'!D\"&((ROW()-2)*4)+3))","v":""},{"$f":"IF(INDIRECT(\"'MRO Certificate Printing'!E\"&((ROW()-2)*4)+3)=\"\",\"\",INDIRECT(\"'MRO Certificate Printing'!E\"&((ROW()-2)*4)+3))","v":""},{"$f":"IF(INDIRECT(\"'MRO Certificate Printing'!F\"&((ROW()-2)*4)+3)=\"\",\"\",INDIRECT(\"'MRO Certificate Printing'!F\"&((ROW()-2)*4)+3))","v":""},{"$f":"IF(INDIRECT(\"'MRO Certificate Printing'!B\"&((ROW()-2)*4)+3)=\"\",\"\",INDIRECT(\"'MRO Certificate Printing'!B\"&((ROW()-2)*4)+3))","v":""},{"$f":"IF(INDIRECT(\"'MRO Certificate Printing'!G\"&((ROW()-2)*4)+3)=\"\",\"\",INDIRECT(\"'MRO Certificate Printing'!G\"&((ROW()-2)*4)+3))","v":""},{"$f":"IF(INDIRECT(\"'MRO Certificate Printing'!J\"&((ROW()-2)*4)+3)=\"\",\"\",INDIRECT(\"'MRO Certificate Printing'!J\"&((ROW()-2)*4)+3))","v":""},{"$f":"IF(INDIRECT(\"'MRO Certificate Printing'!I\"&((ROW()-2)*4)+3)=\"\",\"\",INDIRECT(\"'MRO Certificate Printing'!I\"&((ROW()-2)*4)+3))","v":""},{"$f":"IF(INDIRECT(\"'MRO Certificate Printing'!K\"&((ROW()-2)*4)+3)=\"\",\"\",INDIRECT(\"'MRO Certificate Printing'!K\"&((ROW()-2)*4)+3))","v":""},null,{"$f":"IF(INDIRECT(\"'MRO Certificate Printing'!D\"&((ROW()-2)*4)+4)=\"\",\"\",INDIRECT(\"'MRO Certificate Printing'!D\"&((ROW()-2)*4)+4))","v":""},{"$f":"IF(INDIRECT(\"'MRO Certificate Printing'!E\"&((ROW()-2)*4)+4)=\"\",\"\",INDIRECT(\"'MRO Certificate Printing'!E\"&((ROW()-2)*4)+4))","v":""},{"$f":"IF(INDIRECT(\"'MRO Certificate Printing'!F\"&((ROW()-2)*4)+4)=\"\",\"\",INDIRECT(\"'MRO Certificate Printing'!F\"&((ROW()-2)*4)+4))","v":""},{"$f":"IF(INDIRECT(\"'MRO Certificate Printing'!B\"&((ROW()-2)*4)+4)=\"\",\"\",INDIRECT(\"'MRO Certificate Printing'!B\"&((ROW()-2)*4)+4))","v":""},{"$f":"IF(INDIRECT(\"'MRO Certificate Printing'!G\"&((ROW()-2)*4)+4)=\"\",\"\",INDIRECT(\"'MRO Certificate Printing'!G\"&((ROW()-2)*4)+4))","v":""},{"$f":"IF(INDIRECT(\"'MRO Certificate Printing'!J\"&((ROW()-2)*4)+4)=\"\",\"\",INDIRECT(\"'MRO Certificate Printing'!J\"&((ROW()-2)*4)+4))","v":""},{"$f":"IF(INDIRECT(\"'MRO Certificate Printing'!I\"&((ROW()-2)*4)+4)=\"\",\"\",INDIRECT(\"'MRO Certificate Printing'!I\"&((ROW()-2)*4)+4))","v":""},{"$f":"IF(INDIRECT(\"'MRO Certificate Printing'!K\"&((ROW()-2)*4)+4)=\"\",\"\",INDIRECT(\"'MRO Certificate Printing'!K\"&((ROW()-2)*4)+4))","v":""},null,{"$f":"IF(INDIRECT(\"'MRO Certificate Printing'!D\"&((ROW()-2)*4)+5)=\"\",\"\",INDIRECT(\"'MRO Certificate Printing'!D\"&((ROW()-2)*4)+5))","v":""},{"$f":"IF(INDIRECT(\"'MRO Certificate Printing'!E\"&((ROW()-2)*4)+5)=\"\",\"\",INDIRECT(\"'MRO Certificate Printing'!E\"&((ROW()-2)*4)+5))","v":""},{"$f":"IF(INDIRECT(\"'MRO Certificate Printing'!F\"&((ROW()-2)*4)+5)=\"\",\"\",INDIRECT(\"'MRO Certificate Printing'!F\"&((ROW()-2)*4)+5))","v":""},{"$f":"IF(INDIRECT(\"'MRO Certificate Printing'!B\"&((ROW()-2)*4)+5)=\"\",\"\",INDIRECT(\"'MRO Certificate Printing'!B\"&((ROW()-2)*4)+5))","v":""},{"$f":"IF(INDIRECT(\"'MRO Certificate Printing'!G\"&((ROW()-2)*4)+5)=\"\",\"\",INDIRECT(\"'MRO Certificate Printing'!G\"&((ROW()-2)*4)+5))","v":""},{"$f":"IF(INDIRECT(\"'MRO Certificate Printing'!J\"&((ROW()-2)*4)+5)=\"\",\"\",INDIRECT(\"'MRO Certificate Printing'!J\"&((ROW()-2)*4)+5))","v":""},{"$f":"IF(INDIRECT(\"'MRO Certificate Printing'!I\"&((ROW()-2)*4)+5)=\"\",\"\",INDIRECT(\"'MRO Certificate Printing'!I\"&((ROW()-2)*4)+5))","v":""},{"$f":"IF(INDIRECT(\"'MRO Certificate Printing'!K\"&((ROW()-2)*4)+5)=\"\",\"\",INDIRECT(\"'MRO Certificate Printing'!K\"&((ROW()-2)*4)+5))","v":""}]
["",{"$f":"IF(INDIRECT(\"'MRO Certificate Printing'!D\"&((ROW()-2)*4)+2)=\"\",\"\",INDIRECT(\"'MRO Certificate Printing'!D\"&((ROW()-2)*4)+2))","v":""},{"$f":"IF(INDIRECT(\"'MRO Certificate Printing'!E\"&((ROW()-2)*4)+2)=\"\",\"\",INDIRECT(\"'MRO Certificate Printing'!E\"&((ROW()-2)*4)+2))","v":""},{"$f":"IF(INDIRECT(\"'MRO Certificate Printing'!F\"&((ROW()-2)*4)+2)=\"\",\"\",INDIRECT(\"'MRO Certificate Printing'!F\"&((ROW()-2)*4)+2))","v":""},{"$f":"IF(INDIRECT(\"'MRO Certificate Printing'!B\"&((ROW()-2)*4)+2)=\"\",\"\",INDIRECT(\"'MRO Certificate Printing'!B\"&((ROW()-2)*4)+2))","v":""},{"$f":"IF(INDIRECT(\"'MRO Certificate Printing'!G\"&((ROW()-2)*4)+2)=\"\",\"\",INDIRECT(\"'MRO Certificate Printing'!G\"&((ROW()-2)*4)+2))","v":""},{"$f":"IF(INDIRECT(\"'MRO Certificate Printing'!J\"&((ROW()-2)*4)+2)=\"\",\"\",INDIRECT(\"'MRO Certificate Printing'!J\"&((ROW()-2)*4)+2))","v":""},{"$f":"IF(INDIRECT(\"'MRO Certificate Printing'!I\"&((ROW()-2)*4)+2)=\"\",\"\",INDIRECT(\"'MRO Certificate Printing'!I\"&((ROW()-2)*4)+2))","v":""},{"$f":"IF(INDIRECT(\"'MRO Certificate Printing'!K\"&((ROW()-2)*4)+2)=\"\",\"\",INDIRECT(\"'MRO Certificate Printing'!K\"&((ROW()-2)*4)+2))","v":""},null,{"$f":"IF(INDIRECT(\"'MRO Certificate Printing'!D\"&((ROW()-2)*4)+3)=\"\",\"\",INDIRECT(\"'MRO Certificate Printing'!D\"&((ROW()-2)*4)+3))","v":""},{"$f":"IF(INDIRECT(\"'MRO Certificate Printing'!E\"&((ROW()-2)*4)+3)=\"\",\"\",INDIRECT(\"'MRO Certificate Printing'!E\"&((ROW()-2)*4)+3))","v":""},{"$f":"IF(INDIRECT(\"'MRO Certificate Printing'!F\"&((ROW()-2)*4)+3)=\"\",\"\",INDIRECT(\"'MRO Certificate Printing'!F\"&((ROW()-2)*4)+3))","v":""},{"$f":"IF(INDIRECT(\"'MRO Certificate Printing'!B\"&((ROW()-2)*4)+3)=\"\",\"\",INDIRECT(\"'MRO Certificate Printing'!B\"&((ROW()-2)*4)+3))","v":""},{"$f":"IF(INDIRECT(\"'MRO Certificate Printing'!G\"&((ROW()-2)*4)+3)=\"\",\"\",INDIRECT(\"'MRO Certificate Printing'!G\"&((ROW()-2)*4)+3))","v":""},{"$f":"IF(INDIRECT(\"'MRO Certificate Printing'!J\"&((ROW()-2)*4)+3)=\"\",\"\",INDIRECT(\"'MRO Certificate Printing'!J\"&((ROW()-2)*4)+3))","v":""},{"$f":"IF(INDIRECT(\"'MRO Certificate Printing'!I\"&((ROW()-2)*4)+3)=\"\",\"\",INDIRECT(\"'MRO Certificate Printing'!I\"&((ROW()-2)*4)+3))","v":""},{"$f":"IF(INDIRECT(\"'MRO Certificate Printing'!K\"&((ROW()-2)*4)+3)=\"\",\"\",INDIRECT(\"'MRO Certificate Printing'!K\"&((ROW()-2)*4)+3))","v":""},null,{"$f":"IF(INDIRECT(\"'MRO Certificate Printing'!D\"&((ROW()-2)*4)+4)=\"\",\"\",INDIRECT(\"'MRO Certificate Printing'!D\"&((ROW()-2)*4)+4))","v":""},{"$f":"IF(INDIRECT(\"'MRO Certificate Printing'!E\"&((ROW()-2)*4)+4)=\"\",\"\",INDIRECT(\"'MRO Certificate Printing'!E\"&((ROW()-2)*4)+4))","v":""},{"$f":"IF(INDIRECT(\"'MRO Certificate Printing'!F\"&((ROW()-2)*4)+4)=\"\",\"\",INDIRECT(\"'MRO Certificate Printing'!F\"&((ROW()-2)*4)+4))","v":""},{"$f":"IF(INDIRECT(\"'MRO Certificate Printing'!B\"&((ROW()-2)*4)+4)=\"\",\"\",INDIRECT(\"'MRO Certificate Printing'!B\"&((ROW()-2)*4)+4))","v":""},{"$f":"IF(INDIRECT(\"'MRO Certificate Printing'!G\"&((ROW()-2)*4)+4)=\"\",\"\",INDIRECT(\"'MRO Certificate Printing'!G\"&((ROW()-2)*4)+4))","v":""},{"$f":"IF(INDIRECT(\"'MRO Certificate Printing'!J\"&((ROW()-2)*4)+4)=\"\",\"\",INDIRECT(\"'MRO Certificate Printing'!J\"&((ROW()-2)*4)+4))","v":""},{"$f":"IF(INDIRECT(\"'MRO Certificate Printing'!I\"&((ROW()-2)*4)+4)=\"\",\"\",INDIRECT(\"'MRO Certificate Printing'!I\"&((ROW()-2)*4)+4))","v":""},{"$f":"IF(INDIRECT(\"'MRO Certificate Printing'!K\"&((ROW()-2)*4)+4)=\"\",\"\",INDIRECT(\"'MRO Certificate Printing'!K\"&((ROW()-2)*4)+4))","v":""},null,{"$f":"IF(INDIRECT(\"'MRO Certificate Printing'!D\"&((ROW()-2)*4)+5)=\"\",\"\",INDIRECT(\"'MRO Certificate Printing'!D\"&((ROW()-2)*4)+5))","v":""},{"$f":"IF(INDIRECT(\"'MRO Certificate Printing'!E\"&((ROW()-2)*4)+5)=\"\",\"\",INDIRECT(\"'MRO Certificate Printing'!E\"&((ROW()-2)*4)+5))","v":""},{"$f":"IF(INDIRECT(\"'MRO Certificate Printing'!F\"&((ROW()-2)*4)+5)=\"\",\"\",INDIRECT(\"'MRO Certificate Printing'!F\"&((ROW()-2)*4)+5))","v":""},{"$f":"IF(INDIRECT(\"'MRO Certificate Printing'!B\"&((ROW()-2)*4)+5)=\"\",\"\",INDIRECT(\"'MRO Certificate Printing'!B\"&((ROW()-2)*4)+5))","v":""},{"$f":"IF(INDIRECT(\"'MRO Certificate Printing'!G\"&((ROW()-2)*4)+5)=\"\",\"\",INDIRECT(\"'MRO Certificate Printing'!G\"&((ROW()-2)*4)+5))","v":""},{"$f":"IF(INDIRECT(\"'MRO Certificate Printing'!J\"&((ROW()-2)*4)+5)=\"\",\"\",INDIRECT(\"'MRO Certificate Printing'!J\"&((ROW()-2)*4)+5))","v":""},{"$f":"IF(INDIRECT(\"'MRO Certificate Printing'!I\"&((ROW()-2)*4)+5)=\"\",\"\",INDIRECT(\"'MRO Certificate Printing'!I\"&((ROW()-2)*4)+5))","v":""},{"$f":"IF(INDIRECT(\"'MRO Certificate Printing'!K\"&((ROW()-2)*4)+5)=\"\",\"\",INDIRECT(\"'MRO Certificate Printing'!K\"&((ROW()-2)*4)+5))","v":""}]
["",{"$f":"IF(INDIRECT(\"'MRO Certificate Printing'!D\"&((ROW()-2)*4)+2)=\"\",\"\",INDIRECT(\"'MRO Certificate Printing'!D\"&((ROW()-2)*4)+2))","v":""},{"$f":"IF(INDIRECT(\"'MRO Certificate Printing'!E\"&((ROW()-2)*4)+2)=\"\",\"\",INDIRECT(\"'MRO Certificate Printing'!E\"&((ROW()-2)*4)+2))","v":""},{"$f":"IF(INDIRECT(\"'MRO Certificate Printing'!F\"&((ROW()-2)*4)+2)=\"\",\"\",INDIRECT(\"'MRO Certificate Printing'!F\"&((ROW()-2)*4)+2))","v":""},{"$f":"IF(INDIRECT(\"'MRO Certificate Printing'!B\"&((ROW()-2)*4)+2)=\"\",\"\",INDIRECT(\"'MRO Certificate Printing'!B\"&((ROW()-2)*4)+2))","v":""},{"$f":"IF(INDIRECT(\"'MRO Certificate Printing'!G\"&((ROW()-2)*4)+2)=\"\",\"\",INDIRECT(\"'MRO Certificate Printing'!G\"&((ROW()-2)*4)+2))","v":""},{"$f":"IF(INDIRECT(\"'MRO Certificate Printing'!J\"&((ROW()-2)*4)+2)=\"\",\"\",INDIRECT(\"'MRO Certificate Printing'!J\"&((ROW()-2)*4)+2))","v":""},{"$f":"IF(INDIRECT(\"'MRO Certificate Printing'!I\"&((ROW()-2)*4)+2)=\"\",\"\",INDIRECT(\"'MRO Certificate Printing'!I\"&((ROW()-2)*4)+2))","v":""},{"$f":"IF(INDIRECT(\"'MRO Certificate Printing'!K\"&((ROW()-2)*4)+2)=\"\",\"\",INDIRECT(\"'MRO Certificate Printing'!K\"&((ROW()-2)*4)+2))","v":""},null,{"$f":"IF(INDIRECT(\"'MRO Certificate Printing'!D\"&((ROW()-2)*4)+3)=\"\",\"\",INDIRECT(\"'MRO Certificate Printing'!D\"&((ROW()-2)*4)+3))","v":""},{"$f":"IF(INDIRECT(\"'MRO Certificate Printing'!E\"&((ROW()-2)*4)+3)=\"\",\"\",INDIRECT(\"'MRO Certificate Printing'!E\"&((ROW()-2)*4)+3))","v":""},{"$f":"IF(INDIRECT(\"'MRO Certificate Printing'!F\"&((ROW()-2)*4)+3)=\"\",\"\",INDIRECT(\"'MRO Certificate Printing'!F\"&((ROW()-2)*4)+3))","v":""},{"$f":"IF(INDIRECT(\"'MRO Certificate Printing'!B\"&((ROW()-2)*4)+3)=\"\",\"\",INDIRECT(\"'MRO Certificate Printing'!B\"&((ROW()-2)*4)+3))","v":""},{"$f":"IF(INDIRECT(\"'MRO Certificate Printing'!G\"&((ROW()-2)*4)+3)=\"\",\"\",INDIRECT(\"'MRO Certificate Printing'!G\"&((ROW()-2)*4)+3))","v":""},{"$f":"IF(INDIRECT(\"'MRO Certificate Printing'!J\"&((ROW()-2)*4)+3)=\"\",\"\",INDIRECT(\"'MRO Certificate Printing'!J\"&((ROW()-2)*4)+3))","v":""},{"$f":"IF(INDIRECT(\"'MRO Certificate Printing'!I\"&((ROW()-2)*4)+3)=\"\",\"\",INDIRECT(\"'MRO Certificate Printing'!I\"&((ROW()-2)*4)+3))","v":""},{"$f":"IF(INDIRECT(\"'MRO Certificate Printing'!K\"&((ROW()-2)*4)+3)=\"\",\"\",INDIRECT(\"'MRO Certificate Printing'!K\"&((ROW()-2)*4)+3))","v":""},null,{"$f":"IF(INDIRECT(\"'MRO Certificate Printing'!D\"&((ROW()-2)*4)+4)=\"\",\"\",INDIRECT(\"'MRO Certificate Printing'!D\"&((ROW()-2)*4)+4))","v":""},{"$f":"IF(INDIRECT(\"'MRO Certificate Printing'!E\"&((ROW()-2)*4)+4)=\"\",\"\",INDIRECT(\"'MRO Certificate Printing'!E\"&((ROW()-2)*4)+4))","v":""},{"$f":"IF(INDIRECT(\"'MRO Certificate Printing'!F\"&((ROW()-2)*4)+4)=\"\",\"\",INDIRECT(\"'MRO Certificate Printing'!F\"&((ROW()-2)*4)+4))","v":""},{"$f":"IF(INDIRECT(\"'MRO Certificate Printing'!B\"&((ROW()-2)*4)+4)=\"\",\"\",INDIRECT(\"'MRO Certificate Printing'!B\"&((ROW()-2)*4)+4))","v":""},{"$f":"IF(INDIRECT(\"'MRO Certificate Printing'!G\"&((ROW()-2)*4)+4)=\"\",\"\",INDIRECT(\"'MRO Certificate Printing'!G\"&((ROW()-2)*4)+4))","v":""},{"$f":"IF(INDIRECT(\"'MRO Certificate Printing'!J\"&((ROW()-2)*4)+4)=\"\",\"\",INDIRECT(\"'MRO Certificate Printing'!J\"&((ROW()-2)*4)+4))","v":""},{"$f":"IF(INDIRECT(\"'MRO Certificate Printing'!I\"&((ROW()-2)*4)+4)=\"\",\"\",INDIRECT(\"'MRO Certificate Printing'!I\"&((ROW()-2)*4)+4))","v":""},{"$f":"IF(INDIRECT(\"'MRO Certificate Printing'!K\"&((ROW()-2)*4)+4)=\"\",\"\",INDIRECT(\"'MRO Certificate Printing'!K\"&((ROW()-2)*4)+4))","v":""},null,{"$f":"IF(INDIRECT(\"'MRO Certificate Printing'!D\"&((ROW()-2)*4)+5)=\"\",\"\",INDIRECT(\"'MRO Certificate Printing'!D\"&((ROW()-2)*4)+5))","v":""},{"$f":"IF(INDIRECT(\"'MRO Certificate Printing'!E\"&((ROW()-2)*4)+5)=\"\",\"\",INDIRECT(\"'MRO Certificate Printing'!E\"&((ROW()-2)*4)+5))","v":""},{"$f":"IF(INDIRECT(\"'MRO Certificate Printing'!F\"&((ROW()-2)*4)+5)=\"\",\"\",INDIRECT(\"'MRO Certificate Printing'!F\"&((ROW()-2)*4)+5))","v":""},{"$f":"IF(INDIRECT(\"'MRO Certificate Printing'!B\"&((ROW()-2)*4)+5)=\"\",\"\",INDIRECT(\"'MRO Certificate Printing'!B\"&((ROW()-2)*4)+5))","v":""},{"$f":"IF(INDIRECT(\"'MRO Certificate Printing'!G\"&((ROW()-2)*4)+5)=\"\",\"\",INDIRECT(\"'MRO Certificate Printing'!G\"&((ROW()-2)*4)+5))","v":""},{"$f":"IF(INDIRECT(\"'MRO Certificate Printing'!J\"&((ROW()-2)*4)+5)=\"\",\"\",INDIRECT(\"'MRO Certificate Printing'!J\"&((ROW()-2)*4)+5))","v":""},{"$f":"IF(INDIRECT(\"'MRO Certificate Printing'!I\"&((ROW()-2)*4)+5)=\"\",\"\",INDIRECT(\"'MRO Certificate Printing'!I\"&((ROW()-2)*4)+5))","v":""},{"$f":"IF(INDIRECT(\"'MRO Certificate Printing'!K\"&((ROW()-2)*4)+5)=\"\",\"\",INDIRECT(\"'MRO Certificate Printing'!K\"&((ROW()-2)*4)+5))","v":""}]
["",{"$f":"IF(INDIRECT(\"'MRO Certificate Printing'!D\"&((ROW()-2)*4)+2)=\"\",\"\",INDIRECT(\"'MRO Certificate Printing'!D\"&((ROW()-2)*4)+2))","v":""},{"$f":"IF(INDIRECT(\"'MRO Certificate Printing'!E\"&((ROW()-2)*4)+2)=\"\",\"\",INDIRECT(\"'MRO Certificate Printing'!E\"&((ROW()-2)*4)+2))","v":""},{"$f":"IF(INDIRECT(\"'MRO Certificate Printing'!F\"&((ROW()-2)*4)+2)=\"\",\"\",INDIRECT(\"'MRO Certificate Printing'!F\"&((ROW()-2)*4)+2))","v":""},{"$f":"IF(INDIRECT(\"'MRO Certificate Printing'!B\"&((ROW()-2)*4)+2)=\"\",\"\",INDIRECT(\"'MRO Certificate Printing'!B\"&((ROW()-2)*4)+2))","v":""},{"$f":"IF(INDIRECT(\"'MRO Certificate Printing'!G\"&((ROW()-2)*4)+2)=\"\",\"\",INDIRECT(\"'MRO Certificate Printing'!G\"&((ROW()-2)*4)+2))","v":""},{"$f":"IF(INDIRECT(\"'MRO Certificate Printing'!J\"&((ROW()-2)*4)+2)=\"\",\"\",INDIRECT(\"'MRO Certificate Printing'!J\"&((ROW()-2)*4)+2))","v":""},{"$f":"IF(INDIRECT(\"'MRO Certificate Printing'!I\"&((ROW()-2)*4)+2)=\"\",\"\",INDIRECT(\"'MRO Certificate Printing'!I\"&((ROW()-2)*4)+2))","v":""},{"$f":"IF(INDIRECT(\"'MRO Certificate Printing'!K\"&((ROW()-2)*4)+2)=\"\",\"\",INDIRECT(\"'MRO Certificate Printing'!K\"&((ROW()-2)*4)+2))","v":""},null,{"$f":"IF(INDIRECT(\"'MRO Certificate Printing'!D\"&((ROW()-2)*4)+3)=\"\",\"\",INDIRECT(\"'MRO Certificate Printing'!D\"&((ROW()-2)*4)+3))","v":""},{"$f":"IF(INDIRECT(\"'MRO Certificate Printing'!E\"&((ROW()-2)*4)+3)=\"\",\"\",INDIRECT(\"'MRO Certificate Printing'!E\"&((ROW()-2)*4)+3))","v":""},{"$f":"IF(INDIRECT(\"'MRO Certificate Printing'!F\"&((ROW()-2)*4)+3)=\"\",\"\",INDIRECT(\"'MRO Certificate Printing'!F\"&((ROW()-2)*4)+3))","v":""},{"$f":"IF(INDIRECT(\"'MRO Certificate Printing'!B\"&((ROW()-2)*4)+3)=\"\",\"\",INDIRECT(\"'MRO Certificate Printing'!B\"&((ROW()-2)*4)+3))","v":""},{"$f":"IF(INDIRECT(\"'MRO Certificate Printing'!G\"&((ROW()-2)*4)+3)=\"\",\"\",INDIRECT(\"'MRO Certificate Printing'!G\"&((ROW()-2)*4)+3))","v":""},{"$f":"IF(INDIRECT(\"'MRO Certificate Printing'!J\"&((ROW()-2)*4)+3)=\"\",\"\",INDIRECT(\"'MRO Certificate Printing'!J\"&((ROW()-2)*4)+3))","v":""},{"$f":"IF(INDIRECT(\"'MRO Certificate Printing'!I\"&((ROW()-2)*4)+3)=\"\",\"\",INDIRECT(\"'MRO Certificate Printing'!I\"&((ROW()-2)*4)+3))","v":""},{"$f":"IF(INDIRECT(\"'MRO Certificate Printing'!K\"&((ROW()-2)*4)+3)=\"\",\"\",INDIRECT(\"'MRO Certificate Printing'!K\"&((ROW()-2)*4)+3))","v":""},null,{"$f":"IF(INDIRECT(\"'MRO Certificate Printing'!D\"&((ROW()-2)*4)+4)=\"\",\"\",INDIRECT(\"'MRO Certificate Printing'!D\"&((ROW()-2)*4)+4))","v":""},{"$f":"IF(INDIRECT(\"'MRO Certificate Printing'!E\"&((ROW()-2)*4)+4)=\"\",\"\",INDIRECT(\"'MRO Certificate Printing'!E\"&((ROW()-2)*4)+4))","v":""},{"$f":"IF(INDIRECT(\"'MRO Certificate Printing'!F\"&((ROW()-2)*4)+4)=\"\",\"\",INDIRECT(\"'MRO Certificate Printing'!F\"&((ROW()-2)*4)+4))","v":""},{"$f":"IF(INDIRECT(\"'MRO Certificate Printing'!B\"&((ROW()-2)*4)+4)=\"\",\"\",INDIRECT(\"'MRO Certificate Printing'!B\"&((ROW()-2)*4)+4))","v":""},{"$f":"IF(INDIRECT(\"'MRO Certificate Printing'!G\"&((ROW()-2)*4)+4)=\"\",\"\",INDIRECT(\"'MRO Certificate Printing'!G\"&((ROW()-2)*4)+4))","v":""},{"$f":"IF(INDIRECT(\"'MRO Certificate Printing'!J\"&((ROW()-2)*4)+4)=\"\",\"\",INDIRECT(\"'MRO Certificate Printing'!J\"&((ROW()-2)*4)+4))","v":""},{"$f":"IF(INDIRECT(\"'MRO Certificate Printing'!I\"&((ROW()-2)*4)+4)=\"\",\"\",INDIRECT(\"'MRO Certificate Printing'!I\"&((ROW()-2)*4)+4))","v":""},{"$f":"IF(INDIRECT(\"'MRO Certificate Printing'!K\"&((ROW()-2)*4)+4)=\"\",\"\",INDIRECT(\"'MRO Certificate Printing'!K\"&((ROW()-2)*4)+4))","v":""},null,{"$f":"IF(INDIRECT(\"'MRO Certificate Printing'!D\"&((ROW()-2)*4)+5)=\"\",\"\",INDIRECT(\"'MRO Certificate Printing'!D\"&((ROW()-2)*4)+5))","v":""},{"$f":"IF(INDIRECT(\"'MRO Certificate Printing'!E\"&((ROW()-2)*4)+5)=\"\",\"\",INDIRECT(\"'MRO Certificate Printing'!E\"&((ROW()-2)*4)+5))","v":""},{"$f":"IF(INDIRECT(\"'MRO Certificate Printing'!F\"&((ROW()-2)*4)+5)=\"\",\"\",INDIRECT(\"'MRO Certificate Printing'!F\"&((ROW()-2)*4)+5))","v":""},{"$f":"IF(INDIRECT(\"'MRO Certificate Printing'!B\"&((ROW()-2)*4)+5)=\"\",\"\",INDIRECT(\"'MRO Certificate Printing'!B\"&((ROW()-2)*4)+5))","v":""},{"$f":"IF(INDIRECT(\"'MRO Certificate Printing'!G\"&((ROW()-2)*4)+5)=\"\",\"\",INDIRECT(\"'MRO Certificate Printing'!G\"&((ROW()-2)*4)+5))","v":""},{"$f":"IF(INDIRECT(\"'MRO Certificate Printing'!J\"&((ROW()-2)*4)+5)=\"\",\"\",INDIRECT(\"'MRO Certificate Printing'!J\"&((ROW()-2)*4)+5))","v":""},{"$f":"IF(INDIRECT(\"'MRO Certificate Printing'!I\"&((ROW()-2)*4)+5)=\"\",\"\",INDIRECT(\"'MRO Certificate Printing'!I\"&((ROW()-2)*4)+5))","v":""},{"$f":"IF(INDIRECT(\"'MRO Certificate Printing'!K\"&((ROW()-2)*4)+5)=\"\",\"\",INDIRECT(\"'MRO Certificate Printing'!K\"&((ROW()-2)*4)+5))","v":""}]
["",{"$f":"IF(INDIRECT(\"'MRO Certificate Printing'!D\"&((ROW()-2)*4)+2)=\"\",\"\",INDIRECT(\"'MRO Certificate Printing'!D\"&((ROW()-2)*4)+2))","v":""},{"$f":"IF(INDIRECT(\"'MRO Certificate Printing'!E\"&((ROW()-2)*4)+2)=\"\",\"\",INDIRECT(\"'MRO Certificate Printing'!E\"&((ROW()-2)*4)+2))","v":""},{"$f":"IF(INDIRECT(\"'MRO Certificate Printing'!F\"&((ROW()-2)*4)+2)=\"\",\"\",INDIRECT(\"'MRO Certificate Printing'!F\"&((ROW()-2)*4)+2))","v":""},{"$f":"IF(INDIRECT(\"'MRO Certificate Printing'!B\"&((ROW()-2)*4)+2)=\"\",\"\",INDIRECT(\"'MRO Certificate Printing'!B\"&((ROW()-2)*4)+2))","v":""},{"$f":"IF(INDIRECT(\"'MRO Certificate Printing'!G\"&((ROW()-2)*4)+2)=\"\",\"\",INDIRECT(\"'MRO Certificate Printing'!G\"&((ROW()-2)*4)+2))","v":""},{"$f":"IF(INDIRECT(\"'MRO Certificate Printing'!J\"&((ROW()-2)*4)+2)=\"\",\"\",INDIRECT(\"'MRO Certificate Printing'!J\"&((ROW()-2)*4)+2))","v":""},{"$f":"IF(INDIRECT(\"'MRO Certificate Printing'!I\"&((ROW()-2)*4)+2)=\"\",\"\",INDIRECT(\"'MRO Certificate Printing'!I\"&((ROW()-2)*4)+2))","v":""},{"$f":"IF(INDIRECT(\"'MRO Certificate Printing'!K\"&((ROW()-2)*4)+2)=\"\",\"\",INDIRECT(\"'MRO Certificate Printing'!K\"&((ROW()-2)*4)+2))","v":""},null,{"$f":"IF(INDIRECT(\"'MRO Certificate Printing'!D\"&((ROW()-2)*4)+3)=\"\",\"\",INDIRECT(\"'MRO Certificate Printing'!D\"&((ROW()-2)*4)+3))","v":""},{"$f":"IF(INDIRECT(\"'MRO Certificate Printing'!E\"&((ROW()-2)*4)+3)=\"\",\"\",INDIRECT(\"'MRO Certificate Printing'!E\"&((ROW()-2)*4)+3))","v":""},{"$f":"IF(INDIRECT(\"'MRO Certificate Printing'!F\"&((ROW()-2)*4)+3)=\"\",\"\",INDIRECT(\"'MRO Certificate Printing'!F\"&((ROW()-2)*4)+3))","v":""},{"$f":"IF(INDIRECT(\"'MRO Certificate Printing'!B\"&((ROW()-2)*4)+3)=\"\",\"\",INDIRECT(\"'MRO Certificate Printing'!B\"&((ROW()-2)*4)+3))","v":""},{"$f":"IF(INDIRECT(\"'MRO Certificate Printing'!G\"&((ROW()-2)*4)+3)=\"\",\"\",INDIRECT(\"'MRO Certificate Printing'!G\"&((ROW()-2)*4)+3))","v":""},{"$f":"IF(INDIRECT(\"'MRO Certificate Printing'!J\"&((ROW()-2)*4)+3)=\"\",\"\",INDIRECT(\"'MRO Certificate Printing'!J\"&((ROW()-2)*4)+3))","v":""},{"$f":"IF(INDIRECT(\"'MRO Certificate Printing'!I\"&((ROW()-2)*4)+3)=\"\",\"\",INDIRECT(\"'MRO Certificate Printing'!I\"&((ROW()-2)*4)+3))","v":""},{"$f":"IF(INDIRECT(\"'MRO Certificate Printing'!K\"&((ROW()-2)*4)+3)=\"\",\"\",INDIRECT(\"'MRO Certificate Printing'!K\"&((ROW()-2)*4)+3))","v":""},null,{"$f":"IF(INDIRECT(\"'MRO Certificate Printing'!D\"&((ROW()-2)*4)+4)=\"\",\"\",INDIRECT(\"'MRO Certificate Printing'!D\"&((ROW()-2)*4)+4))","v":""},{"$f":"IF(INDIRECT(\"'MRO Certificate Printing'!E\"&((ROW()-2)*4)+4)=\"\",\"\",INDIRECT(\"'MRO Certificate Printing'!E\"&((ROW()-2)*4)+4))","v":""},{"$f":"IF(INDIRECT(\"'MRO Certificate Printing'!F\"&((ROW()-2)*4)+4)=\"\",\"\",INDIRECT(\"'MRO Certificate Printing'!F\"&((ROW()-2)*4)+4))","v":""},{"$f":"IF(INDIRECT(\"'MRO Certificate Printing'!B\"&((ROW()-2)*4)+4)=\"\",\"\",INDIRECT(\"'MRO Certificate Printing'!B\"&((ROW()-2)*4)+4))","v":""},{"$f":"IF(INDIRECT(\"'MRO Certificate Printing'!G\"&((ROW()-2)*4)+4)=\"\",\"\",INDIRECT(\"'MRO Certificate Printing'!G\"&((ROW()-2)*4)+4))","v":""},{"$f":"IF(INDIRECT(\"'MRO Certificate Printing'!J\"&((ROW()-2)*4)+4)=\"\",\"\",INDIRECT(\"'MRO Certificate Printing'!J\"&((ROW()-2)*4)+4))","v":""},{"$f":"IF(INDIRECT(\"'MRO Certificate Printing'!I\"&((ROW()-2)*4)+4)=\"\",\"\",INDIRECT(\"'MRO Certificate Printing'!I\"&((ROW()-2)*4)+4))","v":""},{"$f":"IF(INDIRECT(\"'MRO Certificate Printing'!K\"&((ROW()-2)*4)+4)=\"\",\"\",INDIRECT(\"'MRO Certificate Printing'!K\"&((ROW()-2)*4)+4))","v":""},null,{"$f":"IF(INDIRECT(\"'MRO Certificate Printing'!D\"&((ROW()-2)*4)+5)=\"\",\"\",INDIRECT(\"'MRO Certificate Printing'!D\"&((ROW()-2)*4)+5))","v":""},{"$f":"IF(INDIRECT(\"'MRO Certificate Printing'!E\"&((ROW()-2)*4)+5)=\"\",\"\",INDIRECT(\"'MRO Certificate Printing'!E\"&((ROW()-2)*4)+5))","v":""},{"$f":"IF(INDIRECT(\"'MRO Certificate Printing'!F\"&((ROW()-2)*4)+5)=\"\",\"\",INDIRECT(\"'MRO Certificate Printing'!F\"&((ROW()-2)*4)+5))","v":""},{"$f":"IF(INDIRECT(\"'MRO Certificate Printing'!B\"&((ROW()-2)*4)+5)=\"\",\"\",INDIRECT(\"'MRO Certificate Printing'!B\"&((ROW()-2)*4)+5))","v":""},{"$f":"IF(INDIRECT(\"'MRO Certificate Printing'!G\"&((ROW()-2)*4)+5)=\"\",\"\",INDIRECT(\"'MRO Certificate Printing'!G\"&((ROW()-2)*4)+5))","v":""},{"$f":"IF(INDIRECT(\"'MRO Certificate Printing'!J\"&((ROW()-2)*4)+5)=\"\",\"\",INDIRECT(\"'MRO Certificate Printing'!J\"&((ROW()-2)*4)+5))","v":""},{"$f":"IF(INDIRECT(\"'MRO Certificate Printing'!I\"&((ROW()-2)*4)+5)=\"\",\"\",INDIRECT(\"'MRO Certificate Printing'!I\"&((ROW()-2)*4)+5))","v":""},{"$f":"IF(INDIRECT(\"'MRO Certificate Printing'!K\"&((ROW()-2)*4)+5)=\"\",\"\",INDIRECT(\"'MRO Certificate Printing'!K\"&((ROW()-2)*4)+5))","v":""}]
["",{"$f":"IF(INDIRECT(\"'MRO Certificate Printing'!D\"&((ROW()-2)*4)+2)=\"\",\"\",INDIRECT(\"'MRO Certificate Printing'!D\"&((ROW()-2)*4)+2))","v":""},{"$f":"IF(INDIRECT(\"'MRO Certificate Printing'!E\"&((ROW()-2)*4)+2)=\"\",\"\",INDIRECT(\"'MRO Certificate Printing'!E\"&((ROW()-2)*4)+2))","v":""},{"$f":"IF(INDIRECT(\"'MRO Certificate Printing'!F\"&((ROW()-2)*4)+2)=\"\",\"\",INDIRECT(\"'MRO Certificate Printing'!F\"&((ROW()-2)*4)+2))","v":""},{"$f":"IF(INDIRECT(\"'MRO Certificate Printing'!B\"&((ROW()-2)*4)+2)=\"\",\"\",INDIRECT(\"'MRO Certificate Printing'!B\"&((ROW()-2)*4)+2))","v":""},{"$f":"IF(INDIRECT(\"'MRO Certificate Printing'!G\"&((ROW()-2)*4)+2)=\"\",\"\",INDIRECT(\"'MRO Certificate Printing'!G\"&((ROW()-2)*4)+2))","v":""},{"$f":"IF(INDIRECT(\"'MRO Certificate Printing'!J\"&((ROW()-2)*4)+2)=\"\",\"\",INDIRECT(\"'MRO Certificate Printing'!J\"&((ROW()-2)*4)+2))","v":""},{"$f":"IF(INDIRECT(\"'MRO Certificate Printing'!I\"&((ROW()-2)*4)+2)=\"\",\"\",INDIRECT(\"'MRO Certificate Printing'!I\"&((ROW()-2)*4)+2))","v":""},{"$f":"IF(INDIRECT(\"'MRO Certificate Printing'!K\"&((ROW()-2)*4)+2)=\"\",\"\",INDIRECT(\"'MRO Certificate Printing'!K\"&((ROW()-2)*4)+2))","v":""},null,{"$f":"IF(INDIRECT(\"'MRO Certificate Printing'!D\"&((ROW()-2)*4)+3)=\"\",\"\",INDIRECT(\"'MRO Certificate Printing'!D\"&((ROW()-2)*4)+3))","v":""},{"$f":"IF(INDIRECT(\"'MRO Certificate Printing'!E\"&((ROW()-2)*4)+3)=\"\",\"\",INDIRECT(\"'MRO Certificate Printing'!E\"&((ROW()-2)*4)+3))","v":""},{"$f":"IF(INDIRECT(\"'MRO Certificate Printing'!F\"&((ROW()-2)*4)+3)=\"\",\"\",INDIRECT(\"'MRO Certificate Printing'!F\"&((ROW()-2)*4)+3))","v":""},{"$f":"IF(INDIRECT(\"'MRO Certificate Printing'!B\"&((ROW()-2)*4)+3)=\"\",\"\",INDIRECT(\"'MRO Certificate Printing'!B\"&((ROW()-2)*4)+3))","v":""},{"$f":"IF(INDIRECT(\"'MRO Certificate Printing'!G\"&((ROW()-2)*4)+3)=\"\",\"\",INDIRECT(\"'MRO Certificate Printing'!G\"&((ROW()-2)*4)+3))","v":""},{"$f":"IF(INDIRECT(\"'MRO Certificate Printing'!J\"&((ROW()-2)*4)+3)=\"\",\"\",INDIRECT(\"'MRO Certificate Printing'!J\"&((ROW()-2)*4)+3))","v":""},{"$f":"IF(INDIRECT(\"'MRO Certificate Printing'!I\"&((ROW()-2)*4)+3)=\"\",\"\",INDIRECT(\"'MRO Certificate Printing'!I\"&((ROW()-2)*4)+3))","v":""},{"$f":"IF(INDIRECT(\"'MRO Certificate Printing'!K\"&((ROW()-2)*4)+3)=\"\",\"\",INDIRECT(\"'MRO Certificate Printing'!K\"&((ROW()-2)*4)+3))","v":""},null,{"$f":"IF(INDIRECT(\"'MRO Certificate Printing'!D\"&((ROW()-2)*4)+4)=\"\",\"\",INDIRECT(\"'MRO Certificate Printing'!D\"&((ROW()-2)*4)+4))","v":""},{"$f":"IF(INDIRECT(\"'MRO Certificate Printing'!E\"&((ROW()-2)*4)+4)=\"\",\"\",INDIRECT(\"'MRO Certificate Printing'!E\"&((ROW()-2)*4)+4))","v":""},{"$f":"IF(INDIRECT(\"'MRO Certificate Printing'!F\"&((ROW()-2)*4)+4)=\"\",\"\",INDIRECT(\"'MRO Certificate Printing'!F\"&((ROW()-2)*4)+4))","v":""},{"$f":"IF(INDIRECT(\"'MRO Certificate Printing'!B\"&((ROW()-2)*4)+4)=\"\",\"\",INDIRECT(\"'MRO Certificate Printing'!B\"&((ROW()-2)*4)+4))","v":""},{"$f":"IF(INDIRECT(\"'MRO Certificate Printing'!G\"&((ROW()-2)*4)+4)=\"\",\"\",INDIRECT(\"'MRO Certificate Printing'!G\"&((ROW()-2)*4)+4))","v":""},{"$f":"IF(INDIRECT(\"'MRO Certificate Printing'!J\"&((ROW()-2)*4)+4)=\"\",\"\",INDIRECT(\"'MRO Certificate Printing'!J\"&((ROW()-2)*4)+4))","v":""},{"$f":"IF(INDIRECT(\"'MRO Certificate Printing'!I\"&((ROW()-2)*4)+4)=\"\",\"\",INDIRECT(\"'MRO Certificate Printing'!I\"&((ROW()-2)*4)+4))","v":""},{"$f":"IF(INDIRECT(\"'MRO Certificate Printing'!K\"&((ROW()-2)*4)+4)=\"\",\"\",INDIRECT(\"'MRO Certificate Printing'!K\"&((ROW()-2)*4)+4))","v":""},null,{"$f":"IF(INDIRECT(\"'MRO Certificate Printing'!D\"&((ROW()-2)*4)+5)=\"\",\"\",INDIRECT(\"'MRO Certificate Printing'!D\"&((ROW()-2)*4)+5))","v":""},{"$f":"IF(INDIRECT(\"'MRO Certificate Printing'!E\"&((ROW()-2)*4)+5)=\"\",\"\",INDIRECT(\"'MRO Certificate Printing'!E\"&((ROW()-2)*4)+5))","v":""},{"$f":"IF(INDIRECT(\"'MRO Certificate Printing'!F\"&((ROW()-2)*4)+5)=\"\",\"\",INDIRECT(\"'MRO Certificate Printing'!F\"&((ROW()-2)*4)+5))","v":""},{"$f":"IF(INDIRECT(\"'MRO Certificate Printing'!B\"&((ROW()-2)*4)+5)=\"\",\"\",INDIRECT(\"'MRO Certificate Printing'!B\"&((ROW()-2)*4)+5))","v":""},{"$f":"IF(INDIRECT(\"'MRO Certificate Printing'!G\"&((ROW()-2)*4)+5)=\"\",\"\",INDIRECT(\"'MRO Certificate Printing'!G\"&((ROW()-2)*4)+5))","v":""},{"$f":"IF(INDIRECT(\"'MRO Certificate Printing'!J\"&((ROW()-2)*4)+5)=\"\",\"\",INDIRECT(\"'MRO Certificate Printing'!J\"&((ROW()-2)*4)+5))","v":""},{"$f":"IF(INDIRECT(\"'MRO Certificate Printing'!I\"&((ROW()-2)*4)+5)=\"\",\"\",INDIRECT(\"'MRO Certificate Printing'!I\"&((ROW()-2)*4)+5))","v":""},{"$f":"IF(INDIRECT(\"'MRO Certificate Printing'!K\"&((ROW()-2)*4)+5)=\"\",\"\",INDIRECT(\"'MRO Certificate Printing'!K\"&((ROW()-2)*4)+5))","v":""}]
["",{"$f":"IF(INDIRECT(\"'MRO Certificate Printing'!D\"&((ROW()-2)*4)+2)=\"\",\"\",INDIRECT(\"'MRO Certificate Printing'!D\"&((ROW()-2)*4)+2))","v":""},{"$f":"IF(INDIRECT(\"'MRO Certificate Printing'!E\"&((ROW()-2)*4)+2)=\"\",\"\",INDIRECT(\"'MRO Certificate Printing'!E\"&((ROW()-2)*4)+2))","v":""},{"$f":"IF(INDIRECT(\"'MRO Certificate Printing'!F\"&((ROW()-2)*4)+2)=\"\",\"\",INDIRECT(\"'MRO Certificate Printing'!F\"&((ROW()-2)*4)+2))","v":""},{"$f":"IF(INDIRECT(\"'MRO Certificate Printing'!B\"&((ROW()-2)*4)+2)=\"\",\"\",INDIRECT(\"'MRO Certificate Printing'!B\"&((ROW()-2)*4)+2))","v":""},{"$f":"IF(INDIRECT(\"'MRO Certificate Printing'!G\"&((ROW()-2)*4)+2)=\"\",\"\",INDIRECT(\"'MRO Certificate Printing'!G\"&((ROW()-2)*4)+2))","v":""},{"$f":"IF(INDIRECT(\"'MRO Certificate Printing'!J\"&((ROW()-2)*4)+2)=\"\",\"\",INDIRECT(\"'MRO Certificate Printing'!J\"&((ROW()-2)*4)+2))","v":""},{"$f":"IF(INDIRECT(\"'MRO Certificate Printing'!I\"&((ROW()-2)*4)+2)=\"\",\"\",INDIRECT(\"'MRO Certificate Printing'!I\"&((ROW()-2)*4)+2))","v":""},{"$f":"IF(INDIRECT(\"'MRO Certificate Printing'!K\"&((ROW()-2)*4)+2)=\"\",\"\",INDIRECT(\"'MRO Certificate Printing'!K\"&((ROW()-2)*4)+2))","v":""},null,{"$f":"IF(INDIRECT(\"'MRO Certificate Printing'!D\"&((ROW()-2)*4)+3)=\"\",\"\",INDIRECT(\"'MRO Certificate Printing'!D\"&((ROW()-2)*4)+3))","v":""},{"$f":"IF(INDIRECT(\"'MRO Certificate Printing'!E\"&((ROW()-2)*4)+3)=\"\",\"\",INDIRECT(\"'MRO Certificate Printing'!E\"&((ROW()-2)*4)+3))","v":""},{"$f":"IF(INDIRECT(\"'MRO Certificate Printing'!F\"&((ROW()-2)*4)+3)=\"\",\"\",INDIRECT(\"'MRO Certificate Printing'!F\"&((ROW()-2)*4)+3))","v":""},{"$f":"IF(INDIRECT(\"'MRO Certificate Printing'!B\"&((ROW()-2)*4)+3)=\"\",\"\",INDIRECT(\"'MRO Certificate Printing'!B\"&((ROW()-2)*4)+3))","v":""},{"$f":"IF(INDIRECT(\"'MRO Certificate Printing'!G\"&((ROW()-2)*4)+3)=\"\",\"\",INDIRECT(\"'MRO Certificate Printing'!G\"&((ROW()-2)*4)+3))","v":""},{"$f":"IF(INDIRECT(\"'MRO Certificate Printing'!J\"&((ROW()-2)*4)+3)=\"\",\"\",INDIRECT(\"'MRO Certificate Printing'!J\"&((ROW()-2)*4)+3))","v":""},{"$f":"IF(INDIRECT(\"'MRO Certificate Printing'!I\"&((ROW()-2)*4)+3)=\"\",\"\",INDIRECT(\"'MRO Certificate Printing'!I\"&((ROW()-2)*4)+3))","v":""},{"$f":"IF(INDIRECT(\"'MRO Certificate Printing'!K\"&((ROW()-2)*4)+3)=\"\",\"\",INDIRECT(\"'MRO Certificate Printing'!K\"&((ROW()-2)*4)+3))","v":""},null,{"$f":"IF(INDIRECT(\"'MRO Certificate Printing'!D\"&((ROW()-2)*4)+4)=\"\",\"\",INDIRECT(\"'MRO Certificate Printing'!D\"&((ROW()-2)*4)+4))","v":""},{"$f":"IF(INDIRECT(\"'MRO Certificate Printing'!E\"&((ROW()-2)*4)+4)=\"\",\"\",INDIRECT(\"'MRO Certificate Printing'!E\"&((ROW()-2)*4)+4))","v":""},{"$f":"IF(INDIRECT(\"'MRO Certificate Printing'!F\"&((ROW()-2)*4)+4)=\"\",\"\",INDIRECT(\"'MRO Certificate Printing'!F\"&((ROW()-2)*4)+4))","v":""},{"$f":"IF(INDIRECT(\"'MRO Certificate Printing'!B\"&((ROW()-2)*4)+4)=\"\",\"\",INDIRECT(\"'MRO Certificate Printing'!B\"&((ROW()-2)*4)+4))","v":""},{"$f":"IF(INDIRECT(\"'MRO Certificate Printing'!G\"&((ROW()-2)*4)+4)=\"\",\"\",INDIRECT(\"'MRO Certificate Printing'!G\"&((ROW()-2)*4)+4))","v":""},{"$f":"IF(INDIRECT(\"'MRO Certificate Printing'!J\"&((ROW()-2)*4)+4)=\"\",\"\",INDIRECT(\"'MRO Certificate Printing'!J\"&((ROW()-2)*4)+4))","v":""},{"$f":"IF(INDIRECT(\"'MRO Certificate Printing'!I\"&((ROW()-2)*4)+4)=\"\",\"\",INDIRECT(\"'MRO Certificate Printing'!I\"&((ROW()-2)*4)+4))","v":""},{"$f":"IF(INDIRECT(\"'MRO Certificate Printing'!K\"&((ROW()-2)*4)+4)=\"\",\"\",INDIRECT(\"'MRO Certificate Printing'!K\"&((ROW()-2)*4)+4))","v":""},null,{"$f":"IF(INDIRECT(\"'MRO Certificate Printing'!D\"&((ROW()-2)*4)+5)=\"\",\"\",INDIRECT(\"'MRO Certificate Printing'!D\"&((ROW()-2)*4)+5))","v":""},{"$f":"IF(INDIRECT(\"'MRO Certificate Printing'!E\"&((ROW()-2)*4)+5)=\"\",\"\",INDIRECT(\"'MRO Certificate Printing'!E\"&((ROW()-2)*4)+5))","v":""},{"$f":"IF(INDIRECT(\"'MRO Certificate Printing'!F\"&((ROW()-2)*4)+5)=\"\",\"\",INDIRECT(\"'MRO Certificate Printing'!F\"&((ROW()-2)*4)+5))","v":""},{"$f":"IF(INDIRECT(\"'MRO Certificate Printing'!B\"&((ROW()-2)*4)+5)=\"\",\"\",INDIRECT(\"'MRO Certificate Printing'!B\"&((ROW()-2)*4)+5))","v":""},{"$f":"IF(INDIRECT(\"'MRO Certificate Printing'!G\"&((ROW()-2)*4)+5)=\"\",\"\",INDIRECT(\"'MRO Certificate Printing'!G\"&((ROW()-2)*4)+5))","v":""},{"$f":"IF(INDIRECT(\"'MRO Certificate Printing'!J\"&((ROW()-2)*4)+5)=\"\",\"\",INDIRECT(\"'MRO Certificate Printing'!J\"&((ROW()-2)*4)+5))","v":""},{"$f":"IF(INDIRECT(\"'MRO Certificate Printing'!I\"&((ROW()-2)*4)+5)=\"\",\"\",INDIRECT(\"'MRO Certificate Printing'!I\"&((ROW()-2)*4)+5))","v":""},{"$f":"IF(INDIRECT(\"'MRO Certificate Printing'!K\"&((ROW()-2)*4)+5)=\"\",\"\",INDIRECT(\"'MRO Certificate Printing'!K\"&((ROW()-2)*4)+5))","v":""}]
["",{"$f":"IF(INDIRECT(\"'MRO Certificate Printing'!D\"&((ROW()-2)*4)+2)=\"\",\"\",INDIRECT(\"'MRO Certificate Printing'!D\"&((ROW()-2)*4)+2))","v":""},{"$f":"IF(INDIRECT(\"'MRO Certificate Printing'!E\"&((ROW()-2)*4)+2)=\"\",\"\",INDIRECT(\"'MRO Certificate Printing'!E\"&((ROW()-2)*4)+2))","v":""},{"$f":"IF(INDIRECT(\"'MRO Certificate Printing'!F\"&((ROW()-2)*4)+2)=\"\",\"\",INDIRECT(\"'MRO Certificate Printing'!F\"&((ROW()-2)*4)+2))","v":""},{"$f":"IF(INDIRECT(\"'MRO Certificate Printing'!B\"&((ROW()-2)*4)+2)=\"\",\"\",INDIRECT(\"'MRO Certificate Printing'!B\"&((ROW()-2)*4)+2))","v":""},{"$f":"IF(INDIRECT(\"'MRO Certificate Printing'!G\"&((ROW()-2)*4)+2)=\"\",\"\",INDIRECT(\"'MRO Certificate Printing'!G\"&((ROW()-2)*4)+2))","v":""},{"$f":"IF(INDIRECT(\"'MRO Certificate Printing'!J\"&((ROW()-2)*4)+2)=\"\",\"\",INDIRECT(\"'MRO Certificate Printing'!J\"&((ROW()-2)*4)+2))","v":""},{"$f":"IF(INDIRECT(\"'MRO Certificate Printing'!I\"&((ROW()-2)*4)+2)=\"\",\"\",INDIRECT(\"'MRO Certificate Printing'!I\"&((ROW()-2)*4)+2))","v":""},{"$f":"IF(INDIRECT(\"'MRO Certificate Printing'!K\"&((ROW()-2)*4)+2)=\"\",\"\",INDIRECT(\"'MRO Certificate Printing'!K\"&((ROW()-2)*4)+2))","v":""},null,{"$f":"IF(INDIRECT(\"'MRO Certificate Printing'!D\"&((ROW()-2)*4)+3)=\"\",\"\",INDIRECT(\"'MRO Certificate Printing'!D\"&((ROW()-2)*4)+3))","v":""},{"$f":"IF(INDIRECT(\"'MRO Certificate Printing'!E\"&((ROW()-2)*4)+3)=\"\",\"\",INDIRECT(\"'MRO Certificate Printing'!E\"&((ROW()-2)*4)+3))","v":""},{"$f":"IF(INDIRECT(\"'MRO Certificate Printing'!F\"&((ROW()-2)*4)+3)=\"\",\"\",INDIRECT(\"'MRO Certificate Printing'!F\"&((ROW()-2)*4)+3))","v":""},{"$f":"IF(INDIRECT(\"'MRO Certificate Printing'!B\"&((ROW()-2)*4)+3)=\"\",\"\",INDIRECT(\"'MRO Certificate Printing'!B\"&((ROW()-2)*4)+3))","v":""},{"$f":"IF(INDIRECT(\"'MRO Certificate Printing'!G\"&((ROW()-2)*4)+3)=\"\",\"\",INDIRECT(\"'MRO Certificate Printing'!G\"&((ROW()-2)*4)+3))","v":""},{"$f":"IF(INDIRECT(\"'MRO Certificate Printing'!J\"&((ROW()-2)*4)+3)=\"\",\"\",INDIRECT(\"'MRO Certificate Printing'!J\"&((ROW()-2)*4)+3))","v":""},{"$f":"IF(INDIRECT(\"'MRO Certificate Printing'!I\"&((ROW()-2)*4)+3)=\"\",\"\",INDIRECT(\"'MRO Certificate Printing'!I\"&((ROW()-2)*4)+3))","v":""},{"$f":"IF(INDIRECT(\"'MRO Certificate Printing'!K\"&((ROW()-2)*4)+3)=\"\",\"\",INDIRECT(\"'MRO Certificate Printing'!K\"&((ROW()-2)*4)+3))","v":""},null,{"$f":"IF(INDIRECT(\"'MRO Certificate Printing'!D\"&((ROW()-2)*4)+4)=\"\",\"\",INDIRECT(\"'MRO Certificate Printing'!D\"&((ROW()-2)*4)+4))","v":""},{"$f":"IF(INDIRECT(\"'MRO Certificate Printing'!E\"&((ROW()-2)*4)+4)=\"\",\"\",INDIRECT(\"'MRO Certificate Printing'!E\"&((ROW()-2)*4)+4))","v":""},{"$f":"IF(INDIRECT(\"'MRO Certificate Printing'!F\"&((ROW()-2)*4)+4)=\"\",\"\",INDIRECT(\"'MRO Certificate Printing'!F\"&((ROW()-2)*4)+4))","v":""},{"$f":"IF(INDIRECT(\"'MRO Certificate Printing'!B\"&((ROW()-2)*4)+4)=\"\",\"\",INDIRECT(\"'MRO Certificate Printing'!B\"&((ROW()-2)*4)+4))","v":""},{"$f":"IF(INDIRECT(\"'MRO Certificate Printing'!G\"&((ROW()-2)*4)+4)=\"\",\"\",INDIRECT(\"'MRO Certificate Printing'!G\"&((ROW()-2)*4)+4))","v":""},{"$f":"IF(INDIRECT(\"'MRO Certificate Printing'!J\"&((ROW()-2)*4)+4)=\"\",\"\",INDIRECT(\"'MRO Certificate Printing'!J\"&((ROW()-2)*4)+4))","v":""},{"$f":"IF(INDIRECT(\"'MRO Certificate Printing'!I\"&((ROW()-2)*4)+4)=\"\",\"\",INDIRECT(\"'MRO Certificate Printing'!I\"&((ROW()-2)*4)+4))","v":""},{"$f":"IF(INDIRECT(\"'MRO Certificate Printing'!K\"&((ROW()-2)*4)+4)=\"\",\"\",INDIRECT(\"'MRO Certificate Printing'!K\"&((ROW()-2)*4)+4))","v":""},null,{"$f":"IF(INDIRECT(\"'MRO Certificate Printing'!D\"&((ROW()-2)*4)+5)=\"\",\"\",INDIRECT(\"'MRO Certificate Printing'!D\"&((ROW()-2)*4)+5))","v":""},{"$f":"IF(INDIRECT(\"'MRO Certificate Printing'!E\"&((ROW()-2)*4)+5)=\"\",\"\",INDIRECT(\"'MRO Certificate Printing'!E\"&((ROW()-2)*4)+5))","v":""},{"$f":"IF(INDIRECT(\"'MRO Certificate Printing'!F\"&((ROW()-2)*4)+5)=\"\",\"\",INDIRECT(\"'MRO Certificate Printing'!F\"&((ROW()-2)*4)+5))","v":""},{"$f":"IF(INDIRECT(\"'MRO Certificate Printing'!B\"&((ROW()-2)*4)+5)=\"\",\"\",INDIRECT(\"'MRO Certificate Printing'!B\"&((ROW()-2)*4)+5))","v":""},{"$f":"IF(INDIRECT(\"'MRO Certificate Printing'!G\"&((ROW()-2)*4)+5)=\"\",\"\",INDIRECT(\"'MRO Certificate Printing'!G\"&((ROW()-2)*4)+5))","v":""},{"$f":"IF(INDIRECT(\"'MRO Certificate Printing'!J\"&((ROW()-2)*4)+5)=\"\",\"\",INDIRECT(\"'MRO Certificate Printing'!J\"&((ROW()-2)*4)+5))","v":""},{"$f":"IF(INDIRECT(\"'MRO Certificate Printing'!I\"&((ROW()-2)*4)+5)=\"\",\"\",INDIRECT(\"'MRO Certificate Printing'!I\"&((ROW()-2)*4)+5))","v":""},{"$f":"IF(INDIRECT(\"'MRO Certificate Printing'!K\"&((ROW()-2)*4)+5)=\"\",\"\",INDIRECT(\"'MRO Certificate Printing'!K\"&((ROW()-2)*4)+5))","v":""}]
["",{"$f":"IF(INDIRECT(\"'MRO Certificate Printing'!D\"&((ROW()-2)*4)+2)=\"\",\"\",INDIRECT(\"'MRO Certificate Printing'!D\"&((ROW()-2)*4)+2))","v":""},{"$f":"IF(INDIRECT(\"'MRO Certificate Printing'!E\"&((ROW()-2)*4)+2)=\"\",\"\",INDIRECT(\"'MRO Certificate Printing'!E\"&((ROW()-2)*4)+2))","v":""},{"$f":"IF(INDIRECT(\"'MRO Certificate Printing'!F\"&((ROW()-2)*4)+2)=\"\",\"\",INDIRECT(\"'MRO Certificate Printing'!F\"&((ROW()-2)*4)+2))","v":""},{"$f":"IF(INDIRECT(\"'MRO Certificate Printing'!B\"&((ROW()-2)*4)+2)=\"\",\"\",INDIRECT(\"'MRO Certificate Printing'!B\"&((ROW()-2)*4)+2))","v":""},{"$f":"IF(INDIRECT(\"'MRO Certificate Printing'!G\"&((ROW()-2)*4)+2)=\"\",\"\",INDIRECT(\"'MRO Certificate Printing'!G\"&((ROW()-2)*4)+2))","v":""},{"$f":"IF(INDIRECT(\"'MRO Certificate Printing'!J\"&((ROW()-2)*4)+2)=\"\",\"\",INDIRECT(\"'MRO Certificate Printing'!J\"&((ROW()-2)*4)+2))","v":""},{"$f":"IF(INDIRECT(\"'MRO Certificate Printing'!I\"&((ROW()-2)*4)+2)=\"\",\"\",INDIRECT(\"'MRO Certificate Printing'!I\"&((ROW()-2)*4)+2))","v":""},{"$f":"IF(INDIRECT(\"'MRO Certificate Printing'!K\"&((ROW()-2)*4)+2)=\"\",\"\",INDIRECT(\"'MRO Certificate Printing'!K\"&((ROW()-2)*4)+2))","v":""},null,{"$f":"IF(INDIRECT(\"'MRO Certificate Printing'!D\"&((ROW()-2)*4)+3)=\"\",\"\",INDIRECT(\"'MRO Certificate Printing'!D\"&((ROW()-2)*4)+3))","v":""},{"$f":"IF(INDIRECT(\"'MRO Certificate Printing'!E\"&((ROW()-2)*4)+3)=\"\",\"\",INDIRECT(\"'MRO Certificate Printing'!E\"&((ROW()-2)*4)+3))","v":""},{"$f":"IF(INDIRECT(\"'MRO Certificate Printing'!F\"&((ROW()-2)*4)+3)=\"\",\"\",INDIRECT(\"'MRO Certificate Printing'!F\"&((ROW()-2)*4)+3))","v":""},{"$f":"IF(INDIRECT(\"'MRO Certificate Printing'!B\"&((ROW()-2)*4)+3)=\"\",\"\",INDIRECT(\"'MRO Certificate Printing'!B\"&((ROW()-2)*4)+3))","v":""},{"$f":"IF(INDIRECT(\"'MRO Certificate Printing'!G\"&((ROW()-2)*4)+3)=\"\",\"\",INDIRECT(\"'MRO Certificate Printing'!G\"&((ROW()-2)*4)+3))","v":""},{"$f":"IF(INDIRECT(\"'MRO Certificate Printing'!J\"&((ROW()-2)*4)+3)=\"\",\"\",INDIRECT(\"'MRO Certificate Printing'!J\"&((ROW()-2)*4)+3))","v":""},{"$f":"IF(INDIRECT(\"'MRO Certificate Printing'!I\"&((ROW()-2)*4)+3)=\"\",\"\",INDIRECT(\"'MRO Certificate Printing'!I\"&((ROW()-2)*4)+3))","v":""},{"$f":"IF(INDIRECT(\"'MRO Certificate Printing'!K\"&((ROW()-2)*4)+3)=\"\",\"\",INDIRECT(\"'MRO Certificate Printing'!K\"&((ROW()-2)*4)+3))","v":""},null,{"$f":"IF(INDIRECT(\"'MRO Certificate Printing'!D\"&((ROW()-2)*4)+4)=\"\",\"\",INDIRECT(\"'MRO Certificate Printing'!D\"&((ROW()-2)*4)+4))","v":""},{"$f":"IF(INDIRECT(\"'MRO Certificate Printing'!E\"&((ROW()-2)*4)+4)=\"\",\"\",INDIRECT(\"'MRO Certificate Printing'!E\"&((ROW()-2)*4)+4))","v":""},{"$f":"IF(INDIRECT(\"'MRO Certificate Printing'!F\"&((ROW()-2)*4)+4)=\"\",\"\",INDIRECT(\"'MRO Certificate Printing'!F\"&((ROW()-2)*4)+4))","v":""},{"$f":"IF(INDIRECT(\"'MRO Certificate Printing'!B\"&((ROW()-2)*4)+4)=\"\",\"\",INDIRECT(\"'MRO Certificate Printing'!B\"&((ROW()-2)*4)+4))","v":""},{"$f":"IF(INDIRECT(\"'MRO Certificate Printing'!G\"&((ROW()-2)*4)+4)=\"\",\"\",INDIRECT(\"'MRO Certificate Printing'!G\"&((ROW()-2)*4)+4))","v":""},{"$f":"IF(INDIRECT(\"'MRO Certificate Printing'!J\"&((ROW()-2)*4)+4)=\"\",\"\",INDIRECT(\"'MRO Certificate Printing'!J\"&((ROW()-2)*4)+4))","v":""},{"$f":"IF(INDIRECT(\"'MRO Certificate Printing'!I\"&((ROW()-2)*4)+4)=\"\",\"\",INDIRECT(\"'MRO Certificate Printing'!I\"&((ROW()-2)*4)+4))","v":""},{"$f":"IF(INDIRECT(\"'MRO Certificate Printing'!K\"&((ROW()-2)*4)+4)=\"\",\"\",INDIRECT(\"'MRO Certificate Printing'!K\"&((ROW()-2)*4)+4))","v":""},null,{"$f":"IF(INDIRECT(\"'MRO Certificate Printing'!D\"&((ROW()-2)*4)+5)=\"\",\"\",INDIRECT(\"'MRO Certificate Printing'!D\"&((ROW()-2)*4)+5))","v":""},{"$f":"IF(INDIRECT(\"'MRO Certificate Printing'!E\"&((ROW()-2)*4)+5)=\"\",\"\",INDIRECT(\"'MRO Certificate Printing'!E\"&((ROW()-2)*4)+5))","v":""},{"$f":"IF(INDIRECT(\"'MRO Certificate Printing'!F\"&((ROW()-2)*4)+5)=\"\",\"\",INDIRECT(\"'MRO Certificate Printing'!F\"&((ROW()-2)*4)+5))","v":""},{"$f":"IF(INDIRECT(\"'MRO Certificate Printing'!B\"&((ROW()-2)*4)+5)=\"\",\"\",INDIRECT(\"'MRO Certificate Printing'!B\"&((ROW()-2)*4)+5))","v":""},{"$f":"IF(INDIRECT(\"'MRO Certificate Printing'!G\"&((ROW()-2)*4)+5)=\"\",\"\",INDIRECT(\"'MRO Certificate Printing'!G\"&((ROW()-2)*4)+5))","v":""},{"$f":"IF(INDIRECT(\"'MRO Certificate Printing'!J\"&((ROW()-2)*4)+5)=\"\",\"\",INDIRECT(\"'MRO Certificate Printing'!J\"&((ROW()-2)*4)+5))","v":""},{"$f":"IF(INDIRECT(\"'MRO Certificate Printing'!I\"&((ROW()-2)*4)+5)=\"\",\"\",INDIRECT(\"'MRO Certificate Printing'!I\"&((ROW()-2)*4)+5))","v":""},{"$f":"IF(INDIRECT(\"'MRO Certificate Printing'!K\"&((ROW()-2)*4)+5)=\"\",\"\",INDIRECT(\"'MRO Certificate Printing'!K\"&((ROW()-2)*4)+5))","v":""}]
["",{"$f":"IF(INDIRECT(\"'MRO Certificate Printing'!D\"&((ROW()-2)*4)+2)=\"\",\"\",INDIRECT(\"'MRO Certificate Printing'!D\"&((ROW()-2)*4)+2))","v":""},{"$f":"IF(INDIRECT(\"'MRO Certificate Printing'!E\"&((ROW()-2)*4)+2)=\"\",\"\",INDIRECT(\"'MRO Certificate Printing'!E\"&((ROW()-2)*4)+2))","v":""},{"$f":"IF(INDIRECT(\"'MRO Certificate Printing'!F\"&((ROW()-2)*4)+2)=\"\",\"\",INDIRECT(\"'MRO Certificate Printing'!F\"&((ROW()-2)*4)+2))","v":""},{"$f":"IF(INDIRECT(\"'MRO Certificate Printing'!B\"&((ROW()-2)*4)+2)=\"\",\"\",INDIRECT(\"'MRO Certificate Printing'!B\"&((ROW()-2)*4)+2))","v":""},{"$f":"IF(INDIRECT(\"'MRO Certificate Printing'!G\"&((ROW()-2)*4)+2)=\"\",\"\",INDIRECT(\"'MRO Certificate Printing'!G\"&((ROW()-2)*4)+2))","v":""},{"$f":"IF(INDIRECT(\"'MRO Certificate Printing'!J\"&((ROW()-2)*4)+2)=\"\",\"\",INDIRECT(\"'MRO Certificate Printing'!J\"&((ROW()-2)*4)+2))","v":""},{"$f":"IF(INDIRECT(\"'MRO Certificate Printing'!I\"&((ROW()-2)*4)+2)=\"\",\"\",INDIRECT(\"'MRO Certificate Printing'!I\"&((ROW()-2)*4)+2))","v":""},{"$f":"IF(INDIRECT(\"'MRO Certificate Printing'!K\"&((ROW()-2)*4)+2)=\"\",\"\",INDIRECT(\"'MRO Certificate Printing'!K\"&((ROW()-2)*4)+2))","v":""},null,{"$f":"IF(INDIRECT(\"'MRO Certificate Printing'!D\"&((ROW()-2)*4)+3)=\"\",\"\",INDIRECT(\"'MRO Certificate Printing'!D\"&((ROW()-2)*4)+3))","v":""},{"$f":"IF(INDIRECT(\"'MRO Certificate Printing'!E\"&((ROW()-2)*4)+3)=\"\",\"\",INDIRECT(\"'MRO Certificate Printing'!E\"&((ROW()-2)*4)+3))","v":""},{"$f":"IF(INDIRECT(\"'MRO Certificate Printing'!F\"&((ROW()-2)*4)+3)=\"\",\"\",INDIRECT(\"'MRO Certificate Printing'!F\"&((ROW()-2)*4)+3))","v":""},{"$f":"IF(INDIRECT(\"'MRO Certificate Printing'!B\"&((ROW()-2)*4)+3)=\"\",\"\",INDIRECT(\"'MRO Certificate Printing'!B\"&((ROW()-2)*4)+3))","v":""},{"$f":"IF(INDIRECT(\"'MRO Certificate Printing'!G\"&((ROW()-2)*4)+3)=\"\",\"\",INDIRECT(\"'MRO Certificate Printing'!G\"&((ROW()-2)*4)+3))","v":""},{"$f":"IF(INDIRECT(\"'MRO Certificate Printing'!J\"&((ROW()-2)*4)+3)=\"\",\"\",INDIRECT(\"'MRO Certificate Printing'!J\"&((ROW()-2)*4)+3))","v":""},{"$f":"IF(INDIRECT(\"'MRO Certificate Printing'!I\"&((ROW()-2)*4)+3)=\"\",\"\",INDIRECT(\"'MRO Certificate Printing'!I\"&((ROW()-2)*4)+3))","v":""},{"$f":"IF(INDIRECT(\"'MRO Certificate Printing'!K\"&((ROW()-2)*4)+3)=\"\",\"\",INDIRECT(\"'MRO Certificate Printing'!K\"&((ROW()-2)*4)+3))","v":""},null,{"$f":"IF(INDIRECT(\"'MRO Certificate Printing'!D\"&((ROW()-2)*4)+4)=\"\",\"\",INDIRECT(\"'MRO Certificate Printing'!D\"&((ROW()-2)*4)+4))","v":""},{"$f":"IF(INDIRECT(\"'MRO Certificate Printing'!E\"&((ROW()-2)*4)+4)=\"\",\"\",INDIRECT(\"'MRO Certificate Printing'!E\"&((ROW()-2)*4)+4))","v":""},{"$f":"IF(INDIRECT(\"'MRO Certificate Printing'!F\"&((ROW()-2)*4)+4)=\"\",\"\",INDIRECT(\"'MRO Certificate Printing'!F\"&((ROW()-2)*4)+4))","v":""},{"$f":"IF(INDIRECT(\"'MRO Certificate Printing'!B\"&((ROW()-2)*4)+4)=\"\",\"\",INDIRECT(\"'MRO Certificate Printing'!B\"&((ROW()-2)*4)+4))","v":""},{"$f":"IF(INDIRECT(\"'MRO Certificate Printing'!G\"&((ROW()-2)*4)+4)=\"\",\"\",INDIRECT(\"'MRO Certificate Printing'!G\"&((ROW()-2)*4)+4))","v":""},{"$f":"IF(INDIRECT(\"'MRO Certificate Printing'!J\"&((ROW()-2)*4)+4)=\"\",\"\",INDIRECT(\"'MRO Certificate Printing'!J\"&((ROW()-2)*4)+4))","v":""},{"$f":"IF(INDIRECT(\"'MRO Certificate Printing'!I\"&((ROW()-2)*4)+4)=\"\",\"\",INDIRECT(\"'MRO Certificate Printing'!I\"&((ROW()-2)*4)+4))","v":""},{"$f":"IF(INDIRECT(\"'MRO Certificate Printing'!K\"&((ROW()-2)*4)+4)=\"\",\"\",INDIRECT(\"'MRO Certificate Printing'!K\"&((ROW()-2)*4)+4))","v":""},null,{"$f":"IF(INDIRECT(\"'MRO Certificate Printing'!D\"&((ROW()-2)*4)+5)=\"\",\"\",INDIRECT(\"'MRO Certificate Printing'!D\"&((ROW()-2)*4)+5))","v":""},{"$f":"IF(INDIRECT(\"'MRO Certificate Printing'!E\"&((ROW()-2)*4)+5)=\"\",\"\",INDIRECT(\"'MRO Certificate Printing'!E\"&((ROW()-2)*4)+5))","v":""},{"$f":"IF(INDIRECT(\"'MRO Certificate Printing'!F\"&((ROW()-2)*4)+5)=\"\",\"\",INDIRECT(\"'MRO Certificate Printing'!F\"&((ROW()-2)*4)+5))","v":""},{"$f":"IF(INDIRECT(\"'MRO Certificate Printing'!B\"&((ROW()-2)*4)+5)=\"\",\"\",INDIRECT(\"'MRO Certificate Printing'!B\"&((ROW()-2)*4)+5))","v":""},{"$f":"IF(INDIRECT(\"'MRO Certificate Printing'!G\"&((ROW()-2)*4)+5)=\"\",\"\",INDIRECT(\"'MRO Certificate Printing'!G\"&((ROW()-2)*4)+5))","v":""},{"$f":"IF(INDIRECT(\"'MRO Certificate Printing'!J\"&((ROW()-2)*4)+5)=\"\",\"\",INDIRECT(\"'MRO Certificate Printing'!J\"&((ROW()-2)*4)+5))","v":""},{"$f":"IF(INDIRECT(\"'MRO Certificate Printing'!I\"&((ROW()-2)*4)+5)=\"\",\"\",INDIRECT(\"'MRO Certificate Printing'!I\"&((ROW()-2)*4)+5))","v":""},{"$f":"IF(INDIRECT(\"'MRO Certificate Printing'!K\"&((ROW()-2)*4)+5)=\"\",\"\",INDIRECT(\"'MRO Certificate Printing'!K\"&((ROW()-2)*4)+5))","v":""}]
["",{"$f":"IF(INDIRECT(\"'MRO Certificate Printing'!D\"&((ROW()-2)*4)+2)=\"\",\"\",INDIRECT(\"'MRO Certificate Printing'!D\"&((ROW()-2)*4)+2))","v":""},{"$f":"IF(INDIRECT(\"'MRO Certificate Printing'!E\"&((ROW()-2)*4)+2)=\"\",\"\",INDIRECT(\"'MRO Certificate Printing'!E\"&((ROW()-2)*4)+2))","v":""},{"$f":"IF(INDIRECT(\"'MRO Certificate Printing'!F\"&((ROW()-2)*4)+2)=\"\",\"\",INDIRECT(\"'MRO Certificate Printing'!F\"&((ROW()-2)*4)+2))","v":""},{"$f":"IF(INDIRECT(\"'MRO Certificate Printing'!B\"&((ROW()-2)*4)+2)=\"\",\"\",INDIRECT(\"'MRO Certificate Printing'!B\"&((ROW()-2)*4)+2))","v":""},{"$f":"IF(INDIRECT(\"'MRO Certificate Printing'!G\"&((ROW()-2)*4)+2)=\"\",\"\",INDIRECT(\"'MRO Certificate Printing'!G\"&((ROW()-2)*4)+2))","v":""},{"$f":"IF(INDIRECT(\"'MRO Certificate Printing'!J\"&((ROW()-2)*4)+2)=\"\",\"\",INDIRECT(\"'MRO Certificate Printing'!J\"&((ROW()-2)*4)+2))","v":""},{"$f":"IF(INDIRECT(\"'MRO Certificate Printing'!I\"&((ROW()-2)*4)+2)=\"\",\"\",INDIRECT(\"'MRO Certificate Printing'!I\"&((ROW()-2)*4)+2))","v":""},{"$f":"IF(INDIRECT(\"'MRO Certificate Printing'!K\"&((ROW()-2)*4)+2)=\"\",\"\",INDIRECT(\"'MRO Certificate Printing'!K\"&((ROW()-2)*4)+2))","v":""},null,{"$f":"IF(INDIRECT(\"'MRO Certificate Printing'!D\"&((ROW()-2)*4)+3)=\"\",\"\",INDIRECT(\"'MRO Certificate Printing'!D\"&((ROW()-2)*4)+3))","v":""},{"$f":"IF(INDIRECT(\"'MRO Certificate Printing'!E\"&((ROW()-2)*4)+3)=\"\",\"\",INDIRECT(\"'MRO Certificate Printing'!E\"&((ROW()-2)*4)+3))","v":""},{"$f":"IF(INDIRECT(\"'MRO Certificate Printing'!F\"&((ROW()-2)*4)+3)=\"\",\"\",INDIRECT(\"'MRO Certificate Printing'!F\"&((ROW()-2)*4)+3))","v":""},{"$f":"IF(INDIRECT(\"'MRO Certificate Printing'!B\"&((ROW()-2)*4)+3)=\"\",\"\",INDIRECT(\"'MRO Certificate Printing'!B\"&((ROW()-2)*4)+3))","v":""},{"$f":"IF(INDIRECT(\"'MRO Certificate Printing'!G\"&((ROW()-2)*4)+3)=\"\",\"\",INDIRECT(\"'MRO Certificate Printing'!G\"&((ROW()-2)*4)+3))","v":""},{"$f":"IF(INDIRECT(\"'MRO Certificate Printing'!J\"&((ROW()-2)*4)+3)=\"\",\"\",INDIRECT(\"'MRO Certificate Printing'!J\"&((ROW()-2)*4)+3))","v":""},{"$f":"IF(INDIRECT(\"'MRO Certificate Printing'!I\"&((ROW()-2)*4)+3)=\"\",\"\",INDIRECT(\"'MRO Certificate Printing'!I\"&((ROW()-2)*4)+3))","v":""},{"$f":"IF(INDIRECT(\"'MRO Certificate Printing'!K\"&((ROW()-2)*4)+3)=\"\",\"\",INDIRECT(\"'MRO Certificate Printing'!K\"&((ROW()-2)*4)+3))","v":""},null,{"$f":"IF(INDIRECT(\"'MRO Certificate Printing'!D\"&((ROW()-2)*4)+4)=\"\",\"\",INDIRECT(\"'MRO Certificate Printing'!D\"&((ROW()-2)*4)+4))","v":""},{"$f":"IF(INDIRECT(\"'MRO Certificate Printing'!E\"&((ROW()-2)*4)+4)=\"\",\"\",INDIRECT(\"'MRO Certificate Printing'!E\"&((ROW()-2)*4)+4))","v":""},{"$f":"IF(INDIRECT(\"'MRO Certificate Printing'!F\"&((ROW()-2)*4)+4)=\"\",\"\",INDIRECT(\"'MRO Certificate Printing'!F\"&((ROW()-2)*4)+4))","v":""},{"$f":"IF(INDIRECT(\"'MRO Certificate Printing'!B\"&((ROW()-2)*4)+4)=\"\",\"\",INDIRECT(\"'MRO Certificate Printing'!B\"&((ROW()-2)*4)+4))","v":""},{"$f":"IF(INDIRECT(\"'MRO Certificate Printing'!G\"&((ROW()-2)*4)+4)=\"\",\"\",INDIRECT(\"'MRO Certificate Printing'!G\"&((ROW()-2)*4)+4))","v":""},{"$f":"IF(INDIRECT(\"'MRO Certificate Printing'!J\"&((ROW()-2)*4)+4)=\"\",\"\",INDIRECT(\"'MRO Certificate Printing'!J\"&((ROW()-2)*4)+4))","v":""},{"$f":"IF(INDIRECT(\"'MRO Certificate Printing'!I\"&((ROW()-2)*4)+4)=\"\",\"\",INDIRECT(\"'MRO Certificate Printing'!I\"&((ROW()-2)*4)+4))","v":""},{"$f":"IF(INDIRECT(\"'MRO Certificate Printing'!K\"&((ROW()-2)*4)+4)=\"\",\"\",INDIRECT(\"'MRO Certificate Printing'!K\"&((ROW()-2)*4)+4))","v":""},null,{"$f":"IF(INDIRECT(\"'MRO Certificate Printing'!D\"&((ROW()-2)*4)+5)=\"\",\"\",INDIRECT(\"'MRO Certificate Printing'!D\"&((ROW()-2)*4)+5))","v":""},{"$f":"IF(INDIRECT(\"'MRO Certificate Printing'!E\"&((ROW()-2)*4)+5)=\"\",\"\",INDIRECT(\"'MRO Certificate Printing'!E\"&((ROW()-2)*4)+5))","v":""},{"$f":"IF(INDIRECT(\"'MRO Certificate Printing'!F\"&((ROW()-2)*4)+5)=\"\",\"\",INDIRECT(\"'MRO Certificate Printing'!F\"&((ROW()-2)*4)+5))","v":""},{"$f":"IF(INDIRECT(\"'MRO Certificate Printing'!B\"&((ROW()-2)*4)+5)=\"\",\"\",INDIRECT(\"'MRO Certificate Printing'!B\"&((ROW()-2)*4)+5))","v":""},{"$f":"IF(INDIRECT(\"'MRO Certificate Printing'!G\"&((ROW()-2)*4)+5)=\"\",\"\",INDIRECT(\"'MRO Certificate Printing'!G\"&((ROW()-2)*4)+5))","v":""},{"$f":"IF(INDIRECT(\"'MRO Certificate Printing'!J\"&((ROW()-2)*4)+5)=\"\",\"\",INDIRECT(\"'MRO Certificate Printing'!J\"&((ROW()-2)*4)+5))","v":""},{"$f":"IF(INDIRECT(\"'MRO Certificate Printing'!I\"&((ROW()-2)*4)+5)=\"\",\"\",INDIRECT(\"'MRO Certificate Printing'!I\"&((ROW()-2)*4)+5))","v":""},{"$f":"IF(INDIRECT(\"'MRO Certificate Printing'!K\"&((ROW()-2)*4)+5)=\"\",\"\",INDIRECT(\"'MRO Certificate Printing'!K\"&((ROW()-2)*4)+5))","v":""}]
["",{"$f":"IF(INDIRECT(\"'MRO Certificate Printing'!D\"&((ROW()-2)*4)+2)=\"\",\"\",INDIRECT(\"'MRO Certificate Printing'!D\"&((ROW()-2)*4)+2))","v":""},{"$f":"IF(INDIRECT(\"'MRO Certificate Printing'!E\"&((ROW()-2)*4)+2)=\"\",\"\",INDIRECT(\"'MRO Certificate Printing'!E\"&((ROW()-2)*4)+2))","v":""},{"$f":"IF(INDIRECT(\"'MRO Certificate Printing'!F\"&((ROW()-2)*4)+2)=\"\",\"\",INDIRECT(\"'MRO Certificate Printing'!F\"&((ROW()-2)*4)+2))","v":""},{"$f":"IF(INDIRECT(\"'MRO Certificate Printing'!B\"&((ROW()-2)*4)+2)=\"\",\"\",INDIRECT(\"'MRO Certificate Printing'!B\"&((ROW()-2)*4)+2))","v":""},{"$f":"IF(INDIRECT(\"'MRO Certificate Printing'!G\"&((ROW()-2)*4)+2)=\"\",\"\",INDIRECT(\"'MRO Certificate Printing'!G\"&((ROW()-2)*4)+2))","v":""},{"$f":"IF(INDIRECT(\"'MRO Certificate Printing'!J\"&((ROW()-2)*4)+2)=\"\",\"\",INDIRECT(\"'MRO Certificate Printing'!J\"&((ROW()-2)*4)+2))","v":""},{"$f":"IF(INDIRECT(\"'MRO Certificate Printing'!I\"&((ROW()-2)*4)+2)=\"\",\"\",INDIRECT(\"'MRO Certificate Printing'!I\"&((ROW()-2)*4)+2))","v":""},{"$f":"IF(INDIRECT(\"'MRO Certificate Printing'!K\"&((ROW()-2)*4)+2)=\"\",\"\",INDIRECT(\"'MRO Certificate Printing'!K\"&((ROW()-2)*4)+2))","v":""},null,{"$f":"IF(INDIRECT(\"'MRO Certificate Printing'!D\"&((ROW()-2)*4)+3)=\"\",\"\",INDIRECT(\"'MRO Certificate Printing'!D\"&((ROW()-2)*4)+3))","v":""},{"$f":"IF(INDIRECT(\"'MRO Certificate Printing'!E\"&((ROW()-2)*4)+3)=\"\",\"\",INDIRECT(\"'MRO Certificate Printing'!E\"&((ROW()-2)*4)+3))","v":""},{"$f":"IF(INDIRECT(\"'MRO Certificate Printing'!F\"&((ROW()-2)*4)+3)=\"\",\"\",INDIRECT(\"'MRO Certificate Printing'!F\"&((ROW()-2)*4)+3))","v":""},{"$f":"IF(INDIRECT(\"'MRO Certificate Printing'!B\"&((ROW()-2)*4)+3)=\"\",\"\",INDIRECT(\"'MRO Certificate Printing'!B\"&((ROW()-2)*4)+3))","v":""},{"$f":"IF(INDIRECT(\"'MRO Certificate Printing'!G\"&((ROW()-2)*4)+3)=\"\",\"\",INDIRECT(\"'MRO Certificate Printing'!G\"&((ROW()-2)*4)+3))","v":""},{"$f":"IF(INDIRECT(\"'MRO Certificate Printing'!J\"&((ROW()-2)*4)+3)=\"\",\"\",INDIRECT(\"'MRO Certificate Printing'!J\"&((ROW()-2)*4)+3))","v":""},{"$f":"IF(INDIRECT(\"'MRO Certificate Printing'!I\"&((ROW()-2)*4)+3)=\"\",\"\",INDIRECT(\"'MRO Certificate Printing'!I\"&((ROW()-2)*4)+3))","v":""},{"$f":"IF(INDIRECT(\"'MRO Certificate Printing'!K\"&((ROW()-2)*4)+3)=\"\",\"\",INDIRECT(\"'MRO Certificate Printing'!K\"&((ROW()-2)*4)+3))","v":""},null,{"$f":"IF(INDIRECT(\"'MRO Certificate Printing'!D\"&((ROW()-2)*4)+4)=\"\",\"\",INDIRECT(\"'MRO Certificate Printing'!D\"&((ROW()-2)*4)+4))","v":""},{"$f":"IF(INDIRECT(\"'MRO Certificate Printing'!E\"&((ROW()-2)*4)+4)=\"\",\"\",INDIRECT(\"'MRO Certificate Printing'!E\"&((ROW()-2)*4)+4))","v":""},{"$f":"IF(INDIRECT(\"'MRO Certificate Printing'!F\"&((ROW()-2)*4)+4)=\"\",\"\",INDIRECT(\"'MRO Certificate Printing'!F\"&((ROW()-2)*4)+4))","v":""},{"$f":"IF(INDIRECT(\"'MRO Certificate Printing'!B\"&((ROW()-2)*4)+4)=\"\",\"\",INDIRECT(\"'MRO Certificate Printing'!B\"&((ROW()-2)*4)+4))","v":""},{"$f":"IF(INDIRECT(\"'MRO Certificate Printing'!G\"&((ROW()-2)*4)+4)=\"\",\"\",INDIRECT(\"'MRO Certificate Printing'!G\"&((ROW()-2)*4)+4))","v":""},{"$f":"IF(INDIRECT(\"'MRO Certificate Printing'!J\"&((ROW()-2)*4)+4)=\"\",\"\",INDIRECT(\"'MRO Certificate Printing'!J\"&((ROW()-2)*4)+4))","v":""},{"$f":"IF(INDIRECT(\"'MRO Certificate Printing'!I\"&((ROW()-2)*4)+4)=\"\",\"\",INDIRECT(\"'MRO Certificate Printing'!I\"&((ROW()-2)*4)+4))","v":""},{"$f":"IF(INDIRECT(\"'MRO Certificate Printing'!K\"&((ROW()-2)*4)+4)=\"\",\"\",INDIRECT(\"'MRO Certificate Printing'!K\"&((ROW()-2)*4)+4))","v":""},null,{"$f":"IF(INDIRECT(\"'MRO Certificate Printing'!D\"&((ROW()-2)*4)+5)=\"\",\"\",INDIRECT(\"'MRO Certificate Printing'!D\"&((ROW()-2)*4)+5))","v":""},{"$f":"IF(INDIRECT(\"'MRO Certificate Printing'!E\"&((ROW()-2)*4)+5)=\"\",\"\",INDIRECT(\"'MRO Certificate Printing'!E\"&((ROW()-2)*4)+5))","v":""},{"$f":"IF(INDIRECT(\"'MRO Certificate Printing'!F\"&((ROW()-2)*4)+5)=\"\",\"\",INDIRECT(\"'MRO Certificate Printing'!F\"&((ROW()-2)*4)+5))","v":""},{"$f":"IF(INDIRECT(\"'MRO Certificate Printing'!B\"&((ROW()-2)*4)+5)=\"\",\"\",INDIRECT(\"'MRO Certificate Printing'!B\"&((ROW()-2)*4)+5))","v":""},{"$f":"IF(INDIRECT(\"'MRO Certificate Printing'!G\"&((ROW()-2)*4)+5)=\"\",\"\",INDIRECT(\"'MRO Certificate Printing'!G\"&((ROW()-2)*4)+5))","v":""},{"$f":"IF(INDIRECT(\"'MRO Certificate Printing'!J\"&((ROW()-2)*4)+5)=\"\",\"\",INDIRECT(\"'MRO Certificate Printing'!J\"&((ROW()-2)*4)+5))","v":""},{"$f":"IF(INDIRECT(\"'MRO Certificate Printing'!I\"&((ROW()-2)*4)+5)=\"\",\"\",INDIRECT(\"'MRO Certificate Printing'!I\"&((ROW()-2)*4)+5))","v":""},{"$f":"IF(INDIRECT(\"'MRO Certificate Printing'!K\"&((ROW()-2)*4)+5)=\"\",\"\",INDIRECT(\"'MRO Certificate Printing'!K\"&((ROW()-2)*4)+5))","v":""}]
["",{"$f":"IF(INDIRECT(\"'MRO Certificate Printing'!D\"&((ROW()-2)*4)+2)=\"\",\"\",INDIRECT(\"'MRO Certificate Printing'!D\"&((ROW()-2)*4)+2))","v":""},{"$f":"IF(INDIRECT(\"'MRO Certificate Printing'!E\"&((ROW()-2)*4)+2)=\"\",\"\",INDIRECT(\"'MRO Certificate Printing'!E\"&((ROW()-2)*4)+2))","v":""},{"$f":"IF(INDIRECT(\"'MRO Certificate Printing'!F\"&((ROW()-2)*4)+2)=\"\",\"\",INDIRECT(\"'MRO Certificate Printing'!F\"&((ROW()-2)*4)+2))","v":""},{"$f":"IF(INDIRECT(\"'MRO Certificate Printing'!B\"&((ROW()-2)*4)+2)=\"\",\"\",INDIRECT(\"'MRO Certificate Printing'!B\"&((ROW()-2)*4)+2))","v":""},{"$f":"IF(INDIRECT(\"'MRO Certificate Printing'!G\"&((ROW()-2)*4)+2)=\"\",\"\",INDIRECT(\"'MRO Certificate Printing'!G\"&((ROW()-2)*4)+2))","v":""},{"$f":"IF(INDIRECT(\"'MRO Certificate Printing'!J\"&((ROW()-2)*4)+2)=\"\",\"\",INDIRECT(\"'MRO Certificate Printing'!J\"&((ROW()-2)*4)+2))","v":""},{"$f":"IF(INDIRECT(\"'MRO Certificate Printing'!I\"&((ROW()-2)*4)+2)=\"\",\"\",INDIRECT(\"'MRO Certificate Printing'!I\"&((ROW()-2)*4)+2))","v":""},{"$f":"IF(INDIRECT(\"'MRO Certificate Printing'!K\"&((ROW()-2)*4)+2)=\"\",\"\",INDIRECT(\"'MRO Certificate Printing'!K\"&((ROW()-2)*4)+2))","v":""},null,{"$f":"IF(INDIRECT(\"'MRO Certificate Printing'!D\"&((ROW()-2)*4)+3)=\"\",\"\",INDIRECT(\"'MRO Certificate Printing'!D\"&((ROW()-2)*4)+3))","v":""},{"$f":"IF(INDIRECT(\"'MRO Certificate Printing'!E\"&((ROW()-2)*4)+3)=\"\",\"\",INDIRECT(\"'MRO Certificate Printing'!E\"&((ROW()-2)*4)+3))","v":""},{"$f":"IF(INDIRECT(\"'MRO Certificate Printing'!F\"&((ROW()-2)*4)+3)=\"\",\"\",INDIRECT(\"'MRO Certificate Printing'!F\"&((ROW()-2)*4)+3))","v":""},{"$f":"IF(INDIRECT(\"'MRO Certificate Printing'!B\"&((ROW()-2)*4)+3)=\"\",\"\",INDIRECT(\"'MRO Certificate Printing'!B\"&((ROW()-2)*4)+3))","v":""},{"$f":"IF(INDIRECT(\"'MRO Certificate Printing'!G\"&((ROW()-2)*4)+3)=\"\",\"\",INDIRECT(\"'MRO Certificate Printing'!G\"&((ROW()-2)*4)+3))","v":""},{"$f":"IF(INDIRECT(\"'MRO Certificate Printing'!J\"&((ROW()-2)*4)+3)=\"\",\"\",INDIRECT(\"'MRO Certificate Printing'!J\"&((ROW()-2)*4)+3))","v":""},{"$f":"IF(INDIRECT(\"'MRO Certificate Printing'!I\"&((ROW()-2)*4)+3)=\"\",\"\",INDIRECT(\"'MRO Certificate Printing'!I\"&((ROW()-2)*4)+3))","v":""},{"$f":"IF(INDIRECT(\"'MRO Certificate Printing'!K\"&((ROW()-2)*4)+3)=\"\",\"\",INDIRECT(\"'MRO Certificate Printing'!K\"&((ROW()-2)*4)+3))","v":""},null,{"$f":"IF(INDIRECT(\"'MRO Certificate Printing'!D\"&((ROW()-2)*4)+4)=\"\",\"\",INDIRECT(\"'MRO Certificate Printing'!D\"&((ROW()-2)*4)+4))","v":""},{"$f":"IF(INDIRECT(\"'MRO Certificate Printing'!E\"&((ROW()-2)*4)+4)=\"\",\"\",INDIRECT(\"'MRO Certificate Printing'!E\"&((ROW()-2)*4)+4))","v":""},{"$f":"IF(INDIRECT(\"'MRO Certificate Printing'!F\"&((ROW()-2)*4)+4)=\"\",\"\",INDIRECT(\"'MRO Certificate Printing'!F\"&((ROW()-2)*4)+4))","v":""},{"$f":"IF(INDIRECT(\"'MRO Certificate Printing'!B\"&((ROW()-2)*4)+4)=\"\",\"\",INDIRECT(\"'MRO Certificate Printing'!B\"&((ROW()-2)*4)+4))","v":""},{"$f":"IF(INDIRECT(\"'MRO Certificate Printing'!G\"&((ROW()-2)*4)+4)=\"\",\"\",INDIRECT(\"'MRO Certificate Printing'!G\"&((ROW()-2)*4)+4))","v":""},{"$f":"IF(INDIRECT(\"'MRO Certificate Printing'!J\"&((ROW()-2)*4)+4)=\"\",\"\",INDIRECT(\"'MRO Certificate Printing'!J\"&((ROW()-2)*4)+4))","v":""},{"$f":"IF(INDIRECT(\"'MRO Certificate Printing'!I\"&((ROW()-2)*4)+4)=\"\",\"\",INDIRECT(\"'MRO Certificate Printing'!I\"&((ROW()-2)*4)+4))","v":""},{"$f":"IF(INDIRECT(\"'MRO Certificate Printing'!K\"&((ROW()-2)*4)+4)=\"\",\"\",INDIRECT(\"'MRO Certificate Printing'!K\"&((ROW()-2)*4)+4))","v":""},null,{"$f":"IF(INDIRECT(\"'MRO Certificate Printing'!D\"&((ROW()-2)*4)+5)=\"\",\"\",INDIRECT(\"'MRO Certificate Printing'!D\"&((ROW()-2)*4)+5))","v":""},{"$f":"IF(INDIRECT(\"'MRO Certificate Printing'!E\"&((ROW()-2)*4)+5)=\"\",\"\",INDIRECT(\"'MRO Certificate Printing'!E\"&((ROW()-2)*4)+5))","v":""},{"$f":"IF(INDIRECT(\"'MRO Certificate Printing'!F\"&((ROW()-2)*4)+5)=\"\",\"\",INDIRECT(\"'MRO Certificate Printing'!F\"&((ROW()-2)*4)+5))","v":""},{"$f":"IF(INDIRECT(\"'MRO Certificate Printing'!B\"&((ROW()-2)*4)+5)=\"\",\"\",INDIRECT(\"'MRO Certificate Printing'!B\"&((ROW()-2)*4)+5))","v":""},{"$f":"IF(INDIRECT(\"'MRO Certificate Printing'!G\"&((ROW()-2)*4)+5)=\"\",\"\",INDIRECT(\"'MRO Certificate Printing'!G\"&((ROW()-2)*4)+5))","v":""},{"$f":"IF(INDIRECT(\"'MRO Certificate Printing'!J\"&((ROW()-2)*4)+5)=\"\",\"\",INDIRECT(\"'MRO Certificate Printing'!J\"&((ROW()-2)*4)+5))","v":""},{"$f":"IF(INDIRECT(\"'MRO Certificate Printing'!I\"&((ROW()-2)*4)+5)=\"\",\"\",INDIRECT(\"'MRO Certificate Printing'!I\"&((ROW()-2)*4)+5))","v":""},{"$f":"IF(INDIRECT(\"'MRO Certificate Printing'!K\"&((ROW()-2)*4)+5)=\"\",\"\",INDIRECT(\"'MRO Certificate Printing'!K\"&((ROW()-2)*4)+5))","v":""}]
["",{"$f":"IF(INDIRECT(\"'MRO Certificate Printing'!D\"&((ROW()-2)*4)+2)=\"\",\"\",INDIRECT(\"'MRO Certificate Printing'!D\"&((ROW()-2)*4)+2))","v":""},{"$f":"IF(INDIRECT(\"'MRO Certificate Printing'!E\"&((ROW()-2)*4)+2)=\"\",\"\",INDIRECT(\"'MRO Certificate Printing'!E\"&((ROW()-2)*4)+2))","v":""},{"$f":"IF(INDIRECT(\"'MRO Certificate Printing'!F\"&((ROW()-2)*4)+2)=\"\",\"\",INDIRECT(\"'MRO Certificate Printing'!F\"&((ROW()-2)*4)+2))","v":""},{"$f":"IF(INDIRECT(\"'MRO Certificate Printing'!B\"&((ROW()-2)*4)+2)=\"\",\"\",INDIRECT(\"'MRO Certificate Printing'!B\"&((ROW()-2)*4)+2))","v":""},{"$f":"IF(INDIRECT(\"'MRO Certificate Printing'!G\"&((ROW()-2)*4)+2)=\"\",\"\",INDIRECT(\"'MRO Certificate Printing'!G\"&((ROW()-2)*4)+2))","v":""},{"$f":"IF(INDIRECT(\"'MRO Certificate Printing'!J\"&((ROW()-2)*4)+2)=\"\",\"\",INDIRECT(\"'MRO Certificate Printing'!J\"&((ROW()-2)*4)+2))","v":""},{"$f":"IF(INDIRECT(\"'MRO Certificate Printing'!I\"&((ROW()-2)*4)+2)=\"\",\"\",INDIRECT(\"'MRO Certificate Printing'!I\"&((ROW()-2)*4)+2))","v":""},{"$f":"IF(INDIRECT(\"'MRO Certificate Printing'!K\"&((ROW()-2)*4)+2)=\"\",\"\",INDIRECT(\"'MRO Certificate Printing'!K\"&((ROW()-2)*4)+2))","v":""},null,{"$f":"IF(INDIRECT(\"'MRO Certificate Printing'!D\"&((ROW()-2)*4)+3)=\"\",\"\",INDIRECT(\"'MRO Certificate Printing'!D\"&((ROW()-2)*4)+3))","v":""},{"$f":"IF(INDIRECT(\"'MRO Certificate Printing'!E\"&((ROW()-2)*4)+3)=\"\",\"\",INDIRECT(\"'MRO Certificate Printing'!E\"&((ROW()-2)*4)+3))","v":""},{"$f":"IF(INDIRECT(\"'MRO Certificate Printing'!F\"&((ROW()-2)*4)+3)=\"\",\"\",INDIRECT(\"'MRO Certificate Printing'!F\"&((ROW()-2)*4)+3))","v":""},{"$f":"IF(INDIRECT(\"'MRO Certificate Printing'!B\"&((ROW()-2)*4)+3)=\"\",\"\",INDIRECT(\"'MRO Certificate Printing'!B\"&((ROW()-2)*4)+3))","v":""},{"$f":"IF(INDIRECT(\"'MRO Certificate Printing'!G\"&((ROW()-2)*4)+3)=\"\",\"\",INDIRECT(\"'MRO Certificate Printing'!G\"&((ROW()-2)*4)+3))","v":""},{"$f":"IF(INDIRECT(\"'MRO Certificate Printing'!J\"&((ROW()-2)*4)+3)=\"\",\"\",INDIRECT(\"'MRO Certificate Printing'!J\"&((ROW()-2)*4)+3))","v":""},{"$f":"IF(INDIRECT(\"'MRO Certificate Printing'!I\"&((ROW()-2)*4)+3)=\"\",\"\",INDIRECT(\"'MRO Certificate Printing'!I\"&((ROW()-2)*4)+3))","v":""},{"$f":"IF(INDIRECT(\"'MRO Certificate Printing'!K\"&((ROW()-2)*4)+3)=\"\",\"\",INDIRECT(\"'MRO Certificate Printing'!K\"&((ROW()-2)*4)+3))","v":""},null,{"$f":"IF(INDIRECT(\"'MRO Certificate Printing'!D\"&((ROW()-2)*4)+4)=\"\",\"\",INDIRECT(\"'MRO Certificate Printing'!D\"&((ROW()-2)*4)+4))","v":""},{"$f":"IF(INDIRECT(\"'MRO Certificate Printing'!E\"&((ROW()-2)*4)+4)=\"\",\"\",INDIRECT(\"'MRO Certificate Printing'!E\"&((ROW()-2)*4)+4))","v":""},{"$f":"IF(INDIRECT(\"'MRO Certificate Printing'!F\"&((ROW()-2)*4)+4)=\"\",\"\",INDIRECT(\"'MRO Certificate Printing'!F\"&((ROW()-2)*4)+4))","v":""},{"$f":"IF(INDIRECT(\"'MRO Certificate Printing'!B\"&((ROW()-2)*4)+4)=\"\",\"\",INDIRECT(\"'MRO Certificate Printing'!B\"&((ROW()-2)*4)+4))","v":""},{"$f":"IF(INDIRECT(\"'MRO Certificate Printing'!G\"&((ROW()-2)*4)+4)=\"\",\"\",INDIRECT(\"'MRO Certificate Printing'!G\"&((ROW()-2)*4)+4))","v":""},{"$f":"IF(INDIRECT(\"'MRO Certificate Printing'!J\"&((ROW()-2)*4)+4)=\"\",\"\",INDIRECT(\"'MRO Certificate Printing'!J\"&((ROW()-2)*4)+4))","v":""},{"$f":"IF(INDIRECT(\"'MRO Certificate Printing'!I\"&((ROW()-2)*4)+4)=\"\",\"\",INDIRECT(\"'MRO Certificate Printing'!I\"&((ROW()-2)*4)+4))","v":""},{"$f":"IF(INDIRECT(\"'MRO Certificate Printing'!K\"&((ROW()-2)*4)+4)=\"\",\"\",INDIRECT(\"'MRO Certificate Printing'!K\"&((ROW()-2)*4)+4))","v":""},null,{"$f":"IF(INDIRECT(\"'MRO Certificate Printing'!D\"&((ROW()-2)*4)+5)=\"\",\"\",INDIRECT(\"'MRO Certificate Printing'!D\"&((ROW()-2)*4)+5))","v":""},{"$f":"IF(INDIRECT(\"'MRO Certificate Printing'!E\"&((ROW()-2)*4)+5)=\"\",\"\",INDIRECT(\"'MRO Certificate Printing'!E\"&((ROW()-2)*4)+5))","v":""},{"$f":"IF(INDIRECT(\"'MRO Certificate Printing'!F\"&((ROW()-2)*4)+5)=\"\",\"\",INDIRECT(\"'MRO Certificate Printing'!F\"&((ROW()-2)*4)+5))","v":""},{"$f":"IF(INDIRECT(\"'MRO Certificate Printing'!B\"&((ROW()-2)*4)+5)=\"\",\"\",INDIRECT(\"'MRO Certificate Printing'!B\"&((ROW()-2)*4)+5))","v":""},{"$f":"IF(INDIRECT(\"'MRO Certificate Printing'!G\"&((ROW()-2)*4)+5)=\"\",\"\",INDIRECT(\"'MRO Certificate Printing'!G\"&((ROW()-2)*4)+5))","v":""},{"$f":"IF(INDIRECT(\"'MRO Certificate Printing'!J\"&((ROW()-2)*4)+5)=\"\",\"\",INDIRECT(\"'MRO Certificate Printing'!J\"&((ROW()-2)*4)+5))","v":""},{"$f":"IF(INDIRECT(\"'MRO Certificate Printing'!I\"&((ROW()-2)*4)+5)=\"\",\"\",INDIRECT(\"'MRO Certificate Printing'!I\"&((ROW()-2)*4)+5))","v":""},{"$f":"IF(INDIRECT(\"'MRO Certificate Printing'!K\"&((ROW()-2)*4)+5)=\"\",\"\",INDIRECT(\"'MRO Certificate Printing'!K\"&((ROW()-2)*4)+5))","v":""}]
["",{"$f":"IF(INDIRECT(\"'MRO Certificate Printing'!D\"&((ROW()-2)*4)+2)=\"\",\"\",INDIRECT(\"'MRO Certificate Printing'!D\"&((ROW()-2)*4)+2))","v":""},{"$f":"IF(INDIRECT(\"'MRO Certificate Printing'!E\"&((ROW()-2)*4)+2)=\"\",\"\",INDIRECT(\"'MRO Certificate Printing'!E\"&((ROW()-2)*4)+2))","v":""},{"$f":"IF(INDIRECT(\"'MRO Certificate Printing'!F\"&((ROW()-2)*4)+2)=\"\",\"\",INDIRECT(\"'MRO Certificate Printing'!F\"&((ROW()-2)*4)+2))","v":""},{"$f":"IF(INDIRECT(\"'MRO Certificate Printing'!B\"&((ROW()-2)*4)+2)=\"\",\"\",INDIRECT(\"'MRO Certificate Printing'!B\"&((ROW()-2)*4)+2))","v":""},{"$f":"IF(INDIRECT(\"'MRO Certificate Printing'!G\"&((ROW()-2)*4)+2)=\"\",\"\",INDIRECT(\"'MRO Certificate Printing'!G\"&((ROW()-2)*4)+2))","v":""},{"$f":"IF(INDIRECT(\"'MRO Certificate Printing'!J\"&((ROW()-2)*4)+2)=\"\",\"\",INDIRECT(\"'MRO Certificate Printing'!J\"&((ROW()-2)*4)+2))","v":""},{"$f":"IF(INDIRECT(\"'MRO Certificate Printing'!I\"&((ROW()-2)*4)+2)=\"\",\"\",INDIRECT(\"'MRO Certificate Printing'!I\"&((ROW()-2)*4)+2))","v":""},{"$f":"IF(INDIRECT(\"'MRO Certificate Printing'!K\"&((ROW()-2)*4)+2)=\"\",\"\",INDIRECT(\"'MRO Certificate Printing'!K\"&((ROW()-2)*4)+2))","v":""},null,{"$f":"IF(INDIRECT(\"'MRO Certificate Printing'!D\"&((ROW()-2)*4)+3)=\"\",\"\",INDIRECT(\"'MRO Certificate Printing'!D\"&((ROW()-2)*4)+3))","v":""},{"$f":"IF(INDIRECT(\"'MRO Certificate Printing'!E\"&((ROW()-2)*4)+3)=\"\",\"\",INDIRECT(\"'MRO Certificate Printing'!E\"&((ROW()-2)*4)+3))","v":""},{"$f":"IF(INDIRECT(\"'MRO Certificate Printing'!F\"&((ROW()-2)*4)+3)=\"\",\"\",INDIRECT(\"'MRO Certificate Printing'!F\"&((ROW()-2)*4)+3))","v":""},{"$f":"IF(INDIRECT(\"'MRO Certificate Printing'!B\"&((ROW()-2)*4)+3)=\"\",\"\",INDIRECT(\"'MRO Certificate Printing'!B\"&((ROW()-2)*4)+3))","v":""},{"$f":"IF(INDIRECT(\"'MRO Certificate Printing'!G\"&((ROW()-2)*4)+3)=\"\",\"\",INDIRECT(\"'MRO Certificate Printing'!G\"&((ROW()-2)*4)+3))","v":""},{"$f":"IF(INDIRECT(\"'MRO Certificate Printing'!J\"&((ROW()-2)*4)+3)=\"\",\"\",INDIRECT(\"'MRO Certificate Printing'!J\"&((ROW()-2)*4)+3))","v":""},{"$f":"IF(INDIRECT(\"'MRO Certificate Printing'!I\"&((ROW()-2)*4)+3)=\"\",\"\",INDIRECT(\"'MRO Certificate Printing'!I\"&((ROW()-2)*4)+3))","v":""},{"$f":"IF(INDIRECT(\"'MRO Certificate Printing'!K\"&((ROW()-2)*4)+3)=\"\",\"\",INDIRECT(\"'MRO Certificate Printing'!K\"&((ROW()-2)*4)+3))","v":""},null,{"$f":"IF(INDIRECT(\"'MRO Certificate Printing'!D\"&((ROW()-2)*4)+4)=\"\",\"\",INDIRECT(\"'MRO Certificate Printing'!D\"&((ROW()-2)*4)+4))","v":""},{"$f":"IF(INDIRECT(\"'MRO Certificate Printing'!E\"&((ROW()-2)*4)+4)=\"\",\"\",INDIRECT(\"'MRO Certificate Printing'!E\"&((ROW()-2)*4)+4))","v":""},{"$f":"IF(INDIRECT(\"'MRO Certificate Printing'!F\"&((ROW()-2)*4)+4)=\"\",\"\",INDIRECT(\"'MRO Certificate Printing'!F\"&((ROW()-2)*4)+4))","v":""},{"$f":"IF(INDIRECT(\"'MRO Certificate Printing'!B\"&((ROW()-2)*4)+4)=\"\",\"\",INDIRECT(\"'MRO Certificate Printing'!B\"&((ROW()-2)*4)+4))","v":""},{"$f":"IF(INDIRECT(\"'MRO Certificate Printing'!G\"&((ROW()-2)*4)+4)=\"\",\"\",INDIRECT(\"'MRO Certificate Printing'!G\"&((ROW()-2)*4)+4))","v":""},{"$f":"IF(INDIRECT(\"'MRO Certificate Printing'!J\"&((ROW()-2)*4)+4)=\"\",\"\",INDIRECT(\"'MRO Certificate Printing'!J\"&((ROW()-2)*4)+4))","v":""},{"$f":"IF(INDIRECT(\"'MRO Certificate Printing'!I\"&((ROW()-2)*4)+4)=\"\",\"\",INDIRECT(\"'MRO Certificate Printing'!I\"&((ROW()-2)*4)+4))","v":""},{"$f":"IF(INDIRECT(\"'MRO Certificate Printing'!K\"&((ROW()-2)*4)+4)=\"\",\"\",INDIRECT(\"'MRO Certificate Printing'!K\"&((ROW()-2)*4)+4))","v":""},null,{"$f":"IF(INDIRECT(\"'MRO Certificate Printing'!D\"&((ROW()-2)*4)+5)=\"\",\"\",INDIRECT(\"'MRO Certificate Printing'!D\"&((ROW()-2)*4)+5))","v":""},{"$f":"IF(INDIRECT(\"'MRO Certificate Printing'!E\"&((ROW()-2)*4)+5)=\"\",\"\",INDIRECT(\"'MRO Certificate Printing'!E\"&((ROW()-2)*4)+5))","v":""},{"$f":"IF(INDIRECT(\"'MRO Certificate Printing'!F\"&((ROW()-2)*4)+5)=\"\",\"\",INDIRECT(\"'MRO Certificate Printing'!F\"&((ROW()-2)*4)+5))","v":""},{"$f":"IF(INDIRECT(\"'MRO Certificate Printing'!B\"&((ROW()-2)*4)+5)=\"\",\"\",INDIRECT(\"'MRO Certificate Printing'!B\"&((ROW()-2)*4)+5))","v":""},{"$f":"IF(INDIRECT(\"'MRO Certificate Printing'!G\"&((ROW()-2)*4)+5)=\"\",\"\",INDIRECT(\"'MRO Certificate Printing'!G\"&((ROW()-2)*4)+5))","v":""},{"$f":"IF(INDIRECT(\"'MRO Certificate Printing'!J\"&((ROW()-2)*4)+5)=\"\",\"\",INDIRECT(\"'MRO Certificate Printing'!J\"&((ROW()-2)*4)+5))","v":""},{"$f":"IF(INDIRECT(\"'MRO Certificate Printing'!I\"&((ROW()-2)*4)+5)=\"\",\"\",INDIRECT(\"'MRO Certificate Printing'!I\"&((ROW()-2)*4)+5))","v":""},{"$f":"IF(INDIRECT(\"'MRO Certificate Printing'!K\"&((ROW()-2)*4)+5)=\"\",\"\",INDIRECT(\"'MRO Certificate Printing'!K\"&((ROW()-2)*4)+5))","v":""}]
["",{"$f":"IF(INDIRECT(\"'MRO Certificate Printing'!D\"&((ROW()-2)*4)+2)=\"\",\"\",INDIRECT(\"'MRO Certificate Printing'!D\"&((ROW()-2)*4)+2))","v":""},{"$f":"IF(INDIRECT(\"'MRO Certificate Printing'!E\"&((ROW()-2)*4)+2)=\"\",\"\",INDIRECT(\"'MRO Certificate Printing'!E\"&((ROW()-2)*4)+2))","v":""},{"$f":"IF(INDIRECT(\"'MRO Certificate Printing'!F\"&((ROW()-2)*4)+2)=\"\",\"\",INDIRECT(\"'MRO Certificate Printing'!F\"&((ROW()-2)*4)+2))","v":""},{"$f":"IF(INDIRECT(\"'MRO Certificate Printing'!B\"&((ROW()-2)*4)+2)=\"\",\"\",INDIRECT(\"'MRO Certificate Printing'!B\"&((ROW()-2)*4)+2))","v":""},{"$f":"IF(INDIRECT(\"'MRO Certificate Printing'!G\"&((ROW()-2)*4)+2)=\"\",\"\",INDIRECT(\"'MRO Certificate Printing'!G\"&((ROW()-2)*4)+2))","v":""},{"$f":"IF(INDIRECT(\"'MRO Certificate Printing'!J\"&((ROW()-2)*4)+2)=\"\",\"\",INDIRECT(\"'MRO Certificate Printing'!J\"&((ROW()-2)*4)+2))","v":""},{"$f":"IF(INDIRECT(\"'MRO Certificate Printing'!I\"&((ROW()-2)*4)+2)=\"\",\"\",INDIRECT(\"'MRO Certificate Printing'!I\"&((ROW()-2)*4)+2))","v":""},{"$f":"IF(INDIRECT(\"'MRO Certificate Printing'!K\"&((ROW()-2)*4)+2)=\"\",\"\",INDIRECT(\"'MRO Certificate Printing'!K\"&((ROW()-2)*4)+2))","v":""},null,{"$f":"IF(INDIRECT(\"'MRO Certificate Printing'!D\"&((ROW()-2)*4)+3)=\"\",\"\",INDIRECT(\"'MRO Certificate Printing'!D\"&((ROW()-2)*4)+3))","v":""},{"$f":"IF(INDIRECT(\"'MRO Certificate Printing'!E\"&((ROW()-2)*4)+3)=\"\",\"\",INDIRECT(\"'MRO Certificate Printing'!E\"&((ROW()-2)*4)+3))","v":""},{"$f":"IF(INDIRECT(\"'MRO Certificate Printing'!F\"&((ROW()-2)*4)+3)=\"\",\"\",INDIRECT(\"'MRO Certificate Printing'!F\"&((ROW()-2)*4)+3))","v":""},{"$f":"IF(INDIRECT(\"'MRO Certificate Printing'!B\"&((ROW()-2)*4)+3)=\"\",\"\",INDIRECT(\"'MRO Certificate Printing'!B\"&((ROW()-2)*4)+3))","v":""},{"$f":"IF(INDIRECT(\"'MRO Certificate Printing'!G\"&((ROW()-2)*4)+3)=\"\",\"\",INDIRECT(\"'MRO Certificate Printing'!G\"&((ROW()-2)*4)+3))","v":""},{"$f":"IF(INDIRECT(\"'MRO Certificate Printing'!J\"&((ROW()-2)*4)+3)=\"\",\"\",INDIRECT(\"'MRO Certificate Printing'!J\"&((ROW()-2)*4)+3))","v":""},{"$f":"IF(INDIRECT(\"'MRO Certificate Printing'!I\"&((ROW()-2)*4)+3)=\"\",\"\",INDIRECT(\"'MRO Certificate Printing'!I\"&((ROW()-2)*4)+3))","v":""},{"$f":"IF(INDIRECT(\"'MRO Certificate Printing'!K\"&((ROW()-2)*4)+3)=\"\",\"\",INDIRECT(\"'MRO Certificate Printing'!K\"&((ROW()-2)*4)+3))","v":""},null,{"$f":"IF(INDIRECT(\"'MRO Certificate Printing'!D\"&((ROW()-2)*4)+4)=\"\",\"\",INDIRECT(\"'MRO Certificate Printing'!D\"&((ROW()-2)*4)+4))","v":""},{"$f":"IF(INDIRECT(\"'MRO Certificate Printing'!E\"&((ROW()-2)*4)+4)=\"\",\"\",INDIRECT(\"'MRO Certificate Printing'!E\"&((ROW()-2)*4)+4))","v":""},{"$f":"IF(INDIRECT(\"'MRO Certificate Printing'!F\"&((ROW()-2)*4)+4)=\"\",\"\",INDIRECT(\"'MRO Certificate Printing'!F\"&((ROW()-2)*4)+4))","v":""},{"$f":"IF(INDIRECT(\"'MRO Certificate Printing'!B\"&((ROW()-2)*4)+4)=\"\",\"\",INDIRECT(\"'MRO Certificate Printing'!B\"&((ROW()-2)*4)+4))","v":""},{"$f":"IF(INDIRECT(\"'MRO Certificate Printing'!G\"&((ROW()-2)*4)+4)=\"\",\"\",INDIRECT(\"'MRO Certificate Printing'!G\"&((ROW()-2)*4)+4))","v":""},{"$f":"IF(INDIRECT(\"'MRO Certificate Printing'!J\"&((ROW()-2)*4)+4)=\"\",\"\",INDIRECT(\"'MRO Certificate Printing'!J\"&((ROW()-2)*4)+4))","v":""},{"$f":"IF(INDIRECT(\"'MRO Certificate Printing'!I\"&((ROW()-2)*4)+4)=\"\",\"\",INDIRECT(\"'MRO Certificate Printing'!I\"&((ROW()-2)*4)+4))","v":""},{"$f":"IF(INDIRECT(\"'MRO Certificate Printing'!K\"&((ROW()-2)*4)+4)=\"\",\"\",INDIRECT(\"'MRO Certificate Printing'!K\"&((ROW()-2)*4)+4))","v":""},null,{"$f":"IF(INDIRECT(\"'MRO Certificate Printing'!D\"&((ROW()-2)*4)+5)=\"\",\"\",INDIRECT(\"'MRO Certificate Printing'!D\"&((ROW()-2)*4)+5))","v":""},{"$f":"IF(INDIRECT(\"'MRO Certificate Printing'!E\"&((ROW()-2)*4)+5)=\"\",\"\",INDIRECT(\"'MRO Certificate Printing'!E\"&((ROW()-2)*4)+5))","v":""},{"$f":"IF(INDIRECT(\"'MRO Certificate Printing'!F\"&((ROW()-2)*4)+5)=\"\",\"\",INDIRECT(\"'MRO Certificate Printing'!F\"&((ROW()-2)*4)+5))","v":""},{"$f":"IF(INDIRECT(\"'MRO Certificate Printing'!B\"&((ROW()-2)*4)+5)=\"\",\"\",INDIRECT(\"'MRO Certificate Printing'!B\"&((ROW()-2)*4)+5))","v":""},{"$f":"IF(INDIRECT(\"'MRO Certificate Printing'!G\"&((ROW()-2)*4)+5)=\"\",\"\",INDIRECT(\"'MRO Certificate Printing'!G\"&((ROW()-2)*4)+5))","v":""},{"$f":"IF(INDIRECT(\"'MRO Certificate Printing'!J\"&((ROW()-2)*4)+5)=\"\",\"\",INDIRECT(\"'MRO Certificate Printing'!J\"&((ROW()-2)*4)+5))","v":""},{"$f":"IF(INDIRECT(\"'MRO Certificate Printing'!I\"&((ROW()-2)*4)+5)=\"\",\"\",INDIRECT(\"'MRO Certificate Printing'!I\"&((ROW()-2)*4)+5))","v":""},{"$f":"IF(INDIRECT(\"'MRO Certificate Printing'!K\"&((ROW()-2)*4)+5)=\"\",\"\",INDIRECT(\"'MRO Certificate Printing'!K\"&((ROW()-2)*4)+5))","v":""}]
["",{"$f":"IF(INDIRECT(\"'MRO Certificate Printing'!D\"&((ROW()-2)*4)+2)=\"\",\"\",INDIRECT(\"'MRO Certificate Printing'!D\"&((ROW()-2)*4)+2))","v":""},{"$f":"IF(INDIRECT(\"'MRO Certificate Printing'!E\"&((ROW()-2)*4)+2)=\"\",\"\",INDIRECT(\"'MRO Certificate Printing'!E\"&((ROW()-2)*4)+2))","v":""},{"$f":"IF(INDIRECT(\"'MRO Certificate Printing'!F\"&((ROW()-2)*4)+2)=\"\",\"\",INDIRECT(\"'MRO Certificate Printing'!F\"&((ROW()-2)*4)+2))","v":""},{"$f":"IF(INDIRECT(\"'MRO Certificate Printing'!B\"&((ROW()-2)*4)+2)=\"\",\"\",INDIRECT(\"'MRO Certificate Printing'!B\"&((ROW()-2)*4)+2))","v":""},{"$f":"IF(INDIRECT(\"'MRO Certificate Printing'!G\"&((ROW()-2)*4)+2)=\"\",\"\",INDIRECT(\"'MRO Certificate Printing'!G\"&((ROW()-2)*4)+2))","v":""},{"$f":"IF(INDIRECT(\"'MRO Certificate Printing'!J\"&((ROW()-2)*4)+2)=\"\",\"\",INDIRECT(\"'MRO Certificate Printing'!J\"&((ROW()-2)*4)+2))","v":""},{"$f":"IF(INDIRECT(\"'MRO Certificate Printing'!I\"&((ROW()-2)*4)+2)=\"\",\"\",INDIRECT(\"'MRO Certificate Printing'!I\"&((ROW()-2)*4)+2))","v":""},{"$f":"IF(INDIRECT(\"'MRO Certificate Printing'!K\"&((ROW()-2)*4)+2)=\"\",\"\",INDIRECT(\"'MRO Certificate Printing'!K\"&((ROW()-2)*4)+2))","v":""},null,{"$f":"IF(INDIRECT(\"'MRO Certificate Printing'!D\"&((ROW()-2)*4)+3)=\"\",\"\",INDIRECT(\"'MRO Certificate Printing'!D\"&((ROW()-2)*4)+3))","v":""},{"$f":"IF(INDIRECT(\"'MRO Certificate Printing'!E\"&((ROW()-2)*4)+3)=\"\",\"\",INDIRECT(\"'MRO Certificate Printing'!E\"&((ROW()-2)*4)+3))","v":""},{"$f":"IF(INDIRECT(\"'MRO Certificate Printing'!F\"&((ROW()-2)*4)+3)=\"\",\"\",INDIRECT(\"'MRO Certificate Printing'!F\"&((ROW()-2)*4)+3))","v":""},{"$f":"IF(INDIRECT(\"'MRO Certificate Printing'!B\"&((ROW()-2)*4)+3)=\"\",\"\",INDIRECT(\"'MRO Certificate Printing'!B\"&((ROW()-2)*4)+3))","v":""},{"$f":"IF(INDIRECT(\"'MRO Certificate Printing'!G\"&((ROW()-2)*4)+3)=\"\",\"\",INDIRECT(\"'MRO Certificate Printing'!G\"&((ROW()-2)*4)+3))","v":""},{"$f":"IF(INDIRECT(\"'MRO Certificate Printing'!J\"&((ROW()-2)*4)+3)=\"\",\"\",INDIRECT(\"'MRO Certificate Printing'!J\"&((ROW()-2)*4)+3))","v":""},{"$f":"IF(INDIRECT(\"'MRO Certificate Printing'!I\"&((ROW()-2)*4)+3)=\"\",\"\",INDIRECT(\"'MRO Certificate Printing'!I\"&((ROW()-2)*4)+3))","v":""},{"$f":"IF(INDIRECT(\"'MRO Certificate Printing'!K\"&((ROW()-2)*4)+3)=\"\",\"\",INDIRECT(\"'MRO Certificate Printing'!K\"&((ROW()-2)*4)+3))","v":""},null,{"$f":"IF(INDIRECT(\"'MRO Certificate Printing'!D\"&((ROW()-2)*4)+4)=\"\",\"\",INDIRECT(\"'MRO Certificate Printing'!D\"&((ROW()-2)*4)+4))","v":""},{"$f":"IF(INDIRECT(\"'MRO Certificate Printing'!E\"&((ROW()-2)*4)+4)=\"\",\"\",INDIRECT(\"'MRO Certificate Printing'!E\"&((ROW()-2)*4)+4))","v":""},{"$f":"IF(INDIRECT(\"'MRO Certificate Printing'!F\"&((ROW()-2)*4)+4)=\"\",\"\",INDIRECT(\"'MRO Certificate Printing'!F\"&((ROW()-2)*4)+4))","v":""},{"$f":"IF(INDIRECT(\"'MRO Certificate Printing'!B\"&((ROW()-2)*4)+4)=\"\",\"\",INDIRECT(\"'MRO Certificate Printing'!B\"&((ROW()-2)*4)+4))","v":""},{"$f":"IF(INDIRECT(\"'MRO Certificate Printing'!G\"&((ROW()-2)*4)+4)=\"\",\"\",INDIRECT(\"'MRO Certificate Printing'!G\"&((ROW()-2)*4)+4))","v":""},{"$f":"IF(INDIRECT(\"'MRO Certificate Printing'!J\"&((ROW()-2)*4)+4)=\"\",\"\",INDIRECT(\"'MRO Certificate Printing'!J\"&((ROW()-2)*4)+4))","v":""},{"$f":"IF(INDIRECT(\"'MRO Certificate Printing'!I\"&((ROW()-2)*4)+4)=\"\",\"\",INDIRECT(\"'MRO Certificate Printing'!I\"&((ROW()-2)*4)+4))","v":""},{"$f":"IF(INDIRECT(\"'MRO Certificate Printing'!K\"&((ROW()-2)*4)+4)=\"\",\"\",INDIRECT(\"'MRO Certificate Printing'!K\"&((ROW()-2)*4)+4))","v":""},null,{"$f":"IF(INDIRECT(\"'MRO Certificate Printing'!D\"&((ROW()-2)*4)+5)=\"\",\"\",INDIRECT(\"'MRO Certificate Printing'!D\"&((ROW()-2)*4)+5))","v":""},{"$f":"IF(INDIRECT(\"'MRO Certificate Printing'!E\"&((ROW()-2)*4)+5)=\"\",\"\",INDIRECT(\"'MRO Certificate Printing'!E\"&((ROW()-2)*4)+5))","v":""},{"$f":"IF(INDIRECT(\"'MRO Certificate Printing'!F\"&((ROW()-2)*4)+5)=\"\",\"\",INDIRECT(\"'MRO Certificate Printing'!F\"&((ROW()-2)*4)+5))","v":""},{"$f":"IF(INDIRECT(\"'MRO Certificate Printing'!B\"&((ROW()-2)*4)+5)=\"\",\"\",INDIRECT(\"'MRO Certificate Printing'!B\"&((ROW()-2)*4)+5))","v":""},{"$f":"IF(INDIRECT(\"'MRO Certificate Printing'!G\"&((ROW()-2)*4)+5)=\"\",\"\",INDIRECT(\"'MRO Certificate Printing'!G\"&((ROW()-2)*4)+5))","v":""},{"$f":"IF(INDIRECT(\"'MRO Certificate Printing'!J\"&((ROW()-2)*4)+5)=\"\",\"\",INDIRECT(\"'MRO Certificate Printing'!J\"&((ROW()-2)*4)+5))","v":""},{"$f":"IF(INDIRECT(\"'MRO Certificate Printing'!I\"&((ROW()-2)*4)+5)=\"\",\"\",INDIRECT(\"'MRO Certificate Printing'!I\"&((ROW()-2)*4)+5))","v":""},{"$f":"IF(INDIRECT(\"'MRO Certificate Printing'!K\"&((ROW()-2)*4)+5)=\"\",\"\",INDIRECT(\"'MRO Certificate Printing'!K\"&((ROW()-2)*4)+5))","v":""}]
["",{"$f":"IF(INDIRECT(\"'MRO Certificate Printing'!D\"&((ROW()-2)*4)+2)=\"\",\"\",INDIRECT(\"'MRO Certificate Printing'!D\"&((ROW()-2)*4)+2))","v":""},{"$f":"IF(INDIRECT(\"'MRO Certificate Printing'!E\"&((ROW()-2)*4)+2)=\"\",\"\",INDIRECT(\"'MRO Certificate Printing'!E\"&((ROW()-2)*4)+2))","v":""},{"$f":"IF(INDIRECT(\"'MRO Certificate Printing'!F\"&((ROW()-2)*4)+2)=\"\",\"\",INDIRECT(\"'MRO Certificate Printing'!F\"&((ROW()-2)*4)+2))","v":""},{"$f":"IF(INDIRECT(\"'MRO Certificate Printing'!B\"&((ROW()-2)*4)+2)=\"\",\"\",INDIRECT(\"'MRO Certificate Printing'!B\"&((ROW()-2)*4)+2))","v":""},{"$f":"IF(INDIRECT(\"'MRO Certificate Printing'!G\"&((ROW()-2)*4)+2)=\"\",\"\",INDIRECT(\"'MRO Certificate Printing'!G\"&((ROW()-2)*4)+2))","v":""},{"$f":"IF(INDIRECT(\"'MRO Certificate Printing'!J\"&((ROW()-2)*4)+2)=\"\",\"\",INDIRECT(\"'MRO Certificate Printing'!J\"&((ROW()-2)*4)+2))","v":""},{"$f":"IF(INDIRECT(\"'MRO Certificate Printing'!I\"&((ROW()-2)*4)+2)=\"\",\"\",INDIRECT(\"'MRO Certificate Printing'!I\"&((ROW()-2)*4)+2))","v":""},{"$f":"IF(INDIRECT(\"'MRO Certificate Printing'!K\"&((ROW()-2)*4)+2)=\"\",\"\",INDIRECT(\"'MRO Certificate Printing'!K\"&((ROW()-2)*4)+2))","v":""},null,{"$f":"IF(INDIRECT(\"'MRO Certificate Printing'!D\"&((ROW()-2)*4)+3)=\"\",\"\",INDIRECT(\"'MRO Certificate Printing'!D\"&((ROW()-2)*4)+3))","v":""},{"$f":"IF(INDIRECT(\"'MRO Certificate Printing'!E\"&((ROW()-2)*4)+3)=\"\",\"\",INDIRECT(\"'MRO Certificate Printing'!E\"&((ROW()-2)*4)+3))","v":""},{"$f":"IF(INDIRECT(\"'MRO Certificate Printing'!F\"&((ROW()-2)*4)+3)=\"\",\"\",INDIRECT(\"'MRO Certificate Printing'!F\"&((ROW()-2)*4)+3))","v":""},{"$f":"IF(INDIRECT(\"'MRO Certificate Printing'!B\"&((ROW()-2)*4)+3)=\"\",\"\",INDIRECT(\"'MRO Certificate Printing'!B\"&((ROW()-2)*4)+3))","v":""},{"$f":"IF(INDIRECT(\"'MRO Certificate Printing'!G\"&((ROW()-2)*4)+3)=\"\",\"\",INDIRECT(\"'MRO Certificate Printing'!G\"&((ROW()-2)*4)+3))","v":""},{"$f":"IF(INDIRECT(\"'MRO Certificate Printing'!J\"&((ROW()-2)*4)+3)=\"\",\"\",INDIRECT(\"'MRO Certificate Printing'!J\"&((ROW()-2)*4)+3))","v":""},{"$f":"IF(INDIRECT(\"'MRO Certificate Printing'!I\"&((ROW()-2)*4)+3)=\"\",\"\",INDIRECT(\"'MRO Certificate Printing'!I\"&((ROW()-2)*4)+3))","v":""},{"$f":"IF(INDIRECT(\"'MRO Certificate Printing'!K\"&((ROW()-2)*4)+3)=\"\",\"\",INDIRECT(\"'MRO Certificate Printing'!K\"&((ROW()-2)*4)+3))","v":""},null,{"$f":"IF(INDIRECT(\"'MRO Certificate Printing'!D\"&((ROW()-2)*4)+4)=\"\",\"\",INDIRECT(\"'MRO Certificate Printing'!D\"&((ROW()-2)*4)+4))","v":""},{"$f":"IF(INDIRECT(\"'MRO Certificate Printing'!E\"&((ROW()-2)*4)+4)=\"\",\"\",INDIRECT(\"'MRO Certificate Printing'!E\"&((ROW()-2)*4)+4))","v":""},{"$f":"IF(INDIRECT(\"'MRO Certificate Printing'!F\"&((ROW()-2)*4)+4)=\"\",\"\",INDIRECT(\"'MRO Certificate Printing'!F\"&((ROW()-2)*4)+4))","v":""},{"$f":"IF(INDIRECT(\"'MRO Certificate Printing'!B\"&((ROW()-2)*4)+4)=\"\",\"\",INDIRECT(\"'MRO Certificate Printing'!B\"&((ROW()-2)*4)+4))","v":""},{"$f":"IF(INDIRECT(\"'MRO Certificate Printing'!G\"&((ROW()-2)*4)+4)=\"\",\"\",INDIRECT(\"'MRO Certificate Printing'!G\"&((ROW()-2)*4)+4))","v":""},{"$f":"IF(INDIRECT(\"'MRO Certificate Printing'!J\"&((ROW()-2)*4)+4)=\"\",\"\",INDIRECT(\"'MRO Certificate Printing'!J\"&((ROW()-2)*4)+4))","v":""},{"$f":"IF(INDIRECT(\"'MRO Certificate Printing'!I\"&((ROW()-2)*4)+4)=\"\",\"\",INDIRECT(\"'MRO Certificate Printing'!I\"&((ROW()-2)*4)+4))","v":""},{"$f":"IF(INDIRECT(\"'MRO Certificate Printing'!K\"&((ROW()-2)*4)+4)=\"\",\"\",INDIRECT(\"'MRO Certificate Printing'!K\"&((ROW()-2)*4)+4))","v":""},null,{"$f":"IF(INDIRECT(\"'MRO Certificate Printing'!D\"&((ROW()-2)*4)+5)=\"\",\"\",INDIRECT(\"'MRO Certificate Printing'!D\"&((ROW()-2)*4)+5))","v":""},{"$f":"IF(INDIRECT(\"'MRO Certificate Printing'!E\"&((ROW()-2)*4)+5)=\"\",\"\",INDIRECT(\"'MRO Certificate Printing'!E\"&((ROW()-2)*4)+5))","v":""},{"$f":"IF(INDIRECT(\"'MRO Certificate Printing'!F\"&((ROW()-2)*4)+5)=\"\",\"\",INDIRECT(\"'MRO Certificate Printing'!F\"&((ROW()-2)*4)+5))","v":""},{"$f":"IF(INDIRECT(\"'MRO Certificate Printing'!B\"&((ROW()-2)*4)+5)=\"\",\"\",INDIRECT(\"'MRO Certificate Printing'!B\"&((ROW()-2)*4)+5))","v":""},{"$f":"IF(INDIRECT(\"'MRO Certificate Printing'!G\"&((ROW()-2)*4)+5)=\"\",\"\",INDIRECT(\"'MRO Certificate Printing'!G\"&((ROW()-2)*4)+5))","v":""},{"$f":"IF(INDIRECT(\"'MRO Certificate Printing'!J\"&((ROW()-2)*4)+5)=\"\",\"\",INDIRECT(\"'MRO Certificate Printing'!J\"&((ROW()-2)*4)+5))","v":""},{"$f":"IF(INDIRECT(\"'MRO Certificate Printing'!I\"&((ROW()-2)*4)+5)=\"\",\"\",INDIRECT(\"'MRO Certificate Printing'!I\"&((ROW()-2)*4)+5))","v":""},{"$f":"IF(INDIRECT(\"'MRO Certificate Printing'!K\"&((ROW()-2)*4)+5)=\"\",\"\",INDIRECT(\"'MRO Certificate Printing'!K\"&((ROW()-2)*4)+5))","v":""}]
["",{"$f":"IF(INDIRECT(\"'MRO Certificate Printing'!D\"&((ROW()-2)*4)+2)=\"\",\"\",INDIRECT(\"'MRO Certificate Printing'!D\"&((ROW()-2)*4)+2))","v":""},{"$f":"IF(INDIRECT(\"'MRO Certificate Printing'!E\"&((ROW()-2)*4)+2)=\"\",\"\",INDIRECT(\"'MRO Certificate Printing'!E\"&((ROW()-2)*4)+2))","v":""},{"$f":"IF(INDIRECT(\"'MRO Certificate Printing'!F\"&((ROW()-2)*4)+2)=\"\",\"\",INDIRECT(\"'MRO Certificate Printing'!F\"&((ROW()-2)*4)+2))","v":""},{"$f":"IF(INDIRECT(\"'MRO Certificate Printing'!B\"&((ROW()-2)*4)+2)=\"\",\"\",INDIRECT(\"'MRO Certificate Printing'!B\"&((ROW()-2)*4)+2))","v":""},{"$f":"IF(INDIRECT(\"'MRO Certificate Printing'!G\"&((ROW()-2)*4)+2)=\"\",\"\",INDIRECT(\"'MRO Certificate Printing'!G\"&((ROW()-2)*4)+2))","v":""},{"$f":"IF(INDIRECT(\"'MRO Certificate Printing'!J\"&((ROW()-2)*4)+2)=\"\",\"\",INDIRECT(\"'MRO Certificate Printing'!J\"&((ROW()-2)*4)+2))","v":""},{"$f":"IF(INDIRECT(\"'MRO Certificate Printing'!I\"&((ROW()-2)*4)+2)=\"\",\"\",INDIRECT(\"'MRO Certificate Printing'!I\"&((ROW()-2)*4)+2))","v":""},{"$f":"IF(INDIRECT(\"'MRO Certificate Printing'!K\"&((ROW()-2)*4)+2)=\"\",\"\",INDIRECT(\"'MRO Certificate Printing'!K\"&((ROW()-2)*4)+2))","v":""},null,{"$f":"IF(INDIRECT(\"'MRO Certificate Printing'!D\"&((ROW()-2)*4)+3)=\"\",\"\",INDIRECT(\"'MRO Certificate Printing'!D\"&((ROW()-2)*4)+3))","v":""},{"$f":"IF(INDIRECT(\"'MRO Certificate Printing'!E\"&((ROW()-2)*4)+3)=\"\",\"\",INDIRECT(\"'MRO Certificate Printing'!E\"&((ROW()-2)*4)+3))","v":""},{"$f":"IF(INDIRECT(\"'MRO Certificate Printing'!F\"&((ROW()-2)*4)+3)=\"\",\"\",INDIRECT(\"'MRO Certificate Printing'!F\"&((ROW()-2)*4)+3))","v":""},{"$f":"IF(INDIRECT(\"'MRO Certificate Printing'!B\"&((ROW()-2)*4)+3)=\"\",\"\",INDIRECT(\"'MRO Certificate Printing'!B\"&((ROW()-2)*4)+3))","v":""},{"$f":"IF(INDIRECT(\"'MRO Certificate Printing'!G\"&((ROW()-2)*4)+3)=\"\",\"\",INDIRECT(\"'MRO Certificate Printing'!G\"&((ROW()-2)*4)+3))","v":""},{"$f":"IF(INDIRECT(\"'MRO Certificate Printing'!J\"&((ROW()-2)*4)+3)=\"\",\"\",INDIRECT(\"'MRO Certificate Printing'!J\"&((ROW()-2)*4)+3))","v":""},{"$f":"IF(INDIRECT(\"'MRO Certificate Printing'!I\"&((ROW()-2)*4)+3)=\"\",\"\",INDIRECT(\"'MRO Certificate Printing'!I\"&((ROW()-2)*4)+3))","v":""},{"$f":"IF(INDIRECT(\"'MRO Certificate Printing'!K\"&((ROW()-2)*4)+3)=\"\",\"\",INDIRECT(\"'MRO Certificate Printing'!K\"&((ROW()-2)*4)+3))","v":""},null,{"$f":"IF(INDIRECT(\"'MRO Certificate Printing'!D\"&((ROW()-2)*4)+4)=\"\",\"\",INDIRECT(\"'MRO Certificate Printing'!D\"&((ROW()-2)*4)+4))","v":""},{"$f":"IF(INDIRECT(\"'MRO Certificate Printing'!E\"&((ROW()-2)*4)+4)=\"\",\"\",INDIRECT(\"'MRO Certificate Printing'!E\"&((ROW()-2)*4)+4))","v":""},{"$f":"IF(INDIRECT(\"'MRO Certificate Printing'!F\"&((ROW()-2)*4)+4)=\"\",\"\",INDIRECT(\"'MRO Certificate Printing'!F\"&((ROW()-2)*4)+4))","v":""},{"$f":"IF(INDIRECT(\"'MRO Certificate Printing'!B\"&((ROW()-2)*4)+4)=\"\",\"\",INDIRECT(\"'MRO Certificate Printing'!B\"&((ROW()-2)*4)+4))","v":""},{"$f":"IF(INDIRECT(\"'MRO Certificate Printing'!G\"&((ROW()-2)*4)+4)=\"\",\"\",INDIRECT(\"'MRO Certificate Printing'!G\"&((ROW()-2)*4)+4))","v":""},{"$f":"IF(INDIRECT(\"'MRO Certificate Printing'!J\"&((ROW()-2)*4)+4)=\"\",\"\",INDIRECT(\"'MRO Certificate Printing'!J\"&((ROW()-2)*4)+4))","v":""},{"$f":"IF(INDIRECT(\"'MRO Certificate Printing'!I\"&((ROW()-2)*4)+4)=\"\",\"\",INDIRECT(\"'MRO Certificate Printing'!I\"&((ROW()-2)*4)+4))","v":""},{"$f":"IF(INDIRECT(\"'MRO Certificate Printing'!K\"&((ROW()-2)*4)+4)=\"\",\"\",INDIRECT(\"'MRO Certificate Printing'!K\"&((ROW()-2)*4)+4))","v":""},null,{"$f":"IF(INDIRECT(\"'MRO Certificate Printing'!D\"&((ROW()-2)*4)+5)=\"\",\"\",INDIRECT(\"'MRO Certificate Printing'!D\"&((ROW()-2)*4)+5))","v":""},{"$f":"IF(INDIRECT(\"'MRO Certificate Printing'!E\"&((ROW()-2)*4)+5)=\"\",\"\",INDIRECT(\"'MRO Certificate Printing'!E\"&((ROW()-2)*4)+5))","v":""},{"$f":"IF(INDIRECT(\"'MRO Certificate Printing'!F\"&((ROW()-2)*4)+5)=\"\",\"\",INDIRECT(\"'MRO Certificate Printing'!F\"&((ROW()-2)*4)+5))","v":""},{"$f":"IF(INDIRECT(\"'MRO Certificate Printing'!B\"&((ROW()-2)*4)+5)=\"\",\"\",INDIRECT(\"'MRO Certificate Printing'!B\"&((ROW()-2)*4)+5))","v":""},{"$f":"IF(INDIRECT(\"'MRO Certificate Printing'!G\"&((ROW()-2)*4)+5)=\"\",\"\",INDIRECT(\"'MRO Certificate Printing'!G\"&((ROW()-2)*4)+5))","v":""},{"$f":"IF(INDIRECT(\"'MRO Certificate Printing'!J\"&((ROW()-2)*4)+5)=\"\",\"\",INDIRECT(\"'MRO Certificate Printing'!J\"&((ROW()-2)*4)+5))","v":""},{"$f":"IF(INDIRECT(\"'MRO Certificate Printing'!I\"&((ROW()-2)*4)+5)=\"\",\"\",INDIRECT(\"'MRO Certificate Printing'!I\"&((ROW()-2)*4)+5))","v":""},{"$f":"IF(INDIRECT(\"'MRO Certificate Printing'!K\"&((ROW()-2)*4)+5)=\"\",\"\",INDIRECT(\"'MRO Certificate Printing'!K\"&((ROW()-2)*4)+5))","v":""}]
["",{"$f":"IF(INDIRECT(\"'MRO Certificate Printing'!D\"&((ROW()-2)*4)+2)=\"\",\"\",INDIRECT(\"'MRO Certificate Printing'!D\"&((ROW()-2)*4)+2))","v":""},{"$f":"IF(INDIRECT(\"'MRO Certificate Printing'!E\"&((ROW()-2)*4)+2)=\"\",\"\",INDIRECT(\"'MRO Certificate Printing'!E\"&((ROW()-2)*4)+2))","v":""},{"$f":"IF(INDIRECT(\"'MRO Certificate Printing'!F\"&((ROW()-2)*4)+2)=\"\",\"\",INDIRECT(\"'MRO Certificate Printing'!F\"&((ROW()-2)*4)+2))","v":""},{"$f":"IF(INDIRECT(\"'MRO Certificate Printing'!B\"&((ROW()-2)*4)+2)=\"\",\"\",INDIRECT(\"'MRO Certificate Printing'!B\"&((ROW()-2)*4)+2))","v":""},{"$f":"IF(INDIRECT(\"'MRO Certificate Printing'!G\"&((ROW()-2)*4)+2)=\"\",\"\",INDIRECT(\"'MRO Certificate Printing'!G\"&((ROW()-2)*4)+2))","v":""},{"$f":"IF(INDIRECT(\"'MRO Certificate Printing'!J\"&((ROW()-2)*4)+2)=\"\",\"\",INDIRECT(\"'MRO Certificate Printing'!J\"&((ROW()-2)*4)+2))","v":""},{"$f":"IF(INDIRECT(\"'MRO Certificate Printing'!I\"&((ROW()-2)*4)+2)=\"\",\"\",INDIRECT(\"'MRO Certificate Printing'!I\"&((ROW()-2)*4)+2))","v":""},{"$f":"IF(INDIRECT(\"'MRO Certificate Printing'!K\"&((ROW()-2)*4)+2)=\"\",\"\",INDIRECT(\"'MRO Certificate Printing'!K\"&((ROW()-2)*4)+2))","v":""},null,{"$f":"IF(INDIRECT(\"'MRO Certificate Printing'!D\"&((ROW()-2)*4)+3)=\"\",\"\",INDIRECT(\"'MRO Certificate Printing'!D\"&((ROW()-2)*4)+3))","v":""},{"$f":"IF(INDIRECT(\"'MRO Certificate Printing'!E\"&((ROW()-2)*4)+3)=\"\",\"\",INDIRECT(\"'MRO Certificate Printing'!E\"&((ROW()-2)*4)+3))","v":""},{"$f":"IF(INDIRECT(\"'MRO Certificate Printing'!F\"&((ROW()-2)*4)+3)=\"\",\"\",INDIRECT(\"'MRO Certificate Printing'!F\"&((ROW()-2)*4)+3))","v":""},{"$f":"IF(INDIRECT(\"'MRO Certificate Printing'!B\"&((ROW()-2)*4)+3)=\"\",\"\",INDIRECT(\"'MRO Certificate Printing'!B\"&((ROW()-2)*4)+3))","v":""},{"$f":"IF(INDIRECT(\"'MRO Certificate Printing'!G\"&((ROW()-2)*4)+3)=\"\",\"\",INDIRECT(\"'MRO Certificate Printing'!G\"&((ROW()-2)*4)+3))","v":""},{"$f":"IF(INDIRECT(\"'MRO Certificate Printing'!J\"&((ROW()-2)*4)+3)=\"\",\"\",INDIRECT(\"'MRO Certificate Printing'!J\"&((ROW()-2)*4)+3))","v":""},{"$f":"IF(INDIRECT(\"'MRO Certificate Printing'!I\"&((ROW()-2)*4)+3)=\"\",\"\",INDIRECT(\"'MRO Certificate Printing'!I\"&((ROW()-2)*4)+3))","v":""},{"$f":"IF(INDIRECT(\"'MRO Certificate Printing'!K\"&((ROW()-2)*4)+3)=\"\",\"\",INDIRECT(\"'MRO Certificate Printing'!K\"&((ROW()-2)*4)+3))","v":""},null,{"$f":"IF(INDIRECT(\"'MRO Certificate Printing'!D\"&((ROW()-2)*4)+4)=\"\",\"\",INDIRECT(\"'MRO Certificate Printing'!D\"&((ROW()-2)*4)+4))","v":""},{"$f":"IF(INDIRECT(\"'MRO Certificate Printing'!E\"&((ROW()-2)*4)+4)=\"\",\"\",INDIRECT(\"'MRO Certificate Printing'!E\"&((ROW()-2)*4)+4))","v":""},{"$f":"IF(INDIRECT(\"'MRO Certificate Printing'!F\"&((ROW()-2)*4)+4)=\"\",\"\",INDIRECT(\"'MRO Certificate Printing'!F\"&((ROW()-2)*4)+4))","v":""},{"$f":"IF(INDIRECT(\"'MRO Certificate Printing'!B\"&((ROW()-2)*4)+4)=\"\",\"\",INDIRECT(\"'MRO Certificate Printing'!B\"&((ROW()-2)*4)+4))","v":""},{"$f":"IF(INDIRECT(\"'MRO Certificate Printing'!G\"&((ROW()-2)*4)+4)=\"\",\"\",INDIRECT(\"'MRO Certificate Printing'!G\"&((ROW()-2)*4)+4))","v":""},{"$f":"IF(INDIRECT(\"'MRO Certificate Printing'!J\"&((ROW()-2)*4)+4)=\"\",\"\",INDIRECT(\"'MRO Certificate Printing'!J\"&((ROW()-2)*4)+4))","v":""},{"$f":"IF(INDIRECT(\"'MRO Certificate Printing'!I\"&((ROW()-2)*4)+4)=\"\",\"\",INDIRECT(\"'MRO Certificate Printing'!I\"&((ROW()-2)*4)+4))","v":""},{"$f":"IF(INDIRECT(\"'MRO Certificate Printing'!K\"&((ROW()-2)*4)+4)=\"\",\"\",INDIRECT(\"'MRO Certificate Printing'!K\"&((ROW()-2)*4)+4))","v":""},null,{"$f":"IF(INDIRECT(\"'MRO Certificate Printing'!D\"&((ROW()-2)*4)+5)=\"\",\"\",INDIRECT(\"'MRO Certificate Printing'!D\"&((ROW()-2)*4)+5))","v":""},{"$f":"IF(INDIRECT(\"'MRO Certificate Printing'!E\"&((ROW()-2)*4)+5)=\"\",\"\",INDIRECT(\"'MRO Certificate Printing'!E\"&((ROW()-2)*4)+5))","v":""},{"$f":"IF(INDIRECT(\"'MRO Certificate Printing'!F\"&((ROW()-2)*4)+5)=\"\",\"\",INDIRECT(\"'MRO Certificate Printing'!F\"&((ROW()-2)*4)+5))","v":""},{"$f":"IF(INDIRECT(\"'MRO Certificate Printing'!B\"&((ROW()-2)*4)+5)=\"\",\"\",INDIRECT(\"'MRO Certificate Printing'!B\"&((ROW()-2)*4)+5))","v":""},{"$f":"IF(INDIRECT(\"'MRO Certificate Printing'!G\"&((ROW()-2)*4)+5)=\"\",\"\",INDIRECT(\"'MRO Certificate Printing'!G\"&((ROW()-2)*4)+5))","v":""},{"$f":"IF(INDIRECT(\"'MRO Certificate Printing'!J\"&((ROW()-2)*4)+5)=\"\",\"\",INDIRECT(\"'MRO Certificate Printing'!J\"&((ROW()-2)*4)+5))","v":""},{"$f":"IF(INDIRECT(\"'MRO Certificate Printing'!I\"&((ROW()-2)*4)+5)=\"\",\"\",INDIRECT(\"'MRO Certificate Printing'!I\"&((ROW()-2)*4)+5))","v":""},{"$f":"IF(INDIRECT(\"'MRO Certificate Printing'!K\"&((ROW()-2)*4)+5)=\"\",\"\",INDIRECT(\"'MRO Certificate Printing'!K\"&((ROW()-2)*4)+5))","v":""}]
["",{"$f":"IF(INDIRECT(\"'MRO Certificate Printing'!D\"&((ROW()-2)*4)+2)=\"\",\"\",INDIRECT(\"'MRO Certificate Printing'!D\"&((ROW()-2)*4)+2))","v":""},{"$f":"IF(INDIRECT(\"'MRO Certificate Printing'!E\"&((ROW()-2)*4)+2)=\"\",\"\",INDIRECT(\"'MRO Certificate Printing'!E\"&((ROW()-2)*4)+2))","v":""},{"$f":"IF(INDIRECT(\"'MRO Certificate Printing'!F\"&((ROW()-2)*4)+2)=\"\",\"\",INDIRECT(\"'MRO Certificate Printing'!F\"&((ROW()-2)*4)+2))","v":""},{"$f":"IF(INDIRECT(\"'MRO Certificate Printing'!B\"&((ROW()-2)*4)+2)=\"\",\"\",INDIRECT(\"'MRO Certificate Printing'!B\"&((ROW()-2)*4)+2))","v":""},{"$f":"IF(INDIRECT(\"'MRO Certificate Printing'!G\"&((ROW()-2)*4)+2)=\"\",\"\",INDIRECT(\"'MRO Certificate Printing'!G\"&((ROW()-2)*4)+2))","v":""},{"$f":"IF(INDIRECT(\"'MRO Certificate Printing'!J\"&((ROW()-2)*4)+2)=\"\",\"\",INDIRECT(\"'MRO Certificate Printing'!J\"&((ROW()-2)*4)+2))","v":""},{"$f":"IF(INDIRECT(\"'MRO Certificate Printing'!I\"&((ROW()-2)*4)+2)=\"\",\"\",INDIRECT(\"'MRO Certificate Printing'!I\"&((ROW()-2)*4)+2))","v":""},{"$f":"IF(INDIRECT(\"'MRO Certificate Printing'!K\"&((ROW()-2)*4)+2)=\"\",\"\",INDIRECT(\"'MRO Certificate Printing'!K\"&((ROW()-2)*4)+2))","v":""},null,{"$f":"IF(INDIRECT(\"'MRO Certificate Printing'!D\"&((ROW()-2)*4)+3)=\"\",\"\",INDIRECT(\"'MRO Certificate Printing'!D\"&((ROW()-2)*4)+3))","v":""},{"$f":"IF(INDIRECT(\"'MRO Certificate Printing'!E\"&((ROW()-2)*4)+3)=\"\",\"\",INDIRECT(\"'MRO Certificate Printing'!E\"&((ROW()-2)*4)+3))","v":""},{"$f":"IF(INDIRECT(\"'MRO Certificate Printing'!F\"&((ROW()-2)*4)+3)=\"\",\"\",INDIRECT(\"'MRO Certificate Printing'!F\"&((ROW()-2)*4)+3))","v":""},{"$f":"IF(INDIRECT(\"'MRO Certificate Printing'!B\"&((ROW()-2)*4)+3)=\"\",\"\",INDIRECT(\"'MRO Certificate Printing'!B\"&((ROW()-2)*4)+3))","v":""},{"$f":"IF(INDIRECT(\"'MRO Certificate Printing'!G\"&((ROW()-2)*4)+3)=\"\",\"\",INDIRECT(\"'MRO Certificate Printing'!G\"&((ROW()-2)*4)+3))","v":""},{"$f":"IF(INDIRECT(\"'MRO Certificate Printing'!J\"&((ROW()-2)*4)+3)=\"\",\"\",INDIRECT(\"'MRO Certificate Printing'!J\"&((ROW()-2)*4)+3))","v":""},{"$f":"IF(INDIRECT(\"'MRO Certificate Printing'!I\"&((ROW()-2)*4)+3)=\"\",\"\",INDIRECT(\"'MRO Certificate Printing'!I\"&((ROW()-2)*4)+3))","v":""},{"$f":"IF(INDIRECT(\"'MRO Certificate Printing'!K\"&((ROW()-2)*4)+3)=\"\",\"\",INDIRECT(\"'MRO Certificate Printing'!K\"&((ROW()-2)*4)+3))","v":""},null,{"$f":"IF(INDIRECT(\"'MRO Certificate Printing'!D\"&((ROW()-2)*4)+4)=\"\",\"\",INDIRECT(\"'MRO Certificate Printing'!D\"&((ROW()-2)*4)+4))","v":""},{"$f":"IF(INDIRECT(\"'MRO Certificate Printing'!E\"&((ROW()-2)*4)+4)=\"\",\"\",INDIRECT(\"'MRO Certificate Printing'!E\"&((ROW()-2)*4)+4))","v":""},{"$f":"IF(INDIRECT(\"'MRO Certificate Printing'!F\"&((ROW()-2)*4)+4)=\"\",\"\",INDIRECT(\"'MRO Certificate Printing'!F\"&((ROW()-2)*4)+4))","v":""},{"$f":"IF(INDIRECT(\"'MRO Certificate Printing'!B\"&((ROW()-2)*4)+4)=\"\",\"\",INDIRECT(\"'MRO Certificate Printing'!B\"&((ROW()-2)*4)+4))","v":""},{"$f":"IF(INDIRECT(\"'MRO Certificate Printing'!G\"&((ROW()-2)*4)+4)=\"\",\"\",INDIRECT(\"'MRO Certificate Printing'!G\"&((ROW()-2)*4)+4))","v":""},{"$f":"IF(INDIRECT(\"'MRO Certificate Printing'!J\"&((ROW()-2)*4)+4)=\"\",\"\",INDIRECT(\"'MRO Certificate Printing'!J\"&((ROW()-2)*4)+4))","v":""},{"$f":"IF(INDIRECT(\"'MRO Certificate Printing'!I\"&((ROW()-2)*4)+4)=\"\",\"\",INDIRECT(\"'MRO Certificate Printing'!I\"&((ROW()-2)*4)+4))","v":""},{"$f":"IF(INDIRECT(\"'MRO Certificate Printing'!K\"&((ROW()-2)*4)+4)=\"\",\"\",INDIRECT(\"'MRO Certificate Printing'!K\"&((ROW()-2)*4)+4))","v":""},null,{"$f":"IF(INDIRECT(\"'MRO Certificate Printing'!D\"&((ROW()-2)*4)+5)=\"\",\"\",INDIRECT(\"'MRO Certificate Printing'!D\"&((ROW()-2)*4)+5))","v":""},{"$f":"IF(INDIRECT(\"'MRO Certificate Printing'!E\"&((ROW()-2)*4)+5)=\"\",\"\",INDIRECT(\"'MRO Certificate Printing'!E\"&((ROW()-2)*4)+5))","v":""},{"$f":"IF(INDIRECT(\"'MRO Certificate Printing'!F\"&((ROW()-2)*4)+5)=\"\",\"\",INDIRECT(\"'MRO Certificate Printing'!F\"&((ROW()-2)*4)+5))","v":""},{"$f":"IF(INDIRECT(\"'MRO Certificate Printing'!B\"&((ROW()-2)*4)+5)=\"\",\"\",INDIRECT(\"'MRO Certificate Printing'!B\"&((ROW()-2)*4)+5))","v":""},{"$f":"IF(INDIRECT(\"'MRO Certificate Printing'!G\"&((ROW()-2)*4)+5)=\"\",\"\",INDIRECT(\"'MRO Certificate Printing'!G\"&((ROW()-2)*4)+5))","v":""},{"$f":"IF(INDIRECT(\"'MRO Certificate Printing'!J\"&((ROW()-2)*4)+5)=\"\",\"\",INDIRECT(\"'MRO Certificate Printing'!J\"&((ROW()-2)*4)+5))","v":""},{"$f":"IF(INDIRECT(\"'MRO Certificate Printing'!I\"&((ROW()-2)*4)+5)=\"\",\"\",INDIRECT(\"'MRO Certificate Printing'!I\"&((ROW()-2)*4)+5))","v":""},{"$f":"IF(INDIRECT(\"'MRO Certificate Printing'!K\"&((ROW()-2)*4)+5)=\"\",\"\",INDIRECT(\"'MRO Certificate Printing'!K\"&((ROW()-2)*4)+5))","v":""}]
["",{"$f":"IF(INDIRECT(\"'MRO Certificate Printing'!D\"&((ROW()-2)*4)+2)=\"\",\"\",INDIRECT(\"'MRO Certificate Printing'!D\"&((ROW()-2)*4)+2))","v":""},{"$f":"IF(INDIRECT(\"'MRO Certificate Printing'!E\"&((ROW()-2)*4)+2)=\"\",\"\",INDIRECT(\"'MRO Certificate Printing'!E\"&((ROW()-2)*4)+2))","v":""},{"$f":"IF(INDIRECT(\"'MRO Certificate Printing'!F\"&((ROW()-2)*4)+2)=\"\",\"\",INDIRECT(\"'MRO Certificate Printing'!F\"&((ROW()-2)*4)+2))","v":""},{"$f":"IF(INDIRECT(\"'MRO Certificate Printing'!B\"&((ROW()-2)*4)+2)=\"\",\"\",INDIRECT(\"'MRO Certificate Printing'!B\"&((ROW()-2)*4)+2))","v":""},{"$f":"IF(INDIRECT(\"'MRO Certificate Printing'!G\"&((ROW()-2)*4)+2)=\"\",\"\",INDIRECT(\"'MRO Certificate Printing'!G\"&((ROW()-2)*4)+2))","v":""},{"$f":"IF(INDIRECT(\"'MRO Certificate Printing'!J\"&((ROW()-2)*4)+2)=\"\",\"\",INDIRECT(\"'MRO Certificate Printing'!J\"&((ROW()-2)*4)+2))","v":""},{"$f":"IF(INDIRECT(\"'MRO Certificate Printing'!I\"&((ROW()-2)*4)+2)=\"\",\"\",INDIRECT(\"'MRO Certificate Printing'!I\"&((ROW()-2)*4)+2))","v":""},{"$f":"IF(INDIRECT(\"'MRO Certificate Printing'!K\"&((ROW()-2)*4)+2)=\"\",\"\",INDIRECT(\"'MRO Certificate Printing'!K\"&((ROW()-2)*4)+2))","v":""},null,{"$f":"IF(INDIRECT(\"'MRO Certificate Printing'!D\"&((ROW()-2)*4)+3)=\"\",\"\",INDIRECT(\"'MRO Certificate Printing'!D\"&((ROW()-2)*4)+3))","v":""},{"$f":"IF(INDIRECT(\"'MRO Certificate Printing'!E\"&((ROW()-2)*4)+3)=\"\",\"\",INDIRECT(\"'MRO Certificate Printing'!E\"&((ROW()-2)*4)+3))","v":""},{"$f":"IF(INDIRECT(\"'MRO Certificate Printing'!F\"&((ROW()-2)*4)+3)=\"\",\"\",INDIRECT(\"'MRO Certificate Printing'!F\"&((ROW()-2)*4)+3))","v":""},{"$f":"IF(INDIRECT(\"'MRO Certificate Printing'!B\"&((ROW()-2)*4)+3)=\"\",\"\",INDIRECT(\"'MRO Certificate Printing'!B\"&((ROW()-2)*4)+3))","v":""},{"$f":"IF(INDIRECT(\"'MRO Certificate Printing'!G\"&((ROW()-2)*4)+3)=\"\",\"\",INDIRECT(\"'MRO Certificate Printing'!G\"&((ROW()-2)*4)+3))","v":""},{"$f":"IF(INDIRECT(\"'MRO Certificate Printing'!J\"&((ROW()-2)*4)+3)=\"\",\"\",INDIRECT(\"'MRO Certificate Printing'!J\"&((ROW()-2)*4)+3))","v":""},{"$f":"IF(INDIRECT(\"'MRO Certificate Printing'!I\"&((ROW()-2)*4)+3)=\"\",\"\",INDIRECT(\"'MRO Certificate Printing'!I\"&((ROW()-2)*4)+3))","v":""},{"$f":"IF(INDIRECT(\"'MRO Certificate Printing'!K\"&((ROW()-2)*4)+3)=\"\",\"\",INDIRECT(\"'MRO Certificate Printing'!K\"&((ROW()-2)*4)+3))","v":""},null,{"$f":"IF(INDIRECT(\"'MRO Certificate Printing'!D\"&((ROW()-2)*4)+4)=\"\",\"\",INDIRECT(\"'MRO Certificate Printing'!D\"&((ROW()-2)*4)+4))","v":""},{"$f":"IF(INDIRECT(\"'MRO Certificate Printing'!E\"&((ROW()-2)*4)+4)=\"\",\"\",INDIRECT(\"'MRO Certificate Printing'!E\"&((ROW()-2)*4)+4))","v":""},{"$f":"IF(INDIRECT(\"'MRO Certificate Printing'!F\"&((ROW()-2)*4)+4)=\"\",\"\",INDIRECT(\"'MRO Certificate Printing'!F\"&((ROW()-2)*4)+4))","v":""},{"$f":"IF(INDIRECT(\"'MRO Certificate Printing'!B\"&((ROW()-2)*4)+4)=\"\",\"\",INDIRECT(\"'MRO Certificate Printing'!B\"&((ROW()-2)*4)+4))","v":""},{"$f":"IF(INDIRECT(\"'MRO Certificate Printing'!G\"&((ROW()-2)*4)+4)=\"\",\"\",INDIRECT(\"'MRO Certificate Printing'!G\"&((ROW()-2)*4)+4))","v":""},{"$f":"IF(INDIRECT(\"'MRO Certificate Printing'!J\"&((ROW()-2)*4)+4)=\"\",\"\",INDIRECT(\"'MRO Certificate Printing'!J\"&((ROW()-2)*4)+4))","v":""},{"$f":"IF(INDIRECT(\"'MRO Certificate Printing'!I\"&((ROW()-2)*4)+4)=\"\",\"\",INDIRECT(\"'MRO Certificate Printing'!I\"&((ROW()-2)*4)+4))","v":""},{"$f":"IF(INDIRECT(\"'MRO Certificate Printing'!K\"&((ROW()-2)*4)+4)=\"\",\"\",INDIRECT(\"'MRO Certificate Printing'!K\"&((ROW()-2)*4)+4))","v":""},null,{"$f":"IF(INDIRECT(\"'MRO Certificate Printing'!D\"&((ROW()-2)*4)+5)=\"\",\"\",INDIRECT(\"'MRO Certificate Printing'!D\"&((ROW()-2)*4)+5))","v":""},{"$f":"IF(INDIRECT(\"'MRO Certificate Printing'!E\"&((ROW()-2)*4)+5)=\"\",\"\",INDIRECT(\"'MRO Certificate Printing'!E\"&((ROW()-2)*4)+5))","v":""},{"$f":"IF(INDIRECT(\"'MRO Certificate Printing'!F\"&((ROW()-2)*4)+5)=\"\",\"\",INDIRECT(\"'MRO Certificate Printing'!F\"&((ROW()-2)*4)+5))","v":""},{"$f":"IF(INDIRECT(\"'MRO Certificate Printing'!B\"&((ROW()-2)*4)+5)=\"\",\"\",INDIRECT(\"'MRO Certificate Printing'!B\"&((ROW()-2)*4)+5))","v":""},{"$f":"IF(INDIRECT(\"'MRO Certificate Printing'!G\"&((ROW()-2)*4)+5)=\"\",\"\",INDIRECT(\"'MRO Certificate Printing'!G\"&((ROW()-2)*4)+5))","v":""},{"$f":"IF(INDIRECT(\"'MRO Certificate Printing'!J\"&((ROW()-2)*4)+5)=\"\",\"\",INDIRECT(\"'MRO Certificate Printing'!J\"&((ROW()-2)*4)+5))","v":""},{"$f":"IF(INDIRECT(\"'MRO Certificate Printing'!I\"&((ROW()-2)*4)+5)=\"\",\"\",INDIRECT(\"'MRO Certificate Printing'!I\"&((ROW()-2)*4)+5))","v":""},{"$f":"IF(INDIRECT(\"'MRO Certificate Printing'!K\"&((ROW()-2)*4)+5)=\"\",\"\",INDIRECT(\"'MRO Certificate Printing'!K\"&((ROW()-2)*4)+5))","v":""}]
["",{"$f":"IF(INDIRECT(\"'MRO Certificate Printing'!D\"&((ROW()-2)*4)+2)=\"\",\"\",INDIRECT(\"'MRO Certificate Printing'!D\"&((ROW()-2)*4)+2))","v":""},{"$f":"IF(INDIRECT(\"'MRO Certificate Printing'!E\"&((ROW()-2)*4)+2)=\"\",\"\",INDIRECT(\"'MRO Certificate Printing'!E\"&((ROW()-2)*4)+2))","v":""},{"$f":"IF(INDIRECT(\"'MRO Certificate Printing'!F\"&((ROW()-2)*4)+2)=\"\",\"\",INDIRECT(\"'MRO Certificate Printing'!F\"&((ROW()-2)*4)+2))","v":""},{"$f":"IF(INDIRECT(\"'MRO Certificate Printing'!B\"&((ROW()-2)*4)+2)=\"\",\"\",INDIRECT(\"'MRO Certificate Printing'!B\"&((ROW()-2)*4)+2))","v":""},{"$f":"IF(INDIRECT(\"'MRO Certificate Printing'!G\"&((ROW()-2)*4)+2)=\"\",\"\",INDIRECT(\"'MRO Certificate Printing'!G\"&((ROW()-2)*4)+2))","v":""},{"$f":"IF(INDIRECT(\"'MRO Certificate Printing'!J\"&((ROW()-2)*4)+2)=\"\",\"\",INDIRECT(\"'MRO Certificate Printing'!J\"&((ROW()-2)*4)+2))","v":""},{"$f":"IF(INDIRECT(\"'MRO Certificate Printing'!I\"&((ROW()-2)*4)+2)=\"\",\"\",INDIRECT(\"'MRO Certificate Printing'!I\"&((ROW()-2)*4)+2))","v":""},{"$f":"IF(INDIRECT(\"'MRO Certificate Printing'!K\"&((ROW()-2)*4)+2)=\"\",\"\",INDIRECT(\"'MRO Certificate Printing'!K\"&((ROW()-2)*4)+2))","v":""},null,{"$f":"IF(INDIRECT(\"'MRO Certificate Printing'!D\"&((ROW()-2)*4)+3)=\"\",\"\",INDIRECT(\"'MRO Certificate Printing'!D\"&((ROW()-2)*4)+3))","v":""},{"$f":"IF(INDIRECT(\"'MRO Certificate Printing'!E\"&((ROW()-2)*4)+3)=\"\",\"\",INDIRECT(\"'MRO Certificate Printing'!E\"&((ROW()-2)*4)+3))","v":""},{"$f":"IF(INDIRECT(\"'MRO Certificate Printing'!F\"&((ROW()-2)*4)+3)=\"\",\"\",INDIRECT(\"'MRO Certificate Printing'!F\"&((ROW()-2)*4)+3))","v":""},{"$f":"IF(INDIRECT(\"'MRO Certificate Printing'!B\"&((ROW()-2)*4)+3)=\"\",\"\",INDIRECT(\"'MRO Certificate Printing'!B\"&((ROW()-2)*4)+3))","v":""},{"$f":"IF(INDIRECT(\"'MRO Certificate Printing'!G\"&((ROW()-2)*4)+3)=\"\",\"\",INDIRECT(\"'MRO Certificate Printing'!G\"&((ROW()-2)*4)+3))","v":""},{"$f":"IF(INDIRECT(\"'MRO Certificate Printing'!J\"&((ROW()-2)*4)+3)=\"\",\"\",INDIRECT(\"'MRO Certificate Printing'!J\"&((ROW()-2)*4)+3))","v":""},{"$f":"IF(INDIRECT(\"'MRO Certificate Printing'!I\"&((ROW()-2)*4)+3)=\"\",\"\",INDIRECT(\"'MRO Certificate Printing'!I\"&((ROW()-2)*4)+3))","v":""},{"$f":"IF(INDIRECT(\"'MRO Certificate Printing'!K\"&((ROW()-2)*4)+3)=\"\",\"\",INDIRECT(\"'MRO Certificate Printing'!K\"&((ROW()-2)*4)+3))","v":""},null,{"$f":"IF(INDIRECT(\"'MRO Certificate Printing'!D\"&((ROW()-2)*4)+4)=\"\",\"\",INDIRECT(\"'MRO Certificate Printing'!D\"&((ROW()-2)*4)+4))","v":""},{"$f":"IF(INDIRECT(\"'MRO Certificate Printing'!E\"&((ROW()-2)*4)+4)=\"\",\"\",INDIRECT(\"'MRO Certificate Printing'!E\"&((ROW()-2)*4)+4))","v":""},{"$f":"IF(INDIRECT(\"'MRO Certificate Printing'!F\"&((ROW()-2)*4)+4)=\"\",\"\",INDIRECT(\"'MRO Certificate Printing'!F\"&((ROW()-2)*4)+4))","v":""},{"$f":"IF(INDIRECT(\"'MRO Certificate Printing'!B\"&((ROW()-2)*4)+4)=\"\",\"\",INDIRECT(\"'MRO Certificate Printing'!B\"&((ROW()-2)*4)+4))","v":""},{"$f":"IF(INDIRECT(\"'MRO Certificate Printing'!G\"&((ROW()-2)*4)+4)=\"\",\"\",INDIRECT(\"'MRO Certificate Printing'!G\"&((ROW()-2)*4)+4))","v":""},{"$f":"IF(INDIRECT(\"'MRO Certificate Printing'!J\"&((ROW()-2)*4)+4)=\"\",\"\",INDIRECT(\"'MRO Certificate Printing'!J\"&((ROW()-2)*4)+4))","v":""},{"$f":"IF(INDIRECT(\"'MRO Certificate Printing'!I\"&((ROW()-2)*4)+4)=\"\",\"\",INDIRECT(\"'MRO Certificate Printing'!I\"&((ROW()-2)*4)+4))","v":""},{"$f":"IF(INDIRECT(\"'MRO Certificate Printing'!K\"&((ROW()-2)*4)+4)=\"\",\"\",INDIRECT(\"'MRO Certificate Printing'!K\"&((ROW()-2)*4)+4))","v":""},null,{"$f":"IF(INDIRECT(\"'MRO Certificate Printing'!D\"&((ROW()-2)*4)+5)=\"\",\"\",INDIRECT(\"'MRO Certificate Printing'!D\"&((ROW()-2)*4)+5))","v":""},{"$f":"IF(INDIRECT(\"'MRO Certificate Printing'!E\"&((ROW()-2)*4)+5)=\"\",\"\",INDIRECT(\"'MRO Certificate Printing'!E\"&((ROW()-2)*4)+5))","v":""},{"$f":"IF(INDIRECT(\"'MRO Certificate Printing'!F\"&((ROW()-2)*4)+5)=\"\",\"\",INDIRECT(\"'MRO Certificate Printing'!F\"&((ROW()-2)*4)+5))","v":""},{"$f":"IF(INDIRECT(\"'MRO Certificate Printing'!B\"&((ROW()-2)*4)+5)=\"\",\"\",INDIRECT(\"'MRO Certificate Printing'!B\"&((ROW()-2)*4)+5))","v":""},{"$f":"IF(INDIRECT(\"'MRO Certificate Printing'!G\"&((ROW()-2)*4)+5)=\"\",\"\",INDIRECT(\"'MRO Certificate Printing'!G\"&((ROW()-2)*4)+5))","v":""},{"$f":"IF(INDIRECT(\"'MRO Certificate Printing'!J\"&((ROW()-2)*4)+5)=\"\",\"\",INDIRECT(\"'MRO Certificate Printing'!J\"&((ROW()-2)*4)+5))","v":""},{"$f":"IF(INDIRECT(\"'MRO Certificate Printing'!I\"&((ROW()-2)*4)+5)=\"\",\"\",INDIRECT(\"'MRO Certificate Printing'!I\"&((ROW()-2)*4)+5))","v":""},{"$f":"IF(INDIRECT(\"'MRO Certificate Printing'!K\"&((ROW()-2)*4)+5)=\"\",\"\",INDIRECT(\"'MRO Certificate Printing'!K\"&((ROW()-2)*4)+5))","v":""}]
["",{"$f":"IF(INDIRECT(\"'MRO Certificate Printing'!D\"&((ROW()-2)*4)+2)=\"\",\"\",INDIRECT(\"'MRO Certificate Printing'!D\"&((ROW()-2)*4)+2))","v":""},{"$f":"IF(INDIRECT(\"'MRO Certificate Printing'!E\"&((ROW()-2)*4)+2)=\"\",\"\",INDIRECT(\"'MRO Certificate Printing'!E\"&((ROW()-2)*4)+2))","v":""},{"$f":"IF(INDIRECT(\"'MRO Certificate Printing'!F\"&((ROW()-2)*4)+2)=\"\",\"\",INDIRECT(\"'MRO Certificate Printing'!F\"&((ROW()-2)*4)+2))","v":""},{"$f":"IF(INDIRECT(\"'MRO Certificate Printing'!B\"&((ROW()-2)*4)+2)=\"\",\"\",INDIRECT(\"'MRO Certificate Printing'!B\"&((ROW()-2)*4)+2))","v":""},{"$f":"IF(INDIRECT(\"'MRO Certificate Printing'!G\"&((ROW()-2)*4)+2)=\"\",\"\",INDIRECT(\"'MRO Certificate Printing'!G\"&((ROW()-2)*4)+2))","v":""},{"$f":"IF(INDIRECT(\"'MRO Certificate Printing'!J\"&((ROW()-2)*4)+2)=\"\",\"\",INDIRECT(\"'MRO Certificate Printing'!J\"&((ROW()-2)*4)+2))","v":""},{"$f":"IF(INDIRECT(\"'MRO Certificate Printing'!I\"&((ROW()-2)*4)+2)=\"\",\"\",INDIRECT(\"'MRO Certificate Printing'!I\"&((ROW()-2)*4)+2))","v":""},{"$f":"IF(INDIRECT(\"'MRO Certificate Printing'!K\"&((ROW()-2)*4)+2)=\"\",\"\",INDIRECT(\"'MRO Certificate Printing'!K\"&((ROW()-2)*4)+2))","v":""},null,{"$f":"IF(INDIRECT(\"'MRO Certificate Printing'!D\"&((ROW()-2)*4)+3)=\"\",\"\",INDIRECT(\"'MRO Certificate Printing'!D\"&((ROW()-2)*4)+3))","v":""},{"$f":"IF(INDIRECT(\"'MRO Certificate Printing'!E\"&((ROW()-2)*4)+3)=\"\",\"\",INDIRECT(\"'MRO Certificate Printing'!E\"&((ROW()-2)*4)+3))","v":""},{"$f":"IF(INDIRECT(\"'MRO Certificate Printing'!F\"&((ROW()-2)*4)+3)=\"\",\"\",INDIRECT(\"'MRO Certificate Printing'!F\"&((ROW()-2)*4)+3))","v":""},{"$f":"IF(INDIRECT(\"'MRO Certificate Printing'!B\"&((ROW()-2)*4)+3)=\"\",\"\",INDIRECT(\"'MRO Certificate Printing'!B\"&((ROW()-2)*4)+3))","v":""},{"$f":"IF(INDIRECT(\"'MRO Certificate Printing'!G\"&((ROW()-2)*4)+3)=\"\",\"\",INDIRECT(\"'MRO Certificate Printing'!G\"&((ROW()-2)*4)+3))","v":""},{"$f":"IF(INDIRECT(\"'MRO Certificate Printing'!J\"&((ROW()-2)*4)+3)=\"\",\"\",INDIRECT(\"'MRO Certificate Printing'!J\"&((ROW()-2)*4)+3))","v":""},{"$f":"IF(INDIRECT(\"'MRO Certificate Printing'!I\"&((ROW()-2)*4)+3)=\"\",\"\",INDIRECT(\"'MRO Certificate Printing'!I\"&((ROW()-2)*4)+3))","v":""},{"$f":"IF(INDIRECT(\"'MRO Certificate Printing'!K\"&((ROW()-2)*4)+3)=\"\",\"\",INDIRECT(\"'MRO Certificate Printing'!K\"&((ROW()-2)*4)+3))","v":""},null,{"$f":"IF(INDIRECT(\"'MRO Certificate Printing'!D\"&((ROW()-2)*4)+4)=\"\",\"\",INDIRECT(\"'MRO Certificate Printing'!D\"&((ROW()-2)*4)+4))","v":""},{"$f":"IF(INDIRECT(\"'MRO Certificate Printing'!E\"&((ROW()-2)*4)+4)=\"\",\"\",INDIRECT(\"'MRO Certificate Printing'!E\"&((ROW()-2)*4)+4))","v":""},{"$f":"IF(INDIRECT(\"'MRO Certificate Printing'!F\"&((ROW()-2)*4)+4)=\"\",\"\",INDIRECT(\"'MRO Certificate Printing'!F\"&((ROW()-2)*4)+4))","v":""},{"$f":"IF(INDIRECT(\"'MRO Certificate Printing'!B\"&((ROW()-2)*4)+4)=\"\",\"\",INDIRECT(\"'MRO Certificate Printing'!B\"&((ROW()-2)*4)+4))","v":""},{"$f":"IF(INDIRECT(\"'MRO Certificate Printing'!G\"&((ROW()-2)*4)+4)=\"\",\"\",INDIRECT(\"'MRO Certificate Printing'!G\"&((ROW()-2)*4)+4))","v":""},{"$f":"IF(INDIRECT(\"'MRO Certificate Printing'!J\"&((ROW()-2)*4)+4)=\"\",\"\",INDIRECT(\"'MRO Certificate Printing'!J\"&((ROW()-2)*4)+4))","v":""},{"$f":"IF(INDIRECT(\"'MRO Certificate Printing'!I\"&((ROW()-2)*4)+4)=\"\",\"\",INDIRECT(\"'MRO Certificate Printing'!I\"&((ROW()-2)*4)+4))","v":""},{"$f":"IF(INDIRECT(\"'MRO Certificate Printing'!K\"&((ROW()-2)*4)+4)=\"\",\"\",INDIRECT(\"'MRO Certificate Printing'!K\"&((ROW()-2)*4)+4))","v":""},null,{"$f":"IF(INDIRECT(\"'MRO Certificate Printing'!D\"&((ROW()-2)*4)+5)=\"\",\"\",INDIRECT(\"'MRO Certificate Printing'!D\"&((ROW()-2)*4)+5))","v":""},{"$f":"IF(INDIRECT(\"'MRO Certificate Printing'!E\"&((ROW()-2)*4)+5)=\"\",\"\",INDIRECT(\"'MRO Certificate Printing'!E\"&((ROW()-2)*4)+5))","v":""},{"$f":"IF(INDIRECT(\"'MRO Certificate Printing'!F\"&((ROW()-2)*4)+5)=\"\",\"\",INDIRECT(\"'MRO Certificate Printing'!F\"&((ROW()-2)*4)+5))","v":""},{"$f":"IF(INDIRECT(\"'MRO Certificate Printing'!B\"&((ROW()-2)*4)+5)=\"\",\"\",INDIRECT(\"'MRO Certificate Printing'!B\"&((ROW()-2)*4)+5))","v":""},{"$f":"IF(INDIRECT(\"'MRO Certificate Printing'!G\"&((ROW()-2)*4)+5)=\"\",\"\",INDIRECT(\"'MRO Certificate Printing'!G\"&((ROW()-2)*4)+5))","v":""},{"$f":"IF(INDIRECT(\"'MRO Certificate Printing'!J\"&((ROW()-2)*4)+5)=\"\",\"\",INDIRECT(\"'MRO Certificate Printing'!J\"&((ROW()-2)*4)+5))","v":""},{"$f":"IF(INDIRECT(\"'MRO Certificate Printing'!I\"&((ROW()-2)*4)+5)=\"\",\"\",INDIRECT(\"'MRO Certificate Printing'!I\"&((ROW()-2)*4)+5))","v":""},{"$f":"IF(INDIRECT(\"'MRO Certificate Printing'!K\"&((ROW()-2)*4)+5)=\"\",\"\",INDIRECT(\"'MRO Certificate Printing'!K\"&((ROW()-2)*4)+5))","v":""}]
["",{"$f":"IF(INDIRECT(\"'MRO Certificate Printing'!D\"&((ROW()-2)*4)+2)=\"\",\"\",INDIRECT(\"'MRO Certificate Printing'!D\"&((ROW()-2)*4)+2))","v":""},{"$f":"IF(INDIRECT(\"'MRO Certificate Printing'!E\"&((ROW()-2)*4)+2)=\"\",\"\",INDIRECT(\"'MRO Certificate Printing'!E\"&((ROW()-2)*4)+2))","v":""},{"$f":"IF(INDIRECT(\"'MRO Certificate Printing'!F\"&((ROW()-2)*4)+2)=\"\",\"\",INDIRECT(\"'MRO Certificate Printing'!F\"&((ROW()-2)*4)+2))","v":""},{"$f":"IF(INDIRECT(\"'MRO Certificate Printing'!B\"&((ROW()-2)*4)+2)=\"\",\"\",INDIRECT(\"'MRO Certificate Printing'!B\"&((ROW()-2)*4)+2))","v":""},{"$f":"IF(INDIRECT(\"'MRO Certificate Printing'!G\"&((ROW()-2)*4)+2)=\"\",\"\",INDIRECT(\"'MRO Certificate Printing'!G\"&((ROW()-2)*4)+2))","v":""},{"$f":"IF(INDIRECT(\"'MRO Certificate Printing'!J\"&((ROW()-2)*4)+2)=\"\",\"\",INDIRECT(\"'MRO Certificate Printing'!J\"&((ROW()-2)*4)+2))","v":""},{"$f":"IF(INDIRECT(\"'MRO Certificate Printing'!I\"&((ROW()-2)*4)+2)=\"\",\"\",INDIRECT(\"'MRO Certificate Printing'!I\"&((ROW()-2)*4)+2))","v":""},{"$f":"IF(INDIRECT(\"'MRO Certificate Printing'!K\"&((ROW()-2)*4)+2)=\"\",\"\",INDIRECT(\"'MRO Certificate Printing'!K\"&((ROW()-2)*4)+2))","v":""},null,{"$f":"IF(INDIRECT(\"'MRO Certificate Printing'!D\"&((ROW()-2)*4)+3)=\"\",\"\",INDIRECT(\"'MRO Certificate Printing'!D\"&((ROW()-2)*4)+3))","v":""},{"$f":"IF(INDIRECT(\"'MRO Certificate Printing'!E\"&((ROW()-2)*4)+3)=\"\",\"\",INDIRECT(\"'MRO Certificate Printing'!E\"&((ROW()-2)*4)+3))","v":""},{"$f":"IF(INDIRECT(\"'MRO Certificate Printing'!F\"&((ROW()-2)*4)+3)=\"\",\"\",INDIRECT(\"'MRO Certificate Printing'!F\"&((ROW()-2)*4)+3))","v":""},{"$f":"IF(INDIRECT(\"'MRO Certificate Printing'!B\"&((ROW()-2)*4)+3)=\"\",\"\",INDIRECT(\"'MRO Certificate Printing'!B\"&((ROW()-2)*4)+3))","v":""},{"$f":"IF(INDIRECT(\"'MRO Certificate Printing'!G\"&((ROW()-2)*4)+3)=\"\",\"\",INDIRECT(\"'MRO Certificate Printing'!G\"&((ROW()-2)*4)+3))","v":""},{"$f":"IF(INDIRECT(\"'MRO Certificate Printing'!J\"&((ROW()-2)*4)+3)=\"\",\"\",INDIRECT(\"'MRO Certificate Printing'!J\"&((ROW()-2)*4)+3))","v":""},{"$f":"IF(INDIRECT(\"'MRO Certificate Printing'!I\"&((ROW()-2)*4)+3)=\"\",\"\",INDIRECT(\"'MRO Certificate Printing'!I\"&((ROW()-2)*4)+3))","v":""},{"$f":"IF(INDIRECT(\"'MRO Certificate Printing'!K\"&((ROW()-2)*4)+3)=\"\",\"\",INDIRECT(\"'MRO Certificate Printing'!K\"&((ROW()-2)*4)+3))","v":""},null,{"$f":"IF(INDIRECT(\"'MRO Certificate Printing'!D\"&((ROW()-2)*4)+4)=\"\",\"\",INDIRECT(\"'MRO Certificate Printing'!D\"&((ROW()-2)*4)+4))","v":""},{"$f":"IF(INDIRECT(\"'MRO Certificate Printing'!E\"&((ROW()-2)*4)+4)=\"\",\"\",INDIRECT(\"'MRO Certificate Printing'!E\"&((ROW()-2)*4)+4))","v":""},{"$f":"IF(INDIRECT(\"'MRO Certificate Printing'!F\"&((ROW()-2)*4)+4)=\"\",\"\",INDIRECT(\"'MRO Certificate Printing'!F\"&((ROW()-2)*4)+4))","v":""},{"$f":"IF(INDIRECT(\"'MRO Certificate Printing'!B\"&((ROW()-2)*4)+4)=\"\",\"\",INDIRECT(\"'MRO Certificate Printing'!B\"&((ROW()-2)*4)+4))","v":""},{"$f":"IF(INDIRECT(\"'MRO Certificate Printing'!G\"&((ROW()-2)*4)+4)=\"\",\"\",INDIRECT(\"'MRO Certificate Printing'!G\"&((ROW()-2)*4)+4))","v":""},{"$f":"IF(INDIRECT(\"'MRO Certificate Printing'!J\"&((ROW()-2)*4)+4)=\"\",\"\",INDIRECT(\"'MRO Certificate Printing'!J\"&((ROW()-2)*4)+4))","v":""},{"$f":"IF(INDIRECT(\"'MRO Certificate Printing'!I\"&((ROW()-2)*4)+4)=\"\",\"\",INDIRECT(\"'MRO Certificate Printing'!I\"&((ROW()-2)*4)+4))","v":""},{"$f":"IF(INDIRECT(\"'MRO Certificate Printing'!K\"&((ROW()-2)*4)+4)=\"\",\"\",INDIRECT(\"'MRO Certificate Printing'!K\"&((ROW()-2)*4)+4))","v":""},null,{"$f":"IF(INDIRECT(\"'MRO Certificate Printing'!D\"&((ROW()-2)*4)+5)=\"\",\"\",INDIRECT(\"'MRO Certificate Printing'!D\"&((ROW()-2)*4)+5))","v":""},{"$f":"IF(INDIRECT(\"'MRO Certificate Printing'!E\"&((ROW()-2)*4)+5)=\"\",\"\",INDIRECT(\"'MRO Certificate Printing'!E\"&((ROW()-2)*4)+5))","v":""},{"$f":"IF(INDIRECT(\"'MRO Certificate Printing'!F\"&((ROW()-2)*4)+5)=\"\",\"\",INDIRECT(\"'MRO Certificate Printing'!F\"&((ROW()-2)*4)+5))","v":""},{"$f":"IF(INDIRECT(\"'MRO Certificate Printing'!B\"&((ROW()-2)*4)+5)=\"\",\"\",INDIRECT(\"'MRO Certificate Printing'!B\"&((ROW()-2)*4)+5))","v":""},{"$f":"IF(INDIRECT(\"'MRO Certificate Printing'!G\"&((ROW()-2)*4)+5)=\"\",\"\",INDIRECT(\"'MRO Certificate Printing'!G\"&((ROW()-2)*4)+5))","v":""},{"$f":"IF(INDIRECT(\"'MRO Certificate Printing'!J\"&((ROW()-2)*4)+5)=\"\",\"\",INDIRECT(\"'MRO Certificate Printing'!J\"&((ROW()-2)*4)+5))","v":""},{"$f":"IF(INDIRECT(\"'MRO Certificate Printing'!I\"&((ROW()-2)*4)+5)=\"\",\"\",INDIRECT(\"'MRO Certificate Printing'!I\"&((ROW()-2)*4)+5))","v":""},{"$f":"IF(INDIRECT(\"'MRO Certificate Printing'!K\"&((ROW()-2)*4)+5)=\"\",\"\",INDIRECT(\"'MRO Certificate Printing'!K\"&((ROW()-2)*4)+5))","v":""}]
["",{"$f":"IF(INDIRECT(\"'MRO Certificate Printing'!D\"&((ROW()-2)*4)+2)=\"\",\"\",INDIRECT(\"'MRO Certificate Printing'!D\"&((ROW()-2)*4)+2))","v":""},{"$f":"IF(INDIRECT(\"'MRO Certificate Printing'!E\"&((ROW()-2)*4)+2)=\"\",\"\",INDIRECT(\"'MRO Certificate Printing'!E\"&((ROW()-2)*4)+2))","v":""},{"$f":"IF(INDIRECT(\"'MRO Certificate Printing'!F\"&((ROW()-2)*4)+2)=\"\",\"\",INDIRECT(\"'MRO Certificate Printing'!F\"&((ROW()-2)*4)+2))","v":""},{"$f":"IF(INDIRECT(\"'MRO Certificate Printing'!B\"&((ROW()-2)*4)+2)=\"\",\"\",INDIRECT(\"'MRO Certificate Printing'!B\"&((ROW()-2)*4)+2))","v":""},{"$f":"IF(INDIRECT(\"'MRO Certificate Printing'!G\"&((ROW()-2)*4)+2)=\"\",\"\",INDIRECT(\"'MRO Certificate Printing'!G\"&((ROW()-2)*4)+2))","v":""},{"$f":"IF(INDIRECT(\"'MRO Certificate Printing'!J\"&((ROW()-2)*4)+2)=\"\",\"\",INDIRECT(\"'MRO Certificate Printing'!J\"&((ROW()-2)*4)+2))","v":""},{"$f":"IF(INDIRECT(\"'MRO Certificate Printing'!I\"&((ROW()-2)*4)+2)=\"\",\"\",INDIRECT(\"'MRO Certificate Printing'!I\"&((ROW()-2)*4)+2))","v":""},{"$f":"IF(INDIRECT(\"'MRO Certificate Printing'!K\"&((ROW()-2)*4)+2)=\"\",\"\",INDIRECT(\"'MRO Certificate Printing'!K\"&((ROW()-2)*4)+2))","v":""},null,{"$f":"IF(INDIRECT(\"'MRO Certificate Printing'!D\"&((ROW()-2)*4)+3)=\"\",\"\",INDIRECT(\"'MRO Certificate Printing'!D\"&((ROW()-2)*4)+3))","v":""},{"$f":"IF(INDIRECT(\"'MRO Certificate Printing'!E\"&((ROW()-2)*4)+3)=\"\",\"\",INDIRECT(\"'MRO Certificate Printing'!E\"&((ROW()-2)*4)+3))","v":""},{"$f":"IF(INDIRECT(\"'MRO Certificate Printing'!F\"&((ROW()-2)*4)+3)=\"\",\"\",INDIRECT(\"'MRO Certificate Printing'!F\"&((ROW()-2)*4)+3))","v":""},{"$f":"IF(INDIRECT(\"'MRO Certificate Printing'!B\"&((ROW()-2)*4)+3)=\"\",\"\",INDIRECT(\"'MRO Certificate Printing'!B\"&((ROW()-2)*4)+3))","v":""},{"$f":"IF(INDIRECT(\"'MRO Certificate Printing'!G\"&((ROW()-2)*4)+3)=\"\",\"\",INDIRECT(\"'MRO Certificate Printing'!G\"&((ROW()-2)*4)+3))","v":""},{"$f":"IF(INDIRECT(\"'MRO Certificate Printing'!J\"&((ROW()-2)*4)+3)=\"\",\"\",INDIRECT(\"'MRO Certificate Printing'!J\"&((ROW()-2)*4)+3))","v":""},{"$f":"IF(INDIRECT(\"'MRO Certificate Printing'!I\"&((ROW()-2)*4)+3)=\"\",\"\",INDIRECT(\"'MRO Certificate Printing'!I\"&((ROW()-2)*4)+3))","v":""},{"$f":"IF(INDIRECT(\"'MRO Certificate Printing'!K\"&((ROW()-2)*4)+3)=\"\",\"\",INDIRECT(\"'MRO Certificate Printing'!K\"&((ROW()-2)*4)+3))","v":""},null,{"$f":"IF(INDIRECT(\"'MRO Certificate Printing'!D\"&((ROW()-2)*4)+4)=\"\",\"\",INDIRECT(\"'MRO Certificate Printing'!D\"&((ROW()-2)*4)+4))","v":""},{"$f":"IF(INDIRECT(\"'MRO Certificate Printing'!E\"&((ROW()-2)*4)+4)=\"\",\"\",INDIRECT(\"'MRO Certificate Printing'!E\"&((ROW()-2)*4)+4))","v":""},{"$f":"IF(INDIRECT(\"'MRO Certificate Printing'!F\"&((ROW()-2)*4)+4)=\"\",\"\",INDIRECT(\"'MRO Certificate Printing'!F\"&((ROW()-2)*4)+4))","v":""},{"$f":"IF(INDIRECT(\"'MRO Certificate Printing'!B\"&((ROW()-2)*4)+4)=\"\",\"\",INDIRECT(\"'MRO Certificate Printing'!B\"&((ROW()-2)*4)+4))","v":""},{"$f":"IF(INDIRECT(\"'MRO Certificate Printing'!G\"&((ROW()-2)*4)+4)=\"\",\"\",INDIRECT(\"'MRO Certificate Printing'!G\"&((ROW()-2)*4)+4))","v":""},{"$f":"IF(INDIRECT(\"'MRO Certificate Printing'!J\"&((ROW()-2)*4)+4)=\"\",\"\",INDIRECT(\"'MRO Certificate Printing'!J\"&((ROW()-2)*4)+4))","v":""},{"$f":"IF(INDIRECT(\"'MRO Certificate Printing'!I\"&((ROW()-2)*4)+4)=\"\",\"\",INDIRECT(\"'MRO Certificate Printing'!I\"&((ROW()-2)*4)+4))","v":""},{"$f":"IF(INDIRECT(\"'MRO Certificate Printing'!K\"&((ROW()-2)*4)+4)=\"\",\"\",INDIRECT(\"'MRO Certificate Printing'!K\"&((ROW()-2)*4)+4))","v":""},null,{"$f":"IF(INDIRECT(\"'MRO Certificate Printing'!D\"&((ROW()-2)*4)+5)=\"\",\"\",INDIRECT(\"'MRO Certificate Printing'!D\"&((ROW()-2)*4)+5))","v":""},{"$f":"IF(INDIRECT(\"'MRO Certificate Printing'!E\"&((ROW()-2)*4)+5)=\"\",\"\",INDIRECT(\"'MRO Certificate Printing'!E\"&((ROW()-2)*4)+5))","v":""},{"$f":"IF(INDIRECT(\"'MRO Certificate Printing'!F\"&((ROW()-2)*4)+5)=\"\",\"\",INDIRECT(\"'MRO Certificate Printing'!F\"&((ROW()-2)*4)+5))","v":""},{"$f":"IF(INDIRECT(\"'MRO Certificate Printing'!B\"&((ROW()-2)*4)+5)=\"\",\"\",INDIRECT(\"'MRO Certificate Printing'!B\"&((ROW()-2)*4)+5))","v":""},{"$f":"IF(INDIRECT(\"'MRO Certificate Printing'!G\"&((ROW()-2)*4)+5)=\"\",\"\",INDIRECT(\"'MRO Certificate Printing'!G\"&((ROW()-2)*4)+5))","v":""},{"$f":"IF(INDIRECT(\"'MRO Certificate Printing'!J\"&((ROW()-2)*4)+5)=\"\",\"\",INDIRECT(\"'MRO Certificate Printing'!J\"&((ROW()-2)*4)+5))","v":""},{"$f":"IF(INDIRECT(\"'MRO Certificate Printing'!I\"&((ROW()-2)*4)+5)=\"\",\"\",INDIRECT(\"'MRO Certificate Printing'!I\"&((ROW()-2)*4)+5))","v":""},{"$f":"IF(INDIRECT(\"'MRO Certificate Printing'!K\"&((ROW()-2)*4)+5)=\"\",\"\",INDIRECT(\"'MRO Certificate Printing'!K\"&((ROW()-2)*4)+5))","v":""}]
["",{"$f":"IF(INDIRECT(\"'MRO Certificate Printing'!D\"&((ROW()-2)*4)+2)=\"\",\"\",INDIRECT(\"'MRO Certificate Printing'!D\"&((ROW()-2)*4)+2))","v":""},{"$f":"IF(INDIRECT(\"'MRO Certificate Printing'!E\"&((ROW()-2)*4)+2)=\"\",\"\",INDIRECT(\"'MRO Certificate Printing'!E\"&((ROW()-2)*4)+2))","v":""},{"$f":"IF(INDIRECT(\"'MRO Certificate Printing'!F\"&((ROW()-2)*4)+2)=\"\",\"\",INDIRECT(\"'MRO Certificate Printing'!F\"&((ROW()-2)*4)+2))","v":""},{"$f":"IF(INDIRECT(\"'MRO Certificate Printing'!B\"&((ROW()-2)*4)+2)=\"\",\"\",INDIRECT(\"'MRO Certificate Printing'!B\"&((ROW()-2)*4)+2))","v":""},{"$f":"IF(INDIRECT(\"'MRO Certificate Printing'!G\"&((ROW()-2)*4)+2)=\"\",\"\",INDIRECT(\"'MRO Certificate Printing'!G\"&((ROW()-2)*4)+2))","v":""},{"$f":"IF(INDIRECT(\"'MRO Certificate Printing'!J\"&((ROW()-2)*4)+2)=\"\",\"\",INDIRECT(\"'MRO Certificate Printing'!J\"&((ROW()-2)*4)+2))","v":""},{"$f":"IF(INDIRECT(\"'MRO Certificate Printing'!I\"&((ROW()-2)*4)+2)=\"\",\"\",INDIRECT(\"'MRO Certificate Printing'!I\"&((ROW()-2)*4)+2))","v":""},{"$f":"IF(INDIRECT(\"'MRO Certificate Printing'!K\"&((ROW()-2)*4)+2)=\"\",\"\",INDIRECT(\"'MRO Certificate Printing'!K\"&((ROW()-2)*4)+2))","v":""},null,{"$f":"IF(INDIRECT(\"'MRO Certificate Printing'!D\"&((ROW()-2)*4)+3)=\"\",\"\",INDIRECT(\"'MRO Certificate Printing'!D\"&((ROW()-2)*4)+3))","v":""},{"$f":"IF(INDIRECT(\"'MRO Certificate Printing'!E\"&((ROW()-2)*4)+3)=\"\",\"\",INDIRECT(\"'MRO Certificate Printing'!E\"&((ROW()-2)*4)+3))","v":""},{"$f":"IF(INDIRECT(\"'MRO Certificate Printing'!F\"&((ROW()-2)*4)+3)=\"\",\"\",INDIRECT(\"'MRO Certificate Printing'!F\"&((ROW()-2)*4)+3))","v":""},{"$f":"IF(INDIRECT(\"'MRO Certificate Printing'!B\"&((ROW()-2)*4)+3)=\"\",\"\",INDIRECT(\"'MRO Certificate Printing'!B\"&((ROW()-2)*4)+3))","v":""},{"$f":"IF(INDIRECT(\"'MRO Certificate Printing'!G\"&((ROW()-2)*4)+3)=\"\",\"\",INDIRECT(\"'MRO Certificate Printing'!G\"&((ROW()-2)*4)+3))","v":""},{"$f":"IF(INDIRECT(\"'MRO Certificate Printing'!J\"&((ROW()-2)*4)+3)=\"\",\"\",INDIRECT(\"'MRO Certificate Printing'!J\"&((ROW()-2)*4)+3))","v":""},{"$f":"IF(INDIRECT(\"'MRO Certificate Printing'!I\"&((ROW()-2)*4)+3)=\"\",\"\",INDIRECT(\"'MRO Certificate Printing'!I\"&((ROW()-2)*4)+3))","v":""},{"$f":"IF(INDIRECT(\"'MRO Certificate Printing'!K\"&((ROW()-2)*4)+3)=\"\",\"\",INDIRECT(\"'MRO Certificate Printing'!K\"&((ROW()-2)*4)+3))","v":""},null,{"$f":"IF(INDIRECT(\"'MRO Certificate Printing'!D\"&((ROW()-2)*4)+4)=\"\",\"\",INDIRECT(\"'MRO Certificate Printing'!D\"&((ROW()-2)*4)+4))","v":""},{"$f":"IF(INDIRECT(\"'MRO Certificate Printing'!E\"&((ROW()-2)*4)+4)=\"\",\"\",INDIRECT(\"'MRO Certificate Printing'!E\"&((ROW()-2)*4)+4))","v":""},{"$f":"IF(INDIRECT(\"'MRO Certificate Printing'!F\"&((ROW()-2)*4)+4)=\"\",\"\",INDIRECT(\"'MRO Certificate Printing'!F\"&((ROW()-2)*4)+4))","v":""},{"$f":"IF(INDIRECT(\"'MRO Certificate Printing'!B\"&((ROW()-2)*4)+4)=\"\",\"\",INDIRECT(\"'MRO Certificate Printing'!B\"&((ROW()-2)*4)+4))","v":""},{"$f":"IF(INDIRECT(\"'MRO Certificate Printing'!G\"&((ROW()-2)*4)+4)=\"\",\"\",INDIRECT(\"'MRO Certificate Printing'!G\"&((ROW()-2)*4)+4))","v":""},{"$f":"IF(INDIRECT(\"'MRO Certificate Printing'!J\"&((ROW()-2)*4)+4)=\"\",\"\",INDIRECT(\"'MRO Certificate Printing'!J\"&((ROW()-2)*4)+4))","v":""},{"$f":"IF(INDIRECT(\"'MRO Certificate Printing'!I\"&((ROW()-2)*4)+4)=\"\",\"\",INDIRECT(\"'MRO Certificate Printing'!I\"&((ROW()-2)*4)+4))","v":""},{"$f":"IF(INDIRECT(\"'MRO Certificate Printing'!K\"&((ROW()-2)*4)+4)=\"\",\"\",INDIRECT(\"'MRO Certificate Printing'!K\"&((ROW()-2)*4)+4))","v":""},null,{"$f":"IF(INDIRECT(\"'MRO Certificate Printing'!D\"&((ROW()-2)*4)+5)=\"\",\"\",INDIRECT(\"'MRO Certificate Printing'!D\"&((ROW()-2)*4)+5))","v":""},{"$f":"IF(INDIRECT(\"'MRO Certificate Printing'!E\"&((ROW()-2)*4)+5)=\"\",\"\",INDIRECT(\"'MRO Certificate Printing'!E\"&((ROW()-2)*4)+5))","v":""},{"$f":"IF(INDIRECT(\"'MRO Certificate Printing'!F\"&((ROW()-2)*4)+5)=\"\",\"\",INDIRECT(\"'MRO Certificate Printing'!F\"&((ROW()-2)*4)+5))","v":""},{"$f":"IF(INDIRECT(\"'MRO Certificate Printing'!B\"&((ROW()-2)*4)+5)=\"\",\"\",INDIRECT(\"'MRO Certificate Printing'!B\"&((ROW()-2)*4)+5))","v":""},{"$f":"IF(INDIRECT(\"'MRO Certificate Printing'!G\"&((ROW()-2)*4)+5)=\"\",\"\",INDIRECT(\"'MRO Certificate Printing'!G\"&((ROW()-2)*4)+5))","v":""},{"$f":"IF(INDIRECT(\"'MRO Certificate Printing'!J\"&((ROW()-2)*4)+5)=\"\",\"\",INDIRECT(\"'MRO Certificate Printing'!J\"&((ROW()-2)*4)+5))","v":""},{"$f":"IF(INDIRECT(\"'MRO Certificate Printing'!I\"&((ROW()-2)*4)+5)=\"\",\"\",INDIRECT(\"'MRO Certificate Printing'!I\"&((ROW()-2)*4)+5))","v":""},{"$f":"IF(INDIRECT(\"'MRO Certificate Printing'!K\"&((ROW()-2)*4)+5)=\"\",\"\",INDIRECT(\"'MRO Certificate Printing'!K\"&((ROW()-2)*4)+5))","v":""}]
["",{"$f":"IF(INDIRECT(\"'MRO Certificate Printing'!D\"&((ROW()-2)*4)+2)=\"\",\"\",INDIRECT(\"'MRO Certificate Printing'!D\"&((ROW()-2)*4)+2))","v":""},{"$f":"IF(INDIRECT(\"'MRO Certificate Printing'!E\"&((ROW()-2)*4)+2)=\"\",\"\",INDIRECT(\"'MRO Certificate Printing'!E\"&((ROW()-2)*4)+2))","v":""},{"$f":"IF(INDIRECT(\"'MRO Certificate Printing'!F\"&((ROW()-2)*4)+2)=\"\",\"\",INDIRECT(\"'MRO Certificate Printing'!F\"&((ROW()-2)*4)+2))","v":""},{"$f":"IF(INDIRECT(\"'MRO Certificate Printing'!B\"&((ROW()-2)*4)+2)=\"\",\"\",INDIRECT(\"'MRO Certificate Printing'!B\"&((ROW()-2)*4)+2))","v":""},{"$f":"IF(INDIRECT(\"'MRO Certificate Printing'!G\"&((ROW()-2)*4)+2)=\"\",\"\",INDIRECT(\"'MRO Certificate Printing'!G\"&((ROW()-2)*4)+2))","v":""},{"$f":"IF(INDIRECT(\"'MRO Certificate Printing'!J\"&((ROW()-2)*4)+2)=\"\",\"\",INDIRECT(\"'MRO Certificate Printing'!J\"&((ROW()-2)*4)+2))","v":""},{"$f":"IF(INDIRECT(\"'MRO Certificate Printing'!I\"&((ROW()-2)*4)+2)=\"\",\"\",INDIRECT(\"'MRO Certificate Printing'!I\"&((ROW()-2)*4)+2))","v":""},{"$f":"IF(INDIRECT(\"'MRO Certificate Printing'!K\"&((ROW()-2)*4)+2)=\"\",\"\",INDIRECT(\"'MRO Certificate Printing'!K\"&((ROW()-2)*4)+2))","v":""},null,{"$f":"IF(INDIRECT(\"'MRO Certificate Printing'!D\"&((ROW()-2)*4)+3)=\"\",\"\",INDIRECT(\"'MRO Certificate Printing'!D\"&((ROW()-2)*4)+3))","v":""},{"$f":"IF(INDIRECT(\"'MRO Certificate Printing'!E\"&((ROW()-2)*4)+3)=\"\",\"\",INDIRECT(\"'MRO Certificate Printing'!E\"&((ROW()-2)*4)+3))","v":""},{"$f":"IF(INDIRECT(\"'MRO Certificate Printing'!F\"&((ROW()-2)*4)+3)=\"\",\"\",INDIRECT(\"'MRO Certificate Printing'!F\"&((ROW()-2)*4)+3))","v":""},{"$f":"IF(INDIRECT(\"'MRO Certificate Printing'!B\"&((ROW()-2)*4)+3)=\"\",\"\",INDIRECT(\"'MRO Certificate Printing'!B\"&((ROW()-2)*4)+3))","v":""},{"$f":"IF(INDIRECT(\"'MRO Certificate Printing'!G\"&((ROW()-2)*4)+3)=\"\",\"\",INDIRECT(\"'MRO Certificate Printing'!G\"&((ROW()-2)*4)+3))","v":""},{"$f":"IF(INDIRECT(\"'MRO Certificate Printing'!J\"&((ROW()-2)*4)+3)=\"\",\"\",INDIRECT(\"'MRO Certificate Printing'!J\"&((ROW()-2)*4)+3))","v":""},{"$f":"IF(INDIRECT(\"'MRO Certificate Printing'!I\"&((ROW()-2)*4)+3)=\"\",\"\",INDIRECT(\"'MRO Certificate Printing'!I\"&((ROW()-2)*4)+3))","v":""},{"$f":"IF(INDIRECT(\"'MRO Certificate Printing'!K\"&((ROW()-2)*4)+3)=\"\",\"\",INDIRECT(\"'MRO Certificate Printing'!K\"&((ROW()-2)*4)+3))","v":""},null,{"$f":"IF(INDIRECT(\"'MRO Certificate Printing'!D\"&((ROW()-2)*4)+4)=\"\",\"\",INDIRECT(\"'MRO Certificate Printing'!D\"&((ROW()-2)*4)+4))","v":""},{"$f":"IF(INDIRECT(\"'MRO Certificate Printing'!E\"&((ROW()-2)*4)+4)=\"\",\"\",INDIRECT(\"'MRO Certificate Printing'!E\"&((ROW()-2)*4)+4))","v":""},{"$f":"IF(INDIRECT(\"'MRO Certificate Printing'!F\"&((ROW()-2)*4)+4)=\"\",\"\",INDIRECT(\"'MRO Certificate Printing'!F\"&((ROW()-2)*4)+4))","v":""},{"$f":"IF(INDIRECT(\"'MRO Certificate Printing'!B\"&((ROW()-2)*4)+4)=\"\",\"\",INDIRECT(\"'MRO Certificate Printing'!B\"&((ROW()-2)*4)+4))","v":""},{"$f":"IF(INDIRECT(\"'MRO Certificate Printing'!G\"&((ROW()-2)*4)+4)=\"\",\"\",INDIRECT(\"'MRO Certificate Printing'!G\"&((ROW()-2)*4)+4))","v":""},{"$f":"IF(INDIRECT(\"'MRO Certificate Printing'!J\"&((ROW()-2)*4)+4)=\"\",\"\",INDIRECT(\"'MRO Certificate Printing'!J\"&((ROW()-2)*4)+4))","v":""},{"$f":"IF(INDIRECT(\"'MRO Certificate Printing'!I\"&((ROW()-2)*4)+4)=\"\",\"\",INDIRECT(\"'MRO Certificate Printing'!I\"&((ROW()-2)*4)+4))","v":""},{"$f":"IF(INDIRECT(\"'MRO Certificate Printing'!K\"&((ROW()-2)*4)+4)=\"\",\"\",INDIRECT(\"'MRO Certificate Printing'!K\"&((ROW()-2)*4)+4))","v":""},null,{"$f":"IF(INDIRECT(\"'MRO Certificate Printing'!D\"&((ROW()-2)*4)+5)=\"\",\"\",INDIRECT(\"'MRO Certificate Printing'!D\"&((ROW()-2)*4)+5))","v":""},{"$f":"IF(INDIRECT(\"'MRO Certificate Printing'!E\"&((ROW()-2)*4)+5)=\"\",\"\",INDIRECT(\"'MRO Certificate Printing'!E\"&((ROW()-2)*4)+5))","v":""},{"$f":"IF(INDIRECT(\"'MRO Certificate Printing'!F\"&((ROW()-2)*4)+5)=\"\",\"\",INDIRECT(\"'MRO Certificate Printing'!F\"&((ROW()-2)*4)+5))","v":""},{"$f":"IF(INDIRECT(\"'MRO Certificate Printing'!B\"&((ROW()-2)*4)+5)=\"\",\"\",INDIRECT(\"'MRO Certificate Printing'!B\"&((ROW()-2)*4)+5))","v":""},{"$f":"IF(INDIRECT(\"'MRO Certificate Printing'!G\"&((ROW()-2)*4)+5)=\"\",\"\",INDIRECT(\"'MRO Certificate Printing'!G\"&((ROW()-2)*4)+5))","v":""},{"$f":"IF(INDIRECT(\"'MRO Certificate Printing'!J\"&((ROW()-2)*4)+5)=\"\",\"\",INDIRECT(\"'MRO Certificate Printing'!J\"&((ROW()-2)*4)+5))","v":""},{"$f":"IF(INDIRECT(\"'MRO Certificate Printing'!I\"&((ROW()-2)*4)+5)=\"\",\"\",INDIRECT(\"'MRO Certificate Printing'!I\"&((ROW()-2)*4)+5))","v":""},{"$f":"IF(INDIRECT(\"'MRO Certificate Printing'!K\"&((ROW()-2)*4)+5)=\"\",\"\",INDIRECT(\"'MRO Certificate Printing'!K\"&((ROW()-2)*4)+5))","v":""}]
["",{"$f":"IF(INDIRECT(\"'MRO Certificate Printing'!D\"&((ROW()-2)*4)+2)=\"\",\"\",INDIRECT(\"'MRO Certificate Printing'!D\"&((ROW()-2)*4)+2))","v":""},{"$f":"IF(INDIRECT(\"'MRO Certificate Printing'!E\"&((ROW()-2)*4)+2)=\"\",\"\",INDIRECT(\"'MRO Certificate Printing'!E\"&((ROW()-2)*4)+2))","v":""},{"$f":"IF(INDIRECT(\"'MRO Certificate Printing'!F\"&((ROW()-2)*4)+2)=\"\",\"\",INDIRECT(\"'MRO Certificate Printing'!F\"&((ROW()-2)*4)+2))","v":""},{"$f":"IF(INDIRECT(\"'MRO Certificate Printing'!B\"&((ROW()-2)*4)+2)=\"\",\"\",INDIRECT(\"'MRO Certificate Printing'!B\"&((ROW()-2)*4)+2))","v":""},{"$f":"IF(INDIRECT(\"'MRO Certificate Printing'!G\"&((ROW()-2)*4)+2)=\"\",\"\",INDIRECT(\"'MRO Certificate Printing'!G\"&((ROW()-2)*4)+2))","v":""},{"$f":"IF(INDIRECT(\"'MRO Certificate Printing'!J\"&((ROW()-2)*4)+2)=\"\",\"\",INDIRECT(\"'MRO Certificate Printing'!J\"&((ROW()-2)*4)+2))","v":""},{"$f":"IF(INDIRECT(\"'MRO Certificate Printing'!I\"&((ROW()-2)*4)+2)=\"\",\"\",INDIRECT(\"'MRO Certificate Printing'!I\"&((ROW()-2)*4)+2))","v":""},{"$f":"IF(INDIRECT(\"'MRO Certificate Printing'!K\"&((ROW()-2)*4)+2)=\"\",\"\",INDIRECT(\"'MRO Certificate Printing'!K\"&((ROW()-2)*4)+2))","v":""},null,{"$f":"IF(INDIRECT(\"'MRO Certificate Printing'!D\"&((ROW()-2)*4)+3)=\"\",\"\",INDIRECT(\"'MRO Certificate Printing'!D\"&((ROW()-2)*4)+3))","v":""},{"$f":"IF(INDIRECT(\"'MRO Certificate Printing'!E\"&((ROW()-2)*4)+3)=\"\",\"\",INDIRECT(\"'MRO Certificate Printing'!E\"&((ROW()-2)*4)+3))","v":""},{"$f":"IF(INDIRECT(\"'MRO Certificate Printing'!F\"&((ROW()-2)*4)+3)=\"\",\"\",INDIRECT(\"'MRO Certificate Printing'!F\"&((ROW()-2)*4)+3))","v":""},{"$f":"IF(INDIRECT(\"'MRO Certificate Printing'!B\"&((ROW()-2)*4)+3)=\"\",\"\",INDIRECT(\"'MRO Certificate Printing'!B\"&((ROW()-2)*4)+3))","v":""},{"$f":"IF(INDIRECT(\"'MRO Certificate Printing'!G\"&((ROW()-2)*4)+3)=\"\",\"\",INDIRECT(\"'MRO Certificate Printing'!G\"&((ROW()-2)*4)+3))","v":""},{"$f":"IF(INDIRECT(\"'MRO Certificate Printing'!J\"&((ROW()-2)*4)+3)=\"\",\"\",INDIRECT(\"'MRO Certificate Printing'!J\"&((ROW()-2)*4)+3))","v":""},{"$f":"IF(INDIRECT(\"'MRO Certificate Printing'!I\"&((ROW()-2)*4)+3)=\"\",\"\",INDIRECT(\"'MRO Certificate Printing'!I\"&((ROW()-2)*4)+3))","v":""},{"$f":"IF(INDIRECT(\"'MRO Certificate Printing'!K\"&((ROW()-2)*4)+3)=\"\",\"\",INDIRECT(\"'MRO Certificate Printing'!K\"&((ROW()-2)*4)+3))","v":""},null,{"$f":"IF(INDIRECT(\"'MRO Certificate Printing'!D\"&((ROW()-2)*4)+4)=\"\",\"\",INDIRECT(\"'MRO Certificate Printing'!D\"&((ROW()-2)*4)+4))","v":""},{"$f":"IF(INDIRECT(\"'MRO Certificate Printing'!E\"&((ROW()-2)*4)+4)=\"\",\"\",INDIRECT(\"'MRO Certificate Printing'!E\"&((ROW()-2)*4)+4))","v":""},{"$f":"IF(INDIRECT(\"'MRO Certificate Printing'!F\"&((ROW()-2)*4)+4)=\"\",\"\",INDIRECT(\"'MRO Certificate Printing'!F\"&((ROW()-2)*4)+4))","v":""},{"$f":"IF(INDIRECT(\"'MRO Certificate Printing'!B\"&((ROW()-2)*4)+4)=\"\",\"\",INDIRECT(\"'MRO Certificate Printing'!B\"&((ROW()-2)*4)+4))","v":""},{"$f":"IF(INDIRECT(\"'MRO Certificate Printing'!G\"&((ROW()-2)*4)+4)=\"\",\"\",INDIRECT(\"'MRO Certificate Printing'!G\"&((ROW()-2)*4)+4))","v":""},{"$f":"IF(INDIRECT(\"'MRO Certificate Printing'!J\"&((ROW()-2)*4)+4)=\"\",\"\",INDIRECT(\"'MRO Certificate Printing'!J\"&((ROW()-2)*4)+4))","v":""},{"$f":"IF(INDIRECT(\"'MRO Certificate Printing'!I\"&((ROW()-2)*4)+4)=\"\",\"\",INDIRECT(\"'MRO Certificate Printing'!I\"&((ROW()-2)*4)+4))","v":""},{"$f":"IF(INDIRECT(\"'MRO Certificate Printing'!K\"&((ROW()-2)*4)+4)=\"\",\"\",INDIRECT(\"'MRO Certificate Printing'!K\"&((ROW()-2)*4)+4))","v":""},null,{"$f":"IF(INDIRECT(\"'MRO Certificate Printing'!D\"&((ROW()-2)*4)+5)=\"\",\"\",INDIRECT(\"'MRO Certificate Printing'!D\"&((ROW()-2)*4)+5))","v":""},{"$f":"IF(INDIRECT(\"'MRO Certificate Printing'!E\"&((ROW()-2)*4)+5)=\"\",\"\",INDIRECT(\"'MRO Certificate Printing'!E\"&((ROW()-2)*4)+5))","v":""},{"$f":"IF(INDIRECT(\"'MRO Certificate Printing'!F\"&((ROW()-2)*4)+5)=\"\",\"\",INDIRECT(\"'MRO Certificate Printing'!F\"&((ROW()-2)*4)+5))","v":""},{"$f":"IF(INDIRECT(\"'MRO Certificate Printing'!B\"&((ROW()-2)*4)+5)=\"\",\"\",INDIRECT(\"'MRO Certificate Printing'!B\"&((ROW()-2)*4)+5))","v":""},{"$f":"IF(INDIRECT(\"'MRO Certificate Printing'!G\"&((ROW()-2)*4)+5)=\"\",\"\",INDIRECT(\"'MRO Certificate Printing'!G\"&((ROW()-2)*4)+5))","v":""},{"$f":"IF(INDIRECT(\"'MRO Certificate Printing'!J\"&((ROW()-2)*4)+5)=\"\",\"\",INDIRECT(\"'MRO Certificate Printing'!J\"&((ROW()-2)*4)+5))","v":""},{"$f":"IF(INDIRECT(\"'MRO Certificate Printing'!I\"&((ROW()-2)*4)+5)=\"\",\"\",INDIRECT(\"'MRO Certificate Printing'!I\"&((ROW()-2)*4)+5))","v":""},{"$f":"IF(INDIRECT(\"'MRO Certificate Printing'!K\"&((ROW()-2)*4)+5)=\"\",\"\",INDIRECT(\"'MRO Certificate Printing'!K\"&((ROW()-2)*4)+5))","v":""}]
["",{"$f":"IF(INDIRECT(\"'MRO Certificate Printing'!D\"&((ROW()-2)*4)+2)=\"\",\"\",INDIRECT(\"'MRO Certificate Printing'!D\"&((ROW()-2)*4)+2))","v":""},{"$f":"IF(INDIRECT(\"'MRO Certificate Printing'!E\"&((ROW()-2)*4)+2)=\"\",\"\",INDIRECT(\"'MRO Certificate Printing'!E\"&((ROW()-2)*4)+2))","v":""},{"$f":"IF(INDIRECT(\"'MRO Certificate Printing'!F\"&((ROW()-2)*4)+2)=\"\",\"\",INDIRECT(\"'MRO Certificate Printing'!F\"&((ROW()-2)*4)+2))","v":""},{"$f":"IF(INDIRECT(\"'MRO Certificate Printing'!B\"&((ROW()-2)*4)+2)=\"\",\"\",INDIRECT(\"'MRO Certificate Printing'!B\"&((ROW()-2)*4)+2))","v":""},{"$f":"IF(INDIRECT(\"'MRO Certificate Printing'!G\"&((ROW()-2)*4)+2)=\"\",\"\",INDIRECT(\"'MRO Certificate Printing'!G\"&((ROW()-2)*4)+2))","v":""},{"$f":"IF(INDIRECT(\"'MRO Certificate Printing'!J\"&((ROW()-2)*4)+2)=\"\",\"\",INDIRECT(\"'MRO Certificate Printing'!J\"&((ROW()-2)*4)+2))","v":""},{"$f":"IF(INDIRECT(\"'MRO Certificate Printing'!I\"&((ROW()-2)*4)+2)=\"\",\"\",INDIRECT(\"'MRO Certificate Printing'!I\"&((ROW()-2)*4)+2))","v":""},{"$f":"IF(INDIRECT(\"'MRO Certificate Printing'!K\"&((ROW()-2)*4)+2)=\"\",\"\",INDIRECT(\"'MRO Certificate Printing'!K\"&((ROW()-2)*4)+2))","v":""},null,{"$f":"IF(INDIRECT(\"'MRO Certificate Printing'!D\"&((ROW()-2)*4)+3)=\"\",\"\",INDIRECT(\"'MRO Certificate Printing'!D\"&((ROW()-2)*4)+3))","v":""},{"$f":"IF(INDIRECT(\"'MRO Certificate Printing'!E\"&((ROW()-2)*4)+3)=\"\",\"\",INDIRECT(\"'MRO Certificate Printing'!E\"&((ROW()-2)*4)+3))","v":""},{"$f":"IF(INDIRECT(\"'MRO Certificate Printing'!F\"&((ROW()-2)*4)+3)=\"\",\"\",INDIRECT(\"'MRO Certificate Printing'!F\"&((ROW()-2)*4)+3))","v":""},{"$f":"IF(INDIRECT(\"'MRO Certificate Printing'!B\"&((ROW()-2)*4)+3)=\"\",\"\",INDIRECT(\"'MRO Certificate Printing'!B\"&((ROW()-2)*4)+3))","v":""},{"$f":"IF(INDIRECT(\"'MRO Certificate Printing'!G\"&((ROW()-2)*4)+3)=\"\",\"\",INDIRECT(\"'MRO Certificate Printing'!G\"&((ROW()-2)*4)+3))","v":""},{"$f":"IF(INDIRECT(\"'MRO Certificate Printing'!J\"&((ROW()-2)*4)+3)=\"\",\"\",INDIRECT(\"'MRO Certificate Printing'!J\"&((ROW()-2)*4)+3))","v":""},{"$f":"IF(INDIRECT(\"'MRO Certificate Printing'!I\"&((ROW()-2)*4)+3)=\"\",\"\",INDIRECT(\"'MRO Certificate Printing'!I\"&((ROW()-2)*4)+3))","v":""},{"$f":"IF(INDIRECT(\"'MRO Certificate Printing'!K\"&((ROW()-2)*4)+3)=\"\",\"\",INDIRECT(\"'MRO Certificate Printing'!K\"&((ROW()-2)*4)+3))","v":""},null,{"$f":"IF(INDIRECT(\"'MRO Certificate Printing'!D\"&((ROW()-2)*4)+4)=\"\",\"\",INDIRECT(\"'MRO Certificate Printing'!D\"&((ROW()-2)*4)+4))","v":""},{"$f":"IF(INDIRECT(\"'MRO Certificate Printing'!E\"&((ROW()-2)*4)+4)=\"\",\"\",INDIRECT(\"'MRO Certificate Printing'!E\"&((ROW()-2)*4)+4))","v":""},{"$f":"IF(INDIRECT(\"'MRO Certificate Printing'!F\"&((ROW()-2)*4)+4)=\"\",\"\",INDIRECT(\"'MRO Certificate Printing'!F\"&((ROW()-2)*4)+4))","v":""},{"$f":"IF(INDIRECT(\"'MRO Certificate Printing'!B\"&((ROW()-2)*4)+4)=\"\",\"\",INDIRECT(\"'MRO Certificate Printing'!B\"&((ROW()-2)*4)+4))","v":""},{"$f":"IF(INDIRECT(\"'MRO Certificate Printing'!G\"&((ROW()-2)*4)+4)=\"\",\"\",INDIRECT(\"'MRO Certificate Printing'!G\"&((ROW()-2)*4)+4))","v":""},{"$f":"IF(INDIRECT(\"'MRO Certificate Printing'!J\"&((ROW()-2)*4)+4)=\"\",\"\",INDIRECT(\"'MRO Certificate Printing'!J\"&((ROW()-2)*4)+4))","v":""},{"$f":"IF(INDIRECT(\"'MRO Certificate Printing'!I\"&((ROW()-2)*4)+4)=\"\",\"\",INDIRECT(\"'MRO Certificate Printing'!I\"&((ROW()-2)*4)+4))","v":""},{"$f":"IF(INDIRECT(\"'MRO Certificate Printing'!K\"&((ROW()-2)*4)+4)=\"\",\"\",INDIRECT(\"'MRO Certificate Printing'!K\"&((ROW()-2)*4)+4))","v":""},null,{"$f":"IF(INDIRECT(\"'MRO Certificate Printing'!D\"&((ROW()-2)*4)+5)=\"\",\"\",INDIRECT(\"'MRO Certificate Printing'!D\"&((ROW()-2)*4)+5))","v":""},{"$f":"IF(INDIRECT(\"'MRO Certificate Printing'!E\"&((ROW()-2)*4)+5)=\"\",\"\",INDIRECT(\"'MRO Certificate Printing'!E\"&((ROW()-2)*4)+5))","v":""},{"$f":"IF(INDIRECT(\"'MRO Certificate Printing'!F\"&((ROW()-2)*4)+5)=\"\",\"\",INDIRECT(\"'MRO Certificate Printing'!F\"&((ROW()-2)*4)+5))","v":""},{"$f":"IF(INDIRECT(\"'MRO Certificate Printing'!B\"&((ROW()-2)*4)+5)=\"\",\"\",INDIRECT(\"'MRO Certificate Printing'!B\"&((ROW()-2)*4)+5))","v":""},{"$f":"IF(INDIRECT(\"'MRO Certificate Printing'!G\"&((ROW()-2)*4)+5)=\"\",\"\",INDIRECT(\"'MRO Certificate Printing'!G\"&((ROW()-2)*4)+5))","v":""},{"$f":"IF(INDIRECT(\"'MRO Certificate Printing'!J\"&((ROW()-2)*4)+5)=\"\",\"\",INDIRECT(\"'MRO Certificate Printing'!J\"&((ROW()-2)*4)+5))","v":""},{"$f":"IF(INDIRECT(\"'MRO Certificate Printing'!I\"&((ROW()-2)*4)+5)=\"\",\"\",INDIRECT(\"'MRO Certificate Printing'!I\"&((ROW()-2)*4)+5))","v":""},{"$f":"IF(INDIRECT(\"'MRO Certificate Printing'!K\"&((ROW()-2)*4)+5)=\"\",\"\",INDIRECT(\"'MRO Certificate Printing'!K\"&((ROW()-2)*4)+5))","v":""}]
["",{"$f":"IF(INDIRECT(\"'MRO Certificate Printing'!D\"&((ROW()-2)*4)+2)=\"\",\"\",INDIRECT(\"'MRO Certificate Printing'!D\"&((ROW()-2)*4)+2))","v":""},{"$f":"IF(INDIRECT(\"'MRO Certificate Printing'!E\"&((ROW()-2)*4)+2)=\"\",\"\",INDIRECT(\"'MRO Certificate Printing'!E\"&((ROW()-2)*4)+2))","v":""},{"$f":"IF(INDIRECT(\"'MRO Certificate Printing'!F\"&((ROW()-2)*4)+2)=\"\",\"\",INDIRECT(\"'MRO Certificate Printing'!F\"&((ROW()-2)*4)+2))","v":""},{"$f":"IF(INDIRECT(\"'MRO Certificate Printing'!B\"&((ROW()-2)*4)+2)=\"\",\"\",INDIRECT(\"'MRO Certificate Printing'!B\"&((ROW()-2)*4)+2))","v":""},{"$f":"IF(INDIRECT(\"'MRO Certificate Printing'!G\"&((ROW()-2)*4)+2)=\"\",\"\",INDIRECT(\"'MRO Certificate Printing'!G\"&((ROW()-2)*4)+2))","v":""},{"$f":"IF(INDIRECT(\"'MRO Certificate Printing'!J\"&((ROW()-2)*4)+2)=\"\",\"\",INDIRECT(\"'MRO Certificate Printing'!J\"&((ROW()-2)*4)+2))","v":""},{"$f":"IF(INDIRECT(\"'MRO Certificate Printing'!I\"&((ROW()-2)*4)+2)=\"\",\"\",INDIRECT(\"'MRO Certificate Printing'!I\"&((ROW()-2)*4)+2))","v":""},{"$f":"IF(INDIRECT(\"'MRO Certificate Printing'!K\"&((ROW()-2)*4)+2)=\"\",\"\",INDIRECT(\"'MRO Certificate Printing'!K\"&((ROW()-2)*4)+2))","v":""},null,{"$f":"IF(INDIRECT(\"'MRO Certificate Printing'!D\"&((ROW()-2)*4)+3)=\"\",\"\",INDIRECT(\"'MRO Certificate Printing'!D\"&((ROW()-2)*4)+3))","v":""},{"$f":"IF(INDIRECT(\"'MRO Certificate Printing'!E\"&((ROW()-2)*4)+3)=\"\",\"\",INDIRECT(\"'MRO Certificate Printing'!E\"&((ROW()-2)*4)+3))","v":""},{"$f":"IF(INDIRECT(\"'MRO Certificate Printing'!F\"&((ROW()-2)*4)+3)=\"\",\"\",INDIRECT(\"'MRO Certificate Printing'!F\"&((ROW()-2)*4)+3))","v":""},{"$f":"IF(INDIRECT(\"'MRO Certificate Printing'!B\"&((ROW()-2)*4)+3)=\"\",\"\",INDIRECT(\"'MRO Certificate Printing'!B\"&((ROW()-2)*4)+3))","v":""},{"$f":"IF(INDIRECT(\"'MRO Certificate Printing'!G\"&((ROW()-2)*4)+3)=\"\",\"\",INDIRECT(\"'MRO Certificate Printing'!G\"&((ROW()-2)*4)+3))","v":""},{"$f":"IF(INDIRECT(\"'MRO Certificate Printing'!J\"&((ROW()-2)*4)+3)=\"\",\"\",INDIRECT(\"'MRO Certificate Printing'!J\"&((ROW()-2)*4)+3))","v":""},{"$f":"IF(INDIRECT(\"'MRO Certificate Printing'!I\"&((ROW()-2)*4)+3)=\"\",\"\",INDIRECT(\"'MRO Certificate Printing'!I\"&((ROW()-2)*4)+3))","v":""},{"$f":"IF(INDIRECT(\"'MRO Certificate Printing'!K\"&((ROW()-2)*4)+3)=\"\",\"\",INDIRECT(\"'MRO Certificate Printing'!K\"&((ROW()-2)*4)+3))","v":""},null,{"$f":"IF(INDIRECT(\"'MRO Certificate Printing'!D\"&((ROW()-2)*4)+4)=\"\",\"\",INDIRECT(\"'MRO Certificate Printing'!D\"&((ROW()-2)*4)+4))","v":""},{"$f":"IF(INDIRECT(\"'MRO Certificate Printing'!E\"&((ROW()-2)*4)+4)=\"\",\"\",INDIRECT(\"'MRO Certificate Printing'!E\"&((ROW()-2)*4)+4))","v":""},{"$f":"IF(INDIRECT(\"'MRO Certificate Printing'!F\"&((ROW()-2)*4)+4)=\"\",\"\",INDIRECT(\"'MRO Certificate Printing'!F\"&((ROW()-2)*4)+4))","v":""},{"$f":"IF(INDIRECT(\"'MRO Certificate Printing'!B\"&((ROW()-2)*4)+4)=\"\",\"\",INDIRECT(\"'MRO Certificate Printing'!B\"&((ROW()-2)*4)+4))","v":""},{"$f":"IF(INDIRECT(\"'MRO Certificate Printing'!G\"&((ROW()-2)*4)+4)=\"\",\"\",INDIRECT(\"'MRO Certificate Printing'!G\"&((ROW()-2)*4)+4))","v":""},{"$f":"IF(INDIRECT(\"'MRO Certificate Printing'!J\"&((ROW()-2)*4)+4)=\"\",\"\",INDIRECT(\"'MRO Certificate Printing'!J\"&((ROW()-2)*4)+4))","v":""},{"$f":"IF(INDIRECT(\"'MRO Certificate Printing'!I\"&((ROW()-2)*4)+4)=\"\",\"\",INDIRECT(\"'MRO Certificate Printing'!I\"&((ROW()-2)*4)+4))","v":""},{"$f":"IF(INDIRECT(\"'MRO Certificate Printing'!K\"&((ROW()-2)*4)+4)=\"\",\"\",INDIRECT(\"'MRO Certificate Printing'!K\"&((ROW()-2)*4)+4))","v":""},null,{"$f":"IF(INDIRECT(\"'MRO Certificate Printing'!D\"&((ROW()-2)*4)+5)=\"\",\"\",INDIRECT(\"'MRO Certificate Printing'!D\"&((ROW()-2)*4)+5))","v":""},{"$f":"IF(INDIRECT(\"'MRO Certificate Printing'!E\"&((ROW()-2)*4)+5)=\"\",\"\",INDIRECT(\"'MRO Certificate Printing'!E\"&((ROW()-2)*4)+5))","v":""},{"$f":"IF(INDIRECT(\"'MRO Certificate Printing'!F\"&((ROW()-2)*4)+5)=\"\",\"\",INDIRECT(\"'MRO Certificate Printing'!F\"&((ROW()-2)*4)+5))","v":""},{"$f":"IF(INDIRECT(\"'MRO Certificate Printing'!B\"&((ROW()-2)*4)+5)=\"\",\"\",INDIRECT(\"'MRO Certificate Printing'!B\"&((ROW()-2)*4)+5))","v":""},{"$f":"IF(INDIRECT(\"'MRO Certificate Printing'!G\"&((ROW()-2)*4)+5)=\"\",\"\",INDIRECT(\"'MRO Certificate Printing'!G\"&((ROW()-2)*4)+5))","v":""},{"$f":"IF(INDIRECT(\"'MRO Certificate Printing'!J\"&((ROW()-2)*4)+5)=\"\",\"\",INDIRECT(\"'MRO Certificate Printing'!J\"&((ROW()-2)*4)+5))","v":""},{"$f":"IF(INDIRECT(\"'MRO Certificate Printing'!I\"&((ROW()-2)*4)+5)=\"\",\"\",INDIRECT(\"'MRO Certificate Printing'!I\"&((ROW()-2)*4)+5))","v":""},{"$f":"IF(INDIRECT(\"'MRO Certificate Printing'!K\"&((ROW()-2)*4)+5)=\"\",\"\",INDIRECT(\"'MRO Certificate Printing'!K\"&((ROW()-2)*4)+5))","v":""}]
["",{"$f":"IF(INDIRECT(\"'MRO Certificate Printing'!D\"&((ROW()-2)*4)+2)=\"\",\"\",INDIRECT(\"'MRO Certificate Printing'!D\"&((ROW()-2)*4)+2))","v":""},{"$f":"IF(INDIRECT(\"'MRO Certificate Printing'!E\"&((ROW()-2)*4)+2)=\"\",\"\",INDIRECT(\"'MRO Certificate Printing'!E\"&((ROW()-2)*4)+2))","v":""},{"$f":"IF(INDIRECT(\"'MRO Certificate Printing'!F\"&((ROW()-2)*4)+2)=\"\",\"\",INDIRECT(\"'MRO Certificate Printing'!F\"&((ROW()-2)*4)+2))","v":""},{"$f":"IF(INDIRECT(\"'MRO Certificate Printing'!B\"&((ROW()-2)*4)+2)=\"\",\"\",INDIRECT(\"'MRO Certificate Printing'!B\"&((ROW()-2)*4)+2))","v":""},{"$f":"IF(INDIRECT(\"'MRO Certificate Printing'!G\"&((ROW()-2)*4)+2)=\"\",\"\",INDIRECT(\"'MRO Certificate Printing'!G\"&((ROW()-2)*4)+2))","v":""},{"$f":"IF(INDIRECT(\"'MRO Certificate Printing'!J\"&((ROW()-2)*4)+2)=\"\",\"\",INDIRECT(\"'MRO Certificate Printing'!J\"&((ROW()-2)*4)+2))","v":""},{"$f":"IF(INDIRECT(\"'MRO Certificate Printing'!I\"&((ROW()-2)*4)+2)=\"\",\"\",INDIRECT(\"'MRO Certificate Printing'!I\"&((ROW()-2)*4)+2))","v":""},{"$f":"IF(INDIRECT(\"'MRO Certificate Printing'!K\"&((ROW()-2)*4)+2)=\"\",\"\",INDIRECT(\"'MRO Certificate Printing'!K\"&((ROW()-2)*4)+2))","v":""},null,{"$f":"IF(INDIRECT(\"'MRO Certificate Printing'!D\"&((ROW()-2)*4)+3)=\"\",\"\",INDIRECT(\"'MRO Certificate Printing'!D\"&((ROW()-2)*4)+3))","v":""},{"$f":"IF(INDIRECT(\"'MRO Certificate Printing'!E\"&((ROW()-2)*4)+3)=\"\",\"\",INDIRECT(\"'MRO Certificate Printing'!E\"&((ROW()-2)*4)+3))","v":""},{"$f":"IF(INDIRECT(\"'MRO Certificate Printing'!F\"&((ROW()-2)*4)+3)=\"\",\"\",INDIRECT(\"'MRO Certificate Printing'!F\"&((ROW()-2)*4)+3))","v":""},{"$f":"IF(INDIRECT(\"'MRO Certificate Printing'!B\"&((ROW()-2)*4)+3)=\"\",\"\",INDIRECT(\"'MRO Certificate Printing'!B\"&((ROW()-2)*4)+3))","v":""},{"$f":"IF(INDIRECT(\"'MRO Certificate Printing'!G\"&((ROW()-2)*4)+3)=\"\",\"\",INDIRECT(\"'MRO Certificate Printing'!G\"&((ROW()-2)*4)+3))","v":""},{"$f":"IF(INDIRECT(\"'MRO Certificate Printing'!J\"&((ROW()-2)*4)+3)=\"\",\"\",INDIRECT(\"'MRO Certificate Printing'!J\"&((ROW()-2)*4)+3))","v":""},{"$f":"IF(INDIRECT(\"'MRO Certificate Printing'!I\"&((ROW()-2)*4)+3)=\"\",\"\",INDIRECT(\"'MRO Certificate Printing'!I\"&((ROW()-2)*4)+3))","v":""},{"$f":"IF(INDIRECT(\"'MRO Certificate Printing'!K\"&((ROW()-2)*4)+3)=\"\",\"\",INDIRECT(\"'MRO Certificate Printing'!K\"&((ROW()-2)*4)+3))","v":""},null,{"$f":"IF(INDIRECT(\"'MRO Certificate Printing'!D\"&((ROW()-2)*4)+4)=\"\",\"\",INDIRECT(\"'MRO Certificate Printing'!D\"&((ROW()-2)*4)+4))","v":""},{"$f":"IF(INDIRECT(\"'MRO Certificate Printing'!E\"&((ROW()-2)*4)+4)=\"\",\"\",INDIRECT(\"'MRO Certificate Printing'!E\"&((ROW()-2)*4)+4))","v":""},{"$f":"IF(INDIRECT(\"'MRO Certificate Printing'!F\"&((ROW()-2)*4)+4)=\"\",\"\",INDIRECT(\"'MRO Certificate Printing'!F\"&((ROW()-2)*4)+4))","v":""},{"$f":"IF(INDIRECT(\"'MRO Certificate Printing'!B\"&((ROW()-2)*4)+4)=\"\",\"\",INDIRECT(\"'MRO Certificate Printing'!B\"&((ROW()-2)*4)+4))","v":""},{"$f":"IF(INDIRECT(\"'MRO Certificate Printing'!G\"&((ROW()-2)*4)+4)=\"\",\"\",INDIRECT(\"'MRO Certificate Printing'!G\"&((ROW()-2)*4)+4))","v":""},{"$f":"IF(INDIRECT(\"'MRO Certificate Printing'!J\"&((ROW()-2)*4)+4)=\"\",\"\",INDIRECT(\"'MRO Certificate Printing'!J\"&((ROW()-2)*4)+4))","v":""},{"$f":"IF(INDIRECT(\"'MRO Certificate Printing'!I\"&((ROW()-2)*4)+4)=\"\",\"\",INDIRECT(\"'MRO Certificate Printing'!I\"&((ROW()-2)*4)+4))","v":""},{"$f":"IF(INDIRECT(\"'MRO Certificate Printing'!K\"&((ROW()-2)*4)+4)=\"\",\"\",INDIRECT(\"'MRO Certificate Printing'!K\"&((ROW()-2)*4)+4))","v":""},null,{"$f":"IF(INDIRECT(\"'MRO Certificate Printing'!D\"&((ROW()-2)*4)+5)=\"\",\"\",INDIRECT(\"'MRO Certificate Printing'!D\"&((ROW()-2)*4)+5))","v":""},{"$f":"IF(INDIRECT(\"'MRO Certificate Printing'!E\"&((ROW()-2)*4)+5)=\"\",\"\",INDIRECT(\"'MRO Certificate Printing'!E\"&((ROW()-2)*4)+5))","v":""},{"$f":"IF(INDIRECT(\"'MRO Certificate Printing'!F\"&((ROW()-2)*4)+5)=\"\",\"\",INDIRECT(\"'MRO Certificate Printing'!F\"&((ROW()-2)*4)+5))","v":""},{"$f":"IF(INDIRECT(\"'MRO Certificate Printing'!B\"&((ROW()-2)*4)+5)=\"\",\"\",INDIRECT(\"'MRO Certificate Printing'!B\"&((ROW()-2)*4)+5))","v":""},{"$f":"IF(INDIRECT(\"'MRO Certificate Printing'!G\"&((ROW()-2)*4)+5)=\"\",\"\",INDIRECT(\"'MRO Certificate Printing'!G\"&((ROW()-2)*4)+5))","v":""},{"$f":"IF(INDIRECT(\"'MRO Certificate Printing'!J\"&((ROW()-2)*4)+5)=\"\",\"\",INDIRECT(\"'MRO Certificate Printing'!J\"&((ROW()-2)*4)+5))","v":""},{"$f":"IF(INDIRECT(\"'MRO Certificate Printing'!I\"&((ROW()-2)*4)+5)=\"\",\"\",INDIRECT(\"'MRO Certificate Printing'!I\"&((ROW()-2)*4)+5))","v":""},{"$f":"IF(INDIRECT(\"'MRO Certificate Printing'!K\"&((ROW()-2)*4)+5)=\"\",\"\",INDIRECT(\"'MRO Certificate Printing'!K\"&((ROW()-2)*4)+5))","v":""}]
["",{"$f":"IF(INDIRECT(\"'MRO Certificate Printing'!D\"&((ROW()-2)*4)+2)=\"\",\"\",INDIRECT(\"'MRO Certificate Printing'!D\"&((ROW()-2)*4)+2))","v":""},{"$f":"IF(INDIRECT(\"'MRO Certificate Printing'!E\"&((ROW()-2)*4)+2)=\"\",\"\",INDIRECT(\"'MRO Certificate Printing'!E\"&((ROW()-2)*4)+2))","v":""},{"$f":"IF(INDIRECT(\"'MRO Certificate Printing'!F\"&((ROW()-2)*4)+2)=\"\",\"\",INDIRECT(\"'MRO Certificate Printing'!F\"&((ROW()-2)*4)+2))","v":""},{"$f":"IF(INDIRECT(\"'MRO Certificate Printing'!B\"&((ROW()-2)*4)+2)=\"\",\"\",INDIRECT(\"'MRO Certificate Printing'!B\"&((ROW()-2)*4)+2))","v":""},{"$f":"IF(INDIRECT(\"'MRO Certificate Printing'!G\"&((ROW()-2)*4)+2)=\"\",\"\",INDIRECT(\"'MRO Certificate Printing'!G\"&((ROW()-2)*4)+2))","v":""},{"$f":"IF(INDIRECT(\"'MRO Certificate Printing'!J\"&((ROW()-2)*4)+2)=\"\",\"\",INDIRECT(\"'MRO Certificate Printing'!J\"&((ROW()-2)*4)+2))","v":""},{"$f":"IF(INDIRECT(\"'MRO Certificate Printing'!I\"&((ROW()-2)*4)+2)=\"\",\"\",INDIRECT(\"'MRO Certificate Printing'!I\"&((ROW()-2)*4)+2))","v":""},{"$f":"IF(INDIRECT(\"'MRO Certificate Printing'!K\"&((ROW()-2)*4)+2)=\"\",\"\",INDIRECT(\"'MRO Certificate Printing'!K\"&((ROW()-2)*4)+2))","v":""},null,{"$f":"IF(INDIRECT(\"'MRO Certificate Printing'!D\"&((ROW()-2)*4)+3)=\"\",\"\",INDIRECT(\"'MRO Certificate Printing'!D\"&((ROW()-2)*4)+3))","v":""},{"$f":"IF(INDIRECT(\"'MRO Certificate Printing'!E\"&((ROW()-2)*4)+3)=\"\",\"\",INDIRECT(\"'MRO Certificate Printing'!E\"&((ROW()-2)*4)+3))","v":""},{"$f":"IF(INDIRECT(\"'MRO Certificate Printing'!F\"&((ROW()-2)*4)+3)=\"\",\"\",INDIRECT(\"'MRO Certificate Printing'!F\"&((ROW()-2)*4)+3))","v":""},{"$f":"IF(INDIRECT(\"'MRO Certificate Printing'!B\"&((ROW()-2)*4)+3)=\"\",\"\",INDIRECT(\"'MRO Certificate Printing'!B\"&((ROW()-2)*4)+3))","v":""},{"$f":"IF(INDIRECT(\"'MRO Certificate Printing'!G\"&((ROW()-2)*4)+3)=\"\",\"\",INDIRECT(\"'MRO Certificate Printing'!G\"&((ROW()-2)*4)+3))","v":""},{"$f":"IF(INDIRECT(\"'MRO Certificate Printing'!J\"&((ROW()-2)*4)+3)=\"\",\"\",INDIRECT(\"'MRO Certificate Printing'!J\"&((ROW()-2)*4)+3))","v":""},{"$f":"IF(INDIRECT(\"'MRO Certificate Printing'!I\"&((ROW()-2)*4)+3)=\"\",\"\",INDIRECT(\"'MRO Certificate Printing'!I\"&((ROW()-2)*4)+3))","v":""},{"$f":"IF(INDIRECT(\"'MRO Certificate Printing'!K\"&((ROW()-2)*4)+3)=\"\",\"\",INDIRECT(\"'MRO Certificate Printing'!K\"&((ROW()-2)*4)+3))","v":""},null,{"$f":"IF(INDIRECT(\"'MRO Certificate Printing'!D\"&((ROW()-2)*4)+4)=\"\",\"\",INDIRECT(\"'MRO Certificate Printing'!D\"&((ROW()-2)*4)+4))","v":""},{"$f":"IF(INDIRECT(\"'MRO Certificate Printing'!E\"&((ROW()-2)*4)+4)=\"\",\"\",INDIRECT(\"'MRO Certificate Printing'!E\"&((ROW()-2)*4)+4))","v":""},{"$f":"IF(INDIRECT(\"'MRO Certificate Printing'!F\"&((ROW()-2)*4)+4)=\"\",\"\",INDIRECT(\"'MRO Certificate Printing'!F\"&((ROW()-2)*4)+4))","v":""},{"$f":"IF(INDIRECT(\"'MRO Certificate Printing'!B\"&((ROW()-2)*4)+4)=\"\",\"\",INDIRECT(\"'MRO Certificate Printing'!B\"&((ROW()-2)*4)+4))","v":""},{"$f":"IF(INDIRECT(\"'MRO Certificate Printing'!G\"&((ROW()-2)*4)+4)=\"\",\"\",INDIRECT(\"'MRO Certificate Printing'!G\"&((ROW()-2)*4)+4))","v":""},{"$f":"IF(INDIRECT(\"'MRO Certificate Printing'!J\"&((ROW()-2)*4)+4)=\"\",\"\",INDIRECT(\"'MRO Certificate Printing'!J\"&((ROW()-2)*4)+4))","v":""},{"$f":"IF(INDIRECT(\"'MRO Certificate Printing'!I\"&((ROW()-2)*4)+4)=\"\",\"\",INDIRECT(\"'MRO Certificate Printing'!I\"&((ROW()-2)*4)+4))","v":""},{"$f":"IF(INDIRECT(\"'MRO Certificate Printing'!K\"&((ROW()-2)*4)+4)=\"\",\"\",INDIRECT(\"'MRO Certificate Printing'!K\"&((ROW()-2)*4)+4))","v":""},null,{"$f":"IF(INDIRECT(\"'MRO Certificate Printing'!D\"&((ROW()-2)*4)+5)=\"\",\"\",INDIRECT(\"'MRO Certificate Printing'!D\"&((ROW()-2)*4)+5))","v":""},{"$f":"IF(INDIRECT(\"'MRO Certificate Printing'!E\"&((ROW()-2)*4)+5)=\"\",\"\",INDIRECT(\"'MRO Certificate Printing'!E\"&((ROW()-2)*4)+5))","v":""},{"$f":"IF(INDIRECT(\"'MRO Certificate Printing'!F\"&((ROW()-2)*4)+5)=\"\",\"\",INDIRECT(\"'MRO Certificate Printing'!F\"&((ROW()-2)*4)+5))","v":""},{"$f":"IF(INDIRECT(\"'MRO Certificate Printing'!B\"&((ROW()-2)*4)+5)=\"\",\"\",INDIRECT(\"'MRO Certificate Printing'!B\"&((ROW()-2)*4)+5))","v":""},{"$f":"IF(INDIRECT(\"'MRO Certificate Printing'!G\"&((ROW()-2)*4)+5)=\"\",\"\",INDIRECT(\"'MRO Certificate Printing'!G\"&((ROW()-2)*4)+5))","v":""},{"$f":"IF(INDIRECT(\"'MRO Certificate Printing'!J\"&((ROW()-2)*4)+5)=\"\",\"\",INDIRECT(\"'MRO Certificate Printing'!J\"&((ROW()-2)*4)+5))","v":""},{"$f":"IF(INDIRECT(\"'MRO Certificate Printing'!I\"&((ROW()-2)*4)+5)=\"\",\"\",INDIRECT(\"'MRO Certificate Printing'!I\"&((ROW()-2)*4)+5))","v":""},{"$f":"IF(INDIRECT(\"'MRO Certificate Printing'!K\"&((ROW()-2)*4)+5)=\"\",\"\",INDIRECT(\"'MRO Certificate Printing'!K\"&((ROW()-2)*4)+5))","v":""}]
["",{"$f":"IF(INDIRECT(\"'MRO Certificate Printing'!D\"&((ROW()-2)*4)+2)=\"\",\"\",INDIRECT(\"'MRO Certificate Printing'!D\"&((ROW()-2)*4)+2))","v":""},{"$f":"IF(INDIRECT(\"'MRO Certificate Printing'!E\"&((ROW()-2)*4)+2)=\"\",\"\",INDIRECT(\"'MRO Certificate Printing'!E\"&((ROW()-2)*4)+2))","v":""},{"$f":"IF(INDIRECT(\"'MRO Certificate Printing'!F\"&((ROW()-2)*4)+2)=\"\",\"\",INDIRECT(\"'MRO Certificate Printing'!F\"&((ROW()-2)*4)+2))","v":""},{"$f":"IF(INDIRECT(\"'MRO Certificate Printing'!B\"&((ROW()-2)*4)+2)=\"\",\"\",INDIRECT(\"'MRO Certificate Printing'!B\"&((ROW()-2)*4)+2))","v":""},{"$f":"IF(INDIRECT(\"'MRO Certificate Printing'!G\"&((ROW()-2)*4)+2)=\"\",\"\",INDIRECT(\"'MRO Certificate Printing'!G\"&((ROW()-2)*4)+2))","v":""},{"$f":"IF(INDIRECT(\"'MRO Certificate Printing'!J\"&((ROW()-2)*4)+2)=\"\",\"\",INDIRECT(\"'MRO Certificate Printing'!J\"&((ROW()-2)*4)+2))","v":""},{"$f":"IF(INDIRECT(\"'MRO Certificate Printing'!I\"&((ROW()-2)*4)+2)=\"\",\"\",INDIRECT(\"'MRO Certificate Printing'!I\"&((ROW()-2)*4)+2))","v":""},{"$f":"IF(INDIRECT(\"'MRO Certificate Printing'!K\"&((ROW()-2)*4)+2)=\"\",\"\",INDIRECT(\"'MRO Certificate Printing'!K\"&((ROW()-2)*4)+2))","v":""},null,{"$f":"IF(INDIRECT(\"'MRO Certificate Printing'!D\"&((ROW()-2)*4)+3)=\"\",\"\",INDIRECT(\"'MRO Certificate Printing'!D\"&((ROW()-2)*4)+3))","v":""},{"$f":"IF(INDIRECT(\"'MRO Certificate Printing'!E\"&((ROW()-2)*4)+3)=\"\",\"\",INDIRECT(\"'MRO Certificate Printing'!E\"&((ROW()-2)*4)+3))","v":""},{"$f":"IF(INDIRECT(\"'MRO Certificate Printing'!F\"&((ROW()-2)*4)+3)=\"\",\"\",INDIRECT(\"'MRO Certificate Printing'!F\"&((ROW()-2)*4)+3))","v":""},{"$f":"IF(INDIRECT(\"'MRO Certificate Printing'!B\"&((ROW()-2)*4)+3)=\"\",\"\",INDIRECT(\"'MRO Certificate Printing'!B\"&((ROW()-2)*4)+3))","v":""},{"$f":"IF(INDIRECT(\"'MRO Certificate Printing'!G\"&((ROW()-2)*4)+3)=\"\",\"\",INDIRECT(\"'MRO Certificate Printing'!G\"&((ROW()-2)*4)+3))","v":""},{"$f":"IF(INDIRECT(\"'MRO Certificate Printing'!J\"&((ROW()-2)*4)+3)=\"\",\"\",INDIRECT(\"'MRO Certificate Printing'!J\"&((ROW()-2)*4)+3))","v":""},{"$f":"IF(INDIRECT(\"'MRO Certificate Printing'!I\"&((ROW()-2)*4)+3)=\"\",\"\",INDIRECT(\"'MRO Certificate Printing'!I\"&((ROW()-2)*4)+3))","v":""},{"$f":"IF(INDIRECT(\"'MRO Certificate Printing'!K\"&((ROW()-2)*4)+3)=\"\",\"\",INDIRECT(\"'MRO Certificate Printing'!K\"&((ROW()-2)*4)+3))","v":""},null,{"$f":"IF(INDIRECT(\"'MRO Certificate Printing'!D\"&((ROW()-2)*4)+4)=\"\",\"\",INDIRECT(\"'MRO Certificate Printing'!D\"&((ROW()-2)*4)+4))","v":""},{"$f":"IF(INDIRECT(\"'MRO Certificate Printing'!E\"&((ROW()-2)*4)+4)=\"\",\"\",INDIRECT(\"'MRO Certificate Printing'!E\"&((ROW()-2)*4)+4))","v":""},{"$f":"IF(INDIRECT(\"'MRO Certificate Printing'!F\"&((ROW()-2)*4)+4)=\"\",\"\",INDIRECT(\"'MRO Certificate Printing'!F\"&((ROW()-2)*4)+4))","v":""},{"$f":"IF(INDIRECT(\"'MRO Certificate Printing'!B\"&((ROW()-2)*4)+4)=\"\",\"\",INDIRECT(\"'MRO Certificate Printing'!B\"&((ROW()-2)*4)+4))","v":""},{"$f":"IF(INDIRECT(\"'MRO Certificate Printing'!G\"&((ROW()-2)*4)+4)=\"\",\"\",INDIRECT(\"'MRO Certificate Printing'!G\"&((ROW()-2)*4)+4))","v":""},{"$f":"IF(INDIRECT(\"'MRO Certificate Printing'!J\"&((ROW()-2)*4)+4)=\"\",\"\",INDIRECT(\"'MRO Certificate Printing'!J\"&((ROW()-2)*4)+4))","v":""},{"$f":"IF(INDIRECT(\"'MRO Certificate Printing'!I\"&((ROW()-2)*4)+4)=\"\",\"\",INDIRECT(\"'MRO Certificate Printing'!I\"&((ROW()-2)*4)+4))","v":""},{"$f":"IF(INDIRECT(\"'MRO Certificate Printing'!K\"&((ROW()-2)*4)+4)=\"\",\"\",INDIRECT(\"'MRO Certificate Printing'!K\"&((ROW()-2)*4)+4))","v":""},null,{"$f":"IF(INDIRECT(\"'MRO Certificate Printing'!D\"&((ROW()-2)*4)+5)=\"\",\"\",INDIRECT(\"'MRO Certificate Printing'!D\"&((ROW()-2)*4)+5))","v":""},{"$f":"IF(INDIRECT(\"'MRO Certificate Printing'!E\"&((ROW()-2)*4)+5)=\"\",\"\",INDIRECT(\"'MRO Certificate Printing'!E\"&((ROW()-2)*4)+5))","v":""},{"$f":"IF(INDIRECT(\"'MRO Certificate Printing'!F\"&((ROW()-2)*4)+5)=\"\",\"\",INDIRECT(\"'MRO Certificate Printing'!F\"&((ROW()-2)*4)+5))","v":""},{"$f":"IF(INDIRECT(\"'MRO Certificate Printing'!B\"&((ROW()-2)*4)+5)=\"\",\"\",INDIRECT(\"'MRO Certificate Printing'!B\"&((ROW()-2)*4)+5))","v":""},{"$f":"IF(INDIRECT(\"'MRO Certificate Printing'!G\"&((ROW()-2)*4)+5)=\"\",\"\",INDIRECT(\"'MRO Certificate Printing'!G\"&((ROW()-2)*4)+5))","v":""},{"$f":"IF(INDIRECT(\"'MRO Certificate Printing'!J\"&((ROW()-2)*4)+5)=\"\",\"\",INDIRECT(\"'MRO Certificate Printing'!J\"&((ROW()-2)*4)+5))","v":""},{"$f":"IF(INDIRECT(\"'MRO Certificate Printing'!I\"&((ROW()-2)*4)+5)=\"\",\"\",INDIRECT(\"'MRO Certificate Printing'!I\"&((ROW()-2)*4)+5))","v":""},{"$f":"IF(INDIRECT(\"'MRO Certificate Printing'!K\"&((ROW()-2)*4)+5)=\"\",\"\",INDIRECT(\"'MRO Certificate Printing'!K\"&((ROW()-2)*4)+5))","v":""}]
["",{"$f":"IF(INDIRECT(\"'MRO Certificate Printing'!D\"&((ROW()-2)*4)+2)=\"\",\"\",INDIRECT(\"'MRO Certificate Printing'!D\"&((ROW()-2)*4)+2))","v":""},{"$f":"IF(INDIRECT(\"'MRO Certificate Printing'!E\"&((ROW()-2)*4)+2)=\"\",\"\",INDIRECT(\"'MRO Certificate Printing'!E\"&((ROW()-2)*4)+2))","v":""},{"$f":"IF(INDIRECT(\"'MRO Certificate Printing'!F\"&((ROW()-2)*4)+2)=\"\",\"\",INDIRECT(\"'MRO Certificate Printing'!F\"&((ROW()-2)*4)+2))","v":""},{"$f":"IF(INDIRECT(\"'MRO Certificate Printing'!B\"&((ROW()-2)*4)+2)=\"\",\"\",INDIRECT(\"'MRO Certificate Printing'!B\"&((ROW()-2)*4)+2))","v":""},{"$f":"IF(INDIRECT(\"'MRO Certificate Printing'!G\"&((ROW()-2)*4)+2)=\"\",\"\",INDIRECT(\"'MRO Certificate Printing'!G\"&((ROW()-2)*4)+2))","v":""},{"$f":"IF(INDIRECT(\"'MRO Certificate Printing'!J\"&((ROW()-2)*4)+2)=\"\",\"\",INDIRECT(\"'MRO Certificate Printing'!J\"&((ROW()-2)*4)+2))","v":""},{"$f":"IF(INDIRECT(\"'MRO Certificate Printing'!I\"&((ROW()-2)*4)+2)=\"\",\"\",INDIRECT(\"'MRO Certificate Printing'!I\"&((ROW()-2)*4)+2))","v":""},{"$f":"IF(INDIRECT(\"'MRO Certificate Printing'!K\"&((ROW()-2)*4)+2)=\"\",\"\",INDIRECT(\"'MRO Certificate Printing'!K\"&((ROW()-2)*4)+2))","v":""},null,{"$f":"IF(INDIRECT(\"'MRO Certificate Printing'!D\"&((ROW()-2)*4)+3)=\"\",\"\",INDIRECT(\"'MRO Certificate Printing'!D\"&((ROW()-2)*4)+3))","v":""},{"$f":"IF(INDIRECT(\"'MRO Certificate Printing'!E\"&((ROW()-2)*4)+3)=\"\",\"\",INDIRECT(\"'MRO Certificate Printing'!E\"&((ROW()-2)*4)+3))","v":""},{"$f":"IF(INDIRECT(\"'MRO Certificate Printing'!F\"&((ROW()-2)*4)+3)=\"\",\"\",INDIRECT(\"'MRO Certificate Printing'!F\"&((ROW()-2)*4)+3))","v":""},{"$f":"IF(INDIRECT(\"'MRO Certificate Printing'!B\"&((ROW()-2)*4)+3)=\"\",\"\",INDIRECT(\"'MRO Certificate Printing'!B\"&((ROW()-2)*4)+3))","v":""},{"$f":"IF(INDIRECT(\"'MRO Certificate Printing'!G\"&((ROW()-2)*4)+3)=\"\",\"\",INDIRECT(\"'MRO Certificate Printing'!G\"&((ROW()-2)*4)+3))","v":""},{"$f":"IF(INDIRECT(\"'MRO Certificate Printing'!J\"&((ROW()-2)*4)+3)=\"\",\"\",INDIRECT(\"'MRO Certificate Printing'!J\"&((ROW()-2)*4)+3))","v":""},{"$f":"IF(INDIRECT(\"'MRO Certificate Printing'!I\"&((ROW()-2)*4)+3)=\"\",\"\",INDIRECT(\"'MRO Certificate Printing'!I\"&((ROW()-2)*4)+3))","v":""},{"$f":"IF(INDIRECT(\"'MRO Certificate Printing'!K\"&((ROW()-2)*4)+3)=\"\",\"\",INDIRECT(\"'MRO Certificate Printing'!K\"&((ROW()-2)*4)+3))","v":""},null,{"$f":"IF(INDIRECT(\"'MRO Certificate Printing'!D\"&((ROW()-2)*4)+4)=\"\",\"\",INDIRECT(\"'MRO Certificate Printing'!D\"&((ROW()-2)*4)+4))","v":""},{"$f":"IF(INDIRECT(\"'MRO Certificate Printing'!E\"&((ROW()-2)*4)+4)=\"\",\"\",INDIRECT(\"'MRO Certificate Printing'!E\"&((ROW()-2)*4)+4))","v":""},{"$f":"IF(INDIRECT(\"'MRO Certificate Printing'!F\"&((ROW()-2)*4)+4)=\"\",\"\",INDIRECT(\"'MRO Certificate Printing'!F\"&((ROW()-2)*4)+4))","v":""},{"$f":"IF(INDIRECT(\"'MRO Certificate Printing'!B\"&((ROW()-2)*4)+4)=\"\",\"\",INDIRECT(\"'MRO Certificate Printing'!B\"&((ROW()-2)*4)+4))","v":""},{"$f":"IF(INDIRECT(\"'MRO Certificate Printing'!G\"&((ROW()-2)*4)+4)=\"\",\"\",INDIRECT(\"'MRO Certificate Printing'!G\"&((ROW()-2)*4)+4))","v":""},{"$f":"IF(INDIRECT(\"'MRO Certificate Printing'!J\"&((ROW()-2)*4)+4)=\"\",\"\",INDIRECT(\"'MRO Certificate Printing'!J\"&((ROW()-2)*4)+4))","v":""},{"$f":"IF(INDIRECT(\"'MRO Certificate Printing'!I\"&((ROW()-2)*4)+4)=\"\",\"\",INDIRECT(\"'MRO Certificate Printing'!I\"&((ROW()-2)*4)+4))","v":""},{"$f":"IF(INDIRECT(\"'MRO Certificate Printing'!K\"&((ROW()-2)*4)+4)=\"\",\"\",INDIRECT(\"'MRO Certificate Printing'!K\"&((ROW()-2)*4)+4))","v":""},null,{"$f":"IF(INDIRECT(\"'MRO Certificate Printing'!D\"&((ROW()-2)*4)+5)=\"\",\"\",INDIRECT(\"'MRO Certificate Printing'!D\"&((ROW()-2)*4)+5))","v":""},{"$f":"IF(INDIRECT(\"'MRO Certificate Printing'!E\"&((ROW()-2)*4)+5)=\"\",\"\",INDIRECT(\"'MRO Certificate Printing'!E\"&((ROW()-2)*4)+5))","v":""},{"$f":"IF(INDIRECT(\"'MRO Certificate Printing'!F\"&((ROW()-2)*4)+5)=\"\",\"\",INDIRECT(\"'MRO Certificate Printing'!F\"&((ROW()-2)*4)+5))","v":""},{"$f":"IF(INDIRECT(\"'MRO Certificate Printing'!B\"&((ROW()-2)*4)+5)=\"\",\"\",INDIRECT(\"'MRO Certificate Printing'!B\"&((ROW()-2)*4)+5))","v":""},{"$f":"IF(INDIRECT(\"'MRO Certificate Printing'!G\"&((ROW()-2)*4)+5)=\"\",\"\",INDIRECT(\"'MRO Certificate Printing'!G\"&((ROW()-2)*4)+5))","v":""},{"$f":"IF(INDIRECT(\"'MRO Certificate Printing'!J\"&((ROW()-2)*4)+5)=\"\",\"\",INDIRECT(\"'MRO Certificate Printing'!J\"&((ROW()-2)*4)+5))","v":""},{"$f":"IF(INDIRECT(\"'MRO Certificate Printing'!I\"&((ROW()-2)*4)+5)=\"\",\"\",INDIRECT(\"'MRO Certificate Printing'!I\"&((ROW()-2)*4)+5))","v":""},{"$f":"IF(INDIRECT(\"'MRO Certificate Printing'!K\"&((ROW()-2)*4)+5)=\"\",\"\",INDIRECT(\"'MRO Certificate Printing'!K\"&((ROW()-2)*4)+5))","v":""}]
["",{"$f":"IF(INDIRECT(\"'MRO Certificate Printing'!D\"&((ROW()-2)*4)+2)=\"\",\"\",INDIRECT(\"'MRO Certificate Printing'!D\"&((ROW()-2)*4)+2))","v":""},{"$f":"IF(INDIRECT(\"'MRO Certificate Printing'!E\"&((ROW()-2)*4)+2)=\"\",\"\",INDIRECT(\"'MRO Certificate Printing'!E\"&((ROW()-2)*4)+2))","v":""},{"$f":"IF(INDIRECT(\"'MRO Certificate Printing'!F\"&((ROW()-2)*4)+2)=\"\",\"\",INDIRECT(\"'MRO Certificate Printing'!F\"&((ROW()-2)*4)+2))","v":""},{"$f":"IF(INDIRECT(\"'MRO Certificate Printing'!B\"&((ROW()-2)*4)+2)=\"\",\"\",INDIRECT(\"'MRO Certificate Printing'!B\"&((ROW()-2)*4)+2))","v":""},{"$f":"IF(INDIRECT(\"'MRO Certificate Printing'!G\"&((ROW()-2)*4)+2)=\"\",\"\",INDIRECT(\"'MRO Certificate Printing'!G\"&((ROW()-2)*4)+2))","v":""},{"$f":"IF(INDIRECT(\"'MRO Certificate Printing'!J\"&((ROW()-2)*4)+2)=\"\",\"\",INDIRECT(\"'MRO Certificate Printing'!J\"&((ROW()-2)*4)+2))","v":""},{"$f":"IF(INDIRECT(\"'MRO Certificate Printing'!I\"&((ROW()-2)*4)+2)=\"\",\"\",INDIRECT(\"'MRO Certificate Printing'!I\"&((ROW()-2)*4)+2))","v":""},{"$f":"IF(INDIRECT(\"'MRO Certificate Printing'!K\"&((ROW()-2)*4)+2)=\"\",\"\",INDIRECT(\"'MRO Certificate Printing'!K\"&((ROW()-2)*4)+2))","v":""},null,{"$f":"IF(INDIRECT(\"'MRO Certificate Printing'!D\"&((ROW()-2)*4)+3)=\"\",\"\",INDIRECT(\"'MRO Certificate Printing'!D\"&((ROW()-2)*4)+3))","v":""},{"$f":"IF(INDIRECT(\"'MRO Certificate Printing'!E\"&((ROW()-2)*4)+3)=\"\",\"\",INDIRECT(\"'MRO Certificate Printing'!E\"&((ROW()-2)*4)+3))","v":""},{"$f":"IF(INDIRECT(\"'MRO Certificate Printing'!F\"&((ROW()-2)*4)+3)=\"\",\"\",INDIRECT(\"'MRO Certificate Printing'!F\"&((ROW()-2)*4)+3))","v":""},{"$f":"IF(INDIRECT(\"'MRO Certificate Printing'!B\"&((ROW()-2)*4)+3)=\"\",\"\",INDIRECT(\"'MRO Certificate Printing'!B\"&((ROW()-2)*4)+3))","v":""},{"$f":"IF(INDIRECT(\"'MRO Certificate Printing'!G\"&((ROW()-2)*4)+3)=\"\",\"\",INDIRECT(\"'MRO Certificate Printing'!G\"&((ROW()-2)*4)+3))","v":""},{"$f":"IF(INDIRECT(\"'MRO Certificate Printing'!J\"&((ROW()-2)*4)+3)=\"\",\"\",INDIRECT(\"'MRO Certificate Printing'!J\"&((ROW()-2)*4)+3))","v":""},{"$f":"IF(INDIRECT(\"'MRO Certificate Printing'!I\"&((ROW()-2)*4)+3)=\"\",\"\",INDIRECT(\"'MRO Certificate Printing'!I\"&((ROW()-2)*4)+3))","v":""},{"$f":"IF(INDIRECT(\"'MRO Certificate Printing'!K\"&((ROW()-2)*4)+3)=\"\",\"\",INDIRECT(\"'MRO Certificate Printing'!K\"&((ROW()-2)*4)+3))","v":""},null,{"$f":"IF(INDIRECT(\"'MRO Certificate Printing'!D\"&((ROW()-2)*4)+4)=\"\",\"\",INDIRECT(\"'MRO Certificate Printing'!D\"&((ROW()-2)*4)+4))","v":""},{"$f":"IF(INDIRECT(\"'MRO Certificate Printing'!E\"&((ROW()-2)*4)+4)=\"\",\"\",INDIRECT(\"'MRO Certificate Printing'!E\"&((ROW()-2)*4)+4))","v":""},{"$f":"IF(INDIRECT(\"'MRO Certificate Printing'!F\"&((ROW()-2)*4)+4)=\"\",\"\",INDIRECT(\"'MRO Certificate Printing'!F\"&((ROW()-2)*4)+4))","v":""},{"$f":"IF(INDIRECT(\"'MRO Certificate Printing'!B\"&((ROW()-2)*4)+4)=\"\",\"\",INDIRECT(\"'MRO Certificate Printing'!B\"&((ROW()-2)*4)+4))","v":""},{"$f":"IF(INDIRECT(\"'MRO Certificate Printing'!G\"&((ROW()-2)*4)+4)=\"\",\"\",INDIRECT(\"'MRO Certificate Printing'!G\"&((ROW()-2)*4)+4))","v":""},{"$f":"IF(INDIRECT(\"'MRO Certificate Printing'!J\"&((ROW()-2)*4)+4)=\"\",\"\",INDIRECT(\"'MRO Certificate Printing'!J\"&((ROW()-2)*4)+4))","v":""},{"$f":"IF(INDIRECT(\"'MRO Certificate Printing'!I\"&((ROW()-2)*4)+4)=\"\",\"\",INDIRECT(\"'MRO Certificate Printing'!I\"&((ROW()-2)*4)+4))","v":""},{"$f":"IF(INDIRECT(\"'MRO Certificate Printing'!K\"&((ROW()-2)*4)+4)=\"\",\"\",INDIRECT(\"'MRO Certificate Printing'!K\"&((ROW()-2)*4)+4))","v":""},null,{"$f":"IF(INDIRECT(\"'MRO Certificate Printing'!D\"&((ROW()-2)*4)+5)=\"\",\"\",INDIRECT(\"'MRO Certificate Printing'!D\"&((ROW()-2)*4)+5))","v":""},{"$f":"IF(INDIRECT(\"'MRO Certificate Printing'!E\"&((ROW()-2)*4)+5)=\"\",\"\",INDIRECT(\"'MRO Certificate Printing'!E\"&((ROW()-2)*4)+5))","v":""},{"$f":"IF(INDIRECT(\"'MRO Certificate Printing'!F\"&((ROW()-2)*4)+5)=\"\",\"\",INDIRECT(\"'MRO Certificate Printing'!F\"&((ROW()-2)*4)+5))","v":""},{"$f":"IF(INDIRECT(\"'MRO Certificate Printing'!B\"&((ROW()-2)*4)+5)=\"\",\"\",INDIRECT(\"'MRO Certificate Printing'!B\"&((ROW()-2)*4)+5))","v":""},{"$f":"IF(INDIRECT(\"'MRO Certificate Printing'!G\"&((ROW()-2)*4)+5)=\"\",\"\",INDIRECT(\"'MRO Certificate Printing'!G\"&((ROW()-2)*4)+5))","v":""},{"$f":"IF(INDIRECT(\"'MRO Certificate Printing'!J\"&((ROW()-2)*4)+5)=\"\",\"\",INDIRECT(\"'MRO Certificate Printing'!J\"&((ROW()-2)*4)+5))","v":""},{"$f":"IF(INDIRECT(\"'MRO Certificate Printing'!I\"&((ROW()-2)*4)+5)=\"\",\"\",INDIRECT(\"'MRO Certificate Printing'!I\"&((ROW()-2)*4)+5))","v":""},{"$f":"IF(INDIRECT(\"'MRO Certificate Printing'!K\"&((ROW()-2)*4)+5)=\"\",\"\",INDIRECT(\"'MRO Certificate Printing'!K\"&((ROW()-2)*4)+5))","v":""}]
["",{"$f":"IF(INDIRECT(\"'MRO Certificate Printing'!D\"&((ROW()-2)*4)+2)=\"\",\"\",INDIRECT(\"'MRO Certificate Printing'!D\"&((ROW()-2)*4)+2))","v":""},{"$f":"IF(INDIRECT(\"'MRO Certificate Printing'!E\"&((ROW()-2)*4)+2)=\"\",\"\",INDIRECT(\"'MRO Certificate Printing'!E\"&((ROW()-2)*4)+2))","v":""},{"$f":"IF(INDIRECT(\"'MRO Certificate Printing'!F\"&((ROW()-2)*4)+2)=\"\",\"\",INDIRECT(\"'MRO Certificate Printing'!F\"&((ROW()-2)*4)+2))","v":""},{"$f":"IF(INDIRECT(\"'MRO Certificate Printing'!B\"&((ROW()-2)*4)+2)=\"\",\"\",INDIRECT(\"'MRO Certificate Printing'!B\"&((ROW()-2)*4)+2))","v":""},{"$f":"IF(INDIRECT(\"'MRO Certificate Printing'!G\"&((ROW()-2)*4)+2)=\"\",\"\",INDIRECT(\"'MRO Certificate Printing'!G\"&((ROW()-2)*4)+2))","v":""},{"$f":"IF(INDIRECT(\"'MRO Certificate Printing'!J\"&((ROW()-2)*4)+2)=\"\",\"\",INDIRECT(\"'MRO Certificate Printing'!J\"&((ROW()-2)*4)+2))","v":""},{"$f":"IF(INDIRECT(\"'MRO Certificate Printing'!I\"&((ROW()-2)*4)+2)=\"\",\"\",INDIRECT(\"'MRO Certificate Printing'!I\"&((ROW()-2)*4)+2))","v":""},{"$f":"IF(INDIRECT(\"'MRO Certificate Printing'!K\"&((ROW()-2)*4)+2)=\"\",\"\",INDIRECT(\"'MRO Certificate Printing'!K\"&((ROW()-2)*4)+2))","v":""},null,{"$f":"IF(INDIRECT(\"'MRO Certificate Printing'!D\"&((ROW()-2)*4)+3)=\"\",\"\",INDIRECT(\"'MRO Certificate Printing'!D\"&((ROW()-2)*4)+3))","v":""},{"$f":"IF(INDIRECT(\"'MRO Certificate Printing'!E\"&((ROW()-2)*4)+3)=\"\",\"\",INDIRECT(\"'MRO Certificate Printing'!E\"&((ROW()-2)*4)+3))","v":""},{"$f":"IF(INDIRECT(\"'MRO Certificate Printing'!F\"&((ROW()-2)*4)+3)=\"\",\"\",INDIRECT(\"'MRO Certificate Printing'!F\"&((ROW()-2)*4)+3))","v":""},{"$f":"IF(INDIRECT(\"'MRO Certificate Printing'!B\"&((ROW()-2)*4)+3)=\"\",\"\",INDIRECT(\"'MRO Certificate Printing'!B\"&((ROW()-2)*4)+3))","v":""},{"$f":"IF(INDIRECT(\"'MRO Certificate Printing'!G\"&((ROW()-2)*4)+3)=\"\",\"\",INDIRECT(\"'MRO Certificate Printing'!G\"&((ROW()-2)*4)+3))","v":""},{"$f":"IF(INDIRECT(\"'MRO Certificate Printing'!J\"&((ROW()-2)*4)+3)=\"\",\"\",INDIRECT(\"'MRO Certificate Printing'!J\"&((ROW()-2)*4)+3))","v":""},{"$f":"IF(INDIRECT(\"'MRO Certificate Printing'!I\"&((ROW()-2)*4)+3)=\"\",\"\",INDIRECT(\"'MRO Certificate Printing'!I\"&((ROW()-2)*4)+3))","v":""},{"$f":"IF(INDIRECT(\"'MRO Certificate Printing'!K\"&((ROW()-2)*4)+3)=\"\",\"\",INDIRECT(\"'MRO Certificate Printing'!K\"&((ROW()-2)*4)+3))","v":""},null,{"$f":"IF(INDIRECT(\"'MRO Certificate Printing'!D\"&((ROW()-2)*4)+4)=\"\",\"\",INDIRECT(\"'MRO Certificate Printing'!D\"&((ROW()-2)*4)+4))","v":""},{"$f":"IF(INDIRECT(\"'MRO Certificate Printing'!E\"&((ROW()-2)*4)+4)=\"\",\"\",INDIRECT(\"'MRO Certificate Printing'!E\"&((ROW()-2)*4)+4))","v":""},{"$f":"IF(INDIRECT(\"'MRO Certificate Printing'!F\"&((ROW()-2)*4)+4)=\"\",\"\",INDIRECT(\"'MRO Certificate Printing'!F\"&((ROW()-2)*4)+4))","v":""},{"$f":"IF(INDIRECT(\"'MRO Certificate Printing'!B\"&((ROW()-2)*4)+4)=\"\",\"\",INDIRECT(\"'MRO Certificate Printing'!B\"&((ROW()-2)*4)+4))","v":""},{"$f":"IF(INDIRECT(\"'MRO Certificate Printing'!G\"&((ROW()-2)*4)+4)=\"\",\"\",INDIRECT(\"'MRO Certificate Printing'!G\"&((ROW()-2)*4)+4))","v":""},{"$f":"IF(INDIRECT(\"'MRO Certificate Printing'!J\"&((ROW()-2)*4)+4)=\"\",\"\",INDIRECT(\"'MRO Certificate Printing'!J\"&((ROW()-2)*4)+4))","v":""},{"$f":"IF(INDIRECT(\"'MRO Certificate Printing'!I\"&((ROW()-2)*4)+4)=\"\",\"\",INDIRECT(\"'MRO Certificate Printing'!I\"&((ROW()-2)*4)+4))","v":""},{"$f":"IF(INDIRECT(\"'MRO Certificate Printing'!K\"&((ROW()-2)*4)+4)=\"\",\"\",INDIRECT(\"'MRO Certificate Printing'!K\"&((ROW()-2)*4)+4))","v":""},null,{"$f":"IF(INDIRECT(\"'MRO Certificate Printing'!D\"&((ROW()-2)*4)+5)=\"\",\"\",INDIRECT(\"'MRO Certificate Printing'!D\"&((ROW()-2)*4)+5))","v":""},{"$f":"IF(INDIRECT(\"'MRO Certificate Printing'!E\"&((ROW()-2)*4)+5)=\"\",\"\",INDIRECT(\"'MRO Certificate Printing'!E\"&((ROW()-2)*4)+5))","v":""},{"$f":"IF(INDIRECT(\"'MRO Certificate Printing'!F\"&((ROW()-2)*4)+5)=\"\",\"\",INDIRECT(\"'MRO Certificate Printing'!F\"&((ROW()-2)*4)+5))","v":""},{"$f":"IF(INDIRECT(\"'MRO Certificate Printing'!B\"&((ROW()-2)*4)+5)=\"\",\"\",INDIRECT(\"'MRO Certificate Printing'!B\"&((ROW()-2)*4)+5))","v":""},{"$f":"IF(INDIRECT(\"'MRO Certificate Printing'!G\"&((ROW()-2)*4)+5)=\"\",\"\",INDIRECT(\"'MRO Certificate Printing'!G\"&((ROW()-2)*4)+5))","v":""},{"$f":"IF(INDIRECT(\"'MRO Certificate Printing'!J\"&((ROW()-2)*4)+5)=\"\",\"\",INDIRECT(\"'MRO Certificate Printing'!J\"&((ROW()-2)*4)+5))","v":""},{"$f":"IF(INDIRECT(\"'MRO Certificate Printing'!I\"&((ROW()-2)*4)+5)=\"\",\"\",INDIRECT(\"'MRO Certificate Printing'!I\"&((ROW()-2)*4)+5))","v":""},{"$f":"IF(INDIRECT(\"'MRO Certificate Printing'!K\"&((ROW()-2)*4)+5)=\"\",\"\",INDIRECT(\"'MRO Certificate Printing'!K\"&((ROW()-2)*4)+5))","v":""}]
["",{"$f":"IF(INDIRECT(\"'MRO Certificate Printing'!D\"&((ROW()-2)*4)+2)=\"\",\"\",INDIRECT(\"'MRO Certificate Printing'!D\"&((ROW()-2)*4)+2))","v":""},{"$f":"IF(INDIRECT(\"'MRO Certificate Printing'!E\"&((ROW()-2)*4)+2)=\"\",\"\",INDIRECT(\"'MRO Certificate Printing'!E\"&((ROW()-2)*4)+2))","v":""},{"$f":"IF(INDIRECT(\"'MRO Certificate Printing'!F\"&((ROW()-2)*4)+2)=\"\",\"\",INDIRECT(\"'MRO Certificate Printing'!F\"&((ROW()-2)*4)+2))","v":""},{"$f":"IF(INDIRECT(\"'MRO Certificate Printing'!B\"&((ROW()-2)*4)+2)=\"\",\"\",INDIRECT(\"'MRO Certificate Printing'!B\"&((ROW()-2)*4)+2))","v":""},{"$f":"IF(INDIRECT(\"'MRO Certificate Printing'!G\"&((ROW()-2)*4)+2)=\"\",\"\",INDIRECT(\"'MRO Certificate Printing'!G\"&((ROW()-2)*4)+2))","v":""},{"$f":"IF(INDIRECT(\"'MRO Certificate Printing'!J\"&((ROW()-2)*4)+2)=\"\",\"\",INDIRECT(\"'MRO Certificate Printing'!J\"&((ROW()-2)*4)+2))","v":""},{"$f":"IF(INDIRECT(\"'MRO Certificate Printing'!I\"&((ROW()-2)*4)+2)=\"\",\"\",INDIRECT(\"'MRO Certificate Printing'!I\"&((ROW()-2)*4)+2))","v":""},{"$f":"IF(INDIRECT(\"'MRO Certificate Printing'!K\"&((ROW()-2)*4)+2)=\"\",\"\",INDIRECT(\"'MRO Certificate Printing'!K\"&((ROW()-2)*4)+2))","v":""},null,{"$f":"IF(INDIRECT(\"'MRO Certificate Printing'!D\"&((ROW()-2)*4)+3)=\"\",\"\",INDIRECT(\"'MRO Certificate Printing'!D\"&((ROW()-2)*4)+3))","v":""},{"$f":"IF(INDIRECT(\"'MRO Certificate Printing'!E\"&((ROW()-2)*4)+3)=\"\",\"\",INDIRECT(\"'MRO Certificate Printing'!E\"&((ROW()-2)*4)+3))","v":""},{"$f":"IF(INDIRECT(\"'MRO Certificate Printing'!F\"&((ROW()-2)*4)+3)=\"\",\"\",INDIRECT(\"'MRO Certificate Printing'!F\"&((ROW()-2)*4)+3))","v":""},{"$f":"IF(INDIRECT(\"'MRO Certificate Printing'!B\"&((ROW()-2)*4)+3)=\"\",\"\",INDIRECT(\"'MRO Certificate Printing'!B\"&((ROW()-2)*4)+3))","v":""},{"$f":"IF(INDIRECT(\"'MRO Certificate Printing'!G\"&((ROW()-2)*4)+3)=\"\",\"\",INDIRECT(\"'MRO Certificate Printing'!G\"&((ROW()-2)*4)+3))","v":""},{"$f":"IF(INDIRECT(\"'MRO Certificate Printing'!J\"&((ROW()-2)*4)+3)=\"\",\"\",INDIRECT(\"'MRO Certificate Printing'!J\"&((ROW()-2)*4)+3))","v":""},{"$f":"IF(INDIRECT(\"'MRO Certificate Printing'!I\"&((ROW()-2)*4)+3)=\"\",\"\",INDIRECT(\"'MRO Certificate Printing'!I\"&((ROW()-2)*4)+3))","v":""},{"$f":"IF(INDIRECT(\"'MRO Certificate Printing'!K\"&((ROW()-2)*4)+3)=\"\",\"\",INDIRECT(\"'MRO Certificate Printing'!K\"&((ROW()-2)*4)+3))","v":""},null,{"$f":"IF(INDIRECT(\"'MRO Certificate Printing'!D\"&((ROW()-2)*4)+4)=\"\",\"\",INDIRECT(\"'MRO Certificate Printing'!D\"&((ROW()-2)*4)+4))","v":""},{"$f":"IF(INDIRECT(\"'MRO Certificate Printing'!E\"&((ROW()-2)*4)+4)=\"\",\"\",INDIRECT(\"'MRO Certificate Printing'!E\"&((ROW()-2)*4)+4))","v":""},{"$f":"IF(INDIRECT(\"'MRO Certificate Printing'!F\"&((ROW()-2)*4)+4)=\"\",\"\",INDIRECT(\"'MRO Certificate Printing'!F\"&((ROW()-2)*4)+4))","v":""},{"$f":"IF(INDIRECT(\"'MRO Certificate Printing'!B\"&((ROW()-2)*4)+4)=\"\",\"\",INDIRECT(\"'MRO Certificate Printing'!B\"&((ROW()-2)*4)+4))","v":""},{"$f":"IF(INDIRECT(\"'MRO Certificate Printing'!G\"&((ROW()-2)*4)+4)=\"\",\"\",INDIRECT(\"'MRO Certificate Printing'!G\"&((ROW()-2)*4)+4))","v":""},{"$f":"IF(INDIRECT(\"'MRO Certificate Printing'!J\"&((ROW()-2)*4)+4)=\"\",\"\",INDIRECT(\"'MRO Certificate Printing'!J\"&((ROW()-2)*4)+4))","v":""},{"$f":"IF(INDIRECT(\"'MRO Certificate Printing'!I\"&((ROW()-2)*4)+4)=\"\",\"\",INDIRECT(\"'MRO Certificate Printing'!I\"&((ROW()-2)*4)+4))","v":""},{"$f":"IF(INDIRECT(\"'MRO Certificate Printing'!K\"&((ROW()-2)*4)+4)=\"\",\"\",INDIRECT(\"'MRO Certificate Printing'!K\"&((ROW()-2)*4)+4))","v":""},null,{"$f":"IF(INDIRECT(\"'MRO Certificate Printing'!D\"&((ROW()-2)*4)+5)=\"\",\"\",INDIRECT(\"'MRO Certificate Printing'!D\"&((ROW()-2)*4)+5))","v":""},{"$f":"IF(INDIRECT(\"'MRO Certificate Printing'!E\"&((ROW()-2)*4)+5)=\"\",\"\",INDIRECT(\"'MRO Certificate Printing'!E\"&((ROW()-2)*4)+5))","v":""},{"$f":"IF(INDIRECT(\"'MRO Certificate Printing'!F\"&((ROW()-2)*4)+5)=\"\",\"\",INDIRECT(\"'MRO Certificate Printing'!F\"&((ROW()-2)*4)+5))","v":""},{"$f":"IF(INDIRECT(\"'MRO Certificate Printing'!B\"&((ROW()-2)*4)+5)=\"\",\"\",INDIRECT(\"'MRO Certificate Printing'!B\"&((ROW()-2)*4)+5))","v":""},{"$f":"IF(INDIRECT(\"'MRO Certificate Printing'!G\"&((ROW()-2)*4)+5)=\"\",\"\",INDIRECT(\"'MRO Certificate Printing'!G\"&((ROW()-2)*4)+5))","v":""},{"$f":"IF(INDIRECT(\"'MRO Certificate Printing'!J\"&((ROW()-2)*4)+5)=\"\",\"\",INDIRECT(\"'MRO Certificate Printing'!J\"&((ROW()-2)*4)+5))","v":""},{"$f":"IF(INDIRECT(\"'MRO Certificate Printing'!I\"&((ROW()-2)*4)+5)=\"\",\"\",INDIRECT(\"'MRO Certificate Printing'!I\"&((ROW()-2)*4)+5))","v":""},{"$f":"IF(INDIRECT(\"'MRO Certificate Printing'!K\"&((ROW()-2)*4)+5)=\"\",\"\",INDIRECT(\"'MRO Certificate Printing'!K\"&((ROW()-2)*4)+5))","v":""}]
["",{"$f":"IF(INDIRECT(\"'MRO Certificate Printing'!D\"&((ROW()-2)*4)+2)=\"\",\"\",INDIRECT(\"'MRO Certificate Printing'!D\"&((ROW()-2)*4)+2))","v":""},{"$f":"IF(INDIRECT(\"'MRO Certificate Printing'!E\"&((ROW()-2)*4)+2)=\"\",\"\",INDIRECT(\"'MRO Certificate Printing'!E\"&((ROW()-2)*4)+2))","v":""},{"$f":"IF(INDIRECT(\"'MRO Certificate Printing'!F\"&((ROW()-2)*4)+2)=\"\",\"\",INDIRECT(\"'MRO Certificate Printing'!F\"&((ROW()-2)*4)+2))","v":""},{"$f":"IF(INDIRECT(\"'MRO Certificate Printing'!B\"&((ROW()-2)*4)+2)=\"\",\"\",INDIRECT(\"'MRO Certificate Printing'!B\"&((ROW()-2)*4)+2))","v":""},{"$f":"IF(INDIRECT(\"'MRO Certificate Printing'!G\"&((ROW()-2)*4)+2)=\"\",\"\",INDIRECT(\"'MRO Certificate Printing'!G\"&((ROW()-2)*4)+2))","v":""},{"$f":"IF(INDIRECT(\"'MRO Certificate Printing'!J\"&((ROW()-2)*4)+2)=\"\",\"\",INDIRECT(\"'MRO Certificate Printing'!J\"&((ROW()-2)*4)+2))","v":""},{"$f":"IF(INDIRECT(\"'MRO Certificate Printing'!I\"&((ROW()-2)*4)+2)=\"\",\"\",INDIRECT(\"'MRO Certificate Printing'!I\"&((ROW()-2)*4)+2))","v":""},{"$f":"IF(INDIRECT(\"'MRO Certificate Printing'!K\"&((ROW()-2)*4)+2)=\"\",\"\",INDIRECT(\"'MRO Certificate Printing'!K\"&((ROW()-2)*4)+2))","v":""},null,{"$f":"IF(INDIRECT(\"'MRO Certificate Printing'!D\"&((ROW()-2)*4)+3)=\"\",\"\",INDIRECT(\"'MRO Certificate Printing'!D\"&((ROW()-2)*4)+3))","v":""},{"$f":"IF(INDIRECT(\"'MRO Certificate Printing'!E\"&((ROW()-2)*4)+3)=\"\",\"\",INDIRECT(\"'MRO Certificate Printing'!E\"&((ROW()-2)*4)+3))","v":""},{"$f":"IF(INDIRECT(\"'MRO Certificate Printing'!F\"&((ROW()-2)*4)+3)=\"\",\"\",INDIRECT(\"'MRO Certificate Printing'!F\"&((ROW()-2)*4)+3))","v":""},{"$f":"IF(INDIRECT(\"'MRO Certificate Printing'!B\"&((ROW()-2)*4)+3)=\"\",\"\",INDIRECT(\"'MRO Certificate Printing'!B\"&((ROW()-2)*4)+3))","v":""},{"$f":"IF(INDIRECT(\"'MRO Certificate Printing'!G\"&((ROW()-2)*4)+3)=\"\",\"\",INDIRECT(\"'MRO Certificate Printing'!G\"&((ROW()-2)*4)+3))","v":""},{"$f":"IF(INDIRECT(\"'MRO Certificate Printing'!J\"&((ROW()-2)*4)+3)=\"\",\"\",INDIRECT(\"'MRO Certificate Printing'!J\"&((ROW()-2)*4)+3))","v":""},{"$f":"IF(INDIRECT(\"'MRO Certificate Printing'!I\"&((ROW()-2)*4)+3)=\"\",\"\",INDIRECT(\"'MRO Certificate Printing'!I\"&((ROW()-2)*4)+3))","v":""},{"$f":"IF(INDIRECT(\"'MRO Certificate Printing'!K\"&((ROW()-2)*4)+3)=\"\",\"\",INDIRECT(\"'MRO Certificate Printing'!K\"&((ROW()-2)*4)+3))","v":""},null,{"$f":"IF(INDIRECT(\"'MRO Certificate Printing'!D\"&((ROW()-2)*4)+4)=\"\",\"\",INDIRECT(\"'MRO Certificate Printing'!D\"&((ROW()-2)*4)+4))","v":""},{"$f":"IF(INDIRECT(\"'MRO Certificate Printing'!E\"&((ROW()-2)*4)+4)=\"\",\"\",INDIRECT(\"'MRO Certificate Printing'!E\"&((ROW()-2)*4)+4))","v":""},{"$f":"IF(INDIRECT(\"'MRO Certificate Printing'!F\"&((ROW()-2)*4)+4)=\"\",\"\",INDIRECT(\"'MRO Certificate Printing'!F\"&((ROW()-2)*4)+4))","v":""},{"$f":"IF(INDIRECT(\"'MRO Certificate Printing'!B\"&((ROW()-2)*4)+4)=\"\",\"\",INDIRECT(\"'MRO Certificate Printing'!B\"&((ROW()-2)*4)+4))","v":""},{"$f":"IF(INDIRECT(\"'MRO Certificate Printing'!G\"&((ROW()-2)*4)+4)=\"\",\"\",INDIRECT(\"'MRO Certificate Printing'!G\"&((ROW()-2)*4)+4))","v":""},{"$f":"IF(INDIRECT(\"'MRO Certificate Printing'!J\"&((ROW()-2)*4)+4)=\"\",\"\",INDIRECT(\"'MRO Certificate Printing'!J\"&((ROW()-2)*4)+4))","v":""},{"$f":"IF(INDIRECT(\"'MRO Certificate Printing'!I\"&((ROW()-2)*4)+4)=\"\",\"\",INDIRECT(\"'MRO Certificate Printing'!I\"&((ROW()-2)*4)+4))","v":""},{"$f":"IF(INDIRECT(\"'MRO Certificate Printing'!K\"&((ROW()-2)*4)+4)=\"\",\"\",INDIRECT(\"'MRO Certificate Printing'!K\"&((ROW()-2)*4)+4))","v":""},null,{"$f":"IF(INDIRECT(\"'MRO Certificate Printing'!D\"&((ROW()-2)*4)+5)=\"\",\"\",INDIRECT(\"'MRO Certificate Printing'!D\"&((ROW()-2)*4)+5))","v":""},{"$f":"IF(INDIRECT(\"'MRO Certificate Printing'!E\"&((ROW()-2)*4)+5)=\"\",\"\",INDIRECT(\"'MRO Certificate Printing'!E\"&((ROW()-2)*4)+5))","v":""},{"$f":"IF(INDIRECT(\"'MRO Certificate Printing'!F\"&((ROW()-2)*4)+5)=\"\",\"\",INDIRECT(\"'MRO Certificate Printing'!F\"&((ROW()-2)*4)+5))","v":""},{"$f":"IF(INDIRECT(\"'MRO Certificate Printing'!B\"&((ROW()-2)*4)+5)=\"\",\"\",INDIRECT(\"'MRO Certificate Printing'!B\"&((ROW()-2)*4)+5))","v":""},{"$f":"IF(INDIRECT(\"'MRO Certificate Printing'!G\"&((ROW()-2)*4)+5)=\"\",\"\",INDIRECT(\"'MRO Certificate Printing'!G\"&((ROW()-2)*4)+5))","v":""},{"$f":"IF(INDIRECT(\"'MRO Certificate Printing'!J\"&((ROW()-2)*4)+5)=\"\",\"\",INDIRECT(\"'MRO Certificate Printing'!J\"&((ROW()-2)*4)+5))","v":""},{"$f":"IF(INDIRECT(\"'MRO Certificate Printing'!I\"&((ROW()-2)*4)+5)=\"\",\"\",INDIRECT(\"'MRO Certificate Printing'!I\"&((ROW()-2)*4)+5))","v":""},{"$f":"IF(INDIRECT(\"'MRO Certificate Printing'!K\"&((ROW()-2)*4)+5)=\"\",\"\",INDIRECT(\"'MRO Certificate Printing'!K\"&((ROW()-2)*4)+5))","v":""}]
["",{"$f":"IF(INDIRECT(\"'MRO Certificate Printing'!D\"&((ROW()-2)*4)+2)=\"\",\"\",INDIRECT(\"'MRO Certificate Printing'!D\"&((ROW()-2)*4)+2))","v":""},{"$f":"IF(INDIRECT(\"'MRO Certificate Printing'!E\"&((ROW()-2)*4)+2)=\"\",\"\",INDIRECT(\"'MRO Certificate Printing'!E\"&((ROW()-2)*4)+2))","v":""},{"$f":"IF(INDIRECT(\"'MRO Certificate Printing'!F\"&((ROW()-2)*4)+2)=\"\",\"\",INDIRECT(\"'MRO Certificate Printing'!F\"&((ROW()-2)*4)+2))","v":""},{"$f":"IF(INDIRECT(\"'MRO Certificate Printing'!B\"&((ROW()-2)*4)+2)=\"\",\"\",INDIRECT(\"'MRO Certificate Printing'!B\"&((ROW()-2)*4)+2))","v":""},{"$f":"IF(INDIRECT(\"'MRO Certificate Printing'!G\"&((ROW()-2)*4)+2)=\"\",\"\",INDIRECT(\"'MRO Certificate Printing'!G\"&((ROW()-2)*4)+2))","v":""},{"$f":"IF(INDIRECT(\"'MRO Certificate Printing'!J\"&((ROW()-2)*4)+2)=\"\",\"\",INDIRECT(\"'MRO Certificate Printing'!J\"&((ROW()-2)*4)+2))","v":""},{"$f":"IF(INDIRECT(\"'MRO Certificate Printing'!I\"&((ROW()-2)*4)+2)=\"\",\"\",INDIRECT(\"'MRO Certificate Printing'!I\"&((ROW()-2)*4)+2))","v":""},{"$f":"IF(INDIRECT(\"'MRO Certificate Printing'!K\"&((ROW()-2)*4)+2)=\"\",\"\",INDIRECT(\"'MRO Certificate Printing'!K\"&((ROW()-2)*4)+2))","v":""},null,{"$f":"IF(INDIRECT(\"'MRO Certificate Printing'!D\"&((ROW()-2)*4)+3)=\"\",\"\",INDIRECT(\"'MRO Certificate Printing'!D\"&((ROW()-2)*4)+3))","v":""},{"$f":"IF(INDIRECT(\"'MRO Certificate Printing'!E\"&((ROW()-2)*4)+3)=\"\",\"\",INDIRECT(\"'MRO Certificate Printing'!E\"&((ROW()-2)*4)+3))","v":""},{"$f":"IF(INDIRECT(\"'MRO Certificate Printing'!F\"&((ROW()-2)*4)+3)=\"\",\"\",INDIRECT(\"'MRO Certificate Printing'!F\"&((ROW()-2)*4)+3))","v":""},{"$f":"IF(INDIRECT(\"'MRO Certificate Printing'!B\"&((ROW()-2)*4)+3)=\"\",\"\",INDIRECT(\"'MRO Certificate Printing'!B\"&((ROW()-2)*4)+3))","v":""},{"$f":"IF(INDIRECT(\"'MRO Certificate Printing'!G\"&((ROW()-2)*4)+3)=\"\",\"\",INDIRECT(\"'MRO Certificate Printing'!G\"&((ROW()-2)*4)+3))","v":""},{"$f":"IF(INDIRECT(\"'MRO Certificate Printing'!J\"&((ROW()-2)*4)+3)=\"\",\"\",INDIRECT(\"'MRO Certificate Printing'!J\"&((ROW()-2)*4)+3))","v":""},{"$f":"IF(INDIRECT(\"'MRO Certificate Printing'!I\"&((ROW()-2)*4)+3)=\"\",\"\",INDIRECT(\"'MRO Certificate Printing'!I\"&((ROW()-2)*4)+3))","v":""},{"$f":"IF(INDIRECT(\"'MRO Certificate Printing'!K\"&((ROW()-2)*4)+3)=\"\",\"\",INDIRECT(\"'MRO Certificate Printing'!K\"&((ROW()-2)*4)+3))","v":""},null,{"$f":"IF(INDIRECT(\"'MRO Certificate Printing'!D\"&((ROW()-2)*4)+4)=\"\",\"\",INDIRECT(\"'MRO Certificate Printing'!D\"&((ROW()-2)*4)+4))","v":""},{"$f":"IF(INDIRECT(\"'MRO Certificate Printing'!E\"&((ROW()-2)*4)+4)=\"\",\"\",INDIRECT(\"'MRO Certificate Printing'!E\"&((ROW()-2)*4)+4))","v":""},{"$f":"IF(INDIRECT(\"'MRO Certificate Printing'!F\"&((ROW()-2)*4)+4)=\"\",\"\",INDIRECT(\"'MRO Certificate Printing'!F\"&((ROW()-2)*4)+4))","v":""},{"$f":"IF(INDIRECT(\"'MRO Certificate Printing'!B\"&((ROW()-2)*4)+4)=\"\",\"\",INDIRECT(\"'MRO Certificate Printing'!B\"&((ROW()-2)*4)+4))","v":""},{"$f":"IF(INDIRECT(\"'MRO Certificate Printing'!G\"&((ROW()-2)*4)+4)=\"\",\"\",INDIRECT(\"'MRO Certificate Printing'!G\"&((ROW()-2)*4)+4))","v":""},{"$f":"IF(INDIRECT(\"'MRO Certificate Printing'!J\"&((ROW()-2)*4)+4)=\"\",\"\",INDIRECT(\"'MRO Certificate Printing'!J\"&((ROW()-2)*4)+4))","v":""},{"$f":"IF(INDIRECT(\"'MRO Certificate Printing'!I\"&((ROW()-2)*4)+4)=\"\",\"\",INDIRECT(\"'MRO Certificate Printing'!I\"&((ROW()-2)*4)+4))","v":""},{"$f":"IF(INDIRECT(\"'MRO Certificate Printing'!K\"&((ROW()-2)*4)+4)=\"\",\"\",INDIRECT(\"'MRO Certificate Printing'!K\"&((ROW()-2)*4)+4))","v":""},null,{"$f":"IF(INDIRECT(\"'MRO Certificate Printing'!D\"&((ROW()-2)*4)+5)=\"\",\"\",INDIRECT(\"'MRO Certificate Printing'!D\"&((ROW()-2)*4)+5))","v":""},{"$f":"IF(INDIRECT(\"'MRO Certificate Printing'!E\"&((ROW()-2)*4)+5)=\"\",\"\",INDIRECT(\"'MRO Certificate Printing'!E\"&((ROW()-2)*4)+5))","v":""},{"$f":"IF(INDIRECT(\"'MRO Certificate Printing'!F\"&((ROW()-2)*4)+5)=\"\",\"\",INDIRECT(\"'MRO Certificate Printing'!F\"&((ROW()-2)*4)+5))","v":""},{"$f":"IF(INDIRECT(\"'MRO Certificate Printing'!B\"&((ROW()-2)*4)+5)=\"\",\"\",INDIRECT(\"'MRO Certificate Printing'!B\"&((ROW()-2)*4)+5))","v":""},{"$f":"IF(INDIRECT(\"'MRO Certificate Printing'!G\"&((ROW()-2)*4)+5)=\"\",\"\",INDIRECT(\"'MRO Certificate Printing'!G\"&((ROW()-2)*4)+5))","v":""},{"$f":"IF(INDIRECT(\"'MRO Certificate Printing'!J\"&((ROW()-2)*4)+5)=\"\",\"\",INDIRECT(\"'MRO Certificate Printing'!J\"&((ROW()-2)*4)+5))","v":""},{"$f":"IF(INDIRECT(\"'MRO Certificate Printing'!I\"&((ROW()-2)*4)+5)=\"\",\"\",INDIRECT(\"'MRO Certificate Printing'!I\"&((ROW()-2)*4)+5))","v":""},{"$f":"IF(INDIRECT(\"'MRO Certificate Printing'!K\"&((ROW()-2)*4)+5)=\"\",\"\",INDIRECT(\"'MRO Certificate Printing'!K\"&((ROW()-2)*4)+5))","v":""}]
["",{"$f":"IF(INDIRECT(\"'MRO Certificate Printing'!D\"&((ROW()-2)*4)+2)=\"\",\"\",INDIRECT(\"'MRO Certificate Printing'!D\"&((ROW()-2)*4)+2))","v":""},{"$f":"IF(INDIRECT(\"'MRO Certificate Printing'!E\"&((ROW()-2)*4)+2)=\"\",\"\",INDIRECT(\"'MRO Certificate Printing'!E\"&((ROW()-2)*4)+2))","v":""},{"$f":"IF(INDIRECT(\"'MRO Certificate Printing'!F\"&((ROW()-2)*4)+2)=\"\",\"\",INDIRECT(\"'MRO Certificate Printing'!F\"&((ROW()-2)*4)+2))","v":""},{"$f":"IF(INDIRECT(\"'MRO Certificate Printing'!B\"&((ROW()-2)*4)+2)=\"\",\"\",INDIRECT(\"'MRO Certificate Printing'!B\"&((ROW()-2)*4)+2))","v":""},{"$f":"IF(INDIRECT(\"'MRO Certificate Printing'!G\"&((ROW()-2)*4)+2)=\"\",\"\",INDIRECT(\"'MRO Certificate Printing'!G\"&((ROW()-2)*4)+2))","v":""},{"$f":"IF(INDIRECT(\"'MRO Certificate Printing'!J\"&((ROW()-2)*4)+2)=\"\",\"\",INDIRECT(\"'MRO Certificate Printing'!J\"&((ROW()-2)*4)+2))","v":""},{"$f":"IF(INDIRECT(\"'MRO Certificate Printing'!I\"&((ROW()-2)*4)+2)=\"\",\"\",INDIRECT(\"'MRO Certificate Printing'!I\"&((ROW()-2)*4)+2))","v":""},{"$f":"IF(INDIRECT(\"'MRO Certificate Printing'!K\"&((ROW()-2)*4)+2)=\"\",\"\",INDIRECT(\"'MRO Certificate Printing'!K\"&((ROW()-2)*4)+2))","v":""},null,{"$f":"IF(INDIRECT(\"'MRO Certificate Printing'!D\"&((ROW()-2)*4)+3)=\"\",\"\",INDIRECT(\"'MRO Certificate Printing'!D\"&((ROW()-2)*4)+3))","v":""},{"$f":"IF(INDIRECT(\"'MRO Certificate Printing'!E\"&((ROW()-2)*4)+3)=\"\",\"\",INDIRECT(\"'MRO Certificate Printing'!E\"&((ROW()-2)*4)+3))","v":""},{"$f":"IF(INDIRECT(\"'MRO Certificate Printing'!F\"&((ROW()-2)*4)+3)=\"\",\"\",INDIRECT(\"'MRO Certificate Printing'!F\"&((ROW()-2)*4)+3))","v":""},{"$f":"IF(INDIRECT(\"'MRO Certificate Printing'!B\"&((ROW()-2)*4)+3)=\"\",\"\",INDIRECT(\"'MRO Certificate Printing'!B\"&((ROW()-2)*4)+3))","v":""},{"$f":"IF(INDIRECT(\"'MRO Certificate Printing'!G\"&((ROW()-2)*4)+3)=\"\",\"\",INDIRECT(\"'MRO Certificate Printing'!G\"&((ROW()-2)*4)+3))","v":""},{"$f":"IF(INDIRECT(\"'MRO Certificate Printing'!J\"&((ROW()-2)*4)+3)=\"\",\"\",INDIRECT(\"'MRO Certificate Printing'!J\"&((ROW()-2)*4)+3))","v":""},{"$f":"IF(INDIRECT(\"'MRO Certificate Printing'!I\"&((ROW()-2)*4)+3)=\"\",\"\",INDIRECT(\"'MRO Certificate Printing'!I\"&((ROW()-2)*4)+3))","v":""},{"$f":"IF(INDIRECT(\"'MRO Certificate Printing'!K\"&((ROW()-2)*4)+3)=\"\",\"\",INDIRECT(\"'MRO Certificate Printing'!K\"&((ROW()-2)*4)+3))","v":""},null,{"$f":"IF(INDIRECT(\"'MRO Certificate Printing'!D\"&((ROW()-2)*4)+4)=\"\",\"\",INDIRECT(\"'MRO Certificate Printing'!D\"&((ROW()-2)*4)+4))","v":""},{"$f":"IF(INDIRECT(\"'MRO Certificate Printing'!E\"&((ROW()-2)*4)+4)=\"\",\"\",INDIRECT(\"'MRO Certificate Printing'!E\"&((ROW()-2)*4)+4))","v":""},{"$f":"IF(INDIRECT(\"'MRO Certificate Printing'!F\"&((ROW()-2)*4)+4)=\"\",\"\",INDIRECT(\"'MRO Certificate Printing'!F\"&((ROW()-2)*4)+4))","v":""},{"$f":"IF(INDIRECT(\"'MRO Certificate Printing'!B\"&((ROW()-2)*4)+4)=\"\",\"\",INDIRECT(\"'MRO Certificate Printing'!B\"&((ROW()-2)*4)+4))","v":""},{"$f":"IF(INDIRECT(\"'MRO Certificate Printing'!G\"&((ROW()-2)*4)+4)=\"\",\"\",INDIRECT(\"'MRO Certificate Printing'!G\"&((ROW()-2)*4)+4))","v":""},{"$f":"IF(INDIRECT(\"'MRO Certificate Printing'!J\"&((ROW()-2)*4)+4)=\"\",\"\",INDIRECT(\"'MRO Certificate Printing'!J\"&((ROW()-2)*4)+4))","v":""},{"$f":"IF(INDIRECT(\"'MRO Certificate Printing'!I\"&((ROW()-2)*4)+4)=\"\",\"\",INDIRECT(\"'MRO Certificate Printing'!I\"&((ROW()-2)*4)+4))","v":""},{"$f":"IF(INDIRECT(\"'MRO Certificate Printing'!K\"&((ROW()-2)*4)+4)=\"\",\"\",INDIRECT(\"'MRO Certificate Printing'!K\"&((ROW()-2)*4)+4))","v":""},null,{"$f":"IF(INDIRECT(\"'MRO Certificate Printing'!D\"&((ROW()-2)*4)+5)=\"\",\"\",INDIRECT(\"'MRO Certificate Printing'!D\"&((ROW()-2)*4)+5))","v":""},{"$f":"IF(INDIRECT(\"'MRO Certificate Printing'!E\"&((ROW()-2)*4)+5)=\"\",\"\",INDIRECT(\"'MRO Certificate Printing'!E\"&((ROW()-2)*4)+5))","v":""},{"$f":"IF(INDIRECT(\"'MRO Certificate Printing'!F\"&((ROW()-2)*4)+5)=\"\",\"\",INDIRECT(\"'MRO Certificate Printing'!F\"&((ROW()-2)*4)+5))","v":""},{"$f":"IF(INDIRECT(\"'MRO Certificate Printing'!B\"&((ROW()-2)*4)+5)=\"\",\"\",INDIRECT(\"'MRO Certificate Printing'!B\"&((ROW()-2)*4)+5))","v":""},{"$f":"IF(INDIRECT(\"'MRO Certificate Printing'!G\"&((ROW()-2)*4)+5)=\"\",\"\",INDIRECT(\"'MRO Certificate Printing'!G\"&((ROW()-2)*4)+5))","v":""},{"$f":"IF(INDIRECT(\"'MRO Certificate Printing'!J\"&((ROW()-2)*4)+5)=\"\",\"\",INDIRECT(\"'MRO Certificate Printing'!J\"&((ROW()-2)*4)+5))","v":""},{"$f":"IF(INDIRECT(\"'MRO Certificate Printing'!I\"&((ROW()-2)*4)+5)=\"\",\"\",INDIRECT(\"'MRO Certificate Printing'!I\"&((ROW()-2)*4)+5))","v":""},{"$f":"IF(INDIRECT(\"'MRO Certificate Printing'!K\"&((ROW()-2)*4)+5)=\"\",\"\",INDIRECT(\"'MRO Certificate Printing'!K\"&((ROW()-2)*4)+5))","v":""}]
["",{"$f":"IF(INDIRECT(\"'MRO Certificate Printing'!D\"&((ROW()-2)*4)+2)=\"\",\"\",INDIRECT(\"'MRO Certificate Printing'!D\"&((ROW()-2)*4)+2))","v":""},{"$f":"IF(INDIRECT(\"'MRO Certificate Printing'!E\"&((ROW()-2)*4)+2)=\"\",\"\",INDIRECT(\"'MRO Certificate Printing'!E\"&((ROW()-2)*4)+2))","v":""},{"$f":"IF(INDIRECT(\"'MRO Certificate Printing'!F\"&((ROW()-2)*4)+2)=\"\",\"\",INDIRECT(\"'MRO Certificate Printing'!F\"&((ROW()-2)*4)+2))","v":""},{"$f":"IF(INDIRECT(\"'MRO Certificate Printing'!B\"&((ROW()-2)*4)+2)=\"\",\"\",INDIRECT(\"'MRO Certificate Printing'!B\"&((ROW()-2)*4)+2))","v":""},{"$f":"IF(INDIRECT(\"'MRO Certificate Printing'!G\"&((ROW()-2)*4)+2)=\"\",\"\",INDIRECT(\"'MRO Certificate Printing'!G\"&((ROW()-2)*4)+2))","v":""},{"$f":"IF(INDIRECT(\"'MRO Certificate Printing'!J\"&((ROW()-2)*4)+2)=\"\",\"\",INDIRECT(\"'MRO Certificate Printing'!J\"&((ROW()-2)*4)+2))","v":""},{"$f":"IF(INDIRECT(\"'MRO Certificate Printing'!I\"&((ROW()-2)*4)+2)=\"\",\"\",INDIRECT(\"'MRO Certificate Printing'!I\"&((ROW()-2)*4)+2))","v":""},{"$f":"IF(INDIRECT(\"'MRO Certificate Printing'!K\"&((ROW()-2)*4)+2)=\"\",\"\",INDIRECT(\"'MRO Certificate Printing'!K\"&((ROW()-2)*4)+2))","v":""},null,{"$f":"IF(INDIRECT(\"'MRO Certificate Printing'!D\"&((ROW()-2)*4)+3)=\"\",\"\",INDIRECT(\"'MRO Certificate Printing'!D\"&((ROW()-2)*4)+3))","v":""},{"$f":"IF(INDIRECT(\"'MRO Certificate Printing'!E\"&((ROW()-2)*4)+3)=\"\",\"\",INDIRECT(\"'MRO Certificate Printing'!E\"&((ROW()-2)*4)+3))","v":""},{"$f":"IF(INDIRECT(\"'MRO Certificate Printing'!F\"&((ROW()-2)*4)+3)=\"\",\"\",INDIRECT(\"'MRO Certificate Printing'!F\"&((ROW()-2)*4)+3))","v":""},{"$f":"IF(INDIRECT(\"'MRO Certificate Printing'!B\"&((ROW()-2)*4)+3)=\"\",\"\",INDIRECT(\"'MRO Certificate Printing'!B\"&((ROW()-2)*4)+3))","v":""},{"$f":"IF(INDIRECT(\"'MRO Certificate Printing'!G\"&((ROW()-2)*4)+3)=\"\",\"\",INDIRECT(\"'MRO Certificate Printing'!G\"&((ROW()-2)*4)+3))","v":""},{"$f":"IF(INDIRECT(\"'MRO Certificate Printing'!J\"&((ROW()-2)*4)+3)=\"\",\"\",INDIRECT(\"'MRO Certificate Printing'!J\"&((ROW()-2)*4)+3))","v":""},{"$f":"IF(INDIRECT(\"'MRO Certificate Printing'!I\"&((ROW()-2)*4)+3)=\"\",\"\",INDIRECT(\"'MRO Certificate Printing'!I\"&((ROW()-2)*4)+3))","v":""},{"$f":"IF(INDIRECT(\"'MRO Certificate Printing'!K\"&((ROW()-2)*4)+3)=\"\",\"\",INDIRECT(\"'MRO Certificate Printing'!K\"&((ROW()-2)*4)+3))","v":""},null,{"$f":"IF(INDIRECT(\"'MRO Certificate Printing'!D\"&((ROW()-2)*4)+4)=\"\",\"\",INDIRECT(\"'MRO Certificate Printing'!D\"&((ROW()-2)*4)+4))","v":""},{"$f":"IF(INDIRECT(\"'MRO Certificate Printing'!E\"&((ROW()-2)*4)+4)=\"\",\"\",INDIRECT(\"'MRO Certificate Printing'!E\"&((ROW()-2)*4)+4))","v":""},{"$f":"IF(INDIRECT(\"'MRO Certificate Printing'!F\"&((ROW()-2)*4)+4)=\"\",\"\",INDIRECT(\"'MRO Certificate Printing'!F\"&((ROW()-2)*4)+4))","v":""},{"$f":"IF(INDIRECT(\"'MRO Certificate Printing'!B\"&((ROW()-2)*4)+4)=\"\",\"\",INDIRECT(\"'MRO Certificate Printing'!B\"&((ROW()-2)*4)+4))","v":""},{"$f":"IF(INDIRECT(\"'MRO Certificate Printing'!G\"&((ROW()-2)*4)+4)=\"\",\"\",INDIRECT(\"'MRO Certificate Printing'!G\"&((ROW()-2)*4)+4))","v":""},{"$f":"IF(INDIRECT(\"'MRO Certificate Printing'!J\"&((ROW()-2)*4)+4)=\"\",\"\",INDIRECT(\"'MRO Certificate Printing'!J\"&((ROW()-2)*4)+4))","v":""},{"$f":"IF(INDIRECT(\"'MRO Certificate Printing'!I\"&((ROW()-2)*4)+4)=\"\",\"\",INDIRECT(\"'MRO Certificate Printing'!I\"&((ROW()-2)*4)+4))","v":""},{"$f":"IF(INDIRECT(\"'MRO Certificate Printing'!K\"&((ROW()-2)*4)+4)=\"\",\"\",INDIRECT(\"'MRO Certificate Printing'!K\"&((ROW()-2)*4)+4))","v":""},null,{"$f":"IF(INDIRECT(\"'MRO Certificate Printing'!D\"&((ROW()-2)*4)+5)=\"\",\"\",INDIRECT(\"'MRO Certificate Printing'!D\"&((ROW()-2)*4)+5))","v":""},{"$f":"IF(INDIRECT(\"'MRO Certificate Printing'!E\"&((ROW()-2)*4)+5)=\"\",\"\",INDIRECT(\"'MRO Certificate Printing'!E\"&((ROW()-2)*4)+5))","v":""},{"$f":"IF(INDIRECT(\"'MRO Certificate Printing'!F\"&((ROW()-2)*4)+5)=\"\",\"\",INDIRECT(\"'MRO Certificate Printing'!F\"&((ROW()-2)*4)+5))","v":""},{"$f":"IF(INDIRECT(\"'MRO Certificate Printing'!B\"&((ROW()-2)*4)+5)=\"\",\"\",INDIRECT(\"'MRO Certificate Printing'!B\"&((ROW()-2)*4)+5))","v":""},{"$f":"IF(INDIRECT(\"'MRO Certificate Printing'!G\"&((ROW()-2)*4)+5)=\"\",\"\",INDIRECT(\"'MRO Certificate Printing'!G\"&((ROW()-2)*4)+5))","v":""},{"$f":"IF(INDIRECT(\"'MRO Certificate Printing'!J\"&((ROW()-2)*4)+5)=\"\",\"\",INDIRECT(\"'MRO Certificate Printing'!J\"&((ROW()-2)*4)+5))","v":""},{"$f":"IF(INDIRECT(\"'MRO Certificate Printing'!I\"&((ROW()-2)*4)+5)=\"\",\"\",INDIRECT(\"'MRO Certificate Printing'!I\"&((ROW()-2)*4)+5))","v":""},{"$f":"IF(INDIRECT(\"'MRO Certificate Printing'!K\"&((ROW()-2)*4)+5)=\"\",\"\",INDIRECT(\"'MRO Certificate Printing'!K\"&((ROW()-2)*4)+5))","v":""}]
["",{"$f":"IF(INDIRECT(\"'MRO Certificate Printing'!D\"&((ROW()-2)*4)+2)=\"\",\"\",INDIRECT(\"'MRO Certificate Printing'!D\"&((ROW()-2)*4)+2))","v":""},{"$f":"IF(INDIRECT(\"'MRO Certificate Printing'!E\"&((ROW()-2)*4)+2)=\"\",\"\",INDIRECT(\"'MRO Certificate Printing'!E\"&((ROW()-2)*4)+2))","v":""},{"$f":"IF(INDIRECT(\"'MRO Certificate Printing'!F\"&((ROW()-2)*4)+2)=\"\",\"\",INDIRECT(\"'MRO Certificate Printing'!F\"&((ROW()-2)*4)+2))","v":""},{"$f":"IF(INDIRECT(\"'MRO Certificate Printing'!B\"&((ROW()-2)*4)+2)=\"\",\"\",INDIRECT(\"'MRO Certificate Printing'!B\"&((ROW()-2)*4)+2))","v":""},{"$f":"IF(INDIRECT(\"'MRO Certificate Printing'!G\"&((ROW()-2)*4)+2)=\"\",\"\",INDIRECT(\"'MRO Certificate Printing'!G\"&((ROW()-2)*4)+2))","v":""},{"$f":"IF(INDIRECT(\"'MRO Certificate Printing'!J\"&((ROW()-2)*4)+2)=\"\",\"\",INDIRECT(\"'MRO Certificate Printing'!J\"&((ROW()-2)*4)+2))","v":""},{"$f":"IF(INDIRECT(\"'MRO Certificate Printing'!I\"&((ROW()-2)*4)+2)=\"\",\"\",INDIRECT(\"'MRO Certificate Printing'!I\"&((ROW()-2)*4)+2))","v":""},{"$f":"IF(INDIRECT(\"'MRO Certificate Printing'!K\"&((ROW()-2)*4)+2)=\"\",\"\",INDIRECT(\"'MRO Certificate Printing'!K\"&((ROW()-2)*4)+2))","v":""},null,{"$f":"IF(INDIRECT(\"'MRO Certificate Printing'!D\"&((ROW()-2)*4)+3)=\"\",\"\",INDIRECT(\"'MRO Certificate Printing'!D\"&((ROW()-2)*4)+3))","v":""},{"$f":"IF(INDIRECT(\"'MRO Certificate Printing'!E\"&((ROW()-2)*4)+3)=\"\",\"\",INDIRECT(\"'MRO Certificate Printing'!E\"&((ROW()-2)*4)+3))","v":""},{"$f":"IF(INDIRECT(\"'MRO Certificate Printing'!F\"&((ROW()-2)*4)+3)=\"\",\"\",INDIRECT(\"'MRO Certificate Printing'!F\"&((ROW()-2)*4)+3))","v":""},{"$f":"IF(INDIRECT(\"'MRO Certificate Printing'!B\"&((ROW()-2)*4)+3)=\"\",\"\",INDIRECT(\"'MRO Certificate Printing'!B\"&((ROW()-2)*4)+3))","v":""},{"$f":"IF(INDIRECT(\"'MRO Certificate Printing'!G\"&((ROW()-2)*4)+3)=\"\",\"\",INDIRECT(\"'MRO Certificate Printing'!G\"&((ROW()-2)*4)+3))","v":""},{"$f":"IF(INDIRECT(\"'MRO Certificate Printing'!J\"&((ROW()-2)*4)+3)=\"\",\"\",INDIRECT(\"'MRO Certificate Printing'!J\"&((ROW()-2)*4)+3))","v":""},{"$f":"IF(INDIRECT(\"'MRO Certificate Printing'!I\"&((ROW()-2)*4)+3)=\"\",\"\",INDIRECT(\"'MRO Certificate Printing'!I\"&((ROW()-2)*4)+3))","v":""},{"$f":"IF(INDIRECT(\"'MRO Certificate Printing'!K\"&((ROW()-2)*4)+3)=\"\",\"\",INDIRECT(\"'MRO Certificate Printing'!K\"&((ROW()-2)*4)+3))","v":""},null,{"$f":"IF(INDIRECT(\"'MRO Certificate Printing'!D\"&((ROW()-2)*4)+4)=\"\",\"\",INDIRECT(\"'MRO Certificate Printing'!D\"&((ROW()-2)*4)+4))","v":""},{"$f":"IF(INDIRECT(\"'MRO Certificate Printing'!E\"&((ROW()-2)*4)+4)=\"\",\"\",INDIRECT(\"'MRO Certificate Printing'!E\"&((ROW()-2)*4)+4))","v":""},{"$f":"IF(INDIRECT(\"'MRO Certificate Printing'!F\"&((ROW()-2)*4)+4)=\"\",\"\",INDIRECT(\"'MRO Certificate Printing'!F\"&((ROW()-2)*4)+4))","v":""},{"$f":"IF(INDIRECT(\"'MRO Certificate Printing'!B\"&((ROW()-2)*4)+4)=\"\",\"\",INDIRECT(\"'MRO Certificate Printing'!B\"&((ROW()-2)*4)+4))","v":""},{"$f":"IF(INDIRECT(\"'MRO Certificate Printing'!G\"&((ROW()-2)*4)+4)=\"\",\"\",INDIRECT(\"'MRO Certificate Printing'!G\"&((ROW()-2)*4)+4))","v":""},{"$f":"IF(INDIRECT(\"'MRO Certificate Printing'!J\"&((ROW()-2)*4)+4)=\"\",\"\",INDIRECT(\"'MRO Certificate Printing'!J\"&((ROW()-2)*4)+4))","v":""},{"$f":"IF(INDIRECT(\"'MRO Certificate Printing'!I\"&((ROW()-2)*4)+4)=\"\",\"\",INDIRECT(\"'MRO Certificate Printing'!I\"&((ROW()-2)*4)+4))","v":""},{"$f":"IF(INDIRECT(\"'MRO Certificate Printing'!K\"&((ROW()-2)*4)+4)=\"\",\"\",INDIRECT(\"'MRO Certificate Printing'!K\"&((ROW()-2)*4)+4))","v":""},null,{"$f":"IF(INDIRECT(\"'MRO Certificate Printing'!D\"&((ROW()-2)*4)+5)=\"\",\"\",INDIRECT(\"'MRO Certificate Printing'!D\"&((ROW()-2)*4)+5))","v":""},{"$f":"IF(INDIRECT(\"'MRO Certificate Printing'!E\"&((ROW()-2)*4)+5)=\"\",\"\",INDIRECT(\"'MRO Certificate Printing'!E\"&((ROW()-2)*4)+5))","v":""},{"$f":"IF(INDIRECT(\"'MRO Certificate Printing'!F\"&((ROW()-2)*4)+5)=\"\",\"\",INDIRECT(\"'MRO Certificate Printing'!F\"&((ROW()-2)*4)+5))","v":""},{"$f":"IF(INDIRECT(\"'MRO Certificate Printing'!B\"&((ROW()-2)*4)+5)=\"\",\"\",INDIRECT(\"'MRO Certificate Printing'!B\"&((ROW()-2)*4)+5))","v":""},{"$f":"IF(INDIRECT(\"'MRO Certificate Printing'!G\"&((ROW()-2)*4)+5)=\"\",\"\",INDIRECT(\"'MRO Certificate Printing'!G\"&((ROW()-2)*4)+5))","v":""},{"$f":"IF(INDIRECT(\"'MRO Certificate Printing'!J\"&((ROW()-2)*4)+5)=\"\",\"\",INDIRECT(\"'MRO Certificate Printing'!J\"&((ROW()-2)*4)+5))","v":""},{"$f":"IF(INDIRECT(\"'MRO Certificate Printing'!I\"&((ROW()-2)*4)+5)=\"\",\"\",INDIRECT(\"'MRO Certificate Printing'!I\"&((ROW()-2)*4)+5))","v":""},{"$f":"IF(INDIRECT(\"'MRO Certificate Printing'!K\"&((ROW()-2)*4)+5)=\"\",\"\",INDIRECT(\"'MRO Certificate Printing'!K\"&((ROW()-2)*4)+5))","v":""}]
["",{"$f":"IF(INDIRECT(\"'MRO Certificate Printing'!D\"&((ROW()-2)*4)+2)=\"\",\"\",INDIRECT(\"'MRO Certificate Printing'!D\"&((ROW()-2)*4)+2))","v":""},{"$f":"IF(INDIRECT(\"'MRO Certificate Printing'!E\"&((ROW()-2)*4)+2)=\"\",\"\",INDIRECT(\"'MRO Certificate Printing'!E\"&((ROW()-2)*4)+2))","v":""},{"$f":"IF(INDIRECT(\"'MRO Certificate Printing'!F\"&((ROW()-2)*4)+2)=\"\",\"\",INDIRECT(\"'MRO Certificate Printing'!F\"&((ROW()-2)*4)+2))","v":""},{"$f":"IF(INDIRECT(\"'MRO Certificate Printing'!B\"&((ROW()-2)*4)+2)=\"\",\"\",INDIRECT(\"'MRO Certificate Printing'!B\"&((ROW()-2)*4)+2))","v":""},{"$f":"IF(INDIRECT(\"'MRO Certificate Printing'!G\"&((ROW()-2)*4)+2)=\"\",\"\",INDIRECT(\"'MRO Certificate Printing'!G\"&((ROW()-2)*4)+2))","v":""},{"$f":"IF(INDIRECT(\"'MRO Certificate Printing'!J\"&((ROW()-2)*4)+2)=\"\",\"\",INDIRECT(\"'MRO Certificate Printing'!J\"&((ROW()-2)*4)+2))","v":""},{"$f":"IF(INDIRECT(\"'MRO Certificate Printing'!I\"&((ROW()-2)*4)+2)=\"\",\"\",INDIRECT(\"'MRO Certificate Printing'!I\"&((ROW()-2)*4)+2))","v":""},{"$f":"IF(INDIRECT(\"'MRO Certificate Printing'!K\"&((ROW()-2)*4)+2)=\"\",\"\",INDIRECT(\"'MRO Certificate Printing'!K\"&((ROW()-2)*4)+2))","v":""},null,{"$f":"IF(INDIRECT(\"'MRO Certificate Printing'!D\"&((ROW()-2)*4)+3)=\"\",\"\",INDIRECT(\"'MRO Certificate Printing'!D\"&((ROW()-2)*4)+3))","v":""},{"$f":"IF(INDIRECT(\"'MRO Certificate Printing'!E\"&((ROW()-2)*4)+3)=\"\",\"\",INDIRECT(\"'MRO Certificate Printing'!E\"&((ROW()-2)*4)+3))","v":""},{"$f":"IF(INDIRECT(\"'MRO Certificate Printing'!F\"&((ROW()-2)*4)+3)=\"\",\"\",INDIRECT(\"'MRO Certificate Printing'!F\"&((ROW()-2)*4)+3))","v":""},{"$f":"IF(INDIRECT(\"'MRO Certificate Printing'!B\"&((ROW()-2)*4)+3)=\"\",\"\",INDIRECT(\"'MRO Certificate Printing'!B\"&((ROW()-2)*4)+3))","v":""},{"$f":"IF(INDIRECT(\"'MRO Certificate Printing'!G\"&((ROW()-2)*4)+3)=\"\",\"\",INDIRECT(\"'MRO Certificate Printing'!G\"&((ROW()-2)*4)+3))","v":""},{"$f":"IF(INDIRECT(\"'MRO Certificate Printing'!J\"&((ROW()-2)*4)+3)=\"\",\"\",INDIRECT(\"'MRO Certificate Printing'!J\"&((ROW()-2)*4)+3))","v":""},{"$f":"IF(INDIRECT(\"'MRO Certificate Printing'!I\"&((ROW()-2)*4)+3)=\"\",\"\",INDIRECT(\"'MRO Certificate Printing'!I\"&((ROW()-2)*4)+3))","v":""},{"$f":"IF(INDIRECT(\"'MRO Certificate Printing'!K\"&((ROW()-2)*4)+3)=\"\",\"\",INDIRECT(\"'MRO Certificate Printing'!K\"&((ROW()-2)*4)+3))","v":""},null,{"$f":"IF(INDIRECT(\"'MRO Certificate Printing'!D\"&((ROW()-2)*4)+4)=\"\",\"\",INDIRECT(\"'MRO Certificate Printing'!D\"&((ROW()-2)*4)+4))","v":""},{"$f":"IF(INDIRECT(\"'MRO Certificate Printing'!E\"&((ROW()-2)*4)+4)=\"\",\"\",INDIRECT(\"'MRO Certificate Printing'!E\"&((ROW()-2)*4)+4))","v":""},{"$f":"IF(INDIRECT(\"'MRO Certificate Printing'!F\"&((ROW()-2)*4)+4)=\"\",\"\",INDIRECT(\"'MRO Certificate Printing'!F\"&((ROW()-2)*4)+4))","v":""},{"$f":"IF(INDIRECT(\"'MRO Certificate Printing'!B\"&((ROW()-2)*4)+4)=\"\",\"\",INDIRECT(\"'MRO Certificate Printing'!B\"&((ROW()-2)*4)+4))","v":""},{"$f":"IF(INDIRECT(\"'MRO Certificate Printing'!G\"&((ROW()-2)*4)+4)=\"\",\"\",INDIRECT(\"'MRO Certificate Printing'!G\"&((ROW()-2)*4)+4))","v":""},{"$f":"IF(INDIRECT(\"'MRO Certificate Printing'!J\"&((ROW()-2)*4)+4)=\"\",\"\",INDIRECT(\"'MRO Certificate Printing'!J\"&((ROW()-2)*4)+4))","v":""},{"$f":"IF(INDIRECT(\"'MRO Certificate Printing'!I\"&((ROW()-2)*4)+4)=\"\",\"\",INDIRECT(\"'MRO Certificate Printing'!I\"&((ROW()-2)*4)+4))","v":""},{"$f":"IF(INDIRECT(\"'MRO Certificate Printing'!K\"&((ROW()-2)*4)+4)=\"\",\"\",INDIRECT(\"'MRO Certificate Printing'!K\"&((ROW()-2)*4)+4))","v":""},null,{"$f":"IF(INDIRECT(\"'MRO Certificate Printing'!D\"&((ROW()-2)*4)+5)=\"\",\"\",INDIRECT(\"'MRO Certificate Printing'!D\"&((ROW()-2)*4)+5))","v":""},{"$f":"IF(INDIRECT(\"'MRO Certificate Printing'!E\"&((ROW()-2)*4)+5)=\"\",\"\",INDIRECT(\"'MRO Certificate Printing'!E\"&((ROW()-2)*4)+5))","v":""},{"$f":"IF(INDIRECT(\"'MRO Certificate Printing'!F\"&((ROW()-2)*4)+5)=\"\",\"\",INDIRECT(\"'MRO Certificate Printing'!F\"&((ROW()-2)*4)+5))","v":""},{"$f":"IF(INDIRECT(\"'MRO Certificate Printing'!B\"&((ROW()-2)*4)+5)=\"\",\"\",INDIRECT(\"'MRO Certificate Printing'!B\"&((ROW()-2)*4)+5))","v":""},{"$f":"IF(INDIRECT(\"'MRO Certificate Printing'!G\"&((ROW()-2)*4)+5)=\"\",\"\",INDIRECT(\"'MRO Certificate Printing'!G\"&((ROW()-2)*4)+5))","v":""},{"$f":"IF(INDIRECT(\"'MRO Certificate Printing'!J\"&((ROW()-2)*4)+5)=\"\",\"\",INDIRECT(\"'MRO Certificate Printing'!J\"&((ROW()-2)*4)+5))","v":""},{"$f":"IF(INDIRECT(\"'MRO Certificate Printing'!I\"&((ROW()-2)*4)+5)=\"\",\"\",INDIRECT(\"'MRO Certificate Printing'!I\"&((ROW()-2)*4)+5))","v":""},{"$f":"IF(INDIRECT(\"'MRO Certificate Printing'!K\"&((ROW()-2)*4)+5)=\"\",\"\",INDIRECT(\"'MRO Certificate Printing'!K\"&((ROW()-2)*4)+5))","v":""}]
["",{"$f":"IF(INDIRECT(\"'MRO Certificate Printing'!D\"&((ROW()-2)*4)+2)=\"\",\"\",INDIRECT(\"'MRO Certificate Printing'!D\"&((ROW()-2)*4)+2))","v":""},{"$f":"IF(INDIRECT(\"'MRO Certificate Printing'!E\"&((ROW()-2)*4)+2)=\"\",\"\",INDIRECT(\"'MRO Certificate Printing'!E\"&((ROW()-2)*4)+2))","v":""},{"$f":"IF(INDIRECT(\"'MRO Certificate Printing'!F\"&((ROW()-2)*4)+2)=\"\",\"\",INDIRECT(\"'MRO Certificate Printing'!F\"&((ROW()-2)*4)+2))","v":""},{"$f":"IF(INDIRECT(\"'MRO Certificate Printing'!B\"&((ROW()-2)*4)+2)=\"\",\"\",INDIRECT(\"'MRO Certificate Printing'!B\"&((ROW()-2)*4)+2))","v":""},{"$f":"IF(INDIRECT(\"'MRO Certificate Printing'!G\"&((ROW()-2)*4)+2)=\"\",\"\",INDIRECT(\"'MRO Certificate Printing'!G\"&((ROW()-2)*4)+2))","v":""},{"$f":"IF(INDIRECT(\"'MRO Certificate Printing'!J\"&((ROW()-2)*4)+2)=\"\",\"\",INDIRECT(\"'MRO Certificate Printing'!J\"&((ROW()-2)*4)+2))","v":""},{"$f":"IF(INDIRECT(\"'MRO Certificate Printing'!I\"&((ROW()-2)*4)+2)=\"\",\"\",INDIRECT(\"'MRO Certificate Printing'!I\"&((ROW()-2)*4)+2))","v":""},{"$f":"IF(INDIRECT(\"'MRO Certificate Printing'!K\"&((ROW()-2)*4)+2)=\"\",\"\",INDIRECT(\"'MRO Certificate Printing'!K\"&((ROW()-2)*4)+2))","v":""},null,{"$f":"IF(INDIRECT(\"'MRO Certificate Printing'!D\"&((ROW()-2)*4)+3)=\"\",\"\",INDIRECT(\"'MRO Certificate Printing'!D\"&((ROW()-2)*4)+3))","v":""},{"$f":"IF(INDIRECT(\"'MRO Certificate Printing'!E\"&((ROW()-2)*4)+3)=\"\",\"\",INDIRECT(\"'MRO Certificate Printing'!E\"&((ROW()-2)*4)+3))","v":""},{"$f":"IF(INDIRECT(\"'MRO Certificate Printing'!F\"&((ROW()-2)*4)+3)=\"\",\"\",INDIRECT(\"'MRO Certificate Printing'!F\"&((ROW()-2)*4)+3))","v":""},{"$f":"IF(INDIRECT(\"'MRO Certificate Printing'!B\"&((ROW()-2)*4)+3)=\"\",\"\",INDIRECT(\"'MRO Certificate Printing'!B\"&((ROW()-2)*4)+3))","v":""},{"$f":"IF(INDIRECT(\"'MRO Certificate Printing'!G\"&((ROW()-2)*4)+3)=\"\",\"\",INDIRECT(\"'MRO Certificate Printing'!G\"&((ROW()-2)*4)+3))","v":""},{"$f":"IF(INDIRECT(\"'MRO Certificate Printing'!J\"&((ROW()-2)*4)+3)=\"\",\"\",INDIRECT(\"'MRO Certificate Printing'!J\"&((ROW()-2)*4)+3))","v":""},{"$f":"IF(INDIRECT(\"'MRO Certificate Printing'!I\"&((ROW()-2)*4)+3)=\"\",\"\",INDIRECT(\"'MRO Certificate Printing'!I\"&((ROW()-2)*4)+3))","v":""},{"$f":"IF(INDIRECT(\"'MRO Certificate Printing'!K\"&((ROW()-2)*4)+3)=\"\",\"\",INDIRECT(\"'MRO Certificate Printing'!K\"&((ROW()-2)*4)+3))","v":""},null,{"$f":"IF(INDIRECT(\"'MRO Certificate Printing'!D\"&((ROW()-2)*4)+4)=\"\",\"\",INDIRECT(\"'MRO Certificate Printing'!D\"&((ROW()-2)*4)+4))","v":""},{"$f":"IF(INDIRECT(\"'MRO Certificate Printing'!E\"&((ROW()-2)*4)+4)=\"\",\"\",INDIRECT(\"'MRO Certificate Printing'!E\"&((ROW()-2)*4)+4))","v":""},{"$f":"IF(INDIRECT(\"'MRO Certificate Printing'!F\"&((ROW()-2)*4)+4)=\"\",\"\",INDIRECT(\"'MRO Certificate Printing'!F\"&((ROW()-2)*4)+4))","v":""},{"$f":"IF(INDIRECT(\"'MRO Certificate Printing'!B\"&((ROW()-2)*4)+4)=\"\",\"\",INDIRECT(\"'MRO Certificate Printing'!B\"&((ROW()-2)*4)+4))","v":""},{"$f":"IF(INDIRECT(\"'MRO Certificate Printing'!G\"&((ROW()-2)*4)+4)=\"\",\"\",INDIRECT(\"'MRO Certificate Printing'!G\"&((ROW()-2)*4)+4))","v":""},{"$f":"IF(INDIRECT(\"'MRO Certificate Printing'!J\"&((ROW()-2)*4)+4)=\"\",\"\",INDIRECT(\"'MRO Certificate Printing'!J\"&((ROW()-2)*4)+4))","v":""},{"$f":"IF(INDIRECT(\"'MRO Certificate Printing'!I\"&((ROW()-2)*4)+4)=\"\",\"\",INDIRECT(\"'MRO Certificate Printing'!I\"&((ROW()-2)*4)+4))","v":""},{"$f":"IF(INDIRECT(\"'MRO Certificate Printing'!K\"&((ROW()-2)*4)+4)=\"\",\"\",INDIRECT(\"'MRO Certificate Printing'!K\"&((ROW()-2)*4)+4))","v":""},null,{"$f":"IF(INDIRECT(\"'MRO Certificate Printing'!D\"&((ROW()-2)*4)+5)=\"\",\"\",INDIRECT(\"'MRO Certificate Printing'!D\"&((ROW()-2)*4)+5))","v":""},{"$f":"IF(INDIRECT(\"'MRO Certificate Printing'!E\"&((ROW()-2)*4)+5)=\"\",\"\",INDIRECT(\"'MRO Certificate Printing'!E\"&((ROW()-2)*4)+5))","v":""},{"$f":"IF(INDIRECT(\"'MRO Certificate Printing'!F\"&((ROW()-2)*4)+5)=\"\",\"\",INDIRECT(\"'MRO Certificate Printing'!F\"&((ROW()-2)*4)+5))","v":""},{"$f":"IF(INDIRECT(\"'MRO Certificate Printing'!B\"&((ROW()-2)*4)+5)=\"\",\"\",INDIRECT(\"'MRO Certificate Printing'!B\"&((ROW()-2)*4)+5))","v":""},{"$f":"IF(INDIRECT(\"'MRO Certificate Printing'!G\"&((ROW()-2)*4)+5)=\"\",\"\",INDIRECT(\"'MRO Certificate Printing'!G\"&((ROW()-2)*4)+5))","v":""},{"$f":"IF(INDIRECT(\"'MRO Certificate Printing'!J\"&((ROW()-2)*4)+5)=\"\",\"\",INDIRECT(\"'MRO Certificate Printing'!J\"&((ROW()-2)*4)+5))","v":""},{"$f":"IF(INDIRECT(\"'MRO Certificate Printing'!I\"&((ROW()-2)*4)+5)=\"\",\"\",INDIRECT(\"'MRO Certificate Printing'!I\"&((ROW()-2)*4)+5))","v":""},{"$f":"IF(INDIRECT(\"'MRO Certificate Printing'!K\"&((ROW()-2)*4)+5)=\"\",\"\",INDIRECT(\"'MRO Certificate Printing'!K\"&((ROW()-2)*4)+5))","v":""}]
["",{"$f":"IF(INDIRECT(\"'MRO Certificate Printing'!D\"&((ROW()-2)*4)+2)=\"\",\"\",INDIRECT(\"'MRO Certificate Printing'!D\"&((ROW()-2)*4)+2))","v":""},{"$f":"IF(INDIRECT(\"'MRO Certificate Printing'!E\"&((ROW()-2)*4)+2)=\"\",\"\",INDIRECT(\"'MRO Certificate Printing'!E\"&((ROW()-2)*4)+2))","v":""},{"$f":"IF(INDIRECT(\"'MRO Certificate Printing'!F\"&((ROW()-2)*4)+2)=\"\",\"\",INDIRECT(\"'MRO Certificate Printing'!F\"&((ROW()-2)*4)+2))","v":""},{"$f":"IF(INDIRECT(\"'MRO Certificate Printing'!B\"&((ROW()-2)*4)+2)=\"\",\"\",INDIRECT(\"'MRO Certificate Printing'!B\"&((ROW()-2)*4)+2))","v":""},{"$f":"IF(INDIRECT(\"'MRO Certificate Printing'!G\"&((ROW()-2)*4)+2)=\"\",\"\",INDIRECT(\"'MRO Certificate Printing'!G\"&((ROW()-2)*4)+2))","v":""},{"$f":"IF(INDIRECT(\"'MRO Certificate Printing'!J\"&((ROW()-2)*4)+2)=\"\",\"\",INDIRECT(\"'MRO Certificate Printing'!J\"&((ROW()-2)*4)+2))","v":""},{"$f":"IF(INDIRECT(\"'MRO Certificate Printing'!I\"&((ROW()-2)*4)+2)=\"\",\"\",INDIRECT(\"'MRO Certificate Printing'!I\"&((ROW()-2)*4)+2))","v":""},{"$f":"IF(INDIRECT(\"'MRO Certificate Printing'!K\"&((ROW()-2)*4)+2)=\"\",\"\",INDIRECT(\"'MRO Certificate Printing'!K\"&((ROW()-2)*4)+2))","v":""},null,{"$f":"IF(INDIRECT(\"'MRO Certificate Printing'!D\"&((ROW()-2)*4)+3)=\"\",\"\",INDIRECT(\"'MRO Certificate Printing'!D\"&((ROW()-2)*4)+3))","v":""},{"$f":"IF(INDIRECT(\"'MRO Certificate Printing'!E\"&((ROW()-2)*4)+3)=\"\",\"\",INDIRECT(\"'MRO Certificate Printing'!E\"&((ROW()-2)*4)+3))","v":""},{"$f":"IF(INDIRECT(\"'MRO Certificate Printing'!F\"&((ROW()-2)*4)+3)=\"\",\"\",INDIRECT(\"'MRO Certificate Printing'!F\"&((ROW()-2)*4)+3))","v":""},{"$f":"IF(INDIRECT(\"'MRO Certificate Printing'!B\"&((ROW()-2)*4)+3)=\"\",\"\",INDIRECT(\"'MRO Certificate Printing'!B\"&((ROW()-2)*4)+3))","v":""},{"$f":"IF(INDIRECT(\"'MRO Certificate Printing'!G\"&((ROW()-2)*4)+3)=\"\",\"\",INDIRECT(\"'MRO Certificate Printing'!G\"&((ROW()-2)*4)+3))","v":""},{"$f":"IF(INDIRECT(\"'MRO Certificate Printing'!J\"&((ROW()-2)*4)+3)=\"\",\"\",INDIRECT(\"'MRO Certificate Printing'!J\"&((ROW()-2)*4)+3))","v":""},{"$f":"IF(INDIRECT(\"'MRO Certificate Printing'!I\"&((ROW()-2)*4)+3)=\"\",\"\",INDIRECT(\"'MRO Certificate Printing'!I\"&((ROW()-2)*4)+3))","v":""},{"$f":"IF(INDIRECT(\"'MRO Certificate Printing'!K\"&((ROW()-2)*4)+3)=\"\",\"\",INDIRECT(\"'MRO Certificate Printing'!K\"&((ROW()-2)*4)+3))","v":""},null,{"$f":"IF(INDIRECT(\"'MRO Certificate Printing'!D\"&((ROW()-2)*4)+4)=\"\",\"\",INDIRECT(\"'MRO Certificate Printing'!D\"&((ROW()-2)*4)+4))","v":""},{"$f":"IF(INDIRECT(\"'MRO Certificate Printing'!E\"&((ROW()-2)*4)+4)=\"\",\"\",INDIRECT(\"'MRO Certificate Printing'!E\"&((ROW()-2)*4)+4))","v":""},{"$f":"IF(INDIRECT(\"'MRO Certificate Printing'!F\"&((ROW()-2)*4)+4)=\"\",\"\",INDIRECT(\"'MRO Certificate Printing'!F\"&((ROW()-2)*4)+4))","v":""},{"$f":"IF(INDIRECT(\"'MRO Certificate Printing'!B\"&((ROW()-2)*4)+4)=\"\",\"\",INDIRECT(\"'MRO Certificate Printing'!B\"&((ROW()-2)*4)+4))","v":""},{"$f":"IF(INDIRECT(\"'MRO Certificate Printing'!G\"&((ROW()-2)*4)+4)=\"\",\"\",INDIRECT(\"'MRO Certificate Printing'!G\"&((ROW()-2)*4)+4))","v":""},{"$f":"IF(INDIRECT(\"'MRO Certificate Printing'!J\"&((ROW()-2)*4)+4)=\"\",\"\",INDIRECT(\"'MRO Certificate Printing'!J\"&((ROW()-2)*4)+4))","v":""},{"$f":"IF(INDIRECT(\"'MRO Certificate Printing'!I\"&((ROW()-2)*4)+4)=\"\",\"\",INDIRECT(\"'MRO Certificate Printing'!I\"&((ROW()-2)*4)+4))","v":""},{"$f":"IF(INDIRECT(\"'MRO Certificate Printing'!K\"&((ROW()-2)*4)+4)=\"\",\"\",INDIRECT(\"'MRO Certificate Printing'!K\"&((ROW()-2)*4)+4))","v":""},null,{"$f":"IF(INDIRECT(\"'MRO Certificate Printing'!D\"&((ROW()-2)*4)+5)=\"\",\"\",INDIRECT(\"'MRO Certificate Printing'!D\"&((ROW()-2)*4)+5))","v":""},{"$f":"IF(INDIRECT(\"'MRO Certificate Printing'!E\"&((ROW()-2)*4)+5)=\"\",\"\",INDIRECT(\"'MRO Certificate Printing'!E\"&((ROW()-2)*4)+5))","v":""},{"$f":"IF(INDIRECT(\"'MRO Certificate Printing'!F\"&((ROW()-2)*4)+5)=\"\",\"\",INDIRECT(\"'MRO Certificate Printing'!F\"&((ROW()-2)*4)+5))","v":""},{"$f":"IF(INDIRECT(\"'MRO Certificate Printing'!B\"&((ROW()-2)*4)+5)=\"\",\"\",INDIRECT(\"'MRO Certificate Printing'!B\"&((ROW()-2)*4)+5))","v":""},{"$f":"IF(INDIRECT(\"'MRO Certificate Printing'!G\"&((ROW()-2)*4)+5)=\"\",\"\",INDIRECT(\"'MRO Certificate Printing'!G\"&((ROW()-2)*4)+5))","v":""},{"$f":"IF(INDIRECT(\"'MRO Certificate Printing'!J\"&((ROW()-2)*4)+5)=\"\",\"\",INDIRECT(\"'MRO Certificate Printing'!J\"&((ROW()-2)*4)+5))","v":""},{"$f":"IF(INDIRECT(\"'MRO Certificate Printing'!I\"&((ROW()-2)*4)+5)=\"\",\"\",INDIRECT(\"'MRO Certificate Printing'!I\"&((ROW()-2)*4)+5))","v":""},{"$f":"IF(INDIRECT(\"'MRO Certificate Printing'!K\"&((ROW()-2)*4)+5)=\"\",\"\",INDIRECT(\"'MRO Certificate Printing'!K\"&((ROW()-2)*4)+5))","v":""}]
["",{"$f":"IF(INDIRECT(\"'MRO Certificate Printing'!D\"&((ROW()-2)*4)+2)=\"\",\"\",INDIRECT(\"'MRO Certificate Printing'!D\"&((ROW()-2)*4)+2))","v":""},{"$f":"IF(INDIRECT(\"'MRO Certificate Printing'!E\"&((ROW()-2)*4)+2)=\"\",\"\",INDIRECT(\"'MRO Certificate Printing'!E\"&((ROW()-2)*4)+2))","v":""},{"$f":"IF(INDIRECT(\"'MRO Certificate Printing'!F\"&((ROW()-2)*4)+2)=\"\",\"\",INDIRECT(\"'MRO Certificate Printing'!F\"&((ROW()-2)*4)+2))","v":""},{"$f":"IF(INDIRECT(\"'MRO Certificate Printing'!B\"&((ROW()-2)*4)+2)=\"\",\"\",INDIRECT(\"'MRO Certificate Printing'!B\"&((ROW()-2)*4)+2))","v":""},{"$f":"IF(INDIRECT(\"'MRO Certificate Printing'!G\"&((ROW()-2)*4)+2)=\"\",\"\",INDIRECT(\"'MRO Certificate Printing'!G\"&((ROW()-2)*4)+2))","v":""},{"$f":"IF(INDIRECT(\"'MRO Certificate Printing'!J\"&((ROW()-2)*4)+2)=\"\",\"\",INDIRECT(\"'MRO Certificate Printing'!J\"&((ROW()-2)*4)+2))","v":""},{"$f":"IF(INDIRECT(\"'MRO Certificate Printing'!I\"&((ROW()-2)*4)+2)=\"\",\"\",INDIRECT(\"'MRO Certificate Printing'!I\"&((ROW()-2)*4)+2))","v":""},{"$f":"IF(INDIRECT(\"'MRO Certificate Printing'!K\"&((ROW()-2)*4)+2)=\"\",\"\",INDIRECT(\"'MRO Certificate Printing'!K\"&((ROW()-2)*4)+2))","v":""},null,{"$f":"IF(INDIRECT(\"'MRO Certificate Printing'!D\"&((ROW()-2)*4)+3)=\"\",\"\",INDIRECT(\"'MRO Certificate Printing'!D\"&((ROW()-2)*4)+3))","v":""},{"$f":"IF(INDIRECT(\"'MRO Certificate Printing'!E\"&((ROW()-2)*4)+3)=\"\",\"\",INDIRECT(\"'MRO Certificate Printing'!E\"&((ROW()-2)*4)+3))","v":""},{"$f":"IF(INDIRECT(\"'MRO Certificate Printing'!F\"&((ROW()-2)*4)+3)=\"\",\"\",INDIRECT(\"'MRO Certificate Printing'!F\"&((ROW()-2)*4)+3))","v":""},{"$f":"IF(INDIRECT(\"'MRO Certificate Printing'!B\"&((ROW()-2)*4)+3)=\"\",\"\",INDIRECT(\"'MRO Certificate Printing'!B\"&((ROW()-2)*4)+3))","v":""},{"$f":"IF(INDIRECT(\"'MRO Certificate Printing'!G\"&((ROW()-2)*4)+3)=\"\",\"\",INDIRECT(\"'MRO Certificate Printing'!G\"&((ROW()-2)*4)+3))","v":""},{"$f":"IF(INDIRECT(\"'MRO Certificate Printing'!J\"&((ROW()-2)*4)+3)=\"\",\"\",INDIRECT(\"'MRO Certificate Printing'!J\"&((ROW()-2)*4)+3))","v":""},{"$f":"IF(INDIRECT(\"'MRO Certificate Printing'!I\"&((ROW()-2)*4)+3)=\"\",\"\",INDIRECT(\"'MRO Certificate Printing'!I\"&((ROW()-2)*4)+3))","v":""},{"$f":"IF(INDIRECT(\"'MRO Certificate Printing'!K\"&((ROW()-2)*4)+3)=\"\",\"\",INDIRECT(\"'MRO Certificate Printing'!K\"&((ROW()-2)*4)+3))","v":""},null,{"$f":"IF(INDIRECT(\"'MRO Certificate Printing'!D\"&((ROW()-2)*4)+4)=\"\",\"\",INDIRECT(\"'MRO Certificate Printing'!D\"&((ROW()-2)*4)+4))","v":""},{"$f":"IF(INDIRECT(\"'MRO Certificate Printing'!E\"&((ROW()-2)*4)+4)=\"\",\"\",INDIRECT(\"'MRO Certificate Printing'!E\"&((ROW()-2)*4)+4))","v":""},{"$f":"IF(INDIRECT(\"'MRO Certificate Printing'!F\"&((ROW()-2)*4)+4)=\"\",\"\",INDIRECT(\"'MRO Certificate Printing'!F\"&((ROW()-2)*4)+4))","v":""},{"$f":"IF(INDIRECT(\"'MRO Certificate Printing'!B\"&((ROW()-2)*4)+4)=\"\",\"\",INDIRECT(\"'MRO Certificate Printing'!B\"&((ROW()-2)*4)+4))","v":""},{"$f":"IF(INDIRECT(\"'MRO Certificate Printing'!G\"&((ROW()-2)*4)+4)=\"\",\"\",INDIRECT(\"'MRO Certificate Printing'!G\"&((ROW()-2)*4)+4))","v":""},{"$f":"IF(INDIRECT(\"'MRO Certificate Printing'!J\"&((ROW()-2)*4)+4)=\"\",\"\",INDIRECT(\"'MRO Certificate Printing'!J\"&((ROW()-2)*4)+4))","v":""},{"$f":"IF(INDIRECT(\"'MRO Certificate Printing'!I\"&((ROW()-2)*4)+4)=\"\",\"\",INDIRECT(\"'MRO Certificate Printing'!I\"&((ROW()-2)*4)+4))","v":""},{"$f":"IF(INDIRECT(\"'MRO Certificate Printing'!K\"&((ROW()-2)*4)+4)=\"\",\"\",INDIRECT(\"'MRO Certificate Printing'!K\"&((ROW()-2)*4)+4))","v":""},null,{"$f":"IF(INDIRECT(\"'MRO Certificate Printing'!D\"&((ROW()-2)*4)+5)=\"\",\"\",INDIRECT(\"'MRO Certificate Printing'!D\"&((ROW()-2)*4)+5))","v":""},{"$f":"IF(INDIRECT(\"'MRO Certificate Printing'!E\"&((ROW()-2)*4)+5)=\"\",\"\",INDIRECT(\"'MRO Certificate Printing'!E\"&((ROW()-2)*4)+5))","v":""},{"$f":"IF(INDIRECT(\"'MRO Certificate Printing'!F\"&((ROW()-2)*4)+5)=\"\",\"\",INDIRECT(\"'MRO Certificate Printing'!F\"&((ROW()-2)*4)+5))","v":""},{"$f":"IF(INDIRECT(\"'MRO Certificate Printing'!B\"&((ROW()-2)*4)+5)=\"\",\"\",INDIRECT(\"'MRO Certificate Printing'!B\"&((ROW()-2)*4)+5))","v":""},{"$f":"IF(INDIRECT(\"'MRO Certificate Printing'!G\"&((ROW()-2)*4)+5)=\"\",\"\",INDIRECT(\"'MRO Certificate Printing'!G\"&((ROW()-2)*4)+5))","v":""},{"$f":"IF(INDIRECT(\"'MRO Certificate Printing'!J\"&((ROW()-2)*4)+5)=\"\",\"\",INDIRECT(\"'MRO Certificate Printing'!J\"&((ROW()-2)*4)+5))","v":""},{"$f":"IF(INDIRECT(\"'MRO Certificate Printing'!I\"&((ROW()-2)*4)+5)=\"\",\"\",INDIRECT(\"'MRO Certificate Printing'!I\"&((ROW()-2)*4)+5))","v":""},{"$f":"IF(INDIRECT(\"'MRO Certificate Printing'!K\"&((ROW()-2)*4)+5)=\"\",\"\",INDIRECT(\"'MRO Certificate Printing'!K\"&((ROW()-2)*4)+5))","v":""}]
["",{"$f":"IF(INDIRECT(\"'MRO Certificate Printing'!D\"&((ROW()-2)*4)+2)=\"\",\"\",INDIRECT(\"'MRO Certificate Printing'!D\"&((ROW()-2)*4)+2))","v":""},{"$f":"IF(INDIRECT(\"'MRO Certificate Printing'!E\"&((ROW()-2)*4)+2)=\"\",\"\",INDIRECT(\"'MRO Certificate Printing'!E\"&((ROW()-2)*4)+2))","v":""},{"$f":"IF(INDIRECT(\"'MRO Certificate Printing'!F\"&((ROW()-2)*4)+2)=\"\",\"\",INDIRECT(\"'MRO Certificate Printing'!F\"&((ROW()-2)*4)+2))","v":""},{"$f":"IF(INDIRECT(\"'MRO Certificate Printing'!B\"&((ROW()-2)*4)+2)=\"\",\"\",INDIRECT(\"'MRO Certificate Printing'!B\"&((ROW()-2)*4)+2))","v":""},{"$f":"IF(INDIRECT(\"'MRO Certificate Printing'!G\"&((ROW()-2)*4)+2)=\"\",\"\",INDIRECT(\"'MRO Certificate Printing'!G\"&((ROW()-2)*4)+2))","v":""},{"$f":"IF(INDIRECT(\"'MRO Certificate Printing'!J\"&((ROW()-2)*4)+2)=\"\",\"\",INDIRECT(\"'MRO Certificate Printing'!J\"&((ROW()-2)*4)+2))","v":""},{"$f":"IF(INDIRECT(\"'MRO Certificate Printing'!I\"&((ROW()-2)*4)+2)=\"\",\"\",INDIRECT(\"'MRO Certificate Printing'!I\"&((ROW()-2)*4)+2))","v":""},{"$f":"IF(INDIRECT(\"'MRO Certificate Printing'!K\"&((ROW()-2)*4)+2)=\"\",\"\",INDIRECT(\"'MRO Certificate Printing'!K\"&((ROW()-2)*4)+2))","v":""},null,{"$f":"IF(INDIRECT(\"'MRO Certificate Printing'!D\"&((ROW()-2)*4)+3)=\"\",\"\",INDIRECT(\"'MRO Certificate Printing'!D\"&((ROW()-2)*4)+3))","v":""},{"$f":"IF(INDIRECT(\"'MRO Certificate Printing'!E\"&((ROW()-2)*4)+3)=\"\",\"\",INDIRECT(\"'MRO Certificate Printing'!E\"&((ROW()-2)*4)+3))","v":""},{"$f":"IF(INDIRECT(\"'MRO Certificate Printing'!F\"&((ROW()-2)*4)+3)=\"\",\"\",INDIRECT(\"'MRO Certificate Printing'!F\"&((ROW()-2)*4)+3))","v":""},{"$f":"IF(INDIRECT(\"'MRO Certificate Printing'!B\"&((ROW()-2)*4)+3)=\"\",\"\",INDIRECT(\"'MRO Certificate Printing'!B\"&((ROW()-2)*4)+3))","v":""},{"$f":"IF(INDIRECT(\"'MRO Certificate Printing'!G\"&((ROW()-2)*4)+3)=\"\",\"\",INDIRECT(\"'MRO Certificate Printing'!G\"&((ROW()-2)*4)+3))","v":""},{"$f":"IF(INDIRECT(\"'MRO Certificate Printing'!J\"&((ROW()-2)*4)+3)=\"\",\"\",INDIRECT(\"'MRO Certificate Printing'!J\"&((ROW()-2)*4)+3))","v":""},{"$f":"IF(INDIRECT(\"'MRO Certificate Printing'!I\"&((ROW()-2)*4)+3)=\"\",\"\",INDIRECT(\"'MRO Certificate Printing'!I\"&((ROW()-2)*4)+3))","v":""},{"$f":"IF(INDIRECT(\"'MRO Certificate Printing'!K\"&((ROW()-2)*4)+3)=\"\",\"\",INDIRECT(\"'MRO Certificate Printing'!K\"&((ROW()-2)*4)+3))","v":""},null,{"$f":"IF(INDIRECT(\"'MRO Certificate Printing'!D\"&((ROW()-2)*4)+4)=\"\",\"\",INDIRECT(\"'MRO Certificate Printing'!D\"&((ROW()-2)*4)+4))","v":""},{"$f":"IF(INDIRECT(\"'MRO Certificate Printing'!E\"&((ROW()-2)*4)+4)=\"\",\"\",INDIRECT(\"'MRO Certificate Printing'!E\"&((ROW()-2)*4)+4))","v":""},{"$f":"IF(INDIRECT(\"'MRO Certificate Printing'!F\"&((ROW()-2)*4)+4)=\"\",\"\",INDIRECT(\"'MRO Certificate Printing'!F\"&((ROW()-2)*4)+4))","v":""},{"$f":"IF(INDIRECT(\"'MRO Certificate Printing'!B\"&((ROW()-2)*4)+4)=\"\",\"\",INDIRECT(\"'MRO Certificate Printing'!B\"&((ROW()-2)*4)+4))","v":""},{"$f":"IF(INDIRECT(\"'MRO Certificate Printing'!G\"&((ROW()-2)*4)+4)=\"\",\"\",INDIRECT(\"'MRO Certificate Printing'!G\"&((ROW()-2)*4)+4))","v":""},{"$f":"IF(INDIRECT(\"'MRO Certificate Printing'!J\"&((ROW()-2)*4)+4)=\"\",\"\",INDIRECT(\"'MRO Certificate Printing'!J\"&((ROW()-2)*4)+4))","v":""},{"$f":"IF(INDIRECT(\"'MRO Certificate Printing'!I\"&((ROW()-2)*4)+4)=\"\",\"\",INDIRECT(\"'MRO Certificate Printing'!I\"&((ROW()-2)*4)+4))","v":""},{"$f":"IF(INDIRECT(\"'MRO Certificate Printing'!K\"&((ROW()-2)*4)+4)=\"\",\"\",INDIRECT(\"'MRO Certificate Printing'!K\"&((ROW()-2)*4)+4))","v":""},null,{"$f":"IF(INDIRECT(\"'MRO Certificate Printing'!D\"&((ROW()-2)*4)+5)=\"\",\"\",INDIRECT(\"'MRO Certificate Printing'!D\"&((ROW()-2)*4)+5))","v":""},{"$f":"IF(INDIRECT(\"'MRO Certificate Printing'!E\"&((ROW()-2)*4)+5)=\"\",\"\",INDIRECT(\"'MRO Certificate Printing'!E\"&((ROW()-2)*4)+5))","v":""},{"$f":"IF(INDIRECT(\"'MRO Certificate Printing'!F\"&((ROW()-2)*4)+5)=\"\",\"\",INDIRECT(\"'MRO Certificate Printing'!F\"&((ROW()-2)*4)+5))","v":""},{"$f":"IF(INDIRECT(\"'MRO Certificate Printing'!B\"&((ROW()-2)*4)+5)=\"\",\"\",INDIRECT(\"'MRO Certificate Printing'!B\"&((ROW()-2)*4)+5))","v":""},{"$f":"IF(INDIRECT(\"'MRO Certificate Printing'!G\"&((ROW()-2)*4)+5)=\"\",\"\",INDIRECT(\"'MRO Certificate Printing'!G\"&((ROW()-2)*4)+5))","v":""},{"$f":"IF(INDIRECT(\"'MRO Certificate Printing'!J\"&((ROW()-2)*4)+5)=\"\",\"\",INDIRECT(\"'MRO Certificate Printing'!J\"&((ROW()-2)*4)+5))","v":""},{"$f":"IF(INDIRECT(\"'MRO Certificate Printing'!I\"&((ROW()-2)*4)+5)=\"\",\"\",INDIRECT(\"'MRO Certificate Printing'!I\"&((ROW()-2)*4)+5))","v":""},{"$f":"IF(INDIRECT(\"'MRO Certificate Printing'!K\"&((ROW()-2)*4)+5)=\"\",\"\",INDIRECT(\"'MRO Certificate Printing'!K\"&((ROW()-2)*4)+5))","v":""}]
["",{"$f":"IF(INDIRECT(\"'MRO Certificate Printing'!D\"&((ROW()-2)*4)+2)=\"\",\"\",INDIRECT(\"'MRO Certificate Printing'!D\"&((ROW()-2)*4)+2))","v":""},{"$f":"IF(INDIRECT(\"'MRO Certificate Printing'!E\"&((ROW()-2)*4)+2)=\"\",\"\",INDIRECT(\"'MRO Certificate Printing'!E\"&((ROW()-2)*4)+2))","v":""},{"$f":"IF(INDIRECT(\"'MRO Certificate Printing'!F\"&((ROW()-2)*4)+2)=\"\",\"\",INDIRECT(\"'MRO Certificate Printing'!F\"&((ROW()-2)*4)+2))","v":""},{"$f":"IF(INDIRECT(\"'MRO Certificate Printing'!B\"&((ROW()-2)*4)+2)=\"\",\"\",INDIRECT(\"'MRO Certificate Printing'!B\"&((ROW()-2)*4)+2))","v":""},{"$f":"IF(INDIRECT(\"'MRO Certificate Printing'!G\"&((ROW()-2)*4)+2)=\"\",\"\",INDIRECT(\"'MRO Certificate Printing'!G\"&((ROW()-2)*4)+2))","v":""},{"$f":"IF(INDIRECT(\"'MRO Certificate Printing'!J\"&((ROW()-2)*4)+2)=\"\",\"\",INDIRECT(\"'MRO Certificate Printing'!J\"&((ROW()-2)*4)+2))","v":""},{"$f":"IF(INDIRECT(\"'MRO Certificate Printing'!I\"&((ROW()-2)*4)+2)=\"\",\"\",INDIRECT(\"'MRO Certificate Printing'!I\"&((ROW()-2)*4)+2))","v":""},{"$f":"IF(INDIRECT(\"'MRO Certificate Printing'!K\"&((ROW()-2)*4)+2)=\"\",\"\",INDIRECT(\"'MRO Certificate Printing'!K\"&((ROW()-2)*4)+2))","v":""},null,{"$f":"IF(INDIRECT(\"'MRO Certificate Printing'!D\"&((ROW()-2)*4)+3)=\"\",\"\",INDIRECT(\"'MRO Certificate Printing'!D\"&((ROW()-2)*4)+3))","v":""},{"$f":"IF(INDIRECT(\"'MRO Certificate Printing'!E\"&((ROW()-2)*4)+3)=\"\",\"\",INDIRECT(\"'MRO Certificate Printing'!E\"&((ROW()-2)*4)+3))","v":""},{"$f":"IF(INDIRECT(\"'MRO Certificate Printing'!F\"&((ROW()-2)*4)+3)=\"\",\"\",INDIRECT(\"'MRO Certificate Printing'!F\"&((ROW()-2)*4)+3))","v":""},{"$f":"IF(INDIRECT(\"'MRO Certificate Printing'!B\"&((ROW()-2)*4)+3)=\"\",\"\",INDIRECT(\"'MRO Certificate Printing'!B\"&((ROW()-2)*4)+3))","v":""},{"$f":"IF(INDIRECT(\"'MRO Certificate Printing'!G\"&((ROW()-2)*4)+3)=\"\",\"\",INDIRECT(\"'MRO Certificate Printing'!G\"&((ROW()-2)*4)+3))","v":""},{"$f":"IF(INDIRECT(\"'MRO Certificate Printing'!J\"&((ROW()-2)*4)+3)=\"\",\"\",INDIRECT(\"'MRO Certificate Printing'!J\"&((ROW()-2)*4)+3))","v":""},{"$f":"IF(INDIRECT(\"'MRO Certificate Printing'!I\"&((ROW()-2)*4)+3)=\"\",\"\",INDIRECT(\"'MRO Certificate Printing'!I\"&((ROW()-2)*4)+3))","v":""},{"$f":"IF(INDIRECT(\"'MRO Certificate Printing'!K\"&((ROW()-2)*4)+3)=\"\",\"\",INDIRECT(\"'MRO Certificate Printing'!K\"&((ROW()-2)*4)+3))","v":""},null,{"$f":"IF(INDIRECT(\"'MRO Certificate Printing'!D\"&((ROW()-2)*4)+4)=\"\",\"\",INDIRECT(\"'MRO Certificate Printing'!D\"&((ROW()-2)*4)+4))","v":""},{"$f":"IF(INDIRECT(\"'MRO Certificate Printing'!E\"&((ROW()-2)*4)+4)=\"\",\"\",INDIRECT(\"'MRO Certificate Printing'!E\"&((ROW()-2)*4)+4))","v":""},{"$f":"IF(INDIRECT(\"'MRO Certificate Printing'!F\"&((ROW()-2)*4)+4)=\"\",\"\",INDIRECT(\"'MRO Certificate Printing'!F\"&((ROW()-2)*4)+4))","v":""},{"$f":"IF(INDIRECT(\"'MRO Certificate Printing'!B\"&((ROW()-2)*4)+4)=\"\",\"\",INDIRECT(\"'MRO Certificate Printing'!B\"&((ROW()-2)*4)+4))","v":""},{"$f":"IF(INDIRECT(\"'MRO Certificate Printing'!G\"&((ROW()-2)*4)+4)=\"\",\"\",INDIRECT(\"'MRO Certificate Printing'!G\"&((ROW()-2)*4)+4))","v":""},{"$f":"IF(INDIRECT(\"'MRO Certificate Printing'!J\"&((ROW()-2)*4)+4)=\"\",\"\",INDIRECT(\"'MRO Certificate Printing'!J\"&((ROW()-2)*4)+4))","v":""},{"$f":"IF(INDIRECT(\"'MRO Certificate Printing'!I\"&((ROW()-2)*4)+4)=\"\",\"\",INDIRECT(\"'MRO Certificate Printing'!I\"&((ROW()-2)*4)+4))","v":""},{"$f":"IF(INDIRECT(\"'MRO Certificate Printing'!K\"&((ROW()-2)*4)+4)=\"\",\"\",INDIRECT(\"'MRO Certificate Printing'!K\"&((ROW()-2)*4)+4))","v":""},null,{"$f":"IF(INDIRECT(\"'MRO Certificate Printing'!D\"&((ROW()-2)*4)+5)=\"\",\"\",INDIRECT(\"'MRO Certificate Printing'!D\"&((ROW()-2)*4)+5))","v":""},{"$f":"IF(INDIRECT(\"'MRO Certificate Printing'!E\"&((ROW()-2)*4)+5)=\"\",\"\",INDIRECT(\"'MRO Certificate Printing'!E\"&((ROW()-2)*4)+5))","v":""},{"$f":"IF(INDIRECT(\"'MRO Certificate Printing'!F\"&((ROW()-2)*4)+5)=\"\",\"\",INDIRECT(\"'MRO Certificate Printing'!F\"&((ROW()-2)*4)+5))","v":""},{"$f":"IF(INDIRECT(\"'MRO Certificate Printing'!B\"&((ROW()-2)*4)+5)=\"\",\"\",INDIRECT(\"'MRO Certificate Printing'!B\"&((ROW()-2)*4)+5))","v":""},{"$f":"IF(INDIRECT(\"'MRO Certificate Printing'!G\"&((ROW()-2)*4)+5)=\"\",\"\",INDIRECT(\"'MRO Certificate Printing'!G\"&((ROW()-2)*4)+5))","v":""},{"$f":"IF(INDIRECT(\"'MRO Certificate Printing'!J\"&((ROW()-2)*4)+5)=\"\",\"\",INDIRECT(\"'MRO Certificate Printing'!J\"&((ROW()-2)*4)+5))","v":""},{"$f":"IF(INDIRECT(\"'MRO Certificate Printing'!I\"&((ROW()-2)*4)+5)=\"\",\"\",INDIRECT(\"'MRO Certificate Printing'!I\"&((ROW()-2)*4)+5))","v":""},{"$f":"IF(INDIRECT(\"'MRO Certificate Printing'!K\"&((ROW()-2)*4)+5)=\"\",\"\",INDIRECT(\"'MRO Certificate Printing'!K\"&((ROW()-2)*4)+5))","v":""}]
["",{"$f":"IF(INDIRECT(\"'MRO Certificate Printing'!D\"&((ROW()-2)*4)+2)=\"\",\"\",INDIRECT(\"'MRO Certificate Printing'!D\"&((ROW()-2)*4)+2))","v":""},{"$f":"IF(INDIRECT(\"'MRO Certificate Printing'!E\"&((ROW()-2)*4)+2)=\"\",\"\",INDIRECT(\"'MRO Certificate Printing'!E\"&((ROW()-2)*4)+2))","v":""},{"$f":"IF(INDIRECT(\"'MRO Certificate Printing'!F\"&((ROW()-2)*4)+2)=\"\",\"\",INDIRECT(\"'MRO Certificate Printing'!F\"&((ROW()-2)*4)+2))","v":""},{"$f":"IF(INDIRECT(\"'MRO Certificate Printing'!B\"&((ROW()-2)*4)+2)=\"\",\"\",INDIRECT(\"'MRO Certificate Printing'!B\"&((ROW()-2)*4)+2))","v":""},{"$f":"IF(INDIRECT(\"'MRO Certificate Printing'!G\"&((ROW()-2)*4)+2)=\"\",\"\",INDIRECT(\"'MRO Certificate Printing'!G\"&((ROW()-2)*4)+2))","v":""},{"$f":"IF(INDIRECT(\"'MRO Certificate Printing'!J\"&((ROW()-2)*4)+2)=\"\",\"\",INDIRECT(\"'MRO Certificate Printing'!J\"&((ROW()-2)*4)+2))","v":""},{"$f":"IF(INDIRECT(\"'MRO Certificate Printing'!I\"&((ROW()-2)*4)+2)=\"\",\"\",INDIRECT(\"'MRO Certificate Printing'!I\"&((ROW()-2)*4)+2))","v":""},{"$f":"IF(INDIRECT(\"'MRO Certificate Printing'!K\"&((ROW()-2)*4)+2)=\"\",\"\",INDIRECT(\"'MRO Certificate Printing'!K\"&((ROW()-2)*4)+2))","v":""},null,{"$f":"IF(INDIRECT(\"'MRO Certificate Printing'!D\"&((ROW()-2)*4)+3)=\"\",\"\",INDIRECT(\"'MRO Certificate Printing'!D\"&((ROW()-2)*4)+3))","v":""},{"$f":"IF(INDIRECT(\"'MRO Certificate Printing'!E\"&((ROW()-2)*4)+3)=\"\",\"\",INDIRECT(\"'MRO Certificate Printing'!E\"&((ROW()-2)*4)+3))","v":""},{"$f":"IF(INDIRECT(\"'MRO Certificate Printing'!F\"&((ROW()-2)*4)+3)=\"\",\"\",INDIRECT(\"'MRO Certificate Printing'!F\"&((ROW()-2)*4)+3))","v":""},{"$f":"IF(INDIRECT(\"'MRO Certificate Printing'!B\"&((ROW()-2)*4)+3)=\"\",\"\",INDIRECT(\"'MRO Certificate Printing'!B\"&((ROW()-2)*4)+3))","v":""},{"$f":"IF(INDIRECT(\"'MRO Certificate Printing'!G\"&((ROW()-2)*4)+3)=\"\",\"\",INDIRECT(\"'MRO Certificate Printing'!G\"&((ROW()-2)*4)+3))","v":""},{"$f":"IF(INDIRECT(\"'MRO Certificate Printing'!J\"&((ROW()-2)*4)+3)=\"\",\"\",INDIRECT(\"'MRO Certificate Printing'!J\"&((ROW()-2)*4)+3))","v":""},{"$f":"IF(INDIRECT(\"'MRO Certificate Printing'!I\"&((ROW()-2)*4)+3)=\"\",\"\",INDIRECT(\"'MRO Certificate Printing'!I\"&((ROW()-2)*4)+3))","v":""},{"$f":"IF(INDIRECT(\"'MRO Certificate Printing'!K\"&((ROW()-2)*4)+3)=\"\",\"\",INDIRECT(\"'MRO Certificate Printing'!K\"&((ROW()-2)*4)+3))","v":""},null,{"$f":"IF(INDIRECT(\"'MRO Certificate Printing'!D\"&((ROW()-2)*4)+4)=\"\",\"\",INDIRECT(\"'MRO Certificate Printing'!D\"&((ROW()-2)*4)+4))","v":""},{"$f":"IF(INDIRECT(\"'MRO Certificate Printing'!E\"&((ROW()-2)*4)+4)=\"\",\"\",INDIRECT(\"'MRO Certificate Printing'!E\"&((ROW()-2)*4)+4))","v":""},{"$f":"IF(INDIRECT(\"'MRO Certificate Printing'!F\"&((ROW()-2)*4)+4)=\"\",\"\",INDIRECT(\"'MRO Certificate Printing'!F\"&((ROW()-2)*4)+4))","v":""},{"$f":"IF(INDIRECT(\"'MRO Certificate Printing'!B\"&((ROW()-2)*4)+4)=\"\",\"\",INDIRECT(\"'MRO Certificate Printing'!B\"&((ROW()-2)*4)+4))","v":""},{"$f":"IF(INDIRECT(\"'MRO Certificate Printing'!G\"&((ROW()-2)*4)+4)=\"\",\"\",INDIRECT(\"'MRO Certificate Printing'!G\"&((ROW()-2)*4)+4))","v":""},{"$f":"IF(INDIRECT(\"'MRO Certificate Printing'!J\"&((ROW()-2)*4)+4)=\"\",\"\",INDIRECT(\"'MRO Certificate Printing'!J\"&((ROW()-2)*4)+4))","v":""},{"$f":"IF(INDIRECT(\"'MRO Certificate Printing'!I\"&((ROW()-2)*4)+4)=\"\",\"\",INDIRECT(\"'MRO Certificate Printing'!I\"&((ROW()-2)*4)+4))","v":""},{"$f":"IF(INDIRECT(\"'MRO Certificate Printing'!K\"&((ROW()-2)*4)+4)=\"\",\"\",INDIRECT(\"'MRO Certificate Printing'!K\"&((ROW()-2)*4)+4))","v":""},null,{"$f":"IF(INDIRECT(\"'MRO Certificate Printing'!D\"&((ROW()-2)*4)+5)=\"\",\"\",INDIRECT(\"'MRO Certificate Printing'!D\"&((ROW()-2)*4)+5))","v":""},{"$f":"IF(INDIRECT(\"'MRO Certificate Printing'!E\"&((ROW()-2)*4)+5)=\"\",\"\",INDIRECT(\"'MRO Certificate Printing'!E\"&((ROW()-2)*4)+5))","v":""},{"$f":"IF(INDIRECT(\"'MRO Certificate Printing'!F\"&((ROW()-2)*4)+5)=\"\",\"\",INDIRECT(\"'MRO Certificate Printing'!F\"&((ROW()-2)*4)+5))","v":""},{"$f":"IF(INDIRECT(\"'MRO Certificate Printing'!B\"&((ROW()-2)*4)+5)=\"\",\"\",INDIRECT(\"'MRO Certificate Printing'!B\"&((ROW()-2)*4)+5))","v":""},{"$f":"IF(INDIRECT(\"'MRO Certificate Printing'!G\"&((ROW()-2)*4)+5)=\"\",\"\",INDIRECT(\"'MRO Certificate Printing'!G\"&((ROW()-2)*4)+5))","v":""},{"$f":"IF(INDIRECT(\"'MRO Certificate Printing'!J\"&((ROW()-2)*4)+5)=\"\",\"\",INDIRECT(\"'MRO Certificate Printing'!J\"&((ROW()-2)*4)+5))","v":""},{"$f":"IF(INDIRECT(\"'MRO Certificate Printing'!I\"&((ROW()-2)*4)+5)=\"\",\"\",INDIRECT(\"'MRO Certificate Printing'!I\"&((ROW()-2)*4)+5))","v":""},{"$f":"IF(INDIRECT(\"'MRO Certificate Printing'!K\"&((ROW()-2)*4)+5)=\"\",\"\",INDIRECT(\"'MRO Certificate Printing'!K\"&((ROW()-2)*4)+5))","v":""}]
["",{"$f":"IF(INDIRECT(\"'MRO Certificate Printing'!D\"&((ROW()-2)*4)+2)=\"\",\"\",INDIRECT(\"'MRO Certificate Printing'!D\"&((ROW()-2)*4)+2))","v":""},{"$f":"IF(INDIRECT(\"'MRO Certificate Printing'!E\"&((ROW()-2)*4)+2)=\"\",\"\",INDIRECT(\"'MRO Certificate Printing'!E\"&((ROW()-2)*4)+2))","v":""},{"$f":"IF(INDIRECT(\"'MRO Certificate Printing'!F\"&((ROW()-2)*4)+2)=\"\",\"\",INDIRECT(\"'MRO Certificate Printing'!F\"&((ROW()-2)*4)+2))","v":""},{"$f":"IF(INDIRECT(\"'MRO Certificate Printing'!B\"&((ROW()-2)*4)+2)=\"\",\"\",INDIRECT(\"'MRO Certificate Printing'!B\"&((ROW()-2)*4)+2))","v":""},{"$f":"IF(INDIRECT(\"'MRO Certificate Printing'!G\"&((ROW()-2)*4)+2)=\"\",\"\",INDIRECT(\"'MRO Certificate Printing'!G\"&((ROW()-2)*4)+2))","v":""},{"$f":"IF(INDIRECT(\"'MRO Certificate Printing'!J\"&((ROW()-2)*4)+2)=\"\",\"\",INDIRECT(\"'MRO Certificate Printing'!J\"&((ROW()-2)*4)+2))","v":""},{"$f":"IF(INDIRECT(\"'MRO Certificate Printing'!I\"&((ROW()-2)*4)+2)=\"\",\"\",INDIRECT(\"'MRO Certificate Printing'!I\"&((ROW()-2)*4)+2))","v":""},{"$f":"IF(INDIRECT(\"'MRO Certificate Printing'!K\"&((ROW()-2)*4)+2)=\"\",\"\",INDIRECT(\"'MRO Certificate Printing'!K\"&((ROW()-2)*4)+2))","v":""},null,{"$f":"IF(INDIRECT(\"'MRO Certificate Printing'!D\"&((ROW()-2)*4)+3)=\"\",\"\",INDIRECT(\"'MRO Certificate Printing'!D\"&((ROW()-2)*4)+3))","v":""},{"$f":"IF(INDIRECT(\"'MRO Certificate Printing'!E\"&((ROW()-2)*4)+3)=\"\",\"\",INDIRECT(\"'MRO Certificate Printing'!E\"&((ROW()-2)*4)+3))","v":""},{"$f":"IF(INDIRECT(\"'MRO Certificate Printing'!F\"&((ROW()-2)*4)+3)=\"\",\"\",INDIRECT(\"'MRO Certificate Printing'!F\"&((ROW()-2)*4)+3))","v":""},{"$f":"IF(INDIRECT(\"'MRO Certificate Printing'!B\"&((ROW()-2)*4)+3)=\"\",\"\",INDIRECT(\"'MRO Certificate Printing'!B\"&((ROW()-2)*4)+3))","v":""},{"$f":"IF(INDIRECT(\"'MRO Certificate Printing'!G\"&((ROW()-2)*4)+3)=\"\",\"\",INDIRECT(\"'MRO Certificate Printing'!G\"&((ROW()-2)*4)+3))","v":""},{"$f":"IF(INDIRECT(\"'MRO Certificate Printing'!J\"&((ROW()-2)*4)+3)=\"\",\"\",INDIRECT(\"'MRO Certificate Printing'!J\"&((ROW()-2)*4)+3))","v":""},{"$f":"IF(INDIRECT(\"'MRO Certificate Printing'!I\"&((ROW()-2)*4)+3)=\"\",\"\",INDIRECT(\"'MRO Certificate Printing'!I\"&((ROW()-2)*4)+3))","v":""},{"$f":"IF(INDIRECT(\"'MRO Certificate Printing'!K\"&((ROW()-2)*4)+3)=\"\",\"\",INDIRECT(\"'MRO Certificate Printing'!K\"&((ROW()-2)*4)+3))","v":""},null,{"$f":"IF(INDIRECT(\"'MRO Certificate Printing'!D\"&((ROW()-2)*4)+4)=\"\",\"\",INDIRECT(\"'MRO Certificate Printing'!D\"&((ROW()-2)*4)+4))","v":""},{"$f":"IF(INDIRECT(\"'MRO Certificate Printing'!E\"&((ROW()-2)*4)+4)=\"\",\"\",INDIRECT(\"'MRO Certificate Printing'!E\"&((ROW()-2)*4)+4))","v":""},{"$f":"IF(INDIRECT(\"'MRO Certificate Printing'!F\"&((ROW()-2)*4)+4)=\"\",\"\",INDIRECT(\"'MRO Certificate Printing'!F\"&((ROW()-2)*4)+4))","v":""},{"$f":"IF(INDIRECT(\"'MRO Certificate Printing'!B\"&((ROW()-2)*4)+4)=\"\",\"\",INDIRECT(\"'MRO Certificate Printing'!B\"&((ROW()-2)*4)+4))","v":""},{"$f":"IF(INDIRECT(\"'MRO Certificate Printing'!G\"&((ROW()-2)*4)+4)=\"\",\"\",INDIRECT(\"'MRO Certificate Printing'!G\"&((ROW()-2)*4)+4))","v":""},{"$f":"IF(INDIRECT(\"'MRO Certificate Printing'!J\"&((ROW()-2)*4)+4)=\"\",\"\",INDIRECT(\"'MRO Certificate Printing'!J\"&((ROW()-2)*4)+4))","v":""},{"$f":"IF(INDIRECT(\"'MRO Certificate Printing'!I\"&((ROW()-2)*4)+4)=\"\",\"\",INDIRECT(\"'MRO Certificate Printing'!I\"&((ROW()-2)*4)+4))","v":""},{"$f":"IF(INDIRECT(\"'MRO Certificate Printing'!K\"&((ROW()-2)*4)+4)=\"\",\"\",INDIRECT(\"'MRO Certificate Printing'!K\"&((ROW()-2)*4)+4))","v":""},null,{"$f":"IF(INDIRECT(\"'MRO Certificate Printing'!D\"&((ROW()-2)*4)+5)=\"\",\"\",INDIRECT(\"'MRO Certificate Printing'!D\"&((ROW()-2)*4)+5))","v":""},{"$f":"IF(INDIRECT(\"'MRO Certificate Printing'!E\"&((ROW()-2)*4)+5)=\"\",\"\",INDIRECT(\"'MRO Certificate Printing'!E\"&((ROW()-2)*4)+5))","v":""},{"$f":"IF(INDIRECT(\"'MRO Certificate Printing'!F\"&((ROW()-2)*4)+5)=\"\",\"\",INDIRECT(\"'MRO Certificate Printing'!F\"&((ROW()-2)*4)+5))","v":""},{"$f":"IF(INDIRECT(\"'MRO Certificate Printing'!B\"&((ROW()-2)*4)+5)=\"\",\"\",INDIRECT(\"'MRO Certificate Printing'!B\"&((ROW()-2)*4)+5))","v":""},{"$f":"IF(INDIRECT(\"'MRO Certificate Printing'!G\"&((ROW()-2)*4)+5)=\"\",\"\",INDIRECT(\"'MRO Certificate Printing'!G\"&((ROW()-2)*4)+5))","v":""},{"$f":"IF(INDIRECT(\"'MRO Certificate Printing'!J\"&((ROW()-2)*4)+5)=\"\",\"\",INDIRECT(\"'MRO Certificate Printing'!J\"&((ROW()-2)*4)+5))","v":""},{"$f":"IF(INDIRECT(\"'MRO Certificate Printing'!I\"&((ROW()-2)*4)+5)=\"\",\"\",INDIRECT(\"'MRO Certificate Printing'!I\"&((ROW()-2)*4)+5))","v":""},{"$f":"IF(INDIRECT(\"'MRO Certificate Printing'!K\"&((ROW()-2)*4)+5)=\"\",\"\",INDIRECT(\"'MRO Certificate Printing'!K\"&((ROW()-2)*4)+5))","v":""}]
["",{"$f":"IF(INDIRECT(\"'MRO Certificate Printing'!D\"&((ROW()-2)*4)+2)=\"\",\"\",INDIRECT(\"'MRO Certificate Printing'!D\"&((ROW()-2)*4)+2))","v":""},{"$f":"IF(INDIRECT(\"'MRO Certificate Printing'!E\"&((ROW()-2)*4)+2)=\"\",\"\",INDIRECT(\"'MRO Certificate Printing'!E\"&((ROW()-2)*4)+2))","v":""},{"$f":"IF(INDIRECT(\"'MRO Certificate Printing'!F\"&((ROW()-2)*4)+2)=\"\",\"\",INDIRECT(\"'MRO Certificate Printing'!F\"&((ROW()-2)*4)+2))","v":""},{"$f":"IF(INDIRECT(\"'MRO Certificate Printing'!B\"&((ROW()-2)*4)+2)=\"\",\"\",INDIRECT(\"'MRO Certificate Printing'!B\"&((ROW()-2)*4)+2))","v":""},{"$f":"IF(INDIRECT(\"'MRO Certificate Printing'!G\"&((ROW()-2)*4)+2)=\"\",\"\",INDIRECT(\"'MRO Certificate Printing'!G\"&((ROW()-2)*4)+2))","v":""},{"$f":"IF(INDIRECT(\"'MRO Certificate Printing'!J\"&((ROW()-2)*4)+2)=\"\",\"\",INDIRECT(\"'MRO Certificate Printing'!J\"&((ROW()-2)*4)+2))","v":""},{"$f":"IF(INDIRECT(\"'MRO Certificate Printing'!I\"&((ROW()-2)*4)+2)=\"\",\"\",INDIRECT(\"'MRO Certificate Printing'!I\"&((ROW()-2)*4)+2))","v":""},{"$f":"IF(INDIRECT(\"'MRO Certificate Printing'!K\"&((ROW()-2)*4)+2)=\"\",\"\",INDIRECT(\"'MRO Certificate Printing'!K\"&((ROW()-2)*4)+2))","v":""},null,{"$f":"IF(INDIRECT(\"'MRO Certificate Printing'!D\"&((ROW()-2)*4)+3)=\"\",\"\",INDIRECT(\"'MRO Certificate Printing'!D\"&((ROW()-2)*4)+3))","v":""},{"$f":"IF(INDIRECT(\"'MRO Certificate Printing'!E\"&((ROW()-2)*4)+3)=\"\",\"\",INDIRECT(\"'MRO Certificate Printing'!E\"&((ROW()-2)*4)+3))","v":""},{"$f":"IF(INDIRECT(\"'MRO Certificate Printing'!F\"&((ROW()-2)*4)+3)=\"\",\"\",INDIRECT(\"'MRO Certificate Printing'!F\"&((ROW()-2)*4)+3))","v":""},{"$f":"IF(INDIRECT(\"'MRO Certificate Printing'!B\"&((ROW()-2)*4)+3)=\"\",\"\",INDIRECT(\"'MRO Certificate Printing'!B\"&((ROW()-2)*4)+3))","v":""},{"$f":"IF(INDIRECT(\"'MRO Certificate Printing'!G\"&((ROW()-2)*4)+3)=\"\",\"\",INDIRECT(\"'MRO Certificate Printing'!G\"&((ROW()-2)*4)+3))","v":""},{"$f":"IF(INDIRECT(\"'MRO Certificate Printing'!J\"&((ROW()-2)*4)+3)=\"\",\"\",INDIRECT(\"'MRO Certificate Printing'!J\"&((ROW()-2)*4)+3))","v":""},{"$f":"IF(INDIRECT(\"'MRO Certificate Printing'!I\"&((ROW()-2)*4)+3)=\"\",\"\",INDIRECT(\"'MRO Certificate Printing'!I\"&((ROW()-2)*4)+3))","v":""},{"$f":"IF(INDIRECT(\"'MRO Certificate Printing'!K\"&((ROW()-2)*4)+3)=\"\",\"\",INDIRECT(\"'MRO Certificate Printing'!K\"&((ROW()-2)*4)+3))","v":""},null,{"$f":"IF(INDIRECT(\"'MRO Certificate Printing'!D\"&((ROW()-2)*4)+4)=\"\",\"\",INDIRECT(\"'MRO Certificate Printing'!D\"&((ROW()-2)*4)+4))","v":""},{"$f":"IF(INDIRECT(\"'MRO Certificate Printing'!E\"&((ROW()-2)*4)+4)=\"\",\"\",INDIRECT(\"'MRO Certificate Printing'!E\"&((ROW()-2)*4)+4))","v":""},{"$f":"IF(INDIRECT(\"'MRO Certificate Printing'!F\"&((ROW()-2)*4)+4)=\"\",\"\",INDIRECT(\"'MRO Certificate Printing'!F\"&((ROW()-2)*4)+4))","v":""},{"$f":"IF(INDIRECT(\"'MRO Certificate Printing'!B\"&((ROW()-2)*4)+4)=\"\",\"\",INDIRECT(\"'MRO Certificate Printing'!B\"&((ROW()-2)*4)+4))","v":""},{"$f":"IF(INDIRECT(\"'MRO Certificate Printing'!G\"&((ROW()-2)*4)+4)=\"\",\"\",INDIRECT(\"'MRO Certificate Printing'!G\"&((ROW()-2)*4)+4))","v":""},{"$f":"IF(INDIRECT(\"'MRO Certificate Printing'!J\"&((ROW()-2)*4)+4)=\"\",\"\",INDIRECT(\"'MRO Certificate Printing'!J\"&((ROW()-2)*4)+4))","v":""},{"$f":"IF(INDIRECT(\"'MRO Certificate Printing'!I\"&((ROW()-2)*4)+4)=\"\",\"\",INDIRECT(\"'MRO Certificate Printing'!I\"&((ROW()-2)*4)+4))","v":""},{"$f":"IF(INDIRECT(\"'MRO Certificate Printing'!K\"&((ROW()-2)*4)+4)=\"\",\"\",INDIRECT(\"'MRO Certificate Printing'!K\"&((ROW()-2)*4)+4))","v":""},null,{"$f":"IF(INDIRECT(\"'MRO Certificate Printing'!D\"&((ROW()-2)*4)+5)=\"\",\"\",INDIRECT(\"'MRO Certificate Printing'!D\"&((ROW()-2)*4)+5))","v":""},{"$f":"IF(INDIRECT(\"'MRO Certificate Printing'!E\"&((ROW()-2)*4)+5)=\"\",\"\",INDIRECT(\"'MRO Certificate Printing'!E\"&((ROW()-2)*4)+5))","v":""},{"$f":"IF(INDIRECT(\"'MRO Certificate Printing'!F\"&((ROW()-2)*4)+5)=\"\",\"\",INDIRECT(\"'MRO Certificate Printing'!F\"&((ROW()-2)*4)+5))","v":""},{"$f":"IF(INDIRECT(\"'MRO Certificate Printing'!B\"&((ROW()-2)*4)+5)=\"\",\"\",INDIRECT(\"'MRO Certificate Printing'!B\"&((ROW()-2)*4)+5))","v":""},{"$f":"IF(INDIRECT(\"'MRO Certificate Printing'!G\"&((ROW()-2)*4)+5)=\"\",\"\",INDIRECT(\"'MRO Certificate Printing'!G\"&((ROW()-2)*4)+5))","v":""},{"$f":"IF(INDIRECT(\"'MRO Certificate Printing'!J\"&((ROW()-2)*4)+5)=\"\",\"\",INDIRECT(\"'MRO Certificate Printing'!J\"&((ROW()-2)*4)+5))","v":""},{"$f":"IF(INDIRECT(\"'MRO Certificate Printing'!I\"&((ROW()-2)*4)+5)=\"\",\"\",INDIRECT(\"'MRO Certificate Printing'!I\"&((ROW()-2)*4)+5))","v":""},{"$f":"IF(INDIRECT(\"'MRO Certificate Printing'!K\"&((ROW()-2)*4)+5)=\"\",\"\",INDIRECT(\"'MRO Certificate Printing'!K\"&((ROW()-2)*4)+5))","v":""}]
["",{"$f":"IF(INDIRECT(\"'MRO Certificate Printing'!D\"&((ROW()-2)*4)+2)=\"\",\"\",INDIRECT(\"'MRO Certificate Printing'!D\"&((ROW()-2)*4)+2))","v":""},{"$f":"IF(INDIRECT(\"'MRO Certificate Printing'!E\"&((ROW()-2)*4)+2)=\"\",\"\",INDIRECT(\"'MRO Certificate Printing'!E\"&((ROW()-2)*4)+2))","v":""},{"$f":"IF(INDIRECT(\"'MRO Certificate Printing'!F\"&((ROW()-2)*4)+2)=\"\",\"\",INDIRECT(\"'MRO Certificate Printing'!F\"&((ROW()-2)*4)+2))","v":""},{"$f":"IF(INDIRECT(\"'MRO Certificate Printing'!B\"&((ROW()-2)*4)+2)=\"\",\"\",INDIRECT(\"'MRO Certificate Printing'!B\"&((ROW()-2)*4)+2))","v":""},{"$f":"IF(INDIRECT(\"'MRO Certificate Printing'!G\"&((ROW()-2)*4)+2)=\"\",\"\",INDIRECT(\"'MRO Certificate Printing'!G\"&((ROW()-2)*4)+2))","v":""},{"$f":"IF(INDIRECT(\"'MRO Certificate Printing'!J\"&((ROW()-2)*4)+2)=\"\",\"\",INDIRECT(\"'MRO Certificate Printing'!J\"&((ROW()-2)*4)+2))","v":""},{"$f":"IF(INDIRECT(\"'MRO Certificate Printing'!I\"&((ROW()-2)*4)+2)=\"\",\"\",INDIRECT(\"'MRO Certificate Printing'!I\"&((ROW()-2)*4)+2))","v":""},{"$f":"IF(INDIRECT(\"'MRO Certificate Printing'!K\"&((ROW()-2)*4)+2)=\"\",\"\",INDIRECT(\"'MRO Certificate Printing'!K\"&((ROW()-2)*4)+2))","v":""},null,{"$f":"IF(INDIRECT(\"'MRO Certificate Printing'!D\"&((ROW()-2)*4)+3)=\"\",\"\",INDIRECT(\"'MRO Certificate Printing'!D\"&((ROW()-2)*4)+3))","v":""},{"$f":"IF(INDIRECT(\"'MRO Certificate Printing'!E\"&((ROW()-2)*4)+3)=\"\",\"\",INDIRECT(\"'MRO Certificate Printing'!E\"&((ROW()-2)*4)+3))","v":""},{"$f":"IF(INDIRECT(\"'MRO Certificate Printing'!F\"&((ROW()-2)*4)+3)=\"\",\"\",INDIRECT(\"'MRO Certificate Printing'!F\"&((ROW()-2)*4)+3))","v":""},{"$f":"IF(INDIRECT(\"'MRO Certificate Printing'!B\"&((ROW()-2)*4)+3)=\"\",\"\",INDIRECT(\"'MRO Certificate Printing'!B\"&((ROW()-2)*4)+3))","v":""},{"$f":"IF(INDIRECT(\"'MRO Certificate Printing'!G\"&((ROW()-2)*4)+3)=\"\",\"\",INDIRECT(\"'MRO Certificate Printing'!G\"&((ROW()-2)*4)+3))","v":""},{"$f":"IF(INDIRECT(\"'MRO Certificate Printing'!J\"&((ROW()-2)*4)+3)=\"\",\"\",INDIRECT(\"'MRO Certificate Printing'!J\"&((ROW()-2)*4)+3))","v":""},{"$f":"IF(INDIRECT(\"'MRO Certificate Printing'!I\"&((ROW()-2)*4)+3)=\"\",\"\",INDIRECT(\"'MRO Certificate Printing'!I\"&((ROW()-2)*4)+3))","v":""},{"$f":"IF(INDIRECT(\"'MRO Certificate Printing'!K\"&((ROW()-2)*4)+3)=\"\",\"\",INDIRECT(\"'MRO Certificate Printing'!K\"&((ROW()-2)*4)+3))","v":""},null,{"$f":"IF(INDIRECT(\"'MRO Certificate Printing'!D\"&((ROW()-2)*4)+4)=\"\",\"\",INDIRECT(\"'MRO Certificate Printing'!D\"&((ROW()-2)*4)+4))","v":""},{"$f":"IF(INDIRECT(\"'MRO Certificate Printing'!E\"&((ROW()-2)*4)+4)=\"\",\"\",INDIRECT(\"'MRO Certificate Printing'!E\"&((ROW()-2)*4)+4))","v":""},{"$f":"IF(INDIRECT(\"'MRO Certificate Printing'!F\"&((ROW()-2)*4)+4)=\"\",\"\",INDIRECT(\"'MRO Certificate Printing'!F\"&((ROW()-2)*4)+4))","v":""},{"$f":"IF(INDIRECT(\"'MRO Certificate Printing'!B\"&((ROW()-2)*4)+4)=\"\",\"\",INDIRECT(\"'MRO Certificate Printing'!B\"&((ROW()-2)*4)+4))","v":""},{"$f":"IF(INDIRECT(\"'MRO Certificate Printing'!G\"&((ROW()-2)*4)+4)=\"\",\"\",INDIRECT(\"'MRO Certificate Printing'!G\"&((ROW()-2)*4)+4))","v":""},{"$f":"IF(INDIRECT(\"'MRO Certificate Printing'!J\"&((ROW()-2)*4)+4)=\"\",\"\",INDIRECT(\"'MRO Certificate Printing'!J\"&((ROW()-2)*4)+4))","v":""},{"$f":"IF(INDIRECT(\"'MRO Certificate Printing'!I\"&((ROW()-2)*4)+4)=\"\",\"\",INDIRECT(\"'MRO Certificate Printing'!I\"&((ROW()-2)*4)+4))","v":""},{"$f":"IF(INDIRECT(\"'MRO Certificate Printing'!K\"&((ROW()-2)*4)+4)=\"\",\"\",INDIRECT(\"'MRO Certificate Printing'!K\"&((ROW()-2)*4)+4))","v":""},null,{"$f":"IF(INDIRECT(\"'MRO Certificate Printing'!D\"&((ROW()-2)*4)+5)=\"\",\"\",INDIRECT(\"'MRO Certificate Printing'!D\"&((ROW()-2)*4)+5))","v":""},{"$f":"IF(INDIRECT(\"'MRO Certificate Printing'!E\"&((ROW()-2)*4)+5)=\"\",\"\",INDIRECT(\"'MRO Certificate Printing'!E\"&((ROW()-2)*4)+5))","v":""},{"$f":"IF(INDIRECT(\"'MRO Certificate Printing'!F\"&((ROW()-2)*4)+5)=\"\",\"\",INDIRECT(\"'MRO Certificate Printing'!F\"&((ROW()-2)*4)+5))","v":""},{"$f":"IF(INDIRECT(\"'MRO Certificate Printing'!B\"&((ROW()-2)*4)+5)=\"\",\"\",INDIRECT(\"'MRO Certificate Printing'!B\"&((ROW()-2)*4)+5))","v":""},{"$f":"IF(INDIRECT(\"'MRO Certificate Printing'!G\"&((ROW()-2)*4)+5)=\"\",\"\",INDIRECT(\"'MRO Certificate Printing'!G\"&((ROW()-2)*4)+5))","v":""},{"$f":"IF(INDIRECT(\"'MRO Certificate Printing'!J\"&((ROW()-2)*4)+5)=\"\",\"\",INDIRECT(\"'MRO Certificate Printing'!J\"&((ROW()-2)*4)+5))","v":""},{"$f":"IF(INDIRECT(\"'MRO Certificate Printing'!I\"&((ROW()-2)*4)+5)=\"\",\"\",INDIRECT(\"'MRO Certificate Printing'!I\"&((ROW()-2)*4)+5))","v":""},{"$f":"IF(INDIRECT(\"'MRO Certificate Printing'!K\"&((ROW()-2)*4)+5)=\"\",\"\",INDIRECT(\"'MRO Certificate Printing'!K\"&((ROW()-2)*4)+5))","v":""}]
["",{"$f":"IF(INDIRECT(\"'MRO Certificate Printing'!D\"&((ROW()-2)*4)+2)=\"\",\"\",INDIRECT(\"'MRO Certificate Printing'!D\"&((ROW()-2)*4)+2))","v":""},{"$f":"IF(INDIRECT(\"'MRO Certificate Printing'!E\"&((ROW()-2)*4)+2)=\"\",\"\",INDIRECT(\"'MRO Certificate Printing'!E\"&((ROW()-2)*4)+2))","v":""},{"$f":"IF(INDIRECT(\"'MRO Certificate Printing'!F\"&((ROW()-2)*4)+2)=\"\",\"\",INDIRECT(\"'MRO Certificate Printing'!F\"&((ROW()-2)*4)+2))","v":""},{"$f":"IF(INDIRECT(\"'MRO Certificate Printing'!B\"&((ROW()-2)*4)+2)=\"\",\"\",INDIRECT(\"'MRO Certificate Printing'!B\"&((ROW()-2)*4)+2))","v":""},{"$f":"IF(INDIRECT(\"'MRO Certificate Printing'!G\"&((ROW()-2)*4)+2)=\"\",\"\",INDIRECT(\"'MRO Certificate Printing'!G\"&((ROW()-2)*4)+2))","v":""},{"$f":"IF(INDIRECT(\"'MRO Certificate Printing'!J\"&((ROW()-2)*4)+2)=\"\",\"\",INDIRECT(\"'MRO Certificate Printing'!J\"&((ROW()-2)*4)+2))","v":""},{"$f":"IF(INDIRECT(\"'MRO Certificate Printing'!I\"&((ROW()-2)*4)+2)=\"\",\"\",INDIRECT(\"'MRO Certificate Printing'!I\"&((ROW()-2)*4)+2))","v":""},{"$f":"IF(INDIRECT(\"'MRO Certificate Printing'!K\"&((ROW()-2)*4)+2)=\"\",\"\",INDIRECT(\"'MRO Certificate Printing'!K\"&((ROW()-2)*4)+2))","v":""},null,{"$f":"IF(INDIRECT(\"'MRO Certificate Printing'!D\"&((ROW()-2)*4)+3)=\"\",\"\",INDIRECT(\"'MRO Certificate Printing'!D\"&((ROW()-2)*4)+3))","v":""},{"$f":"IF(INDIRECT(\"'MRO Certificate Printing'!E\"&((ROW()-2)*4)+3)=\"\",\"\",INDIRECT(\"'MRO Certificate Printing'!E\"&((ROW()-2)*4)+3))","v":""},{"$f":"IF(INDIRECT(\"'MRO Certificate Printing'!F\"&((ROW()-2)*4)+3)=\"\",\"\",INDIRECT(\"'MRO Certificate Printing'!F\"&((ROW()-2)*4)+3))","v":""},{"$f":"IF(INDIRECT(\"'MRO Certificate Printing'!B\"&((ROW()-2)*4)+3)=\"\",\"\",INDIRECT(\"'MRO Certificate Printing'!B\"&((ROW()-2)*4)+3))","v":""},{"$f":"IF(INDIRECT(\"'MRO Certificate Printing'!G\"&((ROW()-2)*4)+3)=\"\",\"\",INDIRECT(\"'MRO Certificate Printing'!G\"&((ROW()-2)*4)+3))","v":""},{"$f":"IF(INDIRECT(\"'MRO Certificate Printing'!J\"&((ROW()-2)*4)+3)=\"\",\"\",INDIRECT(\"'MRO Certificate Printing'!J\"&((ROW()-2)*4)+3))","v":""},{"$f":"IF(INDIRECT(\"'MRO Certificate Printing'!I\"&((ROW()-2)*4)+3)=\"\",\"\",INDIRECT(\"'MRO Certificate Printing'!I\"&((ROW()-2)*4)+3))","v":""},{"$f":"IF(INDIRECT(\"'MRO Certificate Printing'!K\"&((ROW()-2)*4)+3)=\"\",\"\",INDIRECT(\"'MRO Certificate Printing'!K\"&((ROW()-2)*4)+3))","v":""},null,{"$f":"IF(INDIRECT(\"'MRO Certificate Printing'!D\"&((ROW()-2)*4)+4)=\"\",\"\",INDIRECT(\"'MRO Certificate Printing'!D\"&((ROW()-2)*4)+4))","v":""},{"$f":"IF(INDIRECT(\"'MRO Certificate Printing'!E\"&((ROW()-2)*4)+4)=\"\",\"\",INDIRECT(\"'MRO Certificate Printing'!E\"&((ROW()-2)*4)+4))","v":""},{"$f":"IF(INDIRECT(\"'MRO Certificate Printing'!F\"&((ROW()-2)*4)+4)=\"\",\"\",INDIRECT(\"'MRO Certificate Printing'!F\"&((ROW()-2)*4)+4))","v":""},{"$f":"IF(INDIRECT(\"'MRO Certificate Printing'!B\"&((ROW()-2)*4)+4)=\"\",\"\",INDIRECT(\"'MRO Certificate Printing'!B\"&((ROW()-2)*4)+4))","v":""},{"$f":"IF(INDIRECT(\"'MRO Certificate Printing'!G\"&((ROW()-2)*4)+4)=\"\",\"\",INDIRECT(\"'MRO Certificate Printing'!G\"&((ROW()-2)*4)+4))","v":""},{"$f":"IF(INDIRECT(\"'MRO Certificate Printing'!J\"&((ROW()-2)*4)+4)=\"\",\"\",INDIRECT(\"'MRO Certificate Printing'!J\"&((ROW()-2)*4)+4))","v":""},{"$f":"IF(INDIRECT(\"'MRO Certificate Printing'!I\"&((ROW()-2)*4)+4)=\"\",\"\",INDIRECT(\"'MRO Certificate Printing'!I\"&((ROW()-2)*4)+4))","v":""},{"$f":"IF(INDIRECT(\"'MRO Certificate Printing'!K\"&((ROW()-2)*4)+4)=\"\",\"\",INDIRECT(\"'MRO Certificate Printing'!K\"&((ROW()-2)*4)+4))","v":""},null,{"$f":"IF(INDIRECT(\"'MRO Certificate Printing'!D\"&((ROW()-2)*4)+5)=\"\",\"\",INDIRECT(\"'MRO Certificate Printing'!D\"&((ROW()-2)*4)+5))","v":""},{"$f":"IF(INDIRECT(\"'MRO Certificate Printing'!E\"&((ROW()-2)*4)+5)=\"\",\"\",INDIRECT(\"'MRO Certificate Printing'!E\"&((ROW()-2)*4)+5))","v":""},{"$f":"IF(INDIRECT(\"'MRO Certificate Printing'!F\"&((ROW()-2)*4)+5)=\"\",\"\",INDIRECT(\"'MRO Certificate Printing'!F\"&((ROW()-2)*4)+5))","v":""},{"$f":"IF(INDIRECT(\"'MRO Certificate Printing'!B\"&((ROW()-2)*4)+5)=\"\",\"\",INDIRECT(\"'MRO Certificate Printing'!B\"&((ROW()-2)*4)+5))","v":""},{"$f":"IF(INDIRECT(\"'MRO Certificate Printing'!G\"&((ROW()-2)*4)+5)=\"\",\"\",INDIRECT(\"'MRO Certificate Printing'!G\"&((ROW()-2)*4)+5))","v":""},{"$f":"IF(INDIRECT(\"'MRO Certificate Printing'!J\"&((ROW()-2)*4)+5)=\"\",\"\",INDIRECT(\"'MRO Certificate Printing'!J\"&((ROW()-2)*4)+5))","v":""},{"$f":"IF(INDIRECT(\"'MRO Certificate Printing'!I\"&((ROW()-2)*4)+5)=\"\",\"\",INDIRECT(\"'MRO Certificate Printing'!I\"&((ROW()-2)*4)+5))","v":""},{"$f":"IF(INDIRECT(\"'MRO Certificate Printing'!K\"&((ROW()-2)*4)+5)=\"\",\"\",INDIRECT(\"'MRO Certificate Printing'!K\"&((ROW()-2)*4)+5))","v":""}]
["",{"$f":"IF(INDIRECT(\"'MRO Certificate Printing'!D\"&((ROW()-2)*4)+2)=\"\",\"\",INDIRECT(\"'MRO Certificate Printing'!D\"&((ROW()-2)*4)+2))","v":""},{"$f":"IF(INDIRECT(\"'MRO Certificate Printing'!E\"&((ROW()-2)*4)+2)=\"\",\"\",INDIRECT(\"'MRO Certificate Printing'!E\"&((ROW()-2)*4)+2))","v":""},{"$f":"IF(INDIRECT(\"'MRO Certificate Printing'!F\"&((ROW()-2)*4)+2)=\"\",\"\",INDIRECT(\"'MRO Certificate Printing'!F\"&((ROW()-2)*4)+2))","v":""},{"$f":"IF(INDIRECT(\"'MRO Certificate Printing'!B\"&((ROW()-2)*4)+2)=\"\",\"\",INDIRECT(\"'MRO Certificate Printing'!B\"&((ROW()-2)*4)+2))","v":""},{"$f":"IF(INDIRECT(\"'MRO Certificate Printing'!G\"&((ROW()-2)*4)+2)=\"\",\"\",INDIRECT(\"'MRO Certificate Printing'!G\"&((ROW()-2)*4)+2))","v":""},{"$f":"IF(INDIRECT(\"'MRO Certificate Printing'!J\"&((ROW()-2)*4)+2)=\"\",\"\",INDIRECT(\"'MRO Certificate Printing'!J\"&((ROW()-2)*4)+2))","v":""},{"$f":"IF(INDIRECT(\"'MRO Certificate Printing'!I\"&((ROW()-2)*4)+2)=\"\",\"\",INDIRECT(\"'MRO Certificate Printing'!I\"&((ROW()-2)*4)+2))","v":""},{"$f":"IF(INDIRECT(\"'MRO Certificate Printing'!K\"&((ROW()-2)*4)+2)=\"\",\"\",INDIRECT(\"'MRO Certificate Printing'!K\"&((ROW()-2)*4)+2))","v":""},null,{"$f":"IF(INDIRECT(\"'MRO Certificate Printing'!D\"&((ROW()-2)*4)+3)=\"\",\"\",INDIRECT(\"'MRO Certificate Printing'!D\"&((ROW()-2)*4)+3))","v":""},{"$f":"IF(INDIRECT(\"'MRO Certificate Printing'!E\"&((ROW()-2)*4)+3)=\"\",\"\",INDIRECT(\"'MRO Certificate Printing'!E\"&((ROW()-2)*4)+3))","v":""},{"$f":"IF(INDIRECT(\"'MRO Certificate Printing'!F\"&((ROW()-2)*4)+3)=\"\",\"\",INDIRECT(\"'MRO Certificate Printing'!F\"&((ROW()-2)*4)+3))","v":""},{"$f":"IF(INDIRECT(\"'MRO Certificate Printing'!B\"&((ROW()-2)*4)+3)=\"\",\"\",INDIRECT(\"'MRO Certificate Printing'!B\"&((ROW()-2)*4)+3))","v":""},{"$f":"IF(INDIRECT(\"'MRO Certificate Printing'!G\"&((ROW()-2)*4)+3)=\"\",\"\",INDIRECT(\"'MRO Certificate Printing'!G\"&((ROW()-2)*4)+3))","v":""},{"$f":"IF(INDIRECT(\"'MRO Certificate Printing'!J\"&((ROW()-2)*4)+3)=\"\",\"\",INDIRECT(\"'MRO Certificate Printing'!J\"&((ROW()-2)*4)+3))","v":""},{"$f":"IF(INDIRECT(\"'MRO Certificate Printing'!I\"&((ROW()-2)*4)+3)=\"\",\"\",INDIRECT(\"'MRO Certificate Printing'!I\"&((ROW()-2)*4)+3))","v":""},{"$f":"IF(INDIRECT(\"'MRO Certificate Printing'!K\"&((ROW()-2)*4)+3)=\"\",\"\",INDIRECT(\"'MRO Certificate Printing'!K\"&((ROW()-2)*4)+3))","v":""},null,{"$f":"IF(INDIRECT(\"'MRO Certificate Printing'!D\"&((ROW()-2)*4)+4)=\"\",\"\",INDIRECT(\"'MRO Certificate Printing'!D\"&((ROW()-2)*4)+4))","v":""},{"$f":"IF(INDIRECT(\"'MRO Certificate Printing'!E\"&((ROW()-2)*4)+4)=\"\",\"\",INDIRECT(\"'MRO Certificate Printing'!E\"&((ROW()-2)*4)+4))","v":""},{"$f":"IF(INDIRECT(\"'MRO Certificate Printing'!F\"&((ROW()-2)*4)+4)=\"\",\"\",INDIRECT(\"'MRO Certificate Printing'!F\"&((ROW()-2)*4)+4))","v":""},{"$f":"IF(INDIRECT(\"'MRO Certificate Printing'!B\"&((ROW()-2)*4)+4)=\"\",\"\",INDIRECT(\"'MRO Certificate Printing'!B\"&((ROW()-2)*4)+4))","v":""},{"$f":"IF(INDIRECT(\"'MRO Certificate Printing'!G\"&((ROW()-2)*4)+4)=\"\",\"\",INDIRECT(\"'MRO Certificate Printing'!G\"&((ROW()-2)*4)+4))","v":""},{"$f":"IF(INDIRECT(\"'MRO Certificate Printing'!J\"&((ROW()-2)*4)+4)=\"\",\"\",INDIRECT(\"'MRO Certificate Printing'!J\"&((ROW()-2)*4)+4))","v":""},{"$f":"IF(INDIRECT(\"'MRO Certificate Printing'!I\"&((ROW()-2)*4)+4)=\"\",\"\",INDIRECT(\"'MRO Certificate Printing'!I\"&((ROW()-2)*4)+4))","v":""},{"$f":"IF(INDIRECT(\"'MRO Certificate Printing'!K\"&((ROW()-2)*4)+4)=\"\",\"\",INDIRECT(\"'MRO Certificate Printing'!K\"&((ROW()-2)*4)+4))","v":""},null,{"$f":"IF(INDIRECT(\"'MRO Certificate Printing'!D\"&((ROW()-2)*4)+5)=\"\",\"\",INDIRECT(\"'MRO Certificate Printing'!D\"&((ROW()-2)*4)+5))","v":""},{"$f":"IF(INDIRECT(\"'MRO Certificate Printing'!E\"&((ROW()-2)*4)+5)=\"\",\"\",INDIRECT(\"'MRO Certificate Printing'!E\"&((ROW()-2)*4)+5))","v":""},{"$f":"IF(INDIRECT(\"'MRO Certificate Printing'!F\"&((ROW()-2)*4)+5)=\"\",\"\",INDIRECT(\"'MRO Certificate Printing'!F\"&((ROW()-2)*4)+5))","v":""},{"$f":"IF(INDIRECT(\"'MRO Certificate Printing'!B\"&((ROW()-2)*4)+5)=\"\",\"\",INDIRECT(\"'MRO Certificate Printing'!B\"&((ROW()-2)*4)+5))","v":""},{"$f":"IF(INDIRECT(\"'MRO Certificate Printing'!G\"&((ROW()-2)*4)+5)=\"\",\"\",INDIRECT(\"'MRO Certificate Printing'!G\"&((ROW()-2)*4)+5))","v":""},{"$f":"IF(INDIRECT(\"'MRO Certificate Printing'!J\"&((ROW()-2)*4)+5)=\"\",\"\",INDIRECT(\"'MRO Certificate Printing'!J\"&((ROW()-2)*4)+5))","v":""},{"$f":"IF(INDIRECT(\"'MRO Certificate Printing'!I\"&((ROW()-2)*4)+5)=\"\",\"\",INDIRECT(\"'MRO Certificate Printing'!I\"&((ROW()-2)*4)+5))","v":""},{"$f":"IF(INDIRECT(\"'MRO Certificate Printing'!K\"&((ROW()-2)*4)+5)=\"\",\"\",INDIRECT(\"'MRO Certificate Printing'!K\"&((ROW()-2)*4)+5))","v":""}]
["",{"$f":"IF(INDIRECT(\"'MRO Certificate Printing'!D\"&((ROW()-2)*4)+2)=\"\",\"\",INDIRECT(\"'MRO Certificate Printing'!D\"&((ROW()-2)*4)+2))","v":""},{"$f":"IF(INDIRECT(\"'MRO Certificate Printing'!E\"&((ROW()-2)*4)+2)=\"\",\"\",INDIRECT(\"'MRO Certificate Printing'!E\"&((ROW()-2)*4)+2))","v":""},{"$f":"IF(INDIRECT(\"'MRO Certificate Printing'!F\"&((ROW()-2)*4)+2)=\"\",\"\",INDIRECT(\"'MRO Certificate Printing'!F\"&((ROW()-2)*4)+2))","v":""},{"$f":"IF(INDIRECT(\"'MRO Certificate Printing'!B\"&((ROW()-2)*4)+2)=\"\",\"\",INDIRECT(\"'MRO Certificate Printing'!B\"&((ROW()-2)*4)+2))","v":""},{"$f":"IF(INDIRECT(\"'MRO Certificate Printing'!G\"&((ROW()-2)*4)+2)=\"\",\"\",INDIRECT(\"'MRO Certificate Printing'!G\"&((ROW()-2)*4)+2))","v":""},{"$f":"IF(INDIRECT(\"'MRO Certificate Printing'!J\"&((ROW()-2)*4)+2)=\"\",\"\",INDIRECT(\"'MRO Certificate Printing'!J\"&((ROW()-2)*4)+2))","v":""},{"$f":"IF(INDIRECT(\"'MRO Certificate Printing'!I\"&((ROW()-2)*4)+2)=\"\",\"\",INDIRECT(\"'MRO Certificate Printing'!I\"&((ROW()-2)*4)+2))","v":""},{"$f":"IF(INDIRECT(\"'MRO Certificate Printing'!K\"&((ROW()-2)*4)+2)=\"\",\"\",INDIRECT(\"'MRO Certificate Printing'!K\"&((ROW()-2)*4)+2))","v":""},null,{"$f":"IF(INDIRECT(\"'MRO Certificate Printing'!D\"&((ROW()-2)*4)+3)=\"\",\"\",INDIRECT(\"'MRO Certificate Printing'!D\"&((ROW()-2)*4)+3))","v":""},{"$f":"IF(INDIRECT(\"'MRO Certificate Printing'!E\"&((ROW()-2)*4)+3)=\"\",\"\",INDIRECT(\"'MRO Certificate Printing'!E\"&((ROW()-2)*4)+3))","v":""},{"$f":"IF(INDIRECT(\"'MRO Certificate Printing'!F\"&((ROW()-2)*4)+3)=\"\",\"\",INDIRECT(\"'MRO Certificate Printing'!F\"&((ROW()-2)*4)+3))","v":""},{"$f":"IF(INDIRECT(\"'MRO Certificate Printing'!B\"&((ROW()-2)*4)+3)=\"\",\"\",INDIRECT(\"'MRO Certificate Printing'!B\"&((ROW()-2)*4)+3))","v":""},{"$f":"IF(INDIRECT(\"'MRO Certificate Printing'!G\"&((ROW()-2)*4)+3)=\"\",\"\",INDIRECT(\"'MRO Certificate Printing'!G\"&((ROW()-2)*4)+3))","v":""},{"$f":"IF(INDIRECT(\"'MRO Certificate Printing'!J\"&((ROW()-2)*4)+3)=\"\",\"\",INDIRECT(\"'MRO Certificate Printing'!J\"&((ROW()-2)*4)+3))","v":""},{"$f":"IF(INDIRECT(\"'MRO Certificate Printing'!I\"&((ROW()-2)*4)+3)=\"\",\"\",INDIRECT(\"'MRO Certificate Printing'!I\"&((ROW()-2)*4)+3))","v":""},{"$f":"IF(INDIRECT(\"'MRO Certificate Printing'!K\"&((ROW()-2)*4)+3)=\"\",\"\",INDIRECT(\"'MRO Certificate Printing'!K\"&((ROW()-2)*4)+3))","v":""},null,{"$f":"IF(INDIRECT(\"'MRO Certificate Printing'!D\"&((ROW()-2)*4)+4)=\"\",\"\",INDIRECT(\"'MRO Certificate Printing'!D\"&((ROW()-2)*4)+4))","v":""},{"$f":"IF(INDIRECT(\"'MRO Certificate Printing'!E\"&((ROW()-2)*4)+4)=\"\",\"\",INDIRECT(\"'MRO Certificate Printing'!E\"&((ROW()-2)*4)+4))","v":""},{"$f":"IF(INDIRECT(\"'MRO Certificate Printing'!F\"&((ROW()-2)*4)+4)=\"\",\"\",INDIRECT(\"'MRO Certificate Printing'!F\"&((ROW()-2)*4)+4))","v":""},{"$f":"IF(INDIRECT(\"'MRO Certificate Printing'!B\"&((ROW()-2)*4)+4)=\"\",\"\",INDIRECT(\"'MRO Certificate Printing'!B\"&((ROW()-2)*4)+4))","v":""},{"$f":"IF(INDIRECT(\"'MRO Certificate Printing'!G\"&((ROW()-2)*4)+4)=\"\",\"\",INDIRECT(\"'MRO Certificate Printing'!G\"&((ROW()-2)*4)+4))","v":""},{"$f":"IF(INDIRECT(\"'MRO Certificate Printing'!J\"&((ROW()-2)*4)+4)=\"\",\"\",INDIRECT(\"'MRO Certificate Printing'!J\"&((ROW()-2)*4)+4))","v":""},{"$f":"IF(INDIRECT(\"'MRO Certificate Printing'!I\"&((ROW()-2)*4)+4)=\"\",\"\",INDIRECT(\"'MRO Certificate Printing'!I\"&((ROW()-2)*4)+4))","v":""},{"$f":"IF(INDIRECT(\"'MRO Certificate Printing'!K\"&((ROW()-2)*4)+4)=\"\",\"\",INDIRECT(\"'MRO Certificate Printing'!K\"&((ROW()-2)*4)+4))","v":""},null,{"$f":"IF(INDIRECT(\"'MRO Certificate Printing'!D\"&((ROW()-2)*4)+5)=\"\",\"\",INDIRECT(\"'MRO Certificate Printing'!D\"&((ROW()-2)*4)+5))","v":""},{"$f":"IF(INDIRECT(\"'MRO Certificate Printing'!E\"&((ROW()-2)*4)+5)=\"\",\"\",INDIRECT(\"'MRO Certificate Printing'!E\"&((ROW()-2)*4)+5))","v":""},{"$f":"IF(INDIRECT(\"'MRO Certificate Printing'!F\"&((ROW()-2)*4)+5)=\"\",\"\",INDIRECT(\"'MRO Certificate Printing'!F\"&((ROW()-2)*4)+5))","v":""},{"$f":"IF(INDIRECT(\"'MRO Certificate Printing'!B\"&((ROW()-2)*4)+5)=\"\",\"\",INDIRECT(\"'MRO Certificate Printing'!B\"&((ROW()-2)*4)+5))","v":""},{"$f":"IF(INDIRECT(\"'MRO Certificate Printing'!G\"&((ROW()-2)*4)+5)=\"\",\"\",INDIRECT(\"'MRO Certificate Printing'!G\"&((ROW()-2)*4)+5))","v":""},{"$f":"IF(INDIRECT(\"'MRO Certificate Printing'!J\"&((ROW()-2)*4)+5)=\"\",\"\",INDIRECT(\"'MRO Certificate Printing'!J\"&((ROW()-2)*4)+5))","v":""},{"$f":"IF(INDIRECT(\"'MRO Certificate Printing'!I\"&((ROW()-2)*4)+5)=\"\",\"\",INDIRECT(\"'MRO Certificate Printing'!I\"&((ROW()-2)*4)+5))","v":""},{"$f":"IF(INDIRECT(\"'MRO Certificate Printing'!K\"&((ROW()-2)*4)+5)=\"\",\"\",INDIRECT(\"'MRO Certificate Printing'!K\"&((ROW()-2)*4)+5))","v":""}]
[{"$f":"IF(C195=\"\",\"\",CONCATENATE(C195,\", \",L195,\", \",U195,\", \",AD195))","v":""},{"$f":"IF(INDIRECT(\"'MRO Certificate Printing'!D\"&((ROW()-2)*4)+2)=\"\",\"\",INDIRECT(\"'MRO Certificate Printing'!D\"&((ROW()-2)*4)+2))","v":""},{"$f":"IF(INDIRECT(\"'MRO Certificate Printing'!E\"&((ROW()-2)*4)+2)=\"\",\"\",INDIRECT(\"'MRO Certificate Printing'!E\"&((ROW()-2)*4)+2))","v":""},{"$f":"IF(INDIRECT(\"'MRO Certificate Printing'!F\"&((ROW()-2)*4)+2)=\"\",\"\",INDIRECT(\"'MRO Certificate Printing'!F\"&((ROW()-2)*4)+2))","v":""},{"$f":"IF(INDIRECT(\"'MRO Certificate Printing'!B\"&((ROW()-2)*4)+2)=\"\",\"\",INDIRECT(\"'MRO Certificate Printing'!B\"&((ROW()-2)*4)+2))","v":""},{"$f":"IF(INDIRECT(\"'MRO Certificate Printing'!G\"&((ROW()-2)*4)+2)=\"\",\"\",INDIRECT(\"'MRO Certificate Printing'!G\"&((ROW()-2)*4)+2))","v":""},{"$f":"IF(INDIRECT(\"'MRO Certificate Printing'!J\"&((ROW()-2)*4)+2)=\"\",\"\",INDIRECT(\"'MRO Certificate Printing'!J\"&((ROW()-2)*4)+2))","v":""},{"$f":"IF(INDIRECT(\"'MRO Certificate Printing'!I\"&((ROW()-2)*4)+2)=\"\",\"\",INDIRECT(\"'MRO Certificate Printing'!I\"&((ROW()-2)*4)+2))","v":""},{"$f":"IF(INDIRECT(\"'MRO Certificate Printing'!K\"&((ROW()-2)*4)+2)=\"\",\"\",INDIRECT(\"'MRO Certificate Printing'!K\"&((ROW()-2)*4)+2))","v":""},null,{"$f":"IF(INDIRECT(\"'MRO Certificate Printing'!D\"&((ROW()-2)*4)+3)=\"\",\"\",INDIRECT(\"'MRO Certificate Printing'!D\"&((ROW()-2)*4)+3))","v":""},{"$f":"IF(INDIRECT(\"'MRO Certificate Printing'!E\"&((ROW()-2)*4)+3)=\"\",\"\",INDIRECT(\"'MRO Certificate Printing'!E\"&((ROW()-2)*4)+3))","v":""},{"$f":"IF(INDIRECT(\"'MRO Certificate Printing'!F\"&((ROW()-2)*4)+3)=\"\",\"\",INDIRECT(\"'MRO Certificate Printing'!F\"&((ROW()-2)*4)+3))","v":""},{"$f":"IF(INDIRECT(\"'MRO Certificate Printing'!B\"&((ROW()-2)*4)+3)=\"\",\"\",INDIRECT(\"'MRO Certificate Printing'!B\"&((ROW()-2)*4)+3))","v":""},{"$f":"IF(INDIRECT(\"'MRO Certificate Printing'!G\"&((ROW()-2)*4)+3)=\"\",\"\",INDIRECT(\"'MRO Certificate Printing'!G\"&((ROW()-2)*4)+3))","v":""},{"$f":"IF(INDIRECT(\"'MRO Certificate Printing'!J\"&((ROW()-2)*4)+3)=\"\",\"\",INDIRECT(\"'MRO Certificate Printing'!J\"&((ROW()-2)*4)+3))","v":""},{"$f":"IF(INDIRECT(\"'MRO Certificate Printing'!I\"&((ROW()-2)*4)+3)=\"\",\"\",INDIRECT(\"'MRO Certificate Printing'!I\"&((ROW()-2)*4)+3))","v":""},{"$f":"IF(INDIRECT(\"'MRO Certificate Printing'!K\"&((ROW()-2)*4)+3)=\"\",\"\",INDIRECT(\"'MRO Certificate Printing'!K\"&((ROW()-2)*4)+3))","v":""},null,{"$f":"IF(INDIRECT(\"'MRO Certificate Printing'!D\"&((ROW()-2)*4)+4)=\"\",\"\",INDIRECT(\"'MRO Certificate Printing'!D\"&((ROW()-2)*4)+4))","v":""},{"$f":"IF(INDIRECT(\"'MRO Certificate Printing'!E\"&((ROW()-2)*4)+4)=\"\",\"\",INDIRECT(\"'MRO Certificate Printing'!E\"&((ROW()-2)*4)+4))","v":""},{"$f":"IF(INDIRECT(\"'MRO Certificate Printing'!F\"&((ROW()-2)*4)+4)=\"\",\"\",INDIRECT(\"'MRO Certificate Printing'!F\"&((ROW()-2)*4)+4))","v":""},{"$f":"IF(INDIRECT(\"'MRO Certificate Printing'!B\"&((ROW()-2)*4)+4)=\"\",\"\",INDIRECT(\"'MRO Certificate Printing'!B\"&((ROW()-2)*4)+4))","v":""},{"$f":"IF(INDIRECT(\"'MRO Certificate Printing'!G\"&((ROW()-2)*4)+4)=\"\",\"\",INDIRECT(\"'MRO Certificate Printing'!G\"&((ROW()-2)*4)+4))","v":""},{"$f":"IF(INDIRECT(\"'MRO Certificate Printing'!J\"&((ROW()-2)*4)+4)=\"\",\"\",INDIRECT(\"'MRO Certificate Printing'!J\"&((ROW()-2)*4)+4))","v":""},{"$f":"IF(INDIRECT(\"'MRO Certificate Printing'!I\"&((ROW()-2)*4)+4)=\"\",\"\",INDIRECT(\"'MRO Certificate Printing'!I\"&((ROW()-2)*4)+4))","v":""},{"$f":"IF(INDIRECT(\"'MRO Certificate Printing'!K\"&((ROW()-2)*4)+4)=\"\",\"\",INDIRECT(\"'MRO Certificate Printing'!K\"&((ROW()-2)*4)+4))","v":""},null,{"$f":"IF(INDIRECT(\"'MRO Certificate Printing'!D\"&((ROW()-2)*4)+5)=\"\",\"\",INDIRECT(\"'MRO Certificate Printing'!D\"&((ROW()-2)*4)+5))","v":""},{"$f":"IF(INDIRECT(\"'MRO Certificate Printing'!E\"&((ROW()-2)*4)+5)=\"\",\"\",INDIRECT(\"'MRO Certificate Printing'!E\"&((ROW()-2)*4)+5))","v":""},{"$f":"IF(INDIRECT(\"'MRO Certificate Printing'!F\"&((ROW()-2)*4)+5)=\"\",\"\",INDIRECT(\"'MRO Certificate Printing'!F\"&((ROW()-2)*4)+5))","v":""},{"$f":"IF(INDIRECT(\"'MRO Certificate Printing'!B\"&((ROW()-2)*4)+5)=\"\",\"\",INDIRECT(\"'MRO Certificate Printing'!B\"&((ROW()-2)*4)+5))","v":""},{"$f":"IF(INDIRECT(\"'MRO Certificate Printing'!G\"&((ROW()-2)*4)+5)=\"\",\"\",INDIRECT(\"'MRO Certificate Printing'!G\"&((ROW()-2)*4)+5))","v":""},{"$f":"IF(INDIRECT(\"'MRO Certificate Printing'!J\"&((ROW()-2)*4)+5)=\"\",\"\",INDIRECT(\"'MRO Certificate Printing'!J\"&((ROW()-2)*4)+5))","v":""},{"$f":"IF(INDIRECT(\"'MRO Certificate Printing'!I\"&((ROW()-2)*4)+5)=\"\",\"\",INDIRECT(\"'MRO Certificate Printing'!I\"&((ROW()-2)*4)+5))","v":""},{"$f":"IF(INDIRECT(\"'MRO Certificate Printing'!K\"&((ROW()-2)*4)+5)=\"\",\"\",INDIRECT(\"'MRO Certificate Printing'!K\"&((ROW()-2)*4)+5))","v":""}]
["",{"$f":"IF(INDIRECT(\"'MRO Certificate Printing'!D\"&((ROW()-2)*4)+2)=\"\",\"\",INDIRECT(\"'MRO Certificate Printing'!D\"&((ROW()-2)*4)+2))","v":""},{"$f":"IF(INDIRECT(\"'MRO Certificate Printing'!E\"&((ROW()-2)*4)+2)=\"\",\"\",INDIRECT(\"'MRO Certificate Printing'!E\"&((ROW()-2)*4)+2))","v":""},{"$f":"IF(INDIRECT(\"'MRO Certificate Printing'!F\"&((ROW()-2)*4)+2)=\"\",\"\",INDIRECT(\"'MRO Certificate Printing'!F\"&((ROW()-2)*4)+2))","v":""},{"$f":"IF(INDIRECT(\"'MRO Certificate Printing'!B\"&((ROW()-2)*4)+2)=\"\",\"\",INDIRECT(\"'MRO Certificate Printing'!B\"&((ROW()-2)*4)+2))","v":""},{"$f":"IF(INDIRECT(\"'MRO Certificate Printing'!G\"&((ROW()-2)*4)+2)=\"\",\"\",INDIRECT(\"'MRO Certificate Printing'!G\"&((ROW()-2)*4)+2))","v":""},{"$f":"IF(INDIRECT(\"'MRO Certificate Printing'!J\"&((ROW()-2)*4)+2)=\"\",\"\",INDIRECT(\"'MRO Certificate Printing'!J\"&((ROW()-2)*4)+2))","v":""},{"$f":"IF(INDIRECT(\"'MRO Certificate Printing'!I\"&((ROW()-2)*4)+2)=\"\",\"\",INDIRECT(\"'MRO Certificate Printing'!I\"&((ROW()-2)*4)+2))","v":""},{"$f":"IF(INDIRECT(\"'MRO Certificate Printing'!K\"&((ROW()-2)*4)+2)=\"\",\"\",INDIRECT(\"'MRO Certificate Printing'!K\"&((ROW()-2)*4)+2))","v":""},null,{"$f":"IF(INDIRECT(\"'MRO Certificate Printing'!D\"&((ROW()-2)*4)+3)=\"\",\"\",INDIRECT(\"'MRO Certificate Printing'!D\"&((ROW()-2)*4)+3))","v":""},{"$f":"IF(INDIRECT(\"'MRO Certificate Printing'!E\"&((ROW()-2)*4)+3)=\"\",\"\",INDIRECT(\"'MRO Certificate Printing'!E\"&((ROW()-2)*4)+3))","v":""},{"$f":"IF(INDIRECT(\"'MRO Certificate Printing'!F\"&((ROW()-2)*4)+3)=\"\",\"\",INDIRECT(\"'MRO Certificate Printing'!F\"&((ROW()-2)*4)+3))","v":""},{"$f":"IF(INDIRECT(\"'MRO Certificate Printing'!B\"&((ROW()-2)*4)+3)=\"\",\"\",INDIRECT(\"'MRO Certificate Printing'!B\"&((ROW()-2)*4)+3))","v":""},{"$f":"IF(INDIRECT(\"'MRO Certificate Printing'!G\"&((ROW()-2)*4)+3)=\"\",\"\",INDIRECT(\"'MRO Certificate Printing'!G\"&((ROW()-2)*4)+3))","v":""},{"$f":"IF(INDIRECT(\"'MRO Certificate Printing'!J\"&((ROW()-2)*4)+3)=\"\",\"\",INDIRECT(\"'MRO Certificate Printing'!J\"&((ROW()-2)*4)+3))","v":""},{"$f":"IF(INDIRECT(\"'MRO Certificate Printing'!I\"&((ROW()-2)*4)+3)=\"\",\"\",INDIRECT(\"'MRO Certificate Printing'!I\"&((ROW()-2)*4)+3))","v":""},{"$f":"IF(INDIRECT(\"'MRO Certificate Printing'!K\"&((ROW()-2)*4)+3)=\"\",\"\",INDIRECT(\"'MRO Certificate Printing'!K\"&((ROW()-2)*4)+3))","v":""},null,{"$f":"IF(INDIRECT(\"'MRO Certificate Printing'!D\"&((ROW()-2)*4)+4)=\"\",\"\",INDIRECT(\"'MRO Certificate Printing'!D\"&((ROW()-2)*4)+4))","v":""},{"$f":"IF(INDIRECT(\"'MRO Certificate Printing'!E\"&((ROW()-2)*4)+4)=\"\",\"\",INDIRECT(\"'MRO Certificate Printing'!E\"&((ROW()-2)*4)+4))","v":""},{"$f":"IF(INDIRECT(\"'MRO Certificate Printing'!F\"&((ROW()-2)*4)+4)=\"\",\"\",INDIRECT(\"'MRO Certificate Printing'!F\"&((ROW()-2)*4)+4))","v":""},{"$f":"IF(INDIRECT(\"'MRO Certificate Printing'!B\"&((ROW()-2)*4)+4)=\"\",\"\",INDIRECT(\"'MRO Certificate Printing'!B\"&((ROW()-2)*4)+4))","v":""},{"$f":"IF(INDIRECT(\"'MRO Certificate Printing'!G\"&((ROW()-2)*4)+4)=\"\",\"\",INDIRECT(\"'MRO Certificate Printing'!G\"&((ROW()-2)*4)+4))","v":""},{"$f":"IF(INDIRECT(\"'MRO Certificate Printing'!J\"&((ROW()-2)*4)+4)=\"\",\"\",INDIRECT(\"'MRO Certificate Printing'!J\"&((ROW()-2)*4)+4))","v":""},{"$f":"IF(INDIRECT(\"'MRO Certificate Printing'!I\"&((ROW()-2)*4)+4)=\"\",\"\",INDIRECT(\"'MRO Certificate Printing'!I\"&((ROW()-2)*4)+4))","v":""},{"$f":"IF(INDIRECT(\"'MRO Certificate Printing'!K\"&((ROW()-2)*4)+4)=\"\",\"\",INDIRECT(\"'MRO Certificate Printing'!K\"&((ROW()-2)*4)+4))","v":""},null,{"$f":"IF(INDIRECT(\"'MRO Certificate Printing'!D\"&((ROW()-2)*4)+5)=\"\",\"\",INDIRECT(\"'MRO Certificate Printing'!D\"&((ROW()-2)*4)+5))","v":""},{"$f":"IF(INDIRECT(\"'MRO Certificate Printing'!E\"&((ROW()-2)*4)+5)=\"\",\"\",INDIRECT(\"'MRO Certificate Printing'!E\"&((ROW()-2)*4)+5))","v":""},{"$f":"IF(INDIRECT(\"'MRO Certificate Printing'!F\"&((ROW()-2)*4)+5)=\"\",\"\",INDIRECT(\"'MRO Certificate Printing'!F\"&((ROW()-2)*4)+5))","v":""},{"$f":"IF(INDIRECT(\"'MRO Certificate Printing'!B\"&((ROW()-2)*4)+5)=\"\",\"\",INDIRECT(\"'MRO Certificate Printing'!B\"&((ROW()-2)*4)+5))","v":""},{"$f":"IF(INDIRECT(\"'MRO Certificate Printing'!G\"&((ROW()-2)*4)+5)=\"\",\"\",INDIRECT(\"'MRO Certificate Printing'!G\"&((ROW()-2)*4)+5))","v":""},{"$f":"IF(INDIRECT(\"'MRO Certificate Printing'!J\"&((ROW()-2)*4)+5)=\"\",\"\",INDIRECT(\"'MRO Certificate Printing'!J\"&((ROW()-2)*4)+5))","v":""},{"$f":"IF(INDIRECT(\"'MRO Certificate Printing'!I\"&((ROW()-2)*4)+5)=\"\",\"\",INDIRECT(\"'MRO Certificate Printing'!I\"&((ROW()-2)*4)+5))","v":""},{"$f":"IF(INDIRECT(\"'MRO Certificate Printing'!K\"&((ROW()-2)*4)+5)=\"\",\"\",INDIRECT(\"'MRO Certificate Printing'!K\"&((ROW()-2)*4)+5))","v":""}]
["",{"$f":"IF(INDIRECT(\"'MRO Certificate Printing'!D\"&((ROW()-2)*4)+2)=\"\",\"\",INDIRECT(\"'MRO Certificate Printing'!D\"&((ROW()-2)*4)+2))","v":""},{"$f":"IF(INDIRECT(\"'MRO Certificate Printing'!E\"&((ROW()-2)*4)+2)=\"\",\"\",INDIRECT(\"'MRO Certificate Printing'!E\"&((ROW()-2)*4)+2))","v":""},{"$f":"IF(INDIRECT(\"'MRO Certificate Printing'!F\"&((ROW()-2)*4)+2)=\"\",\"\",INDIRECT(\"'MRO Certificate Printing'!F\"&((ROW()-2)*4)+2))","v":""},{"$f":"IF(INDIRECT(\"'MRO Certificate Printing'!B\"&((ROW()-2)*4)+2)=\"\",\"\",INDIRECT(\"'MRO Certificate Printing'!B\"&((ROW()-2)*4)+2))","v":""},{"$f":"IF(INDIRECT(\"'MRO Certificate Printing'!G\"&((ROW()-2)*4)+2)=\"\",\"\",INDIRECT(\"'MRO Certificate Printing'!G\"&((ROW()-2)*4)+2))","v":""},{"$f":"IF(INDIRECT(\"'MRO Certificate Printing'!J\"&((ROW()-2)*4)+2)=\"\",\"\",INDIRECT(\"'MRO Certificate Printing'!J\"&((ROW()-2)*4)+2))","v":""},{"$f":"IF(INDIRECT(\"'MRO Certificate Printing'!I\"&((ROW()-2)*4)+2)=\"\",\"\",INDIRECT(\"'MRO Certificate Printing'!I\"&((ROW()-2)*4)+2))","v":""},{"$f":"IF(INDIRECT(\"'MRO Certificate Printing'!K\"&((ROW()-2)*4)+2)=\"\",\"\",INDIRECT(\"'MRO Certificate Printing'!K\"&((ROW()-2)*4)+2))","v":""},null,{"$f":"IF(INDIRECT(\"'MRO Certificate Printing'!D\"&((ROW()-2)*4)+3)=\"\",\"\",INDIRECT(\"'MRO Certificate Printing'!D\"&((ROW()-2)*4)+3))","v":""},{"$f":"IF(INDIRECT(\"'MRO Certificate Printing'!E\"&((ROW()-2)*4)+3)=\"\",\"\",INDIRECT(\"'MRO Certificate Printing'!E\"&((ROW()-2)*4)+3))","v":""},{"$f":"IF(INDIRECT(\"'MRO Certificate Printing'!F\"&((ROW()-2)*4)+3)=\"\",\"\",INDIRECT(\"'MRO Certificate Printing'!F\"&((ROW()-2)*4)+3))","v":""},{"$f":"IF(INDIRECT(\"'MRO Certificate Printing'!B\"&((ROW()-2)*4)+3)=\"\",\"\",INDIRECT(\"'MRO Certificate Printing'!B\"&((ROW()-2)*4)+3))","v":""},{"$f":"IF(INDIRECT(\"'MRO Certificate Printing'!G\"&((ROW()-2)*4)+3)=\"\",\"\",INDIRECT(\"'MRO Certificate Printing'!G\"&((ROW()-2)*4)+3))","v":""},{"$f":"IF(INDIRECT(\"'MRO Certificate Printing'!J\"&((ROW()-2)*4)+3)=\"\",\"\",INDIRECT(\"'MRO Certificate Printing'!J\"&((ROW()-2)*4)+3))","v":""},{"$f":"IF(INDIRECT(\"'MRO Certificate Printing'!I\"&((ROW()-2)*4)+3)=\"\",\"\",INDIRECT(\"'MRO Certificate Printing'!I\"&((ROW()-2)*4)+3))","v":""},{"$f":"IF(INDIRECT(\"'MRO Certificate Printing'!K\"&((ROW()-2)*4)+3)=\"\",\"\",INDIRECT(\"'MRO Certificate Printing'!K\"&((ROW()-2)*4)+3))","v":""},null,{"$f":"IF(INDIRECT(\"'MRO Certificate Printing'!D\"&((ROW()-2)*4)+4)=\"\",\"\",INDIRECT(\"'MRO Certificate Printing'!D\"&((ROW()-2)*4)+4))","v":""},{"$f":"IF(INDIRECT(\"'MRO Certificate Printing'!E\"&((ROW()-2)*4)+4)=\"\",\"\",INDIRECT(\"'MRO Certificate Printing'!E\"&((ROW()-2)*4)+4))","v":""},{"$f":"IF(INDIRECT(\"'MRO Certificate Printing'!F\"&((ROW()-2)*4)+4)=\"\",\"\",INDIRECT(\"'MRO Certificate Printing'!F\"&((ROW()-2)*4)+4))","v":""},{"$f":"IF(INDIRECT(\"'MRO Certificate Printing'!B\"&((ROW()-2)*4)+4)=\"\",\"\",INDIRECT(\"'MRO Certificate Printing'!B\"&((ROW()-2)*4)+4))","v":""},{"$f":"IF(INDIRECT(\"'MRO Certificate Printing'!G\"&((ROW()-2)*4)+4)=\"\",\"\",INDIRECT(\"'MRO Certificate Printing'!G\"&((ROW()-2)*4)+4))","v":""},{"$f":"IF(INDIRECT(\"'MRO Certificate Printing'!J\"&((ROW()-2)*4)+4)=\"\",\"\",INDIRECT(\"'MRO Certificate Printing'!J\"&((ROW()-2)*4)+4))","v":""},{"$f":"IF(INDIRECT(\"'MRO Certificate Printing'!I\"&((ROW()-2)*4)+4)=\"\",\"\",INDIRECT(\"'MRO Certificate Printing'!I\"&((ROW()-2)*4)+4))","v":""},{"$f":"IF(INDIRECT(\"'MRO Certificate Printing'!K\"&((ROW()-2)*4)+4)=\"\",\"\",INDIRECT(\"'MRO Certificate Printing'!K\"&((ROW()-2)*4)+4))","v":""},null,{"$f":"IF(INDIRECT(\"'MRO Certificate Printing'!D\"&((ROW()-2)*4)+5)=\"\",\"\",INDIRECT(\"'MRO Certificate Printing'!D\"&((ROW()-2)*4)+5))","v":""},{"$f":"IF(INDIRECT(\"'MRO Certificate Printing'!E\"&((ROW()-2)*4)+5)=\"\",\"\",INDIRECT(\"'MRO Certificate Printing'!E\"&((ROW()-2)*4)+5))","v":""},{"$f":"IF(INDIRECT(\"'MRO Certificate Printing'!F\"&((ROW()-2)*4)+5)=\"\",\"\",INDIRECT(\"'MRO Certificate Printing'!F\"&((ROW()-2)*4)+5))","v":""},{"$f":"IF(INDIRECT(\"'MRO Certificate Printing'!B\"&((ROW()-2)*4)+5)=\"\",\"\",INDIRECT(\"'MRO Certificate Printing'!B\"&((ROW()-2)*4)+5))","v":""},{"$f":"IF(INDIRECT(\"'MRO Certificate Printing'!G\"&((ROW()-2)*4)+5)=\"\",\"\",INDIRECT(\"'MRO Certificate Printing'!G\"&((ROW()-2)*4)+5))","v":""},{"$f":"IF(INDIRECT(\"'MRO Certificate Printing'!J\"&((ROW()-2)*4)+5)=\"\",\"\",INDIRECT(\"'MRO Certificate Printing'!J\"&((ROW()-2)*4)+5))","v":""},{"$f":"IF(INDIRECT(\"'MRO Certificate Printing'!I\"&((ROW()-2)*4)+5)=\"\",\"\",INDIRECT(\"'MRO Certificate Printing'!I\"&((ROW()-2)*4)+5))","v":""},{"$f":"IF(INDIRECT(\"'MRO Certificate Printing'!K\"&((ROW()-2)*4)+5)=\"\",\"\",INDIRECT(\"'MRO Certificate Printing'!K\"&((ROW()-2)*4)+5))","v":""}]
["",{"$f":"IF(INDIRECT(\"'MRO Certificate Printing'!D\"&((ROW()-2)*4)+2)=\"\",\"\",INDIRECT(\"'MRO Certificate Printing'!D\"&((ROW()-2)*4)+2))","v":""},{"$f":"IF(INDIRECT(\"'MRO Certificate Printing'!E\"&((ROW()-2)*4)+2)=\"\",\"\",INDIRECT(\"'MRO Certificate Printing'!E\"&((ROW()-2)*4)+2))","v":""},{"$f":"IF(INDIRECT(\"'MRO Certificate Printing'!F\"&((ROW()-2)*4)+2)=\"\",\"\",INDIRECT(\"'MRO Certificate Printing'!F\"&((ROW()-2)*4)+2))","v":""},{"$f":"IF(INDIRECT(\"'MRO Certificate Printing'!B\"&((ROW()-2)*4)+2)=\"\",\"\",INDIRECT(\"'MRO Certificate Printing'!B\"&((ROW()-2)*4)+2))","v":""},{"$f":"IF(INDIRECT(\"'MRO Certificate Printing'!G\"&((ROW()-2)*4)+2)=\"\",\"\",INDIRECT(\"'MRO Certificate Printing'!G\"&((ROW()-2)*4)+2))","v":""},{"$f":"IF(INDIRECT(\"'MRO Certificate Printing'!J\"&((ROW()-2)*4)+2)=\"\",\"\",INDIRECT(\"'MRO Certificate Printing'!J\"&((ROW()-2)*4)+2))","v":""},{"$f":"IF(INDIRECT(\"'MRO Certificate Printing'!I\"&((ROW()-2)*4)+2)=\"\",\"\",INDIRECT(\"'MRO Certificate Printing'!I\"&((ROW()-2)*4)+2))","v":""},{"$f":"IF(INDIRECT(\"'MRO Certificate Printing'!K\"&((ROW()-2)*4)+2)=\"\",\"\",INDIRECT(\"'MRO Certificate Printing'!K\"&((ROW()-2)*4)+2))","v":""},null,{"$f":"IF(INDIRECT(\"'MRO Certificate Printing'!D\"&((ROW()-2)*4)+3)=\"\",\"\",INDIRECT(\"'MRO Certificate Printing'!D\"&((ROW()-2)*4)+3))","v":""},{"$f":"IF(INDIRECT(\"'MRO Certificate Printing'!E\"&((ROW()-2)*4)+3)=\"\",\"\",INDIRECT(\"'MRO Certificate Printing'!E\"&((ROW()-2)*4)+3))","v":""},{"$f":"IF(INDIRECT(\"'MRO Certificate Printing'!F\"&((ROW()-2)*4)+3)=\"\",\"\",INDIRECT(\"'MRO Certificate Printing'!F\"&((ROW()-2)*4)+3))","v":""},{"$f":"IF(INDIRECT(\"'MRO Certificate Printing'!B\"&((ROW()-2)*4)+3)=\"\",\"\",INDIRECT(\"'MRO Certificate Printing'!B\"&((ROW()-2)*4)+3))","v":""},{"$f":"IF(INDIRECT(\"'MRO Certificate Printing'!G\"&((ROW()-2)*4)+3)=\"\",\"\",INDIRECT(\"'MRO Certificate Printing'!G\"&((ROW()-2)*4)+3))","v":""},{"$f":"IF(INDIRECT(\"'MRO Certificate Printing'!J\"&((ROW()-2)*4)+3)=\"\",\"\",INDIRECT(\"'MRO Certificate Printing'!J\"&((ROW()-2)*4)+3))","v":""},{"$f":"IF(INDIRECT(\"'MRO Certificate Printing'!I\"&((ROW()-2)*4)+3)=\"\",\"\",INDIRECT(\"'MRO Certificate Printing'!I\"&((ROW()-2)*4)+3))","v":""},{"$f":"IF(INDIRECT(\"'MRO Certificate Printing'!K\"&((ROW()-2)*4)+3)=\"\",\"\",INDIRECT(\"'MRO Certificate Printing'!K\"&((ROW()-2)*4)+3))","v":""},null,{"$f":"IF(INDIRECT(\"'MRO Certificate Printing'!D\"&((ROW()-2)*4)+4)=\"\",\"\",INDIRECT(\"'MRO Certificate Printing'!D\"&((ROW()-2)*4)+4))","v":""},{"$f":"IF(INDIRECT(\"'MRO Certificate Printing'!E\"&((ROW()-2)*4)+4)=\"\",\"\",INDIRECT(\"'MRO Certificate Printing'!E\"&((ROW()-2)*4)+4))","v":""},{"$f":"IF(INDIRECT(\"'MRO Certificate Printing'!F\"&((ROW()-2)*4)+4)=\"\",\"\",INDIRECT(\"'MRO Certificate Printing'!F\"&((ROW()-2)*4)+4))","v":""},{"$f":"IF(INDIRECT(\"'MRO Certificate Printing'!B\"&((ROW()-2)*4)+4)=\"\",\"\",INDIRECT(\"'MRO Certificate Printing'!B\"&((ROW()-2)*4)+4))","v":""},{"$f":"IF(INDIRECT(\"'MRO Certificate Printing'!G\"&((ROW()-2)*4)+4)=\"\",\"\",INDIRECT(\"'MRO Certificate Printing'!G\"&((ROW()-2)*4)+4))","v":""},{"$f":"IF(INDIRECT(\"'MRO Certificate Printing'!J\"&((ROW()-2)*4)+4)=\"\",\"\",INDIRECT(\"'MRO Certificate Printing'!J\"&((ROW()-2)*4)+4))","v":""},{"$f":"IF(INDIRECT(\"'MRO Certificate Printing'!I\"&((ROW()-2)*4)+4)=\"\",\"\",INDIRECT(\"'MRO Certificate Printing'!I\"&((ROW()-2)*4)+4))","v":""},{"$f":"IF(INDIRECT(\"'MRO Certificate Printing'!K\"&((ROW()-2)*4)+4)=\"\",\"\",INDIRECT(\"'MRO Certificate Printing'!K\"&((ROW()-2)*4)+4))","v":""},null,{"$f":"IF(INDIRECT(\"'MRO Certificate Printing'!D\"&((ROW()-2)*4)+5)=\"\",\"\",INDIRECT(\"'MRO Certificate Printing'!D\"&((ROW()-2)*4)+5))","v":""},{"$f":"IF(INDIRECT(\"'MRO Certificate Printing'!E\"&((ROW()-2)*4)+5)=\"\",\"\",INDIRECT(\"'MRO Certificate Printing'!E\"&((ROW()-2)*4)+5))","v":""},{"$f":"IF(INDIRECT(\"'MRO Certificate Printing'!F\"&((ROW()-2)*4)+5)=\"\",\"\",INDIRECT(\"'MRO Certificate Printing'!F\"&((ROW()-2)*4)+5))","v":""},{"$f":"IF(INDIRECT(\"'MRO Certificate Printing'!B\"&((ROW()-2)*4)+5)=\"\",\"\",INDIRECT(\"'MRO Certificate Printing'!B\"&((ROW()-2)*4)+5))","v":""},{"$f":"IF(INDIRECT(\"'MRO Certificate Printing'!G\"&((ROW()-2)*4)+5)=\"\",\"\",INDIRECT(\"'MRO Certificate Printing'!G\"&((ROW()-2)*4)+5))","v":""},{"$f":"IF(INDIRECT(\"'MRO Certificate Printing'!J\"&((ROW()-2)*4)+5)=\"\",\"\",INDIRECT(\"'MRO Certificate Printing'!J\"&((ROW()-2)*4)+5))","v":""},{"$f":"IF(INDIRECT(\"'MRO Certificate Printing'!I\"&((ROW()-2)*4)+5)=\"\",\"\",INDIRECT(\"'MRO Certificate Printing'!I\"&((ROW()-2)*4)+5))","v":""},{"$f":"IF(INDIRECT(\"'MRO Certificate Printing'!K\"&((ROW()-2)*4)+5)=\"\",\"\",INDIRECT(\"'MRO Certificate Printing'!K\"&((ROW()-2)*4)+5))","v":""}]
["",{"$f":"IF(INDIRECT(\"'MRO Certificate Printing'!D\"&((ROW()-2)*4)+2)=\"\",\"\",INDIRECT(\"'MRO Certificate Printing'!D\"&((ROW()-2)*4)+2))","v":""},{"$f":"IF(INDIRECT(\"'MRO Certificate Printing'!E\"&((ROW()-2)*4)+2)=\"\",\"\",INDIRECT(\"'MRO Certificate Printing'!E\"&((ROW()-2)*4)+2))","v":""},{"$f":"IF(INDIRECT(\"'MRO Certificate Printing'!F\"&((ROW()-2)*4)+2)=\"\",\"\",INDIRECT(\"'MRO Certificate Printing'!F\"&((ROW()-2)*4)+2))","v":""},{"$f":"IF(INDIRECT(\"'MRO Certificate Printing'!B\"&((ROW()-2)*4)+2)=\"\",\"\",INDIRECT(\"'MRO Certificate Printing'!B\"&((ROW()-2)*4)+2))","v":""},{"$f":"IF(INDIRECT(\"'MRO Certificate Printing'!G\"&((ROW()-2)*4)+2)=\"\",\"\",INDIRECT(\"'MRO Certificate Printing'!G\"&((ROW()-2)*4)+2))","v":""},{"$f":"IF(INDIRECT(\"'MRO Certificate Printing'!J\"&((ROW()-2)*4)+2)=\"\",\"\",INDIRECT(\"'MRO Certificate Printing'!J\"&((ROW()-2)*4)+2))","v":""},{"$f":"IF(INDIRECT(\"'MRO Certificate Printing'!I\"&((ROW()-2)*4)+2)=\"\",\"\",INDIRECT(\"'MRO Certificate Printing'!I\"&((ROW()-2)*4)+2))","v":""},{"$f":"IF(INDIRECT(\"'MRO Certificate Printing'!K\"&((ROW()-2)*4)+2)=\"\",\"\",INDIRECT(\"'MRO Certificate Printing'!K\"&((ROW()-2)*4)+2))","v":""},null,{"$f":"IF(INDIRECT(\"'MRO Certificate Printing'!D\"&((ROW()-2)*4)+3)=\"\",\"\",INDIRECT(\"'MRO Certificate Printing'!D\"&((ROW()-2)*4)+3))","v":""},{"$f":"IF(INDIRECT(\"'MRO Certificate Printing'!E\"&((ROW()-2)*4)+3)=\"\",\"\",INDIRECT(\"'MRO Certificate Printing'!E\"&((ROW()-2)*4)+3))","v":""},{"$f":"IF(INDIRECT(\"'MRO Certificate Printing'!F\"&((ROW()-2)*4)+3)=\"\",\"\",INDIRECT(\"'MRO Certificate Printing'!F\"&((ROW()-2)*4)+3))","v":""},{"$f":"IF(INDIRECT(\"'MRO Certificate Printing'!B\"&((ROW()-2)*4)+3)=\"\",\"\",INDIRECT(\"'MRO Certificate Printing'!B\"&((ROW()-2)*4)+3))","v":""},{"$f":"IF(INDIRECT(\"'MRO Certificate Printing'!G\"&((ROW()-2)*4)+3)=\"\",\"\",INDIRECT(\"'MRO Certificate Printing'!G\"&((ROW()-2)*4)+3))","v":""},{"$f":"IF(INDIRECT(\"'MRO Certificate Printing'!J\"&((ROW()-2)*4)+3)=\"\",\"\",INDIRECT(\"'MRO Certificate Printing'!J\"&((ROW()-2)*4)+3))","v":""},{"$f":"IF(INDIRECT(\"'MRO Certificate Printing'!I\"&((ROW()-2)*4)+3)=\"\",\"\",INDIRECT(\"'MRO Certificate Printing'!I\"&((ROW()-2)*4)+3))","v":""},{"$f":"IF(INDIRECT(\"'MRO Certificate Printing'!K\"&((ROW()-2)*4)+3)=\"\",\"\",INDIRECT(\"'MRO Certificate Printing'!K\"&((ROW()-2)*4)+3))","v":""},null,{"$f":"IF(INDIRECT(\"'MRO Certificate Printing'!D\"&((ROW()-2)*4)+4)=\"\",\"\",INDIRECT(\"'MRO Certificate Printing'!D\"&((ROW()-2)*4)+4))","v":""},{"$f":"IF(INDIRECT(\"'MRO Certificate Printing'!E\"&((ROW()-2)*4)+4)=\"\",\"\",INDIRECT(\"'MRO Certificate Printing'!E\"&((ROW()-2)*4)+4))","v":""},{"$f":"IF(INDIRECT(\"'MRO Certificate Printing'!F\"&((ROW()-2)*4)+4)=\"\",\"\",INDIRECT(\"'MRO Certificate Printing'!F\"&((ROW()-2)*4)+4))","v":""},{"$f":"IF(INDIRECT(\"'MRO Certificate Printing'!B\"&((ROW()-2)*4)+4)=\"\",\"\",INDIRECT(\"'MRO Certificate Printing'!B\"&((ROW()-2)*4)+4))","v":""},{"$f":"IF(INDIRECT(\"'MRO Certificate Printing'!G\"&((ROW()-2)*4)+4)=\"\",\"\",INDIRECT(\"'MRO Certificate Printing'!G\"&((ROW()-2)*4)+4))","v":""},{"$f":"IF(INDIRECT(\"'MRO Certificate Printing'!J\"&((ROW()-2)*4)+4)=\"\",\"\",INDIRECT(\"'MRO Certificate Printing'!J\"&((ROW()-2)*4)+4))","v":""},{"$f":"IF(INDIRECT(\"'MRO Certificate Printing'!I\"&((ROW()-2)*4)+4)=\"\",\"\",INDIRECT(\"'MRO Certificate Printing'!I\"&((ROW()-2)*4)+4))","v":""},{"$f":"IF(INDIRECT(\"'MRO Certificate Printing'!K\"&((ROW()-2)*4)+4)=\"\",\"\",INDIRECT(\"'MRO Certificate Printing'!K\"&((ROW()-2)*4)+4))","v":""},null,{"$f":"IF(INDIRECT(\"'MRO Certificate Printing'!D\"&((ROW()-2)*4)+5)=\"\",\"\",INDIRECT(\"'MRO Certificate Printing'!D\"&((ROW()-2)*4)+5))","v":""},{"$f":"IF(INDIRECT(\"'MRO Certificate Printing'!E\"&((ROW()-2)*4)+5)=\"\",\"\",INDIRECT(\"'MRO Certificate Printing'!E\"&((ROW()-2)*4)+5))","v":""},{"$f":"IF(INDIRECT(\"'MRO Certificate Printing'!F\"&((ROW()-2)*4)+5)=\"\",\"\",INDIRECT(\"'MRO Certificate Printing'!F\"&((ROW()-2)*4)+5))","v":""},{"$f":"IF(INDIRECT(\"'MRO Certificate Printing'!B\"&((ROW()-2)*4)+5)=\"\",\"\",INDIRECT(\"'MRO Certificate Printing'!B\"&((ROW()-2)*4)+5))","v":""},{"$f":"IF(INDIRECT(\"'MRO Certificate Printing'!G\"&((ROW()-2)*4)+5)=\"\",\"\",INDIRECT(\"'MRO Certificate Printing'!G\"&((ROW()-2)*4)+5))","v":""},{"$f":"IF(INDIRECT(\"'MRO Certificate Printing'!J\"&((ROW()-2)*4)+5)=\"\",\"\",INDIRECT(\"'MRO Certificate Printing'!J\"&((ROW()-2)*4)+5))","v":""},{"$f":"IF(INDIRECT(\"'MRO Certificate Printing'!I\"&((ROW()-2)*4)+5)=\"\",\"\",INDIRECT(\"'MRO Certificate Printing'!I\"&((ROW()-2)*4)+5))","v":""},{"$f":"IF(INDIRECT(\"'MRO Certificate Printing'!K\"&((ROW()-2)*4)+5)=\"\",\"\",INDIRECT(\"'MRO Certificate Printing'!K\"&((ROW()-2)*4)+5))","v":""}]
["",{"$f":"IF(INDIRECT(\"'MRO Certificate Printing'!D\"&((ROW()-2)*4)+2)=\"\",\"\",INDIRECT(\"'MRO Certificate Printing'!D\"&((ROW()-2)*4)+2))","v":""},{"$f":"IF(INDIRECT(\"'MRO Certificate Printing'!E\"&((ROW()-2)*4)+2)=\"\",\"\",INDIRECT(\"'MRO Certificate Printing'!E\"&((ROW()-2)*4)+2))","v":""},{"$f":"IF(INDIRECT(\"'MRO Certificate Printing'!F\"&((ROW()-2)*4)+2)=\"\",\"\",INDIRECT(\"'MRO Certificate Printing'!F\"&((ROW()-2)*4)+2))","v":""},{"$f":"IF(INDIRECT(\"'MRO Certificate Printing'!B\"&((ROW()-2)*4)+2)=\"\",\"\",INDIRECT(\"'MRO Certificate Printing'!B\"&((ROW()-2)*4)+2))","v":""},{"$f":"IF(INDIRECT(\"'MRO Certificate Printing'!G\"&((ROW()-2)*4)+2)=\"\",\"\",INDIRECT(\"'MRO Certificate Printing'!G\"&((ROW()-2)*4)+2))","v":""},{"$f":"IF(INDIRECT(\"'MRO Certificate Printing'!J\"&((ROW()-2)*4)+2)=\"\",\"\",INDIRECT(\"'MRO Certificate Printing'!J\"&((ROW()-2)*4)+2))","v":""},{"$f":"IF(INDIRECT(\"'MRO Certificate Printing'!I\"&((ROW()-2)*4)+2)=\"\",\"\",INDIRECT(\"'MRO Certificate Printing'!I\"&((ROW()-2)*4)+2))","v":""},{"$f":"IF(INDIRECT(\"'MRO Certificate Printing'!K\"&((ROW()-2)*4)+2)=\"\",\"\",INDIRECT(\"'MRO Certificate Printing'!K\"&((ROW()-2)*4)+2))","v":""},null,{"$f":"IF(INDIRECT(\"'MRO Certificate Printing'!D\"&((ROW()-2)*4)+3)=\"\",\"\",INDIRECT(\"'MRO Certificate Printing'!D\"&((ROW()-2)*4)+3))","v":""},{"$f":"IF(INDIRECT(\"'MRO Certificate Printing'!E\"&((ROW()-2)*4)+3)=\"\",\"\",INDIRECT(\"'MRO Certificate Printing'!E\"&((ROW()-2)*4)+3))","v":""},{"$f":"IF(INDIRECT(\"'MRO Certificate Printing'!F\"&((ROW()-2)*4)+3)=\"\",\"\",INDIRECT(\"'MRO Certificate Printing'!F\"&((ROW()-2)*4)+3))","v":""},{"$f":"IF(INDIRECT(\"'MRO Certificate Printing'!B\"&((ROW()-2)*4)+3)=\"\",\"\",INDIRECT(\"'MRO Certificate Printing'!B\"&((ROW()-2)*4)+3))","v":""},{"$f":"IF(INDIRECT(\"'MRO Certificate Printing'!G\"&((ROW()-2)*4)+3)=\"\",\"\",INDIRECT(\"'MRO Certificate Printing'!G\"&((ROW()-2)*4)+3))","v":""},{"$f":"IF(INDIRECT(\"'MRO Certificate Printing'!J\"&((ROW()-2)*4)+3)=\"\",\"\",INDIRECT(\"'MRO Certificate Printing'!J\"&((ROW()-2)*4)+3))","v":""},{"$f":"IF(INDIRECT(\"'MRO Certificate Printing'!I\"&((ROW()-2)*4)+3)=\"\",\"\",INDIRECT(\"'MRO Certificate Printing'!I\"&((ROW()-2)*4)+3))","v":""},{"$f":"IF(INDIRECT(\"'MRO Certificate Printing'!K\"&((ROW()-2)*4)+3)=\"\",\"\",INDIRECT(\"'MRO Certificate Printing'!K\"&((ROW()-2)*4)+3))","v":""},null,{"$f":"IF(INDIRECT(\"'MRO Certificate Printing'!D\"&((ROW()-2)*4)+4)=\"\",\"\",INDIRECT(\"'MRO Certificate Printing'!D\"&((ROW()-2)*4)+4))","v":""},{"$f":"IF(INDIRECT(\"'MRO Certificate Printing'!E\"&((ROW()-2)*4)+4)=\"\",\"\",INDIRECT(\"'MRO Certificate Printing'!E\"&((ROW()-2)*4)+4))","v":""},{"$f":"IF(INDIRECT(\"'MRO Certificate Printing'!F\"&((ROW()-2)*4)+4)=\"\",\"\",INDIRECT(\"'MRO Certificate Printing'!F\"&((ROW()-2)*4)+4))","v":""},{"$f":"IF(INDIRECT(\"'MRO Certificate Printing'!B\"&((ROW()-2)*4)+4)=\"\",\"\",INDIRECT(\"'MRO Certificate Printing'!B\"&((ROW()-2)*4)+4))","v":""},{"$f":"IF(INDIRECT(\"'MRO Certificate Printing'!G\"&((ROW()-2)*4)+4)=\"\",\"\",INDIRECT(\"'MRO Certificate Printing'!G\"&((ROW()-2)*4)+4))","v":""},{"$f":"IF(INDIRECT(\"'MRO Certificate Printing'!J\"&((ROW()-2)*4)+4)=\"\",\"\",INDIRECT(\"'MRO Certificate Printing'!J\"&((ROW()-2)*4)+4))","v":""},{"$f":"IF(INDIRECT(\"'MRO Certificate Printing'!I\"&((ROW()-2)*4)+4)=\"\",\"\",INDIRECT(\"'MRO Certificate Printing'!I\"&((ROW()-2)*4)+4))","v":""},{"$f":"IF(INDIRECT(\"'MRO Certificate Printing'!K\"&((ROW()-2)*4)+4)=\"\",\"\",INDIRECT(\"'MRO Certificate Printing'!K\"&((ROW()-2)*4)+4))","v":""},null,{"$f":"IF(INDIRECT(\"'MRO Certificate Printing'!D\"&((ROW()-2)*4)+5)=\"\",\"\",INDIRECT(\"'MRO Certificate Printing'!D\"&((ROW()-2)*4)+5))","v":""},{"$f":"IF(INDIRECT(\"'MRO Certificate Printing'!E\"&((ROW()-2)*4)+5)=\"\",\"\",INDIRECT(\"'MRO Certificate Printing'!E\"&((ROW()-2)*4)+5))","v":""},{"$f":"IF(INDIRECT(\"'MRO Certificate Printing'!F\"&((ROW()-2)*4)+5)=\"\",\"\",INDIRECT(\"'MRO Certificate Printing'!F\"&((ROW()-2)*4)+5))","v":""},{"$f":"IF(INDIRECT(\"'MRO Certificate Printing'!B\"&((ROW()-2)*4)+5)=\"\",\"\",INDIRECT(\"'MRO Certificate Printing'!B\"&((ROW()-2)*4)+5))","v":""},{"$f":"IF(INDIRECT(\"'MRO Certificate Printing'!G\"&((ROW()-2)*4)+5)=\"\",\"\",INDIRECT(\"'MRO Certificate Printing'!G\"&((ROW()-2)*4)+5))","v":""},{"$f":"IF(INDIRECT(\"'MRO Certificate Printing'!J\"&((ROW()-2)*4)+5)=\"\",\"\",INDIRECT(\"'MRO Certificate Printing'!J\"&((ROW()-2)*4)+5))","v":""},{"$f":"IF(INDIRECT(\"'MRO Certificate Printing'!I\"&((ROW()-2)*4)+5)=\"\",\"\",INDIRECT(\"'MRO Certificate Printing'!I\"&((ROW()-2)*4)+5))","v":""},{"$f":"IF(INDIRECT(\"'MRO Certificate Printing'!K\"&((ROW()-2)*4)+5)=\"\",\"\",INDIRECT(\"'MRO Certificate Printing'!K\"&((ROW()-2)*4)+5))","v":""}]
["",{"$f":"IF(INDIRECT(\"'MRO Certificate Printing'!D\"&((ROW()-2)*4)+2)=\"\",\"\",INDIRECT(\"'MRO Certificate Printing'!D\"&((ROW()-2)*4)+2))","v":""},{"$f":"IF(INDIRECT(\"'MRO Certificate Printing'!E\"&((ROW()-2)*4)+2)=\"\",\"\",INDIRECT(\"'MRO Certificate Printing'!E\"&((ROW()-2)*4)+2))","v":""},{"$f":"IF(INDIRECT(\"'MRO Certificate Printing'!F\"&((ROW()-2)*4)+2)=\"\",\"\",INDIRECT(\"'MRO Certificate Printing'!F\"&((ROW()-2)*4)+2))","v":""},{"$f":"IF(INDIRECT(\"'MRO Certificate Printing'!B\"&((ROW()-2)*4)+2)=\"\",\"\",INDIRECT(\"'MRO Certificate Printing'!B\"&((ROW()-2)*4)+2))","v":""},{"$f":"IF(INDIRECT(\"'MRO Certificate Printing'!G\"&((ROW()-2)*4)+2)=\"\",\"\",INDIRECT(\"'MRO Certificate Printing'!G\"&((ROW()-2)*4)+2))","v":""},{"$f":"IF(INDIRECT(\"'MRO Certificate Printing'!J\"&((ROW()-2)*4)+2)=\"\",\"\",INDIRECT(\"'MRO Certificate Printing'!J\"&((ROW()-2)*4)+2))","v":""},{"$f":"IF(INDIRECT(\"'MRO Certificate Printing'!I\"&((ROW()-2)*4)+2)=\"\",\"\",INDIRECT(\"'MRO Certificate Printing'!I\"&((ROW()-2)*4)+2))","v":""},{"$f":"IF(INDIRECT(\"'MRO Certificate Printing'!K\"&((ROW()-2)*4)+2)=\"\",\"\",INDIRECT(\"'MRO Certificate Printing'!K\"&((ROW()-2)*4)+2))","v":""},null,{"$f":"IF(INDIRECT(\"'MRO Certificate Printing'!D\"&((ROW()-2)*4)+3)=\"\",\"\",INDIRECT(\"'MRO Certificate Printing'!D\"&((ROW()-2)*4)+3))","v":""},{"$f":"IF(INDIRECT(\"'MRO Certificate Printing'!E\"&((ROW()-2)*4)+3)=\"\",\"\",INDIRECT(\"'MRO Certificate Printing'!E\"&((ROW()-2)*4)+3))","v":""},{"$f":"IF(INDIRECT(\"'MRO Certificate Printing'!F\"&((ROW()-2)*4)+3)=\"\",\"\",INDIRECT(\"'MRO Certificate Printing'!F\"&((ROW()-2)*4)+3))","v":""},{"$f":"IF(INDIRECT(\"'MRO Certificate Printing'!B\"&((ROW()-2)*4)+3)=\"\",\"\",INDIRECT(\"'MRO Certificate Printing'!B\"&((ROW()-2)*4)+3))","v":""},{"$f":"IF(INDIRECT(\"'MRO Certificate Printing'!G\"&((ROW()-2)*4)+3)=\"\",\"\",INDIRECT(\"'MRO Certificate Printing'!G\"&((ROW()-2)*4)+3))","v":""},{"$f":"IF(INDIRECT(\"'MRO Certificate Printing'!J\"&((ROW()-2)*4)+3)=\"\",\"\",INDIRECT(\"'MRO Certificate Printing'!J\"&((ROW()-2)*4)+3))","v":""},{"$f":"IF(INDIRECT(\"'MRO Certificate Printing'!I\"&((ROW()-2)*4)+3)=\"\",\"\",INDIRECT(\"'MRO Certificate Printing'!I\"&((ROW()-2)*4)+3))","v":""},{"$f":"IF(INDIRECT(\"'MRO Certificate Printing'!K\"&((ROW()-2)*4)+3)=\"\",\"\",INDIRECT(\"'MRO Certificate Printing'!K\"&((ROW()-2)*4)+3))","v":""},null,{"$f":"IF(INDIRECT(\"'MRO Certificate Printing'!D\"&((ROW()-2)*4)+4)=\"\",\"\",INDIRECT(\"'MRO Certificate Printing'!D\"&((ROW()-2)*4)+4))","v":""},{"$f":"IF(INDIRECT(\"'MRO Certificate Printing'!E\"&((ROW()-2)*4)+4)=\"\",\"\",INDIRECT(\"'MRO Certificate Printing'!E\"&((ROW()-2)*4)+4))","v":""},{"$f":"IF(INDIRECT(\"'MRO Certificate Printing'!F\"&((ROW()-2)*4)+4)=\"\",\"\",INDIRECT(\"'MRO Certificate Printing'!F\"&((ROW()-2)*4)+4))","v":""},{"$f":"IF(INDIRECT(\"'MRO Certificate Printing'!B\"&((ROW()-2)*4)+4)=\"\",\"\",INDIRECT(\"'MRO Certificate Printing'!B\"&((ROW()-2)*4)+4))","v":""},{"$f":"IF(INDIRECT(\"'MRO Certificate Printing'!G\"&((ROW()-2)*4)+4)=\"\",\"\",INDIRECT(\"'MRO Certificate Printing'!G\"&((ROW()-2)*4)+4))","v":""},{"$f":"IF(INDIRECT(\"'MRO Certificate Printing'!J\"&((ROW()-2)*4)+4)=\"\",\"\",INDIRECT(\"'MRO Certificate Printing'!J\"&((ROW()-2)*4)+4))","v":""},{"$f":"IF(INDIRECT(\"'MRO Certificate Printing'!I\"&((ROW()-2)*4)+4)=\"\",\"\",INDIRECT(\"'MRO Certificate Printing'!I\"&((ROW()-2)*4)+4))","v":""},{"$f":"IF(INDIRECT(\"'MRO Certificate Printing'!K\"&((ROW()-2)*4)+4)=\"\",\"\",INDIRECT(\"'MRO Certificate Printing'!K\"&((ROW()-2)*4)+4))","v":""},null,{"$f":"IF(INDIRECT(\"'MRO Certificate Printing'!D\"&((ROW()-2)*4)+5)=\"\",\"\",INDIRECT(\"'MRO Certificate Printing'!D\"&((ROW()-2)*4)+5))","v":""},{"$f":"IF(INDIRECT(\"'MRO Certificate Printing'!E\"&((ROW()-2)*4)+5)=\"\",\"\",INDIRECT(\"'MRO Certificate Printing'!E\"&((ROW()-2)*4)+5))","v":""},{"$f":"IF(INDIRECT(\"'MRO Certificate Printing'!F\"&((ROW()-2)*4)+5)=\"\",\"\",INDIRECT(\"'MRO Certificate Printing'!F\"&((ROW()-2)*4)+5))","v":""},{"$f":"IF(INDIRECT(\"'MRO Certificate Printing'!B\"&((ROW()-2)*4)+5)=\"\",\"\",INDIRECT(\"'MRO Certificate Printing'!B\"&((ROW()-2)*4)+5))","v":""},{"$f":"IF(INDIRECT(\"'MRO Certificate Printing'!G\"&((ROW()-2)*4)+5)=\"\",\"\",INDIRECT(\"'MRO Certificate Printing'!G\"&((ROW()-2)*4)+5))","v":""},{"$f":"IF(INDIRECT(\"'MRO Certificate Printing'!J\"&((ROW()-2)*4)+5)=\"\",\"\",INDIRECT(\"'MRO Certificate Printing'!J\"&((ROW()-2)*4)+5))","v":""},{"$f":"IF(INDIRECT(\"'MRO Certificate Printing'!I\"&((ROW()-2)*4)+5)=\"\",\"\",INDIRECT(\"'MRO Certificate Printing'!I\"&((ROW()-2)*4)+5))","v":""},{"$f":"IF(INDIRECT(\"'MRO Certificate Printing'!K\"&((ROW()-2)*4)+5)=\"\",\"\",INDIRECT(\"'MRO Certificate Printing'!K\"&((ROW()-2)*4)+5))","v":""}]
["",{"$f":"IF(INDIRECT(\"'MRO Certificate Printing'!D\"&((ROW()-2)*4)+2)=\"\",\"\",INDIRECT(\"'MRO Certificate Printing'!D\"&((ROW()-2)*4)+2))","v":""},{"$f":"IF(INDIRECT(\"'MRO Certificate Printing'!E\"&((ROW()-2)*4)+2)=\"\",\"\",INDIRECT(\"'MRO Certificate Printing'!E\"&((ROW()-2)*4)+2))","v":""},{"$f":"IF(INDIRECT(\"'MRO Certificate Printing'!F\"&((ROW()-2)*4)+2)=\"\",\"\",INDIRECT(\"'MRO Certificate Printing'!F\"&((ROW()-2)*4)+2))","v":""},{"$f":"IF(INDIRECT(\"'MRO Certificate Printing'!B\"&((ROW()-2)*4)+2)=\"\",\"\",INDIRECT(\"'MRO Certificate Printing'!B\"&((ROW()-2)*4)+2))","v":""},{"$f":"IF(INDIRECT(\"'MRO Certificate Printing'!G\"&((ROW()-2)*4)+2)=\"\",\"\",INDIRECT(\"'MRO Certificate Printing'!G\"&((ROW()-2)*4)+2))","v":""},{"$f":"IF(INDIRECT(\"'MRO Certificate Printing'!J\"&((ROW()-2)*4)+2)=\"\",\"\",INDIRECT(\"'MRO Certificate Printing'!J\"&((ROW()-2)*4)+2))","v":""},{"$f":"IF(INDIRECT(\"'MRO Certificate Printing'!I\"&((ROW()-2)*4)+2)=\"\",\"\",INDIRECT(\"'MRO Certificate Printing'!I\"&((ROW()-2)*4)+2))","v":""},{"$f":"IF(INDIRECT(\"'MRO Certificate Printing'!K\"&((ROW()-2)*4)+2)=\"\",\"\",INDIRECT(\"'MRO Certificate Printing'!K\"&((ROW()-2)*4)+2))","v":""},null,{"$f":"IF(INDIRECT(\"'MRO Certificate Printing'!D\"&((ROW()-2)*4)+3)=\"\",\"\",INDIRECT(\"'MRO Certificate Printing'!D\"&((ROW()-2)*4)+3))","v":""},{"$f":"IF(INDIRECT(\"'MRO Certificate Printing'!E\"&((ROW()-2)*4)+3)=\"\",\"\",INDIRECT(\"'MRO Certificate Printing'!E\"&((ROW()-2)*4)+3))","v":""},{"$f":"IF(INDIRECT(\"'MRO Certificate Printing'!F\"&((ROW()-2)*4)+3)=\"\",\"\",INDIRECT(\"'MRO Certificate Printing'!F\"&((ROW()-2)*4)+3))","v":""},{"$f":"IF(INDIRECT(\"'MRO Certificate Printing'!B\"&((ROW()-2)*4)+3)=\"\",\"\",INDIRECT(\"'MRO Certificate Printing'!B\"&((ROW()-2)*4)+3))","v":""},{"$f":"IF(INDIRECT(\"'MRO Certificate Printing'!G\"&((ROW()-2)*4)+3)=\"\",\"\",INDIRECT(\"'MRO Certificate Printing'!G\"&((ROW()-2)*4)+3))","v":""},{"$f":"IF(INDIRECT(\"'MRO Certificate Printing'!J\"&((ROW()-2)*4)+3)=\"\",\"\",INDIRECT(\"'MRO Certificate Printing'!J\"&((ROW()-2)*4)+3))","v":""},{"$f":"IF(INDIRECT(\"'MRO Certificate Printing'!I\"&((ROW()-2)*4)+3)=\"\",\"\",INDIRECT(\"'MRO Certificate Printing'!I\"&((ROW()-2)*4)+3))","v":""},{"$f":"IF(INDIRECT(\"'MRO Certificate Printing'!K\"&((ROW()-2)*4)+3)=\"\",\"\",INDIRECT(\"'MRO Certificate Printing'!K\"&((ROW()-2)*4)+3))","v":""},null,{"$f":"IF(INDIRECT(\"'MRO Certificate Printing'!D\"&((ROW()-2)*4)+4)=\"\",\"\",INDIRECT(\"'MRO Certificate Printing'!D\"&((ROW()-2)*4)+4))","v":""},{"$f":"IF(INDIRECT(\"'MRO Certificate Printing'!E\"&((ROW()-2)*4)+4)=\"\",\"\",INDIRECT(\"'MRO Certificate Printing'!E\"&((ROW()-2)*4)+4))","v":""},{"$f":"IF(INDIRECT(\"'MRO Certificate Printing'!F\"&((ROW()-2)*4)+4)=\"\",\"\",INDIRECT(\"'MRO Certificate Printing'!F\"&((ROW()-2)*4)+4))","v":""},{"$f":"IF(INDIRECT(\"'MRO Certificate Printing'!B\"&((ROW()-2)*4)+4)=\"\",\"\",INDIRECT(\"'MRO Certificate Printing'!B\"&((ROW()-2)*4)+4))","v":""},{"$f":"IF(INDIRECT(\"'MRO Certificate Printing'!G\"&((ROW()-2)*4)+4)=\"\",\"\",INDIRECT(\"'MRO Certificate Printing'!G\"&((ROW()-2)*4)+4))","v":""},{"$f":"IF(INDIRECT(\"'MRO Certificate Printing'!J\"&((ROW()-2)*4)+4)=\"\",\"\",INDIRECT(\"'MRO Certificate Printing'!J\"&((ROW()-2)*4)+4))","v":""},{"$f":"IF(INDIRECT(\"'MRO Certificate Printing'!I\"&((ROW()-2)*4)+4)=\"\",\"\",INDIRECT(\"'MRO Certificate Printing'!I\"&((ROW()-2)*4)+4))","v":""},{"$f":"IF(INDIRECT(\"'MRO Certificate Printing'!K\"&((ROW()-2)*4)+4)=\"\",\"\",INDIRECT(\"'MRO Certificate Printing'!K\"&((ROW()-2)*4)+4))","v":""},null,{"$f":"IF(INDIRECT(\"'MRO Certificate Printing'!D\"&((ROW()-2)*4)+5)=\"\",\"\",INDIRECT(\"'MRO Certificate Printing'!D\"&((ROW()-2)*4)+5))","v":""},{"$f":"IF(INDIRECT(\"'MRO Certificate Printing'!E\"&((ROW()-2)*4)+5)=\"\",\"\",INDIRECT(\"'MRO Certificate Printing'!E\"&((ROW()-2)*4)+5))","v":""},{"$f":"IF(INDIRECT(\"'MRO Certificate Printing'!F\"&((ROW()-2)*4)+5)=\"\",\"\",INDIRECT(\"'MRO Certificate Printing'!F\"&((ROW()-2)*4)+5))","v":""},{"$f":"IF(INDIRECT(\"'MRO Certificate Printing'!B\"&((ROW()-2)*4)+5)=\"\",\"\",INDIRECT(\"'MRO Certificate Printing'!B\"&((ROW()-2)*4)+5))","v":""},{"$f":"IF(INDIRECT(\"'MRO Certificate Printing'!G\"&((ROW()-2)*4)+5)=\"\",\"\",INDIRECT(\"'MRO Certificate Printing'!G\"&((ROW()-2)*4)+5))","v":""},{"$f":"IF(INDIRECT(\"'MRO Certificate Printing'!J\"&((ROW()-2)*4)+5)=\"\",\"\",INDIRECT(\"'MRO Certificate Printing'!J\"&((ROW()-2)*4)+5))","v":""},{"$f":"IF(INDIRECT(\"'MRO Certificate Printing'!I\"&((ROW()-2)*4)+5)=\"\",\"\",INDIRECT(\"'MRO Certificate Printing'!I\"&((ROW()-2)*4)+5))","v":""},{"$f":"IF(INDIRECT(\"'MRO Certificate Printing'!K\"&((ROW()-2)*4)+5)=\"\",\"\",INDIRECT(\"'MRO Certificate Printing'!K\"&((ROW()-2)*4)+5))","v":""}]
["",{"$f":"IF(INDIRECT(\"'MRO Certificate Printing'!D\"&((ROW()-2)*4)+2)=\"\",\"\",INDIRECT(\"'MRO Certificate Printing'!D\"&((ROW()-2)*4)+2))","v":""},{"$f":"IF(INDIRECT(\"'MRO Certificate Printing'!E\"&((ROW()-2)*4)+2)=\"\",\"\",INDIRECT(\"'MRO Certificate Printing'!E\"&((ROW()-2)*4)+2))","v":""},{"$f":"IF(INDIRECT(\"'MRO Certificate Printing'!F\"&((ROW()-2)*4)+2)=\"\",\"\",INDIRECT(\"'MRO Certificate Printing'!F\"&((ROW()-2)*4)+2))","v":""},{"$f":"IF(INDIRECT(\"'MRO Certificate Printing'!B\"&((ROW()-2)*4)+2)=\"\",\"\",INDIRECT(\"'MRO Certificate Printing'!B\"&((ROW()-2)*4)+2))","v":""},{"$f":"IF(INDIRECT(\"'MRO Certificate Printing'!G\"&((ROW()-2)*4)+2)=\"\",\"\",INDIRECT(\"'MRO Certificate Printing'!G\"&((ROW()-2)*4)+2))","v":""},{"$f":"IF(INDIRECT(\"'MRO Certificate Printing'!J\"&((ROW()-2)*4)+2)=\"\",\"\",INDIRECT(\"'MRO Certificate Printing'!J\"&((ROW()-2)*4)+2))","v":""},{"$f":"IF(INDIRECT(\"'MRO Certificate Printing'!I\"&((ROW()-2)*4)+2)=\"\",\"\",INDIRECT(\"'MRO Certificate Printing'!I\"&((ROW()-2)*4)+2))","v":""},{"$f":"IF(INDIRECT(\"'MRO Certificate Printing'!K\"&((ROW()-2)*4)+2)=\"\",\"\",INDIRECT(\"'MRO Certificate Printing'!K\"&((ROW()-2)*4)+2))","v":""},null,{"$f":"IF(INDIRECT(\"'MRO Certificate Printing'!D\"&((ROW()-2)*4)+3)=\"\",\"\",INDIRECT(\"'MRO Certificate Printing'!D\"&((ROW()-2)*4)+3))","v":""},{"$f":"IF(INDIRECT(\"'MRO Certificate Printing'!E\"&((ROW()-2)*4)+3)=\"\",\"\",INDIRECT(\"'MRO Certificate Printing'!E\"&((ROW()-2)*4)+3))","v":""},{"$f":"IF(INDIRECT(\"'MRO Certificate Printing'!F\"&((ROW()-2)*4)+3)=\"\",\"\",INDIRECT(\"'MRO Certificate Printing'!F\"&((ROW()-2)*4)+3))","v":""},{"$f":"IF(INDIRECT(\"'MRO Certificate Printing'!B\"&((ROW()-2)*4)+3)=\"\",\"\",INDIRECT(\"'MRO Certificate Printing'!B\"&((ROW()-2)*4)+3))","v":""},{"$f":"IF(INDIRECT(\"'MRO Certificate Printing'!G\"&((ROW()-2)*4)+3)=\"\",\"\",INDIRECT(\"'MRO Certificate Printing'!G\"&((ROW()-2)*4)+3))","v":""},{"$f":"IF(INDIRECT(\"'MRO Certificate Printing'!J\"&((ROW()-2)*4)+3)=\"\",\"\",INDIRECT(\"'MRO Certificate Printing'!J\"&((ROW()-2)*4)+3))","v":""},{"$f":"IF(INDIRECT(\"'MRO Certificate Printing'!I\"&((ROW()-2)*4)+3)=\"\",\"\",INDIRECT(\"'MRO Certificate Printing'!I\"&((ROW()-2)*4)+3))","v":""},{"$f":"IF(INDIRECT(\"'MRO Certificate Printing'!K\"&((ROW()-2)*4)+3)=\"\",\"\",INDIRECT(\"'MRO Certificate Printing'!K\"&((ROW()-2)*4)+3))","v":""},null,{"$f":"IF(INDIRECT(\"'MRO Certificate Printing'!D\"&((ROW()-2)*4)+4)=\"\",\"\",INDIRECT(\"'MRO Certificate Printing'!D\"&((ROW()-2)*4)+4))","v":""},{"$f":"IF(INDIRECT(\"'MRO Certificate Printing'!E\"&((ROW()-2)*4)+4)=\"\",\"\",INDIRECT(\"'MRO Certificate Printing'!E\"&((ROW()-2)*4)+4))","v":""},{"$f":"IF(INDIRECT(\"'MRO Certificate Printing'!F\"&((ROW()-2)*4)+4)=\"\",\"\",INDIRECT(\"'MRO Certificate Printing'!F\"&((ROW()-2)*4)+4))","v":""},{"$f":"IF(INDIRECT(\"'MRO Certificate Printing'!B\"&((ROW()-2)*4)+4)=\"\",\"\",INDIRECT(\"'MRO Certificate Printing'!B\"&((ROW()-2)*4)+4))","v":""},{"$f":"IF(INDIRECT(\"'MRO Certificate Printing'!G\"&((ROW()-2)*4)+4)=\"\",\"\",INDIRECT(\"'MRO Certificate Printing'!G\"&((ROW()-2)*4)+4))","v":""},{"$f":"IF(INDIRECT(\"'MRO Certificate Printing'!J\"&((ROW()-2)*4)+4)=\"\",\"\",INDIRECT(\"'MRO Certificate Printing'!J\"&((ROW()-2)*4)+4))","v":""},{"$f":"IF(INDIRECT(\"'MRO Certificate Printing'!I\"&((ROW()-2)*4)+4)=\"\",\"\",INDIRECT(\"'MRO Certificate Printing'!I\"&((ROW()-2)*4)+4))","v":""},{"$f":"IF(INDIRECT(\"'MRO Certificate Printing'!K\"&((ROW()-2)*4)+4)=\"\",\"\",INDIRECT(\"'MRO Certificate Printing'!K\"&((ROW()-2)*4)+4))","v":""},null,{"$f":"IF(INDIRECT(\"'MRO Certificate Printing'!D\"&((ROW()-2)*4)+5)=\"\",\"\",INDIRECT(\"'MRO Certificate Printing'!D\"&((ROW()-2)*4)+5))","v":""},{"$f":"IF(INDIRECT(\"'MRO Certificate Printing'!E\"&((ROW()-2)*4)+5)=\"\",\"\",INDIRECT(\"'MRO Certificate Printing'!E\"&((ROW()-2)*4)+5))","v":""},{"$f":"IF(INDIRECT(\"'MRO Certificate Printing'!F\"&((ROW()-2)*4)+5)=\"\",\"\",INDIRECT(\"'MRO Certificate Printing'!F\"&((ROW()-2)*4)+5))","v":""},{"$f":"IF(INDIRECT(\"'MRO Certificate Printing'!B\"&((ROW()-2)*4)+5)=\"\",\"\",INDIRECT(\"'MRO Certificate Printing'!B\"&((ROW()-2)*4)+5))","v":""},{"$f":"IF(INDIRECT(\"'MRO Certificate Printing'!G\"&((ROW()-2)*4)+5)=\"\",\"\",INDIRECT(\"'MRO Certificate Printing'!G\"&((ROW()-2)*4)+5))","v":""},{"$f":"IF(INDIRECT(\"'MRO Certificate Printing'!J\"&((ROW()-2)*4)+5)=\"\",\"\",INDIRECT(\"'MRO Certificate Printing'!J\"&((ROW()-2)*4)+5))","v":""},{"$f":"IF(INDIRECT(\"'MRO Certificate Printing'!I\"&((ROW()-2)*4)+5)=\"\",\"\",INDIRECT(\"'MRO Certificate Printing'!I\"&((ROW()-2)*4)+5))","v":""},{"$f":"IF(INDIRECT(\"'MRO Certificate Printing'!K\"&((ROW()-2)*4)+5)=\"\",\"\",INDIRECT(\"'MRO Certificate Printing'!K\"&((ROW()-2)*4)+5))","v":""}]
["",{"$f":"IF(INDIRECT(\"'MRO Certificate Printing'!D\"&((ROW()-2)*4)+2)=\"\",\"\",INDIRECT(\"'MRO Certificate Printing'!D\"&((ROW()-2)*4)+2))","v":""},{"$f":"IF(INDIRECT(\"'MRO Certificate Printing'!E\"&((ROW()-2)*4)+2)=\"\",\"\",INDIRECT(\"'MRO Certificate Printing'!E\"&((ROW()-2)*4)+2))","v":""},{"$f":"IF(INDIRECT(\"'MRO Certificate Printing'!F\"&((ROW()-2)*4)+2)=\"\",\"\",INDIRECT(\"'MRO Certificate Printing'!F\"&((ROW()-2)*4)+2))","v":""},{"$f":"IF(INDIRECT(\"'MRO Certificate Printing'!B\"&((ROW()-2)*4)+2)=\"\",\"\",INDIRECT(\"'MRO Certificate Printing'!B\"&((ROW()-2)*4)+2))","v":""},{"$f":"IF(INDIRECT(\"'MRO Certificate Printing'!G\"&((ROW()-2)*4)+2)=\"\",\"\",INDIRECT(\"'MRO Certificate Printing'!G\"&((ROW()-2)*4)+2))","v":""},{"$f":"IF(INDIRECT(\"'MRO Certificate Printing'!J\"&((ROW()-2)*4)+2)=\"\",\"\",INDIRECT(\"'MRO Certificate Printing'!J\"&((ROW()-2)*4)+2))","v":""},{"$f":"IF(INDIRECT(\"'MRO Certificate Printing'!I\"&((ROW()-2)*4)+2)=\"\",\"\",INDIRECT(\"'MRO Certificate Printing'!I\"&((ROW()-2)*4)+2))","v":""},{"$f":"IF(INDIRECT(\"'MRO Certificate Printing'!K\"&((ROW()-2)*4)+2)=\"\",\"\",INDIRECT(\"'MRO Certificate Printing'!K\"&((ROW()-2)*4)+2))","v":""},null,{"$f":"IF(INDIRECT(\"'MRO Certificate Printing'!D\"&((ROW()-2)*4)+3)=\"\",\"\",INDIRECT(\"'MRO Certificate Printing'!D\"&((ROW()-2)*4)+3))","v":""},{"$f":"IF(INDIRECT(\"'MRO Certificate Printing'!E\"&((ROW()-2)*4)+3)=\"\",\"\",INDIRECT(\"'MRO Certificate Printing'!E\"&((ROW()-2)*4)+3))","v":""},{"$f":"IF(INDIRECT(\"'MRO Certificate Printing'!F\"&((ROW()-2)*4)+3)=\"\",\"\",INDIRECT(\"'MRO Certificate Printing'!F\"&((ROW()-2)*4)+3))","v":""},{"$f":"IF(INDIRECT(\"'MRO Certificate Printing'!B\"&((ROW()-2)*4)+3)=\"\",\"\",INDIRECT(\"'MRO Certificate Printing'!B\"&((ROW()-2)*4)+3))","v":""},{"$f":"IF(INDIRECT(\"'MRO Certificate Printing'!G\"&((ROW()-2)*4)+3)=\"\",\"\",INDIRECT(\"'MRO Certificate Printing'!G\"&((ROW()-2)*4)+3))","v":""},{"$f":"IF(INDIRECT(\"'MRO Certificate Printing'!J\"&((ROW()-2)*4)+3)=\"\",\"\",INDIRECT(\"'MRO Certificate Printing'!J\"&((ROW()-2)*4)+3))","v":""},{"$f":"IF(INDIRECT(\"'MRO Certificate Printing'!I\"&((ROW()-2)*4)+3)=\"\",\"\",INDIRECT(\"'MRO Certificate Printing'!I\"&((ROW()-2)*4)+3))","v":""},{"$f":"IF(INDIRECT(\"'MRO Certificate Printing'!K\"&((ROW()-2)*4)+3)=\"\",\"\",INDIRECT(\"'MRO Certificate Printing'!K\"&((ROW()-2)*4)+3))","v":""},null,{"$f":"IF(INDIRECT(\"'MRO Certificate Printing'!D\"&((ROW()-2)*4)+4)=\"\",\"\",INDIRECT(\"'MRO Certificate Printing'!D\"&((ROW()-2)*4)+4))","v":""},{"$f":"IF(INDIRECT(\"'MRO Certificate Printing'!E\"&((ROW()-2)*4)+4)=\"\",\"\",INDIRECT(\"'MRO Certificate Printing'!E\"&((ROW()-2)*4)+4))","v":""},{"$f":"IF(INDIRECT(\"'MRO Certificate Printing'!F\"&((ROW()-2)*4)+4)=\"\",\"\",INDIRECT(\"'MRO Certificate Printing'!F\"&((ROW()-2)*4)+4))","v":""},{"$f":"IF(INDIRECT(\"'MRO Certificate Printing'!B\"&((ROW()-2)*4)+4)=\"\",\"\",INDIRECT(\"'MRO Certificate Printing'!B\"&((ROW()-2)*4)+4))","v":""},{"$f":"IF(INDIRECT(\"'MRO Certificate Printing'!G\"&((ROW()-2)*4)+4)=\"\",\"\",INDIRECT(\"'MRO Certificate Printing'!G\"&((ROW()-2)*4)+4))","v":""},{"$f":"IF(INDIRECT(\"'MRO Certificate Printing'!J\"&((ROW()-2)*4)+4)=\"\",\"\",INDIRECT(\"'MRO Certificate Printing'!J\"&((ROW()-2)*4)+4))","v":""},{"$f":"IF(INDIRECT(\"'MRO Certificate Printing'!I\"&((ROW()-2)*4)+4)=\"\",\"\",INDIRECT(\"'MRO Certificate Printing'!I\"&((ROW()-2)*4)+4))","v":""},{"$f":"IF(INDIRECT(\"'MRO Certificate Printing'!K\"&((ROW()-2)*4)+4)=\"\",\"\",INDIRECT(\"'MRO Certificate Printing'!K\"&((ROW()-2)*4)+4))","v":""},null,{"$f":"IF(INDIRECT(\"'MRO Certificate Printing'!D\"&((ROW()-2)*4)+5)=\"\",\"\",INDIRECT(\"'MRO Certificate Printing'!D\"&((ROW()-2)*4)+5))","v":""},{"$f":"IF(INDIRECT(\"'MRO Certificate Printing'!E\"&((ROW()-2)*4)+5)=\"\",\"\",INDIRECT(\"'MRO Certificate Printing'!E\"&((ROW()-2)*4)+5))","v":""},{"$f":"IF(INDIRECT(\"'MRO Certificate Printing'!F\"&((ROW()-2)*4)+5)=\"\",\"\",INDIRECT(\"'MRO Certificate Printing'!F\"&((ROW()-2)*4)+5))","v":""},{"$f":"IF(INDIRECT(\"'MRO Certificate Printing'!B\"&((ROW()-2)*4)+5)=\"\",\"\",INDIRECT(\"'MRO Certificate Printing'!B\"&((ROW()-2)*4)+5))","v":""},{"$f":"IF(INDIRECT(\"'MRO Certificate Printing'!G\"&((ROW()-2)*4)+5)=\"\",\"\",INDIRECT(\"'MRO Certificate Printing'!G\"&((ROW()-2)*4)+5))","v":""},{"$f":"IF(INDIRECT(\"'MRO Certificate Printing'!J\"&((ROW()-2)*4)+5)=\"\",\"\",INDIRECT(\"'MRO Certificate Printing'!J\"&((ROW()-2)*4)+5))","v":""},{"$f":"IF(INDIRECT(\"'MRO Certificate Printing'!I\"&((ROW()-2)*4)+5)=\"\",\"\",INDIRECT(\"'MRO Certificate Printing'!I\"&((ROW()-2)*4)+5))","v":""},{"$f":"IF(INDIRECT(\"'MRO Certificate Printing'!K\"&((ROW()-2)*4)+5)=\"\",\"\",INDIRECT(\"'MRO Certificate Printing'!K\"&((ROW()-2)*4)+5))","v":""}]
["",{"$f":"IF(INDIRECT(\"'MRO Certificate Printing'!D\"&((ROW()-2)*4)+2)=\"\",\"\",INDIRECT(\"'MRO Certificate Printing'!D\"&((ROW()-2)*4)+2))","v":""},{"$f":"IF(INDIRECT(\"'MRO Certificate Printing'!E\"&((ROW()-2)*4)+2)=\"\",\"\",INDIRECT(\"'MRO Certificate Printing'!E\"&((ROW()-2)*4)+2))","v":""},{"$f":"IF(INDIRECT(\"'MRO Certificate Printing'!F\"&((ROW()-2)*4)+2)=\"\",\"\",INDIRECT(\"'MRO Certificate Printing'!F\"&((ROW()-2)*4)+2))","v":""},{"$f":"IF(INDIRECT(\"'MRO Certificate Printing'!B\"&((ROW()-2)*4)+2)=\"\",\"\",INDIRECT(\"'MRO Certificate Printing'!B\"&((ROW()-2)*4)+2))","v":""},{"$f":"IF(INDIRECT(\"'MRO Certificate Printing'!G\"&((ROW()-2)*4)+2)=\"\",\"\",INDIRECT(\"'MRO Certificate Printing'!G\"&((ROW()-2)*4)+2))","v":""},{"$f":"IF(INDIRECT(\"'MRO Certificate Printing'!J\"&((ROW()-2)*4)+2)=\"\",\"\",INDIRECT(\"'MRO Certificate Printing'!J\"&((ROW()-2)*4)+2))","v":""},{"$f":"IF(INDIRECT(\"'MRO Certificate Printing'!I\"&((ROW()-2)*4)+2)=\"\",\"\",INDIRECT(\"'MRO Certificate Printing'!I\"&((ROW()-2)*4)+2))","v":""},{"$f":"IF(INDIRECT(\"'MRO Certificate Printing'!K\"&((ROW()-2)*4)+2)=\"\",\"\",INDIRECT(\"'MRO Certificate Printing'!K\"&((ROW()-2)*4)+2))","v":""},null,{"$f":"IF(INDIRECT(\"'MRO Certificate Printing'!D\"&((ROW()-2)*4)+3)=\"\",\"\",INDIRECT(\"'MRO Certificate Printing'!D\"&((ROW()-2)*4)+3))","v":""},{"$f":"IF(INDIRECT(\"'MRO Certificate Printing'!E\"&((ROW()-2)*4)+3)=\"\",\"\",INDIRECT(\"'MRO Certificate Printing'!E\"&((ROW()-2)*4)+3))","v":""},{"$f":"IF(INDIRECT(\"'MRO Certificate Printing'!F\"&((ROW()-2)*4)+3)=\"\",\"\",INDIRECT(\"'MRO Certificate Printing'!F\"&((ROW()-2)*4)+3))","v":""},{"$f":"IF(INDIRECT(\"'MRO Certificate Printing'!B\"&((ROW()-2)*4)+3)=\"\",\"\",INDIRECT(\"'MRO Certificate Printing'!B\"&((ROW()-2)*4)+3))","v":""},{"$f":"IF(INDIRECT(\"'MRO Certificate Printing'!G\"&((ROW()-2)*4)+3)=\"\",\"\",INDIRECT(\"'MRO Certificate Printing'!G\"&((ROW()-2)*4)+3))","v":""},{"$f":"IF(INDIRECT(\"'MRO Certificate Printing'!J\"&((ROW()-2)*4)+3)=\"\",\"\",INDIRECT(\"'MRO Certificate Printing'!J\"&((ROW()-2)*4)+3))","v":""},{"$f":"IF(INDIRECT(\"'MRO Certificate Printing'!I\"&((ROW()-2)*4)+3)=\"\",\"\",INDIRECT(\"'MRO Certificate Printing'!I\"&((ROW()-2)*4)+3))","v":""},{"$f":"IF(INDIRECT(\"'MRO Certificate Printing'!K\"&((ROW()-2)*4)+3)=\"\",\"\",INDIRECT(\"'MRO Certificate Printing'!K\"&((ROW()-2)*4)+3))","v":""},null,{"$f":"IF(INDIRECT(\"'MRO Certificate Printing'!D\"&((ROW()-2)*4)+4)=\"\",\"\",INDIRECT(\"'MRO Certificate Printing'!D\"&((ROW()-2)*4)+4))","v":""},{"$f":"IF(INDIRECT(\"'MRO Certificate Printing'!E\"&((ROW()-2)*4)+4)=\"\",\"\",INDIRECT(\"'MRO Certificate Printing'!E\"&((ROW()-2)*4)+4))","v":""},{"$f":"IF(INDIRECT(\"'MRO Certificate Printing'!F\"&((ROW()-2)*4)+4)=\"\",\"\",INDIRECT(\"'MRO Certificate Printing'!F\"&((ROW()-2)*4)+4))","v":""},{"$f":"IF(INDIRECT(\"'MRO Certificate Printing'!B\"&((ROW()-2)*4)+4)=\"\",\"\",INDIRECT(\"'MRO Certificate Printing'!B\"&((ROW()-2)*4)+4))","v":""},{"$f":"IF(INDIRECT(\"'MRO Certificate Printing'!G\"&((ROW()-2)*4)+4)=\"\",\"\",INDIRECT(\"'MRO Certificate Printing'!G\"&((ROW()-2)*4)+4))","v":""},{"$f":"IF(INDIRECT(\"'MRO Certificate Printing'!J\"&((ROW()-2)*4)+4)=\"\",\"\",INDIRECT(\"'MRO Certificate Printing'!J\"&((ROW()-2)*4)+4))","v":""},{"$f":"IF(INDIRECT(\"'MRO Certificate Printing'!I\"&((ROW()-2)*4)+4)=\"\",\"\",INDIRECT(\"'MRO Certificate Printing'!I\"&((ROW()-2)*4)+4))","v":""},{"$f":"IF(INDIRECT(\"'MRO Certificate Printing'!K\"&((ROW()-2)*4)+4)=\"\",\"\",INDIRECT(\"'MRO Certificate Printing'!K\"&((ROW()-2)*4)+4))","v":""},null,{"$f":"IF(INDIRECT(\"'MRO Certificate Printing'!D\"&((ROW()-2)*4)+5)=\"\",\"\",INDIRECT(\"'MRO Certificate Printing'!D\"&((ROW()-2)*4)+5))","v":""},{"$f":"IF(INDIRECT(\"'MRO Certificate Printing'!E\"&((ROW()-2)*4)+5)=\"\",\"\",INDIRECT(\"'MRO Certificate Printing'!E\"&((ROW()-2)*4)+5))","v":""},{"$f":"IF(INDIRECT(\"'MRO Certificate Printing'!F\"&((ROW()-2)*4)+5)=\"\",\"\",INDIRECT(\"'MRO Certificate Printing'!F\"&((ROW()-2)*4)+5))","v":""},{"$f":"IF(INDIRECT(\"'MRO Certificate Printing'!B\"&((ROW()-2)*4)+5)=\"\",\"\",INDIRECT(\"'MRO Certificate Printing'!B\"&((ROW()-2)*4)+5))","v":""},{"$f":"IF(INDIRECT(\"'MRO Certificate Printing'!G\"&((ROW()-2)*4)+5)=\"\",\"\",INDIRECT(\"'MRO Certificate Printing'!G\"&((ROW()-2)*4)+5))","v":""},{"$f":"IF(INDIRECT(\"'MRO Certificate Printing'!J\"&((ROW()-2)*4)+5)=\"\",\"\",INDIRECT(\"'MRO Certificate Printing'!J\"&((ROW()-2)*4)+5))","v":""},{"$f":"IF(INDIRECT(\"'MRO Certificate Printing'!I\"&((ROW()-2)*4)+5)=\"\",\"\",INDIRECT(\"'MRO Certificate Printing'!I\"&((ROW()-2)*4)+5))","v":""},{"$f":"IF(INDIRECT(\"'MRO Certificate Printing'!K\"&((ROW()-2)*4)+5)=\"\",\"\",INDIRECT(\"'MRO Certificate Printing'!K\"&((ROW()-2)*4)+5))","v":""}]
["",{"$f":"IF(INDIRECT(\"'MRO Certificate Printing'!D\"&((ROW()-2)*4)+2)=\"\",\"\",INDIRECT(\"'MRO Certificate Printing'!D\"&((ROW()-2)*4)+2))","v":""},{"$f":"IF(INDIRECT(\"'MRO Certificate Printing'!E\"&((ROW()-2)*4)+2)=\"\",\"\",INDIRECT(\"'MRO Certificate Printing'!E\"&((ROW()-2)*4)+2))","v":""},{"$f":"IF(INDIRECT(\"'MRO Certificate Printing'!F\"&((ROW()-2)*4)+2)=\"\",\"\",INDIRECT(\"'MRO Certificate Printing'!F\"&((ROW()-2)*4)+2))","v":""},{"$f":"IF(INDIRECT(\"'MRO Certificate Printing'!B\"&((ROW()-2)*4)+2)=\"\",\"\",INDIRECT(\"'MRO Certificate Printing'!B\"&((ROW()-2)*4)+2))","v":""},{"$f":"IF(INDIRECT(\"'MRO Certificate Printing'!G\"&((ROW()-2)*4)+2)=\"\",\"\",INDIRECT(\"'MRO Certificate Printing'!G\"&((ROW()-2)*4)+2))","v":""},{"$f":"IF(INDIRECT(\"'MRO Certificate Printing'!J\"&((ROW()-2)*4)+2)=\"\",\"\",INDIRECT(\"'MRO Certificate Printing'!J\"&((ROW()-2)*4)+2))","v":""},{"$f":"IF(INDIRECT(\"'MRO Certificate Printing'!I\"&((ROW()-2)*4)+2)=\"\",\"\",INDIRECT(\"'MRO Certificate Printing'!I\"&((ROW()-2)*4)+2))","v":""},{"$f":"IF(INDIRECT(\"'MRO Certificate Printing'!K\"&((ROW()-2)*4)+2)=\"\",\"\",INDIRECT(\"'MRO Certificate Printing'!K\"&((ROW()-2)*4)+2))","v":""},null,{"$f":"IF(INDIRECT(\"'MRO Certificate Printing'!D\"&((ROW()-2)*4)+3)=\"\",\"\",INDIRECT(\"'MRO Certificate Printing'!D\"&((ROW()-2)*4)+3))","v":""},{"$f":"IF(INDIRECT(\"'MRO Certificate Printing'!E\"&((ROW()-2)*4)+3)=\"\",\"\",INDIRECT(\"'MRO Certificate Printing'!E\"&((ROW()-2)*4)+3))","v":""},{"$f":"IF(INDIRECT(\"'MRO Certificate Printing'!F\"&((ROW()-2)*4)+3)=\"\",\"\",INDIRECT(\"'MRO Certificate Printing'!F\"&((ROW()-2)*4)+3))","v":""},{"$f":"IF(INDIRECT(\"'MRO Certificate Printing'!B\"&((ROW()-2)*4)+3)=\"\",\"\",INDIRECT(\"'MRO Certificate Printing'!B\"&((ROW()-2)*4)+3))","v":""},{"$f":"IF(INDIRECT(\"'MRO Certificate Printing'!G\"&((ROW()-2)*4)+3)=\"\",\"\",INDIRECT(\"'MRO Certificate Printing'!G\"&((ROW()-2)*4)+3))","v":""},{"$f":"IF(INDIRECT(\"'MRO Certificate Printing'!J\"&((ROW()-2)*4)+3)=\"\",\"\",INDIRECT(\"'MRO Certificate Printing'!J\"&((ROW()-2)*4)+3))","v":""},{"$f":"IF(INDIRECT(\"'MRO Certificate Printing'!I\"&((ROW()-2)*4)+3)=\"\",\"\",INDIRECT(\"'MRO Certificate Printing'!I\"&((ROW()-2)*4)+3))","v":""},{"$f":"IF(INDIRECT(\"'MRO Certificate Printing'!K\"&((ROW()-2)*4)+3)=\"\",\"\",INDIRECT(\"'MRO Certificate Printing'!K\"&((ROW()-2)*4)+3))","v":""},null,{"$f":"IF(INDIRECT(\"'MRO Certificate Printing'!D\"&((ROW()-2)*4)+4)=\"\",\"\",INDIRECT(\"'MRO Certificate Printing'!D\"&((ROW()-2)*4)+4))","v":""},{"$f":"IF(INDIRECT(\"'MRO Certificate Printing'!E\"&((ROW()-2)*4)+4)=\"\",\"\",INDIRECT(\"'MRO Certificate Printing'!E\"&((ROW()-2)*4)+4))","v":""},{"$f":"IF(INDIRECT(\"'MRO Certificate Printing'!F\"&((ROW()-2)*4)+4)=\"\",\"\",INDIRECT(\"'MRO Certificate Printing'!F\"&((ROW()-2)*4)+4))","v":""},{"$f":"IF(INDIRECT(\"'MRO Certificate Printing'!B\"&((ROW()-2)*4)+4)=\"\",\"\",INDIRECT(\"'MRO Certificate Printing'!B\"&((ROW()-2)*4)+4))","v":""},{"$f":"IF(INDIRECT(\"'MRO Certificate Printing'!G\"&((ROW()-2)*4)+4)=\"\",\"\",INDIRECT(\"'MRO Certificate Printing'!G\"&((ROW()-2)*4)+4))","v":""},{"$f":"IF(INDIRECT(\"'MRO Certificate Printing'!J\"&((ROW()-2)*4)+4)=\"\",\"\",INDIRECT(\"'MRO Certificate Printing'!J\"&((ROW()-2)*4)+4))","v":""},{"$f":"IF(INDIRECT(\"'MRO Certificate Printing'!I\"&((ROW()-2)*4)+4)=\"\",\"\",INDIRECT(\"'MRO Certificate Printing'!I\"&((ROW()-2)*4)+4))","v":""},{"$f":"IF(INDIRECT(\"'MRO Certificate Printing'!K\"&((ROW()-2)*4)+4)=\"\",\"\",INDIRECT(\"'MRO Certificate Printing'!K\"&((ROW()-2)*4)+4))","v":""},null,{"$f":"IF(INDIRECT(\"'MRO Certificate Printing'!D\"&((ROW()-2)*4)+5)=\"\",\"\",INDIRECT(\"'MRO Certificate Printing'!D\"&((ROW()-2)*4)+5))","v":""},{"$f":"IF(INDIRECT(\"'MRO Certificate Printing'!E\"&((ROW()-2)*4)+5)=\"\",\"\",INDIRECT(\"'MRO Certificate Printing'!E\"&((ROW()-2)*4)+5))","v":""},{"$f":"IF(INDIRECT(\"'MRO Certificate Printing'!F\"&((ROW()-2)*4)+5)=\"\",\"\",INDIRECT(\"'MRO Certificate Printing'!F\"&((ROW()-2)*4)+5))","v":""},{"$f":"IF(INDIRECT(\"'MRO Certificate Printing'!B\"&((ROW()-2)*4)+5)=\"\",\"\",INDIRECT(\"'MRO Certificate Printing'!B\"&((ROW()-2)*4)+5))","v":""},{"$f":"IF(INDIRECT(\"'MRO Certificate Printing'!G\"&((ROW()-2)*4)+5)=\"\",\"\",INDIRECT(\"'MRO Certificate Printing'!G\"&((ROW()-2)*4)+5))","v":""},{"$f":"IF(INDIRECT(\"'MRO Certificate Printing'!J\"&((ROW()-2)*4)+5)=\"\",\"\",INDIRECT(\"'MRO Certificate Printing'!J\"&((ROW()-2)*4)+5))","v":""},{"$f":"IF(INDIRECT(\"'MRO Certificate Printing'!I\"&((ROW()-2)*4)+5)=\"\",\"\",INDIRECT(\"'MRO Certificate Printing'!I\"&((ROW()-2)*4)+5))","v":""},{"$f":"IF(INDIRECT(\"'MRO Certificate Printing'!K\"&((ROW()-2)*4)+5)=\"\",\"\",INDIRECT(\"'MRO Certificate Printing'!K\"&((ROW()-2)*4)+5))","v":""}]
["",{"$f":"IF(INDIRECT(\"'MRO Certificate Printing'!D\"&((ROW()-2)*4)+2)=\"\",\"\",INDIRECT(\"'MRO Certificate Printing'!D\"&((ROW()-2)*4)+2))","v":""},{"$f":"IF(INDIRECT(\"'MRO Certificate Printing'!E\"&((ROW()-2)*4)+2)=\"\",\"\",INDIRECT(\"'MRO Certificate Printing'!E\"&((ROW()-2)*4)+2))","v":""},{"$f":"IF(INDIRECT(\"'MRO Certificate Printing'!F\"&((ROW()-2)*4)+2)=\"\",\"\",INDIRECT(\"'MRO Certificate Printing'!F\"&((ROW()-2)*4)+2))","v":""},{"$f":"IF(INDIRECT(\"'MRO Certificate Printing'!B\"&((ROW()-2)*4)+2)=\"\",\"\",INDIRECT(\"'MRO Certificate Printing'!B\"&((ROW()-2)*4)+2))","v":""},{"$f":"IF(INDIRECT(\"'MRO Certificate Printing'!G\"&((ROW()-2)*4)+2)=\"\",\"\",INDIRECT(\"'MRO Certificate Printing'!G\"&((ROW()-2)*4)+2))","v":""},{"$f":"IF(INDIRECT(\"'MRO Certificate Printing'!J\"&((ROW()-2)*4)+2)=\"\",\"\",INDIRECT(\"'MRO Certificate Printing'!J\"&((ROW()-2)*4)+2))","v":""},{"$f":"IF(INDIRECT(\"'MRO Certificate Printing'!I\"&((ROW()-2)*4)+2)=\"\",\"\",INDIRECT(\"'MRO Certificate Printing'!I\"&((ROW()-2)*4)+2))","v":""},{"$f":"IF(INDIRECT(\"'MRO Certificate Printing'!K\"&((ROW()-2)*4)+2)=\"\",\"\",INDIRECT(\"'MRO Certificate Printing'!K\"&((ROW()-2)*4)+2))","v":""},null,{"$f":"IF(INDIRECT(\"'MRO Certificate Printing'!D\"&((ROW()-2)*4)+3)=\"\",\"\",INDIRECT(\"'MRO Certificate Printing'!D\"&((ROW()-2)*4)+3))","v":""},{"$f":"IF(INDIRECT(\"'MRO Certificate Printing'!E\"&((ROW()-2)*4)+3)=\"\",\"\",INDIRECT(\"'MRO Certificate Printing'!E\"&((ROW()-2)*4)+3))","v":""},{"$f":"IF(INDIRECT(\"'MRO Certificate Printing'!F\"&((ROW()-2)*4)+3)=\"\",\"\",INDIRECT(\"'MRO Certificate Printing'!F\"&((ROW()-2)*4)+3))","v":""},{"$f":"IF(INDIRECT(\"'MRO Certificate Printing'!B\"&((ROW()-2)*4)+3)=\"\",\"\",INDIRECT(\"'MRO Certificate Printing'!B\"&((ROW()-2)*4)+3))","v":""},{"$f":"IF(INDIRECT(\"'MRO Certificate Printing'!G\"&((ROW()-2)*4)+3)=\"\",\"\",INDIRECT(\"'MRO Certificate Printing'!G\"&((ROW()-2)*4)+3))","v":""},{"$f":"IF(INDIRECT(\"'MRO Certificate Printing'!J\"&((ROW()-2)*4)+3)=\"\",\"\",INDIRECT(\"'MRO Certificate Printing'!J\"&((ROW()-2)*4)+3))","v":""},{"$f":"IF(INDIRECT(\"'MRO Certificate Printing'!I\"&((ROW()-2)*4)+3)=\"\",\"\",INDIRECT(\"'MRO Certificate Printing'!I\"&((ROW()-2)*4)+3))","v":""},{"$f":"IF(INDIRECT(\"'MRO Certificate Printing'!K\"&((ROW()-2)*4)+3)=\"\",\"\",INDIRECT(\"'MRO Certificate Printing'!K\"&((ROW()-2)*4)+3))","v":""},null,{"$f":"IF(INDIRECT(\"'MRO Certificate Printing'!D\"&((ROW()-2)*4)+4)=\"\",\"\",INDIRECT(\"'MRO Certificate Printing'!D\"&((ROW()-2)*4)+4))","v":""},{"$f":"IF(INDIRECT(\"'MRO Certificate Printing'!E\"&((ROW()-2)*4)+4)=\"\",\"\",INDIRECT(\"'MRO Certificate Printing'!E\"&((ROW()-2)*4)+4))","v":""},{"$f":"IF(INDIRECT(\"'MRO Certificate Printing'!F\"&((ROW()-2)*4)+4)=\"\",\"\",INDIRECT(\"'MRO Certificate Printing'!F\"&((ROW()-2)*4)+4))","v":""},{"$f":"IF(INDIRECT(\"'MRO Certificate Printing'!B\"&((ROW()-2)*4)+4)=\"\",\"\",INDIRECT(\"'MRO Certificate Printing'!B\"&((ROW()-2)*4)+4))","v":""},{"$f":"IF(INDIRECT(\"'MRO Certificate Printing'!G\"&((ROW()-2)*4)+4)=\"\",\"\",INDIRECT(\"'MRO Certificate Printing'!G\"&((ROW()-2)*4)+4))","v":""},{"$f":"IF(INDIRECT(\"'MRO Certificate Printing'!J\"&((ROW()-2)*4)+4)=\"\",\"\",INDIRECT(\"'MRO Certificate Printing'!J\"&((ROW()-2)*4)+4))","v":""},{"$f":"IF(INDIRECT(\"'MRO Certificate Printing'!I\"&((ROW()-2)*4)+4)=\"\",\"\",INDIRECT(\"'MRO Certificate Printing'!I\"&((ROW()-2)*4)+4))","v":""},{"$f":"IF(INDIRECT(\"'MRO Certificate Printing'!K\"&((ROW()-2)*4)+4)=\"\",\"\",INDIRECT(\"'MRO Certificate Printing'!K\"&((ROW()-2)*4)+4))","v":""},null,{"$f":"IF(INDIRECT(\"'MRO Certificate Printing'!D\"&((ROW()-2)*4)+5)=\"\",\"\",INDIRECT(\"'MRO Certificate Printing'!D\"&((ROW()-2)*4)+5))","v":""},{"$f":"IF(INDIRECT(\"'MRO Certificate Printing'!E\"&((ROW()-2)*4)+5)=\"\",\"\",INDIRECT(\"'MRO Certificate Printing'!E\"&((ROW()-2)*4)+5))","v":""},{"$f":"IF(INDIRECT(\"'MRO Certificate Printing'!F\"&((ROW()-2)*4)+5)=\"\",\"\",INDIRECT(\"'MRO Certificate Printing'!F\"&((ROW()-2)*4)+5))","v":""},{"$f":"IF(INDIRECT(\"'MRO Certificate Printing'!B\"&((ROW()-2)*4)+5)=\"\",\"\",INDIRECT(\"'MRO Certificate Printing'!B\"&((ROW()-2)*4)+5))","v":""},{"$f":"IF(INDIRECT(\"'MRO Certificate Printing'!G\"&((ROW()-2)*4)+5)=\"\",\"\",INDIRECT(\"'MRO Certificate Printing'!G\"&((ROW()-2)*4)+5))","v":""},{"$f":"IF(INDIRECT(\"'MRO Certificate Printing'!J\"&((ROW()-2)*4)+5)=\"\",\"\",INDIRECT(\"'MRO Certificate Printing'!J\"&((ROW()-2)*4)+5))","v":""},{"$f":"IF(INDIRECT(\"'MRO Certificate Printing'!I\"&((ROW()-2)*4)+5)=\"\",\"\",INDIRECT(\"'MRO Certificate Printing'!I\"&((ROW()-2)*4)+5))","v":""},{"$f":"IF(INDIRECT(\"'MRO Certificate Printing'!K\"&((ROW()-2)*4)+5)=\"\",\"\",INDIRECT(\"'MRO Certificate Printing'!K\"&((ROW()-2)*4)+5))","v":""}]
["",{"$f":"IF(INDIRECT(\"'MRO Certificate Printing'!D\"&((ROW()-2)*4)+2)=\"\",\"\",INDIRECT(\"'MRO Certificate Printing'!D\"&((ROW()-2)*4)+2))","v":""},{"$f":"IF(INDIRECT(\"'MRO Certificate Printing'!E\"&((ROW()-2)*4)+2)=\"\",\"\",INDIRECT(\"'MRO Certificate Printing'!E\"&((ROW()-2)*4)+2))","v":""},{"$f":"IF(INDIRECT(\"'MRO Certificate Printing'!F\"&((ROW()-2)*4)+2)=\"\",\"\",INDIRECT(\"'MRO Certificate Printing'!F\"&((ROW()-2)*4)+2))","v":""},{"$f":"IF(INDIRECT(\"'MRO Certificate Printing'!B\"&((ROW()-2)*4)+2)=\"\",\"\",INDIRECT(\"'MRO Certificate Printing'!B\"&((ROW()-2)*4)+2))","v":""},{"$f":"IF(INDIRECT(\"'MRO Certificate Printing'!G\"&((ROW()-2)*4)+2)=\"\",\"\",INDIRECT(\"'MRO Certificate Printing'!G\"&((ROW()-2)*4)+2))","v":""},{"$f":"IF(INDIRECT(\"'MRO Certificate Printing'!J\"&((ROW()-2)*4)+2)=\"\",\"\",INDIRECT(\"'MRO Certificate Printing'!J\"&((ROW()-2)*4)+2))","v":""},{"$f":"IF(INDIRECT(\"'MRO Certificate Printing'!I\"&((ROW()-2)*4)+2)=\"\",\"\",INDIRECT(\"'MRO Certificate Printing'!I\"&((ROW()-2)*4)+2))","v":""},{"$f":"IF(INDIRECT(\"'MRO Certificate Printing'!K\"&((ROW()-2)*4)+2)=\"\",\"\",INDIRECT(\"'MRO Certificate Printing'!K\"&((ROW()-2)*4)+2))","v":""},null,{"$f":"IF(INDIRECT(\"'MRO Certificate Printing'!D\"&((ROW()-2)*4)+3)=\"\",\"\",INDIRECT(\"'MRO Certificate Printing'!D\"&((ROW()-2)*4)+3))","v":""},{"$f":"IF(INDIRECT(\"'MRO Certificate Printing'!E\"&((ROW()-2)*4)+3)=\"\",\"\",INDIRECT(\"'MRO Certificate Printing'!E\"&((ROW()-2)*4)+3))","v":""},{"$f":"IF(INDIRECT(\"'MRO Certificate Printing'!F\"&((ROW()-2)*4)+3)=\"\",\"\",INDIRECT(\"'MRO Certificate Printing'!F\"&((ROW()-2)*4)+3))","v":""},{"$f":"IF(INDIRECT(\"'MRO Certificate Printing'!B\"&((ROW()-2)*4)+3)=\"\",\"\",INDIRECT(\"'MRO Certificate Printing'!B\"&((ROW()-2)*4)+3))","v":""},{"$f":"IF(INDIRECT(\"'MRO Certificate Printing'!G\"&((ROW()-2)*4)+3)=\"\",\"\",INDIRECT(\"'MRO Certificate Printing'!G\"&((ROW()-2)*4)+3))","v":""},{"$f":"IF(INDIRECT(\"'MRO Certificate Printing'!J\"&((ROW()-2)*4)+3)=\"\",\"\",INDIRECT(\"'MRO Certificate Printing'!J\"&((ROW()-2)*4)+3))","v":""},{"$f":"IF(INDIRECT(\"'MRO Certificate Printing'!I\"&((ROW()-2)*4)+3)=\"\",\"\",INDIRECT(\"'MRO Certificate Printing'!I\"&((ROW()-2)*4)+3))","v":""},{"$f":"IF(INDIRECT(\"'MRO Certificate Printing'!K\"&((ROW()-2)*4)+3)=\"\",\"\",INDIRECT(\"'MRO Certificate Printing'!K\"&((ROW()-2)*4)+3))","v":""},null,{"$f":"IF(INDIRECT(\"'MRO Certificate Printing'!D\"&((ROW()-2)*4)+4)=\"\",\"\",INDIRECT(\"'MRO Certificate Printing'!D\"&((ROW()-2)*4)+4))","v":""},{"$f":"IF(INDIRECT(\"'MRO Certificate Printing'!E\"&((ROW()-2)*4)+4)=\"\",\"\",INDIRECT(\"'MRO Certificate Printing'!E\"&((ROW()-2)*4)+4))","v":""},{"$f":"IF(INDIRECT(\"'MRO Certificate Printing'!F\"&((ROW()-2)*4)+4)=\"\",\"\",INDIRECT(\"'MRO Certificate Printing'!F\"&((ROW()-2)*4)+4))","v":""},{"$f":"IF(INDIRECT(\"'MRO Certificate Printing'!B\"&((ROW()-2)*4)+4)=\"\",\"\",INDIRECT(\"'MRO Certificate Printing'!B\"&((ROW()-2)*4)+4))","v":""},{"$f":"IF(INDIRECT(\"'MRO Certificate Printing'!G\"&((ROW()-2)*4)+4)=\"\",\"\",INDIRECT(\"'MRO Certificate Printing'!G\"&((ROW()-2)*4)+4))","v":""},{"$f":"IF(INDIRECT(\"'MRO Certificate Printing'!J\"&((ROW()-2)*4)+4)=\"\",\"\",INDIRECT(\"'MRO Certificate Printing'!J\"&((ROW()-2)*4)+4))","v":""},{"$f":"IF(INDIRECT(\"'MRO Certificate Printing'!I\"&((ROW()-2)*4)+4)=\"\",\"\",INDIRECT(\"'MRO Certificate Printing'!I\"&((ROW()-2)*4)+4))","v":""},{"$f":"IF(INDIRECT(\"'MRO Certificate Printing'!K\"&((ROW()-2)*4)+4)=\"\",\"\",INDIRECT(\"'MRO Certificate Printing'!K\"&((ROW()-2)*4)+4))","v":""},null,{"$f":"IF(INDIRECT(\"'MRO Certificate Printing'!D\"&((ROW()-2)*4)+5)=\"\",\"\",INDIRECT(\"'MRO Certificate Printing'!D\"&((ROW()-2)*4)+5))","v":""},{"$f":"IF(INDIRECT(\"'MRO Certificate Printing'!E\"&((ROW()-2)*4)+5)=\"\",\"\",INDIRECT(\"'MRO Certificate Printing'!E\"&((ROW()-2)*4)+5))","v":""},{"$f":"IF(INDIRECT(\"'MRO Certificate Printing'!F\"&((ROW()-2)*4)+5)=\"\",\"\",INDIRECT(\"'MRO Certificate Printing'!F\"&((ROW()-2)*4)+5))","v":""},{"$f":"IF(INDIRECT(\"'MRO Certificate Printing'!B\"&((ROW()-2)*4)+5)=\"\",\"\",INDIRECT(\"'MRO Certificate Printing'!B\"&((ROW()-2)*4)+5))","v":""},{"$f":"IF(INDIRECT(\"'MRO Certificate Printing'!G\"&((ROW()-2)*4)+5)=\"\",\"\",INDIRECT(\"'MRO Certificate Printing'!G\"&((ROW()-2)*4)+5))","v":""},{"$f":"IF(INDIRECT(\"'MRO Certificate Printing'!J\"&((ROW()-2)*4)+5)=\"\",\"\",INDIRECT(\"'MRO Certificate Printing'!J\"&((ROW()-2)*4)+5))","v":""},{"$f":"IF(INDIRECT(\"'MRO Certificate Printing'!I\"&((ROW()-2)*4)+5)=\"\",\"\",INDIRECT(\"'MRO Certificate Printing'!I\"&((ROW()-2)*4)+5))","v":""},{"$f":"IF(INDIRECT(\"'MRO Certificate Printing'!K\"&((ROW()-2)*4)+5)=\"\",\"\",INDIRECT(\"'MRO Certificate Printing'!K\"&((ROW()-2)*4)+5))","v":""}]
["",{"$f":"IF(INDIRECT(\"'MRO Certificate Printing'!D\"&((ROW()-2)*4)+2)=\"\",\"\",INDIRECT(\"'MRO Certificate Printing'!D\"&((ROW()-2)*4)+2))","v":""},{"$f":"IF(INDIRECT(\"'MRO Certificate Printing'!E\"&((ROW()-2)*4)+2)=\"\",\"\",INDIRECT(\"'MRO Certificate Printing'!E\"&((ROW()-2)*4)+2))","v":""},{"$f":"IF(INDIRECT(\"'MRO Certificate Printing'!F\"&((ROW()-2)*4)+2)=\"\",\"\",INDIRECT(\"'MRO Certificate Printing'!F\"&((ROW()-2)*4)+2))","v":""},{"$f":"IF(INDIRECT(\"'MRO Certificate Printing'!B\"&((ROW()-2)*4)+2)=\"\",\"\",INDIRECT(\"'MRO Certificate Printing'!B\"&((ROW()-2)*4)+2))","v":""},{"$f":"IF(INDIRECT(\"'MRO Certificate Printing'!G\"&((ROW()-2)*4)+2)=\"\",\"\",INDIRECT(\"'MRO Certificate Printing'!G\"&((ROW()-2)*4)+2))","v":""},{"$f":"IF(INDIRECT(\"'MRO Certificate Printing'!J\"&((ROW()-2)*4)+2)=\"\",\"\",INDIRECT(\"'MRO Certificate Printing'!J\"&((ROW()-2)*4)+2))","v":""},{"$f":"IF(INDIRECT(\"'MRO Certificate Printing'!I\"&((ROW()-2)*4)+2)=\"\",\"\",INDIRECT(\"'MRO Certificate Printing'!I\"&((ROW()-2)*4)+2))","v":""},{"$f":"IF(INDIRECT(\"'MRO Certificate Printing'!K\"&((ROW()-2)*4)+2)=\"\",\"\",INDIRECT(\"'MRO Certificate Printing'!K\"&((ROW()-2)*4)+2))","v":""},null,{"$f":"IF(INDIRECT(\"'MRO Certificate Printing'!D\"&((ROW()-2)*4)+3)=\"\",\"\",INDIRECT(\"'MRO Certificate Printing'!D\"&((ROW()-2)*4)+3))","v":""},{"$f":"IF(INDIRECT(\"'MRO Certificate Printing'!E\"&((ROW()-2)*4)+3)=\"\",\"\",INDIRECT(\"'MRO Certificate Printing'!E\"&((ROW()-2)*4)+3))","v":""},{"$f":"IF(INDIRECT(\"'MRO Certificate Printing'!F\"&((ROW()-2)*4)+3)=\"\",\"\",INDIRECT(\"'MRO Certificate Printing'!F\"&((ROW()-2)*4)+3))","v":""},{"$f":"IF(INDIRECT(\"'MRO Certificate Printing'!B\"&((ROW()-2)*4)+3)=\"\",\"\",INDIRECT(\"'MRO Certificate Printing'!B\"&((ROW()-2)*4)+3))","v":""},{"$f":"IF(INDIRECT(\"'MRO Certificate Printing'!G\"&((ROW()-2)*4)+3)=\"\",\"\",INDIRECT(\"'MRO Certificate Printing'!G\"&((ROW()-2)*4)+3))","v":""},{"$f":"IF(INDIRECT(\"'MRO Certificate Printing'!J\"&((ROW()-2)*4)+3)=\"\",\"\",INDIRECT(\"'MRO Certificate Printing'!J\"&((ROW()-2)*4)+3))","v":""},{"$f":"IF(INDIRECT(\"'MRO Certificate Printing'!I\"&((ROW()-2)*4)+3)=\"\",\"\",INDIRECT(\"'MRO Certificate Printing'!I\"&((ROW()-2)*4)+3))","v":""},{"$f":"IF(INDIRECT(\"'MRO Certificate Printing'!K\"&((ROW()-2)*4)+3)=\"\",\"\",INDIRECT(\"'MRO Certificate Printing'!K\"&((ROW()-2)*4)+3))","v":""},null,{"$f":"IF(INDIRECT(\"'MRO Certificate Printing'!D\"&((ROW()-2)*4)+4)=\"\",\"\",INDIRECT(\"'MRO Certificate Printing'!D\"&((ROW()-2)*4)+4))","v":""},{"$f":"IF(INDIRECT(\"'MRO Certificate Printing'!E\"&((ROW()-2)*4)+4)=\"\",\"\",INDIRECT(\"'MRO Certificate Printing'!E\"&((ROW()-2)*4)+4))","v":""},{"$f":"IF(INDIRECT(\"'MRO Certificate Printing'!F\"&((ROW()-2)*4)+4)=\"\",\"\",INDIRECT(\"'MRO Certificate Printing'!F\"&((ROW()-2)*4)+4))","v":""},{"$f":"IF(INDIRECT(\"'MRO Certificate Printing'!B\"&((ROW()-2)*4)+4)=\"\",\"\",INDIRECT(\"'MRO Certificate Printing'!B\"&((ROW()-2)*4)+4))","v":""},{"$f":"IF(INDIRECT(\"'MRO Certificate Printing'!G\"&((ROW()-2)*4)+4)=\"\",\"\",INDIRECT(\"'MRO Certificate Printing'!G\"&((ROW()-2)*4)+4))","v":""},{"$f":"IF(INDIRECT(\"'MRO Certificate Printing'!J\"&((ROW()-2)*4)+4)=\"\",\"\",INDIRECT(\"'MRO Certificate Printing'!J\"&((ROW()-2)*4)+4))","v":""},{"$f":"IF(INDIRECT(\"'MRO Certificate Printing'!I\"&((ROW()-2)*4)+4)=\"\",\"\",INDIRECT(\"'MRO Certificate Printing'!I\"&((ROW()-2)*4)+4))","v":""},{"$f":"IF(INDIRECT(\"'MRO Certificate Printing'!K\"&((ROW()-2)*4)+4)=\"\",\"\",INDIRECT(\"'MRO Certificate Printing'!K\"&((ROW()-2)*4)+4))","v":""},null,{"$f":"IF(INDIRECT(\"'MRO Certificate Printing'!D\"&((ROW()-2)*4)+5)=\"\",\"\",INDIRECT(\"'MRO Certificate Printing'!D\"&((ROW()-2)*4)+5))","v":""},{"$f":"IF(INDIRECT(\"'MRO Certificate Printing'!E\"&((ROW()-2)*4)+5)=\"\",\"\",INDIRECT(\"'MRO Certificate Printing'!E\"&((ROW()-2)*4)+5))","v":""},{"$f":"IF(INDIRECT(\"'MRO Certificate Printing'!F\"&((ROW()-2)*4)+5)=\"\",\"\",INDIRECT(\"'MRO Certificate Printing'!F\"&((ROW()-2)*4)+5))","v":""},{"$f":"IF(INDIRECT(\"'MRO Certificate Printing'!B\"&((ROW()-2)*4)+5)=\"\",\"\",INDIRECT(\"'MRO Certificate Printing'!B\"&((ROW()-2)*4)+5))","v":""},{"$f":"IF(INDIRECT(\"'MRO Certificate Printing'!G\"&((ROW()-2)*4)+5)=\"\",\"\",INDIRECT(\"'MRO Certificate Printing'!G\"&((ROW()-2)*4)+5))","v":""},{"$f":"IF(INDIRECT(\"'MRO Certificate Printing'!J\"&((ROW()-2)*4)+5)=\"\",\"\",INDIRECT(\"'MRO Certificate Printing'!J\"&((ROW()-2)*4)+5))","v":""},{"$f":"IF(INDIRECT(\"'MRO Certificate Printing'!I\"&((ROW()-2)*4)+5)=\"\",\"\",INDIRECT(\"'MRO Certificate Printing'!I\"&((ROW()-2)*4)+5))","v":""},{"$f":"IF(INDIRECT(\"'MRO Certificate Printing'!K\"&((ROW()-2)*4)+5)=\"\",\"\",INDIRECT(\"'MRO Certificate Printing'!K\"&((ROW()-2)*4)+5))","v":""}]
["",{"$f":"IF(INDIRECT(\"'MRO Certificate Printing'!D\"&((ROW()-2)*4)+2)=\"\",\"\",INDIRECT(\"'MRO Certificate Printing'!D\"&((ROW()-2)*4)+2))","v":""},{"$f":"IF(INDIRECT(\"'MRO Certificate Printing'!E\"&((ROW()-2)*4)+2)=\"\",\"\",INDIRECT(\"'MRO Certificate Printing'!E\"&((ROW()-2)*4)+2))","v":""},{"$f":"IF(INDIRECT(\"'MRO Certificate Printing'!F\"&((ROW()-2)*4)+2)=\"\",\"\",INDIRECT(\"'MRO Certificate Printing'!F\"&((ROW()-2)*4)+2))","v":""},{"$f":"IF(INDIRECT(\"'MRO Certificate Printing'!B\"&((ROW()-2)*4)+2)=\"\",\"\",INDIRECT(\"'MRO Certificate Printing'!B\"&((ROW()-2)*4)+2))","v":""},{"$f":"IF(INDIRECT(\"'MRO Certificate Printing'!G\"&((ROW()-2)*4)+2)=\"\",\"\",INDIRECT(\"'MRO Certificate Printing'!G\"&((ROW()-2)*4)+2))","v":""},{"$f":"IF(INDIRECT(\"'MRO Certificate Printing'!J\"&((ROW()-2)*4)+2)=\"\",\"\",INDIRECT(\"'MRO Certificate Printing'!J\"&((ROW()-2)*4)+2))","v":""},{"$f":"IF(INDIRECT(\"'MRO Certificate Printing'!I\"&((ROW()-2)*4)+2)=\"\",\"\",INDIRECT(\"'MRO Certificate Printing'!I\"&((ROW()-2)*4)+2))","v":""},{"$f":"IF(INDIRECT(\"'MRO Certificate Printing'!K\"&((ROW()-2)*4)+2)=\"\",\"\",INDIRECT(\"'MRO Certificate Printing'!K\"&((ROW()-2)*4)+2))","v":""},null,{"$f":"IF(INDIRECT(\"'MRO Certificate Printing'!D\"&((ROW()-2)*4)+3)=\"\",\"\",INDIRECT(\"'MRO Certificate Printing'!D\"&((ROW()-2)*4)+3))","v":""},{"$f":"IF(INDIRECT(\"'MRO Certificate Printing'!E\"&((ROW()-2)*4)+3)=\"\",\"\",INDIRECT(\"'MRO Certificate Printing'!E\"&((ROW()-2)*4)+3))","v":""},{"$f":"IF(INDIRECT(\"'MRO Certificate Printing'!F\"&((ROW()-2)*4)+3)=\"\",\"\",INDIRECT(\"'MRO Certificate Printing'!F\"&((ROW()-2)*4)+3))","v":""},{"$f":"IF(INDIRECT(\"'MRO Certificate Printing'!B\"&((ROW()-2)*4)+3)=\"\",\"\",INDIRECT(\"'MRO Certificate Printing'!B\"&((ROW()-2)*4)+3))","v":""},{"$f":"IF(INDIRECT(\"'MRO Certificate Printing'!G\"&((ROW()-2)*4)+3)=\"\",\"\",INDIRECT(\"'MRO Certificate Printing'!G\"&((ROW()-2)*4)+3))","v":""},{"$f":"IF(INDIRECT(\"'MRO Certificate Printing'!J\"&((ROW()-2)*4)+3)=\"\",\"\",INDIRECT(\"'MRO Certificate Printing'!J\"&((ROW()-2)*4)+3))","v":""},{"$f":"IF(INDIRECT(\"'MRO Certificate Printing'!I\"&((ROW()-2)*4)+3)=\"\",\"\",INDIRECT(\"'MRO Certificate Printing'!I\"&((ROW()-2)*4)+3))","v":""},{"$f":"IF(INDIRECT(\"'MRO Certificate Printing'!K\"&((ROW()-2)*4)+3)=\"\",\"\",INDIRECT(\"'MRO Certificate Printing'!K\"&((ROW()-2)*4)+3))","v":""},null,{"$f":"IF(INDIRECT(\"'MRO Certificate Printing'!D\"&((ROW()-2)*4)+4)=\"\",\"\",INDIRECT(\"'MRO Certificate Printing'!D\"&((ROW()-2)*4)+4))","v":""},{"$f":"IF(INDIRECT(\"'MRO Certificate Printing'!E\"&((ROW()-2)*4)+4)=\"\",\"\",INDIRECT(\"'MRO Certificate Printing'!E\"&((ROW()-2)*4)+4))","v":""},{"$f":"IF(INDIRECT(\"'MRO Certificate Printing'!F\"&((ROW()-2)*4)+4)=\"\",\"\",INDIRECT(\"'MRO Certificate Printing'!F\"&((ROW()-2)*4)+4))","v":""},{"$f":"IF(INDIRECT(\"'MRO Certificate Printing'!B\"&((ROW()-2)*4)+4)=\"\",\"\",INDIRECT(\"'MRO Certificate Printing'!B\"&((ROW()-2)*4)+4))","v":""},{"$f":"IF(INDIRECT(\"'MRO Certificate Printing'!G\"&((ROW()-2)*4)+4)=\"\",\"\",INDIRECT(\"'MRO Certificate Printing'!G\"&((ROW()-2)*4)+4))","v":""},{"$f":"IF(INDIRECT(\"'MRO Certificate Printing'!J\"&((ROW()-2)*4)+4)=\"\",\"\",INDIRECT(\"'MRO Certificate Printing'!J\"&((ROW()-2)*4)+4))","v":""},{"$f":"IF(INDIRECT(\"'MRO Certificate Printing'!I\"&((ROW()-2)*4)+4)=\"\",\"\",INDIRECT(\"'MRO Certificate Printing'!I\"&((ROW()-2)*4)+4))","v":""},{"$f":"IF(INDIRECT(\"'MRO Certificate Printing'!K\"&((ROW()-2)*4)+4)=\"\",\"\",INDIRECT(\"'MRO Certificate Printing'!K\"&((ROW()-2)*4)+4))","v":""},null,{"$f":"IF(INDIRECT(\"'MRO Certificate Printing'!D\"&((ROW()-2)*4)+5)=\"\",\"\",INDIRECT(\"'MRO Certificate Printing'!D\"&((ROW()-2)*4)+5))","v":""},{"$f":"IF(INDIRECT(\"'MRO Certificate Printing'!E\"&((ROW()-2)*4)+5)=\"\",\"\",INDIRECT(\"'MRO Certificate Printing'!E\"&((ROW()-2)*4)+5))","v":""},{"$f":"IF(INDIRECT(\"'MRO Certificate Printing'!F\"&((ROW()-2)*4)+5)=\"\",\"\",INDIRECT(\"'MRO Certificate Printing'!F\"&((ROW()-2)*4)+5))","v":""},{"$f":"IF(INDIRECT(\"'MRO Certificate Printing'!B\"&((ROW()-2)*4)+5)=\"\",\"\",INDIRECT(\"'MRO Certificate Printing'!B\"&((ROW()-2)*4)+5))","v":""},{"$f":"IF(INDIRECT(\"'MRO Certificate Printing'!G\"&((ROW()-2)*4)+5)=\"\",\"\",INDIRECT(\"'MRO Certificate Printing'!G\"&((ROW()-2)*4)+5))","v":""},{"$f":"IF(INDIRECT(\"'MRO Certificate Printing'!J\"&((ROW()-2)*4)+5)=\"\",\"\",INDIRECT(\"'MRO Certificate Printing'!J\"&((ROW()-2)*4)+5))","v":""},{"$f":"IF(INDIRECT(\"'MRO Certificate Printing'!I\"&((ROW()-2)*4)+5)=\"\",\"\",INDIRECT(\"'MRO Certificate Printing'!I\"&((ROW()-2)*4)+5))","v":""},{"$f":"IF(INDIRECT(\"'MRO Certificate Printing'!K\"&((ROW()-2)*4)+5)=\"\",\"\",INDIRECT(\"'MRO Certificate Printing'!K\"&((ROW()-2)*4)+5))","v":""}]
["",{"$f":"IF(INDIRECT(\"'MRO Certificate Printing'!D\"&((ROW()-2)*4)+2)=\"\",\"\",INDIRECT(\"'MRO Certificate Printing'!D\"&((ROW()-2)*4)+2))","v":""},{"$f":"IF(INDIRECT(\"'MRO Certificate Printing'!E\"&((ROW()-2)*4)+2)=\"\",\"\",INDIRECT(\"'MRO Certificate Printing'!E\"&((ROW()-2)*4)+2))","v":""},{"$f":"IF(INDIRECT(\"'MRO Certificate Printing'!F\"&((ROW()-2)*4)+2)=\"\",\"\",INDIRECT(\"'MRO Certificate Printing'!F\"&((ROW()-2)*4)+2))","v":""},{"$f":"IF(INDIRECT(\"'MRO Certificate Printing'!B\"&((ROW()-2)*4)+2)=\"\",\"\",INDIRECT(\"'MRO Certificate Printing'!B\"&((ROW()-2)*4)+2))","v":""},{"$f":"IF(INDIRECT(\"'MRO Certificate Printing'!G\"&((ROW()-2)*4)+2)=\"\",\"\",INDIRECT(\"'MRO Certificate Printing'!G\"&((ROW()-2)*4)+2))","v":""},{"$f":"IF(INDIRECT(\"'MRO Certificate Printing'!J\"&((ROW()-2)*4)+2)=\"\",\"\",INDIRECT(\"'MRO Certificate Printing'!J\"&((ROW()-2)*4)+2))","v":""},{"$f":"IF(INDIRECT(\"'MRO Certificate Printing'!I\"&((ROW()-2)*4)+2)=\"\",\"\",INDIRECT(\"'MRO Certificate Printing'!I\"&((ROW()-2)*4)+2))","v":""},{"$f":"IF(INDIRECT(\"'MRO Certificate Printing'!K\"&((ROW()-2)*4)+2)=\"\",\"\",INDIRECT(\"'MRO Certificate Printing'!K\"&((ROW()-2)*4)+2))","v":""},null,{"$f":"IF(INDIRECT(\"'MRO Certificate Printing'!D\"&((ROW()-2)*4)+3)=\"\",\"\",INDIRECT(\"'MRO Certificate Printing'!D\"&((ROW()-2)*4)+3))","v":""},{"$f":"IF(INDIRECT(\"'MRO Certificate Printing'!E\"&((ROW()-2)*4)+3)=\"\",\"\",INDIRECT(\"'MRO Certificate Printing'!E\"&((ROW()-2)*4)+3))","v":""},{"$f":"IF(INDIRECT(\"'MRO Certificate Printing'!F\"&((ROW()-2)*4)+3)=\"\",\"\",INDIRECT(\"'MRO Certificate Printing'!F\"&((ROW()-2)*4)+3))","v":""},{"$f":"IF(INDIRECT(\"'MRO Certificate Printing'!B\"&((ROW()-2)*4)+3)=\"\",\"\",INDIRECT(\"'MRO Certificate Printing'!B\"&((ROW()-2)*4)+3))","v":""},{"$f":"IF(INDIRECT(\"'MRO Certificate Printing'!G\"&((ROW()-2)*4)+3)=\"\",\"\",INDIRECT(\"'MRO Certificate Printing'!G\"&((ROW()-2)*4)+3))","v":""},{"$f":"IF(INDIRECT(\"'MRO Certificate Printing'!J\"&((ROW()-2)*4)+3)=\"\",\"\",INDIRECT(\"'MRO Certificate Printing'!J\"&((ROW()-2)*4)+3))","v":""},{"$f":"IF(INDIRECT(\"'MRO Certificate Printing'!I\"&((ROW()-2)*4)+3)=\"\",\"\",INDIRECT(\"'MRO Certificate Printing'!I\"&((ROW()-2)*4)+3))","v":""},{"$f":"IF(INDIRECT(\"'MRO Certificate Printing'!K\"&((ROW()-2)*4)+3)=\"\",\"\",INDIRECT(\"'MRO Certificate Printing'!K\"&((ROW()-2)*4)+3))","v":""},null,{"$f":"IF(INDIRECT(\"'MRO Certificate Printing'!D\"&((ROW()-2)*4)+4)=\"\",\"\",INDIRECT(\"'MRO Certificate Printing'!D\"&((ROW()-2)*4)+4))","v":""},{"$f":"IF(INDIRECT(\"'MRO Certificate Printing'!E\"&((ROW()-2)*4)+4)=\"\",\"\",INDIRECT(\"'MRO Certificate Printing'!E\"&((ROW()-2)*4)+4))","v":""},{"$f":"IF(INDIRECT(\"'MRO Certificate Printing'!F\"&((ROW()-2)*4)+4)=\"\",\"\",INDIRECT(\"'MRO Certificate Printing'!F\"&((ROW()-2)*4)+4))","v":""},{"$f":"IF(INDIRECT(\"'MRO Certificate Printing'!B\"&((ROW()-2)*4)+4)=\"\",\"\",INDIRECT(\"'MRO Certificate Printing'!B\"&((ROW()-2)*4)+4))","v":""},{"$f":"IF(INDIRECT(\"'MRO Certificate Printing'!G\"&((ROW()-2)*4)+4)=\"\",\"\",INDIRECT(\"'MRO Certificate Printing'!G\"&((ROW()-2)*4)+4))","v":""},{"$f":"IF(INDIRECT(\"'MRO Certificate Printing'!J\"&((ROW()-2)*4)+4)=\"\",\"\",INDIRECT(\"'MRO Certificate Printing'!J\"&((ROW()-2)*4)+4))","v":""},{"$f":"IF(INDIRECT(\"'MRO Certificate Printing'!I\"&((ROW()-2)*4)+4)=\"\",\"\",INDIRECT(\"'MRO Certificate Printing'!I\"&((ROW()-2)*4)+4))","v":""},{"$f":"IF(INDIRECT(\"'MRO Certificate Printing'!K\"&((ROW()-2)*4)+4)=\"\",\"\",INDIRECT(\"'MRO Certificate Printing'!K\"&((ROW()-2)*4)+4))","v":""},null,{"$f":"IF(INDIRECT(\"'MRO Certificate Printing'!D\"&((ROW()-2)*4)+5)=\"\",\"\",INDIRECT(\"'MRO Certificate Printing'!D\"&((ROW()-2)*4)+5))","v":""},{"$f":"IF(INDIRECT(\"'MRO Certificate Printing'!E\"&((ROW()-2)*4)+5)=\"\",\"\",INDIRECT(\"'MRO Certificate Printing'!E\"&((ROW()-2)*4)+5))","v":""},{"$f":"IF(INDIRECT(\"'MRO Certificate Printing'!F\"&((ROW()-2)*4)+5)=\"\",\"\",INDIRECT(\"'MRO Certificate Printing'!F\"&((ROW()-2)*4)+5))","v":""},{"$f":"IF(INDIRECT(\"'MRO Certificate Printing'!B\"&((ROW()-2)*4)+5)=\"\",\"\",INDIRECT(\"'MRO Certificate Printing'!B\"&((ROW()-2)*4)+5))","v":""},{"$f":"IF(INDIRECT(\"'MRO Certificate Printing'!G\"&((ROW()-2)*4)+5)=\"\",\"\",INDIRECT(\"'MRO Certificate Printing'!G\"&((ROW()-2)*4)+5))","v":""},{"$f":"IF(INDIRECT(\"'MRO Certificate Printing'!J\"&((ROW()-2)*4)+5)=\"\",\"\",INDIRECT(\"'MRO Certificate Printing'!J\"&((ROW()-2)*4)+5))","v":""},{"$f":"IF(INDIRECT(\"'MRO Certificate Printing'!I\"&((ROW()-2)*4)+5)=\"\",\"\",INDIRECT(\"'MRO Certificate Printing'!I\"&((ROW()-2)*4)+5))","v":""},{"$f":"IF(INDIRECT(\"'MRO Certificate Printing'!K\"&((ROW()-2)*4)+5)=\"\",\"\",INDIRECT(\"'MRO Certificate Printing'!K\"&((ROW()-2)*4)+5))","v":""}]
["",{"$f":"IF(INDIRECT(\"'MRO Certificate Printing'!D\"&((ROW()-2)*4)+2)=\"\",\"\",INDIRECT(\"'MRO Certificate Printing'!D\"&((ROW()-2)*4)+2))","v":""},{"$f":"IF(INDIRECT(\"'MRO Certificate Printing'!E\"&((ROW()-2)*4)+2)=\"\",\"\",INDIRECT(\"'MRO Certificate Printing'!E\"&((ROW()-2)*4)+2))","v":""},{"$f":"IF(INDIRECT(\"'MRO Certificate Printing'!F\"&((ROW()-2)*4)+2)=\"\",\"\",INDIRECT(\"'MRO Certificate Printing'!F\"&((ROW()-2)*4)+2))","v":""},{"$f":"IF(INDIRECT(\"'MRO Certificate Printing'!B\"&((ROW()-2)*4)+2)=\"\",\"\",INDIRECT(\"'MRO Certificate Printing'!B\"&((ROW()-2)*4)+2))","v":""},{"$f":"IF(INDIRECT(\"'MRO Certificate Printing'!G\"&((ROW()-2)*4)+2)=\"\",\"\",INDIRECT(\"'MRO Certificate Printing'!G\"&((ROW()-2)*4)+2))","v":""},{"$f":"IF(INDIRECT(\"'MRO Certificate Printing'!J\"&((ROW()-2)*4)+2)=\"\",\"\",INDIRECT(\"'MRO Certificate Printing'!J\"&((ROW()-2)*4)+2))","v":""},{"$f":"IF(INDIRECT(\"'MRO Certificate Printing'!I\"&((ROW()-2)*4)+2)=\"\",\"\",INDIRECT(\"'MRO Certificate Printing'!I\"&((ROW()-2)*4)+2))","v":""},{"$f":"IF(INDIRECT(\"'MRO Certificate Printing'!K\"&((ROW()-2)*4)+2)=\"\",\"\",INDIRECT(\"'MRO Certificate Printing'!K\"&((ROW()-2)*4)+2))","v":""},null,{"$f":"IF(INDIRECT(\"'MRO Certificate Printing'!D\"&((ROW()-2)*4)+3)=\"\",\"\",INDIRECT(\"'MRO Certificate Printing'!D\"&((ROW()-2)*4)+3))","v":""},{"$f":"IF(INDIRECT(\"'MRO Certificate Printing'!E\"&((ROW()-2)*4)+3)=\"\",\"\",INDIRECT(\"'MRO Certificate Printing'!E\"&((ROW()-2)*4)+3))","v":""},{"$f":"IF(INDIRECT(\"'MRO Certificate Printing'!F\"&((ROW()-2)*4)+3)=\"\",\"\",INDIRECT(\"'MRO Certificate Printing'!F\"&((ROW()-2)*4)+3))","v":""},{"$f":"IF(INDIRECT(\"'MRO Certificate Printing'!B\"&((ROW()-2)*4)+3)=\"\",\"\",INDIRECT(\"'MRO Certificate Printing'!B\"&((ROW()-2)*4)+3))","v":""},{"$f":"IF(INDIRECT(\"'MRO Certificate Printing'!G\"&((ROW()-2)*4)+3)=\"\",\"\",INDIRECT(\"'MRO Certificate Printing'!G\"&((ROW()-2)*4)+3))","v":""},{"$f":"IF(INDIRECT(\"'MRO Certificate Printing'!J\"&((ROW()-2)*4)+3)=\"\",\"\",INDIRECT(\"'MRO Certificate Printing'!J\"&((ROW()-2)*4)+3))","v":""},{"$f":"IF(INDIRECT(\"'MRO Certificate Printing'!I\"&((ROW()-2)*4)+3)=\"\",\"\",INDIRECT(\"'MRO Certificate Printing'!I\"&((ROW()-2)*4)+3))","v":""},{"$f":"IF(INDIRECT(\"'MRO Certificate Printing'!K\"&((ROW()-2)*4)+3)=\"\",\"\",INDIRECT(\"'MRO Certificate Printing'!K\"&((ROW()-2)*4)+3))","v":""},null,{"$f":"IF(INDIRECT(\"'MRO Certificate Printing'!D\"&((ROW()-2)*4)+4)=\"\",\"\",INDIRECT(\"'MRO Certificate Printing'!D\"&((ROW()-2)*4)+4))","v":""},{"$f":"IF(INDIRECT(\"'MRO Certificate Printing'!E\"&((ROW()-2)*4)+4)=\"\",\"\",INDIRECT(\"'MRO Certificate Printing'!E\"&((ROW()-2)*4)+4))","v":""},{"$f":"IF(INDIRECT(\"'MRO Certificate Printing'!F\"&((ROW()-2)*4)+4)=\"\",\"\",INDIRECT(\"'MRO Certificate Printing'!F\"&((ROW()-2)*4)+4))","v":""},{"$f":"IF(INDIRECT(\"'MRO Certificate Printing'!B\"&((ROW()-2)*4)+4)=\"\",\"\",INDIRECT(\"'MRO Certificate Printing'!B\"&((ROW()-2)*4)+4))","v":""},{"$f":"IF(INDIRECT(\"'MRO Certificate Printing'!G\"&((ROW()-2)*4)+4)=\"\",\"\",INDIRECT(\"'MRO Certificate Printing'!G\"&((ROW()-2)*4)+4))","v":""},{"$f":"IF(INDIRECT(\"'MRO Certificate Printing'!J\"&((ROW()-2)*4)+4)=\"\",\"\",INDIRECT(\"'MRO Certificate Printing'!J\"&((ROW()-2)*4)+4))","v":""},{"$f":"IF(INDIRECT(\"'MRO Certificate Printing'!I\"&((ROW()-2)*4)+4)=\"\",\"\",INDIRECT(\"'MRO Certificate Printing'!I\"&((ROW()-2)*4)+4))","v":""},{"$f":"IF(INDIRECT(\"'MRO Certificate Printing'!K\"&((ROW()-2)*4)+4)=\"\",\"\",INDIRECT(\"'MRO Certificate Printing'!K\"&((ROW()-2)*4)+4))","v":""},null,{"$f":"IF(INDIRECT(\"'MRO Certificate Printing'!D\"&((ROW()-2)*4)+5)=\"\",\"\",INDIRECT(\"'MRO Certificate Printing'!D\"&((ROW()-2)*4)+5))","v":""},{"$f":"IF(INDIRECT(\"'MRO Certificate Printing'!E\"&((ROW()-2)*4)+5)=\"\",\"\",INDIRECT(\"'MRO Certificate Printing'!E\"&((ROW()-2)*4)+5))","v":""},{"$f":"IF(INDIRECT(\"'MRO Certificate Printing'!F\"&((ROW()-2)*4)+5)=\"\",\"\",INDIRECT(\"'MRO Certificate Printing'!F\"&((ROW()-2)*4)+5))","v":""},{"$f":"IF(INDIRECT(\"'MRO Certificate Printing'!B\"&((ROW()-2)*4)+5)=\"\",\"\",INDIRECT(\"'MRO Certificate Printing'!B\"&((ROW()-2)*4)+5))","v":""},{"$f":"IF(INDIRECT(\"'MRO Certificate Printing'!G\"&((ROW()-2)*4)+5)=\"\",\"\",INDIRECT(\"'MRO Certificate Printing'!G\"&((ROW()-2)*4)+5))","v":""},{"$f":"IF(INDIRECT(\"'MRO Certificate Printing'!J\"&((ROW()-2)*4)+5)=\"\",\"\",INDIRECT(\"'MRO Certificate Printing'!J\"&((ROW()-2)*4)+5))","v":""},{"$f":"IF(INDIRECT(\"'MRO Certificate Printing'!I\"&((ROW()-2)*4)+5)=\"\",\"\",INDIRECT(\"'MRO Certificate Printing'!I\"&((ROW()-2)*4)+5))","v":""},{"$f":"IF(INDIRECT(\"'MRO Certificate Printing'!K\"&((ROW()-2)*4)+5)=\"\",\"\",INDIRECT(\"'MRO Certificate Printing'!K\"&((ROW()-2)*4)+5))","v":""}]
["",{"$f":"IF(INDIRECT(\"'MRO Certificate Printing'!D\"&((ROW()-2)*4)+2)=\"\",\"\",INDIRECT(\"'MRO Certificate Printing'!D\"&((ROW()-2)*4)+2))","v":""},{"$f":"IF(INDIRECT(\"'MRO Certificate Printing'!E\"&((ROW()-2)*4)+2)=\"\",\"\",INDIRECT(\"'MRO Certificate Printing'!E\"&((ROW()-2)*4)+2))","v":""},{"$f":"IF(INDIRECT(\"'MRO Certificate Printing'!F\"&((ROW()-2)*4)+2)=\"\",\"\",INDIRECT(\"'MRO Certificate Printing'!F\"&((ROW()-2)*4)+2))","v":""},{"$f":"IF(INDIRECT(\"'MRO Certificate Printing'!B\"&((ROW()-2)*4)+2)=\"\",\"\",INDIRECT(\"'MRO Certificate Printing'!B\"&((ROW()-2)*4)+2))","v":""},{"$f":"IF(INDIRECT(\"'MRO Certificate Printing'!G\"&((ROW()-2)*4)+2)=\"\",\"\",INDIRECT(\"'MRO Certificate Printing'!G\"&((ROW()-2)*4)+2))","v":""},{"$f":"IF(INDIRECT(\"'MRO Certificate Printing'!J\"&((ROW()-2)*4)+2)=\"\",\"\",INDIRECT(\"'MRO Certificate Printing'!J\"&((ROW()-2)*4)+2))","v":""},{"$f":"IF(INDIRECT(\"'MRO Certificate Printing'!I\"&((ROW()-2)*4)+2)=\"\",\"\",INDIRECT(\"'MRO Certificate Printing'!I\"&((ROW()-2)*4)+2))","v":""},{"$f":"IF(INDIRECT(\"'MRO Certificate Printing'!K\"&((ROW()-2)*4)+2)=\"\",\"\",INDIRECT(\"'MRO Certificate Printing'!K\"&((ROW()-2)*4)+2))","v":""},null,{"$f":"IF(INDIRECT(\"'MRO Certificate Printing'!D\"&((ROW()-2)*4)+3)=\"\",\"\",INDIRECT(\"'MRO Certificate Printing'!D\"&((ROW()-2)*4)+3))","v":""},{"$f":"IF(INDIRECT(\"'MRO Certificate Printing'!E\"&((ROW()-2)*4)+3)=\"\",\"\",INDIRECT(\"'MRO Certificate Printing'!E\"&((ROW()-2)*4)+3))","v":""},{"$f":"IF(INDIRECT(\"'MRO Certificate Printing'!F\"&((ROW()-2)*4)+3)=\"\",\"\",INDIRECT(\"'MRO Certificate Printing'!F\"&((ROW()-2)*4)+3))","v":""},{"$f":"IF(INDIRECT(\"'MRO Certificate Printing'!B\"&((ROW()-2)*4)+3)=\"\",\"\",INDIRECT(\"'MRO Certificate Printing'!B\"&((ROW()-2)*4)+3))","v":""},{"$f":"IF(INDIRECT(\"'MRO Certificate Printing'!G\"&((ROW()-2)*4)+3)=\"\",\"\",INDIRECT(\"'MRO Certificate Printing'!G\"&((ROW()-2)*4)+3))","v":""},{"$f":"IF(INDIRECT(\"'MRO Certificate Printing'!J\"&((ROW()-2)*4)+3)=\"\",\"\",INDIRECT(\"'MRO Certificate Printing'!J\"&((ROW()-2)*4)+3))","v":""},{"$f":"IF(INDIRECT(\"'MRO Certificate Printing'!I\"&((ROW()-2)*4)+3)=\"\",\"\",INDIRECT(\"'MRO Certificate Printing'!I\"&((ROW()-2)*4)+3))","v":""},{"$f":"IF(INDIRECT(\"'MRO Certificate Printing'!K\"&((ROW()-2)*4)+3)=\"\",\"\",INDIRECT(\"'MRO Certificate Printing'!K\"&((ROW()-2)*4)+3))","v":""},null,{"$f":"IF(INDIRECT(\"'MRO Certificate Printing'!D\"&((ROW()-2)*4)+4)=\"\",\"\",INDIRECT(\"'MRO Certificate Printing'!D\"&((ROW()-2)*4)+4))","v":""},{"$f":"IF(INDIRECT(\"'MRO Certificate Printing'!E\"&((ROW()-2)*4)+4)=\"\",\"\",INDIRECT(\"'MRO Certificate Printing'!E\"&((ROW()-2)*4)+4))","v":""},{"$f":"IF(INDIRECT(\"'MRO Certificate Printing'!F\"&((ROW()-2)*4)+4)=\"\",\"\",INDIRECT(\"'MRO Certificate Printing'!F\"&((ROW()-2)*4)+4))","v":""},{"$f":"IF(INDIRECT(\"'MRO Certificate Printing'!B\"&((ROW()-2)*4)+4)=\"\",\"\",INDIRECT(\"'MRO Certificate Printing'!B\"&((ROW()-2)*4)+4))","v":""},{"$f":"IF(INDIRECT(\"'MRO Certificate Printing'!G\"&((ROW()-2)*4)+4)=\"\",\"\",INDIRECT(\"'MRO Certificate Printing'!G\"&((ROW()-2)*4)+4))","v":""},{"$f":"IF(INDIRECT(\"'MRO Certificate Printing'!J\"&((ROW()-2)*4)+4)=\"\",\"\",INDIRECT(\"'MRO Certificate Printing'!J\"&((ROW()-2)*4)+4))","v":""},{"$f":"IF(INDIRECT(\"'MRO Certificate Printing'!I\"&((ROW()-2)*4)+4)=\"\",\"\",INDIRECT(\"'MRO Certificate Printing'!I\"&((ROW()-2)*4)+4))","v":""},{"$f":"IF(INDIRECT(\"'MRO Certificate Printing'!K\"&((ROW()-2)*4)+4)=\"\",\"\",INDIRECT(\"'MRO Certificate Printing'!K\"&((ROW()-2)*4)+4))","v":""},null,{"$f":"IF(INDIRECT(\"'MRO Certificate Printing'!D\"&((ROW()-2)*4)+5)=\"\",\"\",INDIRECT(\"'MRO Certificate Printing'!D\"&((ROW()-2)*4)+5))","v":""},{"$f":"IF(INDIRECT(\"'MRO Certificate Printing'!E\"&((ROW()-2)*4)+5)=\"\",\"\",INDIRECT(\"'MRO Certificate Printing'!E\"&((ROW()-2)*4)+5))","v":""},{"$f":"IF(INDIRECT(\"'MRO Certificate Printing'!F\"&((ROW()-2)*4)+5)=\"\",\"\",INDIRECT(\"'MRO Certificate Printing'!F\"&((ROW()-2)*4)+5))","v":""},{"$f":"IF(INDIRECT(\"'MRO Certificate Printing'!B\"&((ROW()-2)*4)+5)=\"\",\"\",INDIRECT(\"'MRO Certificate Printing'!B\"&((ROW()-2)*4)+5))","v":""},{"$f":"IF(INDIRECT(\"'MRO Certificate Printing'!G\"&((ROW()-2)*4)+5)=\"\",\"\",INDIRECT(\"'MRO Certificate Printing'!G\"&((ROW()-2)*4)+5))","v":""},{"$f":"IF(INDIRECT(\"'MRO Certificate Printing'!J\"&((ROW()-2)*4)+5)=\"\",\"\",INDIRECT(\"'MRO Certificate Printing'!J\"&((ROW()-2)*4)+5))","v":""},{"$f":"IF(INDIRECT(\"'MRO Certificate Printing'!I\"&((ROW()-2)*4)+5)=\"\",\"\",INDIRECT(\"'MRO Certificate Printing'!I\"&((ROW()-2)*4)+5))","v":""},{"$f":"IF(INDIRECT(\"'MRO Certificate Printing'!K\"&((ROW()-2)*4)+5)=\"\",\"\",INDIRECT(\"'MRO Certificate Printing'!K\"&((ROW()-2)*4)+5))","v":""}]
["",{"$f":"IF(INDIRECT(\"'MRO Certificate Printing'!D\"&((ROW()-2)*4)+2)=\"\",\"\",INDIRECT(\"'MRO Certificate Printing'!D\"&((ROW()-2)*4)+2))","v":""},{"$f":"IF(INDIRECT(\"'MRO Certificate Printing'!E\"&((ROW()-2)*4)+2)=\"\",\"\",INDIRECT(\"'MRO Certificate Printing'!E\"&((ROW()-2)*4)+2))","v":""},{"$f":"IF(INDIRECT(\"'MRO Certificate Printing'!F\"&((ROW()-2)*4)+2)=\"\",\"\",INDIRECT(\"'MRO Certificate Printing'!F\"&((ROW()-2)*4)+2))","v":""},{"$f":"IF(INDIRECT(\"'MRO Certificate Printing'!B\"&((ROW()-2)*4)+2)=\"\",\"\",INDIRECT(\"'MRO Certificate Printing'!B\"&((ROW()-2)*4)+2))","v":""},{"$f":"IF(INDIRECT(\"'MRO Certificate Printing'!G\"&((ROW()-2)*4)+2)=\"\",\"\",INDIRECT(\"'MRO Certificate Printing'!G\"&((ROW()-2)*4)+2))","v":""},{"$f":"IF(INDIRECT(\"'MRO Certificate Printing'!J\"&((ROW()-2)*4)+2)=\"\",\"\",INDIRECT(\"'MRO Certificate Printing'!J\"&((ROW()-2)*4)+2))","v":""},{"$f":"IF(INDIRECT(\"'MRO Certificate Printing'!I\"&((ROW()-2)*4)+2)=\"\",\"\",INDIRECT(\"'MRO Certificate Printing'!I\"&((ROW()-2)*4)+2))","v":""},{"$f":"IF(INDIRECT(\"'MRO Certificate Printing'!K\"&((ROW()-2)*4)+2)=\"\",\"\",INDIRECT(\"'MRO Certificate Printing'!K\"&((ROW()-2)*4)+2))","v":""},null,{"$f":"IF(INDIRECT(\"'MRO Certificate Printing'!D\"&((ROW()-2)*4)+3)=\"\",\"\",INDIRECT(\"'MRO Certificate Printing'!D\"&((ROW()-2)*4)+3))","v":""},{"$f":"IF(INDIRECT(\"'MRO Certificate Printing'!E\"&((ROW()-2)*4)+3)=\"\",\"\",INDIRECT(\"'MRO Certificate Printing'!E\"&((ROW()-2)*4)+3))","v":""},{"$f":"IF(INDIRECT(\"'MRO Certificate Printing'!F\"&((ROW()-2)*4)+3)=\"\",\"\",INDIRECT(\"'MRO Certificate Printing'!F\"&((ROW()-2)*4)+3))","v":""},{"$f":"IF(INDIRECT(\"'MRO Certificate Printing'!B\"&((ROW()-2)*4)+3)=\"\",\"\",INDIRECT(\"'MRO Certificate Printing'!B\"&((ROW()-2)*4)+3))","v":""},{"$f":"IF(INDIRECT(\"'MRO Certificate Printing'!G\"&((ROW()-2)*4)+3)=\"\",\"\",INDIRECT(\"'MRO Certificate Printing'!G\"&((ROW()-2)*4)+3))","v":""},{"$f":"IF(INDIRECT(\"'MRO Certificate Printing'!J\"&((ROW()-2)*4)+3)=\"\",\"\",INDIRECT(\"'MRO Certificate Printing'!J\"&((ROW()-2)*4)+3))","v":""},{"$f":"IF(INDIRECT(\"'MRO Certificate Printing'!I\"&((ROW()-2)*4)+3)=\"\",\"\",INDIRECT(\"'MRO Certificate Printing'!I\"&((ROW()-2)*4)+3))","v":""},{"$f":"IF(INDIRECT(\"'MRO Certificate Printing'!K\"&((ROW()-2)*4)+3)=\"\",\"\",INDIRECT(\"'MRO Certificate Printing'!K\"&((ROW()-2)*4)+3))","v":""},null,{"$f":"IF(INDIRECT(\"'MRO Certificate Printing'!D\"&((ROW()-2)*4)+4)=\"\",\"\",INDIRECT(\"'MRO Certificate Printing'!D\"&((ROW()-2)*4)+4))","v":""},{"$f":"IF(INDIRECT(\"'MRO Certificate Printing'!E\"&((ROW()-2)*4)+4)=\"\",\"\",INDIRECT(\"'MRO Certificate Printing'!E\"&((ROW()-2)*4)+4))","v":""},{"$f":"IF(INDIRECT(\"'MRO Certificate Printing'!F\"&((ROW()-2)*4)+4)=\"\",\"\",INDIRECT(\"'MRO Certificate Printing'!F\"&((ROW()-2)*4)+4))","v":""},{"$f":"IF(INDIRECT(\"'MRO Certificate Printing'!B\"&((ROW()-2)*4)+4)=\"\",\"\",INDIRECT(\"'MRO Certificate Printing'!B\"&((ROW()-2)*4)+4))","v":""},{"$f":"IF(INDIRECT(\"'MRO Certificate Printing'!G\"&((ROW()-2)*4)+4)=\"\",\"\",INDIRECT(\"'MRO Certificate Printing'!G\"&((ROW()-2)*4)+4))","v":""},{"$f":"IF(INDIRECT(\"'MRO Certificate Printing'!J\"&((ROW()-2)*4)+4)=\"\",\"\",INDIRECT(\"'MRO Certificate Printing'!J\"&((ROW()-2)*4)+4))","v":""},{"$f":"IF(INDIRECT(\"'MRO Certificate Printing'!I\"&((ROW()-2)*4)+4)=\"\",\"\",INDIRECT(\"'MRO Certificate Printing'!I\"&((ROW()-2)*4)+4))","v":""},{"$f":"IF(INDIRECT(\"'MRO Certificate Printing'!K\"&((ROW()-2)*4)+4)=\"\",\"\",INDIRECT(\"'MRO Certificate Printing'!K\"&((ROW()-2)*4)+4))","v":""},null,{"$f":"IF(INDIRECT(\"'MRO Certificate Printing'!D\"&((ROW()-2)*4)+5)=\"\",\"\",INDIRECT(\"'MRO Certificate Printing'!D\"&((ROW()-2)*4)+5))","v":""},{"$f":"IF(INDIRECT(\"'MRO Certificate Printing'!E\"&((ROW()-2)*4)+5)=\"\",\"\",INDIRECT(\"'MRO Certificate Printing'!E\"&((ROW()-2)*4)+5))","v":""},{"$f":"IF(INDIRECT(\"'MRO Certificate Printing'!F\"&((ROW()-2)*4)+5)=\"\",\"\",INDIRECT(\"'MRO Certificate Printing'!F\"&((ROW()-2)*4)+5))","v":""},{"$f":"IF(INDIRECT(\"'MRO Certificate Printing'!B\"&((ROW()-2)*4)+5)=\"\",\"\",INDIRECT(\"'MRO Certificate Printing'!B\"&((ROW()-2)*4)+5))","v":""},{"$f":"IF(INDIRECT(\"'MRO Certificate Printing'!G\"&((ROW()-2)*4)+5)=\"\",\"\",INDIRECT(\"'MRO Certificate Printing'!G\"&((ROW()-2)*4)+5))","v":""},{"$f":"IF(INDIRECT(\"'MRO Certificate Printing'!J\"&((ROW()-2)*4)+5)=\"\",\"\",INDIRECT(\"'MRO Certificate Printing'!J\"&((ROW()-2)*4)+5))","v":""},{"$f":"IF(INDIRECT(\"'MRO Certificate Printing'!I\"&((ROW()-2)*4)+5)=\"\",\"\",INDIRECT(\"'MRO Certificate Printing'!I\"&((ROW()-2)*4)+5))","v":""},{"$f":"IF(INDIRECT(\"'MRO Certificate Printing'!K\"&((ROW()-2)*4)+5)=\"\",\"\",INDIRECT(\"'MRO Certificate Printing'!K\"&((ROW()-2)*4)+5))","v":""}]
["",{"$f":"IF(INDIRECT(\"'MRO Certificate Printing'!D\"&((ROW()-2)*4)+2)=\"\",\"\",INDIRECT(\"'MRO Certificate Printing'!D\"&((ROW()-2)*4)+2))","v":""},{"$f":"IF(INDIRECT(\"'MRO Certificate Printing'!E\"&((ROW()-2)*4)+2)=\"\",\"\",INDIRECT(\"'MRO Certificate Printing'!E\"&((ROW()-2)*4)+2))","v":""},{"$f":"IF(INDIRECT(\"'MRO Certificate Printing'!F\"&((ROW()-2)*4)+2)=\"\",\"\",INDIRECT(\"'MRO Certificate Printing'!F\"&((ROW()-2)*4)+2))","v":""},{"$f":"IF(INDIRECT(\"'MRO Certificate Printing'!B\"&((ROW()-2)*4)+2)=\"\",\"\",INDIRECT(\"'MRO Certificate Printing'!B\"&((ROW()-2)*4)+2))","v":""},{"$f":"IF(INDIRECT(\"'MRO Certificate Printing'!G\"&((ROW()-2)*4)+2)=\"\",\"\",INDIRECT(\"'MRO Certificate Printing'!G\"&((ROW()-2)*4)+2))","v":""},{"$f":"IF(INDIRECT(\"'MRO Certificate Printing'!J\"&((ROW()-2)*4)+2)=\"\",\"\",INDIRECT(\"'MRO Certificate Printing'!J\"&((ROW()-2)*4)+2))","v":""},{"$f":"IF(INDIRECT(\"'MRO Certificate Printing'!I\"&((ROW()-2)*4)+2)=\"\",\"\",INDIRECT(\"'MRO Certificate Printing'!I\"&((ROW()-2)*4)+2))","v":""},{"$f":"IF(INDIRECT(\"'MRO Certificate Printing'!K\"&((ROW()-2)*4)+2)=\"\",\"\",INDIRECT(\"'MRO Certificate Printing'!K\"&((ROW()-2)*4)+2))","v":""},null,{"$f":"IF(INDIRECT(\"'MRO Certificate Printing'!D\"&((ROW()-2)*4)+3)=\"\",\"\",INDIRECT(\"'MRO Certificate Printing'!D\"&((ROW()-2)*4)+3))","v":""},{"$f":"IF(INDIRECT(\"'MRO Certificate Printing'!E\"&((ROW()-2)*4)+3)=\"\",\"\",INDIRECT(\"'MRO Certificate Printing'!E\"&((ROW()-2)*4)+3))","v":""},{"$f":"IF(INDIRECT(\"'MRO Certificate Printing'!F\"&((ROW()-2)*4)+3)=\"\",\"\",INDIRECT(\"'MRO Certificate Printing'!F\"&((ROW()-2)*4)+3))","v":""},{"$f":"IF(INDIRECT(\"'MRO Certificate Printing'!B\"&((ROW()-2)*4)+3)=\"\",\"\",INDIRECT(\"'MRO Certificate Printing'!B\"&((ROW()-2)*4)+3))","v":""},{"$f":"IF(INDIRECT(\"'MRO Certificate Printing'!G\"&((ROW()-2)*4)+3)=\"\",\"\",INDIRECT(\"'MRO Certificate Printing'!G\"&((ROW()-2)*4)+3))","v":""},{"$f":"IF(INDIRECT(\"'MRO Certificate Printing'!J\"&((ROW()-2)*4)+3)=\"\",\"\",INDIRECT(\"'MRO Certificate Printing'!J\"&((ROW()-2)*4)+3))","v":""},{"$f":"IF(INDIRECT(\"'MRO Certificate Printing'!I\"&((ROW()-2)*4)+3)=\"\",\"\",INDIRECT(\"'MRO Certificate Printing'!I\"&((ROW()-2)*4)+3))","v":""},{"$f":"IF(INDIRECT(\"'MRO Certificate Printing'!K\"&((ROW()-2)*4)+3)=\"\",\"\",INDIRECT(\"'MRO Certificate Printing'!K\"&((ROW()-2)*4)+3))","v":""},null,{"$f":"IF(INDIRECT(\"'MRO Certificate Printing'!D\"&((ROW()-2)*4)+4)=\"\",\"\",INDIRECT(\"'MRO Certificate Printing'!D\"&((ROW()-2)*4)+4))","v":""},{"$f":"IF(INDIRECT(\"'MRO Certificate Printing'!E\"&((ROW()-2)*4)+4)=\"\",\"\",INDIRECT(\"'MRO Certificate Printing'!E\"&((ROW()-2)*4)+4))","v":""},{"$f":"IF(INDIRECT(\"'MRO Certificate Printing'!F\"&((ROW()-2)*4)+4)=\"\",\"\",INDIRECT(\"'MRO Certificate Printing'!F\"&((ROW()-2)*4)+4))","v":""},{"$f":"IF(INDIRECT(\"'MRO Certificate Printing'!B\"&((ROW()-2)*4)+4)=\"\",\"\",INDIRECT(\"'MRO Certificate Printing'!B\"&((ROW()-2)*4)+4))","v":""},{"$f":"IF(INDIRECT(\"'MRO Certificate Printing'!G\"&((ROW()-2)*4)+4)=\"\",\"\",INDIRECT(\"'MRO Certificate Printing'!G\"&((ROW()-2)*4)+4))","v":""},{"$f":"IF(INDIRECT(\"'MRO Certificate Printing'!J\"&((ROW()-2)*4)+4)=\"\",\"\",INDIRECT(\"'MRO Certificate Printing'!J\"&((ROW()-2)*4)+4))","v":""},{"$f":"IF(INDIRECT(\"'MRO Certificate Printing'!I\"&((ROW()-2)*4)+4)=\"\",\"\",INDIRECT(\"'MRO Certificate Printing'!I\"&((ROW()-2)*4)+4))","v":""},{"$f":"IF(INDIRECT(\"'MRO Certificate Printing'!K\"&((ROW()-2)*4)+4)=\"\",\"\",INDIRECT(\"'MRO Certificate Printing'!K\"&((ROW()-2)*4)+4))","v":""},null,{"$f":"IF(INDIRECT(\"'MRO Certificate Printing'!D\"&((ROW()-2)*4)+5)=\"\",\"\",INDIRECT(\"'MRO Certificate Printing'!D\"&((ROW()-2)*4)+5))","v":""},{"$f":"IF(INDIRECT(\"'MRO Certificate Printing'!E\"&((ROW()-2)*4)+5)=\"\",\"\",INDIRECT(\"'MRO Certificate Printing'!E\"&((ROW()-2)*4)+5))","v":""},{"$f":"IF(INDIRECT(\"'MRO Certificate Printing'!F\"&((ROW()-2)*4)+5)=\"\",\"\",INDIRECT(\"'MRO Certificate Printing'!F\"&((ROW()-2)*4)+5))","v":""},{"$f":"IF(INDIRECT(\"'MRO Certificate Printing'!B\"&((ROW()-2)*4)+5)=\"\",\"\",INDIRECT(\"'MRO Certificate Printing'!B\"&((ROW()-2)*4)+5))","v":""},{"$f":"IF(INDIRECT(\"'MRO Certificate Printing'!G\"&((ROW()-2)*4)+5)=\"\",\"\",INDIRECT(\"'MRO Certificate Printing'!G\"&((ROW()-2)*4)+5))","v":""},{"$f":"IF(INDIRECT(\"'MRO Certificate Printing'!J\"&((ROW()-2)*4)+5)=\"\",\"\",INDIRECT(\"'MRO Certificate Printing'!J\"&((ROW()-2)*4)+5))","v":""},{"$f":"IF(INDIRECT(\"'MRO Certificate Printing'!I\"&((ROW()-2)*4)+5)=\"\",\"\",INDIRECT(\"'MRO Certificate Printing'!I\"&((ROW()-2)*4)+5))","v":""},{"$f":"IF(INDIRECT(\"'MRO Certificate Printing'!K\"&((ROW()-2)*4)+5)=\"\",\"\",INDIRECT(\"'MRO Certificate Printing'!K\"&((ROW()-2)*4)+5))","v":""}]
["",{"$f":"IF(INDIRECT(\"'MRO Certificate Printing'!D\"&((ROW()-2)*4)+2)=\"\",\"\",INDIRECT(\"'MRO Certificate Printing'!D\"&((ROW()-2)*4)+2))","v":""},{"$f":"IF(INDIRECT(\"'MRO Certificate Printing'!E\"&((ROW()-2)*4)+2)=\"\",\"\",INDIRECT(\"'MRO Certificate Printing'!E\"&((ROW()-2)*4)+2))","v":""},{"$f":"IF(INDIRECT(\"'MRO Certificate Printing'!F\"&((ROW()-2)*4)+2)=\"\",\"\",INDIRECT(\"'MRO Certificate Printing'!F\"&((ROW()-2)*4)+2))","v":""},{"$f":"IF(INDIRECT(\"'MRO Certificate Printing'!B\"&((ROW()-2)*4)+2)=\"\",\"\",INDIRECT(\"'MRO Certificate Printing'!B\"&((ROW()-2)*4)+2))","v":""},{"$f":"IF(INDIRECT(\"'MRO Certificate Printing'!G\"&((ROW()-2)*4)+2)=\"\",\"\",INDIRECT(\"'MRO Certificate Printing'!G\"&((ROW()-2)*4)+2))","v":""},{"$f":"IF(INDIRECT(\"'MRO Certificate Printing'!J\"&((ROW()-2)*4)+2)=\"\",\"\",INDIRECT(\"'MRO Certificate Printing'!J\"&((ROW()-2)*4)+2))","v":""},{"$f":"IF(INDIRECT(\"'MRO Certificate Printing'!I\"&((ROW()-2)*4)+2)=\"\",\"\",INDIRECT(\"'MRO Certificate Printing'!I\"&((ROW()-2)*4)+2))","v":""},{"$f":"IF(INDIRECT(\"'MRO Certificate Printing'!K\"&((ROW()-2)*4)+2)=\"\",\"\",INDIRECT(\"'MRO Certificate Printing'!K\"&((ROW()-2)*4)+2))","v":""},null,{"$f":"IF(INDIRECT(\"'MRO Certificate Printing'!D\"&((ROW()-2)*4)+3)=\"\",\"\",INDIRECT(\"'MRO Certificate Printing'!D\"&((ROW()-2)*4)+3))","v":""},{"$f":"IF(INDIRECT(\"'MRO Certificate Printing'!E\"&((ROW()-2)*4)+3)=\"\",\"\",INDIRECT(\"'MRO Certificate Printing'!E\"&((ROW()-2)*4)+3))","v":""},{"$f":"IF(INDIRECT(\"'MRO Certificate Printing'!F\"&((ROW()-2)*4)+3)=\"\",\"\",INDIRECT(\"'MRO Certificate Printing'!F\"&((ROW()-2)*4)+3))","v":""},{"$f":"IF(INDIRECT(\"'MRO Certificate Printing'!B\"&((ROW()-2)*4)+3)=\"\",\"\",INDIRECT(\"'MRO Certificate Printing'!B\"&((ROW()-2)*4)+3))","v":""},{"$f":"IF(INDIRECT(\"'MRO Certificate Printing'!G\"&((ROW()-2)*4)+3)=\"\",\"\",INDIRECT(\"'MRO Certificate Printing'!G\"&((ROW()-2)*4)+3))","v":""},{"$f":"IF(INDIRECT(\"'MRO Certificate Printing'!J\"&((ROW()-2)*4)+3)=\"\",\"\",INDIRECT(\"'MRO Certificate Printing'!J\"&((ROW()-2)*4)+3))","v":""},{"$f":"IF(INDIRECT(\"'MRO Certificate Printing'!I\"&((ROW()-2)*4)+3)=\"\",\"\",INDIRECT(\"'MRO Certificate Printing'!I\"&((ROW()-2)*4)+3))","v":""},{"$f":"IF(INDIRECT(\"'MRO Certificate Printing'!K\"&((ROW()-2)*4)+3)=\"\",\"\",INDIRECT(\"'MRO Certificate Printing'!K\"&((ROW()-2)*4)+3))","v":""},null,{"$f":"IF(INDIRECT(\"'MRO Certificate Printing'!D\"&((ROW()-2)*4)+4)=\"\",\"\",INDIRECT(\"'MRO Certificate Printing'!D\"&((ROW()-2)*4)+4))","v":""},{"$f":"IF(INDIRECT(\"'MRO Certificate Printing'!E\"&((ROW()-2)*4)+4)=\"\",\"\",INDIRECT(\"'MRO Certificate Printing'!E\"&((ROW()-2)*4)+4))","v":""},{"$f":"IF(INDIRECT(\"'MRO Certificate Printing'!F\"&((ROW()-2)*4)+4)=\"\",\"\",INDIRECT(\"'MRO Certificate Printing'!F\"&((ROW()-2)*4)+4))","v":""},{"$f":"IF(INDIRECT(\"'MRO Certificate Printing'!B\"&((ROW()-2)*4)+4)=\"\",\"\",INDIRECT(\"'MRO Certificate Printing'!B\"&((ROW()-2)*4)+4))","v":""},{"$f":"IF(INDIRECT(\"'MRO Certificate Printing'!G\"&((ROW()-2)*4)+4)=\"\",\"\",INDIRECT(\"'MRO Certificate Printing'!G\"&((ROW()-2)*4)+4))","v":""},{"$f":"IF(INDIRECT(\"'MRO Certificate Printing'!J\"&((ROW()-2)*4)+4)=\"\",\"\",INDIRECT(\"'MRO Certificate Printing'!J\"&((ROW()-2)*4)+4))","v":""},{"$f":"IF(INDIRECT(\"'MRO Certificate Printing'!I\"&((ROW()-2)*4)+4)=\"\",\"\",INDIRECT(\"'MRO Certificate Printing'!I\"&((ROW()-2)*4)+4))","v":""},{"$f":"IF(INDIRECT(\"'MRO Certificate Printing'!K\"&((ROW()-2)*4)+4)=\"\",\"\",INDIRECT(\"'MRO Certificate Printing'!K\"&((ROW()-2)*4)+4))","v":""},null,{"$f":"IF(INDIRECT(\"'MRO Certificate Printing'!D\"&((ROW()-2)*4)+5)=\"\",\"\",INDIRECT(\"'MRO Certificate Printing'!D\"&((ROW()-2)*4)+5))","v":""},{"$f":"IF(INDIRECT(\"'MRO Certificate Printing'!E\"&((ROW()-2)*4)+5)=\"\",\"\",INDIRECT(\"'MRO Certificate Printing'!E\"&((ROW()-2)*4)+5))","v":""},{"$f":"IF(INDIRECT(\"'MRO Certificate Printing'!F\"&((ROW()-2)*4)+5)=\"\",\"\",INDIRECT(\"'MRO Certificate Printing'!F\"&((ROW()-2)*4)+5))","v":""},{"$f":"IF(INDIRECT(\"'MRO Certificate Printing'!B\"&((ROW()-2)*4)+5)=\"\",\"\",INDIRECT(\"'MRO Certificate Printing'!B\"&((ROW()-2)*4)+5))","v":""},{"$f":"IF(INDIRECT(\"'MRO Certificate Printing'!G\"&((ROW()-2)*4)+5)=\"\",\"\",INDIRECT(\"'MRO Certificate Printing'!G\"&((ROW()-2)*4)+5))","v":""},{"$f":"IF(INDIRECT(\"'MRO Certificate Printing'!J\"&((ROW()-2)*4)+5)=\"\",\"\",INDIRECT(\"'MRO Certificate Printing'!J\"&((ROW()-2)*4)+5))","v":""},{"$f":"IF(INDIRECT(\"'MRO Certificate Printing'!I\"&((ROW()-2)*4)+5)=\"\",\"\",INDIRECT(\"'MRO Certificate Printing'!I\"&((ROW()-2)*4)+5))","v":""},{"$f":"IF(INDIRECT(\"'MRO Certificate Printing'!K\"&((ROW()-2)*4)+5)=\"\",\"\",INDIRECT(\"'MRO Certificate Printing'!K\"&((ROW()-2)*4)+5))","v":""}]
["",{"$f":"IF(INDIRECT(\"'MRO Certificate Printing'!D\"&((ROW()-2)*4)+2)=\"\",\"\",INDIRECT(\"'MRO Certificate Printing'!D\"&((ROW()-2)*4)+2))","v":""},{"$f":"IF(INDIRECT(\"'MRO Certificate Printing'!E\"&((ROW()-2)*4)+2)=\"\",\"\",INDIRECT(\"'MRO Certificate Printing'!E\"&((ROW()-2)*4)+2))","v":""},{"$f":"IF(INDIRECT(\"'MRO Certificate Printing'!F\"&((ROW()-2)*4)+2)=\"\",\"\",INDIRECT(\"'MRO Certificate Printing'!F\"&((ROW()-2)*4)+2))","v":""},{"$f":"IF(INDIRECT(\"'MRO Certificate Printing'!B\"&((ROW()-2)*4)+2)=\"\",\"\",INDIRECT(\"'MRO Certificate Printing'!B\"&((ROW()-2)*4)+2))","v":""},{"$f":"IF(INDIRECT(\"'MRO Certificate Printing'!G\"&((ROW()-2)*4)+2)=\"\",\"\",INDIRECT(\"'MRO Certificate Printing'!G\"&((ROW()-2)*4)+2))","v":""},{"$f":"IF(INDIRECT(\"'MRO Certificate Printing'!J\"&((ROW()-2)*4)+2)=\"\",\"\",INDIRECT(\"'MRO Certificate Printing'!J\"&((ROW()-2)*4)+2))","v":""},{"$f":"IF(INDIRECT(\"'MRO Certificate Printing'!I\"&((ROW()-2)*4)+2)=\"\",\"\",INDIRECT(\"'MRO Certificate Printing'!I\"&((ROW()-2)*4)+2))","v":""},{"$f":"IF(INDIRECT(\"'MRO Certificate Printing'!K\"&((ROW()-2)*4)+2)=\"\",\"\",INDIRECT(\"'MRO Certificate Printing'!K\"&((ROW()-2)*4)+2))","v":""},null,{"$f":"IF(INDIRECT(\"'MRO Certificate Printing'!D\"&((ROW()-2)*4)+3)=\"\",\"\",INDIRECT(\"'MRO Certificate Printing'!D\"&((ROW()-2)*4)+3))","v":""},{"$f":"IF(INDIRECT(\"'MRO Certificate Printing'!E\"&((ROW()-2)*4)+3)=\"\",\"\",INDIRECT(\"'MRO Certificate Printing'!E\"&((ROW()-2)*4)+3))","v":""},{"$f":"IF(INDIRECT(\"'MRO Certificate Printing'!F\"&((ROW()-2)*4)+3)=\"\",\"\",INDIRECT(\"'MRO Certificate Printing'!F\"&((ROW()-2)*4)+3))","v":""},{"$f":"IF(INDIRECT(\"'MRO Certificate Printing'!B\"&((ROW()-2)*4)+3)=\"\",\"\",INDIRECT(\"'MRO Certificate Printing'!B\"&((ROW()-2)*4)+3))","v":""},{"$f":"IF(INDIRECT(\"'MRO Certificate Printing'!G\"&((ROW()-2)*4)+3)=\"\",\"\",INDIRECT(\"'MRO Certificate Printing'!G\"&((ROW()-2)*4)+3))","v":""},{"$f":"IF(INDIRECT(\"'MRO Certificate Printing'!J\"&((ROW()-2)*4)+3)=\"\",\"\",INDIRECT(\"'MRO Certificate Printing'!J\"&((ROW()-2)*4)+3))","v":""},{"$f":"IF(INDIRECT(\"'MRO Certificate Printing'!I\"&((ROW()-2)*4)+3)=\"\",\"\",INDIRECT(\"'MRO Certificate Printing'!I\"&((ROW()-2)*4)+3))","v":""},{"$f":"IF(INDIRECT(\"'MRO Certificate Printing'!K\"&((ROW()-2)*4)+3)=\"\",\"\",INDIRECT(\"'MRO Certificate Printing'!K\"&((ROW()-2)*4)+3))","v":""},null,{"$f":"IF(INDIRECT(\"'MRO Certificate Printing'!D\"&((ROW()-2)*4)+4)=\"\",\"\",INDIRECT(\"'MRO Certificate Printing'!D\"&((ROW()-2)*4)+4))","v":""},{"$f":"IF(INDIRECT(\"'MRO Certificate Printing'!E\"&((ROW()-2)*4)+4)=\"\",\"\",INDIRECT(\"'MRO Certificate Printing'!E\"&((ROW()-2)*4)+4))","v":""},{"$f":"IF(INDIRECT(\"'MRO Certificate Printing'!F\"&((ROW()-2)*4)+4)=\"\",\"\",INDIRECT(\"'MRO Certificate Printing'!F\"&((ROW()-2)*4)+4))","v":""},{"$f":"IF(INDIRECT(\"'MRO Certificate Printing'!B\"&((ROW()-2)*4)+4)=\"\",\"\",INDIRECT(\"'MRO Certificate Printing'!B\"&((ROW()-2)*4)+4))","v":""},{"$f":"IF(INDIRECT(\"'MRO Certificate Printing'!G\"&((ROW()-2)*4)+4)=\"\",\"\",INDIRECT(\"'MRO Certificate Printing'!G\"&((ROW()-2)*4)+4))","v":""},{"$f":"IF(INDIRECT(\"'MRO Certificate Printing'!J\"&((ROW()-2)*4)+4)=\"\",\"\",INDIRECT(\"'MRO Certificate Printing'!J\"&((ROW()-2)*4)+4))","v":""},{"$f":"IF(INDIRECT(\"'MRO Certificate Printing'!I\"&((ROW()-2)*4)+4)=\"\",\"\",INDIRECT(\"'MRO Certificate Printing'!I\"&((ROW()-2)*4)+4))","v":""},{"$f":"IF(INDIRECT(\"'MRO Certificate Printing'!K\"&((ROW()-2)*4)+4)=\"\",\"\",INDIRECT(\"'MRO Certificate Printing'!K\"&((ROW()-2)*4)+4))","v":""},null,{"$f":"IF(INDIRECT(\"'MRO Certificate Printing'!D\"&((ROW()-2)*4)+5)=\"\",\"\",INDIRECT(\"'MRO Certificate Printing'!D\"&((ROW()-2)*4)+5))","v":""},{"$f":"IF(INDIRECT(\"'MRO Certificate Printing'!E\"&((ROW()-2)*4)+5)=\"\",\"\",INDIRECT(\"'MRO Certificate Printing'!E\"&((ROW()-2)*4)+5))","v":""},{"$f":"IF(INDIRECT(\"'MRO Certificate Printing'!F\"&((ROW()-2)*4)+5)=\"\",\"\",INDIRECT(\"'MRO Certificate Printing'!F\"&((ROW()-2)*4)+5))","v":""},{"$f":"IF(INDIRECT(\"'MRO Certificate Printing'!B\"&((ROW()-2)*4)+5)=\"\",\"\",INDIRECT(\"'MRO Certificate Printing'!B\"&((ROW()-2)*4)+5))","v":""},{"$f":"IF(INDIRECT(\"'MRO Certificate Printing'!G\"&((ROW()-2)*4)+5)=\"\",\"\",INDIRECT(\"'MRO Certificate Printing'!G\"&((ROW()-2)*4)+5))","v":""},{"$f":"IF(INDIRECT(\"'MRO Certificate Printing'!J\"&((ROW()-2)*4)+5)=\"\",\"\",INDIRECT(\"'MRO Certificate Printing'!J\"&((ROW()-2)*4)+5))","v":""},{"$f":"IF(INDIRECT(\"'MRO Certificate Printing'!I\"&((ROW()-2)*4)+5)=\"\",\"\",INDIRECT(\"'MRO Certificate Printing'!I\"&((ROW()-2)*4)+5))","v":""},{"$f":"IF(INDIRECT(\"'MRO Certificate Printing'!K\"&((ROW()-2)*4)+5)=\"\",\"\",INDIRECT(\"'MRO Certificate Printing'!K\"&((ROW()-2)*4)+5))","v":""}]
["",{"$f":"IF(INDIRECT(\"'MRO Certificate Printing'!D\"&((ROW()-2)*4)+2)=\"\",\"\",INDIRECT(\"'MRO Certificate Printing'!D\"&((ROW()-2)*4)+2))","v":""},{"$f":"IF(INDIRECT(\"'MRO Certificate Printing'!E\"&((ROW()-2)*4)+2)=\"\",\"\",INDIRECT(\"'MRO Certificate Printing'!E\"&((ROW()-2)*4)+2))","v":""},{"$f":"IF(INDIRECT(\"'MRO Certificate Printing'!F\"&((ROW()-2)*4)+2)=\"\",\"\",INDIRECT(\"'MRO Certificate Printing'!F\"&((ROW()-2)*4)+2))","v":""},{"$f":"IF(INDIRECT(\"'MRO Certificate Printing'!B\"&((ROW()-2)*4)+2)=\"\",\"\",INDIRECT(\"'MRO Certificate Printing'!B\"&((ROW()-2)*4)+2))","v":""},{"$f":"IF(INDIRECT(\"'MRO Certificate Printing'!G\"&((ROW()-2)*4)+2)=\"\",\"\",INDIRECT(\"'MRO Certificate Printing'!G\"&((ROW()-2)*4)+2))","v":""},{"$f":"IF(INDIRECT(\"'MRO Certificate Printing'!J\"&((ROW()-2)*4)+2)=\"\",\"\",INDIRECT(\"'MRO Certificate Printing'!J\"&((ROW()-2)*4)+2))","v":""},{"$f":"IF(INDIRECT(\"'MRO Certificate Printing'!I\"&((ROW()-2)*4)+2)=\"\",\"\",INDIRECT(\"'MRO Certificate Printing'!I\"&((ROW()-2)*4)+2))","v":""},{"$f":"IF(INDIRECT(\"'MRO Certificate Printing'!K\"&((ROW()-2)*4)+2)=\"\",\"\",INDIRECT(\"'MRO Certificate Printing'!K\"&((ROW()-2)*4)+2))","v":""},null,{"$f":"IF(INDIRECT(\"'MRO Certificate Printing'!D\"&((ROW()-2)*4)+3)=\"\",\"\",INDIRECT(\"'MRO Certificate Printing'!D\"&((ROW()-2)*4)+3))","v":""},{"$f":"IF(INDIRECT(\"'MRO Certificate Printing'!E\"&((ROW()-2)*4)+3)=\"\",\"\",INDIRECT(\"'MRO Certificate Printing'!E\"&((ROW()-2)*4)+3))","v":""},{"$f":"IF(INDIRECT(\"'MRO Certificate Printing'!F\"&((ROW()-2)*4)+3)=\"\",\"\",INDIRECT(\"'MRO Certificate Printing'!F\"&((ROW()-2)*4)+3))","v":""},{"$f":"IF(INDIRECT(\"'MRO Certificate Printing'!B\"&((ROW()-2)*4)+3)=\"\",\"\",INDIRECT(\"'MRO Certificate Printing'!B\"&((ROW()-2)*4)+3))","v":""},{"$f":"IF(INDIRECT(\"'MRO Certificate Printing'!G\"&((ROW()-2)*4)+3)=\"\",\"\",INDIRECT(\"'MRO Certificate Printing'!G\"&((ROW()-2)*4)+3))","v":""},{"$f":"IF(INDIRECT(\"'MRO Certificate Printing'!J\"&((ROW()-2)*4)+3)=\"\",\"\",INDIRECT(\"'MRO Certificate Printing'!J\"&((ROW()-2)*4)+3))","v":""},{"$f":"IF(INDIRECT(\"'MRO Certificate Printing'!I\"&((ROW()-2)*4)+3)=\"\",\"\",INDIRECT(\"'MRO Certificate Printing'!I\"&((ROW()-2)*4)+3))","v":""},{"$f":"IF(INDIRECT(\"'MRO Certificate Printing'!K\"&((ROW()-2)*4)+3)=\"\",\"\",INDIRECT(\"'MRO Certificate Printing'!K\"&((ROW()-2)*4)+3))","v":""},null,{"$f":"IF(INDIRECT(\"'MRO Certificate Printing'!D\"&((ROW()-2)*4)+4)=\"\",\"\",INDIRECT(\"'MRO Certificate Printing'!D\"&((ROW()-2)*4)+4))","v":""},{"$f":"IF(INDIRECT(\"'MRO Certificate Printing'!E\"&((ROW()-2)*4)+4)=\"\",\"\",INDIRECT(\"'MRO Certificate Printing'!E\"&((ROW()-2)*4)+4))","v":""},{"$f":"IF(INDIRECT(\"'MRO Certificate Printing'!F\"&((ROW()-2)*4)+4)=\"\",\"\",INDIRECT(\"'MRO Certificate Printing'!F\"&((ROW()-2)*4)+4))","v":""},{"$f":"IF(INDIRECT(\"'MRO Certificate Printing'!B\"&((ROW()-2)*4)+4)=\"\",\"\",INDIRECT(\"'MRO Certificate Printing'!B\"&((ROW()-2)*4)+4))","v":""},{"$f":"IF(INDIRECT(\"'MRO Certificate Printing'!G\"&((ROW()-2)*4)+4)=\"\",\"\",INDIRECT(\"'MRO Certificate Printing'!G\"&((ROW()-2)*4)+4))","v":""},{"$f":"IF(INDIRECT(\"'MRO Certificate Printing'!J\"&((ROW()-2)*4)+4)=\"\",\"\",INDIRECT(\"'MRO Certificate Printing'!J\"&((ROW()-2)*4)+4))","v":""},{"$f":"IF(INDIRECT(\"'MRO Certificate Printing'!I\"&((ROW()-2)*4)+4)=\"\",\"\",INDIRECT(\"'MRO Certificate Printing'!I\"&((ROW()-2)*4)+4))","v":""},{"$f":"IF(INDIRECT(\"'MRO Certificate Printing'!K\"&((ROW()-2)*4)+4)=\"\",\"\",INDIRECT(\"'MRO Certificate Printing'!K\"&((ROW()-2)*4)+4))","v":""},null,{"$f":"IF(INDIRECT(\"'MRO Certificate Printing'!D\"&((ROW()-2)*4)+5)=\"\",\"\",INDIRECT(\"'MRO Certificate Printing'!D\"&((ROW()-2)*4)+5))","v":""},{"$f":"IF(INDIRECT(\"'MRO Certificate Printing'!E\"&((ROW()-2)*4)+5)=\"\",\"\",INDIRECT(\"'MRO Certificate Printing'!E\"&((ROW()-2)*4)+5))","v":""},{"$f":"IF(INDIRECT(\"'MRO Certificate Printing'!F\"&((ROW()-2)*4)+5)=\"\",\"\",INDIRECT(\"'MRO Certificate Printing'!F\"&((ROW()-2)*4)+5))","v":""},{"$f":"IF(INDIRECT(\"'MRO Certificate Printing'!B\"&((ROW()-2)*4)+5)=\"\",\"\",INDIRECT(\"'MRO Certificate Printing'!B\"&((ROW()-2)*4)+5))","v":""},{"$f":"IF(INDIRECT(\"'MRO Certificate Printing'!G\"&((ROW()-2)*4)+5)=\"\",\"\",INDIRECT(\"'MRO Certificate Printing'!G\"&((ROW()-2)*4)+5))","v":""},{"$f":"IF(INDIRECT(\"'MRO Certificate Printing'!J\"&((ROW()-2)*4)+5)=\"\",\"\",INDIRECT(\"'MRO Certificate Printing'!J\"&((ROW()-2)*4)+5))","v":""},{"$f":"IF(INDIRECT(\"'MRO Certificate Printing'!I\"&((ROW()-2)*4)+5)=\"\",\"\",INDIRECT(\"'MRO Certificate Printing'!I\"&((ROW()-2)*4)+5))","v":""},{"$f":"IF(INDIRECT(\"'MRO Certificate Printing'!K\"&((ROW()-2)*4)+5)=\"\",\"\",INDIRECT(\"'MRO Certificate Printing'!K\"&((ROW()-2)*4)+5))","v":""}]
["",{"$f":"IF(INDIRECT(\"'MRO Certificate Printing'!D\"&((ROW()-2)*4)+2)=\"\",\"\",INDIRECT(\"'MRO Certificate Printing'!D\"&((ROW()-2)*4)+2))","v":""},{"$f":"IF(INDIRECT(\"'MRO Certificate Printing'!E\"&((ROW()-2)*4)+2)=\"\",\"\",INDIRECT(\"'MRO Certificate Printing'!E\"&((ROW()-2)*4)+2))","v":""},{"$f":"IF(INDIRECT(\"'MRO Certificate Printing'!F\"&((ROW()-2)*4)+2)=\"\",\"\",INDIRECT(\"'MRO Certificate Printing'!F\"&((ROW()-2)*4)+2))","v":""},{"$f":"IF(INDIRECT(\"'MRO Certificate Printing'!B\"&((ROW()-2)*4)+2)=\"\",\"\",INDIRECT(\"'MRO Certificate Printing'!B\"&((ROW()-2)*4)+2))","v":""},{"$f":"IF(INDIRECT(\"'MRO Certificate Printing'!G\"&((ROW()-2)*4)+2)=\"\",\"\",INDIRECT(\"'MRO Certificate Printing'!G\"&((ROW()-2)*4)+2))","v":""},{"$f":"IF(INDIRECT(\"'MRO Certificate Printing'!J\"&((ROW()-2)*4)+2)=\"\",\"\",INDIRECT(\"'MRO Certificate Printing'!J\"&((ROW()-2)*4)+2))","v":""},{"$f":"IF(INDIRECT(\"'MRO Certificate Printing'!I\"&((ROW()-2)*4)+2)=\"\",\"\",INDIRECT(\"'MRO Certificate Printing'!I\"&((ROW()-2)*4)+2))","v":""},{"$f":"IF(INDIRECT(\"'MRO Certificate Printing'!K\"&((ROW()-2)*4)+2)=\"\",\"\",INDIRECT(\"'MRO Certificate Printing'!K\"&((ROW()-2)*4)+2))","v":""},null,{"$f":"IF(INDIRECT(\"'MRO Certificate Printing'!D\"&((ROW()-2)*4)+3)=\"\",\"\",INDIRECT(\"'MRO Certificate Printing'!D\"&((ROW()-2)*4)+3))","v":""},{"$f":"IF(INDIRECT(\"'MRO Certificate Printing'!E\"&((ROW()-2)*4)+3)=\"\",\"\",INDIRECT(\"'MRO Certificate Printing'!E\"&((ROW()-2)*4)+3))","v":""},{"$f":"IF(INDIRECT(\"'MRO Certificate Printing'!F\"&((ROW()-2)*4)+3)=\"\",\"\",INDIRECT(\"'MRO Certificate Printing'!F\"&((ROW()-2)*4)+3))","v":""},{"$f":"IF(INDIRECT(\"'MRO Certificate Printing'!B\"&((ROW()-2)*4)+3)=\"\",\"\",INDIRECT(\"'MRO Certificate Printing'!B\"&((ROW()-2)*4)+3))","v":""},{"$f":"IF(INDIRECT(\"'MRO Certificate Printing'!G\"&((ROW()-2)*4)+3)=\"\",\"\",INDIRECT(\"'MRO Certificate Printing'!G\"&((ROW()-2)*4)+3))","v":""},{"$f":"IF(INDIRECT(\"'MRO Certificate Printing'!J\"&((ROW()-2)*4)+3)=\"\",\"\",INDIRECT(\"'MRO Certificate Printing'!J\"&((ROW()-2)*4)+3))","v":""},{"$f":"IF(INDIRECT(\"'MRO Certificate Printing'!I\"&((ROW()-2)*4)+3)=\"\",\"\",INDIRECT(\"'MRO Certificate Printing'!I\"&((ROW()-2)*4)+3))","v":""},{"$f":"IF(INDIRECT(\"'MRO Certificate Printing'!K\"&((ROW()-2)*4)+3)=\"\",\"\",INDIRECT(\"'MRO Certificate Printing'!K\"&((ROW()-2)*4)+3))","v":""},null,{"$f":"IF(INDIRECT(\"'MRO Certificate Printing'!D\"&((ROW()-2)*4)+4)=\"\",\"\",INDIRECT(\"'MRO Certificate Printing'!D\"&((ROW()-2)*4)+4))","v":""},{"$f":"IF(INDIRECT(\"'MRO Certificate Printing'!E\"&((ROW()-2)*4)+4)=\"\",\"\",INDIRECT(\"'MRO Certificate Printing'!E\"&((ROW()-2)*4)+4))","v":""},{"$f":"IF(INDIRECT(\"'MRO Certificate Printing'!F\"&((ROW()-2)*4)+4)=\"\",\"\",INDIRECT(\"'MRO Certificate Printing'!F\"&((ROW()-2)*4)+4))","v":""},{"$f":"IF(INDIRECT(\"'MRO Certificate Printing'!B\"&((ROW()-2)*4)+4)=\"\",\"\",INDIRECT(\"'MRO Certificate Printing'!B\"&((ROW()-2)*4)+4))","v":""},{"$f":"IF(INDIRECT(\"'MRO Certificate Printing'!G\"&((ROW()-2)*4)+4)=\"\",\"\",INDIRECT(\"'MRO Certificate Printing'!G\"&((ROW()-2)*4)+4))","v":""},{"$f":"IF(INDIRECT(\"'MRO Certificate Printing'!J\"&((ROW()-2)*4)+4)=\"\",\"\",INDIRECT(\"'MRO Certificate Printing'!J\"&((ROW()-2)*4)+4))","v":""},{"$f":"IF(INDIRECT(\"'MRO Certificate Printing'!I\"&((ROW()-2)*4)+4)=\"\",\"\",INDIRECT(\"'MRO Certificate Printing'!I\"&((ROW()-2)*4)+4))","v":""},{"$f":"IF(INDIRECT(\"'MRO Certificate Printing'!K\"&((ROW()-2)*4)+4)=\"\",\"\",INDIRECT(\"'MRO Certificate Printing'!K\"&((ROW()-2)*4)+4))","v":""},null,{"$f":"IF(INDIRECT(\"'MRO Certificate Printing'!D\"&((ROW()-2)*4)+5)=\"\",\"\",INDIRECT(\"'MRO Certificate Printing'!D\"&((ROW()-2)*4)+5))","v":""},{"$f":"IF(INDIRECT(\"'MRO Certificate Printing'!E\"&((ROW()-2)*4)+5)=\"\",\"\",INDIRECT(\"'MRO Certificate Printing'!E\"&((ROW()-2)*4)+5))","v":""},{"$f":"IF(INDIRECT(\"'MRO Certificate Printing'!F\"&((ROW()-2)*4)+5)=\"\",\"\",INDIRECT(\"'MRO Certificate Printing'!F\"&((ROW()-2)*4)+5))","v":""},{"$f":"IF(INDIRECT(\"'MRO Certificate Printing'!B\"&((ROW()-2)*4)+5)=\"\",\"\",INDIRECT(\"'MRO Certificate Printing'!B\"&((ROW()-2)*4)+5))","v":""},{"$f":"IF(INDIRECT(\"'MRO Certificate Printing'!G\"&((ROW()-2)*4)+5)=\"\",\"\",INDIRECT(\"'MRO Certificate Printing'!G\"&((ROW()-2)*4)+5))","v":""},{"$f":"IF(INDIRECT(\"'MRO Certificate Printing'!J\"&((ROW()-2)*4)+5)=\"\",\"\",INDIRECT(\"'MRO Certificate Printing'!J\"&((ROW()-2)*4)+5))","v":""},{"$f":"IF(INDIRECT(\"'MRO Certificate Printing'!I\"&((ROW()-2)*4)+5)=\"\",\"\",INDIRECT(\"'MRO Certificate Printing'!I\"&((ROW()-2)*4)+5))","v":""},{"$f":"IF(INDIRECT(\"'MRO Certificate Printing'!K\"&((ROW()-2)*4)+5)=\"\",\"\",INDIRECT(\"'MRO Certificate Printing'!K\"&((ROW()-2)*4)+5))","v":""}]
["",{"$f":"IF(INDIRECT(\"'MRO Certificate Printing'!D\"&((ROW()-2)*4)+2)=\"\",\"\",INDIRECT(\"'MRO Certificate Printing'!D\"&((ROW()-2)*4)+2))","v":""},{"$f":"IF(INDIRECT(\"'MRO Certificate Printing'!E\"&((ROW()-2)*4)+2)=\"\",\"\",INDIRECT(\"'MRO Certificate Printing'!E\"&((ROW()-2)*4)+2))","v":""},{"$f":"IF(INDIRECT(\"'MRO Certificate Printing'!F\"&((ROW()-2)*4)+2)=\"\",\"\",INDIRECT(\"'MRO Certificate Printing'!F\"&((ROW()-2)*4)+2))","v":""},{"$f":"IF(INDIRECT(\"'MRO Certificate Printing'!B\"&((ROW()-2)*4)+2)=\"\",\"\",INDIRECT(\"'MRO Certificate Printing'!B\"&((ROW()-2)*4)+2))","v":""},{"$f":"IF(INDIRECT(\"'MRO Certificate Printing'!G\"&((ROW()-2)*4)+2)=\"\",\"\",INDIRECT(\"'MRO Certificate Printing'!G\"&((ROW()-2)*4)+2))","v":""},{"$f":"IF(INDIRECT(\"'MRO Certificate Printing'!J\"&((ROW()-2)*4)+2)=\"\",\"\",INDIRECT(\"'MRO Certificate Printing'!J\"&((ROW()-2)*4)+2))","v":""},{"$f":"IF(INDIRECT(\"'MRO Certificate Printing'!I\"&((ROW()-2)*4)+2)=\"\",\"\",INDIRECT(\"'MRO Certificate Printing'!I\"&((ROW()-2)*4)+2))","v":""},{"$f":"IF(INDIRECT(\"'MRO Certificate Printing'!K\"&((ROW()-2)*4)+2)=\"\",\"\",INDIRECT(\"'MRO Certificate Printing'!K\"&((ROW()-2)*4)+2))","v":""},null,{"$f":"IF(INDIRECT(\"'MRO Certificate Printing'!D\"&((ROW()-2)*4)+3)=\"\",\"\",INDIRECT(\"'MRO Certificate Printing'!D\"&((ROW()-2)*4)+3))","v":""},{"$f":"IF(INDIRECT(\"'MRO Certificate Printing'!E\"&((ROW()-2)*4)+3)=\"\",\"\",INDIRECT(\"'MRO Certificate Printing'!E\"&((ROW()-2)*4)+3))","v":""},{"$f":"IF(INDIRECT(\"'MRO Certificate Printing'!F\"&((ROW()-2)*4)+3)=\"\",\"\",INDIRECT(\"'MRO Certificate Printing'!F\"&((ROW()-2)*4)+3))","v":""},{"$f":"IF(INDIRECT(\"'MRO Certificate Printing'!B\"&((ROW()-2)*4)+3)=\"\",\"\",INDIRECT(\"'MRO Certificate Printing'!B\"&((ROW()-2)*4)+3))","v":""},{"$f":"IF(INDIRECT(\"'MRO Certificate Printing'!G\"&((ROW()-2)*4)+3)=\"\",\"\",INDIRECT(\"'MRO Certificate Printing'!G\"&((ROW()-2)*4)+3))","v":""},{"$f":"IF(INDIRECT(\"'MRO Certificate Printing'!J\"&((ROW()-2)*4)+3)=\"\",\"\",INDIRECT(\"'MRO Certificate Printing'!J\"&((ROW()-2)*4)+3))","v":""},{"$f":"IF(INDIRECT(\"'MRO Certificate Printing'!I\"&((ROW()-2)*4)+3)=\"\",\"\",INDIRECT(\"'MRO Certificate Printing'!I\"&((ROW()-2)*4)+3))","v":""},{"$f":"IF(INDIRECT(\"'MRO Certificate Printing'!K\"&((ROW()-2)*4)+3)=\"\",\"\",INDIRECT(\"'MRO Certificate Printing'!K\"&((ROW()-2)*4)+3))","v":""},null,{"$f":"IF(INDIRECT(\"'MRO Certificate Printing'!D\"&((ROW()-2)*4)+4)=\"\",\"\",INDIRECT(\"'MRO Certificate Printing'!D\"&((ROW()-2)*4)+4))","v":""},{"$f":"IF(INDIRECT(\"'MRO Certificate Printing'!E\"&((ROW()-2)*4)+4)=\"\",\"\",INDIRECT(\"'MRO Certificate Printing'!E\"&((ROW()-2)*4)+4))","v":""},{"$f":"IF(INDIRECT(\"'MRO Certificate Printing'!F\"&((ROW()-2)*4)+4)=\"\",\"\",INDIRECT(\"'MRO Certificate Printing'!F\"&((ROW()-2)*4)+4))","v":""},{"$f":"IF(INDIRECT(\"'MRO Certificate Printing'!B\"&((ROW()-2)*4)+4)=\"\",\"\",INDIRECT(\"'MRO Certificate Printing'!B\"&((ROW()-2)*4)+4))","v":""},{"$f":"IF(INDIRECT(\"'MRO Certificate Printing'!G\"&((ROW()-2)*4)+4)=\"\",\"\",INDIRECT(\"'MRO Certificate Printing'!G\"&((ROW()-2)*4)+4))","v":""},{"$f":"IF(INDIRECT(\"'MRO Certificate Printing'!J\"&((ROW()-2)*4)+4)=\"\",\"\",INDIRECT(\"'MRO Certificate Printing'!J\"&((ROW()-2)*4)+4))","v":""},{"$f":"IF(INDIRECT(\"'MRO Certificate Printing'!I\"&((ROW()-2)*4)+4)=\"\",\"\",INDIRECT(\"'MRO Certificate Printing'!I\"&((ROW()-2)*4)+4))","v":""},{"$f":"IF(INDIRECT(\"'MRO Certificate Printing'!K\"&((ROW()-2)*4)+4)=\"\",\"\",INDIRECT(\"'MRO Certificate Printing'!K\"&((ROW()-2)*4)+4))","v":""},null,{"$f":"IF(INDIRECT(\"'MRO Certificate Printing'!D\"&((ROW()-2)*4)+5)=\"\",\"\",INDIRECT(\"'MRO Certificate Printing'!D\"&((ROW()-2)*4)+5))","v":""},{"$f":"IF(INDIRECT(\"'MRO Certificate Printing'!E\"&((ROW()-2)*4)+5)=\"\",\"\",INDIRECT(\"'MRO Certificate Printing'!E\"&((ROW()-2)*4)+5))","v":""},{"$f":"IF(INDIRECT(\"'MRO Certificate Printing'!F\"&((ROW()-2)*4)+5)=\"\",\"\",INDIRECT(\"'MRO Certificate Printing'!F\"&((ROW()-2)*4)+5))","v":""},{"$f":"IF(INDIRECT(\"'MRO Certificate Printing'!B\"&((ROW()-2)*4)+5)=\"\",\"\",INDIRECT(\"'MRO Certificate Printing'!B\"&((ROW()-2)*4)+5))","v":""},{"$f":"IF(INDIRECT(\"'MRO Certificate Printing'!G\"&((ROW()-2)*4)+5)=\"\",\"\",INDIRECT(\"'MRO Certificate Printing'!G\"&((ROW()-2)*4)+5))","v":""},{"$f":"IF(INDIRECT(\"'MRO Certificate Printing'!J\"&((ROW()-2)*4)+5)=\"\",\"\",INDIRECT(\"'MRO Certificate Printing'!J\"&((ROW()-2)*4)+5))","v":""},{"$f":"IF(INDIRECT(\"'MRO Certificate Printing'!I\"&((ROW()-2)*4)+5)=\"\",\"\",INDIRECT(\"'MRO Certificate Printing'!I\"&((ROW()-2)*4)+5))","v":""},{"$f":"IF(INDIRECT(\"'MRO Certificate Printing'!K\"&((ROW()-2)*4)+5)=\"\",\"\",INDIRECT(\"'MRO Certificate Printing'!K\"&((ROW()-2)*4)+5))","v":""}]
["",{"$f":"IF(INDIRECT(\"'MRO Certificate Printing'!D\"&((ROW()-2)*4)+2)=\"\",\"\",INDIRECT(\"'MRO Certificate Printing'!D\"&((ROW()-2)*4)+2))","v":""},{"$f":"IF(INDIRECT(\"'MRO Certificate Printing'!E\"&((ROW()-2)*4)+2)=\"\",\"\",INDIRECT(\"'MRO Certificate Printing'!E\"&((ROW()-2)*4)+2))","v":""},{"$f":"IF(INDIRECT(\"'MRO Certificate Printing'!F\"&((ROW()-2)*4)+2)=\"\",\"\",INDIRECT(\"'MRO Certificate Printing'!F\"&((ROW()-2)*4)+2))","v":""},{"$f":"IF(INDIRECT(\"'MRO Certificate Printing'!B\"&((ROW()-2)*4)+2)=\"\",\"\",INDIRECT(\"'MRO Certificate Printing'!B\"&((ROW()-2)*4)+2))","v":""},{"$f":"IF(INDIRECT(\"'MRO Certificate Printing'!G\"&((ROW()-2)*4)+2)=\"\",\"\",INDIRECT(\"'MRO Certificate Printing'!G\"&((ROW()-2)*4)+2))","v":""},{"$f":"IF(INDIRECT(\"'MRO Certificate Printing'!J\"&((ROW()-2)*4)+2)=\"\",\"\",INDIRECT(\"'MRO Certificate Printing'!J\"&((ROW()-2)*4)+2))","v":""},{"$f":"IF(INDIRECT(\"'MRO Certificate Printing'!I\"&((ROW()-2)*4)+2)=\"\",\"\",INDIRECT(\"'MRO Certificate Printing'!I\"&((ROW()-2)*4)+2))","v":""},{"$f":"IF(INDIRECT(\"'MRO Certificate Printing'!K\"&((ROW()-2)*4)+2)=\"\",\"\",INDIRECT(\"'MRO Certificate Printing'!K\"&((ROW()-2)*4)+2))","v":""},null,{"$f":"IF(INDIRECT(\"'MRO Certificate Printing'!D\"&((ROW()-2)*4)+3)=\"\",\"\",INDIRECT(\"'MRO Certificate Printing'!D\"&((ROW()-2)*4)+3))","v":""},{"$f":"IF(INDIRECT(\"'MRO Certificate Printing'!E\"&((ROW()-2)*4)+3)=\"\",\"\",INDIRECT(\"'MRO Certificate Printing'!E\"&((ROW()-2)*4)+3))","v":""},{"$f":"IF(INDIRECT(\"'MRO Certificate Printing'!F\"&((ROW()-2)*4)+3)=\"\",\"\",INDIRECT(\"'MRO Certificate Printing'!F\"&((ROW()-2)*4)+3))","v":""},{"$f":"IF(INDIRECT(\"'MRO Certificate Printing'!B\"&((ROW()-2)*4)+3)=\"\",\"\",INDIRECT(\"'MRO Certificate Printing'!B\"&((ROW()-2)*4)+3))","v":""},{"$f":"IF(INDIRECT(\"'MRO Certificate Printing'!G\"&((ROW()-2)*4)+3)=\"\",\"\",INDIRECT(\"'MRO Certificate Printing'!G\"&((ROW()-2)*4)+3))","v":""},{"$f":"IF(INDIRECT(\"'MRO Certificate Printing'!J\"&((ROW()-2)*4)+3)=\"\",\"\",INDIRECT(\"'MRO Certificate Printing'!J\"&((ROW()-2)*4)+3))","v":""},{"$f":"IF(INDIRECT(\"'MRO Certificate Printing'!I\"&((ROW()-2)*4)+3)=\"\",\"\",INDIRECT(\"'MRO Certificate Printing'!I\"&((ROW()-2)*4)+3))","v":""},{"$f":"IF(INDIRECT(\"'MRO Certificate Printing'!K\"&((ROW()-2)*4)+3)=\"\",\"\",INDIRECT(\"'MRO Certificate Printing'!K\"&((ROW()-2)*4)+3))","v":""},null,{"$f":"IF(INDIRECT(\"'MRO Certificate Printing'!D\"&((ROW()-2)*4)+4)=\"\",\"\",INDIRECT(\"'MRO Certificate Printing'!D\"&((ROW()-2)*4)+4))","v":""},{"$f":"IF(INDIRECT(\"'MRO Certificate Printing'!E\"&((ROW()-2)*4)+4)=\"\",\"\",INDIRECT(\"'MRO Certificate Printing'!E\"&((ROW()-2)*4)+4))","v":""},{"$f":"IF(INDIRECT(\"'MRO Certificate Printing'!F\"&((ROW()-2)*4)+4)=\"\",\"\",INDIRECT(\"'MRO Certificate Printing'!F\"&((ROW()-2)*4)+4))","v":""},{"$f":"IF(INDIRECT(\"'MRO Certificate Printing'!B\"&((ROW()-2)*4)+4)=\"\",\"\",INDIRECT(\"'MRO Certificate Printing'!B\"&((ROW()-2)*4)+4))","v":""},{"$f":"IF(INDIRECT(\"'MRO Certificate Printing'!G\"&((ROW()-2)*4)+4)=\"\",\"\",INDIRECT(\"'MRO Certificate Printing'!G\"&((ROW()-2)*4)+4))","v":""},{"$f":"IF(INDIRECT(\"'MRO Certificate Printing'!J\"&((ROW()-2)*4)+4)=\"\",\"\",INDIRECT(\"'MRO Certificate Printing'!J\"&((ROW()-2)*4)+4))","v":""},{"$f":"IF(INDIRECT(\"'MRO Certificate Printing'!I\"&((ROW()-2)*4)+4)=\"\",\"\",INDIRECT(\"'MRO Certificate Printing'!I\"&((ROW()-2)*4)+4))","v":""},{"$f":"IF(INDIRECT(\"'MRO Certificate Printing'!K\"&((ROW()-2)*4)+4)=\"\",\"\",INDIRECT(\"'MRO Certificate Printing'!K\"&((ROW()-2)*4)+4))","v":""},null,{"$f":"IF(INDIRECT(\"'MRO Certificate Printing'!D\"&((ROW()-2)*4)+5)=\"\",\"\",INDIRECT(\"'MRO Certificate Printing'!D\"&((ROW()-2)*4)+5))","v":""},{"$f":"IF(INDIRECT(\"'MRO Certificate Printing'!E\"&((ROW()-2)*4)+5)=\"\",\"\",INDIRECT(\"'MRO Certificate Printing'!E\"&((ROW()-2)*4)+5))","v":""},{"$f":"IF(INDIRECT(\"'MRO Certificate Printing'!F\"&((ROW()-2)*4)+5)=\"\",\"\",INDIRECT(\"'MRO Certificate Printing'!F\"&((ROW()-2)*4)+5))","v":""},{"$f":"IF(INDIRECT(\"'MRO Certificate Printing'!B\"&((ROW()-2)*4)+5)=\"\",\"\",INDIRECT(\"'MRO Certificate Printing'!B\"&((ROW()-2)*4)+5))","v":""},{"$f":"IF(INDIRECT(\"'MRO Certificate Printing'!G\"&((ROW()-2)*4)+5)=\"\",\"\",INDIRECT(\"'MRO Certificate Printing'!G\"&((ROW()-2)*4)+5))","v":""},{"$f":"IF(INDIRECT(\"'MRO Certificate Printing'!J\"&((ROW()-2)*4)+5)=\"\",\"\",INDIRECT(\"'MRO Certificate Printing'!J\"&((ROW()-2)*4)+5))","v":""},{"$f":"IF(INDIRECT(\"'MRO Certificate Printing'!I\"&((ROW()-2)*4)+5)=\"\",\"\",INDIRECT(\"'MRO Certificate Printing'!I\"&((ROW()-2)*4)+5))","v":""},{"$f":"IF(INDIRECT(\"'MRO Certificate Printing'!K\"&((ROW()-2)*4)+5)=\"\",\"\",INDIRECT(\"'MRO Certificate Printing'!K\"&((ROW()-2)*4)+5))","v":""}]
["",{"$f":"IF(INDIRECT(\"'MRO Certificate Printing'!D\"&((ROW()-2)*4)+2)=\"\",\"\",INDIRECT(\"'MRO Certificate Printing'!D\"&((ROW()-2)*4)+2))","v":""},{"$f":"IF(INDIRECT(\"'MRO Certificate Printing'!E\"&((ROW()-2)*4)+2)=\"\",\"\",INDIRECT(\"'MRO Certificate Printing'!E\"&((ROW()-2)*4)+2))","v":""},{"$f":"IF(INDIRECT(\"'MRO Certificate Printing'!F\"&((ROW()-2)*4)+2)=\"\",\"\",INDIRECT(\"'MRO Certificate Printing'!F\"&((ROW()-2)*4)+2))","v":""},{"$f":"IF(INDIRECT(\"'MRO Certificate Printing'!B\"&((ROW()-2)*4)+2)=\"\",\"\",INDIRECT(\"'MRO Certificate Printing'!B\"&((ROW()-2)*4)+2))","v":""},{"$f":"IF(INDIRECT(\"'MRO Certificate Printing'!G\"&((ROW()-2)*4)+2)=\"\",\"\",INDIRECT(\"'MRO Certificate Printing'!G\"&((ROW()-2)*4)+2))","v":""},{"$f":"IF(INDIRECT(\"'MRO Certificate Printing'!J\"&((ROW()-2)*4)+2)=\"\",\"\",INDIRECT(\"'MRO Certificate Printing'!J\"&((ROW()-2)*4)+2))","v":""},{"$f":"IF(INDIRECT(\"'MRO Certificate Printing'!I\"&((ROW()-2)*4)+2)=\"\",\"\",INDIRECT(\"'MRO Certificate Printing'!I\"&((ROW()-2)*4)+2))","v":""},{"$f":"IF(INDIRECT(\"'MRO Certificate Printing'!K\"&((ROW()-2)*4)+2)=\"\",\"\",INDIRECT(\"'MRO Certificate Printing'!K\"&((ROW()-2)*4)+2))","v":""},null,{"$f":"IF(INDIRECT(\"'MRO Certificate Printing'!D\"&((ROW()-2)*4)+3)=\"\",\"\",INDIRECT(\"'MRO Certificate Printing'!D\"&((ROW()-2)*4)+3))","v":""},{"$f":"IF(INDIRECT(\"'MRO Certificate Printing'!E\"&((ROW()-2)*4)+3)=\"\",\"\",INDIRECT(\"'MRO Certificate Printing'!E\"&((ROW()-2)*4)+3))","v":""},{"$f":"IF(INDIRECT(\"'MRO Certificate Printing'!F\"&((ROW()-2)*4)+3)=\"\",\"\",INDIRECT(\"'MRO Certificate Printing'!F\"&((ROW()-2)*4)+3))","v":""},{"$f":"IF(INDIRECT(\"'MRO Certificate Printing'!B\"&((ROW()-2)*4)+3)=\"\",\"\",INDIRECT(\"'MRO Certificate Printing'!B\"&((ROW()-2)*4)+3))","v":""},{"$f":"IF(INDIRECT(\"'MRO Certificate Printing'!G\"&((ROW()-2)*4)+3)=\"\",\"\",INDIRECT(\"'MRO Certificate Printing'!G\"&((ROW()-2)*4)+3))","v":""},{"$f":"IF(INDIRECT(\"'MRO Certificate Printing'!J\"&((ROW()-2)*4)+3)=\"\",\"\",INDIRECT(\"'MRO Certificate Printing'!J\"&((ROW()-2)*4)+3))","v":""},{"$f":"IF(INDIRECT(\"'MRO Certificate Printing'!I\"&((ROW()-2)*4)+3)=\"\",\"\",INDIRECT(\"'MRO Certificate Printing'!I\"&((ROW()-2)*4)+3))","v":""},{"$f":"IF(INDIRECT(\"'MRO Certificate Printing'!K\"&((ROW()-2)*4)+3)=\"\",\"\",INDIRECT(\"'MRO Certificate Printing'!K\"&((ROW()-2)*4)+3))","v":""},null,{"$f":"IF(INDIRECT(\"'MRO Certificate Printing'!D\"&((ROW()-2)*4)+4)=\"\",\"\",INDIRECT(\"'MRO Certificate Printing'!D\"&((ROW()-2)*4)+4))","v":""},{"$f":"IF(INDIRECT(\"'MRO Certificate Printing'!E\"&((ROW()-2)*4)+4)=\"\",\"\",INDIRECT(\"'MRO Certificate Printing'!E\"&((ROW()-2)*4)+4))","v":""},{"$f":"IF(INDIRECT(\"'MRO Certificate Printing'!F\"&((ROW()-2)*4)+4)=\"\",\"\",INDIRECT(\"'MRO Certificate Printing'!F\"&((ROW()-2)*4)+4))","v":""},{"$f":"IF(INDIRECT(\"'MRO Certificate Printing'!B\"&((ROW()-2)*4)+4)=\"\",\"\",INDIRECT(\"'MRO Certificate Printing'!B\"&((ROW()-2)*4)+4))","v":""},{"$f":"IF(INDIRECT(\"'MRO Certificate Printing'!G\"&((ROW()-2)*4)+4)=\"\",\"\",INDIRECT(\"'MRO Certificate Printing'!G\"&((ROW()-2)*4)+4))","v":""},{"$f":"IF(INDIRECT(\"'MRO Certificate Printing'!J\"&((ROW()-2)*4)+4)=\"\",\"\",INDIRECT(\"'MRO Certificate Printing'!J\"&((ROW()-2)*4)+4))","v":""},{"$f":"IF(INDIRECT(\"'MRO Certificate Printing'!I\"&((ROW()-2)*4)+4)=\"\",\"\",INDIRECT(\"'MRO Certificate Printing'!I\"&((ROW()-2)*4)+4))","v":""},{"$f":"IF(INDIRECT(\"'MRO Certificate Printing'!K\"&((ROW()-2)*4)+4)=\"\",\"\",INDIRECT(\"'MRO Certificate Printing'!K\"&((ROW()-2)*4)+4))","v":""},null,{"$f":"IF(INDIRECT(\"'MRO Certificate Printing'!D\"&((ROW()-2)*4)+5)=\"\",\"\",INDIRECT(\"'MRO Certificate Printing'!D\"&((ROW()-2)*4)+5))","v":""},{"$f":"IF(INDIRECT(\"'MRO Certificate Printing'!E\"&((ROW()-2)*4)+5)=\"\",\"\",INDIRECT(\"'MRO Certificate Printing'!E\"&((ROW()-2)*4)+5))","v":""},{"$f":"IF(INDIRECT(\"'MRO Certificate Printing'!F\"&((ROW()-2)*4)+5)=\"\",\"\",INDIRECT(\"'MRO Certificate Printing'!F\"&((ROW()-2)*4)+5))","v":""},{"$f":"IF(INDIRECT(\"'MRO Certificate Printing'!B\"&((ROW()-2)*4)+5)=\"\",\"\",INDIRECT(\"'MRO Certificate Printing'!B\"&((ROW()-2)*4)+5))","v":""},{"$f":"IF(INDIRECT(\"'MRO Certificate Printing'!G\"&((ROW()-2)*4)+5)=\"\",\"\",INDIRECT(\"'MRO Certificate Printing'!G\"&((ROW()-2)*4)+5))","v":""},{"$f":"IF(INDIRECT(\"'MRO Certificate Printing'!J\"&((ROW()-2)*4)+5)=\"\",\"\",INDIRECT(\"'MRO Certificate Printing'!J\"&((ROW()-2)*4)+5))","v":""},{"$f":"IF(INDIRECT(\"'MRO Certificate Printing'!I\"&((ROW()-2)*4)+5)=\"\",\"\",INDIRECT(\"'MRO Certificate Printing'!I\"&((ROW()-2)*4)+5))","v":""},{"$f":"IF(INDIRECT(\"'MRO Certificate Printing'!K\"&((ROW()-2)*4)+5)=\"\",\"\",INDIRECT(\"'MRO Certificate Printing'!K\"&((ROW()-2)*4)+5))","v":""}]
["",{"$f":"IF(INDIRECT(\"'MRO Certificate Printing'!D\"&((ROW()-2)*4)+2)=\"\",\"\",INDIRECT(\"'MRO Certificate Printing'!D\"&((ROW()-2)*4)+2))","v":""},{"$f":"IF(INDIRECT(\"'MRO Certificate Printing'!E\"&((ROW()-2)*4)+2)=\"\",\"\",INDIRECT(\"'MRO Certificate Printing'!E\"&((ROW()-2)*4)+2))","v":""},{"$f":"IF(INDIRECT(\"'MRO Certificate Printing'!F\"&((ROW()-2)*4)+2)=\"\",\"\",INDIRECT(\"'MRO Certificate Printing'!F\"&((ROW()-2)*4)+2))","v":""},{"$f":"IF(INDIRECT(\"'MRO Certificate Printing'!B\"&((ROW()-2)*4)+2)=\"\",\"\",INDIRECT(\"'MRO Certificate Printing'!B\"&((ROW()-2)*4)+2))","v":""},{"$f":"IF(INDIRECT(\"'MRO Certificate Printing'!G\"&((ROW()-2)*4)+2)=\"\",\"\",INDIRECT(\"'MRO Certificate Printing'!G\"&((ROW()-2)*4)+2))","v":""},{"$f":"IF(INDIRECT(\"'MRO Certificate Printing'!J\"&((ROW()-2)*4)+2)=\"\",\"\",INDIRECT(\"'MRO Certificate Printing'!J\"&((ROW()-2)*4)+2))","v":""},{"$f":"IF(INDIRECT(\"'MRO Certificate Printing'!I\"&((ROW()-2)*4)+2)=\"\",\"\",INDIRECT(\"'MRO Certificate Printing'!I\"&((ROW()-2)*4)+2))","v":""},{"$f":"IF(INDIRECT(\"'MRO Certificate Printing'!K\"&((ROW()-2)*4)+2)=\"\",\"\",INDIRECT(\"'MRO Certificate Printing'!K\"&((ROW()-2)*4)+2))","v":""},null,{"$f":"IF(INDIRECT(\"'MRO Certificate Printing'!D\"&((ROW()-2)*4)+3)=\"\",\"\",INDIRECT(\"'MRO Certificate Printing'!D\"&((ROW()-2)*4)+3))","v":""},{"$f":"IF(INDIRECT(\"'MRO Certificate Printing'!E\"&((ROW()-2)*4)+3)=\"\",\"\",INDIRECT(\"'MRO Certificate Printing'!E\"&((ROW()-2)*4)+3))","v":""},{"$f":"IF(INDIRECT(\"'MRO Certificate Printing'!F\"&((ROW()-2)*4)+3)=\"\",\"\",INDIRECT(\"'MRO Certificate Printing'!F\"&((ROW()-2)*4)+3))","v":""},{"$f":"IF(INDIRECT(\"'MRO Certificate Printing'!B\"&((ROW()-2)*4)+3)=\"\",\"\",INDIRECT(\"'MRO Certificate Printing'!B\"&((ROW()-2)*4)+3))","v":""},{"$f":"IF(INDIRECT(\"'MRO Certificate Printing'!G\"&((ROW()-2)*4)+3)=\"\",\"\",INDIRECT(\"'MRO Certificate Printing'!G\"&((ROW()-2)*4)+3))","v":""},{"$f":"IF(INDIRECT(\"'MRO Certificate Printing'!J\"&((ROW()-2)*4)+3)=\"\",\"\",INDIRECT(\"'MRO Certificate Printing'!J\"&((ROW()-2)*4)+3))","v":""},{"$f":"IF(INDIRECT(\"'MRO Certificate Printing'!I\"&((ROW()-2)*4)+3)=\"\",\"\",INDIRECT(\"'MRO Certificate Printing'!I\"&((ROW()-2)*4)+3))","v":""},{"$f":"IF(INDIRECT(\"'MRO Certificate Printing'!K\"&((ROW()-2)*4)+3)=\"\",\"\",INDIRECT(\"'MRO Certificate Printing'!K\"&((ROW()-2)*4)+3))","v":""},null,{"$f":"IF(INDIRECT(\"'MRO Certificate Printing'!D\"&((ROW()-2)*4)+4)=\"\",\"\",INDIRECT(\"'MRO Certificate Printing'!D\"&((ROW()-2)*4)+4))","v":""},{"$f":"IF(INDIRECT(\"'MRO Certificate Printing'!E\"&((ROW()-2)*4)+4)=\"\",\"\",INDIRECT(\"'MRO Certificate Printing'!E\"&((ROW()-2)*4)+4))","v":""},{"$f":"IF(INDIRECT(\"'MRO Certificate Printing'!F\"&((ROW()-2)*4)+4)=\"\",\"\",INDIRECT(\"'MRO Certificate Printing'!F\"&((ROW()-2)*4)+4))","v":""},{"$f":"IF(INDIRECT(\"'MRO Certificate Printing'!B\"&((ROW()-2)*4)+4)=\"\",\"\",INDIRECT(\"'MRO Certificate Printing'!B\"&((ROW()-2)*4)+4))","v":""},{"$f":"IF(INDIRECT(\"'MRO Certificate Printing'!G\"&((ROW()-2)*4)+4)=\"\",\"\",INDIRECT(\"'MRO Certificate Printing'!G\"&((ROW()-2)*4)+4))","v":""},{"$f":"IF(INDIRECT(\"'MRO Certificate Printing'!J\"&((ROW()-2)*4)+4)=\"\",\"\",INDIRECT(\"'MRO Certificate Printing'!J\"&((ROW()-2)*4)+4))","v":""},{"$f":"IF(INDIRECT(\"'MRO Certificate Printing'!I\"&((ROW()-2)*4)+4)=\"\",\"\",INDIRECT(\"'MRO Certificate Printing'!I\"&((ROW()-2)*4)+4))","v":""},{"$f":"IF(INDIRECT(\"'MRO Certificate Printing'!K\"&((ROW()-2)*4)+4)=\"\",\"\",INDIRECT(\"'MRO Certificate Printing'!K\"&((ROW()-2)*4)+4))","v":""},null,{"$f":"IF(INDIRECT(\"'MRO Certificate Printing'!D\"&((ROW()-2)*4)+5)=\"\",\"\",INDIRECT(\"'MRO Certificate Printing'!D\"&((ROW()-2)*4)+5))","v":""},{"$f":"IF(INDIRECT(\"'MRO Certificate Printing'!E\"&((ROW()-2)*4)+5)=\"\",\"\",INDIRECT(\"'MRO Certificate Printing'!E\"&((ROW()-2)*4)+5))","v":""},{"$f":"IF(INDIRECT(\"'MRO Certificate Printing'!F\"&((ROW()-2)*4)+5)=\"\",\"\",INDIRECT(\"'MRO Certificate Printing'!F\"&((ROW()-2)*4)+5))","v":""},{"$f":"IF(INDIRECT(\"'MRO Certificate Printing'!B\"&((ROW()-2)*4)+5)=\"\",\"\",INDIRECT(\"'MRO Certificate Printing'!B\"&((ROW()-2)*4)+5))","v":""},{"$f":"IF(INDIRECT(\"'MRO Certificate Printing'!G\"&((ROW()-2)*4)+5)=\"\",\"\",INDIRECT(\"'MRO Certificate Printing'!G\"&((ROW()-2)*4)+5))","v":""},{"$f":"IF(INDIRECT(\"'MRO Certificate Printing'!J\"&((ROW()-2)*4)+5)=\"\",\"\",INDIRECT(\"'MRO Certificate Printing'!J\"&((ROW()-2)*4)+5))","v":""},{"$f":"IF(INDIRECT(\"'MRO Certificate Printing'!I\"&((ROW()-2)*4)+5)=\"\",\"\",INDIRECT(\"'MRO Certificate Printing'!I\"&((ROW()-2)*4)+5))","v":""},{"$f":"IF(INDIRECT(\"'MRO Certificate Printing'!K\"&((ROW()-2)*4)+5)=\"\",\"\",INDIRECT(\"'MRO Certificate Printing'!K\"&((ROW()-2)*4)+5))","v":""}]
["",{"$f":"IF(INDIRECT(\"'MRO Certificate Printing'!D\"&((ROW()-2)*4)+2)=\"\",\"\",INDIRECT(\"'MRO Certificate Printing'!D\"&((ROW()-2)*4)+2))","v":""},{"$f":"IF(INDIRECT(\"'MRO Certificate Printing'!E\"&((ROW()-2)*4)+2)=\"\",\"\",INDIRECT(\"'MRO Certificate Printing'!E\"&((ROW()-2)*4)+2))","v":""},{"$f":"IF(INDIRECT(\"'MRO Certificate Printing'!F\"&((ROW()-2)*4)+2)=\"\",\"\",INDIRECT(\"'MRO Certificate Printing'!F\"&((ROW()-2)*4)+2))","v":""},{"$f":"IF(INDIRECT(\"'MRO Certificate Printing'!B\"&((ROW()-2)*4)+2)=\"\",\"\",INDIRECT(\"'MRO Certificate Printing'!B\"&((ROW()-2)*4)+2))","v":""},{"$f":"IF(INDIRECT(\"'MRO Certificate Printing'!G\"&((ROW()-2)*4)+2)=\"\",\"\",INDIRECT(\"'MRO Certificate Printing'!G\"&((ROW()-2)*4)+2))","v":""},{"$f":"IF(INDIRECT(\"'MRO Certificate Printing'!J\"&((ROW()-2)*4)+2)=\"\",\"\",INDIRECT(\"'MRO Certificate Printing'!J\"&((ROW()-2)*4)+2))","v":""},{"$f":"IF(INDIRECT(\"'MRO Certificate Printing'!I\"&((ROW()-2)*4)+2)=\"\",\"\",INDIRECT(\"'MRO Certificate Printing'!I\"&((ROW()-2)*4)+2))","v":""},{"$f":"IF(INDIRECT(\"'MRO Certificate Printing'!K\"&((ROW()-2)*4)+2)=\"\",\"\",INDIRECT(\"'MRO Certificate Printing'!K\"&((ROW()-2)*4)+2))","v":""},null,{"$f":"IF(INDIRECT(\"'MRO Certificate Printing'!D\"&((ROW()-2)*4)+3)=\"\",\"\",INDIRECT(\"'MRO Certificate Printing'!D\"&((ROW()-2)*4)+3))","v":""},{"$f":"IF(INDIRECT(\"'MRO Certificate Printing'!E\"&((ROW()-2)*4)+3)=\"\",\"\",INDIRECT(\"'MRO Certificate Printing'!E\"&((ROW()-2)*4)+3))","v":""},{"$f":"IF(INDIRECT(\"'MRO Certificate Printing'!F\"&((ROW()-2)*4)+3)=\"\",\"\",INDIRECT(\"'MRO Certificate Printing'!F\"&((ROW()-2)*4)+3))","v":""},{"$f":"IF(INDIRECT(\"'MRO Certificate Printing'!B\"&((ROW()-2)*4)+3)=\"\",\"\",INDIRECT(\"'MRO Certificate Printing'!B\"&((ROW()-2)*4)+3))","v":""},{"$f":"IF(INDIRECT(\"'MRO Certificate Printing'!G\"&((ROW()-2)*4)+3)=\"\",\"\",INDIRECT(\"'MRO Certificate Printing'!G\"&((ROW()-2)*4)+3))","v":""},{"$f":"IF(INDIRECT(\"'MRO Certificate Printing'!J\"&((ROW()-2)*4)+3)=\"\",\"\",INDIRECT(\"'MRO Certificate Printing'!J\"&((ROW()-2)*4)+3))","v":""},{"$f":"IF(INDIRECT(\"'MRO Certificate Printing'!I\"&((ROW()-2)*4)+3)=\"\",\"\",INDIRECT(\"'MRO Certificate Printing'!I\"&((ROW()-2)*4)+3))","v":""},{"$f":"IF(INDIRECT(\"'MRO Certificate Printing'!K\"&((ROW()-2)*4)+3)=\"\",\"\",INDIRECT(\"'MRO Certificate Printing'!K\"&((ROW()-2)*4)+3))","v":""},null,{"$f":"IF(INDIRECT(\"'MRO Certificate Printing'!D\"&((ROW()-2)*4)+4)=\"\",\"\",INDIRECT(\"'MRO Certificate Printing'!D\"&((ROW()-2)*4)+4))","v":""},{"$f":"IF(INDIRECT(\"'MRO Certificate Printing'!E\"&((ROW()-2)*4)+4)=\"\",\"\",INDIRECT(\"'MRO Certificate Printing'!E\"&((ROW()-2)*4)+4))","v":""},{"$f":"IF(INDIRECT(\"'MRO Certificate Printing'!F\"&((ROW()-2)*4)+4)=\"\",\"\",INDIRECT(\"'MRO Certificate Printing'!F\"&((ROW()-2)*4)+4))","v":""},{"$f":"IF(INDIRECT(\"'MRO Certificate Printing'!B\"&((ROW()-2)*4)+4)=\"\",\"\",INDIRECT(\"'MRO Certificate Printing'!B\"&((ROW()-2)*4)+4))","v":""},{"$f":"IF(INDIRECT(\"'MRO Certificate Printing'!G\"&((ROW()-2)*4)+4)=\"\",\"\",INDIRECT(\"'MRO Certificate Printing'!G\"&((ROW()-2)*4)+4))","v":""},{"$f":"IF(INDIRECT(\"'MRO Certificate Printing'!J\"&((ROW()-2)*4)+4)=\"\",\"\",INDIRECT(\"'MRO Certificate Printing'!J\"&((ROW()-2)*4)+4))","v":""},{"$f":"IF(INDIRECT(\"'MRO Certificate Printing'!I\"&((ROW()-2)*4)+4)=\"\",\"\",INDIRECT(\"'MRO Certificate Printing'!I\"&((ROW()-2)*4)+4))","v":""},{"$f":"IF(INDIRECT(\"'MRO Certificate Printing'!K\"&((ROW()-2)*4)+4)=\"\",\"\",INDIRECT(\"'MRO Certificate Printing'!K\"&((ROW()-2)*4)+4))","v":""},null,{"$f":"IF(INDIRECT(\"'MRO Certificate Printing'!D\"&((ROW()-2)*4)+5)=\"\",\"\",INDIRECT(\"'MRO Certificate Printing'!D\"&((ROW()-2)*4)+5))","v":""},{"$f":"IF(INDIRECT(\"'MRO Certificate Printing'!E\"&((ROW()-2)*4)+5)=\"\",\"\",INDIRECT(\"'MRO Certificate Printing'!E\"&((ROW()-2)*4)+5))","v":""},{"$f":"IF(INDIRECT(\"'MRO Certificate Printing'!F\"&((ROW()-2)*4)+5)=\"\",\"\",INDIRECT(\"'MRO Certificate Printing'!F\"&((ROW()-2)*4)+5))","v":""},{"$f":"IF(INDIRECT(\"'MRO Certificate Printing'!B\"&((ROW()-2)*4)+5)=\"\",\"\",INDIRECT(\"'MRO Certificate Printing'!B\"&((ROW()-2)*4)+5))","v":""},{"$f":"IF(INDIRECT(\"'MRO Certificate Printing'!G\"&((ROW()-2)*4)+5)=\"\",\"\",INDIRECT(\"'MRO Certificate Printing'!G\"&((ROW()-2)*4)+5))","v":""},{"$f":"IF(INDIRECT(\"'MRO Certificate Printing'!J\"&((ROW()-2)*4)+5)=\"\",\"\",INDIRECT(\"'MRO Certificate Printing'!J\"&((ROW()-2)*4)+5))","v":""},{"$f":"IF(INDIRECT(\"'MRO Certificate Printing'!I\"&((ROW()-2)*4)+5)=\"\",\"\",INDIRECT(\"'MRO Certificate Printing'!I\"&((ROW()-2)*4)+5))","v":""},{"$f":"IF(INDIRECT(\"'MRO Certificate Printing'!K\"&((ROW()-2)*4)+5)=\"\",\"\",INDIRECT(\"'MRO Certificate Printing'!K\"&((ROW()-2)*4)+5))","v":""}]
["",{"$f":"IF(INDIRECT(\"'MRO Certificate Printing'!D\"&((ROW()-2)*4)+2)=\"\",\"\",INDIRECT(\"'MRO Certificate Printing'!D\"&((ROW()-2)*4)+2))","v":""},{"$f":"IF(INDIRECT(\"'MRO Certificate Printing'!E\"&((ROW()-2)*4)+2)=\"\",\"\",INDIRECT(\"'MRO Certificate Printing'!E\"&((ROW()-2)*4)+2))","v":""},{"$f":"IF(INDIRECT(\"'MRO Certificate Printing'!F\"&((ROW()-2)*4)+2)=\"\",\"\",INDIRECT(\"'MRO Certificate Printing'!F\"&((ROW()-2)*4)+2))","v":""},{"$f":"IF(INDIRECT(\"'MRO Certificate Printing'!B\"&((ROW()-2)*4)+2)=\"\",\"\",INDIRECT(\"'MRO Certificate Printing'!B\"&((ROW()-2)*4)+2))","v":""},{"$f":"IF(INDIRECT(\"'MRO Certificate Printing'!G\"&((ROW()-2)*4)+2)=\"\",\"\",INDIRECT(\"'MRO Certificate Printing'!G\"&((ROW()-2)*4)+2))","v":""},{"$f":"IF(INDIRECT(\"'MRO Certificate Printing'!J\"&((ROW()-2)*4)+2)=\"\",\"\",INDIRECT(\"'MRO Certificate Printing'!J\"&((ROW()-2)*4)+2))","v":""},{"$f":"IF(INDIRECT(\"'MRO Certificate Printing'!I\"&((ROW()-2)*4)+2)=\"\",\"\",INDIRECT(\"'MRO Certificate Printing'!I\"&((ROW()-2)*4)+2))","v":""},{"$f":"IF(INDIRECT(\"'MRO Certificate Printing'!K\"&((ROW()-2)*4)+2)=\"\",\"\",INDIRECT(\"'MRO Certificate Printing'!K\"&((ROW()-2)*4)+2))","v":""},null,{"$f":"IF(INDIRECT(\"'MRO Certificate Printing'!D\"&((ROW()-2)*4)+3)=\"\",\"\",INDIRECT(\"'MRO Certificate Printing'!D\"&((ROW()-2)*4)+3))","v":""},{"$f":"IF(INDIRECT(\"'MRO Certificate Printing'!E\"&((ROW()-2)*4)+3)=\"\",\"\",INDIRECT(\"'MRO Certificate Printing'!E\"&((ROW()-2)*4)+3))","v":""},{"$f":"IF(INDIRECT(\"'MRO Certificate Printing'!F\"&((ROW()-2)*4)+3)=\"\",\"\",INDIRECT(\"'MRO Certificate Printing'!F\"&((ROW()-2)*4)+3))","v":""},{"$f":"IF(INDIRECT(\"'MRO Certificate Printing'!B\"&((ROW()-2)*4)+3)=\"\",\"\",INDIRECT(\"'MRO Certificate Printing'!B\"&((ROW()-2)*4)+3))","v":""},{"$f":"IF(INDIRECT(\"'MRO Certificate Printing'!G\"&((ROW()-2)*4)+3)=\"\",\"\",INDIRECT(\"'MRO Certificate Printing'!G\"&((ROW()-2)*4)+3))","v":""},{"$f":"IF(INDIRECT(\"'MRO Certificate Printing'!J\"&((ROW()-2)*4)+3)=\"\",\"\",INDIRECT(\"'MRO Certificate Printing'!J\"&((ROW()-2)*4)+3))","v":""},{"$f":"IF(INDIRECT(\"'MRO Certificate Printing'!I\"&((ROW()-2)*4)+3)=\"\",\"\",INDIRECT(\"'MRO Certificate Printing'!I\"&((ROW()-2)*4)+3))","v":""},{"$f":"IF(INDIRECT(\"'MRO Certificate Printing'!K\"&((ROW()-2)*4)+3)=\"\",\"\",INDIRECT(\"'MRO Certificate Printing'!K\"&((ROW()-2)*4)+3))","v":""},null,{"$f":"IF(INDIRECT(\"'MRO Certificate Printing'!D\"&((ROW()-2)*4)+4)=\"\",\"\",INDIRECT(\"'MRO Certificate Printing'!D\"&((ROW()-2)*4)+4))","v":""},{"$f":"IF(INDIRECT(\"'MRO Certificate Printing'!E\"&((ROW()-2)*4)+4)=\"\",\"\",INDIRECT(\"'MRO Certificate Printing'!E\"&((ROW()-2)*4)+4))","v":""},{"$f":"IF(INDIRECT(\"'MRO Certificate Printing'!F\"&((ROW()-2)*4)+4)=\"\",\"\",INDIRECT(\"'MRO Certificate Printing'!F\"&((ROW()-2)*4)+4))","v":""},{"$f":"IF(INDIRECT(\"'MRO Certificate Printing'!B\"&((ROW()-2)*4)+4)=\"\",\"\",INDIRECT(\"'MRO Certificate Printing'!B\"&((ROW()-2)*4)+4))","v":""},{"$f":"IF(INDIRECT(\"'MRO Certificate Printing'!G\"&((ROW()-2)*4)+4)=\"\",\"\",INDIRECT(\"'MRO Certificate Printing'!G\"&((ROW()-2)*4)+4))","v":""},{"$f":"IF(INDIRECT(\"'MRO Certificate Printing'!J\"&((ROW()-2)*4)+4)=\"\",\"\",INDIRECT(\"'MRO Certificate Printing'!J\"&((ROW()-2)*4)+4))","v":""},{"$f":"IF(INDIRECT(\"'MRO Certificate Printing'!I\"&((ROW()-2)*4)+4)=\"\",\"\",INDIRECT(\"'MRO Certificate Printing'!I\"&((ROW()-2)*4)+4))","v":""},{"$f":"IF(INDIRECT(\"'MRO Certificate Printing'!K\"&((ROW()-2)*4)+4)=\"\",\"\",INDIRECT(\"'MRO Certificate Printing'!K\"&((ROW()-2)*4)+4))","v":""},null,{"$f":"IF(INDIRECT(\"'MRO Certificate Printing'!D\"&((ROW()-2)*4)+5)=\"\",\"\",INDIRECT(\"'MRO Certificate Printing'!D\"&((ROW()-2)*4)+5))","v":""},{"$f":"IF(INDIRECT(\"'MRO Certificate Printing'!E\"&((ROW()-2)*4)+5)=\"\",\"\",INDIRECT(\"'MRO Certificate Printing'!E\"&((ROW()-2)*4)+5))","v":""},{"$f":"IF(INDIRECT(\"'MRO Certificate Printing'!F\"&((ROW()-2)*4)+5)=\"\",\"\",INDIRECT(\"'MRO Certificate Printing'!F\"&((ROW()-2)*4)+5))","v":""},{"$f":"IF(INDIRECT(\"'MRO Certificate Printing'!B\"&((ROW()-2)*4)+5)=\"\",\"\",INDIRECT(\"'MRO Certificate Printing'!B\"&((ROW()-2)*4)+5))","v":""},{"$f":"IF(INDIRECT(\"'MRO Certificate Printing'!G\"&((ROW()-2)*4)+5)=\"\",\"\",INDIRECT(\"'MRO Certificate Printing'!G\"&((ROW()-2)*4)+5))","v":""},{"$f":"IF(INDIRECT(\"'MRO Certificate Printing'!J\"&((ROW()-2)*4)+5)=\"\",\"\",INDIRECT(\"'MRO Certificate Printing'!J\"&((ROW()-2)*4)+5))","v":""},{"$f":"IF(INDIRECT(\"'MRO Certificate Printing'!I\"&((ROW()-2)*4)+5)=\"\",\"\",INDIRECT(\"'MRO Certificate Printing'!I\"&((ROW()-2)*4)+5))","v":""},{"$f":"IF(INDIRECT(\"'MRO Certificate Printing'!K\"&((ROW()-2)*4)+5)=\"\",\"\",INDIRECT(\"'MRO Certificate Printing'!K\"&((ROW()-2)*4)+5))","v":""}]
["",{"$f":"IF(INDIRECT(\"'MRO Certificate Printing'!D\"&((ROW()-2)*4)+2)=\"\",\"\",INDIRECT(\"'MRO Certificate Printing'!D\"&((ROW()-2)*4)+2))","v":""},{"$f":"IF(INDIRECT(\"'MRO Certificate Printing'!E\"&((ROW()-2)*4)+2)=\"\",\"\",INDIRECT(\"'MRO Certificate Printing'!E\"&((ROW()-2)*4)+2))","v":""},{"$f":"IF(INDIRECT(\"'MRO Certificate Printing'!F\"&((ROW()-2)*4)+2)=\"\",\"\",INDIRECT(\"'MRO Certificate Printing'!F\"&((ROW()-2)*4)+2))","v":""},{"$f":"IF(INDIRECT(\"'MRO Certificate Printing'!B\"&((ROW()-2)*4)+2)=\"\",\"\",INDIRECT(\"'MRO Certificate Printing'!B\"&((ROW()-2)*4)+2))","v":""},{"$f":"IF(INDIRECT(\"'MRO Certificate Printing'!G\"&((ROW()-2)*4)+2)=\"\",\"\",INDIRECT(\"'MRO Certificate Printing'!G\"&((ROW()-2)*4)+2))","v":""},{"$f":"IF(INDIRECT(\"'MRO Certificate Printing'!J\"&((ROW()-2)*4)+2)=\"\",\"\",INDIRECT(\"'MRO Certificate Printing'!J\"&((ROW()-2)*4)+2))","v":""},{"$f":"IF(INDIRECT(\"'MRO Certificate Printing'!I\"&((ROW()-2)*4)+2)=\"\",\"\",INDIRECT(\"'MRO Certificate Printing'!I\"&((ROW()-2)*4)+2))","v":""},{"$f":"IF(INDIRECT(\"'MRO Certificate Printing'!K\"&((ROW()-2)*4)+2)=\"\",\"\",INDIRECT(\"'MRO Certificate Printing'!K\"&((ROW()-2)*4)+2))","v":""},null,{"$f":"IF(INDIRECT(\"'MRO Certificate Printing'!D\"&((ROW()-2)*4)+3)=\"\",\"\",INDIRECT(\"'MRO Certificate Printing'!D\"&((ROW()-2)*4)+3))","v":""},{"$f":"IF(INDIRECT(\"'MRO Certificate Printing'!E\"&((ROW()-2)*4)+3)=\"\",\"\",INDIRECT(\"'MRO Certificate Printing'!E\"&((ROW()-2)*4)+3))","v":""},{"$f":"IF(INDIRECT(\"'MRO Certificate Printing'!F\"&((ROW()-2)*4)+3)=\"\",\"\",INDIRECT(\"'MRO Certificate Printing'!F\"&((ROW()-2)*4)+3))","v":""},{"$f":"IF(INDIRECT(\"'MRO Certificate Printing'!B\"&((ROW()-2)*4)+3)=\"\",\"\",INDIRECT(\"'MRO Certificate Printing'!B\"&((ROW()-2)*4)+3))","v":""},{"$f":"IF(INDIRECT(\"'MRO Certificate Printing'!G\"&((ROW()-2)*4)+3)=\"\",\"\",INDIRECT(\"'MRO Certificate Printing'!G\"&((ROW()-2)*4)+3))","v":""},{"$f":"IF(INDIRECT(\"'MRO Certificate Printing'!J\"&((ROW()-2)*4)+3)=\"\",\"\",INDIRECT(\"'MRO Certificate Printing'!J\"&((ROW()-2)*4)+3))","v":""},{"$f":"IF(INDIRECT(\"'MRO Certificate Printing'!I\"&((ROW()-2)*4)+3)=\"\",\"\",INDIRECT(\"'MRO Certificate Printing'!I\"&((ROW()-2)*4)+3))","v":""},{"$f":"IF(INDIRECT(\"'MRO Certificate Printing'!K\"&((ROW()-2)*4)+3)=\"\",\"\",INDIRECT(\"'MRO Certificate Printing'!K\"&((ROW()-2)*4)+3))","v":""},null,{"$f":"IF(INDIRECT(\"'MRO Certificate Printing'!D\"&((ROW()-2)*4)+4)=\"\",\"\",INDIRECT(\"'MRO Certificate Printing'!D\"&((ROW()-2)*4)+4))","v":""},{"$f":"IF(INDIRECT(\"'MRO Certificate Printing'!E\"&((ROW()-2)*4)+4)=\"\",\"\",INDIRECT(\"'MRO Certificate Printing'!E\"&((ROW()-2)*4)+4))","v":""},{"$f":"IF(INDIRECT(\"'MRO Certificate Printing'!F\"&((ROW()-2)*4)+4)=\"\",\"\",INDIRECT(\"'MRO Certificate Printing'!F\"&((ROW()-2)*4)+4))","v":""},{"$f":"IF(INDIRECT(\"'MRO Certificate Printing'!B\"&((ROW()-2)*4)+4)=\"\",\"\",INDIRECT(\"'MRO Certificate Printing'!B\"&((ROW()-2)*4)+4))","v":""},{"$f":"IF(INDIRECT(\"'MRO Certificate Printing'!G\"&((ROW()-2)*4)+4)=\"\",\"\",INDIRECT(\"'MRO Certificate Printing'!G\"&((ROW()-2)*4)+4))","v":""},{"$f":"IF(INDIRECT(\"'MRO Certificate Printing'!J\"&((ROW()-2)*4)+4)=\"\",\"\",INDIRECT(\"'MRO Certificate Printing'!J\"&((ROW()-2)*4)+4))","v":""},{"$f":"IF(INDIRECT(\"'MRO Certificate Printing'!I\"&((ROW()-2)*4)+4)=\"\",\"\",INDIRECT(\"'MRO Certificate Printing'!I\"&((ROW()-2)*4)+4))","v":""},{"$f":"IF(INDIRECT(\"'MRO Certificate Printing'!K\"&((ROW()-2)*4)+4)=\"\",\"\",INDIRECT(\"'MRO Certificate Printing'!K\"&((ROW()-2)*4)+4))","v":""},null,{"$f":"IF(INDIRECT(\"'MRO Certificate Printing'!D\"&((ROW()-2)*4)+5)=\"\",\"\",INDIRECT(\"'MRO Certificate Printing'!D\"&((ROW()-2)*4)+5))","v":""},{"$f":"IF(INDIRECT(\"'MRO Certificate Printing'!E\"&((ROW()-2)*4)+5)=\"\",\"\",INDIRECT(\"'MRO Certificate Printing'!E\"&((ROW()-2)*4)+5))","v":""},{"$f":"IF(INDIRECT(\"'MRO Certificate Printing'!F\"&((ROW()-2)*4)+5)=\"\",\"\",INDIRECT(\"'MRO Certificate Printing'!F\"&((ROW()-2)*4)+5))","v":""},{"$f":"IF(INDIRECT(\"'MRO Certificate Printing'!B\"&((ROW()-2)*4)+5)=\"\",\"\",INDIRECT(\"'MRO Certificate Printing'!B\"&((ROW()-2)*4)+5))","v":""},{"$f":"IF(INDIRECT(\"'MRO Certificate Printing'!G\"&((ROW()-2)*4)+5)=\"\",\"\",INDIRECT(\"'MRO Certificate Printing'!G\"&((ROW()-2)*4)+5))","v":""},{"$f":"IF(INDIRECT(\"'MRO Certificate Printing'!J\"&((ROW()-2)*4)+5)=\"\",\"\",INDIRECT(\"'MRO Certificate Printing'!J\"&((ROW()-2)*4)+5))","v":""},{"$f":"IF(INDIRECT(\"'MRO Certificate Printing'!I\"&((ROW()-2)*4)+5)=\"\",\"\",INDIRECT(\"'MRO Certificate Printing'!I\"&((ROW()-2)*4)+5))","v":""},{"$f":"IF(INDIRECT(\"'MRO Certificate Printing'!K\"&((ROW()-2)*4)+5)=\"\",\"\",INDIRECT(\"'MRO Certificate Printing'!K\"&((ROW()-2)*4)+5))","v":""}]
["",{"$f":"IF(INDIRECT(\"'MRO Certificate Printing'!D\"&((ROW()-2)*4)+2)=\"\",\"\",INDIRECT(\"'MRO Certificate Printing'!D\"&((ROW()-2)*4)+2))","v":""},{"$f":"IF(INDIRECT(\"'MRO Certificate Printing'!E\"&((ROW()-2)*4)+2)=\"\",\"\",INDIRECT(\"'MRO Certificate Printing'!E\"&((ROW()-2)*4)+2))","v":""},{"$f":"IF(INDIRECT(\"'MRO Certificate Printing'!F\"&((ROW()-2)*4)+2)=\"\",\"\",INDIRECT(\"'MRO Certificate Printing'!F\"&((ROW()-2)*4)+2))","v":""},{"$f":"IF(INDIRECT(\"'MRO Certificate Printing'!B\"&((ROW()-2)*4)+2)=\"\",\"\",INDIRECT(\"'MRO Certificate Printing'!B\"&((ROW()-2)*4)+2))","v":""},{"$f":"IF(INDIRECT(\"'MRO Certificate Printing'!G\"&((ROW()-2)*4)+2)=\"\",\"\",INDIRECT(\"'MRO Certificate Printing'!G\"&((ROW()-2)*4)+2))","v":""},{"$f":"IF(INDIRECT(\"'MRO Certificate Printing'!J\"&((ROW()-2)*4)+2)=\"\",\"\",INDIRECT(\"'MRO Certificate Printing'!J\"&((ROW()-2)*4)+2))","v":""},{"$f":"IF(INDIRECT(\"'MRO Certificate Printing'!I\"&((ROW()-2)*4)+2)=\"\",\"\",INDIRECT(\"'MRO Certificate Printing'!I\"&((ROW()-2)*4)+2))","v":""},{"$f":"IF(INDIRECT(\"'MRO Certificate Printing'!K\"&((ROW()-2)*4)+2)=\"\",\"\",INDIRECT(\"'MRO Certificate Printing'!K\"&((ROW()-2)*4)+2))","v":""},null,{"$f":"IF(INDIRECT(\"'MRO Certificate Printing'!D\"&((ROW()-2)*4)+3)=\"\",\"\",INDIRECT(\"'MRO Certificate Printing'!D\"&((ROW()-2)*4)+3))","v":""},{"$f":"IF(INDIRECT(\"'MRO Certificate Printing'!E\"&((ROW()-2)*4)+3)=\"\",\"\",INDIRECT(\"'MRO Certificate Printing'!E\"&((ROW()-2)*4)+3))","v":""},{"$f":"IF(INDIRECT(\"'MRO Certificate Printing'!F\"&((ROW()-2)*4)+3)=\"\",\"\",INDIRECT(\"'MRO Certificate Printing'!F\"&((ROW()-2)*4)+3))","v":""},{"$f":"IF(INDIRECT(\"'MRO Certificate Printing'!B\"&((ROW()-2)*4)+3)=\"\",\"\",INDIRECT(\"'MRO Certificate Printing'!B\"&((ROW()-2)*4)+3))","v":""},{"$f":"IF(INDIRECT(\"'MRO Certificate Printing'!G\"&((ROW()-2)*4)+3)=\"\",\"\",INDIRECT(\"'MRO Certificate Printing'!G\"&((ROW()-2)*4)+3))","v":""},{"$f":"IF(INDIRECT(\"'MRO Certificate Printing'!J\"&((ROW()-2)*4)+3)=\"\",\"\",INDIRECT(\"'MRO Certificate Printing'!J\"&((ROW()-2)*4)+3))","v":""},{"$f":"IF(INDIRECT(\"'MRO Certificate Printing'!I\"&((ROW()-2)*4)+3)=\"\",\"\",INDIRECT(\"'MRO Certificate Printing'!I\"&((ROW()-2)*4)+3))","v":""},{"$f":"IF(INDIRECT(\"'MRO Certificate Printing'!K\"&((ROW()-2)*4)+3)=\"\",\"\",INDIRECT(\"'MRO Certificate Printing'!K\"&((ROW()-2)*4)+3))","v":""},null,{"$f":"IF(INDIRECT(\"'MRO Certificate Printing'!D\"&((ROW()-2)*4)+4)=\"\",\"\",INDIRECT(\"'MRO Certificate Printing'!D\"&((ROW()-2)*4)+4))","v":""},{"$f":"IF(INDIRECT(\"'MRO Certificate Printing'!E\"&((ROW()-2)*4)+4)=\"\",\"\",INDIRECT(\"'MRO Certificate Printing'!E\"&((ROW()-2)*4)+4))","v":""},{"$f":"IF(INDIRECT(\"'MRO Certificate Printing'!F\"&((ROW()-2)*4)+4)=\"\",\"\",INDIRECT(\"'MRO Certificate Printing'!F\"&((ROW()-2)*4)+4))","v":""},{"$f":"IF(INDIRECT(\"'MRO Certificate Printing'!B\"&((ROW()-2)*4)+4)=\"\",\"\",INDIRECT(\"'MRO Certificate Printing'!B\"&((ROW()-2)*4)+4))","v":""},{"$f":"IF(INDIRECT(\"'MRO Certificate Printing'!G\"&((ROW()-2)*4)+4)=\"\",\"\",INDIRECT(\"'MRO Certificate Printing'!G\"&((ROW()-2)*4)+4))","v":""},{"$f":"IF(INDIRECT(\"'MRO Certificate Printing'!J\"&((ROW()-2)*4)+4)=\"\",\"\",INDIRECT(\"'MRO Certificate Printing'!J\"&((ROW()-2)*4)+4))","v":""},{"$f":"IF(INDIRECT(\"'MRO Certificate Printing'!I\"&((ROW()-2)*4)+4)=\"\",\"\",INDIRECT(\"'MRO Certificate Printing'!I\"&((ROW()-2)*4)+4))","v":""},{"$f":"IF(INDIRECT(\"'MRO Certificate Printing'!K\"&((ROW()-2)*4)+4)=\"\",\"\",INDIRECT(\"'MRO Certificate Printing'!K\"&((ROW()-2)*4)+4))","v":""},null,{"$f":"IF(INDIRECT(\"'MRO Certificate Printing'!D\"&((ROW()-2)*4)+5)=\"\",\"\",INDIRECT(\"'MRO Certificate Printing'!D\"&((ROW()-2)*4)+5))","v":""},{"$f":"IF(INDIRECT(\"'MRO Certificate Printing'!E\"&((ROW()-2)*4)+5)=\"\",\"\",INDIRECT(\"'MRO Certificate Printing'!E\"&((ROW()-2)*4)+5))","v":""},{"$f":"IF(INDIRECT(\"'MRO Certificate Printing'!F\"&((ROW()-2)*4)+5)=\"\",\"\",INDIRECT(\"'MRO Certificate Printing'!F\"&((ROW()-2)*4)+5))","v":""},{"$f":"IF(INDIRECT(\"'MRO Certificate Printing'!B\"&((ROW()-2)*4)+5)=\"\",\"\",INDIRECT(\"'MRO Certificate Printing'!B\"&((ROW()-2)*4)+5))","v":""},{"$f":"IF(INDIRECT(\"'MRO Certificate Printing'!G\"&((ROW()-2)*4)+5)=\"\",\"\",INDIRECT(\"'MRO Certificate Printing'!G\"&((ROW()-2)*4)+5))","v":""},{"$f":"IF(INDIRECT(\"'MRO Certificate Printing'!J\"&((ROW()-2)*4)+5)=\"\",\"\",INDIRECT(\"'MRO Certificate Printing'!J\"&((ROW()-2)*4)+5))","v":""},{"$f":"IF(INDIRECT(\"'MRO Certificate Printing'!I\"&((ROW()-2)*4)+5)=\"\",\"\",INDIRECT(\"'MRO Certificate Printing'!I\"&((ROW()-2)*4)+5))","v":""},{"$f":"IF(INDIRECT(\"'MRO Certificate Printing'!K\"&((ROW()-2)*4)+5)=\"\",\"\",INDIRECT(\"'MRO Certificate Printing'!K\"&((ROW()-2)*4)+5))","v":""}]
["",{"$f":"IF(INDIRECT(\"'MRO Certificate Printing'!D\"&((ROW()-2)*4)+2)=\"\",\"\",INDIRECT(\"'MRO Certificate Printing'!D\"&((ROW()-2)*4)+2))","v":""},{"$f":"IF(INDIRECT(\"'MRO Certificate Printing'!E\"&((ROW()-2)*4)+2)=\"\",\"\",INDIRECT(\"'MRO Certificate Printing'!E\"&((ROW()-2)*4)+2))","v":""},{"$f":"IF(INDIRECT(\"'MRO Certificate Printing'!F\"&((ROW()-2)*4)+2)=\"\",\"\",INDIRECT(\"'MRO Certificate Printing'!F\"&((ROW()-2)*4)+2))","v":""},{"$f":"IF(INDIRECT(\"'MRO Certificate Printing'!B\"&((ROW()-2)*4)+2)=\"\",\"\",INDIRECT(\"'MRO Certificate Printing'!B\"&((ROW()-2)*4)+2))","v":""},{"$f":"IF(INDIRECT(\"'MRO Certificate Printing'!G\"&((ROW()-2)*4)+2)=\"\",\"\",INDIRECT(\"'MRO Certificate Printing'!G\"&((ROW()-2)*4)+2))","v":""},{"$f":"IF(INDIRECT(\"'MRO Certificate Printing'!J\"&((ROW()-2)*4)+2)=\"\",\"\",INDIRECT(\"'MRO Certificate Printing'!J\"&((ROW()-2)*4)+2))","v":""},{"$f":"IF(INDIRECT(\"'MRO Certificate Printing'!I\"&((ROW()-2)*4)+2)=\"\",\"\",INDIRECT(\"'MRO Certificate Printing'!I\"&((ROW()-2)*4)+2))","v":""},{"$f":"IF(INDIRECT(\"'MRO Certificate Printing'!K\"&((ROW()-2)*4)+2)=\"\",\"\",INDIRECT(\"'MRO Certificate Printing'!K\"&((ROW()-2)*4)+2))","v":""},null,{"$f":"IF(INDIRECT(\"'MRO Certificate Printing'!D\"&((ROW()-2)*4)+3)=\"\",\"\",INDIRECT(\"'MRO Certificate Printing'!D\"&((ROW()-2)*4)+3))","v":""},{"$f":"IF(INDIRECT(\"'MRO Certificate Printing'!E\"&((ROW()-2)*4)+3)=\"\",\"\",INDIRECT(\"'MRO Certificate Printing'!E\"&((ROW()-2)*4)+3))","v":""},{"$f":"IF(INDIRECT(\"'MRO Certificate Printing'!F\"&((ROW()-2)*4)+3)=\"\",\"\",INDIRECT(\"'MRO Certificate Printing'!F\"&((ROW()-2)*4)+3))","v":""},{"$f":"IF(INDIRECT(\"'MRO Certificate Printing'!B\"&((ROW()-2)*4)+3)=\"\",\"\",INDIRECT(\"'MRO Certificate Printing'!B\"&((ROW()-2)*4)+3))","v":""},{"$f":"IF(INDIRECT(\"'MRO Certificate Printing'!G\"&((ROW()-2)*4)+3)=\"\",\"\",INDIRECT(\"'MRO Certificate Printing'!G\"&((ROW()-2)*4)+3))","v":""},{"$f":"IF(INDIRECT(\"'MRO Certificate Printing'!J\"&((ROW()-2)*4)+3)=\"\",\"\",INDIRECT(\"'MRO Certificate Printing'!J\"&((ROW()-2)*4)+3))","v":""},{"$f":"IF(INDIRECT(\"'MRO Certificate Printing'!I\"&((ROW()-2)*4)+3)=\"\",\"\",INDIRECT(\"'MRO Certificate Printing'!I\"&((ROW()-2)*4)+3))","v":""},{"$f":"IF(INDIRECT(\"'MRO Certificate Printing'!K\"&((ROW()-2)*4)+3)=\"\",\"\",INDIRECT(\"'MRO Certificate Printing'!K\"&((ROW()-2)*4)+3))","v":""},null,{"$f":"IF(INDIRECT(\"'MRO Certificate Printing'!D\"&((ROW()-2)*4)+4)=\"\",\"\",INDIRECT(\"'MRO Certificate Printing'!D\"&((ROW()-2)*4)+4))","v":""},{"$f":"IF(INDIRECT(\"'MRO Certificate Printing'!E\"&((ROW()-2)*4)+4)=\"\",\"\",INDIRECT(\"'MRO Certificate Printing'!E\"&((ROW()-2)*4)+4))","v":""},{"$f":"IF(INDIRECT(\"'MRO Certificate Printing'!F\"&((ROW()-2)*4)+4)=\"\",\"\",INDIRECT(\"'MRO Certificate Printing'!F\"&((ROW()-2)*4)+4))","v":""},{"$f":"IF(INDIRECT(\"'MRO Certificate Printing'!B\"&((ROW()-2)*4)+4)=\"\",\"\",INDIRECT(\"'MRO Certificate Printing'!B\"&((ROW()-2)*4)+4))","v":""},{"$f":"IF(INDIRECT(\"'MRO Certificate Printing'!G\"&((ROW()-2)*4)+4)=\"\",\"\",INDIRECT(\"'MRO Certificate Printing'!G\"&((ROW()-2)*4)+4))","v":""},{"$f":"IF(INDIRECT(\"'MRO Certificate Printing'!J\"&((ROW()-2)*4)+4)=\"\",\"\",INDIRECT(\"'MRO Certificate Printing'!J\"&((ROW()-2)*4)+4))","v":""},{"$f":"IF(INDIRECT(\"'MRO Certificate Printing'!I\"&((ROW()-2)*4)+4)=\"\",\"\",INDIRECT(\"'MRO Certificate Printing'!I\"&((ROW()-2)*4)+4))","v":""},{"$f":"IF(INDIRECT(\"'MRO Certificate Printing'!K\"&((ROW()-2)*4)+4)=\"\",\"\",INDIRECT(\"'MRO Certificate Printing'!K\"&((ROW()-2)*4)+4))","v":""},null,{"$f":"IF(INDIRECT(\"'MRO Certificate Printing'!D\"&((ROW()-2)*4)+5)=\"\",\"\",INDIRECT(\"'MRO Certificate Printing'!D\"&((ROW()-2)*4)+5))","v":""},{"$f":"IF(INDIRECT(\"'MRO Certificate Printing'!E\"&((ROW()-2)*4)+5)=\"\",\"\",INDIRECT(\"'MRO Certificate Printing'!E\"&((ROW()-2)*4)+5))","v":""},{"$f":"IF(INDIRECT(\"'MRO Certificate Printing'!F\"&((ROW()-2)*4)+5)=\"\",\"\",INDIRECT(\"'MRO Certificate Printing'!F\"&((ROW()-2)*4)+5))","v":""},{"$f":"IF(INDIRECT(\"'MRO Certificate Printing'!B\"&((ROW()-2)*4)+5)=\"\",\"\",INDIRECT(\"'MRO Certificate Printing'!B\"&((ROW()-2)*4)+5))","v":""},{"$f":"IF(INDIRECT(\"'MRO Certificate Printing'!G\"&((ROW()-2)*4)+5)=\"\",\"\",INDIRECT(\"'MRO Certificate Printing'!G\"&((ROW()-2)*4)+5))","v":""},{"$f":"IF(INDIRECT(\"'MRO Certificate Printing'!J\"&((ROW()-2)*4)+5)=\"\",\"\",INDIRECT(\"'MRO Certificate Printing'!J\"&((ROW()-2)*4)+5))","v":""},{"$f":"IF(INDIRECT(\"'MRO Certificate Printing'!I\"&((ROW()-2)*4)+5)=\"\",\"\",INDIRECT(\"'MRO Certificate Printing'!I\"&((ROW()-2)*4)+5))","v":""},{"$f":"IF(INDIRECT(\"'MRO Certificate Printing'!K\"&((ROW()-2)*4)+5)=\"\",\"\",INDIRECT(\"'MRO Certificate Printing'!K\"&((ROW()-2)*4)+5))","v":""}]
["",{"$f":"IF(INDIRECT(\"'MRO Certificate Printing'!D\"&((ROW()-2)*4)+2)=\"\",\"\",INDIRECT(\"'MRO Certificate Printing'!D\"&((ROW()-2)*4)+2))","v":""},{"$f":"IF(INDIRECT(\"'MRO Certificate Printing'!E\"&((ROW()-2)*4)+2)=\"\",\"\",INDIRECT(\"'MRO Certificate Printing'!E\"&((ROW()-2)*4)+2))","v":""},{"$f":"IF(INDIRECT(\"'MRO Certificate Printing'!F\"&((ROW()-2)*4)+2)=\"\",\"\",INDIRECT(\"'MRO Certificate Printing'!F\"&((ROW()-2)*4)+2))","v":""},{"$f":"IF(INDIRECT(\"'MRO Certificate Printing'!B\"&((ROW()-2)*4)+2)=\"\",\"\",INDIRECT(\"'MRO Certificate Printing'!B\"&((ROW()-2)*4)+2))","v":""},{"$f":"IF(INDIRECT(\"'MRO Certificate Printing'!G\"&((ROW()-2)*4)+2)=\"\",\"\",INDIRECT(\"'MRO Certificate Printing'!G\"&((ROW()-2)*4)+2))","v":""},{"$f":"IF(INDIRECT(\"'MRO Certificate Printing'!J\"&((ROW()-2)*4)+2)=\"\",\"\",INDIRECT(\"'MRO Certificate Printing'!J\"&((ROW()-2)*4)+2))","v":""},{"$f":"IF(INDIRECT(\"'MRO Certificate Printing'!I\"&((ROW()-2)*4)+2)=\"\",\"\",INDIRECT(\"'MRO Certificate Printing'!I\"&((ROW()-2)*4)+2))","v":""},{"$f":"IF(INDIRECT(\"'MRO Certificate Printing'!K\"&((ROW()-2)*4)+2)=\"\",\"\",INDIRECT(\"'MRO Certificate Printing'!K\"&((ROW()-2)*4)+2))","v":""},null,{"$f":"IF(INDIRECT(\"'MRO Certificate Printing'!D\"&((ROW()-2)*4)+3)=\"\",\"\",INDIRECT(\"'MRO Certificate Printing'!D\"&((ROW()-2)*4)+3))","v":""},{"$f":"IF(INDIRECT(\"'MRO Certificate Printing'!E\"&((ROW()-2)*4)+3)=\"\",\"\",INDIRECT(\"'MRO Certificate Printing'!E\"&((ROW()-2)*4)+3))","v":""},{"$f":"IF(INDIRECT(\"'MRO Certificate Printing'!F\"&((ROW()-2)*4)+3)=\"\",\"\",INDIRECT(\"'MRO Certificate Printing'!F\"&((ROW()-2)*4)+3))","v":""},{"$f":"IF(INDIRECT(\"'MRO Certificate Printing'!B\"&((ROW()-2)*4)+3)=\"\",\"\",INDIRECT(\"'MRO Certificate Printing'!B\"&((ROW()-2)*4)+3))","v":""},{"$f":"IF(INDIRECT(\"'MRO Certificate Printing'!G\"&((ROW()-2)*4)+3)=\"\",\"\",INDIRECT(\"'MRO Certificate Printing'!G\"&((ROW()-2)*4)+3))","v":""},{"$f":"IF(INDIRECT(\"'MRO Certificate Printing'!J\"&((ROW()-2)*4)+3)=\"\",\"\",INDIRECT(\"'MRO Certificate Printing'!J\"&((ROW()-2)*4)+3))","v":""},{"$f":"IF(INDIRECT(\"'MRO Certificate Printing'!I\"&((ROW()-2)*4)+3)=\"\",\"\",INDIRECT(\"'MRO Certificate Printing'!I\"&((ROW()-2)*4)+3))","v":""},{"$f":"IF(INDIRECT(\"'MRO Certificate Printing'!K\"&((ROW()-2)*4)+3)=\"\",\"\",INDIRECT(\"'MRO Certificate Printing'!K\"&((ROW()-2)*4)+3))","v":""},null,{"$f":"IF(INDIRECT(\"'MRO Certificate Printing'!D\"&((ROW()-2)*4)+4)=\"\",\"\",INDIRECT(\"'MRO Certificate Printing'!D\"&((ROW()-2)*4)+4))","v":""},{"$f":"IF(INDIRECT(\"'MRO Certificate Printing'!E\"&((ROW()-2)*4)+4)=\"\",\"\",INDIRECT(\"'MRO Certificate Printing'!E\"&((ROW()-2)*4)+4))","v":""},{"$f":"IF(INDIRECT(\"'MRO Certificate Printing'!F\"&((ROW()-2)*4)+4)=\"\",\"\",INDIRECT(\"'MRO Certificate Printing'!F\"&((ROW()-2)*4)+4))","v":""},{"$f":"IF(INDIRECT(\"'MRO Certificate Printing'!B\"&((ROW()-2)*4)+4)=\"\",\"\",INDIRECT(\"'MRO Certificate Printing'!B\"&((ROW()-2)*4)+4))","v":""},{"$f":"IF(INDIRECT(\"'MRO Certificate Printing'!G\"&((ROW()-2)*4)+4)=\"\",\"\",INDIRECT(\"'MRO Certificate Printing'!G\"&((ROW()-2)*4)+4))","v":""},{"$f":"IF(INDIRECT(\"'MRO Certificate Printing'!J\"&((ROW()-2)*4)+4)=\"\",\"\",INDIRECT(\"'MRO Certificate Printing'!J\"&((ROW()-2)*4)+4))","v":""},{"$f":"IF(INDIRECT(\"'MRO Certificate Printing'!I\"&((ROW()-2)*4)+4)=\"\",\"\",INDIRECT(\"'MRO Certificate Printing'!I\"&((ROW()-2)*4)+4))","v":""},{"$f":"IF(INDIRECT(\"'MRO Certificate Printing'!K\"&((ROW()-2)*4)+4)=\"\",\"\",INDIRECT(\"'MRO Certificate Printing'!K\"&((ROW()-2)*4)+4))","v":""},null,{"$f":"IF(INDIRECT(\"'MRO Certificate Printing'!D\"&((ROW()-2)*4)+5)=\"\",\"\",INDIRECT(\"'MRO Certificate Printing'!D\"&((ROW()-2)*4)+5))","v":""},{"$f":"IF(INDIRECT(\"'MRO Certificate Printing'!E\"&((ROW()-2)*4)+5)=\"\",\"\",INDIRECT(\"'MRO Certificate Printing'!E\"&((ROW()-2)*4)+5))","v":""},{"$f":"IF(INDIRECT(\"'MRO Certificate Printing'!F\"&((ROW()-2)*4)+5)=\"\",\"\",INDIRECT(\"'MRO Certificate Printing'!F\"&((ROW()-2)*4)+5))","v":""},{"$f":"IF(INDIRECT(\"'MRO Certificate Printing'!B\"&((ROW()-2)*4)+5)=\"\",\"\",INDIRECT(\"'MRO Certificate Printing'!B\"&((ROW()-2)*4)+5))","v":""},{"$f":"IF(INDIRECT(\"'MRO Certificate Printing'!G\"&((ROW()-2)*4)+5)=\"\",\"\",INDIRECT(\"'MRO Certificate Printing'!G\"&((ROW()-2)*4)+5))","v":""},{"$f":"IF(INDIRECT(\"'MRO Certificate Printing'!J\"&((ROW()-2)*4)+5)=\"\",\"\",INDIRECT(\"'MRO Certificate Printing'!J\"&((ROW()-2)*4)+5))","v":""},{"$f":"IF(INDIRECT(\"'MRO Certificate Printing'!I\"&((ROW()-2)*4)+5)=\"\",\"\",INDIRECT(\"'MRO Certificate Printing'!I\"&((ROW()-2)*4)+5))","v":""},{"$f":"IF(INDIRECT(\"'MRO Certificate Printing'!K\"&((ROW()-2)*4)+5)=\"\",\"\",INDIRECT(\"'MRO Certificate Printing'!K\"&((ROW()-2)*4)+5))","v":""}]
["",{"$f":"IF(INDIRECT(\"'MRO Certificate Printing'!D\"&((ROW()-2)*4)+2)=\"\",\"\",INDIRECT(\"'MRO Certificate Printing'!D\"&((ROW()-2)*4)+2))","v":""},{"$f":"IF(INDIRECT(\"'MRO Certificate Printing'!E\"&((ROW()-2)*4)+2)=\"\",\"\",INDIRECT(\"'MRO Certificate Printing'!E\"&((ROW()-2)*4)+2))","v":""},{"$f":"IF(INDIRECT(\"'MRO Certificate Printing'!F\"&((ROW()-2)*4)+2)=\"\",\"\",INDIRECT(\"'MRO Certificate Printing'!F\"&((ROW()-2)*4)+2))","v":""},{"$f":"IF(INDIRECT(\"'MRO Certificate Printing'!B\"&((ROW()-2)*4)+2)=\"\",\"\",INDIRECT(\"'MRO Certificate Printing'!B\"&((ROW()-2)*4)+2))","v":""},{"$f":"IF(INDIRECT(\"'MRO Certificate Printing'!G\"&((ROW()-2)*4)+2)=\"\",\"\",INDIRECT(\"'MRO Certificate Printing'!G\"&((ROW()-2)*4)+2))","v":""},{"$f":"IF(INDIRECT(\"'MRO Certificate Printing'!J\"&((ROW()-2)*4)+2)=\"\",\"\",INDIRECT(\"'MRO Certificate Printing'!J\"&((ROW()-2)*4)+2))","v":""},{"$f":"IF(INDIRECT(\"'MRO Certificate Printing'!I\"&((ROW()-2)*4)+2)=\"\",\"\",INDIRECT(\"'MRO Certificate Printing'!I\"&((ROW()-2)*4)+2))","v":""},{"$f":"IF(INDIRECT(\"'MRO Certificate Printing'!K\"&((ROW()-2)*4)+2)=\"\",\"\",INDIRECT(\"'MRO Certificate Printing'!K\"&((ROW()-2)*4)+2))","v":""},null,{"$f":"IF(INDIRECT(\"'MRO Certificate Printing'!D\"&((ROW()-2)*4)+3)=\"\",\"\",INDIRECT(\"'MRO Certificate Printing'!D\"&((ROW()-2)*4)+3))","v":""},{"$f":"IF(INDIRECT(\"'MRO Certificate Printing'!E\"&((ROW()-2)*4)+3)=\"\",\"\",INDIRECT(\"'MRO Certificate Printing'!E\"&((ROW()-2)*4)+3))","v":""},{"$f":"IF(INDIRECT(\"'MRO Certificate Printing'!F\"&((ROW()-2)*4)+3)=\"\",\"\",INDIRECT(\"'MRO Certificate Printing'!F\"&((ROW()-2)*4)+3))","v":""},{"$f":"IF(INDIRECT(\"'MRO Certificate Printing'!B\"&((ROW()-2)*4)+3)=\"\",\"\",INDIRECT(\"'MRO Certificate Printing'!B\"&((ROW()-2)*4)+3))","v":""},{"$f":"IF(INDIRECT(\"'MRO Certificate Printing'!G\"&((ROW()-2)*4)+3)=\"\",\"\",INDIRECT(\"'MRO Certificate Printing'!G\"&((ROW()-2)*4)+3))","v":""},{"$f":"IF(INDIRECT(\"'MRO Certificate Printing'!J\"&((ROW()-2)*4)+3)=\"\",\"\",INDIRECT(\"'MRO Certificate Printing'!J\"&((ROW()-2)*4)+3))","v":""},{"$f":"IF(INDIRECT(\"'MRO Certificate Printing'!I\"&((ROW()-2)*4)+3)=\"\",\"\",INDIRECT(\"'MRO Certificate Printing'!I\"&((ROW()-2)*4)+3))","v":""},{"$f":"IF(INDIRECT(\"'MRO Certificate Printing'!K\"&((ROW()-2)*4)+3)=\"\",\"\",INDIRECT(\"'MRO Certificate Printing'!K\"&((ROW()-2)*4)+3))","v":""},null,{"$f":"IF(INDIRECT(\"'MRO Certificate Printing'!D\"&((ROW()-2)*4)+4)=\"\",\"\",INDIRECT(\"'MRO Certificate Printing'!D\"&((ROW()-2)*4)+4))","v":""},{"$f":"IF(INDIRECT(\"'MRO Certificate Printing'!E\"&((ROW()-2)*4)+4)=\"\",\"\",INDIRECT(\"'MRO Certificate Printing'!E\"&((ROW()-2)*4)+4))","v":""},{"$f":"IF(INDIRECT(\"'MRO Certificate Printing'!F\"&((ROW()-2)*4)+4)=\"\",\"\",INDIRECT(\"'MRO Certificate Printing'!F\"&((ROW()-2)*4)+4))","v":""},{"$f":"IF(INDIRECT(\"'MRO Certificate Printing'!B\"&((ROW()-2)*4)+4)=\"\",\"\",INDIRECT(\"'MRO Certificate Printing'!B\"&((ROW()-2)*4)+4))","v":""},{"$f":"IF(INDIRECT(\"'MRO Certificate Printing'!G\"&((ROW()-2)*4)+4)=\"\",\"\",INDIRECT(\"'MRO Certificate Printing'!G\"&((ROW()-2)*4)+4))","v":""},{"$f":"IF(INDIRECT(\"'MRO Certificate Printing'!J\"&((ROW()-2)*4)+4)=\"\",\"\",INDIRECT(\"'MRO Certificate Printing'!J\"&((ROW()-2)*4)+4))","v":""},{"$f":"IF(INDIRECT(\"'MRO Certificate Printing'!I\"&((ROW()-2)*4)+4)=\"\",\"\",INDIRECT(\"'MRO Certificate Printing'!I\"&((ROW()-2)*4)+4))","v":""},{"$f":"IF(INDIRECT(\"'MRO Certificate Printing'!K\"&((ROW()-2)*4)+4)=\"\",\"\",INDIRECT(\"'MRO Certificate Printing'!K\"&((ROW()-2)*4)+4))","v":""},null,{"$f":"IF(INDIRECT(\"'MRO Certificate Printing'!D\"&((ROW()-2)*4)+5)=\"\",\"\",INDIRECT(\"'MRO Certificate Printing'!D\"&((ROW()-2)*4)+5))","v":""},{"$f":"IF(INDIRECT(\"'MRO Certificate Printing'!E\"&((ROW()-2)*4)+5)=\"\",\"\",INDIRECT(\"'MRO Certificate Printing'!E\"&((ROW()-2)*4)+5))","v":""},{"$f":"IF(INDIRECT(\"'MRO Certificate Printing'!F\"&((ROW()-2)*4)+5)=\"\",\"\",INDIRECT(\"'MRO Certificate Printing'!F\"&((ROW()-2)*4)+5))","v":""},{"$f":"IF(INDIRECT(\"'MRO Certificate Printing'!B\"&((ROW()-2)*4)+5)=\"\",\"\",INDIRECT(\"'MRO Certificate Printing'!B\"&((ROW()-2)*4)+5))","v":""},{"$f":"IF(INDIRECT(\"'MRO Certificate Printing'!G\"&((ROW()-2)*4)+5)=\"\",\"\",INDIRECT(\"'MRO Certificate Printing'!G\"&((ROW()-2)*4)+5))","v":""},{"$f":"IF(INDIRECT(\"'MRO Certificate Printing'!J\"&((ROW()-2)*4)+5)=\"\",\"\",INDIRECT(\"'MRO Certificate Printing'!J\"&((ROW()-2)*4)+5))","v":""},{"$f":"IF(INDIRECT(\"'MRO Certificate Printing'!I\"&((ROW()-2)*4)+5)=\"\",\"\",INDIRECT(\"'MRO Certificate Printing'!I\"&((ROW()-2)*4)+5))","v":""},{"$f":"IF(INDIRECT(\"'MRO Certificate Printing'!K\"&((ROW()-2)*4)+5)=\"\",\"\",INDIRECT(\"'MRO Certificate Printing'!K\"&((ROW()-2)*4)+5))","v":""}]
["",{"$f":"IF(INDIRECT(\"'MRO Certificate Printing'!D\"&((ROW()-2)*4)+2)=\"\",\"\",INDIRECT(\"'MRO Certificate Printing'!D\"&((ROW()-2)*4)+2))","v":""},{"$f":"IF(INDIRECT(\"'MRO Certificate Printing'!E\"&((ROW()-2)*4)+2)=\"\",\"\",INDIRECT(\"'MRO Certificate Printing'!E\"&((ROW()-2)*4)+2))","v":""},{"$f":"IF(INDIRECT(\"'MRO Certificate Printing'!F\"&((ROW()-2)*4)+2)=\"\",\"\",INDIRECT(\"'MRO Certificate Printing'!F\"&((ROW()-2)*4)+2))","v":""},{"$f":"IF(INDIRECT(\"'MRO Certificate Printing'!B\"&((ROW()-2)*4)+2)=\"\",\"\",INDIRECT(\"'MRO Certificate Printing'!B\"&((ROW()-2)*4)+2))","v":""},{"$f":"IF(INDIRECT(\"'MRO Certificate Printing'!G\"&((ROW()-2)*4)+2)=\"\",\"\",INDIRECT(\"'MRO Certificate Printing'!G\"&((ROW()-2)*4)+2))","v":""},{"$f":"IF(INDIRECT(\"'MRO Certificate Printing'!J\"&((ROW()-2)*4)+2)=\"\",\"\",INDIRECT(\"'MRO Certificate Printing'!J\"&((ROW()-2)*4)+2))","v":""},{"$f":"IF(INDIRECT(\"'MRO Certificate Printing'!I\"&((ROW()-2)*4)+2)=\"\",\"\",INDIRECT(\"'MRO Certificate Printing'!I\"&((ROW()-2)*4)+2))","v":""},{"$f":"IF(INDIRECT(\"'MRO Certificate Printing'!K\"&((ROW()-2)*4)+2)=\"\",\"\",INDIRECT(\"'MRO Certificate Printing'!K\"&((ROW()-2)*4)+2))","v":""},null,{"$f":"IF(INDIRECT(\"'MRO Certificate Printing'!D\"&((ROW()-2)*4)+3)=\"\",\"\",INDIRECT(\"'MRO Certificate Printing'!D\"&((ROW()-2)*4)+3))","v":""},{"$f":"IF(INDIRECT(\"'MRO Certificate Printing'!E\"&((ROW()-2)*4)+3)=\"\",\"\",INDIRECT(\"'MRO Certificate Printing'!E\"&((ROW()-2)*4)+3))","v":""},{"$f":"IF(INDIRECT(\"'MRO Certificate Printing'!F\"&((ROW()-2)*4)+3)=\"\",\"\",INDIRECT(\"'MRO Certificate Printing'!F\"&((ROW()-2)*4)+3))","v":""},{"$f":"IF(INDIRECT(\"'MRO Certificate Printing'!B\"&((ROW()-2)*4)+3)=\"\",\"\",INDIRECT(\"'MRO Certificate Printing'!B\"&((ROW()-2)*4)+3))","v":""},{"$f":"IF(INDIRECT(\"'MRO Certificate Printing'!G\"&((ROW()-2)*4)+3)=\"\",\"\",INDIRECT(\"'MRO Certificate Printing'!G\"&((ROW()-2)*4)+3))","v":""},{"$f":"IF(INDIRECT(\"'MRO Certificate Printing'!J\"&((ROW()-2)*4)+3)=\"\",\"\",INDIRECT(\"'MRO Certificate Printing'!J\"&((ROW()-2)*4)+3))","v":""},{"$f":"IF(INDIRECT(\"'MRO Certificate Printing'!I\"&((ROW()-2)*4)+3)=\"\",\"\",INDIRECT(\"'MRO Certificate Printing'!I\"&((ROW()-2)*4)+3))","v":""},{"$f":"IF(INDIRECT(\"'MRO Certificate Printing'!K\"&((ROW()-2)*4)+3)=\"\",\"\",INDIRECT(\"'MRO Certificate Printing'!K\"&((ROW()-2)*4)+3))","v":""},null,{"$f":"IF(INDIRECT(\"'MRO Certificate Printing'!D\"&((ROW()-2)*4)+4)=\"\",\"\",INDIRECT(\"'MRO Certificate Printing'!D\"&((ROW()-2)*4)+4))","v":""},{"$f":"IF(INDIRECT(\"'MRO Certificate Printing'!E\"&((ROW()-2)*4)+4)=\"\",\"\",INDIRECT(\"'MRO Certificate Printing'!E\"&((ROW()-2)*4)+4))","v":""},{"$f":"IF(INDIRECT(\"'MRO Certificate Printing'!F\"&((ROW()-2)*4)+4)=\"\",\"\",INDIRECT(\"'MRO Certificate Printing'!F\"&((ROW()-2)*4)+4))","v":""},{"$f":"IF(INDIRECT(\"'MRO Certificate Printing'!B\"&((ROW()-2)*4)+4)=\"\",\"\",INDIRECT(\"'MRO Certificate Printing'!B\"&((ROW()-2)*4)+4))","v":""},{"$f":"IF(INDIRECT(\"'MRO Certificate Printing'!G\"&((ROW()-2)*4)+4)=\"\",\"\",INDIRECT(\"'MRO Certificate Printing'!G\"&((ROW()-2)*4)+4))","v":""},{"$f":"IF(INDIRECT(\"'MRO Certificate Printing'!J\"&((ROW()-2)*4)+4)=\"\",\"\",INDIRECT(\"'MRO Certificate Printing'!J\"&((ROW()-2)*4)+4))","v":""},{"$f":"IF(INDIRECT(\"'MRO Certificate Printing'!I\"&((ROW()-2)*4)+4)=\"\",\"\",INDIRECT(\"'MRO Certificate Printing'!I\"&((ROW()-2)*4)+4))","v":""},{"$f":"IF(INDIRECT(\"'MRO Certificate Printing'!K\"&((ROW()-2)*4)+4)=\"\",\"\",INDIRECT(\"'MRO Certificate Printing'!K\"&((ROW()-2)*4)+4))","v":""},null,{"$f":"IF(INDIRECT(\"'MRO Certificate Printing'!D\"&((ROW()-2)*4)+5)=\"\",\"\",INDIRECT(\"'MRO Certificate Printing'!D\"&((ROW()-2)*4)+5))","v":""},{"$f":"IF(INDIRECT(\"'MRO Certificate Printing'!E\"&((ROW()-2)*4)+5)=\"\",\"\",INDIRECT(\"'MRO Certificate Printing'!E\"&((ROW()-2)*4)+5))","v":""},{"$f":"IF(INDIRECT(\"'MRO Certificate Printing'!F\"&((ROW()-2)*4)+5)=\"\",\"\",INDIRECT(\"'MRO Certificate Printing'!F\"&((ROW()-2)*4)+5))","v":""},{"$f":"IF(INDIRECT(\"'MRO Certificate Printing'!B\"&((ROW()-2)*4)+5)=\"\",\"\",INDIRECT(\"'MRO Certificate Printing'!B\"&((ROW()-2)*4)+5))","v":""},{"$f":"IF(INDIRECT(\"'MRO Certificate Printing'!G\"&((ROW()-2)*4)+5)=\"\",\"\",INDIRECT(\"'MRO Certificate Printing'!G\"&((ROW()-2)*4)+5))","v":""},{"$f":"IF(INDIRECT(\"'MRO Certificate Printing'!J\"&((ROW()-2)*4)+5)=\"\",\"\",INDIRECT(\"'MRO Certificate Printing'!J\"&((ROW()-2)*4)+5))","v":""},{"$f":"IF(INDIRECT(\"'MRO Certificate Printing'!I\"&((ROW()-2)*4)+5)=\"\",\"\",INDIRECT(\"'MRO Certificate Printing'!I\"&((ROW()-2)*4)+5))","v":""},{"$f":"IF(INDIRECT(\"'MRO Certificate Printing'!K\"&((ROW()-2)*4)+5)=\"\",\"\",INDIRECT(\"'MRO Certificate Printing'!K\"&((ROW()-2)*4)+5))","v":""}]
["",{"$f":"IF(INDIRECT(\"'MRO Certificate Printing'!D\"&((ROW()-2)*4)+2)=\"\",\"\",INDIRECT(\"'MRO Certificate Printing'!D\"&((ROW()-2)*4)+2))","v":""},{"$f":"IF(INDIRECT(\"'MRO Certificate Printing'!E\"&((ROW()-2)*4)+2)=\"\",\"\",INDIRECT(\"'MRO Certificate Printing'!E\"&((ROW()-2)*4)+2))","v":""},{"$f":"IF(INDIRECT(\"'MRO Certificate Printing'!F\"&((ROW()-2)*4)+2)=\"\",\"\",INDIRECT(\"'MRO Certificate Printing'!F\"&((ROW()-2)*4)+2))","v":""},{"$f":"IF(INDIRECT(\"'MRO Certificate Printing'!B\"&((ROW()-2)*4)+2)=\"\",\"\",INDIRECT(\"'MRO Certificate Printing'!B\"&((ROW()-2)*4)+2))","v":""},{"$f":"IF(INDIRECT(\"'MRO Certificate Printing'!G\"&((ROW()-2)*4)+2)=\"\",\"\",INDIRECT(\"'MRO Certificate Printing'!G\"&((ROW()-2)*4)+2))","v":""},{"$f":"IF(INDIRECT(\"'MRO Certificate Printing'!J\"&((ROW()-2)*4)+2)=\"\",\"\",INDIRECT(\"'MRO Certificate Printing'!J\"&((ROW()-2)*4)+2))","v":""},{"$f":"IF(INDIRECT(\"'MRO Certificate Printing'!I\"&((ROW()-2)*4)+2)=\"\",\"\",INDIRECT(\"'MRO Certificate Printing'!I\"&((ROW()-2)*4)+2))","v":""},{"$f":"IF(INDIRECT(\"'MRO Certificate Printing'!K\"&((ROW()-2)*4)+2)=\"\",\"\",INDIRECT(\"'MRO Certificate Printing'!K\"&((ROW()-2)*4)+2))","v":""},null,{"$f":"IF(INDIRECT(\"'MRO Certificate Printing'!D\"&((ROW()-2)*4)+3)=\"\",\"\",INDIRECT(\"'MRO Certificate Printing'!D\"&((ROW()-2)*4)+3))","v":""},{"$f":"IF(INDIRECT(\"'MRO Certificate Printing'!E\"&((ROW()-2)*4)+3)=\"\",\"\",INDIRECT(\"'MRO Certificate Printing'!E\"&((ROW()-2)*4)+3))","v":""},{"$f":"IF(INDIRECT(\"'MRO Certificate Printing'!F\"&((ROW()-2)*4)+3)=\"\",\"\",INDIRECT(\"'MRO Certificate Printing'!F\"&((ROW()-2)*4)+3))","v":""},{"$f":"IF(INDIRECT(\"'MRO Certificate Printing'!B\"&((ROW()-2)*4)+3)=\"\",\"\",INDIRECT(\"'MRO Certificate Printing'!B\"&((ROW()-2)*4)+3))","v":""},{"$f":"IF(INDIRECT(\"'MRO Certificate Printing'!G\"&((ROW()-2)*4)+3)=\"\",\"\",INDIRECT(\"'MRO Certificate Printing'!G\"&((ROW()-2)*4)+3))","v":""},{"$f":"IF(INDIRECT(\"'MRO Certificate Printing'!J\"&((ROW()-2)*4)+3)=\"\",\"\",INDIRECT(\"'MRO Certificate Printing'!J\"&((ROW()-2)*4)+3))","v":""},{"$f":"IF(INDIRECT(\"'MRO Certificate Printing'!I\"&((ROW()-2)*4)+3)=\"\",\"\",INDIRECT(\"'MRO Certificate Printing'!I\"&((ROW()-2)*4)+3))","v":""},{"$f":"IF(INDIRECT(\"'MRO Certificate Printing'!K\"&((ROW()-2)*4)+3)=\"\",\"\",INDIRECT(\"'MRO Certificate Printing'!K\"&((ROW()-2)*4)+3))","v":""},null,{"$f":"IF(INDIRECT(\"'MRO Certificate Printing'!D\"&((ROW()-2)*4)+4)=\"\",\"\",INDIRECT(\"'MRO Certificate Printing'!D\"&((ROW()-2)*4)+4))","v":""},{"$f":"IF(INDIRECT(\"'MRO Certificate Printing'!E\"&((ROW()-2)*4)+4)=\"\",\"\",INDIRECT(\"'MRO Certificate Printing'!E\"&((ROW()-2)*4)+4))","v":""},{"$f":"IF(INDIRECT(\"'MRO Certificate Printing'!F\"&((ROW()-2)*4)+4)=\"\",\"\",INDIRECT(\"'MRO Certificate Printing'!F\"&((ROW()-2)*4)+4))","v":""},{"$f":"IF(INDIRECT(\"'MRO Certificate Printing'!B\"&((ROW()-2)*4)+4)=\"\",\"\",INDIRECT(\"'MRO Certificate Printing'!B\"&((ROW()-2)*4)+4))","v":""},{"$f":"IF(INDIRECT(\"'MRO Certificate Printing'!G\"&((ROW()-2)*4)+4)=\"\",\"\",INDIRECT(\"'MRO Certificate Printing'!G\"&((ROW()-2)*4)+4))","v":""},{"$f":"IF(INDIRECT(\"'MRO Certificate Printing'!J\"&((ROW()-2)*4)+4)=\"\",\"\",INDIRECT(\"'MRO Certificate Printing'!J\"&((ROW()-2)*4)+4))","v":""},{"$f":"IF(INDIRECT(\"'MRO Certificate Printing'!I\"&((ROW()-2)*4)+4)=\"\",\"\",INDIRECT(\"'MRO Certificate Printing'!I\"&((ROW()-2)*4)+4))","v":""},{"$f":"IF(INDIRECT(\"'MRO Certificate Printing'!K\"&((ROW()-2)*4)+4)=\"\",\"\",INDIRECT(\"'MRO Certificate Printing'!K\"&((ROW()-2)*4)+4))","v":""},null,{"$f":"IF(INDIRECT(\"'MRO Certificate Printing'!D\"&((ROW()-2)*4)+5)=\"\",\"\",INDIRECT(\"'MRO Certificate Printing'!D\"&((ROW()-2)*4)+5))","v":""},{"$f":"IF(INDIRECT(\"'MRO Certificate Printing'!E\"&((ROW()-2)*4)+5)=\"\",\"\",INDIRECT(\"'MRO Certificate Printing'!E\"&((ROW()-2)*4)+5))","v":""},{"$f":"IF(INDIRECT(\"'MRO Certificate Printing'!F\"&((ROW()-2)*4)+5)=\"\",\"\",INDIRECT(\"'MRO Certificate Printing'!F\"&((ROW()-2)*4)+5))","v":""},{"$f":"IF(INDIRECT(\"'MRO Certificate Printing'!B\"&((ROW()-2)*4)+5)=\"\",\"\",INDIRECT(\"'MRO Certificate Printing'!B\"&((ROW()-2)*4)+5))","v":""},{"$f":"IF(INDIRECT(\"'MRO Certificate Printing'!G\"&((ROW()-2)*4)+5)=\"\",\"\",INDIRECT(\"'MRO Certificate Printing'!G\"&((ROW()-2)*4)+5))","v":""},{"$f":"IF(INDIRECT(\"'MRO Certificate Printing'!J\"&((ROW()-2)*4)+5)=\"\",\"\",INDIRECT(\"'MRO Certificate Printing'!J\"&((ROW()-2)*4)+5))","v":""},{"$f":"IF(INDIRECT(\"'MRO Certificate Printing'!I\"&((ROW()-2)*4)+5)=\"\",\"\",INDIRECT(\"'MRO Certificate Printing'!I\"&((ROW()-2)*4)+5))","v":""},{"$f":"IF(INDIRECT(\"'MRO Certificate Printing'!K\"&((ROW()-2)*4)+5)=\"\",\"\",INDIRECT(\"'MRO Certificate Printing'!K\"&((ROW()-2)*4)+5))","v":""}]
["",{"$f":"IF(INDIRECT(\"'MRO Certificate Printing'!D\"&((ROW()-2)*4)+2)=\"\",\"\",INDIRECT(\"'MRO Certificate Printing'!D\"&((ROW()-2)*4)+2))","v":""},{"$f":"IF(INDIRECT(\"'MRO Certificate Printing'!E\"&((ROW()-2)*4)+2)=\"\",\"\",INDIRECT(\"'MRO Certificate Printing'!E\"&((ROW()-2)*4)+2))","v":""},{"$f":"IF(INDIRECT(\"'MRO Certificate Printing'!F\"&((ROW()-2)*4)+2)=\"\",\"\",INDIRECT(\"'MRO Certificate Printing'!F\"&((ROW()-2)*4)+2))","v":""},{"$f":"IF(INDIRECT(\"'MRO Certificate Printing'!B\"&((ROW()-2)*4)+2)=\"\",\"\",INDIRECT(\"'MRO Certificate Printing'!B\"&((ROW()-2)*4)+2))","v":""},{"$f":"IF(INDIRECT(\"'MRO Certificate Printing'!G\"&((ROW()-2)*4)+2)=\"\",\"\",INDIRECT(\"'MRO Certificate Printing'!G\"&((ROW()-2)*4)+2))","v":""},{"$f":"IF(INDIRECT(\"'MRO Certificate Printing'!J\"&((ROW()-2)*4)+2)=\"\",\"\",INDIRECT(\"'MRO Certificate Printing'!J\"&((ROW()-2)*4)+2))","v":""},{"$f":"IF(INDIRECT(\"'MRO Certificate Printing'!I\"&((ROW()-2)*4)+2)=\"\",\"\",INDIRECT(\"'MRO Certificate Printing'!I\"&((ROW()-2)*4)+2))","v":""},{"$f":"IF(INDIRECT(\"'MRO Certificate Printing'!K\"&((ROW()-2)*4)+2)=\"\",\"\",INDIRECT(\"'MRO Certificate Printing'!K\"&((ROW()-2)*4)+2))","v":""},null,{"$f":"IF(INDIRECT(\"'MRO Certificate Printing'!D\"&((ROW()-2)*4)+3)=\"\",\"\",INDIRECT(\"'MRO Certificate Printing'!D\"&((ROW()-2)*4)+3))","v":""},{"$f":"IF(INDIRECT(\"'MRO Certificate Printing'!E\"&((ROW()-2)*4)+3)=\"\",\"\",INDIRECT(\"'MRO Certificate Printing'!E\"&((ROW()-2)*4)+3))","v":""},{"$f":"IF(INDIRECT(\"'MRO Certificate Printing'!F\"&((ROW()-2)*4)+3)=\"\",\"\",INDIRECT(\"'MRO Certificate Printing'!F\"&((ROW()-2)*4)+3))","v":""},{"$f":"IF(INDIRECT(\"'MRO Certificate Printing'!B\"&((ROW()-2)*4)+3)=\"\",\"\",INDIRECT(\"'MRO Certificate Printing'!B\"&((ROW()-2)*4)+3))","v":""},{"$f":"IF(INDIRECT(\"'MRO Certificate Printing'!G\"&((ROW()-2)*4)+3)=\"\",\"\",INDIRECT(\"'MRO Certificate Printing'!G\"&((ROW()-2)*4)+3))","v":""},{"$f":"IF(INDIRECT(\"'MRO Certificate Printing'!J\"&((ROW()-2)*4)+3)=\"\",\"\",INDIRECT(\"'MRO Certificate Printing'!J\"&((ROW()-2)*4)+3))","v":""},{"$f":"IF(INDIRECT(\"'MRO Certificate Printing'!I\"&((ROW()-2)*4)+3)=\"\",\"\",INDIRECT(\"'MRO Certificate Printing'!I\"&((ROW()-2)*4)+3))","v":""},{"$f":"IF(INDIRECT(\"'MRO Certificate Printing'!K\"&((ROW()-2)*4)+3)=\"\",\"\",INDIRECT(\"'MRO Certificate Printing'!K\"&((ROW()-2)*4)+3))","v":""},null,{"$f":"IF(INDIRECT(\"'MRO Certificate Printing'!D\"&((ROW()-2)*4)+4)=\"\",\"\",INDIRECT(\"'MRO Certificate Printing'!D\"&((ROW()-2)*4)+4))","v":""},{"$f":"IF(INDIRECT(\"'MRO Certificate Printing'!E\"&((ROW()-2)*4)+4)=\"\",\"\",INDIRECT(\"'MRO Certificate Printing'!E\"&((ROW()-2)*4)+4))","v":""},{"$f":"IF(INDIRECT(\"'MRO Certificate Printing'!F\"&((ROW()-2)*4)+4)=\"\",\"\",INDIRECT(\"'MRO Certificate Printing'!F\"&((ROW()-2)*4)+4))","v":""},{"$f":"IF(INDIRECT(\"'MRO Certificate Printing'!B\"&((ROW()-2)*4)+4)=\"\",\"\",INDIRECT(\"'MRO Certificate Printing'!B\"&((ROW()-2)*4)+4))","v":""},{"$f":"IF(INDIRECT(\"'MRO Certificate Printing'!G\"&((ROW()-2)*4)+4)=\"\",\"\",INDIRECT(\"'MRO Certificate Printing'!G\"&((ROW()-2)*4)+4))","v":""},{"$f":"IF(INDIRECT(\"'MRO Certificate Printing'!J\"&((ROW()-2)*4)+4)=\"\",\"\",INDIRECT(\"'MRO Certificate Printing'!J\"&((ROW()-2)*4)+4))","v":""},{"$f":"IF(INDIRECT(\"'MRO Certificate Printing'!I\"&((ROW()-2)*4)+4)=\"\",\"\",INDIRECT(\"'MRO Certificate Printing'!I\"&((ROW()-2)*4)+4))","v":""},{"$f":"IF(INDIRECT(\"'MRO Certificate Printing'!K\"&((ROW()-2)*4)+4)=\"\",\"\",INDIRECT(\"'MRO Certificate Printing'!K\"&((ROW()-2)*4)+4))","v":""},null,{"$f":"IF(INDIRECT(\"'MRO Certificate Printing'!D\"&((ROW()-2)*4)+5)=\"\",\"\",INDIRECT(\"'MRO Certificate Printing'!D\"&((ROW()-2)*4)+5))","v":""},{"$f":"IF(INDIRECT(\"'MRO Certificate Printing'!E\"&((ROW()-2)*4)+5)=\"\",\"\",INDIRECT(\"'MRO Certificate Printing'!E\"&((ROW()-2)*4)+5))","v":""},{"$f":"IF(INDIRECT(\"'MRO Certificate Printing'!F\"&((ROW()-2)*4)+5)=\"\",\"\",INDIRECT(\"'MRO Certificate Printing'!F\"&((ROW()-2)*4)+5))","v":""},{"$f":"IF(INDIRECT(\"'MRO Certificate Printing'!B\"&((ROW()-2)*4)+5)=\"\",\"\",INDIRECT(\"'MRO Certificate Printing'!B\"&((ROW()-2)*4)+5))","v":""},{"$f":"IF(INDIRECT(\"'MRO Certificate Printing'!G\"&((ROW()-2)*4)+5)=\"\",\"\",INDIRECT(\"'MRO Certificate Printing'!G\"&((ROW()-2)*4)+5))","v":""},{"$f":"IF(INDIRECT(\"'MRO Certificate Printing'!J\"&((ROW()-2)*4)+5)=\"\",\"\",INDIRECT(\"'MRO Certificate Printing'!J\"&((ROW()-2)*4)+5))","v":""},{"$f":"IF(INDIRECT(\"'MRO Certificate Printing'!I\"&((ROW()-2)*4)+5)=\"\",\"\",INDIRECT(\"'MRO Certificate Printing'!I\"&((ROW()-2)*4)+5))","v":""},{"$f":"IF(INDIRECT(\"'MRO Certificate Printing'!K\"&((ROW()-2)*4)+5)=\"\",\"\",INDIRECT(\"'MRO Certificate Printing'!K\"&((ROW()-2)*4)+5))","v":""}]
["",{"$f":"IF(INDIRECT(\"'MRO Certificate Printing'!D\"&((ROW()-2)*4)+2)=\"\",\"\",INDIRECT(\"'MRO Certificate Printing'!D\"&((ROW()-2)*4)+2))","v":""},{"$f":"IF(INDIRECT(\"'MRO Certificate Printing'!E\"&((ROW()-2)*4)+2)=\"\",\"\",INDIRECT(\"'MRO Certificate Printing'!E\"&((ROW()-2)*4)+2))","v":""},{"$f":"IF(INDIRECT(\"'MRO Certificate Printing'!F\"&((ROW()-2)*4)+2)=\"\",\"\",INDIRECT(\"'MRO Certificate Printing'!F\"&((ROW()-2)*4)+2))","v":""},{"$f":"IF(INDIRECT(\"'MRO Certificate Printing'!B\"&((ROW()-2)*4)+2)=\"\",\"\",INDIRECT(\"'MRO Certificate Printing'!B\"&((ROW()-2)*4)+2))","v":""},{"$f":"IF(INDIRECT(\"'MRO Certificate Printing'!G\"&((ROW()-2)*4)+2)=\"\",\"\",INDIRECT(\"'MRO Certificate Printing'!G\"&((ROW()-2)*4)+2))","v":""},{"$f":"IF(INDIRECT(\"'MRO Certificate Printing'!J\"&((ROW()-2)*4)+2)=\"\",\"\",INDIRECT(\"'MRO Certificate Printing'!J\"&((ROW()-2)*4)+2))","v":""},{"$f":"IF(INDIRECT(\"'MRO Certificate Printing'!I\"&((ROW()-2)*4)+2)=\"\",\"\",INDIRECT(\"'MRO Certificate Printing'!I\"&((ROW()-2)*4)+2))","v":""},{"$f":"IF(INDIRECT(\"'MRO Certificate Printing'!K\"&((ROW()-2)*4)+2)=\"\",\"\",INDIRECT(\"'MRO Certificate Printing'!K\"&((ROW()-2)*4)+2))","v":""},null,{"$f":"IF(INDIRECT(\"'MRO Certificate Printing'!D\"&((ROW()-2)*4)+3)=\"\",\"\",INDIRECT(\"'MRO Certificate Printing'!D\"&((ROW()-2)*4)+3))","v":""},{"$f":"IF(INDIRECT(\"'MRO Certificate Printing'!E\"&((ROW()-2)*4)+3)=\"\",\"\",INDIRECT(\"'MRO Certificate Printing'!E\"&((ROW()-2)*4)+3))","v":""},{"$f":"IF(INDIRECT(\"'MRO Certificate Printing'!F\"&((ROW()-2)*4)+3)=\"\",\"\",INDIRECT(\"'MRO Certificate Printing'!F\"&((ROW()-2)*4)+3))","v":""},{"$f":"IF(INDIRECT(\"'MRO Certificate Printing'!B\"&((ROW()-2)*4)+3)=\"\",\"\",INDIRECT(\"'MRO Certificate Printing'!B\"&((ROW()-2)*4)+3))","v":""},{"$f":"IF(INDIRECT(\"'MRO Certificate Printing'!G\"&((ROW()-2)*4)+3)=\"\",\"\",INDIRECT(\"'MRO Certificate Printing'!G\"&((ROW()-2)*4)+3))","v":""},{"$f":"IF(INDIRECT(\"'MRO Certificate Printing'!J\"&((ROW()-2)*4)+3)=\"\",\"\",INDIRECT(\"'MRO Certificate Printing'!J\"&((ROW()-2)*4)+3))","v":""},{"$f":"IF(INDIRECT(\"'MRO Certificate Printing'!I\"&((ROW()-2)*4)+3)=\"\",\"\",INDIRECT(\"'MRO Certificate Printing'!I\"&((ROW()-2)*4)+3))","v":""},{"$f":"IF(INDIRECT(\"'MRO Certificate Printing'!K\"&((ROW()-2)*4)+3)=\"\",\"\",INDIRECT(\"'MRO Certificate Printing'!K\"&((ROW()-2)*4)+3))","v":""},null,{"$f":"IF(INDIRECT(\"'MRO Certificate Printing'!D\"&((ROW()-2)*4)+4)=\"\",\"\",INDIRECT(\"'MRO Certificate Printing'!D\"&((ROW()-2)*4)+4))","v":""},{"$f":"IF(INDIRECT(\"'MRO Certificate Printing'!E\"&((ROW()-2)*4)+4)=\"\",\"\",INDIRECT(\"'MRO Certificate Printing'!E\"&((ROW()-2)*4)+4))","v":""},{"$f":"IF(INDIRECT(\"'MRO Certificate Printing'!F\"&((ROW()-2)*4)+4)=\"\",\"\",INDIRECT(\"'MRO Certificate Printing'!F\"&((ROW()-2)*4)+4))","v":""},{"$f":"IF(INDIRECT(\"'MRO Certificate Printing'!B\"&((ROW()-2)*4)+4)=\"\",\"\",INDIRECT(\"'MRO Certificate Printing'!B\"&((ROW()-2)*4)+4))","v":""},{"$f":"IF(INDIRECT(\"'MRO Certificate Printing'!G\"&((ROW()-2)*4)+4)=\"\",\"\",INDIRECT(\"'MRO Certificate Printing'!G\"&((ROW()-2)*4)+4))","v":""},{"$f":"IF(INDIRECT(\"'MRO Certificate Printing'!J\"&((ROW()-2)*4)+4)=\"\",\"\",INDIRECT(\"'MRO Certificate Printing'!J\"&((ROW()-2)*4)+4))","v":""},{"$f":"IF(INDIRECT(\"'MRO Certificate Printing'!I\"&((ROW()-2)*4)+4)=\"\",\"\",INDIRECT(\"'MRO Certificate Printing'!I\"&((ROW()-2)*4)+4))","v":""},{"$f":"IF(INDIRECT(\"'MRO Certificate Printing'!K\"&((ROW()-2)*4)+4)=\"\",\"\",INDIRECT(\"'MRO Certificate Printing'!K\"&((ROW()-2)*4)+4))","v":""},null,{"$f":"IF(INDIRECT(\"'MRO Certificate Printing'!D\"&((ROW()-2)*4)+5)=\"\",\"\",INDIRECT(\"'MRO Certificate Printing'!D\"&((ROW()-2)*4)+5))","v":""},{"$f":"IF(INDIRECT(\"'MRO Certificate Printing'!E\"&((ROW()-2)*4)+5)=\"\",\"\",INDIRECT(\"'MRO Certificate Printing'!E\"&((ROW()-2)*4)+5))","v":""},{"$f":"IF(INDIRECT(\"'MRO Certificate Printing'!F\"&((ROW()-2)*4)+5)=\"\",\"\",INDIRECT(\"'MRO Certificate Printing'!F\"&((ROW()-2)*4)+5))","v":""},{"$f":"IF(INDIRECT(\"'MRO Certificate Printing'!B\"&((ROW()-2)*4)+5)=\"\",\"\",INDIRECT(\"'MRO Certificate Printing'!B\"&((ROW()-2)*4)+5))","v":""},{"$f":"IF(INDIRECT(\"'MRO Certificate Printing'!G\"&((ROW()-2)*4)+5)=\"\",\"\",INDIRECT(\"'MRO Certificate Printing'!G\"&((ROW()-2)*4)+5))","v":""},{"$f":"IF(INDIRECT(\"'MRO Certificate Printing'!J\"&((ROW()-2)*4)+5)=\"\",\"\",INDIRECT(\"'MRO Certificate Printing'!J\"&((ROW()-2)*4)+5))","v":""},{"$f":"IF(INDIRECT(\"'MRO Certificate Printing'!I\"&((ROW()-2)*4)+5)=\"\",\"\",INDIRECT(\"'MRO Certificate Printing'!I\"&((ROW()-2)*4)+5))","v":""},{"$f":"IF(INDIRECT(\"'MRO Certificate Printing'!K\"&((ROW()-2)*4)+5)=\"\",\"\",INDIRECT(\"'MRO Certificate Printing'!K\"&((ROW()-2)*4)+5))","v":""}]
["",{"$f":"IF(INDIRECT(\"'MRO Certificate Printing'!D\"&((ROW()-2)*4)+2)=\"\",\"\",INDIRECT(\"'MRO Certificate Printing'!D\"&((ROW()-2)*4)+2))","v":""},{"$f":"IF(INDIRECT(\"'MRO Certificate Printing'!E\"&((ROW()-2)*4)+2)=\"\",\"\",INDIRECT(\"'MRO Certificate Printing'!E\"&((ROW()-2)*4)+2))","v":""},{"$f":"IF(INDIRECT(\"'MRO Certificate Printing'!F\"&((ROW()-2)*4)+2)=\"\",\"\",INDIRECT(\"'MRO Certificate Printing'!F\"&((ROW()-2)*4)+2))","v":""},{"$f":"IF(INDIRECT(\"'MRO Certificate Printing'!B\"&((ROW()-2)*4)+2)=\"\",\"\",INDIRECT(\"'MRO Certificate Printing'!B\"&((ROW()-2)*4)+2))","v":""},{"$f":"IF(INDIRECT(\"'MRO Certificate Printing'!G\"&((ROW()-2)*4)+2)=\"\",\"\",INDIRECT(\"'MRO Certificate Printing'!G\"&((ROW()-2)*4)+2))","v":""},{"$f":"IF(INDIRECT(\"'MRO Certificate Printing'!J\"&((ROW()-2)*4)+2)=\"\",\"\",INDIRECT(\"'MRO Certificate Printing'!J\"&((ROW()-2)*4)+2))","v":""},{"$f":"IF(INDIRECT(\"'MRO Certificate Printing'!I\"&((ROW()-2)*4)+2)=\"\",\"\",INDIRECT(\"'MRO Certificate Printing'!I\"&((ROW()-2)*4)+2))","v":""},{"$f":"IF(INDIRECT(\"'MRO Certificate Printing'!K\"&((ROW()-2)*4)+2)=\"\",\"\",INDIRECT(\"'MRO Certificate Printing'!K\"&((ROW()-2)*4)+2))","v":""},null,{"$f":"IF(INDIRECT(\"'MRO Certificate Printing'!D\"&((ROW()-2)*4)+3)=\"\",\"\",INDIRECT(\"'MRO Certificate Printing'!D\"&((ROW()-2)*4)+3))","v":""},{"$f":"IF(INDIRECT(\"'MRO Certificate Printing'!E\"&((ROW()-2)*4)+3)=\"\",\"\",INDIRECT(\"'MRO Certificate Printing'!E\"&((ROW()-2)*4)+3))","v":""},{"$f":"IF(INDIRECT(\"'MRO Certificate Printing'!F\"&((ROW()-2)*4)+3)=\"\",\"\",INDIRECT(\"'MRO Certificate Printing'!F\"&((ROW()-2)*4)+3))","v":""},{"$f":"IF(INDIRECT(\"'MRO Certificate Printing'!B\"&((ROW()-2)*4)+3)=\"\",\"\",INDIRECT(\"'MRO Certificate Printing'!B\"&((ROW()-2)*4)+3))","v":""},{"$f":"IF(INDIRECT(\"'MRO Certificate Printing'!G\"&((ROW()-2)*4)+3)=\"\",\"\",INDIRECT(\"'MRO Certificate Printing'!G\"&((ROW()-2)*4)+3))","v":""},{"$f":"IF(INDIRECT(\"'MRO Certificate Printing'!J\"&((ROW()-2)*4)+3)=\"\",\"\",INDIRECT(\"'MRO Certificate Printing'!J\"&((ROW()-2)*4)+3))","v":""},{"$f":"IF(INDIRECT(\"'MRO Certificate Printing'!I\"&((ROW()-2)*4)+3)=\"\",\"\",INDIRECT(\"'MRO Certificate Printing'!I\"&((ROW()-2)*4)+3))","v":""},{"$f":"IF(INDIRECT(\"'MRO Certificate Printing'!K\"&((ROW()-2)*4)+3)=\"\",\"\",INDIRECT(\"'MRO Certificate Printing'!K\"&((ROW()-2)*4)+3))","v":""},null,{"$f":"IF(INDIRECT(\"'MRO Certificate Printing'!D\"&((ROW()-2)*4)+4)=\"\",\"\",INDIRECT(\"'MRO Certificate Printing'!D\"&((ROW()-2)*4)+4))","v":""},{"$f":"IF(INDIRECT(\"'MRO Certificate Printing'!E\"&((ROW()-2)*4)+4)=\"\",\"\",INDIRECT(\"'MRO Certificate Printing'!E\"&((ROW()-2)*4)+4))","v":""},{"$f":"IF(INDIRECT(\"'MRO Certificate Printing'!F\"&((ROW()-2)*4)+4)=\"\",\"\",INDIRECT(\"'MRO Certificate Printing'!F\"&((ROW()-2)*4)+4))","v":""},{"$f":"IF(INDIRECT(\"'MRO Certificate Printing'!B\"&((ROW()-2)*4)+4)=\"\",\"\",INDIRECT(\"'MRO Certificate Printing'!B\"&((ROW()-2)*4)+4))","v":""},{"$f":"IF(INDIRECT(\"'MRO Certificate Printing'!G\"&((ROW()-2)*4)+4)=\"\",\"\",INDIRECT(\"'MRO Certificate Printing'!G\"&((ROW()-2)*4)+4))","v":""},{"$f":"IF(INDIRECT(\"'MRO Certificate Printing'!J\"&((ROW()-2)*4)+4)=\"\",\"\",INDIRECT(\"'MRO Certificate Printing'!J\"&((ROW()-2)*4)+4))","v":""},{"$f":"IF(INDIRECT(\"'MRO Certificate Printing'!I\"&((ROW()-2)*4)+4)=\"\",\"\",INDIRECT(\"'MRO Certificate Printing'!I\"&((ROW()-2)*4)+4))","v":""},{"$f":"IF(INDIRECT(\"'MRO Certificate Printing'!K\"&((ROW()-2)*4)+4)=\"\",\"\",INDIRECT(\"'MRO Certificate Printing'!K\"&((ROW()-2)*4)+4))","v":""},null,{"$f":"IF(INDIRECT(\"'MRO Certificate Printing'!D\"&((ROW()-2)*4)+5)=\"\",\"\",INDIRECT(\"'MRO Certificate Printing'!D\"&((ROW()-2)*4)+5))","v":""},{"$f":"IF(INDIRECT(\"'MRO Certificate Printing'!E\"&((ROW()-2)*4)+5)=\"\",\"\",INDIRECT(\"'MRO Certificate Printing'!E\"&((ROW()-2)*4)+5))","v":""},{"$f":"IF(INDIRECT(\"'MRO Certificate Printing'!F\"&((ROW()-2)*4)+5)=\"\",\"\",INDIRECT(\"'MRO Certificate Printing'!F\"&((ROW()-2)*4)+5))","v":""},{"$f":"IF(INDIRECT(\"'MRO Certificate Printing'!B\"&((ROW()-2)*4)+5)=\"\",\"\",INDIRECT(\"'MRO Certificate Printing'!B\"&((ROW()-2)*4)+5))","v":""},{"$f":"IF(INDIRECT(\"'MRO Certificate Printing'!G\"&((ROW()-2)*4)+5)=\"\",\"\",INDIRECT(\"'MRO Certificate Printing'!G\"&((ROW()-2)*4)+5))","v":""},{"$f":"IF(INDIRECT(\"'MRO Certificate Printing'!J\"&((ROW()-2)*4)+5)=\"\",\"\",INDIRECT(\"'MRO Certificate Printing'!J\"&((ROW()-2)*4)+5))","v":""},{"$f":"IF(INDIRECT(\"'MRO Certificate Printing'!I\"&((ROW()-2)*4)+5)=\"\",\"\",INDIRECT(\"'MRO Certificate Printing'!I\"&((ROW()-2)*4)+5))","v":""},{"$f":"IF(INDIRECT(\"'MRO Certificate Printing'!K\"&((ROW()-2)*4)+5)=\"\",\"\",INDIRECT(\"'MRO Certificate Printing'!K\"&((ROW()-2)*4)+5))","v":""}]
["",{"$f":"IF(INDIRECT(\"'MRO Certificate Printing'!D\"&((ROW()-2)*4)+2)=\"\",\"\",INDIRECT(\"'MRO Certificate Printing'!D\"&((ROW()-2)*4)+2))","v":""},{"$f":"IF(INDIRECT(\"'MRO Certificate Printing'!E\"&((ROW()-2)*4)+2)=\"\",\"\",INDIRECT(\"'MRO Certificate Printing'!E\"&((ROW()-2)*4)+2))","v":""},{"$f":"IF(INDIRECT(\"'MRO Certificate Printing'!F\"&((ROW()-2)*4)+2)=\"\",\"\",INDIRECT(\"'MRO Certificate Printing'!F\"&((ROW()-2)*4)+2))","v":""},{"$f":"IF(INDIRECT(\"'MRO Certificate Printing'!B\"&((ROW()-2)*4)+2)=\"\",\"\",INDIRECT(\"'MRO Certificate Printing'!B\"&((ROW()-2)*4)+2))","v":""},{"$f":"IF(INDIRECT(\"'MRO Certificate Printing'!G\"&((ROW()-2)*4)+2)=\"\",\"\",INDIRECT(\"'MRO Certificate Printing'!G\"&((ROW()-2)*4)+2))","v":""},{"$f":"IF(INDIRECT(\"'MRO Certificate Printing'!J\"&((ROW()-2)*4)+2)=\"\",\"\",INDIRECT(\"'MRO Certificate Printing'!J\"&((ROW()-2)*4)+2))","v":""},{"$f":"IF(INDIRECT(\"'MRO Certificate Printing'!I\"&((ROW()-2)*4)+2)=\"\",\"\",INDIRECT(\"'MRO Certificate Printing'!I\"&((ROW()-2)*4)+2))","v":""},{"$f":"IF(INDIRECT(\"'MRO Certificate Printing'!K\"&((ROW()-2)*4)+2)=\"\",\"\",INDIRECT(\"'MRO Certificate Printing'!K\"&((ROW()-2)*4)+2))","v":""},null,{"$f":"IF(INDIRECT(\"'MRO Certificate Printing'!D\"&((ROW()-2)*4)+3)=\"\",\"\",INDIRECT(\"'MRO Certificate Printing'!D\"&((ROW()-2)*4)+3))","v":""},{"$f":"IF(INDIRECT(\"'MRO Certificate Printing'!E\"&((ROW()-2)*4)+3)=\"\",\"\",INDIRECT(\"'MRO Certificate Printing'!E\"&((ROW()-2)*4)+3))","v":""},{"$f":"IF(INDIRECT(\"'MRO Certificate Printing'!F\"&((ROW()-2)*4)+3)=\"\",\"\",INDIRECT(\"'MRO Certificate Printing'!F\"&((ROW()-2)*4)+3))","v":""},{"$f":"IF(INDIRECT(\"'MRO Certificate Printing'!B\"&((ROW()-2)*4)+3)=\"\",\"\",INDIRECT(\"'MRO Certificate Printing'!B\"&((ROW()-2)*4)+3))","v":""},{"$f":"IF(INDIRECT(\"'MRO Certificate Printing'!G\"&((ROW()-2)*4)+3)=\"\",\"\",INDIRECT(\"'MRO Certificate Printing'!G\"&((ROW()-2)*4)+3))","v":""},{"$f":"IF(INDIRECT(\"'MRO Certificate Printing'!J\"&((ROW()-2)*4)+3)=\"\",\"\",INDIRECT(\"'MRO Certificate Printing'!J\"&((ROW()-2)*4)+3))","v":""},{"$f":"IF(INDIRECT(\"'MRO Certificate Printing'!I\"&((ROW()-2)*4)+3)=\"\",\"\",INDIRECT(\"'MRO Certificate Printing'!I\"&((ROW()-2)*4)+3))","v":""},{"$f":"IF(INDIRECT(\"'MRO Certificate Printing'!K\"&((ROW()-2)*4)+3)=\"\",\"\",INDIRECT(\"'MRO Certificate Printing'!K\"&((ROW()-2)*4)+3))","v":""},null,{"$f":"IF(INDIRECT(\"'MRO Certificate Printing'!D\"&((ROW()-2)*4)+4)=\"\",\"\",INDIRECT(\"'MRO Certificate Printing'!D\"&((ROW()-2)*4)+4))","v":""},{"$f":"IF(INDIRECT(\"'MRO Certificate Printing'!E\"&((ROW()-2)*4)+4)=\"\",\"\",INDIRECT(\"'MRO Certificate Printing'!E\"&((ROW()-2)*4)+4))","v":""},{"$f":"IF(INDIRECT(\"'MRO Certificate Printing'!F\"&((ROW()-2)*4)+4)=\"\",\"\",INDIRECT(\"'MRO Certificate Printing'!F\"&((ROW()-2)*4)+4))","v":""},{"$f":"IF(INDIRECT(\"'MRO Certificate Printing'!B\"&((ROW()-2)*4)+4)=\"\",\"\",INDIRECT(\"'MRO Certificate Printing'!B\"&((ROW()-2)*4)+4))","v":""},{"$f":"IF(INDIRECT(\"'MRO Certificate Printing'!G\"&((ROW()-2)*4)+4)=\"\",\"\",INDIRECT(\"'MRO Certificate Printing'!G\"&((ROW()-2)*4)+4))","v":""},{"$f":"IF(INDIRECT(\"'MRO Certificate Printing'!J\"&((ROW()-2)*4)+4)=\"\",\"\",INDIRECT(\"'MRO Certificate Printing'!J\"&((ROW()-2)*4)+4))","v":""},{"$f":"IF(INDIRECT(\"'MRO Certificate Printing'!I\"&((ROW()-2)*4)+4)=\"\",\"\",INDIRECT(\"'MRO Certificate Printing'!I\"&((ROW()-2)*4)+4))","v":""},{"$f":"IF(INDIRECT(\"'MRO Certificate Printing'!K\"&((ROW()-2)*4)+4)=\"\",\"\",INDIRECT(\"'MRO Certificate Printing'!K\"&((ROW()-2)*4)+4))","v":""},null,{"$f":"IF(INDIRECT(\"'MRO Certificate Printing'!D\"&((ROW()-2)*4)+5)=\"\",\"\",INDIRECT(\"'MRO Certificate Printing'!D\"&((ROW()-2)*4)+5))","v":""},{"$f":"IF(INDIRECT(\"'MRO Certificate Printing'!E\"&((ROW()-2)*4)+5)=\"\",\"\",INDIRECT(\"'MRO Certificate Printing'!E\"&((ROW()-2)*4)+5))","v":""},{"$f":"IF(INDIRECT(\"'MRO Certificate Printing'!F\"&((ROW()-2)*4)+5)=\"\",\"\",INDIRECT(\"'MRO Certificate Printing'!F\"&((ROW()-2)*4)+5))","v":""},{"$f":"IF(INDIRECT(\"'MRO Certificate Printing'!B\"&((ROW()-2)*4)+5)=\"\",\"\",INDIRECT(\"'MRO Certificate Printing'!B\"&((ROW()-2)*4)+5))","v":""},{"$f":"IF(INDIRECT(\"'MRO Certificate Printing'!G\"&((ROW()-2)*4)+5)=\"\",\"\",INDIRECT(\"'MRO Certificate Printing'!G\"&((ROW()-2)*4)+5))","v":""},{"$f":"IF(INDIRECT(\"'MRO Certificate Printing'!J\"&((ROW()-2)*4)+5)=\"\",\"\",INDIRECT(\"'MRO Certificate Printing'!J\"&((ROW()-2)*4)+5))","v":""},{"$f":"IF(INDIRECT(\"'MRO Certificate Printing'!I\"&((ROW()-2)*4)+5)=\"\",\"\",INDIRECT(\"'MRO Certificate Printing'!I\"&((ROW()-2)*4)+5))","v":""},{"$f":"IF(INDIRECT(\"'MRO Certificate Printing'!K\"&((ROW()-2)*4)+5)=\"\",\"\",INDIRECT(\"'MRO Certificate Printing'!K\"&((ROW()-2)*4)+5))","v":""}]
["",{"$f":"IF(INDIRECT(\"'MRO Certificate Printing'!D\"&((ROW()-2)*4)+2)=\"\",\"\",INDIRECT(\"'MRO Certificate Printing'!D\"&((ROW()-2)*4)+2))","v":""},{"$f":"IF(INDIRECT(\"'MRO Certificate Printing'!E\"&((ROW()-2)*4)+2)=\"\",\"\",INDIRECT(\"'MRO Certificate Printing'!E\"&((ROW()-2)*4)+2))","v":""},{"$f":"IF(INDIRECT(\"'MRO Certificate Printing'!F\"&((ROW()-2)*4)+2)=\"\",\"\",INDIRECT(\"'MRO Certificate Printing'!F\"&((ROW()-2)*4)+2))","v":""},{"$f":"IF(INDIRECT(\"'MRO Certificate Printing'!B\"&((ROW()-2)*4)+2)=\"\",\"\",INDIRECT(\"'MRO Certificate Printing'!B\"&((ROW()-2)*4)+2))","v":""},{"$f":"IF(INDIRECT(\"'MRO Certificate Printing'!G\"&((ROW()-2)*4)+2)=\"\",\"\",INDIRECT(\"'MRO Certificate Printing'!G\"&((ROW()-2)*4)+2))","v":""},{"$f":"IF(INDIRECT(\"'MRO Certificate Printing'!J\"&((ROW()-2)*4)+2)=\"\",\"\",INDIRECT(\"'MRO Certificate Printing'!J\"&((ROW()-2)*4)+2))","v":""},{"$f":"IF(INDIRECT(\"'MRO Certificate Printing'!I\"&((ROW()-2)*4)+2)=\"\",\"\",INDIRECT(\"'MRO Certificate Printing'!I\"&((ROW()-2)*4)+2))","v":""},{"$f":"IF(INDIRECT(\"'MRO Certificate Printing'!K\"&((ROW()-2)*4)+2)=\"\",\"\",INDIRECT(\"'MRO Certificate Printing'!K\"&((ROW()-2)*4)+2))","v":""},null,{"$f":"IF(INDIRECT(\"'MRO Certificate Printing'!D\"&((ROW()-2)*4)+3)=\"\",\"\",INDIRECT(\"'MRO Certificate Printing'!D\"&((ROW()-2)*4)+3))","v":""},{"$f":"IF(INDIRECT(\"'MRO Certificate Printing'!E\"&((ROW()-2)*4)+3)=\"\",\"\",INDIRECT(\"'MRO Certificate Printing'!E\"&((ROW()-2)*4)+3))","v":""},{"$f":"IF(INDIRECT(\"'MRO Certificate Printing'!F\"&((ROW()-2)*4)+3)=\"\",\"\",INDIRECT(\"'MRO Certificate Printing'!F\"&((ROW()-2)*4)+3))","v":""},{"$f":"IF(INDIRECT(\"'MRO Certificate Printing'!B\"&((ROW()-2)*4)+3)=\"\",\"\",INDIRECT(\"'MRO Certificate Printing'!B\"&((ROW()-2)*4)+3))","v":""},{"$f":"IF(INDIRECT(\"'MRO Certificate Printing'!G\"&((ROW()-2)*4)+3)=\"\",\"\",INDIRECT(\"'MRO Certificate Printing'!G\"&((ROW()-2)*4)+3))","v":""},{"$f":"IF(INDIRECT(\"'MRO Certificate Printing'!J\"&((ROW()-2)*4)+3)=\"\",\"\",INDIRECT(\"'MRO Certificate Printing'!J\"&((ROW()-2)*4)+3))","v":""},{"$f":"IF(INDIRECT(\"'MRO Certificate Printing'!I\"&((ROW()-2)*4)+3)=\"\",\"\",INDIRECT(\"'MRO Certificate Printing'!I\"&((ROW()-2)*4)+3))","v":""},{"$f":"IF(INDIRECT(\"'MRO Certificate Printing'!K\"&((ROW()-2)*4)+3)=\"\",\"\",INDIRECT(\"'MRO Certificate Printing'!K\"&((ROW()-2)*4)+3))","v":""},null,{"$f":"IF(INDIRECT(\"'MRO Certificate Printing'!D\"&((ROW()-2)*4)+4)=\"\",\"\",INDIRECT(\"'MRO Certificate Printing'!D\"&((ROW()-2)*4)+4))","v":""},{"$f":"IF(INDIRECT(\"'MRO Certificate Printing'!E\"&((ROW()-2)*4)+4)=\"\",\"\",INDIRECT(\"'MRO Certificate Printing'!E\"&((ROW()-2)*4)+4))","v":""},{"$f":"IF(INDIRECT(\"'MRO Certificate Printing'!F\"&((ROW()-2)*4)+4)=\"\",\"\",INDIRECT(\"'MRO Certificate Printing'!F\"&((ROW()-2)*4)+4))","v":""},{"$f":"IF(INDIRECT(\"'MRO Certificate Printing'!B\"&((ROW()-2)*4)+4)=\"\",\"\",INDIRECT(\"'MRO Certificate Printing'!B\"&((ROW()-2)*4)+4))","v":""},{"$f":"IF(INDIRECT(\"'MRO Certificate Printing'!G\"&((ROW()-2)*4)+4)=\"\",\"\",INDIRECT(\"'MRO Certificate Printing'!G\"&((ROW()-2)*4)+4))","v":""},{"$f":"IF(INDIRECT(\"'MRO Certificate Printing'!J\"&((ROW()-2)*4)+4)=\"\",\"\",INDIRECT(\"'MRO Certificate Printing'!J\"&((ROW()-2)*4)+4))","v":""},{"$f":"IF(INDIRECT(\"'MRO Certificate Printing'!I\"&((ROW()-2)*4)+4)=\"\",\"\",INDIRECT(\"'MRO Certificate Printing'!I\"&((ROW()-2)*4)+4))","v":""},{"$f":"IF(INDIRECT(\"'MRO Certificate Printing'!K\"&((ROW()-2)*4)+4)=\"\",\"\",INDIRECT(\"'MRO Certificate Printing'!K\"&((ROW()-2)*4)+4))","v":""},null,{"$f":"IF(INDIRECT(\"'MRO Certificate Printing'!D\"&((ROW()-2)*4)+5)=\"\",\"\",INDIRECT(\"'MRO Certificate Printing'!D\"&((ROW()-2)*4)+5))","v":""},{"$f":"IF(INDIRECT(\"'MRO Certificate Printing'!E\"&((ROW()-2)*4)+5)=\"\",\"\",INDIRECT(\"'MRO Certificate Printing'!E\"&((ROW()-2)*4)+5))","v":""},{"$f":"IF(INDIRECT(\"'MRO Certificate Printing'!F\"&((ROW()-2)*4)+5)=\"\",\"\",INDIRECT(\"'MRO Certificate Printing'!F\"&((ROW()-2)*4)+5))","v":""},{"$f":"IF(INDIRECT(\"'MRO Certificate Printing'!B\"&((ROW()-2)*4)+5)=\"\",\"\",INDIRECT(\"'MRO Certificate Printing'!B\"&((ROW()-2)*4)+5))","v":""},{"$f":"IF(INDIRECT(\"'MRO Certificate Printing'!G\"&((ROW()-2)*4)+5)=\"\",\"\",INDIRECT(\"'MRO Certificate Printing'!G\"&((ROW()-2)*4)+5))","v":""},{"$f":"IF(INDIRECT(\"'MRO Certificate Printing'!J\"&((ROW()-2)*4)+5)=\"\",\"\",INDIRECT(\"'MRO Certificate Printing'!J\"&((ROW()-2)*4)+5))","v":""},{"$f":"IF(INDIRECT(\"'MRO Certificate Printing'!I\"&((ROW()-2)*4)+5)=\"\",\"\",INDIRECT(\"'MRO Certificate Printing'!I\"&((ROW()-2)*4)+5))","v":""},{"$f":"IF(INDIRECT(\"'MRO Certificate Printing'!K\"&((ROW()-2)*4)+5)=\"\",\"\",INDIRECT(\"'MRO Certificate Printing'!K\"&((ROW()-2)*4)+5))","v":""}]
["",{"$f":"IF(INDIRECT(\"'MRO Certificate Printing'!D\"&((ROW()-2)*4)+2)=\"\",\"\",INDIRECT(\"'MRO Certificate Printing'!D\"&((ROW()-2)*4)+2))","v":""},{"$f":"IF(INDIRECT(\"'MRO Certificate Printing'!E\"&((ROW()-2)*4)+2)=\"\",\"\",INDIRECT(\"'MRO Certificate Printing'!E\"&((ROW()-2)*4)+2))","v":""},{"$f":"IF(INDIRECT(\"'MRO Certificate Printing'!F\"&((ROW()-2)*4)+2)=\"\",\"\",INDIRECT(\"'MRO Certificate Printing'!F\"&((ROW()-2)*4)+2))","v":""},{"$f":"IF(INDIRECT(\"'MRO Certificate Printing'!B\"&((ROW()-2)*4)+2)=\"\",\"\",INDIRECT(\"'MRO Certificate Printing'!B\"&((ROW()-2)*4)+2))","v":""},{"$f":"IF(INDIRECT(\"'MRO Certificate Printing'!G\"&((ROW()-2)*4)+2)=\"\",\"\",INDIRECT(\"'MRO Certificate Printing'!G\"&((ROW()-2)*4)+2))","v":""},{"$f":"IF(INDIRECT(\"'MRO Certificate Printing'!J\"&((ROW()-2)*4)+2)=\"\",\"\",INDIRECT(\"'MRO Certificate Printing'!J\"&((ROW()-2)*4)+2))","v":""},{"$f":"IF(INDIRECT(\"'MRO Certificate Printing'!I\"&((ROW()-2)*4)+2)=\"\",\"\",INDIRECT(\"'MRO Certificate Printing'!I\"&((ROW()-2)*4)+2))","v":""},{"$f":"IF(INDIRECT(\"'MRO Certificate Printing'!K\"&((ROW()-2)*4)+2)=\"\",\"\",INDIRECT(\"'MRO Certificate Printing'!K\"&((ROW()-2)*4)+2))","v":""},null,{"$f":"IF(INDIRECT(\"'MRO Certificate Printing'!D\"&((ROW()-2)*4)+3)=\"\",\"\",INDIRECT(\"'MRO Certificate Printing'!D\"&((ROW()-2)*4)+3))","v":""},{"$f":"IF(INDIRECT(\"'MRO Certificate Printing'!E\"&((ROW()-2)*4)+3)=\"\",\"\",INDIRECT(\"'MRO Certificate Printing'!E\"&((ROW()-2)*4)+3))","v":""},{"$f":"IF(INDIRECT(\"'MRO Certificate Printing'!F\"&((ROW()-2)*4)+3)=\"\",\"\",INDIRECT(\"'MRO Certificate Printing'!F\"&((ROW()-2)*4)+3))","v":""},{"$f":"IF(INDIRECT(\"'MRO Certificate Printing'!B\"&((ROW()-2)*4)+3)=\"\",\"\",INDIRECT(\"'MRO Certificate Printing'!B\"&((ROW()-2)*4)+3))","v":""},{"$f":"IF(INDIRECT(\"'MRO Certificate Printing'!G\"&((ROW()-2)*4)+3)=\"\",\"\",INDIRECT(\"'MRO Certificate Printing'!G\"&((ROW()-2)*4)+3))","v":""},{"$f":"IF(INDIRECT(\"'MRO Certificate Printing'!J\"&((ROW()-2)*4)+3)=\"\",\"\",INDIRECT(\"'MRO Certificate Printing'!J\"&((ROW()-2)*4)+3))","v":""},{"$f":"IF(INDIRECT(\"'MRO Certificate Printing'!I\"&((ROW()-2)*4)+3)=\"\",\"\",INDIRECT(\"'MRO Certificate Printing'!I\"&((ROW()-2)*4)+3))","v":""},{"$f":"IF(INDIRECT(\"'MRO Certificate Printing'!K\"&((ROW()-2)*4)+3)=\"\",\"\",INDIRECT(\"'MRO Certificate Printing'!K\"&((ROW()-2)*4)+3))","v":""},null,{"$f":"IF(INDIRECT(\"'MRO Certificate Printing'!D\"&((ROW()-2)*4)+4)=\"\",\"\",INDIRECT(\"'MRO Certificate Printing'!D\"&((ROW()-2)*4)+4))","v":""},{"$f":"IF(INDIRECT(\"'MRO Certificate Printing'!E\"&((ROW()-2)*4)+4)=\"\",\"\",INDIRECT(\"'MRO Certificate Printing'!E\"&((ROW()-2)*4)+4))","v":""},{"$f":"IF(INDIRECT(\"'MRO Certificate Printing'!F\"&((ROW()-2)*4)+4)=\"\",\"\",INDIRECT(\"'MRO Certificate Printing'!F\"&((ROW()-2)*4)+4))","v":""},{"$f":"IF(INDIRECT(\"'MRO Certificate Printing'!B\"&((ROW()-2)*4)+4)=\"\",\"\",INDIRECT(\"'MRO Certificate Printing'!B\"&((ROW()-2)*4)+4))","v":""},{"$f":"IF(INDIRECT(\"'MRO Certificate Printing'!G\"&((ROW()-2)*4)+4)=\"\",\"\",INDIRECT(\"'MRO Certificate Printing'!G\"&((ROW()-2)*4)+4))","v":""},{"$f":"IF(INDIRECT(\"'MRO Certificate Printing'!J\"&((ROW()-2)*4)+4)=\"\",\"\",INDIRECT(\"'MRO Certificate Printing'!J\"&((ROW()-2)*4)+4))","v":""},{"$f":"IF(INDIRECT(\"'MRO Certificate Printing'!I\"&((ROW()-2)*4)+4)=\"\",\"\",INDIRECT(\"'MRO Certificate Printing'!I\"&((ROW()-2)*4)+4))","v":""},{"$f":"IF(INDIRECT(\"'MRO Certificate Printing'!K\"&((ROW()-2)*4)+4)=\"\",\"\",INDIRECT(\"'MRO Certificate Printing'!K\"&((ROW()-2)*4)+4))","v":""},null,{"$f":"IF(INDIRECT(\"'MRO Certificate Printing'!D\"&((ROW()-2)*4)+5)=\"\",\"\",INDIRECT(\"'MRO Certificate Printing'!D\"&((ROW()-2)*4)+5))","v":""},{"$f":"IF(INDIRECT(\"'MRO Certificate Printing'!E\"&((ROW()-2)*4)+5)=\"\",\"\",INDIRECT(\"'MRO Certificate Printing'!E\"&((ROW()-2)*4)+5))","v":""},{"$f":"IF(INDIRECT(\"'MRO Certificate Printing'!F\"&((ROW()-2)*4)+5)=\"\",\"\",INDIRECT(\"'MRO Certificate Printing'!F\"&((ROW()-2)*4)+5))","v":""},{"$f":"IF(INDIRECT(\"'MRO Certificate Printing'!B\"&((ROW()-2)*4)+5)=\"\",\"\",INDIRECT(\"'MRO Certificate Printing'!B\"&((ROW()-2)*4)+5))","v":""},{"$f":"IF(INDIRECT(\"'MRO Certificate Printing'!G\"&((ROW()-2)*4)+5)=\"\",\"\",INDIRECT(\"'MRO Certificate Printing'!G\"&((ROW()-2)*4)+5))","v":""},{"$f":"IF(INDIRECT(\"'MRO Certificate Printing'!J\"&((ROW()-2)*4)+5)=\"\",\"\",INDIRECT(\"'MRO Certificate Printing'!J\"&((ROW()-2)*4)+5))","v":""},{"$f":"IF(INDIRECT(\"'MRO Certificate Printing'!I\"&((ROW()-2)*4)+5)=\"\",\"\",INDIRECT(\"'MRO Certificate Printing'!I\"&((ROW()-2)*4)+5))","v":""},{"$f":"IF(INDIRECT(\"'MRO Certificate Printing'!K\"&((ROW()-2)*4)+5)=\"\",\"\",INDIRECT(\"'MRO Certificate Printing'!K\"&((ROW()-2)*4)+5))","v":""}]
["",{"$f":"IF(INDIRECT(\"'MRO Certificate Printing'!D\"&((ROW()-2)*4)+2)=\"\",\"\",INDIRECT(\"'MRO Certificate Printing'!D\"&((ROW()-2)*4)+2))","v":""},{"$f":"IF(INDIRECT(\"'MRO Certificate Printing'!E\"&((ROW()-2)*4)+2)=\"\",\"\",INDIRECT(\"'MRO Certificate Printing'!E\"&((ROW()-2)*4)+2))","v":""},{"$f":"IF(INDIRECT(\"'MRO Certificate Printing'!F\"&((ROW()-2)*4)+2)=\"\",\"\",INDIRECT(\"'MRO Certificate Printing'!F\"&((ROW()-2)*4)+2))","v":""},{"$f":"IF(INDIRECT(\"'MRO Certificate Printing'!B\"&((ROW()-2)*4)+2)=\"\",\"\",INDIRECT(\"'MRO Certificate Printing'!B\"&((ROW()-2)*4)+2))","v":""},{"$f":"IF(INDIRECT(\"'MRO Certificate Printing'!G\"&((ROW()-2)*4)+2)=\"\",\"\",INDIRECT(\"'MRO Certificate Printing'!G\"&((ROW()-2)*4)+2))","v":""},{"$f":"IF(INDIRECT(\"'MRO Certificate Printing'!J\"&((ROW()-2)*4)+2)=\"\",\"\",INDIRECT(\"'MRO Certificate Printing'!J\"&((ROW()-2)*4)+2))","v":""},{"$f":"IF(INDIRECT(\"'MRO Certificate Printing'!I\"&((ROW()-2)*4)+2)=\"\",\"\",INDIRECT(\"'MRO Certificate Printing'!I\"&((ROW()-2)*4)+2))","v":""},{"$f":"IF(INDIRECT(\"'MRO Certificate Printing'!K\"&((ROW()-2)*4)+2)=\"\",\"\",INDIRECT(\"'MRO Certificate Printing'!K\"&((ROW()-2)*4)+2))","v":""},null,{"$f":"IF(INDIRECT(\"'MRO Certificate Printing'!D\"&((ROW()-2)*4)+3)=\"\",\"\",INDIRECT(\"'MRO Certificate Printing'!D\"&((ROW()-2)*4)+3))","v":""},{"$f":"IF(INDIRECT(\"'MRO Certificate Printing'!E\"&((ROW()-2)*4)+3)=\"\",\"\",INDIRECT(\"'MRO Certificate Printing'!E\"&((ROW()-2)*4)+3))","v":""},{"$f":"IF(INDIRECT(\"'MRO Certificate Printing'!F\"&((ROW()-2)*4)+3)=\"\",\"\",INDIRECT(\"'MRO Certificate Printing'!F\"&((ROW()-2)*4)+3))","v":""},{"$f":"IF(INDIRECT(\"'MRO Certificate Printing'!B\"&((ROW()-2)*4)+3)=\"\",\"\",INDIRECT(\"'MRO Certificate Printing'!B\"&((ROW()-2)*4)+3))","v":""},{"$f":"IF(INDIRECT(\"'MRO Certificate Printing'!G\"&((ROW()-2)*4)+3)=\"\",\"\",INDIRECT(\"'MRO Certificate Printing'!G\"&((ROW()-2)*4)+3))","v":""},{"$f":"IF(INDIRECT(\"'MRO Certificate Printing'!J\"&((ROW()-2)*4)+3)=\"\",\"\",INDIRECT(\"'MRO Certificate Printing'!J\"&((ROW()-2)*4)+3))","v":""},{"$f":"IF(INDIRECT(\"'MRO Certificate Printing'!I\"&((ROW()-2)*4)+3)=\"\",\"\",INDIRECT(\"'MRO Certificate Printing'!I\"&((ROW()-2)*4)+3))","v":""},{"$f":"IF(INDIRECT(\"'MRO Certificate Printing'!K\"&((ROW()-2)*4)+3)=\"\",\"\",INDIRECT(\"'MRO Certificate Printing'!K\"&((ROW()-2)*4)+3))","v":""},null,{"$f":"IF(INDIRECT(\"'MRO Certificate Printing'!D\"&((ROW()-2)*4)+4)=\"\",\"\",INDIRECT(\"'MRO Certificate Printing'!D\"&((ROW()-2)*4)+4))","v":""},{"$f":"IF(INDIRECT(\"'MRO Certificate Printing'!E\"&((ROW()-2)*4)+4)=\"\",\"\",INDIRECT(\"'MRO Certificate Printing'!E\"&((ROW()-2)*4)+4))","v":""},{"$f":"IF(INDIRECT(\"'MRO Certificate Printing'!F\"&((ROW()-2)*4)+4)=\"\",\"\",INDIRECT(\"'MRO Certificate Printing'!F\"&((ROW()-2)*4)+4))","v":""},{"$f":"IF(INDIRECT(\"'MRO Certificate Printing'!B\"&((ROW()-2)*4)+4)=\"\",\"\",INDIRECT(\"'MRO Certificate Printing'!B\"&((ROW()-2)*4)+4))","v":""},{"$f":"IF(INDIRECT(\"'MRO Certificate Printing'!G\"&((ROW()-2)*4)+4)=\"\",\"\",INDIRECT(\"'MRO Certificate Printing'!G\"&((ROW()-2)*4)+4))","v":""},{"$f":"IF(INDIRECT(\"'MRO Certificate Printing'!J\"&((ROW()-2)*4)+4)=\"\",\"\",INDIRECT(\"'MRO Certificate Printing'!J\"&((ROW()-2)*4)+4))","v":""},{"$f":"IF(INDIRECT(\"'MRO Certificate Printing'!I\"&((ROW()-2)*4)+4)=\"\",\"\",INDIRECT(\"'MRO Certificate Printing'!I\"&((ROW()-2)*4)+4))","v":""},{"$f":"IF(INDIRECT(\"'MRO Certificate Printing'!K\"&((ROW()-2)*4)+4)=\"\",\"\",INDIRECT(\"'MRO Certificate Printing'!K\"&((ROW()-2)*4)+4))","v":""},null,{"$f":"IF(INDIRECT(\"'MRO Certificate Printing'!D\"&((ROW()-2)*4)+5)=\"\",\"\",INDIRECT(\"'MRO Certificate Printing'!D\"&((ROW()-2)*4)+5))","v":""},{"$f":"IF(INDIRECT(\"'MRO Certificate Printing'!E\"&((ROW()-2)*4)+5)=\"\",\"\",INDIRECT(\"'MRO Certificate Printing'!E\"&((ROW()-2)*4)+5))","v":""},{"$f":"IF(INDIRECT(\"'MRO Certificate Printing'!F\"&((ROW()-2)*4)+5)=\"\",\"\",INDIRECT(\"'MRO Certificate Printing'!F\"&((ROW()-2)*4)+5))","v":""},{"$f":"IF(INDIRECT(\"'MRO Certificate Printing'!B\"&((ROW()-2)*4)+5)=\"\",\"\",INDIRECT(\"'MRO Certificate Printing'!B\"&((ROW()-2)*4)+5))","v":""},{"$f":"IF(INDIRECT(\"'MRO Certificate Printing'!G\"&((ROW()-2)*4)+5)=\"\",\"\",INDIRECT(\"'MRO Certificate Printing'!G\"&((ROW()-2)*4)+5))","v":""},{"$f":"IF(INDIRECT(\"'MRO Certificate Printing'!J\"&((ROW()-2)*4)+5)=\"\",\"\",INDIRECT(\"'MRO Certificate Printing'!J\"&((ROW()-2)*4)+5))","v":""},{"$f":"IF(INDIRECT(\"'MRO Certificate Printing'!I\"&((ROW()-2)*4)+5)=\"\",\"\",INDIRECT(\"'MRO Certificate Printing'!I\"&((ROW()-2)*4)+5))","v":""},{"$f":"IF(INDIRECT(\"'MRO Certificate Printing'!K\"&((ROW()-2)*4)+5)=\"\",\"\",INDIRECT(\"'MRO Certificate Printing'!K\"&((ROW()-2)*4)+5))","v":""}]
["",{"$f":"IF(INDIRECT(\"'MRO Certificate Printing'!D\"&((ROW()-2)*4)+2)=\"\",\"\",INDIRECT(\"'MRO Certificate Printing'!D\"&((ROW()-2)*4)+2))","v":""},{"$f":"IF(INDIRECT(\"'MRO Certificate Printing'!E\"&((ROW()-2)*4)+2)=\"\",\"\",INDIRECT(\"'MRO Certificate Printing'!E\"&((ROW()-2)*4)+2))","v":""},{"$f":"IF(INDIRECT(\"'MRO Certificate Printing'!F\"&((ROW()-2)*4)+2)=\"\",\"\",INDIRECT(\"'MRO Certificate Printing'!F\"&((ROW()-2)*4)+2))","v":""},{"$f":"IF(INDIRECT(\"'MRO Certificate Printing'!B\"&((ROW()-2)*4)+2)=\"\",\"\",INDIRECT(\"'MRO Certificate Printing'!B\"&((ROW()-2)*4)+2))","v":""},{"$f":"IF(INDIRECT(\"'MRO Certificate Printing'!G\"&((ROW()-2)*4)+2)=\"\",\"\",INDIRECT(\"'MRO Certificate Printing'!G\"&((ROW()-2)*4)+2))","v":""},{"$f":"IF(INDIRECT(\"'MRO Certificate Printing'!J\"&((ROW()-2)*4)+2)=\"\",\"\",INDIRECT(\"'MRO Certificate Printing'!J\"&((ROW()-2)*4)+2))","v":""},{"$f":"IF(INDIRECT(\"'MRO Certificate Printing'!I\"&((ROW()-2)*4)+2)=\"\",\"\",INDIRECT(\"'MRO Certificate Printing'!I\"&((ROW()-2)*4)+2))","v":""},{"$f":"IF(INDIRECT(\"'MRO Certificate Printing'!K\"&((ROW()-2)*4)+2)=\"\",\"\",INDIRECT(\"'MRO Certificate Printing'!K\"&((ROW()-2)*4)+2))","v":""},null,{"$f":"IF(INDIRECT(\"'MRO Certificate Printing'!D\"&((ROW()-2)*4)+3)=\"\",\"\",INDIRECT(\"'MRO Certificate Printing'!D\"&((ROW()-2)*4)+3))","v":""},{"$f":"IF(INDIRECT(\"'MRO Certificate Printing'!E\"&((ROW()-2)*4)+3)=\"\",\"\",INDIRECT(\"'MRO Certificate Printing'!E\"&((ROW()-2)*4)+3))","v":""},{"$f":"IF(INDIRECT(\"'MRO Certificate Printing'!F\"&((ROW()-2)*4)+3)=\"\",\"\",INDIRECT(\"'MRO Certificate Printing'!F\"&((ROW()-2)*4)+3))","v":""},{"$f":"IF(INDIRECT(\"'MRO Certificate Printing'!B\"&((ROW()-2)*4)+3)=\"\",\"\",INDIRECT(\"'MRO Certificate Printing'!B\"&((ROW()-2)*4)+3))","v":""},{"$f":"IF(INDIRECT(\"'MRO Certificate Printing'!G\"&((ROW()-2)*4)+3)=\"\",\"\",INDIRECT(\"'MRO Certificate Printing'!G\"&((ROW()-2)*4)+3))","v":""},{"$f":"IF(INDIRECT(\"'MRO Certificate Printing'!J\"&((ROW()-2)*4)+3)=\"\",\"\",INDIRECT(\"'MRO Certificate Printing'!J\"&((ROW()-2)*4)+3))","v":""},{"$f":"IF(INDIRECT(\"'MRO Certificate Printing'!I\"&((ROW()-2)*4)+3)=\"\",\"\",INDIRECT(\"'MRO Certificate Printing'!I\"&((ROW()-2)*4)+3))","v":""},{"$f":"IF(INDIRECT(\"'MRO Certificate Printing'!K\"&((ROW()-2)*4)+3)=\"\",\"\",INDIRECT(\"'MRO Certificate Printing'!K\"&((ROW()-2)*4)+3))","v":""},null,{"$f":"IF(INDIRECT(\"'MRO Certificate Printing'!D\"&((ROW()-2)*4)+4)=\"\",\"\",INDIRECT(\"'MRO Certificate Printing'!D\"&((ROW()-2)*4)+4))","v":""},{"$f":"IF(INDIRECT(\"'MRO Certificate Printing'!E\"&((ROW()-2)*4)+4)=\"\",\"\",INDIRECT(\"'MRO Certificate Printing'!E\"&((ROW()-2)*4)+4))","v":""},{"$f":"IF(INDIRECT(\"'MRO Certificate Printing'!F\"&((ROW()-2)*4)+4)=\"\",\"\",INDIRECT(\"'MRO Certificate Printing'!F\"&((ROW()-2)*4)+4))","v":""},{"$f":"IF(INDIRECT(\"'MRO Certificate Printing'!B\"&((ROW()-2)*4)+4)=\"\",\"\",INDIRECT(\"'MRO Certificate Printing'!B\"&((ROW()-2)*4)+4))","v":""},{"$f":"IF(INDIRECT(\"'MRO Certificate Printing'!G\"&((ROW()-2)*4)+4)=\"\",\"\",INDIRECT(\"'MRO Certificate Printing'!G\"&((ROW()-2)*4)+4))","v":""},{"$f":"IF(INDIRECT(\"'MRO Certificate Printing'!J\"&((ROW()-2)*4)+4)=\"\",\"\",INDIRECT(\"'MRO Certificate Printing'!J\"&((ROW()-2)*4)+4))","v":""},{"$f":"IF(INDIRECT(\"'MRO Certificate Printing'!I\"&((ROW()-2)*4)+4)=\"\",\"\",INDIRECT(\"'MRO Certificate Printing'!I\"&((ROW()-2)*4)+4))","v":""},{"$f":"IF(INDIRECT(\"'MRO Certificate Printing'!K\"&((ROW()-2)*4)+4)=\"\",\"\",INDIRECT(\"'MRO Certificate Printing'!K\"&((ROW()-2)*4)+4))","v":""},null,{"$f":"IF(INDIRECT(\"'MRO Certificate Printing'!D\"&((ROW()-2)*4)+5)=\"\",\"\",INDIRECT(\"'MRO Certificate Printing'!D\"&((ROW()-2)*4)+5))","v":""},{"$f":"IF(INDIRECT(\"'MRO Certificate Printing'!E\"&((ROW()-2)*4)+5)=\"\",\"\",INDIRECT(\"'MRO Certificate Printing'!E\"&((ROW()-2)*4)+5))","v":""},{"$f":"IF(INDIRECT(\"'MRO Certificate Printing'!F\"&((ROW()-2)*4)+5)=\"\",\"\",INDIRECT(\"'MRO Certificate Printing'!F\"&((ROW()-2)*4)+5))","v":""},{"$f":"IF(INDIRECT(\"'MRO Certificate Printing'!B\"&((ROW()-2)*4)+5)=\"\",\"\",INDIRECT(\"'MRO Certificate Printing'!B\"&((ROW()-2)*4)+5))","v":""},{"$f":"IF(INDIRECT(\"'MRO Certificate Printing'!G\"&((ROW()-2)*4)+5)=\"\",\"\",INDIRECT(\"'MRO Certificate Printing'!G\"&((ROW()-2)*4)+5))","v":""},{"$f":"IF(INDIRECT(\"'MRO Certificate Printing'!J\"&((ROW()-2)*4)+5)=\"\",\"\",INDIRECT(\"'MRO Certificate Printing'!J\"&((ROW()-2)*4)+5))","v":""},{"$f":"IF(INDIRECT(\"'MRO Certificate Printing'!I\"&((ROW()-2)*4)+5)=\"\",\"\",INDIRECT(\"'MRO Certificate Printing'!I\"&((ROW()-2)*4)+5))","v":""},{"$f":"IF(INDIRECT(\"'MRO Certificate Printing'!K\"&((ROW()-2)*4)+5)=\"\",\"\",INDIRECT(\"'MRO Certificate Printing'!K\"&((ROW()-2)*4)+5))","v":""}]
["",{"$f":"IF(INDIRECT(\"'MRO Certificate Printing'!D\"&((ROW()-2)*4)+2)=\"\",\"\",INDIRECT(\"'MRO Certificate Printing'!D\"&((ROW()-2)*4)+2))","v":""},{"$f":"IF(INDIRECT(\"'MRO Certificate Printing'!E\"&((ROW()-2)*4)+2)=\"\",\"\",INDIRECT(\"'MRO Certificate Printing'!E\"&((ROW()-2)*4)+2))","v":""},{"$f":"IF(INDIRECT(\"'MRO Certificate Printing'!F\"&((ROW()-2)*4)+2)=\"\",\"\",INDIRECT(\"'MRO Certificate Printing'!F\"&((ROW()-2)*4)+2))","v":""},{"$f":"IF(INDIRECT(\"'MRO Certificate Printing'!B\"&((ROW()-2)*4)+2)=\"\",\"\",INDIRECT(\"'MRO Certificate Printing'!B\"&((ROW()-2)*4)+2))","v":""},{"$f":"IF(INDIRECT(\"'MRO Certificate Printing'!G\"&((ROW()-2)*4)+2)=\"\",\"\",INDIRECT(\"'MRO Certificate Printing'!G\"&((ROW()-2)*4)+2))","v":""},{"$f":"IF(INDIRECT(\"'MRO Certificate Printing'!J\"&((ROW()-2)*4)+2)=\"\",\"\",INDIRECT(\"'MRO Certificate Printing'!J\"&((ROW()-2)*4)+2))","v":""},{"$f":"IF(INDIRECT(\"'MRO Certificate Printing'!I\"&((ROW()-2)*4)+2)=\"\",\"\",INDIRECT(\"'MRO Certificate Printing'!I\"&((ROW()-2)*4)+2))","v":""},{"$f":"IF(INDIRECT(\"'MRO Certificate Printing'!K\"&((ROW()-2)*4)+2)=\"\",\"\",INDIRECT(\"'MRO Certificate Printing'!K\"&((ROW()-2)*4)+2))","v":""},null,{"$f":"IF(INDIRECT(\"'MRO Certificate Printing'!D\"&((ROW()-2)*4)+3)=\"\",\"\",INDIRECT(\"'MRO Certificate Printing'!D\"&((ROW()-2)*4)+3))","v":""},{"$f":"IF(INDIRECT(\"'MRO Certificate Printing'!E\"&((ROW()-2)*4)+3)=\"\",\"\",INDIRECT(\"'MRO Certificate Printing'!E\"&((ROW()-2)*4)+3))","v":""},{"$f":"IF(INDIRECT(\"'MRO Certificate Printing'!F\"&((ROW()-2)*4)+3)=\"\",\"\",INDIRECT(\"'MRO Certificate Printing'!F\"&((ROW()-2)*4)+3))","v":""},{"$f":"IF(INDIRECT(\"'MRO Certificate Printing'!B\"&((ROW()-2)*4)+3)=\"\",\"\",INDIRECT(\"'MRO Certificate Printing'!B\"&((ROW()-2)*4)+3))","v":""},{"$f":"IF(INDIRECT(\"'MRO Certificate Printing'!G\"&((ROW()-2)*4)+3)=\"\",\"\",INDIRECT(\"'MRO Certificate Printing'!G\"&((ROW()-2)*4)+3))","v":""},{"$f":"IF(INDIRECT(\"'MRO Certificate Printing'!J\"&((ROW()-2)*4)+3)=\"\",\"\",INDIRECT(\"'MRO Certificate Printing'!J\"&((ROW()-2)*4)+3))","v":""},{"$f":"IF(INDIRECT(\"'MRO Certificate Printing'!I\"&((ROW()-2)*4)+3)=\"\",\"\",INDIRECT(\"'MRO Certificate Printing'!I\"&((ROW()-2)*4)+3))","v":""},{"$f":"IF(INDIRECT(\"'MRO Certificate Printing'!K\"&((ROW()-2)*4)+3)=\"\",\"\",INDIRECT(\"'MRO Certificate Printing'!K\"&((ROW()-2)*4)+3))","v":""},null,{"$f":"IF(INDIRECT(\"'MRO Certificate Printing'!D\"&((ROW()-2)*4)+4)=\"\",\"\",INDIRECT(\"'MRO Certificate Printing'!D\"&((ROW()-2)*4)+4))","v":""},{"$f":"IF(INDIRECT(\"'MRO Certificate Printing'!E\"&((ROW()-2)*4)+4)=\"\",\"\",INDIRECT(\"'MRO Certificate Printing'!E\"&((ROW()-2)*4)+4))","v":""},{"$f":"IF(INDIRECT(\"'MRO Certificate Printing'!F\"&((ROW()-2)*4)+4)=\"\",\"\",INDIRECT(\"'MRO Certificate Printing'!F\"&((ROW()-2)*4)+4))","v":""},{"$f":"IF(INDIRECT(\"'MRO Certificate Printing'!B\"&((ROW()-2)*4)+4)=\"\",\"\",INDIRECT(\"'MRO Certificate Printing'!B\"&((ROW()-2)*4)+4))","v":""},{"$f":"IF(INDIRECT(\"'MRO Certificate Printing'!G\"&((ROW()-2)*4)+4)=\"\",\"\",INDIRECT(\"'MRO Certificate Printing'!G\"&((ROW()-2)*4)+4))","v":""},{"$f":"IF(INDIRECT(\"'MRO Certificate Printing'!J\"&((ROW()-2)*4)+4)=\"\",\"\",INDIRECT(\"'MRO Certificate Printing'!J\"&((ROW()-2)*4)+4))","v":""},{"$f":"IF(INDIRECT(\"'MRO Certificate Printing'!I\"&((ROW()-2)*4)+4)=\"\",\"\",INDIRECT(\"'MRO Certificate Printing'!I\"&((ROW()-2)*4)+4))","v":""},{"$f":"IF(INDIRECT(\"'MRO Certificate Printing'!K\"&((ROW()-2)*4)+4)=\"\",\"\",INDIRECT(\"'MRO Certificate Printing'!K\"&((ROW()-2)*4)+4))","v":""},null,{"$f":"IF(INDIRECT(\"'MRO Certificate Printing'!D\"&((ROW()-2)*4)+5)=\"\",\"\",INDIRECT(\"'MRO Certificate Printing'!D\"&((ROW()-2)*4)+5))","v":""},{"$f":"IF(INDIRECT(\"'MRO Certificate Printing'!E\"&((ROW()-2)*4)+5)=\"\",\"\",INDIRECT(\"'MRO Certificate Printing'!E\"&((ROW()-2)*4)+5))","v":""},{"$f":"IF(INDIRECT(\"'MRO Certificate Printing'!F\"&((ROW()-2)*4)+5)=\"\",\"\",INDIRECT(\"'MRO Certificate Printing'!F\"&((ROW()-2)*4)+5))","v":""},{"$f":"IF(INDIRECT(\"'MRO Certificate Printing'!B\"&((ROW()-2)*4)+5)=\"\",\"\",INDIRECT(\"'MRO Certificate Printing'!B\"&((ROW()-2)*4)+5))","v":""},{"$f":"IF(INDIRECT(\"'MRO Certificate Printing'!G\"&((ROW()-2)*4)+5)=\"\",\"\",INDIRECT(\"'MRO Certificate Printing'!G\"&((ROW()-2)*4)+5))","v":""},{"$f":"IF(INDIRECT(\"'MRO Certificate Printing'!J\"&((ROW()-2)*4)+5)=\"\",\"\",INDIRECT(\"'MRO Certificate Printing'!J\"&((ROW()-2)*4)+5))","v":""},{"$f":"IF(INDIRECT(\"'MRO Certificate Printing'!I\"&((ROW()-2)*4)+5)=\"\",\"\",INDIRECT(\"'MRO Certificate Printing'!I\"&((ROW()-2)*4)+5))","v":""},{"$f":"IF(INDIRECT(\"'MRO Certificate Printing'!K\"&((ROW()-2)*4)+5)=\"\",\"\",INDIRECT(\"'MRO Certificate Printing'!K\"&((ROW()-2)*4)+5))","v":""}]
["",{"$f":"IF(INDIRECT(\"'MRO Certificate Printing'!D\"&((ROW()-2)*4)+2)=\"\",\"\",INDIRECT(\"'MRO Certificate Printing'!D\"&((ROW()-2)*4)+2))","v":""},{"$f":"IF(INDIRECT(\"'MRO Certificate Printing'!E\"&((ROW()-2)*4)+2)=\"\",\"\",INDIRECT(\"'MRO Certificate Printing'!E\"&((ROW()-2)*4)+2))","v":""},{"$f":"IF(INDIRECT(\"'MRO Certificate Printing'!F\"&((ROW()-2)*4)+2)=\"\",\"\",INDIRECT(\"'MRO Certificate Printing'!F\"&((ROW()-2)*4)+2))","v":""},{"$f":"IF(INDIRECT(\"'MRO Certificate Printing'!B\"&((ROW()-2)*4)+2)=\"\",\"\",INDIRECT(\"'MRO Certificate Printing'!B\"&((ROW()-2)*4)+2))","v":""},{"$f":"IF(INDIRECT(\"'MRO Certificate Printing'!G\"&((ROW()-2)*4)+2)=\"\",\"\",INDIRECT(\"'MRO Certificate Printing'!G\"&((ROW()-2)*4)+2))","v":""},{"$f":"IF(INDIRECT(\"'MRO Certificate Printing'!J\"&((ROW()-2)*4)+2)=\"\",\"\",INDIRECT(\"'MRO Certificate Printing'!J\"&((ROW()-2)*4)+2))","v":""},{"$f":"IF(INDIRECT(\"'MRO Certificate Printing'!I\"&((ROW()-2)*4)+2)=\"\",\"\",INDIRECT(\"'MRO Certificate Printing'!I\"&((ROW()-2)*4)+2))","v":""},{"$f":"IF(INDIRECT(\"'MRO Certificate Printing'!K\"&((ROW()-2)*4)+2)=\"\",\"\",INDIRECT(\"'MRO Certificate Printing'!K\"&((ROW()-2)*4)+2))","v":""},null,{"$f":"IF(INDIRECT(\"'MRO Certificate Printing'!D\"&((ROW()-2)*4)+3)=\"\",\"\",INDIRECT(\"'MRO Certificate Printing'!D\"&((ROW()-2)*4)+3))","v":""},{"$f":"IF(INDIRECT(\"'MRO Certificate Printing'!E\"&((ROW()-2)*4)+3)=\"\",\"\",INDIRECT(\"'MRO Certificate Printing'!E\"&((ROW()-2)*4)+3))","v":""},{"$f":"IF(INDIRECT(\"'MRO Certificate Printing'!F\"&((ROW()-2)*4)+3)=\"\",\"\",INDIRECT(\"'MRO Certificate Printing'!F\"&((ROW()-2)*4)+3))","v":""},{"$f":"IF(INDIRECT(\"'MRO Certificate Printing'!B\"&((ROW()-2)*4)+3)=\"\",\"\",INDIRECT(\"'MRO Certificate Printing'!B\"&((ROW()-2)*4)+3))","v":""},{"$f":"IF(INDIRECT(\"'MRO Certificate Printing'!G\"&((ROW()-2)*4)+3)=\"\",\"\",INDIRECT(\"'MRO Certificate Printing'!G\"&((ROW()-2)*4)+3))","v":""},{"$f":"IF(INDIRECT(\"'MRO Certificate Printing'!J\"&((ROW()-2)*4)+3)=\"\",\"\",INDIRECT(\"'MRO Certificate Printing'!J\"&((ROW()-2)*4)+3))","v":""},{"$f":"IF(INDIRECT(\"'MRO Certificate Printing'!I\"&((ROW()-2)*4)+3)=\"\",\"\",INDIRECT(\"'MRO Certificate Printing'!I\"&((ROW()-2)*4)+3))","v":""},{"$f":"IF(INDIRECT(\"'MRO Certificate Printing'!K\"&((ROW()-2)*4)+3)=\"\",\"\",INDIRECT(\"'MRO Certificate Printing'!K\"&((ROW()-2)*4)+3))","v":""},null,{"$f":"IF(INDIRECT(\"'MRO Certificate Printing'!D\"&((ROW()-2)*4)+4)=\"\",\"\",INDIRECT(\"'MRO Certificate Printing'!D\"&((ROW()-2)*4)+4))","v":""},{"$f":"IF(INDIRECT(\"'MRO Certificate Printing'!E\"&((ROW()-2)*4)+4)=\"\",\"\",INDIRECT(\"'MRO Certificate Printing'!E\"&((ROW()-2)*4)+4))","v":""},{"$f":"IF(INDIRECT(\"'MRO Certificate Printing'!F\"&((ROW()-2)*4)+4)=\"\",\"\",INDIRECT(\"'MRO Certificate Printing'!F\"&((ROW()-2)*4)+4))","v":""},{"$f":"IF(INDIRECT(\"'MRO Certificate Printing'!B\"&((ROW()-2)*4)+4)=\"\",\"\",INDIRECT(\"'MRO Certificate Printing'!B\"&((ROW()-2)*4)+4))","v":""},{"$f":"IF(INDIRECT(\"'MRO Certificate Printing'!G\"&((ROW()-2)*4)+4)=\"\",\"\",INDIRECT(\"'MRO Certificate Printing'!G\"&((ROW()-2)*4)+4))","v":""},{"$f":"IF(INDIRECT(\"'MRO Certificate Printing'!J\"&((ROW()-2)*4)+4)=\"\",\"\",INDIRECT(\"'MRO Certificate Printing'!J\"&((ROW()-2)*4)+4))","v":""},{"$f":"IF(INDIRECT(\"'MRO Certificate Printing'!I\"&((ROW()-2)*4)+4)=\"\",\"\",INDIRECT(\"'MRO Certificate Printing'!I\"&((ROW()-2)*4)+4))","v":""},{"$f":"IF(INDIRECT(\"'MRO Certificate Printing'!K\"&((ROW()-2)*4)+4)=\"\",\"\",INDIRECT(\"'MRO Certificate Printing'!K\"&((ROW()-2)*4)+4))","v":""},null,{"$f":"IF(INDIRECT(\"'MRO Certificate Printing'!D\"&((ROW()-2)*4)+5)=\"\",\"\",INDIRECT(\"'MRO Certificate Printing'!D\"&((ROW()-2)*4)+5))","v":""},{"$f":"IF(INDIRECT(\"'MRO Certificate Printing'!E\"&((ROW()-2)*4)+5)=\"\",\"\",INDIRECT(\"'MRO Certificate Printing'!E\"&((ROW()-2)*4)+5))","v":""},{"$f":"IF(INDIRECT(\"'MRO Certificate Printing'!F\"&((ROW()-2)*4)+5)=\"\",\"\",INDIRECT(\"'MRO Certificate Printing'!F\"&((ROW()-2)*4)+5))","v":""},{"$f":"IF(INDIRECT(\"'MRO Certificate Printing'!B\"&((ROW()-2)*4)+5)=\"\",\"\",INDIRECT(\"'MRO Certificate Printing'!B\"&((ROW()-2)*4)+5))","v":""},{"$f":"IF(INDIRECT(\"'MRO Certificate Printing'!G\"&((ROW()-2)*4)+5)=\"\",\"\",INDIRECT(\"'MRO Certificate Printing'!G\"&((ROW()-2)*4)+5))","v":""},{"$f":"IF(INDIRECT(\"'MRO Certificate Printing'!J\"&((ROW()-2)*4)+5)=\"\",\"\",INDIRECT(\"'MRO Certificate Printing'!J\"&((ROW()-2)*4)+5))","v":""},{"$f":"IF(INDIRECT(\"'MRO Certificate Printing'!I\"&((ROW()-2)*4)+5)=\"\",\"\",INDIRECT(\"'MRO Certificate Printing'!I\"&((ROW()-2)*4)+5))","v":""},{"$f":"IF(INDIRECT(\"'MRO Certificate Printing'!K\"&((ROW()-2)*4)+5)=\"\",\"\",INDIRECT(\"'MRO Certificate Printing'!K\"&((ROW()-2)*4)+5))","v":""}]
["",{"$f":"IF(INDIRECT(\"'MRO Certificate Printing'!D\"&((ROW()-2)*4)+2)=\"\",\"\",INDIRECT(\"'MRO Certificate Printing'!D\"&((ROW()-2)*4)+2))","v":""},{"$f":"IF(INDIRECT(\"'MRO Certificate Printing'!E\"&((ROW()-2)*4)+2)=\"\",\"\",INDIRECT(\"'MRO Certificate Printing'!E\"&((ROW()-2)*4)+2))","v":""},{"$f":"IF(INDIRECT(\"'MRO Certificate Printing'!F\"&((ROW()-2)*4)+2)=\"\",\"\",INDIRECT(\"'MRO Certificate Printing'!F\"&((ROW()-2)*4)+2))","v":""},{"$f":"IF(INDIRECT(\"'MRO Certificate Printing'!B\"&((ROW()-2)*4)+2)=\"\",\"\",INDIRECT(\"'MRO Certificate Printing'!B\"&((ROW()-2)*4)+2))","v":""},{"$f":"IF(INDIRECT(\"'MRO Certificate Printing'!G\"&((ROW()-2)*4)+2)=\"\",\"\",INDIRECT(\"'MRO Certificate Printing'!G\"&((ROW()-2)*4)+2))","v":""},{"$f":"IF(INDIRECT(\"'MRO Certificate Printing'!J\"&((ROW()-2)*4)+2)=\"\",\"\",INDIRECT(\"'MRO Certificate Printing'!J\"&((ROW()-2)*4)+2))","v":""},{"$f":"IF(INDIRECT(\"'MRO Certificate Printing'!I\"&((ROW()-2)*4)+2)=\"\",\"\",INDIRECT(\"'MRO Certificate Printing'!I\"&((ROW()-2)*4)+2))","v":""},{"$f":"IF(INDIRECT(\"'MRO Certificate Printing'!K\"&((ROW()-2)*4)+2)=\"\",\"\",INDIRECT(\"'MRO Certificate Printing'!K\"&((ROW()-2)*4)+2))","v":""},null,{"$f":"IF(INDIRECT(\"'MRO Certificate Printing'!D\"&((ROW()-2)*4)+3)=\"\",\"\",INDIRECT(\"'MRO Certificate Printing'!D\"&((ROW()-2)*4)+3))","v":""},{"$f":"IF(INDIRECT(\"'MRO Certificate Printing'!E\"&((ROW()-2)*4)+3)=\"\",\"\",INDIRECT(\"'MRO Certificate Printing'!E\"&((ROW()-2)*4)+3))","v":""},{"$f":"IF(INDIRECT(\"'MRO Certificate Printing'!F\"&((ROW()-2)*4)+3)=\"\",\"\",INDIRECT(\"'MRO Certificate Printing'!F\"&((ROW()-2)*4)+3))","v":""},{"$f":"IF(INDIRECT(\"'MRO Certificate Printing'!B\"&((ROW()-2)*4)+3)=\"\",\"\",INDIRECT(\"'MRO Certificate Printing'!B\"&((ROW()-2)*4)+3))","v":""},{"$f":"IF(INDIRECT(\"'MRO Certificate Printing'!G\"&((ROW()-2)*4)+3)=\"\",\"\",INDIRECT(\"'MRO Certificate Printing'!G\"&((ROW()-2)*4)+3))","v":""},{"$f":"IF(INDIRECT(\"'MRO Certificate Printing'!J\"&((ROW()-2)*4)+3)=\"\",\"\",INDIRECT(\"'MRO Certificate Printing'!J\"&((ROW()-2)*4)+3))","v":""},{"$f":"IF(INDIRECT(\"'MRO Certificate Printing'!I\"&((ROW()-2)*4)+3)=\"\",\"\",INDIRECT(\"'MRO Certificate Printing'!I\"&((ROW()-2)*4)+3))","v":""},{"$f":"IF(INDIRECT(\"'MRO Certificate Printing'!K\"&((ROW()-2)*4)+3)=\"\",\"\",INDIRECT(\"'MRO Certificate Printing'!K\"&((ROW()-2)*4)+3))","v":""},null,{"$f":"IF(INDIRECT(\"'MRO Certificate Printing'!D\"&((ROW()-2)*4)+4)=\"\",\"\",INDIRECT(\"'MRO Certificate Printing'!D\"&((ROW()-2)*4)+4))","v":""},{"$f":"IF(INDIRECT(\"'MRO Certificate Printing'!E\"&((ROW()-2)*4)+4)=\"\",\"\",INDIRECT(\"'MRO Certificate Printing'!E\"&((ROW()-2)*4)+4))","v":""},{"$f":"IF(INDIRECT(\"'MRO Certificate Printing'!F\"&((ROW()-2)*4)+4)=\"\",\"\",INDIRECT(\"'MRO Certificate Printing'!F\"&((ROW()-2)*4)+4))","v":""},{"$f":"IF(INDIRECT(\"'MRO Certificate Printing'!B\"&((ROW()-2)*4)+4)=\"\",\"\",INDIRECT(\"'MRO Certificate Printing'!B\"&((ROW()-2)*4)+4))","v":""},{"$f":"IF(INDIRECT(\"'MRO Certificate Printing'!G\"&((ROW()-2)*4)+4)=\"\",\"\",INDIRECT(\"'MRO Certificate Printing'!G\"&((ROW()-2)*4)+4))","v":""},{"$f":"IF(INDIRECT(\"'MRO Certificate Printing'!J\"&((ROW()-2)*4)+4)=\"\",\"\",INDIRECT(\"'MRO Certificate Printing'!J\"&((ROW()-2)*4)+4))","v":""},{"$f":"IF(INDIRECT(\"'MRO Certificate Printing'!I\"&((ROW()-2)*4)+4)=\"\",\"\",INDIRECT(\"'MRO Certificate Printing'!I\"&((ROW()-2)*4)+4))","v":""},{"$f":"IF(INDIRECT(\"'MRO Certificate Printing'!K\"&((ROW()-2)*4)+4)=\"\",\"\",INDIRECT(\"'MRO Certificate Printing'!K\"&((ROW()-2)*4)+4))","v":""},null,{"$f":"IF(INDIRECT(\"'MRO Certificate Printing'!D\"&((ROW()-2)*4)+5)=\"\",\"\",INDIRECT(\"'MRO Certificate Printing'!D\"&((ROW()-2)*4)+5))","v":""},{"$f":"IF(INDIRECT(\"'MRO Certificate Printing'!E\"&((ROW()-2)*4)+5)=\"\",\"\",INDIRECT(\"'MRO Certificate Printing'!E\"&((ROW()-2)*4)+5))","v":""},{"$f":"IF(INDIRECT(\"'MRO Certificate Printing'!F\"&((ROW()-2)*4)+5)=\"\",\"\",INDIRECT(\"'MRO Certificate Printing'!F\"&((ROW()-2)*4)+5))","v":""},{"$f":"IF(INDIRECT(\"'MRO Certificate Printing'!B\"&((ROW()-2)*4)+5)=\"\",\"\",INDIRECT(\"'MRO Certificate Printing'!B\"&((ROW()-2)*4)+5))","v":""},{"$f":"IF(INDIRECT(\"'MRO Certificate Printing'!G\"&((ROW()-2)*4)+5)=\"\",\"\",INDIRECT(\"'MRO Certificate Printing'!G\"&((ROW()-2)*4)+5))","v":""},{"$f":"IF(INDIRECT(\"'MRO Certificate Printing'!J\"&((ROW()-2)*4)+5)=\"\",\"\",INDIRECT(\"'MRO Certificate Printing'!J\"&((ROW()-2)*4)+5))","v":""},{"$f":"IF(INDIRECT(\"'MRO Certificate Printing'!I\"&((ROW()-2)*4)+5)=\"\",\"\",INDIRECT(\"'MRO Certificate Printing'!I\"&((ROW()-2)*4)+5))","v":""},{"$f":"IF(INDIRECT(\"'MRO Certificate Printing'!K\"&((ROW()-2)*4)+5)=\"\",\"\",INDIRECT(\"'MRO Certificate Printing'!K\"&((ROW()-2)*4)+5))","v":""}]
["",{"$f":"IF(INDIRECT(\"'MRO Certificate Printing'!D\"&((ROW()-2)*4)+2)=\"\",\"\",INDIRECT(\"'MRO Certificate Printing'!D\"&((ROW()-2)*4)+2))","v":""},{"$f":"IF(INDIRECT(\"'MRO Certificate Printing'!E\"&((ROW()-2)*4)+2)=\"\",\"\",INDIRECT(\"'MRO Certificate Printing'!E\"&((ROW()-2)*4)+2))","v":""},{"$f":"IF(INDIRECT(\"'MRO Certificate Printing'!F\"&((ROW()-2)*4)+2)=\"\",\"\",INDIRECT(\"'MRO Certificate Printing'!F\"&((ROW()-2)*4)+2))","v":""},{"$f":"IF(INDIRECT(\"'MRO Certificate Printing'!B\"&((ROW()-2)*4)+2)=\"\",\"\",INDIRECT(\"'MRO Certificate Printing'!B\"&((ROW()-2)*4)+2))","v":""},{"$f":"IF(INDIRECT(\"'MRO Certificate Printing'!G\"&((ROW()-2)*4)+2)=\"\",\"\",INDIRECT(\"'MRO Certificate Printing'!G\"&((ROW()-2)*4)+2))","v":""},{"$f":"IF(INDIRECT(\"'MRO Certificate Printing'!J\"&((ROW()-2)*4)+2)=\"\",\"\",INDIRECT(\"'MRO Certificate Printing'!J\"&((ROW()-2)*4)+2))","v":""},{"$f":"IF(INDIRECT(\"'MRO Certificate Printing'!I\"&((ROW()-2)*4)+2)=\"\",\"\",INDIRECT(\"'MRO Certificate Printing'!I\"&((ROW()-2)*4)+2))","v":""},{"$f":"IF(INDIRECT(\"'MRO Certificate Printing'!K\"&((ROW()-2)*4)+2)=\"\",\"\",INDIRECT(\"'MRO Certificate Printing'!K\"&((ROW()-2)*4)+2))","v":""},null,{"$f":"IF(INDIRECT(\"'MRO Certificate Printing'!D\"&((ROW()-2)*4)+3)=\"\",\"\",INDIRECT(\"'MRO Certificate Printing'!D\"&((ROW()-2)*4)+3))","v":""},{"$f":"IF(INDIRECT(\"'MRO Certificate Printing'!E\"&((ROW()-2)*4)+3)=\"\",\"\",INDIRECT(\"'MRO Certificate Printing'!E\"&((ROW()-2)*4)+3))","v":""},{"$f":"IF(INDIRECT(\"'MRO Certificate Printing'!F\"&((ROW()-2)*4)+3)=\"\",\"\",INDIRECT(\"'MRO Certificate Printing'!F\"&((ROW()-2)*4)+3))","v":""},{"$f":"IF(INDIRECT(\"'MRO Certificate Printing'!B\"&((ROW()-2)*4)+3)=\"\",\"\",INDIRECT(\"'MRO Certificate Printing'!B\"&((ROW()-2)*4)+3))","v":""},{"$f":"IF(INDIRECT(\"'MRO Certificate Printing'!G\"&((ROW()-2)*4)+3)=\"\",\"\",INDIRECT(\"'MRO Certificate Printing'!G\"&((ROW()-2)*4)+3))","v":""},{"$f":"IF(INDIRECT(\"'MRO Certificate Printing'!J\"&((ROW()-2)*4)+3)=\"\",\"\",INDIRECT(\"'MRO Certificate Printing'!J\"&((ROW()-2)*4)+3))","v":""},{"$f":"IF(INDIRECT(\"'MRO Certificate Printing'!I\"&((ROW()-2)*4)+3)=\"\",\"\",INDIRECT(\"'MRO Certificate Printing'!I\"&((ROW()-2)*4)+3))","v":""},{"$f":"IF(INDIRECT(\"'MRO Certificate Printing'!K\"&((ROW()-2)*4)+3)=\"\",\"\",INDIRECT(\"'MRO Certificate Printing'!K\"&((ROW()-2)*4)+3))","v":""},null,{"$f":"IF(INDIRECT(\"'MRO Certificate Printing'!D\"&((ROW()-2)*4)+4)=\"\",\"\",INDIRECT(\"'MRO Certificate Printing'!D\"&((ROW()-2)*4)+4))","v":""},{"$f":"IF(INDIRECT(\"'MRO Certificate Printing'!E\"&((ROW()-2)*4)+4)=\"\",\"\",INDIRECT(\"'MRO Certificate Printing'!E\"&((ROW()-2)*4)+4))","v":""},{"$f":"IF(INDIRECT(\"'MRO Certificate Printing'!F\"&((ROW()-2)*4)+4)=\"\",\"\",INDIRECT(\"'MRO Certificate Printing'!F\"&((ROW()-2)*4)+4))","v":""},{"$f":"IF(INDIRECT(\"'MRO Certificate Printing'!B\"&((ROW()-2)*4)+4)=\"\",\"\",INDIRECT(\"'MRO Certificate Printing'!B\"&((ROW()-2)*4)+4))","v":""},{"$f":"IF(INDIRECT(\"'MRO Certificate Printing'!G\"&((ROW()-2)*4)+4)=\"\",\"\",INDIRECT(\"'MRO Certificate Printing'!G\"&((ROW()-2)*4)+4))","v":""},{"$f":"IF(INDIRECT(\"'MRO Certificate Printing'!J\"&((ROW()-2)*4)+4)=\"\",\"\",INDIRECT(\"'MRO Certificate Printing'!J\"&((ROW()-2)*4)+4))","v":""},{"$f":"IF(INDIRECT(\"'MRO Certificate Printing'!I\"&((ROW()-2)*4)+4)=\"\",\"\",INDIRECT(\"'MRO Certificate Printing'!I\"&((ROW()-2)*4)+4))","v":""},{"$f":"IF(INDIRECT(\"'MRO Certificate Printing'!K\"&((ROW()-2)*4)+4)=\"\",\"\",INDIRECT(\"'MRO Certificate Printing'!K\"&((ROW()-2)*4)+4))","v":""},null,{"$f":"IF(INDIRECT(\"'MRO Certificate Printing'!D\"&((ROW()-2)*4)+5)=\"\",\"\",INDIRECT(\"'MRO Certificate Printing'!D\"&((ROW()-2)*4)+5))","v":""},{"$f":"IF(INDIRECT(\"'MRO Certificate Printing'!E\"&((ROW()-2)*4)+5)=\"\",\"\",INDIRECT(\"'MRO Certificate Printing'!E\"&((ROW()-2)*4)+5))","v":""},{"$f":"IF(INDIRECT(\"'MRO Certificate Printing'!F\"&((ROW()-2)*4)+5)=\"\",\"\",INDIRECT(\"'MRO Certificate Printing'!F\"&((ROW()-2)*4)+5))","v":""},{"$f":"IF(INDIRECT(\"'MRO Certificate Printing'!B\"&((ROW()-2)*4)+5)=\"\",\"\",INDIRECT(\"'MRO Certificate Printing'!B\"&((ROW()-2)*4)+5))","v":""},{"$f":"IF(INDIRECT(\"'MRO Certificate Printing'!G\"&((ROW()-2)*4)+5)=\"\",\"\",INDIRECT(\"'MRO Certificate Printing'!G\"&((ROW()-2)*4)+5))","v":""},{"$f":"IF(INDIRECT(\"'MRO Certificate Printing'!J\"&((ROW()-2)*4)+5)=\"\",\"\",INDIRECT(\"'MRO Certificate Printing'!J\"&((ROW()-2)*4)+5))","v":""},{"$f":"IF(INDIRECT(\"'MRO Certificate Printing'!I\"&((ROW()-2)*4)+5)=\"\",\"\",INDIRECT(\"'MRO Certificate Printing'!I\"&((ROW()-2)*4)+5))","v":""},{"$f":"IF(INDIRECT(\"'MRO Certificate Printing'!K\"&((ROW()-2)*4)+5)=\"\",\"\",INDIRECT(\"'MRO Certificate Printing'!K\"&((ROW()-2)*4)+5))","v":""}]
["",{"$f":"IF(INDIRECT(\"'MRO Certificate Printing'!D\"&((ROW()-2)*4)+2)=\"\",\"\",INDIRECT(\"'MRO Certificate Printing'!D\"&((ROW()-2)*4)+2))","v":""},{"$f":"IF(INDIRECT(\"'MRO Certificate Printing'!E\"&((ROW()-2)*4)+2)=\"\",\"\",INDIRECT(\"'MRO Certificate Printing'!E\"&((ROW()-2)*4)+2))","v":""},{"$f":"IF(INDIRECT(\"'MRO Certificate Printing'!F\"&((ROW()-2)*4)+2)=\"\",\"\",INDIRECT(\"'MRO Certificate Printing'!F\"&((ROW()-2)*4)+2))","v":""},{"$f":"IF(INDIRECT(\"'MRO Certificate Printing'!B\"&((ROW()-2)*4)+2)=\"\",\"\",INDIRECT(\"'MRO Certificate Printing'!B\"&((ROW()-2)*4)+2))","v":""},{"$f":"IF(INDIRECT(\"'MRO Certificate Printing'!G\"&((ROW()-2)*4)+2)=\"\",\"\",INDIRECT(\"'MRO Certificate Printing'!G\"&((ROW()-2)*4)+2))","v":""},{"$f":"IF(INDIRECT(\"'MRO Certificate Printing'!J\"&((ROW()-2)*4)+2)=\"\",\"\",INDIRECT(\"'MRO Certificate Printing'!J\"&((ROW()-2)*4)+2))","v":""},{"$f":"IF(INDIRECT(\"'MRO Certificate Printing'!I\"&((ROW()-2)*4)+2)=\"\",\"\",INDIRECT(\"'MRO Certificate Printing'!I\"&((ROW()-2)*4)+2))","v":""},{"$f":"IF(INDIRECT(\"'MRO Certificate Printing'!K\"&((ROW()-2)*4)+2)=\"\",\"\",INDIRECT(\"'MRO Certificate Printing'!K\"&((ROW()-2)*4)+2))","v":""},null,{"$f":"IF(INDIRECT(\"'MRO Certificate Printing'!D\"&((ROW()-2)*4)+3)=\"\",\"\",INDIRECT(\"'MRO Certificate Printing'!D\"&((ROW()-2)*4)+3))","v":""},{"$f":"IF(INDIRECT(\"'MRO Certificate Printing'!E\"&((ROW()-2)*4)+3)=\"\",\"\",INDIRECT(\"'MRO Certificate Printing'!E\"&((ROW()-2)*4)+3))","v":""},{"$f":"IF(INDIRECT(\"'MRO Certificate Printing'!F\"&((ROW()-2)*4)+3)=\"\",\"\",INDIRECT(\"'MRO Certificate Printing'!F\"&((ROW()-2)*4)+3))","v":""},{"$f":"IF(INDIRECT(\"'MRO Certificate Printing'!B\"&((ROW()-2)*4)+3)=\"\",\"\",INDIRECT(\"'MRO Certificate Printing'!B\"&((ROW()-2)*4)+3))","v":""},{"$f":"IF(INDIRECT(\"'MRO Certificate Printing'!G\"&((ROW()-2)*4)+3)=\"\",\"\",INDIRECT(\"'MRO Certificate Printing'!G\"&((ROW()-2)*4)+3))","v":""},{"$f":"IF(INDIRECT(\"'MRO Certificate Printing'!J\"&((ROW()-2)*4)+3)=\"\",\"\",INDIRECT(\"'MRO Certificate Printing'!J\"&((ROW()-2)*4)+3))","v":""},{"$f":"IF(INDIRECT(\"'MRO Certificate Printing'!I\"&((ROW()-2)*4)+3)=\"\",\"\",INDIRECT(\"'MRO Certificate Printing'!I\"&((ROW()-2)*4)+3))","v":""},{"$f":"IF(INDIRECT(\"'MRO Certificate Printing'!K\"&((ROW()-2)*4)+3)=\"\",\"\",INDIRECT(\"'MRO Certificate Printing'!K\"&((ROW()-2)*4)+3))","v":""},null,{"$f":"IF(INDIRECT(\"'MRO Certificate Printing'!D\"&((ROW()-2)*4)+4)=\"\",\"\",INDIRECT(\"'MRO Certificate Printing'!D\"&((ROW()-2)*4)+4))","v":""},{"$f":"IF(INDIRECT(\"'MRO Certificate Printing'!E\"&((ROW()-2)*4)+4)=\"\",\"\",INDIRECT(\"'MRO Certificate Printing'!E\"&((ROW()-2)*4)+4))","v":""},{"$f":"IF(INDIRECT(\"'MRO Certificate Printing'!F\"&((ROW()-2)*4)+4)=\"\",\"\",INDIRECT(\"'MRO Certificate Printing'!F\"&((ROW()-2)*4)+4))","v":""},{"$f":"IF(INDIRECT(\"'MRO Certificate Printing'!B\"&((ROW()-2)*4)+4)=\"\",\"\",INDIRECT(\"'MRO Certificate Printing'!B\"&((ROW()-2)*4)+4))","v":""},{"$f":"IF(INDIRECT(\"'MRO Certificate Printing'!G\"&((ROW()-2)*4)+4)=\"\",\"\",INDIRECT(\"'MRO Certificate Printing'!G\"&((ROW()-2)*4)+4))","v":""},{"$f":"IF(INDIRECT(\"'MRO Certificate Printing'!J\"&((ROW()-2)*4)+4)=\"\",\"\",INDIRECT(\"'MRO Certificate Printing'!J\"&((ROW()-2)*4)+4))","v":""},{"$f":"IF(INDIRECT(\"'MRO Certificate Printing'!I\"&((ROW()-2)*4)+4)=\"\",\"\",INDIRECT(\"'MRO Certificate Printing'!I\"&((ROW()-2)*4)+4))","v":""},{"$f":"IF(INDIRECT(\"'MRO Certificate Printing'!K\"&((ROW()-2)*4)+4)=\"\",\"\",INDIRECT(\"'MRO Certificate Printing'!K\"&((ROW()-2)*4)+4))","v":""},null,{"$f":"IF(INDIRECT(\"'MRO Certificate Printing'!D\"&((ROW()-2)*4)+5)=\"\",\"\",INDIRECT(\"'MRO Certificate Printing'!D\"&((ROW()-2)*4)+5))","v":""},{"$f":"IF(INDIRECT(\"'MRO Certificate Printing'!E\"&((ROW()-2)*4)+5)=\"\",\"\",INDIRECT(\"'MRO Certificate Printing'!E\"&((ROW()-2)*4)+5))","v":""},{"$f":"IF(INDIRECT(\"'MRO Certificate Printing'!F\"&((ROW()-2)*4)+5)=\"\",\"\",INDIRECT(\"'MRO Certificate Printing'!F\"&((ROW()-2)*4)+5))","v":""},{"$f":"IF(INDIRECT(\"'MRO Certificate Printing'!B\"&((ROW()-2)*4)+5)=\"\",\"\",INDIRECT(\"'MRO Certificate Printing'!B\"&((ROW()-2)*4)+5))","v":""},{"$f":"IF(INDIRECT(\"'MRO Certificate Printing'!G\"&((ROW()-2)*4)+5)=\"\",\"\",INDIRECT(\"'MRO Certificate Printing'!G\"&((ROW()-2)*4)+5))","v":""},{"$f":"IF(INDIRECT(\"'MRO Certificate Printing'!J\"&((ROW()-2)*4)+5)=\"\",\"\",INDIRECT(\"'MRO Certificate Printing'!J\"&((ROW()-2)*4)+5))","v":""},{"$f":"IF(INDIRECT(\"'MRO Certificate Printing'!I\"&((ROW()-2)*4)+5)=\"\",\"\",INDIRECT(\"'MRO Certificate Printing'!I\"&((ROW()-2)*4)+5))","v":""},{"$f":"IF(INDIRECT(\"'MRO Certificate Printing'!K\"&((ROW()-2)*4)+5)=\"\",\"\",INDIRECT(\"'MRO Certificate Printing'!K\"&((ROW()-2)*4)+5))","v":""}]
["",{"$f":"IF(INDIRECT(\"'MRO Certificate Printing'!D\"&((ROW()-2)*4)+2)=\"\",\"\",INDIRECT(\"'MRO Certificate Printing'!D\"&((ROW()-2)*4)+2))","v":""},{"$f":"IF(INDIRECT(\"'MRO Certificate Printing'!E\"&((ROW()-2)*4)+2)=\"\",\"\",INDIRECT(\"'MRO Certificate Printing'!E\"&((ROW()-2)*4)+2))","v":""},{"$f":"IF(INDIRECT(\"'MRO Certificate Printing'!F\"&((ROW()-2)*4)+2)=\"\",\"\",INDIRECT(\"'MRO Certificate Printing'!F\"&((ROW()-2)*4)+2))","v":""},{"$f":"IF(INDIRECT(\"'MRO Certificate Printing'!B\"&((ROW()-2)*4)+2)=\"\",\"\",INDIRECT(\"'MRO Certificate Printing'!B\"&((ROW()-2)*4)+2))","v":""},{"$f":"IF(INDIRECT(\"'MRO Certificate Printing'!G\"&((ROW()-2)*4)+2)=\"\",\"\",INDIRECT(\"'MRO Certificate Printing'!G\"&((ROW()-2)*4)+2))","v":""},{"$f":"IF(INDIRECT(\"'MRO Certificate Printing'!J\"&((ROW()-2)*4)+2)=\"\",\"\",INDIRECT(\"'MRO Certificate Printing'!J\"&((ROW()-2)*4)+2))","v":""},{"$f":"IF(INDIRECT(\"'MRO Certificate Printing'!I\"&((ROW()-2)*4)+2)=\"\",\"\",INDIRECT(\"'MRO Certificate Printing'!I\"&((ROW()-2)*4)+2))","v":""},{"$f":"IF(INDIRECT(\"'MRO Certificate Printing'!K\"&((ROW()-2)*4)+2)=\"\",\"\",INDIRECT(\"'MRO Certificate Printing'!K\"&((ROW()-2)*4)+2))","v":""},null,{"$f":"IF(INDIRECT(\"'MRO Certificate Printing'!D\"&((ROW()-2)*4)+3)=\"\",\"\",INDIRECT(\"'MRO Certificate Printing'!D\"&((ROW()-2)*4)+3))","v":""},{"$f":"IF(INDIRECT(\"'MRO Certificate Printing'!E\"&((ROW()-2)*4)+3)=\"\",\"\",INDIRECT(\"'MRO Certificate Printing'!E\"&((ROW()-2)*4)+3))","v":""},{"$f":"IF(INDIRECT(\"'MRO Certificate Printing'!F\"&((ROW()-2)*4)+3)=\"\",\"\",INDIRECT(\"'MRO Certificate Printing'!F\"&((ROW()-2)*4)+3))","v":""},{"$f":"IF(INDIRECT(\"'MRO Certificate Printing'!B\"&((ROW()-2)*4)+3)=\"\",\"\",INDIRECT(\"'MRO Certificate Printing'!B\"&((ROW()-2)*4)+3))","v":""},{"$f":"IF(INDIRECT(\"'MRO Certificate Printing'!G\"&((ROW()-2)*4)+3)=\"\",\"\",INDIRECT(\"'MRO Certificate Printing'!G\"&((ROW()-2)*4)+3))","v":""},{"$f":"IF(INDIRECT(\"'MRO Certificate Printing'!J\"&((ROW()-2)*4)+3)=\"\",\"\",INDIRECT(\"'MRO Certificate Printing'!J\"&((ROW()-2)*4)+3))","v":""},{"$f":"IF(INDIRECT(\"'MRO Certificate Printing'!I\"&((ROW()-2)*4)+3)=\"\",\"\",INDIRECT(\"'MRO Certificate Printing'!I\"&((ROW()-2)*4)+3))","v":""},{"$f":"IF(INDIRECT(\"'MRO Certificate Printing'!K\"&((ROW()-2)*4)+3)=\"\",\"\",INDIRECT(\"'MRO Certificate Printing'!K\"&((ROW()-2)*4)+3))","v":""},null,{"$f":"IF(INDIRECT(\"'MRO Certificate Printing'!D\"&((ROW()-2)*4)+4)=\"\",\"\",INDIRECT(\"'MRO Certificate Printing'!D\"&((ROW()-2)*4)+4))","v":""},{"$f":"IF(INDIRECT(\"'MRO Certificate Printing'!E\"&((ROW()-2)*4)+4)=\"\",\"\",INDIRECT(\"'MRO Certificate Printing'!E\"&((ROW()-2)*4)+4))","v":""},{"$f":"IF(INDIRECT(\"'MRO Certificate Printing'!F\"&((ROW()-2)*4)+4)=\"\",\"\",INDIRECT(\"'MRO Certificate Printing'!F\"&((ROW()-2)*4)+4))","v":""},{"$f":"IF(INDIRECT(\"'MRO Certificate Printing'!B\"&((ROW()-2)*4)+4)=\"\",\"\",INDIRECT(\"'MRO Certificate Printing'!B\"&((ROW()-2)*4)+4))","v":""},{"$f":"IF(INDIRECT(\"'MRO Certificate Printing'!G\"&((ROW()-2)*4)+4)=\"\",\"\",INDIRECT(\"'MRO Certificate Printing'!G\"&((ROW()-2)*4)+4))","v":""},{"$f":"IF(INDIRECT(\"'MRO Certificate Printing'!J\"&((ROW()-2)*4)+4)=\"\",\"\",INDIRECT(\"'MRO Certificate Printing'!J\"&((ROW()-2)*4)+4))","v":""},{"$f":"IF(INDIRECT(\"'MRO Certificate Printing'!I\"&((ROW()-2)*4)+4)=\"\",\"\",INDIRECT(\"'MRO Certificate Printing'!I\"&((ROW()-2)*4)+4))","v":""},{"$f":"IF(INDIRECT(\"'MRO Certificate Printing'!K\"&((ROW()-2)*4)+4)=\"\",\"\",INDIRECT(\"'MRO Certificate Printing'!K\"&((ROW()-2)*4)+4))","v":""},null,{"$f":"IF(INDIRECT(\"'MRO Certificate Printing'!D\"&((ROW()-2)*4)+5)=\"\",\"\",INDIRECT(\"'MRO Certificate Printing'!D\"&((ROW()-2)*4)+5))","v":""},{"$f":"IF(INDIRECT(\"'MRO Certificate Printing'!E\"&((ROW()-2)*4)+5)=\"\",\"\",INDIRECT(\"'MRO Certificate Printing'!E\"&((ROW()-2)*4)+5))","v":""},{"$f":"IF(INDIRECT(\"'MRO Certificate Printing'!F\"&((ROW()-2)*4)+5)=\"\",\"\",INDIRECT(\"'MRO Certificate Printing'!F\"&((ROW()-2)*4)+5))","v":""},{"$f":"IF(INDIRECT(\"'MRO Certificate Printing'!B\"&((ROW()-2)*4)+5)=\"\",\"\",INDIRECT(\"'MRO Certificate Printing'!B\"&((ROW()-2)*4)+5))","v":""},{"$f":"IF(INDIRECT(\"'MRO Certificate Printing'!G\"&((ROW()-2)*4)+5)=\"\",\"\",INDIRECT(\"'MRO Certificate Printing'!G\"&((ROW()-2)*4)+5))","v":""},{"$f":"IF(INDIRECT(\"'MRO Certificate Printing'!J\"&((ROW()-2)*4)+5)=\"\",\"\",INDIRECT(\"'MRO Certificate Printing'!J\"&((ROW()-2)*4)+5))","v":""},{"$f":"IF(INDIRECT(\"'MRO Certificate Printing'!I\"&((ROW()-2)*4)+5)=\"\",\"\",INDIRECT(\"'MRO Certificate Printing'!I\"&((ROW()-2)*4)+5))","v":""},{"$f":"IF(INDIRECT(\"'MRO Certificate Printing'!K\"&((ROW()-2)*4)+5)=\"\",\"\",INDIRECT(\"'MRO Certificate Printing'!K\"&((ROW()-2)*4)+5))","v":""}]
["",{"$f":"IF(INDIRECT(\"'MRO Certificate Printing'!D\"&((ROW()-2)*4)+2)=\"\",\"\",INDIRECT(\"'MRO Certificate Printing'!D\"&((ROW()-2)*4)+2))","v":""},{"$f":"IF(INDIRECT(\"'MRO Certificate Printing'!E\"&((ROW()-2)*4)+2)=\"\",\"\",INDIRECT(\"'MRO Certificate Printing'!E\"&((ROW()-2)*4)+2))","v":""},{"$f":"IF(INDIRECT(\"'MRO Certificate Printing'!F\"&((ROW()-2)*4)+2)=\"\",\"\",INDIRECT(\"'MRO Certificate Printing'!F\"&((ROW()-2)*4)+2))","v":""},{"$f":"IF(INDIRECT(\"'MRO Certificate Printing'!B\"&((ROW()-2)*4)+2)=\"\",\"\",INDIRECT(\"'MRO Certificate Printing'!B\"&((ROW()-2)*4)+2))","v":""},{"$f":"IF(INDIRECT(\"'MRO Certificate Printing'!G\"&((ROW()-2)*4)+2)=\"\",\"\",INDIRECT(\"'MRO Certificate Printing'!G\"&((ROW()-2)*4)+2))","v":""},{"$f":"IF(INDIRECT(\"'MRO Certificate Printing'!J\"&((ROW()-2)*4)+2)=\"\",\"\",INDIRECT(\"'MRO Certificate Printing'!J\"&((ROW()-2)*4)+2))","v":""},{"$f":"IF(INDIRECT(\"'MRO Certificate Printing'!I\"&((ROW()-2)*4)+2)=\"\",\"\",INDIRECT(\"'MRO Certificate Printing'!I\"&((ROW()-2)*4)+2))","v":""},{"$f":"IF(INDIRECT(\"'MRO Certificate Printing'!K\"&((ROW()-2)*4)+2)=\"\",\"\",INDIRECT(\"'MRO Certificate Printing'!K\"&((ROW()-2)*4)+2))","v":""},null,{"$f":"IF(INDIRECT(\"'MRO Certificate Printing'!D\"&((ROW()-2)*4)+3)=\"\",\"\",INDIRECT(\"'MRO Certificate Printing'!D\"&((ROW()-2)*4)+3))","v":""},{"$f":"IF(INDIRECT(\"'MRO Certificate Printing'!E\"&((ROW()-2)*4)+3)=\"\",\"\",INDIRECT(\"'MRO Certificate Printing'!E\"&((ROW()-2)*4)+3))","v":""},{"$f":"IF(INDIRECT(\"'MRO Certificate Printing'!F\"&((ROW()-2)*4)+3)=\"\",\"\",INDIRECT(\"'MRO Certificate Printing'!F\"&((ROW()-2)*4)+3))","v":""},{"$f":"IF(INDIRECT(\"'MRO Certificate Printing'!B\"&((ROW()-2)*4)+3)=\"\",\"\",INDIRECT(\"'MRO Certificate Printing'!B\"&((ROW()-2)*4)+3))","v":""},{"$f":"IF(INDIRECT(\"'MRO Certificate Printing'!G\"&((ROW()-2)*4)+3)=\"\",\"\",INDIRECT(\"'MRO Certificate Printing'!G\"&((ROW()-2)*4)+3))","v":""},{"$f":"IF(INDIRECT(\"'MRO Certificate Printing'!J\"&((ROW()-2)*4)+3)=\"\",\"\",INDIRECT(\"'MRO Certificate Printing'!J\"&((ROW()-2)*4)+3))","v":""},{"$f":"IF(INDIRECT(\"'MRO Certificate Printing'!I\"&((ROW()-2)*4)+3)=\"\",\"\",INDIRECT(\"'MRO Certificate Printing'!I\"&((ROW()-2)*4)+3))","v":""},{"$f":"IF(INDIRECT(\"'MRO Certificate Printing'!K\"&((ROW()-2)*4)+3)=\"\",\"\",INDIRECT(\"'MRO Certificate Printing'!K\"&((ROW()-2)*4)+3))","v":""},null,{"$f":"IF(INDIRECT(\"'MRO Certificate Printing'!D\"&((ROW()-2)*4)+4)=\"\",\"\",INDIRECT(\"'MRO Certificate Printing'!D\"&((ROW()-2)*4)+4))","v":""},{"$f":"IF(INDIRECT(\"'MRO Certificate Printing'!E\"&((ROW()-2)*4)+4)=\"\",\"\",INDIRECT(\"'MRO Certificate Printing'!E\"&((ROW()-2)*4)+4))","v":""},{"$f":"IF(INDIRECT(\"'MRO Certificate Printing'!F\"&((ROW()-2)*4)+4)=\"\",\"\",INDIRECT(\"'MRO Certificate Printing'!F\"&((ROW()-2)*4)+4))","v":""},{"$f":"IF(INDIRECT(\"'MRO Certificate Printing'!B\"&((ROW()-2)*4)+4)=\"\",\"\",INDIRECT(\"'MRO Certificate Printing'!B\"&((ROW()-2)*4)+4))","v":""},{"$f":"IF(INDIRECT(\"'MRO Certificate Printing'!G\"&((ROW()-2)*4)+4)=\"\",\"\",INDIRECT(\"'MRO Certificate Printing'!G\"&((ROW()-2)*4)+4))","v":""},{"$f":"IF(INDIRECT(\"'MRO Certificate Printing'!J\"&((ROW()-2)*4)+4)=\"\",\"\",INDIRECT(\"'MRO Certificate Printing'!J\"&((ROW()-2)*4)+4))","v":""},{"$f":"IF(INDIRECT(\"'MRO Certificate Printing'!I\"&((ROW()-2)*4)+4)=\"\",\"\",INDIRECT(\"'MRO Certificate Printing'!I\"&((ROW()-2)*4)+4))","v":""},{"$f":"IF(INDIRECT(\"'MRO Certificate Printing'!K\"&((ROW()-2)*4)+4)=\"\",\"\",INDIRECT(\"'MRO Certificate Printing'!K\"&((ROW()-2)*4)+4))","v":""},null,{"$f":"IF(INDIRECT(\"'MRO Certificate Printing'!D\"&((ROW()-2)*4)+5)=\"\",\"\",INDIRECT(\"'MRO Certificate Printing'!D\"&((ROW()-2)*4)+5))","v":""},{"$f":"IF(INDIRECT(\"'MRO Certificate Printing'!E\"&((ROW()-2)*4)+5)=\"\",\"\",INDIRECT(\"'MRO Certificate Printing'!E\"&((ROW()-2)*4)+5))","v":""},{"$f":"IF(INDIRECT(\"'MRO Certificate Printing'!F\"&((ROW()-2)*4)+5)=\"\",\"\",INDIRECT(\"'MRO Certificate Printing'!F\"&((ROW()-2)*4)+5))","v":""},{"$f":"IF(INDIRECT(\"'MRO Certificate Printing'!B\"&((ROW()-2)*4)+5)=\"\",\"\",INDIRECT(\"'MRO Certificate Printing'!B\"&((ROW()-2)*4)+5))","v":""},{"$f":"IF(INDIRECT(\"'MRO Certificate Printing'!G\"&((ROW()-2)*4)+5)=\"\",\"\",INDIRECT(\"'MRO Certificate Printing'!G\"&((ROW()-2)*4)+5))","v":""},{"$f":"IF(INDIRECT(\"'MRO Certificate Printing'!J\"&((ROW()-2)*4)+5)=\"\",\"\",INDIRECT(\"'MRO Certificate Printing'!J\"&((ROW()-2)*4)+5))","v":""},{"$f":"IF(INDIRECT(\"'MRO Certificate Printing'!I\"&((ROW()-2)*4)+5)=\"\",\"\",INDIRECT(\"'MRO Certificate Printing'!I\"&((ROW()-2)*4)+5))","v":""},{"$f":"IF(INDIRECT(\"'MRO Certificate Printing'!K\"&((ROW()-2)*4)+5)=\"\",\"\",INDIRECT(\"'MRO Certificate Printing'!K\"&((ROW()-2)*4)+5))","v":""}]
["",{"$f":"IF(INDIRECT(\"'MRO Certificate Printing'!D\"&((ROW()-2)*4)+2)=\"\",\"\",INDIRECT(\"'MRO Certificate Printing'!D\"&((ROW()-2)*4)+2))","v":""},{"$f":"IF(INDIRECT(\"'MRO Certificate Printing'!E\"&((ROW()-2)*4)+2)=\"\",\"\",INDIRECT(\"'MRO Certificate Printing'!E\"&((ROW()-2)*4)+2))","v":""},{"$f":"IF(INDIRECT(\"'MRO Certificate Printing'!F\"&((ROW()-2)*4)+2)=\"\",\"\",INDIRECT(\"'MRO Certificate Printing'!F\"&((ROW()-2)*4)+2))","v":""},{"$f":"IF(INDIRECT(\"'MRO Certificate Printing'!B\"&((ROW()-2)*4)+2)=\"\",\"\",INDIRECT(\"'MRO Certificate Printing'!B\"&((ROW()-2)*4)+2))","v":""},{"$f":"IF(INDIRECT(\"'MRO Certificate Printing'!G\"&((ROW()-2)*4)+2)=\"\",\"\",INDIRECT(\"'MRO Certificate Printing'!G\"&((ROW()-2)*4)+2))","v":""},{"$f":"IF(INDIRECT(\"'MRO Certificate Printing'!J\"&((ROW()-2)*4)+2)=\"\",\"\",INDIRECT(\"'MRO Certificate Printing'!J\"&((ROW()-2)*4)+2))","v":""},{"$f":"IF(INDIRECT(\"'MRO Certificate Printing'!I\"&((ROW()-2)*4)+2)=\"\",\"\",INDIRECT(\"'MRO Certificate Printing'!I\"&((ROW()-2)*4)+2))","v":""},{"$f":"IF(INDIRECT(\"'MRO Certificate Printing'!K\"&((ROW()-2)*4)+2)=\"\",\"\",INDIRECT(\"'MRO Certificate Printing'!K\"&((ROW()-2)*4)+2))","v":""},null,{"$f":"IF(INDIRECT(\"'MRO Certificate Printing'!D\"&((ROW()-2)*4)+3)=\"\",\"\",INDIRECT(\"'MRO Certificate Printing'!D\"&((ROW()-2)*4)+3))","v":""},{"$f":"IF(INDIRECT(\"'MRO Certificate Printing'!E\"&((ROW()-2)*4)+3)=\"\",\"\",INDIRECT(\"'MRO Certificate Printing'!E\"&((ROW()-2)*4)+3))","v":""},{"$f":"IF(INDIRECT(\"'MRO Certificate Printing'!F\"&((ROW()-2)*4)+3)=\"\",\"\",INDIRECT(\"'MRO Certificate Printing'!F\"&((ROW()-2)*4)+3))","v":""},{"$f":"IF(INDIRECT(\"'MRO Certificate Printing'!B\"&((ROW()-2)*4)+3)=\"\",\"\",INDIRECT(\"'MRO Certificate Printing'!B\"&((ROW()-2)*4)+3))","v":""},{"$f":"IF(INDIRECT(\"'MRO Certificate Printing'!G\"&((ROW()-2)*4)+3)=\"\",\"\",INDIRECT(\"'MRO Certificate Printing'!G\"&((ROW()-2)*4)+3))","v":""},{"$f":"IF(INDIRECT(\"'MRO Certificate Printing'!J\"&((ROW()-2)*4)+3)=\"\",\"\",INDIRECT(\"'MRO Certificate Printing'!J\"&((ROW()-2)*4)+3))","v":""},{"$f":"IF(INDIRECT(\"'MRO Certificate Printing'!I\"&((ROW()-2)*4)+3)=\"\",\"\",INDIRECT(\"'MRO Certificate Printing'!I\"&((ROW()-2)*4)+3))","v":""},{"$f":"IF(INDIRECT(\"'MRO Certificate Printing'!K\"&((ROW()-2)*4)+3)=\"\",\"\",INDIRECT(\"'MRO Certificate Printing'!K\"&((ROW()-2)*4)+3))","v":""},null,{"$f":"IF(INDIRECT(\"'MRO Certificate Printing'!D\"&((ROW()-2)*4)+4)=\"\",\"\",INDIRECT(\"'MRO Certificate Printing'!D\"&((ROW()-2)*4)+4))","v":""},{"$f":"IF(INDIRECT(\"'MRO Certificate Printing'!E\"&((ROW()-2)*4)+4)=\"\",\"\",INDIRECT(\"'MRO Certificate Printing'!E\"&((ROW()-2)*4)+4))","v":""},{"$f":"IF(INDIRECT(\"'MRO Certificate Printing'!F\"&((ROW()-2)*4)+4)=\"\",\"\",INDIRECT(\"'MRO Certificate Printing'!F\"&((ROW()-2)*4)+4))","v":""},{"$f":"IF(INDIRECT(\"'MRO Certificate Printing'!B\"&((ROW()-2)*4)+4)=\"\",\"\",INDIRECT(\"'MRO Certificate Printing'!B\"&((ROW()-2)*4)+4))","v":""},{"$f":"IF(INDIRECT(\"'MRO Certificate Printing'!G\"&((ROW()-2)*4)+4)=\"\",\"\",INDIRECT(\"'MRO Certificate Printing'!G\"&((ROW()-2)*4)+4))","v":""},{"$f":"IF(INDIRECT(\"'MRO Certificate Printing'!J\"&((ROW()-2)*4)+4)=\"\",\"\",INDIRECT(\"'MRO Certificate Printing'!J\"&((ROW()-2)*4)+4))","v":""},{"$f":"IF(INDIRECT(\"'MRO Certificate Printing'!I\"&((ROW()-2)*4)+4)=\"\",\"\",INDIRECT(\"'MRO Certificate Printing'!I\"&((ROW()-2)*4)+4))","v":""},{"$f":"IF(INDIRECT(\"'MRO Certificate Printing'!K\"&((ROW()-2)*4)+4)=\"\",\"\",INDIRECT(\"'MRO Certificate Printing'!K\"&((ROW()-2)*4)+4))","v":""},null,{"$f":"IF(INDIRECT(\"'MRO Certificate Printing'!D\"&((ROW()-2)*4)+5)=\"\",\"\",INDIRECT(\"'MRO Certificate Printing'!D\"&((ROW()-2)*4)+5))","v":""},{"$f":"IF(INDIRECT(\"'MRO Certificate Printing'!E\"&((ROW()-2)*4)+5)=\"\",\"\",INDIRECT(\"'MRO Certificate Printing'!E\"&((ROW()-2)*4)+5))","v":""},{"$f":"IF(INDIRECT(\"'MRO Certificate Printing'!F\"&((ROW()-2)*4)+5)=\"\",\"\",INDIRECT(\"'MRO Certificate Printing'!F\"&((ROW()-2)*4)+5))","v":""},{"$f":"IF(INDIRECT(\"'MRO Certificate Printing'!B\"&((ROW()-2)*4)+5)=\"\",\"\",INDIRECT(\"'MRO Certificate Printing'!B\"&((ROW()-2)*4)+5))","v":""},{"$f":"IF(INDIRECT(\"'MRO Certificate Printing'!G\"&((ROW()-2)*4)+5)=\"\",\"\",INDIRECT(\"'MRO Certificate Printing'!G\"&((ROW()-2)*4)+5))","v":""},{"$f":"IF(INDIRECT(\"'MRO Certificate Printing'!J\"&((ROW()-2)*4)+5)=\"\",\"\",INDIRECT(\"'MRO Certificate Printing'!J\"&((ROW()-2)*4)+5))","v":""},{"$f":"IF(INDIRECT(\"'MRO Certificate Printing'!I\"&((ROW()-2)*4)+5)=\"\",\"\",INDIRECT(\"'MRO Certificate Printing'!I\"&((ROW()-2)*4)+5))","v":""},{"$f":"IF(INDIRECT(\"'MRO Certificate Printing'!K\"&((ROW()-2)*4)+5)=\"\",\"\",INDIRECT(\"'MRO Certificate Printing'!K\"&((ROW()-2)*4)+5))","v":""}]
["",{"$f":"IF(INDIRECT(\"'MRO Certificate Printing'!D\"&((ROW()-2)*4)+2)=\"\",\"\",INDIRECT(\"'MRO Certificate Printing'!D\"&((ROW()-2)*4)+2))","v":""},{"$f":"IF(INDIRECT(\"'MRO Certificate Printing'!E\"&((ROW()-2)*4)+2)=\"\",\"\",INDIRECT(\"'MRO Certificate Printing'!E\"&((ROW()-2)*4)+2))","v":""},{"$f":"IF(INDIRECT(\"'MRO Certificate Printing'!F\"&((ROW()-2)*4)+2)=\"\",\"\",INDIRECT(\"'MRO Certificate Printing'!F\"&((ROW()-2)*4)+2))","v":""},{"$f":"IF(INDIRECT(\"'MRO Certificate Printing'!B\"&((ROW()-2)*4)+2)=\"\",\"\",INDIRECT(\"'MRO Certificate Printing'!B\"&((ROW()-2)*4)+2))","v":""},{"$f":"IF(INDIRECT(\"'MRO Certificate Printing'!G\"&((ROW()-2)*4)+2)=\"\",\"\",INDIRECT(\"'MRO Certificate Printing'!G\"&((ROW()-2)*4)+2))","v":""},{"$f":"IF(INDIRECT(\"'MRO Certificate Printing'!J\"&((ROW()-2)*4)+2)=\"\",\"\",INDIRECT(\"'MRO Certificate Printing'!J\"&((ROW()-2)*4)+2))","v":""},{"$f":"IF(INDIRECT(\"'MRO Certificate Printing'!I\"&((ROW()-2)*4)+2)=\"\",\"\",INDIRECT(\"'MRO Certificate Printing'!I\"&((ROW()-2)*4)+2))","v":""},{"$f":"IF(INDIRECT(\"'MRO Certificate Printing'!K\"&((ROW()-2)*4)+2)=\"\",\"\",INDIRECT(\"'MRO Certificate Printing'!K\"&((ROW()-2)*4)+2))","v":""},null,{"$f":"IF(INDIRECT(\"'MRO Certificate Printing'!D\"&((ROW()-2)*4)+3)=\"\",\"\",INDIRECT(\"'MRO Certificate Printing'!D\"&((ROW()-2)*4)+3))","v":""},{"$f":"IF(INDIRECT(\"'MRO Certificate Printing'!E\"&((ROW()-2)*4)+3)=\"\",\"\",INDIRECT(\"'MRO Certificate Printing'!E\"&((ROW()-2)*4)+3))","v":""},{"$f":"IF(INDIRECT(\"'MRO Certificate Printing'!F\"&((ROW()-2)*4)+3)=\"\",\"\",INDIRECT(\"'MRO Certificate Printing'!F\"&((ROW()-2)*4)+3))","v":""},{"$f":"IF(INDIRECT(\"'MRO Certificate Printing'!B\"&((ROW()-2)*4)+3)=\"\",\"\",INDIRECT(\"'MRO Certificate Printing'!B\"&((ROW()-2)*4)+3))","v":""},{"$f":"IF(INDIRECT(\"'MRO Certificate Printing'!G\"&((ROW()-2)*4)+3)=\"\",\"\",INDIRECT(\"'MRO Certificate Printing'!G\"&((ROW()-2)*4)+3))","v":""},{"$f":"IF(INDIRECT(\"'MRO Certificate Printing'!J\"&((ROW()-2)*4)+3)=\"\",\"\",INDIRECT(\"'MRO Certificate Printing'!J\"&((ROW()-2)*4)+3))","v":""},{"$f":"IF(INDIRECT(\"'MRO Certificate Printing'!I\"&((ROW()-2)*4)+3)=\"\",\"\",INDIRECT(\"'MRO Certificate Printing'!I\"&((ROW()-2)*4)+3))","v":""},{"$f":"IF(INDIRECT(\"'MRO Certificate Printing'!K\"&((ROW()-2)*4)+3)=\"\",\"\",INDIRECT(\"'MRO Certificate Printing'!K\"&((ROW()-2)*4)+3))","v":""},null,{"$f":"IF(INDIRECT(\"'MRO Certificate Printing'!D\"&((ROW()-2)*4)+4)=\"\",\"\",INDIRECT(\"'MRO Certificate Printing'!D\"&((ROW()-2)*4)+4))","v":""},{"$f":"IF(INDIRECT(\"'MRO Certificate Printing'!E\"&((ROW()-2)*4)+4)=\"\",\"\",INDIRECT(\"'MRO Certificate Printing'!E\"&((ROW()-2)*4)+4))","v":""},{"$f":"IF(INDIRECT(\"'MRO Certificate Printing'!F\"&((ROW()-2)*4)+4)=\"\",\"\",INDIRECT(\"'MRO Certificate Printing'!F\"&((ROW()-2)*4)+4))","v":""},{"$f":"IF(INDIRECT(\"'MRO Certificate Printing'!B\"&((ROW()-2)*4)+4)=\"\",\"\",INDIRECT(\"'MRO Certificate Printing'!B\"&((ROW()-2)*4)+4))","v":""},{"$f":"IF(INDIRECT(\"'MRO Certificate Printing'!G\"&((ROW()-2)*4)+4)=\"\",\"\",INDIRECT(\"'MRO Certificate Printing'!G\"&((ROW()-2)*4)+4))","v":""},{"$f":"IF(INDIRECT(\"'MRO Certificate Printing'!J\"&((ROW()-2)*4)+4)=\"\",\"\",INDIRECT(\"'MRO Certificate Printing'!J\"&((ROW()-2)*4)+4))","v":""},{"$f":"IF(INDIRECT(\"'MRO Certificate Printing'!I\"&((ROW()-2)*4)+4)=\"\",\"\",INDIRECT(\"'MRO Certificate Printing'!I\"&((ROW()-2)*4)+4))","v":""},{"$f":"IF(INDIRECT(\"'MRO Certificate Printing'!K\"&((ROW()-2)*4)+4)=\"\",\"\",INDIRECT(\"'MRO Certificate Printing'!K\"&((ROW()-2)*4)+4))","v":""},null,{"$f":"IF(INDIRECT(\"'MRO Certificate Printing'!D\"&((ROW()-2)*4)+5)=\"\",\"\",INDIRECT(\"'MRO Certificate Printing'!D\"&((ROW()-2)*4)+5))","v":""},{"$f":"IF(INDIRECT(\"'MRO Certificate Printing'!E\"&((ROW()-2)*4)+5)=\"\",\"\",INDIRECT(\"'MRO Certificate Printing'!E\"&((ROW()-2)*4)+5))","v":""},{"$f":"IF(INDIRECT(\"'MRO Certificate Printing'!F\"&((ROW()-2)*4)+5)=\"\",\"\",INDIRECT(\"'MRO Certificate Printing'!F\"&((ROW()-2)*4)+5))","v":""},{"$f":"IF(INDIRECT(\"'MRO Certificate Printing'!B\"&((ROW()-2)*4)+5)=\"\",\"\",INDIRECT(\"'MRO Certificate Printing'!B\"&((ROW()-2)*4)+5))","v":""},{"$f":"IF(INDIRECT(\"'MRO Certificate Printing'!G\"&((ROW()-2)*4)+5)=\"\",\"\",INDIRECT(\"'MRO Certificate Printing'!G\"&((ROW()-2)*4)+5))","v":""},{"$f":"IF(INDIRECT(\"'MRO Certificate Printing'!J\"&((ROW()-2)*4)+5)=\"\",\"\",INDIRECT(\"'MRO Certificate Printing'!J\"&((ROW()-2)*4)+5))","v":""},{"$f":"IF(INDIRECT(\"'MRO Certificate Printing'!I\"&((ROW()-2)*4)+5)=\"\",\"\",INDIRECT(\"'MRO Certificate Printing'!I\"&((ROW()-2)*4)+5))","v":""},{"$f":"IF(INDIRECT(\"'MRO Certificate Printing'!K\"&((ROW()-2)*4)+5)=\"\",\"\",INDIRECT(\"'MRO Certificate Printing'!K\"&((ROW()-2)*4)+5))","v":""}]
["",{"$f":"IF(INDIRECT(\"'MRO Certificate Printing'!D\"&((ROW()-2)*4)+2)=\"\",\"\",INDIRECT(\"'MRO Certificate Printing'!D\"&((ROW()-2)*4)+2))","v":""},{"$f":"IF(INDIRECT(\"'MRO Certificate Printing'!E\"&((ROW()-2)*4)+2)=\"\",\"\",INDIRECT(\"'MRO Certificate Printing'!E\"&((ROW()-2)*4)+2))","v":""},{"$f":"IF(INDIRECT(\"'MRO Certificate Printing'!F\"&((ROW()-2)*4)+2)=\"\",\"\",INDIRECT(\"'MRO Certificate Printing'!F\"&((ROW()-2)*4)+2))","v":""},{"$f":"IF(INDIRECT(\"'MRO Certificate Printing'!B\"&((ROW()-2)*4)+2)=\"\",\"\",INDIRECT(\"'MRO Certificate Printing'!B\"&((ROW()-2)*4)+2))","v":""},{"$f":"IF(INDIRECT(\"'MRO Certificate Printing'!G\"&((ROW()-2)*4)+2)=\"\",\"\",INDIRECT(\"'MRO Certificate Printing'!G\"&((ROW()-2)*4)+2))","v":""},{"$f":"IF(INDIRECT(\"'MRO Certificate Printing'!J\"&((ROW()-2)*4)+2)=\"\",\"\",INDIRECT(\"'MRO Certificate Printing'!J\"&((ROW()-2)*4)+2))","v":""},{"$f":"IF(INDIRECT(\"'MRO Certificate Printing'!I\"&((ROW()-2)*4)+2)=\"\",\"\",INDIRECT(\"'MRO Certificate Printing'!I\"&((ROW()-2)*4)+2))","v":""},{"$f":"IF(INDIRECT(\"'MRO Certificate Printing'!K\"&((ROW()-2)*4)+2)=\"\",\"\",INDIRECT(\"'MRO Certificate Printing'!K\"&((ROW()-2)*4)+2))","v":""},null,{"$f":"IF(INDIRECT(\"'MRO Certificate Printing'!D\"&((ROW()-2)*4)+3)=\"\",\"\",INDIRECT(\"'MRO Certificate Printing'!D\"&((ROW()-2)*4)+3))","v":""},{"$f":"IF(INDIRECT(\"'MRO Certificate Printing'!E\"&((ROW()-2)*4)+3)=\"\",\"\",INDIRECT(\"'MRO Certificate Printing'!E\"&((ROW()-2)*4)+3))","v":""},{"$f":"IF(INDIRECT(\"'MRO Certificate Printing'!F\"&((ROW()-2)*4)+3)=\"\",\"\",INDIRECT(\"'MRO Certificate Printing'!F\"&((ROW()-2)*4)+3))","v":""},{"$f":"IF(INDIRECT(\"'MRO Certificate Printing'!B\"&((ROW()-2)*4)+3)=\"\",\"\",INDIRECT(\"'MRO Certificate Printing'!B\"&((ROW()-2)*4)+3))","v":""},{"$f":"IF(INDIRECT(\"'MRO Certificate Printing'!G\"&((ROW()-2)*4)+3)=\"\",\"\",INDIRECT(\"'MRO Certificate Printing'!G\"&((ROW()-2)*4)+3))","v":""},{"$f":"IF(INDIRECT(\"'MRO Certificate Printing'!J\"&((ROW()-2)*4)+3)=\"\",\"\",INDIRECT(\"'MRO Certificate Printing'!J\"&((ROW()-2)*4)+3))","v":""},{"$f":"IF(INDIRECT(\"'MRO Certificate Printing'!I\"&((ROW()-2)*4)+3)=\"\",\"\",INDIRECT(\"'MRO Certificate Printing'!I\"&((ROW()-2)*4)+3))","v":""},{"$f":"IF(INDIRECT(\"'MRO Certificate Printing'!K\"&((ROW()-2)*4)+3)=\"\",\"\",INDIRECT(\"'MRO Certificate Printing'!K\"&((ROW()-2)*4)+3))","v":""},null,{"$f":"IF(INDIRECT(\"'MRO Certificate Printing'!D\"&((ROW()-2)*4)+4)=\"\",\"\",INDIRECT(\"'MRO Certificate Printing'!D\"&((ROW()-2)*4)+4))","v":""},{"$f":"IF(INDIRECT(\"'MRO Certificate Printing'!E\"&((ROW()-2)*4)+4)=\"\",\"\",INDIRECT(\"'MRO Certificate Printing'!E\"&((ROW()-2)*4)+4))","v":""},{"$f":"IF(INDIRECT(\"'MRO Certificate Printing'!F\"&((ROW()-2)*4)+4)=\"\",\"\",INDIRECT(\"'MRO Certificate Printing'!F\"&((ROW()-2)*4)+4))","v":""},{"$f":"IF(INDIRECT(\"'MRO Certificate Printing'!B\"&((ROW()-2)*4)+4)=\"\",\"\",INDIRECT(\"'MRO Certificate Printing'!B\"&((ROW()-2)*4)+4))","v":""},{"$f":"IF(INDIRECT(\"'MRO Certificate Printing'!G\"&((ROW()-2)*4)+4)=\"\",\"\",INDIRECT(\"'MRO Certificate Printing'!G\"&((ROW()-2)*4)+4))","v":""},{"$f":"IF(INDIRECT(\"'MRO Certificate Printing'!J\"&((ROW()-2)*4)+4)=\"\",\"\",INDIRECT(\"'MRO Certificate Printing'!J\"&((ROW()-2)*4)+4))","v":""},{"$f":"IF(INDIRECT(\"'MRO Certificate Printing'!I\"&((ROW()-2)*4)+4)=\"\",\"\",INDIRECT(\"'MRO Certificate Printing'!I\"&((ROW()-2)*4)+4))","v":""},{"$f":"IF(INDIRECT(\"'MRO Certificate Printing'!K\"&((ROW()-2)*4)+4)=\"\",\"\",INDIRECT(\"'MRO Certificate Printing'!K\"&((ROW()-2)*4)+4))","v":""},null,{"$f":"IF(INDIRECT(\"'MRO Certificate Printing'!D\"&((ROW()-2)*4)+5)=\"\",\"\",INDIRECT(\"'MRO Certificate Printing'!D\"&((ROW()-2)*4)+5))","v":""},{"$f":"IF(INDIRECT(\"'MRO Certificate Printing'!E\"&((ROW()-2)*4)+5)=\"\",\"\",INDIRECT(\"'MRO Certificate Printing'!E\"&((ROW()-2)*4)+5))","v":""},{"$f":"IF(INDIRECT(\"'MRO Certificate Printing'!F\"&((ROW()-2)*4)+5)=\"\",\"\",INDIRECT(\"'MRO Certificate Printing'!F\"&((ROW()-2)*4)+5))","v":""},{"$f":"IF(INDIRECT(\"'MRO Certificate Printing'!B\"&((ROW()-2)*4)+5)=\"\",\"\",INDIRECT(\"'MRO Certificate Printing'!B\"&((ROW()-2)*4)+5))","v":""},{"$f":"IF(INDIRECT(\"'MRO Certificate Printing'!G\"&((ROW()-2)*4)+5)=\"\",\"\",INDIRECT(\"'MRO Certificate Printing'!G\"&((ROW()-2)*4)+5))","v":""},{"$f":"IF(INDIRECT(\"'MRO Certificate Printing'!J\"&((ROW()-2)*4)+5)=\"\",\"\",INDIRECT(\"'MRO Certificate Printing'!J\"&((ROW()-2)*4)+5))","v":""},{"$f":"IF(INDIRECT(\"'MRO Certificate Printing'!I\"&((ROW()-2)*4)+5)=\"\",\"\",INDIRECT(\"'MRO Certificate Printing'!I\"&((ROW()-2)*4)+5))","v":""},{"$f":"IF(INDIRECT(\"'MRO Certificate Printing'!K\"&((ROW()-2)*4)+5)=\"\",\"\",INDIRECT(\"'MRO Certificate Printing'!K\"&((ROW()-2)*4)+5))","v":""}]
["",{"$f":"IF(INDIRECT(\"'MRO Certificate Printing'!D\"&((ROW()-2)*4)+2)=\"\",\"\",INDIRECT(\"'MRO Certificate Printing'!D\"&((ROW()-2)*4)+2))","v":""},{"$f":"IF(INDIRECT(\"'MRO Certificate Printing'!E\"&((ROW()-2)*4)+2)=\"\",\"\",INDIRECT(\"'MRO Certificate Printing'!E\"&((ROW()-2)*4)+2))","v":""},{"$f":"IF(INDIRECT(\"'MRO Certificate Printing'!F\"&((ROW()-2)*4)+2)=\"\",\"\",INDIRECT(\"'MRO Certificate Printing'!F\"&((ROW()-2)*4)+2))","v":""},{"$f":"IF(INDIRECT(\"'MRO Certificate Printing'!B\"&((ROW()-2)*4)+2)=\"\",\"\",INDIRECT(\"'MRO Certificate Printing'!B\"&((ROW()-2)*4)+2))","v":""},{"$f":"IF(INDIRECT(\"'MRO Certificate Printing'!G\"&((ROW()-2)*4)+2)=\"\",\"\",INDIRECT(\"'MRO Certificate Printing'!G\"&((ROW()-2)*4)+2))","v":""},{"$f":"IF(INDIRECT(\"'MRO Certificate Printing'!J\"&((ROW()-2)*4)+2)=\"\",\"\",INDIRECT(\"'MRO Certificate Printing'!J\"&((ROW()-2)*4)+2))","v":""},{"$f":"IF(INDIRECT(\"'MRO Certificate Printing'!I\"&((ROW()-2)*4)+2)=\"\",\"\",INDIRECT(\"'MRO Certificate Printing'!I\"&((ROW()-2)*4)+2))","v":""},{"$f":"IF(INDIRECT(\"'MRO Certificate Printing'!K\"&((ROW()-2)*4)+2)=\"\",\"\",INDIRECT(\"'MRO Certificate Printing'!K\"&((ROW()-2)*4)+2))","v":""},null,{"$f":"IF(INDIRECT(\"'MRO Certificate Printing'!D\"&((ROW()-2)*4)+3)=\"\",\"\",INDIRECT(\"'MRO Certificate Printing'!D\"&((ROW()-2)*4)+3))","v":""},{"$f":"IF(INDIRECT(\"'MRO Certificate Printing'!E\"&((ROW()-2)*4)+3)=\"\",\"\",INDIRECT(\"'MRO Certificate Printing'!E\"&((ROW()-2)*4)+3))","v":""},{"$f":"IF(INDIRECT(\"'MRO Certificate Printing'!F\"&((ROW()-2)*4)+3)=\"\",\"\",INDIRECT(\"'MRO Certificate Printing'!F\"&((ROW()-2)*4)+3))","v":""},{"$f":"IF(INDIRECT(\"'MRO Certificate Printing'!B\"&((ROW()-2)*4)+3)=\"\",\"\",INDIRECT(\"'MRO Certificate Printing'!B\"&((ROW()-2)*4)+3))","v":""},{"$f":"IF(INDIRECT(\"'MRO Certificate Printing'!G\"&((ROW()-2)*4)+3)=\"\",\"\",INDIRECT(\"'MRO Certificate Printing'!G\"&((ROW()-2)*4)+3))","v":""},{"$f":"IF(INDIRECT(\"'MRO Certificate Printing'!J\"&((ROW()-2)*4)+3)=\"\",\"\",INDIRECT(\"'MRO Certificate Printing'!J\"&((ROW()-2)*4)+3))","v":""},{"$f":"IF(INDIRECT(\"'MRO Certificate Printing'!I\"&((ROW()-2)*4)+3)=\"\",\"\",INDIRECT(\"'MRO Certificate Printing'!I\"&((ROW()-2)*4)+3))","v":""},{"$f":"IF(INDIRECT(\"'MRO Certificate Printing'!K\"&((ROW()-2)*4)+3)=\"\",\"\",INDIRECT(\"'MRO Certificate Printing'!K\"&((ROW()-2)*4)+3))","v":""},null,{"$f":"IF(INDIRECT(\"'MRO Certificate Printing'!D\"&((ROW()-2)*4)+4)=\"\",\"\",INDIRECT(\"'MRO Certificate Printing'!D\"&((ROW()-2)*4)+4))","v":""},{"$f":"IF(INDIRECT(\"'MRO Certificate Printing'!E\"&((ROW()-2)*4)+4)=\"\",\"\",INDIRECT(\"'MRO Certificate Printing'!E\"&((ROW()-2)*4)+4))","v":""},{"$f":"IF(INDIRECT(\"'MRO Certificate Printing'!F\"&((ROW()-2)*4)+4)=\"\",\"\",INDIRECT(\"'MRO Certificate Printing'!F\"&((ROW()-2)*4)+4))","v":""},{"$f":"IF(INDIRECT(\"'MRO Certificate Printing'!B\"&((ROW()-2)*4)+4)=\"\",\"\",INDIRECT(\"'MRO Certificate Printing'!B\"&((ROW()-2)*4)+4))","v":""},{"$f":"IF(INDIRECT(\"'MRO Certificate Printing'!G\"&((ROW()-2)*4)+4)=\"\",\"\",INDIRECT(\"'MRO Certificate Printing'!G\"&((ROW()-2)*4)+4))","v":""},{"$f":"IF(INDIRECT(\"'MRO Certificate Printing'!J\"&((ROW()-2)*4)+4)=\"\",\"\",INDIRECT(\"'MRO Certificate Printing'!J\"&((ROW()-2)*4)+4))","v":""},{"$f":"IF(INDIRECT(\"'MRO Certificate Printing'!I\"&((ROW()-2)*4)+4)=\"\",\"\",INDIRECT(\"'MRO Certificate Printing'!I\"&((ROW()-2)*4)+4))","v":""},{"$f":"IF(INDIRECT(\"'MRO Certificate Printing'!K\"&((ROW()-2)*4)+4)=\"\",\"\",INDIRECT(\"'MRO Certificate Printing'!K\"&((ROW()-2)*4)+4))","v":""},null,{"$f":"IF(INDIRECT(\"'MRO Certificate Printing'!D\"&((ROW()-2)*4)+5)=\"\",\"\",INDIRECT(\"'MRO Certificate Printing'!D\"&((ROW()-2)*4)+5))","v":""},{"$f":"IF(INDIRECT(\"'MRO Certificate Printing'!E\"&((ROW()-2)*4)+5)=\"\",\"\",INDIRECT(\"'MRO Certificate Printing'!E\"&((ROW()-2)*4)+5))","v":""},{"$f":"IF(INDIRECT(\"'MRO Certificate Printing'!F\"&((ROW()-2)*4)+5)=\"\",\"\",INDIRECT(\"'MRO Certificate Printing'!F\"&((ROW()-2)*4)+5))","v":""},{"$f":"IF(INDIRECT(\"'MRO Certificate Printing'!B\"&((ROW()-2)*4)+5)=\"\",\"\",INDIRECT(\"'MRO Certificate Printing'!B\"&((ROW()-2)*4)+5))","v":""},{"$f":"IF(INDIRECT(\"'MRO Certificate Printing'!G\"&((ROW()-2)*4)+5)=\"\",\"\",INDIRECT(\"'MRO Certificate Printing'!G\"&((ROW()-2)*4)+5))","v":""},{"$f":"IF(INDIRECT(\"'MRO Certificate Printing'!J\"&((ROW()-2)*4)+5)=\"\",\"\",INDIRECT(\"'MRO Certificate Printing'!J\"&((ROW()-2)*4)+5))","v":""},{"$f":"IF(INDIRECT(\"'MRO Certificate Printing'!I\"&((ROW()-2)*4)+5)=\"\",\"\",INDIRECT(\"'MRO Certificate Printing'!I\"&((ROW()-2)*4)+5))","v":""},{"$f":"IF(INDIRECT(\"'MRO Certificate Printing'!K\"&((ROW()-2)*4)+5)=\"\",\"\",INDIRECT(\"'MRO Certificate Printing'!K\"&((ROW()-2)*4)+5))","v":""}]
["",{"$f":"IF(INDIRECT(\"'MRO Certificate Printing'!D\"&((ROW()-2)*4)+2)=\"\",\"\",INDIRECT(\"'MRO Certificate Printing'!D\"&((ROW()-2)*4)+2))","v":""},{"$f":"IF(INDIRECT(\"'MRO Certificate Printing'!E\"&((ROW()-2)*4)+2)=\"\",\"\",INDIRECT(\"'MRO Certificate Printing'!E\"&((ROW()-2)*4)+2))","v":""},{"$f":"IF(INDIRECT(\"'MRO Certificate Printing'!F\"&((ROW()-2)*4)+2)=\"\",\"\",INDIRECT(\"'MRO Certificate Printing'!F\"&((ROW()-2)*4)+2))","v":""},{"$f":"IF(INDIRECT(\"'MRO Certificate Printing'!B\"&((ROW()-2)*4)+2)=\"\",\"\",INDIRECT(\"'MRO Certificate Printing'!B\"&((ROW()-2)*4)+2))","v":""},{"$f":"IF(INDIRECT(\"'MRO Certificate Printing'!G\"&((ROW()-2)*4)+2)=\"\",\"\",INDIRECT(\"'MRO Certificate Printing'!G\"&((ROW()-2)*4)+2))","v":""},{"$f":"IF(INDIRECT(\"'MRO Certificate Printing'!J\"&((ROW()-2)*4)+2)=\"\",\"\",INDIRECT(\"'MRO Certificate Printing'!J\"&((ROW()-2)*4)+2))","v":""},{"$f":"IF(INDIRECT(\"'MRO Certificate Printing'!I\"&((ROW()-2)*4)+2)=\"\",\"\",INDIRECT(\"'MRO Certificate Printing'!I\"&((ROW()-2)*4)+2))","v":""},{"$f":"IF(INDIRECT(\"'MRO Certificate Printing'!K\"&((ROW()-2)*4)+2)=\"\",\"\",INDIRECT(\"'MRO Certificate Printing'!K\"&((ROW()-2)*4)+2))","v":""},null,{"$f":"IF(INDIRECT(\"'MRO Certificate Printing'!D\"&((ROW()-2)*4)+3)=\"\",\"\",INDIRECT(\"'MRO Certificate Printing'!D\"&((ROW()-2)*4)+3))","v":""},{"$f":"IF(INDIRECT(\"'MRO Certificate Printing'!E\"&((ROW()-2)*4)+3)=\"\",\"\",INDIRECT(\"'MRO Certificate Printing'!E\"&((ROW()-2)*4)+3))","v":""},{"$f":"IF(INDIRECT(\"'MRO Certificate Printing'!F\"&((ROW()-2)*4)+3)=\"\",\"\",INDIRECT(\"'MRO Certificate Printing'!F\"&((ROW()-2)*4)+3))","v":""},{"$f":"IF(INDIRECT(\"'MRO Certificate Printing'!B\"&((ROW()-2)*4)+3)=\"\",\"\",INDIRECT(\"'MRO Certificate Printing'!B\"&((ROW()-2)*4)+3))","v":""},{"$f":"IF(INDIRECT(\"'MRO Certificate Printing'!G\"&((ROW()-2)*4)+3)=\"\",\"\",INDIRECT(\"'MRO Certificate Printing'!G\"&((ROW()-2)*4)+3))","v":""},{"$f":"IF(INDIRECT(\"'MRO Certificate Printing'!J\"&((ROW()-2)*4)+3)=\"\",\"\",INDIRECT(\"'MRO Certificate Printing'!J\"&((ROW()-2)*4)+3))","v":""},{"$f":"IF(INDIRECT(\"'MRO Certificate Printing'!I\"&((ROW()-2)*4)+3)=\"\",\"\",INDIRECT(\"'MRO Certificate Printing'!I\"&((ROW()-2)*4)+3))","v":""},{"$f":"IF(INDIRECT(\"'MRO Certificate Printing'!K\"&((ROW()-2)*4)+3)=\"\",\"\",INDIRECT(\"'MRO Certificate Printing'!K\"&((ROW()-2)*4)+3))","v":""},null,{"$f":"IF(INDIRECT(\"'MRO Certificate Printing'!D\"&((ROW()-2)*4)+4)=\"\",\"\",INDIRECT(\"'MRO Certificate Printing'!D\"&((ROW()-2)*4)+4))","v":""},{"$f":"IF(INDIRECT(\"'MRO Certificate Printing'!E\"&((ROW()-2)*4)+4)=\"\",\"\",INDIRECT(\"'MRO Certificate Printing'!E\"&((ROW()-2)*4)+4))","v":""},{"$f":"IF(INDIRECT(\"'MRO Certificate Printing'!F\"&((ROW()-2)*4)+4)=\"\",\"\",INDIRECT(\"'MRO Certificate Printing'!F\"&((ROW()-2)*4)+4))","v":""},{"$f":"IF(INDIRECT(\"'MRO Certificate Printing'!B\"&((ROW()-2)*4)+4)=\"\",\"\",INDIRECT(\"'MRO Certificate Printing'!B\"&((ROW()-2)*4)+4))","v":""},{"$f":"IF(INDIRECT(\"'MRO Certificate Printing'!G\"&((ROW()-2)*4)+4)=\"\",\"\",INDIRECT(\"'MRO Certificate Printing'!G\"&((ROW()-2)*4)+4))","v":""},{"$f":"IF(INDIRECT(\"'MRO Certificate Printing'!J\"&((ROW()-2)*4)+4)=\"\",\"\",INDIRECT(\"'MRO Certificate Printing'!J\"&((ROW()-2)*4)+4))","v":""},{"$f":"IF(INDIRECT(\"'MRO Certificate Printing'!I\"&((ROW()-2)*4)+4)=\"\",\"\",INDIRECT(\"'MRO Certificate Printing'!I\"&((ROW()-2)*4)+4))","v":""},{"$f":"IF(INDIRECT(\"'MRO Certificate Printing'!K\"&((ROW()-2)*4)+4)=\"\",\"\",INDIRECT(\"'MRO Certificate Printing'!K\"&((ROW()-2)*4)+4))","v":""},null,{"$f":"IF(INDIRECT(\"'MRO Certificate Printing'!D\"&((ROW()-2)*4)+5)=\"\",\"\",INDIRECT(\"'MRO Certificate Printing'!D\"&((ROW()-2)*4)+5))","v":""},{"$f":"IF(INDIRECT(\"'MRO Certificate Printing'!E\"&((ROW()-2)*4)+5)=\"\",\"\",INDIRECT(\"'MRO Certificate Printing'!E\"&((ROW()-2)*4)+5))","v":""},{"$f":"IF(INDIRECT(\"'MRO Certificate Printing'!F\"&((ROW()-2)*4)+5)=\"\",\"\",INDIRECT(\"'MRO Certificate Printing'!F\"&((ROW()-2)*4)+5))","v":""},{"$f":"IF(INDIRECT(\"'MRO Certificate Printing'!B\"&((ROW()-2)*4)+5)=\"\",\"\",INDIRECT(\"'MRO Certificate Printing'!B\"&((ROW()-2)*4)+5))","v":""},{"$f":"IF(INDIRECT(\"'MRO Certificate Printing'!G\"&((ROW()-2)*4)+5)=\"\",\"\",INDIRECT(\"'MRO Certificate Printing'!G\"&((ROW()-2)*4)+5))","v":""},{"$f":"IF(INDIRECT(\"'MRO Certificate Printing'!J\"&((ROW()-2)*4)+5)=\"\",\"\",INDIRECT(\"'MRO Certificate Printing'!J\"&((ROW()-2)*4)+5))","v":""},{"$f":"IF(INDIRECT(\"'MRO Certificate Printing'!I\"&((ROW()-2)*4)+5)=\"\",\"\",INDIRECT(\"'MRO Certificate Printing'!I\"&((ROW()-2)*4)+5))","v":""},{"$f":"IF(INDIRECT(\"'MRO Certificate Printing'!K\"&((ROW()-2)*4)+5)=\"\",\"\",INDIRECT(\"'MRO Certificate Printing'!K\"&((ROW()-2)*4)+5))","v":""}]
["",{"$f":"IF(INDIRECT(\"'MRO Certificate Printing'!D\"&((ROW()-2)*4)+2)=\"\",\"\",INDIRECT(\"'MRO Certificate Printing'!D\"&((ROW()-2)*4)+2))","v":""},{"$f":"IF(INDIRECT(\"'MRO Certificate Printing'!E\"&((ROW()-2)*4)+2)=\"\",\"\",INDIRECT(\"'MRO Certificate Printing'!E\"&((ROW()-2)*4)+2))","v":""},{"$f":"IF(INDIRECT(\"'MRO Certificate Printing'!F\"&((ROW()-2)*4)+2)=\"\",\"\",INDIRECT(\"'MRO Certificate Printing'!F\"&((ROW()-2)*4)+2))","v":""},{"$f":"IF(INDIRECT(\"'MRO Certificate Printing'!B\"&((ROW()-2)*4)+2)=\"\",\"\",INDIRECT(\"'MRO Certificate Printing'!B\"&((ROW()-2)*4)+2))","v":""},{"$f":"IF(INDIRECT(\"'MRO Certificate Printing'!G\"&((ROW()-2)*4)+2)=\"\",\"\",INDIRECT(\"'MRO Certificate Printing'!G\"&((ROW()-2)*4)+2))","v":""},{"$f":"IF(INDIRECT(\"'MRO Certificate Printing'!J\"&((ROW()-2)*4)+2)=\"\",\"\",INDIRECT(\"'MRO Certificate Printing'!J\"&((ROW()-2)*4)+2))","v":""},{"$f":"IF(INDIRECT(\"'MRO Certificate Printing'!I\"&((ROW()-2)*4)+2)=\"\",\"\",INDIRECT(\"'MRO Certificate Printing'!I\"&((ROW()-2)*4)+2))","v":""},{"$f":"IF(INDIRECT(\"'MRO Certificate Printing'!K\"&((ROW()-2)*4)+2)=\"\",\"\",INDIRECT(\"'MRO Certificate Printing'!K\"&((ROW()-2)*4)+2))","v":""},null,{"$f":"IF(INDIRECT(\"'MRO Certificate Printing'!D\"&((ROW()-2)*4)+3)=\"\",\"\",INDIRECT(\"'MRO Certificate Printing'!D\"&((ROW()-2)*4)+3))","v":""},{"$f":"IF(INDIRECT(\"'MRO Certificate Printing'!E\"&((ROW()-2)*4)+3)=\"\",\"\",INDIRECT(\"'MRO Certificate Printing'!E\"&((ROW()-2)*4)+3))","v":""},{"$f":"IF(INDIRECT(\"'MRO Certificate Printing'!F\"&((ROW()-2)*4)+3)=\"\",\"\",INDIRECT(\"'MRO Certificate Printing'!F\"&((ROW()-2)*4)+3))","v":""},{"$f":"IF(INDIRECT(\"'MRO Certificate Printing'!B\"&((ROW()-2)*4)+3)=\"\",\"\",INDIRECT(\"'MRO Certificate Printing'!B\"&((ROW()-2)*4)+3))","v":""},{"$f":"IF(INDIRECT(\"'MRO Certificate Printing'!G\"&((ROW()-2)*4)+3)=\"\",\"\",INDIRECT(\"'MRO Certificate Printing'!G\"&((ROW()-2)*4)+3))","v":""},{"$f":"IF(INDIRECT(\"'MRO Certificate Printing'!J\"&((ROW()-2)*4)+3)=\"\",\"\",INDIRECT(\"'MRO Certificate Printing'!J\"&((ROW()-2)*4)+3))","v":""},{"$f":"IF(INDIRECT(\"'MRO Certificate Printing'!I\"&((ROW()-2)*4)+3)=\"\",\"\",INDIRECT(\"'MRO Certificate Printing'!I\"&((ROW()-2)*4)+3))","v":""},{"$f":"IF(INDIRECT(\"'MRO Certificate Printing'!K\"&((ROW()-2)*4)+3)=\"\",\"\",INDIRECT(\"'MRO Certificate Printing'!K\"&((ROW()-2)*4)+3))","v":""},null,{"$f":"IF(INDIRECT(\"'MRO Certificate Printing'!D\"&((ROW()-2)*4)+4)=\"\",\"\",INDIRECT(\"'MRO Certificate Printing'!D\"&((ROW()-2)*4)+4))","v":""},{"$f":"IF(INDIRECT(\"'MRO Certificate Printing'!E\"&((ROW()-2)*4)+4)=\"\",\"\",INDIRECT(\"'MRO Certificate Printing'!E\"&((ROW()-2)*4)+4))","v":""},{"$f":"IF(INDIRECT(\"'MRO Certificate Printing'!F\"&((ROW()-2)*4)+4)=\"\",\"\",INDIRECT(\"'MRO Certificate Printing'!F\"&((ROW()-2)*4)+4))","v":""},{"$f":"IF(INDIRECT(\"'MRO Certificate Printing'!B\"&((ROW()-2)*4)+4)=\"\",\"\",INDIRECT(\"'MRO Certificate Printing'!B\"&((ROW()-2)*4)+4))","v":""},{"$f":"IF(INDIRECT(\"'MRO Certificate Printing'!G\"&((ROW()-2)*4)+4)=\"\",\"\",INDIRECT(\"'MRO Certificate Printing'!G\"&((ROW()-2)*4)+4))","v":""},{"$f":"IF(INDIRECT(\"'MRO Certificate Printing'!J\"&((ROW()-2)*4)+4)=\"\",\"\",INDIRECT(\"'MRO Certificate Printing'!J\"&((ROW()-2)*4)+4))","v":""},{"$f":"IF(INDIRECT(\"'MRO Certificate Printing'!I\"&((ROW()-2)*4)+4)=\"\",\"\",INDIRECT(\"'MRO Certificate Printing'!I\"&((ROW()-2)*4)+4))","v":""},{"$f":"IF(INDIRECT(\"'MRO Certificate Printing'!K\"&((ROW()-2)*4)+4)=\"\",\"\",INDIRECT(\"'MRO Certificate Printing'!K\"&((ROW()-2)*4)+4))","v":""},null,{"$f":"IF(INDIRECT(\"'MRO Certificate Printing'!D\"&((ROW()-2)*4)+5)=\"\",\"\",INDIRECT(\"'MRO Certificate Printing'!D\"&((ROW()-2)*4)+5))","v":""},{"$f":"IF(INDIRECT(\"'MRO Certificate Printing'!E\"&((ROW()-2)*4)+5)=\"\",\"\",INDIRECT(\"'MRO Certificate Printing'!E\"&((ROW()-2)*4)+5))","v":""},{"$f":"IF(INDIRECT(\"'MRO Certificate Printing'!F\"&((ROW()-2)*4)+5)=\"\",\"\",INDIRECT(\"'MRO Certificate Printing'!F\"&((ROW()-2)*4)+5))","v":""},{"$f":"IF(INDIRECT(\"'MRO Certificate Printing'!B\"&((ROW()-2)*4)+5)=\"\",\"\",INDIRECT(\"'MRO Certificate Printing'!B\"&((ROW()-2)*4)+5))","v":""},{"$f":"IF(INDIRECT(\"'MRO Certificate Printing'!G\"&((ROW()-2)*4)+5)=\"\",\"\",INDIRECT(\"'MRO Certificate Printing'!G\"&((ROW()-2)*4)+5))","v":""},{"$f":"IF(INDIRECT(\"'MRO Certificate Printing'!J\"&((ROW()-2)*4)+5)=\"\",\"\",INDIRECT(\"'MRO Certificate Printing'!J\"&((ROW()-2)*4)+5))","v":""},{"$f":"IF(INDIRECT(\"'MRO Certificate Printing'!I\"&((ROW()-2)*4)+5)=\"\",\"\",INDIRECT(\"'MRO Certificate Printing'!I\"&((ROW()-2)*4)+5))","v":""},{"$f":"IF(INDIRECT(\"'MRO Certificate Printing'!K\"&((ROW()-2)*4)+5)=\"\",\"\",INDIRECT(\"'MRO Certificate Printing'!K\"&((ROW()-2)*4)+5))","v":""}]
["",{"$f":"IF(INDIRECT(\"'MRO Certificate Printing'!D\"&((ROW()-2)*4)+2)=\"\",\"\",INDIRECT(\"'MRO Certificate Printing'!D\"&((ROW()-2)*4)+2))","v":""},{"$f":"IF(INDIRECT(\"'MRO Certificate Printing'!E\"&((ROW()-2)*4)+2)=\"\",\"\",INDIRECT(\"'MRO Certificate Printing'!E\"&((ROW()-2)*4)+2))","v":""},{"$f":"IF(INDIRECT(\"'MRO Certificate Printing'!F\"&((ROW()-2)*4)+2)=\"\",\"\",INDIRECT(\"'MRO Certificate Printing'!F\"&((ROW()-2)*4)+2))","v":""},{"$f":"IF(INDIRECT(\"'MRO Certificate Printing'!B\"&((ROW()-2)*4)+2)=\"\",\"\",INDIRECT(\"'MRO Certificate Printing'!B\"&((ROW()-2)*4)+2))","v":""},{"$f":"IF(INDIRECT(\"'MRO Certificate Printing'!G\"&((ROW()-2)*4)+2)=\"\",\"\",INDIRECT(\"'MRO Certificate Printing'!G\"&((ROW()-2)*4)+2))","v":""},{"$f":"IF(INDIRECT(\"'MRO Certificate Printing'!J\"&((ROW()-2)*4)+2)=\"\",\"\",INDIRECT(\"'MRO Certificate Printing'!J\"&((ROW()-2)*4)+2))","v":""},{"$f":"IF(INDIRECT(\"'MRO Certificate Printing'!I\"&((ROW()-2)*4)+2)=\"\",\"\",INDIRECT(\"'MRO Certificate Printing'!I\"&((ROW()-2)*4)+2))","v":""},{"$f":"IF(INDIRECT(\"'MRO Certificate Printing'!K\"&((ROW()-2)*4)+2)=\"\",\"\",INDIRECT(\"'MRO Certificate Printing'!K\"&((ROW()-2)*4)+2))","v":""},null,{"$f":"IF(INDIRECT(\"'MRO Certificate Printing'!D\"&((ROW()-2)*4)+3)=\"\",\"\",INDIRECT(\"'MRO Certificate Printing'!D\"&((ROW()-2)*4)+3))","v":""},{"$f":"IF(INDIRECT(\"'MRO Certificate Printing'!E\"&((ROW()-2)*4)+3)=\"\",\"\",INDIRECT(\"'MRO Certificate Printing'!E\"&((ROW()-2)*4)+3))","v":""},{"$f":"IF(INDIRECT(\"'MRO Certificate Printing'!F\"&((ROW()-2)*4)+3)=\"\",\"\",INDIRECT(\"'MRO Certificate Printing'!F\"&((ROW()-2)*4)+3))","v":""},{"$f":"IF(INDIRECT(\"'MRO Certificate Printing'!B\"&((ROW()-2)*4)+3)=\"\",\"\",INDIRECT(\"'MRO Certificate Printing'!B\"&((ROW()-2)*4)+3))","v":""},{"$f":"IF(INDIRECT(\"'MRO Certificate Printing'!G\"&((ROW()-2)*4)+3)=\"\",\"\",INDIRECT(\"'MRO Certificate Printing'!G\"&((ROW()-2)*4)+3))","v":""},{"$f":"IF(INDIRECT(\"'MRO Certificate Printing'!J\"&((ROW()-2)*4)+3)=\"\",\"\",INDIRECT(\"'MRO Certificate Printing'!J\"&((ROW()-2)*4)+3))","v":""},{"$f":"IF(INDIRECT(\"'MRO Certificate Printing'!I\"&((ROW()-2)*4)+3)=\"\",\"\",INDIRECT(\"'MRO Certificate Printing'!I\"&((ROW()-2)*4)+3))","v":""},{"$f":"IF(INDIRECT(\"'MRO Certificate Printing'!K\"&((ROW()-2)*4)+3)=\"\",\"\",INDIRECT(\"'MRO Certificate Printing'!K\"&((ROW()-2)*4)+3))","v":""},null,{"$f":"IF(INDIRECT(\"'MRO Certificate Printing'!D\"&((ROW()-2)*4)+4)=\"\",\"\",INDIRECT(\"'MRO Certificate Printing'!D\"&((ROW()-2)*4)+4))","v":""},{"$f":"IF(INDIRECT(\"'MRO Certificate Printing'!E\"&((ROW()-2)*4)+4)=\"\",\"\",INDIRECT(\"'MRO Certificate Printing'!E\"&((ROW()-2)*4)+4))","v":""},{"$f":"IF(INDIRECT(\"'MRO Certificate Printing'!F\"&((ROW()-2)*4)+4)=\"\",\"\",INDIRECT(\"'MRO Certificate Printing'!F\"&((ROW()-2)*4)+4))","v":""},{"$f":"IF(INDIRECT(\"'MRO Certificate Printing'!B\"&((ROW()-2)*4)+4)=\"\",\"\",INDIRECT(\"'MRO Certificate Printing'!B\"&((ROW()-2)*4)+4))","v":""},{"$f":"IF(INDIRECT(\"'MRO Certificate Printing'!G\"&((ROW()-2)*4)+4)=\"\",\"\",INDIRECT(\"'MRO Certificate Printing'!G\"&((ROW()-2)*4)+4))","v":""},{"$f":"IF(INDIRECT(\"'MRO Certificate Printing'!J\"&((ROW()-2)*4)+4)=\"\",\"\",INDIRECT(\"'MRO Certificate Printing'!J\"&((ROW()-2)*4)+4))","v":""},{"$f":"IF(INDIRECT(\"'MRO Certificate Printing'!I\"&((ROW()-2)*4)+4)=\"\",\"\",INDIRECT(\"'MRO Certificate Printing'!I\"&((ROW()-2)*4)+4))","v":""},{"$f":"IF(INDIRECT(\"'MRO Certificate Printing'!K\"&((ROW()-2)*4)+4)=\"\",\"\",INDIRECT(\"'MRO Certificate Printing'!K\"&((ROW()-2)*4)+4))","v":""},null,{"$f":"IF(INDIRECT(\"'MRO Certificate Printing'!D\"&((ROW()-2)*4)+5)=\"\",\"\",INDIRECT(\"'MRO Certificate Printing'!D\"&((ROW()-2)*4)+5))","v":""},{"$f":"IF(INDIRECT(\"'MRO Certificate Printing'!E\"&((ROW()-2)*4)+5)=\"\",\"\",INDIRECT(\"'MRO Certificate Printing'!E\"&((ROW()-2)*4)+5))","v":""},{"$f":"IF(INDIRECT(\"'MRO Certificate Printing'!F\"&((ROW()-2)*4)+5)=\"\",\"\",INDIRECT(\"'MRO Certificate Printing'!F\"&((ROW()-2)*4)+5))","v":""},{"$f":"IF(INDIRECT(\"'MRO Certificate Printing'!B\"&((ROW()-2)*4)+5)=\"\",\"\",INDIRECT(\"'MRO Certificate Printing'!B\"&((ROW()-2)*4)+5))","v":""},{"$f":"IF(INDIRECT(\"'MRO Certificate Printing'!G\"&((ROW()-2)*4)+5)=\"\",\"\",INDIRECT(\"'MRO Certificate Printing'!G\"&((ROW()-2)*4)+5))","v":""},{"$f":"IF(INDIRECT(\"'MRO Certificate Printing'!J\"&((ROW()-2)*4)+5)=\"\",\"\",INDIRECT(\"'MRO Certificate Printing'!J\"&((ROW()-2)*4)+5))","v":""},{"$f":"IF(INDIRECT(\"'MRO Certificate Printing'!I\"&((ROW()-2)*4)+5)=\"\",\"\",INDIRECT(\"'MRO Certificate Printing'!I\"&((ROW()-2)*4)+5))","v":""},{"$f":"IF(INDIRECT(\"'MRO Certificate Printing'!K\"&((ROW()-2)*4)+5)=\"\",\"\",INDIRECT(\"'MRO Certificate Printing'!K\"&((ROW()-2)*4)+5))","v":""}]
["",{"$f":"IF(INDIRECT(\"'MRO Certificate Printing'!D\"&((ROW()-2)*4)+2)=\"\",\"\",INDIRECT(\"'MRO Certificate Printing'!D\"&((ROW()-2)*4)+2))","v":""},{"$f":"IF(INDIRECT(\"'MRO Certificate Printing'!E\"&((ROW()-2)*4)+2)=\"\",\"\",INDIRECT(\"'MRO Certificate Printing'!E\"&((ROW()-2)*4)+2))","v":""},{"$f":"IF(INDIRECT(\"'MRO Certificate Printing'!F\"&((ROW()-2)*4)+2)=\"\",\"\",INDIRECT(\"'MRO Certificate Printing'!F\"&((ROW()-2)*4)+2))","v":""},{"$f":"IF(INDIRECT(\"'MRO Certificate Printing'!B\"&((ROW()-2)*4)+2)=\"\",\"\",INDIRECT(\"'MRO Certificate Printing'!B\"&((ROW()-2)*4)+2))","v":""},{"$f":"IF(INDIRECT(\"'MRO Certificate Printing'!G\"&((ROW()-2)*4)+2)=\"\",\"\",INDIRECT(\"'MRO Certificate Printing'!G\"&((ROW()-2)*4)+2))","v":""},{"$f":"IF(INDIRECT(\"'MRO Certificate Printing'!J\"&((ROW()-2)*4)+2)=\"\",\"\",INDIRECT(\"'MRO Certificate Printing'!J\"&((ROW()-2)*4)+2))","v":""},{"$f":"IF(INDIRECT(\"'MRO Certificate Printing'!I\"&((ROW()-2)*4)+2)=\"\",\"\",INDIRECT(\"'MRO Certificate Printing'!I\"&((ROW()-2)*4)+2))","v":""},{"$f":"IF(INDIRECT(\"'MRO Certificate Printing'!K\"&((ROW()-2)*4)+2)=\"\",\"\",INDIRECT(\"'MRO Certificate Printing'!K\"&((ROW()-2)*4)+2))","v":""},null,{"$f":"IF(INDIRECT(\"'MRO Certificate Printing'!D\"&((ROW()-2)*4)+3)=\"\",\"\",INDIRECT(\"'MRO Certificate Printing'!D\"&((ROW()-2)*4)+3))","v":""},{"$f":"IF(INDIRECT(\"'MRO Certificate Printing'!E\"&((ROW()-2)*4)+3)=\"\",\"\",INDIRECT(\"'MRO Certificate Printing'!E\"&((ROW()-2)*4)+3))","v":""},{"$f":"IF(INDIRECT(\"'MRO Certificate Printing'!F\"&((ROW()-2)*4)+3)=\"\",\"\",INDIRECT(\"'MRO Certificate Printing'!F\"&((ROW()-2)*4)+3))","v":""},{"$f":"IF(INDIRECT(\"'MRO Certificate Printing'!B\"&((ROW()-2)*4)+3)=\"\",\"\",INDIRECT(\"'MRO Certificate Printing'!B\"&((ROW()-2)*4)+3))","v":""},{"$f":"IF(INDIRECT(\"'MRO Certificate Printing'!G\"&((ROW()-2)*4)+3)=\"\",\"\",INDIRECT(\"'MRO Certificate Printing'!G\"&((ROW()-2)*4)+3))","v":""},{"$f":"IF(INDIRECT(\"'MRO Certificate Printing'!J\"&((ROW()-2)*4)+3)=\"\",\"\",INDIRECT(\"'MRO Certificate Printing'!J\"&((ROW()-2)*4)+3))","v":""},{"$f":"IF(INDIRECT(\"'MRO Certificate Printing'!I\"&((ROW()-2)*4)+3)=\"\",\"\",INDIRECT(\"'MRO Certificate Printing'!I\"&((ROW()-2)*4)+3))","v":""},{"$f":"IF(INDIRECT(\"'MRO Certificate Printing'!K\"&((ROW()-2)*4)+3)=\"\",\"\",INDIRECT(\"'MRO Certificate Printing'!K\"&((ROW()-2)*4)+3))","v":""},null,{"$f":"IF(INDIRECT(\"'MRO Certificate Printing'!D\"&((ROW()-2)*4)+4)=\"\",\"\",INDIRECT(\"'MRO Certificate Printing'!D\"&((ROW()-2)*4)+4))","v":""},{"$f":"IF(INDIRECT(\"'MRO Certificate Printing'!E\"&((ROW()-2)*4)+4)=\"\",\"\",INDIRECT(\"'MRO Certificate Printing'!E\"&((ROW()-2)*4)+4))","v":""},{"$f":"IF(INDIRECT(\"'MRO Certificate Printing'!F\"&((ROW()-2)*4)+4)=\"\",\"\",INDIRECT(\"'MRO Certificate Printing'!F\"&((ROW()-2)*4)+4))","v":""},{"$f":"IF(INDIRECT(\"'MRO Certificate Printing'!B\"&((ROW()-2)*4)+4)=\"\",\"\",INDIRECT(\"'MRO Certificate Printing'!B\"&((ROW()-2)*4)+4))","v":""},{"$f":"IF(INDIRECT(\"'MRO Certificate Printing'!G\"&((ROW()-2)*4)+4)=\"\",\"\",INDIRECT(\"'MRO Certificate Printing'!G\"&((ROW()-2)*4)+4))","v":""},{"$f":"IF(INDIRECT(\"'MRO Certificate Printing'!J\"&((ROW()-2)*4)+4)=\"\",\"\",INDIRECT(\"'MRO Certificate Printing'!J\"&((ROW()-2)*4)+4))","v":""},{"$f":"IF(INDIRECT(\"'MRO Certificate Printing'!I\"&((ROW()-2)*4)+4)=\"\",\"\",INDIRECT(\"'MRO Certificate Printing'!I\"&((ROW()-2)*4)+4))","v":""},{"$f":"IF(INDIRECT(\"'MRO Certificate Printing'!K\"&((ROW()-2)*4)+4)=\"\",\"\",INDIRECT(\"'MRO Certificate Printing'!K\"&((ROW()-2)*4)+4))","v":""},null,{"$f":"IF(INDIRECT(\"'MRO Certificate Printing'!D\"&((ROW()-2)*4)+5)=\"\",\"\",INDIRECT(\"'MRO Certificate Printing'!D\"&((ROW()-2)*4)+5))","v":""},{"$f":"IF(INDIRECT(\"'MRO Certificate Printing'!E\"&((ROW()-2)*4)+5)=\"\",\"\",INDIRECT(\"'MRO Certificate Printing'!E\"&((ROW()-2)*4)+5))","v":""},{"$f":"IF(INDIRECT(\"'MRO Certificate Printing'!F\"&((ROW()-2)*4)+5)=\"\",\"\",INDIRECT(\"'MRO Certificate Printing'!F\"&((ROW()-2)*4)+5))","v":""},{"$f":"IF(INDIRECT(\"'MRO Certificate Printing'!B\"&((ROW()-2)*4)+5)=\"\",\"\",INDIRECT(\"'MRO Certificate Printing'!B\"&((ROW()-2)*4)+5))","v":""},{"$f":"IF(INDIRECT(\"'MRO Certificate Printing'!G\"&((ROW()-2)*4)+5)=\"\",\"\",INDIRECT(\"'MRO Certificate Printing'!G\"&((ROW()-2)*4)+5))","v":""},{"$f":"IF(INDIRECT(\"'MRO Certificate Printing'!J\"&((ROW()-2)*4)+5)=\"\",\"\",INDIRECT(\"'MRO Certificate Printing'!J\"&((ROW()-2)*4)+5))","v":""},{"$f":"IF(INDIRECT(\"'MRO Certificate Printing'!I\"&((ROW()-2)*4)+5)=\"\",\"\",INDIRECT(\"'MRO Certificate Printing'!I\"&((ROW()-2)*4)+5))","v":""},{"$f":"IF(INDIRECT(\"'MRO Certificate Printing'!K\"&((ROW()-2)*4)+5)=\"\",\"\",INDIRECT(\"'MRO Certificate Printing'!K\"&((ROW()-2)*4)+5))","v":""}]
["",{"$f":"IF(INDIRECT(\"'MRO Certificate Printing'!D\"&((ROW()-2)*4)+2)=\"\",\"\",INDIRECT(\"'MRO Certificate Printing'!D\"&((ROW()-2)*4)+2))","v":""},{"$f":"IF(INDIRECT(\"'MRO Certificate Printing'!E\"&((ROW()-2)*4)+2)=\"\",\"\",INDIRECT(\"'MRO Certificate Printing'!E\"&((ROW()-2)*4)+2))","v":""},{"$f":"IF(INDIRECT(\"'MRO Certificate Printing'!F\"&((ROW()-2)*4)+2)=\"\",\"\",INDIRECT(\"'MRO Certificate Printing'!F\"&((ROW()-2)*4)+2))","v":""},{"$f":"IF(INDIRECT(\"'MRO Certificate Printing'!B\"&((ROW()-2)*4)+2)=\"\",\"\",INDIRECT(\"'MRO Certificate Printing'!B\"&((ROW()-2)*4)+2))","v":""},{"$f":"IF(INDIRECT(\"'MRO Certificate Printing'!G\"&((ROW()-2)*4)+2)=\"\",\"\",INDIRECT(\"'MRO Certificate Printing'!G\"&((ROW()-2)*4)+2))","v":""},{"$f":"IF(INDIRECT(\"'MRO Certificate Printing'!J\"&((ROW()-2)*4)+2)=\"\",\"\",INDIRECT(\"'MRO Certificate Printing'!J\"&((ROW()-2)*4)+2))","v":""},{"$f":"IF(INDIRECT(\"'MRO Certificate Printing'!I\"&((ROW()-2)*4)+2)=\"\",\"\",INDIRECT(\"'MRO Certificate Printing'!I\"&((ROW()-2)*4)+2))","v":""},{"$f":"IF(INDIRECT(\"'MRO Certificate Printing'!K\"&((ROW()-2)*4)+2)=\"\",\"\",INDIRECT(\"'MRO Certificate Printing'!K\"&((ROW()-2)*4)+2))","v":""},null,{"$f":"IF(INDIRECT(\"'MRO Certificate Printing'!D\"&((ROW()-2)*4)+3)=\"\",\"\",INDIRECT(\"'MRO Certificate Printing'!D\"&((ROW()-2)*4)+3))","v":""},{"$f":"IF(INDIRECT(\"'MRO Certificate Printing'!E\"&((ROW()-2)*4)+3)=\"\",\"\",INDIRECT(\"'MRO Certificate Printing'!E\"&((ROW()-2)*4)+3))","v":""},{"$f":"IF(INDIRECT(\"'MRO Certificate Printing'!F\"&((ROW()-2)*4)+3)=\"\",\"\",INDIRECT(\"'MRO Certificate Printing'!F\"&((ROW()-2)*4)+3))","v":""},{"$f":"IF(INDIRECT(\"'MRO Certificate Printing'!B\"&((ROW()-2)*4)+3)=\"\",\"\",INDIRECT(\"'MRO Certificate Printing'!B\"&((ROW()-2)*4)+3))","v":""},{"$f":"IF(INDIRECT(\"'MRO Certificate Printing'!G\"&((ROW()-2)*4)+3)=\"\",\"\",INDIRECT(\"'MRO Certificate Printing'!G\"&((ROW()-2)*4)+3))","v":""},{"$f":"IF(INDIRECT(\"'MRO Certificate Printing'!J\"&((ROW()-2)*4)+3)=\"\",\"\",INDIRECT(\"'MRO Certificate Printing'!J\"&((ROW()-2)*4)+3))","v":""},{"$f":"IF(INDIRECT(\"'MRO Certificate Printing'!I\"&((ROW()-2)*4)+3)=\"\",\"\",INDIRECT(\"'MRO Certificate Printing'!I\"&((ROW()-2)*4)+3))","v":""},{"$f":"IF(INDIRECT(\"'MRO Certificate Printing'!K\"&((ROW()-2)*4)+3)=\"\",\"\",INDIRECT(\"'MRO Certificate Printing'!K\"&((ROW()-2)*4)+3))","v":""},null,{"$f":"IF(INDIRECT(\"'MRO Certificate Printing'!D\"&((ROW()-2)*4)+4)=\"\",\"\",INDIRECT(\"'MRO Certificate Printing'!D\"&((ROW()-2)*4)+4))","v":""},{"$f":"IF(INDIRECT(\"'MRO Certificate Printing'!E\"&((ROW()-2)*4)+4)=\"\",\"\",INDIRECT(\"'MRO Certificate Printing'!E\"&((ROW()-2)*4)+4))","v":""},{"$f":"IF(INDIRECT(\"'MRO Certificate Printing'!F\"&((ROW()-2)*4)+4)=\"\",\"\",INDIRECT(\"'MRO Certificate Printing'!F\"&((ROW()-2)*4)+4))","v":""},{"$f":"IF(INDIRECT(\"'MRO Certificate Printing'!B\"&((ROW()-2)*4)+4)=\"\",\"\",INDIRECT(\"'MRO Certificate Printing'!B\"&((ROW()-2)*4)+4))","v":""},{"$f":"IF(INDIRECT(\"'MRO Certificate Printing'!G\"&((ROW()-2)*4)+4)=\"\",\"\",INDIRECT(\"'MRO Certificate Printing'!G\"&((ROW()-2)*4)+4))","v":""},{"$f":"IF(INDIRECT(\"'MRO Certificate Printing'!J\"&((ROW()-2)*4)+4)=\"\",\"\",INDIRECT(\"'MRO Certificate Printing'!J\"&((ROW()-2)*4)+4))","v":""},{"$f":"IF(INDIRECT(\"'MRO Certificate Printing'!I\"&((ROW()-2)*4)+4)=\"\",\"\",INDIRECT(\"'MRO Certificate Printing'!I\"&((ROW()-2)*4)+4))","v":""},{"$f":"IF(INDIRECT(\"'MRO Certificate Printing'!K\"&((ROW()-2)*4)+4)=\"\",\"\",INDIRECT(\"'MRO Certificate Printing'!K\"&((ROW()-2)*4)+4))","v":""},null,{"$f":"IF(INDIRECT(\"'MRO Certificate Printing'!D\"&((ROW()-2)*4)+5)=\"\",\"\",INDIRECT(\"'MRO Certificate Printing'!D\"&((ROW()-2)*4)+5))","v":""},{"$f":"IF(INDIRECT(\"'MRO Certificate Printing'!E\"&((ROW()-2)*4)+5)=\"\",\"\",INDIRECT(\"'MRO Certificate Printing'!E\"&((ROW()-2)*4)+5))","v":""},{"$f":"IF(INDIRECT(\"'MRO Certificate Printing'!F\"&((ROW()-2)*4)+5)=\"\",\"\",INDIRECT(\"'MRO Certificate Printing'!F\"&((ROW()-2)*4)+5))","v":""},{"$f":"IF(INDIRECT(\"'MRO Certificate Printing'!B\"&((ROW()-2)*4)+5)=\"\",\"\",INDIRECT(\"'MRO Certificate Printing'!B\"&((ROW()-2)*4)+5))","v":""},{"$f":"IF(INDIRECT(\"'MRO Certificate Printing'!G\"&((ROW()-2)*4)+5)=\"\",\"\",INDIRECT(\"'MRO Certificate Printing'!G\"&((ROW()-2)*4)+5))","v":""},{"$f":"IF(INDIRECT(\"'MRO Certificate Printing'!J\"&((ROW()-2)*4)+5)=\"\",\"\",INDIRECT(\"'MRO Certificate Printing'!J\"&((ROW()-2)*4)+5))","v":""},{"$f":"IF(INDIRECT(\"'MRO Certificate Printing'!I\"&((ROW()-2)*4)+5)=\"\",\"\",INDIRECT(\"'MRO Certificate Printing'!I\"&((ROW()-2)*4)+5))","v":""},{"$f":"IF(INDIRECT(\"'MRO Certificate Printing'!K\"&((ROW()-2)*4)+5)=\"\",\"\",INDIRECT(\"'MRO Certificate Printing'!K\"&((ROW()-2)*4)+5))","v":""}]
["",{"$f":"IF(INDIRECT(\"'MRO Certificate Printing'!D\"&((ROW()-2)*4)+2)=\"\",\"\",INDIRECT(\"'MRO Certificate Printing'!D\"&((ROW()-2)*4)+2))","v":""},{"$f":"IF(INDIRECT(\"'MRO Certificate Printing'!E\"&((ROW()-2)*4)+2)=\"\",\"\",INDIRECT(\"'MRO Certificate Printing'!E\"&((ROW()-2)*4)+2))","v":""},{"$f":"IF(INDIRECT(\"'MRO Certificate Printing'!F\"&((ROW()-2)*4)+2)=\"\",\"\",INDIRECT(\"'MRO Certificate Printing'!F\"&((ROW()-2)*4)+2))","v":""},{"$f":"IF(INDIRECT(\"'MRO Certificate Printing'!B\"&((ROW()-2)*4)+2)=\"\",\"\",INDIRECT(\"'MRO Certificate Printing'!B\"&((ROW()-2)*4)+2))","v":""},{"$f":"IF(INDIRECT(\"'MRO Certificate Printing'!G\"&((ROW()-2)*4)+2)=\"\",\"\",INDIRECT(\"'MRO Certificate Printing'!G\"&((ROW()-2)*4)+2))","v":""},{"$f":"IF(INDIRECT(\"'MRO Certificate Printing'!J\"&((ROW()-2)*4)+2)=\"\",\"\",INDIRECT(\"'MRO Certificate Printing'!J\"&((ROW()-2)*4)+2))","v":""},{"$f":"IF(INDIRECT(\"'MRO Certificate Printing'!I\"&((ROW()-2)*4)+2)=\"\",\"\",INDIRECT(\"'MRO Certificate Printing'!I\"&((ROW()-2)*4)+2))","v":""},{"$f":"IF(INDIRECT(\"'MRO Certificate Printing'!K\"&((ROW()-2)*4)+2)=\"\",\"\",INDIRECT(\"'MRO Certificate Printing'!K\"&((ROW()-2)*4)+2))","v":""},null,{"$f":"IF(INDIRECT(\"'MRO Certificate Printing'!D\"&((ROW()-2)*4)+3)=\"\",\"\",INDIRECT(\"'MRO Certificate Printing'!D\"&((ROW()-2)*4)+3))","v":""},{"$f":"IF(INDIRECT(\"'MRO Certificate Printing'!E\"&((ROW()-2)*4)+3)=\"\",\"\",INDIRECT(\"'MRO Certificate Printing'!E\"&((ROW()-2)*4)+3))","v":""},{"$f":"IF(INDIRECT(\"'MRO Certificate Printing'!F\"&((ROW()-2)*4)+3)=\"\",\"\",INDIRECT(\"'MRO Certificate Printing'!F\"&((ROW()-2)*4)+3))","v":""},{"$f":"IF(INDIRECT(\"'MRO Certificate Printing'!B\"&((ROW()-2)*4)+3)=\"\",\"\",INDIRECT(\"'MRO Certificate Printing'!B\"&((ROW()-2)*4)+3))","v":""},{"$f":"IF(INDIRECT(\"'MRO Certificate Printing'!G\"&((ROW()-2)*4)+3)=\"\",\"\",INDIRECT(\"'MRO Certificate Printing'!G\"&((ROW()-2)*4)+3))","v":""},{"$f":"IF(INDIRECT(\"'MRO Certificate Printing'!J\"&((ROW()-2)*4)+3)=\"\",\"\",INDIRECT(\"'MRO Certificate Printing'!J\"&((ROW()-2)*4)+3))","v":""},{"$f":"IF(INDIRECT(\"'MRO Certificate Printing'!I\"&((ROW()-2)*4)+3)=\"\",\"\",INDIRECT(\"'MRO Certificate Printing'!I\"&((ROW()-2)*4)+3))","v":""},{"$f":"IF(INDIRECT(\"'MRO Certificate Printing'!K\"&((ROW()-2)*4)+3)=\"\",\"\",INDIRECT(\"'MRO Certificate Printing'!K\"&((ROW()-2)*4)+3))","v":""},null,{"$f":"IF(INDIRECT(\"'MRO Certificate Printing'!D\"&((ROW()-2)*4)+4)=\"\",\"\",INDIRECT(\"'MRO Certificate Printing'!D\"&((ROW()-2)*4)+4))","v":""},{"$f":"IF(INDIRECT(\"'MRO Certificate Printing'!E\"&((ROW()-2)*4)+4)=\"\",\"\",INDIRECT(\"'MRO Certificate Printing'!E\"&((ROW()-2)*4)+4))","v":""},{"$f":"IF(INDIRECT(\"'MRO Certificate Printing'!F\"&((ROW()-2)*4)+4)=\"\",\"\",INDIRECT(\"'MRO Certificate Printing'!F\"&((ROW()-2)*4)+4))","v":""},{"$f":"IF(INDIRECT(\"'MRO Certificate Printing'!B\"&((ROW()-2)*4)+4)=\"\",\"\",INDIRECT(\"'MRO Certificate Printing'!B\"&((ROW()-2)*4)+4))","v":""},{"$f":"IF(INDIRECT(\"'MRO Certificate Printing'!G\"&((ROW()-2)*4)+4)=\"\",\"\",INDIRECT(\"'MRO Certificate Printing'!G\"&((ROW()-2)*4)+4))","v":""},{"$f":"IF(INDIRECT(\"'MRO Certificate Printing'!J\"&((ROW()-2)*4)+4)=\"\",\"\",INDIRECT(\"'MRO Certificate Printing'!J\"&((ROW()-2)*4)+4))","v":""},{"$f":"IF(INDIRECT(\"'MRO Certificate Printing'!I\"&((ROW()-2)*4)+4)=\"\",\"\",INDIRECT(\"'MRO Certificate Printing'!I\"&((ROW()-2)*4)+4))","v":""},{"$f":"IF(INDIRECT(\"'MRO Certificate Printing'!K\"&((ROW()-2)*4)+4)=\"\",\"\",INDIRECT(\"'MRO Certificate Printing'!K\"&((ROW()-2)*4)+4))","v":""},null,{"$f":"IF(INDIRECT(\"'MRO Certificate Printing'!D\"&((ROW()-2)*4)+5)=\"\",\"\",INDIRECT(\"'MRO Certificate Printing'!D\"&((ROW()-2)*4)+5))","v":""},{"$f":"IF(INDIRECT(\"'MRO Certificate Printing'!E\"&((ROW()-2)*4)+5)=\"\",\"\",INDIRECT(\"'MRO Certificate Printing'!E\"&((ROW()-2)*4)+5))","v":""},{"$f":"IF(INDIRECT(\"'MRO Certificate Printing'!F\"&((ROW()-2)*4)+5)=\"\",\"\",INDIRECT(\"'MRO Certificate Printing'!F\"&((ROW()-2)*4)+5))","v":""},{"$f":"IF(INDIRECT(\"'MRO Certificate Printing'!B\"&((ROW()-2)*4)+5)=\"\",\"\",INDIRECT(\"'MRO Certificate Printing'!B\"&((ROW()-2)*4)+5))","v":""},{"$f":"IF(INDIRECT(\"'MRO Certificate Printing'!G\"&((ROW()-2)*4)+5)=\"\",\"\",INDIRECT(\"'MRO Certificate Printing'!G\"&((ROW()-2)*4)+5))","v":""},{"$f":"IF(INDIRECT(\"'MRO Certificate Printing'!J\"&((ROW()-2)*4)+5)=\"\",\"\",INDIRECT(\"'MRO Certificate Printing'!J\"&((ROW()-2)*4)+5))","v":""},{"$f":"IF(INDIRECT(\"'MRO Certificate Printing'!I\"&((ROW()-2)*4)+5)=\"\",\"\",INDIRECT(\"'MRO Certificate Printing'!I\"&((ROW()-2)*4)+5))","v":""},{"$f":"IF(INDIRECT(\"'MRO Certificate Printing'!K\"&((ROW()-2)*4)+5)=\"\",\"\",INDIRECT(\"'MRO Certificate Printing'!K\"&((ROW()-2)*4)+5))","v":""}]
["",{"$f":"IF(INDIRECT(\"'MRO Certificate Printing'!D\"&((ROW()-2)*4)+2)=\"\",\"\",INDIRECT(\"'MRO Certificate Printing'!D\"&((ROW()-2)*4)+2))","v":""},{"$f":"IF(INDIRECT(\"'MRO Certificate Printing'!E\"&((ROW()-2)*4)+2)=\"\",\"\",INDIRECT(\"'MRO Certificate Printing'!E\"&((ROW()-2)*4)+2))","v":""},{"$f":"IF(INDIRECT(\"'MRO Certificate Printing'!F\"&((ROW()-2)*4)+2)=\"\",\"\",INDIRECT(\"'MRO Certificate Printing'!F\"&((ROW()-2)*4)+2))","v":""},{"$f":"IF(INDIRECT(\"'MRO Certificate Printing'!B\"&((ROW()-2)*4)+2)=\"\",\"\",INDIRECT(\"'MRO Certificate Printing'!B\"&((ROW()-2)*4)+2))","v":""},{"$f":"IF(INDIRECT(\"'MRO Certificate Printing'!G\"&((ROW()-2)*4)+2)=\"\",\"\",INDIRECT(\"'MRO Certificate Printing'!G\"&((ROW()-2)*4)+2))","v":""},{"$f":"IF(INDIRECT(\"'MRO Certificate Printing'!J\"&((ROW()-2)*4)+2)=\"\",\"\",INDIRECT(\"'MRO Certificate Printing'!J\"&((ROW()-2)*4)+2))","v":""},{"$f":"IF(INDIRECT(\"'MRO Certificate Printing'!I\"&((ROW()-2)*4)+2)=\"\",\"\",INDIRECT(\"'MRO Certificate Printing'!I\"&((ROW()-2)*4)+2))","v":""},{"$f":"IF(INDIRECT(\"'MRO Certificate Printing'!K\"&((ROW()-2)*4)+2)=\"\",\"\",INDIRECT(\"'MRO Certificate Printing'!K\"&((ROW()-2)*4)+2))","v":""},null,{"$f":"IF(INDIRECT(\"'MRO Certificate Printing'!D\"&((ROW()-2)*4)+3)=\"\",\"\",INDIRECT(\"'MRO Certificate Printing'!D\"&((ROW()-2)*4)+3))","v":""},{"$f":"IF(INDIRECT(\"'MRO Certificate Printing'!E\"&((ROW()-2)*4)+3)=\"\",\"\",INDIRECT(\"'MRO Certificate Printing'!E\"&((ROW()-2)*4)+3))","v":""},{"$f":"IF(INDIRECT(\"'MRO Certificate Printing'!F\"&((ROW()-2)*4)+3)=\"\",\"\",INDIRECT(\"'MRO Certificate Printing'!F\"&((ROW()-2)*4)+3))","v":""},{"$f":"IF(INDIRECT(\"'MRO Certificate Printing'!B\"&((ROW()-2)*4)+3)=\"\",\"\",INDIRECT(\"'MRO Certificate Printing'!B\"&((ROW()-2)*4)+3))","v":""},{"$f":"IF(INDIRECT(\"'MRO Certificate Printing'!G\"&((ROW()-2)*4)+3)=\"\",\"\",INDIRECT(\"'MRO Certificate Printing'!G\"&((ROW()-2)*4)+3))","v":""},{"$f":"IF(INDIRECT(\"'MRO Certificate Printing'!J\"&((ROW()-2)*4)+3)=\"\",\"\",INDIRECT(\"'MRO Certificate Printing'!J\"&((ROW()-2)*4)+3))","v":""},{"$f":"IF(INDIRECT(\"'MRO Certificate Printing'!I\"&((ROW()-2)*4)+3)=\"\",\"\",INDIRECT(\"'MRO Certificate Printing'!I\"&((ROW()-2)*4)+3))","v":""},{"$f":"IF(INDIRECT(\"'MRO Certificate Printing'!K\"&((ROW()-2)*4)+3)=\"\",\"\",INDIRECT(\"'MRO Certificate Printing'!K\"&((ROW()-2)*4)+3))","v":""},null,{"$f":"IF(INDIRECT(\"'MRO Certificate Printing'!D\"&((ROW()-2)*4)+4)=\"\",\"\",INDIRECT(\"'MRO Certificate Printing'!D\"&((ROW()-2)*4)+4))","v":""},{"$f":"IF(INDIRECT(\"'MRO Certificate Printing'!E\"&((ROW()-2)*4)+4)=\"\",\"\",INDIRECT(\"'MRO Certificate Printing'!E\"&((ROW()-2)*4)+4))","v":""},{"$f":"IF(INDIRECT(\"'MRO Certificate Printing'!F\"&((ROW()-2)*4)+4)=\"\",\"\",INDIRECT(\"'MRO Certificate Printing'!F\"&((ROW()-2)*4)+4))","v":""},{"$f":"IF(INDIRECT(\"'MRO Certificate Printing'!B\"&((ROW()-2)*4)+4)=\"\",\"\",INDIRECT(\"'MRO Certificate Printing'!B\"&((ROW()-2)*4)+4))","v":""},{"$f":"IF(INDIRECT(\"'MRO Certificate Printing'!G\"&((ROW()-2)*4)+4)=\"\",\"\",INDIRECT(\"'MRO Certificate Printing'!G\"&((ROW()-2)*4)+4))","v":""},{"$f":"IF(INDIRECT(\"'MRO Certificate Printing'!J\"&((ROW()-2)*4)+4)=\"\",\"\",INDIRECT(\"'MRO Certificate Printing'!J\"&((ROW()-2)*4)+4))","v":""},{"$f":"IF(INDIRECT(\"'MRO Certificate Printing'!I\"&((ROW()-2)*4)+4)=\"\",\"\",INDIRECT(\"'MRO Certificate Printing'!I\"&((ROW()-2)*4)+4))","v":""},{"$f":"IF(INDIRECT(\"'MRO Certificate Printing'!K\"&((ROW()-2)*4)+4)=\"\",\"\",INDIRECT(\"'MRO Certificate Printing'!K\"&((ROW()-2)*4)+4))","v":""},null,{"$f":"IF(INDIRECT(\"'MRO Certificate Printing'!D\"&((ROW()-2)*4)+5)=\"\",\"\",INDIRECT(\"'MRO Certificate Printing'!D\"&((ROW()-2)*4)+5))","v":""},{"$f":"IF(INDIRECT(\"'MRO Certificate Printing'!E\"&((ROW()-2)*4)+5)=\"\",\"\",INDIRECT(\"'MRO Certificate Printing'!E\"&((ROW()-2)*4)+5))","v":""},{"$f":"IF(INDIRECT(\"'MRO Certificate Printing'!F\"&((ROW()-2)*4)+5)=\"\",\"\",INDIRECT(\"'MRO Certificate Printing'!F\"&((ROW()-2)*4)+5))","v":""},{"$f":"IF(INDIRECT(\"'MRO Certificate Printing'!B\"&((ROW()-2)*4)+5)=\"\",\"\",INDIRECT(\"'MRO Certificate Printing'!B\"&((ROW()-2)*4)+5))","v":""},{"$f":"IF(INDIRECT(\"'MRO Certificate Printing'!G\"&((ROW()-2)*4)+5)=\"\",\"\",INDIRECT(\"'MRO Certificate Printing'!G\"&((ROW()-2)*4)+5))","v":""},{"$f":"IF(INDIRECT(\"'MRO Certificate Printing'!J\"&((ROW()-2)*4)+5)=\"\",\"\",INDIRECT(\"'MRO Certificate Printing'!J\"&((ROW()-2)*4)+5))","v":""},{"$f":"IF(INDIRECT(\"'MRO Certificate Printing'!I\"&((ROW()-2)*4)+5)=\"\",\"\",INDIRECT(\"'MRO Certificate Printing'!I\"&((ROW()-2)*4)+5))","v":""},{"$f":"IF(INDIRECT(\"'MRO Certificate Printing'!K\"&((ROW()-2)*4)+5)=\"\",\"\",INDIRECT(\"'MRO Certificate Printing'!K\"&((ROW()-2)*4)+5))","v":""}]
[{"$f":"IF(C259=\"\",\"\",CONCATENATE(C259,\", \",L259,\", \",U259,\", \",AD259))","v":""},{"$f":"IF(INDIRECT(\"'MRO Certificate Printing'!D\"&((ROW()-2)*4)+2)=\"\",\"\",INDIRECT(\"'MRO Certificate Printing'!D\"&((ROW()-2)*4)+2))","v":""},{"$f":"IF(INDIRECT(\"'MRO Certificate Printing'!E\"&((ROW()-2)*4)+2)=\"\",\"\",INDIRECT(\"'MRO Certificate Printing'!E\"&((ROW()-2)*4)+2))","v":""},{"$f":"IF(INDIRECT(\"'MRO Certificate Printing'!F\"&((ROW()-2)*4)+2)=\"\",\"\",INDIRECT(\"'MRO Certificate Printing'!F\"&((ROW()-2)*4)+2))","v":""},{"$f":"IF(INDIRECT(\"'MRO Certificate Printing'!B\"&((ROW()-2)*4)+2)=\"\",\"\",INDIRECT(\"'MRO Certificate Printing'!B\"&((ROW()-2)*4)+2))","v":""},{"$f":"IF(INDIRECT(\"'MRO Certificate Printing'!G\"&((ROW()-2)*4)+2)=\"\",\"\",INDIRECT(\"'MRO Certificate Printing'!G\"&((ROW()-2)*4)+2))","v":""},{"$f":"IF(INDIRECT(\"'MRO Certificate Printing'!J\"&((ROW()-2)*4)+2)=\"\",\"\",INDIRECT(\"'MRO Certificate Printing'!J\"&((ROW()-2)*4)+2))","v":""},{"$f":"IF(INDIRECT(\"'MRO Certificate Printing'!I\"&((ROW()-2)*4)+2)=\"\",\"\",INDIRECT(\"'MRO Certificate Printing'!I\"&((ROW()-2)*4)+2))","v":""},{"$f":"IF(INDIRECT(\"'MRO Certificate Printing'!K\"&((ROW()-2)*4)+2)=\"\",\"\",INDIRECT(\"'MRO Certificate Printing'!K\"&((ROW()-2)*4)+2))","v":""},null,{"$f":"IF(INDIRECT(\"'MRO Certificate Printing'!D\"&((ROW()-2)*4)+3)=\"\",\"\",INDIRECT(\"'MRO Certificate Printing'!D\"&((ROW()-2)*4)+3))","v":""},{"$f":"IF(INDIRECT(\"'MRO Certificate Printing'!E\"&((ROW()-2)*4)+3)=\"\",\"\",INDIRECT(\"'MRO Certificate Printing'!E\"&((ROW()-2)*4)+3))","v":""},{"$f":"IF(INDIRECT(\"'MRO Certificate Printing'!F\"&((ROW()-2)*4)+3)=\"\",\"\",INDIRECT(\"'MRO Certificate Printing'!F\"&((ROW()-2)*4)+3))","v":""},{"$f":"IF(INDIRECT(\"'MRO Certificate Printing'!B\"&((ROW()-2)*4)+3)=\"\",\"\",INDIRECT(\"'MRO Certificate Printing'!B\"&((ROW()-2)*4)+3))","v":""},{"$f":"IF(INDIRECT(\"'MRO Certificate Printing'!G\"&((ROW()-2)*4)+3)=\"\",\"\",INDIRECT(\"'MRO Certificate Printing'!G\"&((ROW()-2)*4)+3))","v":""},{"$f":"IF(INDIRECT(\"'MRO Certificate Printing'!J\"&((ROW()-2)*4)+3)=\"\",\"\",INDIRECT(\"'MRO Certificate Printing'!J\"&((ROW()-2)*4)+3))","v":""},{"$f":"IF(INDIRECT(\"'MRO Certificate Printing'!I\"&((ROW()-2)*4)+3)=\"\",\"\",INDIRECT(\"'MRO Certificate Printing'!I\"&((ROW()-2)*4)+3))","v":""},{"$f":"IF(INDIRECT(\"'MRO Certificate Printing'!K\"&((ROW()-2)*4)+3)=\"\",\"\",INDIRECT(\"'MRO Certificate Printing'!K\"&((ROW()-2)*4)+3))","v":""},null,{"$f":"IF(INDIRECT(\"'MRO Certificate Printing'!D\"&((ROW()-2)*4)+4)=\"\",\"\",INDIRECT(\"'MRO Certificate Printing'!D\"&((ROW()-2)*4)+4))","v":""},{"$f":"IF(INDIRECT(\"'MRO Certificate Printing'!E\"&((ROW()-2)*4)+4)=\"\",\"\",INDIRECT(\"'MRO Certificate Printing'!E\"&((ROW()-2)*4)+4))","v":""},{"$f":"IF(INDIRECT(\"'MRO Certificate Printing'!F\"&((ROW()-2)*4)+4)=\"\",\"\",INDIRECT(\"'MRO Certificate Printing'!F\"&((ROW()-2)*4)+4))","v":""},{"$f":"IF(INDIRECT(\"'MRO Certificate Printing'!B\"&((ROW()-2)*4)+4)=\"\",\"\",INDIRECT(\"'MRO Certificate Printing'!B\"&((ROW()-2)*4)+4))","v":""},{"$f":"IF(INDIRECT(\"'MRO Certificate Printing'!G\"&((ROW()-2)*4)+4)=\"\",\"\",INDIRECT(\"'MRO Certificate Printing'!G\"&((ROW()-2)*4)+4))","v":""},{"$f":"IF(INDIRECT(\"'MRO Certificate Printing'!J\"&((ROW()-2)*4)+4)=\"\",\"\",INDIRECT(\"'MRO Certificate Printing'!J\"&((ROW()-2)*4)+4))","v":""},{"$f":"IF(INDIRECT(\"'MRO Certificate Printing'!I\"&((ROW()-2)*4)+4)=\"\",\"\",INDIRECT(\"'MRO Certificate Printing'!I\"&((ROW()-2)*4)+4))","v":""},{"$f":"IF(INDIRECT(\"'MRO Certificate Printing'!K\"&((ROW()-2)*4)+4)=\"\",\"\",INDIRECT(\"'MRO Certificate Printing'!K\"&((ROW()-2)*4)+4))","v":""},null,{"$f":"IF(INDIRECT(\"'MRO Certificate Printing'!D\"&((ROW()-2)*4)+5)=\"\",\"\",INDIRECT(\"'MRO Certificate Printing'!D\"&((ROW()-2)*4)+5))","v":""},{"$f":"IF(INDIRECT(\"'MRO Certificate Printing'!E\"&((ROW()-2)*4)+5)=\"\",\"\",INDIRECT(\"'MRO Certificate Printing'!E\"&((ROW()-2)*4)+5))","v":""},{"$f":"IF(INDIRECT(\"'MRO Certificate Printing'!F\"&((ROW()-2)*4)+5)=\"\",\"\",INDIRECT(\"'MRO Certificate Printing'!F\"&((ROW()-2)*4)+5))","v":""},{"$f":"IF(INDIRECT(\"'MRO Certificate Printing'!B\"&((ROW()-2)*4)+5)=\"\",\"\",INDIRECT(\"'MRO Certificate Printing'!B\"&((ROW()-2)*4)+5))","v":""},{"$f":"IF(INDIRECT(\"'MRO Certificate Printing'!G\"&((ROW()-2)*4)+5)=\"\",\"\",INDIRECT(\"'MRO Certificate Printing'!G\"&((ROW()-2)*4)+5))","v":""},{"$f":"IF(INDIRECT(\"'MRO Certificate Printing'!J\"&((ROW()-2)*4)+5)=\"\",\"\",INDIRECT(\"'MRO Certificate Printing'!J\"&((ROW()-2)*4)+5))","v":""},{"$f":"IF(INDIRECT(\"'MRO Certificate Printing'!I\"&((ROW()-2)*4)+5)=\"\",\"\",INDIRECT(\"'MRO Certificate Printing'!I\"&((ROW()-2)*4)+5))","v":""},{"$f":"IF(INDIRECT(\"'MRO Certificate Printing'!K\"&((ROW()-2)*4)+5)=\"\",\"\",INDIRECT(\"'MRO Certificate Printing'!K\"&((ROW()-2)*4)+5))","v":""}]
["",{"$f":"IF(INDIRECT(\"'MRO Certificate Printing'!D\"&((ROW()-2)*4)+2)=\"\",\"\",INDIRECT(\"'MRO Certificate Printing'!D\"&((ROW()-2)*4)+2))","v":""},{"$f":"IF(INDIRECT(\"'MRO Certificate Printing'!E\"&((ROW()-2)*4)+2)=\"\",\"\",INDIRECT(\"'MRO Certificate Printing'!E\"&((ROW()-2)*4)+2))","v":""},{"$f":"IF(INDIRECT(\"'MRO Certificate Printing'!F\"&((ROW()-2)*4)+2)=\"\",\"\",INDIRECT(\"'MRO Certificate Printing'!F\"&((ROW()-2)*4)+2))","v":""},{"$f":"IF(INDIRECT(\"'MRO Certificate Printing'!B\"&((ROW()-2)*4)+2)=\"\",\"\",INDIRECT(\"'MRO Certificate Printing'!B\"&((ROW()-2)*4)+2))","v":""},{"$f":"IF(INDIRECT(\"'MRO Certificate Printing'!G\"&((ROW()-2)*4)+2)=\"\",\"\",INDIRECT(\"'MRO Certificate Printing'!G\"&((ROW()-2)*4)+2))","v":""},{"$f":"IF(INDIRECT(\"'MRO Certificate Printing'!J\"&((ROW()-2)*4)+2)=\"\",\"\",INDIRECT(\"'MRO Certificate Printing'!J\"&((ROW()-2)*4)+2))","v":""},{"$f":"IF(INDIRECT(\"'MRO Certificate Printing'!I\"&((ROW()-2)*4)+2)=\"\",\"\",INDIRECT(\"'MRO Certificate Printing'!I\"&((ROW()-2)*4)+2))","v":""},{"$f":"IF(INDIRECT(\"'MRO Certificate Printing'!K\"&((ROW()-2)*4)+2)=\"\",\"\",INDIRECT(\"'MRO Certificate Printing'!K\"&((ROW()-2)*4)+2))","v":""},null,{"$f":"IF(INDIRECT(\"'MRO Certificate Printing'!D\"&((ROW()-2)*4)+3)=\"\",\"\",INDIRECT(\"'MRO Certificate Printing'!D\"&((ROW()-2)*4)+3))","v":""},{"$f":"IF(INDIRECT(\"'MRO Certificate Printing'!E\"&((ROW()-2)*4)+3)=\"\",\"\",INDIRECT(\"'MRO Certificate Printing'!E\"&((ROW()-2)*4)+3))","v":""},{"$f":"IF(INDIRECT(\"'MRO Certificate Printing'!F\"&((ROW()-2)*4)+3)=\"\",\"\",INDIRECT(\"'MRO Certificate Printing'!F\"&((ROW()-2)*4)+3))","v":""},{"$f":"IF(INDIRECT(\"'MRO Certificate Printing'!B\"&((ROW()-2)*4)+3)=\"\",\"\",INDIRECT(\"'MRO Certificate Printing'!B\"&((ROW()-2)*4)+3))","v":""},{"$f":"IF(INDIRECT(\"'MRO Certificate Printing'!G\"&((ROW()-2)*4)+3)=\"\",\"\",INDIRECT(\"'MRO Certificate Printing'!G\"&((ROW()-2)*4)+3))","v":""},{"$f":"IF(INDIRECT(\"'MRO Certificate Printing'!J\"&((ROW()-2)*4)+3)=\"\",\"\",INDIRECT(\"'MRO Certificate Printing'!J\"&((ROW()-2)*4)+3))","v":""},{"$f":"IF(INDIRECT(\"'MRO Certificate Printing'!I\"&((ROW()-2)*4)+3)=\"\",\"\",INDIRECT(\"'MRO Certificate Printing'!I\"&((ROW()-2)*4)+3))","v":""},{"$f":"IF(INDIRECT(\"'MRO Certificate Printing'!K\"&((ROW()-2)*4)+3)=\"\",\"\",INDIRECT(\"'MRO Certificate Printing'!K\"&((ROW()-2)*4)+3))","v":""},null,{"$f":"IF(INDIRECT(\"'MRO Certificate Printing'!D\"&((ROW()-2)*4)+4)=\"\",\"\",INDIRECT(\"'MRO Certificate Printing'!D\"&((ROW()-2)*4)+4))","v":""},{"$f":"IF(INDIRECT(\"'MRO Certificate Printing'!E\"&((ROW()-2)*4)+4)=\"\",\"\",INDIRECT(\"'MRO Certificate Printing'!E\"&((ROW()-2)*4)+4))","v":""},{"$f":"IF(INDIRECT(\"'MRO Certificate Printing'!F\"&((ROW()-2)*4)+4)=\"\",\"\",INDIRECT(\"'MRO Certificate Printing'!F\"&((ROW()-2)*4)+4))","v":""},{"$f":"IF(INDIRECT(\"'MRO Certificate Printing'!B\"&((ROW()-2)*4)+4)=\"\",\"\",INDIRECT(\"'MRO Certificate Printing'!B\"&((ROW()-2)*4)+4))","v":""},{"$f":"IF(INDIRECT(\"'MRO Certificate Printing'!G\"&((ROW()-2)*4)+4)=\"\",\"\",INDIRECT(\"'MRO Certificate Printing'!G\"&((ROW()-2)*4)+4))","v":""},{"$f":"IF(INDIRECT(\"'MRO Certificate Printing'!J\"&((ROW()-2)*4)+4)=\"\",\"\",INDIRECT(\"'MRO Certificate Printing'!J\"&((ROW()-2)*4)+4))","v":""},{"$f":"IF(INDIRECT(\"'MRO Certificate Printing'!I\"&((ROW()-2)*4)+4)=\"\",\"\",INDIRECT(\"'MRO Certificate Printing'!I\"&((ROW()-2)*4)+4))","v":""},{"$f":"IF(INDIRECT(\"'MRO Certificate Printing'!K\"&((ROW()-2)*4)+4)=\"\",\"\",INDIRECT(\"'MRO Certificate Printing'!K\"&((ROW()-2)*4)+4))","v":""},null,{"$f":"IF(INDIRECT(\"'MRO Certificate Printing'!D\"&((ROW()-2)*4)+5)=\"\",\"\",INDIRECT(\"'MRO Certificate Printing'!D\"&((ROW()-2)*4)+5))","v":""},{"$f":"IF(INDIRECT(\"'MRO Certificate Printing'!E\"&((ROW()-2)*4)+5)=\"\",\"\",INDIRECT(\"'MRO Certificate Printing'!E\"&((ROW()-2)*4)+5))","v":""},{"$f":"IF(INDIRECT(\"'MRO Certificate Printing'!F\"&((ROW()-2)*4)+5)=\"\",\"\",INDIRECT(\"'MRO Certificate Printing'!F\"&((ROW()-2)*4)+5))","v":""},{"$f":"IF(INDIRECT(\"'MRO Certificate Printing'!B\"&((ROW()-2)*4)+5)=\"\",\"\",INDIRECT(\"'MRO Certificate Printing'!B\"&((ROW()-2)*4)+5))","v":""},{"$f":"IF(INDIRECT(\"'MRO Certificate Printing'!G\"&((ROW()-2)*4)+5)=\"\",\"\",INDIRECT(\"'MRO Certificate Printing'!G\"&((ROW()-2)*4)+5))","v":""},{"$f":"IF(INDIRECT(\"'MRO Certificate Printing'!J\"&((ROW()-2)*4)+5)=\"\",\"\",INDIRECT(\"'MRO Certificate Printing'!J\"&((ROW()-2)*4)+5))","v":""},{"$f":"IF(INDIRECT(\"'MRO Certificate Printing'!I\"&((ROW()-2)*4)+5)=\"\",\"\",INDIRECT(\"'MRO Certificate Printing'!I\"&((ROW()-2)*4)+5))","v":""},{"$f":"IF(INDIRECT(\"'MRO Certificate Printing'!K\"&((ROW()-2)*4)+5)=\"\",\"\",INDIRECT(\"'MRO Certificate Printing'!K\"&((ROW()-2)*4)+5))","v":""}]
["",{"$f":"IF(INDIRECT(\"'MRO Certificate Printing'!D\"&((ROW()-2)*4)+2)=\"\",\"\",INDIRECT(\"'MRO Certificate Printing'!D\"&((ROW()-2)*4)+2))","v":""},{"$f":"IF(INDIRECT(\"'MRO Certificate Printing'!E\"&((ROW()-2)*4)+2)=\"\",\"\",INDIRECT(\"'MRO Certificate Printing'!E\"&((ROW()-2)*4)+2))","v":""},{"$f":"IF(INDIRECT(\"'MRO Certificate Printing'!F\"&((ROW()-2)*4)+2)=\"\",\"\",INDIRECT(\"'MRO Certificate Printing'!F\"&((ROW()-2)*4)+2))","v":""},{"$f":"IF(INDIRECT(\"'MRO Certificate Printing'!B\"&((ROW()-2)*4)+2)=\"\",\"\",INDIRECT(\"'MRO Certificate Printing'!B\"&((ROW()-2)*4)+2))","v":""},{"$f":"IF(INDIRECT(\"'MRO Certificate Printing'!G\"&((ROW()-2)*4)+2)=\"\",\"\",INDIRECT(\"'MRO Certificate Printing'!G\"&((ROW()-2)*4)+2))","v":""},{"$f":"IF(INDIRECT(\"'MRO Certificate Printing'!J\"&((ROW()-2)*4)+2)=\"\",\"\",INDIRECT(\"'MRO Certificate Printing'!J\"&((ROW()-2)*4)+2))","v":""},{"$f":"IF(INDIRECT(\"'MRO Certificate Printing'!I\"&((ROW()-2)*4)+2)=\"\",\"\",INDIRECT(\"'MRO Certificate Printing'!I\"&((ROW()-2)*4)+2))","v":""},{"$f":"IF(INDIRECT(\"'MRO Certificate Printing'!K\"&((ROW()-2)*4)+2)=\"\",\"\",INDIRECT(\"'MRO Certificate Printing'!K\"&((ROW()-2)*4)+2))","v":""},null,{"$f":"IF(INDIRECT(\"'MRO Certificate Printing'!D\"&((ROW()-2)*4)+3)=\"\",\"\",INDIRECT(\"'MRO Certificate Printing'!D\"&((ROW()-2)*4)+3))","v":""},{"$f":"IF(INDIRECT(\"'MRO Certificate Printing'!E\"&((ROW()-2)*4)+3)=\"\",\"\",INDIRECT(\"'MRO Certificate Printing'!E\"&((ROW()-2)*4)+3))","v":""},{"$f":"IF(INDIRECT(\"'MRO Certificate Printing'!F\"&((ROW()-2)*4)+3)=\"\",\"\",INDIRECT(\"'MRO Certificate Printing'!F\"&((ROW()-2)*4)+3))","v":""},{"$f":"IF(INDIRECT(\"'MRO Certificate Printing'!B\"&((ROW()-2)*4)+3)=\"\",\"\",INDIRECT(\"'MRO Certificate Printing'!B\"&((ROW()-2)*4)+3))","v":""},{"$f":"IF(INDIRECT(\"'MRO Certificate Printing'!G\"&((ROW()-2)*4)+3)=\"\",\"\",INDIRECT(\"'MRO Certificate Printing'!G\"&((ROW()-2)*4)+3))","v":""},{"$f":"IF(INDIRECT(\"'MRO Certificate Printing'!J\"&((ROW()-2)*4)+3)=\"\",\"\",INDIRECT(\"'MRO Certificate Printing'!J\"&((ROW()-2)*4)+3))","v":""},{"$f":"IF(INDIRECT(\"'MRO Certificate Printing'!I\"&((ROW()-2)*4)+3)=\"\",\"\",INDIRECT(\"'MRO Certificate Printing'!I\"&((ROW()-2)*4)+3))","v":""},{"$f":"IF(INDIRECT(\"'MRO Certificate Printing'!K\"&((ROW()-2)*4)+3)=\"\",\"\",INDIRECT(\"'MRO Certificate Printing'!K\"&((ROW()-2)*4)+3))","v":""},null,{"$f":"IF(INDIRECT(\"'MRO Certificate Printing'!D\"&((ROW()-2)*4)+4)=\"\",\"\",INDIRECT(\"'MRO Certificate Printing'!D\"&((ROW()-2)*4)+4))","v":""},{"$f":"IF(INDIRECT(\"'MRO Certificate Printing'!E\"&((ROW()-2)*4)+4)=\"\",\"\",INDIRECT(\"'MRO Certificate Printing'!E\"&((ROW()-2)*4)+4))","v":""},{"$f":"IF(INDIRECT(\"'MRO Certificate Printing'!F\"&((ROW()-2)*4)+4)=\"\",\"\",INDIRECT(\"'MRO Certificate Printing'!F\"&((ROW()-2)*4)+4))","v":""},{"$f":"IF(INDIRECT(\"'MRO Certificate Printing'!B\"&((ROW()-2)*4)+4)=\"\",\"\",INDIRECT(\"'MRO Certificate Printing'!B\"&((ROW()-2)*4)+4))","v":""},{"$f":"IF(INDIRECT(\"'MRO Certificate Printing'!G\"&((ROW()-2)*4)+4)=\"\",\"\",INDIRECT(\"'MRO Certificate Printing'!G\"&((ROW()-2)*4)+4))","v":""},{"$f":"IF(INDIRECT(\"'MRO Certificate Printing'!J\"&((ROW()-2)*4)+4)=\"\",\"\",INDIRECT(\"'MRO Certificate Printing'!J\"&((ROW()-2)*4)+4))","v":""},{"$f":"IF(INDIRECT(\"'MRO Certificate Printing'!I\"&((ROW()-2)*4)+4)=\"\",\"\",INDIRECT(\"'MRO Certificate Printing'!I\"&((ROW()-2)*4)+4))","v":""},{"$f":"IF(INDIRECT(\"'MRO Certificate Printing'!K\"&((ROW()-2)*4)+4)=\"\",\"\",INDIRECT(\"'MRO Certificate Printing'!K\"&((ROW()-2)*4)+4))","v":""},null,{"$f":"IF(INDIRECT(\"'MRO Certificate Printing'!D\"&((ROW()-2)*4)+5)=\"\",\"\",INDIRECT(\"'MRO Certificate Printing'!D\"&((ROW()-2)*4)+5))","v":""},{"$f":"IF(INDIRECT(\"'MRO Certificate Printing'!E\"&((ROW()-2)*4)+5)=\"\",\"\",INDIRECT(\"'MRO Certificate Printing'!E\"&((ROW()-2)*4)+5))","v":""},{"$f":"IF(INDIRECT(\"'MRO Certificate Printing'!F\"&((ROW()-2)*4)+5)=\"\",\"\",INDIRECT(\"'MRO Certificate Printing'!F\"&((ROW()-2)*4)+5))","v":""},{"$f":"IF(INDIRECT(\"'MRO Certificate Printing'!B\"&((ROW()-2)*4)+5)=\"\",\"\",INDIRECT(\"'MRO Certificate Printing'!B\"&((ROW()-2)*4)+5))","v":""},{"$f":"IF(INDIRECT(\"'MRO Certificate Printing'!G\"&((ROW()-2)*4)+5)=\"\",\"\",INDIRECT(\"'MRO Certificate Printing'!G\"&((ROW()-2)*4)+5))","v":""},{"$f":"IF(INDIRECT(\"'MRO Certificate Printing'!J\"&((ROW()-2)*4)+5)=\"\",\"\",INDIRECT(\"'MRO Certificate Printing'!J\"&((ROW()-2)*4)+5))","v":""},{"$f":"IF(INDIRECT(\"'MRO Certificate Printing'!I\"&((ROW()-2)*4)+5)=\"\",\"\",INDIRECT(\"'MRO Certificate Printing'!I\"&((ROW()-2)*4)+5))","v":""},{"$f":"IF(INDIRECT(\"'MRO Certificate Printing'!K\"&((ROW()-2)*4)+5)=\"\",\"\",INDIRECT(\"'MRO Certificate Printing'!K\"&((ROW()-2)*4)+5))","v":""}]
["",{"$f":"IF(INDIRECT(\"'MRO Certificate Printing'!D\"&((ROW()-2)*4)+2)=\"\",\"\",INDIRECT(\"'MRO Certificate Printing'!D\"&((ROW()-2)*4)+2))","v":""},{"$f":"IF(INDIRECT(\"'MRO Certificate Printing'!E\"&((ROW()-2)*4)+2)=\"\",\"\",INDIRECT(\"'MRO Certificate Printing'!E\"&((ROW()-2)*4)+2))","v":""},{"$f":"IF(INDIRECT(\"'MRO Certificate Printing'!F\"&((ROW()-2)*4)+2)=\"\",\"\",INDIRECT(\"'MRO Certificate Printing'!F\"&((ROW()-2)*4)+2))","v":""},{"$f":"IF(INDIRECT(\"'MRO Certificate Printing'!B\"&((ROW()-2)*4)+2)=\"\",\"\",INDIRECT(\"'MRO Certificate Printing'!B\"&((ROW()-2)*4)+2))","v":""},{"$f":"IF(INDIRECT(\"'MRO Certificate Printing'!G\"&((ROW()-2)*4)+2)=\"\",\"\",INDIRECT(\"'MRO Certificate Printing'!G\"&((ROW()-2)*4)+2))","v":""},{"$f":"IF(INDIRECT(\"'MRO Certificate Printing'!J\"&((ROW()-2)*4)+2)=\"\",\"\",INDIRECT(\"'MRO Certificate Printing'!J\"&((ROW()-2)*4)+2))","v":""},{"$f":"IF(INDIRECT(\"'MRO Certificate Printing'!I\"&((ROW()-2)*4)+2)=\"\",\"\",INDIRECT(\"'MRO Certificate Printing'!I\"&((ROW()-2)*4)+2))","v":""},{"$f":"IF(INDIRECT(\"'MRO Certificate Printing'!K\"&((ROW()-2)*4)+2)=\"\",\"\",INDIRECT(\"'MRO Certificate Printing'!K\"&((ROW()-2)*4)+2))","v":""},null,{"$f":"IF(INDIRECT(\"'MRO Certificate Printing'!D\"&((ROW()-2)*4)+3)=\"\",\"\",INDIRECT(\"'MRO Certificate Printing'!D\"&((ROW()-2)*4)+3))","v":""},{"$f":"IF(INDIRECT(\"'MRO Certificate Printing'!E\"&((ROW()-2)*4)+3)=\"\",\"\",INDIRECT(\"'MRO Certificate Printing'!E\"&((ROW()-2)*4)+3))","v":""},{"$f":"IF(INDIRECT(\"'MRO Certificate Printing'!F\"&((ROW()-2)*4)+3)=\"\",\"\",INDIRECT(\"'MRO Certificate Printing'!F\"&((ROW()-2)*4)+3))","v":""},{"$f":"IF(INDIRECT(\"'MRO Certificate Printing'!B\"&((ROW()-2)*4)+3)=\"\",\"\",INDIRECT(\"'MRO Certificate Printing'!B\"&((ROW()-2)*4)+3))","v":""},{"$f":"IF(INDIRECT(\"'MRO Certificate Printing'!G\"&((ROW()-2)*4)+3)=\"\",\"\",INDIRECT(\"'MRO Certificate Printing'!G\"&((ROW()-2)*4)+3))","v":""},{"$f":"IF(INDIRECT(\"'MRO Certificate Printing'!J\"&((ROW()-2)*4)+3)=\"\",\"\",INDIRECT(\"'MRO Certificate Printing'!J\"&((ROW()-2)*4)+3))","v":""},{"$f":"IF(INDIRECT(\"'MRO Certificate Printing'!I\"&((ROW()-2)*4)+3)=\"\",\"\",INDIRECT(\"'MRO Certificate Printing'!I\"&((ROW()-2)*4)+3))","v":""},{"$f":"IF(INDIRECT(\"'MRO Certificate Printing'!K\"&((ROW()-2)*4)+3)=\"\",\"\",INDIRECT(\"'MRO Certificate Printing'!K\"&((ROW()-2)*4)+3))","v":""},null,{"$f":"IF(INDIRECT(\"'MRO Certificate Printing'!D\"&((ROW()-2)*4)+4)=\"\",\"\",INDIRECT(\"'MRO Certificate Printing'!D\"&((ROW()-2)*4)+4))","v":""},{"$f":"IF(INDIRECT(\"'MRO Certificate Printing'!E\"&((ROW()-2)*4)+4)=\"\",\"\",INDIRECT(\"'MRO Certificate Printing'!E\"&((ROW()-2)*4)+4))","v":""},{"$f":"IF(INDIRECT(\"'MRO Certificate Printing'!F\"&((ROW()-2)*4)+4)=\"\",\"\",INDIRECT(\"'MRO Certificate Printing'!F\"&((ROW()-2)*4)+4))","v":""},{"$f":"IF(INDIRECT(\"'MRO Certificate Printing'!B\"&((ROW()-2)*4)+4)=\"\",\"\",INDIRECT(\"'MRO Certificate Printing'!B\"&((ROW()-2)*4)+4))","v":""},{"$f":"IF(INDIRECT(\"'MRO Certificate Printing'!G\"&((ROW()-2)*4)+4)=\"\",\"\",INDIRECT(\"'MRO Certificate Printing'!G\"&((ROW()-2)*4)+4))","v":""},{"$f":"IF(INDIRECT(\"'MRO Certificate Printing'!J\"&((ROW()-2)*4)+4)=\"\",\"\",INDIRECT(\"'MRO Certificate Printing'!J\"&((ROW()-2)*4)+4))","v":""},{"$f":"IF(INDIRECT(\"'MRO Certificate Printing'!I\"&((ROW()-2)*4)+4)=\"\",\"\",INDIRECT(\"'MRO Certificate Printing'!I\"&((ROW()-2)*4)+4))","v":""},{"$f":"IF(INDIRECT(\"'MRO Certificate Printing'!K\"&((ROW()-2)*4)+4)=\"\",\"\",INDIRECT(\"'MRO Certificate Printing'!K\"&((ROW()-2)*4)+4))","v":""},null,{"$f":"IF(INDIRECT(\"'MRO Certificate Printing'!D\"&((ROW()-2)*4)+5)=\"\",\"\",INDIRECT(\"'MRO Certificate Printing'!D\"&((ROW()-2)*4)+5))","v":""},{"$f":"IF(INDIRECT(\"'MRO Certificate Printing'!E\"&((ROW()-2)*4)+5)=\"\",\"\",INDIRECT(\"'MRO Certificate Printing'!E\"&((ROW()-2)*4)+5))","v":""},{"$f":"IF(INDIRECT(\"'MRO Certificate Printing'!F\"&((ROW()-2)*4)+5)=\"\",\"\",INDIRECT(\"'MRO Certificate Printing'!F\"&((ROW()-2)*4)+5))","v":""},{"$f":"IF(INDIRECT(\"'MRO Certificate Printing'!B\"&((ROW()-2)*4)+5)=\"\",\"\",INDIRECT(\"'MRO Certificate Printing'!B\"&((ROW()-2)*4)+5))","v":""},{"$f":"IF(INDIRECT(\"'MRO Certificate Printing'!G\"&((ROW()-2)*4)+5)=\"\",\"\",INDIRECT(\"'MRO Certificate Printing'!G\"&((ROW()-2)*4)+5))","v":""},{"$f":"IF(INDIRECT(\"'MRO Certificate Printing'!J\"&((ROW()-2)*4)+5)=\"\",\"\",INDIRECT(\"'MRO Certificate Printing'!J\"&((ROW()-2)*4)+5))","v":""},{"$f":"IF(INDIRECT(\"'MRO Certificate Printing'!I\"&((ROW()-2)*4)+5)=\"\",\"\",INDIRECT(\"'MRO Certificate Printing'!I\"&((ROW()-2)*4)+5))","v":""},{"$f":"IF(INDIRECT(\"'MRO Certificate Printing'!K\"&((ROW()-2)*4)+5)=\"\",\"\",INDIRECT(\"'MRO Certificate Printing'!K\"&((ROW()-2)*4)+5))","v":""}]
["",{"$f":"IF(INDIRECT(\"'MRO Certificate Printing'!D\"&((ROW()-2)*4)+2)=\"\",\"\",INDIRECT(\"'MRO Certificate Printing'!D\"&((ROW()-2)*4)+2))","v":""},{"$f":"IF(INDIRECT(\"'MRO Certificate Printing'!E\"&((ROW()-2)*4)+2)=\"\",\"\",INDIRECT(\"'MRO Certificate Printing'!E\"&((ROW()-2)*4)+2))","v":""},{"$f":"IF(INDIRECT(\"'MRO Certificate Printing'!F\"&((ROW()-2)*4)+2)=\"\",\"\",INDIRECT(\"'MRO Certificate Printing'!F\"&((ROW()-2)*4)+2))","v":""},{"$f":"IF(INDIRECT(\"'MRO Certificate Printing'!B\"&((ROW()-2)*4)+2)=\"\",\"\",INDIRECT(\"'MRO Certificate Printing'!B\"&((ROW()-2)*4)+2))","v":""},{"$f":"IF(INDIRECT(\"'MRO Certificate Printing'!G\"&((ROW()-2)*4)+2)=\"\",\"\",INDIRECT(\"'MRO Certificate Printing'!G\"&((ROW()-2)*4)+2))","v":""},{"$f":"IF(INDIRECT(\"'MRO Certificate Printing'!J\"&((ROW()-2)*4)+2)=\"\",\"\",INDIRECT(\"'MRO Certificate Printing'!J\"&((ROW()-2)*4)+2))","v":""},{"$f":"IF(INDIRECT(\"'MRO Certificate Printing'!I\"&((ROW()-2)*4)+2)=\"\",\"\",INDIRECT(\"'MRO Certificate Printing'!I\"&((ROW()-2)*4)+2))","v":""},{"$f":"IF(INDIRECT(\"'MRO Certificate Printing'!K\"&((ROW()-2)*4)+2)=\"\",\"\",INDIRECT(\"'MRO Certificate Printing'!K\"&((ROW()-2)*4)+2))","v":""},null,{"$f":"IF(INDIRECT(\"'MRO Certificate Printing'!D\"&((ROW()-2)*4)+3)=\"\",\"\",INDIRECT(\"'MRO Certificate Printing'!D\"&((ROW()-2)*4)+3))","v":""},{"$f":"IF(INDIRECT(\"'MRO Certificate Printing'!E\"&((ROW()-2)*4)+3)=\"\",\"\",INDIRECT(\"'MRO Certificate Printing'!E\"&((ROW()-2)*4)+3))","v":""},{"$f":"IF(INDIRECT(\"'MRO Certificate Printing'!F\"&((ROW()-2)*4)+3)=\"\",\"\",INDIRECT(\"'MRO Certificate Printing'!F\"&((ROW()-2)*4)+3))","v":""},{"$f":"IF(INDIRECT(\"'MRO Certificate Printing'!B\"&((ROW()-2)*4)+3)=\"\",\"\",INDIRECT(\"'MRO Certificate Printing'!B\"&((ROW()-2)*4)+3))","v":""},{"$f":"IF(INDIRECT(\"'MRO Certificate Printing'!G\"&((ROW()-2)*4)+3)=\"\",\"\",INDIRECT(\"'MRO Certificate Printing'!G\"&((ROW()-2)*4)+3))","v":""},{"$f":"IF(INDIRECT(\"'MRO Certificate Printing'!J\"&((ROW()-2)*4)+3)=\"\",\"\",INDIRECT(\"'MRO Certificate Printing'!J\"&((ROW()-2)*4)+3))","v":""},{"$f":"IF(INDIRECT(\"'MRO Certificate Printing'!I\"&((ROW()-2)*4)+3)=\"\",\"\",INDIRECT(\"'MRO Certificate Printing'!I\"&((ROW()-2)*4)+3))","v":""},{"$f":"IF(INDIRECT(\"'MRO Certificate Printing'!K\"&((ROW()-2)*4)+3)=\"\",\"\",INDIRECT(\"'MRO Certificate Printing'!K\"&((ROW()-2)*4)+3))","v":""},null,{"$f":"IF(INDIRECT(\"'MRO Certificate Printing'!D\"&((ROW()-2)*4)+4)=\"\",\"\",INDIRECT(\"'MRO Certificate Printing'!D\"&((ROW()-2)*4)+4))","v":""},{"$f":"IF(INDIRECT(\"'MRO Certificate Printing'!E\"&((ROW()-2)*4)+4)=\"\",\"\",INDIRECT(\"'MRO Certificate Printing'!E\"&((ROW()-2)*4)+4))","v":""},{"$f":"IF(INDIRECT(\"'MRO Certificate Printing'!F\"&((ROW()-2)*4)+4)=\"\",\"\",INDIRECT(\"'MRO Certificate Printing'!F\"&((ROW()-2)*4)+4))","v":""},{"$f":"IF(INDIRECT(\"'MRO Certificate Printing'!B\"&((ROW()-2)*4)+4)=\"\",\"\",INDIRECT(\"'MRO Certificate Printing'!B\"&((ROW()-2)*4)+4))","v":""},{"$f":"IF(INDIRECT(\"'MRO Certificate Printing'!G\"&((ROW()-2)*4)+4)=\"\",\"\",INDIRECT(\"'MRO Certificate Printing'!G\"&((ROW()-2)*4)+4))","v":""},{"$f":"IF(INDIRECT(\"'MRO Certificate Printing'!J\"&((ROW()-2)*4)+4)=\"\",\"\",INDIRECT(\"'MRO Certificate Printing'!J\"&((ROW()-2)*4)+4))","v":""},{"$f":"IF(INDIRECT(\"'MRO Certificate Printing'!I\"&((ROW()-2)*4)+4)=\"\",\"\",INDIRECT(\"'MRO Certificate Printing'!I\"&((ROW()-2)*4)+4))","v":""},{"$f":"IF(INDIRECT(\"'MRO Certificate Printing'!K\"&((ROW()-2)*4)+4)=\"\",\"\",INDIRECT(\"'MRO Certificate Printing'!K\"&((ROW()-2)*4)+4))","v":""},null,{"$f":"IF(INDIRECT(\"'MRO Certificate Printing'!D\"&((ROW()-2)*4)+5)=\"\",\"\",INDIRECT(\"'MRO Certificate Printing'!D\"&((ROW()-2)*4)+5))","v":""},{"$f":"IF(INDIRECT(\"'MRO Certificate Printing'!E\"&((ROW()-2)*4)+5)=\"\",\"\",INDIRECT(\"'MRO Certificate Printing'!E\"&((ROW()-2)*4)+5))","v":""},{"$f":"IF(INDIRECT(\"'MRO Certificate Printing'!F\"&((ROW()-2)*4)+5)=\"\",\"\",INDIRECT(\"'MRO Certificate Printing'!F\"&((ROW()-2)*4)+5))","v":""},{"$f":"IF(INDIRECT(\"'MRO Certificate Printing'!B\"&((ROW()-2)*4)+5)=\"\",\"\",INDIRECT(\"'MRO Certificate Printing'!B\"&((ROW()-2)*4)+5))","v":""},{"$f":"IF(INDIRECT(\"'MRO Certificate Printing'!G\"&((ROW()-2)*4)+5)=\"\",\"\",INDIRECT(\"'MRO Certificate Printing'!G\"&((ROW()-2)*4)+5))","v":""},{"$f":"IF(INDIRECT(\"'MRO Certificate Printing'!J\"&((ROW()-2)*4)+5)=\"\",\"\",INDIRECT(\"'MRO Certificate Printing'!J\"&((ROW()-2)*4)+5))","v":""},{"$f":"IF(INDIRECT(\"'MRO Certificate Printing'!I\"&((ROW()-2)*4)+5)=\"\",\"\",INDIRECT(\"'MRO Certificate Printing'!I\"&((ROW()-2)*4)+5))","v":""},{"$f":"IF(INDIRECT(\"'MRO Certificate Printing'!K\"&((ROW()-2)*4)+5)=\"\",\"\",INDIRECT(\"'MRO Certificate Printing'!K\"&((ROW()-2)*4)+5))","v":""}]
["",{"$f":"IF(INDIRECT(\"'MRO Certificate Printing'!D\"&((ROW()-2)*4)+2)=\"\",\"\",INDIRECT(\"'MRO Certificate Printing'!D\"&((ROW()-2)*4)+2))","v":""},{"$f":"IF(INDIRECT(\"'MRO Certificate Printing'!E\"&((ROW()-2)*4)+2)=\"\",\"\",INDIRECT(\"'MRO Certificate Printing'!E\"&((ROW()-2)*4)+2))","v":""},{"$f":"IF(INDIRECT(\"'MRO Certificate Printing'!F\"&((ROW()-2)*4)+2)=\"\",\"\",INDIRECT(\"'MRO Certificate Printing'!F\"&((ROW()-2)*4)+2))","v":""},{"$f":"IF(INDIRECT(\"'MRO Certificate Printing'!B\"&((ROW()-2)*4)+2)=\"\",\"\",INDIRECT(\"'MRO Certificate Printing'!B\"&((ROW()-2)*4)+2))","v":""},{"$f":"IF(INDIRECT(\"'MRO Certificate Printing'!G\"&((ROW()-2)*4)+2)=\"\",\"\",INDIRECT(\"'MRO Certificate Printing'!G\"&((ROW()-2)*4)+2))","v":""},{"$f":"IF(INDIRECT(\"'MRO Certificate Printing'!J\"&((ROW()-2)*4)+2)=\"\",\"\",INDIRECT(\"'MRO Certificate Printing'!J\"&((ROW()-2)*4)+2))","v":""},{"$f":"IF(INDIRECT(\"'MRO Certificate Printing'!I\"&((ROW()-2)*4)+2)=\"\",\"\",INDIRECT(\"'MRO Certificate Printing'!I\"&((ROW()-2)*4)+2))","v":""},{"$f":"IF(INDIRECT(\"'MRO Certificate Printing'!K\"&((ROW()-2)*4)+2)=\"\",\"\",INDIRECT(\"'MRO Certificate Printing'!K\"&((ROW()-2)*4)+2))","v":""},null,{"$f":"IF(INDIRECT(\"'MRO Certificate Printing'!D\"&((ROW()-2)*4)+3)=\"\",\"\",INDIRECT(\"'MRO Certificate Printing'!D\"&((ROW()-2)*4)+3))","v":""},{"$f":"IF(INDIRECT(\"'MRO Certificate Printing'!E\"&((ROW()-2)*4)+3)=\"\",\"\",INDIRECT(\"'MRO Certificate Printing'!E\"&((ROW()-2)*4)+3))","v":""},{"$f":"IF(INDIRECT(\"'MRO Certificate Printing'!F\"&((ROW()-2)*4)+3)=\"\",\"\",INDIRECT(\"'MRO Certificate Printing'!F\"&((ROW()-2)*4)+3))","v":""},{"$f":"IF(INDIRECT(\"'MRO Certificate Printing'!B\"&((ROW()-2)*4)+3)=\"\",\"\",INDIRECT(\"'MRO Certificate Printing'!B\"&((ROW()-2)*4)+3))","v":""},{"$f":"IF(INDIRECT(\"'MRO Certificate Printing'!G\"&((ROW()-2)*4)+3)=\"\",\"\",INDIRECT(\"'MRO Certificate Printing'!G\"&((ROW()-2)*4)+3))","v":""},{"$f":"IF(INDIRECT(\"'MRO Certificate Printing'!J\"&((ROW()-2)*4)+3)=\"\",\"\",INDIRECT(\"'MRO Certificate Printing'!J\"&((ROW()-2)*4)+3))","v":""},{"$f":"IF(INDIRECT(\"'MRO Certificate Printing'!I\"&((ROW()-2)*4)+3)=\"\",\"\",INDIRECT(\"'MRO Certificate Printing'!I\"&((ROW()-2)*4)+3))","v":""},{"$f":"IF(INDIRECT(\"'MRO Certificate Printing'!K\"&((ROW()-2)*4)+3)=\"\",\"\",INDIRECT(\"'MRO Certificate Printing'!K\"&((ROW()-2)*4)+3))","v":""},null,{"$f":"IF(INDIRECT(\"'MRO Certificate Printing'!D\"&((ROW()-2)*4)+4)=\"\",\"\",INDIRECT(\"'MRO Certificate Printing'!D\"&((ROW()-2)*4)+4))","v":""},{"$f":"IF(INDIRECT(\"'MRO Certificate Printing'!E\"&((ROW()-2)*4)+4)=\"\",\"\",INDIRECT(\"'MRO Certificate Printing'!E\"&((ROW()-2)*4)+4))","v":""},{"$f":"IF(INDIRECT(\"'MRO Certificate Printing'!F\"&((ROW()-2)*4)+4)=\"\",\"\",INDIRECT(\"'MRO Certificate Printing'!F\"&((ROW()-2)*4)+4))","v":""},{"$f":"IF(INDIRECT(\"'MRO Certificate Printing'!B\"&((ROW()-2)*4)+4)=\"\",\"\",INDIRECT(\"'MRO Certificate Printing'!B\"&((ROW()-2)*4)+4))","v":""},{"$f":"IF(INDIRECT(\"'MRO Certificate Printing'!G\"&((ROW()-2)*4)+4)=\"\",\"\",INDIRECT(\"'MRO Certificate Printing'!G\"&((ROW()-2)*4)+4))","v":""},{"$f":"IF(INDIRECT(\"'MRO Certificate Printing'!J\"&((ROW()-2)*4)+4)=\"\",\"\",INDIRECT(\"'MRO Certificate Printing'!J\"&((ROW()-2)*4)+4))","v":""},{"$f":"IF(INDIRECT(\"'MRO Certificate Printing'!I\"&((ROW()-2)*4)+4)=\"\",\"\",INDIRECT(\"'MRO Certificate Printing'!I\"&((ROW()-2)*4)+4))","v":""},{"$f":"IF(INDIRECT(\"'MRO Certificate Printing'!K\"&((ROW()-2)*4)+4)=\"\",\"\",INDIRECT(\"'MRO Certificate Printing'!K\"&((ROW()-2)*4)+4))","v":""},null,{"$f":"IF(INDIRECT(\"'MRO Certificate Printing'!D\"&((ROW()-2)*4)+5)=\"\",\"\",INDIRECT(\"'MRO Certificate Printing'!D\"&((ROW()-2)*4)+5))","v":""},{"$f":"IF(INDIRECT(\"'MRO Certificate Printing'!E\"&((ROW()-2)*4)+5)=\"\",\"\",INDIRECT(\"'MRO Certificate Printing'!E\"&((ROW()-2)*4)+5))","v":""},{"$f":"IF(INDIRECT(\"'MRO Certificate Printing'!F\"&((ROW()-2)*4)+5)=\"\",\"\",INDIRECT(\"'MRO Certificate Printing'!F\"&((ROW()-2)*4)+5))","v":""},{"$f":"IF(INDIRECT(\"'MRO Certificate Printing'!B\"&((ROW()-2)*4)+5)=\"\",\"\",INDIRECT(\"'MRO Certificate Printing'!B\"&((ROW()-2)*4)+5))","v":""},{"$f":"IF(INDIRECT(\"'MRO Certificate Printing'!G\"&((ROW()-2)*4)+5)=\"\",\"\",INDIRECT(\"'MRO Certificate Printing'!G\"&((ROW()-2)*4)+5))","v":""},{"$f":"IF(INDIRECT(\"'MRO Certificate Printing'!J\"&((ROW()-2)*4)+5)=\"\",\"\",INDIRECT(\"'MRO Certificate Printing'!J\"&((ROW()-2)*4)+5))","v":""},{"$f":"IF(INDIRECT(\"'MRO Certificate Printing'!I\"&((ROW()-2)*4)+5)=\"\",\"\",INDIRECT(\"'MRO Certificate Printing'!I\"&((ROW()-2)*4)+5))","v":""},{"$f":"IF(INDIRECT(\"'MRO Certificate Printing'!K\"&((ROW()-2)*4)+5)=\"\",\"\",INDIRECT(\"'MRO Certificate Printing'!K\"&((ROW()-2)*4)+5))","v":""}]
["",{"$f":"IF(INDIRECT(\"'MRO Certificate Printing'!D\"&((ROW()-2)*4)+2)=\"\",\"\",INDIRECT(\"'MRO Certificate Printing'!D\"&((ROW()-2)*4)+2))","v":""},{"$f":"IF(INDIRECT(\"'MRO Certificate Printing'!E\"&((ROW()-2)*4)+2)=\"\",\"\",INDIRECT(\"'MRO Certificate Printing'!E\"&((ROW()-2)*4)+2))","v":""},{"$f":"IF(INDIRECT(\"'MRO Certificate Printing'!F\"&((ROW()-2)*4)+2)=\"\",\"\",INDIRECT(\"'MRO Certificate Printing'!F\"&((ROW()-2)*4)+2))","v":""},{"$f":"IF(INDIRECT(\"'MRO Certificate Printing'!B\"&((ROW()-2)*4)+2)=\"\",\"\",INDIRECT(\"'MRO Certificate Printing'!B\"&((ROW()-2)*4)+2))","v":""},{"$f":"IF(INDIRECT(\"'MRO Certificate Printing'!G\"&((ROW()-2)*4)+2)=\"\",\"\",INDIRECT(\"'MRO Certificate Printing'!G\"&((ROW()-2)*4)+2))","v":""},{"$f":"IF(INDIRECT(\"'MRO Certificate Printing'!J\"&((ROW()-2)*4)+2)=\"\",\"\",INDIRECT(\"'MRO Certificate Printing'!J\"&((ROW()-2)*4)+2))","v":""},{"$f":"IF(INDIRECT(\"'MRO Certificate Printing'!I\"&((ROW()-2)*4)+2)=\"\",\"\",INDIRECT(\"'MRO Certificate Printing'!I\"&((ROW()-2)*4)+2))","v":""},{"$f":"IF(INDIRECT(\"'MRO Certificate Printing'!K\"&((ROW()-2)*4)+2)=\"\",\"\",INDIRECT(\"'MRO Certificate Printing'!K\"&((ROW()-2)*4)+2))","v":""},null,{"$f":"IF(INDIRECT(\"'MRO Certificate Printing'!D\"&((ROW()-2)*4)+3)=\"\",\"\",INDIRECT(\"'MRO Certificate Printing'!D\"&((ROW()-2)*4)+3))","v":""},{"$f":"IF(INDIRECT(\"'MRO Certificate Printing'!E\"&((ROW()-2)*4)+3)=\"\",\"\",INDIRECT(\"'MRO Certificate Printing'!E\"&((ROW()-2)*4)+3))","v":""},{"$f":"IF(INDIRECT(\"'MRO Certificate Printing'!F\"&((ROW()-2)*4)+3)=\"\",\"\",INDIRECT(\"'MRO Certificate Printing'!F\"&((ROW()-2)*4)+3))","v":""},{"$f":"IF(INDIRECT(\"'MRO Certificate Printing'!B\"&((ROW()-2)*4)+3)=\"\",\"\",INDIRECT(\"'MRO Certificate Printing'!B\"&((ROW()-2)*4)+3))","v":""},{"$f":"IF(INDIRECT(\"'MRO Certificate Printing'!G\"&((ROW()-2)*4)+3)=\"\",\"\",INDIRECT(\"'MRO Certificate Printing'!G\"&((ROW()-2)*4)+3))","v":""},{"$f":"IF(INDIRECT(\"'MRO Certificate Printing'!J\"&((ROW()-2)*4)+3)=\"\",\"\",INDIRECT(\"'MRO Certificate Printing'!J\"&((ROW()-2)*4)+3))","v":""},{"$f":"IF(INDIRECT(\"'MRO Certificate Printing'!I\"&((ROW()-2)*4)+3)=\"\",\"\",INDIRECT(\"'MRO Certificate Printing'!I\"&((ROW()-2)*4)+3))","v":""},{"$f":"IF(INDIRECT(\"'MRO Certificate Printing'!K\"&((ROW()-2)*4)+3)=\"\",\"\",INDIRECT(\"'MRO Certificate Printing'!K\"&((ROW()-2)*4)+3))","v":""},null,{"$f":"IF(INDIRECT(\"'MRO Certificate Printing'!D\"&((ROW()-2)*4)+4)=\"\",\"\",INDIRECT(\"'MRO Certificate Printing'!D\"&((ROW()-2)*4)+4))","v":""},{"$f":"IF(INDIRECT(\"'MRO Certificate Printing'!E\"&((ROW()-2)*4)+4)=\"\",\"\",INDIRECT(\"'MRO Certificate Printing'!E\"&((ROW()-2)*4)+4))","v":""},{"$f":"IF(INDIRECT(\"'MRO Certificate Printing'!F\"&((ROW()-2)*4)+4)=\"\",\"\",INDIRECT(\"'MRO Certificate Printing'!F\"&((ROW()-2)*4)+4))","v":""},{"$f":"IF(INDIRECT(\"'MRO Certificate Printing'!B\"&((ROW()-2)*4)+4)=\"\",\"\",INDIRECT(\"'MRO Certificate Printing'!B\"&((ROW()-2)*4)+4))","v":""},{"$f":"IF(INDIRECT(\"'MRO Certificate Printing'!G\"&((ROW()-2)*4)+4)=\"\",\"\",INDIRECT(\"'MRO Certificate Printing'!G\"&((ROW()-2)*4)+4))","v":""},{"$f":"IF(INDIRECT(\"'MRO Certificate Printing'!J\"&((ROW()-2)*4)+4)=\"\",\"\",INDIRECT(\"'MRO Certificate Printing'!J\"&((ROW()-2)*4)+4))","v":""},{"$f":"IF(INDIRECT(\"'MRO Certificate Printing'!I\"&((ROW()-2)*4)+4)=\"\",\"\",INDIRECT(\"'MRO Certificate Printing'!I\"&((ROW()-2)*4)+4))","v":""},{"$f":"IF(INDIRECT(\"'MRO Certificate Printing'!K\"&((ROW()-2)*4)+4)=\"\",\"\",INDIRECT(\"'MRO Certificate Printing'!K\"&((ROW()-2)*4)+4))","v":""},null,{"$f":"IF(INDIRECT(\"'MRO Certificate Printing'!D\"&((ROW()-2)*4)+5)=\"\",\"\",INDIRECT(\"'MRO Certificate Printing'!D\"&((ROW()-2)*4)+5))","v":""},{"$f":"IF(INDIRECT(\"'MRO Certificate Printing'!E\"&((ROW()-2)*4)+5)=\"\",\"\",INDIRECT(\"'MRO Certificate Printing'!E\"&((ROW()-2)*4)+5))","v":""},{"$f":"IF(INDIRECT(\"'MRO Certificate Printing'!F\"&((ROW()-2)*4)+5)=\"\",\"\",INDIRECT(\"'MRO Certificate Printing'!F\"&((ROW()-2)*4)+5))","v":""},{"$f":"IF(INDIRECT(\"'MRO Certificate Printing'!B\"&((ROW()-2)*4)+5)=\"\",\"\",INDIRECT(\"'MRO Certificate Printing'!B\"&((ROW()-2)*4)+5))","v":""},{"$f":"IF(INDIRECT(\"'MRO Certificate Printing'!G\"&((ROW()-2)*4)+5)=\"\",\"\",INDIRECT(\"'MRO Certificate Printing'!G\"&((ROW()-2)*4)+5))","v":""},{"$f":"IF(INDIRECT(\"'MRO Certificate Printing'!J\"&((ROW()-2)*4)+5)=\"\",\"\",INDIRECT(\"'MRO Certificate Printing'!J\"&((ROW()-2)*4)+5))","v":""},{"$f":"IF(INDIRECT(\"'MRO Certificate Printing'!I\"&((ROW()-2)*4)+5)=\"\",\"\",INDIRECT(\"'MRO Certificate Printing'!I\"&((ROW()-2)*4)+5))","v":""},{"$f":"IF(INDIRECT(\"'MRO Certificate Printing'!K\"&((ROW()-2)*4)+5)=\"\",\"\",INDIRECT(\"'MRO Certificate Printing'!K\"&((ROW()-2)*4)+5))","v":""}]
["",{"$f":"IF(INDIRECT(\"'MRO Certificate Printing'!D\"&((ROW()-2)*4)+2)=\"\",\"\",INDIRECT(\"'MRO Certificate Printing'!D\"&((ROW()-2)*4)+2))","v":""},{"$f":"IF(INDIRECT(\"'MRO Certificate Printing'!E\"&((ROW()-2)*4)+2)=\"\",\"\",INDIRECT(\"'MRO Certificate Printing'!E\"&((ROW()-2)*4)+2))","v":""},{"$f":"IF(INDIRECT(\"'MRO Certificate Printing'!F\"&((ROW()-2)*4)+2)=\"\",\"\",INDIRECT(\"'MRO Certificate Printing'!F\"&((ROW()-2)*4)+2))","v":""},{"$f":"IF(INDIRECT(\"'MRO Certificate Printing'!B\"&((ROW()-2)*4)+2)=\"\",\"\",INDIRECT(\"'MRO Certificate Printing'!B\"&((ROW()-2)*4)+2))","v":""},{"$f":"IF(INDIRECT(\"'MRO Certificate Printing'!G\"&((ROW()-2)*4)+2)=\"\",\"\",INDIRECT(\"'MRO Certificate Printing'!G\"&((ROW()-2)*4)+2))","v":""},{"$f":"IF(INDIRECT(\"'MRO Certificate Printing'!J\"&((ROW()-2)*4)+2)=\"\",\"\",INDIRECT(\"'MRO Certificate Printing'!J\"&((ROW()-2)*4)+2))","v":""},{"$f":"IF(INDIRECT(\"'MRO Certificate Printing'!I\"&((ROW()-2)*4)+2)=\"\",\"\",INDIRECT(\"'MRO Certificate Printing'!I\"&((ROW()-2)*4)+2))","v":""},{"$f":"IF(INDIRECT(\"'MRO Certificate Printing'!K\"&((ROW()-2)*4)+2)=\"\",\"\",INDIRECT(\"'MRO Certificate Printing'!K\"&((ROW()-2)*4)+2))","v":""},null,{"$f":"IF(INDIRECT(\"'MRO Certificate Printing'!D\"&((ROW()-2)*4)+3)=\"\",\"\",INDIRECT(\"'MRO Certificate Printing'!D\"&((ROW()-2)*4)+3))","v":""},{"$f":"IF(INDIRECT(\"'MRO Certificate Printing'!E\"&((ROW()-2)*4)+3)=\"\",\"\",INDIRECT(\"'MRO Certificate Printing'!E\"&((ROW()-2)*4)+3))","v":""},{"$f":"IF(INDIRECT(\"'MRO Certificate Printing'!F\"&((ROW()-2)*4)+3)=\"\",\"\",INDIRECT(\"'MRO Certificate Printing'!F\"&((ROW()-2)*4)+3))","v":""},{"$f":"IF(INDIRECT(\"'MRO Certificate Printing'!B\"&((ROW()-2)*4)+3)=\"\",\"\",INDIRECT(\"'MRO Certificate Printing'!B\"&((ROW()-2)*4)+3))","v":""},{"$f":"IF(INDIRECT(\"'MRO Certificate Printing'!G\"&((ROW()-2)*4)+3)=\"\",\"\",INDIRECT(\"'MRO Certificate Printing'!G\"&((ROW()-2)*4)+3))","v":""},{"$f":"IF(INDIRECT(\"'MRO Certificate Printing'!J\"&((ROW()-2)*4)+3)=\"\",\"\",INDIRECT(\"'MRO Certificate Printing'!J\"&((ROW()-2)*4)+3))","v":""},{"$f":"IF(INDIRECT(\"'MRO Certificate Printing'!I\"&((ROW()-2)*4)+3)=\"\",\"\",INDIRECT(\"'MRO Certificate Printing'!I\"&((ROW()-2)*4)+3))","v":""},{"$f":"IF(INDIRECT(\"'MRO Certificate Printing'!K\"&((ROW()-2)*4)+3)=\"\",\"\",INDIRECT(\"'MRO Certificate Printing'!K\"&((ROW()-2)*4)+3))","v":""},null,{"$f":"IF(INDIRECT(\"'MRO Certificate Printing'!D\"&((ROW()-2)*4)+4)=\"\",\"\",INDIRECT(\"'MRO Certificate Printing'!D\"&((ROW()-2)*4)+4))","v":""},{"$f":"IF(INDIRECT(\"'MRO Certificate Printing'!E\"&((ROW()-2)*4)+4)=\"\",\"\",INDIRECT(\"'MRO Certificate Printing'!E\"&((ROW()-2)*4)+4))","v":""},{"$f":"IF(INDIRECT(\"'MRO Certificate Printing'!F\"&((ROW()-2)*4)+4)=\"\",\"\",INDIRECT(\"'MRO Certificate Printing'!F\"&((ROW()-2)*4)+4))","v":""},{"$f":"IF(INDIRECT(\"'MRO Certificate Printing'!B\"&((ROW()-2)*4)+4)=\"\",\"\",INDIRECT(\"'MRO Certificate Printing'!B\"&((ROW()-2)*4)+4))","v":""},{"$f":"IF(INDIRECT(\"'MRO Certificate Printing'!G\"&((ROW()-2)*4)+4)=\"\",\"\",INDIRECT(\"'MRO Certificate Printing'!G\"&((ROW()-2)*4)+4))","v":""},{"$f":"IF(INDIRECT(\"'MRO Certificate Printing'!J\"&((ROW()-2)*4)+4)=\"\",\"\",INDIRECT(\"'MRO Certificate Printing'!J\"&((ROW()-2)*4)+4))","v":""},{"$f":"IF(INDIRECT(\"'MRO Certificate Printing'!I\"&((ROW()-2)*4)+4)=\"\",\"\",INDIRECT(\"'MRO Certificate Printing'!I\"&((ROW()-2)*4)+4))","v":""},{"$f":"IF(INDIRECT(\"'MRO Certificate Printing'!K\"&((ROW()-2)*4)+4)=\"\",\"\",INDIRECT(\"'MRO Certificate Printing'!K\"&((ROW()-2)*4)+4))","v":""},null,{"$f":"IF(INDIRECT(\"'MRO Certificate Printing'!D\"&((ROW()-2)*4)+5)=\"\",\"\",INDIRECT(\"'MRO Certificate Printing'!D\"&((ROW()-2)*4)+5))","v":""},{"$f":"IF(INDIRECT(\"'MRO Certificate Printing'!E\"&((ROW()-2)*4)+5)=\"\",\"\",INDIRECT(\"'MRO Certificate Printing'!E\"&((ROW()-2)*4)+5))","v":""},{"$f":"IF(INDIRECT(\"'MRO Certificate Printing'!F\"&((ROW()-2)*4)+5)=\"\",\"\",INDIRECT(\"'MRO Certificate Printing'!F\"&((ROW()-2)*4)+5))","v":""},{"$f":"IF(INDIRECT(\"'MRO Certificate Printing'!B\"&((ROW()-2)*4)+5)=\"\",\"\",INDIRECT(\"'MRO Certificate Printing'!B\"&((ROW()-2)*4)+5))","v":""},{"$f":"IF(INDIRECT(\"'MRO Certificate Printing'!G\"&((ROW()-2)*4)+5)=\"\",\"\",INDIRECT(\"'MRO Certificate Printing'!G\"&((ROW()-2)*4)+5))","v":""},{"$f":"IF(INDIRECT(\"'MRO Certificate Printing'!J\"&((ROW()-2)*4)+5)=\"\",\"\",INDIRECT(\"'MRO Certificate Printing'!J\"&((ROW()-2)*4)+5))","v":""},{"$f":"IF(INDIRECT(\"'MRO Certificate Printing'!I\"&((ROW()-2)*4)+5)=\"\",\"\",INDIRECT(\"'MRO Certificate Printing'!I\"&((ROW()-2)*4)+5))","v":""},{"$f":"IF(INDIRECT(\"'MRO Certificate Printing'!K\"&((ROW()-2)*4)+5)=\"\",\"\",INDIRECT(\"'MRO Certificate Printing'!K\"&((ROW()-2)*4)+5))","v":""}]
["",{"$f":"IF(INDIRECT(\"'MRO Certificate Printing'!D\"&((ROW()-2)*4)+2)=\"\",\"\",INDIRECT(\"'MRO Certificate Printing'!D\"&((ROW()-2)*4)+2))","v":""},{"$f":"IF(INDIRECT(\"'MRO Certificate Printing'!E\"&((ROW()-2)*4)+2)=\"\",\"\",INDIRECT(\"'MRO Certificate Printing'!E\"&((ROW()-2)*4)+2))","v":""},{"$f":"IF(INDIRECT(\"'MRO Certificate Printing'!F\"&((ROW()-2)*4)+2)=\"\",\"\",INDIRECT(\"'MRO Certificate Printing'!F\"&((ROW()-2)*4)+2))","v":""},{"$f":"IF(INDIRECT(\"'MRO Certificate Printing'!B\"&((ROW()-2)*4)+2)=\"\",\"\",INDIRECT(\"'MRO Certificate Printing'!B\"&((ROW()-2)*4)+2))","v":""},{"$f":"IF(INDIRECT(\"'MRO Certificate Printing'!G\"&((ROW()-2)*4)+2)=\"\",\"\",INDIRECT(\"'MRO Certificate Printing'!G\"&((ROW()-2)*4)+2))","v":""},{"$f":"IF(INDIRECT(\"'MRO Certificate Printing'!J\"&((ROW()-2)*4)+2)=\"\",\"\",INDIRECT(\"'MRO Certificate Printing'!J\"&((ROW()-2)*4)+2))","v":""},{"$f":"IF(INDIRECT(\"'MRO Certificate Printing'!I\"&((ROW()-2)*4)+2)=\"\",\"\",INDIRECT(\"'MRO Certificate Printing'!I\"&((ROW()-2)*4)+2))","v":""},{"$f":"IF(INDIRECT(\"'MRO Certificate Printing'!K\"&((ROW()-2)*4)+2)=\"\",\"\",INDIRECT(\"'MRO Certificate Printing'!K\"&((ROW()-2)*4)+2))","v":""},null,{"$f":"IF(INDIRECT(\"'MRO Certificate Printing'!D\"&((ROW()-2)*4)+3)=\"\",\"\",INDIRECT(\"'MRO Certificate Printing'!D\"&((ROW()-2)*4)+3))","v":""},{"$f":"IF(INDIRECT(\"'MRO Certificate Printing'!E\"&((ROW()-2)*4)+3)=\"\",\"\",INDIRECT(\"'MRO Certificate Printing'!E\"&((ROW()-2)*4)+3))","v":""},{"$f":"IF(INDIRECT(\"'MRO Certificate Printing'!F\"&((ROW()-2)*4)+3)=\"\",\"\",INDIRECT(\"'MRO Certificate Printing'!F\"&((ROW()-2)*4)+3))","v":""},{"$f":"IF(INDIRECT(\"'MRO Certificate Printing'!B\"&((ROW()-2)*4)+3)=\"\",\"\",INDIRECT(\"'MRO Certificate Printing'!B\"&((ROW()-2)*4)+3))","v":""},{"$f":"IF(INDIRECT(\"'MRO Certificate Printing'!G\"&((ROW()-2)*4)+3)=\"\",\"\",INDIRECT(\"'MRO Certificate Printing'!G\"&((ROW()-2)*4)+3))","v":""},{"$f":"IF(INDIRECT(\"'MRO Certificate Printing'!J\"&((ROW()-2)*4)+3)=\"\",\"\",INDIRECT(\"'MRO Certificate Printing'!J\"&((ROW()-2)*4)+3))","v":""},{"$f":"IF(INDIRECT(\"'MRO Certificate Printing'!I\"&((ROW()-2)*4)+3)=\"\",\"\",INDIRECT(\"'MRO Certificate Printing'!I\"&((ROW()-2)*4)+3))","v":""},{"$f":"IF(INDIRECT(\"'MRO Certificate Printing'!K\"&((ROW()-2)*4)+3)=\"\",\"\",INDIRECT(\"'MRO Certificate Printing'!K\"&((ROW()-2)*4)+3))","v":""},null,{"$f":"IF(INDIRECT(\"'MRO Certificate Printing'!D\"&((ROW()-2)*4)+4)=\"\",\"\",INDIRECT(\"'MRO Certificate Printing'!D\"&((ROW()-2)*4)+4))","v":""},{"$f":"IF(INDIRECT(\"'MRO Certificate Printing'!E\"&((ROW()-2)*4)+4)=\"\",\"\",INDIRECT(\"'MRO Certificate Printing'!E\"&((ROW()-2)*4)+4))","v":""},{"$f":"IF(INDIRECT(\"'MRO Certificate Printing'!F\"&((ROW()-2)*4)+4)=\"\",\"\",INDIRECT(\"'MRO Certificate Printing'!F\"&((ROW()-2)*4)+4))","v":""},{"$f":"IF(INDIRECT(\"'MRO Certificate Printing'!B\"&((ROW()-2)*4)+4)=\"\",\"\",INDIRECT(\"'MRO Certificate Printing'!B\"&((ROW()-2)*4)+4))","v":""},{"$f":"IF(INDIRECT(\"'MRO Certificate Printing'!G\"&((ROW()-2)*4)+4)=\"\",\"\",INDIRECT(\"'MRO Certificate Printing'!G\"&((ROW()-2)*4)+4))","v":""},{"$f":"IF(INDIRECT(\"'MRO Certificate Printing'!J\"&((ROW()-2)*4)+4)=\"\",\"\",INDIRECT(\"'MRO Certificate Printing'!J\"&((ROW()-2)*4)+4))","v":""},{"$f":"IF(INDIRECT(\"'MRO Certificate Printing'!I\"&((ROW()-2)*4)+4)=\"\",\"\",INDIRECT(\"'MRO Certificate Printing'!I\"&((ROW()-2)*4)+4))","v":""},{"$f":"IF(INDIRECT(\"'MRO Certificate Printing'!K\"&((ROW()-2)*4)+4)=\"\",\"\",INDIRECT(\"'MRO Certificate Printing'!K\"&((ROW()-2)*4)+4))","v":""},null,{"$f":"IF(INDIRECT(\"'MRO Certificate Printing'!D\"&((ROW()-2)*4)+5)=\"\",\"\",INDIRECT(\"'MRO Certificate Printing'!D\"&((ROW()-2)*4)+5))","v":""},{"$f":"IF(INDIRECT(\"'MRO Certificate Printing'!E\"&((ROW()-2)*4)+5)=\"\",\"\",INDIRECT(\"'MRO Certificate Printing'!E\"&((ROW()-2)*4)+5))","v":""},{"$f":"IF(INDIRECT(\"'MRO Certificate Printing'!F\"&((ROW()-2)*4)+5)=\"\",\"\",INDIRECT(\"'MRO Certificate Printing'!F\"&((ROW()-2)*4)+5))","v":""},{"$f":"IF(INDIRECT(\"'MRO Certificate Printing'!B\"&((ROW()-2)*4)+5)=\"\",\"\",INDIRECT(\"'MRO Certificate Printing'!B\"&((ROW()-2)*4)+5))","v":""},{"$f":"IF(INDIRECT(\"'MRO Certificate Printing'!G\"&((ROW()-2)*4)+5)=\"\",\"\",INDIRECT(\"'MRO Certificate Printing'!G\"&((ROW()-2)*4)+5))","v":""},{"$f":"IF(INDIRECT(\"'MRO Certificate Printing'!J\"&((ROW()-2)*4)+5)=\"\",\"\",INDIRECT(\"'MRO Certificate Printing'!J\"&((ROW()-2)*4)+5))","v":""},{"$f":"IF(INDIRECT(\"'MRO Certificate Printing'!I\"&((ROW()-2)*4)+5)=\"\",\"\",INDIRECT(\"'MRO Certificate Printing'!I\"&((ROW()-2)*4)+5))","v":""},{"$f":"IF(INDIRECT(\"'MRO Certificate Printing'!K\"&((ROW()-2)*4)+5)=\"\",\"\",INDIRECT(\"'MRO Certificate Printing'!K\"&((ROW()-2)*4)+5))","v":""}]
["",{"$f":"IF(INDIRECT(\"'MRO Certificate Printing'!D\"&((ROW()-2)*4)+2)=\"\",\"\",INDIRECT(\"'MRO Certificate Printing'!D\"&((ROW()-2)*4)+2))","v":""},{"$f":"IF(INDIRECT(\"'MRO Certificate Printing'!E\"&((ROW()-2)*4)+2)=\"\",\"\",INDIRECT(\"'MRO Certificate Printing'!E\"&((ROW()-2)*4)+2))","v":""},{"$f":"IF(INDIRECT(\"'MRO Certificate Printing'!F\"&((ROW()-2)*4)+2)=\"\",\"\",INDIRECT(\"'MRO Certificate Printing'!F\"&((ROW()-2)*4)+2))","v":""},{"$f":"IF(INDIRECT(\"'MRO Certificate Printing'!B\"&((ROW()-2)*4)+2)=\"\",\"\",INDIRECT(\"'MRO Certificate Printing'!B\"&((ROW()-2)*4)+2))","v":""},{"$f":"IF(INDIRECT(\"'MRO Certificate Printing'!G\"&((ROW()-2)*4)+2)=\"\",\"\",INDIRECT(\"'MRO Certificate Printing'!G\"&((ROW()-2)*4)+2))","v":""},{"$f":"IF(INDIRECT(\"'MRO Certificate Printing'!J\"&((ROW()-2)*4)+2)=\"\",\"\",INDIRECT(\"'MRO Certificate Printing'!J\"&((ROW()-2)*4)+2))","v":""},{"$f":"IF(INDIRECT(\"'MRO Certificate Printing'!I\"&((ROW()-2)*4)+2)=\"\",\"\",INDIRECT(\"'MRO Certificate Printing'!I\"&((ROW()-2)*4)+2))","v":""},{"$f":"IF(INDIRECT(\"'MRO Certificate Printing'!K\"&((ROW()-2)*4)+2)=\"\",\"\",INDIRECT(\"'MRO Certificate Printing'!K\"&((ROW()-2)*4)+2))","v":""},null,{"$f":"IF(INDIRECT(\"'MRO Certificate Printing'!D\"&((ROW()-2)*4)+3)=\"\",\"\",INDIRECT(\"'MRO Certificate Printing'!D\"&((ROW()-2)*4)+3))","v":""},{"$f":"IF(INDIRECT(\"'MRO Certificate Printing'!E\"&((ROW()-2)*4)+3)=\"\",\"\",INDIRECT(\"'MRO Certificate Printing'!E\"&((ROW()-2)*4)+3))","v":""},{"$f":"IF(INDIRECT(\"'MRO Certificate Printing'!F\"&((ROW()-2)*4)+3)=\"\",\"\",INDIRECT(\"'MRO Certificate Printing'!F\"&((ROW()-2)*4)+3))","v":""},{"$f":"IF(INDIRECT(\"'MRO Certificate Printing'!B\"&((ROW()-2)*4)+3)=\"\",\"\",INDIRECT(\"'MRO Certificate Printing'!B\"&((ROW()-2)*4)+3))","v":""},{"$f":"IF(INDIRECT(\"'MRO Certificate Printing'!G\"&((ROW()-2)*4)+3)=\"\",\"\",INDIRECT(\"'MRO Certificate Printing'!G\"&((ROW()-2)*4)+3))","v":""},{"$f":"IF(INDIRECT(\"'MRO Certificate Printing'!J\"&((ROW()-2)*4)+3)=\"\",\"\",INDIRECT(\"'MRO Certificate Printing'!J\"&((ROW()-2)*4)+3))","v":""},{"$f":"IF(INDIRECT(\"'MRO Certificate Printing'!I\"&((ROW()-2)*4)+3)=\"\",\"\",INDIRECT(\"'MRO Certificate Printing'!I\"&((ROW()-2)*4)+3))","v":""},{"$f":"IF(INDIRECT(\"'MRO Certificate Printing'!K\"&((ROW()-2)*4)+3)=\"\",\"\",INDIRECT(\"'MRO Certificate Printing'!K\"&((ROW()-2)*4)+3))","v":""},null,{"$f":"IF(INDIRECT(\"'MRO Certificate Printing'!D\"&((ROW()-2)*4)+4)=\"\",\"\",INDIRECT(\"'MRO Certificate Printing'!D\"&((ROW()-2)*4)+4))","v":""},{"$f":"IF(INDIRECT(\"'MRO Certificate Printing'!E\"&((ROW()-2)*4)+4)=\"\",\"\",INDIRECT(\"'MRO Certificate Printing'!E\"&((ROW()-2)*4)+4))","v":""},{"$f":"IF(INDIRECT(\"'MRO Certificate Printing'!F\"&((ROW()-2)*4)+4)=\"\",\"\",INDIRECT(\"'MRO Certificate Printing'!F\"&((ROW()-2)*4)+4))","v":""},{"$f":"IF(INDIRECT(\"'MRO Certificate Printing'!B\"&((ROW()-2)*4)+4)=\"\",\"\",INDIRECT(\"'MRO Certificate Printing'!B\"&((ROW()-2)*4)+4))","v":""},{"$f":"IF(INDIRECT(\"'MRO Certificate Printing'!G\"&((ROW()-2)*4)+4)=\"\",\"\",INDIRECT(\"'MRO Certificate Printing'!G\"&((ROW()-2)*4)+4))","v":""},{"$f":"IF(INDIRECT(\"'MRO Certificate Printing'!J\"&((ROW()-2)*4)+4)=\"\",\"\",INDIRECT(\"'MRO Certificate Printing'!J\"&((ROW()-2)*4)+4))","v":""},{"$f":"IF(INDIRECT(\"'MRO Certificate Printing'!I\"&((ROW()-2)*4)+4)=\"\",\"\",INDIRECT(\"'MRO Certificate Printing'!I\"&((ROW()-2)*4)+4))","v":""},{"$f":"IF(INDIRECT(\"'MRO Certificate Printing'!K\"&((ROW()-2)*4)+4)=\"\",\"\",INDIRECT(\"'MRO Certificate Printing'!K\"&((ROW()-2)*4)+4))","v":""},null,{"$f":"IF(INDIRECT(\"'MRO Certificate Printing'!D\"&((ROW()-2)*4)+5)=\"\",\"\",INDIRECT(\"'MRO Certificate Printing'!D\"&((ROW()-2)*4)+5))","v":""},{"$f":"IF(INDIRECT(\"'MRO Certificate Printing'!E\"&((ROW()-2)*4)+5)=\"\",\"\",INDIRECT(\"'MRO Certificate Printing'!E\"&((ROW()-2)*4)+5))","v":""},{"$f":"IF(INDIRECT(\"'MRO Certificate Printing'!F\"&((ROW()-2)*4)+5)=\"\",\"\",INDIRECT(\"'MRO Certificate Printing'!F\"&((ROW()-2)*4)+5))","v":""},{"$f":"IF(INDIRECT(\"'MRO Certificate Printing'!B\"&((ROW()-2)*4)+5)=\"\",\"\",INDIRECT(\"'MRO Certificate Printing'!B\"&((ROW()-2)*4)+5))","v":""},{"$f":"IF(INDIRECT(\"'MRO Certificate Printing'!G\"&((ROW()-2)*4)+5)=\"\",\"\",INDIRECT(\"'MRO Certificate Printing'!G\"&((ROW()-2)*4)+5))","v":""},{"$f":"IF(INDIRECT(\"'MRO Certificate Printing'!J\"&((ROW()-2)*4)+5)=\"\",\"\",INDIRECT(\"'MRO Certificate Printing'!J\"&((ROW()-2)*4)+5))","v":""},{"$f":"IF(INDIRECT(\"'MRO Certificate Printing'!I\"&((ROW()-2)*4)+5)=\"\",\"\",INDIRECT(\"'MRO Certificate Printing'!I\"&((ROW()-2)*4)+5))","v":""},{"$f":"IF(INDIRECT(\"'MRO Certificate Printing'!K\"&((ROW()-2)*4)+5)=\"\",\"\",INDIRECT(\"'MRO Certificate Printing'!K\"&((ROW()-2)*4)+5))","v":""}]
["",{"$f":"IF(INDIRECT(\"'MRO Certificate Printing'!D\"&((ROW()-2)*4)+2)=\"\",\"\",INDIRECT(\"'MRO Certificate Printing'!D\"&((ROW()-2)*4)+2))","v":""},{"$f":"IF(INDIRECT(\"'MRO Certificate Printing'!E\"&((ROW()-2)*4)+2)=\"\",\"\",INDIRECT(\"'MRO Certificate Printing'!E\"&((ROW()-2)*4)+2))","v":""},{"$f":"IF(INDIRECT(\"'MRO Certificate Printing'!F\"&((ROW()-2)*4)+2)=\"\",\"\",INDIRECT(\"'MRO Certificate Printing'!F\"&((ROW()-2)*4)+2))","v":""},{"$f":"IF(INDIRECT(\"'MRO Certificate Printing'!B\"&((ROW()-2)*4)+2)=\"\",\"\",INDIRECT(\"'MRO Certificate Printing'!B\"&((ROW()-2)*4)+2))","v":""},{"$f":"IF(INDIRECT(\"'MRO Certificate Printing'!G\"&((ROW()-2)*4)+2)=\"\",\"\",INDIRECT(\"'MRO Certificate Printing'!G\"&((ROW()-2)*4)+2))","v":""},{"$f":"IF(INDIRECT(\"'MRO Certificate Printing'!J\"&((ROW()-2)*4)+2)=\"\",\"\",INDIRECT(\"'MRO Certificate Printing'!J\"&((ROW()-2)*4)+2))","v":""},{"$f":"IF(INDIRECT(\"'MRO Certificate Printing'!I\"&((ROW()-2)*4)+2)=\"\",\"\",INDIRECT(\"'MRO Certificate Printing'!I\"&((ROW()-2)*4)+2))","v":""},{"$f":"IF(INDIRECT(\"'MRO Certificate Printing'!K\"&((ROW()-2)*4)+2)=\"\",\"\",INDIRECT(\"'MRO Certificate Printing'!K\"&((ROW()-2)*4)+2))","v":""},null,{"$f":"IF(INDIRECT(\"'MRO Certificate Printing'!D\"&((ROW()-2)*4)+3)=\"\",\"\",INDIRECT(\"'MRO Certificate Printing'!D\"&((ROW()-2)*4)+3))","v":""},{"$f":"IF(INDIRECT(\"'MRO Certificate Printing'!E\"&((ROW()-2)*4)+3)=\"\",\"\",INDIRECT(\"'MRO Certificate Printing'!E\"&((ROW()-2)*4)+3))","v":""},{"$f":"IF(INDIRECT(\"'MRO Certificate Printing'!F\"&((ROW()-2)*4)+3)=\"\",\"\",INDIRECT(\"'MRO Certificate Printing'!F\"&((ROW()-2)*4)+3))","v":""},{"$f":"IF(INDIRECT(\"'MRO Certificate Printing'!B\"&((ROW()-2)*4)+3)=\"\",\"\",INDIRECT(\"'MRO Certificate Printing'!B\"&((ROW()-2)*4)+3))","v":""},{"$f":"IF(INDIRECT(\"'MRO Certificate Printing'!G\"&((ROW()-2)*4)+3)=\"\",\"\",INDIRECT(\"'MRO Certificate Printing'!G\"&((ROW()-2)*4)+3))","v":""},{"$f":"IF(INDIRECT(\"'MRO Certificate Printing'!J\"&((ROW()-2)*4)+3)=\"\",\"\",INDIRECT(\"'MRO Certificate Printing'!J\"&((ROW()-2)*4)+3))","v":""},{"$f":"IF(INDIRECT(\"'MRO Certificate Printing'!I\"&((ROW()-2)*4)+3)=\"\",\"\",INDIRECT(\"'MRO Certificate Printing'!I\"&((ROW()-2)*4)+3))","v":""},{"$f":"IF(INDIRECT(\"'MRO Certificate Printing'!K\"&((ROW()-2)*4)+3)=\"\",\"\",INDIRECT(\"'MRO Certificate Printing'!K\"&((ROW()-2)*4)+3))","v":""},null,{"$f":"IF(INDIRECT(\"'MRO Certificate Printing'!D\"&((ROW()-2)*4)+4)=\"\",\"\",INDIRECT(\"'MRO Certificate Printing'!D\"&((ROW()-2)*4)+4))","v":""},{"$f":"IF(INDIRECT(\"'MRO Certificate Printing'!E\"&((ROW()-2)*4)+4)=\"\",\"\",INDIRECT(\"'MRO Certificate Printing'!E\"&((ROW()-2)*4)+4))","v":""},{"$f":"IF(INDIRECT(\"'MRO Certificate Printing'!F\"&((ROW()-2)*4)+4)=\"\",\"\",INDIRECT(\"'MRO Certificate Printing'!F\"&((ROW()-2)*4)+4))","v":""},{"$f":"IF(INDIRECT(\"'MRO Certificate Printing'!B\"&((ROW()-2)*4)+4)=\"\",\"\",INDIRECT(\"'MRO Certificate Printing'!B\"&((ROW()-2)*4)+4))","v":""},{"$f":"IF(INDIRECT(\"'MRO Certificate Printing'!G\"&((ROW()-2)*4)+4)=\"\",\"\",INDIRECT(\"'MRO Certificate Printing'!G\"&((ROW()-2)*4)+4))","v":""},{"$f":"IF(INDIRECT(\"'MRO Certificate Printing'!J\"&((ROW()-2)*4)+4)=\"\",\"\",INDIRECT(\"'MRO Certificate Printing'!J\"&((ROW()-2)*4)+4))","v":""},{"$f":"IF(INDIRECT(\"'MRO Certificate Printing'!I\"&((ROW()-2)*4)+4)=\"\",\"\",INDIRECT(\"'MRO Certificate Printing'!I\"&((ROW()-2)*4)+4))","v":""},{"$f":"IF(INDIRECT(\"'MRO Certificate Printing'!K\"&((ROW()-2)*4)+4)=\"\",\"\",INDIRECT(\"'MRO Certificate Printing'!K\"&((ROW()-2)*4)+4))","v":""},null,{"$f":"IF(INDIRECT(\"'MRO Certificate Printing'!D\"&((ROW()-2)*4)+5)=\"\",\"\",INDIRECT(\"'MRO Certificate Printing'!D\"&((ROW()-2)*4)+5))","v":""},{"$f":"IF(INDIRECT(\"'MRO Certificate Printing'!E\"&((ROW()-2)*4)+5)=\"\",\"\",INDIRECT(\"'MRO Certificate Printing'!E\"&((ROW()-2)*4)+5))","v":""},{"$f":"IF(INDIRECT(\"'MRO Certificate Printing'!F\"&((ROW()-2)*4)+5)=\"\",\"\",INDIRECT(\"'MRO Certificate Printing'!F\"&((ROW()-2)*4)+5))","v":""},{"$f":"IF(INDIRECT(\"'MRO Certificate Printing'!B\"&((ROW()-2)*4)+5)=\"\",\"\",INDIRECT(\"'MRO Certificate Printing'!B\"&((ROW()-2)*4)+5))","v":""},{"$f":"IF(INDIRECT(\"'MRO Certificate Printing'!G\"&((ROW()-2)*4)+5)=\"\",\"\",INDIRECT(\"'MRO Certificate Printing'!G\"&((ROW()-2)*4)+5))","v":""},{"$f":"IF(INDIRECT(\"'MRO Certificate Printing'!J\"&((ROW()-2)*4)+5)=\"\",\"\",INDIRECT(\"'MRO Certificate Printing'!J\"&((ROW()-2)*4)+5))","v":""},{"$f":"IF(INDIRECT(\"'MRO Certificate Printing'!I\"&((ROW()-2)*4)+5)=\"\",\"\",INDIRECT(\"'MRO Certificate Printing'!I\"&((ROW()-2)*4)+5))","v":""},{"$f":"IF(INDIRECT(\"'MRO Certificate Printing'!K\"&((ROW()-2)*4)+5)=\"\",\"\",INDIRECT(\"'MRO Certificate Printing'!K\"&((ROW()-2)*4)+5))","v":""}]
["",{"$f":"IF(INDIRECT(\"'MRO Certificate Printing'!D\"&((ROW()-2)*4)+2)=\"\",\"\",INDIRECT(\"'MRO Certificate Printing'!D\"&((ROW()-2)*4)+2))","v":""},{"$f":"IF(INDIRECT(\"'MRO Certificate Printing'!E\"&((ROW()-2)*4)+2)=\"\",\"\",INDIRECT(\"'MRO Certificate Printing'!E\"&((ROW()-2)*4)+2))","v":""},{"$f":"IF(INDIRECT(\"'MRO Certificate Printing'!F\"&((ROW()-2)*4)+2)=\"\",\"\",INDIRECT(\"'MRO Certificate Printing'!F\"&((ROW()-2)*4)+2))","v":""},{"$f":"IF(INDIRECT(\"'MRO Certificate Printing'!B\"&((ROW()-2)*4)+2)=\"\",\"\",INDIRECT(\"'MRO Certificate Printing'!B\"&((ROW()-2)*4)+2))","v":""},{"$f":"IF(INDIRECT(\"'MRO Certificate Printing'!G\"&((ROW()-2)*4)+2)=\"\",\"\",INDIRECT(\"'MRO Certificate Printing'!G\"&((ROW()-2)*4)+2))","v":""},{"$f":"IF(INDIRECT(\"'MRO Certificate Printing'!J\"&((ROW()-2)*4)+2)=\"\",\"\",INDIRECT(\"'MRO Certificate Printing'!J\"&((ROW()-2)*4)+2))","v":""},{"$f":"IF(INDIRECT(\"'MRO Certificate Printing'!I\"&((ROW()-2)*4)+2)=\"\",\"\",INDIRECT(\"'MRO Certificate Printing'!I\"&((ROW()-2)*4)+2))","v":""},{"$f":"IF(INDIRECT(\"'MRO Certificate Printing'!K\"&((ROW()-2)*4)+2)=\"\",\"\",INDIRECT(\"'MRO Certificate Printing'!K\"&((ROW()-2)*4)+2))","v":""},null,{"$f":"IF(INDIRECT(\"'MRO Certificate Printing'!D\"&((ROW()-2)*4)+3)=\"\",\"\",INDIRECT(\"'MRO Certificate Printing'!D\"&((ROW()-2)*4)+3))","v":""},{"$f":"IF(INDIRECT(\"'MRO Certificate Printing'!E\"&((ROW()-2)*4)+3)=\"\",\"\",INDIRECT(\"'MRO Certificate Printing'!E\"&((ROW()-2)*4)+3))","v":""},{"$f":"IF(INDIRECT(\"'MRO Certificate Printing'!F\"&((ROW()-2)*4)+3)=\"\",\"\",INDIRECT(\"'MRO Certificate Printing'!F\"&((ROW()-2)*4)+3))","v":""},{"$f":"IF(INDIRECT(\"'MRO Certificate Printing'!B\"&((ROW()-2)*4)+3)=\"\",\"\",INDIRECT(\"'MRO Certificate Printing'!B\"&((ROW()-2)*4)+3))","v":""},{"$f":"IF(INDIRECT(\"'MRO Certificate Printing'!G\"&((ROW()-2)*4)+3)=\"\",\"\",INDIRECT(\"'MRO Certificate Printing'!G\"&((ROW()-2)*4)+3))","v":""},{"$f":"IF(INDIRECT(\"'MRO Certificate Printing'!J\"&((ROW()-2)*4)+3)=\"\",\"\",INDIRECT(\"'MRO Certificate Printing'!J\"&((ROW()-2)*4)+3))","v":""},{"$f":"IF(INDIRECT(\"'MRO Certificate Printing'!I\"&((ROW()-2)*4)+3)=\"\",\"\",INDIRECT(\"'MRO Certificate Printing'!I\"&((ROW()-2)*4)+3))","v":""},{"$f":"IF(INDIRECT(\"'MRO Certificate Printing'!K\"&((ROW()-2)*4)+3)=\"\",\"\",INDIRECT(\"'MRO Certificate Printing'!K\"&((ROW()-2)*4)+3))","v":""},null,{"$f":"IF(INDIRECT(\"'MRO Certificate Printing'!D\"&((ROW()-2)*4)+4)=\"\",\"\",INDIRECT(\"'MRO Certificate Printing'!D\"&((ROW()-2)*4)+4))","v":""},{"$f":"IF(INDIRECT(\"'MRO Certificate Printing'!E\"&((ROW()-2)*4)+4)=\"\",\"\",INDIRECT(\"'MRO Certificate Printing'!E\"&((ROW()-2)*4)+4))","v":""},{"$f":"IF(INDIRECT(\"'MRO Certificate Printing'!F\"&((ROW()-2)*4)+4)=\"\",\"\",INDIRECT(\"'MRO Certificate Printing'!F\"&((ROW()-2)*4)+4))","v":""},{"$f":"IF(INDIRECT(\"'MRO Certificate Printing'!B\"&((ROW()-2)*4)+4)=\"\",\"\",INDIRECT(\"'MRO Certificate Printing'!B\"&((ROW()-2)*4)+4))","v":""},{"$f":"IF(INDIRECT(\"'MRO Certificate Printing'!G\"&((ROW()-2)*4)+4)=\"\",\"\",INDIRECT(\"'MRO Certificate Printing'!G\"&((ROW()-2)*4)+4))","v":""},{"$f":"IF(INDIRECT(\"'MRO Certificate Printing'!J\"&((ROW()-2)*4)+4)=\"\",\"\",INDIRECT(\"'MRO Certificate Printing'!J\"&((ROW()-2)*4)+4))","v":""},{"$f":"IF(INDIRECT(\"'MRO Certificate Printing'!I\"&((ROW()-2)*4)+4)=\"\",\"\",INDIRECT(\"'MRO Certificate Printing'!I\"&((ROW()-2)*4)+4))","v":""},{"$f":"IF(INDIRECT(\"'MRO Certificate Printing'!K\"&((ROW()-2)*4)+4)=\"\",\"\",INDIRECT(\"'MRO Certificate Printing'!K\"&((ROW()-2)*4)+4))","v":""},null,{"$f":"IF(INDIRECT(\"'MRO Certificate Printing'!D\"&((ROW()-2)*4)+5)=\"\",\"\",INDIRECT(\"'MRO Certificate Printing'!D\"&((ROW()-2)*4)+5))","v":""},{"$f":"IF(INDIRECT(\"'MRO Certificate Printing'!E\"&((ROW()-2)*4)+5)=\"\",\"\",INDIRECT(\"'MRO Certificate Printing'!E\"&((ROW()-2)*4)+5))","v":""},{"$f":"IF(INDIRECT(\"'MRO Certificate Printing'!F\"&((ROW()-2)*4)+5)=\"\",\"\",INDIRECT(\"'MRO Certificate Printing'!F\"&((ROW()-2)*4)+5))","v":""},{"$f":"IF(INDIRECT(\"'MRO Certificate Printing'!B\"&((ROW()-2)*4)+5)=\"\",\"\",INDIRECT(\"'MRO Certificate Printing'!B\"&((ROW()-2)*4)+5))","v":""},{"$f":"IF(INDIRECT(\"'MRO Certificate Printing'!G\"&((ROW()-2)*4)+5)=\"\",\"\",INDIRECT(\"'MRO Certificate Printing'!G\"&((ROW()-2)*4)+5))","v":""},{"$f":"IF(INDIRECT(\"'MRO Certificate Printing'!J\"&((ROW()-2)*4)+5)=\"\",\"\",INDIRECT(\"'MRO Certificate Printing'!J\"&((ROW()-2)*4)+5))","v":""},{"$f":"IF(INDIRECT(\"'MRO Certificate Printing'!I\"&((ROW()-2)*4)+5)=\"\",\"\",INDIRECT(\"'MRO Certificate Printing'!I\"&((ROW()-2)*4)+5))","v":""},{"$f":"IF(INDIRECT(\"'MRO Certificate Printing'!K\"&((ROW()-2)*4)+5)=\"\",\"\",INDIRECT(\"'MRO Certificate Printing'!K\"&((ROW()-2)*4)+5))","v":""}]
["",{"$f":"IF(INDIRECT(\"'MRO Certificate Printing'!D\"&((ROW()-2)*4)+2)=\"\",\"\",INDIRECT(\"'MRO Certificate Printing'!D\"&((ROW()-2)*4)+2))","v":""},{"$f":"IF(INDIRECT(\"'MRO Certificate Printing'!E\"&((ROW()-2)*4)+2)=\"\",\"\",INDIRECT(\"'MRO Certificate Printing'!E\"&((ROW()-2)*4)+2))","v":""},{"$f":"IF(INDIRECT(\"'MRO Certificate Printing'!F\"&((ROW()-2)*4)+2)=\"\",\"\",INDIRECT(\"'MRO Certificate Printing'!F\"&((ROW()-2)*4)+2))","v":""},{"$f":"IF(INDIRECT(\"'MRO Certificate Printing'!B\"&((ROW()-2)*4)+2)=\"\",\"\",INDIRECT(\"'MRO Certificate Printing'!B\"&((ROW()-2)*4)+2))","v":""},{"$f":"IF(INDIRECT(\"'MRO Certificate Printing'!G\"&((ROW()-2)*4)+2)=\"\",\"\",INDIRECT(\"'MRO Certificate Printing'!G\"&((ROW()-2)*4)+2))","v":""},{"$f":"IF(INDIRECT(\"'MRO Certificate Printing'!J\"&((ROW()-2)*4)+2)=\"\",\"\",INDIRECT(\"'MRO Certificate Printing'!J\"&((ROW()-2)*4)+2))","v":""},{"$f":"IF(INDIRECT(\"'MRO Certificate Printing'!I\"&((ROW()-2)*4)+2)=\"\",\"\",INDIRECT(\"'MRO Certificate Printing'!I\"&((ROW()-2)*4)+2))","v":""},{"$f":"IF(INDIRECT(\"'MRO Certificate Printing'!K\"&((ROW()-2)*4)+2)=\"\",\"\",INDIRECT(\"'MRO Certificate Printing'!K\"&((ROW()-2)*4)+2))","v":""},null,{"$f":"IF(INDIRECT(\"'MRO Certificate Printing'!D\"&((ROW()-2)*4)+3)=\"\",\"\",INDIRECT(\"'MRO Certificate Printing'!D\"&((ROW()-2)*4)+3))","v":""},{"$f":"IF(INDIRECT(\"'MRO Certificate Printing'!E\"&((ROW()-2)*4)+3)=\"\",\"\",INDIRECT(\"'MRO Certificate Printing'!E\"&((ROW()-2)*4)+3))","v":""},{"$f":"IF(INDIRECT(\"'MRO Certificate Printing'!F\"&((ROW()-2)*4)+3)=\"\",\"\",INDIRECT(\"'MRO Certificate Printing'!F\"&((ROW()-2)*4)+3))","v":""},{"$f":"IF(INDIRECT(\"'MRO Certificate Printing'!B\"&((ROW()-2)*4)+3)=\"\",\"\",INDIRECT(\"'MRO Certificate Printing'!B\"&((ROW()-2)*4)+3))","v":""},{"$f":"IF(INDIRECT(\"'MRO Certificate Printing'!G\"&((ROW()-2)*4)+3)=\"\",\"\",INDIRECT(\"'MRO Certificate Printing'!G\"&((ROW()-2)*4)+3))","v":""},{"$f":"IF(INDIRECT(\"'MRO Certificate Printing'!J\"&((ROW()-2)*4)+3)=\"\",\"\",INDIRECT(\"'MRO Certificate Printing'!J\"&((ROW()-2)*4)+3))","v":""},{"$f":"IF(INDIRECT(\"'MRO Certificate Printing'!I\"&((ROW()-2)*4)+3)=\"\",\"\",INDIRECT(\"'MRO Certificate Printing'!I\"&((ROW()-2)*4)+3))","v":""},{"$f":"IF(INDIRECT(\"'MRO Certificate Printing'!K\"&((ROW()-2)*4)+3)=\"\",\"\",INDIRECT(\"'MRO Certificate Printing'!K\"&((ROW()-2)*4)+3))","v":""},null,{"$f":"IF(INDIRECT(\"'MRO Certificate Printing'!D\"&((ROW()-2)*4)+4)=\"\",\"\",INDIRECT(\"'MRO Certificate Printing'!D\"&((ROW()-2)*4)+4))","v":""},{"$f":"IF(INDIRECT(\"'MRO Certificate Printing'!E\"&((ROW()-2)*4)+4)=\"\",\"\",INDIRECT(\"'MRO Certificate Printing'!E\"&((ROW()-2)*4)+4))","v":""},{"$f":"IF(INDIRECT(\"'MRO Certificate Printing'!F\"&((ROW()-2)*4)+4)=\"\",\"\",INDIRECT(\"'MRO Certificate Printing'!F\"&((ROW()-2)*4)+4))","v":""},{"$f":"IF(INDIRECT(\"'MRO Certificate Printing'!B\"&((ROW()-2)*4)+4)=\"\",\"\",INDIRECT(\"'MRO Certificate Printing'!B\"&((ROW()-2)*4)+4))","v":""},{"$f":"IF(INDIRECT(\"'MRO Certificate Printing'!G\"&((ROW()-2)*4)+4)=\"\",\"\",INDIRECT(\"'MRO Certificate Printing'!G\"&((ROW()-2)*4)+4))","v":""},{"$f":"IF(INDIRECT(\"'MRO Certificate Printing'!J\"&((ROW()-2)*4)+4)=\"\",\"\",INDIRECT(\"'MRO Certificate Printing'!J\"&((ROW()-2)*4)+4))","v":""},{"$f":"IF(INDIRECT(\"'MRO Certificate Printing'!I\"&((ROW()-2)*4)+4)=\"\",\"\",INDIRECT(\"'MRO Certificate Printing'!I\"&((ROW()-2)*4)+4))","v":""},{"$f":"IF(INDIRECT(\"'MRO Certificate Printing'!K\"&((ROW()-2)*4)+4)=\"\",\"\",INDIRECT(\"'MRO Certificate Printing'!K\"&((ROW()-2)*4)+4))","v":""},null,{"$f":"IF(INDIRECT(\"'MRO Certificate Printing'!D\"&((ROW()-2)*4)+5)=\"\",\"\",INDIRECT(\"'MRO Certificate Printing'!D\"&((ROW()-2)*4)+5))","v":""},{"$f":"IF(INDIRECT(\"'MRO Certificate Printing'!E\"&((ROW()-2)*4)+5)=\"\",\"\",INDIRECT(\"'MRO Certificate Printing'!E\"&((ROW()-2)*4)+5))","v":""},{"$f":"IF(INDIRECT(\"'MRO Certificate Printing'!F\"&((ROW()-2)*4)+5)=\"\",\"\",INDIRECT(\"'MRO Certificate Printing'!F\"&((ROW()-2)*4)+5))","v":""},{"$f":"IF(INDIRECT(\"'MRO Certificate Printing'!B\"&((ROW()-2)*4)+5)=\"\",\"\",INDIRECT(\"'MRO Certificate Printing'!B\"&((ROW()-2)*4)+5))","v":""},{"$f":"IF(INDIRECT(\"'MRO Certificate Printing'!G\"&((ROW()-2)*4)+5)=\"\",\"\",INDIRECT(\"'MRO Certificate Printing'!G\"&((ROW()-2)*4)+5))","v":""},{"$f":"IF(INDIRECT(\"'MRO Certificate Printing'!J\"&((ROW()-2)*4)+5)=\"\",\"\",INDIRECT(\"'MRO Certificate Printing'!J\"&((ROW()-2)*4)+5))","v":""},{"$f":"IF(INDIRECT(\"'MRO Certificate Printing'!I\"&((ROW()-2)*4)+5)=\"\",\"\",INDIRECT(\"'MRO Certificate Printing'!I\"&((ROW()-2)*4)+5))","v":""},{"$f":"IF(INDIRECT(\"'MRO Certificate Printing'!K\"&((ROW()-2)*4)+5)=\"\",\"\",INDIRECT(\"'MRO Certificate Printing'!K\"&((ROW()-2)*4)+5))","v":""}]
["",{"$f":"IF(INDIRECT(\"'MRO Certificate Printing'!D\"&((ROW()-2)*4)+2)=\"\",\"\",INDIRECT(\"'MRO Certificate Printing'!D\"&((ROW()-2)*4)+2))","v":""},{"$f":"IF(INDIRECT(\"'MRO Certificate Printing'!E\"&((ROW()-2)*4)+2)=\"\",\"\",INDIRECT(\"'MRO Certificate Printing'!E\"&((ROW()-2)*4)+2))","v":""},{"$f":"IF(INDIRECT(\"'MRO Certificate Printing'!F\"&((ROW()-2)*4)+2)=\"\",\"\",INDIRECT(\"'MRO Certificate Printing'!F\"&((ROW()-2)*4)+2))","v":""},{"$f":"IF(INDIRECT(\"'MRO Certificate Printing'!B\"&((ROW()-2)*4)+2)=\"\",\"\",INDIRECT(\"'MRO Certificate Printing'!B\"&((ROW()-2)*4)+2))","v":""},{"$f":"IF(INDIRECT(\"'MRO Certificate Printing'!G\"&((ROW()-2)*4)+2)=\"\",\"\",INDIRECT(\"'MRO Certificate Printing'!G\"&((ROW()-2)*4)+2))","v":""},{"$f":"IF(INDIRECT(\"'MRO Certificate Printing'!J\"&((ROW()-2)*4)+2)=\"\",\"\",INDIRECT(\"'MRO Certificate Printing'!J\"&((ROW()-2)*4)+2))","v":""},{"$f":"IF(INDIRECT(\"'MRO Certificate Printing'!I\"&((ROW()-2)*4)+2)=\"\",\"\",INDIRECT(\"'MRO Certificate Printing'!I\"&((ROW()-2)*4)+2))","v":""},{"$f":"IF(INDIRECT(\"'MRO Certificate Printing'!K\"&((ROW()-2)*4)+2)=\"\",\"\",INDIRECT(\"'MRO Certificate Printing'!K\"&((ROW()-2)*4)+2))","v":""},null,{"$f":"IF(INDIRECT(\"'MRO Certificate Printing'!D\"&((ROW()-2)*4)+3)=\"\",\"\",INDIRECT(\"'MRO Certificate Printing'!D\"&((ROW()-2)*4)+3))","v":""},{"$f":"IF(INDIRECT(\"'MRO Certificate Printing'!E\"&((ROW()-2)*4)+3)=\"\",\"\",INDIRECT(\"'MRO Certificate Printing'!E\"&((ROW()-2)*4)+3))","v":""},{"$f":"IF(INDIRECT(\"'MRO Certificate Printing'!F\"&((ROW()-2)*4)+3)=\"\",\"\",INDIRECT(\"'MRO Certificate Printing'!F\"&((ROW()-2)*4)+3))","v":""},{"$f":"IF(INDIRECT(\"'MRO Certificate Printing'!B\"&((ROW()-2)*4)+3)=\"\",\"\",INDIRECT(\"'MRO Certificate Printing'!B\"&((ROW()-2)*4)+3))","v":""},{"$f":"IF(INDIRECT(\"'MRO Certificate Printing'!G\"&((ROW()-2)*4)+3)=\"\",\"\",INDIRECT(\"'MRO Certificate Printing'!G\"&((ROW()-2)*4)+3))","v":""},{"$f":"IF(INDIRECT(\"'MRO Certificate Printing'!J\"&((ROW()-2)*4)+3)=\"\",\"\",INDIRECT(\"'MRO Certificate Printing'!J\"&((ROW()-2)*4)+3))","v":""},{"$f":"IF(INDIRECT(\"'MRO Certificate Printing'!I\"&((ROW()-2)*4)+3)=\"\",\"\",INDIRECT(\"'MRO Certificate Printing'!I\"&((ROW()-2)*4)+3))","v":""},{"$f":"IF(INDIRECT(\"'MRO Certificate Printing'!K\"&((ROW()-2)*4)+3)=\"\",\"\",INDIRECT(\"'MRO Certificate Printing'!K\"&((ROW()-2)*4)+3))","v":""},null,{"$f":"IF(INDIRECT(\"'MRO Certificate Printing'!D\"&((ROW()-2)*4)+4)=\"\",\"\",INDIRECT(\"'MRO Certificate Printing'!D\"&((ROW()-2)*4)+4))","v":""},{"$f":"IF(INDIRECT(\"'MRO Certificate Printing'!E\"&((ROW()-2)*4)+4)=\"\",\"\",INDIRECT(\"'MRO Certificate Printing'!E\"&((ROW()-2)*4)+4))","v":""},{"$f":"IF(INDIRECT(\"'MRO Certificate Printing'!F\"&((ROW()-2)*4)+4)=\"\",\"\",INDIRECT(\"'MRO Certificate Printing'!F\"&((ROW()-2)*4)+4))","v":""},{"$f":"IF(INDIRECT(\"'MRO Certificate Printing'!B\"&((ROW()-2)*4)+4)=\"\",\"\",INDIRECT(\"'MRO Certificate Printing'!B\"&((ROW()-2)*4)+4))","v":""},{"$f":"IF(INDIRECT(\"'MRO Certificate Printing'!G\"&((ROW()-2)*4)+4)=\"\",\"\",INDIRECT(\"'MRO Certificate Printing'!G\"&((ROW()-2)*4)+4))","v":""},{"$f":"IF(INDIRECT(\"'MRO Certificate Printing'!J\"&((ROW()-2)*4)+4)=\"\",\"\",INDIRECT(\"'MRO Certificate Printing'!J\"&((ROW()-2)*4)+4))","v":""},{"$f":"IF(INDIRECT(\"'MRO Certificate Printing'!I\"&((ROW()-2)*4)+4)=\"\",\"\",INDIRECT(\"'MRO Certificate Printing'!I\"&((ROW()-2)*4)+4))","v":""},{"$f":"IF(INDIRECT(\"'MRO Certificate Printing'!K\"&((ROW()-2)*4)+4)=\"\",\"\",INDIRECT(\"'MRO Certificate Printing'!K\"&((ROW()-2)*4)+4))","v":""},null,{"$f":"IF(INDIRECT(\"'MRO Certificate Printing'!D\"&((ROW()-2)*4)+5)=\"\",\"\",INDIRECT(\"'MRO Certificate Printing'!D\"&((ROW()-2)*4)+5))","v":""},{"$f":"IF(INDIRECT(\"'MRO Certificate Printing'!E\"&((ROW()-2)*4)+5)=\"\",\"\",INDIRECT(\"'MRO Certificate Printing'!E\"&((ROW()-2)*4)+5))","v":""},{"$f":"IF(INDIRECT(\"'MRO Certificate Printing'!F\"&((ROW()-2)*4)+5)=\"\",\"\",INDIRECT(\"'MRO Certificate Printing'!F\"&((ROW()-2)*4)+5))","v":""},{"$f":"IF(INDIRECT(\"'MRO Certificate Printing'!B\"&((ROW()-2)*4)+5)=\"\",\"\",INDIRECT(\"'MRO Certificate Printing'!B\"&((ROW()-2)*4)+5))","v":""},{"$f":"IF(INDIRECT(\"'MRO Certificate Printing'!G\"&((ROW()-2)*4)+5)=\"\",\"\",INDIRECT(\"'MRO Certificate Printing'!G\"&((ROW()-2)*4)+5))","v":""},{"$f":"IF(INDIRECT(\"'MRO Certificate Printing'!J\"&((ROW()-2)*4)+5)=\"\",\"\",INDIRECT(\"'MRO Certificate Printing'!J\"&((ROW()-2)*4)+5))","v":""},{"$f":"IF(INDIRECT(\"'MRO Certificate Printing'!I\"&((ROW()-2)*4)+5)=\"\",\"\",INDIRECT(\"'MRO Certificate Printing'!I\"&((ROW()-2)*4)+5))","v":""},{"$f":"IF(INDIRECT(\"'MRO Certificate Printing'!K\"&((ROW()-2)*4)+5)=\"\",\"\",INDIRECT(\"'MRO Certificate Printing'!K\"&((ROW()-2)*4)+5))","v":""}]
["",{"$f":"IF(INDIRECT(\"'MRO Certificate Printing'!D\"&((ROW()-2)*4)+2)=\"\",\"\",INDIRECT(\"'MRO Certificate Printing'!D\"&((ROW()-2)*4)+2))","v":""},{"$f":"IF(INDIRECT(\"'MRO Certificate Printing'!E\"&((ROW()-2)*4)+2)=\"\",\"\",INDIRECT(\"'MRO Certificate Printing'!E\"&((ROW()-2)*4)+2))","v":""},{"$f":"IF(INDIRECT(\"'MRO Certificate Printing'!F\"&((ROW()-2)*4)+2)=\"\",\"\",INDIRECT(\"'MRO Certificate Printing'!F\"&((ROW()-2)*4)+2))","v":""},{"$f":"IF(INDIRECT(\"'MRO Certificate Printing'!B\"&((ROW()-2)*4)+2)=\"\",\"\",INDIRECT(\"'MRO Certificate Printing'!B\"&((ROW()-2)*4)+2))","v":""},{"$f":"IF(INDIRECT(\"'MRO Certificate Printing'!G\"&((ROW()-2)*4)+2)=\"\",\"\",INDIRECT(\"'MRO Certificate Printing'!G\"&((ROW()-2)*4)+2))","v":""},{"$f":"IF(INDIRECT(\"'MRO Certificate Printing'!J\"&((ROW()-2)*4)+2)=\"\",\"\",INDIRECT(\"'MRO Certificate Printing'!J\"&((ROW()-2)*4)+2))","v":""},{"$f":"IF(INDIRECT(\"'MRO Certificate Printing'!I\"&((ROW()-2)*4)+2)=\"\",\"\",INDIRECT(\"'MRO Certificate Printing'!I\"&((ROW()-2)*4)+2))","v":""},{"$f":"IF(INDIRECT(\"'MRO Certificate Printing'!K\"&((ROW()-2)*4)+2)=\"\",\"\",INDIRECT(\"'MRO Certificate Printing'!K\"&((ROW()-2)*4)+2))","v":""},null,{"$f":"IF(INDIRECT(\"'MRO Certificate Printing'!D\"&((ROW()-2)*4)+3)=\"\",\"\",INDIRECT(\"'MRO Certificate Printing'!D\"&((ROW()-2)*4)+3))","v":""},{"$f":"IF(INDIRECT(\"'MRO Certificate Printing'!E\"&((ROW()-2)*4)+3)=\"\",\"\",INDIRECT(\"'MRO Certificate Printing'!E\"&((ROW()-2)*4)+3))","v":""},{"$f":"IF(INDIRECT(\"'MRO Certificate Printing'!F\"&((ROW()-2)*4)+3)=\"\",\"\",INDIRECT(\"'MRO Certificate Printing'!F\"&((ROW()-2)*4)+3))","v":""},{"$f":"IF(INDIRECT(\"'MRO Certificate Printing'!B\"&((ROW()-2)*4)+3)=\"\",\"\",INDIRECT(\"'MRO Certificate Printing'!B\"&((ROW()-2)*4)+3))","v":""},{"$f":"IF(INDIRECT(\"'MRO Certificate Printing'!G\"&((ROW()-2)*4)+3)=\"\",\"\",INDIRECT(\"'MRO Certificate Printing'!G\"&((ROW()-2)*4)+3))","v":""},{"$f":"IF(INDIRECT(\"'MRO Certificate Printing'!J\"&((ROW()-2)*4)+3)=\"\",\"\",INDIRECT(\"'MRO Certificate Printing'!J\"&((ROW()-2)*4)+3))","v":""},{"$f":"IF(INDIRECT(\"'MRO Certificate Printing'!I\"&((ROW()-2)*4)+3)=\"\",\"\",INDIRECT(\"'MRO Certificate Printing'!I\"&((ROW()-2)*4)+3))","v":""},{"$f":"IF(INDIRECT(\"'MRO Certificate Printing'!K\"&((ROW()-2)*4)+3)=\"\",\"\",INDIRECT(\"'MRO Certificate Printing'!K\"&((ROW()-2)*4)+3))","v":""},null,{"$f":"IF(INDIRECT(\"'MRO Certificate Printing'!D\"&((ROW()-2)*4)+4)=\"\",\"\",INDIRECT(\"'MRO Certificate Printing'!D\"&((ROW()-2)*4)+4))","v":""},{"$f":"IF(INDIRECT(\"'MRO Certificate Printing'!E\"&((ROW()-2)*4)+4)=\"\",\"\",INDIRECT(\"'MRO Certificate Printing'!E\"&((ROW()-2)*4)+4))","v":""},{"$f":"IF(INDIRECT(\"'MRO Certificate Printing'!F\"&((ROW()-2)*4)+4)=\"\",\"\",INDIRECT(\"'MRO Certificate Printing'!F\"&((ROW()-2)*4)+4))","v":""},{"$f":"IF(INDIRECT(\"'MRO Certificate Printing'!B\"&((ROW()-2)*4)+4)=\"\",\"\",INDIRECT(\"'MRO Certificate Printing'!B\"&((ROW()-2)*4)+4))","v":""},{"$f":"IF(INDIRECT(\"'MRO Certificate Printing'!G\"&((ROW()-2)*4)+4)=\"\",\"\",INDIRECT(\"'MRO Certificate Printing'!G\"&((ROW()-2)*4)+4))","v":""},{"$f":"IF(INDIRECT(\"'MRO Certificate Printing'!J\"&((ROW()-2)*4)+4)=\"\",\"\",INDIRECT(\"'MRO Certificate Printing'!J\"&((ROW()-2)*4)+4))","v":""},{"$f":"IF(INDIRECT(\"'MRO Certificate Printing'!I\"&((ROW()-2)*4)+4)=\"\",\"\",INDIRECT(\"'MRO Certificate Printing'!I\"&((ROW()-2)*4)+4))","v":""},{"$f":"IF(INDIRECT(\"'MRO Certificate Printing'!K\"&((ROW()-2)*4)+4)=\"\",\"\",INDIRECT(\"'MRO Certificate Printing'!K\"&((ROW()-2)*4)+4))","v":""},null,{"$f":"IF(INDIRECT(\"'MRO Certificate Printing'!D\"&((ROW()-2)*4)+5)=\"\",\"\",INDIRECT(\"'MRO Certificate Printing'!D\"&((ROW()-2)*4)+5))","v":""},{"$f":"IF(INDIRECT(\"'MRO Certificate Printing'!E\"&((ROW()-2)*4)+5)=\"\",\"\",INDIRECT(\"'MRO Certificate Printing'!E\"&((ROW()-2)*4)+5))","v":""},{"$f":"IF(INDIRECT(\"'MRO Certificate Printing'!F\"&((ROW()-2)*4)+5)=\"\",\"\",INDIRECT(\"'MRO Certificate Printing'!F\"&((ROW()-2)*4)+5))","v":""},{"$f":"IF(INDIRECT(\"'MRO Certificate Printing'!B\"&((ROW()-2)*4)+5)=\"\",\"\",INDIRECT(\"'MRO Certificate Printing'!B\"&((ROW()-2)*4)+5))","v":""},{"$f":"IF(INDIRECT(\"'MRO Certificate Printing'!G\"&((ROW()-2)*4)+5)=\"\",\"\",INDIRECT(\"'MRO Certificate Printing'!G\"&((ROW()-2)*4)+5))","v":""},{"$f":"IF(INDIRECT(\"'MRO Certificate Printing'!J\"&((ROW()-2)*4)+5)=\"\",\"\",INDIRECT(\"'MRO Certificate Printing'!J\"&((ROW()-2)*4)+5))","v":""},{"$f":"IF(INDIRECT(\"'MRO Certificate Printing'!I\"&((ROW()-2)*4)+5)=\"\",\"\",INDIRECT(\"'MRO Certificate Printing'!I\"&((ROW()-2)*4)+5))","v":""},{"$f":"IF(INDIRECT(\"'MRO Certificate Printing'!K\"&((ROW()-2)*4)+5)=\"\",\"\",INDIRECT(\"'MRO Certificate Printing'!K\"&((ROW()-2)*4)+5))","v":""}]
["",{"$f":"IF(INDIRECT(\"'MRO Certificate Printing'!D\"&((ROW()-2)*4)+2)=\"\",\"\",INDIRECT(\"'MRO Certificate Printing'!D\"&((ROW()-2)*4)+2))","v":""},{"$f":"IF(INDIRECT(\"'MRO Certificate Printing'!E\"&((ROW()-2)*4)+2)=\"\",\"\",INDIRECT(\"'MRO Certificate Printing'!E\"&((ROW()-2)*4)+2))","v":""},{"$f":"IF(INDIRECT(\"'MRO Certificate Printing'!F\"&((ROW()-2)*4)+2)=\"\",\"\",INDIRECT(\"'MRO Certificate Printing'!F\"&((ROW()-2)*4)+2))","v":""},{"$f":"IF(INDIRECT(\"'MRO Certificate Printing'!B\"&((ROW()-2)*4)+2)=\"\",\"\",INDIRECT(\"'MRO Certificate Printing'!B\"&((ROW()-2)*4)+2))","v":""},{"$f":"IF(INDIRECT(\"'MRO Certificate Printing'!G\"&((ROW()-2)*4)+2)=\"\",\"\",INDIRECT(\"'MRO Certificate Printing'!G\"&((ROW()-2)*4)+2))","v":""},{"$f":"IF(INDIRECT(\"'MRO Certificate Printing'!J\"&((ROW()-2)*4)+2)=\"\",\"\",INDIRECT(\"'MRO Certificate Printing'!J\"&((ROW()-2)*4)+2))","v":""},{"$f":"IF(INDIRECT(\"'MRO Certificate Printing'!I\"&((ROW()-2)*4)+2)=\"\",\"\",INDIRECT(\"'MRO Certificate Printing'!I\"&((ROW()-2)*4)+2))","v":""},{"$f":"IF(INDIRECT(\"'MRO Certificate Printing'!K\"&((ROW()-2)*4)+2)=\"\",\"\",INDIRECT(\"'MRO Certificate Printing'!K\"&((ROW()-2)*4)+2))","v":""},null,{"$f":"IF(INDIRECT(\"'MRO Certificate Printing'!D\"&((ROW()-2)*4)+3)=\"\",\"\",INDIRECT(\"'MRO Certificate Printing'!D\"&((ROW()-2)*4)+3))","v":""},{"$f":"IF(INDIRECT(\"'MRO Certificate Printing'!E\"&((ROW()-2)*4)+3)=\"\",\"\",INDIRECT(\"'MRO Certificate Printing'!E\"&((ROW()-2)*4)+3))","v":""},{"$f":"IF(INDIRECT(\"'MRO Certificate Printing'!F\"&((ROW()-2)*4)+3)=\"\",\"\",INDIRECT(\"'MRO Certificate Printing'!F\"&((ROW()-2)*4)+3))","v":""},{"$f":"IF(INDIRECT(\"'MRO Certificate Printing'!B\"&((ROW()-2)*4)+3)=\"\",\"\",INDIRECT(\"'MRO Certificate Printing'!B\"&((ROW()-2)*4)+3))","v":""},{"$f":"IF(INDIRECT(\"'MRO Certificate Printing'!G\"&((ROW()-2)*4)+3)=\"\",\"\",INDIRECT(\"'MRO Certificate Printing'!G\"&((ROW()-2)*4)+3))","v":""},{"$f":"IF(INDIRECT(\"'MRO Certificate Printing'!J\"&((ROW()-2)*4)+3)=\"\",\"\",INDIRECT(\"'MRO Certificate Printing'!J\"&((ROW()-2)*4)+3))","v":""},{"$f":"IF(INDIRECT(\"'MRO Certificate Printing'!I\"&((ROW()-2)*4)+3)=\"\",\"\",INDIRECT(\"'MRO Certificate Printing'!I\"&((ROW()-2)*4)+3))","v":""},{"$f":"IF(INDIRECT(\"'MRO Certificate Printing'!K\"&((ROW()-2)*4)+3)=\"\",\"\",INDIRECT(\"'MRO Certificate Printing'!K\"&((ROW()-2)*4)+3))","v":""},null,{"$f":"IF(INDIRECT(\"'MRO Certificate Printing'!D\"&((ROW()-2)*4)+4)=\"\",\"\",INDIRECT(\"'MRO Certificate Printing'!D\"&((ROW()-2)*4)+4))","v":""},{"$f":"IF(INDIRECT(\"'MRO Certificate Printing'!E\"&((ROW()-2)*4)+4)=\"\",\"\",INDIRECT(\"'MRO Certificate Printing'!E\"&((ROW()-2)*4)+4))","v":""},{"$f":"IF(INDIRECT(\"'MRO Certificate Printing'!F\"&((ROW()-2)*4)+4)=\"\",\"\",INDIRECT(\"'MRO Certificate Printing'!F\"&((ROW()-2)*4)+4))","v":""},{"$f":"IF(INDIRECT(\"'MRO Certificate Printing'!B\"&((ROW()-2)*4)+4)=\"\",\"\",INDIRECT(\"'MRO Certificate Printing'!B\"&((ROW()-2)*4)+4))","v":""},{"$f":"IF(INDIRECT(\"'MRO Certificate Printing'!G\"&((ROW()-2)*4)+4)=\"\",\"\",INDIRECT(\"'MRO Certificate Printing'!G\"&((ROW()-2)*4)+4))","v":""},{"$f":"IF(INDIRECT(\"'MRO Certificate Printing'!J\"&((ROW()-2)*4)+4)=\"\",\"\",INDIRECT(\"'MRO Certificate Printing'!J\"&((ROW()-2)*4)+4))","v":""},{"$f":"IF(INDIRECT(\"'MRO Certificate Printing'!I\"&((ROW()-2)*4)+4)=\"\",\"\",INDIRECT(\"'MRO Certificate Printing'!I\"&((ROW()-2)*4)+4))","v":""},{"$f":"IF(INDIRECT(\"'MRO Certificate Printing'!K\"&((ROW()-2)*4)+4)=\"\",\"\",INDIRECT(\"'MRO Certificate Printing'!K\"&((ROW()-2)*4)+4))","v":""},null,{"$f":"IF(INDIRECT(\"'MRO Certificate Printing'!D\"&((ROW()-2)*4)+5)=\"\",\"\",INDIRECT(\"'MRO Certificate Printing'!D\"&((ROW()-2)*4)+5))","v":""},{"$f":"IF(INDIRECT(\"'MRO Certificate Printing'!E\"&((ROW()-2)*4)+5)=\"\",\"\",INDIRECT(\"'MRO Certificate Printing'!E\"&((ROW()-2)*4)+5))","v":""},{"$f":"IF(INDIRECT(\"'MRO Certificate Printing'!F\"&((ROW()-2)*4)+5)=\"\",\"\",INDIRECT(\"'MRO Certificate Printing'!F\"&((ROW()-2)*4)+5))","v":""},{"$f":"IF(INDIRECT(\"'MRO Certificate Printing'!B\"&((ROW()-2)*4)+5)=\"\",\"\",INDIRECT(\"'MRO Certificate Printing'!B\"&((ROW()-2)*4)+5))","v":""},{"$f":"IF(INDIRECT(\"'MRO Certificate Printing'!G\"&((ROW()-2)*4)+5)=\"\",\"\",INDIRECT(\"'MRO Certificate Printing'!G\"&((ROW()-2)*4)+5))","v":""},{"$f":"IF(INDIRECT(\"'MRO Certificate Printing'!J\"&((ROW()-2)*4)+5)=\"\",\"\",INDIRECT(\"'MRO Certificate Printing'!J\"&((ROW()-2)*4)+5))","v":""},{"$f":"IF(INDIRECT(\"'MRO Certificate Printing'!I\"&((ROW()-2)*4)+5)=\"\",\"\",INDIRECT(\"'MRO Certificate Printing'!I\"&((ROW()-2)*4)+5))","v":""},{"$f":"IF(INDIRECT(\"'MRO Certificate Printing'!K\"&((ROW()-2)*4)+5)=\"\",\"\",INDIRECT(\"'MRO Certificate Printing'!K\"&((ROW()-2)*4)+5))","v":""}]
["",{"$f":"IF(INDIRECT(\"'MRO Certificate Printing'!D\"&((ROW()-2)*4)+2)=\"\",\"\",INDIRECT(\"'MRO Certificate Printing'!D\"&((ROW()-2)*4)+2))","v":""},{"$f":"IF(INDIRECT(\"'MRO Certificate Printing'!E\"&((ROW()-2)*4)+2)=\"\",\"\",INDIRECT(\"'MRO Certificate Printing'!E\"&((ROW()-2)*4)+2))","v":""},{"$f":"IF(INDIRECT(\"'MRO Certificate Printing'!F\"&((ROW()-2)*4)+2)=\"\",\"\",INDIRECT(\"'MRO Certificate Printing'!F\"&((ROW()-2)*4)+2))","v":""},{"$f":"IF(INDIRECT(\"'MRO Certificate Printing'!B\"&((ROW()-2)*4)+2)=\"\",\"\",INDIRECT(\"'MRO Certificate Printing'!B\"&((ROW()-2)*4)+2))","v":""},{"$f":"IF(INDIRECT(\"'MRO Certificate Printing'!G\"&((ROW()-2)*4)+2)=\"\",\"\",INDIRECT(\"'MRO Certificate Printing'!G\"&((ROW()-2)*4)+2))","v":""},{"$f":"IF(INDIRECT(\"'MRO Certificate Printing'!J\"&((ROW()-2)*4)+2)=\"\",\"\",INDIRECT(\"'MRO Certificate Printing'!J\"&((ROW()-2)*4)+2))","v":""},{"$f":"IF(INDIRECT(\"'MRO Certificate Printing'!I\"&((ROW()-2)*4)+2)=\"\",\"\",INDIRECT(\"'MRO Certificate Printing'!I\"&((ROW()-2)*4)+2))","v":""},{"$f":"IF(INDIRECT(\"'MRO Certificate Printing'!K\"&((ROW()-2)*4)+2)=\"\",\"\",INDIRECT(\"'MRO Certificate Printing'!K\"&((ROW()-2)*4)+2))","v":""},null,{"$f":"IF(INDIRECT(\"'MRO Certificate Printing'!D\"&((ROW()-2)*4)+3)=\"\",\"\",INDIRECT(\"'MRO Certificate Printing'!D\"&((ROW()-2)*4)+3))","v":""},{"$f":"IF(INDIRECT(\"'MRO Certificate Printing'!E\"&((ROW()-2)*4)+3)=\"\",\"\",INDIRECT(\"'MRO Certificate Printing'!E\"&((ROW()-2)*4)+3))","v":""},{"$f":"IF(INDIRECT(\"'MRO Certificate Printing'!F\"&((ROW()-2)*4)+3)=\"\",\"\",INDIRECT(\"'MRO Certificate Printing'!F\"&((ROW()-2)*4)+3))","v":""},{"$f":"IF(INDIRECT(\"'MRO Certificate Printing'!B\"&((ROW()-2)*4)+3)=\"\",\"\",INDIRECT(\"'MRO Certificate Printing'!B\"&((ROW()-2)*4)+3))","v":""},{"$f":"IF(INDIRECT(\"'MRO Certificate Printing'!G\"&((ROW()-2)*4)+3)=\"\",\"\",INDIRECT(\"'MRO Certificate Printing'!G\"&((ROW()-2)*4)+3))","v":""},{"$f":"IF(INDIRECT(\"'MRO Certificate Printing'!J\"&((ROW()-2)*4)+3)=\"\",\"\",INDIRECT(\"'MRO Certificate Printing'!J\"&((ROW()-2)*4)+3))","v":""},{"$f":"IF(INDIRECT(\"'MRO Certificate Printing'!I\"&((ROW()-2)*4)+3)=\"\",\"\",INDIRECT(\"'MRO Certificate Printing'!I\"&((ROW()-2)*4)+3))","v":""},{"$f":"IF(INDIRECT(\"'MRO Certificate Printing'!K\"&((ROW()-2)*4)+3)=\"\",\"\",INDIRECT(\"'MRO Certificate Printing'!K\"&((ROW()-2)*4)+3))","v":""},null,{"$f":"IF(INDIRECT(\"'MRO Certificate Printing'!D\"&((ROW()-2)*4)+4)=\"\",\"\",INDIRECT(\"'MRO Certificate Printing'!D\"&((ROW()-2)*4)+4))","v":""},{"$f":"IF(INDIRECT(\"'MRO Certificate Printing'!E\"&((ROW()-2)*4)+4)=\"\",\"\",INDIRECT(\"'MRO Certificate Printing'!E\"&((ROW()-2)*4)+4))","v":""},{"$f":"IF(INDIRECT(\"'MRO Certificate Printing'!F\"&((ROW()-2)*4)+4)=\"\",\"\",INDIRECT(\"'MRO Certificate Printing'!F\"&((ROW()-2)*4)+4))","v":""},{"$f":"IF(INDIRECT(\"'MRO Certificate Printing'!B\"&((ROW()-2)*4)+4)=\"\",\"\",INDIRECT(\"'MRO Certificate Printing'!B\"&((ROW()-2)*4)+4))","v":""},{"$f":"IF(INDIRECT(\"'MRO Certificate Printing'!G\"&((ROW()-2)*4)+4)=\"\",\"\",INDIRECT(\"'MRO Certificate Printing'!G\"&((ROW()-2)*4)+4))","v":""},{"$f":"IF(INDIRECT(\"'MRO Certificate Printing'!J\"&((ROW()-2)*4)+4)=\"\",\"\",INDIRECT(\"'MRO Certificate Printing'!J\"&((ROW()-2)*4)+4))","v":""},{"$f":"IF(INDIRECT(\"'MRO Certificate Printing'!I\"&((ROW()-2)*4)+4)=\"\",\"\",INDIRECT(\"'MRO Certificate Printing'!I\"&((ROW()-2)*4)+4))","v":""},{"$f":"IF(INDIRECT(\"'MRO Certificate Printing'!K\"&((ROW()-2)*4)+4)=\"\",\"\",INDIRECT(\"'MRO Certificate Printing'!K\"&((ROW()-2)*4)+4))","v":""},null,{"$f":"IF(INDIRECT(\"'MRO Certificate Printing'!D\"&((ROW()-2)*4)+5)=\"\",\"\",INDIRECT(\"'MRO Certificate Printing'!D\"&((ROW()-2)*4)+5))","v":""},{"$f":"IF(INDIRECT(\"'MRO Certificate Printing'!E\"&((ROW()-2)*4)+5)=\"\",\"\",INDIRECT(\"'MRO Certificate Printing'!E\"&((ROW()-2)*4)+5))","v":""},{"$f":"IF(INDIRECT(\"'MRO Certificate Printing'!F\"&((ROW()-2)*4)+5)=\"\",\"\",INDIRECT(\"'MRO Certificate Printing'!F\"&((ROW()-2)*4)+5))","v":""},{"$f":"IF(INDIRECT(\"'MRO Certificate Printing'!B\"&((ROW()-2)*4)+5)=\"\",\"\",INDIRECT(\"'MRO Certificate Printing'!B\"&((ROW()-2)*4)+5))","v":""},{"$f":"IF(INDIRECT(\"'MRO Certificate Printing'!G\"&((ROW()-2)*4)+5)=\"\",\"\",INDIRECT(\"'MRO Certificate Printing'!G\"&((ROW()-2)*4)+5))","v":""},{"$f":"IF(INDIRECT(\"'MRO Certificate Printing'!J\"&((ROW()-2)*4)+5)=\"\",\"\",INDIRECT(\"'MRO Certificate Printing'!J\"&((ROW()-2)*4)+5))","v":""},{"$f":"IF(INDIRECT(\"'MRO Certificate Printing'!I\"&((ROW()-2)*4)+5)=\"\",\"\",INDIRECT(\"'MRO Certificate Printing'!I\"&((ROW()-2)*4)+5))","v":""},{"$f":"IF(INDIRECT(\"'MRO Certificate Printing'!K\"&((ROW()-2)*4)+5)=\"\",\"\",INDIRECT(\"'MRO Certificate Printing'!K\"&((ROW()-2)*4)+5))","v":""}]
["",{"$f":"IF(INDIRECT(\"'MRO Certificate Printing'!D\"&((ROW()-2)*4)+2)=\"\",\"\",INDIRECT(\"'MRO Certificate Printing'!D\"&((ROW()-2)*4)+2))","v":""},{"$f":"IF(INDIRECT(\"'MRO Certificate Printing'!E\"&((ROW()-2)*4)+2)=\"\",\"\",INDIRECT(\"'MRO Certificate Printing'!E\"&((ROW()-2)*4)+2))","v":""},{"$f":"IF(INDIRECT(\"'MRO Certificate Printing'!F\"&((ROW()-2)*4)+2)=\"\",\"\",INDIRECT(\"'MRO Certificate Printing'!F\"&((ROW()-2)*4)+2))","v":""},{"$f":"IF(INDIRECT(\"'MRO Certificate Printing'!B\"&((ROW()-2)*4)+2)=\"\",\"\",INDIRECT(\"'MRO Certificate Printing'!B\"&((ROW()-2)*4)+2))","v":""},{"$f":"IF(INDIRECT(\"'MRO Certificate Printing'!G\"&((ROW()-2)*4)+2)=\"\",\"\",INDIRECT(\"'MRO Certificate Printing'!G\"&((ROW()-2)*4)+2))","v":""},{"$f":"IF(INDIRECT(\"'MRO Certificate Printing'!J\"&((ROW()-2)*4)+2)=\"\",\"\",INDIRECT(\"'MRO Certificate Printing'!J\"&((ROW()-2)*4)+2))","v":""},{"$f":"IF(INDIRECT(\"'MRO Certificate Printing'!I\"&((ROW()-2)*4)+2)=\"\",\"\",INDIRECT(\"'MRO Certificate Printing'!I\"&((ROW()-2)*4)+2))","v":""},{"$f":"IF(INDIRECT(\"'MRO Certificate Printing'!K\"&((ROW()-2)*4)+2)=\"\",\"\",INDIRECT(\"'MRO Certificate Printing'!K\"&((ROW()-2)*4)+2))","v":""},null,{"$f":"IF(INDIRECT(\"'MRO Certificate Printing'!D\"&((ROW()-2)*4)+3)=\"\",\"\",INDIRECT(\"'MRO Certificate Printing'!D\"&((ROW()-2)*4)+3))","v":""},{"$f":"IF(INDIRECT(\"'MRO Certificate Printing'!E\"&((ROW()-2)*4)+3)=\"\",\"\",INDIRECT(\"'MRO Certificate Printing'!E\"&((ROW()-2)*4)+3))","v":""},{"$f":"IF(INDIRECT(\"'MRO Certificate Printing'!F\"&((ROW()-2)*4)+3)=\"\",\"\",INDIRECT(\"'MRO Certificate Printing'!F\"&((ROW()-2)*4)+3))","v":""},{"$f":"IF(INDIRECT(\"'MRO Certificate Printing'!B\"&((ROW()-2)*4)+3)=\"\",\"\",INDIRECT(\"'MRO Certificate Printing'!B\"&((ROW()-2)*4)+3))","v":""},{"$f":"IF(INDIRECT(\"'MRO Certificate Printing'!G\"&((ROW()-2)*4)+3)=\"\",\"\",INDIRECT(\"'MRO Certificate Printing'!G\"&((ROW()-2)*4)+3))","v":""},{"$f":"IF(INDIRECT(\"'MRO Certificate Printing'!J\"&((ROW()-2)*4)+3)=\"\",\"\",INDIRECT(\"'MRO Certificate Printing'!J\"&((ROW()-2)*4)+3))","v":""},{"$f":"IF(INDIRECT(\"'MRO Certificate Printing'!I\"&((ROW()-2)*4)+3)=\"\",\"\",INDIRECT(\"'MRO Certificate Printing'!I\"&((ROW()-2)*4)+3))","v":""},{"$f":"IF(INDIRECT(\"'MRO Certificate Printing'!K\"&((ROW()-2)*4)+3)=\"\",\"\",INDIRECT(\"'MRO Certificate Printing'!K\"&((ROW()-2)*4)+3))","v":""},null,{"$f":"IF(INDIRECT(\"'MRO Certificate Printing'!D\"&((ROW()-2)*4)+4)=\"\",\"\",INDIRECT(\"'MRO Certificate Printing'!D\"&((ROW()-2)*4)+4))","v":""},{"$f":"IF(INDIRECT(\"'MRO Certificate Printing'!E\"&((ROW()-2)*4)+4)=\"\",\"\",INDIRECT(\"'MRO Certificate Printing'!E\"&((ROW()-2)*4)+4))","v":""},{"$f":"IF(INDIRECT(\"'MRO Certificate Printing'!F\"&((ROW()-2)*4)+4)=\"\",\"\",INDIRECT(\"'MRO Certificate Printing'!F\"&((ROW()-2)*4)+4))","v":""},{"$f":"IF(INDIRECT(\"'MRO Certificate Printing'!B\"&((ROW()-2)*4)+4)=\"\",\"\",INDIRECT(\"'MRO Certificate Printing'!B\"&((ROW()-2)*4)+4))","v":""},{"$f":"IF(INDIRECT(\"'MRO Certificate Printing'!G\"&((ROW()-2)*4)+4)=\"\",\"\",INDIRECT(\"'MRO Certificate Printing'!G\"&((ROW()-2)*4)+4))","v":""},{"$f":"IF(INDIRECT(\"'MRO Certificate Printing'!J\"&((ROW()-2)*4)+4)=\"\",\"\",INDIRECT(\"'MRO Certificate Printing'!J\"&((ROW()-2)*4)+4))","v":""},{"$f":"IF(INDIRECT(\"'MRO Certificate Printing'!I\"&((ROW()-2)*4)+4)=\"\",\"\",INDIRECT(\"'MRO Certificate Printing'!I\"&((ROW()-2)*4)+4))","v":""},{"$f":"IF(INDIRECT(\"'MRO Certificate Printing'!K\"&((ROW()-2)*4)+4)=\"\",\"\",INDIRECT(\"'MRO Certificate Printing'!K\"&((ROW()-2)*4)+4))","v":""},null,{"$f":"IF(INDIRECT(\"'MRO Certificate Printing'!D\"&((ROW()-2)*4)+5)=\"\",\"\",INDIRECT(\"'MRO Certificate Printing'!D\"&((ROW()-2)*4)+5))","v":""},{"$f":"IF(INDIRECT(\"'MRO Certificate Printing'!E\"&((ROW()-2)*4)+5)=\"\",\"\",INDIRECT(\"'MRO Certificate Printing'!E\"&((ROW()-2)*4)+5))","v":""},{"$f":"IF(INDIRECT(\"'MRO Certificate Printing'!F\"&((ROW()-2)*4)+5)=\"\",\"\",INDIRECT(\"'MRO Certificate Printing'!F\"&((ROW()-2)*4)+5))","v":""},{"$f":"IF(INDIRECT(\"'MRO Certificate Printing'!B\"&((ROW()-2)*4)+5)=\"\",\"\",INDIRECT(\"'MRO Certificate Printing'!B\"&((ROW()-2)*4)+5))","v":""},{"$f":"IF(INDIRECT(\"'MRO Certificate Printing'!G\"&((ROW()-2)*4)+5)=\"\",\"\",INDIRECT(\"'MRO Certificate Printing'!G\"&((ROW()-2)*4)+5))","v":""},{"$f":"IF(INDIRECT(\"'MRO Certificate Printing'!J\"&((ROW()-2)*4)+5)=\"\",\"\",INDIRECT(\"'MRO Certificate Printing'!J\"&((ROW()-2)*4)+5))","v":""},{"$f":"IF(INDIRECT(\"'MRO Certificate Printing'!I\"&((ROW()-2)*4)+5)=\"\",\"\",INDIRECT(\"'MRO Certificate Printing'!I\"&((ROW()-2)*4)+5))","v":""},{"$f":"IF(INDIRECT(\"'MRO Certificate Printing'!K\"&((ROW()-2)*4)+5)=\"\",\"\",INDIRECT(\"'MRO Certificate Printing'!K\"&((ROW()-2)*4)+5))","v":""}]
["",{"$f":"IF(INDIRECT(\"'MRO Certificate Printing'!D\"&((ROW()-2)*4)+2)=\"\",\"\",INDIRECT(\"'MRO Certificate Printing'!D\"&((ROW()-2)*4)+2))","v":""},{"$f":"IF(INDIRECT(\"'MRO Certificate Printing'!E\"&((ROW()-2)*4)+2)=\"\",\"\",INDIRECT(\"'MRO Certificate Printing'!E\"&((ROW()-2)*4)+2))","v":""},{"$f":"IF(INDIRECT(\"'MRO Certificate Printing'!F\"&((ROW()-2)*4)+2)=\"\",\"\",INDIRECT(\"'MRO Certificate Printing'!F\"&((ROW()-2)*4)+2))","v":""},{"$f":"IF(INDIRECT(\"'MRO Certificate Printing'!B\"&((ROW()-2)*4)+2)=\"\",\"\",INDIRECT(\"'MRO Certificate Printing'!B\"&((ROW()-2)*4)+2))","v":""},{"$f":"IF(INDIRECT(\"'MRO Certificate Printing'!G\"&((ROW()-2)*4)+2)=\"\",\"\",INDIRECT(\"'MRO Certificate Printing'!G\"&((ROW()-2)*4)+2))","v":""},{"$f":"IF(INDIRECT(\"'MRO Certificate Printing'!J\"&((ROW()-2)*4)+2)=\"\",\"\",INDIRECT(\"'MRO Certificate Printing'!J\"&((ROW()-2)*4)+2))","v":""},{"$f":"IF(INDIRECT(\"'MRO Certificate Printing'!I\"&((ROW()-2)*4)+2)=\"\",\"\",INDIRECT(\"'MRO Certificate Printing'!I\"&((ROW()-2)*4)+2))","v":""},{"$f":"IF(INDIRECT(\"'MRO Certificate Printing'!K\"&((ROW()-2)*4)+2)=\"\",\"\",INDIRECT(\"'MRO Certificate Printing'!K\"&((ROW()-2)*4)+2))","v":""},null,{"$f":"IF(INDIRECT(\"'MRO Certificate Printing'!D\"&((ROW()-2)*4)+3)=\"\",\"\",INDIRECT(\"'MRO Certificate Printing'!D\"&((ROW()-2)*4)+3))","v":""},{"$f":"IF(INDIRECT(\"'MRO Certificate Printing'!E\"&((ROW()-2)*4)+3)=\"\",\"\",INDIRECT(\"'MRO Certificate Printing'!E\"&((ROW()-2)*4)+3))","v":""},{"$f":"IF(INDIRECT(\"'MRO Certificate Printing'!F\"&((ROW()-2)*4)+3)=\"\",\"\",INDIRECT(\"'MRO Certificate Printing'!F\"&((ROW()-2)*4)+3))","v":""},{"$f":"IF(INDIRECT(\"'MRO Certificate Printing'!B\"&((ROW()-2)*4)+3)=\"\",\"\",INDIRECT(\"'MRO Certificate Printing'!B\"&((ROW()-2)*4)+3))","v":""},{"$f":"IF(INDIRECT(\"'MRO Certificate Printing'!G\"&((ROW()-2)*4)+3)=\"\",\"\",INDIRECT(\"'MRO Certificate Printing'!G\"&((ROW()-2)*4)+3))","v":""},{"$f":"IF(INDIRECT(\"'MRO Certificate Printing'!J\"&((ROW()-2)*4)+3)=\"\",\"\",INDIRECT(\"'MRO Certificate Printing'!J\"&((ROW()-2)*4)+3))","v":""},{"$f":"IF(INDIRECT(\"'MRO Certificate Printing'!I\"&((ROW()-2)*4)+3)=\"\",\"\",INDIRECT(\"'MRO Certificate Printing'!I\"&((ROW()-2)*4)+3))","v":""},{"$f":"IF(INDIRECT(\"'MRO Certificate Printing'!K\"&((ROW()-2)*4)+3)=\"\",\"\",INDIRECT(\"'MRO Certificate Printing'!K\"&((ROW()-2)*4)+3))","v":""},null,{"$f":"IF(INDIRECT(\"'MRO Certificate Printing'!D\"&((ROW()-2)*4)+4)=\"\",\"\",INDIRECT(\"'MRO Certificate Printing'!D\"&((ROW()-2)*4)+4))","v":""},{"$f":"IF(INDIRECT(\"'MRO Certificate Printing'!E\"&((ROW()-2)*4)+4)=\"\",\"\",INDIRECT(\"'MRO Certificate Printing'!E\"&((ROW()-2)*4)+4))","v":""},{"$f":"IF(INDIRECT(\"'MRO Certificate Printing'!F\"&((ROW()-2)*4)+4)=\"\",\"\",INDIRECT(\"'MRO Certificate Printing'!F\"&((ROW()-2)*4)+4))","v":""},{"$f":"IF(INDIRECT(\"'MRO Certificate Printing'!B\"&((ROW()-2)*4)+4)=\"\",\"\",INDIRECT(\"'MRO Certificate Printing'!B\"&((ROW()-2)*4)+4))","v":""},{"$f":"IF(INDIRECT(\"'MRO Certificate Printing'!G\"&((ROW()-2)*4)+4)=\"\",\"\",INDIRECT(\"'MRO Certificate Printing'!G\"&((ROW()-2)*4)+4))","v":""},{"$f":"IF(INDIRECT(\"'MRO Certificate Printing'!J\"&((ROW()-2)*4)+4)=\"\",\"\",INDIRECT(\"'MRO Certificate Printing'!J\"&((ROW()-2)*4)+4))","v":""},{"$f":"IF(INDIRECT(\"'MRO Certificate Printing'!I\"&((ROW()-2)*4)+4)=\"\",\"\",INDIRECT(\"'MRO Certificate Printing'!I\"&((ROW()-2)*4)+4))","v":""},{"$f":"IF(INDIRECT(\"'MRO Certificate Printing'!K\"&((ROW()-2)*4)+4)=\"\",\"\",INDIRECT(\"'MRO Certificate Printing'!K\"&((ROW()-2)*4)+4))","v":""},null,{"$f":"IF(INDIRECT(\"'MRO Certificate Printing'!D\"&((ROW()-2)*4)+5)=\"\",\"\",INDIRECT(\"'MRO Certificate Printing'!D\"&((ROW()-2)*4)+5))","v":""},{"$f":"IF(INDIRECT(\"'MRO Certificate Printing'!E\"&((ROW()-2)*4)+5)=\"\",\"\",INDIRECT(\"'MRO Certificate Printing'!E\"&((ROW()-2)*4)+5))","v":""},{"$f":"IF(INDIRECT(\"'MRO Certificate Printing'!F\"&((ROW()-2)*4)+5)=\"\",\"\",INDIRECT(\"'MRO Certificate Printing'!F\"&((ROW()-2)*4)+5))","v":""},{"$f":"IF(INDIRECT(\"'MRO Certificate Printing'!B\"&((ROW()-2)*4)+5)=\"\",\"\",INDIRECT(\"'MRO Certificate Printing'!B\"&((ROW()-2)*4)+5))","v":""},{"$f":"IF(INDIRECT(\"'MRO Certificate Printing'!G\"&((ROW()-2)*4)+5)=\"\",\"\",INDIRECT(\"'MRO Certificate Printing'!G\"&((ROW()-2)*4)+5))","v":""},{"$f":"IF(INDIRECT(\"'MRO Certificate Printing'!J\"&((ROW()-2)*4)+5)=\"\",\"\",INDIRECT(\"'MRO Certificate Printing'!J\"&((ROW()-2)*4)+5))","v":""},{"$f":"IF(INDIRECT(\"'MRO Certificate Printing'!I\"&((ROW()-2)*4)+5)=\"\",\"\",INDIRECT(\"'MRO Certificate Printing'!I\"&((ROW()-2)*4)+5))","v":""},{"$f":"IF(INDIRECT(\"'MRO Certificate Printing'!K\"&((ROW()-2)*4)+5)=\"\",\"\",INDIRECT(\"'MRO Certificate Printing'!K\"&((ROW()-2)*4)+5))","v":""}]
["",{"$f":"IF(INDIRECT(\"'MRO Certificate Printing'!D\"&((ROW()-2)*4)+2)=\"\",\"\",INDIRECT(\"'MRO Certificate Printing'!D\"&((ROW()-2)*4)+2))","v":""},{"$f":"IF(INDIRECT(\"'MRO Certificate Printing'!E\"&((ROW()-2)*4)+2)=\"\",\"\",INDIRECT(\"'MRO Certificate Printing'!E\"&((ROW()-2)*4)+2))","v":""},{"$f":"IF(INDIRECT(\"'MRO Certificate Printing'!F\"&((ROW()-2)*4)+2)=\"\",\"\",INDIRECT(\"'MRO Certificate Printing'!F\"&((ROW()-2)*4)+2))","v":""},{"$f":"IF(INDIRECT(\"'MRO Certificate Printing'!B\"&((ROW()-2)*4)+2)=\"\",\"\",INDIRECT(\"'MRO Certificate Printing'!B\"&((ROW()-2)*4)+2))","v":""},{"$f":"IF(INDIRECT(\"'MRO Certificate Printing'!G\"&((ROW()-2)*4)+2)=\"\",\"\",INDIRECT(\"'MRO Certificate Printing'!G\"&((ROW()-2)*4)+2))","v":""},{"$f":"IF(INDIRECT(\"'MRO Certificate Printing'!J\"&((ROW()-2)*4)+2)=\"\",\"\",INDIRECT(\"'MRO Certificate Printing'!J\"&((ROW()-2)*4)+2))","v":""},{"$f":"IF(INDIRECT(\"'MRO Certificate Printing'!I\"&((ROW()-2)*4)+2)=\"\",\"\",INDIRECT(\"'MRO Certificate Printing'!I\"&((ROW()-2)*4)+2))","v":""},{"$f":"IF(INDIRECT(\"'MRO Certificate Printing'!K\"&((ROW()-2)*4)+2)=\"\",\"\",INDIRECT(\"'MRO Certificate Printing'!K\"&((ROW()-2)*4)+2))","v":""},null,{"$f":"IF(INDIRECT(\"'MRO Certificate Printing'!D\"&((ROW()-2)*4)+3)=\"\",\"\",INDIRECT(\"'MRO Certificate Printing'!D\"&((ROW()-2)*4)+3))","v":""},{"$f":"IF(INDIRECT(\"'MRO Certificate Printing'!E\"&((ROW()-2)*4)+3)=\"\",\"\",INDIRECT(\"'MRO Certificate Printing'!E\"&((ROW()-2)*4)+3))","v":""},{"$f":"IF(INDIRECT(\"'MRO Certificate Printing'!F\"&((ROW()-2)*4)+3)=\"\",\"\",INDIRECT(\"'MRO Certificate Printing'!F\"&((ROW()-2)*4)+3))","v":""},{"$f":"IF(INDIRECT(\"'MRO Certificate Printing'!B\"&((ROW()-2)*4)+3)=\"\",\"\",INDIRECT(\"'MRO Certificate Printing'!B\"&((ROW()-2)*4)+3))","v":""},{"$f":"IF(INDIRECT(\"'MRO Certificate Printing'!G\"&((ROW()-2)*4)+3)=\"\",\"\",INDIRECT(\"'MRO Certificate Printing'!G\"&((ROW()-2)*4)+3))","v":""},{"$f":"IF(INDIRECT(\"'MRO Certificate Printing'!J\"&((ROW()-2)*4)+3)=\"\",\"\",INDIRECT(\"'MRO Certificate Printing'!J\"&((ROW()-2)*4)+3))","v":""},{"$f":"IF(INDIRECT(\"'MRO Certificate Printing'!I\"&((ROW()-2)*4)+3)=\"\",\"\",INDIRECT(\"'MRO Certificate Printing'!I\"&((ROW()-2)*4)+3))","v":""},{"$f":"IF(INDIRECT(\"'MRO Certificate Printing'!K\"&((ROW()-2)*4)+3)=\"\",\"\",INDIRECT(\"'MRO Certificate Printing'!K\"&((ROW()-2)*4)+3))","v":""},null,{"$f":"IF(INDIRECT(\"'MRO Certificate Printing'!D\"&((ROW()-2)*4)+4)=\"\",\"\",INDIRECT(\"'MRO Certificate Printing'!D\"&((ROW()-2)*4)+4))","v":""},{"$f":"IF(INDIRECT(\"'MRO Certificate Printing'!E\"&((ROW()-2)*4)+4)=\"\",\"\",INDIRECT(\"'MRO Certificate Printing'!E\"&((ROW()-2)*4)+4))","v":""},{"$f":"IF(INDIRECT(\"'MRO Certificate Printing'!F\"&((ROW()-2)*4)+4)=\"\",\"\",INDIRECT(\"'MRO Certificate Printing'!F\"&((ROW()-2)*4)+4))","v":""},{"$f":"IF(INDIRECT(\"'MRO Certificate Printing'!B\"&((ROW()-2)*4)+4)=\"\",\"\",INDIRECT(\"'MRO Certificate Printing'!B\"&((ROW()-2)*4)+4))","v":""},{"$f":"IF(INDIRECT(\"'MRO Certificate Printing'!G\"&((ROW()-2)*4)+4)=\"\",\"\",INDIRECT(\"'MRO Certificate Printing'!G\"&((ROW()-2)*4)+4))","v":""},{"$f":"IF(INDIRECT(\"'MRO Certificate Printing'!J\"&((ROW()-2)*4)+4)=\"\",\"\",INDIRECT(\"'MRO Certificate Printing'!J\"&((ROW()-2)*4)+4))","v":""},{"$f":"IF(INDIRECT(\"'MRO Certificate Printing'!I\"&((ROW()-2)*4)+4)=\"\",\"\",INDIRECT(\"'MRO Certificate Printing'!I\"&((ROW()-2)*4)+4))","v":""},{"$f":"IF(INDIRECT(\"'MRO Certificate Printing'!K\"&((ROW()-2)*4)+4)=\"\",\"\",INDIRECT(\"'MRO Certificate Printing'!K\"&((ROW()-2)*4)+4))","v":""},null,{"$f":"IF(INDIRECT(\"'MRO Certificate Printing'!D\"&((ROW()-2)*4)+5)=\"\",\"\",INDIRECT(\"'MRO Certificate Printing'!D\"&((ROW()-2)*4)+5))","v":""},{"$f":"IF(INDIRECT(\"'MRO Certificate Printing'!E\"&((ROW()-2)*4)+5)=\"\",\"\",INDIRECT(\"'MRO Certificate Printing'!E\"&((ROW()-2)*4)+5))","v":""},{"$f":"IF(INDIRECT(\"'MRO Certificate Printing'!F\"&((ROW()-2)*4)+5)=\"\",\"\",INDIRECT(\"'MRO Certificate Printing'!F\"&((ROW()-2)*4)+5))","v":""},{"$f":"IF(INDIRECT(\"'MRO Certificate Printing'!B\"&((ROW()-2)*4)+5)=\"\",\"\",INDIRECT(\"'MRO Certificate Printing'!B\"&((ROW()-2)*4)+5))","v":""},{"$f":"IF(INDIRECT(\"'MRO Certificate Printing'!G\"&((ROW()-2)*4)+5)=\"\",\"\",INDIRECT(\"'MRO Certificate Printing'!G\"&((ROW()-2)*4)+5))","v":""},{"$f":"IF(INDIRECT(\"'MRO Certificate Printing'!J\"&((ROW()-2)*4)+5)=\"\",\"\",INDIRECT(\"'MRO Certificate Printing'!J\"&((ROW()-2)*4)+5))","v":""},{"$f":"IF(INDIRECT(\"'MRO Certificate Printing'!I\"&((ROW()-2)*4)+5)=\"\",\"\",INDIRECT(\"'MRO Certificate Printing'!I\"&((ROW()-2)*4)+5))","v":""},{"$f":"IF(INDIRECT(\"'MRO Certificate Printing'!K\"&((ROW()-2)*4)+5)=\"\",\"\",INDIRECT(\"'MRO Certificate Printing'!K\"&((ROW()-2)*4)+5))","v":""}]
["",{"$f":"IF(INDIRECT(\"'MRO Certificate Printing'!D\"&((ROW()-2)*4)+2)=\"\",\"\",INDIRECT(\"'MRO Certificate Printing'!D\"&((ROW()-2)*4)+2))","v":""},{"$f":"IF(INDIRECT(\"'MRO Certificate Printing'!E\"&((ROW()-2)*4)+2)=\"\",\"\",INDIRECT(\"'MRO Certificate Printing'!E\"&((ROW()-2)*4)+2))","v":""},{"$f":"IF(INDIRECT(\"'MRO Certificate Printing'!F\"&((ROW()-2)*4)+2)=\"\",\"\",INDIRECT(\"'MRO Certificate Printing'!F\"&((ROW()-2)*4)+2))","v":""},{"$f":"IF(INDIRECT(\"'MRO Certificate Printing'!B\"&((ROW()-2)*4)+2)=\"\",\"\",INDIRECT(\"'MRO Certificate Printing'!B\"&((ROW()-2)*4)+2))","v":""},{"$f":"IF(INDIRECT(\"'MRO Certificate Printing'!G\"&((ROW()-2)*4)+2)=\"\",\"\",INDIRECT(\"'MRO Certificate Printing'!G\"&((ROW()-2)*4)+2))","v":""},{"$f":"IF(INDIRECT(\"'MRO Certificate Printing'!J\"&((ROW()-2)*4)+2)=\"\",\"\",INDIRECT(\"'MRO Certificate Printing'!J\"&((ROW()-2)*4)+2))","v":""},{"$f":"IF(INDIRECT(\"'MRO Certificate Printing'!I\"&((ROW()-2)*4)+2)=\"\",\"\",INDIRECT(\"'MRO Certificate Printing'!I\"&((ROW()-2)*4)+2))","v":""},{"$f":"IF(INDIRECT(\"'MRO Certificate Printing'!K\"&((ROW()-2)*4)+2)=\"\",\"\",INDIRECT(\"'MRO Certificate Printing'!K\"&((ROW()-2)*4)+2))","v":""},null,{"$f":"IF(INDIRECT(\"'MRO Certificate Printing'!D\"&((ROW()-2)*4)+3)=\"\",\"\",INDIRECT(\"'MRO Certificate Printing'!D\"&((ROW()-2)*4)+3))","v":""},{"$f":"IF(INDIRECT(\"'MRO Certificate Printing'!E\"&((ROW()-2)*4)+3)=\"\",\"\",INDIRECT(\"'MRO Certificate Printing'!E\"&((ROW()-2)*4)+3))","v":""},{"$f":"IF(INDIRECT(\"'MRO Certificate Printing'!F\"&((ROW()-2)*4)+3)=\"\",\"\",INDIRECT(\"'MRO Certificate Printing'!F\"&((ROW()-2)*4)+3))","v":""},{"$f":"IF(INDIRECT(\"'MRO Certificate Printing'!B\"&((ROW()-2)*4)+3)=\"\",\"\",INDIRECT(\"'MRO Certificate Printing'!B\"&((ROW()-2)*4)+3))","v":""},{"$f":"IF(INDIRECT(\"'MRO Certificate Printing'!G\"&((ROW()-2)*4)+3)=\"\",\"\",INDIRECT(\"'MRO Certificate Printing'!G\"&((ROW()-2)*4)+3))","v":""},{"$f":"IF(INDIRECT(\"'MRO Certificate Printing'!J\"&((ROW()-2)*4)+3)=\"\",\"\",INDIRECT(\"'MRO Certificate Printing'!J\"&((ROW()-2)*4)+3))","v":""},{"$f":"IF(INDIRECT(\"'MRO Certificate Printing'!I\"&((ROW()-2)*4)+3)=\"\",\"\",INDIRECT(\"'MRO Certificate Printing'!I\"&((ROW()-2)*4)+3))","v":""},{"$f":"IF(INDIRECT(\"'MRO Certificate Printing'!K\"&((ROW()-2)*4)+3)=\"\",\"\",INDIRECT(\"'MRO Certificate Printing'!K\"&((ROW()-2)*4)+3))","v":""},null,{"$f":"IF(INDIRECT(\"'MRO Certificate Printing'!D\"&((ROW()-2)*4)+4)=\"\",\"\",INDIRECT(\"'MRO Certificate Printing'!D\"&((ROW()-2)*4)+4))","v":""},{"$f":"IF(INDIRECT(\"'MRO Certificate Printing'!E\"&((ROW()-2)*4)+4)=\"\",\"\",INDIRECT(\"'MRO Certificate Printing'!E\"&((ROW()-2)*4)+4))","v":""},{"$f":"IF(INDIRECT(\"'MRO Certificate Printing'!F\"&((ROW()-2)*4)+4)=\"\",\"\",INDIRECT(\"'MRO Certificate Printing'!F\"&((ROW()-2)*4)+4))","v":""},{"$f":"IF(INDIRECT(\"'MRO Certificate Printing'!B\"&((ROW()-2)*4)+4)=\"\",\"\",INDIRECT(\"'MRO Certificate Printing'!B\"&((ROW()-2)*4)+4))","v":""},{"$f":"IF(INDIRECT(\"'MRO Certificate Printing'!G\"&((ROW()-2)*4)+4)=\"\",\"\",INDIRECT(\"'MRO Certificate Printing'!G\"&((ROW()-2)*4)+4))","v":""},{"$f":"IF(INDIRECT(\"'MRO Certificate Printing'!J\"&((ROW()-2)*4)+4)=\"\",\"\",INDIRECT(\"'MRO Certificate Printing'!J\"&((ROW()-2)*4)+4))","v":""},{"$f":"IF(INDIRECT(\"'MRO Certificate Printing'!I\"&((ROW()-2)*4)+4)=\"\",\"\",INDIRECT(\"'MRO Certificate Printing'!I\"&((ROW()-2)*4)+4))","v":""},{"$f":"IF(INDIRECT(\"'MRO Certificate Printing'!K\"&((ROW()-2)*4)+4)=\"\",\"\",INDIRECT(\"'MRO Certificate Printing'!K\"&((ROW()-2)*4)+4))","v":""},null,{"$f":"IF(INDIRECT(\"'MRO Certificate Printing'!D\"&((ROW()-2)*4)+5)=\"\",\"\",INDIRECT(\"'MRO Certificate Printing'!D\"&((ROW()-2)*4)+5))","v":""},{"$f":"IF(INDIRECT(\"'MRO Certificate Printing'!E\"&((ROW()-2)*4)+5)=\"\",\"\",INDIRECT(\"'MRO Certificate Printing'!E\"&((ROW()-2)*4)+5))","v":""},{"$f":"IF(INDIRECT(\"'MRO Certificate Printing'!F\"&((ROW()-2)*4)+5)=\"\",\"\",INDIRECT(\"'MRO Certificate Printing'!F\"&((ROW()-2)*4)+5))","v":""},{"$f":"IF(INDIRECT(\"'MRO Certificate Printing'!B\"&((ROW()-2)*4)+5)=\"\",\"\",INDIRECT(\"'MRO Certificate Printing'!B\"&((ROW()-2)*4)+5))","v":""},{"$f":"IF(INDIRECT(\"'MRO Certificate Printing'!G\"&((ROW()-2)*4)+5)=\"\",\"\",INDIRECT(\"'MRO Certificate Printing'!G\"&((ROW()-2)*4)+5))","v":""},{"$f":"IF(INDIRECT(\"'MRO Certificate Printing'!J\"&((ROW()-2)*4)+5)=\"\",\"\",INDIRECT(\"'MRO Certificate Printing'!J\"&((ROW()-2)*4)+5))","v":""},{"$f":"IF(INDIRECT(\"'MRO Certificate Printing'!I\"&((ROW()-2)*4)+5)=\"\",\"\",INDIRECT(\"'MRO Certificate Printing'!I\"&((ROW()-2)*4)+5))","v":""},{"$f":"IF(INDIRECT(\"'MRO Certificate Printing'!K\"&((ROW()-2)*4)+5)=\"\",\"\",INDIRECT(\"'MRO Certificate Printing'!K\"&((ROW()-2)*4)+5))","v":""}]
["",{"$f":"IF(INDIRECT(\"'MRO Certificate Printing'!D\"&((ROW()-2)*4)+2)=\"\",\"\",INDIRECT(\"'MRO Certificate Printing'!D\"&((ROW()-2)*4)+2))","v":""},{"$f":"IF(INDIRECT(\"'MRO Certificate Printing'!E\"&((ROW()-2)*4)+2)=\"\",\"\",INDIRECT(\"'MRO Certificate Printing'!E\"&((ROW()-2)*4)+2))","v":""},{"$f":"IF(INDIRECT(\"'MRO Certificate Printing'!F\"&((ROW()-2)*4)+2)=\"\",\"\",INDIRECT(\"'MRO Certificate Printing'!F\"&((ROW()-2)*4)+2))","v":""},{"$f":"IF(INDIRECT(\"'MRO Certificate Printing'!B\"&((ROW()-2)*4)+2)=\"\",\"\",INDIRECT(\"'MRO Certificate Printing'!B\"&((ROW()-2)*4)+2))","v":""},{"$f":"IF(INDIRECT(\"'MRO Certificate Printing'!G\"&((ROW()-2)*4)+2)=\"\",\"\",INDIRECT(\"'MRO Certificate Printing'!G\"&((ROW()-2)*4)+2))","v":""},{"$f":"IF(INDIRECT(\"'MRO Certificate Printing'!J\"&((ROW()-2)*4)+2)=\"\",\"\",INDIRECT(\"'MRO Certificate Printing'!J\"&((ROW()-2)*4)+2))","v":""},{"$f":"IF(INDIRECT(\"'MRO Certificate Printing'!I\"&((ROW()-2)*4)+2)=\"\",\"\",INDIRECT(\"'MRO Certificate Printing'!I\"&((ROW()-2)*4)+2))","v":""},{"$f":"IF(INDIRECT(\"'MRO Certificate Printing'!K\"&((ROW()-2)*4)+2)=\"\",\"\",INDIRECT(\"'MRO Certificate Printing'!K\"&((ROW()-2)*4)+2))","v":""},null,{"$f":"IF(INDIRECT(\"'MRO Certificate Printing'!D\"&((ROW()-2)*4)+3)=\"\",\"\",INDIRECT(\"'MRO Certificate Printing'!D\"&((ROW()-2)*4)+3))","v":""},{"$f":"IF(INDIRECT(\"'MRO Certificate Printing'!E\"&((ROW()-2)*4)+3)=\"\",\"\",INDIRECT(\"'MRO Certificate Printing'!E\"&((ROW()-2)*4)+3))","v":""},{"$f":"IF(INDIRECT(\"'MRO Certificate Printing'!F\"&((ROW()-2)*4)+3)=\"\",\"\",INDIRECT(\"'MRO Certificate Printing'!F\"&((ROW()-2)*4)+3))","v":""},{"$f":"IF(INDIRECT(\"'MRO Certificate Printing'!B\"&((ROW()-2)*4)+3)=\"\",\"\",INDIRECT(\"'MRO Certificate Printing'!B\"&((ROW()-2)*4)+3))","v":""},{"$f":"IF(INDIRECT(\"'MRO Certificate Printing'!G\"&((ROW()-2)*4)+3)=\"\",\"\",INDIRECT(\"'MRO Certificate Printing'!G\"&((ROW()-2)*4)+3))","v":""},{"$f":"IF(INDIRECT(\"'MRO Certificate Printing'!J\"&((ROW()-2)*4)+3)=\"\",\"\",INDIRECT(\"'MRO Certificate Printing'!J\"&((ROW()-2)*4)+3))","v":""},{"$f":"IF(INDIRECT(\"'MRO Certificate Printing'!I\"&((ROW()-2)*4)+3)=\"\",\"\",INDIRECT(\"'MRO Certificate Printing'!I\"&((ROW()-2)*4)+3))","v":""},{"$f":"IF(INDIRECT(\"'MRO Certificate Printing'!K\"&((ROW()-2)*4)+3)=\"\",\"\",INDIRECT(\"'MRO Certificate Printing'!K\"&((ROW()-2)*4)+3))","v":""},null,{"$f":"IF(INDIRECT(\"'MRO Certificate Printing'!D\"&((ROW()-2)*4)+4)=\"\",\"\",INDIRECT(\"'MRO Certificate Printing'!D\"&((ROW()-2)*4)+4))","v":""},{"$f":"IF(INDIRECT(\"'MRO Certificate Printing'!E\"&((ROW()-2)*4)+4)=\"\",\"\",INDIRECT(\"'MRO Certificate Printing'!E\"&((ROW()-2)*4)+4))","v":""},{"$f":"IF(INDIRECT(\"'MRO Certificate Printing'!F\"&((ROW()-2)*4)+4)=\"\",\"\",INDIRECT(\"'MRO Certificate Printing'!F\"&((ROW()-2)*4)+4))","v":""},{"$f":"IF(INDIRECT(\"'MRO Certificate Printing'!B\"&((ROW()-2)*4)+4)=\"\",\"\",INDIRECT(\"'MRO Certificate Printing'!B\"&((ROW()-2)*4)+4))","v":""},{"$f":"IF(INDIRECT(\"'MRO Certificate Printing'!G\"&((ROW()-2)*4)+4)=\"\",\"\",INDIRECT(\"'MRO Certificate Printing'!G\"&((ROW()-2)*4)+4))","v":""},{"$f":"IF(INDIRECT(\"'MRO Certificate Printing'!J\"&((ROW()-2)*4)+4)=\"\",\"\",INDIRECT(\"'MRO Certificate Printing'!J\"&((ROW()-2)*4)+4))","v":""},{"$f":"IF(INDIRECT(\"'MRO Certificate Printing'!I\"&((ROW()-2)*4)+4)=\"\",\"\",INDIRECT(\"'MRO Certificate Printing'!I\"&((ROW()-2)*4)+4))","v":""},{"$f":"IF(INDIRECT(\"'MRO Certificate Printing'!K\"&((ROW()-2)*4)+4)=\"\",\"\",INDIRECT(\"'MRO Certificate Printing'!K\"&((ROW()-2)*4)+4))","v":""},null,{"$f":"IF(INDIRECT(\"'MRO Certificate Printing'!D\"&((ROW()-2)*4)+5)=\"\",\"\",INDIRECT(\"'MRO Certificate Printing'!D\"&((ROW()-2)*4)+5))","v":""},{"$f":"IF(INDIRECT(\"'MRO Certificate Printing'!E\"&((ROW()-2)*4)+5)=\"\",\"\",INDIRECT(\"'MRO Certificate Printing'!E\"&((ROW()-2)*4)+5))","v":""},{"$f":"IF(INDIRECT(\"'MRO Certificate Printing'!F\"&((ROW()-2)*4)+5)=\"\",\"\",INDIRECT(\"'MRO Certificate Printing'!F\"&((ROW()-2)*4)+5))","v":""},{"$f":"IF(INDIRECT(\"'MRO Certificate Printing'!B\"&((ROW()-2)*4)+5)=\"\",\"\",INDIRECT(\"'MRO Certificate Printing'!B\"&((ROW()-2)*4)+5))","v":""},{"$f":"IF(INDIRECT(\"'MRO Certificate Printing'!G\"&((ROW()-2)*4)+5)=\"\",\"\",INDIRECT(\"'MRO Certificate Printing'!G\"&((ROW()-2)*4)+5))","v":""},{"$f":"IF(INDIRECT(\"'MRO Certificate Printing'!J\"&((ROW()-2)*4)+5)=\"\",\"\",INDIRECT(\"'MRO Certificate Printing'!J\"&((ROW()-2)*4)+5))","v":""},{"$f":"IF(INDIRECT(\"'MRO Certificate Printing'!I\"&((ROW()-2)*4)+5)=\"\",\"\",INDIRECT(\"'MRO Certificate Printing'!I\"&((ROW()-2)*4)+5))","v":""},{"$f":"IF(INDIRECT(\"'MRO Certificate Printing'!K\"&((ROW()-2)*4)+5)=\"\",\"\",INDIRECT(\"'MRO Certificate Printing'!K\"&((ROW()-2)*4)+5))","v":""}]
["",{"$f":"IF(INDIRECT(\"'MRO Certificate Printing'!D\"&((ROW()-2)*4)+2)=\"\",\"\",INDIRECT(\"'MRO Certificate Printing'!D\"&((ROW()-2)*4)+2))","v":""},{"$f":"IF(INDIRECT(\"'MRO Certificate Printing'!E\"&((ROW()-2)*4)+2)=\"\",\"\",INDIRECT(\"'MRO Certificate Printing'!E\"&((ROW()-2)*4)+2))","v":""},{"$f":"IF(INDIRECT(\"'MRO Certificate Printing'!F\"&((ROW()-2)*4)+2)=\"\",\"\",INDIRECT(\"'MRO Certificate Printing'!F\"&((ROW()-2)*4)+2))","v":""},{"$f":"IF(INDIRECT(\"'MRO Certificate Printing'!B\"&((ROW()-2)*4)+2)=\"\",\"\",INDIRECT(\"'MRO Certificate Printing'!B\"&((ROW()-2)*4)+2))","v":""},{"$f":"IF(INDIRECT(\"'MRO Certificate Printing'!G\"&((ROW()-2)*4)+2)=\"\",\"\",INDIRECT(\"'MRO Certificate Printing'!G\"&((ROW()-2)*4)+2))","v":""},{"$f":"IF(INDIRECT(\"'MRO Certificate Printing'!J\"&((ROW()-2)*4)+2)=\"\",\"\",INDIRECT(\"'MRO Certificate Printing'!J\"&((ROW()-2)*4)+2))","v":""},{"$f":"IF(INDIRECT(\"'MRO Certificate Printing'!I\"&((ROW()-2)*4)+2)=\"\",\"\",INDIRECT(\"'MRO Certificate Printing'!I\"&((ROW()-2)*4)+2))","v":""},{"$f":"IF(INDIRECT(\"'MRO Certificate Printing'!K\"&((ROW()-2)*4)+2)=\"\",\"\",INDIRECT(\"'MRO Certificate Printing'!K\"&((ROW()-2)*4)+2))","v":""},null,{"$f":"IF(INDIRECT(\"'MRO Certificate Printing'!D\"&((ROW()-2)*4)+3)=\"\",\"\",INDIRECT(\"'MRO Certificate Printing'!D\"&((ROW()-2)*4)+3))","v":""},{"$f":"IF(INDIRECT(\"'MRO Certificate Printing'!E\"&((ROW()-2)*4)+3)=\"\",\"\",INDIRECT(\"'MRO Certificate Printing'!E\"&((ROW()-2)*4)+3))","v":""},{"$f":"IF(INDIRECT(\"'MRO Certificate Printing'!F\"&((ROW()-2)*4)+3)=\"\",\"\",INDIRECT(\"'MRO Certificate Printing'!F\"&((ROW()-2)*4)+3))","v":""},{"$f":"IF(INDIRECT(\"'MRO Certificate Printing'!B\"&((ROW()-2)*4)+3)=\"\",\"\",INDIRECT(\"'MRO Certificate Printing'!B\"&((ROW()-2)*4)+3))","v":""},{"$f":"IF(INDIRECT(\"'MRO Certificate Printing'!G\"&((ROW()-2)*4)+3)=\"\",\"\",INDIRECT(\"'MRO Certificate Printing'!G\"&((ROW()-2)*4)+3))","v":""},{"$f":"IF(INDIRECT(\"'MRO Certificate Printing'!J\"&((ROW()-2)*4)+3)=\"\",\"\",INDIRECT(\"'MRO Certificate Printing'!J\"&((ROW()-2)*4)+3))","v":""},{"$f":"IF(INDIRECT(\"'MRO Certificate Printing'!I\"&((ROW()-2)*4)+3)=\"\",\"\",INDIRECT(\"'MRO Certificate Printing'!I\"&((ROW()-2)*4)+3))","v":""},{"$f":"IF(INDIRECT(\"'MRO Certificate Printing'!K\"&((ROW()-2)*4)+3)=\"\",\"\",INDIRECT(\"'MRO Certificate Printing'!K\"&((ROW()-2)*4)+3))","v":""},null,{"$f":"IF(INDIRECT(\"'MRO Certificate Printing'!D\"&((ROW()-2)*4)+4)=\"\",\"\",INDIRECT(\"'MRO Certificate Printing'!D\"&((ROW()-2)*4)+4))","v":""},{"$f":"IF(INDIRECT(\"'MRO Certificate Printing'!E\"&((ROW()-2)*4)+4)=\"\",\"\",INDIRECT(\"'MRO Certificate Printing'!E\"&((ROW()-2)*4)+4))","v":""},{"$f":"IF(INDIRECT(\"'MRO Certificate Printing'!F\"&((ROW()-2)*4)+4)=\"\",\"\",INDIRECT(\"'MRO Certificate Printing'!F\"&((ROW()-2)*4)+4))","v":""},{"$f":"IF(INDIRECT(\"'MRO Certificate Printing'!B\"&((ROW()-2)*4)+4)=\"\",\"\",INDIRECT(\"'MRO Certificate Printing'!B\"&((ROW()-2)*4)+4))","v":""},{"$f":"IF(INDIRECT(\"'MRO Certificate Printing'!G\"&((ROW()-2)*4)+4)=\"\",\"\",INDIRECT(\"'MRO Certificate Printing'!G\"&((ROW()-2)*4)+4))","v":""},{"$f":"IF(INDIRECT(\"'MRO Certificate Printing'!J\"&((ROW()-2)*4)+4)=\"\",\"\",INDIRECT(\"'MRO Certificate Printing'!J\"&((ROW()-2)*4)+4))","v":""},{"$f":"IF(INDIRECT(\"'MRO Certificate Printing'!I\"&((ROW()-2)*4)+4)=\"\",\"\",INDIRECT(\"'MRO Certificate Printing'!I\"&((ROW()-2)*4)+4))","v":""},{"$f":"IF(INDIRECT(\"'MRO Certificate Printing'!K\"&((ROW()-2)*4)+4)=\"\",\"\",INDIRECT(\"'MRO Certificate Printing'!K\"&((ROW()-2)*4)+4))","v":""},null,{"$f":"IF(INDIRECT(\"'MRO Certificate Printing'!D\"&((ROW()-2)*4)+5)=\"\",\"\",INDIRECT(\"'MRO Certificate Printing'!D\"&((ROW()-2)*4)+5))","v":""},{"$f":"IF(INDIRECT(\"'MRO Certificate Printing'!E\"&((ROW()-2)*4)+5)=\"\",\"\",INDIRECT(\"'MRO Certificate Printing'!E\"&((ROW()-2)*4)+5))","v":""},{"$f":"IF(INDIRECT(\"'MRO Certificate Printing'!F\"&((ROW()-2)*4)+5)=\"\",\"\",INDIRECT(\"'MRO Certificate Printing'!F\"&((ROW()-2)*4)+5))","v":""},{"$f":"IF(INDIRECT(\"'MRO Certificate Printing'!B\"&((ROW()-2)*4)+5)=\"\",\"\",INDIRECT(\"'MRO Certificate Printing'!B\"&((ROW()-2)*4)+5))","v":""},{"$f":"IF(INDIRECT(\"'MRO Certificate Printing'!G\"&((ROW()-2)*4)+5)=\"\",\"\",INDIRECT(\"'MRO Certificate Printing'!G\"&((ROW()-2)*4)+5))","v":""},{"$f":"IF(INDIRECT(\"'MRO Certificate Printing'!J\"&((ROW()-2)*4)+5)=\"\",\"\",INDIRECT(\"'MRO Certificate Printing'!J\"&((ROW()-2)*4)+5))","v":""},{"$f":"IF(INDIRECT(\"'MRO Certificate Printing'!I\"&((ROW()-2)*4)+5)=\"\",\"\",INDIRECT(\"'MRO Certificate Printing'!I\"&((ROW()-2)*4)+5))","v":""},{"$f":"IF(INDIRECT(\"'MRO Certificate Printing'!K\"&((ROW()-2)*4)+5)=\"\",\"\",INDIRECT(\"'MRO Certificate Printing'!K\"&((ROW()-2)*4)+5))","v":""}]
["",{"$f":"IF(INDIRECT(\"'MRO Certificate Printing'!D\"&((ROW()-2)*4)+2)=\"\",\"\",INDIRECT(\"'MRO Certificate Printing'!D\"&((ROW()-2)*4)+2))","v":""},{"$f":"IF(INDIRECT(\"'MRO Certificate Printing'!E\"&((ROW()-2)*4)+2)=\"\",\"\",INDIRECT(\"'MRO Certificate Printing'!E\"&((ROW()-2)*4)+2))","v":""},{"$f":"IF(INDIRECT(\"'MRO Certificate Printing'!F\"&((ROW()-2)*4)+2)=\"\",\"\",INDIRECT(\"'MRO Certificate Printing'!F\"&((ROW()-2)*4)+2))","v":""},{"$f":"IF(INDIRECT(\"'MRO Certificate Printing'!B\"&((ROW()-2)*4)+2)=\"\",\"\",INDIRECT(\"'MRO Certificate Printing'!B\"&((ROW()-2)*4)+2))","v":""},{"$f":"IF(INDIRECT(\"'MRO Certificate Printing'!G\"&((ROW()-2)*4)+2)=\"\",\"\",INDIRECT(\"'MRO Certificate Printing'!G\"&((ROW()-2)*4)+2))","v":""},{"$f":"IF(INDIRECT(\"'MRO Certificate Printing'!J\"&((ROW()-2)*4)+2)=\"\",\"\",INDIRECT(\"'MRO Certificate Printing'!J\"&((ROW()-2)*4)+2))","v":""},{"$f":"IF(INDIRECT(\"'MRO Certificate Printing'!I\"&((ROW()-2)*4)+2)=\"\",\"\",INDIRECT(\"'MRO Certificate Printing'!I\"&((ROW()-2)*4)+2))","v":""},{"$f":"IF(INDIRECT(\"'MRO Certificate Printing'!K\"&((ROW()-2)*4)+2)=\"\",\"\",INDIRECT(\"'MRO Certificate Printing'!K\"&((ROW()-2)*4)+2))","v":""},null,{"$f":"IF(INDIRECT(\"'MRO Certificate Printing'!D\"&((ROW()-2)*4)+3)=\"\",\"\",INDIRECT(\"'MRO Certificate Printing'!D\"&((ROW()-2)*4)+3))","v":""},{"$f":"IF(INDIRECT(\"'MRO Certificate Printing'!E\"&((ROW()-2)*4)+3)=\"\",\"\",INDIRECT(\"'MRO Certificate Printing'!E\"&((ROW()-2)*4)+3))","v":""},{"$f":"IF(INDIRECT(\"'MRO Certificate Printing'!F\"&((ROW()-2)*4)+3)=\"\",\"\",INDIRECT(\"'MRO Certificate Printing'!F\"&((ROW()-2)*4)+3))","v":""},{"$f":"IF(INDIRECT(\"'MRO Certificate Printing'!B\"&((ROW()-2)*4)+3)=\"\",\"\",INDIRECT(\"'MRO Certificate Printing'!B\"&((ROW()-2)*4)+3))","v":""},{"$f":"IF(INDIRECT(\"'MRO Certificate Printing'!G\"&((ROW()-2)*4)+3)=\"\",\"\",INDIRECT(\"'MRO Certificate Printing'!G\"&((ROW()-2)*4)+3))","v":""},{"$f":"IF(INDIRECT(\"'MRO Certificate Printing'!J\"&((ROW()-2)*4)+3)=\"\",\"\",INDIRECT(\"'MRO Certificate Printing'!J\"&((ROW()-2)*4)+3))","v":""},{"$f":"IF(INDIRECT(\"'MRO Certificate Printing'!I\"&((ROW()-2)*4)+3)=\"\",\"\",INDIRECT(\"'MRO Certificate Printing'!I\"&((ROW()-2)*4)+3))","v":""},{"$f":"IF(INDIRECT(\"'MRO Certificate Printing'!K\"&((ROW()-2)*4)+3)=\"\",\"\",INDIRECT(\"'MRO Certificate Printing'!K\"&((ROW()-2)*4)+3))","v":""},null,{"$f":"IF(INDIRECT(\"'MRO Certificate Printing'!D\"&((ROW()-2)*4)+4)=\"\",\"\",INDIRECT(\"'MRO Certificate Printing'!D\"&((ROW()-2)*4)+4))","v":""},{"$f":"IF(INDIRECT(\"'MRO Certificate Printing'!E\"&((ROW()-2)*4)+4)=\"\",\"\",INDIRECT(\"'MRO Certificate Printing'!E\"&((ROW()-2)*4)+4))","v":""},{"$f":"IF(INDIRECT(\"'MRO Certificate Printing'!F\"&((ROW()-2)*4)+4)=\"\",\"\",INDIRECT(\"'MRO Certificate Printing'!F\"&((ROW()-2)*4)+4))","v":""},{"$f":"IF(INDIRECT(\"'MRO Certificate Printing'!B\"&((ROW()-2)*4)+4)=\"\",\"\",INDIRECT(\"'MRO Certificate Printing'!B\"&((ROW()-2)*4)+4))","v":""},{"$f":"IF(INDIRECT(\"'MRO Certificate Printing'!G\"&((ROW()-2)*4)+4)=\"\",\"\",INDIRECT(\"'MRO Certificate Printing'!G\"&((ROW()-2)*4)+4))","v":""},{"$f":"IF(INDIRECT(\"'MRO Certificate Printing'!J\"&((ROW()-2)*4)+4)=\"\",\"\",INDIRECT(\"'MRO Certificate Printing'!J\"&((ROW()-2)*4)+4))","v":""},{"$f":"IF(INDIRECT(\"'MRO Certificate Printing'!I\"&((ROW()-2)*4)+4)=\"\",\"\",INDIRECT(\"'MRO Certificate Printing'!I\"&((ROW()-2)*4)+4))","v":""},{"$f":"IF(INDIRECT(\"'MRO Certificate Printing'!K\"&((ROW()-2)*4)+4)=\"\",\"\",INDIRECT(\"'MRO Certificate Printing'!K\"&((ROW()-2)*4)+4))","v":""},null,{"$f":"IF(INDIRECT(\"'MRO Certificate Printing'!D\"&((ROW()-2)*4)+5)=\"\",\"\",INDIRECT(\"'MRO Certificate Printing'!D\"&((ROW()-2)*4)+5))","v":""},{"$f":"IF(INDIRECT(\"'MRO Certificate Printing'!E\"&((ROW()-2)*4)+5)=\"\",\"\",INDIRECT(\"'MRO Certificate Printing'!E\"&((ROW()-2)*4)+5))","v":""},{"$f":"IF(INDIRECT(\"'MRO Certificate Printing'!F\"&((ROW()-2)*4)+5)=\"\",\"\",INDIRECT(\"'MRO Certificate Printing'!F\"&((ROW()-2)*4)+5))","v":""},{"$f":"IF(INDIRECT(\"'MRO Certificate Printing'!B\"&((ROW()-2)*4)+5)=\"\",\"\",INDIRECT(\"'MRO Certificate Printing'!B\"&((ROW()-2)*4)+5))","v":""},{"$f":"IF(INDIRECT(\"'MRO Certificate Printing'!G\"&((ROW()-2)*4)+5)=\"\",\"\",INDIRECT(\"'MRO Certificate Printing'!G\"&((ROW()-2)*4)+5))","v":""},{"$f":"IF(INDIRECT(\"'MRO Certificate Printing'!J\"&((ROW()-2)*4)+5)=\"\",\"\",INDIRECT(\"'MRO Certificate Printing'!J\"&((ROW()-2)*4)+5))","v":""},{"$f":"IF(INDIRECT(\"'MRO Certificate Printing'!I\"&((ROW()-2)*4)+5)=\"\",\"\",INDIRECT(\"'MRO Certificate Printing'!I\"&((ROW()-2)*4)+5))","v":""},{"$f":"IF(INDIRECT(\"'MRO Certificate Printing'!K\"&((ROW()-2)*4)+5)=\"\",\"\",INDIRECT(\"'MRO Certificate Printing'!K\"&((ROW()-2)*4)+5))","v":""}]
["",{"$f":"IF(INDIRECT(\"'MRO Certificate Printing'!D\"&((ROW()-2)*4)+2)=\"\",\"\",INDIRECT(\"'MRO Certificate Printing'!D\"&((ROW()-2)*4)+2))","v":""},{"$f":"IF(INDIRECT(\"'MRO Certificate Printing'!E\"&((ROW()-2)*4)+2)=\"\",\"\",INDIRECT(\"'MRO Certificate Printing'!E\"&((ROW()-2)*4)+2))","v":""},{"$f":"IF(INDIRECT(\"'MRO Certificate Printing'!F\"&((ROW()-2)*4)+2)=\"\",\"\",INDIRECT(\"'MRO Certificate Printing'!F\"&((ROW()-2)*4)+2))","v":""},{"$f":"IF(INDIRECT(\"'MRO Certificate Printing'!B\"&((ROW()-2)*4)+2)=\"\",\"\",INDIRECT(\"'MRO Certificate Printing'!B\"&((ROW()-2)*4)+2))","v":""},{"$f":"IF(INDIRECT(\"'MRO Certificate Printing'!G\"&((ROW()-2)*4)+2)=\"\",\"\",INDIRECT(\"'MRO Certificate Printing'!G\"&((ROW()-2)*4)+2))","v":""},{"$f":"IF(INDIRECT(\"'MRO Certificate Printing'!J\"&((ROW()-2)*4)+2)=\"\",\"\",INDIRECT(\"'MRO Certificate Printing'!J\"&((ROW()-2)*4)+2))","v":""},{"$f":"IF(INDIRECT(\"'MRO Certificate Printing'!I\"&((ROW()-2)*4)+2)=\"\",\"\",INDIRECT(\"'MRO Certificate Printing'!I\"&((ROW()-2)*4)+2))","v":""},{"$f":"IF(INDIRECT(\"'MRO Certificate Printing'!K\"&((ROW()-2)*4)+2)=\"\",\"\",INDIRECT(\"'MRO Certificate Printing'!K\"&((ROW()-2)*4)+2))","v":""},null,{"$f":"IF(INDIRECT(\"'MRO Certificate Printing'!D\"&((ROW()-2)*4)+3)=\"\",\"\",INDIRECT(\"'MRO Certificate Printing'!D\"&((ROW()-2)*4)+3))","v":""},{"$f":"IF(INDIRECT(\"'MRO Certificate Printing'!E\"&((ROW()-2)*4)+3)=\"\",\"\",INDIRECT(\"'MRO Certificate Printing'!E\"&((ROW()-2)*4)+3))","v":""},{"$f":"IF(INDIRECT(\"'MRO Certificate Printing'!F\"&((ROW()-2)*4)+3)=\"\",\"\",INDIRECT(\"'MRO Certificate Printing'!F\"&((ROW()-2)*4)+3))","v":""},{"$f":"IF(INDIRECT(\"'MRO Certificate Printing'!B\"&((ROW()-2)*4)+3)=\"\",\"\",INDIRECT(\"'MRO Certificate Printing'!B\"&((ROW()-2)*4)+3))","v":""},{"$f":"IF(INDIRECT(\"'MRO Certificate Printing'!G\"&((ROW()-2)*4)+3)=\"\",\"\",INDIRECT(\"'MRO Certificate Printing'!G\"&((ROW()-2)*4)+3))","v":""},{"$f":"IF(INDIRECT(\"'MRO Certificate Printing'!J\"&((ROW()-2)*4)+3)=\"\",\"\",INDIRECT(\"'MRO Certificate Printing'!J\"&((ROW()-2)*4)+3))","v":""},{"$f":"IF(INDIRECT(\"'MRO Certificate Printing'!I\"&((ROW()-2)*4)+3)=\"\",\"\",INDIRECT(\"'MRO Certificate Printing'!I\"&((ROW()-2)*4)+3))","v":""},{"$f":"IF(INDIRECT(\"'MRO Certificate Printing'!K\"&((ROW()-2)*4)+3)=\"\",\"\",INDIRECT(\"'MRO Certificate Printing'!K\"&((ROW()-2)*4)+3))","v":""},null,{"$f":"IF(INDIRECT(\"'MRO Certificate Printing'!D\"&((ROW()-2)*4)+4)=\"\",\"\",INDIRECT(\"'MRO Certificate Printing'!D\"&((ROW()-2)*4)+4))","v":""},{"$f":"IF(INDIRECT(\"'MRO Certificate Printing'!E\"&((ROW()-2)*4)+4)=\"\",\"\",INDIRECT(\"'MRO Certificate Printing'!E\"&((ROW()-2)*4)+4))","v":""},{"$f":"IF(INDIRECT(\"'MRO Certificate Printing'!F\"&((ROW()-2)*4)+4)=\"\",\"\",INDIRECT(\"'MRO Certificate Printing'!F\"&((ROW()-2)*4)+4))","v":""},{"$f":"IF(INDIRECT(\"'MRO Certificate Printing'!B\"&((ROW()-2)*4)+4)=\"\",\"\",INDIRECT(\"'MRO Certificate Printing'!B\"&((ROW()-2)*4)+4))","v":""},{"$f":"IF(INDIRECT(\"'MRO Certificate Printing'!G\"&((ROW()-2)*4)+4)=\"\",\"\",INDIRECT(\"'MRO Certificate Printing'!G\"&((ROW()-2)*4)+4))","v":""},{"$f":"IF(INDIRECT(\"'MRO Certificate Printing'!J\"&((ROW()-2)*4)+4)=\"\",\"\",INDIRECT(\"'MRO Certificate Printing'!J\"&((ROW()-2)*4)+4))","v":""},{"$f":"IF(INDIRECT(\"'MRO Certificate Printing'!I\"&((ROW()-2)*4)+4)=\"\",\"\",INDIRECT(\"'MRO Certificate Printing'!I\"&((ROW()-2)*4)+4))","v":""},{"$f":"IF(INDIRECT(\"'MRO Certificate Printing'!K\"&((ROW()-2)*4)+4)=\"\",\"\",INDIRECT(\"'MRO Certificate Printing'!K\"&((ROW()-2)*4)+4))","v":""},null,{"$f":"IF(INDIRECT(\"'MRO Certificate Printing'!D\"&((ROW()-2)*4)+5)=\"\",\"\",INDIRECT(\"'MRO Certificate Printing'!D\"&((ROW()-2)*4)+5))","v":""},{"$f":"IF(INDIRECT(\"'MRO Certificate Printing'!E\"&((ROW()-2)*4)+5)=\"\",\"\",INDIRECT(\"'MRO Certificate Printing'!E\"&((ROW()-2)*4)+5))","v":""},{"$f":"IF(INDIRECT(\"'MRO Certificate Printing'!F\"&((ROW()-2)*4)+5)=\"\",\"\",INDIRECT(\"'MRO Certificate Printing'!F\"&((ROW()-2)*4)+5))","v":""},{"$f":"IF(INDIRECT(\"'MRO Certificate Printing'!B\"&((ROW()-2)*4)+5)=\"\",\"\",INDIRECT(\"'MRO Certificate Printing'!B\"&((ROW()-2)*4)+5))","v":""},{"$f":"IF(INDIRECT(\"'MRO Certificate Printing'!G\"&((ROW()-2)*4)+5)=\"\",\"\",INDIRECT(\"'MRO Certificate Printing'!G\"&((ROW()-2)*4)+5))","v":""},{"$f":"IF(INDIRECT(\"'MRO Certificate Printing'!J\"&((ROW()-2)*4)+5)=\"\",\"\",INDIRECT(\"'MRO Certificate Printing'!J\"&((ROW()-2)*4)+5))","v":""},{"$f":"IF(INDIRECT(\"'MRO Certificate Printing'!I\"&((ROW()-2)*4)+5)=\"\",\"\",INDIRECT(\"'MRO Certificate Printing'!I\"&((ROW()-2)*4)+5))","v":""},{"$f":"IF(INDIRECT(\"'MRO Certificate Printing'!K\"&((ROW()-2)*4)+5)=\"\",\"\",INDIRECT(\"'MRO Certificate Printing'!K\"&((ROW()-2)*4)+5))","v":""}]
["",{"$f":"IF(INDIRECT(\"'MRO Certificate Printing'!D\"&((ROW()-2)*4)+2)=\"\",\"\",INDIRECT(\"'MRO Certificate Printing'!D\"&((ROW()-2)*4)+2))","v":""},{"$f":"IF(INDIRECT(\"'MRO Certificate Printing'!E\"&((ROW()-2)*4)+2)=\"\",\"\",INDIRECT(\"'MRO Certificate Printing'!E\"&((ROW()-2)*4)+2))","v":""},{"$f":"IF(INDIRECT(\"'MRO Certificate Printing'!F\"&((ROW()-2)*4)+2)=\"\",\"\",INDIRECT(\"'MRO Certificate Printing'!F\"&((ROW()-2)*4)+2))","v":""},{"$f":"IF(INDIRECT(\"'MRO Certificate Printing'!B\"&((ROW()-2)*4)+2)=\"\",\"\",INDIRECT(\"'MRO Certificate Printing'!B\"&((ROW()-2)*4)+2))","v":""},{"$f":"IF(INDIRECT(\"'MRO Certificate Printing'!G\"&((ROW()-2)*4)+2)=\"\",\"\",INDIRECT(\"'MRO Certificate Printing'!G\"&((ROW()-2)*4)+2))","v":""},{"$f":"IF(INDIRECT(\"'MRO Certificate Printing'!J\"&((ROW()-2)*4)+2)=\"\",\"\",INDIRECT(\"'MRO Certificate Printing'!J\"&((ROW()-2)*4)+2))","v":""},{"$f":"IF(INDIRECT(\"'MRO Certificate Printing'!I\"&((ROW()-2)*4)+2)=\"\",\"\",INDIRECT(\"'MRO Certificate Printing'!I\"&((ROW()-2)*4)+2))","v":""},{"$f":"IF(INDIRECT(\"'MRO Certificate Printing'!K\"&((ROW()-2)*4)+2)=\"\",\"\",INDIRECT(\"'MRO Certificate Printing'!K\"&((ROW()-2)*4)+2))","v":""},null,{"$f":"IF(INDIRECT(\"'MRO Certificate Printing'!D\"&((ROW()-2)*4)+3)=\"\",\"\",INDIRECT(\"'MRO Certificate Printing'!D\"&((ROW()-2)*4)+3))","v":""},{"$f":"IF(INDIRECT(\"'MRO Certificate Printing'!E\"&((ROW()-2)*4)+3)=\"\",\"\",INDIRECT(\"'MRO Certificate Printing'!E\"&((ROW()-2)*4)+3))","v":""},{"$f":"IF(INDIRECT(\"'MRO Certificate Printing'!F\"&((ROW()-2)*4)+3)=\"\",\"\",INDIRECT(\"'MRO Certificate Printing'!F\"&((ROW()-2)*4)+3))","v":""},{"$f":"IF(INDIRECT(\"'MRO Certificate Printing'!B\"&((ROW()-2)*4)+3)=\"\",\"\",INDIRECT(\"'MRO Certificate Printing'!B\"&((ROW()-2)*4)+3))","v":""},{"$f":"IF(INDIRECT(\"'MRO Certificate Printing'!G\"&((ROW()-2)*4)+3)=\"\",\"\",INDIRECT(\"'MRO Certificate Printing'!G\"&((ROW()-2)*4)+3))","v":""},{"$f":"IF(INDIRECT(\"'MRO Certificate Printing'!J\"&((ROW()-2)*4)+3)=\"\",\"\",INDIRECT(\"'MRO Certificate Printing'!J\"&((ROW()-2)*4)+3))","v":""},{"$f":"IF(INDIRECT(\"'MRO Certificate Printing'!I\"&((ROW()-2)*4)+3)=\"\",\"\",INDIRECT(\"'MRO Certificate Printing'!I\"&((ROW()-2)*4)+3))","v":""},{"$f":"IF(INDIRECT(\"'MRO Certificate Printing'!K\"&((ROW()-2)*4)+3)=\"\",\"\",INDIRECT(\"'MRO Certificate Printing'!K\"&((ROW()-2)*4)+3))","v":""},null,{"$f":"IF(INDIRECT(\"'MRO Certificate Printing'!D\"&((ROW()-2)*4)+4)=\"\",\"\",INDIRECT(\"'MRO Certificate Printing'!D\"&((ROW()-2)*4)+4))","v":""},{"$f":"IF(INDIRECT(\"'MRO Certificate Printing'!E\"&((ROW()-2)*4)+4)=\"\",\"\",INDIRECT(\"'MRO Certificate Printing'!E\"&((ROW()-2)*4)+4))","v":""},{"$f":"IF(INDIRECT(\"'MRO Certificate Printing'!F\"&((ROW()-2)*4)+4)=\"\",\"\",INDIRECT(\"'MRO Certificate Printing'!F\"&((ROW()-2)*4)+4))","v":""},{"$f":"IF(INDIRECT(\"'MRO Certificate Printing'!B\"&((ROW()-2)*4)+4)=\"\",\"\",INDIRECT(\"'MRO Certificate Printing'!B\"&((ROW()-2)*4)+4))","v":""},{"$f":"IF(INDIRECT(\"'MRO Certificate Printing'!G\"&((ROW()-2)*4)+4)=\"\",\"\",INDIRECT(\"'MRO Certificate Printing'!G\"&((ROW()-2)*4)+4))","v":""},{"$f":"IF(INDIRECT(\"'MRO Certificate Printing'!J\"&((ROW()-2)*4)+4)=\"\",\"\",INDIRECT(\"'MRO Certificate Printing'!J\"&((ROW()-2)*4)+4))","v":""},{"$f":"IF(INDIRECT(\"'MRO Certificate Printing'!I\"&((ROW()-2)*4)+4)=\"\",\"\",INDIRECT(\"'MRO Certificate Printing'!I\"&((ROW()-2)*4)+4))","v":""},{"$f":"IF(INDIRECT(\"'MRO Certificate Printing'!K\"&((ROW()-2)*4)+4)=\"\",\"\",INDIRECT(\"'MRO Certificate Printing'!K\"&((ROW()-2)*4)+4))","v":""},null,{"$f":"IF(INDIRECT(\"'MRO Certificate Printing'!D\"&((ROW()-2)*4)+5)=\"\",\"\",INDIRECT(\"'MRO Certificate Printing'!D\"&((ROW()-2)*4)+5))","v":""},{"$f":"IF(INDIRECT(\"'MRO Certificate Printing'!E\"&((ROW()-2)*4)+5)=\"\",\"\",INDIRECT(\"'MRO Certificate Printing'!E\"&((ROW()-2)*4)+5))","v":""},{"$f":"IF(INDIRECT(\"'MRO Certificate Printing'!F\"&((ROW()-2)*4)+5)=\"\",\"\",INDIRECT(\"'MRO Certificate Printing'!F\"&((ROW()-2)*4)+5))","v":""},{"$f":"IF(INDIRECT(\"'MRO Certificate Printing'!B\"&((ROW()-2)*4)+5)=\"\",\"\",INDIRECT(\"'MRO Certificate Printing'!B\"&((ROW()-2)*4)+5))","v":""},{"$f":"IF(INDIRECT(\"'MRO Certificate Printing'!G\"&((ROW()-2)*4)+5)=\"\",\"\",INDIRECT(\"'MRO Certificate Printing'!G\"&((ROW()-2)*4)+5))","v":""},{"$f":"IF(INDIRECT(\"'MRO Certificate Printing'!J\"&((ROW()-2)*4)+5)=\"\",\"\",INDIRECT(\"'MRO Certificate Printing'!J\"&((ROW()-2)*4)+5))","v":""},{"$f":"IF(INDIRECT(\"'MRO Certificate Printing'!I\"&((ROW()-2)*4)+5)=\"\",\"\",INDIRECT(\"'MRO Certificate Printing'!I\"&((ROW()-2)*4)+5))","v":""},{"$f":"IF(INDIRECT(\"'MRO Certificate Printing'!K\"&((ROW()-2)*4)+5)=\"\",\"\",INDIRECT(\"'MRO Certificate Printing'!K\"&((ROW()-2)*4)+5))","v":""}]
["",{"$f":"IF(INDIRECT(\"'MRO Certificate Printing'!D\"&((ROW()-2)*4)+2)=\"\",\"\",INDIRECT(\"'MRO Certificate Printing'!D\"&((ROW()-2)*4)+2))","v":""},{"$f":"IF(INDIRECT(\"'MRO Certificate Printing'!E\"&((ROW()-2)*4)+2)=\"\",\"\",INDIRECT(\"'MRO Certificate Printing'!E\"&((ROW()-2)*4)+2))","v":""},{"$f":"IF(INDIRECT(\"'MRO Certificate Printing'!F\"&((ROW()-2)*4)+2)=\"\",\"\",INDIRECT(\"'MRO Certificate Printing'!F\"&((ROW()-2)*4)+2))","v":""},{"$f":"IF(INDIRECT(\"'MRO Certificate Printing'!B\"&((ROW()-2)*4)+2)=\"\",\"\",INDIRECT(\"'MRO Certificate Printing'!B\"&((ROW()-2)*4)+2))","v":""},{"$f":"IF(INDIRECT(\"'MRO Certificate Printing'!G\"&((ROW()-2)*4)+2)=\"\",\"\",INDIRECT(\"'MRO Certificate Printing'!G\"&((ROW()-2)*4)+2))","v":""},{"$f":"IF(INDIRECT(\"'MRO Certificate Printing'!J\"&((ROW()-2)*4)+2)=\"\",\"\",INDIRECT(\"'MRO Certificate Printing'!J\"&((ROW()-2)*4)+2))","v":""},{"$f":"IF(INDIRECT(\"'MRO Certificate Printing'!I\"&((ROW()-2)*4)+2)=\"\",\"\",INDIRECT(\"'MRO Certificate Printing'!I\"&((ROW()-2)*4)+2))","v":""},{"$f":"IF(INDIRECT(\"'MRO Certificate Printing'!K\"&((ROW()-2)*4)+2)=\"\",\"\",INDIRECT(\"'MRO Certificate Printing'!K\"&((ROW()-2)*4)+2))","v":""},null,{"$f":"IF(INDIRECT(\"'MRO Certificate Printing'!D\"&((ROW()-2)*4)+3)=\"\",\"\",INDIRECT(\"'MRO Certificate Printing'!D\"&((ROW()-2)*4)+3))","v":""},{"$f":"IF(INDIRECT(\"'MRO Certificate Printing'!E\"&((ROW()-2)*4)+3)=\"\",\"\",INDIRECT(\"'MRO Certificate Printing'!E\"&((ROW()-2)*4)+3))","v":""},{"$f":"IF(INDIRECT(\"'MRO Certificate Printing'!F\"&((ROW()-2)*4)+3)=\"\",\"\",INDIRECT(\"'MRO Certificate Printing'!F\"&((ROW()-2)*4)+3))","v":""},{"$f":"IF(INDIRECT(\"'MRO Certificate Printing'!B\"&((ROW()-2)*4)+3)=\"\",\"\",INDIRECT(\"'MRO Certificate Printing'!B\"&((ROW()-2)*4)+3))","v":""},{"$f":"IF(INDIRECT(\"'MRO Certificate Printing'!G\"&((ROW()-2)*4)+3)=\"\",\"\",INDIRECT(\"'MRO Certificate Printing'!G\"&((ROW()-2)*4)+3))","v":""},{"$f":"IF(INDIRECT(\"'MRO Certificate Printing'!J\"&((ROW()-2)*4)+3)=\"\",\"\",INDIRECT(\"'MRO Certificate Printing'!J\"&((ROW()-2)*4)+3))","v":""},{"$f":"IF(INDIRECT(\"'MRO Certificate Printing'!I\"&((ROW()-2)*4)+3)=\"\",\"\",INDIRECT(\"'MRO Certificate Printing'!I\"&((ROW()-2)*4)+3))","v":""},{"$f":"IF(INDIRECT(\"'MRO Certificate Printing'!K\"&((ROW()-2)*4)+3)=\"\",\"\",INDIRECT(\"'MRO Certificate Printing'!K\"&((ROW()-2)*4)+3))","v":""},null,{"$f":"IF(INDIRECT(\"'MRO Certificate Printing'!D\"&((ROW()-2)*4)+4)=\"\",\"\",INDIRECT(\"'MRO Certificate Printing'!D\"&((ROW()-2)*4)+4))","v":""},{"$f":"IF(INDIRECT(\"'MRO Certificate Printing'!E\"&((ROW()-2)*4)+4)=\"\",\"\",INDIRECT(\"'MRO Certificate Printing'!E\"&((ROW()-2)*4)+4))","v":""},{"$f":"IF(INDIRECT(\"'MRO Certificate Printing'!F\"&((ROW()-2)*4)+4)=\"\",\"\",INDIRECT(\"'MRO Certificate Printing'!F\"&((ROW()-2)*4)+4))","v":""},{"$f":"IF(INDIRECT(\"'MRO Certificate Printing'!B\"&((ROW()-2)*4)+4)=\"\",\"\",INDIRECT(\"'MRO Certificate Printing'!B\"&((ROW()-2)*4)+4))","v":""},{"$f":"IF(INDIRECT(\"'MRO Certificate Printing'!G\"&((ROW()-2)*4)+4)=\"\",\"\",INDIRECT(\"'MRO Certificate Printing'!G\"&((ROW()-2)*4)+4))","v":""},{"$f":"IF(INDIRECT(\"'MRO Certificate Printing'!J\"&((ROW()-2)*4)+4)=\"\",\"\",INDIRECT(\"'MRO Certificate Printing'!J\"&((ROW()-2)*4)+4))","v":""},{"$f":"IF(INDIRECT(\"'MRO Certificate Printing'!I\"&((ROW()-2)*4)+4)=\"\",\"\",INDIRECT(\"'MRO Certificate Printing'!I\"&((ROW()-2)*4)+4))","v":""},{"$f":"IF(INDIRECT(\"'MRO Certificate Printing'!K\"&((ROW()-2)*4)+4)=\"\",\"\",INDIRECT(\"'MRO Certificate Printing'!K\"&((ROW()-2)*4)+4))","v":""},null,{"$f":"IF(INDIRECT(\"'MRO Certificate Printing'!D\"&((ROW()-2)*4)+5)=\"\",\"\",INDIRECT(\"'MRO Certificate Printing'!D\"&((ROW()-2)*4)+5))","v":""},{"$f":"IF(INDIRECT(\"'MRO Certificate Printing'!E\"&((ROW()-2)*4)+5)=\"\",\"\",INDIRECT(\"'MRO Certificate Printing'!E\"&((ROW()-2)*4)+5))","v":""},{"$f":"IF(INDIRECT(\"'MRO Certificate Printing'!F\"&((ROW()-2)*4)+5)=\"\",\"\",INDIRECT(\"'MRO Certificate Printing'!F\"&((ROW()-2)*4)+5))","v":""},{"$f":"IF(INDIRECT(\"'MRO Certificate Printing'!B\"&((ROW()-2)*4)+5)=\"\",\"\",INDIRECT(\"'MRO Certificate Printing'!B\"&((ROW()-2)*4)+5))","v":""},{"$f":"IF(INDIRECT(\"'MRO Certificate Printing'!G\"&((ROW()-2)*4)+5)=\"\",\"\",INDIRECT(\"'MRO Certificate Printing'!G\"&((ROW()-2)*4)+5))","v":""},{"$f":"IF(INDIRECT(\"'MRO Certificate Printing'!J\"&((ROW()-2)*4)+5)=\"\",\"\",INDIRECT(\"'MRO Certificate Printing'!J\"&((ROW()-2)*4)+5))","v":""},{"$f":"IF(INDIRECT(\"'MRO Certificate Printing'!I\"&((ROW()-2)*4)+5)=\"\",\"\",INDIRECT(\"'MRO Certificate Printing'!I\"&((ROW()-2)*4)+5))","v":""},{"$f":"IF(INDIRECT(\"'MRO Certificate Printing'!K\"&((ROW()-2)*4)+5)=\"\",\"\",INDIRECT(\"'MRO Certificate Printing'!K\"&((ROW()-2)*4)+5))","v":""}]
["",{"$f":"IF(INDIRECT(\"'MRO Certificate Printing'!D\"&((ROW()-2)*4)+2)=\"\",\"\",INDIRECT(\"'MRO Certificate Printing'!D\"&((ROW()-2)*4)+2))","v":""},{"$f":"IF(INDIRECT(\"'MRO Certificate Printing'!E\"&((ROW()-2)*4)+2)=\"\",\"\",INDIRECT(\"'MRO Certificate Printing'!E\"&((ROW()-2)*4)+2))","v":""},{"$f":"IF(INDIRECT(\"'MRO Certificate Printing'!F\"&((ROW()-2)*4)+2)=\"\",\"\",INDIRECT(\"'MRO Certificate Printing'!F\"&((ROW()-2)*4)+2))","v":""},{"$f":"IF(INDIRECT(\"'MRO Certificate Printing'!B\"&((ROW()-2)*4)+2)=\"\",\"\",INDIRECT(\"'MRO Certificate Printing'!B\"&((ROW()-2)*4)+2))","v":""},{"$f":"IF(INDIRECT(\"'MRO Certificate Printing'!G\"&((ROW()-2)*4)+2)=\"\",\"\",INDIRECT(\"'MRO Certificate Printing'!G\"&((ROW()-2)*4)+2))","v":""},{"$f":"IF(INDIRECT(\"'MRO Certificate Printing'!J\"&((ROW()-2)*4)+2)=\"\",\"\",INDIRECT(\"'MRO Certificate Printing'!J\"&((ROW()-2)*4)+2))","v":""},{"$f":"IF(INDIRECT(\"'MRO Certificate Printing'!I\"&((ROW()-2)*4)+2)=\"\",\"\",INDIRECT(\"'MRO Certificate Printing'!I\"&((ROW()-2)*4)+2))","v":""},{"$f":"IF(INDIRECT(\"'MRO Certificate Printing'!K\"&((ROW()-2)*4)+2)=\"\",\"\",INDIRECT(\"'MRO Certificate Printing'!K\"&((ROW()-2)*4)+2))","v":""},null,{"$f":"IF(INDIRECT(\"'MRO Certificate Printing'!D\"&((ROW()-2)*4)+3)=\"\",\"\",INDIRECT(\"'MRO Certificate Printing'!D\"&((ROW()-2)*4)+3))","v":""},{"$f":"IF(INDIRECT(\"'MRO Certificate Printing'!E\"&((ROW()-2)*4)+3)=\"\",\"\",INDIRECT(\"'MRO Certificate Printing'!E\"&((ROW()-2)*4)+3))","v":""},{"$f":"IF(INDIRECT(\"'MRO Certificate Printing'!F\"&((ROW()-2)*4)+3)=\"\",\"\",INDIRECT(\"'MRO Certificate Printing'!F\"&((ROW()-2)*4)+3))","v":""},{"$f":"IF(INDIRECT(\"'MRO Certificate Printing'!B\"&((ROW()-2)*4)+3)=\"\",\"\",INDIRECT(\"'MRO Certificate Printing'!B\"&((ROW()-2)*4)+3))","v":""},{"$f":"IF(INDIRECT(\"'MRO Certificate Printing'!G\"&((ROW()-2)*4)+3)=\"\",\"\",INDIRECT(\"'MRO Certificate Printing'!G\"&((ROW()-2)*4)+3))","v":""},{"$f":"IF(INDIRECT(\"'MRO Certificate Printing'!J\"&((ROW()-2)*4)+3)=\"\",\"\",INDIRECT(\"'MRO Certificate Printing'!J\"&((ROW()-2)*4)+3))","v":""},{"$f":"IF(INDIRECT(\"'MRO Certificate Printing'!I\"&((ROW()-2)*4)+3)=\"\",\"\",INDIRECT(\"'MRO Certificate Printing'!I\"&((ROW()-2)*4)+3))","v":""},{"$f":"IF(INDIRECT(\"'MRO Certificate Printing'!K\"&((ROW()-2)*4)+3)=\"\",\"\",INDIRECT(\"'MRO Certificate Printing'!K\"&((ROW()-2)*4)+3))","v":""},null,{"$f":"IF(INDIRECT(\"'MRO Certificate Printing'!D\"&((ROW()-2)*4)+4)=\"\",\"\",INDIRECT(\"'MRO Certificate Printing'!D\"&((ROW()-2)*4)+4))","v":""},{"$f":"IF(INDIRECT(\"'MRO Certificate Printing'!E\"&((ROW()-2)*4)+4)=\"\",\"\",INDIRECT(\"'MRO Certificate Printing'!E\"&((ROW()-2)*4)+4))","v":""},{"$f":"IF(INDIRECT(\"'MRO Certificate Printing'!F\"&((ROW()-2)*4)+4)=\"\",\"\",INDIRECT(\"'MRO Certificate Printing'!F\"&((ROW()-2)*4)+4))","v":""},{"$f":"IF(INDIRECT(\"'MRO Certificate Printing'!B\"&((ROW()-2)*4)+4)=\"\",\"\",INDIRECT(\"'MRO Certificate Printing'!B\"&((ROW()-2)*4)+4))","v":""},{"$f":"IF(INDIRECT(\"'MRO Certificate Printing'!G\"&((ROW()-2)*4)+4)=\"\",\"\",INDIRECT(\"'MRO Certificate Printing'!G\"&((ROW()-2)*4)+4))","v":""},{"$f":"IF(INDIRECT(\"'MRO Certificate Printing'!J\"&((ROW()-2)*4)+4)=\"\",\"\",INDIRECT(\"'MRO Certificate Printing'!J\"&((ROW()-2)*4)+4))","v":""},{"$f":"IF(INDIRECT(\"'MRO Certificate Printing'!I\"&((ROW()-2)*4)+4)=\"\",\"\",INDIRECT(\"'MRO Certificate Printing'!I\"&((ROW()-2)*4)+4))","v":""},{"$f":"IF(INDIRECT(\"'MRO Certificate Printing'!K\"&((ROW()-2)*4)+4)=\"\",\"\",INDIRECT(\"'MRO Certificate Printing'!K\"&((ROW()-2)*4)+4))","v":""},null,{"$f":"IF(INDIRECT(\"'MRO Certificate Printing'!D\"&((ROW()-2)*4)+5)=\"\",\"\",INDIRECT(\"'MRO Certificate Printing'!D\"&((ROW()-2)*4)+5))","v":""},{"$f":"IF(INDIRECT(\"'MRO Certificate Printing'!E\"&((ROW()-2)*4)+5)=\"\",\"\",INDIRECT(\"'MRO Certificate Printing'!E\"&((ROW()-2)*4)+5))","v":""},{"$f":"IF(INDIRECT(\"'MRO Certificate Printing'!F\"&((ROW()-2)*4)+5)=\"\",\"\",INDIRECT(\"'MRO Certificate Printing'!F\"&((ROW()-2)*4)+5))","v":""},{"$f":"IF(INDIRECT(\"'MRO Certificate Printing'!B\"&((ROW()-2)*4)+5)=\"\",\"\",INDIRECT(\"'MRO Certificate Printing'!B\"&((ROW()-2)*4)+5))","v":""},{"$f":"IF(INDIRECT(\"'MRO Certificate Printing'!G\"&((ROW()-2)*4)+5)=\"\",\"\",INDIRECT(\"'MRO Certificate Printing'!G\"&((ROW()-2)*4)+5))","v":""},{"$f":"IF(INDIRECT(\"'MRO Certificate Printing'!J\"&((ROW()-2)*4)+5)=\"\",\"\",INDIRECT(\"'MRO Certificate Printing'!J\"&((ROW()-2)*4)+5))","v":""},{"$f":"IF(INDIRECT(\"'MRO Certificate Printing'!I\"&((ROW()-2)*4)+5)=\"\",\"\",INDIRECT(\"'MRO Certificate Printing'!I\"&((ROW()-2)*4)+5))","v":""},{"$f":"IF(INDIRECT(\"'MRO Certificate Printing'!K\"&((ROW()-2)*4)+5)=\"\",\"\",INDIRECT(\"'MRO Certificate Printing'!K\"&((ROW()-2)*4)+5))","v":""}]
["",{"$f":"IF(INDIRECT(\"'MRO Certificate Printing'!D\"&((ROW()-2)*4)+2)=\"\",\"\",INDIRECT(\"'MRO Certificate Printing'!D\"&((ROW()-2)*4)+2))","v":""},{"$f":"IF(INDIRECT(\"'MRO Certificate Printing'!E\"&((ROW()-2)*4)+2)=\"\",\"\",INDIRECT(\"'MRO Certificate Printing'!E\"&((ROW()-2)*4)+2))","v":""},{"$f":"IF(INDIRECT(\"'MRO Certificate Printing'!F\"&((ROW()-2)*4)+2)=\"\",\"\",INDIRECT(\"'MRO Certificate Printing'!F\"&((ROW()-2)*4)+2))","v":""},{"$f":"IF(INDIRECT(\"'MRO Certificate Printing'!B\"&((ROW()-2)*4)+2)=\"\",\"\",INDIRECT(\"'MRO Certificate Printing'!B\"&((ROW()-2)*4)+2))","v":""},{"$f":"IF(INDIRECT(\"'MRO Certificate Printing'!G\"&((ROW()-2)*4)+2)=\"\",\"\",INDIRECT(\"'MRO Certificate Printing'!G\"&((ROW()-2)*4)+2))","v":""},{"$f":"IF(INDIRECT(\"'MRO Certificate Printing'!J\"&((ROW()-2)*4)+2)=\"\",\"\",INDIRECT(\"'MRO Certificate Printing'!J\"&((ROW()-2)*4)+2))","v":""},{"$f":"IF(INDIRECT(\"'MRO Certificate Printing'!I\"&((ROW()-2)*4)+2)=\"\",\"\",INDIRECT(\"'MRO Certificate Printing'!I\"&((ROW()-2)*4)+2))","v":""},{"$f":"IF(INDIRECT(\"'MRO Certificate Printing'!K\"&((ROW()-2)*4)+2)=\"\",\"\",INDIRECT(\"'MRO Certificate Printing'!K\"&((ROW()-2)*4)+2))","v":""},null,{"$f":"IF(INDIRECT(\"'MRO Certificate Printing'!D\"&((ROW()-2)*4)+3)=\"\",\"\",INDIRECT(\"'MRO Certificate Printing'!D\"&((ROW()-2)*4)+3))","v":""},{"$f":"IF(INDIRECT(\"'MRO Certificate Printing'!E\"&((ROW()-2)*4)+3)=\"\",\"\",INDIRECT(\"'MRO Certificate Printing'!E\"&((ROW()-2)*4)+3))","v":""},{"$f":"IF(INDIRECT(\"'MRO Certificate Printing'!F\"&((ROW()-2)*4)+3)=\"\",\"\",INDIRECT(\"'MRO Certificate Printing'!F\"&((ROW()-2)*4)+3))","v":""},{"$f":"IF(INDIRECT(\"'MRO Certificate Printing'!B\"&((ROW()-2)*4)+3)=\"\",\"\",INDIRECT(\"'MRO Certificate Printing'!B\"&((ROW()-2)*4)+3))","v":""},{"$f":"IF(INDIRECT(\"'MRO Certificate Printing'!G\"&((ROW()-2)*4)+3)=\"\",\"\",INDIRECT(\"'MRO Certificate Printing'!G\"&((ROW()-2)*4)+3))","v":""},{"$f":"IF(INDIRECT(\"'MRO Certificate Printing'!J\"&((ROW()-2)*4)+3)=\"\",\"\",INDIRECT(\"'MRO Certificate Printing'!J\"&((ROW()-2)*4)+3))","v":""},{"$f":"IF(INDIRECT(\"'MRO Certificate Printing'!I\"&((ROW()-2)*4)+3)=\"\",\"\",INDIRECT(\"'MRO Certificate Printing'!I\"&((ROW()-2)*4)+3))","v":""},{"$f":"IF(INDIRECT(\"'MRO Certificate Printing'!K\"&((ROW()-2)*4)+3)=\"\",\"\",INDIRECT(\"'MRO Certificate Printing'!K\"&((ROW()-2)*4)+3))","v":""},null,{"$f":"IF(INDIRECT(\"'MRO Certificate Printing'!D\"&((ROW()-2)*4)+4)=\"\",\"\",INDIRECT(\"'MRO Certificate Printing'!D\"&((ROW()-2)*4)+4))","v":""},{"$f":"IF(INDIRECT(\"'MRO Certificate Printing'!E\"&((ROW()-2)*4)+4)=\"\",\"\",INDIRECT(\"'MRO Certificate Printing'!E\"&((ROW()-2)*4)+4))","v":""},{"$f":"IF(INDIRECT(\"'MRO Certificate Printing'!F\"&((ROW()-2)*4)+4)=\"\",\"\",INDIRECT(\"'MRO Certificate Printing'!F\"&((ROW()-2)*4)+4))","v":""},{"$f":"IF(INDIRECT(\"'MRO Certificate Printing'!B\"&((ROW()-2)*4)+4)=\"\",\"\",INDIRECT(\"'MRO Certificate Printing'!B\"&((ROW()-2)*4)+4))","v":""},{"$f":"IF(INDIRECT(\"'MRO Certificate Printing'!G\"&((ROW()-2)*4)+4)=\"\",\"\",INDIRECT(\"'MRO Certificate Printing'!G\"&((ROW()-2)*4)+4))","v":""},{"$f":"IF(INDIRECT(\"'MRO Certificate Printing'!J\"&((ROW()-2)*4)+4)=\"\",\"\",INDIRECT(\"'MRO Certificate Printing'!J\"&((ROW()-2)*4)+4))","v":""},{"$f":"IF(INDIRECT(\"'MRO Certificate Printing'!I\"&((ROW()-2)*4)+4)=\"\",\"\",INDIRECT(\"'MRO Certificate Printing'!I\"&((ROW()-2)*4)+4))","v":""},{"$f":"IF(INDIRECT(\"'MRO Certificate Printing'!K\"&((ROW()-2)*4)+4)=\"\",\"\",INDIRECT(\"'MRO Certificate Printing'!K\"&((ROW()-2)*4)+4))","v":""},null,{"$f":"IF(INDIRECT(\"'MRO Certificate Printing'!D\"&((ROW()-2)*4)+5)=\"\",\"\",INDIRECT(\"'MRO Certificate Printing'!D\"&((ROW()-2)*4)+5))","v":""},{"$f":"IF(INDIRECT(\"'MRO Certificate Printing'!E\"&((ROW()-2)*4)+5)=\"\",\"\",INDIRECT(\"'MRO Certificate Printing'!E\"&((ROW()-2)*4)+5))","v":""},{"$f":"IF(INDIRECT(\"'MRO Certificate Printing'!F\"&((ROW()-2)*4)+5)=\"\",\"\",INDIRECT(\"'MRO Certificate Printing'!F\"&((ROW()-2)*4)+5))","v":""},{"$f":"IF(INDIRECT(\"'MRO Certificate Printing'!B\"&((ROW()-2)*4)+5)=\"\",\"\",INDIRECT(\"'MRO Certificate Printing'!B\"&((ROW()-2)*4)+5))","v":""},{"$f":"IF(INDIRECT(\"'MRO Certificate Printing'!G\"&((ROW()-2)*4)+5)=\"\",\"\",INDIRECT(\"'MRO Certificate Printing'!G\"&((ROW()-2)*4)+5))","v":""},{"$f":"IF(INDIRECT(\"'MRO Certificate Printing'!J\"&((ROW()-2)*4)+5)=\"\",\"\",INDIRECT(\"'MRO Certificate Printing'!J\"&((ROW()-2)*4)+5))","v":""},{"$f":"IF(INDIRECT(\"'MRO Certificate Printing'!I\"&((ROW()-2)*4)+5)=\"\",\"\",INDIRECT(\"'MRO Certificate Printing'!I\"&((ROW()-2)*4)+5))","v":""},{"$f":"IF(INDIRECT(\"'MRO Certificate Printing'!K\"&((ROW()-2)*4)+5)=\"\",\"\",INDIRECT(\"'MRO Certificate Printing'!K\"&((ROW()-2)*4)+5))","v":""}]
["",{"$f":"IF(INDIRECT(\"'MRO Certificate Printing'!D\"&((ROW()-2)*4)+2)=\"\",\"\",INDIRECT(\"'MRO Certificate Printing'!D\"&((ROW()-2)*4)+2))","v":""},{"$f":"IF(INDIRECT(\"'MRO Certificate Printing'!E\"&((ROW()-2)*4)+2)=\"\",\"\",INDIRECT(\"'MRO Certificate Printing'!E\"&((ROW()-2)*4)+2))","v":""},{"$f":"IF(INDIRECT(\"'MRO Certificate Printing'!F\"&((ROW()-2)*4)+2)=\"\",\"\",INDIRECT(\"'MRO Certificate Printing'!F\"&((ROW()-2)*4)+2))","v":""},{"$f":"IF(INDIRECT(\"'MRO Certificate Printing'!B\"&((ROW()-2)*4)+2)=\"\",\"\",INDIRECT(\"'MRO Certificate Printing'!B\"&((ROW()-2)*4)+2))","v":""},{"$f":"IF(INDIRECT(\"'MRO Certificate Printing'!G\"&((ROW()-2)*4)+2)=\"\",\"\",INDIRECT(\"'MRO Certificate Printing'!G\"&((ROW()-2)*4)+2))","v":""},{"$f":"IF(INDIRECT(\"'MRO Certificate Printing'!J\"&((ROW()-2)*4)+2)=\"\",\"\",INDIRECT(\"'MRO Certificate Printing'!J\"&((ROW()-2)*4)+2))","v":""},{"$f":"IF(INDIRECT(\"'MRO Certificate Printing'!I\"&((ROW()-2)*4)+2)=\"\",\"\",INDIRECT(\"'MRO Certificate Printing'!I\"&((ROW()-2)*4)+2))","v":""},{"$f":"IF(INDIRECT(\"'MRO Certificate Printing'!K\"&((ROW()-2)*4)+2)=\"\",\"\",INDIRECT(\"'MRO Certificate Printing'!K\"&((ROW()-2)*4)+2))","v":""},null,{"$f":"IF(INDIRECT(\"'MRO Certificate Printing'!D\"&((ROW()-2)*4)+3)=\"\",\"\",INDIRECT(\"'MRO Certificate Printing'!D\"&((ROW()-2)*4)+3))","v":""},{"$f":"IF(INDIRECT(\"'MRO Certificate Printing'!E\"&((ROW()-2)*4)+3)=\"\",\"\",INDIRECT(\"'MRO Certificate Printing'!E\"&((ROW()-2)*4)+3))","v":""},{"$f":"IF(INDIRECT(\"'MRO Certificate Printing'!F\"&((ROW()-2)*4)+3)=\"\",\"\",INDIRECT(\"'MRO Certificate Printing'!F\"&((ROW()-2)*4)+3))","v":""},{"$f":"IF(INDIRECT(\"'MRO Certificate Printing'!B\"&((ROW()-2)*4)+3)=\"\",\"\",INDIRECT(\"'MRO Certificate Printing'!B\"&((ROW()-2)*4)+3))","v":""},{"$f":"IF(INDIRECT(\"'MRO Certificate Printing'!G\"&((ROW()-2)*4)+3)=\"\",\"\",INDIRECT(\"'MRO Certificate Printing'!G\"&((ROW()-2)*4)+3))","v":""},{"$f":"IF(INDIRECT(\"'MRO Certificate Printing'!J\"&((ROW()-2)*4)+3)=\"\",\"\",INDIRECT(\"'MRO Certificate Printing'!J\"&((ROW()-2)*4)+3))","v":""},{"$f":"IF(INDIRECT(\"'MRO Certificate Printing'!I\"&((ROW()-2)*4)+3)=\"\",\"\",INDIRECT(\"'MRO Certificate Printing'!I\"&((ROW()-2)*4)+3))","v":""},{"$f":"IF(INDIRECT(\"'MRO Certificate Printing'!K\"&((ROW()-2)*4)+3)=\"\",\"\",INDIRECT(\"'MRO Certificate Printing'!K\"&((ROW()-2)*4)+3))","v":""},null,{"$f":"IF(INDIRECT(\"'MRO Certificate Printing'!D\"&((ROW()-2)*4)+4)=\"\",\"\",INDIRECT(\"'MRO Certificate Printing'!D\"&((ROW()-2)*4)+4))","v":""},{"$f":"IF(INDIRECT(\"'MRO Certificate Printing'!E\"&((ROW()-2)*4)+4)=\"\",\"\",INDIRECT(\"'MRO Certificate Printing'!E\"&((ROW()-2)*4)+4))","v":""},{"$f":"IF(INDIRECT(\"'MRO Certificate Printing'!F\"&((ROW()-2)*4)+4)=\"\",\"\",INDIRECT(\"'MRO Certificate Printing'!F\"&((ROW()-2)*4)+4))","v":""},{"$f":"IF(INDIRECT(\"'MRO Certificate Printing'!B\"&((ROW()-2)*4)+4)=\"\",\"\",INDIRECT(\"'MRO Certificate Printing'!B\"&((ROW()-2)*4)+4))","v":""},{"$f":"IF(INDIRECT(\"'MRO Certificate Printing'!G\"&((ROW()-2)*4)+4)=\"\",\"\",INDIRECT(\"'MRO Certificate Printing'!G\"&((ROW()-2)*4)+4))","v":""},{"$f":"IF(INDIRECT(\"'MRO Certificate Printing'!J\"&((ROW()-2)*4)+4)=\"\",\"\",INDIRECT(\"'MRO Certificate Printing'!J\"&((ROW()-2)*4)+4))","v":""},{"$f":"IF(INDIRECT(\"'MRO Certificate Printing'!I\"&((ROW()-2)*4)+4)=\"\",\"\",INDIRECT(\"'MRO Certificate Printing'!I\"&((ROW()-2)*4)+4))","v":""},{"$f":"IF(INDIRECT(\"'MRO Certificate Printing'!K\"&((ROW()-2)*4)+4)=\"\",\"\",INDIRECT(\"'MRO Certificate Printing'!K\"&((ROW()-2)*4)+4))","v":""},null,{"$f":"IF(INDIRECT(\"'MRO Certificate Printing'!D\"&((ROW()-2)*4)+5)=\"\",\"\",INDIRECT(\"'MRO Certificate Printing'!D\"&((ROW()-2)*4)+5))","v":""},{"$f":"IF(INDIRECT(\"'MRO Certificate Printing'!E\"&((ROW()-2)*4)+5)=\"\",\"\",INDIRECT(\"'MRO Certificate Printing'!E\"&((ROW()-2)*4)+5))","v":""},{"$f":"IF(INDIRECT(\"'MRO Certificate Printing'!F\"&((ROW()-2)*4)+5)=\"\",\"\",INDIRECT(\"'MRO Certificate Printing'!F\"&((ROW()-2)*4)+5))","v":""},{"$f":"IF(INDIRECT(\"'MRO Certificate Printing'!B\"&((ROW()-2)*4)+5)=\"\",\"\",INDIRECT(\"'MRO Certificate Printing'!B\"&((ROW()-2)*4)+5))","v":""},{"$f":"IF(INDIRECT(\"'MRO Certificate Printing'!G\"&((ROW()-2)*4)+5)=\"\",\"\",INDIRECT(\"'MRO Certificate Printing'!G\"&((ROW()-2)*4)+5))","v":""},{"$f":"IF(INDIRECT(\"'MRO Certificate Printing'!J\"&((ROW()-2)*4)+5)=\"\",\"\",INDIRECT(\"'MRO Certificate Printing'!J\"&((ROW()-2)*4)+5))","v":""},{"$f":"IF(INDIRECT(\"'MRO Certificate Printing'!I\"&((ROW()-2)*4)+5)=\"\",\"\",INDIRECT(\"'MRO Certificate Printing'!I\"&((ROW()-2)*4)+5))","v":""},{"$f":"IF(INDIRECT(\"'MRO Certificate Printing'!K\"&((ROW()-2)*4)+5)=\"\",\"\",INDIRECT(\"'MRO Certificate Printing'!K\"&((ROW()-2)*4)+5))","v":""}]
["",{"$f":"IF(INDIRECT(\"'MRO Certificate Printing'!D\"&((ROW()-2)*4)+2)=\"\",\"\",INDIRECT(\"'MRO Certificate Printing'!D\"&((ROW()-2)*4)+2))","v":""},{"$f":"IF(INDIRECT(\"'MRO Certificate Printing'!E\"&((ROW()-2)*4)+2)=\"\",\"\",INDIRECT(\"'MRO Certificate Printing'!E\"&((ROW()-2)*4)+2))","v":""},{"$f":"IF(INDIRECT(\"'MRO Certificate Printing'!F\"&((ROW()-2)*4)+2)=\"\",\"\",INDIRECT(\"'MRO Certificate Printing'!F\"&((ROW()-2)*4)+2))","v":""},{"$f":"IF(INDIRECT(\"'MRO Certificate Printing'!B\"&((ROW()-2)*4)+2)=\"\",\"\",INDIRECT(\"'MRO Certificate Printing'!B\"&((ROW()-2)*4)+2))","v":""},{"$f":"IF(INDIRECT(\"'MRO Certificate Printing'!G\"&((ROW()-2)*4)+2)=\"\",\"\",INDIRECT(\"'MRO Certificate Printing'!G\"&((ROW()-2)*4)+2))","v":""},{"$f":"IF(INDIRECT(\"'MRO Certificate Printing'!J\"&((ROW()-2)*4)+2)=\"\",\"\",INDIRECT(\"'MRO Certificate Printing'!J\"&((ROW()-2)*4)+2))","v":""},{"$f":"IF(INDIRECT(\"'MRO Certificate Printing'!I\"&((ROW()-2)*4)+2)=\"\",\"\",INDIRECT(\"'MRO Certificate Printing'!I\"&((ROW()-2)*4)+2))","v":""},{"$f":"IF(INDIRECT(\"'MRO Certificate Printing'!K\"&((ROW()-2)*4)+2)=\"\",\"\",INDIRECT(\"'MRO Certificate Printing'!K\"&((ROW()-2)*4)+2))","v":""},null,{"$f":"IF(INDIRECT(\"'MRO Certificate Printing'!D\"&((ROW()-2)*4)+3)=\"\",\"\",INDIRECT(\"'MRO Certificate Printing'!D\"&((ROW()-2)*4)+3))","v":""},{"$f":"IF(INDIRECT(\"'MRO Certificate Printing'!E\"&((ROW()-2)*4)+3)=\"\",\"\",INDIRECT(\"'MRO Certificate Printing'!E\"&((ROW()-2)*4)+3))","v":""},{"$f":"IF(INDIRECT(\"'MRO Certificate Printing'!F\"&((ROW()-2)*4)+3)=\"\",\"\",INDIRECT(\"'MRO Certificate Printing'!F\"&((ROW()-2)*4)+3))","v":""},{"$f":"IF(INDIRECT(\"'MRO Certificate Printing'!B\"&((ROW()-2)*4)+3)=\"\",\"\",INDIRECT(\"'MRO Certificate Printing'!B\"&((ROW()-2)*4)+3))","v":""},{"$f":"IF(INDIRECT(\"'MRO Certificate Printing'!G\"&((ROW()-2)*4)+3)=\"\",\"\",INDIRECT(\"'MRO Certificate Printing'!G\"&((ROW()-2)*4)+3))","v":""},{"$f":"IF(INDIRECT(\"'MRO Certificate Printing'!J\"&((ROW()-2)*4)+3)=\"\",\"\",INDIRECT(\"'MRO Certificate Printing'!J\"&((ROW()-2)*4)+3))","v":""},{"$f":"IF(INDIRECT(\"'MRO Certificate Printing'!I\"&((ROW()-2)*4)+3)=\"\",\"\",INDIRECT(\"'MRO Certificate Printing'!I\"&((ROW()-2)*4)+3))","v":""},{"$f":"IF(INDIRECT(\"'MRO Certificate Printing'!K\"&((ROW()-2)*4)+3)=\"\",\"\",INDIRECT(\"'MRO Certificate Printing'!K\"&((ROW()-2)*4)+3))","v":""},null,{"$f":"IF(INDIRECT(\"'MRO Certificate Printing'!D\"&((ROW()-2)*4)+4)=\"\",\"\",INDIRECT(\"'MRO Certificate Printing'!D\"&((ROW()-2)*4)+4))","v":""},{"$f":"IF(INDIRECT(\"'MRO Certificate Printing'!E\"&((ROW()-2)*4)+4)=\"\",\"\",INDIRECT(\"'MRO Certificate Printing'!E\"&((ROW()-2)*4)+4))","v":""},{"$f":"IF(INDIRECT(\"'MRO Certificate Printing'!F\"&((ROW()-2)*4)+4)=\"\",\"\",INDIRECT(\"'MRO Certificate Printing'!F\"&((ROW()-2)*4)+4))","v":""},{"$f":"IF(INDIRECT(\"'MRO Certificate Printing'!B\"&((ROW()-2)*4)+4)=\"\",\"\",INDIRECT(\"'MRO Certificate Printing'!B\"&((ROW()-2)*4)+4))","v":""},{"$f":"IF(INDIRECT(\"'MRO Certificate Printing'!G\"&((ROW()-2)*4)+4)=\"\",\"\",INDIRECT(\"'MRO Certificate Printing'!G\"&((ROW()-2)*4)+4))","v":""},{"$f":"IF(INDIRECT(\"'MRO Certificate Printing'!J\"&((ROW()-2)*4)+4)=\"\",\"\",INDIRECT(\"'MRO Certificate Printing'!J\"&((ROW()-2)*4)+4))","v":""},{"$f":"IF(INDIRECT(\"'MRO Certificate Printing'!I\"&((ROW()-2)*4)+4)=\"\",\"\",INDIRECT(\"'MRO Certificate Printing'!I\"&((ROW()-2)*4)+4))","v":""},{"$f":"IF(INDIRECT(\"'MRO Certificate Printing'!K\"&((ROW()-2)*4)+4)=\"\",\"\",INDIRECT(\"'MRO Certificate Printing'!K\"&((ROW()-2)*4)+4))","v":""},null,{"$f":"IF(INDIRECT(\"'MRO Certificate Printing'!D\"&((ROW()-2)*4)+5)=\"\",\"\",INDIRECT(\"'MRO Certificate Printing'!D\"&((ROW()-2)*4)+5))","v":""},{"$f":"IF(INDIRECT(\"'MRO Certificate Printing'!E\"&((ROW()-2)*4)+5)=\"\",\"\",INDIRECT(\"'MRO Certificate Printing'!E\"&((ROW()-2)*4)+5))","v":""},{"$f":"IF(INDIRECT(\"'MRO Certificate Printing'!F\"&((ROW()-2)*4)+5)=\"\",\"\",INDIRECT(\"'MRO Certificate Printing'!F\"&((ROW()-2)*4)+5))","v":""},{"$f":"IF(INDIRECT(\"'MRO Certificate Printing'!B\"&((ROW()-2)*4)+5)=\"\",\"\",INDIRECT(\"'MRO Certificate Printing'!B\"&((ROW()-2)*4)+5))","v":""},{"$f":"IF(INDIRECT(\"'MRO Certificate Printing'!G\"&((ROW()-2)*4)+5)=\"\",\"\",INDIRECT(\"'MRO Certificate Printing'!G\"&((ROW()-2)*4)+5))","v":""},{"$f":"IF(INDIRECT(\"'MRO Certificate Printing'!J\"&((ROW()-2)*4)+5)=\"\",\"\",INDIRECT(\"'MRO Certificate Printing'!J\"&((ROW()-2)*4)+5))","v":""},{"$f":"IF(INDIRECT(\"'MRO Certificate Printing'!I\"&((ROW()-2)*4)+5)=\"\",\"\",INDIRECT(\"'MRO Certificate Printing'!I\"&((ROW()-2)*4)+5))","v":""},{"$f":"IF(INDIRECT(\"'MRO Certificate Printing'!K\"&((ROW()-2)*4)+5)=\"\",\"\",INDIRECT(\"'MRO Certificate Printing'!K\"&((ROW()-2)*4)+5))","v":""}]
["",{"$f":"IF(INDIRECT(\"'MRO Certificate Printing'!D\"&((ROW()-2)*4)+2)=\"\",\"\",INDIRECT(\"'MRO Certificate Printing'!D\"&((ROW()-2)*4)+2))","v":""},{"$f":"IF(INDIRECT(\"'MRO Certificate Printing'!E\"&((ROW()-2)*4)+2)=\"\",\"\",INDIRECT(\"'MRO Certificate Printing'!E\"&((ROW()-2)*4)+2))","v":""},{"$f":"IF(INDIRECT(\"'MRO Certificate Printing'!F\"&((ROW()-2)*4)+2)=\"\",\"\",INDIRECT(\"'MRO Certificate Printing'!F\"&((ROW()-2)*4)+2))","v":""},{"$f":"IF(INDIRECT(\"'MRO Certificate Printing'!B\"&((ROW()-2)*4)+2)=\"\",\"\",INDIRECT(\"'MRO Certificate Printing'!B\"&((ROW()-2)*4)+2))","v":""},{"$f":"IF(INDIRECT(\"'MRO Certificate Printing'!G\"&((ROW()-2)*4)+2)=\"\",\"\",INDIRECT(\"'MRO Certificate Printing'!G\"&((ROW()-2)*4)+2))","v":""},{"$f":"IF(INDIRECT(\"'MRO Certificate Printing'!J\"&((ROW()-2)*4)+2)=\"\",\"\",INDIRECT(\"'MRO Certificate Printing'!J\"&((ROW()-2)*4)+2))","v":""},{"$f":"IF(INDIRECT(\"'MRO Certificate Printing'!I\"&((ROW()-2)*4)+2)=\"\",\"\",INDIRECT(\"'MRO Certificate Printing'!I\"&((ROW()-2)*4)+2))","v":""},{"$f":"IF(INDIRECT(\"'MRO Certificate Printing'!K\"&((ROW()-2)*4)+2)=\"\",\"\",INDIRECT(\"'MRO Certificate Printing'!K\"&((ROW()-2)*4)+2))","v":""},null,{"$f":"IF(INDIRECT(\"'MRO Certificate Printing'!D\"&((ROW()-2)*4)+3)=\"\",\"\",INDIRECT(\"'MRO Certificate Printing'!D\"&((ROW()-2)*4)+3))","v":""},{"$f":"IF(INDIRECT(\"'MRO Certificate Printing'!E\"&((ROW()-2)*4)+3)=\"\",\"\",INDIRECT(\"'MRO Certificate Printing'!E\"&((ROW()-2)*4)+3))","v":""},{"$f":"IF(INDIRECT(\"'MRO Certificate Printing'!F\"&((ROW()-2)*4)+3)=\"\",\"\",INDIRECT(\"'MRO Certificate Printing'!F\"&((ROW()-2)*4)+3))","v":""},{"$f":"IF(INDIRECT(\"'MRO Certificate Printing'!B\"&((ROW()-2)*4)+3)=\"\",\"\",INDIRECT(\"'MRO Certificate Printing'!B\"&((ROW()-2)*4)+3))","v":""},{"$f":"IF(INDIRECT(\"'MRO Certificate Printing'!G\"&((ROW()-2)*4)+3)=\"\",\"\",INDIRECT(\"'MRO Certificate Printing'!G\"&((ROW()-2)*4)+3))","v":""},{"$f":"IF(INDIRECT(\"'MRO Certificate Printing'!J\"&((ROW()-2)*4)+3)=\"\",\"\",INDIRECT(\"'MRO Certificate Printing'!J\"&((ROW()-2)*4)+3))","v":""},{"$f":"IF(INDIRECT(\"'MRO Certificate Printing'!I\"&((ROW()-2)*4)+3)=\"\",\"\",INDIRECT(\"'MRO Certificate Printing'!I\"&((ROW()-2)*4)+3))","v":""},{"$f":"IF(INDIRECT(\"'MRO Certificate Printing'!K\"&((ROW()-2)*4)+3)=\"\",\"\",INDIRECT(\"'MRO Certificate Printing'!K\"&((ROW()-2)*4)+3))","v":""},null,{"$f":"IF(INDIRECT(\"'MRO Certificate Printing'!D\"&((ROW()-2)*4)+4)=\"\",\"\",INDIRECT(\"'MRO Certificate Printing'!D\"&((ROW()-2)*4)+4))","v":""},{"$f":"IF(INDIRECT(\"'MRO Certificate Printing'!E\"&((ROW()-2)*4)+4)=\"\",\"\",INDIRECT(\"'MRO Certificate Printing'!E\"&((ROW()-2)*4)+4))","v":""},{"$f":"IF(INDIRECT(\"'MRO Certificate Printing'!F\"&((ROW()-2)*4)+4)=\"\",\"\",INDIRECT(\"'MRO Certificate Printing'!F\"&((ROW()-2)*4)+4))","v":""},{"$f":"IF(INDIRECT(\"'MRO Certificate Printing'!B\"&((ROW()-2)*4)+4)=\"\",\"\",INDIRECT(\"'MRO Certificate Printing'!B\"&((ROW()-2)*4)+4))","v":""},{"$f":"IF(INDIRECT(\"'MRO Certificate Printing'!G\"&((ROW()-2)*4)+4)=\"\",\"\",INDIRECT(\"'MRO Certificate Printing'!G\"&((ROW()-2)*4)+4))","v":""},{"$f":"IF(INDIRECT(\"'MRO Certificate Printing'!J\"&((ROW()-2)*4)+4)=\"\",\"\",INDIRECT(\"'MRO Certificate Printing'!J\"&((ROW()-2)*4)+4))","v":""},{"$f":"IF(INDIRECT(\"'MRO Certificate Printing'!I\"&((ROW()-2)*4)+4)=\"\",\"\",INDIRECT(\"'MRO Certificate Printing'!I\"&((ROW()-2)*4)+4))","v":""},{"$f":"IF(INDIRECT(\"'MRO Certificate Printing'!K\"&((ROW()-2)*4)+4)=\"\",\"\",INDIRECT(\"'MRO Certificate Printing'!K\"&((ROW()-2)*4)+4))","v":""},null,{"$f":"IF(INDIRECT(\"'MRO Certificate Printing'!D\"&((ROW()-2)*4)+5)=\"\",\"\",INDIRECT(\"'MRO Certificate Printing'!D\"&((ROW()-2)*4)+5))","v":""},{"$f":"IF(INDIRECT(\"'MRO Certificate Printing'!E\"&((ROW()-2)*4)+5)=\"\",\"\",INDIRECT(\"'MRO Certificate Printing'!E\"&((ROW()-2)*4)+5))","v":""},{"$f":"IF(INDIRECT(\"'MRO Certificate Printing'!F\"&((ROW()-2)*4)+5)=\"\",\"\",INDIRECT(\"'MRO Certificate Printing'!F\"&((ROW()-2)*4)+5))","v":""},{"$f":"IF(INDIRECT(\"'MRO Certificate Printing'!B\"&((ROW()-2)*4)+5)=\"\",\"\",INDIRECT(\"'MRO Certificate Printing'!B\"&((ROW()-2)*4)+5))","v":""},{"$f":"IF(INDIRECT(\"'MRO Certificate Printing'!G\"&((ROW()-2)*4)+5)=\"\",\"\",INDIRECT(\"'MRO Certificate Printing'!G\"&((ROW()-2)*4)+5))","v":""},{"$f":"IF(INDIRECT(\"'MRO Certificate Printing'!J\"&((ROW()-2)*4)+5)=\"\",\"\",INDIRECT(\"'MRO Certificate Printing'!J\"&((ROW()-2)*4)+5))","v":""},{"$f":"IF(INDIRECT(\"'MRO Certificate Printing'!I\"&((ROW()-2)*4)+5)=\"\",\"\",INDIRECT(\"'MRO Certificate Printing'!I\"&((ROW()-2)*4)+5))","v":""},{"$f":"IF(INDIRECT(\"'MRO Certificate Printing'!K\"&((ROW()-2)*4)+5)=\"\",\"\",INDIRECT(\"'MRO Certificate Printing'!K\"&((ROW()-2)*4)+5))","v":""}]
["",{"$f":"IF(INDIRECT(\"'MRO Certificate Printing'!D\"&((ROW()-2)*4)+2)=\"\",\"\",INDIRECT(\"'MRO Certificate Printing'!D\"&((ROW()-2)*4)+2))","v":""},{"$f":"IF(INDIRECT(\"'MRO Certificate Printing'!E\"&((ROW()-2)*4)+2)=\"\",\"\",INDIRECT(\"'MRO Certificate Printing'!E\"&((ROW()-2)*4)+2))","v":""},{"$f":"IF(INDIRECT(\"'MRO Certificate Printing'!F\"&((ROW()-2)*4)+2)=\"\",\"\",INDIRECT(\"'MRO Certificate Printing'!F\"&((ROW()-2)*4)+2))","v":""},{"$f":"IF(INDIRECT(\"'MRO Certificate Printing'!B\"&((ROW()-2)*4)+2)=\"\",\"\",INDIRECT(\"'MRO Certificate Printing'!B\"&((ROW()-2)*4)+2))","v":""},{"$f":"IF(INDIRECT(\"'MRO Certificate Printing'!G\"&((ROW()-2)*4)+2)=\"\",\"\",INDIRECT(\"'MRO Certificate Printing'!G\"&((ROW()-2)*4)+2))","v":""},{"$f":"IF(INDIRECT(\"'MRO Certificate Printing'!J\"&((ROW()-2)*4)+2)=\"\",\"\",INDIRECT(\"'MRO Certificate Printing'!J\"&((ROW()-2)*4)+2))","v":""},{"$f":"IF(INDIRECT(\"'MRO Certificate Printing'!I\"&((ROW()-2)*4)+2)=\"\",\"\",INDIRECT(\"'MRO Certificate Printing'!I\"&((ROW()-2)*4)+2))","v":""},{"$f":"IF(INDIRECT(\"'MRO Certificate Printing'!K\"&((ROW()-2)*4)+2)=\"\",\"\",INDIRECT(\"'MRO Certificate Printing'!K\"&((ROW()-2)*4)+2))","v":""},null,{"$f":"IF(INDIRECT(\"'MRO Certificate Printing'!D\"&((ROW()-2)*4)+3)=\"\",\"\",INDIRECT(\"'MRO Certificate Printing'!D\"&((ROW()-2)*4)+3))","v":""},{"$f":"IF(INDIRECT(\"'MRO Certificate Printing'!E\"&((ROW()-2)*4)+3)=\"\",\"\",INDIRECT(\"'MRO Certificate Printing'!E\"&((ROW()-2)*4)+3))","v":""},{"$f":"IF(INDIRECT(\"'MRO Certificate Printing'!F\"&((ROW()-2)*4)+3)=\"\",\"\",INDIRECT(\"'MRO Certificate Printing'!F\"&((ROW()-2)*4)+3))","v":""},{"$f":"IF(INDIRECT(\"'MRO Certificate Printing'!B\"&((ROW()-2)*4)+3)=\"\",\"\",INDIRECT(\"'MRO Certificate Printing'!B\"&((ROW()-2)*4)+3))","v":""},{"$f":"IF(INDIRECT(\"'MRO Certificate Printing'!G\"&((ROW()-2)*4)+3)=\"\",\"\",INDIRECT(\"'MRO Certificate Printing'!G\"&((ROW()-2)*4)+3))","v":""},{"$f":"IF(INDIRECT(\"'MRO Certificate Printing'!J\"&((ROW()-2)*4)+3)=\"\",\"\",INDIRECT(\"'MRO Certificate Printing'!J\"&((ROW()-2)*4)+3))","v":""},{"$f":"IF(INDIRECT(\"'MRO Certificate Printing'!I\"&((ROW()-2)*4)+3)=\"\",\"\",INDIRECT(\"'MRO Certificate Printing'!I\"&((ROW()-2)*4)+3))","v":""},{"$f":"IF(INDIRECT(\"'MRO Certificate Printing'!K\"&((ROW()-2)*4)+3)=\"\",\"\",INDIRECT(\"'MRO Certificate Printing'!K\"&((ROW()-2)*4)+3))","v":""},null,{"$f":"IF(INDIRECT(\"'MRO Certificate Printing'!D\"&((ROW()-2)*4)+4)=\"\",\"\",INDIRECT(\"'MRO Certificate Printing'!D\"&((ROW()-2)*4)+4))","v":""},{"$f":"IF(INDIRECT(\"'MRO Certificate Printing'!E\"&((ROW()-2)*4)+4)=\"\",\"\",INDIRECT(\"'MRO Certificate Printing'!E\"&((ROW()-2)*4)+4))","v":""},{"$f":"IF(INDIRECT(\"'MRO Certificate Printing'!F\"&((ROW()-2)*4)+4)=\"\",\"\",INDIRECT(\"'MRO Certificate Printing'!F\"&((ROW()-2)*4)+4))","v":""},{"$f":"IF(INDIRECT(\"'MRO Certificate Printing'!B\"&((ROW()-2)*4)+4)=\"\",\"\",INDIRECT(\"'MRO Certificate Printing'!B\"&((ROW()-2)*4)+4))","v":""},{"$f":"IF(INDIRECT(\"'MRO Certificate Printing'!G\"&((ROW()-2)*4)+4)=\"\",\"\",INDIRECT(\"'MRO Certificate Printing'!G\"&((ROW()-2)*4)+4))","v":""},{"$f":"IF(INDIRECT(\"'MRO Certificate Printing'!J\"&((ROW()-2)*4)+4)=\"\",\"\",INDIRECT(\"'MRO Certificate Printing'!J\"&((ROW()-2)*4)+4))","v":""},{"$f":"IF(INDIRECT(\"'MRO Certificate Printing'!I\"&((ROW()-2)*4)+4)=\"\",\"\",INDIRECT(\"'MRO Certificate Printing'!I\"&((ROW()-2)*4)+4))","v":""},{"$f":"IF(INDIRECT(\"'MRO Certificate Printing'!K\"&((ROW()-2)*4)+4)=\"\",\"\",INDIRECT(\"'MRO Certificate Printing'!K\"&((ROW()-2)*4)+4))","v":""},null,{"$f":"IF(INDIRECT(\"'MRO Certificate Printing'!D\"&((ROW()-2)*4)+5)=\"\",\"\",INDIRECT(\"'MRO Certificate Printing'!D\"&((ROW()-2)*4)+5))","v":""},{"$f":"IF(INDIRECT(\"'MRO Certificate Printing'!E\"&((ROW()-2)*4)+5)=\"\",\"\",INDIRECT(\"'MRO Certificate Printing'!E\"&((ROW()-2)*4)+5))","v":""},{"$f":"IF(INDIRECT(\"'MRO Certificate Printing'!F\"&((ROW()-2)*4)+5)=\"\",\"\",INDIRECT(\"'MRO Certificate Printing'!F\"&((ROW()-2)*4)+5))","v":""},{"$f":"IF(INDIRECT(\"'MRO Certificate Printing'!B\"&((ROW()-2)*4)+5)=\"\",\"\",INDIRECT(\"'MRO Certificate Printing'!B\"&((ROW()-2)*4)+5))","v":""},{"$f":"IF(INDIRECT(\"'MRO Certificate Printing'!G\"&((ROW()-2)*4)+5)=\"\",\"\",INDIRECT(\"'MRO Certificate Printing'!G\"&((ROW()-2)*4)+5))","v":""},{"$f":"IF(INDIRECT(\"'MRO Certificate Printing'!J\"&((ROW()-2)*4)+5)=\"\",\"\",INDIRECT(\"'MRO Certificate Printing'!J\"&((ROW()-2)*4)+5))","v":""},{"$f":"IF(INDIRECT(\"'MRO Certificate Printing'!I\"&((ROW()-2)*4)+5)=\"\",\"\",INDIRECT(\"'MRO Certificate Printing'!I\"&((ROW()-2)*4)+5))","v":""},{"$f":"IF(INDIRECT(\"'MRO Certificate Printing'!K\"&((ROW()-2)*4)+5)=\"\",\"\",INDIRECT(\"'MRO Certificate Printing'!K\"&((ROW()-2)*4)+5))","v":""}]
["",{"$f":"IF(INDIRECT(\"'MRO Certificate Printing'!D\"&((ROW()-2)*4)+2)=\"\",\"\",INDIRECT(\"'MRO Certificate Printing'!D\"&((ROW()-2)*4)+2))","v":""},{"$f":"IF(INDIRECT(\"'MRO Certificate Printing'!E\"&((ROW()-2)*4)+2)=\"\",\"\",INDIRECT(\"'MRO Certificate Printing'!E\"&((ROW()-2)*4)+2))","v":""},{"$f":"IF(INDIRECT(\"'MRO Certificate Printing'!F\"&((ROW()-2)*4)+2)=\"\",\"\",INDIRECT(\"'MRO Certificate Printing'!F\"&((ROW()-2)*4)+2))","v":""},{"$f":"IF(INDIRECT(\"'MRO Certificate Printing'!B\"&((ROW()-2)*4)+2)=\"\",\"\",INDIRECT(\"'MRO Certificate Printing'!B\"&((ROW()-2)*4)+2))","v":""},{"$f":"IF(INDIRECT(\"'MRO Certificate Printing'!G\"&((ROW()-2)*4)+2)=\"\",\"\",INDIRECT(\"'MRO Certificate Printing'!G\"&((ROW()-2)*4)+2))","v":""},{"$f":"IF(INDIRECT(\"'MRO Certificate Printing'!J\"&((ROW()-2)*4)+2)=\"\",\"\",INDIRECT(\"'MRO Certificate Printing'!J\"&((ROW()-2)*4)+2))","v":""},{"$f":"IF(INDIRECT(\"'MRO Certificate Printing'!I\"&((ROW()-2)*4)+2)=\"\",\"\",INDIRECT(\"'MRO Certificate Printing'!I\"&((ROW()-2)*4)+2))","v":""},{"$f":"IF(INDIRECT(\"'MRO Certificate Printing'!K\"&((ROW()-2)*4)+2)=\"\",\"\",INDIRECT(\"'MRO Certificate Printing'!K\"&((ROW()-2)*4)+2))","v":""},null,{"$f":"IF(INDIRECT(\"'MRO Certificate Printing'!D\"&((ROW()-2)*4)+3)=\"\",\"\",INDIRECT(\"'MRO Certificate Printing'!D\"&((ROW()-2)*4)+3))","v":""},{"$f":"IF(INDIRECT(\"'MRO Certificate Printing'!E\"&((ROW()-2)*4)+3)=\"\",\"\",INDIRECT(\"'MRO Certificate Printing'!E\"&((ROW()-2)*4)+3))","v":""},{"$f":"IF(INDIRECT(\"'MRO Certificate Printing'!F\"&((ROW()-2)*4)+3)=\"\",\"\",INDIRECT(\"'MRO Certificate Printing'!F\"&((ROW()-2)*4)+3))","v":""},{"$f":"IF(INDIRECT(\"'MRO Certificate Printing'!B\"&((ROW()-2)*4)+3)=\"\",\"\",INDIRECT(\"'MRO Certificate Printing'!B\"&((ROW()-2)*4)+3))","v":""},{"$f":"IF(INDIRECT(\"'MRO Certificate Printing'!G\"&((ROW()-2)*4)+3)=\"\",\"\",INDIRECT(\"'MRO Certificate Printing'!G\"&((ROW()-2)*4)+3))","v":""},{"$f":"IF(INDIRECT(\"'MRO Certificate Printing'!J\"&((ROW()-2)*4)+3)=\"\",\"\",INDIRECT(\"'MRO Certificate Printing'!J\"&((ROW()-2)*4)+3))","v":""},{"$f":"IF(INDIRECT(\"'MRO Certificate Printing'!I\"&((ROW()-2)*4)+3)=\"\",\"\",INDIRECT(\"'MRO Certificate Printing'!I\"&((ROW()-2)*4)+3))","v":""},{"$f":"IF(INDIRECT(\"'MRO Certificate Printing'!K\"&((ROW()-2)*4)+3)=\"\",\"\",INDIRECT(\"'MRO Certificate Printing'!K\"&((ROW()-2)*4)+3))","v":""},null,{"$f":"IF(INDIRECT(\"'MRO Certificate Printing'!D\"&((ROW()-2)*4)+4)=\"\",\"\",INDIRECT(\"'MRO Certificate Printing'!D\"&((ROW()-2)*4)+4))","v":""},{"$f":"IF(INDIRECT(\"'MRO Certificate Printing'!E\"&((ROW()-2)*4)+4)=\"\",\"\",INDIRECT(\"'MRO Certificate Printing'!E\"&((ROW()-2)*4)+4))","v":""},{"$f":"IF(INDIRECT(\"'MRO Certificate Printing'!F\"&((ROW()-2)*4)+4)=\"\",\"\",INDIRECT(\"'MRO Certificate Printing'!F\"&((ROW()-2)*4)+4))","v":""},{"$f":"IF(INDIRECT(\"'MRO Certificate Printing'!B\"&((ROW()-2)*4)+4)=\"\",\"\",INDIRECT(\"'MRO Certificate Printing'!B\"&((ROW()-2)*4)+4))","v":""},{"$f":"IF(INDIRECT(\"'MRO Certificate Printing'!G\"&((ROW()-2)*4)+4)=\"\",\"\",INDIRECT(\"'MRO Certificate Printing'!G\"&((ROW()-2)*4)+4))","v":""},{"$f":"IF(INDIRECT(\"'MRO Certificate Printing'!J\"&((ROW()-2)*4)+4)=\"\",\"\",INDIRECT(\"'MRO Certificate Printing'!J\"&((ROW()-2)*4)+4))","v":""},{"$f":"IF(INDIRECT(\"'MRO Certificate Printing'!I\"&((ROW()-2)*4)+4)=\"\",\"\",INDIRECT(\"'MRO Certificate Printing'!I\"&((ROW()-2)*4)+4))","v":""},{"$f":"IF(INDIRECT(\"'MRO Certificate Printing'!K\"&((ROW()-2)*4)+4)=\"\",\"\",INDIRECT(\"'MRO Certificate Printing'!K\"&((ROW()-2)*4)+4))","v":""},null,{"$f":"IF(INDIRECT(\"'MRO Certificate Printing'!D\"&((ROW()-2)*4)+5)=\"\",\"\",INDIRECT(\"'MRO Certificate Printing'!D\"&((ROW()-2)*4)+5))","v":""},{"$f":"IF(INDIRECT(\"'MRO Certificate Printing'!E\"&((ROW()-2)*4)+5)=\"\",\"\",INDIRECT(\"'MRO Certificate Printing'!E\"&((ROW()-2)*4)+5))","v":""},{"$f":"IF(INDIRECT(\"'MRO Certificate Printing'!F\"&((ROW()-2)*4)+5)=\"\",\"\",INDIRECT(\"'MRO Certificate Printing'!F\"&((ROW()-2)*4)+5))","v":""},{"$f":"IF(INDIRECT(\"'MRO Certificate Printing'!B\"&((ROW()-2)*4)+5)=\"\",\"\",INDIRECT(\"'MRO Certificate Printing'!B\"&((ROW()-2)*4)+5))","v":""},{"$f":"IF(INDIRECT(\"'MRO Certificate Printing'!G\"&((ROW()-2)*4)+5)=\"\",\"\",INDIRECT(\"'MRO Certificate Printing'!G\"&((ROW()-2)*4)+5))","v":""},{"$f":"IF(INDIRECT(\"'MRO Certificate Printing'!J\"&((ROW()-2)*4)+5)=\"\",\"\",INDIRECT(\"'MRO Certificate Printing'!J\"&((ROW()-2)*4)+5))","v":""},{"$f":"IF(INDIRECT(\"'MRO Certificate Printing'!I\"&((ROW()-2)*4)+5)=\"\",\"\",INDIRECT(\"'MRO Certificate Printing'!I\"&((ROW()-2)*4)+5))","v":""},{"$f":"IF(INDIRECT(\"'MRO Certificate Printing'!K\"&((ROW()-2)*4)+5)=\"\",\"\",INDIRECT(\"'MRO Certificate Printing'!K\"&((ROW()-2)*4)+5))","v":""}]
["",{"$f":"IF(INDIRECT(\"'MRO Certificate Printing'!D\"&((ROW()-2)*4)+2)=\"\",\"\",INDIRECT(\"'MRO Certificate Printing'!D\"&((ROW()-2)*4)+2))","v":""},{"$f":"IF(INDIRECT(\"'MRO Certificate Printing'!E\"&((ROW()-2)*4)+2)=\"\",\"\",INDIRECT(\"'MRO Certificate Printing'!E\"&((ROW()-2)*4)+2))","v":""},{"$f":"IF(INDIRECT(\"'MRO Certificate Printing'!F\"&((ROW()-2)*4)+2)=\"\",\"\",INDIRECT(\"'MRO Certificate Printing'!F\"&((ROW()-2)*4)+2))","v":""},{"$f":"IF(INDIRECT(\"'MRO Certificate Printing'!B\"&((ROW()-2)*4)+2)=\"\",\"\",INDIRECT(\"'MRO Certificate Printing'!B\"&((ROW()-2)*4)+2))","v":""},{"$f":"IF(INDIRECT(\"'MRO Certificate Printing'!G\"&((ROW()-2)*4)+2)=\"\",\"\",INDIRECT(\"'MRO Certificate Printing'!G\"&((ROW()-2)*4)+2))","v":""},{"$f":"IF(INDIRECT(\"'MRO Certificate Printing'!J\"&((ROW()-2)*4)+2)=\"\",\"\",INDIRECT(\"'MRO Certificate Printing'!J\"&((ROW()-2)*4)+2))","v":""},{"$f":"IF(INDIRECT(\"'MRO Certificate Printing'!I\"&((ROW()-2)*4)+2)=\"\",\"\",INDIRECT(\"'MRO Certificate Printing'!I\"&((ROW()-2)*4)+2))","v":""},{"$f":"IF(INDIRECT(\"'MRO Certificate Printing'!K\"&((ROW()-2)*4)+2)=\"\",\"\",INDIRECT(\"'MRO Certificate Printing'!K\"&((ROW()-2)*4)+2))","v":""},null,{"$f":"IF(INDIRECT(\"'MRO Certificate Printing'!D\"&((ROW()-2)*4)+3)=\"\",\"\",INDIRECT(\"'MRO Certificate Printing'!D\"&((ROW()-2)*4)+3))","v":""},{"$f":"IF(INDIRECT(\"'MRO Certificate Printing'!E\"&((ROW()-2)*4)+3)=\"\",\"\",INDIRECT(\"'MRO Certificate Printing'!E\"&((ROW()-2)*4)+3))","v":""},{"$f":"IF(INDIRECT(\"'MRO Certificate Printing'!F\"&((ROW()-2)*4)+3)=\"\",\"\",INDIRECT(\"'MRO Certificate Printing'!F\"&((ROW()-2)*4)+3))","v":""},{"$f":"IF(INDIRECT(\"'MRO Certificate Printing'!B\"&((ROW()-2)*4)+3)=\"\",\"\",INDIRECT(\"'MRO Certificate Printing'!B\"&((ROW()-2)*4)+3))","v":""},{"$f":"IF(INDIRECT(\"'MRO Certificate Printing'!G\"&((ROW()-2)*4)+3)=\"\",\"\",INDIRECT(\"'MRO Certificate Printing'!G\"&((ROW()-2)*4)+3))","v":""},{"$f":"IF(INDIRECT(\"'MRO Certificate Printing'!J\"&((ROW()-2)*4)+3)=\"\",\"\",INDIRECT(\"'MRO Certificate Printing'!J\"&((ROW()-2)*4)+3))","v":""},{"$f":"IF(INDIRECT(\"'MRO Certificate Printing'!I\"&((ROW()-2)*4)+3)=\"\",\"\",INDIRECT(\"'MRO Certificate Printing'!I\"&((ROW()-2)*4)+3))","v":""},{"$f":"IF(INDIRECT(\"'MRO Certificate Printing'!K\"&((ROW()-2)*4)+3)=\"\",\"\",INDIRECT(\"'MRO Certificate Printing'!K\"&((ROW()-2)*4)+3))","v":""},null,{"$f":"IF(INDIRECT(\"'MRO Certificate Printing'!D\"&((ROW()-2)*4)+4)=\"\",\"\",INDIRECT(\"'MRO Certificate Printing'!D\"&((ROW()-2)*4)+4))","v":""},{"$f":"IF(INDIRECT(\"'MRO Certificate Printing'!E\"&((ROW()-2)*4)+4)=\"\",\"\",INDIRECT(\"'MRO Certificate Printing'!E\"&((ROW()-2)*4)+4))","v":""},{"$f":"IF(INDIRECT(\"'MRO Certificate Printing'!F\"&((ROW()-2)*4)+4)=\"\",\"\",INDIRECT(\"'MRO Certificate Printing'!F\"&((ROW()-2)*4)+4))","v":""},{"$f":"IF(INDIRECT(\"'MRO Certificate Printing'!B\"&((ROW()-2)*4)+4)=\"\",\"\",INDIRECT(\"'MRO Certificate Printing'!B\"&((ROW()-2)*4)+4))","v":""},{"$f":"IF(INDIRECT(\"'MRO Certificate Printing'!G\"&((ROW()-2)*4)+4)=\"\",\"\",INDIRECT(\"'MRO Certificate Printing'!G\"&((ROW()-2)*4)+4))","v":""},{"$f":"IF(INDIRECT(\"'MRO Certificate Printing'!J\"&((ROW()-2)*4)+4)=\"\",\"\",INDIRECT(\"'MRO Certificate Printing'!J\"&((ROW()-2)*4)+4))","v":""},{"$f":"IF(INDIRECT(\"'MRO Certificate Printing'!I\"&((ROW()-2)*4)+4)=\"\",\"\",INDIRECT(\"'MRO Certificate Printing'!I\"&((ROW()-2)*4)+4))","v":""},{"$f":"IF(INDIRECT(\"'MRO Certificate Printing'!K\"&((ROW()-2)*4)+4)=\"\",\"\",INDIRECT(\"'MRO Certificate Printing'!K\"&((ROW()-2)*4)+4))","v":""},null,{"$f":"IF(INDIRECT(\"'MRO Certificate Printing'!D\"&((ROW()-2)*4)+5)=\"\",\"\",INDIRECT(\"'MRO Certificate Printing'!D\"&((ROW()-2)*4)+5))","v":""},{"$f":"IF(INDIRECT(\"'MRO Certificate Printing'!E\"&((ROW()-2)*4)+5)=\"\",\"\",INDIRECT(\"'MRO Certificate Printing'!E\"&((ROW()-2)*4)+5))","v":""},{"$f":"IF(INDIRECT(\"'MRO Certificate Printing'!F\"&((ROW()-2)*4)+5)=\"\",\"\",INDIRECT(\"'MRO Certificate Printing'!F\"&((ROW()-2)*4)+5))","v":""},{"$f":"IF(INDIRECT(\"'MRO Certificate Printing'!B\"&((ROW()-2)*4)+5)=\"\",\"\",INDIRECT(\"'MRO Certificate Printing'!B\"&((ROW()-2)*4)+5))","v":""},{"$f":"IF(INDIRECT(\"'MRO Certificate Printing'!G\"&((ROW()-2)*4)+5)=\"\",\"\",INDIRECT(\"'MRO Certificate Printing'!G\"&((ROW()-2)*4)+5))","v":""},{"$f":"IF(INDIRECT(\"'MRO Certificate Printing'!J\"&((ROW()-2)*4)+5)=\"\",\"\",INDIRECT(\"'MRO Certificate Printing'!J\"&((ROW()-2)*4)+5))","v":""},{"$f":"IF(INDIRECT(\"'MRO Certificate Printing'!I\"&((ROW()-2)*4)+5)=\"\",\"\",INDIRECT(\"'MRO Certificate Printing'!I\"&((ROW()-2)*4)+5))","v":""},{"$f":"IF(INDIRECT(\"'MRO Certificate Printing'!K\"&((ROW()-2)*4)+5)=\"\",\"\",INDIRECT(\"'MRO Certificate Printing'!K\"&((ROW()-2)*4)+5))","v":""}]
["",{"$f":"IF(INDIRECT(\"'MRO Certificate Printing'!D\"&((ROW()-2)*4)+2)=\"\",\"\",INDIRECT(\"'MRO Certificate Printing'!D\"&((ROW()-2)*4)+2))","v":""},{"$f":"IF(INDIRECT(\"'MRO Certificate Printing'!E\"&((ROW()-2)*4)+2)=\"\",\"\",INDIRECT(\"'MRO Certificate Printing'!E\"&((ROW()-2)*4)+2))","v":""},{"$f":"IF(INDIRECT(\"'MRO Certificate Printing'!F\"&((ROW()-2)*4)+2)=\"\",\"\",INDIRECT(\"'MRO Certificate Printing'!F\"&((ROW()-2)*4)+2))","v":""},{"$f":"IF(INDIRECT(\"'MRO Certificate Printing'!B\"&((ROW()-2)*4)+2)=\"\",\"\",INDIRECT(\"'MRO Certificate Printing'!B\"&((ROW()-2)*4)+2))","v":""},{"$f":"IF(INDIRECT(\"'MRO Certificate Printing'!G\"&((ROW()-2)*4)+2)=\"\",\"\",INDIRECT(\"'MRO Certificate Printing'!G\"&((ROW()-2)*4)+2))","v":""},{"$f":"IF(INDIRECT(\"'MRO Certificate Printing'!J\"&((ROW()-2)*4)+2)=\"\",\"\",INDIRECT(\"'MRO Certificate Printing'!J\"&((ROW()-2)*4)+2))","v":""},{"$f":"IF(INDIRECT(\"'MRO Certificate Printing'!I\"&((ROW()-2)*4)+2)=\"\",\"\",INDIRECT(\"'MRO Certificate Printing'!I\"&((ROW()-2)*4)+2))","v":""},{"$f":"IF(INDIRECT(\"'MRO Certificate Printing'!K\"&((ROW()-2)*4)+2)=\"\",\"\",INDIRECT(\"'MRO Certificate Printing'!K\"&((ROW()-2)*4)+2))","v":""},null,{"$f":"IF(INDIRECT(\"'MRO Certificate Printing'!D\"&((ROW()-2)*4)+3)=\"\",\"\",INDIRECT(\"'MRO Certificate Printing'!D\"&((ROW()-2)*4)+3))","v":""},{"$f":"IF(INDIRECT(\"'MRO Certificate Printing'!E\"&((ROW()-2)*4)+3)=\"\",\"\",INDIRECT(\"'MRO Certificate Printing'!E\"&((ROW()-2)*4)+3))","v":""},{"$f":"IF(INDIRECT(\"'MRO Certificate Printing'!F\"&((ROW()-2)*4)+3)=\"\",\"\",INDIRECT(\"'MRO Certificate Printing'!F\"&((ROW()-2)*4)+3))","v":""},{"$f":"IF(INDIRECT(\"'MRO Certificate Printing'!B\"&((ROW()-2)*4)+3)=\"\",\"\",INDIRECT(\"'MRO Certificate Printing'!B\"&((ROW()-2)*4)+3))","v":""},{"$f":"IF(INDIRECT(\"'MRO Certificate Printing'!G\"&((ROW()-2)*4)+3)=\"\",\"\",INDIRECT(\"'MRO Certificate Printing'!G\"&((ROW()-2)*4)+3))","v":""},{"$f":"IF(INDIRECT(\"'MRO Certificate Printing'!J\"&((ROW()-2)*4)+3)=\"\",\"\",INDIRECT(\"'MRO Certificate Printing'!J\"&((ROW()-2)*4)+3))","v":""},{"$f":"IF(INDIRECT(\"'MRO Certificate Printing'!I\"&((ROW()-2)*4)+3)=\"\",\"\",INDIRECT(\"'MRO Certificate Printing'!I\"&((ROW()-2)*4)+3))","v":""},{"$f":"IF(INDIRECT(\"'MRO Certificate Printing'!K\"&((ROW()-2)*4)+3)=\"\",\"\",INDIRECT(\"'MRO Certificate Printing'!K\"&((ROW()-2)*4)+3))","v":""},null,{"$f":"IF(INDIRECT(\"'MRO Certificate Printing'!D\"&((ROW()-2)*4)+4)=\"\",\"\",INDIRECT(\"'MRO Certificate Printing'!D\"&((ROW()-2)*4)+4))","v":""},{"$f":"IF(INDIRECT(\"'MRO Certificate Printing'!E\"&((ROW()-2)*4)+4)=\"\",\"\",INDIRECT(\"'MRO Certificate Printing'!E\"&((ROW()-2)*4)+4))","v":""},{"$f":"IF(INDIRECT(\"'MRO Certificate Printing'!F\"&((ROW()-2)*4)+4)=\"\",\"\",INDIRECT(\"'MRO Certificate Printing'!F\"&((ROW()-2)*4)+4))","v":""},{"$f":"IF(INDIRECT(\"'MRO Certificate Printing'!B\"&((ROW()-2)*4)+4)=\"\",\"\",INDIRECT(\"'MRO Certificate Printing'!B\"&((ROW()-2)*4)+4))","v":""},{"$f":"IF(INDIRECT(\"'MRO Certificate Printing'!G\"&((ROW()-2)*4)+4)=\"\",\"\",INDIRECT(\"'MRO Certificate Printing'!G\"&((ROW()-2)*4)+4))","v":""},{"$f":"IF(INDIRECT(\"'MRO Certificate Printing'!J\"&((ROW()-2)*4)+4)=\"\",\"\",INDIRECT(\"'MRO Certificate Printing'!J\"&((ROW()-2)*4)+4))","v":""},{"$f":"IF(INDIRECT(\"'MRO Certificate Printing'!I\"&((ROW()-2)*4)+4)=\"\",\"\",INDIRECT(\"'MRO Certificate Printing'!I\"&((ROW()-2)*4)+4))","v":""},{"$f":"IF(INDIRECT(\"'MRO Certificate Printing'!K\"&((ROW()-2)*4)+4)=\"\",\"\",INDIRECT(\"'MRO Certificate Printing'!K\"&((ROW()-2)*4)+4))","v":""},null,{"$f":"IF(INDIRECT(\"'MRO Certificate Printing'!D\"&((ROW()-2)*4)+5)=\"\",\"\",INDIRECT(\"'MRO Certificate Printing'!D\"&((ROW()-2)*4)+5))","v":""},{"$f":"IF(INDIRECT(\"'MRO Certificate Printing'!E\"&((ROW()-2)*4)+5)=\"\",\"\",INDIRECT(\"'MRO Certificate Printing'!E\"&((ROW()-2)*4)+5))","v":""},{"$f":"IF(INDIRECT(\"'MRO Certificate Printing'!F\"&((ROW()-2)*4)+5)=\"\",\"\",INDIRECT(\"'MRO Certificate Printing'!F\"&((ROW()-2)*4)+5))","v":""},{"$f":"IF(INDIRECT(\"'MRO Certificate Printing'!B\"&((ROW()-2)*4)+5)=\"\",\"\",INDIRECT(\"'MRO Certificate Printing'!B\"&((ROW()-2)*4)+5))","v":""},{"$f":"IF(INDIRECT(\"'MRO Certificate Printing'!G\"&((ROW()-2)*4)+5)=\"\",\"\",INDIRECT(\"'MRO Certificate Printing'!G\"&((ROW()-2)*4)+5))","v":""},{"$f":"IF(INDIRECT(\"'MRO Certificate Printing'!J\"&((ROW()-2)*4)+5)=\"\",\"\",INDIRECT(\"'MRO Certificate Printing'!J\"&((ROW()-2)*4)+5))","v":""},{"$f":"IF(INDIRECT(\"'MRO Certificate Printing'!I\"&((ROW()-2)*4)+5)=\"\",\"\",INDIRECT(\"'MRO Certificate Printing'!I\"&((ROW()-2)*4)+5))","v":""},{"$f":"IF(INDIRECT(\"'MRO Certificate Printing'!K\"&((ROW()-2)*4)+5)=\"\",\"\",INDIRECT(\"'MRO Certificate Printing'!K\"&((ROW()-2)*4)+5))","v":""}]
["",{"$f":"IF(INDIRECT(\"'MRO Certificate Printing'!D\"&((ROW()-2)*4)+2)=\"\",\"\",INDIRECT(\"'MRO Certificate Printing'!D\"&((ROW()-2)*4)+2))","v":""},{"$f":"IF(INDIRECT(\"'MRO Certificate Printing'!E\"&((ROW()-2)*4)+2)=\"\",\"\",INDIRECT(\"'MRO Certificate Printing'!E\"&((ROW()-2)*4)+2))","v":""},{"$f":"IF(INDIRECT(\"'MRO Certificate Printing'!F\"&((ROW()-2)*4)+2)=\"\",\"\",INDIRECT(\"'MRO Certificate Printing'!F\"&((ROW()-2)*4)+2))","v":""},{"$f":"IF(INDIRECT(\"'MRO Certificate Printing'!B\"&((ROW()-2)*4)+2)=\"\",\"\",INDIRECT(\"'MRO Certificate Printing'!B\"&((ROW()-2)*4)+2))","v":""},{"$f":"IF(INDIRECT(\"'MRO Certificate Printing'!G\"&((ROW()-2)*4)+2)=\"\",\"\",INDIRECT(\"'MRO Certificate Printing'!G\"&((ROW()-2)*4)+2))","v":""},{"$f":"IF(INDIRECT(\"'MRO Certificate Printing'!J\"&((ROW()-2)*4)+2)=\"\",\"\",INDIRECT(\"'MRO Certificate Printing'!J\"&((ROW()-2)*4)+2))","v":""},{"$f":"IF(INDIRECT(\"'MRO Certificate Printing'!I\"&((ROW()-2)*4)+2)=\"\",\"\",INDIRECT(\"'MRO Certificate Printing'!I\"&((ROW()-2)*4)+2))","v":""},{"$f":"IF(INDIRECT(\"'MRO Certificate Printing'!K\"&((ROW()-2)*4)+2)=\"\",\"\",INDIRECT(\"'MRO Certificate Printing'!K\"&((ROW()-2)*4)+2))","v":""},null,{"$f":"IF(INDIRECT(\"'MRO Certificate Printing'!D\"&((ROW()-2)*4)+3)=\"\",\"\",INDIRECT(\"'MRO Certificate Printing'!D\"&((ROW()-2)*4)+3))","v":""},{"$f":"IF(INDIRECT(\"'MRO Certificate Printing'!E\"&((ROW()-2)*4)+3)=\"\",\"\",INDIRECT(\"'MRO Certificate Printing'!E\"&((ROW()-2)*4)+3))","v":""},{"$f":"IF(INDIRECT(\"'MRO Certificate Printing'!F\"&((ROW()-2)*4)+3)=\"\",\"\",INDIRECT(\"'MRO Certificate Printing'!F\"&((ROW()-2)*4)+3))","v":""},{"$f":"IF(INDIRECT(\"'MRO Certificate Printing'!B\"&((ROW()-2)*4)+3)=\"\",\"\",INDIRECT(\"'MRO Certificate Printing'!B\"&((ROW()-2)*4)+3))","v":""},{"$f":"IF(INDIRECT(\"'MRO Certificate Printing'!G\"&((ROW()-2)*4)+3)=\"\",\"\",INDIRECT(\"'MRO Certificate Printing'!G\"&((ROW()-2)*4)+3))","v":""},{"$f":"IF(INDIRECT(\"'MRO Certificate Printing'!J\"&((ROW()-2)*4)+3)=\"\",\"\",INDIRECT(\"'MRO Certificate Printing'!J\"&((ROW()-2)*4)+3))","v":""},{"$f":"IF(INDIRECT(\"'MRO Certificate Printing'!I\"&((ROW()-2)*4)+3)=\"\",\"\",INDIRECT(\"'MRO Certificate Printing'!I\"&((ROW()-2)*4)+3))","v":""},{"$f":"IF(INDIRECT(\"'MRO Certificate Printing'!K\"&((ROW()-2)*4)+3)=\"\",\"\",INDIRECT(\"'MRO Certificate Printing'!K\"&((ROW()-2)*4)+3))","v":""},null,{"$f":"IF(INDIRECT(\"'MRO Certificate Printing'!D\"&((ROW()-2)*4)+4)=\"\",\"\",INDIRECT(\"'MRO Certificate Printing'!D\"&((ROW()-2)*4)+4))","v":""},{"$f":"IF(INDIRECT(\"'MRO Certificate Printing'!E\"&((ROW()-2)*4)+4)=\"\",\"\",INDIRECT(\"'MRO Certificate Printing'!E\"&((ROW()-2)*4)+4))","v":""},{"$f":"IF(INDIRECT(\"'MRO Certificate Printing'!F\"&((ROW()-2)*4)+4)=\"\",\"\",INDIRECT(\"'MRO Certificate Printing'!F\"&((ROW()-2)*4)+4))","v":""},{"$f":"IF(INDIRECT(\"'MRO Certificate Printing'!B\"&((ROW()-2)*4)+4)=\"\",\"\",INDIRECT(\"'MRO Certificate Printing'!B\"&((ROW()-2)*4)+4))","v":""},{"$f":"IF(INDIRECT(\"'MRO Certificate Printing'!G\"&((ROW()-2)*4)+4)=\"\",\"\",INDIRECT(\"'MRO Certificate Printing'!G\"&((ROW()-2)*4)+4))","v":""},{"$f":"IF(INDIRECT(\"'MRO Certificate Printing'!J\"&((ROW()-2)*4)+4)=\"\",\"\",INDIRECT(\"'MRO Certificate Printing'!J\"&((ROW()-2)*4)+4))","v":""},{"$f":"IF(INDIRECT(\"'MRO Certificate Printing'!I\"&((ROW()-2)*4)+4)=\"\",\"\",INDIRECT(\"'MRO Certificate Printing'!I\"&((ROW()-2)*4)+4))","v":""},{"$f":"IF(INDIRECT(\"'MRO Certificate Printing'!K\"&((ROW()-2)*4)+4)=\"\",\"\",INDIRECT(\"'MRO Certificate Printing'!K\"&((ROW()-2)*4)+4))","v":""},null,{"$f":"IF(INDIRECT(\"'MRO Certificate Printing'!D\"&((ROW()-2)*4)+5)=\"\",\"\",INDIRECT(\"'MRO Certificate Printing'!D\"&((ROW()-2)*4)+5))","v":""},{"$f":"IF(INDIRECT(\"'MRO Certificate Printing'!E\"&((ROW()-2)*4)+5)=\"\",\"\",INDIRECT(\"'MRO Certificate Printing'!E\"&((ROW()-2)*4)+5))","v":""},{"$f":"IF(INDIRECT(\"'MRO Certificate Printing'!F\"&((ROW()-2)*4)+5)=\"\",\"\",INDIRECT(\"'MRO Certificate Printing'!F\"&((ROW()-2)*4)+5))","v":""},{"$f":"IF(INDIRECT(\"'MRO Certificate Printing'!B\"&((ROW()-2)*4)+5)=\"\",\"\",INDIRECT(\"'MRO Certificate Printing'!B\"&((ROW()-2)*4)+5))","v":""},{"$f":"IF(INDIRECT(\"'MRO Certificate Printing'!G\"&((ROW()-2)*4)+5)=\"\",\"\",INDIRECT(\"'MRO Certificate Printing'!G\"&((ROW()-2)*4)+5))","v":""},{"$f":"IF(INDIRECT(\"'MRO Certificate Printing'!J\"&((ROW()-2)*4)+5)=\"\",\"\",INDIRECT(\"'MRO Certificate Printing'!J\"&((ROW()-2)*4)+5))","v":""},{"$f":"IF(INDIRECT(\"'MRO Certificate Printing'!I\"&((ROW()-2)*4)+5)=\"\",\"\",INDIRECT(\"'MRO Certificate Printing'!I\"&((ROW()-2)*4)+5))","v":""},{"$f":"IF(INDIRECT(\"'MRO Certificate Printing'!K\"&((ROW()-2)*4)+5)=\"\",\"\",INDIRECT(\"'MRO Certificate Printing'!K\"&((ROW()-2)*4)+5))","v":""}]
["",{"$f":"IF(INDIRECT(\"'MRO Certificate Printing'!D\"&((ROW()-2)*4)+2)=\"\",\"\",INDIRECT(\"'MRO Certificate Printing'!D\"&((ROW()-2)*4)+2))","v":""},{"$f":"IF(INDIRECT(\"'MRO Certificate Printing'!E\"&((ROW()-2)*4)+2)=\"\",\"\",INDIRECT(\"'MRO Certificate Printing'!E\"&((ROW()-2)*4)+2))","v":""},{"$f":"IF(INDIRECT(\"'MRO Certificate Printing'!F\"&((ROW()-2)*4)+2)=\"\",\"\",INDIRECT(\"'MRO Certificate Printing'!F\"&((ROW()-2)*4)+2))","v":""},{"$f":"IF(INDIRECT(\"'MRO Certificate Printing'!B\"&((ROW()-2)*4)+2)=\"\",\"\",INDIRECT(\"'MRO Certificate Printing'!B\"&((ROW()-2)*4)+2))","v":""},{"$f":"IF(INDIRECT(\"'MRO Certificate Printing'!G\"&((ROW()-2)*4)+2)=\"\",\"\",INDIRECT(\"'MRO Certificate Printing'!G\"&((ROW()-2)*4)+2))","v":""},{"$f":"IF(INDIRECT(\"'MRO Certificate Printing'!J\"&((ROW()-2)*4)+2)=\"\",\"\",INDIRECT(\"'MRO Certificate Printing'!J\"&((ROW()-2)*4)+2))","v":""},{"$f":"IF(INDIRECT(\"'MRO Certificate Printing'!I\"&((ROW()-2)*4)+2)=\"\",\"\",INDIRECT(\"'MRO Certificate Printing'!I\"&((ROW()-2)*4)+2))","v":""},{"$f":"IF(INDIRECT(\"'MRO Certificate Printing'!K\"&((ROW()-2)*4)+2)=\"\",\"\",INDIRECT(\"'MRO Certificate Printing'!K\"&((ROW()-2)*4)+2))","v":""},null,{"$f":"IF(INDIRECT(\"'MRO Certificate Printing'!D\"&((ROW()-2)*4)+3)=\"\",\"\",INDIRECT(\"'MRO Certificate Printing'!D\"&((ROW()-2)*4)+3))","v":""},{"$f":"IF(INDIRECT(\"'MRO Certificate Printing'!E\"&((ROW()-2)*4)+3)=\"\",\"\",INDIRECT(\"'MRO Certificate Printing'!E\"&((ROW()-2)*4)+3))","v":""},{"$f":"IF(INDIRECT(\"'MRO Certificate Printing'!F\"&((ROW()-2)*4)+3)=\"\",\"\",INDIRECT(\"'MRO Certificate Printing'!F\"&((ROW()-2)*4)+3))","v":""},{"$f":"IF(INDIRECT(\"'MRO Certificate Printing'!B\"&((ROW()-2)*4)+3)=\"\",\"\",INDIRECT(\"'MRO Certificate Printing'!B\"&((ROW()-2)*4)+3))","v":""},{"$f":"IF(INDIRECT(\"'MRO Certificate Printing'!G\"&((ROW()-2)*4)+3)=\"\",\"\",INDIRECT(\"'MRO Certificate Printing'!G\"&((ROW()-2)*4)+3))","v":""},{"$f":"IF(INDIRECT(\"'MRO Certificate Printing'!J\"&((ROW()-2)*4)+3)=\"\",\"\",INDIRECT(\"'MRO Certificate Printing'!J\"&((ROW()-2)*4)+3))","v":""},{"$f":"IF(INDIRECT(\"'MRO Certificate Printing'!I\"&((ROW()-2)*4)+3)=\"\",\"\",INDIRECT(\"'MRO Certificate Printing'!I\"&((ROW()-2)*4)+3))","v":""},{"$f":"IF(INDIRECT(\"'MRO Certificate Printing'!K\"&((ROW()-2)*4)+3)=\"\",\"\",INDIRECT(\"'MRO Certificate Printing'!K\"&((ROW()-2)*4)+3))","v":""},null,{"$f":"IF(INDIRECT(\"'MRO Certificate Printing'!D\"&((ROW()-2)*4)+4)=\"\",\"\",INDIRECT(\"'MRO Certificate Printing'!D\"&((ROW()-2)*4)+4))","v":""},{"$f":"IF(INDIRECT(\"'MRO Certificate Printing'!E\"&((ROW()-2)*4)+4)=\"\",\"\",INDIRECT(\"'MRO Certificate Printing'!E\"&((ROW()-2)*4)+4))","v":""},{"$f":"IF(INDIRECT(\"'MRO Certificate Printing'!F\"&((ROW()-2)*4)+4)=\"\",\"\",INDIRECT(\"'MRO Certificate Printing'!F\"&((ROW()-2)*4)+4))","v":""},{"$f":"IF(INDIRECT(\"'MRO Certificate Printing'!B\"&((ROW()-2)*4)+4)=\"\",\"\",INDIRECT(\"'MRO Certificate Printing'!B\"&((ROW()-2)*4)+4))","v":""},{"$f":"IF(INDIRECT(\"'MRO Certificate Printing'!G\"&((ROW()-2)*4)+4)=\"\",\"\",INDIRECT(\"'MRO Certificate Printing'!G\"&((ROW()-2)*4)+4))","v":""},{"$f":"IF(INDIRECT(\"'MRO Certificate Printing'!J\"&((ROW()-2)*4)+4)=\"\",\"\",INDIRECT(\"'MRO Certificate Printing'!J\"&((ROW()-2)*4)+4))","v":""},{"$f":"IF(INDIRECT(\"'MRO Certificate Printing'!I\"&((ROW()-2)*4)+4)=\"\",\"\",INDIRECT(\"'MRO Certificate Printing'!I\"&((ROW()-2)*4)+4))","v":""},{"$f":"IF(INDIRECT(\"'MRO Certificate Printing'!K\"&((ROW()-2)*4)+4)=\"\",\"\",INDIRECT(\"'MRO Certificate Printing'!K\"&((ROW()-2)*4)+4))","v":""},null,{"$f":"IF(INDIRECT(\"'MRO Certificate Printing'!D\"&((ROW()-2)*4)+5)=\"\",\"\",INDIRECT(\"'MRO Certificate Printing'!D\"&((ROW()-2)*4)+5))","v":""},{"$f":"IF(INDIRECT(\"'MRO Certificate Printing'!E\"&((ROW()-2)*4)+5)=\"\",\"\",INDIRECT(\"'MRO Certificate Printing'!E\"&((ROW()-2)*4)+5))","v":""},{"$f":"IF(INDIRECT(\"'MRO Certificate Printing'!F\"&((ROW()-2)*4)+5)=\"\",\"\",INDIRECT(\"'MRO Certificate Printing'!F\"&((ROW()-2)*4)+5))","v":""},{"$f":"IF(INDIRECT(\"'MRO Certificate Printing'!B\"&((ROW()-2)*4)+5)=\"\",\"\",INDIRECT(\"'MRO Certificate Printing'!B\"&((ROW()-2)*4)+5))","v":""},{"$f":"IF(INDIRECT(\"'MRO Certificate Printing'!G\"&((ROW()-2)*4)+5)=\"\",\"\",INDIRECT(\"'MRO Certificate Printing'!G\"&((ROW()-2)*4)+5))","v":""},{"$f":"IF(INDIRECT(\"'MRO Certificate Printing'!J\"&((ROW()-2)*4)+5)=\"\",\"\",INDIRECT(\"'MRO Certificate Printing'!J\"&((ROW()-2)*4)+5))","v":""},{"$f":"IF(INDIRECT(\"'MRO Certificate Printing'!I\"&((ROW()-2)*4)+5)=\"\",\"\",INDIRECT(\"'MRO Certificate Printing'!I\"&((ROW()-2)*4)+5))","v":""},{"$f":"IF(INDIRECT(\"'MRO Certificate Printing'!K\"&((ROW()-2)*4)+5)=\"\",\"\",INDIRECT(\"'MRO Certificate Printing'!K\"&((ROW()-2)*4)+5))","v":""}]
["",{"$f":"IF(INDIRECT(\"'MRO Certificate Printing'!D\"&((ROW()-2)*4)+2)=\"\",\"\",INDIRECT(\"'MRO Certificate Printing'!D\"&((ROW()-2)*4)+2))","v":""},{"$f":"IF(INDIRECT(\"'MRO Certificate Printing'!E\"&((ROW()-2)*4)+2)=\"\",\"\",INDIRECT(\"'MRO Certificate Printing'!E\"&((ROW()-2)*4)+2))","v":""},{"$f":"IF(INDIRECT(\"'MRO Certificate Printing'!F\"&((ROW()-2)*4)+2)=\"\",\"\",INDIRECT(\"'MRO Certificate Printing'!F\"&((ROW()-2)*4)+2))","v":""},{"$f":"IF(INDIRECT(\"'MRO Certificate Printing'!B\"&((ROW()-2)*4)+2)=\"\",\"\",INDIRECT(\"'MRO Certificate Printing'!B\"&((ROW()-2)*4)+2))","v":""},{"$f":"IF(INDIRECT(\"'MRO Certificate Printing'!G\"&((ROW()-2)*4)+2)=\"\",\"\",INDIRECT(\"'MRO Certificate Printing'!G\"&((ROW()-2)*4)+2))","v":""},{"$f":"IF(INDIRECT(\"'MRO Certificate Printing'!J\"&((ROW()-2)*4)+2)=\"\",\"\",INDIRECT(\"'MRO Certificate Printing'!J\"&((ROW()-2)*4)+2))","v":""},{"$f":"IF(INDIRECT(\"'MRO Certificate Printing'!I\"&((ROW()-2)*4)+2)=\"\",\"\",INDIRECT(\"'MRO Certificate Printing'!I\"&((ROW()-2)*4)+2))","v":""},{"$f":"IF(INDIRECT(\"'MRO Certificate Printing'!K\"&((ROW()-2)*4)+2)=\"\",\"\",INDIRECT(\"'MRO Certificate Printing'!K\"&((ROW()-2)*4)+2))","v":""},null,{"$f":"IF(INDIRECT(\"'MRO Certificate Printing'!D\"&((ROW()-2)*4)+3)=\"\",\"\",INDIRECT(\"'MRO Certificate Printing'!D\"&((ROW()-2)*4)+3))","v":""},{"$f":"IF(INDIRECT(\"'MRO Certificate Printing'!E\"&((ROW()-2)*4)+3)=\"\",\"\",INDIRECT(\"'MRO Certificate Printing'!E\"&((ROW()-2)*4)+3))","v":""},{"$f":"IF(INDIRECT(\"'MRO Certificate Printing'!F\"&((ROW()-2)*4)+3)=\"\",\"\",INDIRECT(\"'MRO Certificate Printing'!F\"&((ROW()-2)*4)+3))","v":""},{"$f":"IF(INDIRECT(\"'MRO Certificate Printing'!B\"&((ROW()-2)*4)+3)=\"\",\"\",INDIRECT(\"'MRO Certificate Printing'!B\"&((ROW()-2)*4)+3))","v":""},{"$f":"IF(INDIRECT(\"'MRO Certificate Printing'!G\"&((ROW()-2)*4)+3)=\"\",\"\",INDIRECT(\"'MRO Certificate Printing'!G\"&((ROW()-2)*4)+3))","v":""},{"$f":"IF(INDIRECT(\"'MRO Certificate Printing'!J\"&((ROW()-2)*4)+3)=\"\",\"\",INDIRECT(\"'MRO Certificate Printing'!J\"&((ROW()-2)*4)+3))","v":""},{"$f":"IF(INDIRECT(\"'MRO Certificate Printing'!I\"&((ROW()-2)*4)+3)=\"\",\"\",INDIRECT(\"'MRO Certificate Printing'!I\"&((ROW()-2)*4)+3))","v":""},{"$f":"IF(INDIRECT(\"'MRO Certificate Printing'!K\"&((ROW()-2)*4)+3)=\"\",\"\",INDIRECT(\"'MRO Certificate Printing'!K\"&((ROW()-2)*4)+3))","v":""},null,{"$f":"IF(INDIRECT(\"'MRO Certificate Printing'!D\"&((ROW()-2)*4)+4)=\"\",\"\",INDIRECT(\"'MRO Certificate Printing'!D\"&((ROW()-2)*4)+4))","v":""},{"$f":"IF(INDIRECT(\"'MRO Certificate Printing'!E\"&((ROW()-2)*4)+4)=\"\",\"\",INDIRECT(\"'MRO Certificate Printing'!E\"&((ROW()-2)*4)+4))","v":""},{"$f":"IF(INDIRECT(\"'MRO Certificate Printing'!F\"&((ROW()-2)*4)+4)=\"\",\"\",INDIRECT(\"'MRO Certificate Printing'!F\"&((ROW()-2)*4)+4))","v":""},{"$f":"IF(INDIRECT(\"'MRO Certificate Printing'!B\"&((ROW()-2)*4)+4)=\"\",\"\",INDIRECT(\"'MRO Certificate Printing'!B\"&((ROW()-2)*4)+4))","v":""},{"$f":"IF(INDIRECT(\"'MRO Certificate Printing'!G\"&((ROW()-2)*4)+4)=\"\",\"\",INDIRECT(\"'MRO Certificate Printing'!G\"&((ROW()-2)*4)+4))","v":""},{"$f":"IF(INDIRECT(\"'MRO Certificate Printing'!J\"&((ROW()-2)*4)+4)=\"\",\"\",INDIRECT(\"'MRO Certificate Printing'!J\"&((ROW()-2)*4)+4))","v":""},{"$f":"IF(INDIRECT(\"'MRO Certificate Printing'!I\"&((ROW()-2)*4)+4)=\"\",\"\",INDIRECT(\"'MRO Certificate Printing'!I\"&((ROW()-2)*4)+4))","v":""},{"$f":"IF(INDIRECT(\"'MRO Certificate Printing'!K\"&((ROW()-2)*4)+4)=\"\",\"\",INDIRECT(\"'MRO Certificate Printing'!K\"&((ROW()-2)*4)+4))","v":""},null,{"$f":"IF(INDIRECT(\"'MRO Certificate Printing'!D\"&((ROW()-2)*4)+5)=\"\",\"\",INDIRECT(\"'MRO Certificate Printing'!D\"&((ROW()-2)*4)+5))","v":""},{"$f":"IF(INDIRECT(\"'MRO Certificate Printing'!E\"&((ROW()-2)*4)+5)=\"\",\"\",INDIRECT(\"'MRO Certificate Printing'!E\"&((ROW()-2)*4)+5))","v":""},{"$f":"IF(INDIRECT(\"'MRO Certificate Printing'!F\"&((ROW()-2)*4)+5)=\"\",\"\",INDIRECT(\"'MRO Certificate Printing'!F\"&((ROW()-2)*4)+5))","v":""},{"$f":"IF(INDIRECT(\"'MRO Certificate Printing'!B\"&((ROW()-2)*4)+5)=\"\",\"\",INDIRECT(\"'MRO Certificate Printing'!B\"&((ROW()-2)*4)+5))","v":""},{"$f":"IF(INDIRECT(\"'MRO Certificate Printing'!G\"&((ROW()-2)*4)+5)=\"\",\"\",INDIRECT(\"'MRO Certificate Printing'!G\"&((ROW()-2)*4)+5))","v":""},{"$f":"IF(INDIRECT(\"'MRO Certificate Printing'!J\"&((ROW()-2)*4)+5)=\"\",\"\",INDIRECT(\"'MRO Certificate Printing'!J\"&((ROW()-2)*4)+5))","v":""},{"$f":"IF(INDIRECT(\"'MRO Certificate Printing'!I\"&((ROW()-2)*4)+5)=\"\",\"\",INDIRECT(\"'MRO Certificate Printing'!I\"&((ROW()-2)*4)+5))","v":""},{"$f":"IF(INDIRECT(\"'MRO Certificate Printing'!K\"&((ROW()-2)*4)+5)=\"\",\"\",INDIRECT(\"'MRO Certificate Printing'!K\"&((ROW()-2)*4)+5))","v":""}]
["",{"$f":"IF(INDIRECT(\"'MRO Certificate Printing'!D\"&((ROW()-2)*4)+2)=\"\",\"\",INDIRECT(\"'MRO Certificate Printing'!D\"&((ROW()-2)*4)+2))","v":""},{"$f":"IF(INDIRECT(\"'MRO Certificate Printing'!E\"&((ROW()-2)*4)+2)=\"\",\"\",INDIRECT(\"'MRO Certificate Printing'!E\"&((ROW()-2)*4)+2))","v":""},{"$f":"IF(INDIRECT(\"'MRO Certificate Printing'!F\"&((ROW()-2)*4)+2)=\"\",\"\",INDIRECT(\"'MRO Certificate Printing'!F\"&((ROW()-2)*4)+2))","v":""},{"$f":"IF(INDIRECT(\"'MRO Certificate Printing'!B\"&((ROW()-2)*4)+2)=\"\",\"\",INDIRECT(\"'MRO Certificate Printing'!B\"&((ROW()-2)*4)+2))","v":""},{"$f":"IF(INDIRECT(\"'MRO Certificate Printing'!G\"&((ROW()-2)*4)+2)=\"\",\"\",INDIRECT(\"'MRO Certificate Printing'!G\"&((ROW()-2)*4)+2))","v":""},{"$f":"IF(INDIRECT(\"'MRO Certificate Printing'!J\"&((ROW()-2)*4)+2)=\"\",\"\",INDIRECT(\"'MRO Certificate Printing'!J\"&((ROW()-2)*4)+2))","v":""},{"$f":"IF(INDIRECT(\"'MRO Certificate Printing'!I\"&((ROW()-2)*4)+2)=\"\",\"\",INDIRECT(\"'MRO Certificate Printing'!I\"&((ROW()-2)*4)+2))","v":""},{"$f":"IF(INDIRECT(\"'MRO Certificate Printing'!K\"&((ROW()-2)*4)+2)=\"\",\"\",INDIRECT(\"'MRO Certificate Printing'!K\"&((ROW()-2)*4)+2))","v":""},null,{"$f":"IF(INDIRECT(\"'MRO Certificate Printing'!D\"&((ROW()-2)*4)+3)=\"\",\"\",INDIRECT(\"'MRO Certificate Printing'!D\"&((ROW()-2)*4)+3))","v":""},{"$f":"IF(INDIRECT(\"'MRO Certificate Printing'!E\"&((ROW()-2)*4)+3)=\"\",\"\",INDIRECT(\"'MRO Certificate Printing'!E\"&((ROW()-2)*4)+3))","v":""},{"$f":"IF(INDIRECT(\"'MRO Certificate Printing'!F\"&((ROW()-2)*4)+3)=\"\",\"\",INDIRECT(\"'MRO Certificate Printing'!F\"&((ROW()-2)*4)+3))","v":""},{"$f":"IF(INDIRECT(\"'MRO Certificate Printing'!B\"&((ROW()-2)*4)+3)=\"\",\"\",INDIRECT(\"'MRO Certificate Printing'!B\"&((ROW()-2)*4)+3))","v":""},{"$f":"IF(INDIRECT(\"'MRO Certificate Printing'!G\"&((ROW()-2)*4)+3)=\"\",\"\",INDIRECT(\"'MRO Certificate Printing'!G\"&((ROW()-2)*4)+3))","v":""},{"$f":"IF(INDIRECT(\"'MRO Certificate Printing'!J\"&((ROW()-2)*4)+3)=\"\",\"\",INDIRECT(\"'MRO Certificate Printing'!J\"&((ROW()-2)*4)+3))","v":""},{"$f":"IF(INDIRECT(\"'MRO Certificate Printing'!I\"&((ROW()-2)*4)+3)=\"\",\"\",INDIRECT(\"'MRO Certificate Printing'!I\"&((ROW()-2)*4)+3))","v":""},{"$f":"IF(INDIRECT(\"'MRO Certificate Printing'!K\"&((ROW()-2)*4)+3)=\"\",\"\",INDIRECT(\"'MRO Certificate Printing'!K\"&((ROW()-2)*4)+3))","v":""},null,{"$f":"IF(INDIRECT(\"'MRO Certificate Printing'!D\"&((ROW()-2)*4)+4)=\"\",\"\",INDIRECT(\"'MRO Certificate Printing'!D\"&((ROW()-2)*4)+4))","v":""},{"$f":"IF(INDIRECT(\"'MRO Certificate Printing'!E\"&((ROW()-2)*4)+4)=\"\",\"\",INDIRECT(\"'MRO Certificate Printing'!E\"&((ROW()-2)*4)+4))","v":""},{"$f":"IF(INDIRECT(\"'MRO Certificate Printing'!F\"&((ROW()-2)*4)+4)=\"\",\"\",INDIRECT(\"'MRO Certificate Printing'!F\"&((ROW()-2)*4)+4))","v":""},{"$f":"IF(INDIRECT(\"'MRO Certificate Printing'!B\"&((ROW()-2)*4)+4)=\"\",\"\",INDIRECT(\"'MRO Certificate Printing'!B\"&((ROW()-2)*4)+4))","v":""},{"$f":"IF(INDIRECT(\"'MRO Certificate Printing'!G\"&((ROW()-2)*4)+4)=\"\",\"\",INDIRECT(\"'MRO Certificate Printing'!G\"&((ROW()-2)*4)+4))","v":""},{"$f":"IF(INDIRECT(\"'MRO Certificate Printing'!J\"&((ROW()-2)*4)+4)=\"\",\"\",INDIRECT(\"'MRO Certificate Printing'!J\"&((ROW()-2)*4)+4))","v":""},{"$f":"IF(INDIRECT(\"'MRO Certificate Printing'!I\"&((ROW()-2)*4)+4)=\"\",\"\",INDIRECT(\"'MRO Certificate Printing'!I\"&((ROW()-2)*4)+4))","v":""},{"$f":"IF(INDIRECT(\"'MRO Certificate Printing'!K\"&((ROW()-2)*4)+4)=\"\",\"\",INDIRECT(\"'MRO Certificate Printing'!K\"&((ROW()-2)*4)+4))","v":""},null,{"$f":"IF(INDIRECT(\"'MRO Certificate Printing'!D\"&((ROW()-2)*4)+5)=\"\",\"\",INDIRECT(\"'MRO Certificate Printing'!D\"&((ROW()-2)*4)+5))","v":""},{"$f":"IF(INDIRECT(\"'MRO Certificate Printing'!E\"&((ROW()-2)*4)+5)=\"\",\"\",INDIRECT(\"'MRO Certificate Printing'!E\"&((ROW()-2)*4)+5))","v":""},{"$f":"IF(INDIRECT(\"'MRO Certificate Printing'!F\"&((ROW()-2)*4)+5)=\"\",\"\",INDIRECT(\"'MRO Certificate Printing'!F\"&((ROW()-2)*4)+5))","v":""},{"$f":"IF(INDIRECT(\"'MRO Certificate Printing'!B\"&((ROW()-2)*4)+5)=\"\",\"\",INDIRECT(\"'MRO Certificate Printing'!B\"&((ROW()-2)*4)+5))","v":""},{"$f":"IF(INDIRECT(\"'MRO Certificate Printing'!G\"&((ROW()-2)*4)+5)=\"\",\"\",INDIRECT(\"'MRO Certificate Printing'!G\"&((ROW()-2)*4)+5))","v":""},{"$f":"IF(INDIRECT(\"'MRO Certificate Printing'!J\"&((ROW()-2)*4)+5)=\"\",\"\",INDIRECT(\"'MRO Certificate Printing'!J\"&((ROW()-2)*4)+5))","v":""},{"$f":"IF(INDIRECT(\"'MRO Certificate Printing'!I\"&((ROW()-2)*4)+5)=\"\",\"\",INDIRECT(\"'MRO Certificate Printing'!I\"&((ROW()-2)*4)+5))","v":""},{"$f":"IF(INDIRECT(\"'MRO Certificate Printing'!K\"&((ROW()-2)*4)+5)=\"\",\"\",INDIRECT(\"'MRO Certificate Printing'!K\"&((ROW()-2)*4)+5))","v":""}]
["",{"$f":"IF(INDIRECT(\"'MRO Certificate Printing'!D\"&((ROW()-2)*4)+2)=\"\",\"\",INDIRECT(\"'MRO Certificate Printing'!D\"&((ROW()-2)*4)+2))","v":""},{"$f":"IF(INDIRECT(\"'MRO Certificate Printing'!E\"&((ROW()-2)*4)+2)=\"\",\"\",INDIRECT(\"'MRO Certificate Printing'!E\"&((ROW()-2)*4)+2))","v":""},{"$f":"IF(INDIRECT(\"'MRO Certificate Printing'!F\"&((ROW()-2)*4)+2)=\"\",\"\",INDIRECT(\"'MRO Certificate Printing'!F\"&((ROW()-2)*4)+2))","v":""},{"$f":"IF(INDIRECT(\"'MRO Certificate Printing'!B\"&((ROW()-2)*4)+2)=\"\",\"\",INDIRECT(\"'MRO Certificate Printing'!B\"&((ROW()-2)*4)+2))","v":""},{"$f":"IF(INDIRECT(\"'MRO Certificate Printing'!G\"&((ROW()-2)*4)+2)=\"\",\"\",INDIRECT(\"'MRO Certificate Printing'!G\"&((ROW()-2)*4)+2))","v":""},{"$f":"IF(INDIRECT(\"'MRO Certificate Printing'!J\"&((ROW()-2)*4)+2)=\"\",\"\",INDIRECT(\"'MRO Certificate Printing'!J\"&((ROW()-2)*4)+2))","v":""},{"$f":"IF(INDIRECT(\"'MRO Certificate Printing'!I\"&((ROW()-2)*4)+2)=\"\",\"\",INDIRECT(\"'MRO Certificate Printing'!I\"&((ROW()-2)*4)+2))","v":""},{"$f":"IF(INDIRECT(\"'MRO Certificate Printing'!K\"&((ROW()-2)*4)+2)=\"\",\"\",INDIRECT(\"'MRO Certificate Printing'!K\"&((ROW()-2)*4)+2))","v":""},null,{"$f":"IF(INDIRECT(\"'MRO Certificate Printing'!D\"&((ROW()-2)*4)+3)=\"\",\"\",INDIRECT(\"'MRO Certificate Printing'!D\"&((ROW()-2)*4)+3))","v":""},{"$f":"IF(INDIRECT(\"'MRO Certificate Printing'!E\"&((ROW()-2)*4)+3)=\"\",\"\",INDIRECT(\"'MRO Certificate Printing'!E\"&((ROW()-2)*4)+3))","v":""},{"$f":"IF(INDIRECT(\"'MRO Certificate Printing'!F\"&((ROW()-2)*4)+3)=\"\",\"\",INDIRECT(\"'MRO Certificate Printing'!F\"&((ROW()-2)*4)+3))","v":""},{"$f":"IF(INDIRECT(\"'MRO Certificate Printing'!B\"&((ROW()-2)*4)+3)=\"\",\"\",INDIRECT(\"'MRO Certificate Printing'!B\"&((ROW()-2)*4)+3))","v":""},{"$f":"IF(INDIRECT(\"'MRO Certificate Printing'!G\"&((ROW()-2)*4)+3)=\"\",\"\",INDIRECT(\"'MRO Certificate Printing'!G\"&((ROW()-2)*4)+3))","v":""},{"$f":"IF(INDIRECT(\"'MRO Certificate Printing'!J\"&((ROW()-2)*4)+3)=\"\",\"\",INDIRECT(\"'MRO Certificate Printing'!J\"&((ROW()-2)*4)+3))","v":""},{"$f":"IF(INDIRECT(\"'MRO Certificate Printing'!I\"&((ROW()-2)*4)+3)=\"\",\"\",INDIRECT(\"'MRO Certificate Printing'!I\"&((ROW()-2)*4)+3))","v":""},{"$f":"IF(INDIRECT(\"'MRO Certificate Printing'!K\"&((ROW()-2)*4)+3)=\"\",\"\",INDIRECT(\"'MRO Certificate Printing'!K\"&((ROW()-2)*4)+3))","v":""},null,{"$f":"IF(INDIRECT(\"'MRO Certificate Printing'!D\"&((ROW()-2)*4)+4)=\"\",\"\",INDIRECT(\"'MRO Certificate Printing'!D\"&((ROW()-2)*4)+4))","v":""},{"$f":"IF(INDIRECT(\"'MRO Certificate Printing'!E\"&((ROW()-2)*4)+4)=\"\",\"\",INDIRECT(\"'MRO Certificate Printing'!E\"&((ROW()-2)*4)+4))","v":""},{"$f":"IF(INDIRECT(\"'MRO Certificate Printing'!F\"&((ROW()-2)*4)+4)=\"\",\"\",INDIRECT(\"'MRO Certificate Printing'!F\"&((ROW()-2)*4)+4))","v":""},{"$f":"IF(INDIRECT(\"'MRO Certificate Printing'!B\"&((ROW()-2)*4)+4)=\"\",\"\",INDIRECT(\"'MRO Certificate Printing'!B\"&((ROW()-2)*4)+4))","v":""},{"$f":"IF(INDIRECT(\"'MRO Certificate Printing'!G\"&((ROW()-2)*4)+4)=\"\",\"\",INDIRECT(\"'MRO Certificate Printing'!G\"&((ROW()-2)*4)+4))","v":""},{"$f":"IF(INDIRECT(\"'MRO Certificate Printing'!J\"&((ROW()-2)*4)+4)=\"\",\"\",INDIRECT(\"'MRO Certificate Printing'!J\"&((ROW()-2)*4)+4))","v":""},{"$f":"IF(INDIRECT(\"'MRO Certificate Printing'!I\"&((ROW()-2)*4)+4)=\"\",\"\",INDIRECT(\"'MRO Certificate Printing'!I\"&((ROW()-2)*4)+4))","v":""},{"$f":"IF(INDIRECT(\"'MRO Certificate Printing'!K\"&((ROW()-2)*4)+4)=\"\",\"\",INDIRECT(\"'MRO Certificate Printing'!K\"&((ROW()-2)*4)+4))","v":""},null,{"$f":"IF(INDIRECT(\"'MRO Certificate Printing'!D\"&((ROW()-2)*4)+5)=\"\",\"\",INDIRECT(\"'MRO Certificate Printing'!D\"&((ROW()-2)*4)+5))","v":""},{"$f":"IF(INDIRECT(\"'MRO Certificate Printing'!E\"&((ROW()-2)*4)+5)=\"\",\"\",INDIRECT(\"'MRO Certificate Printing'!E\"&((ROW()-2)*4)+5))","v":""},{"$f":"IF(INDIRECT(\"'MRO Certificate Printing'!F\"&((ROW()-2)*4)+5)=\"\",\"\",INDIRECT(\"'MRO Certificate Printing'!F\"&((ROW()-2)*4)+5))","v":""},{"$f":"IF(INDIRECT(\"'MRO Certificate Printing'!B\"&((ROW()-2)*4)+5)=\"\",\"\",INDIRECT(\"'MRO Certificate Printing'!B\"&((ROW()-2)*4)+5))","v":""},{"$f":"IF(INDIRECT(\"'MRO Certificate Printing'!G\"&((ROW()-2)*4)+5)=\"\",\"\",INDIRECT(\"'MRO Certificate Printing'!G\"&((ROW()-2)*4)+5))","v":""},{"$f":"IF(INDIRECT(\"'MRO Certificate Printing'!J\"&((ROW()-2)*4)+5)=\"\",\"\",INDIRECT(\"'MRO Certificate Printing'!J\"&((ROW()-2)*4)+5))","v":""},{"$f":"IF(INDIRECT(\"'MRO Certificate Printing'!I\"&((ROW()-2)*4)+5)=\"\",\"\",INDIRECT(\"'MRO Certificate Printing'!I\"&((ROW()-2)*4)+5))","v":""},{"$f":"IF(INDIRECT(\"'MRO Certificate Printing'!K\"&((ROW()-2)*4)+5)=\"\",\"\",INDIRECT(\"'MRO Certificate Printing'!K\"&((ROW()-2)*4)+5))","v":""}]
["",{"$f":"IF(INDIRECT(\"'MRO Certificate Printing'!D\"&((ROW()-2)*4)+2)=\"\",\"\",INDIRECT(\"'MRO Certificate Printing'!D\"&((ROW()-2)*4)+2))","v":""},{"$f":"IF(INDIRECT(\"'MRO Certificate Printing'!E\"&((ROW()-2)*4)+2)=\"\",\"\",INDIRECT(\"'MRO Certificate Printing'!E\"&((ROW()-2)*4)+2))","v":""},{"$f":"IF(INDIRECT(\"'MRO Certificate Printing'!F\"&((ROW()-2)*4)+2)=\"\",\"\",INDIRECT(\"'MRO Certificate Printing'!F\"&((ROW()-2)*4)+2))","v":""},{"$f":"IF(INDIRECT(\"'MRO Certificate Printing'!B\"&((ROW()-2)*4)+2)=\"\",\"\",INDIRECT(\"'MRO Certificate Printing'!B\"&((ROW()-2)*4)+2))","v":""},{"$f":"IF(INDIRECT(\"'MRO Certificate Printing'!G\"&((ROW()-2)*4)+2)=\"\",\"\",INDIRECT(\"'MRO Certificate Printing'!G\"&((ROW()-2)*4)+2))","v":""},{"$f":"IF(INDIRECT(\"'MRO Certificate Printing'!J\"&((ROW()-2)*4)+2)=\"\",\"\",INDIRECT(\"'MRO Certificate Printing'!J\"&((ROW()-2)*4)+2))","v":""},{"$f":"IF(INDIRECT(\"'MRO Certificate Printing'!I\"&((ROW()-2)*4)+2)=\"\",\"\",INDIRECT(\"'MRO Certificate Printing'!I\"&((ROW()-2)*4)+2))","v":""},{"$f":"IF(INDIRECT(\"'MRO Certificate Printing'!K\"&((ROW()-2)*4)+2)=\"\",\"\",INDIRECT(\"'MRO Certificate Printing'!K\"&((ROW()-2)*4)+2))","v":""},null,{"$f":"IF(INDIRECT(\"'MRO Certificate Printing'!D\"&((ROW()-2)*4)+3)=\"\",\"\",INDIRECT(\"'MRO Certificate Printing'!D\"&((ROW()-2)*4)+3))","v":""},{"$f":"IF(INDIRECT(\"'MRO Certificate Printing'!E\"&((ROW()-2)*4)+3)=\"\",\"\",INDIRECT(\"'MRO Certificate Printing'!E\"&((ROW()-2)*4)+3))","v":""},{"$f":"IF(INDIRECT(\"'MRO Certificate Printing'!F\"&((ROW()-2)*4)+3)=\"\",\"\",INDIRECT(\"'MRO Certificate Printing'!F\"&((ROW()-2)*4)+3))","v":""},{"$f":"IF(INDIRECT(\"'MRO Certificate Printing'!B\"&((ROW()-2)*4)+3)=\"\",\"\",INDIRECT(\"'MRO Certificate Printing'!B\"&((ROW()-2)*4)+3))","v":""},{"$f":"IF(INDIRECT(\"'MRO Certificate Printing'!G\"&((ROW()-2)*4)+3)=\"\",\"\",INDIRECT(\"'MRO Certificate Printing'!G\"&((ROW()-2)*4)+3))","v":""},{"$f":"IF(INDIRECT(\"'MRO Certificate Printing'!J\"&((ROW()-2)*4)+3)=\"\",\"\",INDIRECT(\"'MRO Certificate Printing'!J\"&((ROW()-2)*4)+3))","v":""},{"$f":"IF(INDIRECT(\"'MRO Certificate Printing'!I\"&((ROW()-2)*4)+3)=\"\",\"\",INDIRECT(\"'MRO Certificate Printing'!I\"&((ROW()-2)*4)+3))","v":""},{"$f":"IF(INDIRECT(\"'MRO Certificate Printing'!K\"&((ROW()-2)*4)+3)=\"\",\"\",INDIRECT(\"'MRO Certificate Printing'!K\"&((ROW()-2)*4)+3))","v":""},null,{"$f":"IF(INDIRECT(\"'MRO Certificate Printing'!D\"&((ROW()-2)*4)+4)=\"\",\"\",INDIRECT(\"'MRO Certificate Printing'!D\"&((ROW()-2)*4)+4))","v":""},{"$f":"IF(INDIRECT(\"'MRO Certificate Printing'!E\"&((ROW()-2)*4)+4)=\"\",\"\",INDIRECT(\"'MRO Certificate Printing'!E\"&((ROW()-2)*4)+4))","v":""},{"$f":"IF(INDIRECT(\"'MRO Certificate Printing'!F\"&((ROW()-2)*4)+4)=\"\",\"\",INDIRECT(\"'MRO Certificate Printing'!F\"&((ROW()-2)*4)+4))","v":""},{"$f":"IF(INDIRECT(\"'MRO Certificate Printing'!B\"&((ROW()-2)*4)+4)=\"\",\"\",INDIRECT(\"'MRO Certificate Printing'!B\"&((ROW()-2)*4)+4))","v":""},{"$f":"IF(INDIRECT(\"'MRO Certificate Printing'!G\"&((ROW()-2)*4)+4)=\"\",\"\",INDIRECT(\"'MRO Certificate Printing'!G\"&((ROW()-2)*4)+4))","v":""},{"$f":"IF(INDIRECT(\"'MRO Certificate Printing'!J\"&((ROW()-2)*4)+4)=\"\",\"\",INDIRECT(\"'MRO Certificate Printing'!J\"&((ROW()-2)*4)+4))","v":""},{"$f":"IF(INDIRECT(\"'MRO Certificate Printing'!I\"&((ROW()-2)*4)+4)=\"\",\"\",INDIRECT(\"'MRO Certificate Printing'!I\"&((ROW()-2)*4)+4))","v":""},{"$f":"IF(INDIRECT(\"'MRO Certificate Printing'!K\"&((ROW()-2)*4)+4)=\"\",\"\",INDIRECT(\"'MRO Certificate Printing'!K\"&((ROW()-2)*4)+4))","v":""},null,{"$f":"IF(INDIRECT(\"'MRO Certificate Printing'!D\"&((ROW()-2)*4)+5)=\"\",\"\",INDIRECT(\"'MRO Certificate Printing'!D\"&((ROW()-2)*4)+5))","v":""},{"$f":"IF(INDIRECT(\"'MRO Certificate Printing'!E\"&((ROW()-2)*4)+5)=\"\",\"\",INDIRECT(\"'MRO Certificate Printing'!E\"&((ROW()-2)*4)+5))","v":""},{"$f":"IF(INDIRECT(\"'MRO Certificate Printing'!F\"&((ROW()-2)*4)+5)=\"\",\"\",INDIRECT(\"'MRO Certificate Printing'!F\"&((ROW()-2)*4)+5))","v":""},{"$f":"IF(INDIRECT(\"'MRO Certificate Printing'!B\"&((ROW()-2)*4)+5)=\"\",\"\",INDIRECT(\"'MRO Certificate Printing'!B\"&((ROW()-2)*4)+5))","v":""},{"$f":"IF(INDIRECT(\"'MRO Certificate Printing'!G\"&((ROW()-2)*4)+5)=\"\",\"\",INDIRECT(\"'MRO Certificate Printing'!G\"&((ROW()-2)*4)+5))","v":""},{"$f":"IF(INDIRECT(\"'MRO Certificate Printing'!J\"&((ROW()-2)*4)+5)=\"\",\"\",INDIRECT(\"'MRO Certificate Printing'!J\"&((ROW()-2)*4)+5))","v":""},{"$f":"IF(INDIRECT(\"'MRO Certificate Printing'!I\"&((ROW()-2)*4)+5)=\"\",\"\",INDIRECT(\"'MRO Certificate Printing'!I\"&((ROW()-2)*4)+5))","v":""},{"$f":"IF(INDIRECT(\"'MRO Certificate Printing'!K\"&((ROW()-2)*4)+5)=\"\",\"\",INDIRECT(\"'MRO Certificate Printing'!K\"&((ROW()-2)*4)+5))","v":""}]
["",{"$f":"IF(INDIRECT(\"'MRO Certificate Printing'!D\"&((ROW()-2)*4)+2)=\"\",\"\",INDIRECT(\"'MRO Certificate Printing'!D\"&((ROW()-2)*4)+2))","v":""},{"$f":"IF(INDIRECT(\"'MRO Certificate Printing'!E\"&((ROW()-2)*4)+2)=\"\",\"\",INDIRECT(\"'MRO Certificate Printing'!E\"&((ROW()-2)*4)+2))","v":""},{"$f":"IF(INDIRECT(\"'MRO Certificate Printing'!F\"&((ROW()-2)*4)+2)=\"\",\"\",INDIRECT(\"'MRO Certificate Printing'!F\"&((ROW()-2)*4)+2))","v":""},{"$f":"IF(INDIRECT(\"'MRO Certificate Printing'!B\"&((ROW()-2)*4)+2)=\"\",\"\",INDIRECT(\"'MRO Certificate Printing'!B\"&((ROW()-2)*4)+2))","v":""},{"$f":"IF(INDIRECT(\"'MRO Certificate Printing'!G\"&((ROW()-2)*4)+2)=\"\",\"\",INDIRECT(\"'MRO Certificate Printing'!G\"&((ROW()-2)*4)+2))","v":""},{"$f":"IF(INDIRECT(\"'MRO Certificate Printing'!J\"&((ROW()-2)*4)+2)=\"\",\"\",INDIRECT(\"'MRO Certificate Printing'!J\"&((ROW()-2)*4)+2))","v":""},{"$f":"IF(INDIRECT(\"'MRO Certificate Printing'!I\"&((ROW()-2)*4)+2)=\"\",\"\",INDIRECT(\"'MRO Certificate Printing'!I\"&((ROW()-2)*4)+2))","v":""},{"$f":"IF(INDIRECT(\"'MRO Certificate Printing'!K\"&((ROW()-2)*4)+2)=\"\",\"\",INDIRECT(\"'MRO Certificate Printing'!K\"&((ROW()-2)*4)+2))","v":""},null,{"$f":"IF(INDIRECT(\"'MRO Certificate Printing'!D\"&((ROW()-2)*4)+3)=\"\",\"\",INDIRECT(\"'MRO Certificate Printing'!D\"&((ROW()-2)*4)+3))","v":""},{"$f":"IF(INDIRECT(\"'MRO Certificate Printing'!E\"&((ROW()-2)*4)+3)=\"\",\"\",INDIRECT(\"'MRO Certificate Printing'!E\"&((ROW()-2)*4)+3))","v":""},{"$f":"IF(INDIRECT(\"'MRO Certificate Printing'!F\"&((ROW()-2)*4)+3)=\"\",\"\",INDIRECT(\"'MRO Certificate Printing'!F\"&((ROW()-2)*4)+3))","v":""},{"$f":"IF(INDIRECT(\"'MRO Certificate Printing'!B\"&((ROW()-2)*4)+3)=\"\",\"\",INDIRECT(\"'MRO Certificate Printing'!B\"&((ROW()-2)*4)+3))","v":""},{"$f":"IF(INDIRECT(\"'MRO Certificate Printing'!G\"&((ROW()-2)*4)+3)=\"\",\"\",INDIRECT(\"'MRO Certificate Printing'!G\"&((ROW()-2)*4)+3))","v":""},{"$f":"IF(INDIRECT(\"'MRO Certificate Printing'!J\"&((ROW()-2)*4)+3)=\"\",\"\",INDIRECT(\"'MRO Certificate Printing'!J\"&((ROW()-2)*4)+3))","v":""},{"$f":"IF(INDIRECT(\"'MRO Certificate Printing'!I\"&((ROW()-2)*4)+3)=\"\",\"\",INDIRECT(\"'MRO Certificate Printing'!I\"&((ROW()-2)*4)+3))","v":""},{"$f":"IF(INDIRECT(\"'MRO Certificate Printing'!K\"&((ROW()-2)*4)+3)=\"\",\"\",INDIRECT(\"'MRO Certificate Printing'!K\"&((ROW()-2)*4)+3))","v":""},null,{"$f":"IF(INDIRECT(\"'MRO Certificate Printing'!D\"&((ROW()-2)*4)+4)=\"\",\"\",INDIRECT(\"'MRO Certificate Printing'!D\"&((ROW()-2)*4)+4))","v":""},{"$f":"IF(INDIRECT(\"'MRO Certificate Printing'!E\"&((ROW()-2)*4)+4)=\"\",\"\",INDIRECT(\"'MRO Certificate Printing'!E\"&((ROW()-2)*4)+4))","v":""},{"$f":"IF(INDIRECT(\"'MRO Certificate Printing'!F\"&((ROW()-2)*4)+4)=\"\",\"\",INDIRECT(\"'MRO Certificate Printing'!F\"&((ROW()-2)*4)+4))","v":""},{"$f":"IF(INDIRECT(\"'MRO Certificate Printing'!B\"&((ROW()-2)*4)+4)=\"\",\"\",INDIRECT(\"'MRO Certificate Printing'!B\"&((ROW()-2)*4)+4))","v":""},{"$f":"IF(INDIRECT(\"'MRO Certificate Printing'!G\"&((ROW()-2)*4)+4)=\"\",\"\",INDIRECT(\"'MRO Certificate Printing'!G\"&((ROW()-2)*4)+4))","v":""},{"$f":"IF(INDIRECT(\"'MRO Certificate Printing'!J\"&((ROW()-2)*4)+4)=\"\",\"\",INDIRECT(\"'MRO Certificate Printing'!J\"&((ROW()-2)*4)+4))","v":""},{"$f":"IF(INDIRECT(\"'MRO Certificate Printing'!I\"&((ROW()-2)*4)+4)=\"\",\"\",INDIRECT(\"'MRO Certificate Printing'!I\"&((ROW()-2)*4)+4))","v":""},{"$f":"IF(INDIRECT(\"'MRO Certificate Printing'!K\"&((ROW()-2)*4)+4)=\"\",\"\",INDIRECT(\"'MRO Certificate Printing'!K\"&((ROW()-2)*4)+4))","v":""},null,{"$f":"IF(INDIRECT(\"'MRO Certificate Printing'!D\"&((ROW()-2)*4)+5)=\"\",\"\",INDIRECT(\"'MRO Certificate Printing'!D\"&((ROW()-2)*4)+5))","v":""},{"$f":"IF(INDIRECT(\"'MRO Certificate Printing'!E\"&((ROW()-2)*4)+5)=\"\",\"\",INDIRECT(\"'MRO Certificate Printing'!E\"&((ROW()-2)*4)+5))","v":""},{"$f":"IF(INDIRECT(\"'MRO Certificate Printing'!F\"&((ROW()-2)*4)+5)=\"\",\"\",INDIRECT(\"'MRO Certificate Printing'!F\"&((ROW()-2)*4)+5))","v":""},{"$f":"IF(INDIRECT(\"'MRO Certificate Printing'!B\"&((ROW()-2)*4)+5)=\"\",\"\",INDIRECT(\"'MRO Certificate Printing'!B\"&((ROW()-2)*4)+5))","v":""},{"$f":"IF(INDIRECT(\"'MRO Certificate Printing'!G\"&((ROW()-2)*4)+5)=\"\",\"\",INDIRECT(\"'MRO Certificate Printing'!G\"&((ROW()-2)*4)+5))","v":""},{"$f":"IF(INDIRECT(\"'MRO Certificate Printing'!J\"&((ROW()-2)*4)+5)=\"\",\"\",INDIRECT(\"'MRO Certificate Printing'!J\"&((ROW()-2)*4)+5))","v":""},{"$f":"IF(INDIRECT(\"'MRO Certificate Printing'!I\"&((ROW()-2)*4)+5)=\"\",\"\",INDIRECT(\"'MRO Certificate Printing'!I\"&((ROW()-2)*4)+5))","v":""},{"$f":"IF(INDIRECT(\"'MRO Certificate Printing'!K\"&((ROW()-2)*4)+5)=\"\",\"\",INDIRECT(\"'MRO Certificate Printing'!K\"&((ROW()-2)*4)+5))","v":""}]
["",{"$f":"IF(INDIRECT(\"'MRO Certificate Printing'!D\"&((ROW()-2)*4)+2)=\"\",\"\",INDIRECT(\"'MRO Certificate Printing'!D\"&((ROW()-2)*4)+2))","v":""},{"$f":"IF(INDIRECT(\"'MRO Certificate Printing'!E\"&((ROW()-2)*4)+2)=\"\",\"\",INDIRECT(\"'MRO Certificate Printing'!E\"&((ROW()-2)*4)+2))","v":""},{"$f":"IF(INDIRECT(\"'MRO Certificate Printing'!F\"&((ROW()-2)*4)+2)=\"\",\"\",INDIRECT(\"'MRO Certificate Printing'!F\"&((ROW()-2)*4)+2))","v":""},{"$f":"IF(INDIRECT(\"'MRO Certificate Printing'!B\"&((ROW()-2)*4)+2)=\"\",\"\",INDIRECT(\"'MRO Certificate Printing'!B\"&((ROW()-2)*4)+2))","v":""},{"$f":"IF(INDIRECT(\"'MRO Certificate Printing'!G\"&((ROW()-2)*4)+2)=\"\",\"\",INDIRECT(\"'MRO Certificate Printing'!G\"&((ROW()-2)*4)+2))","v":""},{"$f":"IF(INDIRECT(\"'MRO Certificate Printing'!J\"&((ROW()-2)*4)+2)=\"\",\"\",INDIRECT(\"'MRO Certificate Printing'!J\"&((ROW()-2)*4)+2))","v":""},{"$f":"IF(INDIRECT(\"'MRO Certificate Printing'!I\"&((ROW()-2)*4)+2)=\"\",\"\",INDIRECT(\"'MRO Certificate Printing'!I\"&((ROW()-2)*4)+2))","v":""},{"$f":"IF(INDIRECT(\"'MRO Certificate Printing'!K\"&((ROW()-2)*4)+2)=\"\",\"\",INDIRECT(\"'MRO Certificate Printing'!K\"&((ROW()-2)*4)+2))","v":""},null,{"$f":"IF(INDIRECT(\"'MRO Certificate Printing'!D\"&((ROW()-2)*4)+3)=\"\",\"\",INDIRECT(\"'MRO Certificate Printing'!D\"&((ROW()-2)*4)+3))","v":""},{"$f":"IF(INDIRECT(\"'MRO Certificate Printing'!E\"&((ROW()-2)*4)+3)=\"\",\"\",INDIRECT(\"'MRO Certificate Printing'!E\"&((ROW()-2)*4)+3))","v":""},{"$f":"IF(INDIRECT(\"'MRO Certificate Printing'!F\"&((ROW()-2)*4)+3)=\"\",\"\",INDIRECT(\"'MRO Certificate Printing'!F\"&((ROW()-2)*4)+3))","v":""},{"$f":"IF(INDIRECT(\"'MRO Certificate Printing'!B\"&((ROW()-2)*4)+3)=\"\",\"\",INDIRECT(\"'MRO Certificate Printing'!B\"&((ROW()-2)*4)+3))","v":""},{"$f":"IF(INDIRECT(\"'MRO Certificate Printing'!G\"&((ROW()-2)*4)+3)=\"\",\"\",INDIRECT(\"'MRO Certificate Printing'!G\"&((ROW()-2)*4)+3))","v":""},{"$f":"IF(INDIRECT(\"'MRO Certificate Printing'!J\"&((ROW()-2)*4)+3)=\"\",\"\",INDIRECT(\"'MRO Certificate Printing'!J\"&((ROW()-2)*4)+3))","v":""},{"$f":"IF(INDIRECT(\"'MRO Certificate Printing'!I\"&((ROW()-2)*4)+3)=\"\",\"\",INDIRECT(\"'MRO Certificate Printing'!I\"&((ROW()-2)*4)+3))","v":""},{"$f":"IF(INDIRECT(\"'MRO Certificate Printing'!K\"&((ROW()-2)*4)+3)=\"\",\"\",INDIRECT(\"'MRO Certificate Printing'!K\"&((ROW()-2)*4)+3))","v":""},null,{"$f":"IF(INDIRECT(\"'MRO Certificate Printing'!D\"&((ROW()-2)*4)+4)=\"\",\"\",INDIRECT(\"'MRO Certificate Printing'!D\"&((ROW()-2)*4)+4))","v":""},{"$f":"IF(INDIRECT(\"'MRO Certificate Printing'!E\"&((ROW()-2)*4)+4)=\"\",\"\",INDIRECT(\"'MRO Certificate Printing'!E\"&((ROW()-2)*4)+4))","v":""},{"$f":"IF(INDIRECT(\"'MRO Certificate Printing'!F\"&((ROW()-2)*4)+4)=\"\",\"\",INDIRECT(\"'MRO Certificate Printing'!F\"&((ROW()-2)*4)+4))","v":""},{"$f":"IF(INDIRECT(\"'MRO Certificate Printing'!B\"&((ROW()-2)*4)+4)=\"\",\"\",INDIRECT(\"'MRO Certificate Printing'!B\"&((ROW()-2)*4)+4))","v":""},{"$f":"IF(INDIRECT(\"'MRO Certificate Printing'!G\"&((ROW()-2)*4)+4)=\"\",\"\",INDIRECT(\"'MRO Certificate Printing'!G\"&((ROW()-2)*4)+4))","v":""},{"$f":"IF(INDIRECT(\"'MRO Certificate Printing'!J\"&((ROW()-2)*4)+4)=\"\",\"\",INDIRECT(\"'MRO Certificate Printing'!J\"&((ROW()-2)*4)+4))","v":""},{"$f":"IF(INDIRECT(\"'MRO Certificate Printing'!I\"&((ROW()-2)*4)+4)=\"\",\"\",INDIRECT(\"'MRO Certificate Printing'!I\"&((ROW()-2)*4)+4))","v":""},{"$f":"IF(INDIRECT(\"'MRO Certificate Printing'!K\"&((ROW()-2)*4)+4)=\"\",\"\",INDIRECT(\"'MRO Certificate Printing'!K\"&((ROW()-2)*4)+4))","v":""},null,{"$f":"IF(INDIRECT(\"'MRO Certificate Printing'!D\"&((ROW()-2)*4)+5)=\"\",\"\",INDIRECT(\"'MRO Certificate Printing'!D\"&((ROW()-2)*4)+5))","v":""},{"$f":"IF(INDIRECT(\"'MRO Certificate Printing'!E\"&((ROW()-2)*4)+5)=\"\",\"\",INDIRECT(\"'MRO Certificate Printing'!E\"&((ROW()-2)*4)+5))","v":""},{"$f":"IF(INDIRECT(\"'MRO Certificate Printing'!F\"&((ROW()-2)*4)+5)=\"\",\"\",INDIRECT(\"'MRO Certificate Printing'!F\"&((ROW()-2)*4)+5))","v":""},{"$f":"IF(INDIRECT(\"'MRO Certificate Printing'!B\"&((ROW()-2)*4)+5)=\"\",\"\",INDIRECT(\"'MRO Certificate Printing'!B\"&((ROW()-2)*4)+5))","v":""},{"$f":"IF(INDIRECT(\"'MRO Certificate Printing'!G\"&((ROW()-2)*4)+5)=\"\",\"\",INDIRECT(\"'MRO Certificate Printing'!G\"&((ROW()-2)*4)+5))","v":""},{"$f":"IF(INDIRECT(\"'MRO Certificate Printing'!J\"&((ROW()-2)*4)+5)=\"\",\"\",INDIRECT(\"'MRO Certificate Printing'!J\"&((ROW()-2)*4)+5))","v":""},{"$f":"IF(INDIRECT(\"'MRO Certificate Printing'!I\"&((ROW()-2)*4)+5)=\"\",\"\",INDIRECT(\"'MRO Certificate Printing'!I\"&((ROW()-2)*4)+5))","v":""},{"$f":"IF(INDIRECT(\"'MRO Certificate Printing'!K\"&((ROW()-2)*4)+5)=\"\",\"\",INDIRECT(\"'MRO Certificate Printing'!K\"&((ROW()-2)*4)+5))","v":""}]
["",{"$f":"IF(INDIRECT(\"'MRO Certificate Printing'!D\"&((ROW()-2)*4)+2)=\"\",\"\",INDIRECT(\"'MRO Certificate Printing'!D\"&((ROW()-2)*4)+2))","v":""},{"$f":"IF(INDIRECT(\"'MRO Certificate Printing'!E\"&((ROW()-2)*4)+2)=\"\",\"\",INDIRECT(\"'MRO Certificate Printing'!E\"&((ROW()-2)*4)+2))","v":""},{"$f":"IF(INDIRECT(\"'MRO Certificate Printing'!F\"&((ROW()-2)*4)+2)=\"\",\"\",INDIRECT(\"'MRO Certificate Printing'!F\"&((ROW()-2)*4)+2))","v":""},{"$f":"IF(INDIRECT(\"'MRO Certificate Printing'!B\"&((ROW()-2)*4)+2)=\"\",\"\",INDIRECT(\"'MRO Certificate Printing'!B\"&((ROW()-2)*4)+2))","v":""},{"$f":"IF(INDIRECT(\"'MRO Certificate Printing'!G\"&((ROW()-2)*4)+2)=\"\",\"\",INDIRECT(\"'MRO Certificate Printing'!G\"&((ROW()-2)*4)+2))","v":""},{"$f":"IF(INDIRECT(\"'MRO Certificate Printing'!J\"&((ROW()-2)*4)+2)=\"\",\"\",INDIRECT(\"'MRO Certificate Printing'!J\"&((ROW()-2)*4)+2))","v":""},{"$f":"IF(INDIRECT(\"'MRO Certificate Printing'!I\"&((ROW()-2)*4)+2)=\"\",\"\",INDIRECT(\"'MRO Certificate Printing'!I\"&((ROW()-2)*4)+2))","v":""},{"$f":"IF(INDIRECT(\"'MRO Certificate Printing'!K\"&((ROW()-2)*4)+2)=\"\",\"\",INDIRECT(\"'MRO Certificate Printing'!K\"&((ROW()-2)*4)+2))","v":""},null,{"$f":"IF(INDIRECT(\"'MRO Certificate Printing'!D\"&((ROW()-2)*4)+3)=\"\",\"\",INDIRECT(\"'MRO Certificate Printing'!D\"&((ROW()-2)*4)+3))","v":""},{"$f":"IF(INDIRECT(\"'MRO Certificate Printing'!E\"&((ROW()-2)*4)+3)=\"\",\"\",INDIRECT(\"'MRO Certificate Printing'!E\"&((ROW()-2)*4)+3))","v":""},{"$f":"IF(INDIRECT(\"'MRO Certificate Printing'!F\"&((ROW()-2)*4)+3)=\"\",\"\",INDIRECT(\"'MRO Certificate Printing'!F\"&((ROW()-2)*4)+3))","v":""},{"$f":"IF(INDIRECT(\"'MRO Certificate Printing'!B\"&((ROW()-2)*4)+3)=\"\",\"\",INDIRECT(\"'MRO Certificate Printing'!B\"&((ROW()-2)*4)+3))","v":""},{"$f":"IF(INDIRECT(\"'MRO Certificate Printing'!G\"&((ROW()-2)*4)+3)=\"\",\"\",INDIRECT(\"'MRO Certificate Printing'!G\"&((ROW()-2)*4)+3))","v":""},{"$f":"IF(INDIRECT(\"'MRO Certificate Printing'!J\"&((ROW()-2)*4)+3)=\"\",\"\",INDIRECT(\"'MRO Certificate Printing'!J\"&((ROW()-2)*4)+3))","v":""},{"$f":"IF(INDIRECT(\"'MRO Certificate Printing'!I\"&((ROW()-2)*4)+3)=\"\",\"\",INDIRECT(\"'MRO Certificate Printing'!I\"&((ROW()-2)*4)+3))","v":""},{"$f":"IF(INDIRECT(\"'MRO Certificate Printing'!K\"&((ROW()-2)*4)+3)=\"\",\"\",INDIRECT(\"'MRO Certificate Printing'!K\"&((ROW()-2)*4)+3))","v":""},null,{"$f":"IF(INDIRECT(\"'MRO Certificate Printing'!D\"&((ROW()-2)*4)+4)=\"\",\"\",INDIRECT(\"'MRO Certificate Printing'!D\"&((ROW()-2)*4)+4))","v":""},{"$f":"IF(INDIRECT(\"'MRO Certificate Printing'!E\"&((ROW()-2)*4)+4)=\"\",\"\",INDIRECT(\"'MRO Certificate Printing'!E\"&((ROW()-2)*4)+4))","v":""},{"$f":"IF(INDIRECT(\"'MRO Certificate Printing'!F\"&((ROW()-2)*4)+4)=\"\",\"\",INDIRECT(\"'MRO Certificate Printing'!F\"&((ROW()-2)*4)+4))","v":""},{"$f":"IF(INDIRECT(\"'MRO Certificate Printing'!B\"&((ROW()-2)*4)+4)=\"\",\"\",INDIRECT(\"'MRO Certificate Printing'!B\"&((ROW()-2)*4)+4))","v":""},{"$f":"IF(INDIRECT(\"'MRO Certificate Printing'!G\"&((ROW()-2)*4)+4)=\"\",\"\",INDIRECT(\"'MRO Certificate Printing'!G\"&((ROW()-2)*4)+4))","v":""},{"$f":"IF(INDIRECT(\"'MRO Certificate Printing'!J\"&((ROW()-2)*4)+4)=\"\",\"\",INDIRECT(\"'MRO Certificate Printing'!J\"&((ROW()-2)*4)+4))","v":""},{"$f":"IF(INDIRECT(\"'MRO Certificate Printing'!I\"&((ROW()-2)*4)+4)=\"\",\"\",INDIRECT(\"'MRO Certificate Printing'!I\"&((ROW()-2)*4)+4))","v":""},{"$f":"IF(INDIRECT(\"'MRO Certificate Printing'!K\"&((ROW()-2)*4)+4)=\"\",\"\",INDIRECT(\"'MRO Certificate Printing'!K\"&((ROW()-2)*4)+4))","v":""},null,{"$f":"IF(INDIRECT(\"'MRO Certificate Printing'!D\"&((ROW()-2)*4)+5)=\"\",\"\",INDIRECT(\"'MRO Certificate Printing'!D\"&((ROW()-2)*4)+5))","v":""},{"$f":"IF(INDIRECT(\"'MRO Certificate Printing'!E\"&((ROW()-2)*4)+5)=\"\",\"\",INDIRECT(\"'MRO Certificate Printing'!E\"&((ROW()-2)*4)+5))","v":""},{"$f":"IF(INDIRECT(\"'MRO Certificate Printing'!F\"&((ROW()-2)*4)+5)=\"\",\"\",INDIRECT(\"'MRO Certificate Printing'!F\"&((ROW()-2)*4)+5))","v":""},{"$f":"IF(INDIRECT(\"'MRO Certificate Printing'!B\"&((ROW()-2)*4)+5)=\"\",\"\",INDIRECT(\"'MRO Certificate Printing'!B\"&((ROW()-2)*4)+5))","v":""},{"$f":"IF(INDIRECT(\"'MRO Certificate Printing'!G\"&((ROW()-2)*4)+5)=\"\",\"\",INDIRECT(\"'MRO Certificate Printing'!G\"&((ROW()-2)*4)+5))","v":""},{"$f":"IF(INDIRECT(\"'MRO Certificate Printing'!J\"&((ROW()-2)*4)+5)=\"\",\"\",INDIRECT(\"'MRO Certificate Printing'!J\"&((ROW()-2)*4)+5))","v":""},{"$f":"IF(INDIRECT(\"'MRO Certificate Printing'!I\"&((ROW()-2)*4)+5)=\"\",\"\",INDIRECT(\"'MRO Certificate Printing'!I\"&((ROW()-2)*4)+5))","v":""},{"$f":"IF(INDIRECT(\"'MRO Certificate Printing'!K\"&((ROW()-2)*4)+5)=\"\",\"\",INDIRECT(\"'MRO Certificate Printing'!K\"&((ROW()-2)*4)+5))","v":""}]
["",{"$f":"IF(INDIRECT(\"'MRO Certificate Printing'!D\"&((ROW()-2)*4)+2)=\"\",\"\",INDIRECT(\"'MRO Certificate Printing'!D\"&((ROW()-2)*4)+2))","v":""},{"$f":"IF(INDIRECT(\"'MRO Certificate Printing'!E\"&((ROW()-2)*4)+2)=\"\",\"\",INDIRECT(\"'MRO Certificate Printing'!E\"&((ROW()-2)*4)+2))","v":""},{"$f":"IF(INDIRECT(\"'MRO Certificate Printing'!F\"&((ROW()-2)*4)+2)=\"\",\"\",INDIRECT(\"'MRO Certificate Printing'!F\"&((ROW()-2)*4)+2))","v":""},{"$f":"IF(INDIRECT(\"'MRO Certificate Printing'!B\"&((ROW()-2)*4)+2)=\"\",\"\",INDIRECT(\"'MRO Certificate Printing'!B\"&((ROW()-2)*4)+2))","v":""},{"$f":"IF(INDIRECT(\"'MRO Certificate Printing'!G\"&((ROW()-2)*4)+2)=\"\",\"\",INDIRECT(\"'MRO Certificate Printing'!G\"&((ROW()-2)*4)+2))","v":""},{"$f":"IF(INDIRECT(\"'MRO Certificate Printing'!J\"&((ROW()-2)*4)+2)=\"\",\"\",INDIRECT(\"'MRO Certificate Printing'!J\"&((ROW()-2)*4)+2))","v":""},{"$f":"IF(INDIRECT(\"'MRO Certificate Printing'!I\"&((ROW()-2)*4)+2)=\"\",\"\",INDIRECT(\"'MRO Certificate Printing'!I\"&((ROW()-2)*4)+2))","v":""},{"$f":"IF(INDIRECT(\"'MRO Certificate Printing'!K\"&((ROW()-2)*4)+2)=\"\",\"\",INDIRECT(\"'MRO Certificate Printing'!K\"&((ROW()-2)*4)+2))","v":""},null,{"$f":"IF(INDIRECT(\"'MRO Certificate Printing'!D\"&((ROW()-2)*4)+3)=\"\",\"\",INDIRECT(\"'MRO Certificate Printing'!D\"&((ROW()-2)*4)+3))","v":""},{"$f":"IF(INDIRECT(\"'MRO Certificate Printing'!E\"&((ROW()-2)*4)+3)=\"\",\"\",INDIRECT(\"'MRO Certificate Printing'!E\"&((ROW()-2)*4)+3))","v":""},{"$f":"IF(INDIRECT(\"'MRO Certificate Printing'!F\"&((ROW()-2)*4)+3)=\"\",\"\",INDIRECT(\"'MRO Certificate Printing'!F\"&((ROW()-2)*4)+3))","v":""},{"$f":"IF(INDIRECT(\"'MRO Certificate Printing'!B\"&((ROW()-2)*4)+3)=\"\",\"\",INDIRECT(\"'MRO Certificate Printing'!B\"&((ROW()-2)*4)+3))","v":""},{"$f":"IF(INDIRECT(\"'MRO Certificate Printing'!G\"&((ROW()-2)*4)+3)=\"\",\"\",INDIRECT(\"'MRO Certificate Printing'!G\"&((ROW()-2)*4)+3))","v":""},{"$f":"IF(INDIRECT(\"'MRO Certificate Printing'!J\"&((ROW()-2)*4)+3)=\"\",\"\",INDIRECT(\"'MRO Certificate Printing'!J\"&((ROW()-2)*4)+3))","v":""},{"$f":"IF(INDIRECT(\"'MRO Certificate Printing'!I\"&((ROW()-2)*4)+3)=\"\",\"\",INDIRECT(\"'MRO Certificate Printing'!I\"&((ROW()-2)*4)+3))","v":""},{"$f":"IF(INDIRECT(\"'MRO Certificate Printing'!K\"&((ROW()-2)*4)+3)=\"\",\"\",INDIRECT(\"'MRO Certificate Printing'!K\"&((ROW()-2)*4)+3))","v":""},null,{"$f":"IF(INDIRECT(\"'MRO Certificate Printing'!D\"&((ROW()-2)*4)+4)=\"\",\"\",INDIRECT(\"'MRO Certificate Printing'!D\"&((ROW()-2)*4)+4))","v":""},{"$f":"IF(INDIRECT(\"'MRO Certificate Printing'!E\"&((ROW()-2)*4)+4)=\"\",\"\",INDIRECT(\"'MRO Certificate Printing'!E\"&((ROW()-2)*4)+4))","v":""},{"$f":"IF(INDIRECT(\"'MRO Certificate Printing'!F\"&((ROW()-2)*4)+4)=\"\",\"\",INDIRECT(\"'MRO Certificate Printing'!F\"&((ROW()-2)*4)+4))","v":""},{"$f":"IF(INDIRECT(\"'MRO Certificate Printing'!B\"&((ROW()-2)*4)+4)=\"\",\"\",INDIRECT(\"'MRO Certificate Printing'!B\"&((ROW()-2)*4)+4))","v":""},{"$f":"IF(INDIRECT(\"'MRO Certificate Printing'!G\"&((ROW()-2)*4)+4)=\"\",\"\",INDIRECT(\"'MRO Certificate Printing'!G\"&((ROW()-2)*4)+4))","v":""},{"$f":"IF(INDIRECT(\"'MRO Certificate Printing'!J\"&((ROW()-2)*4)+4)=\"\",\"\",INDIRECT(\"'MRO Certificate Printing'!J\"&((ROW()-2)*4)+4))","v":""},{"$f":"IF(INDIRECT(\"'MRO Certificate Printing'!I\"&((ROW()-2)*4)+4)=\"\",\"\",INDIRECT(\"'MRO Certificate Printing'!I\"&((ROW()-2)*4)+4))","v":""},{"$f":"IF(INDIRECT(\"'MRO Certificate Printing'!K\"&((ROW()-2)*4)+4)=\"\",\"\",INDIRECT(\"'MRO Certificate Printing'!K\"&((ROW()-2)*4)+4))","v":""},null,{"$f":"IF(INDIRECT(\"'MRO Certificate Printing'!D\"&((ROW()-2)*4)+5)=\"\",\"\",INDIRECT(\"'MRO Certificate Printing'!D\"&((ROW()-2)*4)+5))","v":""},{"$f":"IF(INDIRECT(\"'MRO Certificate Printing'!E\"&((ROW()-2)*4)+5)=\"\",\"\",INDIRECT(\"'MRO Certificate Printing'!E\"&((ROW()-2)*4)+5))","v":""},{"$f":"IF(INDIRECT(\"'MRO Certificate Printing'!F\"&((ROW()-2)*4)+5)=\"\",\"\",INDIRECT(\"'MRO Certificate Printing'!F\"&((ROW()-2)*4)+5))","v":""},{"$f":"IF(INDIRECT(\"'MRO Certificate Printing'!B\"&((ROW()-2)*4)+5)=\"\",\"\",INDIRECT(\"'MRO Certificate Printing'!B\"&((ROW()-2)*4)+5))","v":""},{"$f":"IF(INDIRECT(\"'MRO Certificate Printing'!G\"&((ROW()-2)*4)+5)=\"\",\"\",INDIRECT(\"'MRO Certificate Printing'!G\"&((ROW()-2)*4)+5))","v":""},{"$f":"IF(INDIRECT(\"'MRO Certificate Printing'!J\"&((ROW()-2)*4)+5)=\"\",\"\",INDIRECT(\"'MRO Certificate Printing'!J\"&((ROW()-2)*4)+5))","v":""},{"$f":"IF(INDIRECT(\"'MRO Certificate Printing'!I\"&((ROW()-2)*4)+5)=\"\",\"\",INDIRECT(\"'MRO Certificate Printing'!I\"&((ROW()-2)*4)+5))","v":""},{"$f":"IF(INDIRECT(\"'MRO Certificate Printing'!K\"&((ROW()-2)*4)+5)=\"\",\"\",INDIRECT(\"'MRO Certificate Printing'!K\"&((ROW()-2)*4)+5))","v":""}]
["",{"$f":"IF(INDIRECT(\"'MRO Certificate Printing'!D\"&((ROW()-2)*4)+2)=\"\",\"\",INDIRECT(\"'MRO Certificate Printing'!D\"&((ROW()-2)*4)+2))","v":""},{"$f":"IF(INDIRECT(\"'MRO Certificate Printing'!E\"&((ROW()-2)*4)+2)=\"\",\"\",INDIRECT(\"'MRO Certificate Printing'!E\"&((ROW()-2)*4)+2))","v":""},{"$f":"IF(INDIRECT(\"'MRO Certificate Printing'!F\"&((ROW()-2)*4)+2)=\"\",\"\",INDIRECT(\"'MRO Certificate Printing'!F\"&((ROW()-2)*4)+2))","v":""},{"$f":"IF(INDIRECT(\"'MRO Certificate Printing'!B\"&((ROW()-2)*4)+2)=\"\",\"\",INDIRECT(\"'MRO Certificate Printing'!B\"&((ROW()-2)*4)+2))","v":""},{"$f":"IF(INDIRECT(\"'MRO Certificate Printing'!G\"&((ROW()-2)*4)+2)=\"\",\"\",INDIRECT(\"'MRO Certificate Printing'!G\"&((ROW()-2)*4)+2))","v":""},{"$f":"IF(INDIRECT(\"'MRO Certificate Printing'!J\"&((ROW()-2)*4)+2)=\"\",\"\",INDIRECT(\"'MRO Certificate Printing'!J\"&((ROW()-2)*4)+2))","v":""},{"$f":"IF(INDIRECT(\"'MRO Certificate Printing'!I\"&((ROW()-2)*4)+2)=\"\",\"\",INDIRECT(\"'MRO Certificate Printing'!I\"&((ROW()-2)*4)+2))","v":""},{"$f":"IF(INDIRECT(\"'MRO Certificate Printing'!K\"&((ROW()-2)*4)+2)=\"\",\"\",INDIRECT(\"'MRO Certificate Printing'!K\"&((ROW()-2)*4)+2))","v":""},null,{"$f":"IF(INDIRECT(\"'MRO Certificate Printing'!D\"&((ROW()-2)*4)+3)=\"\",\"\",INDIRECT(\"'MRO Certificate Printing'!D\"&((ROW()-2)*4)+3))","v":""},{"$f":"IF(INDIRECT(\"'MRO Certificate Printing'!E\"&((ROW()-2)*4)+3)=\"\",\"\",INDIRECT(\"'MRO Certificate Printing'!E\"&((ROW()-2)*4)+3))","v":""},{"$f":"IF(INDIRECT(\"'MRO Certificate Printing'!F\"&((ROW()-2)*4)+3)=\"\",\"\",INDIRECT(\"'MRO Certificate Printing'!F\"&((ROW()-2)*4)+3))","v":""},{"$f":"IF(INDIRECT(\"'MRO Certificate Printing'!B\"&((ROW()-2)*4)+3)=\"\",\"\",INDIRECT(\"'MRO Certificate Printing'!B\"&((ROW()-2)*4)+3))","v":""},{"$f":"IF(INDIRECT(\"'MRO Certificate Printing'!G\"&((ROW()-2)*4)+3)=\"\",\"\",INDIRECT(\"'MRO Certificate Printing'!G\"&((ROW()-2)*4)+3))","v":""},{"$f":"IF(INDIRECT(\"'MRO Certificate Printing'!J\"&((ROW()-2)*4)+3)=\"\",\"\",INDIRECT(\"'MRO Certificate Printing'!J\"&((ROW()-2)*4)+3))","v":""},{"$f":"IF(INDIRECT(\"'MRO Certificate Printing'!I\"&((ROW()-2)*4)+3)=\"\",\"\",INDIRECT(\"'MRO Certificate Printing'!I\"&((ROW()-2)*4)+3))","v":""},{"$f":"IF(INDIRECT(\"'MRO Certificate Printing'!K\"&((ROW()-2)*4)+3)=\"\",\"\",INDIRECT(\"'MRO Certificate Printing'!K\"&((ROW()-2)*4)+3))","v":""},null,{"$f":"IF(INDIRECT(\"'MRO Certificate Printing'!D\"&((ROW()-2)*4)+4)=\"\",\"\",INDIRECT(\"'MRO Certificate Printing'!D\"&((ROW()-2)*4)+4))","v":""},{"$f":"IF(INDIRECT(\"'MRO Certificate Printing'!E\"&((ROW()-2)*4)+4)=\"\",\"\",INDIRECT(\"'MRO Certificate Printing'!E\"&((ROW()-2)*4)+4))","v":""},{"$f":"IF(INDIRECT(\"'MRO Certificate Printing'!F\"&((ROW()-2)*4)+4)=\"\",\"\",INDIRECT(\"'MRO Certificate Printing'!F\"&((ROW()-2)*4)+4))","v":""},{"$f":"IF(INDIRECT(\"'MRO Certificate Printing'!B\"&((ROW()-2)*4)+4)=\"\",\"\",INDIRECT(\"'MRO Certificate Printing'!B\"&((ROW()-2)*4)+4))","v":""},{"$f":"IF(INDIRECT(\"'MRO Certificate Printing'!G\"&((ROW()-2)*4)+4)=\"\",\"\",INDIRECT(\"'MRO Certificate Printing'!G\"&((ROW()-2)*4)+4))","v":""},{"$f":"IF(INDIRECT(\"'MRO Certificate Printing'!J\"&((ROW()-2)*4)+4)=\"\",\"\",INDIRECT(\"'MRO Certificate Printing'!J\"&((ROW()-2)*4)+4))","v":""},{"$f":"IF(INDIRECT(\"'MRO Certificate Printing'!I\"&((ROW()-2)*4)+4)=\"\",\"\",INDIRECT(\"'MRO Certificate Printing'!I\"&((ROW()-2)*4)+4))","v":""},{"$f":"IF(INDIRECT(\"'MRO Certificate Printing'!K\"&((ROW()-2)*4)+4)=\"\",\"\",INDIRECT(\"'MRO Certificate Printing'!K\"&((ROW()-2)*4)+4))","v":""},null,{"$f":"IF(INDIRECT(\"'MRO Certificate Printing'!D\"&((ROW()-2)*4)+5)=\"\",\"\",INDIRECT(\"'MRO Certificate Printing'!D\"&((ROW()-2)*4)+5))","v":""},{"$f":"IF(INDIRECT(\"'MRO Certificate Printing'!E\"&((ROW()-2)*4)+5)=\"\",\"\",INDIRECT(\"'MRO Certificate Printing'!E\"&((ROW()-2)*4)+5))","v":""},{"$f":"IF(INDIRECT(\"'MRO Certificate Printing'!F\"&((ROW()-2)*4)+5)=\"\",\"\",INDIRECT(\"'MRO Certificate Printing'!F\"&((ROW()-2)*4)+5))","v":""},{"$f":"IF(INDIRECT(\"'MRO Certificate Printing'!B\"&((ROW()-2)*4)+5)=\"\",\"\",INDIRECT(\"'MRO Certificate Printing'!B\"&((ROW()-2)*4)+5))","v":""},{"$f":"IF(INDIRECT(\"'MRO Certificate Printing'!G\"&((ROW()-2)*4)+5)=\"\",\"\",INDIRECT(\"'MRO Certificate Printing'!G\"&((ROW()-2)*4)+5))","v":""},{"$f":"IF(INDIRECT(\"'MRO Certificate Printing'!J\"&((ROW()-2)*4)+5)=\"\",\"\",INDIRECT(\"'MRO Certificate Printing'!J\"&((ROW()-2)*4)+5))","v":""},{"$f":"IF(INDIRECT(\"'MRO Certificate Printing'!I\"&((ROW()-2)*4)+5)=\"\",\"\",INDIRECT(\"'MRO Certificate Printing'!I\"&((ROW()-2)*4)+5))","v":""},{"$f":"IF(INDIRECT(\"'MRO Certificate Printing'!K\"&((ROW()-2)*4)+5)=\"\",\"\",INDIRECT(\"'MRO Certificate Printing'!K\"&((ROW()-2)*4)+5))","v":""}]
["",{"$f":"IF(INDIRECT(\"'MRO Certificate Printing'!D\"&((ROW()-2)*4)+2)=\"\",\"\",INDIRECT(\"'MRO Certificate Printing'!D\"&((ROW()-2)*4)+2))","v":""},{"$f":"IF(INDIRECT(\"'MRO Certificate Printing'!E\"&((ROW()-2)*4)+2)=\"\",\"\",INDIRECT(\"'MRO Certificate Printing'!E\"&((ROW()-2)*4)+2))","v":""},{"$f":"IF(INDIRECT(\"'MRO Certificate Printing'!F\"&((ROW()-2)*4)+2)=\"\",\"\",INDIRECT(\"'MRO Certificate Printing'!F\"&((ROW()-2)*4)+2))","v":""},{"$f":"IF(INDIRECT(\"'MRO Certificate Printing'!B\"&((ROW()-2)*4)+2)=\"\",\"\",INDIRECT(\"'MRO Certificate Printing'!B\"&((ROW()-2)*4)+2))","v":""},{"$f":"IF(INDIRECT(\"'MRO Certificate Printing'!G\"&((ROW()-2)*4)+2)=\"\",\"\",INDIRECT(\"'MRO Certificate Printing'!G\"&((ROW()-2)*4)+2))","v":""},{"$f":"IF(INDIRECT(\"'MRO Certificate Printing'!J\"&((ROW()-2)*4)+2)=\"\",\"\",INDIRECT(\"'MRO Certificate Printing'!J\"&((ROW()-2)*4)+2))","v":""},{"$f":"IF(INDIRECT(\"'MRO Certificate Printing'!I\"&((ROW()-2)*4)+2)=\"\",\"\",INDIRECT(\"'MRO Certificate Printing'!I\"&((ROW()-2)*4)+2))","v":""},{"$f":"IF(INDIRECT(\"'MRO Certificate Printing'!K\"&((ROW()-2)*4)+2)=\"\",\"\",INDIRECT(\"'MRO Certificate Printing'!K\"&((ROW()-2)*4)+2))","v":""},null,{"$f":"IF(INDIRECT(\"'MRO Certificate Printing'!D\"&((ROW()-2)*4)+3)=\"\",\"\",INDIRECT(\"'MRO Certificate Printing'!D\"&((ROW()-2)*4)+3))","v":""},{"$f":"IF(INDIRECT(\"'MRO Certificate Printing'!E\"&((ROW()-2)*4)+3)=\"\",\"\",INDIRECT(\"'MRO Certificate Printing'!E\"&((ROW()-2)*4)+3))","v":""},{"$f":"IF(INDIRECT(\"'MRO Certificate Printing'!F\"&((ROW()-2)*4)+3)=\"\",\"\",INDIRECT(\"'MRO Certificate Printing'!F\"&((ROW()-2)*4)+3))","v":""},{"$f":"IF(INDIRECT(\"'MRO Certificate Printing'!B\"&((ROW()-2)*4)+3)=\"\",\"\",INDIRECT(\"'MRO Certificate Printing'!B\"&((ROW()-2)*4)+3))","v":""},{"$f":"IF(INDIRECT(\"'MRO Certificate Printing'!G\"&((ROW()-2)*4)+3)=\"\",\"\",INDIRECT(\"'MRO Certificate Printing'!G\"&((ROW()-2)*4)+3))","v":""},{"$f":"IF(INDIRECT(\"'MRO Certificate Printing'!J\"&((ROW()-2)*4)+3)=\"\",\"\",INDIRECT(\"'MRO Certificate Printing'!J\"&((ROW()-2)*4)+3))","v":""},{"$f":"IF(INDIRECT(\"'MRO Certificate Printing'!I\"&((ROW()-2)*4)+3)=\"\",\"\",INDIRECT(\"'MRO Certificate Printing'!I\"&((ROW()-2)*4)+3))","v":""},{"$f":"IF(INDIRECT(\"'MRO Certificate Printing'!K\"&((ROW()-2)*4)+3)=\"\",\"\",INDIRECT(\"'MRO Certificate Printing'!K\"&((ROW()-2)*4)+3))","v":""},null,{"$f":"IF(INDIRECT(\"'MRO Certificate Printing'!D\"&((ROW()-2)*4)+4)=\"\",\"\",INDIRECT(\"'MRO Certificate Printing'!D\"&((ROW()-2)*4)+4))","v":""},{"$f":"IF(INDIRECT(\"'MRO Certificate Printing'!E\"&((ROW()-2)*4)+4)=\"\",\"\",INDIRECT(\"'MRO Certificate Printing'!E\"&((ROW()-2)*4)+4))","v":""},{"$f":"IF(INDIRECT(\"'MRO Certificate Printing'!F\"&((ROW()-2)*4)+4)=\"\",\"\",INDIRECT(\"'MRO Certificate Printing'!F\"&((ROW()-2)*4)+4))","v":""},{"$f":"IF(INDIRECT(\"'MRO Certificate Printing'!B\"&((ROW()-2)*4)+4)=\"\",\"\",INDIRECT(\"'MRO Certificate Printing'!B\"&((ROW()-2)*4)+4))","v":""},{"$f":"IF(INDIRECT(\"'MRO Certificate Printing'!G\"&((ROW()-2)*4)+4)=\"\",\"\",INDIRECT(\"'MRO Certificate Printing'!G\"&((ROW()-2)*4)+4))","v":""},{"$f":"IF(INDIRECT(\"'MRO Certificate Printing'!J\"&((ROW()-2)*4)+4)=\"\",\"\",INDIRECT(\"'MRO Certificate Printing'!J\"&((ROW()-2)*4)+4))","v":""},{"$f":"IF(INDIRECT(\"'MRO Certificate Printing'!I\"&((ROW()-2)*4)+4)=\"\",\"\",INDIRECT(\"'MRO Certificate Printing'!I\"&((ROW()-2)*4)+4))","v":""},{"$f":"IF(INDIRECT(\"'MRO Certificate Printing'!K\"&((ROW()-2)*4)+4)=\"\",\"\",INDIRECT(\"'MRO Certificate Printing'!K\"&((ROW()-2)*4)+4))","v":""},null,{"$f":"IF(INDIRECT(\"'MRO Certificate Printing'!D\"&((ROW()-2)*4)+5)=\"\",\"\",INDIRECT(\"'MRO Certificate Printing'!D\"&((ROW()-2)*4)+5))","v":""},{"$f":"IF(INDIRECT(\"'MRO Certificate Printing'!E\"&((ROW()-2)*4)+5)=\"\",\"\",INDIRECT(\"'MRO Certificate Printing'!E\"&((ROW()-2)*4)+5))","v":""},{"$f":"IF(INDIRECT(\"'MRO Certificate Printing'!F\"&((ROW()-2)*4)+5)=\"\",\"\",INDIRECT(\"'MRO Certificate Printing'!F\"&((ROW()-2)*4)+5))","v":""},{"$f":"IF(INDIRECT(\"'MRO Certificate Printing'!B\"&((ROW()-2)*4)+5)=\"\",\"\",INDIRECT(\"'MRO Certificate Printing'!B\"&((ROW()-2)*4)+5))","v":""},{"$f":"IF(INDIRECT(\"'MRO Certificate Printing'!G\"&((ROW()-2)*4)+5)=\"\",\"\",INDIRECT(\"'MRO Certificate Printing'!G\"&((ROW()-2)*4)+5))","v":""},{"$f":"IF(INDIRECT(\"'MRO Certificate Printing'!J\"&((ROW()-2)*4)+5)=\"\",\"\",INDIRECT(\"'MRO Certificate Printing'!J\"&((ROW()-2)*4)+5))","v":""},{"$f":"IF(INDIRECT(\"'MRO Certificate Printing'!I\"&((ROW()-2)*4)+5)=\"\",\"\",INDIRECT(\"'MRO Certificate Printing'!I\"&((ROW()-2)*4)+5))","v":""},{"$f":"IF(INDIRECT(\"'MRO Certificate Printing'!K\"&((ROW()-2)*4)+5)=\"\",\"\",INDIRECT(\"'MRO Certificate Printing'!K\"&((ROW()-2)*4)+5))","v":""}]
["",{"$f":"IF(INDIRECT(\"'MRO Certificate Printing'!D\"&((ROW()-2)*4)+2)=\"\",\"\",INDIRECT(\"'MRO Certificate Printing'!D\"&((ROW()-2)*4)+2))","v":""},{"$f":"IF(INDIRECT(\"'MRO Certificate Printing'!E\"&((ROW()-2)*4)+2)=\"\",\"\",INDIRECT(\"'MRO Certificate Printing'!E\"&((ROW()-2)*4)+2))","v":""},{"$f":"IF(INDIRECT(\"'MRO Certificate Printing'!F\"&((ROW()-2)*4)+2)=\"\",\"\",INDIRECT(\"'MRO Certificate Printing'!F\"&((ROW()-2)*4)+2))","v":""},{"$f":"IF(INDIRECT(\"'MRO Certificate Printing'!B\"&((ROW()-2)*4)+2)=\"\",\"\",INDIRECT(\"'MRO Certificate Printing'!B\"&((ROW()-2)*4)+2))","v":""},{"$f":"IF(INDIRECT(\"'MRO Certificate Printing'!G\"&((ROW()-2)*4)+2)=\"\",\"\",INDIRECT(\"'MRO Certificate Printing'!G\"&((ROW()-2)*4)+2))","v":""},{"$f":"IF(INDIRECT(\"'MRO Certificate Printing'!J\"&((ROW()-2)*4)+2)=\"\",\"\",INDIRECT(\"'MRO Certificate Printing'!J\"&((ROW()-2)*4)+2))","v":""},{"$f":"IF(INDIRECT(\"'MRO Certificate Printing'!I\"&((ROW()-2)*4)+2)=\"\",\"\",INDIRECT(\"'MRO Certificate Printing'!I\"&((ROW()-2)*4)+2))","v":""},{"$f":"IF(INDIRECT(\"'MRO Certificate Printing'!K\"&((ROW()-2)*4)+2)=\"\",\"\",INDIRECT(\"'MRO Certificate Printing'!K\"&((ROW()-2)*4)+2))","v":""},null,{"$f":"IF(INDIRECT(\"'MRO Certificate Printing'!D\"&((ROW()-2)*4)+3)=\"\",\"\",INDIRECT(\"'MRO Certificate Printing'!D\"&((ROW()-2)*4)+3))","v":""},{"$f":"IF(INDIRECT(\"'MRO Certificate Printing'!E\"&((ROW()-2)*4)+3)=\"\",\"\",INDIRECT(\"'MRO Certificate Printing'!E\"&((ROW()-2)*4)+3))","v":""},{"$f":"IF(INDIRECT(\"'MRO Certificate Printing'!F\"&((ROW()-2)*4)+3)=\"\",\"\",INDIRECT(\"'MRO Certificate Printing'!F\"&((ROW()-2)*4)+3))","v":""},{"$f":"IF(INDIRECT(\"'MRO Certificate Printing'!B\"&((ROW()-2)*4)+3)=\"\",\"\",INDIRECT(\"'MRO Certificate Printing'!B\"&((ROW()-2)*4)+3))","v":""},{"$f":"IF(INDIRECT(\"'MRO Certificate Printing'!G\"&((ROW()-2)*4)+3)=\"\",\"\",INDIRECT(\"'MRO Certificate Printing'!G\"&((ROW()-2)*4)+3))","v":""},{"$f":"IF(INDIRECT(\"'MRO Certificate Printing'!J\"&((ROW()-2)*4)+3)=\"\",\"\",INDIRECT(\"'MRO Certificate Printing'!J\"&((ROW()-2)*4)+3))","v":""},{"$f":"IF(INDIRECT(\"'MRO Certificate Printing'!I\"&((ROW()-2)*4)+3)=\"\",\"\",INDIRECT(\"'MRO Certificate Printing'!I\"&((ROW()-2)*4)+3))","v":""},{"$f":"IF(INDIRECT(\"'MRO Certificate Printing'!K\"&((ROW()-2)*4)+3)=\"\",\"\",INDIRECT(\"'MRO Certificate Printing'!K\"&((ROW()-2)*4)+3))","v":""},null,{"$f":"IF(INDIRECT(\"'MRO Certificate Printing'!D\"&((ROW()-2)*4)+4)=\"\",\"\",INDIRECT(\"'MRO Certificate Printing'!D\"&((ROW()-2)*4)+4))","v":""},{"$f":"IF(INDIRECT(\"'MRO Certificate Printing'!E\"&((ROW()-2)*4)+4)=\"\",\"\",INDIRECT(\"'MRO Certificate Printing'!E\"&((ROW()-2)*4)+4))","v":""},{"$f":"IF(INDIRECT(\"'MRO Certificate Printing'!F\"&((ROW()-2)*4)+4)=\"\",\"\",INDIRECT(\"'MRO Certificate Printing'!F\"&((ROW()-2)*4)+4))","v":""},{"$f":"IF(INDIRECT(\"'MRO Certificate Printing'!B\"&((ROW()-2)*4)+4)=\"\",\"\",INDIRECT(\"'MRO Certificate Printing'!B\"&((ROW()-2)*4)+4))","v":""},{"$f":"IF(INDIRECT(\"'MRO Certificate Printing'!G\"&((ROW()-2)*4)+4)=\"\",\"\",INDIRECT(\"'MRO Certificate Printing'!G\"&((ROW()-2)*4)+4))","v":""},{"$f":"IF(INDIRECT(\"'MRO Certificate Printing'!J\"&((ROW()-2)*4)+4)=\"\",\"\",INDIRECT(\"'MRO Certificate Printing'!J\"&((ROW()-2)*4)+4))","v":""},{"$f":"IF(INDIRECT(\"'MRO Certificate Printing'!I\"&((ROW()-2)*4)+4)=\"\",\"\",INDIRECT(\"'MRO Certificate Printing'!I\"&((ROW()-2)*4)+4))","v":""},{"$f":"IF(INDIRECT(\"'MRO Certificate Printing'!K\"&((ROW()-2)*4)+4)=\"\",\"\",INDIRECT(\"'MRO Certificate Printing'!K\"&((ROW()-2)*4)+4))","v":""},null,{"$f":"IF(INDIRECT(\"'MRO Certificate Printing'!D\"&((ROW()-2)*4)+5)=\"\",\"\",INDIRECT(\"'MRO Certificate Printing'!D\"&((ROW()-2)*4)+5))","v":""},{"$f":"IF(INDIRECT(\"'MRO Certificate Printing'!E\"&((ROW()-2)*4)+5)=\"\",\"\",INDIRECT(\"'MRO Certificate Printing'!E\"&((ROW()-2)*4)+5))","v":""},{"$f":"IF(INDIRECT(\"'MRO Certificate Printing'!F\"&((ROW()-2)*4)+5)=\"\",\"\",INDIRECT(\"'MRO Certificate Printing'!F\"&((ROW()-2)*4)+5))","v":""},{"$f":"IF(INDIRECT(\"'MRO Certificate Printing'!B\"&((ROW()-2)*4)+5)=\"\",\"\",INDIRECT(\"'MRO Certificate Printing'!B\"&((ROW()-2)*4)+5))","v":""},{"$f":"IF(INDIRECT(\"'MRO Certificate Printing'!G\"&((ROW()-2)*4)+5)=\"\",\"\",INDIRECT(\"'MRO Certificate Printing'!G\"&((ROW()-2)*4)+5))","v":""},{"$f":"IF(INDIRECT(\"'MRO Certificate Printing'!J\"&((ROW()-2)*4)+5)=\"\",\"\",INDIRECT(\"'MRO Certificate Printing'!J\"&((ROW()-2)*4)+5))","v":""},{"$f":"IF(INDIRECT(\"'MRO Certificate Printing'!I\"&((ROW()-2)*4)+5)=\"\",\"\",INDIRECT(\"'MRO Certificate Printing'!I\"&((ROW()-2)*4)+5))","v":""},{"$f":"IF(INDIRECT(\"'MRO Certificate Printing'!K\"&((ROW()-2)*4)+5)=\"\",\"\",INDIRECT(\"'MRO Certificate Printing'!K\"&((ROW()-2)*4)+5))","v":""}]
["",{"$f":"IF(INDIRECT(\"'MRO Certificate Printing'!D\"&((ROW()-2)*4)+2)=\"\",\"\",INDIRECT(\"'MRO Certificate Printing'!D\"&((ROW()-2)*4)+2))","v":""},{"$f":"IF(INDIRECT(\"'MRO Certificate Printing'!E\"&((ROW()-2)*4)+2)=\"\",\"\",INDIRECT(\"'MRO Certificate Printing'!E\"&((ROW()-2)*4)+2))","v":""},{"$f":"IF(INDIRECT(\"'MRO Certificate Printing'!F\"&((ROW()-2)*4)+2)=\"\",\"\",INDIRECT(\"'MRO Certificate Printing'!F\"&((ROW()-2)*4)+2))","v":""},{"$f":"IF(INDIRECT(\"'MRO Certificate Printing'!B\"&((ROW()-2)*4)+2)=\"\",\"\",INDIRECT(\"'MRO Certificate Printing'!B\"&((ROW()-2)*4)+2))","v":""},{"$f":"IF(INDIRECT(\"'MRO Certificate Printing'!G\"&((ROW()-2)*4)+2)=\"\",\"\",INDIRECT(\"'MRO Certificate Printing'!G\"&((ROW()-2)*4)+2))","v":""},{"$f":"IF(INDIRECT(\"'MRO Certificate Printing'!J\"&((ROW()-2)*4)+2)=\"\",\"\",INDIRECT(\"'MRO Certificate Printing'!J\"&((ROW()-2)*4)+2))","v":""},{"$f":"IF(INDIRECT(\"'MRO Certificate Printing'!I\"&((ROW()-2)*4)+2)=\"\",\"\",INDIRECT(\"'MRO Certificate Printing'!I\"&((ROW()-2)*4)+2))","v":""},{"$f":"IF(INDIRECT(\"'MRO Certificate Printing'!K\"&((ROW()-2)*4)+2)=\"\",\"\",INDIRECT(\"'MRO Certificate Printing'!K\"&((ROW()-2)*4)+2))","v":""},null,{"$f":"IF(INDIRECT(\"'MRO Certificate Printing'!D\"&((ROW()-2)*4)+3)=\"\",\"\",INDIRECT(\"'MRO Certificate Printing'!D\"&((ROW()-2)*4)+3))","v":""},{"$f":"IF(INDIRECT(\"'MRO Certificate Printing'!E\"&((ROW()-2)*4)+3)=\"\",\"\",INDIRECT(\"'MRO Certificate Printing'!E\"&((ROW()-2)*4)+3))","v":""},{"$f":"IF(INDIRECT(\"'MRO Certificate Printing'!F\"&((ROW()-2)*4)+3)=\"\",\"\",INDIRECT(\"'MRO Certificate Printing'!F\"&((ROW()-2)*4)+3))","v":""},{"$f":"IF(INDIRECT(\"'MRO Certificate Printing'!B\"&((ROW()-2)*4)+3)=\"\",\"\",INDIRECT(\"'MRO Certificate Printing'!B\"&((ROW()-2)*4)+3))","v":""},{"$f":"IF(INDIRECT(\"'MRO Certificate Printing'!G\"&((ROW()-2)*4)+3)=\"\",\"\",INDIRECT(\"'MRO Certificate Printing'!G\"&((ROW()-2)*4)+3))","v":""},{"$f":"IF(INDIRECT(\"'MRO Certificate Printing'!J\"&((ROW()-2)*4)+3)=\"\",\"\",INDIRECT(\"'MRO Certificate Printing'!J\"&((ROW()-2)*4)+3))","v":""},{"$f":"IF(INDIRECT(\"'MRO Certificate Printing'!I\"&((ROW()-2)*4)+3)=\"\",\"\",INDIRECT(\"'MRO Certificate Printing'!I\"&((ROW()-2)*4)+3))","v":""},{"$f":"IF(INDIRECT(\"'MRO Certificate Printing'!K\"&((ROW()-2)*4)+3)=\"\",\"\",INDIRECT(\"'MRO Certificate Printing'!K\"&((ROW()-2)*4)+3))","v":""},null,{"$f":"IF(INDIRECT(\"'MRO Certificate Printing'!D\"&((ROW()-2)*4)+4)=\"\",\"\",INDIRECT(\"'MRO Certificate Printing'!D\"&((ROW()-2)*4)+4))","v":""},{"$f":"IF(INDIRECT(\"'MRO Certificate Printing'!E\"&((ROW()-2)*4)+4)=\"\",\"\",INDIRECT(\"'MRO Certificate Printing'!E\"&((ROW()-2)*4)+4))","v":""},{"$f":"IF(INDIRECT(\"'MRO Certificate Printing'!F\"&((ROW()-2)*4)+4)=\"\",\"\",INDIRECT(\"'MRO Certificate Printing'!F\"&((ROW()-2)*4)+4))","v":""},{"$f":"IF(INDIRECT(\"'MRO Certificate Printing'!B\"&((ROW()-2)*4)+4)=\"\",\"\",INDIRECT(\"'MRO Certificate Printing'!B\"&((ROW()-2)*4)+4))","v":""},{"$f":"IF(INDIRECT(\"'MRO Certificate Printing'!G\"&((ROW()-2)*4)+4)=\"\",\"\",INDIRECT(\"'MRO Certificate Printing'!G\"&((ROW()-2)*4)+4))","v":""},{"$f":"IF(INDIRECT(\"'MRO Certificate Printing'!J\"&((ROW()-2)*4)+4)=\"\",\"\",INDIRECT(\"'MRO Certificate Printing'!J\"&((ROW()-2)*4)+4))","v":""},{"$f":"IF(INDIRECT(\"'MRO Certificate Printing'!I\"&((ROW()-2)*4)+4)=\"\",\"\",INDIRECT(\"'MRO Certificate Printing'!I\"&((ROW()-2)*4)+4))","v":""},{"$f":"IF(INDIRECT(\"'MRO Certificate Printing'!K\"&((ROW()-2)*4)+4)=\"\",\"\",INDIRECT(\"'MRO Certificate Printing'!K\"&((ROW()-2)*4)+4))","v":""},null,{"$f":"IF(INDIRECT(\"'MRO Certificate Printing'!D\"&((ROW()-2)*4)+5)=\"\",\"\",INDIRECT(\"'MRO Certificate Printing'!D\"&((ROW()-2)*4)+5))","v":""},{"$f":"IF(INDIRECT(\"'MRO Certificate Printing'!E\"&((ROW()-2)*4)+5)=\"\",\"\",INDIRECT(\"'MRO Certificate Printing'!E\"&((ROW()-2)*4)+5))","v":""},{"$f":"IF(INDIRECT(\"'MRO Certificate Printing'!F\"&((ROW()-2)*4)+5)=\"\",\"\",INDIRECT(\"'MRO Certificate Printing'!F\"&((ROW()-2)*4)+5))","v":""},{"$f":"IF(INDIRECT(\"'MRO Certificate Printing'!B\"&((ROW()-2)*4)+5)=\"\",\"\",INDIRECT(\"'MRO Certificate Printing'!B\"&((ROW()-2)*4)+5))","v":""},{"$f":"IF(INDIRECT(\"'MRO Certificate Printing'!G\"&((ROW()-2)*4)+5)=\"\",\"\",INDIRECT(\"'MRO Certificate Printing'!G\"&((ROW()-2)*4)+5))","v":""},{"$f":"IF(INDIRECT(\"'MRO Certificate Printing'!J\"&((ROW()-2)*4)+5)=\"\",\"\",INDIRECT(\"'MRO Certificate Printing'!J\"&((ROW()-2)*4)+5))","v":""},{"$f":"IF(INDIRECT(\"'MRO Certificate Printing'!I\"&((ROW()-2)*4)+5)=\"\",\"\",INDIRECT(\"'MRO Certificate Printing'!I\"&((ROW()-2)*4)+5))","v":""},{"$f":"IF(INDIRECT(\"'MRO Certificate Printing'!K\"&((ROW()-2)*4)+5)=\"\",\"\",INDIRECT(\"'MRO Certificate Printing'!K\"&((ROW()-2)*4)+5))","v":""}]
["",{"$f":"IF(INDIRECT(\"'MRO Certificate Printing'!D\"&((ROW()-2)*4)+2)=\"\",\"\",INDIRECT(\"'MRO Certificate Printing'!D\"&((ROW()-2)*4)+2))","v":""},{"$f":"IF(INDIRECT(\"'MRO Certificate Printing'!E\"&((ROW()-2)*4)+2)=\"\",\"\",INDIRECT(\"'MRO Certificate Printing'!E\"&((ROW()-2)*4)+2))","v":""},{"$f":"IF(INDIRECT(\"'MRO Certificate Printing'!F\"&((ROW()-2)*4)+2)=\"\",\"\",INDIRECT(\"'MRO Certificate Printing'!F\"&((ROW()-2)*4)+2))","v":""},{"$f":"IF(INDIRECT(\"'MRO Certificate Printing'!B\"&((ROW()-2)*4)+2)=\"\",\"\",INDIRECT(\"'MRO Certificate Printing'!B\"&((ROW()-2)*4)+2))","v":""},{"$f":"IF(INDIRECT(\"'MRO Certificate Printing'!G\"&((ROW()-2)*4)+2)=\"\",\"\",INDIRECT(\"'MRO Certificate Printing'!G\"&((ROW()-2)*4)+2))","v":""},{"$f":"IF(INDIRECT(\"'MRO Certificate Printing'!J\"&((ROW()-2)*4)+2)=\"\",\"\",INDIRECT(\"'MRO Certificate Printing'!J\"&((ROW()-2)*4)+2))","v":""},{"$f":"IF(INDIRECT(\"'MRO Certificate Printing'!I\"&((ROW()-2)*4)+2)=\"\",\"\",INDIRECT(\"'MRO Certificate Printing'!I\"&((ROW()-2)*4)+2))","v":""},{"$f":"IF(INDIRECT(\"'MRO Certificate Printing'!K\"&((ROW()-2)*4)+2)=\"\",\"\",INDIRECT(\"'MRO Certificate Printing'!K\"&((ROW()-2)*4)+2))","v":""},null,{"$f":"IF(INDIRECT(\"'MRO Certificate Printing'!D\"&((ROW()-2)*4)+3)=\"\",\"\",INDIRECT(\"'MRO Certificate Printing'!D\"&((ROW()-2)*4)+3))","v":""},{"$f":"IF(INDIRECT(\"'MRO Certificate Printing'!E\"&((ROW()-2)*4)+3)=\"\",\"\",INDIRECT(\"'MRO Certificate Printing'!E\"&((ROW()-2)*4)+3))","v":""},{"$f":"IF(INDIRECT(\"'MRO Certificate Printing'!F\"&((ROW()-2)*4)+3)=\"\",\"\",INDIRECT(\"'MRO Certificate Printing'!F\"&((ROW()-2)*4)+3))","v":""},{"$f":"IF(INDIRECT(\"'MRO Certificate Printing'!B\"&((ROW()-2)*4)+3)=\"\",\"\",INDIRECT(\"'MRO Certificate Printing'!B\"&((ROW()-2)*4)+3))","v":""},{"$f":"IF(INDIRECT(\"'MRO Certificate Printing'!G\"&((ROW()-2)*4)+3)=\"\",\"\",INDIRECT(\"'MRO Certificate Printing'!G\"&((ROW()-2)*4)+3))","v":""},{"$f":"IF(INDIRECT(\"'MRO Certificate Printing'!J\"&((ROW()-2)*4)+3)=\"\",\"\",INDIRECT(\"'MRO Certificate Printing'!J\"&((ROW()-2)*4)+3))","v":""},{"$f":"IF(INDIRECT(\"'MRO Certificate Printing'!I\"&((ROW()-2)*4)+3)=\"\",\"\",INDIRECT(\"'MRO Certificate Printing'!I\"&((ROW()-2)*4)+3))","v":""},{"$f":"IF(INDIRECT(\"'MRO Certificate Printing'!K\"&((ROW()-2)*4)+3)=\"\",\"\",INDIRECT(\"'MRO Certificate Printing'!K\"&((ROW()-2)*4)+3))","v":""},null,{"$f":"IF(INDIRECT(\"'MRO Certificate Printing'!D\"&((ROW()-2)*4)+4)=\"\",\"\",INDIRECT(\"'MRO Certificate Printing'!D\"&((ROW()-2)*4)+4))","v":""},{"$f":"IF(INDIRECT(\"'MRO Certificate Printing'!E\"&((ROW()-2)*4)+4)=\"\",\"\",INDIRECT(\"'MRO Certificate Printing'!E\"&((ROW()-2)*4)+4))","v":""},{"$f":"IF(INDIRECT(\"'MRO Certificate Printing'!F\"&((ROW()-2)*4)+4)=\"\",\"\",INDIRECT(\"'MRO Certificate Printing'!F\"&((ROW()-2)*4)+4))","v":""},{"$f":"IF(INDIRECT(\"'MRO Certificate Printing'!B\"&((ROW()-2)*4)+4)=\"\",\"\",INDIRECT(\"'MRO Certificate Printing'!B\"&((ROW()-2)*4)+4))","v":""},{"$f":"IF(INDIRECT(\"'MRO Certificate Printing'!G\"&((ROW()-2)*4)+4)=\"\",\"\",INDIRECT(\"'MRO Certificate Printing'!G\"&((ROW()-2)*4)+4))","v":""},{"$f":"IF(INDIRECT(\"'MRO Certificate Printing'!J\"&((ROW()-2)*4)+4)=\"\",\"\",INDIRECT(\"'MRO Certificate Printing'!J\"&((ROW()-2)*4)+4))","v":""},{"$f":"IF(INDIRECT(\"'MRO Certificate Printing'!I\"&((ROW()-2)*4)+4)=\"\",\"\",INDIRECT(\"'MRO Certificate Printing'!I\"&((ROW()-2)*4)+4))","v":""},{"$f":"IF(INDIRECT(\"'MRO Certificate Printing'!K\"&((ROW()-2)*4)+4)=\"\",\"\",INDIRECT(\"'MRO Certificate Printing'!K\"&((ROW()-2)*4)+4))","v":""},null,{"$f":"IF(INDIRECT(\"'MRO Certificate Printing'!D\"&((ROW()-2)*4)+5)=\"\",\"\",INDIRECT(\"'MRO Certificate Printing'!D\"&((ROW()-2)*4)+5))","v":""},{"$f":"IF(INDIRECT(\"'MRO Certificate Printing'!E\"&((ROW()-2)*4)+5)=\"\",\"\",INDIRECT(\"'MRO Certificate Printing'!E\"&((ROW()-2)*4)+5))","v":""},{"$f":"IF(INDIRECT(\"'MRO Certificate Printing'!F\"&((ROW()-2)*4)+5)=\"\",\"\",INDIRECT(\"'MRO Certificate Printing'!F\"&((ROW()-2)*4)+5))","v":""},{"$f":"IF(INDIRECT(\"'MRO Certificate Printing'!B\"&((ROW()-2)*4)+5)=\"\",\"\",INDIRECT(\"'MRO Certificate Printing'!B\"&((ROW()-2)*4)+5))","v":""},{"$f":"IF(INDIRECT(\"'MRO Certificate Printing'!G\"&((ROW()-2)*4)+5)=\"\",\"\",INDIRECT(\"'MRO Certificate Printing'!G\"&((ROW()-2)*4)+5))","v":""},{"$f":"IF(INDIRECT(\"'MRO Certificate Printing'!J\"&((ROW()-2)*4)+5)=\"\",\"\",INDIRECT(\"'MRO Certificate Printing'!J\"&((ROW()-2)*4)+5))","v":""},{"$f":"IF(INDIRECT(\"'MRO Certificate Printing'!I\"&((ROW()-2)*4)+5)=\"\",\"\",INDIRECT(\"'MRO Certificate Printing'!I\"&((ROW()-2)*4)+5))","v":""},{"$f":"IF(INDIRECT(\"'MRO Certificate Printing'!K\"&((ROW()-2)*4)+5)=\"\",\"\",INDIRECT(\"'MRO Certificate Printing'!K\"&((ROW()-2)*4)+5))","v":""}]
["",{"$f":"IF(INDIRECT(\"'MRO Certificate Printing'!D\"&((ROW()-2)*4)+2)=\"\",\"\",INDIRECT(\"'MRO Certificate Printing'!D\"&((ROW()-2)*4)+2))","v":""},{"$f":"IF(INDIRECT(\"'MRO Certificate Printing'!E\"&((ROW()-2)*4)+2)=\"\",\"\",INDIRECT(\"'MRO Certificate Printing'!E\"&((ROW()-2)*4)+2))","v":""},{"$f":"IF(INDIRECT(\"'MRO Certificate Printing'!F\"&((ROW()-2)*4)+2)=\"\",\"\",INDIRECT(\"'MRO Certificate Printing'!F\"&((ROW()-2)*4)+2))","v":""},{"$f":"IF(INDIRECT(\"'MRO Certificate Printing'!B\"&((ROW()-2)*4)+2)=\"\",\"\",INDIRECT(\"'MRO Certificate Printing'!B\"&((ROW()-2)*4)+2))","v":""},{"$f":"IF(INDIRECT(\"'MRO Certificate Printing'!G\"&((ROW()-2)*4)+2)=\"\",\"\",INDIRECT(\"'MRO Certificate Printing'!G\"&((ROW()-2)*4)+2))","v":""},{"$f":"IF(INDIRECT(\"'MRO Certificate Printing'!J\"&((ROW()-2)*4)+2)=\"\",\"\",INDIRECT(\"'MRO Certificate Printing'!J\"&((ROW()-2)*4)+2))","v":""},{"$f":"IF(INDIRECT(\"'MRO Certificate Printing'!I\"&((ROW()-2)*4)+2)=\"\",\"\",INDIRECT(\"'MRO Certificate Printing'!I\"&((ROW()-2)*4)+2))","v":""},{"$f":"IF(INDIRECT(\"'MRO Certificate Printing'!K\"&((ROW()-2)*4)+2)=\"\",\"\",INDIRECT(\"'MRO Certificate Printing'!K\"&((ROW()-2)*4)+2))","v":""},null,{"$f":"IF(INDIRECT(\"'MRO Certificate Printing'!D\"&((ROW()-2)*4)+3)=\"\",\"\",INDIRECT(\"'MRO Certificate Printing'!D\"&((ROW()-2)*4)+3))","v":""},{"$f":"IF(INDIRECT(\"'MRO Certificate Printing'!E\"&((ROW()-2)*4)+3)=\"\",\"\",INDIRECT(\"'MRO Certificate Printing'!E\"&((ROW()-2)*4)+3))","v":""},{"$f":"IF(INDIRECT(\"'MRO Certificate Printing'!F\"&((ROW()-2)*4)+3)=\"\",\"\",INDIRECT(\"'MRO Certificate Printing'!F\"&((ROW()-2)*4)+3))","v":""},{"$f":"IF(INDIRECT(\"'MRO Certificate Printing'!B\"&((ROW()-2)*4)+3)=\"\",\"\",INDIRECT(\"'MRO Certificate Printing'!B\"&((ROW()-2)*4)+3))","v":""},{"$f":"IF(INDIRECT(\"'MRO Certificate Printing'!G\"&((ROW()-2)*4)+3)=\"\",\"\",INDIRECT(\"'MRO Certificate Printing'!G\"&((ROW()-2)*4)+3))","v":""},{"$f":"IF(INDIRECT(\"'MRO Certificate Printing'!J\"&((ROW()-2)*4)+3)=\"\",\"\",INDIRECT(\"'MRO Certificate Printing'!J\"&((ROW()-2)*4)+3))","v":""},{"$f":"IF(INDIRECT(\"'MRO Certificate Printing'!I\"&((ROW()-2)*4)+3)=\"\",\"\",INDIRECT(\"'MRO Certificate Printing'!I\"&((ROW()-2)*4)+3))","v":""},{"$f":"IF(INDIRECT(\"'MRO Certificate Printing'!K\"&((ROW()-2)*4)+3)=\"\",\"\",INDIRECT(\"'MRO Certificate Printing'!K\"&((ROW()-2)*4)+3))","v":""},null,{"$f":"IF(INDIRECT(\"'MRO Certificate Printing'!D\"&((ROW()-2)*4)+4)=\"\",\"\",INDIRECT(\"'MRO Certificate Printing'!D\"&((ROW()-2)*4)+4))","v":""},{"$f":"IF(INDIRECT(\"'MRO Certificate Printing'!E\"&((ROW()-2)*4)+4)=\"\",\"\",INDIRECT(\"'MRO Certificate Printing'!E\"&((ROW()-2)*4)+4))","v":""},{"$f":"IF(INDIRECT(\"'MRO Certificate Printing'!F\"&((ROW()-2)*4)+4)=\"\",\"\",INDIRECT(\"'MRO Certificate Printing'!F\"&((ROW()-2)*4)+4))","v":""},{"$f":"IF(INDIRECT(\"'MRO Certificate Printing'!B\"&((ROW()-2)*4)+4)=\"\",\"\",INDIRECT(\"'MRO Certificate Printing'!B\"&((ROW()-2)*4)+4))","v":""},{"$f":"IF(INDIRECT(\"'MRO Certificate Printing'!G\"&((ROW()-2)*4)+4)=\"\",\"\",INDIRECT(\"'MRO Certificate Printing'!G\"&((ROW()-2)*4)+4))","v":""},{"$f":"IF(INDIRECT(\"'MRO Certificate Printing'!J\"&((ROW()-2)*4)+4)=\"\",\"\",INDIRECT(\"'MRO Certificate Printing'!J\"&((ROW()-2)*4)+4))","v":""},{"$f":"IF(INDIRECT(\"'MRO Certificate Printing'!I\"&((ROW()-2)*4)+4)=\"\",\"\",INDIRECT(\"'MRO Certificate Printing'!I\"&((ROW()-2)*4)+4))","v":""},{"$f":"IF(INDIRECT(\"'MRO Certificate Printing'!K\"&((ROW()-2)*4)+4)=\"\",\"\",INDIRECT(\"'MRO Certificate Printing'!K\"&((ROW()-2)*4)+4))","v":""},null,{"$f":"IF(INDIRECT(\"'MRO Certificate Printing'!D\"&((ROW()-2)*4)+5)=\"\",\"\",INDIRECT(\"'MRO Certificate Printing'!D\"&((ROW()-2)*4)+5))","v":""},{"$f":"IF(INDIRECT(\"'MRO Certificate Printing'!E\"&((ROW()-2)*4)+5)=\"\",\"\",INDIRECT(\"'MRO Certificate Printing'!E\"&((ROW()-2)*4)+5))","v":""},{"$f":"IF(INDIRECT(\"'MRO Certificate Printing'!F\"&((ROW()-2)*4)+5)=\"\",\"\",INDIRECT(\"'MRO Certificate Printing'!F\"&((ROW()-2)*4)+5))","v":""},{"$f":"IF(INDIRECT(\"'MRO Certificate Printing'!B\"&((ROW()-2)*4)+5)=\"\",\"\",INDIRECT(\"'MRO Certificate Printing'!B\"&((ROW()-2)*4)+5))","v":""},{"$f":"IF(INDIRECT(\"'MRO Certificate Printing'!G\"&((ROW()-2)*4)+5)=\"\",\"\",INDIRECT(\"'MRO Certificate Printing'!G\"&((ROW()-2)*4)+5))","v":""},{"$f":"IF(INDIRECT(\"'MRO Certificate Printing'!J\"&((ROW()-2)*4)+5)=\"\",\"\",INDIRECT(\"'MRO Certificate Printing'!J\"&((ROW()-2)*4)+5))","v":""},{"$f":"IF(INDIRECT(\"'MRO Certificate Printing'!I\"&((ROW()-2)*4)+5)=\"\",\"\",INDIRECT(\"'MRO Certificate Printing'!I\"&((ROW()-2)*4)+5))","v":""},{"$f":"IF(INDIRECT(\"'MRO Certificate Printing'!K\"&((ROW()-2)*4)+5)=\"\",\"\",INDIRECT(\"'MRO Certificate Printing'!K\"&((ROW()-2)*4)+5))","v":""}]
["",{"$f":"IF(INDIRECT(\"'MRO Certificate Printing'!D\"&((ROW()-2)*4)+2)=\"\",\"\",INDIRECT(\"'MRO Certificate Printing'!D\"&((ROW()-2)*4)+2))","v":""},{"$f":"IF(INDIRECT(\"'MRO Certificate Printing'!E\"&((ROW()-2)*4)+2)=\"\",\"\",INDIRECT(\"'MRO Certificate Printing'!E\"&((ROW()-2)*4)+2))","v":""},{"$f":"IF(INDIRECT(\"'MRO Certificate Printing'!F\"&((ROW()-2)*4)+2)=\"\",\"\",INDIRECT(\"'MRO Certificate Printing'!F\"&((ROW()-2)*4)+2))","v":""},{"$f":"IF(INDIRECT(\"'MRO Certificate Printing'!B\"&((ROW()-2)*4)+2)=\"\",\"\",INDIRECT(\"'MRO Certificate Printing'!B\"&((ROW()-2)*4)+2))","v":""},{"$f":"IF(INDIRECT(\"'MRO Certificate Printing'!G\"&((ROW()-2)*4)+2)=\"\",\"\",INDIRECT(\"'MRO Certificate Printing'!G\"&((ROW()-2)*4)+2))","v":""},{"$f":"IF(INDIRECT(\"'MRO Certificate Printing'!J\"&((ROW()-2)*4)+2)=\"\",\"\",INDIRECT(\"'MRO Certificate Printing'!J\"&((ROW()-2)*4)+2))","v":""},{"$f":"IF(INDIRECT(\"'MRO Certificate Printing'!I\"&((ROW()-2)*4)+2)=\"\",\"\",INDIRECT(\"'MRO Certificate Printing'!I\"&((ROW()-2)*4)+2))","v":""},{"$f":"IF(INDIRECT(\"'MRO Certificate Printing'!K\"&((ROW()-2)*4)+2)=\"\",\"\",INDIRECT(\"'MRO Certificate Printing'!K\"&((ROW()-2)*4)+2))","v":""},null,{"$f":"IF(INDIRECT(\"'MRO Certificate Printing'!D\"&((ROW()-2)*4)+3)=\"\",\"\",INDIRECT(\"'MRO Certificate Printing'!D\"&((ROW()-2)*4)+3))","v":""},{"$f":"IF(INDIRECT(\"'MRO Certificate Printing'!E\"&((ROW()-2)*4)+3)=\"\",\"\",INDIRECT(\"'MRO Certificate Printing'!E\"&((ROW()-2)*4)+3))","v":""},{"$f":"IF(INDIRECT(\"'MRO Certificate Printing'!F\"&((ROW()-2)*4)+3)=\"\",\"\",INDIRECT(\"'MRO Certificate Printing'!F\"&((ROW()-2)*4)+3))","v":""},{"$f":"IF(INDIRECT(\"'MRO Certificate Printing'!B\"&((ROW()-2)*4)+3)=\"\",\"\",INDIRECT(\"'MRO Certificate Printing'!B\"&((ROW()-2)*4)+3))","v":""},{"$f":"IF(INDIRECT(\"'MRO Certificate Printing'!G\"&((ROW()-2)*4)+3)=\"\",\"\",INDIRECT(\"'MRO Certificate Printing'!G\"&((ROW()-2)*4)+3))","v":""},{"$f":"IF(INDIRECT(\"'MRO Certificate Printing'!J\"&((ROW()-2)*4)+3)=\"\",\"\",INDIRECT(\"'MRO Certificate Printing'!J\"&((ROW()-2)*4)+3))","v":""},{"$f":"IF(INDIRECT(\"'MRO Certificate Printing'!I\"&((ROW()-2)*4)+3)=\"\",\"\",INDIRECT(\"'MRO Certificate Printing'!I\"&((ROW()-2)*4)+3))","v":""},{"$f":"IF(INDIRECT(\"'MRO Certificate Printing'!K\"&((ROW()-2)*4)+3)=\"\",\"\",INDIRECT(\"'MRO Certificate Printing'!K\"&((ROW()-2)*4)+3))","v":""},null,{"$f":"IF(INDIRECT(\"'MRO Certificate Printing'!D\"&((ROW()-2)*4)+4)=\"\",\"\",INDIRECT(\"'MRO Certificate Printing'!D\"&((ROW()-2)*4)+4))","v":""},{"$f":"IF(INDIRECT(\"'MRO Certificate Printing'!E\"&((ROW()-2)*4)+4)=\"\",\"\",INDIRECT(\"'MRO Certificate Printing'!E\"&((ROW()-2)*4)+4))","v":""},{"$f":"IF(INDIRECT(\"'MRO Certificate Printing'!F\"&((ROW()-2)*4)+4)=\"\",\"\",INDIRECT(\"'MRO Certificate Printing'!F\"&((ROW()-2)*4)+4))","v":""},{"$f":"IF(INDIRECT(\"'MRO Certificate Printing'!B\"&((ROW()-2)*4)+4)=\"\",\"\",INDIRECT(\"'MRO Certificate Printing'!B\"&((ROW()-2)*4)+4))","v":""},{"$f":"IF(INDIRECT(\"'MRO Certificate Printing'!G\"&((ROW()-2)*4)+4)=\"\",\"\",INDIRECT(\"'MRO Certificate Printing'!G\"&((ROW()-2)*4)+4))","v":""},{"$f":"IF(INDIRECT(\"'MRO Certificate Printing'!J\"&((ROW()-2)*4)+4)=\"\",\"\",INDIRECT(\"'MRO Certificate Printing'!J\"&((ROW()-2)*4)+4))","v":""},{"$f":"IF(INDIRECT(\"'MRO Certificate Printing'!I\"&((ROW()-2)*4)+4)=\"\",\"\",INDIRECT(\"'MRO Certificate Printing'!I\"&((ROW()-2)*4)+4))","v":""},{"$f":"IF(INDIRECT(\"'MRO Certificate Printing'!K\"&((ROW()-2)*4)+4)=\"\",\"\",INDIRECT(\"'MRO Certificate Printing'!K\"&((ROW()-2)*4)+4))","v":""},null,{"$f":"IF(INDIRECT(\"'MRO Certificate Printing'!D\"&((ROW()-2)*4)+5)=\"\",\"\",INDIRECT(\"'MRO Certificate Printing'!D\"&((ROW()-2)*4)+5))","v":""},{"$f":"IF(INDIRECT(\"'MRO Certificate Printing'!E\"&((ROW()-2)*4)+5)=\"\",\"\",INDIRECT(\"'MRO Certificate Printing'!E\"&((ROW()-2)*4)+5))","v":""},{"$f":"IF(INDIRECT(\"'MRO Certificate Printing'!F\"&((ROW()-2)*4)+5)=\"\",\"\",INDIRECT(\"'MRO Certificate Printing'!F\"&((ROW()-2)*4)+5))","v":""},{"$f":"IF(INDIRECT(\"'MRO Certificate Printing'!B\"&((ROW()-2)*4)+5)=\"\",\"\",INDIRECT(\"'MRO Certificate Printing'!B\"&((ROW()-2)*4)+5))","v":""},{"$f":"IF(INDIRECT(\"'MRO Certificate Printing'!G\"&((ROW()-2)*4)+5)=\"\",\"\",INDIRECT(\"'MRO Certificate Printing'!G\"&((ROW()-2)*4)+5))","v":""},{"$f":"IF(INDIRECT(\"'MRO Certificate Printing'!J\"&((ROW()-2)*4)+5)=\"\",\"\",INDIRECT(\"'MRO Certificate Printing'!J\"&((ROW()-2)*4)+5))","v":""},{"$f":"IF(INDIRECT(\"'MRO Certificate Printing'!I\"&((ROW()-2)*4)+5)=\"\",\"\",INDIRECT(\"'MRO Certificate Printing'!I\"&((ROW()-2)*4)+5))","v":""},{"$f":"IF(INDIRECT(\"'MRO Certificate Printing'!K\"&((ROW()-2)*4)+5)=\"\",\"\",INDIRECT(\"'MRO Certificate Printing'!K\"&((ROW()-2)*4)+5))","v":""}]
["",{"$f":"IF(INDIRECT(\"'MRO Certificate Printing'!D\"&((ROW()-2)*4)+2)=\"\",\"\",INDIRECT(\"'MRO Certificate Printing'!D\"&((ROW()-2)*4)+2))","v":""},{"$f":"IF(INDIRECT(\"'MRO Certificate Printing'!E\"&((ROW()-2)*4)+2)=\"\",\"\",INDIRECT(\"'MRO Certificate Printing'!E\"&((ROW()-2)*4)+2))","v":""},{"$f":"IF(INDIRECT(\"'MRO Certificate Printing'!F\"&((ROW()-2)*4)+2)=\"\",\"\",INDIRECT(\"'MRO Certificate Printing'!F\"&((ROW()-2)*4)+2))","v":""},{"$f":"IF(INDIRECT(\"'MRO Certificate Printing'!B\"&((ROW()-2)*4)+2)=\"\",\"\",INDIRECT(\"'MRO Certificate Printing'!B\"&((ROW()-2)*4)+2))","v":""},{"$f":"IF(INDIRECT(\"'MRO Certificate Printing'!G\"&((ROW()-2)*4)+2)=\"\",\"\",INDIRECT(\"'MRO Certificate Printing'!G\"&((ROW()-2)*4)+2))","v":""},{"$f":"IF(INDIRECT(\"'MRO Certificate Printing'!J\"&((ROW()-2)*4)+2)=\"\",\"\",INDIRECT(\"'MRO Certificate Printing'!J\"&((ROW()-2)*4)+2))","v":""},{"$f":"IF(INDIRECT(\"'MRO Certificate Printing'!I\"&((ROW()-2)*4)+2)=\"\",\"\",INDIRECT(\"'MRO Certificate Printing'!I\"&((ROW()-2)*4)+2))","v":""},{"$f":"IF(INDIRECT(\"'MRO Certificate Printing'!K\"&((ROW()-2)*4)+2)=\"\",\"\",INDIRECT(\"'MRO Certificate Printing'!K\"&((ROW()-2)*4)+2))","v":""},null,{"$f":"IF(INDIRECT(\"'MRO Certificate Printing'!D\"&((ROW()-2)*4)+3)=\"\",\"\",INDIRECT(\"'MRO Certificate Printing'!D\"&((ROW()-2)*4)+3))","v":""},{"$f":"IF(INDIRECT(\"'MRO Certificate Printing'!E\"&((ROW()-2)*4)+3)=\"\",\"\",INDIRECT(\"'MRO Certificate Printing'!E\"&((ROW()-2)*4)+3))","v":""},{"$f":"IF(INDIRECT(\"'MRO Certificate Printing'!F\"&((ROW()-2)*4)+3)=\"\",\"\",INDIRECT(\"'MRO Certificate Printing'!F\"&((ROW()-2)*4)+3))","v":""},{"$f":"IF(INDIRECT(\"'MRO Certificate Printing'!B\"&((ROW()-2)*4)+3)=\"\",\"\",INDIRECT(\"'MRO Certificate Printing'!B\"&((ROW()-2)*4)+3))","v":""},{"$f":"IF(INDIRECT(\"'MRO Certificate Printing'!G\"&((ROW()-2)*4)+3)=\"\",\"\",INDIRECT(\"'MRO Certificate Printing'!G\"&((ROW()-2)*4)+3))","v":""},{"$f":"IF(INDIRECT(\"'MRO Certificate Printing'!J\"&((ROW()-2)*4)+3)=\"\",\"\",INDIRECT(\"'MRO Certificate Printing'!J\"&((ROW()-2)*4)+3))","v":""},{"$f":"IF(INDIRECT(\"'MRO Certificate Printing'!I\"&((ROW()-2)*4)+3)=\"\",\"\",INDIRECT(\"'MRO Certificate Printing'!I\"&((ROW()-2)*4)+3))","v":""},{"$f":"IF(INDIRECT(\"'MRO Certificate Printing'!K\"&((ROW()-2)*4)+3)=\"\",\"\",INDIRECT(\"'MRO Certificate Printing'!K\"&((ROW()-2)*4)+3))","v":""},null,{"$f":"IF(INDIRECT(\"'MRO Certificate Printing'!D\"&((ROW()-2)*4)+4)=\"\",\"\",INDIRECT(\"'MRO Certificate Printing'!D\"&((ROW()-2)*4)+4))","v":""},{"$f":"IF(INDIRECT(\"'MRO Certificate Printing'!E\"&((ROW()-2)*4)+4)=\"\",\"\",INDIRECT(\"'MRO Certificate Printing'!E\"&((ROW()-2)*4)+4))","v":""},{"$f":"IF(INDIRECT(\"'MRO Certificate Printing'!F\"&((ROW()-2)*4)+4)=\"\",\"\",INDIRECT(\"'MRO Certificate Printing'!F\"&((ROW()-2)*4)+4))","v":""},{"$f":"IF(INDIRECT(\"'MRO Certificate Printing'!B\"&((ROW()-2)*4)+4)=\"\",\"\",INDIRECT(\"'MRO Certificate Printing'!B\"&((ROW()-2)*4)+4))","v":""},{"$f":"IF(INDIRECT(\"'MRO Certificate Printing'!G\"&((ROW()-2)*4)+4)=\"\",\"\",INDIRECT(\"'MRO Certificate Printing'!G\"&((ROW()-2)*4)+4))","v":""},{"$f":"IF(INDIRECT(\"'MRO Certificate Printing'!J\"&((ROW()-2)*4)+4)=\"\",\"\",INDIRECT(\"'MRO Certificate Printing'!J\"&((ROW()-2)*4)+4))","v":""},{"$f":"IF(INDIRECT(\"'MRO Certificate Printing'!I\"&((ROW()-2)*4)+4)=\"\",\"\",INDIRECT(\"'MRO Certificate Printing'!I\"&((ROW()-2)*4)+4))","v":""},{"$f":"IF(INDIRECT(\"'MRO Certificate Printing'!K\"&((ROW()-2)*4)+4)=\"\",\"\",INDIRECT(\"'MRO Certificate Printing'!K\"&((ROW()-2)*4)+4))","v":""},null,{"$f":"IF(INDIRECT(\"'MRO Certificate Printing'!D\"&((ROW()-2)*4)+5)=\"\",\"\",INDIRECT(\"'MRO Certificate Printing'!D\"&((ROW()-2)*4)+5))","v":""},{"$f":"IF(INDIRECT(\"'MRO Certificate Printing'!E\"&((ROW()-2)*4)+5)=\"\",\"\",INDIRECT(\"'MRO Certificate Printing'!E\"&((ROW()-2)*4)+5))","v":""},{"$f":"IF(INDIRECT(\"'MRO Certificate Printing'!F\"&((ROW()-2)*4)+5)=\"\",\"\",INDIRECT(\"'MRO Certificate Printing'!F\"&((ROW()-2)*4)+5))","v":""},{"$f":"IF(INDIRECT(\"'MRO Certificate Printing'!B\"&((ROW()-2)*4)+5)=\"\",\"\",INDIRECT(\"'MRO Certificate Printing'!B\"&((ROW()-2)*4)+5))","v":""},{"$f":"IF(INDIRECT(\"'MRO Certificate Printing'!G\"&((ROW()-2)*4)+5)=\"\",\"\",INDIRECT(\"'MRO Certificate Printing'!G\"&((ROW()-2)*4)+5))","v":""},{"$f":"IF(INDIRECT(\"'MRO Certificate Printing'!J\"&((ROW()-2)*4)+5)=\"\",\"\",INDIRECT(\"'MRO Certificate Printing'!J\"&((ROW()-2)*4)+5))","v":""},{"$f":"IF(INDIRECT(\"'MRO Certificate Printing'!I\"&((ROW()-2)*4)+5)=\"\",\"\",INDIRECT(\"'MRO Certificate Printing'!I\"&((ROW()-2)*4)+5))","v":""},{"$f":"IF(INDIRECT(\"'MRO Certificate Printing'!K\"&((ROW()-2)*4)+5)=\"\",\"\",INDIRECT(\"'MRO Certificate Printing'!K\"&((ROW()-2)*4)+5))","v":""}]
["",{"$f":"IF(INDIRECT(\"'MRO Certificate Printing'!D\"&((ROW()-2)*4)+2)=\"\",\"\",INDIRECT(\"'MRO Certificate Printing'!D\"&((ROW()-2)*4)+2))","v":""},{"$f":"IF(INDIRECT(\"'MRO Certificate Printing'!E\"&((ROW()-2)*4)+2)=\"\",\"\",INDIRECT(\"'MRO Certificate Printing'!E\"&((ROW()-2)*4)+2))","v":""},{"$f":"IF(INDIRECT(\"'MRO Certificate Printing'!F\"&((ROW()-2)*4)+2)=\"\",\"\",INDIRECT(\"'MRO Certificate Printing'!F\"&((ROW()-2)*4)+2))","v":""},{"$f":"IF(INDIRECT(\"'MRO Certificate Printing'!B\"&((ROW()-2)*4)+2)=\"\",\"\",INDIRECT(\"'MRO Certificate Printing'!B\"&((ROW()-2)*4)+2))","v":""},{"$f":"IF(INDIRECT(\"'MRO Certificate Printing'!G\"&((ROW()-2)*4)+2)=\"\",\"\",INDIRECT(\"'MRO Certificate Printing'!G\"&((ROW()-2)*4)+2))","v":""},{"$f":"IF(INDIRECT(\"'MRO Certificate Printing'!J\"&((ROW()-2)*4)+2)=\"\",\"\",INDIRECT(\"'MRO Certificate Printing'!J\"&((ROW()-2)*4)+2))","v":""},{"$f":"IF(INDIRECT(\"'MRO Certificate Printing'!I\"&((ROW()-2)*4)+2)=\"\",\"\",INDIRECT(\"'MRO Certificate Printing'!I\"&((ROW()-2)*4)+2))","v":""},{"$f":"IF(INDIRECT(\"'MRO Certificate Printing'!K\"&((ROW()-2)*4)+2)=\"\",\"\",INDIRECT(\"'MRO Certificate Printing'!K\"&((ROW()-2)*4)+2))","v":""},null,{"$f":"IF(INDIRECT(\"'MRO Certificate Printing'!D\"&((ROW()-2)*4)+3)=\"\",\"\",INDIRECT(\"'MRO Certificate Printing'!D\"&((ROW()-2)*4)+3))","v":""},{"$f":"IF(INDIRECT(\"'MRO Certificate Printing'!E\"&((ROW()-2)*4)+3)=\"\",\"\",INDIRECT(\"'MRO Certificate Printing'!E\"&((ROW()-2)*4)+3))","v":""},{"$f":"IF(INDIRECT(\"'MRO Certificate Printing'!F\"&((ROW()-2)*4)+3)=\"\",\"\",INDIRECT(\"'MRO Certificate Printing'!F\"&((ROW()-2)*4)+3))","v":""},{"$f":"IF(INDIRECT(\"'MRO Certificate Printing'!B\"&((ROW()-2)*4)+3)=\"\",\"\",INDIRECT(\"'MRO Certificate Printing'!B\"&((ROW()-2)*4)+3))","v":""},{"$f":"IF(INDIRECT(\"'MRO Certificate Printing'!G\"&((ROW()-2)*4)+3)=\"\",\"\",INDIRECT(\"'MRO Certificate Printing'!G\"&((ROW()-2)*4)+3))","v":""},{"$f":"IF(INDIRECT(\"'MRO Certificate Printing'!J\"&((ROW()-2)*4)+3)=\"\",\"\",INDIRECT(\"'MRO Certificate Printing'!J\"&((ROW()-2)*4)+3))","v":""},{"$f":"IF(INDIRECT(\"'MRO Certificate Printing'!I\"&((ROW()-2)*4)+3)=\"\",\"\",INDIRECT(\"'MRO Certificate Printing'!I\"&((ROW()-2)*4)+3))","v":""},{"$f":"IF(INDIRECT(\"'MRO Certificate Printing'!K\"&((ROW()-2)*4)+3)=\"\",\"\",INDIRECT(\"'MRO Certificate Printing'!K\"&((ROW()-2)*4)+3))","v":""},null,{"$f":"IF(INDIRECT(\"'MRO Certificate Printing'!D\"&((ROW()-2)*4)+4)=\"\",\"\",INDIRECT(\"'MRO Certificate Printing'!D\"&((ROW()-2)*4)+4))","v":""},{"$f":"IF(INDIRECT(\"'MRO Certificate Printing'!E\"&((ROW()-2)*4)+4)=\"\",\"\",INDIRECT(\"'MRO Certificate Printing'!E\"&((ROW()-2)*4)+4))","v":""},{"$f":"IF(INDIRECT(\"'MRO Certificate Printing'!F\"&((ROW()-2)*4)+4)=\"\",\"\",INDIRECT(\"'MRO Certificate Printing'!F\"&((ROW()-2)*4)+4))","v":""},{"$f":"IF(INDIRECT(\"'MRO Certificate Printing'!B\"&((ROW()-2)*4)+4)=\"\",\"\",INDIRECT(\"'MRO Certificate Printing'!B\"&((ROW()-2)*4)+4))","v":""},{"$f":"IF(INDIRECT(\"'MRO Certificate Printing'!G\"&((ROW()-2)*4)+4)=\"\",\"\",INDIRECT(\"'MRO Certificate Printing'!G\"&((ROW()-2)*4)+4))","v":""},{"$f":"IF(INDIRECT(\"'MRO Certificate Printing'!J\"&((ROW()-2)*4)+4)=\"\",\"\",INDIRECT(\"'MRO Certificate Printing'!J\"&((ROW()-2)*4)+4))","v":""},{"$f":"IF(INDIRECT(\"'MRO Certificate Printing'!I\"&((ROW()-2)*4)+4)=\"\",\"\",INDIRECT(\"'MRO Certificate Printing'!I\"&((ROW()-2)*4)+4))","v":""},{"$f":"IF(INDIRECT(\"'MRO Certificate Printing'!K\"&((ROW()-2)*4)+4)=\"\",\"\",INDIRECT(\"'MRO Certificate Printing'!K\"&((ROW()-2)*4)+4))","v":""},null,{"$f":"IF(INDIRECT(\"'MRO Certificate Printing'!D\"&((ROW()-2)*4)+5)=\"\",\"\",INDIRECT(\"'MRO Certificate Printing'!D\"&((ROW()-2)*4)+5))","v":""},{"$f":"IF(INDIRECT(\"'MRO Certificate Printing'!E\"&((ROW()-2)*4)+5)=\"\",\"\",INDIRECT(\"'MRO Certificate Printing'!E\"&((ROW()-2)*4)+5))","v":""},{"$f":"IF(INDIRECT(\"'MRO Certificate Printing'!F\"&((ROW()-2)*4)+5)=\"\",\"\",INDIRECT(\"'MRO Certificate Printing'!F\"&((ROW()-2)*4)+5))","v":""},{"$f":"IF(INDIRECT(\"'MRO Certificate Printing'!B\"&((ROW()-2)*4)+5)=\"\",\"\",INDIRECT(\"'MRO Certificate Printing'!B\"&((ROW()-2)*4)+5))","v":""},{"$f":"IF(INDIRECT(\"'MRO Certificate Printing'!G\"&((ROW()-2)*4)+5)=\"\",\"\",INDIRECT(\"'MRO Certificate Printing'!G\"&((ROW()-2)*4)+5))","v":""},{"$f":"IF(INDIRECT(\"'MRO Certificate Printing'!J\"&((ROW()-2)*4)+5)=\"\",\"\",INDIRECT(\"'MRO Certificate Printing'!J\"&((ROW()-2)*4)+5))","v":""},{"$f":"IF(INDIRECT(\"'MRO Certificate Printing'!I\"&((ROW()-2)*4)+5)=\"\",\"\",INDIRECT(\"'MRO Certificate Printing'!I\"&((ROW()-2)*4)+5))","v":""},{"$f":"IF(INDIRECT(\"'MRO Certificate Printing'!K\"&((ROW()-2)*4)+5)=\"\",\"\",INDIRECT(\"'MRO Certificate Printing'!K\"&((ROW()-2)*4)+5))","v":""}]
["",{"$f":"IF(INDIRECT(\"'MRO Certificate Printing'!D\"&((ROW()-2)*4)+2)=\"\",\"\",INDIRECT(\"'MRO Certificate Printing'!D\"&((ROW()-2)*4)+2))","v":""},{"$f":"IF(INDIRECT(\"'MRO Certificate Printing'!E\"&((ROW()-2)*4)+2)=\"\",\"\",INDIRECT(\"'MRO Certificate Printing'!E\"&((ROW()-2)*4)+2))","v":""},{"$f":"IF(INDIRECT(\"'MRO Certificate Printing'!F\"&((ROW()-2)*4)+2)=\"\",\"\",INDIRECT(\"'MRO Certificate Printing'!F\"&((ROW()-2)*4)+2))","v":""},{"$f":"IF(INDIRECT(\"'MRO Certificate Printing'!B\"&((ROW()-2)*4)+2)=\"\",\"\",INDIRECT(\"'MRO Certificate Printing'!B\"&((ROW()-2)*4)+2))","v":""},{"$f":"IF(INDIRECT(\"'MRO Certificate Printing'!G\"&((ROW()-2)*4)+2)=\"\",\"\",INDIRECT(\"'MRO Certificate Printing'!G\"&((ROW()-2)*4)+2))","v":""},{"$f":"IF(INDIRECT(\"'MRO Certificate Printing'!J\"&((ROW()-2)*4)+2)=\"\",\"\",INDIRECT(\"'MRO Certificate Printing'!J\"&((ROW()-2)*4)+2))","v":""},{"$f":"IF(INDIRECT(\"'MRO Certificate Printing'!I\"&((ROW()-2)*4)+2)=\"\",\"\",INDIRECT(\"'MRO Certificate Printing'!I\"&((ROW()-2)*4)+2))","v":""},{"$f":"IF(INDIRECT(\"'MRO Certificate Printing'!K\"&((ROW()-2)*4)+2)=\"\",\"\",INDIRECT(\"'MRO Certificate Printing'!K\"&((ROW()-2)*4)+2))","v":""},null,{"$f":"IF(INDIRECT(\"'MRO Certificate Printing'!D\"&((ROW()-2)*4)+3)=\"\",\"\",INDIRECT(\"'MRO Certificate Printing'!D\"&((ROW()-2)*4)+3))","v":""},{"$f":"IF(INDIRECT(\"'MRO Certificate Printing'!E\"&((ROW()-2)*4)+3)=\"\",\"\",INDIRECT(\"'MRO Certificate Printing'!E\"&((ROW()-2)*4)+3))","v":""},{"$f":"IF(INDIRECT(\"'MRO Certificate Printing'!F\"&((ROW()-2)*4)+3)=\"\",\"\",INDIRECT(\"'MRO Certificate Printing'!F\"&((ROW()-2)*4)+3))","v":""},{"$f":"IF(INDIRECT(\"'MRO Certificate Printing'!B\"&((ROW()-2)*4)+3)=\"\",\"\",INDIRECT(\"'MRO Certificate Printing'!B\"&((ROW()-2)*4)+3))","v":""},{"$f":"IF(INDIRECT(\"'MRO Certificate Printing'!G\"&((ROW()-2)*4)+3)=\"\",\"\",INDIRECT(\"'MRO Certificate Printing'!G\"&((ROW()-2)*4)+3))","v":""},{"$f":"IF(INDIRECT(\"'MRO Certificate Printing'!J\"&((ROW()-2)*4)+3)=\"\",\"\",INDIRECT(\"'MRO Certificate Printing'!J\"&((ROW()-2)*4)+3))","v":""},{"$f":"IF(INDIRECT(\"'MRO Certificate Printing'!I\"&((ROW()-2)*4)+3)=\"\",\"\",INDIRECT(\"'MRO Certificate Printing'!I\"&((ROW()-2)*4)+3))","v":""},{"$f":"IF(INDIRECT(\"'MRO Certificate Printing'!K\"&((ROW()-2)*4)+3)=\"\",\"\",INDIRECT(\"'MRO Certificate Printing'!K\"&((ROW()-2)*4)+3))","v":""},null,{"$f":"IF(INDIRECT(\"'MRO Certificate Printing'!D\"&((ROW()-2)*4)+4)=\"\",\"\",INDIRECT(\"'MRO Certificate Printing'!D\"&((ROW()-2)*4)+4))","v":""},{"$f":"IF(INDIRECT(\"'MRO Certificate Printing'!E\"&((ROW()-2)*4)+4)=\"\",\"\",INDIRECT(\"'MRO Certificate Printing'!E\"&((ROW()-2)*4)+4))","v":""},{"$f":"IF(INDIRECT(\"'MRO Certificate Printing'!F\"&((ROW()-2)*4)+4)=\"\",\"\",INDIRECT(\"'MRO Certificate Printing'!F\"&((ROW()-2)*4)+4))","v":""},{"$f":"IF(INDIRECT(\"'MRO Certificate Printing'!B\"&((ROW()-2)*4)+4)=\"\",\"\",INDIRECT(\"'MRO Certificate Printing'!B\"&((ROW()-2)*4)+4))","v":""},{"$f":"IF(INDIRECT(\"'MRO Certificate Printing'!G\"&((ROW()-2)*4)+4)=\"\",\"\",INDIRECT(\"'MRO Certificate Printing'!G\"&((ROW()-2)*4)+4))","v":""},{"$f":"IF(INDIRECT(\"'MRO Certificate Printing'!J\"&((ROW()-2)*4)+4)=\"\",\"\",INDIRECT(\"'MRO Certificate Printing'!J\"&((ROW()-2)*4)+4))","v":""},{"$f":"IF(INDIRECT(\"'MRO Certificate Printing'!I\"&((ROW()-2)*4)+4)=\"\",\"\",INDIRECT(\"'MRO Certificate Printing'!I\"&((ROW()-2)*4)+4))","v":""},{"$f":"IF(INDIRECT(\"'MRO Certificate Printing'!K\"&((ROW()-2)*4)+4)=\"\",\"\",INDIRECT(\"'MRO Certificate Printing'!K\"&((ROW()-2)*4)+4))","v":""},null,{"$f":"IF(INDIRECT(\"'MRO Certificate Printing'!D\"&((ROW()-2)*4)+5)=\"\",\"\",INDIRECT(\"'MRO Certificate Printing'!D\"&((ROW()-2)*4)+5))","v":""},{"$f":"IF(INDIRECT(\"'MRO Certificate Printing'!E\"&((ROW()-2)*4)+5)=\"\",\"\",INDIRECT(\"'MRO Certificate Printing'!E\"&((ROW()-2)*4)+5))","v":""},{"$f":"IF(INDIRECT(\"'MRO Certificate Printing'!F\"&((ROW()-2)*4)+5)=\"\",\"\",INDIRECT(\"'MRO Certificate Printing'!F\"&((ROW()-2)*4)+5))","v":""},{"$f":"IF(INDIRECT(\"'MRO Certificate Printing'!B\"&((ROW()-2)*4)+5)=\"\",\"\",INDIRECT(\"'MRO Certificate Printing'!B\"&((ROW()-2)*4)+5))","v":""},{"$f":"IF(INDIRECT(\"'MRO Certificate Printing'!G\"&((ROW()-2)*4)+5)=\"\",\"\",INDIRECT(\"'MRO Certificate Printing'!G\"&((ROW()-2)*4)+5))","v":""},{"$f":"IF(INDIRECT(\"'MRO Certificate Printing'!J\"&((ROW()-2)*4)+5)=\"\",\"\",INDIRECT(\"'MRO Certificate Printing'!J\"&((ROW()-2)*4)+5))","v":""},{"$f":"IF(INDIRECT(\"'MRO Certificate Printing'!I\"&((ROW()-2)*4)+5)=\"\",\"\",INDIRECT(\"'MRO Certificate Printing'!I\"&((ROW()-2)*4)+5))","v":""},{"$f":"IF(INDIRECT(\"'MRO Certificate Printing'!K\"&((ROW()-2)*4)+5)=\"\",\"\",INDIRECT(\"'MRO Certificate Printing'!K\"&((ROW()-2)*4)+5))","v":""}]
["",{"$f":"IF(INDIRECT(\"'MRO Certificate Printing'!D\"&((ROW()-2)*4)+2)=\"\",\"\",INDIRECT(\"'MRO Certificate Printing'!D\"&((ROW()-2)*4)+2))","v":""},{"$f":"IF(INDIRECT(\"'MRO Certificate Printing'!E\"&((ROW()-2)*4)+2)=\"\",\"\",INDIRECT(\"'MRO Certificate Printing'!E\"&((ROW()-2)*4)+2))","v":""},{"$f":"IF(INDIRECT(\"'MRO Certificate Printing'!F\"&((ROW()-2)*4)+2)=\"\",\"\",INDIRECT(\"'MRO Certificate Printing'!F\"&((ROW()-2)*4)+2))","v":""},{"$f":"IF(INDIRECT(\"'MRO Certificate Printing'!B\"&((ROW()-2)*4)+2)=\"\",\"\",INDIRECT(\"'MRO Certificate Printing'!B\"&((ROW()-2)*4)+2))","v":""},{"$f":"IF(INDIRECT(\"'MRO Certificate Printing'!G\"&((ROW()-2)*4)+2)=\"\",\"\",INDIRECT(\"'MRO Certificate Printing'!G\"&((ROW()-2)*4)+2))","v":""},{"$f":"IF(INDIRECT(\"'MRO Certificate Printing'!J\"&((ROW()-2)*4)+2)=\"\",\"\",INDIRECT(\"'MRO Certificate Printing'!J\"&((ROW()-2)*4)+2))","v":""},{"$f":"IF(INDIRECT(\"'MRO Certificate Printing'!I\"&((ROW()-2)*4)+2)=\"\",\"\",INDIRECT(\"'MRO Certificate Printing'!I\"&((ROW()-2)*4)+2))","v":""},{"$f":"IF(INDIRECT(\"'MRO Certificate Printing'!K\"&((ROW()-2)*4)+2)=\"\",\"\",INDIRECT(\"'MRO Certificate Printing'!K\"&((ROW()-2)*4)+2))","v":""},null,{"$f":"IF(INDIRECT(\"'MRO Certificate Printing'!D\"&((ROW()-2)*4)+3)=\"\",\"\",INDIRECT(\"'MRO Certificate Printing'!D\"&((ROW()-2)*4)+3))","v":""},{"$f":"IF(INDIRECT(\"'MRO Certificate Printing'!E\"&((ROW()-2)*4)+3)=\"\",\"\",INDIRECT(\"'MRO Certificate Printing'!E\"&((ROW()-2)*4)+3))","v":""},{"$f":"IF(INDIRECT(\"'MRO Certificate Printing'!F\"&((ROW()-2)*4)+3)=\"\",\"\",INDIRECT(\"'MRO Certificate Printing'!F\"&((ROW()-2)*4)+3))","v":""},{"$f":"IF(INDIRECT(\"'MRO Certificate Printing'!B\"&((ROW()-2)*4)+3)=\"\",\"\",INDIRECT(\"'MRO Certificate Printing'!B\"&((ROW()-2)*4)+3))","v":""},{"$f":"IF(INDIRECT(\"'MRO Certificate Printing'!G\"&((ROW()-2)*4)+3)=\"\",\"\",INDIRECT(\"'MRO Certificate Printing'!G\"&((ROW()-2)*4)+3))","v":""},{"$f":"IF(INDIRECT(\"'MRO Certificate Printing'!J\"&((ROW()-2)*4)+3)=\"\",\"\",INDIRECT(\"'MRO Certificate Printing'!J\"&((ROW()-2)*4)+3))","v":""},{"$f":"IF(INDIRECT(\"'MRO Certificate Printing'!I\"&((ROW()-2)*4)+3)=\"\",\"\",INDIRECT(\"'MRO Certificate Printing'!I\"&((ROW()-2)*4)+3))","v":""},{"$f":"IF(INDIRECT(\"'MRO Certificate Printing'!K\"&((ROW()-2)*4)+3)=\"\",\"\",INDIRECT(\"'MRO Certificate Printing'!K\"&((ROW()-2)*4)+3))","v":""},null,{"$f":"IF(INDIRECT(\"'MRO Certificate Printing'!D\"&((ROW()-2)*4)+4)=\"\",\"\",INDIRECT(\"'MRO Certificate Printing'!D\"&((ROW()-2)*4)+4))","v":""},{"$f":"IF(INDIRECT(\"'MRO Certificate Printing'!E\"&((ROW()-2)*4)+4)=\"\",\"\",INDIRECT(\"'MRO Certificate Printing'!E\"&((ROW()-2)*4)+4))","v":""},{"$f":"IF(INDIRECT(\"'MRO Certificate Printing'!F\"&((ROW()-2)*4)+4)=\"\",\"\",INDIRECT(\"'MRO Certificate Printing'!F\"&((ROW()-2)*4)+4))","v":""},{"$f":"IF(INDIRECT(\"'MRO Certificate Printing'!B\"&((ROW()-2)*4)+4)=\"\",\"\",INDIRECT(\"'MRO Certificate Printing'!B\"&((ROW()-2)*4)+4))","v":""},{"$f":"IF(INDIRECT(\"'MRO Certificate Printing'!G\"&((ROW()-2)*4)+4)=\"\",\"\",INDIRECT(\"'MRO Certificate Printing'!G\"&((ROW()-2)*4)+4))","v":""},{"$f":"IF(INDIRECT(\"'MRO Certificate Printing'!J\"&((ROW()-2)*4)+4)=\"\",\"\",INDIRECT(\"'MRO Certificate Printing'!J\"&((ROW()-2)*4)+4))","v":""},{"$f":"IF(INDIRECT(\"'MRO Certificate Printing'!I\"&((ROW()-2)*4)+4)=\"\",\"\",INDIRECT(\"'MRO Certificate Printing'!I\"&((ROW()-2)*4)+4))","v":""},{"$f":"IF(INDIRECT(\"'MRO Certificate Printing'!K\"&((ROW()-2)*4)+4)=\"\",\"\",INDIRECT(\"'MRO Certificate Printing'!K\"&((ROW()-2)*4)+4))","v":""},null,{"$f":"IF(INDIRECT(\"'MRO Certificate Printing'!D\"&((ROW()-2)*4)+5)=\"\",\"\",INDIRECT(\"'MRO Certificate Printing'!D\"&((ROW()-2)*4)+5))","v":""},{"$f":"IF(INDIRECT(\"'MRO Certificate Printing'!E\"&((ROW()-2)*4)+5)=\"\",\"\",INDIRECT(\"'MRO Certificate Printing'!E\"&((ROW()-2)*4)+5))","v":""},{"$f":"IF(INDIRECT(\"'MRO Certificate Printing'!F\"&((ROW()-2)*4)+5)=\"\",\"\",INDIRECT(\"'MRO Certificate Printing'!F\"&((ROW()-2)*4)+5))","v":""},{"$f":"IF(INDIRECT(\"'MRO Certificate Printing'!B\"&((ROW()-2)*4)+5)=\"\",\"\",INDIRECT(\"'MRO Certificate Printing'!B\"&((ROW()-2)*4)+5))","v":""},{"$f":"IF(INDIRECT(\"'MRO Certificate Printing'!G\"&((ROW()-2)*4)+5)=\"\",\"\",INDIRECT(\"'MRO Certificate Printing'!G\"&((ROW()-2)*4)+5))","v":""},{"$f":"IF(INDIRECT(\"'MRO Certificate Printing'!J\"&((ROW()-2)*4)+5)=\"\",\"\",INDIRECT(\"'MRO Certificate Printing'!J\"&((ROW()-2)*4)+5))","v":""},{"$f":"IF(INDIRECT(\"'MRO Certificate Printing'!I\"&((ROW()-2)*4)+5)=\"\",\"\",INDIRECT(\"'MRO Certificate Printing'!I\"&((ROW()-2)*4)+5))","v":""},{"$f":"IF(INDIRECT(\"'MRO Certificate Printing'!K\"&((ROW()-2)*4)+5)=\"\",\"\",INDIRECT(\"'MRO Certificate Printing'!K\"&((ROW()-2)*4)+5))","v":""}]
["",{"$f":"IF(INDIRECT(\"'MRO Certificate Printing'!D\"&((ROW()-2)*4)+2)=\"\",\"\",INDIRECT(\"'MRO Certificate Printing'!D\"&((ROW()-2)*4)+2))","v":""},{"$f":"IF(INDIRECT(\"'MRO Certificate Printing'!E\"&((ROW()-2)*4)+2)=\"\",\"\",INDIRECT(\"'MRO Certificate Printing'!E\"&((ROW()-2)*4)+2))","v":""},{"$f":"IF(INDIRECT(\"'MRO Certificate Printing'!F\"&((ROW()-2)*4)+2)=\"\",\"\",INDIRECT(\"'MRO Certificate Printing'!F\"&((ROW()-2)*4)+2))","v":""},{"$f":"IF(INDIRECT(\"'MRO Certificate Printing'!B\"&((ROW()-2)*4)+2)=\"\",\"\",INDIRECT(\"'MRO Certificate Printing'!B\"&((ROW()-2)*4)+2))","v":""},{"$f":"IF(INDIRECT(\"'MRO Certificate Printing'!G\"&((ROW()-2)*4)+2)=\"\",\"\",INDIRECT(\"'MRO Certificate Printing'!G\"&((ROW()-2)*4)+2))","v":""},{"$f":"IF(INDIRECT(\"'MRO Certificate Printing'!J\"&((ROW()-2)*4)+2)=\"\",\"\",INDIRECT(\"'MRO Certificate Printing'!J\"&((ROW()-2)*4)+2))","v":""},{"$f":"IF(INDIRECT(\"'MRO Certificate Printing'!I\"&((ROW()-2)*4)+2)=\"\",\"\",INDIRECT(\"'MRO Certificate Printing'!I\"&((ROW()-2)*4)+2))","v":""},{"$f":"IF(INDIRECT(\"'MRO Certificate Printing'!K\"&((ROW()-2)*4)+2)=\"\",\"\",INDIRECT(\"'MRO Certificate Printing'!K\"&((ROW()-2)*4)+2))","v":""},null,{"$f":"IF(INDIRECT(\"'MRO Certificate Printing'!D\"&((ROW()-2)*4)+3)=\"\",\"\",INDIRECT(\"'MRO Certificate Printing'!D\"&((ROW()-2)*4)+3))","v":""},{"$f":"IF(INDIRECT(\"'MRO Certificate Printing'!E\"&((ROW()-2)*4)+3)=\"\",\"\",INDIRECT(\"'MRO Certificate Printing'!E\"&((ROW()-2)*4)+3))","v":""},{"$f":"IF(INDIRECT(\"'MRO Certificate Printing'!F\"&((ROW()-2)*4)+3)=\"\",\"\",INDIRECT(\"'MRO Certificate Printing'!F\"&((ROW()-2)*4)+3))","v":""},{"$f":"IF(INDIRECT(\"'MRO Certificate Printing'!B\"&((ROW()-2)*4)+3)=\"\",\"\",INDIRECT(\"'MRO Certificate Printing'!B\"&((ROW()-2)*4)+3))","v":""},{"$f":"IF(INDIRECT(\"'MRO Certificate Printing'!G\"&((ROW()-2)*4)+3)=\"\",\"\",INDIRECT(\"'MRO Certificate Printing'!G\"&((ROW()-2)*4)+3))","v":""},{"$f":"IF(INDIRECT(\"'MRO Certificate Printing'!J\"&((ROW()-2)*4)+3)=\"\",\"\",INDIRECT(\"'MRO Certificate Printing'!J\"&((ROW()-2)*4)+3))","v":""},{"$f":"IF(INDIRECT(\"'MRO Certificate Printing'!I\"&((ROW()-2)*4)+3)=\"\",\"\",INDIRECT(\"'MRO Certificate Printing'!I\"&((ROW()-2)*4)+3))","v":""},{"$f":"IF(INDIRECT(\"'MRO Certificate Printing'!K\"&((ROW()-2)*4)+3)=\"\",\"\",INDIRECT(\"'MRO Certificate Printing'!K\"&((ROW()-2)*4)+3))","v":""},null,{"$f":"IF(INDIRECT(\"'MRO Certificate Printing'!D\"&((ROW()-2)*4)+4)=\"\",\"\",INDIRECT(\"'MRO Certificate Printing'!D\"&((ROW()-2)*4)+4))","v":""},{"$f":"IF(INDIRECT(\"'MRO Certificate Printing'!E\"&((ROW()-2)*4)+4)=\"\",\"\",INDIRECT(\"'MRO Certificate Printing'!E\"&((ROW()-2)*4)+4))","v":""},{"$f":"IF(INDIRECT(\"'MRO Certificate Printing'!F\"&((ROW()-2)*4)+4)=\"\",\"\",INDIRECT(\"'MRO Certificate Printing'!F\"&((ROW()-2)*4)+4))","v":""},{"$f":"IF(INDIRECT(\"'MRO Certificate Printing'!B\"&((ROW()-2)*4)+4)=\"\",\"\",INDIRECT(\"'MRO Certificate Printing'!B\"&((ROW()-2)*4)+4))","v":""},{"$f":"IF(INDIRECT(\"'MRO Certificate Printing'!G\"&((ROW()-2)*4)+4)=\"\",\"\",INDIRECT(\"'MRO Certificate Printing'!G\"&((ROW()-2)*4)+4))","v":""},{"$f":"IF(INDIRECT(\"'MRO Certificate Printing'!J\"&((ROW()-2)*4)+4)=\"\",\"\",INDIRECT(\"'MRO Certificate Printing'!J\"&((ROW()-2)*4)+4))","v":""},{"$f":"IF(INDIRECT(\"'MRO Certificate Printing'!I\"&((ROW()-2)*4)+4)=\"\",\"\",INDIRECT(\"'MRO Certificate Printing'!I\"&((ROW()-2)*4)+4))","v":""},{"$f":"IF(INDIRECT(\"'MRO Certificate Printing'!K\"&((ROW()-2)*4)+4)=\"\",\"\",INDIRECT(\"'MRO Certificate Printing'!K\"&((ROW()-2)*4)+4))","v":""},null,{"$f":"IF(INDIRECT(\"'MRO Certificate Printing'!D\"&((ROW()-2)*4)+5)=\"\",\"\",INDIRECT(\"'MRO Certificate Printing'!D\"&((ROW()-2)*4)+5))","v":""},{"$f":"IF(INDIRECT(\"'MRO Certificate Printing'!E\"&((ROW()-2)*4)+5)=\"\",\"\",INDIRECT(\"'MRO Certificate Printing'!E\"&((ROW()-2)*4)+5))","v":""},{"$f":"IF(INDIRECT(\"'MRO Certificate Printing'!F\"&((ROW()-2)*4)+5)=\"\",\"\",INDIRECT(\"'MRO Certificate Printing'!F\"&((ROW()-2)*4)+5))","v":""},{"$f":"IF(INDIRECT(\"'MRO Certificate Printing'!B\"&((ROW()-2)*4)+5)=\"\",\"\",INDIRECT(\"'MRO Certificate Printing'!B\"&((ROW()-2)*4)+5))","v":""},{"$f":"IF(INDIRECT(\"'MRO Certificate Printing'!G\"&((ROW()-2)*4)+5)=\"\",\"\",INDIRECT(\"'MRO Certificate Printing'!G\"&((ROW()-2)*4)+5))","v":""},{"$f":"IF(INDIRECT(\"'MRO Certificate Printing'!J\"&((ROW()-2)*4)+5)=\"\",\"\",INDIRECT(\"'MRO Certificate Printing'!J\"&((ROW()-2)*4)+5))","v":""},{"$f":"IF(INDIRECT(\"'MRO Certificate Printing'!I\"&((ROW()-2)*4)+5)=\"\",\"\",INDIRECT(\"'MRO Certificate Printing'!I\"&((ROW()-2)*4)+5))","v":""},{"$f":"IF(INDIRECT(\"'MRO Certificate Printing'!K\"&((ROW()-2)*4)+5)=\"\",\"\",INDIRECT(\"'MRO Certificate Printing'!K\"&((ROW()-2)*4)+5))","v":""}]
["",{"$f":"IF(INDIRECT(\"'MRO Certificate Printing'!D\"&((ROW()-2)*4)+2)=\"\",\"\",INDIRECT(\"'MRO Certificate Printing'!D\"&((ROW()-2)*4)+2))","v":""},{"$f":"IF(INDIRECT(\"'MRO Certificate Printing'!E\"&((ROW()-2)*4)+2)=\"\",\"\",INDIRECT(\"'MRO Certificate Printing'!E\"&((ROW()-2)*4)+2))","v":""},{"$f":"IF(INDIRECT(\"'MRO Certificate Printing'!F\"&((ROW()-2)*4)+2)=\"\",\"\",INDIRECT(\"'MRO Certificate Printing'!F\"&((ROW()-2)*4)+2))","v":""},{"$f":"IF(INDIRECT(\"'MRO Certificate Printing'!B\"&((ROW()-2)*4)+2)=\"\",\"\",INDIRECT(\"'MRO Certificate Printing'!B\"&((ROW()-2)*4)+2))","v":""},{"$f":"IF(INDIRECT(\"'MRO Certificate Printing'!G\"&((ROW()-2)*4)+2)=\"\",\"\",INDIRECT(\"'MRO Certificate Printing'!G\"&((ROW()-2)*4)+2))","v":""},{"$f":"IF(INDIRECT(\"'MRO Certificate Printing'!J\"&((ROW()-2)*4)+2)=\"\",\"\",INDIRECT(\"'MRO Certificate Printing'!J\"&((ROW()-2)*4)+2))","v":""},{"$f":"IF(INDIRECT(\"'MRO Certificate Printing'!I\"&((ROW()-2)*4)+2)=\"\",\"\",INDIRECT(\"'MRO Certificate Printing'!I\"&((ROW()-2)*4)+2))","v":""},{"$f":"IF(INDIRECT(\"'MRO Certificate Printing'!K\"&((ROW()-2)*4)+2)=\"\",\"\",INDIRECT(\"'MRO Certificate Printing'!K\"&((ROW()-2)*4)+2))","v":""},null,{"$f":"IF(INDIRECT(\"'MRO Certificate Printing'!D\"&((ROW()-2)*4)+3)=\"\",\"\",INDIRECT(\"'MRO Certificate Printing'!D\"&((ROW()-2)*4)+3))","v":""},{"$f":"IF(INDIRECT(\"'MRO Certificate Printing'!E\"&((ROW()-2)*4)+3)=\"\",\"\",INDIRECT(\"'MRO Certificate Printing'!E\"&((ROW()-2)*4)+3))","v":""},{"$f":"IF(INDIRECT(\"'MRO Certificate Printing'!F\"&((ROW()-2)*4)+3)=\"\",\"\",INDIRECT(\"'MRO Certificate Printing'!F\"&((ROW()-2)*4)+3))","v":""},{"$f":"IF(INDIRECT(\"'MRO Certificate Printing'!B\"&((ROW()-2)*4)+3)=\"\",\"\",INDIRECT(\"'MRO Certificate Printing'!B\"&((ROW()-2)*4)+3))","v":""},{"$f":"IF(INDIRECT(\"'MRO Certificate Printing'!G\"&((ROW()-2)*4)+3)=\"\",\"\",INDIRECT(\"'MRO Certificate Printing'!G\"&((ROW()-2)*4)+3))","v":""},{"$f":"IF(INDIRECT(\"'MRO Certificate Printing'!J\"&((ROW()-2)*4)+3)=\"\",\"\",INDIRECT(\"'MRO Certificate Printing'!J\"&((ROW()-2)*4)+3))","v":""},{"$f":"IF(INDIRECT(\"'MRO Certificate Printing'!I\"&((ROW()-2)*4)+3)=\"\",\"\",INDIRECT(\"'MRO Certificate Printing'!I\"&((ROW()-2)*4)+3))","v":""},{"$f":"IF(INDIRECT(\"'MRO Certificate Printing'!K\"&((ROW()-2)*4)+3)=\"\",\"\",INDIRECT(\"'MRO Certificate Printing'!K\"&((ROW()-2)*4)+3))","v":""},null,{"$f":"IF(INDIRECT(\"'MRO Certificate Printing'!D\"&((ROW()-2)*4)+4)=\"\",\"\",INDIRECT(\"'MRO Certificate Printing'!D\"&((ROW()-2)*4)+4))","v":""},{"$f":"IF(INDIRECT(\"'MRO Certificate Printing'!E\"&((ROW()-2)*4)+4)=\"\",\"\",INDIRECT(\"'MRO Certificate Printing'!E\"&((ROW()-2)*4)+4))","v":""},{"$f":"IF(INDIRECT(\"'MRO Certificate Printing'!F\"&((ROW()-2)*4)+4)=\"\",\"\",INDIRECT(\"'MRO Certificate Printing'!F\"&((ROW()-2)*4)+4))","v":""},{"$f":"IF(INDIRECT(\"'MRO Certificate Printing'!B\"&((ROW()-2)*4)+4)=\"\",\"\",INDIRECT(\"'MRO Certificate Printing'!B\"&((ROW()-2)*4)+4))","v":""},{"$f":"IF(INDIRECT(\"'MRO Certificate Printing'!G\"&((ROW()-2)*4)+4)=\"\",\"\",INDIRECT(\"'MRO Certificate Printing'!G\"&((ROW()-2)*4)+4))","v":""},{"$f":"IF(INDIRECT(\"'MRO Certificate Printing'!J\"&((ROW()-2)*4)+4)=\"\",\"\",INDIRECT(\"'MRO Certificate Printing'!J\"&((ROW()-2)*4)+4))","v":""},{"$f":"IF(INDIRECT(\"'MRO Certificate Printing'!I\"&((ROW()-2)*4)+4)=\"\",\"\",INDIRECT(\"'MRO Certificate Printing'!I\"&((ROW()-2)*4)+4))","v":""},{"$f":"IF(INDIRECT(\"'MRO Certificate Printing'!K\"&((ROW()-2)*4)+4)=\"\",\"\",INDIRECT(\"'MRO Certificate Printing'!K\"&((ROW()-2)*4)+4))","v":""},null,{"$f":"IF(INDIRECT(\"'MRO Certificate Printing'!D\"&((ROW()-2)*4)+5)=\"\",\"\",INDIRECT(\"'MRO Certificate Printing'!D\"&((ROW()-2)*4)+5))","v":""},{"$f":"IF(INDIRECT(\"'MRO Certificate Printing'!E\"&((ROW()-2)*4)+5)=\"\",\"\",INDIRECT(\"'MRO Certificate Printing'!E\"&((ROW()-2)*4)+5))","v":""},{"$f":"IF(INDIRECT(\"'MRO Certificate Printing'!F\"&((ROW()-2)*4)+5)=\"\",\"\",INDIRECT(\"'MRO Certificate Printing'!F\"&((ROW()-2)*4)+5))","v":""},{"$f":"IF(INDIRECT(\"'MRO Certificate Printing'!B\"&((ROW()-2)*4)+5)=\"\",\"\",INDIRECT(\"'MRO Certificate Printing'!B\"&((ROW()-2)*4)+5))","v":""},{"$f":"IF(INDIRECT(\"'MRO Certificate Printing'!G\"&((ROW()-2)*4)+5)=\"\",\"\",INDIRECT(\"'MRO Certificate Printing'!G\"&((ROW()-2)*4)+5))","v":""},{"$f":"IF(INDIRECT(\"'MRO Certificate Printing'!J\"&((ROW()-2)*4)+5)=\"\",\"\",INDIRECT(\"'MRO Certificate Printing'!J\"&((ROW()-2)*4)+5))","v":""},{"$f":"IF(INDIRECT(\"'MRO Certificate Printing'!I\"&((ROW()-2)*4)+5)=\"\",\"\",INDIRECT(\"'MRO Certificate Printing'!I\"&((ROW()-2)*4)+5))","v":""},{"$f":"IF(INDIRECT(\"'MRO Certificate Printing'!K\"&((ROW()-2)*4)+5)=\"\",\"\",INDIRECT(\"'MRO Certificate Printing'!K\"&((ROW()-2)*4)+5))","v":""}]
["",{"$f":"IF(INDIRECT(\"'MRO Certificate Printing'!D\"&((ROW()-2)*4)+2)=\"\",\"\",INDIRECT(\"'MRO Certificate Printing'!D\"&((ROW()-2)*4)+2))","v":""},{"$f":"IF(INDIRECT(\"'MRO Certificate Printing'!E\"&((ROW()-2)*4)+2)=\"\",\"\",INDIRECT(\"'MRO Certificate Printing'!E\"&((ROW()-2)*4)+2))","v":""},{"$f":"IF(INDIRECT(\"'MRO Certificate Printing'!F\"&((ROW()-2)*4)+2)=\"\",\"\",INDIRECT(\"'MRO Certificate Printing'!F\"&((ROW()-2)*4)+2))","v":""},{"$f":"IF(INDIRECT(\"'MRO Certificate Printing'!B\"&((ROW()-2)*4)+2)=\"\",\"\",INDIRECT(\"'MRO Certificate Printing'!B\"&((ROW()-2)*4)+2))","v":""},{"$f":"IF(INDIRECT(\"'MRO Certificate Printing'!G\"&((ROW()-2)*4)+2)=\"\",\"\",INDIRECT(\"'MRO Certificate Printing'!G\"&((ROW()-2)*4)+2))","v":""},{"$f":"IF(INDIRECT(\"'MRO Certificate Printing'!J\"&((ROW()-2)*4)+2)=\"\",\"\",INDIRECT(\"'MRO Certificate Printing'!J\"&((ROW()-2)*4)+2))","v":""},{"$f":"IF(INDIRECT(\"'MRO Certificate Printing'!I\"&((ROW()-2)*4)+2)=\"\",\"\",INDIRECT(\"'MRO Certificate Printing'!I\"&((ROW()-2)*4)+2))","v":""},{"$f":"IF(INDIRECT(\"'MRO Certificate Printing'!K\"&((ROW()-2)*4)+2)=\"\",\"\",INDIRECT(\"'MRO Certificate Printing'!K\"&((ROW()-2)*4)+2))","v":""},null,{"$f":"IF(INDIRECT(\"'MRO Certificate Printing'!D\"&((ROW()-2)*4)+3)=\"\",\"\",INDIRECT(\"'MRO Certificate Printing'!D\"&((ROW()-2)*4)+3))","v":""},{"$f":"IF(INDIRECT(\"'MRO Certificate Printing'!E\"&((ROW()-2)*4)+3)=\"\",\"\",INDIRECT(\"'MRO Certificate Printing'!E\"&((ROW()-2)*4)+3))","v":""},{"$f":"IF(INDIRECT(\"'MRO Certificate Printing'!F\"&((ROW()-2)*4)+3)=\"\",\"\",INDIRECT(\"'MRO Certificate Printing'!F\"&((ROW()-2)*4)+3))","v":""},{"$f":"IF(INDIRECT(\"'MRO Certificate Printing'!B\"&((ROW()-2)*4)+3)=\"\",\"\",INDIRECT(\"'MRO Certificate Printing'!B\"&((ROW()-2)*4)+3))","v":""},{"$f":"IF(INDIRECT(\"'MRO Certificate Printing'!G\"&((ROW()-2)*4)+3)=\"\",\"\",INDIRECT(\"'MRO Certificate Printing'!G\"&((ROW()-2)*4)+3))","v":""},{"$f":"IF(INDIRECT(\"'MRO Certificate Printing'!J\"&((ROW()-2)*4)+3)=\"\",\"\",INDIRECT(\"'MRO Certificate Printing'!J\"&((ROW()-2)*4)+3))","v":""},{"$f":"IF(INDIRECT(\"'MRO Certificate Printing'!I\"&((ROW()-2)*4)+3)=\"\",\"\",INDIRECT(\"'MRO Certificate Printing'!I\"&((ROW()-2)*4)+3))","v":""},{"$f":"IF(INDIRECT(\"'MRO Certificate Printing'!K\"&((ROW()-2)*4)+3)=\"\",\"\",INDIRECT(\"'MRO Certificate Printing'!K\"&((ROW()-2)*4)+3))","v":""},null,{"$f":"IF(INDIRECT(\"'MRO Certificate Printing'!D\"&((ROW()-2)*4)+4)=\"\",\"\",INDIRECT(\"'MRO Certificate Printing'!D\"&((ROW()-2)*4)+4))","v":""},{"$f":"IF(INDIRECT(\"'MRO Certificate Printing'!E\"&((ROW()-2)*4)+4)=\"\",\"\",INDIRECT(\"'MRO Certificate Printing'!E\"&((ROW()-2)*4)+4))","v":""},{"$f":"IF(INDIRECT(\"'MRO Certificate Printing'!F\"&((ROW()-2)*4)+4)=\"\",\"\",INDIRECT(\"'MRO Certificate Printing'!F\"&((ROW()-2)*4)+4))","v":""},{"$f":"IF(INDIRECT(\"'MRO Certificate Printing'!B\"&((ROW()-2)*4)+4)=\"\",\"\",INDIRECT(\"'MRO Certificate Printing'!B\"&((ROW()-2)*4)+4))","v":""},{"$f":"IF(INDIRECT(\"'MRO Certificate Printing'!G\"&((ROW()-2)*4)+4)=\"\",\"\",INDIRECT(\"'MRO Certificate Printing'!G\"&((ROW()-2)*4)+4))","v":""},{"$f":"IF(INDIRECT(\"'MRO Certificate Printing'!J\"&((ROW()-2)*4)+4)=\"\",\"\",INDIRECT(\"'MRO Certificate Printing'!J\"&((ROW()-2)*4)+4))","v":""},{"$f":"IF(INDIRECT(\"'MRO Certificate Printing'!I\"&((ROW()-2)*4)+4)=\"\",\"\",INDIRECT(\"'MRO Certificate Printing'!I\"&((ROW()-2)*4)+4))","v":""},{"$f":"IF(INDIRECT(\"'MRO Certificate Printing'!K\"&((ROW()-2)*4)+4)=\"\",\"\",INDIRECT(\"'MRO Certificate Printing'!K\"&((ROW()-2)*4)+4))","v":""},null,{"$f":"IF(INDIRECT(\"'MRO Certificate Printing'!D\"&((ROW()-2)*4)+5)=\"\",\"\",INDIRECT(\"'MRO Certificate Printing'!D\"&((ROW()-2)*4)+5))","v":""},{"$f":"IF(INDIRECT(\"'MRO Certificate Printing'!E\"&((ROW()-2)*4)+5)=\"\",\"\",INDIRECT(\"'MRO Certificate Printing'!E\"&((ROW()-2)*4)+5))","v":""},{"$f":"IF(INDIRECT(\"'MRO Certificate Printing'!F\"&((ROW()-2)*4)+5)=\"\",\"\",INDIRECT(\"'MRO Certificate Printing'!F\"&((ROW()-2)*4)+5))","v":""},{"$f":"IF(INDIRECT(\"'MRO Certificate Printing'!B\"&((ROW()-2)*4)+5)=\"\",\"\",INDIRECT(\"'MRO Certificate Printing'!B\"&((ROW()-2)*4)+5))","v":""},{"$f":"IF(INDIRECT(\"'MRO Certificate Printing'!G\"&((ROW()-2)*4)+5)=\"\",\"\",INDIRECT(\"'MRO Certificate Printing'!G\"&((ROW()-2)*4)+5))","v":""},{"$f":"IF(INDIRECT(\"'MRO Certificate Printing'!J\"&((ROW()-2)*4)+5)=\"\",\"\",INDIRECT(\"'MRO Certificate Printing'!J\"&((ROW()-2)*4)+5))","v":""},{"$f":"IF(INDIRECT(\"'MRO Certificate Printing'!I\"&((ROW()-2)*4)+5)=\"\",\"\",INDIRECT(\"'MRO Certificate Printing'!I\"&((ROW()-2)*4)+5))","v":""},{"$f":"IF(INDIRECT(\"'MRO Certificate Printing'!K\"&((ROW()-2)*4)+5)=\"\",\"\",INDIRECT(\"'MRO Certificate Printing'!K\"&((ROW()-2)*4)+5))","v":""}]
["",{"$f":"IF(INDIRECT(\"'MRO Certificate Printing'!D\"&((ROW()-2)*4)+2)=\"\",\"\",INDIRECT(\"'MRO Certificate Printing'!D\"&((ROW()-2)*4)+2))","v":""},{"$f":"IF(INDIRECT(\"'MRO Certificate Printing'!E\"&((ROW()-2)*4)+2)=\"\",\"\",INDIRECT(\"'MRO Certificate Printing'!E\"&((ROW()-2)*4)+2))","v":""},{"$f":"IF(INDIRECT(\"'MRO Certificate Printing'!F\"&((ROW()-2)*4)+2)=\"\",\"\",INDIRECT(\"'MRO Certificate Printing'!F\"&((ROW()-2)*4)+2))","v":""},{"$f":"IF(INDIRECT(\"'MRO Certificate Printing'!B\"&((ROW()-2)*4)+2)=\"\",\"\",INDIRECT(\"'MRO Certificate Printing'!B\"&((ROW()-2)*4)+2))","v":""},{"$f":"IF(INDIRECT(\"'MRO Certificate Printing'!G\"&((ROW()-2)*4)+2)=\"\",\"\",INDIRECT(\"'MRO Certificate Printing'!G\"&((ROW()-2)*4)+2))","v":""},{"$f":"IF(INDIRECT(\"'MRO Certificate Printing'!J\"&((ROW()-2)*4)+2)=\"\",\"\",INDIRECT(\"'MRO Certificate Printing'!J\"&((ROW()-2)*4)+2))","v":""},{"$f":"IF(INDIRECT(\"'MRO Certificate Printing'!I\"&((ROW()-2)*4)+2)=\"\",\"\",INDIRECT(\"'MRO Certificate Printing'!I\"&((ROW()-2)*4)+2))","v":""},{"$f":"IF(INDIRECT(\"'MRO Certificate Printing'!K\"&((ROW()-2)*4)+2)=\"\",\"\",INDIRECT(\"'MRO Certificate Printing'!K\"&((ROW()-2)*4)+2))","v":""},null,{"$f":"IF(INDIRECT(\"'MRO Certificate Printing'!D\"&((ROW()-2)*4)+3)=\"\",\"\",INDIRECT(\"'MRO Certificate Printing'!D\"&((ROW()-2)*4)+3))","v":""},{"$f":"IF(INDIRECT(\"'MRO Certificate Printing'!E\"&((ROW()-2)*4)+3)=\"\",\"\",INDIRECT(\"'MRO Certificate Printing'!E\"&((ROW()-2)*4)+3))","v":""},{"$f":"IF(INDIRECT(\"'MRO Certificate Printing'!F\"&((ROW()-2)*4)+3)=\"\",\"\",INDIRECT(\"'MRO Certificate Printing'!F\"&((ROW()-2)*4)+3))","v":""},{"$f":"IF(INDIRECT(\"'MRO Certificate Printing'!B\"&((ROW()-2)*4)+3)=\"\",\"\",INDIRECT(\"'MRO Certificate Printing'!B\"&((ROW()-2)*4)+3))","v":""},{"$f":"IF(INDIRECT(\"'MRO Certificate Printing'!G\"&((ROW()-2)*4)+3)=\"\",\"\",INDIRECT(\"'MRO Certificate Printing'!G\"&((ROW()-2)*4)+3))","v":""},{"$f":"IF(INDIRECT(\"'MRO Certificate Printing'!J\"&((ROW()-2)*4)+3)=\"\",\"\",INDIRECT(\"'MRO Certificate Printing'!J\"&((ROW()-2)*4)+3))","v":""},{"$f":"IF(INDIRECT(\"'MRO Certificate Printing'!I\"&((ROW()-2)*4)+3)=\"\",\"\",INDIRECT(\"'MRO Certificate Printing'!I\"&((ROW()-2)*4)+3))","v":""},{"$f":"IF(INDIRECT(\"'MRO Certificate Printing'!K\"&((ROW()-2)*4)+3)=\"\",\"\",INDIRECT(\"'MRO Certificate Printing'!K\"&((ROW()-2)*4)+3))","v":""},null,{"$f":"IF(INDIRECT(\"'MRO Certificate Printing'!D\"&((ROW()-2)*4)+4)=\"\",\"\",INDIRECT(\"'MRO Certificate Printing'!D\"&((ROW()-2)*4)+4))","v":""},{"$f":"IF(INDIRECT(\"'MRO Certificate Printing'!E\"&((ROW()-2)*4)+4)=\"\",\"\",INDIRECT(\"'MRO Certificate Printing'!E\"&((ROW()-2)*4)+4))","v":""},{"$f":"IF(INDIRECT(\"'MRO Certificate Printing'!F\"&((ROW()-2)*4)+4)=\"\",\"\",INDIRECT(\"'MRO Certificate Printing'!F\"&((ROW()-2)*4)+4))","v":""},{"$f":"IF(INDIRECT(\"'MRO Certificate Printing'!B\"&((ROW()-2)*4)+4)=\"\",\"\",INDIRECT(\"'MRO Certificate Printing'!B\"&((ROW()-2)*4)+4))","v":""},{"$f":"IF(INDIRECT(\"'MRO Certificate Printing'!G\"&((ROW()-2)*4)+4)=\"\",\"\",INDIRECT(\"'MRO Certificate Printing'!G\"&((ROW()-2)*4)+4))","v":""},{"$f":"IF(INDIRECT(\"'MRO Certificate Printing'!J\"&((ROW()-2)*4)+4)=\"\",\"\",INDIRECT(\"'MRO Certificate Printing'!J\"&((ROW()-2)*4)+4))","v":""},{"$f":"IF(INDIRECT(\"'MRO Certificate Printing'!I\"&((ROW()-2)*4)+4)=\"\",\"\",INDIRECT(\"'MRO Certificate Printing'!I\"&((ROW()-2)*4)+4))","v":""},{"$f":"IF(INDIRECT(\"'MRO Certificate Printing'!K\"&((ROW()-2)*4)+4)=\"\",\"\",INDIRECT(\"'MRO Certificate Printing'!K\"&((ROW()-2)*4)+4))","v":""},null,{"$f":"IF(INDIRECT(\"'MRO Certificate Printing'!D\"&((ROW()-2)*4)+5)=\"\",\"\",INDIRECT(\"'MRO Certificate Printing'!D\"&((ROW()-2)*4)+5))","v":""},{"$f":"IF(INDIRECT(\"'MRO Certificate Printing'!E\"&((ROW()-2)*4)+5)=\"\",\"\",INDIRECT(\"'MRO Certificate Printing'!E\"&((ROW()-2)*4)+5))","v":""},{"$f":"IF(INDIRECT(\"'MRO Certificate Printing'!F\"&((ROW()-2)*4)+5)=\"\",\"\",INDIRECT(\"'MRO Certificate Printing'!F\"&((ROW()-2)*4)+5))","v":""},{"$f":"IF(INDIRECT(\"'MRO Certificate Printing'!B\"&((ROW()-2)*4)+5)=\"\",\"\",INDIRECT(\"'MRO Certificate Printing'!B\"&((ROW()-2)*4)+5))","v":""},{"$f":"IF(INDIRECT(\"'MRO Certificate Printing'!G\"&((ROW()-2)*4)+5)=\"\",\"\",INDIRECT(\"'MRO Certificate Printing'!G\"&((ROW()-2)*4)+5))","v":""},{"$f":"IF(INDIRECT(\"'MRO Certificate Printing'!J\"&((ROW()-2)*4)+5)=\"\",\"\",INDIRECT(\"'MRO Certificate Printing'!J\"&((ROW()-2)*4)+5))","v":""},{"$f":"IF(INDIRECT(\"'MRO Certificate Printing'!I\"&((ROW()-2)*4)+5)=\"\",\"\",INDIRECT(\"'MRO Certificate Printing'!I\"&((ROW()-2)*4)+5))","v":""},{"$f":"IF(INDIRECT(\"'MRO Certificate Printing'!K\"&((ROW()-2)*4)+5)=\"\",\"\",INDIRECT(\"'MRO Certificate Printing'!K\"&((ROW()-2)*4)+5))","v":""}]
["",{"$f":"IF(INDIRECT(\"'MRO Certificate Printing'!D\"&((ROW()-2)*4)+2)=\"\",\"\",INDIRECT(\"'MRO Certificate Printing'!D\"&((ROW()-2)*4)+2))","v":""},{"$f":"IF(INDIRECT(\"'MRO Certificate Printing'!E\"&((ROW()-2)*4)+2)=\"\",\"\",INDIRECT(\"'MRO Certificate Printing'!E\"&((ROW()-2)*4)+2))","v":""},{"$f":"IF(INDIRECT(\"'MRO Certificate Printing'!F\"&((ROW()-2)*4)+2)=\"\",\"\",INDIRECT(\"'MRO Certificate Printing'!F\"&((ROW()-2)*4)+2))","v":""},{"$f":"IF(INDIRECT(\"'MRO Certificate Printing'!B\"&((ROW()-2)*4)+2)=\"\",\"\",INDIRECT(\"'MRO Certificate Printing'!B\"&((ROW()-2)*4)+2))","v":""},{"$f":"IF(INDIRECT(\"'MRO Certificate Printing'!G\"&((ROW()-2)*4)+2)=\"\",\"\",INDIRECT(\"'MRO Certificate Printing'!G\"&((ROW()-2)*4)+2))","v":""},{"$f":"IF(INDIRECT(\"'MRO Certificate Printing'!J\"&((ROW()-2)*4)+2)=\"\",\"\",INDIRECT(\"'MRO Certificate Printing'!J\"&((ROW()-2)*4)+2))","v":""},{"$f":"IF(INDIRECT(\"'MRO Certificate Printing'!I\"&((ROW()-2)*4)+2)=\"\",\"\",INDIRECT(\"'MRO Certificate Printing'!I\"&((ROW()-2)*4)+2))","v":""},{"$f":"IF(INDIRECT(\"'MRO Certificate Printing'!K\"&((ROW()-2)*4)+2)=\"\",\"\",INDIRECT(\"'MRO Certificate Printing'!K\"&((ROW()-2)*4)+2))","v":""},null,{"$f":"IF(INDIRECT(\"'MRO Certificate Printing'!D\"&((ROW()-2)*4)+3)=\"\",\"\",INDIRECT(\"'MRO Certificate Printing'!D\"&((ROW()-2)*4)+3))","v":""},{"$f":"IF(INDIRECT(\"'MRO Certificate Printing'!E\"&((ROW()-2)*4)+3)=\"\",\"\",INDIRECT(\"'MRO Certificate Printing'!E\"&((ROW()-2)*4)+3))","v":""},{"$f":"IF(INDIRECT(\"'MRO Certificate Printing'!F\"&((ROW()-2)*4)+3)=\"\",\"\",INDIRECT(\"'MRO Certificate Printing'!F\"&((ROW()-2)*4)+3))","v":""},{"$f":"IF(INDIRECT(\"'MRO Certificate Printing'!B\"&((ROW()-2)*4)+3)=\"\",\"\",INDIRECT(\"'MRO Certificate Printing'!B\"&((ROW()-2)*4)+3))","v":""},{"$f":"IF(INDIRECT(\"'MRO Certificate Printing'!G\"&((ROW()-2)*4)+3)=\"\",\"\",INDIRECT(\"'MRO Certificate Printing'!G\"&((ROW()-2)*4)+3))","v":""},{"$f":"IF(INDIRECT(\"'MRO Certificate Printing'!J\"&((ROW()-2)*4)+3)=\"\",\"\",INDIRECT(\"'MRO Certificate Printing'!J\"&((ROW()-2)*4)+3))","v":""},{"$f":"IF(INDIRECT(\"'MRO Certificate Printing'!I\"&((ROW()-2)*4)+3)=\"\",\"\",INDIRECT(\"'MRO Certificate Printing'!I\"&((ROW()-2)*4)+3))","v":""},{"$f":"IF(INDIRECT(\"'MRO Certificate Printing'!K\"&((ROW()-2)*4)+3)=\"\",\"\",INDIRECT(\"'MRO Certificate Printing'!K\"&((ROW()-2)*4)+3))","v":""},null,{"$f":"IF(INDIRECT(\"'MRO Certificate Printing'!D\"&((ROW()-2)*4)+4)=\"\",\"\",INDIRECT(\"'MRO Certificate Printing'!D\"&((ROW()-2)*4)+4))","v":""},{"$f":"IF(INDIRECT(\"'MRO Certificate Printing'!E\"&((ROW()-2)*4)+4)=\"\",\"\",INDIRECT(\"'MRO Certificate Printing'!E\"&((ROW()-2)*4)+4))","v":""},{"$f":"IF(INDIRECT(\"'MRO Certificate Printing'!F\"&((ROW()-2)*4)+4)=\"\",\"\",INDIRECT(\"'MRO Certificate Printing'!F\"&((ROW()-2)*4)+4))","v":""},{"$f":"IF(INDIRECT(\"'MRO Certificate Printing'!B\"&((ROW()-2)*4)+4)=\"\",\"\",INDIRECT(\"'MRO Certificate Printing'!B\"&((ROW()-2)*4)+4))","v":""},{"$f":"IF(INDIRECT(\"'MRO Certificate Printing'!G\"&((ROW()-2)*4)+4)=\"\",\"\",INDIRECT(\"'MRO Certificate Printing'!G\"&((ROW()-2)*4)+4))","v":""},{"$f":"IF(INDIRECT(\"'MRO Certificate Printing'!J\"&((ROW()-2)*4)+4)=\"\",\"\",INDIRECT(\"'MRO Certificate Printing'!J\"&((ROW()-2)*4)+4))","v":""},{"$f":"IF(INDIRECT(\"'MRO Certificate Printing'!I\"&((ROW()-2)*4)+4)=\"\",\"\",INDIRECT(\"'MRO Certificate Printing'!I\"&((ROW()-2)*4)+4))","v":""},{"$f":"IF(INDIRECT(\"'MRO Certificate Printing'!K\"&((ROW()-2)*4)+4)=\"\",\"\",INDIRECT(\"'MRO Certificate Printing'!K\"&((ROW()-2)*4)+4))","v":""},null,{"$f":"IF(INDIRECT(\"'MRO Certificate Printing'!D\"&((ROW()-2)*4)+5)=\"\",\"\",INDIRECT(\"'MRO Certificate Printing'!D\"&((ROW()-2)*4)+5))","v":""},{"$f":"IF(INDIRECT(\"'MRO Certificate Printing'!E\"&((ROW()-2)*4)+5)=\"\",\"\",INDIRECT(\"'MRO Certificate Printing'!E\"&((ROW()-2)*4)+5))","v":""},{"$f":"IF(INDIRECT(\"'MRO Certificate Printing'!F\"&((ROW()-2)*4)+5)=\"\",\"\",INDIRECT(\"'MRO Certificate Printing'!F\"&((ROW()-2)*4)+5))","v":""},{"$f":"IF(INDIRECT(\"'MRO Certificate Printing'!B\"&((ROW()-2)*4)+5)=\"\",\"\",INDIRECT(\"'MRO Certificate Printing'!B\"&((ROW()-2)*4)+5))","v":""},{"$f":"IF(INDIRECT(\"'MRO Certificate Printing'!G\"&((ROW()-2)*4)+5)=\"\",\"\",INDIRECT(\"'MRO Certificate Printing'!G\"&((ROW()-2)*4)+5))","v":""},{"$f":"IF(INDIRECT(\"'MRO Certificate Printing'!J\"&((ROW()-2)*4)+5)=\"\",\"\",INDIRECT(\"'MRO Certificate Printing'!J\"&((ROW()-2)*4)+5))","v":""},{"$f":"IF(INDIRECT(\"'MRO Certificate Printing'!I\"&((ROW()-2)*4)+5)=\"\",\"\",INDIRECT(\"'MRO Certificate Printing'!I\"&((ROW()-2)*4)+5))","v":""},{"$f":"IF(INDIRECT(\"'MRO Certificate Printing'!K\"&((ROW()-2)*4)+5)=\"\",\"\",INDIRECT(\"'MRO Certificate Printing'!K\"&((ROW()-2)*4)+5))","v":""}]
["",{"$f":"IF(INDIRECT(\"'MRO Certificate Printing'!D\"&((ROW()-2)*4)+2)=\"\",\"\",INDIRECT(\"'MRO Certificate Printing'!D\"&((ROW()-2)*4)+2))","v":""},{"$f":"IF(INDIRECT(\"'MRO Certificate Printing'!E\"&((ROW()-2)*4)+2)=\"\",\"\",INDIRECT(\"'MRO Certificate Printing'!E\"&((ROW()-2)*4)+2))","v":""},{"$f":"IF(INDIRECT(\"'MRO Certificate Printing'!F\"&((ROW()-2)*4)+2)=\"\",\"\",INDIRECT(\"'MRO Certificate Printing'!F\"&((ROW()-2)*4)+2))","v":""},{"$f":"IF(INDIRECT(\"'MRO Certificate Printing'!B\"&((ROW()-2)*4)+2)=\"\",\"\",INDIRECT(\"'MRO Certificate Printing'!B\"&((ROW()-2)*4)+2))","v":""},{"$f":"IF(INDIRECT(\"'MRO Certificate Printing'!G\"&((ROW()-2)*4)+2)=\"\",\"\",INDIRECT(\"'MRO Certificate Printing'!G\"&((ROW()-2)*4)+2))","v":""},{"$f":"IF(INDIRECT(\"'MRO Certificate Printing'!J\"&((ROW()-2)*4)+2)=\"\",\"\",INDIRECT(\"'MRO Certificate Printing'!J\"&((ROW()-2)*4)+2))","v":""},{"$f":"IF(INDIRECT(\"'MRO Certificate Printing'!I\"&((ROW()-2)*4)+2)=\"\",\"\",INDIRECT(\"'MRO Certificate Printing'!I\"&((ROW()-2)*4)+2))","v":""},{"$f":"IF(INDIRECT(\"'MRO Certificate Printing'!K\"&((ROW()-2)*4)+2)=\"\",\"\",INDIRECT(\"'MRO Certificate Printing'!K\"&((ROW()-2)*4)+2))","v":""},null,{"$f":"IF(INDIRECT(\"'MRO Certificate Printing'!D\"&((ROW()-2)*4)+3)=\"\",\"\",INDIRECT(\"'MRO Certificate Printing'!D\"&((ROW()-2)*4)+3))","v":""},{"$f":"IF(INDIRECT(\"'MRO Certificate Printing'!E\"&((ROW()-2)*4)+3)=\"\",\"\",INDIRECT(\"'MRO Certificate Printing'!E\"&((ROW()-2)*4)+3))","v":""},{"$f":"IF(INDIRECT(\"'MRO Certificate Printing'!F\"&((ROW()-2)*4)+3)=\"\",\"\",INDIRECT(\"'MRO Certificate Printing'!F\"&((ROW()-2)*4)+3))","v":""},{"$f":"IF(INDIRECT(\"'MRO Certificate Printing'!B\"&((ROW()-2)*4)+3)=\"\",\"\",INDIRECT(\"'MRO Certificate Printing'!B\"&((ROW()-2)*4)+3))","v":""},{"$f":"IF(INDIRECT(\"'MRO Certificate Printing'!G\"&((ROW()-2)*4)+3)=\"\",\"\",INDIRECT(\"'MRO Certificate Printing'!G\"&((ROW()-2)*4)+3))","v":""},{"$f":"IF(INDIRECT(\"'MRO Certificate Printing'!J\"&((ROW()-2)*4)+3)=\"\",\"\",INDIRECT(\"'MRO Certificate Printing'!J\"&((ROW()-2)*4)+3))","v":""},{"$f":"IF(INDIRECT(\"'MRO Certificate Printing'!I\"&((ROW()-2)*4)+3)=\"\",\"\",INDIRECT(\"'MRO Certificate Printing'!I\"&((ROW()-2)*4)+3))","v":""},{"$f":"IF(INDIRECT(\"'MRO Certificate Printing'!K\"&((ROW()-2)*4)+3)=\"\",\"\",INDIRECT(\"'MRO Certificate Printing'!K\"&((ROW()-2)*4)+3))","v":""},null,{"$f":"IF(INDIRECT(\"'MRO Certificate Printing'!D\"&((ROW()-2)*4)+4)=\"\",\"\",INDIRECT(\"'MRO Certificate Printing'!D\"&((ROW()-2)*4)+4))","v":""},{"$f":"IF(INDIRECT(\"'MRO Certificate Printing'!E\"&((ROW()-2)*4)+4)=\"\",\"\",INDIRECT(\"'MRO Certificate Printing'!E\"&((ROW()-2)*4)+4))","v":""},{"$f":"IF(INDIRECT(\"'MRO Certificate Printing'!F\"&((ROW()-2)*4)+4)=\"\",\"\",INDIRECT(\"'MRO Certificate Printing'!F\"&((ROW()-2)*4)+4))","v":""},{"$f":"IF(INDIRECT(\"'MRO Certificate Printing'!B\"&((ROW()-2)*4)+4)=\"\",\"\",INDIRECT(\"'MRO Certificate Printing'!B\"&((ROW()-2)*4)+4))","v":""},{"$f":"IF(INDIRECT(\"'MRO Certificate Printing'!G\"&((ROW()-2)*4)+4)=\"\",\"\",INDIRECT(\"'MRO Certificate Printing'!G\"&((ROW()-2)*4)+4))","v":""},{"$f":"IF(INDIRECT(\"'MRO Certificate Printing'!J\"&((ROW()-2)*4)+4)=\"\",\"\",INDIRECT(\"'MRO Certificate Printing'!J\"&((ROW()-2)*4)+4))","v":""},{"$f":"IF(INDIRECT(\"'MRO Certificate Printing'!I\"&((ROW()-2)*4)+4)=\"\",\"\",INDIRECT(\"'MRO Certificate Printing'!I\"&((ROW()-2)*4)+4))","v":""},{"$f":"IF(INDIRECT(\"'MRO Certificate Printing'!K\"&((ROW()-2)*4)+4)=\"\",\"\",INDIRECT(\"'MRO Certificate Printing'!K\"&((ROW()-2)*4)+4))","v":""},null,{"$f":"IF(INDIRECT(\"'MRO Certificate Printing'!D\"&((ROW()-2)*4)+5)=\"\",\"\",INDIRECT(\"'MRO Certificate Printing'!D\"&((ROW()-2)*4)+5))","v":""},{"$f":"IF(INDIRECT(\"'MRO Certificate Printing'!E\"&((ROW()-2)*4)+5)=\"\",\"\",INDIRECT(\"'MRO Certificate Printing'!E\"&((ROW()-2)*4)+5))","v":""},{"$f":"IF(INDIRECT(\"'MRO Certificate Printing'!F\"&((ROW()-2)*4)+5)=\"\",\"\",INDIRECT(\"'MRO Certificate Printing'!F\"&((ROW()-2)*4)+5))","v":""},{"$f":"IF(INDIRECT(\"'MRO Certificate Printing'!B\"&((ROW()-2)*4)+5)=\"\",\"\",INDIRECT(\"'MRO Certificate Printing'!B\"&((ROW()-2)*4)+5))","v":""},{"$f":"IF(INDIRECT(\"'MRO Certificate Printing'!G\"&((ROW()-2)*4)+5)=\"\",\"\",INDIRECT(\"'MRO Certificate Printing'!G\"&((ROW()-2)*4)+5))","v":""},{"$f":"IF(INDIRECT(\"'MRO Certificate Printing'!J\"&((ROW()-2)*4)+5)=\"\",\"\",INDIRECT(\"'MRO Certificate Printing'!J\"&((ROW()-2)*4)+5))","v":""},{"$f":"IF(INDIRECT(\"'MRO Certificate Printing'!I\"&((ROW()-2)*4)+5)=\"\",\"\",INDIRECT(\"'MRO Certificate Printing'!I\"&((ROW()-2)*4)+5))","v":""},{"$f":"IF(INDIRECT(\"'MRO Certificate Printing'!K\"&((ROW()-2)*4)+5)=\"\",\"\",INDIRECT(\"'MRO Certificate Printing'!K\"&((ROW()-2)*4)+5))","v":""}]
["",{"$f":"IF(INDIRECT(\"'MRO Certificate Printing'!D\"&((ROW()-2)*4)+2)=\"\",\"\",INDIRECT(\"'MRO Certificate Printing'!D\"&((ROW()-2)*4)+2))","v":""},{"$f":"IF(INDIRECT(\"'MRO Certificate Printing'!E\"&((ROW()-2)*4)+2)=\"\",\"\",INDIRECT(\"'MRO Certificate Printing'!E\"&((ROW()-2)*4)+2))","v":""},{"$f":"IF(INDIRECT(\"'MRO Certificate Printing'!F\"&((ROW()-2)*4)+2)=\"\",\"\",INDIRECT(\"'MRO Certificate Printing'!F\"&((ROW()-2)*4)+2))","v":""},{"$f":"IF(INDIRECT(\"'MRO Certificate Printing'!B\"&((ROW()-2)*4)+2)=\"\",\"\",INDIRECT(\"'MRO Certificate Printing'!B\"&((ROW()-2)*4)+2))","v":""},{"$f":"IF(INDIRECT(\"'MRO Certificate Printing'!G\"&((ROW()-2)*4)+2)=\"\",\"\",INDIRECT(\"'MRO Certificate Printing'!G\"&((ROW()-2)*4)+2))","v":""},{"$f":"IF(INDIRECT(\"'MRO Certificate Printing'!J\"&((ROW()-2)*4)+2)=\"\",\"\",INDIRECT(\"'MRO Certificate Printing'!J\"&((ROW()-2)*4)+2))","v":""},{"$f":"IF(INDIRECT(\"'MRO Certificate Printing'!I\"&((ROW()-2)*4)+2)=\"\",\"\",INDIRECT(\"'MRO Certificate Printing'!I\"&((ROW()-2)*4)+2))","v":""},{"$f":"IF(INDIRECT(\"'MRO Certificate Printing'!K\"&((ROW()-2)*4)+2)=\"\",\"\",INDIRECT(\"'MRO Certificate Printing'!K\"&((ROW()-2)*4)+2))","v":""},null,{"$f":"IF(INDIRECT(\"'MRO Certificate Printing'!D\"&((ROW()-2)*4)+3)=\"\",\"\",INDIRECT(\"'MRO Certificate Printing'!D\"&((ROW()-2)*4)+3))","v":""},{"$f":"IF(INDIRECT(\"'MRO Certificate Printing'!E\"&((ROW()-2)*4)+3)=\"\",\"\",INDIRECT(\"'MRO Certificate Printing'!E\"&((ROW()-2)*4)+3))","v":""},{"$f":"IF(INDIRECT(\"'MRO Certificate Printing'!F\"&((ROW()-2)*4)+3)=\"\",\"\",INDIRECT(\"'MRO Certificate Printing'!F\"&((ROW()-2)*4)+3))","v":""},{"$f":"IF(INDIRECT(\"'MRO Certificate Printing'!B\"&((ROW()-2)*4)+3)=\"\",\"\",INDIRECT(\"'MRO Certificate Printing'!B\"&((ROW()-2)*4)+3))","v":""},{"$f":"IF(INDIRECT(\"'MRO Certificate Printing'!G\"&((ROW()-2)*4)+3)=\"\",\"\",INDIRECT(\"'MRO Certificate Printing'!G\"&((ROW()-2)*4)+3))","v":""},{"$f":"IF(INDIRECT(\"'MRO Certificate Printing'!J\"&((ROW()-2)*4)+3)=\"\",\"\",INDIRECT(\"'MRO Certificate Printing'!J\"&((ROW()-2)*4)+3))","v":""},{"$f":"IF(INDIRECT(\"'MRO Certificate Printing'!I\"&((ROW()-2)*4)+3)=\"\",\"\",INDIRECT(\"'MRO Certificate Printing'!I\"&((ROW()-2)*4)+3))","v":""},{"$f":"IF(INDIRECT(\"'MRO Certificate Printing'!K\"&((ROW()-2)*4)+3)=\"\",\"\",INDIRECT(\"'MRO Certificate Printing'!K\"&((ROW()-2)*4)+3))","v":""},null,{"$f":"IF(INDIRECT(\"'MRO Certificate Printing'!D\"&((ROW()-2)*4)+4)=\"\",\"\",INDIRECT(\"'MRO Certificate Printing'!D\"&((ROW()-2)*4)+4))","v":""},{"$f":"IF(INDIRECT(\"'MRO Certificate Printing'!E\"&((ROW()-2)*4)+4)=\"\",\"\",INDIRECT(\"'MRO Certificate Printing'!E\"&((ROW()-2)*4)+4))","v":""},{"$f":"IF(INDIRECT(\"'MRO Certificate Printing'!F\"&((ROW()-2)*4)+4)=\"\",\"\",INDIRECT(\"'MRO Certificate Printing'!F\"&((ROW()-2)*4)+4))","v":""},{"$f":"IF(INDIRECT(\"'MRO Certificate Printing'!B\"&((ROW()-2)*4)+4)=\"\",\"\",INDIRECT(\"'MRO Certificate Printing'!B\"&((ROW()-2)*4)+4))","v":""},{"$f":"IF(INDIRECT(\"'MRO Certificate Printing'!G\"&((ROW()-2)*4)+4)=\"\",\"\",INDIRECT(\"'MRO Certificate Printing'!G\"&((ROW()-2)*4)+4))","v":""},{"$f":"IF(INDIRECT(\"'MRO Certificate Printing'!J\"&((ROW()-2)*4)+4)=\"\",\"\",INDIRECT(\"'MRO Certificate Printing'!J\"&((ROW()-2)*4)+4))","v":""},{"$f":"IF(INDIRECT(\"'MRO Certificate Printing'!I\"&((ROW()-2)*4)+4)=\"\",\"\",INDIRECT(\"'MRO Certificate Printing'!I\"&((ROW()-2)*4)+4))","v":""},{"$f":"IF(INDIRECT(\"'MRO Certificate Printing'!K\"&((ROW()-2)*4)+4)=\"\",\"\",INDIRECT(\"'MRO Certificate Printing'!K\"&((ROW()-2)*4)+4))","v":""},null,{"$f":"IF(INDIRECT(\"'MRO Certificate Printing'!D\"&((ROW()-2)*4)+5)=\"\",\"\",INDIRECT(\"'MRO Certificate Printing'!D\"&((ROW()-2)*4)+5))","v":""},{"$f":"IF(INDIRECT(\"'MRO Certificate Printing'!E\"&((ROW()-2)*4)+5)=\"\",\"\",INDIRECT(\"'MRO Certificate Printing'!E\"&((ROW()-2)*4)+5))","v":""},{"$f":"IF(INDIRECT(\"'MRO Certificate Printing'!F\"&((ROW()-2)*4)+5)=\"\",\"\",INDIRECT(\"'MRO Certificate Printing'!F\"&((ROW()-2)*4)+5))","v":""},{"$f":"IF(INDIRECT(\"'MRO Certificate Printing'!B\"&((ROW()-2)*4)+5)=\"\",\"\",INDIRECT(\"'MRO Certificate Printing'!B\"&((ROW()-2)*4)+5))","v":""},{"$f":"IF(INDIRECT(\"'MRO Certificate Printing'!G\"&((ROW()-2)*4)+5)=\"\",\"\",INDIRECT(\"'MRO Certificate Printing'!G\"&((ROW()-2)*4)+5))","v":""},{"$f":"IF(INDIRECT(\"'MRO Certificate Printing'!J\"&((ROW()-2)*4)+5)=\"\",\"\",INDIRECT(\"'MRO Certificate Printing'!J\"&((ROW()-2)*4)+5))","v":""},{"$f":"IF(INDIRECT(\"'MRO Certificate Printing'!I\"&((ROW()-2)*4)+5)=\"\",\"\",INDIRECT(\"'MRO Certificate Printing'!I\"&((ROW()-2)*4)+5))","v":""},{"$f":"IF(INDIRECT(\"'MRO Certificate Printing'!K\"&((ROW()-2)*4)+5)=\"\",\"\",INDIRECT(\"'MRO Certificate Printing'!K\"&((ROW()-2)*4)+5))","v":""}]
[{"$f":"IF(C323=\"\",\"\",CONCATENATE(C323,\", \",L323,\", \",U323,\", \",AD323))","v":""},{"$f":"IF(INDIRECT(\"'MRO Certificate Printing'!D\"&((ROW()-2)*4)+2)=\"\",\"\",INDIRECT(\"'MRO Certificate Printing'!D\"&((ROW()-2)*4)+2))","v":""},{"$f":"IF(INDIRECT(\"'MRO Certificate Printing'!E\"&((ROW()-2)*4)+2)=\"\",\"\",INDIRECT(\"'MRO Certificate Printing'!E\"&((ROW()-2)*4)+2))","v":""},{"$f":"IF(INDIRECT(\"'MRO Certificate Printing'!F\"&((ROW()-2)*4)+2)=\"\",\"\",INDIRECT(\"'MRO Certificate Printing'!F\"&((ROW()-2)*4)+2))","v":""},{"$f":"IF(INDIRECT(\"'MRO Certificate Printing'!B\"&((ROW()-2)*4)+2)=\"\",\"\",INDIRECT(\"'MRO Certificate Printing'!B\"&((ROW()-2)*4)+2))","v":""},{"$f":"IF(INDIRECT(\"'MRO Certificate Printing'!G\"&((ROW()-2)*4)+2)=\"\",\"\",INDIRECT(\"'MRO Certificate Printing'!G\"&((ROW()-2)*4)+2))","v":""},{"$f":"IF(INDIRECT(\"'MRO Certificate Printing'!J\"&((ROW()-2)*4)+2)=\"\",\"\",INDIRECT(\"'MRO Certificate Printing'!J\"&((ROW()-2)*4)+2))","v":""},{"$f":"IF(INDIRECT(\"'MRO Certificate Printing'!I\"&((ROW()-2)*4)+2)=\"\",\"\",INDIRECT(\"'MRO Certificate Printing'!I\"&((ROW()-2)*4)+2))","v":""},{"$f":"IF(INDIRECT(\"'MRO Certificate Printing'!K\"&((ROW()-2)*4)+2)=\"\",\"\",INDIRECT(\"'MRO Certificate Printing'!K\"&((ROW()-2)*4)+2))","v":""},null,{"$f":"IF(INDIRECT(\"'MRO Certificate Printing'!D\"&((ROW()-2)*4)+3)=\"\",\"\",INDIRECT(\"'MRO Certificate Printing'!D\"&((ROW()-2)*4)+3))","v":""},{"$f":"IF(INDIRECT(\"'MRO Certificate Printing'!E\"&((ROW()-2)*4)+3)=\"\",\"\",INDIRECT(\"'MRO Certificate Printing'!E\"&((ROW()-2)*4)+3))","v":""},{"$f":"IF(INDIRECT(\"'MRO Certificate Printing'!F\"&((ROW()-2)*4)+3)=\"\",\"\",INDIRECT(\"'MRO Certificate Printing'!F\"&((ROW()-2)*4)+3))","v":""},{"$f":"IF(INDIRECT(\"'MRO Certificate Printing'!B\"&((ROW()-2)*4)+3)=\"\",\"\",INDIRECT(\"'MRO Certificate Printing'!B\"&((ROW()-2)*4)+3))","v":""},{"$f":"IF(INDIRECT(\"'MRO Certificate Printing'!G\"&((ROW()-2)*4)+3)=\"\",\"\",INDIRECT(\"'MRO Certificate Printing'!G\"&((ROW()-2)*4)+3))","v":""},{"$f":"IF(INDIRECT(\"'MRO Certificate Printing'!J\"&((ROW()-2)*4)+3)=\"\",\"\",INDIRECT(\"'MRO Certificate Printing'!J\"&((ROW()-2)*4)+3))","v":""},{"$f":"IF(INDIRECT(\"'MRO Certificate Printing'!I\"&((ROW()-2)*4)+3)=\"\",\"\",INDIRECT(\"'MRO Certificate Printing'!I\"&((ROW()-2)*4)+3))","v":""},{"$f":"IF(INDIRECT(\"'MRO Certificate Printing'!K\"&((ROW()-2)*4)+3)=\"\",\"\",INDIRECT(\"'MRO Certificate Printing'!K\"&((ROW()-2)*4)+3))","v":""},null,{"$f":"IF(INDIRECT(\"'MRO Certificate Printing'!D\"&((ROW()-2)*4)+4)=\"\",\"\",INDIRECT(\"'MRO Certificate Printing'!D\"&((ROW()-2)*4)+4))","v":""},{"$f":"IF(INDIRECT(\"'MRO Certificate Printing'!E\"&((ROW()-2)*4)+4)=\"\",\"\",INDIRECT(\"'MRO Certificate Printing'!E\"&((ROW()-2)*4)+4))","v":""},{"$f":"IF(INDIRECT(\"'MRO Certificate Printing'!F\"&((ROW()-2)*4)+4)=\"\",\"\",INDIRECT(\"'MRO Certificate Printing'!F\"&((ROW()-2)*4)+4))","v":""},{"$f":"IF(INDIRECT(\"'MRO Certificate Printing'!B\"&((ROW()-2)*4)+4)=\"\",\"\",INDIRECT(\"'MRO Certificate Printing'!B\"&((ROW()-2)*4)+4))","v":""},{"$f":"IF(INDIRECT(\"'MRO Certificate Printing'!G\"&((ROW()-2)*4)+4)=\"\",\"\",INDIRECT(\"'MRO Certificate Printing'!G\"&((ROW()-2)*4)+4))","v":""},{"$f":"IF(INDIRECT(\"'MRO Certificate Printing'!J\"&((ROW()-2)*4)+4)=\"\",\"\",INDIRECT(\"'MRO Certificate Printing'!J\"&((ROW()-2)*4)+4))","v":""},{"$f":"IF(INDIRECT(\"'MRO Certificate Printing'!I\"&((ROW()-2)*4)+4)=\"\",\"\",INDIRECT(\"'MRO Certificate Printing'!I\"&((ROW()-2)*4)+4))","v":""},{"$f":"IF(INDIRECT(\"'MRO Certificate Printing'!K\"&((ROW()-2)*4)+4)=\"\",\"\",INDIRECT(\"'MRO Certificate Printing'!K\"&((ROW()-2)*4)+4))","v":""},null,{"$f":"IF(INDIRECT(\"'MRO Certificate Printing'!D\"&((ROW()-2)*4)+5)=\"\",\"\",INDIRECT(\"'MRO Certificate Printing'!D\"&((ROW()-2)*4)+5))","v":""},{"$f":"IF(INDIRECT(\"'MRO Certificate Printing'!E\"&((ROW()-2)*4)+5)=\"\",\"\",INDIRECT(\"'MRO Certificate Printing'!E\"&((ROW()-2)*4)+5))","v":""},{"$f":"IF(INDIRECT(\"'MRO Certificate Printing'!F\"&((ROW()-2)*4)+5)=\"\",\"\",INDIRECT(\"'MRO Certificate Printing'!F\"&((ROW()-2)*4)+5))","v":""},{"$f":"IF(INDIRECT(\"'MRO Certificate Printing'!B\"&((ROW()-2)*4)+5)=\"\",\"\",INDIRECT(\"'MRO Certificate Printing'!B\"&((ROW()-2)*4)+5))","v":""},{"$f":"IF(INDIRECT(\"'MRO Certificate Printing'!G\"&((ROW()-2)*4)+5)=\"\",\"\",INDIRECT(\"'MRO Certificate Printing'!G\"&((ROW()-2)*4)+5))","v":""},{"$f":"IF(INDIRECT(\"'MRO Certificate Printing'!J\"&((ROW()-2)*4)+5)=\"\",\"\",INDIRECT(\"'MRO Certificate Printing'!J\"&((ROW()-2)*4)+5))","v":""},{"$f":"IF(INDIRECT(\"'MRO Certificate Printing'!I\"&((ROW()-2)*4)+5)=\"\",\"\",INDIRECT(\"'MRO Certificate Printing'!I\"&((ROW()-2)*4)+5))","v":""},{"$f":"IF(INDIRECT(\"'MRO Certificate Printing'!K\"&((ROW()-2)*4)+5)=\"\",\"\",INDIRECT(\"'MRO Certificate Printing'!K\"&((ROW()-2)*4)+5))","v":""}]
["",{"$f":"IF(INDIRECT(\"'MRO Certificate Printing'!D\"&((ROW()-2)*4)+2)=\"\",\"\",INDIRECT(\"'MRO Certificate Printing'!D\"&((ROW()-2)*4)+2))","v":""},{"$f":"IF(INDIRECT(\"'MRO Certificate Printing'!E\"&((ROW()-2)*4)+2)=\"\",\"\",INDIRECT(\"'MRO Certificate Printing'!E\"&((ROW()-2)*4)+2))","v":""},{"$f":"IF(INDIRECT(\"'MRO Certificate Printing'!F\"&((ROW()-2)*4)+2)=\"\",\"\",INDIRECT(\"'MRO Certificate Printing'!F\"&((ROW()-2)*4)+2))","v":""},{"$f":"IF(INDIRECT(\"'MRO Certificate Printing'!B\"&((ROW()-2)*4)+2)=\"\",\"\",INDIRECT(\"'MRO Certificate Printing'!B\"&((ROW()-2)*4)+2))","v":""},{"$f":"IF(INDIRECT(\"'MRO Certificate Printing'!G\"&((ROW()-2)*4)+2)=\"\",\"\",INDIRECT(\"'MRO Certificate Printing'!G\"&((ROW()-2)*4)+2))","v":""},{"$f":"IF(INDIRECT(\"'MRO Certificate Printing'!J\"&((ROW()-2)*4)+2)=\"\",\"\",INDIRECT(\"'MRO Certificate Printing'!J\"&((ROW()-2)*4)+2))","v":""},{"$f":"IF(INDIRECT(\"'MRO Certificate Printing'!I\"&((ROW()-2)*4)+2)=\"\",\"\",INDIRECT(\"'MRO Certificate Printing'!I\"&((ROW()-2)*4)+2))","v":""},{"$f":"IF(INDIRECT(\"'MRO Certificate Printing'!K\"&((ROW()-2)*4)+2)=\"\",\"\",INDIRECT(\"'MRO Certificate Printing'!K\"&((ROW()-2)*4)+2))","v":""},null,{"$f":"IF(INDIRECT(\"'MRO Certificate Printing'!D\"&((ROW()-2)*4)+3)=\"\",\"\",INDIRECT(\"'MRO Certificate Printing'!D\"&((ROW()-2)*4)+3))","v":""},{"$f":"IF(INDIRECT(\"'MRO Certificate Printing'!E\"&((ROW()-2)*4)+3)=\"\",\"\",INDIRECT(\"'MRO Certificate Printing'!E\"&((ROW()-2)*4)+3))","v":""},{"$f":"IF(INDIRECT(\"'MRO Certificate Printing'!F\"&((ROW()-2)*4)+3)=\"\",\"\",INDIRECT(\"'MRO Certificate Printing'!F\"&((ROW()-2)*4)+3))","v":""},{"$f":"IF(INDIRECT(\"'MRO Certificate Printing'!B\"&((ROW()-2)*4)+3)=\"\",\"\",INDIRECT(\"'MRO Certificate Printing'!B\"&((ROW()-2)*4)+3))","v":""},{"$f":"IF(INDIRECT(\"'MRO Certificate Printing'!G\"&((ROW()-2)*4)+3)=\"\",\"\",INDIRECT(\"'MRO Certificate Printing'!G\"&((ROW()-2)*4)+3))","v":""},{"$f":"IF(INDIRECT(\"'MRO Certificate Printing'!J\"&((ROW()-2)*4)+3)=\"\",\"\",INDIRECT(\"'MRO Certificate Printing'!J\"&((ROW()-2)*4)+3))","v":""},{"$f":"IF(INDIRECT(\"'MRO Certificate Printing'!I\"&((ROW()-2)*4)+3)=\"\",\"\",INDIRECT(\"'MRO Certificate Printing'!I\"&((ROW()-2)*4)+3))","v":""},{"$f":"IF(INDIRECT(\"'MRO Certificate Printing'!K\"&((ROW()-2)*4)+3)=\"\",\"\",INDIRECT(\"'MRO Certificate Printing'!K\"&((ROW()-2)*4)+3))","v":""},null,{"$f":"IF(INDIRECT(\"'MRO Certificate Printing'!D\"&((ROW()-2)*4)+4)=\"\",\"\",INDIRECT(\"'MRO Certificate Printing'!D\"&((ROW()-2)*4)+4))","v":""},{"$f":"IF(INDIRECT(\"'MRO Certificate Printing'!E\"&((ROW()-2)*4)+4)=\"\",\"\",INDIRECT(\"'MRO Certificate Printing'!E\"&((ROW()-2)*4)+4))","v":""},{"$f":"IF(INDIRECT(\"'MRO Certificate Printing'!F\"&((ROW()-2)*4)+4)=\"\",\"\",INDIRECT(\"'MRO Certificate Printing'!F\"&((ROW()-2)*4)+4))","v":""},{"$f":"IF(INDIRECT(\"'MRO Certificate Printing'!B\"&((ROW()-2)*4)+4)=\"\",\"\",INDIRECT(\"'MRO Certificate Printing'!B\"&((ROW()-2)*4)+4))","v":""},{"$f":"IF(INDIRECT(\"'MRO Certificate Printing'!G\"&((ROW()-2)*4)+4)=\"\",\"\",INDIRECT(\"'MRO Certificate Printing'!G\"&((ROW()-2)*4)+4))","v":""},{"$f":"IF(INDIRECT(\"'MRO Certificate Printing'!J\"&((ROW()-2)*4)+4)=\"\",\"\",INDIRECT(\"'MRO Certificate Printing'!J\"&((ROW()-2)*4)+4))","v":""},{"$f":"IF(INDIRECT(\"'MRO Certificate Printing'!I\"&((ROW()-2)*4)+4)=\"\",\"\",INDIRECT(\"'MRO Certificate Printing'!I\"&((ROW()-2)*4)+4))","v":""},{"$f":"IF(INDIRECT(\"'MRO Certificate Printing'!K\"&((ROW()-2)*4)+4)=\"\",\"\",INDIRECT(\"'MRO Certificate Printing'!K\"&((ROW()-2)*4)+4))","v":""},null,{"$f":"IF(INDIRECT(\"'MRO Certificate Printing'!D\"&((ROW()-2)*4)+5)=\"\",\"\",INDIRECT(\"'MRO Certificate Printing'!D\"&((ROW()-2)*4)+5))","v":""},{"$f":"IF(INDIRECT(\"'MRO Certificate Printing'!E\"&((ROW()-2)*4)+5)=\"\",\"\",INDIRECT(\"'MRO Certificate Printing'!E\"&((ROW()-2)*4)+5))","v":""},{"$f":"IF(INDIRECT(\"'MRO Certificate Printing'!F\"&((ROW()-2)*4)+5)=\"\",\"\",INDIRECT(\"'MRO Certificate Printing'!F\"&((ROW()-2)*4)+5))","v":""},{"$f":"IF(INDIRECT(\"'MRO Certificate Printing'!B\"&((ROW()-2)*4)+5)=\"\",\"\",INDIRECT(\"'MRO Certificate Printing'!B\"&((ROW()-2)*4)+5))","v":""},{"$f":"IF(INDIRECT(\"'MRO Certificate Printing'!G\"&((ROW()-2)*4)+5)=\"\",\"\",INDIRECT(\"'MRO Certificate Printing'!G\"&((ROW()-2)*4)+5))","v":""},{"$f":"IF(INDIRECT(\"'MRO Certificate Printing'!J\"&((ROW()-2)*4)+5)=\"\",\"\",INDIRECT(\"'MRO Certificate Printing'!J\"&((ROW()-2)*4)+5))","v":""},{"$f":"IF(INDIRECT(\"'MRO Certificate Printing'!I\"&((ROW()-2)*4)+5)=\"\",\"\",INDIRECT(\"'MRO Certificate Printing'!I\"&((ROW()-2)*4)+5))","v":""},{"$f":"IF(INDIRECT(\"'MRO Certificate Printing'!K\"&((ROW()-2)*4)+5)=\"\",\"\",INDIRECT(\"'MRO Certificate Printing'!K\"&((ROW()-2)*4)+5))","v":""}]
["",{"$f":"IF(INDIRECT(\"'MRO Certificate Printing'!D\"&((ROW()-2)*4)+2)=\"\",\"\",INDIRECT(\"'MRO Certificate Printing'!D\"&((ROW()-2)*4)+2))","v":""},{"$f":"IF(INDIRECT(\"'MRO Certificate Printing'!E\"&((ROW()-2)*4)+2)=\"\",\"\",INDIRECT(\"'MRO Certificate Printing'!E\"&((ROW()-2)*4)+2))","v":""},{"$f":"IF(INDIRECT(\"'MRO Certificate Printing'!F\"&((ROW()-2)*4)+2)=\"\",\"\",INDIRECT(\"'MRO Certificate Printing'!F\"&((ROW()-2)*4)+2))","v":""},{"$f":"IF(INDIRECT(\"'MRO Certificate Printing'!B\"&((ROW()-2)*4)+2)=\"\",\"\",INDIRECT(\"'MRO Certificate Printing'!B\"&((ROW()-2)*4)+2))","v":""},{"$f":"IF(INDIRECT(\"'MRO Certificate Printing'!G\"&((ROW()-2)*4)+2)=\"\",\"\",INDIRECT(\"'MRO Certificate Printing'!G\"&((ROW()-2)*4)+2))","v":""},{"$f":"IF(INDIRECT(\"'MRO Certificate Printing'!J\"&((ROW()-2)*4)+2)=\"\",\"\",INDIRECT(\"'MRO Certificate Printing'!J\"&((ROW()-2)*4)+2))","v":""},{"$f":"IF(INDIRECT(\"'MRO Certificate Printing'!I\"&((ROW()-2)*4)+2)=\"\",\"\",INDIRECT(\"'MRO Certificate Printing'!I\"&((ROW()-2)*4)+2))","v":""},{"$f":"IF(INDIRECT(\"'MRO Certificate Printing'!K\"&((ROW()-2)*4)+2)=\"\",\"\",INDIRECT(\"'MRO Certificate Printing'!K\"&((ROW()-2)*4)+2))","v":""},null,{"$f":"IF(INDIRECT(\"'MRO Certificate Printing'!D\"&((ROW()-2)*4)+3)=\"\",\"\",INDIRECT(\"'MRO Certificate Printing'!D\"&((ROW()-2)*4)+3))","v":""},{"$f":"IF(INDIRECT(\"'MRO Certificate Printing'!E\"&((ROW()-2)*4)+3)=\"\",\"\",INDIRECT(\"'MRO Certificate Printing'!E\"&((ROW()-2)*4)+3))","v":""},{"$f":"IF(INDIRECT(\"'MRO Certificate Printing'!F\"&((ROW()-2)*4)+3)=\"\",\"\",INDIRECT(\"'MRO Certificate Printing'!F\"&((ROW()-2)*4)+3))","v":""},{"$f":"IF(INDIRECT(\"'MRO Certificate Printing'!B\"&((ROW()-2)*4)+3)=\"\",\"\",INDIRECT(\"'MRO Certificate Printing'!B\"&((ROW()-2)*4)+3))","v":""},{"$f":"IF(INDIRECT(\"'MRO Certificate Printing'!G\"&((ROW()-2)*4)+3)=\"\",\"\",INDIRECT(\"'MRO Certificate Printing'!G\"&((ROW()-2)*4)+3))","v":""},{"$f":"IF(INDIRECT(\"'MRO Certificate Printing'!J\"&((ROW()-2)*4)+3)=\"\",\"\",INDIRECT(\"'MRO Certificate Printing'!J\"&((ROW()-2)*4)+3))","v":""},{"$f":"IF(INDIRECT(\"'MRO Certificate Printing'!I\"&((ROW()-2)*4)+3)=\"\",\"\",INDIRECT(\"'MRO Certificate Printing'!I\"&((ROW()-2)*4)+3))","v":""},{"$f":"IF(INDIRECT(\"'MRO Certificate Printing'!K\"&((ROW()-2)*4)+3)=\"\",\"\",INDIRECT(\"'MRO Certificate Printing'!K\"&((ROW()-2)*4)+3))","v":""},null,{"$f":"IF(INDIRECT(\"'MRO Certificate Printing'!D\"&((ROW()-2)*4)+4)=\"\",\"\",INDIRECT(\"'MRO Certificate Printing'!D\"&((ROW()-2)*4)+4))","v":""},{"$f":"IF(INDIRECT(\"'MRO Certificate Printing'!E\"&((ROW()-2)*4)+4)=\"\",\"\",INDIRECT(\"'MRO Certificate Printing'!E\"&((ROW()-2)*4)+4))","v":""},{"$f":"IF(INDIRECT(\"'MRO Certificate Printing'!F\"&((ROW()-2)*4)+4)=\"\",\"\",INDIRECT(\"'MRO Certificate Printing'!F\"&((ROW()-2)*4)+4))","v":""},{"$f":"IF(INDIRECT(\"'MRO Certificate Printing'!B\"&((ROW()-2)*4)+4)=\"\",\"\",INDIRECT(\"'MRO Certificate Printing'!B\"&((ROW()-2)*4)+4))","v":""},{"$f":"IF(INDIRECT(\"'MRO Certificate Printing'!G\"&((ROW()-2)*4)+4)=\"\",\"\",INDIRECT(\"'MRO Certificate Printing'!G\"&((ROW()-2)*4)+4))","v":""},{"$f":"IF(INDIRECT(\"'MRO Certificate Printing'!J\"&((ROW()-2)*4)+4)=\"\",\"\",INDIRECT(\"'MRO Certificate Printing'!J\"&((ROW()-2)*4)+4))","v":""},{"$f":"IF(INDIRECT(\"'MRO Certificate Printing'!I\"&((ROW()-2)*4)+4)=\"\",\"\",INDIRECT(\"'MRO Certificate Printing'!I\"&((ROW()-2)*4)+4))","v":""},{"$f":"IF(INDIRECT(\"'MRO Certificate Printing'!K\"&((ROW()-2)*4)+4)=\"\",\"\",INDIRECT(\"'MRO Certificate Printing'!K\"&((ROW()-2)*4)+4))","v":""},null,{"$f":"IF(INDIRECT(\"'MRO Certificate Printing'!D\"&((ROW()-2)*4)+5)=\"\",\"\",INDIRECT(\"'MRO Certificate Printing'!D\"&((ROW()-2)*4)+5))","v":""},{"$f":"IF(INDIRECT(\"'MRO Certificate Printing'!E\"&((ROW()-2)*4)+5)=\"\",\"\",INDIRECT(\"'MRO Certificate Printing'!E\"&((ROW()-2)*4)+5))","v":""},{"$f":"IF(INDIRECT(\"'MRO Certificate Printing'!F\"&((ROW()-2)*4)+5)=\"\",\"\",INDIRECT(\"'MRO Certificate Printing'!F\"&((ROW()-2)*4)+5))","v":""},{"$f":"IF(INDIRECT(\"'MRO Certificate Printing'!B\"&((ROW()-2)*4)+5)=\"\",\"\",INDIRECT(\"'MRO Certificate Printing'!B\"&((ROW()-2)*4)+5))","v":""},{"$f":"IF(INDIRECT(\"'MRO Certificate Printing'!G\"&((ROW()-2)*4)+5)=\"\",\"\",INDIRECT(\"'MRO Certificate Printing'!G\"&((ROW()-2)*4)+5))","v":""},{"$f":"IF(INDIRECT(\"'MRO Certificate Printing'!J\"&((ROW()-2)*4)+5)=\"\",\"\",INDIRECT(\"'MRO Certificate Printing'!J\"&((ROW()-2)*4)+5))","v":""},{"$f":"IF(INDIRECT(\"'MRO Certificate Printing'!I\"&((ROW()-2)*4)+5)=\"\",\"\",INDIRECT(\"'MRO Certificate Printing'!I\"&((ROW()-2)*4)+5))","v":""},{"$f":"IF(INDIRECT(\"'MRO Certificate Printing'!K\"&((ROW()-2)*4)+5)=\"\",\"\",INDIRECT(\"'MRO Certificate Printing'!K\"&((ROW()-2)*4)+5))","v":""}]
["",{"$f":"IF(INDIRECT(\"'MRO Certificate Printing'!D\"&((ROW()-2)*4)+2)=\"\",\"\",INDIRECT(\"'MRO Certificate Printing'!D\"&((ROW()-2)*4)+2))","v":""},{"$f":"IF(INDIRECT(\"'MRO Certificate Printing'!E\"&((ROW()-2)*4)+2)=\"\",\"\",INDIRECT(\"'MRO Certificate Printing'!E\"&((ROW()-2)*4)+2))","v":""},{"$f":"IF(INDIRECT(\"'MRO Certificate Printing'!F\"&((ROW()-2)*4)+2)=\"\",\"\",INDIRECT(\"'MRO Certificate Printing'!F\"&((ROW()-2)*4)+2))","v":""},{"$f":"IF(INDIRECT(\"'MRO Certificate Printing'!B\"&((ROW()-2)*4)+2)=\"\",\"\",INDIRECT(\"'MRO Certificate Printing'!B\"&((ROW()-2)*4)+2))","v":""},{"$f":"IF(INDIRECT(\"'MRO Certificate Printing'!G\"&((ROW()-2)*4)+2)=\"\",\"\",INDIRECT(\"'MRO Certificate Printing'!G\"&((ROW()-2)*4)+2))","v":""},{"$f":"IF(INDIRECT(\"'MRO Certificate Printing'!J\"&((ROW()-2)*4)+2)=\"\",\"\",INDIRECT(\"'MRO Certificate Printing'!J\"&((ROW()-2)*4)+2))","v":""},{"$f":"IF(INDIRECT(\"'MRO Certificate Printing'!I\"&((ROW()-2)*4)+2)=\"\",\"\",INDIRECT(\"'MRO Certificate Printing'!I\"&((ROW()-2)*4)+2))","v":""},{"$f":"IF(INDIRECT(\"'MRO Certificate Printing'!K\"&((ROW()-2)*4)+2)=\"\",\"\",INDIRECT(\"'MRO Certificate Printing'!K\"&((ROW()-2)*4)+2))","v":""},null,{"$f":"IF(INDIRECT(\"'MRO Certificate Printing'!D\"&((ROW()-2)*4)+3)=\"\",\"\",INDIRECT(\"'MRO Certificate Printing'!D\"&((ROW()-2)*4)+3))","v":""},{"$f":"IF(INDIRECT(\"'MRO Certificate Printing'!E\"&((ROW()-2)*4)+3)=\"\",\"\",INDIRECT(\"'MRO Certificate Printing'!E\"&((ROW()-2)*4)+3))","v":""},{"$f":"IF(INDIRECT(\"'MRO Certificate Printing'!F\"&((ROW()-2)*4)+3)=\"\",\"\",INDIRECT(\"'MRO Certificate Printing'!F\"&((ROW()-2)*4)+3))","v":""},{"$f":"IF(INDIRECT(\"'MRO Certificate Printing'!B\"&((ROW()-2)*4)+3)=\"\",\"\",INDIRECT(\"'MRO Certificate Printing'!B\"&((ROW()-2)*4)+3))","v":""},{"$f":"IF(INDIRECT(\"'MRO Certificate Printing'!G\"&((ROW()-2)*4)+3)=\"\",\"\",INDIRECT(\"'MRO Certificate Printing'!G\"&((ROW()-2)*4)+3))","v":""},{"$f":"IF(INDIRECT(\"'MRO Certificate Printing'!J\"&((ROW()-2)*4)+3)=\"\",\"\",INDIRECT(\"'MRO Certificate Printing'!J\"&((ROW()-2)*4)+3))","v":""},{"$f":"IF(INDIRECT(\"'MRO Certificate Printing'!I\"&((ROW()-2)*4)+3)=\"\",\"\",INDIRECT(\"'MRO Certificate Printing'!I\"&((ROW()-2)*4)+3))","v":""},{"$f":"IF(INDIRECT(\"'MRO Certificate Printing'!K\"&((ROW()-2)*4)+3)=\"\",\"\",INDIRECT(\"'MRO Certificate Printing'!K\"&((ROW()-2)*4)+3))","v":""},null,{"$f":"IF(INDIRECT(\"'MRO Certificate Printing'!D\"&((ROW()-2)*4)+4)=\"\",\"\",INDIRECT(\"'MRO Certificate Printing'!D\"&((ROW()-2)*4)+4))","v":""},{"$f":"IF(INDIRECT(\"'MRO Certificate Printing'!E\"&((ROW()-2)*4)+4)=\"\",\"\",INDIRECT(\"'MRO Certificate Printing'!E\"&((ROW()-2)*4)+4))","v":""},{"$f":"IF(INDIRECT(\"'MRO Certificate Printing'!F\"&((ROW()-2)*4)+4)=\"\",\"\",INDIRECT(\"'MRO Certificate Printing'!F\"&((ROW()-2)*4)+4))","v":""},{"$f":"IF(INDIRECT(\"'MRO Certificate Printing'!B\"&((ROW()-2)*4)+4)=\"\",\"\",INDIRECT(\"'MRO Certificate Printing'!B\"&((ROW()-2)*4)+4))","v":""},{"$f":"IF(INDIRECT(\"'MRO Certificate Printing'!G\"&((ROW()-2)*4)+4)=\"\",\"\",INDIRECT(\"'MRO Certificate Printing'!G\"&((ROW()-2)*4)+4))","v":""},{"$f":"IF(INDIRECT(\"'MRO Certificate Printing'!J\"&((ROW()-2)*4)+4)=\"\",\"\",INDIRECT(\"'MRO Certificate Printing'!J\"&((ROW()-2)*4)+4))","v":""},{"$f":"IF(INDIRECT(\"'MRO Certificate Printing'!I\"&((ROW()-2)*4)+4)=\"\",\"\",INDIRECT(\"'MRO Certificate Printing'!I\"&((ROW()-2)*4)+4))","v":""},{"$f":"IF(INDIRECT(\"'MRO Certificate Printing'!K\"&((ROW()-2)*4)+4)=\"\",\"\",INDIRECT(\"'MRO Certificate Printing'!K\"&((ROW()-2)*4)+4))","v":""},null,{"$f":"IF(INDIRECT(\"'MRO Certificate Printing'!D\"&((ROW()-2)*4)+5)=\"\",\"\",INDIRECT(\"'MRO Certificate Printing'!D\"&((ROW()-2)*4)+5))","v":""},{"$f":"IF(INDIRECT(\"'MRO Certificate Printing'!E\"&((ROW()-2)*4)+5)=\"\",\"\",INDIRECT(\"'MRO Certificate Printing'!E\"&((ROW()-2)*4)+5))","v":""},{"$f":"IF(INDIRECT(\"'MRO Certificate Printing'!F\"&((ROW()-2)*4)+5)=\"\",\"\",INDIRECT(\"'MRO Certificate Printing'!F\"&((ROW()-2)*4)+5))","v":""},{"$f":"IF(INDIRECT(\"'MRO Certificate Printing'!B\"&((ROW()-2)*4)+5)=\"\",\"\",INDIRECT(\"'MRO Certificate Printing'!B\"&((ROW()-2)*4)+5))","v":""},{"$f":"IF(INDIRECT(\"'MRO Certificate Printing'!G\"&((ROW()-2)*4)+5)=\"\",\"\",INDIRECT(\"'MRO Certificate Printing'!G\"&((ROW()-2)*4)+5))","v":""},{"$f":"IF(INDIRECT(\"'MRO Certificate Printing'!J\"&((ROW()-2)*4)+5)=\"\",\"\",INDIRECT(\"'MRO Certificate Printing'!J\"&((ROW()-2)*4)+5))","v":""},{"$f":"IF(INDIRECT(\"'MRO Certificate Printing'!I\"&((ROW()-2)*4)+5)=\"\",\"\",INDIRECT(\"'MRO Certificate Printing'!I\"&((ROW()-2)*4)+5))","v":""},{"$f":"IF(INDIRECT(\"'MRO Certificate Printing'!K\"&((ROW()-2)*4)+5)=\"\",\"\",INDIRECT(\"'MRO Certificate Printing'!K\"&((ROW()-2)*4)+5))","v":""}]
["",{"$f":"IF(INDIRECT(\"'MRO Certificate Printing'!D\"&((ROW()-2)*4)+2)=\"\",\"\",INDIRECT(\"'MRO Certificate Printing'!D\"&((ROW()-2)*4)+2))","v":""},{"$f":"IF(INDIRECT(\"'MRO Certificate Printing'!E\"&((ROW()-2)*4)+2)=\"\",\"\",INDIRECT(\"'MRO Certificate Printing'!E\"&((ROW()-2)*4)+2))","v":""},{"$f":"IF(INDIRECT(\"'MRO Certificate Printing'!F\"&((ROW()-2)*4)+2)=\"\",\"\",INDIRECT(\"'MRO Certificate Printing'!F\"&((ROW()-2)*4)+2))","v":""},{"$f":"IF(INDIRECT(\"'MRO Certificate Printing'!B\"&((ROW()-2)*4)+2)=\"\",\"\",INDIRECT(\"'MRO Certificate Printing'!B\"&((ROW()-2)*4)+2))","v":""},{"$f":"IF(INDIRECT(\"'MRO Certificate Printing'!G\"&((ROW()-2)*4)+2)=\"\",\"\",INDIRECT(\"'MRO Certificate Printing'!G\"&((ROW()-2)*4)+2))","v":""},{"$f":"IF(INDIRECT(\"'MRO Certificate Printing'!J\"&((ROW()-2)*4)+2)=\"\",\"\",INDIRECT(\"'MRO Certificate Printing'!J\"&((ROW()-2)*4)+2))","v":""},{"$f":"IF(INDIRECT(\"'MRO Certificate Printing'!I\"&((ROW()-2)*4)+2)=\"\",\"\",INDIRECT(\"'MRO Certificate Printing'!I\"&((ROW()-2)*4)+2))","v":""},{"$f":"IF(INDIRECT(\"'MRO Certificate Printing'!K\"&((ROW()-2)*4)+2)=\"\",\"\",INDIRECT(\"'MRO Certificate Printing'!K\"&((ROW()-2)*4)+2))","v":""},null,{"$f":"IF(INDIRECT(\"'MRO Certificate Printing'!D\"&((ROW()-2)*4)+3)=\"\",\"\",INDIRECT(\"'MRO Certificate Printing'!D\"&((ROW()-2)*4)+3))","v":""},{"$f":"IF(INDIRECT(\"'MRO Certificate Printing'!E\"&((ROW()-2)*4)+3)=\"\",\"\",INDIRECT(\"'MRO Certificate Printing'!E\"&((ROW()-2)*4)+3))","v":""},{"$f":"IF(INDIRECT(\"'MRO Certificate Printing'!F\"&((ROW()-2)*4)+3)=\"\",\"\",INDIRECT(\"'MRO Certificate Printing'!F\"&((ROW()-2)*4)+3))","v":""},{"$f":"IF(INDIRECT(\"'MRO Certificate Printing'!B\"&((ROW()-2)*4)+3)=\"\",\"\",INDIRECT(\"'MRO Certificate Printing'!B\"&((ROW()-2)*4)+3))","v":""},{"$f":"IF(INDIRECT(\"'MRO Certificate Printing'!G\"&((ROW()-2)*4)+3)=\"\",\"\",INDIRECT(\"'MRO Certificate Printing'!G\"&((ROW()-2)*4)+3))","v":""},{"$f":"IF(INDIRECT(\"'MRO Certificate Printing'!J\"&((ROW()-2)*4)+3)=\"\",\"\",INDIRECT(\"'MRO Certificate Printing'!J\"&((ROW()-2)*4)+3))","v":""},{"$f":"IF(INDIRECT(\"'MRO Certificate Printing'!I\"&((ROW()-2)*4)+3)=\"\",\"\",INDIRECT(\"'MRO Certificate Printing'!I\"&((ROW()-2)*4)+3))","v":""},{"$f":"IF(INDIRECT(\"'MRO Certificate Printing'!K\"&((ROW()-2)*4)+3)=\"\",\"\",INDIRECT(\"'MRO Certificate Printing'!K\"&((ROW()-2)*4)+3))","v":""},null,{"$f":"IF(INDIRECT(\"'MRO Certificate Printing'!D\"&((ROW()-2)*4)+4)=\"\",\"\",INDIRECT(\"'MRO Certificate Printing'!D\"&((ROW()-2)*4)+4))","v":""},{"$f":"IF(INDIRECT(\"'MRO Certificate Printing'!E\"&((ROW()-2)*4)+4)=\"\",\"\",INDIRECT(\"'MRO Certificate Printing'!E\"&((ROW()-2)*4)+4))","v":""},{"$f":"IF(INDIRECT(\"'MRO Certificate Printing'!F\"&((ROW()-2)*4)+4)=\"\",\"\",INDIRECT(\"'MRO Certificate Printing'!F\"&((ROW()-2)*4)+4))","v":""},{"$f":"IF(INDIRECT(\"'MRO Certificate Printing'!B\"&((ROW()-2)*4)+4)=\"\",\"\",INDIRECT(\"'MRO Certificate Printing'!B\"&((ROW()-2)*4)+4))","v":""},{"$f":"IF(INDIRECT(\"'MRO Certificate Printing'!G\"&((ROW()-2)*4)+4)=\"\",\"\",INDIRECT(\"'MRO Certificate Printing'!G\"&((ROW()-2)*4)+4))","v":""},{"$f":"IF(INDIRECT(\"'MRO Certificate Printing'!J\"&((ROW()-2)*4)+4)=\"\",\"\",INDIRECT(\"'MRO Certificate Printing'!J\"&((ROW()-2)*4)+4))","v":""},{"$f":"IF(INDIRECT(\"'MRO Certificate Printing'!I\"&((ROW()-2)*4)+4)=\"\",\"\",INDIRECT(\"'MRO Certificate Printing'!I\"&((ROW()-2)*4)+4))","v":""},{"$f":"IF(INDIRECT(\"'MRO Certificate Printing'!K\"&((ROW()-2)*4)+4)=\"\",\"\",INDIRECT(\"'MRO Certificate Printing'!K\"&((ROW()-2)*4)+4))","v":""},null,{"$f":"IF(INDIRECT(\"'MRO Certificate Printing'!D\"&((ROW()-2)*4)+5)=\"\",\"\",INDIRECT(\"'MRO Certificate Printing'!D\"&((ROW()-2)*4)+5))","v":""},{"$f":"IF(INDIRECT(\"'MRO Certificate Printing'!E\"&((ROW()-2)*4)+5)=\"\",\"\",INDIRECT(\"'MRO Certificate Printing'!E\"&((ROW()-2)*4)+5))","v":""},{"$f":"IF(INDIRECT(\"'MRO Certificate Printing'!F\"&((ROW()-2)*4)+5)=\"\",\"\",INDIRECT(\"'MRO Certificate Printing'!F\"&((ROW()-2)*4)+5))","v":""},{"$f":"IF(INDIRECT(\"'MRO Certificate Printing'!B\"&((ROW()-2)*4)+5)=\"\",\"\",INDIRECT(\"'MRO Certificate Printing'!B\"&((ROW()-2)*4)+5))","v":""},{"$f":"IF(INDIRECT(\"'MRO Certificate Printing'!G\"&((ROW()-2)*4)+5)=\"\",\"\",INDIRECT(\"'MRO Certificate Printing'!G\"&((ROW()-2)*4)+5))","v":""},{"$f":"IF(INDIRECT(\"'MRO Certificate Printing'!J\"&((ROW()-2)*4)+5)=\"\",\"\",INDIRECT(\"'MRO Certificate Printing'!J\"&((ROW()-2)*4)+5))","v":""},{"$f":"IF(INDIRECT(\"'MRO Certificate Printing'!I\"&((ROW()-2)*4)+5)=\"\",\"\",INDIRECT(\"'MRO Certificate Printing'!I\"&((ROW()-2)*4)+5))","v":""},{"$f":"IF(INDIRECT(\"'MRO Certificate Printing'!K\"&((ROW()-2)*4)+5)=\"\",\"\",INDIRECT(\"'MRO Certificate Printing'!K\"&((ROW()-2)*4)+5))","v":""}]
["",{"$f":"IF(INDIRECT(\"'MRO Certificate Printing'!D\"&((ROW()-2)*4)+2)=\"\",\"\",INDIRECT(\"'MRO Certificate Printing'!D\"&((ROW()-2)*4)+2))","v":""},{"$f":"IF(INDIRECT(\"'MRO Certificate Printing'!E\"&((ROW()-2)*4)+2)=\"\",\"\",INDIRECT(\"'MRO Certificate Printing'!E\"&((ROW()-2)*4)+2))","v":""},{"$f":"IF(INDIRECT(\"'MRO Certificate Printing'!F\"&((ROW()-2)*4)+2)=\"\",\"\",INDIRECT(\"'MRO Certificate Printing'!F\"&((ROW()-2)*4)+2))","v":""},{"$f":"IF(INDIRECT(\"'MRO Certificate Printing'!B\"&((ROW()-2)*4)+2)=\"\",\"\",INDIRECT(\"'MRO Certificate Printing'!B\"&((ROW()-2)*4)+2))","v":""},{"$f":"IF(INDIRECT(\"'MRO Certificate Printing'!G\"&((ROW()-2)*4)+2)=\"\",\"\",INDIRECT(\"'MRO Certificate Printing'!G\"&((ROW()-2)*4)+2))","v":""},{"$f":"IF(INDIRECT(\"'MRO Certificate Printing'!J\"&((ROW()-2)*4)+2)=\"\",\"\",INDIRECT(\"'MRO Certificate Printing'!J\"&((ROW()-2)*4)+2))","v":""},{"$f":"IF(INDIRECT(\"'MRO Certificate Printing'!I\"&((ROW()-2)*4)+2)=\"\",\"\",INDIRECT(\"'MRO Certificate Printing'!I\"&((ROW()-2)*4)+2))","v":""},{"$f":"IF(INDIRECT(\"'MRO Certificate Printing'!K\"&((ROW()-2)*4)+2)=\"\",\"\",INDIRECT(\"'MRO Certificate Printing'!K\"&((ROW()-2)*4)+2))","v":""},null,{"$f":"IF(INDIRECT(\"'MRO Certificate Printing'!D\"&((ROW()-2)*4)+3)=\"\",\"\",INDIRECT(\"'MRO Certificate Printing'!D\"&((ROW()-2)*4)+3))","v":""},{"$f":"IF(INDIRECT(\"'MRO Certificate Printing'!E\"&((ROW()-2)*4)+3)=\"\",\"\",INDIRECT(\"'MRO Certificate Printing'!E\"&((ROW()-2)*4)+3))","v":""},{"$f":"IF(INDIRECT(\"'MRO Certificate Printing'!F\"&((ROW()-2)*4)+3)=\"\",\"\",INDIRECT(\"'MRO Certificate Printing'!F\"&((ROW()-2)*4)+3))","v":""},{"$f":"IF(INDIRECT(\"'MRO Certificate Printing'!B\"&((ROW()-2)*4)+3)=\"\",\"\",INDIRECT(\"'MRO Certificate Printing'!B\"&((ROW()-2)*4)+3))","v":""},{"$f":"IF(INDIRECT(\"'MRO Certificate Printing'!G\"&((ROW()-2)*4)+3)=\"\",\"\",INDIRECT(\"'MRO Certificate Printing'!G\"&((ROW()-2)*4)+3))","v":""},{"$f":"IF(INDIRECT(\"'MRO Certificate Printing'!J\"&((ROW()-2)*4)+3)=\"\",\"\",INDIRECT(\"'MRO Certificate Printing'!J\"&((ROW()-2)*4)+3))","v":""},{"$f":"IF(INDIRECT(\"'MRO Certificate Printing'!I\"&((ROW()-2)*4)+3)=\"\",\"\",INDIRECT(\"'MRO Certificate Printing'!I\"&((ROW()-2)*4)+3))","v":""},{"$f":"IF(INDIRECT(\"'MRO Certificate Printing'!K\"&((ROW()-2)*4)+3)=\"\",\"\",INDIRECT(\"'MRO Certificate Printing'!K\"&((ROW()-2)*4)+3))","v":""},null,{"$f":"IF(INDIRECT(\"'MRO Certificate Printing'!D\"&((ROW()-2)*4)+4)=\"\",\"\",INDIRECT(\"'MRO Certificate Printing'!D\"&((ROW()-2)*4)+4))","v":""},{"$f":"IF(INDIRECT(\"'MRO Certificate Printing'!E\"&((ROW()-2)*4)+4)=\"\",\"\",INDIRECT(\"'MRO Certificate Printing'!E\"&((ROW()-2)*4)+4))","v":""},{"$f":"IF(INDIRECT(\"'MRO Certificate Printing'!F\"&((ROW()-2)*4)+4)=\"\",\"\",INDIRECT(\"'MRO Certificate Printing'!F\"&((ROW()-2)*4)+4))","v":""},{"$f":"IF(INDIRECT(\"'MRO Certificate Printing'!B\"&((ROW()-2)*4)+4)=\"\",\"\",INDIRECT(\"'MRO Certificate Printing'!B\"&((ROW()-2)*4)+4))","v":""},{"$f":"IF(INDIRECT(\"'MRO Certificate Printing'!G\"&((ROW()-2)*4)+4)=\"\",\"\",INDIRECT(\"'MRO Certificate Printing'!G\"&((ROW()-2)*4)+4))","v":""},{"$f":"IF(INDIRECT(\"'MRO Certificate Printing'!J\"&((ROW()-2)*4)+4)=\"\",\"\",INDIRECT(\"'MRO Certificate Printing'!J\"&((ROW()-2)*4)+4))","v":""},{"$f":"IF(INDIRECT(\"'MRO Certificate Printing'!I\"&((ROW()-2)*4)+4)=\"\",\"\",INDIRECT(\"'MRO Certificate Printing'!I\"&((ROW()-2)*4)+4))","v":""},{"$f":"IF(INDIRECT(\"'MRO Certificate Printing'!K\"&((ROW()-2)*4)+4)=\"\",\"\",INDIRECT(\"'MRO Certificate Printing'!K\"&((ROW()-2)*4)+4))","v":""},null,{"$f":"IF(INDIRECT(\"'MRO Certificate Printing'!D\"&((ROW()-2)*4)+5)=\"\",\"\",INDIRECT(\"'MRO Certificate Printing'!D\"&((ROW()-2)*4)+5))","v":""},{"$f":"IF(INDIRECT(\"'MRO Certificate Printing'!E\"&((ROW()-2)*4)+5)=\"\",\"\",INDIRECT(\"'MRO Certificate Printing'!E\"&((ROW()-2)*4)+5))","v":""},{"$f":"IF(INDIRECT(\"'MRO Certificate Printing'!F\"&((ROW()-2)*4)+5)=\"\",\"\",INDIRECT(\"'MRO Certificate Printing'!F\"&((ROW()-2)*4)+5))","v":""},{"$f":"IF(INDIRECT(\"'MRO Certificate Printing'!B\"&((ROW()-2)*4)+5)=\"\",\"\",INDIRECT(\"'MRO Certificate Printing'!B\"&((ROW()-2)*4)+5))","v":""},{"$f":"IF(INDIRECT(\"'MRO Certificate Printing'!G\"&((ROW()-2)*4)+5)=\"\",\"\",INDIRECT(\"'MRO Certificate Printing'!G\"&((ROW()-2)*4)+5))","v":""},{"$f":"IF(INDIRECT(\"'MRO Certificate Printing'!J\"&((ROW()-2)*4)+5)=\"\",\"\",INDIRECT(\"'MRO Certificate Printing'!J\"&((ROW()-2)*4)+5))","v":""},{"$f":"IF(INDIRECT(\"'MRO Certificate Printing'!I\"&((ROW()-2)*4)+5)=\"\",\"\",INDIRECT(\"'MRO Certificate Printing'!I\"&((ROW()-2)*4)+5))","v":""},{"$f":"IF(INDIRECT(\"'MRO Certificate Printing'!K\"&((ROW()-2)*4)+5)=\"\",\"\",INDIRECT(\"'MRO Certificate Printing'!K\"&((ROW()-2)*4)+5))","v":""}]
["",{"$f":"IF(INDIRECT(\"'MRO Certificate Printing'!D\"&((ROW()-2)*4)+2)=\"\",\"\",INDIRECT(\"'MRO Certificate Printing'!D\"&((ROW()-2)*4)+2))","v":""},{"$f":"IF(INDIRECT(\"'MRO Certificate Printing'!E\"&((ROW()-2)*4)+2)=\"\",\"\",INDIRECT(\"'MRO Certificate Printing'!E\"&((ROW()-2)*4)+2))","v":""},{"$f":"IF(INDIRECT(\"'MRO Certificate Printing'!F\"&((ROW()-2)*4)+2)=\"\",\"\",INDIRECT(\"'MRO Certificate Printing'!F\"&((ROW()-2)*4)+2))","v":""},{"$f":"IF(INDIRECT(\"'MRO Certificate Printing'!B\"&((ROW()-2)*4)+2)=\"\",\"\",INDIRECT(\"'MRO Certificate Printing'!B\"&((ROW()-2)*4)+2))","v":""},{"$f":"IF(INDIRECT(\"'MRO Certificate Printing'!G\"&((ROW()-2)*4)+2)=\"\",\"\",INDIRECT(\"'MRO Certificate Printing'!G\"&((ROW()-2)*4)+2))","v":""},{"$f":"IF(INDIRECT(\"'MRO Certificate Printing'!J\"&((ROW()-2)*4)+2)=\"\",\"\",INDIRECT(\"'MRO Certificate Printing'!J\"&((ROW()-2)*4)+2))","v":""},{"$f":"IF(INDIRECT(\"'MRO Certificate Printing'!I\"&((ROW()-2)*4)+2)=\"\",\"\",INDIRECT(\"'MRO Certificate Printing'!I\"&((ROW()-2)*4)+2))","v":""},{"$f":"IF(INDIRECT(\"'MRO Certificate Printing'!K\"&((ROW()-2)*4)+2)=\"\",\"\",INDIRECT(\"'MRO Certificate Printing'!K\"&((ROW()-2)*4)+2))","v":""},null,{"$f":"IF(INDIRECT(\"'MRO Certificate Printing'!D\"&((ROW()-2)*4)+3)=\"\",\"\",INDIRECT(\"'MRO Certificate Printing'!D\"&((ROW()-2)*4)+3))","v":""},{"$f":"IF(INDIRECT(\"'MRO Certificate Printing'!E\"&((ROW()-2)*4)+3)=\"\",\"\",INDIRECT(\"'MRO Certificate Printing'!E\"&((ROW()-2)*4)+3))","v":""},{"$f":"IF(INDIRECT(\"'MRO Certificate Printing'!F\"&((ROW()-2)*4)+3)=\"\",\"\",INDIRECT(\"'MRO Certificate Printing'!F\"&((ROW()-2)*4)+3))","v":""},{"$f":"IF(INDIRECT(\"'MRO Certificate Printing'!B\"&((ROW()-2)*4)+3)=\"\",\"\",INDIRECT(\"'MRO Certificate Printing'!B\"&((ROW()-2)*4)+3))","v":""},{"$f":"IF(INDIRECT(\"'MRO Certificate Printing'!G\"&((ROW()-2)*4)+3)=\"\",\"\",INDIRECT(\"'MRO Certificate Printing'!G\"&((ROW()-2)*4)+3))","v":""},{"$f":"IF(INDIRECT(\"'MRO Certificate Printing'!J\"&((ROW()-2)*4)+3)=\"\",\"\",INDIRECT(\"'MRO Certificate Printing'!J\"&((ROW()-2)*4)+3))","v":""},{"$f":"IF(INDIRECT(\"'MRO Certificate Printing'!I\"&((ROW()-2)*4)+3)=\"\",\"\",INDIRECT(\"'MRO Certificate Printing'!I\"&((ROW()-2)*4)+3))","v":""},{"$f":"IF(INDIRECT(\"'MRO Certificate Printing'!K\"&((ROW()-2)*4)+3)=\"\",\"\",INDIRECT(\"'MRO Certificate Printing'!K\"&((ROW()-2)*4)+3))","v":""},null,{"$f":"IF(INDIRECT(\"'MRO Certificate Printing'!D\"&((ROW()-2)*4)+4)=\"\",\"\",INDIRECT(\"'MRO Certificate Printing'!D\"&((ROW()-2)*4)+4))","v":""},{"$f":"IF(INDIRECT(\"'MRO Certificate Printing'!E\"&((ROW()-2)*4)+4)=\"\",\"\",INDIRECT(\"'MRO Certificate Printing'!E\"&((ROW()-2)*4)+4))","v":""},{"$f":"IF(INDIRECT(\"'MRO Certificate Printing'!F\"&((ROW()-2)*4)+4)=\"\",\"\",INDIRECT(\"'MRO Certificate Printing'!F\"&((ROW()-2)*4)+4))","v":""},{"$f":"IF(INDIRECT(\"'MRO Certificate Printing'!B\"&((ROW()-2)*4)+4)=\"\",\"\",INDIRECT(\"'MRO Certificate Printing'!B\"&((ROW()-2)*4)+4))","v":""},{"$f":"IF(INDIRECT(\"'MRO Certificate Printing'!G\"&((ROW()-2)*4)+4)=\"\",\"\",INDIRECT(\"'MRO Certificate Printing'!G\"&((ROW()-2)*4)+4))","v":""},{"$f":"IF(INDIRECT(\"'MRO Certificate Printing'!J\"&((ROW()-2)*4)+4)=\"\",\"\",INDIRECT(\"'MRO Certificate Printing'!J\"&((ROW()-2)*4)+4))","v":""},{"$f":"IF(INDIRECT(\"'MRO Certificate Printing'!I\"&((ROW()-2)*4)+4)=\"\",\"\",INDIRECT(\"'MRO Certificate Printing'!I\"&((ROW()-2)*4)+4))","v":""},{"$f":"IF(INDIRECT(\"'MRO Certificate Printing'!K\"&((ROW()-2)*4)+4)=\"\",\"\",INDIRECT(\"'MRO Certificate Printing'!K\"&((ROW()-2)*4)+4))","v":""},null,{"$f":"IF(INDIRECT(\"'MRO Certificate Printing'!D\"&((ROW()-2)*4)+5)=\"\",\"\",INDIRECT(\"'MRO Certificate Printing'!D\"&((ROW()-2)*4)+5))","v":""},{"$f":"IF(INDIRECT(\"'MRO Certificate Printing'!E\"&((ROW()-2)*4)+5)=\"\",\"\",INDIRECT(\"'MRO Certificate Printing'!E\"&((ROW()-2)*4)+5))","v":""},{"$f":"IF(INDIRECT(\"'MRO Certificate Printing'!F\"&((ROW()-2)*4)+5)=\"\",\"\",INDIRECT(\"'MRO Certificate Printing'!F\"&((ROW()-2)*4)+5))","v":""},{"$f":"IF(INDIRECT(\"'MRO Certificate Printing'!B\"&((ROW()-2)*4)+5)=\"\",\"\",INDIRECT(\"'MRO Certificate Printing'!B\"&((ROW()-2)*4)+5))","v":""},{"$f":"IF(INDIRECT(\"'MRO Certificate Printing'!G\"&((ROW()-2)*4)+5)=\"\",\"\",INDIRECT(\"'MRO Certificate Printing'!G\"&((ROW()-2)*4)+5))","v":""},{"$f":"IF(INDIRECT(\"'MRO Certificate Printing'!J\"&((ROW()-2)*4)+5)=\"\",\"\",INDIRECT(\"'MRO Certificate Printing'!J\"&((ROW()-2)*4)+5))","v":""},{"$f":"IF(INDIRECT(\"'MRO Certificate Printing'!I\"&((ROW()-2)*4)+5)=\"\",\"\",INDIRECT(\"'MRO Certificate Printing'!I\"&((ROW()-2)*4)+5))","v":""},{"$f":"IF(INDIRECT(\"'MRO Certificate Printing'!K\"&((ROW()-2)*4)+5)=\"\",\"\",INDIRECT(\"'MRO Certificate Printing'!K\"&((ROW()-2)*4)+5))","v":""}]
["",{"$f":"IF(INDIRECT(\"'MRO Certificate Printing'!D\"&((ROW()-2)*4)+2)=\"\",\"\",INDIRECT(\"'MRO Certificate Printing'!D\"&((ROW()-2)*4)+2))","v":""},{"$f":"IF(INDIRECT(\"'MRO Certificate Printing'!E\"&((ROW()-2)*4)+2)=\"\",\"\",INDIRECT(\"'MRO Certificate Printing'!E\"&((ROW()-2)*4)+2))","v":""},{"$f":"IF(INDIRECT(\"'MRO Certificate Printing'!F\"&((ROW()-2)*4)+2)=\"\",\"\",INDIRECT(\"'MRO Certificate Printing'!F\"&((ROW()-2)*4)+2))","v":""},{"$f":"IF(INDIRECT(\"'MRO Certificate Printing'!B\"&((ROW()-2)*4)+2)=\"\",\"\",INDIRECT(\"'MRO Certificate Printing'!B\"&((ROW()-2)*4)+2))","v":""},{"$f":"IF(INDIRECT(\"'MRO Certificate Printing'!G\"&((ROW()-2)*4)+2)=\"\",\"\",INDIRECT(\"'MRO Certificate Printing'!G\"&((ROW()-2)*4)+2))","v":""},{"$f":"IF(INDIRECT(\"'MRO Certificate Printing'!J\"&((ROW()-2)*4)+2)=\"\",\"\",INDIRECT(\"'MRO Certificate Printing'!J\"&((ROW()-2)*4)+2))","v":""},{"$f":"IF(INDIRECT(\"'MRO Certificate Printing'!I\"&((ROW()-2)*4)+2)=\"\",\"\",INDIRECT(\"'MRO Certificate Printing'!I\"&((ROW()-2)*4)+2))","v":""},{"$f":"IF(INDIRECT(\"'MRO Certificate Printing'!K\"&((ROW()-2)*4)+2)=\"\",\"\",INDIRECT(\"'MRO Certificate Printing'!K\"&((ROW()-2)*4)+2))","v":""},null,{"$f":"IF(INDIRECT(\"'MRO Certificate Printing'!D\"&((ROW()-2)*4)+3)=\"\",\"\",INDIRECT(\"'MRO Certificate Printing'!D\"&((ROW()-2)*4)+3))","v":""},{"$f":"IF(INDIRECT(\"'MRO Certificate Printing'!E\"&((ROW()-2)*4)+3)=\"\",\"\",INDIRECT(\"'MRO Certificate Printing'!E\"&((ROW()-2)*4)+3))","v":""},{"$f":"IF(INDIRECT(\"'MRO Certificate Printing'!F\"&((ROW()-2)*4)+3)=\"\",\"\",INDIRECT(\"'MRO Certificate Printing'!F\"&((ROW()-2)*4)+3))","v":""},{"$f":"IF(INDIRECT(\"'MRO Certificate Printing'!B\"&((ROW()-2)*4)+3)=\"\",\"\",INDIRECT(\"'MRO Certificate Printing'!B\"&((ROW()-2)*4)+3))","v":""},{"$f":"IF(INDIRECT(\"'MRO Certificate Printing'!G\"&((ROW()-2)*4)+3)=\"\",\"\",INDIRECT(\"'MRO Certificate Printing'!G\"&((ROW()-2)*4)+3))","v":""},{"$f":"IF(INDIRECT(\"'MRO Certificate Printing'!J\"&((ROW()-2)*4)+3)=\"\",\"\",INDIRECT(\"'MRO Certificate Printing'!J\"&((ROW()-2)*4)+3))","v":""},{"$f":"IF(INDIRECT(\"'MRO Certificate Printing'!I\"&((ROW()-2)*4)+3)=\"\",\"\",INDIRECT(\"'MRO Certificate Printing'!I\"&((ROW()-2)*4)+3))","v":""},{"$f":"IF(INDIRECT(\"'MRO Certificate Printing'!K\"&((ROW()-2)*4)+3)=\"\",\"\",INDIRECT(\"'MRO Certificate Printing'!K\"&((ROW()-2)*4)+3))","v":""},null,{"$f":"IF(INDIRECT(\"'MRO Certificate Printing'!D\"&((ROW()-2)*4)+4)=\"\",\"\",INDIRECT(\"'MRO Certificate Printing'!D\"&((ROW()-2)*4)+4))","v":""},{"$f":"IF(INDIRECT(\"'MRO Certificate Printing'!E\"&((ROW()-2)*4)+4)=\"\",\"\",INDIRECT(\"'MRO Certificate Printing'!E\"&((ROW()-2)*4)+4))","v":""},{"$f":"IF(INDIRECT(\"'MRO Certificate Printing'!F\"&((ROW()-2)*4)+4)=\"\",\"\",INDIRECT(\"'MRO Certificate Printing'!F\"&((ROW()-2)*4)+4))","v":""},{"$f":"IF(INDIRECT(\"'MRO Certificate Printing'!B\"&((ROW()-2)*4)+4)=\"\",\"\",INDIRECT(\"'MRO Certificate Printing'!B\"&((ROW()-2)*4)+4))","v":""},{"$f":"IF(INDIRECT(\"'MRO Certificate Printing'!G\"&((ROW()-2)*4)+4)=\"\",\"\",INDIRECT(\"'MRO Certificate Printing'!G\"&((ROW()-2)*4)+4))","v":""},{"$f":"IF(INDIRECT(\"'MRO Certificate Printing'!J\"&((ROW()-2)*4)+4)=\"\",\"\",INDIRECT(\"'MRO Certificate Printing'!J\"&((ROW()-2)*4)+4))","v":""},{"$f":"IF(INDIRECT(\"'MRO Certificate Printing'!I\"&((ROW()-2)*4)+4)=\"\",\"\",INDIRECT(\"'MRO Certificate Printing'!I\"&((ROW()-2)*4)+4))","v":""},{"$f":"IF(INDIRECT(\"'MRO Certificate Printing'!K\"&((ROW()-2)*4)+4)=\"\",\"\",INDIRECT(\"'MRO Certificate Printing'!K\"&((ROW()-2)*4)+4))","v":""},null,{"$f":"IF(INDIRECT(\"'MRO Certificate Printing'!D\"&((ROW()-2)*4)+5)=\"\",\"\",INDIRECT(\"'MRO Certificate Printing'!D\"&((ROW()-2)*4)+5))","v":""},{"$f":"IF(INDIRECT(\"'MRO Certificate Printing'!E\"&((ROW()-2)*4)+5)=\"\",\"\",INDIRECT(\"'MRO Certificate Printing'!E\"&((ROW()-2)*4)+5))","v":""},{"$f":"IF(INDIRECT(\"'MRO Certificate Printing'!F\"&((ROW()-2)*4)+5)=\"\",\"\",INDIRECT(\"'MRO Certificate Printing'!F\"&((ROW()-2)*4)+5))","v":""},{"$f":"IF(INDIRECT(\"'MRO Certificate Printing'!B\"&((ROW()-2)*4)+5)=\"\",\"\",INDIRECT(\"'MRO Certificate Printing'!B\"&((ROW()-2)*4)+5))","v":""},{"$f":"IF(INDIRECT(\"'MRO Certificate Printing'!G\"&((ROW()-2)*4)+5)=\"\",\"\",INDIRECT(\"'MRO Certificate Printing'!G\"&((ROW()-2)*4)+5))","v":""},{"$f":"IF(INDIRECT(\"'MRO Certificate Printing'!J\"&((ROW()-2)*4)+5)=\"\",\"\",INDIRECT(\"'MRO Certificate Printing'!J\"&((ROW()-2)*4)+5))","v":""},{"$f":"IF(INDIRECT(\"'MRO Certificate Printing'!I\"&((ROW()-2)*4)+5)=\"\",\"\",INDIRECT(\"'MRO Certificate Printing'!I\"&((ROW()-2)*4)+5))","v":""},{"$f":"IF(INDIRECT(\"'MRO Certificate Printing'!K\"&((ROW()-2)*4)+5)=\"\",\"\",INDIRECT(\"'MRO Certificate Printing'!K\"&((ROW()-2)*4)+5))","v":""}]
["",{"$f":"IF(INDIRECT(\"'MRO Certificate Printing'!D\"&((ROW()-2)*4)+2)=\"\",\"\",INDIRECT(\"'MRO Certificate Printing'!D\"&((ROW()-2)*4)+2))","v":""},{"$f":"IF(INDIRECT(\"'MRO Certificate Printing'!E\"&((ROW()-2)*4)+2)=\"\",\"\",INDIRECT(\"'MRO Certificate Printing'!E\"&((ROW()-2)*4)+2))","v":""},{"$f":"IF(INDIRECT(\"'MRO Certificate Printing'!F\"&((ROW()-2)*4)+2)=\"\",\"\",INDIRECT(\"'MRO Certificate Printing'!F\"&((ROW()-2)*4)+2))","v":""},{"$f":"IF(INDIRECT(\"'MRO Certificate Printing'!B\"&((ROW()-2)*4)+2)=\"\",\"\",INDIRECT(\"'MRO Certificate Printing'!B\"&((ROW()-2)*4)+2))","v":""},{"$f":"IF(INDIRECT(\"'MRO Certificate Printing'!G\"&((ROW()-2)*4)+2)=\"\",\"\",INDIRECT(\"'MRO Certificate Printing'!G\"&((ROW()-2)*4)+2))","v":""},{"$f":"IF(INDIRECT(\"'MRO Certificate Printing'!J\"&((ROW()-2)*4)+2)=\"\",\"\",INDIRECT(\"'MRO Certificate Printing'!J\"&((ROW()-2)*4)+2))","v":""},{"$f":"IF(INDIRECT(\"'MRO Certificate Printing'!I\"&((ROW()-2)*4)+2)=\"\",\"\",INDIRECT(\"'MRO Certificate Printing'!I\"&((ROW()-2)*4)+2))","v":""},{"$f":"IF(INDIRECT(\"'MRO Certificate Printing'!K\"&((ROW()-2)*4)+2)=\"\",\"\",INDIRECT(\"'MRO Certificate Printing'!K\"&((ROW()-2)*4)+2))","v":""},null,{"$f":"IF(INDIRECT(\"'MRO Certificate Printing'!D\"&((ROW()-2)*4)+3)=\"\",\"\",INDIRECT(\"'MRO Certificate Printing'!D\"&((ROW()-2)*4)+3))","v":""},{"$f":"IF(INDIRECT(\"'MRO Certificate Printing'!E\"&((ROW()-2)*4)+3)=\"\",\"\",INDIRECT(\"'MRO Certificate Printing'!E\"&((ROW()-2)*4)+3))","v":""},{"$f":"IF(INDIRECT(\"'MRO Certificate Printing'!F\"&((ROW()-2)*4)+3)=\"\",\"\",INDIRECT(\"'MRO Certificate Printing'!F\"&((ROW()-2)*4)+3))","v":""},{"$f":"IF(INDIRECT(\"'MRO Certificate Printing'!B\"&((ROW()-2)*4)+3)=\"\",\"\",INDIRECT(\"'MRO Certificate Printing'!B\"&((ROW()-2)*4)+3))","v":""},{"$f":"IF(INDIRECT(\"'MRO Certificate Printing'!G\"&((ROW()-2)*4)+3)=\"\",\"\",INDIRECT(\"'MRO Certificate Printing'!G\"&((ROW()-2)*4)+3))","v":""},{"$f":"IF(INDIRECT(\"'MRO Certificate Printing'!J\"&((ROW()-2)*4)+3)=\"\",\"\",INDIRECT(\"'MRO Certificate Printing'!J\"&((ROW()-2)*4)+3))","v":""},{"$f":"IF(INDIRECT(\"'MRO Certificate Printing'!I\"&((ROW()-2)*4)+3)=\"\",\"\",INDIRECT(\"'MRO Certificate Printing'!I\"&((ROW()-2)*4)+3))","v":""},{"$f":"IF(INDIRECT(\"'MRO Certificate Printing'!K\"&((ROW()-2)*4)+3)=\"\",\"\",INDIRECT(\"'MRO Certificate Printing'!K\"&((ROW()-2)*4)+3))","v":""},null,{"$f":"IF(INDIRECT(\"'MRO Certificate Printing'!D\"&((ROW()-2)*4)+4)=\"\",\"\",INDIRECT(\"'MRO Certificate Printing'!D\"&((ROW()-2)*4)+4))","v":""},{"$f":"IF(INDIRECT(\"'MRO Certificate Printing'!E\"&((ROW()-2)*4)+4)=\"\",\"\",INDIRECT(\"'MRO Certificate Printing'!E\"&((ROW()-2)*4)+4))","v":""},{"$f":"IF(INDIRECT(\"'MRO Certificate Printing'!F\"&((ROW()-2)*4)+4)=\"\",\"\",INDIRECT(\"'MRO Certificate Printing'!F\"&((ROW()-2)*4)+4))","v":""},{"$f":"IF(INDIRECT(\"'MRO Certificate Printing'!B\"&((ROW()-2)*4)+4)=\"\",\"\",INDIRECT(\"'MRO Certificate Printing'!B\"&((ROW()-2)*4)+4))","v":""},{"$f":"IF(INDIRECT(\"'MRO Certificate Printing'!G\"&((ROW()-2)*4)+4)=\"\",\"\",INDIRECT(\"'MRO Certificate Printing'!G\"&((ROW()-2)*4)+4))","v":""},{"$f":"IF(INDIRECT(\"'MRO Certificate Printing'!J\"&((ROW()-2)*4)+4)=\"\",\"\",INDIRECT(\"'MRO Certificate Printing'!J\"&((ROW()-2)*4)+4))","v":""},{"$f":"IF(INDIRECT(\"'MRO Certificate Printing'!I\"&((ROW()-2)*4)+4)=\"\",\"\",INDIRECT(\"'MRO Certificate Printing'!I\"&((ROW()-2)*4)+4))","v":""},{"$f":"IF(INDIRECT(\"'MRO Certificate Printing'!K\"&((ROW()-2)*4)+4)=\"\",\"\",INDIRECT(\"'MRO Certificate Printing'!K\"&((ROW()-2)*4)+4))","v":""},null,{"$f":"IF(INDIRECT(\"'MRO Certificate Printing'!D\"&((ROW()-2)*4)+5)=\"\",\"\",INDIRECT(\"'MRO Certificate Printing'!D\"&((ROW()-2)*4)+5))","v":""},{"$f":"IF(INDIRECT(\"'MRO Certificate Printing'!E\"&((ROW()-2)*4)+5)=\"\",\"\",INDIRECT(\"'MRO Certificate Printing'!E\"&((ROW()-2)*4)+5))","v":""},{"$f":"IF(INDIRECT(\"'MRO Certificate Printing'!F\"&((ROW()-2)*4)+5)=\"\",\"\",INDIRECT(\"'MRO Certificate Printing'!F\"&((ROW()-2)*4)+5))","v":""},{"$f":"IF(INDIRECT(\"'MRO Certificate Printing'!B\"&((ROW()-2)*4)+5)=\"\",\"\",INDIRECT(\"'MRO Certificate Printing'!B\"&((ROW()-2)*4)+5))","v":""},{"$f":"IF(INDIRECT(\"'MRO Certificate Printing'!G\"&((ROW()-2)*4)+5)=\"\",\"\",INDIRECT(\"'MRO Certificate Printing'!G\"&((ROW()-2)*4)+5))","v":""},{"$f":"IF(INDIRECT(\"'MRO Certificate Printing'!J\"&((ROW()-2)*4)+5)=\"\",\"\",INDIRECT(\"'MRO Certificate Printing'!J\"&((ROW()-2)*4)+5))","v":""},{"$f":"IF(INDIRECT(\"'MRO Certificate Printing'!I\"&((ROW()-2)*4)+5)=\"\",\"\",INDIRECT(\"'MRO Certificate Printing'!I\"&((ROW()-2)*4)+5))","v":""},{"$f":"IF(INDIRECT(\"'MRO Certificate Printing'!K\"&((ROW()-2)*4)+5)=\"\",\"\",INDIRECT(\"'MRO Certificate Printing'!K\"&((ROW()-2)*4)+5))","v":""}]
["",{"$f":"IF(INDIRECT(\"'MRO Certificate Printing'!D\"&((ROW()-2)*4)+2)=\"\",\"\",INDIRECT(\"'MRO Certificate Printing'!D\"&((ROW()-2)*4)+2))","v":""},{"$f":"IF(INDIRECT(\"'MRO Certificate Printing'!E\"&((ROW()-2)*4)+2)=\"\",\"\",INDIRECT(\"'MRO Certificate Printing'!E\"&((ROW()-2)*4)+2))","v":""},{"$f":"IF(INDIRECT(\"'MRO Certificate Printing'!F\"&((ROW()-2)*4)+2)=\"\",\"\",INDIRECT(\"'MRO Certificate Printing'!F\"&((ROW()-2)*4)+2))","v":""},{"$f":"IF(INDIRECT(\"'MRO Certificate Printing'!B\"&((ROW()-2)*4)+2)=\"\",\"\",INDIRECT(\"'MRO Certificate Printing'!B\"&((ROW()-2)*4)+2))","v":""},{"$f":"IF(INDIRECT(\"'MRO Certificate Printing'!G\"&((ROW()-2)*4)+2)=\"\",\"\",INDIRECT(\"'MRO Certificate Printing'!G\"&((ROW()-2)*4)+2))","v":""},{"$f":"IF(INDIRECT(\"'MRO Certificate Printing'!J\"&((ROW()-2)*4)+2)=\"\",\"\",INDIRECT(\"'MRO Certificate Printing'!J\"&((ROW()-2)*4)+2))","v":""},{"$f":"IF(INDIRECT(\"'MRO Certificate Printing'!I\"&((ROW()-2)*4)+2)=\"\",\"\",INDIRECT(\"'MRO Certificate Printing'!I\"&((ROW()-2)*4)+2))","v":""},{"$f":"IF(INDIRECT(\"'MRO Certificate Printing'!K\"&((ROW()-2)*4)+2)=\"\",\"\",INDIRECT(\"'MRO Certificate Printing'!K\"&((ROW()-2)*4)+2))","v":""},null,{"$f":"IF(INDIRECT(\"'MRO Certificate Printing'!D\"&((ROW()-2)*4)+3)=\"\",\"\",INDIRECT(\"'MRO Certificate Printing'!D\"&((ROW()-2)*4)+3))","v":""},{"$f":"IF(INDIRECT(\"'MRO Certificate Printing'!E\"&((ROW()-2)*4)+3)=\"\",\"\",INDIRECT(\"'MRO Certificate Printing'!E\"&((ROW()-2)*4)+3))","v":""},{"$f":"IF(INDIRECT(\"'MRO Certificate Printing'!F\"&((ROW()-2)*4)+3)=\"\",\"\",INDIRECT(\"'MRO Certificate Printing'!F\"&((ROW()-2)*4)+3))","v":""},{"$f":"IF(INDIRECT(\"'MRO Certificate Printing'!B\"&((ROW()-2)*4)+3)=\"\",\"\",INDIRECT(\"'MRO Certificate Printing'!B\"&((ROW()-2)*4)+3))","v":""},{"$f":"IF(INDIRECT(\"'MRO Certificate Printing'!G\"&((ROW()-2)*4)+3)=\"\",\"\",INDIRECT(\"'MRO Certificate Printing'!G\"&((ROW()-2)*4)+3))","v":""},{"$f":"IF(INDIRECT(\"'MRO Certificate Printing'!J\"&((ROW()-2)*4)+3)=\"\",\"\",INDIRECT(\"'MRO Certificate Printing'!J\"&((ROW()-2)*4)+3))","v":""},{"$f":"IF(INDIRECT(\"'MRO Certificate Printing'!I\"&((ROW()-2)*4)+3)=\"\",\"\",INDIRECT(\"'MRO Certificate Printing'!I\"&((ROW()-2)*4)+3))","v":""},{"$f":"IF(INDIRECT(\"'MRO Certificate Printing'!K\"&((ROW()-2)*4)+3)=\"\",\"\",INDIRECT(\"'MRO Certificate Printing'!K\"&((ROW()-2)*4)+3))","v":""},null,{"$f":"IF(INDIRECT(\"'MRO Certificate Printing'!D\"&((ROW()-2)*4)+4)=\"\",\"\",INDIRECT(\"'MRO Certificate Printing'!D\"&((ROW()-2)*4)+4))","v":""},{"$f":"IF(INDIRECT(\"'MRO Certificate Printing'!E\"&((ROW()-2)*4)+4)=\"\",\"\",INDIRECT(\"'MRO Certificate Printing'!E\"&((ROW()-2)*4)+4))","v":""},{"$f":"IF(INDIRECT(\"'MRO Certificate Printing'!F\"&((ROW()-2)*4)+4)=\"\",\"\",INDIRECT(\"'MRO Certificate Printing'!F\"&((ROW()-2)*4)+4))","v":""},{"$f":"IF(INDIRECT(\"'MRO Certificate Printing'!B\"&((ROW()-2)*4)+4)=\"\",\"\",INDIRECT(\"'MRO Certificate Printing'!B\"&((ROW()-2)*4)+4))","v":""},{"$f":"IF(INDIRECT(\"'MRO Certificate Printing'!G\"&((ROW()-2)*4)+4)=\"\",\"\",INDIRECT(\"'MRO Certificate Printing'!G\"&((ROW()-2)*4)+4))","v":""},{"$f":"IF(INDIRECT(\"'MRO Certificate Printing'!J\"&((ROW()-2)*4)+4)=\"\",\"\",INDIRECT(\"'MRO Certificate Printing'!J\"&((ROW()-2)*4)+4))","v":""},{"$f":"IF(INDIRECT(\"'MRO Certificate Printing'!I\"&((ROW()-2)*4)+4)=\"\",\"\",INDIRECT(\"'MRO Certificate Printing'!I\"&((ROW()-2)*4)+4))","v":""},{"$f":"IF(INDIRECT(\"'MRO Certificate Printing'!K\"&((ROW()-2)*4)+4)=\"\",\"\",INDIRECT(\"'MRO Certificate Printing'!K\"&((ROW()-2)*4)+4))","v":""},null,{"$f":"IF(INDIRECT(\"'MRO Certificate Printing'!D\"&((ROW()-2)*4)+5)=\"\",\"\",INDIRECT(\"'MRO Certificate Printing'!D\"&((ROW()-2)*4)+5))","v":""},{"$f":"IF(INDIRECT(\"'MRO Certificate Printing'!E\"&((ROW()-2)*4)+5)=\"\",\"\",INDIRECT(\"'MRO Certificate Printing'!E\"&((ROW()-2)*4)+5))","v":""},{"$f":"IF(INDIRECT(\"'MRO Certificate Printing'!F\"&((ROW()-2)*4)+5)=\"\",\"\",INDIRECT(\"'MRO Certificate Printing'!F\"&((ROW()-2)*4)+5))","v":""},{"$f":"IF(INDIRECT(\"'MRO Certificate Printing'!B\"&((ROW()-2)*4)+5)=\"\",\"\",INDIRECT(\"'MRO Certificate Printing'!B\"&((ROW()-2)*4)+5))","v":""},{"$f":"IF(INDIRECT(\"'MRO Certificate Printing'!G\"&((ROW()-2)*4)+5)=\"\",\"\",INDIRECT(\"'MRO Certificate Printing'!G\"&((ROW()-2)*4)+5))","v":""},{"$f":"IF(INDIRECT(\"'MRO Certificate Printing'!J\"&((ROW()-2)*4)+5)=\"\",\"\",INDIRECT(\"'MRO Certificate Printing'!J\"&((ROW()-2)*4)+5))","v":""},{"$f":"IF(INDIRECT(\"'MRO Certificate Printing'!I\"&((ROW()-2)*4)+5)=\"\",\"\",INDIRECT(\"'MRO Certificate Printing'!I\"&((ROW()-2)*4)+5))","v":""},{"$f":"IF(INDIRECT(\"'MRO Certificate Printing'!K\"&((ROW()-2)*4)+5)=\"\",\"\",INDIRECT(\"'MRO Certificate Printing'!K\"&((ROW()-2)*4)+5))","v":""}]
["",{"$f":"IF(INDIRECT(\"'MRO Certificate Printing'!D\"&((ROW()-2)*4)+2)=\"\",\"\",INDIRECT(\"'MRO Certificate Printing'!D\"&((ROW()-2)*4)+2))","v":""},{"$f":"IF(INDIRECT(\"'MRO Certificate Printing'!E\"&((ROW()-2)*4)+2)=\"\",\"\",INDIRECT(\"'MRO Certificate Printing'!E\"&((ROW()-2)*4)+2))","v":""},{"$f":"IF(INDIRECT(\"'MRO Certificate Printing'!F\"&((ROW()-2)*4)+2)=\"\",\"\",INDIRECT(\"'MRO Certificate Printing'!F\"&((ROW()-2)*4)+2))","v":""},{"$f":"IF(INDIRECT(\"'MRO Certificate Printing'!B\"&((ROW()-2)*4)+2)=\"\",\"\",INDIRECT(\"'MRO Certificate Printing'!B\"&((ROW()-2)*4)+2))","v":""},{"$f":"IF(INDIRECT(\"'MRO Certificate Printing'!G\"&((ROW()-2)*4)+2)=\"\",\"\",INDIRECT(\"'MRO Certificate Printing'!G\"&((ROW()-2)*4)+2))","v":""},{"$f":"IF(INDIRECT(\"'MRO Certificate Printing'!J\"&((ROW()-2)*4)+2)=\"\",\"\",INDIRECT(\"'MRO Certificate Printing'!J\"&((ROW()-2)*4)+2))","v":""},{"$f":"IF(INDIRECT(\"'MRO Certificate Printing'!I\"&((ROW()-2)*4)+2)=\"\",\"\",INDIRECT(\"'MRO Certificate Printing'!I\"&((ROW()-2)*4)+2))","v":""},{"$f":"IF(INDIRECT(\"'MRO Certificate Printing'!K\"&((ROW()-2)*4)+2)=\"\",\"\",INDIRECT(\"'MRO Certificate Printing'!K\"&((ROW()-2)*4)+2))","v":""},null,{"$f":"IF(INDIRECT(\"'MRO Certificate Printing'!D\"&((ROW()-2)*4)+3)=\"\",\"\",INDIRECT(\"'MRO Certificate Printing'!D\"&((ROW()-2)*4)+3))","v":""},{"$f":"IF(INDIRECT(\"'MRO Certificate Printing'!E\"&((ROW()-2)*4)+3)=\"\",\"\",INDIRECT(\"'MRO Certificate Printing'!E\"&((ROW()-2)*4)+3))","v":""},{"$f":"IF(INDIRECT(\"'MRO Certificate Printing'!F\"&((ROW()-2)*4)+3)=\"\",\"\",INDIRECT(\"'MRO Certificate Printing'!F\"&((ROW()-2)*4)+3))","v":""},{"$f":"IF(INDIRECT(\"'MRO Certificate Printing'!B\"&((ROW()-2)*4)+3)=\"\",\"\",INDIRECT(\"'MRO Certificate Printing'!B\"&((ROW()-2)*4)+3))","v":""},{"$f":"IF(INDIRECT(\"'MRO Certificate Printing'!G\"&((ROW()-2)*4)+3)=\"\",\"\",INDIRECT(\"'MRO Certificate Printing'!G\"&((ROW()-2)*4)+3))","v":""},{"$f":"IF(INDIRECT(\"'MRO Certificate Printing'!J\"&((ROW()-2)*4)+3)=\"\",\"\",INDIRECT(\"'MRO Certificate Printing'!J\"&((ROW()-2)*4)+3))","v":""},{"$f":"IF(INDIRECT(\"'MRO Certificate Printing'!I\"&((ROW()-2)*4)+3)=\"\",\"\",INDIRECT(\"'MRO Certificate Printing'!I\"&((ROW()-2)*4)+3))","v":""},{"$f":"IF(INDIRECT(\"'MRO Certificate Printing'!K\"&((ROW()-2)*4)+3)=\"\",\"\",INDIRECT(\"'MRO Certificate Printing'!K\"&((ROW()-2)*4)+3))","v":""},null,{"$f":"IF(INDIRECT(\"'MRO Certificate Printing'!D\"&((ROW()-2)*4)+4)=\"\",\"\",INDIRECT(\"'MRO Certificate Printing'!D\"&((ROW()-2)*4)+4))","v":""},{"$f":"IF(INDIRECT(\"'MRO Certificate Printing'!E\"&((ROW()-2)*4)+4)=\"\",\"\",INDIRECT(\"'MRO Certificate Printing'!E\"&((ROW()-2)*4)+4))","v":""},{"$f":"IF(INDIRECT(\"'MRO Certificate Printing'!F\"&((ROW()-2)*4)+4)=\"\",\"\",INDIRECT(\"'MRO Certificate Printing'!F\"&((ROW()-2)*4)+4))","v":""},{"$f":"IF(INDIRECT(\"'MRO Certificate Printing'!B\"&((ROW()-2)*4)+4)=\"\",\"\",INDIRECT(\"'MRO Certificate Printing'!B\"&((ROW()-2)*4)+4))","v":""},{"$f":"IF(INDIRECT(\"'MRO Certificate Printing'!G\"&((ROW()-2)*4)+4)=\"\",\"\",INDIRECT(\"'MRO Certificate Printing'!G\"&((ROW()-2)*4)+4))","v":""},{"$f":"IF(INDIRECT(\"'MRO Certificate Printing'!J\"&((ROW()-2)*4)+4)=\"\",\"\",INDIRECT(\"'MRO Certificate Printing'!J\"&((ROW()-2)*4)+4))","v":""},{"$f":"IF(INDIRECT(\"'MRO Certificate Printing'!I\"&((ROW()-2)*4)+4)=\"\",\"\",INDIRECT(\"'MRO Certificate Printing'!I\"&((ROW()-2)*4)+4))","v":""},{"$f":"IF(INDIRECT(\"'MRO Certificate Printing'!K\"&((ROW()-2)*4)+4)=\"\",\"\",INDIRECT(\"'MRO Certificate Printing'!K\"&((ROW()-2)*4)+4))","v":""},null,{"$f":"IF(INDIRECT(\"'MRO Certificate Printing'!D\"&((ROW()-2)*4)+5)=\"\",\"\",INDIRECT(\"'MRO Certificate Printing'!D\"&((ROW()-2)*4)+5))","v":""},{"$f":"IF(INDIRECT(\"'MRO Certificate Printing'!E\"&((ROW()-2)*4)+5)=\"\",\"\",INDIRECT(\"'MRO Certificate Printing'!E\"&((ROW()-2)*4)+5))","v":""},{"$f":"IF(INDIRECT(\"'MRO Certificate Printing'!F\"&((ROW()-2)*4)+5)=\"\",\"\",INDIRECT(\"'MRO Certificate Printing'!F\"&((ROW()-2)*4)+5))","v":""},{"$f":"IF(INDIRECT(\"'MRO Certificate Printing'!B\"&((ROW()-2)*4)+5)=\"\",\"\",INDIRECT(\"'MRO Certificate Printing'!B\"&((ROW()-2)*4)+5))","v":""},{"$f":"IF(INDIRECT(\"'MRO Certificate Printing'!G\"&((ROW()-2)*4)+5)=\"\",\"\",INDIRECT(\"'MRO Certificate Printing'!G\"&((ROW()-2)*4)+5))","v":""},{"$f":"IF(INDIRECT(\"'MRO Certificate Printing'!J\"&((ROW()-2)*4)+5)=\"\",\"\",INDIRECT(\"'MRO Certificate Printing'!J\"&((ROW()-2)*4)+5))","v":""},{"$f":"IF(INDIRECT(\"'MRO Certificate Printing'!I\"&((ROW()-2)*4)+5)=\"\",\"\",INDIRECT(\"'MRO Certificate Printing'!I\"&((ROW()-2)*4)+5))","v":""},{"$f":"IF(INDIRECT(\"'MRO Certificate Printing'!K\"&((ROW()-2)*4)+5)=\"\",\"\",INDIRECT(\"'MRO Certificate Printing'!K\"&((ROW()-2)*4)+5))","v":""}]
["",{"$f":"IF(INDIRECT(\"'MRO Certificate Printing'!D\"&((ROW()-2)*4)+2)=\"\",\"\",INDIRECT(\"'MRO Certificate Printing'!D\"&((ROW()-2)*4)+2))","v":""},{"$f":"IF(INDIRECT(\"'MRO Certificate Printing'!E\"&((ROW()-2)*4)+2)=\"\",\"\",INDIRECT(\"'MRO Certificate Printing'!E\"&((ROW()-2)*4)+2))","v":""},{"$f":"IF(INDIRECT(\"'MRO Certificate Printing'!F\"&((ROW()-2)*4)+2)=\"\",\"\",INDIRECT(\"'MRO Certificate Printing'!F\"&((ROW()-2)*4)+2))","v":""},{"$f":"IF(INDIRECT(\"'MRO Certificate Printing'!B\"&((ROW()-2)*4)+2)=\"\",\"\",INDIRECT(\"'MRO Certificate Printing'!B\"&((ROW()-2)*4)+2))","v":""},{"$f":"IF(INDIRECT(\"'MRO Certificate Printing'!G\"&((ROW()-2)*4)+2)=\"\",\"\",INDIRECT(\"'MRO Certificate Printing'!G\"&((ROW()-2)*4)+2))","v":""},{"$f":"IF(INDIRECT(\"'MRO Certificate Printing'!J\"&((ROW()-2)*4)+2)=\"\",\"\",INDIRECT(\"'MRO Certificate Printing'!J\"&((ROW()-2)*4)+2))","v":""},{"$f":"IF(INDIRECT(\"'MRO Certificate Printing'!I\"&((ROW()-2)*4)+2)=\"\",\"\",INDIRECT(\"'MRO Certificate Printing'!I\"&((ROW()-2)*4)+2))","v":""},{"$f":"IF(INDIRECT(\"'MRO Certificate Printing'!K\"&((ROW()-2)*4)+2)=\"\",\"\",INDIRECT(\"'MRO Certificate Printing'!K\"&((ROW()-2)*4)+2))","v":""},null,{"$f":"IF(INDIRECT(\"'MRO Certificate Printing'!D\"&((ROW()-2)*4)+3)=\"\",\"\",INDIRECT(\"'MRO Certificate Printing'!D\"&((ROW()-2)*4)+3))","v":""},{"$f":"IF(INDIRECT(\"'MRO Certificate Printing'!E\"&((ROW()-2)*4)+3)=\"\",\"\",INDIRECT(\"'MRO Certificate Printing'!E\"&((ROW()-2)*4)+3))","v":""},{"$f":"IF(INDIRECT(\"'MRO Certificate Printing'!F\"&((ROW()-2)*4)+3)=\"\",\"\",INDIRECT(\"'MRO Certificate Printing'!F\"&((ROW()-2)*4)+3))","v":""},{"$f":"IF(INDIRECT(\"'MRO Certificate Printing'!B\"&((ROW()-2)*4)+3)=\"\",\"\",INDIRECT(\"'MRO Certificate Printing'!B\"&((ROW()-2)*4)+3))","v":""},{"$f":"IF(INDIRECT(\"'MRO Certificate Printing'!G\"&((ROW()-2)*4)+3)=\"\",\"\",INDIRECT(\"'MRO Certificate Printing'!G\"&((ROW()-2)*4)+3))","v":""},{"$f":"IF(INDIRECT(\"'MRO Certificate Printing'!J\"&((ROW()-2)*4)+3)=\"\",\"\",INDIRECT(\"'MRO Certificate Printing'!J\"&((ROW()-2)*4)+3))","v":""},{"$f":"IF(INDIRECT(\"'MRO Certificate Printing'!I\"&((ROW()-2)*4)+3)=\"\",\"\",INDIRECT(\"'MRO Certificate Printing'!I\"&((ROW()-2)*4)+3))","v":""},{"$f":"IF(INDIRECT(\"'MRO Certificate Printing'!K\"&((ROW()-2)*4)+3)=\"\",\"\",INDIRECT(\"'MRO Certificate Printing'!K\"&((ROW()-2)*4)+3))","v":""},null,{"$f":"IF(INDIRECT(\"'MRO Certificate Printing'!D\"&((ROW()-2)*4)+4)=\"\",\"\",INDIRECT(\"'MRO Certificate Printing'!D\"&((ROW()-2)*4)+4))","v":""},{"$f":"IF(INDIRECT(\"'MRO Certificate Printing'!E\"&((ROW()-2)*4)+4)=\"\",\"\",INDIRECT(\"'MRO Certificate Printing'!E\"&((ROW()-2)*4)+4))","v":""},{"$f":"IF(INDIRECT(\"'MRO Certificate Printing'!F\"&((ROW()-2)*4)+4)=\"\",\"\",INDIRECT(\"'MRO Certificate Printing'!F\"&((ROW()-2)*4)+4))","v":""},{"$f":"IF(INDIRECT(\"'MRO Certificate Printing'!B\"&((ROW()-2)*4)+4)=\"\",\"\",INDIRECT(\"'MRO Certificate Printing'!B\"&((ROW()-2)*4)+4))","v":""},{"$f":"IF(INDIRECT(\"'MRO Certificate Printing'!G\"&((ROW()-2)*4)+4)=\"\",\"\",INDIRECT(\"'MRO Certificate Printing'!G\"&((ROW()-2)*4)+4))","v":""},{"$f":"IF(INDIRECT(\"'MRO Certificate Printing'!J\"&((ROW()-2)*4)+4)=\"\",\"\",INDIRECT(\"'MRO Certificate Printing'!J\"&((ROW()-2)*4)+4))","v":""},{"$f":"IF(INDIRECT(\"'MRO Certificate Printing'!I\"&((ROW()-2)*4)+4)=\"\",\"\",INDIRECT(\"'MRO Certificate Printing'!I\"&((ROW()-2)*4)+4))","v":""},{"$f":"IF(INDIRECT(\"'MRO Certificate Printing'!K\"&((ROW()-2)*4)+4)=\"\",\"\",INDIRECT(\"'MRO Certificate Printing'!K\"&((ROW()-2)*4)+4))","v":""},null,{"$f":"IF(INDIRECT(\"'MRO Certificate Printing'!D\"&((ROW()-2)*4)+5)=\"\",\"\",INDIRECT(\"'MRO Certificate Printing'!D\"&((ROW()-2)*4)+5))","v":""},{"$f":"IF(INDIRECT(\"'MRO Certificate Printing'!E\"&((ROW()-2)*4)+5)=\"\",\"\",INDIRECT(\"'MRO Certificate Printing'!E\"&((ROW()-2)*4)+5))","v":""},{"$f":"IF(INDIRECT(\"'MRO Certificate Printing'!F\"&((ROW()-2)*4)+5)=\"\",\"\",INDIRECT(\"'MRO Certificate Printing'!F\"&((ROW()-2)*4)+5))","v":""},{"$f":"IF(INDIRECT(\"'MRO Certificate Printing'!B\"&((ROW()-2)*4)+5)=\"\",\"\",INDIRECT(\"'MRO Certificate Printing'!B\"&((ROW()-2)*4)+5))","v":""},{"$f":"IF(INDIRECT(\"'MRO Certificate Printing'!G\"&((ROW()-2)*4)+5)=\"\",\"\",INDIRECT(\"'MRO Certificate Printing'!G\"&((ROW()-2)*4)+5))","v":""},{"$f":"IF(INDIRECT(\"'MRO Certificate Printing'!J\"&((ROW()-2)*4)+5)=\"\",\"\",INDIRECT(\"'MRO Certificate Printing'!J\"&((ROW()-2)*4)+5))","v":""},{"$f":"IF(INDIRECT(\"'MRO Certificate Printing'!I\"&((ROW()-2)*4)+5)=\"\",\"\",INDIRECT(\"'MRO Certificate Printing'!I\"&((ROW()-2)*4)+5))","v":""},{"$f":"IF(INDIRECT(\"'MRO Certificate Printing'!K\"&((ROW()-2)*4)+5)=\"\",\"\",INDIRECT(\"'MRO Certificate Printing'!K\"&((ROW()-2)*4)+5))","v":""}]
["",{"$f":"IF(INDIRECT(\"'MRO Certificate Printing'!D\"&((ROW()-2)*4)+2)=\"\",\"\",INDIRECT(\"'MRO Certificate Printing'!D\"&((ROW()-2)*4)+2))","v":""},{"$f":"IF(INDIRECT(\"'MRO Certificate Printing'!E\"&((ROW()-2)*4)+2)=\"\",\"\",INDIRECT(\"'MRO Certificate Printing'!E\"&((ROW()-2)*4)+2))","v":""},{"$f":"IF(INDIRECT(\"'MRO Certificate Printing'!F\"&((ROW()-2)*4)+2)=\"\",\"\",INDIRECT(\"'MRO Certificate Printing'!F\"&((ROW()-2)*4)+2))","v":""},{"$f":"IF(INDIRECT(\"'MRO Certificate Printing'!B\"&((ROW()-2)*4)+2)=\"\",\"\",INDIRECT(\"'MRO Certificate Printing'!B\"&((ROW()-2)*4)+2))","v":""},{"$f":"IF(INDIRECT(\"'MRO Certificate Printing'!G\"&((ROW()-2)*4)+2)=\"\",\"\",INDIRECT(\"'MRO Certificate Printing'!G\"&((ROW()-2)*4)+2))","v":""},{"$f":"IF(INDIRECT(\"'MRO Certificate Printing'!J\"&((ROW()-2)*4)+2)=\"\",\"\",INDIRECT(\"'MRO Certificate Printing'!J\"&((ROW()-2)*4)+2))","v":""},{"$f":"IF(INDIRECT(\"'MRO Certificate Printing'!I\"&((ROW()-2)*4)+2)=\"\",\"\",INDIRECT(\"'MRO Certificate Printing'!I\"&((ROW()-2)*4)+2))","v":""},{"$f":"IF(INDIRECT(\"'MRO Certificate Printing'!K\"&((ROW()-2)*4)+2)=\"\",\"\",INDIRECT(\"'MRO Certificate Printing'!K\"&((ROW()-2)*4)+2))","v":""},null,{"$f":"IF(INDIRECT(\"'MRO Certificate Printing'!D\"&((ROW()-2)*4)+3)=\"\",\"\",INDIRECT(\"'MRO Certificate Printing'!D\"&((ROW()-2)*4)+3))","v":""},{"$f":"IF(INDIRECT(\"'MRO Certificate Printing'!E\"&((ROW()-2)*4)+3)=\"\",\"\",INDIRECT(\"'MRO Certificate Printing'!E\"&((ROW()-2)*4)+3))","v":""},{"$f":"IF(INDIRECT(\"'MRO Certificate Printing'!F\"&((ROW()-2)*4)+3)=\"\",\"\",INDIRECT(\"'MRO Certificate Printing'!F\"&((ROW()-2)*4)+3))","v":""},{"$f":"IF(INDIRECT(\"'MRO Certificate Printing'!B\"&((ROW()-2)*4)+3)=\"\",\"\",INDIRECT(\"'MRO Certificate Printing'!B\"&((ROW()-2)*4)+3))","v":""},{"$f":"IF(INDIRECT(\"'MRO Certificate Printing'!G\"&((ROW()-2)*4)+3)=\"\",\"\",INDIRECT(\"'MRO Certificate Printing'!G\"&((ROW()-2)*4)+3))","v":""},{"$f":"IF(INDIRECT(\"'MRO Certificate Printing'!J\"&((ROW()-2)*4)+3)=\"\",\"\",INDIRECT(\"'MRO Certificate Printing'!J\"&((ROW()-2)*4)+3))","v":""},{"$f":"IF(INDIRECT(\"'MRO Certificate Printing'!I\"&((ROW()-2)*4)+3)=\"\",\"\",INDIRECT(\"'MRO Certificate Printing'!I\"&((ROW()-2)*4)+3))","v":""},{"$f":"IF(INDIRECT(\"'MRO Certificate Printing'!K\"&((ROW()-2)*4)+3)=\"\",\"\",INDIRECT(\"'MRO Certificate Printing'!K\"&((ROW()-2)*4)+3))","v":""},null,{"$f":"IF(INDIRECT(\"'MRO Certificate Printing'!D\"&((ROW()-2)*4)+4)=\"\",\"\",INDIRECT(\"'MRO Certificate Printing'!D\"&((ROW()-2)*4)+4))","v":""},{"$f":"IF(INDIRECT(\"'MRO Certificate Printing'!E\"&((ROW()-2)*4)+4)=\"\",\"\",INDIRECT(\"'MRO Certificate Printing'!E\"&((ROW()-2)*4)+4))","v":""},{"$f":"IF(INDIRECT(\"'MRO Certificate Printing'!F\"&((ROW()-2)*4)+4)=\"\",\"\",INDIRECT(\"'MRO Certificate Printing'!F\"&((ROW()-2)*4)+4))","v":""},{"$f":"IF(INDIRECT(\"'MRO Certificate Printing'!B\"&((ROW()-2)*4)+4)=\"\",\"\",INDIRECT(\"'MRO Certificate Printing'!B\"&((ROW()-2)*4)+4))","v":""},{"$f":"IF(INDIRECT(\"'MRO Certificate Printing'!G\"&((ROW()-2)*4)+4)=\"\",\"\",INDIRECT(\"'MRO Certificate Printing'!G\"&((ROW()-2)*4)+4))","v":""},{"$f":"IF(INDIRECT(\"'MRO Certificate Printing'!J\"&((ROW()-2)*4)+4)=\"\",\"\",INDIRECT(\"'MRO Certificate Printing'!J\"&((ROW()-2)*4)+4))","v":""},{"$f":"IF(INDIRECT(\"'MRO Certificate Printing'!I\"&((ROW()-2)*4)+4)=\"\",\"\",INDIRECT(\"'MRO Certificate Printing'!I\"&((ROW()-2)*4)+4))","v":""},{"$f":"IF(INDIRECT(\"'MRO Certificate Printing'!K\"&((ROW()-2)*4)+4)=\"\",\"\",INDIRECT(\"'MRO Certificate Printing'!K\"&((ROW()-2)*4)+4))","v":""},null,{"$f":"IF(INDIRECT(\"'MRO Certificate Printing'!D\"&((ROW()-2)*4)+5)=\"\",\"\",INDIRECT(\"'MRO Certificate Printing'!D\"&((ROW()-2)*4)+5))","v":""},{"$f":"IF(INDIRECT(\"'MRO Certificate Printing'!E\"&((ROW()-2)*4)+5)=\"\",\"\",INDIRECT(\"'MRO Certificate Printing'!E\"&((ROW()-2)*4)+5))","v":""},{"$f":"IF(INDIRECT(\"'MRO Certificate Printing'!F\"&((ROW()-2)*4)+5)=\"\",\"\",INDIRECT(\"'MRO Certificate Printing'!F\"&((ROW()-2)*4)+5))","v":""},{"$f":"IF(INDIRECT(\"'MRO Certificate Printing'!B\"&((ROW()-2)*4)+5)=\"\",\"\",INDIRECT(\"'MRO Certificate Printing'!B\"&((ROW()-2)*4)+5))","v":""},{"$f":"IF(INDIRECT(\"'MRO Certificate Printing'!G\"&((ROW()-2)*4)+5)=\"\",\"\",INDIRECT(\"'MRO Certificate Printing'!G\"&((ROW()-2)*4)+5))","v":""},{"$f":"IF(INDIRECT(\"'MRO Certificate Printing'!J\"&((ROW()-2)*4)+5)=\"\",\"\",INDIRECT(\"'MRO Certificate Printing'!J\"&((ROW()-2)*4)+5))","v":""},{"$f":"IF(INDIRECT(\"'MRO Certificate Printing'!I\"&((ROW()-2)*4)+5)=\"\",\"\",INDIRECT(\"'MRO Certificate Printing'!I\"&((ROW()-2)*4)+5))","v":""},{"$f":"IF(INDIRECT(\"'MRO Certificate Printing'!K\"&((ROW()-2)*4)+5)=\"\",\"\",INDIRECT(\"'MRO Certificate Printing'!K\"&((ROW()-2)*4)+5))","v":""}]
["",{"$f":"IF(INDIRECT(\"'MRO Certificate Printing'!D\"&((ROW()-2)*4)+2)=\"\",\"\",INDIRECT(\"'MRO Certificate Printing'!D\"&((ROW()-2)*4)+2))","v":""},{"$f":"IF(INDIRECT(\"'MRO Certificate Printing'!E\"&((ROW()-2)*4)+2)=\"\",\"\",INDIRECT(\"'MRO Certificate Printing'!E\"&((ROW()-2)*4)+2))","v":""},{"$f":"IF(INDIRECT(\"'MRO Certificate Printing'!F\"&((ROW()-2)*4)+2)=\"\",\"\",INDIRECT(\"'MRO Certificate Printing'!F\"&((ROW()-2)*4)+2))","v":""},{"$f":"IF(INDIRECT(\"'MRO Certificate Printing'!B\"&((ROW()-2)*4)+2)=\"\",\"\",INDIRECT(\"'MRO Certificate Printing'!B\"&((ROW()-2)*4)+2))","v":""},{"$f":"IF(INDIRECT(\"'MRO Certificate Printing'!G\"&((ROW()-2)*4)+2)=\"\",\"\",INDIRECT(\"'MRO Certificate Printing'!G\"&((ROW()-2)*4)+2))","v":""},{"$f":"IF(INDIRECT(\"'MRO Certificate Printing'!J\"&((ROW()-2)*4)+2)=\"\",\"\",INDIRECT(\"'MRO Certificate Printing'!J\"&((ROW()-2)*4)+2))","v":""},{"$f":"IF(INDIRECT(\"'MRO Certificate Printing'!I\"&((ROW()-2)*4)+2)=\"\",\"\",INDIRECT(\"'MRO Certificate Printing'!I\"&((ROW()-2)*4)+2))","v":""},{"$f":"IF(INDIRECT(\"'MRO Certificate Printing'!K\"&((ROW()-2)*4)+2)=\"\",\"\",INDIRECT(\"'MRO Certificate Printing'!K\"&((ROW()-2)*4)+2))","v":""},null,{"$f":"IF(INDIRECT(\"'MRO Certificate Printing'!D\"&((ROW()-2)*4)+3)=\"\",\"\",INDIRECT(\"'MRO Certificate Printing'!D\"&((ROW()-2)*4)+3))","v":""},{"$f":"IF(INDIRECT(\"'MRO Certificate Printing'!E\"&((ROW()-2)*4)+3)=\"\",\"\",INDIRECT(\"'MRO Certificate Printing'!E\"&((ROW()-2)*4)+3))","v":""},{"$f":"IF(INDIRECT(\"'MRO Certificate Printing'!F\"&((ROW()-2)*4)+3)=\"\",\"\",INDIRECT(\"'MRO Certificate Printing'!F\"&((ROW()-2)*4)+3))","v":""},{"$f":"IF(INDIRECT(\"'MRO Certificate Printing'!B\"&((ROW()-2)*4)+3)=\"\",\"\",INDIRECT(\"'MRO Certificate Printing'!B\"&((ROW()-2)*4)+3))","v":""},{"$f":"IF(INDIRECT(\"'MRO Certificate Printing'!G\"&((ROW()-2)*4)+3)=\"\",\"\",INDIRECT(\"'MRO Certificate Printing'!G\"&((ROW()-2)*4)+3))","v":""},{"$f":"IF(INDIRECT(\"'MRO Certificate Printing'!J\"&((ROW()-2)*4)+3)=\"\",\"\",INDIRECT(\"'MRO Certificate Printing'!J\"&((ROW()-2)*4)+3))","v":""},{"$f":"IF(INDIRECT(\"'MRO Certificate Printing'!I\"&((ROW()-2)*4)+3)=\"\",\"\",INDIRECT(\"'MRO Certificate Printing'!I\"&((ROW()-2)*4)+3))","v":""},{"$f":"IF(INDIRECT(\"'MRO Certificate Printing'!K\"&((ROW()-2)*4)+3)=\"\",\"\",INDIRECT(\"'MRO Certificate Printing'!K\"&((ROW()-2)*4)+3))","v":""},null,{"$f":"IF(INDIRECT(\"'MRO Certificate Printing'!D\"&((ROW()-2)*4)+4)=\"\",\"\",INDIRECT(\"'MRO Certificate Printing'!D\"&((ROW()-2)*4)+4))","v":""},{"$f":"IF(INDIRECT(\"'MRO Certificate Printing'!E\"&((ROW()-2)*4)+4)=\"\",\"\",INDIRECT(\"'MRO Certificate Printing'!E\"&((ROW()-2)*4)+4))","v":""},{"$f":"IF(INDIRECT(\"'MRO Certificate Printing'!F\"&((ROW()-2)*4)+4)=\"\",\"\",INDIRECT(\"'MRO Certificate Printing'!F\"&((ROW()-2)*4)+4))","v":""},{"$f":"IF(INDIRECT(\"'MRO Certificate Printing'!B\"&((ROW()-2)*4)+4)=\"\",\"\",INDIRECT(\"'MRO Certificate Printing'!B\"&((ROW()-2)*4)+4))","v":""},{"$f":"IF(INDIRECT(\"'MRO Certificate Printing'!G\"&((ROW()-2)*4)+4)=\"\",\"\",INDIRECT(\"'MRO Certificate Printing'!G\"&((ROW()-2)*4)+4))","v":""},{"$f":"IF(INDIRECT(\"'MRO Certificate Printing'!J\"&((ROW()-2)*4)+4)=\"\",\"\",INDIRECT(\"'MRO Certificate Printing'!J\"&((ROW()-2)*4)+4))","v":""},{"$f":"IF(INDIRECT(\"'MRO Certificate Printing'!I\"&((ROW()-2)*4)+4)=\"\",\"\",INDIRECT(\"'MRO Certificate Printing'!I\"&((ROW()-2)*4)+4))","v":""},{"$f":"IF(INDIRECT(\"'MRO Certificate Printing'!K\"&((ROW()-2)*4)+4)=\"\",\"\",INDIRECT(\"'MRO Certificate Printing'!K\"&((ROW()-2)*4)+4))","v":""},null,{"$f":"IF(INDIRECT(\"'MRO Certificate Printing'!D\"&((ROW()-2)*4)+5)=\"\",\"\",INDIRECT(\"'MRO Certificate Printing'!D\"&((ROW()-2)*4)+5))","v":""},{"$f":"IF(INDIRECT(\"'MRO Certificate Printing'!E\"&((ROW()-2)*4)+5)=\"\",\"\",INDIRECT(\"'MRO Certificate Printing'!E\"&((ROW()-2)*4)+5))","v":""},{"$f":"IF(INDIRECT(\"'MRO Certificate Printing'!F\"&((ROW()-2)*4)+5)=\"\",\"\",INDIRECT(\"'MRO Certificate Printing'!F\"&((ROW()-2)*4)+5))","v":""},{"$f":"IF(INDIRECT(\"'MRO Certificate Printing'!B\"&((ROW()-2)*4)+5)=\"\",\"\",INDIRECT(\"'MRO Certificate Printing'!B\"&((ROW()-2)*4)+5))","v":""},{"$f":"IF(INDIRECT(\"'MRO Certificate Printing'!G\"&((ROW()-2)*4)+5)=\"\",\"\",INDIRECT(\"'MRO Certificate Printing'!G\"&((ROW()-2)*4)+5))","v":""},{"$f":"IF(INDIRECT(\"'MRO Certificate Printing'!J\"&((ROW()-2)*4)+5)=\"\",\"\",INDIRECT(\"'MRO Certificate Printing'!J\"&((ROW()-2)*4)+5))","v":""},{"$f":"IF(INDIRECT(\"'MRO Certificate Printing'!I\"&((ROW()-2)*4)+5)=\"\",\"\",INDIRECT(\"'MRO Certificate Printing'!I\"&((ROW()-2)*4)+5))","v":""},{"$f":"IF(INDIRECT(\"'MRO Certificate Printing'!K\"&((ROW()-2)*4)+5)=\"\",\"\",INDIRECT(\"'MRO Certificate Printing'!K\"&((ROW()-2)*4)+5))","v":""}]
["",{"$f":"IF(INDIRECT(\"'MRO Certificate Printing'!D\"&((ROW()-2)*4)+2)=\"\",\"\",INDIRECT(\"'MRO Certificate Printing'!D\"&((ROW()-2)*4)+2))","v":""},{"$f":"IF(INDIRECT(\"'MRO Certificate Printing'!E\"&((ROW()-2)*4)+2)=\"\",\"\",INDIRECT(\"'MRO Certificate Printing'!E\"&((ROW()-2)*4)+2))","v":""},{"$f":"IF(INDIRECT(\"'MRO Certificate Printing'!F\"&((ROW()-2)*4)+2)=\"\",\"\",INDIRECT(\"'MRO Certificate Printing'!F\"&((ROW()-2)*4)+2))","v":""},{"$f":"IF(INDIRECT(\"'MRO Certificate Printing'!B\"&((ROW()-2)*4)+2)=\"\",\"\",INDIRECT(\"'MRO Certificate Printing'!B\"&((ROW()-2)*4)+2))","v":""},{"$f":"IF(INDIRECT(\"'MRO Certificate Printing'!G\"&((ROW()-2)*4)+2)=\"\",\"\",INDIRECT(\"'MRO Certificate Printing'!G\"&((ROW()-2)*4)+2))","v":""},{"$f":"IF(INDIRECT(\"'MRO Certificate Printing'!J\"&((ROW()-2)*4)+2)=\"\",\"\",INDIRECT(\"'MRO Certificate Printing'!J\"&((ROW()-2)*4)+2))","v":""},{"$f":"IF(INDIRECT(\"'MRO Certificate Printing'!I\"&((ROW()-2)*4)+2)=\"\",\"\",INDIRECT(\"'MRO Certificate Printing'!I\"&((ROW()-2)*4)+2))","v":""},{"$f":"IF(INDIRECT(\"'MRO Certificate Printing'!K\"&((ROW()-2)*4)+2)=\"\",\"\",INDIRECT(\"'MRO Certificate Printing'!K\"&((ROW()-2)*4)+2))","v":""},null,{"$f":"IF(INDIRECT(\"'MRO Certificate Printing'!D\"&((ROW()-2)*4)+3)=\"\",\"\",INDIRECT(\"'MRO Certificate Printing'!D\"&((ROW()-2)*4)+3))","v":""},{"$f":"IF(INDIRECT(\"'MRO Certificate Printing'!E\"&((ROW()-2)*4)+3)=\"\",\"\",INDIRECT(\"'MRO Certificate Printing'!E\"&((ROW()-2)*4)+3))","v":""},{"$f":"IF(INDIRECT(\"'MRO Certificate Printing'!F\"&((ROW()-2)*4)+3)=\"\",\"\",INDIRECT(\"'MRO Certificate Printing'!F\"&((ROW()-2)*4)+3))","v":""},{"$f":"IF(INDIRECT(\"'MRO Certificate Printing'!B\"&((ROW()-2)*4)+3)=\"\",\"\",INDIRECT(\"'MRO Certificate Printing'!B\"&((ROW()-2)*4)+3))","v":""},{"$f":"IF(INDIRECT(\"'MRO Certificate Printing'!G\"&((ROW()-2)*4)+3)=\"\",\"\",INDIRECT(\"'MRO Certificate Printing'!G\"&((ROW()-2)*4)+3))","v":""},{"$f":"IF(INDIRECT(\"'MRO Certificate Printing'!J\"&((ROW()-2)*4)+3)=\"\",\"\",INDIRECT(\"'MRO Certificate Printing'!J\"&((ROW()-2)*4)+3))","v":""},{"$f":"IF(INDIRECT(\"'MRO Certificate Printing'!I\"&((ROW()-2)*4)+3)=\"\",\"\",INDIRECT(\"'MRO Certificate Printing'!I\"&((ROW()-2)*4)+3))","v":""},{"$f":"IF(INDIRECT(\"'MRO Certificate Printing'!K\"&((ROW()-2)*4)+3)=\"\",\"\",INDIRECT(\"'MRO Certificate Printing'!K\"&((ROW()-2)*4)+3))","v":""},null,{"$f":"IF(INDIRECT(\"'MRO Certificate Printing'!D\"&((ROW()-2)*4)+4)=\"\",\"\",INDIRECT(\"'MRO Certificate Printing'!D\"&((ROW()-2)*4)+4))","v":""},{"$f":"IF(INDIRECT(\"'MRO Certificate Printing'!E\"&((ROW()-2)*4)+4)=\"\",\"\",INDIRECT(\"'MRO Certificate Printing'!E\"&((ROW()-2)*4)+4))","v":""},{"$f":"IF(INDIRECT(\"'MRO Certificate Printing'!F\"&((ROW()-2)*4)+4)=\"\",\"\",INDIRECT(\"'MRO Certificate Printing'!F\"&((ROW()-2)*4)+4))","v":""},{"$f":"IF(INDIRECT(\"'MRO Certificate Printing'!B\"&((ROW()-2)*4)+4)=\"\",\"\",INDIRECT(\"'MRO Certificate Printing'!B\"&((ROW()-2)*4)+4))","v":""},{"$f":"IF(INDIRECT(\"'MRO Certificate Printing'!G\"&((ROW()-2)*4)+4)=\"\",\"\",INDIRECT(\"'MRO Certificate Printing'!G\"&((ROW()-2)*4)+4))","v":""},{"$f":"IF(INDIRECT(\"'MRO Certificate Printing'!J\"&((ROW()-2)*4)+4)=\"\",\"\",INDIRECT(\"'MRO Certificate Printing'!J\"&((ROW()-2)*4)+4))","v":""},{"$f":"IF(INDIRECT(\"'MRO Certificate Printing'!I\"&((ROW()-2)*4)+4)=\"\",\"\",INDIRECT(\"'MRO Certificate Printing'!I\"&((ROW()-2)*4)+4))","v":""},{"$f":"IF(INDIRECT(\"'MRO Certificate Printing'!K\"&((ROW()-2)*4)+4)=\"\",\"\",INDIRECT(\"'MRO Certificate Printing'!K\"&((ROW()-2)*4)+4))","v":""},null,{"$f":"IF(INDIRECT(\"'MRO Certificate Printing'!D\"&((ROW()-2)*4)+5)=\"\",\"\",INDIRECT(\"'MRO Certificate Printing'!D\"&((ROW()-2)*4)+5))","v":""},{"$f":"IF(INDIRECT(\"'MRO Certificate Printing'!E\"&((ROW()-2)*4)+5)=\"\",\"\",INDIRECT(\"'MRO Certificate Printing'!E\"&((ROW()-2)*4)+5))","v":""},{"$f":"IF(INDIRECT(\"'MRO Certificate Printing'!F\"&((ROW()-2)*4)+5)=\"\",\"\",INDIRECT(\"'MRO Certificate Printing'!F\"&((ROW()-2)*4)+5))","v":""},{"$f":"IF(INDIRECT(\"'MRO Certificate Printing'!B\"&((ROW()-2)*4)+5)=\"\",\"\",INDIRECT(\"'MRO Certificate Printing'!B\"&((ROW()-2)*4)+5))","v":""},{"$f":"IF(INDIRECT(\"'MRO Certificate Printing'!G\"&((ROW()-2)*4)+5)=\"\",\"\",INDIRECT(\"'MRO Certificate Printing'!G\"&((ROW()-2)*4)+5))","v":""},{"$f":"IF(INDIRECT(\"'MRO Certificate Printing'!J\"&((ROW()-2)*4)+5)=\"\",\"\",INDIRECT(\"'MRO Certificate Printing'!J\"&((ROW()-2)*4)+5))","v":""},{"$f":"IF(INDIRECT(\"'MRO Certificate Printing'!I\"&((ROW()-2)*4)+5)=\"\",\"\",INDIRECT(\"'MRO Certificate Printing'!I\"&((ROW()-2)*4)+5))","v":""},{"$f":"IF(INDIRECT(\"'MRO Certificate Printing'!K\"&((ROW()-2)*4)+5)=\"\",\"\",INDIRECT(\"'MRO Certificate Printing'!K\"&((ROW()-2)*4)+5))","v":""}]
["",{"$f":"IF(INDIRECT(\"'MRO Certificate Printing'!D\"&((ROW()-2)*4)+2)=\"\",\"\",INDIRECT(\"'MRO Certificate Printing'!D\"&((ROW()-2)*4)+2))","v":""},{"$f":"IF(INDIRECT(\"'MRO Certificate Printing'!E\"&((ROW()-2)*4)+2)=\"\",\"\",INDIRECT(\"'MRO Certificate Printing'!E\"&((ROW()-2)*4)+2))","v":""},{"$f":"IF(INDIRECT(\"'MRO Certificate Printing'!F\"&((ROW()-2)*4)+2)=\"\",\"\",INDIRECT(\"'MRO Certificate Printing'!F\"&((ROW()-2)*4)+2))","v":""},{"$f":"IF(INDIRECT(\"'MRO Certificate Printing'!B\"&((ROW()-2)*4)+2)=\"\",\"\",INDIRECT(\"'MRO Certificate Printing'!B\"&((ROW()-2)*4)+2))","v":""},{"$f":"IF(INDIRECT(\"'MRO Certificate Printing'!G\"&((ROW()-2)*4)+2)=\"\",\"\",INDIRECT(\"'MRO Certificate Printing'!G\"&((ROW()-2)*4)+2))","v":""},{"$f":"IF(INDIRECT(\"'MRO Certificate Printing'!J\"&((ROW()-2)*4)+2)=\"\",\"\",INDIRECT(\"'MRO Certificate Printing'!J\"&((ROW()-2)*4)+2))","v":""},{"$f":"IF(INDIRECT(\"'MRO Certificate Printing'!I\"&((ROW()-2)*4)+2)=\"\",\"\",INDIRECT(\"'MRO Certificate Printing'!I\"&((ROW()-2)*4)+2))","v":""},{"$f":"IF(INDIRECT(\"'MRO Certificate Printing'!K\"&((ROW()-2)*4)+2)=\"\",\"\",INDIRECT(\"'MRO Certificate Printing'!K\"&((ROW()-2)*4)+2))","v":""},null,{"$f":"IF(INDIRECT(\"'MRO Certificate Printing'!D\"&((ROW()-2)*4)+3)=\"\",\"\",INDIRECT(\"'MRO Certificate Printing'!D\"&((ROW()-2)*4)+3))","v":""},{"$f":"IF(INDIRECT(\"'MRO Certificate Printing'!E\"&((ROW()-2)*4)+3)=\"\",\"\",INDIRECT(\"'MRO Certificate Printing'!E\"&((ROW()-2)*4)+3))","v":""},{"$f":"IF(INDIRECT(\"'MRO Certificate Printing'!F\"&((ROW()-2)*4)+3)=\"\",\"\",INDIRECT(\"'MRO Certificate Printing'!F\"&((ROW()-2)*4)+3))","v":""},{"$f":"IF(INDIRECT(\"'MRO Certificate Printing'!B\"&((ROW()-2)*4)+3)=\"\",\"\",INDIRECT(\"'MRO Certificate Printing'!B\"&((ROW()-2)*4)+3))","v":""},{"$f":"IF(INDIRECT(\"'MRO Certificate Printing'!G\"&((ROW()-2)*4)+3)=\"\",\"\",INDIRECT(\"'MRO Certificate Printing'!G\"&((ROW()-2)*4)+3))","v":""},{"$f":"IF(INDIRECT(\"'MRO Certificate Printing'!J\"&((ROW()-2)*4)+3)=\"\",\"\",INDIRECT(\"'MRO Certificate Printing'!J\"&((ROW()-2)*4)+3))","v":""},{"$f":"IF(INDIRECT(\"'MRO Certificate Printing'!I\"&((ROW()-2)*4)+3)=\"\",\"\",INDIRECT(\"'MRO Certificate Printing'!I\"&((ROW()-2)*4)+3))","v":""},{"$f":"IF(INDIRECT(\"'MRO Certificate Printing'!K\"&((ROW()-2)*4)+3)=\"\",\"\",INDIRECT(\"'MRO Certificate Printing'!K\"&((ROW()-2)*4)+3))","v":""},null,{"$f":"IF(INDIRECT(\"'MRO Certificate Printing'!D\"&((ROW()-2)*4)+4)=\"\",\"\",INDIRECT(\"'MRO Certificate Printing'!D\"&((ROW()-2)*4)+4))","v":""},{"$f":"IF(INDIRECT(\"'MRO Certificate Printing'!E\"&((ROW()-2)*4)+4)=\"\",\"\",INDIRECT(\"'MRO Certificate Printing'!E\"&((ROW()-2)*4)+4))","v":""},{"$f":"IF(INDIRECT(\"'MRO Certificate Printing'!F\"&((ROW()-2)*4)+4)=\"\",\"\",INDIRECT(\"'MRO Certificate Printing'!F\"&((ROW()-2)*4)+4))","v":""},{"$f":"IF(INDIRECT(\"'MRO Certificate Printing'!B\"&((ROW()-2)*4)+4)=\"\",\"\",INDIRECT(\"'MRO Certificate Printing'!B\"&((ROW()-2)*4)+4))","v":""},{"$f":"IF(INDIRECT(\"'MRO Certificate Printing'!G\"&((ROW()-2)*4)+4)=\"\",\"\",INDIRECT(\"'MRO Certificate Printing'!G\"&((ROW()-2)*4)+4))","v":""},{"$f":"IF(INDIRECT(\"'MRO Certificate Printing'!J\"&((ROW()-2)*4)+4)=\"\",\"\",INDIRECT(\"'MRO Certificate Printing'!J\"&((ROW()-2)*4)+4))","v":""},{"$f":"IF(INDIRECT(\"'MRO Certificate Printing'!I\"&((ROW()-2)*4)+4)=\"\",\"\",INDIRECT(\"'MRO Certificate Printing'!I\"&((ROW()-2)*4)+4))","v":""},{"$f":"IF(INDIRECT(\"'MRO Certificate Printing'!K\"&((ROW()-2)*4)+4)=\"\",\"\",INDIRECT(\"'MRO Certificate Printing'!K\"&((ROW()-2)*4)+4))","v":""},null,{"$f":"IF(INDIRECT(\"'MRO Certificate Printing'!D\"&((ROW()-2)*4)+5)=\"\",\"\",INDIRECT(\"'MRO Certificate Printing'!D\"&((ROW()-2)*4)+5))","v":""},{"$f":"IF(INDIRECT(\"'MRO Certificate Printing'!E\"&((ROW()-2)*4)+5)=\"\",\"\",INDIRECT(\"'MRO Certificate Printing'!E\"&((ROW()-2)*4)+5))","v":""},{"$f":"IF(INDIRECT(\"'MRO Certificate Printing'!F\"&((ROW()-2)*4)+5)=\"\",\"\",INDIRECT(\"'MRO Certificate Printing'!F\"&((ROW()-2)*4)+5))","v":""},{"$f":"IF(INDIRECT(\"'MRO Certificate Printing'!B\"&((ROW()-2)*4)+5)=\"\",\"\",INDIRECT(\"'MRO Certificate Printing'!B\"&((ROW()-2)*4)+5))","v":""},{"$f":"IF(INDIRECT(\"'MRO Certificate Printing'!G\"&((ROW()-2)*4)+5)=\"\",\"\",INDIRECT(\"'MRO Certificate Printing'!G\"&((ROW()-2)*4)+5))","v":""},{"$f":"IF(INDIRECT(\"'MRO Certificate Printing'!J\"&((ROW()-2)*4)+5)=\"\",\"\",INDIRECT(\"'MRO Certificate Printing'!J\"&((ROW()-2)*4)+5))","v":""},{"$f":"IF(INDIRECT(\"'MRO Certificate Printing'!I\"&((ROW()-2)*4)+5)=\"\",\"\",INDIRECT(\"'MRO Certificate Printing'!I\"&((ROW()-2)*4)+5))","v":""},{"$f":"IF(INDIRECT(\"'MRO Certificate Printing'!K\"&((ROW()-2)*4)+5)=\"\",\"\",INDIRECT(\"'MRO Certificate Printing'!K\"&((ROW()-2)*4)+5))","v":""}]
["",{"$f":"IF(INDIRECT(\"'MRO Certificate Printing'!D\"&((ROW()-2)*4)+2)=\"\",\"\",INDIRECT(\"'MRO Certificate Printing'!D\"&((ROW()-2)*4)+2))","v":""},{"$f":"IF(INDIRECT(\"'MRO Certificate Printing'!E\"&((ROW()-2)*4)+2)=\"\",\"\",INDIRECT(\"'MRO Certificate Printing'!E\"&((ROW()-2)*4)+2))","v":""},{"$f":"IF(INDIRECT(\"'MRO Certificate Printing'!F\"&((ROW()-2)*4)+2)=\"\",\"\",INDIRECT(\"'MRO Certificate Printing'!F\"&((ROW()-2)*4)+2))","v":""},{"$f":"IF(INDIRECT(\"'MRO Certificate Printing'!B\"&((ROW()-2)*4)+2)=\"\",\"\",INDIRECT(\"'MRO Certificate Printing'!B\"&((ROW()-2)*4)+2))","v":""},{"$f":"IF(INDIRECT(\"'MRO Certificate Printing'!G\"&((ROW()-2)*4)+2)=\"\",\"\",INDIRECT(\"'MRO Certificate Printing'!G\"&((ROW()-2)*4)+2))","v":""},{"$f":"IF(INDIRECT(\"'MRO Certificate Printing'!J\"&((ROW()-2)*4)+2)=\"\",\"\",INDIRECT(\"'MRO Certificate Printing'!J\"&((ROW()-2)*4)+2))","v":""},{"$f":"IF(INDIRECT(\"'MRO Certificate Printing'!I\"&((ROW()-2)*4)+2)=\"\",\"\",INDIRECT(\"'MRO Certificate Printing'!I\"&((ROW()-2)*4)+2))","v":""},{"$f":"IF(INDIRECT(\"'MRO Certificate Printing'!K\"&((ROW()-2)*4)+2)=\"\",\"\",INDIRECT(\"'MRO Certificate Printing'!K\"&((ROW()-2)*4)+2))","v":""},null,{"$f":"IF(INDIRECT(\"'MRO Certificate Printing'!D\"&((ROW()-2)*4)+3)=\"\",\"\",INDIRECT(\"'MRO Certificate Printing'!D\"&((ROW()-2)*4)+3))","v":""},{"$f":"IF(INDIRECT(\"'MRO Certificate Printing'!E\"&((ROW()-2)*4)+3)=\"\",\"\",INDIRECT(\"'MRO Certificate Printing'!E\"&((ROW()-2)*4)+3))","v":""},{"$f":"IF(INDIRECT(\"'MRO Certificate Printing'!F\"&((ROW()-2)*4)+3)=\"\",\"\",INDIRECT(\"'MRO Certificate Printing'!F\"&((ROW()-2)*4)+3))","v":""},{"$f":"IF(INDIRECT(\"'MRO Certificate Printing'!B\"&((ROW()-2)*4)+3)=\"\",\"\",INDIRECT(\"'MRO Certificate Printing'!B\"&((ROW()-2)*4)+3))","v":""},{"$f":"IF(INDIRECT(\"'MRO Certificate Printing'!G\"&((ROW()-2)*4)+3)=\"\",\"\",INDIRECT(\"'MRO Certificate Printing'!G\"&((ROW()-2)*4)+3))","v":""},{"$f":"IF(INDIRECT(\"'MRO Certificate Printing'!J\"&((ROW()-2)*4)+3)=\"\",\"\",INDIRECT(\"'MRO Certificate Printing'!J\"&((ROW()-2)*4)+3))","v":""},{"$f":"IF(INDIRECT(\"'MRO Certificate Printing'!I\"&((ROW()-2)*4)+3)=\"\",\"\",INDIRECT(\"'MRO Certificate Printing'!I\"&((ROW()-2)*4)+3))","v":""},{"$f":"IF(INDIRECT(\"'MRO Certificate Printing'!K\"&((ROW()-2)*4)+3)=\"\",\"\",INDIRECT(\"'MRO Certificate Printing'!K\"&((ROW()-2)*4)+3))","v":""},null,{"$f":"IF(INDIRECT(\"'MRO Certificate Printing'!D\"&((ROW()-2)*4)+4)=\"\",\"\",INDIRECT(\"'MRO Certificate Printing'!D\"&((ROW()-2)*4)+4))","v":""},{"$f":"IF(INDIRECT(\"'MRO Certificate Printing'!E\"&((ROW()-2)*4)+4)=\"\",\"\",INDIRECT(\"'MRO Certificate Printing'!E\"&((ROW()-2)*4)+4))","v":""},{"$f":"IF(INDIRECT(\"'MRO Certificate Printing'!F\"&((ROW()-2)*4)+4)=\"\",\"\",INDIRECT(\"'MRO Certificate Printing'!F\"&((ROW()-2)*4)+4))","v":""},{"$f":"IF(INDIRECT(\"'MRO Certificate Printing'!B\"&((ROW()-2)*4)+4)=\"\",\"\",INDIRECT(\"'MRO Certificate Printing'!B\"&((ROW()-2)*4)+4))","v":""},{"$f":"IF(INDIRECT(\"'MRO Certificate Printing'!G\"&((ROW()-2)*4)+4)=\"\",\"\",INDIRECT(\"'MRO Certificate Printing'!G\"&((ROW()-2)*4)+4))","v":""},{"$f":"IF(INDIRECT(\"'MRO Certificate Printing'!J\"&((ROW()-2)*4)+4)=\"\",\"\",INDIRECT(\"'MRO Certificate Printing'!J\"&((ROW()-2)*4)+4))","v":""},{"$f":"IF(INDIRECT(\"'MRO Certificate Printing'!I\"&((ROW()-2)*4)+4)=\"\",\"\",INDIRECT(\"'MRO Certificate Printing'!I\"&((ROW()-2)*4)+4))","v":""},{"$f":"IF(INDIRECT(\"'MRO Certificate Printing'!K\"&((ROW()-2)*4)+4)=\"\",\"\",INDIRECT(\"'MRO Certificate Printing'!K\"&((ROW()-2)*4)+4))","v":""},null,{"$f":"IF(INDIRECT(\"'MRO Certificate Printing'!D\"&((ROW()-2)*4)+5)=\"\",\"\",INDIRECT(\"'MRO Certificate Printing'!D\"&((ROW()-2)*4)+5))","v":""},{"$f":"IF(INDIRECT(\"'MRO Certificate Printing'!E\"&((ROW()-2)*4)+5)=\"\",\"\",INDIRECT(\"'MRO Certificate Printing'!E\"&((ROW()-2)*4)+5))","v":""},{"$f":"IF(INDIRECT(\"'MRO Certificate Printing'!F\"&((ROW()-2)*4)+5)=\"\",\"\",INDIRECT(\"'MRO Certificate Printing'!F\"&((ROW()-2)*4)+5))","v":""},{"$f":"IF(INDIRECT(\"'MRO Certificate Printing'!B\"&((ROW()-2)*4)+5)=\"\",\"\",INDIRECT(\"'MRO Certificate Printing'!B\"&((ROW()-2)*4)+5))","v":""},{"$f":"IF(INDIRECT(\"'MRO Certificate Printing'!G\"&((ROW()-2)*4)+5)=\"\",\"\",INDIRECT(\"'MRO Certificate Printing'!G\"&((ROW()-2)*4)+5))","v":""},{"$f":"IF(INDIRECT(\"'MRO Certificate Printing'!J\"&((ROW()-2)*4)+5)=\"\",\"\",INDIRECT(\"'MRO Certificate Printing'!J\"&((ROW()-2)*4)+5))","v":""},{"$f":"IF(INDIRECT(\"'MRO Certificate Printing'!I\"&((ROW()-2)*4)+5)=\"\",\"\",INDIRECT(\"'MRO Certificate Printing'!I\"&((ROW()-2)*4)+5))","v":""},{"$f":"IF(INDIRECT(\"'MRO Certificate Printing'!K\"&((ROW()-2)*4)+5)=\"\",\"\",INDIRECT(\"'MRO Certificate Printing'!K\"&((ROW()-2)*4)+5))","v":""}]
["",{"$f":"IF(INDIRECT(\"'MRO Certificate Printing'!D\"&((ROW()-2)*4)+2)=\"\",\"\",INDIRECT(\"'MRO Certificate Printing'!D\"&((ROW()-2)*4)+2))","v":""},{"$f":"IF(INDIRECT(\"'MRO Certificate Printing'!E\"&((ROW()-2)*4)+2)=\"\",\"\",INDIRECT(\"'MRO Certificate Printing'!E\"&((ROW()-2)*4)+2))","v":""},{"$f":"IF(INDIRECT(\"'MRO Certificate Printing'!F\"&((ROW()-2)*4)+2)=\"\",\"\",INDIRECT(\"'MRO Certificate Printing'!F\"&((ROW()-2)*4)+2))","v":""},{"$f":"IF(INDIRECT(\"'MRO Certificate Printing'!B\"&((ROW()-2)*4)+2)=\"\",\"\",INDIRECT(\"'MRO Certificate Printing'!B\"&((ROW()-2)*4)+2))","v":""},{"$f":"IF(INDIRECT(\"'MRO Certificate Printing'!G\"&((ROW()-2)*4)+2)=\"\",\"\",INDIRECT(\"'MRO Certificate Printing'!G\"&((ROW()-2)*4)+2))","v":""},{"$f":"IF(INDIRECT(\"'MRO Certificate Printing'!J\"&((ROW()-2)*4)+2)=\"\",\"\",INDIRECT(\"'MRO Certificate Printing'!J\"&((ROW()-2)*4)+2))","v":""},{"$f":"IF(INDIRECT(\"'MRO Certificate Printing'!I\"&((ROW()-2)*4)+2)=\"\",\"\",INDIRECT(\"'MRO Certificate Printing'!I\"&((ROW()-2)*4)+2))","v":""},{"$f":"IF(INDIRECT(\"'MRO Certificate Printing'!K\"&((ROW()-2)*4)+2)=\"\",\"\",INDIRECT(\"'MRO Certificate Printing'!K\"&((ROW()-2)*4)+2))","v":""},null,{"$f":"IF(INDIRECT(\"'MRO Certificate Printing'!D\"&((ROW()-2)*4)+3)=\"\",\"\",INDIRECT(\"'MRO Certificate Printing'!D\"&((ROW()-2)*4)+3))","v":""},{"$f":"IF(INDIRECT(\"'MRO Certificate Printing'!E\"&((ROW()-2)*4)+3)=\"\",\"\",INDIRECT(\"'MRO Certificate Printing'!E\"&((ROW()-2)*4)+3))","v":""},{"$f":"IF(INDIRECT(\"'MRO Certificate Printing'!F\"&((ROW()-2)*4)+3)=\"\",\"\",INDIRECT(\"'MRO Certificate Printing'!F\"&((ROW()-2)*4)+3))","v":""},{"$f":"IF(INDIRECT(\"'MRO Certificate Printing'!B\"&((ROW()-2)*4)+3)=\"\",\"\",INDIRECT(\"'MRO Certificate Printing'!B\"&((ROW()-2)*4)+3))","v":""},{"$f":"IF(INDIRECT(\"'MRO Certificate Printing'!G\"&((ROW()-2)*4)+3)=\"\",\"\",INDIRECT(\"'MRO Certificate Printing'!G\"&((ROW()-2)*4)+3))","v":""},{"$f":"IF(INDIRECT(\"'MRO Certificate Printing'!J\"&((ROW()-2)*4)+3)=\"\",\"\",INDIRECT(\"'MRO Certificate Printing'!J\"&((ROW()-2)*4)+3))","v":""},{"$f":"IF(INDIRECT(\"'MRO Certificate Printing'!I\"&((ROW()-2)*4)+3)=\"\",\"\",INDIRECT(\"'MRO Certificate Printing'!I\"&((ROW()-2)*4)+3))","v":""},{"$f":"IF(INDIRECT(\"'MRO Certificate Printing'!K\"&((ROW()-2)*4)+3)=\"\",\"\",INDIRECT(\"'MRO Certificate Printing'!K\"&((ROW()-2)*4)+3))","v":""},null,{"$f":"IF(INDIRECT(\"'MRO Certificate Printing'!D\"&((ROW()-2)*4)+4)=\"\",\"\",INDIRECT(\"'MRO Certificate Printing'!D\"&((ROW()-2)*4)+4))","v":""},{"$f":"IF(INDIRECT(\"'MRO Certificate Printing'!E\"&((ROW()-2)*4)+4)=\"\",\"\",INDIRECT(\"'MRO Certificate Printing'!E\"&((ROW()-2)*4)+4))","v":""},{"$f":"IF(INDIRECT(\"'MRO Certificate Printing'!F\"&((ROW()-2)*4)+4)=\"\",\"\",INDIRECT(\"'MRO Certificate Printing'!F\"&((ROW()-2)*4)+4))","v":""},{"$f":"IF(INDIRECT(\"'MRO Certificate Printing'!B\"&((ROW()-2)*4)+4)=\"\",\"\",INDIRECT(\"'MRO Certificate Printing'!B\"&((ROW()-2)*4)+4))","v":""},{"$f":"IF(INDIRECT(\"'MRO Certificate Printing'!G\"&((ROW()-2)*4)+4)=\"\",\"\",INDIRECT(\"'MRO Certificate Printing'!G\"&((ROW()-2)*4)+4))","v":""},{"$f":"IF(INDIRECT(\"'MRO Certificate Printing'!J\"&((ROW()-2)*4)+4)=\"\",\"\",INDIRECT(\"'MRO Certificate Printing'!J\"&((ROW()-2)*4)+4))","v":""},{"$f":"IF(INDIRECT(\"'MRO Certificate Printing'!I\"&((ROW()-2)*4)+4)=\"\",\"\",INDIRECT(\"'MRO Certificate Printing'!I\"&((ROW()-2)*4)+4))","v":""},{"$f":"IF(INDIRECT(\"'MRO Certificate Printing'!K\"&((ROW()-2)*4)+4)=\"\",\"\",INDIRECT(\"'MRO Certificate Printing'!K\"&((ROW()-2)*4)+4))","v":""},null,{"$f":"IF(INDIRECT(\"'MRO Certificate Printing'!D\"&((ROW()-2)*4)+5)=\"\",\"\",INDIRECT(\"'MRO Certificate Printing'!D\"&((ROW()-2)*4)+5))","v":""},{"$f":"IF(INDIRECT(\"'MRO Certificate Printing'!E\"&((ROW()-2)*4)+5)=\"\",\"\",INDIRECT(\"'MRO Certificate Printing'!E\"&((ROW()-2)*4)+5))","v":""},{"$f":"IF(INDIRECT(\"'MRO Certificate Printing'!F\"&((ROW()-2)*4)+5)=\"\",\"\",INDIRECT(\"'MRO Certificate Printing'!F\"&((ROW()-2)*4)+5))","v":""},{"$f":"IF(INDIRECT(\"'MRO Certificate Printing'!B\"&((ROW()-2)*4)+5)=\"\",\"\",INDIRECT(\"'MRO Certificate Printing'!B\"&((ROW()-2)*4)+5))","v":""},{"$f":"IF(INDIRECT(\"'MRO Certificate Printing'!G\"&((ROW()-2)*4)+5)=\"\",\"\",INDIRECT(\"'MRO Certificate Printing'!G\"&((ROW()-2)*4)+5))","v":""},{"$f":"IF(INDIRECT(\"'MRO Certificate Printing'!J\"&((ROW()-2)*4)+5)=\"\",\"\",INDIRECT(\"'MRO Certificate Printing'!J\"&((ROW()-2)*4)+5))","v":""},{"$f":"IF(INDIRECT(\"'MRO Certificate Printing'!I\"&((ROW()-2)*4)+5)=\"\",\"\",INDIRECT(\"'MRO Certificate Printing'!I\"&((ROW()-2)*4)+5))","v":""},{"$f":"IF(INDIRECT(\"'MRO Certificate Printing'!K\"&((ROW()-2)*4)+5)=\"\",\"\",INDIRECT(\"'MRO Certificate Printing'!K\"&((ROW()-2)*4)+5))","v":""}]
["",{"$f":"IF(INDIRECT(\"'MRO Certificate Printing'!D\"&((ROW()-2)*4)+2)=\"\",\"\",INDIRECT(\"'MRO Certificate Printing'!D\"&((ROW()-2)*4)+2))","v":""},{"$f":"IF(INDIRECT(\"'MRO Certificate Printing'!E\"&((ROW()-2)*4)+2)=\"\",\"\",INDIRECT(\"'MRO Certificate Printing'!E\"&((ROW()-2)*4)+2))","v":""},{"$f":"IF(INDIRECT(\"'MRO Certificate Printing'!F\"&((ROW()-2)*4)+2)=\"\",\"\",INDIRECT(\"'MRO Certificate Printing'!F\"&((ROW()-2)*4)+2))","v":""},{"$f":"IF(INDIRECT(\"'MRO Certificate Printing'!B\"&((ROW()-2)*4)+2)=\"\",\"\",INDIRECT(\"'MRO Certificate Printing'!B\"&((ROW()-2)*4)+2))","v":""},{"$f":"IF(INDIRECT(\"'MRO Certificate Printing'!G\"&((ROW()-2)*4)+2)=\"\",\"\",INDIRECT(\"'MRO Certificate Printing'!G\"&((ROW()-2)*4)+2))","v":""},{"$f":"IF(INDIRECT(\"'MRO Certificate Printing'!J\"&((ROW()-2)*4)+2)=\"\",\"\",INDIRECT(\"'MRO Certificate Printing'!J\"&((ROW()-2)*4)+2))","v":""},{"$f":"IF(INDIRECT(\"'MRO Certificate Printing'!I\"&((ROW()-2)*4)+2)=\"\",\"\",INDIRECT(\"'MRO Certificate Printing'!I\"&((ROW()-2)*4)+2))","v":""},{"$f":"IF(INDIRECT(\"'MRO Certificate Printing'!K\"&((ROW()-2)*4)+2)=\"\",\"\",INDIRECT(\"'MRO Certificate Printing'!K\"&((ROW()-2)*4)+2))","v":""},null,{"$f":"IF(INDIRECT(\"'MRO Certificate Printing'!D\"&((ROW()-2)*4)+3)=\"\",\"\",INDIRECT(\"'MRO Certificate Printing'!D\"&((ROW()-2)*4)+3))","v":""},{"$f":"IF(INDIRECT(\"'MRO Certificate Printing'!E\"&((ROW()-2)*4)+3)=\"\",\"\",INDIRECT(\"'MRO Certificate Printing'!E\"&((ROW()-2)*4)+3))","v":""},{"$f":"IF(INDIRECT(\"'MRO Certificate Printing'!F\"&((ROW()-2)*4)+3)=\"\",\"\",INDIRECT(\"'MRO Certificate Printing'!F\"&((ROW()-2)*4)+3))","v":""},{"$f":"IF(INDIRECT(\"'MRO Certificate Printing'!B\"&((ROW()-2)*4)+3)=\"\",\"\",INDIRECT(\"'MRO Certificate Printing'!B\"&((ROW()-2)*4)+3))","v":""},{"$f":"IF(INDIRECT(\"'MRO Certificate Printing'!G\"&((ROW()-2)*4)+3)=\"\",\"\",INDIRECT(\"'MRO Certificate Printing'!G\"&((ROW()-2)*4)+3))","v":""},{"$f":"IF(INDIRECT(\"'MRO Certificate Printing'!J\"&((ROW()-2)*4)+3)=\"\",\"\",INDIRECT(\"'MRO Certificate Printing'!J\"&((ROW()-2)*4)+3))","v":""},{"$f":"IF(INDIRECT(\"'MRO Certificate Printing'!I\"&((ROW()-2)*4)+3)=\"\",\"\",INDIRECT(\"'MRO Certificate Printing'!I\"&((ROW()-2)*4)+3))","v":""},{"$f":"IF(INDIRECT(\"'MRO Certificate Printing'!K\"&((ROW()-2)*4)+3)=\"\",\"\",INDIRECT(\"'MRO Certificate Printing'!K\"&((ROW()-2)*4)+3))","v":""},null,{"$f":"IF(INDIRECT(\"'MRO Certificate Printing'!D\"&((ROW()-2)*4)+4)=\"\",\"\",INDIRECT(\"'MRO Certificate Printing'!D\"&((ROW()-2)*4)+4))","v":""},{"$f":"IF(INDIRECT(\"'MRO Certificate Printing'!E\"&((ROW()-2)*4)+4)=\"\",\"\",INDIRECT(\"'MRO Certificate Printing'!E\"&((ROW()-2)*4)+4))","v":""},{"$f":"IF(INDIRECT(\"'MRO Certificate Printing'!F\"&((ROW()-2)*4)+4)=\"\",\"\",INDIRECT(\"'MRO Certificate Printing'!F\"&((ROW()-2)*4)+4))","v":""},{"$f":"IF(INDIRECT(\"'MRO Certificate Printing'!B\"&((ROW()-2)*4)+4)=\"\",\"\",INDIRECT(\"'MRO Certificate Printing'!B\"&((ROW()-2)*4)+4))","v":""},{"$f":"IF(INDIRECT(\"'MRO Certificate Printing'!G\"&((ROW()-2)*4)+4)=\"\",\"\",INDIRECT(\"'MRO Certificate Printing'!G\"&((ROW()-2)*4)+4))","v":""},{"$f":"IF(INDIRECT(\"'MRO Certificate Printing'!J\"&((ROW()-2)*4)+4)=\"\",\"\",INDIRECT(\"'MRO Certificate Printing'!J\"&((ROW()-2)*4)+4))","v":""},{"$f":"IF(INDIRECT(\"'MRO Certificate Printing'!I\"&((ROW()-2)*4)+4)=\"\",\"\",INDIRECT(\"'MRO Certificate Printing'!I\"&((ROW()-2)*4)+4))","v":""},{"$f":"IF(INDIRECT(\"'MRO Certificate Printing'!K\"&((ROW()-2)*4)+4)=\"\",\"\",INDIRECT(\"'MRO Certificate Printing'!K\"&((ROW()-2)*4)+4))","v":""},null,{"$f":"IF(INDIRECT(\"'MRO Certificate Printing'!D\"&((ROW()-2)*4)+5)=\"\",\"\",INDIRECT(\"'MRO Certificate Printing'!D\"&((ROW()-2)*4)+5))","v":""},{"$f":"IF(INDIRECT(\"'MRO Certificate Printing'!E\"&((ROW()-2)*4)+5)=\"\",\"\",INDIRECT(\"'MRO Certificate Printing'!E\"&((ROW()-2)*4)+5))","v":""},{"$f":"IF(INDIRECT(\"'MRO Certificate Printing'!F\"&((ROW()-2)*4)+5)=\"\",\"\",INDIRECT(\"'MRO Certificate Printing'!F\"&((ROW()-2)*4)+5))","v":""},{"$f":"IF(INDIRECT(\"'MRO Certificate Printing'!B\"&((ROW()-2)*4)+5)=\"\",\"\",INDIRECT(\"'MRO Certificate Printing'!B\"&((ROW()-2)*4)+5))","v":""},{"$f":"IF(INDIRECT(\"'MRO Certificate Printing'!G\"&((ROW()-2)*4)+5)=\"\",\"\",INDIRECT(\"'MRO Certificate Printing'!G\"&((ROW()-2)*4)+5))","v":""},{"$f":"IF(INDIRECT(\"'MRO Certificate Printing'!J\"&((ROW()-2)*4)+5)=\"\",\"\",INDIRECT(\"'MRO Certificate Printing'!J\"&((ROW()-2)*4)+5))","v":""},{"$f":"IF(INDIRECT(\"'MRO Certificate Printing'!I\"&((ROW()-2)*4)+5)=\"\",\"\",INDIRECT(\"'MRO Certificate Printing'!I\"&((ROW()-2)*4)+5))","v":""},{"$f":"IF(INDIRECT(\"'MRO Certificate Printing'!K\"&((ROW()-2)*4)+5)=\"\",\"\",INDIRECT(\"'MRO Certificate Printing'!K\"&((ROW()-2)*4)+5))","v":""}]
["",{"$f":"IF(INDIRECT(\"'MRO Certificate Printing'!D\"&((ROW()-2)*4)+2)=\"\",\"\",INDIRECT(\"'MRO Certificate Printing'!D\"&((ROW()-2)*4)+2))","v":""},{"$f":"IF(INDIRECT(\"'MRO Certificate Printing'!E\"&((ROW()-2)*4)+2)=\"\",\"\",INDIRECT(\"'MRO Certificate Printing'!E\"&((ROW()-2)*4)+2))","v":""},{"$f":"IF(INDIRECT(\"'MRO Certificate Printing'!F\"&((ROW()-2)*4)+2)=\"\",\"\",INDIRECT(\"'MRO Certificate Printing'!F\"&((ROW()-2)*4)+2))","v":""},{"$f":"IF(INDIRECT(\"'MRO Certificate Printing'!B\"&((ROW()-2)*4)+2)=\"\",\"\",INDIRECT(\"'MRO Certificate Printing'!B\"&((ROW()-2)*4)+2))","v":""},{"$f":"IF(INDIRECT(\"'MRO Certificate Printing'!G\"&((ROW()-2)*4)+2)=\"\",\"\",INDIRECT(\"'MRO Certificate Printing'!G\"&((ROW()-2)*4)+2))","v":""},{"$f":"IF(INDIRECT(\"'MRO Certificate Printing'!J\"&((ROW()-2)*4)+2)=\"\",\"\",INDIRECT(\"'MRO Certificate Printing'!J\"&((ROW()-2)*4)+2))","v":""},{"$f":"IF(INDIRECT(\"'MRO Certificate Printing'!I\"&((ROW()-2)*4)+2)=\"\",\"\",INDIRECT(\"'MRO Certificate Printing'!I\"&((ROW()-2)*4)+2))","v":""},{"$f":"IF(INDIRECT(\"'MRO Certificate Printing'!K\"&((ROW()-2)*4)+2)=\"\",\"\",INDIRECT(\"'MRO Certificate Printing'!K\"&((ROW()-2)*4)+2))","v":""},null,{"$f":"IF(INDIRECT(\"'MRO Certificate Printing'!D\"&((ROW()-2)*4)+3)=\"\",\"\",INDIRECT(\"'MRO Certificate Printing'!D\"&((ROW()-2)*4)+3))","v":""},{"$f":"IF(INDIRECT(\"'MRO Certificate Printing'!E\"&((ROW()-2)*4)+3)=\"\",\"\",INDIRECT(\"'MRO Certificate Printing'!E\"&((ROW()-2)*4)+3))","v":""},{"$f":"IF(INDIRECT(\"'MRO Certificate Printing'!F\"&((ROW()-2)*4)+3)=\"\",\"\",INDIRECT(\"'MRO Certificate Printing'!F\"&((ROW()-2)*4)+3))","v":""},{"$f":"IF(INDIRECT(\"'MRO Certificate Printing'!B\"&((ROW()-2)*4)+3)=\"\",\"\",INDIRECT(\"'MRO Certificate Printing'!B\"&((ROW()-2)*4)+3))","v":""},{"$f":"IF(INDIRECT(\"'MRO Certificate Printing'!G\"&((ROW()-2)*4)+3)=\"\",\"\",INDIRECT(\"'MRO Certificate Printing'!G\"&((ROW()-2)*4)+3))","v":""},{"$f":"IF(INDIRECT(\"'MRO Certificate Printing'!J\"&((ROW()-2)*4)+3)=\"\",\"\",INDIRECT(\"'MRO Certificate Printing'!J\"&((ROW()-2)*4)+3))","v":""},{"$f":"IF(INDIRECT(\"'MRO Certificate Printing'!I\"&((ROW()-2)*4)+3)=\"\",\"\",INDIRECT(\"'MRO Certificate Printing'!I\"&((ROW()-2)*4)+3))","v":""},{"$f":"IF(INDIRECT(\"'MRO Certificate Printing'!K\"&((ROW()-2)*4)+3)=\"\",\"\",INDIRECT(\"'MRO Certificate Printing'!K\"&((ROW()-2)*4)+3))","v":""},null,{"$f":"IF(INDIRECT(\"'MRO Certificate Printing'!D\"&((ROW()-2)*4)+4)=\"\",\"\",INDIRECT(\"'MRO Certificate Printing'!D\"&((ROW()-2)*4)+4))","v":""},{"$f":"IF(INDIRECT(\"'MRO Certificate Printing'!E\"&((ROW()-2)*4)+4)=\"\",\"\",INDIRECT(\"'MRO Certificate Printing'!E\"&((ROW()-2)*4)+4))","v":""},{"$f":"IF(INDIRECT(\"'MRO Certificate Printing'!F\"&((ROW()-2)*4)+4)=\"\",\"\",INDIRECT(\"'MRO Certificate Printing'!F\"&((ROW()-2)*4)+4))","v":""},{"$f":"IF(INDIRECT(\"'MRO Certificate Printing'!B\"&((ROW()-2)*4)+4)=\"\",\"\",INDIRECT(\"'MRO Certificate Printing'!B\"&((ROW()-2)*4)+4))","v":""},{"$f":"IF(INDIRECT(\"'MRO Certificate Printing'!G\"&((ROW()-2)*4)+4)=\"\",\"\",INDIRECT(\"'MRO Certificate Printing'!G\"&((ROW()-2)*4)+4))","v":""},{"$f":"IF(INDIRECT(\"'MRO Certificate Printing'!J\"&((ROW()-2)*4)+4)=\"\",\"\",INDIRECT(\"'MRO Certificate Printing'!J\"&((ROW()-2)*4)+4))","v":""},{"$f":"IF(INDIRECT(\"'MRO Certificate Printing'!I\"&((ROW()-2)*4)+4)=\"\",\"\",INDIRECT(\"'MRO Certificate Printing'!I\"&((ROW()-2)*4)+4))","v":""},{"$f":"IF(INDIRECT(\"'MRO Certificate Printing'!K\"&((ROW()-2)*4)+4)=\"\",\"\",INDIRECT(\"'MRO Certificate Printing'!K\"&((ROW()-2)*4)+4))","v":""},null,{"$f":"IF(INDIRECT(\"'MRO Certificate Printing'!D\"&((ROW()-2)*4)+5)=\"\",\"\",INDIRECT(\"'MRO Certificate Printing'!D\"&((ROW()-2)*4)+5))","v":""},{"$f":"IF(INDIRECT(\"'MRO Certificate Printing'!E\"&((ROW()-2)*4)+5)=\"\",\"\",INDIRECT(\"'MRO Certificate Printing'!E\"&((ROW()-2)*4)+5))","v":""},{"$f":"IF(INDIRECT(\"'MRO Certificate Printing'!F\"&((ROW()-2)*4)+5)=\"\",\"\",INDIRECT(\"'MRO Certificate Printing'!F\"&((ROW()-2)*4)+5))","v":""},{"$f":"IF(INDIRECT(\"'MRO Certificate Printing'!B\"&((ROW()-2)*4)+5)=\"\",\"\",INDIRECT(\"'MRO Certificate Printing'!B\"&((ROW()-2)*4)+5))","v":""},{"$f":"IF(INDIRECT(\"'MRO Certificate Printing'!G\"&((ROW()-2)*4)+5)=\"\",\"\",INDIRECT(\"'MRO Certificate Printing'!G\"&((ROW()-2)*4)+5))","v":""},{"$f":"IF(INDIRECT(\"'MRO Certificate Printing'!J\"&((ROW()-2)*4)+5)=\"\",\"\",INDIRECT(\"'MRO Certificate Printing'!J\"&((ROW()-2)*4)+5))","v":""},{"$f":"IF(INDIRECT(\"'MRO Certificate Printing'!I\"&((ROW()-2)*4)+5)=\"\",\"\",INDIRECT(\"'MRO Certificate Printing'!I\"&((ROW()-2)*4)+5))","v":""},{"$f":"IF(INDIRECT(\"'MRO Certificate Printing'!K\"&((ROW()-2)*4)+5)=\"\",\"\",INDIRECT(\"'MRO Certificate Printing'!K\"&((ROW()-2)*4)+5))","v":""}]
["",{"$f":"IF(INDIRECT(\"'MRO Certificate Printing'!D\"&((ROW()-2)*4)+2)=\"\",\"\",INDIRECT(\"'MRO Certificate Printing'!D\"&((ROW()-2)*4)+2))","v":""},{"$f":"IF(INDIRECT(\"'MRO Certificate Printing'!E\"&((ROW()-2)*4)+2)=\"\",\"\",INDIRECT(\"'MRO Certificate Printing'!E\"&((ROW()-2)*4)+2))","v":""},{"$f":"IF(INDIRECT(\"'MRO Certificate Printing'!F\"&((ROW()-2)*4)+2)=\"\",\"\",INDIRECT(\"'MRO Certificate Printing'!F\"&((ROW()-2)*4)+2))","v":""},{"$f":"IF(INDIRECT(\"'MRO Certificate Printing'!B\"&((ROW()-2)*4)+2)=\"\",\"\",INDIRECT(\"'MRO Certificate Printing'!B\"&((ROW()-2)*4)+2))","v":""},{"$f":"IF(INDIRECT(\"'MRO Certificate Printing'!G\"&((ROW()-2)*4)+2)=\"\",\"\",INDIRECT(\"'MRO Certificate Printing'!G\"&((ROW()-2)*4)+2))","v":""},{"$f":"IF(INDIRECT(\"'MRO Certificate Printing'!J\"&((ROW()-2)*4)+2)=\"\",\"\",INDIRECT(\"'MRO Certificate Printing'!J\"&((ROW()-2)*4)+2))","v":""},{"$f":"IF(INDIRECT(\"'MRO Certificate Printing'!I\"&((ROW()-2)*4)+2)=\"\",\"\",INDIRECT(\"'MRO Certificate Printing'!I\"&((ROW()-2)*4)+2))","v":""},{"$f":"IF(INDIRECT(\"'MRO Certificate Printing'!K\"&((ROW()-2)*4)+2)=\"\",\"\",INDIRECT(\"'MRO Certificate Printing'!K\"&((ROW()-2)*4)+2))","v":""},null,{"$f":"IF(INDIRECT(\"'MRO Certificate Printing'!D\"&((ROW()-2)*4)+3)=\"\",\"\",INDIRECT(\"'MRO Certificate Printing'!D\"&((ROW()-2)*4)+3))","v":""},{"$f":"IF(INDIRECT(\"'MRO Certificate Printing'!E\"&((ROW()-2)*4)+3)=\"\",\"\",INDIRECT(\"'MRO Certificate Printing'!E\"&((ROW()-2)*4)+3))","v":""},{"$f":"IF(INDIRECT(\"'MRO Certificate Printing'!F\"&((ROW()-2)*4)+3)=\"\",\"\",INDIRECT(\"'MRO Certificate Printing'!F\"&((ROW()-2)*4)+3))","v":""},{"$f":"IF(INDIRECT(\"'MRO Certificate Printing'!B\"&((ROW()-2)*4)+3)=\"\",\"\",INDIRECT(\"'MRO Certificate Printing'!B\"&((ROW()-2)*4)+3))","v":""},{"$f":"IF(INDIRECT(\"'MRO Certificate Printing'!G\"&((ROW()-2)*4)+3)=\"\",\"\",INDIRECT(\"'MRO Certificate Printing'!G\"&((ROW()-2)*4)+3))","v":""},{"$f":"IF(INDIRECT(\"'MRO Certificate Printing'!J\"&((ROW()-2)*4)+3)=\"\",\"\",INDIRECT(\"'MRO Certificate Printing'!J\"&((ROW()-2)*4)+3))","v":""},{"$f":"IF(INDIRECT(\"'MRO Certificate Printing'!I\"&((ROW()-2)*4)+3)=\"\",\"\",INDIRECT(\"'MRO Certificate Printing'!I\"&((ROW()-2)*4)+3))","v":""},{"$f":"IF(INDIRECT(\"'MRO Certificate Printing'!K\"&((ROW()-2)*4)+3)=\"\",\"\",INDIRECT(\"'MRO Certificate Printing'!K\"&((ROW()-2)*4)+3))","v":""},null,{"$f":"IF(INDIRECT(\"'MRO Certificate Printing'!D\"&((ROW()-2)*4)+4)=\"\",\"\",INDIRECT(\"'MRO Certificate Printing'!D\"&((ROW()-2)*4)+4))","v":""},{"$f":"IF(INDIRECT(\"'MRO Certificate Printing'!E\"&((ROW()-2)*4)+4)=\"\",\"\",INDIRECT(\"'MRO Certificate Printing'!E\"&((ROW()-2)*4)+4))","v":""},{"$f":"IF(INDIRECT(\"'MRO Certificate Printing'!F\"&((ROW()-2)*4)+4)=\"\",\"\",INDIRECT(\"'MRO Certificate Printing'!F\"&((ROW()-2)*4)+4))","v":""},{"$f":"IF(INDIRECT(\"'MRO Certificate Printing'!B\"&((ROW()-2)*4)+4)=\"\",\"\",INDIRECT(\"'MRO Certificate Printing'!B\"&((ROW()-2)*4)+4))","v":""},{"$f":"IF(INDIRECT(\"'MRO Certificate Printing'!G\"&((ROW()-2)*4)+4)=\"\",\"\",INDIRECT(\"'MRO Certificate Printing'!G\"&((ROW()-2)*4)+4))","v":""},{"$f":"IF(INDIRECT(\"'MRO Certificate Printing'!J\"&((ROW()-2)*4)+4)=\"\",\"\",INDIRECT(\"'MRO Certificate Printing'!J\"&((ROW()-2)*4)+4))","v":""},{"$f":"IF(INDIRECT(\"'MRO Certificate Printing'!I\"&((ROW()-2)*4)+4)=\"\",\"\",INDIRECT(\"'MRO Certificate Printing'!I\"&((ROW()-2)*4)+4))","v":""},{"$f":"IF(INDIRECT(\"'MRO Certificate Printing'!K\"&((ROW()-2)*4)+4)=\"\",\"\",INDIRECT(\"'MRO Certificate Printing'!K\"&((ROW()-2)*4)+4))","v":""},null,{"$f":"IF(INDIRECT(\"'MRO Certificate Printing'!D\"&((ROW()-2)*4)+5)=\"\",\"\",INDIRECT(\"'MRO Certificate Printing'!D\"&((ROW()-2)*4)+5))","v":""},{"$f":"IF(INDIRECT(\"'MRO Certificate Printing'!E\"&((ROW()-2)*4)+5)=\"\",\"\",INDIRECT(\"'MRO Certificate Printing'!E\"&((ROW()-2)*4)+5))","v":""},{"$f":"IF(INDIRECT(\"'MRO Certificate Printing'!F\"&((ROW()-2)*4)+5)=\"\",\"\",INDIRECT(\"'MRO Certificate Printing'!F\"&((ROW()-2)*4)+5))","v":""},{"$f":"IF(INDIRECT(\"'MRO Certificate Printing'!B\"&((ROW()-2)*4)+5)=\"\",\"\",INDIRECT(\"'MRO Certificate Printing'!B\"&((ROW()-2)*4)+5))","v":""},{"$f":"IF(INDIRECT(\"'MRO Certificate Printing'!G\"&((ROW()-2)*4)+5)=\"\",\"\",INDIRECT(\"'MRO Certificate Printing'!G\"&((ROW()-2)*4)+5))","v":""},{"$f":"IF(INDIRECT(\"'MRO Certificate Printing'!J\"&((ROW()-2)*4)+5)=\"\",\"\",INDIRECT(\"'MRO Certificate Printing'!J\"&((ROW()-2)*4)+5))","v":""},{"$f":"IF(INDIRECT(\"'MRO Certificate Printing'!I\"&((ROW()-2)*4)+5)=\"\",\"\",INDIRECT(\"'MRO Certificate Printing'!I\"&((ROW()-2)*4)+5))","v":""},{"$f":"IF(INDIRECT(\"'MRO Certificate Printing'!K\"&((ROW()-2)*4)+5)=\"\",\"\",INDIRECT(\"'MRO Certificate Printing'!K\"&((ROW()-2)*4)+5))","v":""}]
["",{"$f":"IF(INDIRECT(\"'MRO Certificate Printing'!D\"&((ROW()-2)*4)+2)=\"\",\"\",INDIRECT(\"'MRO Certificate Printing'!D\"&((ROW()-2)*4)+2))","v":""},{"$f":"IF(INDIRECT(\"'MRO Certificate Printing'!E\"&((ROW()-2)*4)+2)=\"\",\"\",INDIRECT(\"'MRO Certificate Printing'!E\"&((ROW()-2)*4)+2))","v":""},{"$f":"IF(INDIRECT(\"'MRO Certificate Printing'!F\"&((ROW()-2)*4)+2)=\"\",\"\",INDIRECT(\"'MRO Certificate Printing'!F\"&((ROW()-2)*4)+2))","v":""},{"$f":"IF(INDIRECT(\"'MRO Certificate Printing'!B\"&((ROW()-2)*4)+2)=\"\",\"\",INDIRECT(\"'MRO Certificate Printing'!B\"&((ROW()-2)*4)+2))","v":""},{"$f":"IF(INDIRECT(\"'MRO Certificate Printing'!G\"&((ROW()-2)*4)+2)=\"\",\"\",INDIRECT(\"'MRO Certificate Printing'!G\"&((ROW()-2)*4)+2))","v":""},{"$f":"IF(INDIRECT(\"'MRO Certificate Printing'!J\"&((ROW()-2)*4)+2)=\"\",\"\",INDIRECT(\"'MRO Certificate Printing'!J\"&((ROW()-2)*4)+2))","v":""},{"$f":"IF(INDIRECT(\"'MRO Certificate Printing'!I\"&((ROW()-2)*4)+2)=\"\",\"\",INDIRECT(\"'MRO Certificate Printing'!I\"&((ROW()-2)*4)+2))","v":""},{"$f":"IF(INDIRECT(\"'MRO Certificate Printing'!K\"&((ROW()-2)*4)+2)=\"\",\"\",INDIRECT(\"'MRO Certificate Printing'!K\"&((ROW()-2)*4)+2))","v":""},null,{"$f":"IF(INDIRECT(\"'MRO Certificate Printing'!D\"&((ROW()-2)*4)+3)=\"\",\"\",INDIRECT(\"'MRO Certificate Printing'!D\"&((ROW()-2)*4)+3))","v":""},{"$f":"IF(INDIRECT(\"'MRO Certificate Printing'!E\"&((ROW()-2)*4)+3)=\"\",\"\",INDIRECT(\"'MRO Certificate Printing'!E\"&((ROW()-2)*4)+3))","v":""},{"$f":"IF(INDIRECT(\"'MRO Certificate Printing'!F\"&((ROW()-2)*4)+3)=\"\",\"\",INDIRECT(\"'MRO Certificate Printing'!F\"&((ROW()-2)*4)+3))","v":""},{"$f":"IF(INDIRECT(\"'MRO Certificate Printing'!B\"&((ROW()-2)*4)+3)=\"\",\"\",INDIRECT(\"'MRO Certificate Printing'!B\"&((ROW()-2)*4)+3))","v":""},{"$f":"IF(INDIRECT(\"'MRO Certificate Printing'!G\"&((ROW()-2)*4)+3)=\"\",\"\",INDIRECT(\"'MRO Certificate Printing'!G\"&((ROW()-2)*4)+3))","v":""},{"$f":"IF(INDIRECT(\"'MRO Certificate Printing'!J\"&((ROW()-2)*4)+3)=\"\",\"\",INDIRECT(\"'MRO Certificate Printing'!J\"&((ROW()-2)*4)+3))","v":""},{"$f":"IF(INDIRECT(\"'MRO Certificate Printing'!I\"&((ROW()-2)*4)+3)=\"\",\"\",INDIRECT(\"'MRO Certificate Printing'!I\"&((ROW()-2)*4)+3))","v":""},{"$f":"IF(INDIRECT(\"'MRO Certificate Printing'!K\"&((ROW()-2)*4)+3)=\"\",\"\",INDIRECT(\"'MRO Certificate Printing'!K\"&((ROW()-2)*4)+3))","v":""},null,{"$f":"IF(INDIRECT(\"'MRO Certificate Printing'!D\"&((ROW()-2)*4)+4)=\"\",\"\",INDIRECT(\"'MRO Certificate Printing'!D\"&((ROW()-2)*4)+4))","v":""},{"$f":"IF(INDIRECT(\"'MRO Certificate Printing'!E\"&((ROW()-2)*4)+4)=\"\",\"\",INDIRECT(\"'MRO Certificate Printing'!E\"&((ROW()-2)*4)+4))","v":""},{"$f":"IF(INDIRECT(\"'MRO Certificate Printing'!F\"&((ROW()-2)*4)+4)=\"\",\"\",INDIRECT(\"'MRO Certificate Printing'!F\"&((ROW()-2)*4)+4))","v":""},{"$f":"IF(INDIRECT(\"'MRO Certificate Printing'!B\"&((ROW()-2)*4)+4)=\"\",\"\",INDIRECT(\"'MRO Certificate Printing'!B\"&((ROW()-2)*4)+4))","v":""},{"$f":"IF(INDIRECT(\"'MRO Certificate Printing'!G\"&((ROW()-2)*4)+4)=\"\",\"\",INDIRECT(\"'MRO Certificate Printing'!G\"&((ROW()-2)*4)+4))","v":""},{"$f":"IF(INDIRECT(\"'MRO Certificate Printing'!J\"&((ROW()-2)*4)+4)=\"\",\"\",INDIRECT(\"'MRO Certificate Printing'!J\"&((ROW()-2)*4)+4))","v":""},{"$f":"IF(INDIRECT(\"'MRO Certificate Printing'!I\"&((ROW()-2)*4)+4)=\"\",\"\",INDIRECT(\"'MRO Certificate Printing'!I\"&((ROW()-2)*4)+4))","v":""},{"$f":"IF(INDIRECT(\"'MRO Certificate Printing'!K\"&((ROW()-2)*4)+4)=\"\",\"\",INDIRECT(\"'MRO Certificate Printing'!K\"&((ROW()-2)*4)+4))","v":""},null,{"$f":"IF(INDIRECT(\"'MRO Certificate Printing'!D\"&((ROW()-2)*4)+5)=\"\",\"\",INDIRECT(\"'MRO Certificate Printing'!D\"&((ROW()-2)*4)+5))","v":""},{"$f":"IF(INDIRECT(\"'MRO Certificate Printing'!E\"&((ROW()-2)*4)+5)=\"\",\"\",INDIRECT(\"'MRO Certificate Printing'!E\"&((ROW()-2)*4)+5))","v":""},{"$f":"IF(INDIRECT(\"'MRO Certificate Printing'!F\"&((ROW()-2)*4)+5)=\"\",\"\",INDIRECT(\"'MRO Certificate Printing'!F\"&((ROW()-2)*4)+5))","v":""},{"$f":"IF(INDIRECT(\"'MRO Certificate Printing'!B\"&((ROW()-2)*4)+5)=\"\",\"\",INDIRECT(\"'MRO Certificate Printing'!B\"&((ROW()-2)*4)+5))","v":""},{"$f":"IF(INDIRECT(\"'MRO Certificate Printing'!G\"&((ROW()-2)*4)+5)=\"\",\"\",INDIRECT(\"'MRO Certificate Printing'!G\"&((ROW()-2)*4)+5))","v":""},{"$f":"IF(INDIRECT(\"'MRO Certificate Printing'!J\"&((ROW()-2)*4)+5)=\"\",\"\",INDIRECT(\"'MRO Certificate Printing'!J\"&((ROW()-2)*4)+5))","v":""},{"$f":"IF(INDIRECT(\"'MRO Certificate Printing'!I\"&((ROW()-2)*4)+5)=\"\",\"\",INDIRECT(\"'MRO Certificate Printing'!I\"&((ROW()-2)*4)+5))","v":""},{"$f":"IF(INDIRECT(\"'MRO Certificate Printing'!K\"&((ROW()-2)*4)+5)=\"\",\"\",INDIRECT(\"'MRO Certificate Printing'!K\"&((ROW()-2)*4)+5))","v":""}]
["",{"$f":"IF(INDIRECT(\"'MRO Certificate Printing'!D\"&((ROW()-2)*4)+2)=\"\",\"\",INDIRECT(\"'MRO Certificate Printing'!D\"&((ROW()-2)*4)+2))","v":""},{"$f":"IF(INDIRECT(\"'MRO Certificate Printing'!E\"&((ROW()-2)*4)+2)=\"\",\"\",INDIRECT(\"'MRO Certificate Printing'!E\"&((ROW()-2)*4)+2))","v":""},{"$f":"IF(INDIRECT(\"'MRO Certificate Printing'!F\"&((ROW()-2)*4)+2)=\"\",\"\",INDIRECT(\"'MRO Certificate Printing'!F\"&((ROW()-2)*4)+2))","v":""},{"$f":"IF(INDIRECT(\"'MRO Certificate Printing'!B\"&((ROW()-2)*4)+2)=\"\",\"\",INDIRECT(\"'MRO Certificate Printing'!B\"&((ROW()-2)*4)+2))","v":""},{"$f":"IF(INDIRECT(\"'MRO Certificate Printing'!G\"&((ROW()-2)*4)+2)=\"\",\"\",INDIRECT(\"'MRO Certificate Printing'!G\"&((ROW()-2)*4)+2))","v":""},{"$f":"IF(INDIRECT(\"'MRO Certificate Printing'!J\"&((ROW()-2)*4)+2)=\"\",\"\",INDIRECT(\"'MRO Certificate Printing'!J\"&((ROW()-2)*4)+2))","v":""},{"$f":"IF(INDIRECT(\"'MRO Certificate Printing'!I\"&((ROW()-2)*4)+2)=\"\",\"\",INDIRECT(\"'MRO Certificate Printing'!I\"&((ROW()-2)*4)+2))","v":""},{"$f":"IF(INDIRECT(\"'MRO Certificate Printing'!K\"&((ROW()-2)*4)+2)=\"\",\"\",INDIRECT(\"'MRO Certificate Printing'!K\"&((ROW()-2)*4)+2))","v":""},null,{"$f":"IF(INDIRECT(\"'MRO Certificate Printing'!D\"&((ROW()-2)*4)+3)=\"\",\"\",INDIRECT(\"'MRO Certificate Printing'!D\"&((ROW()-2)*4)+3))","v":""},{"$f":"IF(INDIRECT(\"'MRO Certificate Printing'!E\"&((ROW()-2)*4)+3)=\"\",\"\",INDIRECT(\"'MRO Certificate Printing'!E\"&((ROW()-2)*4)+3))","v":""},{"$f":"IF(INDIRECT(\"'MRO Certificate Printing'!F\"&((ROW()-2)*4)+3)=\"\",\"\",INDIRECT(\"'MRO Certificate Printing'!F\"&((ROW()-2)*4)+3))","v":""},{"$f":"IF(INDIRECT(\"'MRO Certificate Printing'!B\"&((ROW()-2)*4)+3)=\"\",\"\",INDIRECT(\"'MRO Certificate Printing'!B\"&((ROW()-2)*4)+3))","v":""},{"$f":"IF(INDIRECT(\"'MRO Certificate Printing'!G\"&((ROW()-2)*4)+3)=\"\",\"\",INDIRECT(\"'MRO Certificate Printing'!G\"&((ROW()-2)*4)+3))","v":""},{"$f":"IF(INDIRECT(\"'MRO Certificate Printing'!J\"&((ROW()-2)*4)+3)=\"\",\"\",INDIRECT(\"'MRO Certificate Printing'!J\"&((ROW()-2)*4)+3))","v":""},{"$f":"IF(INDIRECT(\"'MRO Certificate Printing'!I\"&((ROW()-2)*4)+3)=\"\",\"\",INDIRECT(\"'MRO Certificate Printing'!I\"&((ROW()-2)*4)+3))","v":""},{"$f":"IF(INDIRECT(\"'MRO Certificate Printing'!K\"&((ROW()-2)*4)+3)=\"\",\"\",INDIRECT(\"'MRO Certificate Printing'!K\"&((ROW()-2)*4)+3))","v":""},null,{"$f":"IF(INDIRECT(\"'MRO Certificate Printing'!D\"&((ROW()-2)*4)+4)=\"\",\"\",INDIRECT(\"'MRO Certificate Printing'!D\"&((ROW()-2)*4)+4))","v":""},{"$f":"IF(INDIRECT(\"'MRO Certificate Printing'!E\"&((ROW()-2)*4)+4)=\"\",\"\",INDIRECT(\"'MRO Certificate Printing'!E\"&((ROW()-2)*4)+4))","v":""},{"$f":"IF(INDIRECT(\"'MRO Certificate Printing'!F\"&((ROW()-2)*4)+4)=\"\",\"\",INDIRECT(\"'MRO Certificate Printing'!F\"&((ROW()-2)*4)+4))","v":""},{"$f":"IF(INDIRECT(\"'MRO Certificate Printing'!B\"&((ROW()-2)*4)+4)=\"\",\"\",INDIRECT(\"'MRO Certificate Printing'!B\"&((ROW()-2)*4)+4))","v":""},{"$f":"IF(INDIRECT(\"'MRO Certificate Printing'!G\"&((ROW()-2)*4)+4)=\"\",\"\",INDIRECT(\"'MRO Certificate Printing'!G\"&((ROW()-2)*4)+4))","v":""},{"$f":"IF(INDIRECT(\"'MRO Certificate Printing'!J\"&((ROW()-2)*4)+4)=\"\",\"\",INDIRECT(\"'MRO Certificate Printing'!J\"&((ROW()-2)*4)+4))","v":""},{"$f":"IF(INDIRECT(\"'MRO Certificate Printing'!I\"&((ROW()-2)*4)+4)=\"\",\"\",INDIRECT(\"'MRO Certificate Printing'!I\"&((ROW()-2)*4)+4))","v":""},{"$f":"IF(INDIRECT(\"'MRO Certificate Printing'!K\"&((ROW()-2)*4)+4)=\"\",\"\",INDIRECT(\"'MRO Certificate Printing'!K\"&((ROW()-2)*4)+4))","v":""},null,{"$f":"IF(INDIRECT(\"'MRO Certificate Printing'!D\"&((ROW()-2)*4)+5)=\"\",\"\",INDIRECT(\"'MRO Certificate Printing'!D\"&((ROW()-2)*4)+5))","v":""},{"$f":"IF(INDIRECT(\"'MRO Certificate Printing'!E\"&((ROW()-2)*4)+5)=\"\",\"\",INDIRECT(\"'MRO Certificate Printing'!E\"&((ROW()-2)*4)+5))","v":""},{"$f":"IF(INDIRECT(\"'MRO Certificate Printing'!F\"&((ROW()-2)*4)+5)=\"\",\"\",INDIRECT(\"'MRO Certificate Printing'!F\"&((ROW()-2)*4)+5))","v":""},{"$f":"IF(INDIRECT(\"'MRO Certificate Printing'!B\"&((ROW()-2)*4)+5)=\"\",\"\",INDIRECT(\"'MRO Certificate Printing'!B\"&((ROW()-2)*4)+5))","v":""},{"$f":"IF(INDIRECT(\"'MRO Certificate Printing'!G\"&((ROW()-2)*4)+5)=\"\",\"\",INDIRECT(\"'MRO Certificate Printing'!G\"&((ROW()-2)*4)+5))","v":""},{"$f":"IF(INDIRECT(\"'MRO Certificate Printing'!J\"&((ROW()-2)*4)+5)=\"\",\"\",INDIRECT(\"'MRO Certificate Printing'!J\"&((ROW()-2)*4)+5))","v":""},{"$f":"IF(INDIRECT(\"'MRO Certificate Printing'!I\"&((ROW()-2)*4)+5)=\"\",\"\",INDIRECT(\"'MRO Certificate Printing'!I\"&((ROW()-2)*4)+5))","v":""},{"$f":"IF(INDIRECT(\"'MRO Certificate Printing'!K\"&((ROW()-2)*4)+5)=\"\",\"\",INDIRECT(\"'MRO Certificate Printing'!K\"&((ROW()-2)*4)+5))","v":""}]
["",{"$f":"IF(INDIRECT(\"'MRO Certificate Printing'!D\"&((ROW()-2)*4)+2)=\"\",\"\",INDIRECT(\"'MRO Certificate Printing'!D\"&((ROW()-2)*4)+2))","v":""},{"$f":"IF(INDIRECT(\"'MRO Certificate Printing'!E\"&((ROW()-2)*4)+2)=\"\",\"\",INDIRECT(\"'MRO Certificate Printing'!E\"&((ROW()-2)*4)+2))","v":""},{"$f":"IF(INDIRECT(\"'MRO Certificate Printing'!F\"&((ROW()-2)*4)+2)=\"\",\"\",INDIRECT(\"'MRO Certificate Printing'!F\"&((ROW()-2)*4)+2))","v":""},{"$f":"IF(INDIRECT(\"'MRO Certificate Printing'!B\"&((ROW()-2)*4)+2)=\"\",\"\",INDIRECT(\"'MRO Certificate Printing'!B\"&((ROW()-2)*4)+2))","v":""},{"$f":"IF(INDIRECT(\"'MRO Certificate Printing'!G\"&((ROW()-2)*4)+2)=\"\",\"\",INDIRECT(\"'MRO Certificate Printing'!G\"&((ROW()-2)*4)+2))","v":""},{"$f":"IF(INDIRECT(\"'MRO Certificate Printing'!J\"&((ROW()-2)*4)+2)=\"\",\"\",INDIRECT(\"'MRO Certificate Printing'!J\"&((ROW()-2)*4)+2))","v":""},{"$f":"IF(INDIRECT(\"'MRO Certificate Printing'!I\"&((ROW()-2)*4)+2)=\"\",\"\",INDIRECT(\"'MRO Certificate Printing'!I\"&((ROW()-2)*4)+2))","v":""},{"$f":"IF(INDIRECT(\"'MRO Certificate Printing'!K\"&((ROW()-2)*4)+2)=\"\",\"\",INDIRECT(\"'MRO Certificate Printing'!K\"&((ROW()-2)*4)+2))","v":""},null,{"$f":"IF(INDIRECT(\"'MRO Certificate Printing'!D\"&((ROW()-2)*4)+3)=\"\",\"\",INDIRECT(\"'MRO Certificate Printing'!D\"&((ROW()-2)*4)+3))","v":""},{"$f":"IF(INDIRECT(\"'MRO Certificate Printing'!E\"&((ROW()-2)*4)+3)=\"\",\"\",INDIRECT(\"'MRO Certificate Printing'!E\"&((ROW()-2)*4)+3))","v":""},{"$f":"IF(INDIRECT(\"'MRO Certificate Printing'!F\"&((ROW()-2)*4)+3)=\"\",\"\",INDIRECT(\"'MRO Certificate Printing'!F\"&((ROW()-2)*4)+3))","v":""},{"$f":"IF(INDIRECT(\"'MRO Certificate Printing'!B\"&((ROW()-2)*4)+3)=\"\",\"\",INDIRECT(\"'MRO Certificate Printing'!B\"&((ROW()-2)*4)+3))","v":""},{"$f":"IF(INDIRECT(\"'MRO Certificate Printing'!G\"&((ROW()-2)*4)+3)=\"\",\"\",INDIRECT(\"'MRO Certificate Printing'!G\"&((ROW()-2)*4)+3))","v":""},{"$f":"I